{"text_format":"1","workbook":"xlsx","n_sheets":18,"sheets":["NOVO","MENU","DADOS","BDI","ORÇAMENTO","EVENTOS","CÁLCULO","CRONOPLE","CRONO","QCI","PLE","BM","RRE","OFÍCIO","PO-PLE","CFF-PLE","PO-BM","CFF-BM"],"not_rendered":{"charts":0,"images":2,"macros":1,"external_links":0,"defined_names":363,"comments":7,"pivot_tables":0},"unopened":[],"bounds":{"document_bytes":16777216,"sheet_cells":100000,"rows_first":2000,"rows_last":500,"rows_between":2000,"halvings":0,"cell_chars":16384,"cell_head_chars":4096},"cells_cut":0,"cells_raw":0,"read":"whole","date_system":"1900"}

{"sheet":"NOVO","index":0,"n_rows":177,"n_cols":4,"rows_kept":177,"cut":false,"hidden":false,"merged":[]}
[]
[]
[null,"Novidades da Versão"]
[]
[]
["V3.00"]
[null,"GERAL"]
[null,null,{"$f":"IF(D8<>\"\",\"▪\",\"\")","v":"▪"},"Lançamento: Adequação à Portaria 424/2016. Acompanhamento por Eventos."]
[null,null,{"$f":"IF(D9<>\"\",\"▪\",\"\")","v":""}]
["V3.01"]
[null,"GERAL"]
[null,null,{"$f":"IF(D12<>\"\",\"▪\",\"\")","v":"▪"},"Ajustes de formatações."]
[null,"PO"]
[null,null,{"$f":"IF(D14<>\"\",\"▪\",\"\")","v":"▪"},"Correção da aplicação do BDI não desonerado."]
[null,null,{"$f":"IF(D15<>\"\",\"▪\",\"\")","v":"▪"},"Inclusão de coluna exclusiva \"Preço Unitário Edital\", para o Modo 'Orçamento Licitado'."]
[]
["V3.02"]
[null,"GERAL"]
[null,null,{"$f":"IF(D19<>\"\",\"▪\",\"\")","v":"▪"},"Ajustes de formatações."]
[null,null,{"$f":"IF(D20<>\"\",\"▪\",\"\")","v":"▪"},"Correção do Problema de Guias ocultas no BROFFICE."]
[null,"ORÇAMENTO"]
[null,null,{"$f":"IF(D22<>\"\",\"▪\",\"\")","v":"▪"},"Ampliada obtenção de dados da Planilha Referência de 20.000 para 65.536 linhas."]
[null,"CRONOGRAMA"]
[null,null,{"$f":"IF(D24<>\"\",\"▪\",\"\")","v":"▪"},"Correção na formulação do total acumulado por Repasse, CP e Outros"]
[null,"QCI"]
[null,null,{"$f":"IF(D26<>\"\",\"▪\",\"\")","v":"▪"},"Correção na formulação do arredondamento no rateio dos valores do QCI."]
[null,"RRE"]
[null,null,{"$f":"IF(D28<>\"\",\"▪\",\"\")","v":"▪"},"Correção na formulação do total por Repasse, CP e Outros."]
[]
["V3.03"]
[null,"GERAL"]
[null,null,{"$f":"IF(D32<>\"\",\"▪\",\"\")","v":"▪"},"Correção do Problema de Guias ocultas no BROFFICE."]
[null,"CÁLCULO"]
[null,null,{"$f":"IF(D34<>\"\",\"▪\",\"\")","v":"▪"},"Corrigida lentidão e travamento ao incluir e excluir frentes."]
[]
[]
["V3.04"]
[null,"BDI"]
[null,null,{"$f":"IF(D39<>\"\",\"▪\",\"\")","v":"▪"},"Correção da CPRB que exibia 4,5% mesmo quando não desonerado."]
[null,"CRONOGRAMA"]
[null,null,{"$f":"IF(D41<>\"\",\"▪\",\"\")","v":"▪"},"Correção da distribuição de Repasse, CP e Outros para as metas manuais."]
[null,"QCI"]
[null,null,{"$f":"IF(D43<>\"\",\"▪\",\"\")","v":"▪"},"Adicionado botão para adotar a CP do QCI como CP do contrato (zera saldo a reprogramar de CP)."]
[]
["V3.05"]
[null,"GERAL"]
[null,null,{"$f":"IF(D47<>\"\",\"▪\",\"\")","v":"▪"},"Corrigido modo de Cálculo da Planilha para Automático."]
[]
["V3.06"]
[null,"GERAL"]
[null,null,{"$f":"IF(D51<>\"\",\"▪\",\"\")","v":"▪"},"Adicionado modo de arredondamento para compatibilidade com o TransfereGOV, altera na aba DADOS"]
[null,null,{"$f":"IF(D52<>\"\",\"▪\",\"\")","v":"▪"},"A planilha passará a ser disponibilizada com o formato .xlsm. Deve ser usado arquivo referência 1.9 ou superior, também no formato .xlsm"]
[]
["V3.07"]
[null,"GERAL"]
[null,null,{"$f":"IF(D56<>\"\",\"▪\",\"\")","v":"▪"},"Alterada a posição da aba NOVO para antes da aba MENU."]
[null,null,{"$f":"IF(D57<>\"\",\"▪\",\"\")","v":"▪"},"Alterada a posição da aba CÁLCULO para depois da aba EVENTOS. Pois, no caso de acompanhamento por PLE, a lista supensa na coluna \"Nº  Agrupador de Eventos\" na aba CÁLCULO depende do preenchimento prévio da aba EVENTOS."]
[null,null,"▪","Alterada a posição da aba CRONO para depois da aba CRONOPLE. Pois, no caso de acompanhamento por PLE, a aba CRONO tem o preenchimento automático a partir da aba CRONOPLE."]
[null,null,"▪","Alterada a posição da aba PLE para depois da aba QCI. Com a finalidade de deixar agrupadas todas as abas de acompanhamento (PLE, BM, RRE, OFÍCIO)."]
[null,null,"▪","Acrescentados botões de navegação (cor azul claro) em várias abas. Em relação a esses botões, também foram ajustados os links, nomes e formatação."]
[null,null,"▪","Criada macro para exibir apenas as abas pertinentes (exemplo: caso o acompanhamento seja por PLE, a aba BM fica oculta)."]
[null,null,"▪","Ajuste na macro para correção automática do Nº AGRUPADOR DE EVENTOS na aba CÁLCULO, quando se ADCIONAR ou EXCLUIR LINHAS na aba EVENTOS."]
[null,"MENU"]
[null,null,{"$f":"IF(D64<>\"\",\"▪\",\"\")","v":"▪"},"Acrescentado o botão \"IMPORTAR DE OUTROS MODELOS CAIXA\": PO (MO27476); PLE (MO27477); e QCI (MO41211)."]
[null,null,{"$f":"IF(D65<>\"\",\"▪\",\"\")","v":"▪"},"Acrescentado o botão de seleção \"Importar Fórmulas para o Custo Unitário (aba ORÇAMENTO)\". "]
[null,null,null,"Caso selecionada, será importada a fórmula (se houver) do custo unitário; Caso desmarcada, será importado somente o valor."]
[null,null,{"$f":"IF(D67<>\"\",\"▪\",\"\")","v":"▪"},"Acrescentado o botão de seleção \"Importar Fórmulas para as Quantidades da PLQ (aba CÁLCULO)\". "]
[null,null,null,"Caso selecionada, será importada a fórmula (se houver) do quantitativo; Caso desmarcada, será importado somente o valor."]
[null,null,{"$f":"IF(D69<>\"\",\"▪\",\"\")","v":"▪"},"Atualizada a macro de Importação para incluir a importar da coluna \"Nº Agrupador de Eventos\" da aba CÁLCULO."]
[null,null,{"$f":"IF(D70<>\"\",\"▪\",\"\")","v":"▪"},"Atualizada a macro de Imprimir Documentos (para englobar as abas EVENTOS e CRONOPLE)."]
[null,"BDI"]
[null,null,{"$f":"IF(D72<>\"\",\"▪\",\"\")","v":"▪"},"Ajuste automático do valor da CPRB em função da data base do orçamento (para atendimento do Art. 9-A da Lei 12.546 de 14/12/2011)."]
[null,"EVENTOS"]
[null,null,{"$f":"IF(D74<>\"\",\"▪\",\"\")","v":"▪"},"Acrescentados os dados de identificação do Contrato de Repasse."]
[null,null,{"$f":"IF(D75<>\"\",\"▪\",\"\")","v":"▪"},"Acrescentadas as colunas dos totais dos Eventos por Frentes de Obra."]
[null,null,{"$f":"IF(D76<>\"\",\"▪\",\"\")","v":"▪"},"Acrescentados os dados de Local, Data e Responsável Técnico."]
[null,null,{"$f":"IF(D77<>\"\",\"▪\",\"\")","v":"▪"},"Acrescentado FILTRO para exibir apenas as linhas preenchidas."]
[null,"CRONOPLE"]
[null,null,{"$f":"IF(D79<>\"\",\"▪\",\"\")","v":"▪"},"Acrescentados os dados de identificação do Contrato de Repasse."]
[null,null,{"$f":"IF(D80<>\"\",\"▪\",\"\")","v":"▪"},"Acrescentado o quadro \"Cronograma\" com percentual e valor da parcela e percentual e valor acumulado."]
[null,null,{"$f":"IF(D81<>\"\",\"▪\",\"\")","v":"▪"},"Acrescentados os dados de Local, Data e Responsável Técnico."]
[null,null,{"$f":"IF(D82<>\"\",\"▪\",\"\")","v":"▪"},"Acrescentado FILTRO para exibir apenas as linhas preenchidas."]
[null,"RRE"]
[null,null,{"$f":"IF(D84<>\"\",\"▪\",\"\")","v":"▪"},"Correção na fórmula da data, para replicar a “Data de fechamento do RRE” na aba DADOS."]
[null,"OFÍCIO"]
[null,null,{"$f":"IF(D86<>\"\",\"▪\",\"\")","v":"▪"},"Exclusão do quadro \"Resumo de Valores por CTEF\"."]
[]
["V3.08"]
[null,"GERAL"]
[null,null,{"$f":"IF(D90<>\"\",\"▪\",\"\")","v":"▪"},"Incluídos alertas de erro de preenchimento em todas as abas."]
[null,"MENU"]
[null,null,{"$f":"IF(D92<>\"\",\"▪\",\"\")","v":"▪"},"Incluído botão de macro para gerar arquivo (em xlsx) para upload da PO e CFF no TransfereGOV."]
[null,null,{"$f":"IF(D93<>\"\",\"▪\",\"\")","v":"▪"},"Ajustada a macro \"Importar de outra Planilha Múltipla\" para importar o Cronograma da aba CRONO. Também foram incluídas as importações dos campos: Data do preenchimento (DADOS), Data de fechamento do RRE (DADOS); nº da 1ª Parcela do Cronograma (CRONO), mês da 1ª Parcela do Cronograma (CRONO), nº da Medição (BM) e nº da Medição (PLE)."]
[null,null,{"$f":"IF(D94<>\"\",\"▪\",\"\")","v":"▪"},"Incluída a informação do progresso na macro \"Importar de outra Planilha Múltipla\", por meio de uma barra de progresso (janela que será exibida na tela) e da indicação das etapas de importação na barra de status do Excel (canto inferior esquerdo da janela do Excel)."]
[null,"BDI"]
[null,null,{"$f":"IF(D96<>\"\",\"▪\",\"\")","v":"▪"},"Incluídos botões de navegação para os formulários de BDI (BDI 1, BDI 2, BDI 3)."]
[null,"ORÇAMENTO"]
[null,null,{"$f":"IF(D98<>\"\",\"▪\",\"\")","v":"▪"},"Incluído botão de macro para padronizar as siglas de unidades, conforme lista de siglas válidas no TransfereGOV."]
[null,"EVENTOS"]
[null,null,{"$f":"IF(D100<>\"\",\"▪\",\"\")","v":"▪"},"O Título de Evento \"Administração Local\" com preenchimento automático proporcional agora é exibido apenas no modo Arredondamento de Frentes \"Tradicional\" e para a opção Agrupadores de Eventos \"Definir Manualmente\"."]
[null,null,{"$f":"IF(D101<>\"\",\"▪\",\"\")","v":"▪"},"Não é mais possível deixar Eventos em branco (sem nome ou sem valor)."]
[null,"CÁLCULO"]
[null,null,{"$f":"IF(D103<>\"\",\"▪\",\"\")","v":"▪"},"Não é mais possível deixar Frentes de Obra em branco (sem nome ou sem quantidades)."]
[null,"CRONOPLE"]
[null,null,{"$f":"IF(D105<>\"\",\"▪\",\"\")","v":"▪"},"Incluído campo para selecionar o Título do Evento referente à Administração Local (acompanhamento por PLE)."]
[null,null,{"$f":"IF(D106<>\"\",\"▪\",\"\")","v":"▪"},"Incluída linha com o percentual acumulado da Administração Local em cada período."]
[null,"CRONO"]
[null,null,{"$f":"IF(D108<>\"\",\"▪\",\"\")","v":"▪"},"Ajustada a fórmula do % acumulado a partir da parcela 13 (para manter o padrão da fórmula das parcelas 1 a 12)."]
[null,null,{"$f":"IF(D109<>\"\",\"▪\",\"\")","v":"▪"},"Incluído campo para selecionar o Macrosserviço referente à Administração Local (acompanhamento por BM)."]
[null,null,{"$f":"IF(D110<>\"\",\"▪\",\"\")","v":"▪"},"Incluída linha com o percentual acumulado da Administração Local em cada parcela."]
[null,"RRE"]
[null,null,{"$f":"IF(D112<>\"\",\"▪\",\"\")","v":"▪"},"Corrigida a fórmula do % no quadro \"Percentual previsto em:\". Que estava limitada a buscar o % previsto até a parcela 12."]
[null,"PLE"]
[null,null,{"$f":"IF(D114<>\"\",\"▪\",\"\")","v":"▪"},"Incluída linha com o percentual acumulado da Administração Local em cada medição."]
[null,"BM"]
[null,null,{"$f":"IF(D116<>\"\",\"▪\",\"\")","v":"▪"},"Incluído campo com o percentual medido acumulado da Administração Local."]
[]
["V3.09"]
[null,"MENU"]
[null,null,{"$f":"IF(D120<>\"\",\"▪\",\"\")","v":"▪"},"Atualizada a macro \"Gerar arquivo para upload no TransfereGOV\" para ajustar os códigos de composições SINAPI (acrescentar zeros a esquerda até completar dez dígitos) para Data base igual ou superior a JAN/2025."]
[null,"ORÇAMENTO"]
[null,null,{"$f":"IF(D122<>\"\",\"▪\",\"\")","v":"▪"},"Acrescentada formatação condicional na coluna \"Descrição\" para exibir os textos de alerta de erro, textos que começam com \"(\", na cor vermelha."]
[null,"BDI"]
[null,null,{"$f":"IF(D124<>\"\",\"▪\",\"\")","v":"▪"},"Corrigida a macro dos botões de navegação para os formulários do BDI."]
[]
["V3.10"]
[null,"GERAL"]
[null,null,{"$f":"IF(D128<>\"\",\"▪\",\"\")","v":"▪"},"Corrigidas as fórmulas da v3.08 / v3.09 que eram incompatíveis com as versões do Excel anteriores ao Office 365."]
[]
["V3.11"]
[null,"MENU"]
[null,null,{"$f":"IF(D132<>\"\",\"▪\",\"\")","v":"▪"},"Ajuste na macro \"Importar de outra Planilha Múltipla\" para tratar o erro \"tipos incompatíveis\"."]
[null,null,{"$f":"IF(D133<>\"\",\"▪\",\"\")","v":"▪"},"Ajuste na macro \"Gerar arquivo para upload no TransfereGOV\" para informar no status o número da linha que está sendo mesclada."]
[null,"CRONO"]
[null,null,{"$f":"IF(D135<>\"\",\"▪\",\"\")","v":"▪"},"Correção nas fórmulas dos valores no período da 13ª parcela do cronograma."]
[null,"RRE"]
[null,null,{"$f":"IF(D137<>\"\",\"▪\",\"\")","v":"▪"},"Correção nas fórmulas dos valores acumulados no caso de Administração Local de preenchimento manual."]
[]
["V3.12"]
[null,"MENU"]
[null,null,{"$f":"IF(D141<>\"\",\"▪\",\"\")","v":"▪"},"Atualização na macro \"Gerar arquivo para upload no TransfereGOV\" em virtude de alteração no upload no TransfereGOV (código sem zeros a esquerda)."]
[null,"BDI"]
[null,null,{"$f":"IF(D143<>\"\",\"▪\",\"\")","v":"▪"},"Revisão nos alertas de erro de preenchimento."]
[null,"ORÇAMENTO"]
[null,null,{"$f":"IF(D145<>\"\",\"▪\",\"\")","v":"▪"},"Revisão nos alertas de erro de preenchimento."]
[null,"EVENTOS"]
[null,null,{"$f":"IF(D147<>\"\",\"▪\",\"\")","v":"▪"},"Revisão na lista suspensa de opções da forma de definição dos agrupadores de eventos."]
[null,"CÁLCULO"]
[null,null,{"$f":"IF(D149<>\"\",\"▪\",\"\")","v":"▪"},"Revisão nos alertas de erro de preenchimento."]
[null,"CRONOPLE"]
[null,null,{"$f":"IF(D151<>\"\",\"▪\",\"\")","v":"▪"},"Correção na macro \"Atualizar Linhas\"."]
[null,"CRONO"]
[null,null,{"$f":"IF(D153<>\"\",\"▪\",\"\")","v":"▪"},"Correção na fórmula dos porcentuais de Administração Local, no caso de agrupadores de eventos automáticos."]
[]
["V3.13"]
[null,"GERAL"]
[null,null,{"$f":"IF(D157<>\"\",\"▪\",\"\")","v":"▪"},"Ajuste em todas as listas suspensas (substituindo valores ou textos por um intervalo com os dados)."]
[null,"MENU"]
[null,null,{"$f":"IF(D159<>\"\",\"▪\",\"\")","v":"▪"},"Correção do valor total na macro \"Gerar arquivo para upload no TransfereGOV\". No arquivo para upload o valor total era preenchido apenas com o valor da meta 1."]
[null,null,{"$f":"IF(D160<>\"\",\"▪\",\"\")","v":"▪"},"Correção nos arredondamentos na macro \"Gerar arquivo para upload no TransfereGOV\". No caso de preenchimento das quantidades com mais de duas casas decimais na PLQ, os valores calculados no Tgov ficavam diferentes dos valores calculados na Múltipla."]
[null,null,{"$f":"IF(D161<>\"\",\"▪\",\"\")","v":"▪"},"Atualização na macro \"Gerar arquivo para upload no TransfereGOV\". No caso de alertas de erro de preenchimento nas abas BDI e ORÇAMENTO a caixa de mensagem informa o erro encontrado e pergunta ao usuário se quer \"Corrigir o erro agora?\", caso o usuário responda \"Não\" a macro continua os procedimentos e gera o arquivo com o erro de preenchimento."]
[null,"ORÇAMENTO"]
[null,null,{"$f":"IF(D163<>\"\",\"▪\",\"\")","v":"▪"},"Atualização no preenchimento da coluna BDI. Possibilidade de preencher diretamente um percentual na célula."]
[null,null,{"$f":"IF(D164<>\"\",\"▪\",\"\")","v":"▪"},"Ajuste no alerta de erro \"Acima Ref.\", dispensado caso a Fonte de Recursos seja diferente de \"OGU\"."]
[null,null,{"$f":"IF(D165<>\"\",\"▪\",\"\")","v":"▪"},"Incluído alerta de erro caso a data base do arquivo referência seja diferente da indicada no nome do mesmo arquivo."]
[null,null,{"$f":"IF(D166<>\"\",\"▪\",\"\")","v":"▪"},"Incluído alerta de erro caso os arredondamentos de todos os valores não estejam selecionados (para contratos no transferegov)."]
[null,null,{"$f":"IF(D167<>\"\",\"▪\",\"\")","v":"▪"},"Incluído alerta de erro \"Justificar BDI\", caso não seja adotado um BDI da lista suspensa."]
[null,"CÁLCULO"]
[null,null,{"$f":"IF(D169<>\"\",\"▪\",\"\")","v":"▪"},"Incluído alerta de erro \"Verificar as quantidades preenchidas na linha...\", caso a soma das quantidades preenchidas seja diferente da soma das quantidades arredondadas com duas casas decimais."]
[null,null,{"$f":"IF(D170<>\"\",\"▪\",\"\")","v":"▪"},"Incluído alerta de erro \"Preencha as quantidades com no máximo duas casas decimais\", caso o alerta de erro acima aparece em alguma linha."]
[null,null,"▪","Incluída formatação condicional para indicar as quantidades na PLQ com mais de duas casas decimais (o texto ficará na cor vermelha)."]
[null,"CRONOPLE"]
[null,null,{"$f":"IF(D173<>\"\",\"▪\",\"\")","v":"▪"},"Correção na macro \"Atualizar Linhas\"."]
[null,"PLE"]
[null,null,{"$f":"IF(D175<>\"\",\"▪\",\"\")","v":"▪"},"Correção na fórmula na coluna Filtro."]
[null,"RRE"]
[null,null,{"$f":"IF(D177<>\"\",\"▪\",\"\")","v":"▪"},"Correção nas fórmulas dos valores acumulados (o valor da administração local era duplicado em alguns casos)."]

{"sheet":"MENU","index":1,"n_rows":24,"n_cols":15,"rows_kept":24,"cut":false,"hidden":false,"merged":[[19,1,19,7],[7,1,7,7],[1,4,2,6],[15,1,15,7]]}
[null,null,null,null,null,null,null,null,null,"PM",true]
[null,null,null,null,{"$f":"CHOOSE(MATCH(Objeto,{\"PM\",\"PO\"}),\"PLANILHA MÚLTIPLA \",\"PLANILHA ORÇAMENTÁRIA \")& Versao","v":"PLANILHA MÚLTIPLA v3.13"},null,null,null,null,"v3.13",true]
[null,null,null,null,null,null,null,null,null,null,null,null,null,null,1]
[null,null,null,null,null,null,null,null,null,{"$f":"IF(VALUE(MENU!$O$4)=2,\"BM\",\"PLE\")","v":"PLE"},null,null,null,null,1]
[null,null,null,null,null,null,null,null,null,"Proposto"]
[null,null,null,null,"DADOS DO CONTRATO",null,"NOVIDADES DA VERSÃO",null,null,"Licitado"]
[null,null,null,null,null,null,null,null,null,"PLE"]
[null,{"$f":"IF($O$3<>2,\"DOCUMENTAÇÃO DA PROPOSTA\",\"PROPOSTA: Para visualizar/preencher esta seção, altere o TIPO DE ORÇAMENTO para 'Proposto'\")","v":"DOCUMENTAÇÃO DA PROPOSTA"},null,null,null,null,null,null,null,"BM",null,"LEGENDA:"]
[null,null,null,null,null,null,null,null,null,null,null,"Cores das células:"]
[null,null,{"$f":"IF(TIPOORCAMENTO<>\"Proposto\",\"\",\"                    BDI                    \")","v":"                    BDI                    "},null,{"$f":"IF(TIPOORCAMENTO<>\"Proposto\",\"\",\"             ORÇAMENTO             \")","v":"             ORÇAMENTO             "},null,{"$f":"IF(TIPOORCAMENTO<>\"Proposto\",\"\",\"MEMÓRIA DE CÁLCULO / PLQ\")","v":"MEMÓRIA DE CÁLCULO / PLQ"},null,null,null,null,null,null,"Fundo amarelo: células para preencher"]
[]
[null,null,{"$f":"IF(TIPOORCAMENTO<>\"Proposto\",\"\",\"                    QCI                    \")","v":"                    QCI                    "},null,{"$f":"IF(TIPOORCAMENTO<>\"Proposto\",\"\",\"CRONOGRAMA FÍSICO-FINANCEIRO\")","v":"CRONOGRAMA FÍSICO-FINANCEIRO"},null,null,null,null,null,null,null,null,"Fundo azul: células para seleção de opções"]
[]
[null,null,{"$f":"IF(TIPOORCAMENTO<>\"Proposto\",\"\",\"Obs: Composições e Cotações devem ser preenchidas diretamente no arquivo Referência \"&IF(ISBLANK(Import.DataBase),\"mm-aaaa\",TEXT(Import.DataBase,\"mm-aaaa\"))&\".xlsm.\")","v":"Obs: Composições e Cotações devem ser preenchidas diretamente no arquivo Referência 05-2025.xlsm."}]
[null,null,null,null,null,null,null,null,null,null,null,"Cores dos botões:"]
[null,{"$f":"IF($O$3<>2,\"PÓS-LICITADO: Para visualizar/preencher esta seção, altere o TIPO DE ORÇAMENTO para 'Licitado'\",\"RESULTADO DO PROCESSO LICITATÓRIO\")","v":"PÓS-LICITADO: Para visualizar/preencher esta seção, altere o TIPO DE ORÇAMENTO para 'Licitado'"},null,null,null,null,null,null,null,null,null,null,null,"Fundo azul claro: navegação entre abas"]
[]
[null,null,{"$f":"IF(TIPOORCAMENTO<>\"Licitado\",\"\",\"             ORÇAMENTO             \")","v":""},null,{"$f":"IF(TIPOORCAMENTO<>\"Licitado\",\"\",\"                    QCI                    \")","v":""},null,{"$f":"IF(TIPOORCAMENTO<>\"Licitado\",\"\",\"CRONOGRAMA FÍSICO-FINANCEIRO\")","v":""},null,null,null,null,null,null,"Fundo laranja: execução de macro"]
[]
[null,{"$f":"IF($O$3<>2,\"ACOMPANHAMENTO: Para visualizar/preencher esta seção, altere o TIPO DE ORÇAMENTO para 'Licitado'\",\"ACOMPANHAMENTO DO EMPREENDIMENTO\")","v":"ACOMPANHAMENTO: Para visualizar/preencher esta seção, altere o TIPO DE ORÇAMENTO para 'Licitado'"}]
[]
[null,null,{"$f":"IF(OR(_xlfn.SINGLE(TIPOORCAMENTO)<>\"Licitado\",ACOMPANHAMENTO<>\"PLE\"),\"\",\"PLAN. DE LEVANT. DE EVENTOS - PLE\")","v":""},null,{"$f":"IF(TIPOORCAMENTO<>\"Licitado\",\"\",\"                    RRE                    \")","v":""},null,{"$f":"IF(OR(_xlfn.SINGLE(TIPOORCAMENTO)<>\"Licitado\",ACOMPANHAMENTO<>\"BM\"),\"\",\"  BOLETIM DE MEDIÇÃO - BM  \")","v":""}]
[]
[null,null,null,null,{"$f":"IF(TIPOORCAMENTO<>\"Licitado\",\"\",\"OF. DE SOLICITAÇÃO DE DESBLOQUEIO\")","v":""}]

{"sheet":"DADOS","index":2,"n_rows":220,"n_cols":49,"rows_kept":220,"cut":false,"hidden":false,"merged":[[49,1,49,2],[58,1,58,2],[0,13,0,45],[2,1,2,2],[14,1,14,2],[20,1,20,2],[26,1,26,2],[34,1,34,2],[45,1,45,2]]}
[null,"A. DOCUMENTAÇÃO DA PROPOSTA",null,{"$f":"IF(D3<>\"\",\"Falta preencher os Dados do Contrato\",IF(D15<>\"\",\"Falta preencher os Dados do Empreendimento\",IF(D21<>\"\",\"Falta preencher os Dados do Responsável pelo Orçamento\",IF(D27<>\"\",\"Falta preencher os Dados do Responsável pelo Tomador\",IF(D31<>\"\",\"Falta definir o método de arredondamento das frentes de obra\",IF(D35<>\"\",\"Falta preencher os Dados da Licitação\",IF(D46<>\"\",\"Falta preencher os Dados da Obra\",IF(D50<>\"\",\"Falta preencher os Dados do Responsável pela Fiscalização\",\"\"))))))))","v":"Falta preencher os Dados do Contrato"},null,null,"Fonte de recursos:","Regime previdenciário","Regime de Execução","Arredondamento",null,null,null,"Sub-Itens de Investimento",null,null,null,null,null,null,null,null,null,null,null,null,null,null,null,null,null,null,null,null,null,null,null,null,null,null,null,null,null,null,null,null,null,"Unidades válidas no Tgov"]
[null,null,null,null,null,null,"(SELECIONAR)","(SELECIONAR)","(SELECIONAR)","Tradicional",null,"Itens de Investimento","Unidades habitacionais",{"$f":"COUNTA(M:M)-1","v":3},"Equipamentos comunitários",{"$f":"COUNTA(O:O)-1","v":6},"Pavimentação",{"$f":"COUNTA(Q:Q)-1","v":6},"Drenagem ",{"$f":"COUNTA(S:S)-1","v":6},"Abastecimento de água",{"$f":"COUNTA(U:U)-1","v":11},"Esgotamento sanitário",{"$f":"COUNTA(W:W)-1","v":8},"Energia elétrica e iluminação pública",{"$f":"COUNTA(Y:Y)-1","v":4},"Coleta e tratamento de resíduos sólidos",{"$f":"COUNTA(AA:AA)-1","v":6},"Contenção e estabilização de encostas ",{"$f":"COUNTA(AC:AC)-1","v":2},"Regularização fundiária",{"$f":"COUNTA(AE:AE)-1","v":2},"Aquisição de terreno",{"$f":"COUNTA(AG:AG)-1","v":2},"Aquisição de equipamentos e insumos",{"$f":"COUNTA(AI:AI)-1","v":1},"Elaboração de estudos e projetos",{"$f":"COUNTA(AK:AK)-1","v":1},"Instrumentos e ações em planejamento e gestão pública",{"$f":"COUNTA(AM:AM)-1","v":1},"Ações complementares às obras",{"$f":"COUNTA(AO:AO)-1","v":3},"Gerenciamento",{"$f":"COUNTA(AQ:AQ)-1","v":1},"Trabalho social",{"$f":"COUNTA(AS:AS)-1","v":4},null,"Sigla","Descrição"]
[null,"Dados do Contrato (Inicial)",null,{"$f":"IF(COUNTIF(D4:D13,\"◄\")=0,\"\",\"Falta preencher a linha \"&MATCH(\"◄\",D4:D13,0)+ROW(D3))","v":"Falta preencher a linha 4"},null,null,"OGU","NÃO SE APLICA","INDEFINIDO / NÃO SE APLICA","TransfereGOV",null,"Unidades habitacionais","Aquisição","un","Convivência comunitária, assistência social e/ou comunitária","m²","Capeamento de vias","m²","Obras de microdrenagem ","m","Captação subterrânea","m³/s","Ligações domiciliares e/ou intradomiciliares","un","Iluminação pública - luminárias","un","Acondicionamento ","un","Estabilização de taludes","m²","Desapropriacões/Indenizações","m²","Aquisição de terreno","m²","Aquisição de equipamentos e insumos","un","Elaboração de estudos e projetos","un","Instrumentos e ações em planejamento e gestão pública","un","Avaliação pós intervenção","un","Gerenciamento","%CT","Projeto de Trabalho Social Preliminar","nº fam",null,"%CT","%CT"]
[null,"Fonte de recursos:","(SELECIONAR)",{"$f":"IF(OR(OFFSET(D4,0,-1)=\"\",OFFSET(D4,0,-1)=\"(SELECIONAR)\"),\"◄\",\"\")","v":"◄"},null,null,"FGTS","DESONERADO","EMPREITADA POR PREÇO GLOBAL",null,null,"Equipamentos comunitários","Construção","un","Educação e cultura","m²","Recapeamento de vias","m²","Desassoreamento de cursos de água","m","Captação superficial","m³/s","Rede coletora e/ou condominial","m","Ligações domiciliares","un","Aterro sanitário e/ou disposição final","m³","Obras complementares a ações de redução de risco e/ou contenções","m²","Projeto de Regularização Fundiária","m²","Benfeitorias","m²",null,null,null,null,null,null,"Demolições","un",null,null,"Projeto de Trabalho Social","nº fam",null,"°C","GRAU CELSIUS"]
[null,"Proponente/Tomador:","MUNICÍPIO DE CHOPINZINHO",{"$f":"IF(OFFSET(D5,0,-1)=\"\",\"◄\",\"\")","v":""},null,null,null,"NÃO DESONERADO","EMPREITADA POR PREÇO UNITÁRIO",null,null,"Pavimentação","Reforma e/ou melhoria","un","Esportes","m²","Obras de artes especiais","m","Canalização de cursos de água","m","Estação de bombeamento de água bruta","m³/s","Coletor tronco e/ou interceptores","m","Linhas de distribuição - baixa tensão ","m","Erradicação de lixões","m³",null,null,null,null,null,null,null,null,null,null,null,null,"Plano de Reassentamento e medidas compensatórias","un",null,null,"Plano de Desenvolvimento Socioterritorial","nº fam",null,"°F","GRAU FAHRENHEIT"]
[null,"Município/UF:","CHOPINZINHO / PR","",null,null,null,null,"EMPREITADA INTEGRAL",null,null,"Drenagem ",null,null,"Lazer e turismo","m²","Pavimentação de calçadas","m²","Recomposição de vegetação ciliar, renaturalização de cursos de água ou restauração de margens","m²","Adução","m","Emissário","m","Linhas de transmissão - alta tensão ","m","Sistema de coleta seletiva tradicional, transporte e/ou equipamentos","un",null,null,null,null,null,null,null,null,null,null,null,null,null,null,null,null,"Plano de Gestão Condominial","nº fam",null,"100M","100 METROS"]
[null,"Nº da Operação (0000000-00):","0619977-26","",null,null,null,null,"TAREFA",null,null,"Abastecimento de água",null,null,"Saúde","m²","Pavimentação de vias","m²","Reservatório de amortecimento de cheias","m³","Estação de Tratamento de Água (ETA)","m³/s","Estação Elevatória","m³/s",null,null,"Tratamento local ","un",null,null,null,null,null,null,null,null,null,null,null,null,null,null,null,null,null,null,null,"18L","18 LITROS"]
[null,"Nº do TransfereGOV (000000):","0619977",{"$f":"IF(AND(Import.TipoArredondamento=\"TransfereGOV\",OFFSET(D8,0,-1)=\"\"),\"◄\",\"\")","v":""},null,null,null,null,"CONTRATAÇÃO INTEGRADA",null,null,"Esgotamento sanitário",null,null,"Segurança pública","m²","Sinalização","m²","Estação de Bombeamento","m³/s","Estação de bombeamento de água tratada","m³/s","Estação de Tratamento de Esgoto (ETE)","m³/s",null,null,"Usinas de reciclagem ","m²",null,null,null,null,null,null,null,null,null,null,null,null,null,null,null,null,null,null,null,"200KG","200 QUILOS"]
[null,{"$f":"IF(C4=\"FGTS\",\"Valor de Financiamento Contratado (R$):\",\"Valor do Repasse Contratado (R$):\")","v":"Valor do Repasse Contratado (R$):"},1032393.56,"",null,null,null,null,"ADM. DIRETA",null,null,"Energia elétrica e iluminação pública",null,null,null,null,null,null,null,null,"Linha de recalque","m","Sistema simplificado de tratamento","m³/s",null,null,null,null,null,null,null,null,null,null,null,null,null,null,null,null,null,null,null,null,null,null,null,"250G","250 GRAMAS"]
[null,"Valor de Contrapartida Contratada (R$):",0,"",null,null,null,null,null,null,null,"Coleta e tratamento de resíduos sólidos",null,null,null,null,null,null,null,null,"Reservação","m³","Unidades sanitárias","un",null,null,null,null,null,null,null,null,null,null,null,null,null,null,null,null,null,null,null,null,null,null,null,"310ML","310 MILILITROS"]
[null,"% mínimo de Contrapartida:",0,"",null,null,null,null,null,null,null,"Contenção e estabilização de encostas ",null,null,null,null,null,null,null,null,"Rede de distribuição","m",null,null,null,null,null,null,null,null,null,null,null,null,null,null,null,null,null,null,null,null,null,null,null,null,null,"50KG","50 QUILOS"]
[null,"R$ mínimo de Contrapartida (se houver):",null,null,null,null,null,null,null,null,null,"Regularização fundiária",null,null,null,null,null,null,null,null,"Ligações domiciliares e/ou intradomiciliares","un",null,null,null,null,null,null,null,null,null,null,null,null,null,null,null,null,null,null,null,null,null,null,null,null,null,"A","AMPÈRE"]
[null,"% máximo de Contrapartida:",null,null,null,null,null,null,null,null,null,"Aquisição de terreno",null,null,null,null,null,null,null,null,"Sistema simplificado de abastecimento","m",null,null,null,null,null,null,null,null,null,null,null,null,null,null,null,null,null,null,null,null,null,null,null,null,null,"ACA/ACC","A.CORR.ALTERN/CONT."]
[null,null,null,null,null,null,null,null,null,null,null,"Aquisição de equipamentos e insumos",null,null,null,null,null,null,null,null,null,null,null,null,null,null,null,null,null,null,null,null,null,null,null,null,null,null,null,null,null,null,null,null,null,null,null,"AH","AMPÈRE HORA"]
[null,"Dados do Empreendimento e Orçamento",null,{"$f":"IF(COUNTIF(D16:D19,\"◄\")=0,\"\",\"Falta preencher a linha \"&MATCH(\"◄\",D16:D19,0)+ROW(D15))","v":""},null,null,null,null,null,null,null,"Elaboração de estudos e projetos",null,null,null,null,null,null,null,null,null,null,null,null,null,null,null,null,null,null,null,null,null,null,null,null,null,null,null,null,null,null,null,null,null,null,null,"AH/H/V","AMPÉRE-H/H/VOLT"]
[null,"Nome/apelido:","REDE DE ÁGUA - LOT. NOVO HORIZONTE",{"$f":"IF(OFFSET(D16,0,-1)=\"\",\"◄\",\"\")","v":""},null,null,null,null,null,null,null,"Instrumentos e ações em planejamento e gestão pública",null,null,null,null,null,null,null,null,null,null,null,null,null,null,null,null,null,null,null,null,null,null,null,null,null,null,null,null,null,null,null,null,null,null,null,"AM","AMPOLA"]
[null,"Descrição do Objeto do Lote / CTEF:","REDE DE ABASTECIMENTO DE ÁGUA - LOT. NOVO HORIZONTE","",null,null,null,null,null,null,null,"Ações complementares às obras",null,null,null,null,null,null,null,null,null,null,null,null,null,null,null,null,null,null,null,null,null,null,null,null,null,null,null,null,null,null,null,null,null,null,null,"AM0/4ML","AMPOLA COM 0,4 Ml"]
[null,"Regime previdenciário previsto para a obra:","DESONERADO",{"$f":"IF(OR(OFFSET(D18,0,-1)=\"\",OFFSET(D18,0,-1)=\"(SELECIONAR)\"),\"◄\",\"\")","v":""},null,null,null,null,null,null,null,"Gerenciamento",null,null,null,null,null,null,null,null,null,null,null,null,null,null,null,null,null,null,null,null,null,null,null,null,null,null,null,null,null,null,null,null,null,null,null,"AM0/5ML","AMPOLA COM 0,5 mL"]
[null,"Data base do Orçamento:","2025-05-01","",null,null,null,null,null,null,null,"Trabalho social",null,null,null,null,null,null,null,null,null,null,null,null,null,null,null,null,null,null,null,null,null,null,null,null,null,null,null,null,null,null,null,null,null,null,null,"AM1/5ML","AMPOLA COM 1,5 mL"]
[null,null,null,null,null,null,null,null,null,null,null,null,null,null,null,null,null,null,null,null,null,null,null,null,null,null,null,null,null,null,null,null,null,null,null,null,null,null,null,null,null,null,null,null,null,null,null,"AM10ML","AMPOLA COM 10 mL"]
[null,"Responsável pelo Orçamento",null,{"$f":"IF(COUNTIF(D22:D25,\"◄\")=0,\"\",\"Falta preencher a linha \"&MATCH(\"◄\",D22:D25,0)+ROW(D21))","v":""},null,null,null,null,null,null,null,null,null,null,null,null,null,null,null,null,null,null,null,null,null,null,null,null,null,null,null,null,null,null,null,null,null,null,null,null,null,null,null,null,null,null,null,"AM1ML","AMPOLA COM 1 mL"]
[null,"Nome:","Christiano Dossa Silvestri",{"$f":"IF(OFFSET(D22,0,-1)=\"\",\"◄\",\"\")","v":""},null,null,null,null,null,null,null,null,null,null,null,null,null,null,null,null,null,null,null,null,null,null,null,null,null,null,null,null,null,null,null,null,null,null,null,null,null,null,null,null,null,null,null,"AM2/5ML","AMPOLA COM 2,5 mL"]
[null,"CREA/CAU:","100984/D","",null,null,null,null,null,null,null,null,null,null,null,null,null,null,null,null,null,null,null,null,null,null,null,null,null,null,null,null,null,null,null,null,null,null,null,null,null,null,null,null,null,null,null,"AM2ML","AMPOLA COM 2 mL"]
[null,"ART/RRT:","1720243397686","",null,null,null,null,null,null,null,null,null,null,null,null,null,null,null,null,null,null,null,null,null,null,null,null,null,null,null,null,null,null,null,null,null,null,null,null,null,null,null,null,null,null,null,"AM3ML","AMPOLA COM 3 mL"]
[null,"Data do preenchimento:",{"$f":"TODAY()","v":"2025-09-05"},"",null,null,null,null,null,null,null,null,null,null,null,null,null,null,null,null,null,null,null,null,null,null,null,null,null,null,null,null,null,null,null,null,null,null,null,null,null,null,null,null,null,null,null,"AM4ML","AMPOLA COM 4 mL"]
[null,null,null,null,null,null,null,null,null,null,null,null,null,null,null,null,null,null,null,null,null,null,null,null,null,null,null,null,null,null,null,null,null,null,null,null,null,null,null,null,null,null,null,null,null,null,null,"AM5ML","AMPOLA COM 5 mL"]
[null,"Responsável pelo Tomador (Prefeito, no caso de Municípios)",null,{"$f":"IF(COUNTIF(D28:D29,\"◄\")=0,\"\",\"Falta preencher a linha \"&MATCH(\"◄\",D28:D29,0)+ROW(D27))","v":""},null,null,null,null,null,null,null,null,null,null,null,null,null,null,null,null,null,null,null,null,null,null,null,null,null,null,null,null,null,null,null,null,null,null,null,null,null,null,null,null,null,null,null,"AM6ML","AMPOLA COM 6 mL"]
[null,"Nome:","Álvaro Dênis Ceni Scolaro",{"$f":"IF(OFFSET(D28,0,-1)=\"\",\"◄\",\"\")","v":""},null,null,null,null,null,null,null,null,null,null,null,null,null,null,null,null,null,null,null,null,null,null,null,null,null,null,null,null,null,null,null,null,null,null,null,null,null,null,null,null,null,null,null,"AM7ML","AMPOLA COM 7 mL"]
[null,"Cargo:","Prefeito Municipal","",null,null,null,null,null,null,null,null,null,null,null,null,null,null,null,null,null,null,null,null,null,null,null,null,null,null,null,null,null,null,null,null,null,null,null,null,null,null,null,null,null,null,null,"ANO","ANO/ANOS"]
[null,null,null,null,null,null,null,null,null,null,null,null,null,null,null,null,null,null,null,null,null,null,null,null,null,null,null,null,null,null,null,null,null,null,null,null,null,null,null,null,null,null,null,null,null,null,null,"ANOS","ANO/ANOS"]
[null,"Arredondamento das frentes:","TransfereGOV",{"$f":"IF(OFFSET(D31,0,-1)=\"\",\"◄ Falta definir o método de arredondamento.\",\"\")","v":""},null,null,null,null,null,null,null,null,null,null,null,null,null,null,null,null,null,null,null,null,null,null,null,null,null,null,null,null,null,null,null,null,null,null,null,null,null,null,null,null,null,null,null,"ARR","ARROBA"]
[null,null,null,null,null,null,null,null,null,null,null,null,null,null,null,null,null,null,null,null,null,null,null,null,null,null,null,null,null,null,null,null,null,null,null,null,null,null,null,null,null,null,null,null,null,null,null,"AWG","AMERICAN WIRE GAUGE"]
[null,"B. RESULTADO DO PROCESSO LICITATÓRIO",null,null,null,null,null,null,null,null,null,null,null,null,null,null,null,null,null,null,null,null,null,null,null,null,null,null,null,null,null,null,null,null,null,null,null,null,null,null,null,null,null,null,null,null,null,"BAR","BARRIL"]
[null,null,null,null,null,null,null,null,null,null,null,null,null,null,null,null,null,null,null,null,null,null,null,null,null,null,null,null,null,null,null,null,null,null,null,null,null,null,null,null,null,null,null,null,null,null,null,"BAR.","BAR"]
[null,"Licitação",null,{"$f":"IF(COUNTIF(D36:D39,\"◄\")=0,\"\",\"Falta preencher a linha \"&MATCH(\"◄\",D36:D39,0)+ROW(D35))","v":""},null,null,null,null,null,null,null,null,null,null,null,null,null,null,null,null,null,null,null,null,null,null,null,null,null,null,null,null,null,null,null,null,null,null,null,null,null,null,null,null,null,null,null,"BD","BALDE"]
[null,"Data de emissão dos documentos de licitação:",null,{"$f":"IF(AND(TIPOORCAMENTO=\"Licitado\",OFFSET(D36,0,-1)=\"\"),\"◄\",\"\")","v":""},null,null,null,null,null,null,null,null,null,null,null,null,null,null,null,null,null,null,null,null,null,null,null,null,null,null,null,null,null,null,null,null,null,null,null,null,null,null,null,null,null,null,null,"BIS","BISNAGA"]
[null,"Nº do CTEF (contrato com empresa):",null,{"$f":"IF(AND(TIPOORCAMENTO=\"Licitado\",OFFSET(D37,0,-1)=\"\"),\"◄\",\"\")","v":""},null,null,null,null,null,null,null,null,null,null,null,null,null,null,null,null,null,null,null,null,null,null,null,null,null,null,null,null,null,null,null,null,null,null,null,null,null,null,null,null,null,null,null,"BIS/GL","BISNAGA POR GALÃO"]
[null,"Nome da empresa:",null,{"$f":"IF(AND(TIPOORCAMENTO=\"Licitado\",OFFSET(D38,0,-1)=\"\"),\"◄\",\"\")","v":""},null,null,null,null,null,null,null,null,null,null,null,null,null,null,null,null,null,null,null,null,null,null,null,null,null,null,null,null,null,null,null,null,null,null,null,null,null,null,null,null,null,null,null,"BIS1/65G","BISNAGA COM 1,65 g"]
[null,"CNPJ da empresa:",null,{"$f":"IF(AND(TIPOORCAMENTO=\"Licitado\",OFFSET(D39,0,-1)=\"\"),\"◄\",\"\")","v":""},null,null,null,null,null,null,null,null,null,null,null,null,null,null,null,null,null,null,null,null,null,null,null,null,null,null,null,null,null,null,null,null,null,null,null,null,null,null,null,null,null,null,null,"BIS1/8G","BISNAGA COM 1,8 g"]
[null,"Regime de execução do CTEF:","(SELECIONAR)",{"$f":"IF(AND(TIPOORCAMENTO=\"Licitado\",OR(OFFSET(D40,0,-1)=\"\",OFFSET(D40,0,-1)=\"(SELECIONAR)\")),\"◄\",\"\")","v":""},null,null,null,null,null,null,null,null,null,null,null,null,null,null,null,null,null,null,null,null,null,null,null,null,null,null,null,null,null,null,null,null,null,null,null,null,null,null,null,null,null,null,null,"BIS100G","BISNAGA COM 100 g"]
[null,"Data base do CTEF:",null,{"$f":"IF(AND(TIPOORCAMENTO=\"Licitado\",OFFSET(D41,0,-1)=\"\"),\"◄\",\"\")","v":""},null,null,null,null,null,null,null,null,null,null,null,null,null,null,null,null,null,null,null,null,null,null,null,null,null,null,null,null,null,null,null,null,null,null,null,null,null,null,null,null,null,null,null,"BIS10G","BISNAGA COM 10 g"]
[null,null,null,null,null,null,null,null,null,null,null,null,null,null,null,null,null,null,null,null,null,null,null,null,null,null,null,null,null,null,null,null,null,null,null,null,null,null,null,null,null,null,null,null,null,null,null,"BIS135G","BISNAGA COM 135 g"]
[null,null,null,null,null,null,null,null,null,null,null,null,null,null,null,null,null,null,null,null,null,null,null,null,null,null,null,null,null,null,null,null,null,null,null,null,null,null,null,null,null,null,null,null,null,null,null,"BIS13G","BISNAGA COM 13 g"]
[null,"C. ACOMPANHAMENTO DO EMPREENDIMENTO",null,null,null,null,null,null,null,null,null,null,null,null,null,null,null,null,null,null,null,null,null,null,null,null,null,null,null,null,null,null,null,null,null,null,null,null,null,null,null,null,null,null,null,null,null,"BIS14G","BISNAGA COM 14 g"]
[null,null,null,null,null,null,null,null,null,null,null,null,null,null,null,null,null,null,null,null,null,null,null,null,null,null,null,null,null,null,null,null,null,null,null,null,null,null,null,null,null,null,null,null,null,null,null,"BIS15G","BISNAGA COM 15 g"]
[null,"Dados da obra",null,{"$f":"IF(COUNTIF(D47:D48,\"◄\")=0,\"\",\"Falta preencher a linha \"&MATCH(\"◄\",D47:D48,0)+ROW(D46))","v":""},null,null,null,null,null,null,null,null,null,null,null,null,null,null,null,null,null,null,null,null,null,null,null,null,null,null,null,null,null,null,null,null,null,null,null,null,null,null,null,null,null,null,null,"BIS1G","BISNAGA COM 1 g"]
[null,"Data do Início da Obra:",null,{"$f":"IF(AND(TIPOORCAMENTO=\"Licitado\",OFFSET(D47,0,-1)=\"\",IFERROR(RRE!$O$28,0)>0),\"◄\",\"\")","v":""},null,null,null,null,null,null,null,null,null,null,null,null,null,null,null,null,null,null,null,null,null,null,null,null,null,null,null,null,null,null,null,null,null,null,null,null,null,null,null,null,null,null,null,"BIS20G","BISNAGA COM 20 g"]
[null,"Data de fechamento do RRE:",null,{"$f":"IF(AND(TIPOORCAMENTO=\"Licitado\",OFFSET(D48,0,-1)=\"\",IFERROR(RRE!$O$28,0)>0),\"◄\",\"\")","v":""},null,null,null,null,null,null,null,null,null,null,null,null,null,null,null,null,null,null,null,null,null,null,null,null,null,null,null,null,null,null,null,null,null,null,null,null,null,null,null,null,null,null,null,"BIS25G","BISNAGA COM 25 g"]
[null,null,null,null,null,null,null,null,null,null,null,null,null,null,null,null,null,null,null,null,null,null,null,null,null,null,null,null,null,null,null,null,null,null,null,null,null,null,null,null,null,null,null,null,null,null,null,"BIS28/8G","BISNAGA COM 28,8 g"]
[null,"Responsável pela Fiscalização",null,{"$f":"IF(COUNTIF(D51:D54,\"◄\")=0,\"\",\"Falta preencher a linha \"&MATCH(\"◄\",D51:D54,0)+ROW(D50))","v":""},null,null,null,null,null,null,null,null,null,null,null,null,null,null,null,null,null,null,null,null,null,null,null,null,null,null,null,null,null,null,null,null,null,null,null,null,null,null,null,null,null,null,null,"BIS28G","BISNAGA COM 28 g"]
[null,"Nome:",null,{"$f":"IF(AND(TIPOORCAMENTO=\"Licitado\",OFFSET(D51,0,-1)=\"\",IFERROR(RRE!$O$28,0)>0),\"◄\",\"\")","v":""},null,null,null,null,null,null,null,null,null,null,null,null,null,null,null,null,null,null,null,null,null,null,null,null,null,null,null,null,null,null,null,null,null,null,null,null,null,null,null,null,null,null,null,"BIS2G","BISNAGA COM 2 g"]
[null,"Profissão:",null,{"$f":"IF(AND(TIPOORCAMENTO=\"Licitado\",OFFSET(D52,0,-1)=\"\",IFERROR(RRE!$O$28,0)>0),\"◄\",\"\")","v":""},null,null,null,null,null,null,null,null,null,null,null,null,null,null,null,null,null,null,null,null,null,null,null,null,null,null,null,null,null,null,null,null,null,null,null,null,null,null,null,null,null,null,null,"BIS3/5G","BISNAGA COM 3,5 g"]
[null,"CREA/CAU (para obras/projetos):",null,{"$f":"IF(AND(TIPOORCAMENTO=\"Licitado\",OFFSET(D53,0,-1)=\"\",IFERROR(RRE!$O$28,0)>0),\"◄\",\"\")","v":""},null,null,null,null,null,null,null,null,null,null,null,null,null,null,null,null,null,null,null,null,null,null,null,null,null,null,null,null,null,null,null,null,null,null,null,null,null,null,null,null,null,null,null,"BIS30G","BISNAGA COM 30 g"]
[null,"ART/RRT (para obras/projetos):",null,{"$f":"IF(AND(TIPOORCAMENTO=\"Licitado\",OFFSET(D54,0,-1)=\"\",IFERROR(RRE!$O$28,0)>0),\"◄\",\"\")","v":""},null,null,null,null,null,null,null,null,null,null,null,null,null,null,null,null,null,null,null,null,null,null,null,null,null,null,null,null,null,null,null,null,null,null,null,null,null,null,null,null,null,null,null,"BIS30ML","BISNAGA COM 30 mL"]
[null,null,null,null,null,null,null,null,null,null,null,null,null,null,null,null,null,null,null,null,null,null,null,null,null,null,null,null,null,null,null,null,null,null,null,null,null,null,null,null,null,null,null,null,null,null,null,"BIS40G","BISNAGA COM 40 g"]
[null,null,null,null,null,null,null,null,null,null,null,null,null,null,null,null,null,null,null,null,null,null,null,null,null,null,null,null,null,null,null,null,null,null,null,null,null,null,null,null,null,null,null,null,null,null,null,"BIS43G","BISNAGA COM 43 g"]
[null,"D. ACOMPANHAMENTO CAIXA",null,null,null,null,null,null,null,null,null,null,null,null,null,null,null,null,null,null,null,null,null,null,null,null,null,null,null,null,null,null,null,null,null,null,null,null,null,null,null,null,null,null,null,null,null,"BIS45G","BISNAGA COM 45 g"]
[null,null,null,null,null,null,null,null,null,null,null,null,null,null,null,null,null,null,null,null,null,null,null,null,null,null,null,null,null,null,null,null,null,null,null,null,null,null,null,null,null,null,null,null,null,null,null,"BIS47G","BISNAGA COM 47 g"]
[null,"Responsável Gerencial",null,null,null,null,null,null,null,null,null,null,null,null,null,null,null,null,null,null,null,null,null,null,null,null,null,null,null,null,null,null,null,null,null,null,null,null,null,null,null,null,null,null,null,null,null,"BIS4G","BISNAGA COM 4 g"]
[null,"Nome:",null,null,null,null,null,null,null,null,null,null,null,null,null,null,null,null,null,null,null,null,null,null,null,null,null,null,null,null,null,null,null,null,null,null,null,null,null,null,null,null,null,null,null,null,null,"BIS50G","BISNAGA COM 50 g"]
[null,"Função:",null,null,null,null,null,null,null,null,null,null,null,null,null,null,null,null,null,null,null,null,null,null,null,null,null,null,null,null,null,null,null,null,null,null,null,null,null,null,null,null,null,null,null,null,null,"BIS55G","BISNAGA COM 55 g"]
[null,null,null,null,null,null,null,null,null,null,null,null,null,null,null,null,null,null,null,null,null,null,null,null,null,null,null,null,null,null,null,null,null,null,null,null,null,null,null,null,null,null,null,null,null,null,null,"BIS56G","BISNAGA COM 56 g"]
[null,null,null,null,null,null,null,null,null,null,null,null,null,null,null,null,null,null,null,null,null,null,null,null,null,null,null,null,null,null,null,null,null,null,null,null,null,null,null,null,null,null,null,null,null,null,null,"BIS5G","BISNAGA COM 5 g"]
[null,null,null,null,null,null,null,null,null,null,null,null,null,null,null,null,null,null,null,null,null,null,null,null,null,null,null,null,null,null,null,null,null,null,null,null,null,null,null,null,null,null,null,null,null,null,null,"BIS60G","BISNAGA COM 60 g"]
[null,null,null,null,null,null,null,null,null,null,null,null,null,null,null,null,null,null,null,null,null,null,null,null,null,null,null,null,null,null,null,null,null,null,null,null,null,null,null,null,null,null,null,null,null,null,null,"BIS6G","BISNAGA COM 6 g"]
[null,null,null,null,null,null,null,null,null,null,null,null,null,null,null,null,null,null,null,null,null,null,null,null,null,null,null,null,null,null,null,null,null,null,null,null,null,null,null,null,null,null,null,null,null,null,null,"BIS7/5G","BISNAGA COM 7,5 g"]
[null,null,null,null,null,null,null,null,null,null,null,null,null,null,null,null,null,null,null,null,null,null,null,null,null,null,null,null,null,null,null,null,null,null,null,null,null,null,null,null,null,null,null,null,null,null,null,"BIS70G","BISNAGA COM 70 g"]
[null,null,null,null,null,null,null,null,null,null,null,null,null,null,null,null,null,null,null,null,null,null,null,null,null,null,null,null,null,null,null,null,null,null,null,null,null,null,null,null,null,null,null,null,null,null,null,"BIS80G","BISNAGA COM 80 g"]
[null,null,null,null,null,null,null,null,null,null,null,null,null,null,null,null,null,null,null,null,null,null,null,null,null,null,null,null,null,null,null,null,null,null,null,null,null,null,null,null,null,null,null,null,null,null,null,"BIS90G","BISNAGA COM 90 g"]
[null,null,null,null,null,null,null,null,null,null,null,null,null,null,null,null,null,null,null,null,null,null,null,null,null,null,null,null,null,null,null,null,null,null,null,null,null,null,null,null,null,null,null,null,null,null,null,"BIT","BITS"]
[null,null,null,null,null,null,null,null,null,null,null,null,null,null,null,null,null,null,null,null,null,null,null,null,null,null,null,null,null,null,null,null,null,null,null,null,null,null,null,null,null,null,null,null,null,null,null,"BL","BLOCO"]
[null,null,null,null,null,null,null,null,null,null,null,null,null,null,null,null,null,null,null,null,null,null,null,null,null,null,null,null,null,null,null,null,null,null,null,null,null,null,null,null,null,null,null,null,null,null,null,"BLIS","BLISTER"]
[null,null,null,null,null,null,null,null,null,null,null,null,null,null,null,null,null,null,null,null,null,null,null,null,null,null,null,null,null,null,null,null,null,null,null,null,null,null,null,null,null,null,null,null,null,null,null,"BLIS21CP","BLISTER COM 21 COMPRIMIDOS"]
[null,null,null,null,null,null,null,null,null,null,null,null,null,null,null,null,null,null,null,null,null,null,null,null,null,null,null,null,null,null,null,null,null,null,null,null,null,null,null,null,null,null,null,null,null,null,null,"BLIS35CP","BLISTER COM 35 COMPRIMIDOS"]
[null,null,null,null,null,null,null,null,null,null,null,null,null,null,null,null,null,null,null,null,null,null,null,null,null,null,null,null,null,null,null,null,null,null,null,null,null,null,null,null,null,null,null,null,null,null,null,"BOB","BOBINA"]
[null,null,null,null,null,null,null,null,null,null,null,null,null,null,null,null,null,null,null,null,null,null,null,null,null,null,null,null,null,null,null,null,null,null,null,null,null,null,null,null,null,null,null,null,null,null,null,"BOL","BOLSA"]
[null,null,null,null,null,null,null,null,null,null,null,null,null,null,null,null,null,null,null,null,null,null,null,null,null,null,null,null,null,null,null,null,null,null,null,null,null,null,null,null,null,null,null,null,null,null,null,"BOM","BOMBONA"]
[null,null,null,null,null,null,null,null,null,null,null,null,null,null,null,null,null,null,null,null,null,null,null,null,null,null,null,null,null,null,null,null,null,null,null,null,null,null,null,null,null,null,null,null,null,null,null,"BPM","BATIDA POR MINUTO"]
[null,null,null,null,null,null,null,null,null,null,null,null,null,null,null,null,null,null,null,null,null,null,null,null,null,null,null,null,null,null,null,null,null,null,null,null,null,null,null,null,null,null,null,null,null,null,null,"BPS","BYTE POR SEGUNDO"]
[null,null,null,null,null,null,null,null,null,null,null,null,null,null,null,null,null,null,null,null,null,null,null,null,null,null,null,null,null,null,null,null,null,null,null,null,null,null,null,null,null,null,null,null,null,null,null,"BR","BARRA"]
[null,null,null,null,null,null,null,null,null,null,null,null,null,null,null,null,null,null,null,null,null,null,null,null,null,null,null,null,null,null,null,null,null,null,null,null,null,null,null,null,null,null,null,null,null,null,null,"BRI","BARRICA"]
[null,null,null,null,null,null,null,null,null,null,null,null,null,null,null,null,null,null,null,null,null,null,null,null,null,null,null,null,null,null,null,null,null,null,null,null,null,null,null,null,null,null,null,null,null,null,null,"BTJ","BOTIJÃO"]
[null,null,null,null,null,null,null,null,null,null,null,null,null,null,null,null,null,null,null,null,null,null,null,null,null,null,null,null,null,null,null,null,null,null,null,null,null,null,null,null,null,null,null,null,null,null,null,"BTU","BRITISH THERMAL UNIT"]
[null,null,null,null,null,null,null,null,null,null,null,null,null,null,null,null,null,null,null,null,null,null,null,null,null,null,null,null,null,null,null,null,null,null,null,null,null,null,null,null,null,null,null,null,null,null,null,"BTU/H","BTU POR HORA"]
[null,null,null,null,null,null,null,null,null,null,null,null,null,null,null,null,null,null,null,null,null,null,null,null,null,null,null,null,null,null,null,null,null,null,null,null,null,null,null,null,null,null,null,null,null,null,null,"BWG","FIEIRA DE BIRMINGHAN"]
[null,null,null,null,null,null,null,null,null,null,null,null,null,null,null,null,null,null,null,null,null,null,null,null,null,null,null,null,null,null,null,null,null,null,null,null,null,null,null,null,null,null,null,null,null,null,null,"C","CENTENA"]
[null,null,null,null,null,null,null,null,null,null,null,null,null,null,null,null,null,null,null,null,null,null,null,null,null,null,null,null,null,null,null,null,null,null,null,null,null,null,null,null,null,null,null,null,null,null,null,"CA","CARTUCHO"]
[null,null,null,null,null,null,null,null,null,null,null,null,null,null,null,null,null,null,null,null,null,null,null,null,null,null,null,null,null,null,null,null,null,null,null,null,null,null,null,null,null,null,null,null,null,null,null,"CAD","CADERNO"]
[null,null,null,null,null,null,null,null,null,null,null,null,null,null,null,null,null,null,null,null,null,null,null,null,null,null,null,null,null,null,null,null,null,null,null,null,null,null,null,null,null,null,null,null,null,null,null,"CAL/G","CALORIA/GRAMA"]
[null,null,null,null,null,null,null,null,null,null,null,null,null,null,null,null,null,null,null,null,null,null,null,null,null,null,null,null,null,null,null,null,null,null,null,null,null,null,null,null,null,null,null,null,null,null,null,"CAPS","CÁPSULA"]
[null,null,null,null,null,null,null,null,null,null,null,null,null,null,null,null,null,null,null,null,null,null,null,null,null,null,null,null,null,null,null,null,null,null,null,null,null,null,null,null,null,null,null,null,null,null,null,"CAR","CARACTER"]
[null,null,null,null,null,null,null,null,null,null,null,null,null,null,null,null,null,null,null,null,null,null,null,null,null,null,null,null,null,null,null,null,null,null,null,null,null,null,null,null,null,null,null,null,null,null,null,"CC","CILINDRADA"]
[null,null,null,null,null,null,null,null,null,null,null,null,null,null,null,null,null,null,null,null,null,null,null,null,null,null,null,null,null,null,null,null,null,null,null,null,null,null,null,null,null,null,null,null,null,null,null,"CD","CANDELA"]
[null,null,null,null,null,null,null,null,null,null,null,null,null,null,null,null,null,null,null,null,null,null,null,null,null,null,null,null,null,null,null,null,null,null,null,null,null,null,null,null,null,null,null,null,null,null,null,"CD/M2","CANDELA/METRO 2"]
[null,null,null,null,null,null,null,null,null,null,null,null,null,null,null,null,null,null,null,null,null,null,null,null,null,null,null,null,null,null,null,null,null,null,null,null,null,null,null,null,null,null,null,null,null,null,null,"CENTO","CENTO"]
[null,null,null,null,null,null,null,null,null,null,null,null,null,null,null,null,null,null,null,null,null,null,null,null,null,null,null,null,null,null,null,null,null,null,null,null,null,null,null,null,null,null,null,null,null,null,null,"CG","CENTIGRAMA"]
[null,null,null,null,null,null,null,null,null,null,null,null,null,null,null,null,null,null,null,null,null,null,null,null,null,null,null,null,null,null,null,null,null,null,null,null,null,null,null,null,null,null,null,null,null,null,null,"CH","CHAPA"]
[null,null,null,null,null,null,null,null,null,null,null,null,null,null,null,null,null,null,null,null,null,null,null,null,null,null,null,null,null,null,null,null,null,null,null,null,null,null,null,null,null,null,null,null,null,null,null,"CHI","CHI"]
[null,null,null,null,null,null,null,null,null,null,null,null,null,null,null,null,null,null,null,null,null,null,null,null,null,null,null,null,null,null,null,null,null,null,null,null,null,null,null,null,null,null,null,null,null,null,null,"CHP","CHP"]
[null,null,null,null,null,null,null,null,null,null,null,null,null,null,null,null,null,null,null,null,null,null,null,null,null,null,null,null,null,null,null,null,null,null,null,null,null,null,null,null,null,null,null,null,null,null,null,"CHP","CHP"]
[null,null,null,null,null,null,null,null,null,null,null,null,null,null,null,null,null,null,null,null,null,null,null,null,null,null,null,null,null,null,null,null,null,null,null,null,null,null,null,null,null,null,null,null,null,null,null,"CI","CURIE"]
[null,null,null,null,null,null,null,null,null,null,null,null,null,null,null,null,null,null,null,null,null,null,null,null,null,null,null,null,null,null,null,null,null,null,null,null,null,null,null,null,null,null,null,null,null,null,null,"CIL","CILINDRO"]
[null,null,null,null,null,null,null,null,null,null,null,null,null,null,null,null,null,null,null,null,null,null,null,null,null,null,null,null,null,null,null,null,null,null,null,null,null,null,null,null,null,null,null,null,null,null,null,"CIN","CINQUENTA"]
[null,null,null,null,null,null,null,null,null,null,null,null,null,null,null,null,null,null,null,null,null,null,null,null,null,null,null,null,null,null,null,null,null,null,null,null,null,null,null,null,null,null,null,null,null,null,null,"CJ","CONJUNTO"]
[null,null,null,null,null,null,null,null,null,null,null,null,null,null,null,null,null,null,null,null,null,null,null,null,null,null,null,null,null,null,null,null,null,null,null,null,null,null,null,null,null,null,null,null,null,null,null,"CL","CENTILITRO"]
[null,null,null,null,null,null,null,null,null,null,null,null,null,null,null,null,null,null,null,null,null,null,null,null,null,null,null,null,null,null,null,null,null,null,null,null,null,null,null,null,null,null,null,null,null,null,null,"CM","CENTÍMETRO"]
[null,null,null,null,null,null,null,null,null,null,null,null,null,null,null,null,null,null,null,null,null,null,null,null,null,null,null,null,null,null,null,null,null,null,null,null,null,null,null,null,null,null,null,null,null,null,null,"CM/POL","CENTÍMETRO/POLEGADA"]
[null,null,null,null,null,null,null,null,null,null,null,null,null,null,null,null,null,null,null,null,null,null,null,null,null,null,null,null,null,null,null,null,null,null,null,null,null,null,null,null,null,null,null,null,null,null,null,"CM2","CENTIMETRO QUADRADO"]
[null,null,null,null,null,null,null,null,null,null,null,null,null,null,null,null,null,null,null,null,null,null,null,null,null,null,null,null,null,null,null,null,null,null,null,null,null,null,null,null,null,null,null,null,null,null,null,"CM2/H","CENT.QUAD/HORA"]
[null,null,null,null,null,null,null,null,null,null,null,null,null,null,null,null,null,null,null,null,null,null,null,null,null,null,null,null,null,null,null,null,null,null,null,null,null,null,null,null,null,null,null,null,null,null,null,"CM2/M","CENT.QUADRADO/METRO"]
[null,null,null,null,null,null,null,null,null,null,null,null,null,null,null,null,null,null,null,null,null,null,null,null,null,null,null,null,null,null,null,null,null,null,null,null,null,null,null,null,null,null,null,null,null,null,null,"CM3","CENTÍMETRO CÚBICO"]
[null,null,null,null,null,null,null,null,null,null,null,null,null,null,null,null,null,null,null,null,null,null,null,null,null,null,null,null,null,null,null,null,null,null,null,null,null,null,null,null,null,null,null,null,null,null,null,"CM³/H","CENT.CÚBICO POR HORA"]
[null,null,null,null,null,null,null,null,null,null,null,null,null,null,null,null,null,null,null,null,null,null,null,null,null,null,null,null,null,null,null,null,null,null,null,null,null,null,null,null,null,null,null,null,null,null,null,"CM³/MIN","CM³/MINUTO"]
[null,null,null,null,null,null,null,null,null,null,null,null,null,null,null,null,null,null,null,null,null,null,null,null,null,null,null,null,null,null,null,null,null,null,null,null,null,null,null,null,null,null,null,null,null,null,null,"CNT","RECIPIENTE"]
[null,null,null,null,null,null,null,null,null,null,null,null,null,null,null,null,null,null,null,null,null,null,null,null,null,null,null,null,null,null,null,null,null,null,null,null,null,null,null,null,null,null,null,null,null,null,null,"CO","CONTEINER"]
[null,null,null,null,null,null,null,null,null,null,null,null,null,null,null,null,null,null,null,null,null,null,null,null,null,null,null,null,null,null,null,null,null,null,null,null,null,null,null,null,null,null,null,null,null,null,null,"COL","COLEÇÃO"]
[null,null,null,null,null,null,null,null,null,null,null,null,null,null,null,null,null,null,null,null,null,null,null,null,null,null,null,null,null,null,null,null,null,null,null,null,null,null,null,null,null,null,null,null,null,null,null,"COMP","COMPRIMENTO"]
[null,null,null,null,null,null,null,null,null,null,null,null,null,null,null,null,null,null,null,null,null,null,null,null,null,null,null,null,null,null,null,null,null,null,null,null,null,null,null,null,null,null,null,null,null,null,null,"COMPR","COMPRIMIDO"]
[null,null,null,null,null,null,null,null,null,null,null,null,null,null,null,null,null,null,null,null,null,null,null,null,null,null,null,null,null,null,null,null,null,null,null,null,null,null,null,null,null,null,null,null,null,null,null,"CÓPIA","CÓPIA"]
[null,null,null,null,null,null,null,null,null,null,null,null,null,null,null,null,null,null,null,null,null,null,null,null,null,null,null,null,null,null,null,null,null,null,null,null,null,null,null,null,null,null,null,null,null,null,null,"COPO","COPO"]
[null,null,null,null,null,null,null,null,null,null,null,null,null,null,null,null,null,null,null,null,null,null,null,null,null,null,null,null,null,null,null,null,null,null,null,null,null,null,null,null,null,null,null,null,null,null,null,"CP","CENTIPOISE"]
[null,null,null,null,null,null,null,null,null,null,null,null,null,null,null,null,null,null,null,null,null,null,null,null,null,null,null,null,null,null,null,null,null,null,null,null,null,null,null,null,null,null,null,null,null,null,null,"CPL","CARACTERES POR LINHA"]
[null,null,null,null,null,null,null,null,null,null,null,null,null,null,null,null,null,null,null,null,null,null,null,null,null,null,null,null,null,null,null,null,null,null,null,null,null,null,null,null,null,null,null,null,null,null,null,"CPM","CÓPIA POR MINUTO"]
[null,null,null,null,null,null,null,null,null,null,null,null,null,null,null,null,null,null,null,null,null,null,null,null,null,null,null,null,null,null,null,null,null,null,null,null,null,null,null,null,null,null,null,null,null,null,null,"CPS","CARACTER POR SEGUNDO"]
[null,null,null,null,null,null,null,null,null,null,null,null,null,null,null,null,null,null,null,null,null,null,null,null,null,null,null,null,null,null,null,null,null,null,null,null,null,null,null,null,null,null,null,null,null,null,null,"CRT","CARRETEL"]
[null,null,null,null,null,null,null,null,null,null,null,null,null,null,null,null,null,null,null,null,null,null,null,null,null,null,null,null,null,null,null,null,null,null,null,null,null,null,null,null,null,null,null,null,null,null,null,"CS","GRADEADO DE JAULA"]
[null,null,null,null,null,null,null,null,null,null,null,null,null,null,null,null,null,null,null,null,null,null,null,null,null,null,null,null,null,null,null,null,null,null,null,null,null,null,null,null,null,null,null,null,null,null,null,"CST","CENTISTOCKS"]
[null,null,null,null,null,null,null,null,null,null,null,null,null,null,null,null,null,null,null,null,null,null,null,null,null,null,null,null,null,null,null,null,null,null,null,null,null,null,null,null,null,null,null,null,null,null,null,"CT","CARTAO"]
[null,null,null,null,null,null,null,null,null,null,null,null,null,null,null,null,null,null,null,null,null,null,null,null,null,null,null,null,null,null,null,null,null,null,null,null,null,null,null,null,null,null,null,null,null,null,null,"CTE","CARTELA"]
[null,null,null,null,null,null,null,null,null,null,null,null,null,null,null,null,null,null,null,null,null,null,null,null,null,null,null,null,null,null,null,null,null,null,null,null,null,null,null,null,null,null,null,null,null,null,null,"CV","CAVALO VAPOR"]
[null,null,null,null,null,null,null,null,null,null,null,null,null,null,null,null,null,null,null,null,null,null,null,null,null,null,null,null,null,null,null,null,null,null,null,null,null,null,null,null,null,null,null,null,null,null,null,"CX","CAIXA"]
[null,null,null,null,null,null,null,null,null,null,null,null,null,null,null,null,null,null,null,null,null,null,null,null,null,null,null,null,null,null,null,null,null,null,null,null,null,null,null,null,null,null,null,null,null,null,null,"CX100UN","CAIXA COM 100 UNIDADES"]
[null,null,null,null,null,null,null,null,null,null,null,null,null,null,null,null,null,null,null,null,null,null,null,null,null,null,null,null,null,null,null,null,null,null,null,null,null,null,null,null,null,null,null,null,null,null,null,"CX40UN","CAIXA COM 40 UNIDADES"]
[null,null,null,null,null,null,null,null,null,null,null,null,null,null,null,null,null,null,null,null,null,null,null,null,null,null,null,null,null,null,null,null,null,null,null,null,null,null,null,null,null,null,null,null,null,null,null,"D","DIA"]
[null,null,null,null,null,null,null,null,null,null,null,null,null,null,null,null,null,null,null,null,null,null,null,null,null,null,null,null,null,null,null,null,null,null,null,null,null,null,null,null,null,null,null,null,null,null,null,"DAG","DECAGRAMA"]
[null,null,null,null,null,null,null,null,null,null,null,null,null,null,null,null,null,null,null,null,null,null,null,null,null,null,null,null,null,null,null,null,null,null,null,null,null,null,null,null,null,null,null,null,null,null,null,"DAL","DECALITRO"]
[null,null,null,null,null,null,null,null,null,null,null,null,null,null,null,null,null,null,null,null,null,null,null,null,null,null,null,null,null,null,null,null,null,null,null,null,null,null,null,null,null,null,null,null,null,null,null,"DAM","DECAMETRO"]
[null,null,null,null,null,null,null,null,null,null,null,null,null,null,null,null,null,null,null,null,null,null,null,null,null,null,null,null,null,null,null,null,null,null,null,null,null,null,null,null,null,null,null,null,null,null,null,"DAN","DECANEWTON"]
[null,null,null,null,null,null,null,null,null,null,null,null,null,null,null,null,null,null,null,null,null,null,null,null,null,null,null,null,null,null,null,null,null,null,null,null,null,null,null,null,null,null,null,null,null,null,null,"DB","DECIBEL"]
[null,null,null,null,null,null,null,null,null,null,null,null,null,null,null,null,null,null,null,null,null,null,null,null,null,null,null,null,null,null,null,null,null,null,null,null,null,null,null,null,null,null,null,null,null,null,null,"DBM","DECIBEL MILIWATT"]
[null,null,null,null,null,null,null,null,null,null,null,null,null,null,null,null,null,null,null,null,null,null,null,null,null,null,null,null,null,null,null,null,null,null,null,null,null,null,null,null,null,null,null,null,null,null,null,"DG","DECIGRAMA"]
[null,null,null,null,null,null,null,null,null,null,null,null,null,null,null,null,null,null,null,null,null,null,null,null,null,null,null,null,null,null,null,null,null,null,null,null,null,null,null,null,null,null,null,null,null,null,null,"DGT","DÍGITO"]
[null,null,null,null,null,null,null,null,null,null,null,null,null,null,null,null,null,null,null,null,null,null,null,null,null,null,null,null,null,null,null,null,null,null,null,null,null,null,null,null,null,null,null,null,null,null,null,"DIA","DIA"]
[null,null,null,null,null,null,null,null,null,null,null,null,null,null,null,null,null,null,null,null,null,null,null,null,null,null,null,null,null,null,null,null,null,null,null,null,null,null,null,null,null,null,null,null,null,null,null,"DIAS","DIAS"]
[null,null,null,null,null,null,null,null,null,null,null,null,null,null,null,null,null,null,null,null,null,null,null,null,null,null,null,null,null,null,null,null,null,null,null,null,null,null,null,null,null,null,null,null,null,null,null,"DISCO","DISCO"]
[null,null,null,null,null,null,null,null,null,null,null,null,null,null,null,null,null,null,null,null,null,null,null,null,null,null,null,null,null,null,null,null,null,null,null,null,null,null,null,null,null,null,null,null,null,null,null,"DL","DECALITRO"]
[null,null,null,null,null,null,null,null,null,null,null,null,null,null,null,null,null,null,null,null,null,null,null,null,null,null,null,null,null,null,null,null,null,null,null,null,null,null,null,null,null,null,null,null,null,null,null,"DM","DECIMETRO"]
[null,null,null,null,null,null,null,null,null,null,null,null,null,null,null,null,null,null,null,null,null,null,null,null,null,null,null,null,null,null,null,null,null,null,null,null,null,null,null,null,null,null,null,null,null,null,null,"DM2","DECIMETRO QUADRADO"]
[null,null,null,null,null,null,null,null,null,null,null,null,null,null,null,null,null,null,null,null,null,null,null,null,null,null,null,null,null,null,null,null,null,null,null,null,null,null,null,null,null,null,null,null,null,null,null,"DM3","DECIMETRO CUBICO"]
[null,null,null,null,null,null,null,null,null,null,null,null,null,null,null,null,null,null,null,null,null,null,null,null,null,null,null,null,null,null,null,null,null,null,null,null,null,null,null,null,null,null,null,null,null,null,null,"DM3","DECIMETRO CUBICO"]
[null,null,null,null,null,null,null,null,null,null,null,null,null,null,null,null,null,null,null,null,null,null,null,null,null,null,null,null,null,null,null,null,null,null,null,null,null,null,null,null,null,null,null,null,null,null,null,"DOSES","DOSES"]
[null,null,null,null,null,null,null,null,null,null,null,null,null,null,null,null,null,null,null,null,null,null,null,null,null,null,null,null,null,null,null,null,null,null,null,null,null,null,null,null,null,null,null,null,null,null,null,"DPI","PONTOS DE DEFINIÇÃO"]
[null,null,null,null,null,null,null,null,null,null,null,null,null,null,null,null,null,null,null,null,null,null,null,null,null,null,null,null,null,null,null,null,null,null,null,null,null,null,null,null,null,null,null,null,null,null,null,"DPT","DIOPTRIA"]
[null,null,null,null,null,null,null,null,null,null,null,null,null,null,null,null,null,null,null,null,null,null,null,null,null,null,null,null,null,null,null,null,null,null,null,null,null,null,null,null,null,null,null,null,null,null,null,"DRAG","DRÁGEA"]
[null,null,null,null,null,null,null,null,null,null,null,null,null,null,null,null,null,null,null,null,null,null,null,null,null,null,null,null,null,null,null,null,null,null,null,null,null,null,null,null,null,null,null,null,null,null,null,"DZ","DUZIA"]
[null,null,null,null,null,null,null,null,null,null,null,null,null,null,null,null,null,null,null,null,null,null,null,null,null,null,null,null,null,null,null,null,null,null,null,null,null,null,null,null,null,null,null,null,null,null,null,"EMB","EMBALAGEM"]
[null,null,null,null,null,null,null,null,null,null,null,null,null,null,null,null,null,null,null,null,null,null,null,null,null,null,null,null,null,null,null,null,null,null,null,null,null,null,null,null,null,null,null,null,null,null,null,"EMB/H","EMBALAGEM POR HORA"]
[null,null,null,null,null,null,null,null,null,null,null,null,null,null,null,null,null,null,null,null,null,null,null,null,null,null,null,null,null,null,null,null,null,null,null,null,null,null,null,null,null,null,null,null,null,null,null,"EMP","EMPLASTRO"]
[null,null,null,null,null,null,null,null,null,null,null,null,null,null,null,null,null,null,null,null,null,null,null,null,null,null,null,null,null,null,null,null,null,null,null,null,null,null,null,null,null,null,null,null,null,null,null,"ENV","ENVELOPE"]
[null,null,null,null,null,null,null,null,null,null,null,null,null,null,null,null,null,null,null,null,null,null,null,null,null,null,null,null,null,null,null,null,null,null,null,null,null,null,null,null,null,null,null,null,null,null,null,"ENV27/9G","ENVELOPE COM 27,9 g"]
[null,null,null,null,null,null,null,null,null,null,null,null,null,null,null,null,null,null,null,null,null,null,null,null,null,null,null,null,null,null,null,null,null,null,null,null,null,null,null,null,null,null,null,null,null,null,null,"ENV30G","ENVELOPE COM 30 g"]
[null,null,null,null,null,null,null,null,null,null,null,null,null,null,null,null,null,null,null,null,null,null,null,null,null,null,null,null,null,null,null,null,null,null,null,null,null,null,null,null,null,null,null,null,null,null,null,"EQP","EQUIPAMENTO"]
[null,null,null,null,null,null,null,null,null,null,null,null,null,null,null,null,null,null,null,null,null,null,null,null,null,null,null,null,null,null,null,null,null,null,null,null,null,null,null,null,null,null,null,null,null,null,null,"EST","ESTUDANTE"]
[null,null,null,null,null,null,null,null,null,null,null,null,null,null,null,null,null,null,null,null,null,null,null,null,null,null,null,null,null,null,null,null,null,null,null,null,null,null,null,null,null,null,null,null,null,null,null,"EV","ELÉTRON-VOLT"]
[null,null,null,null,null,null,null,null,null,null,null,null,null,null,null,null,null,null,null,null,null,null,null,null,null,null,null,null,null,null,null,null,null,null,null,null,null,null,null,null,null,null,null,null,null,null,null,"F","FARAD"]
[null,null,null,null,null,null,null,null,null,null,null,null,null,null,null,null,null,null,null,null,null,null,null,null,null,null,null,null,null,null,null,null,null,null,null,null,null,null,null,null,null,null,null,null,null,null,null,"FCK","FCK"]
[null,null,null,null,null,null,null,null,null,null,null,null,null,null,null,null,null,null,null,null,null,null,null,null,null,null,null,null,null,null,null,null,null,null,null,null,null,null,null,null,null,null,null,null,null,null,null,"FD","FARDO"]
[null,null,null,null,null,null,null,null,null,null,null,null,null,null,null,null,null,null,null,null,null,null,null,null,null,null,null,null,null,null,null,null,null,null,null,null,null,null,null,null,null,null,null,null,null,null,null,"FL","FOLHA"]
[null,null,null,null,null,null,null,null,null,null,null,null,null,null,null,null,null,null,null,null,null,null,null,null,null,null,null,null,null,null,null,null,null,null,null,null,null,null,null,null,null,null,null,null,null,null,null,"FLAC","FLACONETE"]
[null,null,null,null,null,null,null,null,null,null,null,null,null,null,null,null,null,null,null,null,null,null,null,null,null,null,null,null,null,null,null,null,null,null,null,null,null,null,null,null,null,null,null,null,null,null,null,"FLS/H","FOLHAS POR HORA"]
[null,null,null,null,null,null,null,null,null,null,null,null,null,null,null,null,null,null,null,null,null,null,null,null,null,null,null,null,null,null,null,null,null,null,null,null,null,null,null,null,null,null,null,null,null,null,null,"FPM","FLASH POR MINUTO"]
[null,null,null,null,null,null,null,null,null,null,null,null,null,null,null,null,null,null,null,null,null,null,null,null,null,null,null,null,null,null,null,null,null,null,null,null,null,null,null,null,null,null,null,null,null,null,null,"FPS","FOTOS P/SEGUNDO"]
[null,null,null,null,null,null,null,null,null,null,null,null,null,null,null,null,null,null,null,null,null,null,null,null,null,null,null,null,null,null,null,null,null,null,null,null,null,null,null,null,null,null,null,null,null,null,null,"FR","FRASCO"]
[null,null,null,null,null,null,null,null,null,null,null,null,null,null,null,null,null,null,null,null,null,null,null,null,null,null,null,null,null,null,null,null,null,null,null,null,null,null,null,null,null,null,null,null,null,null,null,"FR1000ML","FRASCO COM 1000 mL"]
[null,null,null,null,null,null,null,null,null,null,null,null,null,null,null,null,null,null,null,null,null,null,null,null,null,null,null,null,null,null,null,null,null,null,null,null,null,null,null,null,null,null,null,null,null,null,null,"FR100DS","FRASCO COM 100 DOSES"]
[null,null,null,null,null,null,null,null,null,null,null,null,null,null,null,null,null,null,null,null,null,null,null,null,null,null,null,null,null,null,null,null,null,null,null,null,null,null,null,null,null,null,null,null,null,null,null,"FR100ML","FRASCO COM 100 mL"]
[null,null,null,null,null,null,null,null,null,null,null,null,null,null,null,null,null,null,null,null,null,null,null,null,null,null,null,null,null,null,null,null,null,null,null,null,null,null,null,null,null,null,null,null,null,null,null,"FR105ML","FRASCO COM 105 mL"]
[null,null,null,null,null,null,null,null,null,null,null,null,null,null,null,null,null,null,null,null,null,null,null,null,null,null,null,null,null,null,null,null,null,null,null,null,null,null,null,null,null,null,null,null,null,null,null,"FR10ML","FRASCO COM 10 mL"]
[null,null,null,null,null,null,null,null,null,null,null,null,null,null,null,null,null,null,null,null,null,null,null,null,null,null,null,null,null,null,null,null,null,null,null,null,null,null,null,null,null,null,null,null,null,null,null,"FR110ML","FRASCO COM 110 mL"]
[null,null,null,null,null,null,null,null,null,null,null,null,null,null,null,null,null,null,null,null,null,null,null,null,null,null,null,null,null,null,null,null,null,null,null,null,null,null,null,null,null,null,null,null,null,null,null,"FR1200MG","FRASCO COM 1200 MG"]
[null,null,null,null,null,null,null,null,null,null,null,null,null,null,null,null,null,null,null,null,null,null,null,null,null,null,null,null,null,null,null,null,null,null,null,null,null,null,null,null,null,null,null,null,null,null,null,"FR120DS","FRASCO COM 120 DOSES"]
[null,null,null,null,null,null,null,null,null,null,null,null,null,null,null,null,null,null,null,null,null,null,null,null,null,null,null,null,null,null,null,null,null,null,null,null,null,null,null,null,null,null,null,null,null,null,null,"FR120ML","FRASCO COM 120 mL"]
[null,null,null,null,null,null,null,null,null,null,null,null,null,null,null,null,null,null,null,null,null,null,null,null,null,null,null,null,null,null,null,null,null,null,null,null,null,null,null,null,null,null,null,null,null,null,null,"FR125ML","FRASCO COM 125 mL"]
[null,null,null,null,null,null,null,null,null,null,null,null,null,null,null,null,null,null,null,null,null,null,null,null,null,null,null,null,null,null,null,null,null,null,null,null,null,null,null,null,null,null,null,null,null,null,null,"FR130DS","FRASCO COM 130 DOSES"]
[null,null,null,null,null,null,null,null,null,null,null,null,null,null,null,null,null,null,null,null,null,null,null,null,null,null,null,null,null,null,null,null,null,null,null,null,null,null,null,null,null,null,null,null,null,null,null,"FR1500MG","FRASCO COM 1500 MG"]
[null,null,null,null,null,null,null,null,null,null,null,null,null,null,null,null,null,null,null,null,null,null,null,null,null,null,null,null,null,null,null,null,null,null,null,null,null,null,null,null,null,null,null,null,null,null,null,"FR150DS","FRASCO COM 150 DOSES"]
[null,null,null,null,null,null,null,null,null,null,null,null,null,null,null,null,null,null,null,null,null,null,null,null,null,null,null,null,null,null,null,null,null,null,null,null,null,null,null,null,null,null,null,null,null,null,null,"FR150ML","FRASCO COM 150 mL"]
[null,null,null,null,null,null,null,null,null,null,null,null,null,null,null,null,null,null,null,null,null,null,null,null,null,null,null,null,null,null,null,null,null,null,null,null,null,null,null,null,null,null,null,null,null,null,null,"FR15ML","FRASCO COM 15 mL"]
[null,null,null,null,null,null,null,null,null,null,null,null,null,null,null,null,null,null,null,null,null,null,null,null,null,null,null,null,null,null,null,null,null,null,null,null,null,null,null,null,null,null,null,null,null,null,null,"FR160ML","FRASCO COM 160 mL"]
[null,null,null,null,null,null,null,null,null,null,null,null,null,null,null,null,null,null,null,null,null,null,null,null,null,null,null,null,null,null,null,null,null,null,null,null,null,null,null,null,null,null,null,null,null,null,null,"FR200DS","FRASCO COM 200 DOSES"]
[null,null,null,null,null,null,null,null,null,null,null,null,null,null,null,null,null,null,null,null,null,null,null,null,null,null,null,null,null,null,null,null,null,null,null,null,null,null,null,null,null,null,null,null,null,null,null,"FR200ML","FRASCO COM 200 mL"]
[null,null,null,null,null,null,null,null,null,null,null,null,null,null,null,null,null,null,null,null,null,null,null,null,null,null,null,null,null,null,null,null,null,null,null,null,null,null,null,null,null,null,null,null,null,null,null,"FR20ML","FRASCO COM 20 mL"]
[null,null,null,null,null,null,null,null,null,null,null,null,null,null,null,null,null,null,null,null,null,null,null,null,null,null,null,null,null,null,null,null,null,null,null,null,null,null,null,null,null,null,null,null,null,null,null,"FR240ML","FRASCO COM 240 mL"]
[null,null,null,null,null,null,null,null,null,null,null,null,null,null,null,null,null,null,null,null,null,null,null,null,null,null,null,null,null,null,null,null,null,null,null,null,null,null,null,null,null,null,null,null,null,null,null,"FR250ML","FRASCO COM 250 mL"]
[null,null,null,null,null,null,null,null,null,null,null,null,null,null,null,null,null,null,null,null,null,null,null,null,null,null,null,null,null,null,null,null,null,null,null,null,null,null,null,null,null,null,null,null,null,null,null,"FR300DS","FRASCO COM 300 DOSES"]
[null,null,null,null,null,null,null,null,null,null,null,null,null,null,null,null,null,null,null,null,null,null,null,null,null,null,null,null,null,null,null,null,null,null,null,null,null,null,null,null,null,null,null,null,null,null,null,"FR300ML","FRASCO COM 300 mL"]
[null,null,null,null,null,null,null,null,null,null,null,null,null,null,null,null,null,null,null,null,null,null,null,null,null,null,null,null,null,null,null,null,null,null,null,null,null,null,null,null,null,null,null,null,null,null,null,"FR30DS","FRASCO COM 30 DOSES"]
[null,null,null,null,null,null,null,null,null,null,null,null,null,null,null,null,null,null,null,null,null,null,null,null,null,null,null,null,null,null,null,null,null,null,null,null,null,null,null,null,null,null,null,null,null,null,null,"FR30G","FRASCO COM 30 g"]
[null,null,null,null,null,null,null,null,null,null,null,null,null,null,null,null,null,null,null,null,null,null,null,null,null,null,null,null,null,null,null,null,null,null,null,null,null,null,null,null,null,null,null,null,null,null,null,"FR30ML","FRASCO COM 30 mL"]
[null,null,null,null,null,null,null,null,null,null,null,null,null,null,null,null,null,null,null,null,null,null,null,null,null,null,null,null,null,null,null,null,null,null,null,null,null,null,null,null,null,null,null,null,null,null,null,"FR340ML","FRASCO COM 340 mL"]
[null,null,null,null,null,null,null,null,null,null,null,null,null,null,null,null,null,null,null,null,null,null,null,null,null,null,null,null,null,null,null,null,null,null,null,null,null,null,null,null,null,null,null,null,null,null,null,"FR350ML","FRASCO COM 350 mL"]
[null,null,null,null,null,null,null,null,null,null,null,null,null,null,null,null,null,null,null,null,null,null,null,null,null,null,null,null,null,null,null,null,null,null,null,null,null,null,null,null,null,null,null,null,null,null,null,"FR40ML","FRASCO COM 40 mL"]
[null,null,null,null,null,null,null,null,null,null,null,null,null,null,null,null,null,null,null,null,null,null,null,null,null,null,null,null,null,null,null,null,null,null,null,null,null,null,null,null,null,null,null,null,null,null,null,"FR45ML","FRASCO COM 45 mL"]
[null,null,null,null,null,null,null,null,null,null,null,null,null,null,null,null,null,null,null,null,null,null,null,null,null,null,null,null,null,null,null,null,null,null,null,null,null,null,null,null,null,null,null,null,null,null,null,"FR500ML","FRASCO COM 500 mL"]
[null,null,null,null,null,null,null,null,null,null,null,null,null,null,null,null,null,null,null,null,null,null,null,null,null,null,null,null,null,null,null,null,null,null,null,null,null,null,null,null,null,null,null,null,null,null,null,"H","HORA"]
[null,null,null,null,null,null,null,null,null,null,null,null,null,null,null,null,null,null,null,null,null,null,null,null,null,null,null,null,null,null,null,null,null,null,null,null,null,null,null,null,null,null,null,null,null,null,null,"KG","QUILOGRAMA"]
[null,null,null,null,null,null,null,null,null,null,null,null,null,null,null,null,null,null,null,null,null,null,null,null,null,null,null,null,null,null,null,null,null,null,null,null,null,null,null,null,null,null,null,null,null,null,null,"KM","QUILOMETRO"]
[null,null,null,null,null,null,null,null,null,null,null,null,null,null,null,null,null,null,null,null,null,null,null,null,null,null,null,null,null,null,null,null,null,null,null,null,null,null,null,null,null,null,null,null,null,null,null,"M","METRO"]
[null,null,null,null,null,null,null,null,null,null,null,null,null,null,null,null,null,null,null,null,null,null,null,null,null,null,null,null,null,null,null,null,null,null,null,null,null,null,null,null,null,null,null,null,null,null,null,"M2","METRO QUADRADO"]
[null,null,null,null,null,null,null,null,null,null,null,null,null,null,null,null,null,null,null,null,null,null,null,null,null,null,null,null,null,null,null,null,null,null,null,null,null,null,null,null,null,null,null,null,null,null,null,"M3","METRO CÚBICO"]
[null,null,null,null,null,null,null,null,null,null,null,null,null,null,null,null,null,null,null,null,null,null,null,null,null,null,null,null,null,null,null,null,null,null,null,null,null,null,null,null,null,null,null,null,null,null,null,"M3XKM","M3XKM"]
[null,null,null,null,null,null,null,null,null,null,null,null,null,null,null,null,null,null,null,null,null,null,null,null,null,null,null,null,null,null,null,null,null,null,null,null,null,null,null,null,null,null,null,null,null,null,null,"MES","MES"]
[null,null,null,null,null,null,null,null,null,null,null,null,null,null,null,null,null,null,null,null,null,null,null,null,null,null,null,null,null,null,null,null,null,null,null,null,null,null,null,null,null,null,null,null,null,null,null,"MÊS","MÊS/MESES"]
[null,null,null,null,null,null,null,null,null,null,null,null,null,null,null,null,null,null,null,null,null,null,null,null,null,null,null,null,null,null,null,null,null,null,null,null,null,null,null,null,null,null,null,null,null,null,null,"MESES","MÊS/MESES"]
[null,null,null,null,null,null,null,null,null,null,null,null,null,null,null,null,null,null,null,null,null,null,null,null,null,null,null,null,null,null,null,null,null,null,null,null,null,null,null,null,null,null,null,null,null,null,null,"OUTRAS","OUTRAS"]
[null,null,null,null,null,null,null,null,null,null,null,null,null,null,null,null,null,null,null,null,null,null,null,null,null,null,null,null,null,null,null,null,null,null,null,null,null,null,null,null,null,null,null,null,null,null,null,"PAR","PAR"]
[null,null,null,null,null,null,null,null,null,null,null,null,null,null,null,null,null,null,null,null,null,null,null,null,null,null,null,null,null,null,null,null,null,null,null,null,null,null,null,null,null,null,null,null,null,null,null,"PC","PEÇA"]
[null,null,null,null,null,null,null,null,null,null,null,null,null,null,null,null,null,null,null,null,null,null,null,null,null,null,null,null,null,null,null,null,null,null,null,null,null,null,null,null,null,null,null,null,null,null,null,"T","TONELADA"]
[null,null,null,null,null,null,null,null,null,null,null,null,null,null,null,null,null,null,null,null,null,null,null,null,null,null,null,null,null,null,null,null,null,null,null,null,null,null,null,null,null,null,null,null,null,null,null,"TXKM","TXKM"]
[null,null,null,null,null,null,null,null,null,null,null,null,null,null,null,null,null,null,null,null,null,null,null,null,null,null,null,null,null,null,null,null,null,null,null,null,null,null,null,null,null,null,null,null,null,null,null,"UN","UNIDADE"]

{"sheet":"BDI","index":3,"n_rows":146,"n_cols":26,"rows_kept":146,"cut":false,"hidden":false,"merged":[[4,9,4,10],[4,11,4,12],[4,13,4,18],[0,17,0,18],[1,17,1,18],[3,9,3,10],[3,11,3,12],[3,13,3,18],[10,9,10,16],[10,17,10,18],[6,9,6,18],[7,9,7,18],[9,9,9,16],[9,17,9,18],[18,23,19,23],[18,24,19,24],[16,9,16,18],[18,25,19,25],[18,20,19,22],[18,9,19,16],[18,17,19,17],[18,18,19,18],[13,9,13,18],[15,9,15,18],[22,9,22,16],[22,20,22,22],[20,9,20,16],[20,20,20,22],[21,9,21,16],[21,20,21,22],[24,9,24,16],[24,20,24,22],[25,9,25,16],[25,20,25,22],[26,9,26,16],[26,20,26,22],[27,9,27,16],[27,20,27,22],[23,9,23,16],[23,20,23,22],[35,13,35,15],[37,9,37,18],[29,9,29,16],[31,10,31,18],[28,9,28,16],[28,20,28,22],[33,9,33,18],[34,12,35,12],[48,9,48,12],[53,9,53,18],[44,9,44,12],[44,15,44,18],[45,9,45,12],[47,9,47,12],[34,13,34,15],[34,16,35,16],[39,9,39,18],[42,9,42,18],[58,24,59,24],[58,25,59,25],[58,9,59,16],[58,17,59,17],[58,18,59,18],[58,20,59,22],[58,23,59,23],[60,9,60,16],[60,20,60,22],[55,9,55,18],[56,9,56,18],[63,9,63,16],[63,20,63,22],[61,9,61,16],[61,20,61,22],[62,9,62,16],[62,20,62,22],[64,9,64,16],[64,20,64,22],[65,9,65,16],[65,20,65,22],[66,20,66,22],[67,9,67,16],[67,20,67,22],[93,9,93,18],[84,9,84,12],[84,15,84,18],[66,9,66,16],[77,9,77,18],[69,9,69,16],[71,10,71,18],[88,9,88,12],[68,20,68,22],[85,9,85,12],[87,9,87,12],[73,9,73,18],[74,12,75,12],[79,9,79,18],[82,9,82,18],[75,13,75,15],[74,13,74,15],[74,16,75,16],[98,24,99,24],[98,25,99,25],[98,9,99,16],[98,17,99,17],[98,18,99,18],[98,23,99,23],[100,9,100,16],[100,20,100,22],[95,9,95,18],[96,9,96,18],[98,20,99,22],[107,20,107,22],[108,9,108,16],[108,20,108,22],[109,9,109,16],[111,10,111,18],[117,9,117,18],[5,8,9,8],[113,9,113,18],[106,9,106,16],[114,12,115,12],[104,9,104,16],[102,9,102,16],[68,9,68,16],[114,13,114,15],[114,16,115,16],[101,9,101,16],[101,20,101,22],[104,20,104,22],[105,9,105,16],[105,20,105,22],[103,9,103,16],[103,20,103,22],[102,20,102,22],[106,20,106,22],[128,9,128,12],[119,9,119,18],[122,9,122,18],[124,9,124,12],[124,15,124,18],[125,9,125,12],[127,9,127,12],[115,13,115,15],[107,9,107,16]]}
[null,null,null,null,"MIN","MED","MAX",null,null,null,null,null,null,null,{"$f":"\"Quadro de Composição do BDI\"","v":"Quadro de Composição do BDI"},null,null,"Grau de Sigilo"]
["Construção e Reforma de Edifícios","AC",{"$f":"CONCATENATE(A2,\"-\",B2)","v":"Construção e Reforma de Edifícios-AC"},null,0.03,0.04,5.5E-2,null,null,null,null,null,null,null,null,null,null,"#PUBLICO"]
[{"$f":"A2","v":"Construção e Reforma de Edifícios"},"SG","Construção e Reforma de Edifícios-SG",null,8.0000000000000002E-3,8.0000000000000002E-3,0.01]
[{"$f":"A3","v":"Construção e Reforma de Edifícios"},"R","Construção e Reforma de Edifícios-R",null,9.7000000000000003E-3,1.2699999999999999E-2,1.2699999999999999E-2,null,null,"Nº OPERAÇÃO",null,"Nº TRANSFEREGOV",null,"PROPONENTE / TOMADOR"]
[{"$f":"A4","v":"Construção e Reforma de Edifícios"},"DF","Construção e Reforma de Edifícios-DF",null,5.8999999999999999E-3,1.23E-2,1.3899999999999999E-2,null,null,{"$f":"Import.CR","v":"0619977-26"},null,{"$f":"Import.TransfereGOV","v":"0619977"},null,{"$f":"Import.Proponente","v":"MUNICÍPIO DE CHOPINZINHO"}]
[{"$f":"A5","v":"Construção e Reforma de Edifícios"},"L","Construção e Reforma de Edifícios-L",null,6.1600000000000002E-2,7.400000000000001E-2,8.9600000000000013E-2,null,"FILTRO"]
[{"$f":"A6","v":"Construção e Reforma de Edifícios"},"BDI PAD","Construção e Reforma de Edifícios-BDI PAD",null,0.2034,0.22120000000000001,0.25,null,null,"APELIDO DO EMPREENDIMENTO / DESCRIÇÃO DO LOTE",null,null,null,null,null,null,null,null,null,null,{"$f":"IF(OR(U10<>\"\",U11<>\"\"),\"Falta preencher os percentuais do ISS\",IF(U14<>\"\",\"Falta preencher o BDI 1\",IF(U54<>\"\",\"Falta preencher o BDI 2\",IF(U94<>\"\",\"Falta preencher o BDI 3\",\"\"))))","v":""}]
["Construção de Praças Urbanas, Rodovias, Ferrovias e recapeamento e pavimentação de vias urbanas","AC","Construção de Praças Urbanas, Rodovias, Ferrovias e recapeamento e pavimentação de vias urbanas-AC",null,3.7999999999999999E-2,4.0099999999999997E-2,4.6699999999999998E-2,null,null,{"$f":"Import.Apelido&\" / \"&Import.DescLote","v":"REDE DE ÁGUA - LOT. NOVO HORIZONTE / REDE DE ABASTECIMENTO DE ÁGUA - LOT. NOVO HORIZONTE"},null,null,null,null,null,null,null,null,null,null,{"$f":"IF(U29=\"FORA DO INTERVALO\",\"BDI 1 fora do intervalo\",IF(U69=\"FORA DO INTERVALO\",\"BDI 2 fora do intervalo\",IF(U109=\"FORA DO INTERVALO\",\"BDI 3 fora do intervalo\",\"\")))","v":""}]
["Construção de Praças Urbanas, Rodovias, Ferrovias e recapeamento e pavimentação de vias urbanas","SG","Construção de Praças Urbanas, Rodovias, Ferrovias e recapeamento e pavimentação de vias urbanas-SG",null,3.2000000000000002E-3,4.0000000000000001E-3,7.4000000000000003E-3]
["Construção de Praças Urbanas, Rodovias, Ferrovias e recapeamento e pavimentação de vias urbanas","R","Construção de Praças Urbanas, Rodovias, Ferrovias e recapeamento e pavimentação de vias urbanas-R",null,5.0000000000000001E-3,5.6000000000000008E-3,9.7000000000000003E-3,null,null,"Conforme legislação tributária municipal, definir estimativa de percentual da base de cálculo para o ISS:",null,null,null,null,null,null,null,0.55000000000000004,null,null,{"$f":"IF(R10=\"\",\"Falta definir a base de cálculo para o ISS\",\"\")","v":""}]
["Construção de Praças Urbanas, Rodovias, Ferrovias e recapeamento e pavimentação de vias urbanas","DF","Construção de Praças Urbanas, Rodovias, Ferrovias e recapeamento e pavimentação de vias urbanas-DF",null,1.0200000000000001E-2,1.11E-2,1.21E-2,null,"↓","Sobre a base de cálculo, definir a respectiva alíquota do ISS (entre 2% e 5%):",null,null,null,null,null,null,null,0.03,null,null,{"$f":"IF(R11=\"\",\"Falta definir a alíquota do ISS\",\"\")","v":""}]
["Construção de Praças Urbanas, Rodovias, Ferrovias e recapeamento e pavimentação de vias urbanas","L","Construção de Praças Urbanas, Rodovias, Ferrovias e recapeamento e pavimentação de vias urbanas-L",null,6.6400000000000001E-2,7.2999999999999995E-2,8.6899999999999991E-2,null,"F"]
["Construção de Praças Urbanas, Rodovias, Ferrovias e recapeamento e pavimentação de vias urbanas","BDI PAD","Construção de Praças Urbanas, Rodovias, Ferrovias e recapeamento e pavimentação de vias urbanas-BDI PAD",null,0.19600000000000001,0.2097,0.24230000000000002,null,"F"]
["Construção de Redes de Abastecimento de Água, Coleta de Esgoto","AC","Construção de Redes de Abastecimento de Água, Coleta de Esgoto-AC",null,3.4300000000000004E-2,4.9299999999999997E-2,6.7099999999999993E-2,null,"F","BDI 1",null,null,null,null,null,null,null,null,null,null,{"$f":"IF(COUNTIF(ORÇAMENTO!$V$15:$V$270,BDI_1.Título)=0,\"\",IF(OR(Import.BDI.Tipo1=\"(SELECIONAR)\",Import.BDI.Tipo1=\"\",U17<>\"\",AND($J17<>$A$145,OR(S21=\"\",S22=\"\",AND($J17<>$A$146,OR(S23=\"\",S24=\"\")),S25=\"\",S26=\"\"))),\"Falta preencher o BDI 1\",\"\"))","v":""}]
[{"$f":"A14","v":"Construção de Redes de Abastecimento de Água, Coleta de Esgoto"},"SG","Construção de Redes de Abastecimento de Água, Coleta de Esgoto-SG",null,2.8000000000000004E-3,4.8999999999999998E-3,7.4999999999999997E-3,null,"F"]
[{"$f":"A15","v":"Construção de Redes de Abastecimento de Água, Coleta de Esgoto"},"R","Construção de Redes de Abastecimento de Água, Coleta de Esgoto-R",null,0.01,1.3899999999999999E-2,1.7399999999999999E-2,null,"F","TIPO DE OBRA"]
[{"$f":"A16","v":"Construção de Redes de Abastecimento de Água, Coleta de Esgoto"},"DF","Construção de Redes de Abastecimento de Água, Coleta de Esgoto-DF",null,9.3999999999999986E-3,9.8999999999999991E-3,1.1699999999999999E-2,null,"F","Construção de Redes de Abastecimento de Água, Coleta de Esgoto",null,null,null,null,null,null,null,null,null,{"$f":"IF(U17=\"\",\"\",\"◄\")","v":""},{"$f":"IF(AND(OR(S29>0,COUNTIF(ORÇAMENTO!$V$15:$V$270,BDI_1.Título)>0),OR(Import.BDI.Tipo1=\"(SELECIONAR)\",Import.BDI.Tipo1=\"\")),\"Selecione o Tipo de obra\",\"\")","v":""}]
[{"$f":"A17","v":"Construção de Redes de Abastecimento de Água, Coleta de Esgoto"},"L","Construção de Redes de Abastecimento de Água, Coleta de Esgoto-L",null,6.7400000000000002E-2,8.0399999999999985E-2,9.4E-2,null,"F"]
[{"$f":"A18","v":"Construção de Redes de Abastecimento de Água, Coleta de Esgoto"},"BDI PAD","Construção de Redes de Abastecimento de Água, Coleta de Esgoto-BDI PAD",null,0.20760000000000001,0.24179999999999999,0.26440000000000002,null,"F","Itens",null,null,null,null,null,null,null,"Siglas","% Adotado",null,"Situação",null,null,"1º Quartil","Médio","3º Quartil"]
["Construção e Manutenção de Estações e Redes de Distribuição de Energia Elétrica","AC","Construção e Manutenção de Estações e Redes de Distribuição de Energia Elétrica-AC",null,5.2900000000000003E-2,5.9200000000000003E-2,7.9299999999999995E-2,null,"F"]
[{"$f":"A20","v":"Construção e Manutenção de Estações e Redes de Distribuição de Energia Elétrica"},"SG","Construção e Manutenção de Estações e Redes de Distribuição de Energia Elétrica-SG",null,2.5000000000000001E-3,5.1000000000000004E-3,5.6000000000000008E-3,null,"F",{"$f":"IF($J$17=$A$146,\"Encargos Sociais incidentes sobre a mão de obra\",\"Administração Central\")","v":"Administração Central"},null,null,null,null,null,null,null,{"$f":"IF($J17=$A$146,\"K1\",\"AC\")","v":"AC"},4.8800000000000003E-2,{"$f":"IF(AND($U$14<>\"\",$U$17=\"\",R21<>\"\",S21=\"\"),\"◄\",\"\")","v":""},{"$f":"IFERROR(IF(T21=\"◄\",\"FALTA PREENCHER\",IF(AND(OR(S21>=X21,X21=\"-\"),OR(S21<=Z21,Z21=\"-\")),\"OK\",\"FORA DO INTERVALO\")),\"-\")","v":"OK"},null,null,{"$f":"VLOOKUP(CONCATENATE(J17,\"-\",R21),$C$2:$G$136,3,FALSE)","v":3.4300000000000004E-2},{"$f":"VLOOKUP(CONCATENATE(J17,\"-\",R21),$C$2:$G$136,4,FALSE)","v":4.9299999999999997E-2},{"$f":"VLOOKUP(CONCATENATE(J17,\"-\",R21),$C$2:$G$136,5,FALSE)","v":6.7099999999999993E-2}]
[{"$f":"A21","v":"Construção e Manutenção de Estações e Redes de Distribuição de Energia Elétrica"},"R","Construção e Manutenção de Estações e Redes de Distribuição de Energia Elétrica-R",null,0.01,1.4800000000000001E-2,1.9699999999999999E-2,null,"F",{"$f":"IF($J$17=$A$146,\"Administração Central da empresa ou consultoria - overhead\",\"Seguro e Garantia\")","v":"Seguro e Garantia"},null,null,null,null,null,null,null,{"$f":"IF($J17=$A$146,\"K2\",\"SG\")","v":"SG"},5.0000000000000001E-3,{"$f":"IF(AND($U$14<>\"\",$U$17=\"\",R22<>\"\",S22=\"\"),\"◄\",\"\")","v":""},{"$f":"IFERROR(IF(T22=\"◄\",\"FALTA PREENCHER\",IF(AND(OR(S22>=X22,X22=\"-\"),OR(S22<=Z22,Z22=\"-\")),\"OK\",\"FORA DO INTERVALO\")),\"-\")","v":"OK"},null,null,{"$f":"VLOOKUP(CONCATENATE(J17,\"-\",R22),$C$2:$G$136,3,FALSE)","v":2.8000000000000004E-3},{"$f":"VLOOKUP(CONCATENATE(J17,\"-\",R22),$C$2:$G$136,4,FALSE)","v":4.8999999999999998E-3},{"$f":"VLOOKUP(CONCATENATE(J17,\"-\",R22),$C$2:$G$136,5,FALSE)","v":7.4999999999999997E-3}]
[{"$f":"A22","v":"Construção e Manutenção de Estações e Redes de Distribuição de Energia Elétrica"},"DF","Construção e Manutenção de Estações e Redes de Distribuição de Energia Elétrica-DF",null,1.01E-2,1.0700000000000001E-2,1.11E-2,null,"F","Risco",null,null,null,null,null,null,null,{"$f":"IF($J17=$A$146,\"\",\"R\")","v":"R"},0.01,"","OK",null,null,{"$f":"VLOOKUP(CONCATENATE(J17,\"-\",R23),$C$2:$G$136,3,FALSE)","v":0.01},{"$f":"VLOOKUP(CONCATENATE(J17,\"-\",R23),$C$2:$G$136,4,FALSE)","v":1.3899999999999999E-2},{"$f":"VLOOKUP(CONCATENATE(J17,\"-\",R23),$C$2:$G$136,5,FALSE)","v":1.7399999999999999E-2}]
[{"$f":"A23","v":"Construção e Manutenção de Estações e Redes de Distribuição de Energia Elétrica"},"L","Construção e Manutenção de Estações e Redes de Distribuição de Energia Elétrica-L",null,0.08,8.3100000000000007E-2,9.5100000000000004E-2,null,"F","Despesas Financeiras",null,null,null,null,null,null,null,{"$f":"IF($J17=$A$146,\"\",\"DF\")","v":"DF"},1.03E-2,"","OK",null,null,{"$f":"VLOOKUP(CONCATENATE(J17,\"-\",R24),$C$2:$G$136,3,FALSE)","v":9.3999999999999986E-3},{"$f":"VLOOKUP(CONCATENATE(J17,\"-\",R24),$C$2:$G$136,4,FALSE)","v":9.8999999999999991E-3},{"$f":"VLOOKUP(CONCATENATE(J17,\"-\",R24),$C$2:$G$136,5,FALSE)","v":1.1699999999999999E-2}]
[{"$f":"A24","v":"Construção e Manutenção de Estações e Redes de Distribuição de Energia Elétrica"},"BDI PAD","Construção e Manutenção de Estações e Redes de Distribuição de Energia Elétrica-BDI PAD",null,0.24,0.25840000000000002,0.27860000000000001,null,"F",{"$f":"IF($J$17=$A$146,\"Margem bruta da empresa de consultoria\",\"Lucro\")","v":"Lucro"},null,null,null,null,null,null,null,{"$f":"IF($J17=$A$146,\"K3\",\"L\")","v":"L"},6.8000000000000005E-2,"","OK",null,null,{"$f":"VLOOKUP(CONCATENATE(J17,\"-\",R25),$C$2:$G$136,3,FALSE)","v":6.7400000000000002E-2},{"$f":"VLOOKUP(CONCATENATE(J17,\"-\",R25),$C$2:$G$136,4,FALSE)","v":8.0399999999999985E-2},{"$f":"VLOOKUP(CONCATENATE(J17,\"-\",R25),$C$2:$G$136,5,FALSE)","v":9.4E-2}]
["Obras Portuárias, Marítimas e Fluviais","AC","Obras Portuárias, Marítimas e Fluviais-AC",null,0.04,5.5199999999999999E-2,7.85E-2,null,"F","Tributos (impostos COFINS 3%, e  PIS 0,65%)",null,null,null,null,null,null,null,"CP",3.6499999999999998E-2,"","OK",null,null,{"$f":"Y26","v":3.6499999999999998E-2},{"$f":"IF($J17=$A$145,\"-\",3.65%)","v":3.6499999999999998E-2},{"$f":"Y26","v":3.6499999999999998E-2}]
[{"$f":"A26","v":"Obras Portuárias, Marítimas e Fluviais"},"SG","Obras Portuárias, Marítimas e Fluviais-SG",null,8.1000000000000013E-3,1.2199999999999999E-2,1.9900000000000001E-2,null,"F","Tributos (ISS, variável de acordo com o município)",null,null,null,null,null,null,null,"ISS",{"$f":"IF(AND($J17<>$A$145,COUNTA(OFFSET(S20,1,0,6))>0),$R$11*$R$10,0)","v":1.6500000000000001E-2},null,"OK",null,null,0,2.5000000000000001E-2,0.05]
[{"$f":"A27","v":"Obras Portuárias, Marítimas e Fluviais"},"R","Obras Portuárias, Marítimas e Fluviais-R",null,1.46E-2,2.3199999999999998E-2,3.1600000000000003E-2,null,"F","Tributos (Contribuição Previdenciária sobre a Receita Bruta - Lei 12.546 de 14/12/2011 - Desoneração)",null,null,null,null,null,null,null,"CPRB",{"$f":"IF(BDI.Opcao<>\"Desonerado\",0,IF(AND($J17<>$A$145,COUNTA(OFFSET(S20,1,0,6))>0),IF(YEAR(Import.DataBase)<2025,4.5%,IF(YEAR(Import.DataBase)=2025,3.6%,IF(YEAR(Import.DataBase)=2026,2.7%,IF(YEAR(Import.DataBase)=2027,1.8%,0%)))),0%))","v":3.6000000000000004E-2},null,"OK",null,null,{"$f":"$S28","v":3.6000000000000004E-2},{"$f":"$S28","v":3.6000000000000004E-2},{"$f":"$S28","v":3.6000000000000004E-2}]
[{"$f":"A28","v":"Obras Portuárias, Marítimas e Fluviais"},"DF","Obras Portuárias, Marítimas e Fluviais-DF",null,9.3999999999999986E-3,1.0200000000000001E-2,1.3300000000000001E-2,null,"F","BDI SEM desoneração (Fórmula Acórdão TCU)",null,null,null,null,null,null,null,"BDI PAD",{"$f":"IF($J17=$A$145,0,ROUND((((1+S21+S22+S23)*(1+S24)*(1+S25)/(1-(S26+S27)))-1),4))","v":0.21210000000000001},null,{"$f":"IFERROR(IF(AND(OR(S29>=X29,X29=\"-\"),OR(S29<=Z29,Z29=\"-\")),\"OK\",\"FORA DO INTERVALO\"),IF(S29=0,\"OK\",\"Selecione o Tipo de obra\"))","v":"OK"},null,null,{"$f":"IF($J17=$A$145,0,VLOOKUP(CONCATENATE($J17,\"-\",$R29),$C$2:$G$136,3,FALSE))","v":0.20760000000000001},{"$f":"IF($J17=$A$145,0,VLOOKUP(CONCATENATE($J17,\"-\",$R29),$C$2:$G$136,4,FALSE))","v":0.24179999999999999},{"$f":"IF($J17=$A$145,0,VLOOKUP(CONCATENATE($J17,\"-\",$R29),$C$2:$G$136,5,FALSE))","v":0.26440000000000002}]
[{"$f":"A29","v":"Obras Portuárias, Marítimas e Fluviais"},"L","Obras Portuárias, Marítimas e Fluviais-L",null,7.1399999999999991E-2,8.4000000000000005E-2,0.1043,null,"F","BDI COM desoneração",null,null,null,null,null,null,null,"BDI DES",{"$f":"IF($J17=$A$145,0,ROUND((((1+S21+S22+S23)*(1+S24)*(1+S25)/(1-(S26+S27+S28)))-1),4))","v":0.26}]
[{"$f":"A30","v":"Obras Portuárias, Marítimas e Fluviais"},"BDI PAD","Obras Portuárias, Marítimas e Fluviais-BDI PAD",null,0.22800000000000001,0.27479999999999999,0.3095,null,"F"]
["Fornecimento de Materiais e Equipamentos (aquisição indireta - em conjunto com licitação de obras)","AC","Fornecimento de Materiais e Equipamentos (aquisição indireta - em conjunto com licitação de obras)-AC",null,1.4999999999999999E-2,3.4500000000000003E-2,4.4900000000000002E-2,null,"F",{"$f":"IF(U29<>\"ok\",\"X\",\"\")","v":""},{"$f":"IF(U29<>\"ok\",\"Anexo: Relatório Técnico Circunstanciado justificando a adoção do percentual de cada parcela do BDI.\",\"\")","v":""}]
[{"$f":"A32","v":"Fornecimento de Materiais e Equipamentos (aquisição indireta - em conjunto com licitação de obras)"},"SG","Fornecimento de Materiais e Equipamentos (aquisição indireta - em conjunto com licitação de obras)-SG",null,3.0000000000000001E-3,4.7999999999999996E-3,8.199999999999999E-3,null,"F"]
[{"$f":"A33","v":"Fornecimento de Materiais e Equipamentos (aquisição indireta - em conjunto com licitação de obras)"},"R","Fornecimento de Materiais e Equipamentos (aquisição indireta - em conjunto com licitação de obras)-R",null,5.6000000000000008E-3,8.5000000000000006E-3,8.8999999999999999E-3,null,"F","Os valores de BDI foram calculados com o emprego da fórmula:"]
[{"$f":"A34","v":"Fornecimento de Materiais e Equipamentos (aquisição indireta - em conjunto com licitação de obras)"},"DF","Fornecimento de Materiais e Equipamentos (aquisição indireta - em conjunto com licitação de obras)-DF",null,8.5000000000000006E-3,8.5000000000000006E-3,1.11E-2,null,"F",null,null,null,"BDI =",{"$f":"IF($J17=$A$146,\"(1+K1+K2)*(1+K3)\",\"(1+AC + S + R + G)*(1 + DF)*(1+L)\")","v":"(1+AC + S + R + G)*(1 + DF)*(1+L)"},null,null," - 1"]
[{"$f":"A35","v":"Fornecimento de Materiais e Equipamentos (aquisição indireta - em conjunto com licitação de obras)"},"L","Fornecimento de Materiais e Equipamentos (aquisição indireta - em conjunto com licitação de obras)-L",null,3.5000000000000003E-2,5.1100000000000007E-2,6.2199999999999998E-2,null,"F",null,null,null,null,"(1-CP-ISS-CRPB)"]
[{"$f":"A36","v":"Fornecimento de Materiais e Equipamentos (aquisição indireta - em conjunto com licitação de obras)"},"BDI PAD","Fornecimento de Materiais e Equipamentos (aquisição indireta - em conjunto com licitação de obras)-BDI PAD",null,0.111,0.14019999999999999,0.16800000000000001,null,"F"]
["Fornecimento de Materiais e Equipamentos (aquisição direta)","AC","Fornecimento de Materiais e Equipamentos (aquisição direta)-AC",null,"-","-","-",null,"F",{"$f":"CONCATENATE(\"Declaro para os devidos fins que, conforme legislação tributária municipal, a base de cálculo deste tipo de obra corresponde à \",$R$10*100,\"%, com a respectiva alíquota de \",$R$11*100,\"%.\")","v":"Declaro para os devidos fins que, conforme legislação tributária municipal, a base de cálculo deste tipo de obra corresponde à 55%, com a respectiva alíquota de 3%."}]
["Fornecimento de Materiais e Equipamentos (aquisição direta)","SG","Fornecimento de Materiais e Equipamentos (aquisição direta)-SG",null,"-","-","-",null,"F"]
["Fornecimento de Materiais e Equipamentos (aquisição direta)","R","Fornecimento de Materiais e Equipamentos (aquisição direta)-R",null,"-","-","-",null,"F",{"$f":"CONCATENATE(\"Declaro para os devidos fins que o regime de Contribuição Previdenciária sobre a Receita Bruta adotado para elaboração do orçamento foi \",IF(DESONERACAO=\"Sim\",\"COM\",\"SEM\"),\" Desoneração, e que esta é a alternativa mais adequada para a Administração Pública.\")","v":"Declaro para os devidos fins que o regime de Contribuição Previdenciária sobre a Receita Bruta adotado para elaboração do orçamento foi COM Desoneração, e que esta é a alternativa mais adequada para a Administração Pública."}]
["Fornecimento de Materiais e Equipamentos (aquisição direta)","DF","Fornecimento de Materiais e Equipamentos (aquisição direta)-DF",null,"-","-","-",null,"F"]
["Fornecimento de Materiais e Equipamentos (aquisição direta)","L","Fornecimento de Materiais e Equipamentos (aquisição direta)-L",null,"-","-","-",null,"F","Observações:"]
["Fornecimento de Materiais e Equipamentos (aquisição direta)","BDI PAD","Fornecimento de Materiais e Equipamentos (aquisição direta)-BDI PAD",null,"-","-","-",null,"F"]
["Estudos e Projetos, Planos e Gerenciamento e outros correlatos","K1","Estudos e Projetos, Planos e Gerenciamento e outros correlatos-K1",null,"-","-","-",null,"F"]
[{"$f":"A44","v":"Estudos e Projetos, Planos e Gerenciamento e outros correlatos"},"K2","Estudos e Projetos, Planos e Gerenciamento e outros correlatos-K2",null,"-",0.2,"-",null,"F",{"$f":"Import.Município","v":"CHOPINZINHO / PR"},null,null,null,null,null,{"$f":"DADOS!$C$25","v":"2025-09-05"}]
[{"$f":"A45","v":"Estudos e Projetos, Planos e Gerenciamento e outros correlatos"},null,"Estudos e Projetos, Planos e Gerenciamento e outros correlatos-",null,"-","-","-",null,"F","Local",null,null,null,null,null,"Data"]
[{"$f":"A46","v":"Estudos e Projetos, Planos e Gerenciamento e outros correlatos"},null,"Estudos e Projetos, Planos e Gerenciamento e outros correlatos-",null,"-","-","-",null,"F"]
[{"$f":"A47","v":"Estudos e Projetos, Planos e Gerenciamento e outros correlatos"},"K3","Estudos e Projetos, Planos e Gerenciamento e outros correlatos-K3",null,"-",0.12,"-",null,"F"]
[{"$f":"A48","v":"Estudos e Projetos, Planos e Gerenciamento e outros correlatos"},"BDI PAD","Estudos e Projetos, Planos e Gerenciamento e outros correlatos-BDI PAD",null,"-","-","-",null,"F","Responsável Técnico"]
[null,null,null,null,null,null,null,null,"F","Nome:",{"$f":"Import.RespOrçamento","v":"Christiano Dossa Silvestri"}]
[null,null,null,null,null,null,null,null,"F","CREA/CAU:","100984/D"]
[null,null,null,null,null,null,null,null,"F","ART/RRT:","1720243397686"]
[null,null,null,null,null,null,null,null,"F"]
[null,null,null,null,null,null,null,null,{"$f":"IF($S$69=0,\"\",\"F\")","v":"F"},"BDI 2",null,null,null,null,null,null,null,null,null,null,{"$f":"IF(COUNTIF(ORÇAMENTO!$V$15:$V$270,BDI_2.Título)=0,\"\",IF(OR(Import.BDI.Tipo2=\"(SELECIONAR)\",Import.BDI.Tipo2=\"\",U57<>\"\",AND($J57<>$A$145,OR(S61=\"\",S62=\"\",AND($J57<>$A$146,OR(S63=\"\",S64=\"\")),S65=\"\",S66=\"\"))),\"Falta preencher o BDI 2\",\"\"))","v":""}]
[null,null,null,null,null,null,null,null,{"$f":"IF($S$69=0,\"\",\"F\")","v":"F"}]
[null,null,null,null,null,null,null,null,"F","TIPO DE OBRA"]
[null,null,null,null,null,null,null,null,"F","Fornecimento de Materiais e Equipamentos (aquisição indireta - em conjunto com licitação de obras)",null,null,null,null,null,null,null,null,null,{"$f":"IF(U57=\"\",\"\",\"◄\")","v":""},{"$f":"IF(AND(OR(S69>0,COUNTIF(ORÇAMENTO!$V$15:$V$270,BDI_2.Título)>0),OR(Import.BDI.Tipo2=\"(SELECIONAR)\",Import.BDI.Tipo2=\"\")),\"Selecione o Tipo de obra\",\"\")","v":""}]
[null,null,null,null,null,null,null,null,"F"]
[null,null,null,null,null,null,null,null,"F","Itens",null,null,null,null,null,null,null,"Siglas","% Adotado",null,"Situação",null,null,"1º Quartil","Médio","3º Quartil"]
[null,null,null,null,null,null,null,null,"F"]
[null,null,null,null,null,null,null,null,"F",{"$f":"IF($J$17=$A$146,\"Encargos Sociais incidentes sobre a mão de obra\",\"Administração Central\")","v":"Administração Central"},null,null,null,null,null,null,null,{"$f":"IF($J57=$A$146,\"K1\",\"AC\")","v":"AC"},0.01,{"$f":"IF(AND($U$54<>\"\",$U$57=\"\",R61<>\"\",S61=\"\"),\"◄\",\"\")","v":""},{"$f":"IFERROR(IF(T61=\"◄\",\"FALTA PREENCHER\",IF(AND(OR(S61>=X61,X61=\"-\"),OR(S61<=Z61,Z61=\"-\")),\"OK\",\"FORA DO INTERVALO\")),\"-\")","v":"FORA DO INTERVALO"},null,null,{"$f":"VLOOKUP(CONCATENATE(J57,\"-\",R61),$C$2:$G$136,3,FALSE)","v":1.4999999999999999E-2},{"$f":"VLOOKUP(CONCATENATE(J57,\"-\",R61),$C$2:$G$136,4,FALSE)","v":3.4500000000000003E-2},{"$f":"VLOOKUP(CONCATENATE(J57,\"-\",R61),$C$2:$G$136,5,FALSE)","v":4.4900000000000002E-2}]
[null,null,null,null,null,null,null,null,"F",{"$f":"IF($J$17=$A$146,\"Administração Central da empresa ou consultoria - overhead\",\"Seguro e Garantia\")","v":"Seguro e Garantia"},null,null,null,null,null,null,null,{"$f":"IF($J57=$A$146,\"K2\",\"SG\")","v":"SG"},3.0000000000000001E-3,{"$f":"IF(AND($U$54<>\"\",$U$57=\"\",R62<>\"\",S62=\"\"),\"◄\",\"\")","v":""},{"$f":"IFERROR(IF(T62=\"◄\",\"FALTA PREENCHER\",IF(AND(OR(S62>=X62,X62=\"-\"),OR(S62<=Z62,Z62=\"-\")),\"OK\",\"FORA DO INTERVALO\")),\"-\")","v":"OK"},null,null,{"$f":"VLOOKUP(CONCATENATE(J57,\"-\",R62),$C$2:$G$136,3,FALSE)","v":3.0000000000000001E-3},{"$f":"VLOOKUP(CONCATENATE(J57,\"-\",R62),$C$2:$G$136,4,FALSE)","v":4.7999999999999996E-3},{"$f":"VLOOKUP(CONCATENATE(J57,\"-\",R62),$C$2:$G$136,5,FALSE)","v":8.199999999999999E-3}]
[null,null,null,null,null,null,null,null,"F","Risco",null,null,null,null,null,null,null,{"$f":"IF($J57=$A$146,\"\",\"R\")","v":"R"},4.3E-3,"","FORA DO INTERVALO",null,null,{"$f":"VLOOKUP(CONCATENATE(J57,\"-\",R63),$C$2:$G$136,3,FALSE)","v":5.6000000000000008E-3},{"$f":"VLOOKUP(CONCATENATE(J57,\"-\",R63),$C$2:$G$136,4,FALSE)","v":8.5000000000000006E-3},{"$f":"VLOOKUP(CONCATENATE(J57,\"-\",R63),$C$2:$G$136,5,FALSE)","v":8.8999999999999999E-3}]
[null,null,null,null,null,null,null,null,"F","Despesas Financeiras",null,null,null,null,null,null,null,{"$f":"IF($J57=$A$146,\"\",\"DF\")","v":"DF"},8.5000000000000006E-3,"","OK",null,null,{"$f":"VLOOKUP(CONCATENATE(J57,\"-\",R64),$C$2:$G$136,3,FALSE)","v":8.5000000000000006E-3},{"$f":"VLOOKUP(CONCATENATE(J57,\"-\",R64),$C$2:$G$136,4,FALSE)","v":8.5000000000000006E-3},{"$f":"VLOOKUP(CONCATENATE(J57,\"-\",R64),$C$2:$G$136,5,FALSE)","v":1.11E-2}]
[null,null,null,null,null,null,null,null,"F",{"$f":"IF($J$17=$A$146,\"Margem bruta da empresa de consultoria\",\"Lucro\")","v":"Lucro"},null,null,null,null,null,null,null,{"$f":"IF($J57=$A$146,\"K3\",\"L\")","v":"L"},0.03,"","FORA DO INTERVALO",null,null,{"$f":"VLOOKUP(CONCATENATE(J57,\"-\",R65),$C$2:$G$136,3,FALSE)","v":3.5000000000000003E-2},{"$f":"VLOOKUP(CONCATENATE(J57,\"-\",R65),$C$2:$G$136,4,FALSE)","v":5.1100000000000007E-2},{"$f":"VLOOKUP(CONCATENATE(J57,\"-\",R65),$C$2:$G$136,5,FALSE)","v":6.2199999999999998E-2}]
[null,null,null,null,null,null,null,null,"F","Tributos (impostos COFINS 3%, e  PIS 0,65%)",null,null,null,null,null,null,null,"CP",3.6499999999999998E-2,"","OK",null,null,{"$f":"Y66","v":3.6499999999999998E-2},{"$f":"IF($J57=$A$145,\"-\",3.65%)","v":3.6499999999999998E-2},{"$f":"Y66","v":3.6499999999999998E-2}]
[null,null,null,null,null,null,null,null,"F","Tributos (ISS, variável de acordo com o município)",null,null,null,null,null,null,null,"ISS",{"$f":"IF(AND($J57<>$A$145,COUNTA(OFFSET(S60,1,0,6))>0),$R$11*$R$10,0)","v":1.6500000000000001E-2},null,"OK",null,null,0,2.5000000000000001E-2,0.05]
[null,null,null,null,null,null,null,null,"F","Tributos (Contribuição Previdenciária sobre a Receita Bruta - Lei 12.546 de 14/12/2011 - Desoneração)",null,null,null,null,null,null,null,"CPRB",{"$f":"IF(BDI.Opcao<>\"Desonerado\",0,IF(AND($J57<>$A$145,COUNTA(OFFSET(S60,1,0,6))>0),IF(YEAR(Import.DataBase)<2025,4.5%,IF(YEAR(Import.DataBase)=2025,3.6%,IF(YEAR(Import.DataBase)=2026,2.7%,IF(YEAR(Import.DataBase)=2027,1.8%,0%)))),0%))","v":3.6000000000000004E-2},null,"OK",null,null,{"$f":"$S68","v":3.6000000000000004E-2},{"$f":"$S68","v":3.6000000000000004E-2},{"$f":"$S68","v":3.6000000000000004E-2}]
[null,null,null,null,null,null,null,null,"F","BDI SEM desoneração (Fórmula Acórdão TCU)",null,null,null,null,null,null,null,"BDI PAD",{"$f":"IF($J57=$A$145,0,ROUND((((1+S61+S62+S63)*(1+S64)*(1+S65)/(1-(S66+S67)))-1),4))","v":0.1159},null,{"$f":"IFERROR(IF(AND(OR(S69>=X69,X69=\"-\"),OR(S69<=Z69,Z69=\"-\")),\"OK\",\"FORA DO INTERVALO\"),IF(S69=0,\"OK\",\"Selecione o Tipo de obra\"))","v":"OK"},null,null,{"$f":"IF($J57=$A$145,0,VLOOKUP(CONCATENATE($J57,\"-\",$R69),$C$2:$G$136,3,FALSE))","v":0.111},{"$f":"IF($J57=$A$145,0,VLOOKUP(CONCATENATE($J57,\"-\",$R69),$C$2:$G$136,4,FALSE))","v":0.14019999999999999},{"$f":"IF($J57=$A$145,0,VLOOKUP(CONCATENATE($J57,\"-\",$R69),$C$2:$G$136,5,FALSE))","v":0.16800000000000001}]
[null,null,null,null,null,null,null,null,"F","BDI COM desoneração",null,null,null,null,null,null,null,"BDI DES",{"$f":"IF($J57=$A$145,0,ROUND((((1+S61+S62+S63)*(1+S64)*(1+S65)/(1-(S66+S67+S68)))-1),4))","v":0.16}]
[null,null,null,null,null,null,null,null,"F"]
[null,null,null,null,null,null,null,null,"F",{"$f":"IF(U69<>\"ok\",\"X\",\"\")","v":""},{"$f":"IF(U69<>\"ok\",\"Anexo: Relatório Técnico Circunstanciado justificando a adoção do percentual de cada parcela do BDI.\",\"\")","v":""}]
[null,null,null,null,null,null,null,null,"F"]
[null,null,null,null,null,null,null,null,"F","Os valores de BDI foram calculados com o emprego da fórmula:"]
[null,null,null,null,null,null,null,null,"F",null,null,null,"BDI =",{"$f":"IF($J57=$A$146,\"(1+K1+K2)*(1+K3)\",\"(1+AC + S + R + G)*(1 + DF)*(1+L)\")","v":"(1+AC + S + R + G)*(1 + DF)*(1+L)"},null,null," - 1"]
[null,null,null,null,null,null,null,null,"F",null,null,null,null,"(1-CP-ISS-CRPB)"]
[null,null,null,null,null,null,null,null,"F"]
[null,null,null,null,null,null,null,null,"F",{"$f":"CONCATENATE(\"Declaro para os devidos fins que, conforme legislação tributária municipal, a base de cálculo deste tipo de obra corresponde à \",$R$10*100,\"%, com a respectiva alíquota de \",$R$11*100,\"%.\")","v":"Declaro para os devidos fins que, conforme legislação tributária municipal, a base de cálculo deste tipo de obra corresponde à 55%, com a respectiva alíquota de 3%."}]
[null,null,null,null,null,null,null,null,"F"]
[null,null,null,null,null,null,null,null,"F",{"$f":"CONCATENATE(\"Declaro para os devidos fins que o regime de Contribuição Previdenciária sobre a Receita Bruta adotado para elaboração do orçamento foi \",IF(DESONERACAO=\"Sim\",\"COM\",\"SEM\"),\" Desoneração, e que esta é a alternativa mais adequada para a Administração Pública.\")","v":"Declaro para os devidos fins que o regime de Contribuição Previdenciária sobre a Receita Bruta adotado para elaboração do orçamento foi COM Desoneração, e que esta é a alternativa mais adequada para a Administração Pública."}]
[null,null,null,null,null,null,null,null,"F"]
[null,null,null,null,null,null,null,null,"F","Observações:"]
[null,null,null,null,null,null,null,null,"F"]
[null,null,null,null,null,null,null,null,"F"]
[null,null,null,null,null,null,null,null,"F",{"$f":"Import.Município","v":"CHOPINZINHO / PR"},null,null,null,null,null,{"$f":"DADOS!$C$25","v":"2025-09-05"}]
[null,null,null,null,null,null,null,null,"F","Local",null,null,null,null,null,"Data"]
[null,null,null,null,null,null,null,null,"F"]
[null,null,null,null,null,null,null,null,"F"]
[null,null,null,null,null,null,null,null,"F","Responsável Técnico"]
[null,null,null,null,null,null,null,null,"F","Nome:",{"$f":"Import.RespOrçamento","v":"Christiano Dossa Silvestri"}]
[null,null,null,null,null,null,null,null,"F","CREA/CAU:","100984/D"]
[null,null,null,null,null,null,null,null,"F","ART/RRT:","1720243397686"]
[null,null,null,null,null,null,null,null,"F"]
[null,null,null,null,null,null,null,null,{"$f":"IF($S$109=0,\"\",\"F\")","v":""},"BDI 3",null,null,null,null,null,null,null,null,null,null,{"$f":"IF(COUNTIF(ORÇAMENTO!$V$15:$V$270,BDI_3.Título)=0,\"\",IF(OR(Import.BDI.Tipo3=\"(SELECIONAR)\",Import.BDI.Tipo3=\"\",U97<>\"\",AND($J97<>$A$145,OR(S101=\"\",S102=\"\",AND($J97<>$A$146,OR(S103=\"\",S104=\"\")),S105=\"\",S106=\"\"))),\"Falta preencher o BDI 3\",\"\"))","v":""}]
[null,null,null,null,null,null,null,null,{"$f":"IF($S$109=0,\"\",\"F\")","v":""}]
[null,null,null,null,null,null,null,null,"","TIPO DE OBRA"]
[null,null,null,null,null,null,null,null,"","(SELECIONAR)",null,null,null,null,null,null,null,null,null,{"$f":"IF(U97=\"\",\"\",\"◄\")","v":""},{"$f":"IF(AND(OR(S109>0,COUNTIF(ORÇAMENTO!$V$15:$V$270,BDI_3.Título)>0),OR(Import.BDI.Tipo3=\"(SELECIONAR)\",Import.BDI.Tipo3=\"\")),\"Selecione o Tipo de obra\",\"\")","v":""}]
[null,null,null,null,null,null,null,null,""]
[null,null,null,null,null,null,null,null,"","Itens",null,null,null,null,null,null,null,"Siglas","% Adotado",null,"Situação",null,null,"1º Quartil","Médio","3º Quartil"]
[null,null,null,null,null,null,null,null,""]
[null,null,null,null,null,null,null,null,"",{"$f":"IF($J$17=$A$146,\"Encargos Sociais incidentes sobre a mão de obra\",\"Administração Central\")","v":"Administração Central"},null,null,null,null,null,null,null,{"$f":"IF($J97=$A$146,\"K1\",\"AC\")","v":"AC"},null,{"$f":"IF(AND($U$94<>\"\",$U$97=\"\",R101<>\"\",S101=\"\"),\"◄\",\"\")","v":""},{"$f":"IFERROR(IF(T101=\"◄\",\"FALTA PREENCHER\",IF(AND(OR(S101>=X101,X101=\"-\"),OR(S101<=Z101,Z101=\"-\")),\"OK\",\"FORA DO INTERVALO\")),\"-\")","v":"-"},null,null,{"$f":"VLOOKUP(CONCATENATE(J97,\"-\",R101),$C$2:$G$136,3,FALSE)","v":{"$error":"#N/A"}},{"$f":"VLOOKUP(CONCATENATE(J97,\"-\",R101),$C$2:$G$136,4,FALSE)","v":{"$error":"#N/A"}},{"$f":"VLOOKUP(CONCATENATE(J97,\"-\",R101),$C$2:$G$136,5,FALSE)","v":{"$error":"#N/A"}}]
[null,null,null,null,null,null,null,null,"",{"$f":"IF($J$17=$A$146,\"Administração Central da empresa ou consultoria - overhead\",\"Seguro e Garantia\")","v":"Seguro e Garantia"},null,null,null,null,null,null,null,{"$f":"IF($J97=$A$146,\"K2\",\"SG\")","v":"SG"},null,{"$f":"IF(AND($U$94<>\"\",$U$97=\"\",R102<>\"\",S102=\"\"),\"◄\",\"\")","v":""},{"$f":"IFERROR(IF(T102=\"◄\",\"FALTA PREENCHER\",IF(AND(OR(S102>=X102,X102=\"-\"),OR(S102<=Z102,Z102=\"-\")),\"OK\",\"FORA DO INTERVALO\")),\"-\")","v":"-"},null,null,{"$f":"VLOOKUP(CONCATENATE(J97,\"-\",R102),$C$2:$G$136,3,FALSE)","v":{"$error":"#N/A"}},{"$f":"VLOOKUP(CONCATENATE(J97,\"-\",R102),$C$2:$G$136,4,FALSE)","v":{"$error":"#N/A"}},{"$f":"VLOOKUP(CONCATENATE(J97,\"-\",R102),$C$2:$G$136,5,FALSE)","v":{"$error":"#N/A"}}]
[null,null,null,null,null,null,null,null,"","Risco",null,null,null,null,null,null,null,{"$f":"IF($J97=$A$146,\"\",\"R\")","v":"R"},null,"","-",null,null,{"$f":"VLOOKUP(CONCATENATE(J97,\"-\",R103),$C$2:$G$136,3,FALSE)","v":{"$error":"#N/A"}},{"$f":"VLOOKUP(CONCATENATE(J97,\"-\",R103),$C$2:$G$136,4,FALSE)","v":{"$error":"#N/A"}},{"$f":"VLOOKUP(CONCATENATE(J97,\"-\",R103),$C$2:$G$136,5,FALSE)","v":{"$error":"#N/A"}}]
[null,null,null,null,null,null,null,null,"","Despesas Financeiras",null,null,null,null,null,null,null,{"$f":"IF($J97=$A$146,\"\",\"DF\")","v":"DF"},null,"","-",null,null,{"$f":"VLOOKUP(CONCATENATE(J97,\"-\",R104),$C$2:$G$136,3,FALSE)","v":{"$error":"#N/A"}},{"$f":"VLOOKUP(CONCATENATE(J97,\"-\",R104),$C$2:$G$136,4,FALSE)","v":{"$error":"#N/A"}},{"$f":"VLOOKUP(CONCATENATE(J97,\"-\",R104),$C$2:$G$136,5,FALSE)","v":{"$error":"#N/A"}}]
[null,null,null,null,null,null,null,null,"",{"$f":"IF($J$17=$A$146,\"Margem bruta da empresa de consultoria\",\"Lucro\")","v":"Lucro"},null,null,null,null,null,null,null,{"$f":"IF($J97=$A$146,\"K3\",\"L\")","v":"L"},null,"","-",null,null,{"$f":"VLOOKUP(CONCATENATE(J97,\"-\",R105),$C$2:$G$136,3,FALSE)","v":{"$error":"#N/A"}},{"$f":"VLOOKUP(CONCATENATE(J97,\"-\",R105),$C$2:$G$136,4,FALSE)","v":{"$error":"#N/A"}},{"$f":"VLOOKUP(CONCATENATE(J97,\"-\",R105),$C$2:$G$136,5,FALSE)","v":{"$error":"#N/A"}}]
[null,null,null,null,null,null,null,null,"","Tributos (impostos COFINS 3%, e  PIS 0,65%)",null,null,null,null,null,null,null,"CP",null,"","FORA DO INTERVALO",null,null,{"$f":"Y106","v":3.6499999999999998E-2},{"$f":"IF($J97=$A$145,\"-\",3.65%)","v":3.6499999999999998E-2},{"$f":"Y106","v":3.6499999999999998E-2}]
[null,null,null,null,null,null,null,null,"","Tributos (ISS, variável de acordo com o município)",null,null,null,null,null,null,null,"ISS",{"$f":"IF(AND($J97<>$A$145,COUNTA(OFFSET(S100,1,0,6))>0),$R$11*$R$10,0)","v":0},null,"OK",null,null,0,2.5000000000000001E-2,0.05]
[null,null,null,null,null,null,null,null,"","Tributos (Contribuição Previdenciária sobre a Receita Bruta - Lei 12.546 de 14/12/2011 - Desoneração)",null,null,null,null,null,null,null,"CPRB",{"$f":"IF(BDI.Opcao<>\"Desonerado\",0,IF(AND($J97<>$A$145,COUNTA(OFFSET(S100,1,0,6))>0),IF(YEAR(Import.DataBase)<2025,4.5%,IF(YEAR(Import.DataBase)=2025,3.6%,IF(YEAR(Import.DataBase)=2026,2.7%,IF(YEAR(Import.DataBase)=2027,1.8%,0%)))),0%))","v":0},null,"OK",null,null,{"$f":"$S108","v":0},{"$f":"$S108","v":0},{"$f":"$S108","v":0}]
[null,null,null,null,null,null,null,null,"","BDI SEM desoneração (Fórmula Acórdão TCU)",null,null,null,null,null,null,null,"BDI PAD",{"$f":"IF($J97=$A$145,0,ROUND((((1+S101+S102+S103)*(1+S104)*(1+S105)/(1-(S106+S107)))-1),4))","v":0},null,{"$f":"IFERROR(IF(AND(OR(S109>=X109,X109=\"-\"),OR(S109<=Z109,Z109=\"-\")),\"OK\",\"FORA DO INTERVALO\"),IF(S109=0,\"OK\",\"Selecione o Tipo de obra\"))","v":"OK"},null,null,{"$f":"IF($J97=$A$145,0,VLOOKUP(CONCATENATE($J97,\"-\",$R109),$C$2:$G$136,3,FALSE))","v":{"$error":"#N/A"}},{"$f":"IF($J97=$A$145,0,VLOOKUP(CONCATENATE($J97,\"-\",$R109),$C$2:$G$136,4,FALSE))","v":{"$error":"#N/A"}},{"$f":"IF($J97=$A$145,0,VLOOKUP(CONCATENATE($J97,\"-\",$R109),$C$2:$G$136,5,FALSE))","v":{"$error":"#N/A"}}]
[null,null,null,null,null,null,null,null,"","BDI COM desoneração",null,null,null,null,null,null,null,"BDI DES",{"$f":"IF($J97=$A$145,0,ROUND((((1+S101+S102+S103)*(1+S104)*(1+S105)/(1-(S106+S107+S108)))-1),4))","v":0}]
[null,null,null,null,null,null,null,null,""]
[null,null,null,null,null,null,null,null,"",{"$f":"IF(U109<>\"ok\",\"X\",\"\")","v":""},{"$f":"IF(U109<>\"ok\",\"Anexo: Relatório Técnico Circunstanciado justificando a adoção do percentual de cada parcela do BDI.\",\"\")","v":""}]
[null,null,null,null,null,null,null,null,""]
[null,null,null,null,null,null,null,null,"","Os valores de BDI foram calculados com o emprego da fórmula:"]
[null,null,null,null,null,null,null,null,"",null,null,null,"BDI =",{"$f":"IF($J97=$A$146,\"(1+K1+K2)*(1+K3)\",\"(1+AC + S + R + G)*(1 + DF)*(1+L)\")","v":"(1+AC + S + R + G)*(1 + DF)*(1+L)"},null,null," - 1"]
[null,null,null,null,null,null,null,null,"",null,null,null,null,"(1-CP-ISS-CRPB)"]
[null,null,null,null,null,null,null,null,""]
[null,null,null,null,null,null,null,null,"",{"$f":"CONCATENATE(\"Declaro para os devidos fins que, conforme legislação tributária municipal, a base de cálculo deste tipo de obra corresponde à \",$R$10*100,\"%, com a respectiva alíquota de \",$R$11*100,\"%.\")","v":"Declaro para os devidos fins que, conforme legislação tributária municipal, a base de cálculo deste tipo de obra corresponde à 55%, com a respectiva alíquota de 3%."}]
[null,null,null,null,null,null,null,null,""]
[null,null,null,null,null,null,null,null,"",{"$f":"CONCATENATE(\"Declaro para os devidos fins que o regime de Contribuição Previdenciária sobre a Receita Bruta adotado para elaboração do orçamento foi \",IF(DESONERACAO=\"Sim\",\"COM\",\"SEM\"),\" Desoneração, e que esta é a alternativa mais adequada para a Administração Pública.\")","v":"Declaro para os devidos fins que o regime de Contribuição Previdenciária sobre a Receita Bruta adotado para elaboração do orçamento foi COM Desoneração, e que esta é a alternativa mais adequada para a Administração Pública."}]
[null,null,null,null,null,null,null,null,""]
[null,null,null,null,null,null,null,null,"","Observações:"]
[null,null,null,null,null,null,null,null,""]
[null,null,null,null,null,null,null,null,""]
[null,null,null,null,null,null,null,null,"",{"$f":"Import.Município","v":"CHOPINZINHO / PR"},null,null,null,null,null,{"$f":"DADOS!$C$25","v":"2025-09-05"}]
[null,null,null,null,null,null,null,null,"","Local",null,null,null,null,null,"Data"]
[null,null,null,null,null,null,null,null,""]
[null,null,null,null,null,null,null,null,""]
[null,null,null,null,null,null,null,null,"","Responsável Técnico"]
[null,null,null,null,null,null,null,null,"","Nome:",{"$f":"Import.RespOrçamento","v":"Christiano Dossa Silvestri"}]
[null,null,null,null,null,null,null,null,"","CREA/CAU:","100984/D"]
[null,null,null,null,null,null,null,null,"","ART/RRT:","1720243397686"]
[]
[]
[]
[]
[]
["(SELECIONAR)"]
["Construção e Reforma de Edifícios"]
["Construção de Praças Urbanas, Rodovias, Ferrovias e recapeamento e pavimentação de vias urbanas"]
["Construção de Redes de Abastecimento de Água, Coleta de Esgoto"]
["Construção e Manutenção de Estações e Redes de Distribuição de Energia Elétrica"]
["Obras Portuárias, Marítimas e Fluviais"]
["Fornecimento de Materiais e Equipamentos (aquisição indireta - em conjunto com licitação de obras)"]
["Fornecimento de Materiais e Equipamentos (aquisição direta)"]
["Estudos e Projetos, Planos e Gerenciamento e outros correlatos"]

{"sheet":"ORÇAMENTO","index":4,"n_rows":287,"n_cols":40,"rows_kept":287,"cut":false,"hidden":false,"merged":[[285,14,285,16],[14,14,14,17],[272,16,272,23],[275,14,277,23],[279,14,279,23],[282,14,282,16],[280,14,280,23],[3,14,3,15],[3,18,3,23],[4,14,4,15],[4,18,4,23],[7,5,7,10],[7,11,11,11],[7,14,7,15],[7,18,7,20],[8,5,8,10],[9,5,9,10],[4,30,4,31],[6,14,6,15],[6,18,6,20],[6,37,10,37],[7,24,11,24],[7,25,11,25],[11,26,11,27],[6,35,10,35]]}
[null,null,null,null,null,null,null,null,null,null,null,null,null,null,null,null,null,"PO - PLANILHA ORÇAMENTÁRIA",null,null,null,null,null,"Grau de Sigilo"]
[null,null,null,"LOTE","Meta","Nível 2","Nível 3","Nível 4","Serviço",null,null,null,null,null,null,null,null,{"$f":"IF(TIPOORCAMENTO=\"licitado\",\"Orçamento Licitado\",\"Orçamento Base para Licitação\")&\" - \"&import.recurso","v":"Orçamento Base para Licitação - (SELECIONAR)"},null,null,null,null,null,"#PUBLICO"]
[null,null,null,null,"SINAPI","SINAPI-I","SICRO","Composição","Cotação"]
["Nmax",null,null,null,null,"BDI 1","BDI 2","BDI 3",0,null,null,null,null,null,"Nº OPERAÇÃO",null,"Nº TransfereGOV","PROPONENTE / TOMADOR","APELIDO DO EMPREENDIMENTO"]
[{"$f":"MAX($C$15:$C$270)","v":3},null,null,null,null,{"$f":"IF(BDI.Opcao=\"DESONERADO\",BDI!$S$30,BDI!$S$29)","v":0.26},{"$f":"IF(BDI.Opcao=\"DESONERADO\",BDI!$S$70,BDI!$S$69)","v":0.16},{"$f":"IF(BDI.Opcao=\"DESONERADO\",BDI!$S$110,BDI!$S$109)","v":0},null,null,null,null,null,null,{"$f":"Import.CR","v":"0619977-26"},null,{"$f":"Import.TransfereGOV","v":"0619977"},{"$f":"Import.Proponente","v":"MUNICÍPIO DE CHOPINZINHO"},{"$f":"Import.Apelido","v":"REDE DE ÁGUA - LOT. NOVO HORIZONTE"},null,null,null,null,null,null,null,null,null,null,null,"Arredondamento"]
[]
[null,null,null,null,null,"RA","RP","CP","OU",null,null,null,null,null,"LOCALIDADE SINAPI",null,"DATA BASE",{"$f":"IF(TIPOORCAMENTO=\"Licitado\",\"NOME DA EMPRESA\",\"DESCRIÇÃO DO LOTE\")","v":"DESCRIÇÃO DO LOTE"},{"$f":"IF(TIPOORCAMENTO=\"Licitado\",\"REGIME DE EXECUÇÃO\",\"MUNICÍPIO / UF\")","v":"MUNICÍPIO / UF"},null,null,{"$f":"IF(TIPOORCAMENTO=\"Licitado\",\"\",\"BDI 1\")","v":"BDI 1"},{"$f":"IF(TIPOORCAMENTO=\"Licitado\",\"\",\"BDI 2\")","v":"BDI 2"},{"$f":"IF(TIPOORCAMENTO=\"Licitado\",\"Nº CTEF\",\"BDI 3\")","v":"BDI 3"},null,null,null,null,{"$f":"IF(COUNTIFS($L$15:$L$270,\"F\",$AC$15:$AC$270,\"JUSTIFICAR BDI\")>0,\"JUSTIFICAR BDI\",\"\")","v":""},null,"Quantidade",true,null,null,null,"QUANTIDADES: ACOMP. POR BM",null,"PREÇO UNITÁRIO LICITADO"]
[null,null,null,null,"Intervalo de procura:",{"$f":"IF(LEN(INFO(\"release\"))>5,\"'Referência \"&Excel_BuiltIn_Database&\".xlsm'#Banco.$a5:$a$65536\",\"'[Referência \"&Excel_BuiltIn_Database&\".xlsm]Banco'!$a5:$a$65536\")","v":"'[Referência 05-2025.xlsm]Banco'!$a5:$a$65536"},null,null,null,null,null,"FILTRO",null,null,{"$f":"IF(ISERROR(INDIRECT($F$9)),\"(N/D: 'Referência \"&Excel_BuiltIn_Database&\".xlsm)\",INDIRECT($F$9))","v":"CURITIBA"},null,{"$f":"TEXT(Import.DataBase,\"mm-aa\")&IF(DESONERACAO=\"Sim\",\" (DES.)\",\" (N DES.)\")","v":"05-25 (DES.)"},{"$f":"IF(TIPOORCAMENTO=\"Licitado\",Import.empresa,Import.DescLote)","v":"REDE DE ABASTECIMENTO DE ÁGUA - LOT. NOVO HORIZONTE"},{"$f":"IF(TIPOORCAMENTO=\"Licitado\",Import.RegimeExecução,Import.Município)","v":"CHOPINZINHO / PR"},null,null,{"$f":"IF(TIPOORCAMENTO=\"Licitado\",\"\",TEXT(F5,\"0,00%\"))","v":"26,00%"},{"$f":"IF(TIPOORCAMENTO=\"Licitado\",\"\",TEXT(G5,\"0,00%\"))","v":"16,00%"},{"$f":"IF(TIPOORCAMENTO=\"Licitado\",Import.CTEF,TEXT(H5,\"0,00%\"))","v":"0,00%"},"RECURSO","SGL RECURSO",null,null,null,null,"Custo Unitáro",true]
[null,null,null,null,"Localidade:",{"$f":"IF(LEN(INFO(\"release\"))>5,\"'Referência \"&Excel_BuiltIn_Database&\".xlsm'#Banco.$d$3\",\"'[Referência \"&Excel_BuiltIn_Database&\".xlsm]Banco'!$d$3\")","v":"'[Referência 05-2025.xlsm]Banco'!$d$3"},null,null,null,null,null,null,null,null,null,null,null,null,null,{"$f":"IF(AND(Import.TipoArredondamento=\"TransfereGOV\",$AF$7=FALSE),\"▼\",\"\")","v":""},{"$f":"IF(AND(Import.TipoArredondamento=\"TransfereGOV\",$AF$8=FALSE),\"▼\",\"\")","v":""},{"$f":"IF(AND(Import.TipoArredondamento=\"TransfereGOV\",$AF$9=FALSE),\"▼\",\"\")","v":""},{"$f":"IF(AND(Import.TipoArredondamento=\"TransfereGOV\",$AF$10=FALSE),\"▼\",\"\")","v":""},{"$f":"IF(AND(Import.TipoArredondamento=\"TransfereGOV\",$AF$11=FALSE),\"▼\",\"\")","v":""},null,null,null,null,null,null,"BDI",true]
[null,null,null,null,"Data base:",{"$f":"IF(LEN(INFO(\"release\"))>5,\"'Referência \"&Excel_BuiltIn_Database&\".xlsm'#Banco.$B$3\",\"'[Referência \"&Excel_BuiltIn_Database&\".xlsm]Banco'!$B$3\")","v":"'[Referência 05-2025.xlsm]Banco'!$B$3"},null,null,null,null,null,null,null,null,null,null,null,null,null,null,null,null,null,null,null,null,null,null,"ERRO GERAL",null,"Preço Unitário",true]
[null,null,null,null,null,{"$f":"IFERROR(INDIRECT(F10),\"\")","v":"05/2025"},{"$f":"IFERROR(TEXT(Import.DataBase,\"mm/aaaa\"),\"\")","v":"05/2025"},null,null,null,null,null,null,null,null,null,null,null,null,null,null,null,null,null,null,null,null,null,{"$f":"IF(COUNTIFS($L$15:$L$270,\"F\",$AC$15:$AC$270,\"<>\"&\" \",$AC$15:$AC$270,\"<>\"&\"JUSTIFICAR BDI\")>0,\"NÃO OK\",\"OK\")","v":"NÃO OK"},null,"Preço Total",true]
[null,null,null,null,null,null,null,null,null,null,null,null,null,null,{"$f":"IF(AND(Import.TipoArredondamento=\"TransfereGOV\",COUNTIF($AF$7:$AF$11,TRUE)<>5),\"Para contratos que tramitam no Transferegov todos os valores devem ser arredondados para duas casas decimais\",\n IF(AND($F$11<>\"\",$G$11<>\"\",$F$11<>$G$11),\"O arquivo \"&MID($F$10,2,SEARCH(\"]\",$F$10)-1)&\" está com a data base errada (\"&F11&\"). Corrija a data base antes de continuar.\",\nIF(COUNTIF($AC$15:$AC$270,\"FONTE\")>0,\"Falta preencher a Fonte (coluna P) na Linha \"&(14+MATCH(\"FONTE\",$AC$15:$AC$270,0)),\n IF(COUNTIF($AC$15:$AC$270,\"CÓDIGO\")>0,\"Falta preencher o Código (coluna Q) na Linha \"&(14+MATCH(\"CÓDIGO\",$AC$15:$AC$270,0)),\n IF(COUNTIF($AC$15:$AC$270,\"CÓDIGO N/ID\")>0,\"Código (coluna Q) não identificado na Linha \"&(14+MATCH(\"CÓDIGO N/ID\",$AC$15:$AC$270,0))&\". Verifique se o código está correto ou busque outro código\",\n IF(COUNTIF($AC$15:$AC$270,\"DESCRIÇÃO\")>0,\"Falta preencher a Descrição (coluna R) na Linha \"&(14+MATCH(\"DESCRIÇÃO\",$AC$15:$AC$270,0)),\n IF(COUNTIF($AC$15:$AC$270,\"UNIDADE\")>0,\"Falta preencher a Unidade (coluna S) na Linha \"&(14+MATCH(\"UNIDADE\",$AC$15:$AC$270,0)),\n IF(COUNTIF($AC$15:$AC$270,\"SEM CUSTO\")>0,\"Falta preencher o Custo Unitário (coluna U) na Linha \"&(14+MATCH(\"SEM CUSTO\",$AC$15:$AC$270,0)),\n IF(COUNTIF($AC$15:$AC$270,\"SEM PREÇO\")>0,\"Falta preencher o Preço Unitário licitado (coluna AL) na Linha \"&(14+MATCH(\"SEM CUSTO\",$AC$15:$AC$270,0)),\n IF(COUNTIF($AC$15:$AC$270,\"BDI\")>0,\"Falta definir o BDI (coluna V) na Linha \"&(14+MATCH(\"BDI\",$AC$15:$AC$270,0)),\n IF(COUNTIF($AC$15:$AC$270,\"ACIMA REF.\")>0,\n         IF(TIPOORCAMENTO=\"Proposto\",\"O custo unitário (coluna U) na Linha \"&(14+MATCH(\"ACIMA REF.\",$AC$15:$AC$270,0))&\" está acima do custo referencial (coluna AG)\",\n            \"O preço unitário licitado (coluna AL) na Linha \"&(14+MATCH(\"ACIMA REF.\",$AC$15:$AC$270,0))&\" está acima do preço referencial do edital (coluna AN)\"),\n IF(COUNTIF($AC$15:$AC$270,\"QUANT.\")>0,\"Falta a Quantidade do serviço na Linha \"&(14+MATCH(\"QUANT.\",$AC$15:$AC$270,0))&IF(ACOMPANHAMENTO=\"PLE\",\". Preencher na aba CÁLCULO\",\". Preencher na coluna AJ\"),\n IF(COUNTIF($AC$15:$AC$270,\"Código >13\")>0,\"O tamanho do código do serviço no TransfereGOV é limitado a 13 caracteres. Resuma o código (coluna Q) na Linha \"&(14+MATCH(\"Código >13\",$AC$15:$AC$270,0)),\n IF(COUNTIF($AC$15:$AC$270,\"Descrição >100\")>0,\"O tamanho da descrição de macrosserviço no TransfereGOV é limitado a 100 caracteres. Resuma a descrição (coluna R) na Linha \"&(14+MATCH(\"Descrição >100\",$AC$15:$AC$270,0)),\n IF(COUNTIF($AC$15:$AC$270,\"Descrição >500\")>0,\"O tamanho da descrição de serviço no TransfereGOV é limitado a 500 caracteres. Resuma a descrição (coluna R) na Linha \"&(14+MATCH(\"Descrição >500\",$AC$15:$AC$270,0)),\n IF(COUNTIF($AC$15:$AC$270,\"Unid. Não Disp\")>0,\"Unidade não disponível na lista do TransfereGOV. Reveja a unidade (coluna S) na Linha \"&(14+MATCH(\"Unid. Não Disp\",$AC$15:$AC$270,0)),\n IF(AND(TIPOORCAMENTO=\"Proposto\",LEFT($O$8,5)=\"(N/D:\"),\"Abra o arquivo Referência \"&_xlfn.SINGLE(Excel_BuiltIn_Database)&\".xlsm\",\"\")))))))))))))))))","v":""},null,null,null,null,null,null,null,null,null,null,null,"Valores não Arredondados",null,null,null,null,null,null,null,null,"↓",null,"↓"]
["Nível E","Save Nivel","Nível C","Altura","n1","n2","n3","n4","n5","Czero","Cnível","↓","Nível","Nível Corrigido","Item","Fonte","Código","Descrição","Unidade","Quantidade",{"$f":"IF(TIPOORCAMENTO=\"Licitado\",\"\",\"Custo Unitário (sem BDI) (R$)\")","v":"Custo Unitário (sem BDI) (R$)"},{"$f":"IF(TIPOORCAMENTO=\"Licitado\",\"\",\"BDI\n(%)\")","v":"BDI\n(%)"},"Preço Unitário (com BDI) (R$)","Preço Total\n(R$)","↓","↓","Contrapartida (R$)","Outros (R$)","Erro de Dados","Lista Crono","Concatenação Fonte-Código","BancoDesloc","Custo Unitário Referência (R$)",{"$f":"IF(TIPOORCAMENTO=\"LICITADO\",\"Valor BDI Edital\",\"Valor BDI\")","v":"Valor BDI"},null,"Quantidade",null,"Preço Unitário (com BDI) (R$)","Preço Total\nLicit. (R$)","Preço Unitário Edital (R$)"]
[{"$f":"CHOOSE(1+LOG(1+2*(ORÇAMENTO.Nivel=\"Meta\")+4*(ORÇAMENTO.Nivel=\"Nível 2\")+8*(ORÇAMENTO.Nivel=\"Nível 3\")+16*(ORÇAMENTO.Nivel=\"Nível 4\")+32*(ORÇAMENTO.Nivel=\"Serviço\"),2),0,1,2,3,4,\"S\")","v":"S"},{"$f":"IF(OR(C14=\"s\",C14=0),OFFSET(B14,-1,0),C14)","v":"Save Nivel"},{"$f":"IF(OFFSET(C14,-1,0)=\"L\",1,IF(OFFSET(C14,-1,0)=1,2,IF(OR(A14=\"s\",A14=0),\"S\",IF(AND(OFFSET(C14,-1,0)=2,A14=4),3,IF(AND(OR(OFFSET(C14,-1,0)=\"s\",OFFSET(C14,-1,0)=0),A14<>\"s\",A14>OFFSET(B14,-1,0)),OFFSET(B14,-1,0),A14)))))","v":"S"},{"$f":"IF(OR(C14=\"S\",C14=0),0,IF(ISERROR(K14),J14,SMALL(J14:K14,1)))","v":0},{"$f":"IF($C14=1,OFFSET(E14,-1,0)+MAX(1,COUNTIF(QCI!$A$13:$A$24,OFFSET(ORÇAMENTO!E14,-1,0))),OFFSET(E14,-1,0))","v":"n1"},{"$f":"IF($C14=1,0,IF($C14=2,OFFSET(F14,-1,0)+1,OFFSET(F14,-1,0)))","v":"n2"},{"$f":"IF(AND($C14<=2,$C14<>0),0,IF($C14=3,OFFSET(G14,-1,0)+1,OFFSET(G14,-1,0)))","v":"n3"},{"$f":"IF(AND($C14<=3,$C14<>0),0,IF($C14=4,OFFSET(H14,-1,0)+1,OFFSET(H14,-1,0)))","v":"n4"},{"$f":"IF(AND($C14<=4,$C14<>0),0,IF(AND($C14=\"S\",$X14>0),OFFSET(I14,-1,0)+1,OFFSET(I14,-1,0)))","v":"n5"},{"$f":"IF(OR($C14=\"S\",$C14=0),0,MATCH(0,OFFSET($D14,1,$C14,ROW($C$270)-ROW($C14)),0))","v":0},{"$f":"IF(OR($C14=\"S\",$C14=0),0,MATCH(OFFSET($D14,0,$C14)+IF($C14<>1,1,COUNTIF(QCI!$A$13:$A$24,ORÇAMENTO!E14)),OFFSET($D14,1,$C14,ROW($C$270)-ROW($C14)),0))","v":0},{"$f":"IF(OR($X14>0,$C14=1,$C14=2,$C14=3,$C14=4),\"F\",\"\")","v":""},"Serviço",{"$f":"CHOOSE(1+LOG(1+2*(C14=1)+4*(C14=2)+8*(C14=3)+16*(C14=4)+32*(C14=\"S\"),2),\"\",\"Meta\",\"Nível 2\",\"Nível 3\",\"Nível 4\",\"Serviço\")","v":"Serviço"},{"$f":"IF(OR($C14=0,$L14=\"\"),\"-\",CONCATENATE(E14&\".\",IF(AND($A$5>=2,$C14>=2),F14&\".\",\"\"),IF(AND($A$5>=3,$C14>=3),G14&\".\",\"\"),IF(AND($A$5>=4,$C14>=4),H14&\".\",\"\"),IF($C14=\"S\",I14&\".\",\"\")))","v":"-"},"SINAPI",null,{"$f":"IF($C14=\"S\",REFERENCIA.Descricao,\"(digite a descrição aqui)\")","v":"(Sem Código)"},{"$f":"REFERENCIA.Unidade","v":"-"},{"$f":"OFFSET(CÁLCULO!H$15,ROW($T14)-ROW(T$15),0)","v":0},null,"BDI 1",{"$f":"IF($C14=\"S\",ROUND(IF(TIPOORCAMENTO=\"Proposto\",ORÇAMENTO.CustoUnitario*(1+$AH14),ORÇAMENTO.PrecoUnitarioLicitado),15-13*$AF$10),0)","v":0},{"$f":"IF($C14=\"S\",IF(OR(Import.TipoArredondamento<>\"TransfereGOV\",ACOMPANHAMENTO=\"BM\"),VTOTAL1,SUM(OFFSET(CÁLCULO!$AA$15,ROW($X14)-ROW($X$15),1):OFFSET(CÁLCULO!$AL$15,ROW($X14)-ROW($X$15),-1))),IF($C14=0,0,ROUND(SomaAgrup,15-13*$AF$11)))","v":0},"RA",{"$f":"IF(AND($C14=\"S\",$X14>0),IF(ISBLANK($Y14),\"RA\",LEFT($Y14,2)),\"\")","v":""},{"$f":"IF($C14=\"S\",IF($Z14=\"CP\",$X14,IF($Z14=\"RA\",(($X14)*QCI!$AA$3),0)),SomaAgrup)","v":0},{"$f":"IF($C14=\"S\",IF($Z14=\"OU\",ROUND($X14,2),0),SomaAgrup)","v":0},{"$f":"IF($N14=\"\",\" \",\nIF(AND($C14<>\"S\",OR($R14=\"\",$R14=\"(digite a descrição aqui)\")),\"DESCRIÇÃO\",\nIF(AND($C14=\"S\",OR($Q14<>\"\",$T14>0,$U14>0),$P14=\"\"),\"FONTE\",\nIF(AND($C14=\"S\",$P14<>\"\",OR($T14>0,$U14>0),$Q14=\"\"),\"CÓDIGO\",\nIF(AND($C14=\"S\",$P14<>\"\",$Q14<>\"\",$R14=\"(Código não identificado nas referências)\"),\"CÓDIGO N/ID\",\nIF(AND($C14=\"S\",OR($R14=\"\",$R14=\"(digite a descrição aqui)\"),OR($Q14<>\"\",$T14>0,$U14>0)),\"DESCRIÇÃO\",\nIF(AND($C14=\"S\",$P14<>\"\",$Q14<>\"\",$S14=\"\"),\"UNIDADE\",\nIF(AND($C14=\"S\",$P14<>\"\",$Q14<>\"\",$U14=0),\"SEM CUSTO\",\nIF(AND(_xlfn.SINGLE(TIPOORCAMENTO)=\"Licitado\",$AL14=0,$AN14>0),\"SEM PREÇO\",\nIF(AND($C14=\"S\",$P14<>\"\",$Q14<>\"\",$U14>0,AND($V14<>\"BDI 1\",$V14<>\"BDI 2\",$V14<>\"BDI 3\")),IF(ISNUMBER($V14),\"JUSTIFICAR BDI\",\"BDI\"),\nIF(OR(AND(import.recurso=\"OGU\",TIPOORCAMENTO=\"Proposto\",LEFT($O$8,5)<>\"(N/D:\",$AG14<>\"\",ORÇAMENTO.CustoUnitario>$AG14),AND(TIPOORCAMENTO=\"LICITADO\",ORÇAMENTO.PrecoUnitarioLicitado>$AN14)),\"ACIMA REF.\",\nIF(AND($C14=\"S\",$P14<>\"\",$Q14<>\"\",$T14=0,$U14>0),\"QUANT.\",\nIF(AND(Import.TipoArredondamento=\"TransfereGOV\",$L14=\"F\",$C14=\"S\",LEN($Q14)>13),\"Código >13\",\nIF(AND(Import.TipoArredondamento=\"TransfereGOV\",$L14=\"F\",$C14<>\"S\",LEN($R14)>100),\"Descrição >100\",\nIF(AND(Import.TipoArredondamento=\"TransfereGOV\",$L14=\"F\",$C14=\"S\",LEN($R14)>500),\"Descrição >500\",\nIF(AND(Import.TipoArredondamento=\"TransfereGOV\",$L14=\"F\",$C14=\"S\",LEFT(TRIM(UPPER($P14)),6)<>\"SINAPI\",ISNA(VLOOKUP(TRIM(UPPER($S14)),ListaTgov.Unidades,1,FALSE))),\"Unid. Não Disp\",\n\" \"))))))))))))))))","v":{"$error":"#NAME?"}},{"$f":"IF(C14<=CRONO.NivelExibicao,MAX($AD$15:OFFSET(AD14,-1,0))+IF($C14<>1,1,MAX(1,COUNTIF(QCI!$A$13:$A$24,OFFSET($E14,-1,0)))),\"\")","v":""},{"$f":"IF(AND($C14=\"S\",ORÇAMENTO.CodBarra<>\"\"),IF(ORÇAMENTO.Fonte=\"\",ORÇAMENTO.CodBarra,CONCATENATE(ORÇAMENTO.Fonte,\" \",ORÇAMENTO.CodBarra)))","v":false},{"$f":"IF(ISERROR(INDIRECT(ORÇAMENTO.BancoRef)),\"(abra o arquivo 'Referência \"&Excel_BuiltIn_Database&\".xlsm)\",IF(OR($C14<>\"S\",ORÇAMENTO.CodBarra=\"\"),\"(Sem Código)\",IF(ISERROR(MATCH($AE14,INDIRECT(ORÇAMENTO.BancoRef),0)),\"(Código não identificado nas referências)\",MATCH($AE14,INDIRECT(ORÇAMENTO.BancoRef),0))))","v":"(Sem Código)"},{"$f":"ROUND(IF(DESONERACAO=\"sim\",REFERENCIA.Desonerado,REFERENCIA.NaoDesonerado),2)","v":0},{"$f":"ROUND(IF(ISNUMBER(ORÇAMENTO.OpcaoBDI),ORÇAMENTO.OpcaoBDI,IF(LEFT(ORÇAMENTO.OpcaoBDI,3)=\"BDI\",HLOOKUP(ORÇAMENTO.OpcaoBDI,$F$4:$H$5,2,FALSE),0)),15-11*$AF$9)","v":0.26},null,null,null,null,{"$f":"$X14","v":0},{"$f":"ROUND(ORÇAMENTO.CustoUnitario*(1+$AH14),2)","v":0}]
[0,null,"L",{"$f":"COUNTA(OFFSET(D15,1,0):D$270)","v":254},0,null,null,null,null,null,null,"F",{"$f":"IF(TIPOORCAMENTO=\"LICITADO\",\"CTEF\",\"LOTE\")","v":"LOTE"},{"$f":"IF(TIPOORCAMENTO=\"LICITADO\",\"CTEF\",\"LOTE\")","v":"LOTE"},{"$f":"Import.DescLote","v":"REDE DE ABASTECIMENTO DE ÁGUA - LOT. NOVO HORIZONTE"},null,null,null,null,null,null,null,null,{"$f":"SUMIF(OFFSET($C15,1,0,ROW(X270)-ROW(X15)-1),\"S\",OFFSET(X15,1,0,ROW(X270)-ROW(X15)-1))","v":77170.160000000018},null,{"$f":"IF(AND($C15=\"S\",$X15>0),LEFT($Y15,2),\"\")","v":""},{"$f":"SUMIF(OFFSET($C15,1,0,ROW(AA270)-ROW(AA15)-1),\"S\",OFFSET(AA15,1,0,ROW(AA270)-ROW(AA15)-1))","v":0},{"$f":"SUMIF(OFFSET($C15,1,0,ROW(AB270)-ROW(AB15)-1),\"S\",OFFSET(AB15,1,0,ROW(AB270)-ROW(AB15)-1))","v":0}," ",null,null,null,null,null,null,null,null,null,77170.160000000018]
[{"$f":"CHOOSE(1+LOG(1+2*(ORÇAMENTO.Nivel=\"Meta\")+4*(ORÇAMENTO.Nivel=\"Nível 2\")+8*(ORÇAMENTO.Nivel=\"Nível 3\")+16*(ORÇAMENTO.Nivel=\"Nível 4\")+32*(ORÇAMENTO.Nivel=\"Serviço\"),2),0,1,2,3,4,\"S\")","v":1},{"$f":"IF(OR(C16=\"s\",C16=0),OFFSET(B16,-1,0),C16)","v":1},{"$f":"IF(OFFSET(C16,-1,0)=\"L\",1,IF(OFFSET(C16,-1,0)=1,2,IF(OR(A16=\"s\",A16=0),\"S\",IF(AND(OFFSET(C16,-1,0)=2,A16=4),3,IF(AND(OR(OFFSET(C16,-1,0)=\"s\",OFFSET(C16,-1,0)=0),A16<>\"s\",A16>OFFSET(B16,-1,0)),OFFSET(B16,-1,0),A16)))))","v":1},{"$f":"IF(OR(C16=\"S\",C16=0),0,IF(ISERROR(K16),J16,SMALL(J16:K16,1)))","v":254},{"$f":"IF($C16=1,OFFSET(E16,-1,0)+MAX(1,COUNTIF(QCI!$A$13:$A$24,OFFSET(ORÇAMENTO!E16,-1,0))),OFFSET(E16,-1,0))","v":1},{"$f":"IF($C16=1,0,IF($C16=2,OFFSET(F16,-1,0)+1,OFFSET(F16,-1,0)))","v":0},{"$f":"IF(AND($C16<=2,$C16<>0),0,IF($C16=3,OFFSET(G16,-1,0)+1,OFFSET(G16,-1,0)))","v":0},{"$f":"IF(AND($C16<=3,$C16<>0),0,IF($C16=4,OFFSET(H16,-1,0)+1,OFFSET(H16,-1,0)))","v":0},{"$f":"IF(AND($C16<=4,$C16<>0),0,IF(AND($C16=\"S\",$X16>0),OFFSET(I16,-1,0)+1,OFFSET(I16,-1,0)))","v":0},{"$f":"IF(OR($C16=\"S\",$C16=0),0,MATCH(0,OFFSET($D16,1,$C16,ROW($C$270)-ROW($C16)),0))","v":254},{"$f":"IF(OR($C16=\"S\",$C16=0),0,MATCH(OFFSET($D16,0,$C16)+IF($C16<>1,1,COUNTIF(QCI!$A$13:$A$24,ORÇAMENTO!E16)),OFFSET($D16,1,$C16,ROW($C$270)-ROW($C16)),0))","v":{"$error":"#N/A"}},{"$f":"IF(OR($X16>0,$C16=1,$C16=2,$C16=3,$C16=4),\"F\",\"\")","v":"F"},"Meta",{"$f":"CHOOSE(1+LOG(1+2*(C16=1)+4*(C16=2)+8*(C16=3)+16*(C16=4)+32*(C16=\"S\"),2),\"\",\"Meta\",\"Nível 2\",\"Nível 3\",\"Nível 4\",\"Serviço\")","v":"Meta"},{"$f":"IF(OR($C16=0,$L16=\"\"),\"-\",CONCATENATE(E16&\".\",IF(AND($A$5>=2,$C16>=2),F16&\".\",\"\"),IF(AND($A$5>=3,$C16>=3),G16&\".\",\"\"),IF(AND($A$5>=4,$C16>=4),H16&\".\",\"\"),IF($C16=\"S\",I16&\".\",\"\")))","v":"1."},"SINAPI",null,"REDE DE ABASTECIMENTO DE ÁGUA - LOT. NOVO HORIZONTE",{"$f":"REFERENCIA.Unidade","v":"-"},{"$f":"OFFSET(CÁLCULO!H$15,ROW($T16)-ROW(T$15),0)","v":0},null,"BDI 1",{"$f":"IF($C16=\"S\",ROUND(IF(TIPOORCAMENTO=\"Proposto\",ORÇAMENTO.CustoUnitario*(1+$AH16),ORÇAMENTO.PrecoUnitarioLicitado),15-13*$AF$10),0)","v":0},{"$f":"IF($C16=\"S\",IF(OR(Import.TipoArredondamento<>\"TransfereGOV\",ACOMPANHAMENTO=\"BM\"),VTOTAL1,SUM(OFFSET(CÁLCULO!$AA$15,ROW($X16)-ROW($X$15),1):OFFSET(CÁLCULO!$AL$15,ROW($X16)-ROW($X$15),-1))),IF($C16=0,0,ROUND(SomaAgrup,15-13*$AF$11)))","v":77170.16},"RA",{"$f":"IF(AND($C16=\"S\",$X16>0),IF(ISBLANK($Y16),\"RA\",LEFT($Y16,2)),\"\")","v":""},{"$f":"IF($C16=\"S\",IF($Z16=\"CP\",$X16,IF($Z16=\"RA\",(($X16)*QCI!$AA$3),0)),SomaAgrup)","v":0},{"$f":"IF($C16=\"S\",IF($Z16=\"OU\",ROUND($X16,2),0),SomaAgrup)","v":0},{"$f":"IF($N16=\"\",\" \",\nIF(AND($C16<>\"S\",OR($R16=\"\",$R16=\"(digite a descrição aqui)\")),\"DESCRIÇÃO\",\nIF(AND($C16=\"S\",OR($Q16<>\"\",$T16>0,$U16>0),$P16=\"\"),\"FONTE\",\nIF(AND($C16=\"S\",$P16<>\"\",OR($T16>0,$U16>0),$Q16=\"\"),\"CÓDIGO\",\nIF(AND($C16=\"S\",$P16<>\"\",$Q16<>\"\",$R16=\"(Código não identificado nas referências)\"),\"CÓDIGO N/ID\",\nIF(AND($C16=\"S\",OR($R16=\"\",$R16=\"(digite a descrição aqui)\"),OR($Q16<>\"\",$T16>0,$U16>0)),\"DESCRIÇÃO\",\nIF(AND($C16=\"S\",$P16<>\"\",$Q16<>\"\",$S16=\"\"),\"UNIDADE\",\nIF(AND($C16=\"S\",$P16<>\"\",$Q16<>\"\",$U16=0),\"SEM CUSTO\",\nIF(AND(_xlfn.SINGLE(TIPOORCAMENTO)=\"Licitado\",$AL16=0,$AN16>0),\"SEM PREÇO\",\nIF(AND($C16=\"S\",$P16<>\"\",$Q16<>\"\",$U16>0,AND($V16<>\"BDI 1\",$V16<>\"BDI 2\",$V16<>\"BDI 3\")),IF(ISNUMBER($V16),\"JUSTIFICAR BDI\",\"BDI\"),\nIF(OR(AND(import.recurso=\"OGU\",TIPOORCAMENTO=\"Proposto\",LEFT($O$8,5)<>\"(N/D:\",$AG16<>\"\",ORÇAMENTO.CustoUnitario>$AG16),AND(TIPOORCAMENTO=\"LICITADO\",ORÇAMENTO.PrecoUnitarioLicitado>$AN16)),\"ACIMA REF.\",\nIF(AND($C16=\"S\",$P16<>\"\",$Q16<>\"\",$T16=0,$U16>0),\"QUANT.\",\nIF(AND(Import.TipoArredondamento=\"TransfereGOV\",$L16=\"F\",$C16=\"S\",LEN($Q16)>13),\"Código >13\",\nIF(AND(Import.TipoArredondamento=\"TransfereGOV\",$L16=\"F\",$C16<>\"S\",LEN($R16)>100),\"Descrição >100\",\nIF(AND(Import.TipoArredondamento=\"TransfereGOV\",$L16=\"F\",$C16=\"S\",LEN($R16)>500),\"Descrição >500\",\nIF(AND(Import.TipoArredondamento=\"TransfereGOV\",$L16=\"F\",$C16=\"S\",LEFT(TRIM(UPPER($P16)),6)<>\"SINAPI\",ISNA(VLOOKUP(TRIM(UPPER($S16)),ListaTgov.Unidades,1,FALSE))),\"Unid. Não Disp\",\n\" \"))))))))))))))))","v":{"$error":"#NAME?"}},{"$f":"IF(C16<=CRONO.NivelExibicao,MAX($AD$15:OFFSET(AD16,-1,0))+IF($C16<>1,1,MAX(1,COUNTIF(QCI!$A$13:$A$24,OFFSET($E16,-1,0)))),\"\")","v":1},{"$f":"IF(AND($C16=\"S\",ORÇAMENTO.CodBarra<>\"\"),IF(ORÇAMENTO.Fonte=\"\",ORÇAMENTO.CodBarra,CONCATENATE(ORÇAMENTO.Fonte,\" \",ORÇAMENTO.CodBarra)))","v":false},{"$f":"IF(ISERROR(INDIRECT(ORÇAMENTO.BancoRef)),\"(abra o arquivo 'Referência \"&Excel_BuiltIn_Database&\".xlsm)\",IF(OR($C16<>\"S\",ORÇAMENTO.CodBarra=\"\"),\"(Sem Código)\",IF(ISERROR(MATCH($AE16,INDIRECT(ORÇAMENTO.BancoRef),0)),\"(Código não identificado nas referências)\",MATCH($AE16,INDIRECT(ORÇAMENTO.BancoRef),0))))","v":"(Sem Código)"},{"$f":"ROUND(IF(DESONERACAO=\"sim\",REFERENCIA.Desonerado,REFERENCIA.NaoDesonerado),2)","v":0},{"$f":"ROUND(IF(ISNUMBER(ORÇAMENTO.OpcaoBDI),ORÇAMENTO.OpcaoBDI,IF(LEFT(ORÇAMENTO.OpcaoBDI,3)=\"BDI\",HLOOKUP(ORÇAMENTO.OpcaoBDI,$F$4:$H$5,2,FALSE),0)),15-11*$AF$9)","v":0.26},null,null,null,null,77170.16,{"$f":"ROUND(ORÇAMENTO.CustoUnitario*(1+$AH16),2)","v":0}]
[2,2,2,8,{"$f":"IF($C17=1,OFFSET(E17,-1,0)+MAX(1,COUNTIF(QCI!$A$13:$A$24,OFFSET(ORÇAMENTO!E17,-1,0))),OFFSET(E17,-1,0))","v":1},1,0,0,0,253,{"$f":"IF(OR($C17=\"S\",$C17=0),0,MATCH(OFFSET($D17,0,$C17)+IF($C17<>1,1,COUNTIF(QCI!$A$13:$A$24,ORÇAMENTO!E17)),OFFSET($D17,1,$C17,ROW($C$270)-ROW($C17)),0))","v":8},"F","Nível 2","Nível 2","1.1.","SINAPI",null,"CANTEIRO DE OBRAS",{"$f":"REFERENCIA.Unidade","v":"-"},{"$f":"OFFSET(CÁLCULO!H$15,ROW($T17)-ROW(T$15),0)","v":0},null,"BDI 1",{"$f":"IF($C17=\"S\",ROUND(IF(TIPOORCAMENTO=\"Proposto\",ORÇAMENTO.CustoUnitario*(1+$AH17),ORÇAMENTO.PrecoUnitarioLicitado),15-13*$AF$10),0)","v":0},{"$f":"IF($C17=\"S\",IF(OR(Import.TipoArredondamento<>\"TransfereGOV\",ACOMPANHAMENTO=\"BM\"),VTOTAL1,SUM(OFFSET(CÁLCULO!$AA$15,ROW($X17)-ROW($X$15),1):OFFSET(CÁLCULO!$AL$15,ROW($X17)-ROW($X$15),-1))),IF($C17=0,0,ROUND(SomaAgrup,15-13*$AF$11)))","v":29177.86},"RA","",{"$f":"IF($C17=\"S\",IF($Z17=\"CP\",$X17,IF($Z17=\"RA\",(($X17)*QCI!$AA$3),0)),SomaAgrup)","v":0},0,{"$f":"IF($N17=\"\",\" \",\nIF(AND($C17<>\"S\",OR($R17=\"\",$R17=\"(digite a descrição aqui)\")),\"DESCRIÇÃO\",\nIF(AND($C17=\"S\",OR($Q17<>\"\",$T17>0,$U17>0),$P17=\"\"),\"FONTE\",\nIF(AND($C17=\"S\",$P17<>\"\",OR($T17>0,$U17>0),$Q17=\"\"),\"CÓDIGO\",\nIF(AND($C17=\"S\",$P17<>\"\",$Q17<>\"\",$R17=\"(Código não identificado nas referências)\"),\"CÓDIGO N/ID\",\nIF(AND($C17=\"S\",OR($R17=\"\",$R17=\"(digite a descrição aqui)\"),OR($Q17<>\"\",$T17>0,$U17>0)),\"DESCRIÇÃO\",\nIF(AND($C17=\"S\",$P17<>\"\",$Q17<>\"\",$S17=\"\"),\"UNIDADE\",\nIF(AND($C17=\"S\",$P17<>\"\",$Q17<>\"\",$U17=0),\"SEM CUSTO\",\nIF(AND(_xlfn.SINGLE(TIPOORCAMENTO)=\"Licitado\",$AL17=0,$AN17>0),\"SEM PREÇO\",\nIF(AND($C17=\"S\",$P17<>\"\",$Q17<>\"\",$U17>0,AND($V17<>\"BDI 1\",$V17<>\"BDI 2\",$V17<>\"BDI 3\")),IF(ISNUMBER($V17),\"JUSTIFICAR BDI\",\"BDI\"),\nIF(OR(AND(import.recurso=\"OGU\",TIPOORCAMENTO=\"Proposto\",LEFT($O$8,5)<>\"(N/D:\",$AG17<>\"\",ORÇAMENTO.CustoUnitario>$AG17),AND(TIPOORCAMENTO=\"LICITADO\",ORÇAMENTO.PrecoUnitarioLicitado>$AN17)),\"ACIMA REF.\",\nIF(AND($C17=\"S\",$P17<>\"\",$Q17<>\"\",$T17=0,$U17>0),\"QUANT.\",\nIF(AND(Import.TipoArredondamento=\"TransfereGOV\",$L17=\"F\",$C17=\"S\",LEN($Q17)>13),\"Código >13\",\nIF(AND(Import.TipoArredondamento=\"TransfereGOV\",$L17=\"F\",$C17<>\"S\",LEN($R17)>100),\"Descrição >100\",\nIF(AND(Import.TipoArredondamento=\"TransfereGOV\",$L17=\"F\",$C17=\"S\",LEN($R17)>500),\"Descrição >500\",\nIF(AND(Import.TipoArredondamento=\"TransfereGOV\",$L17=\"F\",$C17=\"S\",LEFT(TRIM(UPPER($P17)),6)<>\"SINAPI\",ISNA(VLOOKUP(TRIM(UPPER($S17)),ListaTgov.Unidades,1,FALSE))),\"Unid. Não Disp\",\n\" \"))))))))))))))))","v":{"$error":"#NAME?"}},{"$f":"IF(C17<=CRONO.NivelExibicao,MAX($AD$15:OFFSET(AD17,-1,0))+IF($C17<>1,1,MAX(1,COUNTIF(QCI!$A$13:$A$24,OFFSET($E17,-1,0)))),\"\")","v":2},{"$f":"IF(AND($C17=\"S\",ORÇAMENTO.CodBarra<>\"\"),IF(ORÇAMENTO.Fonte=\"\",ORÇAMENTO.CodBarra,CONCATENATE(ORÇAMENTO.Fonte,\" \",ORÇAMENTO.CodBarra)))","v":false},{"$f":"IF(ISERROR(INDIRECT(ORÇAMENTO.BancoRef)),\"(abra o arquivo 'Referência \"&Excel_BuiltIn_Database&\".xlsm)\",IF(OR($C17<>\"S\",ORÇAMENTO.CodBarra=\"\"),\"(Sem Código)\",IF(ISERROR(MATCH($AE17,INDIRECT(ORÇAMENTO.BancoRef),0)),\"(Código não identificado nas referências)\",MATCH($AE17,INDIRECT(ORÇAMENTO.BancoRef),0))))","v":"(Sem Código)"},{"$f":"ROUND(IF(DESONERACAO=\"sim\",REFERENCIA.Desonerado,REFERENCIA.NaoDesonerado),2)","v":0},0.26,null,null,null,null,29177.86,0]
["S",2,"S",0,{"$f":"IF($C18=1,OFFSET(E18,-1,0)+MAX(1,COUNTIF(QCI!$A$13:$A$24,OFFSET(ORÇAMENTO!E18,-1,0))),OFFSET(E18,-1,0))","v":1},1,0,0,1,0,{"$f":"IF(OR($C18=\"S\",$C18=0),0,MATCH(OFFSET($D18,0,$C18)+IF($C18<>1,1,COUNTIF(QCI!$A$13:$A$24,ORÇAMENTO!E18)),OFFSET($D18,1,$C18,ROW($C$270)-ROW($C18)),0))","v":0},"F","Serviço","Serviço","1.1.0.1.","SINAPI","103689",{"$f":"IF($C18=\"S\",REFERENCIA.Descricao,\"(digite a descrição aqui)\")","v":"FORNECIMENTO E INSTALAÇÃO DE PLACA DE OBRA COM CHAPA GALVANIZADA E ESTRUTURA DE MADEIRA. AF_03/2022_PS"},{"$f":"REFERENCIA.Unidade","v":"M2"},{"$f":"OFFSET(CÁLCULO!H$15,ROW($T18)-ROW(T$15),0)","v":4.5},400,"BDI 1",{"$f":"IF($C18=\"S\",ROUND(IF(TIPOORCAMENTO=\"Proposto\",ORÇAMENTO.CustoUnitario*(1+$AH18),ORÇAMENTO.PrecoUnitarioLicitado),15-13*$AF$10),0)","v":504},{"$f":"IF($C18=\"S\",IF(OR(Import.TipoArredondamento<>\"TransfereGOV\",ACOMPANHAMENTO=\"BM\"),VTOTAL1,SUM(OFFSET(CÁLCULO!$AA$15,ROW($X18)-ROW($X$15),1):OFFSET(CÁLCULO!$AL$15,ROW($X18)-ROW($X$15),-1))),IF($C18=0,0,ROUND(SomaAgrup,15-13*$AF$11)))","v":2268},"RA","RA",{"$f":"IF($C18=\"S\",IF($Z18=\"CP\",$X18,IF($Z18=\"RA\",(($X18)*QCI!$AA$3),0)),SomaAgrup)","v":0},0,{"$f":"IF($N18=\"\",\" \",\nIF(AND($C18<>\"S\",OR($R18=\"\",$R18=\"(digite a descrição aqui)\")),\"DESCRIÇÃO\",\nIF(AND($C18=\"S\",OR($Q18<>\"\",$T18>0,$U18>0),$P18=\"\"),\"FONTE\",\nIF(AND($C18=\"S\",$P18<>\"\",OR($T18>0,$U18>0),$Q18=\"\"),\"CÓDIGO\",\nIF(AND($C18=\"S\",$P18<>\"\",$Q18<>\"\",$R18=\"(Código não identificado nas referências)\"),\"CÓDIGO N/ID\",\nIF(AND($C18=\"S\",OR($R18=\"\",$R18=\"(digite a descrição aqui)\"),OR($Q18<>\"\",$T18>0,$U18>0)),\"DESCRIÇÃO\",\nIF(AND($C18=\"S\",$P18<>\"\",$Q18<>\"\",$S18=\"\"),\"UNIDADE\",\nIF(AND($C18=\"S\",$P18<>\"\",$Q18<>\"\",$U18=0),\"SEM CUSTO\",\nIF(AND(_xlfn.SINGLE(TIPOORCAMENTO)=\"Licitado\",$AL18=0,$AN18>0),\"SEM PREÇO\",\nIF(AND($C18=\"S\",$P18<>\"\",$Q18<>\"\",$U18>0,AND($V18<>\"BDI 1\",$V18<>\"BDI 2\",$V18<>\"BDI 3\")),IF(ISNUMBER($V18),\"JUSTIFICAR BDI\",\"BDI\"),\nIF(OR(AND(import.recurso=\"OGU\",TIPOORCAMENTO=\"Proposto\",LEFT($O$8,5)<>\"(N/D:\",$AG18<>\"\",ORÇAMENTO.CustoUnitario>$AG18),AND(TIPOORCAMENTO=\"LICITADO\",ORÇAMENTO.PrecoUnitarioLicitado>$AN18)),\"ACIMA REF.\",\nIF(AND($C18=\"S\",$P18<>\"\",$Q18<>\"\",$T18=0,$U18>0),\"QUANT.\",\nIF(AND(Import.TipoArredondamento=\"TransfereGOV\",$L18=\"F\",$C18=\"S\",LEN($Q18)>13),\"Código >13\",\nIF(AND(Import.TipoArredondamento=\"TransfereGOV\",$L18=\"F\",$C18<>\"S\",LEN($R18)>100),\"Descrição >100\",\nIF(AND(Import.TipoArredondamento=\"TransfereGOV\",$L18=\"F\",$C18=\"S\",LEN($R18)>500),\"Descrição >500\",\nIF(AND(Import.TipoArredondamento=\"TransfereGOV\",$L18=\"F\",$C18=\"S\",LEFT(TRIM(UPPER($P18)),6)<>\"SINAPI\",ISNA(VLOOKUP(TRIM(UPPER($S18)),ListaTgov.Unidades,1,FALSE))),\"Unid. Não Disp\",\n\" \"))))))))))))))))","v":{"$error":"#NAME?"}},{"$f":"IF(C18<=CRONO.NivelExibicao,MAX($AD$15:OFFSET(AD18,-1,0))+IF($C18<>1,1,MAX(1,COUNTIF(QCI!$A$13:$A$24,OFFSET($E18,-1,0)))),\"\")","v":""},{"$f":"IF(AND($C18=\"S\",ORÇAMENTO.CodBarra<>\"\"),IF(ORÇAMENTO.Fonte=\"\",ORÇAMENTO.CodBarra,CONCATENATE(ORÇAMENTO.Fonte,\" \",ORÇAMENTO.CodBarra)))","v":"SINAPI 103689"},{"$f":"IF(ISERROR(INDIRECT(ORÇAMENTO.BancoRef)),\"(abra o arquivo 'Referência \"&Excel_BuiltIn_Database&\".xlsm)\",IF(OR($C18<>\"S\",ORÇAMENTO.CodBarra=\"\"),\"(Sem Código)\",IF(ISERROR(MATCH($AE18,INDIRECT(ORÇAMENTO.BancoRef),0)),\"(Código não identificado nas referências)\",MATCH($AE18,INDIRECT(ORÇAMENTO.BancoRef),0))))","v":14811},{"$f":"ROUND(IF(DESONERACAO=\"sim\",REFERENCIA.Desonerado,REFERENCIA.NaoDesonerado),2)","v":467.23},0.26,null,null,null,null,2268,504]
["S",2,"S",0,{"$f":"IF($C19=1,OFFSET(E19,-1,0)+MAX(1,COUNTIF(QCI!$A$13:$A$24,OFFSET(ORÇAMENTO!E19,-1,0))),OFFSET(E19,-1,0))","v":1},1,0,0,2,0,{"$f":"IF(OR($C19=\"S\",$C19=0),0,MATCH(OFFSET($D19,0,$C19)+IF($C19<>1,1,COUNTIF(QCI!$A$13:$A$24,ORÇAMENTO!E19)),OFFSET($D19,1,$C19,ROW($C$270)-ROW($C19)),0))","v":0},"F","Serviço","Serviço","1.1.0.2.","ORSE","04298","ALUGUEL DE CONTAINER - ESCRITÓRIO COM BANHEIRO - 6,20 x 2,40m, EQUIPADO COM AR CONDICIONADO","MÊS",{"$f":"OFFSET(CÁLCULO!H$15,ROW($T19)-ROW(T$15),0)","v":2},1600,"BDI 1",{"$f":"IF($C19=\"S\",ROUND(IF(TIPOORCAMENTO=\"Proposto\",ORÇAMENTO.CustoUnitario*(1+$AH19),ORÇAMENTO.PrecoUnitarioLicitado),15-13*$AF$10),0)","v":2016},{"$f":"IF($C19=\"S\",IF(OR(Import.TipoArredondamento<>\"TransfereGOV\",ACOMPANHAMENTO=\"BM\"),VTOTAL1,SUM(OFFSET(CÁLCULO!$AA$15,ROW($X19)-ROW($X$15),1):OFFSET(CÁLCULO!$AL$15,ROW($X19)-ROW($X$15),-1))),IF($C19=0,0,ROUND(SomaAgrup,15-13*$AF$11)))","v":4032},"RA","RA",{"$f":"IF($C19=\"S\",IF($Z19=\"CP\",$X19,IF($Z19=\"RA\",(($X19)*QCI!$AA$3),0)),SomaAgrup)","v":0},0,{"$f":"IF($N19=\"\",\" \",\nIF(AND($C19<>\"S\",OR($R19=\"\",$R19=\"(digite a descrição aqui)\")),\"DESCRIÇÃO\",\nIF(AND($C19=\"S\",OR($Q19<>\"\",$T19>0,$U19>0),$P19=\"\"),\"FONTE\",\nIF(AND($C19=\"S\",$P19<>\"\",OR($T19>0,$U19>0),$Q19=\"\"),\"CÓDIGO\",\nIF(AND($C19=\"S\",$P19<>\"\",$Q19<>\"\",$R19=\"(Código não identificado nas referências)\"),\"CÓDIGO N/ID\",\nIF(AND($C19=\"S\",OR($R19=\"\",$R19=\"(digite a descrição aqui)\"),OR($Q19<>\"\",$T19>0,$U19>0)),\"DESCRIÇÃO\",\nIF(AND($C19=\"S\",$P19<>\"\",$Q19<>\"\",$S19=\"\"),\"UNIDADE\",\nIF(AND($C19=\"S\",$P19<>\"\",$Q19<>\"\",$U19=0),\"SEM CUSTO\",\nIF(AND(_xlfn.SINGLE(TIPOORCAMENTO)=\"Licitado\",$AL19=0,$AN19>0),\"SEM PREÇO\",\nIF(AND($C19=\"S\",$P19<>\"\",$Q19<>\"\",$U19>0,AND($V19<>\"BDI 1\",$V19<>\"BDI 2\",$V19<>\"BDI 3\")),IF(ISNUMBER($V19),\"JUSTIFICAR BDI\",\"BDI\"),\nIF(OR(AND(import.recurso=\"OGU\",TIPOORCAMENTO=\"Proposto\",LEFT($O$8,5)<>\"(N/D:\",$AG19<>\"\",ORÇAMENTO.CustoUnitario>$AG19),AND(TIPOORCAMENTO=\"LICITADO\",ORÇAMENTO.PrecoUnitarioLicitado>$AN19)),\"ACIMA REF.\",\nIF(AND($C19=\"S\",$P19<>\"\",$Q19<>\"\",$T19=0,$U19>0),\"QUANT.\",\nIF(AND(Import.TipoArredondamento=\"TransfereGOV\",$L19=\"F\",$C19=\"S\",LEN($Q19)>13),\"Código >13\",\nIF(AND(Import.TipoArredondamento=\"TransfereGOV\",$L19=\"F\",$C19<>\"S\",LEN($R19)>100),\"Descrição >100\",\nIF(AND(Import.TipoArredondamento=\"TransfereGOV\",$L19=\"F\",$C19=\"S\",LEN($R19)>500),\"Descrição >500\",\nIF(AND(Import.TipoArredondamento=\"TransfereGOV\",$L19=\"F\",$C19=\"S\",LEFT(TRIM(UPPER($P19)),6)<>\"SINAPI\",ISNA(VLOOKUP(TRIM(UPPER($S19)),ListaTgov.Unidades,1,FALSE))),\"Unid. Não Disp\",\n\" \"))))))))))))))))","v":{"$error":"#NAME?"}},{"$f":"IF(C19<=CRONO.NivelExibicao,MAX($AD$15:OFFSET(AD19,-1,0))+IF($C19<>1,1,MAX(1,COUNTIF(QCI!$A$13:$A$24,OFFSET($E19,-1,0)))),\"\")","v":""},{"$f":"IF(AND($C19=\"S\",ORÇAMENTO.CodBarra<>\"\"),IF(ORÇAMENTO.Fonte=\"\",ORÇAMENTO.CodBarra,CONCATENATE(ORÇAMENTO.Fonte,\" \",ORÇAMENTO.CodBarra)))","v":"ORSE 04298"},{"$f":"IF(ISERROR(INDIRECT(ORÇAMENTO.BancoRef)),\"(abra o arquivo 'Referência \"&Excel_BuiltIn_Database&\".xlsm)\",IF(OR($C19<>\"S\",ORÇAMENTO.CodBarra=\"\"),\"(Sem Código)\",IF(ISERROR(MATCH($AE19,INDIRECT(ORÇAMENTO.BancoRef),0)),\"(Código não identificado nas referências)\",MATCH($AE19,INDIRECT(ORÇAMENTO.BancoRef),0))))","v":"(Código não identificado nas referências)"},{"$f":"ROUND(IF(DESONERACAO=\"sim\",REFERENCIA.Desonerado,REFERENCIA.NaoDesonerado),2)","v":0},0.26,null,null,null,null,4032,2016]
["S",2,"S",0,{"$f":"IF($C20=1,OFFSET(E20,-1,0)+MAX(1,COUNTIF(QCI!$A$13:$A$24,OFFSET(ORÇAMENTO!E20,-1,0))),OFFSET(E20,-1,0))","v":1},1,0,0,3,0,{"$f":"IF(OR($C20=\"S\",$C20=0),0,MATCH(OFFSET($D20,0,$C20)+IF($C20<>1,1,COUNTIF(QCI!$A$13:$A$24,ORÇAMENTO!E20)),OFFSET($D20,1,$C20,ROW($C$270)-ROW($C20)),0))","v":0},"F","Serviço","Serviço","1.1.0.3.","SANEPAR","001001008","SANITÁRIO QUÍMICO","UDxMÊS",{"$f":"OFFSET(CÁLCULO!H$15,ROW($T20)-ROW(T$15),0)","v":2},548.54999999999995,"BDI 1",{"$f":"IF($C20=\"S\",ROUND(IF(TIPOORCAMENTO=\"Proposto\",ORÇAMENTO.CustoUnitario*(1+$AH20),ORÇAMENTO.PrecoUnitarioLicitado),15-13*$AF$10),0)","v":691.17},{"$f":"IF($C20=\"S\",IF(OR(Import.TipoArredondamento<>\"TransfereGOV\",ACOMPANHAMENTO=\"BM\"),VTOTAL1,SUM(OFFSET(CÁLCULO!$AA$15,ROW($X20)-ROW($X$15),1):OFFSET(CÁLCULO!$AL$15,ROW($X20)-ROW($X$15),-1))),IF($C20=0,0,ROUND(SomaAgrup,15-13*$AF$11)))","v":1382.34},"RA","RA",{"$f":"IF($C20=\"S\",IF($Z20=\"CP\",$X20,IF($Z20=\"RA\",(($X20)*QCI!$AA$3),0)),SomaAgrup)","v":0},0,{"$f":"IF($N20=\"\",\" \",\nIF(AND($C20<>\"S\",OR($R20=\"\",$R20=\"(digite a descrição aqui)\")),\"DESCRIÇÃO\",\nIF(AND($C20=\"S\",OR($Q20<>\"\",$T20>0,$U20>0),$P20=\"\"),\"FONTE\",\nIF(AND($C20=\"S\",$P20<>\"\",OR($T20>0,$U20>0),$Q20=\"\"),\"CÓDIGO\",\nIF(AND($C20=\"S\",$P20<>\"\",$Q20<>\"\",$R20=\"(Código não identificado nas referências)\"),\"CÓDIGO N/ID\",\nIF(AND($C20=\"S\",OR($R20=\"\",$R20=\"(digite a descrição aqui)\"),OR($Q20<>\"\",$T20>0,$U20>0)),\"DESCRIÇÃO\",\nIF(AND($C20=\"S\",$P20<>\"\",$Q20<>\"\",$S20=\"\"),\"UNIDADE\",\nIF(AND($C20=\"S\",$P20<>\"\",$Q20<>\"\",$U20=0),\"SEM CUSTO\",\nIF(AND(_xlfn.SINGLE(TIPOORCAMENTO)=\"Licitado\",$AL20=0,$AN20>0),\"SEM PREÇO\",\nIF(AND($C20=\"S\",$P20<>\"\",$Q20<>\"\",$U20>0,AND($V20<>\"BDI 1\",$V20<>\"BDI 2\",$V20<>\"BDI 3\")),IF(ISNUMBER($V20),\"JUSTIFICAR BDI\",\"BDI\"),\nIF(OR(AND(import.recurso=\"OGU\",TIPOORCAMENTO=\"Proposto\",LEFT($O$8,5)<>\"(N/D:\",$AG20<>\"\",ORÇAMENTO.CustoUnitario>$AG20),AND(TIPOORCAMENTO=\"LICITADO\",ORÇAMENTO.PrecoUnitarioLicitado>$AN20)),\"ACIMA REF.\",\nIF(AND($C20=\"S\",$P20<>\"\",$Q20<>\"\",$T20=0,$U20>0),\"QUANT.\",\nIF(AND(Import.TipoArredondamento=\"TransfereGOV\",$L20=\"F\",$C20=\"S\",LEN($Q20)>13),\"Código >13\",\nIF(AND(Import.TipoArredondamento=\"TransfereGOV\",$L20=\"F\",$C20<>\"S\",LEN($R20)>100),\"Descrição >100\",\nIF(AND(Import.TipoArredondamento=\"TransfereGOV\",$L20=\"F\",$C20=\"S\",LEN($R20)>500),\"Descrição >500\",\nIF(AND(Import.TipoArredondamento=\"TransfereGOV\",$L20=\"F\",$C20=\"S\",LEFT(TRIM(UPPER($P20)),6)<>\"SINAPI\",ISNA(VLOOKUP(TRIM(UPPER($S20)),ListaTgov.Unidades,1,FALSE))),\"Unid. Não Disp\",\n\" \"))))))))))))))))","v":{"$error":"#NAME?"}},{"$f":"IF(C20<=CRONO.NivelExibicao,MAX($AD$15:OFFSET(AD20,-1,0))+IF($C20<>1,1,MAX(1,COUNTIF(QCI!$A$13:$A$24,OFFSET($E20,-1,0)))),\"\")","v":""},{"$f":"IF(AND($C20=\"S\",ORÇAMENTO.CodBarra<>\"\"),IF(ORÇAMENTO.Fonte=\"\",ORÇAMENTO.CodBarra,CONCATENATE(ORÇAMENTO.Fonte,\" \",ORÇAMENTO.CodBarra)))","v":"SANEPAR 001001008"},{"$f":"IF(ISERROR(INDIRECT(ORÇAMENTO.BancoRef)),\"(abra o arquivo 'Referência \"&Excel_BuiltIn_Database&\".xlsm)\",IF(OR($C20<>\"S\",ORÇAMENTO.CodBarra=\"\"),\"(Sem Código)\",IF(ISERROR(MATCH($AE20,INDIRECT(ORÇAMENTO.BancoRef),0)),\"(Código não identificado nas referências)\",MATCH($AE20,INDIRECT(ORÇAMENTO.BancoRef),0))))","v":"(Código não identificado nas referências)"},{"$f":"ROUND(IF(DESONERACAO=\"sim\",REFERENCIA.Desonerado,REFERENCIA.NaoDesonerado),2)","v":0},0.26,null,null,null,null,1382.34,691.17]
["S",2,"S",0,{"$f":"IF($C21=1,OFFSET(E21,-1,0)+MAX(1,COUNTIF(QCI!$A$13:$A$24,OFFSET(ORÇAMENTO!E21,-1,0))),OFFSET(E21,-1,0))","v":1},1,0,0,4,0,{"$f":"IF(OR($C21=\"S\",$C21=0),0,MATCH(OFFSET($D21,0,$C21)+IF($C21<>1,1,COUNTIF(QCI!$A$13:$A$24,ORÇAMENTO!E21)),OFFSET($D21,1,$C21,ROW($C$270)-ROW($C21)),0))","v":0},"F","Serviço","Serviço","1.1.0.4.","SANEPAR","001.002.001","ENTRADA PROVISÓRIA DE ENERGIA TRIFÁSICA 70A","UD",{"$f":"OFFSET(CÁLCULO!H$15,ROW($T21)-ROW(T$15),0)","v":1},2896.46,"BDI 1",{"$f":"IF($C21=\"S\",ROUND(IF(TIPOORCAMENTO=\"Proposto\",ORÇAMENTO.CustoUnitario*(1+$AH21),ORÇAMENTO.PrecoUnitarioLicitado),15-13*$AF$10),0)","v":3649.54},{"$f":"IF($C21=\"S\",IF(OR(Import.TipoArredondamento<>\"TransfereGOV\",ACOMPANHAMENTO=\"BM\"),VTOTAL1,SUM(OFFSET(CÁLCULO!$AA$15,ROW($X21)-ROW($X$15),1):OFFSET(CÁLCULO!$AL$15,ROW($X21)-ROW($X$15),-1))),IF($C21=0,0,ROUND(SomaAgrup,15-13*$AF$11)))","v":3649.54},"RA","RA",{"$f":"IF($C21=\"S\",IF($Z21=\"CP\",$X21,IF($Z21=\"RA\",(($X21)*QCI!$AA$3),0)),SomaAgrup)","v":0},0,{"$f":"IF($N21=\"\",\" \",\nIF(AND($C21<>\"S\",OR($R21=\"\",$R21=\"(digite a descrição aqui)\")),\"DESCRIÇÃO\",\nIF(AND($C21=\"S\",OR($Q21<>\"\",$T21>0,$U21>0),$P21=\"\"),\"FONTE\",\nIF(AND($C21=\"S\",$P21<>\"\",OR($T21>0,$U21>0),$Q21=\"\"),\"CÓDIGO\",\nIF(AND($C21=\"S\",$P21<>\"\",$Q21<>\"\",$R21=\"(Código não identificado nas referências)\"),\"CÓDIGO N/ID\",\nIF(AND($C21=\"S\",OR($R21=\"\",$R21=\"(digite a descrição aqui)\"),OR($Q21<>\"\",$T21>0,$U21>0)),\"DESCRIÇÃO\",\nIF(AND($C21=\"S\",$P21<>\"\",$Q21<>\"\",$S21=\"\"),\"UNIDADE\",\nIF(AND($C21=\"S\",$P21<>\"\",$Q21<>\"\",$U21=0),\"SEM CUSTO\",\nIF(AND(_xlfn.SINGLE(TIPOORCAMENTO)=\"Licitado\",$AL21=0,$AN21>0),\"SEM PREÇO\",\nIF(AND($C21=\"S\",$P21<>\"\",$Q21<>\"\",$U21>0,AND($V21<>\"BDI 1\",$V21<>\"BDI 2\",$V21<>\"BDI 3\")),IF(ISNUMBER($V21),\"JUSTIFICAR BDI\",\"BDI\"),\nIF(OR(AND(import.recurso=\"OGU\",TIPOORCAMENTO=\"Proposto\",LEFT($O$8,5)<>\"(N/D:\",$AG21<>\"\",ORÇAMENTO.CustoUnitario>$AG21),AND(TIPOORCAMENTO=\"LICITADO\",ORÇAMENTO.PrecoUnitarioLicitado>$AN21)),\"ACIMA REF.\",\nIF(AND($C21=\"S\",$P21<>\"\",$Q21<>\"\",$T21=0,$U21>0),\"QUANT.\",\nIF(AND(Import.TipoArredondamento=\"TransfereGOV\",$L21=\"F\",$C21=\"S\",LEN($Q21)>13),\"Código >13\",\nIF(AND(Import.TipoArredondamento=\"TransfereGOV\",$L21=\"F\",$C21<>\"S\",LEN($R21)>100),\"Descrição >100\",\nIF(AND(Import.TipoArredondamento=\"TransfereGOV\",$L21=\"F\",$C21=\"S\",LEN($R21)>500),\"Descrição >500\",\nIF(AND(Import.TipoArredondamento=\"TransfereGOV\",$L21=\"F\",$C21=\"S\",LEFT(TRIM(UPPER($P21)),6)<>\"SINAPI\",ISNA(VLOOKUP(TRIM(UPPER($S21)),ListaTgov.Unidades,1,FALSE))),\"Unid. Não Disp\",\n\" \"))))))))))))))))","v":{"$error":"#NAME?"}},{"$f":"IF(C21<=CRONO.NivelExibicao,MAX($AD$15:OFFSET(AD21,-1,0))+IF($C21<>1,1,MAX(1,COUNTIF(QCI!$A$13:$A$24,OFFSET($E21,-1,0)))),\"\")","v":""},{"$f":"IF(AND($C21=\"S\",ORÇAMENTO.CodBarra<>\"\"),IF(ORÇAMENTO.Fonte=\"\",ORÇAMENTO.CodBarra,CONCATENATE(ORÇAMENTO.Fonte,\" \",ORÇAMENTO.CodBarra)))","v":"SANEPAR 001.002.001"},{"$f":"IF(ISERROR(INDIRECT(ORÇAMENTO.BancoRef)),\"(abra o arquivo 'Referência \"&Excel_BuiltIn_Database&\".xlsm)\",IF(OR($C21<>\"S\",ORÇAMENTO.CodBarra=\"\"),\"(Sem Código)\",IF(ISERROR(MATCH($AE21,INDIRECT(ORÇAMENTO.BancoRef),0)),\"(Código não identificado nas referências)\",MATCH($AE21,INDIRECT(ORÇAMENTO.BancoRef),0))))","v":"(Código não identificado nas referências)"},{"$f":"ROUND(IF(DESONERACAO=\"sim\",REFERENCIA.Desonerado,REFERENCIA.NaoDesonerado),2)","v":0},0.26,null,null,null,null,3649.54,3649.54]
["S",2,"S",0,{"$f":"IF($C22=1,OFFSET(E22,-1,0)+MAX(1,COUNTIF(QCI!$A$13:$A$24,OFFSET(ORÇAMENTO!E22,-1,0))),OFFSET(E22,-1,0))","v":1},1,0,0,5,0,{"$f":"IF(OR($C22=\"S\",$C22=0),0,MATCH(OFFSET($D22,0,$C22)+IF($C22<>1,1,COUNTIF(QCI!$A$13:$A$24,ORÇAMENTO!E22)),OFFSET($D22,1,$C22,ROW($C$270)-ROW($C22)),0))","v":0},"F","Serviço","Serviço","1.1.0.5.","SANEPAR","001.003.001","ENTRADA PROVISÓRIA DE ÁGUA","UD",{"$f":"OFFSET(CÁLCULO!H$15,ROW($T22)-ROW(T$15),0)","v":1},196.68,"BDI 1",{"$f":"IF($C22=\"S\",ROUND(IF(TIPOORCAMENTO=\"Proposto\",ORÇAMENTO.CustoUnitario*(1+$AH22),ORÇAMENTO.PrecoUnitarioLicitado),15-13*$AF$10),0)","v":247.82},{"$f":"IF($C22=\"S\",IF(OR(Import.TipoArredondamento<>\"TransfereGOV\",ACOMPANHAMENTO=\"BM\"),VTOTAL1,SUM(OFFSET(CÁLCULO!$AA$15,ROW($X22)-ROW($X$15),1):OFFSET(CÁLCULO!$AL$15,ROW($X22)-ROW($X$15),-1))),IF($C22=0,0,ROUND(SomaAgrup,15-13*$AF$11)))","v":247.82},"RA","RA",{"$f":"IF($C22=\"S\",IF($Z22=\"CP\",$X22,IF($Z22=\"RA\",(($X22)*QCI!$AA$3),0)),SomaAgrup)","v":0},0,{"$f":"IF($N22=\"\",\" \",\nIF(AND($C22<>\"S\",OR($R22=\"\",$R22=\"(digite a descrição aqui)\")),\"DESCRIÇÃO\",\nIF(AND($C22=\"S\",OR($Q22<>\"\",$T22>0,$U22>0),$P22=\"\"),\"FONTE\",\nIF(AND($C22=\"S\",$P22<>\"\",OR($T22>0,$U22>0),$Q22=\"\"),\"CÓDIGO\",\nIF(AND($C22=\"S\",$P22<>\"\",$Q22<>\"\",$R22=\"(Código não identificado nas referências)\"),\"CÓDIGO N/ID\",\nIF(AND($C22=\"S\",OR($R22=\"\",$R22=\"(digite a descrição aqui)\"),OR($Q22<>\"\",$T22>0,$U22>0)),\"DESCRIÇÃO\",\nIF(AND($C22=\"S\",$P22<>\"\",$Q22<>\"\",$S22=\"\"),\"UNIDADE\",\nIF(AND($C22=\"S\",$P22<>\"\",$Q22<>\"\",$U22=0),\"SEM CUSTO\",\nIF(AND(_xlfn.SINGLE(TIPOORCAMENTO)=\"Licitado\",$AL22=0,$AN22>0),\"SEM PREÇO\",\nIF(AND($C22=\"S\",$P22<>\"\",$Q22<>\"\",$U22>0,AND($V22<>\"BDI 1\",$V22<>\"BDI 2\",$V22<>\"BDI 3\")),IF(ISNUMBER($V22),\"JUSTIFICAR BDI\",\"BDI\"),\nIF(OR(AND(import.recurso=\"OGU\",TIPOORCAMENTO=\"Proposto\",LEFT($O$8,5)<>\"(N/D:\",$AG22<>\"\",ORÇAMENTO.CustoUnitario>$AG22),AND(TIPOORCAMENTO=\"LICITADO\",ORÇAMENTO.PrecoUnitarioLicitado>$AN22)),\"ACIMA REF.\",\nIF(AND($C22=\"S\",$P22<>\"\",$Q22<>\"\",$T22=0,$U22>0),\"QUANT.\",\nIF(AND(Import.TipoArredondamento=\"TransfereGOV\",$L22=\"F\",$C22=\"S\",LEN($Q22)>13),\"Código >13\",\nIF(AND(Import.TipoArredondamento=\"TransfereGOV\",$L22=\"F\",$C22<>\"S\",LEN($R22)>100),\"Descrição >100\",\nIF(AND(Import.TipoArredondamento=\"TransfereGOV\",$L22=\"F\",$C22=\"S\",LEN($R22)>500),\"Descrição >500\",\nIF(AND(Import.TipoArredondamento=\"TransfereGOV\",$L22=\"F\",$C22=\"S\",LEFT(TRIM(UPPER($P22)),6)<>\"SINAPI\",ISNA(VLOOKUP(TRIM(UPPER($S22)),ListaTgov.Unidades,1,FALSE))),\"Unid. Não Disp\",\n\" \"))))))))))))))))","v":{"$error":"#NAME?"}},{"$f":"IF(C22<=CRONO.NivelExibicao,MAX($AD$15:OFFSET(AD22,-1,0))+IF($C22<>1,1,MAX(1,COUNTIF(QCI!$A$13:$A$24,OFFSET($E22,-1,0)))),\"\")","v":""},{"$f":"IF(AND($C22=\"S\",ORÇAMENTO.CodBarra<>\"\"),IF(ORÇAMENTO.Fonte=\"\",ORÇAMENTO.CodBarra,CONCATENATE(ORÇAMENTO.Fonte,\" \",ORÇAMENTO.CodBarra)))","v":"SANEPAR 001.003.001"},{"$f":"IF(ISERROR(INDIRECT(ORÇAMENTO.BancoRef)),\"(abra o arquivo 'Referência \"&Excel_BuiltIn_Database&\".xlsm)\",IF(OR($C22<>\"S\",ORÇAMENTO.CodBarra=\"\"),\"(Sem Código)\",IF(ISERROR(MATCH($AE22,INDIRECT(ORÇAMENTO.BancoRef),0)),\"(Código não identificado nas referências)\",MATCH($AE22,INDIRECT(ORÇAMENTO.BancoRef),0))))","v":"(Código não identificado nas referências)"},{"$f":"ROUND(IF(DESONERACAO=\"sim\",REFERENCIA.Desonerado,REFERENCIA.NaoDesonerado),2)","v":0},0.26,null,null,null,null,247.82,247.82]
["S",2,"S",0,{"$f":"IF($C23=1,OFFSET(E23,-1,0)+MAX(1,COUNTIF(QCI!$A$13:$A$24,OFFSET(ORÇAMENTO!E23,-1,0))),OFFSET(E23,-1,0))","v":1},1,0,0,6,{"$f":"IF(OR($C23=\"S\",$C23=0),0,MATCH(0,OFFSET($D23,1,$C23,ROW($C$270)-ROW($C23)),0))","v":0},{"$f":"IF(OR($C23=\"S\",$C23=0),0,MATCH(OFFSET($D23,0,$C23)+IF($C23<>1,1,COUNTIF(QCI!$A$13:$A$24,ORÇAMENTO!E23)),OFFSET($D23,1,$C23,ROW($C$270)-ROW($C23)),0))","v":0},"F","Serviço","Serviço","1.1.0.6.","SINAPI-I","2706",{"$f":"IF($C23=\"S\",REFERENCIA.Descricao,\"(digite a descrição aqui)\")","v":"ENGENHEIRO CIVIL DE OBRA JUNIOR (HORISTA)"},{"$f":"REFERENCIA.Unidade","v":"H"},{"$f":"OFFSET(CÁLCULO!H$15,ROW($T23)-ROW(T$15),0)","v":16},113.45,"BDI 1",{"$f":"IF($C23=\"S\",ROUND(IF(TIPOORCAMENTO=\"Proposto\",ORÇAMENTO.CustoUnitario*(1+$AH23),ORÇAMENTO.PrecoUnitarioLicitado),15-13*$AF$10),0)","v":142.94999999999999},{"$f":"IF($C23=\"S\",IF(OR(Import.TipoArredondamento<>\"TransfereGOV\",ACOMPANHAMENTO=\"BM\"),VTOTAL1,SUM(OFFSET(CÁLCULO!$AA$15,ROW($X23)-ROW($X$15),1):OFFSET(CÁLCULO!$AL$15,ROW($X23)-ROW($X$15),-1))),IF($C23=0,0,ROUND(SomaAgrup,15-13*$AF$11)))","v":2287.1999999999998},"RA","RA",{"$f":"IF($C23=\"S\",IF($Z23=\"CP\",$X23,IF($Z23=\"RA\",(($X23)*QCI!$AA$3),0)),SomaAgrup)","v":0},0,{"$f":"IF($N23=\"\",\" \",\nIF(AND($C23<>\"S\",OR($R23=\"\",$R23=\"(digite a descrição aqui)\")),\"DESCRIÇÃO\",\nIF(AND($C23=\"S\",OR($Q23<>\"\",$T23>0,$U23>0),$P23=\"\"),\"FONTE\",\nIF(AND($C23=\"S\",$P23<>\"\",OR($T23>0,$U23>0),$Q23=\"\"),\"CÓDIGO\",\nIF(AND($C23=\"S\",$P23<>\"\",$Q23<>\"\",$R23=\"(Código não identificado nas referências)\"),\"CÓDIGO N/ID\",\nIF(AND($C23=\"S\",OR($R23=\"\",$R23=\"(digite a descrição aqui)\"),OR($Q23<>\"\",$T23>0,$U23>0)),\"DESCRIÇÃO\",\nIF(AND($C23=\"S\",$P23<>\"\",$Q23<>\"\",$S23=\"\"),\"UNIDADE\",\nIF(AND($C23=\"S\",$P23<>\"\",$Q23<>\"\",$U23=0),\"SEM CUSTO\",\nIF(AND(_xlfn.SINGLE(TIPOORCAMENTO)=\"Licitado\",$AL23=0,$AN23>0),\"SEM PREÇO\",\nIF(AND($C23=\"S\",$P23<>\"\",$Q23<>\"\",$U23>0,AND($V23<>\"BDI 1\",$V23<>\"BDI 2\",$V23<>\"BDI 3\")),IF(ISNUMBER($V23),\"JUSTIFICAR BDI\",\"BDI\"),\nIF(OR(AND(import.recurso=\"OGU\",TIPOORCAMENTO=\"Proposto\",LEFT($O$8,5)<>\"(N/D:\",$AG23<>\"\",ORÇAMENTO.CustoUnitario>$AG23),AND(TIPOORCAMENTO=\"LICITADO\",ORÇAMENTO.PrecoUnitarioLicitado>$AN23)),\"ACIMA REF.\",\nIF(AND($C23=\"S\",$P23<>\"\",$Q23<>\"\",$T23=0,$U23>0),\"QUANT.\",\nIF(AND(Import.TipoArredondamento=\"TransfereGOV\",$L23=\"F\",$C23=\"S\",LEN($Q23)>13),\"Código >13\",\nIF(AND(Import.TipoArredondamento=\"TransfereGOV\",$L23=\"F\",$C23<>\"S\",LEN($R23)>100),\"Descrição >100\",\nIF(AND(Import.TipoArredondamento=\"TransfereGOV\",$L23=\"F\",$C23=\"S\",LEN($R23)>500),\"Descrição >500\",\nIF(AND(Import.TipoArredondamento=\"TransfereGOV\",$L23=\"F\",$C23=\"S\",LEFT(TRIM(UPPER($P23)),6)<>\"SINAPI\",ISNA(VLOOKUP(TRIM(UPPER($S23)),ListaTgov.Unidades,1,FALSE))),\"Unid. Não Disp\",\n\" \"))))))))))))))))","v":{"$error":"#NAME?"}},{"$f":"IF(C23<=CRONO.NivelExibicao,MAX($AD$15:OFFSET(AD23,-1,0))+IF($C23<>1,1,MAX(1,COUNTIF(QCI!$A$13:$A$24,OFFSET($E23,-1,0)))),\"\")","v":""},{"$f":"IF(AND($C23=\"S\",ORÇAMENTO.CodBarra<>\"\"),IF(ORÇAMENTO.Fonte=\"\",ORÇAMENTO.CodBarra,CONCATENATE(ORÇAMENTO.Fonte,\" \",ORÇAMENTO.CodBarra)))","v":"SINAPI-I 2706"},{"$f":"IF(ISERROR(INDIRECT(ORÇAMENTO.BancoRef)),\"(abra o arquivo 'Referência \"&Excel_BuiltIn_Database&\".xlsm)\",IF(OR($C23<>\"S\",ORÇAMENTO.CodBarra=\"\"),\"(Sem Código)\",IF(ISERROR(MATCH($AE23,INDIRECT(ORÇAMENTO.BancoRef),0)),\"(Código não identificado nas referências)\",MATCH($AE23,INDIRECT(ORÇAMENTO.BancoRef),0))))","v":1903},{"$f":"ROUND(IF(DESONERACAO=\"sim\",REFERENCIA.Desonerado,REFERENCIA.NaoDesonerado),2)","v":113.45},0.26,null,null,null,null,2287.1999999999998,142.94999999999999]
["S",2,"S",0,{"$f":"IF($C24=1,OFFSET(E24,-1,0)+MAX(1,COUNTIF(QCI!$A$13:$A$24,OFFSET(ORÇAMENTO!E24,-1,0))),OFFSET(E24,-1,0))","v":1},1,0,0,7,0,{"$f":"IF(OR($C24=\"S\",$C24=0),0,MATCH(OFFSET($D24,0,$C24)+IF($C24<>1,1,COUNTIF(QCI!$A$13:$A$24,ORÇAMENTO!E24)),OFFSET($D24,1,$C24,ROW($C$270)-ROW($C24)),0))","v":0},"F","Serviço","Serviço","1.1.0.7.","SINAPI-I","40818",{"$f":"IF($C24=\"S\",REFERENCIA.Descricao,\"(digite a descrição aqui)\")","v":"ENCARREGADO GERAL DE OBRAS (MENSALISTA)"},{"$f":"REFERENCIA.Unidade","v":"MES"},{"$f":"OFFSET(CÁLCULO!H$15,ROW($T24)-ROW(T$15),0)","v":2},6075.78,"BDI 1",{"$f":"IF($C24=\"S\",ROUND(IF(TIPOORCAMENTO=\"Proposto\",ORÇAMENTO.CustoUnitario*(1+$AH24),ORÇAMENTO.PrecoUnitarioLicitado),15-13*$AF$10),0)","v":7655.48},{"$f":"IF($C24=\"S\",IF(OR(Import.TipoArredondamento<>\"TransfereGOV\",ACOMPANHAMENTO=\"BM\"),VTOTAL1,SUM(OFFSET(CÁLCULO!$AA$15,ROW($X24)-ROW($X$15),1):OFFSET(CÁLCULO!$AL$15,ROW($X24)-ROW($X$15),-1))),IF($C24=0,0,ROUND(SomaAgrup,15-13*$AF$11)))","v":15310.96},"RA","RA",{"$f":"IF($C24=\"S\",IF($Z24=\"CP\",$X24,IF($Z24=\"RA\",(($X24)*QCI!$AA$3),0)),SomaAgrup)","v":0},0,{"$f":"IF($N24=\"\",\" \",\nIF(AND($C24<>\"S\",OR($R24=\"\",$R24=\"(digite a descrição aqui)\")),\"DESCRIÇÃO\",\nIF(AND($C24=\"S\",OR($Q24<>\"\",$T24>0,$U24>0),$P24=\"\"),\"FONTE\",\nIF(AND($C24=\"S\",$P24<>\"\",OR($T24>0,$U24>0),$Q24=\"\"),\"CÓDIGO\",\nIF(AND($C24=\"S\",$P24<>\"\",$Q24<>\"\",$R24=\"(Código não identificado nas referências)\"),\"CÓDIGO N/ID\",\nIF(AND($C24=\"S\",OR($R24=\"\",$R24=\"(digite a descrição aqui)\"),OR($Q24<>\"\",$T24>0,$U24>0)),\"DESCRIÇÃO\",\nIF(AND($C24=\"S\",$P24<>\"\",$Q24<>\"\",$S24=\"\"),\"UNIDADE\",\nIF(AND($C24=\"S\",$P24<>\"\",$Q24<>\"\",$U24=0),\"SEM CUSTO\",\nIF(AND(_xlfn.SINGLE(TIPOORCAMENTO)=\"Licitado\",$AL24=0,$AN24>0),\"SEM PREÇO\",\nIF(AND($C24=\"S\",$P24<>\"\",$Q24<>\"\",$U24>0,AND($V24<>\"BDI 1\",$V24<>\"BDI 2\",$V24<>\"BDI 3\")),IF(ISNUMBER($V24),\"JUSTIFICAR BDI\",\"BDI\"),\nIF(OR(AND(import.recurso=\"OGU\",TIPOORCAMENTO=\"Proposto\",LEFT($O$8,5)<>\"(N/D:\",$AG24<>\"\",ORÇAMENTO.CustoUnitario>$AG24),AND(TIPOORCAMENTO=\"LICITADO\",ORÇAMENTO.PrecoUnitarioLicitado>$AN24)),\"ACIMA REF.\",\nIF(AND($C24=\"S\",$P24<>\"\",$Q24<>\"\",$T24=0,$U24>0),\"QUANT.\",\nIF(AND(Import.TipoArredondamento=\"TransfereGOV\",$L24=\"F\",$C24=\"S\",LEN($Q24)>13),\"Código >13\",\nIF(AND(Import.TipoArredondamento=\"TransfereGOV\",$L24=\"F\",$C24<>\"S\",LEN($R24)>100),\"Descrição >100\",\nIF(AND(Import.TipoArredondamento=\"TransfereGOV\",$L24=\"F\",$C24=\"S\",LEN($R24)>500),\"Descrição >500\",\nIF(AND(Import.TipoArredondamento=\"TransfereGOV\",$L24=\"F\",$C24=\"S\",LEFT(TRIM(UPPER($P24)),6)<>\"SINAPI\",ISNA(VLOOKUP(TRIM(UPPER($S24)),ListaTgov.Unidades,1,FALSE))),\"Unid. Não Disp\",\n\" \"))))))))))))))))","v":{"$error":"#NAME?"}},{"$f":"IF(C24<=CRONO.NivelExibicao,MAX($AD$15:OFFSET(AD24,-1,0))+IF($C24<>1,1,MAX(1,COUNTIF(QCI!$A$13:$A$24,OFFSET($E24,-1,0)))),\"\")","v":""},{"$f":"IF(AND($C24=\"S\",ORÇAMENTO.CodBarra<>\"\"),IF(ORÇAMENTO.Fonte=\"\",ORÇAMENTO.CodBarra,CONCATENATE(ORÇAMENTO.Fonte,\" \",ORÇAMENTO.CodBarra)))","v":"SINAPI-I 40818"},{"$f":"IF(ISERROR(INDIRECT(ORÇAMENTO.BancoRef)),\"(abra o arquivo 'Referência \"&Excel_BuiltIn_Database&\".xlsm)\",IF(OR($C24<>\"S\",ORÇAMENTO.CodBarra=\"\"),\"(Sem Código)\",IF(ISERROR(MATCH($AE24,INDIRECT(ORÇAMENTO.BancoRef),0)),\"(Código não identificado nas referências)\",MATCH($AE24,INDIRECT(ORÇAMENTO.BancoRef),0))))","v":1895},{"$f":"ROUND(IF(DESONERACAO=\"sim\",REFERENCIA.Desonerado,REFERENCIA.NaoDesonerado),2)","v":6075.78},0.26,null,null,null,null,{"$f":"$X24","v":15310.96},7655.48]
[2,2,2,245,{"$f":"IF($C25=1,OFFSET(E25,-1,0)+MAX(1,COUNTIF(QCI!$A$13:$A$24,OFFSET(ORÇAMENTO!E25,-1,0))),OFFSET(E25,-1,0))","v":1},2,0,0,0,{"$f":"IF(OR($C25=\"S\",$C25=0),0,MATCH(0,OFFSET($D25,1,$C25,ROW($C$270)-ROW($C25)),0))","v":245},{"$f":"IF(OR($C25=\"S\",$C25=0),0,MATCH(OFFSET($D25,0,$C25)+IF($C25<>1,1,COUNTIF(QCI!$A$13:$A$24,ORÇAMENTO!E25)),OFFSET($D25,1,$C25,ROW($C$270)-ROW($C25)),0))","v":{"$error":"#N/A"}},"F","Nível 2","Nível 2","1.2.","SINAPI",null,"REDE DE DISTRUIBUIÇÃO",{"$f":"REFERENCIA.Unidade","v":"-"},{"$f":"OFFSET(CÁLCULO!H$15,ROW($T25)-ROW(T$15),0)","v":0},{"$f":"AG25","v":0},"BDI 1",{"$f":"IF($C25=\"S\",ROUND(IF(TIPOORCAMENTO=\"Proposto\",ORÇAMENTO.CustoUnitario*(1+$AH25),ORÇAMENTO.PrecoUnitarioLicitado),15-13*$AF$10),0)","v":0},{"$f":"IF($C25=\"S\",IF(OR(Import.TipoArredondamento<>\"TransfereGOV\",ACOMPANHAMENTO=\"BM\"),VTOTAL1,SUM(OFFSET(CÁLCULO!$AA$15,ROW($X25)-ROW($X$15),1):OFFSET(CÁLCULO!$AL$15,ROW($X25)-ROW($X$15),-1))),IF($C25=0,0,ROUND(SomaAgrup,15-13*$AF$11)))","v":47992.3},"RA","",{"$f":"IF($C25=\"S\",IF($Z25=\"CP\",$X25,IF($Z25=\"RA\",(($X25)*QCI!$AA$3),0)),SomaAgrup)","v":0},0,{"$f":"IF($N25=\"\",\" \",\nIF(AND($C25<>\"S\",OR($R25=\"\",$R25=\"(digite a descrição aqui)\")),\"DESCRIÇÃO\",\nIF(AND($C25=\"S\",OR($Q25<>\"\",$T25>0,$U25>0),$P25=\"\"),\"FONTE\",\nIF(AND($C25=\"S\",$P25<>\"\",OR($T25>0,$U25>0),$Q25=\"\"),\"CÓDIGO\",\nIF(AND($C25=\"S\",$P25<>\"\",$Q25<>\"\",$R25=\"(Código não identificado nas referências)\"),\"CÓDIGO N/ID\",\nIF(AND($C25=\"S\",OR($R25=\"\",$R25=\"(digite a descrição aqui)\"),OR($Q25<>\"\",$T25>0,$U25>0)),\"DESCRIÇÃO\",\nIF(AND($C25=\"S\",$P25<>\"\",$Q25<>\"\",$S25=\"\"),\"UNIDADE\",\nIF(AND($C25=\"S\",$P25<>\"\",$Q25<>\"\",$U25=0),\"SEM CUSTO\",\nIF(AND(_xlfn.SINGLE(TIPOORCAMENTO)=\"Licitado\",$AL25=0,$AN25>0),\"SEM PREÇO\",\nIF(AND($C25=\"S\",$P25<>\"\",$Q25<>\"\",$U25>0,AND($V25<>\"BDI 1\",$V25<>\"BDI 2\",$V25<>\"BDI 3\")),IF(ISNUMBER($V25),\"JUSTIFICAR BDI\",\"BDI\"),\nIF(OR(AND(import.recurso=\"OGU\",TIPOORCAMENTO=\"Proposto\",LEFT($O$8,5)<>\"(N/D:\",$AG25<>\"\",ORÇAMENTO.CustoUnitario>$AG25),AND(TIPOORCAMENTO=\"LICITADO\",ORÇAMENTO.PrecoUnitarioLicitado>$AN25)),\"ACIMA REF.\",\nIF(AND($C25=\"S\",$P25<>\"\",$Q25<>\"\",$T25=0,$U25>0),\"QUANT.\",\nIF(AND(Import.TipoArredondamento=\"TransfereGOV\",$L25=\"F\",$C25=\"S\",LEN($Q25)>13),\"Código >13\",\nIF(AND(Import.TipoArredondamento=\"TransfereGOV\",$L25=\"F\",$C25<>\"S\",LEN($R25)>100),\"Descrição >100\",\nIF(AND(Import.TipoArredondamento=\"TransfereGOV\",$L25=\"F\",$C25=\"S\",LEN($R25)>500),\"Descrição >500\",\nIF(AND(Import.TipoArredondamento=\"TransfereGOV\",$L25=\"F\",$C25=\"S\",LEFT(TRIM(UPPER($P25)),6)<>\"SINAPI\",ISNA(VLOOKUP(TRIM(UPPER($S25)),ListaTgov.Unidades,1,FALSE))),\"Unid. Não Disp\",\n\" \"))))))))))))))))","v":{"$error":"#NAME?"}},{"$f":"IF(C25<=CRONO.NivelExibicao,MAX($AD$15:OFFSET(AD25,-1,0))+IF($C25<>1,1,MAX(1,COUNTIF(QCI!$A$13:$A$24,OFFSET($E25,-1,0)))),\"\")","v":3},{"$f":"IF(AND($C25=\"S\",ORÇAMENTO.CodBarra<>\"\"),IF(ORÇAMENTO.Fonte=\"\",ORÇAMENTO.CodBarra,CONCATENATE(ORÇAMENTO.Fonte,\" \",ORÇAMENTO.CodBarra)))","v":false},{"$f":"IF(ISERROR(INDIRECT(ORÇAMENTO.BancoRef)),\"(abra o arquivo 'Referência \"&Excel_BuiltIn_Database&\".xlsm)\",IF(OR($C25<>\"S\",ORÇAMENTO.CodBarra=\"\"),\"(Sem Código)\",IF(ISERROR(MATCH($AE25,INDIRECT(ORÇAMENTO.BancoRef),0)),\"(Código não identificado nas referências)\",MATCH($AE25,INDIRECT(ORÇAMENTO.BancoRef),0))))","v":"(Sem Código)"},{"$f":"ROUND(IF(DESONERACAO=\"sim\",REFERENCIA.Desonerado,REFERENCIA.NaoDesonerado),2)","v":0},0.26,null,null,null,null,47992.3,0]
[3,3,3,6,{"$f":"IF($C26=1,OFFSET(E26,-1,0)+MAX(1,COUNTIF(QCI!$A$13:$A$24,OFFSET(ORÇAMENTO!E26,-1,0))),OFFSET(E26,-1,0))","v":1},2,1,0,0,244,{"$f":"IF(OR($C26=\"S\",$C26=0),0,MATCH(OFFSET($D26,0,$C26)+IF($C26<>1,1,COUNTIF(QCI!$A$13:$A$24,ORÇAMENTO!E26)),OFFSET($D26,1,$C26,ROW($C$270)-ROW($C26)),0))","v":6},"F","Nível 3","Nível 3","1.2.1.","SINAPI",null,"REDE EM PVC",{"$f":"REFERENCIA.Unidade","v":"-"},{"$f":"OFFSET(CÁLCULO!H$15,ROW($T26)-ROW(T$15),0)","v":0},0,"BDI 1",{"$f":"IF($C26=\"S\",ROUND(IF(TIPOORCAMENTO=\"Proposto\",ORÇAMENTO.CustoUnitario*(1+$AH26),ORÇAMENTO.PrecoUnitarioLicitado),15-13*$AF$10),0)","v":0},{"$f":"IF($C26=\"S\",IF(OR(Import.TipoArredondamento<>\"TransfereGOV\",ACOMPANHAMENTO=\"BM\"),VTOTAL1,SUM(OFFSET(CÁLCULO!$AA$15,ROW($X26)-ROW($X$15),1):OFFSET(CÁLCULO!$AL$15,ROW($X26)-ROW($X$15),-1))),IF($C26=0,0,ROUND(SomaAgrup,15-13*$AF$11)))","v":3646.95},"RA","",{"$f":"IF($C26=\"S\",IF($Z26=\"CP\",$X26,IF($Z26=\"RA\",(($X26)*QCI!$AA$3),0)),SomaAgrup)","v":0},0,{"$f":"IF($N26=\"\",\" \",\nIF(AND($C26<>\"S\",OR($R26=\"\",$R26=\"(digite a descrição aqui)\")),\"DESCRIÇÃO\",\nIF(AND($C26=\"S\",OR($Q26<>\"\",$T26>0,$U26>0),$P26=\"\"),\"FONTE\",\nIF(AND($C26=\"S\",$P26<>\"\",OR($T26>0,$U26>0),$Q26=\"\"),\"CÓDIGO\",\nIF(AND($C26=\"S\",$P26<>\"\",$Q26<>\"\",$R26=\"(Código não identificado nas referências)\"),\"CÓDIGO N/ID\",\nIF(AND($C26=\"S\",OR($R26=\"\",$R26=\"(digite a descrição aqui)\"),OR($Q26<>\"\",$T26>0,$U26>0)),\"DESCRIÇÃO\",\nIF(AND($C26=\"S\",$P26<>\"\",$Q26<>\"\",$S26=\"\"),\"UNIDADE\",\nIF(AND($C26=\"S\",$P26<>\"\",$Q26<>\"\",$U26=0),\"SEM CUSTO\",\nIF(AND(_xlfn.SINGLE(TIPOORCAMENTO)=\"Licitado\",$AL26=0,$AN26>0),\"SEM PREÇO\",\nIF(AND($C26=\"S\",$P26<>\"\",$Q26<>\"\",$U26>0,AND($V26<>\"BDI 1\",$V26<>\"BDI 2\",$V26<>\"BDI 3\")),IF(ISNUMBER($V26),\"JUSTIFICAR BDI\",\"BDI\"),\nIF(OR(AND(import.recurso=\"OGU\",TIPOORCAMENTO=\"Proposto\",LEFT($O$8,5)<>\"(N/D:\",$AG26<>\"\",ORÇAMENTO.CustoUnitario>$AG26),AND(TIPOORCAMENTO=\"LICITADO\",ORÇAMENTO.PrecoUnitarioLicitado>$AN26)),\"ACIMA REF.\",\nIF(AND($C26=\"S\",$P26<>\"\",$Q26<>\"\",$T26=0,$U26>0),\"QUANT.\",\nIF(AND(Import.TipoArredondamento=\"TransfereGOV\",$L26=\"F\",$C26=\"S\",LEN($Q26)>13),\"Código >13\",\nIF(AND(Import.TipoArredondamento=\"TransfereGOV\",$L26=\"F\",$C26<>\"S\",LEN($R26)>100),\"Descrição >100\",\nIF(AND(Import.TipoArredondamento=\"TransfereGOV\",$L26=\"F\",$C26=\"S\",LEN($R26)>500),\"Descrição >500\",\nIF(AND(Import.TipoArredondamento=\"TransfereGOV\",$L26=\"F\",$C26=\"S\",LEFT(TRIM(UPPER($P26)),6)<>\"SINAPI\",ISNA(VLOOKUP(TRIM(UPPER($S26)),ListaTgov.Unidades,1,FALSE))),\"Unid. Não Disp\",\n\" \"))))))))))))))))","v":{"$error":"#NAME?"}},{"$f":"IF(C26<=CRONO.NivelExibicao,MAX($AD$15:OFFSET(AD26,-1,0))+IF($C26<>1,1,MAX(1,COUNTIF(QCI!$A$13:$A$24,OFFSET($E26,-1,0)))),\"\")","v":""},{"$f":"IF(AND($C26=\"S\",ORÇAMENTO.CodBarra<>\"\"),IF(ORÇAMENTO.Fonte=\"\",ORÇAMENTO.CodBarra,CONCATENATE(ORÇAMENTO.Fonte,\" \",ORÇAMENTO.CodBarra)))","v":false},{"$f":"IF(ISERROR(INDIRECT(ORÇAMENTO.BancoRef)),\"(abra o arquivo 'Referência \"&Excel_BuiltIn_Database&\".xlsm)\",IF(OR($C26<>\"S\",ORÇAMENTO.CodBarra=\"\"),\"(Sem Código)\",IF(ISERROR(MATCH($AE26,INDIRECT(ORÇAMENTO.BancoRef),0)),\"(Código não identificado nas referências)\",MATCH($AE26,INDIRECT(ORÇAMENTO.BancoRef),0))))","v":"(Sem Código)"},{"$f":"ROUND(IF(DESONERACAO=\"sim\",REFERENCIA.Desonerado,REFERENCIA.NaoDesonerado),2)","v":0},0.26,null,null,null,null,3646.95,0]
["S",3,"S",0,{"$f":"IF($C27=1,OFFSET(E27,-1,0)+MAX(1,COUNTIF(QCI!$A$13:$A$24,OFFSET(ORÇAMENTO!E27,-1,0))),OFFSET(E27,-1,0))","v":1},2,1,0,1,0,{"$f":"IF(OR($C27=\"S\",$C27=0),0,MATCH(OFFSET($D27,0,$C27)+IF($C27<>1,1,COUNTIF(QCI!$A$13:$A$24,ORÇAMENTO!E27)),OFFSET($D27,1,$C27,ROW($C$270)-ROW($C27)),0))","v":0},"F","Serviço","Serviço","1.2.1.1.","SINAPI","90105",{"$f":"IF($C27=\"S\",REFERENCIA.Descricao,\"(digite a descrição aqui)\")","v":"ESCAVAÇÃO MECANIZADA DE VALA COM PROFUNDIDADE ATÉ 1,5 M (MÉDIA MONTANTE E JUSANTE/UMA COMPOSIÇÃO POR TRECHO), RETROESCAV. (0,26 M3), LARGURA MENOR QUE 0,8 M, EM SOLO DE 1A CATEGORIA, LOCAIS COM BAIXO NÍVEL DE INTERFERÊNCIA. AF_09/2024"},{"$f":"REFERENCIA.Unidade","v":"M3"},{"$f":"OFFSET(CÁLCULO!H$15,ROW($T27)-ROW(T$15),0)","v":55.17},9.93,"BDI 1",{"$f":"IF($C27=\"S\",ROUND(IF(TIPOORCAMENTO=\"Proposto\",ORÇAMENTO.CustoUnitario*(1+$AH27),ORÇAMENTO.PrecoUnitarioLicitado),15-13*$AF$10),0)","v":12.51},{"$f":"IF($C27=\"S\",IF(OR(Import.TipoArredondamento<>\"TransfereGOV\",ACOMPANHAMENTO=\"BM\"),VTOTAL1,SUM(OFFSET(CÁLCULO!$AA$15,ROW($X27)-ROW($X$15),1):OFFSET(CÁLCULO!$AL$15,ROW($X27)-ROW($X$15),-1))),IF($C27=0,0,ROUND(SomaAgrup,15-13*$AF$11)))","v":690.18},"RA","RA",{"$f":"IF($C27=\"S\",IF($Z27=\"CP\",$X27,IF($Z27=\"RA\",(($X27)*QCI!$AA$3),0)),SomaAgrup)","v":0},0,{"$f":"IF($N27=\"\",\" \",\nIF(AND($C27<>\"S\",OR($R27=\"\",$R27=\"(digite a descrição aqui)\")),\"DESCRIÇÃO\",\nIF(AND($C27=\"S\",OR($Q27<>\"\",$T27>0,$U27>0),$P27=\"\"),\"FONTE\",\nIF(AND($C27=\"S\",$P27<>\"\",OR($T27>0,$U27>0),$Q27=\"\"),\"CÓDIGO\",\nIF(AND($C27=\"S\",$P27<>\"\",$Q27<>\"\",$R27=\"(Código não identificado nas referências)\"),\"CÓDIGO N/ID\",\nIF(AND($C27=\"S\",OR($R27=\"\",$R27=\"(digite a descrição aqui)\"),OR($Q27<>\"\",$T27>0,$U27>0)),\"DESCRIÇÃO\",\nIF(AND($C27=\"S\",$P27<>\"\",$Q27<>\"\",$S27=\"\"),\"UNIDADE\",\nIF(AND($C27=\"S\",$P27<>\"\",$Q27<>\"\",$U27=0),\"SEM CUSTO\",\nIF(AND(_xlfn.SINGLE(TIPOORCAMENTO)=\"Licitado\",$AL27=0,$AN27>0),\"SEM PREÇO\",\nIF(AND($C27=\"S\",$P27<>\"\",$Q27<>\"\",$U27>0,AND($V27<>\"BDI 1\",$V27<>\"BDI 2\",$V27<>\"BDI 3\")),IF(ISNUMBER($V27),\"JUSTIFICAR BDI\",\"BDI\"),\nIF(OR(AND(import.recurso=\"OGU\",TIPOORCAMENTO=\"Proposto\",LEFT($O$8,5)<>\"(N/D:\",$AG27<>\"\",ORÇAMENTO.CustoUnitario>$AG27),AND(TIPOORCAMENTO=\"LICITADO\",ORÇAMENTO.PrecoUnitarioLicitado>$AN27)),\"ACIMA REF.\",\nIF(AND($C27=\"S\",$P27<>\"\",$Q27<>\"\",$T27=0,$U27>0),\"QUANT.\",\nIF(AND(Import.TipoArredondamento=\"TransfereGOV\",$L27=\"F\",$C27=\"S\",LEN($Q27)>13),\"Código >13\",\nIF(AND(Import.TipoArredondamento=\"TransfereGOV\",$L27=\"F\",$C27<>\"S\",LEN($R27)>100),\"Descrição >100\",\nIF(AND(Import.TipoArredondamento=\"TransfereGOV\",$L27=\"F\",$C27=\"S\",LEN($R27)>500),\"Descrição >500\",\nIF(AND(Import.TipoArredondamento=\"TransfereGOV\",$L27=\"F\",$C27=\"S\",LEFT(TRIM(UPPER($P27)),6)<>\"SINAPI\",ISNA(VLOOKUP(TRIM(UPPER($S27)),ListaTgov.Unidades,1,FALSE))),\"Unid. Não Disp\",\n\" \"))))))))))))))))","v":{"$error":"#NAME?"}},{"$f":"IF(C27<=CRONO.NivelExibicao,MAX($AD$15:OFFSET(AD27,-1,0))+IF($C27<>1,1,MAX(1,COUNTIF(QCI!$A$13:$A$24,OFFSET($E27,-1,0)))),\"\")","v":""},{"$f":"IF(AND($C27=\"S\",ORÇAMENTO.CodBarra<>\"\"),IF(ORÇAMENTO.Fonte=\"\",ORÇAMENTO.CodBarra,CONCATENATE(ORÇAMENTO.Fonte,\" \",ORÇAMENTO.CodBarra)))","v":"SINAPI 90105"},{"$f":"IF(ISERROR(INDIRECT(ORÇAMENTO.BancoRef)),\"(abra o arquivo 'Referência \"&Excel_BuiltIn_Database&\".xlsm)\",IF(OR($C27<>\"S\",ORÇAMENTO.CodBarra=\"\"),\"(Sem Código)\",IF(ISERROR(MATCH($AE27,INDIRECT(ORÇAMENTO.BancoRef),0)),\"(Código não identificado nas referências)\",MATCH($AE27,INDIRECT(ORÇAMENTO.BancoRef),0))))","v":9315},{"$f":"ROUND(IF(DESONERACAO=\"sim\",REFERENCIA.Desonerado,REFERENCIA.NaoDesonerado),2)","v":9.93},0.26,null,null,null,null,690.18,12.51]
["S",3,"S",0,{"$f":"IF($C28=1,OFFSET(E28,-1,0)+MAX(1,COUNTIF(QCI!$A$13:$A$24,OFFSET(ORÇAMENTO!E28,-1,0))),OFFSET(E28,-1,0))","v":1},2,1,0,2,0,{"$f":"IF(OR($C28=\"S\",$C28=0),0,MATCH(OFFSET($D28,0,$C28)+IF($C28<>1,1,COUNTIF(QCI!$A$13:$A$24,ORÇAMENTO!E28)),OFFSET($D28,1,$C28,ROW($C$270)-ROW($C28)),0))","v":0},"F","Serviço","Serviço","1.2.1.2.","SINAPI","93378",{"$f":"IF($C28=\"S\",REFERENCIA.Descricao,\"(digite a descrição aqui)\")","v":"REATERRO MECANIZADO DE VALA COM RETROESCAVADEIRA (CAPACIDADE DA CAÇAMBA DA RETRO: 0,26 M³/POTÊNCIA: 88 HP), LARGURA ATÉ 0,8 M, PROFUNDIDADE ATÉ 1,5 M, COM SOLO (SEM SUBSTITUIÇÃO) DE 1ª CATEGORIA, COM COMPACTADOR DE SOLOS DE PERCUSSÃO. AF_08/2023"},{"$f":"REFERENCIA.Unidade","v":"M3"},{"$f":"OFFSET(CÁLCULO!H$15,ROW($T28)-ROW(T$15),0)","v":55.05},25.76,"BDI 1",{"$f":"IF($C28=\"S\",ROUND(IF(TIPOORCAMENTO=\"Proposto\",ORÇAMENTO.CustoUnitario*(1+$AH28),ORÇAMENTO.PrecoUnitarioLicitado),15-13*$AF$10),0)","v":32.46},{"$f":"IF($C28=\"S\",IF(OR(Import.TipoArredondamento<>\"TransfereGOV\",ACOMPANHAMENTO=\"BM\"),VTOTAL1,SUM(OFFSET(CÁLCULO!$AA$15,ROW($X28)-ROW($X$15),1):OFFSET(CÁLCULO!$AL$15,ROW($X28)-ROW($X$15),-1))),IF($C28=0,0,ROUND(SomaAgrup,15-13*$AF$11)))","v":1786.92},"RA","RA",{"$f":"IF($C28=\"S\",IF($Z28=\"CP\",$X28,IF($Z28=\"RA\",(($X28)*QCI!$AA$3),0)),SomaAgrup)","v":0},0,{"$f":"IF($N28=\"\",\" \",\nIF(AND($C28<>\"S\",OR($R28=\"\",$R28=\"(digite a descrição aqui)\")),\"DESCRIÇÃO\",\nIF(AND($C28=\"S\",OR($Q28<>\"\",$T28>0,$U28>0),$P28=\"\"),\"FONTE\",\nIF(AND($C28=\"S\",$P28<>\"\",OR($T28>0,$U28>0),$Q28=\"\"),\"CÓDIGO\",\nIF(AND($C28=\"S\",$P28<>\"\",$Q28<>\"\",$R28=\"(Código não identificado nas referências)\"),\"CÓDIGO N/ID\",\nIF(AND($C28=\"S\",OR($R28=\"\",$R28=\"(digite a descrição aqui)\"),OR($Q28<>\"\",$T28>0,$U28>0)),\"DESCRIÇÃO\",\nIF(AND($C28=\"S\",$P28<>\"\",$Q28<>\"\",$S28=\"\"),\"UNIDADE\",\nIF(AND($C28=\"S\",$P28<>\"\",$Q28<>\"\",$U28=0),\"SEM CUSTO\",\nIF(AND(_xlfn.SINGLE(TIPOORCAMENTO)=\"Licitado\",$AL28=0,$AN28>0),\"SEM PREÇO\",\nIF(AND($C28=\"S\",$P28<>\"\",$Q28<>\"\",$U28>0,AND($V28<>\"BDI 1\",$V28<>\"BDI 2\",$V28<>\"BDI 3\")),IF(ISNUMBER($V28),\"JUSTIFICAR BDI\",\"BDI\"),\nIF(OR(AND(import.recurso=\"OGU\",TIPOORCAMENTO=\"Proposto\",LEFT($O$8,5)<>\"(N/D:\",$AG28<>\"\",ORÇAMENTO.CustoUnitario>$AG28),AND(TIPOORCAMENTO=\"LICITADO\",ORÇAMENTO.PrecoUnitarioLicitado>$AN28)),\"ACIMA REF.\",\nIF(AND($C28=\"S\",$P28<>\"\",$Q28<>\"\",$T28=0,$U28>0),\"QUANT.\",\nIF(AND(Import.TipoArredondamento=\"TransfereGOV\",$L28=\"F\",$C28=\"S\",LEN($Q28)>13),\"Código >13\",\nIF(AND(Import.TipoArredondamento=\"TransfereGOV\",$L28=\"F\",$C28<>\"S\",LEN($R28)>100),\"Descrição >100\",\nIF(AND(Import.TipoArredondamento=\"TransfereGOV\",$L28=\"F\",$C28=\"S\",LEN($R28)>500),\"Descrição >500\",\nIF(AND(Import.TipoArredondamento=\"TransfereGOV\",$L28=\"F\",$C28=\"S\",LEFT(TRIM(UPPER($P28)),6)<>\"SINAPI\",ISNA(VLOOKUP(TRIM(UPPER($S28)),ListaTgov.Unidades,1,FALSE))),\"Unid. Não Disp\",\n\" \"))))))))))))))))","v":{"$error":"#NAME?"}},{"$f":"IF(C28<=CRONO.NivelExibicao,MAX($AD$15:OFFSET(AD28,-1,0))+IF($C28<>1,1,MAX(1,COUNTIF(QCI!$A$13:$A$24,OFFSET($E28,-1,0)))),\"\")","v":""},{"$f":"IF(AND($C28=\"S\",ORÇAMENTO.CodBarra<>\"\"),IF(ORÇAMENTO.Fonte=\"\",ORÇAMENTO.CodBarra,CONCATENATE(ORÇAMENTO.Fonte,\" \",ORÇAMENTO.CodBarra)))","v":"SINAPI 93378"},{"$f":"IF(ISERROR(INDIRECT(ORÇAMENTO.BancoRef)),\"(abra o arquivo 'Referência \"&Excel_BuiltIn_Database&\".xlsm)\",IF(OR($C28<>\"S\",ORÇAMENTO.CodBarra=\"\"),\"(Sem Código)\",IF(ISERROR(MATCH($AE28,INDIRECT(ORÇAMENTO.BancoRef),0)),\"(Código não identificado nas referências)\",MATCH($AE28,INDIRECT(ORÇAMENTO.BancoRef),0))))","v":6728},{"$f":"ROUND(IF(DESONERACAO=\"sim\",REFERENCIA.Desonerado,REFERENCIA.NaoDesonerado),2)","v":25.76},0.26,null,null,null,null,1786.92,32.46]
["S",3,"S",0,{"$f":"IF($C29=1,OFFSET(E29,-1,0)+MAX(1,COUNTIF(QCI!$A$13:$A$24,OFFSET(ORÇAMENTO!E29,-1,0))),OFFSET(E29,-1,0))","v":1},2,1,0,3,0,{"$f":"IF(OR($C29=\"S\",$C29=0),0,MATCH(OFFSET($D29,0,$C29)+IF($C29<>1,1,COUNTIF(QCI!$A$13:$A$24,ORÇAMENTO!E29)),OFFSET($D29,1,$C29,ROW($C$270)-ROW($C29)),0))","v":0},"F","Serviço","Serviço","1.2.1.3.","SINAPI","105285",{"$f":"IF($C29=\"S\",REFERENCIA.Descricao,\"(digite a descrição aqui)\")","v":"ASSENTAMENTO E FORNECIMENTO DE TUBO DE PVC PBA PARA REDE DE ÁGUA, DN 50, JUNTA ELÁSTICA INTEGRADA, INSTALADO EM LOCAL COM NÍVEL BAIXO DE INTERFERÊNCIAS (INCLUI FORNECIMENTO). AF_05/2024"},{"$f":"REFERENCIA.Unidade","v":"UN"},{"$f":"OFFSET(CÁLCULO!H$15,ROW($T29)-ROW(T$15),0)","v":31},25.33,"BDI 1",{"$f":"IF($C29=\"S\",ROUND(IF(TIPOORCAMENTO=\"Proposto\",ORÇAMENTO.CustoUnitario*(1+$AH29),ORÇAMENTO.PrecoUnitarioLicitado),15-13*$AF$10),0)","v":31.92},{"$f":"IF($C29=\"S\",IF(OR(Import.TipoArredondamento<>\"TransfereGOV\",ACOMPANHAMENTO=\"BM\"),VTOTAL1,SUM(OFFSET(CÁLCULO!$AA$15,ROW($X29)-ROW($X$15),1):OFFSET(CÁLCULO!$AL$15,ROW($X29)-ROW($X$15),-1))),IF($C29=0,0,ROUND(SomaAgrup,15-13*$AF$11)))","v":989.52},"RA","RA",{"$f":"IF($C29=\"S\",IF($Z29=\"CP\",$X29,IF($Z29=\"RA\",(($X29)*QCI!$AA$3),0)),SomaAgrup)","v":0},0,{"$f":"IF($N29=\"\",\" \",\nIF(AND($C29<>\"S\",OR($R29=\"\",$R29=\"(digite a descrição aqui)\")),\"DESCRIÇÃO\",\nIF(AND($C29=\"S\",OR($Q29<>\"\",$T29>0,$U29>0),$P29=\"\"),\"FONTE\",\nIF(AND($C29=\"S\",$P29<>\"\",OR($T29>0,$U29>0),$Q29=\"\"),\"CÓDIGO\",\nIF(AND($C29=\"S\",$P29<>\"\",$Q29<>\"\",$R29=\"(Código não identificado nas referências)\"),\"CÓDIGO N/ID\",\nIF(AND($C29=\"S\",OR($R29=\"\",$R29=\"(digite a descrição aqui)\"),OR($Q29<>\"\",$T29>0,$U29>0)),\"DESCRIÇÃO\",\nIF(AND($C29=\"S\",$P29<>\"\",$Q29<>\"\",$S29=\"\"),\"UNIDADE\",\nIF(AND($C29=\"S\",$P29<>\"\",$Q29<>\"\",$U29=0),\"SEM CUSTO\",\nIF(AND(_xlfn.SINGLE(TIPOORCAMENTO)=\"Licitado\",$AL29=0,$AN29>0),\"SEM PREÇO\",\nIF(AND($C29=\"S\",$P29<>\"\",$Q29<>\"\",$U29>0,AND($V29<>\"BDI 1\",$V29<>\"BDI 2\",$V29<>\"BDI 3\")),IF(ISNUMBER($V29),\"JUSTIFICAR BDI\",\"BDI\"),\nIF(OR(AND(import.recurso=\"OGU\",TIPOORCAMENTO=\"Proposto\",LEFT($O$8,5)<>\"(N/D:\",$AG29<>\"\",ORÇAMENTO.CustoUnitario>$AG29),AND(TIPOORCAMENTO=\"LICITADO\",ORÇAMENTO.PrecoUnitarioLicitado>$AN29)),\"ACIMA REF.\",\nIF(AND($C29=\"S\",$P29<>\"\",$Q29<>\"\",$T29=0,$U29>0),\"QUANT.\",\nIF(AND(Import.TipoArredondamento=\"TransfereGOV\",$L29=\"F\",$C29=\"S\",LEN($Q29)>13),\"Código >13\",\nIF(AND(Import.TipoArredondamento=\"TransfereGOV\",$L29=\"F\",$C29<>\"S\",LEN($R29)>100),\"Descrição >100\",\nIF(AND(Import.TipoArredondamento=\"TransfereGOV\",$L29=\"F\",$C29=\"S\",LEN($R29)>500),\"Descrição >500\",\nIF(AND(Import.TipoArredondamento=\"TransfereGOV\",$L29=\"F\",$C29=\"S\",LEFT(TRIM(UPPER($P29)),6)<>\"SINAPI\",ISNA(VLOOKUP(TRIM(UPPER($S29)),ListaTgov.Unidades,1,FALSE))),\"Unid. Não Disp\",\n\" \"))))))))))))))))","v":{"$error":"#NAME?"}},{"$f":"IF(C29<=CRONO.NivelExibicao,MAX($AD$15:OFFSET(AD29,-1,0))+IF($C29<>1,1,MAX(1,COUNTIF(QCI!$A$13:$A$24,OFFSET($E29,-1,0)))),\"\")","v":""},{"$f":"IF(AND($C29=\"S\",ORÇAMENTO.CodBarra<>\"\"),IF(ORÇAMENTO.Fonte=\"\",ORÇAMENTO.CodBarra,CONCATENATE(ORÇAMENTO.Fonte,\" \",ORÇAMENTO.CodBarra)))","v":"SINAPI 105285"},{"$f":"IF(ISERROR(INDIRECT(ORÇAMENTO.BancoRef)),\"(abra o arquivo 'Referência \"&Excel_BuiltIn_Database&\".xlsm)\",IF(OR($C29<>\"S\",ORÇAMENTO.CodBarra=\"\"),\"(Sem Código)\",IF(ISERROR(MATCH($AE29,INDIRECT(ORÇAMENTO.BancoRef),0)),\"(Código não identificado nas referências)\",MATCH($AE29,INDIRECT(ORÇAMENTO.BancoRef),0))))","v":6603},{"$f":"ROUND(IF(DESONERACAO=\"sim\",REFERENCIA.Desonerado,REFERENCIA.NaoDesonerado),2)","v":25.33},0.26,null,null,null,null,989.52,31.92]
["S",3,"S",0,{"$f":"IF($C30=1,OFFSET(E30,-1,0)+MAX(1,COUNTIF(QCI!$A$13:$A$24,OFFSET(ORÇAMENTO!E30,-1,0))),OFFSET(E30,-1,0))","v":1},2,1,0,4,0,{"$f":"IF(OR($C30=\"S\",$C30=0),0,MATCH(OFFSET($D30,0,$C30)+IF($C30<>1,1,COUNTIF(QCI!$A$13:$A$24,ORÇAMENTO!E30)),OFFSET($D30,1,$C30,ROW($C$270)-ROW($C30)),0))","v":0},"F","Serviço","Serviço","1.2.1.4.","SINAPI","105293",{"$f":"IF($C30=\"S\",REFERENCIA.Descricao,\"(digite a descrição aqui)\")","v":"ASSENTAMENTO E FORNECIMENTO DE CURVA PVC PBA, JE, PB, 45 GRAUS, DN 50 / DE 60 MM, PARA REDE AGUA, JUNTA ELÁSTICA INTEGRADA, INSTALADO EM LOCAL COM NÍVEL BAIXO DE INTERFERÊNCIAS (INCLUI FORNECIMENTO). AF_05/2024"},{"$f":"REFERENCIA.Unidade","v":"UN"},{"$f":"OFFSET(CÁLCULO!H$15,ROW($T30)-ROW(T$15),0)","v":1},47.71,"BDI 1",{"$f":"IF($C30=\"S\",ROUND(IF(TIPOORCAMENTO=\"Proposto\",ORÇAMENTO.CustoUnitario*(1+$AH30),ORÇAMENTO.PrecoUnitarioLicitado),15-13*$AF$10),0)","v":60.11},{"$f":"IF($C30=\"S\",IF(OR(Import.TipoArredondamento<>\"TransfereGOV\",ACOMPANHAMENTO=\"BM\"),VTOTAL1,SUM(OFFSET(CÁLCULO!$AA$15,ROW($X30)-ROW($X$15),1):OFFSET(CÁLCULO!$AL$15,ROW($X30)-ROW($X$15),-1))),IF($C30=0,0,ROUND(SomaAgrup,15-13*$AF$11)))","v":60.11},"RA","RA",{"$f":"IF($C30=\"S\",IF($Z30=\"CP\",$X30,IF($Z30=\"RA\",(($X30)*QCI!$AA$3),0)),SomaAgrup)","v":0},0,{"$f":"IF($N30=\"\",\" \",\nIF(AND($C30<>\"S\",OR($R30=\"\",$R30=\"(digite a descrição aqui)\")),\"DESCRIÇÃO\",\nIF(AND($C30=\"S\",OR($Q30<>\"\",$T30>0,$U30>0),$P30=\"\"),\"FONTE\",\nIF(AND($C30=\"S\",$P30<>\"\",OR($T30>0,$U30>0),$Q30=\"\"),\"CÓDIGO\",\nIF(AND($C30=\"S\",$P30<>\"\",$Q30<>\"\",$R30=\"(Código não identificado nas referências)\"),\"CÓDIGO N/ID\",\nIF(AND($C30=\"S\",OR($R30=\"\",$R30=\"(digite a descrição aqui)\"),OR($Q30<>\"\",$T30>0,$U30>0)),\"DESCRIÇÃO\",\nIF(AND($C30=\"S\",$P30<>\"\",$Q30<>\"\",$S30=\"\"),\"UNIDADE\",\nIF(AND($C30=\"S\",$P30<>\"\",$Q30<>\"\",$U30=0),\"SEM CUSTO\",\nIF(AND(_xlfn.SINGLE(TIPOORCAMENTO)=\"Licitado\",$AL30=0,$AN30>0),\"SEM PREÇO\",\nIF(AND($C30=\"S\",$P30<>\"\",$Q30<>\"\",$U30>0,AND($V30<>\"BDI 1\",$V30<>\"BDI 2\",$V30<>\"BDI 3\")),IF(ISNUMBER($V30),\"JUSTIFICAR BDI\",\"BDI\"),\nIF(OR(AND(import.recurso=\"OGU\",TIPOORCAMENTO=\"Proposto\",LEFT($O$8,5)<>\"(N/D:\",$AG30<>\"\",ORÇAMENTO.CustoUnitario>$AG30),AND(TIPOORCAMENTO=\"LICITADO\",ORÇAMENTO.PrecoUnitarioLicitado>$AN30)),\"ACIMA REF.\",\nIF(AND($C30=\"S\",$P30<>\"\",$Q30<>\"\",$T30=0,$U30>0),\"QUANT.\",\nIF(AND(Import.TipoArredondamento=\"TransfereGOV\",$L30=\"F\",$C30=\"S\",LEN($Q30)>13),\"Código >13\",\nIF(AND(Import.TipoArredondamento=\"TransfereGOV\",$L30=\"F\",$C30<>\"S\",LEN($R30)>100),\"Descrição >100\",\nIF(AND(Import.TipoArredondamento=\"TransfereGOV\",$L30=\"F\",$C30=\"S\",LEN($R30)>500),\"Descrição >500\",\nIF(AND(Import.TipoArredondamento=\"TransfereGOV\",$L30=\"F\",$C30=\"S\",LEFT(TRIM(UPPER($P30)),6)<>\"SINAPI\",ISNA(VLOOKUP(TRIM(UPPER($S30)),ListaTgov.Unidades,1,FALSE))),\"Unid. Não Disp\",\n\" \"))))))))))))))))","v":{"$error":"#NAME?"}},{"$f":"IF(C30<=CRONO.NivelExibicao,MAX($AD$15:OFFSET(AD30,-1,0))+IF($C30<>1,1,MAX(1,COUNTIF(QCI!$A$13:$A$24,OFFSET($E30,-1,0)))),\"\")","v":""},{"$f":"IF(AND($C30=\"S\",ORÇAMENTO.CodBarra<>\"\"),IF(ORÇAMENTO.Fonte=\"\",ORÇAMENTO.CodBarra,CONCATENATE(ORÇAMENTO.Fonte,\" \",ORÇAMENTO.CodBarra)))","v":"SINAPI 105293"},{"$f":"IF(ISERROR(INDIRECT(ORÇAMENTO.BancoRef)),\"(abra o arquivo 'Referência \"&Excel_BuiltIn_Database&\".xlsm)\",IF(OR($C30<>\"S\",ORÇAMENTO.CodBarra=\"\"),\"(Sem Código)\",IF(ISERROR(MATCH($AE30,INDIRECT(ORÇAMENTO.BancoRef),0)),\"(Código não identificado nas referências)\",MATCH($AE30,INDIRECT(ORÇAMENTO.BancoRef),0))))","v":6581},{"$f":"ROUND(IF(DESONERACAO=\"sim\",REFERENCIA.Desonerado,REFERENCIA.NaoDesonerado),2)","v":47.71},0.26,null,null,null,null,60.11,60.11]
["S",3,"S",0,{"$f":"IF($C31=1,OFFSET(E31,-1,0)+MAX(1,COUNTIF(QCI!$A$13:$A$24,OFFSET(ORÇAMENTO!E31,-1,0))),OFFSET(E31,-1,0))","v":1},2,1,0,5,0,{"$f":"IF(OR($C31=\"S\",$C31=0),0,MATCH(OFFSET($D31,0,$C31)+IF($C31<>1,1,COUNTIF(QCI!$A$13:$A$24,ORÇAMENTO!E31)),OFFSET($D31,1,$C31,ROW($C$270)-ROW($C31)),0))","v":0},"F","Serviço","Serviço","1.2.1.5.","SINAPI","105293",{"$f":"IF($C31=\"S\",REFERENCIA.Descricao,\"(digite a descrição aqui)\")","v":"ASSENTAMENTO E FORNECIMENTO DE CURVA PVC PBA, JE, PB, 45 GRAUS, DN 50 / DE 60 MM, PARA REDE AGUA, JUNTA ELÁSTICA INTEGRADA, INSTALADO EM LOCAL COM NÍVEL BAIXO DE INTERFERÊNCIAS (INCLUI FORNECIMENTO). AF_05/2024"},{"$f":"REFERENCIA.Unidade","v":"UN"},{"$f":"OFFSET(CÁLCULO!H$15,ROW($T31)-ROW(T$15),0)","v":2},47.71,"BDI 1",{"$f":"IF($C31=\"S\",ROUND(IF(TIPOORCAMENTO=\"Proposto\",ORÇAMENTO.CustoUnitario*(1+$AH31),ORÇAMENTO.PrecoUnitarioLicitado),15-13*$AF$10),0)","v":60.11},{"$f":"IF($C31=\"S\",IF(OR(Import.TipoArredondamento<>\"TransfereGOV\",ACOMPANHAMENTO=\"BM\"),VTOTAL1,SUM(OFFSET(CÁLCULO!$AA$15,ROW($X31)-ROW($X$15),1):OFFSET(CÁLCULO!$AL$15,ROW($X31)-ROW($X$15),-1))),IF($C31=0,0,ROUND(SomaAgrup,15-13*$AF$11)))","v":120.22},"RA","RA",{"$f":"IF($C31=\"S\",IF($Z31=\"CP\",$X31,IF($Z31=\"RA\",(($X31)*QCI!$AA$3),0)),SomaAgrup)","v":0},0,{"$f":"IF($N31=\"\",\" \",\nIF(AND($C31<>\"S\",OR($R31=\"\",$R31=\"(digite a descrição aqui)\")),\"DESCRIÇÃO\",\nIF(AND($C31=\"S\",OR($Q31<>\"\",$T31>0,$U31>0),$P31=\"\"),\"FONTE\",\nIF(AND($C31=\"S\",$P31<>\"\",OR($T31>0,$U31>0),$Q31=\"\"),\"CÓDIGO\",\nIF(AND($C31=\"S\",$P31<>\"\",$Q31<>\"\",$R31=\"(Código não identificado nas referências)\"),\"CÓDIGO N/ID\",\nIF(AND($C31=\"S\",OR($R31=\"\",$R31=\"(digite a descrição aqui)\"),OR($Q31<>\"\",$T31>0,$U31>0)),\"DESCRIÇÃO\",\nIF(AND($C31=\"S\",$P31<>\"\",$Q31<>\"\",$S31=\"\"),\"UNIDADE\",\nIF(AND($C31=\"S\",$P31<>\"\",$Q31<>\"\",$U31=0),\"SEM CUSTO\",\nIF(AND(_xlfn.SINGLE(TIPOORCAMENTO)=\"Licitado\",$AL31=0,$AN31>0),\"SEM PREÇO\",\nIF(AND($C31=\"S\",$P31<>\"\",$Q31<>\"\",$U31>0,AND($V31<>\"BDI 1\",$V31<>\"BDI 2\",$V31<>\"BDI 3\")),IF(ISNUMBER($V31),\"JUSTIFICAR BDI\",\"BDI\"),\nIF(OR(AND(import.recurso=\"OGU\",TIPOORCAMENTO=\"Proposto\",LEFT($O$8,5)<>\"(N/D:\",$AG31<>\"\",ORÇAMENTO.CustoUnitario>$AG31),AND(TIPOORCAMENTO=\"LICITADO\",ORÇAMENTO.PrecoUnitarioLicitado>$AN31)),\"ACIMA REF.\",\nIF(AND($C31=\"S\",$P31<>\"\",$Q31<>\"\",$T31=0,$U31>0),\"QUANT.\",\nIF(AND(Import.TipoArredondamento=\"TransfereGOV\",$L31=\"F\",$C31=\"S\",LEN($Q31)>13),\"Código >13\",\nIF(AND(Import.TipoArredondamento=\"TransfereGOV\",$L31=\"F\",$C31<>\"S\",LEN($R31)>100),\"Descrição >100\",\nIF(AND(Import.TipoArredondamento=\"TransfereGOV\",$L31=\"F\",$C31=\"S\",LEN($R31)>500),\"Descrição >500\",\nIF(AND(Import.TipoArredondamento=\"TransfereGOV\",$L31=\"F\",$C31=\"S\",LEFT(TRIM(UPPER($P31)),6)<>\"SINAPI\",ISNA(VLOOKUP(TRIM(UPPER($S31)),ListaTgov.Unidades,1,FALSE))),\"Unid. Não Disp\",\n\" \"))))))))))))))))","v":{"$error":"#NAME?"}},{"$f":"IF(C31<=CRONO.NivelExibicao,MAX($AD$15:OFFSET(AD31,-1,0))+IF($C31<>1,1,MAX(1,COUNTIF(QCI!$A$13:$A$24,OFFSET($E31,-1,0)))),\"\")","v":""},{"$f":"IF(AND($C31=\"S\",ORÇAMENTO.CodBarra<>\"\"),IF(ORÇAMENTO.Fonte=\"\",ORÇAMENTO.CodBarra,CONCATENATE(ORÇAMENTO.Fonte,\" \",ORÇAMENTO.CodBarra)))","v":"SINAPI 105293"},{"$f":"IF(ISERROR(INDIRECT(ORÇAMENTO.BancoRef)),\"(abra o arquivo 'Referência \"&Excel_BuiltIn_Database&\".xlsm)\",IF(OR($C31<>\"S\",ORÇAMENTO.CodBarra=\"\"),\"(Sem Código)\",IF(ISERROR(MATCH($AE31,INDIRECT(ORÇAMENTO.BancoRef),0)),\"(Código não identificado nas referências)\",MATCH($AE31,INDIRECT(ORÇAMENTO.BancoRef),0))))","v":6581},{"$f":"ROUND(IF(DESONERACAO=\"sim\",REFERENCIA.Desonerado,REFERENCIA.NaoDesonerado),2)","v":47.71},0.26,null,null,null,null,120.22,60.11]
[3,3,3,238,{"$f":"IF($C32=1,OFFSET(E32,-1,0)+MAX(1,COUNTIF(QCI!$A$13:$A$24,OFFSET(ORÇAMENTO!E32,-1,0))),OFFSET(E32,-1,0))","v":1},2,2,0,0,238,{"$f":"IF(OR($C32=\"S\",$C32=0),0,MATCH(OFFSET($D32,0,$C32)+IF($C32<>1,1,COUNTIF(QCI!$A$13:$A$24,ORÇAMENTO!E32)),OFFSET($D32,1,$C32,ROW($C$270)-ROW($C32)),0))","v":{"$error":"#N/A"}},"F","Nível 3","Nível 3","1.2.2.","SINAPI",null,"REDE EM PEAD E CONEXÕES",{"$f":"REFERENCIA.Unidade","v":"-"},{"$f":"OFFSET(CÁLCULO!H$15,ROW($T32)-ROW(T$15),0)","v":0},0,"BDI 1",{"$f":"IF($C32=\"S\",ROUND(IF(TIPOORCAMENTO=\"Proposto\",ORÇAMENTO.CustoUnitario*(1+$AH32),ORÇAMENTO.PrecoUnitarioLicitado),15-13*$AF$10),0)","v":0},{"$f":"IF($C32=\"S\",IF(OR(Import.TipoArredondamento<>\"TransfereGOV\",ACOMPANHAMENTO=\"BM\"),VTOTAL1,SUM(OFFSET(CÁLCULO!$AA$15,ROW($X32)-ROW($X$15),1):OFFSET(CÁLCULO!$AL$15,ROW($X32)-ROW($X$15),-1))),IF($C32=0,0,ROUND(SomaAgrup,15-13*$AF$11)))","v":44345.35},"RA","",{"$f":"IF($C32=\"S\",IF($Z32=\"CP\",$X32,IF($Z32=\"RA\",(($X32)*QCI!$AA$3),0)),SomaAgrup)","v":0},0,{"$f":"IF($N32=\"\",\" \",\nIF(AND($C32<>\"S\",OR($R32=\"\",$R32=\"(digite a descrição aqui)\")),\"DESCRIÇÃO\",\nIF(AND($C32=\"S\",OR($Q32<>\"\",$T32>0,$U32>0),$P32=\"\"),\"FONTE\",\nIF(AND($C32=\"S\",$P32<>\"\",OR($T32>0,$U32>0),$Q32=\"\"),\"CÓDIGO\",\nIF(AND($C32=\"S\",$P32<>\"\",$Q32<>\"\",$R32=\"(Código não identificado nas referências)\"),\"CÓDIGO N/ID\",\nIF(AND($C32=\"S\",OR($R32=\"\",$R32=\"(digite a descrição aqui)\"),OR($Q32<>\"\",$T32>0,$U32>0)),\"DESCRIÇÃO\",\nIF(AND($C32=\"S\",$P32<>\"\",$Q32<>\"\",$S32=\"\"),\"UNIDADE\",\nIF(AND($C32=\"S\",$P32<>\"\",$Q32<>\"\",$U32=0),\"SEM CUSTO\",\nIF(AND(_xlfn.SINGLE(TIPOORCAMENTO)=\"Licitado\",$AL32=0,$AN32>0),\"SEM PREÇO\",\nIF(AND($C32=\"S\",$P32<>\"\",$Q32<>\"\",$U32>0,AND($V32<>\"BDI 1\",$V32<>\"BDI 2\",$V32<>\"BDI 3\")),IF(ISNUMBER($V32),\"JUSTIFICAR BDI\",\"BDI\"),\nIF(OR(AND(import.recurso=\"OGU\",TIPOORCAMENTO=\"Proposto\",LEFT($O$8,5)<>\"(N/D:\",$AG32<>\"\",ORÇAMENTO.CustoUnitario>$AG32),AND(TIPOORCAMENTO=\"LICITADO\",ORÇAMENTO.PrecoUnitarioLicitado>$AN32)),\"ACIMA REF.\",\nIF(AND($C32=\"S\",$P32<>\"\",$Q32<>\"\",$T32=0,$U32>0),\"QUANT.\",\nIF(AND(Import.TipoArredondamento=\"TransfereGOV\",$L32=\"F\",$C32=\"S\",LEN($Q32)>13),\"Código >13\",\nIF(AND(Import.TipoArredondamento=\"TransfereGOV\",$L32=\"F\",$C32<>\"S\",LEN($R32)>100),\"Descrição >100\",\nIF(AND(Import.TipoArredondamento=\"TransfereGOV\",$L32=\"F\",$C32=\"S\",LEN($R32)>500),\"Descrição >500\",\nIF(AND(Import.TipoArredondamento=\"TransfereGOV\",$L32=\"F\",$C32=\"S\",LEFT(TRIM(UPPER($P32)),6)<>\"SINAPI\",ISNA(VLOOKUP(TRIM(UPPER($S32)),ListaTgov.Unidades,1,FALSE))),\"Unid. Não Disp\",\n\" \"))))))))))))))))","v":{"$error":"#NAME?"}},{"$f":"IF(C32<=CRONO.NivelExibicao,MAX($AD$15:OFFSET(AD32,-1,0))+IF($C32<>1,1,MAX(1,COUNTIF(QCI!$A$13:$A$24,OFFSET($E32,-1,0)))),\"\")","v":""},{"$f":"IF(AND($C32=\"S\",ORÇAMENTO.CodBarra<>\"\"),IF(ORÇAMENTO.Fonte=\"\",ORÇAMENTO.CodBarra,CONCATENATE(ORÇAMENTO.Fonte,\" \",ORÇAMENTO.CodBarra)))","v":false},{"$f":"IF(ISERROR(INDIRECT(ORÇAMENTO.BancoRef)),\"(abra o arquivo 'Referência \"&Excel_BuiltIn_Database&\".xlsm)\",IF(OR($C32<>\"S\",ORÇAMENTO.CodBarra=\"\"),\"(Sem Código)\",IF(ISERROR(MATCH($AE32,INDIRECT(ORÇAMENTO.BancoRef),0)),\"(Código não identificado nas referências)\",MATCH($AE32,INDIRECT(ORÇAMENTO.BancoRef),0))))","v":"(Sem Código)"},{"$f":"ROUND(IF(DESONERACAO=\"sim\",REFERENCIA.Desonerado,REFERENCIA.NaoDesonerado),2)","v":0},0.26,null,null,null,null,44345.35,0]
["S",3,"S",0,{"$f":"IF($C33=1,OFFSET(E33,-1,0)+MAX(1,COUNTIF(QCI!$A$13:$A$24,OFFSET(ORÇAMENTO!E33,-1,0))),OFFSET(E33,-1,0))","v":1},2,2,0,1,0,{"$f":"IF(OR($C33=\"S\",$C33=0),0,MATCH(OFFSET($D33,0,$C33)+IF($C33<>1,1,COUNTIF(QCI!$A$13:$A$24,ORÇAMENTO!E33)),OFFSET($D33,1,$C33,ROW($C$270)-ROW($C33)),0))","v":0},"F","Serviço","Serviço","1.2.2.1.","SINAPI","90105",{"$f":"IF($C33=\"S\",REFERENCIA.Descricao,\"(digite a descrição aqui)\")","v":"ESCAVAÇÃO MECANIZADA DE VALA COM PROFUNDIDADE ATÉ 1,5 M (MÉDIA MONTANTE E JUSANTE/UMA COMPOSIÇÃO POR TRECHO), RETROESCAV. (0,26 M3), LARGURA MENOR QUE 0,8 M, EM SOLO DE 1A CATEGORIA, LOCAIS COM BAIXO NÍVEL DE INTERFERÊNCIA. AF_09/2024"},{"$f":"REFERENCIA.Unidade","v":"M3"},{"$f":"OFFSET(CÁLCULO!H$15,ROW($T33)-ROW(T$15),0)","v":272.94},9.93,"BDI 1",{"$f":"IF($C33=\"S\",ROUND(IF(TIPOORCAMENTO=\"Proposto\",ORÇAMENTO.CustoUnitario*(1+$AH33),ORÇAMENTO.PrecoUnitarioLicitado),15-13*$AF$10),0)","v":12.51},{"$f":"IF($C33=\"S\",IF(OR(Import.TipoArredondamento<>\"TransfereGOV\",ACOMPANHAMENTO=\"BM\"),VTOTAL1,SUM(OFFSET(CÁLCULO!$AA$15,ROW($X33)-ROW($X$15),1):OFFSET(CÁLCULO!$AL$15,ROW($X33)-ROW($X$15),-1))),IF($C33=0,0,ROUND(SomaAgrup,15-13*$AF$11)))","v":3414.48},"RA","RA",{"$f":"IF($C33=\"S\",IF($Z33=\"CP\",$X33,IF($Z33=\"RA\",(($X33)*QCI!$AA$3),0)),SomaAgrup)","v":0},0,{"$f":"IF($N33=\"\",\" \",\nIF(AND($C33<>\"S\",OR($R33=\"\",$R33=\"(digite a descrição aqui)\")),\"DESCRIÇÃO\",\nIF(AND($C33=\"S\",OR($Q33<>\"\",$T33>0,$U33>0),$P33=\"\"),\"FONTE\",\nIF(AND($C33=\"S\",$P33<>\"\",OR($T33>0,$U33>0),$Q33=\"\"),\"CÓDIGO\",\nIF(AND($C33=\"S\",$P33<>\"\",$Q33<>\"\",$R33=\"(Código não identificado nas referências)\"),\"CÓDIGO N/ID\",\nIF(AND($C33=\"S\",OR($R33=\"\",$R33=\"(digite a descrição aqui)\"),OR($Q33<>\"\",$T33>0,$U33>0)),\"DESCRIÇÃO\",\nIF(AND($C33=\"S\",$P33<>\"\",$Q33<>\"\",$S33=\"\"),\"UNIDADE\",\nIF(AND($C33=\"S\",$P33<>\"\",$Q33<>\"\",$U33=0),\"SEM CUSTO\",\nIF(AND(_xlfn.SINGLE(TIPOORCAMENTO)=\"Licitado\",$AL33=0,$AN33>0),\"SEM PREÇO\",\nIF(AND($C33=\"S\",$P33<>\"\",$Q33<>\"\",$U33>0,AND($V33<>\"BDI 1\",$V33<>\"BDI 2\",$V33<>\"BDI 3\")),IF(ISNUMBER($V33),\"JUSTIFICAR BDI\",\"BDI\"),\nIF(OR(AND(import.recurso=\"OGU\",TIPOORCAMENTO=\"Proposto\",LEFT($O$8,5)<>\"(N/D:\",$AG33<>\"\",ORÇAMENTO.CustoUnitario>$AG33),AND(TIPOORCAMENTO=\"LICITADO\",ORÇAMENTO.PrecoUnitarioLicitado>$AN33)),\"ACIMA REF.\",\nIF(AND($C33=\"S\",$P33<>\"\",$Q33<>\"\",$T33=0,$U33>0),\"QUANT.\",\nIF(AND(Import.TipoArredondamento=\"TransfereGOV\",$L33=\"F\",$C33=\"S\",LEN($Q33)>13),\"Código >13\",\nIF(AND(Import.TipoArredondamento=\"TransfereGOV\",$L33=\"F\",$C33<>\"S\",LEN($R33)>100),\"Descrição >100\",\nIF(AND(Import.TipoArredondamento=\"TransfereGOV\",$L33=\"F\",$C33=\"S\",LEN($R33)>500),\"Descrição >500\",\nIF(AND(Import.TipoArredondamento=\"TransfereGOV\",$L33=\"F\",$C33=\"S\",LEFT(TRIM(UPPER($P33)),6)<>\"SINAPI\",ISNA(VLOOKUP(TRIM(UPPER($S33)),ListaTgov.Unidades,1,FALSE))),\"Unid. Não Disp\",\n\" \"))))))))))))))))","v":{"$error":"#NAME?"}},{"$f":"IF(C33<=CRONO.NivelExibicao,MAX($AD$15:OFFSET(AD33,-1,0))+IF($C33<>1,1,MAX(1,COUNTIF(QCI!$A$13:$A$24,OFFSET($E33,-1,0)))),\"\")","v":""},{"$f":"IF(AND($C33=\"S\",ORÇAMENTO.CodBarra<>\"\"),IF(ORÇAMENTO.Fonte=\"\",ORÇAMENTO.CodBarra,CONCATENATE(ORÇAMENTO.Fonte,\" \",ORÇAMENTO.CodBarra)))","v":"SINAPI 90105"},{"$f":"IF(ISERROR(INDIRECT(ORÇAMENTO.BancoRef)),\"(abra o arquivo 'Referência \"&Excel_BuiltIn_Database&\".xlsm)\",IF(OR($C33<>\"S\",ORÇAMENTO.CodBarra=\"\"),\"(Sem Código)\",IF(ISERROR(MATCH($AE33,INDIRECT(ORÇAMENTO.BancoRef),0)),\"(Código não identificado nas referências)\",MATCH($AE33,INDIRECT(ORÇAMENTO.BancoRef),0))))","v":9315},{"$f":"ROUND(IF(DESONERACAO=\"sim\",REFERENCIA.Desonerado,REFERENCIA.NaoDesonerado),2)","v":9.93},0.26,null,null,null,null,3414.48,12.51]
["S",3,"S",0,{"$f":"IF($C34=1,OFFSET(E34,-1,0)+MAX(1,COUNTIF(QCI!$A$13:$A$24,OFFSET(ORÇAMENTO!E34,-1,0))),OFFSET(E34,-1,0))","v":1},2,2,0,2,0,{"$f":"IF(OR($C34=\"S\",$C34=0),0,MATCH(OFFSET($D34,0,$C34)+IF($C34<>1,1,COUNTIF(QCI!$A$13:$A$24,ORÇAMENTO!E34)),OFFSET($D34,1,$C34,ROW($C$270)-ROW($C34)),0))","v":0},"F","Serviço","Serviço","1.2.2.2.","SINAPI","93378",{"$f":"IF($C34=\"S\",REFERENCIA.Descricao,\"(digite a descrição aqui)\")","v":"REATERRO MECANIZADO DE VALA COM RETROESCAVADEIRA (CAPACIDADE DA CAÇAMBA DA RETRO: 0,26 M³/POTÊNCIA: 88 HP), LARGURA ATÉ 0,8 M, PROFUNDIDADE ATÉ 1,5 M, COM SOLO (SEM SUBSTITUIÇÃO) DE 1ª CATEGORIA, COM COMPACTADOR DE SOLOS DE PERCUSSÃO. AF_08/2023"},{"$f":"REFERENCIA.Unidade","v":"M3"},{"$f":"OFFSET(CÁLCULO!H$15,ROW($T34)-ROW(T$15),0)","v":270.10000000000002},25.76,"BDI 1",{"$f":"IF($C34=\"S\",ROUND(IF(TIPOORCAMENTO=\"Proposto\",ORÇAMENTO.CustoUnitario*(1+$AH34),ORÇAMENTO.PrecoUnitarioLicitado),15-13*$AF$10),0)","v":32.46},{"$f":"IF($C34=\"S\",IF(OR(Import.TipoArredondamento<>\"TransfereGOV\",ACOMPANHAMENTO=\"BM\"),VTOTAL1,SUM(OFFSET(CÁLCULO!$AA$15,ROW($X34)-ROW($X$15),1):OFFSET(CÁLCULO!$AL$15,ROW($X34)-ROW($X$15),-1))),IF($C34=0,0,ROUND(SomaAgrup,15-13*$AF$11)))","v":8767.4500000000007},"RA","RA",{"$f":"IF($C34=\"S\",IF($Z34=\"CP\",$X34,IF($Z34=\"RA\",(($X34)*QCI!$AA$3),0)),SomaAgrup)","v":0},0,{"$f":"IF($N34=\"\",\" \",\nIF(AND($C34<>\"S\",OR($R34=\"\",$R34=\"(digite a descrição aqui)\")),\"DESCRIÇÃO\",\nIF(AND($C34=\"S\",OR($Q34<>\"\",$T34>0,$U34>0),$P34=\"\"),\"FONTE\",\nIF(AND($C34=\"S\",$P34<>\"\",OR($T34>0,$U34>0),$Q34=\"\"),\"CÓDIGO\",\nIF(AND($C34=\"S\",$P34<>\"\",$Q34<>\"\",$R34=\"(Código não identificado nas referências)\"),\"CÓDIGO N/ID\",\nIF(AND($C34=\"S\",OR($R34=\"\",$R34=\"(digite a descrição aqui)\"),OR($Q34<>\"\",$T34>0,$U34>0)),\"DESCRIÇÃO\",\nIF(AND($C34=\"S\",$P34<>\"\",$Q34<>\"\",$S34=\"\"),\"UNIDADE\",\nIF(AND($C34=\"S\",$P34<>\"\",$Q34<>\"\",$U34=0),\"SEM CUSTO\",\nIF(AND(_xlfn.SINGLE(TIPOORCAMENTO)=\"Licitado\",$AL34=0,$AN34>0),\"SEM PREÇO\",\nIF(AND($C34=\"S\",$P34<>\"\",$Q34<>\"\",$U34>0,AND($V34<>\"BDI 1\",$V34<>\"BDI 2\",$V34<>\"BDI 3\")),IF(ISNUMBER($V34),\"JUSTIFICAR BDI\",\"BDI\"),\nIF(OR(AND(import.recurso=\"OGU\",TIPOORCAMENTO=\"Proposto\",LEFT($O$8,5)<>\"(N/D:\",$AG34<>\"\",ORÇAMENTO.CustoUnitario>$AG34),AND(TIPOORCAMENTO=\"LICITADO\",ORÇAMENTO.PrecoUnitarioLicitado>$AN34)),\"ACIMA REF.\",\nIF(AND($C34=\"S\",$P34<>\"\",$Q34<>\"\",$T34=0,$U34>0),\"QUANT.\",\nIF(AND(Import.TipoArredondamento=\"TransfereGOV\",$L34=\"F\",$C34=\"S\",LEN($Q34)>13),\"Código >13\",\nIF(AND(Import.TipoArredondamento=\"TransfereGOV\",$L34=\"F\",$C34<>\"S\",LEN($R34)>100),\"Descrição >100\",\nIF(AND(Import.TipoArredondamento=\"TransfereGOV\",$L34=\"F\",$C34=\"S\",LEN($R34)>500),\"Descrição >500\",\nIF(AND(Import.TipoArredondamento=\"TransfereGOV\",$L34=\"F\",$C34=\"S\",LEFT(TRIM(UPPER($P34)),6)<>\"SINAPI\",ISNA(VLOOKUP(TRIM(UPPER($S34)),ListaTgov.Unidades,1,FALSE))),\"Unid. Não Disp\",\n\" \"))))))))))))))))","v":{"$error":"#NAME?"}},{"$f":"IF(C34<=CRONO.NivelExibicao,MAX($AD$15:OFFSET(AD34,-1,0))+IF($C34<>1,1,MAX(1,COUNTIF(QCI!$A$13:$A$24,OFFSET($E34,-1,0)))),\"\")","v":""},{"$f":"IF(AND($C34=\"S\",ORÇAMENTO.CodBarra<>\"\"),IF(ORÇAMENTO.Fonte=\"\",ORÇAMENTO.CodBarra,CONCATENATE(ORÇAMENTO.Fonte,\" \",ORÇAMENTO.CodBarra)))","v":"SINAPI 93378"},{"$f":"IF(ISERROR(INDIRECT(ORÇAMENTO.BancoRef)),\"(abra o arquivo 'Referência \"&Excel_BuiltIn_Database&\".xlsm)\",IF(OR($C34<>\"S\",ORÇAMENTO.CodBarra=\"\"),\"(Sem Código)\",IF(ISERROR(MATCH($AE34,INDIRECT(ORÇAMENTO.BancoRef),0)),\"(Código não identificado nas referências)\",MATCH($AE34,INDIRECT(ORÇAMENTO.BancoRef),0))))","v":6728},{"$f":"ROUND(IF(DESONERACAO=\"sim\",REFERENCIA.Desonerado,REFERENCIA.NaoDesonerado),2)","v":25.76},0.26,null,null,null,null,8767.4500000000007,32.46]
["S",3,"S",0,{"$f":"IF($C35=1,OFFSET(E35,-1,0)+MAX(1,COUNTIF(QCI!$A$13:$A$24,OFFSET(ORÇAMENTO!E35,-1,0))),OFFSET(E35,-1,0))","v":1},2,2,0,3,0,{"$f":"IF(OR($C35=\"S\",$C35=0),0,MATCH(OFFSET($D35,0,$C35)+IF($C35<>1,1,COUNTIF(QCI!$A$13:$A$24,ORÇAMENTO!E35)),OFFSET($D35,1,$C35,ROW($C$270)-ROW($C35)),0))","v":0},"F","Serviço","Serviço","1.2.2.3.","Composição","103374",{"$f":"IF($C35=\"S\",REFERENCIA.Descricao,\"(digite a descrição aqui)\")","v":"TUBO PEAD LISO PARA REDE DE ÁGUA OU ESGOTO, DIÂMETRO DE 63 MM, JUNTA SOLDADA (NÃO INCLUI A EXECUÇÃO DE SOLDA) - FORNECIMENTO E ASSENTAMENTO. AF_12/2021"},{"$f":"REFERENCIA.Unidade","v":"M"},{"$f":"OFFSET(CÁLCULO!H$15,ROW($T35)-ROW(T$15),0)","v":909.8},19.940000000000001,"BDI 1",{"$f":"IF($C35=\"S\",ROUND(IF(TIPOORCAMENTO=\"Proposto\",ORÇAMENTO.CustoUnitario*(1+$AH35),ORÇAMENTO.PrecoUnitarioLicitado),15-13*$AF$10),0)","v":25.12},{"$f":"IF($C35=\"S\",IF(OR(Import.TipoArredondamento<>\"TransfereGOV\",ACOMPANHAMENTO=\"BM\"),VTOTAL1,SUM(OFFSET(CÁLCULO!$AA$15,ROW($X35)-ROW($X$15),1):OFFSET(CÁLCULO!$AL$15,ROW($X35)-ROW($X$15),-1))),IF($C35=0,0,ROUND(SomaAgrup,15-13*$AF$11)))","v":22854.18},"RA","RA",{"$f":"IF($C35=\"S\",IF($Z35=\"CP\",$X35,IF($Z35=\"RA\",(($X35)*QCI!$AA$3),0)),SomaAgrup)","v":0},0,{"$f":"IF($N35=\"\",\" \",\nIF(AND($C35<>\"S\",OR($R35=\"\",$R35=\"(digite a descrição aqui)\")),\"DESCRIÇÃO\",\nIF(AND($C35=\"S\",OR($Q35<>\"\",$T35>0,$U35>0),$P35=\"\"),\"FONTE\",\nIF(AND($C35=\"S\",$P35<>\"\",OR($T35>0,$U35>0),$Q35=\"\"),\"CÓDIGO\",\nIF(AND($C35=\"S\",$P35<>\"\",$Q35<>\"\",$R35=\"(Código não identificado nas referências)\"),\"CÓDIGO N/ID\",\nIF(AND($C35=\"S\",OR($R35=\"\",$R35=\"(digite a descrição aqui)\"),OR($Q35<>\"\",$T35>0,$U35>0)),\"DESCRIÇÃO\",\nIF(AND($C35=\"S\",$P35<>\"\",$Q35<>\"\",$S35=\"\"),\"UNIDADE\",\nIF(AND($C35=\"S\",$P35<>\"\",$Q35<>\"\",$U35=0),\"SEM CUSTO\",\nIF(AND(_xlfn.SINGLE(TIPOORCAMENTO)=\"Licitado\",$AL35=0,$AN35>0),\"SEM PREÇO\",\nIF(AND($C35=\"S\",$P35<>\"\",$Q35<>\"\",$U35>0,AND($V35<>\"BDI 1\",$V35<>\"BDI 2\",$V35<>\"BDI 3\")),IF(ISNUMBER($V35),\"JUSTIFICAR BDI\",\"BDI\"),\nIF(OR(AND(import.recurso=\"OGU\",TIPOORCAMENTO=\"Proposto\",LEFT($O$8,5)<>\"(N/D:\",$AG35<>\"\",ORÇAMENTO.CustoUnitario>$AG35),AND(TIPOORCAMENTO=\"LICITADO\",ORÇAMENTO.PrecoUnitarioLicitado>$AN35)),\"ACIMA REF.\",\nIF(AND($C35=\"S\",$P35<>\"\",$Q35<>\"\",$T35=0,$U35>0),\"QUANT.\",\nIF(AND(Import.TipoArredondamento=\"TransfereGOV\",$L35=\"F\",$C35=\"S\",LEN($Q35)>13),\"Código >13\",\nIF(AND(Import.TipoArredondamento=\"TransfereGOV\",$L35=\"F\",$C35<>\"S\",LEN($R35)>100),\"Descrição >100\",\nIF(AND(Import.TipoArredondamento=\"TransfereGOV\",$L35=\"F\",$C35=\"S\",LEN($R35)>500),\"Descrição >500\",\nIF(AND(Import.TipoArredondamento=\"TransfereGOV\",$L35=\"F\",$C35=\"S\",LEFT(TRIM(UPPER($P35)),6)<>\"SINAPI\",ISNA(VLOOKUP(TRIM(UPPER($S35)),ListaTgov.Unidades,1,FALSE))),\"Unid. Não Disp\",\n\" \"))))))))))))))))","v":{"$error":"#NAME?"}},{"$f":"IF(C35<=CRONO.NivelExibicao,MAX($AD$15:OFFSET(AD35,-1,0))+IF($C35<>1,1,MAX(1,COUNTIF(QCI!$A$13:$A$24,OFFSET($E35,-1,0)))),\"\")","v":""},{"$f":"IF(AND($C35=\"S\",ORÇAMENTO.CodBarra<>\"\"),IF(ORÇAMENTO.Fonte=\"\",ORÇAMENTO.CodBarra,CONCATENATE(ORÇAMENTO.Fonte,\" \",ORÇAMENTO.CodBarra)))","v":"Composição 103374"},{"$f":"IF(ISERROR(INDIRECT(ORÇAMENTO.BancoRef)),\"(abra o arquivo 'Referência \"&Excel_BuiltIn_Database&\".xlsm)\",IF(OR($C35<>\"S\",ORÇAMENTO.CodBarra=\"\"),\"(Sem Código)\",IF(ISERROR(MATCH($AE35,INDIRECT(ORÇAMENTO.BancoRef),0)),\"(Código não identificado nas referências)\",MATCH($AE35,INDIRECT(ORÇAMENTO.BancoRef),0))))","v":3},{"$f":"ROUND(IF(DESONERACAO=\"sim\",REFERENCIA.Desonerado,REFERENCIA.NaoDesonerado),2)","v":19.940000000000001},0.26,null,null,null,null,22854.18,25.12]
[{"$f":"CHOOSE(1+LOG(1+2*(ORÇAMENTO.Nivel=\"Meta\")+4*(ORÇAMENTO.Nivel=\"Nível 2\")+8*(ORÇAMENTO.Nivel=\"Nível 3\")+16*(ORÇAMENTO.Nivel=\"Nível 4\")+32*(ORÇAMENTO.Nivel=\"Serviço\"),2),0,1,2,3,4,\"S\")","v":"S"},{"$f":"IF(OR(C36=\"s\",C36=0),OFFSET(B36,-1,0),C36)","v":3},{"$f":"IF(OFFSET(C36,-1,0)=\"L\",1,IF(OFFSET(C36,-1,0)=1,2,IF(OR(A36=\"s\",A36=0),\"S\",IF(AND(OFFSET(C36,-1,0)=2,A36=4),3,IF(AND(OR(OFFSET(C36,-1,0)=\"s\",OFFSET(C36,-1,0)=0),A36<>\"s\",A36>OFFSET(B36,-1,0)),OFFSET(B36,-1,0),A36)))))","v":"S"},{"$f":"IF(OR(C36=\"S\",C36=0),0,IF(ISERROR(K36),J36,SMALL(J36:K36,1)))","v":0},{"$f":"IF($C36=1,OFFSET(E36,-1,0)+MAX(1,COUNTIF(QCI!$A$13:$A$24,OFFSET(ORÇAMENTO!E36,-1,0))),OFFSET(E36,-1,0))","v":1},{"$f":"IF($C36=1,0,IF($C36=2,OFFSET(F36,-1,0)+1,OFFSET(F36,-1,0)))","v":2},{"$f":"IF(AND($C36<=2,$C36<>0),0,IF($C36=3,OFFSET(G36,-1,0)+1,OFFSET(G36,-1,0)))","v":2},{"$f":"IF(AND($C36<=3,$C36<>0),0,IF($C36=4,OFFSET(H36,-1,0)+1,OFFSET(H36,-1,0)))","v":0},{"$f":"IF(AND($C36<=4,$C36<>0),0,IF(AND($C36=\"S\",$X36>0),OFFSET(I36,-1,0)+1,OFFSET(I36,-1,0)))","v":4},0,{"$f":"IF(OR($C36=\"S\",$C36=0),0,MATCH(OFFSET($D36,0,$C36)+IF($C36<>1,1,COUNTIF(QCI!$A$13:$A$24,ORÇAMENTO!E36)),OFFSET($D36,1,$C36,ROW($C$270)-ROW($C36)),0))","v":0},{"$f":"IF(OR($X36>0,$C36=1,$C36=2,$C36=3,$C36=4),\"F\",\"\")","v":"F"},"Serviço",{"$f":"CHOOSE(1+LOG(1+2*(C36=1)+4*(C36=2)+8*(C36=3)+16*(C36=4)+32*(C36=\"S\"),2),\"\",\"Meta\",\"Nível 2\",\"Nível 3\",\"Nível 4\",\"Serviço\")","v":"Serviço"},{"$f":"IF(OR($C36=0,$L36=\"\"),\"-\",CONCATENATE(E36&\".\",IF(AND($A$5>=2,$C36>=2),F36&\".\",\"\"),IF(AND($A$5>=3,$C36>=3),G36&\".\",\"\"),IF(AND($A$5>=4,$C36>=4),H36&\".\",\"\"),IF($C36=\"S\",I36&\".\",\"\")))","v":"1.2.2.4."},"Composição","103527",{"$f":"IF($C36=\"S\",REFERENCIA.Descricao,\"(digite a descrição aqui)\")","v":"REGISTRO DE GAVETA DE FERRO FUNDIDO PARA REDE DE ÁGUA OU ESGOTO, DN 50 MM, JUNTA FLANGEADA. (REF 103527)"},{"$f":"REFERENCIA.Unidade","v":"UN"},{"$f":"OFFSET(CÁLCULO!H$15,ROW($T36)-ROW(T$15),0)","v":5},1044.6400000000001,"BDI 1",{"$f":"IF($C36=\"S\",ROUND(IF(TIPOORCAMENTO=\"Proposto\",ORÇAMENTO.CustoUnitario*(1+$AH36),ORÇAMENTO.PrecoUnitarioLicitado),15-13*$AF$10),0)","v":1316.25},{"$f":"IF($C36=\"S\",IF(OR(Import.TipoArredondamento<>\"TransfereGOV\",ACOMPANHAMENTO=\"BM\"),VTOTAL1,SUM(OFFSET(CÁLCULO!$AA$15,ROW($X36)-ROW($X$15),1):OFFSET(CÁLCULO!$AL$15,ROW($X36)-ROW($X$15),-1))),IF($C36=0,0,ROUND(SomaAgrup,15-13*$AF$11)))","v":6581.25},"RA",{"$f":"IF(AND($C36=\"S\",$X36>0),IF(ISBLANK($Y36),\"RA\",LEFT($Y36,2)),\"\")","v":"RA"},{"$f":"IF($C36=\"S\",IF($Z36=\"CP\",$X36,IF($Z36=\"RA\",(($X36)*QCI!$AA$3),0)),SomaAgrup)","v":0},{"$f":"IF($C36=\"S\",IF($Z36=\"OU\",ROUND($X36,2),0),SomaAgrup)","v":0},{"$f":"IF($N36=\"\",\" \",\nIF(AND($C36<>\"S\",OR($R36=\"\",$R36=\"(digite a descrição aqui)\")),\"DESCRIÇÃO\",\nIF(AND($C36=\"S\",OR($Q36<>\"\",$T36>0,$U36>0),$P36=\"\"),\"FONTE\",\nIF(AND($C36=\"S\",$P36<>\"\",OR($T36>0,$U36>0),$Q36=\"\"),\"CÓDIGO\",\nIF(AND($C36=\"S\",$P36<>\"\",$Q36<>\"\",$R36=\"(Código não identificado nas referências)\"),\"CÓDIGO N/ID\",\nIF(AND($C36=\"S\",OR($R36=\"\",$R36=\"(digite a descrição aqui)\"),OR($Q36<>\"\",$T36>0,$U36>0)),\"DESCRIÇÃO\",\nIF(AND($C36=\"S\",$P36<>\"\",$Q36<>\"\",$S36=\"\"),\"UNIDADE\",\nIF(AND($C36=\"S\",$P36<>\"\",$Q36<>\"\",$U36=0),\"SEM CUSTO\",\nIF(AND(_xlfn.SINGLE(TIPOORCAMENTO)=\"Licitado\",$AL36=0,$AN36>0),\"SEM PREÇO\",\nIF(AND($C36=\"S\",$P36<>\"\",$Q36<>\"\",$U36>0,AND($V36<>\"BDI 1\",$V36<>\"BDI 2\",$V36<>\"BDI 3\")),IF(ISNUMBER($V36),\"JUSTIFICAR BDI\",\"BDI\"),\nIF(OR(AND(import.recurso=\"OGU\",TIPOORCAMENTO=\"Proposto\",LEFT($O$8,5)<>\"(N/D:\",$AG36<>\"\",ORÇAMENTO.CustoUnitario>$AG36),AND(TIPOORCAMENTO=\"LICITADO\",ORÇAMENTO.PrecoUnitarioLicitado>$AN36)),\"ACIMA REF.\",\nIF(AND($C36=\"S\",$P36<>\"\",$Q36<>\"\",$T36=0,$U36>0),\"QUANT.\",\nIF(AND(Import.TipoArredondamento=\"TransfereGOV\",$L36=\"F\",$C36=\"S\",LEN($Q36)>13),\"Código >13\",\nIF(AND(Import.TipoArredondamento=\"TransfereGOV\",$L36=\"F\",$C36<>\"S\",LEN($R36)>100),\"Descrição >100\",\nIF(AND(Import.TipoArredondamento=\"TransfereGOV\",$L36=\"F\",$C36=\"S\",LEN($R36)>500),\"Descrição >500\",\nIF(AND(Import.TipoArredondamento=\"TransfereGOV\",$L36=\"F\",$C36=\"S\",LEFT(TRIM(UPPER($P36)),6)<>\"SINAPI\",ISNA(VLOOKUP(TRIM(UPPER($S36)),ListaTgov.Unidades,1,FALSE))),\"Unid. Não Disp\",\n\" \"))))))))))))))))","v":{"$error":"#NAME?"}},{"$f":"IF(C36<=CRONO.NivelExibicao,MAX($AD$15:OFFSET(AD36,-1,0))+IF($C36<>1,1,MAX(1,COUNTIF(QCI!$A$13:$A$24,OFFSET($E36,-1,0)))),\"\")","v":""},{"$f":"IF(AND($C36=\"S\",ORÇAMENTO.CodBarra<>\"\"),IF(ORÇAMENTO.Fonte=\"\",ORÇAMENTO.CodBarra,CONCATENATE(ORÇAMENTO.Fonte,\" \",ORÇAMENTO.CodBarra)))","v":"Composição 103527"},{"$f":"IF(ISERROR(INDIRECT(ORÇAMENTO.BancoRef)),\"(abra o arquivo 'Referência \"&Excel_BuiltIn_Database&\".xlsm)\",IF(OR($C36<>\"S\",ORÇAMENTO.CodBarra=\"\"),\"(Sem Código)\",IF(ISERROR(MATCH($AE36,INDIRECT(ORÇAMENTO.BancoRef),0)),\"(Código não identificado nas referências)\",MATCH($AE36,INDIRECT(ORÇAMENTO.BancoRef),0))))","v":4},{"$f":"ROUND(IF(DESONERACAO=\"sim\",REFERENCIA.Desonerado,REFERENCIA.NaoDesonerado),2)","v":1044.6400000000001},{"$f":"ROUND(IF(ISNUMBER(ORÇAMENTO.OpcaoBDI),ORÇAMENTO.OpcaoBDI,IF(LEFT(ORÇAMENTO.OpcaoBDI,3)=\"BDI\",HLOOKUP(ORÇAMENTO.OpcaoBDI,$F$4:$H$5,2,FALSE),0)),15-11*$AF$9)","v":0.26},null,null,null,null,6581.25,{"$f":"ROUND(ORÇAMENTO.CustoUnitario*(1+$AH36),2)","v":1316.25}]
["S",3,"S",0,{"$f":"IF($C37=1,OFFSET(E37,-1,0)+MAX(1,COUNTIF(QCI!$A$13:$A$24,OFFSET(ORÇAMENTO!E37,-1,0))),OFFSET(E37,-1,0))","v":1},2,2,0,5,0,{"$f":"IF(OR($C37=\"S\",$C37=0),0,MATCH(OFFSET($D37,0,$C37)+IF($C37<>1,1,COUNTIF(QCI!$A$13:$A$24,ORÇAMENTO!E37)),OFFSET($D37,1,$C37,ROW($C$270)-ROW($C37)),0))","v":0},"F","Serviço","Serviço","1.2.2.5.","SINAPI","103435",{"$f":"IF($C37=\"S\",REFERENCIA.Descricao,\"(digite a descrição aqui)\")","v":"COTOVELO 90 GRAUS, EM PEAD LISO PARA REDE DE ÁGUA OU ESGOTO, DIÂMETRO DE 63 MM, JUNTA SOLDADA POR ELETROFUSÃO (NÃO INCLUI A EXECUÇÃO DE SOLDA). AF_12/2021"},{"$f":"REFERENCIA.Unidade","v":"UN"},{"$f":"OFFSET(CÁLCULO!H$15,ROW($T37)-ROW(T$15),0)","v":5},90.64,"BDI 2",{"$f":"IF($C37=\"S\",ROUND(IF(TIPOORCAMENTO=\"Proposto\",ORÇAMENTO.CustoUnitario*(1+$AH37),ORÇAMENTO.PrecoUnitarioLicitado),15-13*$AF$10),0)","v":105.14},{"$f":"IF($C37=\"S\",IF(OR(Import.TipoArredondamento<>\"TransfereGOV\",ACOMPANHAMENTO=\"BM\"),VTOTAL1,SUM(OFFSET(CÁLCULO!$AA$15,ROW($X37)-ROW($X$15),1):OFFSET(CÁLCULO!$AL$15,ROW($X37)-ROW($X$15),-1))),IF($C37=0,0,ROUND(SomaAgrup,15-13*$AF$11)))","v":525.70000000000005},"RA","RA",{"$f":"IF($C37=\"S\",IF($Z37=\"CP\",$X37,IF($Z37=\"RA\",(($X37)*QCI!$AA$3),0)),SomaAgrup)","v":0},0,{"$f":"IF($N37=\"\",\" \",\nIF(AND($C37<>\"S\",OR($R37=\"\",$R37=\"(digite a descrição aqui)\")),\"DESCRIÇÃO\",\nIF(AND($C37=\"S\",OR($Q37<>\"\",$T37>0,$U37>0),$P37=\"\"),\"FONTE\",\nIF(AND($C37=\"S\",$P37<>\"\",OR($T37>0,$U37>0),$Q37=\"\"),\"CÓDIGO\",\nIF(AND($C37=\"S\",$P37<>\"\",$Q37<>\"\",$R37=\"(Código não identificado nas referências)\"),\"CÓDIGO N/ID\",\nIF(AND($C37=\"S\",OR($R37=\"\",$R37=\"(digite a descrição aqui)\"),OR($Q37<>\"\",$T37>0,$U37>0)),\"DESCRIÇÃO\",\nIF(AND($C37=\"S\",$P37<>\"\",$Q37<>\"\",$S37=\"\"),\"UNIDADE\",\nIF(AND($C37=\"S\",$P37<>\"\",$Q37<>\"\",$U37=0),\"SEM CUSTO\",\nIF(AND(_xlfn.SINGLE(TIPOORCAMENTO)=\"Licitado\",$AL37=0,$AN37>0),\"SEM PREÇO\",\nIF(AND($C37=\"S\",$P37<>\"\",$Q37<>\"\",$U37>0,AND($V37<>\"BDI 1\",$V37<>\"BDI 2\",$V37<>\"BDI 3\")),IF(ISNUMBER($V37),\"JUSTIFICAR BDI\",\"BDI\"),\nIF(OR(AND(import.recurso=\"OGU\",TIPOORCAMENTO=\"Proposto\",LEFT($O$8,5)<>\"(N/D:\",$AG37<>\"\",ORÇAMENTO.CustoUnitario>$AG37),AND(TIPOORCAMENTO=\"LICITADO\",ORÇAMENTO.PrecoUnitarioLicitado>$AN37)),\"ACIMA REF.\",\nIF(AND($C37=\"S\",$P37<>\"\",$Q37<>\"\",$T37=0,$U37>0),\"QUANT.\",\nIF(AND(Import.TipoArredondamento=\"TransfereGOV\",$L37=\"F\",$C37=\"S\",LEN($Q37)>13),\"Código >13\",\nIF(AND(Import.TipoArredondamento=\"TransfereGOV\",$L37=\"F\",$C37<>\"S\",LEN($R37)>100),\"Descrição >100\",\nIF(AND(Import.TipoArredondamento=\"TransfereGOV\",$L37=\"F\",$C37=\"S\",LEN($R37)>500),\"Descrição >500\",\nIF(AND(Import.TipoArredondamento=\"TransfereGOV\",$L37=\"F\",$C37=\"S\",LEFT(TRIM(UPPER($P37)),6)<>\"SINAPI\",ISNA(VLOOKUP(TRIM(UPPER($S37)),ListaTgov.Unidades,1,FALSE))),\"Unid. Não Disp\",\n\" \"))))))))))))))))","v":{"$error":"#NAME?"}},{"$f":"IF(C37<=CRONO.NivelExibicao,MAX($AD$15:OFFSET(AD37,-1,0))+IF($C37<>1,1,MAX(1,COUNTIF(QCI!$A$13:$A$24,OFFSET($E37,-1,0)))),\"\")","v":""},{"$f":"IF(AND($C37=\"S\",ORÇAMENTO.CodBarra<>\"\"),IF(ORÇAMENTO.Fonte=\"\",ORÇAMENTO.CodBarra,CONCATENATE(ORÇAMENTO.Fonte,\" \",ORÇAMENTO.CodBarra)))","v":"SINAPI 103435"},{"$f":"IF(ISERROR(INDIRECT(ORÇAMENTO.BancoRef)),\"(abra o arquivo 'Referência \"&Excel_BuiltIn_Database&\".xlsm)\",IF(OR($C37<>\"S\",ORÇAMENTO.CodBarra=\"\"),\"(Sem Código)\",IF(ISERROR(MATCH($AE37,INDIRECT(ORÇAMENTO.BancoRef),0)),\"(Código não identificado nas referências)\",MATCH($AE37,INDIRECT(ORÇAMENTO.BancoRef),0))))","v":14655},{"$f":"ROUND(IF(DESONERACAO=\"sim\",REFERENCIA.Desonerado,REFERENCIA.NaoDesonerado),2)","v":90.64},0.16,null,null,null,null,525.70000000000005,105.14]
["S",3,"S",0,{"$f":"IF($C38=1,OFFSET(E38,-1,0)+MAX(1,COUNTIF(QCI!$A$13:$A$24,OFFSET(ORÇAMENTO!E38,-1,0))),OFFSET(E38,-1,0))","v":1},2,2,0,6,0,{"$f":"IF(OR($C38=\"S\",$C38=0),0,MATCH(OFFSET($D38,0,$C38)+IF($C38<>1,1,COUNTIF(QCI!$A$13:$A$24,ORÇAMENTO!E38)),OFFSET($D38,1,$C38,ROW($C$270)-ROW($C38)),0))","v":0},"F","Serviço","Serviço","1.2.2.6.","SINAPI","103431",{"$f":"IF($C38=\"S\",REFERENCIA.Descricao,\"(digite a descrição aqui)\")","v":"COTOVELO 45 GRAUS, EM PEAD LISO PARA REDE DE ÁGUA OU ESGOTO, DIÂMETRO DE 63 MM, JUNTA SOLDADA POR ELETROFUSÃO (NÃO INCLUI A EXECUÇÃO DE SOLDA). AF_12/2021"},{"$f":"REFERENCIA.Unidade","v":"UN"},{"$f":"OFFSET(CÁLCULO!H$15,ROW($T38)-ROW(T$15),0)","v":1},62.84,"BDI 2",{"$f":"IF($C38=\"S\",ROUND(IF(TIPOORCAMENTO=\"Proposto\",ORÇAMENTO.CustoUnitario*(1+$AH38),ORÇAMENTO.PrecoUnitarioLicitado),15-13*$AF$10),0)","v":72.89},{"$f":"IF($C38=\"S\",IF(OR(Import.TipoArredondamento<>\"TransfereGOV\",ACOMPANHAMENTO=\"BM\"),VTOTAL1,SUM(OFFSET(CÁLCULO!$AA$15,ROW($X38)-ROW($X$15),1):OFFSET(CÁLCULO!$AL$15,ROW($X38)-ROW($X$15),-1))),IF($C38=0,0,ROUND(SomaAgrup,15-13*$AF$11)))","v":72.89},"RA","RA",{"$f":"IF($C38=\"S\",IF($Z38=\"CP\",$X38,IF($Z38=\"RA\",(($X38)*QCI!$AA$3),0)),SomaAgrup)","v":0},0,{"$f":"IF($N38=\"\",\" \",\nIF(AND($C38<>\"S\",OR($R38=\"\",$R38=\"(digite a descrição aqui)\")),\"DESCRIÇÃO\",\nIF(AND($C38=\"S\",OR($Q38<>\"\",$T38>0,$U38>0),$P38=\"\"),\"FONTE\",\nIF(AND($C38=\"S\",$P38<>\"\",OR($T38>0,$U38>0),$Q38=\"\"),\"CÓDIGO\",\nIF(AND($C38=\"S\",$P38<>\"\",$Q38<>\"\",$R38=\"(Código não identificado nas referências)\"),\"CÓDIGO N/ID\",\nIF(AND($C38=\"S\",OR($R38=\"\",$R38=\"(digite a descrição aqui)\"),OR($Q38<>\"\",$T38>0,$U38>0)),\"DESCRIÇÃO\",\nIF(AND($C38=\"S\",$P38<>\"\",$Q38<>\"\",$S38=\"\"),\"UNIDADE\",\nIF(AND($C38=\"S\",$P38<>\"\",$Q38<>\"\",$U38=0),\"SEM CUSTO\",\nIF(AND(_xlfn.SINGLE(TIPOORCAMENTO)=\"Licitado\",$AL38=0,$AN38>0),\"SEM PREÇO\",\nIF(AND($C38=\"S\",$P38<>\"\",$Q38<>\"\",$U38>0,AND($V38<>\"BDI 1\",$V38<>\"BDI 2\",$V38<>\"BDI 3\")),IF(ISNUMBER($V38),\"JUSTIFICAR BDI\",\"BDI\"),\nIF(OR(AND(import.recurso=\"OGU\",TIPOORCAMENTO=\"Proposto\",LEFT($O$8,5)<>\"(N/D:\",$AG38<>\"\",ORÇAMENTO.CustoUnitario>$AG38),AND(TIPOORCAMENTO=\"LICITADO\",ORÇAMENTO.PrecoUnitarioLicitado>$AN38)),\"ACIMA REF.\",\nIF(AND($C38=\"S\",$P38<>\"\",$Q38<>\"\",$T38=0,$U38>0),\"QUANT.\",\nIF(AND(Import.TipoArredondamento=\"TransfereGOV\",$L38=\"F\",$C38=\"S\",LEN($Q38)>13),\"Código >13\",\nIF(AND(Import.TipoArredondamento=\"TransfereGOV\",$L38=\"F\",$C38<>\"S\",LEN($R38)>100),\"Descrição >100\",\nIF(AND(Import.TipoArredondamento=\"TransfereGOV\",$L38=\"F\",$C38=\"S\",LEN($R38)>500),\"Descrição >500\",\nIF(AND(Import.TipoArredondamento=\"TransfereGOV\",$L38=\"F\",$C38=\"S\",LEFT(TRIM(UPPER($P38)),6)<>\"SINAPI\",ISNA(VLOOKUP(TRIM(UPPER($S38)),ListaTgov.Unidades,1,FALSE))),\"Unid. Não Disp\",\n\" \"))))))))))))))))","v":{"$error":"#NAME?"}},{"$f":"IF(C38<=CRONO.NivelExibicao,MAX($AD$15:OFFSET(AD38,-1,0))+IF($C38<>1,1,MAX(1,COUNTIF(QCI!$A$13:$A$24,OFFSET($E38,-1,0)))),\"\")","v":""},{"$f":"IF(AND($C38=\"S\",ORÇAMENTO.CodBarra<>\"\"),IF(ORÇAMENTO.Fonte=\"\",ORÇAMENTO.CodBarra,CONCATENATE(ORÇAMENTO.Fonte,\" \",ORÇAMENTO.CodBarra)))","v":"SINAPI 103431"},{"$f":"IF(ISERROR(INDIRECT(ORÇAMENTO.BancoRef)),\"(abra o arquivo 'Referência \"&Excel_BuiltIn_Database&\".xlsm)\",IF(OR($C38<>\"S\",ORÇAMENTO.CodBarra=\"\"),\"(Sem Código)\",IF(ISERROR(MATCH($AE38,INDIRECT(ORÇAMENTO.BancoRef),0)),\"(Código não identificado nas referências)\",MATCH($AE38,INDIRECT(ORÇAMENTO.BancoRef),0))))","v":14652},{"$f":"ROUND(IF(DESONERACAO=\"sim\",REFERENCIA.Desonerado,REFERENCIA.NaoDesonerado),2)","v":62.84},0.16,null,null,null,null,72.89,72.89]
["S",3,"S",0,{"$f":"IF($C39=1,OFFSET(E39,-1,0)+MAX(1,COUNTIF(QCI!$A$13:$A$24,OFFSET(ORÇAMENTO!E39,-1,0))),OFFSET(E39,-1,0))","v":1},2,2,0,7,0,{"$f":"IF(OR($C39=\"S\",$C39=0),0,MATCH(OFFSET($D39,0,$C39)+IF($C39<>1,1,COUNTIF(QCI!$A$13:$A$24,ORÇAMENTO!E39)),OFFSET($D39,1,$C39,ROW($C$270)-ROW($C39)),0))","v":0},"F","Serviço","Serviço","1.2.2.7.","Composição","C003",{"$f":"IF($C39=\"S\",REFERENCIA.Descricao,\"(digite a descrição aqui)\")","v":"CRUZETA PEAD DN 63 MM PARA REDE AGUA, PN 16,  INSTALADO POR ELETROFUSÃO "},{"$f":"REFERENCIA.Unidade","v":"UN"},{"$f":"OFFSET(CÁLCULO!H$15,ROW($T39)-ROW(T$15),0)","v":5},272.07,"BDI 2",{"$f":"IF($C39=\"S\",ROUND(IF(TIPOORCAMENTO=\"Proposto\",ORÇAMENTO.CustoUnitario*(1+$AH39),ORÇAMENTO.PrecoUnitarioLicitado),15-13*$AF$10),0)","v":315.60000000000002},{"$f":"IF($C39=\"S\",IF(OR(Import.TipoArredondamento<>\"TransfereGOV\",ACOMPANHAMENTO=\"BM\"),VTOTAL1,SUM(OFFSET(CÁLCULO!$AA$15,ROW($X39)-ROW($X$15),1):OFFSET(CÁLCULO!$AL$15,ROW($X39)-ROW($X$15),-1))),IF($C39=0,0,ROUND(SomaAgrup,15-13*$AF$11)))","v":1578},"RA","RA",{"$f":"IF($C39=\"S\",IF($Z39=\"CP\",$X39,IF($Z39=\"RA\",(($X39)*QCI!$AA$3),0)),SomaAgrup)","v":0},0,{"$f":"IF($N39=\"\",\" \",\nIF(AND($C39<>\"S\",OR($R39=\"\",$R39=\"(digite a descrição aqui)\")),\"DESCRIÇÃO\",\nIF(AND($C39=\"S\",OR($Q39<>\"\",$T39>0,$U39>0),$P39=\"\"),\"FONTE\",\nIF(AND($C39=\"S\",$P39<>\"\",OR($T39>0,$U39>0),$Q39=\"\"),\"CÓDIGO\",\nIF(AND($C39=\"S\",$P39<>\"\",$Q39<>\"\",$R39=\"(Código não identificado nas referências)\"),\"CÓDIGO N/ID\",\nIF(AND($C39=\"S\",OR($R39=\"\",$R39=\"(digite a descrição aqui)\"),OR($Q39<>\"\",$T39>0,$U39>0)),\"DESCRIÇÃO\",\nIF(AND($C39=\"S\",$P39<>\"\",$Q39<>\"\",$S39=\"\"),\"UNIDADE\",\nIF(AND($C39=\"S\",$P39<>\"\",$Q39<>\"\",$U39=0),\"SEM CUSTO\",\nIF(AND(_xlfn.SINGLE(TIPOORCAMENTO)=\"Licitado\",$AL39=0,$AN39>0),\"SEM PREÇO\",\nIF(AND($C39=\"S\",$P39<>\"\",$Q39<>\"\",$U39>0,AND($V39<>\"BDI 1\",$V39<>\"BDI 2\",$V39<>\"BDI 3\")),IF(ISNUMBER($V39),\"JUSTIFICAR BDI\",\"BDI\"),\nIF(OR(AND(import.recurso=\"OGU\",TIPOORCAMENTO=\"Proposto\",LEFT($O$8,5)<>\"(N/D:\",$AG39<>\"\",ORÇAMENTO.CustoUnitario>$AG39),AND(TIPOORCAMENTO=\"LICITADO\",ORÇAMENTO.PrecoUnitarioLicitado>$AN39)),\"ACIMA REF.\",\nIF(AND($C39=\"S\",$P39<>\"\",$Q39<>\"\",$T39=0,$U39>0),\"QUANT.\",\nIF(AND(Import.TipoArredondamento=\"TransfereGOV\",$L39=\"F\",$C39=\"S\",LEN($Q39)>13),\"Código >13\",\nIF(AND(Import.TipoArredondamento=\"TransfereGOV\",$L39=\"F\",$C39<>\"S\",LEN($R39)>100),\"Descrição >100\",\nIF(AND(Import.TipoArredondamento=\"TransfereGOV\",$L39=\"F\",$C39=\"S\",LEN($R39)>500),\"Descrição >500\",\nIF(AND(Import.TipoArredondamento=\"TransfereGOV\",$L39=\"F\",$C39=\"S\",LEFT(TRIM(UPPER($P39)),6)<>\"SINAPI\",ISNA(VLOOKUP(TRIM(UPPER($S39)),ListaTgov.Unidades,1,FALSE))),\"Unid. Não Disp\",\n\" \"))))))))))))))))","v":{"$error":"#NAME?"}},{"$f":"IF(C39<=CRONO.NivelExibicao,MAX($AD$15:OFFSET(AD39,-1,0))+IF($C39<>1,1,MAX(1,COUNTIF(QCI!$A$13:$A$24,OFFSET($E39,-1,0)))),\"\")","v":""},{"$f":"IF(AND($C39=\"S\",ORÇAMENTO.CodBarra<>\"\"),IF(ORÇAMENTO.Fonte=\"\",ORÇAMENTO.CodBarra,CONCATENATE(ORÇAMENTO.Fonte,\" \",ORÇAMENTO.CodBarra)))","v":"Composição C003"},{"$f":"IF(ISERROR(INDIRECT(ORÇAMENTO.BancoRef)),\"(abra o arquivo 'Referência \"&Excel_BuiltIn_Database&\".xlsm)\",IF(OR($C39<>\"S\",ORÇAMENTO.CodBarra=\"\"),\"(Sem Código)\",IF(ISERROR(MATCH($AE39,INDIRECT(ORÇAMENTO.BancoRef),0)),\"(Código não identificado nas referências)\",MATCH($AE39,INDIRECT(ORÇAMENTO.BancoRef),0))))","v":7},{"$f":"ROUND(IF(DESONERACAO=\"sim\",REFERENCIA.Desonerado,REFERENCIA.NaoDesonerado),2)","v":272.07},0.16,null,null,null,null,1578,315.60000000000002]
["S",3,"S",0,{"$f":"IF($C40=1,OFFSET(E40,-1,0)+MAX(1,COUNTIF(QCI!$A$13:$A$24,OFFSET(ORÇAMENTO!E40,-1,0))),OFFSET(E40,-1,0))","v":1},2,2,0,8,0,{"$f":"IF(OR($C40=\"S\",$C40=0),0,MATCH(OFFSET($D40,0,$C40)+IF($C40<>1,1,COUNTIF(QCI!$A$13:$A$24,ORÇAMENTO!E40)),OFFSET($D40,1,$C40,ROW($C$270)-ROW($C40)),0))","v":0},"F","Serviço","Serviço","1.2.2.8.","SEINFRA","G0052",{"$f":"IF($C40=\"S\",REFERENCIA.Descricao,\"(digite a descrição aqui)\")","v":"CAP EM PEAD, DN  63MM, ELETROFUSÃO, PE 100, SDR 11, conf. ABNT NBR 14462, EN 1555, ISO 4437"},{"$f":"REFERENCIA.Unidade","v":"UN"},{"$f":"OFFSET(CÁLCULO!H$15,ROW($T40)-ROW(T$15),0)","v":2},50.13,"BDI 2",{"$f":"IF($C40=\"S\",ROUND(IF(TIPOORCAMENTO=\"Proposto\",ORÇAMENTO.CustoUnitario*(1+$AH40),ORÇAMENTO.PrecoUnitarioLicitado),15-13*$AF$10),0)","v":58.15},{"$f":"IF($C40=\"S\",IF(OR(Import.TipoArredondamento<>\"TransfereGOV\",ACOMPANHAMENTO=\"BM\"),VTOTAL1,SUM(OFFSET(CÁLCULO!$AA$15,ROW($X40)-ROW($X$15),1):OFFSET(CÁLCULO!$AL$15,ROW($X40)-ROW($X$15),-1))),IF($C40=0,0,ROUND(SomaAgrup,15-13*$AF$11)))","v":116.3},"RA","RA",{"$f":"IF($C40=\"S\",IF($Z40=\"CP\",$X40,IF($Z40=\"RA\",(($X40)*QCI!$AA$3),0)),SomaAgrup)","v":0},0,{"$f":"IF($N40=\"\",\" \",\nIF(AND($C40<>\"S\",OR($R40=\"\",$R40=\"(digite a descrição aqui)\")),\"DESCRIÇÃO\",\nIF(AND($C40=\"S\",OR($Q40<>\"\",$T40>0,$U40>0),$P40=\"\"),\"FONTE\",\nIF(AND($C40=\"S\",$P40<>\"\",OR($T40>0,$U40>0),$Q40=\"\"),\"CÓDIGO\",\nIF(AND($C40=\"S\",$P40<>\"\",$Q40<>\"\",$R40=\"(Código não identificado nas referências)\"),\"CÓDIGO N/ID\",\nIF(AND($C40=\"S\",OR($R40=\"\",$R40=\"(digite a descrição aqui)\"),OR($Q40<>\"\",$T40>0,$U40>0)),\"DESCRIÇÃO\",\nIF(AND($C40=\"S\",$P40<>\"\",$Q40<>\"\",$S40=\"\"),\"UNIDADE\",\nIF(AND($C40=\"S\",$P40<>\"\",$Q40<>\"\",$U40=0),\"SEM CUSTO\",\nIF(AND(_xlfn.SINGLE(TIPOORCAMENTO)=\"Licitado\",$AL40=0,$AN40>0),\"SEM PREÇO\",\nIF(AND($C40=\"S\",$P40<>\"\",$Q40<>\"\",$U40>0,AND($V40<>\"BDI 1\",$V40<>\"BDI 2\",$V40<>\"BDI 3\")),IF(ISNUMBER($V40),\"JUSTIFICAR BDI\",\"BDI\"),\nIF(OR(AND(import.recurso=\"OGU\",TIPOORCAMENTO=\"Proposto\",LEFT($O$8,5)<>\"(N/D:\",$AG40<>\"\",ORÇAMENTO.CustoUnitario>$AG40),AND(TIPOORCAMENTO=\"LICITADO\",ORÇAMENTO.PrecoUnitarioLicitado>$AN40)),\"ACIMA REF.\",\nIF(AND($C40=\"S\",$P40<>\"\",$Q40<>\"\",$T40=0,$U40>0),\"QUANT.\",\nIF(AND(Import.TipoArredondamento=\"TransfereGOV\",$L40=\"F\",$C40=\"S\",LEN($Q40)>13),\"Código >13\",\nIF(AND(Import.TipoArredondamento=\"TransfereGOV\",$L40=\"F\",$C40<>\"S\",LEN($R40)>100),\"Descrição >100\",\nIF(AND(Import.TipoArredondamento=\"TransfereGOV\",$L40=\"F\",$C40=\"S\",LEN($R40)>500),\"Descrição >500\",\nIF(AND(Import.TipoArredondamento=\"TransfereGOV\",$L40=\"F\",$C40=\"S\",LEFT(TRIM(UPPER($P40)),6)<>\"SINAPI\",ISNA(VLOOKUP(TRIM(UPPER($S40)),ListaTgov.Unidades,1,FALSE))),\"Unid. Não Disp\",\n\" \"))))))))))))))))","v":{"$error":"#NAME?"}},{"$f":"IF(C40<=CRONO.NivelExibicao,MAX($AD$15:OFFSET(AD40,-1,0))+IF($C40<>1,1,MAX(1,COUNTIF(QCI!$A$13:$A$24,OFFSET($E40,-1,0)))),\"\")","v":""},{"$f":"IF(AND($C40=\"S\",ORÇAMENTO.CodBarra<>\"\"),IF(ORÇAMENTO.Fonte=\"\",ORÇAMENTO.CodBarra,CONCATENATE(ORÇAMENTO.Fonte,\" \",ORÇAMENTO.CodBarra)))","v":"SEINFRA G0052"},{"$f":"IF(ISERROR(INDIRECT(ORÇAMENTO.BancoRef)),\"(abra o arquivo 'Referência \"&Excel_BuiltIn_Database&\".xlsm)\",IF(OR($C40<>\"S\",ORÇAMENTO.CodBarra=\"\"),\"(Sem Código)\",IF(ISERROR(MATCH($AE40,INDIRECT(ORÇAMENTO.BancoRef),0)),\"(Código não identificado nas referências)\",MATCH($AE40,INDIRECT(ORÇAMENTO.BancoRef),0))))","v":31016},{"$f":"ROUND(IF(DESONERACAO=\"sim\",REFERENCIA.Desonerado,REFERENCIA.NaoDesonerado),2)","v":50.13},0.16,null,null,null,null,116.3,58.15]
["S",3,"S",0,{"$f":"IF($C41=1,OFFSET(E41,-1,0)+MAX(1,COUNTIF(QCI!$A$13:$A$24,OFFSET(ORÇAMENTO!E41,-1,0))),OFFSET(E41,-1,0))","v":1},2,2,0,9,0,{"$f":"IF(OR($C41=\"S\",$C41=0),0,MATCH(OFFSET($D41,0,$C41)+IF($C41<>1,1,COUNTIF(QCI!$A$13:$A$24,ORÇAMENTO!E41)),OFFSET($D41,1,$C41,ROW($C$270)-ROW($C41)),0))","v":0},"F","Serviço","Serviço","1.2.2.9.","Composição","C002",{"$f":"IF($C41=\"S\",REFERENCIA.Descricao,\"(digite a descrição aqui)\")","v":"TE PEAD DN 63 MM PARA REDE AGUA, PN 16,  INSTALADO POR ELETROFUSÃO, INCLUSIVE 3 LUVAS DN 63MM. EM LOCAL COM NÍVEL BAIXO DE INTERFERÊNCIAS."},{"$f":"REFERENCIA.Unidade","v":"UN"},{"$f":"OFFSET(CÁLCULO!H$15,ROW($T41)-ROW(T$15),0)","v":1},230.05,"BDI 2",{"$f":"IF($C41=\"S\",ROUND(IF(TIPOORCAMENTO=\"Proposto\",ORÇAMENTO.CustoUnitario*(1+$AH41),ORÇAMENTO.PrecoUnitarioLicitado),15-13*$AF$10),0)","v":266.86},{"$f":"IF($C41=\"S\",IF(OR(Import.TipoArredondamento<>\"TransfereGOV\",ACOMPANHAMENTO=\"BM\"),VTOTAL1,SUM(OFFSET(CÁLCULO!$AA$15,ROW($X41)-ROW($X$15),1):OFFSET(CÁLCULO!$AL$15,ROW($X41)-ROW($X$15),-1))),IF($C41=0,0,ROUND(SomaAgrup,15-13*$AF$11)))","v":266.86},"RA","RA",{"$f":"IF($C41=\"S\",IF($Z41=\"CP\",$X41,IF($Z41=\"RA\",(($X41)*QCI!$AA$3),0)),SomaAgrup)","v":0},0,{"$f":"IF($N41=\"\",\" \",\nIF(AND($C41<>\"S\",OR($R41=\"\",$R41=\"(digite a descrição aqui)\")),\"DESCRIÇÃO\",\nIF(AND($C41=\"S\",OR($Q41<>\"\",$T41>0,$U41>0),$P41=\"\"),\"FONTE\",\nIF(AND($C41=\"S\",$P41<>\"\",OR($T41>0,$U41>0),$Q41=\"\"),\"CÓDIGO\",\nIF(AND($C41=\"S\",$P41<>\"\",$Q41<>\"\",$R41=\"(Código não identificado nas referências)\"),\"CÓDIGO N/ID\",\nIF(AND($C41=\"S\",OR($R41=\"\",$R41=\"(digite a descrição aqui)\"),OR($Q41<>\"\",$T41>0,$U41>0)),\"DESCRIÇÃO\",\nIF(AND($C41=\"S\",$P41<>\"\",$Q41<>\"\",$S41=\"\"),\"UNIDADE\",\nIF(AND($C41=\"S\",$P41<>\"\",$Q41<>\"\",$U41=0),\"SEM CUSTO\",\nIF(AND(_xlfn.SINGLE(TIPOORCAMENTO)=\"Licitado\",$AL41=0,$AN41>0),\"SEM PREÇO\",\nIF(AND($C41=\"S\",$P41<>\"\",$Q41<>\"\",$U41>0,AND($V41<>\"BDI 1\",$V41<>\"BDI 2\",$V41<>\"BDI 3\")),IF(ISNUMBER($V41),\"JUSTIFICAR BDI\",\"BDI\"),\nIF(OR(AND(import.recurso=\"OGU\",TIPOORCAMENTO=\"Proposto\",LEFT($O$8,5)<>\"(N/D:\",$AG41<>\"\",ORÇAMENTO.CustoUnitario>$AG41),AND(TIPOORCAMENTO=\"LICITADO\",ORÇAMENTO.PrecoUnitarioLicitado>$AN41)),\"ACIMA REF.\",\nIF(AND($C41=\"S\",$P41<>\"\",$Q41<>\"\",$T41=0,$U41>0),\"QUANT.\",\nIF(AND(Import.TipoArredondamento=\"TransfereGOV\",$L41=\"F\",$C41=\"S\",LEN($Q41)>13),\"Código >13\",\nIF(AND(Import.TipoArredondamento=\"TransfereGOV\",$L41=\"F\",$C41<>\"S\",LEN($R41)>100),\"Descrição >100\",\nIF(AND(Import.TipoArredondamento=\"TransfereGOV\",$L41=\"F\",$C41=\"S\",LEN($R41)>500),\"Descrição >500\",\nIF(AND(Import.TipoArredondamento=\"TransfereGOV\",$L41=\"F\",$C41=\"S\",LEFT(TRIM(UPPER($P41)),6)<>\"SINAPI\",ISNA(VLOOKUP(TRIM(UPPER($S41)),ListaTgov.Unidades,1,FALSE))),\"Unid. Não Disp\",\n\" \"))))))))))))))))","v":{"$error":"#NAME?"}},{"$f":"IF(C41<=CRONO.NivelExibicao,MAX($AD$15:OFFSET(AD41,-1,0))+IF($C41<>1,1,MAX(1,COUNTIF(QCI!$A$13:$A$24,OFFSET($E41,-1,0)))),\"\")","v":""},{"$f":"IF(AND($C41=\"S\",ORÇAMENTO.CodBarra<>\"\"),IF(ORÇAMENTO.Fonte=\"\",ORÇAMENTO.CodBarra,CONCATENATE(ORÇAMENTO.Fonte,\" \",ORÇAMENTO.CodBarra)))","v":"Composição C002"},{"$f":"IF(ISERROR(INDIRECT(ORÇAMENTO.BancoRef)),\"(abra o arquivo 'Referência \"&Excel_BuiltIn_Database&\".xlsm)\",IF(OR($C41<>\"S\",ORÇAMENTO.CodBarra=\"\"),\"(Sem Código)\",IF(ISERROR(MATCH($AE41,INDIRECT(ORÇAMENTO.BancoRef),0)),\"(Código não identificado nas referências)\",MATCH($AE41,INDIRECT(ORÇAMENTO.BancoRef),0))))","v":5},{"$f":"ROUND(IF(DESONERACAO=\"sim\",REFERENCIA.Desonerado,REFERENCIA.NaoDesonerado),2)","v":230.05},0.16,null,null,null,null,266.86,266.86]
["S",3,"S",0,{"$f":"IF($C42=1,OFFSET(E42,-1,0)+MAX(1,COUNTIF(QCI!$A$13:$A$24,OFFSET(ORÇAMENTO!E42,-1,0))),OFFSET(E42,-1,0))","v":1},2,2,0,10,0,{"$f":"IF(OR($C42=\"S\",$C42=0),0,MATCH(OFFSET($D42,0,$C42)+IF($C42<>1,1,COUNTIF(QCI!$A$13:$A$24,ORÇAMENTO!E42)),OFFSET($D42,1,$C42,ROW($C$270)-ROW($C42)),0))","v":0},"F","Serviço","Serviço","1.2.2.10.","Composição","103463",{"$f":"IF($C42=\"S\",REFERENCIA.Descricao,\"(digite a descrição aqui)\")","v":"EXECUÇÃO DE JUNTA SOLDADA POR ELETROFUSÃO, DE TUBO OU CONEXÃO EM PEAD LISO PARA REDE DE ÁGUA OU ESGOTO, DIÂMETRO DE 63 MM (NÃO INCLUI O FORNECIMENTO DE TUBO E CONEXÃO)."},{"$f":"REFERENCIA.Unidade","v":"UN"},{"$f":"OFFSET(CÁLCULO!H$15,ROW($T42)-ROW(T$15),0)","v":6},22.25,"BDI 1",{"$f":"IF($C42=\"S\",ROUND(IF(TIPOORCAMENTO=\"Proposto\",ORÇAMENTO.CustoUnitario*(1+$AH42),ORÇAMENTO.PrecoUnitarioLicitado),15-13*$AF$10),0)","v":28.04},{"$f":"IF($C42=\"S\",IF(OR(Import.TipoArredondamento<>\"TransfereGOV\",ACOMPANHAMENTO=\"BM\"),VTOTAL1,SUM(OFFSET(CÁLCULO!$AA$15,ROW($X42)-ROW($X$15),1):OFFSET(CÁLCULO!$AL$15,ROW($X42)-ROW($X$15),-1))),IF($C42=0,0,ROUND(SomaAgrup,15-13*$AF$11)))","v":168.24},"RA","RA",{"$f":"IF($C42=\"S\",IF($Z42=\"CP\",$X42,IF($Z42=\"RA\",(($X42)*QCI!$AA$3),0)),SomaAgrup)","v":0},0,{"$f":"IF($N42=\"\",\" \",\nIF(AND($C42<>\"S\",OR($R42=\"\",$R42=\"(digite a descrição aqui)\")),\"DESCRIÇÃO\",\nIF(AND($C42=\"S\",OR($Q42<>\"\",$T42>0,$U42>0),$P42=\"\"),\"FONTE\",\nIF(AND($C42=\"S\",$P42<>\"\",OR($T42>0,$U42>0),$Q42=\"\"),\"CÓDIGO\",\nIF(AND($C42=\"S\",$P42<>\"\",$Q42<>\"\",$R42=\"(Código não identificado nas referências)\"),\"CÓDIGO N/ID\",\nIF(AND($C42=\"S\",OR($R42=\"\",$R42=\"(digite a descrição aqui)\"),OR($Q42<>\"\",$T42>0,$U42>0)),\"DESCRIÇÃO\",\nIF(AND($C42=\"S\",$P42<>\"\",$Q42<>\"\",$S42=\"\"),\"UNIDADE\",\nIF(AND($C42=\"S\",$P42<>\"\",$Q42<>\"\",$U42=0),\"SEM CUSTO\",\nIF(AND(_xlfn.SINGLE(TIPOORCAMENTO)=\"Licitado\",$AL42=0,$AN42>0),\"SEM PREÇO\",\nIF(AND($C42=\"S\",$P42<>\"\",$Q42<>\"\",$U42>0,AND($V42<>\"BDI 1\",$V42<>\"BDI 2\",$V42<>\"BDI 3\")),IF(ISNUMBER($V42),\"JUSTIFICAR BDI\",\"BDI\"),\nIF(OR(AND(import.recurso=\"OGU\",TIPOORCAMENTO=\"Proposto\",LEFT($O$8,5)<>\"(N/D:\",$AG42<>\"\",ORÇAMENTO.CustoUnitario>$AG42),AND(TIPOORCAMENTO=\"LICITADO\",ORÇAMENTO.PrecoUnitarioLicitado>$AN42)),\"ACIMA REF.\",\nIF(AND($C42=\"S\",$P42<>\"\",$Q42<>\"\",$T42=0,$U42>0),\"QUANT.\",\nIF(AND(Import.TipoArredondamento=\"TransfereGOV\",$L42=\"F\",$C42=\"S\",LEN($Q42)>13),\"Código >13\",\nIF(AND(Import.TipoArredondamento=\"TransfereGOV\",$L42=\"F\",$C42<>\"S\",LEN($R42)>100),\"Descrição >100\",\nIF(AND(Import.TipoArredondamento=\"TransfereGOV\",$L42=\"F\",$C42=\"S\",LEN($R42)>500),\"Descrição >500\",\nIF(AND(Import.TipoArredondamento=\"TransfereGOV\",$L42=\"F\",$C42=\"S\",LEFT(TRIM(UPPER($P42)),6)<>\"SINAPI\",ISNA(VLOOKUP(TRIM(UPPER($S42)),ListaTgov.Unidades,1,FALSE))),\"Unid. Não Disp\",\n\" \"))))))))))))))))","v":{"$error":"#NAME?"}},{"$f":"IF(C42<=CRONO.NivelExibicao,MAX($AD$15:OFFSET(AD42,-1,0))+IF($C42<>1,1,MAX(1,COUNTIF(QCI!$A$13:$A$24,OFFSET($E42,-1,0)))),\"\")","v":""},{"$f":"IF(AND($C42=\"S\",ORÇAMENTO.CodBarra<>\"\"),IF(ORÇAMENTO.Fonte=\"\",ORÇAMENTO.CodBarra,CONCATENATE(ORÇAMENTO.Fonte,\" \",ORÇAMENTO.CodBarra)))","v":"Composição 103463"},{"$f":"IF(ISERROR(INDIRECT(ORÇAMENTO.BancoRef)),\"(abra o arquivo 'Referência \"&Excel_BuiltIn_Database&\".xlsm)\",IF(OR($C42<>\"S\",ORÇAMENTO.CodBarra=\"\"),\"(Sem Código)\",IF(ISERROR(MATCH($AE42,INDIRECT(ORÇAMENTO.BancoRef),0)),\"(Código não identificado nas referências)\",MATCH($AE42,INDIRECT(ORÇAMENTO.BancoRef),0))))","v":6},{"$f":"ROUND(IF(DESONERACAO=\"sim\",REFERENCIA.Desonerado,REFERENCIA.NaoDesonerado),2)","v":22.25},0.26,null,null,null,null,168.24,28.04]
["S",3,"S",0,{"$f":"IF($C43=1,OFFSET(E43,-1,0)+MAX(1,COUNTIF(QCI!$A$13:$A$24,OFFSET(ORÇAMENTO!E43,-1,0))),OFFSET(E43,-1,0))","v":1},2,2,0,10,0,{"$f":"IF(OR($C43=\"S\",$C43=0),0,MATCH(OFFSET($D43,0,$C43)+IF($C43<>1,1,COUNTIF(QCI!$A$13:$A$24,ORÇAMENTO!E43)),OFFSET($D43,1,$C43,ROW($C$270)-ROW($C43)),0))","v":0},"","Serviço","Serviço","-","SINAPI",null,{"$f":"IF($C43=\"S\",REFERENCIA.Descricao,\"(digite a descrição aqui)\")","v":"(Sem Código)"},{"$f":"REFERENCIA.Unidade","v":"-"},{"$f":"OFFSET(CÁLCULO!H$15,ROW($T43)-ROW(T$15),0)","v":0},null,"BDI 1",{"$f":"IF($C43=\"S\",ROUND(IF(TIPOORCAMENTO=\"Proposto\",ORÇAMENTO.CustoUnitario*(1+$AH43),ORÇAMENTO.PrecoUnitarioLicitado),15-13*$AF$10),0)","v":0},{"$f":"IF($C43=\"S\",IF(OR(Import.TipoArredondamento<>\"TransfereGOV\",ACOMPANHAMENTO=\"BM\"),VTOTAL1,SUM(OFFSET(CÁLCULO!$AA$15,ROW($X43)-ROW($X$15),1):OFFSET(CÁLCULO!$AL$15,ROW($X43)-ROW($X$15),-1))),IF($C43=0,0,ROUND(SomaAgrup,15-13*$AF$11)))","v":0},"RA","",{"$f":"IF($C43=\"S\",IF($Z43=\"CP\",$X43,IF($Z43=\"RA\",(($X43)*QCI!$AA$3),0)),SomaAgrup)","v":0},0,{"$f":"IF($N43=\"\",\" \",\nIF(AND($C43<>\"S\",OR($R43=\"\",$R43=\"(digite a descrição aqui)\")),\"DESCRIÇÃO\",\nIF(AND($C43=\"S\",OR($Q43<>\"\",$T43>0,$U43>0),$P43=\"\"),\"FONTE\",\nIF(AND($C43=\"S\",$P43<>\"\",OR($T43>0,$U43>0),$Q43=\"\"),\"CÓDIGO\",\nIF(AND($C43=\"S\",$P43<>\"\",$Q43<>\"\",$R43=\"(Código não identificado nas referências)\"),\"CÓDIGO N/ID\",\nIF(AND($C43=\"S\",OR($R43=\"\",$R43=\"(digite a descrição aqui)\"),OR($Q43<>\"\",$T43>0,$U43>0)),\"DESCRIÇÃO\",\nIF(AND($C43=\"S\",$P43<>\"\",$Q43<>\"\",$S43=\"\"),\"UNIDADE\",\nIF(AND($C43=\"S\",$P43<>\"\",$Q43<>\"\",$U43=0),\"SEM CUSTO\",\nIF(AND(_xlfn.SINGLE(TIPOORCAMENTO)=\"Licitado\",$AL43=0,$AN43>0),\"SEM PREÇO\",\nIF(AND($C43=\"S\",$P43<>\"\",$Q43<>\"\",$U43>0,AND($V43<>\"BDI 1\",$V43<>\"BDI 2\",$V43<>\"BDI 3\")),IF(ISNUMBER($V43),\"JUSTIFICAR BDI\",\"BDI\"),\nIF(OR(AND(import.recurso=\"OGU\",TIPOORCAMENTO=\"Proposto\",LEFT($O$8,5)<>\"(N/D:\",$AG43<>\"\",ORÇAMENTO.CustoUnitario>$AG43),AND(TIPOORCAMENTO=\"LICITADO\",ORÇAMENTO.PrecoUnitarioLicitado>$AN43)),\"ACIMA REF.\",\nIF(AND($C43=\"S\",$P43<>\"\",$Q43<>\"\",$T43=0,$U43>0),\"QUANT.\",\nIF(AND(Import.TipoArredondamento=\"TransfereGOV\",$L43=\"F\",$C43=\"S\",LEN($Q43)>13),\"Código >13\",\nIF(AND(Import.TipoArredondamento=\"TransfereGOV\",$L43=\"F\",$C43<>\"S\",LEN($R43)>100),\"Descrição >100\",\nIF(AND(Import.TipoArredondamento=\"TransfereGOV\",$L43=\"F\",$C43=\"S\",LEN($R43)>500),\"Descrição >500\",\nIF(AND(Import.TipoArredondamento=\"TransfereGOV\",$L43=\"F\",$C43=\"S\",LEFT(TRIM(UPPER($P43)),6)<>\"SINAPI\",ISNA(VLOOKUP(TRIM(UPPER($S43)),ListaTgov.Unidades,1,FALSE))),\"Unid. Não Disp\",\n\" \"))))))))))))))))","v":{"$error":"#NAME?"}},{"$f":"IF(C43<=CRONO.NivelExibicao,MAX($AD$15:OFFSET(AD43,-1,0))+IF($C43<>1,1,MAX(1,COUNTIF(QCI!$A$13:$A$24,OFFSET($E43,-1,0)))),\"\")","v":""},{"$f":"IF(AND($C43=\"S\",ORÇAMENTO.CodBarra<>\"\"),IF(ORÇAMENTO.Fonte=\"\",ORÇAMENTO.CodBarra,CONCATENATE(ORÇAMENTO.Fonte,\" \",ORÇAMENTO.CodBarra)))","v":false},{"$f":"IF(ISERROR(INDIRECT(ORÇAMENTO.BancoRef)),\"(abra o arquivo 'Referência \"&Excel_BuiltIn_Database&\".xlsm)\",IF(OR($C43<>\"S\",ORÇAMENTO.CodBarra=\"\"),\"(Sem Código)\",IF(ISERROR(MATCH($AE43,INDIRECT(ORÇAMENTO.BancoRef),0)),\"(Código não identificado nas referências)\",MATCH($AE43,INDIRECT(ORÇAMENTO.BancoRef),0))))","v":"(Sem Código)"},{"$f":"ROUND(IF(DESONERACAO=\"sim\",REFERENCIA.Desonerado,REFERENCIA.NaoDesonerado),2)","v":0},0.26,null,null,null,null,0,0]
["S",3,"S",0,{"$f":"IF($C44=1,OFFSET(E44,-1,0)+MAX(1,COUNTIF(QCI!$A$13:$A$24,OFFSET(ORÇAMENTO!E44,-1,0))),OFFSET(E44,-1,0))","v":1},2,2,0,10,0,{"$f":"IF(OR($C44=\"S\",$C44=0),0,MATCH(OFFSET($D44,0,$C44)+IF($C44<>1,1,COUNTIF(QCI!$A$13:$A$24,ORÇAMENTO!E44)),OFFSET($D44,1,$C44,ROW($C$270)-ROW($C44)),0))","v":0},"","Serviço","Serviço","-","SINAPI",null,{"$f":"IF($C44=\"S\",REFERENCIA.Descricao,\"(digite a descrição aqui)\")","v":"(Sem Código)"},{"$f":"REFERENCIA.Unidade","v":"-"},{"$f":"OFFSET(CÁLCULO!H$15,ROW($T44)-ROW(T$15),0)","v":0},null,"BDI 1",{"$f":"IF($C44=\"S\",ROUND(IF(TIPOORCAMENTO=\"Proposto\",ORÇAMENTO.CustoUnitario*(1+$AH44),ORÇAMENTO.PrecoUnitarioLicitado),15-13*$AF$10),0)","v":0},{"$f":"IF($C44=\"S\",IF(OR(Import.TipoArredondamento<>\"TransfereGOV\",ACOMPANHAMENTO=\"BM\"),VTOTAL1,SUM(OFFSET(CÁLCULO!$AA$15,ROW($X44)-ROW($X$15),1):OFFSET(CÁLCULO!$AL$15,ROW($X44)-ROW($X$15),-1))),IF($C44=0,0,ROUND(SomaAgrup,15-13*$AF$11)))","v":0},"RA","",{"$f":"IF($C44=\"S\",IF($Z44=\"CP\",$X44,IF($Z44=\"RA\",(($X44)*QCI!$AA$3),0)),SomaAgrup)","v":0},0,{"$f":"IF($N44=\"\",\" \",\nIF(AND($C44<>\"S\",OR($R44=\"\",$R44=\"(digite a descrição aqui)\")),\"DESCRIÇÃO\",\nIF(AND($C44=\"S\",OR($Q44<>\"\",$T44>0,$U44>0),$P44=\"\"),\"FONTE\",\nIF(AND($C44=\"S\",$P44<>\"\",OR($T44>0,$U44>0),$Q44=\"\"),\"CÓDIGO\",\nIF(AND($C44=\"S\",$P44<>\"\",$Q44<>\"\",$R44=\"(Código não identificado nas referências)\"),\"CÓDIGO N/ID\",\nIF(AND($C44=\"S\",OR($R44=\"\",$R44=\"(digite a descrição aqui)\"),OR($Q44<>\"\",$T44>0,$U44>0)),\"DESCRIÇÃO\",\nIF(AND($C44=\"S\",$P44<>\"\",$Q44<>\"\",$S44=\"\"),\"UNIDADE\",\nIF(AND($C44=\"S\",$P44<>\"\",$Q44<>\"\",$U44=0),\"SEM CUSTO\",\nIF(AND(_xlfn.SINGLE(TIPOORCAMENTO)=\"Licitado\",$AL44=0,$AN44>0),\"SEM PREÇO\",\nIF(AND($C44=\"S\",$P44<>\"\",$Q44<>\"\",$U44>0,AND($V44<>\"BDI 1\",$V44<>\"BDI 2\",$V44<>\"BDI 3\")),IF(ISNUMBER($V44),\"JUSTIFICAR BDI\",\"BDI\"),\nIF(OR(AND(import.recurso=\"OGU\",TIPOORCAMENTO=\"Proposto\",LEFT($O$8,5)<>\"(N/D:\",$AG44<>\"\",ORÇAMENTO.CustoUnitario>$AG44),AND(TIPOORCAMENTO=\"LICITADO\",ORÇAMENTO.PrecoUnitarioLicitado>$AN44)),\"ACIMA REF.\",\nIF(AND($C44=\"S\",$P44<>\"\",$Q44<>\"\",$T44=0,$U44>0),\"QUANT.\",\nIF(AND(Import.TipoArredondamento=\"TransfereGOV\",$L44=\"F\",$C44=\"S\",LEN($Q44)>13),\"Código >13\",\nIF(AND(Import.TipoArredondamento=\"TransfereGOV\",$L44=\"F\",$C44<>\"S\",LEN($R44)>100),\"Descrição >100\",\nIF(AND(Import.TipoArredondamento=\"TransfereGOV\",$L44=\"F\",$C44=\"S\",LEN($R44)>500),\"Descrição >500\",\nIF(AND(Import.TipoArredondamento=\"TransfereGOV\",$L44=\"F\",$C44=\"S\",LEFT(TRIM(UPPER($P44)),6)<>\"SINAPI\",ISNA(VLOOKUP(TRIM(UPPER($S44)),ListaTgov.Unidades,1,FALSE))),\"Unid. Não Disp\",\n\" \"))))))))))))))))","v":{"$error":"#NAME?"}},{"$f":"IF(C44<=CRONO.NivelExibicao,MAX($AD$15:OFFSET(AD44,-1,0))+IF($C44<>1,1,MAX(1,COUNTIF(QCI!$A$13:$A$24,OFFSET($E44,-1,0)))),\"\")","v":""},{"$f":"IF(AND($C44=\"S\",ORÇAMENTO.CodBarra<>\"\"),IF(ORÇAMENTO.Fonte=\"\",ORÇAMENTO.CodBarra,CONCATENATE(ORÇAMENTO.Fonte,\" \",ORÇAMENTO.CodBarra)))","v":false},{"$f":"IF(ISERROR(INDIRECT(ORÇAMENTO.BancoRef)),\"(abra o arquivo 'Referência \"&Excel_BuiltIn_Database&\".xlsm)\",IF(OR($C44<>\"S\",ORÇAMENTO.CodBarra=\"\"),\"(Sem Código)\",IF(ISERROR(MATCH($AE44,INDIRECT(ORÇAMENTO.BancoRef),0)),\"(Código não identificado nas referências)\",MATCH($AE44,INDIRECT(ORÇAMENTO.BancoRef),0))))","v":"(Sem Código)"},{"$f":"ROUND(IF(DESONERACAO=\"sim\",REFERENCIA.Desonerado,REFERENCIA.NaoDesonerado),2)","v":0},0.26,null,null,null,null,0,0]
["S",3,"S",0,{"$f":"IF($C45=1,OFFSET(E45,-1,0)+MAX(1,COUNTIF(QCI!$A$13:$A$24,OFFSET(ORÇAMENTO!E45,-1,0))),OFFSET(E45,-1,0))","v":1},2,2,0,10,0,{"$f":"IF(OR($C45=\"S\",$C45=0),0,MATCH(OFFSET($D45,0,$C45)+IF($C45<>1,1,COUNTIF(QCI!$A$13:$A$24,ORÇAMENTO!E45)),OFFSET($D45,1,$C45,ROW($C$270)-ROW($C45)),0))","v":0},"","Serviço","Serviço","-","SINAPI",null,{"$f":"IF($C45=\"S\",REFERENCIA.Descricao,\"(digite a descrição aqui)\")","v":"(Sem Código)"},{"$f":"REFERENCIA.Unidade","v":"-"},{"$f":"OFFSET(CÁLCULO!H$15,ROW($T45)-ROW(T$15),0)","v":0},null,"BDI 1",{"$f":"IF($C45=\"S\",ROUND(IF(TIPOORCAMENTO=\"Proposto\",ORÇAMENTO.CustoUnitario*(1+$AH45),ORÇAMENTO.PrecoUnitarioLicitado),15-13*$AF$10),0)","v":0},{"$f":"IF($C45=\"S\",IF(OR(Import.TipoArredondamento<>\"TransfereGOV\",ACOMPANHAMENTO=\"BM\"),VTOTAL1,SUM(OFFSET(CÁLCULO!$AA$15,ROW($X45)-ROW($X$15),1):OFFSET(CÁLCULO!$AL$15,ROW($X45)-ROW($X$15),-1))),IF($C45=0,0,ROUND(SomaAgrup,15-13*$AF$11)))","v":0},"RA","",{"$f":"IF($C45=\"S\",IF($Z45=\"CP\",$X45,IF($Z45=\"RA\",(($X45)*QCI!$AA$3),0)),SomaAgrup)","v":0},0,{"$f":"IF($N45=\"\",\" \",\nIF(AND($C45<>\"S\",OR($R45=\"\",$R45=\"(digite a descrição aqui)\")),\"DESCRIÇÃO\",\nIF(AND($C45=\"S\",OR($Q45<>\"\",$T45>0,$U45>0),$P45=\"\"),\"FONTE\",\nIF(AND($C45=\"S\",$P45<>\"\",OR($T45>0,$U45>0),$Q45=\"\"),\"CÓDIGO\",\nIF(AND($C45=\"S\",$P45<>\"\",$Q45<>\"\",$R45=\"(Código não identificado nas referências)\"),\"CÓDIGO N/ID\",\nIF(AND($C45=\"S\",OR($R45=\"\",$R45=\"(digite a descrição aqui)\"),OR($Q45<>\"\",$T45>0,$U45>0)),\"DESCRIÇÃO\",\nIF(AND($C45=\"S\",$P45<>\"\",$Q45<>\"\",$S45=\"\"),\"UNIDADE\",\nIF(AND($C45=\"S\",$P45<>\"\",$Q45<>\"\",$U45=0),\"SEM CUSTO\",\nIF(AND(_xlfn.SINGLE(TIPOORCAMENTO)=\"Licitado\",$AL45=0,$AN45>0),\"SEM PREÇO\",\nIF(AND($C45=\"S\",$P45<>\"\",$Q45<>\"\",$U45>0,AND($V45<>\"BDI 1\",$V45<>\"BDI 2\",$V45<>\"BDI 3\")),IF(ISNUMBER($V45),\"JUSTIFICAR BDI\",\"BDI\"),\nIF(OR(AND(import.recurso=\"OGU\",TIPOORCAMENTO=\"Proposto\",LEFT($O$8,5)<>\"(N/D:\",$AG45<>\"\",ORÇAMENTO.CustoUnitario>$AG45),AND(TIPOORCAMENTO=\"LICITADO\",ORÇAMENTO.PrecoUnitarioLicitado>$AN45)),\"ACIMA REF.\",\nIF(AND($C45=\"S\",$P45<>\"\",$Q45<>\"\",$T45=0,$U45>0),\"QUANT.\",\nIF(AND(Import.TipoArredondamento=\"TransfereGOV\",$L45=\"F\",$C45=\"S\",LEN($Q45)>13),\"Código >13\",\nIF(AND(Import.TipoArredondamento=\"TransfereGOV\",$L45=\"F\",$C45<>\"S\",LEN($R45)>100),\"Descrição >100\",\nIF(AND(Import.TipoArredondamento=\"TransfereGOV\",$L45=\"F\",$C45=\"S\",LEN($R45)>500),\"Descrição >500\",\nIF(AND(Import.TipoArredondamento=\"TransfereGOV\",$L45=\"F\",$C45=\"S\",LEFT(TRIM(UPPER($P45)),6)<>\"SINAPI\",ISNA(VLOOKUP(TRIM(UPPER($S45)),ListaTgov.Unidades,1,FALSE))),\"Unid. Não Disp\",\n\" \"))))))))))))))))","v":{"$error":"#NAME?"}},{"$f":"IF(C45<=CRONO.NivelExibicao,MAX($AD$15:OFFSET(AD45,-1,0))+IF($C45<>1,1,MAX(1,COUNTIF(QCI!$A$13:$A$24,OFFSET($E45,-1,0)))),\"\")","v":""},{"$f":"IF(AND($C45=\"S\",ORÇAMENTO.CodBarra<>\"\"),IF(ORÇAMENTO.Fonte=\"\",ORÇAMENTO.CodBarra,CONCATENATE(ORÇAMENTO.Fonte,\" \",ORÇAMENTO.CodBarra)))","v":false},{"$f":"IF(ISERROR(INDIRECT(ORÇAMENTO.BancoRef)),\"(abra o arquivo 'Referência \"&Excel_BuiltIn_Database&\".xlsm)\",IF(OR($C45<>\"S\",ORÇAMENTO.CodBarra=\"\"),\"(Sem Código)\",IF(ISERROR(MATCH($AE45,INDIRECT(ORÇAMENTO.BancoRef),0)),\"(Código não identificado nas referências)\",MATCH($AE45,INDIRECT(ORÇAMENTO.BancoRef),0))))","v":"(Sem Código)"},{"$f":"ROUND(IF(DESONERACAO=\"sim\",REFERENCIA.Desonerado,REFERENCIA.NaoDesonerado),2)","v":0},0.26,null,null,null,null,0,0]
["S",3,"S",0,{"$f":"IF($C46=1,OFFSET(E46,-1,0)+MAX(1,COUNTIF(QCI!$A$13:$A$24,OFFSET(ORÇAMENTO!E46,-1,0))),OFFSET(E46,-1,0))","v":1},2,2,0,10,0,{"$f":"IF(OR($C46=\"S\",$C46=0),0,MATCH(OFFSET($D46,0,$C46)+IF($C46<>1,1,COUNTIF(QCI!$A$13:$A$24,ORÇAMENTO!E46)),OFFSET($D46,1,$C46,ROW($C$270)-ROW($C46)),0))","v":0},"","Serviço","Serviço","-","SINAPI",null,{"$f":"IF($C46=\"S\",REFERENCIA.Descricao,\"(digite a descrição aqui)\")","v":"(Sem Código)"},{"$f":"REFERENCIA.Unidade","v":"-"},{"$f":"OFFSET(CÁLCULO!H$15,ROW($T46)-ROW(T$15),0)","v":0},null,"BDI 1",{"$f":"IF($C46=\"S\",ROUND(IF(TIPOORCAMENTO=\"Proposto\",ORÇAMENTO.CustoUnitario*(1+$AH46),ORÇAMENTO.PrecoUnitarioLicitado),15-13*$AF$10),0)","v":0},{"$f":"IF($C46=\"S\",IF(OR(Import.TipoArredondamento<>\"TransfereGOV\",ACOMPANHAMENTO=\"BM\"),VTOTAL1,SUM(OFFSET(CÁLCULO!$AA$15,ROW($X46)-ROW($X$15),1):OFFSET(CÁLCULO!$AL$15,ROW($X46)-ROW($X$15),-1))),IF($C46=0,0,ROUND(SomaAgrup,15-13*$AF$11)))","v":0},"RA","",{"$f":"IF($C46=\"S\",IF($Z46=\"CP\",$X46,IF($Z46=\"RA\",(($X46)*QCI!$AA$3),0)),SomaAgrup)","v":0},0,{"$f":"IF($N46=\"\",\" \",\nIF(AND($C46<>\"S\",OR($R46=\"\",$R46=\"(digite a descrição aqui)\")),\"DESCRIÇÃO\",\nIF(AND($C46=\"S\",OR($Q46<>\"\",$T46>0,$U46>0),$P46=\"\"),\"FONTE\",\nIF(AND($C46=\"S\",$P46<>\"\",OR($T46>0,$U46>0),$Q46=\"\"),\"CÓDIGO\",\nIF(AND($C46=\"S\",$P46<>\"\",$Q46<>\"\",$R46=\"(Código não identificado nas referências)\"),\"CÓDIGO N/ID\",\nIF(AND($C46=\"S\",OR($R46=\"\",$R46=\"(digite a descrição aqui)\"),OR($Q46<>\"\",$T46>0,$U46>0)),\"DESCRIÇÃO\",\nIF(AND($C46=\"S\",$P46<>\"\",$Q46<>\"\",$S46=\"\"),\"UNIDADE\",\nIF(AND($C46=\"S\",$P46<>\"\",$Q46<>\"\",$U46=0),\"SEM CUSTO\",\nIF(AND(_xlfn.SINGLE(TIPOORCAMENTO)=\"Licitado\",$AL46=0,$AN46>0),\"SEM PREÇO\",\nIF(AND($C46=\"S\",$P46<>\"\",$Q46<>\"\",$U46>0,AND($V46<>\"BDI 1\",$V46<>\"BDI 2\",$V46<>\"BDI 3\")),IF(ISNUMBER($V46),\"JUSTIFICAR BDI\",\"BDI\"),\nIF(OR(AND(import.recurso=\"OGU\",TIPOORCAMENTO=\"Proposto\",LEFT($O$8,5)<>\"(N/D:\",$AG46<>\"\",ORÇAMENTO.CustoUnitario>$AG46),AND(TIPOORCAMENTO=\"LICITADO\",ORÇAMENTO.PrecoUnitarioLicitado>$AN46)),\"ACIMA REF.\",\nIF(AND($C46=\"S\",$P46<>\"\",$Q46<>\"\",$T46=0,$U46>0),\"QUANT.\",\nIF(AND(Import.TipoArredondamento=\"TransfereGOV\",$L46=\"F\",$C46=\"S\",LEN($Q46)>13),\"Código >13\",\nIF(AND(Import.TipoArredondamento=\"TransfereGOV\",$L46=\"F\",$C46<>\"S\",LEN($R46)>100),\"Descrição >100\",\nIF(AND(Import.TipoArredondamento=\"TransfereGOV\",$L46=\"F\",$C46=\"S\",LEN($R46)>500),\"Descrição >500\",\nIF(AND(Import.TipoArredondamento=\"TransfereGOV\",$L46=\"F\",$C46=\"S\",LEFT(TRIM(UPPER($P46)),6)<>\"SINAPI\",ISNA(VLOOKUP(TRIM(UPPER($S46)),ListaTgov.Unidades,1,FALSE))),\"Unid. Não Disp\",\n\" \"))))))))))))))))","v":{"$error":"#NAME?"}},{"$f":"IF(C46<=CRONO.NivelExibicao,MAX($AD$15:OFFSET(AD46,-1,0))+IF($C46<>1,1,MAX(1,COUNTIF(QCI!$A$13:$A$24,OFFSET($E46,-1,0)))),\"\")","v":""},{"$f":"IF(AND($C46=\"S\",ORÇAMENTO.CodBarra<>\"\"),IF(ORÇAMENTO.Fonte=\"\",ORÇAMENTO.CodBarra,CONCATENATE(ORÇAMENTO.Fonte,\" \",ORÇAMENTO.CodBarra)))","v":false},{"$f":"IF(ISERROR(INDIRECT(ORÇAMENTO.BancoRef)),\"(abra o arquivo 'Referência \"&Excel_BuiltIn_Database&\".xlsm)\",IF(OR($C46<>\"S\",ORÇAMENTO.CodBarra=\"\"),\"(Sem Código)\",IF(ISERROR(MATCH($AE46,INDIRECT(ORÇAMENTO.BancoRef),0)),\"(Código não identificado nas referências)\",MATCH($AE46,INDIRECT(ORÇAMENTO.BancoRef),0))))","v":"(Sem Código)"},{"$f":"ROUND(IF(DESONERACAO=\"sim\",REFERENCIA.Desonerado,REFERENCIA.NaoDesonerado),2)","v":0},0.26,null,null,null,null,0,0]
["S",3,"S",0,{"$f":"IF($C47=1,OFFSET(E47,-1,0)+MAX(1,COUNTIF(QCI!$A$13:$A$24,OFFSET(ORÇAMENTO!E47,-1,0))),OFFSET(E47,-1,0))","v":1},2,2,0,10,0,{"$f":"IF(OR($C47=\"S\",$C47=0),0,MATCH(OFFSET($D47,0,$C47)+IF($C47<>1,1,COUNTIF(QCI!$A$13:$A$24,ORÇAMENTO!E47)),OFFSET($D47,1,$C47,ROW($C$270)-ROW($C47)),0))","v":0},"","Serviço","Serviço","-","SINAPI",null,{"$f":"IF($C47=\"S\",REFERENCIA.Descricao,\"(digite a descrição aqui)\")","v":"(Sem Código)"},{"$f":"REFERENCIA.Unidade","v":"-"},{"$f":"OFFSET(CÁLCULO!H$15,ROW($T47)-ROW(T$15),0)","v":0},null,"BDI 1",{"$f":"IF($C47=\"S\",ROUND(IF(TIPOORCAMENTO=\"Proposto\",ORÇAMENTO.CustoUnitario*(1+$AH47),ORÇAMENTO.PrecoUnitarioLicitado),15-13*$AF$10),0)","v":0},{"$f":"IF($C47=\"S\",IF(OR(Import.TipoArredondamento<>\"TransfereGOV\",ACOMPANHAMENTO=\"BM\"),VTOTAL1,SUM(OFFSET(CÁLCULO!$AA$15,ROW($X47)-ROW($X$15),1):OFFSET(CÁLCULO!$AL$15,ROW($X47)-ROW($X$15),-1))),IF($C47=0,0,ROUND(SomaAgrup,15-13*$AF$11)))","v":0},"RA","",{"$f":"IF($C47=\"S\",IF($Z47=\"CP\",$X47,IF($Z47=\"RA\",(($X47)*QCI!$AA$3),0)),SomaAgrup)","v":0},0,{"$f":"IF($N47=\"\",\" \",\nIF(AND($C47<>\"S\",OR($R47=\"\",$R47=\"(digite a descrição aqui)\")),\"DESCRIÇÃO\",\nIF(AND($C47=\"S\",OR($Q47<>\"\",$T47>0,$U47>0),$P47=\"\"),\"FONTE\",\nIF(AND($C47=\"S\",$P47<>\"\",OR($T47>0,$U47>0),$Q47=\"\"),\"CÓDIGO\",\nIF(AND($C47=\"S\",$P47<>\"\",$Q47<>\"\",$R47=\"(Código não identificado nas referências)\"),\"CÓDIGO N/ID\",\nIF(AND($C47=\"S\",OR($R47=\"\",$R47=\"(digite a descrição aqui)\"),OR($Q47<>\"\",$T47>0,$U47>0)),\"DESCRIÇÃO\",\nIF(AND($C47=\"S\",$P47<>\"\",$Q47<>\"\",$S47=\"\"),\"UNIDADE\",\nIF(AND($C47=\"S\",$P47<>\"\",$Q47<>\"\",$U47=0),\"SEM CUSTO\",\nIF(AND(_xlfn.SINGLE(TIPOORCAMENTO)=\"Licitado\",$AL47=0,$AN47>0),\"SEM PREÇO\",\nIF(AND($C47=\"S\",$P47<>\"\",$Q47<>\"\",$U47>0,AND($V47<>\"BDI 1\",$V47<>\"BDI 2\",$V47<>\"BDI 3\")),IF(ISNUMBER($V47),\"JUSTIFICAR BDI\",\"BDI\"),\nIF(OR(AND(import.recurso=\"OGU\",TIPOORCAMENTO=\"Proposto\",LEFT($O$8,5)<>\"(N/D:\",$AG47<>\"\",ORÇAMENTO.CustoUnitario>$AG47),AND(TIPOORCAMENTO=\"LICITADO\",ORÇAMENTO.PrecoUnitarioLicitado>$AN47)),\"ACIMA REF.\",\nIF(AND($C47=\"S\",$P47<>\"\",$Q47<>\"\",$T47=0,$U47>0),\"QUANT.\",\nIF(AND(Import.TipoArredondamento=\"TransfereGOV\",$L47=\"F\",$C47=\"S\",LEN($Q47)>13),\"Código >13\",\nIF(AND(Import.TipoArredondamento=\"TransfereGOV\",$L47=\"F\",$C47<>\"S\",LEN($R47)>100),\"Descrição >100\",\nIF(AND(Import.TipoArredondamento=\"TransfereGOV\",$L47=\"F\",$C47=\"S\",LEN($R47)>500),\"Descrição >500\",\nIF(AND(Import.TipoArredondamento=\"TransfereGOV\",$L47=\"F\",$C47=\"S\",LEFT(TRIM(UPPER($P47)),6)<>\"SINAPI\",ISNA(VLOOKUP(TRIM(UPPER($S47)),ListaTgov.Unidades,1,FALSE))),\"Unid. Não Disp\",\n\" \"))))))))))))))))","v":{"$error":"#NAME?"}},{"$f":"IF(C47<=CRONO.NivelExibicao,MAX($AD$15:OFFSET(AD47,-1,0))+IF($C47<>1,1,MAX(1,COUNTIF(QCI!$A$13:$A$24,OFFSET($E47,-1,0)))),\"\")","v":""},{"$f":"IF(AND($C47=\"S\",ORÇAMENTO.CodBarra<>\"\"),IF(ORÇAMENTO.Fonte=\"\",ORÇAMENTO.CodBarra,CONCATENATE(ORÇAMENTO.Fonte,\" \",ORÇAMENTO.CodBarra)))","v":false},{"$f":"IF(ISERROR(INDIRECT(ORÇAMENTO.BancoRef)),\"(abra o arquivo 'Referência \"&Excel_BuiltIn_Database&\".xlsm)\",IF(OR($C47<>\"S\",ORÇAMENTO.CodBarra=\"\"),\"(Sem Código)\",IF(ISERROR(MATCH($AE47,INDIRECT(ORÇAMENTO.BancoRef),0)),\"(Código não identificado nas referências)\",MATCH($AE47,INDIRECT(ORÇAMENTO.BancoRef),0))))","v":"(Sem Código)"},{"$f":"ROUND(IF(DESONERACAO=\"sim\",REFERENCIA.Desonerado,REFERENCIA.NaoDesonerado),2)","v":0},0.26,null,null,null,null,0,0]
["S",3,"S",0,{"$f":"IF($C48=1,OFFSET(E48,-1,0)+MAX(1,COUNTIF(QCI!$A$13:$A$24,OFFSET(ORÇAMENTO!E48,-1,0))),OFFSET(E48,-1,0))","v":1},2,2,0,10,0,{"$f":"IF(OR($C48=\"S\",$C48=0),0,MATCH(OFFSET($D48,0,$C48)+IF($C48<>1,1,COUNTIF(QCI!$A$13:$A$24,ORÇAMENTO!E48)),OFFSET($D48,1,$C48,ROW($C$270)-ROW($C48)),0))","v":0},"","Serviço","Serviço","-","SINAPI",null,{"$f":"IF($C48=\"S\",REFERENCIA.Descricao,\"(digite a descrição aqui)\")","v":"(Sem Código)"},{"$f":"REFERENCIA.Unidade","v":"-"},{"$f":"OFFSET(CÁLCULO!H$15,ROW($T48)-ROW(T$15),0)","v":0},null,"BDI 1",{"$f":"IF($C48=\"S\",ROUND(IF(TIPOORCAMENTO=\"Proposto\",ORÇAMENTO.CustoUnitario*(1+$AH48),ORÇAMENTO.PrecoUnitarioLicitado),15-13*$AF$10),0)","v":0},{"$f":"IF($C48=\"S\",IF(OR(Import.TipoArredondamento<>\"TransfereGOV\",ACOMPANHAMENTO=\"BM\"),VTOTAL1,SUM(OFFSET(CÁLCULO!$AA$15,ROW($X48)-ROW($X$15),1):OFFSET(CÁLCULO!$AL$15,ROW($X48)-ROW($X$15),-1))),IF($C48=0,0,ROUND(SomaAgrup,15-13*$AF$11)))","v":0},"RA","",{"$f":"IF($C48=\"S\",IF($Z48=\"CP\",$X48,IF($Z48=\"RA\",(($X48)*QCI!$AA$3),0)),SomaAgrup)","v":0},0,{"$f":"IF($N48=\"\",\" \",\nIF(AND($C48<>\"S\",OR($R48=\"\",$R48=\"(digite a descrição aqui)\")),\"DESCRIÇÃO\",\nIF(AND($C48=\"S\",OR($Q48<>\"\",$T48>0,$U48>0),$P48=\"\"),\"FONTE\",\nIF(AND($C48=\"S\",$P48<>\"\",OR($T48>0,$U48>0),$Q48=\"\"),\"CÓDIGO\",\nIF(AND($C48=\"S\",$P48<>\"\",$Q48<>\"\",$R48=\"(Código não identificado nas referências)\"),\"CÓDIGO N/ID\",\nIF(AND($C48=\"S\",OR($R48=\"\",$R48=\"(digite a descrição aqui)\"),OR($Q48<>\"\",$T48>0,$U48>0)),\"DESCRIÇÃO\",\nIF(AND($C48=\"S\",$P48<>\"\",$Q48<>\"\",$S48=\"\"),\"UNIDADE\",\nIF(AND($C48=\"S\",$P48<>\"\",$Q48<>\"\",$U48=0),\"SEM CUSTO\",\nIF(AND(_xlfn.SINGLE(TIPOORCAMENTO)=\"Licitado\",$AL48=0,$AN48>0),\"SEM PREÇO\",\nIF(AND($C48=\"S\",$P48<>\"\",$Q48<>\"\",$U48>0,AND($V48<>\"BDI 1\",$V48<>\"BDI 2\",$V48<>\"BDI 3\")),IF(ISNUMBER($V48),\"JUSTIFICAR BDI\",\"BDI\"),\nIF(OR(AND(import.recurso=\"OGU\",TIPOORCAMENTO=\"Proposto\",LEFT($O$8,5)<>\"(N/D:\",$AG48<>\"\",ORÇAMENTO.CustoUnitario>$AG48),AND(TIPOORCAMENTO=\"LICITADO\",ORÇAMENTO.PrecoUnitarioLicitado>$AN48)),\"ACIMA REF.\",\nIF(AND($C48=\"S\",$P48<>\"\",$Q48<>\"\",$T48=0,$U48>0),\"QUANT.\",\nIF(AND(Import.TipoArredondamento=\"TransfereGOV\",$L48=\"F\",$C48=\"S\",LEN($Q48)>13),\"Código >13\",\nIF(AND(Import.TipoArredondamento=\"TransfereGOV\",$L48=\"F\",$C48<>\"S\",LEN($R48)>100),\"Descrição >100\",\nIF(AND(Import.TipoArredondamento=\"TransfereGOV\",$L48=\"F\",$C48=\"S\",LEN($R48)>500),\"Descrição >500\",\nIF(AND(Import.TipoArredondamento=\"TransfereGOV\",$L48=\"F\",$C48=\"S\",LEFT(TRIM(UPPER($P48)),6)<>\"SINAPI\",ISNA(VLOOKUP(TRIM(UPPER($S48)),ListaTgov.Unidades,1,FALSE))),\"Unid. Não Disp\",\n\" \"))))))))))))))))","v":{"$error":"#NAME?"}},{"$f":"IF(C48<=CRONO.NivelExibicao,MAX($AD$15:OFFSET(AD48,-1,0))+IF($C48<>1,1,MAX(1,COUNTIF(QCI!$A$13:$A$24,OFFSET($E48,-1,0)))),\"\")","v":""},{"$f":"IF(AND($C48=\"S\",ORÇAMENTO.CodBarra<>\"\"),IF(ORÇAMENTO.Fonte=\"\",ORÇAMENTO.CodBarra,CONCATENATE(ORÇAMENTO.Fonte,\" \",ORÇAMENTO.CodBarra)))","v":false},{"$f":"IF(ISERROR(INDIRECT(ORÇAMENTO.BancoRef)),\"(abra o arquivo 'Referência \"&Excel_BuiltIn_Database&\".xlsm)\",IF(OR($C48<>\"S\",ORÇAMENTO.CodBarra=\"\"),\"(Sem Código)\",IF(ISERROR(MATCH($AE48,INDIRECT(ORÇAMENTO.BancoRef),0)),\"(Código não identificado nas referências)\",MATCH($AE48,INDIRECT(ORÇAMENTO.BancoRef),0))))","v":"(Sem Código)"},{"$f":"ROUND(IF(DESONERACAO=\"sim\",REFERENCIA.Desonerado,REFERENCIA.NaoDesonerado),2)","v":0},0.26,null,null,null,null,0,0]
["S",3,"S",0,{"$f":"IF($C49=1,OFFSET(E49,-1,0)+MAX(1,COUNTIF(QCI!$A$13:$A$24,OFFSET(ORÇAMENTO!E49,-1,0))),OFFSET(E49,-1,0))","v":1},2,2,0,10,0,{"$f":"IF(OR($C49=\"S\",$C49=0),0,MATCH(OFFSET($D49,0,$C49)+IF($C49<>1,1,COUNTIF(QCI!$A$13:$A$24,ORÇAMENTO!E49)),OFFSET($D49,1,$C49,ROW($C$270)-ROW($C49)),0))","v":0},"","Serviço","Serviço","-","SINAPI",null,{"$f":"IF($C49=\"S\",REFERENCIA.Descricao,\"(digite a descrição aqui)\")","v":"(Sem Código)"},{"$f":"REFERENCIA.Unidade","v":"-"},{"$f":"OFFSET(CÁLCULO!H$15,ROW($T49)-ROW(T$15),0)","v":0},null,"BDI 1",{"$f":"IF($C49=\"S\",ROUND(IF(TIPOORCAMENTO=\"Proposto\",ORÇAMENTO.CustoUnitario*(1+$AH49),ORÇAMENTO.PrecoUnitarioLicitado),15-13*$AF$10),0)","v":0},{"$f":"IF($C49=\"S\",IF(OR(Import.TipoArredondamento<>\"TransfereGOV\",ACOMPANHAMENTO=\"BM\"),VTOTAL1,SUM(OFFSET(CÁLCULO!$AA$15,ROW($X49)-ROW($X$15),1):OFFSET(CÁLCULO!$AL$15,ROW($X49)-ROW($X$15),-1))),IF($C49=0,0,ROUND(SomaAgrup,15-13*$AF$11)))","v":0},"RA","",{"$f":"IF($C49=\"S\",IF($Z49=\"CP\",$X49,IF($Z49=\"RA\",(($X49)*QCI!$AA$3),0)),SomaAgrup)","v":0},0,{"$f":"IF($N49=\"\",\" \",\nIF(AND($C49<>\"S\",OR($R49=\"\",$R49=\"(digite a descrição aqui)\")),\"DESCRIÇÃO\",\nIF(AND($C49=\"S\",OR($Q49<>\"\",$T49>0,$U49>0),$P49=\"\"),\"FONTE\",\nIF(AND($C49=\"S\",$P49<>\"\",OR($T49>0,$U49>0),$Q49=\"\"),\"CÓDIGO\",\nIF(AND($C49=\"S\",$P49<>\"\",$Q49<>\"\",$R49=\"(Código não identificado nas referências)\"),\"CÓDIGO N/ID\",\nIF(AND($C49=\"S\",OR($R49=\"\",$R49=\"(digite a descrição aqui)\"),OR($Q49<>\"\",$T49>0,$U49>0)),\"DESCRIÇÃO\",\nIF(AND($C49=\"S\",$P49<>\"\",$Q49<>\"\",$S49=\"\"),\"UNIDADE\",\nIF(AND($C49=\"S\",$P49<>\"\",$Q49<>\"\",$U49=0),\"SEM CUSTO\",\nIF(AND(_xlfn.SINGLE(TIPOORCAMENTO)=\"Licitado\",$AL49=0,$AN49>0),\"SEM PREÇO\",\nIF(AND($C49=\"S\",$P49<>\"\",$Q49<>\"\",$U49>0,AND($V49<>\"BDI 1\",$V49<>\"BDI 2\",$V49<>\"BDI 3\")),IF(ISNUMBER($V49),\"JUSTIFICAR BDI\",\"BDI\"),\nIF(OR(AND(import.recurso=\"OGU\",TIPOORCAMENTO=\"Proposto\",LEFT($O$8,5)<>\"(N/D:\",$AG49<>\"\",ORÇAMENTO.CustoUnitario>$AG49),AND(TIPOORCAMENTO=\"LICITADO\",ORÇAMENTO.PrecoUnitarioLicitado>$AN49)),\"ACIMA REF.\",\nIF(AND($C49=\"S\",$P49<>\"\",$Q49<>\"\",$T49=0,$U49>0),\"QUANT.\",\nIF(AND(Import.TipoArredondamento=\"TransfereGOV\",$L49=\"F\",$C49=\"S\",LEN($Q49)>13),\"Código >13\",\nIF(AND(Import.TipoArredondamento=\"TransfereGOV\",$L49=\"F\",$C49<>\"S\",LEN($R49)>100),\"Descrição >100\",\nIF(AND(Import.TipoArredondamento=\"TransfereGOV\",$L49=\"F\",$C49=\"S\",LEN($R49)>500),\"Descrição >500\",\nIF(AND(Import.TipoArredondamento=\"TransfereGOV\",$L49=\"F\",$C49=\"S\",LEFT(TRIM(UPPER($P49)),6)<>\"SINAPI\",ISNA(VLOOKUP(TRIM(UPPER($S49)),ListaTgov.Unidades,1,FALSE))),\"Unid. Não Disp\",\n\" \"))))))))))))))))","v":{"$error":"#NAME?"}},{"$f":"IF(C49<=CRONO.NivelExibicao,MAX($AD$15:OFFSET(AD49,-1,0))+IF($C49<>1,1,MAX(1,COUNTIF(QCI!$A$13:$A$24,OFFSET($E49,-1,0)))),\"\")","v":""},{"$f":"IF(AND($C49=\"S\",ORÇAMENTO.CodBarra<>\"\"),IF(ORÇAMENTO.Fonte=\"\",ORÇAMENTO.CodBarra,CONCATENATE(ORÇAMENTO.Fonte,\" \",ORÇAMENTO.CodBarra)))","v":false},{"$f":"IF(ISERROR(INDIRECT(ORÇAMENTO.BancoRef)),\"(abra o arquivo 'Referência \"&Excel_BuiltIn_Database&\".xlsm)\",IF(OR($C49<>\"S\",ORÇAMENTO.CodBarra=\"\"),\"(Sem Código)\",IF(ISERROR(MATCH($AE49,INDIRECT(ORÇAMENTO.BancoRef),0)),\"(Código não identificado nas referências)\",MATCH($AE49,INDIRECT(ORÇAMENTO.BancoRef),0))))","v":"(Sem Código)"},{"$f":"ROUND(IF(DESONERACAO=\"sim\",REFERENCIA.Desonerado,REFERENCIA.NaoDesonerado),2)","v":0},0.26,null,null,null,null,0,0]
["S",3,"S",0,{"$f":"IF($C50=1,OFFSET(E50,-1,0)+MAX(1,COUNTIF(QCI!$A$13:$A$24,OFFSET(ORÇAMENTO!E50,-1,0))),OFFSET(E50,-1,0))","v":1},2,2,0,10,0,{"$f":"IF(OR($C50=\"S\",$C50=0),0,MATCH(OFFSET($D50,0,$C50)+IF($C50<>1,1,COUNTIF(QCI!$A$13:$A$24,ORÇAMENTO!E50)),OFFSET($D50,1,$C50,ROW($C$270)-ROW($C50)),0))","v":0},"","Serviço","Serviço","-","SINAPI",null,{"$f":"IF($C50=\"S\",REFERENCIA.Descricao,\"(digite a descrição aqui)\")","v":"(Sem Código)"},{"$f":"REFERENCIA.Unidade","v":"-"},{"$f":"OFFSET(CÁLCULO!H$15,ROW($T50)-ROW(T$15),0)","v":0},null,"BDI 1",{"$f":"IF($C50=\"S\",ROUND(IF(TIPOORCAMENTO=\"Proposto\",ORÇAMENTO.CustoUnitario*(1+$AH50),ORÇAMENTO.PrecoUnitarioLicitado),15-13*$AF$10),0)","v":0},{"$f":"IF($C50=\"S\",IF(OR(Import.TipoArredondamento<>\"TransfereGOV\",ACOMPANHAMENTO=\"BM\"),VTOTAL1,SUM(OFFSET(CÁLCULO!$AA$15,ROW($X50)-ROW($X$15),1):OFFSET(CÁLCULO!$AL$15,ROW($X50)-ROW($X$15),-1))),IF($C50=0,0,ROUND(SomaAgrup,15-13*$AF$11)))","v":0},"RA","",{"$f":"IF($C50=\"S\",IF($Z50=\"CP\",$X50,IF($Z50=\"RA\",(($X50)*QCI!$AA$3),0)),SomaAgrup)","v":0},0,{"$f":"IF($N50=\"\",\" \",\nIF(AND($C50<>\"S\",OR($R50=\"\",$R50=\"(digite a descrição aqui)\")),\"DESCRIÇÃO\",\nIF(AND($C50=\"S\",OR($Q50<>\"\",$T50>0,$U50>0),$P50=\"\"),\"FONTE\",\nIF(AND($C50=\"S\",$P50<>\"\",OR($T50>0,$U50>0),$Q50=\"\"),\"CÓDIGO\",\nIF(AND($C50=\"S\",$P50<>\"\",$Q50<>\"\",$R50=\"(Código não identificado nas referências)\"),\"CÓDIGO N/ID\",\nIF(AND($C50=\"S\",OR($R50=\"\",$R50=\"(digite a descrição aqui)\"),OR($Q50<>\"\",$T50>0,$U50>0)),\"DESCRIÇÃO\",\nIF(AND($C50=\"S\",$P50<>\"\",$Q50<>\"\",$S50=\"\"),\"UNIDADE\",\nIF(AND($C50=\"S\",$P50<>\"\",$Q50<>\"\",$U50=0),\"SEM CUSTO\",\nIF(AND(_xlfn.SINGLE(TIPOORCAMENTO)=\"Licitado\",$AL50=0,$AN50>0),\"SEM PREÇO\",\nIF(AND($C50=\"S\",$P50<>\"\",$Q50<>\"\",$U50>0,AND($V50<>\"BDI 1\",$V50<>\"BDI 2\",$V50<>\"BDI 3\")),IF(ISNUMBER($V50),\"JUSTIFICAR BDI\",\"BDI\"),\nIF(OR(AND(import.recurso=\"OGU\",TIPOORCAMENTO=\"Proposto\",LEFT($O$8,5)<>\"(N/D:\",$AG50<>\"\",ORÇAMENTO.CustoUnitario>$AG50),AND(TIPOORCAMENTO=\"LICITADO\",ORÇAMENTO.PrecoUnitarioLicitado>$AN50)),\"ACIMA REF.\",\nIF(AND($C50=\"S\",$P50<>\"\",$Q50<>\"\",$T50=0,$U50>0),\"QUANT.\",\nIF(AND(Import.TipoArredondamento=\"TransfereGOV\",$L50=\"F\",$C50=\"S\",LEN($Q50)>13),\"Código >13\",\nIF(AND(Import.TipoArredondamento=\"TransfereGOV\",$L50=\"F\",$C50<>\"S\",LEN($R50)>100),\"Descrição >100\",\nIF(AND(Import.TipoArredondamento=\"TransfereGOV\",$L50=\"F\",$C50=\"S\",LEN($R50)>500),\"Descrição >500\",\nIF(AND(Import.TipoArredondamento=\"TransfereGOV\",$L50=\"F\",$C50=\"S\",LEFT(TRIM(UPPER($P50)),6)<>\"SINAPI\",ISNA(VLOOKUP(TRIM(UPPER($S50)),ListaTgov.Unidades,1,FALSE))),\"Unid. Não Disp\",\n\" \"))))))))))))))))","v":{"$error":"#NAME?"}},{"$f":"IF(C50<=CRONO.NivelExibicao,MAX($AD$15:OFFSET(AD50,-1,0))+IF($C50<>1,1,MAX(1,COUNTIF(QCI!$A$13:$A$24,OFFSET($E50,-1,0)))),\"\")","v":""},{"$f":"IF(AND($C50=\"S\",ORÇAMENTO.CodBarra<>\"\"),IF(ORÇAMENTO.Fonte=\"\",ORÇAMENTO.CodBarra,CONCATENATE(ORÇAMENTO.Fonte,\" \",ORÇAMENTO.CodBarra)))","v":false},{"$f":"IF(ISERROR(INDIRECT(ORÇAMENTO.BancoRef)),\"(abra o arquivo 'Referência \"&Excel_BuiltIn_Database&\".xlsm)\",IF(OR($C50<>\"S\",ORÇAMENTO.CodBarra=\"\"),\"(Sem Código)\",IF(ISERROR(MATCH($AE50,INDIRECT(ORÇAMENTO.BancoRef),0)),\"(Código não identificado nas referências)\",MATCH($AE50,INDIRECT(ORÇAMENTO.BancoRef),0))))","v":"(Sem Código)"},{"$f":"ROUND(IF(DESONERACAO=\"sim\",REFERENCIA.Desonerado,REFERENCIA.NaoDesonerado),2)","v":0},0.26,null,null,null,null,0,0]
["S",3,"S",0,{"$f":"IF($C51=1,OFFSET(E51,-1,0)+MAX(1,COUNTIF(QCI!$A$13:$A$24,OFFSET(ORÇAMENTO!E51,-1,0))),OFFSET(E51,-1,0))","v":1},2,2,0,10,0,{"$f":"IF(OR($C51=\"S\",$C51=0),0,MATCH(OFFSET($D51,0,$C51)+IF($C51<>1,1,COUNTIF(QCI!$A$13:$A$24,ORÇAMENTO!E51)),OFFSET($D51,1,$C51,ROW($C$270)-ROW($C51)),0))","v":0},"","Serviço","Serviço","-","SINAPI",null,{"$f":"IF($C51=\"S\",REFERENCIA.Descricao,\"(digite a descrição aqui)\")","v":"(Sem Código)"},{"$f":"REFERENCIA.Unidade","v":"-"},{"$f":"OFFSET(CÁLCULO!H$15,ROW($T51)-ROW(T$15),0)","v":0},null,"BDI 1",{"$f":"IF($C51=\"S\",ROUND(IF(TIPOORCAMENTO=\"Proposto\",ORÇAMENTO.CustoUnitario*(1+$AH51),ORÇAMENTO.PrecoUnitarioLicitado),15-13*$AF$10),0)","v":0},{"$f":"IF($C51=\"S\",IF(OR(Import.TipoArredondamento<>\"TransfereGOV\",ACOMPANHAMENTO=\"BM\"),VTOTAL1,SUM(OFFSET(CÁLCULO!$AA$15,ROW($X51)-ROW($X$15),1):OFFSET(CÁLCULO!$AL$15,ROW($X51)-ROW($X$15),-1))),IF($C51=0,0,ROUND(SomaAgrup,15-13*$AF$11)))","v":0},"RA","",{"$f":"IF($C51=\"S\",IF($Z51=\"CP\",$X51,IF($Z51=\"RA\",(($X51)*QCI!$AA$3),0)),SomaAgrup)","v":0},0,{"$f":"IF($N51=\"\",\" \",\nIF(AND($C51<>\"S\",OR($R51=\"\",$R51=\"(digite a descrição aqui)\")),\"DESCRIÇÃO\",\nIF(AND($C51=\"S\",OR($Q51<>\"\",$T51>0,$U51>0),$P51=\"\"),\"FONTE\",\nIF(AND($C51=\"S\",$P51<>\"\",OR($T51>0,$U51>0),$Q51=\"\"),\"CÓDIGO\",\nIF(AND($C51=\"S\",$P51<>\"\",$Q51<>\"\",$R51=\"(Código não identificado nas referências)\"),\"CÓDIGO N/ID\",\nIF(AND($C51=\"S\",OR($R51=\"\",$R51=\"(digite a descrição aqui)\"),OR($Q51<>\"\",$T51>0,$U51>0)),\"DESCRIÇÃO\",\nIF(AND($C51=\"S\",$P51<>\"\",$Q51<>\"\",$S51=\"\"),\"UNIDADE\",\nIF(AND($C51=\"S\",$P51<>\"\",$Q51<>\"\",$U51=0),\"SEM CUSTO\",\nIF(AND(_xlfn.SINGLE(TIPOORCAMENTO)=\"Licitado\",$AL51=0,$AN51>0),\"SEM PREÇO\",\nIF(AND($C51=\"S\",$P51<>\"\",$Q51<>\"\",$U51>0,AND($V51<>\"BDI 1\",$V51<>\"BDI 2\",$V51<>\"BDI 3\")),IF(ISNUMBER($V51),\"JUSTIFICAR BDI\",\"BDI\"),\nIF(OR(AND(import.recurso=\"OGU\",TIPOORCAMENTO=\"Proposto\",LEFT($O$8,5)<>\"(N/D:\",$AG51<>\"\",ORÇAMENTO.CustoUnitario>$AG51),AND(TIPOORCAMENTO=\"LICITADO\",ORÇAMENTO.PrecoUnitarioLicitado>$AN51)),\"ACIMA REF.\",\nIF(AND($C51=\"S\",$P51<>\"\",$Q51<>\"\",$T51=0,$U51>0),\"QUANT.\",\nIF(AND(Import.TipoArredondamento=\"TransfereGOV\",$L51=\"F\",$C51=\"S\",LEN($Q51)>13),\"Código >13\",\nIF(AND(Import.TipoArredondamento=\"TransfereGOV\",$L51=\"F\",$C51<>\"S\",LEN($R51)>100),\"Descrição >100\",\nIF(AND(Import.TipoArredondamento=\"TransfereGOV\",$L51=\"F\",$C51=\"S\",LEN($R51)>500),\"Descrição >500\",\nIF(AND(Import.TipoArredondamento=\"TransfereGOV\",$L51=\"F\",$C51=\"S\",LEFT(TRIM(UPPER($P51)),6)<>\"SINAPI\",ISNA(VLOOKUP(TRIM(UPPER($S51)),ListaTgov.Unidades,1,FALSE))),\"Unid. Não Disp\",\n\" \"))))))))))))))))","v":{"$error":"#NAME?"}},{"$f":"IF(C51<=CRONO.NivelExibicao,MAX($AD$15:OFFSET(AD51,-1,0))+IF($C51<>1,1,MAX(1,COUNTIF(QCI!$A$13:$A$24,OFFSET($E51,-1,0)))),\"\")","v":""},{"$f":"IF(AND($C51=\"S\",ORÇAMENTO.CodBarra<>\"\"),IF(ORÇAMENTO.Fonte=\"\",ORÇAMENTO.CodBarra,CONCATENATE(ORÇAMENTO.Fonte,\" \",ORÇAMENTO.CodBarra)))","v":false},{"$f":"IF(ISERROR(INDIRECT(ORÇAMENTO.BancoRef)),\"(abra o arquivo 'Referência \"&Excel_BuiltIn_Database&\".xlsm)\",IF(OR($C51<>\"S\",ORÇAMENTO.CodBarra=\"\"),\"(Sem Código)\",IF(ISERROR(MATCH($AE51,INDIRECT(ORÇAMENTO.BancoRef),0)),\"(Código não identificado nas referências)\",MATCH($AE51,INDIRECT(ORÇAMENTO.BancoRef),0))))","v":"(Sem Código)"},{"$f":"ROUND(IF(DESONERACAO=\"sim\",REFERENCIA.Desonerado,REFERENCIA.NaoDesonerado),2)","v":0},0.26,null,null,null,null,0,0]
["S",3,"S",0,{"$f":"IF($C52=1,OFFSET(E52,-1,0)+MAX(1,COUNTIF(QCI!$A$13:$A$24,OFFSET(ORÇAMENTO!E52,-1,0))),OFFSET(E52,-1,0))","v":1},2,2,0,10,0,{"$f":"IF(OR($C52=\"S\",$C52=0),0,MATCH(OFFSET($D52,0,$C52)+IF($C52<>1,1,COUNTIF(QCI!$A$13:$A$24,ORÇAMENTO!E52)),OFFSET($D52,1,$C52,ROW($C$270)-ROW($C52)),0))","v":0},"","Serviço","Serviço","-","SINAPI",null,{"$f":"IF($C52=\"S\",REFERENCIA.Descricao,\"(digite a descrição aqui)\")","v":"(Sem Código)"},{"$f":"REFERENCIA.Unidade","v":"-"},{"$f":"OFFSET(CÁLCULO!H$15,ROW($T52)-ROW(T$15),0)","v":0},null,"BDI 1",{"$f":"IF($C52=\"S\",ROUND(IF(TIPOORCAMENTO=\"Proposto\",ORÇAMENTO.CustoUnitario*(1+$AH52),ORÇAMENTO.PrecoUnitarioLicitado),15-13*$AF$10),0)","v":0},{"$f":"IF($C52=\"S\",IF(OR(Import.TipoArredondamento<>\"TransfereGOV\",ACOMPANHAMENTO=\"BM\"),VTOTAL1,SUM(OFFSET(CÁLCULO!$AA$15,ROW($X52)-ROW($X$15),1):OFFSET(CÁLCULO!$AL$15,ROW($X52)-ROW($X$15),-1))),IF($C52=0,0,ROUND(SomaAgrup,15-13*$AF$11)))","v":0},"RA","",{"$f":"IF($C52=\"S\",IF($Z52=\"CP\",$X52,IF($Z52=\"RA\",(($X52)*QCI!$AA$3),0)),SomaAgrup)","v":0},0,{"$f":"IF($N52=\"\",\" \",\nIF(AND($C52<>\"S\",OR($R52=\"\",$R52=\"(digite a descrição aqui)\")),\"DESCRIÇÃO\",\nIF(AND($C52=\"S\",OR($Q52<>\"\",$T52>0,$U52>0),$P52=\"\"),\"FONTE\",\nIF(AND($C52=\"S\",$P52<>\"\",OR($T52>0,$U52>0),$Q52=\"\"),\"CÓDIGO\",\nIF(AND($C52=\"S\",$P52<>\"\",$Q52<>\"\",$R52=\"(Código não identificado nas referências)\"),\"CÓDIGO N/ID\",\nIF(AND($C52=\"S\",OR($R52=\"\",$R52=\"(digite a descrição aqui)\"),OR($Q52<>\"\",$T52>0,$U52>0)),\"DESCRIÇÃO\",\nIF(AND($C52=\"S\",$P52<>\"\",$Q52<>\"\",$S52=\"\"),\"UNIDADE\",\nIF(AND($C52=\"S\",$P52<>\"\",$Q52<>\"\",$U52=0),\"SEM CUSTO\",\nIF(AND(_xlfn.SINGLE(TIPOORCAMENTO)=\"Licitado\",$AL52=0,$AN52>0),\"SEM PREÇO\",\nIF(AND($C52=\"S\",$P52<>\"\",$Q52<>\"\",$U52>0,AND($V52<>\"BDI 1\",$V52<>\"BDI 2\",$V52<>\"BDI 3\")),IF(ISNUMBER($V52),\"JUSTIFICAR BDI\",\"BDI\"),\nIF(OR(AND(import.recurso=\"OGU\",TIPOORCAMENTO=\"Proposto\",LEFT($O$8,5)<>\"(N/D:\",$AG52<>\"\",ORÇAMENTO.CustoUnitario>$AG52),AND(TIPOORCAMENTO=\"LICITADO\",ORÇAMENTO.PrecoUnitarioLicitado>$AN52)),\"ACIMA REF.\",\nIF(AND($C52=\"S\",$P52<>\"\",$Q52<>\"\",$T52=0,$U52>0),\"QUANT.\",\nIF(AND(Import.TipoArredondamento=\"TransfereGOV\",$L52=\"F\",$C52=\"S\",LEN($Q52)>13),\"Código >13\",\nIF(AND(Import.TipoArredondamento=\"TransfereGOV\",$L52=\"F\",$C52<>\"S\",LEN($R52)>100),\"Descrição >100\",\nIF(AND(Import.TipoArredondamento=\"TransfereGOV\",$L52=\"F\",$C52=\"S\",LEN($R52)>500),\"Descrição >500\",\nIF(AND(Import.TipoArredondamento=\"TransfereGOV\",$L52=\"F\",$C52=\"S\",LEFT(TRIM(UPPER($P52)),6)<>\"SINAPI\",ISNA(VLOOKUP(TRIM(UPPER($S52)),ListaTgov.Unidades,1,FALSE))),\"Unid. Não Disp\",\n\" \"))))))))))))))))","v":{"$error":"#NAME?"}},{"$f":"IF(C52<=CRONO.NivelExibicao,MAX($AD$15:OFFSET(AD52,-1,0))+IF($C52<>1,1,MAX(1,COUNTIF(QCI!$A$13:$A$24,OFFSET($E52,-1,0)))),\"\")","v":""},{"$f":"IF(AND($C52=\"S\",ORÇAMENTO.CodBarra<>\"\"),IF(ORÇAMENTO.Fonte=\"\",ORÇAMENTO.CodBarra,CONCATENATE(ORÇAMENTO.Fonte,\" \",ORÇAMENTO.CodBarra)))","v":false},{"$f":"IF(ISERROR(INDIRECT(ORÇAMENTO.BancoRef)),\"(abra o arquivo 'Referência \"&Excel_BuiltIn_Database&\".xlsm)\",IF(OR($C52<>\"S\",ORÇAMENTO.CodBarra=\"\"),\"(Sem Código)\",IF(ISERROR(MATCH($AE52,INDIRECT(ORÇAMENTO.BancoRef),0)),\"(Código não identificado nas referências)\",MATCH($AE52,INDIRECT(ORÇAMENTO.BancoRef),0))))","v":"(Sem Código)"},{"$f":"ROUND(IF(DESONERACAO=\"sim\",REFERENCIA.Desonerado,REFERENCIA.NaoDesonerado),2)","v":0},0.26,null,null,null,null,0,0]
["S",3,"S",0,{"$f":"IF($C53=1,OFFSET(E53,-1,0)+MAX(1,COUNTIF(QCI!$A$13:$A$24,OFFSET(ORÇAMENTO!E53,-1,0))),OFFSET(E53,-1,0))","v":1},2,2,0,10,{"$f":"IF(OR($C53=\"S\",$C53=0),0,MATCH(0,OFFSET($D53,1,$C53,ROW($C$270)-ROW($C53)),0))","v":0},{"$f":"IF(OR($C53=\"S\",$C53=0),0,MATCH(OFFSET($D53,0,$C53)+IF($C53<>1,1,COUNTIF(QCI!$A$13:$A$24,ORÇAMENTO!E53)),OFFSET($D53,1,$C53,ROW($C$270)-ROW($C53)),0))","v":0},"","Serviço","Serviço","-","SINAPI",null,{"$f":"IF($C53=\"S\",REFERENCIA.Descricao,\"(digite a descrição aqui)\")","v":"(Sem Código)"},{"$f":"REFERENCIA.Unidade","v":"-"},{"$f":"OFFSET(CÁLCULO!H$15,ROW($T53)-ROW(T$15),0)","v":0},null,"BDI 1",{"$f":"IF($C53=\"S\",ROUND(IF(TIPOORCAMENTO=\"Proposto\",ORÇAMENTO.CustoUnitario*(1+$AH53),ORÇAMENTO.PrecoUnitarioLicitado),15-13*$AF$10),0)","v":0},{"$f":"IF($C53=\"S\",IF(OR(Import.TipoArredondamento<>\"TransfereGOV\",ACOMPANHAMENTO=\"BM\"),VTOTAL1,SUM(OFFSET(CÁLCULO!$AA$15,ROW($X53)-ROW($X$15),1):OFFSET(CÁLCULO!$AL$15,ROW($X53)-ROW($X$15),-1))),IF($C53=0,0,ROUND(SomaAgrup,15-13*$AF$11)))","v":0},"RA","",{"$f":"IF($C53=\"S\",IF($Z53=\"CP\",$X53,IF($Z53=\"RA\",(($X53)*QCI!$AA$3),0)),SomaAgrup)","v":0},0,{"$f":"IF($N53=\"\",\" \",\nIF(AND($C53<>\"S\",OR($R53=\"\",$R53=\"(digite a descrição aqui)\")),\"DESCRIÇÃO\",\nIF(AND($C53=\"S\",OR($Q53<>\"\",$T53>0,$U53>0),$P53=\"\"),\"FONTE\",\nIF(AND($C53=\"S\",$P53<>\"\",OR($T53>0,$U53>0),$Q53=\"\"),\"CÓDIGO\",\nIF(AND($C53=\"S\",$P53<>\"\",$Q53<>\"\",$R53=\"(Código não identificado nas referências)\"),\"CÓDIGO N/ID\",\nIF(AND($C53=\"S\",OR($R53=\"\",$R53=\"(digite a descrição aqui)\"),OR($Q53<>\"\",$T53>0,$U53>0)),\"DESCRIÇÃO\",\nIF(AND($C53=\"S\",$P53<>\"\",$Q53<>\"\",$S53=\"\"),\"UNIDADE\",\nIF(AND($C53=\"S\",$P53<>\"\",$Q53<>\"\",$U53=0),\"SEM CUSTO\",\nIF(AND(_xlfn.SINGLE(TIPOORCAMENTO)=\"Licitado\",$AL53=0,$AN53>0),\"SEM PREÇO\",\nIF(AND($C53=\"S\",$P53<>\"\",$Q53<>\"\",$U53>0,AND($V53<>\"BDI 1\",$V53<>\"BDI 2\",$V53<>\"BDI 3\")),IF(ISNUMBER($V53),\"JUSTIFICAR BDI\",\"BDI\"),\nIF(OR(AND(import.recurso=\"OGU\",TIPOORCAMENTO=\"Proposto\",LEFT($O$8,5)<>\"(N/D:\",$AG53<>\"\",ORÇAMENTO.CustoUnitario>$AG53),AND(TIPOORCAMENTO=\"LICITADO\",ORÇAMENTO.PrecoUnitarioLicitado>$AN53)),\"ACIMA REF.\",\nIF(AND($C53=\"S\",$P53<>\"\",$Q53<>\"\",$T53=0,$U53>0),\"QUANT.\",\nIF(AND(Import.TipoArredondamento=\"TransfereGOV\",$L53=\"F\",$C53=\"S\",LEN($Q53)>13),\"Código >13\",\nIF(AND(Import.TipoArredondamento=\"TransfereGOV\",$L53=\"F\",$C53<>\"S\",LEN($R53)>100),\"Descrição >100\",\nIF(AND(Import.TipoArredondamento=\"TransfereGOV\",$L53=\"F\",$C53=\"S\",LEN($R53)>500),\"Descrição >500\",\nIF(AND(Import.TipoArredondamento=\"TransfereGOV\",$L53=\"F\",$C53=\"S\",LEFT(TRIM(UPPER($P53)),6)<>\"SINAPI\",ISNA(VLOOKUP(TRIM(UPPER($S53)),ListaTgov.Unidades,1,FALSE))),\"Unid. Não Disp\",\n\" \"))))))))))))))))","v":{"$error":"#NAME?"}},{"$f":"IF(C53<=CRONO.NivelExibicao,MAX($AD$15:OFFSET(AD53,-1,0))+IF($C53<>1,1,MAX(1,COUNTIF(QCI!$A$13:$A$24,OFFSET($E53,-1,0)))),\"\")","v":""},{"$f":"IF(AND($C53=\"S\",ORÇAMENTO.CodBarra<>\"\"),IF(ORÇAMENTO.Fonte=\"\",ORÇAMENTO.CodBarra,CONCATENATE(ORÇAMENTO.Fonte,\" \",ORÇAMENTO.CodBarra)))","v":false},{"$f":"IF(ISERROR(INDIRECT(ORÇAMENTO.BancoRef)),\"(abra o arquivo 'Referência \"&Excel_BuiltIn_Database&\".xlsm)\",IF(OR($C53<>\"S\",ORÇAMENTO.CodBarra=\"\"),\"(Sem Código)\",IF(ISERROR(MATCH($AE53,INDIRECT(ORÇAMENTO.BancoRef),0)),\"(Código não identificado nas referências)\",MATCH($AE53,INDIRECT(ORÇAMENTO.BancoRef),0))))","v":"(Sem Código)"},{"$f":"ROUND(IF(DESONERACAO=\"sim\",REFERENCIA.Desonerado,REFERENCIA.NaoDesonerado),2)","v":0},0.26,null,null,null,null,0,0]
["S",3,"S",0,{"$f":"IF($C54=1,OFFSET(E54,-1,0)+MAX(1,COUNTIF(QCI!$A$13:$A$24,OFFSET(ORÇAMENTO!E54,-1,0))),OFFSET(E54,-1,0))","v":1},2,2,0,10,0,{"$f":"IF(OR($C54=\"S\",$C54=0),0,MATCH(OFFSET($D54,0,$C54)+IF($C54<>1,1,COUNTIF(QCI!$A$13:$A$24,ORÇAMENTO!E54)),OFFSET($D54,1,$C54,ROW($C$270)-ROW($C54)),0))","v":0},"","Serviço","Serviço","-","SINAPI",null,{"$f":"IF($C54=\"S\",REFERENCIA.Descricao,\"(digite a descrição aqui)\")","v":"(Sem Código)"},{"$f":"REFERENCIA.Unidade","v":"-"},{"$f":"OFFSET(CÁLCULO!H$15,ROW($T54)-ROW(T$15),0)","v":0},null,"BDI 1",{"$f":"IF($C54=\"S\",ROUND(IF(TIPOORCAMENTO=\"Proposto\",ORÇAMENTO.CustoUnitario*(1+$AH54),ORÇAMENTO.PrecoUnitarioLicitado),15-13*$AF$10),0)","v":0},{"$f":"IF($C54=\"S\",IF(OR(Import.TipoArredondamento<>\"TransfereGOV\",ACOMPANHAMENTO=\"BM\"),VTOTAL1,SUM(OFFSET(CÁLCULO!$AA$15,ROW($X54)-ROW($X$15),1):OFFSET(CÁLCULO!$AL$15,ROW($X54)-ROW($X$15),-1))),IF($C54=0,0,ROUND(SomaAgrup,15-13*$AF$11)))","v":0},"RA","",{"$f":"IF($C54=\"S\",IF($Z54=\"CP\",$X54,IF($Z54=\"RA\",(($X54)*QCI!$AA$3),0)),SomaAgrup)","v":0},0,{"$f":"IF($N54=\"\",\" \",\nIF(AND($C54<>\"S\",OR($R54=\"\",$R54=\"(digite a descrição aqui)\")),\"DESCRIÇÃO\",\nIF(AND($C54=\"S\",OR($Q54<>\"\",$T54>0,$U54>0),$P54=\"\"),\"FONTE\",\nIF(AND($C54=\"S\",$P54<>\"\",OR($T54>0,$U54>0),$Q54=\"\"),\"CÓDIGO\",\nIF(AND($C54=\"S\",$P54<>\"\",$Q54<>\"\",$R54=\"(Código não identificado nas referências)\"),\"CÓDIGO N/ID\",\nIF(AND($C54=\"S\",OR($R54=\"\",$R54=\"(digite a descrição aqui)\"),OR($Q54<>\"\",$T54>0,$U54>0)),\"DESCRIÇÃO\",\nIF(AND($C54=\"S\",$P54<>\"\",$Q54<>\"\",$S54=\"\"),\"UNIDADE\",\nIF(AND($C54=\"S\",$P54<>\"\",$Q54<>\"\",$U54=0),\"SEM CUSTO\",\nIF(AND(_xlfn.SINGLE(TIPOORCAMENTO)=\"Licitado\",$AL54=0,$AN54>0),\"SEM PREÇO\",\nIF(AND($C54=\"S\",$P54<>\"\",$Q54<>\"\",$U54>0,AND($V54<>\"BDI 1\",$V54<>\"BDI 2\",$V54<>\"BDI 3\")),IF(ISNUMBER($V54),\"JUSTIFICAR BDI\",\"BDI\"),\nIF(OR(AND(import.recurso=\"OGU\",TIPOORCAMENTO=\"Proposto\",LEFT($O$8,5)<>\"(N/D:\",$AG54<>\"\",ORÇAMENTO.CustoUnitario>$AG54),AND(TIPOORCAMENTO=\"LICITADO\",ORÇAMENTO.PrecoUnitarioLicitado>$AN54)),\"ACIMA REF.\",\nIF(AND($C54=\"S\",$P54<>\"\",$Q54<>\"\",$T54=0,$U54>0),\"QUANT.\",\nIF(AND(Import.TipoArredondamento=\"TransfereGOV\",$L54=\"F\",$C54=\"S\",LEN($Q54)>13),\"Código >13\",\nIF(AND(Import.TipoArredondamento=\"TransfereGOV\",$L54=\"F\",$C54<>\"S\",LEN($R54)>100),\"Descrição >100\",\nIF(AND(Import.TipoArredondamento=\"TransfereGOV\",$L54=\"F\",$C54=\"S\",LEN($R54)>500),\"Descrição >500\",\nIF(AND(Import.TipoArredondamento=\"TransfereGOV\",$L54=\"F\",$C54=\"S\",LEFT(TRIM(UPPER($P54)),6)<>\"SINAPI\",ISNA(VLOOKUP(TRIM(UPPER($S54)),ListaTgov.Unidades,1,FALSE))),\"Unid. Não Disp\",\n\" \"))))))))))))))))","v":{"$error":"#NAME?"}},{"$f":"IF(C54<=CRONO.NivelExibicao,MAX($AD$15:OFFSET(AD54,-1,0))+IF($C54<>1,1,MAX(1,COUNTIF(QCI!$A$13:$A$24,OFFSET($E54,-1,0)))),\"\")","v":""},{"$f":"IF(AND($C54=\"S\",ORÇAMENTO.CodBarra<>\"\"),IF(ORÇAMENTO.Fonte=\"\",ORÇAMENTO.CodBarra,CONCATENATE(ORÇAMENTO.Fonte,\" \",ORÇAMENTO.CodBarra)))","v":false},{"$f":"IF(ISERROR(INDIRECT(ORÇAMENTO.BancoRef)),\"(abra o arquivo 'Referência \"&Excel_BuiltIn_Database&\".xlsm)\",IF(OR($C54<>\"S\",ORÇAMENTO.CodBarra=\"\"),\"(Sem Código)\",IF(ISERROR(MATCH($AE54,INDIRECT(ORÇAMENTO.BancoRef),0)),\"(Código não identificado nas referências)\",MATCH($AE54,INDIRECT(ORÇAMENTO.BancoRef),0))))","v":"(Sem Código)"},{"$f":"ROUND(IF(DESONERACAO=\"sim\",REFERENCIA.Desonerado,REFERENCIA.NaoDesonerado),2)","v":0},0.26,null,null,null,null,0,0]
["S",3,"S",0,{"$f":"IF($C55=1,OFFSET(E55,-1,0)+MAX(1,COUNTIF(QCI!$A$13:$A$24,OFFSET(ORÇAMENTO!E55,-1,0))),OFFSET(E55,-1,0))","v":1},2,2,0,10,0,{"$f":"IF(OR($C55=\"S\",$C55=0),0,MATCH(OFFSET($D55,0,$C55)+IF($C55<>1,1,COUNTIF(QCI!$A$13:$A$24,ORÇAMENTO!E55)),OFFSET($D55,1,$C55,ROW($C$270)-ROW($C55)),0))","v":0},"","Serviço","Serviço","-","SINAPI",null,{"$f":"IF($C55=\"S\",REFERENCIA.Descricao,\"(digite a descrição aqui)\")","v":"(Sem Código)"},{"$f":"REFERENCIA.Unidade","v":"-"},{"$f":"OFFSET(CÁLCULO!H$15,ROW($T55)-ROW(T$15),0)","v":0},null,"BDI 1",{"$f":"IF($C55=\"S\",ROUND(IF(TIPOORCAMENTO=\"Proposto\",ORÇAMENTO.CustoUnitario*(1+$AH55),ORÇAMENTO.PrecoUnitarioLicitado),15-13*$AF$10),0)","v":0},{"$f":"IF($C55=\"S\",IF(OR(Import.TipoArredondamento<>\"TransfereGOV\",ACOMPANHAMENTO=\"BM\"),VTOTAL1,SUM(OFFSET(CÁLCULO!$AA$15,ROW($X55)-ROW($X$15),1):OFFSET(CÁLCULO!$AL$15,ROW($X55)-ROW($X$15),-1))),IF($C55=0,0,ROUND(SomaAgrup,15-13*$AF$11)))","v":0},"RA","",{"$f":"IF($C55=\"S\",IF($Z55=\"CP\",$X55,IF($Z55=\"RA\",(($X55)*QCI!$AA$3),0)),SomaAgrup)","v":0},0,{"$f":"IF($N55=\"\",\" \",\nIF(AND($C55<>\"S\",OR($R55=\"\",$R55=\"(digite a descrição aqui)\")),\"DESCRIÇÃO\",\nIF(AND($C55=\"S\",OR($Q55<>\"\",$T55>0,$U55>0),$P55=\"\"),\"FONTE\",\nIF(AND($C55=\"S\",$P55<>\"\",OR($T55>0,$U55>0),$Q55=\"\"),\"CÓDIGO\",\nIF(AND($C55=\"S\",$P55<>\"\",$Q55<>\"\",$R55=\"(Código não identificado nas referências)\"),\"CÓDIGO N/ID\",\nIF(AND($C55=\"S\",OR($R55=\"\",$R55=\"(digite a descrição aqui)\"),OR($Q55<>\"\",$T55>0,$U55>0)),\"DESCRIÇÃO\",\nIF(AND($C55=\"S\",$P55<>\"\",$Q55<>\"\",$S55=\"\"),\"UNIDADE\",\nIF(AND($C55=\"S\",$P55<>\"\",$Q55<>\"\",$U55=0),\"SEM CUSTO\",\nIF(AND(_xlfn.SINGLE(TIPOORCAMENTO)=\"Licitado\",$AL55=0,$AN55>0),\"SEM PREÇO\",\nIF(AND($C55=\"S\",$P55<>\"\",$Q55<>\"\",$U55>0,AND($V55<>\"BDI 1\",$V55<>\"BDI 2\",$V55<>\"BDI 3\")),IF(ISNUMBER($V55),\"JUSTIFICAR BDI\",\"BDI\"),\nIF(OR(AND(import.recurso=\"OGU\",TIPOORCAMENTO=\"Proposto\",LEFT($O$8,5)<>\"(N/D:\",$AG55<>\"\",ORÇAMENTO.CustoUnitario>$AG55),AND(TIPOORCAMENTO=\"LICITADO\",ORÇAMENTO.PrecoUnitarioLicitado>$AN55)),\"ACIMA REF.\",\nIF(AND($C55=\"S\",$P55<>\"\",$Q55<>\"\",$T55=0,$U55>0),\"QUANT.\",\nIF(AND(Import.TipoArredondamento=\"TransfereGOV\",$L55=\"F\",$C55=\"S\",LEN($Q55)>13),\"Código >13\",\nIF(AND(Import.TipoArredondamento=\"TransfereGOV\",$L55=\"F\",$C55<>\"S\",LEN($R55)>100),\"Descrição >100\",\nIF(AND(Import.TipoArredondamento=\"TransfereGOV\",$L55=\"F\",$C55=\"S\",LEN($R55)>500),\"Descrição >500\",\nIF(AND(Import.TipoArredondamento=\"TransfereGOV\",$L55=\"F\",$C55=\"S\",LEFT(TRIM(UPPER($P55)),6)<>\"SINAPI\",ISNA(VLOOKUP(TRIM(UPPER($S55)),ListaTgov.Unidades,1,FALSE))),\"Unid. Não Disp\",\n\" \"))))))))))))))))","v":{"$error":"#NAME?"}},{"$f":"IF(C55<=CRONO.NivelExibicao,MAX($AD$15:OFFSET(AD55,-1,0))+IF($C55<>1,1,MAX(1,COUNTIF(QCI!$A$13:$A$24,OFFSET($E55,-1,0)))),\"\")","v":""},{"$f":"IF(AND($C55=\"S\",ORÇAMENTO.CodBarra<>\"\"),IF(ORÇAMENTO.Fonte=\"\",ORÇAMENTO.CodBarra,CONCATENATE(ORÇAMENTO.Fonte,\" \",ORÇAMENTO.CodBarra)))","v":false},{"$f":"IF(ISERROR(INDIRECT(ORÇAMENTO.BancoRef)),\"(abra o arquivo 'Referência \"&Excel_BuiltIn_Database&\".xlsm)\",IF(OR($C55<>\"S\",ORÇAMENTO.CodBarra=\"\"),\"(Sem Código)\",IF(ISERROR(MATCH($AE55,INDIRECT(ORÇAMENTO.BancoRef),0)),\"(Código não identificado nas referências)\",MATCH($AE55,INDIRECT(ORÇAMENTO.BancoRef),0))))","v":"(Sem Código)"},{"$f":"ROUND(IF(DESONERACAO=\"sim\",REFERENCIA.Desonerado,REFERENCIA.NaoDesonerado),2)","v":0},0.26,null,null,null,null,0,0]
["S",3,"S",0,{"$f":"IF($C56=1,OFFSET(E56,-1,0)+MAX(1,COUNTIF(QCI!$A$13:$A$24,OFFSET(ORÇAMENTO!E56,-1,0))),OFFSET(E56,-1,0))","v":1},2,2,0,10,0,{"$f":"IF(OR($C56=\"S\",$C56=0),0,MATCH(OFFSET($D56,0,$C56)+IF($C56<>1,1,COUNTIF(QCI!$A$13:$A$24,ORÇAMENTO!E56)),OFFSET($D56,1,$C56,ROW($C$270)-ROW($C56)),0))","v":0},"","Serviço","Serviço","-","SINAPI",null,{"$f":"IF($C56=\"S\",REFERENCIA.Descricao,\"(digite a descrição aqui)\")","v":"(Sem Código)"},{"$f":"REFERENCIA.Unidade","v":"-"},{"$f":"OFFSET(CÁLCULO!H$15,ROW($T56)-ROW(T$15),0)","v":0},null,"BDI 1",{"$f":"IF($C56=\"S\",ROUND(IF(TIPOORCAMENTO=\"Proposto\",ORÇAMENTO.CustoUnitario*(1+$AH56),ORÇAMENTO.PrecoUnitarioLicitado),15-13*$AF$10),0)","v":0},{"$f":"IF($C56=\"S\",IF(OR(Import.TipoArredondamento<>\"TransfereGOV\",ACOMPANHAMENTO=\"BM\"),VTOTAL1,SUM(OFFSET(CÁLCULO!$AA$15,ROW($X56)-ROW($X$15),1):OFFSET(CÁLCULO!$AL$15,ROW($X56)-ROW($X$15),-1))),IF($C56=0,0,ROUND(SomaAgrup,15-13*$AF$11)))","v":0},"RA","",{"$f":"IF($C56=\"S\",IF($Z56=\"CP\",$X56,IF($Z56=\"RA\",(($X56)*QCI!$AA$3),0)),SomaAgrup)","v":0},0,{"$f":"IF($N56=\"\",\" \",\nIF(AND($C56<>\"S\",OR($R56=\"\",$R56=\"(digite a descrição aqui)\")),\"DESCRIÇÃO\",\nIF(AND($C56=\"S\",OR($Q56<>\"\",$T56>0,$U56>0),$P56=\"\"),\"FONTE\",\nIF(AND($C56=\"S\",$P56<>\"\",OR($T56>0,$U56>0),$Q56=\"\"),\"CÓDIGO\",\nIF(AND($C56=\"S\",$P56<>\"\",$Q56<>\"\",$R56=\"(Código não identificado nas referências)\"),\"CÓDIGO N/ID\",\nIF(AND($C56=\"S\",OR($R56=\"\",$R56=\"(digite a descrição aqui)\"),OR($Q56<>\"\",$T56>0,$U56>0)),\"DESCRIÇÃO\",\nIF(AND($C56=\"S\",$P56<>\"\",$Q56<>\"\",$S56=\"\"),\"UNIDADE\",\nIF(AND($C56=\"S\",$P56<>\"\",$Q56<>\"\",$U56=0),\"SEM CUSTO\",\nIF(AND(_xlfn.SINGLE(TIPOORCAMENTO)=\"Licitado\",$AL56=0,$AN56>0),\"SEM PREÇO\",\nIF(AND($C56=\"S\",$P56<>\"\",$Q56<>\"\",$U56>0,AND($V56<>\"BDI 1\",$V56<>\"BDI 2\",$V56<>\"BDI 3\")),IF(ISNUMBER($V56),\"JUSTIFICAR BDI\",\"BDI\"),\nIF(OR(AND(import.recurso=\"OGU\",TIPOORCAMENTO=\"Proposto\",LEFT($O$8,5)<>\"(N/D:\",$AG56<>\"\",ORÇAMENTO.CustoUnitario>$AG56),AND(TIPOORCAMENTO=\"LICITADO\",ORÇAMENTO.PrecoUnitarioLicitado>$AN56)),\"ACIMA REF.\",\nIF(AND($C56=\"S\",$P56<>\"\",$Q56<>\"\",$T56=0,$U56>0),\"QUANT.\",\nIF(AND(Import.TipoArredondamento=\"TransfereGOV\",$L56=\"F\",$C56=\"S\",LEN($Q56)>13),\"Código >13\",\nIF(AND(Import.TipoArredondamento=\"TransfereGOV\",$L56=\"F\",$C56<>\"S\",LEN($R56)>100),\"Descrição >100\",\nIF(AND(Import.TipoArredondamento=\"TransfereGOV\",$L56=\"F\",$C56=\"S\",LEN($R56)>500),\"Descrição >500\",\nIF(AND(Import.TipoArredondamento=\"TransfereGOV\",$L56=\"F\",$C56=\"S\",LEFT(TRIM(UPPER($P56)),6)<>\"SINAPI\",ISNA(VLOOKUP(TRIM(UPPER($S56)),ListaTgov.Unidades,1,FALSE))),\"Unid. Não Disp\",\n\" \"))))))))))))))))","v":{"$error":"#NAME?"}},{"$f":"IF(C56<=CRONO.NivelExibicao,MAX($AD$15:OFFSET(AD56,-1,0))+IF($C56<>1,1,MAX(1,COUNTIF(QCI!$A$13:$A$24,OFFSET($E56,-1,0)))),\"\")","v":""},{"$f":"IF(AND($C56=\"S\",ORÇAMENTO.CodBarra<>\"\"),IF(ORÇAMENTO.Fonte=\"\",ORÇAMENTO.CodBarra,CONCATENATE(ORÇAMENTO.Fonte,\" \",ORÇAMENTO.CodBarra)))","v":false},{"$f":"IF(ISERROR(INDIRECT(ORÇAMENTO.BancoRef)),\"(abra o arquivo 'Referência \"&Excel_BuiltIn_Database&\".xlsm)\",IF(OR($C56<>\"S\",ORÇAMENTO.CodBarra=\"\"),\"(Sem Código)\",IF(ISERROR(MATCH($AE56,INDIRECT(ORÇAMENTO.BancoRef),0)),\"(Código não identificado nas referências)\",MATCH($AE56,INDIRECT(ORÇAMENTO.BancoRef),0))))","v":"(Sem Código)"},{"$f":"ROUND(IF(DESONERACAO=\"sim\",REFERENCIA.Desonerado,REFERENCIA.NaoDesonerado),2)","v":0},0.26,null,null,null,null,0,0]
["S",3,"S",0,{"$f":"IF($C57=1,OFFSET(E57,-1,0)+MAX(1,COUNTIF(QCI!$A$13:$A$24,OFFSET(ORÇAMENTO!E57,-1,0))),OFFSET(E57,-1,0))","v":1},2,2,0,10,0,{"$f":"IF(OR($C57=\"S\",$C57=0),0,MATCH(OFFSET($D57,0,$C57)+IF($C57<>1,1,COUNTIF(QCI!$A$13:$A$24,ORÇAMENTO!E57)),OFFSET($D57,1,$C57,ROW($C$270)-ROW($C57)),0))","v":0},"","Serviço","Serviço","-","SINAPI",null,{"$f":"IF($C57=\"S\",REFERENCIA.Descricao,\"(digite a descrição aqui)\")","v":"(Sem Código)"},{"$f":"REFERENCIA.Unidade","v":"-"},{"$f":"OFFSET(CÁLCULO!H$15,ROW($T57)-ROW(T$15),0)","v":0},null,"BDI 1",{"$f":"IF($C57=\"S\",ROUND(IF(TIPOORCAMENTO=\"Proposto\",ORÇAMENTO.CustoUnitario*(1+$AH57),ORÇAMENTO.PrecoUnitarioLicitado),15-13*$AF$10),0)","v":0},{"$f":"IF($C57=\"S\",IF(OR(Import.TipoArredondamento<>\"TransfereGOV\",ACOMPANHAMENTO=\"BM\"),VTOTAL1,SUM(OFFSET(CÁLCULO!$AA$15,ROW($X57)-ROW($X$15),1):OFFSET(CÁLCULO!$AL$15,ROW($X57)-ROW($X$15),-1))),IF($C57=0,0,ROUND(SomaAgrup,15-13*$AF$11)))","v":0},"RA","",{"$f":"IF($C57=\"S\",IF($Z57=\"CP\",$X57,IF($Z57=\"RA\",(($X57)*QCI!$AA$3),0)),SomaAgrup)","v":0},0,{"$f":"IF($N57=\"\",\" \",\nIF(AND($C57<>\"S\",OR($R57=\"\",$R57=\"(digite a descrição aqui)\")),\"DESCRIÇÃO\",\nIF(AND($C57=\"S\",OR($Q57<>\"\",$T57>0,$U57>0),$P57=\"\"),\"FONTE\",\nIF(AND($C57=\"S\",$P57<>\"\",OR($T57>0,$U57>0),$Q57=\"\"),\"CÓDIGO\",\nIF(AND($C57=\"S\",$P57<>\"\",$Q57<>\"\",$R57=\"(Código não identificado nas referências)\"),\"CÓDIGO N/ID\",\nIF(AND($C57=\"S\",OR($R57=\"\",$R57=\"(digite a descrição aqui)\"),OR($Q57<>\"\",$T57>0,$U57>0)),\"DESCRIÇÃO\",\nIF(AND($C57=\"S\",$P57<>\"\",$Q57<>\"\",$S57=\"\"),\"UNIDADE\",\nIF(AND($C57=\"S\",$P57<>\"\",$Q57<>\"\",$U57=0),\"SEM CUSTO\",\nIF(AND(_xlfn.SINGLE(TIPOORCAMENTO)=\"Licitado\",$AL57=0,$AN57>0),\"SEM PREÇO\",\nIF(AND($C57=\"S\",$P57<>\"\",$Q57<>\"\",$U57>0,AND($V57<>\"BDI 1\",$V57<>\"BDI 2\",$V57<>\"BDI 3\")),IF(ISNUMBER($V57),\"JUSTIFICAR BDI\",\"BDI\"),\nIF(OR(AND(import.recurso=\"OGU\",TIPOORCAMENTO=\"Proposto\",LEFT($O$8,5)<>\"(N/D:\",$AG57<>\"\",ORÇAMENTO.CustoUnitario>$AG57),AND(TIPOORCAMENTO=\"LICITADO\",ORÇAMENTO.PrecoUnitarioLicitado>$AN57)),\"ACIMA REF.\",\nIF(AND($C57=\"S\",$P57<>\"\",$Q57<>\"\",$T57=0,$U57>0),\"QUANT.\",\nIF(AND(Import.TipoArredondamento=\"TransfereGOV\",$L57=\"F\",$C57=\"S\",LEN($Q57)>13),\"Código >13\",\nIF(AND(Import.TipoArredondamento=\"TransfereGOV\",$L57=\"F\",$C57<>\"S\",LEN($R57)>100),\"Descrição >100\",\nIF(AND(Import.TipoArredondamento=\"TransfereGOV\",$L57=\"F\",$C57=\"S\",LEN($R57)>500),\"Descrição >500\",\nIF(AND(Import.TipoArredondamento=\"TransfereGOV\",$L57=\"F\",$C57=\"S\",LEFT(TRIM(UPPER($P57)),6)<>\"SINAPI\",ISNA(VLOOKUP(TRIM(UPPER($S57)),ListaTgov.Unidades,1,FALSE))),\"Unid. Não Disp\",\n\" \"))))))))))))))))","v":{"$error":"#NAME?"}},{"$f":"IF(C57<=CRONO.NivelExibicao,MAX($AD$15:OFFSET(AD57,-1,0))+IF($C57<>1,1,MAX(1,COUNTIF(QCI!$A$13:$A$24,OFFSET($E57,-1,0)))),\"\")","v":""},{"$f":"IF(AND($C57=\"S\",ORÇAMENTO.CodBarra<>\"\"),IF(ORÇAMENTO.Fonte=\"\",ORÇAMENTO.CodBarra,CONCATENATE(ORÇAMENTO.Fonte,\" \",ORÇAMENTO.CodBarra)))","v":false},{"$f":"IF(ISERROR(INDIRECT(ORÇAMENTO.BancoRef)),\"(abra o arquivo 'Referência \"&Excel_BuiltIn_Database&\".xlsm)\",IF(OR($C57<>\"S\",ORÇAMENTO.CodBarra=\"\"),\"(Sem Código)\",IF(ISERROR(MATCH($AE57,INDIRECT(ORÇAMENTO.BancoRef),0)),\"(Código não identificado nas referências)\",MATCH($AE57,INDIRECT(ORÇAMENTO.BancoRef),0))))","v":"(Sem Código)"},{"$f":"ROUND(IF(DESONERACAO=\"sim\",REFERENCIA.Desonerado,REFERENCIA.NaoDesonerado),2)","v":0},0.26,null,null,null,null,0,0]
["S",3,"S",0,{"$f":"IF($C58=1,OFFSET(E58,-1,0)+MAX(1,COUNTIF(QCI!$A$13:$A$24,OFFSET(ORÇAMENTO!E58,-1,0))),OFFSET(E58,-1,0))","v":1},2,2,0,10,0,{"$f":"IF(OR($C58=\"S\",$C58=0),0,MATCH(OFFSET($D58,0,$C58)+IF($C58<>1,1,COUNTIF(QCI!$A$13:$A$24,ORÇAMENTO!E58)),OFFSET($D58,1,$C58,ROW($C$270)-ROW($C58)),0))","v":0},"","Serviço","Serviço","-","SINAPI",null,{"$f":"IF($C58=\"S\",REFERENCIA.Descricao,\"(digite a descrição aqui)\")","v":"(Sem Código)"},{"$f":"REFERENCIA.Unidade","v":"-"},{"$f":"OFFSET(CÁLCULO!H$15,ROW($T58)-ROW(T$15),0)","v":0},null,"BDI 1",{"$f":"IF($C58=\"S\",ROUND(IF(TIPOORCAMENTO=\"Proposto\",ORÇAMENTO.CustoUnitario*(1+$AH58),ORÇAMENTO.PrecoUnitarioLicitado),15-13*$AF$10),0)","v":0},{"$f":"IF($C58=\"S\",IF(OR(Import.TipoArredondamento<>\"TransfereGOV\",ACOMPANHAMENTO=\"BM\"),VTOTAL1,SUM(OFFSET(CÁLCULO!$AA$15,ROW($X58)-ROW($X$15),1):OFFSET(CÁLCULO!$AL$15,ROW($X58)-ROW($X$15),-1))),IF($C58=0,0,ROUND(SomaAgrup,15-13*$AF$11)))","v":0},"RA","",{"$f":"IF($C58=\"S\",IF($Z58=\"CP\",$X58,IF($Z58=\"RA\",(($X58)*QCI!$AA$3),0)),SomaAgrup)","v":0},0,{"$f":"IF($N58=\"\",\" \",\nIF(AND($C58<>\"S\",OR($R58=\"\",$R58=\"(digite a descrição aqui)\")),\"DESCRIÇÃO\",\nIF(AND($C58=\"S\",OR($Q58<>\"\",$T58>0,$U58>0),$P58=\"\"),\"FONTE\",\nIF(AND($C58=\"S\",$P58<>\"\",OR($T58>0,$U58>0),$Q58=\"\"),\"CÓDIGO\",\nIF(AND($C58=\"S\",$P58<>\"\",$Q58<>\"\",$R58=\"(Código não identificado nas referências)\"),\"CÓDIGO N/ID\",\nIF(AND($C58=\"S\",OR($R58=\"\",$R58=\"(digite a descrição aqui)\"),OR($Q58<>\"\",$T58>0,$U58>0)),\"DESCRIÇÃO\",\nIF(AND($C58=\"S\",$P58<>\"\",$Q58<>\"\",$S58=\"\"),\"UNIDADE\",\nIF(AND($C58=\"S\",$P58<>\"\",$Q58<>\"\",$U58=0),\"SEM CUSTO\",\nIF(AND(_xlfn.SINGLE(TIPOORCAMENTO)=\"Licitado\",$AL58=0,$AN58>0),\"SEM PREÇO\",\nIF(AND($C58=\"S\",$P58<>\"\",$Q58<>\"\",$U58>0,AND($V58<>\"BDI 1\",$V58<>\"BDI 2\",$V58<>\"BDI 3\")),IF(ISNUMBER($V58),\"JUSTIFICAR BDI\",\"BDI\"),\nIF(OR(AND(import.recurso=\"OGU\",TIPOORCAMENTO=\"Proposto\",LEFT($O$8,5)<>\"(N/D:\",$AG58<>\"\",ORÇAMENTO.CustoUnitario>$AG58),AND(TIPOORCAMENTO=\"LICITADO\",ORÇAMENTO.PrecoUnitarioLicitado>$AN58)),\"ACIMA REF.\",\nIF(AND($C58=\"S\",$P58<>\"\",$Q58<>\"\",$T58=0,$U58>0),\"QUANT.\",\nIF(AND(Import.TipoArredondamento=\"TransfereGOV\",$L58=\"F\",$C58=\"S\",LEN($Q58)>13),\"Código >13\",\nIF(AND(Import.TipoArredondamento=\"TransfereGOV\",$L58=\"F\",$C58<>\"S\",LEN($R58)>100),\"Descrição >100\",\nIF(AND(Import.TipoArredondamento=\"TransfereGOV\",$L58=\"F\",$C58=\"S\",LEN($R58)>500),\"Descrição >500\",\nIF(AND(Import.TipoArredondamento=\"TransfereGOV\",$L58=\"F\",$C58=\"S\",LEFT(TRIM(UPPER($P58)),6)<>\"SINAPI\",ISNA(VLOOKUP(TRIM(UPPER($S58)),ListaTgov.Unidades,1,FALSE))),\"Unid. Não Disp\",\n\" \"))))))))))))))))","v":{"$error":"#NAME?"}},{"$f":"IF(C58<=CRONO.NivelExibicao,MAX($AD$15:OFFSET(AD58,-1,0))+IF($C58<>1,1,MAX(1,COUNTIF(QCI!$A$13:$A$24,OFFSET($E58,-1,0)))),\"\")","v":""},{"$f":"IF(AND($C58=\"S\",ORÇAMENTO.CodBarra<>\"\"),IF(ORÇAMENTO.Fonte=\"\",ORÇAMENTO.CodBarra,CONCATENATE(ORÇAMENTO.Fonte,\" \",ORÇAMENTO.CodBarra)))","v":false},{"$f":"IF(ISERROR(INDIRECT(ORÇAMENTO.BancoRef)),\"(abra o arquivo 'Referência \"&Excel_BuiltIn_Database&\".xlsm)\",IF(OR($C58<>\"S\",ORÇAMENTO.CodBarra=\"\"),\"(Sem Código)\",IF(ISERROR(MATCH($AE58,INDIRECT(ORÇAMENTO.BancoRef),0)),\"(Código não identificado nas referências)\",MATCH($AE58,INDIRECT(ORÇAMENTO.BancoRef),0))))","v":"(Sem Código)"},{"$f":"ROUND(IF(DESONERACAO=\"sim\",REFERENCIA.Desonerado,REFERENCIA.NaoDesonerado),2)","v":0},0.26,null,null,null,null,0,0]
["S",3,"S",0,{"$f":"IF($C59=1,OFFSET(E59,-1,0)+MAX(1,COUNTIF(QCI!$A$13:$A$24,OFFSET(ORÇAMENTO!E59,-1,0))),OFFSET(E59,-1,0))","v":1},2,2,0,10,0,{"$f":"IF(OR($C59=\"S\",$C59=0),0,MATCH(OFFSET($D59,0,$C59)+IF($C59<>1,1,COUNTIF(QCI!$A$13:$A$24,ORÇAMENTO!E59)),OFFSET($D59,1,$C59,ROW($C$270)-ROW($C59)),0))","v":0},"","Serviço","Serviço","-","SINAPI",null,{"$f":"IF($C59=\"S\",REFERENCIA.Descricao,\"(digite a descrição aqui)\")","v":"(Sem Código)"},{"$f":"REFERENCIA.Unidade","v":"-"},{"$f":"OFFSET(CÁLCULO!H$15,ROW($T59)-ROW(T$15),0)","v":0},null,"BDI 1",{"$f":"IF($C59=\"S\",ROUND(IF(TIPOORCAMENTO=\"Proposto\",ORÇAMENTO.CustoUnitario*(1+$AH59),ORÇAMENTO.PrecoUnitarioLicitado),15-13*$AF$10),0)","v":0},{"$f":"IF($C59=\"S\",IF(OR(Import.TipoArredondamento<>\"TransfereGOV\",ACOMPANHAMENTO=\"BM\"),VTOTAL1,SUM(OFFSET(CÁLCULO!$AA$15,ROW($X59)-ROW($X$15),1):OFFSET(CÁLCULO!$AL$15,ROW($X59)-ROW($X$15),-1))),IF($C59=0,0,ROUND(SomaAgrup,15-13*$AF$11)))","v":0},"RA","",{"$f":"IF($C59=\"S\",IF($Z59=\"CP\",$X59,IF($Z59=\"RA\",(($X59)*QCI!$AA$3),0)),SomaAgrup)","v":0},0,{"$f":"IF($N59=\"\",\" \",\nIF(AND($C59<>\"S\",OR($R59=\"\",$R59=\"(digite a descrição aqui)\")),\"DESCRIÇÃO\",\nIF(AND($C59=\"S\",OR($Q59<>\"\",$T59>0,$U59>0),$P59=\"\"),\"FONTE\",\nIF(AND($C59=\"S\",$P59<>\"\",OR($T59>0,$U59>0),$Q59=\"\"),\"CÓDIGO\",\nIF(AND($C59=\"S\",$P59<>\"\",$Q59<>\"\",$R59=\"(Código não identificado nas referências)\"),\"CÓDIGO N/ID\",\nIF(AND($C59=\"S\",OR($R59=\"\",$R59=\"(digite a descrição aqui)\"),OR($Q59<>\"\",$T59>0,$U59>0)),\"DESCRIÇÃO\",\nIF(AND($C59=\"S\",$P59<>\"\",$Q59<>\"\",$S59=\"\"),\"UNIDADE\",\nIF(AND($C59=\"S\",$P59<>\"\",$Q59<>\"\",$U59=0),\"SEM CUSTO\",\nIF(AND(_xlfn.SINGLE(TIPOORCAMENTO)=\"Licitado\",$AL59=0,$AN59>0),\"SEM PREÇO\",\nIF(AND($C59=\"S\",$P59<>\"\",$Q59<>\"\",$U59>0,AND($V59<>\"BDI 1\",$V59<>\"BDI 2\",$V59<>\"BDI 3\")),IF(ISNUMBER($V59),\"JUSTIFICAR BDI\",\"BDI\"),\nIF(OR(AND(import.recurso=\"OGU\",TIPOORCAMENTO=\"Proposto\",LEFT($O$8,5)<>\"(N/D:\",$AG59<>\"\",ORÇAMENTO.CustoUnitario>$AG59),AND(TIPOORCAMENTO=\"LICITADO\",ORÇAMENTO.PrecoUnitarioLicitado>$AN59)),\"ACIMA REF.\",\nIF(AND($C59=\"S\",$P59<>\"\",$Q59<>\"\",$T59=0,$U59>0),\"QUANT.\",\nIF(AND(Import.TipoArredondamento=\"TransfereGOV\",$L59=\"F\",$C59=\"S\",LEN($Q59)>13),\"Código >13\",\nIF(AND(Import.TipoArredondamento=\"TransfereGOV\",$L59=\"F\",$C59<>\"S\",LEN($R59)>100),\"Descrição >100\",\nIF(AND(Import.TipoArredondamento=\"TransfereGOV\",$L59=\"F\",$C59=\"S\",LEN($R59)>500),\"Descrição >500\",\nIF(AND(Import.TipoArredondamento=\"TransfereGOV\",$L59=\"F\",$C59=\"S\",LEFT(TRIM(UPPER($P59)),6)<>\"SINAPI\",ISNA(VLOOKUP(TRIM(UPPER($S59)),ListaTgov.Unidades,1,FALSE))),\"Unid. Não Disp\",\n\" \"))))))))))))))))","v":{"$error":"#NAME?"}},{"$f":"IF(C59<=CRONO.NivelExibicao,MAX($AD$15:OFFSET(AD59,-1,0))+IF($C59<>1,1,MAX(1,COUNTIF(QCI!$A$13:$A$24,OFFSET($E59,-1,0)))),\"\")","v":""},{"$f":"IF(AND($C59=\"S\",ORÇAMENTO.CodBarra<>\"\"),IF(ORÇAMENTO.Fonte=\"\",ORÇAMENTO.CodBarra,CONCATENATE(ORÇAMENTO.Fonte,\" \",ORÇAMENTO.CodBarra)))","v":false},{"$f":"IF(ISERROR(INDIRECT(ORÇAMENTO.BancoRef)),\"(abra o arquivo 'Referência \"&Excel_BuiltIn_Database&\".xlsm)\",IF(OR($C59<>\"S\",ORÇAMENTO.CodBarra=\"\"),\"(Sem Código)\",IF(ISERROR(MATCH($AE59,INDIRECT(ORÇAMENTO.BancoRef),0)),\"(Código não identificado nas referências)\",MATCH($AE59,INDIRECT(ORÇAMENTO.BancoRef),0))))","v":"(Sem Código)"},{"$f":"ROUND(IF(DESONERACAO=\"sim\",REFERENCIA.Desonerado,REFERENCIA.NaoDesonerado),2)","v":0},0.26,null,null,null,null,0,0]
["S",3,"S",0,{"$f":"IF($C60=1,OFFSET(E60,-1,0)+MAX(1,COUNTIF(QCI!$A$13:$A$24,OFFSET(ORÇAMENTO!E60,-1,0))),OFFSET(E60,-1,0))","v":1},2,2,0,10,0,{"$f":"IF(OR($C60=\"S\",$C60=0),0,MATCH(OFFSET($D60,0,$C60)+IF($C60<>1,1,COUNTIF(QCI!$A$13:$A$24,ORÇAMENTO!E60)),OFFSET($D60,1,$C60,ROW($C$270)-ROW($C60)),0))","v":0},"","Serviço","Serviço","-","SINAPI",null,{"$f":"IF($C60=\"S\",REFERENCIA.Descricao,\"(digite a descrição aqui)\")","v":"(Sem Código)"},{"$f":"REFERENCIA.Unidade","v":"-"},{"$f":"OFFSET(CÁLCULO!H$15,ROW($T60)-ROW(T$15),0)","v":0},null,"BDI 1",{"$f":"IF($C60=\"S\",ROUND(IF(TIPOORCAMENTO=\"Proposto\",ORÇAMENTO.CustoUnitario*(1+$AH60),ORÇAMENTO.PrecoUnitarioLicitado),15-13*$AF$10),0)","v":0},{"$f":"IF($C60=\"S\",IF(OR(Import.TipoArredondamento<>\"TransfereGOV\",ACOMPANHAMENTO=\"BM\"),VTOTAL1,SUM(OFFSET(CÁLCULO!$AA$15,ROW($X60)-ROW($X$15),1):OFFSET(CÁLCULO!$AL$15,ROW($X60)-ROW($X$15),-1))),IF($C60=0,0,ROUND(SomaAgrup,15-13*$AF$11)))","v":0},"RA","",{"$f":"IF($C60=\"S\",IF($Z60=\"CP\",$X60,IF($Z60=\"RA\",(($X60)*QCI!$AA$3),0)),SomaAgrup)","v":0},0,{"$f":"IF($N60=\"\",\" \",\nIF(AND($C60<>\"S\",OR($R60=\"\",$R60=\"(digite a descrição aqui)\")),\"DESCRIÇÃO\",\nIF(AND($C60=\"S\",OR($Q60<>\"\",$T60>0,$U60>0),$P60=\"\"),\"FONTE\",\nIF(AND($C60=\"S\",$P60<>\"\",OR($T60>0,$U60>0),$Q60=\"\"),\"CÓDIGO\",\nIF(AND($C60=\"S\",$P60<>\"\",$Q60<>\"\",$R60=\"(Código não identificado nas referências)\"),\"CÓDIGO N/ID\",\nIF(AND($C60=\"S\",OR($R60=\"\",$R60=\"(digite a descrição aqui)\"),OR($Q60<>\"\",$T60>0,$U60>0)),\"DESCRIÇÃO\",\nIF(AND($C60=\"S\",$P60<>\"\",$Q60<>\"\",$S60=\"\"),\"UNIDADE\",\nIF(AND($C60=\"S\",$P60<>\"\",$Q60<>\"\",$U60=0),\"SEM CUSTO\",\nIF(AND(_xlfn.SINGLE(TIPOORCAMENTO)=\"Licitado\",$AL60=0,$AN60>0),\"SEM PREÇO\",\nIF(AND($C60=\"S\",$P60<>\"\",$Q60<>\"\",$U60>0,AND($V60<>\"BDI 1\",$V60<>\"BDI 2\",$V60<>\"BDI 3\")),IF(ISNUMBER($V60),\"JUSTIFICAR BDI\",\"BDI\"),\nIF(OR(AND(import.recurso=\"OGU\",TIPOORCAMENTO=\"Proposto\",LEFT($O$8,5)<>\"(N/D:\",$AG60<>\"\",ORÇAMENTO.CustoUnitario>$AG60),AND(TIPOORCAMENTO=\"LICITADO\",ORÇAMENTO.PrecoUnitarioLicitado>$AN60)),\"ACIMA REF.\",\nIF(AND($C60=\"S\",$P60<>\"\",$Q60<>\"\",$T60=0,$U60>0),\"QUANT.\",\nIF(AND(Import.TipoArredondamento=\"TransfereGOV\",$L60=\"F\",$C60=\"S\",LEN($Q60)>13),\"Código >13\",\nIF(AND(Import.TipoArredondamento=\"TransfereGOV\",$L60=\"F\",$C60<>\"S\",LEN($R60)>100),\"Descrição >100\",\nIF(AND(Import.TipoArredondamento=\"TransfereGOV\",$L60=\"F\",$C60=\"S\",LEN($R60)>500),\"Descrição >500\",\nIF(AND(Import.TipoArredondamento=\"TransfereGOV\",$L60=\"F\",$C60=\"S\",LEFT(TRIM(UPPER($P60)),6)<>\"SINAPI\",ISNA(VLOOKUP(TRIM(UPPER($S60)),ListaTgov.Unidades,1,FALSE))),\"Unid. Não Disp\",\n\" \"))))))))))))))))","v":{"$error":"#NAME?"}},{"$f":"IF(C60<=CRONO.NivelExibicao,MAX($AD$15:OFFSET(AD60,-1,0))+IF($C60<>1,1,MAX(1,COUNTIF(QCI!$A$13:$A$24,OFFSET($E60,-1,0)))),\"\")","v":""},{"$f":"IF(AND($C60=\"S\",ORÇAMENTO.CodBarra<>\"\"),IF(ORÇAMENTO.Fonte=\"\",ORÇAMENTO.CodBarra,CONCATENATE(ORÇAMENTO.Fonte,\" \",ORÇAMENTO.CodBarra)))","v":false},{"$f":"IF(ISERROR(INDIRECT(ORÇAMENTO.BancoRef)),\"(abra o arquivo 'Referência \"&Excel_BuiltIn_Database&\".xlsm)\",IF(OR($C60<>\"S\",ORÇAMENTO.CodBarra=\"\"),\"(Sem Código)\",IF(ISERROR(MATCH($AE60,INDIRECT(ORÇAMENTO.BancoRef),0)),\"(Código não identificado nas referências)\",MATCH($AE60,INDIRECT(ORÇAMENTO.BancoRef),0))))","v":"(Sem Código)"},{"$f":"ROUND(IF(DESONERACAO=\"sim\",REFERENCIA.Desonerado,REFERENCIA.NaoDesonerado),2)","v":0},0.26,null,null,null,null,0,0]
["S",3,"S",0,{"$f":"IF($C61=1,OFFSET(E61,-1,0)+MAX(1,COUNTIF(QCI!$A$13:$A$24,OFFSET(ORÇAMENTO!E61,-1,0))),OFFSET(E61,-1,0))","v":1},2,2,0,10,0,{"$f":"IF(OR($C61=\"S\",$C61=0),0,MATCH(OFFSET($D61,0,$C61)+IF($C61<>1,1,COUNTIF(QCI!$A$13:$A$24,ORÇAMENTO!E61)),OFFSET($D61,1,$C61,ROW($C$270)-ROW($C61)),0))","v":0},"","Serviço","Serviço","-","SINAPI",null,{"$f":"IF($C61=\"S\",REFERENCIA.Descricao,\"(digite a descrição aqui)\")","v":"(Sem Código)"},{"$f":"REFERENCIA.Unidade","v":"-"},{"$f":"OFFSET(CÁLCULO!H$15,ROW($T61)-ROW(T$15),0)","v":0},null,"BDI 1",{"$f":"IF($C61=\"S\",ROUND(IF(TIPOORCAMENTO=\"Proposto\",ORÇAMENTO.CustoUnitario*(1+$AH61),ORÇAMENTO.PrecoUnitarioLicitado),15-13*$AF$10),0)","v":0},{"$f":"IF($C61=\"S\",IF(OR(Import.TipoArredondamento<>\"TransfereGOV\",ACOMPANHAMENTO=\"BM\"),VTOTAL1,SUM(OFFSET(CÁLCULO!$AA$15,ROW($X61)-ROW($X$15),1):OFFSET(CÁLCULO!$AL$15,ROW($X61)-ROW($X$15),-1))),IF($C61=0,0,ROUND(SomaAgrup,15-13*$AF$11)))","v":0},"RA","",{"$f":"IF($C61=\"S\",IF($Z61=\"CP\",$X61,IF($Z61=\"RA\",(($X61)*QCI!$AA$3),0)),SomaAgrup)","v":0},0,{"$f":"IF($N61=\"\",\" \",\nIF(AND($C61<>\"S\",OR($R61=\"\",$R61=\"(digite a descrição aqui)\")),\"DESCRIÇÃO\",\nIF(AND($C61=\"S\",OR($Q61<>\"\",$T61>0,$U61>0),$P61=\"\"),\"FONTE\",\nIF(AND($C61=\"S\",$P61<>\"\",OR($T61>0,$U61>0),$Q61=\"\"),\"CÓDIGO\",\nIF(AND($C61=\"S\",$P61<>\"\",$Q61<>\"\",$R61=\"(Código não identificado nas referências)\"),\"CÓDIGO N/ID\",\nIF(AND($C61=\"S\",OR($R61=\"\",$R61=\"(digite a descrição aqui)\"),OR($Q61<>\"\",$T61>0,$U61>0)),\"DESCRIÇÃO\",\nIF(AND($C61=\"S\",$P61<>\"\",$Q61<>\"\",$S61=\"\"),\"UNIDADE\",\nIF(AND($C61=\"S\",$P61<>\"\",$Q61<>\"\",$U61=0),\"SEM CUSTO\",\nIF(AND(_xlfn.SINGLE(TIPOORCAMENTO)=\"Licitado\",$AL61=0,$AN61>0),\"SEM PREÇO\",\nIF(AND($C61=\"S\",$P61<>\"\",$Q61<>\"\",$U61>0,AND($V61<>\"BDI 1\",$V61<>\"BDI 2\",$V61<>\"BDI 3\")),IF(ISNUMBER($V61),\"JUSTIFICAR BDI\",\"BDI\"),\nIF(OR(AND(import.recurso=\"OGU\",TIPOORCAMENTO=\"Proposto\",LEFT($O$8,5)<>\"(N/D:\",$AG61<>\"\",ORÇAMENTO.CustoUnitario>$AG61),AND(TIPOORCAMENTO=\"LICITADO\",ORÇAMENTO.PrecoUnitarioLicitado>$AN61)),\"ACIMA REF.\",\nIF(AND($C61=\"S\",$P61<>\"\",$Q61<>\"\",$T61=0,$U61>0),\"QUANT.\",\nIF(AND(Import.TipoArredondamento=\"TransfereGOV\",$L61=\"F\",$C61=\"S\",LEN($Q61)>13),\"Código >13\",\nIF(AND(Import.TipoArredondamento=\"TransfereGOV\",$L61=\"F\",$C61<>\"S\",LEN($R61)>100),\"Descrição >100\",\nIF(AND(Import.TipoArredondamento=\"TransfereGOV\",$L61=\"F\",$C61=\"S\",LEN($R61)>500),\"Descrição >500\",\nIF(AND(Import.TipoArredondamento=\"TransfereGOV\",$L61=\"F\",$C61=\"S\",LEFT(TRIM(UPPER($P61)),6)<>\"SINAPI\",ISNA(VLOOKUP(TRIM(UPPER($S61)),ListaTgov.Unidades,1,FALSE))),\"Unid. Não Disp\",\n\" \"))))))))))))))))","v":{"$error":"#NAME?"}},{"$f":"IF(C61<=CRONO.NivelExibicao,MAX($AD$15:OFFSET(AD61,-1,0))+IF($C61<>1,1,MAX(1,COUNTIF(QCI!$A$13:$A$24,OFFSET($E61,-1,0)))),\"\")","v":""},{"$f":"IF(AND($C61=\"S\",ORÇAMENTO.CodBarra<>\"\"),IF(ORÇAMENTO.Fonte=\"\",ORÇAMENTO.CodBarra,CONCATENATE(ORÇAMENTO.Fonte,\" \",ORÇAMENTO.CodBarra)))","v":false},{"$f":"IF(ISERROR(INDIRECT(ORÇAMENTO.BancoRef)),\"(abra o arquivo 'Referência \"&Excel_BuiltIn_Database&\".xlsm)\",IF(OR($C61<>\"S\",ORÇAMENTO.CodBarra=\"\"),\"(Sem Código)\",IF(ISERROR(MATCH($AE61,INDIRECT(ORÇAMENTO.BancoRef),0)),\"(Código não identificado nas referências)\",MATCH($AE61,INDIRECT(ORÇAMENTO.BancoRef),0))))","v":"(Sem Código)"},{"$f":"ROUND(IF(DESONERACAO=\"sim\",REFERENCIA.Desonerado,REFERENCIA.NaoDesonerado),2)","v":0},0.26,null,null,null,null,0,0]
["S",3,"S",0,{"$f":"IF($C62=1,OFFSET(E62,-1,0)+MAX(1,COUNTIF(QCI!$A$13:$A$24,OFFSET(ORÇAMENTO!E62,-1,0))),OFFSET(E62,-1,0))","v":1},2,2,0,10,0,{"$f":"IF(OR($C62=\"S\",$C62=0),0,MATCH(OFFSET($D62,0,$C62)+IF($C62<>1,1,COUNTIF(QCI!$A$13:$A$24,ORÇAMENTO!E62)),OFFSET($D62,1,$C62,ROW($C$270)-ROW($C62)),0))","v":0},"","Serviço","Serviço","-","SINAPI",null,{"$f":"IF($C62=\"S\",REFERENCIA.Descricao,\"(digite a descrição aqui)\")","v":"(Sem Código)"},{"$f":"REFERENCIA.Unidade","v":"-"},{"$f":"OFFSET(CÁLCULO!H$15,ROW($T62)-ROW(T$15),0)","v":0},null,"BDI 1",{"$f":"IF($C62=\"S\",ROUND(IF(TIPOORCAMENTO=\"Proposto\",ORÇAMENTO.CustoUnitario*(1+$AH62),ORÇAMENTO.PrecoUnitarioLicitado),15-13*$AF$10),0)","v":0},{"$f":"IF($C62=\"S\",IF(OR(Import.TipoArredondamento<>\"TransfereGOV\",ACOMPANHAMENTO=\"BM\"),VTOTAL1,SUM(OFFSET(CÁLCULO!$AA$15,ROW($X62)-ROW($X$15),1):OFFSET(CÁLCULO!$AL$15,ROW($X62)-ROW($X$15),-1))),IF($C62=0,0,ROUND(SomaAgrup,15-13*$AF$11)))","v":0},"RA","",{"$f":"IF($C62=\"S\",IF($Z62=\"CP\",$X62,IF($Z62=\"RA\",(($X62)*QCI!$AA$3),0)),SomaAgrup)","v":0},0,{"$f":"IF($N62=\"\",\" \",\nIF(AND($C62<>\"S\",OR($R62=\"\",$R62=\"(digite a descrição aqui)\")),\"DESCRIÇÃO\",\nIF(AND($C62=\"S\",OR($Q62<>\"\",$T62>0,$U62>0),$P62=\"\"),\"FONTE\",\nIF(AND($C62=\"S\",$P62<>\"\",OR($T62>0,$U62>0),$Q62=\"\"),\"CÓDIGO\",\nIF(AND($C62=\"S\",$P62<>\"\",$Q62<>\"\",$R62=\"(Código não identificado nas referências)\"),\"CÓDIGO N/ID\",\nIF(AND($C62=\"S\",OR($R62=\"\",$R62=\"(digite a descrição aqui)\"),OR($Q62<>\"\",$T62>0,$U62>0)),\"DESCRIÇÃO\",\nIF(AND($C62=\"S\",$P62<>\"\",$Q62<>\"\",$S62=\"\"),\"UNIDADE\",\nIF(AND($C62=\"S\",$P62<>\"\",$Q62<>\"\",$U62=0),\"SEM CUSTO\",\nIF(AND(_xlfn.SINGLE(TIPOORCAMENTO)=\"Licitado\",$AL62=0,$AN62>0),\"SEM PREÇO\",\nIF(AND($C62=\"S\",$P62<>\"\",$Q62<>\"\",$U62>0,AND($V62<>\"BDI 1\",$V62<>\"BDI 2\",$V62<>\"BDI 3\")),IF(ISNUMBER($V62),\"JUSTIFICAR BDI\",\"BDI\"),\nIF(OR(AND(import.recurso=\"OGU\",TIPOORCAMENTO=\"Proposto\",LEFT($O$8,5)<>\"(N/D:\",$AG62<>\"\",ORÇAMENTO.CustoUnitario>$AG62),AND(TIPOORCAMENTO=\"LICITADO\",ORÇAMENTO.PrecoUnitarioLicitado>$AN62)),\"ACIMA REF.\",\nIF(AND($C62=\"S\",$P62<>\"\",$Q62<>\"\",$T62=0,$U62>0),\"QUANT.\",\nIF(AND(Import.TipoArredondamento=\"TransfereGOV\",$L62=\"F\",$C62=\"S\",LEN($Q62)>13),\"Código >13\",\nIF(AND(Import.TipoArredondamento=\"TransfereGOV\",$L62=\"F\",$C62<>\"S\",LEN($R62)>100),\"Descrição >100\",\nIF(AND(Import.TipoArredondamento=\"TransfereGOV\",$L62=\"F\",$C62=\"S\",LEN($R62)>500),\"Descrição >500\",\nIF(AND(Import.TipoArredondamento=\"TransfereGOV\",$L62=\"F\",$C62=\"S\",LEFT(TRIM(UPPER($P62)),6)<>\"SINAPI\",ISNA(VLOOKUP(TRIM(UPPER($S62)),ListaTgov.Unidades,1,FALSE))),\"Unid. Não Disp\",\n\" \"))))))))))))))))","v":{"$error":"#NAME?"}},{"$f":"IF(C62<=CRONO.NivelExibicao,MAX($AD$15:OFFSET(AD62,-1,0))+IF($C62<>1,1,MAX(1,COUNTIF(QCI!$A$13:$A$24,OFFSET($E62,-1,0)))),\"\")","v":""},{"$f":"IF(AND($C62=\"S\",ORÇAMENTO.CodBarra<>\"\"),IF(ORÇAMENTO.Fonte=\"\",ORÇAMENTO.CodBarra,CONCATENATE(ORÇAMENTO.Fonte,\" \",ORÇAMENTO.CodBarra)))","v":false},{"$f":"IF(ISERROR(INDIRECT(ORÇAMENTO.BancoRef)),\"(abra o arquivo 'Referência \"&Excel_BuiltIn_Database&\".xlsm)\",IF(OR($C62<>\"S\",ORÇAMENTO.CodBarra=\"\"),\"(Sem Código)\",IF(ISERROR(MATCH($AE62,INDIRECT(ORÇAMENTO.BancoRef),0)),\"(Código não identificado nas referências)\",MATCH($AE62,INDIRECT(ORÇAMENTO.BancoRef),0))))","v":"(Sem Código)"},{"$f":"ROUND(IF(DESONERACAO=\"sim\",REFERENCIA.Desonerado,REFERENCIA.NaoDesonerado),2)","v":0},0.26,null,null,null,null,0,0]
["S",3,"S",0,{"$f":"IF($C63=1,OFFSET(E63,-1,0)+MAX(1,COUNTIF(QCI!$A$13:$A$24,OFFSET(ORÇAMENTO!E63,-1,0))),OFFSET(E63,-1,0))","v":1},2,2,0,10,0,{"$f":"IF(OR($C63=\"S\",$C63=0),0,MATCH(OFFSET($D63,0,$C63)+IF($C63<>1,1,COUNTIF(QCI!$A$13:$A$24,ORÇAMENTO!E63)),OFFSET($D63,1,$C63,ROW($C$270)-ROW($C63)),0))","v":0},"","Serviço","Serviço","-","SINAPI",null,{"$f":"IF($C63=\"S\",REFERENCIA.Descricao,\"(digite a descrição aqui)\")","v":"(Sem Código)"},{"$f":"REFERENCIA.Unidade","v":"-"},{"$f":"OFFSET(CÁLCULO!H$15,ROW($T63)-ROW(T$15),0)","v":0},null,"BDI 1",{"$f":"IF($C63=\"S\",ROUND(IF(TIPOORCAMENTO=\"Proposto\",ORÇAMENTO.CustoUnitario*(1+$AH63),ORÇAMENTO.PrecoUnitarioLicitado),15-13*$AF$10),0)","v":0},{"$f":"IF($C63=\"S\",IF(OR(Import.TipoArredondamento<>\"TransfereGOV\",ACOMPANHAMENTO=\"BM\"),VTOTAL1,SUM(OFFSET(CÁLCULO!$AA$15,ROW($X63)-ROW($X$15),1):OFFSET(CÁLCULO!$AL$15,ROW($X63)-ROW($X$15),-1))),IF($C63=0,0,ROUND(SomaAgrup,15-13*$AF$11)))","v":0},"RA","",{"$f":"IF($C63=\"S\",IF($Z63=\"CP\",$X63,IF($Z63=\"RA\",(($X63)*QCI!$AA$3),0)),SomaAgrup)","v":0},0,{"$f":"IF($N63=\"\",\" \",\nIF(AND($C63<>\"S\",OR($R63=\"\",$R63=\"(digite a descrição aqui)\")),\"DESCRIÇÃO\",\nIF(AND($C63=\"S\",OR($Q63<>\"\",$T63>0,$U63>0),$P63=\"\"),\"FONTE\",\nIF(AND($C63=\"S\",$P63<>\"\",OR($T63>0,$U63>0),$Q63=\"\"),\"CÓDIGO\",\nIF(AND($C63=\"S\",$P63<>\"\",$Q63<>\"\",$R63=\"(Código não identificado nas referências)\"),\"CÓDIGO N/ID\",\nIF(AND($C63=\"S\",OR($R63=\"\",$R63=\"(digite a descrição aqui)\"),OR($Q63<>\"\",$T63>0,$U63>0)),\"DESCRIÇÃO\",\nIF(AND($C63=\"S\",$P63<>\"\",$Q63<>\"\",$S63=\"\"),\"UNIDADE\",\nIF(AND($C63=\"S\",$P63<>\"\",$Q63<>\"\",$U63=0),\"SEM CUSTO\",\nIF(AND(_xlfn.SINGLE(TIPOORCAMENTO)=\"Licitado\",$AL63=0,$AN63>0),\"SEM PREÇO\",\nIF(AND($C63=\"S\",$P63<>\"\",$Q63<>\"\",$U63>0,AND($V63<>\"BDI 1\",$V63<>\"BDI 2\",$V63<>\"BDI 3\")),IF(ISNUMBER($V63),\"JUSTIFICAR BDI\",\"BDI\"),\nIF(OR(AND(import.recurso=\"OGU\",TIPOORCAMENTO=\"Proposto\",LEFT($O$8,5)<>\"(N/D:\",$AG63<>\"\",ORÇAMENTO.CustoUnitario>$AG63),AND(TIPOORCAMENTO=\"LICITADO\",ORÇAMENTO.PrecoUnitarioLicitado>$AN63)),\"ACIMA REF.\",\nIF(AND($C63=\"S\",$P63<>\"\",$Q63<>\"\",$T63=0,$U63>0),\"QUANT.\",\nIF(AND(Import.TipoArredondamento=\"TransfereGOV\",$L63=\"F\",$C63=\"S\",LEN($Q63)>13),\"Código >13\",\nIF(AND(Import.TipoArredondamento=\"TransfereGOV\",$L63=\"F\",$C63<>\"S\",LEN($R63)>100),\"Descrição >100\",\nIF(AND(Import.TipoArredondamento=\"TransfereGOV\",$L63=\"F\",$C63=\"S\",LEN($R63)>500),\"Descrição >500\",\nIF(AND(Import.TipoArredondamento=\"TransfereGOV\",$L63=\"F\",$C63=\"S\",LEFT(TRIM(UPPER($P63)),6)<>\"SINAPI\",ISNA(VLOOKUP(TRIM(UPPER($S63)),ListaTgov.Unidades,1,FALSE))),\"Unid. Não Disp\",\n\" \"))))))))))))))))","v":{"$error":"#NAME?"}},{"$f":"IF(C63<=CRONO.NivelExibicao,MAX($AD$15:OFFSET(AD63,-1,0))+IF($C63<>1,1,MAX(1,COUNTIF(QCI!$A$13:$A$24,OFFSET($E63,-1,0)))),\"\")","v":""},{"$f":"IF(AND($C63=\"S\",ORÇAMENTO.CodBarra<>\"\"),IF(ORÇAMENTO.Fonte=\"\",ORÇAMENTO.CodBarra,CONCATENATE(ORÇAMENTO.Fonte,\" \",ORÇAMENTO.CodBarra)))","v":false},{"$f":"IF(ISERROR(INDIRECT(ORÇAMENTO.BancoRef)),\"(abra o arquivo 'Referência \"&Excel_BuiltIn_Database&\".xlsm)\",IF(OR($C63<>\"S\",ORÇAMENTO.CodBarra=\"\"),\"(Sem Código)\",IF(ISERROR(MATCH($AE63,INDIRECT(ORÇAMENTO.BancoRef),0)),\"(Código não identificado nas referências)\",MATCH($AE63,INDIRECT(ORÇAMENTO.BancoRef),0))))","v":"(Sem Código)"},{"$f":"ROUND(IF(DESONERACAO=\"sim\",REFERENCIA.Desonerado,REFERENCIA.NaoDesonerado),2)","v":0},0.26,null,null,null,null,0,0]
["S",3,"S",0,{"$f":"IF($C64=1,OFFSET(E64,-1,0)+MAX(1,COUNTIF(QCI!$A$13:$A$24,OFFSET(ORÇAMENTO!E64,-1,0))),OFFSET(E64,-1,0))","v":1},2,2,0,10,0,{"$f":"IF(OR($C64=\"S\",$C64=0),0,MATCH(OFFSET($D64,0,$C64)+IF($C64<>1,1,COUNTIF(QCI!$A$13:$A$24,ORÇAMENTO!E64)),OFFSET($D64,1,$C64,ROW($C$270)-ROW($C64)),0))","v":0},"","Serviço","Serviço","-","SINAPI",null,{"$f":"IF($C64=\"S\",REFERENCIA.Descricao,\"(digite a descrição aqui)\")","v":"(Sem Código)"},{"$f":"REFERENCIA.Unidade","v":"-"},{"$f":"OFFSET(CÁLCULO!H$15,ROW($T64)-ROW(T$15),0)","v":0},null,"BDI 1",{"$f":"IF($C64=\"S\",ROUND(IF(TIPOORCAMENTO=\"Proposto\",ORÇAMENTO.CustoUnitario*(1+$AH64),ORÇAMENTO.PrecoUnitarioLicitado),15-13*$AF$10),0)","v":0},{"$f":"IF($C64=\"S\",IF(OR(Import.TipoArredondamento<>\"TransfereGOV\",ACOMPANHAMENTO=\"BM\"),VTOTAL1,SUM(OFFSET(CÁLCULO!$AA$15,ROW($X64)-ROW($X$15),1):OFFSET(CÁLCULO!$AL$15,ROW($X64)-ROW($X$15),-1))),IF($C64=0,0,ROUND(SomaAgrup,15-13*$AF$11)))","v":0},"RA","",{"$f":"IF($C64=\"S\",IF($Z64=\"CP\",$X64,IF($Z64=\"RA\",(($X64)*QCI!$AA$3),0)),SomaAgrup)","v":0},0,{"$f":"IF($N64=\"\",\" \",\nIF(AND($C64<>\"S\",OR($R64=\"\",$R64=\"(digite a descrição aqui)\")),\"DESCRIÇÃO\",\nIF(AND($C64=\"S\",OR($Q64<>\"\",$T64>0,$U64>0),$P64=\"\"),\"FONTE\",\nIF(AND($C64=\"S\",$P64<>\"\",OR($T64>0,$U64>0),$Q64=\"\"),\"CÓDIGO\",\nIF(AND($C64=\"S\",$P64<>\"\",$Q64<>\"\",$R64=\"(Código não identificado nas referências)\"),\"CÓDIGO N/ID\",\nIF(AND($C64=\"S\",OR($R64=\"\",$R64=\"(digite a descrição aqui)\"),OR($Q64<>\"\",$T64>0,$U64>0)),\"DESCRIÇÃO\",\nIF(AND($C64=\"S\",$P64<>\"\",$Q64<>\"\",$S64=\"\"),\"UNIDADE\",\nIF(AND($C64=\"S\",$P64<>\"\",$Q64<>\"\",$U64=0),\"SEM CUSTO\",\nIF(AND(_xlfn.SINGLE(TIPOORCAMENTO)=\"Licitado\",$AL64=0,$AN64>0),\"SEM PREÇO\",\nIF(AND($C64=\"S\",$P64<>\"\",$Q64<>\"\",$U64>0,AND($V64<>\"BDI 1\",$V64<>\"BDI 2\",$V64<>\"BDI 3\")),IF(ISNUMBER($V64),\"JUSTIFICAR BDI\",\"BDI\"),\nIF(OR(AND(import.recurso=\"OGU\",TIPOORCAMENTO=\"Proposto\",LEFT($O$8,5)<>\"(N/D:\",$AG64<>\"\",ORÇAMENTO.CustoUnitario>$AG64),AND(TIPOORCAMENTO=\"LICITADO\",ORÇAMENTO.PrecoUnitarioLicitado>$AN64)),\"ACIMA REF.\",\nIF(AND($C64=\"S\",$P64<>\"\",$Q64<>\"\",$T64=0,$U64>0),\"QUANT.\",\nIF(AND(Import.TipoArredondamento=\"TransfereGOV\",$L64=\"F\",$C64=\"S\",LEN($Q64)>13),\"Código >13\",\nIF(AND(Import.TipoArredondamento=\"TransfereGOV\",$L64=\"F\",$C64<>\"S\",LEN($R64)>100),\"Descrição >100\",\nIF(AND(Import.TipoArredondamento=\"TransfereGOV\",$L64=\"F\",$C64=\"S\",LEN($R64)>500),\"Descrição >500\",\nIF(AND(Import.TipoArredondamento=\"TransfereGOV\",$L64=\"F\",$C64=\"S\",LEFT(TRIM(UPPER($P64)),6)<>\"SINAPI\",ISNA(VLOOKUP(TRIM(UPPER($S64)),ListaTgov.Unidades,1,FALSE))),\"Unid. Não Disp\",\n\" \"))))))))))))))))","v":{"$error":"#NAME?"}},{"$f":"IF(C64<=CRONO.NivelExibicao,MAX($AD$15:OFFSET(AD64,-1,0))+IF($C64<>1,1,MAX(1,COUNTIF(QCI!$A$13:$A$24,OFFSET($E64,-1,0)))),\"\")","v":""},{"$f":"IF(AND($C64=\"S\",ORÇAMENTO.CodBarra<>\"\"),IF(ORÇAMENTO.Fonte=\"\",ORÇAMENTO.CodBarra,CONCATENATE(ORÇAMENTO.Fonte,\" \",ORÇAMENTO.CodBarra)))","v":false},{"$f":"IF(ISERROR(INDIRECT(ORÇAMENTO.BancoRef)),\"(abra o arquivo 'Referência \"&Excel_BuiltIn_Database&\".xlsm)\",IF(OR($C64<>\"S\",ORÇAMENTO.CodBarra=\"\"),\"(Sem Código)\",IF(ISERROR(MATCH($AE64,INDIRECT(ORÇAMENTO.BancoRef),0)),\"(Código não identificado nas referências)\",MATCH($AE64,INDIRECT(ORÇAMENTO.BancoRef),0))))","v":"(Sem Código)"},{"$f":"ROUND(IF(DESONERACAO=\"sim\",REFERENCIA.Desonerado,REFERENCIA.NaoDesonerado),2)","v":0},0.26,null,null,null,null,0,0]
["S",3,"S",0,{"$f":"IF($C65=1,OFFSET(E65,-1,0)+MAX(1,COUNTIF(QCI!$A$13:$A$24,OFFSET(ORÇAMENTO!E65,-1,0))),OFFSET(E65,-1,0))","v":1},2,2,0,10,0,{"$f":"IF(OR($C65=\"S\",$C65=0),0,MATCH(OFFSET($D65,0,$C65)+IF($C65<>1,1,COUNTIF(QCI!$A$13:$A$24,ORÇAMENTO!E65)),OFFSET($D65,1,$C65,ROW($C$270)-ROW($C65)),0))","v":0},"","Serviço","Serviço","-","SINAPI",null,{"$f":"IF($C65=\"S\",REFERENCIA.Descricao,\"(digite a descrição aqui)\")","v":"(Sem Código)"},{"$f":"REFERENCIA.Unidade","v":"-"},{"$f":"OFFSET(CÁLCULO!H$15,ROW($T65)-ROW(T$15),0)","v":0},null,"BDI 1",{"$f":"IF($C65=\"S\",ROUND(IF(TIPOORCAMENTO=\"Proposto\",ORÇAMENTO.CustoUnitario*(1+$AH65),ORÇAMENTO.PrecoUnitarioLicitado),15-13*$AF$10),0)","v":0},{"$f":"IF($C65=\"S\",IF(OR(Import.TipoArredondamento<>\"TransfereGOV\",ACOMPANHAMENTO=\"BM\"),VTOTAL1,SUM(OFFSET(CÁLCULO!$AA$15,ROW($X65)-ROW($X$15),1):OFFSET(CÁLCULO!$AL$15,ROW($X65)-ROW($X$15),-1))),IF($C65=0,0,ROUND(SomaAgrup,15-13*$AF$11)))","v":0},"RA","",{"$f":"IF($C65=\"S\",IF($Z65=\"CP\",$X65,IF($Z65=\"RA\",(($X65)*QCI!$AA$3),0)),SomaAgrup)","v":0},0,{"$f":"IF($N65=\"\",\" \",\nIF(AND($C65<>\"S\",OR($R65=\"\",$R65=\"(digite a descrição aqui)\")),\"DESCRIÇÃO\",\nIF(AND($C65=\"S\",OR($Q65<>\"\",$T65>0,$U65>0),$P65=\"\"),\"FONTE\",\nIF(AND($C65=\"S\",$P65<>\"\",OR($T65>0,$U65>0),$Q65=\"\"),\"CÓDIGO\",\nIF(AND($C65=\"S\",$P65<>\"\",$Q65<>\"\",$R65=\"(Código não identificado nas referências)\"),\"CÓDIGO N/ID\",\nIF(AND($C65=\"S\",OR($R65=\"\",$R65=\"(digite a descrição aqui)\"),OR($Q65<>\"\",$T65>0,$U65>0)),\"DESCRIÇÃO\",\nIF(AND($C65=\"S\",$P65<>\"\",$Q65<>\"\",$S65=\"\"),\"UNIDADE\",\nIF(AND($C65=\"S\",$P65<>\"\",$Q65<>\"\",$U65=0),\"SEM CUSTO\",\nIF(AND(_xlfn.SINGLE(TIPOORCAMENTO)=\"Licitado\",$AL65=0,$AN65>0),\"SEM PREÇO\",\nIF(AND($C65=\"S\",$P65<>\"\",$Q65<>\"\",$U65>0,AND($V65<>\"BDI 1\",$V65<>\"BDI 2\",$V65<>\"BDI 3\")),IF(ISNUMBER($V65),\"JUSTIFICAR BDI\",\"BDI\"),\nIF(OR(AND(import.recurso=\"OGU\",TIPOORCAMENTO=\"Proposto\",LEFT($O$8,5)<>\"(N/D:\",$AG65<>\"\",ORÇAMENTO.CustoUnitario>$AG65),AND(TIPOORCAMENTO=\"LICITADO\",ORÇAMENTO.PrecoUnitarioLicitado>$AN65)),\"ACIMA REF.\",\nIF(AND($C65=\"S\",$P65<>\"\",$Q65<>\"\",$T65=0,$U65>0),\"QUANT.\",\nIF(AND(Import.TipoArredondamento=\"TransfereGOV\",$L65=\"F\",$C65=\"S\",LEN($Q65)>13),\"Código >13\",\nIF(AND(Import.TipoArredondamento=\"TransfereGOV\",$L65=\"F\",$C65<>\"S\",LEN($R65)>100),\"Descrição >100\",\nIF(AND(Import.TipoArredondamento=\"TransfereGOV\",$L65=\"F\",$C65=\"S\",LEN($R65)>500),\"Descrição >500\",\nIF(AND(Import.TipoArredondamento=\"TransfereGOV\",$L65=\"F\",$C65=\"S\",LEFT(TRIM(UPPER($P65)),6)<>\"SINAPI\",ISNA(VLOOKUP(TRIM(UPPER($S65)),ListaTgov.Unidades,1,FALSE))),\"Unid. Não Disp\",\n\" \"))))))))))))))))","v":{"$error":"#NAME?"}},{"$f":"IF(C65<=CRONO.NivelExibicao,MAX($AD$15:OFFSET(AD65,-1,0))+IF($C65<>1,1,MAX(1,COUNTIF(QCI!$A$13:$A$24,OFFSET($E65,-1,0)))),\"\")","v":""},{"$f":"IF(AND($C65=\"S\",ORÇAMENTO.CodBarra<>\"\"),IF(ORÇAMENTO.Fonte=\"\",ORÇAMENTO.CodBarra,CONCATENATE(ORÇAMENTO.Fonte,\" \",ORÇAMENTO.CodBarra)))","v":false},{"$f":"IF(ISERROR(INDIRECT(ORÇAMENTO.BancoRef)),\"(abra o arquivo 'Referência \"&Excel_BuiltIn_Database&\".xlsm)\",IF(OR($C65<>\"S\",ORÇAMENTO.CodBarra=\"\"),\"(Sem Código)\",IF(ISERROR(MATCH($AE65,INDIRECT(ORÇAMENTO.BancoRef),0)),\"(Código não identificado nas referências)\",MATCH($AE65,INDIRECT(ORÇAMENTO.BancoRef),0))))","v":"(Sem Código)"},{"$f":"ROUND(IF(DESONERACAO=\"sim\",REFERENCIA.Desonerado,REFERENCIA.NaoDesonerado),2)","v":0},0.26,null,null,null,null,0,0]
["S",3,"S",0,{"$f":"IF($C66=1,OFFSET(E66,-1,0)+MAX(1,COUNTIF(QCI!$A$13:$A$24,OFFSET(ORÇAMENTO!E66,-1,0))),OFFSET(E66,-1,0))","v":1},2,2,0,10,0,{"$f":"IF(OR($C66=\"S\",$C66=0),0,MATCH(OFFSET($D66,0,$C66)+IF($C66<>1,1,COUNTIF(QCI!$A$13:$A$24,ORÇAMENTO!E66)),OFFSET($D66,1,$C66,ROW($C$270)-ROW($C66)),0))","v":0},"","Serviço","Serviço","-","SINAPI",null,{"$f":"IF($C66=\"S\",REFERENCIA.Descricao,\"(digite a descrição aqui)\")","v":"(Sem Código)"},{"$f":"REFERENCIA.Unidade","v":"-"},{"$f":"OFFSET(CÁLCULO!H$15,ROW($T66)-ROW(T$15),0)","v":0},null,"BDI 1",{"$f":"IF($C66=\"S\",ROUND(IF(TIPOORCAMENTO=\"Proposto\",ORÇAMENTO.CustoUnitario*(1+$AH66),ORÇAMENTO.PrecoUnitarioLicitado),15-13*$AF$10),0)","v":0},{"$f":"IF($C66=\"S\",IF(OR(Import.TipoArredondamento<>\"TransfereGOV\",ACOMPANHAMENTO=\"BM\"),VTOTAL1,SUM(OFFSET(CÁLCULO!$AA$15,ROW($X66)-ROW($X$15),1):OFFSET(CÁLCULO!$AL$15,ROW($X66)-ROW($X$15),-1))),IF($C66=0,0,ROUND(SomaAgrup,15-13*$AF$11)))","v":0},"RA","",{"$f":"IF($C66=\"S\",IF($Z66=\"CP\",$X66,IF($Z66=\"RA\",(($X66)*QCI!$AA$3),0)),SomaAgrup)","v":0},0,{"$f":"IF($N66=\"\",\" \",\nIF(AND($C66<>\"S\",OR($R66=\"\",$R66=\"(digite a descrição aqui)\")),\"DESCRIÇÃO\",\nIF(AND($C66=\"S\",OR($Q66<>\"\",$T66>0,$U66>0),$P66=\"\"),\"FONTE\",\nIF(AND($C66=\"S\",$P66<>\"\",OR($T66>0,$U66>0),$Q66=\"\"),\"CÓDIGO\",\nIF(AND($C66=\"S\",$P66<>\"\",$Q66<>\"\",$R66=\"(Código não identificado nas referências)\"),\"CÓDIGO N/ID\",\nIF(AND($C66=\"S\",OR($R66=\"\",$R66=\"(digite a descrição aqui)\"),OR($Q66<>\"\",$T66>0,$U66>0)),\"DESCRIÇÃO\",\nIF(AND($C66=\"S\",$P66<>\"\",$Q66<>\"\",$S66=\"\"),\"UNIDADE\",\nIF(AND($C66=\"S\",$P66<>\"\",$Q66<>\"\",$U66=0),\"SEM CUSTO\",\nIF(AND(_xlfn.SINGLE(TIPOORCAMENTO)=\"Licitado\",$AL66=0,$AN66>0),\"SEM PREÇO\",\nIF(AND($C66=\"S\",$P66<>\"\",$Q66<>\"\",$U66>0,AND($V66<>\"BDI 1\",$V66<>\"BDI 2\",$V66<>\"BDI 3\")),IF(ISNUMBER($V66),\"JUSTIFICAR BDI\",\"BDI\"),\nIF(OR(AND(import.recurso=\"OGU\",TIPOORCAMENTO=\"Proposto\",LEFT($O$8,5)<>\"(N/D:\",$AG66<>\"\",ORÇAMENTO.CustoUnitario>$AG66),AND(TIPOORCAMENTO=\"LICITADO\",ORÇAMENTO.PrecoUnitarioLicitado>$AN66)),\"ACIMA REF.\",\nIF(AND($C66=\"S\",$P66<>\"\",$Q66<>\"\",$T66=0,$U66>0),\"QUANT.\",\nIF(AND(Import.TipoArredondamento=\"TransfereGOV\",$L66=\"F\",$C66=\"S\",LEN($Q66)>13),\"Código >13\",\nIF(AND(Import.TipoArredondamento=\"TransfereGOV\",$L66=\"F\",$C66<>\"S\",LEN($R66)>100),\"Descrição >100\",\nIF(AND(Import.TipoArredondamento=\"TransfereGOV\",$L66=\"F\",$C66=\"S\",LEN($R66)>500),\"Descrição >500\",\nIF(AND(Import.TipoArredondamento=\"TransfereGOV\",$L66=\"F\",$C66=\"S\",LEFT(TRIM(UPPER($P66)),6)<>\"SINAPI\",ISNA(VLOOKUP(TRIM(UPPER($S66)),ListaTgov.Unidades,1,FALSE))),\"Unid. Não Disp\",\n\" \"))))))))))))))))","v":{"$error":"#NAME?"}},{"$f":"IF(C66<=CRONO.NivelExibicao,MAX($AD$15:OFFSET(AD66,-1,0))+IF($C66<>1,1,MAX(1,COUNTIF(QCI!$A$13:$A$24,OFFSET($E66,-1,0)))),\"\")","v":""},{"$f":"IF(AND($C66=\"S\",ORÇAMENTO.CodBarra<>\"\"),IF(ORÇAMENTO.Fonte=\"\",ORÇAMENTO.CodBarra,CONCATENATE(ORÇAMENTO.Fonte,\" \",ORÇAMENTO.CodBarra)))","v":false},{"$f":"IF(ISERROR(INDIRECT(ORÇAMENTO.BancoRef)),\"(abra o arquivo 'Referência \"&Excel_BuiltIn_Database&\".xlsm)\",IF(OR($C66<>\"S\",ORÇAMENTO.CodBarra=\"\"),\"(Sem Código)\",IF(ISERROR(MATCH($AE66,INDIRECT(ORÇAMENTO.BancoRef),0)),\"(Código não identificado nas referências)\",MATCH($AE66,INDIRECT(ORÇAMENTO.BancoRef),0))))","v":"(Sem Código)"},{"$f":"ROUND(IF(DESONERACAO=\"sim\",REFERENCIA.Desonerado,REFERENCIA.NaoDesonerado),2)","v":0},0.26,null,null,null,null,0,0]
["S",3,"S",0,{"$f":"IF($C67=1,OFFSET(E67,-1,0)+MAX(1,COUNTIF(QCI!$A$13:$A$24,OFFSET(ORÇAMENTO!E67,-1,0))),OFFSET(E67,-1,0))","v":1},2,2,0,10,0,{"$f":"IF(OR($C67=\"S\",$C67=0),0,MATCH(OFFSET($D67,0,$C67)+IF($C67<>1,1,COUNTIF(QCI!$A$13:$A$24,ORÇAMENTO!E67)),OFFSET($D67,1,$C67,ROW($C$270)-ROW($C67)),0))","v":0},"","Serviço","Serviço","-","SINAPI",null,{"$f":"IF($C67=\"S\",REFERENCIA.Descricao,\"(digite a descrição aqui)\")","v":"(Sem Código)"},{"$f":"REFERENCIA.Unidade","v":"-"},{"$f":"OFFSET(CÁLCULO!H$15,ROW($T67)-ROW(T$15),0)","v":0},null,"BDI 1",{"$f":"IF($C67=\"S\",ROUND(IF(TIPOORCAMENTO=\"Proposto\",ORÇAMENTO.CustoUnitario*(1+$AH67),ORÇAMENTO.PrecoUnitarioLicitado),15-13*$AF$10),0)","v":0},{"$f":"IF($C67=\"S\",IF(OR(Import.TipoArredondamento<>\"TransfereGOV\",ACOMPANHAMENTO=\"BM\"),VTOTAL1,SUM(OFFSET(CÁLCULO!$AA$15,ROW($X67)-ROW($X$15),1):OFFSET(CÁLCULO!$AL$15,ROW($X67)-ROW($X$15),-1))),IF($C67=0,0,ROUND(SomaAgrup,15-13*$AF$11)))","v":0},"RA","",{"$f":"IF($C67=\"S\",IF($Z67=\"CP\",$X67,IF($Z67=\"RA\",(($X67)*QCI!$AA$3),0)),SomaAgrup)","v":0},0,{"$f":"IF($N67=\"\",\" \",\nIF(AND($C67<>\"S\",OR($R67=\"\",$R67=\"(digite a descrição aqui)\")),\"DESCRIÇÃO\",\nIF(AND($C67=\"S\",OR($Q67<>\"\",$T67>0,$U67>0),$P67=\"\"),\"FONTE\",\nIF(AND($C67=\"S\",$P67<>\"\",OR($T67>0,$U67>0),$Q67=\"\"),\"CÓDIGO\",\nIF(AND($C67=\"S\",$P67<>\"\",$Q67<>\"\",$R67=\"(Código não identificado nas referências)\"),\"CÓDIGO N/ID\",\nIF(AND($C67=\"S\",OR($R67=\"\",$R67=\"(digite a descrição aqui)\"),OR($Q67<>\"\",$T67>0,$U67>0)),\"DESCRIÇÃO\",\nIF(AND($C67=\"S\",$P67<>\"\",$Q67<>\"\",$S67=\"\"),\"UNIDADE\",\nIF(AND($C67=\"S\",$P67<>\"\",$Q67<>\"\",$U67=0),\"SEM CUSTO\",\nIF(AND(_xlfn.SINGLE(TIPOORCAMENTO)=\"Licitado\",$AL67=0,$AN67>0),\"SEM PREÇO\",\nIF(AND($C67=\"S\",$P67<>\"\",$Q67<>\"\",$U67>0,AND($V67<>\"BDI 1\",$V67<>\"BDI 2\",$V67<>\"BDI 3\")),IF(ISNUMBER($V67),\"JUSTIFICAR BDI\",\"BDI\"),\nIF(OR(AND(import.recurso=\"OGU\",TIPOORCAMENTO=\"Proposto\",LEFT($O$8,5)<>\"(N/D:\",$AG67<>\"\",ORÇAMENTO.CustoUnitario>$AG67),AND(TIPOORCAMENTO=\"LICITADO\",ORÇAMENTO.PrecoUnitarioLicitado>$AN67)),\"ACIMA REF.\",\nIF(AND($C67=\"S\",$P67<>\"\",$Q67<>\"\",$T67=0,$U67>0),\"QUANT.\",\nIF(AND(Import.TipoArredondamento=\"TransfereGOV\",$L67=\"F\",$C67=\"S\",LEN($Q67)>13),\"Código >13\",\nIF(AND(Import.TipoArredondamento=\"TransfereGOV\",$L67=\"F\",$C67<>\"S\",LEN($R67)>100),\"Descrição >100\",\nIF(AND(Import.TipoArredondamento=\"TransfereGOV\",$L67=\"F\",$C67=\"S\",LEN($R67)>500),\"Descrição >500\",\nIF(AND(Import.TipoArredondamento=\"TransfereGOV\",$L67=\"F\",$C67=\"S\",LEFT(TRIM(UPPER($P67)),6)<>\"SINAPI\",ISNA(VLOOKUP(TRIM(UPPER($S67)),ListaTgov.Unidades,1,FALSE))),\"Unid. Não Disp\",\n\" \"))))))))))))))))","v":{"$error":"#NAME?"}},{"$f":"IF(C67<=CRONO.NivelExibicao,MAX($AD$15:OFFSET(AD67,-1,0))+IF($C67<>1,1,MAX(1,COUNTIF(QCI!$A$13:$A$24,OFFSET($E67,-1,0)))),\"\")","v":""},{"$f":"IF(AND($C67=\"S\",ORÇAMENTO.CodBarra<>\"\"),IF(ORÇAMENTO.Fonte=\"\",ORÇAMENTO.CodBarra,CONCATENATE(ORÇAMENTO.Fonte,\" \",ORÇAMENTO.CodBarra)))","v":false},{"$f":"IF(ISERROR(INDIRECT(ORÇAMENTO.BancoRef)),\"(abra o arquivo 'Referência \"&Excel_BuiltIn_Database&\".xlsm)\",IF(OR($C67<>\"S\",ORÇAMENTO.CodBarra=\"\"),\"(Sem Código)\",IF(ISERROR(MATCH($AE67,INDIRECT(ORÇAMENTO.BancoRef),0)),\"(Código não identificado nas referências)\",MATCH($AE67,INDIRECT(ORÇAMENTO.BancoRef),0))))","v":"(Sem Código)"},{"$f":"ROUND(IF(DESONERACAO=\"sim\",REFERENCIA.Desonerado,REFERENCIA.NaoDesonerado),2)","v":0},0.26,null,null,null,null,0,0]
["S",3,"S",0,{"$f":"IF($C68=1,OFFSET(E68,-1,0)+MAX(1,COUNTIF(QCI!$A$13:$A$24,OFFSET(ORÇAMENTO!E68,-1,0))),OFFSET(E68,-1,0))","v":1},2,2,0,10,0,{"$f":"IF(OR($C68=\"S\",$C68=0),0,MATCH(OFFSET($D68,0,$C68)+IF($C68<>1,1,COUNTIF(QCI!$A$13:$A$24,ORÇAMENTO!E68)),OFFSET($D68,1,$C68,ROW($C$270)-ROW($C68)),0))","v":0},"","Serviço","Serviço","-","SINAPI",null,{"$f":"IF($C68=\"S\",REFERENCIA.Descricao,\"(digite a descrição aqui)\")","v":"(Sem Código)"},{"$f":"REFERENCIA.Unidade","v":"-"},{"$f":"OFFSET(CÁLCULO!H$15,ROW($T68)-ROW(T$15),0)","v":0},null,"BDI 1",{"$f":"IF($C68=\"S\",ROUND(IF(TIPOORCAMENTO=\"Proposto\",ORÇAMENTO.CustoUnitario*(1+$AH68),ORÇAMENTO.PrecoUnitarioLicitado),15-13*$AF$10),0)","v":0},{"$f":"IF($C68=\"S\",IF(OR(Import.TipoArredondamento<>\"TransfereGOV\",ACOMPANHAMENTO=\"BM\"),VTOTAL1,SUM(OFFSET(CÁLCULO!$AA$15,ROW($X68)-ROW($X$15),1):OFFSET(CÁLCULO!$AL$15,ROW($X68)-ROW($X$15),-1))),IF($C68=0,0,ROUND(SomaAgrup,15-13*$AF$11)))","v":0},"RA","",{"$f":"IF($C68=\"S\",IF($Z68=\"CP\",$X68,IF($Z68=\"RA\",(($X68)*QCI!$AA$3),0)),SomaAgrup)","v":0},0,{"$f":"IF($N68=\"\",\" \",\nIF(AND($C68<>\"S\",OR($R68=\"\",$R68=\"(digite a descrição aqui)\")),\"DESCRIÇÃO\",\nIF(AND($C68=\"S\",OR($Q68<>\"\",$T68>0,$U68>0),$P68=\"\"),\"FONTE\",\nIF(AND($C68=\"S\",$P68<>\"\",OR($T68>0,$U68>0),$Q68=\"\"),\"CÓDIGO\",\nIF(AND($C68=\"S\",$P68<>\"\",$Q68<>\"\",$R68=\"(Código não identificado nas referências)\"),\"CÓDIGO N/ID\",\nIF(AND($C68=\"S\",OR($R68=\"\",$R68=\"(digite a descrição aqui)\"),OR($Q68<>\"\",$T68>0,$U68>0)),\"DESCRIÇÃO\",\nIF(AND($C68=\"S\",$P68<>\"\",$Q68<>\"\",$S68=\"\"),\"UNIDADE\",\nIF(AND($C68=\"S\",$P68<>\"\",$Q68<>\"\",$U68=0),\"SEM CUSTO\",\nIF(AND(_xlfn.SINGLE(TIPOORCAMENTO)=\"Licitado\",$AL68=0,$AN68>0),\"SEM PREÇO\",\nIF(AND($C68=\"S\",$P68<>\"\",$Q68<>\"\",$U68>0,AND($V68<>\"BDI 1\",$V68<>\"BDI 2\",$V68<>\"BDI 3\")),IF(ISNUMBER($V68),\"JUSTIFICAR BDI\",\"BDI\"),\nIF(OR(AND(import.recurso=\"OGU\",TIPOORCAMENTO=\"Proposto\",LEFT($O$8,5)<>\"(N/D:\",$AG68<>\"\",ORÇAMENTO.CustoUnitario>$AG68),AND(TIPOORCAMENTO=\"LICITADO\",ORÇAMENTO.PrecoUnitarioLicitado>$AN68)),\"ACIMA REF.\",\nIF(AND($C68=\"S\",$P68<>\"\",$Q68<>\"\",$T68=0,$U68>0),\"QUANT.\",\nIF(AND(Import.TipoArredondamento=\"TransfereGOV\",$L68=\"F\",$C68=\"S\",LEN($Q68)>13),\"Código >13\",\nIF(AND(Import.TipoArredondamento=\"TransfereGOV\",$L68=\"F\",$C68<>\"S\",LEN($R68)>100),\"Descrição >100\",\nIF(AND(Import.TipoArredondamento=\"TransfereGOV\",$L68=\"F\",$C68=\"S\",LEN($R68)>500),\"Descrição >500\",\nIF(AND(Import.TipoArredondamento=\"TransfereGOV\",$L68=\"F\",$C68=\"S\",LEFT(TRIM(UPPER($P68)),6)<>\"SINAPI\",ISNA(VLOOKUP(TRIM(UPPER($S68)),ListaTgov.Unidades,1,FALSE))),\"Unid. Não Disp\",\n\" \"))))))))))))))))","v":{"$error":"#NAME?"}},{"$f":"IF(C68<=CRONO.NivelExibicao,MAX($AD$15:OFFSET(AD68,-1,0))+IF($C68<>1,1,MAX(1,COUNTIF(QCI!$A$13:$A$24,OFFSET($E68,-1,0)))),\"\")","v":""},{"$f":"IF(AND($C68=\"S\",ORÇAMENTO.CodBarra<>\"\"),IF(ORÇAMENTO.Fonte=\"\",ORÇAMENTO.CodBarra,CONCATENATE(ORÇAMENTO.Fonte,\" \",ORÇAMENTO.CodBarra)))","v":false},{"$f":"IF(ISERROR(INDIRECT(ORÇAMENTO.BancoRef)),\"(abra o arquivo 'Referência \"&Excel_BuiltIn_Database&\".xlsm)\",IF(OR($C68<>\"S\",ORÇAMENTO.CodBarra=\"\"),\"(Sem Código)\",IF(ISERROR(MATCH($AE68,INDIRECT(ORÇAMENTO.BancoRef),0)),\"(Código não identificado nas referências)\",MATCH($AE68,INDIRECT(ORÇAMENTO.BancoRef),0))))","v":"(Sem Código)"},{"$f":"ROUND(IF(DESONERACAO=\"sim\",REFERENCIA.Desonerado,REFERENCIA.NaoDesonerado),2)","v":0},0.26,null,null,null,null,0,0]
["S",3,"S",0,{"$f":"IF($C69=1,OFFSET(E69,-1,0)+MAX(1,COUNTIF(QCI!$A$13:$A$24,OFFSET(ORÇAMENTO!E69,-1,0))),OFFSET(E69,-1,0))","v":1},2,2,0,10,0,{"$f":"IF(OR($C69=\"S\",$C69=0),0,MATCH(OFFSET($D69,0,$C69)+IF($C69<>1,1,COUNTIF(QCI!$A$13:$A$24,ORÇAMENTO!E69)),OFFSET($D69,1,$C69,ROW($C$270)-ROW($C69)),0))","v":0},"","Serviço","Serviço","-","SINAPI",null,{"$f":"IF($C69=\"S\",REFERENCIA.Descricao,\"(digite a descrição aqui)\")","v":"(Sem Código)"},{"$f":"REFERENCIA.Unidade","v":"-"},{"$f":"OFFSET(CÁLCULO!H$15,ROW($T69)-ROW(T$15),0)","v":0},null,"BDI 1",{"$f":"IF($C69=\"S\",ROUND(IF(TIPOORCAMENTO=\"Proposto\",ORÇAMENTO.CustoUnitario*(1+$AH69),ORÇAMENTO.PrecoUnitarioLicitado),15-13*$AF$10),0)","v":0},{"$f":"IF($C69=\"S\",IF(OR(Import.TipoArredondamento<>\"TransfereGOV\",ACOMPANHAMENTO=\"BM\"),VTOTAL1,SUM(OFFSET(CÁLCULO!$AA$15,ROW($X69)-ROW($X$15),1):OFFSET(CÁLCULO!$AL$15,ROW($X69)-ROW($X$15),-1))),IF($C69=0,0,ROUND(SomaAgrup,15-13*$AF$11)))","v":0},"RA","",{"$f":"IF($C69=\"S\",IF($Z69=\"CP\",$X69,IF($Z69=\"RA\",(($X69)*QCI!$AA$3),0)),SomaAgrup)","v":0},0,{"$f":"IF($N69=\"\",\" \",\nIF(AND($C69<>\"S\",OR($R69=\"\",$R69=\"(digite a descrição aqui)\")),\"DESCRIÇÃO\",\nIF(AND($C69=\"S\",OR($Q69<>\"\",$T69>0,$U69>0),$P69=\"\"),\"FONTE\",\nIF(AND($C69=\"S\",$P69<>\"\",OR($T69>0,$U69>0),$Q69=\"\"),\"CÓDIGO\",\nIF(AND($C69=\"S\",$P69<>\"\",$Q69<>\"\",$R69=\"(Código não identificado nas referências)\"),\"CÓDIGO N/ID\",\nIF(AND($C69=\"S\",OR($R69=\"\",$R69=\"(digite a descrição aqui)\"),OR($Q69<>\"\",$T69>0,$U69>0)),\"DESCRIÇÃO\",\nIF(AND($C69=\"S\",$P69<>\"\",$Q69<>\"\",$S69=\"\"),\"UNIDADE\",\nIF(AND($C69=\"S\",$P69<>\"\",$Q69<>\"\",$U69=0),\"SEM CUSTO\",\nIF(AND(_xlfn.SINGLE(TIPOORCAMENTO)=\"Licitado\",$AL69=0,$AN69>0),\"SEM PREÇO\",\nIF(AND($C69=\"S\",$P69<>\"\",$Q69<>\"\",$U69>0,AND($V69<>\"BDI 1\",$V69<>\"BDI 2\",$V69<>\"BDI 3\")),IF(ISNUMBER($V69),\"JUSTIFICAR BDI\",\"BDI\"),\nIF(OR(AND(import.recurso=\"OGU\",TIPOORCAMENTO=\"Proposto\",LEFT($O$8,5)<>\"(N/D:\",$AG69<>\"\",ORÇAMENTO.CustoUnitario>$AG69),AND(TIPOORCAMENTO=\"LICITADO\",ORÇAMENTO.PrecoUnitarioLicitado>$AN69)),\"ACIMA REF.\",\nIF(AND($C69=\"S\",$P69<>\"\",$Q69<>\"\",$T69=0,$U69>0),\"QUANT.\",\nIF(AND(Import.TipoArredondamento=\"TransfereGOV\",$L69=\"F\",$C69=\"S\",LEN($Q69)>13),\"Código >13\",\nIF(AND(Import.TipoArredondamento=\"TransfereGOV\",$L69=\"F\",$C69<>\"S\",LEN($R69)>100),\"Descrição >100\",\nIF(AND(Import.TipoArredondamento=\"TransfereGOV\",$L69=\"F\",$C69=\"S\",LEN($R69)>500),\"Descrição >500\",\nIF(AND(Import.TipoArredondamento=\"TransfereGOV\",$L69=\"F\",$C69=\"S\",LEFT(TRIM(UPPER($P69)),6)<>\"SINAPI\",ISNA(VLOOKUP(TRIM(UPPER($S69)),ListaTgov.Unidades,1,FALSE))),\"Unid. Não Disp\",\n\" \"))))))))))))))))","v":{"$error":"#NAME?"}},{"$f":"IF(C69<=CRONO.NivelExibicao,MAX($AD$15:OFFSET(AD69,-1,0))+IF($C69<>1,1,MAX(1,COUNTIF(QCI!$A$13:$A$24,OFFSET($E69,-1,0)))),\"\")","v":""},{"$f":"IF(AND($C69=\"S\",ORÇAMENTO.CodBarra<>\"\"),IF(ORÇAMENTO.Fonte=\"\",ORÇAMENTO.CodBarra,CONCATENATE(ORÇAMENTO.Fonte,\" \",ORÇAMENTO.CodBarra)))","v":false},{"$f":"IF(ISERROR(INDIRECT(ORÇAMENTO.BancoRef)),\"(abra o arquivo 'Referência \"&Excel_BuiltIn_Database&\".xlsm)\",IF(OR($C69<>\"S\",ORÇAMENTO.CodBarra=\"\"),\"(Sem Código)\",IF(ISERROR(MATCH($AE69,INDIRECT(ORÇAMENTO.BancoRef),0)),\"(Código não identificado nas referências)\",MATCH($AE69,INDIRECT(ORÇAMENTO.BancoRef),0))))","v":"(Sem Código)"},{"$f":"ROUND(IF(DESONERACAO=\"sim\",REFERENCIA.Desonerado,REFERENCIA.NaoDesonerado),2)","v":0},0.26,null,null,null,null,0,0]
["S",3,"S",0,{"$f":"IF($C70=1,OFFSET(E70,-1,0)+MAX(1,COUNTIF(QCI!$A$13:$A$24,OFFSET(ORÇAMENTO!E70,-1,0))),OFFSET(E70,-1,0))","v":1},2,2,0,10,0,{"$f":"IF(OR($C70=\"S\",$C70=0),0,MATCH(OFFSET($D70,0,$C70)+IF($C70<>1,1,COUNTIF(QCI!$A$13:$A$24,ORÇAMENTO!E70)),OFFSET($D70,1,$C70,ROW($C$270)-ROW($C70)),0))","v":0},"","Serviço","Serviço","-","SINAPI",null,{"$f":"IF($C70=\"S\",REFERENCIA.Descricao,\"(digite a descrição aqui)\")","v":"(Sem Código)"},{"$f":"REFERENCIA.Unidade","v":"-"},{"$f":"OFFSET(CÁLCULO!H$15,ROW($T70)-ROW(T$15),0)","v":0},null,"BDI 1",{"$f":"IF($C70=\"S\",ROUND(IF(TIPOORCAMENTO=\"Proposto\",ORÇAMENTO.CustoUnitario*(1+$AH70),ORÇAMENTO.PrecoUnitarioLicitado),15-13*$AF$10),0)","v":0},{"$f":"IF($C70=\"S\",IF(OR(Import.TipoArredondamento<>\"TransfereGOV\",ACOMPANHAMENTO=\"BM\"),VTOTAL1,SUM(OFFSET(CÁLCULO!$AA$15,ROW($X70)-ROW($X$15),1):OFFSET(CÁLCULO!$AL$15,ROW($X70)-ROW($X$15),-1))),IF($C70=0,0,ROUND(SomaAgrup,15-13*$AF$11)))","v":0},"RA","",{"$f":"IF($C70=\"S\",IF($Z70=\"CP\",$X70,IF($Z70=\"RA\",(($X70)*QCI!$AA$3),0)),SomaAgrup)","v":0},0,{"$f":"IF($N70=\"\",\" \",\nIF(AND($C70<>\"S\",OR($R70=\"\",$R70=\"(digite a descrição aqui)\")),\"DESCRIÇÃO\",\nIF(AND($C70=\"S\",OR($Q70<>\"\",$T70>0,$U70>0),$P70=\"\"),\"FONTE\",\nIF(AND($C70=\"S\",$P70<>\"\",OR($T70>0,$U70>0),$Q70=\"\"),\"CÓDIGO\",\nIF(AND($C70=\"S\",$P70<>\"\",$Q70<>\"\",$R70=\"(Código não identificado nas referências)\"),\"CÓDIGO N/ID\",\nIF(AND($C70=\"S\",OR($R70=\"\",$R70=\"(digite a descrição aqui)\"),OR($Q70<>\"\",$T70>0,$U70>0)),\"DESCRIÇÃO\",\nIF(AND($C70=\"S\",$P70<>\"\",$Q70<>\"\",$S70=\"\"),\"UNIDADE\",\nIF(AND($C70=\"S\",$P70<>\"\",$Q70<>\"\",$U70=0),\"SEM CUSTO\",\nIF(AND(_xlfn.SINGLE(TIPOORCAMENTO)=\"Licitado\",$AL70=0,$AN70>0),\"SEM PREÇO\",\nIF(AND($C70=\"S\",$P70<>\"\",$Q70<>\"\",$U70>0,AND($V70<>\"BDI 1\",$V70<>\"BDI 2\",$V70<>\"BDI 3\")),IF(ISNUMBER($V70),\"JUSTIFICAR BDI\",\"BDI\"),\nIF(OR(AND(import.recurso=\"OGU\",TIPOORCAMENTO=\"Proposto\",LEFT($O$8,5)<>\"(N/D:\",$AG70<>\"\",ORÇAMENTO.CustoUnitario>$AG70),AND(TIPOORCAMENTO=\"LICITADO\",ORÇAMENTO.PrecoUnitarioLicitado>$AN70)),\"ACIMA REF.\",\nIF(AND($C70=\"S\",$P70<>\"\",$Q70<>\"\",$T70=0,$U70>0),\"QUANT.\",\nIF(AND(Import.TipoArredondamento=\"TransfereGOV\",$L70=\"F\",$C70=\"S\",LEN($Q70)>13),\"Código >13\",\nIF(AND(Import.TipoArredondamento=\"TransfereGOV\",$L70=\"F\",$C70<>\"S\",LEN($R70)>100),\"Descrição >100\",\nIF(AND(Import.TipoArredondamento=\"TransfereGOV\",$L70=\"F\",$C70=\"S\",LEN($R70)>500),\"Descrição >500\",\nIF(AND(Import.TipoArredondamento=\"TransfereGOV\",$L70=\"F\",$C70=\"S\",LEFT(TRIM(UPPER($P70)),6)<>\"SINAPI\",ISNA(VLOOKUP(TRIM(UPPER($S70)),ListaTgov.Unidades,1,FALSE))),\"Unid. Não Disp\",\n\" \"))))))))))))))))","v":{"$error":"#NAME?"}},{"$f":"IF(C70<=CRONO.NivelExibicao,MAX($AD$15:OFFSET(AD70,-1,0))+IF($C70<>1,1,MAX(1,COUNTIF(QCI!$A$13:$A$24,OFFSET($E70,-1,0)))),\"\")","v":""},{"$f":"IF(AND($C70=\"S\",ORÇAMENTO.CodBarra<>\"\"),IF(ORÇAMENTO.Fonte=\"\",ORÇAMENTO.CodBarra,CONCATENATE(ORÇAMENTO.Fonte,\" \",ORÇAMENTO.CodBarra)))","v":false},{"$f":"IF(ISERROR(INDIRECT(ORÇAMENTO.BancoRef)),\"(abra o arquivo 'Referência \"&Excel_BuiltIn_Database&\".xlsm)\",IF(OR($C70<>\"S\",ORÇAMENTO.CodBarra=\"\"),\"(Sem Código)\",IF(ISERROR(MATCH($AE70,INDIRECT(ORÇAMENTO.BancoRef),0)),\"(Código não identificado nas referências)\",MATCH($AE70,INDIRECT(ORÇAMENTO.BancoRef),0))))","v":"(Sem Código)"},{"$f":"ROUND(IF(DESONERACAO=\"sim\",REFERENCIA.Desonerado,REFERENCIA.NaoDesonerado),2)","v":0},0.26,null,null,null,null,0,0]
["S",3,"S",0,{"$f":"IF($C71=1,OFFSET(E71,-1,0)+MAX(1,COUNTIF(QCI!$A$13:$A$24,OFFSET(ORÇAMENTO!E71,-1,0))),OFFSET(E71,-1,0))","v":1},2,2,0,10,0,{"$f":"IF(OR($C71=\"S\",$C71=0),0,MATCH(OFFSET($D71,0,$C71)+IF($C71<>1,1,COUNTIF(QCI!$A$13:$A$24,ORÇAMENTO!E71)),OFFSET($D71,1,$C71,ROW($C$270)-ROW($C71)),0))","v":0},"","Serviço","Serviço","-","SINAPI",null,{"$f":"IF($C71=\"S\",REFERENCIA.Descricao,\"(digite a descrição aqui)\")","v":"(Sem Código)"},{"$f":"REFERENCIA.Unidade","v":"-"},{"$f":"OFFSET(CÁLCULO!H$15,ROW($T71)-ROW(T$15),0)","v":0},null,"BDI 1",{"$f":"IF($C71=\"S\",ROUND(IF(TIPOORCAMENTO=\"Proposto\",ORÇAMENTO.CustoUnitario*(1+$AH71),ORÇAMENTO.PrecoUnitarioLicitado),15-13*$AF$10),0)","v":0},{"$f":"IF($C71=\"S\",IF(OR(Import.TipoArredondamento<>\"TransfereGOV\",ACOMPANHAMENTO=\"BM\"),VTOTAL1,SUM(OFFSET(CÁLCULO!$AA$15,ROW($X71)-ROW($X$15),1):OFFSET(CÁLCULO!$AL$15,ROW($X71)-ROW($X$15),-1))),IF($C71=0,0,ROUND(SomaAgrup,15-13*$AF$11)))","v":0},"RA","",{"$f":"IF($C71=\"S\",IF($Z71=\"CP\",$X71,IF($Z71=\"RA\",(($X71)*QCI!$AA$3),0)),SomaAgrup)","v":0},0,{"$f":"IF($N71=\"\",\" \",\nIF(AND($C71<>\"S\",OR($R71=\"\",$R71=\"(digite a descrição aqui)\")),\"DESCRIÇÃO\",\nIF(AND($C71=\"S\",OR($Q71<>\"\",$T71>0,$U71>0),$P71=\"\"),\"FONTE\",\nIF(AND($C71=\"S\",$P71<>\"\",OR($T71>0,$U71>0),$Q71=\"\"),\"CÓDIGO\",\nIF(AND($C71=\"S\",$P71<>\"\",$Q71<>\"\",$R71=\"(Código não identificado nas referências)\"),\"CÓDIGO N/ID\",\nIF(AND($C71=\"S\",OR($R71=\"\",$R71=\"(digite a descrição aqui)\"),OR($Q71<>\"\",$T71>0,$U71>0)),\"DESCRIÇÃO\",\nIF(AND($C71=\"S\",$P71<>\"\",$Q71<>\"\",$S71=\"\"),\"UNIDADE\",\nIF(AND($C71=\"S\",$P71<>\"\",$Q71<>\"\",$U71=0),\"SEM CUSTO\",\nIF(AND(_xlfn.SINGLE(TIPOORCAMENTO)=\"Licitado\",$AL71=0,$AN71>0),\"SEM PREÇO\",\nIF(AND($C71=\"S\",$P71<>\"\",$Q71<>\"\",$U71>0,AND($V71<>\"BDI 1\",$V71<>\"BDI 2\",$V71<>\"BDI 3\")),IF(ISNUMBER($V71),\"JUSTIFICAR BDI\",\"BDI\"),\nIF(OR(AND(import.recurso=\"OGU\",TIPOORCAMENTO=\"Proposto\",LEFT($O$8,5)<>\"(N/D:\",$AG71<>\"\",ORÇAMENTO.CustoUnitario>$AG71),AND(TIPOORCAMENTO=\"LICITADO\",ORÇAMENTO.PrecoUnitarioLicitado>$AN71)),\"ACIMA REF.\",\nIF(AND($C71=\"S\",$P71<>\"\",$Q71<>\"\",$T71=0,$U71>0),\"QUANT.\",\nIF(AND(Import.TipoArredondamento=\"TransfereGOV\",$L71=\"F\",$C71=\"S\",LEN($Q71)>13),\"Código >13\",\nIF(AND(Import.TipoArredondamento=\"TransfereGOV\",$L71=\"F\",$C71<>\"S\",LEN($R71)>100),\"Descrição >100\",\nIF(AND(Import.TipoArredondamento=\"TransfereGOV\",$L71=\"F\",$C71=\"S\",LEN($R71)>500),\"Descrição >500\",\nIF(AND(Import.TipoArredondamento=\"TransfereGOV\",$L71=\"F\",$C71=\"S\",LEFT(TRIM(UPPER($P71)),6)<>\"SINAPI\",ISNA(VLOOKUP(TRIM(UPPER($S71)),ListaTgov.Unidades,1,FALSE))),\"Unid. Não Disp\",\n\" \"))))))))))))))))","v":{"$error":"#NAME?"}},{"$f":"IF(C71<=CRONO.NivelExibicao,MAX($AD$15:OFFSET(AD71,-1,0))+IF($C71<>1,1,MAX(1,COUNTIF(QCI!$A$13:$A$24,OFFSET($E71,-1,0)))),\"\")","v":""},{"$f":"IF(AND($C71=\"S\",ORÇAMENTO.CodBarra<>\"\"),IF(ORÇAMENTO.Fonte=\"\",ORÇAMENTO.CodBarra,CONCATENATE(ORÇAMENTO.Fonte,\" \",ORÇAMENTO.CodBarra)))","v":false},{"$f":"IF(ISERROR(INDIRECT(ORÇAMENTO.BancoRef)),\"(abra o arquivo 'Referência \"&Excel_BuiltIn_Database&\".xlsm)\",IF(OR($C71<>\"S\",ORÇAMENTO.CodBarra=\"\"),\"(Sem Código)\",IF(ISERROR(MATCH($AE71,INDIRECT(ORÇAMENTO.BancoRef),0)),\"(Código não identificado nas referências)\",MATCH($AE71,INDIRECT(ORÇAMENTO.BancoRef),0))))","v":"(Sem Código)"},{"$f":"ROUND(IF(DESONERACAO=\"sim\",REFERENCIA.Desonerado,REFERENCIA.NaoDesonerado),2)","v":0},0.26,null,null,null,null,0,0]
["S",3,"S",0,{"$f":"IF($C72=1,OFFSET(E72,-1,0)+MAX(1,COUNTIF(QCI!$A$13:$A$24,OFFSET(ORÇAMENTO!E72,-1,0))),OFFSET(E72,-1,0))","v":1},2,2,0,10,0,{"$f":"IF(OR($C72=\"S\",$C72=0),0,MATCH(OFFSET($D72,0,$C72)+IF($C72<>1,1,COUNTIF(QCI!$A$13:$A$24,ORÇAMENTO!E72)),OFFSET($D72,1,$C72,ROW($C$270)-ROW($C72)),0))","v":0},"","Serviço","Serviço","-","SINAPI",null,{"$f":"IF($C72=\"S\",REFERENCIA.Descricao,\"(digite a descrição aqui)\")","v":"(Sem Código)"},{"$f":"REFERENCIA.Unidade","v":"-"},{"$f":"OFFSET(CÁLCULO!H$15,ROW($T72)-ROW(T$15),0)","v":0},null,"BDI 1",{"$f":"IF($C72=\"S\",ROUND(IF(TIPOORCAMENTO=\"Proposto\",ORÇAMENTO.CustoUnitario*(1+$AH72),ORÇAMENTO.PrecoUnitarioLicitado),15-13*$AF$10),0)","v":0},{"$f":"IF($C72=\"S\",IF(OR(Import.TipoArredondamento<>\"TransfereGOV\",ACOMPANHAMENTO=\"BM\"),VTOTAL1,SUM(OFFSET(CÁLCULO!$AA$15,ROW($X72)-ROW($X$15),1):OFFSET(CÁLCULO!$AL$15,ROW($X72)-ROW($X$15),-1))),IF($C72=0,0,ROUND(SomaAgrup,15-13*$AF$11)))","v":0},"RA","",{"$f":"IF($C72=\"S\",IF($Z72=\"CP\",$X72,IF($Z72=\"RA\",(($X72)*QCI!$AA$3),0)),SomaAgrup)","v":0},0,{"$f":"IF($N72=\"\",\" \",\nIF(AND($C72<>\"S\",OR($R72=\"\",$R72=\"(digite a descrição aqui)\")),\"DESCRIÇÃO\",\nIF(AND($C72=\"S\",OR($Q72<>\"\",$T72>0,$U72>0),$P72=\"\"),\"FONTE\",\nIF(AND($C72=\"S\",$P72<>\"\",OR($T72>0,$U72>0),$Q72=\"\"),\"CÓDIGO\",\nIF(AND($C72=\"S\",$P72<>\"\",$Q72<>\"\",$R72=\"(Código não identificado nas referências)\"),\"CÓDIGO N/ID\",\nIF(AND($C72=\"S\",OR($R72=\"\",$R72=\"(digite a descrição aqui)\"),OR($Q72<>\"\",$T72>0,$U72>0)),\"DESCRIÇÃO\",\nIF(AND($C72=\"S\",$P72<>\"\",$Q72<>\"\",$S72=\"\"),\"UNIDADE\",\nIF(AND($C72=\"S\",$P72<>\"\",$Q72<>\"\",$U72=0),\"SEM CUSTO\",\nIF(AND(_xlfn.SINGLE(TIPOORCAMENTO)=\"Licitado\",$AL72=0,$AN72>0),\"SEM PREÇO\",\nIF(AND($C72=\"S\",$P72<>\"\",$Q72<>\"\",$U72>0,AND($V72<>\"BDI 1\",$V72<>\"BDI 2\",$V72<>\"BDI 3\")),IF(ISNUMBER($V72),\"JUSTIFICAR BDI\",\"BDI\"),\nIF(OR(AND(import.recurso=\"OGU\",TIPOORCAMENTO=\"Proposto\",LEFT($O$8,5)<>\"(N/D:\",$AG72<>\"\",ORÇAMENTO.CustoUnitario>$AG72),AND(TIPOORCAMENTO=\"LICITADO\",ORÇAMENTO.PrecoUnitarioLicitado>$AN72)),\"ACIMA REF.\",\nIF(AND($C72=\"S\",$P72<>\"\",$Q72<>\"\",$T72=0,$U72>0),\"QUANT.\",\nIF(AND(Import.TipoArredondamento=\"TransfereGOV\",$L72=\"F\",$C72=\"S\",LEN($Q72)>13),\"Código >13\",\nIF(AND(Import.TipoArredondamento=\"TransfereGOV\",$L72=\"F\",$C72<>\"S\",LEN($R72)>100),\"Descrição >100\",\nIF(AND(Import.TipoArredondamento=\"TransfereGOV\",$L72=\"F\",$C72=\"S\",LEN($R72)>500),\"Descrição >500\",\nIF(AND(Import.TipoArredondamento=\"TransfereGOV\",$L72=\"F\",$C72=\"S\",LEFT(TRIM(UPPER($P72)),6)<>\"SINAPI\",ISNA(VLOOKUP(TRIM(UPPER($S72)),ListaTgov.Unidades,1,FALSE))),\"Unid. Não Disp\",\n\" \"))))))))))))))))","v":{"$error":"#NAME?"}},{"$f":"IF(C72<=CRONO.NivelExibicao,MAX($AD$15:OFFSET(AD72,-1,0))+IF($C72<>1,1,MAX(1,COUNTIF(QCI!$A$13:$A$24,OFFSET($E72,-1,0)))),\"\")","v":""},{"$f":"IF(AND($C72=\"S\",ORÇAMENTO.CodBarra<>\"\"),IF(ORÇAMENTO.Fonte=\"\",ORÇAMENTO.CodBarra,CONCATENATE(ORÇAMENTO.Fonte,\" \",ORÇAMENTO.CodBarra)))","v":false},{"$f":"IF(ISERROR(INDIRECT(ORÇAMENTO.BancoRef)),\"(abra o arquivo 'Referência \"&Excel_BuiltIn_Database&\".xlsm)\",IF(OR($C72<>\"S\",ORÇAMENTO.CodBarra=\"\"),\"(Sem Código)\",IF(ISERROR(MATCH($AE72,INDIRECT(ORÇAMENTO.BancoRef),0)),\"(Código não identificado nas referências)\",MATCH($AE72,INDIRECT(ORÇAMENTO.BancoRef),0))))","v":"(Sem Código)"},{"$f":"ROUND(IF(DESONERACAO=\"sim\",REFERENCIA.Desonerado,REFERENCIA.NaoDesonerado),2)","v":0},0.26,null,null,null,null,0,0]
["S",3,"S",0,{"$f":"IF($C73=1,OFFSET(E73,-1,0)+MAX(1,COUNTIF(QCI!$A$13:$A$24,OFFSET(ORÇAMENTO!E73,-1,0))),OFFSET(E73,-1,0))","v":1},2,2,0,10,0,{"$f":"IF(OR($C73=\"S\",$C73=0),0,MATCH(OFFSET($D73,0,$C73)+IF($C73<>1,1,COUNTIF(QCI!$A$13:$A$24,ORÇAMENTO!E73)),OFFSET($D73,1,$C73,ROW($C$270)-ROW($C73)),0))","v":0},"","Serviço","Serviço","-","SINAPI",null,{"$f":"IF($C73=\"S\",REFERENCIA.Descricao,\"(digite a descrição aqui)\")","v":"(Sem Código)"},{"$f":"REFERENCIA.Unidade","v":"-"},{"$f":"OFFSET(CÁLCULO!H$15,ROW($T73)-ROW(T$15),0)","v":0},null,"BDI 1",{"$f":"IF($C73=\"S\",ROUND(IF(TIPOORCAMENTO=\"Proposto\",ORÇAMENTO.CustoUnitario*(1+$AH73),ORÇAMENTO.PrecoUnitarioLicitado),15-13*$AF$10),0)","v":0},{"$f":"IF($C73=\"S\",IF(OR(Import.TipoArredondamento<>\"TransfereGOV\",ACOMPANHAMENTO=\"BM\"),VTOTAL1,SUM(OFFSET(CÁLCULO!$AA$15,ROW($X73)-ROW($X$15),1):OFFSET(CÁLCULO!$AL$15,ROW($X73)-ROW($X$15),-1))),IF($C73=0,0,ROUND(SomaAgrup,15-13*$AF$11)))","v":0},"RA","",{"$f":"IF($C73=\"S\",IF($Z73=\"CP\",$X73,IF($Z73=\"RA\",(($X73)*QCI!$AA$3),0)),SomaAgrup)","v":0},0,{"$f":"IF($N73=\"\",\" \",\nIF(AND($C73<>\"S\",OR($R73=\"\",$R73=\"(digite a descrição aqui)\")),\"DESCRIÇÃO\",\nIF(AND($C73=\"S\",OR($Q73<>\"\",$T73>0,$U73>0),$P73=\"\"),\"FONTE\",\nIF(AND($C73=\"S\",$P73<>\"\",OR($T73>0,$U73>0),$Q73=\"\"),\"CÓDIGO\",\nIF(AND($C73=\"S\",$P73<>\"\",$Q73<>\"\",$R73=\"(Código não identificado nas referências)\"),\"CÓDIGO N/ID\",\nIF(AND($C73=\"S\",OR($R73=\"\",$R73=\"(digite a descrição aqui)\"),OR($Q73<>\"\",$T73>0,$U73>0)),\"DESCRIÇÃO\",\nIF(AND($C73=\"S\",$P73<>\"\",$Q73<>\"\",$S73=\"\"),\"UNIDADE\",\nIF(AND($C73=\"S\",$P73<>\"\",$Q73<>\"\",$U73=0),\"SEM CUSTO\",\nIF(AND(_xlfn.SINGLE(TIPOORCAMENTO)=\"Licitado\",$AL73=0,$AN73>0),\"SEM PREÇO\",\nIF(AND($C73=\"S\",$P73<>\"\",$Q73<>\"\",$U73>0,AND($V73<>\"BDI 1\",$V73<>\"BDI 2\",$V73<>\"BDI 3\")),IF(ISNUMBER($V73),\"JUSTIFICAR BDI\",\"BDI\"),\nIF(OR(AND(import.recurso=\"OGU\",TIPOORCAMENTO=\"Proposto\",LEFT($O$8,5)<>\"(N/D:\",$AG73<>\"\",ORÇAMENTO.CustoUnitario>$AG73),AND(TIPOORCAMENTO=\"LICITADO\",ORÇAMENTO.PrecoUnitarioLicitado>$AN73)),\"ACIMA REF.\",\nIF(AND($C73=\"S\",$P73<>\"\",$Q73<>\"\",$T73=0,$U73>0),\"QUANT.\",\nIF(AND(Import.TipoArredondamento=\"TransfereGOV\",$L73=\"F\",$C73=\"S\",LEN($Q73)>13),\"Código >13\",\nIF(AND(Import.TipoArredondamento=\"TransfereGOV\",$L73=\"F\",$C73<>\"S\",LEN($R73)>100),\"Descrição >100\",\nIF(AND(Import.TipoArredondamento=\"TransfereGOV\",$L73=\"F\",$C73=\"S\",LEN($R73)>500),\"Descrição >500\",\nIF(AND(Import.TipoArredondamento=\"TransfereGOV\",$L73=\"F\",$C73=\"S\",LEFT(TRIM(UPPER($P73)),6)<>\"SINAPI\",ISNA(VLOOKUP(TRIM(UPPER($S73)),ListaTgov.Unidades,1,FALSE))),\"Unid. Não Disp\",\n\" \"))))))))))))))))","v":{"$error":"#NAME?"}},{"$f":"IF(C73<=CRONO.NivelExibicao,MAX($AD$15:OFFSET(AD73,-1,0))+IF($C73<>1,1,MAX(1,COUNTIF(QCI!$A$13:$A$24,OFFSET($E73,-1,0)))),\"\")","v":""},{"$f":"IF(AND($C73=\"S\",ORÇAMENTO.CodBarra<>\"\"),IF(ORÇAMENTO.Fonte=\"\",ORÇAMENTO.CodBarra,CONCATENATE(ORÇAMENTO.Fonte,\" \",ORÇAMENTO.CodBarra)))","v":false},{"$f":"IF(ISERROR(INDIRECT(ORÇAMENTO.BancoRef)),\"(abra o arquivo 'Referência \"&Excel_BuiltIn_Database&\".xlsm)\",IF(OR($C73<>\"S\",ORÇAMENTO.CodBarra=\"\"),\"(Sem Código)\",IF(ISERROR(MATCH($AE73,INDIRECT(ORÇAMENTO.BancoRef),0)),\"(Código não identificado nas referências)\",MATCH($AE73,INDIRECT(ORÇAMENTO.BancoRef),0))))","v":"(Sem Código)"},{"$f":"ROUND(IF(DESONERACAO=\"sim\",REFERENCIA.Desonerado,REFERENCIA.NaoDesonerado),2)","v":0},0.26,null,null,null,null,0,0]
["S",3,"S",0,{"$f":"IF($C74=1,OFFSET(E74,-1,0)+MAX(1,COUNTIF(QCI!$A$13:$A$24,OFFSET(ORÇAMENTO!E74,-1,0))),OFFSET(E74,-1,0))","v":1},2,2,0,10,0,{"$f":"IF(OR($C74=\"S\",$C74=0),0,MATCH(OFFSET($D74,0,$C74)+IF($C74<>1,1,COUNTIF(QCI!$A$13:$A$24,ORÇAMENTO!E74)),OFFSET($D74,1,$C74,ROW($C$270)-ROW($C74)),0))","v":0},"","Serviço","Serviço","-","SINAPI",null,{"$f":"IF($C74=\"S\",REFERENCIA.Descricao,\"(digite a descrição aqui)\")","v":"(Sem Código)"},{"$f":"REFERENCIA.Unidade","v":"-"},{"$f":"OFFSET(CÁLCULO!H$15,ROW($T74)-ROW(T$15),0)","v":0},null,"BDI 1",{"$f":"IF($C74=\"S\",ROUND(IF(TIPOORCAMENTO=\"Proposto\",ORÇAMENTO.CustoUnitario*(1+$AH74),ORÇAMENTO.PrecoUnitarioLicitado),15-13*$AF$10),0)","v":0},{"$f":"IF($C74=\"S\",IF(OR(Import.TipoArredondamento<>\"TransfereGOV\",ACOMPANHAMENTO=\"BM\"),VTOTAL1,SUM(OFFSET(CÁLCULO!$AA$15,ROW($X74)-ROW($X$15),1):OFFSET(CÁLCULO!$AL$15,ROW($X74)-ROW($X$15),-1))),IF($C74=0,0,ROUND(SomaAgrup,15-13*$AF$11)))","v":0},"RA","",{"$f":"IF($C74=\"S\",IF($Z74=\"CP\",$X74,IF($Z74=\"RA\",(($X74)*QCI!$AA$3),0)),SomaAgrup)","v":0},0,{"$f":"IF($N74=\"\",\" \",\nIF(AND($C74<>\"S\",OR($R74=\"\",$R74=\"(digite a descrição aqui)\")),\"DESCRIÇÃO\",\nIF(AND($C74=\"S\",OR($Q74<>\"\",$T74>0,$U74>0),$P74=\"\"),\"FONTE\",\nIF(AND($C74=\"S\",$P74<>\"\",OR($T74>0,$U74>0),$Q74=\"\"),\"CÓDIGO\",\nIF(AND($C74=\"S\",$P74<>\"\",$Q74<>\"\",$R74=\"(Código não identificado nas referências)\"),\"CÓDIGO N/ID\",\nIF(AND($C74=\"S\",OR($R74=\"\",$R74=\"(digite a descrição aqui)\"),OR($Q74<>\"\",$T74>0,$U74>0)),\"DESCRIÇÃO\",\nIF(AND($C74=\"S\",$P74<>\"\",$Q74<>\"\",$S74=\"\"),\"UNIDADE\",\nIF(AND($C74=\"S\",$P74<>\"\",$Q74<>\"\",$U74=0),\"SEM CUSTO\",\nIF(AND(_xlfn.SINGLE(TIPOORCAMENTO)=\"Licitado\",$AL74=0,$AN74>0),\"SEM PREÇO\",\nIF(AND($C74=\"S\",$P74<>\"\",$Q74<>\"\",$U74>0,AND($V74<>\"BDI 1\",$V74<>\"BDI 2\",$V74<>\"BDI 3\")),IF(ISNUMBER($V74),\"JUSTIFICAR BDI\",\"BDI\"),\nIF(OR(AND(import.recurso=\"OGU\",TIPOORCAMENTO=\"Proposto\",LEFT($O$8,5)<>\"(N/D:\",$AG74<>\"\",ORÇAMENTO.CustoUnitario>$AG74),AND(TIPOORCAMENTO=\"LICITADO\",ORÇAMENTO.PrecoUnitarioLicitado>$AN74)),\"ACIMA REF.\",\nIF(AND($C74=\"S\",$P74<>\"\",$Q74<>\"\",$T74=0,$U74>0),\"QUANT.\",\nIF(AND(Import.TipoArredondamento=\"TransfereGOV\",$L74=\"F\",$C74=\"S\",LEN($Q74)>13),\"Código >13\",\nIF(AND(Import.TipoArredondamento=\"TransfereGOV\",$L74=\"F\",$C74<>\"S\",LEN($R74)>100),\"Descrição >100\",\nIF(AND(Import.TipoArredondamento=\"TransfereGOV\",$L74=\"F\",$C74=\"S\",LEN($R74)>500),\"Descrição >500\",\nIF(AND(Import.TipoArredondamento=\"TransfereGOV\",$L74=\"F\",$C74=\"S\",LEFT(TRIM(UPPER($P74)),6)<>\"SINAPI\",ISNA(VLOOKUP(TRIM(UPPER($S74)),ListaTgov.Unidades,1,FALSE))),\"Unid. Não Disp\",\n\" \"))))))))))))))))","v":{"$error":"#NAME?"}},{"$f":"IF(C74<=CRONO.NivelExibicao,MAX($AD$15:OFFSET(AD74,-1,0))+IF($C74<>1,1,MAX(1,COUNTIF(QCI!$A$13:$A$24,OFFSET($E74,-1,0)))),\"\")","v":""},{"$f":"IF(AND($C74=\"S\",ORÇAMENTO.CodBarra<>\"\"),IF(ORÇAMENTO.Fonte=\"\",ORÇAMENTO.CodBarra,CONCATENATE(ORÇAMENTO.Fonte,\" \",ORÇAMENTO.CodBarra)))","v":false},{"$f":"IF(ISERROR(INDIRECT(ORÇAMENTO.BancoRef)),\"(abra o arquivo 'Referência \"&Excel_BuiltIn_Database&\".xlsm)\",IF(OR($C74<>\"S\",ORÇAMENTO.CodBarra=\"\"),\"(Sem Código)\",IF(ISERROR(MATCH($AE74,INDIRECT(ORÇAMENTO.BancoRef),0)),\"(Código não identificado nas referências)\",MATCH($AE74,INDIRECT(ORÇAMENTO.BancoRef),0))))","v":"(Sem Código)"},{"$f":"ROUND(IF(DESONERACAO=\"sim\",REFERENCIA.Desonerado,REFERENCIA.NaoDesonerado),2)","v":0},0.26,null,null,null,null,0,0]
["S",3,"S",0,{"$f":"IF($C75=1,OFFSET(E75,-1,0)+MAX(1,COUNTIF(QCI!$A$13:$A$24,OFFSET(ORÇAMENTO!E75,-1,0))),OFFSET(E75,-1,0))","v":1},2,2,0,10,0,{"$f":"IF(OR($C75=\"S\",$C75=0),0,MATCH(OFFSET($D75,0,$C75)+IF($C75<>1,1,COUNTIF(QCI!$A$13:$A$24,ORÇAMENTO!E75)),OFFSET($D75,1,$C75,ROW($C$270)-ROW($C75)),0))","v":0},"","Serviço","Serviço","-","SINAPI",null,{"$f":"IF($C75=\"S\",REFERENCIA.Descricao,\"(digite a descrição aqui)\")","v":"(Sem Código)"},{"$f":"REFERENCIA.Unidade","v":"-"},{"$f":"OFFSET(CÁLCULO!H$15,ROW($T75)-ROW(T$15),0)","v":0},null,"BDI 1",{"$f":"IF($C75=\"S\",ROUND(IF(TIPOORCAMENTO=\"Proposto\",ORÇAMENTO.CustoUnitario*(1+$AH75),ORÇAMENTO.PrecoUnitarioLicitado),15-13*$AF$10),0)","v":0},{"$f":"IF($C75=\"S\",IF(OR(Import.TipoArredondamento<>\"TransfereGOV\",ACOMPANHAMENTO=\"BM\"),VTOTAL1,SUM(OFFSET(CÁLCULO!$AA$15,ROW($X75)-ROW($X$15),1):OFFSET(CÁLCULO!$AL$15,ROW($X75)-ROW($X$15),-1))),IF($C75=0,0,ROUND(SomaAgrup,15-13*$AF$11)))","v":0},"RA","",{"$f":"IF($C75=\"S\",IF($Z75=\"CP\",$X75,IF($Z75=\"RA\",(($X75)*QCI!$AA$3),0)),SomaAgrup)","v":0},0,{"$f":"IF($N75=\"\",\" \",\nIF(AND($C75<>\"S\",OR($R75=\"\",$R75=\"(digite a descrição aqui)\")),\"DESCRIÇÃO\",\nIF(AND($C75=\"S\",OR($Q75<>\"\",$T75>0,$U75>0),$P75=\"\"),\"FONTE\",\nIF(AND($C75=\"S\",$P75<>\"\",OR($T75>0,$U75>0),$Q75=\"\"),\"CÓDIGO\",\nIF(AND($C75=\"S\",$P75<>\"\",$Q75<>\"\",$R75=\"(Código não identificado nas referências)\"),\"CÓDIGO N/ID\",\nIF(AND($C75=\"S\",OR($R75=\"\",$R75=\"(digite a descrição aqui)\"),OR($Q75<>\"\",$T75>0,$U75>0)),\"DESCRIÇÃO\",\nIF(AND($C75=\"S\",$P75<>\"\",$Q75<>\"\",$S75=\"\"),\"UNIDADE\",\nIF(AND($C75=\"S\",$P75<>\"\",$Q75<>\"\",$U75=0),\"SEM CUSTO\",\nIF(AND(_xlfn.SINGLE(TIPOORCAMENTO)=\"Licitado\",$AL75=0,$AN75>0),\"SEM PREÇO\",\nIF(AND($C75=\"S\",$P75<>\"\",$Q75<>\"\",$U75>0,AND($V75<>\"BDI 1\",$V75<>\"BDI 2\",$V75<>\"BDI 3\")),IF(ISNUMBER($V75),\"JUSTIFICAR BDI\",\"BDI\"),\nIF(OR(AND(import.recurso=\"OGU\",TIPOORCAMENTO=\"Proposto\",LEFT($O$8,5)<>\"(N/D:\",$AG75<>\"\",ORÇAMENTO.CustoUnitario>$AG75),AND(TIPOORCAMENTO=\"LICITADO\",ORÇAMENTO.PrecoUnitarioLicitado>$AN75)),\"ACIMA REF.\",\nIF(AND($C75=\"S\",$P75<>\"\",$Q75<>\"\",$T75=0,$U75>0),\"QUANT.\",\nIF(AND(Import.TipoArredondamento=\"TransfereGOV\",$L75=\"F\",$C75=\"S\",LEN($Q75)>13),\"Código >13\",\nIF(AND(Import.TipoArredondamento=\"TransfereGOV\",$L75=\"F\",$C75<>\"S\",LEN($R75)>100),\"Descrição >100\",\nIF(AND(Import.TipoArredondamento=\"TransfereGOV\",$L75=\"F\",$C75=\"S\",LEN($R75)>500),\"Descrição >500\",\nIF(AND(Import.TipoArredondamento=\"TransfereGOV\",$L75=\"F\",$C75=\"S\",LEFT(TRIM(UPPER($P75)),6)<>\"SINAPI\",ISNA(VLOOKUP(TRIM(UPPER($S75)),ListaTgov.Unidades,1,FALSE))),\"Unid. Não Disp\",\n\" \"))))))))))))))))","v":{"$error":"#NAME?"}},{"$f":"IF(C75<=CRONO.NivelExibicao,MAX($AD$15:OFFSET(AD75,-1,0))+IF($C75<>1,1,MAX(1,COUNTIF(QCI!$A$13:$A$24,OFFSET($E75,-1,0)))),\"\")","v":""},{"$f":"IF(AND($C75=\"S\",ORÇAMENTO.CodBarra<>\"\"),IF(ORÇAMENTO.Fonte=\"\",ORÇAMENTO.CodBarra,CONCATENATE(ORÇAMENTO.Fonte,\" \",ORÇAMENTO.CodBarra)))","v":false},{"$f":"IF(ISERROR(INDIRECT(ORÇAMENTO.BancoRef)),\"(abra o arquivo 'Referência \"&Excel_BuiltIn_Database&\".xlsm)\",IF(OR($C75<>\"S\",ORÇAMENTO.CodBarra=\"\"),\"(Sem Código)\",IF(ISERROR(MATCH($AE75,INDIRECT(ORÇAMENTO.BancoRef),0)),\"(Código não identificado nas referências)\",MATCH($AE75,INDIRECT(ORÇAMENTO.BancoRef),0))))","v":"(Sem Código)"},{"$f":"ROUND(IF(DESONERACAO=\"sim\",REFERENCIA.Desonerado,REFERENCIA.NaoDesonerado),2)","v":0},0.26,null,null,null,null,0,0]
["S",3,"S",0,{"$f":"IF($C76=1,OFFSET(E76,-1,0)+MAX(1,COUNTIF(QCI!$A$13:$A$24,OFFSET(ORÇAMENTO!E76,-1,0))),OFFSET(E76,-1,0))","v":1},2,2,0,10,0,{"$f":"IF(OR($C76=\"S\",$C76=0),0,MATCH(OFFSET($D76,0,$C76)+IF($C76<>1,1,COUNTIF(QCI!$A$13:$A$24,ORÇAMENTO!E76)),OFFSET($D76,1,$C76,ROW($C$270)-ROW($C76)),0))","v":0},"","Serviço","Serviço","-","SINAPI",null,{"$f":"IF($C76=\"S\",REFERENCIA.Descricao,\"(digite a descrição aqui)\")","v":"(Sem Código)"},{"$f":"REFERENCIA.Unidade","v":"-"},{"$f":"OFFSET(CÁLCULO!H$15,ROW($T76)-ROW(T$15),0)","v":0},null,"BDI 1",{"$f":"IF($C76=\"S\",ROUND(IF(TIPOORCAMENTO=\"Proposto\",ORÇAMENTO.CustoUnitario*(1+$AH76),ORÇAMENTO.PrecoUnitarioLicitado),15-13*$AF$10),0)","v":0},{"$f":"IF($C76=\"S\",IF(OR(Import.TipoArredondamento<>\"TransfereGOV\",ACOMPANHAMENTO=\"BM\"),VTOTAL1,SUM(OFFSET(CÁLCULO!$AA$15,ROW($X76)-ROW($X$15),1):OFFSET(CÁLCULO!$AL$15,ROW($X76)-ROW($X$15),-1))),IF($C76=0,0,ROUND(SomaAgrup,15-13*$AF$11)))","v":0},"RA","",{"$f":"IF($C76=\"S\",IF($Z76=\"CP\",$X76,IF($Z76=\"RA\",(($X76)*QCI!$AA$3),0)),SomaAgrup)","v":0},0,{"$f":"IF($N76=\"\",\" \",\nIF(AND($C76<>\"S\",OR($R76=\"\",$R76=\"(digite a descrição aqui)\")),\"DESCRIÇÃO\",\nIF(AND($C76=\"S\",OR($Q76<>\"\",$T76>0,$U76>0),$P76=\"\"),\"FONTE\",\nIF(AND($C76=\"S\",$P76<>\"\",OR($T76>0,$U76>0),$Q76=\"\"),\"CÓDIGO\",\nIF(AND($C76=\"S\",$P76<>\"\",$Q76<>\"\",$R76=\"(Código não identificado nas referências)\"),\"CÓDIGO N/ID\",\nIF(AND($C76=\"S\",OR($R76=\"\",$R76=\"(digite a descrição aqui)\"),OR($Q76<>\"\",$T76>0,$U76>0)),\"DESCRIÇÃO\",\nIF(AND($C76=\"S\",$P76<>\"\",$Q76<>\"\",$S76=\"\"),\"UNIDADE\",\nIF(AND($C76=\"S\",$P76<>\"\",$Q76<>\"\",$U76=0),\"SEM CUSTO\",\nIF(AND(_xlfn.SINGLE(TIPOORCAMENTO)=\"Licitado\",$AL76=0,$AN76>0),\"SEM PREÇO\",\nIF(AND($C76=\"S\",$P76<>\"\",$Q76<>\"\",$U76>0,AND($V76<>\"BDI 1\",$V76<>\"BDI 2\",$V76<>\"BDI 3\")),IF(ISNUMBER($V76),\"JUSTIFICAR BDI\",\"BDI\"),\nIF(OR(AND(import.recurso=\"OGU\",TIPOORCAMENTO=\"Proposto\",LEFT($O$8,5)<>\"(N/D:\",$AG76<>\"\",ORÇAMENTO.CustoUnitario>$AG76),AND(TIPOORCAMENTO=\"LICITADO\",ORÇAMENTO.PrecoUnitarioLicitado>$AN76)),\"ACIMA REF.\",\nIF(AND($C76=\"S\",$P76<>\"\",$Q76<>\"\",$T76=0,$U76>0),\"QUANT.\",\nIF(AND(Import.TipoArredondamento=\"TransfereGOV\",$L76=\"F\",$C76=\"S\",LEN($Q76)>13),\"Código >13\",\nIF(AND(Import.TipoArredondamento=\"TransfereGOV\",$L76=\"F\",$C76<>\"S\",LEN($R76)>100),\"Descrição >100\",\nIF(AND(Import.TipoArredondamento=\"TransfereGOV\",$L76=\"F\",$C76=\"S\",LEN($R76)>500),\"Descrição >500\",\nIF(AND(Import.TipoArredondamento=\"TransfereGOV\",$L76=\"F\",$C76=\"S\",LEFT(TRIM(UPPER($P76)),6)<>\"SINAPI\",ISNA(VLOOKUP(TRIM(UPPER($S76)),ListaTgov.Unidades,1,FALSE))),\"Unid. Não Disp\",\n\" \"))))))))))))))))","v":{"$error":"#NAME?"}},{"$f":"IF(C76<=CRONO.NivelExibicao,MAX($AD$15:OFFSET(AD76,-1,0))+IF($C76<>1,1,MAX(1,COUNTIF(QCI!$A$13:$A$24,OFFSET($E76,-1,0)))),\"\")","v":""},{"$f":"IF(AND($C76=\"S\",ORÇAMENTO.CodBarra<>\"\"),IF(ORÇAMENTO.Fonte=\"\",ORÇAMENTO.CodBarra,CONCATENATE(ORÇAMENTO.Fonte,\" \",ORÇAMENTO.CodBarra)))","v":false},{"$f":"IF(ISERROR(INDIRECT(ORÇAMENTO.BancoRef)),\"(abra o arquivo 'Referência \"&Excel_BuiltIn_Database&\".xlsm)\",IF(OR($C76<>\"S\",ORÇAMENTO.CodBarra=\"\"),\"(Sem Código)\",IF(ISERROR(MATCH($AE76,INDIRECT(ORÇAMENTO.BancoRef),0)),\"(Código não identificado nas referências)\",MATCH($AE76,INDIRECT(ORÇAMENTO.BancoRef),0))))","v":"(Sem Código)"},{"$f":"ROUND(IF(DESONERACAO=\"sim\",REFERENCIA.Desonerado,REFERENCIA.NaoDesonerado),2)","v":0},0.26,null,null,null,null,0,0]
["S",3,"S",0,{"$f":"IF($C77=1,OFFSET(E77,-1,0)+MAX(1,COUNTIF(QCI!$A$13:$A$24,OFFSET(ORÇAMENTO!E77,-1,0))),OFFSET(E77,-1,0))","v":1},2,2,0,10,0,{"$f":"IF(OR($C77=\"S\",$C77=0),0,MATCH(OFFSET($D77,0,$C77)+IF($C77<>1,1,COUNTIF(QCI!$A$13:$A$24,ORÇAMENTO!E77)),OFFSET($D77,1,$C77,ROW($C$270)-ROW($C77)),0))","v":0},"","Serviço","Serviço","-","SINAPI",null,{"$f":"IF($C77=\"S\",REFERENCIA.Descricao,\"(digite a descrição aqui)\")","v":"(Sem Código)"},{"$f":"REFERENCIA.Unidade","v":"-"},{"$f":"OFFSET(CÁLCULO!H$15,ROW($T77)-ROW(T$15),0)","v":0},null,"BDI 1",{"$f":"IF($C77=\"S\",ROUND(IF(TIPOORCAMENTO=\"Proposto\",ORÇAMENTO.CustoUnitario*(1+$AH77),ORÇAMENTO.PrecoUnitarioLicitado),15-13*$AF$10),0)","v":0},{"$f":"IF($C77=\"S\",IF(OR(Import.TipoArredondamento<>\"TransfereGOV\",ACOMPANHAMENTO=\"BM\"),VTOTAL1,SUM(OFFSET(CÁLCULO!$AA$15,ROW($X77)-ROW($X$15),1):OFFSET(CÁLCULO!$AL$15,ROW($X77)-ROW($X$15),-1))),IF($C77=0,0,ROUND(SomaAgrup,15-13*$AF$11)))","v":0},"RA","",{"$f":"IF($C77=\"S\",IF($Z77=\"CP\",$X77,IF($Z77=\"RA\",(($X77)*QCI!$AA$3),0)),SomaAgrup)","v":0},0,{"$f":"IF($N77=\"\",\" \",\nIF(AND($C77<>\"S\",OR($R77=\"\",$R77=\"(digite a descrição aqui)\")),\"DESCRIÇÃO\",\nIF(AND($C77=\"S\",OR($Q77<>\"\",$T77>0,$U77>0),$P77=\"\"),\"FONTE\",\nIF(AND($C77=\"S\",$P77<>\"\",OR($T77>0,$U77>0),$Q77=\"\"),\"CÓDIGO\",\nIF(AND($C77=\"S\",$P77<>\"\",$Q77<>\"\",$R77=\"(Código não identificado nas referências)\"),\"CÓDIGO N/ID\",\nIF(AND($C77=\"S\",OR($R77=\"\",$R77=\"(digite a descrição aqui)\"),OR($Q77<>\"\",$T77>0,$U77>0)),\"DESCRIÇÃO\",\nIF(AND($C77=\"S\",$P77<>\"\",$Q77<>\"\",$S77=\"\"),\"UNIDADE\",\nIF(AND($C77=\"S\",$P77<>\"\",$Q77<>\"\",$U77=0),\"SEM CUSTO\",\nIF(AND(_xlfn.SINGLE(TIPOORCAMENTO)=\"Licitado\",$AL77=0,$AN77>0),\"SEM PREÇO\",\nIF(AND($C77=\"S\",$P77<>\"\",$Q77<>\"\",$U77>0,AND($V77<>\"BDI 1\",$V77<>\"BDI 2\",$V77<>\"BDI 3\")),IF(ISNUMBER($V77),\"JUSTIFICAR BDI\",\"BDI\"),\nIF(OR(AND(import.recurso=\"OGU\",TIPOORCAMENTO=\"Proposto\",LEFT($O$8,5)<>\"(N/D:\",$AG77<>\"\",ORÇAMENTO.CustoUnitario>$AG77),AND(TIPOORCAMENTO=\"LICITADO\",ORÇAMENTO.PrecoUnitarioLicitado>$AN77)),\"ACIMA REF.\",\nIF(AND($C77=\"S\",$P77<>\"\",$Q77<>\"\",$T77=0,$U77>0),\"QUANT.\",\nIF(AND(Import.TipoArredondamento=\"TransfereGOV\",$L77=\"F\",$C77=\"S\",LEN($Q77)>13),\"Código >13\",\nIF(AND(Import.TipoArredondamento=\"TransfereGOV\",$L77=\"F\",$C77<>\"S\",LEN($R77)>100),\"Descrição >100\",\nIF(AND(Import.TipoArredondamento=\"TransfereGOV\",$L77=\"F\",$C77=\"S\",LEN($R77)>500),\"Descrição >500\",\nIF(AND(Import.TipoArredondamento=\"TransfereGOV\",$L77=\"F\",$C77=\"S\",LEFT(TRIM(UPPER($P77)),6)<>\"SINAPI\",ISNA(VLOOKUP(TRIM(UPPER($S77)),ListaTgov.Unidades,1,FALSE))),\"Unid. Não Disp\",\n\" \"))))))))))))))))","v":{"$error":"#NAME?"}},{"$f":"IF(C77<=CRONO.NivelExibicao,MAX($AD$15:OFFSET(AD77,-1,0))+IF($C77<>1,1,MAX(1,COUNTIF(QCI!$A$13:$A$24,OFFSET($E77,-1,0)))),\"\")","v":""},{"$f":"IF(AND($C77=\"S\",ORÇAMENTO.CodBarra<>\"\"),IF(ORÇAMENTO.Fonte=\"\",ORÇAMENTO.CodBarra,CONCATENATE(ORÇAMENTO.Fonte,\" \",ORÇAMENTO.CodBarra)))","v":false},{"$f":"IF(ISERROR(INDIRECT(ORÇAMENTO.BancoRef)),\"(abra o arquivo 'Referência \"&Excel_BuiltIn_Database&\".xlsm)\",IF(OR($C77<>\"S\",ORÇAMENTO.CodBarra=\"\"),\"(Sem Código)\",IF(ISERROR(MATCH($AE77,INDIRECT(ORÇAMENTO.BancoRef),0)),\"(Código não identificado nas referências)\",MATCH($AE77,INDIRECT(ORÇAMENTO.BancoRef),0))))","v":"(Sem Código)"},{"$f":"ROUND(IF(DESONERACAO=\"sim\",REFERENCIA.Desonerado,REFERENCIA.NaoDesonerado),2)","v":0},0.26,null,null,null,null,0,0]
["S",3,"S",0,{"$f":"IF($C78=1,OFFSET(E78,-1,0)+MAX(1,COUNTIF(QCI!$A$13:$A$24,OFFSET(ORÇAMENTO!E78,-1,0))),OFFSET(E78,-1,0))","v":1},2,2,0,10,0,{"$f":"IF(OR($C78=\"S\",$C78=0),0,MATCH(OFFSET($D78,0,$C78)+IF($C78<>1,1,COUNTIF(QCI!$A$13:$A$24,ORÇAMENTO!E78)),OFFSET($D78,1,$C78,ROW($C$270)-ROW($C78)),0))","v":0},"","Serviço","Serviço","-","SINAPI",null,{"$f":"IF($C78=\"S\",REFERENCIA.Descricao,\"(digite a descrição aqui)\")","v":"(Sem Código)"},{"$f":"REFERENCIA.Unidade","v":"-"},{"$f":"OFFSET(CÁLCULO!H$15,ROW($T78)-ROW(T$15),0)","v":0},null,"BDI 1",{"$f":"IF($C78=\"S\",ROUND(IF(TIPOORCAMENTO=\"Proposto\",ORÇAMENTO.CustoUnitario*(1+$AH78),ORÇAMENTO.PrecoUnitarioLicitado),15-13*$AF$10),0)","v":0},{"$f":"IF($C78=\"S\",IF(OR(Import.TipoArredondamento<>\"TransfereGOV\",ACOMPANHAMENTO=\"BM\"),VTOTAL1,SUM(OFFSET(CÁLCULO!$AA$15,ROW($X78)-ROW($X$15),1):OFFSET(CÁLCULO!$AL$15,ROW($X78)-ROW($X$15),-1))),IF($C78=0,0,ROUND(SomaAgrup,15-13*$AF$11)))","v":0},"RA","",{"$f":"IF($C78=\"S\",IF($Z78=\"CP\",$X78,IF($Z78=\"RA\",(($X78)*QCI!$AA$3),0)),SomaAgrup)","v":0},0,{"$f":"IF($N78=\"\",\" \",\nIF(AND($C78<>\"S\",OR($R78=\"\",$R78=\"(digite a descrição aqui)\")),\"DESCRIÇÃO\",\nIF(AND($C78=\"S\",OR($Q78<>\"\",$T78>0,$U78>0),$P78=\"\"),\"FONTE\",\nIF(AND($C78=\"S\",$P78<>\"\",OR($T78>0,$U78>0),$Q78=\"\"),\"CÓDIGO\",\nIF(AND($C78=\"S\",$P78<>\"\",$Q78<>\"\",$R78=\"(Código não identificado nas referências)\"),\"CÓDIGO N/ID\",\nIF(AND($C78=\"S\",OR($R78=\"\",$R78=\"(digite a descrição aqui)\"),OR($Q78<>\"\",$T78>0,$U78>0)),\"DESCRIÇÃO\",\nIF(AND($C78=\"S\",$P78<>\"\",$Q78<>\"\",$S78=\"\"),\"UNIDADE\",\nIF(AND($C78=\"S\",$P78<>\"\",$Q78<>\"\",$U78=0),\"SEM CUSTO\",\nIF(AND(_xlfn.SINGLE(TIPOORCAMENTO)=\"Licitado\",$AL78=0,$AN78>0),\"SEM PREÇO\",\nIF(AND($C78=\"S\",$P78<>\"\",$Q78<>\"\",$U78>0,AND($V78<>\"BDI 1\",$V78<>\"BDI 2\",$V78<>\"BDI 3\")),IF(ISNUMBER($V78),\"JUSTIFICAR BDI\",\"BDI\"),\nIF(OR(AND(import.recurso=\"OGU\",TIPOORCAMENTO=\"Proposto\",LEFT($O$8,5)<>\"(N/D:\",$AG78<>\"\",ORÇAMENTO.CustoUnitario>$AG78),AND(TIPOORCAMENTO=\"LICITADO\",ORÇAMENTO.PrecoUnitarioLicitado>$AN78)),\"ACIMA REF.\",\nIF(AND($C78=\"S\",$P78<>\"\",$Q78<>\"\",$T78=0,$U78>0),\"QUANT.\",\nIF(AND(Import.TipoArredondamento=\"TransfereGOV\",$L78=\"F\",$C78=\"S\",LEN($Q78)>13),\"Código >13\",\nIF(AND(Import.TipoArredondamento=\"TransfereGOV\",$L78=\"F\",$C78<>\"S\",LEN($R78)>100),\"Descrição >100\",\nIF(AND(Import.TipoArredondamento=\"TransfereGOV\",$L78=\"F\",$C78=\"S\",LEN($R78)>500),\"Descrição >500\",\nIF(AND(Import.TipoArredondamento=\"TransfereGOV\",$L78=\"F\",$C78=\"S\",LEFT(TRIM(UPPER($P78)),6)<>\"SINAPI\",ISNA(VLOOKUP(TRIM(UPPER($S78)),ListaTgov.Unidades,1,FALSE))),\"Unid. Não Disp\",\n\" \"))))))))))))))))","v":{"$error":"#NAME?"}},{"$f":"IF(C78<=CRONO.NivelExibicao,MAX($AD$15:OFFSET(AD78,-1,0))+IF($C78<>1,1,MAX(1,COUNTIF(QCI!$A$13:$A$24,OFFSET($E78,-1,0)))),\"\")","v":""},{"$f":"IF(AND($C78=\"S\",ORÇAMENTO.CodBarra<>\"\"),IF(ORÇAMENTO.Fonte=\"\",ORÇAMENTO.CodBarra,CONCATENATE(ORÇAMENTO.Fonte,\" \",ORÇAMENTO.CodBarra)))","v":false},{"$f":"IF(ISERROR(INDIRECT(ORÇAMENTO.BancoRef)),\"(abra o arquivo 'Referência \"&Excel_BuiltIn_Database&\".xlsm)\",IF(OR($C78<>\"S\",ORÇAMENTO.CodBarra=\"\"),\"(Sem Código)\",IF(ISERROR(MATCH($AE78,INDIRECT(ORÇAMENTO.BancoRef),0)),\"(Código não identificado nas referências)\",MATCH($AE78,INDIRECT(ORÇAMENTO.BancoRef),0))))","v":"(Sem Código)"},{"$f":"ROUND(IF(DESONERACAO=\"sim\",REFERENCIA.Desonerado,REFERENCIA.NaoDesonerado),2)","v":0},0.26,null,null,null,null,0,0]
["S",3,"S",0,{"$f":"IF($C79=1,OFFSET(E79,-1,0)+MAX(1,COUNTIF(QCI!$A$13:$A$24,OFFSET(ORÇAMENTO!E79,-1,0))),OFFSET(E79,-1,0))","v":1},2,2,0,10,0,{"$f":"IF(OR($C79=\"S\",$C79=0),0,MATCH(OFFSET($D79,0,$C79)+IF($C79<>1,1,COUNTIF(QCI!$A$13:$A$24,ORÇAMENTO!E79)),OFFSET($D79,1,$C79,ROW($C$270)-ROW($C79)),0))","v":0},"","Serviço","Serviço","-","SINAPI",null,{"$f":"IF($C79=\"S\",REFERENCIA.Descricao,\"(digite a descrição aqui)\")","v":"(Sem Código)"},{"$f":"REFERENCIA.Unidade","v":"-"},{"$f":"OFFSET(CÁLCULO!H$15,ROW($T79)-ROW(T$15),0)","v":0},null,"BDI 1",{"$f":"IF($C79=\"S\",ROUND(IF(TIPOORCAMENTO=\"Proposto\",ORÇAMENTO.CustoUnitario*(1+$AH79),ORÇAMENTO.PrecoUnitarioLicitado),15-13*$AF$10),0)","v":0},{"$f":"IF($C79=\"S\",IF(OR(Import.TipoArredondamento<>\"TransfereGOV\",ACOMPANHAMENTO=\"BM\"),VTOTAL1,SUM(OFFSET(CÁLCULO!$AA$15,ROW($X79)-ROW($X$15),1):OFFSET(CÁLCULO!$AL$15,ROW($X79)-ROW($X$15),-1))),IF($C79=0,0,ROUND(SomaAgrup,15-13*$AF$11)))","v":0},"RA","",{"$f":"IF($C79=\"S\",IF($Z79=\"CP\",$X79,IF($Z79=\"RA\",(($X79)*QCI!$AA$3),0)),SomaAgrup)","v":0},0,{"$f":"IF($N79=\"\",\" \",\nIF(AND($C79<>\"S\",OR($R79=\"\",$R79=\"(digite a descrição aqui)\")),\"DESCRIÇÃO\",\nIF(AND($C79=\"S\",OR($Q79<>\"\",$T79>0,$U79>0),$P79=\"\"),\"FONTE\",\nIF(AND($C79=\"S\",$P79<>\"\",OR($T79>0,$U79>0),$Q79=\"\"),\"CÓDIGO\",\nIF(AND($C79=\"S\",$P79<>\"\",$Q79<>\"\",$R79=\"(Código não identificado nas referências)\"),\"CÓDIGO N/ID\",\nIF(AND($C79=\"S\",OR($R79=\"\",$R79=\"(digite a descrição aqui)\"),OR($Q79<>\"\",$T79>0,$U79>0)),\"DESCRIÇÃO\",\nIF(AND($C79=\"S\",$P79<>\"\",$Q79<>\"\",$S79=\"\"),\"UNIDADE\",\nIF(AND($C79=\"S\",$P79<>\"\",$Q79<>\"\",$U79=0),\"SEM CUSTO\",\nIF(AND(_xlfn.SINGLE(TIPOORCAMENTO)=\"Licitado\",$AL79=0,$AN79>0),\"SEM PREÇO\",\nIF(AND($C79=\"S\",$P79<>\"\",$Q79<>\"\",$U79>0,AND($V79<>\"BDI 1\",$V79<>\"BDI 2\",$V79<>\"BDI 3\")),IF(ISNUMBER($V79),\"JUSTIFICAR BDI\",\"BDI\"),\nIF(OR(AND(import.recurso=\"OGU\",TIPOORCAMENTO=\"Proposto\",LEFT($O$8,5)<>\"(N/D:\",$AG79<>\"\",ORÇAMENTO.CustoUnitario>$AG79),AND(TIPOORCAMENTO=\"LICITADO\",ORÇAMENTO.PrecoUnitarioLicitado>$AN79)),\"ACIMA REF.\",\nIF(AND($C79=\"S\",$P79<>\"\",$Q79<>\"\",$T79=0,$U79>0),\"QUANT.\",\nIF(AND(Import.TipoArredondamento=\"TransfereGOV\",$L79=\"F\",$C79=\"S\",LEN($Q79)>13),\"Código >13\",\nIF(AND(Import.TipoArredondamento=\"TransfereGOV\",$L79=\"F\",$C79<>\"S\",LEN($R79)>100),\"Descrição >100\",\nIF(AND(Import.TipoArredondamento=\"TransfereGOV\",$L79=\"F\",$C79=\"S\",LEN($R79)>500),\"Descrição >500\",\nIF(AND(Import.TipoArredondamento=\"TransfereGOV\",$L79=\"F\",$C79=\"S\",LEFT(TRIM(UPPER($P79)),6)<>\"SINAPI\",ISNA(VLOOKUP(TRIM(UPPER($S79)),ListaTgov.Unidades,1,FALSE))),\"Unid. Não Disp\",\n\" \"))))))))))))))))","v":{"$error":"#NAME?"}},{"$f":"IF(C79<=CRONO.NivelExibicao,MAX($AD$15:OFFSET(AD79,-1,0))+IF($C79<>1,1,MAX(1,COUNTIF(QCI!$A$13:$A$24,OFFSET($E79,-1,0)))),\"\")","v":""},{"$f":"IF(AND($C79=\"S\",ORÇAMENTO.CodBarra<>\"\"),IF(ORÇAMENTO.Fonte=\"\",ORÇAMENTO.CodBarra,CONCATENATE(ORÇAMENTO.Fonte,\" \",ORÇAMENTO.CodBarra)))","v":false},{"$f":"IF(ISERROR(INDIRECT(ORÇAMENTO.BancoRef)),\"(abra o arquivo 'Referência \"&Excel_BuiltIn_Database&\".xlsm)\",IF(OR($C79<>\"S\",ORÇAMENTO.CodBarra=\"\"),\"(Sem Código)\",IF(ISERROR(MATCH($AE79,INDIRECT(ORÇAMENTO.BancoRef),0)),\"(Código não identificado nas referências)\",MATCH($AE79,INDIRECT(ORÇAMENTO.BancoRef),0))))","v":"(Sem Código)"},{"$f":"ROUND(IF(DESONERACAO=\"sim\",REFERENCIA.Desonerado,REFERENCIA.NaoDesonerado),2)","v":0},0.26,null,null,null,null,0,0]
["S",3,"S",0,{"$f":"IF($C80=1,OFFSET(E80,-1,0)+MAX(1,COUNTIF(QCI!$A$13:$A$24,OFFSET(ORÇAMENTO!E80,-1,0))),OFFSET(E80,-1,0))","v":1},2,2,0,10,0,{"$f":"IF(OR($C80=\"S\",$C80=0),0,MATCH(OFFSET($D80,0,$C80)+IF($C80<>1,1,COUNTIF(QCI!$A$13:$A$24,ORÇAMENTO!E80)),OFFSET($D80,1,$C80,ROW($C$270)-ROW($C80)),0))","v":0},"","Serviço","Serviço","-","SINAPI",null,{"$f":"IF($C80=\"S\",REFERENCIA.Descricao,\"(digite a descrição aqui)\")","v":"(Sem Código)"},{"$f":"REFERENCIA.Unidade","v":"-"},{"$f":"OFFSET(CÁLCULO!H$15,ROW($T80)-ROW(T$15),0)","v":0},null,"BDI 1",{"$f":"IF($C80=\"S\",ROUND(IF(TIPOORCAMENTO=\"Proposto\",ORÇAMENTO.CustoUnitario*(1+$AH80),ORÇAMENTO.PrecoUnitarioLicitado),15-13*$AF$10),0)","v":0},{"$f":"IF($C80=\"S\",IF(OR(Import.TipoArredondamento<>\"TransfereGOV\",ACOMPANHAMENTO=\"BM\"),VTOTAL1,SUM(OFFSET(CÁLCULO!$AA$15,ROW($X80)-ROW($X$15),1):OFFSET(CÁLCULO!$AL$15,ROW($X80)-ROW($X$15),-1))),IF($C80=0,0,ROUND(SomaAgrup,15-13*$AF$11)))","v":0},"RA","",{"$f":"IF($C80=\"S\",IF($Z80=\"CP\",$X80,IF($Z80=\"RA\",(($X80)*QCI!$AA$3),0)),SomaAgrup)","v":0},0,{"$f":"IF($N80=\"\",\" \",\nIF(AND($C80<>\"S\",OR($R80=\"\",$R80=\"(digite a descrição aqui)\")),\"DESCRIÇÃO\",\nIF(AND($C80=\"S\",OR($Q80<>\"\",$T80>0,$U80>0),$P80=\"\"),\"FONTE\",\nIF(AND($C80=\"S\",$P80<>\"\",OR($T80>0,$U80>0),$Q80=\"\"),\"CÓDIGO\",\nIF(AND($C80=\"S\",$P80<>\"\",$Q80<>\"\",$R80=\"(Código não identificado nas referências)\"),\"CÓDIGO N/ID\",\nIF(AND($C80=\"S\",OR($R80=\"\",$R80=\"(digite a descrição aqui)\"),OR($Q80<>\"\",$T80>0,$U80>0)),\"DESCRIÇÃO\",\nIF(AND($C80=\"S\",$P80<>\"\",$Q80<>\"\",$S80=\"\"),\"UNIDADE\",\nIF(AND($C80=\"S\",$P80<>\"\",$Q80<>\"\",$U80=0),\"SEM CUSTO\",\nIF(AND(_xlfn.SINGLE(TIPOORCAMENTO)=\"Licitado\",$AL80=0,$AN80>0),\"SEM PREÇO\",\nIF(AND($C80=\"S\",$P80<>\"\",$Q80<>\"\",$U80>0,AND($V80<>\"BDI 1\",$V80<>\"BDI 2\",$V80<>\"BDI 3\")),IF(ISNUMBER($V80),\"JUSTIFICAR BDI\",\"BDI\"),\nIF(OR(AND(import.recurso=\"OGU\",TIPOORCAMENTO=\"Proposto\",LEFT($O$8,5)<>\"(N/D:\",$AG80<>\"\",ORÇAMENTO.CustoUnitario>$AG80),AND(TIPOORCAMENTO=\"LICITADO\",ORÇAMENTO.PrecoUnitarioLicitado>$AN80)),\"ACIMA REF.\",\nIF(AND($C80=\"S\",$P80<>\"\",$Q80<>\"\",$T80=0,$U80>0),\"QUANT.\",\nIF(AND(Import.TipoArredondamento=\"TransfereGOV\",$L80=\"F\",$C80=\"S\",LEN($Q80)>13),\"Código >13\",\nIF(AND(Import.TipoArredondamento=\"TransfereGOV\",$L80=\"F\",$C80<>\"S\",LEN($R80)>100),\"Descrição >100\",\nIF(AND(Import.TipoArredondamento=\"TransfereGOV\",$L80=\"F\",$C80=\"S\",LEN($R80)>500),\"Descrição >500\",\nIF(AND(Import.TipoArredondamento=\"TransfereGOV\",$L80=\"F\",$C80=\"S\",LEFT(TRIM(UPPER($P80)),6)<>\"SINAPI\",ISNA(VLOOKUP(TRIM(UPPER($S80)),ListaTgov.Unidades,1,FALSE))),\"Unid. Não Disp\",\n\" \"))))))))))))))))","v":{"$error":"#NAME?"}},{"$f":"IF(C80<=CRONO.NivelExibicao,MAX($AD$15:OFFSET(AD80,-1,0))+IF($C80<>1,1,MAX(1,COUNTIF(QCI!$A$13:$A$24,OFFSET($E80,-1,0)))),\"\")","v":""},{"$f":"IF(AND($C80=\"S\",ORÇAMENTO.CodBarra<>\"\"),IF(ORÇAMENTO.Fonte=\"\",ORÇAMENTO.CodBarra,CONCATENATE(ORÇAMENTO.Fonte,\" \",ORÇAMENTO.CodBarra)))","v":false},{"$f":"IF(ISERROR(INDIRECT(ORÇAMENTO.BancoRef)),\"(abra o arquivo 'Referência \"&Excel_BuiltIn_Database&\".xlsm)\",IF(OR($C80<>\"S\",ORÇAMENTO.CodBarra=\"\"),\"(Sem Código)\",IF(ISERROR(MATCH($AE80,INDIRECT(ORÇAMENTO.BancoRef),0)),\"(Código não identificado nas referências)\",MATCH($AE80,INDIRECT(ORÇAMENTO.BancoRef),0))))","v":"(Sem Código)"},{"$f":"ROUND(IF(DESONERACAO=\"sim\",REFERENCIA.Desonerado,REFERENCIA.NaoDesonerado),2)","v":0},0.26,null,null,null,null,0,0]
["S",3,"S",0,{"$f":"IF($C81=1,OFFSET(E81,-1,0)+MAX(1,COUNTIF(QCI!$A$13:$A$24,OFFSET(ORÇAMENTO!E81,-1,0))),OFFSET(E81,-1,0))","v":1},2,2,0,10,0,{"$f":"IF(OR($C81=\"S\",$C81=0),0,MATCH(OFFSET($D81,0,$C81)+IF($C81<>1,1,COUNTIF(QCI!$A$13:$A$24,ORÇAMENTO!E81)),OFFSET($D81,1,$C81,ROW($C$270)-ROW($C81)),0))","v":0},"","Serviço","Serviço","-","SINAPI",null,{"$f":"IF($C81=\"S\",REFERENCIA.Descricao,\"(digite a descrição aqui)\")","v":"(Sem Código)"},{"$f":"REFERENCIA.Unidade","v":"-"},{"$f":"OFFSET(CÁLCULO!H$15,ROW($T81)-ROW(T$15),0)","v":0},null,"BDI 1",{"$f":"IF($C81=\"S\",ROUND(IF(TIPOORCAMENTO=\"Proposto\",ORÇAMENTO.CustoUnitario*(1+$AH81),ORÇAMENTO.PrecoUnitarioLicitado),15-13*$AF$10),0)","v":0},{"$f":"IF($C81=\"S\",IF(OR(Import.TipoArredondamento<>\"TransfereGOV\",ACOMPANHAMENTO=\"BM\"),VTOTAL1,SUM(OFFSET(CÁLCULO!$AA$15,ROW($X81)-ROW($X$15),1):OFFSET(CÁLCULO!$AL$15,ROW($X81)-ROW($X$15),-1))),IF($C81=0,0,ROUND(SomaAgrup,15-13*$AF$11)))","v":0},"RA","",{"$f":"IF($C81=\"S\",IF($Z81=\"CP\",$X81,IF($Z81=\"RA\",(($X81)*QCI!$AA$3),0)),SomaAgrup)","v":0},0,{"$f":"IF($N81=\"\",\" \",\nIF(AND($C81<>\"S\",OR($R81=\"\",$R81=\"(digite a descrição aqui)\")),\"DESCRIÇÃO\",\nIF(AND($C81=\"S\",OR($Q81<>\"\",$T81>0,$U81>0),$P81=\"\"),\"FONTE\",\nIF(AND($C81=\"S\",$P81<>\"\",OR($T81>0,$U81>0),$Q81=\"\"),\"CÓDIGO\",\nIF(AND($C81=\"S\",$P81<>\"\",$Q81<>\"\",$R81=\"(Código não identificado nas referências)\"),\"CÓDIGO N/ID\",\nIF(AND($C81=\"S\",OR($R81=\"\",$R81=\"(digite a descrição aqui)\"),OR($Q81<>\"\",$T81>0,$U81>0)),\"DESCRIÇÃO\",\nIF(AND($C81=\"S\",$P81<>\"\",$Q81<>\"\",$S81=\"\"),\"UNIDADE\",\nIF(AND($C81=\"S\",$P81<>\"\",$Q81<>\"\",$U81=0),\"SEM CUSTO\",\nIF(AND(_xlfn.SINGLE(TIPOORCAMENTO)=\"Licitado\",$AL81=0,$AN81>0),\"SEM PREÇO\",\nIF(AND($C81=\"S\",$P81<>\"\",$Q81<>\"\",$U81>0,AND($V81<>\"BDI 1\",$V81<>\"BDI 2\",$V81<>\"BDI 3\")),IF(ISNUMBER($V81),\"JUSTIFICAR BDI\",\"BDI\"),\nIF(OR(AND(import.recurso=\"OGU\",TIPOORCAMENTO=\"Proposto\",LEFT($O$8,5)<>\"(N/D:\",$AG81<>\"\",ORÇAMENTO.CustoUnitario>$AG81),AND(TIPOORCAMENTO=\"LICITADO\",ORÇAMENTO.PrecoUnitarioLicitado>$AN81)),\"ACIMA REF.\",\nIF(AND($C81=\"S\",$P81<>\"\",$Q81<>\"\",$T81=0,$U81>0),\"QUANT.\",\nIF(AND(Import.TipoArredondamento=\"TransfereGOV\",$L81=\"F\",$C81=\"S\",LEN($Q81)>13),\"Código >13\",\nIF(AND(Import.TipoArredondamento=\"TransfereGOV\",$L81=\"F\",$C81<>\"S\",LEN($R81)>100),\"Descrição >100\",\nIF(AND(Import.TipoArredondamento=\"TransfereGOV\",$L81=\"F\",$C81=\"S\",LEN($R81)>500),\"Descrição >500\",\nIF(AND(Import.TipoArredondamento=\"TransfereGOV\",$L81=\"F\",$C81=\"S\",LEFT(TRIM(UPPER($P81)),6)<>\"SINAPI\",ISNA(VLOOKUP(TRIM(UPPER($S81)),ListaTgov.Unidades,1,FALSE))),\"Unid. Não Disp\",\n\" \"))))))))))))))))","v":{"$error":"#NAME?"}},{"$f":"IF(C81<=CRONO.NivelExibicao,MAX($AD$15:OFFSET(AD81,-1,0))+IF($C81<>1,1,MAX(1,COUNTIF(QCI!$A$13:$A$24,OFFSET($E81,-1,0)))),\"\")","v":""},{"$f":"IF(AND($C81=\"S\",ORÇAMENTO.CodBarra<>\"\"),IF(ORÇAMENTO.Fonte=\"\",ORÇAMENTO.CodBarra,CONCATENATE(ORÇAMENTO.Fonte,\" \",ORÇAMENTO.CodBarra)))","v":false},{"$f":"IF(ISERROR(INDIRECT(ORÇAMENTO.BancoRef)),\"(abra o arquivo 'Referência \"&Excel_BuiltIn_Database&\".xlsm)\",IF(OR($C81<>\"S\",ORÇAMENTO.CodBarra=\"\"),\"(Sem Código)\",IF(ISERROR(MATCH($AE81,INDIRECT(ORÇAMENTO.BancoRef),0)),\"(Código não identificado nas referências)\",MATCH($AE81,INDIRECT(ORÇAMENTO.BancoRef),0))))","v":"(Sem Código)"},{"$f":"ROUND(IF(DESONERACAO=\"sim\",REFERENCIA.Desonerado,REFERENCIA.NaoDesonerado),2)","v":0},0.26,null,null,null,null,0,0]
["S",3,"S",0,{"$f":"IF($C82=1,OFFSET(E82,-1,0)+MAX(1,COUNTIF(QCI!$A$13:$A$24,OFFSET(ORÇAMENTO!E82,-1,0))),OFFSET(E82,-1,0))","v":1},2,2,0,10,0,{"$f":"IF(OR($C82=\"S\",$C82=0),0,MATCH(OFFSET($D82,0,$C82)+IF($C82<>1,1,COUNTIF(QCI!$A$13:$A$24,ORÇAMENTO!E82)),OFFSET($D82,1,$C82,ROW($C$270)-ROW($C82)),0))","v":0},"","Serviço","Serviço","-","SINAPI",null,{"$f":"IF($C82=\"S\",REFERENCIA.Descricao,\"(digite a descrição aqui)\")","v":"(Sem Código)"},{"$f":"REFERENCIA.Unidade","v":"-"},{"$f":"OFFSET(CÁLCULO!H$15,ROW($T82)-ROW(T$15),0)","v":0},null,"BDI 1",{"$f":"IF($C82=\"S\",ROUND(IF(TIPOORCAMENTO=\"Proposto\",ORÇAMENTO.CustoUnitario*(1+$AH82),ORÇAMENTO.PrecoUnitarioLicitado),15-13*$AF$10),0)","v":0},{"$f":"IF($C82=\"S\",IF(OR(Import.TipoArredondamento<>\"TransfereGOV\",ACOMPANHAMENTO=\"BM\"),VTOTAL1,SUM(OFFSET(CÁLCULO!$AA$15,ROW($X82)-ROW($X$15),1):OFFSET(CÁLCULO!$AL$15,ROW($X82)-ROW($X$15),-1))),IF($C82=0,0,ROUND(SomaAgrup,15-13*$AF$11)))","v":0},"RA","",{"$f":"IF($C82=\"S\",IF($Z82=\"CP\",$X82,IF($Z82=\"RA\",(($X82)*QCI!$AA$3),0)),SomaAgrup)","v":0},0,{"$f":"IF($N82=\"\",\" \",\nIF(AND($C82<>\"S\",OR($R82=\"\",$R82=\"(digite a descrição aqui)\")),\"DESCRIÇÃO\",\nIF(AND($C82=\"S\",OR($Q82<>\"\",$T82>0,$U82>0),$P82=\"\"),\"FONTE\",\nIF(AND($C82=\"S\",$P82<>\"\",OR($T82>0,$U82>0),$Q82=\"\"),\"CÓDIGO\",\nIF(AND($C82=\"S\",$P82<>\"\",$Q82<>\"\",$R82=\"(Código não identificado nas referências)\"),\"CÓDIGO N/ID\",\nIF(AND($C82=\"S\",OR($R82=\"\",$R82=\"(digite a descrição aqui)\"),OR($Q82<>\"\",$T82>0,$U82>0)),\"DESCRIÇÃO\",\nIF(AND($C82=\"S\",$P82<>\"\",$Q82<>\"\",$S82=\"\"),\"UNIDADE\",\nIF(AND($C82=\"S\",$P82<>\"\",$Q82<>\"\",$U82=0),\"SEM CUSTO\",\nIF(AND(_xlfn.SINGLE(TIPOORCAMENTO)=\"Licitado\",$AL82=0,$AN82>0),\"SEM PREÇO\",\nIF(AND($C82=\"S\",$P82<>\"\",$Q82<>\"\",$U82>0,AND($V82<>\"BDI 1\",$V82<>\"BDI 2\",$V82<>\"BDI 3\")),IF(ISNUMBER($V82),\"JUSTIFICAR BDI\",\"BDI\"),\nIF(OR(AND(import.recurso=\"OGU\",TIPOORCAMENTO=\"Proposto\",LEFT($O$8,5)<>\"(N/D:\",$AG82<>\"\",ORÇAMENTO.CustoUnitario>$AG82),AND(TIPOORCAMENTO=\"LICITADO\",ORÇAMENTO.PrecoUnitarioLicitado>$AN82)),\"ACIMA REF.\",\nIF(AND($C82=\"S\",$P82<>\"\",$Q82<>\"\",$T82=0,$U82>0),\"QUANT.\",\nIF(AND(Import.TipoArredondamento=\"TransfereGOV\",$L82=\"F\",$C82=\"S\",LEN($Q82)>13),\"Código >13\",\nIF(AND(Import.TipoArredondamento=\"TransfereGOV\",$L82=\"F\",$C82<>\"S\",LEN($R82)>100),\"Descrição >100\",\nIF(AND(Import.TipoArredondamento=\"TransfereGOV\",$L82=\"F\",$C82=\"S\",LEN($R82)>500),\"Descrição >500\",\nIF(AND(Import.TipoArredondamento=\"TransfereGOV\",$L82=\"F\",$C82=\"S\",LEFT(TRIM(UPPER($P82)),6)<>\"SINAPI\",ISNA(VLOOKUP(TRIM(UPPER($S82)),ListaTgov.Unidades,1,FALSE))),\"Unid. Não Disp\",\n\" \"))))))))))))))))","v":{"$error":"#NAME?"}},{"$f":"IF(C82<=CRONO.NivelExibicao,MAX($AD$15:OFFSET(AD82,-1,0))+IF($C82<>1,1,MAX(1,COUNTIF(QCI!$A$13:$A$24,OFFSET($E82,-1,0)))),\"\")","v":""},{"$f":"IF(AND($C82=\"S\",ORÇAMENTO.CodBarra<>\"\"),IF(ORÇAMENTO.Fonte=\"\",ORÇAMENTO.CodBarra,CONCATENATE(ORÇAMENTO.Fonte,\" \",ORÇAMENTO.CodBarra)))","v":false},{"$f":"IF(ISERROR(INDIRECT(ORÇAMENTO.BancoRef)),\"(abra o arquivo 'Referência \"&Excel_BuiltIn_Database&\".xlsm)\",IF(OR($C82<>\"S\",ORÇAMENTO.CodBarra=\"\"),\"(Sem Código)\",IF(ISERROR(MATCH($AE82,INDIRECT(ORÇAMENTO.BancoRef),0)),\"(Código não identificado nas referências)\",MATCH($AE82,INDIRECT(ORÇAMENTO.BancoRef),0))))","v":"(Sem Código)"},{"$f":"ROUND(IF(DESONERACAO=\"sim\",REFERENCIA.Desonerado,REFERENCIA.NaoDesonerado),2)","v":0},0.26,null,null,null,null,0,0]
["S",3,"S",0,{"$f":"IF($C83=1,OFFSET(E83,-1,0)+MAX(1,COUNTIF(QCI!$A$13:$A$24,OFFSET(ORÇAMENTO!E83,-1,0))),OFFSET(E83,-1,0))","v":1},2,2,0,10,0,{"$f":"IF(OR($C83=\"S\",$C83=0),0,MATCH(OFFSET($D83,0,$C83)+IF($C83<>1,1,COUNTIF(QCI!$A$13:$A$24,ORÇAMENTO!E83)),OFFSET($D83,1,$C83,ROW($C$270)-ROW($C83)),0))","v":0},"","Serviço","Serviço","-","SINAPI",null,{"$f":"IF($C83=\"S\",REFERENCIA.Descricao,\"(digite a descrição aqui)\")","v":"(Sem Código)"},{"$f":"REFERENCIA.Unidade","v":"-"},{"$f":"OFFSET(CÁLCULO!H$15,ROW($T83)-ROW(T$15),0)","v":0},null,"BDI 1",{"$f":"IF($C83=\"S\",ROUND(IF(TIPOORCAMENTO=\"Proposto\",ORÇAMENTO.CustoUnitario*(1+$AH83),ORÇAMENTO.PrecoUnitarioLicitado),15-13*$AF$10),0)","v":0},{"$f":"IF($C83=\"S\",IF(OR(Import.TipoArredondamento<>\"TransfereGOV\",ACOMPANHAMENTO=\"BM\"),VTOTAL1,SUM(OFFSET(CÁLCULO!$AA$15,ROW($X83)-ROW($X$15),1):OFFSET(CÁLCULO!$AL$15,ROW($X83)-ROW($X$15),-1))),IF($C83=0,0,ROUND(SomaAgrup,15-13*$AF$11)))","v":0},"RA","",{"$f":"IF($C83=\"S\",IF($Z83=\"CP\",$X83,IF($Z83=\"RA\",(($X83)*QCI!$AA$3),0)),SomaAgrup)","v":0},0,{"$f":"IF($N83=\"\",\" \",\nIF(AND($C83<>\"S\",OR($R83=\"\",$R83=\"(digite a descrição aqui)\")),\"DESCRIÇÃO\",\nIF(AND($C83=\"S\",OR($Q83<>\"\",$T83>0,$U83>0),$P83=\"\"),\"FONTE\",\nIF(AND($C83=\"S\",$P83<>\"\",OR($T83>0,$U83>0),$Q83=\"\"),\"CÓDIGO\",\nIF(AND($C83=\"S\",$P83<>\"\",$Q83<>\"\",$R83=\"(Código não identificado nas referências)\"),\"CÓDIGO N/ID\",\nIF(AND($C83=\"S\",OR($R83=\"\",$R83=\"(digite a descrição aqui)\"),OR($Q83<>\"\",$T83>0,$U83>0)),\"DESCRIÇÃO\",\nIF(AND($C83=\"S\",$P83<>\"\",$Q83<>\"\",$S83=\"\"),\"UNIDADE\",\nIF(AND($C83=\"S\",$P83<>\"\",$Q83<>\"\",$U83=0),\"SEM CUSTO\",\nIF(AND(_xlfn.SINGLE(TIPOORCAMENTO)=\"Licitado\",$AL83=0,$AN83>0),\"SEM PREÇO\",\nIF(AND($C83=\"S\",$P83<>\"\",$Q83<>\"\",$U83>0,AND($V83<>\"BDI 1\",$V83<>\"BDI 2\",$V83<>\"BDI 3\")),IF(ISNUMBER($V83),\"JUSTIFICAR BDI\",\"BDI\"),\nIF(OR(AND(import.recurso=\"OGU\",TIPOORCAMENTO=\"Proposto\",LEFT($O$8,5)<>\"(N/D:\",$AG83<>\"\",ORÇAMENTO.CustoUnitario>$AG83),AND(TIPOORCAMENTO=\"LICITADO\",ORÇAMENTO.PrecoUnitarioLicitado>$AN83)),\"ACIMA REF.\",\nIF(AND($C83=\"S\",$P83<>\"\",$Q83<>\"\",$T83=0,$U83>0),\"QUANT.\",\nIF(AND(Import.TipoArredondamento=\"TransfereGOV\",$L83=\"F\",$C83=\"S\",LEN($Q83)>13),\"Código >13\",\nIF(AND(Import.TipoArredondamento=\"TransfereGOV\",$L83=\"F\",$C83<>\"S\",LEN($R83)>100),\"Descrição >100\",\nIF(AND(Import.TipoArredondamento=\"TransfereGOV\",$L83=\"F\",$C83=\"S\",LEN($R83)>500),\"Descrição >500\",\nIF(AND(Import.TipoArredondamento=\"TransfereGOV\",$L83=\"F\",$C83=\"S\",LEFT(TRIM(UPPER($P83)),6)<>\"SINAPI\",ISNA(VLOOKUP(TRIM(UPPER($S83)),ListaTgov.Unidades,1,FALSE))),\"Unid. Não Disp\",\n\" \"))))))))))))))))","v":{"$error":"#NAME?"}},{"$f":"IF(C83<=CRONO.NivelExibicao,MAX($AD$15:OFFSET(AD83,-1,0))+IF($C83<>1,1,MAX(1,COUNTIF(QCI!$A$13:$A$24,OFFSET($E83,-1,0)))),\"\")","v":""},{"$f":"IF(AND($C83=\"S\",ORÇAMENTO.CodBarra<>\"\"),IF(ORÇAMENTO.Fonte=\"\",ORÇAMENTO.CodBarra,CONCATENATE(ORÇAMENTO.Fonte,\" \",ORÇAMENTO.CodBarra)))","v":false},{"$f":"IF(ISERROR(INDIRECT(ORÇAMENTO.BancoRef)),\"(abra o arquivo 'Referência \"&Excel_BuiltIn_Database&\".xlsm)\",IF(OR($C83<>\"S\",ORÇAMENTO.CodBarra=\"\"),\"(Sem Código)\",IF(ISERROR(MATCH($AE83,INDIRECT(ORÇAMENTO.BancoRef),0)),\"(Código não identificado nas referências)\",MATCH($AE83,INDIRECT(ORÇAMENTO.BancoRef),0))))","v":"(Sem Código)"},{"$f":"ROUND(IF(DESONERACAO=\"sim\",REFERENCIA.Desonerado,REFERENCIA.NaoDesonerado),2)","v":0},0.26,null,null,null,null,0,0]
[{"$f":"CHOOSE(1+LOG(1+2*(ORÇAMENTO.Nivel=\"Meta\")+4*(ORÇAMENTO.Nivel=\"Nível 2\")+8*(ORÇAMENTO.Nivel=\"Nível 3\")+16*(ORÇAMENTO.Nivel=\"Nível 4\")+32*(ORÇAMENTO.Nivel=\"Serviço\"),2),0,1,2,3,4,\"S\")","v":"S"},{"$f":"IF(OR(C84=\"s\",C84=0),OFFSET(B84,-1,0),C84)","v":3},{"$f":"IF(OFFSET(C84,-1,0)=\"L\",1,IF(OFFSET(C84,-1,0)=1,2,IF(OR(A84=\"s\",A84=0),\"S\",IF(AND(OFFSET(C84,-1,0)=2,A84=4),3,IF(AND(OR(OFFSET(C84,-1,0)=\"s\",OFFSET(C84,-1,0)=0),A84<>\"s\",A84>OFFSET(B84,-1,0)),OFFSET(B84,-1,0),A84)))))","v":"S"},{"$f":"IF(OR(C84=\"S\",C84=0),0,IF(ISERROR(K84),J84,SMALL(J84:K84,1)))","v":0},{"$f":"IF($C84=1,OFFSET(E84,-1,0)+MAX(1,COUNTIF(QCI!$A$13:$A$24,OFFSET(ORÇAMENTO!E84,-1,0))),OFFSET(E84,-1,0))","v":1},{"$f":"IF($C84=1,0,IF($C84=2,OFFSET(F84,-1,0)+1,OFFSET(F84,-1,0)))","v":2},{"$f":"IF(AND($C84<=2,$C84<>0),0,IF($C84=3,OFFSET(G84,-1,0)+1,OFFSET(G84,-1,0)))","v":2},{"$f":"IF(AND($C84<=3,$C84<>0),0,IF($C84=4,OFFSET(H84,-1,0)+1,OFFSET(H84,-1,0)))","v":0},{"$f":"IF(AND($C84<=4,$C84<>0),0,IF(AND($C84=\"S\",$X84>0),OFFSET(I84,-1,0)+1,OFFSET(I84,-1,0)))","v":10},{"$f":"IF(OR($C84=\"S\",$C84=0),0,MATCH(0,OFFSET($D84,1,$C84,ROW($C$270)-ROW($C84)),0))","v":0},{"$f":"IF(OR($C84=\"S\",$C84=0),0,MATCH(OFFSET($D84,0,$C84)+IF($C84<>1,1,COUNTIF(QCI!$A$13:$A$24,ORÇAMENTO!E84)),OFFSET($D84,1,$C84,ROW($C$270)-ROW($C84)),0))","v":0},{"$f":"IF(OR($X84>0,$C84=1,$C84=2,$C84=3,$C84=4),\"F\",\"\")","v":""},"Serviço",{"$f":"CHOOSE(1+LOG(1+2*(C84=1)+4*(C84=2)+8*(C84=3)+16*(C84=4)+32*(C84=\"S\"),2),\"\",\"Meta\",\"Nível 2\",\"Nível 3\",\"Nível 4\",\"Serviço\")","v":"Serviço"},{"$f":"IF(OR($C84=0,$L84=\"\"),\"-\",CONCATENATE(E84&\".\",IF(AND($A$5>=2,$C84>=2),F84&\".\",\"\"),IF(AND($A$5>=3,$C84>=3),G84&\".\",\"\"),IF(AND($A$5>=4,$C84>=4),H84&\".\",\"\"),IF($C84=\"S\",I84&\".\",\"\")))","v":"-"},"SINAPI",null,{"$f":"IF($C84=\"S\",REFERENCIA.Descricao,\"(digite a descrição aqui)\")","v":"(Sem Código)"},{"$f":"REFERENCIA.Unidade","v":"-"},{"$f":"OFFSET(CÁLCULO!H$15,ROW($T84)-ROW(T$15),0)","v":0},null,"BDI 1",{"$f":"IF($C84=\"S\",ROUND(IF(TIPOORCAMENTO=\"Proposto\",ORÇAMENTO.CustoUnitario*(1+$AH84),ORÇAMENTO.PrecoUnitarioLicitado),15-13*$AF$10),0)","v":0},{"$f":"IF($C84=\"S\",IF(OR(Import.TipoArredondamento<>\"TransfereGOV\",ACOMPANHAMENTO=\"BM\"),VTOTAL1,SUM(OFFSET(CÁLCULO!$AA$15,ROW($X84)-ROW($X$15),1):OFFSET(CÁLCULO!$AL$15,ROW($X84)-ROW($X$15),-1))),IF($C84=0,0,ROUND(SomaAgrup,15-13*$AF$11)))","v":0},"RA",{"$f":"IF(AND($C84=\"S\",$X84>0),IF(ISBLANK($Y84),\"RA\",LEFT($Y84,2)),\"\")","v":""},{"$f":"IF($C84=\"S\",IF($Z84=\"CP\",$X84,IF($Z84=\"RA\",(($X84)*QCI!$AA$3),0)),SomaAgrup)","v":0},{"$f":"IF($C84=\"S\",IF($Z84=\"OU\",ROUND($X84,2),0),SomaAgrup)","v":0},{"$f":"IF($N84=\"\",\" \",\nIF(AND($C84<>\"S\",OR($R84=\"\",$R84=\"(digite a descrição aqui)\")),\"DESCRIÇÃO\",\nIF(AND($C84=\"S\",OR($Q84<>\"\",$T84>0,$U84>0),$P84=\"\"),\"FONTE\",\nIF(AND($C84=\"S\",$P84<>\"\",OR($T84>0,$U84>0),$Q84=\"\"),\"CÓDIGO\",\nIF(AND($C84=\"S\",$P84<>\"\",$Q84<>\"\",$R84=\"(Código não identificado nas referências)\"),\"CÓDIGO N/ID\",\nIF(AND($C84=\"S\",OR($R84=\"\",$R84=\"(digite a descrição aqui)\"),OR($Q84<>\"\",$T84>0,$U84>0)),\"DESCRIÇÃO\",\nIF(AND($C84=\"S\",$P84<>\"\",$Q84<>\"\",$S84=\"\"),\"UNIDADE\",\nIF(AND($C84=\"S\",$P84<>\"\",$Q84<>\"\",$U84=0),\"SEM CUSTO\",\nIF(AND(_xlfn.SINGLE(TIPOORCAMENTO)=\"Licitado\",$AL84=0,$AN84>0),\"SEM PREÇO\",\nIF(AND($C84=\"S\",$P84<>\"\",$Q84<>\"\",$U84>0,AND($V84<>\"BDI 1\",$V84<>\"BDI 2\",$V84<>\"BDI 3\")),IF(ISNUMBER($V84),\"JUSTIFICAR BDI\",\"BDI\"),\nIF(OR(AND(import.recurso=\"OGU\",TIPOORCAMENTO=\"Proposto\",LEFT($O$8,5)<>\"(N/D:\",$AG84<>\"\",ORÇAMENTO.CustoUnitario>$AG84),AND(TIPOORCAMENTO=\"LICITADO\",ORÇAMENTO.PrecoUnitarioLicitado>$AN84)),\"ACIMA REF.\",\nIF(AND($C84=\"S\",$P84<>\"\",$Q84<>\"\",$T84=0,$U84>0),\"QUANT.\",\nIF(AND(Import.TipoArredondamento=\"TransfereGOV\",$L84=\"F\",$C84=\"S\",LEN($Q84)>13),\"Código >13\",\nIF(AND(Import.TipoArredondamento=\"TransfereGOV\",$L84=\"F\",$C84<>\"S\",LEN($R84)>100),\"Descrição >100\",\nIF(AND(Import.TipoArredondamento=\"TransfereGOV\",$L84=\"F\",$C84=\"S\",LEN($R84)>500),\"Descrição >500\",\nIF(AND(Import.TipoArredondamento=\"TransfereGOV\",$L84=\"F\",$C84=\"S\",LEFT(TRIM(UPPER($P84)),6)<>\"SINAPI\",ISNA(VLOOKUP(TRIM(UPPER($S84)),ListaTgov.Unidades,1,FALSE))),\"Unid. Não Disp\",\n\" \"))))))))))))))))","v":{"$error":"#NAME?"}},{"$f":"IF(C84<=CRONO.NivelExibicao,MAX($AD$15:OFFSET(AD84,-1,0))+IF($C84<>1,1,MAX(1,COUNTIF(QCI!$A$13:$A$24,OFFSET($E84,-1,0)))),\"\")","v":""},{"$f":"IF(AND($C84=\"S\",ORÇAMENTO.CodBarra<>\"\"),IF(ORÇAMENTO.Fonte=\"\",ORÇAMENTO.CodBarra,CONCATENATE(ORÇAMENTO.Fonte,\" \",ORÇAMENTO.CodBarra)))","v":false},{"$f":"IF(ISERROR(INDIRECT(ORÇAMENTO.BancoRef)),\"(abra o arquivo 'Referência \"&Excel_BuiltIn_Database&\".xlsm)\",IF(OR($C84<>\"S\",ORÇAMENTO.CodBarra=\"\"),\"(Sem Código)\",IF(ISERROR(MATCH($AE84,INDIRECT(ORÇAMENTO.BancoRef),0)),\"(Código não identificado nas referências)\",MATCH($AE84,INDIRECT(ORÇAMENTO.BancoRef),0))))","v":"(Sem Código)"},{"$f":"ROUND(IF(DESONERACAO=\"sim\",REFERENCIA.Desonerado,REFERENCIA.NaoDesonerado),2)","v":0},{"$f":"ROUND(IF(ISNUMBER(ORÇAMENTO.OpcaoBDI),ORÇAMENTO.OpcaoBDI,IF(LEFT(ORÇAMENTO.OpcaoBDI,3)=\"BDI\",HLOOKUP(ORÇAMENTO.OpcaoBDI,$F$4:$H$5,2,FALSE),0)),15-11*$AF$9)","v":0.26},null,null,null,null,0,{"$f":"ROUND(ORÇAMENTO.CustoUnitario*(1+$AH84),2)","v":0}]
["S",3,"S",0,{"$f":"IF($C85=1,OFFSET(E85,-1,0)+MAX(1,COUNTIF(QCI!$A$13:$A$24,OFFSET(ORÇAMENTO!E85,-1,0))),OFFSET(E85,-1,0))","v":1},2,2,0,10,0,{"$f":"IF(OR($C85=\"S\",$C85=0),0,MATCH(OFFSET($D85,0,$C85)+IF($C85<>1,1,COUNTIF(QCI!$A$13:$A$24,ORÇAMENTO!E85)),OFFSET($D85,1,$C85,ROW($C$270)-ROW($C85)),0))","v":0},"","Serviço","Serviço","-","SINAPI",null,{"$f":"IF($C85=\"S\",REFERENCIA.Descricao,\"(digite a descrição aqui)\")","v":"(Sem Código)"},{"$f":"REFERENCIA.Unidade","v":"-"},{"$f":"OFFSET(CÁLCULO!H$15,ROW($T85)-ROW(T$15),0)","v":0},null,"BDI 1",{"$f":"IF($C85=\"S\",ROUND(IF(TIPOORCAMENTO=\"Proposto\",ORÇAMENTO.CustoUnitario*(1+$AH85),ORÇAMENTO.PrecoUnitarioLicitado),15-13*$AF$10),0)","v":0},{"$f":"IF($C85=\"S\",IF(OR(Import.TipoArredondamento<>\"TransfereGOV\",ACOMPANHAMENTO=\"BM\"),VTOTAL1,SUM(OFFSET(CÁLCULO!$AA$15,ROW($X85)-ROW($X$15),1):OFFSET(CÁLCULO!$AL$15,ROW($X85)-ROW($X$15),-1))),IF($C85=0,0,ROUND(SomaAgrup,15-13*$AF$11)))","v":0},"RA","",{"$f":"IF($C85=\"S\",IF($Z85=\"CP\",$X85,IF($Z85=\"RA\",(($X85)*QCI!$AA$3),0)),SomaAgrup)","v":0},0,{"$f":"IF($N85=\"\",\" \",\nIF(AND($C85<>\"S\",OR($R85=\"\",$R85=\"(digite a descrição aqui)\")),\"DESCRIÇÃO\",\nIF(AND($C85=\"S\",OR($Q85<>\"\",$T85>0,$U85>0),$P85=\"\"),\"FONTE\",\nIF(AND($C85=\"S\",$P85<>\"\",OR($T85>0,$U85>0),$Q85=\"\"),\"CÓDIGO\",\nIF(AND($C85=\"S\",$P85<>\"\",$Q85<>\"\",$R85=\"(Código não identificado nas referências)\"),\"CÓDIGO N/ID\",\nIF(AND($C85=\"S\",OR($R85=\"\",$R85=\"(digite a descrição aqui)\"),OR($Q85<>\"\",$T85>0,$U85>0)),\"DESCRIÇÃO\",\nIF(AND($C85=\"S\",$P85<>\"\",$Q85<>\"\",$S85=\"\"),\"UNIDADE\",\nIF(AND($C85=\"S\",$P85<>\"\",$Q85<>\"\",$U85=0),\"SEM CUSTO\",\nIF(AND(_xlfn.SINGLE(TIPOORCAMENTO)=\"Licitado\",$AL85=0,$AN85>0),\"SEM PREÇO\",\nIF(AND($C85=\"S\",$P85<>\"\",$Q85<>\"\",$U85>0,AND($V85<>\"BDI 1\",$V85<>\"BDI 2\",$V85<>\"BDI 3\")),IF(ISNUMBER($V85),\"JUSTIFICAR BDI\",\"BDI\"),\nIF(OR(AND(import.recurso=\"OGU\",TIPOORCAMENTO=\"Proposto\",LEFT($O$8,5)<>\"(N/D:\",$AG85<>\"\",ORÇAMENTO.CustoUnitario>$AG85),AND(TIPOORCAMENTO=\"LICITADO\",ORÇAMENTO.PrecoUnitarioLicitado>$AN85)),\"ACIMA REF.\",\nIF(AND($C85=\"S\",$P85<>\"\",$Q85<>\"\",$T85=0,$U85>0),\"QUANT.\",\nIF(AND(Import.TipoArredondamento=\"TransfereGOV\",$L85=\"F\",$C85=\"S\",LEN($Q85)>13),\"Código >13\",\nIF(AND(Import.TipoArredondamento=\"TransfereGOV\",$L85=\"F\",$C85<>\"S\",LEN($R85)>100),\"Descrição >100\",\nIF(AND(Import.TipoArredondamento=\"TransfereGOV\",$L85=\"F\",$C85=\"S\",LEN($R85)>500),\"Descrição >500\",\nIF(AND(Import.TipoArredondamento=\"TransfereGOV\",$L85=\"F\",$C85=\"S\",LEFT(TRIM(UPPER($P85)),6)<>\"SINAPI\",ISNA(VLOOKUP(TRIM(UPPER($S85)),ListaTgov.Unidades,1,FALSE))),\"Unid. Não Disp\",\n\" \"))))))))))))))))","v":{"$error":"#NAME?"}},{"$f":"IF(C85<=CRONO.NivelExibicao,MAX($AD$15:OFFSET(AD85,-1,0))+IF($C85<>1,1,MAX(1,COUNTIF(QCI!$A$13:$A$24,OFFSET($E85,-1,0)))),\"\")","v":""},{"$f":"IF(AND($C85=\"S\",ORÇAMENTO.CodBarra<>\"\"),IF(ORÇAMENTO.Fonte=\"\",ORÇAMENTO.CodBarra,CONCATENATE(ORÇAMENTO.Fonte,\" \",ORÇAMENTO.CodBarra)))","v":false},{"$f":"IF(ISERROR(INDIRECT(ORÇAMENTO.BancoRef)),\"(abra o arquivo 'Referência \"&Excel_BuiltIn_Database&\".xlsm)\",IF(OR($C85<>\"S\",ORÇAMENTO.CodBarra=\"\"),\"(Sem Código)\",IF(ISERROR(MATCH($AE85,INDIRECT(ORÇAMENTO.BancoRef),0)),\"(Código não identificado nas referências)\",MATCH($AE85,INDIRECT(ORÇAMENTO.BancoRef),0))))","v":"(Sem Código)"},{"$f":"ROUND(IF(DESONERACAO=\"sim\",REFERENCIA.Desonerado,REFERENCIA.NaoDesonerado),2)","v":0},0.26,null,null,null,null,0,0]
["S",3,"S",0,{"$f":"IF($C86=1,OFFSET(E86,-1,0)+MAX(1,COUNTIF(QCI!$A$13:$A$24,OFFSET(ORÇAMENTO!E86,-1,0))),OFFSET(E86,-1,0))","v":1},2,2,0,10,0,{"$f":"IF(OR($C86=\"S\",$C86=0),0,MATCH(OFFSET($D86,0,$C86)+IF($C86<>1,1,COUNTIF(QCI!$A$13:$A$24,ORÇAMENTO!E86)),OFFSET($D86,1,$C86,ROW($C$270)-ROW($C86)),0))","v":0},"","Serviço","Serviço","-","SINAPI",null,{"$f":"IF($C86=\"S\",REFERENCIA.Descricao,\"(digite a descrição aqui)\")","v":"(Sem Código)"},{"$f":"REFERENCIA.Unidade","v":"-"},{"$f":"OFFSET(CÁLCULO!H$15,ROW($T86)-ROW(T$15),0)","v":0},null,"BDI 1",{"$f":"IF($C86=\"S\",ROUND(IF(TIPOORCAMENTO=\"Proposto\",ORÇAMENTO.CustoUnitario*(1+$AH86),ORÇAMENTO.PrecoUnitarioLicitado),15-13*$AF$10),0)","v":0},{"$f":"IF($C86=\"S\",IF(OR(Import.TipoArredondamento<>\"TransfereGOV\",ACOMPANHAMENTO=\"BM\"),VTOTAL1,SUM(OFFSET(CÁLCULO!$AA$15,ROW($X86)-ROW($X$15),1):OFFSET(CÁLCULO!$AL$15,ROW($X86)-ROW($X$15),-1))),IF($C86=0,0,ROUND(SomaAgrup,15-13*$AF$11)))","v":0},"RA","",{"$f":"IF($C86=\"S\",IF($Z86=\"CP\",$X86,IF($Z86=\"RA\",(($X86)*QCI!$AA$3),0)),SomaAgrup)","v":0},0,{"$f":"IF($N86=\"\",\" \",\nIF(AND($C86<>\"S\",OR($R86=\"\",$R86=\"(digite a descrição aqui)\")),\"DESCRIÇÃO\",\nIF(AND($C86=\"S\",OR($Q86<>\"\",$T86>0,$U86>0),$P86=\"\"),\"FONTE\",\nIF(AND($C86=\"S\",$P86<>\"\",OR($T86>0,$U86>0),$Q86=\"\"),\"CÓDIGO\",\nIF(AND($C86=\"S\",$P86<>\"\",$Q86<>\"\",$R86=\"(Código não identificado nas referências)\"),\"CÓDIGO N/ID\",\nIF(AND($C86=\"S\",OR($R86=\"\",$R86=\"(digite a descrição aqui)\"),OR($Q86<>\"\",$T86>0,$U86>0)),\"DESCRIÇÃO\",\nIF(AND($C86=\"S\",$P86<>\"\",$Q86<>\"\",$S86=\"\"),\"UNIDADE\",\nIF(AND($C86=\"S\",$P86<>\"\",$Q86<>\"\",$U86=0),\"SEM CUSTO\",\nIF(AND(_xlfn.SINGLE(TIPOORCAMENTO)=\"Licitado\",$AL86=0,$AN86>0),\"SEM PREÇO\",\nIF(AND($C86=\"S\",$P86<>\"\",$Q86<>\"\",$U86>0,AND($V86<>\"BDI 1\",$V86<>\"BDI 2\",$V86<>\"BDI 3\")),IF(ISNUMBER($V86),\"JUSTIFICAR BDI\",\"BDI\"),\nIF(OR(AND(import.recurso=\"OGU\",TIPOORCAMENTO=\"Proposto\",LEFT($O$8,5)<>\"(N/D:\",$AG86<>\"\",ORÇAMENTO.CustoUnitario>$AG86),AND(TIPOORCAMENTO=\"LICITADO\",ORÇAMENTO.PrecoUnitarioLicitado>$AN86)),\"ACIMA REF.\",\nIF(AND($C86=\"S\",$P86<>\"\",$Q86<>\"\",$T86=0,$U86>0),\"QUANT.\",\nIF(AND(Import.TipoArredondamento=\"TransfereGOV\",$L86=\"F\",$C86=\"S\",LEN($Q86)>13),\"Código >13\",\nIF(AND(Import.TipoArredondamento=\"TransfereGOV\",$L86=\"F\",$C86<>\"S\",LEN($R86)>100),\"Descrição >100\",\nIF(AND(Import.TipoArredondamento=\"TransfereGOV\",$L86=\"F\",$C86=\"S\",LEN($R86)>500),\"Descrição >500\",\nIF(AND(Import.TipoArredondamento=\"TransfereGOV\",$L86=\"F\",$C86=\"S\",LEFT(TRIM(UPPER($P86)),6)<>\"SINAPI\",ISNA(VLOOKUP(TRIM(UPPER($S86)),ListaTgov.Unidades,1,FALSE))),\"Unid. Não Disp\",\n\" \"))))))))))))))))","v":{"$error":"#NAME?"}},{"$f":"IF(C86<=CRONO.NivelExibicao,MAX($AD$15:OFFSET(AD86,-1,0))+IF($C86<>1,1,MAX(1,COUNTIF(QCI!$A$13:$A$24,OFFSET($E86,-1,0)))),\"\")","v":""},{"$f":"IF(AND($C86=\"S\",ORÇAMENTO.CodBarra<>\"\"),IF(ORÇAMENTO.Fonte=\"\",ORÇAMENTO.CodBarra,CONCATENATE(ORÇAMENTO.Fonte,\" \",ORÇAMENTO.CodBarra)))","v":false},{"$f":"IF(ISERROR(INDIRECT(ORÇAMENTO.BancoRef)),\"(abra o arquivo 'Referência \"&Excel_BuiltIn_Database&\".xlsm)\",IF(OR($C86<>\"S\",ORÇAMENTO.CodBarra=\"\"),\"(Sem Código)\",IF(ISERROR(MATCH($AE86,INDIRECT(ORÇAMENTO.BancoRef),0)),\"(Código não identificado nas referências)\",MATCH($AE86,INDIRECT(ORÇAMENTO.BancoRef),0))))","v":"(Sem Código)"},{"$f":"ROUND(IF(DESONERACAO=\"sim\",REFERENCIA.Desonerado,REFERENCIA.NaoDesonerado),2)","v":0},0.26,null,null,null,null,0,0]
["S",3,"S",0,{"$f":"IF($C87=1,OFFSET(E87,-1,0)+MAX(1,COUNTIF(QCI!$A$13:$A$24,OFFSET(ORÇAMENTO!E87,-1,0))),OFFSET(E87,-1,0))","v":1},2,2,0,10,0,{"$f":"IF(OR($C87=\"S\",$C87=0),0,MATCH(OFFSET($D87,0,$C87)+IF($C87<>1,1,COUNTIF(QCI!$A$13:$A$24,ORÇAMENTO!E87)),OFFSET($D87,1,$C87,ROW($C$270)-ROW($C87)),0))","v":0},"","Serviço","Serviço","-","SINAPI",null,{"$f":"IF($C87=\"S\",REFERENCIA.Descricao,\"(digite a descrição aqui)\")","v":"(Sem Código)"},{"$f":"REFERENCIA.Unidade","v":"-"},{"$f":"OFFSET(CÁLCULO!H$15,ROW($T87)-ROW(T$15),0)","v":0},null,"BDI 1",{"$f":"IF($C87=\"S\",ROUND(IF(TIPOORCAMENTO=\"Proposto\",ORÇAMENTO.CustoUnitario*(1+$AH87),ORÇAMENTO.PrecoUnitarioLicitado),15-13*$AF$10),0)","v":0},{"$f":"IF($C87=\"S\",IF(OR(Import.TipoArredondamento<>\"TransfereGOV\",ACOMPANHAMENTO=\"BM\"),VTOTAL1,SUM(OFFSET(CÁLCULO!$AA$15,ROW($X87)-ROW($X$15),1):OFFSET(CÁLCULO!$AL$15,ROW($X87)-ROW($X$15),-1))),IF($C87=0,0,ROUND(SomaAgrup,15-13*$AF$11)))","v":0},"RA","",{"$f":"IF($C87=\"S\",IF($Z87=\"CP\",$X87,IF($Z87=\"RA\",(($X87)*QCI!$AA$3),0)),SomaAgrup)","v":0},0,{"$f":"IF($N87=\"\",\" \",\nIF(AND($C87<>\"S\",OR($R87=\"\",$R87=\"(digite a descrição aqui)\")),\"DESCRIÇÃO\",\nIF(AND($C87=\"S\",OR($Q87<>\"\",$T87>0,$U87>0),$P87=\"\"),\"FONTE\",\nIF(AND($C87=\"S\",$P87<>\"\",OR($T87>0,$U87>0),$Q87=\"\"),\"CÓDIGO\",\nIF(AND($C87=\"S\",$P87<>\"\",$Q87<>\"\",$R87=\"(Código não identificado nas referências)\"),\"CÓDIGO N/ID\",\nIF(AND($C87=\"S\",OR($R87=\"\",$R87=\"(digite a descrição aqui)\"),OR($Q87<>\"\",$T87>0,$U87>0)),\"DESCRIÇÃO\",\nIF(AND($C87=\"S\",$P87<>\"\",$Q87<>\"\",$S87=\"\"),\"UNIDADE\",\nIF(AND($C87=\"S\",$P87<>\"\",$Q87<>\"\",$U87=0),\"SEM CUSTO\",\nIF(AND(_xlfn.SINGLE(TIPOORCAMENTO)=\"Licitado\",$AL87=0,$AN87>0),\"SEM PREÇO\",\nIF(AND($C87=\"S\",$P87<>\"\",$Q87<>\"\",$U87>0,AND($V87<>\"BDI 1\",$V87<>\"BDI 2\",$V87<>\"BDI 3\")),IF(ISNUMBER($V87),\"JUSTIFICAR BDI\",\"BDI\"),\nIF(OR(AND(import.recurso=\"OGU\",TIPOORCAMENTO=\"Proposto\",LEFT($O$8,5)<>\"(N/D:\",$AG87<>\"\",ORÇAMENTO.CustoUnitario>$AG87),AND(TIPOORCAMENTO=\"LICITADO\",ORÇAMENTO.PrecoUnitarioLicitado>$AN87)),\"ACIMA REF.\",\nIF(AND($C87=\"S\",$P87<>\"\",$Q87<>\"\",$T87=0,$U87>0),\"QUANT.\",\nIF(AND(Import.TipoArredondamento=\"TransfereGOV\",$L87=\"F\",$C87=\"S\",LEN($Q87)>13),\"Código >13\",\nIF(AND(Import.TipoArredondamento=\"TransfereGOV\",$L87=\"F\",$C87<>\"S\",LEN($R87)>100),\"Descrição >100\",\nIF(AND(Import.TipoArredondamento=\"TransfereGOV\",$L87=\"F\",$C87=\"S\",LEN($R87)>500),\"Descrição >500\",\nIF(AND(Import.TipoArredondamento=\"TransfereGOV\",$L87=\"F\",$C87=\"S\",LEFT(TRIM(UPPER($P87)),6)<>\"SINAPI\",ISNA(VLOOKUP(TRIM(UPPER($S87)),ListaTgov.Unidades,1,FALSE))),\"Unid. Não Disp\",\n\" \"))))))))))))))))","v":{"$error":"#NAME?"}},{"$f":"IF(C87<=CRONO.NivelExibicao,MAX($AD$15:OFFSET(AD87,-1,0))+IF($C87<>1,1,MAX(1,COUNTIF(QCI!$A$13:$A$24,OFFSET($E87,-1,0)))),\"\")","v":""},{"$f":"IF(AND($C87=\"S\",ORÇAMENTO.CodBarra<>\"\"),IF(ORÇAMENTO.Fonte=\"\",ORÇAMENTO.CodBarra,CONCATENATE(ORÇAMENTO.Fonte,\" \",ORÇAMENTO.CodBarra)))","v":false},{"$f":"IF(ISERROR(INDIRECT(ORÇAMENTO.BancoRef)),\"(abra o arquivo 'Referência \"&Excel_BuiltIn_Database&\".xlsm)\",IF(OR($C87<>\"S\",ORÇAMENTO.CodBarra=\"\"),\"(Sem Código)\",IF(ISERROR(MATCH($AE87,INDIRECT(ORÇAMENTO.BancoRef),0)),\"(Código não identificado nas referências)\",MATCH($AE87,INDIRECT(ORÇAMENTO.BancoRef),0))))","v":"(Sem Código)"},{"$f":"ROUND(IF(DESONERACAO=\"sim\",REFERENCIA.Desonerado,REFERENCIA.NaoDesonerado),2)","v":0},0.26,null,null,null,null,0,0]
["S",3,"S",0,{"$f":"IF($C88=1,OFFSET(E88,-1,0)+MAX(1,COUNTIF(QCI!$A$13:$A$24,OFFSET(ORÇAMENTO!E88,-1,0))),OFFSET(E88,-1,0))","v":1},2,2,0,10,0,{"$f":"IF(OR($C88=\"S\",$C88=0),0,MATCH(OFFSET($D88,0,$C88)+IF($C88<>1,1,COUNTIF(QCI!$A$13:$A$24,ORÇAMENTO!E88)),OFFSET($D88,1,$C88,ROW($C$270)-ROW($C88)),0))","v":0},"","Serviço","Serviço","-","SINAPI",null,{"$f":"IF($C88=\"S\",REFERENCIA.Descricao,\"(digite a descrição aqui)\")","v":"(Sem Código)"},{"$f":"REFERENCIA.Unidade","v":"-"},{"$f":"OFFSET(CÁLCULO!H$15,ROW($T88)-ROW(T$15),0)","v":0},null,"BDI 1",{"$f":"IF($C88=\"S\",ROUND(IF(TIPOORCAMENTO=\"Proposto\",ORÇAMENTO.CustoUnitario*(1+$AH88),ORÇAMENTO.PrecoUnitarioLicitado),15-13*$AF$10),0)","v":0},{"$f":"IF($C88=\"S\",IF(OR(Import.TipoArredondamento<>\"TransfereGOV\",ACOMPANHAMENTO=\"BM\"),VTOTAL1,SUM(OFFSET(CÁLCULO!$AA$15,ROW($X88)-ROW($X$15),1):OFFSET(CÁLCULO!$AL$15,ROW($X88)-ROW($X$15),-1))),IF($C88=0,0,ROUND(SomaAgrup,15-13*$AF$11)))","v":0},"RA","",{"$f":"IF($C88=\"S\",IF($Z88=\"CP\",$X88,IF($Z88=\"RA\",(($X88)*QCI!$AA$3),0)),SomaAgrup)","v":0},0,{"$f":"IF($N88=\"\",\" \",\nIF(AND($C88<>\"S\",OR($R88=\"\",$R88=\"(digite a descrição aqui)\")),\"DESCRIÇÃO\",\nIF(AND($C88=\"S\",OR($Q88<>\"\",$T88>0,$U88>0),$P88=\"\"),\"FONTE\",\nIF(AND($C88=\"S\",$P88<>\"\",OR($T88>0,$U88>0),$Q88=\"\"),\"CÓDIGO\",\nIF(AND($C88=\"S\",$P88<>\"\",$Q88<>\"\",$R88=\"(Código não identificado nas referências)\"),\"CÓDIGO N/ID\",\nIF(AND($C88=\"S\",OR($R88=\"\",$R88=\"(digite a descrição aqui)\"),OR($Q88<>\"\",$T88>0,$U88>0)),\"DESCRIÇÃO\",\nIF(AND($C88=\"S\",$P88<>\"\",$Q88<>\"\",$S88=\"\"),\"UNIDADE\",\nIF(AND($C88=\"S\",$P88<>\"\",$Q88<>\"\",$U88=0),\"SEM CUSTO\",\nIF(AND(_xlfn.SINGLE(TIPOORCAMENTO)=\"Licitado\",$AL88=0,$AN88>0),\"SEM PREÇO\",\nIF(AND($C88=\"S\",$P88<>\"\",$Q88<>\"\",$U88>0,AND($V88<>\"BDI 1\",$V88<>\"BDI 2\",$V88<>\"BDI 3\")),IF(ISNUMBER($V88),\"JUSTIFICAR BDI\",\"BDI\"),\nIF(OR(AND(import.recurso=\"OGU\",TIPOORCAMENTO=\"Proposto\",LEFT($O$8,5)<>\"(N/D:\",$AG88<>\"\",ORÇAMENTO.CustoUnitario>$AG88),AND(TIPOORCAMENTO=\"LICITADO\",ORÇAMENTO.PrecoUnitarioLicitado>$AN88)),\"ACIMA REF.\",\nIF(AND($C88=\"S\",$P88<>\"\",$Q88<>\"\",$T88=0,$U88>0),\"QUANT.\",\nIF(AND(Import.TipoArredondamento=\"TransfereGOV\",$L88=\"F\",$C88=\"S\",LEN($Q88)>13),\"Código >13\",\nIF(AND(Import.TipoArredondamento=\"TransfereGOV\",$L88=\"F\",$C88<>\"S\",LEN($R88)>100),\"Descrição >100\",\nIF(AND(Import.TipoArredondamento=\"TransfereGOV\",$L88=\"F\",$C88=\"S\",LEN($R88)>500),\"Descrição >500\",\nIF(AND(Import.TipoArredondamento=\"TransfereGOV\",$L88=\"F\",$C88=\"S\",LEFT(TRIM(UPPER($P88)),6)<>\"SINAPI\",ISNA(VLOOKUP(TRIM(UPPER($S88)),ListaTgov.Unidades,1,FALSE))),\"Unid. Não Disp\",\n\" \"))))))))))))))))","v":{"$error":"#NAME?"}},{"$f":"IF(C88<=CRONO.NivelExibicao,MAX($AD$15:OFFSET(AD88,-1,0))+IF($C88<>1,1,MAX(1,COUNTIF(QCI!$A$13:$A$24,OFFSET($E88,-1,0)))),\"\")","v":""},{"$f":"IF(AND($C88=\"S\",ORÇAMENTO.CodBarra<>\"\"),IF(ORÇAMENTO.Fonte=\"\",ORÇAMENTO.CodBarra,CONCATENATE(ORÇAMENTO.Fonte,\" \",ORÇAMENTO.CodBarra)))","v":false},{"$f":"IF(ISERROR(INDIRECT(ORÇAMENTO.BancoRef)),\"(abra o arquivo 'Referência \"&Excel_BuiltIn_Database&\".xlsm)\",IF(OR($C88<>\"S\",ORÇAMENTO.CodBarra=\"\"),\"(Sem Código)\",IF(ISERROR(MATCH($AE88,INDIRECT(ORÇAMENTO.BancoRef),0)),\"(Código não identificado nas referências)\",MATCH($AE88,INDIRECT(ORÇAMENTO.BancoRef),0))))","v":"(Sem Código)"},{"$f":"ROUND(IF(DESONERACAO=\"sim\",REFERENCIA.Desonerado,REFERENCIA.NaoDesonerado),2)","v":0},0.26,null,null,null,null,0,0]
["S",3,"S",0,{"$f":"IF($C89=1,OFFSET(E89,-1,0)+MAX(1,COUNTIF(QCI!$A$13:$A$24,OFFSET(ORÇAMENTO!E89,-1,0))),OFFSET(E89,-1,0))","v":1},2,2,0,10,0,{"$f":"IF(OR($C89=\"S\",$C89=0),0,MATCH(OFFSET($D89,0,$C89)+IF($C89<>1,1,COUNTIF(QCI!$A$13:$A$24,ORÇAMENTO!E89)),OFFSET($D89,1,$C89,ROW($C$270)-ROW($C89)),0))","v":0},"","Serviço","Serviço","-","SINAPI",null,{"$f":"IF($C89=\"S\",REFERENCIA.Descricao,\"(digite a descrição aqui)\")","v":"(Sem Código)"},{"$f":"REFERENCIA.Unidade","v":"-"},{"$f":"OFFSET(CÁLCULO!H$15,ROW($T89)-ROW(T$15),0)","v":0},null,"BDI 1",{"$f":"IF($C89=\"S\",ROUND(IF(TIPOORCAMENTO=\"Proposto\",ORÇAMENTO.CustoUnitario*(1+$AH89),ORÇAMENTO.PrecoUnitarioLicitado),15-13*$AF$10),0)","v":0},{"$f":"IF($C89=\"S\",IF(OR(Import.TipoArredondamento<>\"TransfereGOV\",ACOMPANHAMENTO=\"BM\"),VTOTAL1,SUM(OFFSET(CÁLCULO!$AA$15,ROW($X89)-ROW($X$15),1):OFFSET(CÁLCULO!$AL$15,ROW($X89)-ROW($X$15),-1))),IF($C89=0,0,ROUND(SomaAgrup,15-13*$AF$11)))","v":0},"RA","",{"$f":"IF($C89=\"S\",IF($Z89=\"CP\",$X89,IF($Z89=\"RA\",(($X89)*QCI!$AA$3),0)),SomaAgrup)","v":0},0,{"$f":"IF($N89=\"\",\" \",\nIF(AND($C89<>\"S\",OR($R89=\"\",$R89=\"(digite a descrição aqui)\")),\"DESCRIÇÃO\",\nIF(AND($C89=\"S\",OR($Q89<>\"\",$T89>0,$U89>0),$P89=\"\"),\"FONTE\",\nIF(AND($C89=\"S\",$P89<>\"\",OR($T89>0,$U89>0),$Q89=\"\"),\"CÓDIGO\",\nIF(AND($C89=\"S\",$P89<>\"\",$Q89<>\"\",$R89=\"(Código não identificado nas referências)\"),\"CÓDIGO N/ID\",\nIF(AND($C89=\"S\",OR($R89=\"\",$R89=\"(digite a descrição aqui)\"),OR($Q89<>\"\",$T89>0,$U89>0)),\"DESCRIÇÃO\",\nIF(AND($C89=\"S\",$P89<>\"\",$Q89<>\"\",$S89=\"\"),\"UNIDADE\",\nIF(AND($C89=\"S\",$P89<>\"\",$Q89<>\"\",$U89=0),\"SEM CUSTO\",\nIF(AND(_xlfn.SINGLE(TIPOORCAMENTO)=\"Licitado\",$AL89=0,$AN89>0),\"SEM PREÇO\",\nIF(AND($C89=\"S\",$P89<>\"\",$Q89<>\"\",$U89>0,AND($V89<>\"BDI 1\",$V89<>\"BDI 2\",$V89<>\"BDI 3\")),IF(ISNUMBER($V89),\"JUSTIFICAR BDI\",\"BDI\"),\nIF(OR(AND(import.recurso=\"OGU\",TIPOORCAMENTO=\"Proposto\",LEFT($O$8,5)<>\"(N/D:\",$AG89<>\"\",ORÇAMENTO.CustoUnitario>$AG89),AND(TIPOORCAMENTO=\"LICITADO\",ORÇAMENTO.PrecoUnitarioLicitado>$AN89)),\"ACIMA REF.\",\nIF(AND($C89=\"S\",$P89<>\"\",$Q89<>\"\",$T89=0,$U89>0),\"QUANT.\",\nIF(AND(Import.TipoArredondamento=\"TransfereGOV\",$L89=\"F\",$C89=\"S\",LEN($Q89)>13),\"Código >13\",\nIF(AND(Import.TipoArredondamento=\"TransfereGOV\",$L89=\"F\",$C89<>\"S\",LEN($R89)>100),\"Descrição >100\",\nIF(AND(Import.TipoArredondamento=\"TransfereGOV\",$L89=\"F\",$C89=\"S\",LEN($R89)>500),\"Descrição >500\",\nIF(AND(Import.TipoArredondamento=\"TransfereGOV\",$L89=\"F\",$C89=\"S\",LEFT(TRIM(UPPER($P89)),6)<>\"SINAPI\",ISNA(VLOOKUP(TRIM(UPPER($S89)),ListaTgov.Unidades,1,FALSE))),\"Unid. Não Disp\",\n\" \"))))))))))))))))","v":{"$error":"#NAME?"}},{"$f":"IF(C89<=CRONO.NivelExibicao,MAX($AD$15:OFFSET(AD89,-1,0))+IF($C89<>1,1,MAX(1,COUNTIF(QCI!$A$13:$A$24,OFFSET($E89,-1,0)))),\"\")","v":""},{"$f":"IF(AND($C89=\"S\",ORÇAMENTO.CodBarra<>\"\"),IF(ORÇAMENTO.Fonte=\"\",ORÇAMENTO.CodBarra,CONCATENATE(ORÇAMENTO.Fonte,\" \",ORÇAMENTO.CodBarra)))","v":false},{"$f":"IF(ISERROR(INDIRECT(ORÇAMENTO.BancoRef)),\"(abra o arquivo 'Referência \"&Excel_BuiltIn_Database&\".xlsm)\",IF(OR($C89<>\"S\",ORÇAMENTO.CodBarra=\"\"),\"(Sem Código)\",IF(ISERROR(MATCH($AE89,INDIRECT(ORÇAMENTO.BancoRef),0)),\"(Código não identificado nas referências)\",MATCH($AE89,INDIRECT(ORÇAMENTO.BancoRef),0))))","v":"(Sem Código)"},{"$f":"ROUND(IF(DESONERACAO=\"sim\",REFERENCIA.Desonerado,REFERENCIA.NaoDesonerado),2)","v":0},0.26,null,null,null,null,0,0]
["S",3,"S",0,{"$f":"IF($C90=1,OFFSET(E90,-1,0)+MAX(1,COUNTIF(QCI!$A$13:$A$24,OFFSET(ORÇAMENTO!E90,-1,0))),OFFSET(E90,-1,0))","v":1},2,2,0,10,0,{"$f":"IF(OR($C90=\"S\",$C90=0),0,MATCH(OFFSET($D90,0,$C90)+IF($C90<>1,1,COUNTIF(QCI!$A$13:$A$24,ORÇAMENTO!E90)),OFFSET($D90,1,$C90,ROW($C$270)-ROW($C90)),0))","v":0},"","Serviço","Serviço","-","SINAPI",null,{"$f":"IF($C90=\"S\",REFERENCIA.Descricao,\"(digite a descrição aqui)\")","v":"(Sem Código)"},{"$f":"REFERENCIA.Unidade","v":"-"},{"$f":"OFFSET(CÁLCULO!H$15,ROW($T90)-ROW(T$15),0)","v":0},null,"BDI 1",{"$f":"IF($C90=\"S\",ROUND(IF(TIPOORCAMENTO=\"Proposto\",ORÇAMENTO.CustoUnitario*(1+$AH90),ORÇAMENTO.PrecoUnitarioLicitado),15-13*$AF$10),0)","v":0},{"$f":"IF($C90=\"S\",IF(OR(Import.TipoArredondamento<>\"TransfereGOV\",ACOMPANHAMENTO=\"BM\"),VTOTAL1,SUM(OFFSET(CÁLCULO!$AA$15,ROW($X90)-ROW($X$15),1):OFFSET(CÁLCULO!$AL$15,ROW($X90)-ROW($X$15),-1))),IF($C90=0,0,ROUND(SomaAgrup,15-13*$AF$11)))","v":0},"RA","",{"$f":"IF($C90=\"S\",IF($Z90=\"CP\",$X90,IF($Z90=\"RA\",(($X90)*QCI!$AA$3),0)),SomaAgrup)","v":0},0,{"$f":"IF($N90=\"\",\" \",\nIF(AND($C90<>\"S\",OR($R90=\"\",$R90=\"(digite a descrição aqui)\")),\"DESCRIÇÃO\",\nIF(AND($C90=\"S\",OR($Q90<>\"\",$T90>0,$U90>0),$P90=\"\"),\"FONTE\",\nIF(AND($C90=\"S\",$P90<>\"\",OR($T90>0,$U90>0),$Q90=\"\"),\"CÓDIGO\",\nIF(AND($C90=\"S\",$P90<>\"\",$Q90<>\"\",$R90=\"(Código não identificado nas referências)\"),\"CÓDIGO N/ID\",\nIF(AND($C90=\"S\",OR($R90=\"\",$R90=\"(digite a descrição aqui)\"),OR($Q90<>\"\",$T90>0,$U90>0)),\"DESCRIÇÃO\",\nIF(AND($C90=\"S\",$P90<>\"\",$Q90<>\"\",$S90=\"\"),\"UNIDADE\",\nIF(AND($C90=\"S\",$P90<>\"\",$Q90<>\"\",$U90=0),\"SEM CUSTO\",\nIF(AND(_xlfn.SINGLE(TIPOORCAMENTO)=\"Licitado\",$AL90=0,$AN90>0),\"SEM PREÇO\",\nIF(AND($C90=\"S\",$P90<>\"\",$Q90<>\"\",$U90>0,AND($V90<>\"BDI 1\",$V90<>\"BDI 2\",$V90<>\"BDI 3\")),IF(ISNUMBER($V90),\"JUSTIFICAR BDI\",\"BDI\"),\nIF(OR(AND(import.recurso=\"OGU\",TIPOORCAMENTO=\"Proposto\",LEFT($O$8,5)<>\"(N/D:\",$AG90<>\"\",ORÇAMENTO.CustoUnitario>$AG90),AND(TIPOORCAMENTO=\"LICITADO\",ORÇAMENTO.PrecoUnitarioLicitado>$AN90)),\"ACIMA REF.\",\nIF(AND($C90=\"S\",$P90<>\"\",$Q90<>\"\",$T90=0,$U90>0),\"QUANT.\",\nIF(AND(Import.TipoArredondamento=\"TransfereGOV\",$L90=\"F\",$C90=\"S\",LEN($Q90)>13),\"Código >13\",\nIF(AND(Import.TipoArredondamento=\"TransfereGOV\",$L90=\"F\",$C90<>\"S\",LEN($R90)>100),\"Descrição >100\",\nIF(AND(Import.TipoArredondamento=\"TransfereGOV\",$L90=\"F\",$C90=\"S\",LEN($R90)>500),\"Descrição >500\",\nIF(AND(Import.TipoArredondamento=\"TransfereGOV\",$L90=\"F\",$C90=\"S\",LEFT(TRIM(UPPER($P90)),6)<>\"SINAPI\",ISNA(VLOOKUP(TRIM(UPPER($S90)),ListaTgov.Unidades,1,FALSE))),\"Unid. Não Disp\",\n\" \"))))))))))))))))","v":{"$error":"#NAME?"}},{"$f":"IF(C90<=CRONO.NivelExibicao,MAX($AD$15:OFFSET(AD90,-1,0))+IF($C90<>1,1,MAX(1,COUNTIF(QCI!$A$13:$A$24,OFFSET($E90,-1,0)))),\"\")","v":""},{"$f":"IF(AND($C90=\"S\",ORÇAMENTO.CodBarra<>\"\"),IF(ORÇAMENTO.Fonte=\"\",ORÇAMENTO.CodBarra,CONCATENATE(ORÇAMENTO.Fonte,\" \",ORÇAMENTO.CodBarra)))","v":false},{"$f":"IF(ISERROR(INDIRECT(ORÇAMENTO.BancoRef)),\"(abra o arquivo 'Referência \"&Excel_BuiltIn_Database&\".xlsm)\",IF(OR($C90<>\"S\",ORÇAMENTO.CodBarra=\"\"),\"(Sem Código)\",IF(ISERROR(MATCH($AE90,INDIRECT(ORÇAMENTO.BancoRef),0)),\"(Código não identificado nas referências)\",MATCH($AE90,INDIRECT(ORÇAMENTO.BancoRef),0))))","v":"(Sem Código)"},{"$f":"ROUND(IF(DESONERACAO=\"sim\",REFERENCIA.Desonerado,REFERENCIA.NaoDesonerado),2)","v":0},0.26,null,null,null,null,0,0]
["S",3,"S",0,{"$f":"IF($C91=1,OFFSET(E91,-1,0)+MAX(1,COUNTIF(QCI!$A$13:$A$24,OFFSET(ORÇAMENTO!E91,-1,0))),OFFSET(E91,-1,0))","v":1},2,2,0,10,0,{"$f":"IF(OR($C91=\"S\",$C91=0),0,MATCH(OFFSET($D91,0,$C91)+IF($C91<>1,1,COUNTIF(QCI!$A$13:$A$24,ORÇAMENTO!E91)),OFFSET($D91,1,$C91,ROW($C$270)-ROW($C91)),0))","v":0},"","Serviço","Serviço","-","SINAPI",null,{"$f":"IF($C91=\"S\",REFERENCIA.Descricao,\"(digite a descrição aqui)\")","v":"(Sem Código)"},{"$f":"REFERENCIA.Unidade","v":"-"},{"$f":"OFFSET(CÁLCULO!H$15,ROW($T91)-ROW(T$15),0)","v":0},null,"BDI 1",{"$f":"IF($C91=\"S\",ROUND(IF(TIPOORCAMENTO=\"Proposto\",ORÇAMENTO.CustoUnitario*(1+$AH91),ORÇAMENTO.PrecoUnitarioLicitado),15-13*$AF$10),0)","v":0},{"$f":"IF($C91=\"S\",IF(OR(Import.TipoArredondamento<>\"TransfereGOV\",ACOMPANHAMENTO=\"BM\"),VTOTAL1,SUM(OFFSET(CÁLCULO!$AA$15,ROW($X91)-ROW($X$15),1):OFFSET(CÁLCULO!$AL$15,ROW($X91)-ROW($X$15),-1))),IF($C91=0,0,ROUND(SomaAgrup,15-13*$AF$11)))","v":0},"RA","",{"$f":"IF($C91=\"S\",IF($Z91=\"CP\",$X91,IF($Z91=\"RA\",(($X91)*QCI!$AA$3),0)),SomaAgrup)","v":0},0,{"$f":"IF($N91=\"\",\" \",\nIF(AND($C91<>\"S\",OR($R91=\"\",$R91=\"(digite a descrição aqui)\")),\"DESCRIÇÃO\",\nIF(AND($C91=\"S\",OR($Q91<>\"\",$T91>0,$U91>0),$P91=\"\"),\"FONTE\",\nIF(AND($C91=\"S\",$P91<>\"\",OR($T91>0,$U91>0),$Q91=\"\"),\"CÓDIGO\",\nIF(AND($C91=\"S\",$P91<>\"\",$Q91<>\"\",$R91=\"(Código não identificado nas referências)\"),\"CÓDIGO N/ID\",\nIF(AND($C91=\"S\",OR($R91=\"\",$R91=\"(digite a descrição aqui)\"),OR($Q91<>\"\",$T91>0,$U91>0)),\"DESCRIÇÃO\",\nIF(AND($C91=\"S\",$P91<>\"\",$Q91<>\"\",$S91=\"\"),\"UNIDADE\",\nIF(AND($C91=\"S\",$P91<>\"\",$Q91<>\"\",$U91=0),\"SEM CUSTO\",\nIF(AND(_xlfn.SINGLE(TIPOORCAMENTO)=\"Licitado\",$AL91=0,$AN91>0),\"SEM PREÇO\",\nIF(AND($C91=\"S\",$P91<>\"\",$Q91<>\"\",$U91>0,AND($V91<>\"BDI 1\",$V91<>\"BDI 2\",$V91<>\"BDI 3\")),IF(ISNUMBER($V91),\"JUSTIFICAR BDI\",\"BDI\"),\nIF(OR(AND(import.recurso=\"OGU\",TIPOORCAMENTO=\"Proposto\",LEFT($O$8,5)<>\"(N/D:\",$AG91<>\"\",ORÇAMENTO.CustoUnitario>$AG91),AND(TIPOORCAMENTO=\"LICITADO\",ORÇAMENTO.PrecoUnitarioLicitado>$AN91)),\"ACIMA REF.\",\nIF(AND($C91=\"S\",$P91<>\"\",$Q91<>\"\",$T91=0,$U91>0),\"QUANT.\",\nIF(AND(Import.TipoArredondamento=\"TransfereGOV\",$L91=\"F\",$C91=\"S\",LEN($Q91)>13),\"Código >13\",\nIF(AND(Import.TipoArredondamento=\"TransfereGOV\",$L91=\"F\",$C91<>\"S\",LEN($R91)>100),\"Descrição >100\",\nIF(AND(Import.TipoArredondamento=\"TransfereGOV\",$L91=\"F\",$C91=\"S\",LEN($R91)>500),\"Descrição >500\",\nIF(AND(Import.TipoArredondamento=\"TransfereGOV\",$L91=\"F\",$C91=\"S\",LEFT(TRIM(UPPER($P91)),6)<>\"SINAPI\",ISNA(VLOOKUP(TRIM(UPPER($S91)),ListaTgov.Unidades,1,FALSE))),\"Unid. Não Disp\",\n\" \"))))))))))))))))","v":{"$error":"#NAME?"}},{"$f":"IF(C91<=CRONO.NivelExibicao,MAX($AD$15:OFFSET(AD91,-1,0))+IF($C91<>1,1,MAX(1,COUNTIF(QCI!$A$13:$A$24,OFFSET($E91,-1,0)))),\"\")","v":""},{"$f":"IF(AND($C91=\"S\",ORÇAMENTO.CodBarra<>\"\"),IF(ORÇAMENTO.Fonte=\"\",ORÇAMENTO.CodBarra,CONCATENATE(ORÇAMENTO.Fonte,\" \",ORÇAMENTO.CodBarra)))","v":false},{"$f":"IF(ISERROR(INDIRECT(ORÇAMENTO.BancoRef)),\"(abra o arquivo 'Referência \"&Excel_BuiltIn_Database&\".xlsm)\",IF(OR($C91<>\"S\",ORÇAMENTO.CodBarra=\"\"),\"(Sem Código)\",IF(ISERROR(MATCH($AE91,INDIRECT(ORÇAMENTO.BancoRef),0)),\"(Código não identificado nas referências)\",MATCH($AE91,INDIRECT(ORÇAMENTO.BancoRef),0))))","v":"(Sem Código)"},{"$f":"ROUND(IF(DESONERACAO=\"sim\",REFERENCIA.Desonerado,REFERENCIA.NaoDesonerado),2)","v":0},0.26,null,null,null,null,0,0]
["S",3,"S",0,{"$f":"IF($C92=1,OFFSET(E92,-1,0)+MAX(1,COUNTIF(QCI!$A$13:$A$24,OFFSET(ORÇAMENTO!E92,-1,0))),OFFSET(E92,-1,0))","v":1},2,2,0,10,0,{"$f":"IF(OR($C92=\"S\",$C92=0),0,MATCH(OFFSET($D92,0,$C92)+IF($C92<>1,1,COUNTIF(QCI!$A$13:$A$24,ORÇAMENTO!E92)),OFFSET($D92,1,$C92,ROW($C$270)-ROW($C92)),0))","v":0},"","Serviço","Serviço","-","SINAPI",null,{"$f":"IF($C92=\"S\",REFERENCIA.Descricao,\"(digite a descrição aqui)\")","v":"(Sem Código)"},{"$f":"REFERENCIA.Unidade","v":"-"},{"$f":"OFFSET(CÁLCULO!H$15,ROW($T92)-ROW(T$15),0)","v":0},null,"BDI 1",{"$f":"IF($C92=\"S\",ROUND(IF(TIPOORCAMENTO=\"Proposto\",ORÇAMENTO.CustoUnitario*(1+$AH92),ORÇAMENTO.PrecoUnitarioLicitado),15-13*$AF$10),0)","v":0},{"$f":"IF($C92=\"S\",IF(OR(Import.TipoArredondamento<>\"TransfereGOV\",ACOMPANHAMENTO=\"BM\"),VTOTAL1,SUM(OFFSET(CÁLCULO!$AA$15,ROW($X92)-ROW($X$15),1):OFFSET(CÁLCULO!$AL$15,ROW($X92)-ROW($X$15),-1))),IF($C92=0,0,ROUND(SomaAgrup,15-13*$AF$11)))","v":0},"RA","",{"$f":"IF($C92=\"S\",IF($Z92=\"CP\",$X92,IF($Z92=\"RA\",(($X92)*QCI!$AA$3),0)),SomaAgrup)","v":0},0,{"$f":"IF($N92=\"\",\" \",\nIF(AND($C92<>\"S\",OR($R92=\"\",$R92=\"(digite a descrição aqui)\")),\"DESCRIÇÃO\",\nIF(AND($C92=\"S\",OR($Q92<>\"\",$T92>0,$U92>0),$P92=\"\"),\"FONTE\",\nIF(AND($C92=\"S\",$P92<>\"\",OR($T92>0,$U92>0),$Q92=\"\"),\"CÓDIGO\",\nIF(AND($C92=\"S\",$P92<>\"\",$Q92<>\"\",$R92=\"(Código não identificado nas referências)\"),\"CÓDIGO N/ID\",\nIF(AND($C92=\"S\",OR($R92=\"\",$R92=\"(digite a descrição aqui)\"),OR($Q92<>\"\",$T92>0,$U92>0)),\"DESCRIÇÃO\",\nIF(AND($C92=\"S\",$P92<>\"\",$Q92<>\"\",$S92=\"\"),\"UNIDADE\",\nIF(AND($C92=\"S\",$P92<>\"\",$Q92<>\"\",$U92=0),\"SEM CUSTO\",\nIF(AND(_xlfn.SINGLE(TIPOORCAMENTO)=\"Licitado\",$AL92=0,$AN92>0),\"SEM PREÇO\",\nIF(AND($C92=\"S\",$P92<>\"\",$Q92<>\"\",$U92>0,AND($V92<>\"BDI 1\",$V92<>\"BDI 2\",$V92<>\"BDI 3\")),IF(ISNUMBER($V92),\"JUSTIFICAR BDI\",\"BDI\"),\nIF(OR(AND(import.recurso=\"OGU\",TIPOORCAMENTO=\"Proposto\",LEFT($O$8,5)<>\"(N/D:\",$AG92<>\"\",ORÇAMENTO.CustoUnitario>$AG92),AND(TIPOORCAMENTO=\"LICITADO\",ORÇAMENTO.PrecoUnitarioLicitado>$AN92)),\"ACIMA REF.\",\nIF(AND($C92=\"S\",$P92<>\"\",$Q92<>\"\",$T92=0,$U92>0),\"QUANT.\",\nIF(AND(Import.TipoArredondamento=\"TransfereGOV\",$L92=\"F\",$C92=\"S\",LEN($Q92)>13),\"Código >13\",\nIF(AND(Import.TipoArredondamento=\"TransfereGOV\",$L92=\"F\",$C92<>\"S\",LEN($R92)>100),\"Descrição >100\",\nIF(AND(Import.TipoArredondamento=\"TransfereGOV\",$L92=\"F\",$C92=\"S\",LEN($R92)>500),\"Descrição >500\",\nIF(AND(Import.TipoArredondamento=\"TransfereGOV\",$L92=\"F\",$C92=\"S\",LEFT(TRIM(UPPER($P92)),6)<>\"SINAPI\",ISNA(VLOOKUP(TRIM(UPPER($S92)),ListaTgov.Unidades,1,FALSE))),\"Unid. Não Disp\",\n\" \"))))))))))))))))","v":{"$error":"#NAME?"}},{"$f":"IF(C92<=CRONO.NivelExibicao,MAX($AD$15:OFFSET(AD92,-1,0))+IF($C92<>1,1,MAX(1,COUNTIF(QCI!$A$13:$A$24,OFFSET($E92,-1,0)))),\"\")","v":""},{"$f":"IF(AND($C92=\"S\",ORÇAMENTO.CodBarra<>\"\"),IF(ORÇAMENTO.Fonte=\"\",ORÇAMENTO.CodBarra,CONCATENATE(ORÇAMENTO.Fonte,\" \",ORÇAMENTO.CodBarra)))","v":false},{"$f":"IF(ISERROR(INDIRECT(ORÇAMENTO.BancoRef)),\"(abra o arquivo 'Referência \"&Excel_BuiltIn_Database&\".xlsm)\",IF(OR($C92<>\"S\",ORÇAMENTO.CodBarra=\"\"),\"(Sem Código)\",IF(ISERROR(MATCH($AE92,INDIRECT(ORÇAMENTO.BancoRef),0)),\"(Código não identificado nas referências)\",MATCH($AE92,INDIRECT(ORÇAMENTO.BancoRef),0))))","v":"(Sem Código)"},{"$f":"ROUND(IF(DESONERACAO=\"sim\",REFERENCIA.Desonerado,REFERENCIA.NaoDesonerado),2)","v":0},0.26,null,null,null,null,0,0]
["S",3,"S",0,{"$f":"IF($C93=1,OFFSET(E93,-1,0)+MAX(1,COUNTIF(QCI!$A$13:$A$24,OFFSET(ORÇAMENTO!E93,-1,0))),OFFSET(E93,-1,0))","v":1},2,2,0,10,0,{"$f":"IF(OR($C93=\"S\",$C93=0),0,MATCH(OFFSET($D93,0,$C93)+IF($C93<>1,1,COUNTIF(QCI!$A$13:$A$24,ORÇAMENTO!E93)),OFFSET($D93,1,$C93,ROW($C$270)-ROW($C93)),0))","v":0},"","Serviço","Serviço","-","SINAPI",null,{"$f":"IF($C93=\"S\",REFERENCIA.Descricao,\"(digite a descrição aqui)\")","v":"(Sem Código)"},{"$f":"REFERENCIA.Unidade","v":"-"},{"$f":"OFFSET(CÁLCULO!H$15,ROW($T93)-ROW(T$15),0)","v":0},null,"BDI 1",{"$f":"IF($C93=\"S\",ROUND(IF(TIPOORCAMENTO=\"Proposto\",ORÇAMENTO.CustoUnitario*(1+$AH93),ORÇAMENTO.PrecoUnitarioLicitado),15-13*$AF$10),0)","v":0},{"$f":"IF($C93=\"S\",IF(OR(Import.TipoArredondamento<>\"TransfereGOV\",ACOMPANHAMENTO=\"BM\"),VTOTAL1,SUM(OFFSET(CÁLCULO!$AA$15,ROW($X93)-ROW($X$15),1):OFFSET(CÁLCULO!$AL$15,ROW($X93)-ROW($X$15),-1))),IF($C93=0,0,ROUND(SomaAgrup,15-13*$AF$11)))","v":0},"RA","",{"$f":"IF($C93=\"S\",IF($Z93=\"CP\",$X93,IF($Z93=\"RA\",(($X93)*QCI!$AA$3),0)),SomaAgrup)","v":0},0,{"$f":"IF($N93=\"\",\" \",\nIF(AND($C93<>\"S\",OR($R93=\"\",$R93=\"(digite a descrição aqui)\")),\"DESCRIÇÃO\",\nIF(AND($C93=\"S\",OR($Q93<>\"\",$T93>0,$U93>0),$P93=\"\"),\"FONTE\",\nIF(AND($C93=\"S\",$P93<>\"\",OR($T93>0,$U93>0),$Q93=\"\"),\"CÓDIGO\",\nIF(AND($C93=\"S\",$P93<>\"\",$Q93<>\"\",$R93=\"(Código não identificado nas referências)\"),\"CÓDIGO N/ID\",\nIF(AND($C93=\"S\",OR($R93=\"\",$R93=\"(digite a descrição aqui)\"),OR($Q93<>\"\",$T93>0,$U93>0)),\"DESCRIÇÃO\",\nIF(AND($C93=\"S\",$P93<>\"\",$Q93<>\"\",$S93=\"\"),\"UNIDADE\",\nIF(AND($C93=\"S\",$P93<>\"\",$Q93<>\"\",$U93=0),\"SEM CUSTO\",\nIF(AND(_xlfn.SINGLE(TIPOORCAMENTO)=\"Licitado\",$AL93=0,$AN93>0),\"SEM PREÇO\",\nIF(AND($C93=\"S\",$P93<>\"\",$Q93<>\"\",$U93>0,AND($V93<>\"BDI 1\",$V93<>\"BDI 2\",$V93<>\"BDI 3\")),IF(ISNUMBER($V93),\"JUSTIFICAR BDI\",\"BDI\"),\nIF(OR(AND(import.recurso=\"OGU\",TIPOORCAMENTO=\"Proposto\",LEFT($O$8,5)<>\"(N/D:\",$AG93<>\"\",ORÇAMENTO.CustoUnitario>$AG93),AND(TIPOORCAMENTO=\"LICITADO\",ORÇAMENTO.PrecoUnitarioLicitado>$AN93)),\"ACIMA REF.\",\nIF(AND($C93=\"S\",$P93<>\"\",$Q93<>\"\",$T93=0,$U93>0),\"QUANT.\",\nIF(AND(Import.TipoArredondamento=\"TransfereGOV\",$L93=\"F\",$C93=\"S\",LEN($Q93)>13),\"Código >13\",\nIF(AND(Import.TipoArredondamento=\"TransfereGOV\",$L93=\"F\",$C93<>\"S\",LEN($R93)>100),\"Descrição >100\",\nIF(AND(Import.TipoArredondamento=\"TransfereGOV\",$L93=\"F\",$C93=\"S\",LEN($R93)>500),\"Descrição >500\",\nIF(AND(Import.TipoArredondamento=\"TransfereGOV\",$L93=\"F\",$C93=\"S\",LEFT(TRIM(UPPER($P93)),6)<>\"SINAPI\",ISNA(VLOOKUP(TRIM(UPPER($S93)),ListaTgov.Unidades,1,FALSE))),\"Unid. Não Disp\",\n\" \"))))))))))))))))","v":{"$error":"#NAME?"}},{"$f":"IF(C93<=CRONO.NivelExibicao,MAX($AD$15:OFFSET(AD93,-1,0))+IF($C93<>1,1,MAX(1,COUNTIF(QCI!$A$13:$A$24,OFFSET($E93,-1,0)))),\"\")","v":""},{"$f":"IF(AND($C93=\"S\",ORÇAMENTO.CodBarra<>\"\"),IF(ORÇAMENTO.Fonte=\"\",ORÇAMENTO.CodBarra,CONCATENATE(ORÇAMENTO.Fonte,\" \",ORÇAMENTO.CodBarra)))","v":false},{"$f":"IF(ISERROR(INDIRECT(ORÇAMENTO.BancoRef)),\"(abra o arquivo 'Referência \"&Excel_BuiltIn_Database&\".xlsm)\",IF(OR($C93<>\"S\",ORÇAMENTO.CodBarra=\"\"),\"(Sem Código)\",IF(ISERROR(MATCH($AE93,INDIRECT(ORÇAMENTO.BancoRef),0)),\"(Código não identificado nas referências)\",MATCH($AE93,INDIRECT(ORÇAMENTO.BancoRef),0))))","v":"(Sem Código)"},{"$f":"ROUND(IF(DESONERACAO=\"sim\",REFERENCIA.Desonerado,REFERENCIA.NaoDesonerado),2)","v":0},0.26,null,null,null,null,0,0]
["S",3,"S",0,{"$f":"IF($C94=1,OFFSET(E94,-1,0)+MAX(1,COUNTIF(QCI!$A$13:$A$24,OFFSET(ORÇAMENTO!E94,-1,0))),OFFSET(E94,-1,0))","v":1},2,2,0,10,0,{"$f":"IF(OR($C94=\"S\",$C94=0),0,MATCH(OFFSET($D94,0,$C94)+IF($C94<>1,1,COUNTIF(QCI!$A$13:$A$24,ORÇAMENTO!E94)),OFFSET($D94,1,$C94,ROW($C$270)-ROW($C94)),0))","v":0},"","Serviço","Serviço","-","SINAPI",null,{"$f":"IF($C94=\"S\",REFERENCIA.Descricao,\"(digite a descrição aqui)\")","v":"(Sem Código)"},{"$f":"REFERENCIA.Unidade","v":"-"},{"$f":"OFFSET(CÁLCULO!H$15,ROW($T94)-ROW(T$15),0)","v":0},null,"BDI 1",{"$f":"IF($C94=\"S\",ROUND(IF(TIPOORCAMENTO=\"Proposto\",ORÇAMENTO.CustoUnitario*(1+$AH94),ORÇAMENTO.PrecoUnitarioLicitado),15-13*$AF$10),0)","v":0},{"$f":"IF($C94=\"S\",IF(OR(Import.TipoArredondamento<>\"TransfereGOV\",ACOMPANHAMENTO=\"BM\"),VTOTAL1,SUM(OFFSET(CÁLCULO!$AA$15,ROW($X94)-ROW($X$15),1):OFFSET(CÁLCULO!$AL$15,ROW($X94)-ROW($X$15),-1))),IF($C94=0,0,ROUND(SomaAgrup,15-13*$AF$11)))","v":0},"RA","",{"$f":"IF($C94=\"S\",IF($Z94=\"CP\",$X94,IF($Z94=\"RA\",(($X94)*QCI!$AA$3),0)),SomaAgrup)","v":0},0,{"$f":"IF($N94=\"\",\" \",\nIF(AND($C94<>\"S\",OR($R94=\"\",$R94=\"(digite a descrição aqui)\")),\"DESCRIÇÃO\",\nIF(AND($C94=\"S\",OR($Q94<>\"\",$T94>0,$U94>0),$P94=\"\"),\"FONTE\",\nIF(AND($C94=\"S\",$P94<>\"\",OR($T94>0,$U94>0),$Q94=\"\"),\"CÓDIGO\",\nIF(AND($C94=\"S\",$P94<>\"\",$Q94<>\"\",$R94=\"(Código não identificado nas referências)\"),\"CÓDIGO N/ID\",\nIF(AND($C94=\"S\",OR($R94=\"\",$R94=\"(digite a descrição aqui)\"),OR($Q94<>\"\",$T94>0,$U94>0)),\"DESCRIÇÃO\",\nIF(AND($C94=\"S\",$P94<>\"\",$Q94<>\"\",$S94=\"\"),\"UNIDADE\",\nIF(AND($C94=\"S\",$P94<>\"\",$Q94<>\"\",$U94=0),\"SEM CUSTO\",\nIF(AND(_xlfn.SINGLE(TIPOORCAMENTO)=\"Licitado\",$AL94=0,$AN94>0),\"SEM PREÇO\",\nIF(AND($C94=\"S\",$P94<>\"\",$Q94<>\"\",$U94>0,AND($V94<>\"BDI 1\",$V94<>\"BDI 2\",$V94<>\"BDI 3\")),IF(ISNUMBER($V94),\"JUSTIFICAR BDI\",\"BDI\"),\nIF(OR(AND(import.recurso=\"OGU\",TIPOORCAMENTO=\"Proposto\",LEFT($O$8,5)<>\"(N/D:\",$AG94<>\"\",ORÇAMENTO.CustoUnitario>$AG94),AND(TIPOORCAMENTO=\"LICITADO\",ORÇAMENTO.PrecoUnitarioLicitado>$AN94)),\"ACIMA REF.\",\nIF(AND($C94=\"S\",$P94<>\"\",$Q94<>\"\",$T94=0,$U94>0),\"QUANT.\",\nIF(AND(Import.TipoArredondamento=\"TransfereGOV\",$L94=\"F\",$C94=\"S\",LEN($Q94)>13),\"Código >13\",\nIF(AND(Import.TipoArredondamento=\"TransfereGOV\",$L94=\"F\",$C94<>\"S\",LEN($R94)>100),\"Descrição >100\",\nIF(AND(Import.TipoArredondamento=\"TransfereGOV\",$L94=\"F\",$C94=\"S\",LEN($R94)>500),\"Descrição >500\",\nIF(AND(Import.TipoArredondamento=\"TransfereGOV\",$L94=\"F\",$C94=\"S\",LEFT(TRIM(UPPER($P94)),6)<>\"SINAPI\",ISNA(VLOOKUP(TRIM(UPPER($S94)),ListaTgov.Unidades,1,FALSE))),\"Unid. Não Disp\",\n\" \"))))))))))))))))","v":{"$error":"#NAME?"}},{"$f":"IF(C94<=CRONO.NivelExibicao,MAX($AD$15:OFFSET(AD94,-1,0))+IF($C94<>1,1,MAX(1,COUNTIF(QCI!$A$13:$A$24,OFFSET($E94,-1,0)))),\"\")","v":""},{"$f":"IF(AND($C94=\"S\",ORÇAMENTO.CodBarra<>\"\"),IF(ORÇAMENTO.Fonte=\"\",ORÇAMENTO.CodBarra,CONCATENATE(ORÇAMENTO.Fonte,\" \",ORÇAMENTO.CodBarra)))","v":false},{"$f":"IF(ISERROR(INDIRECT(ORÇAMENTO.BancoRef)),\"(abra o arquivo 'Referência \"&Excel_BuiltIn_Database&\".xlsm)\",IF(OR($C94<>\"S\",ORÇAMENTO.CodBarra=\"\"),\"(Sem Código)\",IF(ISERROR(MATCH($AE94,INDIRECT(ORÇAMENTO.BancoRef),0)),\"(Código não identificado nas referências)\",MATCH($AE94,INDIRECT(ORÇAMENTO.BancoRef),0))))","v":"(Sem Código)"},{"$f":"ROUND(IF(DESONERACAO=\"sim\",REFERENCIA.Desonerado,REFERENCIA.NaoDesonerado),2)","v":0},0.26,null,null,null,null,0,0]
["S",3,"S",0,{"$f":"IF($C95=1,OFFSET(E95,-1,0)+MAX(1,COUNTIF(QCI!$A$13:$A$24,OFFSET(ORÇAMENTO!E95,-1,0))),OFFSET(E95,-1,0))","v":1},2,2,0,10,0,{"$f":"IF(OR($C95=\"S\",$C95=0),0,MATCH(OFFSET($D95,0,$C95)+IF($C95<>1,1,COUNTIF(QCI!$A$13:$A$24,ORÇAMENTO!E95)),OFFSET($D95,1,$C95,ROW($C$270)-ROW($C95)),0))","v":0},"","Serviço","Serviço","-","SINAPI",null,{"$f":"IF($C95=\"S\",REFERENCIA.Descricao,\"(digite a descrição aqui)\")","v":"(Sem Código)"},{"$f":"REFERENCIA.Unidade","v":"-"},{"$f":"OFFSET(CÁLCULO!H$15,ROW($T95)-ROW(T$15),0)","v":0},null,"BDI 1",{"$f":"IF($C95=\"S\",ROUND(IF(TIPOORCAMENTO=\"Proposto\",ORÇAMENTO.CustoUnitario*(1+$AH95),ORÇAMENTO.PrecoUnitarioLicitado),15-13*$AF$10),0)","v":0},{"$f":"IF($C95=\"S\",IF(OR(Import.TipoArredondamento<>\"TransfereGOV\",ACOMPANHAMENTO=\"BM\"),VTOTAL1,SUM(OFFSET(CÁLCULO!$AA$15,ROW($X95)-ROW($X$15),1):OFFSET(CÁLCULO!$AL$15,ROW($X95)-ROW($X$15),-1))),IF($C95=0,0,ROUND(SomaAgrup,15-13*$AF$11)))","v":0},"RA","",{"$f":"IF($C95=\"S\",IF($Z95=\"CP\",$X95,IF($Z95=\"RA\",(($X95)*QCI!$AA$3),0)),SomaAgrup)","v":0},0,{"$f":"IF($N95=\"\",\" \",\nIF(AND($C95<>\"S\",OR($R95=\"\",$R95=\"(digite a descrição aqui)\")),\"DESCRIÇÃO\",\nIF(AND($C95=\"S\",OR($Q95<>\"\",$T95>0,$U95>0),$P95=\"\"),\"FONTE\",\nIF(AND($C95=\"S\",$P95<>\"\",OR($T95>0,$U95>0),$Q95=\"\"),\"CÓDIGO\",\nIF(AND($C95=\"S\",$P95<>\"\",$Q95<>\"\",$R95=\"(Código não identificado nas referências)\"),\"CÓDIGO N/ID\",\nIF(AND($C95=\"S\",OR($R95=\"\",$R95=\"(digite a descrição aqui)\"),OR($Q95<>\"\",$T95>0,$U95>0)),\"DESCRIÇÃO\",\nIF(AND($C95=\"S\",$P95<>\"\",$Q95<>\"\",$S95=\"\"),\"UNIDADE\",\nIF(AND($C95=\"S\",$P95<>\"\",$Q95<>\"\",$U95=0),\"SEM CUSTO\",\nIF(AND(_xlfn.SINGLE(TIPOORCAMENTO)=\"Licitado\",$AL95=0,$AN95>0),\"SEM PREÇO\",\nIF(AND($C95=\"S\",$P95<>\"\",$Q95<>\"\",$U95>0,AND($V95<>\"BDI 1\",$V95<>\"BDI 2\",$V95<>\"BDI 3\")),IF(ISNUMBER($V95),\"JUSTIFICAR BDI\",\"BDI\"),\nIF(OR(AND(import.recurso=\"OGU\",TIPOORCAMENTO=\"Proposto\",LEFT($O$8,5)<>\"(N/D:\",$AG95<>\"\",ORÇAMENTO.CustoUnitario>$AG95),AND(TIPOORCAMENTO=\"LICITADO\",ORÇAMENTO.PrecoUnitarioLicitado>$AN95)),\"ACIMA REF.\",\nIF(AND($C95=\"S\",$P95<>\"\",$Q95<>\"\",$T95=0,$U95>0),\"QUANT.\",\nIF(AND(Import.TipoArredondamento=\"TransfereGOV\",$L95=\"F\",$C95=\"S\",LEN($Q95)>13),\"Código >13\",\nIF(AND(Import.TipoArredondamento=\"TransfereGOV\",$L95=\"F\",$C95<>\"S\",LEN($R95)>100),\"Descrição >100\",\nIF(AND(Import.TipoArredondamento=\"TransfereGOV\",$L95=\"F\",$C95=\"S\",LEN($R95)>500),\"Descrição >500\",\nIF(AND(Import.TipoArredondamento=\"TransfereGOV\",$L95=\"F\",$C95=\"S\",LEFT(TRIM(UPPER($P95)),6)<>\"SINAPI\",ISNA(VLOOKUP(TRIM(UPPER($S95)),ListaTgov.Unidades,1,FALSE))),\"Unid. Não Disp\",\n\" \"))))))))))))))))","v":{"$error":"#NAME?"}},{"$f":"IF(C95<=CRONO.NivelExibicao,MAX($AD$15:OFFSET(AD95,-1,0))+IF($C95<>1,1,MAX(1,COUNTIF(QCI!$A$13:$A$24,OFFSET($E95,-1,0)))),\"\")","v":""},{"$f":"IF(AND($C95=\"S\",ORÇAMENTO.CodBarra<>\"\"),IF(ORÇAMENTO.Fonte=\"\",ORÇAMENTO.CodBarra,CONCATENATE(ORÇAMENTO.Fonte,\" \",ORÇAMENTO.CodBarra)))","v":false},{"$f":"IF(ISERROR(INDIRECT(ORÇAMENTO.BancoRef)),\"(abra o arquivo 'Referência \"&Excel_BuiltIn_Database&\".xlsm)\",IF(OR($C95<>\"S\",ORÇAMENTO.CodBarra=\"\"),\"(Sem Código)\",IF(ISERROR(MATCH($AE95,INDIRECT(ORÇAMENTO.BancoRef),0)),\"(Código não identificado nas referências)\",MATCH($AE95,INDIRECT(ORÇAMENTO.BancoRef),0))))","v":"(Sem Código)"},{"$f":"ROUND(IF(DESONERACAO=\"sim\",REFERENCIA.Desonerado,REFERENCIA.NaoDesonerado),2)","v":0},0.26,null,null,null,null,0,0]
["S",3,"S",0,{"$f":"IF($C96=1,OFFSET(E96,-1,0)+MAX(1,COUNTIF(QCI!$A$13:$A$24,OFFSET(ORÇAMENTO!E96,-1,0))),OFFSET(E96,-1,0))","v":1},2,2,0,10,0,{"$f":"IF(OR($C96=\"S\",$C96=0),0,MATCH(OFFSET($D96,0,$C96)+IF($C96<>1,1,COUNTIF(QCI!$A$13:$A$24,ORÇAMENTO!E96)),OFFSET($D96,1,$C96,ROW($C$270)-ROW($C96)),0))","v":0},"","Serviço","Serviço","-","SINAPI",null,{"$f":"IF($C96=\"S\",REFERENCIA.Descricao,\"(digite a descrição aqui)\")","v":"(Sem Código)"},{"$f":"REFERENCIA.Unidade","v":"-"},{"$f":"OFFSET(CÁLCULO!H$15,ROW($T96)-ROW(T$15),0)","v":0},null,"BDI 1",{"$f":"IF($C96=\"S\",ROUND(IF(TIPOORCAMENTO=\"Proposto\",ORÇAMENTO.CustoUnitario*(1+$AH96),ORÇAMENTO.PrecoUnitarioLicitado),15-13*$AF$10),0)","v":0},{"$f":"IF($C96=\"S\",IF(OR(Import.TipoArredondamento<>\"TransfereGOV\",ACOMPANHAMENTO=\"BM\"),VTOTAL1,SUM(OFFSET(CÁLCULO!$AA$15,ROW($X96)-ROW($X$15),1):OFFSET(CÁLCULO!$AL$15,ROW($X96)-ROW($X$15),-1))),IF($C96=0,0,ROUND(SomaAgrup,15-13*$AF$11)))","v":0},"RA","",{"$f":"IF($C96=\"S\",IF($Z96=\"CP\",$X96,IF($Z96=\"RA\",(($X96)*QCI!$AA$3),0)),SomaAgrup)","v":0},0,{"$f":"IF($N96=\"\",\" \",\nIF(AND($C96<>\"S\",OR($R96=\"\",$R96=\"(digite a descrição aqui)\")),\"DESCRIÇÃO\",\nIF(AND($C96=\"S\",OR($Q96<>\"\",$T96>0,$U96>0),$P96=\"\"),\"FONTE\",\nIF(AND($C96=\"S\",$P96<>\"\",OR($T96>0,$U96>0),$Q96=\"\"),\"CÓDIGO\",\nIF(AND($C96=\"S\",$P96<>\"\",$Q96<>\"\",$R96=\"(Código não identificado nas referências)\"),\"CÓDIGO N/ID\",\nIF(AND($C96=\"S\",OR($R96=\"\",$R96=\"(digite a descrição aqui)\"),OR($Q96<>\"\",$T96>0,$U96>0)),\"DESCRIÇÃO\",\nIF(AND($C96=\"S\",$P96<>\"\",$Q96<>\"\",$S96=\"\"),\"UNIDADE\",\nIF(AND($C96=\"S\",$P96<>\"\",$Q96<>\"\",$U96=0),\"SEM CUSTO\",\nIF(AND(_xlfn.SINGLE(TIPOORCAMENTO)=\"Licitado\",$AL96=0,$AN96>0),\"SEM PREÇO\",\nIF(AND($C96=\"S\",$P96<>\"\",$Q96<>\"\",$U96>0,AND($V96<>\"BDI 1\",$V96<>\"BDI 2\",$V96<>\"BDI 3\")),IF(ISNUMBER($V96),\"JUSTIFICAR BDI\",\"BDI\"),\nIF(OR(AND(import.recurso=\"OGU\",TIPOORCAMENTO=\"Proposto\",LEFT($O$8,5)<>\"(N/D:\",$AG96<>\"\",ORÇAMENTO.CustoUnitario>$AG96),AND(TIPOORCAMENTO=\"LICITADO\",ORÇAMENTO.PrecoUnitarioLicitado>$AN96)),\"ACIMA REF.\",\nIF(AND($C96=\"S\",$P96<>\"\",$Q96<>\"\",$T96=0,$U96>0),\"QUANT.\",\nIF(AND(Import.TipoArredondamento=\"TransfereGOV\",$L96=\"F\",$C96=\"S\",LEN($Q96)>13),\"Código >13\",\nIF(AND(Import.TipoArredondamento=\"TransfereGOV\",$L96=\"F\",$C96<>\"S\",LEN($R96)>100),\"Descrição >100\",\nIF(AND(Import.TipoArredondamento=\"TransfereGOV\",$L96=\"F\",$C96=\"S\",LEN($R96)>500),\"Descrição >500\",\nIF(AND(Import.TipoArredondamento=\"TransfereGOV\",$L96=\"F\",$C96=\"S\",LEFT(TRIM(UPPER($P96)),6)<>\"SINAPI\",ISNA(VLOOKUP(TRIM(UPPER($S96)),ListaTgov.Unidades,1,FALSE))),\"Unid. Não Disp\",\n\" \"))))))))))))))))","v":{"$error":"#NAME?"}},{"$f":"IF(C96<=CRONO.NivelExibicao,MAX($AD$15:OFFSET(AD96,-1,0))+IF($C96<>1,1,MAX(1,COUNTIF(QCI!$A$13:$A$24,OFFSET($E96,-1,0)))),\"\")","v":""},{"$f":"IF(AND($C96=\"S\",ORÇAMENTO.CodBarra<>\"\"),IF(ORÇAMENTO.Fonte=\"\",ORÇAMENTO.CodBarra,CONCATENATE(ORÇAMENTO.Fonte,\" \",ORÇAMENTO.CodBarra)))","v":false},{"$f":"IF(ISERROR(INDIRECT(ORÇAMENTO.BancoRef)),\"(abra o arquivo 'Referência \"&Excel_BuiltIn_Database&\".xlsm)\",IF(OR($C96<>\"S\",ORÇAMENTO.CodBarra=\"\"),\"(Sem Código)\",IF(ISERROR(MATCH($AE96,INDIRECT(ORÇAMENTO.BancoRef),0)),\"(Código não identificado nas referências)\",MATCH($AE96,INDIRECT(ORÇAMENTO.BancoRef),0))))","v":"(Sem Código)"},{"$f":"ROUND(IF(DESONERACAO=\"sim\",REFERENCIA.Desonerado,REFERENCIA.NaoDesonerado),2)","v":0},0.26,null,null,null,null,0,0]
["S",3,"S",0,{"$f":"IF($C97=1,OFFSET(E97,-1,0)+MAX(1,COUNTIF(QCI!$A$13:$A$24,OFFSET(ORÇAMENTO!E97,-1,0))),OFFSET(E97,-1,0))","v":1},2,2,0,10,0,{"$f":"IF(OR($C97=\"S\",$C97=0),0,MATCH(OFFSET($D97,0,$C97)+IF($C97<>1,1,COUNTIF(QCI!$A$13:$A$24,ORÇAMENTO!E97)),OFFSET($D97,1,$C97,ROW($C$270)-ROW($C97)),0))","v":0},"","Serviço","Serviço","-","SINAPI",null,{"$f":"IF($C97=\"S\",REFERENCIA.Descricao,\"(digite a descrição aqui)\")","v":"(Sem Código)"},{"$f":"REFERENCIA.Unidade","v":"-"},{"$f":"OFFSET(CÁLCULO!H$15,ROW($T97)-ROW(T$15),0)","v":0},null,"BDI 1",{"$f":"IF($C97=\"S\",ROUND(IF(TIPOORCAMENTO=\"Proposto\",ORÇAMENTO.CustoUnitario*(1+$AH97),ORÇAMENTO.PrecoUnitarioLicitado),15-13*$AF$10),0)","v":0},{"$f":"IF($C97=\"S\",IF(OR(Import.TipoArredondamento<>\"TransfereGOV\",ACOMPANHAMENTO=\"BM\"),VTOTAL1,SUM(OFFSET(CÁLCULO!$AA$15,ROW($X97)-ROW($X$15),1):OFFSET(CÁLCULO!$AL$15,ROW($X97)-ROW($X$15),-1))),IF($C97=0,0,ROUND(SomaAgrup,15-13*$AF$11)))","v":0},"RA","",{"$f":"IF($C97=\"S\",IF($Z97=\"CP\",$X97,IF($Z97=\"RA\",(($X97)*QCI!$AA$3),0)),SomaAgrup)","v":0},0,{"$f":"IF($N97=\"\",\" \",\nIF(AND($C97<>\"S\",OR($R97=\"\",$R97=\"(digite a descrição aqui)\")),\"DESCRIÇÃO\",\nIF(AND($C97=\"S\",OR($Q97<>\"\",$T97>0,$U97>0),$P97=\"\"),\"FONTE\",\nIF(AND($C97=\"S\",$P97<>\"\",OR($T97>0,$U97>0),$Q97=\"\"),\"CÓDIGO\",\nIF(AND($C97=\"S\",$P97<>\"\",$Q97<>\"\",$R97=\"(Código não identificado nas referências)\"),\"CÓDIGO N/ID\",\nIF(AND($C97=\"S\",OR($R97=\"\",$R97=\"(digite a descrição aqui)\"),OR($Q97<>\"\",$T97>0,$U97>0)),\"DESCRIÇÃO\",\nIF(AND($C97=\"S\",$P97<>\"\",$Q97<>\"\",$S97=\"\"),\"UNIDADE\",\nIF(AND($C97=\"S\",$P97<>\"\",$Q97<>\"\",$U97=0),\"SEM CUSTO\",\nIF(AND(_xlfn.SINGLE(TIPOORCAMENTO)=\"Licitado\",$AL97=0,$AN97>0),\"SEM PREÇO\",\nIF(AND($C97=\"S\",$P97<>\"\",$Q97<>\"\",$U97>0,AND($V97<>\"BDI 1\",$V97<>\"BDI 2\",$V97<>\"BDI 3\")),IF(ISNUMBER($V97),\"JUSTIFICAR BDI\",\"BDI\"),\nIF(OR(AND(import.recurso=\"OGU\",TIPOORCAMENTO=\"Proposto\",LEFT($O$8,5)<>\"(N/D:\",$AG97<>\"\",ORÇAMENTO.CustoUnitario>$AG97),AND(TIPOORCAMENTO=\"LICITADO\",ORÇAMENTO.PrecoUnitarioLicitado>$AN97)),\"ACIMA REF.\",\nIF(AND($C97=\"S\",$P97<>\"\",$Q97<>\"\",$T97=0,$U97>0),\"QUANT.\",\nIF(AND(Import.TipoArredondamento=\"TransfereGOV\",$L97=\"F\",$C97=\"S\",LEN($Q97)>13),\"Código >13\",\nIF(AND(Import.TipoArredondamento=\"TransfereGOV\",$L97=\"F\",$C97<>\"S\",LEN($R97)>100),\"Descrição >100\",\nIF(AND(Import.TipoArredondamento=\"TransfereGOV\",$L97=\"F\",$C97=\"S\",LEN($R97)>500),\"Descrição >500\",\nIF(AND(Import.TipoArredondamento=\"TransfereGOV\",$L97=\"F\",$C97=\"S\",LEFT(TRIM(UPPER($P97)),6)<>\"SINAPI\",ISNA(VLOOKUP(TRIM(UPPER($S97)),ListaTgov.Unidades,1,FALSE))),\"Unid. Não Disp\",\n\" \"))))))))))))))))","v":{"$error":"#NAME?"}},{"$f":"IF(C97<=CRONO.NivelExibicao,MAX($AD$15:OFFSET(AD97,-1,0))+IF($C97<>1,1,MAX(1,COUNTIF(QCI!$A$13:$A$24,OFFSET($E97,-1,0)))),\"\")","v":""},{"$f":"IF(AND($C97=\"S\",ORÇAMENTO.CodBarra<>\"\"),IF(ORÇAMENTO.Fonte=\"\",ORÇAMENTO.CodBarra,CONCATENATE(ORÇAMENTO.Fonte,\" \",ORÇAMENTO.CodBarra)))","v":false},{"$f":"IF(ISERROR(INDIRECT(ORÇAMENTO.BancoRef)),\"(abra o arquivo 'Referência \"&Excel_BuiltIn_Database&\".xlsm)\",IF(OR($C97<>\"S\",ORÇAMENTO.CodBarra=\"\"),\"(Sem Código)\",IF(ISERROR(MATCH($AE97,INDIRECT(ORÇAMENTO.BancoRef),0)),\"(Código não identificado nas referências)\",MATCH($AE97,INDIRECT(ORÇAMENTO.BancoRef),0))))","v":"(Sem Código)"},{"$f":"ROUND(IF(DESONERACAO=\"sim\",REFERENCIA.Desonerado,REFERENCIA.NaoDesonerado),2)","v":0},0.26,null,null,null,null,0,0]
["S",3,"S",0,{"$f":"IF($C98=1,OFFSET(E98,-1,0)+MAX(1,COUNTIF(QCI!$A$13:$A$24,OFFSET(ORÇAMENTO!E98,-1,0))),OFFSET(E98,-1,0))","v":1},2,2,0,10,0,{"$f":"IF(OR($C98=\"S\",$C98=0),0,MATCH(OFFSET($D98,0,$C98)+IF($C98<>1,1,COUNTIF(QCI!$A$13:$A$24,ORÇAMENTO!E98)),OFFSET($D98,1,$C98,ROW($C$270)-ROW($C98)),0))","v":0},"","Serviço","Serviço","-","SINAPI",null,{"$f":"IF($C98=\"S\",REFERENCIA.Descricao,\"(digite a descrição aqui)\")","v":"(Sem Código)"},{"$f":"REFERENCIA.Unidade","v":"-"},{"$f":"OFFSET(CÁLCULO!H$15,ROW($T98)-ROW(T$15),0)","v":0},null,"BDI 1",{"$f":"IF($C98=\"S\",ROUND(IF(TIPOORCAMENTO=\"Proposto\",ORÇAMENTO.CustoUnitario*(1+$AH98),ORÇAMENTO.PrecoUnitarioLicitado),15-13*$AF$10),0)","v":0},{"$f":"IF($C98=\"S\",IF(OR(Import.TipoArredondamento<>\"TransfereGOV\",ACOMPANHAMENTO=\"BM\"),VTOTAL1,SUM(OFFSET(CÁLCULO!$AA$15,ROW($X98)-ROW($X$15),1):OFFSET(CÁLCULO!$AL$15,ROW($X98)-ROW($X$15),-1))),IF($C98=0,0,ROUND(SomaAgrup,15-13*$AF$11)))","v":0},"RA","",{"$f":"IF($C98=\"S\",IF($Z98=\"CP\",$X98,IF($Z98=\"RA\",(($X98)*QCI!$AA$3),0)),SomaAgrup)","v":0},0,{"$f":"IF($N98=\"\",\" \",\nIF(AND($C98<>\"S\",OR($R98=\"\",$R98=\"(digite a descrição aqui)\")),\"DESCRIÇÃO\",\nIF(AND($C98=\"S\",OR($Q98<>\"\",$T98>0,$U98>0),$P98=\"\"),\"FONTE\",\nIF(AND($C98=\"S\",$P98<>\"\",OR($T98>0,$U98>0),$Q98=\"\"),\"CÓDIGO\",\nIF(AND($C98=\"S\",$P98<>\"\",$Q98<>\"\",$R98=\"(Código não identificado nas referências)\"),\"CÓDIGO N/ID\",\nIF(AND($C98=\"S\",OR($R98=\"\",$R98=\"(digite a descrição aqui)\"),OR($Q98<>\"\",$T98>0,$U98>0)),\"DESCRIÇÃO\",\nIF(AND($C98=\"S\",$P98<>\"\",$Q98<>\"\",$S98=\"\"),\"UNIDADE\",\nIF(AND($C98=\"S\",$P98<>\"\",$Q98<>\"\",$U98=0),\"SEM CUSTO\",\nIF(AND(_xlfn.SINGLE(TIPOORCAMENTO)=\"Licitado\",$AL98=0,$AN98>0),\"SEM PREÇO\",\nIF(AND($C98=\"S\",$P98<>\"\",$Q98<>\"\",$U98>0,AND($V98<>\"BDI 1\",$V98<>\"BDI 2\",$V98<>\"BDI 3\")),IF(ISNUMBER($V98),\"JUSTIFICAR BDI\",\"BDI\"),\nIF(OR(AND(import.recurso=\"OGU\",TIPOORCAMENTO=\"Proposto\",LEFT($O$8,5)<>\"(N/D:\",$AG98<>\"\",ORÇAMENTO.CustoUnitario>$AG98),AND(TIPOORCAMENTO=\"LICITADO\",ORÇAMENTO.PrecoUnitarioLicitado>$AN98)),\"ACIMA REF.\",\nIF(AND($C98=\"S\",$P98<>\"\",$Q98<>\"\",$T98=0,$U98>0),\"QUANT.\",\nIF(AND(Import.TipoArredondamento=\"TransfereGOV\",$L98=\"F\",$C98=\"S\",LEN($Q98)>13),\"Código >13\",\nIF(AND(Import.TipoArredondamento=\"TransfereGOV\",$L98=\"F\",$C98<>\"S\",LEN($R98)>100),\"Descrição >100\",\nIF(AND(Import.TipoArredondamento=\"TransfereGOV\",$L98=\"F\",$C98=\"S\",LEN($R98)>500),\"Descrição >500\",\nIF(AND(Import.TipoArredondamento=\"TransfereGOV\",$L98=\"F\",$C98=\"S\",LEFT(TRIM(UPPER($P98)),6)<>\"SINAPI\",ISNA(VLOOKUP(TRIM(UPPER($S98)),ListaTgov.Unidades,1,FALSE))),\"Unid. Não Disp\",\n\" \"))))))))))))))))","v":{"$error":"#NAME?"}},{"$f":"IF(C98<=CRONO.NivelExibicao,MAX($AD$15:OFFSET(AD98,-1,0))+IF($C98<>1,1,MAX(1,COUNTIF(QCI!$A$13:$A$24,OFFSET($E98,-1,0)))),\"\")","v":""},{"$f":"IF(AND($C98=\"S\",ORÇAMENTO.CodBarra<>\"\"),IF(ORÇAMENTO.Fonte=\"\",ORÇAMENTO.CodBarra,CONCATENATE(ORÇAMENTO.Fonte,\" \",ORÇAMENTO.CodBarra)))","v":false},{"$f":"IF(ISERROR(INDIRECT(ORÇAMENTO.BancoRef)),\"(abra o arquivo 'Referência \"&Excel_BuiltIn_Database&\".xlsm)\",IF(OR($C98<>\"S\",ORÇAMENTO.CodBarra=\"\"),\"(Sem Código)\",IF(ISERROR(MATCH($AE98,INDIRECT(ORÇAMENTO.BancoRef),0)),\"(Código não identificado nas referências)\",MATCH($AE98,INDIRECT(ORÇAMENTO.BancoRef),0))))","v":"(Sem Código)"},{"$f":"ROUND(IF(DESONERACAO=\"sim\",REFERENCIA.Desonerado,REFERENCIA.NaoDesonerado),2)","v":0},0.26,null,null,null,null,0,0]
["S",3,"S",0,{"$f":"IF($C99=1,OFFSET(E99,-1,0)+MAX(1,COUNTIF(QCI!$A$13:$A$24,OFFSET(ORÇAMENTO!E99,-1,0))),OFFSET(E99,-1,0))","v":1},2,2,0,10,0,{"$f":"IF(OR($C99=\"S\",$C99=0),0,MATCH(OFFSET($D99,0,$C99)+IF($C99<>1,1,COUNTIF(QCI!$A$13:$A$24,ORÇAMENTO!E99)),OFFSET($D99,1,$C99,ROW($C$270)-ROW($C99)),0))","v":0},"","Serviço","Serviço","-","SINAPI",null,{"$f":"IF($C99=\"S\",REFERENCIA.Descricao,\"(digite a descrição aqui)\")","v":"(Sem Código)"},{"$f":"REFERENCIA.Unidade","v":"-"},{"$f":"OFFSET(CÁLCULO!H$15,ROW($T99)-ROW(T$15),0)","v":0},null,"BDI 1",{"$f":"IF($C99=\"S\",ROUND(IF(TIPOORCAMENTO=\"Proposto\",ORÇAMENTO.CustoUnitario*(1+$AH99),ORÇAMENTO.PrecoUnitarioLicitado),15-13*$AF$10),0)","v":0},{"$f":"IF($C99=\"S\",IF(OR(Import.TipoArredondamento<>\"TransfereGOV\",ACOMPANHAMENTO=\"BM\"),VTOTAL1,SUM(OFFSET(CÁLCULO!$AA$15,ROW($X99)-ROW($X$15),1):OFFSET(CÁLCULO!$AL$15,ROW($X99)-ROW($X$15),-1))),IF($C99=0,0,ROUND(SomaAgrup,15-13*$AF$11)))","v":0},"RA","",{"$f":"IF($C99=\"S\",IF($Z99=\"CP\",$X99,IF($Z99=\"RA\",(($X99)*QCI!$AA$3),0)),SomaAgrup)","v":0},0,{"$f":"IF($N99=\"\",\" \",\nIF(AND($C99<>\"S\",OR($R99=\"\",$R99=\"(digite a descrição aqui)\")),\"DESCRIÇÃO\",\nIF(AND($C99=\"S\",OR($Q99<>\"\",$T99>0,$U99>0),$P99=\"\"),\"FONTE\",\nIF(AND($C99=\"S\",$P99<>\"\",OR($T99>0,$U99>0),$Q99=\"\"),\"CÓDIGO\",\nIF(AND($C99=\"S\",$P99<>\"\",$Q99<>\"\",$R99=\"(Código não identificado nas referências)\"),\"CÓDIGO N/ID\",\nIF(AND($C99=\"S\",OR($R99=\"\",$R99=\"(digite a descrição aqui)\"),OR($Q99<>\"\",$T99>0,$U99>0)),\"DESCRIÇÃO\",\nIF(AND($C99=\"S\",$P99<>\"\",$Q99<>\"\",$S99=\"\"),\"UNIDADE\",\nIF(AND($C99=\"S\",$P99<>\"\",$Q99<>\"\",$U99=0),\"SEM CUSTO\",\nIF(AND(_xlfn.SINGLE(TIPOORCAMENTO)=\"Licitado\",$AL99=0,$AN99>0),\"SEM PREÇO\",\nIF(AND($C99=\"S\",$P99<>\"\",$Q99<>\"\",$U99>0,AND($V99<>\"BDI 1\",$V99<>\"BDI 2\",$V99<>\"BDI 3\")),IF(ISNUMBER($V99),\"JUSTIFICAR BDI\",\"BDI\"),\nIF(OR(AND(import.recurso=\"OGU\",TIPOORCAMENTO=\"Proposto\",LEFT($O$8,5)<>\"(N/D:\",$AG99<>\"\",ORÇAMENTO.CustoUnitario>$AG99),AND(TIPOORCAMENTO=\"LICITADO\",ORÇAMENTO.PrecoUnitarioLicitado>$AN99)),\"ACIMA REF.\",\nIF(AND($C99=\"S\",$P99<>\"\",$Q99<>\"\",$T99=0,$U99>0),\"QUANT.\",\nIF(AND(Import.TipoArredondamento=\"TransfereGOV\",$L99=\"F\",$C99=\"S\",LEN($Q99)>13),\"Código >13\",\nIF(AND(Import.TipoArredondamento=\"TransfereGOV\",$L99=\"F\",$C99<>\"S\",LEN($R99)>100),\"Descrição >100\",\nIF(AND(Import.TipoArredondamento=\"TransfereGOV\",$L99=\"F\",$C99=\"S\",LEN($R99)>500),\"Descrição >500\",\nIF(AND(Import.TipoArredondamento=\"TransfereGOV\",$L99=\"F\",$C99=\"S\",LEFT(TRIM(UPPER($P99)),6)<>\"SINAPI\",ISNA(VLOOKUP(TRIM(UPPER($S99)),ListaTgov.Unidades,1,FALSE))),\"Unid. Não Disp\",\n\" \"))))))))))))))))","v":{"$error":"#NAME?"}},{"$f":"IF(C99<=CRONO.NivelExibicao,MAX($AD$15:OFFSET(AD99,-1,0))+IF($C99<>1,1,MAX(1,COUNTIF(QCI!$A$13:$A$24,OFFSET($E99,-1,0)))),\"\")","v":""},{"$f":"IF(AND($C99=\"S\",ORÇAMENTO.CodBarra<>\"\"),IF(ORÇAMENTO.Fonte=\"\",ORÇAMENTO.CodBarra,CONCATENATE(ORÇAMENTO.Fonte,\" \",ORÇAMENTO.CodBarra)))","v":false},{"$f":"IF(ISERROR(INDIRECT(ORÇAMENTO.BancoRef)),\"(abra o arquivo 'Referência \"&Excel_BuiltIn_Database&\".xlsm)\",IF(OR($C99<>\"S\",ORÇAMENTO.CodBarra=\"\"),\"(Sem Código)\",IF(ISERROR(MATCH($AE99,INDIRECT(ORÇAMENTO.BancoRef),0)),\"(Código não identificado nas referências)\",MATCH($AE99,INDIRECT(ORÇAMENTO.BancoRef),0))))","v":"(Sem Código)"},{"$f":"ROUND(IF(DESONERACAO=\"sim\",REFERENCIA.Desonerado,REFERENCIA.NaoDesonerado),2)","v":0},0.26,null,null,null,null,0,0]
["S",3,"S",0,{"$f":"IF($C100=1,OFFSET(E100,-1,0)+MAX(1,COUNTIF(QCI!$A$13:$A$24,OFFSET(ORÇAMENTO!E100,-1,0))),OFFSET(E100,-1,0))","v":1},2,2,0,10,0,{"$f":"IF(OR($C100=\"S\",$C100=0),0,MATCH(OFFSET($D100,0,$C100)+IF($C100<>1,1,COUNTIF(QCI!$A$13:$A$24,ORÇAMENTO!E100)),OFFSET($D100,1,$C100,ROW($C$270)-ROW($C100)),0))","v":0},"","Serviço","Serviço","-","SINAPI",null,{"$f":"IF($C100=\"S\",REFERENCIA.Descricao,\"(digite a descrição aqui)\")","v":"(Sem Código)"},{"$f":"REFERENCIA.Unidade","v":"-"},{"$f":"OFFSET(CÁLCULO!H$15,ROW($T100)-ROW(T$15),0)","v":0},null,"BDI 1",{"$f":"IF($C100=\"S\",ROUND(IF(TIPOORCAMENTO=\"Proposto\",ORÇAMENTO.CustoUnitario*(1+$AH100),ORÇAMENTO.PrecoUnitarioLicitado),15-13*$AF$10),0)","v":0},{"$f":"IF($C100=\"S\",IF(OR(Import.TipoArredondamento<>\"TransfereGOV\",ACOMPANHAMENTO=\"BM\"),VTOTAL1,SUM(OFFSET(CÁLCULO!$AA$15,ROW($X100)-ROW($X$15),1):OFFSET(CÁLCULO!$AL$15,ROW($X100)-ROW($X$15),-1))),IF($C100=0,0,ROUND(SomaAgrup,15-13*$AF$11)))","v":0},"RA","",{"$f":"IF($C100=\"S\",IF($Z100=\"CP\",$X100,IF($Z100=\"RA\",(($X100)*QCI!$AA$3),0)),SomaAgrup)","v":0},0,{"$f":"IF($N100=\"\",\" \",\nIF(AND($C100<>\"S\",OR($R100=\"\",$R100=\"(digite a descrição aqui)\")),\"DESCRIÇÃO\",\nIF(AND($C100=\"S\",OR($Q100<>\"\",$T100>0,$U100>0),$P100=\"\"),\"FONTE\",\nIF(AND($C100=\"S\",$P100<>\"\",OR($T100>0,$U100>0),$Q100=\"\"),\"CÓDIGO\",\nIF(AND($C100=\"S\",$P100<>\"\",$Q100<>\"\",$R100=\"(Código não identificado nas referências)\"),\"CÓDIGO N/ID\",\nIF(AND($C100=\"S\",OR($R100=\"\",$R100=\"(digite a descrição aqui)\"),OR($Q100<>\"\",$T100>0,$U100>0)),\"DESCRIÇÃO\",\nIF(AND($C100=\"S\",$P100<>\"\",$Q100<>\"\",$S100=\"\"),\"UNIDADE\",\nIF(AND($C100=\"S\",$P100<>\"\",$Q100<>\"\",$U100=0),\"SEM CUSTO\",\nIF(AND(_xlfn.SINGLE(TIPOORCAMENTO)=\"Licitado\",$AL100=0,$AN100>0),\"SEM PREÇO\",\nIF(AND($C100=\"S\",$P100<>\"\",$Q100<>\"\",$U100>0,AND($V100<>\"BDI 1\",$V100<>\"BDI 2\",$V100<>\"BDI 3\")),IF(ISNUMBER($V100),\"JUSTIFICAR BDI\",\"BDI\"),\nIF(OR(AND(import.recurso=\"OGU\",TIPOORCAMENTO=\"Proposto\",LEFT($O$8,5)<>\"(N/D:\",$AG100<>\"\",ORÇAMENTO.CustoUnitario>$AG100),AND(TIPOORCAMENTO=\"LICITADO\",ORÇAMENTO.PrecoUnitarioLicitado>$AN100)),\"ACIMA REF.\",\nIF(AND($C100=\"S\",$P100<>\"\",$Q100<>\"\",$T100=0,$U100>0),\"QUANT.\",\nIF(AND(Import.TipoArredondamento=\"TransfereGOV\",$L100=\"F\",$C100=\"S\",LEN($Q100)>13),\"Código >13\",\nIF(AND(Import.TipoArredondamento=\"TransfereGOV\",$L100=\"F\",$C100<>\"S\",LEN($R100)>100),\"Descrição >100\",\nIF(AND(Import.TipoArredondamento=\"TransfereGOV\",$L100=\"F\",$C100=\"S\",LEN($R100)>500),\"Descrição >500\",\nIF(AND(Import.TipoArredondamento=\"TransfereGOV\",$L100=\"F\",$C100=\"S\",LEFT(TRIM(UPPER($P100)),6)<>\"SINAPI\",ISNA(VLOOKUP(TRIM(UPPER($S100)),ListaTgov.Unidades,1,FALSE))),\"Unid. Não Disp\",\n\" \"))))))))))))))))","v":{"$error":"#NAME?"}},{"$f":"IF(C100<=CRONO.NivelExibicao,MAX($AD$15:OFFSET(AD100,-1,0))+IF($C100<>1,1,MAX(1,COUNTIF(QCI!$A$13:$A$24,OFFSET($E100,-1,0)))),\"\")","v":""},{"$f":"IF(AND($C100=\"S\",ORÇAMENTO.CodBarra<>\"\"),IF(ORÇAMENTO.Fonte=\"\",ORÇAMENTO.CodBarra,CONCATENATE(ORÇAMENTO.Fonte,\" \",ORÇAMENTO.CodBarra)))","v":false},{"$f":"IF(ISERROR(INDIRECT(ORÇAMENTO.BancoRef)),\"(abra o arquivo 'Referência \"&Excel_BuiltIn_Database&\".xlsm)\",IF(OR($C100<>\"S\",ORÇAMENTO.CodBarra=\"\"),\"(Sem Código)\",IF(ISERROR(MATCH($AE100,INDIRECT(ORÇAMENTO.BancoRef),0)),\"(Código não identificado nas referências)\",MATCH($AE100,INDIRECT(ORÇAMENTO.BancoRef),0))))","v":"(Sem Código)"},{"$f":"ROUND(IF(DESONERACAO=\"sim\",REFERENCIA.Desonerado,REFERENCIA.NaoDesonerado),2)","v":0},0.26,null,null,null,null,0,0]
["S",3,"S",0,{"$f":"IF($C101=1,OFFSET(E101,-1,0)+MAX(1,COUNTIF(QCI!$A$13:$A$24,OFFSET(ORÇAMENTO!E101,-1,0))),OFFSET(E101,-1,0))","v":1},2,2,0,10,0,{"$f":"IF(OR($C101=\"S\",$C101=0),0,MATCH(OFFSET($D101,0,$C101)+IF($C101<>1,1,COUNTIF(QCI!$A$13:$A$24,ORÇAMENTO!E101)),OFFSET($D101,1,$C101,ROW($C$270)-ROW($C101)),0))","v":0},"","Serviço","Serviço","-","SINAPI",null,{"$f":"IF($C101=\"S\",REFERENCIA.Descricao,\"(digite a descrição aqui)\")","v":"(Sem Código)"},{"$f":"REFERENCIA.Unidade","v":"-"},{"$f":"OFFSET(CÁLCULO!H$15,ROW($T101)-ROW(T$15),0)","v":0},null,"BDI 1",{"$f":"IF($C101=\"S\",ROUND(IF(TIPOORCAMENTO=\"Proposto\",ORÇAMENTO.CustoUnitario*(1+$AH101),ORÇAMENTO.PrecoUnitarioLicitado),15-13*$AF$10),0)","v":0},{"$f":"IF($C101=\"S\",IF(OR(Import.TipoArredondamento<>\"TransfereGOV\",ACOMPANHAMENTO=\"BM\"),VTOTAL1,SUM(OFFSET(CÁLCULO!$AA$15,ROW($X101)-ROW($X$15),1):OFFSET(CÁLCULO!$AL$15,ROW($X101)-ROW($X$15),-1))),IF($C101=0,0,ROUND(SomaAgrup,15-13*$AF$11)))","v":0},"RA","",{"$f":"IF($C101=\"S\",IF($Z101=\"CP\",$X101,IF($Z101=\"RA\",(($X101)*QCI!$AA$3),0)),SomaAgrup)","v":0},0,{"$f":"IF($N101=\"\",\" \",\nIF(AND($C101<>\"S\",OR($R101=\"\",$R101=\"(digite a descrição aqui)\")),\"DESCRIÇÃO\",\nIF(AND($C101=\"S\",OR($Q101<>\"\",$T101>0,$U101>0),$P101=\"\"),\"FONTE\",\nIF(AND($C101=\"S\",$P101<>\"\",OR($T101>0,$U101>0),$Q101=\"\"),\"CÓDIGO\",\nIF(AND($C101=\"S\",$P101<>\"\",$Q101<>\"\",$R101=\"(Código não identificado nas referências)\"),\"CÓDIGO N/ID\",\nIF(AND($C101=\"S\",OR($R101=\"\",$R101=\"(digite a descrição aqui)\"),OR($Q101<>\"\",$T101>0,$U101>0)),\"DESCRIÇÃO\",\nIF(AND($C101=\"S\",$P101<>\"\",$Q101<>\"\",$S101=\"\"),\"UNIDADE\",\nIF(AND($C101=\"S\",$P101<>\"\",$Q101<>\"\",$U101=0),\"SEM CUSTO\",\nIF(AND(_xlfn.SINGLE(TIPOORCAMENTO)=\"Licitado\",$AL101=0,$AN101>0),\"SEM PREÇO\",\nIF(AND($C101=\"S\",$P101<>\"\",$Q101<>\"\",$U101>0,AND($V101<>\"BDI 1\",$V101<>\"BDI 2\",$V101<>\"BDI 3\")),IF(ISNUMBER($V101),\"JUSTIFICAR BDI\",\"BDI\"),\nIF(OR(AND(import.recurso=\"OGU\",TIPOORCAMENTO=\"Proposto\",LEFT($O$8,5)<>\"(N/D:\",$AG101<>\"\",ORÇAMENTO.CustoUnitario>$AG101),AND(TIPOORCAMENTO=\"LICITADO\",ORÇAMENTO.PrecoUnitarioLicitado>$AN101)),\"ACIMA REF.\",\nIF(AND($C101=\"S\",$P101<>\"\",$Q101<>\"\",$T101=0,$U101>0),\"QUANT.\",\nIF(AND(Import.TipoArredondamento=\"TransfereGOV\",$L101=\"F\",$C101=\"S\",LEN($Q101)>13),\"Código >13\",\nIF(AND(Import.TipoArredondamento=\"TransfereGOV\",$L101=\"F\",$C101<>\"S\",LEN($R101)>100),\"Descrição >100\",\nIF(AND(Import.TipoArredondamento=\"TransfereGOV\",$L101=\"F\",$C101=\"S\",LEN($R101)>500),\"Descrição >500\",\nIF(AND(Import.TipoArredondamento=\"TransfereGOV\",$L101=\"F\",$C101=\"S\",LEFT(TRIM(UPPER($P101)),6)<>\"SINAPI\",ISNA(VLOOKUP(TRIM(UPPER($S101)),ListaTgov.Unidades,1,FALSE))),\"Unid. Não Disp\",\n\" \"))))))))))))))))","v":{"$error":"#NAME?"}},{"$f":"IF(C101<=CRONO.NivelExibicao,MAX($AD$15:OFFSET(AD101,-1,0))+IF($C101<>1,1,MAX(1,COUNTIF(QCI!$A$13:$A$24,OFFSET($E101,-1,0)))),\"\")","v":""},{"$f":"IF(AND($C101=\"S\",ORÇAMENTO.CodBarra<>\"\"),IF(ORÇAMENTO.Fonte=\"\",ORÇAMENTO.CodBarra,CONCATENATE(ORÇAMENTO.Fonte,\" \",ORÇAMENTO.CodBarra)))","v":false},{"$f":"IF(ISERROR(INDIRECT(ORÇAMENTO.BancoRef)),\"(abra o arquivo 'Referência \"&Excel_BuiltIn_Database&\".xlsm)\",IF(OR($C101<>\"S\",ORÇAMENTO.CodBarra=\"\"),\"(Sem Código)\",IF(ISERROR(MATCH($AE101,INDIRECT(ORÇAMENTO.BancoRef),0)),\"(Código não identificado nas referências)\",MATCH($AE101,INDIRECT(ORÇAMENTO.BancoRef),0))))","v":"(Sem Código)"},{"$f":"ROUND(IF(DESONERACAO=\"sim\",REFERENCIA.Desonerado,REFERENCIA.NaoDesonerado),2)","v":0},0.26,null,null,null,null,0,0]
["S",3,"S",0,{"$f":"IF($C102=1,OFFSET(E102,-1,0)+MAX(1,COUNTIF(QCI!$A$13:$A$24,OFFSET(ORÇAMENTO!E102,-1,0))),OFFSET(E102,-1,0))","v":1},2,2,0,10,0,{"$f":"IF(OR($C102=\"S\",$C102=0),0,MATCH(OFFSET($D102,0,$C102)+IF($C102<>1,1,COUNTIF(QCI!$A$13:$A$24,ORÇAMENTO!E102)),OFFSET($D102,1,$C102,ROW($C$270)-ROW($C102)),0))","v":0},"","Serviço","Serviço","-","SINAPI",null,{"$f":"IF($C102=\"S\",REFERENCIA.Descricao,\"(digite a descrição aqui)\")","v":"(Sem Código)"},{"$f":"REFERENCIA.Unidade","v":"-"},{"$f":"OFFSET(CÁLCULO!H$15,ROW($T102)-ROW(T$15),0)","v":0},null,"BDI 1",{"$f":"IF($C102=\"S\",ROUND(IF(TIPOORCAMENTO=\"Proposto\",ORÇAMENTO.CustoUnitario*(1+$AH102),ORÇAMENTO.PrecoUnitarioLicitado),15-13*$AF$10),0)","v":0},{"$f":"IF($C102=\"S\",IF(OR(Import.TipoArredondamento<>\"TransfereGOV\",ACOMPANHAMENTO=\"BM\"),VTOTAL1,SUM(OFFSET(CÁLCULO!$AA$15,ROW($X102)-ROW($X$15),1):OFFSET(CÁLCULO!$AL$15,ROW($X102)-ROW($X$15),-1))),IF($C102=0,0,ROUND(SomaAgrup,15-13*$AF$11)))","v":0},"RA","",{"$f":"IF($C102=\"S\",IF($Z102=\"CP\",$X102,IF($Z102=\"RA\",(($X102)*QCI!$AA$3),0)),SomaAgrup)","v":0},0,{"$f":"IF($N102=\"\",\" \",\nIF(AND($C102<>\"S\",OR($R102=\"\",$R102=\"(digite a descrição aqui)\")),\"DESCRIÇÃO\",\nIF(AND($C102=\"S\",OR($Q102<>\"\",$T102>0,$U102>0),$P102=\"\"),\"FONTE\",\nIF(AND($C102=\"S\",$P102<>\"\",OR($T102>0,$U102>0),$Q102=\"\"),\"CÓDIGO\",\nIF(AND($C102=\"S\",$P102<>\"\",$Q102<>\"\",$R102=\"(Código não identificado nas referências)\"),\"CÓDIGO N/ID\",\nIF(AND($C102=\"S\",OR($R102=\"\",$R102=\"(digite a descrição aqui)\"),OR($Q102<>\"\",$T102>0,$U102>0)),\"DESCRIÇÃO\",\nIF(AND($C102=\"S\",$P102<>\"\",$Q102<>\"\",$S102=\"\"),\"UNIDADE\",\nIF(AND($C102=\"S\",$P102<>\"\",$Q102<>\"\",$U102=0),\"SEM CUSTO\",\nIF(AND(_xlfn.SINGLE(TIPOORCAMENTO)=\"Licitado\",$AL102=0,$AN102>0),\"SEM PREÇO\",\nIF(AND($C102=\"S\",$P102<>\"\",$Q102<>\"\",$U102>0,AND($V102<>\"BDI 1\",$V102<>\"BDI 2\",$V102<>\"BDI 3\")),IF(ISNUMBER($V102),\"JUSTIFICAR BDI\",\"BDI\"),\nIF(OR(AND(import.recurso=\"OGU\",TIPOORCAMENTO=\"Proposto\",LEFT($O$8,5)<>\"(N/D:\",$AG102<>\"\",ORÇAMENTO.CustoUnitario>$AG102),AND(TIPOORCAMENTO=\"LICITADO\",ORÇAMENTO.PrecoUnitarioLicitado>$AN102)),\"ACIMA REF.\",\nIF(AND($C102=\"S\",$P102<>\"\",$Q102<>\"\",$T102=0,$U102>0),\"QUANT.\",\nIF(AND(Import.TipoArredondamento=\"TransfereGOV\",$L102=\"F\",$C102=\"S\",LEN($Q102)>13),\"Código >13\",\nIF(AND(Import.TipoArredondamento=\"TransfereGOV\",$L102=\"F\",$C102<>\"S\",LEN($R102)>100),\"Descrição >100\",\nIF(AND(Import.TipoArredondamento=\"TransfereGOV\",$L102=\"F\",$C102=\"S\",LEN($R102)>500),\"Descrição >500\",\nIF(AND(Import.TipoArredondamento=\"TransfereGOV\",$L102=\"F\",$C102=\"S\",LEFT(TRIM(UPPER($P102)),6)<>\"SINAPI\",ISNA(VLOOKUP(TRIM(UPPER($S102)),ListaTgov.Unidades,1,FALSE))),\"Unid. Não Disp\",\n\" \"))))))))))))))))","v":{"$error":"#NAME?"}},{"$f":"IF(C102<=CRONO.NivelExibicao,MAX($AD$15:OFFSET(AD102,-1,0))+IF($C102<>1,1,MAX(1,COUNTIF(QCI!$A$13:$A$24,OFFSET($E102,-1,0)))),\"\")","v":""},{"$f":"IF(AND($C102=\"S\",ORÇAMENTO.CodBarra<>\"\"),IF(ORÇAMENTO.Fonte=\"\",ORÇAMENTO.CodBarra,CONCATENATE(ORÇAMENTO.Fonte,\" \",ORÇAMENTO.CodBarra)))","v":false},{"$f":"IF(ISERROR(INDIRECT(ORÇAMENTO.BancoRef)),\"(abra o arquivo 'Referência \"&Excel_BuiltIn_Database&\".xlsm)\",IF(OR($C102<>\"S\",ORÇAMENTO.CodBarra=\"\"),\"(Sem Código)\",IF(ISERROR(MATCH($AE102,INDIRECT(ORÇAMENTO.BancoRef),0)),\"(Código não identificado nas referências)\",MATCH($AE102,INDIRECT(ORÇAMENTO.BancoRef),0))))","v":"(Sem Código)"},{"$f":"ROUND(IF(DESONERACAO=\"sim\",REFERENCIA.Desonerado,REFERENCIA.NaoDesonerado),2)","v":0},0.26,null,null,null,null,0,0]
["S",3,"S",0,{"$f":"IF($C103=1,OFFSET(E103,-1,0)+MAX(1,COUNTIF(QCI!$A$13:$A$24,OFFSET(ORÇAMENTO!E103,-1,0))),OFFSET(E103,-1,0))","v":1},2,2,0,10,0,{"$f":"IF(OR($C103=\"S\",$C103=0),0,MATCH(OFFSET($D103,0,$C103)+IF($C103<>1,1,COUNTIF(QCI!$A$13:$A$24,ORÇAMENTO!E103)),OFFSET($D103,1,$C103,ROW($C$270)-ROW($C103)),0))","v":0},"","Serviço","Serviço","-","SINAPI",null,{"$f":"IF($C103=\"S\",REFERENCIA.Descricao,\"(digite a descrição aqui)\")","v":"(Sem Código)"},{"$f":"REFERENCIA.Unidade","v":"-"},{"$f":"OFFSET(CÁLCULO!H$15,ROW($T103)-ROW(T$15),0)","v":0},null,"BDI 1",{"$f":"IF($C103=\"S\",ROUND(IF(TIPOORCAMENTO=\"Proposto\",ORÇAMENTO.CustoUnitario*(1+$AH103),ORÇAMENTO.PrecoUnitarioLicitado),15-13*$AF$10),0)","v":0},{"$f":"IF($C103=\"S\",IF(OR(Import.TipoArredondamento<>\"TransfereGOV\",ACOMPANHAMENTO=\"BM\"),VTOTAL1,SUM(OFFSET(CÁLCULO!$AA$15,ROW($X103)-ROW($X$15),1):OFFSET(CÁLCULO!$AL$15,ROW($X103)-ROW($X$15),-1))),IF($C103=0,0,ROUND(SomaAgrup,15-13*$AF$11)))","v":0},"RA","",{"$f":"IF($C103=\"S\",IF($Z103=\"CP\",$X103,IF($Z103=\"RA\",(($X103)*QCI!$AA$3),0)),SomaAgrup)","v":0},0,{"$f":"IF($N103=\"\",\" \",\nIF(AND($C103<>\"S\",OR($R103=\"\",$R103=\"(digite a descrição aqui)\")),\"DESCRIÇÃO\",\nIF(AND($C103=\"S\",OR($Q103<>\"\",$T103>0,$U103>0),$P103=\"\"),\"FONTE\",\nIF(AND($C103=\"S\",$P103<>\"\",OR($T103>0,$U103>0),$Q103=\"\"),\"CÓDIGO\",\nIF(AND($C103=\"S\",$P103<>\"\",$Q103<>\"\",$R103=\"(Código não identificado nas referências)\"),\"CÓDIGO N/ID\",\nIF(AND($C103=\"S\",OR($R103=\"\",$R103=\"(digite a descrição aqui)\"),OR($Q103<>\"\",$T103>0,$U103>0)),\"DESCRIÇÃO\",\nIF(AND($C103=\"S\",$P103<>\"\",$Q103<>\"\",$S103=\"\"),\"UNIDADE\",\nIF(AND($C103=\"S\",$P103<>\"\",$Q103<>\"\",$U103=0),\"SEM CUSTO\",\nIF(AND(_xlfn.SINGLE(TIPOORCAMENTO)=\"Licitado\",$AL103=0,$AN103>0),\"SEM PREÇO\",\nIF(AND($C103=\"S\",$P103<>\"\",$Q103<>\"\",$U103>0,AND($V103<>\"BDI 1\",$V103<>\"BDI 2\",$V103<>\"BDI 3\")),IF(ISNUMBER($V103),\"JUSTIFICAR BDI\",\"BDI\"),\nIF(OR(AND(import.recurso=\"OGU\",TIPOORCAMENTO=\"Proposto\",LEFT($O$8,5)<>\"(N/D:\",$AG103<>\"\",ORÇAMENTO.CustoUnitario>$AG103),AND(TIPOORCAMENTO=\"LICITADO\",ORÇAMENTO.PrecoUnitarioLicitado>$AN103)),\"ACIMA REF.\",\nIF(AND($C103=\"S\",$P103<>\"\",$Q103<>\"\",$T103=0,$U103>0),\"QUANT.\",\nIF(AND(Import.TipoArredondamento=\"TransfereGOV\",$L103=\"F\",$C103=\"S\",LEN($Q103)>13),\"Código >13\",\nIF(AND(Import.TipoArredondamento=\"TransfereGOV\",$L103=\"F\",$C103<>\"S\",LEN($R103)>100),\"Descrição >100\",\nIF(AND(Import.TipoArredondamento=\"TransfereGOV\",$L103=\"F\",$C103=\"S\",LEN($R103)>500),\"Descrição >500\",\nIF(AND(Import.TipoArredondamento=\"TransfereGOV\",$L103=\"F\",$C103=\"S\",LEFT(TRIM(UPPER($P103)),6)<>\"SINAPI\",ISNA(VLOOKUP(TRIM(UPPER($S103)),ListaTgov.Unidades,1,FALSE))),\"Unid. Não Disp\",\n\" \"))))))))))))))))","v":{"$error":"#NAME?"}},{"$f":"IF(C103<=CRONO.NivelExibicao,MAX($AD$15:OFFSET(AD103,-1,0))+IF($C103<>1,1,MAX(1,COUNTIF(QCI!$A$13:$A$24,OFFSET($E103,-1,0)))),\"\")","v":""},{"$f":"IF(AND($C103=\"S\",ORÇAMENTO.CodBarra<>\"\"),IF(ORÇAMENTO.Fonte=\"\",ORÇAMENTO.CodBarra,CONCATENATE(ORÇAMENTO.Fonte,\" \",ORÇAMENTO.CodBarra)))","v":false},{"$f":"IF(ISERROR(INDIRECT(ORÇAMENTO.BancoRef)),\"(abra o arquivo 'Referência \"&Excel_BuiltIn_Database&\".xlsm)\",IF(OR($C103<>\"S\",ORÇAMENTO.CodBarra=\"\"),\"(Sem Código)\",IF(ISERROR(MATCH($AE103,INDIRECT(ORÇAMENTO.BancoRef),0)),\"(Código não identificado nas referências)\",MATCH($AE103,INDIRECT(ORÇAMENTO.BancoRef),0))))","v":"(Sem Código)"},{"$f":"ROUND(IF(DESONERACAO=\"sim\",REFERENCIA.Desonerado,REFERENCIA.NaoDesonerado),2)","v":0},0.26,null,null,null,null,0,0]
["S",3,"S",0,{"$f":"IF($C104=1,OFFSET(E104,-1,0)+MAX(1,COUNTIF(QCI!$A$13:$A$24,OFFSET(ORÇAMENTO!E104,-1,0))),OFFSET(E104,-1,0))","v":1},2,2,0,10,0,{"$f":"IF(OR($C104=\"S\",$C104=0),0,MATCH(OFFSET($D104,0,$C104)+IF($C104<>1,1,COUNTIF(QCI!$A$13:$A$24,ORÇAMENTO!E104)),OFFSET($D104,1,$C104,ROW($C$270)-ROW($C104)),0))","v":0},"","Serviço","Serviço","-","SINAPI",null,{"$f":"IF($C104=\"S\",REFERENCIA.Descricao,\"(digite a descrição aqui)\")","v":"(Sem Código)"},{"$f":"REFERENCIA.Unidade","v":"-"},{"$f":"OFFSET(CÁLCULO!H$15,ROW($T104)-ROW(T$15),0)","v":0},null,"BDI 1",{"$f":"IF($C104=\"S\",ROUND(IF(TIPOORCAMENTO=\"Proposto\",ORÇAMENTO.CustoUnitario*(1+$AH104),ORÇAMENTO.PrecoUnitarioLicitado),15-13*$AF$10),0)","v":0},{"$f":"IF($C104=\"S\",IF(OR(Import.TipoArredondamento<>\"TransfereGOV\",ACOMPANHAMENTO=\"BM\"),VTOTAL1,SUM(OFFSET(CÁLCULO!$AA$15,ROW($X104)-ROW($X$15),1):OFFSET(CÁLCULO!$AL$15,ROW($X104)-ROW($X$15),-1))),IF($C104=0,0,ROUND(SomaAgrup,15-13*$AF$11)))","v":0},"RA","",{"$f":"IF($C104=\"S\",IF($Z104=\"CP\",$X104,IF($Z104=\"RA\",(($X104)*QCI!$AA$3),0)),SomaAgrup)","v":0},0,{"$f":"IF($N104=\"\",\" \",\nIF(AND($C104<>\"S\",OR($R104=\"\",$R104=\"(digite a descrição aqui)\")),\"DESCRIÇÃO\",\nIF(AND($C104=\"S\",OR($Q104<>\"\",$T104>0,$U104>0),$P104=\"\"),\"FONTE\",\nIF(AND($C104=\"S\",$P104<>\"\",OR($T104>0,$U104>0),$Q104=\"\"),\"CÓDIGO\",\nIF(AND($C104=\"S\",$P104<>\"\",$Q104<>\"\",$R104=\"(Código não identificado nas referências)\"),\"CÓDIGO N/ID\",\nIF(AND($C104=\"S\",OR($R104=\"\",$R104=\"(digite a descrição aqui)\"),OR($Q104<>\"\",$T104>0,$U104>0)),\"DESCRIÇÃO\",\nIF(AND($C104=\"S\",$P104<>\"\",$Q104<>\"\",$S104=\"\"),\"UNIDADE\",\nIF(AND($C104=\"S\",$P104<>\"\",$Q104<>\"\",$U104=0),\"SEM CUSTO\",\nIF(AND(_xlfn.SINGLE(TIPOORCAMENTO)=\"Licitado\",$AL104=0,$AN104>0),\"SEM PREÇO\",\nIF(AND($C104=\"S\",$P104<>\"\",$Q104<>\"\",$U104>0,AND($V104<>\"BDI 1\",$V104<>\"BDI 2\",$V104<>\"BDI 3\")),IF(ISNUMBER($V104),\"JUSTIFICAR BDI\",\"BDI\"),\nIF(OR(AND(import.recurso=\"OGU\",TIPOORCAMENTO=\"Proposto\",LEFT($O$8,5)<>\"(N/D:\",$AG104<>\"\",ORÇAMENTO.CustoUnitario>$AG104),AND(TIPOORCAMENTO=\"LICITADO\",ORÇAMENTO.PrecoUnitarioLicitado>$AN104)),\"ACIMA REF.\",\nIF(AND($C104=\"S\",$P104<>\"\",$Q104<>\"\",$T104=0,$U104>0),\"QUANT.\",\nIF(AND(Import.TipoArredondamento=\"TransfereGOV\",$L104=\"F\",$C104=\"S\",LEN($Q104)>13),\"Código >13\",\nIF(AND(Import.TipoArredondamento=\"TransfereGOV\",$L104=\"F\",$C104<>\"S\",LEN($R104)>100),\"Descrição >100\",\nIF(AND(Import.TipoArredondamento=\"TransfereGOV\",$L104=\"F\",$C104=\"S\",LEN($R104)>500),\"Descrição >500\",\nIF(AND(Import.TipoArredondamento=\"TransfereGOV\",$L104=\"F\",$C104=\"S\",LEFT(TRIM(UPPER($P104)),6)<>\"SINAPI\",ISNA(VLOOKUP(TRIM(UPPER($S104)),ListaTgov.Unidades,1,FALSE))),\"Unid. Não Disp\",\n\" \"))))))))))))))))","v":{"$error":"#NAME?"}},{"$f":"IF(C104<=CRONO.NivelExibicao,MAX($AD$15:OFFSET(AD104,-1,0))+IF($C104<>1,1,MAX(1,COUNTIF(QCI!$A$13:$A$24,OFFSET($E104,-1,0)))),\"\")","v":""},{"$f":"IF(AND($C104=\"S\",ORÇAMENTO.CodBarra<>\"\"),IF(ORÇAMENTO.Fonte=\"\",ORÇAMENTO.CodBarra,CONCATENATE(ORÇAMENTO.Fonte,\" \",ORÇAMENTO.CodBarra)))","v":false},{"$f":"IF(ISERROR(INDIRECT(ORÇAMENTO.BancoRef)),\"(abra o arquivo 'Referência \"&Excel_BuiltIn_Database&\".xlsm)\",IF(OR($C104<>\"S\",ORÇAMENTO.CodBarra=\"\"),\"(Sem Código)\",IF(ISERROR(MATCH($AE104,INDIRECT(ORÇAMENTO.BancoRef),0)),\"(Código não identificado nas referências)\",MATCH($AE104,INDIRECT(ORÇAMENTO.BancoRef),0))))","v":"(Sem Código)"},{"$f":"ROUND(IF(DESONERACAO=\"sim\",REFERENCIA.Desonerado,REFERENCIA.NaoDesonerado),2)","v":0},0.26,null,null,null,null,0,0]
["S",3,"S",0,{"$f":"IF($C105=1,OFFSET(E105,-1,0)+MAX(1,COUNTIF(QCI!$A$13:$A$24,OFFSET(ORÇAMENTO!E105,-1,0))),OFFSET(E105,-1,0))","v":1},2,2,0,10,0,{"$f":"IF(OR($C105=\"S\",$C105=0),0,MATCH(OFFSET($D105,0,$C105)+IF($C105<>1,1,COUNTIF(QCI!$A$13:$A$24,ORÇAMENTO!E105)),OFFSET($D105,1,$C105,ROW($C$270)-ROW($C105)),0))","v":0},"","Serviço","Serviço","-","SINAPI",null,{"$f":"IF($C105=\"S\",REFERENCIA.Descricao,\"(digite a descrição aqui)\")","v":"(Sem Código)"},{"$f":"REFERENCIA.Unidade","v":"-"},{"$f":"OFFSET(CÁLCULO!H$15,ROW($T105)-ROW(T$15),0)","v":0},null,"BDI 1",{"$f":"IF($C105=\"S\",ROUND(IF(TIPOORCAMENTO=\"Proposto\",ORÇAMENTO.CustoUnitario*(1+$AH105),ORÇAMENTO.PrecoUnitarioLicitado),15-13*$AF$10),0)","v":0},{"$f":"IF($C105=\"S\",IF(OR(Import.TipoArredondamento<>\"TransfereGOV\",ACOMPANHAMENTO=\"BM\"),VTOTAL1,SUM(OFFSET(CÁLCULO!$AA$15,ROW($X105)-ROW($X$15),1):OFFSET(CÁLCULO!$AL$15,ROW($X105)-ROW($X$15),-1))),IF($C105=0,0,ROUND(SomaAgrup,15-13*$AF$11)))","v":0},"RA","",{"$f":"IF($C105=\"S\",IF($Z105=\"CP\",$X105,IF($Z105=\"RA\",(($X105)*QCI!$AA$3),0)),SomaAgrup)","v":0},0,{"$f":"IF($N105=\"\",\" \",\nIF(AND($C105<>\"S\",OR($R105=\"\",$R105=\"(digite a descrição aqui)\")),\"DESCRIÇÃO\",\nIF(AND($C105=\"S\",OR($Q105<>\"\",$T105>0,$U105>0),$P105=\"\"),\"FONTE\",\nIF(AND($C105=\"S\",$P105<>\"\",OR($T105>0,$U105>0),$Q105=\"\"),\"CÓDIGO\",\nIF(AND($C105=\"S\",$P105<>\"\",$Q105<>\"\",$R105=\"(Código não identificado nas referências)\"),\"CÓDIGO N/ID\",\nIF(AND($C105=\"S\",OR($R105=\"\",$R105=\"(digite a descrição aqui)\"),OR($Q105<>\"\",$T105>0,$U105>0)),\"DESCRIÇÃO\",\nIF(AND($C105=\"S\",$P105<>\"\",$Q105<>\"\",$S105=\"\"),\"UNIDADE\",\nIF(AND($C105=\"S\",$P105<>\"\",$Q105<>\"\",$U105=0),\"SEM CUSTO\",\nIF(AND(_xlfn.SINGLE(TIPOORCAMENTO)=\"Licitado\",$AL105=0,$AN105>0),\"SEM PREÇO\",\nIF(AND($C105=\"S\",$P105<>\"\",$Q105<>\"\",$U105>0,AND($V105<>\"BDI 1\",$V105<>\"BDI 2\",$V105<>\"BDI 3\")),IF(ISNUMBER($V105),\"JUSTIFICAR BDI\",\"BDI\"),\nIF(OR(AND(import.recurso=\"OGU\",TIPOORCAMENTO=\"Proposto\",LEFT($O$8,5)<>\"(N/D:\",$AG105<>\"\",ORÇAMENTO.CustoUnitario>$AG105),AND(TIPOORCAMENTO=\"LICITADO\",ORÇAMENTO.PrecoUnitarioLicitado>$AN105)),\"ACIMA REF.\",\nIF(AND($C105=\"S\",$P105<>\"\",$Q105<>\"\",$T105=0,$U105>0),\"QUANT.\",\nIF(AND(Import.TipoArredondamento=\"TransfereGOV\",$L105=\"F\",$C105=\"S\",LEN($Q105)>13),\"Código >13\",\nIF(AND(Import.TipoArredondamento=\"TransfereGOV\",$L105=\"F\",$C105<>\"S\",LEN($R105)>100),\"Descrição >100\",\nIF(AND(Import.TipoArredondamento=\"TransfereGOV\",$L105=\"F\",$C105=\"S\",LEN($R105)>500),\"Descrição >500\",\nIF(AND(Import.TipoArredondamento=\"TransfereGOV\",$L105=\"F\",$C105=\"S\",LEFT(TRIM(UPPER($P105)),6)<>\"SINAPI\",ISNA(VLOOKUP(TRIM(UPPER($S105)),ListaTgov.Unidades,1,FALSE))),\"Unid. Não Disp\",\n\" \"))))))))))))))))","v":{"$error":"#NAME?"}},{"$f":"IF(C105<=CRONO.NivelExibicao,MAX($AD$15:OFFSET(AD105,-1,0))+IF($C105<>1,1,MAX(1,COUNTIF(QCI!$A$13:$A$24,OFFSET($E105,-1,0)))),\"\")","v":""},{"$f":"IF(AND($C105=\"S\",ORÇAMENTO.CodBarra<>\"\"),IF(ORÇAMENTO.Fonte=\"\",ORÇAMENTO.CodBarra,CONCATENATE(ORÇAMENTO.Fonte,\" \",ORÇAMENTO.CodBarra)))","v":false},{"$f":"IF(ISERROR(INDIRECT(ORÇAMENTO.BancoRef)),\"(abra o arquivo 'Referência \"&Excel_BuiltIn_Database&\".xlsm)\",IF(OR($C105<>\"S\",ORÇAMENTO.CodBarra=\"\"),\"(Sem Código)\",IF(ISERROR(MATCH($AE105,INDIRECT(ORÇAMENTO.BancoRef),0)),\"(Código não identificado nas referências)\",MATCH($AE105,INDIRECT(ORÇAMENTO.BancoRef),0))))","v":"(Sem Código)"},{"$f":"ROUND(IF(DESONERACAO=\"sim\",REFERENCIA.Desonerado,REFERENCIA.NaoDesonerado),2)","v":0},0.26,null,null,null,null,0,0]
["S",3,"S",0,{"$f":"IF($C106=1,OFFSET(E106,-1,0)+MAX(1,COUNTIF(QCI!$A$13:$A$24,OFFSET(ORÇAMENTO!E106,-1,0))),OFFSET(E106,-1,0))","v":1},2,2,0,10,0,{"$f":"IF(OR($C106=\"S\",$C106=0),0,MATCH(OFFSET($D106,0,$C106)+IF($C106<>1,1,COUNTIF(QCI!$A$13:$A$24,ORÇAMENTO!E106)),OFFSET($D106,1,$C106,ROW($C$270)-ROW($C106)),0))","v":0},"","Serviço","Serviço","-","SINAPI",null,{"$f":"IF($C106=\"S\",REFERENCIA.Descricao,\"(digite a descrição aqui)\")","v":"(Sem Código)"},{"$f":"REFERENCIA.Unidade","v":"-"},{"$f":"OFFSET(CÁLCULO!H$15,ROW($T106)-ROW(T$15),0)","v":0},null,"BDI 1",{"$f":"IF($C106=\"S\",ROUND(IF(TIPOORCAMENTO=\"Proposto\",ORÇAMENTO.CustoUnitario*(1+$AH106),ORÇAMENTO.PrecoUnitarioLicitado),15-13*$AF$10),0)","v":0},{"$f":"IF($C106=\"S\",IF(OR(Import.TipoArredondamento<>\"TransfereGOV\",ACOMPANHAMENTO=\"BM\"),VTOTAL1,SUM(OFFSET(CÁLCULO!$AA$15,ROW($X106)-ROW($X$15),1):OFFSET(CÁLCULO!$AL$15,ROW($X106)-ROW($X$15),-1))),IF($C106=0,0,ROUND(SomaAgrup,15-13*$AF$11)))","v":0},"RA","",{"$f":"IF($C106=\"S\",IF($Z106=\"CP\",$X106,IF($Z106=\"RA\",(($X106)*QCI!$AA$3),0)),SomaAgrup)","v":0},0,{"$f":"IF($N106=\"\",\" \",\nIF(AND($C106<>\"S\",OR($R106=\"\",$R106=\"(digite a descrição aqui)\")),\"DESCRIÇÃO\",\nIF(AND($C106=\"S\",OR($Q106<>\"\",$T106>0,$U106>0),$P106=\"\"),\"FONTE\",\nIF(AND($C106=\"S\",$P106<>\"\",OR($T106>0,$U106>0),$Q106=\"\"),\"CÓDIGO\",\nIF(AND($C106=\"S\",$P106<>\"\",$Q106<>\"\",$R106=\"(Código não identificado nas referências)\"),\"CÓDIGO N/ID\",\nIF(AND($C106=\"S\",OR($R106=\"\",$R106=\"(digite a descrição aqui)\"),OR($Q106<>\"\",$T106>0,$U106>0)),\"DESCRIÇÃO\",\nIF(AND($C106=\"S\",$P106<>\"\",$Q106<>\"\",$S106=\"\"),\"UNIDADE\",\nIF(AND($C106=\"S\",$P106<>\"\",$Q106<>\"\",$U106=0),\"SEM CUSTO\",\nIF(AND(_xlfn.SINGLE(TIPOORCAMENTO)=\"Licitado\",$AL106=0,$AN106>0),\"SEM PREÇO\",\nIF(AND($C106=\"S\",$P106<>\"\",$Q106<>\"\",$U106>0,AND($V106<>\"BDI 1\",$V106<>\"BDI 2\",$V106<>\"BDI 3\")),IF(ISNUMBER($V106),\"JUSTIFICAR BDI\",\"BDI\"),\nIF(OR(AND(import.recurso=\"OGU\",TIPOORCAMENTO=\"Proposto\",LEFT($O$8,5)<>\"(N/D:\",$AG106<>\"\",ORÇAMENTO.CustoUnitario>$AG106),AND(TIPOORCAMENTO=\"LICITADO\",ORÇAMENTO.PrecoUnitarioLicitado>$AN106)),\"ACIMA REF.\",\nIF(AND($C106=\"S\",$P106<>\"\",$Q106<>\"\",$T106=0,$U106>0),\"QUANT.\",\nIF(AND(Import.TipoArredondamento=\"TransfereGOV\",$L106=\"F\",$C106=\"S\",LEN($Q106)>13),\"Código >13\",\nIF(AND(Import.TipoArredondamento=\"TransfereGOV\",$L106=\"F\",$C106<>\"S\",LEN($R106)>100),\"Descrição >100\",\nIF(AND(Import.TipoArredondamento=\"TransfereGOV\",$L106=\"F\",$C106=\"S\",LEN($R106)>500),\"Descrição >500\",\nIF(AND(Import.TipoArredondamento=\"TransfereGOV\",$L106=\"F\",$C106=\"S\",LEFT(TRIM(UPPER($P106)),6)<>\"SINAPI\",ISNA(VLOOKUP(TRIM(UPPER($S106)),ListaTgov.Unidades,1,FALSE))),\"Unid. Não Disp\",\n\" \"))))))))))))))))","v":{"$error":"#NAME?"}},{"$f":"IF(C106<=CRONO.NivelExibicao,MAX($AD$15:OFFSET(AD106,-1,0))+IF($C106<>1,1,MAX(1,COUNTIF(QCI!$A$13:$A$24,OFFSET($E106,-1,0)))),\"\")","v":""},{"$f":"IF(AND($C106=\"S\",ORÇAMENTO.CodBarra<>\"\"),IF(ORÇAMENTO.Fonte=\"\",ORÇAMENTO.CodBarra,CONCATENATE(ORÇAMENTO.Fonte,\" \",ORÇAMENTO.CodBarra)))","v":false},{"$f":"IF(ISERROR(INDIRECT(ORÇAMENTO.BancoRef)),\"(abra o arquivo 'Referência \"&Excel_BuiltIn_Database&\".xlsm)\",IF(OR($C106<>\"S\",ORÇAMENTO.CodBarra=\"\"),\"(Sem Código)\",IF(ISERROR(MATCH($AE106,INDIRECT(ORÇAMENTO.BancoRef),0)),\"(Código não identificado nas referências)\",MATCH($AE106,INDIRECT(ORÇAMENTO.BancoRef),0))))","v":"(Sem Código)"},{"$f":"ROUND(IF(DESONERACAO=\"sim\",REFERENCIA.Desonerado,REFERENCIA.NaoDesonerado),2)","v":0},0.26,null,null,null,null,0,0]
["S",3,"S",0,{"$f":"IF($C107=1,OFFSET(E107,-1,0)+MAX(1,COUNTIF(QCI!$A$13:$A$24,OFFSET(ORÇAMENTO!E107,-1,0))),OFFSET(E107,-1,0))","v":1},2,2,0,10,0,{"$f":"IF(OR($C107=\"S\",$C107=0),0,MATCH(OFFSET($D107,0,$C107)+IF($C107<>1,1,COUNTIF(QCI!$A$13:$A$24,ORÇAMENTO!E107)),OFFSET($D107,1,$C107,ROW($C$270)-ROW($C107)),0))","v":0},"","Serviço","Serviço","-","SINAPI",null,{"$f":"IF($C107=\"S\",REFERENCIA.Descricao,\"(digite a descrição aqui)\")","v":"(Sem Código)"},{"$f":"REFERENCIA.Unidade","v":"-"},{"$f":"OFFSET(CÁLCULO!H$15,ROW($T107)-ROW(T$15),0)","v":0},null,"BDI 1",{"$f":"IF($C107=\"S\",ROUND(IF(TIPOORCAMENTO=\"Proposto\",ORÇAMENTO.CustoUnitario*(1+$AH107),ORÇAMENTO.PrecoUnitarioLicitado),15-13*$AF$10),0)","v":0},{"$f":"IF($C107=\"S\",IF(OR(Import.TipoArredondamento<>\"TransfereGOV\",ACOMPANHAMENTO=\"BM\"),VTOTAL1,SUM(OFFSET(CÁLCULO!$AA$15,ROW($X107)-ROW($X$15),1):OFFSET(CÁLCULO!$AL$15,ROW($X107)-ROW($X$15),-1))),IF($C107=0,0,ROUND(SomaAgrup,15-13*$AF$11)))","v":0},"RA","",{"$f":"IF($C107=\"S\",IF($Z107=\"CP\",$X107,IF($Z107=\"RA\",(($X107)*QCI!$AA$3),0)),SomaAgrup)","v":0},0,{"$f":"IF($N107=\"\",\" \",\nIF(AND($C107<>\"S\",OR($R107=\"\",$R107=\"(digite a descrição aqui)\")),\"DESCRIÇÃO\",\nIF(AND($C107=\"S\",OR($Q107<>\"\",$T107>0,$U107>0),$P107=\"\"),\"FONTE\",\nIF(AND($C107=\"S\",$P107<>\"\",OR($T107>0,$U107>0),$Q107=\"\"),\"CÓDIGO\",\nIF(AND($C107=\"S\",$P107<>\"\",$Q107<>\"\",$R107=\"(Código não identificado nas referências)\"),\"CÓDIGO N/ID\",\nIF(AND($C107=\"S\",OR($R107=\"\",$R107=\"(digite a descrição aqui)\"),OR($Q107<>\"\",$T107>0,$U107>0)),\"DESCRIÇÃO\",\nIF(AND($C107=\"S\",$P107<>\"\",$Q107<>\"\",$S107=\"\"),\"UNIDADE\",\nIF(AND($C107=\"S\",$P107<>\"\",$Q107<>\"\",$U107=0),\"SEM CUSTO\",\nIF(AND(_xlfn.SINGLE(TIPOORCAMENTO)=\"Licitado\",$AL107=0,$AN107>0),\"SEM PREÇO\",\nIF(AND($C107=\"S\",$P107<>\"\",$Q107<>\"\",$U107>0,AND($V107<>\"BDI 1\",$V107<>\"BDI 2\",$V107<>\"BDI 3\")),IF(ISNUMBER($V107),\"JUSTIFICAR BDI\",\"BDI\"),\nIF(OR(AND(import.recurso=\"OGU\",TIPOORCAMENTO=\"Proposto\",LEFT($O$8,5)<>\"(N/D:\",$AG107<>\"\",ORÇAMENTO.CustoUnitario>$AG107),AND(TIPOORCAMENTO=\"LICITADO\",ORÇAMENTO.PrecoUnitarioLicitado>$AN107)),\"ACIMA REF.\",\nIF(AND($C107=\"S\",$P107<>\"\",$Q107<>\"\",$T107=0,$U107>0),\"QUANT.\",\nIF(AND(Import.TipoArredondamento=\"TransfereGOV\",$L107=\"F\",$C107=\"S\",LEN($Q107)>13),\"Código >13\",\nIF(AND(Import.TipoArredondamento=\"TransfereGOV\",$L107=\"F\",$C107<>\"S\",LEN($R107)>100),\"Descrição >100\",\nIF(AND(Import.TipoArredondamento=\"TransfereGOV\",$L107=\"F\",$C107=\"S\",LEN($R107)>500),\"Descrição >500\",\nIF(AND(Import.TipoArredondamento=\"TransfereGOV\",$L107=\"F\",$C107=\"S\",LEFT(TRIM(UPPER($P107)),6)<>\"SINAPI\",ISNA(VLOOKUP(TRIM(UPPER($S107)),ListaTgov.Unidades,1,FALSE))),\"Unid. Não Disp\",\n\" \"))))))))))))))))","v":{"$error":"#NAME?"}},{"$f":"IF(C107<=CRONO.NivelExibicao,MAX($AD$15:OFFSET(AD107,-1,0))+IF($C107<>1,1,MAX(1,COUNTIF(QCI!$A$13:$A$24,OFFSET($E107,-1,0)))),\"\")","v":""},{"$f":"IF(AND($C107=\"S\",ORÇAMENTO.CodBarra<>\"\"),IF(ORÇAMENTO.Fonte=\"\",ORÇAMENTO.CodBarra,CONCATENATE(ORÇAMENTO.Fonte,\" \",ORÇAMENTO.CodBarra)))","v":false},{"$f":"IF(ISERROR(INDIRECT(ORÇAMENTO.BancoRef)),\"(abra o arquivo 'Referência \"&Excel_BuiltIn_Database&\".xlsm)\",IF(OR($C107<>\"S\",ORÇAMENTO.CodBarra=\"\"),\"(Sem Código)\",IF(ISERROR(MATCH($AE107,INDIRECT(ORÇAMENTO.BancoRef),0)),\"(Código não identificado nas referências)\",MATCH($AE107,INDIRECT(ORÇAMENTO.BancoRef),0))))","v":"(Sem Código)"},{"$f":"ROUND(IF(DESONERACAO=\"sim\",REFERENCIA.Desonerado,REFERENCIA.NaoDesonerado),2)","v":0},0.26,null,null,null,null,0,0]
["S",3,"S",0,{"$f":"IF($C108=1,OFFSET(E108,-1,0)+MAX(1,COUNTIF(QCI!$A$13:$A$24,OFFSET(ORÇAMENTO!E108,-1,0))),OFFSET(E108,-1,0))","v":1},2,2,0,10,0,{"$f":"IF(OR($C108=\"S\",$C108=0),0,MATCH(OFFSET($D108,0,$C108)+IF($C108<>1,1,COUNTIF(QCI!$A$13:$A$24,ORÇAMENTO!E108)),OFFSET($D108,1,$C108,ROW($C$270)-ROW($C108)),0))","v":0},"","Serviço","Serviço","-","SINAPI",null,{"$f":"IF($C108=\"S\",REFERENCIA.Descricao,\"(digite a descrição aqui)\")","v":"(Sem Código)"},{"$f":"REFERENCIA.Unidade","v":"-"},{"$f":"OFFSET(CÁLCULO!H$15,ROW($T108)-ROW(T$15),0)","v":0},null,"BDI 1",{"$f":"IF($C108=\"S\",ROUND(IF(TIPOORCAMENTO=\"Proposto\",ORÇAMENTO.CustoUnitario*(1+$AH108),ORÇAMENTO.PrecoUnitarioLicitado),15-13*$AF$10),0)","v":0},{"$f":"IF($C108=\"S\",IF(OR(Import.TipoArredondamento<>\"TransfereGOV\",ACOMPANHAMENTO=\"BM\"),VTOTAL1,SUM(OFFSET(CÁLCULO!$AA$15,ROW($X108)-ROW($X$15),1):OFFSET(CÁLCULO!$AL$15,ROW($X108)-ROW($X$15),-1))),IF($C108=0,0,ROUND(SomaAgrup,15-13*$AF$11)))","v":0},"RA","",{"$f":"IF($C108=\"S\",IF($Z108=\"CP\",$X108,IF($Z108=\"RA\",(($X108)*QCI!$AA$3),0)),SomaAgrup)","v":0},0,{"$f":"IF($N108=\"\",\" \",\nIF(AND($C108<>\"S\",OR($R108=\"\",$R108=\"(digite a descrição aqui)\")),\"DESCRIÇÃO\",\nIF(AND($C108=\"S\",OR($Q108<>\"\",$T108>0,$U108>0),$P108=\"\"),\"FONTE\",\nIF(AND($C108=\"S\",$P108<>\"\",OR($T108>0,$U108>0),$Q108=\"\"),\"CÓDIGO\",\nIF(AND($C108=\"S\",$P108<>\"\",$Q108<>\"\",$R108=\"(Código não identificado nas referências)\"),\"CÓDIGO N/ID\",\nIF(AND($C108=\"S\",OR($R108=\"\",$R108=\"(digite a descrição aqui)\"),OR($Q108<>\"\",$T108>0,$U108>0)),\"DESCRIÇÃO\",\nIF(AND($C108=\"S\",$P108<>\"\",$Q108<>\"\",$S108=\"\"),\"UNIDADE\",\nIF(AND($C108=\"S\",$P108<>\"\",$Q108<>\"\",$U108=0),\"SEM CUSTO\",\nIF(AND(_xlfn.SINGLE(TIPOORCAMENTO)=\"Licitado\",$AL108=0,$AN108>0),\"SEM PREÇO\",\nIF(AND($C108=\"S\",$P108<>\"\",$Q108<>\"\",$U108>0,AND($V108<>\"BDI 1\",$V108<>\"BDI 2\",$V108<>\"BDI 3\")),IF(ISNUMBER($V108),\"JUSTIFICAR BDI\",\"BDI\"),\nIF(OR(AND(import.recurso=\"OGU\",TIPOORCAMENTO=\"Proposto\",LEFT($O$8,5)<>\"(N/D:\",$AG108<>\"\",ORÇAMENTO.CustoUnitario>$AG108),AND(TIPOORCAMENTO=\"LICITADO\",ORÇAMENTO.PrecoUnitarioLicitado>$AN108)),\"ACIMA REF.\",\nIF(AND($C108=\"S\",$P108<>\"\",$Q108<>\"\",$T108=0,$U108>0),\"QUANT.\",\nIF(AND(Import.TipoArredondamento=\"TransfereGOV\",$L108=\"F\",$C108=\"S\",LEN($Q108)>13),\"Código >13\",\nIF(AND(Import.TipoArredondamento=\"TransfereGOV\",$L108=\"F\",$C108<>\"S\",LEN($R108)>100),\"Descrição >100\",\nIF(AND(Import.TipoArredondamento=\"TransfereGOV\",$L108=\"F\",$C108=\"S\",LEN($R108)>500),\"Descrição >500\",\nIF(AND(Import.TipoArredondamento=\"TransfereGOV\",$L108=\"F\",$C108=\"S\",LEFT(TRIM(UPPER($P108)),6)<>\"SINAPI\",ISNA(VLOOKUP(TRIM(UPPER($S108)),ListaTgov.Unidades,1,FALSE))),\"Unid. Não Disp\",\n\" \"))))))))))))))))","v":{"$error":"#NAME?"}},{"$f":"IF(C108<=CRONO.NivelExibicao,MAX($AD$15:OFFSET(AD108,-1,0))+IF($C108<>1,1,MAX(1,COUNTIF(QCI!$A$13:$A$24,OFFSET($E108,-1,0)))),\"\")","v":""},{"$f":"IF(AND($C108=\"S\",ORÇAMENTO.CodBarra<>\"\"),IF(ORÇAMENTO.Fonte=\"\",ORÇAMENTO.CodBarra,CONCATENATE(ORÇAMENTO.Fonte,\" \",ORÇAMENTO.CodBarra)))","v":false},{"$f":"IF(ISERROR(INDIRECT(ORÇAMENTO.BancoRef)),\"(abra o arquivo 'Referência \"&Excel_BuiltIn_Database&\".xlsm)\",IF(OR($C108<>\"S\",ORÇAMENTO.CodBarra=\"\"),\"(Sem Código)\",IF(ISERROR(MATCH($AE108,INDIRECT(ORÇAMENTO.BancoRef),0)),\"(Código não identificado nas referências)\",MATCH($AE108,INDIRECT(ORÇAMENTO.BancoRef),0))))","v":"(Sem Código)"},{"$f":"ROUND(IF(DESONERACAO=\"sim\",REFERENCIA.Desonerado,REFERENCIA.NaoDesonerado),2)","v":0},0.26,null,null,null,null,0,0]
["S",3,"S",0,{"$f":"IF($C109=1,OFFSET(E109,-1,0)+MAX(1,COUNTIF(QCI!$A$13:$A$24,OFFSET(ORÇAMENTO!E109,-1,0))),OFFSET(E109,-1,0))","v":1},2,2,0,10,0,{"$f":"IF(OR($C109=\"S\",$C109=0),0,MATCH(OFFSET($D109,0,$C109)+IF($C109<>1,1,COUNTIF(QCI!$A$13:$A$24,ORÇAMENTO!E109)),OFFSET($D109,1,$C109,ROW($C$270)-ROW($C109)),0))","v":0},"","Serviço","Serviço","-","SINAPI",null,{"$f":"IF($C109=\"S\",REFERENCIA.Descricao,\"(digite a descrição aqui)\")","v":"(Sem Código)"},{"$f":"REFERENCIA.Unidade","v":"-"},{"$f":"OFFSET(CÁLCULO!H$15,ROW($T109)-ROW(T$15),0)","v":0},null,"BDI 1",{"$f":"IF($C109=\"S\",ROUND(IF(TIPOORCAMENTO=\"Proposto\",ORÇAMENTO.CustoUnitario*(1+$AH109),ORÇAMENTO.PrecoUnitarioLicitado),15-13*$AF$10),0)","v":0},{"$f":"IF($C109=\"S\",IF(OR(Import.TipoArredondamento<>\"TransfereGOV\",ACOMPANHAMENTO=\"BM\"),VTOTAL1,SUM(OFFSET(CÁLCULO!$AA$15,ROW($X109)-ROW($X$15),1):OFFSET(CÁLCULO!$AL$15,ROW($X109)-ROW($X$15),-1))),IF($C109=0,0,ROUND(SomaAgrup,15-13*$AF$11)))","v":0},"RA","",{"$f":"IF($C109=\"S\",IF($Z109=\"CP\",$X109,IF($Z109=\"RA\",(($X109)*QCI!$AA$3),0)),SomaAgrup)","v":0},0,{"$f":"IF($N109=\"\",\" \",\nIF(AND($C109<>\"S\",OR($R109=\"\",$R109=\"(digite a descrição aqui)\")),\"DESCRIÇÃO\",\nIF(AND($C109=\"S\",OR($Q109<>\"\",$T109>0,$U109>0),$P109=\"\"),\"FONTE\",\nIF(AND($C109=\"S\",$P109<>\"\",OR($T109>0,$U109>0),$Q109=\"\"),\"CÓDIGO\",\nIF(AND($C109=\"S\",$P109<>\"\",$Q109<>\"\",$R109=\"(Código não identificado nas referências)\"),\"CÓDIGO N/ID\",\nIF(AND($C109=\"S\",OR($R109=\"\",$R109=\"(digite a descrição aqui)\"),OR($Q109<>\"\",$T109>0,$U109>0)),\"DESCRIÇÃO\",\nIF(AND($C109=\"S\",$P109<>\"\",$Q109<>\"\",$S109=\"\"),\"UNIDADE\",\nIF(AND($C109=\"S\",$P109<>\"\",$Q109<>\"\",$U109=0),\"SEM CUSTO\",\nIF(AND(_xlfn.SINGLE(TIPOORCAMENTO)=\"Licitado\",$AL109=0,$AN109>0),\"SEM PREÇO\",\nIF(AND($C109=\"S\",$P109<>\"\",$Q109<>\"\",$U109>0,AND($V109<>\"BDI 1\",$V109<>\"BDI 2\",$V109<>\"BDI 3\")),IF(ISNUMBER($V109),\"JUSTIFICAR BDI\",\"BDI\"),\nIF(OR(AND(import.recurso=\"OGU\",TIPOORCAMENTO=\"Proposto\",LEFT($O$8,5)<>\"(N/D:\",$AG109<>\"\",ORÇAMENTO.CustoUnitario>$AG109),AND(TIPOORCAMENTO=\"LICITADO\",ORÇAMENTO.PrecoUnitarioLicitado>$AN109)),\"ACIMA REF.\",\nIF(AND($C109=\"S\",$P109<>\"\",$Q109<>\"\",$T109=0,$U109>0),\"QUANT.\",\nIF(AND(Import.TipoArredondamento=\"TransfereGOV\",$L109=\"F\",$C109=\"S\",LEN($Q109)>13),\"Código >13\",\nIF(AND(Import.TipoArredondamento=\"TransfereGOV\",$L109=\"F\",$C109<>\"S\",LEN($R109)>100),\"Descrição >100\",\nIF(AND(Import.TipoArredondamento=\"TransfereGOV\",$L109=\"F\",$C109=\"S\",LEN($R109)>500),\"Descrição >500\",\nIF(AND(Import.TipoArredondamento=\"TransfereGOV\",$L109=\"F\",$C109=\"S\",LEFT(TRIM(UPPER($P109)),6)<>\"SINAPI\",ISNA(VLOOKUP(TRIM(UPPER($S109)),ListaTgov.Unidades,1,FALSE))),\"Unid. Não Disp\",\n\" \"))))))))))))))))","v":{"$error":"#NAME?"}},{"$f":"IF(C109<=CRONO.NivelExibicao,MAX($AD$15:OFFSET(AD109,-1,0))+IF($C109<>1,1,MAX(1,COUNTIF(QCI!$A$13:$A$24,OFFSET($E109,-1,0)))),\"\")","v":""},{"$f":"IF(AND($C109=\"S\",ORÇAMENTO.CodBarra<>\"\"),IF(ORÇAMENTO.Fonte=\"\",ORÇAMENTO.CodBarra,CONCATENATE(ORÇAMENTO.Fonte,\" \",ORÇAMENTO.CodBarra)))","v":false},{"$f":"IF(ISERROR(INDIRECT(ORÇAMENTO.BancoRef)),\"(abra o arquivo 'Referência \"&Excel_BuiltIn_Database&\".xlsm)\",IF(OR($C109<>\"S\",ORÇAMENTO.CodBarra=\"\"),\"(Sem Código)\",IF(ISERROR(MATCH($AE109,INDIRECT(ORÇAMENTO.BancoRef),0)),\"(Código não identificado nas referências)\",MATCH($AE109,INDIRECT(ORÇAMENTO.BancoRef),0))))","v":"(Sem Código)"},{"$f":"ROUND(IF(DESONERACAO=\"sim\",REFERENCIA.Desonerado,REFERENCIA.NaoDesonerado),2)","v":0},0.26,null,null,null,null,0,0]
["S",3,"S",0,{"$f":"IF($C110=1,OFFSET(E110,-1,0)+MAX(1,COUNTIF(QCI!$A$13:$A$24,OFFSET(ORÇAMENTO!E110,-1,0))),OFFSET(E110,-1,0))","v":1},2,2,0,10,0,{"$f":"IF(OR($C110=\"S\",$C110=0),0,MATCH(OFFSET($D110,0,$C110)+IF($C110<>1,1,COUNTIF(QCI!$A$13:$A$24,ORÇAMENTO!E110)),OFFSET($D110,1,$C110,ROW($C$270)-ROW($C110)),0))","v":0},"","Serviço","Serviço","-","SINAPI",null,{"$f":"IF($C110=\"S\",REFERENCIA.Descricao,\"(digite a descrição aqui)\")","v":"(Sem Código)"},{"$f":"REFERENCIA.Unidade","v":"-"},{"$f":"OFFSET(CÁLCULO!H$15,ROW($T110)-ROW(T$15),0)","v":0},null,"BDI 1",{"$f":"IF($C110=\"S\",ROUND(IF(TIPOORCAMENTO=\"Proposto\",ORÇAMENTO.CustoUnitario*(1+$AH110),ORÇAMENTO.PrecoUnitarioLicitado),15-13*$AF$10),0)","v":0},{"$f":"IF($C110=\"S\",IF(OR(Import.TipoArredondamento<>\"TransfereGOV\",ACOMPANHAMENTO=\"BM\"),VTOTAL1,SUM(OFFSET(CÁLCULO!$AA$15,ROW($X110)-ROW($X$15),1):OFFSET(CÁLCULO!$AL$15,ROW($X110)-ROW($X$15),-1))),IF($C110=0,0,ROUND(SomaAgrup,15-13*$AF$11)))","v":0},"RA","",{"$f":"IF($C110=\"S\",IF($Z110=\"CP\",$X110,IF($Z110=\"RA\",(($X110)*QCI!$AA$3),0)),SomaAgrup)","v":0},0,{"$f":"IF($N110=\"\",\" \",\nIF(AND($C110<>\"S\",OR($R110=\"\",$R110=\"(digite a descrição aqui)\")),\"DESCRIÇÃO\",\nIF(AND($C110=\"S\",OR($Q110<>\"\",$T110>0,$U110>0),$P110=\"\"),\"FONTE\",\nIF(AND($C110=\"S\",$P110<>\"\",OR($T110>0,$U110>0),$Q110=\"\"),\"CÓDIGO\",\nIF(AND($C110=\"S\",$P110<>\"\",$Q110<>\"\",$R110=\"(Código não identificado nas referências)\"),\"CÓDIGO N/ID\",\nIF(AND($C110=\"S\",OR($R110=\"\",$R110=\"(digite a descrição aqui)\"),OR($Q110<>\"\",$T110>0,$U110>0)),\"DESCRIÇÃO\",\nIF(AND($C110=\"S\",$P110<>\"\",$Q110<>\"\",$S110=\"\"),\"UNIDADE\",\nIF(AND($C110=\"S\",$P110<>\"\",$Q110<>\"\",$U110=0),\"SEM CUSTO\",\nIF(AND(_xlfn.SINGLE(TIPOORCAMENTO)=\"Licitado\",$AL110=0,$AN110>0),\"SEM PREÇO\",\nIF(AND($C110=\"S\",$P110<>\"\",$Q110<>\"\",$U110>0,AND($V110<>\"BDI 1\",$V110<>\"BDI 2\",$V110<>\"BDI 3\")),IF(ISNUMBER($V110),\"JUSTIFICAR BDI\",\"BDI\"),\nIF(OR(AND(import.recurso=\"OGU\",TIPOORCAMENTO=\"Proposto\",LEFT($O$8,5)<>\"(N/D:\",$AG110<>\"\",ORÇAMENTO.CustoUnitario>$AG110),AND(TIPOORCAMENTO=\"LICITADO\",ORÇAMENTO.PrecoUnitarioLicitado>$AN110)),\"ACIMA REF.\",\nIF(AND($C110=\"S\",$P110<>\"\",$Q110<>\"\",$T110=0,$U110>0),\"QUANT.\",\nIF(AND(Import.TipoArredondamento=\"TransfereGOV\",$L110=\"F\",$C110=\"S\",LEN($Q110)>13),\"Código >13\",\nIF(AND(Import.TipoArredondamento=\"TransfereGOV\",$L110=\"F\",$C110<>\"S\",LEN($R110)>100),\"Descrição >100\",\nIF(AND(Import.TipoArredondamento=\"TransfereGOV\",$L110=\"F\",$C110=\"S\",LEN($R110)>500),\"Descrição >500\",\nIF(AND(Import.TipoArredondamento=\"TransfereGOV\",$L110=\"F\",$C110=\"S\",LEFT(TRIM(UPPER($P110)),6)<>\"SINAPI\",ISNA(VLOOKUP(TRIM(UPPER($S110)),ListaTgov.Unidades,1,FALSE))),\"Unid. Não Disp\",\n\" \"))))))))))))))))","v":{"$error":"#NAME?"}},{"$f":"IF(C110<=CRONO.NivelExibicao,MAX($AD$15:OFFSET(AD110,-1,0))+IF($C110<>1,1,MAX(1,COUNTIF(QCI!$A$13:$A$24,OFFSET($E110,-1,0)))),\"\")","v":""},{"$f":"IF(AND($C110=\"S\",ORÇAMENTO.CodBarra<>\"\"),IF(ORÇAMENTO.Fonte=\"\",ORÇAMENTO.CodBarra,CONCATENATE(ORÇAMENTO.Fonte,\" \",ORÇAMENTO.CodBarra)))","v":false},{"$f":"IF(ISERROR(INDIRECT(ORÇAMENTO.BancoRef)),\"(abra o arquivo 'Referência \"&Excel_BuiltIn_Database&\".xlsm)\",IF(OR($C110<>\"S\",ORÇAMENTO.CodBarra=\"\"),\"(Sem Código)\",IF(ISERROR(MATCH($AE110,INDIRECT(ORÇAMENTO.BancoRef),0)),\"(Código não identificado nas referências)\",MATCH($AE110,INDIRECT(ORÇAMENTO.BancoRef),0))))","v":"(Sem Código)"},{"$f":"ROUND(IF(DESONERACAO=\"sim\",REFERENCIA.Desonerado,REFERENCIA.NaoDesonerado),2)","v":0},0.26,null,null,null,null,0,0]
["S",3,"S",0,{"$f":"IF($C111=1,OFFSET(E111,-1,0)+MAX(1,COUNTIF(QCI!$A$13:$A$24,OFFSET(ORÇAMENTO!E111,-1,0))),OFFSET(E111,-1,0))","v":1},2,2,0,10,0,{"$f":"IF(OR($C111=\"S\",$C111=0),0,MATCH(OFFSET($D111,0,$C111)+IF($C111<>1,1,COUNTIF(QCI!$A$13:$A$24,ORÇAMENTO!E111)),OFFSET($D111,1,$C111,ROW($C$270)-ROW($C111)),0))","v":0},"","Serviço","Serviço","-","SINAPI",null,{"$f":"IF($C111=\"S\",REFERENCIA.Descricao,\"(digite a descrição aqui)\")","v":"(Sem Código)"},{"$f":"REFERENCIA.Unidade","v":"-"},{"$f":"OFFSET(CÁLCULO!H$15,ROW($T111)-ROW(T$15),0)","v":0},null,"BDI 1",{"$f":"IF($C111=\"S\",ROUND(IF(TIPOORCAMENTO=\"Proposto\",ORÇAMENTO.CustoUnitario*(1+$AH111),ORÇAMENTO.PrecoUnitarioLicitado),15-13*$AF$10),0)","v":0},{"$f":"IF($C111=\"S\",IF(OR(Import.TipoArredondamento<>\"TransfereGOV\",ACOMPANHAMENTO=\"BM\"),VTOTAL1,SUM(OFFSET(CÁLCULO!$AA$15,ROW($X111)-ROW($X$15),1):OFFSET(CÁLCULO!$AL$15,ROW($X111)-ROW($X$15),-1))),IF($C111=0,0,ROUND(SomaAgrup,15-13*$AF$11)))","v":0},"RA","",{"$f":"IF($C111=\"S\",IF($Z111=\"CP\",$X111,IF($Z111=\"RA\",(($X111)*QCI!$AA$3),0)),SomaAgrup)","v":0},0,{"$f":"IF($N111=\"\",\" \",\nIF(AND($C111<>\"S\",OR($R111=\"\",$R111=\"(digite a descrição aqui)\")),\"DESCRIÇÃO\",\nIF(AND($C111=\"S\",OR($Q111<>\"\",$T111>0,$U111>0),$P111=\"\"),\"FONTE\",\nIF(AND($C111=\"S\",$P111<>\"\",OR($T111>0,$U111>0),$Q111=\"\"),\"CÓDIGO\",\nIF(AND($C111=\"S\",$P111<>\"\",$Q111<>\"\",$R111=\"(Código não identificado nas referências)\"),\"CÓDIGO N/ID\",\nIF(AND($C111=\"S\",OR($R111=\"\",$R111=\"(digite a descrição aqui)\"),OR($Q111<>\"\",$T111>0,$U111>0)),\"DESCRIÇÃO\",\nIF(AND($C111=\"S\",$P111<>\"\",$Q111<>\"\",$S111=\"\"),\"UNIDADE\",\nIF(AND($C111=\"S\",$P111<>\"\",$Q111<>\"\",$U111=0),\"SEM CUSTO\",\nIF(AND(_xlfn.SINGLE(TIPOORCAMENTO)=\"Licitado\",$AL111=0,$AN111>0),\"SEM PREÇO\",\nIF(AND($C111=\"S\",$P111<>\"\",$Q111<>\"\",$U111>0,AND($V111<>\"BDI 1\",$V111<>\"BDI 2\",$V111<>\"BDI 3\")),IF(ISNUMBER($V111),\"JUSTIFICAR BDI\",\"BDI\"),\nIF(OR(AND(import.recurso=\"OGU\",TIPOORCAMENTO=\"Proposto\",LEFT($O$8,5)<>\"(N/D:\",$AG111<>\"\",ORÇAMENTO.CustoUnitario>$AG111),AND(TIPOORCAMENTO=\"LICITADO\",ORÇAMENTO.PrecoUnitarioLicitado>$AN111)),\"ACIMA REF.\",\nIF(AND($C111=\"S\",$P111<>\"\",$Q111<>\"\",$T111=0,$U111>0),\"QUANT.\",\nIF(AND(Import.TipoArredondamento=\"TransfereGOV\",$L111=\"F\",$C111=\"S\",LEN($Q111)>13),\"Código >13\",\nIF(AND(Import.TipoArredondamento=\"TransfereGOV\",$L111=\"F\",$C111<>\"S\",LEN($R111)>100),\"Descrição >100\",\nIF(AND(Import.TipoArredondamento=\"TransfereGOV\",$L111=\"F\",$C111=\"S\",LEN($R111)>500),\"Descrição >500\",\nIF(AND(Import.TipoArredondamento=\"TransfereGOV\",$L111=\"F\",$C111=\"S\",LEFT(TRIM(UPPER($P111)),6)<>\"SINAPI\",ISNA(VLOOKUP(TRIM(UPPER($S111)),ListaTgov.Unidades,1,FALSE))),\"Unid. Não Disp\",\n\" \"))))))))))))))))","v":{"$error":"#NAME?"}},{"$f":"IF(C111<=CRONO.NivelExibicao,MAX($AD$15:OFFSET(AD111,-1,0))+IF($C111<>1,1,MAX(1,COUNTIF(QCI!$A$13:$A$24,OFFSET($E111,-1,0)))),\"\")","v":""},{"$f":"IF(AND($C111=\"S\",ORÇAMENTO.CodBarra<>\"\"),IF(ORÇAMENTO.Fonte=\"\",ORÇAMENTO.CodBarra,CONCATENATE(ORÇAMENTO.Fonte,\" \",ORÇAMENTO.CodBarra)))","v":false},{"$f":"IF(ISERROR(INDIRECT(ORÇAMENTO.BancoRef)),\"(abra o arquivo 'Referência \"&Excel_BuiltIn_Database&\".xlsm)\",IF(OR($C111<>\"S\",ORÇAMENTO.CodBarra=\"\"),\"(Sem Código)\",IF(ISERROR(MATCH($AE111,INDIRECT(ORÇAMENTO.BancoRef),0)),\"(Código não identificado nas referências)\",MATCH($AE111,INDIRECT(ORÇAMENTO.BancoRef),0))))","v":"(Sem Código)"},{"$f":"ROUND(IF(DESONERACAO=\"sim\",REFERENCIA.Desonerado,REFERENCIA.NaoDesonerado),2)","v":0},0.26,null,null,null,null,0,0]
["S",3,"S",0,{"$f":"IF($C112=1,OFFSET(E112,-1,0)+MAX(1,COUNTIF(QCI!$A$13:$A$24,OFFSET(ORÇAMENTO!E112,-1,0))),OFFSET(E112,-1,0))","v":1},2,2,0,10,0,{"$f":"IF(OR($C112=\"S\",$C112=0),0,MATCH(OFFSET($D112,0,$C112)+IF($C112<>1,1,COUNTIF(QCI!$A$13:$A$24,ORÇAMENTO!E112)),OFFSET($D112,1,$C112,ROW($C$270)-ROW($C112)),0))","v":0},"","Serviço","Serviço","-","SINAPI",null,{"$f":"IF($C112=\"S\",REFERENCIA.Descricao,\"(digite a descrição aqui)\")","v":"(Sem Código)"},{"$f":"REFERENCIA.Unidade","v":"-"},{"$f":"OFFSET(CÁLCULO!H$15,ROW($T112)-ROW(T$15),0)","v":0},null,"BDI 1",{"$f":"IF($C112=\"S\",ROUND(IF(TIPOORCAMENTO=\"Proposto\",ORÇAMENTO.CustoUnitario*(1+$AH112),ORÇAMENTO.PrecoUnitarioLicitado),15-13*$AF$10),0)","v":0},{"$f":"IF($C112=\"S\",IF(OR(Import.TipoArredondamento<>\"TransfereGOV\",ACOMPANHAMENTO=\"BM\"),VTOTAL1,SUM(OFFSET(CÁLCULO!$AA$15,ROW($X112)-ROW($X$15),1):OFFSET(CÁLCULO!$AL$15,ROW($X112)-ROW($X$15),-1))),IF($C112=0,0,ROUND(SomaAgrup,15-13*$AF$11)))","v":0},"RA","",{"$f":"IF($C112=\"S\",IF($Z112=\"CP\",$X112,IF($Z112=\"RA\",(($X112)*QCI!$AA$3),0)),SomaAgrup)","v":0},0,{"$f":"IF($N112=\"\",\" \",\nIF(AND($C112<>\"S\",OR($R112=\"\",$R112=\"(digite a descrição aqui)\")),\"DESCRIÇÃO\",\nIF(AND($C112=\"S\",OR($Q112<>\"\",$T112>0,$U112>0),$P112=\"\"),\"FONTE\",\nIF(AND($C112=\"S\",$P112<>\"\",OR($T112>0,$U112>0),$Q112=\"\"),\"CÓDIGO\",\nIF(AND($C112=\"S\",$P112<>\"\",$Q112<>\"\",$R112=\"(Código não identificado nas referências)\"),\"CÓDIGO N/ID\",\nIF(AND($C112=\"S\",OR($R112=\"\",$R112=\"(digite a descrição aqui)\"),OR($Q112<>\"\",$T112>0,$U112>0)),\"DESCRIÇÃO\",\nIF(AND($C112=\"S\",$P112<>\"\",$Q112<>\"\",$S112=\"\"),\"UNIDADE\",\nIF(AND($C112=\"S\",$P112<>\"\",$Q112<>\"\",$U112=0),\"SEM CUSTO\",\nIF(AND(_xlfn.SINGLE(TIPOORCAMENTO)=\"Licitado\",$AL112=0,$AN112>0),\"SEM PREÇO\",\nIF(AND($C112=\"S\",$P112<>\"\",$Q112<>\"\",$U112>0,AND($V112<>\"BDI 1\",$V112<>\"BDI 2\",$V112<>\"BDI 3\")),IF(ISNUMBER($V112),\"JUSTIFICAR BDI\",\"BDI\"),\nIF(OR(AND(import.recurso=\"OGU\",TIPOORCAMENTO=\"Proposto\",LEFT($O$8,5)<>\"(N/D:\",$AG112<>\"\",ORÇAMENTO.CustoUnitario>$AG112),AND(TIPOORCAMENTO=\"LICITADO\",ORÇAMENTO.PrecoUnitarioLicitado>$AN112)),\"ACIMA REF.\",\nIF(AND($C112=\"S\",$P112<>\"\",$Q112<>\"\",$T112=0,$U112>0),\"QUANT.\",\nIF(AND(Import.TipoArredondamento=\"TransfereGOV\",$L112=\"F\",$C112=\"S\",LEN($Q112)>13),\"Código >13\",\nIF(AND(Import.TipoArredondamento=\"TransfereGOV\",$L112=\"F\",$C112<>\"S\",LEN($R112)>100),\"Descrição >100\",\nIF(AND(Import.TipoArredondamento=\"TransfereGOV\",$L112=\"F\",$C112=\"S\",LEN($R112)>500),\"Descrição >500\",\nIF(AND(Import.TipoArredondamento=\"TransfereGOV\",$L112=\"F\",$C112=\"S\",LEFT(TRIM(UPPER($P112)),6)<>\"SINAPI\",ISNA(VLOOKUP(TRIM(UPPER($S112)),ListaTgov.Unidades,1,FALSE))),\"Unid. Não Disp\",\n\" \"))))))))))))))))","v":{"$error":"#NAME?"}},{"$f":"IF(C112<=CRONO.NivelExibicao,MAX($AD$15:OFFSET(AD112,-1,0))+IF($C112<>1,1,MAX(1,COUNTIF(QCI!$A$13:$A$24,OFFSET($E112,-1,0)))),\"\")","v":""},{"$f":"IF(AND($C112=\"S\",ORÇAMENTO.CodBarra<>\"\"),IF(ORÇAMENTO.Fonte=\"\",ORÇAMENTO.CodBarra,CONCATENATE(ORÇAMENTO.Fonte,\" \",ORÇAMENTO.CodBarra)))","v":false},{"$f":"IF(ISERROR(INDIRECT(ORÇAMENTO.BancoRef)),\"(abra o arquivo 'Referência \"&Excel_BuiltIn_Database&\".xlsm)\",IF(OR($C112<>\"S\",ORÇAMENTO.CodBarra=\"\"),\"(Sem Código)\",IF(ISERROR(MATCH($AE112,INDIRECT(ORÇAMENTO.BancoRef),0)),\"(Código não identificado nas referências)\",MATCH($AE112,INDIRECT(ORÇAMENTO.BancoRef),0))))","v":"(Sem Código)"},{"$f":"ROUND(IF(DESONERACAO=\"sim\",REFERENCIA.Desonerado,REFERENCIA.NaoDesonerado),2)","v":0},0.26,null,null,null,null,0,0]
["S",3,"S",0,{"$f":"IF($C113=1,OFFSET(E113,-1,0)+MAX(1,COUNTIF(QCI!$A$13:$A$24,OFFSET(ORÇAMENTO!E113,-1,0))),OFFSET(E113,-1,0))","v":1},2,2,0,10,0,{"$f":"IF(OR($C113=\"S\",$C113=0),0,MATCH(OFFSET($D113,0,$C113)+IF($C113<>1,1,COUNTIF(QCI!$A$13:$A$24,ORÇAMENTO!E113)),OFFSET($D113,1,$C113,ROW($C$270)-ROW($C113)),0))","v":0},"","Serviço","Serviço","-","SINAPI",null,{"$f":"IF($C113=\"S\",REFERENCIA.Descricao,\"(digite a descrição aqui)\")","v":"(Sem Código)"},{"$f":"REFERENCIA.Unidade","v":"-"},{"$f":"OFFSET(CÁLCULO!H$15,ROW($T113)-ROW(T$15),0)","v":0},null,"BDI 1",{"$f":"IF($C113=\"S\",ROUND(IF(TIPOORCAMENTO=\"Proposto\",ORÇAMENTO.CustoUnitario*(1+$AH113),ORÇAMENTO.PrecoUnitarioLicitado),15-13*$AF$10),0)","v":0},{"$f":"IF($C113=\"S\",IF(OR(Import.TipoArredondamento<>\"TransfereGOV\",ACOMPANHAMENTO=\"BM\"),VTOTAL1,SUM(OFFSET(CÁLCULO!$AA$15,ROW($X113)-ROW($X$15),1):OFFSET(CÁLCULO!$AL$15,ROW($X113)-ROW($X$15),-1))),IF($C113=0,0,ROUND(SomaAgrup,15-13*$AF$11)))","v":0},"RA","",{"$f":"IF($C113=\"S\",IF($Z113=\"CP\",$X113,IF($Z113=\"RA\",(($X113)*QCI!$AA$3),0)),SomaAgrup)","v":0},0,{"$f":"IF($N113=\"\",\" \",\nIF(AND($C113<>\"S\",OR($R113=\"\",$R113=\"(digite a descrição aqui)\")),\"DESCRIÇÃO\",\nIF(AND($C113=\"S\",OR($Q113<>\"\",$T113>0,$U113>0),$P113=\"\"),\"FONTE\",\nIF(AND($C113=\"S\",$P113<>\"\",OR($T113>0,$U113>0),$Q113=\"\"),\"CÓDIGO\",\nIF(AND($C113=\"S\",$P113<>\"\",$Q113<>\"\",$R113=\"(Código não identificado nas referências)\"),\"CÓDIGO N/ID\",\nIF(AND($C113=\"S\",OR($R113=\"\",$R113=\"(digite a descrição aqui)\"),OR($Q113<>\"\",$T113>0,$U113>0)),\"DESCRIÇÃO\",\nIF(AND($C113=\"S\",$P113<>\"\",$Q113<>\"\",$S113=\"\"),\"UNIDADE\",\nIF(AND($C113=\"S\",$P113<>\"\",$Q113<>\"\",$U113=0),\"SEM CUSTO\",\nIF(AND(_xlfn.SINGLE(TIPOORCAMENTO)=\"Licitado\",$AL113=0,$AN113>0),\"SEM PREÇO\",\nIF(AND($C113=\"S\",$P113<>\"\",$Q113<>\"\",$U113>0,AND($V113<>\"BDI 1\",$V113<>\"BDI 2\",$V113<>\"BDI 3\")),IF(ISNUMBER($V113),\"JUSTIFICAR BDI\",\"BDI\"),\nIF(OR(AND(import.recurso=\"OGU\",TIPOORCAMENTO=\"Proposto\",LEFT($O$8,5)<>\"(N/D:\",$AG113<>\"\",ORÇAMENTO.CustoUnitario>$AG113),AND(TIPOORCAMENTO=\"LICITADO\",ORÇAMENTO.PrecoUnitarioLicitado>$AN113)),\"ACIMA REF.\",\nIF(AND($C113=\"S\",$P113<>\"\",$Q113<>\"\",$T113=0,$U113>0),\"QUANT.\",\nIF(AND(Import.TipoArredondamento=\"TransfereGOV\",$L113=\"F\",$C113=\"S\",LEN($Q113)>13),\"Código >13\",\nIF(AND(Import.TipoArredondamento=\"TransfereGOV\",$L113=\"F\",$C113<>\"S\",LEN($R113)>100),\"Descrição >100\",\nIF(AND(Import.TipoArredondamento=\"TransfereGOV\",$L113=\"F\",$C113=\"S\",LEN($R113)>500),\"Descrição >500\",\nIF(AND(Import.TipoArredondamento=\"TransfereGOV\",$L113=\"F\",$C113=\"S\",LEFT(TRIM(UPPER($P113)),6)<>\"SINAPI\",ISNA(VLOOKUP(TRIM(UPPER($S113)),ListaTgov.Unidades,1,FALSE))),\"Unid. Não Disp\",\n\" \"))))))))))))))))","v":{"$error":"#NAME?"}},{"$f":"IF(C113<=CRONO.NivelExibicao,MAX($AD$15:OFFSET(AD113,-1,0))+IF($C113<>1,1,MAX(1,COUNTIF(QCI!$A$13:$A$24,OFFSET($E113,-1,0)))),\"\")","v":""},{"$f":"IF(AND($C113=\"S\",ORÇAMENTO.CodBarra<>\"\"),IF(ORÇAMENTO.Fonte=\"\",ORÇAMENTO.CodBarra,CONCATENATE(ORÇAMENTO.Fonte,\" \",ORÇAMENTO.CodBarra)))","v":false},{"$f":"IF(ISERROR(INDIRECT(ORÇAMENTO.BancoRef)),\"(abra o arquivo 'Referência \"&Excel_BuiltIn_Database&\".xlsm)\",IF(OR($C113<>\"S\",ORÇAMENTO.CodBarra=\"\"),\"(Sem Código)\",IF(ISERROR(MATCH($AE113,INDIRECT(ORÇAMENTO.BancoRef),0)),\"(Código não identificado nas referências)\",MATCH($AE113,INDIRECT(ORÇAMENTO.BancoRef),0))))","v":"(Sem Código)"},{"$f":"ROUND(IF(DESONERACAO=\"sim\",REFERENCIA.Desonerado,REFERENCIA.NaoDesonerado),2)","v":0},0.26,null,null,null,null,0,0]
["S",3,"S",0,{"$f":"IF($C114=1,OFFSET(E114,-1,0)+MAX(1,COUNTIF(QCI!$A$13:$A$24,OFFSET(ORÇAMENTO!E114,-1,0))),OFFSET(E114,-1,0))","v":1},2,2,0,10,0,{"$f":"IF(OR($C114=\"S\",$C114=0),0,MATCH(OFFSET($D114,0,$C114)+IF($C114<>1,1,COUNTIF(QCI!$A$13:$A$24,ORÇAMENTO!E114)),OFFSET($D114,1,$C114,ROW($C$270)-ROW($C114)),0))","v":0},"","Serviço","Serviço","-","SINAPI",null,{"$f":"IF($C114=\"S\",REFERENCIA.Descricao,\"(digite a descrição aqui)\")","v":"(Sem Código)"},{"$f":"REFERENCIA.Unidade","v":"-"},{"$f":"OFFSET(CÁLCULO!H$15,ROW($T114)-ROW(T$15),0)","v":0},null,"BDI 1",{"$f":"IF($C114=\"S\",ROUND(IF(TIPOORCAMENTO=\"Proposto\",ORÇAMENTO.CustoUnitario*(1+$AH114),ORÇAMENTO.PrecoUnitarioLicitado),15-13*$AF$10),0)","v":0},{"$f":"IF($C114=\"S\",IF(OR(Import.TipoArredondamento<>\"TransfereGOV\",ACOMPANHAMENTO=\"BM\"),VTOTAL1,SUM(OFFSET(CÁLCULO!$AA$15,ROW($X114)-ROW($X$15),1):OFFSET(CÁLCULO!$AL$15,ROW($X114)-ROW($X$15),-1))),IF($C114=0,0,ROUND(SomaAgrup,15-13*$AF$11)))","v":0},"RA","",{"$f":"IF($C114=\"S\",IF($Z114=\"CP\",$X114,IF($Z114=\"RA\",(($X114)*QCI!$AA$3),0)),SomaAgrup)","v":0},0,{"$f":"IF($N114=\"\",\" \",\nIF(AND($C114<>\"S\",OR($R114=\"\",$R114=\"(digite a descrição aqui)\")),\"DESCRIÇÃO\",\nIF(AND($C114=\"S\",OR($Q114<>\"\",$T114>0,$U114>0),$P114=\"\"),\"FONTE\",\nIF(AND($C114=\"S\",$P114<>\"\",OR($T114>0,$U114>0),$Q114=\"\"),\"CÓDIGO\",\nIF(AND($C114=\"S\",$P114<>\"\",$Q114<>\"\",$R114=\"(Código não identificado nas referências)\"),\"CÓDIGO N/ID\",\nIF(AND($C114=\"S\",OR($R114=\"\",$R114=\"(digite a descrição aqui)\"),OR($Q114<>\"\",$T114>0,$U114>0)),\"DESCRIÇÃO\",\nIF(AND($C114=\"S\",$P114<>\"\",$Q114<>\"\",$S114=\"\"),\"UNIDADE\",\nIF(AND($C114=\"S\",$P114<>\"\",$Q114<>\"\",$U114=0),\"SEM CUSTO\",\nIF(AND(_xlfn.SINGLE(TIPOORCAMENTO)=\"Licitado\",$AL114=0,$AN114>0),\"SEM PREÇO\",\nIF(AND($C114=\"S\",$P114<>\"\",$Q114<>\"\",$U114>0,AND($V114<>\"BDI 1\",$V114<>\"BDI 2\",$V114<>\"BDI 3\")),IF(ISNUMBER($V114),\"JUSTIFICAR BDI\",\"BDI\"),\nIF(OR(AND(import.recurso=\"OGU\",TIPOORCAMENTO=\"Proposto\",LEFT($O$8,5)<>\"(N/D:\",$AG114<>\"\",ORÇAMENTO.CustoUnitario>$AG114),AND(TIPOORCAMENTO=\"LICITADO\",ORÇAMENTO.PrecoUnitarioLicitado>$AN114)),\"ACIMA REF.\",\nIF(AND($C114=\"S\",$P114<>\"\",$Q114<>\"\",$T114=0,$U114>0),\"QUANT.\",\nIF(AND(Import.TipoArredondamento=\"TransfereGOV\",$L114=\"F\",$C114=\"S\",LEN($Q114)>13),\"Código >13\",\nIF(AND(Import.TipoArredondamento=\"TransfereGOV\",$L114=\"F\",$C114<>\"S\",LEN($R114)>100),\"Descrição >100\",\nIF(AND(Import.TipoArredondamento=\"TransfereGOV\",$L114=\"F\",$C114=\"S\",LEN($R114)>500),\"Descrição >500\",\nIF(AND(Import.TipoArredondamento=\"TransfereGOV\",$L114=\"F\",$C114=\"S\",LEFT(TRIM(UPPER($P114)),6)<>\"SINAPI\",ISNA(VLOOKUP(TRIM(UPPER($S114)),ListaTgov.Unidades,1,FALSE))),\"Unid. Não Disp\",\n\" \"))))))))))))))))","v":{"$error":"#NAME?"}},{"$f":"IF(C114<=CRONO.NivelExibicao,MAX($AD$15:OFFSET(AD114,-1,0))+IF($C114<>1,1,MAX(1,COUNTIF(QCI!$A$13:$A$24,OFFSET($E114,-1,0)))),\"\")","v":""},{"$f":"IF(AND($C114=\"S\",ORÇAMENTO.CodBarra<>\"\"),IF(ORÇAMENTO.Fonte=\"\",ORÇAMENTO.CodBarra,CONCATENATE(ORÇAMENTO.Fonte,\" \",ORÇAMENTO.CodBarra)))","v":false},{"$f":"IF(ISERROR(INDIRECT(ORÇAMENTO.BancoRef)),\"(abra o arquivo 'Referência \"&Excel_BuiltIn_Database&\".xlsm)\",IF(OR($C114<>\"S\",ORÇAMENTO.CodBarra=\"\"),\"(Sem Código)\",IF(ISERROR(MATCH($AE114,INDIRECT(ORÇAMENTO.BancoRef),0)),\"(Código não identificado nas referências)\",MATCH($AE114,INDIRECT(ORÇAMENTO.BancoRef),0))))","v":"(Sem Código)"},{"$f":"ROUND(IF(DESONERACAO=\"sim\",REFERENCIA.Desonerado,REFERENCIA.NaoDesonerado),2)","v":0},0.26,null,null,null,null,0,0]
["S",3,"S",0,{"$f":"IF($C115=1,OFFSET(E115,-1,0)+MAX(1,COUNTIF(QCI!$A$13:$A$24,OFFSET(ORÇAMENTO!E115,-1,0))),OFFSET(E115,-1,0))","v":1},2,2,0,10,0,{"$f":"IF(OR($C115=\"S\",$C115=0),0,MATCH(OFFSET($D115,0,$C115)+IF($C115<>1,1,COUNTIF(QCI!$A$13:$A$24,ORÇAMENTO!E115)),OFFSET($D115,1,$C115,ROW($C$270)-ROW($C115)),0))","v":0},"","Serviço","Serviço","-","SINAPI",null,{"$f":"IF($C115=\"S\",REFERENCIA.Descricao,\"(digite a descrição aqui)\")","v":"(Sem Código)"},{"$f":"REFERENCIA.Unidade","v":"-"},{"$f":"OFFSET(CÁLCULO!H$15,ROW($T115)-ROW(T$15),0)","v":0},null,"BDI 1",{"$f":"IF($C115=\"S\",ROUND(IF(TIPOORCAMENTO=\"Proposto\",ORÇAMENTO.CustoUnitario*(1+$AH115),ORÇAMENTO.PrecoUnitarioLicitado),15-13*$AF$10),0)","v":0},{"$f":"IF($C115=\"S\",IF(OR(Import.TipoArredondamento<>\"TransfereGOV\",ACOMPANHAMENTO=\"BM\"),VTOTAL1,SUM(OFFSET(CÁLCULO!$AA$15,ROW($X115)-ROW($X$15),1):OFFSET(CÁLCULO!$AL$15,ROW($X115)-ROW($X$15),-1))),IF($C115=0,0,ROUND(SomaAgrup,15-13*$AF$11)))","v":0},"RA","",{"$f":"IF($C115=\"S\",IF($Z115=\"CP\",$X115,IF($Z115=\"RA\",(($X115)*QCI!$AA$3),0)),SomaAgrup)","v":0},0,{"$f":"IF($N115=\"\",\" \",\nIF(AND($C115<>\"S\",OR($R115=\"\",$R115=\"(digite a descrição aqui)\")),\"DESCRIÇÃO\",\nIF(AND($C115=\"S\",OR($Q115<>\"\",$T115>0,$U115>0),$P115=\"\"),\"FONTE\",\nIF(AND($C115=\"S\",$P115<>\"\",OR($T115>0,$U115>0),$Q115=\"\"),\"CÓDIGO\",\nIF(AND($C115=\"S\",$P115<>\"\",$Q115<>\"\",$R115=\"(Código não identificado nas referências)\"),\"CÓDIGO N/ID\",\nIF(AND($C115=\"S\",OR($R115=\"\",$R115=\"(digite a descrição aqui)\"),OR($Q115<>\"\",$T115>0,$U115>0)),\"DESCRIÇÃO\",\nIF(AND($C115=\"S\",$P115<>\"\",$Q115<>\"\",$S115=\"\"),\"UNIDADE\",\nIF(AND($C115=\"S\",$P115<>\"\",$Q115<>\"\",$U115=0),\"SEM CUSTO\",\nIF(AND(_xlfn.SINGLE(TIPOORCAMENTO)=\"Licitado\",$AL115=0,$AN115>0),\"SEM PREÇO\",\nIF(AND($C115=\"S\",$P115<>\"\",$Q115<>\"\",$U115>0,AND($V115<>\"BDI 1\",$V115<>\"BDI 2\",$V115<>\"BDI 3\")),IF(ISNUMBER($V115),\"JUSTIFICAR BDI\",\"BDI\"),\nIF(OR(AND(import.recurso=\"OGU\",TIPOORCAMENTO=\"Proposto\",LEFT($O$8,5)<>\"(N/D:\",$AG115<>\"\",ORÇAMENTO.CustoUnitario>$AG115),AND(TIPOORCAMENTO=\"LICITADO\",ORÇAMENTO.PrecoUnitarioLicitado>$AN115)),\"ACIMA REF.\",\nIF(AND($C115=\"S\",$P115<>\"\",$Q115<>\"\",$T115=0,$U115>0),\"QUANT.\",\nIF(AND(Import.TipoArredondamento=\"TransfereGOV\",$L115=\"F\",$C115=\"S\",LEN($Q115)>13),\"Código >13\",\nIF(AND(Import.TipoArredondamento=\"TransfereGOV\",$L115=\"F\",$C115<>\"S\",LEN($R115)>100),\"Descrição >100\",\nIF(AND(Import.TipoArredondamento=\"TransfereGOV\",$L115=\"F\",$C115=\"S\",LEN($R115)>500),\"Descrição >500\",\nIF(AND(Import.TipoArredondamento=\"TransfereGOV\",$L115=\"F\",$C115=\"S\",LEFT(TRIM(UPPER($P115)),6)<>\"SINAPI\",ISNA(VLOOKUP(TRIM(UPPER($S115)),ListaTgov.Unidades,1,FALSE))),\"Unid. Não Disp\",\n\" \"))))))))))))))))","v":{"$error":"#NAME?"}},{"$f":"IF(C115<=CRONO.NivelExibicao,MAX($AD$15:OFFSET(AD115,-1,0))+IF($C115<>1,1,MAX(1,COUNTIF(QCI!$A$13:$A$24,OFFSET($E115,-1,0)))),\"\")","v":""},{"$f":"IF(AND($C115=\"S\",ORÇAMENTO.CodBarra<>\"\"),IF(ORÇAMENTO.Fonte=\"\",ORÇAMENTO.CodBarra,CONCATENATE(ORÇAMENTO.Fonte,\" \",ORÇAMENTO.CodBarra)))","v":false},{"$f":"IF(ISERROR(INDIRECT(ORÇAMENTO.BancoRef)),\"(abra o arquivo 'Referência \"&Excel_BuiltIn_Database&\".xlsm)\",IF(OR($C115<>\"S\",ORÇAMENTO.CodBarra=\"\"),\"(Sem Código)\",IF(ISERROR(MATCH($AE115,INDIRECT(ORÇAMENTO.BancoRef),0)),\"(Código não identificado nas referências)\",MATCH($AE115,INDIRECT(ORÇAMENTO.BancoRef),0))))","v":"(Sem Código)"},{"$f":"ROUND(IF(DESONERACAO=\"sim\",REFERENCIA.Desonerado,REFERENCIA.NaoDesonerado),2)","v":0},0.26,null,null,null,null,0,0]
["S",3,"S",0,{"$f":"IF($C116=1,OFFSET(E116,-1,0)+MAX(1,COUNTIF(QCI!$A$13:$A$24,OFFSET(ORÇAMENTO!E116,-1,0))),OFFSET(E116,-1,0))","v":1},2,2,0,10,0,{"$f":"IF(OR($C116=\"S\",$C116=0),0,MATCH(OFFSET($D116,0,$C116)+IF($C116<>1,1,COUNTIF(QCI!$A$13:$A$24,ORÇAMENTO!E116)),OFFSET($D116,1,$C116,ROW($C$270)-ROW($C116)),0))","v":0},"","Serviço","Serviço","-","SINAPI",null,{"$f":"IF($C116=\"S\",REFERENCIA.Descricao,\"(digite a descrição aqui)\")","v":"(Sem Código)"},{"$f":"REFERENCIA.Unidade","v":"-"},{"$f":"OFFSET(CÁLCULO!H$15,ROW($T116)-ROW(T$15),0)","v":0},null,"BDI 1",{"$f":"IF($C116=\"S\",ROUND(IF(TIPOORCAMENTO=\"Proposto\",ORÇAMENTO.CustoUnitario*(1+$AH116),ORÇAMENTO.PrecoUnitarioLicitado),15-13*$AF$10),0)","v":0},{"$f":"IF($C116=\"S\",IF(OR(Import.TipoArredondamento<>\"TransfereGOV\",ACOMPANHAMENTO=\"BM\"),VTOTAL1,SUM(OFFSET(CÁLCULO!$AA$15,ROW($X116)-ROW($X$15),1):OFFSET(CÁLCULO!$AL$15,ROW($X116)-ROW($X$15),-1))),IF($C116=0,0,ROUND(SomaAgrup,15-13*$AF$11)))","v":0},"RA","",{"$f":"IF($C116=\"S\",IF($Z116=\"CP\",$X116,IF($Z116=\"RA\",(($X116)*QCI!$AA$3),0)),SomaAgrup)","v":0},0,{"$f":"IF($N116=\"\",\" \",\nIF(AND($C116<>\"S\",OR($R116=\"\",$R116=\"(digite a descrição aqui)\")),\"DESCRIÇÃO\",\nIF(AND($C116=\"S\",OR($Q116<>\"\",$T116>0,$U116>0),$P116=\"\"),\"FONTE\",\nIF(AND($C116=\"S\",$P116<>\"\",OR($T116>0,$U116>0),$Q116=\"\"),\"CÓDIGO\",\nIF(AND($C116=\"S\",$P116<>\"\",$Q116<>\"\",$R116=\"(Código não identificado nas referências)\"),\"CÓDIGO N/ID\",\nIF(AND($C116=\"S\",OR($R116=\"\",$R116=\"(digite a descrição aqui)\"),OR($Q116<>\"\",$T116>0,$U116>0)),\"DESCRIÇÃO\",\nIF(AND($C116=\"S\",$P116<>\"\",$Q116<>\"\",$S116=\"\"),\"UNIDADE\",\nIF(AND($C116=\"S\",$P116<>\"\",$Q116<>\"\",$U116=0),\"SEM CUSTO\",\nIF(AND(_xlfn.SINGLE(TIPOORCAMENTO)=\"Licitado\",$AL116=0,$AN116>0),\"SEM PREÇO\",\nIF(AND($C116=\"S\",$P116<>\"\",$Q116<>\"\",$U116>0,AND($V116<>\"BDI 1\",$V116<>\"BDI 2\",$V116<>\"BDI 3\")),IF(ISNUMBER($V116),\"JUSTIFICAR BDI\",\"BDI\"),\nIF(OR(AND(import.recurso=\"OGU\",TIPOORCAMENTO=\"Proposto\",LEFT($O$8,5)<>\"(N/D:\",$AG116<>\"\",ORÇAMENTO.CustoUnitario>$AG116),AND(TIPOORCAMENTO=\"LICITADO\",ORÇAMENTO.PrecoUnitarioLicitado>$AN116)),\"ACIMA REF.\",\nIF(AND($C116=\"S\",$P116<>\"\",$Q116<>\"\",$T116=0,$U116>0),\"QUANT.\",\nIF(AND(Import.TipoArredondamento=\"TransfereGOV\",$L116=\"F\",$C116=\"S\",LEN($Q116)>13),\"Código >13\",\nIF(AND(Import.TipoArredondamento=\"TransfereGOV\",$L116=\"F\",$C116<>\"S\",LEN($R116)>100),\"Descrição >100\",\nIF(AND(Import.TipoArredondamento=\"TransfereGOV\",$L116=\"F\",$C116=\"S\",LEN($R116)>500),\"Descrição >500\",\nIF(AND(Import.TipoArredondamento=\"TransfereGOV\",$L116=\"F\",$C116=\"S\",LEFT(TRIM(UPPER($P116)),6)<>\"SINAPI\",ISNA(VLOOKUP(TRIM(UPPER($S116)),ListaTgov.Unidades,1,FALSE))),\"Unid. Não Disp\",\n\" \"))))))))))))))))","v":{"$error":"#NAME?"}},{"$f":"IF(C116<=CRONO.NivelExibicao,MAX($AD$15:OFFSET(AD116,-1,0))+IF($C116<>1,1,MAX(1,COUNTIF(QCI!$A$13:$A$24,OFFSET($E116,-1,0)))),\"\")","v":""},{"$f":"IF(AND($C116=\"S\",ORÇAMENTO.CodBarra<>\"\"),IF(ORÇAMENTO.Fonte=\"\",ORÇAMENTO.CodBarra,CONCATENATE(ORÇAMENTO.Fonte,\" \",ORÇAMENTO.CodBarra)))","v":false},{"$f":"IF(ISERROR(INDIRECT(ORÇAMENTO.BancoRef)),\"(abra o arquivo 'Referência \"&Excel_BuiltIn_Database&\".xlsm)\",IF(OR($C116<>\"S\",ORÇAMENTO.CodBarra=\"\"),\"(Sem Código)\",IF(ISERROR(MATCH($AE116,INDIRECT(ORÇAMENTO.BancoRef),0)),\"(Código não identificado nas referências)\",MATCH($AE116,INDIRECT(ORÇAMENTO.BancoRef),0))))","v":"(Sem Código)"},{"$f":"ROUND(IF(DESONERACAO=\"sim\",REFERENCIA.Desonerado,REFERENCIA.NaoDesonerado),2)","v":0},0.26,null,null,null,null,0,0]
["S",3,"S",0,{"$f":"IF($C117=1,OFFSET(E117,-1,0)+MAX(1,COUNTIF(QCI!$A$13:$A$24,OFFSET(ORÇAMENTO!E117,-1,0))),OFFSET(E117,-1,0))","v":1},2,2,0,10,0,{"$f":"IF(OR($C117=\"S\",$C117=0),0,MATCH(OFFSET($D117,0,$C117)+IF($C117<>1,1,COUNTIF(QCI!$A$13:$A$24,ORÇAMENTO!E117)),OFFSET($D117,1,$C117,ROW($C$270)-ROW($C117)),0))","v":0},"","Serviço","Serviço","-","SINAPI",null,{"$f":"IF($C117=\"S\",REFERENCIA.Descricao,\"(digite a descrição aqui)\")","v":"(Sem Código)"},{"$f":"REFERENCIA.Unidade","v":"-"},{"$f":"OFFSET(CÁLCULO!H$15,ROW($T117)-ROW(T$15),0)","v":0},null,"BDI 1",{"$f":"IF($C117=\"S\",ROUND(IF(TIPOORCAMENTO=\"Proposto\",ORÇAMENTO.CustoUnitario*(1+$AH117),ORÇAMENTO.PrecoUnitarioLicitado),15-13*$AF$10),0)","v":0},{"$f":"IF($C117=\"S\",IF(OR(Import.TipoArredondamento<>\"TransfereGOV\",ACOMPANHAMENTO=\"BM\"),VTOTAL1,SUM(OFFSET(CÁLCULO!$AA$15,ROW($X117)-ROW($X$15),1):OFFSET(CÁLCULO!$AL$15,ROW($X117)-ROW($X$15),-1))),IF($C117=0,0,ROUND(SomaAgrup,15-13*$AF$11)))","v":0},"RA","",{"$f":"IF($C117=\"S\",IF($Z117=\"CP\",$X117,IF($Z117=\"RA\",(($X117)*QCI!$AA$3),0)),SomaAgrup)","v":0},0,{"$f":"IF($N117=\"\",\" \",\nIF(AND($C117<>\"S\",OR($R117=\"\",$R117=\"(digite a descrição aqui)\")),\"DESCRIÇÃO\",\nIF(AND($C117=\"S\",OR($Q117<>\"\",$T117>0,$U117>0),$P117=\"\"),\"FONTE\",\nIF(AND($C117=\"S\",$P117<>\"\",OR($T117>0,$U117>0),$Q117=\"\"),\"CÓDIGO\",\nIF(AND($C117=\"S\",$P117<>\"\",$Q117<>\"\",$R117=\"(Código não identificado nas referências)\"),\"CÓDIGO N/ID\",\nIF(AND($C117=\"S\",OR($R117=\"\",$R117=\"(digite a descrição aqui)\"),OR($Q117<>\"\",$T117>0,$U117>0)),\"DESCRIÇÃO\",\nIF(AND($C117=\"S\",$P117<>\"\",$Q117<>\"\",$S117=\"\"),\"UNIDADE\",\nIF(AND($C117=\"S\",$P117<>\"\",$Q117<>\"\",$U117=0),\"SEM CUSTO\",\nIF(AND(_xlfn.SINGLE(TIPOORCAMENTO)=\"Licitado\",$AL117=0,$AN117>0),\"SEM PREÇO\",\nIF(AND($C117=\"S\",$P117<>\"\",$Q117<>\"\",$U117>0,AND($V117<>\"BDI 1\",$V117<>\"BDI 2\",$V117<>\"BDI 3\")),IF(ISNUMBER($V117),\"JUSTIFICAR BDI\",\"BDI\"),\nIF(OR(AND(import.recurso=\"OGU\",TIPOORCAMENTO=\"Proposto\",LEFT($O$8,5)<>\"(N/D:\",$AG117<>\"\",ORÇAMENTO.CustoUnitario>$AG117),AND(TIPOORCAMENTO=\"LICITADO\",ORÇAMENTO.PrecoUnitarioLicitado>$AN117)),\"ACIMA REF.\",\nIF(AND($C117=\"S\",$P117<>\"\",$Q117<>\"\",$T117=0,$U117>0),\"QUANT.\",\nIF(AND(Import.TipoArredondamento=\"TransfereGOV\",$L117=\"F\",$C117=\"S\",LEN($Q117)>13),\"Código >13\",\nIF(AND(Import.TipoArredondamento=\"TransfereGOV\",$L117=\"F\",$C117<>\"S\",LEN($R117)>100),\"Descrição >100\",\nIF(AND(Import.TipoArredondamento=\"TransfereGOV\",$L117=\"F\",$C117=\"S\",LEN($R117)>500),\"Descrição >500\",\nIF(AND(Import.TipoArredondamento=\"TransfereGOV\",$L117=\"F\",$C117=\"S\",LEFT(TRIM(UPPER($P117)),6)<>\"SINAPI\",ISNA(VLOOKUP(TRIM(UPPER($S117)),ListaTgov.Unidades,1,FALSE))),\"Unid. Não Disp\",\n\" \"))))))))))))))))","v":{"$error":"#NAME?"}},{"$f":"IF(C117<=CRONO.NivelExibicao,MAX($AD$15:OFFSET(AD117,-1,0))+IF($C117<>1,1,MAX(1,COUNTIF(QCI!$A$13:$A$24,OFFSET($E117,-1,0)))),\"\")","v":""},{"$f":"IF(AND($C117=\"S\",ORÇAMENTO.CodBarra<>\"\"),IF(ORÇAMENTO.Fonte=\"\",ORÇAMENTO.CodBarra,CONCATENATE(ORÇAMENTO.Fonte,\" \",ORÇAMENTO.CodBarra)))","v":false},{"$f":"IF(ISERROR(INDIRECT(ORÇAMENTO.BancoRef)),\"(abra o arquivo 'Referência \"&Excel_BuiltIn_Database&\".xlsm)\",IF(OR($C117<>\"S\",ORÇAMENTO.CodBarra=\"\"),\"(Sem Código)\",IF(ISERROR(MATCH($AE117,INDIRECT(ORÇAMENTO.BancoRef),0)),\"(Código não identificado nas referências)\",MATCH($AE117,INDIRECT(ORÇAMENTO.BancoRef),0))))","v":"(Sem Código)"},{"$f":"ROUND(IF(DESONERACAO=\"sim\",REFERENCIA.Desonerado,REFERENCIA.NaoDesonerado),2)","v":0},0.26,null,null,null,null,0,0]
["S",3,"S",0,{"$f":"IF($C118=1,OFFSET(E118,-1,0)+MAX(1,COUNTIF(QCI!$A$13:$A$24,OFFSET(ORÇAMENTO!E118,-1,0))),OFFSET(E118,-1,0))","v":1},2,2,0,10,0,{"$f":"IF(OR($C118=\"S\",$C118=0),0,MATCH(OFFSET($D118,0,$C118)+IF($C118<>1,1,COUNTIF(QCI!$A$13:$A$24,ORÇAMENTO!E118)),OFFSET($D118,1,$C118,ROW($C$270)-ROW($C118)),0))","v":0},"","Serviço","Serviço","-","SINAPI",null,{"$f":"IF($C118=\"S\",REFERENCIA.Descricao,\"(digite a descrição aqui)\")","v":"(Sem Código)"},{"$f":"REFERENCIA.Unidade","v":"-"},{"$f":"OFFSET(CÁLCULO!H$15,ROW($T118)-ROW(T$15),0)","v":0},null,"BDI 1",{"$f":"IF($C118=\"S\",ROUND(IF(TIPOORCAMENTO=\"Proposto\",ORÇAMENTO.CustoUnitario*(1+$AH118),ORÇAMENTO.PrecoUnitarioLicitado),15-13*$AF$10),0)","v":0},{"$f":"IF($C118=\"S\",IF(OR(Import.TipoArredondamento<>\"TransfereGOV\",ACOMPANHAMENTO=\"BM\"),VTOTAL1,SUM(OFFSET(CÁLCULO!$AA$15,ROW($X118)-ROW($X$15),1):OFFSET(CÁLCULO!$AL$15,ROW($X118)-ROW($X$15),-1))),IF($C118=0,0,ROUND(SomaAgrup,15-13*$AF$11)))","v":0},"RA","",{"$f":"IF($C118=\"S\",IF($Z118=\"CP\",$X118,IF($Z118=\"RA\",(($X118)*QCI!$AA$3),0)),SomaAgrup)","v":0},0,{"$f":"IF($N118=\"\",\" \",\nIF(AND($C118<>\"S\",OR($R118=\"\",$R118=\"(digite a descrição aqui)\")),\"DESCRIÇÃO\",\nIF(AND($C118=\"S\",OR($Q118<>\"\",$T118>0,$U118>0),$P118=\"\"),\"FONTE\",\nIF(AND($C118=\"S\",$P118<>\"\",OR($T118>0,$U118>0),$Q118=\"\"),\"CÓDIGO\",\nIF(AND($C118=\"S\",$P118<>\"\",$Q118<>\"\",$R118=\"(Código não identificado nas referências)\"),\"CÓDIGO N/ID\",\nIF(AND($C118=\"S\",OR($R118=\"\",$R118=\"(digite a descrição aqui)\"),OR($Q118<>\"\",$T118>0,$U118>0)),\"DESCRIÇÃO\",\nIF(AND($C118=\"S\",$P118<>\"\",$Q118<>\"\",$S118=\"\"),\"UNIDADE\",\nIF(AND($C118=\"S\",$P118<>\"\",$Q118<>\"\",$U118=0),\"SEM CUSTO\",\nIF(AND(_xlfn.SINGLE(TIPOORCAMENTO)=\"Licitado\",$AL118=0,$AN118>0),\"SEM PREÇO\",\nIF(AND($C118=\"S\",$P118<>\"\",$Q118<>\"\",$U118>0,AND($V118<>\"BDI 1\",$V118<>\"BDI 2\",$V118<>\"BDI 3\")),IF(ISNUMBER($V118),\"JUSTIFICAR BDI\",\"BDI\"),\nIF(OR(AND(import.recurso=\"OGU\",TIPOORCAMENTO=\"Proposto\",LEFT($O$8,5)<>\"(N/D:\",$AG118<>\"\",ORÇAMENTO.CustoUnitario>$AG118),AND(TIPOORCAMENTO=\"LICITADO\",ORÇAMENTO.PrecoUnitarioLicitado>$AN118)),\"ACIMA REF.\",\nIF(AND($C118=\"S\",$P118<>\"\",$Q118<>\"\",$T118=0,$U118>0),\"QUANT.\",\nIF(AND(Import.TipoArredondamento=\"TransfereGOV\",$L118=\"F\",$C118=\"S\",LEN($Q118)>13),\"Código >13\",\nIF(AND(Import.TipoArredondamento=\"TransfereGOV\",$L118=\"F\",$C118<>\"S\",LEN($R118)>100),\"Descrição >100\",\nIF(AND(Import.TipoArredondamento=\"TransfereGOV\",$L118=\"F\",$C118=\"S\",LEN($R118)>500),\"Descrição >500\",\nIF(AND(Import.TipoArredondamento=\"TransfereGOV\",$L118=\"F\",$C118=\"S\",LEFT(TRIM(UPPER($P118)),6)<>\"SINAPI\",ISNA(VLOOKUP(TRIM(UPPER($S118)),ListaTgov.Unidades,1,FALSE))),\"Unid. Não Disp\",\n\" \"))))))))))))))))","v":{"$error":"#NAME?"}},{"$f":"IF(C118<=CRONO.NivelExibicao,MAX($AD$15:OFFSET(AD118,-1,0))+IF($C118<>1,1,MAX(1,COUNTIF(QCI!$A$13:$A$24,OFFSET($E118,-1,0)))),\"\")","v":""},{"$f":"IF(AND($C118=\"S\",ORÇAMENTO.CodBarra<>\"\"),IF(ORÇAMENTO.Fonte=\"\",ORÇAMENTO.CodBarra,CONCATENATE(ORÇAMENTO.Fonte,\" \",ORÇAMENTO.CodBarra)))","v":false},{"$f":"IF(ISERROR(INDIRECT(ORÇAMENTO.BancoRef)),\"(abra o arquivo 'Referência \"&Excel_BuiltIn_Database&\".xlsm)\",IF(OR($C118<>\"S\",ORÇAMENTO.CodBarra=\"\"),\"(Sem Código)\",IF(ISERROR(MATCH($AE118,INDIRECT(ORÇAMENTO.BancoRef),0)),\"(Código não identificado nas referências)\",MATCH($AE118,INDIRECT(ORÇAMENTO.BancoRef),0))))","v":"(Sem Código)"},{"$f":"ROUND(IF(DESONERACAO=\"sim\",REFERENCIA.Desonerado,REFERENCIA.NaoDesonerado),2)","v":0},0.26,null,null,null,null,0,0]
["S",3,"S",0,{"$f":"IF($C119=1,OFFSET(E119,-1,0)+MAX(1,COUNTIF(QCI!$A$13:$A$24,OFFSET(ORÇAMENTO!E119,-1,0))),OFFSET(E119,-1,0))","v":1},2,2,0,10,0,{"$f":"IF(OR($C119=\"S\",$C119=0),0,MATCH(OFFSET($D119,0,$C119)+IF($C119<>1,1,COUNTIF(QCI!$A$13:$A$24,ORÇAMENTO!E119)),OFFSET($D119,1,$C119,ROW($C$270)-ROW($C119)),0))","v":0},"","Serviço","Serviço","-","SINAPI",null,{"$f":"IF($C119=\"S\",REFERENCIA.Descricao,\"(digite a descrição aqui)\")","v":"(Sem Código)"},{"$f":"REFERENCIA.Unidade","v":"-"},{"$f":"OFFSET(CÁLCULO!H$15,ROW($T119)-ROW(T$15),0)","v":0},null,"BDI 1",{"$f":"IF($C119=\"S\",ROUND(IF(TIPOORCAMENTO=\"Proposto\",ORÇAMENTO.CustoUnitario*(1+$AH119),ORÇAMENTO.PrecoUnitarioLicitado),15-13*$AF$10),0)","v":0},{"$f":"IF($C119=\"S\",IF(OR(Import.TipoArredondamento<>\"TransfereGOV\",ACOMPANHAMENTO=\"BM\"),VTOTAL1,SUM(OFFSET(CÁLCULO!$AA$15,ROW($X119)-ROW($X$15),1):OFFSET(CÁLCULO!$AL$15,ROW($X119)-ROW($X$15),-1))),IF($C119=0,0,ROUND(SomaAgrup,15-13*$AF$11)))","v":0},"RA","",{"$f":"IF($C119=\"S\",IF($Z119=\"CP\",$X119,IF($Z119=\"RA\",(($X119)*QCI!$AA$3),0)),SomaAgrup)","v":0},0,{"$f":"IF($N119=\"\",\" \",\nIF(AND($C119<>\"S\",OR($R119=\"\",$R119=\"(digite a descrição aqui)\")),\"DESCRIÇÃO\",\nIF(AND($C119=\"S\",OR($Q119<>\"\",$T119>0,$U119>0),$P119=\"\"),\"FONTE\",\nIF(AND($C119=\"S\",$P119<>\"\",OR($T119>0,$U119>0),$Q119=\"\"),\"CÓDIGO\",\nIF(AND($C119=\"S\",$P119<>\"\",$Q119<>\"\",$R119=\"(Código não identificado nas referências)\"),\"CÓDIGO N/ID\",\nIF(AND($C119=\"S\",OR($R119=\"\",$R119=\"(digite a descrição aqui)\"),OR($Q119<>\"\",$T119>0,$U119>0)),\"DESCRIÇÃO\",\nIF(AND($C119=\"S\",$P119<>\"\",$Q119<>\"\",$S119=\"\"),\"UNIDADE\",\nIF(AND($C119=\"S\",$P119<>\"\",$Q119<>\"\",$U119=0),\"SEM CUSTO\",\nIF(AND(_xlfn.SINGLE(TIPOORCAMENTO)=\"Licitado\",$AL119=0,$AN119>0),\"SEM PREÇO\",\nIF(AND($C119=\"S\",$P119<>\"\",$Q119<>\"\",$U119>0,AND($V119<>\"BDI 1\",$V119<>\"BDI 2\",$V119<>\"BDI 3\")),IF(ISNUMBER($V119),\"JUSTIFICAR BDI\",\"BDI\"),\nIF(OR(AND(import.recurso=\"OGU\",TIPOORCAMENTO=\"Proposto\",LEFT($O$8,5)<>\"(N/D:\",$AG119<>\"\",ORÇAMENTO.CustoUnitario>$AG119),AND(TIPOORCAMENTO=\"LICITADO\",ORÇAMENTO.PrecoUnitarioLicitado>$AN119)),\"ACIMA REF.\",\nIF(AND($C119=\"S\",$P119<>\"\",$Q119<>\"\",$T119=0,$U119>0),\"QUANT.\",\nIF(AND(Import.TipoArredondamento=\"TransfereGOV\",$L119=\"F\",$C119=\"S\",LEN($Q119)>13),\"Código >13\",\nIF(AND(Import.TipoArredondamento=\"TransfereGOV\",$L119=\"F\",$C119<>\"S\",LEN($R119)>100),\"Descrição >100\",\nIF(AND(Import.TipoArredondamento=\"TransfereGOV\",$L119=\"F\",$C119=\"S\",LEN($R119)>500),\"Descrição >500\",\nIF(AND(Import.TipoArredondamento=\"TransfereGOV\",$L119=\"F\",$C119=\"S\",LEFT(TRIM(UPPER($P119)),6)<>\"SINAPI\",ISNA(VLOOKUP(TRIM(UPPER($S119)),ListaTgov.Unidades,1,FALSE))),\"Unid. Não Disp\",\n\" \"))))))))))))))))","v":{"$error":"#NAME?"}},{"$f":"IF(C119<=CRONO.NivelExibicao,MAX($AD$15:OFFSET(AD119,-1,0))+IF($C119<>1,1,MAX(1,COUNTIF(QCI!$A$13:$A$24,OFFSET($E119,-1,0)))),\"\")","v":""},{"$f":"IF(AND($C119=\"S\",ORÇAMENTO.CodBarra<>\"\"),IF(ORÇAMENTO.Fonte=\"\",ORÇAMENTO.CodBarra,CONCATENATE(ORÇAMENTO.Fonte,\" \",ORÇAMENTO.CodBarra)))","v":false},{"$f":"IF(ISERROR(INDIRECT(ORÇAMENTO.BancoRef)),\"(abra o arquivo 'Referência \"&Excel_BuiltIn_Database&\".xlsm)\",IF(OR($C119<>\"S\",ORÇAMENTO.CodBarra=\"\"),\"(Sem Código)\",IF(ISERROR(MATCH($AE119,INDIRECT(ORÇAMENTO.BancoRef),0)),\"(Código não identificado nas referências)\",MATCH($AE119,INDIRECT(ORÇAMENTO.BancoRef),0))))","v":"(Sem Código)"},{"$f":"ROUND(IF(DESONERACAO=\"sim\",REFERENCIA.Desonerado,REFERENCIA.NaoDesonerado),2)","v":0},0.26,null,null,null,null,0,0]
["S",3,"S",0,{"$f":"IF($C120=1,OFFSET(E120,-1,0)+MAX(1,COUNTIF(QCI!$A$13:$A$24,OFFSET(ORÇAMENTO!E120,-1,0))),OFFSET(E120,-1,0))","v":1},2,2,0,10,0,{"$f":"IF(OR($C120=\"S\",$C120=0),0,MATCH(OFFSET($D120,0,$C120)+IF($C120<>1,1,COUNTIF(QCI!$A$13:$A$24,ORÇAMENTO!E120)),OFFSET($D120,1,$C120,ROW($C$270)-ROW($C120)),0))","v":0},"","Serviço","Serviço","-","SINAPI",null,{"$f":"IF($C120=\"S\",REFERENCIA.Descricao,\"(digite a descrição aqui)\")","v":"(Sem Código)"},{"$f":"REFERENCIA.Unidade","v":"-"},{"$f":"OFFSET(CÁLCULO!H$15,ROW($T120)-ROW(T$15),0)","v":0},null,"BDI 1",{"$f":"IF($C120=\"S\",ROUND(IF(TIPOORCAMENTO=\"Proposto\",ORÇAMENTO.CustoUnitario*(1+$AH120),ORÇAMENTO.PrecoUnitarioLicitado),15-13*$AF$10),0)","v":0},{"$f":"IF($C120=\"S\",IF(OR(Import.TipoArredondamento<>\"TransfereGOV\",ACOMPANHAMENTO=\"BM\"),VTOTAL1,SUM(OFFSET(CÁLCULO!$AA$15,ROW($X120)-ROW($X$15),1):OFFSET(CÁLCULO!$AL$15,ROW($X120)-ROW($X$15),-1))),IF($C120=0,0,ROUND(SomaAgrup,15-13*$AF$11)))","v":0},"RA","",{"$f":"IF($C120=\"S\",IF($Z120=\"CP\",$X120,IF($Z120=\"RA\",(($X120)*QCI!$AA$3),0)),SomaAgrup)","v":0},0,{"$f":"IF($N120=\"\",\" \",\nIF(AND($C120<>\"S\",OR($R120=\"\",$R120=\"(digite a descrição aqui)\")),\"DESCRIÇÃO\",\nIF(AND($C120=\"S\",OR($Q120<>\"\",$T120>0,$U120>0),$P120=\"\"),\"FONTE\",\nIF(AND($C120=\"S\",$P120<>\"\",OR($T120>0,$U120>0),$Q120=\"\"),\"CÓDIGO\",\nIF(AND($C120=\"S\",$P120<>\"\",$Q120<>\"\",$R120=\"(Código não identificado nas referências)\"),\"CÓDIGO N/ID\",\nIF(AND($C120=\"S\",OR($R120=\"\",$R120=\"(digite a descrição aqui)\"),OR($Q120<>\"\",$T120>0,$U120>0)),\"DESCRIÇÃO\",\nIF(AND($C120=\"S\",$P120<>\"\",$Q120<>\"\",$S120=\"\"),\"UNIDADE\",\nIF(AND($C120=\"S\",$P120<>\"\",$Q120<>\"\",$U120=0),\"SEM CUSTO\",\nIF(AND(_xlfn.SINGLE(TIPOORCAMENTO)=\"Licitado\",$AL120=0,$AN120>0),\"SEM PREÇO\",\nIF(AND($C120=\"S\",$P120<>\"\",$Q120<>\"\",$U120>0,AND($V120<>\"BDI 1\",$V120<>\"BDI 2\",$V120<>\"BDI 3\")),IF(ISNUMBER($V120),\"JUSTIFICAR BDI\",\"BDI\"),\nIF(OR(AND(import.recurso=\"OGU\",TIPOORCAMENTO=\"Proposto\",LEFT($O$8,5)<>\"(N/D:\",$AG120<>\"\",ORÇAMENTO.CustoUnitario>$AG120),AND(TIPOORCAMENTO=\"LICITADO\",ORÇAMENTO.PrecoUnitarioLicitado>$AN120)),\"ACIMA REF.\",\nIF(AND($C120=\"S\",$P120<>\"\",$Q120<>\"\",$T120=0,$U120>0),\"QUANT.\",\nIF(AND(Import.TipoArredondamento=\"TransfereGOV\",$L120=\"F\",$C120=\"S\",LEN($Q120)>13),\"Código >13\",\nIF(AND(Import.TipoArredondamento=\"TransfereGOV\",$L120=\"F\",$C120<>\"S\",LEN($R120)>100),\"Descrição >100\",\nIF(AND(Import.TipoArredondamento=\"TransfereGOV\",$L120=\"F\",$C120=\"S\",LEN($R120)>500),\"Descrição >500\",\nIF(AND(Import.TipoArredondamento=\"TransfereGOV\",$L120=\"F\",$C120=\"S\",LEFT(TRIM(UPPER($P120)),6)<>\"SINAPI\",ISNA(VLOOKUP(TRIM(UPPER($S120)),ListaTgov.Unidades,1,FALSE))),\"Unid. Não Disp\",\n\" \"))))))))))))))))","v":{"$error":"#NAME?"}},{"$f":"IF(C120<=CRONO.NivelExibicao,MAX($AD$15:OFFSET(AD120,-1,0))+IF($C120<>1,1,MAX(1,COUNTIF(QCI!$A$13:$A$24,OFFSET($E120,-1,0)))),\"\")","v":""},{"$f":"IF(AND($C120=\"S\",ORÇAMENTO.CodBarra<>\"\"),IF(ORÇAMENTO.Fonte=\"\",ORÇAMENTO.CodBarra,CONCATENATE(ORÇAMENTO.Fonte,\" \",ORÇAMENTO.CodBarra)))","v":false},{"$f":"IF(ISERROR(INDIRECT(ORÇAMENTO.BancoRef)),\"(abra o arquivo 'Referência \"&Excel_BuiltIn_Database&\".xlsm)\",IF(OR($C120<>\"S\",ORÇAMENTO.CodBarra=\"\"),\"(Sem Código)\",IF(ISERROR(MATCH($AE120,INDIRECT(ORÇAMENTO.BancoRef),0)),\"(Código não identificado nas referências)\",MATCH($AE120,INDIRECT(ORÇAMENTO.BancoRef),0))))","v":"(Sem Código)"},{"$f":"ROUND(IF(DESONERACAO=\"sim\",REFERENCIA.Desonerado,REFERENCIA.NaoDesonerado),2)","v":0},0.26,null,null,null,null,0,0]
["S",3,"S",0,{"$f":"IF($C121=1,OFFSET(E121,-1,0)+MAX(1,COUNTIF(QCI!$A$13:$A$24,OFFSET(ORÇAMENTO!E121,-1,0))),OFFSET(E121,-1,0))","v":1},2,2,0,10,0,{"$f":"IF(OR($C121=\"S\",$C121=0),0,MATCH(OFFSET($D121,0,$C121)+IF($C121<>1,1,COUNTIF(QCI!$A$13:$A$24,ORÇAMENTO!E121)),OFFSET($D121,1,$C121,ROW($C$270)-ROW($C121)),0))","v":0},"","Serviço","Serviço","-","SINAPI",null,{"$f":"IF($C121=\"S\",REFERENCIA.Descricao,\"(digite a descrição aqui)\")","v":"(Sem Código)"},{"$f":"REFERENCIA.Unidade","v":"-"},{"$f":"OFFSET(CÁLCULO!H$15,ROW($T121)-ROW(T$15),0)","v":0},null,"BDI 1",{"$f":"IF($C121=\"S\",ROUND(IF(TIPOORCAMENTO=\"Proposto\",ORÇAMENTO.CustoUnitario*(1+$AH121),ORÇAMENTO.PrecoUnitarioLicitado),15-13*$AF$10),0)","v":0},{"$f":"IF($C121=\"S\",IF(OR(Import.TipoArredondamento<>\"TransfereGOV\",ACOMPANHAMENTO=\"BM\"),VTOTAL1,SUM(OFFSET(CÁLCULO!$AA$15,ROW($X121)-ROW($X$15),1):OFFSET(CÁLCULO!$AL$15,ROW($X121)-ROW($X$15),-1))),IF($C121=0,0,ROUND(SomaAgrup,15-13*$AF$11)))","v":0},"RA","",{"$f":"IF($C121=\"S\",IF($Z121=\"CP\",$X121,IF($Z121=\"RA\",(($X121)*QCI!$AA$3),0)),SomaAgrup)","v":0},0,{"$f":"IF($N121=\"\",\" \",\nIF(AND($C121<>\"S\",OR($R121=\"\",$R121=\"(digite a descrição aqui)\")),\"DESCRIÇÃO\",\nIF(AND($C121=\"S\",OR($Q121<>\"\",$T121>0,$U121>0),$P121=\"\"),\"FONTE\",\nIF(AND($C121=\"S\",$P121<>\"\",OR($T121>0,$U121>0),$Q121=\"\"),\"CÓDIGO\",\nIF(AND($C121=\"S\",$P121<>\"\",$Q121<>\"\",$R121=\"(Código não identificado nas referências)\"),\"CÓDIGO N/ID\",\nIF(AND($C121=\"S\",OR($R121=\"\",$R121=\"(digite a descrição aqui)\"),OR($Q121<>\"\",$T121>0,$U121>0)),\"DESCRIÇÃO\",\nIF(AND($C121=\"S\",$P121<>\"\",$Q121<>\"\",$S121=\"\"),\"UNIDADE\",\nIF(AND($C121=\"S\",$P121<>\"\",$Q121<>\"\",$U121=0),\"SEM CUSTO\",\nIF(AND(_xlfn.SINGLE(TIPOORCAMENTO)=\"Licitado\",$AL121=0,$AN121>0),\"SEM PREÇO\",\nIF(AND($C121=\"S\",$P121<>\"\",$Q121<>\"\",$U121>0,AND($V121<>\"BDI 1\",$V121<>\"BDI 2\",$V121<>\"BDI 3\")),IF(ISNUMBER($V121),\"JUSTIFICAR BDI\",\"BDI\"),\nIF(OR(AND(import.recurso=\"OGU\",TIPOORCAMENTO=\"Proposto\",LEFT($O$8,5)<>\"(N/D:\",$AG121<>\"\",ORÇAMENTO.CustoUnitario>$AG121),AND(TIPOORCAMENTO=\"LICITADO\",ORÇAMENTO.PrecoUnitarioLicitado>$AN121)),\"ACIMA REF.\",\nIF(AND($C121=\"S\",$P121<>\"\",$Q121<>\"\",$T121=0,$U121>0),\"QUANT.\",\nIF(AND(Import.TipoArredondamento=\"TransfereGOV\",$L121=\"F\",$C121=\"S\",LEN($Q121)>13),\"Código >13\",\nIF(AND(Import.TipoArredondamento=\"TransfereGOV\",$L121=\"F\",$C121<>\"S\",LEN($R121)>100),\"Descrição >100\",\nIF(AND(Import.TipoArredondamento=\"TransfereGOV\",$L121=\"F\",$C121=\"S\",LEN($R121)>500),\"Descrição >500\",\nIF(AND(Import.TipoArredondamento=\"TransfereGOV\",$L121=\"F\",$C121=\"S\",LEFT(TRIM(UPPER($P121)),6)<>\"SINAPI\",ISNA(VLOOKUP(TRIM(UPPER($S121)),ListaTgov.Unidades,1,FALSE))),\"Unid. Não Disp\",\n\" \"))))))))))))))))","v":{"$error":"#NAME?"}},{"$f":"IF(C121<=CRONO.NivelExibicao,MAX($AD$15:OFFSET(AD121,-1,0))+IF($C121<>1,1,MAX(1,COUNTIF(QCI!$A$13:$A$24,OFFSET($E121,-1,0)))),\"\")","v":""},{"$f":"IF(AND($C121=\"S\",ORÇAMENTO.CodBarra<>\"\"),IF(ORÇAMENTO.Fonte=\"\",ORÇAMENTO.CodBarra,CONCATENATE(ORÇAMENTO.Fonte,\" \",ORÇAMENTO.CodBarra)))","v":false},{"$f":"IF(ISERROR(INDIRECT(ORÇAMENTO.BancoRef)),\"(abra o arquivo 'Referência \"&Excel_BuiltIn_Database&\".xlsm)\",IF(OR($C121<>\"S\",ORÇAMENTO.CodBarra=\"\"),\"(Sem Código)\",IF(ISERROR(MATCH($AE121,INDIRECT(ORÇAMENTO.BancoRef),0)),\"(Código não identificado nas referências)\",MATCH($AE121,INDIRECT(ORÇAMENTO.BancoRef),0))))","v":"(Sem Código)"},{"$f":"ROUND(IF(DESONERACAO=\"sim\",REFERENCIA.Desonerado,REFERENCIA.NaoDesonerado),2)","v":0},0.26,null,null,null,null,0,0]
["S",3,"S",0,{"$f":"IF($C122=1,OFFSET(E122,-1,0)+MAX(1,COUNTIF(QCI!$A$13:$A$24,OFFSET(ORÇAMENTO!E122,-1,0))),OFFSET(E122,-1,0))","v":1},2,2,0,10,0,{"$f":"IF(OR($C122=\"S\",$C122=0),0,MATCH(OFFSET($D122,0,$C122)+IF($C122<>1,1,COUNTIF(QCI!$A$13:$A$24,ORÇAMENTO!E122)),OFFSET($D122,1,$C122,ROW($C$270)-ROW($C122)),0))","v":0},"","Serviço","Serviço","-","SINAPI",null,{"$f":"IF($C122=\"S\",REFERENCIA.Descricao,\"(digite a descrição aqui)\")","v":"(Sem Código)"},{"$f":"REFERENCIA.Unidade","v":"-"},{"$f":"OFFSET(CÁLCULO!H$15,ROW($T122)-ROW(T$15),0)","v":0},null,"BDI 1",{"$f":"IF($C122=\"S\",ROUND(IF(TIPOORCAMENTO=\"Proposto\",ORÇAMENTO.CustoUnitario*(1+$AH122),ORÇAMENTO.PrecoUnitarioLicitado),15-13*$AF$10),0)","v":0},{"$f":"IF($C122=\"S\",IF(OR(Import.TipoArredondamento<>\"TransfereGOV\",ACOMPANHAMENTO=\"BM\"),VTOTAL1,SUM(OFFSET(CÁLCULO!$AA$15,ROW($X122)-ROW($X$15),1):OFFSET(CÁLCULO!$AL$15,ROW($X122)-ROW($X$15),-1))),IF($C122=0,0,ROUND(SomaAgrup,15-13*$AF$11)))","v":0},"RA","",{"$f":"IF($C122=\"S\",IF($Z122=\"CP\",$X122,IF($Z122=\"RA\",(($X122)*QCI!$AA$3),0)),SomaAgrup)","v":0},0,{"$f":"IF($N122=\"\",\" \",\nIF(AND($C122<>\"S\",OR($R122=\"\",$R122=\"(digite a descrição aqui)\")),\"DESCRIÇÃO\",\nIF(AND($C122=\"S\",OR($Q122<>\"\",$T122>0,$U122>0),$P122=\"\"),\"FONTE\",\nIF(AND($C122=\"S\",$P122<>\"\",OR($T122>0,$U122>0),$Q122=\"\"),\"CÓDIGO\",\nIF(AND($C122=\"S\",$P122<>\"\",$Q122<>\"\",$R122=\"(Código não identificado nas referências)\"),\"CÓDIGO N/ID\",\nIF(AND($C122=\"S\",OR($R122=\"\",$R122=\"(digite a descrição aqui)\"),OR($Q122<>\"\",$T122>0,$U122>0)),\"DESCRIÇÃO\",\nIF(AND($C122=\"S\",$P122<>\"\",$Q122<>\"\",$S122=\"\"),\"UNIDADE\",\nIF(AND($C122=\"S\",$P122<>\"\",$Q122<>\"\",$U122=0),\"SEM CUSTO\",\nIF(AND(_xlfn.SINGLE(TIPOORCAMENTO)=\"Licitado\",$AL122=0,$AN122>0),\"SEM PREÇO\",\nIF(AND($C122=\"S\",$P122<>\"\",$Q122<>\"\",$U122>0,AND($V122<>\"BDI 1\",$V122<>\"BDI 2\",$V122<>\"BDI 3\")),IF(ISNUMBER($V122),\"JUSTIFICAR BDI\",\"BDI\"),\nIF(OR(AND(import.recurso=\"OGU\",TIPOORCAMENTO=\"Proposto\",LEFT($O$8,5)<>\"(N/D:\",$AG122<>\"\",ORÇAMENTO.CustoUnitario>$AG122),AND(TIPOORCAMENTO=\"LICITADO\",ORÇAMENTO.PrecoUnitarioLicitado>$AN122)),\"ACIMA REF.\",\nIF(AND($C122=\"S\",$P122<>\"\",$Q122<>\"\",$T122=0,$U122>0),\"QUANT.\",\nIF(AND(Import.TipoArredondamento=\"TransfereGOV\",$L122=\"F\",$C122=\"S\",LEN($Q122)>13),\"Código >13\",\nIF(AND(Import.TipoArredondamento=\"TransfereGOV\",$L122=\"F\",$C122<>\"S\",LEN($R122)>100),\"Descrição >100\",\nIF(AND(Import.TipoArredondamento=\"TransfereGOV\",$L122=\"F\",$C122=\"S\",LEN($R122)>500),\"Descrição >500\",\nIF(AND(Import.TipoArredondamento=\"TransfereGOV\",$L122=\"F\",$C122=\"S\",LEFT(TRIM(UPPER($P122)),6)<>\"SINAPI\",ISNA(VLOOKUP(TRIM(UPPER($S122)),ListaTgov.Unidades,1,FALSE))),\"Unid. Não Disp\",\n\" \"))))))))))))))))","v":{"$error":"#NAME?"}},{"$f":"IF(C122<=CRONO.NivelExibicao,MAX($AD$15:OFFSET(AD122,-1,0))+IF($C122<>1,1,MAX(1,COUNTIF(QCI!$A$13:$A$24,OFFSET($E122,-1,0)))),\"\")","v":""},{"$f":"IF(AND($C122=\"S\",ORÇAMENTO.CodBarra<>\"\"),IF(ORÇAMENTO.Fonte=\"\",ORÇAMENTO.CodBarra,CONCATENATE(ORÇAMENTO.Fonte,\" \",ORÇAMENTO.CodBarra)))","v":false},{"$f":"IF(ISERROR(INDIRECT(ORÇAMENTO.BancoRef)),\"(abra o arquivo 'Referência \"&Excel_BuiltIn_Database&\".xlsm)\",IF(OR($C122<>\"S\",ORÇAMENTO.CodBarra=\"\"),\"(Sem Código)\",IF(ISERROR(MATCH($AE122,INDIRECT(ORÇAMENTO.BancoRef),0)),\"(Código não identificado nas referências)\",MATCH($AE122,INDIRECT(ORÇAMENTO.BancoRef),0))))","v":"(Sem Código)"},{"$f":"ROUND(IF(DESONERACAO=\"sim\",REFERENCIA.Desonerado,REFERENCIA.NaoDesonerado),2)","v":0},0.26,null,null,null,null,0,0]
["S",3,"S",0,{"$f":"IF($C123=1,OFFSET(E123,-1,0)+MAX(1,COUNTIF(QCI!$A$13:$A$24,OFFSET(ORÇAMENTO!E123,-1,0))),OFFSET(E123,-1,0))","v":1},2,2,0,10,0,{"$f":"IF(OR($C123=\"S\",$C123=0),0,MATCH(OFFSET($D123,0,$C123)+IF($C123<>1,1,COUNTIF(QCI!$A$13:$A$24,ORÇAMENTO!E123)),OFFSET($D123,1,$C123,ROW($C$270)-ROW($C123)),0))","v":0},"","Serviço","Serviço","-","SINAPI",null,{"$f":"IF($C123=\"S\",REFERENCIA.Descricao,\"(digite a descrição aqui)\")","v":"(Sem Código)"},{"$f":"REFERENCIA.Unidade","v":"-"},{"$f":"OFFSET(CÁLCULO!H$15,ROW($T123)-ROW(T$15),0)","v":0},null,"BDI 1",{"$f":"IF($C123=\"S\",ROUND(IF(TIPOORCAMENTO=\"Proposto\",ORÇAMENTO.CustoUnitario*(1+$AH123),ORÇAMENTO.PrecoUnitarioLicitado),15-13*$AF$10),0)","v":0},{"$f":"IF($C123=\"S\",IF(OR(Import.TipoArredondamento<>\"TransfereGOV\",ACOMPANHAMENTO=\"BM\"),VTOTAL1,SUM(OFFSET(CÁLCULO!$AA$15,ROW($X123)-ROW($X$15),1):OFFSET(CÁLCULO!$AL$15,ROW($X123)-ROW($X$15),-1))),IF($C123=0,0,ROUND(SomaAgrup,15-13*$AF$11)))","v":0},"RA","",{"$f":"IF($C123=\"S\",IF($Z123=\"CP\",$X123,IF($Z123=\"RA\",(($X123)*QCI!$AA$3),0)),SomaAgrup)","v":0},0,{"$f":"IF($N123=\"\",\" \",\nIF(AND($C123<>\"S\",OR($R123=\"\",$R123=\"(digite a descrição aqui)\")),\"DESCRIÇÃO\",\nIF(AND($C123=\"S\",OR($Q123<>\"\",$T123>0,$U123>0),$P123=\"\"),\"FONTE\",\nIF(AND($C123=\"S\",$P123<>\"\",OR($T123>0,$U123>0),$Q123=\"\"),\"CÓDIGO\",\nIF(AND($C123=\"S\",$P123<>\"\",$Q123<>\"\",$R123=\"(Código não identificado nas referências)\"),\"CÓDIGO N/ID\",\nIF(AND($C123=\"S\",OR($R123=\"\",$R123=\"(digite a descrição aqui)\"),OR($Q123<>\"\",$T123>0,$U123>0)),\"DESCRIÇÃO\",\nIF(AND($C123=\"S\",$P123<>\"\",$Q123<>\"\",$S123=\"\"),\"UNIDADE\",\nIF(AND($C123=\"S\",$P123<>\"\",$Q123<>\"\",$U123=0),\"SEM CUSTO\",\nIF(AND(_xlfn.SINGLE(TIPOORCAMENTO)=\"Licitado\",$AL123=0,$AN123>0),\"SEM PREÇO\",\nIF(AND($C123=\"S\",$P123<>\"\",$Q123<>\"\",$U123>0,AND($V123<>\"BDI 1\",$V123<>\"BDI 2\",$V123<>\"BDI 3\")),IF(ISNUMBER($V123),\"JUSTIFICAR BDI\",\"BDI\"),\nIF(OR(AND(import.recurso=\"OGU\",TIPOORCAMENTO=\"Proposto\",LEFT($O$8,5)<>\"(N/D:\",$AG123<>\"\",ORÇAMENTO.CustoUnitario>$AG123),AND(TIPOORCAMENTO=\"LICITADO\",ORÇAMENTO.PrecoUnitarioLicitado>$AN123)),\"ACIMA REF.\",\nIF(AND($C123=\"S\",$P123<>\"\",$Q123<>\"\",$T123=0,$U123>0),\"QUANT.\",\nIF(AND(Import.TipoArredondamento=\"TransfereGOV\",$L123=\"F\",$C123=\"S\",LEN($Q123)>13),\"Código >13\",\nIF(AND(Import.TipoArredondamento=\"TransfereGOV\",$L123=\"F\",$C123<>\"S\",LEN($R123)>100),\"Descrição >100\",\nIF(AND(Import.TipoArredondamento=\"TransfereGOV\",$L123=\"F\",$C123=\"S\",LEN($R123)>500),\"Descrição >500\",\nIF(AND(Import.TipoArredondamento=\"TransfereGOV\",$L123=\"F\",$C123=\"S\",LEFT(TRIM(UPPER($P123)),6)<>\"SINAPI\",ISNA(VLOOKUP(TRIM(UPPER($S123)),ListaTgov.Unidades,1,FALSE))),\"Unid. Não Disp\",\n\" \"))))))))))))))))","v":{"$error":"#NAME?"}},{"$f":"IF(C123<=CRONO.NivelExibicao,MAX($AD$15:OFFSET(AD123,-1,0))+IF($C123<>1,1,MAX(1,COUNTIF(QCI!$A$13:$A$24,OFFSET($E123,-1,0)))),\"\")","v":""},{"$f":"IF(AND($C123=\"S\",ORÇAMENTO.CodBarra<>\"\"),IF(ORÇAMENTO.Fonte=\"\",ORÇAMENTO.CodBarra,CONCATENATE(ORÇAMENTO.Fonte,\" \",ORÇAMENTO.CodBarra)))","v":false},{"$f":"IF(ISERROR(INDIRECT(ORÇAMENTO.BancoRef)),\"(abra o arquivo 'Referência \"&Excel_BuiltIn_Database&\".xlsm)\",IF(OR($C123<>\"S\",ORÇAMENTO.CodBarra=\"\"),\"(Sem Código)\",IF(ISERROR(MATCH($AE123,INDIRECT(ORÇAMENTO.BancoRef),0)),\"(Código não identificado nas referências)\",MATCH($AE123,INDIRECT(ORÇAMENTO.BancoRef),0))))","v":"(Sem Código)"},{"$f":"ROUND(IF(DESONERACAO=\"sim\",REFERENCIA.Desonerado,REFERENCIA.NaoDesonerado),2)","v":0},0.26,null,null,null,null,0,0]
["S",3,"S",0,{"$f":"IF($C124=1,OFFSET(E124,-1,0)+MAX(1,COUNTIF(QCI!$A$13:$A$24,OFFSET(ORÇAMENTO!E124,-1,0))),OFFSET(E124,-1,0))","v":1},2,2,0,10,0,{"$f":"IF(OR($C124=\"S\",$C124=0),0,MATCH(OFFSET($D124,0,$C124)+IF($C124<>1,1,COUNTIF(QCI!$A$13:$A$24,ORÇAMENTO!E124)),OFFSET($D124,1,$C124,ROW($C$270)-ROW($C124)),0))","v":0},"","Serviço","Serviço","-","SINAPI",null,{"$f":"IF($C124=\"S\",REFERENCIA.Descricao,\"(digite a descrição aqui)\")","v":"(Sem Código)"},{"$f":"REFERENCIA.Unidade","v":"-"},{"$f":"OFFSET(CÁLCULO!H$15,ROW($T124)-ROW(T$15),0)","v":0},null,"BDI 1",{"$f":"IF($C124=\"S\",ROUND(IF(TIPOORCAMENTO=\"Proposto\",ORÇAMENTO.CustoUnitario*(1+$AH124),ORÇAMENTO.PrecoUnitarioLicitado),15-13*$AF$10),0)","v":0},{"$f":"IF($C124=\"S\",IF(OR(Import.TipoArredondamento<>\"TransfereGOV\",ACOMPANHAMENTO=\"BM\"),VTOTAL1,SUM(OFFSET(CÁLCULO!$AA$15,ROW($X124)-ROW($X$15),1):OFFSET(CÁLCULO!$AL$15,ROW($X124)-ROW($X$15),-1))),IF($C124=0,0,ROUND(SomaAgrup,15-13*$AF$11)))","v":0},"RA","",{"$f":"IF($C124=\"S\",IF($Z124=\"CP\",$X124,IF($Z124=\"RA\",(($X124)*QCI!$AA$3),0)),SomaAgrup)","v":0},0,{"$f":"IF($N124=\"\",\" \",\nIF(AND($C124<>\"S\",OR($R124=\"\",$R124=\"(digite a descrição aqui)\")),\"DESCRIÇÃO\",\nIF(AND($C124=\"S\",OR($Q124<>\"\",$T124>0,$U124>0),$P124=\"\"),\"FONTE\",\nIF(AND($C124=\"S\",$P124<>\"\",OR($T124>0,$U124>0),$Q124=\"\"),\"CÓDIGO\",\nIF(AND($C124=\"S\",$P124<>\"\",$Q124<>\"\",$R124=\"(Código não identificado nas referências)\"),\"CÓDIGO N/ID\",\nIF(AND($C124=\"S\",OR($R124=\"\",$R124=\"(digite a descrição aqui)\"),OR($Q124<>\"\",$T124>0,$U124>0)),\"DESCRIÇÃO\",\nIF(AND($C124=\"S\",$P124<>\"\",$Q124<>\"\",$S124=\"\"),\"UNIDADE\",\nIF(AND($C124=\"S\",$P124<>\"\",$Q124<>\"\",$U124=0),\"SEM CUSTO\",\nIF(AND(_xlfn.SINGLE(TIPOORCAMENTO)=\"Licitado\",$AL124=0,$AN124>0),\"SEM PREÇO\",\nIF(AND($C124=\"S\",$P124<>\"\",$Q124<>\"\",$U124>0,AND($V124<>\"BDI 1\",$V124<>\"BDI 2\",$V124<>\"BDI 3\")),IF(ISNUMBER($V124),\"JUSTIFICAR BDI\",\"BDI\"),\nIF(OR(AND(import.recurso=\"OGU\",TIPOORCAMENTO=\"Proposto\",LEFT($O$8,5)<>\"(N/D:\",$AG124<>\"\",ORÇAMENTO.CustoUnitario>$AG124),AND(TIPOORCAMENTO=\"LICITADO\",ORÇAMENTO.PrecoUnitarioLicitado>$AN124)),\"ACIMA REF.\",\nIF(AND($C124=\"S\",$P124<>\"\",$Q124<>\"\",$T124=0,$U124>0),\"QUANT.\",\nIF(AND(Import.TipoArredondamento=\"TransfereGOV\",$L124=\"F\",$C124=\"S\",LEN($Q124)>13),\"Código >13\",\nIF(AND(Import.TipoArredondamento=\"TransfereGOV\",$L124=\"F\",$C124<>\"S\",LEN($R124)>100),\"Descrição >100\",\nIF(AND(Import.TipoArredondamento=\"TransfereGOV\",$L124=\"F\",$C124=\"S\",LEN($R124)>500),\"Descrição >500\",\nIF(AND(Import.TipoArredondamento=\"TransfereGOV\",$L124=\"F\",$C124=\"S\",LEFT(TRIM(UPPER($P124)),6)<>\"SINAPI\",ISNA(VLOOKUP(TRIM(UPPER($S124)),ListaTgov.Unidades,1,FALSE))),\"Unid. Não Disp\",\n\" \"))))))))))))))))","v":{"$error":"#NAME?"}},{"$f":"IF(C124<=CRONO.NivelExibicao,MAX($AD$15:OFFSET(AD124,-1,0))+IF($C124<>1,1,MAX(1,COUNTIF(QCI!$A$13:$A$24,OFFSET($E124,-1,0)))),\"\")","v":""},{"$f":"IF(AND($C124=\"S\",ORÇAMENTO.CodBarra<>\"\"),IF(ORÇAMENTO.Fonte=\"\",ORÇAMENTO.CodBarra,CONCATENATE(ORÇAMENTO.Fonte,\" \",ORÇAMENTO.CodBarra)))","v":false},{"$f":"IF(ISERROR(INDIRECT(ORÇAMENTO.BancoRef)),\"(abra o arquivo 'Referência \"&Excel_BuiltIn_Database&\".xlsm)\",IF(OR($C124<>\"S\",ORÇAMENTO.CodBarra=\"\"),\"(Sem Código)\",IF(ISERROR(MATCH($AE124,INDIRECT(ORÇAMENTO.BancoRef),0)),\"(Código não identificado nas referências)\",MATCH($AE124,INDIRECT(ORÇAMENTO.BancoRef),0))))","v":"(Sem Código)"},{"$f":"ROUND(IF(DESONERACAO=\"sim\",REFERENCIA.Desonerado,REFERENCIA.NaoDesonerado),2)","v":0},0.26,null,null,null,null,0,0]
["S",3,"S",0,{"$f":"IF($C125=1,OFFSET(E125,-1,0)+MAX(1,COUNTIF(QCI!$A$13:$A$24,OFFSET(ORÇAMENTO!E125,-1,0))),OFFSET(E125,-1,0))","v":1},2,2,0,10,0,{"$f":"IF(OR($C125=\"S\",$C125=0),0,MATCH(OFFSET($D125,0,$C125)+IF($C125<>1,1,COUNTIF(QCI!$A$13:$A$24,ORÇAMENTO!E125)),OFFSET($D125,1,$C125,ROW($C$270)-ROW($C125)),0))","v":0},"","Serviço","Serviço","-","SINAPI",null,{"$f":"IF($C125=\"S\",REFERENCIA.Descricao,\"(digite a descrição aqui)\")","v":"(Sem Código)"},{"$f":"REFERENCIA.Unidade","v":"-"},{"$f":"OFFSET(CÁLCULO!H$15,ROW($T125)-ROW(T$15),0)","v":0},null,"BDI 1",{"$f":"IF($C125=\"S\",ROUND(IF(TIPOORCAMENTO=\"Proposto\",ORÇAMENTO.CustoUnitario*(1+$AH125),ORÇAMENTO.PrecoUnitarioLicitado),15-13*$AF$10),0)","v":0},{"$f":"IF($C125=\"S\",IF(OR(Import.TipoArredondamento<>\"TransfereGOV\",ACOMPANHAMENTO=\"BM\"),VTOTAL1,SUM(OFFSET(CÁLCULO!$AA$15,ROW($X125)-ROW($X$15),1):OFFSET(CÁLCULO!$AL$15,ROW($X125)-ROW($X$15),-1))),IF($C125=0,0,ROUND(SomaAgrup,15-13*$AF$11)))","v":0},"RA","",{"$f":"IF($C125=\"S\",IF($Z125=\"CP\",$X125,IF($Z125=\"RA\",(($X125)*QCI!$AA$3),0)),SomaAgrup)","v":0},0,{"$f":"IF($N125=\"\",\" \",\nIF(AND($C125<>\"S\",OR($R125=\"\",$R125=\"(digite a descrição aqui)\")),\"DESCRIÇÃO\",\nIF(AND($C125=\"S\",OR($Q125<>\"\",$T125>0,$U125>0),$P125=\"\"),\"FONTE\",\nIF(AND($C125=\"S\",$P125<>\"\",OR($T125>0,$U125>0),$Q125=\"\"),\"CÓDIGO\",\nIF(AND($C125=\"S\",$P125<>\"\",$Q125<>\"\",$R125=\"(Código não identificado nas referências)\"),\"CÓDIGO N/ID\",\nIF(AND($C125=\"S\",OR($R125=\"\",$R125=\"(digite a descrição aqui)\"),OR($Q125<>\"\",$T125>0,$U125>0)),\"DESCRIÇÃO\",\nIF(AND($C125=\"S\",$P125<>\"\",$Q125<>\"\",$S125=\"\"),\"UNIDADE\",\nIF(AND($C125=\"S\",$P125<>\"\",$Q125<>\"\",$U125=0),\"SEM CUSTO\",\nIF(AND(_xlfn.SINGLE(TIPOORCAMENTO)=\"Licitado\",$AL125=0,$AN125>0),\"SEM PREÇO\",\nIF(AND($C125=\"S\",$P125<>\"\",$Q125<>\"\",$U125>0,AND($V125<>\"BDI 1\",$V125<>\"BDI 2\",$V125<>\"BDI 3\")),IF(ISNUMBER($V125),\"JUSTIFICAR BDI\",\"BDI\"),\nIF(OR(AND(import.recurso=\"OGU\",TIPOORCAMENTO=\"Proposto\",LEFT($O$8,5)<>\"(N/D:\",$AG125<>\"\",ORÇAMENTO.CustoUnitario>$AG125),AND(TIPOORCAMENTO=\"LICITADO\",ORÇAMENTO.PrecoUnitarioLicitado>$AN125)),\"ACIMA REF.\",\nIF(AND($C125=\"S\",$P125<>\"\",$Q125<>\"\",$T125=0,$U125>0),\"QUANT.\",\nIF(AND(Import.TipoArredondamento=\"TransfereGOV\",$L125=\"F\",$C125=\"S\",LEN($Q125)>13),\"Código >13\",\nIF(AND(Import.TipoArredondamento=\"TransfereGOV\",$L125=\"F\",$C125<>\"S\",LEN($R125)>100),\"Descrição >100\",\nIF(AND(Import.TipoArredondamento=\"TransfereGOV\",$L125=\"F\",$C125=\"S\",LEN($R125)>500),\"Descrição >500\",\nIF(AND(Import.TipoArredondamento=\"TransfereGOV\",$L125=\"F\",$C125=\"S\",LEFT(TRIM(UPPER($P125)),6)<>\"SINAPI\",ISNA(VLOOKUP(TRIM(UPPER($S125)),ListaTgov.Unidades,1,FALSE))),\"Unid. Não Disp\",\n\" \"))))))))))))))))","v":{"$error":"#NAME?"}},{"$f":"IF(C125<=CRONO.NivelExibicao,MAX($AD$15:OFFSET(AD125,-1,0))+IF($C125<>1,1,MAX(1,COUNTIF(QCI!$A$13:$A$24,OFFSET($E125,-1,0)))),\"\")","v":""},{"$f":"IF(AND($C125=\"S\",ORÇAMENTO.CodBarra<>\"\"),IF(ORÇAMENTO.Fonte=\"\",ORÇAMENTO.CodBarra,CONCATENATE(ORÇAMENTO.Fonte,\" \",ORÇAMENTO.CodBarra)))","v":false},{"$f":"IF(ISERROR(INDIRECT(ORÇAMENTO.BancoRef)),\"(abra o arquivo 'Referência \"&Excel_BuiltIn_Database&\".xlsm)\",IF(OR($C125<>\"S\",ORÇAMENTO.CodBarra=\"\"),\"(Sem Código)\",IF(ISERROR(MATCH($AE125,INDIRECT(ORÇAMENTO.BancoRef),0)),\"(Código não identificado nas referências)\",MATCH($AE125,INDIRECT(ORÇAMENTO.BancoRef),0))))","v":"(Sem Código)"},{"$f":"ROUND(IF(DESONERACAO=\"sim\",REFERENCIA.Desonerado,REFERENCIA.NaoDesonerado),2)","v":0},0.26,null,null,null,null,0,0]
["S",3,"S",0,{"$f":"IF($C126=1,OFFSET(E126,-1,0)+MAX(1,COUNTIF(QCI!$A$13:$A$24,OFFSET(ORÇAMENTO!E126,-1,0))),OFFSET(E126,-1,0))","v":1},2,2,0,10,0,{"$f":"IF(OR($C126=\"S\",$C126=0),0,MATCH(OFFSET($D126,0,$C126)+IF($C126<>1,1,COUNTIF(QCI!$A$13:$A$24,ORÇAMENTO!E126)),OFFSET($D126,1,$C126,ROW($C$270)-ROW($C126)),0))","v":0},"","Serviço","Serviço","-","SINAPI",null,{"$f":"IF($C126=\"S\",REFERENCIA.Descricao,\"(digite a descrição aqui)\")","v":"(Sem Código)"},{"$f":"REFERENCIA.Unidade","v":"-"},{"$f":"OFFSET(CÁLCULO!H$15,ROW($T126)-ROW(T$15),0)","v":0},null,"BDI 1",{"$f":"IF($C126=\"S\",ROUND(IF(TIPOORCAMENTO=\"Proposto\",ORÇAMENTO.CustoUnitario*(1+$AH126),ORÇAMENTO.PrecoUnitarioLicitado),15-13*$AF$10),0)","v":0},{"$f":"IF($C126=\"S\",IF(OR(Import.TipoArredondamento<>\"TransfereGOV\",ACOMPANHAMENTO=\"BM\"),VTOTAL1,SUM(OFFSET(CÁLCULO!$AA$15,ROW($X126)-ROW($X$15),1):OFFSET(CÁLCULO!$AL$15,ROW($X126)-ROW($X$15),-1))),IF($C126=0,0,ROUND(SomaAgrup,15-13*$AF$11)))","v":0},"RA","",{"$f":"IF($C126=\"S\",IF($Z126=\"CP\",$X126,IF($Z126=\"RA\",(($X126)*QCI!$AA$3),0)),SomaAgrup)","v":0},0,{"$f":"IF($N126=\"\",\" \",\nIF(AND($C126<>\"S\",OR($R126=\"\",$R126=\"(digite a descrição aqui)\")),\"DESCRIÇÃO\",\nIF(AND($C126=\"S\",OR($Q126<>\"\",$T126>0,$U126>0),$P126=\"\"),\"FONTE\",\nIF(AND($C126=\"S\",$P126<>\"\",OR($T126>0,$U126>0),$Q126=\"\"),\"CÓDIGO\",\nIF(AND($C126=\"S\",$P126<>\"\",$Q126<>\"\",$R126=\"(Código não identificado nas referências)\"),\"CÓDIGO N/ID\",\nIF(AND($C126=\"S\",OR($R126=\"\",$R126=\"(digite a descrição aqui)\"),OR($Q126<>\"\",$T126>0,$U126>0)),\"DESCRIÇÃO\",\nIF(AND($C126=\"S\",$P126<>\"\",$Q126<>\"\",$S126=\"\"),\"UNIDADE\",\nIF(AND($C126=\"S\",$P126<>\"\",$Q126<>\"\",$U126=0),\"SEM CUSTO\",\nIF(AND(_xlfn.SINGLE(TIPOORCAMENTO)=\"Licitado\",$AL126=0,$AN126>0),\"SEM PREÇO\",\nIF(AND($C126=\"S\",$P126<>\"\",$Q126<>\"\",$U126>0,AND($V126<>\"BDI 1\",$V126<>\"BDI 2\",$V126<>\"BDI 3\")),IF(ISNUMBER($V126),\"JUSTIFICAR BDI\",\"BDI\"),\nIF(OR(AND(import.recurso=\"OGU\",TIPOORCAMENTO=\"Proposto\",LEFT($O$8,5)<>\"(N/D:\",$AG126<>\"\",ORÇAMENTO.CustoUnitario>$AG126),AND(TIPOORCAMENTO=\"LICITADO\",ORÇAMENTO.PrecoUnitarioLicitado>$AN126)),\"ACIMA REF.\",\nIF(AND($C126=\"S\",$P126<>\"\",$Q126<>\"\",$T126=0,$U126>0),\"QUANT.\",\nIF(AND(Import.TipoArredondamento=\"TransfereGOV\",$L126=\"F\",$C126=\"S\",LEN($Q126)>13),\"Código >13\",\nIF(AND(Import.TipoArredondamento=\"TransfereGOV\",$L126=\"F\",$C126<>\"S\",LEN($R126)>100),\"Descrição >100\",\nIF(AND(Import.TipoArredondamento=\"TransfereGOV\",$L126=\"F\",$C126=\"S\",LEN($R126)>500),\"Descrição >500\",\nIF(AND(Import.TipoArredondamento=\"TransfereGOV\",$L126=\"F\",$C126=\"S\",LEFT(TRIM(UPPER($P126)),6)<>\"SINAPI\",ISNA(VLOOKUP(TRIM(UPPER($S126)),ListaTgov.Unidades,1,FALSE))),\"Unid. Não Disp\",\n\" \"))))))))))))))))","v":{"$error":"#NAME?"}},{"$f":"IF(C126<=CRONO.NivelExibicao,MAX($AD$15:OFFSET(AD126,-1,0))+IF($C126<>1,1,MAX(1,COUNTIF(QCI!$A$13:$A$24,OFFSET($E126,-1,0)))),\"\")","v":""},{"$f":"IF(AND($C126=\"S\",ORÇAMENTO.CodBarra<>\"\"),IF(ORÇAMENTO.Fonte=\"\",ORÇAMENTO.CodBarra,CONCATENATE(ORÇAMENTO.Fonte,\" \",ORÇAMENTO.CodBarra)))","v":false},{"$f":"IF(ISERROR(INDIRECT(ORÇAMENTO.BancoRef)),\"(abra o arquivo 'Referência \"&Excel_BuiltIn_Database&\".xlsm)\",IF(OR($C126<>\"S\",ORÇAMENTO.CodBarra=\"\"),\"(Sem Código)\",IF(ISERROR(MATCH($AE126,INDIRECT(ORÇAMENTO.BancoRef),0)),\"(Código não identificado nas referências)\",MATCH($AE126,INDIRECT(ORÇAMENTO.BancoRef),0))))","v":"(Sem Código)"},{"$f":"ROUND(IF(DESONERACAO=\"sim\",REFERENCIA.Desonerado,REFERENCIA.NaoDesonerado),2)","v":0},0.26,null,null,null,null,0,0]
["S",3,"S",0,{"$f":"IF($C127=1,OFFSET(E127,-1,0)+MAX(1,COUNTIF(QCI!$A$13:$A$24,OFFSET(ORÇAMENTO!E127,-1,0))),OFFSET(E127,-1,0))","v":1},2,2,0,10,0,{"$f":"IF(OR($C127=\"S\",$C127=0),0,MATCH(OFFSET($D127,0,$C127)+IF($C127<>1,1,COUNTIF(QCI!$A$13:$A$24,ORÇAMENTO!E127)),OFFSET($D127,1,$C127,ROW($C$270)-ROW($C127)),0))","v":0},"","Serviço","Serviço","-","SINAPI",null,{"$f":"IF($C127=\"S\",REFERENCIA.Descricao,\"(digite a descrição aqui)\")","v":"(Sem Código)"},{"$f":"REFERENCIA.Unidade","v":"-"},{"$f":"OFFSET(CÁLCULO!H$15,ROW($T127)-ROW(T$15),0)","v":0},null,"BDI 1",{"$f":"IF($C127=\"S\",ROUND(IF(TIPOORCAMENTO=\"Proposto\",ORÇAMENTO.CustoUnitario*(1+$AH127),ORÇAMENTO.PrecoUnitarioLicitado),15-13*$AF$10),0)","v":0},{"$f":"IF($C127=\"S\",IF(OR(Import.TipoArredondamento<>\"TransfereGOV\",ACOMPANHAMENTO=\"BM\"),VTOTAL1,SUM(OFFSET(CÁLCULO!$AA$15,ROW($X127)-ROW($X$15),1):OFFSET(CÁLCULO!$AL$15,ROW($X127)-ROW($X$15),-1))),IF($C127=0,0,ROUND(SomaAgrup,15-13*$AF$11)))","v":0},"RA","",{"$f":"IF($C127=\"S\",IF($Z127=\"CP\",$X127,IF($Z127=\"RA\",(($X127)*QCI!$AA$3),0)),SomaAgrup)","v":0},0,{"$f":"IF($N127=\"\",\" \",\nIF(AND($C127<>\"S\",OR($R127=\"\",$R127=\"(digite a descrição aqui)\")),\"DESCRIÇÃO\",\nIF(AND($C127=\"S\",OR($Q127<>\"\",$T127>0,$U127>0),$P127=\"\"),\"FONTE\",\nIF(AND($C127=\"S\",$P127<>\"\",OR($T127>0,$U127>0),$Q127=\"\"),\"CÓDIGO\",\nIF(AND($C127=\"S\",$P127<>\"\",$Q127<>\"\",$R127=\"(Código não identificado nas referências)\"),\"CÓDIGO N/ID\",\nIF(AND($C127=\"S\",OR($R127=\"\",$R127=\"(digite a descrição aqui)\"),OR($Q127<>\"\",$T127>0,$U127>0)),\"DESCRIÇÃO\",\nIF(AND($C127=\"S\",$P127<>\"\",$Q127<>\"\",$S127=\"\"),\"UNIDADE\",\nIF(AND($C127=\"S\",$P127<>\"\",$Q127<>\"\",$U127=0),\"SEM CUSTO\",\nIF(AND(_xlfn.SINGLE(TIPOORCAMENTO)=\"Licitado\",$AL127=0,$AN127>0),\"SEM PREÇO\",\nIF(AND($C127=\"S\",$P127<>\"\",$Q127<>\"\",$U127>0,AND($V127<>\"BDI 1\",$V127<>\"BDI 2\",$V127<>\"BDI 3\")),IF(ISNUMBER($V127),\"JUSTIFICAR BDI\",\"BDI\"),\nIF(OR(AND(import.recurso=\"OGU\",TIPOORCAMENTO=\"Proposto\",LEFT($O$8,5)<>\"(N/D:\",$AG127<>\"\",ORÇAMENTO.CustoUnitario>$AG127),AND(TIPOORCAMENTO=\"LICITADO\",ORÇAMENTO.PrecoUnitarioLicitado>$AN127)),\"ACIMA REF.\",\nIF(AND($C127=\"S\",$P127<>\"\",$Q127<>\"\",$T127=0,$U127>0),\"QUANT.\",\nIF(AND(Import.TipoArredondamento=\"TransfereGOV\",$L127=\"F\",$C127=\"S\",LEN($Q127)>13),\"Código >13\",\nIF(AND(Import.TipoArredondamento=\"TransfereGOV\",$L127=\"F\",$C127<>\"S\",LEN($R127)>100),\"Descrição >100\",\nIF(AND(Import.TipoArredondamento=\"TransfereGOV\",$L127=\"F\",$C127=\"S\",LEN($R127)>500),\"Descrição >500\",\nIF(AND(Import.TipoArredondamento=\"TransfereGOV\",$L127=\"F\",$C127=\"S\",LEFT(TRIM(UPPER($P127)),6)<>\"SINAPI\",ISNA(VLOOKUP(TRIM(UPPER($S127)),ListaTgov.Unidades,1,FALSE))),\"Unid. Não Disp\",\n\" \"))))))))))))))))","v":{"$error":"#NAME?"}},{"$f":"IF(C127<=CRONO.NivelExibicao,MAX($AD$15:OFFSET(AD127,-1,0))+IF($C127<>1,1,MAX(1,COUNTIF(QCI!$A$13:$A$24,OFFSET($E127,-1,0)))),\"\")","v":""},{"$f":"IF(AND($C127=\"S\",ORÇAMENTO.CodBarra<>\"\"),IF(ORÇAMENTO.Fonte=\"\",ORÇAMENTO.CodBarra,CONCATENATE(ORÇAMENTO.Fonte,\" \",ORÇAMENTO.CodBarra)))","v":false},{"$f":"IF(ISERROR(INDIRECT(ORÇAMENTO.BancoRef)),\"(abra o arquivo 'Referência \"&Excel_BuiltIn_Database&\".xlsm)\",IF(OR($C127<>\"S\",ORÇAMENTO.CodBarra=\"\"),\"(Sem Código)\",IF(ISERROR(MATCH($AE127,INDIRECT(ORÇAMENTO.BancoRef),0)),\"(Código não identificado nas referências)\",MATCH($AE127,INDIRECT(ORÇAMENTO.BancoRef),0))))","v":"(Sem Código)"},{"$f":"ROUND(IF(DESONERACAO=\"sim\",REFERENCIA.Desonerado,REFERENCIA.NaoDesonerado),2)","v":0},0.26,null,null,null,null,0,0]
["S",3,"S",0,{"$f":"IF($C128=1,OFFSET(E128,-1,0)+MAX(1,COUNTIF(QCI!$A$13:$A$24,OFFSET(ORÇAMENTO!E128,-1,0))),OFFSET(E128,-1,0))","v":1},2,2,0,10,0,{"$f":"IF(OR($C128=\"S\",$C128=0),0,MATCH(OFFSET($D128,0,$C128)+IF($C128<>1,1,COUNTIF(QCI!$A$13:$A$24,ORÇAMENTO!E128)),OFFSET($D128,1,$C128,ROW($C$270)-ROW($C128)),0))","v":0},"","Serviço","Serviço","-","SINAPI",null,{"$f":"IF($C128=\"S\",REFERENCIA.Descricao,\"(digite a descrição aqui)\")","v":"(Sem Código)"},{"$f":"REFERENCIA.Unidade","v":"-"},{"$f":"OFFSET(CÁLCULO!H$15,ROW($T128)-ROW(T$15),0)","v":0},null,"BDI 1",{"$f":"IF($C128=\"S\",ROUND(IF(TIPOORCAMENTO=\"Proposto\",ORÇAMENTO.CustoUnitario*(1+$AH128),ORÇAMENTO.PrecoUnitarioLicitado),15-13*$AF$10),0)","v":0},{"$f":"IF($C128=\"S\",IF(OR(Import.TipoArredondamento<>\"TransfereGOV\",ACOMPANHAMENTO=\"BM\"),VTOTAL1,SUM(OFFSET(CÁLCULO!$AA$15,ROW($X128)-ROW($X$15),1):OFFSET(CÁLCULO!$AL$15,ROW($X128)-ROW($X$15),-1))),IF($C128=0,0,ROUND(SomaAgrup,15-13*$AF$11)))","v":0},"RA","",{"$f":"IF($C128=\"S\",IF($Z128=\"CP\",$X128,IF($Z128=\"RA\",(($X128)*QCI!$AA$3),0)),SomaAgrup)","v":0},0,{"$f":"IF($N128=\"\",\" \",\nIF(AND($C128<>\"S\",OR($R128=\"\",$R128=\"(digite a descrição aqui)\")),\"DESCRIÇÃO\",\nIF(AND($C128=\"S\",OR($Q128<>\"\",$T128>0,$U128>0),$P128=\"\"),\"FONTE\",\nIF(AND($C128=\"S\",$P128<>\"\",OR($T128>0,$U128>0),$Q128=\"\"),\"CÓDIGO\",\nIF(AND($C128=\"S\",$P128<>\"\",$Q128<>\"\",$R128=\"(Código não identificado nas referências)\"),\"CÓDIGO N/ID\",\nIF(AND($C128=\"S\",OR($R128=\"\",$R128=\"(digite a descrição aqui)\"),OR($Q128<>\"\",$T128>0,$U128>0)),\"DESCRIÇÃO\",\nIF(AND($C128=\"S\",$P128<>\"\",$Q128<>\"\",$S128=\"\"),\"UNIDADE\",\nIF(AND($C128=\"S\",$P128<>\"\",$Q128<>\"\",$U128=0),\"SEM CUSTO\",\nIF(AND(_xlfn.SINGLE(TIPOORCAMENTO)=\"Licitado\",$AL128=0,$AN128>0),\"SEM PREÇO\",\nIF(AND($C128=\"S\",$P128<>\"\",$Q128<>\"\",$U128>0,AND($V128<>\"BDI 1\",$V128<>\"BDI 2\",$V128<>\"BDI 3\")),IF(ISNUMBER($V128),\"JUSTIFICAR BDI\",\"BDI\"),\nIF(OR(AND(import.recurso=\"OGU\",TIPOORCAMENTO=\"Proposto\",LEFT($O$8,5)<>\"(N/D:\",$AG128<>\"\",ORÇAMENTO.CustoUnitario>$AG128),AND(TIPOORCAMENTO=\"LICITADO\",ORÇAMENTO.PrecoUnitarioLicitado>$AN128)),\"ACIMA REF.\",\nIF(AND($C128=\"S\",$P128<>\"\",$Q128<>\"\",$T128=0,$U128>0),\"QUANT.\",\nIF(AND(Import.TipoArredondamento=\"TransfereGOV\",$L128=\"F\",$C128=\"S\",LEN($Q128)>13),\"Código >13\",\nIF(AND(Import.TipoArredondamento=\"TransfereGOV\",$L128=\"F\",$C128<>\"S\",LEN($R128)>100),\"Descrição >100\",\nIF(AND(Import.TipoArredondamento=\"TransfereGOV\",$L128=\"F\",$C128=\"S\",LEN($R128)>500),\"Descrição >500\",\nIF(AND(Import.TipoArredondamento=\"TransfereGOV\",$L128=\"F\",$C128=\"S\",LEFT(TRIM(UPPER($P128)),6)<>\"SINAPI\",ISNA(VLOOKUP(TRIM(UPPER($S128)),ListaTgov.Unidades,1,FALSE))),\"Unid. Não Disp\",\n\" \"))))))))))))))))","v":{"$error":"#NAME?"}},{"$f":"IF(C128<=CRONO.NivelExibicao,MAX($AD$15:OFFSET(AD128,-1,0))+IF($C128<>1,1,MAX(1,COUNTIF(QCI!$A$13:$A$24,OFFSET($E128,-1,0)))),\"\")","v":""},{"$f":"IF(AND($C128=\"S\",ORÇAMENTO.CodBarra<>\"\"),IF(ORÇAMENTO.Fonte=\"\",ORÇAMENTO.CodBarra,CONCATENATE(ORÇAMENTO.Fonte,\" \",ORÇAMENTO.CodBarra)))","v":false},{"$f":"IF(ISERROR(INDIRECT(ORÇAMENTO.BancoRef)),\"(abra o arquivo 'Referência \"&Excel_BuiltIn_Database&\".xlsm)\",IF(OR($C128<>\"S\",ORÇAMENTO.CodBarra=\"\"),\"(Sem Código)\",IF(ISERROR(MATCH($AE128,INDIRECT(ORÇAMENTO.BancoRef),0)),\"(Código não identificado nas referências)\",MATCH($AE128,INDIRECT(ORÇAMENTO.BancoRef),0))))","v":"(Sem Código)"},{"$f":"ROUND(IF(DESONERACAO=\"sim\",REFERENCIA.Desonerado,REFERENCIA.NaoDesonerado),2)","v":0},0.26,null,null,null,null,0,0]
["S",3,"S",0,{"$f":"IF($C129=1,OFFSET(E129,-1,0)+MAX(1,COUNTIF(QCI!$A$13:$A$24,OFFSET(ORÇAMENTO!E129,-1,0))),OFFSET(E129,-1,0))","v":1},2,2,0,10,0,{"$f":"IF(OR($C129=\"S\",$C129=0),0,MATCH(OFFSET($D129,0,$C129)+IF($C129<>1,1,COUNTIF(QCI!$A$13:$A$24,ORÇAMENTO!E129)),OFFSET($D129,1,$C129,ROW($C$270)-ROW($C129)),0))","v":0},"","Serviço","Serviço","-","SINAPI",null,{"$f":"IF($C129=\"S\",REFERENCIA.Descricao,\"(digite a descrição aqui)\")","v":"(Sem Código)"},{"$f":"REFERENCIA.Unidade","v":"-"},{"$f":"OFFSET(CÁLCULO!H$15,ROW($T129)-ROW(T$15),0)","v":0},null,"BDI 1",{"$f":"IF($C129=\"S\",ROUND(IF(TIPOORCAMENTO=\"Proposto\",ORÇAMENTO.CustoUnitario*(1+$AH129),ORÇAMENTO.PrecoUnitarioLicitado),15-13*$AF$10),0)","v":0},{"$f":"IF($C129=\"S\",IF(OR(Import.TipoArredondamento<>\"TransfereGOV\",ACOMPANHAMENTO=\"BM\"),VTOTAL1,SUM(OFFSET(CÁLCULO!$AA$15,ROW($X129)-ROW($X$15),1):OFFSET(CÁLCULO!$AL$15,ROW($X129)-ROW($X$15),-1))),IF($C129=0,0,ROUND(SomaAgrup,15-13*$AF$11)))","v":0},"RA","",{"$f":"IF($C129=\"S\",IF($Z129=\"CP\",$X129,IF($Z129=\"RA\",(($X129)*QCI!$AA$3),0)),SomaAgrup)","v":0},0,{"$f":"IF($N129=\"\",\" \",\nIF(AND($C129<>\"S\",OR($R129=\"\",$R129=\"(digite a descrição aqui)\")),\"DESCRIÇÃO\",\nIF(AND($C129=\"S\",OR($Q129<>\"\",$T129>0,$U129>0),$P129=\"\"),\"FONTE\",\nIF(AND($C129=\"S\",$P129<>\"\",OR($T129>0,$U129>0),$Q129=\"\"),\"CÓDIGO\",\nIF(AND($C129=\"S\",$P129<>\"\",$Q129<>\"\",$R129=\"(Código não identificado nas referências)\"),\"CÓDIGO N/ID\",\nIF(AND($C129=\"S\",OR($R129=\"\",$R129=\"(digite a descrição aqui)\"),OR($Q129<>\"\",$T129>0,$U129>0)),\"DESCRIÇÃO\",\nIF(AND($C129=\"S\",$P129<>\"\",$Q129<>\"\",$S129=\"\"),\"UNIDADE\",\nIF(AND($C129=\"S\",$P129<>\"\",$Q129<>\"\",$U129=0),\"SEM CUSTO\",\nIF(AND(_xlfn.SINGLE(TIPOORCAMENTO)=\"Licitado\",$AL129=0,$AN129>0),\"SEM PREÇO\",\nIF(AND($C129=\"S\",$P129<>\"\",$Q129<>\"\",$U129>0,AND($V129<>\"BDI 1\",$V129<>\"BDI 2\",$V129<>\"BDI 3\")),IF(ISNUMBER($V129),\"JUSTIFICAR BDI\",\"BDI\"),\nIF(OR(AND(import.recurso=\"OGU\",TIPOORCAMENTO=\"Proposto\",LEFT($O$8,5)<>\"(N/D:\",$AG129<>\"\",ORÇAMENTO.CustoUnitario>$AG129),AND(TIPOORCAMENTO=\"LICITADO\",ORÇAMENTO.PrecoUnitarioLicitado>$AN129)),\"ACIMA REF.\",\nIF(AND($C129=\"S\",$P129<>\"\",$Q129<>\"\",$T129=0,$U129>0),\"QUANT.\",\nIF(AND(Import.TipoArredondamento=\"TransfereGOV\",$L129=\"F\",$C129=\"S\",LEN($Q129)>13),\"Código >13\",\nIF(AND(Import.TipoArredondamento=\"TransfereGOV\",$L129=\"F\",$C129<>\"S\",LEN($R129)>100),\"Descrição >100\",\nIF(AND(Import.TipoArredondamento=\"TransfereGOV\",$L129=\"F\",$C129=\"S\",LEN($R129)>500),\"Descrição >500\",\nIF(AND(Import.TipoArredondamento=\"TransfereGOV\",$L129=\"F\",$C129=\"S\",LEFT(TRIM(UPPER($P129)),6)<>\"SINAPI\",ISNA(VLOOKUP(TRIM(UPPER($S129)),ListaTgov.Unidades,1,FALSE))),\"Unid. Não Disp\",\n\" \"))))))))))))))))","v":{"$error":"#NAME?"}},{"$f":"IF(C129<=CRONO.NivelExibicao,MAX($AD$15:OFFSET(AD129,-1,0))+IF($C129<>1,1,MAX(1,COUNTIF(QCI!$A$13:$A$24,OFFSET($E129,-1,0)))),\"\")","v":""},{"$f":"IF(AND($C129=\"S\",ORÇAMENTO.CodBarra<>\"\"),IF(ORÇAMENTO.Fonte=\"\",ORÇAMENTO.CodBarra,CONCATENATE(ORÇAMENTO.Fonte,\" \",ORÇAMENTO.CodBarra)))","v":false},{"$f":"IF(ISERROR(INDIRECT(ORÇAMENTO.BancoRef)),\"(abra o arquivo 'Referência \"&Excel_BuiltIn_Database&\".xlsm)\",IF(OR($C129<>\"S\",ORÇAMENTO.CodBarra=\"\"),\"(Sem Código)\",IF(ISERROR(MATCH($AE129,INDIRECT(ORÇAMENTO.BancoRef),0)),\"(Código não identificado nas referências)\",MATCH($AE129,INDIRECT(ORÇAMENTO.BancoRef),0))))","v":"(Sem Código)"},{"$f":"ROUND(IF(DESONERACAO=\"sim\",REFERENCIA.Desonerado,REFERENCIA.NaoDesonerado),2)","v":0},0.26,null,null,null,null,0,0]
["S",3,"S",0,{"$f":"IF($C130=1,OFFSET(E130,-1,0)+MAX(1,COUNTIF(QCI!$A$13:$A$24,OFFSET(ORÇAMENTO!E130,-1,0))),OFFSET(E130,-1,0))","v":1},2,2,0,10,0,{"$f":"IF(OR($C130=\"S\",$C130=0),0,MATCH(OFFSET($D130,0,$C130)+IF($C130<>1,1,COUNTIF(QCI!$A$13:$A$24,ORÇAMENTO!E130)),OFFSET($D130,1,$C130,ROW($C$270)-ROW($C130)),0))","v":0},"","Serviço","Serviço","-","SINAPI",null,{"$f":"IF($C130=\"S\",REFERENCIA.Descricao,\"(digite a descrição aqui)\")","v":"(Sem Código)"},{"$f":"REFERENCIA.Unidade","v":"-"},{"$f":"OFFSET(CÁLCULO!H$15,ROW($T130)-ROW(T$15),0)","v":0},null,"BDI 1",{"$f":"IF($C130=\"S\",ROUND(IF(TIPOORCAMENTO=\"Proposto\",ORÇAMENTO.CustoUnitario*(1+$AH130),ORÇAMENTO.PrecoUnitarioLicitado),15-13*$AF$10),0)","v":0},{"$f":"IF($C130=\"S\",IF(OR(Import.TipoArredondamento<>\"TransfereGOV\",ACOMPANHAMENTO=\"BM\"),VTOTAL1,SUM(OFFSET(CÁLCULO!$AA$15,ROW($X130)-ROW($X$15),1):OFFSET(CÁLCULO!$AL$15,ROW($X130)-ROW($X$15),-1))),IF($C130=0,0,ROUND(SomaAgrup,15-13*$AF$11)))","v":0},"RA","",{"$f":"IF($C130=\"S\",IF($Z130=\"CP\",$X130,IF($Z130=\"RA\",(($X130)*QCI!$AA$3),0)),SomaAgrup)","v":0},0,{"$f":"IF($N130=\"\",\" \",\nIF(AND($C130<>\"S\",OR($R130=\"\",$R130=\"(digite a descrição aqui)\")),\"DESCRIÇÃO\",\nIF(AND($C130=\"S\",OR($Q130<>\"\",$T130>0,$U130>0),$P130=\"\"),\"FONTE\",\nIF(AND($C130=\"S\",$P130<>\"\",OR($T130>0,$U130>0),$Q130=\"\"),\"CÓDIGO\",\nIF(AND($C130=\"S\",$P130<>\"\",$Q130<>\"\",$R130=\"(Código não identificado nas referências)\"),\"CÓDIGO N/ID\",\nIF(AND($C130=\"S\",OR($R130=\"\",$R130=\"(digite a descrição aqui)\"),OR($Q130<>\"\",$T130>0,$U130>0)),\"DESCRIÇÃO\",\nIF(AND($C130=\"S\",$P130<>\"\",$Q130<>\"\",$S130=\"\"),\"UNIDADE\",\nIF(AND($C130=\"S\",$P130<>\"\",$Q130<>\"\",$U130=0),\"SEM CUSTO\",\nIF(AND(_xlfn.SINGLE(TIPOORCAMENTO)=\"Licitado\",$AL130=0,$AN130>0),\"SEM PREÇO\",\nIF(AND($C130=\"S\",$P130<>\"\",$Q130<>\"\",$U130>0,AND($V130<>\"BDI 1\",$V130<>\"BDI 2\",$V130<>\"BDI 3\")),IF(ISNUMBER($V130),\"JUSTIFICAR BDI\",\"BDI\"),\nIF(OR(AND(import.recurso=\"OGU\",TIPOORCAMENTO=\"Proposto\",LEFT($O$8,5)<>\"(N/D:\",$AG130<>\"\",ORÇAMENTO.CustoUnitario>$AG130),AND(TIPOORCAMENTO=\"LICITADO\",ORÇAMENTO.PrecoUnitarioLicitado>$AN130)),\"ACIMA REF.\",\nIF(AND($C130=\"S\",$P130<>\"\",$Q130<>\"\",$T130=0,$U130>0),\"QUANT.\",\nIF(AND(Import.TipoArredondamento=\"TransfereGOV\",$L130=\"F\",$C130=\"S\",LEN($Q130)>13),\"Código >13\",\nIF(AND(Import.TipoArredondamento=\"TransfereGOV\",$L130=\"F\",$C130<>\"S\",LEN($R130)>100),\"Descrição >100\",\nIF(AND(Import.TipoArredondamento=\"TransfereGOV\",$L130=\"F\",$C130=\"S\",LEN($R130)>500),\"Descrição >500\",\nIF(AND(Import.TipoArredondamento=\"TransfereGOV\",$L130=\"F\",$C130=\"S\",LEFT(TRIM(UPPER($P130)),6)<>\"SINAPI\",ISNA(VLOOKUP(TRIM(UPPER($S130)),ListaTgov.Unidades,1,FALSE))),\"Unid. Não Disp\",\n\" \"))))))))))))))))","v":{"$error":"#NAME?"}},{"$f":"IF(C130<=CRONO.NivelExibicao,MAX($AD$15:OFFSET(AD130,-1,0))+IF($C130<>1,1,MAX(1,COUNTIF(QCI!$A$13:$A$24,OFFSET($E130,-1,0)))),\"\")","v":""},{"$f":"IF(AND($C130=\"S\",ORÇAMENTO.CodBarra<>\"\"),IF(ORÇAMENTO.Fonte=\"\",ORÇAMENTO.CodBarra,CONCATENATE(ORÇAMENTO.Fonte,\" \",ORÇAMENTO.CodBarra)))","v":false},{"$f":"IF(ISERROR(INDIRECT(ORÇAMENTO.BancoRef)),\"(abra o arquivo 'Referência \"&Excel_BuiltIn_Database&\".xlsm)\",IF(OR($C130<>\"S\",ORÇAMENTO.CodBarra=\"\"),\"(Sem Código)\",IF(ISERROR(MATCH($AE130,INDIRECT(ORÇAMENTO.BancoRef),0)),\"(Código não identificado nas referências)\",MATCH($AE130,INDIRECT(ORÇAMENTO.BancoRef),0))))","v":"(Sem Código)"},{"$f":"ROUND(IF(DESONERACAO=\"sim\",REFERENCIA.Desonerado,REFERENCIA.NaoDesonerado),2)","v":0},0.26,null,null,null,null,0,0]
["S",3,"S",0,{"$f":"IF($C131=1,OFFSET(E131,-1,0)+MAX(1,COUNTIF(QCI!$A$13:$A$24,OFFSET(ORÇAMENTO!E131,-1,0))),OFFSET(E131,-1,0))","v":1},2,2,0,10,0,{"$f":"IF(OR($C131=\"S\",$C131=0),0,MATCH(OFFSET($D131,0,$C131)+IF($C131<>1,1,COUNTIF(QCI!$A$13:$A$24,ORÇAMENTO!E131)),OFFSET($D131,1,$C131,ROW($C$270)-ROW($C131)),0))","v":0},"","Serviço","Serviço","-","SINAPI",null,{"$f":"IF($C131=\"S\",REFERENCIA.Descricao,\"(digite a descrição aqui)\")","v":"(Sem Código)"},{"$f":"REFERENCIA.Unidade","v":"-"},{"$f":"OFFSET(CÁLCULO!H$15,ROW($T131)-ROW(T$15),0)","v":0},null,"BDI 1",{"$f":"IF($C131=\"S\",ROUND(IF(TIPOORCAMENTO=\"Proposto\",ORÇAMENTO.CustoUnitario*(1+$AH131),ORÇAMENTO.PrecoUnitarioLicitado),15-13*$AF$10),0)","v":0},{"$f":"IF($C131=\"S\",IF(OR(Import.TipoArredondamento<>\"TransfereGOV\",ACOMPANHAMENTO=\"BM\"),VTOTAL1,SUM(OFFSET(CÁLCULO!$AA$15,ROW($X131)-ROW($X$15),1):OFFSET(CÁLCULO!$AL$15,ROW($X131)-ROW($X$15),-1))),IF($C131=0,0,ROUND(SomaAgrup,15-13*$AF$11)))","v":0},"RA","",{"$f":"IF($C131=\"S\",IF($Z131=\"CP\",$X131,IF($Z131=\"RA\",(($X131)*QCI!$AA$3),0)),SomaAgrup)","v":0},0,{"$f":"IF($N131=\"\",\" \",\nIF(AND($C131<>\"S\",OR($R131=\"\",$R131=\"(digite a descrição aqui)\")),\"DESCRIÇÃO\",\nIF(AND($C131=\"S\",OR($Q131<>\"\",$T131>0,$U131>0),$P131=\"\"),\"FONTE\",\nIF(AND($C131=\"S\",$P131<>\"\",OR($T131>0,$U131>0),$Q131=\"\"),\"CÓDIGO\",\nIF(AND($C131=\"S\",$P131<>\"\",$Q131<>\"\",$R131=\"(Código não identificado nas referências)\"),\"CÓDIGO N/ID\",\nIF(AND($C131=\"S\",OR($R131=\"\",$R131=\"(digite a descrição aqui)\"),OR($Q131<>\"\",$T131>0,$U131>0)),\"DESCRIÇÃO\",\nIF(AND($C131=\"S\",$P131<>\"\",$Q131<>\"\",$S131=\"\"),\"UNIDADE\",\nIF(AND($C131=\"S\",$P131<>\"\",$Q131<>\"\",$U131=0),\"SEM CUSTO\",\nIF(AND(_xlfn.SINGLE(TIPOORCAMENTO)=\"Licitado\",$AL131=0,$AN131>0),\"SEM PREÇO\",\nIF(AND($C131=\"S\",$P131<>\"\",$Q131<>\"\",$U131>0,AND($V131<>\"BDI 1\",$V131<>\"BDI 2\",$V131<>\"BDI 3\")),IF(ISNUMBER($V131),\"JUSTIFICAR BDI\",\"BDI\"),\nIF(OR(AND(import.recurso=\"OGU\",TIPOORCAMENTO=\"Proposto\",LEFT($O$8,5)<>\"(N/D:\",$AG131<>\"\",ORÇAMENTO.CustoUnitario>$AG131),AND(TIPOORCAMENTO=\"LICITADO\",ORÇAMENTO.PrecoUnitarioLicitado>$AN131)),\"ACIMA REF.\",\nIF(AND($C131=\"S\",$P131<>\"\",$Q131<>\"\",$T131=0,$U131>0),\"QUANT.\",\nIF(AND(Import.TipoArredondamento=\"TransfereGOV\",$L131=\"F\",$C131=\"S\",LEN($Q131)>13),\"Código >13\",\nIF(AND(Import.TipoArredondamento=\"TransfereGOV\",$L131=\"F\",$C131<>\"S\",LEN($R131)>100),\"Descrição >100\",\nIF(AND(Import.TipoArredondamento=\"TransfereGOV\",$L131=\"F\",$C131=\"S\",LEN($R131)>500),\"Descrição >500\",\nIF(AND(Import.TipoArredondamento=\"TransfereGOV\",$L131=\"F\",$C131=\"S\",LEFT(TRIM(UPPER($P131)),6)<>\"SINAPI\",ISNA(VLOOKUP(TRIM(UPPER($S131)),ListaTgov.Unidades,1,FALSE))),\"Unid. Não Disp\",\n\" \"))))))))))))))))","v":{"$error":"#NAME?"}},{"$f":"IF(C131<=CRONO.NivelExibicao,MAX($AD$15:OFFSET(AD131,-1,0))+IF($C131<>1,1,MAX(1,COUNTIF(QCI!$A$13:$A$24,OFFSET($E131,-1,0)))),\"\")","v":""},{"$f":"IF(AND($C131=\"S\",ORÇAMENTO.CodBarra<>\"\"),IF(ORÇAMENTO.Fonte=\"\",ORÇAMENTO.CodBarra,CONCATENATE(ORÇAMENTO.Fonte,\" \",ORÇAMENTO.CodBarra)))","v":false},{"$f":"IF(ISERROR(INDIRECT(ORÇAMENTO.BancoRef)),\"(abra o arquivo 'Referência \"&Excel_BuiltIn_Database&\".xlsm)\",IF(OR($C131<>\"S\",ORÇAMENTO.CodBarra=\"\"),\"(Sem Código)\",IF(ISERROR(MATCH($AE131,INDIRECT(ORÇAMENTO.BancoRef),0)),\"(Código não identificado nas referências)\",MATCH($AE131,INDIRECT(ORÇAMENTO.BancoRef),0))))","v":"(Sem Código)"},{"$f":"ROUND(IF(DESONERACAO=\"sim\",REFERENCIA.Desonerado,REFERENCIA.NaoDesonerado),2)","v":0},0.26,null,null,null,null,0,0]
["S",3,"S",0,{"$f":"IF($C132=1,OFFSET(E132,-1,0)+MAX(1,COUNTIF(QCI!$A$13:$A$24,OFFSET(ORÇAMENTO!E132,-1,0))),OFFSET(E132,-1,0))","v":1},2,2,0,10,0,{"$f":"IF(OR($C132=\"S\",$C132=0),0,MATCH(OFFSET($D132,0,$C132)+IF($C132<>1,1,COUNTIF(QCI!$A$13:$A$24,ORÇAMENTO!E132)),OFFSET($D132,1,$C132,ROW($C$270)-ROW($C132)),0))","v":0},"","Serviço","Serviço","-","SINAPI",null,{"$f":"IF($C132=\"S\",REFERENCIA.Descricao,\"(digite a descrição aqui)\")","v":"(Sem Código)"},{"$f":"REFERENCIA.Unidade","v":"-"},{"$f":"OFFSET(CÁLCULO!H$15,ROW($T132)-ROW(T$15),0)","v":0},null,"BDI 1",{"$f":"IF($C132=\"S\",ROUND(IF(TIPOORCAMENTO=\"Proposto\",ORÇAMENTO.CustoUnitario*(1+$AH132),ORÇAMENTO.PrecoUnitarioLicitado),15-13*$AF$10),0)","v":0},{"$f":"IF($C132=\"S\",IF(OR(Import.TipoArredondamento<>\"TransfereGOV\",ACOMPANHAMENTO=\"BM\"),VTOTAL1,SUM(OFFSET(CÁLCULO!$AA$15,ROW($X132)-ROW($X$15),1):OFFSET(CÁLCULO!$AL$15,ROW($X132)-ROW($X$15),-1))),IF($C132=0,0,ROUND(SomaAgrup,15-13*$AF$11)))","v":0},"RA","",{"$f":"IF($C132=\"S\",IF($Z132=\"CP\",$X132,IF($Z132=\"RA\",(($X132)*QCI!$AA$3),0)),SomaAgrup)","v":0},0,{"$f":"IF($N132=\"\",\" \",\nIF(AND($C132<>\"S\",OR($R132=\"\",$R132=\"(digite a descrição aqui)\")),\"DESCRIÇÃO\",\nIF(AND($C132=\"S\",OR($Q132<>\"\",$T132>0,$U132>0),$P132=\"\"),\"FONTE\",\nIF(AND($C132=\"S\",$P132<>\"\",OR($T132>0,$U132>0),$Q132=\"\"),\"CÓDIGO\",\nIF(AND($C132=\"S\",$P132<>\"\",$Q132<>\"\",$R132=\"(Código não identificado nas referências)\"),\"CÓDIGO N/ID\",\nIF(AND($C132=\"S\",OR($R132=\"\",$R132=\"(digite a descrição aqui)\"),OR($Q132<>\"\",$T132>0,$U132>0)),\"DESCRIÇÃO\",\nIF(AND($C132=\"S\",$P132<>\"\",$Q132<>\"\",$S132=\"\"),\"UNIDADE\",\nIF(AND($C132=\"S\",$P132<>\"\",$Q132<>\"\",$U132=0),\"SEM CUSTO\",\nIF(AND(_xlfn.SINGLE(TIPOORCAMENTO)=\"Licitado\",$AL132=0,$AN132>0),\"SEM PREÇO\",\nIF(AND($C132=\"S\",$P132<>\"\",$Q132<>\"\",$U132>0,AND($V132<>\"BDI 1\",$V132<>\"BDI 2\",$V132<>\"BDI 3\")),IF(ISNUMBER($V132),\"JUSTIFICAR BDI\",\"BDI\"),\nIF(OR(AND(import.recurso=\"OGU\",TIPOORCAMENTO=\"Proposto\",LEFT($O$8,5)<>\"(N/D:\",$AG132<>\"\",ORÇAMENTO.CustoUnitario>$AG132),AND(TIPOORCAMENTO=\"LICITADO\",ORÇAMENTO.PrecoUnitarioLicitado>$AN132)),\"ACIMA REF.\",\nIF(AND($C132=\"S\",$P132<>\"\",$Q132<>\"\",$T132=0,$U132>0),\"QUANT.\",\nIF(AND(Import.TipoArredondamento=\"TransfereGOV\",$L132=\"F\",$C132=\"S\",LEN($Q132)>13),\"Código >13\",\nIF(AND(Import.TipoArredondamento=\"TransfereGOV\",$L132=\"F\",$C132<>\"S\",LEN($R132)>100),\"Descrição >100\",\nIF(AND(Import.TipoArredondamento=\"TransfereGOV\",$L132=\"F\",$C132=\"S\",LEN($R132)>500),\"Descrição >500\",\nIF(AND(Import.TipoArredondamento=\"TransfereGOV\",$L132=\"F\",$C132=\"S\",LEFT(TRIM(UPPER($P132)),6)<>\"SINAPI\",ISNA(VLOOKUP(TRIM(UPPER($S132)),ListaTgov.Unidades,1,FALSE))),\"Unid. Não Disp\",\n\" \"))))))))))))))))","v":{"$error":"#NAME?"}},{"$f":"IF(C132<=CRONO.NivelExibicao,MAX($AD$15:OFFSET(AD132,-1,0))+IF($C132<>1,1,MAX(1,COUNTIF(QCI!$A$13:$A$24,OFFSET($E132,-1,0)))),\"\")","v":""},{"$f":"IF(AND($C132=\"S\",ORÇAMENTO.CodBarra<>\"\"),IF(ORÇAMENTO.Fonte=\"\",ORÇAMENTO.CodBarra,CONCATENATE(ORÇAMENTO.Fonte,\" \",ORÇAMENTO.CodBarra)))","v":false},{"$f":"IF(ISERROR(INDIRECT(ORÇAMENTO.BancoRef)),\"(abra o arquivo 'Referência \"&Excel_BuiltIn_Database&\".xlsm)\",IF(OR($C132<>\"S\",ORÇAMENTO.CodBarra=\"\"),\"(Sem Código)\",IF(ISERROR(MATCH($AE132,INDIRECT(ORÇAMENTO.BancoRef),0)),\"(Código não identificado nas referências)\",MATCH($AE132,INDIRECT(ORÇAMENTO.BancoRef),0))))","v":"(Sem Código)"},{"$f":"ROUND(IF(DESONERACAO=\"sim\",REFERENCIA.Desonerado,REFERENCIA.NaoDesonerado),2)","v":0},0.26,null,null,null,null,0,0]
["S",3,"S",0,{"$f":"IF($C133=1,OFFSET(E133,-1,0)+MAX(1,COUNTIF(QCI!$A$13:$A$24,OFFSET(ORÇAMENTO!E133,-1,0))),OFFSET(E133,-1,0))","v":1},2,2,0,10,0,{"$f":"IF(OR($C133=\"S\",$C133=0),0,MATCH(OFFSET($D133,0,$C133)+IF($C133<>1,1,COUNTIF(QCI!$A$13:$A$24,ORÇAMENTO!E133)),OFFSET($D133,1,$C133,ROW($C$270)-ROW($C133)),0))","v":0},"","Serviço","Serviço","-","SINAPI",null,{"$f":"IF($C133=\"S\",REFERENCIA.Descricao,\"(digite a descrição aqui)\")","v":"(Sem Código)"},{"$f":"REFERENCIA.Unidade","v":"-"},{"$f":"OFFSET(CÁLCULO!H$15,ROW($T133)-ROW(T$15),0)","v":0},null,"BDI 1",{"$f":"IF($C133=\"S\",ROUND(IF(TIPOORCAMENTO=\"Proposto\",ORÇAMENTO.CustoUnitario*(1+$AH133),ORÇAMENTO.PrecoUnitarioLicitado),15-13*$AF$10),0)","v":0},{"$f":"IF($C133=\"S\",IF(OR(Import.TipoArredondamento<>\"TransfereGOV\",ACOMPANHAMENTO=\"BM\"),VTOTAL1,SUM(OFFSET(CÁLCULO!$AA$15,ROW($X133)-ROW($X$15),1):OFFSET(CÁLCULO!$AL$15,ROW($X133)-ROW($X$15),-1))),IF($C133=0,0,ROUND(SomaAgrup,15-13*$AF$11)))","v":0},"RA","",{"$f":"IF($C133=\"S\",IF($Z133=\"CP\",$X133,IF($Z133=\"RA\",(($X133)*QCI!$AA$3),0)),SomaAgrup)","v":0},0,{"$f":"IF($N133=\"\",\" \",\nIF(AND($C133<>\"S\",OR($R133=\"\",$R133=\"(digite a descrição aqui)\")),\"DESCRIÇÃO\",\nIF(AND($C133=\"S\",OR($Q133<>\"\",$T133>0,$U133>0),$P133=\"\"),\"FONTE\",\nIF(AND($C133=\"S\",$P133<>\"\",OR($T133>0,$U133>0),$Q133=\"\"),\"CÓDIGO\",\nIF(AND($C133=\"S\",$P133<>\"\",$Q133<>\"\",$R133=\"(Código não identificado nas referências)\"),\"CÓDIGO N/ID\",\nIF(AND($C133=\"S\",OR($R133=\"\",$R133=\"(digite a descrição aqui)\"),OR($Q133<>\"\",$T133>0,$U133>0)),\"DESCRIÇÃO\",\nIF(AND($C133=\"S\",$P133<>\"\",$Q133<>\"\",$S133=\"\"),\"UNIDADE\",\nIF(AND($C133=\"S\",$P133<>\"\",$Q133<>\"\",$U133=0),\"SEM CUSTO\",\nIF(AND(_xlfn.SINGLE(TIPOORCAMENTO)=\"Licitado\",$AL133=0,$AN133>0),\"SEM PREÇO\",\nIF(AND($C133=\"S\",$P133<>\"\",$Q133<>\"\",$U133>0,AND($V133<>\"BDI 1\",$V133<>\"BDI 2\",$V133<>\"BDI 3\")),IF(ISNUMBER($V133),\"JUSTIFICAR BDI\",\"BDI\"),\nIF(OR(AND(import.recurso=\"OGU\",TIPOORCAMENTO=\"Proposto\",LEFT($O$8,5)<>\"(N/D:\",$AG133<>\"\",ORÇAMENTO.CustoUnitario>$AG133),AND(TIPOORCAMENTO=\"LICITADO\",ORÇAMENTO.PrecoUnitarioLicitado>$AN133)),\"ACIMA REF.\",\nIF(AND($C133=\"S\",$P133<>\"\",$Q133<>\"\",$T133=0,$U133>0),\"QUANT.\",\nIF(AND(Import.TipoArredondamento=\"TransfereGOV\",$L133=\"F\",$C133=\"S\",LEN($Q133)>13),\"Código >13\",\nIF(AND(Import.TipoArredondamento=\"TransfereGOV\",$L133=\"F\",$C133<>\"S\",LEN($R133)>100),\"Descrição >100\",\nIF(AND(Import.TipoArredondamento=\"TransfereGOV\",$L133=\"F\",$C133=\"S\",LEN($R133)>500),\"Descrição >500\",\nIF(AND(Import.TipoArredondamento=\"TransfereGOV\",$L133=\"F\",$C133=\"S\",LEFT(TRIM(UPPER($P133)),6)<>\"SINAPI\",ISNA(VLOOKUP(TRIM(UPPER($S133)),ListaTgov.Unidades,1,FALSE))),\"Unid. Não Disp\",\n\" \"))))))))))))))))","v":{"$error":"#NAME?"}},{"$f":"IF(C133<=CRONO.NivelExibicao,MAX($AD$15:OFFSET(AD133,-1,0))+IF($C133<>1,1,MAX(1,COUNTIF(QCI!$A$13:$A$24,OFFSET($E133,-1,0)))),\"\")","v":""},{"$f":"IF(AND($C133=\"S\",ORÇAMENTO.CodBarra<>\"\"),IF(ORÇAMENTO.Fonte=\"\",ORÇAMENTO.CodBarra,CONCATENATE(ORÇAMENTO.Fonte,\" \",ORÇAMENTO.CodBarra)))","v":false},{"$f":"IF(ISERROR(INDIRECT(ORÇAMENTO.BancoRef)),\"(abra o arquivo 'Referência \"&Excel_BuiltIn_Database&\".xlsm)\",IF(OR($C133<>\"S\",ORÇAMENTO.CodBarra=\"\"),\"(Sem Código)\",IF(ISERROR(MATCH($AE133,INDIRECT(ORÇAMENTO.BancoRef),0)),\"(Código não identificado nas referências)\",MATCH($AE133,INDIRECT(ORÇAMENTO.BancoRef),0))))","v":"(Sem Código)"},{"$f":"ROUND(IF(DESONERACAO=\"sim\",REFERENCIA.Desonerado,REFERENCIA.NaoDesonerado),2)","v":0},0.26,null,null,null,null,0,0]
["S",3,"S",0,{"$f":"IF($C134=1,OFFSET(E134,-1,0)+MAX(1,COUNTIF(QCI!$A$13:$A$24,OFFSET(ORÇAMENTO!E134,-1,0))),OFFSET(E134,-1,0))","v":1},2,2,0,10,0,{"$f":"IF(OR($C134=\"S\",$C134=0),0,MATCH(OFFSET($D134,0,$C134)+IF($C134<>1,1,COUNTIF(QCI!$A$13:$A$24,ORÇAMENTO!E134)),OFFSET($D134,1,$C134,ROW($C$270)-ROW($C134)),0))","v":0},"","Serviço","Serviço","-","SINAPI",null,{"$f":"IF($C134=\"S\",REFERENCIA.Descricao,\"(digite a descrição aqui)\")","v":"(Sem Código)"},{"$f":"REFERENCIA.Unidade","v":"-"},{"$f":"OFFSET(CÁLCULO!H$15,ROW($T134)-ROW(T$15),0)","v":0},null,"BDI 1",{"$f":"IF($C134=\"S\",ROUND(IF(TIPOORCAMENTO=\"Proposto\",ORÇAMENTO.CustoUnitario*(1+$AH134),ORÇAMENTO.PrecoUnitarioLicitado),15-13*$AF$10),0)","v":0},{"$f":"IF($C134=\"S\",IF(OR(Import.TipoArredondamento<>\"TransfereGOV\",ACOMPANHAMENTO=\"BM\"),VTOTAL1,SUM(OFFSET(CÁLCULO!$AA$15,ROW($X134)-ROW($X$15),1):OFFSET(CÁLCULO!$AL$15,ROW($X134)-ROW($X$15),-1))),IF($C134=0,0,ROUND(SomaAgrup,15-13*$AF$11)))","v":0},"RA","",{"$f":"IF($C134=\"S\",IF($Z134=\"CP\",$X134,IF($Z134=\"RA\",(($X134)*QCI!$AA$3),0)),SomaAgrup)","v":0},0,{"$f":"IF($N134=\"\",\" \",\nIF(AND($C134<>\"S\",OR($R134=\"\",$R134=\"(digite a descrição aqui)\")),\"DESCRIÇÃO\",\nIF(AND($C134=\"S\",OR($Q134<>\"\",$T134>0,$U134>0),$P134=\"\"),\"FONTE\",\nIF(AND($C134=\"S\",$P134<>\"\",OR($T134>0,$U134>0),$Q134=\"\"),\"CÓDIGO\",\nIF(AND($C134=\"S\",$P134<>\"\",$Q134<>\"\",$R134=\"(Código não identificado nas referências)\"),\"CÓDIGO N/ID\",\nIF(AND($C134=\"S\",OR($R134=\"\",$R134=\"(digite a descrição aqui)\"),OR($Q134<>\"\",$T134>0,$U134>0)),\"DESCRIÇÃO\",\nIF(AND($C134=\"S\",$P134<>\"\",$Q134<>\"\",$S134=\"\"),\"UNIDADE\",\nIF(AND($C134=\"S\",$P134<>\"\",$Q134<>\"\",$U134=0),\"SEM CUSTO\",\nIF(AND(_xlfn.SINGLE(TIPOORCAMENTO)=\"Licitado\",$AL134=0,$AN134>0),\"SEM PREÇO\",\nIF(AND($C134=\"S\",$P134<>\"\",$Q134<>\"\",$U134>0,AND($V134<>\"BDI 1\",$V134<>\"BDI 2\",$V134<>\"BDI 3\")),IF(ISNUMBER($V134),\"JUSTIFICAR BDI\",\"BDI\"),\nIF(OR(AND(import.recurso=\"OGU\",TIPOORCAMENTO=\"Proposto\",LEFT($O$8,5)<>\"(N/D:\",$AG134<>\"\",ORÇAMENTO.CustoUnitario>$AG134),AND(TIPOORCAMENTO=\"LICITADO\",ORÇAMENTO.PrecoUnitarioLicitado>$AN134)),\"ACIMA REF.\",\nIF(AND($C134=\"S\",$P134<>\"\",$Q134<>\"\",$T134=0,$U134>0),\"QUANT.\",\nIF(AND(Import.TipoArredondamento=\"TransfereGOV\",$L134=\"F\",$C134=\"S\",LEN($Q134)>13),\"Código >13\",\nIF(AND(Import.TipoArredondamento=\"TransfereGOV\",$L134=\"F\",$C134<>\"S\",LEN($R134)>100),\"Descrição >100\",\nIF(AND(Import.TipoArredondamento=\"TransfereGOV\",$L134=\"F\",$C134=\"S\",LEN($R134)>500),\"Descrição >500\",\nIF(AND(Import.TipoArredondamento=\"TransfereGOV\",$L134=\"F\",$C134=\"S\",LEFT(TRIM(UPPER($P134)),6)<>\"SINAPI\",ISNA(VLOOKUP(TRIM(UPPER($S134)),ListaTgov.Unidades,1,FALSE))),\"Unid. Não Disp\",\n\" \"))))))))))))))))","v":{"$error":"#NAME?"}},{"$f":"IF(C134<=CRONO.NivelExibicao,MAX($AD$15:OFFSET(AD134,-1,0))+IF($C134<>1,1,MAX(1,COUNTIF(QCI!$A$13:$A$24,OFFSET($E134,-1,0)))),\"\")","v":""},{"$f":"IF(AND($C134=\"S\",ORÇAMENTO.CodBarra<>\"\"),IF(ORÇAMENTO.Fonte=\"\",ORÇAMENTO.CodBarra,CONCATENATE(ORÇAMENTO.Fonte,\" \",ORÇAMENTO.CodBarra)))","v":false},{"$f":"IF(ISERROR(INDIRECT(ORÇAMENTO.BancoRef)),\"(abra o arquivo 'Referência \"&Excel_BuiltIn_Database&\".xlsm)\",IF(OR($C134<>\"S\",ORÇAMENTO.CodBarra=\"\"),\"(Sem Código)\",IF(ISERROR(MATCH($AE134,INDIRECT(ORÇAMENTO.BancoRef),0)),\"(Código não identificado nas referências)\",MATCH($AE134,INDIRECT(ORÇAMENTO.BancoRef),0))))","v":"(Sem Código)"},{"$f":"ROUND(IF(DESONERACAO=\"sim\",REFERENCIA.Desonerado,REFERENCIA.NaoDesonerado),2)","v":0},0.26,null,null,null,null,0,0]
["S",3,"S",0,{"$f":"IF($C135=1,OFFSET(E135,-1,0)+MAX(1,COUNTIF(QCI!$A$13:$A$24,OFFSET(ORÇAMENTO!E135,-1,0))),OFFSET(E135,-1,0))","v":1},2,2,0,10,0,{"$f":"IF(OR($C135=\"S\",$C135=0),0,MATCH(OFFSET($D135,0,$C135)+IF($C135<>1,1,COUNTIF(QCI!$A$13:$A$24,ORÇAMENTO!E135)),OFFSET($D135,1,$C135,ROW($C$270)-ROW($C135)),0))","v":0},"","Serviço","Serviço","-","SINAPI",null,{"$f":"IF($C135=\"S\",REFERENCIA.Descricao,\"(digite a descrição aqui)\")","v":"(Sem Código)"},{"$f":"REFERENCIA.Unidade","v":"-"},{"$f":"OFFSET(CÁLCULO!H$15,ROW($T135)-ROW(T$15),0)","v":0},null,"BDI 1",{"$f":"IF($C135=\"S\",ROUND(IF(TIPOORCAMENTO=\"Proposto\",ORÇAMENTO.CustoUnitario*(1+$AH135),ORÇAMENTO.PrecoUnitarioLicitado),15-13*$AF$10),0)","v":0},{"$f":"IF($C135=\"S\",IF(OR(Import.TipoArredondamento<>\"TransfereGOV\",ACOMPANHAMENTO=\"BM\"),VTOTAL1,SUM(OFFSET(CÁLCULO!$AA$15,ROW($X135)-ROW($X$15),1):OFFSET(CÁLCULO!$AL$15,ROW($X135)-ROW($X$15),-1))),IF($C135=0,0,ROUND(SomaAgrup,15-13*$AF$11)))","v":0},"RA","",{"$f":"IF($C135=\"S\",IF($Z135=\"CP\",$X135,IF($Z135=\"RA\",(($X135)*QCI!$AA$3),0)),SomaAgrup)","v":0},0,{"$f":"IF($N135=\"\",\" \",\nIF(AND($C135<>\"S\",OR($R135=\"\",$R135=\"(digite a descrição aqui)\")),\"DESCRIÇÃO\",\nIF(AND($C135=\"S\",OR($Q135<>\"\",$T135>0,$U135>0),$P135=\"\"),\"FONTE\",\nIF(AND($C135=\"S\",$P135<>\"\",OR($T135>0,$U135>0),$Q135=\"\"),\"CÓDIGO\",\nIF(AND($C135=\"S\",$P135<>\"\",$Q135<>\"\",$R135=\"(Código não identificado nas referências)\"),\"CÓDIGO N/ID\",\nIF(AND($C135=\"S\",OR($R135=\"\",$R135=\"(digite a descrição aqui)\"),OR($Q135<>\"\",$T135>0,$U135>0)),\"DESCRIÇÃO\",\nIF(AND($C135=\"S\",$P135<>\"\",$Q135<>\"\",$S135=\"\"),\"UNIDADE\",\nIF(AND($C135=\"S\",$P135<>\"\",$Q135<>\"\",$U135=0),\"SEM CUSTO\",\nIF(AND(_xlfn.SINGLE(TIPOORCAMENTO)=\"Licitado\",$AL135=0,$AN135>0),\"SEM PREÇO\",\nIF(AND($C135=\"S\",$P135<>\"\",$Q135<>\"\",$U135>0,AND($V135<>\"BDI 1\",$V135<>\"BDI 2\",$V135<>\"BDI 3\")),IF(ISNUMBER($V135),\"JUSTIFICAR BDI\",\"BDI\"),\nIF(OR(AND(import.recurso=\"OGU\",TIPOORCAMENTO=\"Proposto\",LEFT($O$8,5)<>\"(N/D:\",$AG135<>\"\",ORÇAMENTO.CustoUnitario>$AG135),AND(TIPOORCAMENTO=\"LICITADO\",ORÇAMENTO.PrecoUnitarioLicitado>$AN135)),\"ACIMA REF.\",\nIF(AND($C135=\"S\",$P135<>\"\",$Q135<>\"\",$T135=0,$U135>0),\"QUANT.\",\nIF(AND(Import.TipoArredondamento=\"TransfereGOV\",$L135=\"F\",$C135=\"S\",LEN($Q135)>13),\"Código >13\",\nIF(AND(Import.TipoArredondamento=\"TransfereGOV\",$L135=\"F\",$C135<>\"S\",LEN($R135)>100),\"Descrição >100\",\nIF(AND(Import.TipoArredondamento=\"TransfereGOV\",$L135=\"F\",$C135=\"S\",LEN($R135)>500),\"Descrição >500\",\nIF(AND(Import.TipoArredondamento=\"TransfereGOV\",$L135=\"F\",$C135=\"S\",LEFT(TRIM(UPPER($P135)),6)<>\"SINAPI\",ISNA(VLOOKUP(TRIM(UPPER($S135)),ListaTgov.Unidades,1,FALSE))),\"Unid. Não Disp\",\n\" \"))))))))))))))))","v":{"$error":"#NAME?"}},{"$f":"IF(C135<=CRONO.NivelExibicao,MAX($AD$15:OFFSET(AD135,-1,0))+IF($C135<>1,1,MAX(1,COUNTIF(QCI!$A$13:$A$24,OFFSET($E135,-1,0)))),\"\")","v":""},{"$f":"IF(AND($C135=\"S\",ORÇAMENTO.CodBarra<>\"\"),IF(ORÇAMENTO.Fonte=\"\",ORÇAMENTO.CodBarra,CONCATENATE(ORÇAMENTO.Fonte,\" \",ORÇAMENTO.CodBarra)))","v":false},{"$f":"IF(ISERROR(INDIRECT(ORÇAMENTO.BancoRef)),\"(abra o arquivo 'Referência \"&Excel_BuiltIn_Database&\".xlsm)\",IF(OR($C135<>\"S\",ORÇAMENTO.CodBarra=\"\"),\"(Sem Código)\",IF(ISERROR(MATCH($AE135,INDIRECT(ORÇAMENTO.BancoRef),0)),\"(Código não identificado nas referências)\",MATCH($AE135,INDIRECT(ORÇAMENTO.BancoRef),0))))","v":"(Sem Código)"},{"$f":"ROUND(IF(DESONERACAO=\"sim\",REFERENCIA.Desonerado,REFERENCIA.NaoDesonerado),2)","v":0},0.26,null,null,null,null,0,0]
["S",3,"S",0,{"$f":"IF($C136=1,OFFSET(E136,-1,0)+MAX(1,COUNTIF(QCI!$A$13:$A$24,OFFSET(ORÇAMENTO!E136,-1,0))),OFFSET(E136,-1,0))","v":1},2,2,0,10,0,{"$f":"IF(OR($C136=\"S\",$C136=0),0,MATCH(OFFSET($D136,0,$C136)+IF($C136<>1,1,COUNTIF(QCI!$A$13:$A$24,ORÇAMENTO!E136)),OFFSET($D136,1,$C136,ROW($C$270)-ROW($C136)),0))","v":0},"","Serviço","Serviço","-","SINAPI",null,{"$f":"IF($C136=\"S\",REFERENCIA.Descricao,\"(digite a descrição aqui)\")","v":"(Sem Código)"},{"$f":"REFERENCIA.Unidade","v":"-"},{"$f":"OFFSET(CÁLCULO!H$15,ROW($T136)-ROW(T$15),0)","v":0},null,"BDI 1",{"$f":"IF($C136=\"S\",ROUND(IF(TIPOORCAMENTO=\"Proposto\",ORÇAMENTO.CustoUnitario*(1+$AH136),ORÇAMENTO.PrecoUnitarioLicitado),15-13*$AF$10),0)","v":0},{"$f":"IF($C136=\"S\",IF(OR(Import.TipoArredondamento<>\"TransfereGOV\",ACOMPANHAMENTO=\"BM\"),VTOTAL1,SUM(OFFSET(CÁLCULO!$AA$15,ROW($X136)-ROW($X$15),1):OFFSET(CÁLCULO!$AL$15,ROW($X136)-ROW($X$15),-1))),IF($C136=0,0,ROUND(SomaAgrup,15-13*$AF$11)))","v":0},"RA","",{"$f":"IF($C136=\"S\",IF($Z136=\"CP\",$X136,IF($Z136=\"RA\",(($X136)*QCI!$AA$3),0)),SomaAgrup)","v":0},0,{"$f":"IF($N136=\"\",\" \",\nIF(AND($C136<>\"S\",OR($R136=\"\",$R136=\"(digite a descrição aqui)\")),\"DESCRIÇÃO\",\nIF(AND($C136=\"S\",OR($Q136<>\"\",$T136>0,$U136>0),$P136=\"\"),\"FONTE\",\nIF(AND($C136=\"S\",$P136<>\"\",OR($T136>0,$U136>0),$Q136=\"\"),\"CÓDIGO\",\nIF(AND($C136=\"S\",$P136<>\"\",$Q136<>\"\",$R136=\"(Código não identificado nas referências)\"),\"CÓDIGO N/ID\",\nIF(AND($C136=\"S\",OR($R136=\"\",$R136=\"(digite a descrição aqui)\"),OR($Q136<>\"\",$T136>0,$U136>0)),\"DESCRIÇÃO\",\nIF(AND($C136=\"S\",$P136<>\"\",$Q136<>\"\",$S136=\"\"),\"UNIDADE\",\nIF(AND($C136=\"S\",$P136<>\"\",$Q136<>\"\",$U136=0),\"SEM CUSTO\",\nIF(AND(_xlfn.SINGLE(TIPOORCAMENTO)=\"Licitado\",$AL136=0,$AN136>0),\"SEM PREÇO\",\nIF(AND($C136=\"S\",$P136<>\"\",$Q136<>\"\",$U136>0,AND($V136<>\"BDI 1\",$V136<>\"BDI 2\",$V136<>\"BDI 3\")),IF(ISNUMBER($V136),\"JUSTIFICAR BDI\",\"BDI\"),\nIF(OR(AND(import.recurso=\"OGU\",TIPOORCAMENTO=\"Proposto\",LEFT($O$8,5)<>\"(N/D:\",$AG136<>\"\",ORÇAMENTO.CustoUnitario>$AG136),AND(TIPOORCAMENTO=\"LICITADO\",ORÇAMENTO.PrecoUnitarioLicitado>$AN136)),\"ACIMA REF.\",\nIF(AND($C136=\"S\",$P136<>\"\",$Q136<>\"\",$T136=0,$U136>0),\"QUANT.\",\nIF(AND(Import.TipoArredondamento=\"TransfereGOV\",$L136=\"F\",$C136=\"S\",LEN($Q136)>13),\"Código >13\",\nIF(AND(Import.TipoArredondamento=\"TransfereGOV\",$L136=\"F\",$C136<>\"S\",LEN($R136)>100),\"Descrição >100\",\nIF(AND(Import.TipoArredondamento=\"TransfereGOV\",$L136=\"F\",$C136=\"S\",LEN($R136)>500),\"Descrição >500\",\nIF(AND(Import.TipoArredondamento=\"TransfereGOV\",$L136=\"F\",$C136=\"S\",LEFT(TRIM(UPPER($P136)),6)<>\"SINAPI\",ISNA(VLOOKUP(TRIM(UPPER($S136)),ListaTgov.Unidades,1,FALSE))),\"Unid. Não Disp\",\n\" \"))))))))))))))))","v":{"$error":"#NAME?"}},{"$f":"IF(C136<=CRONO.NivelExibicao,MAX($AD$15:OFFSET(AD136,-1,0))+IF($C136<>1,1,MAX(1,COUNTIF(QCI!$A$13:$A$24,OFFSET($E136,-1,0)))),\"\")","v":""},{"$f":"IF(AND($C136=\"S\",ORÇAMENTO.CodBarra<>\"\"),IF(ORÇAMENTO.Fonte=\"\",ORÇAMENTO.CodBarra,CONCATENATE(ORÇAMENTO.Fonte,\" \",ORÇAMENTO.CodBarra)))","v":false},{"$f":"IF(ISERROR(INDIRECT(ORÇAMENTO.BancoRef)),\"(abra o arquivo 'Referência \"&Excel_BuiltIn_Database&\".xlsm)\",IF(OR($C136<>\"S\",ORÇAMENTO.CodBarra=\"\"),\"(Sem Código)\",IF(ISERROR(MATCH($AE136,INDIRECT(ORÇAMENTO.BancoRef),0)),\"(Código não identificado nas referências)\",MATCH($AE136,INDIRECT(ORÇAMENTO.BancoRef),0))))","v":"(Sem Código)"},{"$f":"ROUND(IF(DESONERACAO=\"sim\",REFERENCIA.Desonerado,REFERENCIA.NaoDesonerado),2)","v":0},0.26,null,null,null,null,0,0]
["S",3,"S",0,{"$f":"IF($C137=1,OFFSET(E137,-1,0)+MAX(1,COUNTIF(QCI!$A$13:$A$24,OFFSET(ORÇAMENTO!E137,-1,0))),OFFSET(E137,-1,0))","v":1},2,2,0,10,0,{"$f":"IF(OR($C137=\"S\",$C137=0),0,MATCH(OFFSET($D137,0,$C137)+IF($C137<>1,1,COUNTIF(QCI!$A$13:$A$24,ORÇAMENTO!E137)),OFFSET($D137,1,$C137,ROW($C$270)-ROW($C137)),0))","v":0},"","Serviço","Serviço","-","SINAPI",null,{"$f":"IF($C137=\"S\",REFERENCIA.Descricao,\"(digite a descrição aqui)\")","v":"(Sem Código)"},{"$f":"REFERENCIA.Unidade","v":"-"},{"$f":"OFFSET(CÁLCULO!H$15,ROW($T137)-ROW(T$15),0)","v":0},null,"BDI 1",{"$f":"IF($C137=\"S\",ROUND(IF(TIPOORCAMENTO=\"Proposto\",ORÇAMENTO.CustoUnitario*(1+$AH137),ORÇAMENTO.PrecoUnitarioLicitado),15-13*$AF$10),0)","v":0},{"$f":"IF($C137=\"S\",IF(OR(Import.TipoArredondamento<>\"TransfereGOV\",ACOMPANHAMENTO=\"BM\"),VTOTAL1,SUM(OFFSET(CÁLCULO!$AA$15,ROW($X137)-ROW($X$15),1):OFFSET(CÁLCULO!$AL$15,ROW($X137)-ROW($X$15),-1))),IF($C137=0,0,ROUND(SomaAgrup,15-13*$AF$11)))","v":0},"RA","",{"$f":"IF($C137=\"S\",IF($Z137=\"CP\",$X137,IF($Z137=\"RA\",(($X137)*QCI!$AA$3),0)),SomaAgrup)","v":0},0,{"$f":"IF($N137=\"\",\" \",\nIF(AND($C137<>\"S\",OR($R137=\"\",$R137=\"(digite a descrição aqui)\")),\"DESCRIÇÃO\",\nIF(AND($C137=\"S\",OR($Q137<>\"\",$T137>0,$U137>0),$P137=\"\"),\"FONTE\",\nIF(AND($C137=\"S\",$P137<>\"\",OR($T137>0,$U137>0),$Q137=\"\"),\"CÓDIGO\",\nIF(AND($C137=\"S\",$P137<>\"\",$Q137<>\"\",$R137=\"(Código não identificado nas referências)\"),\"CÓDIGO N/ID\",\nIF(AND($C137=\"S\",OR($R137=\"\",$R137=\"(digite a descrição aqui)\"),OR($Q137<>\"\",$T137>0,$U137>0)),\"DESCRIÇÃO\",\nIF(AND($C137=\"S\",$P137<>\"\",$Q137<>\"\",$S137=\"\"),\"UNIDADE\",\nIF(AND($C137=\"S\",$P137<>\"\",$Q137<>\"\",$U137=0),\"SEM CUSTO\",\nIF(AND(_xlfn.SINGLE(TIPOORCAMENTO)=\"Licitado\",$AL137=0,$AN137>0),\"SEM PREÇO\",\nIF(AND($C137=\"S\",$P137<>\"\",$Q137<>\"\",$U137>0,AND($V137<>\"BDI 1\",$V137<>\"BDI 2\",$V137<>\"BDI 3\")),IF(ISNUMBER($V137),\"JUSTIFICAR BDI\",\"BDI\"),\nIF(OR(AND(import.recurso=\"OGU\",TIPOORCAMENTO=\"Proposto\",LEFT($O$8,5)<>\"(N/D:\",$AG137<>\"\",ORÇAMENTO.CustoUnitario>$AG137),AND(TIPOORCAMENTO=\"LICITADO\",ORÇAMENTO.PrecoUnitarioLicitado>$AN137)),\"ACIMA REF.\",\nIF(AND($C137=\"S\",$P137<>\"\",$Q137<>\"\",$T137=0,$U137>0),\"QUANT.\",\nIF(AND(Import.TipoArredondamento=\"TransfereGOV\",$L137=\"F\",$C137=\"S\",LEN($Q137)>13),\"Código >13\",\nIF(AND(Import.TipoArredondamento=\"TransfereGOV\",$L137=\"F\",$C137<>\"S\",LEN($R137)>100),\"Descrição >100\",\nIF(AND(Import.TipoArredondamento=\"TransfereGOV\",$L137=\"F\",$C137=\"S\",LEN($R137)>500),\"Descrição >500\",\nIF(AND(Import.TipoArredondamento=\"TransfereGOV\",$L137=\"F\",$C137=\"S\",LEFT(TRIM(UPPER($P137)),6)<>\"SINAPI\",ISNA(VLOOKUP(TRIM(UPPER($S137)),ListaTgov.Unidades,1,FALSE))),\"Unid. Não Disp\",\n\" \"))))))))))))))))","v":{"$error":"#NAME?"}},{"$f":"IF(C137<=CRONO.NivelExibicao,MAX($AD$15:OFFSET(AD137,-1,0))+IF($C137<>1,1,MAX(1,COUNTIF(QCI!$A$13:$A$24,OFFSET($E137,-1,0)))),\"\")","v":""},{"$f":"IF(AND($C137=\"S\",ORÇAMENTO.CodBarra<>\"\"),IF(ORÇAMENTO.Fonte=\"\",ORÇAMENTO.CodBarra,CONCATENATE(ORÇAMENTO.Fonte,\" \",ORÇAMENTO.CodBarra)))","v":false},{"$f":"IF(ISERROR(INDIRECT(ORÇAMENTO.BancoRef)),\"(abra o arquivo 'Referência \"&Excel_BuiltIn_Database&\".xlsm)\",IF(OR($C137<>\"S\",ORÇAMENTO.CodBarra=\"\"),\"(Sem Código)\",IF(ISERROR(MATCH($AE137,INDIRECT(ORÇAMENTO.BancoRef),0)),\"(Código não identificado nas referências)\",MATCH($AE137,INDIRECT(ORÇAMENTO.BancoRef),0))))","v":"(Sem Código)"},{"$f":"ROUND(IF(DESONERACAO=\"sim\",REFERENCIA.Desonerado,REFERENCIA.NaoDesonerado),2)","v":0},0.26,null,null,null,null,0,0]
["S",3,"S",0,{"$f":"IF($C138=1,OFFSET(E138,-1,0)+MAX(1,COUNTIF(QCI!$A$13:$A$24,OFFSET(ORÇAMENTO!E138,-1,0))),OFFSET(E138,-1,0))","v":1},2,2,0,10,0,{"$f":"IF(OR($C138=\"S\",$C138=0),0,MATCH(OFFSET($D138,0,$C138)+IF($C138<>1,1,COUNTIF(QCI!$A$13:$A$24,ORÇAMENTO!E138)),OFFSET($D138,1,$C138,ROW($C$270)-ROW($C138)),0))","v":0},"","Serviço","Serviço","-","SINAPI",null,{"$f":"IF($C138=\"S\",REFERENCIA.Descricao,\"(digite a descrição aqui)\")","v":"(Sem Código)"},{"$f":"REFERENCIA.Unidade","v":"-"},{"$f":"OFFSET(CÁLCULO!H$15,ROW($T138)-ROW(T$15),0)","v":0},null,"BDI 1",{"$f":"IF($C138=\"S\",ROUND(IF(TIPOORCAMENTO=\"Proposto\",ORÇAMENTO.CustoUnitario*(1+$AH138),ORÇAMENTO.PrecoUnitarioLicitado),15-13*$AF$10),0)","v":0},{"$f":"IF($C138=\"S\",IF(OR(Import.TipoArredondamento<>\"TransfereGOV\",ACOMPANHAMENTO=\"BM\"),VTOTAL1,SUM(OFFSET(CÁLCULO!$AA$15,ROW($X138)-ROW($X$15),1):OFFSET(CÁLCULO!$AL$15,ROW($X138)-ROW($X$15),-1))),IF($C138=0,0,ROUND(SomaAgrup,15-13*$AF$11)))","v":0},"RA","",{"$f":"IF($C138=\"S\",IF($Z138=\"CP\",$X138,IF($Z138=\"RA\",(($X138)*QCI!$AA$3),0)),SomaAgrup)","v":0},0,{"$f":"IF($N138=\"\",\" \",\nIF(AND($C138<>\"S\",OR($R138=\"\",$R138=\"(digite a descrição aqui)\")),\"DESCRIÇÃO\",\nIF(AND($C138=\"S\",OR($Q138<>\"\",$T138>0,$U138>0),$P138=\"\"),\"FONTE\",\nIF(AND($C138=\"S\",$P138<>\"\",OR($T138>0,$U138>0),$Q138=\"\"),\"CÓDIGO\",\nIF(AND($C138=\"S\",$P138<>\"\",$Q138<>\"\",$R138=\"(Código não identificado nas referências)\"),\"CÓDIGO N/ID\",\nIF(AND($C138=\"S\",OR($R138=\"\",$R138=\"(digite a descrição aqui)\"),OR($Q138<>\"\",$T138>0,$U138>0)),\"DESCRIÇÃO\",\nIF(AND($C138=\"S\",$P138<>\"\",$Q138<>\"\",$S138=\"\"),\"UNIDADE\",\nIF(AND($C138=\"S\",$P138<>\"\",$Q138<>\"\",$U138=0),\"SEM CUSTO\",\nIF(AND(_xlfn.SINGLE(TIPOORCAMENTO)=\"Licitado\",$AL138=0,$AN138>0),\"SEM PREÇO\",\nIF(AND($C138=\"S\",$P138<>\"\",$Q138<>\"\",$U138>0,AND($V138<>\"BDI 1\",$V138<>\"BDI 2\",$V138<>\"BDI 3\")),IF(ISNUMBER($V138),\"JUSTIFICAR BDI\",\"BDI\"),\nIF(OR(AND(import.recurso=\"OGU\",TIPOORCAMENTO=\"Proposto\",LEFT($O$8,5)<>\"(N/D:\",$AG138<>\"\",ORÇAMENTO.CustoUnitario>$AG138),AND(TIPOORCAMENTO=\"LICITADO\",ORÇAMENTO.PrecoUnitarioLicitado>$AN138)),\"ACIMA REF.\",\nIF(AND($C138=\"S\",$P138<>\"\",$Q138<>\"\",$T138=0,$U138>0),\"QUANT.\",\nIF(AND(Import.TipoArredondamento=\"TransfereGOV\",$L138=\"F\",$C138=\"S\",LEN($Q138)>13),\"Código >13\",\nIF(AND(Import.TipoArredondamento=\"TransfereGOV\",$L138=\"F\",$C138<>\"S\",LEN($R138)>100),\"Descrição >100\",\nIF(AND(Import.TipoArredondamento=\"TransfereGOV\",$L138=\"F\",$C138=\"S\",LEN($R138)>500),\"Descrição >500\",\nIF(AND(Import.TipoArredondamento=\"TransfereGOV\",$L138=\"F\",$C138=\"S\",LEFT(TRIM(UPPER($P138)),6)<>\"SINAPI\",ISNA(VLOOKUP(TRIM(UPPER($S138)),ListaTgov.Unidades,1,FALSE))),\"Unid. Não Disp\",\n\" \"))))))))))))))))","v":{"$error":"#NAME?"}},{"$f":"IF(C138<=CRONO.NivelExibicao,MAX($AD$15:OFFSET(AD138,-1,0))+IF($C138<>1,1,MAX(1,COUNTIF(QCI!$A$13:$A$24,OFFSET($E138,-1,0)))),\"\")","v":""},{"$f":"IF(AND($C138=\"S\",ORÇAMENTO.CodBarra<>\"\"),IF(ORÇAMENTO.Fonte=\"\",ORÇAMENTO.CodBarra,CONCATENATE(ORÇAMENTO.Fonte,\" \",ORÇAMENTO.CodBarra)))","v":false},{"$f":"IF(ISERROR(INDIRECT(ORÇAMENTO.BancoRef)),\"(abra o arquivo 'Referência \"&Excel_BuiltIn_Database&\".xlsm)\",IF(OR($C138<>\"S\",ORÇAMENTO.CodBarra=\"\"),\"(Sem Código)\",IF(ISERROR(MATCH($AE138,INDIRECT(ORÇAMENTO.BancoRef),0)),\"(Código não identificado nas referências)\",MATCH($AE138,INDIRECT(ORÇAMENTO.BancoRef),0))))","v":"(Sem Código)"},{"$f":"ROUND(IF(DESONERACAO=\"sim\",REFERENCIA.Desonerado,REFERENCIA.NaoDesonerado),2)","v":0},0.26,null,null,null,null,0,0]
["S",3,"S",0,{"$f":"IF($C139=1,OFFSET(E139,-1,0)+MAX(1,COUNTIF(QCI!$A$13:$A$24,OFFSET(ORÇAMENTO!E139,-1,0))),OFFSET(E139,-1,0))","v":1},2,2,0,10,0,{"$f":"IF(OR($C139=\"S\",$C139=0),0,MATCH(OFFSET($D139,0,$C139)+IF($C139<>1,1,COUNTIF(QCI!$A$13:$A$24,ORÇAMENTO!E139)),OFFSET($D139,1,$C139,ROW($C$270)-ROW($C139)),0))","v":0},"","Serviço","Serviço","-","SINAPI",null,{"$f":"IF($C139=\"S\",REFERENCIA.Descricao,\"(digite a descrição aqui)\")","v":"(Sem Código)"},{"$f":"REFERENCIA.Unidade","v":"-"},{"$f":"OFFSET(CÁLCULO!H$15,ROW($T139)-ROW(T$15),0)","v":0},null,"BDI 1",{"$f":"IF($C139=\"S\",ROUND(IF(TIPOORCAMENTO=\"Proposto\",ORÇAMENTO.CustoUnitario*(1+$AH139),ORÇAMENTO.PrecoUnitarioLicitado),15-13*$AF$10),0)","v":0},{"$f":"IF($C139=\"S\",IF(OR(Import.TipoArredondamento<>\"TransfereGOV\",ACOMPANHAMENTO=\"BM\"),VTOTAL1,SUM(OFFSET(CÁLCULO!$AA$15,ROW($X139)-ROW($X$15),1):OFFSET(CÁLCULO!$AL$15,ROW($X139)-ROW($X$15),-1))),IF($C139=0,0,ROUND(SomaAgrup,15-13*$AF$11)))","v":0},"RA","",{"$f":"IF($C139=\"S\",IF($Z139=\"CP\",$X139,IF($Z139=\"RA\",(($X139)*QCI!$AA$3),0)),SomaAgrup)","v":0},0,{"$f":"IF($N139=\"\",\" \",\nIF(AND($C139<>\"S\",OR($R139=\"\",$R139=\"(digite a descrição aqui)\")),\"DESCRIÇÃO\",\nIF(AND($C139=\"S\",OR($Q139<>\"\",$T139>0,$U139>0),$P139=\"\"),\"FONTE\",\nIF(AND($C139=\"S\",$P139<>\"\",OR($T139>0,$U139>0),$Q139=\"\"),\"CÓDIGO\",\nIF(AND($C139=\"S\",$P139<>\"\",$Q139<>\"\",$R139=\"(Código não identificado nas referências)\"),\"CÓDIGO N/ID\",\nIF(AND($C139=\"S\",OR($R139=\"\",$R139=\"(digite a descrição aqui)\"),OR($Q139<>\"\",$T139>0,$U139>0)),\"DESCRIÇÃO\",\nIF(AND($C139=\"S\",$P139<>\"\",$Q139<>\"\",$S139=\"\"),\"UNIDADE\",\nIF(AND($C139=\"S\",$P139<>\"\",$Q139<>\"\",$U139=0),\"SEM CUSTO\",\nIF(AND(_xlfn.SINGLE(TIPOORCAMENTO)=\"Licitado\",$AL139=0,$AN139>0),\"SEM PREÇO\",\nIF(AND($C139=\"S\",$P139<>\"\",$Q139<>\"\",$U139>0,AND($V139<>\"BDI 1\",$V139<>\"BDI 2\",$V139<>\"BDI 3\")),IF(ISNUMBER($V139),\"JUSTIFICAR BDI\",\"BDI\"),\nIF(OR(AND(import.recurso=\"OGU\",TIPOORCAMENTO=\"Proposto\",LEFT($O$8,5)<>\"(N/D:\",$AG139<>\"\",ORÇAMENTO.CustoUnitario>$AG139),AND(TIPOORCAMENTO=\"LICITADO\",ORÇAMENTO.PrecoUnitarioLicitado>$AN139)),\"ACIMA REF.\",\nIF(AND($C139=\"S\",$P139<>\"\",$Q139<>\"\",$T139=0,$U139>0),\"QUANT.\",\nIF(AND(Import.TipoArredondamento=\"TransfereGOV\",$L139=\"F\",$C139=\"S\",LEN($Q139)>13),\"Código >13\",\nIF(AND(Import.TipoArredondamento=\"TransfereGOV\",$L139=\"F\",$C139<>\"S\",LEN($R139)>100),\"Descrição >100\",\nIF(AND(Import.TipoArredondamento=\"TransfereGOV\",$L139=\"F\",$C139=\"S\",LEN($R139)>500),\"Descrição >500\",\nIF(AND(Import.TipoArredondamento=\"TransfereGOV\",$L139=\"F\",$C139=\"S\",LEFT(TRIM(UPPER($P139)),6)<>\"SINAPI\",ISNA(VLOOKUP(TRIM(UPPER($S139)),ListaTgov.Unidades,1,FALSE))),\"Unid. Não Disp\",\n\" \"))))))))))))))))","v":{"$error":"#NAME?"}},{"$f":"IF(C139<=CRONO.NivelExibicao,MAX($AD$15:OFFSET(AD139,-1,0))+IF($C139<>1,1,MAX(1,COUNTIF(QCI!$A$13:$A$24,OFFSET($E139,-1,0)))),\"\")","v":""},{"$f":"IF(AND($C139=\"S\",ORÇAMENTO.CodBarra<>\"\"),IF(ORÇAMENTO.Fonte=\"\",ORÇAMENTO.CodBarra,CONCATENATE(ORÇAMENTO.Fonte,\" \",ORÇAMENTO.CodBarra)))","v":false},{"$f":"IF(ISERROR(INDIRECT(ORÇAMENTO.BancoRef)),\"(abra o arquivo 'Referência \"&Excel_BuiltIn_Database&\".xlsm)\",IF(OR($C139<>\"S\",ORÇAMENTO.CodBarra=\"\"),\"(Sem Código)\",IF(ISERROR(MATCH($AE139,INDIRECT(ORÇAMENTO.BancoRef),0)),\"(Código não identificado nas referências)\",MATCH($AE139,INDIRECT(ORÇAMENTO.BancoRef),0))))","v":"(Sem Código)"},{"$f":"ROUND(IF(DESONERACAO=\"sim\",REFERENCIA.Desonerado,REFERENCIA.NaoDesonerado),2)","v":0},0.26,null,null,null,null,0,0]
["S",3,"S",0,{"$f":"IF($C140=1,OFFSET(E140,-1,0)+MAX(1,COUNTIF(QCI!$A$13:$A$24,OFFSET(ORÇAMENTO!E140,-1,0))),OFFSET(E140,-1,0))","v":1},2,2,0,10,0,{"$f":"IF(OR($C140=\"S\",$C140=0),0,MATCH(OFFSET($D140,0,$C140)+IF($C140<>1,1,COUNTIF(QCI!$A$13:$A$24,ORÇAMENTO!E140)),OFFSET($D140,1,$C140,ROW($C$270)-ROW($C140)),0))","v":0},"","Serviço","Serviço","-","SINAPI",null,{"$f":"IF($C140=\"S\",REFERENCIA.Descricao,\"(digite a descrição aqui)\")","v":"(Sem Código)"},{"$f":"REFERENCIA.Unidade","v":"-"},{"$f":"OFFSET(CÁLCULO!H$15,ROW($T140)-ROW(T$15),0)","v":0},null,"BDI 1",{"$f":"IF($C140=\"S\",ROUND(IF(TIPOORCAMENTO=\"Proposto\",ORÇAMENTO.CustoUnitario*(1+$AH140),ORÇAMENTO.PrecoUnitarioLicitado),15-13*$AF$10),0)","v":0},{"$f":"IF($C140=\"S\",IF(OR(Import.TipoArredondamento<>\"TransfereGOV\",ACOMPANHAMENTO=\"BM\"),VTOTAL1,SUM(OFFSET(CÁLCULO!$AA$15,ROW($X140)-ROW($X$15),1):OFFSET(CÁLCULO!$AL$15,ROW($X140)-ROW($X$15),-1))),IF($C140=0,0,ROUND(SomaAgrup,15-13*$AF$11)))","v":0},"RA","",{"$f":"IF($C140=\"S\",IF($Z140=\"CP\",$X140,IF($Z140=\"RA\",(($X140)*QCI!$AA$3),0)),SomaAgrup)","v":0},0,{"$f":"IF($N140=\"\",\" \",\nIF(AND($C140<>\"S\",OR($R140=\"\",$R140=\"(digite a descrição aqui)\")),\"DESCRIÇÃO\",\nIF(AND($C140=\"S\",OR($Q140<>\"\",$T140>0,$U140>0),$P140=\"\"),\"FONTE\",\nIF(AND($C140=\"S\",$P140<>\"\",OR($T140>0,$U140>0),$Q140=\"\"),\"CÓDIGO\",\nIF(AND($C140=\"S\",$P140<>\"\",$Q140<>\"\",$R140=\"(Código não identificado nas referências)\"),\"CÓDIGO N/ID\",\nIF(AND($C140=\"S\",OR($R140=\"\",$R140=\"(digite a descrição aqui)\"),OR($Q140<>\"\",$T140>0,$U140>0)),\"DESCRIÇÃO\",\nIF(AND($C140=\"S\",$P140<>\"\",$Q140<>\"\",$S140=\"\"),\"UNIDADE\",\nIF(AND($C140=\"S\",$P140<>\"\",$Q140<>\"\",$U140=0),\"SEM CUSTO\",\nIF(AND(_xlfn.SINGLE(TIPOORCAMENTO)=\"Licitado\",$AL140=0,$AN140>0),\"SEM PREÇO\",\nIF(AND($C140=\"S\",$P140<>\"\",$Q140<>\"\",$U140>0,AND($V140<>\"BDI 1\",$V140<>\"BDI 2\",$V140<>\"BDI 3\")),IF(ISNUMBER($V140),\"JUSTIFICAR BDI\",\"BDI\"),\nIF(OR(AND(import.recurso=\"OGU\",TIPOORCAMENTO=\"Proposto\",LEFT($O$8,5)<>\"(N/D:\",$AG140<>\"\",ORÇAMENTO.CustoUnitario>$AG140),AND(TIPOORCAMENTO=\"LICITADO\",ORÇAMENTO.PrecoUnitarioLicitado>$AN140)),\"ACIMA REF.\",\nIF(AND($C140=\"S\",$P140<>\"\",$Q140<>\"\",$T140=0,$U140>0),\"QUANT.\",\nIF(AND(Import.TipoArredondamento=\"TransfereGOV\",$L140=\"F\",$C140=\"S\",LEN($Q140)>13),\"Código >13\",\nIF(AND(Import.TipoArredondamento=\"TransfereGOV\",$L140=\"F\",$C140<>\"S\",LEN($R140)>100),\"Descrição >100\",\nIF(AND(Import.TipoArredondamento=\"TransfereGOV\",$L140=\"F\",$C140=\"S\",LEN($R140)>500),\"Descrição >500\",\nIF(AND(Import.TipoArredondamento=\"TransfereGOV\",$L140=\"F\",$C140=\"S\",LEFT(TRIM(UPPER($P140)),6)<>\"SINAPI\",ISNA(VLOOKUP(TRIM(UPPER($S140)),ListaTgov.Unidades,1,FALSE))),\"Unid. Não Disp\",\n\" \"))))))))))))))))","v":{"$error":"#NAME?"}},{"$f":"IF(C140<=CRONO.NivelExibicao,MAX($AD$15:OFFSET(AD140,-1,0))+IF($C140<>1,1,MAX(1,COUNTIF(QCI!$A$13:$A$24,OFFSET($E140,-1,0)))),\"\")","v":""},{"$f":"IF(AND($C140=\"S\",ORÇAMENTO.CodBarra<>\"\"),IF(ORÇAMENTO.Fonte=\"\",ORÇAMENTO.CodBarra,CONCATENATE(ORÇAMENTO.Fonte,\" \",ORÇAMENTO.CodBarra)))","v":false},{"$f":"IF(ISERROR(INDIRECT(ORÇAMENTO.BancoRef)),\"(abra o arquivo 'Referência \"&Excel_BuiltIn_Database&\".xlsm)\",IF(OR($C140<>\"S\",ORÇAMENTO.CodBarra=\"\"),\"(Sem Código)\",IF(ISERROR(MATCH($AE140,INDIRECT(ORÇAMENTO.BancoRef),0)),\"(Código não identificado nas referências)\",MATCH($AE140,INDIRECT(ORÇAMENTO.BancoRef),0))))","v":"(Sem Código)"},{"$f":"ROUND(IF(DESONERACAO=\"sim\",REFERENCIA.Desonerado,REFERENCIA.NaoDesonerado),2)","v":0},0.26,null,null,null,null,0,0]
["S",3,"S",0,{"$f":"IF($C141=1,OFFSET(E141,-1,0)+MAX(1,COUNTIF(QCI!$A$13:$A$24,OFFSET(ORÇAMENTO!E141,-1,0))),OFFSET(E141,-1,0))","v":1},2,2,0,10,0,{"$f":"IF(OR($C141=\"S\",$C141=0),0,MATCH(OFFSET($D141,0,$C141)+IF($C141<>1,1,COUNTIF(QCI!$A$13:$A$24,ORÇAMENTO!E141)),OFFSET($D141,1,$C141,ROW($C$270)-ROW($C141)),0))","v":0},"","Serviço","Serviço","-","SINAPI",null,{"$f":"IF($C141=\"S\",REFERENCIA.Descricao,\"(digite a descrição aqui)\")","v":"(Sem Código)"},{"$f":"REFERENCIA.Unidade","v":"-"},{"$f":"OFFSET(CÁLCULO!H$15,ROW($T141)-ROW(T$15),0)","v":0},null,"BDI 1",{"$f":"IF($C141=\"S\",ROUND(IF(TIPOORCAMENTO=\"Proposto\",ORÇAMENTO.CustoUnitario*(1+$AH141),ORÇAMENTO.PrecoUnitarioLicitado),15-13*$AF$10),0)","v":0},{"$f":"IF($C141=\"S\",IF(OR(Import.TipoArredondamento<>\"TransfereGOV\",ACOMPANHAMENTO=\"BM\"),VTOTAL1,SUM(OFFSET(CÁLCULO!$AA$15,ROW($X141)-ROW($X$15),1):OFFSET(CÁLCULO!$AL$15,ROW($X141)-ROW($X$15),-1))),IF($C141=0,0,ROUND(SomaAgrup,15-13*$AF$11)))","v":0},"RA","",{"$f":"IF($C141=\"S\",IF($Z141=\"CP\",$X141,IF($Z141=\"RA\",(($X141)*QCI!$AA$3),0)),SomaAgrup)","v":0},0,{"$f":"IF($N141=\"\",\" \",\nIF(AND($C141<>\"S\",OR($R141=\"\",$R141=\"(digite a descrição aqui)\")),\"DESCRIÇÃO\",\nIF(AND($C141=\"S\",OR($Q141<>\"\",$T141>0,$U141>0),$P141=\"\"),\"FONTE\",\nIF(AND($C141=\"S\",$P141<>\"\",OR($T141>0,$U141>0),$Q141=\"\"),\"CÓDIGO\",\nIF(AND($C141=\"S\",$P141<>\"\",$Q141<>\"\",$R141=\"(Código não identificado nas referências)\"),\"CÓDIGO N/ID\",\nIF(AND($C141=\"S\",OR($R141=\"\",$R141=\"(digite a descrição aqui)\"),OR($Q141<>\"\",$T141>0,$U141>0)),\"DESCRIÇÃO\",\nIF(AND($C141=\"S\",$P141<>\"\",$Q141<>\"\",$S141=\"\"),\"UNIDADE\",\nIF(AND($C141=\"S\",$P141<>\"\",$Q141<>\"\",$U141=0),\"SEM CUSTO\",\nIF(AND(_xlfn.SINGLE(TIPOORCAMENTO)=\"Licitado\",$AL141=0,$AN141>0),\"SEM PREÇO\",\nIF(AND($C141=\"S\",$P141<>\"\",$Q141<>\"\",$U141>0,AND($V141<>\"BDI 1\",$V141<>\"BDI 2\",$V141<>\"BDI 3\")),IF(ISNUMBER($V141),\"JUSTIFICAR BDI\",\"BDI\"),\nIF(OR(AND(import.recurso=\"OGU\",TIPOORCAMENTO=\"Proposto\",LEFT($O$8,5)<>\"(N/D:\",$AG141<>\"\",ORÇAMENTO.CustoUnitario>$AG141),AND(TIPOORCAMENTO=\"LICITADO\",ORÇAMENTO.PrecoUnitarioLicitado>$AN141)),\"ACIMA REF.\",\nIF(AND($C141=\"S\",$P141<>\"\",$Q141<>\"\",$T141=0,$U141>0),\"QUANT.\",\nIF(AND(Import.TipoArredondamento=\"TransfereGOV\",$L141=\"F\",$C141=\"S\",LEN($Q141)>13),\"Código >13\",\nIF(AND(Import.TipoArredondamento=\"TransfereGOV\",$L141=\"F\",$C141<>\"S\",LEN($R141)>100),\"Descrição >100\",\nIF(AND(Import.TipoArredondamento=\"TransfereGOV\",$L141=\"F\",$C141=\"S\",LEN($R141)>500),\"Descrição >500\",\nIF(AND(Import.TipoArredondamento=\"TransfereGOV\",$L141=\"F\",$C141=\"S\",LEFT(TRIM(UPPER($P141)),6)<>\"SINAPI\",ISNA(VLOOKUP(TRIM(UPPER($S141)),ListaTgov.Unidades,1,FALSE))),\"Unid. Não Disp\",\n\" \"))))))))))))))))","v":{"$error":"#NAME?"}},{"$f":"IF(C141<=CRONO.NivelExibicao,MAX($AD$15:OFFSET(AD141,-1,0))+IF($C141<>1,1,MAX(1,COUNTIF(QCI!$A$13:$A$24,OFFSET($E141,-1,0)))),\"\")","v":""},{"$f":"IF(AND($C141=\"S\",ORÇAMENTO.CodBarra<>\"\"),IF(ORÇAMENTO.Fonte=\"\",ORÇAMENTO.CodBarra,CONCATENATE(ORÇAMENTO.Fonte,\" \",ORÇAMENTO.CodBarra)))","v":false},{"$f":"IF(ISERROR(INDIRECT(ORÇAMENTO.BancoRef)),\"(abra o arquivo 'Referência \"&Excel_BuiltIn_Database&\".xlsm)\",IF(OR($C141<>\"S\",ORÇAMENTO.CodBarra=\"\"),\"(Sem Código)\",IF(ISERROR(MATCH($AE141,INDIRECT(ORÇAMENTO.BancoRef),0)),\"(Código não identificado nas referências)\",MATCH($AE141,INDIRECT(ORÇAMENTO.BancoRef),0))))","v":"(Sem Código)"},{"$f":"ROUND(IF(DESONERACAO=\"sim\",REFERENCIA.Desonerado,REFERENCIA.NaoDesonerado),2)","v":0},0.26,null,null,null,null,0,0]
["S",3,"S",0,{"$f":"IF($C142=1,OFFSET(E142,-1,0)+MAX(1,COUNTIF(QCI!$A$13:$A$24,OFFSET(ORÇAMENTO!E142,-1,0))),OFFSET(E142,-1,0))","v":1},2,2,0,10,0,{"$f":"IF(OR($C142=\"S\",$C142=0),0,MATCH(OFFSET($D142,0,$C142)+IF($C142<>1,1,COUNTIF(QCI!$A$13:$A$24,ORÇAMENTO!E142)),OFFSET($D142,1,$C142,ROW($C$270)-ROW($C142)),0))","v":0},"","Serviço","Serviço","-","SINAPI",null,{"$f":"IF($C142=\"S\",REFERENCIA.Descricao,\"(digite a descrição aqui)\")","v":"(Sem Código)"},{"$f":"REFERENCIA.Unidade","v":"-"},{"$f":"OFFSET(CÁLCULO!H$15,ROW($T142)-ROW(T$15),0)","v":0},null,"BDI 1",{"$f":"IF($C142=\"S\",ROUND(IF(TIPOORCAMENTO=\"Proposto\",ORÇAMENTO.CustoUnitario*(1+$AH142),ORÇAMENTO.PrecoUnitarioLicitado),15-13*$AF$10),0)","v":0},{"$f":"IF($C142=\"S\",IF(OR(Import.TipoArredondamento<>\"TransfereGOV\",ACOMPANHAMENTO=\"BM\"),VTOTAL1,SUM(OFFSET(CÁLCULO!$AA$15,ROW($X142)-ROW($X$15),1):OFFSET(CÁLCULO!$AL$15,ROW($X142)-ROW($X$15),-1))),IF($C142=0,0,ROUND(SomaAgrup,15-13*$AF$11)))","v":0},"RA","",{"$f":"IF($C142=\"S\",IF($Z142=\"CP\",$X142,IF($Z142=\"RA\",(($X142)*QCI!$AA$3),0)),SomaAgrup)","v":0},0,{"$f":"IF($N142=\"\",\" \",\nIF(AND($C142<>\"S\",OR($R142=\"\",$R142=\"(digite a descrição aqui)\")),\"DESCRIÇÃO\",\nIF(AND($C142=\"S\",OR($Q142<>\"\",$T142>0,$U142>0),$P142=\"\"),\"FONTE\",\nIF(AND($C142=\"S\",$P142<>\"\",OR($T142>0,$U142>0),$Q142=\"\"),\"CÓDIGO\",\nIF(AND($C142=\"S\",$P142<>\"\",$Q142<>\"\",$R142=\"(Código não identificado nas referências)\"),\"CÓDIGO N/ID\",\nIF(AND($C142=\"S\",OR($R142=\"\",$R142=\"(digite a descrição aqui)\"),OR($Q142<>\"\",$T142>0,$U142>0)),\"DESCRIÇÃO\",\nIF(AND($C142=\"S\",$P142<>\"\",$Q142<>\"\",$S142=\"\"),\"UNIDADE\",\nIF(AND($C142=\"S\",$P142<>\"\",$Q142<>\"\",$U142=0),\"SEM CUSTO\",\nIF(AND(_xlfn.SINGLE(TIPOORCAMENTO)=\"Licitado\",$AL142=0,$AN142>0),\"SEM PREÇO\",\nIF(AND($C142=\"S\",$P142<>\"\",$Q142<>\"\",$U142>0,AND($V142<>\"BDI 1\",$V142<>\"BDI 2\",$V142<>\"BDI 3\")),IF(ISNUMBER($V142),\"JUSTIFICAR BDI\",\"BDI\"),\nIF(OR(AND(import.recurso=\"OGU\",TIPOORCAMENTO=\"Proposto\",LEFT($O$8,5)<>\"(N/D:\",$AG142<>\"\",ORÇAMENTO.CustoUnitario>$AG142),AND(TIPOORCAMENTO=\"LICITADO\",ORÇAMENTO.PrecoUnitarioLicitado>$AN142)),\"ACIMA REF.\",\nIF(AND($C142=\"S\",$P142<>\"\",$Q142<>\"\",$T142=0,$U142>0),\"QUANT.\",\nIF(AND(Import.TipoArredondamento=\"TransfereGOV\",$L142=\"F\",$C142=\"S\",LEN($Q142)>13),\"Código >13\",\nIF(AND(Import.TipoArredondamento=\"TransfereGOV\",$L142=\"F\",$C142<>\"S\",LEN($R142)>100),\"Descrição >100\",\nIF(AND(Import.TipoArredondamento=\"TransfereGOV\",$L142=\"F\",$C142=\"S\",LEN($R142)>500),\"Descrição >500\",\nIF(AND(Import.TipoArredondamento=\"TransfereGOV\",$L142=\"F\",$C142=\"S\",LEFT(TRIM(UPPER($P142)),6)<>\"SINAPI\",ISNA(VLOOKUP(TRIM(UPPER($S142)),ListaTgov.Unidades,1,FALSE))),\"Unid. Não Disp\",\n\" \"))))))))))))))))","v":{"$error":"#NAME?"}},{"$f":"IF(C142<=CRONO.NivelExibicao,MAX($AD$15:OFFSET(AD142,-1,0))+IF($C142<>1,1,MAX(1,COUNTIF(QCI!$A$13:$A$24,OFFSET($E142,-1,0)))),\"\")","v":""},{"$f":"IF(AND($C142=\"S\",ORÇAMENTO.CodBarra<>\"\"),IF(ORÇAMENTO.Fonte=\"\",ORÇAMENTO.CodBarra,CONCATENATE(ORÇAMENTO.Fonte,\" \",ORÇAMENTO.CodBarra)))","v":false},{"$f":"IF(ISERROR(INDIRECT(ORÇAMENTO.BancoRef)),\"(abra o arquivo 'Referência \"&Excel_BuiltIn_Database&\".xlsm)\",IF(OR($C142<>\"S\",ORÇAMENTO.CodBarra=\"\"),\"(Sem Código)\",IF(ISERROR(MATCH($AE142,INDIRECT(ORÇAMENTO.BancoRef),0)),\"(Código não identificado nas referências)\",MATCH($AE142,INDIRECT(ORÇAMENTO.BancoRef),0))))","v":"(Sem Código)"},{"$f":"ROUND(IF(DESONERACAO=\"sim\",REFERENCIA.Desonerado,REFERENCIA.NaoDesonerado),2)","v":0},0.26,null,null,null,null,0,0]
["S",3,"S",0,{"$f":"IF($C143=1,OFFSET(E143,-1,0)+MAX(1,COUNTIF(QCI!$A$13:$A$24,OFFSET(ORÇAMENTO!E143,-1,0))),OFFSET(E143,-1,0))","v":1},2,2,0,10,0,{"$f":"IF(OR($C143=\"S\",$C143=0),0,MATCH(OFFSET($D143,0,$C143)+IF($C143<>1,1,COUNTIF(QCI!$A$13:$A$24,ORÇAMENTO!E143)),OFFSET($D143,1,$C143,ROW($C$270)-ROW($C143)),0))","v":0},"","Serviço","Serviço","-","SINAPI",null,{"$f":"IF($C143=\"S\",REFERENCIA.Descricao,\"(digite a descrição aqui)\")","v":"(Sem Código)"},{"$f":"REFERENCIA.Unidade","v":"-"},{"$f":"OFFSET(CÁLCULO!H$15,ROW($T143)-ROW(T$15),0)","v":0},null,"BDI 1",{"$f":"IF($C143=\"S\",ROUND(IF(TIPOORCAMENTO=\"Proposto\",ORÇAMENTO.CustoUnitario*(1+$AH143),ORÇAMENTO.PrecoUnitarioLicitado),15-13*$AF$10),0)","v":0},{"$f":"IF($C143=\"S\",IF(OR(Import.TipoArredondamento<>\"TransfereGOV\",ACOMPANHAMENTO=\"BM\"),VTOTAL1,SUM(OFFSET(CÁLCULO!$AA$15,ROW($X143)-ROW($X$15),1):OFFSET(CÁLCULO!$AL$15,ROW($X143)-ROW($X$15),-1))),IF($C143=0,0,ROUND(SomaAgrup,15-13*$AF$11)))","v":0},"RA","",{"$f":"IF($C143=\"S\",IF($Z143=\"CP\",$X143,IF($Z143=\"RA\",(($X143)*QCI!$AA$3),0)),SomaAgrup)","v":0},0,{"$f":"IF($N143=\"\",\" \",\nIF(AND($C143<>\"S\",OR($R143=\"\",$R143=\"(digite a descrição aqui)\")),\"DESCRIÇÃO\",\nIF(AND($C143=\"S\",OR($Q143<>\"\",$T143>0,$U143>0),$P143=\"\"),\"FONTE\",\nIF(AND($C143=\"S\",$P143<>\"\",OR($T143>0,$U143>0),$Q143=\"\"),\"CÓDIGO\",\nIF(AND($C143=\"S\",$P143<>\"\",$Q143<>\"\",$R143=\"(Código não identificado nas referências)\"),\"CÓDIGO N/ID\",\nIF(AND($C143=\"S\",OR($R143=\"\",$R143=\"(digite a descrição aqui)\"),OR($Q143<>\"\",$T143>0,$U143>0)),\"DESCRIÇÃO\",\nIF(AND($C143=\"S\",$P143<>\"\",$Q143<>\"\",$S143=\"\"),\"UNIDADE\",\nIF(AND($C143=\"S\",$P143<>\"\",$Q143<>\"\",$U143=0),\"SEM CUSTO\",\nIF(AND(_xlfn.SINGLE(TIPOORCAMENTO)=\"Licitado\",$AL143=0,$AN143>0),\"SEM PREÇO\",\nIF(AND($C143=\"S\",$P143<>\"\",$Q143<>\"\",$U143>0,AND($V143<>\"BDI 1\",$V143<>\"BDI 2\",$V143<>\"BDI 3\")),IF(ISNUMBER($V143),\"JUSTIFICAR BDI\",\"BDI\"),\nIF(OR(AND(import.recurso=\"OGU\",TIPOORCAMENTO=\"Proposto\",LEFT($O$8,5)<>\"(N/D:\",$AG143<>\"\",ORÇAMENTO.CustoUnitario>$AG143),AND(TIPOORCAMENTO=\"LICITADO\",ORÇAMENTO.PrecoUnitarioLicitado>$AN143)),\"ACIMA REF.\",\nIF(AND($C143=\"S\",$P143<>\"\",$Q143<>\"\",$T143=0,$U143>0),\"QUANT.\",\nIF(AND(Import.TipoArredondamento=\"TransfereGOV\",$L143=\"F\",$C143=\"S\",LEN($Q143)>13),\"Código >13\",\nIF(AND(Import.TipoArredondamento=\"TransfereGOV\",$L143=\"F\",$C143<>\"S\",LEN($R143)>100),\"Descrição >100\",\nIF(AND(Import.TipoArredondamento=\"TransfereGOV\",$L143=\"F\",$C143=\"S\",LEN($R143)>500),\"Descrição >500\",\nIF(AND(Import.TipoArredondamento=\"TransfereGOV\",$L143=\"F\",$C143=\"S\",LEFT(TRIM(UPPER($P143)),6)<>\"SINAPI\",ISNA(VLOOKUP(TRIM(UPPER($S143)),ListaTgov.Unidades,1,FALSE))),\"Unid. Não Disp\",\n\" \"))))))))))))))))","v":{"$error":"#NAME?"}},{"$f":"IF(C143<=CRONO.NivelExibicao,MAX($AD$15:OFFSET(AD143,-1,0))+IF($C143<>1,1,MAX(1,COUNTIF(QCI!$A$13:$A$24,OFFSET($E143,-1,0)))),\"\")","v":""},{"$f":"IF(AND($C143=\"S\",ORÇAMENTO.CodBarra<>\"\"),IF(ORÇAMENTO.Fonte=\"\",ORÇAMENTO.CodBarra,CONCATENATE(ORÇAMENTO.Fonte,\" \",ORÇAMENTO.CodBarra)))","v":false},{"$f":"IF(ISERROR(INDIRECT(ORÇAMENTO.BancoRef)),\"(abra o arquivo 'Referência \"&Excel_BuiltIn_Database&\".xlsm)\",IF(OR($C143<>\"S\",ORÇAMENTO.CodBarra=\"\"),\"(Sem Código)\",IF(ISERROR(MATCH($AE143,INDIRECT(ORÇAMENTO.BancoRef),0)),\"(Código não identificado nas referências)\",MATCH($AE143,INDIRECT(ORÇAMENTO.BancoRef),0))))","v":"(Sem Código)"},{"$f":"ROUND(IF(DESONERACAO=\"sim\",REFERENCIA.Desonerado,REFERENCIA.NaoDesonerado),2)","v":0},0.26,null,null,null,null,0,0]
["S",3,"S",0,{"$f":"IF($C144=1,OFFSET(E144,-1,0)+MAX(1,COUNTIF(QCI!$A$13:$A$24,OFFSET(ORÇAMENTO!E144,-1,0))),OFFSET(E144,-1,0))","v":1},2,2,0,10,0,{"$f":"IF(OR($C144=\"S\",$C144=0),0,MATCH(OFFSET($D144,0,$C144)+IF($C144<>1,1,COUNTIF(QCI!$A$13:$A$24,ORÇAMENTO!E144)),OFFSET($D144,1,$C144,ROW($C$270)-ROW($C144)),0))","v":0},"","Serviço","Serviço","-","SINAPI",null,{"$f":"IF($C144=\"S\",REFERENCIA.Descricao,\"(digite a descrição aqui)\")","v":"(Sem Código)"},{"$f":"REFERENCIA.Unidade","v":"-"},{"$f":"OFFSET(CÁLCULO!H$15,ROW($T144)-ROW(T$15),0)","v":0},null,"BDI 1",{"$f":"IF($C144=\"S\",ROUND(IF(TIPOORCAMENTO=\"Proposto\",ORÇAMENTO.CustoUnitario*(1+$AH144),ORÇAMENTO.PrecoUnitarioLicitado),15-13*$AF$10),0)","v":0},{"$f":"IF($C144=\"S\",IF(OR(Import.TipoArredondamento<>\"TransfereGOV\",ACOMPANHAMENTO=\"BM\"),VTOTAL1,SUM(OFFSET(CÁLCULO!$AA$15,ROW($X144)-ROW($X$15),1):OFFSET(CÁLCULO!$AL$15,ROW($X144)-ROW($X$15),-1))),IF($C144=0,0,ROUND(SomaAgrup,15-13*$AF$11)))","v":0},"RA","",{"$f":"IF($C144=\"S\",IF($Z144=\"CP\",$X144,IF($Z144=\"RA\",(($X144)*QCI!$AA$3),0)),SomaAgrup)","v":0},0,{"$f":"IF($N144=\"\",\" \",\nIF(AND($C144<>\"S\",OR($R144=\"\",$R144=\"(digite a descrição aqui)\")),\"DESCRIÇÃO\",\nIF(AND($C144=\"S\",OR($Q144<>\"\",$T144>0,$U144>0),$P144=\"\"),\"FONTE\",\nIF(AND($C144=\"S\",$P144<>\"\",OR($T144>0,$U144>0),$Q144=\"\"),\"CÓDIGO\",\nIF(AND($C144=\"S\",$P144<>\"\",$Q144<>\"\",$R144=\"(Código não identificado nas referências)\"),\"CÓDIGO N/ID\",\nIF(AND($C144=\"S\",OR($R144=\"\",$R144=\"(digite a descrição aqui)\"),OR($Q144<>\"\",$T144>0,$U144>0)),\"DESCRIÇÃO\",\nIF(AND($C144=\"S\",$P144<>\"\",$Q144<>\"\",$S144=\"\"),\"UNIDADE\",\nIF(AND($C144=\"S\",$P144<>\"\",$Q144<>\"\",$U144=0),\"SEM CUSTO\",\nIF(AND(_xlfn.SINGLE(TIPOORCAMENTO)=\"Licitado\",$AL144=0,$AN144>0),\"SEM PREÇO\",\nIF(AND($C144=\"S\",$P144<>\"\",$Q144<>\"\",$U144>0,AND($V144<>\"BDI 1\",$V144<>\"BDI 2\",$V144<>\"BDI 3\")),IF(ISNUMBER($V144),\"JUSTIFICAR BDI\",\"BDI\"),\nIF(OR(AND(import.recurso=\"OGU\",TIPOORCAMENTO=\"Proposto\",LEFT($O$8,5)<>\"(N/D:\",$AG144<>\"\",ORÇAMENTO.CustoUnitario>$AG144),AND(TIPOORCAMENTO=\"LICITADO\",ORÇAMENTO.PrecoUnitarioLicitado>$AN144)),\"ACIMA REF.\",\nIF(AND($C144=\"S\",$P144<>\"\",$Q144<>\"\",$T144=0,$U144>0),\"QUANT.\",\nIF(AND(Import.TipoArredondamento=\"TransfereGOV\",$L144=\"F\",$C144=\"S\",LEN($Q144)>13),\"Código >13\",\nIF(AND(Import.TipoArredondamento=\"TransfereGOV\",$L144=\"F\",$C144<>\"S\",LEN($R144)>100),\"Descrição >100\",\nIF(AND(Import.TipoArredondamento=\"TransfereGOV\",$L144=\"F\",$C144=\"S\",LEN($R144)>500),\"Descrição >500\",\nIF(AND(Import.TipoArredondamento=\"TransfereGOV\",$L144=\"F\",$C144=\"S\",LEFT(TRIM(UPPER($P144)),6)<>\"SINAPI\",ISNA(VLOOKUP(TRIM(UPPER($S144)),ListaTgov.Unidades,1,FALSE))),\"Unid. Não Disp\",\n\" \"))))))))))))))))","v":{"$error":"#NAME?"}},{"$f":"IF(C144<=CRONO.NivelExibicao,MAX($AD$15:OFFSET(AD144,-1,0))+IF($C144<>1,1,MAX(1,COUNTIF(QCI!$A$13:$A$24,OFFSET($E144,-1,0)))),\"\")","v":""},{"$f":"IF(AND($C144=\"S\",ORÇAMENTO.CodBarra<>\"\"),IF(ORÇAMENTO.Fonte=\"\",ORÇAMENTO.CodBarra,CONCATENATE(ORÇAMENTO.Fonte,\" \",ORÇAMENTO.CodBarra)))","v":false},{"$f":"IF(ISERROR(INDIRECT(ORÇAMENTO.BancoRef)),\"(abra o arquivo 'Referência \"&Excel_BuiltIn_Database&\".xlsm)\",IF(OR($C144<>\"S\",ORÇAMENTO.CodBarra=\"\"),\"(Sem Código)\",IF(ISERROR(MATCH($AE144,INDIRECT(ORÇAMENTO.BancoRef),0)),\"(Código não identificado nas referências)\",MATCH($AE144,INDIRECT(ORÇAMENTO.BancoRef),0))))","v":"(Sem Código)"},{"$f":"ROUND(IF(DESONERACAO=\"sim\",REFERENCIA.Desonerado,REFERENCIA.NaoDesonerado),2)","v":0},0.26,null,null,null,null,0,0]
["S",3,"S",0,{"$f":"IF($C145=1,OFFSET(E145,-1,0)+MAX(1,COUNTIF(QCI!$A$13:$A$24,OFFSET(ORÇAMENTO!E145,-1,0))),OFFSET(E145,-1,0))","v":1},2,2,0,10,0,{"$f":"IF(OR($C145=\"S\",$C145=0),0,MATCH(OFFSET($D145,0,$C145)+IF($C145<>1,1,COUNTIF(QCI!$A$13:$A$24,ORÇAMENTO!E145)),OFFSET($D145,1,$C145,ROW($C$270)-ROW($C145)),0))","v":0},"","Serviço","Serviço","-","SINAPI",null,{"$f":"IF($C145=\"S\",REFERENCIA.Descricao,\"(digite a descrição aqui)\")","v":"(Sem Código)"},{"$f":"REFERENCIA.Unidade","v":"-"},{"$f":"OFFSET(CÁLCULO!H$15,ROW($T145)-ROW(T$15),0)","v":0},null,"BDI 1",{"$f":"IF($C145=\"S\",ROUND(IF(TIPOORCAMENTO=\"Proposto\",ORÇAMENTO.CustoUnitario*(1+$AH145),ORÇAMENTO.PrecoUnitarioLicitado),15-13*$AF$10),0)","v":0},{"$f":"IF($C145=\"S\",IF(OR(Import.TipoArredondamento<>\"TransfereGOV\",ACOMPANHAMENTO=\"BM\"),VTOTAL1,SUM(OFFSET(CÁLCULO!$AA$15,ROW($X145)-ROW($X$15),1):OFFSET(CÁLCULO!$AL$15,ROW($X145)-ROW($X$15),-1))),IF($C145=0,0,ROUND(SomaAgrup,15-13*$AF$11)))","v":0},"RA","",{"$f":"IF($C145=\"S\",IF($Z145=\"CP\",$X145,IF($Z145=\"RA\",(($X145)*QCI!$AA$3),0)),SomaAgrup)","v":0},0,{"$f":"IF($N145=\"\",\" \",\nIF(AND($C145<>\"S\",OR($R145=\"\",$R145=\"(digite a descrição aqui)\")),\"DESCRIÇÃO\",\nIF(AND($C145=\"S\",OR($Q145<>\"\",$T145>0,$U145>0),$P145=\"\"),\"FONTE\",\nIF(AND($C145=\"S\",$P145<>\"\",OR($T145>0,$U145>0),$Q145=\"\"),\"CÓDIGO\",\nIF(AND($C145=\"S\",$P145<>\"\",$Q145<>\"\",$R145=\"(Código não identificado nas referências)\"),\"CÓDIGO N/ID\",\nIF(AND($C145=\"S\",OR($R145=\"\",$R145=\"(digite a descrição aqui)\"),OR($Q145<>\"\",$T145>0,$U145>0)),\"DESCRIÇÃO\",\nIF(AND($C145=\"S\",$P145<>\"\",$Q145<>\"\",$S145=\"\"),\"UNIDADE\",\nIF(AND($C145=\"S\",$P145<>\"\",$Q145<>\"\",$U145=0),\"SEM CUSTO\",\nIF(AND(_xlfn.SINGLE(TIPOORCAMENTO)=\"Licitado\",$AL145=0,$AN145>0),\"SEM PREÇO\",\nIF(AND($C145=\"S\",$P145<>\"\",$Q145<>\"\",$U145>0,AND($V145<>\"BDI 1\",$V145<>\"BDI 2\",$V145<>\"BDI 3\")),IF(ISNUMBER($V145),\"JUSTIFICAR BDI\",\"BDI\"),\nIF(OR(AND(import.recurso=\"OGU\",TIPOORCAMENTO=\"Proposto\",LEFT($O$8,5)<>\"(N/D:\",$AG145<>\"\",ORÇAMENTO.CustoUnitario>$AG145),AND(TIPOORCAMENTO=\"LICITADO\",ORÇAMENTO.PrecoUnitarioLicitado>$AN145)),\"ACIMA REF.\",\nIF(AND($C145=\"S\",$P145<>\"\",$Q145<>\"\",$T145=0,$U145>0),\"QUANT.\",\nIF(AND(Import.TipoArredondamento=\"TransfereGOV\",$L145=\"F\",$C145=\"S\",LEN($Q145)>13),\"Código >13\",\nIF(AND(Import.TipoArredondamento=\"TransfereGOV\",$L145=\"F\",$C145<>\"S\",LEN($R145)>100),\"Descrição >100\",\nIF(AND(Import.TipoArredondamento=\"TransfereGOV\",$L145=\"F\",$C145=\"S\",LEN($R145)>500),\"Descrição >500\",\nIF(AND(Import.TipoArredondamento=\"TransfereGOV\",$L145=\"F\",$C145=\"S\",LEFT(TRIM(UPPER($P145)),6)<>\"SINAPI\",ISNA(VLOOKUP(TRIM(UPPER($S145)),ListaTgov.Unidades,1,FALSE))),\"Unid. Não Disp\",\n\" \"))))))))))))))))","v":{"$error":"#NAME?"}},{"$f":"IF(C145<=CRONO.NivelExibicao,MAX($AD$15:OFFSET(AD145,-1,0))+IF($C145<>1,1,MAX(1,COUNTIF(QCI!$A$13:$A$24,OFFSET($E145,-1,0)))),\"\")","v":""},{"$f":"IF(AND($C145=\"S\",ORÇAMENTO.CodBarra<>\"\"),IF(ORÇAMENTO.Fonte=\"\",ORÇAMENTO.CodBarra,CONCATENATE(ORÇAMENTO.Fonte,\" \",ORÇAMENTO.CodBarra)))","v":false},{"$f":"IF(ISERROR(INDIRECT(ORÇAMENTO.BancoRef)),\"(abra o arquivo 'Referência \"&Excel_BuiltIn_Database&\".xlsm)\",IF(OR($C145<>\"S\",ORÇAMENTO.CodBarra=\"\"),\"(Sem Código)\",IF(ISERROR(MATCH($AE145,INDIRECT(ORÇAMENTO.BancoRef),0)),\"(Código não identificado nas referências)\",MATCH($AE145,INDIRECT(ORÇAMENTO.BancoRef),0))))","v":"(Sem Código)"},{"$f":"ROUND(IF(DESONERACAO=\"sim\",REFERENCIA.Desonerado,REFERENCIA.NaoDesonerado),2)","v":0},0.26,null,null,null,null,0,0]
["S",3,"S",0,{"$f":"IF($C146=1,OFFSET(E146,-1,0)+MAX(1,COUNTIF(QCI!$A$13:$A$24,OFFSET(ORÇAMENTO!E146,-1,0))),OFFSET(E146,-1,0))","v":1},2,2,0,10,0,{"$f":"IF(OR($C146=\"S\",$C146=0),0,MATCH(OFFSET($D146,0,$C146)+IF($C146<>1,1,COUNTIF(QCI!$A$13:$A$24,ORÇAMENTO!E146)),OFFSET($D146,1,$C146,ROW($C$270)-ROW($C146)),0))","v":0},"","Serviço","Serviço","-","SINAPI",null,{"$f":"IF($C146=\"S\",REFERENCIA.Descricao,\"(digite a descrição aqui)\")","v":"(Sem Código)"},{"$f":"REFERENCIA.Unidade","v":"-"},{"$f":"OFFSET(CÁLCULO!H$15,ROW($T146)-ROW(T$15),0)","v":0},null,"BDI 1",{"$f":"IF($C146=\"S\",ROUND(IF(TIPOORCAMENTO=\"Proposto\",ORÇAMENTO.CustoUnitario*(1+$AH146),ORÇAMENTO.PrecoUnitarioLicitado),15-13*$AF$10),0)","v":0},{"$f":"IF($C146=\"S\",IF(OR(Import.TipoArredondamento<>\"TransfereGOV\",ACOMPANHAMENTO=\"BM\"),VTOTAL1,SUM(OFFSET(CÁLCULO!$AA$15,ROW($X146)-ROW($X$15),1):OFFSET(CÁLCULO!$AL$15,ROW($X146)-ROW($X$15),-1))),IF($C146=0,0,ROUND(SomaAgrup,15-13*$AF$11)))","v":0},"RA","",{"$f":"IF($C146=\"S\",IF($Z146=\"CP\",$X146,IF($Z146=\"RA\",(($X146)*QCI!$AA$3),0)),SomaAgrup)","v":0},0,{"$f":"IF($N146=\"\",\" \",\nIF(AND($C146<>\"S\",OR($R146=\"\",$R146=\"(digite a descrição aqui)\")),\"DESCRIÇÃO\",\nIF(AND($C146=\"S\",OR($Q146<>\"\",$T146>0,$U146>0),$P146=\"\"),\"FONTE\",\nIF(AND($C146=\"S\",$P146<>\"\",OR($T146>0,$U146>0),$Q146=\"\"),\"CÓDIGO\",\nIF(AND($C146=\"S\",$P146<>\"\",$Q146<>\"\",$R146=\"(Código não identificado nas referências)\"),\"CÓDIGO N/ID\",\nIF(AND($C146=\"S\",OR($R146=\"\",$R146=\"(digite a descrição aqui)\"),OR($Q146<>\"\",$T146>0,$U146>0)),\"DESCRIÇÃO\",\nIF(AND($C146=\"S\",$P146<>\"\",$Q146<>\"\",$S146=\"\"),\"UNIDADE\",\nIF(AND($C146=\"S\",$P146<>\"\",$Q146<>\"\",$U146=0),\"SEM CUSTO\",\nIF(AND(_xlfn.SINGLE(TIPOORCAMENTO)=\"Licitado\",$AL146=0,$AN146>0),\"SEM PREÇO\",\nIF(AND($C146=\"S\",$P146<>\"\",$Q146<>\"\",$U146>0,AND($V146<>\"BDI 1\",$V146<>\"BDI 2\",$V146<>\"BDI 3\")),IF(ISNUMBER($V146),\"JUSTIFICAR BDI\",\"BDI\"),\nIF(OR(AND(import.recurso=\"OGU\",TIPOORCAMENTO=\"Proposto\",LEFT($O$8,5)<>\"(N/D:\",$AG146<>\"\",ORÇAMENTO.CustoUnitario>$AG146),AND(TIPOORCAMENTO=\"LICITADO\",ORÇAMENTO.PrecoUnitarioLicitado>$AN146)),\"ACIMA REF.\",\nIF(AND($C146=\"S\",$P146<>\"\",$Q146<>\"\",$T146=0,$U146>0),\"QUANT.\",\nIF(AND(Import.TipoArredondamento=\"TransfereGOV\",$L146=\"F\",$C146=\"S\",LEN($Q146)>13),\"Código >13\",\nIF(AND(Import.TipoArredondamento=\"TransfereGOV\",$L146=\"F\",$C146<>\"S\",LEN($R146)>100),\"Descrição >100\",\nIF(AND(Import.TipoArredondamento=\"TransfereGOV\",$L146=\"F\",$C146=\"S\",LEN($R146)>500),\"Descrição >500\",\nIF(AND(Import.TipoArredondamento=\"TransfereGOV\",$L146=\"F\",$C146=\"S\",LEFT(TRIM(UPPER($P146)),6)<>\"SINAPI\",ISNA(VLOOKUP(TRIM(UPPER($S146)),ListaTgov.Unidades,1,FALSE))),\"Unid. Não Disp\",\n\" \"))))))))))))))))","v":{"$error":"#NAME?"}},{"$f":"IF(C146<=CRONO.NivelExibicao,MAX($AD$15:OFFSET(AD146,-1,0))+IF($C146<>1,1,MAX(1,COUNTIF(QCI!$A$13:$A$24,OFFSET($E146,-1,0)))),\"\")","v":""},{"$f":"IF(AND($C146=\"S\",ORÇAMENTO.CodBarra<>\"\"),IF(ORÇAMENTO.Fonte=\"\",ORÇAMENTO.CodBarra,CONCATENATE(ORÇAMENTO.Fonte,\" \",ORÇAMENTO.CodBarra)))","v":false},{"$f":"IF(ISERROR(INDIRECT(ORÇAMENTO.BancoRef)),\"(abra o arquivo 'Referência \"&Excel_BuiltIn_Database&\".xlsm)\",IF(OR($C146<>\"S\",ORÇAMENTO.CodBarra=\"\"),\"(Sem Código)\",IF(ISERROR(MATCH($AE146,INDIRECT(ORÇAMENTO.BancoRef),0)),\"(Código não identificado nas referências)\",MATCH($AE146,INDIRECT(ORÇAMENTO.BancoRef),0))))","v":"(Sem Código)"},{"$f":"ROUND(IF(DESONERACAO=\"sim\",REFERENCIA.Desonerado,REFERENCIA.NaoDesonerado),2)","v":0},0.26,null,null,null,null,0,0]
["S",3,"S",0,{"$f":"IF($C147=1,OFFSET(E147,-1,0)+MAX(1,COUNTIF(QCI!$A$13:$A$24,OFFSET(ORÇAMENTO!E147,-1,0))),OFFSET(E147,-1,0))","v":1},2,2,0,10,0,{"$f":"IF(OR($C147=\"S\",$C147=0),0,MATCH(OFFSET($D147,0,$C147)+IF($C147<>1,1,COUNTIF(QCI!$A$13:$A$24,ORÇAMENTO!E147)),OFFSET($D147,1,$C147,ROW($C$270)-ROW($C147)),0))","v":0},"","Serviço","Serviço","-","SINAPI",null,{"$f":"IF($C147=\"S\",REFERENCIA.Descricao,\"(digite a descrição aqui)\")","v":"(Sem Código)"},{"$f":"REFERENCIA.Unidade","v":"-"},{"$f":"OFFSET(CÁLCULO!H$15,ROW($T147)-ROW(T$15),0)","v":0},null,"BDI 1",{"$f":"IF($C147=\"S\",ROUND(IF(TIPOORCAMENTO=\"Proposto\",ORÇAMENTO.CustoUnitario*(1+$AH147),ORÇAMENTO.PrecoUnitarioLicitado),15-13*$AF$10),0)","v":0},{"$f":"IF($C147=\"S\",IF(OR(Import.TipoArredondamento<>\"TransfereGOV\",ACOMPANHAMENTO=\"BM\"),VTOTAL1,SUM(OFFSET(CÁLCULO!$AA$15,ROW($X147)-ROW($X$15),1):OFFSET(CÁLCULO!$AL$15,ROW($X147)-ROW($X$15),-1))),IF($C147=0,0,ROUND(SomaAgrup,15-13*$AF$11)))","v":0},"RA","",{"$f":"IF($C147=\"S\",IF($Z147=\"CP\",$X147,IF($Z147=\"RA\",(($X147)*QCI!$AA$3),0)),SomaAgrup)","v":0},0,{"$f":"IF($N147=\"\",\" \",\nIF(AND($C147<>\"S\",OR($R147=\"\",$R147=\"(digite a descrição aqui)\")),\"DESCRIÇÃO\",\nIF(AND($C147=\"S\",OR($Q147<>\"\",$T147>0,$U147>0),$P147=\"\"),\"FONTE\",\nIF(AND($C147=\"S\",$P147<>\"\",OR($T147>0,$U147>0),$Q147=\"\"),\"CÓDIGO\",\nIF(AND($C147=\"S\",$P147<>\"\",$Q147<>\"\",$R147=\"(Código não identificado nas referências)\"),\"CÓDIGO N/ID\",\nIF(AND($C147=\"S\",OR($R147=\"\",$R147=\"(digite a descrição aqui)\"),OR($Q147<>\"\",$T147>0,$U147>0)),\"DESCRIÇÃO\",\nIF(AND($C147=\"S\",$P147<>\"\",$Q147<>\"\",$S147=\"\"),\"UNIDADE\",\nIF(AND($C147=\"S\",$P147<>\"\",$Q147<>\"\",$U147=0),\"SEM CUSTO\",\nIF(AND(_xlfn.SINGLE(TIPOORCAMENTO)=\"Licitado\",$AL147=0,$AN147>0),\"SEM PREÇO\",\nIF(AND($C147=\"S\",$P147<>\"\",$Q147<>\"\",$U147>0,AND($V147<>\"BDI 1\",$V147<>\"BDI 2\",$V147<>\"BDI 3\")),IF(ISNUMBER($V147),\"JUSTIFICAR BDI\",\"BDI\"),\nIF(OR(AND(import.recurso=\"OGU\",TIPOORCAMENTO=\"Proposto\",LEFT($O$8,5)<>\"(N/D:\",$AG147<>\"\",ORÇAMENTO.CustoUnitario>$AG147),AND(TIPOORCAMENTO=\"LICITADO\",ORÇAMENTO.PrecoUnitarioLicitado>$AN147)),\"ACIMA REF.\",\nIF(AND($C147=\"S\",$P147<>\"\",$Q147<>\"\",$T147=0,$U147>0),\"QUANT.\",\nIF(AND(Import.TipoArredondamento=\"TransfereGOV\",$L147=\"F\",$C147=\"S\",LEN($Q147)>13),\"Código >13\",\nIF(AND(Import.TipoArredondamento=\"TransfereGOV\",$L147=\"F\",$C147<>\"S\",LEN($R147)>100),\"Descrição >100\",\nIF(AND(Import.TipoArredondamento=\"TransfereGOV\",$L147=\"F\",$C147=\"S\",LEN($R147)>500),\"Descrição >500\",\nIF(AND(Import.TipoArredondamento=\"TransfereGOV\",$L147=\"F\",$C147=\"S\",LEFT(TRIM(UPPER($P147)),6)<>\"SINAPI\",ISNA(VLOOKUP(TRIM(UPPER($S147)),ListaTgov.Unidades,1,FALSE))),\"Unid. Não Disp\",\n\" \"))))))))))))))))","v":{"$error":"#NAME?"}},{"$f":"IF(C147<=CRONO.NivelExibicao,MAX($AD$15:OFFSET(AD147,-1,0))+IF($C147<>1,1,MAX(1,COUNTIF(QCI!$A$13:$A$24,OFFSET($E147,-1,0)))),\"\")","v":""},{"$f":"IF(AND($C147=\"S\",ORÇAMENTO.CodBarra<>\"\"),IF(ORÇAMENTO.Fonte=\"\",ORÇAMENTO.CodBarra,CONCATENATE(ORÇAMENTO.Fonte,\" \",ORÇAMENTO.CodBarra)))","v":false},{"$f":"IF(ISERROR(INDIRECT(ORÇAMENTO.BancoRef)),\"(abra o arquivo 'Referência \"&Excel_BuiltIn_Database&\".xlsm)\",IF(OR($C147<>\"S\",ORÇAMENTO.CodBarra=\"\"),\"(Sem Código)\",IF(ISERROR(MATCH($AE147,INDIRECT(ORÇAMENTO.BancoRef),0)),\"(Código não identificado nas referências)\",MATCH($AE147,INDIRECT(ORÇAMENTO.BancoRef),0))))","v":"(Sem Código)"},{"$f":"ROUND(IF(DESONERACAO=\"sim\",REFERENCIA.Desonerado,REFERENCIA.NaoDesonerado),2)","v":0},0.26,null,null,null,null,0,0]
[{"$f":"CHOOSE(1+LOG(1+2*(ORÇAMENTO.Nivel=\"Meta\")+4*(ORÇAMENTO.Nivel=\"Nível 2\")+8*(ORÇAMENTO.Nivel=\"Nível 3\")+16*(ORÇAMENTO.Nivel=\"Nível 4\")+32*(ORÇAMENTO.Nivel=\"Serviço\"),2),0,1,2,3,4,\"S\")","v":"S"},{"$f":"IF(OR(C148=\"s\",C148=0),OFFSET(B148,-1,0),C148)","v":3},{"$f":"IF(OFFSET(C148,-1,0)=\"L\",1,IF(OFFSET(C148,-1,0)=1,2,IF(OR(A148=\"s\",A148=0),\"S\",IF(AND(OFFSET(C148,-1,0)=2,A148=4),3,IF(AND(OR(OFFSET(C148,-1,0)=\"s\",OFFSET(C148,-1,0)=0),A148<>\"s\",A148>OFFSET(B148,-1,0)),OFFSET(B148,-1,0),A148)))))","v":"S"},{"$f":"IF(OR(C148=\"S\",C148=0),0,IF(ISERROR(K148),J148,SMALL(J148:K148,1)))","v":0},{"$f":"IF($C148=1,OFFSET(E148,-1,0)+MAX(1,COUNTIF(QCI!$A$13:$A$24,OFFSET(ORÇAMENTO!E148,-1,0))),OFFSET(E148,-1,0))","v":1},{"$f":"IF($C148=1,0,IF($C148=2,OFFSET(F148,-1,0)+1,OFFSET(F148,-1,0)))","v":2},{"$f":"IF(AND($C148<=2,$C148<>0),0,IF($C148=3,OFFSET(G148,-1,0)+1,OFFSET(G148,-1,0)))","v":2},{"$f":"IF(AND($C148<=3,$C148<>0),0,IF($C148=4,OFFSET(H148,-1,0)+1,OFFSET(H148,-1,0)))","v":0},{"$f":"IF(AND($C148<=4,$C148<>0),0,IF(AND($C148=\"S\",$X148>0),OFFSET(I148,-1,0)+1,OFFSET(I148,-1,0)))","v":10},{"$f":"IF(OR($C148=\"S\",$C148=0),0,MATCH(0,OFFSET($D148,1,$C148,ROW($C$270)-ROW($C148)),0))","v":0},{"$f":"IF(OR($C148=\"S\",$C148=0),0,MATCH(OFFSET($D148,0,$C148)+IF($C148<>1,1,COUNTIF(QCI!$A$13:$A$24,ORÇAMENTO!E148)),OFFSET($D148,1,$C148,ROW($C$270)-ROW($C148)),0))","v":0},{"$f":"IF(OR($X148>0,$C148=1,$C148=2,$C148=3,$C148=4),\"F\",\"\")","v":""},"Serviço",{"$f":"CHOOSE(1+LOG(1+2*(C148=1)+4*(C148=2)+8*(C148=3)+16*(C148=4)+32*(C148=\"S\"),2),\"\",\"Meta\",\"Nível 2\",\"Nível 3\",\"Nível 4\",\"Serviço\")","v":"Serviço"},{"$f":"IF(OR($C148=0,$L148=\"\"),\"-\",CONCATENATE(E148&\".\",IF(AND($A$5>=2,$C148>=2),F148&\".\",\"\"),IF(AND($A$5>=3,$C148>=3),G148&\".\",\"\"),IF(AND($A$5>=4,$C148>=4),H148&\".\",\"\"),IF($C148=\"S\",I148&\".\",\"\")))","v":"-"},"SINAPI",null,{"$f":"IF($C148=\"S\",REFERENCIA.Descricao,\"(digite a descrição aqui)\")","v":"(Sem Código)"},{"$f":"REFERENCIA.Unidade","v":"-"},{"$f":"OFFSET(CÁLCULO!H$15,ROW($T148)-ROW(T$15),0)","v":0},null,"BDI 1",{"$f":"IF($C148=\"S\",ROUND(IF(TIPOORCAMENTO=\"Proposto\",ORÇAMENTO.CustoUnitario*(1+$AH148),ORÇAMENTO.PrecoUnitarioLicitado),15-13*$AF$10),0)","v":0},{"$f":"IF($C148=\"S\",IF(OR(Import.TipoArredondamento<>\"TransfereGOV\",ACOMPANHAMENTO=\"BM\"),VTOTAL1,SUM(OFFSET(CÁLCULO!$AA$15,ROW($X148)-ROW($X$15),1):OFFSET(CÁLCULO!$AL$15,ROW($X148)-ROW($X$15),-1))),IF($C148=0,0,ROUND(SomaAgrup,15-13*$AF$11)))","v":0},"RA",{"$f":"IF(AND($C148=\"S\",$X148>0),IF(ISBLANK($Y148),\"RA\",LEFT($Y148,2)),\"\")","v":""},{"$f":"IF($C148=\"S\",IF($Z148=\"CP\",$X148,IF($Z148=\"RA\",(($X148)*QCI!$AA$3),0)),SomaAgrup)","v":0},{"$f":"IF($C148=\"S\",IF($Z148=\"OU\",ROUND($X148,2),0),SomaAgrup)","v":0},{"$f":"IF($N148=\"\",\" \",\nIF(AND($C148<>\"S\",OR($R148=\"\",$R148=\"(digite a descrição aqui)\")),\"DESCRIÇÃO\",\nIF(AND($C148=\"S\",OR($Q148<>\"\",$T148>0,$U148>0),$P148=\"\"),\"FONTE\",\nIF(AND($C148=\"S\",$P148<>\"\",OR($T148>0,$U148>0),$Q148=\"\"),\"CÓDIGO\",\nIF(AND($C148=\"S\",$P148<>\"\",$Q148<>\"\",$R148=\"(Código não identificado nas referências)\"),\"CÓDIGO N/ID\",\nIF(AND($C148=\"S\",OR($R148=\"\",$R148=\"(digite a descrição aqui)\"),OR($Q148<>\"\",$T148>0,$U148>0)),\"DESCRIÇÃO\",\nIF(AND($C148=\"S\",$P148<>\"\",$Q148<>\"\",$S148=\"\"),\"UNIDADE\",\nIF(AND($C148=\"S\",$P148<>\"\",$Q148<>\"\",$U148=0),\"SEM CUSTO\",\nIF(AND(_xlfn.SINGLE(TIPOORCAMENTO)=\"Licitado\",$AL148=0,$AN148>0),\"SEM PREÇO\",\nIF(AND($C148=\"S\",$P148<>\"\",$Q148<>\"\",$U148>0,AND($V148<>\"BDI 1\",$V148<>\"BDI 2\",$V148<>\"BDI 3\")),IF(ISNUMBER($V148),\"JUSTIFICAR BDI\",\"BDI\"),\nIF(OR(AND(import.recurso=\"OGU\",TIPOORCAMENTO=\"Proposto\",LEFT($O$8,5)<>\"(N/D:\",$AG148<>\"\",ORÇAMENTO.CustoUnitario>$AG148),AND(TIPOORCAMENTO=\"LICITADO\",ORÇAMENTO.PrecoUnitarioLicitado>$AN148)),\"ACIMA REF.\",\nIF(AND($C148=\"S\",$P148<>\"\",$Q148<>\"\",$T148=0,$U148>0),\"QUANT.\",\nIF(AND(Import.TipoArredondamento=\"TransfereGOV\",$L148=\"F\",$C148=\"S\",LEN($Q148)>13),\"Código >13\",\nIF(AND(Import.TipoArredondamento=\"TransfereGOV\",$L148=\"F\",$C148<>\"S\",LEN($R148)>100),\"Descrição >100\",\nIF(AND(Import.TipoArredondamento=\"TransfereGOV\",$L148=\"F\",$C148=\"S\",LEN($R148)>500),\"Descrição >500\",\nIF(AND(Import.TipoArredondamento=\"TransfereGOV\",$L148=\"F\",$C148=\"S\",LEFT(TRIM(UPPER($P148)),6)<>\"SINAPI\",ISNA(VLOOKUP(TRIM(UPPER($S148)),ListaTgov.Unidades,1,FALSE))),\"Unid. Não Disp\",\n\" \"))))))))))))))))","v":{"$error":"#NAME?"}},{"$f":"IF(C148<=CRONO.NivelExibicao,MAX($AD$15:OFFSET(AD148,-1,0))+IF($C148<>1,1,MAX(1,COUNTIF(QCI!$A$13:$A$24,OFFSET($E148,-1,0)))),\"\")","v":""},{"$f":"IF(AND($C148=\"S\",ORÇAMENTO.CodBarra<>\"\"),IF(ORÇAMENTO.Fonte=\"\",ORÇAMENTO.CodBarra,CONCATENATE(ORÇAMENTO.Fonte,\" \",ORÇAMENTO.CodBarra)))","v":false},{"$f":"IF(ISERROR(INDIRECT(ORÇAMENTO.BancoRef)),\"(abra o arquivo 'Referência \"&Excel_BuiltIn_Database&\".xlsm)\",IF(OR($C148<>\"S\",ORÇAMENTO.CodBarra=\"\"),\"(Sem Código)\",IF(ISERROR(MATCH($AE148,INDIRECT(ORÇAMENTO.BancoRef),0)),\"(Código não identificado nas referências)\",MATCH($AE148,INDIRECT(ORÇAMENTO.BancoRef),0))))","v":"(Sem Código)"},{"$f":"ROUND(IF(DESONERACAO=\"sim\",REFERENCIA.Desonerado,REFERENCIA.NaoDesonerado),2)","v":0},{"$f":"ROUND(IF(ISNUMBER(ORÇAMENTO.OpcaoBDI),ORÇAMENTO.OpcaoBDI,IF(LEFT(ORÇAMENTO.OpcaoBDI,3)=\"BDI\",HLOOKUP(ORÇAMENTO.OpcaoBDI,$F$4:$H$5,2,FALSE),0)),15-11*$AF$9)","v":0.26},null,null,null,null,0,{"$f":"ROUND(ORÇAMENTO.CustoUnitario*(1+$AH148),2)","v":0}]
["S",3,"S",0,{"$f":"IF($C149=1,OFFSET(E149,-1,0)+MAX(1,COUNTIF(QCI!$A$13:$A$24,OFFSET(ORÇAMENTO!E149,-1,0))),OFFSET(E149,-1,0))","v":1},2,2,0,10,0,{"$f":"IF(OR($C149=\"S\",$C149=0),0,MATCH(OFFSET($D149,0,$C149)+IF($C149<>1,1,COUNTIF(QCI!$A$13:$A$24,ORÇAMENTO!E149)),OFFSET($D149,1,$C149,ROW($C$270)-ROW($C149)),0))","v":0},"","Serviço","Serviço","-","SINAPI",null,{"$f":"IF($C149=\"S\",REFERENCIA.Descricao,\"(digite a descrição aqui)\")","v":"(Sem Código)"},{"$f":"REFERENCIA.Unidade","v":"-"},{"$f":"OFFSET(CÁLCULO!H$15,ROW($T149)-ROW(T$15),0)","v":0},null,"BDI 1",{"$f":"IF($C149=\"S\",ROUND(IF(TIPOORCAMENTO=\"Proposto\",ORÇAMENTO.CustoUnitario*(1+$AH149),ORÇAMENTO.PrecoUnitarioLicitado),15-13*$AF$10),0)","v":0},{"$f":"IF($C149=\"S\",IF(OR(Import.TipoArredondamento<>\"TransfereGOV\",ACOMPANHAMENTO=\"BM\"),VTOTAL1,SUM(OFFSET(CÁLCULO!$AA$15,ROW($X149)-ROW($X$15),1):OFFSET(CÁLCULO!$AL$15,ROW($X149)-ROW($X$15),-1))),IF($C149=0,0,ROUND(SomaAgrup,15-13*$AF$11)))","v":0},"RA","",{"$f":"IF($C149=\"S\",IF($Z149=\"CP\",$X149,IF($Z149=\"RA\",(($X149)*QCI!$AA$3),0)),SomaAgrup)","v":0},0,{"$f":"IF($N149=\"\",\" \",\nIF(AND($C149<>\"S\",OR($R149=\"\",$R149=\"(digite a descrição aqui)\")),\"DESCRIÇÃO\",\nIF(AND($C149=\"S\",OR($Q149<>\"\",$T149>0,$U149>0),$P149=\"\"),\"FONTE\",\nIF(AND($C149=\"S\",$P149<>\"\",OR($T149>0,$U149>0),$Q149=\"\"),\"CÓDIGO\",\nIF(AND($C149=\"S\",$P149<>\"\",$Q149<>\"\",$R149=\"(Código não identificado nas referências)\"),\"CÓDIGO N/ID\",\nIF(AND($C149=\"S\",OR($R149=\"\",$R149=\"(digite a descrição aqui)\"),OR($Q149<>\"\",$T149>0,$U149>0)),\"DESCRIÇÃO\",\nIF(AND($C149=\"S\",$P149<>\"\",$Q149<>\"\",$S149=\"\"),\"UNIDADE\",\nIF(AND($C149=\"S\",$P149<>\"\",$Q149<>\"\",$U149=0),\"SEM CUSTO\",\nIF(AND(_xlfn.SINGLE(TIPOORCAMENTO)=\"Licitado\",$AL149=0,$AN149>0),\"SEM PREÇO\",\nIF(AND($C149=\"S\",$P149<>\"\",$Q149<>\"\",$U149>0,AND($V149<>\"BDI 1\",$V149<>\"BDI 2\",$V149<>\"BDI 3\")),IF(ISNUMBER($V149),\"JUSTIFICAR BDI\",\"BDI\"),\nIF(OR(AND(import.recurso=\"OGU\",TIPOORCAMENTO=\"Proposto\",LEFT($O$8,5)<>\"(N/D:\",$AG149<>\"\",ORÇAMENTO.CustoUnitario>$AG149),AND(TIPOORCAMENTO=\"LICITADO\",ORÇAMENTO.PrecoUnitarioLicitado>$AN149)),\"ACIMA REF.\",\nIF(AND($C149=\"S\",$P149<>\"\",$Q149<>\"\",$T149=0,$U149>0),\"QUANT.\",\nIF(AND(Import.TipoArredondamento=\"TransfereGOV\",$L149=\"F\",$C149=\"S\",LEN($Q149)>13),\"Código >13\",\nIF(AND(Import.TipoArredondamento=\"TransfereGOV\",$L149=\"F\",$C149<>\"S\",LEN($R149)>100),\"Descrição >100\",\nIF(AND(Import.TipoArredondamento=\"TransfereGOV\",$L149=\"F\",$C149=\"S\",LEN($R149)>500),\"Descrição >500\",\nIF(AND(Import.TipoArredondamento=\"TransfereGOV\",$L149=\"F\",$C149=\"S\",LEFT(TRIM(UPPER($P149)),6)<>\"SINAPI\",ISNA(VLOOKUP(TRIM(UPPER($S149)),ListaTgov.Unidades,1,FALSE))),\"Unid. Não Disp\",\n\" \"))))))))))))))))","v":{"$error":"#NAME?"}},{"$f":"IF(C149<=CRONO.NivelExibicao,MAX($AD$15:OFFSET(AD149,-1,0))+IF($C149<>1,1,MAX(1,COUNTIF(QCI!$A$13:$A$24,OFFSET($E149,-1,0)))),\"\")","v":""},{"$f":"IF(AND($C149=\"S\",ORÇAMENTO.CodBarra<>\"\"),IF(ORÇAMENTO.Fonte=\"\",ORÇAMENTO.CodBarra,CONCATENATE(ORÇAMENTO.Fonte,\" \",ORÇAMENTO.CodBarra)))","v":false},{"$f":"IF(ISERROR(INDIRECT(ORÇAMENTO.BancoRef)),\"(abra o arquivo 'Referência \"&Excel_BuiltIn_Database&\".xlsm)\",IF(OR($C149<>\"S\",ORÇAMENTO.CodBarra=\"\"),\"(Sem Código)\",IF(ISERROR(MATCH($AE149,INDIRECT(ORÇAMENTO.BancoRef),0)),\"(Código não identificado nas referências)\",MATCH($AE149,INDIRECT(ORÇAMENTO.BancoRef),0))))","v":"(Sem Código)"},{"$f":"ROUND(IF(DESONERACAO=\"sim\",REFERENCIA.Desonerado,REFERENCIA.NaoDesonerado),2)","v":0},0.26,null,null,null,null,0,0]
["S",3,"S",0,{"$f":"IF($C150=1,OFFSET(E150,-1,0)+MAX(1,COUNTIF(QCI!$A$13:$A$24,OFFSET(ORÇAMENTO!E150,-1,0))),OFFSET(E150,-1,0))","v":1},2,2,0,10,0,{"$f":"IF(OR($C150=\"S\",$C150=0),0,MATCH(OFFSET($D150,0,$C150)+IF($C150<>1,1,COUNTIF(QCI!$A$13:$A$24,ORÇAMENTO!E150)),OFFSET($D150,1,$C150,ROW($C$270)-ROW($C150)),0))","v":0},"","Serviço","Serviço","-","SINAPI",null,{"$f":"IF($C150=\"S\",REFERENCIA.Descricao,\"(digite a descrição aqui)\")","v":"(Sem Código)"},{"$f":"REFERENCIA.Unidade","v":"-"},{"$f":"OFFSET(CÁLCULO!H$15,ROW($T150)-ROW(T$15),0)","v":0},null,"BDI 1",{"$f":"IF($C150=\"S\",ROUND(IF(TIPOORCAMENTO=\"Proposto\",ORÇAMENTO.CustoUnitario*(1+$AH150),ORÇAMENTO.PrecoUnitarioLicitado),15-13*$AF$10),0)","v":0},{"$f":"IF($C150=\"S\",IF(OR(Import.TipoArredondamento<>\"TransfereGOV\",ACOMPANHAMENTO=\"BM\"),VTOTAL1,SUM(OFFSET(CÁLCULO!$AA$15,ROW($X150)-ROW($X$15),1):OFFSET(CÁLCULO!$AL$15,ROW($X150)-ROW($X$15),-1))),IF($C150=0,0,ROUND(SomaAgrup,15-13*$AF$11)))","v":0},"RA","",{"$f":"IF($C150=\"S\",IF($Z150=\"CP\",$X150,IF($Z150=\"RA\",(($X150)*QCI!$AA$3),0)),SomaAgrup)","v":0},0,{"$f":"IF($N150=\"\",\" \",\nIF(AND($C150<>\"S\",OR($R150=\"\",$R150=\"(digite a descrição aqui)\")),\"DESCRIÇÃO\",\nIF(AND($C150=\"S\",OR($Q150<>\"\",$T150>0,$U150>0),$P150=\"\"),\"FONTE\",\nIF(AND($C150=\"S\",$P150<>\"\",OR($T150>0,$U150>0),$Q150=\"\"),\"CÓDIGO\",\nIF(AND($C150=\"S\",$P150<>\"\",$Q150<>\"\",$R150=\"(Código não identificado nas referências)\"),\"CÓDIGO N/ID\",\nIF(AND($C150=\"S\",OR($R150=\"\",$R150=\"(digite a descrição aqui)\"),OR($Q150<>\"\",$T150>0,$U150>0)),\"DESCRIÇÃO\",\nIF(AND($C150=\"S\",$P150<>\"\",$Q150<>\"\",$S150=\"\"),\"UNIDADE\",\nIF(AND($C150=\"S\",$P150<>\"\",$Q150<>\"\",$U150=0),\"SEM CUSTO\",\nIF(AND(_xlfn.SINGLE(TIPOORCAMENTO)=\"Licitado\",$AL150=0,$AN150>0),\"SEM PREÇO\",\nIF(AND($C150=\"S\",$P150<>\"\",$Q150<>\"\",$U150>0,AND($V150<>\"BDI 1\",$V150<>\"BDI 2\",$V150<>\"BDI 3\")),IF(ISNUMBER($V150),\"JUSTIFICAR BDI\",\"BDI\"),\nIF(OR(AND(import.recurso=\"OGU\",TIPOORCAMENTO=\"Proposto\",LEFT($O$8,5)<>\"(N/D:\",$AG150<>\"\",ORÇAMENTO.CustoUnitario>$AG150),AND(TIPOORCAMENTO=\"LICITADO\",ORÇAMENTO.PrecoUnitarioLicitado>$AN150)),\"ACIMA REF.\",\nIF(AND($C150=\"S\",$P150<>\"\",$Q150<>\"\",$T150=0,$U150>0),\"QUANT.\",\nIF(AND(Import.TipoArredondamento=\"TransfereGOV\",$L150=\"F\",$C150=\"S\",LEN($Q150)>13),\"Código >13\",\nIF(AND(Import.TipoArredondamento=\"TransfereGOV\",$L150=\"F\",$C150<>\"S\",LEN($R150)>100),\"Descrição >100\",\nIF(AND(Import.TipoArredondamento=\"TransfereGOV\",$L150=\"F\",$C150=\"S\",LEN($R150)>500),\"Descrição >500\",\nIF(AND(Import.TipoArredondamento=\"TransfereGOV\",$L150=\"F\",$C150=\"S\",LEFT(TRIM(UPPER($P150)),6)<>\"SINAPI\",ISNA(VLOOKUP(TRIM(UPPER($S150)),ListaTgov.Unidades,1,FALSE))),\"Unid. Não Disp\",\n\" \"))))))))))))))))","v":{"$error":"#NAME?"}},{"$f":"IF(C150<=CRONO.NivelExibicao,MAX($AD$15:OFFSET(AD150,-1,0))+IF($C150<>1,1,MAX(1,COUNTIF(QCI!$A$13:$A$24,OFFSET($E150,-1,0)))),\"\")","v":""},{"$f":"IF(AND($C150=\"S\",ORÇAMENTO.CodBarra<>\"\"),IF(ORÇAMENTO.Fonte=\"\",ORÇAMENTO.CodBarra,CONCATENATE(ORÇAMENTO.Fonte,\" \",ORÇAMENTO.CodBarra)))","v":false},{"$f":"IF(ISERROR(INDIRECT(ORÇAMENTO.BancoRef)),\"(abra o arquivo 'Referência \"&Excel_BuiltIn_Database&\".xlsm)\",IF(OR($C150<>\"S\",ORÇAMENTO.CodBarra=\"\"),\"(Sem Código)\",IF(ISERROR(MATCH($AE150,INDIRECT(ORÇAMENTO.BancoRef),0)),\"(Código não identificado nas referências)\",MATCH($AE150,INDIRECT(ORÇAMENTO.BancoRef),0))))","v":"(Sem Código)"},{"$f":"ROUND(IF(DESONERACAO=\"sim\",REFERENCIA.Desonerado,REFERENCIA.NaoDesonerado),2)","v":0},0.26,null,null,null,null,0,0]
["S",3,"S",0,{"$f":"IF($C151=1,OFFSET(E151,-1,0)+MAX(1,COUNTIF(QCI!$A$13:$A$24,OFFSET(ORÇAMENTO!E151,-1,0))),OFFSET(E151,-1,0))","v":1},2,2,0,10,0,{"$f":"IF(OR($C151=\"S\",$C151=0),0,MATCH(OFFSET($D151,0,$C151)+IF($C151<>1,1,COUNTIF(QCI!$A$13:$A$24,ORÇAMENTO!E151)),OFFSET($D151,1,$C151,ROW($C$270)-ROW($C151)),0))","v":0},"","Serviço","Serviço","-","SINAPI",null,{"$f":"IF($C151=\"S\",REFERENCIA.Descricao,\"(digite a descrição aqui)\")","v":"(Sem Código)"},{"$f":"REFERENCIA.Unidade","v":"-"},{"$f":"OFFSET(CÁLCULO!H$15,ROW($T151)-ROW(T$15),0)","v":0},null,"BDI 1",{"$f":"IF($C151=\"S\",ROUND(IF(TIPOORCAMENTO=\"Proposto\",ORÇAMENTO.CustoUnitario*(1+$AH151),ORÇAMENTO.PrecoUnitarioLicitado),15-13*$AF$10),0)","v":0},{"$f":"IF($C151=\"S\",IF(OR(Import.TipoArredondamento<>\"TransfereGOV\",ACOMPANHAMENTO=\"BM\"),VTOTAL1,SUM(OFFSET(CÁLCULO!$AA$15,ROW($X151)-ROW($X$15),1):OFFSET(CÁLCULO!$AL$15,ROW($X151)-ROW($X$15),-1))),IF($C151=0,0,ROUND(SomaAgrup,15-13*$AF$11)))","v":0},"RA","",{"$f":"IF($C151=\"S\",IF($Z151=\"CP\",$X151,IF($Z151=\"RA\",(($X151)*QCI!$AA$3),0)),SomaAgrup)","v":0},0,{"$f":"IF($N151=\"\",\" \",\nIF(AND($C151<>\"S\",OR($R151=\"\",$R151=\"(digite a descrição aqui)\")),\"DESCRIÇÃO\",\nIF(AND($C151=\"S\",OR($Q151<>\"\",$T151>0,$U151>0),$P151=\"\"),\"FONTE\",\nIF(AND($C151=\"S\",$P151<>\"\",OR($T151>0,$U151>0),$Q151=\"\"),\"CÓDIGO\",\nIF(AND($C151=\"S\",$P151<>\"\",$Q151<>\"\",$R151=\"(Código não identificado nas referências)\"),\"CÓDIGO N/ID\",\nIF(AND($C151=\"S\",OR($R151=\"\",$R151=\"(digite a descrição aqui)\"),OR($Q151<>\"\",$T151>0,$U151>0)),\"DESCRIÇÃO\",\nIF(AND($C151=\"S\",$P151<>\"\",$Q151<>\"\",$S151=\"\"),\"UNIDADE\",\nIF(AND($C151=\"S\",$P151<>\"\",$Q151<>\"\",$U151=0),\"SEM CUSTO\",\nIF(AND(_xlfn.SINGLE(TIPOORCAMENTO)=\"Licitado\",$AL151=0,$AN151>0),\"SEM PREÇO\",\nIF(AND($C151=\"S\",$P151<>\"\",$Q151<>\"\",$U151>0,AND($V151<>\"BDI 1\",$V151<>\"BDI 2\",$V151<>\"BDI 3\")),IF(ISNUMBER($V151),\"JUSTIFICAR BDI\",\"BDI\"),\nIF(OR(AND(import.recurso=\"OGU\",TIPOORCAMENTO=\"Proposto\",LEFT($O$8,5)<>\"(N/D:\",$AG151<>\"\",ORÇAMENTO.CustoUnitario>$AG151),AND(TIPOORCAMENTO=\"LICITADO\",ORÇAMENTO.PrecoUnitarioLicitado>$AN151)),\"ACIMA REF.\",\nIF(AND($C151=\"S\",$P151<>\"\",$Q151<>\"\",$T151=0,$U151>0),\"QUANT.\",\nIF(AND(Import.TipoArredondamento=\"TransfereGOV\",$L151=\"F\",$C151=\"S\",LEN($Q151)>13),\"Código >13\",\nIF(AND(Import.TipoArredondamento=\"TransfereGOV\",$L151=\"F\",$C151<>\"S\",LEN($R151)>100),\"Descrição >100\",\nIF(AND(Import.TipoArredondamento=\"TransfereGOV\",$L151=\"F\",$C151=\"S\",LEN($R151)>500),\"Descrição >500\",\nIF(AND(Import.TipoArredondamento=\"TransfereGOV\",$L151=\"F\",$C151=\"S\",LEFT(TRIM(UPPER($P151)),6)<>\"SINAPI\",ISNA(VLOOKUP(TRIM(UPPER($S151)),ListaTgov.Unidades,1,FALSE))),\"Unid. Não Disp\",\n\" \"))))))))))))))))","v":{"$error":"#NAME?"}},{"$f":"IF(C151<=CRONO.NivelExibicao,MAX($AD$15:OFFSET(AD151,-1,0))+IF($C151<>1,1,MAX(1,COUNTIF(QCI!$A$13:$A$24,OFFSET($E151,-1,0)))),\"\")","v":""},{"$f":"IF(AND($C151=\"S\",ORÇAMENTO.CodBarra<>\"\"),IF(ORÇAMENTO.Fonte=\"\",ORÇAMENTO.CodBarra,CONCATENATE(ORÇAMENTO.Fonte,\" \",ORÇAMENTO.CodBarra)))","v":false},{"$f":"IF(ISERROR(INDIRECT(ORÇAMENTO.BancoRef)),\"(abra o arquivo 'Referência \"&Excel_BuiltIn_Database&\".xlsm)\",IF(OR($C151<>\"S\",ORÇAMENTO.CodBarra=\"\"),\"(Sem Código)\",IF(ISERROR(MATCH($AE151,INDIRECT(ORÇAMENTO.BancoRef),0)),\"(Código não identificado nas referências)\",MATCH($AE151,INDIRECT(ORÇAMENTO.BancoRef),0))))","v":"(Sem Código)"},{"$f":"ROUND(IF(DESONERACAO=\"sim\",REFERENCIA.Desonerado,REFERENCIA.NaoDesonerado),2)","v":0},0.26,null,null,null,null,0,0]
["S",3,"S",0,{"$f":"IF($C152=1,OFFSET(E152,-1,0)+MAX(1,COUNTIF(QCI!$A$13:$A$24,OFFSET(ORÇAMENTO!E152,-1,0))),OFFSET(E152,-1,0))","v":1},2,2,0,10,0,{"$f":"IF(OR($C152=\"S\",$C152=0),0,MATCH(OFFSET($D152,0,$C152)+IF($C152<>1,1,COUNTIF(QCI!$A$13:$A$24,ORÇAMENTO!E152)),OFFSET($D152,1,$C152,ROW($C$270)-ROW($C152)),0))","v":0},"","Serviço","Serviço","-","SINAPI",null,{"$f":"IF($C152=\"S\",REFERENCIA.Descricao,\"(digite a descrição aqui)\")","v":"(Sem Código)"},{"$f":"REFERENCIA.Unidade","v":"-"},{"$f":"OFFSET(CÁLCULO!H$15,ROW($T152)-ROW(T$15),0)","v":0},null,"BDI 1",{"$f":"IF($C152=\"S\",ROUND(IF(TIPOORCAMENTO=\"Proposto\",ORÇAMENTO.CustoUnitario*(1+$AH152),ORÇAMENTO.PrecoUnitarioLicitado),15-13*$AF$10),0)","v":0},{"$f":"IF($C152=\"S\",IF(OR(Import.TipoArredondamento<>\"TransfereGOV\",ACOMPANHAMENTO=\"BM\"),VTOTAL1,SUM(OFFSET(CÁLCULO!$AA$15,ROW($X152)-ROW($X$15),1):OFFSET(CÁLCULO!$AL$15,ROW($X152)-ROW($X$15),-1))),IF($C152=0,0,ROUND(SomaAgrup,15-13*$AF$11)))","v":0},"RA","",{"$f":"IF($C152=\"S\",IF($Z152=\"CP\",$X152,IF($Z152=\"RA\",(($X152)*QCI!$AA$3),0)),SomaAgrup)","v":0},0,{"$f":"IF($N152=\"\",\" \",\nIF(AND($C152<>\"S\",OR($R152=\"\",$R152=\"(digite a descrição aqui)\")),\"DESCRIÇÃO\",\nIF(AND($C152=\"S\",OR($Q152<>\"\",$T152>0,$U152>0),$P152=\"\"),\"FONTE\",\nIF(AND($C152=\"S\",$P152<>\"\",OR($T152>0,$U152>0),$Q152=\"\"),\"CÓDIGO\",\nIF(AND($C152=\"S\",$P152<>\"\",$Q152<>\"\",$R152=\"(Código não identificado nas referências)\"),\"CÓDIGO N/ID\",\nIF(AND($C152=\"S\",OR($R152=\"\",$R152=\"(digite a descrição aqui)\"),OR($Q152<>\"\",$T152>0,$U152>0)),\"DESCRIÇÃO\",\nIF(AND($C152=\"S\",$P152<>\"\",$Q152<>\"\",$S152=\"\"),\"UNIDADE\",\nIF(AND($C152=\"S\",$P152<>\"\",$Q152<>\"\",$U152=0),\"SEM CUSTO\",\nIF(AND(_xlfn.SINGLE(TIPOORCAMENTO)=\"Licitado\",$AL152=0,$AN152>0),\"SEM PREÇO\",\nIF(AND($C152=\"S\",$P152<>\"\",$Q152<>\"\",$U152>0,AND($V152<>\"BDI 1\",$V152<>\"BDI 2\",$V152<>\"BDI 3\")),IF(ISNUMBER($V152),\"JUSTIFICAR BDI\",\"BDI\"),\nIF(OR(AND(import.recurso=\"OGU\",TIPOORCAMENTO=\"Proposto\",LEFT($O$8,5)<>\"(N/D:\",$AG152<>\"\",ORÇAMENTO.CustoUnitario>$AG152),AND(TIPOORCAMENTO=\"LICITADO\",ORÇAMENTO.PrecoUnitarioLicitado>$AN152)),\"ACIMA REF.\",\nIF(AND($C152=\"S\",$P152<>\"\",$Q152<>\"\",$T152=0,$U152>0),\"QUANT.\",\nIF(AND(Import.TipoArredondamento=\"TransfereGOV\",$L152=\"F\",$C152=\"S\",LEN($Q152)>13),\"Código >13\",\nIF(AND(Import.TipoArredondamento=\"TransfereGOV\",$L152=\"F\",$C152<>\"S\",LEN($R152)>100),\"Descrição >100\",\nIF(AND(Import.TipoArredondamento=\"TransfereGOV\",$L152=\"F\",$C152=\"S\",LEN($R152)>500),\"Descrição >500\",\nIF(AND(Import.TipoArredondamento=\"TransfereGOV\",$L152=\"F\",$C152=\"S\",LEFT(TRIM(UPPER($P152)),6)<>\"SINAPI\",ISNA(VLOOKUP(TRIM(UPPER($S152)),ListaTgov.Unidades,1,FALSE))),\"Unid. Não Disp\",\n\" \"))))))))))))))))","v":{"$error":"#NAME?"}},{"$f":"IF(C152<=CRONO.NivelExibicao,MAX($AD$15:OFFSET(AD152,-1,0))+IF($C152<>1,1,MAX(1,COUNTIF(QCI!$A$13:$A$24,OFFSET($E152,-1,0)))),\"\")","v":""},{"$f":"IF(AND($C152=\"S\",ORÇAMENTO.CodBarra<>\"\"),IF(ORÇAMENTO.Fonte=\"\",ORÇAMENTO.CodBarra,CONCATENATE(ORÇAMENTO.Fonte,\" \",ORÇAMENTO.CodBarra)))","v":false},{"$f":"IF(ISERROR(INDIRECT(ORÇAMENTO.BancoRef)),\"(abra o arquivo 'Referência \"&Excel_BuiltIn_Database&\".xlsm)\",IF(OR($C152<>\"S\",ORÇAMENTO.CodBarra=\"\"),\"(Sem Código)\",IF(ISERROR(MATCH($AE152,INDIRECT(ORÇAMENTO.BancoRef),0)),\"(Código não identificado nas referências)\",MATCH($AE152,INDIRECT(ORÇAMENTO.BancoRef),0))))","v":"(Sem Código)"},{"$f":"ROUND(IF(DESONERACAO=\"sim\",REFERENCIA.Desonerado,REFERENCIA.NaoDesonerado),2)","v":0},0.26,null,null,null,null,0,0]
["S",3,"S",0,{"$f":"IF($C153=1,OFFSET(E153,-1,0)+MAX(1,COUNTIF(QCI!$A$13:$A$24,OFFSET(ORÇAMENTO!E153,-1,0))),OFFSET(E153,-1,0))","v":1},2,2,0,10,0,{"$f":"IF(OR($C153=\"S\",$C153=0),0,MATCH(OFFSET($D153,0,$C153)+IF($C153<>1,1,COUNTIF(QCI!$A$13:$A$24,ORÇAMENTO!E153)),OFFSET($D153,1,$C153,ROW($C$270)-ROW($C153)),0))","v":0},"","Serviço","Serviço","-","SINAPI",null,{"$f":"IF($C153=\"S\",REFERENCIA.Descricao,\"(digite a descrição aqui)\")","v":"(Sem Código)"},{"$f":"REFERENCIA.Unidade","v":"-"},{"$f":"OFFSET(CÁLCULO!H$15,ROW($T153)-ROW(T$15),0)","v":0},null,"BDI 1",{"$f":"IF($C153=\"S\",ROUND(IF(TIPOORCAMENTO=\"Proposto\",ORÇAMENTO.CustoUnitario*(1+$AH153),ORÇAMENTO.PrecoUnitarioLicitado),15-13*$AF$10),0)","v":0},{"$f":"IF($C153=\"S\",IF(OR(Import.TipoArredondamento<>\"TransfereGOV\",ACOMPANHAMENTO=\"BM\"),VTOTAL1,SUM(OFFSET(CÁLCULO!$AA$15,ROW($X153)-ROW($X$15),1):OFFSET(CÁLCULO!$AL$15,ROW($X153)-ROW($X$15),-1))),IF($C153=0,0,ROUND(SomaAgrup,15-13*$AF$11)))","v":0},"RA","",{"$f":"IF($C153=\"S\",IF($Z153=\"CP\",$X153,IF($Z153=\"RA\",(($X153)*QCI!$AA$3),0)),SomaAgrup)","v":0},0,{"$f":"IF($N153=\"\",\" \",\nIF(AND($C153<>\"S\",OR($R153=\"\",$R153=\"(digite a descrição aqui)\")),\"DESCRIÇÃO\",\nIF(AND($C153=\"S\",OR($Q153<>\"\",$T153>0,$U153>0),$P153=\"\"),\"FONTE\",\nIF(AND($C153=\"S\",$P153<>\"\",OR($T153>0,$U153>0),$Q153=\"\"),\"CÓDIGO\",\nIF(AND($C153=\"S\",$P153<>\"\",$Q153<>\"\",$R153=\"(Código não identificado nas referências)\"),\"CÓDIGO N/ID\",\nIF(AND($C153=\"S\",OR($R153=\"\",$R153=\"(digite a descrição aqui)\"),OR($Q153<>\"\",$T153>0,$U153>0)),\"DESCRIÇÃO\",\nIF(AND($C153=\"S\",$P153<>\"\",$Q153<>\"\",$S153=\"\"),\"UNIDADE\",\nIF(AND($C153=\"S\",$P153<>\"\",$Q153<>\"\",$U153=0),\"SEM CUSTO\",\nIF(AND(_xlfn.SINGLE(TIPOORCAMENTO)=\"Licitado\",$AL153=0,$AN153>0),\"SEM PREÇO\",\nIF(AND($C153=\"S\",$P153<>\"\",$Q153<>\"\",$U153>0,AND($V153<>\"BDI 1\",$V153<>\"BDI 2\",$V153<>\"BDI 3\")),IF(ISNUMBER($V153),\"JUSTIFICAR BDI\",\"BDI\"),\nIF(OR(AND(import.recurso=\"OGU\",TIPOORCAMENTO=\"Proposto\",LEFT($O$8,5)<>\"(N/D:\",$AG153<>\"\",ORÇAMENTO.CustoUnitario>$AG153),AND(TIPOORCAMENTO=\"LICITADO\",ORÇAMENTO.PrecoUnitarioLicitado>$AN153)),\"ACIMA REF.\",\nIF(AND($C153=\"S\",$P153<>\"\",$Q153<>\"\",$T153=0,$U153>0),\"QUANT.\",\nIF(AND(Import.TipoArredondamento=\"TransfereGOV\",$L153=\"F\",$C153=\"S\",LEN($Q153)>13),\"Código >13\",\nIF(AND(Import.TipoArredondamento=\"TransfereGOV\",$L153=\"F\",$C153<>\"S\",LEN($R153)>100),\"Descrição >100\",\nIF(AND(Import.TipoArredondamento=\"TransfereGOV\",$L153=\"F\",$C153=\"S\",LEN($R153)>500),\"Descrição >500\",\nIF(AND(Import.TipoArredondamento=\"TransfereGOV\",$L153=\"F\",$C153=\"S\",LEFT(TRIM(UPPER($P153)),6)<>\"SINAPI\",ISNA(VLOOKUP(TRIM(UPPER($S153)),ListaTgov.Unidades,1,FALSE))),\"Unid. Não Disp\",\n\" \"))))))))))))))))","v":{"$error":"#NAME?"}},{"$f":"IF(C153<=CRONO.NivelExibicao,MAX($AD$15:OFFSET(AD153,-1,0))+IF($C153<>1,1,MAX(1,COUNTIF(QCI!$A$13:$A$24,OFFSET($E153,-1,0)))),\"\")","v":""},{"$f":"IF(AND($C153=\"S\",ORÇAMENTO.CodBarra<>\"\"),IF(ORÇAMENTO.Fonte=\"\",ORÇAMENTO.CodBarra,CONCATENATE(ORÇAMENTO.Fonte,\" \",ORÇAMENTO.CodBarra)))","v":false},{"$f":"IF(ISERROR(INDIRECT(ORÇAMENTO.BancoRef)),\"(abra o arquivo 'Referência \"&Excel_BuiltIn_Database&\".xlsm)\",IF(OR($C153<>\"S\",ORÇAMENTO.CodBarra=\"\"),\"(Sem Código)\",IF(ISERROR(MATCH($AE153,INDIRECT(ORÇAMENTO.BancoRef),0)),\"(Código não identificado nas referências)\",MATCH($AE153,INDIRECT(ORÇAMENTO.BancoRef),0))))","v":"(Sem Código)"},{"$f":"ROUND(IF(DESONERACAO=\"sim\",REFERENCIA.Desonerado,REFERENCIA.NaoDesonerado),2)","v":0},0.26,null,null,null,null,0,0]
["S",3,"S",0,{"$f":"IF($C154=1,OFFSET(E154,-1,0)+MAX(1,COUNTIF(QCI!$A$13:$A$24,OFFSET(ORÇAMENTO!E154,-1,0))),OFFSET(E154,-1,0))","v":1},2,2,0,10,0,{"$f":"IF(OR($C154=\"S\",$C154=0),0,MATCH(OFFSET($D154,0,$C154)+IF($C154<>1,1,COUNTIF(QCI!$A$13:$A$24,ORÇAMENTO!E154)),OFFSET($D154,1,$C154,ROW($C$270)-ROW($C154)),0))","v":0},"","Serviço","Serviço","-","SINAPI",null,{"$f":"IF($C154=\"S\",REFERENCIA.Descricao,\"(digite a descrição aqui)\")","v":"(Sem Código)"},{"$f":"REFERENCIA.Unidade","v":"-"},{"$f":"OFFSET(CÁLCULO!H$15,ROW($T154)-ROW(T$15),0)","v":0},null,"BDI 1",{"$f":"IF($C154=\"S\",ROUND(IF(TIPOORCAMENTO=\"Proposto\",ORÇAMENTO.CustoUnitario*(1+$AH154),ORÇAMENTO.PrecoUnitarioLicitado),15-13*$AF$10),0)","v":0},{"$f":"IF($C154=\"S\",IF(OR(Import.TipoArredondamento<>\"TransfereGOV\",ACOMPANHAMENTO=\"BM\"),VTOTAL1,SUM(OFFSET(CÁLCULO!$AA$15,ROW($X154)-ROW($X$15),1):OFFSET(CÁLCULO!$AL$15,ROW($X154)-ROW($X$15),-1))),IF($C154=0,0,ROUND(SomaAgrup,15-13*$AF$11)))","v":0},"RA","",{"$f":"IF($C154=\"S\",IF($Z154=\"CP\",$X154,IF($Z154=\"RA\",(($X154)*QCI!$AA$3),0)),SomaAgrup)","v":0},0,{"$f":"IF($N154=\"\",\" \",\nIF(AND($C154<>\"S\",OR($R154=\"\",$R154=\"(digite a descrição aqui)\")),\"DESCRIÇÃO\",\nIF(AND($C154=\"S\",OR($Q154<>\"\",$T154>0,$U154>0),$P154=\"\"),\"FONTE\",\nIF(AND($C154=\"S\",$P154<>\"\",OR($T154>0,$U154>0),$Q154=\"\"),\"CÓDIGO\",\nIF(AND($C154=\"S\",$P154<>\"\",$Q154<>\"\",$R154=\"(Código não identificado nas referências)\"),\"CÓDIGO N/ID\",\nIF(AND($C154=\"S\",OR($R154=\"\",$R154=\"(digite a descrição aqui)\"),OR($Q154<>\"\",$T154>0,$U154>0)),\"DESCRIÇÃO\",\nIF(AND($C154=\"S\",$P154<>\"\",$Q154<>\"\",$S154=\"\"),\"UNIDADE\",\nIF(AND($C154=\"S\",$P154<>\"\",$Q154<>\"\",$U154=0),\"SEM CUSTO\",\nIF(AND(_xlfn.SINGLE(TIPOORCAMENTO)=\"Licitado\",$AL154=0,$AN154>0),\"SEM PREÇO\",\nIF(AND($C154=\"S\",$P154<>\"\",$Q154<>\"\",$U154>0,AND($V154<>\"BDI 1\",$V154<>\"BDI 2\",$V154<>\"BDI 3\")),IF(ISNUMBER($V154),\"JUSTIFICAR BDI\",\"BDI\"),\nIF(OR(AND(import.recurso=\"OGU\",TIPOORCAMENTO=\"Proposto\",LEFT($O$8,5)<>\"(N/D:\",$AG154<>\"\",ORÇAMENTO.CustoUnitario>$AG154),AND(TIPOORCAMENTO=\"LICITADO\",ORÇAMENTO.PrecoUnitarioLicitado>$AN154)),\"ACIMA REF.\",\nIF(AND($C154=\"S\",$P154<>\"\",$Q154<>\"\",$T154=0,$U154>0),\"QUANT.\",\nIF(AND(Import.TipoArredondamento=\"TransfereGOV\",$L154=\"F\",$C154=\"S\",LEN($Q154)>13),\"Código >13\",\nIF(AND(Import.TipoArredondamento=\"TransfereGOV\",$L154=\"F\",$C154<>\"S\",LEN($R154)>100),\"Descrição >100\",\nIF(AND(Import.TipoArredondamento=\"TransfereGOV\",$L154=\"F\",$C154=\"S\",LEN($R154)>500),\"Descrição >500\",\nIF(AND(Import.TipoArredondamento=\"TransfereGOV\",$L154=\"F\",$C154=\"S\",LEFT(TRIM(UPPER($P154)),6)<>\"SINAPI\",ISNA(VLOOKUP(TRIM(UPPER($S154)),ListaTgov.Unidades,1,FALSE))),\"Unid. Não Disp\",\n\" \"))))))))))))))))","v":{"$error":"#NAME?"}},{"$f":"IF(C154<=CRONO.NivelExibicao,MAX($AD$15:OFFSET(AD154,-1,0))+IF($C154<>1,1,MAX(1,COUNTIF(QCI!$A$13:$A$24,OFFSET($E154,-1,0)))),\"\")","v":""},{"$f":"IF(AND($C154=\"S\",ORÇAMENTO.CodBarra<>\"\"),IF(ORÇAMENTO.Fonte=\"\",ORÇAMENTO.CodBarra,CONCATENATE(ORÇAMENTO.Fonte,\" \",ORÇAMENTO.CodBarra)))","v":false},{"$f":"IF(ISERROR(INDIRECT(ORÇAMENTO.BancoRef)),\"(abra o arquivo 'Referência \"&Excel_BuiltIn_Database&\".xlsm)\",IF(OR($C154<>\"S\",ORÇAMENTO.CodBarra=\"\"),\"(Sem Código)\",IF(ISERROR(MATCH($AE154,INDIRECT(ORÇAMENTO.BancoRef),0)),\"(Código não identificado nas referências)\",MATCH($AE154,INDIRECT(ORÇAMENTO.BancoRef),0))))","v":"(Sem Código)"},{"$f":"ROUND(IF(DESONERACAO=\"sim\",REFERENCIA.Desonerado,REFERENCIA.NaoDesonerado),2)","v":0},0.26,null,null,null,null,0,0]
["S",3,"S",0,{"$f":"IF($C155=1,OFFSET(E155,-1,0)+MAX(1,COUNTIF(QCI!$A$13:$A$24,OFFSET(ORÇAMENTO!E155,-1,0))),OFFSET(E155,-1,0))","v":1},2,2,0,10,0,{"$f":"IF(OR($C155=\"S\",$C155=0),0,MATCH(OFFSET($D155,0,$C155)+IF($C155<>1,1,COUNTIF(QCI!$A$13:$A$24,ORÇAMENTO!E155)),OFFSET($D155,1,$C155,ROW($C$270)-ROW($C155)),0))","v":0},"","Serviço","Serviço","-","SINAPI",null,{"$f":"IF($C155=\"S\",REFERENCIA.Descricao,\"(digite a descrição aqui)\")","v":"(Sem Código)"},{"$f":"REFERENCIA.Unidade","v":"-"},{"$f":"OFFSET(CÁLCULO!H$15,ROW($T155)-ROW(T$15),0)","v":0},null,"BDI 1",{"$f":"IF($C155=\"S\",ROUND(IF(TIPOORCAMENTO=\"Proposto\",ORÇAMENTO.CustoUnitario*(1+$AH155),ORÇAMENTO.PrecoUnitarioLicitado),15-13*$AF$10),0)","v":0},{"$f":"IF($C155=\"S\",IF(OR(Import.TipoArredondamento<>\"TransfereGOV\",ACOMPANHAMENTO=\"BM\"),VTOTAL1,SUM(OFFSET(CÁLCULO!$AA$15,ROW($X155)-ROW($X$15),1):OFFSET(CÁLCULO!$AL$15,ROW($X155)-ROW($X$15),-1))),IF($C155=0,0,ROUND(SomaAgrup,15-13*$AF$11)))","v":0},"RA","",{"$f":"IF($C155=\"S\",IF($Z155=\"CP\",$X155,IF($Z155=\"RA\",(($X155)*QCI!$AA$3),0)),SomaAgrup)","v":0},0,{"$f":"IF($N155=\"\",\" \",\nIF(AND($C155<>\"S\",OR($R155=\"\",$R155=\"(digite a descrição aqui)\")),\"DESCRIÇÃO\",\nIF(AND($C155=\"S\",OR($Q155<>\"\",$T155>0,$U155>0),$P155=\"\"),\"FONTE\",\nIF(AND($C155=\"S\",$P155<>\"\",OR($T155>0,$U155>0),$Q155=\"\"),\"CÓDIGO\",\nIF(AND($C155=\"S\",$P155<>\"\",$Q155<>\"\",$R155=\"(Código não identificado nas referências)\"),\"CÓDIGO N/ID\",\nIF(AND($C155=\"S\",OR($R155=\"\",$R155=\"(digite a descrição aqui)\"),OR($Q155<>\"\",$T155>0,$U155>0)),\"DESCRIÇÃO\",\nIF(AND($C155=\"S\",$P155<>\"\",$Q155<>\"\",$S155=\"\"),\"UNIDADE\",\nIF(AND($C155=\"S\",$P155<>\"\",$Q155<>\"\",$U155=0),\"SEM CUSTO\",\nIF(AND(_xlfn.SINGLE(TIPOORCAMENTO)=\"Licitado\",$AL155=0,$AN155>0),\"SEM PREÇO\",\nIF(AND($C155=\"S\",$P155<>\"\",$Q155<>\"\",$U155>0,AND($V155<>\"BDI 1\",$V155<>\"BDI 2\",$V155<>\"BDI 3\")),IF(ISNUMBER($V155),\"JUSTIFICAR BDI\",\"BDI\"),\nIF(OR(AND(import.recurso=\"OGU\",TIPOORCAMENTO=\"Proposto\",LEFT($O$8,5)<>\"(N/D:\",$AG155<>\"\",ORÇAMENTO.CustoUnitario>$AG155),AND(TIPOORCAMENTO=\"LICITADO\",ORÇAMENTO.PrecoUnitarioLicitado>$AN155)),\"ACIMA REF.\",\nIF(AND($C155=\"S\",$P155<>\"\",$Q155<>\"\",$T155=0,$U155>0),\"QUANT.\",\nIF(AND(Import.TipoArredondamento=\"TransfereGOV\",$L155=\"F\",$C155=\"S\",LEN($Q155)>13),\"Código >13\",\nIF(AND(Import.TipoArredondamento=\"TransfereGOV\",$L155=\"F\",$C155<>\"S\",LEN($R155)>100),\"Descrição >100\",\nIF(AND(Import.TipoArredondamento=\"TransfereGOV\",$L155=\"F\",$C155=\"S\",LEN($R155)>500),\"Descrição >500\",\nIF(AND(Import.TipoArredondamento=\"TransfereGOV\",$L155=\"F\",$C155=\"S\",LEFT(TRIM(UPPER($P155)),6)<>\"SINAPI\",ISNA(VLOOKUP(TRIM(UPPER($S155)),ListaTgov.Unidades,1,FALSE))),\"Unid. Não Disp\",\n\" \"))))))))))))))))","v":{"$error":"#NAME?"}},{"$f":"IF(C155<=CRONO.NivelExibicao,MAX($AD$15:OFFSET(AD155,-1,0))+IF($C155<>1,1,MAX(1,COUNTIF(QCI!$A$13:$A$24,OFFSET($E155,-1,0)))),\"\")","v":""},{"$f":"IF(AND($C155=\"S\",ORÇAMENTO.CodBarra<>\"\"),IF(ORÇAMENTO.Fonte=\"\",ORÇAMENTO.CodBarra,CONCATENATE(ORÇAMENTO.Fonte,\" \",ORÇAMENTO.CodBarra)))","v":false},{"$f":"IF(ISERROR(INDIRECT(ORÇAMENTO.BancoRef)),\"(abra o arquivo 'Referência \"&Excel_BuiltIn_Database&\".xlsm)\",IF(OR($C155<>\"S\",ORÇAMENTO.CodBarra=\"\"),\"(Sem Código)\",IF(ISERROR(MATCH($AE155,INDIRECT(ORÇAMENTO.BancoRef),0)),\"(Código não identificado nas referências)\",MATCH($AE155,INDIRECT(ORÇAMENTO.BancoRef),0))))","v":"(Sem Código)"},{"$f":"ROUND(IF(DESONERACAO=\"sim\",REFERENCIA.Desonerado,REFERENCIA.NaoDesonerado),2)","v":0},0.26,null,null,null,null,0,0]
["S",3,"S",0,{"$f":"IF($C156=1,OFFSET(E156,-1,0)+MAX(1,COUNTIF(QCI!$A$13:$A$24,OFFSET(ORÇAMENTO!E156,-1,0))),OFFSET(E156,-1,0))","v":1},2,2,0,10,0,{"$f":"IF(OR($C156=\"S\",$C156=0),0,MATCH(OFFSET($D156,0,$C156)+IF($C156<>1,1,COUNTIF(QCI!$A$13:$A$24,ORÇAMENTO!E156)),OFFSET($D156,1,$C156,ROW($C$270)-ROW($C156)),0))","v":0},"","Serviço","Serviço","-","SINAPI",null,{"$f":"IF($C156=\"S\",REFERENCIA.Descricao,\"(digite a descrição aqui)\")","v":"(Sem Código)"},{"$f":"REFERENCIA.Unidade","v":"-"},{"$f":"OFFSET(CÁLCULO!H$15,ROW($T156)-ROW(T$15),0)","v":0},null,"BDI 1",{"$f":"IF($C156=\"S\",ROUND(IF(TIPOORCAMENTO=\"Proposto\",ORÇAMENTO.CustoUnitario*(1+$AH156),ORÇAMENTO.PrecoUnitarioLicitado),15-13*$AF$10),0)","v":0},{"$f":"IF($C156=\"S\",IF(OR(Import.TipoArredondamento<>\"TransfereGOV\",ACOMPANHAMENTO=\"BM\"),VTOTAL1,SUM(OFFSET(CÁLCULO!$AA$15,ROW($X156)-ROW($X$15),1):OFFSET(CÁLCULO!$AL$15,ROW($X156)-ROW($X$15),-1))),IF($C156=0,0,ROUND(SomaAgrup,15-13*$AF$11)))","v":0},"RA","",{"$f":"IF($C156=\"S\",IF($Z156=\"CP\",$X156,IF($Z156=\"RA\",(($X156)*QCI!$AA$3),0)),SomaAgrup)","v":0},0,{"$f":"IF($N156=\"\",\" \",\nIF(AND($C156<>\"S\",OR($R156=\"\",$R156=\"(digite a descrição aqui)\")),\"DESCRIÇÃO\",\nIF(AND($C156=\"S\",OR($Q156<>\"\",$T156>0,$U156>0),$P156=\"\"),\"FONTE\",\nIF(AND($C156=\"S\",$P156<>\"\",OR($T156>0,$U156>0),$Q156=\"\"),\"CÓDIGO\",\nIF(AND($C156=\"S\",$P156<>\"\",$Q156<>\"\",$R156=\"(Código não identificado nas referências)\"),\"CÓDIGO N/ID\",\nIF(AND($C156=\"S\",OR($R156=\"\",$R156=\"(digite a descrição aqui)\"),OR($Q156<>\"\",$T156>0,$U156>0)),\"DESCRIÇÃO\",\nIF(AND($C156=\"S\",$P156<>\"\",$Q156<>\"\",$S156=\"\"),\"UNIDADE\",\nIF(AND($C156=\"S\",$P156<>\"\",$Q156<>\"\",$U156=0),\"SEM CUSTO\",\nIF(AND(_xlfn.SINGLE(TIPOORCAMENTO)=\"Licitado\",$AL156=0,$AN156>0),\"SEM PREÇO\",\nIF(AND($C156=\"S\",$P156<>\"\",$Q156<>\"\",$U156>0,AND($V156<>\"BDI 1\",$V156<>\"BDI 2\",$V156<>\"BDI 3\")),IF(ISNUMBER($V156),\"JUSTIFICAR BDI\",\"BDI\"),\nIF(OR(AND(import.recurso=\"OGU\",TIPOORCAMENTO=\"Proposto\",LEFT($O$8,5)<>\"(N/D:\",$AG156<>\"\",ORÇAMENTO.CustoUnitario>$AG156),AND(TIPOORCAMENTO=\"LICITADO\",ORÇAMENTO.PrecoUnitarioLicitado>$AN156)),\"ACIMA REF.\",\nIF(AND($C156=\"S\",$P156<>\"\",$Q156<>\"\",$T156=0,$U156>0),\"QUANT.\",\nIF(AND(Import.TipoArredondamento=\"TransfereGOV\",$L156=\"F\",$C156=\"S\",LEN($Q156)>13),\"Código >13\",\nIF(AND(Import.TipoArredondamento=\"TransfereGOV\",$L156=\"F\",$C156<>\"S\",LEN($R156)>100),\"Descrição >100\",\nIF(AND(Import.TipoArredondamento=\"TransfereGOV\",$L156=\"F\",$C156=\"S\",LEN($R156)>500),\"Descrição >500\",\nIF(AND(Import.TipoArredondamento=\"TransfereGOV\",$L156=\"F\",$C156=\"S\",LEFT(TRIM(UPPER($P156)),6)<>\"SINAPI\",ISNA(VLOOKUP(TRIM(UPPER($S156)),ListaTgov.Unidades,1,FALSE))),\"Unid. Não Disp\",\n\" \"))))))))))))))))","v":{"$error":"#NAME?"}},{"$f":"IF(C156<=CRONO.NivelExibicao,MAX($AD$15:OFFSET(AD156,-1,0))+IF($C156<>1,1,MAX(1,COUNTIF(QCI!$A$13:$A$24,OFFSET($E156,-1,0)))),\"\")","v":""},{"$f":"IF(AND($C156=\"S\",ORÇAMENTO.CodBarra<>\"\"),IF(ORÇAMENTO.Fonte=\"\",ORÇAMENTO.CodBarra,CONCATENATE(ORÇAMENTO.Fonte,\" \",ORÇAMENTO.CodBarra)))","v":false},{"$f":"IF(ISERROR(INDIRECT(ORÇAMENTO.BancoRef)),\"(abra o arquivo 'Referência \"&Excel_BuiltIn_Database&\".xlsm)\",IF(OR($C156<>\"S\",ORÇAMENTO.CodBarra=\"\"),\"(Sem Código)\",IF(ISERROR(MATCH($AE156,INDIRECT(ORÇAMENTO.BancoRef),0)),\"(Código não identificado nas referências)\",MATCH($AE156,INDIRECT(ORÇAMENTO.BancoRef),0))))","v":"(Sem Código)"},{"$f":"ROUND(IF(DESONERACAO=\"sim\",REFERENCIA.Desonerado,REFERENCIA.NaoDesonerado),2)","v":0},0.26,null,null,null,null,0,0]
["S",3,"S",0,{"$f":"IF($C157=1,OFFSET(E157,-1,0)+MAX(1,COUNTIF(QCI!$A$13:$A$24,OFFSET(ORÇAMENTO!E157,-1,0))),OFFSET(E157,-1,0))","v":1},2,2,0,10,0,{"$f":"IF(OR($C157=\"S\",$C157=0),0,MATCH(OFFSET($D157,0,$C157)+IF($C157<>1,1,COUNTIF(QCI!$A$13:$A$24,ORÇAMENTO!E157)),OFFSET($D157,1,$C157,ROW($C$270)-ROW($C157)),0))","v":0},"","Serviço","Serviço","-","SINAPI",null,{"$f":"IF($C157=\"S\",REFERENCIA.Descricao,\"(digite a descrição aqui)\")","v":"(Sem Código)"},{"$f":"REFERENCIA.Unidade","v":"-"},{"$f":"OFFSET(CÁLCULO!H$15,ROW($T157)-ROW(T$15),0)","v":0},null,"BDI 1",{"$f":"IF($C157=\"S\",ROUND(IF(TIPOORCAMENTO=\"Proposto\",ORÇAMENTO.CustoUnitario*(1+$AH157),ORÇAMENTO.PrecoUnitarioLicitado),15-13*$AF$10),0)","v":0},{"$f":"IF($C157=\"S\",IF(OR(Import.TipoArredondamento<>\"TransfereGOV\",ACOMPANHAMENTO=\"BM\"),VTOTAL1,SUM(OFFSET(CÁLCULO!$AA$15,ROW($X157)-ROW($X$15),1):OFFSET(CÁLCULO!$AL$15,ROW($X157)-ROW($X$15),-1))),IF($C157=0,0,ROUND(SomaAgrup,15-13*$AF$11)))","v":0},"RA","",{"$f":"IF($C157=\"S\",IF($Z157=\"CP\",$X157,IF($Z157=\"RA\",(($X157)*QCI!$AA$3),0)),SomaAgrup)","v":0},0,{"$f":"IF($N157=\"\",\" \",\nIF(AND($C157<>\"S\",OR($R157=\"\",$R157=\"(digite a descrição aqui)\")),\"DESCRIÇÃO\",\nIF(AND($C157=\"S\",OR($Q157<>\"\",$T157>0,$U157>0),$P157=\"\"),\"FONTE\",\nIF(AND($C157=\"S\",$P157<>\"\",OR($T157>0,$U157>0),$Q157=\"\"),\"CÓDIGO\",\nIF(AND($C157=\"S\",$P157<>\"\",$Q157<>\"\",$R157=\"(Código não identificado nas referências)\"),\"CÓDIGO N/ID\",\nIF(AND($C157=\"S\",OR($R157=\"\",$R157=\"(digite a descrição aqui)\"),OR($Q157<>\"\",$T157>0,$U157>0)),\"DESCRIÇÃO\",\nIF(AND($C157=\"S\",$P157<>\"\",$Q157<>\"\",$S157=\"\"),\"UNIDADE\",\nIF(AND($C157=\"S\",$P157<>\"\",$Q157<>\"\",$U157=0),\"SEM CUSTO\",\nIF(AND(_xlfn.SINGLE(TIPOORCAMENTO)=\"Licitado\",$AL157=0,$AN157>0),\"SEM PREÇO\",\nIF(AND($C157=\"S\",$P157<>\"\",$Q157<>\"\",$U157>0,AND($V157<>\"BDI 1\",$V157<>\"BDI 2\",$V157<>\"BDI 3\")),IF(ISNUMBER($V157),\"JUSTIFICAR BDI\",\"BDI\"),\nIF(OR(AND(import.recurso=\"OGU\",TIPOORCAMENTO=\"Proposto\",LEFT($O$8,5)<>\"(N/D:\",$AG157<>\"\",ORÇAMENTO.CustoUnitario>$AG157),AND(TIPOORCAMENTO=\"LICITADO\",ORÇAMENTO.PrecoUnitarioLicitado>$AN157)),\"ACIMA REF.\",\nIF(AND($C157=\"S\",$P157<>\"\",$Q157<>\"\",$T157=0,$U157>0),\"QUANT.\",\nIF(AND(Import.TipoArredondamento=\"TransfereGOV\",$L157=\"F\",$C157=\"S\",LEN($Q157)>13),\"Código >13\",\nIF(AND(Import.TipoArredondamento=\"TransfereGOV\",$L157=\"F\",$C157<>\"S\",LEN($R157)>100),\"Descrição >100\",\nIF(AND(Import.TipoArredondamento=\"TransfereGOV\",$L157=\"F\",$C157=\"S\",LEN($R157)>500),\"Descrição >500\",\nIF(AND(Import.TipoArredondamento=\"TransfereGOV\",$L157=\"F\",$C157=\"S\",LEFT(TRIM(UPPER($P157)),6)<>\"SINAPI\",ISNA(VLOOKUP(TRIM(UPPER($S157)),ListaTgov.Unidades,1,FALSE))),\"Unid. Não Disp\",\n\" \"))))))))))))))))","v":{"$error":"#NAME?"}},{"$f":"IF(C157<=CRONO.NivelExibicao,MAX($AD$15:OFFSET(AD157,-1,0))+IF($C157<>1,1,MAX(1,COUNTIF(QCI!$A$13:$A$24,OFFSET($E157,-1,0)))),\"\")","v":""},{"$f":"IF(AND($C157=\"S\",ORÇAMENTO.CodBarra<>\"\"),IF(ORÇAMENTO.Fonte=\"\",ORÇAMENTO.CodBarra,CONCATENATE(ORÇAMENTO.Fonte,\" \",ORÇAMENTO.CodBarra)))","v":false},{"$f":"IF(ISERROR(INDIRECT(ORÇAMENTO.BancoRef)),\"(abra o arquivo 'Referência \"&Excel_BuiltIn_Database&\".xlsm)\",IF(OR($C157<>\"S\",ORÇAMENTO.CodBarra=\"\"),\"(Sem Código)\",IF(ISERROR(MATCH($AE157,INDIRECT(ORÇAMENTO.BancoRef),0)),\"(Código não identificado nas referências)\",MATCH($AE157,INDIRECT(ORÇAMENTO.BancoRef),0))))","v":"(Sem Código)"},{"$f":"ROUND(IF(DESONERACAO=\"sim\",REFERENCIA.Desonerado,REFERENCIA.NaoDesonerado),2)","v":0},0.26,null,null,null,null,0,0]
["S",3,"S",0,{"$f":"IF($C158=1,OFFSET(E158,-1,0)+MAX(1,COUNTIF(QCI!$A$13:$A$24,OFFSET(ORÇAMENTO!E158,-1,0))),OFFSET(E158,-1,0))","v":1},2,2,0,10,0,{"$f":"IF(OR($C158=\"S\",$C158=0),0,MATCH(OFFSET($D158,0,$C158)+IF($C158<>1,1,COUNTIF(QCI!$A$13:$A$24,ORÇAMENTO!E158)),OFFSET($D158,1,$C158,ROW($C$270)-ROW($C158)),0))","v":0},"","Serviço","Serviço","-","SINAPI",null,{"$f":"IF($C158=\"S\",REFERENCIA.Descricao,\"(digite a descrição aqui)\")","v":"(Sem Código)"},{"$f":"REFERENCIA.Unidade","v":"-"},{"$f":"OFFSET(CÁLCULO!H$15,ROW($T158)-ROW(T$15),0)","v":0},null,"BDI 1",{"$f":"IF($C158=\"S\",ROUND(IF(TIPOORCAMENTO=\"Proposto\",ORÇAMENTO.CustoUnitario*(1+$AH158),ORÇAMENTO.PrecoUnitarioLicitado),15-13*$AF$10),0)","v":0},{"$f":"IF($C158=\"S\",IF(OR(Import.TipoArredondamento<>\"TransfereGOV\",ACOMPANHAMENTO=\"BM\"),VTOTAL1,SUM(OFFSET(CÁLCULO!$AA$15,ROW($X158)-ROW($X$15),1):OFFSET(CÁLCULO!$AL$15,ROW($X158)-ROW($X$15),-1))),IF($C158=0,0,ROUND(SomaAgrup,15-13*$AF$11)))","v":0},"RA","",{"$f":"IF($C158=\"S\",IF($Z158=\"CP\",$X158,IF($Z158=\"RA\",(($X158)*QCI!$AA$3),0)),SomaAgrup)","v":0},0,{"$f":"IF($N158=\"\",\" \",\nIF(AND($C158<>\"S\",OR($R158=\"\",$R158=\"(digite a descrição aqui)\")),\"DESCRIÇÃO\",\nIF(AND($C158=\"S\",OR($Q158<>\"\",$T158>0,$U158>0),$P158=\"\"),\"FONTE\",\nIF(AND($C158=\"S\",$P158<>\"\",OR($T158>0,$U158>0),$Q158=\"\"),\"CÓDIGO\",\nIF(AND($C158=\"S\",$P158<>\"\",$Q158<>\"\",$R158=\"(Código não identificado nas referências)\"),\"CÓDIGO N/ID\",\nIF(AND($C158=\"S\",OR($R158=\"\",$R158=\"(digite a descrição aqui)\"),OR($Q158<>\"\",$T158>0,$U158>0)),\"DESCRIÇÃO\",\nIF(AND($C158=\"S\",$P158<>\"\",$Q158<>\"\",$S158=\"\"),\"UNIDADE\",\nIF(AND($C158=\"S\",$P158<>\"\",$Q158<>\"\",$U158=0),\"SEM CUSTO\",\nIF(AND(_xlfn.SINGLE(TIPOORCAMENTO)=\"Licitado\",$AL158=0,$AN158>0),\"SEM PREÇO\",\nIF(AND($C158=\"S\",$P158<>\"\",$Q158<>\"\",$U158>0,AND($V158<>\"BDI 1\",$V158<>\"BDI 2\",$V158<>\"BDI 3\")),IF(ISNUMBER($V158),\"JUSTIFICAR BDI\",\"BDI\"),\nIF(OR(AND(import.recurso=\"OGU\",TIPOORCAMENTO=\"Proposto\",LEFT($O$8,5)<>\"(N/D:\",$AG158<>\"\",ORÇAMENTO.CustoUnitario>$AG158),AND(TIPOORCAMENTO=\"LICITADO\",ORÇAMENTO.PrecoUnitarioLicitado>$AN158)),\"ACIMA REF.\",\nIF(AND($C158=\"S\",$P158<>\"\",$Q158<>\"\",$T158=0,$U158>0),\"QUANT.\",\nIF(AND(Import.TipoArredondamento=\"TransfereGOV\",$L158=\"F\",$C158=\"S\",LEN($Q158)>13),\"Código >13\",\nIF(AND(Import.TipoArredondamento=\"TransfereGOV\",$L158=\"F\",$C158<>\"S\",LEN($R158)>100),\"Descrição >100\",\nIF(AND(Import.TipoArredondamento=\"TransfereGOV\",$L158=\"F\",$C158=\"S\",LEN($R158)>500),\"Descrição >500\",\nIF(AND(Import.TipoArredondamento=\"TransfereGOV\",$L158=\"F\",$C158=\"S\",LEFT(TRIM(UPPER($P158)),6)<>\"SINAPI\",ISNA(VLOOKUP(TRIM(UPPER($S158)),ListaTgov.Unidades,1,FALSE))),\"Unid. Não Disp\",\n\" \"))))))))))))))))","v":{"$error":"#NAME?"}},{"$f":"IF(C158<=CRONO.NivelExibicao,MAX($AD$15:OFFSET(AD158,-1,0))+IF($C158<>1,1,MAX(1,COUNTIF(QCI!$A$13:$A$24,OFFSET($E158,-1,0)))),\"\")","v":""},{"$f":"IF(AND($C158=\"S\",ORÇAMENTO.CodBarra<>\"\"),IF(ORÇAMENTO.Fonte=\"\",ORÇAMENTO.CodBarra,CONCATENATE(ORÇAMENTO.Fonte,\" \",ORÇAMENTO.CodBarra)))","v":false},{"$f":"IF(ISERROR(INDIRECT(ORÇAMENTO.BancoRef)),\"(abra o arquivo 'Referência \"&Excel_BuiltIn_Database&\".xlsm)\",IF(OR($C158<>\"S\",ORÇAMENTO.CodBarra=\"\"),\"(Sem Código)\",IF(ISERROR(MATCH($AE158,INDIRECT(ORÇAMENTO.BancoRef),0)),\"(Código não identificado nas referências)\",MATCH($AE158,INDIRECT(ORÇAMENTO.BancoRef),0))))","v":"(Sem Código)"},{"$f":"ROUND(IF(DESONERACAO=\"sim\",REFERENCIA.Desonerado,REFERENCIA.NaoDesonerado),2)","v":0},0.26,null,null,null,null,0,0]
["S",3,"S",0,{"$f":"IF($C159=1,OFFSET(E159,-1,0)+MAX(1,COUNTIF(QCI!$A$13:$A$24,OFFSET(ORÇAMENTO!E159,-1,0))),OFFSET(E159,-1,0))","v":1},2,2,0,10,0,{"$f":"IF(OR($C159=\"S\",$C159=0),0,MATCH(OFFSET($D159,0,$C159)+IF($C159<>1,1,COUNTIF(QCI!$A$13:$A$24,ORÇAMENTO!E159)),OFFSET($D159,1,$C159,ROW($C$270)-ROW($C159)),0))","v":0},"","Serviço","Serviço","-","SINAPI",null,{"$f":"IF($C159=\"S\",REFERENCIA.Descricao,\"(digite a descrição aqui)\")","v":"(Sem Código)"},{"$f":"REFERENCIA.Unidade","v":"-"},{"$f":"OFFSET(CÁLCULO!H$15,ROW($T159)-ROW(T$15),0)","v":0},null,"BDI 1",{"$f":"IF($C159=\"S\",ROUND(IF(TIPOORCAMENTO=\"Proposto\",ORÇAMENTO.CustoUnitario*(1+$AH159),ORÇAMENTO.PrecoUnitarioLicitado),15-13*$AF$10),0)","v":0},{"$f":"IF($C159=\"S\",IF(OR(Import.TipoArredondamento<>\"TransfereGOV\",ACOMPANHAMENTO=\"BM\"),VTOTAL1,SUM(OFFSET(CÁLCULO!$AA$15,ROW($X159)-ROW($X$15),1):OFFSET(CÁLCULO!$AL$15,ROW($X159)-ROW($X$15),-1))),IF($C159=0,0,ROUND(SomaAgrup,15-13*$AF$11)))","v":0},"RA","",{"$f":"IF($C159=\"S\",IF($Z159=\"CP\",$X159,IF($Z159=\"RA\",(($X159)*QCI!$AA$3),0)),SomaAgrup)","v":0},0,{"$f":"IF($N159=\"\",\" \",\nIF(AND($C159<>\"S\",OR($R159=\"\",$R159=\"(digite a descrição aqui)\")),\"DESCRIÇÃO\",\nIF(AND($C159=\"S\",OR($Q159<>\"\",$T159>0,$U159>0),$P159=\"\"),\"FONTE\",\nIF(AND($C159=\"S\",$P159<>\"\",OR($T159>0,$U159>0),$Q159=\"\"),\"CÓDIGO\",\nIF(AND($C159=\"S\",$P159<>\"\",$Q159<>\"\",$R159=\"(Código não identificado nas referências)\"),\"CÓDIGO N/ID\",\nIF(AND($C159=\"S\",OR($R159=\"\",$R159=\"(digite a descrição aqui)\"),OR($Q159<>\"\",$T159>0,$U159>0)),\"DESCRIÇÃO\",\nIF(AND($C159=\"S\",$P159<>\"\",$Q159<>\"\",$S159=\"\"),\"UNIDADE\",\nIF(AND($C159=\"S\",$P159<>\"\",$Q159<>\"\",$U159=0),\"SEM CUSTO\",\nIF(AND(_xlfn.SINGLE(TIPOORCAMENTO)=\"Licitado\",$AL159=0,$AN159>0),\"SEM PREÇO\",\nIF(AND($C159=\"S\",$P159<>\"\",$Q159<>\"\",$U159>0,AND($V159<>\"BDI 1\",$V159<>\"BDI 2\",$V159<>\"BDI 3\")),IF(ISNUMBER($V159),\"JUSTIFICAR BDI\",\"BDI\"),\nIF(OR(AND(import.recurso=\"OGU\",TIPOORCAMENTO=\"Proposto\",LEFT($O$8,5)<>\"(N/D:\",$AG159<>\"\",ORÇAMENTO.CustoUnitario>$AG159),AND(TIPOORCAMENTO=\"LICITADO\",ORÇAMENTO.PrecoUnitarioLicitado>$AN159)),\"ACIMA REF.\",\nIF(AND($C159=\"S\",$P159<>\"\",$Q159<>\"\",$T159=0,$U159>0),\"QUANT.\",\nIF(AND(Import.TipoArredondamento=\"TransfereGOV\",$L159=\"F\",$C159=\"S\",LEN($Q159)>13),\"Código >13\",\nIF(AND(Import.TipoArredondamento=\"TransfereGOV\",$L159=\"F\",$C159<>\"S\",LEN($R159)>100),\"Descrição >100\",\nIF(AND(Import.TipoArredondamento=\"TransfereGOV\",$L159=\"F\",$C159=\"S\",LEN($R159)>500),\"Descrição >500\",\nIF(AND(Import.TipoArredondamento=\"TransfereGOV\",$L159=\"F\",$C159=\"S\",LEFT(TRIM(UPPER($P159)),6)<>\"SINAPI\",ISNA(VLOOKUP(TRIM(UPPER($S159)),ListaTgov.Unidades,1,FALSE))),\"Unid. Não Disp\",\n\" \"))))))))))))))))","v":{"$error":"#NAME?"}},{"$f":"IF(C159<=CRONO.NivelExibicao,MAX($AD$15:OFFSET(AD159,-1,0))+IF($C159<>1,1,MAX(1,COUNTIF(QCI!$A$13:$A$24,OFFSET($E159,-1,0)))),\"\")","v":""},{"$f":"IF(AND($C159=\"S\",ORÇAMENTO.CodBarra<>\"\"),IF(ORÇAMENTO.Fonte=\"\",ORÇAMENTO.CodBarra,CONCATENATE(ORÇAMENTO.Fonte,\" \",ORÇAMENTO.CodBarra)))","v":false},{"$f":"IF(ISERROR(INDIRECT(ORÇAMENTO.BancoRef)),\"(abra o arquivo 'Referência \"&Excel_BuiltIn_Database&\".xlsm)\",IF(OR($C159<>\"S\",ORÇAMENTO.CodBarra=\"\"),\"(Sem Código)\",IF(ISERROR(MATCH($AE159,INDIRECT(ORÇAMENTO.BancoRef),0)),\"(Código não identificado nas referências)\",MATCH($AE159,INDIRECT(ORÇAMENTO.BancoRef),0))))","v":"(Sem Código)"},{"$f":"ROUND(IF(DESONERACAO=\"sim\",REFERENCIA.Desonerado,REFERENCIA.NaoDesonerado),2)","v":0},0.26,null,null,null,null,0,0]
["S",3,"S",0,{"$f":"IF($C160=1,OFFSET(E160,-1,0)+MAX(1,COUNTIF(QCI!$A$13:$A$24,OFFSET(ORÇAMENTO!E160,-1,0))),OFFSET(E160,-1,0))","v":1},2,2,0,10,0,{"$f":"IF(OR($C160=\"S\",$C160=0),0,MATCH(OFFSET($D160,0,$C160)+IF($C160<>1,1,COUNTIF(QCI!$A$13:$A$24,ORÇAMENTO!E160)),OFFSET($D160,1,$C160,ROW($C$270)-ROW($C160)),0))","v":0},"","Serviço","Serviço","-","SINAPI",null,{"$f":"IF($C160=\"S\",REFERENCIA.Descricao,\"(digite a descrição aqui)\")","v":"(Sem Código)"},{"$f":"REFERENCIA.Unidade","v":"-"},{"$f":"OFFSET(CÁLCULO!H$15,ROW($T160)-ROW(T$15),0)","v":0},null,"BDI 1",{"$f":"IF($C160=\"S\",ROUND(IF(TIPOORCAMENTO=\"Proposto\",ORÇAMENTO.CustoUnitario*(1+$AH160),ORÇAMENTO.PrecoUnitarioLicitado),15-13*$AF$10),0)","v":0},{"$f":"IF($C160=\"S\",IF(OR(Import.TipoArredondamento<>\"TransfereGOV\",ACOMPANHAMENTO=\"BM\"),VTOTAL1,SUM(OFFSET(CÁLCULO!$AA$15,ROW($X160)-ROW($X$15),1):OFFSET(CÁLCULO!$AL$15,ROW($X160)-ROW($X$15),-1))),IF($C160=0,0,ROUND(SomaAgrup,15-13*$AF$11)))","v":0},"RA","",{"$f":"IF($C160=\"S\",IF($Z160=\"CP\",$X160,IF($Z160=\"RA\",(($X160)*QCI!$AA$3),0)),SomaAgrup)","v":0},0,{"$f":"IF($N160=\"\",\" \",\nIF(AND($C160<>\"S\",OR($R160=\"\",$R160=\"(digite a descrição aqui)\")),\"DESCRIÇÃO\",\nIF(AND($C160=\"S\",OR($Q160<>\"\",$T160>0,$U160>0),$P160=\"\"),\"FONTE\",\nIF(AND($C160=\"S\",$P160<>\"\",OR($T160>0,$U160>0),$Q160=\"\"),\"CÓDIGO\",\nIF(AND($C160=\"S\",$P160<>\"\",$Q160<>\"\",$R160=\"(Código não identificado nas referências)\"),\"CÓDIGO N/ID\",\nIF(AND($C160=\"S\",OR($R160=\"\",$R160=\"(digite a descrição aqui)\"),OR($Q160<>\"\",$T160>0,$U160>0)),\"DESCRIÇÃO\",\nIF(AND($C160=\"S\",$P160<>\"\",$Q160<>\"\",$S160=\"\"),\"UNIDADE\",\nIF(AND($C160=\"S\",$P160<>\"\",$Q160<>\"\",$U160=0),\"SEM CUSTO\",\nIF(AND(_xlfn.SINGLE(TIPOORCAMENTO)=\"Licitado\",$AL160=0,$AN160>0),\"SEM PREÇO\",\nIF(AND($C160=\"S\",$P160<>\"\",$Q160<>\"\",$U160>0,AND($V160<>\"BDI 1\",$V160<>\"BDI 2\",$V160<>\"BDI 3\")),IF(ISNUMBER($V160),\"JUSTIFICAR BDI\",\"BDI\"),\nIF(OR(AND(import.recurso=\"OGU\",TIPOORCAMENTO=\"Proposto\",LEFT($O$8,5)<>\"(N/D:\",$AG160<>\"\",ORÇAMENTO.CustoUnitario>$AG160),AND(TIPOORCAMENTO=\"LICITADO\",ORÇAMENTO.PrecoUnitarioLicitado>$AN160)),\"ACIMA REF.\",\nIF(AND($C160=\"S\",$P160<>\"\",$Q160<>\"\",$T160=0,$U160>0),\"QUANT.\",\nIF(AND(Import.TipoArredondamento=\"TransfereGOV\",$L160=\"F\",$C160=\"S\",LEN($Q160)>13),\"Código >13\",\nIF(AND(Import.TipoArredondamento=\"TransfereGOV\",$L160=\"F\",$C160<>\"S\",LEN($R160)>100),\"Descrição >100\",\nIF(AND(Import.TipoArredondamento=\"TransfereGOV\",$L160=\"F\",$C160=\"S\",LEN($R160)>500),\"Descrição >500\",\nIF(AND(Import.TipoArredondamento=\"TransfereGOV\",$L160=\"F\",$C160=\"S\",LEFT(TRIM(UPPER($P160)),6)<>\"SINAPI\",ISNA(VLOOKUP(TRIM(UPPER($S160)),ListaTgov.Unidades,1,FALSE))),\"Unid. Não Disp\",\n\" \"))))))))))))))))","v":{"$error":"#NAME?"}},{"$f":"IF(C160<=CRONO.NivelExibicao,MAX($AD$15:OFFSET(AD160,-1,0))+IF($C160<>1,1,MAX(1,COUNTIF(QCI!$A$13:$A$24,OFFSET($E160,-1,0)))),\"\")","v":""},{"$f":"IF(AND($C160=\"S\",ORÇAMENTO.CodBarra<>\"\"),IF(ORÇAMENTO.Fonte=\"\",ORÇAMENTO.CodBarra,CONCATENATE(ORÇAMENTO.Fonte,\" \",ORÇAMENTO.CodBarra)))","v":false},{"$f":"IF(ISERROR(INDIRECT(ORÇAMENTO.BancoRef)),\"(abra o arquivo 'Referência \"&Excel_BuiltIn_Database&\".xlsm)\",IF(OR($C160<>\"S\",ORÇAMENTO.CodBarra=\"\"),\"(Sem Código)\",IF(ISERROR(MATCH($AE160,INDIRECT(ORÇAMENTO.BancoRef),0)),\"(Código não identificado nas referências)\",MATCH($AE160,INDIRECT(ORÇAMENTO.BancoRef),0))))","v":"(Sem Código)"},{"$f":"ROUND(IF(DESONERACAO=\"sim\",REFERENCIA.Desonerado,REFERENCIA.NaoDesonerado),2)","v":0},0.26,null,null,null,null,0,0]
["S",3,"S",0,{"$f":"IF($C161=1,OFFSET(E161,-1,0)+MAX(1,COUNTIF(QCI!$A$13:$A$24,OFFSET(ORÇAMENTO!E161,-1,0))),OFFSET(E161,-1,0))","v":1},2,2,0,10,0,{"$f":"IF(OR($C161=\"S\",$C161=0),0,MATCH(OFFSET($D161,0,$C161)+IF($C161<>1,1,COUNTIF(QCI!$A$13:$A$24,ORÇAMENTO!E161)),OFFSET($D161,1,$C161,ROW($C$270)-ROW($C161)),0))","v":0},"","Serviço","Serviço","-","SINAPI",null,{"$f":"IF($C161=\"S\",REFERENCIA.Descricao,\"(digite a descrição aqui)\")","v":"(Sem Código)"},{"$f":"REFERENCIA.Unidade","v":"-"},{"$f":"OFFSET(CÁLCULO!H$15,ROW($T161)-ROW(T$15),0)","v":0},null,"BDI 1",{"$f":"IF($C161=\"S\",ROUND(IF(TIPOORCAMENTO=\"Proposto\",ORÇAMENTO.CustoUnitario*(1+$AH161),ORÇAMENTO.PrecoUnitarioLicitado),15-13*$AF$10),0)","v":0},{"$f":"IF($C161=\"S\",IF(OR(Import.TipoArredondamento<>\"TransfereGOV\",ACOMPANHAMENTO=\"BM\"),VTOTAL1,SUM(OFFSET(CÁLCULO!$AA$15,ROW($X161)-ROW($X$15),1):OFFSET(CÁLCULO!$AL$15,ROW($X161)-ROW($X$15),-1))),IF($C161=0,0,ROUND(SomaAgrup,15-13*$AF$11)))","v":0},"RA","",{"$f":"IF($C161=\"S\",IF($Z161=\"CP\",$X161,IF($Z161=\"RA\",(($X161)*QCI!$AA$3),0)),SomaAgrup)","v":0},0,{"$f":"IF($N161=\"\",\" \",\nIF(AND($C161<>\"S\",OR($R161=\"\",$R161=\"(digite a descrição aqui)\")),\"DESCRIÇÃO\",\nIF(AND($C161=\"S\",OR($Q161<>\"\",$T161>0,$U161>0),$P161=\"\"),\"FONTE\",\nIF(AND($C161=\"S\",$P161<>\"\",OR($T161>0,$U161>0),$Q161=\"\"),\"CÓDIGO\",\nIF(AND($C161=\"S\",$P161<>\"\",$Q161<>\"\",$R161=\"(Código não identificado nas referências)\"),\"CÓDIGO N/ID\",\nIF(AND($C161=\"S\",OR($R161=\"\",$R161=\"(digite a descrição aqui)\"),OR($Q161<>\"\",$T161>0,$U161>0)),\"DESCRIÇÃO\",\nIF(AND($C161=\"S\",$P161<>\"\",$Q161<>\"\",$S161=\"\"),\"UNIDADE\",\nIF(AND($C161=\"S\",$P161<>\"\",$Q161<>\"\",$U161=0),\"SEM CUSTO\",\nIF(AND(_xlfn.SINGLE(TIPOORCAMENTO)=\"Licitado\",$AL161=0,$AN161>0),\"SEM PREÇO\",\nIF(AND($C161=\"S\",$P161<>\"\",$Q161<>\"\",$U161>0,AND($V161<>\"BDI 1\",$V161<>\"BDI 2\",$V161<>\"BDI 3\")),IF(ISNUMBER($V161),\"JUSTIFICAR BDI\",\"BDI\"),\nIF(OR(AND(import.recurso=\"OGU\",TIPOORCAMENTO=\"Proposto\",LEFT($O$8,5)<>\"(N/D:\",$AG161<>\"\",ORÇAMENTO.CustoUnitario>$AG161),AND(TIPOORCAMENTO=\"LICITADO\",ORÇAMENTO.PrecoUnitarioLicitado>$AN161)),\"ACIMA REF.\",\nIF(AND($C161=\"S\",$P161<>\"\",$Q161<>\"\",$T161=0,$U161>0),\"QUANT.\",\nIF(AND(Import.TipoArredondamento=\"TransfereGOV\",$L161=\"F\",$C161=\"S\",LEN($Q161)>13),\"Código >13\",\nIF(AND(Import.TipoArredondamento=\"TransfereGOV\",$L161=\"F\",$C161<>\"S\",LEN($R161)>100),\"Descrição >100\",\nIF(AND(Import.TipoArredondamento=\"TransfereGOV\",$L161=\"F\",$C161=\"S\",LEN($R161)>500),\"Descrição >500\",\nIF(AND(Import.TipoArredondamento=\"TransfereGOV\",$L161=\"F\",$C161=\"S\",LEFT(TRIM(UPPER($P161)),6)<>\"SINAPI\",ISNA(VLOOKUP(TRIM(UPPER($S161)),ListaTgov.Unidades,1,FALSE))),\"Unid. Não Disp\",\n\" \"))))))))))))))))","v":{"$error":"#NAME?"}},{"$f":"IF(C161<=CRONO.NivelExibicao,MAX($AD$15:OFFSET(AD161,-1,0))+IF($C161<>1,1,MAX(1,COUNTIF(QCI!$A$13:$A$24,OFFSET($E161,-1,0)))),\"\")","v":""},{"$f":"IF(AND($C161=\"S\",ORÇAMENTO.CodBarra<>\"\"),IF(ORÇAMENTO.Fonte=\"\",ORÇAMENTO.CodBarra,CONCATENATE(ORÇAMENTO.Fonte,\" \",ORÇAMENTO.CodBarra)))","v":false},{"$f":"IF(ISERROR(INDIRECT(ORÇAMENTO.BancoRef)),\"(abra o arquivo 'Referência \"&Excel_BuiltIn_Database&\".xlsm)\",IF(OR($C161<>\"S\",ORÇAMENTO.CodBarra=\"\"),\"(Sem Código)\",IF(ISERROR(MATCH($AE161,INDIRECT(ORÇAMENTO.BancoRef),0)),\"(Código não identificado nas referências)\",MATCH($AE161,INDIRECT(ORÇAMENTO.BancoRef),0))))","v":"(Sem Código)"},{"$f":"ROUND(IF(DESONERACAO=\"sim\",REFERENCIA.Desonerado,REFERENCIA.NaoDesonerado),2)","v":0},0.26,null,null,null,null,0,0]
["S",3,"S",0,{"$f":"IF($C162=1,OFFSET(E162,-1,0)+MAX(1,COUNTIF(QCI!$A$13:$A$24,OFFSET(ORÇAMENTO!E162,-1,0))),OFFSET(E162,-1,0))","v":1},2,2,0,10,0,{"$f":"IF(OR($C162=\"S\",$C162=0),0,MATCH(OFFSET($D162,0,$C162)+IF($C162<>1,1,COUNTIF(QCI!$A$13:$A$24,ORÇAMENTO!E162)),OFFSET($D162,1,$C162,ROW($C$270)-ROW($C162)),0))","v":0},"","Serviço","Serviço","-","SINAPI",null,{"$f":"IF($C162=\"S\",REFERENCIA.Descricao,\"(digite a descrição aqui)\")","v":"(Sem Código)"},{"$f":"REFERENCIA.Unidade","v":"-"},{"$f":"OFFSET(CÁLCULO!H$15,ROW($T162)-ROW(T$15),0)","v":0},null,"BDI 1",{"$f":"IF($C162=\"S\",ROUND(IF(TIPOORCAMENTO=\"Proposto\",ORÇAMENTO.CustoUnitario*(1+$AH162),ORÇAMENTO.PrecoUnitarioLicitado),15-13*$AF$10),0)","v":0},{"$f":"IF($C162=\"S\",IF(OR(Import.TipoArredondamento<>\"TransfereGOV\",ACOMPANHAMENTO=\"BM\"),VTOTAL1,SUM(OFFSET(CÁLCULO!$AA$15,ROW($X162)-ROW($X$15),1):OFFSET(CÁLCULO!$AL$15,ROW($X162)-ROW($X$15),-1))),IF($C162=0,0,ROUND(SomaAgrup,15-13*$AF$11)))","v":0},"RA","",{"$f":"IF($C162=\"S\",IF($Z162=\"CP\",$X162,IF($Z162=\"RA\",(($X162)*QCI!$AA$3),0)),SomaAgrup)","v":0},0,{"$f":"IF($N162=\"\",\" \",\nIF(AND($C162<>\"S\",OR($R162=\"\",$R162=\"(digite a descrição aqui)\")),\"DESCRIÇÃO\",\nIF(AND($C162=\"S\",OR($Q162<>\"\",$T162>0,$U162>0),$P162=\"\"),\"FONTE\",\nIF(AND($C162=\"S\",$P162<>\"\",OR($T162>0,$U162>0),$Q162=\"\"),\"CÓDIGO\",\nIF(AND($C162=\"S\",$P162<>\"\",$Q162<>\"\",$R162=\"(Código não identificado nas referências)\"),\"CÓDIGO N/ID\",\nIF(AND($C162=\"S\",OR($R162=\"\",$R162=\"(digite a descrição aqui)\"),OR($Q162<>\"\",$T162>0,$U162>0)),\"DESCRIÇÃO\",\nIF(AND($C162=\"S\",$P162<>\"\",$Q162<>\"\",$S162=\"\"),\"UNIDADE\",\nIF(AND($C162=\"S\",$P162<>\"\",$Q162<>\"\",$U162=0),\"SEM CUSTO\",\nIF(AND(_xlfn.SINGLE(TIPOORCAMENTO)=\"Licitado\",$AL162=0,$AN162>0),\"SEM PREÇO\",\nIF(AND($C162=\"S\",$P162<>\"\",$Q162<>\"\",$U162>0,AND($V162<>\"BDI 1\",$V162<>\"BDI 2\",$V162<>\"BDI 3\")),IF(ISNUMBER($V162),\"JUSTIFICAR BDI\",\"BDI\"),\nIF(OR(AND(import.recurso=\"OGU\",TIPOORCAMENTO=\"Proposto\",LEFT($O$8,5)<>\"(N/D:\",$AG162<>\"\",ORÇAMENTO.CustoUnitario>$AG162),AND(TIPOORCAMENTO=\"LICITADO\",ORÇAMENTO.PrecoUnitarioLicitado>$AN162)),\"ACIMA REF.\",\nIF(AND($C162=\"S\",$P162<>\"\",$Q162<>\"\",$T162=0,$U162>0),\"QUANT.\",\nIF(AND(Import.TipoArredondamento=\"TransfereGOV\",$L162=\"F\",$C162=\"S\",LEN($Q162)>13),\"Código >13\",\nIF(AND(Import.TipoArredondamento=\"TransfereGOV\",$L162=\"F\",$C162<>\"S\",LEN($R162)>100),\"Descrição >100\",\nIF(AND(Import.TipoArredondamento=\"TransfereGOV\",$L162=\"F\",$C162=\"S\",LEN($R162)>500),\"Descrição >500\",\nIF(AND(Import.TipoArredondamento=\"TransfereGOV\",$L162=\"F\",$C162=\"S\",LEFT(TRIM(UPPER($P162)),6)<>\"SINAPI\",ISNA(VLOOKUP(TRIM(UPPER($S162)),ListaTgov.Unidades,1,FALSE))),\"Unid. Não Disp\",\n\" \"))))))))))))))))","v":{"$error":"#NAME?"}},{"$f":"IF(C162<=CRONO.NivelExibicao,MAX($AD$15:OFFSET(AD162,-1,0))+IF($C162<>1,1,MAX(1,COUNTIF(QCI!$A$13:$A$24,OFFSET($E162,-1,0)))),\"\")","v":""},{"$f":"IF(AND($C162=\"S\",ORÇAMENTO.CodBarra<>\"\"),IF(ORÇAMENTO.Fonte=\"\",ORÇAMENTO.CodBarra,CONCATENATE(ORÇAMENTO.Fonte,\" \",ORÇAMENTO.CodBarra)))","v":false},{"$f":"IF(ISERROR(INDIRECT(ORÇAMENTO.BancoRef)),\"(abra o arquivo 'Referência \"&Excel_BuiltIn_Database&\".xlsm)\",IF(OR($C162<>\"S\",ORÇAMENTO.CodBarra=\"\"),\"(Sem Código)\",IF(ISERROR(MATCH($AE162,INDIRECT(ORÇAMENTO.BancoRef),0)),\"(Código não identificado nas referências)\",MATCH($AE162,INDIRECT(ORÇAMENTO.BancoRef),0))))","v":"(Sem Código)"},{"$f":"ROUND(IF(DESONERACAO=\"sim\",REFERENCIA.Desonerado,REFERENCIA.NaoDesonerado),2)","v":0},0.26,null,null,null,null,0,0]
["S",3,"S",0,{"$f":"IF($C163=1,OFFSET(E163,-1,0)+MAX(1,COUNTIF(QCI!$A$13:$A$24,OFFSET(ORÇAMENTO!E163,-1,0))),OFFSET(E163,-1,0))","v":1},2,2,0,10,0,{"$f":"IF(OR($C163=\"S\",$C163=0),0,MATCH(OFFSET($D163,0,$C163)+IF($C163<>1,1,COUNTIF(QCI!$A$13:$A$24,ORÇAMENTO!E163)),OFFSET($D163,1,$C163,ROW($C$270)-ROW($C163)),0))","v":0},"","Serviço","Serviço","-","SINAPI",null,{"$f":"IF($C163=\"S\",REFERENCIA.Descricao,\"(digite a descrição aqui)\")","v":"(Sem Código)"},{"$f":"REFERENCIA.Unidade","v":"-"},{"$f":"OFFSET(CÁLCULO!H$15,ROW($T163)-ROW(T$15),0)","v":0},null,"BDI 1",{"$f":"IF($C163=\"S\",ROUND(IF(TIPOORCAMENTO=\"Proposto\",ORÇAMENTO.CustoUnitario*(1+$AH163),ORÇAMENTO.PrecoUnitarioLicitado),15-13*$AF$10),0)","v":0},{"$f":"IF($C163=\"S\",IF(OR(Import.TipoArredondamento<>\"TransfereGOV\",ACOMPANHAMENTO=\"BM\"),VTOTAL1,SUM(OFFSET(CÁLCULO!$AA$15,ROW($X163)-ROW($X$15),1):OFFSET(CÁLCULO!$AL$15,ROW($X163)-ROW($X$15),-1))),IF($C163=0,0,ROUND(SomaAgrup,15-13*$AF$11)))","v":0},"RA","",{"$f":"IF($C163=\"S\",IF($Z163=\"CP\",$X163,IF($Z163=\"RA\",(($X163)*QCI!$AA$3),0)),SomaAgrup)","v":0},0,{"$f":"IF($N163=\"\",\" \",\nIF(AND($C163<>\"S\",OR($R163=\"\",$R163=\"(digite a descrição aqui)\")),\"DESCRIÇÃO\",\nIF(AND($C163=\"S\",OR($Q163<>\"\",$T163>0,$U163>0),$P163=\"\"),\"FONTE\",\nIF(AND($C163=\"S\",$P163<>\"\",OR($T163>0,$U163>0),$Q163=\"\"),\"CÓDIGO\",\nIF(AND($C163=\"S\",$P163<>\"\",$Q163<>\"\",$R163=\"(Código não identificado nas referências)\"),\"CÓDIGO N/ID\",\nIF(AND($C163=\"S\",OR($R163=\"\",$R163=\"(digite a descrição aqui)\"),OR($Q163<>\"\",$T163>0,$U163>0)),\"DESCRIÇÃO\",\nIF(AND($C163=\"S\",$P163<>\"\",$Q163<>\"\",$S163=\"\"),\"UNIDADE\",\nIF(AND($C163=\"S\",$P163<>\"\",$Q163<>\"\",$U163=0),\"SEM CUSTO\",\nIF(AND(_xlfn.SINGLE(TIPOORCAMENTO)=\"Licitado\",$AL163=0,$AN163>0),\"SEM PREÇO\",\nIF(AND($C163=\"S\",$P163<>\"\",$Q163<>\"\",$U163>0,AND($V163<>\"BDI 1\",$V163<>\"BDI 2\",$V163<>\"BDI 3\")),IF(ISNUMBER($V163),\"JUSTIFICAR BDI\",\"BDI\"),\nIF(OR(AND(import.recurso=\"OGU\",TIPOORCAMENTO=\"Proposto\",LEFT($O$8,5)<>\"(N/D:\",$AG163<>\"\",ORÇAMENTO.CustoUnitario>$AG163),AND(TIPOORCAMENTO=\"LICITADO\",ORÇAMENTO.PrecoUnitarioLicitado>$AN163)),\"ACIMA REF.\",\nIF(AND($C163=\"S\",$P163<>\"\",$Q163<>\"\",$T163=0,$U163>0),\"QUANT.\",\nIF(AND(Import.TipoArredondamento=\"TransfereGOV\",$L163=\"F\",$C163=\"S\",LEN($Q163)>13),\"Código >13\",\nIF(AND(Import.TipoArredondamento=\"TransfereGOV\",$L163=\"F\",$C163<>\"S\",LEN($R163)>100),\"Descrição >100\",\nIF(AND(Import.TipoArredondamento=\"TransfereGOV\",$L163=\"F\",$C163=\"S\",LEN($R163)>500),\"Descrição >500\",\nIF(AND(Import.TipoArredondamento=\"TransfereGOV\",$L163=\"F\",$C163=\"S\",LEFT(TRIM(UPPER($P163)),6)<>\"SINAPI\",ISNA(VLOOKUP(TRIM(UPPER($S163)),ListaTgov.Unidades,1,FALSE))),\"Unid. Não Disp\",\n\" \"))))))))))))))))","v":{"$error":"#NAME?"}},{"$f":"IF(C163<=CRONO.NivelExibicao,MAX($AD$15:OFFSET(AD163,-1,0))+IF($C163<>1,1,MAX(1,COUNTIF(QCI!$A$13:$A$24,OFFSET($E163,-1,0)))),\"\")","v":""},{"$f":"IF(AND($C163=\"S\",ORÇAMENTO.CodBarra<>\"\"),IF(ORÇAMENTO.Fonte=\"\",ORÇAMENTO.CodBarra,CONCATENATE(ORÇAMENTO.Fonte,\" \",ORÇAMENTO.CodBarra)))","v":false},{"$f":"IF(ISERROR(INDIRECT(ORÇAMENTO.BancoRef)),\"(abra o arquivo 'Referência \"&Excel_BuiltIn_Database&\".xlsm)\",IF(OR($C163<>\"S\",ORÇAMENTO.CodBarra=\"\"),\"(Sem Código)\",IF(ISERROR(MATCH($AE163,INDIRECT(ORÇAMENTO.BancoRef),0)),\"(Código não identificado nas referências)\",MATCH($AE163,INDIRECT(ORÇAMENTO.BancoRef),0))))","v":"(Sem Código)"},{"$f":"ROUND(IF(DESONERACAO=\"sim\",REFERENCIA.Desonerado,REFERENCIA.NaoDesonerado),2)","v":0},0.26,null,null,null,null,0,0]
["S",3,"S",0,{"$f":"IF($C164=1,OFFSET(E164,-1,0)+MAX(1,COUNTIF(QCI!$A$13:$A$24,OFFSET(ORÇAMENTO!E164,-1,0))),OFFSET(E164,-1,0))","v":1},2,2,0,10,0,{"$f":"IF(OR($C164=\"S\",$C164=0),0,MATCH(OFFSET($D164,0,$C164)+IF($C164<>1,1,COUNTIF(QCI!$A$13:$A$24,ORÇAMENTO!E164)),OFFSET($D164,1,$C164,ROW($C$270)-ROW($C164)),0))","v":0},"","Serviço","Serviço","-","SINAPI",null,{"$f":"IF($C164=\"S\",REFERENCIA.Descricao,\"(digite a descrição aqui)\")","v":"(Sem Código)"},{"$f":"REFERENCIA.Unidade","v":"-"},{"$f":"OFFSET(CÁLCULO!H$15,ROW($T164)-ROW(T$15),0)","v":0},null,"BDI 1",{"$f":"IF($C164=\"S\",ROUND(IF(TIPOORCAMENTO=\"Proposto\",ORÇAMENTO.CustoUnitario*(1+$AH164),ORÇAMENTO.PrecoUnitarioLicitado),15-13*$AF$10),0)","v":0},{"$f":"IF($C164=\"S\",IF(OR(Import.TipoArredondamento<>\"TransfereGOV\",ACOMPANHAMENTO=\"BM\"),VTOTAL1,SUM(OFFSET(CÁLCULO!$AA$15,ROW($X164)-ROW($X$15),1):OFFSET(CÁLCULO!$AL$15,ROW($X164)-ROW($X$15),-1))),IF($C164=0,0,ROUND(SomaAgrup,15-13*$AF$11)))","v":0},"RA","",{"$f":"IF($C164=\"S\",IF($Z164=\"CP\",$X164,IF($Z164=\"RA\",(($X164)*QCI!$AA$3),0)),SomaAgrup)","v":0},0,{"$f":"IF($N164=\"\",\" \",\nIF(AND($C164<>\"S\",OR($R164=\"\",$R164=\"(digite a descrição aqui)\")),\"DESCRIÇÃO\",\nIF(AND($C164=\"S\",OR($Q164<>\"\",$T164>0,$U164>0),$P164=\"\"),\"FONTE\",\nIF(AND($C164=\"S\",$P164<>\"\",OR($T164>0,$U164>0),$Q164=\"\"),\"CÓDIGO\",\nIF(AND($C164=\"S\",$P164<>\"\",$Q164<>\"\",$R164=\"(Código não identificado nas referências)\"),\"CÓDIGO N/ID\",\nIF(AND($C164=\"S\",OR($R164=\"\",$R164=\"(digite a descrição aqui)\"),OR($Q164<>\"\",$T164>0,$U164>0)),\"DESCRIÇÃO\",\nIF(AND($C164=\"S\",$P164<>\"\",$Q164<>\"\",$S164=\"\"),\"UNIDADE\",\nIF(AND($C164=\"S\",$P164<>\"\",$Q164<>\"\",$U164=0),\"SEM CUSTO\",\nIF(AND(_xlfn.SINGLE(TIPOORCAMENTO)=\"Licitado\",$AL164=0,$AN164>0),\"SEM PREÇO\",\nIF(AND($C164=\"S\",$P164<>\"\",$Q164<>\"\",$U164>0,AND($V164<>\"BDI 1\",$V164<>\"BDI 2\",$V164<>\"BDI 3\")),IF(ISNUMBER($V164),\"JUSTIFICAR BDI\",\"BDI\"),\nIF(OR(AND(import.recurso=\"OGU\",TIPOORCAMENTO=\"Proposto\",LEFT($O$8,5)<>\"(N/D:\",$AG164<>\"\",ORÇAMENTO.CustoUnitario>$AG164),AND(TIPOORCAMENTO=\"LICITADO\",ORÇAMENTO.PrecoUnitarioLicitado>$AN164)),\"ACIMA REF.\",\nIF(AND($C164=\"S\",$P164<>\"\",$Q164<>\"\",$T164=0,$U164>0),\"QUANT.\",\nIF(AND(Import.TipoArredondamento=\"TransfereGOV\",$L164=\"F\",$C164=\"S\",LEN($Q164)>13),\"Código >13\",\nIF(AND(Import.TipoArredondamento=\"TransfereGOV\",$L164=\"F\",$C164<>\"S\",LEN($R164)>100),\"Descrição >100\",\nIF(AND(Import.TipoArredondamento=\"TransfereGOV\",$L164=\"F\",$C164=\"S\",LEN($R164)>500),\"Descrição >500\",\nIF(AND(Import.TipoArredondamento=\"TransfereGOV\",$L164=\"F\",$C164=\"S\",LEFT(TRIM(UPPER($P164)),6)<>\"SINAPI\",ISNA(VLOOKUP(TRIM(UPPER($S164)),ListaTgov.Unidades,1,FALSE))),\"Unid. Não Disp\",\n\" \"))))))))))))))))","v":{"$error":"#NAME?"}},{"$f":"IF(C164<=CRONO.NivelExibicao,MAX($AD$15:OFFSET(AD164,-1,0))+IF($C164<>1,1,MAX(1,COUNTIF(QCI!$A$13:$A$24,OFFSET($E164,-1,0)))),\"\")","v":""},{"$f":"IF(AND($C164=\"S\",ORÇAMENTO.CodBarra<>\"\"),IF(ORÇAMENTO.Fonte=\"\",ORÇAMENTO.CodBarra,CONCATENATE(ORÇAMENTO.Fonte,\" \",ORÇAMENTO.CodBarra)))","v":false},{"$f":"IF(ISERROR(INDIRECT(ORÇAMENTO.BancoRef)),\"(abra o arquivo 'Referência \"&Excel_BuiltIn_Database&\".xlsm)\",IF(OR($C164<>\"S\",ORÇAMENTO.CodBarra=\"\"),\"(Sem Código)\",IF(ISERROR(MATCH($AE164,INDIRECT(ORÇAMENTO.BancoRef),0)),\"(Código não identificado nas referências)\",MATCH($AE164,INDIRECT(ORÇAMENTO.BancoRef),0))))","v":"(Sem Código)"},{"$f":"ROUND(IF(DESONERACAO=\"sim\",REFERENCIA.Desonerado,REFERENCIA.NaoDesonerado),2)","v":0},0.26,null,null,null,null,0,0]
["S",3,"S",0,{"$f":"IF($C165=1,OFFSET(E165,-1,0)+MAX(1,COUNTIF(QCI!$A$13:$A$24,OFFSET(ORÇAMENTO!E165,-1,0))),OFFSET(E165,-1,0))","v":1},2,2,0,10,0,{"$f":"IF(OR($C165=\"S\",$C165=0),0,MATCH(OFFSET($D165,0,$C165)+IF($C165<>1,1,COUNTIF(QCI!$A$13:$A$24,ORÇAMENTO!E165)),OFFSET($D165,1,$C165,ROW($C$270)-ROW($C165)),0))","v":0},"","Serviço","Serviço","-","SINAPI",null,{"$f":"IF($C165=\"S\",REFERENCIA.Descricao,\"(digite a descrição aqui)\")","v":"(Sem Código)"},{"$f":"REFERENCIA.Unidade","v":"-"},{"$f":"OFFSET(CÁLCULO!H$15,ROW($T165)-ROW(T$15),0)","v":0},null,"BDI 1",{"$f":"IF($C165=\"S\",ROUND(IF(TIPOORCAMENTO=\"Proposto\",ORÇAMENTO.CustoUnitario*(1+$AH165),ORÇAMENTO.PrecoUnitarioLicitado),15-13*$AF$10),0)","v":0},{"$f":"IF($C165=\"S\",IF(OR(Import.TipoArredondamento<>\"TransfereGOV\",ACOMPANHAMENTO=\"BM\"),VTOTAL1,SUM(OFFSET(CÁLCULO!$AA$15,ROW($X165)-ROW($X$15),1):OFFSET(CÁLCULO!$AL$15,ROW($X165)-ROW($X$15),-1))),IF($C165=0,0,ROUND(SomaAgrup,15-13*$AF$11)))","v":0},"RA","",{"$f":"IF($C165=\"S\",IF($Z165=\"CP\",$X165,IF($Z165=\"RA\",(($X165)*QCI!$AA$3),0)),SomaAgrup)","v":0},0,{"$f":"IF($N165=\"\",\" \",\nIF(AND($C165<>\"S\",OR($R165=\"\",$R165=\"(digite a descrição aqui)\")),\"DESCRIÇÃO\",\nIF(AND($C165=\"S\",OR($Q165<>\"\",$T165>0,$U165>0),$P165=\"\"),\"FONTE\",\nIF(AND($C165=\"S\",$P165<>\"\",OR($T165>0,$U165>0),$Q165=\"\"),\"CÓDIGO\",\nIF(AND($C165=\"S\",$P165<>\"\",$Q165<>\"\",$R165=\"(Código não identificado nas referências)\"),\"CÓDIGO N/ID\",\nIF(AND($C165=\"S\",OR($R165=\"\",$R165=\"(digite a descrição aqui)\"),OR($Q165<>\"\",$T165>0,$U165>0)),\"DESCRIÇÃO\",\nIF(AND($C165=\"S\",$P165<>\"\",$Q165<>\"\",$S165=\"\"),\"UNIDADE\",\nIF(AND($C165=\"S\",$P165<>\"\",$Q165<>\"\",$U165=0),\"SEM CUSTO\",\nIF(AND(_xlfn.SINGLE(TIPOORCAMENTO)=\"Licitado\",$AL165=0,$AN165>0),\"SEM PREÇO\",\nIF(AND($C165=\"S\",$P165<>\"\",$Q165<>\"\",$U165>0,AND($V165<>\"BDI 1\",$V165<>\"BDI 2\",$V165<>\"BDI 3\")),IF(ISNUMBER($V165),\"JUSTIFICAR BDI\",\"BDI\"),\nIF(OR(AND(import.recurso=\"OGU\",TIPOORCAMENTO=\"Proposto\",LEFT($O$8,5)<>\"(N/D:\",$AG165<>\"\",ORÇAMENTO.CustoUnitario>$AG165),AND(TIPOORCAMENTO=\"LICITADO\",ORÇAMENTO.PrecoUnitarioLicitado>$AN165)),\"ACIMA REF.\",\nIF(AND($C165=\"S\",$P165<>\"\",$Q165<>\"\",$T165=0,$U165>0),\"QUANT.\",\nIF(AND(Import.TipoArredondamento=\"TransfereGOV\",$L165=\"F\",$C165=\"S\",LEN($Q165)>13),\"Código >13\",\nIF(AND(Import.TipoArredondamento=\"TransfereGOV\",$L165=\"F\",$C165<>\"S\",LEN($R165)>100),\"Descrição >100\",\nIF(AND(Import.TipoArredondamento=\"TransfereGOV\",$L165=\"F\",$C165=\"S\",LEN($R165)>500),\"Descrição >500\",\nIF(AND(Import.TipoArredondamento=\"TransfereGOV\",$L165=\"F\",$C165=\"S\",LEFT(TRIM(UPPER($P165)),6)<>\"SINAPI\",ISNA(VLOOKUP(TRIM(UPPER($S165)),ListaTgov.Unidades,1,FALSE))),\"Unid. Não Disp\",\n\" \"))))))))))))))))","v":{"$error":"#NAME?"}},{"$f":"IF(C165<=CRONO.NivelExibicao,MAX($AD$15:OFFSET(AD165,-1,0))+IF($C165<>1,1,MAX(1,COUNTIF(QCI!$A$13:$A$24,OFFSET($E165,-1,0)))),\"\")","v":""},{"$f":"IF(AND($C165=\"S\",ORÇAMENTO.CodBarra<>\"\"),IF(ORÇAMENTO.Fonte=\"\",ORÇAMENTO.CodBarra,CONCATENATE(ORÇAMENTO.Fonte,\" \",ORÇAMENTO.CodBarra)))","v":false},{"$f":"IF(ISERROR(INDIRECT(ORÇAMENTO.BancoRef)),\"(abra o arquivo 'Referência \"&Excel_BuiltIn_Database&\".xlsm)\",IF(OR($C165<>\"S\",ORÇAMENTO.CodBarra=\"\"),\"(Sem Código)\",IF(ISERROR(MATCH($AE165,INDIRECT(ORÇAMENTO.BancoRef),0)),\"(Código não identificado nas referências)\",MATCH($AE165,INDIRECT(ORÇAMENTO.BancoRef),0))))","v":"(Sem Código)"},{"$f":"ROUND(IF(DESONERACAO=\"sim\",REFERENCIA.Desonerado,REFERENCIA.NaoDesonerado),2)","v":0},0.26,null,null,null,null,0,0]
["S",3,"S",0,{"$f":"IF($C166=1,OFFSET(E166,-1,0)+MAX(1,COUNTIF(QCI!$A$13:$A$24,OFFSET(ORÇAMENTO!E166,-1,0))),OFFSET(E166,-1,0))","v":1},2,2,0,10,0,{"$f":"IF(OR($C166=\"S\",$C166=0),0,MATCH(OFFSET($D166,0,$C166)+IF($C166<>1,1,COUNTIF(QCI!$A$13:$A$24,ORÇAMENTO!E166)),OFFSET($D166,1,$C166,ROW($C$270)-ROW($C166)),0))","v":0},"","Serviço","Serviço","-","SINAPI",null,{"$f":"IF($C166=\"S\",REFERENCIA.Descricao,\"(digite a descrição aqui)\")","v":"(Sem Código)"},{"$f":"REFERENCIA.Unidade","v":"-"},{"$f":"OFFSET(CÁLCULO!H$15,ROW($T166)-ROW(T$15),0)","v":0},null,"BDI 1",{"$f":"IF($C166=\"S\",ROUND(IF(TIPOORCAMENTO=\"Proposto\",ORÇAMENTO.CustoUnitario*(1+$AH166),ORÇAMENTO.PrecoUnitarioLicitado),15-13*$AF$10),0)","v":0},{"$f":"IF($C166=\"S\",IF(OR(Import.TipoArredondamento<>\"TransfereGOV\",ACOMPANHAMENTO=\"BM\"),VTOTAL1,SUM(OFFSET(CÁLCULO!$AA$15,ROW($X166)-ROW($X$15),1):OFFSET(CÁLCULO!$AL$15,ROW($X166)-ROW($X$15),-1))),IF($C166=0,0,ROUND(SomaAgrup,15-13*$AF$11)))","v":0},"RA","",{"$f":"IF($C166=\"S\",IF($Z166=\"CP\",$X166,IF($Z166=\"RA\",(($X166)*QCI!$AA$3),0)),SomaAgrup)","v":0},0,{"$f":"IF($N166=\"\",\" \",\nIF(AND($C166<>\"S\",OR($R166=\"\",$R166=\"(digite a descrição aqui)\")),\"DESCRIÇÃO\",\nIF(AND($C166=\"S\",OR($Q166<>\"\",$T166>0,$U166>0),$P166=\"\"),\"FONTE\",\nIF(AND($C166=\"S\",$P166<>\"\",OR($T166>0,$U166>0),$Q166=\"\"),\"CÓDIGO\",\nIF(AND($C166=\"S\",$P166<>\"\",$Q166<>\"\",$R166=\"(Código não identificado nas referências)\"),\"CÓDIGO N/ID\",\nIF(AND($C166=\"S\",OR($R166=\"\",$R166=\"(digite a descrição aqui)\"),OR($Q166<>\"\",$T166>0,$U166>0)),\"DESCRIÇÃO\",\nIF(AND($C166=\"S\",$P166<>\"\",$Q166<>\"\",$S166=\"\"),\"UNIDADE\",\nIF(AND($C166=\"S\",$P166<>\"\",$Q166<>\"\",$U166=0),\"SEM CUSTO\",\nIF(AND(_xlfn.SINGLE(TIPOORCAMENTO)=\"Licitado\",$AL166=0,$AN166>0),\"SEM PREÇO\",\nIF(AND($C166=\"S\",$P166<>\"\",$Q166<>\"\",$U166>0,AND($V166<>\"BDI 1\",$V166<>\"BDI 2\",$V166<>\"BDI 3\")),IF(ISNUMBER($V166),\"JUSTIFICAR BDI\",\"BDI\"),\nIF(OR(AND(import.recurso=\"OGU\",TIPOORCAMENTO=\"Proposto\",LEFT($O$8,5)<>\"(N/D:\",$AG166<>\"\",ORÇAMENTO.CustoUnitario>$AG166),AND(TIPOORCAMENTO=\"LICITADO\",ORÇAMENTO.PrecoUnitarioLicitado>$AN166)),\"ACIMA REF.\",\nIF(AND($C166=\"S\",$P166<>\"\",$Q166<>\"\",$T166=0,$U166>0),\"QUANT.\",\nIF(AND(Import.TipoArredondamento=\"TransfereGOV\",$L166=\"F\",$C166=\"S\",LEN($Q166)>13),\"Código >13\",\nIF(AND(Import.TipoArredondamento=\"TransfereGOV\",$L166=\"F\",$C166<>\"S\",LEN($R166)>100),\"Descrição >100\",\nIF(AND(Import.TipoArredondamento=\"TransfereGOV\",$L166=\"F\",$C166=\"S\",LEN($R166)>500),\"Descrição >500\",\nIF(AND(Import.TipoArredondamento=\"TransfereGOV\",$L166=\"F\",$C166=\"S\",LEFT(TRIM(UPPER($P166)),6)<>\"SINAPI\",ISNA(VLOOKUP(TRIM(UPPER($S166)),ListaTgov.Unidades,1,FALSE))),\"Unid. Não Disp\",\n\" \"))))))))))))))))","v":{"$error":"#NAME?"}},{"$f":"IF(C166<=CRONO.NivelExibicao,MAX($AD$15:OFFSET(AD166,-1,0))+IF($C166<>1,1,MAX(1,COUNTIF(QCI!$A$13:$A$24,OFFSET($E166,-1,0)))),\"\")","v":""},{"$f":"IF(AND($C166=\"S\",ORÇAMENTO.CodBarra<>\"\"),IF(ORÇAMENTO.Fonte=\"\",ORÇAMENTO.CodBarra,CONCATENATE(ORÇAMENTO.Fonte,\" \",ORÇAMENTO.CodBarra)))","v":false},{"$f":"IF(ISERROR(INDIRECT(ORÇAMENTO.BancoRef)),\"(abra o arquivo 'Referência \"&Excel_BuiltIn_Database&\".xlsm)\",IF(OR($C166<>\"S\",ORÇAMENTO.CodBarra=\"\"),\"(Sem Código)\",IF(ISERROR(MATCH($AE166,INDIRECT(ORÇAMENTO.BancoRef),0)),\"(Código não identificado nas referências)\",MATCH($AE166,INDIRECT(ORÇAMENTO.BancoRef),0))))","v":"(Sem Código)"},{"$f":"ROUND(IF(DESONERACAO=\"sim\",REFERENCIA.Desonerado,REFERENCIA.NaoDesonerado),2)","v":0},0.26,null,null,null,null,0,0]
["S",3,"S",0,{"$f":"IF($C167=1,OFFSET(E167,-1,0)+MAX(1,COUNTIF(QCI!$A$13:$A$24,OFFSET(ORÇAMENTO!E167,-1,0))),OFFSET(E167,-1,0))","v":1},2,2,0,10,0,{"$f":"IF(OR($C167=\"S\",$C167=0),0,MATCH(OFFSET($D167,0,$C167)+IF($C167<>1,1,COUNTIF(QCI!$A$13:$A$24,ORÇAMENTO!E167)),OFFSET($D167,1,$C167,ROW($C$270)-ROW($C167)),0))","v":0},"","Serviço","Serviço","-","SINAPI",null,{"$f":"IF($C167=\"S\",REFERENCIA.Descricao,\"(digite a descrição aqui)\")","v":"(Sem Código)"},{"$f":"REFERENCIA.Unidade","v":"-"},{"$f":"OFFSET(CÁLCULO!H$15,ROW($T167)-ROW(T$15),0)","v":0},null,"BDI 1",{"$f":"IF($C167=\"S\",ROUND(IF(TIPOORCAMENTO=\"Proposto\",ORÇAMENTO.CustoUnitario*(1+$AH167),ORÇAMENTO.PrecoUnitarioLicitado),15-13*$AF$10),0)","v":0},{"$f":"IF($C167=\"S\",IF(OR(Import.TipoArredondamento<>\"TransfereGOV\",ACOMPANHAMENTO=\"BM\"),VTOTAL1,SUM(OFFSET(CÁLCULO!$AA$15,ROW($X167)-ROW($X$15),1):OFFSET(CÁLCULO!$AL$15,ROW($X167)-ROW($X$15),-1))),IF($C167=0,0,ROUND(SomaAgrup,15-13*$AF$11)))","v":0},"RA","",{"$f":"IF($C167=\"S\",IF($Z167=\"CP\",$X167,IF($Z167=\"RA\",(($X167)*QCI!$AA$3),0)),SomaAgrup)","v":0},0,{"$f":"IF($N167=\"\",\" \",\nIF(AND($C167<>\"S\",OR($R167=\"\",$R167=\"(digite a descrição aqui)\")),\"DESCRIÇÃO\",\nIF(AND($C167=\"S\",OR($Q167<>\"\",$T167>0,$U167>0),$P167=\"\"),\"FONTE\",\nIF(AND($C167=\"S\",$P167<>\"\",OR($T167>0,$U167>0),$Q167=\"\"),\"CÓDIGO\",\nIF(AND($C167=\"S\",$P167<>\"\",$Q167<>\"\",$R167=\"(Código não identificado nas referências)\"),\"CÓDIGO N/ID\",\nIF(AND($C167=\"S\",OR($R167=\"\",$R167=\"(digite a descrição aqui)\"),OR($Q167<>\"\",$T167>0,$U167>0)),\"DESCRIÇÃO\",\nIF(AND($C167=\"S\",$P167<>\"\",$Q167<>\"\",$S167=\"\"),\"UNIDADE\",\nIF(AND($C167=\"S\",$P167<>\"\",$Q167<>\"\",$U167=0),\"SEM CUSTO\",\nIF(AND(_xlfn.SINGLE(TIPOORCAMENTO)=\"Licitado\",$AL167=0,$AN167>0),\"SEM PREÇO\",\nIF(AND($C167=\"S\",$P167<>\"\",$Q167<>\"\",$U167>0,AND($V167<>\"BDI 1\",$V167<>\"BDI 2\",$V167<>\"BDI 3\")),IF(ISNUMBER($V167),\"JUSTIFICAR BDI\",\"BDI\"),\nIF(OR(AND(import.recurso=\"OGU\",TIPOORCAMENTO=\"Proposto\",LEFT($O$8,5)<>\"(N/D:\",$AG167<>\"\",ORÇAMENTO.CustoUnitario>$AG167),AND(TIPOORCAMENTO=\"LICITADO\",ORÇAMENTO.PrecoUnitarioLicitado>$AN167)),\"ACIMA REF.\",\nIF(AND($C167=\"S\",$P167<>\"\",$Q167<>\"\",$T167=0,$U167>0),\"QUANT.\",\nIF(AND(Import.TipoArredondamento=\"TransfereGOV\",$L167=\"F\",$C167=\"S\",LEN($Q167)>13),\"Código >13\",\nIF(AND(Import.TipoArredondamento=\"TransfereGOV\",$L167=\"F\",$C167<>\"S\",LEN($R167)>100),\"Descrição >100\",\nIF(AND(Import.TipoArredondamento=\"TransfereGOV\",$L167=\"F\",$C167=\"S\",LEN($R167)>500),\"Descrição >500\",\nIF(AND(Import.TipoArredondamento=\"TransfereGOV\",$L167=\"F\",$C167=\"S\",LEFT(TRIM(UPPER($P167)),6)<>\"SINAPI\",ISNA(VLOOKUP(TRIM(UPPER($S167)),ListaTgov.Unidades,1,FALSE))),\"Unid. Não Disp\",\n\" \"))))))))))))))))","v":{"$error":"#NAME?"}},{"$f":"IF(C167<=CRONO.NivelExibicao,MAX($AD$15:OFFSET(AD167,-1,0))+IF($C167<>1,1,MAX(1,COUNTIF(QCI!$A$13:$A$24,OFFSET($E167,-1,0)))),\"\")","v":""},{"$f":"IF(AND($C167=\"S\",ORÇAMENTO.CodBarra<>\"\"),IF(ORÇAMENTO.Fonte=\"\",ORÇAMENTO.CodBarra,CONCATENATE(ORÇAMENTO.Fonte,\" \",ORÇAMENTO.CodBarra)))","v":false},{"$f":"IF(ISERROR(INDIRECT(ORÇAMENTO.BancoRef)),\"(abra o arquivo 'Referência \"&Excel_BuiltIn_Database&\".xlsm)\",IF(OR($C167<>\"S\",ORÇAMENTO.CodBarra=\"\"),\"(Sem Código)\",IF(ISERROR(MATCH($AE167,INDIRECT(ORÇAMENTO.BancoRef),0)),\"(Código não identificado nas referências)\",MATCH($AE167,INDIRECT(ORÇAMENTO.BancoRef),0))))","v":"(Sem Código)"},{"$f":"ROUND(IF(DESONERACAO=\"sim\",REFERENCIA.Desonerado,REFERENCIA.NaoDesonerado),2)","v":0},0.26,null,null,null,null,0,0]
["S",3,"S",0,{"$f":"IF($C168=1,OFFSET(E168,-1,0)+MAX(1,COUNTIF(QCI!$A$13:$A$24,OFFSET(ORÇAMENTO!E168,-1,0))),OFFSET(E168,-1,0))","v":1},2,2,0,10,0,{"$f":"IF(OR($C168=\"S\",$C168=0),0,MATCH(OFFSET($D168,0,$C168)+IF($C168<>1,1,COUNTIF(QCI!$A$13:$A$24,ORÇAMENTO!E168)),OFFSET($D168,1,$C168,ROW($C$270)-ROW($C168)),0))","v":0},"","Serviço","Serviço","-","SINAPI",null,{"$f":"IF($C168=\"S\",REFERENCIA.Descricao,\"(digite a descrição aqui)\")","v":"(Sem Código)"},{"$f":"REFERENCIA.Unidade","v":"-"},{"$f":"OFFSET(CÁLCULO!H$15,ROW($T168)-ROW(T$15),0)","v":0},null,"BDI 1",{"$f":"IF($C168=\"S\",ROUND(IF(TIPOORCAMENTO=\"Proposto\",ORÇAMENTO.CustoUnitario*(1+$AH168),ORÇAMENTO.PrecoUnitarioLicitado),15-13*$AF$10),0)","v":0},{"$f":"IF($C168=\"S\",IF(OR(Import.TipoArredondamento<>\"TransfereGOV\",ACOMPANHAMENTO=\"BM\"),VTOTAL1,SUM(OFFSET(CÁLCULO!$AA$15,ROW($X168)-ROW($X$15),1):OFFSET(CÁLCULO!$AL$15,ROW($X168)-ROW($X$15),-1))),IF($C168=0,0,ROUND(SomaAgrup,15-13*$AF$11)))","v":0},"RA","",{"$f":"IF($C168=\"S\",IF($Z168=\"CP\",$X168,IF($Z168=\"RA\",(($X168)*QCI!$AA$3),0)),SomaAgrup)","v":0},0,{"$f":"IF($N168=\"\",\" \",\nIF(AND($C168<>\"S\",OR($R168=\"\",$R168=\"(digite a descrição aqui)\")),\"DESCRIÇÃO\",\nIF(AND($C168=\"S\",OR($Q168<>\"\",$T168>0,$U168>0),$P168=\"\"),\"FONTE\",\nIF(AND($C168=\"S\",$P168<>\"\",OR($T168>0,$U168>0),$Q168=\"\"),\"CÓDIGO\",\nIF(AND($C168=\"S\",$P168<>\"\",$Q168<>\"\",$R168=\"(Código não identificado nas referências)\"),\"CÓDIGO N/ID\",\nIF(AND($C168=\"S\",OR($R168=\"\",$R168=\"(digite a descrição aqui)\"),OR($Q168<>\"\",$T168>0,$U168>0)),\"DESCRIÇÃO\",\nIF(AND($C168=\"S\",$P168<>\"\",$Q168<>\"\",$S168=\"\"),\"UNIDADE\",\nIF(AND($C168=\"S\",$P168<>\"\",$Q168<>\"\",$U168=0),\"SEM CUSTO\",\nIF(AND(_xlfn.SINGLE(TIPOORCAMENTO)=\"Licitado\",$AL168=0,$AN168>0),\"SEM PREÇO\",\nIF(AND($C168=\"S\",$P168<>\"\",$Q168<>\"\",$U168>0,AND($V168<>\"BDI 1\",$V168<>\"BDI 2\",$V168<>\"BDI 3\")),IF(ISNUMBER($V168),\"JUSTIFICAR BDI\",\"BDI\"),\nIF(OR(AND(import.recurso=\"OGU\",TIPOORCAMENTO=\"Proposto\",LEFT($O$8,5)<>\"(N/D:\",$AG168<>\"\",ORÇAMENTO.CustoUnitario>$AG168),AND(TIPOORCAMENTO=\"LICITADO\",ORÇAMENTO.PrecoUnitarioLicitado>$AN168)),\"ACIMA REF.\",\nIF(AND($C168=\"S\",$P168<>\"\",$Q168<>\"\",$T168=0,$U168>0),\"QUANT.\",\nIF(AND(Import.TipoArredondamento=\"TransfereGOV\",$L168=\"F\",$C168=\"S\",LEN($Q168)>13),\"Código >13\",\nIF(AND(Import.TipoArredondamento=\"TransfereGOV\",$L168=\"F\",$C168<>\"S\",LEN($R168)>100),\"Descrição >100\",\nIF(AND(Import.TipoArredondamento=\"TransfereGOV\",$L168=\"F\",$C168=\"S\",LEN($R168)>500),\"Descrição >500\",\nIF(AND(Import.TipoArredondamento=\"TransfereGOV\",$L168=\"F\",$C168=\"S\",LEFT(TRIM(UPPER($P168)),6)<>\"SINAPI\",ISNA(VLOOKUP(TRIM(UPPER($S168)),ListaTgov.Unidades,1,FALSE))),\"Unid. Não Disp\",\n\" \"))))))))))))))))","v":{"$error":"#NAME?"}},{"$f":"IF(C168<=CRONO.NivelExibicao,MAX($AD$15:OFFSET(AD168,-1,0))+IF($C168<>1,1,MAX(1,COUNTIF(QCI!$A$13:$A$24,OFFSET($E168,-1,0)))),\"\")","v":""},{"$f":"IF(AND($C168=\"S\",ORÇAMENTO.CodBarra<>\"\"),IF(ORÇAMENTO.Fonte=\"\",ORÇAMENTO.CodBarra,CONCATENATE(ORÇAMENTO.Fonte,\" \",ORÇAMENTO.CodBarra)))","v":false},{"$f":"IF(ISERROR(INDIRECT(ORÇAMENTO.BancoRef)),\"(abra o arquivo 'Referência \"&Excel_BuiltIn_Database&\".xlsm)\",IF(OR($C168<>\"S\",ORÇAMENTO.CodBarra=\"\"),\"(Sem Código)\",IF(ISERROR(MATCH($AE168,INDIRECT(ORÇAMENTO.BancoRef),0)),\"(Código não identificado nas referências)\",MATCH($AE168,INDIRECT(ORÇAMENTO.BancoRef),0))))","v":"(Sem Código)"},{"$f":"ROUND(IF(DESONERACAO=\"sim\",REFERENCIA.Desonerado,REFERENCIA.NaoDesonerado),2)","v":0},0.26,null,null,null,null,0,0]
["S",3,"S",0,{"$f":"IF($C169=1,OFFSET(E169,-1,0)+MAX(1,COUNTIF(QCI!$A$13:$A$24,OFFSET(ORÇAMENTO!E169,-1,0))),OFFSET(E169,-1,0))","v":1},2,2,0,10,0,{"$f":"IF(OR($C169=\"S\",$C169=0),0,MATCH(OFFSET($D169,0,$C169)+IF($C169<>1,1,COUNTIF(QCI!$A$13:$A$24,ORÇAMENTO!E169)),OFFSET($D169,1,$C169,ROW($C$270)-ROW($C169)),0))","v":0},"","Serviço","Serviço","-","SINAPI",null,{"$f":"IF($C169=\"S\",REFERENCIA.Descricao,\"(digite a descrição aqui)\")","v":"(Sem Código)"},{"$f":"REFERENCIA.Unidade","v":"-"},{"$f":"OFFSET(CÁLCULO!H$15,ROW($T169)-ROW(T$15),0)","v":0},null,"BDI 1",{"$f":"IF($C169=\"S\",ROUND(IF(TIPOORCAMENTO=\"Proposto\",ORÇAMENTO.CustoUnitario*(1+$AH169),ORÇAMENTO.PrecoUnitarioLicitado),15-13*$AF$10),0)","v":0},{"$f":"IF($C169=\"S\",IF(OR(Import.TipoArredondamento<>\"TransfereGOV\",ACOMPANHAMENTO=\"BM\"),VTOTAL1,SUM(OFFSET(CÁLCULO!$AA$15,ROW($X169)-ROW($X$15),1):OFFSET(CÁLCULO!$AL$15,ROW($X169)-ROW($X$15),-1))),IF($C169=0,0,ROUND(SomaAgrup,15-13*$AF$11)))","v":0},"RA","",{"$f":"IF($C169=\"S\",IF($Z169=\"CP\",$X169,IF($Z169=\"RA\",(($X169)*QCI!$AA$3),0)),SomaAgrup)","v":0},0,{"$f":"IF($N169=\"\",\" \",\nIF(AND($C169<>\"S\",OR($R169=\"\",$R169=\"(digite a descrição aqui)\")),\"DESCRIÇÃO\",\nIF(AND($C169=\"S\",OR($Q169<>\"\",$T169>0,$U169>0),$P169=\"\"),\"FONTE\",\nIF(AND($C169=\"S\",$P169<>\"\",OR($T169>0,$U169>0),$Q169=\"\"),\"CÓDIGO\",\nIF(AND($C169=\"S\",$P169<>\"\",$Q169<>\"\",$R169=\"(Código não identificado nas referências)\"),\"CÓDIGO N/ID\",\nIF(AND($C169=\"S\",OR($R169=\"\",$R169=\"(digite a descrição aqui)\"),OR($Q169<>\"\",$T169>0,$U169>0)),\"DESCRIÇÃO\",\nIF(AND($C169=\"S\",$P169<>\"\",$Q169<>\"\",$S169=\"\"),\"UNIDADE\",\nIF(AND($C169=\"S\",$P169<>\"\",$Q169<>\"\",$U169=0),\"SEM CUSTO\",\nIF(AND(_xlfn.SINGLE(TIPOORCAMENTO)=\"Licitado\",$AL169=0,$AN169>0),\"SEM PREÇO\",\nIF(AND($C169=\"S\",$P169<>\"\",$Q169<>\"\",$U169>0,AND($V169<>\"BDI 1\",$V169<>\"BDI 2\",$V169<>\"BDI 3\")),IF(ISNUMBER($V169),\"JUSTIFICAR BDI\",\"BDI\"),\nIF(OR(AND(import.recurso=\"OGU\",TIPOORCAMENTO=\"Proposto\",LEFT($O$8,5)<>\"(N/D:\",$AG169<>\"\",ORÇAMENTO.CustoUnitario>$AG169),AND(TIPOORCAMENTO=\"LICITADO\",ORÇAMENTO.PrecoUnitarioLicitado>$AN169)),\"ACIMA REF.\",\nIF(AND($C169=\"S\",$P169<>\"\",$Q169<>\"\",$T169=0,$U169>0),\"QUANT.\",\nIF(AND(Import.TipoArredondamento=\"TransfereGOV\",$L169=\"F\",$C169=\"S\",LEN($Q169)>13),\"Código >13\",\nIF(AND(Import.TipoArredondamento=\"TransfereGOV\",$L169=\"F\",$C169<>\"S\",LEN($R169)>100),\"Descrição >100\",\nIF(AND(Import.TipoArredondamento=\"TransfereGOV\",$L169=\"F\",$C169=\"S\",LEN($R169)>500),\"Descrição >500\",\nIF(AND(Import.TipoArredondamento=\"TransfereGOV\",$L169=\"F\",$C169=\"S\",LEFT(TRIM(UPPER($P169)),6)<>\"SINAPI\",ISNA(VLOOKUP(TRIM(UPPER($S169)),ListaTgov.Unidades,1,FALSE))),\"Unid. Não Disp\",\n\" \"))))))))))))))))","v":{"$error":"#NAME?"}},{"$f":"IF(C169<=CRONO.NivelExibicao,MAX($AD$15:OFFSET(AD169,-1,0))+IF($C169<>1,1,MAX(1,COUNTIF(QCI!$A$13:$A$24,OFFSET($E169,-1,0)))),\"\")","v":""},{"$f":"IF(AND($C169=\"S\",ORÇAMENTO.CodBarra<>\"\"),IF(ORÇAMENTO.Fonte=\"\",ORÇAMENTO.CodBarra,CONCATENATE(ORÇAMENTO.Fonte,\" \",ORÇAMENTO.CodBarra)))","v":false},{"$f":"IF(ISERROR(INDIRECT(ORÇAMENTO.BancoRef)),\"(abra o arquivo 'Referência \"&Excel_BuiltIn_Database&\".xlsm)\",IF(OR($C169<>\"S\",ORÇAMENTO.CodBarra=\"\"),\"(Sem Código)\",IF(ISERROR(MATCH($AE169,INDIRECT(ORÇAMENTO.BancoRef),0)),\"(Código não identificado nas referências)\",MATCH($AE169,INDIRECT(ORÇAMENTO.BancoRef),0))))","v":"(Sem Código)"},{"$f":"ROUND(IF(DESONERACAO=\"sim\",REFERENCIA.Desonerado,REFERENCIA.NaoDesonerado),2)","v":0},0.26,null,null,null,null,0,0]
["S",3,"S",0,{"$f":"IF($C170=1,OFFSET(E170,-1,0)+MAX(1,COUNTIF(QCI!$A$13:$A$24,OFFSET(ORÇAMENTO!E170,-1,0))),OFFSET(E170,-1,0))","v":1},2,2,0,10,0,{"$f":"IF(OR($C170=\"S\",$C170=0),0,MATCH(OFFSET($D170,0,$C170)+IF($C170<>1,1,COUNTIF(QCI!$A$13:$A$24,ORÇAMENTO!E170)),OFFSET($D170,1,$C170,ROW($C$270)-ROW($C170)),0))","v":0},"","Serviço","Serviço","-","SINAPI",null,{"$f":"IF($C170=\"S\",REFERENCIA.Descricao,\"(digite a descrição aqui)\")","v":"(Sem Código)"},{"$f":"REFERENCIA.Unidade","v":"-"},{"$f":"OFFSET(CÁLCULO!H$15,ROW($T170)-ROW(T$15),0)","v":0},null,"BDI 1",{"$f":"IF($C170=\"S\",ROUND(IF(TIPOORCAMENTO=\"Proposto\",ORÇAMENTO.CustoUnitario*(1+$AH170),ORÇAMENTO.PrecoUnitarioLicitado),15-13*$AF$10),0)","v":0},{"$f":"IF($C170=\"S\",IF(OR(Import.TipoArredondamento<>\"TransfereGOV\",ACOMPANHAMENTO=\"BM\"),VTOTAL1,SUM(OFFSET(CÁLCULO!$AA$15,ROW($X170)-ROW($X$15),1):OFFSET(CÁLCULO!$AL$15,ROW($X170)-ROW($X$15),-1))),IF($C170=0,0,ROUND(SomaAgrup,15-13*$AF$11)))","v":0},"RA","",{"$f":"IF($C170=\"S\",IF($Z170=\"CP\",$X170,IF($Z170=\"RA\",(($X170)*QCI!$AA$3),0)),SomaAgrup)","v":0},0,{"$f":"IF($N170=\"\",\" \",\nIF(AND($C170<>\"S\",OR($R170=\"\",$R170=\"(digite a descrição aqui)\")),\"DESCRIÇÃO\",\nIF(AND($C170=\"S\",OR($Q170<>\"\",$T170>0,$U170>0),$P170=\"\"),\"FONTE\",\nIF(AND($C170=\"S\",$P170<>\"\",OR($T170>0,$U170>0),$Q170=\"\"),\"CÓDIGO\",\nIF(AND($C170=\"S\",$P170<>\"\",$Q170<>\"\",$R170=\"(Código não identificado nas referências)\"),\"CÓDIGO N/ID\",\nIF(AND($C170=\"S\",OR($R170=\"\",$R170=\"(digite a descrição aqui)\"),OR($Q170<>\"\",$T170>0,$U170>0)),\"DESCRIÇÃO\",\nIF(AND($C170=\"S\",$P170<>\"\",$Q170<>\"\",$S170=\"\"),\"UNIDADE\",\nIF(AND($C170=\"S\",$P170<>\"\",$Q170<>\"\",$U170=0),\"SEM CUSTO\",\nIF(AND(_xlfn.SINGLE(TIPOORCAMENTO)=\"Licitado\",$AL170=0,$AN170>0),\"SEM PREÇO\",\nIF(AND($C170=\"S\",$P170<>\"\",$Q170<>\"\",$U170>0,AND($V170<>\"BDI 1\",$V170<>\"BDI 2\",$V170<>\"BDI 3\")),IF(ISNUMBER($V170),\"JUSTIFICAR BDI\",\"BDI\"),\nIF(OR(AND(import.recurso=\"OGU\",TIPOORCAMENTO=\"Proposto\",LEFT($O$8,5)<>\"(N/D:\",$AG170<>\"\",ORÇAMENTO.CustoUnitario>$AG170),AND(TIPOORCAMENTO=\"LICITADO\",ORÇAMENTO.PrecoUnitarioLicitado>$AN170)),\"ACIMA REF.\",\nIF(AND($C170=\"S\",$P170<>\"\",$Q170<>\"\",$T170=0,$U170>0),\"QUANT.\",\nIF(AND(Import.TipoArredondamento=\"TransfereGOV\",$L170=\"F\",$C170=\"S\",LEN($Q170)>13),\"Código >13\",\nIF(AND(Import.TipoArredondamento=\"TransfereGOV\",$L170=\"F\",$C170<>\"S\",LEN($R170)>100),\"Descrição >100\",\nIF(AND(Import.TipoArredondamento=\"TransfereGOV\",$L170=\"F\",$C170=\"S\",LEN($R170)>500),\"Descrição >500\",\nIF(AND(Import.TipoArredondamento=\"TransfereGOV\",$L170=\"F\",$C170=\"S\",LEFT(TRIM(UPPER($P170)),6)<>\"SINAPI\",ISNA(VLOOKUP(TRIM(UPPER($S170)),ListaTgov.Unidades,1,FALSE))),\"Unid. Não Disp\",\n\" \"))))))))))))))))","v":{"$error":"#NAME?"}},{"$f":"IF(C170<=CRONO.NivelExibicao,MAX($AD$15:OFFSET(AD170,-1,0))+IF($C170<>1,1,MAX(1,COUNTIF(QCI!$A$13:$A$24,OFFSET($E170,-1,0)))),\"\")","v":""},{"$f":"IF(AND($C170=\"S\",ORÇAMENTO.CodBarra<>\"\"),IF(ORÇAMENTO.Fonte=\"\",ORÇAMENTO.CodBarra,CONCATENATE(ORÇAMENTO.Fonte,\" \",ORÇAMENTO.CodBarra)))","v":false},{"$f":"IF(ISERROR(INDIRECT(ORÇAMENTO.BancoRef)),\"(abra o arquivo 'Referência \"&Excel_BuiltIn_Database&\".xlsm)\",IF(OR($C170<>\"S\",ORÇAMENTO.CodBarra=\"\"),\"(Sem Código)\",IF(ISERROR(MATCH($AE170,INDIRECT(ORÇAMENTO.BancoRef),0)),\"(Código não identificado nas referências)\",MATCH($AE170,INDIRECT(ORÇAMENTO.BancoRef),0))))","v":"(Sem Código)"},{"$f":"ROUND(IF(DESONERACAO=\"sim\",REFERENCIA.Desonerado,REFERENCIA.NaoDesonerado),2)","v":0},0.26,null,null,null,null,0,0]
["S",3,"S",0,{"$f":"IF($C171=1,OFFSET(E171,-1,0)+MAX(1,COUNTIF(QCI!$A$13:$A$24,OFFSET(ORÇAMENTO!E171,-1,0))),OFFSET(E171,-1,0))","v":1},2,2,0,10,0,{"$f":"IF(OR($C171=\"S\",$C171=0),0,MATCH(OFFSET($D171,0,$C171)+IF($C171<>1,1,COUNTIF(QCI!$A$13:$A$24,ORÇAMENTO!E171)),OFFSET($D171,1,$C171,ROW($C$270)-ROW($C171)),0))","v":0},"","Serviço","Serviço","-","SINAPI",null,{"$f":"IF($C171=\"S\",REFERENCIA.Descricao,\"(digite a descrição aqui)\")","v":"(Sem Código)"},{"$f":"REFERENCIA.Unidade","v":"-"},{"$f":"OFFSET(CÁLCULO!H$15,ROW($T171)-ROW(T$15),0)","v":0},null,"BDI 1",{"$f":"IF($C171=\"S\",ROUND(IF(TIPOORCAMENTO=\"Proposto\",ORÇAMENTO.CustoUnitario*(1+$AH171),ORÇAMENTO.PrecoUnitarioLicitado),15-13*$AF$10),0)","v":0},{"$f":"IF($C171=\"S\",IF(OR(Import.TipoArredondamento<>\"TransfereGOV\",ACOMPANHAMENTO=\"BM\"),VTOTAL1,SUM(OFFSET(CÁLCULO!$AA$15,ROW($X171)-ROW($X$15),1):OFFSET(CÁLCULO!$AL$15,ROW($X171)-ROW($X$15),-1))),IF($C171=0,0,ROUND(SomaAgrup,15-13*$AF$11)))","v":0},"RA","",{"$f":"IF($C171=\"S\",IF($Z171=\"CP\",$X171,IF($Z171=\"RA\",(($X171)*QCI!$AA$3),0)),SomaAgrup)","v":0},0,{"$f":"IF($N171=\"\",\" \",\nIF(AND($C171<>\"S\",OR($R171=\"\",$R171=\"(digite a descrição aqui)\")),\"DESCRIÇÃO\",\nIF(AND($C171=\"S\",OR($Q171<>\"\",$T171>0,$U171>0),$P171=\"\"),\"FONTE\",\nIF(AND($C171=\"S\",$P171<>\"\",OR($T171>0,$U171>0),$Q171=\"\"),\"CÓDIGO\",\nIF(AND($C171=\"S\",$P171<>\"\",$Q171<>\"\",$R171=\"(Código não identificado nas referências)\"),\"CÓDIGO N/ID\",\nIF(AND($C171=\"S\",OR($R171=\"\",$R171=\"(digite a descrição aqui)\"),OR($Q171<>\"\",$T171>0,$U171>0)),\"DESCRIÇÃO\",\nIF(AND($C171=\"S\",$P171<>\"\",$Q171<>\"\",$S171=\"\"),\"UNIDADE\",\nIF(AND($C171=\"S\",$P171<>\"\",$Q171<>\"\",$U171=0),\"SEM CUSTO\",\nIF(AND(_xlfn.SINGLE(TIPOORCAMENTO)=\"Licitado\",$AL171=0,$AN171>0),\"SEM PREÇO\",\nIF(AND($C171=\"S\",$P171<>\"\",$Q171<>\"\",$U171>0,AND($V171<>\"BDI 1\",$V171<>\"BDI 2\",$V171<>\"BDI 3\")),IF(ISNUMBER($V171),\"JUSTIFICAR BDI\",\"BDI\"),\nIF(OR(AND(import.recurso=\"OGU\",TIPOORCAMENTO=\"Proposto\",LEFT($O$8,5)<>\"(N/D:\",$AG171<>\"\",ORÇAMENTO.CustoUnitario>$AG171),AND(TIPOORCAMENTO=\"LICITADO\",ORÇAMENTO.PrecoUnitarioLicitado>$AN171)),\"ACIMA REF.\",\nIF(AND($C171=\"S\",$P171<>\"\",$Q171<>\"\",$T171=0,$U171>0),\"QUANT.\",\nIF(AND(Import.TipoArredondamento=\"TransfereGOV\",$L171=\"F\",$C171=\"S\",LEN($Q171)>13),\"Código >13\",\nIF(AND(Import.TipoArredondamento=\"TransfereGOV\",$L171=\"F\",$C171<>\"S\",LEN($R171)>100),\"Descrição >100\",\nIF(AND(Import.TipoArredondamento=\"TransfereGOV\",$L171=\"F\",$C171=\"S\",LEN($R171)>500),\"Descrição >500\",\nIF(AND(Import.TipoArredondamento=\"TransfereGOV\",$L171=\"F\",$C171=\"S\",LEFT(TRIM(UPPER($P171)),6)<>\"SINAPI\",ISNA(VLOOKUP(TRIM(UPPER($S171)),ListaTgov.Unidades,1,FALSE))),\"Unid. Não Disp\",\n\" \"))))))))))))))))","v":{"$error":"#NAME?"}},{"$f":"IF(C171<=CRONO.NivelExibicao,MAX($AD$15:OFFSET(AD171,-1,0))+IF($C171<>1,1,MAX(1,COUNTIF(QCI!$A$13:$A$24,OFFSET($E171,-1,0)))),\"\")","v":""},{"$f":"IF(AND($C171=\"S\",ORÇAMENTO.CodBarra<>\"\"),IF(ORÇAMENTO.Fonte=\"\",ORÇAMENTO.CodBarra,CONCATENATE(ORÇAMENTO.Fonte,\" \",ORÇAMENTO.CodBarra)))","v":false},{"$f":"IF(ISERROR(INDIRECT(ORÇAMENTO.BancoRef)),\"(abra o arquivo 'Referência \"&Excel_BuiltIn_Database&\".xlsm)\",IF(OR($C171<>\"S\",ORÇAMENTO.CodBarra=\"\"),\"(Sem Código)\",IF(ISERROR(MATCH($AE171,INDIRECT(ORÇAMENTO.BancoRef),0)),\"(Código não identificado nas referências)\",MATCH($AE171,INDIRECT(ORÇAMENTO.BancoRef),0))))","v":"(Sem Código)"},{"$f":"ROUND(IF(DESONERACAO=\"sim\",REFERENCIA.Desonerado,REFERENCIA.NaoDesonerado),2)","v":0},0.26,null,null,null,null,0,0]
["S",3,"S",0,{"$f":"IF($C172=1,OFFSET(E172,-1,0)+MAX(1,COUNTIF(QCI!$A$13:$A$24,OFFSET(ORÇAMENTO!E172,-1,0))),OFFSET(E172,-1,0))","v":1},2,2,0,10,0,{"$f":"IF(OR($C172=\"S\",$C172=0),0,MATCH(OFFSET($D172,0,$C172)+IF($C172<>1,1,COUNTIF(QCI!$A$13:$A$24,ORÇAMENTO!E172)),OFFSET($D172,1,$C172,ROW($C$270)-ROW($C172)),0))","v":0},"","Serviço","Serviço","-","SINAPI",null,{"$f":"IF($C172=\"S\",REFERENCIA.Descricao,\"(digite a descrição aqui)\")","v":"(Sem Código)"},{"$f":"REFERENCIA.Unidade","v":"-"},{"$f":"OFFSET(CÁLCULO!H$15,ROW($T172)-ROW(T$15),0)","v":0},null,"BDI 1",{"$f":"IF($C172=\"S\",ROUND(IF(TIPOORCAMENTO=\"Proposto\",ORÇAMENTO.CustoUnitario*(1+$AH172),ORÇAMENTO.PrecoUnitarioLicitado),15-13*$AF$10),0)","v":0},{"$f":"IF($C172=\"S\",IF(OR(Import.TipoArredondamento<>\"TransfereGOV\",ACOMPANHAMENTO=\"BM\"),VTOTAL1,SUM(OFFSET(CÁLCULO!$AA$15,ROW($X172)-ROW($X$15),1):OFFSET(CÁLCULO!$AL$15,ROW($X172)-ROW($X$15),-1))),IF($C172=0,0,ROUND(SomaAgrup,15-13*$AF$11)))","v":0},"RA","",{"$f":"IF($C172=\"S\",IF($Z172=\"CP\",$X172,IF($Z172=\"RA\",(($X172)*QCI!$AA$3),0)),SomaAgrup)","v":0},0,{"$f":"IF($N172=\"\",\" \",\nIF(AND($C172<>\"S\",OR($R172=\"\",$R172=\"(digite a descrição aqui)\")),\"DESCRIÇÃO\",\nIF(AND($C172=\"S\",OR($Q172<>\"\",$T172>0,$U172>0),$P172=\"\"),\"FONTE\",\nIF(AND($C172=\"S\",$P172<>\"\",OR($T172>0,$U172>0),$Q172=\"\"),\"CÓDIGO\",\nIF(AND($C172=\"S\",$P172<>\"\",$Q172<>\"\",$R172=\"(Código não identificado nas referências)\"),\"CÓDIGO N/ID\",\nIF(AND($C172=\"S\",OR($R172=\"\",$R172=\"(digite a descrição aqui)\"),OR($Q172<>\"\",$T172>0,$U172>0)),\"DESCRIÇÃO\",\nIF(AND($C172=\"S\",$P172<>\"\",$Q172<>\"\",$S172=\"\"),\"UNIDADE\",\nIF(AND($C172=\"S\",$P172<>\"\",$Q172<>\"\",$U172=0),\"SEM CUSTO\",\nIF(AND(_xlfn.SINGLE(TIPOORCAMENTO)=\"Licitado\",$AL172=0,$AN172>0),\"SEM PREÇO\",\nIF(AND($C172=\"S\",$P172<>\"\",$Q172<>\"\",$U172>0,AND($V172<>\"BDI 1\",$V172<>\"BDI 2\",$V172<>\"BDI 3\")),IF(ISNUMBER($V172),\"JUSTIFICAR BDI\",\"BDI\"),\nIF(OR(AND(import.recurso=\"OGU\",TIPOORCAMENTO=\"Proposto\",LEFT($O$8,5)<>\"(N/D:\",$AG172<>\"\",ORÇAMENTO.CustoUnitario>$AG172),AND(TIPOORCAMENTO=\"LICITADO\",ORÇAMENTO.PrecoUnitarioLicitado>$AN172)),\"ACIMA REF.\",\nIF(AND($C172=\"S\",$P172<>\"\",$Q172<>\"\",$T172=0,$U172>0),\"QUANT.\",\nIF(AND(Import.TipoArredondamento=\"TransfereGOV\",$L172=\"F\",$C172=\"S\",LEN($Q172)>13),\"Código >13\",\nIF(AND(Import.TipoArredondamento=\"TransfereGOV\",$L172=\"F\",$C172<>\"S\",LEN($R172)>100),\"Descrição >100\",\nIF(AND(Import.TipoArredondamento=\"TransfereGOV\",$L172=\"F\",$C172=\"S\",LEN($R172)>500),\"Descrição >500\",\nIF(AND(Import.TipoArredondamento=\"TransfereGOV\",$L172=\"F\",$C172=\"S\",LEFT(TRIM(UPPER($P172)),6)<>\"SINAPI\",ISNA(VLOOKUP(TRIM(UPPER($S172)),ListaTgov.Unidades,1,FALSE))),\"Unid. Não Disp\",\n\" \"))))))))))))))))","v":{"$error":"#NAME?"}},{"$f":"IF(C172<=CRONO.NivelExibicao,MAX($AD$15:OFFSET(AD172,-1,0))+IF($C172<>1,1,MAX(1,COUNTIF(QCI!$A$13:$A$24,OFFSET($E172,-1,0)))),\"\")","v":""},{"$f":"IF(AND($C172=\"S\",ORÇAMENTO.CodBarra<>\"\"),IF(ORÇAMENTO.Fonte=\"\",ORÇAMENTO.CodBarra,CONCATENATE(ORÇAMENTO.Fonte,\" \",ORÇAMENTO.CodBarra)))","v":false},{"$f":"IF(ISERROR(INDIRECT(ORÇAMENTO.BancoRef)),\"(abra o arquivo 'Referência \"&Excel_BuiltIn_Database&\".xlsm)\",IF(OR($C172<>\"S\",ORÇAMENTO.CodBarra=\"\"),\"(Sem Código)\",IF(ISERROR(MATCH($AE172,INDIRECT(ORÇAMENTO.BancoRef),0)),\"(Código não identificado nas referências)\",MATCH($AE172,INDIRECT(ORÇAMENTO.BancoRef),0))))","v":"(Sem Código)"},{"$f":"ROUND(IF(DESONERACAO=\"sim\",REFERENCIA.Desonerado,REFERENCIA.NaoDesonerado),2)","v":0},0.26,null,null,null,null,0,0]
["S",3,"S",0,{"$f":"IF($C173=1,OFFSET(E173,-1,0)+MAX(1,COUNTIF(QCI!$A$13:$A$24,OFFSET(ORÇAMENTO!E173,-1,0))),OFFSET(E173,-1,0))","v":1},2,2,0,10,0,{"$f":"IF(OR($C173=\"S\",$C173=0),0,MATCH(OFFSET($D173,0,$C173)+IF($C173<>1,1,COUNTIF(QCI!$A$13:$A$24,ORÇAMENTO!E173)),OFFSET($D173,1,$C173,ROW($C$270)-ROW($C173)),0))","v":0},"","Serviço","Serviço","-","SINAPI",null,{"$f":"IF($C173=\"S\",REFERENCIA.Descricao,\"(digite a descrição aqui)\")","v":"(Sem Código)"},{"$f":"REFERENCIA.Unidade","v":"-"},{"$f":"OFFSET(CÁLCULO!H$15,ROW($T173)-ROW(T$15),0)","v":0},null,"BDI 1",{"$f":"IF($C173=\"S\",ROUND(IF(TIPOORCAMENTO=\"Proposto\",ORÇAMENTO.CustoUnitario*(1+$AH173),ORÇAMENTO.PrecoUnitarioLicitado),15-13*$AF$10),0)","v":0},{"$f":"IF($C173=\"S\",IF(OR(Import.TipoArredondamento<>\"TransfereGOV\",ACOMPANHAMENTO=\"BM\"),VTOTAL1,SUM(OFFSET(CÁLCULO!$AA$15,ROW($X173)-ROW($X$15),1):OFFSET(CÁLCULO!$AL$15,ROW($X173)-ROW($X$15),-1))),IF($C173=0,0,ROUND(SomaAgrup,15-13*$AF$11)))","v":0},"RA","",{"$f":"IF($C173=\"S\",IF($Z173=\"CP\",$X173,IF($Z173=\"RA\",(($X173)*QCI!$AA$3),0)),SomaAgrup)","v":0},0,{"$f":"IF($N173=\"\",\" \",\nIF(AND($C173<>\"S\",OR($R173=\"\",$R173=\"(digite a descrição aqui)\")),\"DESCRIÇÃO\",\nIF(AND($C173=\"S\",OR($Q173<>\"\",$T173>0,$U173>0),$P173=\"\"),\"FONTE\",\nIF(AND($C173=\"S\",$P173<>\"\",OR($T173>0,$U173>0),$Q173=\"\"),\"CÓDIGO\",\nIF(AND($C173=\"S\",$P173<>\"\",$Q173<>\"\",$R173=\"(Código não identificado nas referências)\"),\"CÓDIGO N/ID\",\nIF(AND($C173=\"S\",OR($R173=\"\",$R173=\"(digite a descrição aqui)\"),OR($Q173<>\"\",$T173>0,$U173>0)),\"DESCRIÇÃO\",\nIF(AND($C173=\"S\",$P173<>\"\",$Q173<>\"\",$S173=\"\"),\"UNIDADE\",\nIF(AND($C173=\"S\",$P173<>\"\",$Q173<>\"\",$U173=0),\"SEM CUSTO\",\nIF(AND(_xlfn.SINGLE(TIPOORCAMENTO)=\"Licitado\",$AL173=0,$AN173>0),\"SEM PREÇO\",\nIF(AND($C173=\"S\",$P173<>\"\",$Q173<>\"\",$U173>0,AND($V173<>\"BDI 1\",$V173<>\"BDI 2\",$V173<>\"BDI 3\")),IF(ISNUMBER($V173),\"JUSTIFICAR BDI\",\"BDI\"),\nIF(OR(AND(import.recurso=\"OGU\",TIPOORCAMENTO=\"Proposto\",LEFT($O$8,5)<>\"(N/D:\",$AG173<>\"\",ORÇAMENTO.CustoUnitario>$AG173),AND(TIPOORCAMENTO=\"LICITADO\",ORÇAMENTO.PrecoUnitarioLicitado>$AN173)),\"ACIMA REF.\",\nIF(AND($C173=\"S\",$P173<>\"\",$Q173<>\"\",$T173=0,$U173>0),\"QUANT.\",\nIF(AND(Import.TipoArredondamento=\"TransfereGOV\",$L173=\"F\",$C173=\"S\",LEN($Q173)>13),\"Código >13\",\nIF(AND(Import.TipoArredondamento=\"TransfereGOV\",$L173=\"F\",$C173<>\"S\",LEN($R173)>100),\"Descrição >100\",\nIF(AND(Import.TipoArredondamento=\"TransfereGOV\",$L173=\"F\",$C173=\"S\",LEN($R173)>500),\"Descrição >500\",\nIF(AND(Import.TipoArredondamento=\"TransfereGOV\",$L173=\"F\",$C173=\"S\",LEFT(TRIM(UPPER($P173)),6)<>\"SINAPI\",ISNA(VLOOKUP(TRIM(UPPER($S173)),ListaTgov.Unidades,1,FALSE))),\"Unid. Não Disp\",\n\" \"))))))))))))))))","v":{"$error":"#NAME?"}},{"$f":"IF(C173<=CRONO.NivelExibicao,MAX($AD$15:OFFSET(AD173,-1,0))+IF($C173<>1,1,MAX(1,COUNTIF(QCI!$A$13:$A$24,OFFSET($E173,-1,0)))),\"\")","v":""},{"$f":"IF(AND($C173=\"S\",ORÇAMENTO.CodBarra<>\"\"),IF(ORÇAMENTO.Fonte=\"\",ORÇAMENTO.CodBarra,CONCATENATE(ORÇAMENTO.Fonte,\" \",ORÇAMENTO.CodBarra)))","v":false},{"$f":"IF(ISERROR(INDIRECT(ORÇAMENTO.BancoRef)),\"(abra o arquivo 'Referência \"&Excel_BuiltIn_Database&\".xlsm)\",IF(OR($C173<>\"S\",ORÇAMENTO.CodBarra=\"\"),\"(Sem Código)\",IF(ISERROR(MATCH($AE173,INDIRECT(ORÇAMENTO.BancoRef),0)),\"(Código não identificado nas referências)\",MATCH($AE173,INDIRECT(ORÇAMENTO.BancoRef),0))))","v":"(Sem Código)"},{"$f":"ROUND(IF(DESONERACAO=\"sim\",REFERENCIA.Desonerado,REFERENCIA.NaoDesonerado),2)","v":0},0.26,null,null,null,null,0,0]
["S",3,"S",0,{"$f":"IF($C174=1,OFFSET(E174,-1,0)+MAX(1,COUNTIF(QCI!$A$13:$A$24,OFFSET(ORÇAMENTO!E174,-1,0))),OFFSET(E174,-1,0))","v":1},2,2,0,10,0,{"$f":"IF(OR($C174=\"S\",$C174=0),0,MATCH(OFFSET($D174,0,$C174)+IF($C174<>1,1,COUNTIF(QCI!$A$13:$A$24,ORÇAMENTO!E174)),OFFSET($D174,1,$C174,ROW($C$270)-ROW($C174)),0))","v":0},"","Serviço","Serviço","-","SINAPI",null,{"$f":"IF($C174=\"S\",REFERENCIA.Descricao,\"(digite a descrição aqui)\")","v":"(Sem Código)"},{"$f":"REFERENCIA.Unidade","v":"-"},{"$f":"OFFSET(CÁLCULO!H$15,ROW($T174)-ROW(T$15),0)","v":0},null,"BDI 1",{"$f":"IF($C174=\"S\",ROUND(IF(TIPOORCAMENTO=\"Proposto\",ORÇAMENTO.CustoUnitario*(1+$AH174),ORÇAMENTO.PrecoUnitarioLicitado),15-13*$AF$10),0)","v":0},{"$f":"IF($C174=\"S\",IF(OR(Import.TipoArredondamento<>\"TransfereGOV\",ACOMPANHAMENTO=\"BM\"),VTOTAL1,SUM(OFFSET(CÁLCULO!$AA$15,ROW($X174)-ROW($X$15),1):OFFSET(CÁLCULO!$AL$15,ROW($X174)-ROW($X$15),-1))),IF($C174=0,0,ROUND(SomaAgrup,15-13*$AF$11)))","v":0},"RA","",{"$f":"IF($C174=\"S\",IF($Z174=\"CP\",$X174,IF($Z174=\"RA\",(($X174)*QCI!$AA$3),0)),SomaAgrup)","v":0},0,{"$f":"IF($N174=\"\",\" \",\nIF(AND($C174<>\"S\",OR($R174=\"\",$R174=\"(digite a descrição aqui)\")),\"DESCRIÇÃO\",\nIF(AND($C174=\"S\",OR($Q174<>\"\",$T174>0,$U174>0),$P174=\"\"),\"FONTE\",\nIF(AND($C174=\"S\",$P174<>\"\",OR($T174>0,$U174>0),$Q174=\"\"),\"CÓDIGO\",\nIF(AND($C174=\"S\",$P174<>\"\",$Q174<>\"\",$R174=\"(Código não identificado nas referências)\"),\"CÓDIGO N/ID\",\nIF(AND($C174=\"S\",OR($R174=\"\",$R174=\"(digite a descrição aqui)\"),OR($Q174<>\"\",$T174>0,$U174>0)),\"DESCRIÇÃO\",\nIF(AND($C174=\"S\",$P174<>\"\",$Q174<>\"\",$S174=\"\"),\"UNIDADE\",\nIF(AND($C174=\"S\",$P174<>\"\",$Q174<>\"\",$U174=0),\"SEM CUSTO\",\nIF(AND(_xlfn.SINGLE(TIPOORCAMENTO)=\"Licitado\",$AL174=0,$AN174>0),\"SEM PREÇO\",\nIF(AND($C174=\"S\",$P174<>\"\",$Q174<>\"\",$U174>0,AND($V174<>\"BDI 1\",$V174<>\"BDI 2\",$V174<>\"BDI 3\")),IF(ISNUMBER($V174),\"JUSTIFICAR BDI\",\"BDI\"),\nIF(OR(AND(import.recurso=\"OGU\",TIPOORCAMENTO=\"Proposto\",LEFT($O$8,5)<>\"(N/D:\",$AG174<>\"\",ORÇAMENTO.CustoUnitario>$AG174),AND(TIPOORCAMENTO=\"LICITADO\",ORÇAMENTO.PrecoUnitarioLicitado>$AN174)),\"ACIMA REF.\",\nIF(AND($C174=\"S\",$P174<>\"\",$Q174<>\"\",$T174=0,$U174>0),\"QUANT.\",\nIF(AND(Import.TipoArredondamento=\"TransfereGOV\",$L174=\"F\",$C174=\"S\",LEN($Q174)>13),\"Código >13\",\nIF(AND(Import.TipoArredondamento=\"TransfereGOV\",$L174=\"F\",$C174<>\"S\",LEN($R174)>100),\"Descrição >100\",\nIF(AND(Import.TipoArredondamento=\"TransfereGOV\",$L174=\"F\",$C174=\"S\",LEN($R174)>500),\"Descrição >500\",\nIF(AND(Import.TipoArredondamento=\"TransfereGOV\",$L174=\"F\",$C174=\"S\",LEFT(TRIM(UPPER($P174)),6)<>\"SINAPI\",ISNA(VLOOKUP(TRIM(UPPER($S174)),ListaTgov.Unidades,1,FALSE))),\"Unid. Não Disp\",\n\" \"))))))))))))))))","v":{"$error":"#NAME?"}},{"$f":"IF(C174<=CRONO.NivelExibicao,MAX($AD$15:OFFSET(AD174,-1,0))+IF($C174<>1,1,MAX(1,COUNTIF(QCI!$A$13:$A$24,OFFSET($E174,-1,0)))),\"\")","v":""},{"$f":"IF(AND($C174=\"S\",ORÇAMENTO.CodBarra<>\"\"),IF(ORÇAMENTO.Fonte=\"\",ORÇAMENTO.CodBarra,CONCATENATE(ORÇAMENTO.Fonte,\" \",ORÇAMENTO.CodBarra)))","v":false},{"$f":"IF(ISERROR(INDIRECT(ORÇAMENTO.BancoRef)),\"(abra o arquivo 'Referência \"&Excel_BuiltIn_Database&\".xlsm)\",IF(OR($C174<>\"S\",ORÇAMENTO.CodBarra=\"\"),\"(Sem Código)\",IF(ISERROR(MATCH($AE174,INDIRECT(ORÇAMENTO.BancoRef),0)),\"(Código não identificado nas referências)\",MATCH($AE174,INDIRECT(ORÇAMENTO.BancoRef),0))))","v":"(Sem Código)"},{"$f":"ROUND(IF(DESONERACAO=\"sim\",REFERENCIA.Desonerado,REFERENCIA.NaoDesonerado),2)","v":0},0.26,null,null,null,null,0,0]
["S",3,"S",0,{"$f":"IF($C175=1,OFFSET(E175,-1,0)+MAX(1,COUNTIF(QCI!$A$13:$A$24,OFFSET(ORÇAMENTO!E175,-1,0))),OFFSET(E175,-1,0))","v":1},2,2,0,10,0,{"$f":"IF(OR($C175=\"S\",$C175=0),0,MATCH(OFFSET($D175,0,$C175)+IF($C175<>1,1,COUNTIF(QCI!$A$13:$A$24,ORÇAMENTO!E175)),OFFSET($D175,1,$C175,ROW($C$270)-ROW($C175)),0))","v":0},"","Serviço","Serviço","-","SINAPI",null,{"$f":"IF($C175=\"S\",REFERENCIA.Descricao,\"(digite a descrição aqui)\")","v":"(Sem Código)"},{"$f":"REFERENCIA.Unidade","v":"-"},{"$f":"OFFSET(CÁLCULO!H$15,ROW($T175)-ROW(T$15),0)","v":0},null,"BDI 1",{"$f":"IF($C175=\"S\",ROUND(IF(TIPOORCAMENTO=\"Proposto\",ORÇAMENTO.CustoUnitario*(1+$AH175),ORÇAMENTO.PrecoUnitarioLicitado),15-13*$AF$10),0)","v":0},{"$f":"IF($C175=\"S\",IF(OR(Import.TipoArredondamento<>\"TransfereGOV\",ACOMPANHAMENTO=\"BM\"),VTOTAL1,SUM(OFFSET(CÁLCULO!$AA$15,ROW($X175)-ROW($X$15),1):OFFSET(CÁLCULO!$AL$15,ROW($X175)-ROW($X$15),-1))),IF($C175=0,0,ROUND(SomaAgrup,15-13*$AF$11)))","v":0},"RA","",{"$f":"IF($C175=\"S\",IF($Z175=\"CP\",$X175,IF($Z175=\"RA\",(($X175)*QCI!$AA$3),0)),SomaAgrup)","v":0},0,{"$f":"IF($N175=\"\",\" \",\nIF(AND($C175<>\"S\",OR($R175=\"\",$R175=\"(digite a descrição aqui)\")),\"DESCRIÇÃO\",\nIF(AND($C175=\"S\",OR($Q175<>\"\",$T175>0,$U175>0),$P175=\"\"),\"FONTE\",\nIF(AND($C175=\"S\",$P175<>\"\",OR($T175>0,$U175>0),$Q175=\"\"),\"CÓDIGO\",\nIF(AND($C175=\"S\",$P175<>\"\",$Q175<>\"\",$R175=\"(Código não identificado nas referências)\"),\"CÓDIGO N/ID\",\nIF(AND($C175=\"S\",OR($R175=\"\",$R175=\"(digite a descrição aqui)\"),OR($Q175<>\"\",$T175>0,$U175>0)),\"DESCRIÇÃO\",\nIF(AND($C175=\"S\",$P175<>\"\",$Q175<>\"\",$S175=\"\"),\"UNIDADE\",\nIF(AND($C175=\"S\",$P175<>\"\",$Q175<>\"\",$U175=0),\"SEM CUSTO\",\nIF(AND(_xlfn.SINGLE(TIPOORCAMENTO)=\"Licitado\",$AL175=0,$AN175>0),\"SEM PREÇO\",\nIF(AND($C175=\"S\",$P175<>\"\",$Q175<>\"\",$U175>0,AND($V175<>\"BDI 1\",$V175<>\"BDI 2\",$V175<>\"BDI 3\")),IF(ISNUMBER($V175),\"JUSTIFICAR BDI\",\"BDI\"),\nIF(OR(AND(import.recurso=\"OGU\",TIPOORCAMENTO=\"Proposto\",LEFT($O$8,5)<>\"(N/D:\",$AG175<>\"\",ORÇAMENTO.CustoUnitario>$AG175),AND(TIPOORCAMENTO=\"LICITADO\",ORÇAMENTO.PrecoUnitarioLicitado>$AN175)),\"ACIMA REF.\",\nIF(AND($C175=\"S\",$P175<>\"\",$Q175<>\"\",$T175=0,$U175>0),\"QUANT.\",\nIF(AND(Import.TipoArredondamento=\"TransfereGOV\",$L175=\"F\",$C175=\"S\",LEN($Q175)>13),\"Código >13\",\nIF(AND(Import.TipoArredondamento=\"TransfereGOV\",$L175=\"F\",$C175<>\"S\",LEN($R175)>100),\"Descrição >100\",\nIF(AND(Import.TipoArredondamento=\"TransfereGOV\",$L175=\"F\",$C175=\"S\",LEN($R175)>500),\"Descrição >500\",\nIF(AND(Import.TipoArredondamento=\"TransfereGOV\",$L175=\"F\",$C175=\"S\",LEFT(TRIM(UPPER($P175)),6)<>\"SINAPI\",ISNA(VLOOKUP(TRIM(UPPER($S175)),ListaTgov.Unidades,1,FALSE))),\"Unid. Não Disp\",\n\" \"))))))))))))))))","v":{"$error":"#NAME?"}},{"$f":"IF(C175<=CRONO.NivelExibicao,MAX($AD$15:OFFSET(AD175,-1,0))+IF($C175<>1,1,MAX(1,COUNTIF(QCI!$A$13:$A$24,OFFSET($E175,-1,0)))),\"\")","v":""},{"$f":"IF(AND($C175=\"S\",ORÇAMENTO.CodBarra<>\"\"),IF(ORÇAMENTO.Fonte=\"\",ORÇAMENTO.CodBarra,CONCATENATE(ORÇAMENTO.Fonte,\" \",ORÇAMENTO.CodBarra)))","v":false},{"$f":"IF(ISERROR(INDIRECT(ORÇAMENTO.BancoRef)),\"(abra o arquivo 'Referência \"&Excel_BuiltIn_Database&\".xlsm)\",IF(OR($C175<>\"S\",ORÇAMENTO.CodBarra=\"\"),\"(Sem Código)\",IF(ISERROR(MATCH($AE175,INDIRECT(ORÇAMENTO.BancoRef),0)),\"(Código não identificado nas referências)\",MATCH($AE175,INDIRECT(ORÇAMENTO.BancoRef),0))))","v":"(Sem Código)"},{"$f":"ROUND(IF(DESONERACAO=\"sim\",REFERENCIA.Desonerado,REFERENCIA.NaoDesonerado),2)","v":0},0.26,null,null,null,null,0,0]
["S",3,"S",0,{"$f":"IF($C176=1,OFFSET(E176,-1,0)+MAX(1,COUNTIF(QCI!$A$13:$A$24,OFFSET(ORÇAMENTO!E176,-1,0))),OFFSET(E176,-1,0))","v":1},2,2,0,10,0,{"$f":"IF(OR($C176=\"S\",$C176=0),0,MATCH(OFFSET($D176,0,$C176)+IF($C176<>1,1,COUNTIF(QCI!$A$13:$A$24,ORÇAMENTO!E176)),OFFSET($D176,1,$C176,ROW($C$270)-ROW($C176)),0))","v":0},"","Serviço","Serviço","-","SINAPI",null,{"$f":"IF($C176=\"S\",REFERENCIA.Descricao,\"(digite a descrição aqui)\")","v":"(Sem Código)"},{"$f":"REFERENCIA.Unidade","v":"-"},{"$f":"OFFSET(CÁLCULO!H$15,ROW($T176)-ROW(T$15),0)","v":0},null,"BDI 1",{"$f":"IF($C176=\"S\",ROUND(IF(TIPOORCAMENTO=\"Proposto\",ORÇAMENTO.CustoUnitario*(1+$AH176),ORÇAMENTO.PrecoUnitarioLicitado),15-13*$AF$10),0)","v":0},{"$f":"IF($C176=\"S\",IF(OR(Import.TipoArredondamento<>\"TransfereGOV\",ACOMPANHAMENTO=\"BM\"),VTOTAL1,SUM(OFFSET(CÁLCULO!$AA$15,ROW($X176)-ROW($X$15),1):OFFSET(CÁLCULO!$AL$15,ROW($X176)-ROW($X$15),-1))),IF($C176=0,0,ROUND(SomaAgrup,15-13*$AF$11)))","v":0},"RA","",{"$f":"IF($C176=\"S\",IF($Z176=\"CP\",$X176,IF($Z176=\"RA\",(($X176)*QCI!$AA$3),0)),SomaAgrup)","v":0},0,{"$f":"IF($N176=\"\",\" \",\nIF(AND($C176<>\"S\",OR($R176=\"\",$R176=\"(digite a descrição aqui)\")),\"DESCRIÇÃO\",\nIF(AND($C176=\"S\",OR($Q176<>\"\",$T176>0,$U176>0),$P176=\"\"),\"FONTE\",\nIF(AND($C176=\"S\",$P176<>\"\",OR($T176>0,$U176>0),$Q176=\"\"),\"CÓDIGO\",\nIF(AND($C176=\"S\",$P176<>\"\",$Q176<>\"\",$R176=\"(Código não identificado nas referências)\"),\"CÓDIGO N/ID\",\nIF(AND($C176=\"S\",OR($R176=\"\",$R176=\"(digite a descrição aqui)\"),OR($Q176<>\"\",$T176>0,$U176>0)),\"DESCRIÇÃO\",\nIF(AND($C176=\"S\",$P176<>\"\",$Q176<>\"\",$S176=\"\"),\"UNIDADE\",\nIF(AND($C176=\"S\",$P176<>\"\",$Q176<>\"\",$U176=0),\"SEM CUSTO\",\nIF(AND(_xlfn.SINGLE(TIPOORCAMENTO)=\"Licitado\",$AL176=0,$AN176>0),\"SEM PREÇO\",\nIF(AND($C176=\"S\",$P176<>\"\",$Q176<>\"\",$U176>0,AND($V176<>\"BDI 1\",$V176<>\"BDI 2\",$V176<>\"BDI 3\")),IF(ISNUMBER($V176),\"JUSTIFICAR BDI\",\"BDI\"),\nIF(OR(AND(import.recurso=\"OGU\",TIPOORCAMENTO=\"Proposto\",LEFT($O$8,5)<>\"(N/D:\",$AG176<>\"\",ORÇAMENTO.CustoUnitario>$AG176),AND(TIPOORCAMENTO=\"LICITADO\",ORÇAMENTO.PrecoUnitarioLicitado>$AN176)),\"ACIMA REF.\",\nIF(AND($C176=\"S\",$P176<>\"\",$Q176<>\"\",$T176=0,$U176>0),\"QUANT.\",\nIF(AND(Import.TipoArredondamento=\"TransfereGOV\",$L176=\"F\",$C176=\"S\",LEN($Q176)>13),\"Código >13\",\nIF(AND(Import.TipoArredondamento=\"TransfereGOV\",$L176=\"F\",$C176<>\"S\",LEN($R176)>100),\"Descrição >100\",\nIF(AND(Import.TipoArredondamento=\"TransfereGOV\",$L176=\"F\",$C176=\"S\",LEN($R176)>500),\"Descrição >500\",\nIF(AND(Import.TipoArredondamento=\"TransfereGOV\",$L176=\"F\",$C176=\"S\",LEFT(TRIM(UPPER($P176)),6)<>\"SINAPI\",ISNA(VLOOKUP(TRIM(UPPER($S176)),ListaTgov.Unidades,1,FALSE))),\"Unid. Não Disp\",\n\" \"))))))))))))))))","v":{"$error":"#NAME?"}},{"$f":"IF(C176<=CRONO.NivelExibicao,MAX($AD$15:OFFSET(AD176,-1,0))+IF($C176<>1,1,MAX(1,COUNTIF(QCI!$A$13:$A$24,OFFSET($E176,-1,0)))),\"\")","v":""},{"$f":"IF(AND($C176=\"S\",ORÇAMENTO.CodBarra<>\"\"),IF(ORÇAMENTO.Fonte=\"\",ORÇAMENTO.CodBarra,CONCATENATE(ORÇAMENTO.Fonte,\" \",ORÇAMENTO.CodBarra)))","v":false},{"$f":"IF(ISERROR(INDIRECT(ORÇAMENTO.BancoRef)),\"(abra o arquivo 'Referência \"&Excel_BuiltIn_Database&\".xlsm)\",IF(OR($C176<>\"S\",ORÇAMENTO.CodBarra=\"\"),\"(Sem Código)\",IF(ISERROR(MATCH($AE176,INDIRECT(ORÇAMENTO.BancoRef),0)),\"(Código não identificado nas referências)\",MATCH($AE176,INDIRECT(ORÇAMENTO.BancoRef),0))))","v":"(Sem Código)"},{"$f":"ROUND(IF(DESONERACAO=\"sim\",REFERENCIA.Desonerado,REFERENCIA.NaoDesonerado),2)","v":0},0.26,null,null,null,null,0,0]
["S",3,"S",0,{"$f":"IF($C177=1,OFFSET(E177,-1,0)+MAX(1,COUNTIF(QCI!$A$13:$A$24,OFFSET(ORÇAMENTO!E177,-1,0))),OFFSET(E177,-1,0))","v":1},2,2,0,10,0,{"$f":"IF(OR($C177=\"S\",$C177=0),0,MATCH(OFFSET($D177,0,$C177)+IF($C177<>1,1,COUNTIF(QCI!$A$13:$A$24,ORÇAMENTO!E177)),OFFSET($D177,1,$C177,ROW($C$270)-ROW($C177)),0))","v":0},"","Serviço","Serviço","-","SINAPI",null,{"$f":"IF($C177=\"S\",REFERENCIA.Descricao,\"(digite a descrição aqui)\")","v":"(Sem Código)"},{"$f":"REFERENCIA.Unidade","v":"-"},{"$f":"OFFSET(CÁLCULO!H$15,ROW($T177)-ROW(T$15),0)","v":0},null,"BDI 1",{"$f":"IF($C177=\"S\",ROUND(IF(TIPOORCAMENTO=\"Proposto\",ORÇAMENTO.CustoUnitario*(1+$AH177),ORÇAMENTO.PrecoUnitarioLicitado),15-13*$AF$10),0)","v":0},{"$f":"IF($C177=\"S\",IF(OR(Import.TipoArredondamento<>\"TransfereGOV\",ACOMPANHAMENTO=\"BM\"),VTOTAL1,SUM(OFFSET(CÁLCULO!$AA$15,ROW($X177)-ROW($X$15),1):OFFSET(CÁLCULO!$AL$15,ROW($X177)-ROW($X$15),-1))),IF($C177=0,0,ROUND(SomaAgrup,15-13*$AF$11)))","v":0},"RA","",{"$f":"IF($C177=\"S\",IF($Z177=\"CP\",$X177,IF($Z177=\"RA\",(($X177)*QCI!$AA$3),0)),SomaAgrup)","v":0},0,{"$f":"IF($N177=\"\",\" \",\nIF(AND($C177<>\"S\",OR($R177=\"\",$R177=\"(digite a descrição aqui)\")),\"DESCRIÇÃO\",\nIF(AND($C177=\"S\",OR($Q177<>\"\",$T177>0,$U177>0),$P177=\"\"),\"FONTE\",\nIF(AND($C177=\"S\",$P177<>\"\",OR($T177>0,$U177>0),$Q177=\"\"),\"CÓDIGO\",\nIF(AND($C177=\"S\",$P177<>\"\",$Q177<>\"\",$R177=\"(Código não identificado nas referências)\"),\"CÓDIGO N/ID\",\nIF(AND($C177=\"S\",OR($R177=\"\",$R177=\"(digite a descrição aqui)\"),OR($Q177<>\"\",$T177>0,$U177>0)),\"DESCRIÇÃO\",\nIF(AND($C177=\"S\",$P177<>\"\",$Q177<>\"\",$S177=\"\"),\"UNIDADE\",\nIF(AND($C177=\"S\",$P177<>\"\",$Q177<>\"\",$U177=0),\"SEM CUSTO\",\nIF(AND(_xlfn.SINGLE(TIPOORCAMENTO)=\"Licitado\",$AL177=0,$AN177>0),\"SEM PREÇO\",\nIF(AND($C177=\"S\",$P177<>\"\",$Q177<>\"\",$U177>0,AND($V177<>\"BDI 1\",$V177<>\"BDI 2\",$V177<>\"BDI 3\")),IF(ISNUMBER($V177),\"JUSTIFICAR BDI\",\"BDI\"),\nIF(OR(AND(import.recurso=\"OGU\",TIPOORCAMENTO=\"Proposto\",LEFT($O$8,5)<>\"(N/D:\",$AG177<>\"\",ORÇAMENTO.CustoUnitario>$AG177),AND(TIPOORCAMENTO=\"LICITADO\",ORÇAMENTO.PrecoUnitarioLicitado>$AN177)),\"ACIMA REF.\",\nIF(AND($C177=\"S\",$P177<>\"\",$Q177<>\"\",$T177=0,$U177>0),\"QUANT.\",\nIF(AND(Import.TipoArredondamento=\"TransfereGOV\",$L177=\"F\",$C177=\"S\",LEN($Q177)>13),\"Código >13\",\nIF(AND(Import.TipoArredondamento=\"TransfereGOV\",$L177=\"F\",$C177<>\"S\",LEN($R177)>100),\"Descrição >100\",\nIF(AND(Import.TipoArredondamento=\"TransfereGOV\",$L177=\"F\",$C177=\"S\",LEN($R177)>500),\"Descrição >500\",\nIF(AND(Import.TipoArredondamento=\"TransfereGOV\",$L177=\"F\",$C177=\"S\",LEFT(TRIM(UPPER($P177)),6)<>\"SINAPI\",ISNA(VLOOKUP(TRIM(UPPER($S177)),ListaTgov.Unidades,1,FALSE))),\"Unid. Não Disp\",\n\" \"))))))))))))))))","v":{"$error":"#NAME?"}},{"$f":"IF(C177<=CRONO.NivelExibicao,MAX($AD$15:OFFSET(AD177,-1,0))+IF($C177<>1,1,MAX(1,COUNTIF(QCI!$A$13:$A$24,OFFSET($E177,-1,0)))),\"\")","v":""},{"$f":"IF(AND($C177=\"S\",ORÇAMENTO.CodBarra<>\"\"),IF(ORÇAMENTO.Fonte=\"\",ORÇAMENTO.CodBarra,CONCATENATE(ORÇAMENTO.Fonte,\" \",ORÇAMENTO.CodBarra)))","v":false},{"$f":"IF(ISERROR(INDIRECT(ORÇAMENTO.BancoRef)),\"(abra o arquivo 'Referência \"&Excel_BuiltIn_Database&\".xlsm)\",IF(OR($C177<>\"S\",ORÇAMENTO.CodBarra=\"\"),\"(Sem Código)\",IF(ISERROR(MATCH($AE177,INDIRECT(ORÇAMENTO.BancoRef),0)),\"(Código não identificado nas referências)\",MATCH($AE177,INDIRECT(ORÇAMENTO.BancoRef),0))))","v":"(Sem Código)"},{"$f":"ROUND(IF(DESONERACAO=\"sim\",REFERENCIA.Desonerado,REFERENCIA.NaoDesonerado),2)","v":0},0.26,null,null,null,null,0,0]
["S",3,"S",0,{"$f":"IF($C178=1,OFFSET(E178,-1,0)+MAX(1,COUNTIF(QCI!$A$13:$A$24,OFFSET(ORÇAMENTO!E178,-1,0))),OFFSET(E178,-1,0))","v":1},2,2,0,10,0,{"$f":"IF(OR($C178=\"S\",$C178=0),0,MATCH(OFFSET($D178,0,$C178)+IF($C178<>1,1,COUNTIF(QCI!$A$13:$A$24,ORÇAMENTO!E178)),OFFSET($D178,1,$C178,ROW($C$270)-ROW($C178)),0))","v":0},"","Serviço","Serviço","-","SINAPI",null,{"$f":"IF($C178=\"S\",REFERENCIA.Descricao,\"(digite a descrição aqui)\")","v":"(Sem Código)"},{"$f":"REFERENCIA.Unidade","v":"-"},{"$f":"OFFSET(CÁLCULO!H$15,ROW($T178)-ROW(T$15),0)","v":0},null,"BDI 1",{"$f":"IF($C178=\"S\",ROUND(IF(TIPOORCAMENTO=\"Proposto\",ORÇAMENTO.CustoUnitario*(1+$AH178),ORÇAMENTO.PrecoUnitarioLicitado),15-13*$AF$10),0)","v":0},{"$f":"IF($C178=\"S\",IF(OR(Import.TipoArredondamento<>\"TransfereGOV\",ACOMPANHAMENTO=\"BM\"),VTOTAL1,SUM(OFFSET(CÁLCULO!$AA$15,ROW($X178)-ROW($X$15),1):OFFSET(CÁLCULO!$AL$15,ROW($X178)-ROW($X$15),-1))),IF($C178=0,0,ROUND(SomaAgrup,15-13*$AF$11)))","v":0},"RA","",{"$f":"IF($C178=\"S\",IF($Z178=\"CP\",$X178,IF($Z178=\"RA\",(($X178)*QCI!$AA$3),0)),SomaAgrup)","v":0},0,{"$f":"IF($N178=\"\",\" \",\nIF(AND($C178<>\"S\",OR($R178=\"\",$R178=\"(digite a descrição aqui)\")),\"DESCRIÇÃO\",\nIF(AND($C178=\"S\",OR($Q178<>\"\",$T178>0,$U178>0),$P178=\"\"),\"FONTE\",\nIF(AND($C178=\"S\",$P178<>\"\",OR($T178>0,$U178>0),$Q178=\"\"),\"CÓDIGO\",\nIF(AND($C178=\"S\",$P178<>\"\",$Q178<>\"\",$R178=\"(Código não identificado nas referências)\"),\"CÓDIGO N/ID\",\nIF(AND($C178=\"S\",OR($R178=\"\",$R178=\"(digite a descrição aqui)\"),OR($Q178<>\"\",$T178>0,$U178>0)),\"DESCRIÇÃO\",\nIF(AND($C178=\"S\",$P178<>\"\",$Q178<>\"\",$S178=\"\"),\"UNIDADE\",\nIF(AND($C178=\"S\",$P178<>\"\",$Q178<>\"\",$U178=0),\"SEM CUSTO\",\nIF(AND(_xlfn.SINGLE(TIPOORCAMENTO)=\"Licitado\",$AL178=0,$AN178>0),\"SEM PREÇO\",\nIF(AND($C178=\"S\",$P178<>\"\",$Q178<>\"\",$U178>0,AND($V178<>\"BDI 1\",$V178<>\"BDI 2\",$V178<>\"BDI 3\")),IF(ISNUMBER($V178),\"JUSTIFICAR BDI\",\"BDI\"),\nIF(OR(AND(import.recurso=\"OGU\",TIPOORCAMENTO=\"Proposto\",LEFT($O$8,5)<>\"(N/D:\",$AG178<>\"\",ORÇAMENTO.CustoUnitario>$AG178),AND(TIPOORCAMENTO=\"LICITADO\",ORÇAMENTO.PrecoUnitarioLicitado>$AN178)),\"ACIMA REF.\",\nIF(AND($C178=\"S\",$P178<>\"\",$Q178<>\"\",$T178=0,$U178>0),\"QUANT.\",\nIF(AND(Import.TipoArredondamento=\"TransfereGOV\",$L178=\"F\",$C178=\"S\",LEN($Q178)>13),\"Código >13\",\nIF(AND(Import.TipoArredondamento=\"TransfereGOV\",$L178=\"F\",$C178<>\"S\",LEN($R178)>100),\"Descrição >100\",\nIF(AND(Import.TipoArredondamento=\"TransfereGOV\",$L178=\"F\",$C178=\"S\",LEN($R178)>500),\"Descrição >500\",\nIF(AND(Import.TipoArredondamento=\"TransfereGOV\",$L178=\"F\",$C178=\"S\",LEFT(TRIM(UPPER($P178)),6)<>\"SINAPI\",ISNA(VLOOKUP(TRIM(UPPER($S178)),ListaTgov.Unidades,1,FALSE))),\"Unid. Não Disp\",\n\" \"))))))))))))))))","v":{"$error":"#NAME?"}},{"$f":"IF(C178<=CRONO.NivelExibicao,MAX($AD$15:OFFSET(AD178,-1,0))+IF($C178<>1,1,MAX(1,COUNTIF(QCI!$A$13:$A$24,OFFSET($E178,-1,0)))),\"\")","v":""},{"$f":"IF(AND($C178=\"S\",ORÇAMENTO.CodBarra<>\"\"),IF(ORÇAMENTO.Fonte=\"\",ORÇAMENTO.CodBarra,CONCATENATE(ORÇAMENTO.Fonte,\" \",ORÇAMENTO.CodBarra)))","v":false},{"$f":"IF(ISERROR(INDIRECT(ORÇAMENTO.BancoRef)),\"(abra o arquivo 'Referência \"&Excel_BuiltIn_Database&\".xlsm)\",IF(OR($C178<>\"S\",ORÇAMENTO.CodBarra=\"\"),\"(Sem Código)\",IF(ISERROR(MATCH($AE178,INDIRECT(ORÇAMENTO.BancoRef),0)),\"(Código não identificado nas referências)\",MATCH($AE178,INDIRECT(ORÇAMENTO.BancoRef),0))))","v":"(Sem Código)"},{"$f":"ROUND(IF(DESONERACAO=\"sim\",REFERENCIA.Desonerado,REFERENCIA.NaoDesonerado),2)","v":0},0.26,null,null,null,null,0,0]
["S",3,"S",0,{"$f":"IF($C179=1,OFFSET(E179,-1,0)+MAX(1,COUNTIF(QCI!$A$13:$A$24,OFFSET(ORÇAMENTO!E179,-1,0))),OFFSET(E179,-1,0))","v":1},2,2,0,10,0,{"$f":"IF(OR($C179=\"S\",$C179=0),0,MATCH(OFFSET($D179,0,$C179)+IF($C179<>1,1,COUNTIF(QCI!$A$13:$A$24,ORÇAMENTO!E179)),OFFSET($D179,1,$C179,ROW($C$270)-ROW($C179)),0))","v":0},"","Serviço","Serviço","-","SINAPI",null,{"$f":"IF($C179=\"S\",REFERENCIA.Descricao,\"(digite a descrição aqui)\")","v":"(Sem Código)"},{"$f":"REFERENCIA.Unidade","v":"-"},{"$f":"OFFSET(CÁLCULO!H$15,ROW($T179)-ROW(T$15),0)","v":0},null,"BDI 1",{"$f":"IF($C179=\"S\",ROUND(IF(TIPOORCAMENTO=\"Proposto\",ORÇAMENTO.CustoUnitario*(1+$AH179),ORÇAMENTO.PrecoUnitarioLicitado),15-13*$AF$10),0)","v":0},{"$f":"IF($C179=\"S\",IF(OR(Import.TipoArredondamento<>\"TransfereGOV\",ACOMPANHAMENTO=\"BM\"),VTOTAL1,SUM(OFFSET(CÁLCULO!$AA$15,ROW($X179)-ROW($X$15),1):OFFSET(CÁLCULO!$AL$15,ROW($X179)-ROW($X$15),-1))),IF($C179=0,0,ROUND(SomaAgrup,15-13*$AF$11)))","v":0},"RA","",{"$f":"IF($C179=\"S\",IF($Z179=\"CP\",$X179,IF($Z179=\"RA\",(($X179)*QCI!$AA$3),0)),SomaAgrup)","v":0},0,{"$f":"IF($N179=\"\",\" \",\nIF(AND($C179<>\"S\",OR($R179=\"\",$R179=\"(digite a descrição aqui)\")),\"DESCRIÇÃO\",\nIF(AND($C179=\"S\",OR($Q179<>\"\",$T179>0,$U179>0),$P179=\"\"),\"FONTE\",\nIF(AND($C179=\"S\",$P179<>\"\",OR($T179>0,$U179>0),$Q179=\"\"),\"CÓDIGO\",\nIF(AND($C179=\"S\",$P179<>\"\",$Q179<>\"\",$R179=\"(Código não identificado nas referências)\"),\"CÓDIGO N/ID\",\nIF(AND($C179=\"S\",OR($R179=\"\",$R179=\"(digite a descrição aqui)\"),OR($Q179<>\"\",$T179>0,$U179>0)),\"DESCRIÇÃO\",\nIF(AND($C179=\"S\",$P179<>\"\",$Q179<>\"\",$S179=\"\"),\"UNIDADE\",\nIF(AND($C179=\"S\",$P179<>\"\",$Q179<>\"\",$U179=0),\"SEM CUSTO\",\nIF(AND(_xlfn.SINGLE(TIPOORCAMENTO)=\"Licitado\",$AL179=0,$AN179>0),\"SEM PREÇO\",\nIF(AND($C179=\"S\",$P179<>\"\",$Q179<>\"\",$U179>0,AND($V179<>\"BDI 1\",$V179<>\"BDI 2\",$V179<>\"BDI 3\")),IF(ISNUMBER($V179),\"JUSTIFICAR BDI\",\"BDI\"),\nIF(OR(AND(import.recurso=\"OGU\",TIPOORCAMENTO=\"Proposto\",LEFT($O$8,5)<>\"(N/D:\",$AG179<>\"\",ORÇAMENTO.CustoUnitario>$AG179),AND(TIPOORCAMENTO=\"LICITADO\",ORÇAMENTO.PrecoUnitarioLicitado>$AN179)),\"ACIMA REF.\",\nIF(AND($C179=\"S\",$P179<>\"\",$Q179<>\"\",$T179=0,$U179>0),\"QUANT.\",\nIF(AND(Import.TipoArredondamento=\"TransfereGOV\",$L179=\"F\",$C179=\"S\",LEN($Q179)>13),\"Código >13\",\nIF(AND(Import.TipoArredondamento=\"TransfereGOV\",$L179=\"F\",$C179<>\"S\",LEN($R179)>100),\"Descrição >100\",\nIF(AND(Import.TipoArredondamento=\"TransfereGOV\",$L179=\"F\",$C179=\"S\",LEN($R179)>500),\"Descrição >500\",\nIF(AND(Import.TipoArredondamento=\"TransfereGOV\",$L179=\"F\",$C179=\"S\",LEFT(TRIM(UPPER($P179)),6)<>\"SINAPI\",ISNA(VLOOKUP(TRIM(UPPER($S179)),ListaTgov.Unidades,1,FALSE))),\"Unid. Não Disp\",\n\" \"))))))))))))))))","v":{"$error":"#NAME?"}},{"$f":"IF(C179<=CRONO.NivelExibicao,MAX($AD$15:OFFSET(AD179,-1,0))+IF($C179<>1,1,MAX(1,COUNTIF(QCI!$A$13:$A$24,OFFSET($E179,-1,0)))),\"\")","v":""},{"$f":"IF(AND($C179=\"S\",ORÇAMENTO.CodBarra<>\"\"),IF(ORÇAMENTO.Fonte=\"\",ORÇAMENTO.CodBarra,CONCATENATE(ORÇAMENTO.Fonte,\" \",ORÇAMENTO.CodBarra)))","v":false},{"$f":"IF(ISERROR(INDIRECT(ORÇAMENTO.BancoRef)),\"(abra o arquivo 'Referência \"&Excel_BuiltIn_Database&\".xlsm)\",IF(OR($C179<>\"S\",ORÇAMENTO.CodBarra=\"\"),\"(Sem Código)\",IF(ISERROR(MATCH($AE179,INDIRECT(ORÇAMENTO.BancoRef),0)),\"(Código não identificado nas referências)\",MATCH($AE179,INDIRECT(ORÇAMENTO.BancoRef),0))))","v":"(Sem Código)"},{"$f":"ROUND(IF(DESONERACAO=\"sim\",REFERENCIA.Desonerado,REFERENCIA.NaoDesonerado),2)","v":0},0.26,null,null,null,null,0,0]
["S",3,"S",0,{"$f":"IF($C180=1,OFFSET(E180,-1,0)+MAX(1,COUNTIF(QCI!$A$13:$A$24,OFFSET(ORÇAMENTO!E180,-1,0))),OFFSET(E180,-1,0))","v":1},2,2,0,10,0,{"$f":"IF(OR($C180=\"S\",$C180=0),0,MATCH(OFFSET($D180,0,$C180)+IF($C180<>1,1,COUNTIF(QCI!$A$13:$A$24,ORÇAMENTO!E180)),OFFSET($D180,1,$C180,ROW($C$270)-ROW($C180)),0))","v":0},"","Serviço","Serviço","-","SINAPI",null,{"$f":"IF($C180=\"S\",REFERENCIA.Descricao,\"(digite a descrição aqui)\")","v":"(Sem Código)"},{"$f":"REFERENCIA.Unidade","v":"-"},{"$f":"OFFSET(CÁLCULO!H$15,ROW($T180)-ROW(T$15),0)","v":0},null,"BDI 1",{"$f":"IF($C180=\"S\",ROUND(IF(TIPOORCAMENTO=\"Proposto\",ORÇAMENTO.CustoUnitario*(1+$AH180),ORÇAMENTO.PrecoUnitarioLicitado),15-13*$AF$10),0)","v":0},{"$f":"IF($C180=\"S\",IF(OR(Import.TipoArredondamento<>\"TransfereGOV\",ACOMPANHAMENTO=\"BM\"),VTOTAL1,SUM(OFFSET(CÁLCULO!$AA$15,ROW($X180)-ROW($X$15),1):OFFSET(CÁLCULO!$AL$15,ROW($X180)-ROW($X$15),-1))),IF($C180=0,0,ROUND(SomaAgrup,15-13*$AF$11)))","v":0},"RA","",{"$f":"IF($C180=\"S\",IF($Z180=\"CP\",$X180,IF($Z180=\"RA\",(($X180)*QCI!$AA$3),0)),SomaAgrup)","v":0},0,{"$f":"IF($N180=\"\",\" \",\nIF(AND($C180<>\"S\",OR($R180=\"\",$R180=\"(digite a descrição aqui)\")),\"DESCRIÇÃO\",\nIF(AND($C180=\"S\",OR($Q180<>\"\",$T180>0,$U180>0),$P180=\"\"),\"FONTE\",\nIF(AND($C180=\"S\",$P180<>\"\",OR($T180>0,$U180>0),$Q180=\"\"),\"CÓDIGO\",\nIF(AND($C180=\"S\",$P180<>\"\",$Q180<>\"\",$R180=\"(Código não identificado nas referências)\"),\"CÓDIGO N/ID\",\nIF(AND($C180=\"S\",OR($R180=\"\",$R180=\"(digite a descrição aqui)\"),OR($Q180<>\"\",$T180>0,$U180>0)),\"DESCRIÇÃO\",\nIF(AND($C180=\"S\",$P180<>\"\",$Q180<>\"\",$S180=\"\"),\"UNIDADE\",\nIF(AND($C180=\"S\",$P180<>\"\",$Q180<>\"\",$U180=0),\"SEM CUSTO\",\nIF(AND(_xlfn.SINGLE(TIPOORCAMENTO)=\"Licitado\",$AL180=0,$AN180>0),\"SEM PREÇO\",\nIF(AND($C180=\"S\",$P180<>\"\",$Q180<>\"\",$U180>0,AND($V180<>\"BDI 1\",$V180<>\"BDI 2\",$V180<>\"BDI 3\")),IF(ISNUMBER($V180),\"JUSTIFICAR BDI\",\"BDI\"),\nIF(OR(AND(import.recurso=\"OGU\",TIPOORCAMENTO=\"Proposto\",LEFT($O$8,5)<>\"(N/D:\",$AG180<>\"\",ORÇAMENTO.CustoUnitario>$AG180),AND(TIPOORCAMENTO=\"LICITADO\",ORÇAMENTO.PrecoUnitarioLicitado>$AN180)),\"ACIMA REF.\",\nIF(AND($C180=\"S\",$P180<>\"\",$Q180<>\"\",$T180=0,$U180>0),\"QUANT.\",\nIF(AND(Import.TipoArredondamento=\"TransfereGOV\",$L180=\"F\",$C180=\"S\",LEN($Q180)>13),\"Código >13\",\nIF(AND(Import.TipoArredondamento=\"TransfereGOV\",$L180=\"F\",$C180<>\"S\",LEN($R180)>100),\"Descrição >100\",\nIF(AND(Import.TipoArredondamento=\"TransfereGOV\",$L180=\"F\",$C180=\"S\",LEN($R180)>500),\"Descrição >500\",\nIF(AND(Import.TipoArredondamento=\"TransfereGOV\",$L180=\"F\",$C180=\"S\",LEFT(TRIM(UPPER($P180)),6)<>\"SINAPI\",ISNA(VLOOKUP(TRIM(UPPER($S180)),ListaTgov.Unidades,1,FALSE))),\"Unid. Não Disp\",\n\" \"))))))))))))))))","v":{"$error":"#NAME?"}},{"$f":"IF(C180<=CRONO.NivelExibicao,MAX($AD$15:OFFSET(AD180,-1,0))+IF($C180<>1,1,MAX(1,COUNTIF(QCI!$A$13:$A$24,OFFSET($E180,-1,0)))),\"\")","v":""},{"$f":"IF(AND($C180=\"S\",ORÇAMENTO.CodBarra<>\"\"),IF(ORÇAMENTO.Fonte=\"\",ORÇAMENTO.CodBarra,CONCATENATE(ORÇAMENTO.Fonte,\" \",ORÇAMENTO.CodBarra)))","v":false},{"$f":"IF(ISERROR(INDIRECT(ORÇAMENTO.BancoRef)),\"(abra o arquivo 'Referência \"&Excel_BuiltIn_Database&\".xlsm)\",IF(OR($C180<>\"S\",ORÇAMENTO.CodBarra=\"\"),\"(Sem Código)\",IF(ISERROR(MATCH($AE180,INDIRECT(ORÇAMENTO.BancoRef),0)),\"(Código não identificado nas referências)\",MATCH($AE180,INDIRECT(ORÇAMENTO.BancoRef),0))))","v":"(Sem Código)"},{"$f":"ROUND(IF(DESONERACAO=\"sim\",REFERENCIA.Desonerado,REFERENCIA.NaoDesonerado),2)","v":0},0.26,null,null,null,null,0,0]
["S",3,"S",0,{"$f":"IF($C181=1,OFFSET(E181,-1,0)+MAX(1,COUNTIF(QCI!$A$13:$A$24,OFFSET(ORÇAMENTO!E181,-1,0))),OFFSET(E181,-1,0))","v":1},2,2,0,10,0,{"$f":"IF(OR($C181=\"S\",$C181=0),0,MATCH(OFFSET($D181,0,$C181)+IF($C181<>1,1,COUNTIF(QCI!$A$13:$A$24,ORÇAMENTO!E181)),OFFSET($D181,1,$C181,ROW($C$270)-ROW($C181)),0))","v":0},"","Serviço","Serviço","-","SINAPI",null,{"$f":"IF($C181=\"S\",REFERENCIA.Descricao,\"(digite a descrição aqui)\")","v":"(Sem Código)"},{"$f":"REFERENCIA.Unidade","v":"-"},{"$f":"OFFSET(CÁLCULO!H$15,ROW($T181)-ROW(T$15),0)","v":0},null,"BDI 1",{"$f":"IF($C181=\"S\",ROUND(IF(TIPOORCAMENTO=\"Proposto\",ORÇAMENTO.CustoUnitario*(1+$AH181),ORÇAMENTO.PrecoUnitarioLicitado),15-13*$AF$10),0)","v":0},{"$f":"IF($C181=\"S\",IF(OR(Import.TipoArredondamento<>\"TransfereGOV\",ACOMPANHAMENTO=\"BM\"),VTOTAL1,SUM(OFFSET(CÁLCULO!$AA$15,ROW($X181)-ROW($X$15),1):OFFSET(CÁLCULO!$AL$15,ROW($X181)-ROW($X$15),-1))),IF($C181=0,0,ROUND(SomaAgrup,15-13*$AF$11)))","v":0},"RA","",{"$f":"IF($C181=\"S\",IF($Z181=\"CP\",$X181,IF($Z181=\"RA\",(($X181)*QCI!$AA$3),0)),SomaAgrup)","v":0},0,{"$f":"IF($N181=\"\",\" \",\nIF(AND($C181<>\"S\",OR($R181=\"\",$R181=\"(digite a descrição aqui)\")),\"DESCRIÇÃO\",\nIF(AND($C181=\"S\",OR($Q181<>\"\",$T181>0,$U181>0),$P181=\"\"),\"FONTE\",\nIF(AND($C181=\"S\",$P181<>\"\",OR($T181>0,$U181>0),$Q181=\"\"),\"CÓDIGO\",\nIF(AND($C181=\"S\",$P181<>\"\",$Q181<>\"\",$R181=\"(Código não identificado nas referências)\"),\"CÓDIGO N/ID\",\nIF(AND($C181=\"S\",OR($R181=\"\",$R181=\"(digite a descrição aqui)\"),OR($Q181<>\"\",$T181>0,$U181>0)),\"DESCRIÇÃO\",\nIF(AND($C181=\"S\",$P181<>\"\",$Q181<>\"\",$S181=\"\"),\"UNIDADE\",\nIF(AND($C181=\"S\",$P181<>\"\",$Q181<>\"\",$U181=0),\"SEM CUSTO\",\nIF(AND(_xlfn.SINGLE(TIPOORCAMENTO)=\"Licitado\",$AL181=0,$AN181>0),\"SEM PREÇO\",\nIF(AND($C181=\"S\",$P181<>\"\",$Q181<>\"\",$U181>0,AND($V181<>\"BDI 1\",$V181<>\"BDI 2\",$V181<>\"BDI 3\")),IF(ISNUMBER($V181),\"JUSTIFICAR BDI\",\"BDI\"),\nIF(OR(AND(import.recurso=\"OGU\",TIPOORCAMENTO=\"Proposto\",LEFT($O$8,5)<>\"(N/D:\",$AG181<>\"\",ORÇAMENTO.CustoUnitario>$AG181),AND(TIPOORCAMENTO=\"LICITADO\",ORÇAMENTO.PrecoUnitarioLicitado>$AN181)),\"ACIMA REF.\",\nIF(AND($C181=\"S\",$P181<>\"\",$Q181<>\"\",$T181=0,$U181>0),\"QUANT.\",\nIF(AND(Import.TipoArredondamento=\"TransfereGOV\",$L181=\"F\",$C181=\"S\",LEN($Q181)>13),\"Código >13\",\nIF(AND(Import.TipoArredondamento=\"TransfereGOV\",$L181=\"F\",$C181<>\"S\",LEN($R181)>100),\"Descrição >100\",\nIF(AND(Import.TipoArredondamento=\"TransfereGOV\",$L181=\"F\",$C181=\"S\",LEN($R181)>500),\"Descrição >500\",\nIF(AND(Import.TipoArredondamento=\"TransfereGOV\",$L181=\"F\",$C181=\"S\",LEFT(TRIM(UPPER($P181)),6)<>\"SINAPI\",ISNA(VLOOKUP(TRIM(UPPER($S181)),ListaTgov.Unidades,1,FALSE))),\"Unid. Não Disp\",\n\" \"))))))))))))))))","v":{"$error":"#NAME?"}},{"$f":"IF(C181<=CRONO.NivelExibicao,MAX($AD$15:OFFSET(AD181,-1,0))+IF($C181<>1,1,MAX(1,COUNTIF(QCI!$A$13:$A$24,OFFSET($E181,-1,0)))),\"\")","v":""},{"$f":"IF(AND($C181=\"S\",ORÇAMENTO.CodBarra<>\"\"),IF(ORÇAMENTO.Fonte=\"\",ORÇAMENTO.CodBarra,CONCATENATE(ORÇAMENTO.Fonte,\" \",ORÇAMENTO.CodBarra)))","v":false},{"$f":"IF(ISERROR(INDIRECT(ORÇAMENTO.BancoRef)),\"(abra o arquivo 'Referência \"&Excel_BuiltIn_Database&\".xlsm)\",IF(OR($C181<>\"S\",ORÇAMENTO.CodBarra=\"\"),\"(Sem Código)\",IF(ISERROR(MATCH($AE181,INDIRECT(ORÇAMENTO.BancoRef),0)),\"(Código não identificado nas referências)\",MATCH($AE181,INDIRECT(ORÇAMENTO.BancoRef),0))))","v":"(Sem Código)"},{"$f":"ROUND(IF(DESONERACAO=\"sim\",REFERENCIA.Desonerado,REFERENCIA.NaoDesonerado),2)","v":0},0.26,null,null,null,null,0,0]
["S",3,"S",0,{"$f":"IF($C182=1,OFFSET(E182,-1,0)+MAX(1,COUNTIF(QCI!$A$13:$A$24,OFFSET(ORÇAMENTO!E182,-1,0))),OFFSET(E182,-1,0))","v":1},2,2,0,10,0,{"$f":"IF(OR($C182=\"S\",$C182=0),0,MATCH(OFFSET($D182,0,$C182)+IF($C182<>1,1,COUNTIF(QCI!$A$13:$A$24,ORÇAMENTO!E182)),OFFSET($D182,1,$C182,ROW($C$270)-ROW($C182)),0))","v":0},"","Serviço","Serviço","-","SINAPI",null,{"$f":"IF($C182=\"S\",REFERENCIA.Descricao,\"(digite a descrição aqui)\")","v":"(Sem Código)"},{"$f":"REFERENCIA.Unidade","v":"-"},{"$f":"OFFSET(CÁLCULO!H$15,ROW($T182)-ROW(T$15),0)","v":0},null,"BDI 1",{"$f":"IF($C182=\"S\",ROUND(IF(TIPOORCAMENTO=\"Proposto\",ORÇAMENTO.CustoUnitario*(1+$AH182),ORÇAMENTO.PrecoUnitarioLicitado),15-13*$AF$10),0)","v":0},{"$f":"IF($C182=\"S\",IF(OR(Import.TipoArredondamento<>\"TransfereGOV\",ACOMPANHAMENTO=\"BM\"),VTOTAL1,SUM(OFFSET(CÁLCULO!$AA$15,ROW($X182)-ROW($X$15),1):OFFSET(CÁLCULO!$AL$15,ROW($X182)-ROW($X$15),-1))),IF($C182=0,0,ROUND(SomaAgrup,15-13*$AF$11)))","v":0},"RA","",{"$f":"IF($C182=\"S\",IF($Z182=\"CP\",$X182,IF($Z182=\"RA\",(($X182)*QCI!$AA$3),0)),SomaAgrup)","v":0},0,{"$f":"IF($N182=\"\",\" \",\nIF(AND($C182<>\"S\",OR($R182=\"\",$R182=\"(digite a descrição aqui)\")),\"DESCRIÇÃO\",\nIF(AND($C182=\"S\",OR($Q182<>\"\",$T182>0,$U182>0),$P182=\"\"),\"FONTE\",\nIF(AND($C182=\"S\",$P182<>\"\",OR($T182>0,$U182>0),$Q182=\"\"),\"CÓDIGO\",\nIF(AND($C182=\"S\",$P182<>\"\",$Q182<>\"\",$R182=\"(Código não identificado nas referências)\"),\"CÓDIGO N/ID\",\nIF(AND($C182=\"S\",OR($R182=\"\",$R182=\"(digite a descrição aqui)\"),OR($Q182<>\"\",$T182>0,$U182>0)),\"DESCRIÇÃO\",\nIF(AND($C182=\"S\",$P182<>\"\",$Q182<>\"\",$S182=\"\"),\"UNIDADE\",\nIF(AND($C182=\"S\",$P182<>\"\",$Q182<>\"\",$U182=0),\"SEM CUSTO\",\nIF(AND(_xlfn.SINGLE(TIPOORCAMENTO)=\"Licitado\",$AL182=0,$AN182>0),\"SEM PREÇO\",\nIF(AND($C182=\"S\",$P182<>\"\",$Q182<>\"\",$U182>0,AND($V182<>\"BDI 1\",$V182<>\"BDI 2\",$V182<>\"BDI 3\")),IF(ISNUMBER($V182),\"JUSTIFICAR BDI\",\"BDI\"),\nIF(OR(AND(import.recurso=\"OGU\",TIPOORCAMENTO=\"Proposto\",LEFT($O$8,5)<>\"(N/D:\",$AG182<>\"\",ORÇAMENTO.CustoUnitario>$AG182),AND(TIPOORCAMENTO=\"LICITADO\",ORÇAMENTO.PrecoUnitarioLicitado>$AN182)),\"ACIMA REF.\",\nIF(AND($C182=\"S\",$P182<>\"\",$Q182<>\"\",$T182=0,$U182>0),\"QUANT.\",\nIF(AND(Import.TipoArredondamento=\"TransfereGOV\",$L182=\"F\",$C182=\"S\",LEN($Q182)>13),\"Código >13\",\nIF(AND(Import.TipoArredondamento=\"TransfereGOV\",$L182=\"F\",$C182<>\"S\",LEN($R182)>100),\"Descrição >100\",\nIF(AND(Import.TipoArredondamento=\"TransfereGOV\",$L182=\"F\",$C182=\"S\",LEN($R182)>500),\"Descrição >500\",\nIF(AND(Import.TipoArredondamento=\"TransfereGOV\",$L182=\"F\",$C182=\"S\",LEFT(TRIM(UPPER($P182)),6)<>\"SINAPI\",ISNA(VLOOKUP(TRIM(UPPER($S182)),ListaTgov.Unidades,1,FALSE))),\"Unid. Não Disp\",\n\" \"))))))))))))))))","v":{"$error":"#NAME?"}},{"$f":"IF(C182<=CRONO.NivelExibicao,MAX($AD$15:OFFSET(AD182,-1,0))+IF($C182<>1,1,MAX(1,COUNTIF(QCI!$A$13:$A$24,OFFSET($E182,-1,0)))),\"\")","v":""},{"$f":"IF(AND($C182=\"S\",ORÇAMENTO.CodBarra<>\"\"),IF(ORÇAMENTO.Fonte=\"\",ORÇAMENTO.CodBarra,CONCATENATE(ORÇAMENTO.Fonte,\" \",ORÇAMENTO.CodBarra)))","v":false},{"$f":"IF(ISERROR(INDIRECT(ORÇAMENTO.BancoRef)),\"(abra o arquivo 'Referência \"&Excel_BuiltIn_Database&\".xlsm)\",IF(OR($C182<>\"S\",ORÇAMENTO.CodBarra=\"\"),\"(Sem Código)\",IF(ISERROR(MATCH($AE182,INDIRECT(ORÇAMENTO.BancoRef),0)),\"(Código não identificado nas referências)\",MATCH($AE182,INDIRECT(ORÇAMENTO.BancoRef),0))))","v":"(Sem Código)"},{"$f":"ROUND(IF(DESONERACAO=\"sim\",REFERENCIA.Desonerado,REFERENCIA.NaoDesonerado),2)","v":0},0.26,null,null,null,null,0,0]
["S",3,"S",0,{"$f":"IF($C183=1,OFFSET(E183,-1,0)+MAX(1,COUNTIF(QCI!$A$13:$A$24,OFFSET(ORÇAMENTO!E183,-1,0))),OFFSET(E183,-1,0))","v":1},2,2,0,10,0,{"$f":"IF(OR($C183=\"S\",$C183=0),0,MATCH(OFFSET($D183,0,$C183)+IF($C183<>1,1,COUNTIF(QCI!$A$13:$A$24,ORÇAMENTO!E183)),OFFSET($D183,1,$C183,ROW($C$270)-ROW($C183)),0))","v":0},"","Serviço","Serviço","-","SINAPI",null,{"$f":"IF($C183=\"S\",REFERENCIA.Descricao,\"(digite a descrição aqui)\")","v":"(Sem Código)"},{"$f":"REFERENCIA.Unidade","v":"-"},{"$f":"OFFSET(CÁLCULO!H$15,ROW($T183)-ROW(T$15),0)","v":0},null,"BDI 1",{"$f":"IF($C183=\"S\",ROUND(IF(TIPOORCAMENTO=\"Proposto\",ORÇAMENTO.CustoUnitario*(1+$AH183),ORÇAMENTO.PrecoUnitarioLicitado),15-13*$AF$10),0)","v":0},{"$f":"IF($C183=\"S\",IF(OR(Import.TipoArredondamento<>\"TransfereGOV\",ACOMPANHAMENTO=\"BM\"),VTOTAL1,SUM(OFFSET(CÁLCULO!$AA$15,ROW($X183)-ROW($X$15),1):OFFSET(CÁLCULO!$AL$15,ROW($X183)-ROW($X$15),-1))),IF($C183=0,0,ROUND(SomaAgrup,15-13*$AF$11)))","v":0},"RA","",{"$f":"IF($C183=\"S\",IF($Z183=\"CP\",$X183,IF($Z183=\"RA\",(($X183)*QCI!$AA$3),0)),SomaAgrup)","v":0},0,{"$f":"IF($N183=\"\",\" \",\nIF(AND($C183<>\"S\",OR($R183=\"\",$R183=\"(digite a descrição aqui)\")),\"DESCRIÇÃO\",\nIF(AND($C183=\"S\",OR($Q183<>\"\",$T183>0,$U183>0),$P183=\"\"),\"FONTE\",\nIF(AND($C183=\"S\",$P183<>\"\",OR($T183>0,$U183>0),$Q183=\"\"),\"CÓDIGO\",\nIF(AND($C183=\"S\",$P183<>\"\",$Q183<>\"\",$R183=\"(Código não identificado nas referências)\"),\"CÓDIGO N/ID\",\nIF(AND($C183=\"S\",OR($R183=\"\",$R183=\"(digite a descrição aqui)\"),OR($Q183<>\"\",$T183>0,$U183>0)),\"DESCRIÇÃO\",\nIF(AND($C183=\"S\",$P183<>\"\",$Q183<>\"\",$S183=\"\"),\"UNIDADE\",\nIF(AND($C183=\"S\",$P183<>\"\",$Q183<>\"\",$U183=0),\"SEM CUSTO\",\nIF(AND(_xlfn.SINGLE(TIPOORCAMENTO)=\"Licitado\",$AL183=0,$AN183>0),\"SEM PREÇO\",\nIF(AND($C183=\"S\",$P183<>\"\",$Q183<>\"\",$U183>0,AND($V183<>\"BDI 1\",$V183<>\"BDI 2\",$V183<>\"BDI 3\")),IF(ISNUMBER($V183),\"JUSTIFICAR BDI\",\"BDI\"),\nIF(OR(AND(import.recurso=\"OGU\",TIPOORCAMENTO=\"Proposto\",LEFT($O$8,5)<>\"(N/D:\",$AG183<>\"\",ORÇAMENTO.CustoUnitario>$AG183),AND(TIPOORCAMENTO=\"LICITADO\",ORÇAMENTO.PrecoUnitarioLicitado>$AN183)),\"ACIMA REF.\",\nIF(AND($C183=\"S\",$P183<>\"\",$Q183<>\"\",$T183=0,$U183>0),\"QUANT.\",\nIF(AND(Import.TipoArredondamento=\"TransfereGOV\",$L183=\"F\",$C183=\"S\",LEN($Q183)>13),\"Código >13\",\nIF(AND(Import.TipoArredondamento=\"TransfereGOV\",$L183=\"F\",$C183<>\"S\",LEN($R183)>100),\"Descrição >100\",\nIF(AND(Import.TipoArredondamento=\"TransfereGOV\",$L183=\"F\",$C183=\"S\",LEN($R183)>500),\"Descrição >500\",\nIF(AND(Import.TipoArredondamento=\"TransfereGOV\",$L183=\"F\",$C183=\"S\",LEFT(TRIM(UPPER($P183)),6)<>\"SINAPI\",ISNA(VLOOKUP(TRIM(UPPER($S183)),ListaTgov.Unidades,1,FALSE))),\"Unid. Não Disp\",\n\" \"))))))))))))))))","v":{"$error":"#NAME?"}},{"$f":"IF(C183<=CRONO.NivelExibicao,MAX($AD$15:OFFSET(AD183,-1,0))+IF($C183<>1,1,MAX(1,COUNTIF(QCI!$A$13:$A$24,OFFSET($E183,-1,0)))),\"\")","v":""},{"$f":"IF(AND($C183=\"S\",ORÇAMENTO.CodBarra<>\"\"),IF(ORÇAMENTO.Fonte=\"\",ORÇAMENTO.CodBarra,CONCATENATE(ORÇAMENTO.Fonte,\" \",ORÇAMENTO.CodBarra)))","v":false},{"$f":"IF(ISERROR(INDIRECT(ORÇAMENTO.BancoRef)),\"(abra o arquivo 'Referência \"&Excel_BuiltIn_Database&\".xlsm)\",IF(OR($C183<>\"S\",ORÇAMENTO.CodBarra=\"\"),\"(Sem Código)\",IF(ISERROR(MATCH($AE183,INDIRECT(ORÇAMENTO.BancoRef),0)),\"(Código não identificado nas referências)\",MATCH($AE183,INDIRECT(ORÇAMENTO.BancoRef),0))))","v":"(Sem Código)"},{"$f":"ROUND(IF(DESONERACAO=\"sim\",REFERENCIA.Desonerado,REFERENCIA.NaoDesonerado),2)","v":0},0.26,null,null,null,null,0,0]
["S",3,"S",0,{"$f":"IF($C184=1,OFFSET(E184,-1,0)+MAX(1,COUNTIF(QCI!$A$13:$A$24,OFFSET(ORÇAMENTO!E184,-1,0))),OFFSET(E184,-1,0))","v":1},2,2,0,10,0,{"$f":"IF(OR($C184=\"S\",$C184=0),0,MATCH(OFFSET($D184,0,$C184)+IF($C184<>1,1,COUNTIF(QCI!$A$13:$A$24,ORÇAMENTO!E184)),OFFSET($D184,1,$C184,ROW($C$270)-ROW($C184)),0))","v":0},"","Serviço","Serviço","-","SINAPI",null,{"$f":"IF($C184=\"S\",REFERENCIA.Descricao,\"(digite a descrição aqui)\")","v":"(Sem Código)"},{"$f":"REFERENCIA.Unidade","v":"-"},{"$f":"OFFSET(CÁLCULO!H$15,ROW($T184)-ROW(T$15),0)","v":0},null,"BDI 1",{"$f":"IF($C184=\"S\",ROUND(IF(TIPOORCAMENTO=\"Proposto\",ORÇAMENTO.CustoUnitario*(1+$AH184),ORÇAMENTO.PrecoUnitarioLicitado),15-13*$AF$10),0)","v":0},{"$f":"IF($C184=\"S\",IF(OR(Import.TipoArredondamento<>\"TransfereGOV\",ACOMPANHAMENTO=\"BM\"),VTOTAL1,SUM(OFFSET(CÁLCULO!$AA$15,ROW($X184)-ROW($X$15),1):OFFSET(CÁLCULO!$AL$15,ROW($X184)-ROW($X$15),-1))),IF($C184=0,0,ROUND(SomaAgrup,15-13*$AF$11)))","v":0},"RA","",{"$f":"IF($C184=\"S\",IF($Z184=\"CP\",$X184,IF($Z184=\"RA\",(($X184)*QCI!$AA$3),0)),SomaAgrup)","v":0},0,{"$f":"IF($N184=\"\",\" \",\nIF(AND($C184<>\"S\",OR($R184=\"\",$R184=\"(digite a descrição aqui)\")),\"DESCRIÇÃO\",\nIF(AND($C184=\"S\",OR($Q184<>\"\",$T184>0,$U184>0),$P184=\"\"),\"FONTE\",\nIF(AND($C184=\"S\",$P184<>\"\",OR($T184>0,$U184>0),$Q184=\"\"),\"CÓDIGO\",\nIF(AND($C184=\"S\",$P184<>\"\",$Q184<>\"\",$R184=\"(Código não identificado nas referências)\"),\"CÓDIGO N/ID\",\nIF(AND($C184=\"S\",OR($R184=\"\",$R184=\"(digite a descrição aqui)\"),OR($Q184<>\"\",$T184>0,$U184>0)),\"DESCRIÇÃO\",\nIF(AND($C184=\"S\",$P184<>\"\",$Q184<>\"\",$S184=\"\"),\"UNIDADE\",\nIF(AND($C184=\"S\",$P184<>\"\",$Q184<>\"\",$U184=0),\"SEM CUSTO\",\nIF(AND(_xlfn.SINGLE(TIPOORCAMENTO)=\"Licitado\",$AL184=0,$AN184>0),\"SEM PREÇO\",\nIF(AND($C184=\"S\",$P184<>\"\",$Q184<>\"\",$U184>0,AND($V184<>\"BDI 1\",$V184<>\"BDI 2\",$V184<>\"BDI 3\")),IF(ISNUMBER($V184),\"JUSTIFICAR BDI\",\"BDI\"),\nIF(OR(AND(import.recurso=\"OGU\",TIPOORCAMENTO=\"Proposto\",LEFT($O$8,5)<>\"(N/D:\",$AG184<>\"\",ORÇAMENTO.CustoUnitario>$AG184),AND(TIPOORCAMENTO=\"LICITADO\",ORÇAMENTO.PrecoUnitarioLicitado>$AN184)),\"ACIMA REF.\",\nIF(AND($C184=\"S\",$P184<>\"\",$Q184<>\"\",$T184=0,$U184>0),\"QUANT.\",\nIF(AND(Import.TipoArredondamento=\"TransfereGOV\",$L184=\"F\",$C184=\"S\",LEN($Q184)>13),\"Código >13\",\nIF(AND(Import.TipoArredondamento=\"TransfereGOV\",$L184=\"F\",$C184<>\"S\",LEN($R184)>100),\"Descrição >100\",\nIF(AND(Import.TipoArredondamento=\"TransfereGOV\",$L184=\"F\",$C184=\"S\",LEN($R184)>500),\"Descrição >500\",\nIF(AND(Import.TipoArredondamento=\"TransfereGOV\",$L184=\"F\",$C184=\"S\",LEFT(TRIM(UPPER($P184)),6)<>\"SINAPI\",ISNA(VLOOKUP(TRIM(UPPER($S184)),ListaTgov.Unidades,1,FALSE))),\"Unid. Não Disp\",\n\" \"))))))))))))))))","v":{"$error":"#NAME?"}},{"$f":"IF(C184<=CRONO.NivelExibicao,MAX($AD$15:OFFSET(AD184,-1,0))+IF($C184<>1,1,MAX(1,COUNTIF(QCI!$A$13:$A$24,OFFSET($E184,-1,0)))),\"\")","v":""},{"$f":"IF(AND($C184=\"S\",ORÇAMENTO.CodBarra<>\"\"),IF(ORÇAMENTO.Fonte=\"\",ORÇAMENTO.CodBarra,CONCATENATE(ORÇAMENTO.Fonte,\" \",ORÇAMENTO.CodBarra)))","v":false},{"$f":"IF(ISERROR(INDIRECT(ORÇAMENTO.BancoRef)),\"(abra o arquivo 'Referência \"&Excel_BuiltIn_Database&\".xlsm)\",IF(OR($C184<>\"S\",ORÇAMENTO.CodBarra=\"\"),\"(Sem Código)\",IF(ISERROR(MATCH($AE184,INDIRECT(ORÇAMENTO.BancoRef),0)),\"(Código não identificado nas referências)\",MATCH($AE184,INDIRECT(ORÇAMENTO.BancoRef),0))))","v":"(Sem Código)"},{"$f":"ROUND(IF(DESONERACAO=\"sim\",REFERENCIA.Desonerado,REFERENCIA.NaoDesonerado),2)","v":0},0.26,null,null,null,null,0,0]
["S",3,"S",0,{"$f":"IF($C185=1,OFFSET(E185,-1,0)+MAX(1,COUNTIF(QCI!$A$13:$A$24,OFFSET(ORÇAMENTO!E185,-1,0))),OFFSET(E185,-1,0))","v":1},2,2,0,10,0,{"$f":"IF(OR($C185=\"S\",$C185=0),0,MATCH(OFFSET($D185,0,$C185)+IF($C185<>1,1,COUNTIF(QCI!$A$13:$A$24,ORÇAMENTO!E185)),OFFSET($D185,1,$C185,ROW($C$270)-ROW($C185)),0))","v":0},"","Serviço","Serviço","-","SINAPI",null,{"$f":"IF($C185=\"S\",REFERENCIA.Descricao,\"(digite a descrição aqui)\")","v":"(Sem Código)"},{"$f":"REFERENCIA.Unidade","v":"-"},{"$f":"OFFSET(CÁLCULO!H$15,ROW($T185)-ROW(T$15),0)","v":0},null,"BDI 1",{"$f":"IF($C185=\"S\",ROUND(IF(TIPOORCAMENTO=\"Proposto\",ORÇAMENTO.CustoUnitario*(1+$AH185),ORÇAMENTO.PrecoUnitarioLicitado),15-13*$AF$10),0)","v":0},{"$f":"IF($C185=\"S\",IF(OR(Import.TipoArredondamento<>\"TransfereGOV\",ACOMPANHAMENTO=\"BM\"),VTOTAL1,SUM(OFFSET(CÁLCULO!$AA$15,ROW($X185)-ROW($X$15),1):OFFSET(CÁLCULO!$AL$15,ROW($X185)-ROW($X$15),-1))),IF($C185=0,0,ROUND(SomaAgrup,15-13*$AF$11)))","v":0},"RA","",{"$f":"IF($C185=\"S\",IF($Z185=\"CP\",$X185,IF($Z185=\"RA\",(($X185)*QCI!$AA$3),0)),SomaAgrup)","v":0},0,{"$f":"IF($N185=\"\",\" \",\nIF(AND($C185<>\"S\",OR($R185=\"\",$R185=\"(digite a descrição aqui)\")),\"DESCRIÇÃO\",\nIF(AND($C185=\"S\",OR($Q185<>\"\",$T185>0,$U185>0),$P185=\"\"),\"FONTE\",\nIF(AND($C185=\"S\",$P185<>\"\",OR($T185>0,$U185>0),$Q185=\"\"),\"CÓDIGO\",\nIF(AND($C185=\"S\",$P185<>\"\",$Q185<>\"\",$R185=\"(Código não identificado nas referências)\"),\"CÓDIGO N/ID\",\nIF(AND($C185=\"S\",OR($R185=\"\",$R185=\"(digite a descrição aqui)\"),OR($Q185<>\"\",$T185>0,$U185>0)),\"DESCRIÇÃO\",\nIF(AND($C185=\"S\",$P185<>\"\",$Q185<>\"\",$S185=\"\"),\"UNIDADE\",\nIF(AND($C185=\"S\",$P185<>\"\",$Q185<>\"\",$U185=0),\"SEM CUSTO\",\nIF(AND(_xlfn.SINGLE(TIPOORCAMENTO)=\"Licitado\",$AL185=0,$AN185>0),\"SEM PREÇO\",\nIF(AND($C185=\"S\",$P185<>\"\",$Q185<>\"\",$U185>0,AND($V185<>\"BDI 1\",$V185<>\"BDI 2\",$V185<>\"BDI 3\")),IF(ISNUMBER($V185),\"JUSTIFICAR BDI\",\"BDI\"),\nIF(OR(AND(import.recurso=\"OGU\",TIPOORCAMENTO=\"Proposto\",LEFT($O$8,5)<>\"(N/D:\",$AG185<>\"\",ORÇAMENTO.CustoUnitario>$AG185),AND(TIPOORCAMENTO=\"LICITADO\",ORÇAMENTO.PrecoUnitarioLicitado>$AN185)),\"ACIMA REF.\",\nIF(AND($C185=\"S\",$P185<>\"\",$Q185<>\"\",$T185=0,$U185>0),\"QUANT.\",\nIF(AND(Import.TipoArredondamento=\"TransfereGOV\",$L185=\"F\",$C185=\"S\",LEN($Q185)>13),\"Código >13\",\nIF(AND(Import.TipoArredondamento=\"TransfereGOV\",$L185=\"F\",$C185<>\"S\",LEN($R185)>100),\"Descrição >100\",\nIF(AND(Import.TipoArredondamento=\"TransfereGOV\",$L185=\"F\",$C185=\"S\",LEN($R185)>500),\"Descrição >500\",\nIF(AND(Import.TipoArredondamento=\"TransfereGOV\",$L185=\"F\",$C185=\"S\",LEFT(TRIM(UPPER($P185)),6)<>\"SINAPI\",ISNA(VLOOKUP(TRIM(UPPER($S185)),ListaTgov.Unidades,1,FALSE))),\"Unid. Não Disp\",\n\" \"))))))))))))))))","v":{"$error":"#NAME?"}},{"$f":"IF(C185<=CRONO.NivelExibicao,MAX($AD$15:OFFSET(AD185,-1,0))+IF($C185<>1,1,MAX(1,COUNTIF(QCI!$A$13:$A$24,OFFSET($E185,-1,0)))),\"\")","v":""},{"$f":"IF(AND($C185=\"S\",ORÇAMENTO.CodBarra<>\"\"),IF(ORÇAMENTO.Fonte=\"\",ORÇAMENTO.CodBarra,CONCATENATE(ORÇAMENTO.Fonte,\" \",ORÇAMENTO.CodBarra)))","v":false},{"$f":"IF(ISERROR(INDIRECT(ORÇAMENTO.BancoRef)),\"(abra o arquivo 'Referência \"&Excel_BuiltIn_Database&\".xlsm)\",IF(OR($C185<>\"S\",ORÇAMENTO.CodBarra=\"\"),\"(Sem Código)\",IF(ISERROR(MATCH($AE185,INDIRECT(ORÇAMENTO.BancoRef),0)),\"(Código não identificado nas referências)\",MATCH($AE185,INDIRECT(ORÇAMENTO.BancoRef),0))))","v":"(Sem Código)"},{"$f":"ROUND(IF(DESONERACAO=\"sim\",REFERENCIA.Desonerado,REFERENCIA.NaoDesonerado),2)","v":0},0.26,null,null,null,null,0,0]
["S",3,"S",0,{"$f":"IF($C186=1,OFFSET(E186,-1,0)+MAX(1,COUNTIF(QCI!$A$13:$A$24,OFFSET(ORÇAMENTO!E186,-1,0))),OFFSET(E186,-1,0))","v":1},2,2,0,10,0,{"$f":"IF(OR($C186=\"S\",$C186=0),0,MATCH(OFFSET($D186,0,$C186)+IF($C186<>1,1,COUNTIF(QCI!$A$13:$A$24,ORÇAMENTO!E186)),OFFSET($D186,1,$C186,ROW($C$270)-ROW($C186)),0))","v":0},"","Serviço","Serviço","-","SINAPI",null,{"$f":"IF($C186=\"S\",REFERENCIA.Descricao,\"(digite a descrição aqui)\")","v":"(Sem Código)"},{"$f":"REFERENCIA.Unidade","v":"-"},{"$f":"OFFSET(CÁLCULO!H$15,ROW($T186)-ROW(T$15),0)","v":0},null,"BDI 1",{"$f":"IF($C186=\"S\",ROUND(IF(TIPOORCAMENTO=\"Proposto\",ORÇAMENTO.CustoUnitario*(1+$AH186),ORÇAMENTO.PrecoUnitarioLicitado),15-13*$AF$10),0)","v":0},{"$f":"IF($C186=\"S\",IF(OR(Import.TipoArredondamento<>\"TransfereGOV\",ACOMPANHAMENTO=\"BM\"),VTOTAL1,SUM(OFFSET(CÁLCULO!$AA$15,ROW($X186)-ROW($X$15),1):OFFSET(CÁLCULO!$AL$15,ROW($X186)-ROW($X$15),-1))),IF($C186=0,0,ROUND(SomaAgrup,15-13*$AF$11)))","v":0},"RA","",{"$f":"IF($C186=\"S\",IF($Z186=\"CP\",$X186,IF($Z186=\"RA\",(($X186)*QCI!$AA$3),0)),SomaAgrup)","v":0},0,{"$f":"IF($N186=\"\",\" \",\nIF(AND($C186<>\"S\",OR($R186=\"\",$R186=\"(digite a descrição aqui)\")),\"DESCRIÇÃO\",\nIF(AND($C186=\"S\",OR($Q186<>\"\",$T186>0,$U186>0),$P186=\"\"),\"FONTE\",\nIF(AND($C186=\"S\",$P186<>\"\",OR($T186>0,$U186>0),$Q186=\"\"),\"CÓDIGO\",\nIF(AND($C186=\"S\",$P186<>\"\",$Q186<>\"\",$R186=\"(Código não identificado nas referências)\"),\"CÓDIGO N/ID\",\nIF(AND($C186=\"S\",OR($R186=\"\",$R186=\"(digite a descrição aqui)\"),OR($Q186<>\"\",$T186>0,$U186>0)),\"DESCRIÇÃO\",\nIF(AND($C186=\"S\",$P186<>\"\",$Q186<>\"\",$S186=\"\"),\"UNIDADE\",\nIF(AND($C186=\"S\",$P186<>\"\",$Q186<>\"\",$U186=0),\"SEM CUSTO\",\nIF(AND(_xlfn.SINGLE(TIPOORCAMENTO)=\"Licitado\",$AL186=0,$AN186>0),\"SEM PREÇO\",\nIF(AND($C186=\"S\",$P186<>\"\",$Q186<>\"\",$U186>0,AND($V186<>\"BDI 1\",$V186<>\"BDI 2\",$V186<>\"BDI 3\")),IF(ISNUMBER($V186),\"JUSTIFICAR BDI\",\"BDI\"),\nIF(OR(AND(import.recurso=\"OGU\",TIPOORCAMENTO=\"Proposto\",LEFT($O$8,5)<>\"(N/D:\",$AG186<>\"\",ORÇAMENTO.CustoUnitario>$AG186),AND(TIPOORCAMENTO=\"LICITADO\",ORÇAMENTO.PrecoUnitarioLicitado>$AN186)),\"ACIMA REF.\",\nIF(AND($C186=\"S\",$P186<>\"\",$Q186<>\"\",$T186=0,$U186>0),\"QUANT.\",\nIF(AND(Import.TipoArredondamento=\"TransfereGOV\",$L186=\"F\",$C186=\"S\",LEN($Q186)>13),\"Código >13\",\nIF(AND(Import.TipoArredondamento=\"TransfereGOV\",$L186=\"F\",$C186<>\"S\",LEN($R186)>100),\"Descrição >100\",\nIF(AND(Import.TipoArredondamento=\"TransfereGOV\",$L186=\"F\",$C186=\"S\",LEN($R186)>500),\"Descrição >500\",\nIF(AND(Import.TipoArredondamento=\"TransfereGOV\",$L186=\"F\",$C186=\"S\",LEFT(TRIM(UPPER($P186)),6)<>\"SINAPI\",ISNA(VLOOKUP(TRIM(UPPER($S186)),ListaTgov.Unidades,1,FALSE))),\"Unid. Não Disp\",\n\" \"))))))))))))))))","v":{"$error":"#NAME?"}},{"$f":"IF(C186<=CRONO.NivelExibicao,MAX($AD$15:OFFSET(AD186,-1,0))+IF($C186<>1,1,MAX(1,COUNTIF(QCI!$A$13:$A$24,OFFSET($E186,-1,0)))),\"\")","v":""},{"$f":"IF(AND($C186=\"S\",ORÇAMENTO.CodBarra<>\"\"),IF(ORÇAMENTO.Fonte=\"\",ORÇAMENTO.CodBarra,CONCATENATE(ORÇAMENTO.Fonte,\" \",ORÇAMENTO.CodBarra)))","v":false},{"$f":"IF(ISERROR(INDIRECT(ORÇAMENTO.BancoRef)),\"(abra o arquivo 'Referência \"&Excel_BuiltIn_Database&\".xlsm)\",IF(OR($C186<>\"S\",ORÇAMENTO.CodBarra=\"\"),\"(Sem Código)\",IF(ISERROR(MATCH($AE186,INDIRECT(ORÇAMENTO.BancoRef),0)),\"(Código não identificado nas referências)\",MATCH($AE186,INDIRECT(ORÇAMENTO.BancoRef),0))))","v":"(Sem Código)"},{"$f":"ROUND(IF(DESONERACAO=\"sim\",REFERENCIA.Desonerado,REFERENCIA.NaoDesonerado),2)","v":0},0.26,null,null,null,null,0,0]
["S",3,"S",0,{"$f":"IF($C187=1,OFFSET(E187,-1,0)+MAX(1,COUNTIF(QCI!$A$13:$A$24,OFFSET(ORÇAMENTO!E187,-1,0))),OFFSET(E187,-1,0))","v":1},2,2,0,10,0,{"$f":"IF(OR($C187=\"S\",$C187=0),0,MATCH(OFFSET($D187,0,$C187)+IF($C187<>1,1,COUNTIF(QCI!$A$13:$A$24,ORÇAMENTO!E187)),OFFSET($D187,1,$C187,ROW($C$270)-ROW($C187)),0))","v":0},"","Serviço","Serviço","-","SINAPI",null,{"$f":"IF($C187=\"S\",REFERENCIA.Descricao,\"(digite a descrição aqui)\")","v":"(Sem Código)"},{"$f":"REFERENCIA.Unidade","v":"-"},{"$f":"OFFSET(CÁLCULO!H$15,ROW($T187)-ROW(T$15),0)","v":0},null,"BDI 1",{"$f":"IF($C187=\"S\",ROUND(IF(TIPOORCAMENTO=\"Proposto\",ORÇAMENTO.CustoUnitario*(1+$AH187),ORÇAMENTO.PrecoUnitarioLicitado),15-13*$AF$10),0)","v":0},{"$f":"IF($C187=\"S\",IF(OR(Import.TipoArredondamento<>\"TransfereGOV\",ACOMPANHAMENTO=\"BM\"),VTOTAL1,SUM(OFFSET(CÁLCULO!$AA$15,ROW($X187)-ROW($X$15),1):OFFSET(CÁLCULO!$AL$15,ROW($X187)-ROW($X$15),-1))),IF($C187=0,0,ROUND(SomaAgrup,15-13*$AF$11)))","v":0},"RA","",{"$f":"IF($C187=\"S\",IF($Z187=\"CP\",$X187,IF($Z187=\"RA\",(($X187)*QCI!$AA$3),0)),SomaAgrup)","v":0},0,{"$f":"IF($N187=\"\",\" \",\nIF(AND($C187<>\"S\",OR($R187=\"\",$R187=\"(digite a descrição aqui)\")),\"DESCRIÇÃO\",\nIF(AND($C187=\"S\",OR($Q187<>\"\",$T187>0,$U187>0),$P187=\"\"),\"FONTE\",\nIF(AND($C187=\"S\",$P187<>\"\",OR($T187>0,$U187>0),$Q187=\"\"),\"CÓDIGO\",\nIF(AND($C187=\"S\",$P187<>\"\",$Q187<>\"\",$R187=\"(Código não identificado nas referências)\"),\"CÓDIGO N/ID\",\nIF(AND($C187=\"S\",OR($R187=\"\",$R187=\"(digite a descrição aqui)\"),OR($Q187<>\"\",$T187>0,$U187>0)),\"DESCRIÇÃO\",\nIF(AND($C187=\"S\",$P187<>\"\",$Q187<>\"\",$S187=\"\"),\"UNIDADE\",\nIF(AND($C187=\"S\",$P187<>\"\",$Q187<>\"\",$U187=0),\"SEM CUSTO\",\nIF(AND(_xlfn.SINGLE(TIPOORCAMENTO)=\"Licitado\",$AL187=0,$AN187>0),\"SEM PREÇO\",\nIF(AND($C187=\"S\",$P187<>\"\",$Q187<>\"\",$U187>0,AND($V187<>\"BDI 1\",$V187<>\"BDI 2\",$V187<>\"BDI 3\")),IF(ISNUMBER($V187),\"JUSTIFICAR BDI\",\"BDI\"),\nIF(OR(AND(import.recurso=\"OGU\",TIPOORCAMENTO=\"Proposto\",LEFT($O$8,5)<>\"(N/D:\",$AG187<>\"\",ORÇAMENTO.CustoUnitario>$AG187),AND(TIPOORCAMENTO=\"LICITADO\",ORÇAMENTO.PrecoUnitarioLicitado>$AN187)),\"ACIMA REF.\",\nIF(AND($C187=\"S\",$P187<>\"\",$Q187<>\"\",$T187=0,$U187>0),\"QUANT.\",\nIF(AND(Import.TipoArredondamento=\"TransfereGOV\",$L187=\"F\",$C187=\"S\",LEN($Q187)>13),\"Código >13\",\nIF(AND(Import.TipoArredondamento=\"TransfereGOV\",$L187=\"F\",$C187<>\"S\",LEN($R187)>100),\"Descrição >100\",\nIF(AND(Import.TipoArredondamento=\"TransfereGOV\",$L187=\"F\",$C187=\"S\",LEN($R187)>500),\"Descrição >500\",\nIF(AND(Import.TipoArredondamento=\"TransfereGOV\",$L187=\"F\",$C187=\"S\",LEFT(TRIM(UPPER($P187)),6)<>\"SINAPI\",ISNA(VLOOKUP(TRIM(UPPER($S187)),ListaTgov.Unidades,1,FALSE))),\"Unid. Não Disp\",\n\" \"))))))))))))))))","v":{"$error":"#NAME?"}},{"$f":"IF(C187<=CRONO.NivelExibicao,MAX($AD$15:OFFSET(AD187,-1,0))+IF($C187<>1,1,MAX(1,COUNTIF(QCI!$A$13:$A$24,OFFSET($E187,-1,0)))),\"\")","v":""},{"$f":"IF(AND($C187=\"S\",ORÇAMENTO.CodBarra<>\"\"),IF(ORÇAMENTO.Fonte=\"\",ORÇAMENTO.CodBarra,CONCATENATE(ORÇAMENTO.Fonte,\" \",ORÇAMENTO.CodBarra)))","v":false},{"$f":"IF(ISERROR(INDIRECT(ORÇAMENTO.BancoRef)),\"(abra o arquivo 'Referência \"&Excel_BuiltIn_Database&\".xlsm)\",IF(OR($C187<>\"S\",ORÇAMENTO.CodBarra=\"\"),\"(Sem Código)\",IF(ISERROR(MATCH($AE187,INDIRECT(ORÇAMENTO.BancoRef),0)),\"(Código não identificado nas referências)\",MATCH($AE187,INDIRECT(ORÇAMENTO.BancoRef),0))))","v":"(Sem Código)"},{"$f":"ROUND(IF(DESONERACAO=\"sim\",REFERENCIA.Desonerado,REFERENCIA.NaoDesonerado),2)","v":0},0.26,null,null,null,null,0,0]
["S",3,"S",0,{"$f":"IF($C188=1,OFFSET(E188,-1,0)+MAX(1,COUNTIF(QCI!$A$13:$A$24,OFFSET(ORÇAMENTO!E188,-1,0))),OFFSET(E188,-1,0))","v":1},2,2,0,10,0,{"$f":"IF(OR($C188=\"S\",$C188=0),0,MATCH(OFFSET($D188,0,$C188)+IF($C188<>1,1,COUNTIF(QCI!$A$13:$A$24,ORÇAMENTO!E188)),OFFSET($D188,1,$C188,ROW($C$270)-ROW($C188)),0))","v":0},"","Serviço","Serviço","-","SINAPI",null,{"$f":"IF($C188=\"S\",REFERENCIA.Descricao,\"(digite a descrição aqui)\")","v":"(Sem Código)"},{"$f":"REFERENCIA.Unidade","v":"-"},{"$f":"OFFSET(CÁLCULO!H$15,ROW($T188)-ROW(T$15),0)","v":0},null,"BDI 1",{"$f":"IF($C188=\"S\",ROUND(IF(TIPOORCAMENTO=\"Proposto\",ORÇAMENTO.CustoUnitario*(1+$AH188),ORÇAMENTO.PrecoUnitarioLicitado),15-13*$AF$10),0)","v":0},{"$f":"IF($C188=\"S\",IF(OR(Import.TipoArredondamento<>\"TransfereGOV\",ACOMPANHAMENTO=\"BM\"),VTOTAL1,SUM(OFFSET(CÁLCULO!$AA$15,ROW($X188)-ROW($X$15),1):OFFSET(CÁLCULO!$AL$15,ROW($X188)-ROW($X$15),-1))),IF($C188=0,0,ROUND(SomaAgrup,15-13*$AF$11)))","v":0},"RA","",{"$f":"IF($C188=\"S\",IF($Z188=\"CP\",$X188,IF($Z188=\"RA\",(($X188)*QCI!$AA$3),0)),SomaAgrup)","v":0},0,{"$f":"IF($N188=\"\",\" \",\nIF(AND($C188<>\"S\",OR($R188=\"\",$R188=\"(digite a descrição aqui)\")),\"DESCRIÇÃO\",\nIF(AND($C188=\"S\",OR($Q188<>\"\",$T188>0,$U188>0),$P188=\"\"),\"FONTE\",\nIF(AND($C188=\"S\",$P188<>\"\",OR($T188>0,$U188>0),$Q188=\"\"),\"CÓDIGO\",\nIF(AND($C188=\"S\",$P188<>\"\",$Q188<>\"\",$R188=\"(Código não identificado nas referências)\"),\"CÓDIGO N/ID\",\nIF(AND($C188=\"S\",OR($R188=\"\",$R188=\"(digite a descrição aqui)\"),OR($Q188<>\"\",$T188>0,$U188>0)),\"DESCRIÇÃO\",\nIF(AND($C188=\"S\",$P188<>\"\",$Q188<>\"\",$S188=\"\"),\"UNIDADE\",\nIF(AND($C188=\"S\",$P188<>\"\",$Q188<>\"\",$U188=0),\"SEM CUSTO\",\nIF(AND(_xlfn.SINGLE(TIPOORCAMENTO)=\"Licitado\",$AL188=0,$AN188>0),\"SEM PREÇO\",\nIF(AND($C188=\"S\",$P188<>\"\",$Q188<>\"\",$U188>0,AND($V188<>\"BDI 1\",$V188<>\"BDI 2\",$V188<>\"BDI 3\")),IF(ISNUMBER($V188),\"JUSTIFICAR BDI\",\"BDI\"),\nIF(OR(AND(import.recurso=\"OGU\",TIPOORCAMENTO=\"Proposto\",LEFT($O$8,5)<>\"(N/D:\",$AG188<>\"\",ORÇAMENTO.CustoUnitario>$AG188),AND(TIPOORCAMENTO=\"LICITADO\",ORÇAMENTO.PrecoUnitarioLicitado>$AN188)),\"ACIMA REF.\",\nIF(AND($C188=\"S\",$P188<>\"\",$Q188<>\"\",$T188=0,$U188>0),\"QUANT.\",\nIF(AND(Import.TipoArredondamento=\"TransfereGOV\",$L188=\"F\",$C188=\"S\",LEN($Q188)>13),\"Código >13\",\nIF(AND(Import.TipoArredondamento=\"TransfereGOV\",$L188=\"F\",$C188<>\"S\",LEN($R188)>100),\"Descrição >100\",\nIF(AND(Import.TipoArredondamento=\"TransfereGOV\",$L188=\"F\",$C188=\"S\",LEN($R188)>500),\"Descrição >500\",\nIF(AND(Import.TipoArredondamento=\"TransfereGOV\",$L188=\"F\",$C188=\"S\",LEFT(TRIM(UPPER($P188)),6)<>\"SINAPI\",ISNA(VLOOKUP(TRIM(UPPER($S188)),ListaTgov.Unidades,1,FALSE))),\"Unid. Não Disp\",\n\" \"))))))))))))))))","v":{"$error":"#NAME?"}},{"$f":"IF(C188<=CRONO.NivelExibicao,MAX($AD$15:OFFSET(AD188,-1,0))+IF($C188<>1,1,MAX(1,COUNTIF(QCI!$A$13:$A$24,OFFSET($E188,-1,0)))),\"\")","v":""},{"$f":"IF(AND($C188=\"S\",ORÇAMENTO.CodBarra<>\"\"),IF(ORÇAMENTO.Fonte=\"\",ORÇAMENTO.CodBarra,CONCATENATE(ORÇAMENTO.Fonte,\" \",ORÇAMENTO.CodBarra)))","v":false},{"$f":"IF(ISERROR(INDIRECT(ORÇAMENTO.BancoRef)),\"(abra o arquivo 'Referência \"&Excel_BuiltIn_Database&\".xlsm)\",IF(OR($C188<>\"S\",ORÇAMENTO.CodBarra=\"\"),\"(Sem Código)\",IF(ISERROR(MATCH($AE188,INDIRECT(ORÇAMENTO.BancoRef),0)),\"(Código não identificado nas referências)\",MATCH($AE188,INDIRECT(ORÇAMENTO.BancoRef),0))))","v":"(Sem Código)"},{"$f":"ROUND(IF(DESONERACAO=\"sim\",REFERENCIA.Desonerado,REFERENCIA.NaoDesonerado),2)","v":0},0.26,null,null,null,null,0,0]
["S",3,"S",0,{"$f":"IF($C189=1,OFFSET(E189,-1,0)+MAX(1,COUNTIF(QCI!$A$13:$A$24,OFFSET(ORÇAMENTO!E189,-1,0))),OFFSET(E189,-1,0))","v":1},2,2,0,10,0,{"$f":"IF(OR($C189=\"S\",$C189=0),0,MATCH(OFFSET($D189,0,$C189)+IF($C189<>1,1,COUNTIF(QCI!$A$13:$A$24,ORÇAMENTO!E189)),OFFSET($D189,1,$C189,ROW($C$270)-ROW($C189)),0))","v":0},"","Serviço","Serviço","-","SINAPI",null,{"$f":"IF($C189=\"S\",REFERENCIA.Descricao,\"(digite a descrição aqui)\")","v":"(Sem Código)"},{"$f":"REFERENCIA.Unidade","v":"-"},{"$f":"OFFSET(CÁLCULO!H$15,ROW($T189)-ROW(T$15),0)","v":0},null,"BDI 1",{"$f":"IF($C189=\"S\",ROUND(IF(TIPOORCAMENTO=\"Proposto\",ORÇAMENTO.CustoUnitario*(1+$AH189),ORÇAMENTO.PrecoUnitarioLicitado),15-13*$AF$10),0)","v":0},{"$f":"IF($C189=\"S\",IF(OR(Import.TipoArredondamento<>\"TransfereGOV\",ACOMPANHAMENTO=\"BM\"),VTOTAL1,SUM(OFFSET(CÁLCULO!$AA$15,ROW($X189)-ROW($X$15),1):OFFSET(CÁLCULO!$AL$15,ROW($X189)-ROW($X$15),-1))),IF($C189=0,0,ROUND(SomaAgrup,15-13*$AF$11)))","v":0},"RA","",{"$f":"IF($C189=\"S\",IF($Z189=\"CP\",$X189,IF($Z189=\"RA\",(($X189)*QCI!$AA$3),0)),SomaAgrup)","v":0},0,{"$f":"IF($N189=\"\",\" \",\nIF(AND($C189<>\"S\",OR($R189=\"\",$R189=\"(digite a descrição aqui)\")),\"DESCRIÇÃO\",\nIF(AND($C189=\"S\",OR($Q189<>\"\",$T189>0,$U189>0),$P189=\"\"),\"FONTE\",\nIF(AND($C189=\"S\",$P189<>\"\",OR($T189>0,$U189>0),$Q189=\"\"),\"CÓDIGO\",\nIF(AND($C189=\"S\",$P189<>\"\",$Q189<>\"\",$R189=\"(Código não identificado nas referências)\"),\"CÓDIGO N/ID\",\nIF(AND($C189=\"S\",OR($R189=\"\",$R189=\"(digite a descrição aqui)\"),OR($Q189<>\"\",$T189>0,$U189>0)),\"DESCRIÇÃO\",\nIF(AND($C189=\"S\",$P189<>\"\",$Q189<>\"\",$S189=\"\"),\"UNIDADE\",\nIF(AND($C189=\"S\",$P189<>\"\",$Q189<>\"\",$U189=0),\"SEM CUSTO\",\nIF(AND(_xlfn.SINGLE(TIPOORCAMENTO)=\"Licitado\",$AL189=0,$AN189>0),\"SEM PREÇO\",\nIF(AND($C189=\"S\",$P189<>\"\",$Q189<>\"\",$U189>0,AND($V189<>\"BDI 1\",$V189<>\"BDI 2\",$V189<>\"BDI 3\")),IF(ISNUMBER($V189),\"JUSTIFICAR BDI\",\"BDI\"),\nIF(OR(AND(import.recurso=\"OGU\",TIPOORCAMENTO=\"Proposto\",LEFT($O$8,5)<>\"(N/D:\",$AG189<>\"\",ORÇAMENTO.CustoUnitario>$AG189),AND(TIPOORCAMENTO=\"LICITADO\",ORÇAMENTO.PrecoUnitarioLicitado>$AN189)),\"ACIMA REF.\",\nIF(AND($C189=\"S\",$P189<>\"\",$Q189<>\"\",$T189=0,$U189>0),\"QUANT.\",\nIF(AND(Import.TipoArredondamento=\"TransfereGOV\",$L189=\"F\",$C189=\"S\",LEN($Q189)>13),\"Código >13\",\nIF(AND(Import.TipoArredondamento=\"TransfereGOV\",$L189=\"F\",$C189<>\"S\",LEN($R189)>100),\"Descrição >100\",\nIF(AND(Import.TipoArredondamento=\"TransfereGOV\",$L189=\"F\",$C189=\"S\",LEN($R189)>500),\"Descrição >500\",\nIF(AND(Import.TipoArredondamento=\"TransfereGOV\",$L189=\"F\",$C189=\"S\",LEFT(TRIM(UPPER($P189)),6)<>\"SINAPI\",ISNA(VLOOKUP(TRIM(UPPER($S189)),ListaTgov.Unidades,1,FALSE))),\"Unid. Não Disp\",\n\" \"))))))))))))))))","v":{"$error":"#NAME?"}},{"$f":"IF(C189<=CRONO.NivelExibicao,MAX($AD$15:OFFSET(AD189,-1,0))+IF($C189<>1,1,MAX(1,COUNTIF(QCI!$A$13:$A$24,OFFSET($E189,-1,0)))),\"\")","v":""},{"$f":"IF(AND($C189=\"S\",ORÇAMENTO.CodBarra<>\"\"),IF(ORÇAMENTO.Fonte=\"\",ORÇAMENTO.CodBarra,CONCATENATE(ORÇAMENTO.Fonte,\" \",ORÇAMENTO.CodBarra)))","v":false},{"$f":"IF(ISERROR(INDIRECT(ORÇAMENTO.BancoRef)),\"(abra o arquivo 'Referência \"&Excel_BuiltIn_Database&\".xlsm)\",IF(OR($C189<>\"S\",ORÇAMENTO.CodBarra=\"\"),\"(Sem Código)\",IF(ISERROR(MATCH($AE189,INDIRECT(ORÇAMENTO.BancoRef),0)),\"(Código não identificado nas referências)\",MATCH($AE189,INDIRECT(ORÇAMENTO.BancoRef),0))))","v":"(Sem Código)"},{"$f":"ROUND(IF(DESONERACAO=\"sim\",REFERENCIA.Desonerado,REFERENCIA.NaoDesonerado),2)","v":0},0.26,null,null,null,null,0,0]
["S",3,"S",0,{"$f":"IF($C190=1,OFFSET(E190,-1,0)+MAX(1,COUNTIF(QCI!$A$13:$A$24,OFFSET(ORÇAMENTO!E190,-1,0))),OFFSET(E190,-1,0))","v":1},2,2,0,10,0,{"$f":"IF(OR($C190=\"S\",$C190=0),0,MATCH(OFFSET($D190,0,$C190)+IF($C190<>1,1,COUNTIF(QCI!$A$13:$A$24,ORÇAMENTO!E190)),OFFSET($D190,1,$C190,ROW($C$270)-ROW($C190)),0))","v":0},"","Serviço","Serviço","-","SINAPI",null,{"$f":"IF($C190=\"S\",REFERENCIA.Descricao,\"(digite a descrição aqui)\")","v":"(Sem Código)"},{"$f":"REFERENCIA.Unidade","v":"-"},{"$f":"OFFSET(CÁLCULO!H$15,ROW($T190)-ROW(T$15),0)","v":0},null,"BDI 1",{"$f":"IF($C190=\"S\",ROUND(IF(TIPOORCAMENTO=\"Proposto\",ORÇAMENTO.CustoUnitario*(1+$AH190),ORÇAMENTO.PrecoUnitarioLicitado),15-13*$AF$10),0)","v":0},{"$f":"IF($C190=\"S\",IF(OR(Import.TipoArredondamento<>\"TransfereGOV\",ACOMPANHAMENTO=\"BM\"),VTOTAL1,SUM(OFFSET(CÁLCULO!$AA$15,ROW($X190)-ROW($X$15),1):OFFSET(CÁLCULO!$AL$15,ROW($X190)-ROW($X$15),-1))),IF($C190=0,0,ROUND(SomaAgrup,15-13*$AF$11)))","v":0},"RA","",{"$f":"IF($C190=\"S\",IF($Z190=\"CP\",$X190,IF($Z190=\"RA\",(($X190)*QCI!$AA$3),0)),SomaAgrup)","v":0},0,{"$f":"IF($N190=\"\",\" \",\nIF(AND($C190<>\"S\",OR($R190=\"\",$R190=\"(digite a descrição aqui)\")),\"DESCRIÇÃO\",\nIF(AND($C190=\"S\",OR($Q190<>\"\",$T190>0,$U190>0),$P190=\"\"),\"FONTE\",\nIF(AND($C190=\"S\",$P190<>\"\",OR($T190>0,$U190>0),$Q190=\"\"),\"CÓDIGO\",\nIF(AND($C190=\"S\",$P190<>\"\",$Q190<>\"\",$R190=\"(Código não identificado nas referências)\"),\"CÓDIGO N/ID\",\nIF(AND($C190=\"S\",OR($R190=\"\",$R190=\"(digite a descrição aqui)\"),OR($Q190<>\"\",$T190>0,$U190>0)),\"DESCRIÇÃO\",\nIF(AND($C190=\"S\",$P190<>\"\",$Q190<>\"\",$S190=\"\"),\"UNIDADE\",\nIF(AND($C190=\"S\",$P190<>\"\",$Q190<>\"\",$U190=0),\"SEM CUSTO\",\nIF(AND(_xlfn.SINGLE(TIPOORCAMENTO)=\"Licitado\",$AL190=0,$AN190>0),\"SEM PREÇO\",\nIF(AND($C190=\"S\",$P190<>\"\",$Q190<>\"\",$U190>0,AND($V190<>\"BDI 1\",$V190<>\"BDI 2\",$V190<>\"BDI 3\")),IF(ISNUMBER($V190),\"JUSTIFICAR BDI\",\"BDI\"),\nIF(OR(AND(import.recurso=\"OGU\",TIPOORCAMENTO=\"Proposto\",LEFT($O$8,5)<>\"(N/D:\",$AG190<>\"\",ORÇAMENTO.CustoUnitario>$AG190),AND(TIPOORCAMENTO=\"LICITADO\",ORÇAMENTO.PrecoUnitarioLicitado>$AN190)),\"ACIMA REF.\",\nIF(AND($C190=\"S\",$P190<>\"\",$Q190<>\"\",$T190=0,$U190>0),\"QUANT.\",\nIF(AND(Import.TipoArredondamento=\"TransfereGOV\",$L190=\"F\",$C190=\"S\",LEN($Q190)>13),\"Código >13\",\nIF(AND(Import.TipoArredondamento=\"TransfereGOV\",$L190=\"F\",$C190<>\"S\",LEN($R190)>100),\"Descrição >100\",\nIF(AND(Import.TipoArredondamento=\"TransfereGOV\",$L190=\"F\",$C190=\"S\",LEN($R190)>500),\"Descrição >500\",\nIF(AND(Import.TipoArredondamento=\"TransfereGOV\",$L190=\"F\",$C190=\"S\",LEFT(TRIM(UPPER($P190)),6)<>\"SINAPI\",ISNA(VLOOKUP(TRIM(UPPER($S190)),ListaTgov.Unidades,1,FALSE))),\"Unid. Não Disp\",\n\" \"))))))))))))))))","v":{"$error":"#NAME?"}},{"$f":"IF(C190<=CRONO.NivelExibicao,MAX($AD$15:OFFSET(AD190,-1,0))+IF($C190<>1,1,MAX(1,COUNTIF(QCI!$A$13:$A$24,OFFSET($E190,-1,0)))),\"\")","v":""},{"$f":"IF(AND($C190=\"S\",ORÇAMENTO.CodBarra<>\"\"),IF(ORÇAMENTO.Fonte=\"\",ORÇAMENTO.CodBarra,CONCATENATE(ORÇAMENTO.Fonte,\" \",ORÇAMENTO.CodBarra)))","v":false},{"$f":"IF(ISERROR(INDIRECT(ORÇAMENTO.BancoRef)),\"(abra o arquivo 'Referência \"&Excel_BuiltIn_Database&\".xlsm)\",IF(OR($C190<>\"S\",ORÇAMENTO.CodBarra=\"\"),\"(Sem Código)\",IF(ISERROR(MATCH($AE190,INDIRECT(ORÇAMENTO.BancoRef),0)),\"(Código não identificado nas referências)\",MATCH($AE190,INDIRECT(ORÇAMENTO.BancoRef),0))))","v":"(Sem Código)"},{"$f":"ROUND(IF(DESONERACAO=\"sim\",REFERENCIA.Desonerado,REFERENCIA.NaoDesonerado),2)","v":0},0.26,null,null,null,null,0,0]
["S",3,"S",0,{"$f":"IF($C191=1,OFFSET(E191,-1,0)+MAX(1,COUNTIF(QCI!$A$13:$A$24,OFFSET(ORÇAMENTO!E191,-1,0))),OFFSET(E191,-1,0))","v":1},2,2,0,10,0,{"$f":"IF(OR($C191=\"S\",$C191=0),0,MATCH(OFFSET($D191,0,$C191)+IF($C191<>1,1,COUNTIF(QCI!$A$13:$A$24,ORÇAMENTO!E191)),OFFSET($D191,1,$C191,ROW($C$270)-ROW($C191)),0))","v":0},"","Serviço","Serviço","-","SINAPI",null,{"$f":"IF($C191=\"S\",REFERENCIA.Descricao,\"(digite a descrição aqui)\")","v":"(Sem Código)"},{"$f":"REFERENCIA.Unidade","v":"-"},{"$f":"OFFSET(CÁLCULO!H$15,ROW($T191)-ROW(T$15),0)","v":0},null,"BDI 1",{"$f":"IF($C191=\"S\",ROUND(IF(TIPOORCAMENTO=\"Proposto\",ORÇAMENTO.CustoUnitario*(1+$AH191),ORÇAMENTO.PrecoUnitarioLicitado),15-13*$AF$10),0)","v":0},{"$f":"IF($C191=\"S\",IF(OR(Import.TipoArredondamento<>\"TransfereGOV\",ACOMPANHAMENTO=\"BM\"),VTOTAL1,SUM(OFFSET(CÁLCULO!$AA$15,ROW($X191)-ROW($X$15),1):OFFSET(CÁLCULO!$AL$15,ROW($X191)-ROW($X$15),-1))),IF($C191=0,0,ROUND(SomaAgrup,15-13*$AF$11)))","v":0},"RA","",{"$f":"IF($C191=\"S\",IF($Z191=\"CP\",$X191,IF($Z191=\"RA\",(($X191)*QCI!$AA$3),0)),SomaAgrup)","v":0},0,{"$f":"IF($N191=\"\",\" \",\nIF(AND($C191<>\"S\",OR($R191=\"\",$R191=\"(digite a descrição aqui)\")),\"DESCRIÇÃO\",\nIF(AND($C191=\"S\",OR($Q191<>\"\",$T191>0,$U191>0),$P191=\"\"),\"FONTE\",\nIF(AND($C191=\"S\",$P191<>\"\",OR($T191>0,$U191>0),$Q191=\"\"),\"CÓDIGO\",\nIF(AND($C191=\"S\",$P191<>\"\",$Q191<>\"\",$R191=\"(Código não identificado nas referências)\"),\"CÓDIGO N/ID\",\nIF(AND($C191=\"S\",OR($R191=\"\",$R191=\"(digite a descrição aqui)\"),OR($Q191<>\"\",$T191>0,$U191>0)),\"DESCRIÇÃO\",\nIF(AND($C191=\"S\",$P191<>\"\",$Q191<>\"\",$S191=\"\"),\"UNIDADE\",\nIF(AND($C191=\"S\",$P191<>\"\",$Q191<>\"\",$U191=0),\"SEM CUSTO\",\nIF(AND(_xlfn.SINGLE(TIPOORCAMENTO)=\"Licitado\",$AL191=0,$AN191>0),\"SEM PREÇO\",\nIF(AND($C191=\"S\",$P191<>\"\",$Q191<>\"\",$U191>0,AND($V191<>\"BDI 1\",$V191<>\"BDI 2\",$V191<>\"BDI 3\")),IF(ISNUMBER($V191),\"JUSTIFICAR BDI\",\"BDI\"),\nIF(OR(AND(import.recurso=\"OGU\",TIPOORCAMENTO=\"Proposto\",LEFT($O$8,5)<>\"(N/D:\",$AG191<>\"\",ORÇAMENTO.CustoUnitario>$AG191),AND(TIPOORCAMENTO=\"LICITADO\",ORÇAMENTO.PrecoUnitarioLicitado>$AN191)),\"ACIMA REF.\",\nIF(AND($C191=\"S\",$P191<>\"\",$Q191<>\"\",$T191=0,$U191>0),\"QUANT.\",\nIF(AND(Import.TipoArredondamento=\"TransfereGOV\",$L191=\"F\",$C191=\"S\",LEN($Q191)>13),\"Código >13\",\nIF(AND(Import.TipoArredondamento=\"TransfereGOV\",$L191=\"F\",$C191<>\"S\",LEN($R191)>100),\"Descrição >100\",\nIF(AND(Import.TipoArredondamento=\"TransfereGOV\",$L191=\"F\",$C191=\"S\",LEN($R191)>500),\"Descrição >500\",\nIF(AND(Import.TipoArredondamento=\"TransfereGOV\",$L191=\"F\",$C191=\"S\",LEFT(TRIM(UPPER($P191)),6)<>\"SINAPI\",ISNA(VLOOKUP(TRIM(UPPER($S191)),ListaTgov.Unidades,1,FALSE))),\"Unid. Não Disp\",\n\" \"))))))))))))))))","v":{"$error":"#NAME?"}},{"$f":"IF(C191<=CRONO.NivelExibicao,MAX($AD$15:OFFSET(AD191,-1,0))+IF($C191<>1,1,MAX(1,COUNTIF(QCI!$A$13:$A$24,OFFSET($E191,-1,0)))),\"\")","v":""},{"$f":"IF(AND($C191=\"S\",ORÇAMENTO.CodBarra<>\"\"),IF(ORÇAMENTO.Fonte=\"\",ORÇAMENTO.CodBarra,CONCATENATE(ORÇAMENTO.Fonte,\" \",ORÇAMENTO.CodBarra)))","v":false},{"$f":"IF(ISERROR(INDIRECT(ORÇAMENTO.BancoRef)),\"(abra o arquivo 'Referência \"&Excel_BuiltIn_Database&\".xlsm)\",IF(OR($C191<>\"S\",ORÇAMENTO.CodBarra=\"\"),\"(Sem Código)\",IF(ISERROR(MATCH($AE191,INDIRECT(ORÇAMENTO.BancoRef),0)),\"(Código não identificado nas referências)\",MATCH($AE191,INDIRECT(ORÇAMENTO.BancoRef),0))))","v":"(Sem Código)"},{"$f":"ROUND(IF(DESONERACAO=\"sim\",REFERENCIA.Desonerado,REFERENCIA.NaoDesonerado),2)","v":0},0.26,null,null,null,null,0,0]
["S",3,"S",0,{"$f":"IF($C192=1,OFFSET(E192,-1,0)+MAX(1,COUNTIF(QCI!$A$13:$A$24,OFFSET(ORÇAMENTO!E192,-1,0))),OFFSET(E192,-1,0))","v":1},2,2,0,10,0,{"$f":"IF(OR($C192=\"S\",$C192=0),0,MATCH(OFFSET($D192,0,$C192)+IF($C192<>1,1,COUNTIF(QCI!$A$13:$A$24,ORÇAMENTO!E192)),OFFSET($D192,1,$C192,ROW($C$270)-ROW($C192)),0))","v":0},"","Serviço","Serviço","-","SINAPI",null,{"$f":"IF($C192=\"S\",REFERENCIA.Descricao,\"(digite a descrição aqui)\")","v":"(Sem Código)"},{"$f":"REFERENCIA.Unidade","v":"-"},{"$f":"OFFSET(CÁLCULO!H$15,ROW($T192)-ROW(T$15),0)","v":0},null,"BDI 1",{"$f":"IF($C192=\"S\",ROUND(IF(TIPOORCAMENTO=\"Proposto\",ORÇAMENTO.CustoUnitario*(1+$AH192),ORÇAMENTO.PrecoUnitarioLicitado),15-13*$AF$10),0)","v":0},{"$f":"IF($C192=\"S\",IF(OR(Import.TipoArredondamento<>\"TransfereGOV\",ACOMPANHAMENTO=\"BM\"),VTOTAL1,SUM(OFFSET(CÁLCULO!$AA$15,ROW($X192)-ROW($X$15),1):OFFSET(CÁLCULO!$AL$15,ROW($X192)-ROW($X$15),-1))),IF($C192=0,0,ROUND(SomaAgrup,15-13*$AF$11)))","v":0},"RA","",{"$f":"IF($C192=\"S\",IF($Z192=\"CP\",$X192,IF($Z192=\"RA\",(($X192)*QCI!$AA$3),0)),SomaAgrup)","v":0},0,{"$f":"IF($N192=\"\",\" \",\nIF(AND($C192<>\"S\",OR($R192=\"\",$R192=\"(digite a descrição aqui)\")),\"DESCRIÇÃO\",\nIF(AND($C192=\"S\",OR($Q192<>\"\",$T192>0,$U192>0),$P192=\"\"),\"FONTE\",\nIF(AND($C192=\"S\",$P192<>\"\",OR($T192>0,$U192>0),$Q192=\"\"),\"CÓDIGO\",\nIF(AND($C192=\"S\",$P192<>\"\",$Q192<>\"\",$R192=\"(Código não identificado nas referências)\"),\"CÓDIGO N/ID\",\nIF(AND($C192=\"S\",OR($R192=\"\",$R192=\"(digite a descrição aqui)\"),OR($Q192<>\"\",$T192>0,$U192>0)),\"DESCRIÇÃO\",\nIF(AND($C192=\"S\",$P192<>\"\",$Q192<>\"\",$S192=\"\"),\"UNIDADE\",\nIF(AND($C192=\"S\",$P192<>\"\",$Q192<>\"\",$U192=0),\"SEM CUSTO\",\nIF(AND(_xlfn.SINGLE(TIPOORCAMENTO)=\"Licitado\",$AL192=0,$AN192>0),\"SEM PREÇO\",\nIF(AND($C192=\"S\",$P192<>\"\",$Q192<>\"\",$U192>0,AND($V192<>\"BDI 1\",$V192<>\"BDI 2\",$V192<>\"BDI 3\")),IF(ISNUMBER($V192),\"JUSTIFICAR BDI\",\"BDI\"),\nIF(OR(AND(import.recurso=\"OGU\",TIPOORCAMENTO=\"Proposto\",LEFT($O$8,5)<>\"(N/D:\",$AG192<>\"\",ORÇAMENTO.CustoUnitario>$AG192),AND(TIPOORCAMENTO=\"LICITADO\",ORÇAMENTO.PrecoUnitarioLicitado>$AN192)),\"ACIMA REF.\",\nIF(AND($C192=\"S\",$P192<>\"\",$Q192<>\"\",$T192=0,$U192>0),\"QUANT.\",\nIF(AND(Import.TipoArredondamento=\"TransfereGOV\",$L192=\"F\",$C192=\"S\",LEN($Q192)>13),\"Código >13\",\nIF(AND(Import.TipoArredondamento=\"TransfereGOV\",$L192=\"F\",$C192<>\"S\",LEN($R192)>100),\"Descrição >100\",\nIF(AND(Import.TipoArredondamento=\"TransfereGOV\",$L192=\"F\",$C192=\"S\",LEN($R192)>500),\"Descrição >500\",\nIF(AND(Import.TipoArredondamento=\"TransfereGOV\",$L192=\"F\",$C192=\"S\",LEFT(TRIM(UPPER($P192)),6)<>\"SINAPI\",ISNA(VLOOKUP(TRIM(UPPER($S192)),ListaTgov.Unidades,1,FALSE))),\"Unid. Não Disp\",\n\" \"))))))))))))))))","v":{"$error":"#NAME?"}},{"$f":"IF(C192<=CRONO.NivelExibicao,MAX($AD$15:OFFSET(AD192,-1,0))+IF($C192<>1,1,MAX(1,COUNTIF(QCI!$A$13:$A$24,OFFSET($E192,-1,0)))),\"\")","v":""},{"$f":"IF(AND($C192=\"S\",ORÇAMENTO.CodBarra<>\"\"),IF(ORÇAMENTO.Fonte=\"\",ORÇAMENTO.CodBarra,CONCATENATE(ORÇAMENTO.Fonte,\" \",ORÇAMENTO.CodBarra)))","v":false},{"$f":"IF(ISERROR(INDIRECT(ORÇAMENTO.BancoRef)),\"(abra o arquivo 'Referência \"&Excel_BuiltIn_Database&\".xlsm)\",IF(OR($C192<>\"S\",ORÇAMENTO.CodBarra=\"\"),\"(Sem Código)\",IF(ISERROR(MATCH($AE192,INDIRECT(ORÇAMENTO.BancoRef),0)),\"(Código não identificado nas referências)\",MATCH($AE192,INDIRECT(ORÇAMENTO.BancoRef),0))))","v":"(Sem Código)"},{"$f":"ROUND(IF(DESONERACAO=\"sim\",REFERENCIA.Desonerado,REFERENCIA.NaoDesonerado),2)","v":0},0.26,null,null,null,null,0,0]
["S",3,"S",0,{"$f":"IF($C193=1,OFFSET(E193,-1,0)+MAX(1,COUNTIF(QCI!$A$13:$A$24,OFFSET(ORÇAMENTO!E193,-1,0))),OFFSET(E193,-1,0))","v":1},2,2,0,10,0,{"$f":"IF(OR($C193=\"S\",$C193=0),0,MATCH(OFFSET($D193,0,$C193)+IF($C193<>1,1,COUNTIF(QCI!$A$13:$A$24,ORÇAMENTO!E193)),OFFSET($D193,1,$C193,ROW($C$270)-ROW($C193)),0))","v":0},"","Serviço","Serviço","-","SINAPI",null,{"$f":"IF($C193=\"S\",REFERENCIA.Descricao,\"(digite a descrição aqui)\")","v":"(Sem Código)"},{"$f":"REFERENCIA.Unidade","v":"-"},{"$f":"OFFSET(CÁLCULO!H$15,ROW($T193)-ROW(T$15),0)","v":0},null,"BDI 1",{"$f":"IF($C193=\"S\",ROUND(IF(TIPOORCAMENTO=\"Proposto\",ORÇAMENTO.CustoUnitario*(1+$AH193),ORÇAMENTO.PrecoUnitarioLicitado),15-13*$AF$10),0)","v":0},{"$f":"IF($C193=\"S\",IF(OR(Import.TipoArredondamento<>\"TransfereGOV\",ACOMPANHAMENTO=\"BM\"),VTOTAL1,SUM(OFFSET(CÁLCULO!$AA$15,ROW($X193)-ROW($X$15),1):OFFSET(CÁLCULO!$AL$15,ROW($X193)-ROW($X$15),-1))),IF($C193=0,0,ROUND(SomaAgrup,15-13*$AF$11)))","v":0},"RA","",{"$f":"IF($C193=\"S\",IF($Z193=\"CP\",$X193,IF($Z193=\"RA\",(($X193)*QCI!$AA$3),0)),SomaAgrup)","v":0},0,{"$f":"IF($N193=\"\",\" \",\nIF(AND($C193<>\"S\",OR($R193=\"\",$R193=\"(digite a descrição aqui)\")),\"DESCRIÇÃO\",\nIF(AND($C193=\"S\",OR($Q193<>\"\",$T193>0,$U193>0),$P193=\"\"),\"FONTE\",\nIF(AND($C193=\"S\",$P193<>\"\",OR($T193>0,$U193>0),$Q193=\"\"),\"CÓDIGO\",\nIF(AND($C193=\"S\",$P193<>\"\",$Q193<>\"\",$R193=\"(Código não identificado nas referências)\"),\"CÓDIGO N/ID\",\nIF(AND($C193=\"S\",OR($R193=\"\",$R193=\"(digite a descrição aqui)\"),OR($Q193<>\"\",$T193>0,$U193>0)),\"DESCRIÇÃO\",\nIF(AND($C193=\"S\",$P193<>\"\",$Q193<>\"\",$S193=\"\"),\"UNIDADE\",\nIF(AND($C193=\"S\",$P193<>\"\",$Q193<>\"\",$U193=0),\"SEM CUSTO\",\nIF(AND(_xlfn.SINGLE(TIPOORCAMENTO)=\"Licitado\",$AL193=0,$AN193>0),\"SEM PREÇO\",\nIF(AND($C193=\"S\",$P193<>\"\",$Q193<>\"\",$U193>0,AND($V193<>\"BDI 1\",$V193<>\"BDI 2\",$V193<>\"BDI 3\")),IF(ISNUMBER($V193),\"JUSTIFICAR BDI\",\"BDI\"),\nIF(OR(AND(import.recurso=\"OGU\",TIPOORCAMENTO=\"Proposto\",LEFT($O$8,5)<>\"(N/D:\",$AG193<>\"\",ORÇAMENTO.CustoUnitario>$AG193),AND(TIPOORCAMENTO=\"LICITADO\",ORÇAMENTO.PrecoUnitarioLicitado>$AN193)),\"ACIMA REF.\",\nIF(AND($C193=\"S\",$P193<>\"\",$Q193<>\"\",$T193=0,$U193>0),\"QUANT.\",\nIF(AND(Import.TipoArredondamento=\"TransfereGOV\",$L193=\"F\",$C193=\"S\",LEN($Q193)>13),\"Código >13\",\nIF(AND(Import.TipoArredondamento=\"TransfereGOV\",$L193=\"F\",$C193<>\"S\",LEN($R193)>100),\"Descrição >100\",\nIF(AND(Import.TipoArredondamento=\"TransfereGOV\",$L193=\"F\",$C193=\"S\",LEN($R193)>500),\"Descrição >500\",\nIF(AND(Import.TipoArredondamento=\"TransfereGOV\",$L193=\"F\",$C193=\"S\",LEFT(TRIM(UPPER($P193)),6)<>\"SINAPI\",ISNA(VLOOKUP(TRIM(UPPER($S193)),ListaTgov.Unidades,1,FALSE))),\"Unid. Não Disp\",\n\" \"))))))))))))))))","v":{"$error":"#NAME?"}},{"$f":"IF(C193<=CRONO.NivelExibicao,MAX($AD$15:OFFSET(AD193,-1,0))+IF($C193<>1,1,MAX(1,COUNTIF(QCI!$A$13:$A$24,OFFSET($E193,-1,0)))),\"\")","v":""},{"$f":"IF(AND($C193=\"S\",ORÇAMENTO.CodBarra<>\"\"),IF(ORÇAMENTO.Fonte=\"\",ORÇAMENTO.CodBarra,CONCATENATE(ORÇAMENTO.Fonte,\" \",ORÇAMENTO.CodBarra)))","v":false},{"$f":"IF(ISERROR(INDIRECT(ORÇAMENTO.BancoRef)),\"(abra o arquivo 'Referência \"&Excel_BuiltIn_Database&\".xlsm)\",IF(OR($C193<>\"S\",ORÇAMENTO.CodBarra=\"\"),\"(Sem Código)\",IF(ISERROR(MATCH($AE193,INDIRECT(ORÇAMENTO.BancoRef),0)),\"(Código não identificado nas referências)\",MATCH($AE193,INDIRECT(ORÇAMENTO.BancoRef),0))))","v":"(Sem Código)"},{"$f":"ROUND(IF(DESONERACAO=\"sim\",REFERENCIA.Desonerado,REFERENCIA.NaoDesonerado),2)","v":0},0.26,null,null,null,null,0,0]
["S",3,"S",0,{"$f":"IF($C194=1,OFFSET(E194,-1,0)+MAX(1,COUNTIF(QCI!$A$13:$A$24,OFFSET(ORÇAMENTO!E194,-1,0))),OFFSET(E194,-1,0))","v":1},2,2,0,10,0,{"$f":"IF(OR($C194=\"S\",$C194=0),0,MATCH(OFFSET($D194,0,$C194)+IF($C194<>1,1,COUNTIF(QCI!$A$13:$A$24,ORÇAMENTO!E194)),OFFSET($D194,1,$C194,ROW($C$270)-ROW($C194)),0))","v":0},"","Serviço","Serviço","-","SINAPI",null,{"$f":"IF($C194=\"S\",REFERENCIA.Descricao,\"(digite a descrição aqui)\")","v":"(Sem Código)"},{"$f":"REFERENCIA.Unidade","v":"-"},{"$f":"OFFSET(CÁLCULO!H$15,ROW($T194)-ROW(T$15),0)","v":0},null,"BDI 1",{"$f":"IF($C194=\"S\",ROUND(IF(TIPOORCAMENTO=\"Proposto\",ORÇAMENTO.CustoUnitario*(1+$AH194),ORÇAMENTO.PrecoUnitarioLicitado),15-13*$AF$10),0)","v":0},{"$f":"IF($C194=\"S\",IF(OR(Import.TipoArredondamento<>\"TransfereGOV\",ACOMPANHAMENTO=\"BM\"),VTOTAL1,SUM(OFFSET(CÁLCULO!$AA$15,ROW($X194)-ROW($X$15),1):OFFSET(CÁLCULO!$AL$15,ROW($X194)-ROW($X$15),-1))),IF($C194=0,0,ROUND(SomaAgrup,15-13*$AF$11)))","v":0},"RA","",{"$f":"IF($C194=\"S\",IF($Z194=\"CP\",$X194,IF($Z194=\"RA\",(($X194)*QCI!$AA$3),0)),SomaAgrup)","v":0},0,{"$f":"IF($N194=\"\",\" \",\nIF(AND($C194<>\"S\",OR($R194=\"\",$R194=\"(digite a descrição aqui)\")),\"DESCRIÇÃO\",\nIF(AND($C194=\"S\",OR($Q194<>\"\",$T194>0,$U194>0),$P194=\"\"),\"FONTE\",\nIF(AND($C194=\"S\",$P194<>\"\",OR($T194>0,$U194>0),$Q194=\"\"),\"CÓDIGO\",\nIF(AND($C194=\"S\",$P194<>\"\",$Q194<>\"\",$R194=\"(Código não identificado nas referências)\"),\"CÓDIGO N/ID\",\nIF(AND($C194=\"S\",OR($R194=\"\",$R194=\"(digite a descrição aqui)\"),OR($Q194<>\"\",$T194>0,$U194>0)),\"DESCRIÇÃO\",\nIF(AND($C194=\"S\",$P194<>\"\",$Q194<>\"\",$S194=\"\"),\"UNIDADE\",\nIF(AND($C194=\"S\",$P194<>\"\",$Q194<>\"\",$U194=0),\"SEM CUSTO\",\nIF(AND(_xlfn.SINGLE(TIPOORCAMENTO)=\"Licitado\",$AL194=0,$AN194>0),\"SEM PREÇO\",\nIF(AND($C194=\"S\",$P194<>\"\",$Q194<>\"\",$U194>0,AND($V194<>\"BDI 1\",$V194<>\"BDI 2\",$V194<>\"BDI 3\")),IF(ISNUMBER($V194),\"JUSTIFICAR BDI\",\"BDI\"),\nIF(OR(AND(import.recurso=\"OGU\",TIPOORCAMENTO=\"Proposto\",LEFT($O$8,5)<>\"(N/D:\",$AG194<>\"\",ORÇAMENTO.CustoUnitario>$AG194),AND(TIPOORCAMENTO=\"LICITADO\",ORÇAMENTO.PrecoUnitarioLicitado>$AN194)),\"ACIMA REF.\",\nIF(AND($C194=\"S\",$P194<>\"\",$Q194<>\"\",$T194=0,$U194>0),\"QUANT.\",\nIF(AND(Import.TipoArredondamento=\"TransfereGOV\",$L194=\"F\",$C194=\"S\",LEN($Q194)>13),\"Código >13\",\nIF(AND(Import.TipoArredondamento=\"TransfereGOV\",$L194=\"F\",$C194<>\"S\",LEN($R194)>100),\"Descrição >100\",\nIF(AND(Import.TipoArredondamento=\"TransfereGOV\",$L194=\"F\",$C194=\"S\",LEN($R194)>500),\"Descrição >500\",\nIF(AND(Import.TipoArredondamento=\"TransfereGOV\",$L194=\"F\",$C194=\"S\",LEFT(TRIM(UPPER($P194)),6)<>\"SINAPI\",ISNA(VLOOKUP(TRIM(UPPER($S194)),ListaTgov.Unidades,1,FALSE))),\"Unid. Não Disp\",\n\" \"))))))))))))))))","v":{"$error":"#NAME?"}},{"$f":"IF(C194<=CRONO.NivelExibicao,MAX($AD$15:OFFSET(AD194,-1,0))+IF($C194<>1,1,MAX(1,COUNTIF(QCI!$A$13:$A$24,OFFSET($E194,-1,0)))),\"\")","v":""},{"$f":"IF(AND($C194=\"S\",ORÇAMENTO.CodBarra<>\"\"),IF(ORÇAMENTO.Fonte=\"\",ORÇAMENTO.CodBarra,CONCATENATE(ORÇAMENTO.Fonte,\" \",ORÇAMENTO.CodBarra)))","v":false},{"$f":"IF(ISERROR(INDIRECT(ORÇAMENTO.BancoRef)),\"(abra o arquivo 'Referência \"&Excel_BuiltIn_Database&\".xlsm)\",IF(OR($C194<>\"S\",ORÇAMENTO.CodBarra=\"\"),\"(Sem Código)\",IF(ISERROR(MATCH($AE194,INDIRECT(ORÇAMENTO.BancoRef),0)),\"(Código não identificado nas referências)\",MATCH($AE194,INDIRECT(ORÇAMENTO.BancoRef),0))))","v":"(Sem Código)"},{"$f":"ROUND(IF(DESONERACAO=\"sim\",REFERENCIA.Desonerado,REFERENCIA.NaoDesonerado),2)","v":0},0.26,null,null,null,null,0,0]
["S",3,"S",0,{"$f":"IF($C195=1,OFFSET(E195,-1,0)+MAX(1,COUNTIF(QCI!$A$13:$A$24,OFFSET(ORÇAMENTO!E195,-1,0))),OFFSET(E195,-1,0))","v":1},2,2,0,10,0,{"$f":"IF(OR($C195=\"S\",$C195=0),0,MATCH(OFFSET($D195,0,$C195)+IF($C195<>1,1,COUNTIF(QCI!$A$13:$A$24,ORÇAMENTO!E195)),OFFSET($D195,1,$C195,ROW($C$270)-ROW($C195)),0))","v":0},"","Serviço","Serviço","-","SINAPI",null,{"$f":"IF($C195=\"S\",REFERENCIA.Descricao,\"(digite a descrição aqui)\")","v":"(Sem Código)"},{"$f":"REFERENCIA.Unidade","v":"-"},{"$f":"OFFSET(CÁLCULO!H$15,ROW($T195)-ROW(T$15),0)","v":0},null,"BDI 1",{"$f":"IF($C195=\"S\",ROUND(IF(TIPOORCAMENTO=\"Proposto\",ORÇAMENTO.CustoUnitario*(1+$AH195),ORÇAMENTO.PrecoUnitarioLicitado),15-13*$AF$10),0)","v":0},{"$f":"IF($C195=\"S\",IF(OR(Import.TipoArredondamento<>\"TransfereGOV\",ACOMPANHAMENTO=\"BM\"),VTOTAL1,SUM(OFFSET(CÁLCULO!$AA$15,ROW($X195)-ROW($X$15),1):OFFSET(CÁLCULO!$AL$15,ROW($X195)-ROW($X$15),-1))),IF($C195=0,0,ROUND(SomaAgrup,15-13*$AF$11)))","v":0},"RA","",{"$f":"IF($C195=\"S\",IF($Z195=\"CP\",$X195,IF($Z195=\"RA\",(($X195)*QCI!$AA$3),0)),SomaAgrup)","v":0},0,{"$f":"IF($N195=\"\",\" \",\nIF(AND($C195<>\"S\",OR($R195=\"\",$R195=\"(digite a descrição aqui)\")),\"DESCRIÇÃO\",\nIF(AND($C195=\"S\",OR($Q195<>\"\",$T195>0,$U195>0),$P195=\"\"),\"FONTE\",\nIF(AND($C195=\"S\",$P195<>\"\",OR($T195>0,$U195>0),$Q195=\"\"),\"CÓDIGO\",\nIF(AND($C195=\"S\",$P195<>\"\",$Q195<>\"\",$R195=\"(Código não identificado nas referências)\"),\"CÓDIGO N/ID\",\nIF(AND($C195=\"S\",OR($R195=\"\",$R195=\"(digite a descrição aqui)\"),OR($Q195<>\"\",$T195>0,$U195>0)),\"DESCRIÇÃO\",\nIF(AND($C195=\"S\",$P195<>\"\",$Q195<>\"\",$S195=\"\"),\"UNIDADE\",\nIF(AND($C195=\"S\",$P195<>\"\",$Q195<>\"\",$U195=0),\"SEM CUSTO\",\nIF(AND(_xlfn.SINGLE(TIPOORCAMENTO)=\"Licitado\",$AL195=0,$AN195>0),\"SEM PREÇO\",\nIF(AND($C195=\"S\",$P195<>\"\",$Q195<>\"\",$U195>0,AND($V195<>\"BDI 1\",$V195<>\"BDI 2\",$V195<>\"BDI 3\")),IF(ISNUMBER($V195),\"JUSTIFICAR BDI\",\"BDI\"),\nIF(OR(AND(import.recurso=\"OGU\",TIPOORCAMENTO=\"Proposto\",LEFT($O$8,5)<>\"(N/D:\",$AG195<>\"\",ORÇAMENTO.CustoUnitario>$AG195),AND(TIPOORCAMENTO=\"LICITADO\",ORÇAMENTO.PrecoUnitarioLicitado>$AN195)),\"ACIMA REF.\",\nIF(AND($C195=\"S\",$P195<>\"\",$Q195<>\"\",$T195=0,$U195>0),\"QUANT.\",\nIF(AND(Import.TipoArredondamento=\"TransfereGOV\",$L195=\"F\",$C195=\"S\",LEN($Q195)>13),\"Código >13\",\nIF(AND(Import.TipoArredondamento=\"TransfereGOV\",$L195=\"F\",$C195<>\"S\",LEN($R195)>100),\"Descrição >100\",\nIF(AND(Import.TipoArredondamento=\"TransfereGOV\",$L195=\"F\",$C195=\"S\",LEN($R195)>500),\"Descrição >500\",\nIF(AND(Import.TipoArredondamento=\"TransfereGOV\",$L195=\"F\",$C195=\"S\",LEFT(TRIM(UPPER($P195)),6)<>\"SINAPI\",ISNA(VLOOKUP(TRIM(UPPER($S195)),ListaTgov.Unidades,1,FALSE))),\"Unid. Não Disp\",\n\" \"))))))))))))))))","v":{"$error":"#NAME?"}},{"$f":"IF(C195<=CRONO.NivelExibicao,MAX($AD$15:OFFSET(AD195,-1,0))+IF($C195<>1,1,MAX(1,COUNTIF(QCI!$A$13:$A$24,OFFSET($E195,-1,0)))),\"\")","v":""},{"$f":"IF(AND($C195=\"S\",ORÇAMENTO.CodBarra<>\"\"),IF(ORÇAMENTO.Fonte=\"\",ORÇAMENTO.CodBarra,CONCATENATE(ORÇAMENTO.Fonte,\" \",ORÇAMENTO.CodBarra)))","v":false},{"$f":"IF(ISERROR(INDIRECT(ORÇAMENTO.BancoRef)),\"(abra o arquivo 'Referência \"&Excel_BuiltIn_Database&\".xlsm)\",IF(OR($C195<>\"S\",ORÇAMENTO.CodBarra=\"\"),\"(Sem Código)\",IF(ISERROR(MATCH($AE195,INDIRECT(ORÇAMENTO.BancoRef),0)),\"(Código não identificado nas referências)\",MATCH($AE195,INDIRECT(ORÇAMENTO.BancoRef),0))))","v":"(Sem Código)"},{"$f":"ROUND(IF(DESONERACAO=\"sim\",REFERENCIA.Desonerado,REFERENCIA.NaoDesonerado),2)","v":0},0.26,null,null,null,null,0,0]
["S",3,"S",0,{"$f":"IF($C196=1,OFFSET(E196,-1,0)+MAX(1,COUNTIF(QCI!$A$13:$A$24,OFFSET(ORÇAMENTO!E196,-1,0))),OFFSET(E196,-1,0))","v":1},2,2,0,10,0,{"$f":"IF(OR($C196=\"S\",$C196=0),0,MATCH(OFFSET($D196,0,$C196)+IF($C196<>1,1,COUNTIF(QCI!$A$13:$A$24,ORÇAMENTO!E196)),OFFSET($D196,1,$C196,ROW($C$270)-ROW($C196)),0))","v":0},"","Serviço","Serviço","-","SINAPI",null,{"$f":"IF($C196=\"S\",REFERENCIA.Descricao,\"(digite a descrição aqui)\")","v":"(Sem Código)"},{"$f":"REFERENCIA.Unidade","v":"-"},{"$f":"OFFSET(CÁLCULO!H$15,ROW($T196)-ROW(T$15),0)","v":0},null,"BDI 1",{"$f":"IF($C196=\"S\",ROUND(IF(TIPOORCAMENTO=\"Proposto\",ORÇAMENTO.CustoUnitario*(1+$AH196),ORÇAMENTO.PrecoUnitarioLicitado),15-13*$AF$10),0)","v":0},{"$f":"IF($C196=\"S\",IF(OR(Import.TipoArredondamento<>\"TransfereGOV\",ACOMPANHAMENTO=\"BM\"),VTOTAL1,SUM(OFFSET(CÁLCULO!$AA$15,ROW($X196)-ROW($X$15),1):OFFSET(CÁLCULO!$AL$15,ROW($X196)-ROW($X$15),-1))),IF($C196=0,0,ROUND(SomaAgrup,15-13*$AF$11)))","v":0},"RA","",{"$f":"IF($C196=\"S\",IF($Z196=\"CP\",$X196,IF($Z196=\"RA\",(($X196)*QCI!$AA$3),0)),SomaAgrup)","v":0},0,{"$f":"IF($N196=\"\",\" \",\nIF(AND($C196<>\"S\",OR($R196=\"\",$R196=\"(digite a descrição aqui)\")),\"DESCRIÇÃO\",\nIF(AND($C196=\"S\",OR($Q196<>\"\",$T196>0,$U196>0),$P196=\"\"),\"FONTE\",\nIF(AND($C196=\"S\",$P196<>\"\",OR($T196>0,$U196>0),$Q196=\"\"),\"CÓDIGO\",\nIF(AND($C196=\"S\",$P196<>\"\",$Q196<>\"\",$R196=\"(Código não identificado nas referências)\"),\"CÓDIGO N/ID\",\nIF(AND($C196=\"S\",OR($R196=\"\",$R196=\"(digite a descrição aqui)\"),OR($Q196<>\"\",$T196>0,$U196>0)),\"DESCRIÇÃO\",\nIF(AND($C196=\"S\",$P196<>\"\",$Q196<>\"\",$S196=\"\"),\"UNIDADE\",\nIF(AND($C196=\"S\",$P196<>\"\",$Q196<>\"\",$U196=0),\"SEM CUSTO\",\nIF(AND(_xlfn.SINGLE(TIPOORCAMENTO)=\"Licitado\",$AL196=0,$AN196>0),\"SEM PREÇO\",\nIF(AND($C196=\"S\",$P196<>\"\",$Q196<>\"\",$U196>0,AND($V196<>\"BDI 1\",$V196<>\"BDI 2\",$V196<>\"BDI 3\")),IF(ISNUMBER($V196),\"JUSTIFICAR BDI\",\"BDI\"),\nIF(OR(AND(import.recurso=\"OGU\",TIPOORCAMENTO=\"Proposto\",LEFT($O$8,5)<>\"(N/D:\",$AG196<>\"\",ORÇAMENTO.CustoUnitario>$AG196),AND(TIPOORCAMENTO=\"LICITADO\",ORÇAMENTO.PrecoUnitarioLicitado>$AN196)),\"ACIMA REF.\",\nIF(AND($C196=\"S\",$P196<>\"\",$Q196<>\"\",$T196=0,$U196>0),\"QUANT.\",\nIF(AND(Import.TipoArredondamento=\"TransfereGOV\",$L196=\"F\",$C196=\"S\",LEN($Q196)>13),\"Código >13\",\nIF(AND(Import.TipoArredondamento=\"TransfereGOV\",$L196=\"F\",$C196<>\"S\",LEN($R196)>100),\"Descrição >100\",\nIF(AND(Import.TipoArredondamento=\"TransfereGOV\",$L196=\"F\",$C196=\"S\",LEN($R196)>500),\"Descrição >500\",\nIF(AND(Import.TipoArredondamento=\"TransfereGOV\",$L196=\"F\",$C196=\"S\",LEFT(TRIM(UPPER($P196)),6)<>\"SINAPI\",ISNA(VLOOKUP(TRIM(UPPER($S196)),ListaTgov.Unidades,1,FALSE))),\"Unid. Não Disp\",\n\" \"))))))))))))))))","v":{"$error":"#NAME?"}},{"$f":"IF(C196<=CRONO.NivelExibicao,MAX($AD$15:OFFSET(AD196,-1,0))+IF($C196<>1,1,MAX(1,COUNTIF(QCI!$A$13:$A$24,OFFSET($E196,-1,0)))),\"\")","v":""},{"$f":"IF(AND($C196=\"S\",ORÇAMENTO.CodBarra<>\"\"),IF(ORÇAMENTO.Fonte=\"\",ORÇAMENTO.CodBarra,CONCATENATE(ORÇAMENTO.Fonte,\" \",ORÇAMENTO.CodBarra)))","v":false},{"$f":"IF(ISERROR(INDIRECT(ORÇAMENTO.BancoRef)),\"(abra o arquivo 'Referência \"&Excel_BuiltIn_Database&\".xlsm)\",IF(OR($C196<>\"S\",ORÇAMENTO.CodBarra=\"\"),\"(Sem Código)\",IF(ISERROR(MATCH($AE196,INDIRECT(ORÇAMENTO.BancoRef),0)),\"(Código não identificado nas referências)\",MATCH($AE196,INDIRECT(ORÇAMENTO.BancoRef),0))))","v":"(Sem Código)"},{"$f":"ROUND(IF(DESONERACAO=\"sim\",REFERENCIA.Desonerado,REFERENCIA.NaoDesonerado),2)","v":0},0.26,null,null,null,null,0,0]
["S",3,"S",0,{"$f":"IF($C197=1,OFFSET(E197,-1,0)+MAX(1,COUNTIF(QCI!$A$13:$A$24,OFFSET(ORÇAMENTO!E197,-1,0))),OFFSET(E197,-1,0))","v":1},2,2,0,10,0,{"$f":"IF(OR($C197=\"S\",$C197=0),0,MATCH(OFFSET($D197,0,$C197)+IF($C197<>1,1,COUNTIF(QCI!$A$13:$A$24,ORÇAMENTO!E197)),OFFSET($D197,1,$C197,ROW($C$270)-ROW($C197)),0))","v":0},"","Serviço","Serviço","-","SINAPI",null,{"$f":"IF($C197=\"S\",REFERENCIA.Descricao,\"(digite a descrição aqui)\")","v":"(Sem Código)"},{"$f":"REFERENCIA.Unidade","v":"-"},{"$f":"OFFSET(CÁLCULO!H$15,ROW($T197)-ROW(T$15),0)","v":0},null,"BDI 1",{"$f":"IF($C197=\"S\",ROUND(IF(TIPOORCAMENTO=\"Proposto\",ORÇAMENTO.CustoUnitario*(1+$AH197),ORÇAMENTO.PrecoUnitarioLicitado),15-13*$AF$10),0)","v":0},{"$f":"IF($C197=\"S\",IF(OR(Import.TipoArredondamento<>\"TransfereGOV\",ACOMPANHAMENTO=\"BM\"),VTOTAL1,SUM(OFFSET(CÁLCULO!$AA$15,ROW($X197)-ROW($X$15),1):OFFSET(CÁLCULO!$AL$15,ROW($X197)-ROW($X$15),-1))),IF($C197=0,0,ROUND(SomaAgrup,15-13*$AF$11)))","v":0},"RA","",{"$f":"IF($C197=\"S\",IF($Z197=\"CP\",$X197,IF($Z197=\"RA\",(($X197)*QCI!$AA$3),0)),SomaAgrup)","v":0},0,{"$f":"IF($N197=\"\",\" \",\nIF(AND($C197<>\"S\",OR($R197=\"\",$R197=\"(digite a descrição aqui)\")),\"DESCRIÇÃO\",\nIF(AND($C197=\"S\",OR($Q197<>\"\",$T197>0,$U197>0),$P197=\"\"),\"FONTE\",\nIF(AND($C197=\"S\",$P197<>\"\",OR($T197>0,$U197>0),$Q197=\"\"),\"CÓDIGO\",\nIF(AND($C197=\"S\",$P197<>\"\",$Q197<>\"\",$R197=\"(Código não identificado nas referências)\"),\"CÓDIGO N/ID\",\nIF(AND($C197=\"S\",OR($R197=\"\",$R197=\"(digite a descrição aqui)\"),OR($Q197<>\"\",$T197>0,$U197>0)),\"DESCRIÇÃO\",\nIF(AND($C197=\"S\",$P197<>\"\",$Q197<>\"\",$S197=\"\"),\"UNIDADE\",\nIF(AND($C197=\"S\",$P197<>\"\",$Q197<>\"\",$U197=0),\"SEM CUSTO\",\nIF(AND(_xlfn.SINGLE(TIPOORCAMENTO)=\"Licitado\",$AL197=0,$AN197>0),\"SEM PREÇO\",\nIF(AND($C197=\"S\",$P197<>\"\",$Q197<>\"\",$U197>0,AND($V197<>\"BDI 1\",$V197<>\"BDI 2\",$V197<>\"BDI 3\")),IF(ISNUMBER($V197),\"JUSTIFICAR BDI\",\"BDI\"),\nIF(OR(AND(import.recurso=\"OGU\",TIPOORCAMENTO=\"Proposto\",LEFT($O$8,5)<>\"(N/D:\",$AG197<>\"\",ORÇAMENTO.CustoUnitario>$AG197),AND(TIPOORCAMENTO=\"LICITADO\",ORÇAMENTO.PrecoUnitarioLicitado>$AN197)),\"ACIMA REF.\",\nIF(AND($C197=\"S\",$P197<>\"\",$Q197<>\"\",$T197=0,$U197>0),\"QUANT.\",\nIF(AND(Import.TipoArredondamento=\"TransfereGOV\",$L197=\"F\",$C197=\"S\",LEN($Q197)>13),\"Código >13\",\nIF(AND(Import.TipoArredondamento=\"TransfereGOV\",$L197=\"F\",$C197<>\"S\",LEN($R197)>100),\"Descrição >100\",\nIF(AND(Import.TipoArredondamento=\"TransfereGOV\",$L197=\"F\",$C197=\"S\",LEN($R197)>500),\"Descrição >500\",\nIF(AND(Import.TipoArredondamento=\"TransfereGOV\",$L197=\"F\",$C197=\"S\",LEFT(TRIM(UPPER($P197)),6)<>\"SINAPI\",ISNA(VLOOKUP(TRIM(UPPER($S197)),ListaTgov.Unidades,1,FALSE))),\"Unid. Não Disp\",\n\" \"))))))))))))))))","v":{"$error":"#NAME?"}},{"$f":"IF(C197<=CRONO.NivelExibicao,MAX($AD$15:OFFSET(AD197,-1,0))+IF($C197<>1,1,MAX(1,COUNTIF(QCI!$A$13:$A$24,OFFSET($E197,-1,0)))),\"\")","v":""},{"$f":"IF(AND($C197=\"S\",ORÇAMENTO.CodBarra<>\"\"),IF(ORÇAMENTO.Fonte=\"\",ORÇAMENTO.CodBarra,CONCATENATE(ORÇAMENTO.Fonte,\" \",ORÇAMENTO.CodBarra)))","v":false},{"$f":"IF(ISERROR(INDIRECT(ORÇAMENTO.BancoRef)),\"(abra o arquivo 'Referência \"&Excel_BuiltIn_Database&\".xlsm)\",IF(OR($C197<>\"S\",ORÇAMENTO.CodBarra=\"\"),\"(Sem Código)\",IF(ISERROR(MATCH($AE197,INDIRECT(ORÇAMENTO.BancoRef),0)),\"(Código não identificado nas referências)\",MATCH($AE197,INDIRECT(ORÇAMENTO.BancoRef),0))))","v":"(Sem Código)"},{"$f":"ROUND(IF(DESONERACAO=\"sim\",REFERENCIA.Desonerado,REFERENCIA.NaoDesonerado),2)","v":0},0.26,null,null,null,null,0,0]
["S",3,"S",0,{"$f":"IF($C198=1,OFFSET(E198,-1,0)+MAX(1,COUNTIF(QCI!$A$13:$A$24,OFFSET(ORÇAMENTO!E198,-1,0))),OFFSET(E198,-1,0))","v":1},2,2,0,10,0,{"$f":"IF(OR($C198=\"S\",$C198=0),0,MATCH(OFFSET($D198,0,$C198)+IF($C198<>1,1,COUNTIF(QCI!$A$13:$A$24,ORÇAMENTO!E198)),OFFSET($D198,1,$C198,ROW($C$270)-ROW($C198)),0))","v":0},"","Serviço","Serviço","-","SINAPI",null,{"$f":"IF($C198=\"S\",REFERENCIA.Descricao,\"(digite a descrição aqui)\")","v":"(Sem Código)"},{"$f":"REFERENCIA.Unidade","v":"-"},{"$f":"OFFSET(CÁLCULO!H$15,ROW($T198)-ROW(T$15),0)","v":0},null,"BDI 1",{"$f":"IF($C198=\"S\",ROUND(IF(TIPOORCAMENTO=\"Proposto\",ORÇAMENTO.CustoUnitario*(1+$AH198),ORÇAMENTO.PrecoUnitarioLicitado),15-13*$AF$10),0)","v":0},{"$f":"IF($C198=\"S\",IF(OR(Import.TipoArredondamento<>\"TransfereGOV\",ACOMPANHAMENTO=\"BM\"),VTOTAL1,SUM(OFFSET(CÁLCULO!$AA$15,ROW($X198)-ROW($X$15),1):OFFSET(CÁLCULO!$AL$15,ROW($X198)-ROW($X$15),-1))),IF($C198=0,0,ROUND(SomaAgrup,15-13*$AF$11)))","v":0},"RA","",{"$f":"IF($C198=\"S\",IF($Z198=\"CP\",$X198,IF($Z198=\"RA\",(($X198)*QCI!$AA$3),0)),SomaAgrup)","v":0},0,{"$f":"IF($N198=\"\",\" \",\nIF(AND($C198<>\"S\",OR($R198=\"\",$R198=\"(digite a descrição aqui)\")),\"DESCRIÇÃO\",\nIF(AND($C198=\"S\",OR($Q198<>\"\",$T198>0,$U198>0),$P198=\"\"),\"FONTE\",\nIF(AND($C198=\"S\",$P198<>\"\",OR($T198>0,$U198>0),$Q198=\"\"),\"CÓDIGO\",\nIF(AND($C198=\"S\",$P198<>\"\",$Q198<>\"\",$R198=\"(Código não identificado nas referências)\"),\"CÓDIGO N/ID\",\nIF(AND($C198=\"S\",OR($R198=\"\",$R198=\"(digite a descrição aqui)\"),OR($Q198<>\"\",$T198>0,$U198>0)),\"DESCRIÇÃO\",\nIF(AND($C198=\"S\",$P198<>\"\",$Q198<>\"\",$S198=\"\"),\"UNIDADE\",\nIF(AND($C198=\"S\",$P198<>\"\",$Q198<>\"\",$U198=0),\"SEM CUSTO\",\nIF(AND(_xlfn.SINGLE(TIPOORCAMENTO)=\"Licitado\",$AL198=0,$AN198>0),\"SEM PREÇO\",\nIF(AND($C198=\"S\",$P198<>\"\",$Q198<>\"\",$U198>0,AND($V198<>\"BDI 1\",$V198<>\"BDI 2\",$V198<>\"BDI 3\")),IF(ISNUMBER($V198),\"JUSTIFICAR BDI\",\"BDI\"),\nIF(OR(AND(import.recurso=\"OGU\",TIPOORCAMENTO=\"Proposto\",LEFT($O$8,5)<>\"(N/D:\",$AG198<>\"\",ORÇAMENTO.CustoUnitario>$AG198),AND(TIPOORCAMENTO=\"LICITADO\",ORÇAMENTO.PrecoUnitarioLicitado>$AN198)),\"ACIMA REF.\",\nIF(AND($C198=\"S\",$P198<>\"\",$Q198<>\"\",$T198=0,$U198>0),\"QUANT.\",\nIF(AND(Import.TipoArredondamento=\"TransfereGOV\",$L198=\"F\",$C198=\"S\",LEN($Q198)>13),\"Código >13\",\nIF(AND(Import.TipoArredondamento=\"TransfereGOV\",$L198=\"F\",$C198<>\"S\",LEN($R198)>100),\"Descrição >100\",\nIF(AND(Import.TipoArredondamento=\"TransfereGOV\",$L198=\"F\",$C198=\"S\",LEN($R198)>500),\"Descrição >500\",\nIF(AND(Import.TipoArredondamento=\"TransfereGOV\",$L198=\"F\",$C198=\"S\",LEFT(TRIM(UPPER($P198)),6)<>\"SINAPI\",ISNA(VLOOKUP(TRIM(UPPER($S198)),ListaTgov.Unidades,1,FALSE))),\"Unid. Não Disp\",\n\" \"))))))))))))))))","v":{"$error":"#NAME?"}},{"$f":"IF(C198<=CRONO.NivelExibicao,MAX($AD$15:OFFSET(AD198,-1,0))+IF($C198<>1,1,MAX(1,COUNTIF(QCI!$A$13:$A$24,OFFSET($E198,-1,0)))),\"\")","v":""},{"$f":"IF(AND($C198=\"S\",ORÇAMENTO.CodBarra<>\"\"),IF(ORÇAMENTO.Fonte=\"\",ORÇAMENTO.CodBarra,CONCATENATE(ORÇAMENTO.Fonte,\" \",ORÇAMENTO.CodBarra)))","v":false},{"$f":"IF(ISERROR(INDIRECT(ORÇAMENTO.BancoRef)),\"(abra o arquivo 'Referência \"&Excel_BuiltIn_Database&\".xlsm)\",IF(OR($C198<>\"S\",ORÇAMENTO.CodBarra=\"\"),\"(Sem Código)\",IF(ISERROR(MATCH($AE198,INDIRECT(ORÇAMENTO.BancoRef),0)),\"(Código não identificado nas referências)\",MATCH($AE198,INDIRECT(ORÇAMENTO.BancoRef),0))))","v":"(Sem Código)"},{"$f":"ROUND(IF(DESONERACAO=\"sim\",REFERENCIA.Desonerado,REFERENCIA.NaoDesonerado),2)","v":0},0.26,null,null,null,null,0,0]
["S",3,"S",0,{"$f":"IF($C199=1,OFFSET(E199,-1,0)+MAX(1,COUNTIF(QCI!$A$13:$A$24,OFFSET(ORÇAMENTO!E199,-1,0))),OFFSET(E199,-1,0))","v":1},2,2,0,10,0,{"$f":"IF(OR($C199=\"S\",$C199=0),0,MATCH(OFFSET($D199,0,$C199)+IF($C199<>1,1,COUNTIF(QCI!$A$13:$A$24,ORÇAMENTO!E199)),OFFSET($D199,1,$C199,ROW($C$270)-ROW($C199)),0))","v":0},"","Serviço","Serviço","-","SINAPI",null,{"$f":"IF($C199=\"S\",REFERENCIA.Descricao,\"(digite a descrição aqui)\")","v":"(Sem Código)"},{"$f":"REFERENCIA.Unidade","v":"-"},{"$f":"OFFSET(CÁLCULO!H$15,ROW($T199)-ROW(T$15),0)","v":0},null,"BDI 1",{"$f":"IF($C199=\"S\",ROUND(IF(TIPOORCAMENTO=\"Proposto\",ORÇAMENTO.CustoUnitario*(1+$AH199),ORÇAMENTO.PrecoUnitarioLicitado),15-13*$AF$10),0)","v":0},{"$f":"IF($C199=\"S\",IF(OR(Import.TipoArredondamento<>\"TransfereGOV\",ACOMPANHAMENTO=\"BM\"),VTOTAL1,SUM(OFFSET(CÁLCULO!$AA$15,ROW($X199)-ROW($X$15),1):OFFSET(CÁLCULO!$AL$15,ROW($X199)-ROW($X$15),-1))),IF($C199=0,0,ROUND(SomaAgrup,15-13*$AF$11)))","v":0},"RA","",{"$f":"IF($C199=\"S\",IF($Z199=\"CP\",$X199,IF($Z199=\"RA\",(($X199)*QCI!$AA$3),0)),SomaAgrup)","v":0},0,{"$f":"IF($N199=\"\",\" \",\nIF(AND($C199<>\"S\",OR($R199=\"\",$R199=\"(digite a descrição aqui)\")),\"DESCRIÇÃO\",\nIF(AND($C199=\"S\",OR($Q199<>\"\",$T199>0,$U199>0),$P199=\"\"),\"FONTE\",\nIF(AND($C199=\"S\",$P199<>\"\",OR($T199>0,$U199>0),$Q199=\"\"),\"CÓDIGO\",\nIF(AND($C199=\"S\",$P199<>\"\",$Q199<>\"\",$R199=\"(Código não identificado nas referências)\"),\"CÓDIGO N/ID\",\nIF(AND($C199=\"S\",OR($R199=\"\",$R199=\"(digite a descrição aqui)\"),OR($Q199<>\"\",$T199>0,$U199>0)),\"DESCRIÇÃO\",\nIF(AND($C199=\"S\",$P199<>\"\",$Q199<>\"\",$S199=\"\"),\"UNIDADE\",\nIF(AND($C199=\"S\",$P199<>\"\",$Q199<>\"\",$U199=0),\"SEM CUSTO\",\nIF(AND(_xlfn.SINGLE(TIPOORCAMENTO)=\"Licitado\",$AL199=0,$AN199>0),\"SEM PREÇO\",\nIF(AND($C199=\"S\",$P199<>\"\",$Q199<>\"\",$U199>0,AND($V199<>\"BDI 1\",$V199<>\"BDI 2\",$V199<>\"BDI 3\")),IF(ISNUMBER($V199),\"JUSTIFICAR BDI\",\"BDI\"),\nIF(OR(AND(import.recurso=\"OGU\",TIPOORCAMENTO=\"Proposto\",LEFT($O$8,5)<>\"(N/D:\",$AG199<>\"\",ORÇAMENTO.CustoUnitario>$AG199),AND(TIPOORCAMENTO=\"LICITADO\",ORÇAMENTO.PrecoUnitarioLicitado>$AN199)),\"ACIMA REF.\",\nIF(AND($C199=\"S\",$P199<>\"\",$Q199<>\"\",$T199=0,$U199>0),\"QUANT.\",\nIF(AND(Import.TipoArredondamento=\"TransfereGOV\",$L199=\"F\",$C199=\"S\",LEN($Q199)>13),\"Código >13\",\nIF(AND(Import.TipoArredondamento=\"TransfereGOV\",$L199=\"F\",$C199<>\"S\",LEN($R199)>100),\"Descrição >100\",\nIF(AND(Import.TipoArredondamento=\"TransfereGOV\",$L199=\"F\",$C199=\"S\",LEN($R199)>500),\"Descrição >500\",\nIF(AND(Import.TipoArredondamento=\"TransfereGOV\",$L199=\"F\",$C199=\"S\",LEFT(TRIM(UPPER($P199)),6)<>\"SINAPI\",ISNA(VLOOKUP(TRIM(UPPER($S199)),ListaTgov.Unidades,1,FALSE))),\"Unid. Não Disp\",\n\" \"))))))))))))))))","v":{"$error":"#NAME?"}},{"$f":"IF(C199<=CRONO.NivelExibicao,MAX($AD$15:OFFSET(AD199,-1,0))+IF($C199<>1,1,MAX(1,COUNTIF(QCI!$A$13:$A$24,OFFSET($E199,-1,0)))),\"\")","v":""},{"$f":"IF(AND($C199=\"S\",ORÇAMENTO.CodBarra<>\"\"),IF(ORÇAMENTO.Fonte=\"\",ORÇAMENTO.CodBarra,CONCATENATE(ORÇAMENTO.Fonte,\" \",ORÇAMENTO.CodBarra)))","v":false},{"$f":"IF(ISERROR(INDIRECT(ORÇAMENTO.BancoRef)),\"(abra o arquivo 'Referência \"&Excel_BuiltIn_Database&\".xlsm)\",IF(OR($C199<>\"S\",ORÇAMENTO.CodBarra=\"\"),\"(Sem Código)\",IF(ISERROR(MATCH($AE199,INDIRECT(ORÇAMENTO.BancoRef),0)),\"(Código não identificado nas referências)\",MATCH($AE199,INDIRECT(ORÇAMENTO.BancoRef),0))))","v":"(Sem Código)"},{"$f":"ROUND(IF(DESONERACAO=\"sim\",REFERENCIA.Desonerado,REFERENCIA.NaoDesonerado),2)","v":0},0.26,null,null,null,null,0,0]
["S",3,"S",0,{"$f":"IF($C200=1,OFFSET(E200,-1,0)+MAX(1,COUNTIF(QCI!$A$13:$A$24,OFFSET(ORÇAMENTO!E200,-1,0))),OFFSET(E200,-1,0))","v":1},2,2,0,10,0,{"$f":"IF(OR($C200=\"S\",$C200=0),0,MATCH(OFFSET($D200,0,$C200)+IF($C200<>1,1,COUNTIF(QCI!$A$13:$A$24,ORÇAMENTO!E200)),OFFSET($D200,1,$C200,ROW($C$270)-ROW($C200)),0))","v":0},"","Serviço","Serviço","-","SINAPI",null,{"$f":"IF($C200=\"S\",REFERENCIA.Descricao,\"(digite a descrição aqui)\")","v":"(Sem Código)"},{"$f":"REFERENCIA.Unidade","v":"-"},{"$f":"OFFSET(CÁLCULO!H$15,ROW($T200)-ROW(T$15),0)","v":0},null,"BDI 1",{"$f":"IF($C200=\"S\",ROUND(IF(TIPOORCAMENTO=\"Proposto\",ORÇAMENTO.CustoUnitario*(1+$AH200),ORÇAMENTO.PrecoUnitarioLicitado),15-13*$AF$10),0)","v":0},{"$f":"IF($C200=\"S\",IF(OR(Import.TipoArredondamento<>\"TransfereGOV\",ACOMPANHAMENTO=\"BM\"),VTOTAL1,SUM(OFFSET(CÁLCULO!$AA$15,ROW($X200)-ROW($X$15),1):OFFSET(CÁLCULO!$AL$15,ROW($X200)-ROW($X$15),-1))),IF($C200=0,0,ROUND(SomaAgrup,15-13*$AF$11)))","v":0},"RA","",{"$f":"IF($C200=\"S\",IF($Z200=\"CP\",$X200,IF($Z200=\"RA\",(($X200)*QCI!$AA$3),0)),SomaAgrup)","v":0},0,{"$f":"IF($N200=\"\",\" \",\nIF(AND($C200<>\"S\",OR($R200=\"\",$R200=\"(digite a descrição aqui)\")),\"DESCRIÇÃO\",\nIF(AND($C200=\"S\",OR($Q200<>\"\",$T200>0,$U200>0),$P200=\"\"),\"FONTE\",\nIF(AND($C200=\"S\",$P200<>\"\",OR($T200>0,$U200>0),$Q200=\"\"),\"CÓDIGO\",\nIF(AND($C200=\"S\",$P200<>\"\",$Q200<>\"\",$R200=\"(Código não identificado nas referências)\"),\"CÓDIGO N/ID\",\nIF(AND($C200=\"S\",OR($R200=\"\",$R200=\"(digite a descrição aqui)\"),OR($Q200<>\"\",$T200>0,$U200>0)),\"DESCRIÇÃO\",\nIF(AND($C200=\"S\",$P200<>\"\",$Q200<>\"\",$S200=\"\"),\"UNIDADE\",\nIF(AND($C200=\"S\",$P200<>\"\",$Q200<>\"\",$U200=0),\"SEM CUSTO\",\nIF(AND(_xlfn.SINGLE(TIPOORCAMENTO)=\"Licitado\",$AL200=0,$AN200>0),\"SEM PREÇO\",\nIF(AND($C200=\"S\",$P200<>\"\",$Q200<>\"\",$U200>0,AND($V200<>\"BDI 1\",$V200<>\"BDI 2\",$V200<>\"BDI 3\")),IF(ISNUMBER($V200),\"JUSTIFICAR BDI\",\"BDI\"),\nIF(OR(AND(import.recurso=\"OGU\",TIPOORCAMENTO=\"Proposto\",LEFT($O$8,5)<>\"(N/D:\",$AG200<>\"\",ORÇAMENTO.CustoUnitario>$AG200),AND(TIPOORCAMENTO=\"LICITADO\",ORÇAMENTO.PrecoUnitarioLicitado>$AN200)),\"ACIMA REF.\",\nIF(AND($C200=\"S\",$P200<>\"\",$Q200<>\"\",$T200=0,$U200>0),\"QUANT.\",\nIF(AND(Import.TipoArredondamento=\"TransfereGOV\",$L200=\"F\",$C200=\"S\",LEN($Q200)>13),\"Código >13\",\nIF(AND(Import.TipoArredondamento=\"TransfereGOV\",$L200=\"F\",$C200<>\"S\",LEN($R200)>100),\"Descrição >100\",\nIF(AND(Import.TipoArredondamento=\"TransfereGOV\",$L200=\"F\",$C200=\"S\",LEN($R200)>500),\"Descrição >500\",\nIF(AND(Import.TipoArredondamento=\"TransfereGOV\",$L200=\"F\",$C200=\"S\",LEFT(TRIM(UPPER($P200)),6)<>\"SINAPI\",ISNA(VLOOKUP(TRIM(UPPER($S200)),ListaTgov.Unidades,1,FALSE))),\"Unid. Não Disp\",\n\" \"))))))))))))))))","v":{"$error":"#NAME?"}},{"$f":"IF(C200<=CRONO.NivelExibicao,MAX($AD$15:OFFSET(AD200,-1,0))+IF($C200<>1,1,MAX(1,COUNTIF(QCI!$A$13:$A$24,OFFSET($E200,-1,0)))),\"\")","v":""},{"$f":"IF(AND($C200=\"S\",ORÇAMENTO.CodBarra<>\"\"),IF(ORÇAMENTO.Fonte=\"\",ORÇAMENTO.CodBarra,CONCATENATE(ORÇAMENTO.Fonte,\" \",ORÇAMENTO.CodBarra)))","v":false},{"$f":"IF(ISERROR(INDIRECT(ORÇAMENTO.BancoRef)),\"(abra o arquivo 'Referência \"&Excel_BuiltIn_Database&\".xlsm)\",IF(OR($C200<>\"S\",ORÇAMENTO.CodBarra=\"\"),\"(Sem Código)\",IF(ISERROR(MATCH($AE200,INDIRECT(ORÇAMENTO.BancoRef),0)),\"(Código não identificado nas referências)\",MATCH($AE200,INDIRECT(ORÇAMENTO.BancoRef),0))))","v":"(Sem Código)"},{"$f":"ROUND(IF(DESONERACAO=\"sim\",REFERENCIA.Desonerado,REFERENCIA.NaoDesonerado),2)","v":0},0.26,null,null,null,null,0,0]
["S",3,"S",0,{"$f":"IF($C201=1,OFFSET(E201,-1,0)+MAX(1,COUNTIF(QCI!$A$13:$A$24,OFFSET(ORÇAMENTO!E201,-1,0))),OFFSET(E201,-1,0))","v":1},2,2,0,10,0,{"$f":"IF(OR($C201=\"S\",$C201=0),0,MATCH(OFFSET($D201,0,$C201)+IF($C201<>1,1,COUNTIF(QCI!$A$13:$A$24,ORÇAMENTO!E201)),OFFSET($D201,1,$C201,ROW($C$270)-ROW($C201)),0))","v":0},"","Serviço","Serviço","-","SINAPI",null,{"$f":"IF($C201=\"S\",REFERENCIA.Descricao,\"(digite a descrição aqui)\")","v":"(Sem Código)"},{"$f":"REFERENCIA.Unidade","v":"-"},{"$f":"OFFSET(CÁLCULO!H$15,ROW($T201)-ROW(T$15),0)","v":0},null,"BDI 1",{"$f":"IF($C201=\"S\",ROUND(IF(TIPOORCAMENTO=\"Proposto\",ORÇAMENTO.CustoUnitario*(1+$AH201),ORÇAMENTO.PrecoUnitarioLicitado),15-13*$AF$10),0)","v":0},{"$f":"IF($C201=\"S\",IF(OR(Import.TipoArredondamento<>\"TransfereGOV\",ACOMPANHAMENTO=\"BM\"),VTOTAL1,SUM(OFFSET(CÁLCULO!$AA$15,ROW($X201)-ROW($X$15),1):OFFSET(CÁLCULO!$AL$15,ROW($X201)-ROW($X$15),-1))),IF($C201=0,0,ROUND(SomaAgrup,15-13*$AF$11)))","v":0},"RA","",{"$f":"IF($C201=\"S\",IF($Z201=\"CP\",$X201,IF($Z201=\"RA\",(($X201)*QCI!$AA$3),0)),SomaAgrup)","v":0},0,{"$f":"IF($N201=\"\",\" \",\nIF(AND($C201<>\"S\",OR($R201=\"\",$R201=\"(digite a descrição aqui)\")),\"DESCRIÇÃO\",\nIF(AND($C201=\"S\",OR($Q201<>\"\",$T201>0,$U201>0),$P201=\"\"),\"FONTE\",\nIF(AND($C201=\"S\",$P201<>\"\",OR($T201>0,$U201>0),$Q201=\"\"),\"CÓDIGO\",\nIF(AND($C201=\"S\",$P201<>\"\",$Q201<>\"\",$R201=\"(Código não identificado nas referências)\"),\"CÓDIGO N/ID\",\nIF(AND($C201=\"S\",OR($R201=\"\",$R201=\"(digite a descrição aqui)\"),OR($Q201<>\"\",$T201>0,$U201>0)),\"DESCRIÇÃO\",\nIF(AND($C201=\"S\",$P201<>\"\",$Q201<>\"\",$S201=\"\"),\"UNIDADE\",\nIF(AND($C201=\"S\",$P201<>\"\",$Q201<>\"\",$U201=0),\"SEM CUSTO\",\nIF(AND(_xlfn.SINGLE(TIPOORCAMENTO)=\"Licitado\",$AL201=0,$AN201>0),\"SEM PREÇO\",\nIF(AND($C201=\"S\",$P201<>\"\",$Q201<>\"\",$U201>0,AND($V201<>\"BDI 1\",$V201<>\"BDI 2\",$V201<>\"BDI 3\")),IF(ISNUMBER($V201),\"JUSTIFICAR BDI\",\"BDI\"),\nIF(OR(AND(import.recurso=\"OGU\",TIPOORCAMENTO=\"Proposto\",LEFT($O$8,5)<>\"(N/D:\",$AG201<>\"\",ORÇAMENTO.CustoUnitario>$AG201),AND(TIPOORCAMENTO=\"LICITADO\",ORÇAMENTO.PrecoUnitarioLicitado>$AN201)),\"ACIMA REF.\",\nIF(AND($C201=\"S\",$P201<>\"\",$Q201<>\"\",$T201=0,$U201>0),\"QUANT.\",\nIF(AND(Import.TipoArredondamento=\"TransfereGOV\",$L201=\"F\",$C201=\"S\",LEN($Q201)>13),\"Código >13\",\nIF(AND(Import.TipoArredondamento=\"TransfereGOV\",$L201=\"F\",$C201<>\"S\",LEN($R201)>100),\"Descrição >100\",\nIF(AND(Import.TipoArredondamento=\"TransfereGOV\",$L201=\"F\",$C201=\"S\",LEN($R201)>500),\"Descrição >500\",\nIF(AND(Import.TipoArredondamento=\"TransfereGOV\",$L201=\"F\",$C201=\"S\",LEFT(TRIM(UPPER($P201)),6)<>\"SINAPI\",ISNA(VLOOKUP(TRIM(UPPER($S201)),ListaTgov.Unidades,1,FALSE))),\"Unid. Não Disp\",\n\" \"))))))))))))))))","v":{"$error":"#NAME?"}},{"$f":"IF(C201<=CRONO.NivelExibicao,MAX($AD$15:OFFSET(AD201,-1,0))+IF($C201<>1,1,MAX(1,COUNTIF(QCI!$A$13:$A$24,OFFSET($E201,-1,0)))),\"\")","v":""},{"$f":"IF(AND($C201=\"S\",ORÇAMENTO.CodBarra<>\"\"),IF(ORÇAMENTO.Fonte=\"\",ORÇAMENTO.CodBarra,CONCATENATE(ORÇAMENTO.Fonte,\" \",ORÇAMENTO.CodBarra)))","v":false},{"$f":"IF(ISERROR(INDIRECT(ORÇAMENTO.BancoRef)),\"(abra o arquivo 'Referência \"&Excel_BuiltIn_Database&\".xlsm)\",IF(OR($C201<>\"S\",ORÇAMENTO.CodBarra=\"\"),\"(Sem Código)\",IF(ISERROR(MATCH($AE201,INDIRECT(ORÇAMENTO.BancoRef),0)),\"(Código não identificado nas referências)\",MATCH($AE201,INDIRECT(ORÇAMENTO.BancoRef),0))))","v":"(Sem Código)"},{"$f":"ROUND(IF(DESONERACAO=\"sim\",REFERENCIA.Desonerado,REFERENCIA.NaoDesonerado),2)","v":0},0.26,null,null,null,null,0,0]
["S",3,"S",0,{"$f":"IF($C202=1,OFFSET(E202,-1,0)+MAX(1,COUNTIF(QCI!$A$13:$A$24,OFFSET(ORÇAMENTO!E202,-1,0))),OFFSET(E202,-1,0))","v":1},2,2,0,10,0,{"$f":"IF(OR($C202=\"S\",$C202=0),0,MATCH(OFFSET($D202,0,$C202)+IF($C202<>1,1,COUNTIF(QCI!$A$13:$A$24,ORÇAMENTO!E202)),OFFSET($D202,1,$C202,ROW($C$270)-ROW($C202)),0))","v":0},"","Serviço","Serviço","-","SINAPI",null,{"$f":"IF($C202=\"S\",REFERENCIA.Descricao,\"(digite a descrição aqui)\")","v":"(Sem Código)"},{"$f":"REFERENCIA.Unidade","v":"-"},{"$f":"OFFSET(CÁLCULO!H$15,ROW($T202)-ROW(T$15),0)","v":0},null,"BDI 1",{"$f":"IF($C202=\"S\",ROUND(IF(TIPOORCAMENTO=\"Proposto\",ORÇAMENTO.CustoUnitario*(1+$AH202),ORÇAMENTO.PrecoUnitarioLicitado),15-13*$AF$10),0)","v":0},{"$f":"IF($C202=\"S\",IF(OR(Import.TipoArredondamento<>\"TransfereGOV\",ACOMPANHAMENTO=\"BM\"),VTOTAL1,SUM(OFFSET(CÁLCULO!$AA$15,ROW($X202)-ROW($X$15),1):OFFSET(CÁLCULO!$AL$15,ROW($X202)-ROW($X$15),-1))),IF($C202=0,0,ROUND(SomaAgrup,15-13*$AF$11)))","v":0},"RA","",{"$f":"IF($C202=\"S\",IF($Z202=\"CP\",$X202,IF($Z202=\"RA\",(($X202)*QCI!$AA$3),0)),SomaAgrup)","v":0},0,{"$f":"IF($N202=\"\",\" \",\nIF(AND($C202<>\"S\",OR($R202=\"\",$R202=\"(digite a descrição aqui)\")),\"DESCRIÇÃO\",\nIF(AND($C202=\"S\",OR($Q202<>\"\",$T202>0,$U202>0),$P202=\"\"),\"FONTE\",\nIF(AND($C202=\"S\",$P202<>\"\",OR($T202>0,$U202>0),$Q202=\"\"),\"CÓDIGO\",\nIF(AND($C202=\"S\",$P202<>\"\",$Q202<>\"\",$R202=\"(Código não identificado nas referências)\"),\"CÓDIGO N/ID\",\nIF(AND($C202=\"S\",OR($R202=\"\",$R202=\"(digite a descrição aqui)\"),OR($Q202<>\"\",$T202>0,$U202>0)),\"DESCRIÇÃO\",\nIF(AND($C202=\"S\",$P202<>\"\",$Q202<>\"\",$S202=\"\"),\"UNIDADE\",\nIF(AND($C202=\"S\",$P202<>\"\",$Q202<>\"\",$U202=0),\"SEM CUSTO\",\nIF(AND(_xlfn.SINGLE(TIPOORCAMENTO)=\"Licitado\",$AL202=0,$AN202>0),\"SEM PREÇO\",\nIF(AND($C202=\"S\",$P202<>\"\",$Q202<>\"\",$U202>0,AND($V202<>\"BDI 1\",$V202<>\"BDI 2\",$V202<>\"BDI 3\")),IF(ISNUMBER($V202),\"JUSTIFICAR BDI\",\"BDI\"),\nIF(OR(AND(import.recurso=\"OGU\",TIPOORCAMENTO=\"Proposto\",LEFT($O$8,5)<>\"(N/D:\",$AG202<>\"\",ORÇAMENTO.CustoUnitario>$AG202),AND(TIPOORCAMENTO=\"LICITADO\",ORÇAMENTO.PrecoUnitarioLicitado>$AN202)),\"ACIMA REF.\",\nIF(AND($C202=\"S\",$P202<>\"\",$Q202<>\"\",$T202=0,$U202>0),\"QUANT.\",\nIF(AND(Import.TipoArredondamento=\"TransfereGOV\",$L202=\"F\",$C202=\"S\",LEN($Q202)>13),\"Código >13\",\nIF(AND(Import.TipoArredondamento=\"TransfereGOV\",$L202=\"F\",$C202<>\"S\",LEN($R202)>100),\"Descrição >100\",\nIF(AND(Import.TipoArredondamento=\"TransfereGOV\",$L202=\"F\",$C202=\"S\",LEN($R202)>500),\"Descrição >500\",\nIF(AND(Import.TipoArredondamento=\"TransfereGOV\",$L202=\"F\",$C202=\"S\",LEFT(TRIM(UPPER($P202)),6)<>\"SINAPI\",ISNA(VLOOKUP(TRIM(UPPER($S202)),ListaTgov.Unidades,1,FALSE))),\"Unid. Não Disp\",\n\" \"))))))))))))))))","v":{"$error":"#NAME?"}},{"$f":"IF(C202<=CRONO.NivelExibicao,MAX($AD$15:OFFSET(AD202,-1,0))+IF($C202<>1,1,MAX(1,COUNTIF(QCI!$A$13:$A$24,OFFSET($E202,-1,0)))),\"\")","v":""},{"$f":"IF(AND($C202=\"S\",ORÇAMENTO.CodBarra<>\"\"),IF(ORÇAMENTO.Fonte=\"\",ORÇAMENTO.CodBarra,CONCATENATE(ORÇAMENTO.Fonte,\" \",ORÇAMENTO.CodBarra)))","v":false},{"$f":"IF(ISERROR(INDIRECT(ORÇAMENTO.BancoRef)),\"(abra o arquivo 'Referência \"&Excel_BuiltIn_Database&\".xlsm)\",IF(OR($C202<>\"S\",ORÇAMENTO.CodBarra=\"\"),\"(Sem Código)\",IF(ISERROR(MATCH($AE202,INDIRECT(ORÇAMENTO.BancoRef),0)),\"(Código não identificado nas referências)\",MATCH($AE202,INDIRECT(ORÇAMENTO.BancoRef),0))))","v":"(Sem Código)"},{"$f":"ROUND(IF(DESONERACAO=\"sim\",REFERENCIA.Desonerado,REFERENCIA.NaoDesonerado),2)","v":0},0.26,null,null,null,null,0,0]
["S",3,"S",0,{"$f":"IF($C203=1,OFFSET(E203,-1,0)+MAX(1,COUNTIF(QCI!$A$13:$A$24,OFFSET(ORÇAMENTO!E203,-1,0))),OFFSET(E203,-1,0))","v":1},2,2,0,10,0,{"$f":"IF(OR($C203=\"S\",$C203=0),0,MATCH(OFFSET($D203,0,$C203)+IF($C203<>1,1,COUNTIF(QCI!$A$13:$A$24,ORÇAMENTO!E203)),OFFSET($D203,1,$C203,ROW($C$270)-ROW($C203)),0))","v":0},"","Serviço","Serviço","-","SINAPI",null,{"$f":"IF($C203=\"S\",REFERENCIA.Descricao,\"(digite a descrição aqui)\")","v":"(Sem Código)"},{"$f":"REFERENCIA.Unidade","v":"-"},{"$f":"OFFSET(CÁLCULO!H$15,ROW($T203)-ROW(T$15),0)","v":0},null,"BDI 1",{"$f":"IF($C203=\"S\",ROUND(IF(TIPOORCAMENTO=\"Proposto\",ORÇAMENTO.CustoUnitario*(1+$AH203),ORÇAMENTO.PrecoUnitarioLicitado),15-13*$AF$10),0)","v":0},{"$f":"IF($C203=\"S\",IF(OR(Import.TipoArredondamento<>\"TransfereGOV\",ACOMPANHAMENTO=\"BM\"),VTOTAL1,SUM(OFFSET(CÁLCULO!$AA$15,ROW($X203)-ROW($X$15),1):OFFSET(CÁLCULO!$AL$15,ROW($X203)-ROW($X$15),-1))),IF($C203=0,0,ROUND(SomaAgrup,15-13*$AF$11)))","v":0},"RA","",{"$f":"IF($C203=\"S\",IF($Z203=\"CP\",$X203,IF($Z203=\"RA\",(($X203)*QCI!$AA$3),0)),SomaAgrup)","v":0},0,{"$f":"IF($N203=\"\",\" \",\nIF(AND($C203<>\"S\",OR($R203=\"\",$R203=\"(digite a descrição aqui)\")),\"DESCRIÇÃO\",\nIF(AND($C203=\"S\",OR($Q203<>\"\",$T203>0,$U203>0),$P203=\"\"),\"FONTE\",\nIF(AND($C203=\"S\",$P203<>\"\",OR($T203>0,$U203>0),$Q203=\"\"),\"CÓDIGO\",\nIF(AND($C203=\"S\",$P203<>\"\",$Q203<>\"\",$R203=\"(Código não identificado nas referências)\"),\"CÓDIGO N/ID\",\nIF(AND($C203=\"S\",OR($R203=\"\",$R203=\"(digite a descrição aqui)\"),OR($Q203<>\"\",$T203>0,$U203>0)),\"DESCRIÇÃO\",\nIF(AND($C203=\"S\",$P203<>\"\",$Q203<>\"\",$S203=\"\"),\"UNIDADE\",\nIF(AND($C203=\"S\",$P203<>\"\",$Q203<>\"\",$U203=0),\"SEM CUSTO\",\nIF(AND(_xlfn.SINGLE(TIPOORCAMENTO)=\"Licitado\",$AL203=0,$AN203>0),\"SEM PREÇO\",\nIF(AND($C203=\"S\",$P203<>\"\",$Q203<>\"\",$U203>0,AND($V203<>\"BDI 1\",$V203<>\"BDI 2\",$V203<>\"BDI 3\")),IF(ISNUMBER($V203),\"JUSTIFICAR BDI\",\"BDI\"),\nIF(OR(AND(import.recurso=\"OGU\",TIPOORCAMENTO=\"Proposto\",LEFT($O$8,5)<>\"(N/D:\",$AG203<>\"\",ORÇAMENTO.CustoUnitario>$AG203),AND(TIPOORCAMENTO=\"LICITADO\",ORÇAMENTO.PrecoUnitarioLicitado>$AN203)),\"ACIMA REF.\",\nIF(AND($C203=\"S\",$P203<>\"\",$Q203<>\"\",$T203=0,$U203>0),\"QUANT.\",\nIF(AND(Import.TipoArredondamento=\"TransfereGOV\",$L203=\"F\",$C203=\"S\",LEN($Q203)>13),\"Código >13\",\nIF(AND(Import.TipoArredondamento=\"TransfereGOV\",$L203=\"F\",$C203<>\"S\",LEN($R203)>100),\"Descrição >100\",\nIF(AND(Import.TipoArredondamento=\"TransfereGOV\",$L203=\"F\",$C203=\"S\",LEN($R203)>500),\"Descrição >500\",\nIF(AND(Import.TipoArredondamento=\"TransfereGOV\",$L203=\"F\",$C203=\"S\",LEFT(TRIM(UPPER($P203)),6)<>\"SINAPI\",ISNA(VLOOKUP(TRIM(UPPER($S203)),ListaTgov.Unidades,1,FALSE))),\"Unid. Não Disp\",\n\" \"))))))))))))))))","v":{"$error":"#NAME?"}},{"$f":"IF(C203<=CRONO.NivelExibicao,MAX($AD$15:OFFSET(AD203,-1,0))+IF($C203<>1,1,MAX(1,COUNTIF(QCI!$A$13:$A$24,OFFSET($E203,-1,0)))),\"\")","v":""},{"$f":"IF(AND($C203=\"S\",ORÇAMENTO.CodBarra<>\"\"),IF(ORÇAMENTO.Fonte=\"\",ORÇAMENTO.CodBarra,CONCATENATE(ORÇAMENTO.Fonte,\" \",ORÇAMENTO.CodBarra)))","v":false},{"$f":"IF(ISERROR(INDIRECT(ORÇAMENTO.BancoRef)),\"(abra o arquivo 'Referência \"&Excel_BuiltIn_Database&\".xlsm)\",IF(OR($C203<>\"S\",ORÇAMENTO.CodBarra=\"\"),\"(Sem Código)\",IF(ISERROR(MATCH($AE203,INDIRECT(ORÇAMENTO.BancoRef),0)),\"(Código não identificado nas referências)\",MATCH($AE203,INDIRECT(ORÇAMENTO.BancoRef),0))))","v":"(Sem Código)"},{"$f":"ROUND(IF(DESONERACAO=\"sim\",REFERENCIA.Desonerado,REFERENCIA.NaoDesonerado),2)","v":0},0.26,null,null,null,null,0,0]
["S",3,"S",0,{"$f":"IF($C204=1,OFFSET(E204,-1,0)+MAX(1,COUNTIF(QCI!$A$13:$A$24,OFFSET(ORÇAMENTO!E204,-1,0))),OFFSET(E204,-1,0))","v":1},2,2,0,10,0,{"$f":"IF(OR($C204=\"S\",$C204=0),0,MATCH(OFFSET($D204,0,$C204)+IF($C204<>1,1,COUNTIF(QCI!$A$13:$A$24,ORÇAMENTO!E204)),OFFSET($D204,1,$C204,ROW($C$270)-ROW($C204)),0))","v":0},"","Serviço","Serviço","-","SINAPI",null,{"$f":"IF($C204=\"S\",REFERENCIA.Descricao,\"(digite a descrição aqui)\")","v":"(Sem Código)"},{"$f":"REFERENCIA.Unidade","v":"-"},{"$f":"OFFSET(CÁLCULO!H$15,ROW($T204)-ROW(T$15),0)","v":0},null,"BDI 1",{"$f":"IF($C204=\"S\",ROUND(IF(TIPOORCAMENTO=\"Proposto\",ORÇAMENTO.CustoUnitario*(1+$AH204),ORÇAMENTO.PrecoUnitarioLicitado),15-13*$AF$10),0)","v":0},{"$f":"IF($C204=\"S\",IF(OR(Import.TipoArredondamento<>\"TransfereGOV\",ACOMPANHAMENTO=\"BM\"),VTOTAL1,SUM(OFFSET(CÁLCULO!$AA$15,ROW($X204)-ROW($X$15),1):OFFSET(CÁLCULO!$AL$15,ROW($X204)-ROW($X$15),-1))),IF($C204=0,0,ROUND(SomaAgrup,15-13*$AF$11)))","v":0},"RA","",{"$f":"IF($C204=\"S\",IF($Z204=\"CP\",$X204,IF($Z204=\"RA\",(($X204)*QCI!$AA$3),0)),SomaAgrup)","v":0},0,{"$f":"IF($N204=\"\",\" \",\nIF(AND($C204<>\"S\",OR($R204=\"\",$R204=\"(digite a descrição aqui)\")),\"DESCRIÇÃO\",\nIF(AND($C204=\"S\",OR($Q204<>\"\",$T204>0,$U204>0),$P204=\"\"),\"FONTE\",\nIF(AND($C204=\"S\",$P204<>\"\",OR($T204>0,$U204>0),$Q204=\"\"),\"CÓDIGO\",\nIF(AND($C204=\"S\",$P204<>\"\",$Q204<>\"\",$R204=\"(Código não identificado nas referências)\"),\"CÓDIGO N/ID\",\nIF(AND($C204=\"S\",OR($R204=\"\",$R204=\"(digite a descrição aqui)\"),OR($Q204<>\"\",$T204>0,$U204>0)),\"DESCRIÇÃO\",\nIF(AND($C204=\"S\",$P204<>\"\",$Q204<>\"\",$S204=\"\"),\"UNIDADE\",\nIF(AND($C204=\"S\",$P204<>\"\",$Q204<>\"\",$U204=0),\"SEM CUSTO\",\nIF(AND(_xlfn.SINGLE(TIPOORCAMENTO)=\"Licitado\",$AL204=0,$AN204>0),\"SEM PREÇO\",\nIF(AND($C204=\"S\",$P204<>\"\",$Q204<>\"\",$U204>0,AND($V204<>\"BDI 1\",$V204<>\"BDI 2\",$V204<>\"BDI 3\")),IF(ISNUMBER($V204),\"JUSTIFICAR BDI\",\"BDI\"),\nIF(OR(AND(import.recurso=\"OGU\",TIPOORCAMENTO=\"Proposto\",LEFT($O$8,5)<>\"(N/D:\",$AG204<>\"\",ORÇAMENTO.CustoUnitario>$AG204),AND(TIPOORCAMENTO=\"LICITADO\",ORÇAMENTO.PrecoUnitarioLicitado>$AN204)),\"ACIMA REF.\",\nIF(AND($C204=\"S\",$P204<>\"\",$Q204<>\"\",$T204=0,$U204>0),\"QUANT.\",\nIF(AND(Import.TipoArredondamento=\"TransfereGOV\",$L204=\"F\",$C204=\"S\",LEN($Q204)>13),\"Código >13\",\nIF(AND(Import.TipoArredondamento=\"TransfereGOV\",$L204=\"F\",$C204<>\"S\",LEN($R204)>100),\"Descrição >100\",\nIF(AND(Import.TipoArredondamento=\"TransfereGOV\",$L204=\"F\",$C204=\"S\",LEN($R204)>500),\"Descrição >500\",\nIF(AND(Import.TipoArredondamento=\"TransfereGOV\",$L204=\"F\",$C204=\"S\",LEFT(TRIM(UPPER($P204)),6)<>\"SINAPI\",ISNA(VLOOKUP(TRIM(UPPER($S204)),ListaTgov.Unidades,1,FALSE))),\"Unid. Não Disp\",\n\" \"))))))))))))))))","v":{"$error":"#NAME?"}},{"$f":"IF(C204<=CRONO.NivelExibicao,MAX($AD$15:OFFSET(AD204,-1,0))+IF($C204<>1,1,MAX(1,COUNTIF(QCI!$A$13:$A$24,OFFSET($E204,-1,0)))),\"\")","v":""},{"$f":"IF(AND($C204=\"S\",ORÇAMENTO.CodBarra<>\"\"),IF(ORÇAMENTO.Fonte=\"\",ORÇAMENTO.CodBarra,CONCATENATE(ORÇAMENTO.Fonte,\" \",ORÇAMENTO.CodBarra)))","v":false},{"$f":"IF(ISERROR(INDIRECT(ORÇAMENTO.BancoRef)),\"(abra o arquivo 'Referência \"&Excel_BuiltIn_Database&\".xlsm)\",IF(OR($C204<>\"S\",ORÇAMENTO.CodBarra=\"\"),\"(Sem Código)\",IF(ISERROR(MATCH($AE204,INDIRECT(ORÇAMENTO.BancoRef),0)),\"(Código não identificado nas referências)\",MATCH($AE204,INDIRECT(ORÇAMENTO.BancoRef),0))))","v":"(Sem Código)"},{"$f":"ROUND(IF(DESONERACAO=\"sim\",REFERENCIA.Desonerado,REFERENCIA.NaoDesonerado),2)","v":0},0.26,null,null,null,null,0,0]
["S",3,"S",0,{"$f":"IF($C205=1,OFFSET(E205,-1,0)+MAX(1,COUNTIF(QCI!$A$13:$A$24,OFFSET(ORÇAMENTO!E205,-1,0))),OFFSET(E205,-1,0))","v":1},2,2,0,10,0,{"$f":"IF(OR($C205=\"S\",$C205=0),0,MATCH(OFFSET($D205,0,$C205)+IF($C205<>1,1,COUNTIF(QCI!$A$13:$A$24,ORÇAMENTO!E205)),OFFSET($D205,1,$C205,ROW($C$270)-ROW($C205)),0))","v":0},"","Serviço","Serviço","-","SINAPI",null,{"$f":"IF($C205=\"S\",REFERENCIA.Descricao,\"(digite a descrição aqui)\")","v":"(Sem Código)"},{"$f":"REFERENCIA.Unidade","v":"-"},{"$f":"OFFSET(CÁLCULO!H$15,ROW($T205)-ROW(T$15),0)","v":0},null,"BDI 1",{"$f":"IF($C205=\"S\",ROUND(IF(TIPOORCAMENTO=\"Proposto\",ORÇAMENTO.CustoUnitario*(1+$AH205),ORÇAMENTO.PrecoUnitarioLicitado),15-13*$AF$10),0)","v":0},{"$f":"IF($C205=\"S\",IF(OR(Import.TipoArredondamento<>\"TransfereGOV\",ACOMPANHAMENTO=\"BM\"),VTOTAL1,SUM(OFFSET(CÁLCULO!$AA$15,ROW($X205)-ROW($X$15),1):OFFSET(CÁLCULO!$AL$15,ROW($X205)-ROW($X$15),-1))),IF($C205=0,0,ROUND(SomaAgrup,15-13*$AF$11)))","v":0},"RA","",{"$f":"IF($C205=\"S\",IF($Z205=\"CP\",$X205,IF($Z205=\"RA\",(($X205)*QCI!$AA$3),0)),SomaAgrup)","v":0},0,{"$f":"IF($N205=\"\",\" \",\nIF(AND($C205<>\"S\",OR($R205=\"\",$R205=\"(digite a descrição aqui)\")),\"DESCRIÇÃO\",\nIF(AND($C205=\"S\",OR($Q205<>\"\",$T205>0,$U205>0),$P205=\"\"),\"FONTE\",\nIF(AND($C205=\"S\",$P205<>\"\",OR($T205>0,$U205>0),$Q205=\"\"),\"CÓDIGO\",\nIF(AND($C205=\"S\",$P205<>\"\",$Q205<>\"\",$R205=\"(Código não identificado nas referências)\"),\"CÓDIGO N/ID\",\nIF(AND($C205=\"S\",OR($R205=\"\",$R205=\"(digite a descrição aqui)\"),OR($Q205<>\"\",$T205>0,$U205>0)),\"DESCRIÇÃO\",\nIF(AND($C205=\"S\",$P205<>\"\",$Q205<>\"\",$S205=\"\"),\"UNIDADE\",\nIF(AND($C205=\"S\",$P205<>\"\",$Q205<>\"\",$U205=0),\"SEM CUSTO\",\nIF(AND(_xlfn.SINGLE(TIPOORCAMENTO)=\"Licitado\",$AL205=0,$AN205>0),\"SEM PREÇO\",\nIF(AND($C205=\"S\",$P205<>\"\",$Q205<>\"\",$U205>0,AND($V205<>\"BDI 1\",$V205<>\"BDI 2\",$V205<>\"BDI 3\")),IF(ISNUMBER($V205),\"JUSTIFICAR BDI\",\"BDI\"),\nIF(OR(AND(import.recurso=\"OGU\",TIPOORCAMENTO=\"Proposto\",LEFT($O$8,5)<>\"(N/D:\",$AG205<>\"\",ORÇAMENTO.CustoUnitario>$AG205),AND(TIPOORCAMENTO=\"LICITADO\",ORÇAMENTO.PrecoUnitarioLicitado>$AN205)),\"ACIMA REF.\",\nIF(AND($C205=\"S\",$P205<>\"\",$Q205<>\"\",$T205=0,$U205>0),\"QUANT.\",\nIF(AND(Import.TipoArredondamento=\"TransfereGOV\",$L205=\"F\",$C205=\"S\",LEN($Q205)>13),\"Código >13\",\nIF(AND(Import.TipoArredondamento=\"TransfereGOV\",$L205=\"F\",$C205<>\"S\",LEN($R205)>100),\"Descrição >100\",\nIF(AND(Import.TipoArredondamento=\"TransfereGOV\",$L205=\"F\",$C205=\"S\",LEN($R205)>500),\"Descrição >500\",\nIF(AND(Import.TipoArredondamento=\"TransfereGOV\",$L205=\"F\",$C205=\"S\",LEFT(TRIM(UPPER($P205)),6)<>\"SINAPI\",ISNA(VLOOKUP(TRIM(UPPER($S205)),ListaTgov.Unidades,1,FALSE))),\"Unid. Não Disp\",\n\" \"))))))))))))))))","v":{"$error":"#NAME?"}},{"$f":"IF(C205<=CRONO.NivelExibicao,MAX($AD$15:OFFSET(AD205,-1,0))+IF($C205<>1,1,MAX(1,COUNTIF(QCI!$A$13:$A$24,OFFSET($E205,-1,0)))),\"\")","v":""},{"$f":"IF(AND($C205=\"S\",ORÇAMENTO.CodBarra<>\"\"),IF(ORÇAMENTO.Fonte=\"\",ORÇAMENTO.CodBarra,CONCATENATE(ORÇAMENTO.Fonte,\" \",ORÇAMENTO.CodBarra)))","v":false},{"$f":"IF(ISERROR(INDIRECT(ORÇAMENTO.BancoRef)),\"(abra o arquivo 'Referência \"&Excel_BuiltIn_Database&\".xlsm)\",IF(OR($C205<>\"S\",ORÇAMENTO.CodBarra=\"\"),\"(Sem Código)\",IF(ISERROR(MATCH($AE205,INDIRECT(ORÇAMENTO.BancoRef),0)),\"(Código não identificado nas referências)\",MATCH($AE205,INDIRECT(ORÇAMENTO.BancoRef),0))))","v":"(Sem Código)"},{"$f":"ROUND(IF(DESONERACAO=\"sim\",REFERENCIA.Desonerado,REFERENCIA.NaoDesonerado),2)","v":0},0.26,null,null,null,null,0,0]
["S",3,"S",0,{"$f":"IF($C206=1,OFFSET(E206,-1,0)+MAX(1,COUNTIF(QCI!$A$13:$A$24,OFFSET(ORÇAMENTO!E206,-1,0))),OFFSET(E206,-1,0))","v":1},2,2,0,10,0,{"$f":"IF(OR($C206=\"S\",$C206=0),0,MATCH(OFFSET($D206,0,$C206)+IF($C206<>1,1,COUNTIF(QCI!$A$13:$A$24,ORÇAMENTO!E206)),OFFSET($D206,1,$C206,ROW($C$270)-ROW($C206)),0))","v":0},"","Serviço","Serviço","-","SINAPI",null,{"$f":"IF($C206=\"S\",REFERENCIA.Descricao,\"(digite a descrição aqui)\")","v":"(Sem Código)"},{"$f":"REFERENCIA.Unidade","v":"-"},{"$f":"OFFSET(CÁLCULO!H$15,ROW($T206)-ROW(T$15),0)","v":0},null,"BDI 1",{"$f":"IF($C206=\"S\",ROUND(IF(TIPOORCAMENTO=\"Proposto\",ORÇAMENTO.CustoUnitario*(1+$AH206),ORÇAMENTO.PrecoUnitarioLicitado),15-13*$AF$10),0)","v":0},{"$f":"IF($C206=\"S\",IF(OR(Import.TipoArredondamento<>\"TransfereGOV\",ACOMPANHAMENTO=\"BM\"),VTOTAL1,SUM(OFFSET(CÁLCULO!$AA$15,ROW($X206)-ROW($X$15),1):OFFSET(CÁLCULO!$AL$15,ROW($X206)-ROW($X$15),-1))),IF($C206=0,0,ROUND(SomaAgrup,15-13*$AF$11)))","v":0},"RA","",{"$f":"IF($C206=\"S\",IF($Z206=\"CP\",$X206,IF($Z206=\"RA\",(($X206)*QCI!$AA$3),0)),SomaAgrup)","v":0},0,{"$f":"IF($N206=\"\",\" \",\nIF(AND($C206<>\"S\",OR($R206=\"\",$R206=\"(digite a descrição aqui)\")),\"DESCRIÇÃO\",\nIF(AND($C206=\"S\",OR($Q206<>\"\",$T206>0,$U206>0),$P206=\"\"),\"FONTE\",\nIF(AND($C206=\"S\",$P206<>\"\",OR($T206>0,$U206>0),$Q206=\"\"),\"CÓDIGO\",\nIF(AND($C206=\"S\",$P206<>\"\",$Q206<>\"\",$R206=\"(Código não identificado nas referências)\"),\"CÓDIGO N/ID\",\nIF(AND($C206=\"S\",OR($R206=\"\",$R206=\"(digite a descrição aqui)\"),OR($Q206<>\"\",$T206>0,$U206>0)),\"DESCRIÇÃO\",\nIF(AND($C206=\"S\",$P206<>\"\",$Q206<>\"\",$S206=\"\"),\"UNIDADE\",\nIF(AND($C206=\"S\",$P206<>\"\",$Q206<>\"\",$U206=0),\"SEM CUSTO\",\nIF(AND(_xlfn.SINGLE(TIPOORCAMENTO)=\"Licitado\",$AL206=0,$AN206>0),\"SEM PREÇO\",\nIF(AND($C206=\"S\",$P206<>\"\",$Q206<>\"\",$U206>0,AND($V206<>\"BDI 1\",$V206<>\"BDI 2\",$V206<>\"BDI 3\")),IF(ISNUMBER($V206),\"JUSTIFICAR BDI\",\"BDI\"),\nIF(OR(AND(import.recurso=\"OGU\",TIPOORCAMENTO=\"Proposto\",LEFT($O$8,5)<>\"(N/D:\",$AG206<>\"\",ORÇAMENTO.CustoUnitario>$AG206),AND(TIPOORCAMENTO=\"LICITADO\",ORÇAMENTO.PrecoUnitarioLicitado>$AN206)),\"ACIMA REF.\",\nIF(AND($C206=\"S\",$P206<>\"\",$Q206<>\"\",$T206=0,$U206>0),\"QUANT.\",\nIF(AND(Import.TipoArredondamento=\"TransfereGOV\",$L206=\"F\",$C206=\"S\",LEN($Q206)>13),\"Código >13\",\nIF(AND(Import.TipoArredondamento=\"TransfereGOV\",$L206=\"F\",$C206<>\"S\",LEN($R206)>100),\"Descrição >100\",\nIF(AND(Import.TipoArredondamento=\"TransfereGOV\",$L206=\"F\",$C206=\"S\",LEN($R206)>500),\"Descrição >500\",\nIF(AND(Import.TipoArredondamento=\"TransfereGOV\",$L206=\"F\",$C206=\"S\",LEFT(TRIM(UPPER($P206)),6)<>\"SINAPI\",ISNA(VLOOKUP(TRIM(UPPER($S206)),ListaTgov.Unidades,1,FALSE))),\"Unid. Não Disp\",\n\" \"))))))))))))))))","v":{"$error":"#NAME?"}},{"$f":"IF(C206<=CRONO.NivelExibicao,MAX($AD$15:OFFSET(AD206,-1,0))+IF($C206<>1,1,MAX(1,COUNTIF(QCI!$A$13:$A$24,OFFSET($E206,-1,0)))),\"\")","v":""},{"$f":"IF(AND($C206=\"S\",ORÇAMENTO.CodBarra<>\"\"),IF(ORÇAMENTO.Fonte=\"\",ORÇAMENTO.CodBarra,CONCATENATE(ORÇAMENTO.Fonte,\" \",ORÇAMENTO.CodBarra)))","v":false},{"$f":"IF(ISERROR(INDIRECT(ORÇAMENTO.BancoRef)),\"(abra o arquivo 'Referência \"&Excel_BuiltIn_Database&\".xlsm)\",IF(OR($C206<>\"S\",ORÇAMENTO.CodBarra=\"\"),\"(Sem Código)\",IF(ISERROR(MATCH($AE206,INDIRECT(ORÇAMENTO.BancoRef),0)),\"(Código não identificado nas referências)\",MATCH($AE206,INDIRECT(ORÇAMENTO.BancoRef),0))))","v":"(Sem Código)"},{"$f":"ROUND(IF(DESONERACAO=\"sim\",REFERENCIA.Desonerado,REFERENCIA.NaoDesonerado),2)","v":0},0.26,null,null,null,null,0,0]
["S",3,"S",0,{"$f":"IF($C207=1,OFFSET(E207,-1,0)+MAX(1,COUNTIF(QCI!$A$13:$A$24,OFFSET(ORÇAMENTO!E207,-1,0))),OFFSET(E207,-1,0))","v":1},2,2,0,10,0,{"$f":"IF(OR($C207=\"S\",$C207=0),0,MATCH(OFFSET($D207,0,$C207)+IF($C207<>1,1,COUNTIF(QCI!$A$13:$A$24,ORÇAMENTO!E207)),OFFSET($D207,1,$C207,ROW($C$270)-ROW($C207)),0))","v":0},"","Serviço","Serviço","-","SINAPI",null,{"$f":"IF($C207=\"S\",REFERENCIA.Descricao,\"(digite a descrição aqui)\")","v":"(Sem Código)"},{"$f":"REFERENCIA.Unidade","v":"-"},{"$f":"OFFSET(CÁLCULO!H$15,ROW($T207)-ROW(T$15),0)","v":0},null,"BDI 1",{"$f":"IF($C207=\"S\",ROUND(IF(TIPOORCAMENTO=\"Proposto\",ORÇAMENTO.CustoUnitario*(1+$AH207),ORÇAMENTO.PrecoUnitarioLicitado),15-13*$AF$10),0)","v":0},{"$f":"IF($C207=\"S\",IF(OR(Import.TipoArredondamento<>\"TransfereGOV\",ACOMPANHAMENTO=\"BM\"),VTOTAL1,SUM(OFFSET(CÁLCULO!$AA$15,ROW($X207)-ROW($X$15),1):OFFSET(CÁLCULO!$AL$15,ROW($X207)-ROW($X$15),-1))),IF($C207=0,0,ROUND(SomaAgrup,15-13*$AF$11)))","v":0},"RA","",{"$f":"IF($C207=\"S\",IF($Z207=\"CP\",$X207,IF($Z207=\"RA\",(($X207)*QCI!$AA$3),0)),SomaAgrup)","v":0},0,{"$f":"IF($N207=\"\",\" \",\nIF(AND($C207<>\"S\",OR($R207=\"\",$R207=\"(digite a descrição aqui)\")),\"DESCRIÇÃO\",\nIF(AND($C207=\"S\",OR($Q207<>\"\",$T207>0,$U207>0),$P207=\"\"),\"FONTE\",\nIF(AND($C207=\"S\",$P207<>\"\",OR($T207>0,$U207>0),$Q207=\"\"),\"CÓDIGO\",\nIF(AND($C207=\"S\",$P207<>\"\",$Q207<>\"\",$R207=\"(Código não identificado nas referências)\"),\"CÓDIGO N/ID\",\nIF(AND($C207=\"S\",OR($R207=\"\",$R207=\"(digite a descrição aqui)\"),OR($Q207<>\"\",$T207>0,$U207>0)),\"DESCRIÇÃO\",\nIF(AND($C207=\"S\",$P207<>\"\",$Q207<>\"\",$S207=\"\"),\"UNIDADE\",\nIF(AND($C207=\"S\",$P207<>\"\",$Q207<>\"\",$U207=0),\"SEM CUSTO\",\nIF(AND(_xlfn.SINGLE(TIPOORCAMENTO)=\"Licitado\",$AL207=0,$AN207>0),\"SEM PREÇO\",\nIF(AND($C207=\"S\",$P207<>\"\",$Q207<>\"\",$U207>0,AND($V207<>\"BDI 1\",$V207<>\"BDI 2\",$V207<>\"BDI 3\")),IF(ISNUMBER($V207),\"JUSTIFICAR BDI\",\"BDI\"),\nIF(OR(AND(import.recurso=\"OGU\",TIPOORCAMENTO=\"Proposto\",LEFT($O$8,5)<>\"(N/D:\",$AG207<>\"\",ORÇAMENTO.CustoUnitario>$AG207),AND(TIPOORCAMENTO=\"LICITADO\",ORÇAMENTO.PrecoUnitarioLicitado>$AN207)),\"ACIMA REF.\",\nIF(AND($C207=\"S\",$P207<>\"\",$Q207<>\"\",$T207=0,$U207>0),\"QUANT.\",\nIF(AND(Import.TipoArredondamento=\"TransfereGOV\",$L207=\"F\",$C207=\"S\",LEN($Q207)>13),\"Código >13\",\nIF(AND(Import.TipoArredondamento=\"TransfereGOV\",$L207=\"F\",$C207<>\"S\",LEN($R207)>100),\"Descrição >100\",\nIF(AND(Import.TipoArredondamento=\"TransfereGOV\",$L207=\"F\",$C207=\"S\",LEN($R207)>500),\"Descrição >500\",\nIF(AND(Import.TipoArredondamento=\"TransfereGOV\",$L207=\"F\",$C207=\"S\",LEFT(TRIM(UPPER($P207)),6)<>\"SINAPI\",ISNA(VLOOKUP(TRIM(UPPER($S207)),ListaTgov.Unidades,1,FALSE))),\"Unid. Não Disp\",\n\" \"))))))))))))))))","v":{"$error":"#NAME?"}},{"$f":"IF(C207<=CRONO.NivelExibicao,MAX($AD$15:OFFSET(AD207,-1,0))+IF($C207<>1,1,MAX(1,COUNTIF(QCI!$A$13:$A$24,OFFSET($E207,-1,0)))),\"\")","v":""},{"$f":"IF(AND($C207=\"S\",ORÇAMENTO.CodBarra<>\"\"),IF(ORÇAMENTO.Fonte=\"\",ORÇAMENTO.CodBarra,CONCATENATE(ORÇAMENTO.Fonte,\" \",ORÇAMENTO.CodBarra)))","v":false},{"$f":"IF(ISERROR(INDIRECT(ORÇAMENTO.BancoRef)),\"(abra o arquivo 'Referência \"&Excel_BuiltIn_Database&\".xlsm)\",IF(OR($C207<>\"S\",ORÇAMENTO.CodBarra=\"\"),\"(Sem Código)\",IF(ISERROR(MATCH($AE207,INDIRECT(ORÇAMENTO.BancoRef),0)),\"(Código não identificado nas referências)\",MATCH($AE207,INDIRECT(ORÇAMENTO.BancoRef),0))))","v":"(Sem Código)"},{"$f":"ROUND(IF(DESONERACAO=\"sim\",REFERENCIA.Desonerado,REFERENCIA.NaoDesonerado),2)","v":0},0.26,null,null,null,null,0,0]
["S",3,"S",0,{"$f":"IF($C208=1,OFFSET(E208,-1,0)+MAX(1,COUNTIF(QCI!$A$13:$A$24,OFFSET(ORÇAMENTO!E208,-1,0))),OFFSET(E208,-1,0))","v":1},2,2,0,10,0,{"$f":"IF(OR($C208=\"S\",$C208=0),0,MATCH(OFFSET($D208,0,$C208)+IF($C208<>1,1,COUNTIF(QCI!$A$13:$A$24,ORÇAMENTO!E208)),OFFSET($D208,1,$C208,ROW($C$270)-ROW($C208)),0))","v":0},"","Serviço","Serviço","-","SINAPI",null,{"$f":"IF($C208=\"S\",REFERENCIA.Descricao,\"(digite a descrição aqui)\")","v":"(Sem Código)"},{"$f":"REFERENCIA.Unidade","v":"-"},{"$f":"OFFSET(CÁLCULO!H$15,ROW($T208)-ROW(T$15),0)","v":0},null,"BDI 1",{"$f":"IF($C208=\"S\",ROUND(IF(TIPOORCAMENTO=\"Proposto\",ORÇAMENTO.CustoUnitario*(1+$AH208),ORÇAMENTO.PrecoUnitarioLicitado),15-13*$AF$10),0)","v":0},{"$f":"IF($C208=\"S\",IF(OR(Import.TipoArredondamento<>\"TransfereGOV\",ACOMPANHAMENTO=\"BM\"),VTOTAL1,SUM(OFFSET(CÁLCULO!$AA$15,ROW($X208)-ROW($X$15),1):OFFSET(CÁLCULO!$AL$15,ROW($X208)-ROW($X$15),-1))),IF($C208=0,0,ROUND(SomaAgrup,15-13*$AF$11)))","v":0},"RA","",{"$f":"IF($C208=\"S\",IF($Z208=\"CP\",$X208,IF($Z208=\"RA\",(($X208)*QCI!$AA$3),0)),SomaAgrup)","v":0},0,{"$f":"IF($N208=\"\",\" \",\nIF(AND($C208<>\"S\",OR($R208=\"\",$R208=\"(digite a descrição aqui)\")),\"DESCRIÇÃO\",\nIF(AND($C208=\"S\",OR($Q208<>\"\",$T208>0,$U208>0),$P208=\"\"),\"FONTE\",\nIF(AND($C208=\"S\",$P208<>\"\",OR($T208>0,$U208>0),$Q208=\"\"),\"CÓDIGO\",\nIF(AND($C208=\"S\",$P208<>\"\",$Q208<>\"\",$R208=\"(Código não identificado nas referências)\"),\"CÓDIGO N/ID\",\nIF(AND($C208=\"S\",OR($R208=\"\",$R208=\"(digite a descrição aqui)\"),OR($Q208<>\"\",$T208>0,$U208>0)),\"DESCRIÇÃO\",\nIF(AND($C208=\"S\",$P208<>\"\",$Q208<>\"\",$S208=\"\"),\"UNIDADE\",\nIF(AND($C208=\"S\",$P208<>\"\",$Q208<>\"\",$U208=0),\"SEM CUSTO\",\nIF(AND(_xlfn.SINGLE(TIPOORCAMENTO)=\"Licitado\",$AL208=0,$AN208>0),\"SEM PREÇO\",\nIF(AND($C208=\"S\",$P208<>\"\",$Q208<>\"\",$U208>0,AND($V208<>\"BDI 1\",$V208<>\"BDI 2\",$V208<>\"BDI 3\")),IF(ISNUMBER($V208),\"JUSTIFICAR BDI\",\"BDI\"),\nIF(OR(AND(import.recurso=\"OGU\",TIPOORCAMENTO=\"Proposto\",LEFT($O$8,5)<>\"(N/D:\",$AG208<>\"\",ORÇAMENTO.CustoUnitario>$AG208),AND(TIPOORCAMENTO=\"LICITADO\",ORÇAMENTO.PrecoUnitarioLicitado>$AN208)),\"ACIMA REF.\",\nIF(AND($C208=\"S\",$P208<>\"\",$Q208<>\"\",$T208=0,$U208>0),\"QUANT.\",\nIF(AND(Import.TipoArredondamento=\"TransfereGOV\",$L208=\"F\",$C208=\"S\",LEN($Q208)>13),\"Código >13\",\nIF(AND(Import.TipoArredondamento=\"TransfereGOV\",$L208=\"F\",$C208<>\"S\",LEN($R208)>100),\"Descrição >100\",\nIF(AND(Import.TipoArredondamento=\"TransfereGOV\",$L208=\"F\",$C208=\"S\",LEN($R208)>500),\"Descrição >500\",\nIF(AND(Import.TipoArredondamento=\"TransfereGOV\",$L208=\"F\",$C208=\"S\",LEFT(TRIM(UPPER($P208)),6)<>\"SINAPI\",ISNA(VLOOKUP(TRIM(UPPER($S208)),ListaTgov.Unidades,1,FALSE))),\"Unid. Não Disp\",\n\" \"))))))))))))))))","v":{"$error":"#NAME?"}},{"$f":"IF(C208<=CRONO.NivelExibicao,MAX($AD$15:OFFSET(AD208,-1,0))+IF($C208<>1,1,MAX(1,COUNTIF(QCI!$A$13:$A$24,OFFSET($E208,-1,0)))),\"\")","v":""},{"$f":"IF(AND($C208=\"S\",ORÇAMENTO.CodBarra<>\"\"),IF(ORÇAMENTO.Fonte=\"\",ORÇAMENTO.CodBarra,CONCATENATE(ORÇAMENTO.Fonte,\" \",ORÇAMENTO.CodBarra)))","v":false},{"$f":"IF(ISERROR(INDIRECT(ORÇAMENTO.BancoRef)),\"(abra o arquivo 'Referência \"&Excel_BuiltIn_Database&\".xlsm)\",IF(OR($C208<>\"S\",ORÇAMENTO.CodBarra=\"\"),\"(Sem Código)\",IF(ISERROR(MATCH($AE208,INDIRECT(ORÇAMENTO.BancoRef),0)),\"(Código não identificado nas referências)\",MATCH($AE208,INDIRECT(ORÇAMENTO.BancoRef),0))))","v":"(Sem Código)"},{"$f":"ROUND(IF(DESONERACAO=\"sim\",REFERENCIA.Desonerado,REFERENCIA.NaoDesonerado),2)","v":0},0.26,null,null,null,null,0,0]
["S",3,"S",0,{"$f":"IF($C209=1,OFFSET(E209,-1,0)+MAX(1,COUNTIF(QCI!$A$13:$A$24,OFFSET(ORÇAMENTO!E209,-1,0))),OFFSET(E209,-1,0))","v":1},2,2,0,10,0,{"$f":"IF(OR($C209=\"S\",$C209=0),0,MATCH(OFFSET($D209,0,$C209)+IF($C209<>1,1,COUNTIF(QCI!$A$13:$A$24,ORÇAMENTO!E209)),OFFSET($D209,1,$C209,ROW($C$270)-ROW($C209)),0))","v":0},"","Serviço","Serviço","-","SINAPI",null,{"$f":"IF($C209=\"S\",REFERENCIA.Descricao,\"(digite a descrição aqui)\")","v":"(Sem Código)"},{"$f":"REFERENCIA.Unidade","v":"-"},{"$f":"OFFSET(CÁLCULO!H$15,ROW($T209)-ROW(T$15),0)","v":0},null,"BDI 1",{"$f":"IF($C209=\"S\",ROUND(IF(TIPOORCAMENTO=\"Proposto\",ORÇAMENTO.CustoUnitario*(1+$AH209),ORÇAMENTO.PrecoUnitarioLicitado),15-13*$AF$10),0)","v":0},{"$f":"IF($C209=\"S\",IF(OR(Import.TipoArredondamento<>\"TransfereGOV\",ACOMPANHAMENTO=\"BM\"),VTOTAL1,SUM(OFFSET(CÁLCULO!$AA$15,ROW($X209)-ROW($X$15),1):OFFSET(CÁLCULO!$AL$15,ROW($X209)-ROW($X$15),-1))),IF($C209=0,0,ROUND(SomaAgrup,15-13*$AF$11)))","v":0},"RA","",{"$f":"IF($C209=\"S\",IF($Z209=\"CP\",$X209,IF($Z209=\"RA\",(($X209)*QCI!$AA$3),0)),SomaAgrup)","v":0},0,{"$f":"IF($N209=\"\",\" \",\nIF(AND($C209<>\"S\",OR($R209=\"\",$R209=\"(digite a descrição aqui)\")),\"DESCRIÇÃO\",\nIF(AND($C209=\"S\",OR($Q209<>\"\",$T209>0,$U209>0),$P209=\"\"),\"FONTE\",\nIF(AND($C209=\"S\",$P209<>\"\",OR($T209>0,$U209>0),$Q209=\"\"),\"CÓDIGO\",\nIF(AND($C209=\"S\",$P209<>\"\",$Q209<>\"\",$R209=\"(Código não identificado nas referências)\"),\"CÓDIGO N/ID\",\nIF(AND($C209=\"S\",OR($R209=\"\",$R209=\"(digite a descrição aqui)\"),OR($Q209<>\"\",$T209>0,$U209>0)),\"DESCRIÇÃO\",\nIF(AND($C209=\"S\",$P209<>\"\",$Q209<>\"\",$S209=\"\"),\"UNIDADE\",\nIF(AND($C209=\"S\",$P209<>\"\",$Q209<>\"\",$U209=0),\"SEM CUSTO\",\nIF(AND(_xlfn.SINGLE(TIPOORCAMENTO)=\"Licitado\",$AL209=0,$AN209>0),\"SEM PREÇO\",\nIF(AND($C209=\"S\",$P209<>\"\",$Q209<>\"\",$U209>0,AND($V209<>\"BDI 1\",$V209<>\"BDI 2\",$V209<>\"BDI 3\")),IF(ISNUMBER($V209),\"JUSTIFICAR BDI\",\"BDI\"),\nIF(OR(AND(import.recurso=\"OGU\",TIPOORCAMENTO=\"Proposto\",LEFT($O$8,5)<>\"(N/D:\",$AG209<>\"\",ORÇAMENTO.CustoUnitario>$AG209),AND(TIPOORCAMENTO=\"LICITADO\",ORÇAMENTO.PrecoUnitarioLicitado>$AN209)),\"ACIMA REF.\",\nIF(AND($C209=\"S\",$P209<>\"\",$Q209<>\"\",$T209=0,$U209>0),\"QUANT.\",\nIF(AND(Import.TipoArredondamento=\"TransfereGOV\",$L209=\"F\",$C209=\"S\",LEN($Q209)>13),\"Código >13\",\nIF(AND(Import.TipoArredondamento=\"TransfereGOV\",$L209=\"F\",$C209<>\"S\",LEN($R209)>100),\"Descrição >100\",\nIF(AND(Import.TipoArredondamento=\"TransfereGOV\",$L209=\"F\",$C209=\"S\",LEN($R209)>500),\"Descrição >500\",\nIF(AND(Import.TipoArredondamento=\"TransfereGOV\",$L209=\"F\",$C209=\"S\",LEFT(TRIM(UPPER($P209)),6)<>\"SINAPI\",ISNA(VLOOKUP(TRIM(UPPER($S209)),ListaTgov.Unidades,1,FALSE))),\"Unid. Não Disp\",\n\" \"))))))))))))))))","v":{"$error":"#NAME?"}},{"$f":"IF(C209<=CRONO.NivelExibicao,MAX($AD$15:OFFSET(AD209,-1,0))+IF($C209<>1,1,MAX(1,COUNTIF(QCI!$A$13:$A$24,OFFSET($E209,-1,0)))),\"\")","v":""},{"$f":"IF(AND($C209=\"S\",ORÇAMENTO.CodBarra<>\"\"),IF(ORÇAMENTO.Fonte=\"\",ORÇAMENTO.CodBarra,CONCATENATE(ORÇAMENTO.Fonte,\" \",ORÇAMENTO.CodBarra)))","v":false},{"$f":"IF(ISERROR(INDIRECT(ORÇAMENTO.BancoRef)),\"(abra o arquivo 'Referência \"&Excel_BuiltIn_Database&\".xlsm)\",IF(OR($C209<>\"S\",ORÇAMENTO.CodBarra=\"\"),\"(Sem Código)\",IF(ISERROR(MATCH($AE209,INDIRECT(ORÇAMENTO.BancoRef),0)),\"(Código não identificado nas referências)\",MATCH($AE209,INDIRECT(ORÇAMENTO.BancoRef),0))))","v":"(Sem Código)"},{"$f":"ROUND(IF(DESONERACAO=\"sim\",REFERENCIA.Desonerado,REFERENCIA.NaoDesonerado),2)","v":0},0.26,null,null,null,null,0,0]
["S",3,"S",0,{"$f":"IF($C210=1,OFFSET(E210,-1,0)+MAX(1,COUNTIF(QCI!$A$13:$A$24,OFFSET(ORÇAMENTO!E210,-1,0))),OFFSET(E210,-1,0))","v":1},2,2,0,10,0,{"$f":"IF(OR($C210=\"S\",$C210=0),0,MATCH(OFFSET($D210,0,$C210)+IF($C210<>1,1,COUNTIF(QCI!$A$13:$A$24,ORÇAMENTO!E210)),OFFSET($D210,1,$C210,ROW($C$270)-ROW($C210)),0))","v":0},"","Serviço","Serviço","-","SINAPI",null,{"$f":"IF($C210=\"S\",REFERENCIA.Descricao,\"(digite a descrição aqui)\")","v":"(Sem Código)"},{"$f":"REFERENCIA.Unidade","v":"-"},{"$f":"OFFSET(CÁLCULO!H$15,ROW($T210)-ROW(T$15),0)","v":0},null,"BDI 1",{"$f":"IF($C210=\"S\",ROUND(IF(TIPOORCAMENTO=\"Proposto\",ORÇAMENTO.CustoUnitario*(1+$AH210),ORÇAMENTO.PrecoUnitarioLicitado),15-13*$AF$10),0)","v":0},{"$f":"IF($C210=\"S\",IF(OR(Import.TipoArredondamento<>\"TransfereGOV\",ACOMPANHAMENTO=\"BM\"),VTOTAL1,SUM(OFFSET(CÁLCULO!$AA$15,ROW($X210)-ROW($X$15),1):OFFSET(CÁLCULO!$AL$15,ROW($X210)-ROW($X$15),-1))),IF($C210=0,0,ROUND(SomaAgrup,15-13*$AF$11)))","v":0},"RA","",{"$f":"IF($C210=\"S\",IF($Z210=\"CP\",$X210,IF($Z210=\"RA\",(($X210)*QCI!$AA$3),0)),SomaAgrup)","v":0},0,{"$f":"IF($N210=\"\",\" \",\nIF(AND($C210<>\"S\",OR($R210=\"\",$R210=\"(digite a descrição aqui)\")),\"DESCRIÇÃO\",\nIF(AND($C210=\"S\",OR($Q210<>\"\",$T210>0,$U210>0),$P210=\"\"),\"FONTE\",\nIF(AND($C210=\"S\",$P210<>\"\",OR($T210>0,$U210>0),$Q210=\"\"),\"CÓDIGO\",\nIF(AND($C210=\"S\",$P210<>\"\",$Q210<>\"\",$R210=\"(Código não identificado nas referências)\"),\"CÓDIGO N/ID\",\nIF(AND($C210=\"S\",OR($R210=\"\",$R210=\"(digite a descrição aqui)\"),OR($Q210<>\"\",$T210>0,$U210>0)),\"DESCRIÇÃO\",\nIF(AND($C210=\"S\",$P210<>\"\",$Q210<>\"\",$S210=\"\"),\"UNIDADE\",\nIF(AND($C210=\"S\",$P210<>\"\",$Q210<>\"\",$U210=0),\"SEM CUSTO\",\nIF(AND(_xlfn.SINGLE(TIPOORCAMENTO)=\"Licitado\",$AL210=0,$AN210>0),\"SEM PREÇO\",\nIF(AND($C210=\"S\",$P210<>\"\",$Q210<>\"\",$U210>0,AND($V210<>\"BDI 1\",$V210<>\"BDI 2\",$V210<>\"BDI 3\")),IF(ISNUMBER($V210),\"JUSTIFICAR BDI\",\"BDI\"),\nIF(OR(AND(import.recurso=\"OGU\",TIPOORCAMENTO=\"Proposto\",LEFT($O$8,5)<>\"(N/D:\",$AG210<>\"\",ORÇAMENTO.CustoUnitario>$AG210),AND(TIPOORCAMENTO=\"LICITADO\",ORÇAMENTO.PrecoUnitarioLicitado>$AN210)),\"ACIMA REF.\",\nIF(AND($C210=\"S\",$P210<>\"\",$Q210<>\"\",$T210=0,$U210>0),\"QUANT.\",\nIF(AND(Import.TipoArredondamento=\"TransfereGOV\",$L210=\"F\",$C210=\"S\",LEN($Q210)>13),\"Código >13\",\nIF(AND(Import.TipoArredondamento=\"TransfereGOV\",$L210=\"F\",$C210<>\"S\",LEN($R210)>100),\"Descrição >100\",\nIF(AND(Import.TipoArredondamento=\"TransfereGOV\",$L210=\"F\",$C210=\"S\",LEN($R210)>500),\"Descrição >500\",\nIF(AND(Import.TipoArredondamento=\"TransfereGOV\",$L210=\"F\",$C210=\"S\",LEFT(TRIM(UPPER($P210)),6)<>\"SINAPI\",ISNA(VLOOKUP(TRIM(UPPER($S210)),ListaTgov.Unidades,1,FALSE))),\"Unid. Não Disp\",\n\" \"))))))))))))))))","v":{"$error":"#NAME?"}},{"$f":"IF(C210<=CRONO.NivelExibicao,MAX($AD$15:OFFSET(AD210,-1,0))+IF($C210<>1,1,MAX(1,COUNTIF(QCI!$A$13:$A$24,OFFSET($E210,-1,0)))),\"\")","v":""},{"$f":"IF(AND($C210=\"S\",ORÇAMENTO.CodBarra<>\"\"),IF(ORÇAMENTO.Fonte=\"\",ORÇAMENTO.CodBarra,CONCATENATE(ORÇAMENTO.Fonte,\" \",ORÇAMENTO.CodBarra)))","v":false},{"$f":"IF(ISERROR(INDIRECT(ORÇAMENTO.BancoRef)),\"(abra o arquivo 'Referência \"&Excel_BuiltIn_Database&\".xlsm)\",IF(OR($C210<>\"S\",ORÇAMENTO.CodBarra=\"\"),\"(Sem Código)\",IF(ISERROR(MATCH($AE210,INDIRECT(ORÇAMENTO.BancoRef),0)),\"(Código não identificado nas referências)\",MATCH($AE210,INDIRECT(ORÇAMENTO.BancoRef),0))))","v":"(Sem Código)"},{"$f":"ROUND(IF(DESONERACAO=\"sim\",REFERENCIA.Desonerado,REFERENCIA.NaoDesonerado),2)","v":0},0.26,null,null,null,null,0,0]
["S",3,"S",0,{"$f":"IF($C211=1,OFFSET(E211,-1,0)+MAX(1,COUNTIF(QCI!$A$13:$A$24,OFFSET(ORÇAMENTO!E211,-1,0))),OFFSET(E211,-1,0))","v":1},2,2,0,10,0,{"$f":"IF(OR($C211=\"S\",$C211=0),0,MATCH(OFFSET($D211,0,$C211)+IF($C211<>1,1,COUNTIF(QCI!$A$13:$A$24,ORÇAMENTO!E211)),OFFSET($D211,1,$C211,ROW($C$270)-ROW($C211)),0))","v":0},"","Serviço","Serviço","-","SINAPI",null,{"$f":"IF($C211=\"S\",REFERENCIA.Descricao,\"(digite a descrição aqui)\")","v":"(Sem Código)"},{"$f":"REFERENCIA.Unidade","v":"-"},{"$f":"OFFSET(CÁLCULO!H$15,ROW($T211)-ROW(T$15),0)","v":0},null,"BDI 1",{"$f":"IF($C211=\"S\",ROUND(IF(TIPOORCAMENTO=\"Proposto\",ORÇAMENTO.CustoUnitario*(1+$AH211),ORÇAMENTO.PrecoUnitarioLicitado),15-13*$AF$10),0)","v":0},{"$f":"IF($C211=\"S\",IF(OR(Import.TipoArredondamento<>\"TransfereGOV\",ACOMPANHAMENTO=\"BM\"),VTOTAL1,SUM(OFFSET(CÁLCULO!$AA$15,ROW($X211)-ROW($X$15),1):OFFSET(CÁLCULO!$AL$15,ROW($X211)-ROW($X$15),-1))),IF($C211=0,0,ROUND(SomaAgrup,15-13*$AF$11)))","v":0},"RA","",{"$f":"IF($C211=\"S\",IF($Z211=\"CP\",$X211,IF($Z211=\"RA\",(($X211)*QCI!$AA$3),0)),SomaAgrup)","v":0},0,{"$f":"IF($N211=\"\",\" \",\nIF(AND($C211<>\"S\",OR($R211=\"\",$R211=\"(digite a descrição aqui)\")),\"DESCRIÇÃO\",\nIF(AND($C211=\"S\",OR($Q211<>\"\",$T211>0,$U211>0),$P211=\"\"),\"FONTE\",\nIF(AND($C211=\"S\",$P211<>\"\",OR($T211>0,$U211>0),$Q211=\"\"),\"CÓDIGO\",\nIF(AND($C211=\"S\",$P211<>\"\",$Q211<>\"\",$R211=\"(Código não identificado nas referências)\"),\"CÓDIGO N/ID\",\nIF(AND($C211=\"S\",OR($R211=\"\",$R211=\"(digite a descrição aqui)\"),OR($Q211<>\"\",$T211>0,$U211>0)),\"DESCRIÇÃO\",\nIF(AND($C211=\"S\",$P211<>\"\",$Q211<>\"\",$S211=\"\"),\"UNIDADE\",\nIF(AND($C211=\"S\",$P211<>\"\",$Q211<>\"\",$U211=0),\"SEM CUSTO\",\nIF(AND(_xlfn.SINGLE(TIPOORCAMENTO)=\"Licitado\",$AL211=0,$AN211>0),\"SEM PREÇO\",\nIF(AND($C211=\"S\",$P211<>\"\",$Q211<>\"\",$U211>0,AND($V211<>\"BDI 1\",$V211<>\"BDI 2\",$V211<>\"BDI 3\")),IF(ISNUMBER($V211),\"JUSTIFICAR BDI\",\"BDI\"),\nIF(OR(AND(import.recurso=\"OGU\",TIPOORCAMENTO=\"Proposto\",LEFT($O$8,5)<>\"(N/D:\",$AG211<>\"\",ORÇAMENTO.CustoUnitario>$AG211),AND(TIPOORCAMENTO=\"LICITADO\",ORÇAMENTO.PrecoUnitarioLicitado>$AN211)),\"ACIMA REF.\",\nIF(AND($C211=\"S\",$P211<>\"\",$Q211<>\"\",$T211=0,$U211>0),\"QUANT.\",\nIF(AND(Import.TipoArredondamento=\"TransfereGOV\",$L211=\"F\",$C211=\"S\",LEN($Q211)>13),\"Código >13\",\nIF(AND(Import.TipoArredondamento=\"TransfereGOV\",$L211=\"F\",$C211<>\"S\",LEN($R211)>100),\"Descrição >100\",\nIF(AND(Import.TipoArredondamento=\"TransfereGOV\",$L211=\"F\",$C211=\"S\",LEN($R211)>500),\"Descrição >500\",\nIF(AND(Import.TipoArredondamento=\"TransfereGOV\",$L211=\"F\",$C211=\"S\",LEFT(TRIM(UPPER($P211)),6)<>\"SINAPI\",ISNA(VLOOKUP(TRIM(UPPER($S211)),ListaTgov.Unidades,1,FALSE))),\"Unid. Não Disp\",\n\" \"))))))))))))))))","v":{"$error":"#NAME?"}},{"$f":"IF(C211<=CRONO.NivelExibicao,MAX($AD$15:OFFSET(AD211,-1,0))+IF($C211<>1,1,MAX(1,COUNTIF(QCI!$A$13:$A$24,OFFSET($E211,-1,0)))),\"\")","v":""},{"$f":"IF(AND($C211=\"S\",ORÇAMENTO.CodBarra<>\"\"),IF(ORÇAMENTO.Fonte=\"\",ORÇAMENTO.CodBarra,CONCATENATE(ORÇAMENTO.Fonte,\" \",ORÇAMENTO.CodBarra)))","v":false},{"$f":"IF(ISERROR(INDIRECT(ORÇAMENTO.BancoRef)),\"(abra o arquivo 'Referência \"&Excel_BuiltIn_Database&\".xlsm)\",IF(OR($C211<>\"S\",ORÇAMENTO.CodBarra=\"\"),\"(Sem Código)\",IF(ISERROR(MATCH($AE211,INDIRECT(ORÇAMENTO.BancoRef),0)),\"(Código não identificado nas referências)\",MATCH($AE211,INDIRECT(ORÇAMENTO.BancoRef),0))))","v":"(Sem Código)"},{"$f":"ROUND(IF(DESONERACAO=\"sim\",REFERENCIA.Desonerado,REFERENCIA.NaoDesonerado),2)","v":0},0.26,null,null,null,null,0,0]
[{"$f":"CHOOSE(1+LOG(1+2*(ORÇAMENTO.Nivel=\"Meta\")+4*(ORÇAMENTO.Nivel=\"Nível 2\")+8*(ORÇAMENTO.Nivel=\"Nível 3\")+16*(ORÇAMENTO.Nivel=\"Nível 4\")+32*(ORÇAMENTO.Nivel=\"Serviço\"),2),0,1,2,3,4,\"S\")","v":"S"},{"$f":"IF(OR(C212=\"s\",C212=0),OFFSET(B212,-1,0),C212)","v":3},{"$f":"IF(OFFSET(C212,-1,0)=\"L\",1,IF(OFFSET(C212,-1,0)=1,2,IF(OR(A212=\"s\",A212=0),\"S\",IF(AND(OFFSET(C212,-1,0)=2,A212=4),3,IF(AND(OR(OFFSET(C212,-1,0)=\"s\",OFFSET(C212,-1,0)=0),A212<>\"s\",A212>OFFSET(B212,-1,0)),OFFSET(B212,-1,0),A212)))))","v":"S"},{"$f":"IF(OR(C212=\"S\",C212=0),0,IF(ISERROR(K212),J212,SMALL(J212:K212,1)))","v":0},{"$f":"IF($C212=1,OFFSET(E212,-1,0)+MAX(1,COUNTIF(QCI!$A$13:$A$24,OFFSET(ORÇAMENTO!E212,-1,0))),OFFSET(E212,-1,0))","v":1},{"$f":"IF($C212=1,0,IF($C212=2,OFFSET(F212,-1,0)+1,OFFSET(F212,-1,0)))","v":2},{"$f":"IF(AND($C212<=2,$C212<>0),0,IF($C212=3,OFFSET(G212,-1,0)+1,OFFSET(G212,-1,0)))","v":2},{"$f":"IF(AND($C212<=3,$C212<>0),0,IF($C212=4,OFFSET(H212,-1,0)+1,OFFSET(H212,-1,0)))","v":0},{"$f":"IF(AND($C212<=4,$C212<>0),0,IF(AND($C212=\"S\",$X212>0),OFFSET(I212,-1,0)+1,OFFSET(I212,-1,0)))","v":10},{"$f":"IF(OR($C212=\"S\",$C212=0),0,MATCH(0,OFFSET($D212,1,$C212,ROW($C$270)-ROW($C212)),0))","v":0},{"$f":"IF(OR($C212=\"S\",$C212=0),0,MATCH(OFFSET($D212,0,$C212)+IF($C212<>1,1,COUNTIF(QCI!$A$13:$A$24,ORÇAMENTO!E212)),OFFSET($D212,1,$C212,ROW($C$270)-ROW($C212)),0))","v":0},{"$f":"IF(OR($X212>0,$C212=1,$C212=2,$C212=3,$C212=4),\"F\",\"\")","v":""},"Serviço",{"$f":"CHOOSE(1+LOG(1+2*(C212=1)+4*(C212=2)+8*(C212=3)+16*(C212=4)+32*(C212=\"S\"),2),\"\",\"Meta\",\"Nível 2\",\"Nível 3\",\"Nível 4\",\"Serviço\")","v":"Serviço"},{"$f":"IF(OR($C212=0,$L212=\"\"),\"-\",CONCATENATE(E212&\".\",IF(AND($A$5>=2,$C212>=2),F212&\".\",\"\"),IF(AND($A$5>=3,$C212>=3),G212&\".\",\"\"),IF(AND($A$5>=4,$C212>=4),H212&\".\",\"\"),IF($C212=\"S\",I212&\".\",\"\")))","v":"-"},"SINAPI",null,{"$f":"IF($C212=\"S\",REFERENCIA.Descricao,\"(digite a descrição aqui)\")","v":"(Sem Código)"},{"$f":"REFERENCIA.Unidade","v":"-"},{"$f":"OFFSET(CÁLCULO!H$15,ROW($T212)-ROW(T$15),0)","v":0},null,"BDI 1",{"$f":"IF($C212=\"S\",ROUND(IF(TIPOORCAMENTO=\"Proposto\",ORÇAMENTO.CustoUnitario*(1+$AH212),ORÇAMENTO.PrecoUnitarioLicitado),15-13*$AF$10),0)","v":0},{"$f":"IF($C212=\"S\",IF(OR(Import.TipoArredondamento<>\"TransfereGOV\",ACOMPANHAMENTO=\"BM\"),VTOTAL1,SUM(OFFSET(CÁLCULO!$AA$15,ROW($X212)-ROW($X$15),1):OFFSET(CÁLCULO!$AL$15,ROW($X212)-ROW($X$15),-1))),IF($C212=0,0,ROUND(SomaAgrup,15-13*$AF$11)))","v":0},"RA",{"$f":"IF(AND($C212=\"S\",$X212>0),IF(ISBLANK($Y212),\"RA\",LEFT($Y212,2)),\"\")","v":""},{"$f":"IF($C212=\"S\",IF($Z212=\"CP\",$X212,IF($Z212=\"RA\",(($X212)*QCI!$AA$3),0)),SomaAgrup)","v":0},{"$f":"IF($C212=\"S\",IF($Z212=\"OU\",ROUND($X212,2),0),SomaAgrup)","v":0},{"$f":"IF($N212=\"\",\" \",\nIF(AND($C212<>\"S\",OR($R212=\"\",$R212=\"(digite a descrição aqui)\")),\"DESCRIÇÃO\",\nIF(AND($C212=\"S\",OR($Q212<>\"\",$T212>0,$U212>0),$P212=\"\"),\"FONTE\",\nIF(AND($C212=\"S\",$P212<>\"\",OR($T212>0,$U212>0),$Q212=\"\"),\"CÓDIGO\",\nIF(AND($C212=\"S\",$P212<>\"\",$Q212<>\"\",$R212=\"(Código não identificado nas referências)\"),\"CÓDIGO N/ID\",\nIF(AND($C212=\"S\",OR($R212=\"\",$R212=\"(digite a descrição aqui)\"),OR($Q212<>\"\",$T212>0,$U212>0)),\"DESCRIÇÃO\",\nIF(AND($C212=\"S\",$P212<>\"\",$Q212<>\"\",$S212=\"\"),\"UNIDADE\",\nIF(AND($C212=\"S\",$P212<>\"\",$Q212<>\"\",$U212=0),\"SEM CUSTO\",\nIF(AND(_xlfn.SINGLE(TIPOORCAMENTO)=\"Licitado\",$AL212=0,$AN212>0),\"SEM PREÇO\",\nIF(AND($C212=\"S\",$P212<>\"\",$Q212<>\"\",$U212>0,AND($V212<>\"BDI 1\",$V212<>\"BDI 2\",$V212<>\"BDI 3\")),IF(ISNUMBER($V212),\"JUSTIFICAR BDI\",\"BDI\"),\nIF(OR(AND(import.recurso=\"OGU\",TIPOORCAMENTO=\"Proposto\",LEFT($O$8,5)<>\"(N/D:\",$AG212<>\"\",ORÇAMENTO.CustoUnitario>$AG212),AND(TIPOORCAMENTO=\"LICITADO\",ORÇAMENTO.PrecoUnitarioLicitado>$AN212)),\"ACIMA REF.\",\nIF(AND($C212=\"S\",$P212<>\"\",$Q212<>\"\",$T212=0,$U212>0),\"QUANT.\",\nIF(AND(Import.TipoArredondamento=\"TransfereGOV\",$L212=\"F\",$C212=\"S\",LEN($Q212)>13),\"Código >13\",\nIF(AND(Import.TipoArredondamento=\"TransfereGOV\",$L212=\"F\",$C212<>\"S\",LEN($R212)>100),\"Descrição >100\",\nIF(AND(Import.TipoArredondamento=\"TransfereGOV\",$L212=\"F\",$C212=\"S\",LEN($R212)>500),\"Descrição >500\",\nIF(AND(Import.TipoArredondamento=\"TransfereGOV\",$L212=\"F\",$C212=\"S\",LEFT(TRIM(UPPER($P212)),6)<>\"SINAPI\",ISNA(VLOOKUP(TRIM(UPPER($S212)),ListaTgov.Unidades,1,FALSE))),\"Unid. Não Disp\",\n\" \"))))))))))))))))","v":{"$error":"#NAME?"}},{"$f":"IF(C212<=CRONO.NivelExibicao,MAX($AD$15:OFFSET(AD212,-1,0))+IF($C212<>1,1,MAX(1,COUNTIF(QCI!$A$13:$A$24,OFFSET($E212,-1,0)))),\"\")","v":""},{"$f":"IF(AND($C212=\"S\",ORÇAMENTO.CodBarra<>\"\"),IF(ORÇAMENTO.Fonte=\"\",ORÇAMENTO.CodBarra,CONCATENATE(ORÇAMENTO.Fonte,\" \",ORÇAMENTO.CodBarra)))","v":false},{"$f":"IF(ISERROR(INDIRECT(ORÇAMENTO.BancoRef)),\"(abra o arquivo 'Referência \"&Excel_BuiltIn_Database&\".xlsm)\",IF(OR($C212<>\"S\",ORÇAMENTO.CodBarra=\"\"),\"(Sem Código)\",IF(ISERROR(MATCH($AE212,INDIRECT(ORÇAMENTO.BancoRef),0)),\"(Código não identificado nas referências)\",MATCH($AE212,INDIRECT(ORÇAMENTO.BancoRef),0))))","v":"(Sem Código)"},{"$f":"ROUND(IF(DESONERACAO=\"sim\",REFERENCIA.Desonerado,REFERENCIA.NaoDesonerado),2)","v":0},{"$f":"ROUND(IF(ISNUMBER(ORÇAMENTO.OpcaoBDI),ORÇAMENTO.OpcaoBDI,IF(LEFT(ORÇAMENTO.OpcaoBDI,3)=\"BDI\",HLOOKUP(ORÇAMENTO.OpcaoBDI,$F$4:$H$5,2,FALSE),0)),15-11*$AF$9)","v":0.26},null,null,null,null,0,{"$f":"ROUND(ORÇAMENTO.CustoUnitario*(1+$AH212),2)","v":0}]
["S",3,"S",0,{"$f":"IF($C213=1,OFFSET(E213,-1,0)+MAX(1,COUNTIF(QCI!$A$13:$A$24,OFFSET(ORÇAMENTO!E213,-1,0))),OFFSET(E213,-1,0))","v":1},2,2,0,10,0,{"$f":"IF(OR($C213=\"S\",$C213=0),0,MATCH(OFFSET($D213,0,$C213)+IF($C213<>1,1,COUNTIF(QCI!$A$13:$A$24,ORÇAMENTO!E213)),OFFSET($D213,1,$C213,ROW($C$270)-ROW($C213)),0))","v":0},"","Serviço","Serviço","-","SINAPI",null,{"$f":"IF($C213=\"S\",REFERENCIA.Descricao,\"(digite a descrição aqui)\")","v":"(Sem Código)"},{"$f":"REFERENCIA.Unidade","v":"-"},{"$f":"OFFSET(CÁLCULO!H$15,ROW($T213)-ROW(T$15),0)","v":0},null,"BDI 1",{"$f":"IF($C213=\"S\",ROUND(IF(TIPOORCAMENTO=\"Proposto\",ORÇAMENTO.CustoUnitario*(1+$AH213),ORÇAMENTO.PrecoUnitarioLicitado),15-13*$AF$10),0)","v":0},{"$f":"IF($C213=\"S\",IF(OR(Import.TipoArredondamento<>\"TransfereGOV\",ACOMPANHAMENTO=\"BM\"),VTOTAL1,SUM(OFFSET(CÁLCULO!$AA$15,ROW($X213)-ROW($X$15),1):OFFSET(CÁLCULO!$AL$15,ROW($X213)-ROW($X$15),-1))),IF($C213=0,0,ROUND(SomaAgrup,15-13*$AF$11)))","v":0},"RA","",{"$f":"IF($C213=\"S\",IF($Z213=\"CP\",$X213,IF($Z213=\"RA\",(($X213)*QCI!$AA$3),0)),SomaAgrup)","v":0},0,{"$f":"IF($N213=\"\",\" \",\nIF(AND($C213<>\"S\",OR($R213=\"\",$R213=\"(digite a descrição aqui)\")),\"DESCRIÇÃO\",\nIF(AND($C213=\"S\",OR($Q213<>\"\",$T213>0,$U213>0),$P213=\"\"),\"FONTE\",\nIF(AND($C213=\"S\",$P213<>\"\",OR($T213>0,$U213>0),$Q213=\"\"),\"CÓDIGO\",\nIF(AND($C213=\"S\",$P213<>\"\",$Q213<>\"\",$R213=\"(Código não identificado nas referências)\"),\"CÓDIGO N/ID\",\nIF(AND($C213=\"S\",OR($R213=\"\",$R213=\"(digite a descrição aqui)\"),OR($Q213<>\"\",$T213>0,$U213>0)),\"DESCRIÇÃO\",\nIF(AND($C213=\"S\",$P213<>\"\",$Q213<>\"\",$S213=\"\"),\"UNIDADE\",\nIF(AND($C213=\"S\",$P213<>\"\",$Q213<>\"\",$U213=0),\"SEM CUSTO\",\nIF(AND(_xlfn.SINGLE(TIPOORCAMENTO)=\"Licitado\",$AL213=0,$AN213>0),\"SEM PREÇO\",\nIF(AND($C213=\"S\",$P213<>\"\",$Q213<>\"\",$U213>0,AND($V213<>\"BDI 1\",$V213<>\"BDI 2\",$V213<>\"BDI 3\")),IF(ISNUMBER($V213),\"JUSTIFICAR BDI\",\"BDI\"),\nIF(OR(AND(import.recurso=\"OGU\",TIPOORCAMENTO=\"Proposto\",LEFT($O$8,5)<>\"(N/D:\",$AG213<>\"\",ORÇAMENTO.CustoUnitario>$AG213),AND(TIPOORCAMENTO=\"LICITADO\",ORÇAMENTO.PrecoUnitarioLicitado>$AN213)),\"ACIMA REF.\",\nIF(AND($C213=\"S\",$P213<>\"\",$Q213<>\"\",$T213=0,$U213>0),\"QUANT.\",\nIF(AND(Import.TipoArredondamento=\"TransfereGOV\",$L213=\"F\",$C213=\"S\",LEN($Q213)>13),\"Código >13\",\nIF(AND(Import.TipoArredondamento=\"TransfereGOV\",$L213=\"F\",$C213<>\"S\",LEN($R213)>100),\"Descrição >100\",\nIF(AND(Import.TipoArredondamento=\"TransfereGOV\",$L213=\"F\",$C213=\"S\",LEN($R213)>500),\"Descrição >500\",\nIF(AND(Import.TipoArredondamento=\"TransfereGOV\",$L213=\"F\",$C213=\"S\",LEFT(TRIM(UPPER($P213)),6)<>\"SINAPI\",ISNA(VLOOKUP(TRIM(UPPER($S213)),ListaTgov.Unidades,1,FALSE))),\"Unid. Não Disp\",\n\" \"))))))))))))))))","v":{"$error":"#NAME?"}},{"$f":"IF(C213<=CRONO.NivelExibicao,MAX($AD$15:OFFSET(AD213,-1,0))+IF($C213<>1,1,MAX(1,COUNTIF(QCI!$A$13:$A$24,OFFSET($E213,-1,0)))),\"\")","v":""},{"$f":"IF(AND($C213=\"S\",ORÇAMENTO.CodBarra<>\"\"),IF(ORÇAMENTO.Fonte=\"\",ORÇAMENTO.CodBarra,CONCATENATE(ORÇAMENTO.Fonte,\" \",ORÇAMENTO.CodBarra)))","v":false},{"$f":"IF(ISERROR(INDIRECT(ORÇAMENTO.BancoRef)),\"(abra o arquivo 'Referência \"&Excel_BuiltIn_Database&\".xlsm)\",IF(OR($C213<>\"S\",ORÇAMENTO.CodBarra=\"\"),\"(Sem Código)\",IF(ISERROR(MATCH($AE213,INDIRECT(ORÇAMENTO.BancoRef),0)),\"(Código não identificado nas referências)\",MATCH($AE213,INDIRECT(ORÇAMENTO.BancoRef),0))))","v":"(Sem Código)"},{"$f":"ROUND(IF(DESONERACAO=\"sim\",REFERENCIA.Desonerado,REFERENCIA.NaoDesonerado),2)","v":0},0.26,null,null,null,null,0,0]
["S",3,"S",0,{"$f":"IF($C214=1,OFFSET(E214,-1,0)+MAX(1,COUNTIF(QCI!$A$13:$A$24,OFFSET(ORÇAMENTO!E214,-1,0))),OFFSET(E214,-1,0))","v":1},2,2,0,10,0,{"$f":"IF(OR($C214=\"S\",$C214=0),0,MATCH(OFFSET($D214,0,$C214)+IF($C214<>1,1,COUNTIF(QCI!$A$13:$A$24,ORÇAMENTO!E214)),OFFSET($D214,1,$C214,ROW($C$270)-ROW($C214)),0))","v":0},"","Serviço","Serviço","-","SINAPI",null,{"$f":"IF($C214=\"S\",REFERENCIA.Descricao,\"(digite a descrição aqui)\")","v":"(Sem Código)"},{"$f":"REFERENCIA.Unidade","v":"-"},{"$f":"OFFSET(CÁLCULO!H$15,ROW($T214)-ROW(T$15),0)","v":0},null,"BDI 1",{"$f":"IF($C214=\"S\",ROUND(IF(TIPOORCAMENTO=\"Proposto\",ORÇAMENTO.CustoUnitario*(1+$AH214),ORÇAMENTO.PrecoUnitarioLicitado),15-13*$AF$10),0)","v":0},{"$f":"IF($C214=\"S\",IF(OR(Import.TipoArredondamento<>\"TransfereGOV\",ACOMPANHAMENTO=\"BM\"),VTOTAL1,SUM(OFFSET(CÁLCULO!$AA$15,ROW($X214)-ROW($X$15),1):OFFSET(CÁLCULO!$AL$15,ROW($X214)-ROW($X$15),-1))),IF($C214=0,0,ROUND(SomaAgrup,15-13*$AF$11)))","v":0},"RA","",{"$f":"IF($C214=\"S\",IF($Z214=\"CP\",$X214,IF($Z214=\"RA\",(($X214)*QCI!$AA$3),0)),SomaAgrup)","v":0},0,{"$f":"IF($N214=\"\",\" \",\nIF(AND($C214<>\"S\",OR($R214=\"\",$R214=\"(digite a descrição aqui)\")),\"DESCRIÇÃO\",\nIF(AND($C214=\"S\",OR($Q214<>\"\",$T214>0,$U214>0),$P214=\"\"),\"FONTE\",\nIF(AND($C214=\"S\",$P214<>\"\",OR($T214>0,$U214>0),$Q214=\"\"),\"CÓDIGO\",\nIF(AND($C214=\"S\",$P214<>\"\",$Q214<>\"\",$R214=\"(Código não identificado nas referências)\"),\"CÓDIGO N/ID\",\nIF(AND($C214=\"S\",OR($R214=\"\",$R214=\"(digite a descrição aqui)\"),OR($Q214<>\"\",$T214>0,$U214>0)),\"DESCRIÇÃO\",\nIF(AND($C214=\"S\",$P214<>\"\",$Q214<>\"\",$S214=\"\"),\"UNIDADE\",\nIF(AND($C214=\"S\",$P214<>\"\",$Q214<>\"\",$U214=0),\"SEM CUSTO\",\nIF(AND(_xlfn.SINGLE(TIPOORCAMENTO)=\"Licitado\",$AL214=0,$AN214>0),\"SEM PREÇO\",\nIF(AND($C214=\"S\",$P214<>\"\",$Q214<>\"\",$U214>0,AND($V214<>\"BDI 1\",$V214<>\"BDI 2\",$V214<>\"BDI 3\")),IF(ISNUMBER($V214),\"JUSTIFICAR BDI\",\"BDI\"),\nIF(OR(AND(import.recurso=\"OGU\",TIPOORCAMENTO=\"Proposto\",LEFT($O$8,5)<>\"(N/D:\",$AG214<>\"\",ORÇAMENTO.CustoUnitario>$AG214),AND(TIPOORCAMENTO=\"LICITADO\",ORÇAMENTO.PrecoUnitarioLicitado>$AN214)),\"ACIMA REF.\",\nIF(AND($C214=\"S\",$P214<>\"\",$Q214<>\"\",$T214=0,$U214>0),\"QUANT.\",\nIF(AND(Import.TipoArredondamento=\"TransfereGOV\",$L214=\"F\",$C214=\"S\",LEN($Q214)>13),\"Código >13\",\nIF(AND(Import.TipoArredondamento=\"TransfereGOV\",$L214=\"F\",$C214<>\"S\",LEN($R214)>100),\"Descrição >100\",\nIF(AND(Import.TipoArredondamento=\"TransfereGOV\",$L214=\"F\",$C214=\"S\",LEN($R214)>500),\"Descrição >500\",\nIF(AND(Import.TipoArredondamento=\"TransfereGOV\",$L214=\"F\",$C214=\"S\",LEFT(TRIM(UPPER($P214)),6)<>\"SINAPI\",ISNA(VLOOKUP(TRIM(UPPER($S214)),ListaTgov.Unidades,1,FALSE))),\"Unid. Não Disp\",\n\" \"))))))))))))))))","v":{"$error":"#NAME?"}},{"$f":"IF(C214<=CRONO.NivelExibicao,MAX($AD$15:OFFSET(AD214,-1,0))+IF($C214<>1,1,MAX(1,COUNTIF(QCI!$A$13:$A$24,OFFSET($E214,-1,0)))),\"\")","v":""},{"$f":"IF(AND($C214=\"S\",ORÇAMENTO.CodBarra<>\"\"),IF(ORÇAMENTO.Fonte=\"\",ORÇAMENTO.CodBarra,CONCATENATE(ORÇAMENTO.Fonte,\" \",ORÇAMENTO.CodBarra)))","v":false},{"$f":"IF(ISERROR(INDIRECT(ORÇAMENTO.BancoRef)),\"(abra o arquivo 'Referência \"&Excel_BuiltIn_Database&\".xlsm)\",IF(OR($C214<>\"S\",ORÇAMENTO.CodBarra=\"\"),\"(Sem Código)\",IF(ISERROR(MATCH($AE214,INDIRECT(ORÇAMENTO.BancoRef),0)),\"(Código não identificado nas referências)\",MATCH($AE214,INDIRECT(ORÇAMENTO.BancoRef),0))))","v":"(Sem Código)"},{"$f":"ROUND(IF(DESONERACAO=\"sim\",REFERENCIA.Desonerado,REFERENCIA.NaoDesonerado),2)","v":0},0.26,null,null,null,null,0,0]
["S",3,"S",0,{"$f":"IF($C215=1,OFFSET(E215,-1,0)+MAX(1,COUNTIF(QCI!$A$13:$A$24,OFFSET(ORÇAMENTO!E215,-1,0))),OFFSET(E215,-1,0))","v":1},2,2,0,10,0,{"$f":"IF(OR($C215=\"S\",$C215=0),0,MATCH(OFFSET($D215,0,$C215)+IF($C215<>1,1,COUNTIF(QCI!$A$13:$A$24,ORÇAMENTO!E215)),OFFSET($D215,1,$C215,ROW($C$270)-ROW($C215)),0))","v":0},"","Serviço","Serviço","-","SINAPI",null,{"$f":"IF($C215=\"S\",REFERENCIA.Descricao,\"(digite a descrição aqui)\")","v":"(Sem Código)"},{"$f":"REFERENCIA.Unidade","v":"-"},{"$f":"OFFSET(CÁLCULO!H$15,ROW($T215)-ROW(T$15),0)","v":0},null,"BDI 1",{"$f":"IF($C215=\"S\",ROUND(IF(TIPOORCAMENTO=\"Proposto\",ORÇAMENTO.CustoUnitario*(1+$AH215),ORÇAMENTO.PrecoUnitarioLicitado),15-13*$AF$10),0)","v":0},{"$f":"IF($C215=\"S\",IF(OR(Import.TipoArredondamento<>\"TransfereGOV\",ACOMPANHAMENTO=\"BM\"),VTOTAL1,SUM(OFFSET(CÁLCULO!$AA$15,ROW($X215)-ROW($X$15),1):OFFSET(CÁLCULO!$AL$15,ROW($X215)-ROW($X$15),-1))),IF($C215=0,0,ROUND(SomaAgrup,15-13*$AF$11)))","v":0},"RA","",{"$f":"IF($C215=\"S\",IF($Z215=\"CP\",$X215,IF($Z215=\"RA\",(($X215)*QCI!$AA$3),0)),SomaAgrup)","v":0},0,{"$f":"IF($N215=\"\",\" \",\nIF(AND($C215<>\"S\",OR($R215=\"\",$R215=\"(digite a descrição aqui)\")),\"DESCRIÇÃO\",\nIF(AND($C215=\"S\",OR($Q215<>\"\",$T215>0,$U215>0),$P215=\"\"),\"FONTE\",\nIF(AND($C215=\"S\",$P215<>\"\",OR($T215>0,$U215>0),$Q215=\"\"),\"CÓDIGO\",\nIF(AND($C215=\"S\",$P215<>\"\",$Q215<>\"\",$R215=\"(Código não identificado nas referências)\"),\"CÓDIGO N/ID\",\nIF(AND($C215=\"S\",OR($R215=\"\",$R215=\"(digite a descrição aqui)\"),OR($Q215<>\"\",$T215>0,$U215>0)),\"DESCRIÇÃO\",\nIF(AND($C215=\"S\",$P215<>\"\",$Q215<>\"\",$S215=\"\"),\"UNIDADE\",\nIF(AND($C215=\"S\",$P215<>\"\",$Q215<>\"\",$U215=0),\"SEM CUSTO\",\nIF(AND(_xlfn.SINGLE(TIPOORCAMENTO)=\"Licitado\",$AL215=0,$AN215>0),\"SEM PREÇO\",\nIF(AND($C215=\"S\",$P215<>\"\",$Q215<>\"\",$U215>0,AND($V215<>\"BDI 1\",$V215<>\"BDI 2\",$V215<>\"BDI 3\")),IF(ISNUMBER($V215),\"JUSTIFICAR BDI\",\"BDI\"),\nIF(OR(AND(import.recurso=\"OGU\",TIPOORCAMENTO=\"Proposto\",LEFT($O$8,5)<>\"(N/D:\",$AG215<>\"\",ORÇAMENTO.CustoUnitario>$AG215),AND(TIPOORCAMENTO=\"LICITADO\",ORÇAMENTO.PrecoUnitarioLicitado>$AN215)),\"ACIMA REF.\",\nIF(AND($C215=\"S\",$P215<>\"\",$Q215<>\"\",$T215=0,$U215>0),\"QUANT.\",\nIF(AND(Import.TipoArredondamento=\"TransfereGOV\",$L215=\"F\",$C215=\"S\",LEN($Q215)>13),\"Código >13\",\nIF(AND(Import.TipoArredondamento=\"TransfereGOV\",$L215=\"F\",$C215<>\"S\",LEN($R215)>100),\"Descrição >100\",\nIF(AND(Import.TipoArredondamento=\"TransfereGOV\",$L215=\"F\",$C215=\"S\",LEN($R215)>500),\"Descrição >500\",\nIF(AND(Import.TipoArredondamento=\"TransfereGOV\",$L215=\"F\",$C215=\"S\",LEFT(TRIM(UPPER($P215)),6)<>\"SINAPI\",ISNA(VLOOKUP(TRIM(UPPER($S215)),ListaTgov.Unidades,1,FALSE))),\"Unid. Não Disp\",\n\" \"))))))))))))))))","v":{"$error":"#NAME?"}},{"$f":"IF(C215<=CRONO.NivelExibicao,MAX($AD$15:OFFSET(AD215,-1,0))+IF($C215<>1,1,MAX(1,COUNTIF(QCI!$A$13:$A$24,OFFSET($E215,-1,0)))),\"\")","v":""},{"$f":"IF(AND($C215=\"S\",ORÇAMENTO.CodBarra<>\"\"),IF(ORÇAMENTO.Fonte=\"\",ORÇAMENTO.CodBarra,CONCATENATE(ORÇAMENTO.Fonte,\" \",ORÇAMENTO.CodBarra)))","v":false},{"$f":"IF(ISERROR(INDIRECT(ORÇAMENTO.BancoRef)),\"(abra o arquivo 'Referência \"&Excel_BuiltIn_Database&\".xlsm)\",IF(OR($C215<>\"S\",ORÇAMENTO.CodBarra=\"\"),\"(Sem Código)\",IF(ISERROR(MATCH($AE215,INDIRECT(ORÇAMENTO.BancoRef),0)),\"(Código não identificado nas referências)\",MATCH($AE215,INDIRECT(ORÇAMENTO.BancoRef),0))))","v":"(Sem Código)"},{"$f":"ROUND(IF(DESONERACAO=\"sim\",REFERENCIA.Desonerado,REFERENCIA.NaoDesonerado),2)","v":0},0.26,null,null,null,null,0,0]
["S",3,"S",0,{"$f":"IF($C216=1,OFFSET(E216,-1,0)+MAX(1,COUNTIF(QCI!$A$13:$A$24,OFFSET(ORÇAMENTO!E216,-1,0))),OFFSET(E216,-1,0))","v":1},2,2,0,10,0,{"$f":"IF(OR($C216=\"S\",$C216=0),0,MATCH(OFFSET($D216,0,$C216)+IF($C216<>1,1,COUNTIF(QCI!$A$13:$A$24,ORÇAMENTO!E216)),OFFSET($D216,1,$C216,ROW($C$270)-ROW($C216)),0))","v":0},"","Serviço","Serviço","-","SINAPI",null,{"$f":"IF($C216=\"S\",REFERENCIA.Descricao,\"(digite a descrição aqui)\")","v":"(Sem Código)"},{"$f":"REFERENCIA.Unidade","v":"-"},{"$f":"OFFSET(CÁLCULO!H$15,ROW($T216)-ROW(T$15),0)","v":0},null,"BDI 1",{"$f":"IF($C216=\"S\",ROUND(IF(TIPOORCAMENTO=\"Proposto\",ORÇAMENTO.CustoUnitario*(1+$AH216),ORÇAMENTO.PrecoUnitarioLicitado),15-13*$AF$10),0)","v":0},{"$f":"IF($C216=\"S\",IF(OR(Import.TipoArredondamento<>\"TransfereGOV\",ACOMPANHAMENTO=\"BM\"),VTOTAL1,SUM(OFFSET(CÁLCULO!$AA$15,ROW($X216)-ROW($X$15),1):OFFSET(CÁLCULO!$AL$15,ROW($X216)-ROW($X$15),-1))),IF($C216=0,0,ROUND(SomaAgrup,15-13*$AF$11)))","v":0},"RA","",{"$f":"IF($C216=\"S\",IF($Z216=\"CP\",$X216,IF($Z216=\"RA\",(($X216)*QCI!$AA$3),0)),SomaAgrup)","v":0},0,{"$f":"IF($N216=\"\",\" \",\nIF(AND($C216<>\"S\",OR($R216=\"\",$R216=\"(digite a descrição aqui)\")),\"DESCRIÇÃO\",\nIF(AND($C216=\"S\",OR($Q216<>\"\",$T216>0,$U216>0),$P216=\"\"),\"FONTE\",\nIF(AND($C216=\"S\",$P216<>\"\",OR($T216>0,$U216>0),$Q216=\"\"),\"CÓDIGO\",\nIF(AND($C216=\"S\",$P216<>\"\",$Q216<>\"\",$R216=\"(Código não identificado nas referências)\"),\"CÓDIGO N/ID\",\nIF(AND($C216=\"S\",OR($R216=\"\",$R216=\"(digite a descrição aqui)\"),OR($Q216<>\"\",$T216>0,$U216>0)),\"DESCRIÇÃO\",\nIF(AND($C216=\"S\",$P216<>\"\",$Q216<>\"\",$S216=\"\"),\"UNIDADE\",\nIF(AND($C216=\"S\",$P216<>\"\",$Q216<>\"\",$U216=0),\"SEM CUSTO\",\nIF(AND(_xlfn.SINGLE(TIPOORCAMENTO)=\"Licitado\",$AL216=0,$AN216>0),\"SEM PREÇO\",\nIF(AND($C216=\"S\",$P216<>\"\",$Q216<>\"\",$U216>0,AND($V216<>\"BDI 1\",$V216<>\"BDI 2\",$V216<>\"BDI 3\")),IF(ISNUMBER($V216),\"JUSTIFICAR BDI\",\"BDI\"),\nIF(OR(AND(import.recurso=\"OGU\",TIPOORCAMENTO=\"Proposto\",LEFT($O$8,5)<>\"(N/D:\",$AG216<>\"\",ORÇAMENTO.CustoUnitario>$AG216),AND(TIPOORCAMENTO=\"LICITADO\",ORÇAMENTO.PrecoUnitarioLicitado>$AN216)),\"ACIMA REF.\",\nIF(AND($C216=\"S\",$P216<>\"\",$Q216<>\"\",$T216=0,$U216>0),\"QUANT.\",\nIF(AND(Import.TipoArredondamento=\"TransfereGOV\",$L216=\"F\",$C216=\"S\",LEN($Q216)>13),\"Código >13\",\nIF(AND(Import.TipoArredondamento=\"TransfereGOV\",$L216=\"F\",$C216<>\"S\",LEN($R216)>100),\"Descrição >100\",\nIF(AND(Import.TipoArredondamento=\"TransfereGOV\",$L216=\"F\",$C216=\"S\",LEN($R216)>500),\"Descrição >500\",\nIF(AND(Import.TipoArredondamento=\"TransfereGOV\",$L216=\"F\",$C216=\"S\",LEFT(TRIM(UPPER($P216)),6)<>\"SINAPI\",ISNA(VLOOKUP(TRIM(UPPER($S216)),ListaTgov.Unidades,1,FALSE))),\"Unid. Não Disp\",\n\" \"))))))))))))))))","v":{"$error":"#NAME?"}},{"$f":"IF(C216<=CRONO.NivelExibicao,MAX($AD$15:OFFSET(AD216,-1,0))+IF($C216<>1,1,MAX(1,COUNTIF(QCI!$A$13:$A$24,OFFSET($E216,-1,0)))),\"\")","v":""},{"$f":"IF(AND($C216=\"S\",ORÇAMENTO.CodBarra<>\"\"),IF(ORÇAMENTO.Fonte=\"\",ORÇAMENTO.CodBarra,CONCATENATE(ORÇAMENTO.Fonte,\" \",ORÇAMENTO.CodBarra)))","v":false},{"$f":"IF(ISERROR(INDIRECT(ORÇAMENTO.BancoRef)),\"(abra o arquivo 'Referência \"&Excel_BuiltIn_Database&\".xlsm)\",IF(OR($C216<>\"S\",ORÇAMENTO.CodBarra=\"\"),\"(Sem Código)\",IF(ISERROR(MATCH($AE216,INDIRECT(ORÇAMENTO.BancoRef),0)),\"(Código não identificado nas referências)\",MATCH($AE216,INDIRECT(ORÇAMENTO.BancoRef),0))))","v":"(Sem Código)"},{"$f":"ROUND(IF(DESONERACAO=\"sim\",REFERENCIA.Desonerado,REFERENCIA.NaoDesonerado),2)","v":0},0.26,null,null,null,null,0,0]
["S",3,"S",0,{"$f":"IF($C217=1,OFFSET(E217,-1,0)+MAX(1,COUNTIF(QCI!$A$13:$A$24,OFFSET(ORÇAMENTO!E217,-1,0))),OFFSET(E217,-1,0))","v":1},2,2,0,10,0,{"$f":"IF(OR($C217=\"S\",$C217=0),0,MATCH(OFFSET($D217,0,$C217)+IF($C217<>1,1,COUNTIF(QCI!$A$13:$A$24,ORÇAMENTO!E217)),OFFSET($D217,1,$C217,ROW($C$270)-ROW($C217)),0))","v":0},"","Serviço","Serviço","-","SINAPI",null,{"$f":"IF($C217=\"S\",REFERENCIA.Descricao,\"(digite a descrição aqui)\")","v":"(Sem Código)"},{"$f":"REFERENCIA.Unidade","v":"-"},{"$f":"OFFSET(CÁLCULO!H$15,ROW($T217)-ROW(T$15),0)","v":0},null,"BDI 1",{"$f":"IF($C217=\"S\",ROUND(IF(TIPOORCAMENTO=\"Proposto\",ORÇAMENTO.CustoUnitario*(1+$AH217),ORÇAMENTO.PrecoUnitarioLicitado),15-13*$AF$10),0)","v":0},{"$f":"IF($C217=\"S\",IF(OR(Import.TipoArredondamento<>\"TransfereGOV\",ACOMPANHAMENTO=\"BM\"),VTOTAL1,SUM(OFFSET(CÁLCULO!$AA$15,ROW($X217)-ROW($X$15),1):OFFSET(CÁLCULO!$AL$15,ROW($X217)-ROW($X$15),-1))),IF($C217=0,0,ROUND(SomaAgrup,15-13*$AF$11)))","v":0},"RA","",{"$f":"IF($C217=\"S\",IF($Z217=\"CP\",$X217,IF($Z217=\"RA\",(($X217)*QCI!$AA$3),0)),SomaAgrup)","v":0},0,{"$f":"IF($N217=\"\",\" \",\nIF(AND($C217<>\"S\",OR($R217=\"\",$R217=\"(digite a descrição aqui)\")),\"DESCRIÇÃO\",\nIF(AND($C217=\"S\",OR($Q217<>\"\",$T217>0,$U217>0),$P217=\"\"),\"FONTE\",\nIF(AND($C217=\"S\",$P217<>\"\",OR($T217>0,$U217>0),$Q217=\"\"),\"CÓDIGO\",\nIF(AND($C217=\"S\",$P217<>\"\",$Q217<>\"\",$R217=\"(Código não identificado nas referências)\"),\"CÓDIGO N/ID\",\nIF(AND($C217=\"S\",OR($R217=\"\",$R217=\"(digite a descrição aqui)\"),OR($Q217<>\"\",$T217>0,$U217>0)),\"DESCRIÇÃO\",\nIF(AND($C217=\"S\",$P217<>\"\",$Q217<>\"\",$S217=\"\"),\"UNIDADE\",\nIF(AND($C217=\"S\",$P217<>\"\",$Q217<>\"\",$U217=0),\"SEM CUSTO\",\nIF(AND(_xlfn.SINGLE(TIPOORCAMENTO)=\"Licitado\",$AL217=0,$AN217>0),\"SEM PREÇO\",\nIF(AND($C217=\"S\",$P217<>\"\",$Q217<>\"\",$U217>0,AND($V217<>\"BDI 1\",$V217<>\"BDI 2\",$V217<>\"BDI 3\")),IF(ISNUMBER($V217),\"JUSTIFICAR BDI\",\"BDI\"),\nIF(OR(AND(import.recurso=\"OGU\",TIPOORCAMENTO=\"Proposto\",LEFT($O$8,5)<>\"(N/D:\",$AG217<>\"\",ORÇAMENTO.CustoUnitario>$AG217),AND(TIPOORCAMENTO=\"LICITADO\",ORÇAMENTO.PrecoUnitarioLicitado>$AN217)),\"ACIMA REF.\",\nIF(AND($C217=\"S\",$P217<>\"\",$Q217<>\"\",$T217=0,$U217>0),\"QUANT.\",\nIF(AND(Import.TipoArredondamento=\"TransfereGOV\",$L217=\"F\",$C217=\"S\",LEN($Q217)>13),\"Código >13\",\nIF(AND(Import.TipoArredondamento=\"TransfereGOV\",$L217=\"F\",$C217<>\"S\",LEN($R217)>100),\"Descrição >100\",\nIF(AND(Import.TipoArredondamento=\"TransfereGOV\",$L217=\"F\",$C217=\"S\",LEN($R217)>500),\"Descrição >500\",\nIF(AND(Import.TipoArredondamento=\"TransfereGOV\",$L217=\"F\",$C217=\"S\",LEFT(TRIM(UPPER($P217)),6)<>\"SINAPI\",ISNA(VLOOKUP(TRIM(UPPER($S217)),ListaTgov.Unidades,1,FALSE))),\"Unid. Não Disp\",\n\" \"))))))))))))))))","v":{"$error":"#NAME?"}},{"$f":"IF(C217<=CRONO.NivelExibicao,MAX($AD$15:OFFSET(AD217,-1,0))+IF($C217<>1,1,MAX(1,COUNTIF(QCI!$A$13:$A$24,OFFSET($E217,-1,0)))),\"\")","v":""},{"$f":"IF(AND($C217=\"S\",ORÇAMENTO.CodBarra<>\"\"),IF(ORÇAMENTO.Fonte=\"\",ORÇAMENTO.CodBarra,CONCATENATE(ORÇAMENTO.Fonte,\" \",ORÇAMENTO.CodBarra)))","v":false},{"$f":"IF(ISERROR(INDIRECT(ORÇAMENTO.BancoRef)),\"(abra o arquivo 'Referência \"&Excel_BuiltIn_Database&\".xlsm)\",IF(OR($C217<>\"S\",ORÇAMENTO.CodBarra=\"\"),\"(Sem Código)\",IF(ISERROR(MATCH($AE217,INDIRECT(ORÇAMENTO.BancoRef),0)),\"(Código não identificado nas referências)\",MATCH($AE217,INDIRECT(ORÇAMENTO.BancoRef),0))))","v":"(Sem Código)"},{"$f":"ROUND(IF(DESONERACAO=\"sim\",REFERENCIA.Desonerado,REFERENCIA.NaoDesonerado),2)","v":0},0.26,null,null,null,null,0,0]
["S",3,"S",0,{"$f":"IF($C218=1,OFFSET(E218,-1,0)+MAX(1,COUNTIF(QCI!$A$13:$A$24,OFFSET(ORÇAMENTO!E218,-1,0))),OFFSET(E218,-1,0))","v":1},2,2,0,10,0,{"$f":"IF(OR($C218=\"S\",$C218=0),0,MATCH(OFFSET($D218,0,$C218)+IF($C218<>1,1,COUNTIF(QCI!$A$13:$A$24,ORÇAMENTO!E218)),OFFSET($D218,1,$C218,ROW($C$270)-ROW($C218)),0))","v":0},"","Serviço","Serviço","-","SINAPI",null,{"$f":"IF($C218=\"S\",REFERENCIA.Descricao,\"(digite a descrição aqui)\")","v":"(Sem Código)"},{"$f":"REFERENCIA.Unidade","v":"-"},{"$f":"OFFSET(CÁLCULO!H$15,ROW($T218)-ROW(T$15),0)","v":0},null,"BDI 1",{"$f":"IF($C218=\"S\",ROUND(IF(TIPOORCAMENTO=\"Proposto\",ORÇAMENTO.CustoUnitario*(1+$AH218),ORÇAMENTO.PrecoUnitarioLicitado),15-13*$AF$10),0)","v":0},{"$f":"IF($C218=\"S\",IF(OR(Import.TipoArredondamento<>\"TransfereGOV\",ACOMPANHAMENTO=\"BM\"),VTOTAL1,SUM(OFFSET(CÁLCULO!$AA$15,ROW($X218)-ROW($X$15),1):OFFSET(CÁLCULO!$AL$15,ROW($X218)-ROW($X$15),-1))),IF($C218=0,0,ROUND(SomaAgrup,15-13*$AF$11)))","v":0},"RA","",{"$f":"IF($C218=\"S\",IF($Z218=\"CP\",$X218,IF($Z218=\"RA\",(($X218)*QCI!$AA$3),0)),SomaAgrup)","v":0},0,{"$f":"IF($N218=\"\",\" \",\nIF(AND($C218<>\"S\",OR($R218=\"\",$R218=\"(digite a descrição aqui)\")),\"DESCRIÇÃO\",\nIF(AND($C218=\"S\",OR($Q218<>\"\",$T218>0,$U218>0),$P218=\"\"),\"FONTE\",\nIF(AND($C218=\"S\",$P218<>\"\",OR($T218>0,$U218>0),$Q218=\"\"),\"CÓDIGO\",\nIF(AND($C218=\"S\",$P218<>\"\",$Q218<>\"\",$R218=\"(Código não identificado nas referências)\"),\"CÓDIGO N/ID\",\nIF(AND($C218=\"S\",OR($R218=\"\",$R218=\"(digite a descrição aqui)\"),OR($Q218<>\"\",$T218>0,$U218>0)),\"DESCRIÇÃO\",\nIF(AND($C218=\"S\",$P218<>\"\",$Q218<>\"\",$S218=\"\"),\"UNIDADE\",\nIF(AND($C218=\"S\",$P218<>\"\",$Q218<>\"\",$U218=0),\"SEM CUSTO\",\nIF(AND(_xlfn.SINGLE(TIPOORCAMENTO)=\"Licitado\",$AL218=0,$AN218>0),\"SEM PREÇO\",\nIF(AND($C218=\"S\",$P218<>\"\",$Q218<>\"\",$U218>0,AND($V218<>\"BDI 1\",$V218<>\"BDI 2\",$V218<>\"BDI 3\")),IF(ISNUMBER($V218),\"JUSTIFICAR BDI\",\"BDI\"),\nIF(OR(AND(import.recurso=\"OGU\",TIPOORCAMENTO=\"Proposto\",LEFT($O$8,5)<>\"(N/D:\",$AG218<>\"\",ORÇAMENTO.CustoUnitario>$AG218),AND(TIPOORCAMENTO=\"LICITADO\",ORÇAMENTO.PrecoUnitarioLicitado>$AN218)),\"ACIMA REF.\",\nIF(AND($C218=\"S\",$P218<>\"\",$Q218<>\"\",$T218=0,$U218>0),\"QUANT.\",\nIF(AND(Import.TipoArredondamento=\"TransfereGOV\",$L218=\"F\",$C218=\"S\",LEN($Q218)>13),\"Código >13\",\nIF(AND(Import.TipoArredondamento=\"TransfereGOV\",$L218=\"F\",$C218<>\"S\",LEN($R218)>100),\"Descrição >100\",\nIF(AND(Import.TipoArredondamento=\"TransfereGOV\",$L218=\"F\",$C218=\"S\",LEN($R218)>500),\"Descrição >500\",\nIF(AND(Import.TipoArredondamento=\"TransfereGOV\",$L218=\"F\",$C218=\"S\",LEFT(TRIM(UPPER($P218)),6)<>\"SINAPI\",ISNA(VLOOKUP(TRIM(UPPER($S218)),ListaTgov.Unidades,1,FALSE))),\"Unid. Não Disp\",\n\" \"))))))))))))))))","v":{"$error":"#NAME?"}},{"$f":"IF(C218<=CRONO.NivelExibicao,MAX($AD$15:OFFSET(AD218,-1,0))+IF($C218<>1,1,MAX(1,COUNTIF(QCI!$A$13:$A$24,OFFSET($E218,-1,0)))),\"\")","v":""},{"$f":"IF(AND($C218=\"S\",ORÇAMENTO.CodBarra<>\"\"),IF(ORÇAMENTO.Fonte=\"\",ORÇAMENTO.CodBarra,CONCATENATE(ORÇAMENTO.Fonte,\" \",ORÇAMENTO.CodBarra)))","v":false},{"$f":"IF(ISERROR(INDIRECT(ORÇAMENTO.BancoRef)),\"(abra o arquivo 'Referência \"&Excel_BuiltIn_Database&\".xlsm)\",IF(OR($C218<>\"S\",ORÇAMENTO.CodBarra=\"\"),\"(Sem Código)\",IF(ISERROR(MATCH($AE218,INDIRECT(ORÇAMENTO.BancoRef),0)),\"(Código não identificado nas referências)\",MATCH($AE218,INDIRECT(ORÇAMENTO.BancoRef),0))))","v":"(Sem Código)"},{"$f":"ROUND(IF(DESONERACAO=\"sim\",REFERENCIA.Desonerado,REFERENCIA.NaoDesonerado),2)","v":0},0.26,null,null,null,null,0,0]
["S",3,"S",0,{"$f":"IF($C219=1,OFFSET(E219,-1,0)+MAX(1,COUNTIF(QCI!$A$13:$A$24,OFFSET(ORÇAMENTO!E219,-1,0))),OFFSET(E219,-1,0))","v":1},2,2,0,10,0,{"$f":"IF(OR($C219=\"S\",$C219=0),0,MATCH(OFFSET($D219,0,$C219)+IF($C219<>1,1,COUNTIF(QCI!$A$13:$A$24,ORÇAMENTO!E219)),OFFSET($D219,1,$C219,ROW($C$270)-ROW($C219)),0))","v":0},"","Serviço","Serviço","-","SINAPI",null,{"$f":"IF($C219=\"S\",REFERENCIA.Descricao,\"(digite a descrição aqui)\")","v":"(Sem Código)"},{"$f":"REFERENCIA.Unidade","v":"-"},{"$f":"OFFSET(CÁLCULO!H$15,ROW($T219)-ROW(T$15),0)","v":0},null,"BDI 1",{"$f":"IF($C219=\"S\",ROUND(IF(TIPOORCAMENTO=\"Proposto\",ORÇAMENTO.CustoUnitario*(1+$AH219),ORÇAMENTO.PrecoUnitarioLicitado),15-13*$AF$10),0)","v":0},{"$f":"IF($C219=\"S\",IF(OR(Import.TipoArredondamento<>\"TransfereGOV\",ACOMPANHAMENTO=\"BM\"),VTOTAL1,SUM(OFFSET(CÁLCULO!$AA$15,ROW($X219)-ROW($X$15),1):OFFSET(CÁLCULO!$AL$15,ROW($X219)-ROW($X$15),-1))),IF($C219=0,0,ROUND(SomaAgrup,15-13*$AF$11)))","v":0},"RA","",{"$f":"IF($C219=\"S\",IF($Z219=\"CP\",$X219,IF($Z219=\"RA\",(($X219)*QCI!$AA$3),0)),SomaAgrup)","v":0},0,{"$f":"IF($N219=\"\",\" \",\nIF(AND($C219<>\"S\",OR($R219=\"\",$R219=\"(digite a descrição aqui)\")),\"DESCRIÇÃO\",\nIF(AND($C219=\"S\",OR($Q219<>\"\",$T219>0,$U219>0),$P219=\"\"),\"FONTE\",\nIF(AND($C219=\"S\",$P219<>\"\",OR($T219>0,$U219>0),$Q219=\"\"),\"CÓDIGO\",\nIF(AND($C219=\"S\",$P219<>\"\",$Q219<>\"\",$R219=\"(Código não identificado nas referências)\"),\"CÓDIGO N/ID\",\nIF(AND($C219=\"S\",OR($R219=\"\",$R219=\"(digite a descrição aqui)\"),OR($Q219<>\"\",$T219>0,$U219>0)),\"DESCRIÇÃO\",\nIF(AND($C219=\"S\",$P219<>\"\",$Q219<>\"\",$S219=\"\"),\"UNIDADE\",\nIF(AND($C219=\"S\",$P219<>\"\",$Q219<>\"\",$U219=0),\"SEM CUSTO\",\nIF(AND(_xlfn.SINGLE(TIPOORCAMENTO)=\"Licitado\",$AL219=0,$AN219>0),\"SEM PREÇO\",\nIF(AND($C219=\"S\",$P219<>\"\",$Q219<>\"\",$U219>0,AND($V219<>\"BDI 1\",$V219<>\"BDI 2\",$V219<>\"BDI 3\")),IF(ISNUMBER($V219),\"JUSTIFICAR BDI\",\"BDI\"),\nIF(OR(AND(import.recurso=\"OGU\",TIPOORCAMENTO=\"Proposto\",LEFT($O$8,5)<>\"(N/D:\",$AG219<>\"\",ORÇAMENTO.CustoUnitario>$AG219),AND(TIPOORCAMENTO=\"LICITADO\",ORÇAMENTO.PrecoUnitarioLicitado>$AN219)),\"ACIMA REF.\",\nIF(AND($C219=\"S\",$P219<>\"\",$Q219<>\"\",$T219=0,$U219>0),\"QUANT.\",\nIF(AND(Import.TipoArredondamento=\"TransfereGOV\",$L219=\"F\",$C219=\"S\",LEN($Q219)>13),\"Código >13\",\nIF(AND(Import.TipoArredondamento=\"TransfereGOV\",$L219=\"F\",$C219<>\"S\",LEN($R219)>100),\"Descrição >100\",\nIF(AND(Import.TipoArredondamento=\"TransfereGOV\",$L219=\"F\",$C219=\"S\",LEN($R219)>500),\"Descrição >500\",\nIF(AND(Import.TipoArredondamento=\"TransfereGOV\",$L219=\"F\",$C219=\"S\",LEFT(TRIM(UPPER($P219)),6)<>\"SINAPI\",ISNA(VLOOKUP(TRIM(UPPER($S219)),ListaTgov.Unidades,1,FALSE))),\"Unid. Não Disp\",\n\" \"))))))))))))))))","v":{"$error":"#NAME?"}},{"$f":"IF(C219<=CRONO.NivelExibicao,MAX($AD$15:OFFSET(AD219,-1,0))+IF($C219<>1,1,MAX(1,COUNTIF(QCI!$A$13:$A$24,OFFSET($E219,-1,0)))),\"\")","v":""},{"$f":"IF(AND($C219=\"S\",ORÇAMENTO.CodBarra<>\"\"),IF(ORÇAMENTO.Fonte=\"\",ORÇAMENTO.CodBarra,CONCATENATE(ORÇAMENTO.Fonte,\" \",ORÇAMENTO.CodBarra)))","v":false},{"$f":"IF(ISERROR(INDIRECT(ORÇAMENTO.BancoRef)),\"(abra o arquivo 'Referência \"&Excel_BuiltIn_Database&\".xlsm)\",IF(OR($C219<>\"S\",ORÇAMENTO.CodBarra=\"\"),\"(Sem Código)\",IF(ISERROR(MATCH($AE219,INDIRECT(ORÇAMENTO.BancoRef),0)),\"(Código não identificado nas referências)\",MATCH($AE219,INDIRECT(ORÇAMENTO.BancoRef),0))))","v":"(Sem Código)"},{"$f":"ROUND(IF(DESONERACAO=\"sim\",REFERENCIA.Desonerado,REFERENCIA.NaoDesonerado),2)","v":0},0.26,null,null,null,null,0,0]
["S",3,"S",0,{"$f":"IF($C220=1,OFFSET(E220,-1,0)+MAX(1,COUNTIF(QCI!$A$13:$A$24,OFFSET(ORÇAMENTO!E220,-1,0))),OFFSET(E220,-1,0))","v":1},2,2,0,10,0,{"$f":"IF(OR($C220=\"S\",$C220=0),0,MATCH(OFFSET($D220,0,$C220)+IF($C220<>1,1,COUNTIF(QCI!$A$13:$A$24,ORÇAMENTO!E220)),OFFSET($D220,1,$C220,ROW($C$270)-ROW($C220)),0))","v":0},"","Serviço","Serviço","-","SINAPI",null,{"$f":"IF($C220=\"S\",REFERENCIA.Descricao,\"(digite a descrição aqui)\")","v":"(Sem Código)"},{"$f":"REFERENCIA.Unidade","v":"-"},{"$f":"OFFSET(CÁLCULO!H$15,ROW($T220)-ROW(T$15),0)","v":0},null,"BDI 1",{"$f":"IF($C220=\"S\",ROUND(IF(TIPOORCAMENTO=\"Proposto\",ORÇAMENTO.CustoUnitario*(1+$AH220),ORÇAMENTO.PrecoUnitarioLicitado),15-13*$AF$10),0)","v":0},{"$f":"IF($C220=\"S\",IF(OR(Import.TipoArredondamento<>\"TransfereGOV\",ACOMPANHAMENTO=\"BM\"),VTOTAL1,SUM(OFFSET(CÁLCULO!$AA$15,ROW($X220)-ROW($X$15),1):OFFSET(CÁLCULO!$AL$15,ROW($X220)-ROW($X$15),-1))),IF($C220=0,0,ROUND(SomaAgrup,15-13*$AF$11)))","v":0},"RA","",{"$f":"IF($C220=\"S\",IF($Z220=\"CP\",$X220,IF($Z220=\"RA\",(($X220)*QCI!$AA$3),0)),SomaAgrup)","v":0},0,{"$f":"IF($N220=\"\",\" \",\nIF(AND($C220<>\"S\",OR($R220=\"\",$R220=\"(digite a descrição aqui)\")),\"DESCRIÇÃO\",\nIF(AND($C220=\"S\",OR($Q220<>\"\",$T220>0,$U220>0),$P220=\"\"),\"FONTE\",\nIF(AND($C220=\"S\",$P220<>\"\",OR($T220>0,$U220>0),$Q220=\"\"),\"CÓDIGO\",\nIF(AND($C220=\"S\",$P220<>\"\",$Q220<>\"\",$R220=\"(Código não identificado nas referências)\"),\"CÓDIGO N/ID\",\nIF(AND($C220=\"S\",OR($R220=\"\",$R220=\"(digite a descrição aqui)\"),OR($Q220<>\"\",$T220>0,$U220>0)),\"DESCRIÇÃO\",\nIF(AND($C220=\"S\",$P220<>\"\",$Q220<>\"\",$S220=\"\"),\"UNIDADE\",\nIF(AND($C220=\"S\",$P220<>\"\",$Q220<>\"\",$U220=0),\"SEM CUSTO\",\nIF(AND(_xlfn.SINGLE(TIPOORCAMENTO)=\"Licitado\",$AL220=0,$AN220>0),\"SEM PREÇO\",\nIF(AND($C220=\"S\",$P220<>\"\",$Q220<>\"\",$U220>0,AND($V220<>\"BDI 1\",$V220<>\"BDI 2\",$V220<>\"BDI 3\")),IF(ISNUMBER($V220),\"JUSTIFICAR BDI\",\"BDI\"),\nIF(OR(AND(import.recurso=\"OGU\",TIPOORCAMENTO=\"Proposto\",LEFT($O$8,5)<>\"(N/D:\",$AG220<>\"\",ORÇAMENTO.CustoUnitario>$AG220),AND(TIPOORCAMENTO=\"LICITADO\",ORÇAMENTO.PrecoUnitarioLicitado>$AN220)),\"ACIMA REF.\",\nIF(AND($C220=\"S\",$P220<>\"\",$Q220<>\"\",$T220=0,$U220>0),\"QUANT.\",\nIF(AND(Import.TipoArredondamento=\"TransfereGOV\",$L220=\"F\",$C220=\"S\",LEN($Q220)>13),\"Código >13\",\nIF(AND(Import.TipoArredondamento=\"TransfereGOV\",$L220=\"F\",$C220<>\"S\",LEN($R220)>100),\"Descrição >100\",\nIF(AND(Import.TipoArredondamento=\"TransfereGOV\",$L220=\"F\",$C220=\"S\",LEN($R220)>500),\"Descrição >500\",\nIF(AND(Import.TipoArredondamento=\"TransfereGOV\",$L220=\"F\",$C220=\"S\",LEFT(TRIM(UPPER($P220)),6)<>\"SINAPI\",ISNA(VLOOKUP(TRIM(UPPER($S220)),ListaTgov.Unidades,1,FALSE))),\"Unid. Não Disp\",\n\" \"))))))))))))))))","v":{"$error":"#NAME?"}},{"$f":"IF(C220<=CRONO.NivelExibicao,MAX($AD$15:OFFSET(AD220,-1,0))+IF($C220<>1,1,MAX(1,COUNTIF(QCI!$A$13:$A$24,OFFSET($E220,-1,0)))),\"\")","v":""},{"$f":"IF(AND($C220=\"S\",ORÇAMENTO.CodBarra<>\"\"),IF(ORÇAMENTO.Fonte=\"\",ORÇAMENTO.CodBarra,CONCATENATE(ORÇAMENTO.Fonte,\" \",ORÇAMENTO.CodBarra)))","v":false},{"$f":"IF(ISERROR(INDIRECT(ORÇAMENTO.BancoRef)),\"(abra o arquivo 'Referência \"&Excel_BuiltIn_Database&\".xlsm)\",IF(OR($C220<>\"S\",ORÇAMENTO.CodBarra=\"\"),\"(Sem Código)\",IF(ISERROR(MATCH($AE220,INDIRECT(ORÇAMENTO.BancoRef),0)),\"(Código não identificado nas referências)\",MATCH($AE220,INDIRECT(ORÇAMENTO.BancoRef),0))))","v":"(Sem Código)"},{"$f":"ROUND(IF(DESONERACAO=\"sim\",REFERENCIA.Desonerado,REFERENCIA.NaoDesonerado),2)","v":0},0.26,null,null,null,null,0,0]
["S",3,"S",0,{"$f":"IF($C221=1,OFFSET(E221,-1,0)+MAX(1,COUNTIF(QCI!$A$13:$A$24,OFFSET(ORÇAMENTO!E221,-1,0))),OFFSET(E221,-1,0))","v":1},2,2,0,10,0,{"$f":"IF(OR($C221=\"S\",$C221=0),0,MATCH(OFFSET($D221,0,$C221)+IF($C221<>1,1,COUNTIF(QCI!$A$13:$A$24,ORÇAMENTO!E221)),OFFSET($D221,1,$C221,ROW($C$270)-ROW($C221)),0))","v":0},"","Serviço","Serviço","-","SINAPI",null,{"$f":"IF($C221=\"S\",REFERENCIA.Descricao,\"(digite a descrição aqui)\")","v":"(Sem Código)"},{"$f":"REFERENCIA.Unidade","v":"-"},{"$f":"OFFSET(CÁLCULO!H$15,ROW($T221)-ROW(T$15),0)","v":0},null,"BDI 1",{"$f":"IF($C221=\"S\",ROUND(IF(TIPOORCAMENTO=\"Proposto\",ORÇAMENTO.CustoUnitario*(1+$AH221),ORÇAMENTO.PrecoUnitarioLicitado),15-13*$AF$10),0)","v":0},{"$f":"IF($C221=\"S\",IF(OR(Import.TipoArredondamento<>\"TransfereGOV\",ACOMPANHAMENTO=\"BM\"),VTOTAL1,SUM(OFFSET(CÁLCULO!$AA$15,ROW($X221)-ROW($X$15),1):OFFSET(CÁLCULO!$AL$15,ROW($X221)-ROW($X$15),-1))),IF($C221=0,0,ROUND(SomaAgrup,15-13*$AF$11)))","v":0},"RA","",{"$f":"IF($C221=\"S\",IF($Z221=\"CP\",$X221,IF($Z221=\"RA\",(($X221)*QCI!$AA$3),0)),SomaAgrup)","v":0},0,{"$f":"IF($N221=\"\",\" \",\nIF(AND($C221<>\"S\",OR($R221=\"\",$R221=\"(digite a descrição aqui)\")),\"DESCRIÇÃO\",\nIF(AND($C221=\"S\",OR($Q221<>\"\",$T221>0,$U221>0),$P221=\"\"),\"FONTE\",\nIF(AND($C221=\"S\",$P221<>\"\",OR($T221>0,$U221>0),$Q221=\"\"),\"CÓDIGO\",\nIF(AND($C221=\"S\",$P221<>\"\",$Q221<>\"\",$R221=\"(Código não identificado nas referências)\"),\"CÓDIGO N/ID\",\nIF(AND($C221=\"S\",OR($R221=\"\",$R221=\"(digite a descrição aqui)\"),OR($Q221<>\"\",$T221>0,$U221>0)),\"DESCRIÇÃO\",\nIF(AND($C221=\"S\",$P221<>\"\",$Q221<>\"\",$S221=\"\"),\"UNIDADE\",\nIF(AND($C221=\"S\",$P221<>\"\",$Q221<>\"\",$U221=0),\"SEM CUSTO\",\nIF(AND(_xlfn.SINGLE(TIPOORCAMENTO)=\"Licitado\",$AL221=0,$AN221>0),\"SEM PREÇO\",\nIF(AND($C221=\"S\",$P221<>\"\",$Q221<>\"\",$U221>0,AND($V221<>\"BDI 1\",$V221<>\"BDI 2\",$V221<>\"BDI 3\")),IF(ISNUMBER($V221),\"JUSTIFICAR BDI\",\"BDI\"),\nIF(OR(AND(import.recurso=\"OGU\",TIPOORCAMENTO=\"Proposto\",LEFT($O$8,5)<>\"(N/D:\",$AG221<>\"\",ORÇAMENTO.CustoUnitario>$AG221),AND(TIPOORCAMENTO=\"LICITADO\",ORÇAMENTO.PrecoUnitarioLicitado>$AN221)),\"ACIMA REF.\",\nIF(AND($C221=\"S\",$P221<>\"\",$Q221<>\"\",$T221=0,$U221>0),\"QUANT.\",\nIF(AND(Import.TipoArredondamento=\"TransfereGOV\",$L221=\"F\",$C221=\"S\",LEN($Q221)>13),\"Código >13\",\nIF(AND(Import.TipoArredondamento=\"TransfereGOV\",$L221=\"F\",$C221<>\"S\",LEN($R221)>100),\"Descrição >100\",\nIF(AND(Import.TipoArredondamento=\"TransfereGOV\",$L221=\"F\",$C221=\"S\",LEN($R221)>500),\"Descrição >500\",\nIF(AND(Import.TipoArredondamento=\"TransfereGOV\",$L221=\"F\",$C221=\"S\",LEFT(TRIM(UPPER($P221)),6)<>\"SINAPI\",ISNA(VLOOKUP(TRIM(UPPER($S221)),ListaTgov.Unidades,1,FALSE))),\"Unid. Não Disp\",\n\" \"))))))))))))))))","v":{"$error":"#NAME?"}},{"$f":"IF(C221<=CRONO.NivelExibicao,MAX($AD$15:OFFSET(AD221,-1,0))+IF($C221<>1,1,MAX(1,COUNTIF(QCI!$A$13:$A$24,OFFSET($E221,-1,0)))),\"\")","v":""},{"$f":"IF(AND($C221=\"S\",ORÇAMENTO.CodBarra<>\"\"),IF(ORÇAMENTO.Fonte=\"\",ORÇAMENTO.CodBarra,CONCATENATE(ORÇAMENTO.Fonte,\" \",ORÇAMENTO.CodBarra)))","v":false},{"$f":"IF(ISERROR(INDIRECT(ORÇAMENTO.BancoRef)),\"(abra o arquivo 'Referência \"&Excel_BuiltIn_Database&\".xlsm)\",IF(OR($C221<>\"S\",ORÇAMENTO.CodBarra=\"\"),\"(Sem Código)\",IF(ISERROR(MATCH($AE221,INDIRECT(ORÇAMENTO.BancoRef),0)),\"(Código não identificado nas referências)\",MATCH($AE221,INDIRECT(ORÇAMENTO.BancoRef),0))))","v":"(Sem Código)"},{"$f":"ROUND(IF(DESONERACAO=\"sim\",REFERENCIA.Desonerado,REFERENCIA.NaoDesonerado),2)","v":0},0.26,null,null,null,null,0,0]
["S",3,"S",0,{"$f":"IF($C222=1,OFFSET(E222,-1,0)+MAX(1,COUNTIF(QCI!$A$13:$A$24,OFFSET(ORÇAMENTO!E222,-1,0))),OFFSET(E222,-1,0))","v":1},2,2,0,10,0,{"$f":"IF(OR($C222=\"S\",$C222=0),0,MATCH(OFFSET($D222,0,$C222)+IF($C222<>1,1,COUNTIF(QCI!$A$13:$A$24,ORÇAMENTO!E222)),OFFSET($D222,1,$C222,ROW($C$270)-ROW($C222)),0))","v":0},"","Serviço","Serviço","-","SINAPI",null,{"$f":"IF($C222=\"S\",REFERENCIA.Descricao,\"(digite a descrição aqui)\")","v":"(Sem Código)"},{"$f":"REFERENCIA.Unidade","v":"-"},{"$f":"OFFSET(CÁLCULO!H$15,ROW($T222)-ROW(T$15),0)","v":0},null,"BDI 1",{"$f":"IF($C222=\"S\",ROUND(IF(TIPOORCAMENTO=\"Proposto\",ORÇAMENTO.CustoUnitario*(1+$AH222),ORÇAMENTO.PrecoUnitarioLicitado),15-13*$AF$10),0)","v":0},{"$f":"IF($C222=\"S\",IF(OR(Import.TipoArredondamento<>\"TransfereGOV\",ACOMPANHAMENTO=\"BM\"),VTOTAL1,SUM(OFFSET(CÁLCULO!$AA$15,ROW($X222)-ROW($X$15),1):OFFSET(CÁLCULO!$AL$15,ROW($X222)-ROW($X$15),-1))),IF($C222=0,0,ROUND(SomaAgrup,15-13*$AF$11)))","v":0},"RA","",{"$f":"IF($C222=\"S\",IF($Z222=\"CP\",$X222,IF($Z222=\"RA\",(($X222)*QCI!$AA$3),0)),SomaAgrup)","v":0},0,{"$f":"IF($N222=\"\",\" \",\nIF(AND($C222<>\"S\",OR($R222=\"\",$R222=\"(digite a descrição aqui)\")),\"DESCRIÇÃO\",\nIF(AND($C222=\"S\",OR($Q222<>\"\",$T222>0,$U222>0),$P222=\"\"),\"FONTE\",\nIF(AND($C222=\"S\",$P222<>\"\",OR($T222>0,$U222>0),$Q222=\"\"),\"CÓDIGO\",\nIF(AND($C222=\"S\",$P222<>\"\",$Q222<>\"\",$R222=\"(Código não identificado nas referências)\"),\"CÓDIGO N/ID\",\nIF(AND($C222=\"S\",OR($R222=\"\",$R222=\"(digite a descrição aqui)\"),OR($Q222<>\"\",$T222>0,$U222>0)),\"DESCRIÇÃO\",\nIF(AND($C222=\"S\",$P222<>\"\",$Q222<>\"\",$S222=\"\"),\"UNIDADE\",\nIF(AND($C222=\"S\",$P222<>\"\",$Q222<>\"\",$U222=0),\"SEM CUSTO\",\nIF(AND(_xlfn.SINGLE(TIPOORCAMENTO)=\"Licitado\",$AL222=0,$AN222>0),\"SEM PREÇO\",\nIF(AND($C222=\"S\",$P222<>\"\",$Q222<>\"\",$U222>0,AND($V222<>\"BDI 1\",$V222<>\"BDI 2\",$V222<>\"BDI 3\")),IF(ISNUMBER($V222),\"JUSTIFICAR BDI\",\"BDI\"),\nIF(OR(AND(import.recurso=\"OGU\",TIPOORCAMENTO=\"Proposto\",LEFT($O$8,5)<>\"(N/D:\",$AG222<>\"\",ORÇAMENTO.CustoUnitario>$AG222),AND(TIPOORCAMENTO=\"LICITADO\",ORÇAMENTO.PrecoUnitarioLicitado>$AN222)),\"ACIMA REF.\",\nIF(AND($C222=\"S\",$P222<>\"\",$Q222<>\"\",$T222=0,$U222>0),\"QUANT.\",\nIF(AND(Import.TipoArredondamento=\"TransfereGOV\",$L222=\"F\",$C222=\"S\",LEN($Q222)>13),\"Código >13\",\nIF(AND(Import.TipoArredondamento=\"TransfereGOV\",$L222=\"F\",$C222<>\"S\",LEN($R222)>100),\"Descrição >100\",\nIF(AND(Import.TipoArredondamento=\"TransfereGOV\",$L222=\"F\",$C222=\"S\",LEN($R222)>500),\"Descrição >500\",\nIF(AND(Import.TipoArredondamento=\"TransfereGOV\",$L222=\"F\",$C222=\"S\",LEFT(TRIM(UPPER($P222)),6)<>\"SINAPI\",ISNA(VLOOKUP(TRIM(UPPER($S222)),ListaTgov.Unidades,1,FALSE))),\"Unid. Não Disp\",\n\" \"))))))))))))))))","v":{"$error":"#NAME?"}},{"$f":"IF(C222<=CRONO.NivelExibicao,MAX($AD$15:OFFSET(AD222,-1,0))+IF($C222<>1,1,MAX(1,COUNTIF(QCI!$A$13:$A$24,OFFSET($E222,-1,0)))),\"\")","v":""},{"$f":"IF(AND($C222=\"S\",ORÇAMENTO.CodBarra<>\"\"),IF(ORÇAMENTO.Fonte=\"\",ORÇAMENTO.CodBarra,CONCATENATE(ORÇAMENTO.Fonte,\" \",ORÇAMENTO.CodBarra)))","v":false},{"$f":"IF(ISERROR(INDIRECT(ORÇAMENTO.BancoRef)),\"(abra o arquivo 'Referência \"&Excel_BuiltIn_Database&\".xlsm)\",IF(OR($C222<>\"S\",ORÇAMENTO.CodBarra=\"\"),\"(Sem Código)\",IF(ISERROR(MATCH($AE222,INDIRECT(ORÇAMENTO.BancoRef),0)),\"(Código não identificado nas referências)\",MATCH($AE222,INDIRECT(ORÇAMENTO.BancoRef),0))))","v":"(Sem Código)"},{"$f":"ROUND(IF(DESONERACAO=\"sim\",REFERENCIA.Desonerado,REFERENCIA.NaoDesonerado),2)","v":0},0.26,null,null,null,null,0,0]
["S",3,"S",0,{"$f":"IF($C223=1,OFFSET(E223,-1,0)+MAX(1,COUNTIF(QCI!$A$13:$A$24,OFFSET(ORÇAMENTO!E223,-1,0))),OFFSET(E223,-1,0))","v":1},2,2,0,10,0,{"$f":"IF(OR($C223=\"S\",$C223=0),0,MATCH(OFFSET($D223,0,$C223)+IF($C223<>1,1,COUNTIF(QCI!$A$13:$A$24,ORÇAMENTO!E223)),OFFSET($D223,1,$C223,ROW($C$270)-ROW($C223)),0))","v":0},"","Serviço","Serviço","-","SINAPI",null,{"$f":"IF($C223=\"S\",REFERENCIA.Descricao,\"(digite a descrição aqui)\")","v":"(Sem Código)"},{"$f":"REFERENCIA.Unidade","v":"-"},{"$f":"OFFSET(CÁLCULO!H$15,ROW($T223)-ROW(T$15),0)","v":0},null,"BDI 1",{"$f":"IF($C223=\"S\",ROUND(IF(TIPOORCAMENTO=\"Proposto\",ORÇAMENTO.CustoUnitario*(1+$AH223),ORÇAMENTO.PrecoUnitarioLicitado),15-13*$AF$10),0)","v":0},{"$f":"IF($C223=\"S\",IF(OR(Import.TipoArredondamento<>\"TransfereGOV\",ACOMPANHAMENTO=\"BM\"),VTOTAL1,SUM(OFFSET(CÁLCULO!$AA$15,ROW($X223)-ROW($X$15),1):OFFSET(CÁLCULO!$AL$15,ROW($X223)-ROW($X$15),-1))),IF($C223=0,0,ROUND(SomaAgrup,15-13*$AF$11)))","v":0},"RA","",{"$f":"IF($C223=\"S\",IF($Z223=\"CP\",$X223,IF($Z223=\"RA\",(($X223)*QCI!$AA$3),0)),SomaAgrup)","v":0},0,{"$f":"IF($N223=\"\",\" \",\nIF(AND($C223<>\"S\",OR($R223=\"\",$R223=\"(digite a descrição aqui)\")),\"DESCRIÇÃO\",\nIF(AND($C223=\"S\",OR($Q223<>\"\",$T223>0,$U223>0),$P223=\"\"),\"FONTE\",\nIF(AND($C223=\"S\",$P223<>\"\",OR($T223>0,$U223>0),$Q223=\"\"),\"CÓDIGO\",\nIF(AND($C223=\"S\",$P223<>\"\",$Q223<>\"\",$R223=\"(Código não identificado nas referências)\"),\"CÓDIGO N/ID\",\nIF(AND($C223=\"S\",OR($R223=\"\",$R223=\"(digite a descrição aqui)\"),OR($Q223<>\"\",$T223>0,$U223>0)),\"DESCRIÇÃO\",\nIF(AND($C223=\"S\",$P223<>\"\",$Q223<>\"\",$S223=\"\"),\"UNIDADE\",\nIF(AND($C223=\"S\",$P223<>\"\",$Q223<>\"\",$U223=0),\"SEM CUSTO\",\nIF(AND(_xlfn.SINGLE(TIPOORCAMENTO)=\"Licitado\",$AL223=0,$AN223>0),\"SEM PREÇO\",\nIF(AND($C223=\"S\",$P223<>\"\",$Q223<>\"\",$U223>0,AND($V223<>\"BDI 1\",$V223<>\"BDI 2\",$V223<>\"BDI 3\")),IF(ISNUMBER($V223),\"JUSTIFICAR BDI\",\"BDI\"),\nIF(OR(AND(import.recurso=\"OGU\",TIPOORCAMENTO=\"Proposto\",LEFT($O$8,5)<>\"(N/D:\",$AG223<>\"\",ORÇAMENTO.CustoUnitario>$AG223),AND(TIPOORCAMENTO=\"LICITADO\",ORÇAMENTO.PrecoUnitarioLicitado>$AN223)),\"ACIMA REF.\",\nIF(AND($C223=\"S\",$P223<>\"\",$Q223<>\"\",$T223=0,$U223>0),\"QUANT.\",\nIF(AND(Import.TipoArredondamento=\"TransfereGOV\",$L223=\"F\",$C223=\"S\",LEN($Q223)>13),\"Código >13\",\nIF(AND(Import.TipoArredondamento=\"TransfereGOV\",$L223=\"F\",$C223<>\"S\",LEN($R223)>100),\"Descrição >100\",\nIF(AND(Import.TipoArredondamento=\"TransfereGOV\",$L223=\"F\",$C223=\"S\",LEN($R223)>500),\"Descrição >500\",\nIF(AND(Import.TipoArredondamento=\"TransfereGOV\",$L223=\"F\",$C223=\"S\",LEFT(TRIM(UPPER($P223)),6)<>\"SINAPI\",ISNA(VLOOKUP(TRIM(UPPER($S223)),ListaTgov.Unidades,1,FALSE))),\"Unid. Não Disp\",\n\" \"))))))))))))))))","v":{"$error":"#NAME?"}},{"$f":"IF(C223<=CRONO.NivelExibicao,MAX($AD$15:OFFSET(AD223,-1,0))+IF($C223<>1,1,MAX(1,COUNTIF(QCI!$A$13:$A$24,OFFSET($E223,-1,0)))),\"\")","v":""},{"$f":"IF(AND($C223=\"S\",ORÇAMENTO.CodBarra<>\"\"),IF(ORÇAMENTO.Fonte=\"\",ORÇAMENTO.CodBarra,CONCATENATE(ORÇAMENTO.Fonte,\" \",ORÇAMENTO.CodBarra)))","v":false},{"$f":"IF(ISERROR(INDIRECT(ORÇAMENTO.BancoRef)),\"(abra o arquivo 'Referência \"&Excel_BuiltIn_Database&\".xlsm)\",IF(OR($C223<>\"S\",ORÇAMENTO.CodBarra=\"\"),\"(Sem Código)\",IF(ISERROR(MATCH($AE223,INDIRECT(ORÇAMENTO.BancoRef),0)),\"(Código não identificado nas referências)\",MATCH($AE223,INDIRECT(ORÇAMENTO.BancoRef),0))))","v":"(Sem Código)"},{"$f":"ROUND(IF(DESONERACAO=\"sim\",REFERENCIA.Desonerado,REFERENCIA.NaoDesonerado),2)","v":0},0.26,null,null,null,null,0,0]
["S",3,"S",0,{"$f":"IF($C224=1,OFFSET(E224,-1,0)+MAX(1,COUNTIF(QCI!$A$13:$A$24,OFFSET(ORÇAMENTO!E224,-1,0))),OFFSET(E224,-1,0))","v":1},2,2,0,10,0,{"$f":"IF(OR($C224=\"S\",$C224=0),0,MATCH(OFFSET($D224,0,$C224)+IF($C224<>1,1,COUNTIF(QCI!$A$13:$A$24,ORÇAMENTO!E224)),OFFSET($D224,1,$C224,ROW($C$270)-ROW($C224)),0))","v":0},"","Serviço","Serviço","-","SINAPI",null,{"$f":"IF($C224=\"S\",REFERENCIA.Descricao,\"(digite a descrição aqui)\")","v":"(Sem Código)"},{"$f":"REFERENCIA.Unidade","v":"-"},{"$f":"OFFSET(CÁLCULO!H$15,ROW($T224)-ROW(T$15),0)","v":0},null,"BDI 1",{"$f":"IF($C224=\"S\",ROUND(IF(TIPOORCAMENTO=\"Proposto\",ORÇAMENTO.CustoUnitario*(1+$AH224),ORÇAMENTO.PrecoUnitarioLicitado),15-13*$AF$10),0)","v":0},{"$f":"IF($C224=\"S\",IF(OR(Import.TipoArredondamento<>\"TransfereGOV\",ACOMPANHAMENTO=\"BM\"),VTOTAL1,SUM(OFFSET(CÁLCULO!$AA$15,ROW($X224)-ROW($X$15),1):OFFSET(CÁLCULO!$AL$15,ROW($X224)-ROW($X$15),-1))),IF($C224=0,0,ROUND(SomaAgrup,15-13*$AF$11)))","v":0},"RA","",{"$f":"IF($C224=\"S\",IF($Z224=\"CP\",$X224,IF($Z224=\"RA\",(($X224)*QCI!$AA$3),0)),SomaAgrup)","v":0},0,{"$f":"IF($N224=\"\",\" \",\nIF(AND($C224<>\"S\",OR($R224=\"\",$R224=\"(digite a descrição aqui)\")),\"DESCRIÇÃO\",\nIF(AND($C224=\"S\",OR($Q224<>\"\",$T224>0,$U224>0),$P224=\"\"),\"FONTE\",\nIF(AND($C224=\"S\",$P224<>\"\",OR($T224>0,$U224>0),$Q224=\"\"),\"CÓDIGO\",\nIF(AND($C224=\"S\",$P224<>\"\",$Q224<>\"\",$R224=\"(Código não identificado nas referências)\"),\"CÓDIGO N/ID\",\nIF(AND($C224=\"S\",OR($R224=\"\",$R224=\"(digite a descrição aqui)\"),OR($Q224<>\"\",$T224>0,$U224>0)),\"DESCRIÇÃO\",\nIF(AND($C224=\"S\",$P224<>\"\",$Q224<>\"\",$S224=\"\"),\"UNIDADE\",\nIF(AND($C224=\"S\",$P224<>\"\",$Q224<>\"\",$U224=0),\"SEM CUSTO\",\nIF(AND(_xlfn.SINGLE(TIPOORCAMENTO)=\"Licitado\",$AL224=0,$AN224>0),\"SEM PREÇO\",\nIF(AND($C224=\"S\",$P224<>\"\",$Q224<>\"\",$U224>0,AND($V224<>\"BDI 1\",$V224<>\"BDI 2\",$V224<>\"BDI 3\")),IF(ISNUMBER($V224),\"JUSTIFICAR BDI\",\"BDI\"),\nIF(OR(AND(import.recurso=\"OGU\",TIPOORCAMENTO=\"Proposto\",LEFT($O$8,5)<>\"(N/D:\",$AG224<>\"\",ORÇAMENTO.CustoUnitario>$AG224),AND(TIPOORCAMENTO=\"LICITADO\",ORÇAMENTO.PrecoUnitarioLicitado>$AN224)),\"ACIMA REF.\",\nIF(AND($C224=\"S\",$P224<>\"\",$Q224<>\"\",$T224=0,$U224>0),\"QUANT.\",\nIF(AND(Import.TipoArredondamento=\"TransfereGOV\",$L224=\"F\",$C224=\"S\",LEN($Q224)>13),\"Código >13\",\nIF(AND(Import.TipoArredondamento=\"TransfereGOV\",$L224=\"F\",$C224<>\"S\",LEN($R224)>100),\"Descrição >100\",\nIF(AND(Import.TipoArredondamento=\"TransfereGOV\",$L224=\"F\",$C224=\"S\",LEN($R224)>500),\"Descrição >500\",\nIF(AND(Import.TipoArredondamento=\"TransfereGOV\",$L224=\"F\",$C224=\"S\",LEFT(TRIM(UPPER($P224)),6)<>\"SINAPI\",ISNA(VLOOKUP(TRIM(UPPER($S224)),ListaTgov.Unidades,1,FALSE))),\"Unid. Não Disp\",\n\" \"))))))))))))))))","v":{"$error":"#NAME?"}},{"$f":"IF(C224<=CRONO.NivelExibicao,MAX($AD$15:OFFSET(AD224,-1,0))+IF($C224<>1,1,MAX(1,COUNTIF(QCI!$A$13:$A$24,OFFSET($E224,-1,0)))),\"\")","v":""},{"$f":"IF(AND($C224=\"S\",ORÇAMENTO.CodBarra<>\"\"),IF(ORÇAMENTO.Fonte=\"\",ORÇAMENTO.CodBarra,CONCATENATE(ORÇAMENTO.Fonte,\" \",ORÇAMENTO.CodBarra)))","v":false},{"$f":"IF(ISERROR(INDIRECT(ORÇAMENTO.BancoRef)),\"(abra o arquivo 'Referência \"&Excel_BuiltIn_Database&\".xlsm)\",IF(OR($C224<>\"S\",ORÇAMENTO.CodBarra=\"\"),\"(Sem Código)\",IF(ISERROR(MATCH($AE224,INDIRECT(ORÇAMENTO.BancoRef),0)),\"(Código não identificado nas referências)\",MATCH($AE224,INDIRECT(ORÇAMENTO.BancoRef),0))))","v":"(Sem Código)"},{"$f":"ROUND(IF(DESONERACAO=\"sim\",REFERENCIA.Desonerado,REFERENCIA.NaoDesonerado),2)","v":0},0.26,null,null,null,null,0,0]
["S",3,"S",0,{"$f":"IF($C225=1,OFFSET(E225,-1,0)+MAX(1,COUNTIF(QCI!$A$13:$A$24,OFFSET(ORÇAMENTO!E225,-1,0))),OFFSET(E225,-1,0))","v":1},2,2,0,10,0,{"$f":"IF(OR($C225=\"S\",$C225=0),0,MATCH(OFFSET($D225,0,$C225)+IF($C225<>1,1,COUNTIF(QCI!$A$13:$A$24,ORÇAMENTO!E225)),OFFSET($D225,1,$C225,ROW($C$270)-ROW($C225)),0))","v":0},"","Serviço","Serviço","-","SINAPI",null,{"$f":"IF($C225=\"S\",REFERENCIA.Descricao,\"(digite a descrição aqui)\")","v":"(Sem Código)"},{"$f":"REFERENCIA.Unidade","v":"-"},{"$f":"OFFSET(CÁLCULO!H$15,ROW($T225)-ROW(T$15),0)","v":0},null,"BDI 1",{"$f":"IF($C225=\"S\",ROUND(IF(TIPOORCAMENTO=\"Proposto\",ORÇAMENTO.CustoUnitario*(1+$AH225),ORÇAMENTO.PrecoUnitarioLicitado),15-13*$AF$10),0)","v":0},{"$f":"IF($C225=\"S\",IF(OR(Import.TipoArredondamento<>\"TransfereGOV\",ACOMPANHAMENTO=\"BM\"),VTOTAL1,SUM(OFFSET(CÁLCULO!$AA$15,ROW($X225)-ROW($X$15),1):OFFSET(CÁLCULO!$AL$15,ROW($X225)-ROW($X$15),-1))),IF($C225=0,0,ROUND(SomaAgrup,15-13*$AF$11)))","v":0},"RA","",{"$f":"IF($C225=\"S\",IF($Z225=\"CP\",$X225,IF($Z225=\"RA\",(($X225)*QCI!$AA$3),0)),SomaAgrup)","v":0},0,{"$f":"IF($N225=\"\",\" \",\nIF(AND($C225<>\"S\",OR($R225=\"\",$R225=\"(digite a descrição aqui)\")),\"DESCRIÇÃO\",\nIF(AND($C225=\"S\",OR($Q225<>\"\",$T225>0,$U225>0),$P225=\"\"),\"FONTE\",\nIF(AND($C225=\"S\",$P225<>\"\",OR($T225>0,$U225>0),$Q225=\"\"),\"CÓDIGO\",\nIF(AND($C225=\"S\",$P225<>\"\",$Q225<>\"\",$R225=\"(Código não identificado nas referências)\"),\"CÓDIGO N/ID\",\nIF(AND($C225=\"S\",OR($R225=\"\",$R225=\"(digite a descrição aqui)\"),OR($Q225<>\"\",$T225>0,$U225>0)),\"DESCRIÇÃO\",\nIF(AND($C225=\"S\",$P225<>\"\",$Q225<>\"\",$S225=\"\"),\"UNIDADE\",\nIF(AND($C225=\"S\",$P225<>\"\",$Q225<>\"\",$U225=0),\"SEM CUSTO\",\nIF(AND(_xlfn.SINGLE(TIPOORCAMENTO)=\"Licitado\",$AL225=0,$AN225>0),\"SEM PREÇO\",\nIF(AND($C225=\"S\",$P225<>\"\",$Q225<>\"\",$U225>0,AND($V225<>\"BDI 1\",$V225<>\"BDI 2\",$V225<>\"BDI 3\")),IF(ISNUMBER($V225),\"JUSTIFICAR BDI\",\"BDI\"),\nIF(OR(AND(import.recurso=\"OGU\",TIPOORCAMENTO=\"Proposto\",LEFT($O$8,5)<>\"(N/D:\",$AG225<>\"\",ORÇAMENTO.CustoUnitario>$AG225),AND(TIPOORCAMENTO=\"LICITADO\",ORÇAMENTO.PrecoUnitarioLicitado>$AN225)),\"ACIMA REF.\",\nIF(AND($C225=\"S\",$P225<>\"\",$Q225<>\"\",$T225=0,$U225>0),\"QUANT.\",\nIF(AND(Import.TipoArredondamento=\"TransfereGOV\",$L225=\"F\",$C225=\"S\",LEN($Q225)>13),\"Código >13\",\nIF(AND(Import.TipoArredondamento=\"TransfereGOV\",$L225=\"F\",$C225<>\"S\",LEN($R225)>100),\"Descrição >100\",\nIF(AND(Import.TipoArredondamento=\"TransfereGOV\",$L225=\"F\",$C225=\"S\",LEN($R225)>500),\"Descrição >500\",\nIF(AND(Import.TipoArredondamento=\"TransfereGOV\",$L225=\"F\",$C225=\"S\",LEFT(TRIM(UPPER($P225)),6)<>\"SINAPI\",ISNA(VLOOKUP(TRIM(UPPER($S225)),ListaTgov.Unidades,1,FALSE))),\"Unid. Não Disp\",\n\" \"))))))))))))))))","v":{"$error":"#NAME?"}},{"$f":"IF(C225<=CRONO.NivelExibicao,MAX($AD$15:OFFSET(AD225,-1,0))+IF($C225<>1,1,MAX(1,COUNTIF(QCI!$A$13:$A$24,OFFSET($E225,-1,0)))),\"\")","v":""},{"$f":"IF(AND($C225=\"S\",ORÇAMENTO.CodBarra<>\"\"),IF(ORÇAMENTO.Fonte=\"\",ORÇAMENTO.CodBarra,CONCATENATE(ORÇAMENTO.Fonte,\" \",ORÇAMENTO.CodBarra)))","v":false},{"$f":"IF(ISERROR(INDIRECT(ORÇAMENTO.BancoRef)),\"(abra o arquivo 'Referência \"&Excel_BuiltIn_Database&\".xlsm)\",IF(OR($C225<>\"S\",ORÇAMENTO.CodBarra=\"\"),\"(Sem Código)\",IF(ISERROR(MATCH($AE225,INDIRECT(ORÇAMENTO.BancoRef),0)),\"(Código não identificado nas referências)\",MATCH($AE225,INDIRECT(ORÇAMENTO.BancoRef),0))))","v":"(Sem Código)"},{"$f":"ROUND(IF(DESONERACAO=\"sim\",REFERENCIA.Desonerado,REFERENCIA.NaoDesonerado),2)","v":0},0.26,null,null,null,null,0,0]
["S",3,"S",0,{"$f":"IF($C226=1,OFFSET(E226,-1,0)+MAX(1,COUNTIF(QCI!$A$13:$A$24,OFFSET(ORÇAMENTO!E226,-1,0))),OFFSET(E226,-1,0))","v":1},2,2,0,10,0,{"$f":"IF(OR($C226=\"S\",$C226=0),0,MATCH(OFFSET($D226,0,$C226)+IF($C226<>1,1,COUNTIF(QCI!$A$13:$A$24,ORÇAMENTO!E226)),OFFSET($D226,1,$C226,ROW($C$270)-ROW($C226)),0))","v":0},"","Serviço","Serviço","-","SINAPI",null,{"$f":"IF($C226=\"S\",REFERENCIA.Descricao,\"(digite a descrição aqui)\")","v":"(Sem Código)"},{"$f":"REFERENCIA.Unidade","v":"-"},{"$f":"OFFSET(CÁLCULO!H$15,ROW($T226)-ROW(T$15),0)","v":0},null,"BDI 1",{"$f":"IF($C226=\"S\",ROUND(IF(TIPOORCAMENTO=\"Proposto\",ORÇAMENTO.CustoUnitario*(1+$AH226),ORÇAMENTO.PrecoUnitarioLicitado),15-13*$AF$10),0)","v":0},{"$f":"IF($C226=\"S\",IF(OR(Import.TipoArredondamento<>\"TransfereGOV\",ACOMPANHAMENTO=\"BM\"),VTOTAL1,SUM(OFFSET(CÁLCULO!$AA$15,ROW($X226)-ROW($X$15),1):OFFSET(CÁLCULO!$AL$15,ROW($X226)-ROW($X$15),-1))),IF($C226=0,0,ROUND(SomaAgrup,15-13*$AF$11)))","v":0},"RA","",{"$f":"IF($C226=\"S\",IF($Z226=\"CP\",$X226,IF($Z226=\"RA\",(($X226)*QCI!$AA$3),0)),SomaAgrup)","v":0},0,{"$f":"IF($N226=\"\",\" \",\nIF(AND($C226<>\"S\",OR($R226=\"\",$R226=\"(digite a descrição aqui)\")),\"DESCRIÇÃO\",\nIF(AND($C226=\"S\",OR($Q226<>\"\",$T226>0,$U226>0),$P226=\"\"),\"FONTE\",\nIF(AND($C226=\"S\",$P226<>\"\",OR($T226>0,$U226>0),$Q226=\"\"),\"CÓDIGO\",\nIF(AND($C226=\"S\",$P226<>\"\",$Q226<>\"\",$R226=\"(Código não identificado nas referências)\"),\"CÓDIGO N/ID\",\nIF(AND($C226=\"S\",OR($R226=\"\",$R226=\"(digite a descrição aqui)\"),OR($Q226<>\"\",$T226>0,$U226>0)),\"DESCRIÇÃO\",\nIF(AND($C226=\"S\",$P226<>\"\",$Q226<>\"\",$S226=\"\"),\"UNIDADE\",\nIF(AND($C226=\"S\",$P226<>\"\",$Q226<>\"\",$U226=0),\"SEM CUSTO\",\nIF(AND(_xlfn.SINGLE(TIPOORCAMENTO)=\"Licitado\",$AL226=0,$AN226>0),\"SEM PREÇO\",\nIF(AND($C226=\"S\",$P226<>\"\",$Q226<>\"\",$U226>0,AND($V226<>\"BDI 1\",$V226<>\"BDI 2\",$V226<>\"BDI 3\")),IF(ISNUMBER($V226),\"JUSTIFICAR BDI\",\"BDI\"),\nIF(OR(AND(import.recurso=\"OGU\",TIPOORCAMENTO=\"Proposto\",LEFT($O$8,5)<>\"(N/D:\",$AG226<>\"\",ORÇAMENTO.CustoUnitario>$AG226),AND(TIPOORCAMENTO=\"LICITADO\",ORÇAMENTO.PrecoUnitarioLicitado>$AN226)),\"ACIMA REF.\",\nIF(AND($C226=\"S\",$P226<>\"\",$Q226<>\"\",$T226=0,$U226>0),\"QUANT.\",\nIF(AND(Import.TipoArredondamento=\"TransfereGOV\",$L226=\"F\",$C226=\"S\",LEN($Q226)>13),\"Código >13\",\nIF(AND(Import.TipoArredondamento=\"TransfereGOV\",$L226=\"F\",$C226<>\"S\",LEN($R226)>100),\"Descrição >100\",\nIF(AND(Import.TipoArredondamento=\"TransfereGOV\",$L226=\"F\",$C226=\"S\",LEN($R226)>500),\"Descrição >500\",\nIF(AND(Import.TipoArredondamento=\"TransfereGOV\",$L226=\"F\",$C226=\"S\",LEFT(TRIM(UPPER($P226)),6)<>\"SINAPI\",ISNA(VLOOKUP(TRIM(UPPER($S226)),ListaTgov.Unidades,1,FALSE))),\"Unid. Não Disp\",\n\" \"))))))))))))))))","v":{"$error":"#NAME?"}},{"$f":"IF(C226<=CRONO.NivelExibicao,MAX($AD$15:OFFSET(AD226,-1,0))+IF($C226<>1,1,MAX(1,COUNTIF(QCI!$A$13:$A$24,OFFSET($E226,-1,0)))),\"\")","v":""},{"$f":"IF(AND($C226=\"S\",ORÇAMENTO.CodBarra<>\"\"),IF(ORÇAMENTO.Fonte=\"\",ORÇAMENTO.CodBarra,CONCATENATE(ORÇAMENTO.Fonte,\" \",ORÇAMENTO.CodBarra)))","v":false},{"$f":"IF(ISERROR(INDIRECT(ORÇAMENTO.BancoRef)),\"(abra o arquivo 'Referência \"&Excel_BuiltIn_Database&\".xlsm)\",IF(OR($C226<>\"S\",ORÇAMENTO.CodBarra=\"\"),\"(Sem Código)\",IF(ISERROR(MATCH($AE226,INDIRECT(ORÇAMENTO.BancoRef),0)),\"(Código não identificado nas referências)\",MATCH($AE226,INDIRECT(ORÇAMENTO.BancoRef),0))))","v":"(Sem Código)"},{"$f":"ROUND(IF(DESONERACAO=\"sim\",REFERENCIA.Desonerado,REFERENCIA.NaoDesonerado),2)","v":0},0.26,null,null,null,null,0,0]
["S",3,"S",0,{"$f":"IF($C227=1,OFFSET(E227,-1,0)+MAX(1,COUNTIF(QCI!$A$13:$A$24,OFFSET(ORÇAMENTO!E227,-1,0))),OFFSET(E227,-1,0))","v":1},2,2,0,10,0,{"$f":"IF(OR($C227=\"S\",$C227=0),0,MATCH(OFFSET($D227,0,$C227)+IF($C227<>1,1,COUNTIF(QCI!$A$13:$A$24,ORÇAMENTO!E227)),OFFSET($D227,1,$C227,ROW($C$270)-ROW($C227)),0))","v":0},"","Serviço","Serviço","-","SINAPI",null,{"$f":"IF($C227=\"S\",REFERENCIA.Descricao,\"(digite a descrição aqui)\")","v":"(Sem Código)"},{"$f":"REFERENCIA.Unidade","v":"-"},{"$f":"OFFSET(CÁLCULO!H$15,ROW($T227)-ROW(T$15),0)","v":0},null,"BDI 1",{"$f":"IF($C227=\"S\",ROUND(IF(TIPOORCAMENTO=\"Proposto\",ORÇAMENTO.CustoUnitario*(1+$AH227),ORÇAMENTO.PrecoUnitarioLicitado),15-13*$AF$10),0)","v":0},{"$f":"IF($C227=\"S\",IF(OR(Import.TipoArredondamento<>\"TransfereGOV\",ACOMPANHAMENTO=\"BM\"),VTOTAL1,SUM(OFFSET(CÁLCULO!$AA$15,ROW($X227)-ROW($X$15),1):OFFSET(CÁLCULO!$AL$15,ROW($X227)-ROW($X$15),-1))),IF($C227=0,0,ROUND(SomaAgrup,15-13*$AF$11)))","v":0},"RA","",{"$f":"IF($C227=\"S\",IF($Z227=\"CP\",$X227,IF($Z227=\"RA\",(($X227)*QCI!$AA$3),0)),SomaAgrup)","v":0},0,{"$f":"IF($N227=\"\",\" \",\nIF(AND($C227<>\"S\",OR($R227=\"\",$R227=\"(digite a descrição aqui)\")),\"DESCRIÇÃO\",\nIF(AND($C227=\"S\",OR($Q227<>\"\",$T227>0,$U227>0),$P227=\"\"),\"FONTE\",\nIF(AND($C227=\"S\",$P227<>\"\",OR($T227>0,$U227>0),$Q227=\"\"),\"CÓDIGO\",\nIF(AND($C227=\"S\",$P227<>\"\",$Q227<>\"\",$R227=\"(Código não identificado nas referências)\"),\"CÓDIGO N/ID\",\nIF(AND($C227=\"S\",OR($R227=\"\",$R227=\"(digite a descrição aqui)\"),OR($Q227<>\"\",$T227>0,$U227>0)),\"DESCRIÇÃO\",\nIF(AND($C227=\"S\",$P227<>\"\",$Q227<>\"\",$S227=\"\"),\"UNIDADE\",\nIF(AND($C227=\"S\",$P227<>\"\",$Q227<>\"\",$U227=0),\"SEM CUSTO\",\nIF(AND(_xlfn.SINGLE(TIPOORCAMENTO)=\"Licitado\",$AL227=0,$AN227>0),\"SEM PREÇO\",\nIF(AND($C227=\"S\",$P227<>\"\",$Q227<>\"\",$U227>0,AND($V227<>\"BDI 1\",$V227<>\"BDI 2\",$V227<>\"BDI 3\")),IF(ISNUMBER($V227),\"JUSTIFICAR BDI\",\"BDI\"),\nIF(OR(AND(import.recurso=\"OGU\",TIPOORCAMENTO=\"Proposto\",LEFT($O$8,5)<>\"(N/D:\",$AG227<>\"\",ORÇAMENTO.CustoUnitario>$AG227),AND(TIPOORCAMENTO=\"LICITADO\",ORÇAMENTO.PrecoUnitarioLicitado>$AN227)),\"ACIMA REF.\",\nIF(AND($C227=\"S\",$P227<>\"\",$Q227<>\"\",$T227=0,$U227>0),\"QUANT.\",\nIF(AND(Import.TipoArredondamento=\"TransfereGOV\",$L227=\"F\",$C227=\"S\",LEN($Q227)>13),\"Código >13\",\nIF(AND(Import.TipoArredondamento=\"TransfereGOV\",$L227=\"F\",$C227<>\"S\",LEN($R227)>100),\"Descrição >100\",\nIF(AND(Import.TipoArredondamento=\"TransfereGOV\",$L227=\"F\",$C227=\"S\",LEN($R227)>500),\"Descrição >500\",\nIF(AND(Import.TipoArredondamento=\"TransfereGOV\",$L227=\"F\",$C227=\"S\",LEFT(TRIM(UPPER($P227)),6)<>\"SINAPI\",ISNA(VLOOKUP(TRIM(UPPER($S227)),ListaTgov.Unidades,1,FALSE))),\"Unid. Não Disp\",\n\" \"))))))))))))))))","v":{"$error":"#NAME?"}},{"$f":"IF(C227<=CRONO.NivelExibicao,MAX($AD$15:OFFSET(AD227,-1,0))+IF($C227<>1,1,MAX(1,COUNTIF(QCI!$A$13:$A$24,OFFSET($E227,-1,0)))),\"\")","v":""},{"$f":"IF(AND($C227=\"S\",ORÇAMENTO.CodBarra<>\"\"),IF(ORÇAMENTO.Fonte=\"\",ORÇAMENTO.CodBarra,CONCATENATE(ORÇAMENTO.Fonte,\" \",ORÇAMENTO.CodBarra)))","v":false},{"$f":"IF(ISERROR(INDIRECT(ORÇAMENTO.BancoRef)),\"(abra o arquivo 'Referência \"&Excel_BuiltIn_Database&\".xlsm)\",IF(OR($C227<>\"S\",ORÇAMENTO.CodBarra=\"\"),\"(Sem Código)\",IF(ISERROR(MATCH($AE227,INDIRECT(ORÇAMENTO.BancoRef),0)),\"(Código não identificado nas referências)\",MATCH($AE227,INDIRECT(ORÇAMENTO.BancoRef),0))))","v":"(Sem Código)"},{"$f":"ROUND(IF(DESONERACAO=\"sim\",REFERENCIA.Desonerado,REFERENCIA.NaoDesonerado),2)","v":0},0.26,null,null,null,null,0,0]
["S",3,"S",0,{"$f":"IF($C228=1,OFFSET(E228,-1,0)+MAX(1,COUNTIF(QCI!$A$13:$A$24,OFFSET(ORÇAMENTO!E228,-1,0))),OFFSET(E228,-1,0))","v":1},2,2,0,10,0,{"$f":"IF(OR($C228=\"S\",$C228=0),0,MATCH(OFFSET($D228,0,$C228)+IF($C228<>1,1,COUNTIF(QCI!$A$13:$A$24,ORÇAMENTO!E228)),OFFSET($D228,1,$C228,ROW($C$270)-ROW($C228)),0))","v":0},"","Serviço","Serviço","-","SINAPI",null,{"$f":"IF($C228=\"S\",REFERENCIA.Descricao,\"(digite a descrição aqui)\")","v":"(Sem Código)"},{"$f":"REFERENCIA.Unidade","v":"-"},{"$f":"OFFSET(CÁLCULO!H$15,ROW($T228)-ROW(T$15),0)","v":0},null,"BDI 1",{"$f":"IF($C228=\"S\",ROUND(IF(TIPOORCAMENTO=\"Proposto\",ORÇAMENTO.CustoUnitario*(1+$AH228),ORÇAMENTO.PrecoUnitarioLicitado),15-13*$AF$10),0)","v":0},{"$f":"IF($C228=\"S\",IF(OR(Import.TipoArredondamento<>\"TransfereGOV\",ACOMPANHAMENTO=\"BM\"),VTOTAL1,SUM(OFFSET(CÁLCULO!$AA$15,ROW($X228)-ROW($X$15),1):OFFSET(CÁLCULO!$AL$15,ROW($X228)-ROW($X$15),-1))),IF($C228=0,0,ROUND(SomaAgrup,15-13*$AF$11)))","v":0},"RA","",{"$f":"IF($C228=\"S\",IF($Z228=\"CP\",$X228,IF($Z228=\"RA\",(($X228)*QCI!$AA$3),0)),SomaAgrup)","v":0},0,{"$f":"IF($N228=\"\",\" \",\nIF(AND($C228<>\"S\",OR($R228=\"\",$R228=\"(digite a descrição aqui)\")),\"DESCRIÇÃO\",\nIF(AND($C228=\"S\",OR($Q228<>\"\",$T228>0,$U228>0),$P228=\"\"),\"FONTE\",\nIF(AND($C228=\"S\",$P228<>\"\",OR($T228>0,$U228>0),$Q228=\"\"),\"CÓDIGO\",\nIF(AND($C228=\"S\",$P228<>\"\",$Q228<>\"\",$R228=\"(Código não identificado nas referências)\"),\"CÓDIGO N/ID\",\nIF(AND($C228=\"S\",OR($R228=\"\",$R228=\"(digite a descrição aqui)\"),OR($Q228<>\"\",$T228>0,$U228>0)),\"DESCRIÇÃO\",\nIF(AND($C228=\"S\",$P228<>\"\",$Q228<>\"\",$S228=\"\"),\"UNIDADE\",\nIF(AND($C228=\"S\",$P228<>\"\",$Q228<>\"\",$U228=0),\"SEM CUSTO\",\nIF(AND(_xlfn.SINGLE(TIPOORCAMENTO)=\"Licitado\",$AL228=0,$AN228>0),\"SEM PREÇO\",\nIF(AND($C228=\"S\",$P228<>\"\",$Q228<>\"\",$U228>0,AND($V228<>\"BDI 1\",$V228<>\"BDI 2\",$V228<>\"BDI 3\")),IF(ISNUMBER($V228),\"JUSTIFICAR BDI\",\"BDI\"),\nIF(OR(AND(import.recurso=\"OGU\",TIPOORCAMENTO=\"Proposto\",LEFT($O$8,5)<>\"(N/D:\",$AG228<>\"\",ORÇAMENTO.CustoUnitario>$AG228),AND(TIPOORCAMENTO=\"LICITADO\",ORÇAMENTO.PrecoUnitarioLicitado>$AN228)),\"ACIMA REF.\",\nIF(AND($C228=\"S\",$P228<>\"\",$Q228<>\"\",$T228=0,$U228>0),\"QUANT.\",\nIF(AND(Import.TipoArredondamento=\"TransfereGOV\",$L228=\"F\",$C228=\"S\",LEN($Q228)>13),\"Código >13\",\nIF(AND(Import.TipoArredondamento=\"TransfereGOV\",$L228=\"F\",$C228<>\"S\",LEN($R228)>100),\"Descrição >100\",\nIF(AND(Import.TipoArredondamento=\"TransfereGOV\",$L228=\"F\",$C228=\"S\",LEN($R228)>500),\"Descrição >500\",\nIF(AND(Import.TipoArredondamento=\"TransfereGOV\",$L228=\"F\",$C228=\"S\",LEFT(TRIM(UPPER($P228)),6)<>\"SINAPI\",ISNA(VLOOKUP(TRIM(UPPER($S228)),ListaTgov.Unidades,1,FALSE))),\"Unid. Não Disp\",\n\" \"))))))))))))))))","v":{"$error":"#NAME?"}},{"$f":"IF(C228<=CRONO.NivelExibicao,MAX($AD$15:OFFSET(AD228,-1,0))+IF($C228<>1,1,MAX(1,COUNTIF(QCI!$A$13:$A$24,OFFSET($E228,-1,0)))),\"\")","v":""},{"$f":"IF(AND($C228=\"S\",ORÇAMENTO.CodBarra<>\"\"),IF(ORÇAMENTO.Fonte=\"\",ORÇAMENTO.CodBarra,CONCATENATE(ORÇAMENTO.Fonte,\" \",ORÇAMENTO.CodBarra)))","v":false},{"$f":"IF(ISERROR(INDIRECT(ORÇAMENTO.BancoRef)),\"(abra o arquivo 'Referência \"&Excel_BuiltIn_Database&\".xlsm)\",IF(OR($C228<>\"S\",ORÇAMENTO.CodBarra=\"\"),\"(Sem Código)\",IF(ISERROR(MATCH($AE228,INDIRECT(ORÇAMENTO.BancoRef),0)),\"(Código não identificado nas referências)\",MATCH($AE228,INDIRECT(ORÇAMENTO.BancoRef),0))))","v":"(Sem Código)"},{"$f":"ROUND(IF(DESONERACAO=\"sim\",REFERENCIA.Desonerado,REFERENCIA.NaoDesonerado),2)","v":0},0.26,null,null,null,null,0,0]
["S",3,"S",0,{"$f":"IF($C229=1,OFFSET(E229,-1,0)+MAX(1,COUNTIF(QCI!$A$13:$A$24,OFFSET(ORÇAMENTO!E229,-1,0))),OFFSET(E229,-1,0))","v":1},2,2,0,10,0,{"$f":"IF(OR($C229=\"S\",$C229=0),0,MATCH(OFFSET($D229,0,$C229)+IF($C229<>1,1,COUNTIF(QCI!$A$13:$A$24,ORÇAMENTO!E229)),OFFSET($D229,1,$C229,ROW($C$270)-ROW($C229)),0))","v":0},"","Serviço","Serviço","-","SINAPI",null,{"$f":"IF($C229=\"S\",REFERENCIA.Descricao,\"(digite a descrição aqui)\")","v":"(Sem Código)"},{"$f":"REFERENCIA.Unidade","v":"-"},{"$f":"OFFSET(CÁLCULO!H$15,ROW($T229)-ROW(T$15),0)","v":0},null,"BDI 1",{"$f":"IF($C229=\"S\",ROUND(IF(TIPOORCAMENTO=\"Proposto\",ORÇAMENTO.CustoUnitario*(1+$AH229),ORÇAMENTO.PrecoUnitarioLicitado),15-13*$AF$10),0)","v":0},{"$f":"IF($C229=\"S\",IF(OR(Import.TipoArredondamento<>\"TransfereGOV\",ACOMPANHAMENTO=\"BM\"),VTOTAL1,SUM(OFFSET(CÁLCULO!$AA$15,ROW($X229)-ROW($X$15),1):OFFSET(CÁLCULO!$AL$15,ROW($X229)-ROW($X$15),-1))),IF($C229=0,0,ROUND(SomaAgrup,15-13*$AF$11)))","v":0},"RA","",{"$f":"IF($C229=\"S\",IF($Z229=\"CP\",$X229,IF($Z229=\"RA\",(($X229)*QCI!$AA$3),0)),SomaAgrup)","v":0},0,{"$f":"IF($N229=\"\",\" \",\nIF(AND($C229<>\"S\",OR($R229=\"\",$R229=\"(digite a descrição aqui)\")),\"DESCRIÇÃO\",\nIF(AND($C229=\"S\",OR($Q229<>\"\",$T229>0,$U229>0),$P229=\"\"),\"FONTE\",\nIF(AND($C229=\"S\",$P229<>\"\",OR($T229>0,$U229>0),$Q229=\"\"),\"CÓDIGO\",\nIF(AND($C229=\"S\",$P229<>\"\",$Q229<>\"\",$R229=\"(Código não identificado nas referências)\"),\"CÓDIGO N/ID\",\nIF(AND($C229=\"S\",OR($R229=\"\",$R229=\"(digite a descrição aqui)\"),OR($Q229<>\"\",$T229>0,$U229>0)),\"DESCRIÇÃO\",\nIF(AND($C229=\"S\",$P229<>\"\",$Q229<>\"\",$S229=\"\"),\"UNIDADE\",\nIF(AND($C229=\"S\",$P229<>\"\",$Q229<>\"\",$U229=0),\"SEM CUSTO\",\nIF(AND(_xlfn.SINGLE(TIPOORCAMENTO)=\"Licitado\",$AL229=0,$AN229>0),\"SEM PREÇO\",\nIF(AND($C229=\"S\",$P229<>\"\",$Q229<>\"\",$U229>0,AND($V229<>\"BDI 1\",$V229<>\"BDI 2\",$V229<>\"BDI 3\")),IF(ISNUMBER($V229),\"JUSTIFICAR BDI\",\"BDI\"),\nIF(OR(AND(import.recurso=\"OGU\",TIPOORCAMENTO=\"Proposto\",LEFT($O$8,5)<>\"(N/D:\",$AG229<>\"\",ORÇAMENTO.CustoUnitario>$AG229),AND(TIPOORCAMENTO=\"LICITADO\",ORÇAMENTO.PrecoUnitarioLicitado>$AN229)),\"ACIMA REF.\",\nIF(AND($C229=\"S\",$P229<>\"\",$Q229<>\"\",$T229=0,$U229>0),\"QUANT.\",\nIF(AND(Import.TipoArredondamento=\"TransfereGOV\",$L229=\"F\",$C229=\"S\",LEN($Q229)>13),\"Código >13\",\nIF(AND(Import.TipoArredondamento=\"TransfereGOV\",$L229=\"F\",$C229<>\"S\",LEN($R229)>100),\"Descrição >100\",\nIF(AND(Import.TipoArredondamento=\"TransfereGOV\",$L229=\"F\",$C229=\"S\",LEN($R229)>500),\"Descrição >500\",\nIF(AND(Import.TipoArredondamento=\"TransfereGOV\",$L229=\"F\",$C229=\"S\",LEFT(TRIM(UPPER($P229)),6)<>\"SINAPI\",ISNA(VLOOKUP(TRIM(UPPER($S229)),ListaTgov.Unidades,1,FALSE))),\"Unid. Não Disp\",\n\" \"))))))))))))))))","v":{"$error":"#NAME?"}},{"$f":"IF(C229<=CRONO.NivelExibicao,MAX($AD$15:OFFSET(AD229,-1,0))+IF($C229<>1,1,MAX(1,COUNTIF(QCI!$A$13:$A$24,OFFSET($E229,-1,0)))),\"\")","v":""},{"$f":"IF(AND($C229=\"S\",ORÇAMENTO.CodBarra<>\"\"),IF(ORÇAMENTO.Fonte=\"\",ORÇAMENTO.CodBarra,CONCATENATE(ORÇAMENTO.Fonte,\" \",ORÇAMENTO.CodBarra)))","v":false},{"$f":"IF(ISERROR(INDIRECT(ORÇAMENTO.BancoRef)),\"(abra o arquivo 'Referência \"&Excel_BuiltIn_Database&\".xlsm)\",IF(OR($C229<>\"S\",ORÇAMENTO.CodBarra=\"\"),\"(Sem Código)\",IF(ISERROR(MATCH($AE229,INDIRECT(ORÇAMENTO.BancoRef),0)),\"(Código não identificado nas referências)\",MATCH($AE229,INDIRECT(ORÇAMENTO.BancoRef),0))))","v":"(Sem Código)"},{"$f":"ROUND(IF(DESONERACAO=\"sim\",REFERENCIA.Desonerado,REFERENCIA.NaoDesonerado),2)","v":0},0.26,null,null,null,null,0,0]
["S",3,"S",0,{"$f":"IF($C230=1,OFFSET(E230,-1,0)+MAX(1,COUNTIF(QCI!$A$13:$A$24,OFFSET(ORÇAMENTO!E230,-1,0))),OFFSET(E230,-1,0))","v":1},2,2,0,10,0,{"$f":"IF(OR($C230=\"S\",$C230=0),0,MATCH(OFFSET($D230,0,$C230)+IF($C230<>1,1,COUNTIF(QCI!$A$13:$A$24,ORÇAMENTO!E230)),OFFSET($D230,1,$C230,ROW($C$270)-ROW($C230)),0))","v":0},"","Serviço","Serviço","-","SINAPI",null,{"$f":"IF($C230=\"S\",REFERENCIA.Descricao,\"(digite a descrição aqui)\")","v":"(Sem Código)"},{"$f":"REFERENCIA.Unidade","v":"-"},{"$f":"OFFSET(CÁLCULO!H$15,ROW($T230)-ROW(T$15),0)","v":0},null,"BDI 1",{"$f":"IF($C230=\"S\",ROUND(IF(TIPOORCAMENTO=\"Proposto\",ORÇAMENTO.CustoUnitario*(1+$AH230),ORÇAMENTO.PrecoUnitarioLicitado),15-13*$AF$10),0)","v":0},{"$f":"IF($C230=\"S\",IF(OR(Import.TipoArredondamento<>\"TransfereGOV\",ACOMPANHAMENTO=\"BM\"),VTOTAL1,SUM(OFFSET(CÁLCULO!$AA$15,ROW($X230)-ROW($X$15),1):OFFSET(CÁLCULO!$AL$15,ROW($X230)-ROW($X$15),-1))),IF($C230=0,0,ROUND(SomaAgrup,15-13*$AF$11)))","v":0},"RA","",{"$f":"IF($C230=\"S\",IF($Z230=\"CP\",$X230,IF($Z230=\"RA\",(($X230)*QCI!$AA$3),0)),SomaAgrup)","v":0},0,{"$f":"IF($N230=\"\",\" \",\nIF(AND($C230<>\"S\",OR($R230=\"\",$R230=\"(digite a descrição aqui)\")),\"DESCRIÇÃO\",\nIF(AND($C230=\"S\",OR($Q230<>\"\",$T230>0,$U230>0),$P230=\"\"),\"FONTE\",\nIF(AND($C230=\"S\",$P230<>\"\",OR($T230>0,$U230>0),$Q230=\"\"),\"CÓDIGO\",\nIF(AND($C230=\"S\",$P230<>\"\",$Q230<>\"\",$R230=\"(Código não identificado nas referências)\"),\"CÓDIGO N/ID\",\nIF(AND($C230=\"S\",OR($R230=\"\",$R230=\"(digite a descrição aqui)\"),OR($Q230<>\"\",$T230>0,$U230>0)),\"DESCRIÇÃO\",\nIF(AND($C230=\"S\",$P230<>\"\",$Q230<>\"\",$S230=\"\"),\"UNIDADE\",\nIF(AND($C230=\"S\",$P230<>\"\",$Q230<>\"\",$U230=0),\"SEM CUSTO\",\nIF(AND(_xlfn.SINGLE(TIPOORCAMENTO)=\"Licitado\",$AL230=0,$AN230>0),\"SEM PREÇO\",\nIF(AND($C230=\"S\",$P230<>\"\",$Q230<>\"\",$U230>0,AND($V230<>\"BDI 1\",$V230<>\"BDI 2\",$V230<>\"BDI 3\")),IF(ISNUMBER($V230),\"JUSTIFICAR BDI\",\"BDI\"),\nIF(OR(AND(import.recurso=\"OGU\",TIPOORCAMENTO=\"Proposto\",LEFT($O$8,5)<>\"(N/D:\",$AG230<>\"\",ORÇAMENTO.CustoUnitario>$AG230),AND(TIPOORCAMENTO=\"LICITADO\",ORÇAMENTO.PrecoUnitarioLicitado>$AN230)),\"ACIMA REF.\",\nIF(AND($C230=\"S\",$P230<>\"\",$Q230<>\"\",$T230=0,$U230>0),\"QUANT.\",\nIF(AND(Import.TipoArredondamento=\"TransfereGOV\",$L230=\"F\",$C230=\"S\",LEN($Q230)>13),\"Código >13\",\nIF(AND(Import.TipoArredondamento=\"TransfereGOV\",$L230=\"F\",$C230<>\"S\",LEN($R230)>100),\"Descrição >100\",\nIF(AND(Import.TipoArredondamento=\"TransfereGOV\",$L230=\"F\",$C230=\"S\",LEN($R230)>500),\"Descrição >500\",\nIF(AND(Import.TipoArredondamento=\"TransfereGOV\",$L230=\"F\",$C230=\"S\",LEFT(TRIM(UPPER($P230)),6)<>\"SINAPI\",ISNA(VLOOKUP(TRIM(UPPER($S230)),ListaTgov.Unidades,1,FALSE))),\"Unid. Não Disp\",\n\" \"))))))))))))))))","v":{"$error":"#NAME?"}},{"$f":"IF(C230<=CRONO.NivelExibicao,MAX($AD$15:OFFSET(AD230,-1,0))+IF($C230<>1,1,MAX(1,COUNTIF(QCI!$A$13:$A$24,OFFSET($E230,-1,0)))),\"\")","v":""},{"$f":"IF(AND($C230=\"S\",ORÇAMENTO.CodBarra<>\"\"),IF(ORÇAMENTO.Fonte=\"\",ORÇAMENTO.CodBarra,CONCATENATE(ORÇAMENTO.Fonte,\" \",ORÇAMENTO.CodBarra)))","v":false},{"$f":"IF(ISERROR(INDIRECT(ORÇAMENTO.BancoRef)),\"(abra o arquivo 'Referência \"&Excel_BuiltIn_Database&\".xlsm)\",IF(OR($C230<>\"S\",ORÇAMENTO.CodBarra=\"\"),\"(Sem Código)\",IF(ISERROR(MATCH($AE230,INDIRECT(ORÇAMENTO.BancoRef),0)),\"(Código não identificado nas referências)\",MATCH($AE230,INDIRECT(ORÇAMENTO.BancoRef),0))))","v":"(Sem Código)"},{"$f":"ROUND(IF(DESONERACAO=\"sim\",REFERENCIA.Desonerado,REFERENCIA.NaoDesonerado),2)","v":0},0.26,null,null,null,null,0,0]
["S",3,"S",0,{"$f":"IF($C231=1,OFFSET(E231,-1,0)+MAX(1,COUNTIF(QCI!$A$13:$A$24,OFFSET(ORÇAMENTO!E231,-1,0))),OFFSET(E231,-1,0))","v":1},2,2,0,10,0,{"$f":"IF(OR($C231=\"S\",$C231=0),0,MATCH(OFFSET($D231,0,$C231)+IF($C231<>1,1,COUNTIF(QCI!$A$13:$A$24,ORÇAMENTO!E231)),OFFSET($D231,1,$C231,ROW($C$270)-ROW($C231)),0))","v":0},"","Serviço","Serviço","-","SINAPI",null,{"$f":"IF($C231=\"S\",REFERENCIA.Descricao,\"(digite a descrição aqui)\")","v":"(Sem Código)"},{"$f":"REFERENCIA.Unidade","v":"-"},{"$f":"OFFSET(CÁLCULO!H$15,ROW($T231)-ROW(T$15),0)","v":0},null,"BDI 1",{"$f":"IF($C231=\"S\",ROUND(IF(TIPOORCAMENTO=\"Proposto\",ORÇAMENTO.CustoUnitario*(1+$AH231),ORÇAMENTO.PrecoUnitarioLicitado),15-13*$AF$10),0)","v":0},{"$f":"IF($C231=\"S\",IF(OR(Import.TipoArredondamento<>\"TransfereGOV\",ACOMPANHAMENTO=\"BM\"),VTOTAL1,SUM(OFFSET(CÁLCULO!$AA$15,ROW($X231)-ROW($X$15),1):OFFSET(CÁLCULO!$AL$15,ROW($X231)-ROW($X$15),-1))),IF($C231=0,0,ROUND(SomaAgrup,15-13*$AF$11)))","v":0},"RA","",{"$f":"IF($C231=\"S\",IF($Z231=\"CP\",$X231,IF($Z231=\"RA\",(($X231)*QCI!$AA$3),0)),SomaAgrup)","v":0},0,{"$f":"IF($N231=\"\",\" \",\nIF(AND($C231<>\"S\",OR($R231=\"\",$R231=\"(digite a descrição aqui)\")),\"DESCRIÇÃO\",\nIF(AND($C231=\"S\",OR($Q231<>\"\",$T231>0,$U231>0),$P231=\"\"),\"FONTE\",\nIF(AND($C231=\"S\",$P231<>\"\",OR($T231>0,$U231>0),$Q231=\"\"),\"CÓDIGO\",\nIF(AND($C231=\"S\",$P231<>\"\",$Q231<>\"\",$R231=\"(Código não identificado nas referências)\"),\"CÓDIGO N/ID\",\nIF(AND($C231=\"S\",OR($R231=\"\",$R231=\"(digite a descrição aqui)\"),OR($Q231<>\"\",$T231>0,$U231>0)),\"DESCRIÇÃO\",\nIF(AND($C231=\"S\",$P231<>\"\",$Q231<>\"\",$S231=\"\"),\"UNIDADE\",\nIF(AND($C231=\"S\",$P231<>\"\",$Q231<>\"\",$U231=0),\"SEM CUSTO\",\nIF(AND(_xlfn.SINGLE(TIPOORCAMENTO)=\"Licitado\",$AL231=0,$AN231>0),\"SEM PREÇO\",\nIF(AND($C231=\"S\",$P231<>\"\",$Q231<>\"\",$U231>0,AND($V231<>\"BDI 1\",$V231<>\"BDI 2\",$V231<>\"BDI 3\")),IF(ISNUMBER($V231),\"JUSTIFICAR BDI\",\"BDI\"),\nIF(OR(AND(import.recurso=\"OGU\",TIPOORCAMENTO=\"Proposto\",LEFT($O$8,5)<>\"(N/D:\",$AG231<>\"\",ORÇAMENTO.CustoUnitario>$AG231),AND(TIPOORCAMENTO=\"LICITADO\",ORÇAMENTO.PrecoUnitarioLicitado>$AN231)),\"ACIMA REF.\",\nIF(AND($C231=\"S\",$P231<>\"\",$Q231<>\"\",$T231=0,$U231>0),\"QUANT.\",\nIF(AND(Import.TipoArredondamento=\"TransfereGOV\",$L231=\"F\",$C231=\"S\",LEN($Q231)>13),\"Código >13\",\nIF(AND(Import.TipoArredondamento=\"TransfereGOV\",$L231=\"F\",$C231<>\"S\",LEN($R231)>100),\"Descrição >100\",\nIF(AND(Import.TipoArredondamento=\"TransfereGOV\",$L231=\"F\",$C231=\"S\",LEN($R231)>500),\"Descrição >500\",\nIF(AND(Import.TipoArredondamento=\"TransfereGOV\",$L231=\"F\",$C231=\"S\",LEFT(TRIM(UPPER($P231)),6)<>\"SINAPI\",ISNA(VLOOKUP(TRIM(UPPER($S231)),ListaTgov.Unidades,1,FALSE))),\"Unid. Não Disp\",\n\" \"))))))))))))))))","v":{"$error":"#NAME?"}},{"$f":"IF(C231<=CRONO.NivelExibicao,MAX($AD$15:OFFSET(AD231,-1,0))+IF($C231<>1,1,MAX(1,COUNTIF(QCI!$A$13:$A$24,OFFSET($E231,-1,0)))),\"\")","v":""},{"$f":"IF(AND($C231=\"S\",ORÇAMENTO.CodBarra<>\"\"),IF(ORÇAMENTO.Fonte=\"\",ORÇAMENTO.CodBarra,CONCATENATE(ORÇAMENTO.Fonte,\" \",ORÇAMENTO.CodBarra)))","v":false},{"$f":"IF(ISERROR(INDIRECT(ORÇAMENTO.BancoRef)),\"(abra o arquivo 'Referência \"&Excel_BuiltIn_Database&\".xlsm)\",IF(OR($C231<>\"S\",ORÇAMENTO.CodBarra=\"\"),\"(Sem Código)\",IF(ISERROR(MATCH($AE231,INDIRECT(ORÇAMENTO.BancoRef),0)),\"(Código não identificado nas referências)\",MATCH($AE231,INDIRECT(ORÇAMENTO.BancoRef),0))))","v":"(Sem Código)"},{"$f":"ROUND(IF(DESONERACAO=\"sim\",REFERENCIA.Desonerado,REFERENCIA.NaoDesonerado),2)","v":0},0.26,null,null,null,null,0,0]
["S",3,"S",0,{"$f":"IF($C232=1,OFFSET(E232,-1,0)+MAX(1,COUNTIF(QCI!$A$13:$A$24,OFFSET(ORÇAMENTO!E232,-1,0))),OFFSET(E232,-1,0))","v":1},2,2,0,10,0,{"$f":"IF(OR($C232=\"S\",$C232=0),0,MATCH(OFFSET($D232,0,$C232)+IF($C232<>1,1,COUNTIF(QCI!$A$13:$A$24,ORÇAMENTO!E232)),OFFSET($D232,1,$C232,ROW($C$270)-ROW($C232)),0))","v":0},"","Serviço","Serviço","-","SINAPI",null,{"$f":"IF($C232=\"S\",REFERENCIA.Descricao,\"(digite a descrição aqui)\")","v":"(Sem Código)"},{"$f":"REFERENCIA.Unidade","v":"-"},{"$f":"OFFSET(CÁLCULO!H$15,ROW($T232)-ROW(T$15),0)","v":0},null,"BDI 1",{"$f":"IF($C232=\"S\",ROUND(IF(TIPOORCAMENTO=\"Proposto\",ORÇAMENTO.CustoUnitario*(1+$AH232),ORÇAMENTO.PrecoUnitarioLicitado),15-13*$AF$10),0)","v":0},{"$f":"IF($C232=\"S\",IF(OR(Import.TipoArredondamento<>\"TransfereGOV\",ACOMPANHAMENTO=\"BM\"),VTOTAL1,SUM(OFFSET(CÁLCULO!$AA$15,ROW($X232)-ROW($X$15),1):OFFSET(CÁLCULO!$AL$15,ROW($X232)-ROW($X$15),-1))),IF($C232=0,0,ROUND(SomaAgrup,15-13*$AF$11)))","v":0},"RA","",{"$f":"IF($C232=\"S\",IF($Z232=\"CP\",$X232,IF($Z232=\"RA\",(($X232)*QCI!$AA$3),0)),SomaAgrup)","v":0},0,{"$f":"IF($N232=\"\",\" \",\nIF(AND($C232<>\"S\",OR($R232=\"\",$R232=\"(digite a descrição aqui)\")),\"DESCRIÇÃO\",\nIF(AND($C232=\"S\",OR($Q232<>\"\",$T232>0,$U232>0),$P232=\"\"),\"FONTE\",\nIF(AND($C232=\"S\",$P232<>\"\",OR($T232>0,$U232>0),$Q232=\"\"),\"CÓDIGO\",\nIF(AND($C232=\"S\",$P232<>\"\",$Q232<>\"\",$R232=\"(Código não identificado nas referências)\"),\"CÓDIGO N/ID\",\nIF(AND($C232=\"S\",OR($R232=\"\",$R232=\"(digite a descrição aqui)\"),OR($Q232<>\"\",$T232>0,$U232>0)),\"DESCRIÇÃO\",\nIF(AND($C232=\"S\",$P232<>\"\",$Q232<>\"\",$S232=\"\"),\"UNIDADE\",\nIF(AND($C232=\"S\",$P232<>\"\",$Q232<>\"\",$U232=0),\"SEM CUSTO\",\nIF(AND(_xlfn.SINGLE(TIPOORCAMENTO)=\"Licitado\",$AL232=0,$AN232>0),\"SEM PREÇO\",\nIF(AND($C232=\"S\",$P232<>\"\",$Q232<>\"\",$U232>0,AND($V232<>\"BDI 1\",$V232<>\"BDI 2\",$V232<>\"BDI 3\")),IF(ISNUMBER($V232),\"JUSTIFICAR BDI\",\"BDI\"),\nIF(OR(AND(import.recurso=\"OGU\",TIPOORCAMENTO=\"Proposto\",LEFT($O$8,5)<>\"(N/D:\",$AG232<>\"\",ORÇAMENTO.CustoUnitario>$AG232),AND(TIPOORCAMENTO=\"LICITADO\",ORÇAMENTO.PrecoUnitarioLicitado>$AN232)),\"ACIMA REF.\",\nIF(AND($C232=\"S\",$P232<>\"\",$Q232<>\"\",$T232=0,$U232>0),\"QUANT.\",\nIF(AND(Import.TipoArredondamento=\"TransfereGOV\",$L232=\"F\",$C232=\"S\",LEN($Q232)>13),\"Código >13\",\nIF(AND(Import.TipoArredondamento=\"TransfereGOV\",$L232=\"F\",$C232<>\"S\",LEN($R232)>100),\"Descrição >100\",\nIF(AND(Import.TipoArredondamento=\"TransfereGOV\",$L232=\"F\",$C232=\"S\",LEN($R232)>500),\"Descrição >500\",\nIF(AND(Import.TipoArredondamento=\"TransfereGOV\",$L232=\"F\",$C232=\"S\",LEFT(TRIM(UPPER($P232)),6)<>\"SINAPI\",ISNA(VLOOKUP(TRIM(UPPER($S232)),ListaTgov.Unidades,1,FALSE))),\"Unid. Não Disp\",\n\" \"))))))))))))))))","v":{"$error":"#NAME?"}},{"$f":"IF(C232<=CRONO.NivelExibicao,MAX($AD$15:OFFSET(AD232,-1,0))+IF($C232<>1,1,MAX(1,COUNTIF(QCI!$A$13:$A$24,OFFSET($E232,-1,0)))),\"\")","v":""},{"$f":"IF(AND($C232=\"S\",ORÇAMENTO.CodBarra<>\"\"),IF(ORÇAMENTO.Fonte=\"\",ORÇAMENTO.CodBarra,CONCATENATE(ORÇAMENTO.Fonte,\" \",ORÇAMENTO.CodBarra)))","v":false},{"$f":"IF(ISERROR(INDIRECT(ORÇAMENTO.BancoRef)),\"(abra o arquivo 'Referência \"&Excel_BuiltIn_Database&\".xlsm)\",IF(OR($C232<>\"S\",ORÇAMENTO.CodBarra=\"\"),\"(Sem Código)\",IF(ISERROR(MATCH($AE232,INDIRECT(ORÇAMENTO.BancoRef),0)),\"(Código não identificado nas referências)\",MATCH($AE232,INDIRECT(ORÇAMENTO.BancoRef),0))))","v":"(Sem Código)"},{"$f":"ROUND(IF(DESONERACAO=\"sim\",REFERENCIA.Desonerado,REFERENCIA.NaoDesonerado),2)","v":0},0.26,null,null,null,null,0,0]
["S",3,"S",0,{"$f":"IF($C233=1,OFFSET(E233,-1,0)+MAX(1,COUNTIF(QCI!$A$13:$A$24,OFFSET(ORÇAMENTO!E233,-1,0))),OFFSET(E233,-1,0))","v":1},2,2,0,10,0,{"$f":"IF(OR($C233=\"S\",$C233=0),0,MATCH(OFFSET($D233,0,$C233)+IF($C233<>1,1,COUNTIF(QCI!$A$13:$A$24,ORÇAMENTO!E233)),OFFSET($D233,1,$C233,ROW($C$270)-ROW($C233)),0))","v":0},"","Serviço","Serviço","-","SINAPI",null,{"$f":"IF($C233=\"S\",REFERENCIA.Descricao,\"(digite a descrição aqui)\")","v":"(Sem Código)"},{"$f":"REFERENCIA.Unidade","v":"-"},{"$f":"OFFSET(CÁLCULO!H$15,ROW($T233)-ROW(T$15),0)","v":0},null,"BDI 1",{"$f":"IF($C233=\"S\",ROUND(IF(TIPOORCAMENTO=\"Proposto\",ORÇAMENTO.CustoUnitario*(1+$AH233),ORÇAMENTO.PrecoUnitarioLicitado),15-13*$AF$10),0)","v":0},{"$f":"IF($C233=\"S\",IF(OR(Import.TipoArredondamento<>\"TransfereGOV\",ACOMPANHAMENTO=\"BM\"),VTOTAL1,SUM(OFFSET(CÁLCULO!$AA$15,ROW($X233)-ROW($X$15),1):OFFSET(CÁLCULO!$AL$15,ROW($X233)-ROW($X$15),-1))),IF($C233=0,0,ROUND(SomaAgrup,15-13*$AF$11)))","v":0},"RA","",{"$f":"IF($C233=\"S\",IF($Z233=\"CP\",$X233,IF($Z233=\"RA\",(($X233)*QCI!$AA$3),0)),SomaAgrup)","v":0},0,{"$f":"IF($N233=\"\",\" \",\nIF(AND($C233<>\"S\",OR($R233=\"\",$R233=\"(digite a descrição aqui)\")),\"DESCRIÇÃO\",\nIF(AND($C233=\"S\",OR($Q233<>\"\",$T233>0,$U233>0),$P233=\"\"),\"FONTE\",\nIF(AND($C233=\"S\",$P233<>\"\",OR($T233>0,$U233>0),$Q233=\"\"),\"CÓDIGO\",\nIF(AND($C233=\"S\",$P233<>\"\",$Q233<>\"\",$R233=\"(Código não identificado nas referências)\"),\"CÓDIGO N/ID\",\nIF(AND($C233=\"S\",OR($R233=\"\",$R233=\"(digite a descrição aqui)\"),OR($Q233<>\"\",$T233>0,$U233>0)),\"DESCRIÇÃO\",\nIF(AND($C233=\"S\",$P233<>\"\",$Q233<>\"\",$S233=\"\"),\"UNIDADE\",\nIF(AND($C233=\"S\",$P233<>\"\",$Q233<>\"\",$U233=0),\"SEM CUSTO\",\nIF(AND(_xlfn.SINGLE(TIPOORCAMENTO)=\"Licitado\",$AL233=0,$AN233>0),\"SEM PREÇO\",\nIF(AND($C233=\"S\",$P233<>\"\",$Q233<>\"\",$U233>0,AND($V233<>\"BDI 1\",$V233<>\"BDI 2\",$V233<>\"BDI 3\")),IF(ISNUMBER($V233),\"JUSTIFICAR BDI\",\"BDI\"),\nIF(OR(AND(import.recurso=\"OGU\",TIPOORCAMENTO=\"Proposto\",LEFT($O$8,5)<>\"(N/D:\",$AG233<>\"\",ORÇAMENTO.CustoUnitario>$AG233),AND(TIPOORCAMENTO=\"LICITADO\",ORÇAMENTO.PrecoUnitarioLicitado>$AN233)),\"ACIMA REF.\",\nIF(AND($C233=\"S\",$P233<>\"\",$Q233<>\"\",$T233=0,$U233>0),\"QUANT.\",\nIF(AND(Import.TipoArredondamento=\"TransfereGOV\",$L233=\"F\",$C233=\"S\",LEN($Q233)>13),\"Código >13\",\nIF(AND(Import.TipoArredondamento=\"TransfereGOV\",$L233=\"F\",$C233<>\"S\",LEN($R233)>100),\"Descrição >100\",\nIF(AND(Import.TipoArredondamento=\"TransfereGOV\",$L233=\"F\",$C233=\"S\",LEN($R233)>500),\"Descrição >500\",\nIF(AND(Import.TipoArredondamento=\"TransfereGOV\",$L233=\"F\",$C233=\"S\",LEFT(TRIM(UPPER($P233)),6)<>\"SINAPI\",ISNA(VLOOKUP(TRIM(UPPER($S233)),ListaTgov.Unidades,1,FALSE))),\"Unid. Não Disp\",\n\" \"))))))))))))))))","v":{"$error":"#NAME?"}},{"$f":"IF(C233<=CRONO.NivelExibicao,MAX($AD$15:OFFSET(AD233,-1,0))+IF($C233<>1,1,MAX(1,COUNTIF(QCI!$A$13:$A$24,OFFSET($E233,-1,0)))),\"\")","v":""},{"$f":"IF(AND($C233=\"S\",ORÇAMENTO.CodBarra<>\"\"),IF(ORÇAMENTO.Fonte=\"\",ORÇAMENTO.CodBarra,CONCATENATE(ORÇAMENTO.Fonte,\" \",ORÇAMENTO.CodBarra)))","v":false},{"$f":"IF(ISERROR(INDIRECT(ORÇAMENTO.BancoRef)),\"(abra o arquivo 'Referência \"&Excel_BuiltIn_Database&\".xlsm)\",IF(OR($C233<>\"S\",ORÇAMENTO.CodBarra=\"\"),\"(Sem Código)\",IF(ISERROR(MATCH($AE233,INDIRECT(ORÇAMENTO.BancoRef),0)),\"(Código não identificado nas referências)\",MATCH($AE233,INDIRECT(ORÇAMENTO.BancoRef),0))))","v":"(Sem Código)"},{"$f":"ROUND(IF(DESONERACAO=\"sim\",REFERENCIA.Desonerado,REFERENCIA.NaoDesonerado),2)","v":0},0.26,null,null,null,null,0,0]
["S",3,"S",0,{"$f":"IF($C234=1,OFFSET(E234,-1,0)+MAX(1,COUNTIF(QCI!$A$13:$A$24,OFFSET(ORÇAMENTO!E234,-1,0))),OFFSET(E234,-1,0))","v":1},2,2,0,10,0,{"$f":"IF(OR($C234=\"S\",$C234=0),0,MATCH(OFFSET($D234,0,$C234)+IF($C234<>1,1,COUNTIF(QCI!$A$13:$A$24,ORÇAMENTO!E234)),OFFSET($D234,1,$C234,ROW($C$270)-ROW($C234)),0))","v":0},"","Serviço","Serviço","-","SINAPI",null,{"$f":"IF($C234=\"S\",REFERENCIA.Descricao,\"(digite a descrição aqui)\")","v":"(Sem Código)"},{"$f":"REFERENCIA.Unidade","v":"-"},{"$f":"OFFSET(CÁLCULO!H$15,ROW($T234)-ROW(T$15),0)","v":0},null,"BDI 1",{"$f":"IF($C234=\"S\",ROUND(IF(TIPOORCAMENTO=\"Proposto\",ORÇAMENTO.CustoUnitario*(1+$AH234),ORÇAMENTO.PrecoUnitarioLicitado),15-13*$AF$10),0)","v":0},{"$f":"IF($C234=\"S\",IF(OR(Import.TipoArredondamento<>\"TransfereGOV\",ACOMPANHAMENTO=\"BM\"),VTOTAL1,SUM(OFFSET(CÁLCULO!$AA$15,ROW($X234)-ROW($X$15),1):OFFSET(CÁLCULO!$AL$15,ROW($X234)-ROW($X$15),-1))),IF($C234=0,0,ROUND(SomaAgrup,15-13*$AF$11)))","v":0},"RA","",{"$f":"IF($C234=\"S\",IF($Z234=\"CP\",$X234,IF($Z234=\"RA\",(($X234)*QCI!$AA$3),0)),SomaAgrup)","v":0},0,{"$f":"IF($N234=\"\",\" \",\nIF(AND($C234<>\"S\",OR($R234=\"\",$R234=\"(digite a descrição aqui)\")),\"DESCRIÇÃO\",\nIF(AND($C234=\"S\",OR($Q234<>\"\",$T234>0,$U234>0),$P234=\"\"),\"FONTE\",\nIF(AND($C234=\"S\",$P234<>\"\",OR($T234>0,$U234>0),$Q234=\"\"),\"CÓDIGO\",\nIF(AND($C234=\"S\",$P234<>\"\",$Q234<>\"\",$R234=\"(Código não identificado nas referências)\"),\"CÓDIGO N/ID\",\nIF(AND($C234=\"S\",OR($R234=\"\",$R234=\"(digite a descrição aqui)\"),OR($Q234<>\"\",$T234>0,$U234>0)),\"DESCRIÇÃO\",\nIF(AND($C234=\"S\",$P234<>\"\",$Q234<>\"\",$S234=\"\"),\"UNIDADE\",\nIF(AND($C234=\"S\",$P234<>\"\",$Q234<>\"\",$U234=0),\"SEM CUSTO\",\nIF(AND(_xlfn.SINGLE(TIPOORCAMENTO)=\"Licitado\",$AL234=0,$AN234>0),\"SEM PREÇO\",\nIF(AND($C234=\"S\",$P234<>\"\",$Q234<>\"\",$U234>0,AND($V234<>\"BDI 1\",$V234<>\"BDI 2\",$V234<>\"BDI 3\")),IF(ISNUMBER($V234),\"JUSTIFICAR BDI\",\"BDI\"),\nIF(OR(AND(import.recurso=\"OGU\",TIPOORCAMENTO=\"Proposto\",LEFT($O$8,5)<>\"(N/D:\",$AG234<>\"\",ORÇAMENTO.CustoUnitario>$AG234),AND(TIPOORCAMENTO=\"LICITADO\",ORÇAMENTO.PrecoUnitarioLicitado>$AN234)),\"ACIMA REF.\",\nIF(AND($C234=\"S\",$P234<>\"\",$Q234<>\"\",$T234=0,$U234>0),\"QUANT.\",\nIF(AND(Import.TipoArredondamento=\"TransfereGOV\",$L234=\"F\",$C234=\"S\",LEN($Q234)>13),\"Código >13\",\nIF(AND(Import.TipoArredondamento=\"TransfereGOV\",$L234=\"F\",$C234<>\"S\",LEN($R234)>100),\"Descrição >100\",\nIF(AND(Import.TipoArredondamento=\"TransfereGOV\",$L234=\"F\",$C234=\"S\",LEN($R234)>500),\"Descrição >500\",\nIF(AND(Import.TipoArredondamento=\"TransfereGOV\",$L234=\"F\",$C234=\"S\",LEFT(TRIM(UPPER($P234)),6)<>\"SINAPI\",ISNA(VLOOKUP(TRIM(UPPER($S234)),ListaTgov.Unidades,1,FALSE))),\"Unid. Não Disp\",\n\" \"))))))))))))))))","v":{"$error":"#NAME?"}},{"$f":"IF(C234<=CRONO.NivelExibicao,MAX($AD$15:OFFSET(AD234,-1,0))+IF($C234<>1,1,MAX(1,COUNTIF(QCI!$A$13:$A$24,OFFSET($E234,-1,0)))),\"\")","v":""},{"$f":"IF(AND($C234=\"S\",ORÇAMENTO.CodBarra<>\"\"),IF(ORÇAMENTO.Fonte=\"\",ORÇAMENTO.CodBarra,CONCATENATE(ORÇAMENTO.Fonte,\" \",ORÇAMENTO.CodBarra)))","v":false},{"$f":"IF(ISERROR(INDIRECT(ORÇAMENTO.BancoRef)),\"(abra o arquivo 'Referência \"&Excel_BuiltIn_Database&\".xlsm)\",IF(OR($C234<>\"S\",ORÇAMENTO.CodBarra=\"\"),\"(Sem Código)\",IF(ISERROR(MATCH($AE234,INDIRECT(ORÇAMENTO.BancoRef),0)),\"(Código não identificado nas referências)\",MATCH($AE234,INDIRECT(ORÇAMENTO.BancoRef),0))))","v":"(Sem Código)"},{"$f":"ROUND(IF(DESONERACAO=\"sim\",REFERENCIA.Desonerado,REFERENCIA.NaoDesonerado),2)","v":0},0.26,null,null,null,null,0,0]
["S",3,"S",0,{"$f":"IF($C235=1,OFFSET(E235,-1,0)+MAX(1,COUNTIF(QCI!$A$13:$A$24,OFFSET(ORÇAMENTO!E235,-1,0))),OFFSET(E235,-1,0))","v":1},2,2,0,10,0,{"$f":"IF(OR($C235=\"S\",$C235=0),0,MATCH(OFFSET($D235,0,$C235)+IF($C235<>1,1,COUNTIF(QCI!$A$13:$A$24,ORÇAMENTO!E235)),OFFSET($D235,1,$C235,ROW($C$270)-ROW($C235)),0))","v":0},"","Serviço","Serviço","-","SINAPI",null,{"$f":"IF($C235=\"S\",REFERENCIA.Descricao,\"(digite a descrição aqui)\")","v":"(Sem Código)"},{"$f":"REFERENCIA.Unidade","v":"-"},{"$f":"OFFSET(CÁLCULO!H$15,ROW($T235)-ROW(T$15),0)","v":0},null,"BDI 1",{"$f":"IF($C235=\"S\",ROUND(IF(TIPOORCAMENTO=\"Proposto\",ORÇAMENTO.CustoUnitario*(1+$AH235),ORÇAMENTO.PrecoUnitarioLicitado),15-13*$AF$10),0)","v":0},{"$f":"IF($C235=\"S\",IF(OR(Import.TipoArredondamento<>\"TransfereGOV\",ACOMPANHAMENTO=\"BM\"),VTOTAL1,SUM(OFFSET(CÁLCULO!$AA$15,ROW($X235)-ROW($X$15),1):OFFSET(CÁLCULO!$AL$15,ROW($X235)-ROW($X$15),-1))),IF($C235=0,0,ROUND(SomaAgrup,15-13*$AF$11)))","v":0},"RA","",{"$f":"IF($C235=\"S\",IF($Z235=\"CP\",$X235,IF($Z235=\"RA\",(($X235)*QCI!$AA$3),0)),SomaAgrup)","v":0},0,{"$f":"IF($N235=\"\",\" \",\nIF(AND($C235<>\"S\",OR($R235=\"\",$R235=\"(digite a descrição aqui)\")),\"DESCRIÇÃO\",\nIF(AND($C235=\"S\",OR($Q235<>\"\",$T235>0,$U235>0),$P235=\"\"),\"FONTE\",\nIF(AND($C235=\"S\",$P235<>\"\",OR($T235>0,$U235>0),$Q235=\"\"),\"CÓDIGO\",\nIF(AND($C235=\"S\",$P235<>\"\",$Q235<>\"\",$R235=\"(Código não identificado nas referências)\"),\"CÓDIGO N/ID\",\nIF(AND($C235=\"S\",OR($R235=\"\",$R235=\"(digite a descrição aqui)\"),OR($Q235<>\"\",$T235>0,$U235>0)),\"DESCRIÇÃO\",\nIF(AND($C235=\"S\",$P235<>\"\",$Q235<>\"\",$S235=\"\"),\"UNIDADE\",\nIF(AND($C235=\"S\",$P235<>\"\",$Q235<>\"\",$U235=0),\"SEM CUSTO\",\nIF(AND(_xlfn.SINGLE(TIPOORCAMENTO)=\"Licitado\",$AL235=0,$AN235>0),\"SEM PREÇO\",\nIF(AND($C235=\"S\",$P235<>\"\",$Q235<>\"\",$U235>0,AND($V235<>\"BDI 1\",$V235<>\"BDI 2\",$V235<>\"BDI 3\")),IF(ISNUMBER($V235),\"JUSTIFICAR BDI\",\"BDI\"),\nIF(OR(AND(import.recurso=\"OGU\",TIPOORCAMENTO=\"Proposto\",LEFT($O$8,5)<>\"(N/D:\",$AG235<>\"\",ORÇAMENTO.CustoUnitario>$AG235),AND(TIPOORCAMENTO=\"LICITADO\",ORÇAMENTO.PrecoUnitarioLicitado>$AN235)),\"ACIMA REF.\",\nIF(AND($C235=\"S\",$P235<>\"\",$Q235<>\"\",$T235=0,$U235>0),\"QUANT.\",\nIF(AND(Import.TipoArredondamento=\"TransfereGOV\",$L235=\"F\",$C235=\"S\",LEN($Q235)>13),\"Código >13\",\nIF(AND(Import.TipoArredondamento=\"TransfereGOV\",$L235=\"F\",$C235<>\"S\",LEN($R235)>100),\"Descrição >100\",\nIF(AND(Import.TipoArredondamento=\"TransfereGOV\",$L235=\"F\",$C235=\"S\",LEN($R235)>500),\"Descrição >500\",\nIF(AND(Import.TipoArredondamento=\"TransfereGOV\",$L235=\"F\",$C235=\"S\",LEFT(TRIM(UPPER($P235)),6)<>\"SINAPI\",ISNA(VLOOKUP(TRIM(UPPER($S235)),ListaTgov.Unidades,1,FALSE))),\"Unid. Não Disp\",\n\" \"))))))))))))))))","v":{"$error":"#NAME?"}},{"$f":"IF(C235<=CRONO.NivelExibicao,MAX($AD$15:OFFSET(AD235,-1,0))+IF($C235<>1,1,MAX(1,COUNTIF(QCI!$A$13:$A$24,OFFSET($E235,-1,0)))),\"\")","v":""},{"$f":"IF(AND($C235=\"S\",ORÇAMENTO.CodBarra<>\"\"),IF(ORÇAMENTO.Fonte=\"\",ORÇAMENTO.CodBarra,CONCATENATE(ORÇAMENTO.Fonte,\" \",ORÇAMENTO.CodBarra)))","v":false},{"$f":"IF(ISERROR(INDIRECT(ORÇAMENTO.BancoRef)),\"(abra o arquivo 'Referência \"&Excel_BuiltIn_Database&\".xlsm)\",IF(OR($C235<>\"S\",ORÇAMENTO.CodBarra=\"\"),\"(Sem Código)\",IF(ISERROR(MATCH($AE235,INDIRECT(ORÇAMENTO.BancoRef),0)),\"(Código não identificado nas referências)\",MATCH($AE235,INDIRECT(ORÇAMENTO.BancoRef),0))))","v":"(Sem Código)"},{"$f":"ROUND(IF(DESONERACAO=\"sim\",REFERENCIA.Desonerado,REFERENCIA.NaoDesonerado),2)","v":0},0.26,null,null,null,null,0,0]
["S",3,"S",0,{"$f":"IF($C236=1,OFFSET(E236,-1,0)+MAX(1,COUNTIF(QCI!$A$13:$A$24,OFFSET(ORÇAMENTO!E236,-1,0))),OFFSET(E236,-1,0))","v":1},2,2,0,10,0,{"$f":"IF(OR($C236=\"S\",$C236=0),0,MATCH(OFFSET($D236,0,$C236)+IF($C236<>1,1,COUNTIF(QCI!$A$13:$A$24,ORÇAMENTO!E236)),OFFSET($D236,1,$C236,ROW($C$270)-ROW($C236)),0))","v":0},"","Serviço","Serviço","-","SINAPI",null,{"$f":"IF($C236=\"S\",REFERENCIA.Descricao,\"(digite a descrição aqui)\")","v":"(Sem Código)"},{"$f":"REFERENCIA.Unidade","v":"-"},{"$f":"OFFSET(CÁLCULO!H$15,ROW($T236)-ROW(T$15),0)","v":0},null,"BDI 1",{"$f":"IF($C236=\"S\",ROUND(IF(TIPOORCAMENTO=\"Proposto\",ORÇAMENTO.CustoUnitario*(1+$AH236),ORÇAMENTO.PrecoUnitarioLicitado),15-13*$AF$10),0)","v":0},{"$f":"IF($C236=\"S\",IF(OR(Import.TipoArredondamento<>\"TransfereGOV\",ACOMPANHAMENTO=\"BM\"),VTOTAL1,SUM(OFFSET(CÁLCULO!$AA$15,ROW($X236)-ROW($X$15),1):OFFSET(CÁLCULO!$AL$15,ROW($X236)-ROW($X$15),-1))),IF($C236=0,0,ROUND(SomaAgrup,15-13*$AF$11)))","v":0},"RA","",{"$f":"IF($C236=\"S\",IF($Z236=\"CP\",$X236,IF($Z236=\"RA\",(($X236)*QCI!$AA$3),0)),SomaAgrup)","v":0},0,{"$f":"IF($N236=\"\",\" \",\nIF(AND($C236<>\"S\",OR($R236=\"\",$R236=\"(digite a descrição aqui)\")),\"DESCRIÇÃO\",\nIF(AND($C236=\"S\",OR($Q236<>\"\",$T236>0,$U236>0),$P236=\"\"),\"FONTE\",\nIF(AND($C236=\"S\",$P236<>\"\",OR($T236>0,$U236>0),$Q236=\"\"),\"CÓDIGO\",\nIF(AND($C236=\"S\",$P236<>\"\",$Q236<>\"\",$R236=\"(Código não identificado nas referências)\"),\"CÓDIGO N/ID\",\nIF(AND($C236=\"S\",OR($R236=\"\",$R236=\"(digite a descrição aqui)\"),OR($Q236<>\"\",$T236>0,$U236>0)),\"DESCRIÇÃO\",\nIF(AND($C236=\"S\",$P236<>\"\",$Q236<>\"\",$S236=\"\"),\"UNIDADE\",\nIF(AND($C236=\"S\",$P236<>\"\",$Q236<>\"\",$U236=0),\"SEM CUSTO\",\nIF(AND(_xlfn.SINGLE(TIPOORCAMENTO)=\"Licitado\",$AL236=0,$AN236>0),\"SEM PREÇO\",\nIF(AND($C236=\"S\",$P236<>\"\",$Q236<>\"\",$U236>0,AND($V236<>\"BDI 1\",$V236<>\"BDI 2\",$V236<>\"BDI 3\")),IF(ISNUMBER($V236),\"JUSTIFICAR BDI\",\"BDI\"),\nIF(OR(AND(import.recurso=\"OGU\",TIPOORCAMENTO=\"Proposto\",LEFT($O$8,5)<>\"(N/D:\",$AG236<>\"\",ORÇAMENTO.CustoUnitario>$AG236),AND(TIPOORCAMENTO=\"LICITADO\",ORÇAMENTO.PrecoUnitarioLicitado>$AN236)),\"ACIMA REF.\",\nIF(AND($C236=\"S\",$P236<>\"\",$Q236<>\"\",$T236=0,$U236>0),\"QUANT.\",\nIF(AND(Import.TipoArredondamento=\"TransfereGOV\",$L236=\"F\",$C236=\"S\",LEN($Q236)>13),\"Código >13\",\nIF(AND(Import.TipoArredondamento=\"TransfereGOV\",$L236=\"F\",$C236<>\"S\",LEN($R236)>100),\"Descrição >100\",\nIF(AND(Import.TipoArredondamento=\"TransfereGOV\",$L236=\"F\",$C236=\"S\",LEN($R236)>500),\"Descrição >500\",\nIF(AND(Import.TipoArredondamento=\"TransfereGOV\",$L236=\"F\",$C236=\"S\",LEFT(TRIM(UPPER($P236)),6)<>\"SINAPI\",ISNA(VLOOKUP(TRIM(UPPER($S236)),ListaTgov.Unidades,1,FALSE))),\"Unid. Não Disp\",\n\" \"))))))))))))))))","v":{"$error":"#NAME?"}},{"$f":"IF(C236<=CRONO.NivelExibicao,MAX($AD$15:OFFSET(AD236,-1,0))+IF($C236<>1,1,MAX(1,COUNTIF(QCI!$A$13:$A$24,OFFSET($E236,-1,0)))),\"\")","v":""},{"$f":"IF(AND($C236=\"S\",ORÇAMENTO.CodBarra<>\"\"),IF(ORÇAMENTO.Fonte=\"\",ORÇAMENTO.CodBarra,CONCATENATE(ORÇAMENTO.Fonte,\" \",ORÇAMENTO.CodBarra)))","v":false},{"$f":"IF(ISERROR(INDIRECT(ORÇAMENTO.BancoRef)),\"(abra o arquivo 'Referência \"&Excel_BuiltIn_Database&\".xlsm)\",IF(OR($C236<>\"S\",ORÇAMENTO.CodBarra=\"\"),\"(Sem Código)\",IF(ISERROR(MATCH($AE236,INDIRECT(ORÇAMENTO.BancoRef),0)),\"(Código não identificado nas referências)\",MATCH($AE236,INDIRECT(ORÇAMENTO.BancoRef),0))))","v":"(Sem Código)"},{"$f":"ROUND(IF(DESONERACAO=\"sim\",REFERENCIA.Desonerado,REFERENCIA.NaoDesonerado),2)","v":0},0.26,null,null,null,null,0,0]
["S",3,"S",0,{"$f":"IF($C237=1,OFFSET(E237,-1,0)+MAX(1,COUNTIF(QCI!$A$13:$A$24,OFFSET(ORÇAMENTO!E237,-1,0))),OFFSET(E237,-1,0))","v":1},2,2,0,10,0,{"$f":"IF(OR($C237=\"S\",$C237=0),0,MATCH(OFFSET($D237,0,$C237)+IF($C237<>1,1,COUNTIF(QCI!$A$13:$A$24,ORÇAMENTO!E237)),OFFSET($D237,1,$C237,ROW($C$270)-ROW($C237)),0))","v":0},"","Serviço","Serviço","-","SINAPI",null,{"$f":"IF($C237=\"S\",REFERENCIA.Descricao,\"(digite a descrição aqui)\")","v":"(Sem Código)"},{"$f":"REFERENCIA.Unidade","v":"-"},{"$f":"OFFSET(CÁLCULO!H$15,ROW($T237)-ROW(T$15),0)","v":0},null,"BDI 1",{"$f":"IF($C237=\"S\",ROUND(IF(TIPOORCAMENTO=\"Proposto\",ORÇAMENTO.CustoUnitario*(1+$AH237),ORÇAMENTO.PrecoUnitarioLicitado),15-13*$AF$10),0)","v":0},{"$f":"IF($C237=\"S\",IF(OR(Import.TipoArredondamento<>\"TransfereGOV\",ACOMPANHAMENTO=\"BM\"),VTOTAL1,SUM(OFFSET(CÁLCULO!$AA$15,ROW($X237)-ROW($X$15),1):OFFSET(CÁLCULO!$AL$15,ROW($X237)-ROW($X$15),-1))),IF($C237=0,0,ROUND(SomaAgrup,15-13*$AF$11)))","v":0},"RA","",{"$f":"IF($C237=\"S\",IF($Z237=\"CP\",$X237,IF($Z237=\"RA\",(($X237)*QCI!$AA$3),0)),SomaAgrup)","v":0},0,{"$f":"IF($N237=\"\",\" \",\nIF(AND($C237<>\"S\",OR($R237=\"\",$R237=\"(digite a descrição aqui)\")),\"DESCRIÇÃO\",\nIF(AND($C237=\"S\",OR($Q237<>\"\",$T237>0,$U237>0),$P237=\"\"),\"FONTE\",\nIF(AND($C237=\"S\",$P237<>\"\",OR($T237>0,$U237>0),$Q237=\"\"),\"CÓDIGO\",\nIF(AND($C237=\"S\",$P237<>\"\",$Q237<>\"\",$R237=\"(Código não identificado nas referências)\"),\"CÓDIGO N/ID\",\nIF(AND($C237=\"S\",OR($R237=\"\",$R237=\"(digite a descrição aqui)\"),OR($Q237<>\"\",$T237>0,$U237>0)),\"DESCRIÇÃO\",\nIF(AND($C237=\"S\",$P237<>\"\",$Q237<>\"\",$S237=\"\"),\"UNIDADE\",\nIF(AND($C237=\"S\",$P237<>\"\",$Q237<>\"\",$U237=0),\"SEM CUSTO\",\nIF(AND(_xlfn.SINGLE(TIPOORCAMENTO)=\"Licitado\",$AL237=0,$AN237>0),\"SEM PREÇO\",\nIF(AND($C237=\"S\",$P237<>\"\",$Q237<>\"\",$U237>0,AND($V237<>\"BDI 1\",$V237<>\"BDI 2\",$V237<>\"BDI 3\")),IF(ISNUMBER($V237),\"JUSTIFICAR BDI\",\"BDI\"),\nIF(OR(AND(import.recurso=\"OGU\",TIPOORCAMENTO=\"Proposto\",LEFT($O$8,5)<>\"(N/D:\",$AG237<>\"\",ORÇAMENTO.CustoUnitario>$AG237),AND(TIPOORCAMENTO=\"LICITADO\",ORÇAMENTO.PrecoUnitarioLicitado>$AN237)),\"ACIMA REF.\",\nIF(AND($C237=\"S\",$P237<>\"\",$Q237<>\"\",$T237=0,$U237>0),\"QUANT.\",\nIF(AND(Import.TipoArredondamento=\"TransfereGOV\",$L237=\"F\",$C237=\"S\",LEN($Q237)>13),\"Código >13\",\nIF(AND(Import.TipoArredondamento=\"TransfereGOV\",$L237=\"F\",$C237<>\"S\",LEN($R237)>100),\"Descrição >100\",\nIF(AND(Import.TipoArredondamento=\"TransfereGOV\",$L237=\"F\",$C237=\"S\",LEN($R237)>500),\"Descrição >500\",\nIF(AND(Import.TipoArredondamento=\"TransfereGOV\",$L237=\"F\",$C237=\"S\",LEFT(TRIM(UPPER($P237)),6)<>\"SINAPI\",ISNA(VLOOKUP(TRIM(UPPER($S237)),ListaTgov.Unidades,1,FALSE))),\"Unid. Não Disp\",\n\" \"))))))))))))))))","v":{"$error":"#NAME?"}},{"$f":"IF(C237<=CRONO.NivelExibicao,MAX($AD$15:OFFSET(AD237,-1,0))+IF($C237<>1,1,MAX(1,COUNTIF(QCI!$A$13:$A$24,OFFSET($E237,-1,0)))),\"\")","v":""},{"$f":"IF(AND($C237=\"S\",ORÇAMENTO.CodBarra<>\"\"),IF(ORÇAMENTO.Fonte=\"\",ORÇAMENTO.CodBarra,CONCATENATE(ORÇAMENTO.Fonte,\" \",ORÇAMENTO.CodBarra)))","v":false},{"$f":"IF(ISERROR(INDIRECT(ORÇAMENTO.BancoRef)),\"(abra o arquivo 'Referência \"&Excel_BuiltIn_Database&\".xlsm)\",IF(OR($C237<>\"S\",ORÇAMENTO.CodBarra=\"\"),\"(Sem Código)\",IF(ISERROR(MATCH($AE237,INDIRECT(ORÇAMENTO.BancoRef),0)),\"(Código não identificado nas referências)\",MATCH($AE237,INDIRECT(ORÇAMENTO.BancoRef),0))))","v":"(Sem Código)"},{"$f":"ROUND(IF(DESONERACAO=\"sim\",REFERENCIA.Desonerado,REFERENCIA.NaoDesonerado),2)","v":0},0.26,null,null,null,null,0,0]
["S",3,"S",0,{"$f":"IF($C238=1,OFFSET(E238,-1,0)+MAX(1,COUNTIF(QCI!$A$13:$A$24,OFFSET(ORÇAMENTO!E238,-1,0))),OFFSET(E238,-1,0))","v":1},2,2,0,10,0,{"$f":"IF(OR($C238=\"S\",$C238=0),0,MATCH(OFFSET($D238,0,$C238)+IF($C238<>1,1,COUNTIF(QCI!$A$13:$A$24,ORÇAMENTO!E238)),OFFSET($D238,1,$C238,ROW($C$270)-ROW($C238)),0))","v":0},"","Serviço","Serviço","-","SINAPI",null,{"$f":"IF($C238=\"S\",REFERENCIA.Descricao,\"(digite a descrição aqui)\")","v":"(Sem Código)"},{"$f":"REFERENCIA.Unidade","v":"-"},{"$f":"OFFSET(CÁLCULO!H$15,ROW($T238)-ROW(T$15),0)","v":0},null,"BDI 1",{"$f":"IF($C238=\"S\",ROUND(IF(TIPOORCAMENTO=\"Proposto\",ORÇAMENTO.CustoUnitario*(1+$AH238),ORÇAMENTO.PrecoUnitarioLicitado),15-13*$AF$10),0)","v":0},{"$f":"IF($C238=\"S\",IF(OR(Import.TipoArredondamento<>\"TransfereGOV\",ACOMPANHAMENTO=\"BM\"),VTOTAL1,SUM(OFFSET(CÁLCULO!$AA$15,ROW($X238)-ROW($X$15),1):OFFSET(CÁLCULO!$AL$15,ROW($X238)-ROW($X$15),-1))),IF($C238=0,0,ROUND(SomaAgrup,15-13*$AF$11)))","v":0},"RA","",{"$f":"IF($C238=\"S\",IF($Z238=\"CP\",$X238,IF($Z238=\"RA\",(($X238)*QCI!$AA$3),0)),SomaAgrup)","v":0},0,{"$f":"IF($N238=\"\",\" \",\nIF(AND($C238<>\"S\",OR($R238=\"\",$R238=\"(digite a descrição aqui)\")),\"DESCRIÇÃO\",\nIF(AND($C238=\"S\",OR($Q238<>\"\",$T238>0,$U238>0),$P238=\"\"),\"FONTE\",\nIF(AND($C238=\"S\",$P238<>\"\",OR($T238>0,$U238>0),$Q238=\"\"),\"CÓDIGO\",\nIF(AND($C238=\"S\",$P238<>\"\",$Q238<>\"\",$R238=\"(Código não identificado nas referências)\"),\"CÓDIGO N/ID\",\nIF(AND($C238=\"S\",OR($R238=\"\",$R238=\"(digite a descrição aqui)\"),OR($Q238<>\"\",$T238>0,$U238>0)),\"DESCRIÇÃO\",\nIF(AND($C238=\"S\",$P238<>\"\",$Q238<>\"\",$S238=\"\"),\"UNIDADE\",\nIF(AND($C238=\"S\",$P238<>\"\",$Q238<>\"\",$U238=0),\"SEM CUSTO\",\nIF(AND(_xlfn.SINGLE(TIPOORCAMENTO)=\"Licitado\",$AL238=0,$AN238>0),\"SEM PREÇO\",\nIF(AND($C238=\"S\",$P238<>\"\",$Q238<>\"\",$U238>0,AND($V238<>\"BDI 1\",$V238<>\"BDI 2\",$V238<>\"BDI 3\")),IF(ISNUMBER($V238),\"JUSTIFICAR BDI\",\"BDI\"),\nIF(OR(AND(import.recurso=\"OGU\",TIPOORCAMENTO=\"Proposto\",LEFT($O$8,5)<>\"(N/D:\",$AG238<>\"\",ORÇAMENTO.CustoUnitario>$AG238),AND(TIPOORCAMENTO=\"LICITADO\",ORÇAMENTO.PrecoUnitarioLicitado>$AN238)),\"ACIMA REF.\",\nIF(AND($C238=\"S\",$P238<>\"\",$Q238<>\"\",$T238=0,$U238>0),\"QUANT.\",\nIF(AND(Import.TipoArredondamento=\"TransfereGOV\",$L238=\"F\",$C238=\"S\",LEN($Q238)>13),\"Código >13\",\nIF(AND(Import.TipoArredondamento=\"TransfereGOV\",$L238=\"F\",$C238<>\"S\",LEN($R238)>100),\"Descrição >100\",\nIF(AND(Import.TipoArredondamento=\"TransfereGOV\",$L238=\"F\",$C238=\"S\",LEN($R238)>500),\"Descrição >500\",\nIF(AND(Import.TipoArredondamento=\"TransfereGOV\",$L238=\"F\",$C238=\"S\",LEFT(TRIM(UPPER($P238)),6)<>\"SINAPI\",ISNA(VLOOKUP(TRIM(UPPER($S238)),ListaTgov.Unidades,1,FALSE))),\"Unid. Não Disp\",\n\" \"))))))))))))))))","v":{"$error":"#NAME?"}},{"$f":"IF(C238<=CRONO.NivelExibicao,MAX($AD$15:OFFSET(AD238,-1,0))+IF($C238<>1,1,MAX(1,COUNTIF(QCI!$A$13:$A$24,OFFSET($E238,-1,0)))),\"\")","v":""},{"$f":"IF(AND($C238=\"S\",ORÇAMENTO.CodBarra<>\"\"),IF(ORÇAMENTO.Fonte=\"\",ORÇAMENTO.CodBarra,CONCATENATE(ORÇAMENTO.Fonte,\" \",ORÇAMENTO.CodBarra)))","v":false},{"$f":"IF(ISERROR(INDIRECT(ORÇAMENTO.BancoRef)),\"(abra o arquivo 'Referência \"&Excel_BuiltIn_Database&\".xlsm)\",IF(OR($C238<>\"S\",ORÇAMENTO.CodBarra=\"\"),\"(Sem Código)\",IF(ISERROR(MATCH($AE238,INDIRECT(ORÇAMENTO.BancoRef),0)),\"(Código não identificado nas referências)\",MATCH($AE238,INDIRECT(ORÇAMENTO.BancoRef),0))))","v":"(Sem Código)"},{"$f":"ROUND(IF(DESONERACAO=\"sim\",REFERENCIA.Desonerado,REFERENCIA.NaoDesonerado),2)","v":0},0.26,null,null,null,null,0,0]
["S",3,"S",0,{"$f":"IF($C239=1,OFFSET(E239,-1,0)+MAX(1,COUNTIF(QCI!$A$13:$A$24,OFFSET(ORÇAMENTO!E239,-1,0))),OFFSET(E239,-1,0))","v":1},2,2,0,10,0,{"$f":"IF(OR($C239=\"S\",$C239=0),0,MATCH(OFFSET($D239,0,$C239)+IF($C239<>1,1,COUNTIF(QCI!$A$13:$A$24,ORÇAMENTO!E239)),OFFSET($D239,1,$C239,ROW($C$270)-ROW($C239)),0))","v":0},"","Serviço","Serviço","-","SINAPI",null,{"$f":"IF($C239=\"S\",REFERENCIA.Descricao,\"(digite a descrição aqui)\")","v":"(Sem Código)"},{"$f":"REFERENCIA.Unidade","v":"-"},{"$f":"OFFSET(CÁLCULO!H$15,ROW($T239)-ROW(T$15),0)","v":0},null,"BDI 1",{"$f":"IF($C239=\"S\",ROUND(IF(TIPOORCAMENTO=\"Proposto\",ORÇAMENTO.CustoUnitario*(1+$AH239),ORÇAMENTO.PrecoUnitarioLicitado),15-13*$AF$10),0)","v":0},{"$f":"IF($C239=\"S\",IF(OR(Import.TipoArredondamento<>\"TransfereGOV\",ACOMPANHAMENTO=\"BM\"),VTOTAL1,SUM(OFFSET(CÁLCULO!$AA$15,ROW($X239)-ROW($X$15),1):OFFSET(CÁLCULO!$AL$15,ROW($X239)-ROW($X$15),-1))),IF($C239=0,0,ROUND(SomaAgrup,15-13*$AF$11)))","v":0},"RA","",{"$f":"IF($C239=\"S\",IF($Z239=\"CP\",$X239,IF($Z239=\"RA\",(($X239)*QCI!$AA$3),0)),SomaAgrup)","v":0},0,{"$f":"IF($N239=\"\",\" \",\nIF(AND($C239<>\"S\",OR($R239=\"\",$R239=\"(digite a descrição aqui)\")),\"DESCRIÇÃO\",\nIF(AND($C239=\"S\",OR($Q239<>\"\",$T239>0,$U239>0),$P239=\"\"),\"FONTE\",\nIF(AND($C239=\"S\",$P239<>\"\",OR($T239>0,$U239>0),$Q239=\"\"),\"CÓDIGO\",\nIF(AND($C239=\"S\",$P239<>\"\",$Q239<>\"\",$R239=\"(Código não identificado nas referências)\"),\"CÓDIGO N/ID\",\nIF(AND($C239=\"S\",OR($R239=\"\",$R239=\"(digite a descrição aqui)\"),OR($Q239<>\"\",$T239>0,$U239>0)),\"DESCRIÇÃO\",\nIF(AND($C239=\"S\",$P239<>\"\",$Q239<>\"\",$S239=\"\"),\"UNIDADE\",\nIF(AND($C239=\"S\",$P239<>\"\",$Q239<>\"\",$U239=0),\"SEM CUSTO\",\nIF(AND(_xlfn.SINGLE(TIPOORCAMENTO)=\"Licitado\",$AL239=0,$AN239>0),\"SEM PREÇO\",\nIF(AND($C239=\"S\",$P239<>\"\",$Q239<>\"\",$U239>0,AND($V239<>\"BDI 1\",$V239<>\"BDI 2\",$V239<>\"BDI 3\")),IF(ISNUMBER($V239),\"JUSTIFICAR BDI\",\"BDI\"),\nIF(OR(AND(import.recurso=\"OGU\",TIPOORCAMENTO=\"Proposto\",LEFT($O$8,5)<>\"(N/D:\",$AG239<>\"\",ORÇAMENTO.CustoUnitario>$AG239),AND(TIPOORCAMENTO=\"LICITADO\",ORÇAMENTO.PrecoUnitarioLicitado>$AN239)),\"ACIMA REF.\",\nIF(AND($C239=\"S\",$P239<>\"\",$Q239<>\"\",$T239=0,$U239>0),\"QUANT.\",\nIF(AND(Import.TipoArredondamento=\"TransfereGOV\",$L239=\"F\",$C239=\"S\",LEN($Q239)>13),\"Código >13\",\nIF(AND(Import.TipoArredondamento=\"TransfereGOV\",$L239=\"F\",$C239<>\"S\",LEN($R239)>100),\"Descrição >100\",\nIF(AND(Import.TipoArredondamento=\"TransfereGOV\",$L239=\"F\",$C239=\"S\",LEN($R239)>500),\"Descrição >500\",\nIF(AND(Import.TipoArredondamento=\"TransfereGOV\",$L239=\"F\",$C239=\"S\",LEFT(TRIM(UPPER($P239)),6)<>\"SINAPI\",ISNA(VLOOKUP(TRIM(UPPER($S239)),ListaTgov.Unidades,1,FALSE))),\"Unid. Não Disp\",\n\" \"))))))))))))))))","v":{"$error":"#NAME?"}},{"$f":"IF(C239<=CRONO.NivelExibicao,MAX($AD$15:OFFSET(AD239,-1,0))+IF($C239<>1,1,MAX(1,COUNTIF(QCI!$A$13:$A$24,OFFSET($E239,-1,0)))),\"\")","v":""},{"$f":"IF(AND($C239=\"S\",ORÇAMENTO.CodBarra<>\"\"),IF(ORÇAMENTO.Fonte=\"\",ORÇAMENTO.CodBarra,CONCATENATE(ORÇAMENTO.Fonte,\" \",ORÇAMENTO.CodBarra)))","v":false},{"$f":"IF(ISERROR(INDIRECT(ORÇAMENTO.BancoRef)),\"(abra o arquivo 'Referência \"&Excel_BuiltIn_Database&\".xlsm)\",IF(OR($C239<>\"S\",ORÇAMENTO.CodBarra=\"\"),\"(Sem Código)\",IF(ISERROR(MATCH($AE239,INDIRECT(ORÇAMENTO.BancoRef),0)),\"(Código não identificado nas referências)\",MATCH($AE239,INDIRECT(ORÇAMENTO.BancoRef),0))))","v":"(Sem Código)"},{"$f":"ROUND(IF(DESONERACAO=\"sim\",REFERENCIA.Desonerado,REFERENCIA.NaoDesonerado),2)","v":0},0.26,null,null,null,null,0,0]
["S",3,"S",0,{"$f":"IF($C240=1,OFFSET(E240,-1,0)+MAX(1,COUNTIF(QCI!$A$13:$A$24,OFFSET(ORÇAMENTO!E240,-1,0))),OFFSET(E240,-1,0))","v":1},2,2,0,10,0,{"$f":"IF(OR($C240=\"S\",$C240=0),0,MATCH(OFFSET($D240,0,$C240)+IF($C240<>1,1,COUNTIF(QCI!$A$13:$A$24,ORÇAMENTO!E240)),OFFSET($D240,1,$C240,ROW($C$270)-ROW($C240)),0))","v":0},"","Serviço","Serviço","-","SINAPI",null,{"$f":"IF($C240=\"S\",REFERENCIA.Descricao,\"(digite a descrição aqui)\")","v":"(Sem Código)"},{"$f":"REFERENCIA.Unidade","v":"-"},{"$f":"OFFSET(CÁLCULO!H$15,ROW($T240)-ROW(T$15),0)","v":0},null,"BDI 1",{"$f":"IF($C240=\"S\",ROUND(IF(TIPOORCAMENTO=\"Proposto\",ORÇAMENTO.CustoUnitario*(1+$AH240),ORÇAMENTO.PrecoUnitarioLicitado),15-13*$AF$10),0)","v":0},{"$f":"IF($C240=\"S\",IF(OR(Import.TipoArredondamento<>\"TransfereGOV\",ACOMPANHAMENTO=\"BM\"),VTOTAL1,SUM(OFFSET(CÁLCULO!$AA$15,ROW($X240)-ROW($X$15),1):OFFSET(CÁLCULO!$AL$15,ROW($X240)-ROW($X$15),-1))),IF($C240=0,0,ROUND(SomaAgrup,15-13*$AF$11)))","v":0},"RA","",{"$f":"IF($C240=\"S\",IF($Z240=\"CP\",$X240,IF($Z240=\"RA\",(($X240)*QCI!$AA$3),0)),SomaAgrup)","v":0},0,{"$f":"IF($N240=\"\",\" \",\nIF(AND($C240<>\"S\",OR($R240=\"\",$R240=\"(digite a descrição aqui)\")),\"DESCRIÇÃO\",\nIF(AND($C240=\"S\",OR($Q240<>\"\",$T240>0,$U240>0),$P240=\"\"),\"FONTE\",\nIF(AND($C240=\"S\",$P240<>\"\",OR($T240>0,$U240>0),$Q240=\"\"),\"CÓDIGO\",\nIF(AND($C240=\"S\",$P240<>\"\",$Q240<>\"\",$R240=\"(Código não identificado nas referências)\"),\"CÓDIGO N/ID\",\nIF(AND($C240=\"S\",OR($R240=\"\",$R240=\"(digite a descrição aqui)\"),OR($Q240<>\"\",$T240>0,$U240>0)),\"DESCRIÇÃO\",\nIF(AND($C240=\"S\",$P240<>\"\",$Q240<>\"\",$S240=\"\"),\"UNIDADE\",\nIF(AND($C240=\"S\",$P240<>\"\",$Q240<>\"\",$U240=0),\"SEM CUSTO\",\nIF(AND(_xlfn.SINGLE(TIPOORCAMENTO)=\"Licitado\",$AL240=0,$AN240>0),\"SEM PREÇO\",\nIF(AND($C240=\"S\",$P240<>\"\",$Q240<>\"\",$U240>0,AND($V240<>\"BDI 1\",$V240<>\"BDI 2\",$V240<>\"BDI 3\")),IF(ISNUMBER($V240),\"JUSTIFICAR BDI\",\"BDI\"),\nIF(OR(AND(import.recurso=\"OGU\",TIPOORCAMENTO=\"Proposto\",LEFT($O$8,5)<>\"(N/D:\",$AG240<>\"\",ORÇAMENTO.CustoUnitario>$AG240),AND(TIPOORCAMENTO=\"LICITADO\",ORÇAMENTO.PrecoUnitarioLicitado>$AN240)),\"ACIMA REF.\",\nIF(AND($C240=\"S\",$P240<>\"\",$Q240<>\"\",$T240=0,$U240>0),\"QUANT.\",\nIF(AND(Import.TipoArredondamento=\"TransfereGOV\",$L240=\"F\",$C240=\"S\",LEN($Q240)>13),\"Código >13\",\nIF(AND(Import.TipoArredondamento=\"TransfereGOV\",$L240=\"F\",$C240<>\"S\",LEN($R240)>100),\"Descrição >100\",\nIF(AND(Import.TipoArredondamento=\"TransfereGOV\",$L240=\"F\",$C240=\"S\",LEN($R240)>500),\"Descrição >500\",\nIF(AND(Import.TipoArredondamento=\"TransfereGOV\",$L240=\"F\",$C240=\"S\",LEFT(TRIM(UPPER($P240)),6)<>\"SINAPI\",ISNA(VLOOKUP(TRIM(UPPER($S240)),ListaTgov.Unidades,1,FALSE))),\"Unid. Não Disp\",\n\" \"))))))))))))))))","v":{"$error":"#NAME?"}},{"$f":"IF(C240<=CRONO.NivelExibicao,MAX($AD$15:OFFSET(AD240,-1,0))+IF($C240<>1,1,MAX(1,COUNTIF(QCI!$A$13:$A$24,OFFSET($E240,-1,0)))),\"\")","v":""},{"$f":"IF(AND($C240=\"S\",ORÇAMENTO.CodBarra<>\"\"),IF(ORÇAMENTO.Fonte=\"\",ORÇAMENTO.CodBarra,CONCATENATE(ORÇAMENTO.Fonte,\" \",ORÇAMENTO.CodBarra)))","v":false},{"$f":"IF(ISERROR(INDIRECT(ORÇAMENTO.BancoRef)),\"(abra o arquivo 'Referência \"&Excel_BuiltIn_Database&\".xlsm)\",IF(OR($C240<>\"S\",ORÇAMENTO.CodBarra=\"\"),\"(Sem Código)\",IF(ISERROR(MATCH($AE240,INDIRECT(ORÇAMENTO.BancoRef),0)),\"(Código não identificado nas referências)\",MATCH($AE240,INDIRECT(ORÇAMENTO.BancoRef),0))))","v":"(Sem Código)"},{"$f":"ROUND(IF(DESONERACAO=\"sim\",REFERENCIA.Desonerado,REFERENCIA.NaoDesonerado),2)","v":0},0.26,null,null,null,null,0,0]
["S",3,"S",0,{"$f":"IF($C241=1,OFFSET(E241,-1,0)+MAX(1,COUNTIF(QCI!$A$13:$A$24,OFFSET(ORÇAMENTO!E241,-1,0))),OFFSET(E241,-1,0))","v":1},2,2,0,10,0,{"$f":"IF(OR($C241=\"S\",$C241=0),0,MATCH(OFFSET($D241,0,$C241)+IF($C241<>1,1,COUNTIF(QCI!$A$13:$A$24,ORÇAMENTO!E241)),OFFSET($D241,1,$C241,ROW($C$270)-ROW($C241)),0))","v":0},"","Serviço","Serviço","-","SINAPI",null,{"$f":"IF($C241=\"S\",REFERENCIA.Descricao,\"(digite a descrição aqui)\")","v":"(Sem Código)"},{"$f":"REFERENCIA.Unidade","v":"-"},{"$f":"OFFSET(CÁLCULO!H$15,ROW($T241)-ROW(T$15),0)","v":0},null,"BDI 1",{"$f":"IF($C241=\"S\",ROUND(IF(TIPOORCAMENTO=\"Proposto\",ORÇAMENTO.CustoUnitario*(1+$AH241),ORÇAMENTO.PrecoUnitarioLicitado),15-13*$AF$10),0)","v":0},{"$f":"IF($C241=\"S\",IF(OR(Import.TipoArredondamento<>\"TransfereGOV\",ACOMPANHAMENTO=\"BM\"),VTOTAL1,SUM(OFFSET(CÁLCULO!$AA$15,ROW($X241)-ROW($X$15),1):OFFSET(CÁLCULO!$AL$15,ROW($X241)-ROW($X$15),-1))),IF($C241=0,0,ROUND(SomaAgrup,15-13*$AF$11)))","v":0},"RA","",{"$f":"IF($C241=\"S\",IF($Z241=\"CP\",$X241,IF($Z241=\"RA\",(($X241)*QCI!$AA$3),0)),SomaAgrup)","v":0},0,{"$f":"IF($N241=\"\",\" \",\nIF(AND($C241<>\"S\",OR($R241=\"\",$R241=\"(digite a descrição aqui)\")),\"DESCRIÇÃO\",\nIF(AND($C241=\"S\",OR($Q241<>\"\",$T241>0,$U241>0),$P241=\"\"),\"FONTE\",\nIF(AND($C241=\"S\",$P241<>\"\",OR($T241>0,$U241>0),$Q241=\"\"),\"CÓDIGO\",\nIF(AND($C241=\"S\",$P241<>\"\",$Q241<>\"\",$R241=\"(Código não identificado nas referências)\"),\"CÓDIGO N/ID\",\nIF(AND($C241=\"S\",OR($R241=\"\",$R241=\"(digite a descrição aqui)\"),OR($Q241<>\"\",$T241>0,$U241>0)),\"DESCRIÇÃO\",\nIF(AND($C241=\"S\",$P241<>\"\",$Q241<>\"\",$S241=\"\"),\"UNIDADE\",\nIF(AND($C241=\"S\",$P241<>\"\",$Q241<>\"\",$U241=0),\"SEM CUSTO\",\nIF(AND(_xlfn.SINGLE(TIPOORCAMENTO)=\"Licitado\",$AL241=0,$AN241>0),\"SEM PREÇO\",\nIF(AND($C241=\"S\",$P241<>\"\",$Q241<>\"\",$U241>0,AND($V241<>\"BDI 1\",$V241<>\"BDI 2\",$V241<>\"BDI 3\")),IF(ISNUMBER($V241),\"JUSTIFICAR BDI\",\"BDI\"),\nIF(OR(AND(import.recurso=\"OGU\",TIPOORCAMENTO=\"Proposto\",LEFT($O$8,5)<>\"(N/D:\",$AG241<>\"\",ORÇAMENTO.CustoUnitario>$AG241),AND(TIPOORCAMENTO=\"LICITADO\",ORÇAMENTO.PrecoUnitarioLicitado>$AN241)),\"ACIMA REF.\",\nIF(AND($C241=\"S\",$P241<>\"\",$Q241<>\"\",$T241=0,$U241>0),\"QUANT.\",\nIF(AND(Import.TipoArredondamento=\"TransfereGOV\",$L241=\"F\",$C241=\"S\",LEN($Q241)>13),\"Código >13\",\nIF(AND(Import.TipoArredondamento=\"TransfereGOV\",$L241=\"F\",$C241<>\"S\",LEN($R241)>100),\"Descrição >100\",\nIF(AND(Import.TipoArredondamento=\"TransfereGOV\",$L241=\"F\",$C241=\"S\",LEN($R241)>500),\"Descrição >500\",\nIF(AND(Import.TipoArredondamento=\"TransfereGOV\",$L241=\"F\",$C241=\"S\",LEFT(TRIM(UPPER($P241)),6)<>\"SINAPI\",ISNA(VLOOKUP(TRIM(UPPER($S241)),ListaTgov.Unidades,1,FALSE))),\"Unid. Não Disp\",\n\" \"))))))))))))))))","v":{"$error":"#NAME?"}},{"$f":"IF(C241<=CRONO.NivelExibicao,MAX($AD$15:OFFSET(AD241,-1,0))+IF($C241<>1,1,MAX(1,COUNTIF(QCI!$A$13:$A$24,OFFSET($E241,-1,0)))),\"\")","v":""},{"$f":"IF(AND($C241=\"S\",ORÇAMENTO.CodBarra<>\"\"),IF(ORÇAMENTO.Fonte=\"\",ORÇAMENTO.CodBarra,CONCATENATE(ORÇAMENTO.Fonte,\" \",ORÇAMENTO.CodBarra)))","v":false},{"$f":"IF(ISERROR(INDIRECT(ORÇAMENTO.BancoRef)),\"(abra o arquivo 'Referência \"&Excel_BuiltIn_Database&\".xlsm)\",IF(OR($C241<>\"S\",ORÇAMENTO.CodBarra=\"\"),\"(Sem Código)\",IF(ISERROR(MATCH($AE241,INDIRECT(ORÇAMENTO.BancoRef),0)),\"(Código não identificado nas referências)\",MATCH($AE241,INDIRECT(ORÇAMENTO.BancoRef),0))))","v":"(Sem Código)"},{"$f":"ROUND(IF(DESONERACAO=\"sim\",REFERENCIA.Desonerado,REFERENCIA.NaoDesonerado),2)","v":0},0.26,null,null,null,null,0,0]
["S",3,"S",0,{"$f":"IF($C242=1,OFFSET(E242,-1,0)+MAX(1,COUNTIF(QCI!$A$13:$A$24,OFFSET(ORÇAMENTO!E242,-1,0))),OFFSET(E242,-1,0))","v":1},2,2,0,10,0,{"$f":"IF(OR($C242=\"S\",$C242=0),0,MATCH(OFFSET($D242,0,$C242)+IF($C242<>1,1,COUNTIF(QCI!$A$13:$A$24,ORÇAMENTO!E242)),OFFSET($D242,1,$C242,ROW($C$270)-ROW($C242)),0))","v":0},"","Serviço","Serviço","-","SINAPI",null,{"$f":"IF($C242=\"S\",REFERENCIA.Descricao,\"(digite a descrição aqui)\")","v":"(Sem Código)"},{"$f":"REFERENCIA.Unidade","v":"-"},{"$f":"OFFSET(CÁLCULO!H$15,ROW($T242)-ROW(T$15),0)","v":0},null,"BDI 1",{"$f":"IF($C242=\"S\",ROUND(IF(TIPOORCAMENTO=\"Proposto\",ORÇAMENTO.CustoUnitario*(1+$AH242),ORÇAMENTO.PrecoUnitarioLicitado),15-13*$AF$10),0)","v":0},{"$f":"IF($C242=\"S\",IF(OR(Import.TipoArredondamento<>\"TransfereGOV\",ACOMPANHAMENTO=\"BM\"),VTOTAL1,SUM(OFFSET(CÁLCULO!$AA$15,ROW($X242)-ROW($X$15),1):OFFSET(CÁLCULO!$AL$15,ROW($X242)-ROW($X$15),-1))),IF($C242=0,0,ROUND(SomaAgrup,15-13*$AF$11)))","v":0},"RA","",{"$f":"IF($C242=\"S\",IF($Z242=\"CP\",$X242,IF($Z242=\"RA\",(($X242)*QCI!$AA$3),0)),SomaAgrup)","v":0},0,{"$f":"IF($N242=\"\",\" \",\nIF(AND($C242<>\"S\",OR($R242=\"\",$R242=\"(digite a descrição aqui)\")),\"DESCRIÇÃO\",\nIF(AND($C242=\"S\",OR($Q242<>\"\",$T242>0,$U242>0),$P242=\"\"),\"FONTE\",\nIF(AND($C242=\"S\",$P242<>\"\",OR($T242>0,$U242>0),$Q242=\"\"),\"CÓDIGO\",\nIF(AND($C242=\"S\",$P242<>\"\",$Q242<>\"\",$R242=\"(Código não identificado nas referências)\"),\"CÓDIGO N/ID\",\nIF(AND($C242=\"S\",OR($R242=\"\",$R242=\"(digite a descrição aqui)\"),OR($Q242<>\"\",$T242>0,$U242>0)),\"DESCRIÇÃO\",\nIF(AND($C242=\"S\",$P242<>\"\",$Q242<>\"\",$S242=\"\"),\"UNIDADE\",\nIF(AND($C242=\"S\",$P242<>\"\",$Q242<>\"\",$U242=0),\"SEM CUSTO\",\nIF(AND(_xlfn.SINGLE(TIPOORCAMENTO)=\"Licitado\",$AL242=0,$AN242>0),\"SEM PREÇO\",\nIF(AND($C242=\"S\",$P242<>\"\",$Q242<>\"\",$U242>0,AND($V242<>\"BDI 1\",$V242<>\"BDI 2\",$V242<>\"BDI 3\")),IF(ISNUMBER($V242),\"JUSTIFICAR BDI\",\"BDI\"),\nIF(OR(AND(import.recurso=\"OGU\",TIPOORCAMENTO=\"Proposto\",LEFT($O$8,5)<>\"(N/D:\",$AG242<>\"\",ORÇAMENTO.CustoUnitario>$AG242),AND(TIPOORCAMENTO=\"LICITADO\",ORÇAMENTO.PrecoUnitarioLicitado>$AN242)),\"ACIMA REF.\",\nIF(AND($C242=\"S\",$P242<>\"\",$Q242<>\"\",$T242=0,$U242>0),\"QUANT.\",\nIF(AND(Import.TipoArredondamento=\"TransfereGOV\",$L242=\"F\",$C242=\"S\",LEN($Q242)>13),\"Código >13\",\nIF(AND(Import.TipoArredondamento=\"TransfereGOV\",$L242=\"F\",$C242<>\"S\",LEN($R242)>100),\"Descrição >100\",\nIF(AND(Import.TipoArredondamento=\"TransfereGOV\",$L242=\"F\",$C242=\"S\",LEN($R242)>500),\"Descrição >500\",\nIF(AND(Import.TipoArredondamento=\"TransfereGOV\",$L242=\"F\",$C242=\"S\",LEFT(TRIM(UPPER($P242)),6)<>\"SINAPI\",ISNA(VLOOKUP(TRIM(UPPER($S242)),ListaTgov.Unidades,1,FALSE))),\"Unid. Não Disp\",\n\" \"))))))))))))))))","v":{"$error":"#NAME?"}},{"$f":"IF(C242<=CRONO.NivelExibicao,MAX($AD$15:OFFSET(AD242,-1,0))+IF($C242<>1,1,MAX(1,COUNTIF(QCI!$A$13:$A$24,OFFSET($E242,-1,0)))),\"\")","v":""},{"$f":"IF(AND($C242=\"S\",ORÇAMENTO.CodBarra<>\"\"),IF(ORÇAMENTO.Fonte=\"\",ORÇAMENTO.CodBarra,CONCATENATE(ORÇAMENTO.Fonte,\" \",ORÇAMENTO.CodBarra)))","v":false},{"$f":"IF(ISERROR(INDIRECT(ORÇAMENTO.BancoRef)),\"(abra o arquivo 'Referência \"&Excel_BuiltIn_Database&\".xlsm)\",IF(OR($C242<>\"S\",ORÇAMENTO.CodBarra=\"\"),\"(Sem Código)\",IF(ISERROR(MATCH($AE242,INDIRECT(ORÇAMENTO.BancoRef),0)),\"(Código não identificado nas referências)\",MATCH($AE242,INDIRECT(ORÇAMENTO.BancoRef),0))))","v":"(Sem Código)"},{"$f":"ROUND(IF(DESONERACAO=\"sim\",REFERENCIA.Desonerado,REFERENCIA.NaoDesonerado),2)","v":0},0.26,null,null,null,null,0,0]
["S",3,"S",0,{"$f":"IF($C243=1,OFFSET(E243,-1,0)+MAX(1,COUNTIF(QCI!$A$13:$A$24,OFFSET(ORÇAMENTO!E243,-1,0))),OFFSET(E243,-1,0))","v":1},2,2,0,10,0,{"$f":"IF(OR($C243=\"S\",$C243=0),0,MATCH(OFFSET($D243,0,$C243)+IF($C243<>1,1,COUNTIF(QCI!$A$13:$A$24,ORÇAMENTO!E243)),OFFSET($D243,1,$C243,ROW($C$270)-ROW($C243)),0))","v":0},"","Serviço","Serviço","-","SINAPI",null,{"$f":"IF($C243=\"S\",REFERENCIA.Descricao,\"(digite a descrição aqui)\")","v":"(Sem Código)"},{"$f":"REFERENCIA.Unidade","v":"-"},{"$f":"OFFSET(CÁLCULO!H$15,ROW($T243)-ROW(T$15),0)","v":0},null,"BDI 1",{"$f":"IF($C243=\"S\",ROUND(IF(TIPOORCAMENTO=\"Proposto\",ORÇAMENTO.CustoUnitario*(1+$AH243),ORÇAMENTO.PrecoUnitarioLicitado),15-13*$AF$10),0)","v":0},{"$f":"IF($C243=\"S\",IF(OR(Import.TipoArredondamento<>\"TransfereGOV\",ACOMPANHAMENTO=\"BM\"),VTOTAL1,SUM(OFFSET(CÁLCULO!$AA$15,ROW($X243)-ROW($X$15),1):OFFSET(CÁLCULO!$AL$15,ROW($X243)-ROW($X$15),-1))),IF($C243=0,0,ROUND(SomaAgrup,15-13*$AF$11)))","v":0},"RA","",{"$f":"IF($C243=\"S\",IF($Z243=\"CP\",$X243,IF($Z243=\"RA\",(($X243)*QCI!$AA$3),0)),SomaAgrup)","v":0},0,{"$f":"IF($N243=\"\",\" \",\nIF(AND($C243<>\"S\",OR($R243=\"\",$R243=\"(digite a descrição aqui)\")),\"DESCRIÇÃO\",\nIF(AND($C243=\"S\",OR($Q243<>\"\",$T243>0,$U243>0),$P243=\"\"),\"FONTE\",\nIF(AND($C243=\"S\",$P243<>\"\",OR($T243>0,$U243>0),$Q243=\"\"),\"CÓDIGO\",\nIF(AND($C243=\"S\",$P243<>\"\",$Q243<>\"\",$R243=\"(Código não identificado nas referências)\"),\"CÓDIGO N/ID\",\nIF(AND($C243=\"S\",OR($R243=\"\",$R243=\"(digite a descrição aqui)\"),OR($Q243<>\"\",$T243>0,$U243>0)),\"DESCRIÇÃO\",\nIF(AND($C243=\"S\",$P243<>\"\",$Q243<>\"\",$S243=\"\"),\"UNIDADE\",\nIF(AND($C243=\"S\",$P243<>\"\",$Q243<>\"\",$U243=0),\"SEM CUSTO\",\nIF(AND(_xlfn.SINGLE(TIPOORCAMENTO)=\"Licitado\",$AL243=0,$AN243>0),\"SEM PREÇO\",\nIF(AND($C243=\"S\",$P243<>\"\",$Q243<>\"\",$U243>0,AND($V243<>\"BDI 1\",$V243<>\"BDI 2\",$V243<>\"BDI 3\")),IF(ISNUMBER($V243),\"JUSTIFICAR BDI\",\"BDI\"),\nIF(OR(AND(import.recurso=\"OGU\",TIPOORCAMENTO=\"Proposto\",LEFT($O$8,5)<>\"(N/D:\",$AG243<>\"\",ORÇAMENTO.CustoUnitario>$AG243),AND(TIPOORCAMENTO=\"LICITADO\",ORÇAMENTO.PrecoUnitarioLicitado>$AN243)),\"ACIMA REF.\",\nIF(AND($C243=\"S\",$P243<>\"\",$Q243<>\"\",$T243=0,$U243>0),\"QUANT.\",\nIF(AND(Import.TipoArredondamento=\"TransfereGOV\",$L243=\"F\",$C243=\"S\",LEN($Q243)>13),\"Código >13\",\nIF(AND(Import.TipoArredondamento=\"TransfereGOV\",$L243=\"F\",$C243<>\"S\",LEN($R243)>100),\"Descrição >100\",\nIF(AND(Import.TipoArredondamento=\"TransfereGOV\",$L243=\"F\",$C243=\"S\",LEN($R243)>500),\"Descrição >500\",\nIF(AND(Import.TipoArredondamento=\"TransfereGOV\",$L243=\"F\",$C243=\"S\",LEFT(TRIM(UPPER($P243)),6)<>\"SINAPI\",ISNA(VLOOKUP(TRIM(UPPER($S243)),ListaTgov.Unidades,1,FALSE))),\"Unid. Não Disp\",\n\" \"))))))))))))))))","v":{"$error":"#NAME?"}},{"$f":"IF(C243<=CRONO.NivelExibicao,MAX($AD$15:OFFSET(AD243,-1,0))+IF($C243<>1,1,MAX(1,COUNTIF(QCI!$A$13:$A$24,OFFSET($E243,-1,0)))),\"\")","v":""},{"$f":"IF(AND($C243=\"S\",ORÇAMENTO.CodBarra<>\"\"),IF(ORÇAMENTO.Fonte=\"\",ORÇAMENTO.CodBarra,CONCATENATE(ORÇAMENTO.Fonte,\" \",ORÇAMENTO.CodBarra)))","v":false},{"$f":"IF(ISERROR(INDIRECT(ORÇAMENTO.BancoRef)),\"(abra o arquivo 'Referência \"&Excel_BuiltIn_Database&\".xlsm)\",IF(OR($C243<>\"S\",ORÇAMENTO.CodBarra=\"\"),\"(Sem Código)\",IF(ISERROR(MATCH($AE243,INDIRECT(ORÇAMENTO.BancoRef),0)),\"(Código não identificado nas referências)\",MATCH($AE243,INDIRECT(ORÇAMENTO.BancoRef),0))))","v":"(Sem Código)"},{"$f":"ROUND(IF(DESONERACAO=\"sim\",REFERENCIA.Desonerado,REFERENCIA.NaoDesonerado),2)","v":0},0.26,null,null,null,null,0,0]
["S",3,"S",0,{"$f":"IF($C244=1,OFFSET(E244,-1,0)+MAX(1,COUNTIF(QCI!$A$13:$A$24,OFFSET(ORÇAMENTO!E244,-1,0))),OFFSET(E244,-1,0))","v":1},2,2,0,10,0,{"$f":"IF(OR($C244=\"S\",$C244=0),0,MATCH(OFFSET($D244,0,$C244)+IF($C244<>1,1,COUNTIF(QCI!$A$13:$A$24,ORÇAMENTO!E244)),OFFSET($D244,1,$C244,ROW($C$270)-ROW($C244)),0))","v":0},"","Serviço","Serviço","-","SINAPI",null,{"$f":"IF($C244=\"S\",REFERENCIA.Descricao,\"(digite a descrição aqui)\")","v":"(Sem Código)"},{"$f":"REFERENCIA.Unidade","v":"-"},{"$f":"OFFSET(CÁLCULO!H$15,ROW($T244)-ROW(T$15),0)","v":0},null,"BDI 1",{"$f":"IF($C244=\"S\",ROUND(IF(TIPOORCAMENTO=\"Proposto\",ORÇAMENTO.CustoUnitario*(1+$AH244),ORÇAMENTO.PrecoUnitarioLicitado),15-13*$AF$10),0)","v":0},{"$f":"IF($C244=\"S\",IF(OR(Import.TipoArredondamento<>\"TransfereGOV\",ACOMPANHAMENTO=\"BM\"),VTOTAL1,SUM(OFFSET(CÁLCULO!$AA$15,ROW($X244)-ROW($X$15),1):OFFSET(CÁLCULO!$AL$15,ROW($X244)-ROW($X$15),-1))),IF($C244=0,0,ROUND(SomaAgrup,15-13*$AF$11)))","v":0},"RA","",{"$f":"IF($C244=\"S\",IF($Z244=\"CP\",$X244,IF($Z244=\"RA\",(($X244)*QCI!$AA$3),0)),SomaAgrup)","v":0},0,{"$f":"IF($N244=\"\",\" \",\nIF(AND($C244<>\"S\",OR($R244=\"\",$R244=\"(digite a descrição aqui)\")),\"DESCRIÇÃO\",\nIF(AND($C244=\"S\",OR($Q244<>\"\",$T244>0,$U244>0),$P244=\"\"),\"FONTE\",\nIF(AND($C244=\"S\",$P244<>\"\",OR($T244>0,$U244>0),$Q244=\"\"),\"CÓDIGO\",\nIF(AND($C244=\"S\",$P244<>\"\",$Q244<>\"\",$R244=\"(Código não identificado nas referências)\"),\"CÓDIGO N/ID\",\nIF(AND($C244=\"S\",OR($R244=\"\",$R244=\"(digite a descrição aqui)\"),OR($Q244<>\"\",$T244>0,$U244>0)),\"DESCRIÇÃO\",\nIF(AND($C244=\"S\",$P244<>\"\",$Q244<>\"\",$S244=\"\"),\"UNIDADE\",\nIF(AND($C244=\"S\",$P244<>\"\",$Q244<>\"\",$U244=0),\"SEM CUSTO\",\nIF(AND(_xlfn.SINGLE(TIPOORCAMENTO)=\"Licitado\",$AL244=0,$AN244>0),\"SEM PREÇO\",\nIF(AND($C244=\"S\",$P244<>\"\",$Q244<>\"\",$U244>0,AND($V244<>\"BDI 1\",$V244<>\"BDI 2\",$V244<>\"BDI 3\")),IF(ISNUMBER($V244),\"JUSTIFICAR BDI\",\"BDI\"),\nIF(OR(AND(import.recurso=\"OGU\",TIPOORCAMENTO=\"Proposto\",LEFT($O$8,5)<>\"(N/D:\",$AG244<>\"\",ORÇAMENTO.CustoUnitario>$AG244),AND(TIPOORCAMENTO=\"LICITADO\",ORÇAMENTO.PrecoUnitarioLicitado>$AN244)),\"ACIMA REF.\",\nIF(AND($C244=\"S\",$P244<>\"\",$Q244<>\"\",$T244=0,$U244>0),\"QUANT.\",\nIF(AND(Import.TipoArredondamento=\"TransfereGOV\",$L244=\"F\",$C244=\"S\",LEN($Q244)>13),\"Código >13\",\nIF(AND(Import.TipoArredondamento=\"TransfereGOV\",$L244=\"F\",$C244<>\"S\",LEN($R244)>100),\"Descrição >100\",\nIF(AND(Import.TipoArredondamento=\"TransfereGOV\",$L244=\"F\",$C244=\"S\",LEN($R244)>500),\"Descrição >500\",\nIF(AND(Import.TipoArredondamento=\"TransfereGOV\",$L244=\"F\",$C244=\"S\",LEFT(TRIM(UPPER($P244)),6)<>\"SINAPI\",ISNA(VLOOKUP(TRIM(UPPER($S244)),ListaTgov.Unidades,1,FALSE))),\"Unid. Não Disp\",\n\" \"))))))))))))))))","v":{"$error":"#NAME?"}},{"$f":"IF(C244<=CRONO.NivelExibicao,MAX($AD$15:OFFSET(AD244,-1,0))+IF($C244<>1,1,MAX(1,COUNTIF(QCI!$A$13:$A$24,OFFSET($E244,-1,0)))),\"\")","v":""},{"$f":"IF(AND($C244=\"S\",ORÇAMENTO.CodBarra<>\"\"),IF(ORÇAMENTO.Fonte=\"\",ORÇAMENTO.CodBarra,CONCATENATE(ORÇAMENTO.Fonte,\" \",ORÇAMENTO.CodBarra)))","v":false},{"$f":"IF(ISERROR(INDIRECT(ORÇAMENTO.BancoRef)),\"(abra o arquivo 'Referência \"&Excel_BuiltIn_Database&\".xlsm)\",IF(OR($C244<>\"S\",ORÇAMENTO.CodBarra=\"\"),\"(Sem Código)\",IF(ISERROR(MATCH($AE244,INDIRECT(ORÇAMENTO.BancoRef),0)),\"(Código não identificado nas referências)\",MATCH($AE244,INDIRECT(ORÇAMENTO.BancoRef),0))))","v":"(Sem Código)"},{"$f":"ROUND(IF(DESONERACAO=\"sim\",REFERENCIA.Desonerado,REFERENCIA.NaoDesonerado),2)","v":0},0.26,null,null,null,null,0,0]
["S",3,"S",0,{"$f":"IF($C245=1,OFFSET(E245,-1,0)+MAX(1,COUNTIF(QCI!$A$13:$A$24,OFFSET(ORÇAMENTO!E245,-1,0))),OFFSET(E245,-1,0))","v":1},2,2,0,10,0,{"$f":"IF(OR($C245=\"S\",$C245=0),0,MATCH(OFFSET($D245,0,$C245)+IF($C245<>1,1,COUNTIF(QCI!$A$13:$A$24,ORÇAMENTO!E245)),OFFSET($D245,1,$C245,ROW($C$270)-ROW($C245)),0))","v":0},"","Serviço","Serviço","-","SINAPI",null,{"$f":"IF($C245=\"S\",REFERENCIA.Descricao,\"(digite a descrição aqui)\")","v":"(Sem Código)"},{"$f":"REFERENCIA.Unidade","v":"-"},{"$f":"OFFSET(CÁLCULO!H$15,ROW($T245)-ROW(T$15),0)","v":0},null,"BDI 1",{"$f":"IF($C245=\"S\",ROUND(IF(TIPOORCAMENTO=\"Proposto\",ORÇAMENTO.CustoUnitario*(1+$AH245),ORÇAMENTO.PrecoUnitarioLicitado),15-13*$AF$10),0)","v":0},{"$f":"IF($C245=\"S\",IF(OR(Import.TipoArredondamento<>\"TransfereGOV\",ACOMPANHAMENTO=\"BM\"),VTOTAL1,SUM(OFFSET(CÁLCULO!$AA$15,ROW($X245)-ROW($X$15),1):OFFSET(CÁLCULO!$AL$15,ROW($X245)-ROW($X$15),-1))),IF($C245=0,0,ROUND(SomaAgrup,15-13*$AF$11)))","v":0},"RA","",{"$f":"IF($C245=\"S\",IF($Z245=\"CP\",$X245,IF($Z245=\"RA\",(($X245)*QCI!$AA$3),0)),SomaAgrup)","v":0},0,{"$f":"IF($N245=\"\",\" \",\nIF(AND($C245<>\"S\",OR($R245=\"\",$R245=\"(digite a descrição aqui)\")),\"DESCRIÇÃO\",\nIF(AND($C245=\"S\",OR($Q245<>\"\",$T245>0,$U245>0),$P245=\"\"),\"FONTE\",\nIF(AND($C245=\"S\",$P245<>\"\",OR($T245>0,$U245>0),$Q245=\"\"),\"CÓDIGO\",\nIF(AND($C245=\"S\",$P245<>\"\",$Q245<>\"\",$R245=\"(Código não identificado nas referências)\"),\"CÓDIGO N/ID\",\nIF(AND($C245=\"S\",OR($R245=\"\",$R245=\"(digite a descrição aqui)\"),OR($Q245<>\"\",$T245>0,$U245>0)),\"DESCRIÇÃO\",\nIF(AND($C245=\"S\",$P245<>\"\",$Q245<>\"\",$S245=\"\"),\"UNIDADE\",\nIF(AND($C245=\"S\",$P245<>\"\",$Q245<>\"\",$U245=0),\"SEM CUSTO\",\nIF(AND(_xlfn.SINGLE(TIPOORCAMENTO)=\"Licitado\",$AL245=0,$AN245>0),\"SEM PREÇO\",\nIF(AND($C245=\"S\",$P245<>\"\",$Q245<>\"\",$U245>0,AND($V245<>\"BDI 1\",$V245<>\"BDI 2\",$V245<>\"BDI 3\")),IF(ISNUMBER($V245),\"JUSTIFICAR BDI\",\"BDI\"),\nIF(OR(AND(import.recurso=\"OGU\",TIPOORCAMENTO=\"Proposto\",LEFT($O$8,5)<>\"(N/D:\",$AG245<>\"\",ORÇAMENTO.CustoUnitario>$AG245),AND(TIPOORCAMENTO=\"LICITADO\",ORÇAMENTO.PrecoUnitarioLicitado>$AN245)),\"ACIMA REF.\",\nIF(AND($C245=\"S\",$P245<>\"\",$Q245<>\"\",$T245=0,$U245>0),\"QUANT.\",\nIF(AND(Import.TipoArredondamento=\"TransfereGOV\",$L245=\"F\",$C245=\"S\",LEN($Q245)>13),\"Código >13\",\nIF(AND(Import.TipoArredondamento=\"TransfereGOV\",$L245=\"F\",$C245<>\"S\",LEN($R245)>100),\"Descrição >100\",\nIF(AND(Import.TipoArredondamento=\"TransfereGOV\",$L245=\"F\",$C245=\"S\",LEN($R245)>500),\"Descrição >500\",\nIF(AND(Import.TipoArredondamento=\"TransfereGOV\",$L245=\"F\",$C245=\"S\",LEFT(TRIM(UPPER($P245)),6)<>\"SINAPI\",ISNA(VLOOKUP(TRIM(UPPER($S245)),ListaTgov.Unidades,1,FALSE))),\"Unid. Não Disp\",\n\" \"))))))))))))))))","v":{"$error":"#NAME?"}},{"$f":"IF(C245<=CRONO.NivelExibicao,MAX($AD$15:OFFSET(AD245,-1,0))+IF($C245<>1,1,MAX(1,COUNTIF(QCI!$A$13:$A$24,OFFSET($E245,-1,0)))),\"\")","v":""},{"$f":"IF(AND($C245=\"S\",ORÇAMENTO.CodBarra<>\"\"),IF(ORÇAMENTO.Fonte=\"\",ORÇAMENTO.CodBarra,CONCATENATE(ORÇAMENTO.Fonte,\" \",ORÇAMENTO.CodBarra)))","v":false},{"$f":"IF(ISERROR(INDIRECT(ORÇAMENTO.BancoRef)),\"(abra o arquivo 'Referência \"&Excel_BuiltIn_Database&\".xlsm)\",IF(OR($C245<>\"S\",ORÇAMENTO.CodBarra=\"\"),\"(Sem Código)\",IF(ISERROR(MATCH($AE245,INDIRECT(ORÇAMENTO.BancoRef),0)),\"(Código não identificado nas referências)\",MATCH($AE245,INDIRECT(ORÇAMENTO.BancoRef),0))))","v":"(Sem Código)"},{"$f":"ROUND(IF(DESONERACAO=\"sim\",REFERENCIA.Desonerado,REFERENCIA.NaoDesonerado),2)","v":0},0.26,null,null,null,null,0,0]
["S",3,"S",0,{"$f":"IF($C246=1,OFFSET(E246,-1,0)+MAX(1,COUNTIF(QCI!$A$13:$A$24,OFFSET(ORÇAMENTO!E246,-1,0))),OFFSET(E246,-1,0))","v":1},2,2,0,10,0,{"$f":"IF(OR($C246=\"S\",$C246=0),0,MATCH(OFFSET($D246,0,$C246)+IF($C246<>1,1,COUNTIF(QCI!$A$13:$A$24,ORÇAMENTO!E246)),OFFSET($D246,1,$C246,ROW($C$270)-ROW($C246)),0))","v":0},"","Serviço","Serviço","-","SINAPI",null,{"$f":"IF($C246=\"S\",REFERENCIA.Descricao,\"(digite a descrição aqui)\")","v":"(Sem Código)"},{"$f":"REFERENCIA.Unidade","v":"-"},{"$f":"OFFSET(CÁLCULO!H$15,ROW($T246)-ROW(T$15),0)","v":0},null,"BDI 1",{"$f":"IF($C246=\"S\",ROUND(IF(TIPOORCAMENTO=\"Proposto\",ORÇAMENTO.CustoUnitario*(1+$AH246),ORÇAMENTO.PrecoUnitarioLicitado),15-13*$AF$10),0)","v":0},{"$f":"IF($C246=\"S\",IF(OR(Import.TipoArredondamento<>\"TransfereGOV\",ACOMPANHAMENTO=\"BM\"),VTOTAL1,SUM(OFFSET(CÁLCULO!$AA$15,ROW($X246)-ROW($X$15),1):OFFSET(CÁLCULO!$AL$15,ROW($X246)-ROW($X$15),-1))),IF($C246=0,0,ROUND(SomaAgrup,15-13*$AF$11)))","v":0},"RA","",{"$f":"IF($C246=\"S\",IF($Z246=\"CP\",$X246,IF($Z246=\"RA\",(($X246)*QCI!$AA$3),0)),SomaAgrup)","v":0},0,{"$f":"IF($N246=\"\",\" \",\nIF(AND($C246<>\"S\",OR($R246=\"\",$R246=\"(digite a descrição aqui)\")),\"DESCRIÇÃO\",\nIF(AND($C246=\"S\",OR($Q246<>\"\",$T246>0,$U246>0),$P246=\"\"),\"FONTE\",\nIF(AND($C246=\"S\",$P246<>\"\",OR($T246>0,$U246>0),$Q246=\"\"),\"CÓDIGO\",\nIF(AND($C246=\"S\",$P246<>\"\",$Q246<>\"\",$R246=\"(Código não identificado nas referências)\"),\"CÓDIGO N/ID\",\nIF(AND($C246=\"S\",OR($R246=\"\",$R246=\"(digite a descrição aqui)\"),OR($Q246<>\"\",$T246>0,$U246>0)),\"DESCRIÇÃO\",\nIF(AND($C246=\"S\",$P246<>\"\",$Q246<>\"\",$S246=\"\"),\"UNIDADE\",\nIF(AND($C246=\"S\",$P246<>\"\",$Q246<>\"\",$U246=0),\"SEM CUSTO\",\nIF(AND(_xlfn.SINGLE(TIPOORCAMENTO)=\"Licitado\",$AL246=0,$AN246>0),\"SEM PREÇO\",\nIF(AND($C246=\"S\",$P246<>\"\",$Q246<>\"\",$U246>0,AND($V246<>\"BDI 1\",$V246<>\"BDI 2\",$V246<>\"BDI 3\")),IF(ISNUMBER($V246),\"JUSTIFICAR BDI\",\"BDI\"),\nIF(OR(AND(import.recurso=\"OGU\",TIPOORCAMENTO=\"Proposto\",LEFT($O$8,5)<>\"(N/D:\",$AG246<>\"\",ORÇAMENTO.CustoUnitario>$AG246),AND(TIPOORCAMENTO=\"LICITADO\",ORÇAMENTO.PrecoUnitarioLicitado>$AN246)),\"ACIMA REF.\",\nIF(AND($C246=\"S\",$P246<>\"\",$Q246<>\"\",$T246=0,$U246>0),\"QUANT.\",\nIF(AND(Import.TipoArredondamento=\"TransfereGOV\",$L246=\"F\",$C246=\"S\",LEN($Q246)>13),\"Código >13\",\nIF(AND(Import.TipoArredondamento=\"TransfereGOV\",$L246=\"F\",$C246<>\"S\",LEN($R246)>100),\"Descrição >100\",\nIF(AND(Import.TipoArredondamento=\"TransfereGOV\",$L246=\"F\",$C246=\"S\",LEN($R246)>500),\"Descrição >500\",\nIF(AND(Import.TipoArredondamento=\"TransfereGOV\",$L246=\"F\",$C246=\"S\",LEFT(TRIM(UPPER($P246)),6)<>\"SINAPI\",ISNA(VLOOKUP(TRIM(UPPER($S246)),ListaTgov.Unidades,1,FALSE))),\"Unid. Não Disp\",\n\" \"))))))))))))))))","v":{"$error":"#NAME?"}},{"$f":"IF(C246<=CRONO.NivelExibicao,MAX($AD$15:OFFSET(AD246,-1,0))+IF($C246<>1,1,MAX(1,COUNTIF(QCI!$A$13:$A$24,OFFSET($E246,-1,0)))),\"\")","v":""},{"$f":"IF(AND($C246=\"S\",ORÇAMENTO.CodBarra<>\"\"),IF(ORÇAMENTO.Fonte=\"\",ORÇAMENTO.CodBarra,CONCATENATE(ORÇAMENTO.Fonte,\" \",ORÇAMENTO.CodBarra)))","v":false},{"$f":"IF(ISERROR(INDIRECT(ORÇAMENTO.BancoRef)),\"(abra o arquivo 'Referência \"&Excel_BuiltIn_Database&\".xlsm)\",IF(OR($C246<>\"S\",ORÇAMENTO.CodBarra=\"\"),\"(Sem Código)\",IF(ISERROR(MATCH($AE246,INDIRECT(ORÇAMENTO.BancoRef),0)),\"(Código não identificado nas referências)\",MATCH($AE246,INDIRECT(ORÇAMENTO.BancoRef),0))))","v":"(Sem Código)"},{"$f":"ROUND(IF(DESONERACAO=\"sim\",REFERENCIA.Desonerado,REFERENCIA.NaoDesonerado),2)","v":0},0.26,null,null,null,null,0,0]
["S",3,"S",0,{"$f":"IF($C247=1,OFFSET(E247,-1,0)+MAX(1,COUNTIF(QCI!$A$13:$A$24,OFFSET(ORÇAMENTO!E247,-1,0))),OFFSET(E247,-1,0))","v":1},2,2,0,10,0,{"$f":"IF(OR($C247=\"S\",$C247=0),0,MATCH(OFFSET($D247,0,$C247)+IF($C247<>1,1,COUNTIF(QCI!$A$13:$A$24,ORÇAMENTO!E247)),OFFSET($D247,1,$C247,ROW($C$270)-ROW($C247)),0))","v":0},"","Serviço","Serviço","-","SINAPI",null,{"$f":"IF($C247=\"S\",REFERENCIA.Descricao,\"(digite a descrição aqui)\")","v":"(Sem Código)"},{"$f":"REFERENCIA.Unidade","v":"-"},{"$f":"OFFSET(CÁLCULO!H$15,ROW($T247)-ROW(T$15),0)","v":0},null,"BDI 1",{"$f":"IF($C247=\"S\",ROUND(IF(TIPOORCAMENTO=\"Proposto\",ORÇAMENTO.CustoUnitario*(1+$AH247),ORÇAMENTO.PrecoUnitarioLicitado),15-13*$AF$10),0)","v":0},{"$f":"IF($C247=\"S\",IF(OR(Import.TipoArredondamento<>\"TransfereGOV\",ACOMPANHAMENTO=\"BM\"),VTOTAL1,SUM(OFFSET(CÁLCULO!$AA$15,ROW($X247)-ROW($X$15),1):OFFSET(CÁLCULO!$AL$15,ROW($X247)-ROW($X$15),-1))),IF($C247=0,0,ROUND(SomaAgrup,15-13*$AF$11)))","v":0},"RA","",{"$f":"IF($C247=\"S\",IF($Z247=\"CP\",$X247,IF($Z247=\"RA\",(($X247)*QCI!$AA$3),0)),SomaAgrup)","v":0},0,{"$f":"IF($N247=\"\",\" \",\nIF(AND($C247<>\"S\",OR($R247=\"\",$R247=\"(digite a descrição aqui)\")),\"DESCRIÇÃO\",\nIF(AND($C247=\"S\",OR($Q247<>\"\",$T247>0,$U247>0),$P247=\"\"),\"FONTE\",\nIF(AND($C247=\"S\",$P247<>\"\",OR($T247>0,$U247>0),$Q247=\"\"),\"CÓDIGO\",\nIF(AND($C247=\"S\",$P247<>\"\",$Q247<>\"\",$R247=\"(Código não identificado nas referências)\"),\"CÓDIGO N/ID\",\nIF(AND($C247=\"S\",OR($R247=\"\",$R247=\"(digite a descrição aqui)\"),OR($Q247<>\"\",$T247>0,$U247>0)),\"DESCRIÇÃO\",\nIF(AND($C247=\"S\",$P247<>\"\",$Q247<>\"\",$S247=\"\"),\"UNIDADE\",\nIF(AND($C247=\"S\",$P247<>\"\",$Q247<>\"\",$U247=0),\"SEM CUSTO\",\nIF(AND(_xlfn.SINGLE(TIPOORCAMENTO)=\"Licitado\",$AL247=0,$AN247>0),\"SEM PREÇO\",\nIF(AND($C247=\"S\",$P247<>\"\",$Q247<>\"\",$U247>0,AND($V247<>\"BDI 1\",$V247<>\"BDI 2\",$V247<>\"BDI 3\")),IF(ISNUMBER($V247),\"JUSTIFICAR BDI\",\"BDI\"),\nIF(OR(AND(import.recurso=\"OGU\",TIPOORCAMENTO=\"Proposto\",LEFT($O$8,5)<>\"(N/D:\",$AG247<>\"\",ORÇAMENTO.CustoUnitario>$AG247),AND(TIPOORCAMENTO=\"LICITADO\",ORÇAMENTO.PrecoUnitarioLicitado>$AN247)),\"ACIMA REF.\",\nIF(AND($C247=\"S\",$P247<>\"\",$Q247<>\"\",$T247=0,$U247>0),\"QUANT.\",\nIF(AND(Import.TipoArredondamento=\"TransfereGOV\",$L247=\"F\",$C247=\"S\",LEN($Q247)>13),\"Código >13\",\nIF(AND(Import.TipoArredondamento=\"TransfereGOV\",$L247=\"F\",$C247<>\"S\",LEN($R247)>100),\"Descrição >100\",\nIF(AND(Import.TipoArredondamento=\"TransfereGOV\",$L247=\"F\",$C247=\"S\",LEN($R247)>500),\"Descrição >500\",\nIF(AND(Import.TipoArredondamento=\"TransfereGOV\",$L247=\"F\",$C247=\"S\",LEFT(TRIM(UPPER($P247)),6)<>\"SINAPI\",ISNA(VLOOKUP(TRIM(UPPER($S247)),ListaTgov.Unidades,1,FALSE))),\"Unid. Não Disp\",\n\" \"))))))))))))))))","v":{"$error":"#NAME?"}},{"$f":"IF(C247<=CRONO.NivelExibicao,MAX($AD$15:OFFSET(AD247,-1,0))+IF($C247<>1,1,MAX(1,COUNTIF(QCI!$A$13:$A$24,OFFSET($E247,-1,0)))),\"\")","v":""},{"$f":"IF(AND($C247=\"S\",ORÇAMENTO.CodBarra<>\"\"),IF(ORÇAMENTO.Fonte=\"\",ORÇAMENTO.CodBarra,CONCATENATE(ORÇAMENTO.Fonte,\" \",ORÇAMENTO.CodBarra)))","v":false},{"$f":"IF(ISERROR(INDIRECT(ORÇAMENTO.BancoRef)),\"(abra o arquivo 'Referência \"&Excel_BuiltIn_Database&\".xlsm)\",IF(OR($C247<>\"S\",ORÇAMENTO.CodBarra=\"\"),\"(Sem Código)\",IF(ISERROR(MATCH($AE247,INDIRECT(ORÇAMENTO.BancoRef),0)),\"(Código não identificado nas referências)\",MATCH($AE247,INDIRECT(ORÇAMENTO.BancoRef),0))))","v":"(Sem Código)"},{"$f":"ROUND(IF(DESONERACAO=\"sim\",REFERENCIA.Desonerado,REFERENCIA.NaoDesonerado),2)","v":0},0.26,null,null,null,null,0,0]
["S",3,"S",0,{"$f":"IF($C248=1,OFFSET(E248,-1,0)+MAX(1,COUNTIF(QCI!$A$13:$A$24,OFFSET(ORÇAMENTO!E248,-1,0))),OFFSET(E248,-1,0))","v":1},2,2,0,10,0,{"$f":"IF(OR($C248=\"S\",$C248=0),0,MATCH(OFFSET($D248,0,$C248)+IF($C248<>1,1,COUNTIF(QCI!$A$13:$A$24,ORÇAMENTO!E248)),OFFSET($D248,1,$C248,ROW($C$270)-ROW($C248)),0))","v":0},"","Serviço","Serviço","-","SINAPI",null,{"$f":"IF($C248=\"S\",REFERENCIA.Descricao,\"(digite a descrição aqui)\")","v":"(Sem Código)"},{"$f":"REFERENCIA.Unidade","v":"-"},{"$f":"OFFSET(CÁLCULO!H$15,ROW($T248)-ROW(T$15),0)","v":0},null,"BDI 1",{"$f":"IF($C248=\"S\",ROUND(IF(TIPOORCAMENTO=\"Proposto\",ORÇAMENTO.CustoUnitario*(1+$AH248),ORÇAMENTO.PrecoUnitarioLicitado),15-13*$AF$10),0)","v":0},{"$f":"IF($C248=\"S\",IF(OR(Import.TipoArredondamento<>\"TransfereGOV\",ACOMPANHAMENTO=\"BM\"),VTOTAL1,SUM(OFFSET(CÁLCULO!$AA$15,ROW($X248)-ROW($X$15),1):OFFSET(CÁLCULO!$AL$15,ROW($X248)-ROW($X$15),-1))),IF($C248=0,0,ROUND(SomaAgrup,15-13*$AF$11)))","v":0},"RA","",{"$f":"IF($C248=\"S\",IF($Z248=\"CP\",$X248,IF($Z248=\"RA\",(($X248)*QCI!$AA$3),0)),SomaAgrup)","v":0},0,{"$f":"IF($N248=\"\",\" \",\nIF(AND($C248<>\"S\",OR($R248=\"\",$R248=\"(digite a descrição aqui)\")),\"DESCRIÇÃO\",\nIF(AND($C248=\"S\",OR($Q248<>\"\",$T248>0,$U248>0),$P248=\"\"),\"FONTE\",\nIF(AND($C248=\"S\",$P248<>\"\",OR($T248>0,$U248>0),$Q248=\"\"),\"CÓDIGO\",\nIF(AND($C248=\"S\",$P248<>\"\",$Q248<>\"\",$R248=\"(Código não identificado nas referências)\"),\"CÓDIGO N/ID\",\nIF(AND($C248=\"S\",OR($R248=\"\",$R248=\"(digite a descrição aqui)\"),OR($Q248<>\"\",$T248>0,$U248>0)),\"DESCRIÇÃO\",\nIF(AND($C248=\"S\",$P248<>\"\",$Q248<>\"\",$S248=\"\"),\"UNIDADE\",\nIF(AND($C248=\"S\",$P248<>\"\",$Q248<>\"\",$U248=0),\"SEM CUSTO\",\nIF(AND(_xlfn.SINGLE(TIPOORCAMENTO)=\"Licitado\",$AL248=0,$AN248>0),\"SEM PREÇO\",\nIF(AND($C248=\"S\",$P248<>\"\",$Q248<>\"\",$U248>0,AND($V248<>\"BDI 1\",$V248<>\"BDI 2\",$V248<>\"BDI 3\")),IF(ISNUMBER($V248),\"JUSTIFICAR BDI\",\"BDI\"),\nIF(OR(AND(import.recurso=\"OGU\",TIPOORCAMENTO=\"Proposto\",LEFT($O$8,5)<>\"(N/D:\",$AG248<>\"\",ORÇAMENTO.CustoUnitario>$AG248),AND(TIPOORCAMENTO=\"LICITADO\",ORÇAMENTO.PrecoUnitarioLicitado>$AN248)),\"ACIMA REF.\",\nIF(AND($C248=\"S\",$P248<>\"\",$Q248<>\"\",$T248=0,$U248>0),\"QUANT.\",\nIF(AND(Import.TipoArredondamento=\"TransfereGOV\",$L248=\"F\",$C248=\"S\",LEN($Q248)>13),\"Código >13\",\nIF(AND(Import.TipoArredondamento=\"TransfereGOV\",$L248=\"F\",$C248<>\"S\",LEN($R248)>100),\"Descrição >100\",\nIF(AND(Import.TipoArredondamento=\"TransfereGOV\",$L248=\"F\",$C248=\"S\",LEN($R248)>500),\"Descrição >500\",\nIF(AND(Import.TipoArredondamento=\"TransfereGOV\",$L248=\"F\",$C248=\"S\",LEFT(TRIM(UPPER($P248)),6)<>\"SINAPI\",ISNA(VLOOKUP(TRIM(UPPER($S248)),ListaTgov.Unidades,1,FALSE))),\"Unid. Não Disp\",\n\" \"))))))))))))))))","v":{"$error":"#NAME?"}},{"$f":"IF(C248<=CRONO.NivelExibicao,MAX($AD$15:OFFSET(AD248,-1,0))+IF($C248<>1,1,MAX(1,COUNTIF(QCI!$A$13:$A$24,OFFSET($E248,-1,0)))),\"\")","v":""},{"$f":"IF(AND($C248=\"S\",ORÇAMENTO.CodBarra<>\"\"),IF(ORÇAMENTO.Fonte=\"\",ORÇAMENTO.CodBarra,CONCATENATE(ORÇAMENTO.Fonte,\" \",ORÇAMENTO.CodBarra)))","v":false},{"$f":"IF(ISERROR(INDIRECT(ORÇAMENTO.BancoRef)),\"(abra o arquivo 'Referência \"&Excel_BuiltIn_Database&\".xlsm)\",IF(OR($C248<>\"S\",ORÇAMENTO.CodBarra=\"\"),\"(Sem Código)\",IF(ISERROR(MATCH($AE248,INDIRECT(ORÇAMENTO.BancoRef),0)),\"(Código não identificado nas referências)\",MATCH($AE248,INDIRECT(ORÇAMENTO.BancoRef),0))))","v":"(Sem Código)"},{"$f":"ROUND(IF(DESONERACAO=\"sim\",REFERENCIA.Desonerado,REFERENCIA.NaoDesonerado),2)","v":0},0.26,null,null,null,null,0,0]
["S",3,"S",0,{"$f":"IF($C249=1,OFFSET(E249,-1,0)+MAX(1,COUNTIF(QCI!$A$13:$A$24,OFFSET(ORÇAMENTO!E249,-1,0))),OFFSET(E249,-1,0))","v":1},2,2,0,10,0,{"$f":"IF(OR($C249=\"S\",$C249=0),0,MATCH(OFFSET($D249,0,$C249)+IF($C249<>1,1,COUNTIF(QCI!$A$13:$A$24,ORÇAMENTO!E249)),OFFSET($D249,1,$C249,ROW($C$270)-ROW($C249)),0))","v":0},"","Serviço","Serviço","-","SINAPI",null,{"$f":"IF($C249=\"S\",REFERENCIA.Descricao,\"(digite a descrição aqui)\")","v":"(Sem Código)"},{"$f":"REFERENCIA.Unidade","v":"-"},{"$f":"OFFSET(CÁLCULO!H$15,ROW($T249)-ROW(T$15),0)","v":0},null,"BDI 1",{"$f":"IF($C249=\"S\",ROUND(IF(TIPOORCAMENTO=\"Proposto\",ORÇAMENTO.CustoUnitario*(1+$AH249),ORÇAMENTO.PrecoUnitarioLicitado),15-13*$AF$10),0)","v":0},{"$f":"IF($C249=\"S\",IF(OR(Import.TipoArredondamento<>\"TransfereGOV\",ACOMPANHAMENTO=\"BM\"),VTOTAL1,SUM(OFFSET(CÁLCULO!$AA$15,ROW($X249)-ROW($X$15),1):OFFSET(CÁLCULO!$AL$15,ROW($X249)-ROW($X$15),-1))),IF($C249=0,0,ROUND(SomaAgrup,15-13*$AF$11)))","v":0},"RA","",{"$f":"IF($C249=\"S\",IF($Z249=\"CP\",$X249,IF($Z249=\"RA\",(($X249)*QCI!$AA$3),0)),SomaAgrup)","v":0},0,{"$f":"IF($N249=\"\",\" \",\nIF(AND($C249<>\"S\",OR($R249=\"\",$R249=\"(digite a descrição aqui)\")),\"DESCRIÇÃO\",\nIF(AND($C249=\"S\",OR($Q249<>\"\",$T249>0,$U249>0),$P249=\"\"),\"FONTE\",\nIF(AND($C249=\"S\",$P249<>\"\",OR($T249>0,$U249>0),$Q249=\"\"),\"CÓDIGO\",\nIF(AND($C249=\"S\",$P249<>\"\",$Q249<>\"\",$R249=\"(Código não identificado nas referências)\"),\"CÓDIGO N/ID\",\nIF(AND($C249=\"S\",OR($R249=\"\",$R249=\"(digite a descrição aqui)\"),OR($Q249<>\"\",$T249>0,$U249>0)),\"DESCRIÇÃO\",\nIF(AND($C249=\"S\",$P249<>\"\",$Q249<>\"\",$S249=\"\"),\"UNIDADE\",\nIF(AND($C249=\"S\",$P249<>\"\",$Q249<>\"\",$U249=0),\"SEM CUSTO\",\nIF(AND(_xlfn.SINGLE(TIPOORCAMENTO)=\"Licitado\",$AL249=0,$AN249>0),\"SEM PREÇO\",\nIF(AND($C249=\"S\",$P249<>\"\",$Q249<>\"\",$U249>0,AND($V249<>\"BDI 1\",$V249<>\"BDI 2\",$V249<>\"BDI 3\")),IF(ISNUMBER($V249),\"JUSTIFICAR BDI\",\"BDI\"),\nIF(OR(AND(import.recurso=\"OGU\",TIPOORCAMENTO=\"Proposto\",LEFT($O$8,5)<>\"(N/D:\",$AG249<>\"\",ORÇAMENTO.CustoUnitario>$AG249),AND(TIPOORCAMENTO=\"LICITADO\",ORÇAMENTO.PrecoUnitarioLicitado>$AN249)),\"ACIMA REF.\",\nIF(AND($C249=\"S\",$P249<>\"\",$Q249<>\"\",$T249=0,$U249>0),\"QUANT.\",\nIF(AND(Import.TipoArredondamento=\"TransfereGOV\",$L249=\"F\",$C249=\"S\",LEN($Q249)>13),\"Código >13\",\nIF(AND(Import.TipoArredondamento=\"TransfereGOV\",$L249=\"F\",$C249<>\"S\",LEN($R249)>100),\"Descrição >100\",\nIF(AND(Import.TipoArredondamento=\"TransfereGOV\",$L249=\"F\",$C249=\"S\",LEN($R249)>500),\"Descrição >500\",\nIF(AND(Import.TipoArredondamento=\"TransfereGOV\",$L249=\"F\",$C249=\"S\",LEFT(TRIM(UPPER($P249)),6)<>\"SINAPI\",ISNA(VLOOKUP(TRIM(UPPER($S249)),ListaTgov.Unidades,1,FALSE))),\"Unid. Não Disp\",\n\" \"))))))))))))))))","v":{"$error":"#NAME?"}},{"$f":"IF(C249<=CRONO.NivelExibicao,MAX($AD$15:OFFSET(AD249,-1,0))+IF($C249<>1,1,MAX(1,COUNTIF(QCI!$A$13:$A$24,OFFSET($E249,-1,0)))),\"\")","v":""},{"$f":"IF(AND($C249=\"S\",ORÇAMENTO.CodBarra<>\"\"),IF(ORÇAMENTO.Fonte=\"\",ORÇAMENTO.CodBarra,CONCATENATE(ORÇAMENTO.Fonte,\" \",ORÇAMENTO.CodBarra)))","v":false},{"$f":"IF(ISERROR(INDIRECT(ORÇAMENTO.BancoRef)),\"(abra o arquivo 'Referência \"&Excel_BuiltIn_Database&\".xlsm)\",IF(OR($C249<>\"S\",ORÇAMENTO.CodBarra=\"\"),\"(Sem Código)\",IF(ISERROR(MATCH($AE249,INDIRECT(ORÇAMENTO.BancoRef),0)),\"(Código não identificado nas referências)\",MATCH($AE249,INDIRECT(ORÇAMENTO.BancoRef),0))))","v":"(Sem Código)"},{"$f":"ROUND(IF(DESONERACAO=\"sim\",REFERENCIA.Desonerado,REFERENCIA.NaoDesonerado),2)","v":0},0.26,null,null,null,null,0,0]
["S",3,"S",0,{"$f":"IF($C250=1,OFFSET(E250,-1,0)+MAX(1,COUNTIF(QCI!$A$13:$A$24,OFFSET(ORÇAMENTO!E250,-1,0))),OFFSET(E250,-1,0))","v":1},2,2,0,10,0,{"$f":"IF(OR($C250=\"S\",$C250=0),0,MATCH(OFFSET($D250,0,$C250)+IF($C250<>1,1,COUNTIF(QCI!$A$13:$A$24,ORÇAMENTO!E250)),OFFSET($D250,1,$C250,ROW($C$270)-ROW($C250)),0))","v":0},"","Serviço","Serviço","-","SINAPI",null,{"$f":"IF($C250=\"S\",REFERENCIA.Descricao,\"(digite a descrição aqui)\")","v":"(Sem Código)"},{"$f":"REFERENCIA.Unidade","v":"-"},{"$f":"OFFSET(CÁLCULO!H$15,ROW($T250)-ROW(T$15),0)","v":0},null,"BDI 1",{"$f":"IF($C250=\"S\",ROUND(IF(TIPOORCAMENTO=\"Proposto\",ORÇAMENTO.CustoUnitario*(1+$AH250),ORÇAMENTO.PrecoUnitarioLicitado),15-13*$AF$10),0)","v":0},{"$f":"IF($C250=\"S\",IF(OR(Import.TipoArredondamento<>\"TransfereGOV\",ACOMPANHAMENTO=\"BM\"),VTOTAL1,SUM(OFFSET(CÁLCULO!$AA$15,ROW($X250)-ROW($X$15),1):OFFSET(CÁLCULO!$AL$15,ROW($X250)-ROW($X$15),-1))),IF($C250=0,0,ROUND(SomaAgrup,15-13*$AF$11)))","v":0},"RA","",{"$f":"IF($C250=\"S\",IF($Z250=\"CP\",$X250,IF($Z250=\"RA\",(($X250)*QCI!$AA$3),0)),SomaAgrup)","v":0},0,{"$f":"IF($N250=\"\",\" \",\nIF(AND($C250<>\"S\",OR($R250=\"\",$R250=\"(digite a descrição aqui)\")),\"DESCRIÇÃO\",\nIF(AND($C250=\"S\",OR($Q250<>\"\",$T250>0,$U250>0),$P250=\"\"),\"FONTE\",\nIF(AND($C250=\"S\",$P250<>\"\",OR($T250>0,$U250>0),$Q250=\"\"),\"CÓDIGO\",\nIF(AND($C250=\"S\",$P250<>\"\",$Q250<>\"\",$R250=\"(Código não identificado nas referências)\"),\"CÓDIGO N/ID\",\nIF(AND($C250=\"S\",OR($R250=\"\",$R250=\"(digite a descrição aqui)\"),OR($Q250<>\"\",$T250>0,$U250>0)),\"DESCRIÇÃO\",\nIF(AND($C250=\"S\",$P250<>\"\",$Q250<>\"\",$S250=\"\"),\"UNIDADE\",\nIF(AND($C250=\"S\",$P250<>\"\",$Q250<>\"\",$U250=0),\"SEM CUSTO\",\nIF(AND(_xlfn.SINGLE(TIPOORCAMENTO)=\"Licitado\",$AL250=0,$AN250>0),\"SEM PREÇO\",\nIF(AND($C250=\"S\",$P250<>\"\",$Q250<>\"\",$U250>0,AND($V250<>\"BDI 1\",$V250<>\"BDI 2\",$V250<>\"BDI 3\")),IF(ISNUMBER($V250),\"JUSTIFICAR BDI\",\"BDI\"),\nIF(OR(AND(import.recurso=\"OGU\",TIPOORCAMENTO=\"Proposto\",LEFT($O$8,5)<>\"(N/D:\",$AG250<>\"\",ORÇAMENTO.CustoUnitario>$AG250),AND(TIPOORCAMENTO=\"LICITADO\",ORÇAMENTO.PrecoUnitarioLicitado>$AN250)),\"ACIMA REF.\",\nIF(AND($C250=\"S\",$P250<>\"\",$Q250<>\"\",$T250=0,$U250>0),\"QUANT.\",\nIF(AND(Import.TipoArredondamento=\"TransfereGOV\",$L250=\"F\",$C250=\"S\",LEN($Q250)>13),\"Código >13\",\nIF(AND(Import.TipoArredondamento=\"TransfereGOV\",$L250=\"F\",$C250<>\"S\",LEN($R250)>100),\"Descrição >100\",\nIF(AND(Import.TipoArredondamento=\"TransfereGOV\",$L250=\"F\",$C250=\"S\",LEN($R250)>500),\"Descrição >500\",\nIF(AND(Import.TipoArredondamento=\"TransfereGOV\",$L250=\"F\",$C250=\"S\",LEFT(TRIM(UPPER($P250)),6)<>\"SINAPI\",ISNA(VLOOKUP(TRIM(UPPER($S250)),ListaTgov.Unidades,1,FALSE))),\"Unid. Não Disp\",\n\" \"))))))))))))))))","v":{"$error":"#NAME?"}},{"$f":"IF(C250<=CRONO.NivelExibicao,MAX($AD$15:OFFSET(AD250,-1,0))+IF($C250<>1,1,MAX(1,COUNTIF(QCI!$A$13:$A$24,OFFSET($E250,-1,0)))),\"\")","v":""},{"$f":"IF(AND($C250=\"S\",ORÇAMENTO.CodBarra<>\"\"),IF(ORÇAMENTO.Fonte=\"\",ORÇAMENTO.CodBarra,CONCATENATE(ORÇAMENTO.Fonte,\" \",ORÇAMENTO.CodBarra)))","v":false},{"$f":"IF(ISERROR(INDIRECT(ORÇAMENTO.BancoRef)),\"(abra o arquivo 'Referência \"&Excel_BuiltIn_Database&\".xlsm)\",IF(OR($C250<>\"S\",ORÇAMENTO.CodBarra=\"\"),\"(Sem Código)\",IF(ISERROR(MATCH($AE250,INDIRECT(ORÇAMENTO.BancoRef),0)),\"(Código não identificado nas referências)\",MATCH($AE250,INDIRECT(ORÇAMENTO.BancoRef),0))))","v":"(Sem Código)"},{"$f":"ROUND(IF(DESONERACAO=\"sim\",REFERENCIA.Desonerado,REFERENCIA.NaoDesonerado),2)","v":0},0.26,null,null,null,null,0,0]
["S",3,"S",0,{"$f":"IF($C251=1,OFFSET(E251,-1,0)+MAX(1,COUNTIF(QCI!$A$13:$A$24,OFFSET(ORÇAMENTO!E251,-1,0))),OFFSET(E251,-1,0))","v":1},2,2,0,10,0,{"$f":"IF(OR($C251=\"S\",$C251=0),0,MATCH(OFFSET($D251,0,$C251)+IF($C251<>1,1,COUNTIF(QCI!$A$13:$A$24,ORÇAMENTO!E251)),OFFSET($D251,1,$C251,ROW($C$270)-ROW($C251)),0))","v":0},"","Serviço","Serviço","-","SINAPI",null,{"$f":"IF($C251=\"S\",REFERENCIA.Descricao,\"(digite a descrição aqui)\")","v":"(Sem Código)"},{"$f":"REFERENCIA.Unidade","v":"-"},{"$f":"OFFSET(CÁLCULO!H$15,ROW($T251)-ROW(T$15),0)","v":0},null,"BDI 1",{"$f":"IF($C251=\"S\",ROUND(IF(TIPOORCAMENTO=\"Proposto\",ORÇAMENTO.CustoUnitario*(1+$AH251),ORÇAMENTO.PrecoUnitarioLicitado),15-13*$AF$10),0)","v":0},{"$f":"IF($C251=\"S\",IF(OR(Import.TipoArredondamento<>\"TransfereGOV\",ACOMPANHAMENTO=\"BM\"),VTOTAL1,SUM(OFFSET(CÁLCULO!$AA$15,ROW($X251)-ROW($X$15),1):OFFSET(CÁLCULO!$AL$15,ROW($X251)-ROW($X$15),-1))),IF($C251=0,0,ROUND(SomaAgrup,15-13*$AF$11)))","v":0},"RA","",{"$f":"IF($C251=\"S\",IF($Z251=\"CP\",$X251,IF($Z251=\"RA\",(($X251)*QCI!$AA$3),0)),SomaAgrup)","v":0},0,{"$f":"IF($N251=\"\",\" \",\nIF(AND($C251<>\"S\",OR($R251=\"\",$R251=\"(digite a descrição aqui)\")),\"DESCRIÇÃO\",\nIF(AND($C251=\"S\",OR($Q251<>\"\",$T251>0,$U251>0),$P251=\"\"),\"FONTE\",\nIF(AND($C251=\"S\",$P251<>\"\",OR($T251>0,$U251>0),$Q251=\"\"),\"CÓDIGO\",\nIF(AND($C251=\"S\",$P251<>\"\",$Q251<>\"\",$R251=\"(Código não identificado nas referências)\"),\"CÓDIGO N/ID\",\nIF(AND($C251=\"S\",OR($R251=\"\",$R251=\"(digite a descrição aqui)\"),OR($Q251<>\"\",$T251>0,$U251>0)),\"DESCRIÇÃO\",\nIF(AND($C251=\"S\",$P251<>\"\",$Q251<>\"\",$S251=\"\"),\"UNIDADE\",\nIF(AND($C251=\"S\",$P251<>\"\",$Q251<>\"\",$U251=0),\"SEM CUSTO\",\nIF(AND(_xlfn.SINGLE(TIPOORCAMENTO)=\"Licitado\",$AL251=0,$AN251>0),\"SEM PREÇO\",\nIF(AND($C251=\"S\",$P251<>\"\",$Q251<>\"\",$U251>0,AND($V251<>\"BDI 1\",$V251<>\"BDI 2\",$V251<>\"BDI 3\")),IF(ISNUMBER($V251),\"JUSTIFICAR BDI\",\"BDI\"),\nIF(OR(AND(import.recurso=\"OGU\",TIPOORCAMENTO=\"Proposto\",LEFT($O$8,5)<>\"(N/D:\",$AG251<>\"\",ORÇAMENTO.CustoUnitario>$AG251),AND(TIPOORCAMENTO=\"LICITADO\",ORÇAMENTO.PrecoUnitarioLicitado>$AN251)),\"ACIMA REF.\",\nIF(AND($C251=\"S\",$P251<>\"\",$Q251<>\"\",$T251=0,$U251>0),\"QUANT.\",\nIF(AND(Import.TipoArredondamento=\"TransfereGOV\",$L251=\"F\",$C251=\"S\",LEN($Q251)>13),\"Código >13\",\nIF(AND(Import.TipoArredondamento=\"TransfereGOV\",$L251=\"F\",$C251<>\"S\",LEN($R251)>100),\"Descrição >100\",\nIF(AND(Import.TipoArredondamento=\"TransfereGOV\",$L251=\"F\",$C251=\"S\",LEN($R251)>500),\"Descrição >500\",\nIF(AND(Import.TipoArredondamento=\"TransfereGOV\",$L251=\"F\",$C251=\"S\",LEFT(TRIM(UPPER($P251)),6)<>\"SINAPI\",ISNA(VLOOKUP(TRIM(UPPER($S251)),ListaTgov.Unidades,1,FALSE))),\"Unid. Não Disp\",\n\" \"))))))))))))))))","v":{"$error":"#NAME?"}},{"$f":"IF(C251<=CRONO.NivelExibicao,MAX($AD$15:OFFSET(AD251,-1,0))+IF($C251<>1,1,MAX(1,COUNTIF(QCI!$A$13:$A$24,OFFSET($E251,-1,0)))),\"\")","v":""},{"$f":"IF(AND($C251=\"S\",ORÇAMENTO.CodBarra<>\"\"),IF(ORÇAMENTO.Fonte=\"\",ORÇAMENTO.CodBarra,CONCATENATE(ORÇAMENTO.Fonte,\" \",ORÇAMENTO.CodBarra)))","v":false},{"$f":"IF(ISERROR(INDIRECT(ORÇAMENTO.BancoRef)),\"(abra o arquivo 'Referência \"&Excel_BuiltIn_Database&\".xlsm)\",IF(OR($C251<>\"S\",ORÇAMENTO.CodBarra=\"\"),\"(Sem Código)\",IF(ISERROR(MATCH($AE251,INDIRECT(ORÇAMENTO.BancoRef),0)),\"(Código não identificado nas referências)\",MATCH($AE251,INDIRECT(ORÇAMENTO.BancoRef),0))))","v":"(Sem Código)"},{"$f":"ROUND(IF(DESONERACAO=\"sim\",REFERENCIA.Desonerado,REFERENCIA.NaoDesonerado),2)","v":0},0.26,null,null,null,null,0,0]
["S",3,"S",0,{"$f":"IF($C252=1,OFFSET(E252,-1,0)+MAX(1,COUNTIF(QCI!$A$13:$A$24,OFFSET(ORÇAMENTO!E252,-1,0))),OFFSET(E252,-1,0))","v":1},2,2,0,10,0,{"$f":"IF(OR($C252=\"S\",$C252=0),0,MATCH(OFFSET($D252,0,$C252)+IF($C252<>1,1,COUNTIF(QCI!$A$13:$A$24,ORÇAMENTO!E252)),OFFSET($D252,1,$C252,ROW($C$270)-ROW($C252)),0))","v":0},"","Serviço","Serviço","-","SINAPI",null,{"$f":"IF($C252=\"S\",REFERENCIA.Descricao,\"(digite a descrição aqui)\")","v":"(Sem Código)"},{"$f":"REFERENCIA.Unidade","v":"-"},{"$f":"OFFSET(CÁLCULO!H$15,ROW($T252)-ROW(T$15),0)","v":0},null,"BDI 1",{"$f":"IF($C252=\"S\",ROUND(IF(TIPOORCAMENTO=\"Proposto\",ORÇAMENTO.CustoUnitario*(1+$AH252),ORÇAMENTO.PrecoUnitarioLicitado),15-13*$AF$10),0)","v":0},{"$f":"IF($C252=\"S\",IF(OR(Import.TipoArredondamento<>\"TransfereGOV\",ACOMPANHAMENTO=\"BM\"),VTOTAL1,SUM(OFFSET(CÁLCULO!$AA$15,ROW($X252)-ROW($X$15),1):OFFSET(CÁLCULO!$AL$15,ROW($X252)-ROW($X$15),-1))),IF($C252=0,0,ROUND(SomaAgrup,15-13*$AF$11)))","v":0},"RA","",{"$f":"IF($C252=\"S\",IF($Z252=\"CP\",$X252,IF($Z252=\"RA\",(($X252)*QCI!$AA$3),0)),SomaAgrup)","v":0},0,{"$f":"IF($N252=\"\",\" \",\nIF(AND($C252<>\"S\",OR($R252=\"\",$R252=\"(digite a descrição aqui)\")),\"DESCRIÇÃO\",\nIF(AND($C252=\"S\",OR($Q252<>\"\",$T252>0,$U252>0),$P252=\"\"),\"FONTE\",\nIF(AND($C252=\"S\",$P252<>\"\",OR($T252>0,$U252>0),$Q252=\"\"),\"CÓDIGO\",\nIF(AND($C252=\"S\",$P252<>\"\",$Q252<>\"\",$R252=\"(Código não identificado nas referências)\"),\"CÓDIGO N/ID\",\nIF(AND($C252=\"S\",OR($R252=\"\",$R252=\"(digite a descrição aqui)\"),OR($Q252<>\"\",$T252>0,$U252>0)),\"DESCRIÇÃO\",\nIF(AND($C252=\"S\",$P252<>\"\",$Q252<>\"\",$S252=\"\"),\"UNIDADE\",\nIF(AND($C252=\"S\",$P252<>\"\",$Q252<>\"\",$U252=0),\"SEM CUSTO\",\nIF(AND(_xlfn.SINGLE(TIPOORCAMENTO)=\"Licitado\",$AL252=0,$AN252>0),\"SEM PREÇO\",\nIF(AND($C252=\"S\",$P252<>\"\",$Q252<>\"\",$U252>0,AND($V252<>\"BDI 1\",$V252<>\"BDI 2\",$V252<>\"BDI 3\")),IF(ISNUMBER($V252),\"JUSTIFICAR BDI\",\"BDI\"),\nIF(OR(AND(import.recurso=\"OGU\",TIPOORCAMENTO=\"Proposto\",LEFT($O$8,5)<>\"(N/D:\",$AG252<>\"\",ORÇAMENTO.CustoUnitario>$AG252),AND(TIPOORCAMENTO=\"LICITADO\",ORÇAMENTO.PrecoUnitarioLicitado>$AN252)),\"ACIMA REF.\",\nIF(AND($C252=\"S\",$P252<>\"\",$Q252<>\"\",$T252=0,$U252>0),\"QUANT.\",\nIF(AND(Import.TipoArredondamento=\"TransfereGOV\",$L252=\"F\",$C252=\"S\",LEN($Q252)>13),\"Código >13\",\nIF(AND(Import.TipoArredondamento=\"TransfereGOV\",$L252=\"F\",$C252<>\"S\",LEN($R252)>100),\"Descrição >100\",\nIF(AND(Import.TipoArredondamento=\"TransfereGOV\",$L252=\"F\",$C252=\"S\",LEN($R252)>500),\"Descrição >500\",\nIF(AND(Import.TipoArredondamento=\"TransfereGOV\",$L252=\"F\",$C252=\"S\",LEFT(TRIM(UPPER($P252)),6)<>\"SINAPI\",ISNA(VLOOKUP(TRIM(UPPER($S252)),ListaTgov.Unidades,1,FALSE))),\"Unid. Não Disp\",\n\" \"))))))))))))))))","v":{"$error":"#NAME?"}},{"$f":"IF(C252<=CRONO.NivelExibicao,MAX($AD$15:OFFSET(AD252,-1,0))+IF($C252<>1,1,MAX(1,COUNTIF(QCI!$A$13:$A$24,OFFSET($E252,-1,0)))),\"\")","v":""},{"$f":"IF(AND($C252=\"S\",ORÇAMENTO.CodBarra<>\"\"),IF(ORÇAMENTO.Fonte=\"\",ORÇAMENTO.CodBarra,CONCATENATE(ORÇAMENTO.Fonte,\" \",ORÇAMENTO.CodBarra)))","v":false},{"$f":"IF(ISERROR(INDIRECT(ORÇAMENTO.BancoRef)),\"(abra o arquivo 'Referência \"&Excel_BuiltIn_Database&\".xlsm)\",IF(OR($C252<>\"S\",ORÇAMENTO.CodBarra=\"\"),\"(Sem Código)\",IF(ISERROR(MATCH($AE252,INDIRECT(ORÇAMENTO.BancoRef),0)),\"(Código não identificado nas referências)\",MATCH($AE252,INDIRECT(ORÇAMENTO.BancoRef),0))))","v":"(Sem Código)"},{"$f":"ROUND(IF(DESONERACAO=\"sim\",REFERENCIA.Desonerado,REFERENCIA.NaoDesonerado),2)","v":0},0.26,null,null,null,null,0,0]
["S",3,"S",0,{"$f":"IF($C253=1,OFFSET(E253,-1,0)+MAX(1,COUNTIF(QCI!$A$13:$A$24,OFFSET(ORÇAMENTO!E253,-1,0))),OFFSET(E253,-1,0))","v":1},2,2,0,10,0,{"$f":"IF(OR($C253=\"S\",$C253=0),0,MATCH(OFFSET($D253,0,$C253)+IF($C253<>1,1,COUNTIF(QCI!$A$13:$A$24,ORÇAMENTO!E253)),OFFSET($D253,1,$C253,ROW($C$270)-ROW($C253)),0))","v":0},"","Serviço","Serviço","-","SINAPI",null,{"$f":"IF($C253=\"S\",REFERENCIA.Descricao,\"(digite a descrição aqui)\")","v":"(Sem Código)"},{"$f":"REFERENCIA.Unidade","v":"-"},{"$f":"OFFSET(CÁLCULO!H$15,ROW($T253)-ROW(T$15),0)","v":0},null,"BDI 1",{"$f":"IF($C253=\"S\",ROUND(IF(TIPOORCAMENTO=\"Proposto\",ORÇAMENTO.CustoUnitario*(1+$AH253),ORÇAMENTO.PrecoUnitarioLicitado),15-13*$AF$10),0)","v":0},{"$f":"IF($C253=\"S\",IF(OR(Import.TipoArredondamento<>\"TransfereGOV\",ACOMPANHAMENTO=\"BM\"),VTOTAL1,SUM(OFFSET(CÁLCULO!$AA$15,ROW($X253)-ROW($X$15),1):OFFSET(CÁLCULO!$AL$15,ROW($X253)-ROW($X$15),-1))),IF($C253=0,0,ROUND(SomaAgrup,15-13*$AF$11)))","v":0},"RA","",{"$f":"IF($C253=\"S\",IF($Z253=\"CP\",$X253,IF($Z253=\"RA\",(($X253)*QCI!$AA$3),0)),SomaAgrup)","v":0},0,{"$f":"IF($N253=\"\",\" \",\nIF(AND($C253<>\"S\",OR($R253=\"\",$R253=\"(digite a descrição aqui)\")),\"DESCRIÇÃO\",\nIF(AND($C253=\"S\",OR($Q253<>\"\",$T253>0,$U253>0),$P253=\"\"),\"FONTE\",\nIF(AND($C253=\"S\",$P253<>\"\",OR($T253>0,$U253>0),$Q253=\"\"),\"CÓDIGO\",\nIF(AND($C253=\"S\",$P253<>\"\",$Q253<>\"\",$R253=\"(Código não identificado nas referências)\"),\"CÓDIGO N/ID\",\nIF(AND($C253=\"S\",OR($R253=\"\",$R253=\"(digite a descrição aqui)\"),OR($Q253<>\"\",$T253>0,$U253>0)),\"DESCRIÇÃO\",\nIF(AND($C253=\"S\",$P253<>\"\",$Q253<>\"\",$S253=\"\"),\"UNIDADE\",\nIF(AND($C253=\"S\",$P253<>\"\",$Q253<>\"\",$U253=0),\"SEM CUSTO\",\nIF(AND(_xlfn.SINGLE(TIPOORCAMENTO)=\"Licitado\",$AL253=0,$AN253>0),\"SEM PREÇO\",\nIF(AND($C253=\"S\",$P253<>\"\",$Q253<>\"\",$U253>0,AND($V253<>\"BDI 1\",$V253<>\"BDI 2\",$V253<>\"BDI 3\")),IF(ISNUMBER($V253),\"JUSTIFICAR BDI\",\"BDI\"),\nIF(OR(AND(import.recurso=\"OGU\",TIPOORCAMENTO=\"Proposto\",LEFT($O$8,5)<>\"(N/D:\",$AG253<>\"\",ORÇAMENTO.CustoUnitario>$AG253),AND(TIPOORCAMENTO=\"LICITADO\",ORÇAMENTO.PrecoUnitarioLicitado>$AN253)),\"ACIMA REF.\",\nIF(AND($C253=\"S\",$P253<>\"\",$Q253<>\"\",$T253=0,$U253>0),\"QUANT.\",\nIF(AND(Import.TipoArredondamento=\"TransfereGOV\",$L253=\"F\",$C253=\"S\",LEN($Q253)>13),\"Código >13\",\nIF(AND(Import.TipoArredondamento=\"TransfereGOV\",$L253=\"F\",$C253<>\"S\",LEN($R253)>100),\"Descrição >100\",\nIF(AND(Import.TipoArredondamento=\"TransfereGOV\",$L253=\"F\",$C253=\"S\",LEN($R253)>500),\"Descrição >500\",\nIF(AND(Import.TipoArredondamento=\"TransfereGOV\",$L253=\"F\",$C253=\"S\",LEFT(TRIM(UPPER($P253)),6)<>\"SINAPI\",ISNA(VLOOKUP(TRIM(UPPER($S253)),ListaTgov.Unidades,1,FALSE))),\"Unid. Não Disp\",\n\" \"))))))))))))))))","v":{"$error":"#NAME?"}},{"$f":"IF(C253<=CRONO.NivelExibicao,MAX($AD$15:OFFSET(AD253,-1,0))+IF($C253<>1,1,MAX(1,COUNTIF(QCI!$A$13:$A$24,OFFSET($E253,-1,0)))),\"\")","v":""},{"$f":"IF(AND($C253=\"S\",ORÇAMENTO.CodBarra<>\"\"),IF(ORÇAMENTO.Fonte=\"\",ORÇAMENTO.CodBarra,CONCATENATE(ORÇAMENTO.Fonte,\" \",ORÇAMENTO.CodBarra)))","v":false},{"$f":"IF(ISERROR(INDIRECT(ORÇAMENTO.BancoRef)),\"(abra o arquivo 'Referência \"&Excel_BuiltIn_Database&\".xlsm)\",IF(OR($C253<>\"S\",ORÇAMENTO.CodBarra=\"\"),\"(Sem Código)\",IF(ISERROR(MATCH($AE253,INDIRECT(ORÇAMENTO.BancoRef),0)),\"(Código não identificado nas referências)\",MATCH($AE253,INDIRECT(ORÇAMENTO.BancoRef),0))))","v":"(Sem Código)"},{"$f":"ROUND(IF(DESONERACAO=\"sim\",REFERENCIA.Desonerado,REFERENCIA.NaoDesonerado),2)","v":0},0.26,null,null,null,null,0,0]
["S",3,"S",0,{"$f":"IF($C254=1,OFFSET(E254,-1,0)+MAX(1,COUNTIF(QCI!$A$13:$A$24,OFFSET(ORÇAMENTO!E254,-1,0))),OFFSET(E254,-1,0))","v":1},2,2,0,10,0,{"$f":"IF(OR($C254=\"S\",$C254=0),0,MATCH(OFFSET($D254,0,$C254)+IF($C254<>1,1,COUNTIF(QCI!$A$13:$A$24,ORÇAMENTO!E254)),OFFSET($D254,1,$C254,ROW($C$270)-ROW($C254)),0))","v":0},"","Serviço","Serviço","-","SINAPI",null,{"$f":"IF($C254=\"S\",REFERENCIA.Descricao,\"(digite a descrição aqui)\")","v":"(Sem Código)"},{"$f":"REFERENCIA.Unidade","v":"-"},{"$f":"OFFSET(CÁLCULO!H$15,ROW($T254)-ROW(T$15),0)","v":0},null,"BDI 1",{"$f":"IF($C254=\"S\",ROUND(IF(TIPOORCAMENTO=\"Proposto\",ORÇAMENTO.CustoUnitario*(1+$AH254),ORÇAMENTO.PrecoUnitarioLicitado),15-13*$AF$10),0)","v":0},{"$f":"IF($C254=\"S\",IF(OR(Import.TipoArredondamento<>\"TransfereGOV\",ACOMPANHAMENTO=\"BM\"),VTOTAL1,SUM(OFFSET(CÁLCULO!$AA$15,ROW($X254)-ROW($X$15),1):OFFSET(CÁLCULO!$AL$15,ROW($X254)-ROW($X$15),-1))),IF($C254=0,0,ROUND(SomaAgrup,15-13*$AF$11)))","v":0},"RA","",{"$f":"IF($C254=\"S\",IF($Z254=\"CP\",$X254,IF($Z254=\"RA\",(($X254)*QCI!$AA$3),0)),SomaAgrup)","v":0},0,{"$f":"IF($N254=\"\",\" \",\nIF(AND($C254<>\"S\",OR($R254=\"\",$R254=\"(digite a descrição aqui)\")),\"DESCRIÇÃO\",\nIF(AND($C254=\"S\",OR($Q254<>\"\",$T254>0,$U254>0),$P254=\"\"),\"FONTE\",\nIF(AND($C254=\"S\",$P254<>\"\",OR($T254>0,$U254>0),$Q254=\"\"),\"CÓDIGO\",\nIF(AND($C254=\"S\",$P254<>\"\",$Q254<>\"\",$R254=\"(Código não identificado nas referências)\"),\"CÓDIGO N/ID\",\nIF(AND($C254=\"S\",OR($R254=\"\",$R254=\"(digite a descrição aqui)\"),OR($Q254<>\"\",$T254>0,$U254>0)),\"DESCRIÇÃO\",\nIF(AND($C254=\"S\",$P254<>\"\",$Q254<>\"\",$S254=\"\"),\"UNIDADE\",\nIF(AND($C254=\"S\",$P254<>\"\",$Q254<>\"\",$U254=0),\"SEM CUSTO\",\nIF(AND(_xlfn.SINGLE(TIPOORCAMENTO)=\"Licitado\",$AL254=0,$AN254>0),\"SEM PREÇO\",\nIF(AND($C254=\"S\",$P254<>\"\",$Q254<>\"\",$U254>0,AND($V254<>\"BDI 1\",$V254<>\"BDI 2\",$V254<>\"BDI 3\")),IF(ISNUMBER($V254),\"JUSTIFICAR BDI\",\"BDI\"),\nIF(OR(AND(import.recurso=\"OGU\",TIPOORCAMENTO=\"Proposto\",LEFT($O$8,5)<>\"(N/D:\",$AG254<>\"\",ORÇAMENTO.CustoUnitario>$AG254),AND(TIPOORCAMENTO=\"LICITADO\",ORÇAMENTO.PrecoUnitarioLicitado>$AN254)),\"ACIMA REF.\",\nIF(AND($C254=\"S\",$P254<>\"\",$Q254<>\"\",$T254=0,$U254>0),\"QUANT.\",\nIF(AND(Import.TipoArredondamento=\"TransfereGOV\",$L254=\"F\",$C254=\"S\",LEN($Q254)>13),\"Código >13\",\nIF(AND(Import.TipoArredondamento=\"TransfereGOV\",$L254=\"F\",$C254<>\"S\",LEN($R254)>100),\"Descrição >100\",\nIF(AND(Import.TipoArredondamento=\"TransfereGOV\",$L254=\"F\",$C254=\"S\",LEN($R254)>500),\"Descrição >500\",\nIF(AND(Import.TipoArredondamento=\"TransfereGOV\",$L254=\"F\",$C254=\"S\",LEFT(TRIM(UPPER($P254)),6)<>\"SINAPI\",ISNA(VLOOKUP(TRIM(UPPER($S254)),ListaTgov.Unidades,1,FALSE))),\"Unid. Não Disp\",\n\" \"))))))))))))))))","v":{"$error":"#NAME?"}},{"$f":"IF(C254<=CRONO.NivelExibicao,MAX($AD$15:OFFSET(AD254,-1,0))+IF($C254<>1,1,MAX(1,COUNTIF(QCI!$A$13:$A$24,OFFSET($E254,-1,0)))),\"\")","v":""},{"$f":"IF(AND($C254=\"S\",ORÇAMENTO.CodBarra<>\"\"),IF(ORÇAMENTO.Fonte=\"\",ORÇAMENTO.CodBarra,CONCATENATE(ORÇAMENTO.Fonte,\" \",ORÇAMENTO.CodBarra)))","v":false},{"$f":"IF(ISERROR(INDIRECT(ORÇAMENTO.BancoRef)),\"(abra o arquivo 'Referência \"&Excel_BuiltIn_Database&\".xlsm)\",IF(OR($C254<>\"S\",ORÇAMENTO.CodBarra=\"\"),\"(Sem Código)\",IF(ISERROR(MATCH($AE254,INDIRECT(ORÇAMENTO.BancoRef),0)),\"(Código não identificado nas referências)\",MATCH($AE254,INDIRECT(ORÇAMENTO.BancoRef),0))))","v":"(Sem Código)"},{"$f":"ROUND(IF(DESONERACAO=\"sim\",REFERENCIA.Desonerado,REFERENCIA.NaoDesonerado),2)","v":0},0.26,null,null,null,null,0,0]
["S",3,"S",0,{"$f":"IF($C255=1,OFFSET(E255,-1,0)+MAX(1,COUNTIF(QCI!$A$13:$A$24,OFFSET(ORÇAMENTO!E255,-1,0))),OFFSET(E255,-1,0))","v":1},2,2,0,10,0,{"$f":"IF(OR($C255=\"S\",$C255=0),0,MATCH(OFFSET($D255,0,$C255)+IF($C255<>1,1,COUNTIF(QCI!$A$13:$A$24,ORÇAMENTO!E255)),OFFSET($D255,1,$C255,ROW($C$270)-ROW($C255)),0))","v":0},"","Serviço","Serviço","-","SINAPI",null,{"$f":"IF($C255=\"S\",REFERENCIA.Descricao,\"(digite a descrição aqui)\")","v":"(Sem Código)"},{"$f":"REFERENCIA.Unidade","v":"-"},{"$f":"OFFSET(CÁLCULO!H$15,ROW($T255)-ROW(T$15),0)","v":0},null,"BDI 1",{"$f":"IF($C255=\"S\",ROUND(IF(TIPOORCAMENTO=\"Proposto\",ORÇAMENTO.CustoUnitario*(1+$AH255),ORÇAMENTO.PrecoUnitarioLicitado),15-13*$AF$10),0)","v":0},{"$f":"IF($C255=\"S\",IF(OR(Import.TipoArredondamento<>\"TransfereGOV\",ACOMPANHAMENTO=\"BM\"),VTOTAL1,SUM(OFFSET(CÁLCULO!$AA$15,ROW($X255)-ROW($X$15),1):OFFSET(CÁLCULO!$AL$15,ROW($X255)-ROW($X$15),-1))),IF($C255=0,0,ROUND(SomaAgrup,15-13*$AF$11)))","v":0},"RA","",{"$f":"IF($C255=\"S\",IF($Z255=\"CP\",$X255,IF($Z255=\"RA\",(($X255)*QCI!$AA$3),0)),SomaAgrup)","v":0},0,{"$f":"IF($N255=\"\",\" \",\nIF(AND($C255<>\"S\",OR($R255=\"\",$R255=\"(digite a descrição aqui)\")),\"DESCRIÇÃO\",\nIF(AND($C255=\"S\",OR($Q255<>\"\",$T255>0,$U255>0),$P255=\"\"),\"FONTE\",\nIF(AND($C255=\"S\",$P255<>\"\",OR($T255>0,$U255>0),$Q255=\"\"),\"CÓDIGO\",\nIF(AND($C255=\"S\",$P255<>\"\",$Q255<>\"\",$R255=\"(Código não identificado nas referências)\"),\"CÓDIGO N/ID\",\nIF(AND($C255=\"S\",OR($R255=\"\",$R255=\"(digite a descrição aqui)\"),OR($Q255<>\"\",$T255>0,$U255>0)),\"DESCRIÇÃO\",\nIF(AND($C255=\"S\",$P255<>\"\",$Q255<>\"\",$S255=\"\"),\"UNIDADE\",\nIF(AND($C255=\"S\",$P255<>\"\",$Q255<>\"\",$U255=0),\"SEM CUSTO\",\nIF(AND(_xlfn.SINGLE(TIPOORCAMENTO)=\"Licitado\",$AL255=0,$AN255>0),\"SEM PREÇO\",\nIF(AND($C255=\"S\",$P255<>\"\",$Q255<>\"\",$U255>0,AND($V255<>\"BDI 1\",$V255<>\"BDI 2\",$V255<>\"BDI 3\")),IF(ISNUMBER($V255),\"JUSTIFICAR BDI\",\"BDI\"),\nIF(OR(AND(import.recurso=\"OGU\",TIPOORCAMENTO=\"Proposto\",LEFT($O$8,5)<>\"(N/D:\",$AG255<>\"\",ORÇAMENTO.CustoUnitario>$AG255),AND(TIPOORCAMENTO=\"LICITADO\",ORÇAMENTO.PrecoUnitarioLicitado>$AN255)),\"ACIMA REF.\",\nIF(AND($C255=\"S\",$P255<>\"\",$Q255<>\"\",$T255=0,$U255>0),\"QUANT.\",\nIF(AND(Import.TipoArredondamento=\"TransfereGOV\",$L255=\"F\",$C255=\"S\",LEN($Q255)>13),\"Código >13\",\nIF(AND(Import.TipoArredondamento=\"TransfereGOV\",$L255=\"F\",$C255<>\"S\",LEN($R255)>100),\"Descrição >100\",\nIF(AND(Import.TipoArredondamento=\"TransfereGOV\",$L255=\"F\",$C255=\"S\",LEN($R255)>500),\"Descrição >500\",\nIF(AND(Import.TipoArredondamento=\"TransfereGOV\",$L255=\"F\",$C255=\"S\",LEFT(TRIM(UPPER($P255)),6)<>\"SINAPI\",ISNA(VLOOKUP(TRIM(UPPER($S255)),ListaTgov.Unidades,1,FALSE))),\"Unid. Não Disp\",\n\" \"))))))))))))))))","v":{"$error":"#NAME?"}},{"$f":"IF(C255<=CRONO.NivelExibicao,MAX($AD$15:OFFSET(AD255,-1,0))+IF($C255<>1,1,MAX(1,COUNTIF(QCI!$A$13:$A$24,OFFSET($E255,-1,0)))),\"\")","v":""},{"$f":"IF(AND($C255=\"S\",ORÇAMENTO.CodBarra<>\"\"),IF(ORÇAMENTO.Fonte=\"\",ORÇAMENTO.CodBarra,CONCATENATE(ORÇAMENTO.Fonte,\" \",ORÇAMENTO.CodBarra)))","v":false},{"$f":"IF(ISERROR(INDIRECT(ORÇAMENTO.BancoRef)),\"(abra o arquivo 'Referência \"&Excel_BuiltIn_Database&\".xlsm)\",IF(OR($C255<>\"S\",ORÇAMENTO.CodBarra=\"\"),\"(Sem Código)\",IF(ISERROR(MATCH($AE255,INDIRECT(ORÇAMENTO.BancoRef),0)),\"(Código não identificado nas referências)\",MATCH($AE255,INDIRECT(ORÇAMENTO.BancoRef),0))))","v":"(Sem Código)"},{"$f":"ROUND(IF(DESONERACAO=\"sim\",REFERENCIA.Desonerado,REFERENCIA.NaoDesonerado),2)","v":0},0.26,null,null,null,null,0,0]
["S",3,"S",0,{"$f":"IF($C256=1,OFFSET(E256,-1,0)+MAX(1,COUNTIF(QCI!$A$13:$A$24,OFFSET(ORÇAMENTO!E256,-1,0))),OFFSET(E256,-1,0))","v":1},2,2,0,10,0,{"$f":"IF(OR($C256=\"S\",$C256=0),0,MATCH(OFFSET($D256,0,$C256)+IF($C256<>1,1,COUNTIF(QCI!$A$13:$A$24,ORÇAMENTO!E256)),OFFSET($D256,1,$C256,ROW($C$270)-ROW($C256)),0))","v":0},"","Serviço","Serviço","-","SINAPI",null,{"$f":"IF($C256=\"S\",REFERENCIA.Descricao,\"(digite a descrição aqui)\")","v":"(Sem Código)"},{"$f":"REFERENCIA.Unidade","v":"-"},{"$f":"OFFSET(CÁLCULO!H$15,ROW($T256)-ROW(T$15),0)","v":0},null,"BDI 1",{"$f":"IF($C256=\"S\",ROUND(IF(TIPOORCAMENTO=\"Proposto\",ORÇAMENTO.CustoUnitario*(1+$AH256),ORÇAMENTO.PrecoUnitarioLicitado),15-13*$AF$10),0)","v":0},{"$f":"IF($C256=\"S\",IF(OR(Import.TipoArredondamento<>\"TransfereGOV\",ACOMPANHAMENTO=\"BM\"),VTOTAL1,SUM(OFFSET(CÁLCULO!$AA$15,ROW($X256)-ROW($X$15),1):OFFSET(CÁLCULO!$AL$15,ROW($X256)-ROW($X$15),-1))),IF($C256=0,0,ROUND(SomaAgrup,15-13*$AF$11)))","v":0},"RA","",{"$f":"IF($C256=\"S\",IF($Z256=\"CP\",$X256,IF($Z256=\"RA\",(($X256)*QCI!$AA$3),0)),SomaAgrup)","v":0},0,{"$f":"IF($N256=\"\",\" \",\nIF(AND($C256<>\"S\",OR($R256=\"\",$R256=\"(digite a descrição aqui)\")),\"DESCRIÇÃO\",\nIF(AND($C256=\"S\",OR($Q256<>\"\",$T256>0,$U256>0),$P256=\"\"),\"FONTE\",\nIF(AND($C256=\"S\",$P256<>\"\",OR($T256>0,$U256>0),$Q256=\"\"),\"CÓDIGO\",\nIF(AND($C256=\"S\",$P256<>\"\",$Q256<>\"\",$R256=\"(Código não identificado nas referências)\"),\"CÓDIGO N/ID\",\nIF(AND($C256=\"S\",OR($R256=\"\",$R256=\"(digite a descrição aqui)\"),OR($Q256<>\"\",$T256>0,$U256>0)),\"DESCRIÇÃO\",\nIF(AND($C256=\"S\",$P256<>\"\",$Q256<>\"\",$S256=\"\"),\"UNIDADE\",\nIF(AND($C256=\"S\",$P256<>\"\",$Q256<>\"\",$U256=0),\"SEM CUSTO\",\nIF(AND(_xlfn.SINGLE(TIPOORCAMENTO)=\"Licitado\",$AL256=0,$AN256>0),\"SEM PREÇO\",\nIF(AND($C256=\"S\",$P256<>\"\",$Q256<>\"\",$U256>0,AND($V256<>\"BDI 1\",$V256<>\"BDI 2\",$V256<>\"BDI 3\")),IF(ISNUMBER($V256),\"JUSTIFICAR BDI\",\"BDI\"),\nIF(OR(AND(import.recurso=\"OGU\",TIPOORCAMENTO=\"Proposto\",LEFT($O$8,5)<>\"(N/D:\",$AG256<>\"\",ORÇAMENTO.CustoUnitario>$AG256),AND(TIPOORCAMENTO=\"LICITADO\",ORÇAMENTO.PrecoUnitarioLicitado>$AN256)),\"ACIMA REF.\",\nIF(AND($C256=\"S\",$P256<>\"\",$Q256<>\"\",$T256=0,$U256>0),\"QUANT.\",\nIF(AND(Import.TipoArredondamento=\"TransfereGOV\",$L256=\"F\",$C256=\"S\",LEN($Q256)>13),\"Código >13\",\nIF(AND(Import.TipoArredondamento=\"TransfereGOV\",$L256=\"F\",$C256<>\"S\",LEN($R256)>100),\"Descrição >100\",\nIF(AND(Import.TipoArredondamento=\"TransfereGOV\",$L256=\"F\",$C256=\"S\",LEN($R256)>500),\"Descrição >500\",\nIF(AND(Import.TipoArredondamento=\"TransfereGOV\",$L256=\"F\",$C256=\"S\",LEFT(TRIM(UPPER($P256)),6)<>\"SINAPI\",ISNA(VLOOKUP(TRIM(UPPER($S256)),ListaTgov.Unidades,1,FALSE))),\"Unid. Não Disp\",\n\" \"))))))))))))))))","v":{"$error":"#NAME?"}},{"$f":"IF(C256<=CRONO.NivelExibicao,MAX($AD$15:OFFSET(AD256,-1,0))+IF($C256<>1,1,MAX(1,COUNTIF(QCI!$A$13:$A$24,OFFSET($E256,-1,0)))),\"\")","v":""},{"$f":"IF(AND($C256=\"S\",ORÇAMENTO.CodBarra<>\"\"),IF(ORÇAMENTO.Fonte=\"\",ORÇAMENTO.CodBarra,CONCATENATE(ORÇAMENTO.Fonte,\" \",ORÇAMENTO.CodBarra)))","v":false},{"$f":"IF(ISERROR(INDIRECT(ORÇAMENTO.BancoRef)),\"(abra o arquivo 'Referência \"&Excel_BuiltIn_Database&\".xlsm)\",IF(OR($C256<>\"S\",ORÇAMENTO.CodBarra=\"\"),\"(Sem Código)\",IF(ISERROR(MATCH($AE256,INDIRECT(ORÇAMENTO.BancoRef),0)),\"(Código não identificado nas referências)\",MATCH($AE256,INDIRECT(ORÇAMENTO.BancoRef),0))))","v":"(Sem Código)"},{"$f":"ROUND(IF(DESONERACAO=\"sim\",REFERENCIA.Desonerado,REFERENCIA.NaoDesonerado),2)","v":0},0.26,null,null,null,null,0,0]
["S",3,"S",0,{"$f":"IF($C257=1,OFFSET(E257,-1,0)+MAX(1,COUNTIF(QCI!$A$13:$A$24,OFFSET(ORÇAMENTO!E257,-1,0))),OFFSET(E257,-1,0))","v":1},2,2,0,10,0,{"$f":"IF(OR($C257=\"S\",$C257=0),0,MATCH(OFFSET($D257,0,$C257)+IF($C257<>1,1,COUNTIF(QCI!$A$13:$A$24,ORÇAMENTO!E257)),OFFSET($D257,1,$C257,ROW($C$270)-ROW($C257)),0))","v":0},"","Serviço","Serviço","-","SINAPI",null,{"$f":"IF($C257=\"S\",REFERENCIA.Descricao,\"(digite a descrição aqui)\")","v":"(Sem Código)"},{"$f":"REFERENCIA.Unidade","v":"-"},{"$f":"OFFSET(CÁLCULO!H$15,ROW($T257)-ROW(T$15),0)","v":0},null,"BDI 1",{"$f":"IF($C257=\"S\",ROUND(IF(TIPOORCAMENTO=\"Proposto\",ORÇAMENTO.CustoUnitario*(1+$AH257),ORÇAMENTO.PrecoUnitarioLicitado),15-13*$AF$10),0)","v":0},{"$f":"IF($C257=\"S\",IF(OR(Import.TipoArredondamento<>\"TransfereGOV\",ACOMPANHAMENTO=\"BM\"),VTOTAL1,SUM(OFFSET(CÁLCULO!$AA$15,ROW($X257)-ROW($X$15),1):OFFSET(CÁLCULO!$AL$15,ROW($X257)-ROW($X$15),-1))),IF($C257=0,0,ROUND(SomaAgrup,15-13*$AF$11)))","v":0},"RA","",{"$f":"IF($C257=\"S\",IF($Z257=\"CP\",$X257,IF($Z257=\"RA\",(($X257)*QCI!$AA$3),0)),SomaAgrup)","v":0},0,{"$f":"IF($N257=\"\",\" \",\nIF(AND($C257<>\"S\",OR($R257=\"\",$R257=\"(digite a descrição aqui)\")),\"DESCRIÇÃO\",\nIF(AND($C257=\"S\",OR($Q257<>\"\",$T257>0,$U257>0),$P257=\"\"),\"FONTE\",\nIF(AND($C257=\"S\",$P257<>\"\",OR($T257>0,$U257>0),$Q257=\"\"),\"CÓDIGO\",\nIF(AND($C257=\"S\",$P257<>\"\",$Q257<>\"\",$R257=\"(Código não identificado nas referências)\"),\"CÓDIGO N/ID\",\nIF(AND($C257=\"S\",OR($R257=\"\",$R257=\"(digite a descrição aqui)\"),OR($Q257<>\"\",$T257>0,$U257>0)),\"DESCRIÇÃO\",\nIF(AND($C257=\"S\",$P257<>\"\",$Q257<>\"\",$S257=\"\"),\"UNIDADE\",\nIF(AND($C257=\"S\",$P257<>\"\",$Q257<>\"\",$U257=0),\"SEM CUSTO\",\nIF(AND(_xlfn.SINGLE(TIPOORCAMENTO)=\"Licitado\",$AL257=0,$AN257>0),\"SEM PREÇO\",\nIF(AND($C257=\"S\",$P257<>\"\",$Q257<>\"\",$U257>0,AND($V257<>\"BDI 1\",$V257<>\"BDI 2\",$V257<>\"BDI 3\")),IF(ISNUMBER($V257),\"JUSTIFICAR BDI\",\"BDI\"),\nIF(OR(AND(import.recurso=\"OGU\",TIPOORCAMENTO=\"Proposto\",LEFT($O$8,5)<>\"(N/D:\",$AG257<>\"\",ORÇAMENTO.CustoUnitario>$AG257),AND(TIPOORCAMENTO=\"LICITADO\",ORÇAMENTO.PrecoUnitarioLicitado>$AN257)),\"ACIMA REF.\",\nIF(AND($C257=\"S\",$P257<>\"\",$Q257<>\"\",$T257=0,$U257>0),\"QUANT.\",\nIF(AND(Import.TipoArredondamento=\"TransfereGOV\",$L257=\"F\",$C257=\"S\",LEN($Q257)>13),\"Código >13\",\nIF(AND(Import.TipoArredondamento=\"TransfereGOV\",$L257=\"F\",$C257<>\"S\",LEN($R257)>100),\"Descrição >100\",\nIF(AND(Import.TipoArredondamento=\"TransfereGOV\",$L257=\"F\",$C257=\"S\",LEN($R257)>500),\"Descrição >500\",\nIF(AND(Import.TipoArredondamento=\"TransfereGOV\",$L257=\"F\",$C257=\"S\",LEFT(TRIM(UPPER($P257)),6)<>\"SINAPI\",ISNA(VLOOKUP(TRIM(UPPER($S257)),ListaTgov.Unidades,1,FALSE))),\"Unid. Não Disp\",\n\" \"))))))))))))))))","v":{"$error":"#NAME?"}},{"$f":"IF(C257<=CRONO.NivelExibicao,MAX($AD$15:OFFSET(AD257,-1,0))+IF($C257<>1,1,MAX(1,COUNTIF(QCI!$A$13:$A$24,OFFSET($E257,-1,0)))),\"\")","v":""},{"$f":"IF(AND($C257=\"S\",ORÇAMENTO.CodBarra<>\"\"),IF(ORÇAMENTO.Fonte=\"\",ORÇAMENTO.CodBarra,CONCATENATE(ORÇAMENTO.Fonte,\" \",ORÇAMENTO.CodBarra)))","v":false},{"$f":"IF(ISERROR(INDIRECT(ORÇAMENTO.BancoRef)),\"(abra o arquivo 'Referência \"&Excel_BuiltIn_Database&\".xlsm)\",IF(OR($C257<>\"S\",ORÇAMENTO.CodBarra=\"\"),\"(Sem Código)\",IF(ISERROR(MATCH($AE257,INDIRECT(ORÇAMENTO.BancoRef),0)),\"(Código não identificado nas referências)\",MATCH($AE257,INDIRECT(ORÇAMENTO.BancoRef),0))))","v":"(Sem Código)"},{"$f":"ROUND(IF(DESONERACAO=\"sim\",REFERENCIA.Desonerado,REFERENCIA.NaoDesonerado),2)","v":0},0.26,null,null,null,null,0,0]
["S",3,"S",0,{"$f":"IF($C258=1,OFFSET(E258,-1,0)+MAX(1,COUNTIF(QCI!$A$13:$A$24,OFFSET(ORÇAMENTO!E258,-1,0))),OFFSET(E258,-1,0))","v":1},2,2,0,10,0,{"$f":"IF(OR($C258=\"S\",$C258=0),0,MATCH(OFFSET($D258,0,$C258)+IF($C258<>1,1,COUNTIF(QCI!$A$13:$A$24,ORÇAMENTO!E258)),OFFSET($D258,1,$C258,ROW($C$270)-ROW($C258)),0))","v":0},"","Serviço","Serviço","-","SINAPI",null,{"$f":"IF($C258=\"S\",REFERENCIA.Descricao,\"(digite a descrição aqui)\")","v":"(Sem Código)"},{"$f":"REFERENCIA.Unidade","v":"-"},{"$f":"OFFSET(CÁLCULO!H$15,ROW($T258)-ROW(T$15),0)","v":0},null,"BDI 1",{"$f":"IF($C258=\"S\",ROUND(IF(TIPOORCAMENTO=\"Proposto\",ORÇAMENTO.CustoUnitario*(1+$AH258),ORÇAMENTO.PrecoUnitarioLicitado),15-13*$AF$10),0)","v":0},{"$f":"IF($C258=\"S\",IF(OR(Import.TipoArredondamento<>\"TransfereGOV\",ACOMPANHAMENTO=\"BM\"),VTOTAL1,SUM(OFFSET(CÁLCULO!$AA$15,ROW($X258)-ROW($X$15),1):OFFSET(CÁLCULO!$AL$15,ROW($X258)-ROW($X$15),-1))),IF($C258=0,0,ROUND(SomaAgrup,15-13*$AF$11)))","v":0},"RA","",{"$f":"IF($C258=\"S\",IF($Z258=\"CP\",$X258,IF($Z258=\"RA\",(($X258)*QCI!$AA$3),0)),SomaAgrup)","v":0},0,{"$f":"IF($N258=\"\",\" \",\nIF(AND($C258<>\"S\",OR($R258=\"\",$R258=\"(digite a descrição aqui)\")),\"DESCRIÇÃO\",\nIF(AND($C258=\"S\",OR($Q258<>\"\",$T258>0,$U258>0),$P258=\"\"),\"FONTE\",\nIF(AND($C258=\"S\",$P258<>\"\",OR($T258>0,$U258>0),$Q258=\"\"),\"CÓDIGO\",\nIF(AND($C258=\"S\",$P258<>\"\",$Q258<>\"\",$R258=\"(Código não identificado nas referências)\"),\"CÓDIGO N/ID\",\nIF(AND($C258=\"S\",OR($R258=\"\",$R258=\"(digite a descrição aqui)\"),OR($Q258<>\"\",$T258>0,$U258>0)),\"DESCRIÇÃO\",\nIF(AND($C258=\"S\",$P258<>\"\",$Q258<>\"\",$S258=\"\"),\"UNIDADE\",\nIF(AND($C258=\"S\",$P258<>\"\",$Q258<>\"\",$U258=0),\"SEM CUSTO\",\nIF(AND(_xlfn.SINGLE(TIPOORCAMENTO)=\"Licitado\",$AL258=0,$AN258>0),\"SEM PREÇO\",\nIF(AND($C258=\"S\",$P258<>\"\",$Q258<>\"\",$U258>0,AND($V258<>\"BDI 1\",$V258<>\"BDI 2\",$V258<>\"BDI 3\")),IF(ISNUMBER($V258),\"JUSTIFICAR BDI\",\"BDI\"),\nIF(OR(AND(import.recurso=\"OGU\",TIPOORCAMENTO=\"Proposto\",LEFT($O$8,5)<>\"(N/D:\",$AG258<>\"\",ORÇAMENTO.CustoUnitario>$AG258),AND(TIPOORCAMENTO=\"LICITADO\",ORÇAMENTO.PrecoUnitarioLicitado>$AN258)),\"ACIMA REF.\",\nIF(AND($C258=\"S\",$P258<>\"\",$Q258<>\"\",$T258=0,$U258>0),\"QUANT.\",\nIF(AND(Import.TipoArredondamento=\"TransfereGOV\",$L258=\"F\",$C258=\"S\",LEN($Q258)>13),\"Código >13\",\nIF(AND(Import.TipoArredondamento=\"TransfereGOV\",$L258=\"F\",$C258<>\"S\",LEN($R258)>100),\"Descrição >100\",\nIF(AND(Import.TipoArredondamento=\"TransfereGOV\",$L258=\"F\",$C258=\"S\",LEN($R258)>500),\"Descrição >500\",\nIF(AND(Import.TipoArredondamento=\"TransfereGOV\",$L258=\"F\",$C258=\"S\",LEFT(TRIM(UPPER($P258)),6)<>\"SINAPI\",ISNA(VLOOKUP(TRIM(UPPER($S258)),ListaTgov.Unidades,1,FALSE))),\"Unid. Não Disp\",\n\" \"))))))))))))))))","v":{"$error":"#NAME?"}},{"$f":"IF(C258<=CRONO.NivelExibicao,MAX($AD$15:OFFSET(AD258,-1,0))+IF($C258<>1,1,MAX(1,COUNTIF(QCI!$A$13:$A$24,OFFSET($E258,-1,0)))),\"\")","v":""},{"$f":"IF(AND($C258=\"S\",ORÇAMENTO.CodBarra<>\"\"),IF(ORÇAMENTO.Fonte=\"\",ORÇAMENTO.CodBarra,CONCATENATE(ORÇAMENTO.Fonte,\" \",ORÇAMENTO.CodBarra)))","v":false},{"$f":"IF(ISERROR(INDIRECT(ORÇAMENTO.BancoRef)),\"(abra o arquivo 'Referência \"&Excel_BuiltIn_Database&\".xlsm)\",IF(OR($C258<>\"S\",ORÇAMENTO.CodBarra=\"\"),\"(Sem Código)\",IF(ISERROR(MATCH($AE258,INDIRECT(ORÇAMENTO.BancoRef),0)),\"(Código não identificado nas referências)\",MATCH($AE258,INDIRECT(ORÇAMENTO.BancoRef),0))))","v":"(Sem Código)"},{"$f":"ROUND(IF(DESONERACAO=\"sim\",REFERENCIA.Desonerado,REFERENCIA.NaoDesonerado),2)","v":0},0.26,null,null,null,null,0,0]
["S",3,"S",0,{"$f":"IF($C259=1,OFFSET(E259,-1,0)+MAX(1,COUNTIF(QCI!$A$13:$A$24,OFFSET(ORÇAMENTO!E259,-1,0))),OFFSET(E259,-1,0))","v":1},2,2,0,10,0,{"$f":"IF(OR($C259=\"S\",$C259=0),0,MATCH(OFFSET($D259,0,$C259)+IF($C259<>1,1,COUNTIF(QCI!$A$13:$A$24,ORÇAMENTO!E259)),OFFSET($D259,1,$C259,ROW($C$270)-ROW($C259)),0))","v":0},"","Serviço","Serviço","-","SINAPI",null,{"$f":"IF($C259=\"S\",REFERENCIA.Descricao,\"(digite a descrição aqui)\")","v":"(Sem Código)"},{"$f":"REFERENCIA.Unidade","v":"-"},{"$f":"OFFSET(CÁLCULO!H$15,ROW($T259)-ROW(T$15),0)","v":0},null,"BDI 1",{"$f":"IF($C259=\"S\",ROUND(IF(TIPOORCAMENTO=\"Proposto\",ORÇAMENTO.CustoUnitario*(1+$AH259),ORÇAMENTO.PrecoUnitarioLicitado),15-13*$AF$10),0)","v":0},{"$f":"IF($C259=\"S\",IF(OR(Import.TipoArredondamento<>\"TransfereGOV\",ACOMPANHAMENTO=\"BM\"),VTOTAL1,SUM(OFFSET(CÁLCULO!$AA$15,ROW($X259)-ROW($X$15),1):OFFSET(CÁLCULO!$AL$15,ROW($X259)-ROW($X$15),-1))),IF($C259=0,0,ROUND(SomaAgrup,15-13*$AF$11)))","v":0},"RA","",{"$f":"IF($C259=\"S\",IF($Z259=\"CP\",$X259,IF($Z259=\"RA\",(($X259)*QCI!$AA$3),0)),SomaAgrup)","v":0},0,{"$f":"IF($N259=\"\",\" \",\nIF(AND($C259<>\"S\",OR($R259=\"\",$R259=\"(digite a descrição aqui)\")),\"DESCRIÇÃO\",\nIF(AND($C259=\"S\",OR($Q259<>\"\",$T259>0,$U259>0),$P259=\"\"),\"FONTE\",\nIF(AND($C259=\"S\",$P259<>\"\",OR($T259>0,$U259>0),$Q259=\"\"),\"CÓDIGO\",\nIF(AND($C259=\"S\",$P259<>\"\",$Q259<>\"\",$R259=\"(Código não identificado nas referências)\"),\"CÓDIGO N/ID\",\nIF(AND($C259=\"S\",OR($R259=\"\",$R259=\"(digite a descrição aqui)\"),OR($Q259<>\"\",$T259>0,$U259>0)),\"DESCRIÇÃO\",\nIF(AND($C259=\"S\",$P259<>\"\",$Q259<>\"\",$S259=\"\"),\"UNIDADE\",\nIF(AND($C259=\"S\",$P259<>\"\",$Q259<>\"\",$U259=0),\"SEM CUSTO\",\nIF(AND(_xlfn.SINGLE(TIPOORCAMENTO)=\"Licitado\",$AL259=0,$AN259>0),\"SEM PREÇO\",\nIF(AND($C259=\"S\",$P259<>\"\",$Q259<>\"\",$U259>0,AND($V259<>\"BDI 1\",$V259<>\"BDI 2\",$V259<>\"BDI 3\")),IF(ISNUMBER($V259),\"JUSTIFICAR BDI\",\"BDI\"),\nIF(OR(AND(import.recurso=\"OGU\",TIPOORCAMENTO=\"Proposto\",LEFT($O$8,5)<>\"(N/D:\",$AG259<>\"\",ORÇAMENTO.CustoUnitario>$AG259),AND(TIPOORCAMENTO=\"LICITADO\",ORÇAMENTO.PrecoUnitarioLicitado>$AN259)),\"ACIMA REF.\",\nIF(AND($C259=\"S\",$P259<>\"\",$Q259<>\"\",$T259=0,$U259>0),\"QUANT.\",\nIF(AND(Import.TipoArredondamento=\"TransfereGOV\",$L259=\"F\",$C259=\"S\",LEN($Q259)>13),\"Código >13\",\nIF(AND(Import.TipoArredondamento=\"TransfereGOV\",$L259=\"F\",$C259<>\"S\",LEN($R259)>100),\"Descrição >100\",\nIF(AND(Import.TipoArredondamento=\"TransfereGOV\",$L259=\"F\",$C259=\"S\",LEN($R259)>500),\"Descrição >500\",\nIF(AND(Import.TipoArredondamento=\"TransfereGOV\",$L259=\"F\",$C259=\"S\",LEFT(TRIM(UPPER($P259)),6)<>\"SINAPI\",ISNA(VLOOKUP(TRIM(UPPER($S259)),ListaTgov.Unidades,1,FALSE))),\"Unid. Não Disp\",\n\" \"))))))))))))))))","v":{"$error":"#NAME?"}},{"$f":"IF(C259<=CRONO.NivelExibicao,MAX($AD$15:OFFSET(AD259,-1,0))+IF($C259<>1,1,MAX(1,COUNTIF(QCI!$A$13:$A$24,OFFSET($E259,-1,0)))),\"\")","v":""},{"$f":"IF(AND($C259=\"S\",ORÇAMENTO.CodBarra<>\"\"),IF(ORÇAMENTO.Fonte=\"\",ORÇAMENTO.CodBarra,CONCATENATE(ORÇAMENTO.Fonte,\" \",ORÇAMENTO.CodBarra)))","v":false},{"$f":"IF(ISERROR(INDIRECT(ORÇAMENTO.BancoRef)),\"(abra o arquivo 'Referência \"&Excel_BuiltIn_Database&\".xlsm)\",IF(OR($C259<>\"S\",ORÇAMENTO.CodBarra=\"\"),\"(Sem Código)\",IF(ISERROR(MATCH($AE259,INDIRECT(ORÇAMENTO.BancoRef),0)),\"(Código não identificado nas referências)\",MATCH($AE259,INDIRECT(ORÇAMENTO.BancoRef),0))))","v":"(Sem Código)"},{"$f":"ROUND(IF(DESONERACAO=\"sim\",REFERENCIA.Desonerado,REFERENCIA.NaoDesonerado),2)","v":0},0.26,null,null,null,null,0,0]
["S",3,"S",0,{"$f":"IF($C260=1,OFFSET(E260,-1,0)+MAX(1,COUNTIF(QCI!$A$13:$A$24,OFFSET(ORÇAMENTO!E260,-1,0))),OFFSET(E260,-1,0))","v":1},2,2,0,10,0,{"$f":"IF(OR($C260=\"S\",$C260=0),0,MATCH(OFFSET($D260,0,$C260)+IF($C260<>1,1,COUNTIF(QCI!$A$13:$A$24,ORÇAMENTO!E260)),OFFSET($D260,1,$C260,ROW($C$270)-ROW($C260)),0))","v":0},"","Serviço","Serviço","-","SINAPI",null,{"$f":"IF($C260=\"S\",REFERENCIA.Descricao,\"(digite a descrição aqui)\")","v":"(Sem Código)"},{"$f":"REFERENCIA.Unidade","v":"-"},{"$f":"OFFSET(CÁLCULO!H$15,ROW($T260)-ROW(T$15),0)","v":0},null,"BDI 1",{"$f":"IF($C260=\"S\",ROUND(IF(TIPOORCAMENTO=\"Proposto\",ORÇAMENTO.CustoUnitario*(1+$AH260),ORÇAMENTO.PrecoUnitarioLicitado),15-13*$AF$10),0)","v":0},{"$f":"IF($C260=\"S\",IF(OR(Import.TipoArredondamento<>\"TransfereGOV\",ACOMPANHAMENTO=\"BM\"),VTOTAL1,SUM(OFFSET(CÁLCULO!$AA$15,ROW($X260)-ROW($X$15),1):OFFSET(CÁLCULO!$AL$15,ROW($X260)-ROW($X$15),-1))),IF($C260=0,0,ROUND(SomaAgrup,15-13*$AF$11)))","v":0},"RA","",{"$f":"IF($C260=\"S\",IF($Z260=\"CP\",$X260,IF($Z260=\"RA\",(($X260)*QCI!$AA$3),0)),SomaAgrup)","v":0},0,{"$f":"IF($N260=\"\",\" \",\nIF(AND($C260<>\"S\",OR($R260=\"\",$R260=\"(digite a descrição aqui)\")),\"DESCRIÇÃO\",\nIF(AND($C260=\"S\",OR($Q260<>\"\",$T260>0,$U260>0),$P260=\"\"),\"FONTE\",\nIF(AND($C260=\"S\",$P260<>\"\",OR($T260>0,$U260>0),$Q260=\"\"),\"CÓDIGO\",\nIF(AND($C260=\"S\",$P260<>\"\",$Q260<>\"\",$R260=\"(Código não identificado nas referências)\"),\"CÓDIGO N/ID\",\nIF(AND($C260=\"S\",OR($R260=\"\",$R260=\"(digite a descrição aqui)\"),OR($Q260<>\"\",$T260>0,$U260>0)),\"DESCRIÇÃO\",\nIF(AND($C260=\"S\",$P260<>\"\",$Q260<>\"\",$S260=\"\"),\"UNIDADE\",\nIF(AND($C260=\"S\",$P260<>\"\",$Q260<>\"\",$U260=0),\"SEM CUSTO\",\nIF(AND(_xlfn.SINGLE(TIPOORCAMENTO)=\"Licitado\",$AL260=0,$AN260>0),\"SEM PREÇO\",\nIF(AND($C260=\"S\",$P260<>\"\",$Q260<>\"\",$U260>0,AND($V260<>\"BDI 1\",$V260<>\"BDI 2\",$V260<>\"BDI 3\")),IF(ISNUMBER($V260),\"JUSTIFICAR BDI\",\"BDI\"),\nIF(OR(AND(import.recurso=\"OGU\",TIPOORCAMENTO=\"Proposto\",LEFT($O$8,5)<>\"(N/D:\",$AG260<>\"\",ORÇAMENTO.CustoUnitario>$AG260),AND(TIPOORCAMENTO=\"LICITADO\",ORÇAMENTO.PrecoUnitarioLicitado>$AN260)),\"ACIMA REF.\",\nIF(AND($C260=\"S\",$P260<>\"\",$Q260<>\"\",$T260=0,$U260>0),\"QUANT.\",\nIF(AND(Import.TipoArredondamento=\"TransfereGOV\",$L260=\"F\",$C260=\"S\",LEN($Q260)>13),\"Código >13\",\nIF(AND(Import.TipoArredondamento=\"TransfereGOV\",$L260=\"F\",$C260<>\"S\",LEN($R260)>100),\"Descrição >100\",\nIF(AND(Import.TipoArredondamento=\"TransfereGOV\",$L260=\"F\",$C260=\"S\",LEN($R260)>500),\"Descrição >500\",\nIF(AND(Import.TipoArredondamento=\"TransfereGOV\",$L260=\"F\",$C260=\"S\",LEFT(TRIM(UPPER($P260)),6)<>\"SINAPI\",ISNA(VLOOKUP(TRIM(UPPER($S260)),ListaTgov.Unidades,1,FALSE))),\"Unid. Não Disp\",\n\" \"))))))))))))))))","v":{"$error":"#NAME?"}},{"$f":"IF(C260<=CRONO.NivelExibicao,MAX($AD$15:OFFSET(AD260,-1,0))+IF($C260<>1,1,MAX(1,COUNTIF(QCI!$A$13:$A$24,OFFSET($E260,-1,0)))),\"\")","v":""},{"$f":"IF(AND($C260=\"S\",ORÇAMENTO.CodBarra<>\"\"),IF(ORÇAMENTO.Fonte=\"\",ORÇAMENTO.CodBarra,CONCATENATE(ORÇAMENTO.Fonte,\" \",ORÇAMENTO.CodBarra)))","v":false},{"$f":"IF(ISERROR(INDIRECT(ORÇAMENTO.BancoRef)),\"(abra o arquivo 'Referência \"&Excel_BuiltIn_Database&\".xlsm)\",IF(OR($C260<>\"S\",ORÇAMENTO.CodBarra=\"\"),\"(Sem Código)\",IF(ISERROR(MATCH($AE260,INDIRECT(ORÇAMENTO.BancoRef),0)),\"(Código não identificado nas referências)\",MATCH($AE260,INDIRECT(ORÇAMENTO.BancoRef),0))))","v":"(Sem Código)"},{"$f":"ROUND(IF(DESONERACAO=\"sim\",REFERENCIA.Desonerado,REFERENCIA.NaoDesonerado),2)","v":0},0.26,null,null,null,null,0,0]
["S",3,"S",0,{"$f":"IF($C261=1,OFFSET(E261,-1,0)+MAX(1,COUNTIF(QCI!$A$13:$A$24,OFFSET(ORÇAMENTO!E261,-1,0))),OFFSET(E261,-1,0))","v":1},2,2,0,10,0,{"$f":"IF(OR($C261=\"S\",$C261=0),0,MATCH(OFFSET($D261,0,$C261)+IF($C261<>1,1,COUNTIF(QCI!$A$13:$A$24,ORÇAMENTO!E261)),OFFSET($D261,1,$C261,ROW($C$270)-ROW($C261)),0))","v":0},"","Serviço","Serviço","-","SINAPI",null,{"$f":"IF($C261=\"S\",REFERENCIA.Descricao,\"(digite a descrição aqui)\")","v":"(Sem Código)"},{"$f":"REFERENCIA.Unidade","v":"-"},{"$f":"OFFSET(CÁLCULO!H$15,ROW($T261)-ROW(T$15),0)","v":0},null,"BDI 1",{"$f":"IF($C261=\"S\",ROUND(IF(TIPOORCAMENTO=\"Proposto\",ORÇAMENTO.CustoUnitario*(1+$AH261),ORÇAMENTO.PrecoUnitarioLicitado),15-13*$AF$10),0)","v":0},{"$f":"IF($C261=\"S\",IF(OR(Import.TipoArredondamento<>\"TransfereGOV\",ACOMPANHAMENTO=\"BM\"),VTOTAL1,SUM(OFFSET(CÁLCULO!$AA$15,ROW($X261)-ROW($X$15),1):OFFSET(CÁLCULO!$AL$15,ROW($X261)-ROW($X$15),-1))),IF($C261=0,0,ROUND(SomaAgrup,15-13*$AF$11)))","v":0},"RA","",{"$f":"IF($C261=\"S\",IF($Z261=\"CP\",$X261,IF($Z261=\"RA\",(($X261)*QCI!$AA$3),0)),SomaAgrup)","v":0},0,{"$f":"IF($N261=\"\",\" \",\nIF(AND($C261<>\"S\",OR($R261=\"\",$R261=\"(digite a descrição aqui)\")),\"DESCRIÇÃO\",\nIF(AND($C261=\"S\",OR($Q261<>\"\",$T261>0,$U261>0),$P261=\"\"),\"FONTE\",\nIF(AND($C261=\"S\",$P261<>\"\",OR($T261>0,$U261>0),$Q261=\"\"),\"CÓDIGO\",\nIF(AND($C261=\"S\",$P261<>\"\",$Q261<>\"\",$R261=\"(Código não identificado nas referências)\"),\"CÓDIGO N/ID\",\nIF(AND($C261=\"S\",OR($R261=\"\",$R261=\"(digite a descrição aqui)\"),OR($Q261<>\"\",$T261>0,$U261>0)),\"DESCRIÇÃO\",\nIF(AND($C261=\"S\",$P261<>\"\",$Q261<>\"\",$S261=\"\"),\"UNIDADE\",\nIF(AND($C261=\"S\",$P261<>\"\",$Q261<>\"\",$U261=0),\"SEM CUSTO\",\nIF(AND(_xlfn.SINGLE(TIPOORCAMENTO)=\"Licitado\",$AL261=0,$AN261>0),\"SEM PREÇO\",\nIF(AND($C261=\"S\",$P261<>\"\",$Q261<>\"\",$U261>0,AND($V261<>\"BDI 1\",$V261<>\"BDI 2\",$V261<>\"BDI 3\")),IF(ISNUMBER($V261),\"JUSTIFICAR BDI\",\"BDI\"),\nIF(OR(AND(import.recurso=\"OGU\",TIPOORCAMENTO=\"Proposto\",LEFT($O$8,5)<>\"(N/D:\",$AG261<>\"\",ORÇAMENTO.CustoUnitario>$AG261),AND(TIPOORCAMENTO=\"LICITADO\",ORÇAMENTO.PrecoUnitarioLicitado>$AN261)),\"ACIMA REF.\",\nIF(AND($C261=\"S\",$P261<>\"\",$Q261<>\"\",$T261=0,$U261>0),\"QUANT.\",\nIF(AND(Import.TipoArredondamento=\"TransfereGOV\",$L261=\"F\",$C261=\"S\",LEN($Q261)>13),\"Código >13\",\nIF(AND(Import.TipoArredondamento=\"TransfereGOV\",$L261=\"F\",$C261<>\"S\",LEN($R261)>100),\"Descrição >100\",\nIF(AND(Import.TipoArredondamento=\"TransfereGOV\",$L261=\"F\",$C261=\"S\",LEN($R261)>500),\"Descrição >500\",\nIF(AND(Import.TipoArredondamento=\"TransfereGOV\",$L261=\"F\",$C261=\"S\",LEFT(TRIM(UPPER($P261)),6)<>\"SINAPI\",ISNA(VLOOKUP(TRIM(UPPER($S261)),ListaTgov.Unidades,1,FALSE))),\"Unid. Não Disp\",\n\" \"))))))))))))))))","v":{"$error":"#NAME?"}},{"$f":"IF(C261<=CRONO.NivelExibicao,MAX($AD$15:OFFSET(AD261,-1,0))+IF($C261<>1,1,MAX(1,COUNTIF(QCI!$A$13:$A$24,OFFSET($E261,-1,0)))),\"\")","v":""},{"$f":"IF(AND($C261=\"S\",ORÇAMENTO.CodBarra<>\"\"),IF(ORÇAMENTO.Fonte=\"\",ORÇAMENTO.CodBarra,CONCATENATE(ORÇAMENTO.Fonte,\" \",ORÇAMENTO.CodBarra)))","v":false},{"$f":"IF(ISERROR(INDIRECT(ORÇAMENTO.BancoRef)),\"(abra o arquivo 'Referência \"&Excel_BuiltIn_Database&\".xlsm)\",IF(OR($C261<>\"S\",ORÇAMENTO.CodBarra=\"\"),\"(Sem Código)\",IF(ISERROR(MATCH($AE261,INDIRECT(ORÇAMENTO.BancoRef),0)),\"(Código não identificado nas referências)\",MATCH($AE261,INDIRECT(ORÇAMENTO.BancoRef),0))))","v":"(Sem Código)"},{"$f":"ROUND(IF(DESONERACAO=\"sim\",REFERENCIA.Desonerado,REFERENCIA.NaoDesonerado),2)","v":0},0.26,null,null,null,null,0,0]
["S",3,"S",0,{"$f":"IF($C262=1,OFFSET(E262,-1,0)+MAX(1,COUNTIF(QCI!$A$13:$A$24,OFFSET(ORÇAMENTO!E262,-1,0))),OFFSET(E262,-1,0))","v":1},2,2,0,10,0,{"$f":"IF(OR($C262=\"S\",$C262=0),0,MATCH(OFFSET($D262,0,$C262)+IF($C262<>1,1,COUNTIF(QCI!$A$13:$A$24,ORÇAMENTO!E262)),OFFSET($D262,1,$C262,ROW($C$270)-ROW($C262)),0))","v":0},"","Serviço","Serviço","-","SINAPI",null,{"$f":"IF($C262=\"S\",REFERENCIA.Descricao,\"(digite a descrição aqui)\")","v":"(Sem Código)"},{"$f":"REFERENCIA.Unidade","v":"-"},{"$f":"OFFSET(CÁLCULO!H$15,ROW($T262)-ROW(T$15),0)","v":0},null,"BDI 1",{"$f":"IF($C262=\"S\",ROUND(IF(TIPOORCAMENTO=\"Proposto\",ORÇAMENTO.CustoUnitario*(1+$AH262),ORÇAMENTO.PrecoUnitarioLicitado),15-13*$AF$10),0)","v":0},{"$f":"IF($C262=\"S\",IF(OR(Import.TipoArredondamento<>\"TransfereGOV\",ACOMPANHAMENTO=\"BM\"),VTOTAL1,SUM(OFFSET(CÁLCULO!$AA$15,ROW($X262)-ROW($X$15),1):OFFSET(CÁLCULO!$AL$15,ROW($X262)-ROW($X$15),-1))),IF($C262=0,0,ROUND(SomaAgrup,15-13*$AF$11)))","v":0},"RA","",{"$f":"IF($C262=\"S\",IF($Z262=\"CP\",$X262,IF($Z262=\"RA\",(($X262)*QCI!$AA$3),0)),SomaAgrup)","v":0},0,{"$f":"IF($N262=\"\",\" \",\nIF(AND($C262<>\"S\",OR($R262=\"\",$R262=\"(digite a descrição aqui)\")),\"DESCRIÇÃO\",\nIF(AND($C262=\"S\",OR($Q262<>\"\",$T262>0,$U262>0),$P262=\"\"),\"FONTE\",\nIF(AND($C262=\"S\",$P262<>\"\",OR($T262>0,$U262>0),$Q262=\"\"),\"CÓDIGO\",\nIF(AND($C262=\"S\",$P262<>\"\",$Q262<>\"\",$R262=\"(Código não identificado nas referências)\"),\"CÓDIGO N/ID\",\nIF(AND($C262=\"S\",OR($R262=\"\",$R262=\"(digite a descrição aqui)\"),OR($Q262<>\"\",$T262>0,$U262>0)),\"DESCRIÇÃO\",\nIF(AND($C262=\"S\",$P262<>\"\",$Q262<>\"\",$S262=\"\"),\"UNIDADE\",\nIF(AND($C262=\"S\",$P262<>\"\",$Q262<>\"\",$U262=0),\"SEM CUSTO\",\nIF(AND(_xlfn.SINGLE(TIPOORCAMENTO)=\"Licitado\",$AL262=0,$AN262>0),\"SEM PREÇO\",\nIF(AND($C262=\"S\",$P262<>\"\",$Q262<>\"\",$U262>0,AND($V262<>\"BDI 1\",$V262<>\"BDI 2\",$V262<>\"BDI 3\")),IF(ISNUMBER($V262),\"JUSTIFICAR BDI\",\"BDI\"),\nIF(OR(AND(import.recurso=\"OGU\",TIPOORCAMENTO=\"Proposto\",LEFT($O$8,5)<>\"(N/D:\",$AG262<>\"\",ORÇAMENTO.CustoUnitario>$AG262),AND(TIPOORCAMENTO=\"LICITADO\",ORÇAMENTO.PrecoUnitarioLicitado>$AN262)),\"ACIMA REF.\",\nIF(AND($C262=\"S\",$P262<>\"\",$Q262<>\"\",$T262=0,$U262>0),\"QUANT.\",\nIF(AND(Import.TipoArredondamento=\"TransfereGOV\",$L262=\"F\",$C262=\"S\",LEN($Q262)>13),\"Código >13\",\nIF(AND(Import.TipoArredondamento=\"TransfereGOV\",$L262=\"F\",$C262<>\"S\",LEN($R262)>100),\"Descrição >100\",\nIF(AND(Import.TipoArredondamento=\"TransfereGOV\",$L262=\"F\",$C262=\"S\",LEN($R262)>500),\"Descrição >500\",\nIF(AND(Import.TipoArredondamento=\"TransfereGOV\",$L262=\"F\",$C262=\"S\",LEFT(TRIM(UPPER($P262)),6)<>\"SINAPI\",ISNA(VLOOKUP(TRIM(UPPER($S262)),ListaTgov.Unidades,1,FALSE))),\"Unid. Não Disp\",\n\" \"))))))))))))))))","v":{"$error":"#NAME?"}},{"$f":"IF(C262<=CRONO.NivelExibicao,MAX($AD$15:OFFSET(AD262,-1,0))+IF($C262<>1,1,MAX(1,COUNTIF(QCI!$A$13:$A$24,OFFSET($E262,-1,0)))),\"\")","v":""},{"$f":"IF(AND($C262=\"S\",ORÇAMENTO.CodBarra<>\"\"),IF(ORÇAMENTO.Fonte=\"\",ORÇAMENTO.CodBarra,CONCATENATE(ORÇAMENTO.Fonte,\" \",ORÇAMENTO.CodBarra)))","v":false},{"$f":"IF(ISERROR(INDIRECT(ORÇAMENTO.BancoRef)),\"(abra o arquivo 'Referência \"&Excel_BuiltIn_Database&\".xlsm)\",IF(OR($C262<>\"S\",ORÇAMENTO.CodBarra=\"\"),\"(Sem Código)\",IF(ISERROR(MATCH($AE262,INDIRECT(ORÇAMENTO.BancoRef),0)),\"(Código não identificado nas referências)\",MATCH($AE262,INDIRECT(ORÇAMENTO.BancoRef),0))))","v":"(Sem Código)"},{"$f":"ROUND(IF(DESONERACAO=\"sim\",REFERENCIA.Desonerado,REFERENCIA.NaoDesonerado),2)","v":0},0.26,null,null,null,null,0,0]
["S",3,"S",0,{"$f":"IF($C263=1,OFFSET(E263,-1,0)+MAX(1,COUNTIF(QCI!$A$13:$A$24,OFFSET(ORÇAMENTO!E263,-1,0))),OFFSET(E263,-1,0))","v":1},2,2,0,10,0,{"$f":"IF(OR($C263=\"S\",$C263=0),0,MATCH(OFFSET($D263,0,$C263)+IF($C263<>1,1,COUNTIF(QCI!$A$13:$A$24,ORÇAMENTO!E263)),OFFSET($D263,1,$C263,ROW($C$270)-ROW($C263)),0))","v":0},"","Serviço","Serviço","-","SINAPI",null,{"$f":"IF($C263=\"S\",REFERENCIA.Descricao,\"(digite a descrição aqui)\")","v":"(Sem Código)"},{"$f":"REFERENCIA.Unidade","v":"-"},{"$f":"OFFSET(CÁLCULO!H$15,ROW($T263)-ROW(T$15),0)","v":0},null,"BDI 1",{"$f":"IF($C263=\"S\",ROUND(IF(TIPOORCAMENTO=\"Proposto\",ORÇAMENTO.CustoUnitario*(1+$AH263),ORÇAMENTO.PrecoUnitarioLicitado),15-13*$AF$10),0)","v":0},{"$f":"IF($C263=\"S\",IF(OR(Import.TipoArredondamento<>\"TransfereGOV\",ACOMPANHAMENTO=\"BM\"),VTOTAL1,SUM(OFFSET(CÁLCULO!$AA$15,ROW($X263)-ROW($X$15),1):OFFSET(CÁLCULO!$AL$15,ROW($X263)-ROW($X$15),-1))),IF($C263=0,0,ROUND(SomaAgrup,15-13*$AF$11)))","v":0},"RA","",{"$f":"IF($C263=\"S\",IF($Z263=\"CP\",$X263,IF($Z263=\"RA\",(($X263)*QCI!$AA$3),0)),SomaAgrup)","v":0},0,{"$f":"IF($N263=\"\",\" \",\nIF(AND($C263<>\"S\",OR($R263=\"\",$R263=\"(digite a descrição aqui)\")),\"DESCRIÇÃO\",\nIF(AND($C263=\"S\",OR($Q263<>\"\",$T263>0,$U263>0),$P263=\"\"),\"FONTE\",\nIF(AND($C263=\"S\",$P263<>\"\",OR($T263>0,$U263>0),$Q263=\"\"),\"CÓDIGO\",\nIF(AND($C263=\"S\",$P263<>\"\",$Q263<>\"\",$R263=\"(Código não identificado nas referências)\"),\"CÓDIGO N/ID\",\nIF(AND($C263=\"S\",OR($R263=\"\",$R263=\"(digite a descrição aqui)\"),OR($Q263<>\"\",$T263>0,$U263>0)),\"DESCRIÇÃO\",\nIF(AND($C263=\"S\",$P263<>\"\",$Q263<>\"\",$S263=\"\"),\"UNIDADE\",\nIF(AND($C263=\"S\",$P263<>\"\",$Q263<>\"\",$U263=0),\"SEM CUSTO\",\nIF(AND(_xlfn.SINGLE(TIPOORCAMENTO)=\"Licitado\",$AL263=0,$AN263>0),\"SEM PREÇO\",\nIF(AND($C263=\"S\",$P263<>\"\",$Q263<>\"\",$U263>0,AND($V263<>\"BDI 1\",$V263<>\"BDI 2\",$V263<>\"BDI 3\")),IF(ISNUMBER($V263),\"JUSTIFICAR BDI\",\"BDI\"),\nIF(OR(AND(import.recurso=\"OGU\",TIPOORCAMENTO=\"Proposto\",LEFT($O$8,5)<>\"(N/D:\",$AG263<>\"\",ORÇAMENTO.CustoUnitario>$AG263),AND(TIPOORCAMENTO=\"LICITADO\",ORÇAMENTO.PrecoUnitarioLicitado>$AN263)),\"ACIMA REF.\",\nIF(AND($C263=\"S\",$P263<>\"\",$Q263<>\"\",$T263=0,$U263>0),\"QUANT.\",\nIF(AND(Import.TipoArredondamento=\"TransfereGOV\",$L263=\"F\",$C263=\"S\",LEN($Q263)>13),\"Código >13\",\nIF(AND(Import.TipoArredondamento=\"TransfereGOV\",$L263=\"F\",$C263<>\"S\",LEN($R263)>100),\"Descrição >100\",\nIF(AND(Import.TipoArredondamento=\"TransfereGOV\",$L263=\"F\",$C263=\"S\",LEN($R263)>500),\"Descrição >500\",\nIF(AND(Import.TipoArredondamento=\"TransfereGOV\",$L263=\"F\",$C263=\"S\",LEFT(TRIM(UPPER($P263)),6)<>\"SINAPI\",ISNA(VLOOKUP(TRIM(UPPER($S263)),ListaTgov.Unidades,1,FALSE))),\"Unid. Não Disp\",\n\" \"))))))))))))))))","v":{"$error":"#NAME?"}},{"$f":"IF(C263<=CRONO.NivelExibicao,MAX($AD$15:OFFSET(AD263,-1,0))+IF($C263<>1,1,MAX(1,COUNTIF(QCI!$A$13:$A$24,OFFSET($E263,-1,0)))),\"\")","v":""},{"$f":"IF(AND($C263=\"S\",ORÇAMENTO.CodBarra<>\"\"),IF(ORÇAMENTO.Fonte=\"\",ORÇAMENTO.CodBarra,CONCATENATE(ORÇAMENTO.Fonte,\" \",ORÇAMENTO.CodBarra)))","v":false},{"$f":"IF(ISERROR(INDIRECT(ORÇAMENTO.BancoRef)),\"(abra o arquivo 'Referência \"&Excel_BuiltIn_Database&\".xlsm)\",IF(OR($C263<>\"S\",ORÇAMENTO.CodBarra=\"\"),\"(Sem Código)\",IF(ISERROR(MATCH($AE263,INDIRECT(ORÇAMENTO.BancoRef),0)),\"(Código não identificado nas referências)\",MATCH($AE263,INDIRECT(ORÇAMENTO.BancoRef),0))))","v":"(Sem Código)"},{"$f":"ROUND(IF(DESONERACAO=\"sim\",REFERENCIA.Desonerado,REFERENCIA.NaoDesonerado),2)","v":0},0.26,null,null,null,null,0,0]
["S",3,"S",0,{"$f":"IF($C264=1,OFFSET(E264,-1,0)+MAX(1,COUNTIF(QCI!$A$13:$A$24,OFFSET(ORÇAMENTO!E264,-1,0))),OFFSET(E264,-1,0))","v":1},2,2,0,10,0,{"$f":"IF(OR($C264=\"S\",$C264=0),0,MATCH(OFFSET($D264,0,$C264)+IF($C264<>1,1,COUNTIF(QCI!$A$13:$A$24,ORÇAMENTO!E264)),OFFSET($D264,1,$C264,ROW($C$270)-ROW($C264)),0))","v":0},"","Serviço","Serviço","-","SINAPI",null,{"$f":"IF($C264=\"S\",REFERENCIA.Descricao,\"(digite a descrição aqui)\")","v":"(Sem Código)"},{"$f":"REFERENCIA.Unidade","v":"-"},{"$f":"OFFSET(CÁLCULO!H$15,ROW($T264)-ROW(T$15),0)","v":0},null,"BDI 1",{"$f":"IF($C264=\"S\",ROUND(IF(TIPOORCAMENTO=\"Proposto\",ORÇAMENTO.CustoUnitario*(1+$AH264),ORÇAMENTO.PrecoUnitarioLicitado),15-13*$AF$10),0)","v":0},{"$f":"IF($C264=\"S\",IF(OR(Import.TipoArredondamento<>\"TransfereGOV\",ACOMPANHAMENTO=\"BM\"),VTOTAL1,SUM(OFFSET(CÁLCULO!$AA$15,ROW($X264)-ROW($X$15),1):OFFSET(CÁLCULO!$AL$15,ROW($X264)-ROW($X$15),-1))),IF($C264=0,0,ROUND(SomaAgrup,15-13*$AF$11)))","v":0},"RA","",{"$f":"IF($C264=\"S\",IF($Z264=\"CP\",$X264,IF($Z264=\"RA\",(($X264)*QCI!$AA$3),0)),SomaAgrup)","v":0},0,{"$f":"IF($N264=\"\",\" \",\nIF(AND($C264<>\"S\",OR($R264=\"\",$R264=\"(digite a descrição aqui)\")),\"DESCRIÇÃO\",\nIF(AND($C264=\"S\",OR($Q264<>\"\",$T264>0,$U264>0),$P264=\"\"),\"FONTE\",\nIF(AND($C264=\"S\",$P264<>\"\",OR($T264>0,$U264>0),$Q264=\"\"),\"CÓDIGO\",\nIF(AND($C264=\"S\",$P264<>\"\",$Q264<>\"\",$R264=\"(Código não identificado nas referências)\"),\"CÓDIGO N/ID\",\nIF(AND($C264=\"S\",OR($R264=\"\",$R264=\"(digite a descrição aqui)\"),OR($Q264<>\"\",$T264>0,$U264>0)),\"DESCRIÇÃO\",\nIF(AND($C264=\"S\",$P264<>\"\",$Q264<>\"\",$S264=\"\"),\"UNIDADE\",\nIF(AND($C264=\"S\",$P264<>\"\",$Q264<>\"\",$U264=0),\"SEM CUSTO\",\nIF(AND(_xlfn.SINGLE(TIPOORCAMENTO)=\"Licitado\",$AL264=0,$AN264>0),\"SEM PREÇO\",\nIF(AND($C264=\"S\",$P264<>\"\",$Q264<>\"\",$U264>0,AND($V264<>\"BDI 1\",$V264<>\"BDI 2\",$V264<>\"BDI 3\")),IF(ISNUMBER($V264),\"JUSTIFICAR BDI\",\"BDI\"),\nIF(OR(AND(import.recurso=\"OGU\",TIPOORCAMENTO=\"Proposto\",LEFT($O$8,5)<>\"(N/D:\",$AG264<>\"\",ORÇAMENTO.CustoUnitario>$AG264),AND(TIPOORCAMENTO=\"LICITADO\",ORÇAMENTO.PrecoUnitarioLicitado>$AN264)),\"ACIMA REF.\",\nIF(AND($C264=\"S\",$P264<>\"\",$Q264<>\"\",$T264=0,$U264>0),\"QUANT.\",\nIF(AND(Import.TipoArredondamento=\"TransfereGOV\",$L264=\"F\",$C264=\"S\",LEN($Q264)>13),\"Código >13\",\nIF(AND(Import.TipoArredondamento=\"TransfereGOV\",$L264=\"F\",$C264<>\"S\",LEN($R264)>100),\"Descrição >100\",\nIF(AND(Import.TipoArredondamento=\"TransfereGOV\",$L264=\"F\",$C264=\"S\",LEN($R264)>500),\"Descrição >500\",\nIF(AND(Import.TipoArredondamento=\"TransfereGOV\",$L264=\"F\",$C264=\"S\",LEFT(TRIM(UPPER($P264)),6)<>\"SINAPI\",ISNA(VLOOKUP(TRIM(UPPER($S264)),ListaTgov.Unidades,1,FALSE))),\"Unid. Não Disp\",\n\" \"))))))))))))))))","v":{"$error":"#NAME?"}},{"$f":"IF(C264<=CRONO.NivelExibicao,MAX($AD$15:OFFSET(AD264,-1,0))+IF($C264<>1,1,MAX(1,COUNTIF(QCI!$A$13:$A$24,OFFSET($E264,-1,0)))),\"\")","v":""},{"$f":"IF(AND($C264=\"S\",ORÇAMENTO.CodBarra<>\"\"),IF(ORÇAMENTO.Fonte=\"\",ORÇAMENTO.CodBarra,CONCATENATE(ORÇAMENTO.Fonte,\" \",ORÇAMENTO.CodBarra)))","v":false},{"$f":"IF(ISERROR(INDIRECT(ORÇAMENTO.BancoRef)),\"(abra o arquivo 'Referência \"&Excel_BuiltIn_Database&\".xlsm)\",IF(OR($C264<>\"S\",ORÇAMENTO.CodBarra=\"\"),\"(Sem Código)\",IF(ISERROR(MATCH($AE264,INDIRECT(ORÇAMENTO.BancoRef),0)),\"(Código não identificado nas referências)\",MATCH($AE264,INDIRECT(ORÇAMENTO.BancoRef),0))))","v":"(Sem Código)"},{"$f":"ROUND(IF(DESONERACAO=\"sim\",REFERENCIA.Desonerado,REFERENCIA.NaoDesonerado),2)","v":0},0.26,null,null,null,null,0,0]
["S",3,"S",0,{"$f":"IF($C265=1,OFFSET(E265,-1,0)+MAX(1,COUNTIF(QCI!$A$13:$A$24,OFFSET(ORÇAMENTO!E265,-1,0))),OFFSET(E265,-1,0))","v":1},2,2,0,10,0,{"$f":"IF(OR($C265=\"S\",$C265=0),0,MATCH(OFFSET($D265,0,$C265)+IF($C265<>1,1,COUNTIF(QCI!$A$13:$A$24,ORÇAMENTO!E265)),OFFSET($D265,1,$C265,ROW($C$270)-ROW($C265)),0))","v":0},"","Serviço","Serviço","-","SINAPI",null,{"$f":"IF($C265=\"S\",REFERENCIA.Descricao,\"(digite a descrição aqui)\")","v":"(Sem Código)"},{"$f":"REFERENCIA.Unidade","v":"-"},{"$f":"OFFSET(CÁLCULO!H$15,ROW($T265)-ROW(T$15),0)","v":0},null,"BDI 1",{"$f":"IF($C265=\"S\",ROUND(IF(TIPOORCAMENTO=\"Proposto\",ORÇAMENTO.CustoUnitario*(1+$AH265),ORÇAMENTO.PrecoUnitarioLicitado),15-13*$AF$10),0)","v":0},{"$f":"IF($C265=\"S\",IF(OR(Import.TipoArredondamento<>\"TransfereGOV\",ACOMPANHAMENTO=\"BM\"),VTOTAL1,SUM(OFFSET(CÁLCULO!$AA$15,ROW($X265)-ROW($X$15),1):OFFSET(CÁLCULO!$AL$15,ROW($X265)-ROW($X$15),-1))),IF($C265=0,0,ROUND(SomaAgrup,15-13*$AF$11)))","v":0},"RA","",{"$f":"IF($C265=\"S\",IF($Z265=\"CP\",$X265,IF($Z265=\"RA\",(($X265)*QCI!$AA$3),0)),SomaAgrup)","v":0},0,{"$f":"IF($N265=\"\",\" \",\nIF(AND($C265<>\"S\",OR($R265=\"\",$R265=\"(digite a descrição aqui)\")),\"DESCRIÇÃO\",\nIF(AND($C265=\"S\",OR($Q265<>\"\",$T265>0,$U265>0),$P265=\"\"),\"FONTE\",\nIF(AND($C265=\"S\",$P265<>\"\",OR($T265>0,$U265>0),$Q265=\"\"),\"CÓDIGO\",\nIF(AND($C265=\"S\",$P265<>\"\",$Q265<>\"\",$R265=\"(Código não identificado nas referências)\"),\"CÓDIGO N/ID\",\nIF(AND($C265=\"S\",OR($R265=\"\",$R265=\"(digite a descrição aqui)\"),OR($Q265<>\"\",$T265>0,$U265>0)),\"DESCRIÇÃO\",\nIF(AND($C265=\"S\",$P265<>\"\",$Q265<>\"\",$S265=\"\"),\"UNIDADE\",\nIF(AND($C265=\"S\",$P265<>\"\",$Q265<>\"\",$U265=0),\"SEM CUSTO\",\nIF(AND(_xlfn.SINGLE(TIPOORCAMENTO)=\"Licitado\",$AL265=0,$AN265>0),\"SEM PREÇO\",\nIF(AND($C265=\"S\",$P265<>\"\",$Q265<>\"\",$U265>0,AND($V265<>\"BDI 1\",$V265<>\"BDI 2\",$V265<>\"BDI 3\")),IF(ISNUMBER($V265),\"JUSTIFICAR BDI\",\"BDI\"),\nIF(OR(AND(import.recurso=\"OGU\",TIPOORCAMENTO=\"Proposto\",LEFT($O$8,5)<>\"(N/D:\",$AG265<>\"\",ORÇAMENTO.CustoUnitario>$AG265),AND(TIPOORCAMENTO=\"LICITADO\",ORÇAMENTO.PrecoUnitarioLicitado>$AN265)),\"ACIMA REF.\",\nIF(AND($C265=\"S\",$P265<>\"\",$Q265<>\"\",$T265=0,$U265>0),\"QUANT.\",\nIF(AND(Import.TipoArredondamento=\"TransfereGOV\",$L265=\"F\",$C265=\"S\",LEN($Q265)>13),\"Código >13\",\nIF(AND(Import.TipoArredondamento=\"TransfereGOV\",$L265=\"F\",$C265<>\"S\",LEN($R265)>100),\"Descrição >100\",\nIF(AND(Import.TipoArredondamento=\"TransfereGOV\",$L265=\"F\",$C265=\"S\",LEN($R265)>500),\"Descrição >500\",\nIF(AND(Import.TipoArredondamento=\"TransfereGOV\",$L265=\"F\",$C265=\"S\",LEFT(TRIM(UPPER($P265)),6)<>\"SINAPI\",ISNA(VLOOKUP(TRIM(UPPER($S265)),ListaTgov.Unidades,1,FALSE))),\"Unid. Não Disp\",\n\" \"))))))))))))))))","v":{"$error":"#NAME?"}},{"$f":"IF(C265<=CRONO.NivelExibicao,MAX($AD$15:OFFSET(AD265,-1,0))+IF($C265<>1,1,MAX(1,COUNTIF(QCI!$A$13:$A$24,OFFSET($E265,-1,0)))),\"\")","v":""},{"$f":"IF(AND($C265=\"S\",ORÇAMENTO.CodBarra<>\"\"),IF(ORÇAMENTO.Fonte=\"\",ORÇAMENTO.CodBarra,CONCATENATE(ORÇAMENTO.Fonte,\" \",ORÇAMENTO.CodBarra)))","v":false},{"$f":"IF(ISERROR(INDIRECT(ORÇAMENTO.BancoRef)),\"(abra o arquivo 'Referência \"&Excel_BuiltIn_Database&\".xlsm)\",IF(OR($C265<>\"S\",ORÇAMENTO.CodBarra=\"\"),\"(Sem Código)\",IF(ISERROR(MATCH($AE265,INDIRECT(ORÇAMENTO.BancoRef),0)),\"(Código não identificado nas referências)\",MATCH($AE265,INDIRECT(ORÇAMENTO.BancoRef),0))))","v":"(Sem Código)"},{"$f":"ROUND(IF(DESONERACAO=\"sim\",REFERENCIA.Desonerado,REFERENCIA.NaoDesonerado),2)","v":0},0.26,null,null,null,null,0,0]
["S",3,"S",0,{"$f":"IF($C266=1,OFFSET(E266,-1,0)+MAX(1,COUNTIF(QCI!$A$13:$A$24,OFFSET(ORÇAMENTO!E266,-1,0))),OFFSET(E266,-1,0))","v":1},2,2,0,10,0,{"$f":"IF(OR($C266=\"S\",$C266=0),0,MATCH(OFFSET($D266,0,$C266)+IF($C266<>1,1,COUNTIF(QCI!$A$13:$A$24,ORÇAMENTO!E266)),OFFSET($D266,1,$C266,ROW($C$270)-ROW($C266)),0))","v":0},"","Serviço","Serviço","-","SINAPI",null,{"$f":"IF($C266=\"S\",REFERENCIA.Descricao,\"(digite a descrição aqui)\")","v":"(Sem Código)"},{"$f":"REFERENCIA.Unidade","v":"-"},{"$f":"OFFSET(CÁLCULO!H$15,ROW($T266)-ROW(T$15),0)","v":0},null,"BDI 1",{"$f":"IF($C266=\"S\",ROUND(IF(TIPOORCAMENTO=\"Proposto\",ORÇAMENTO.CustoUnitario*(1+$AH266),ORÇAMENTO.PrecoUnitarioLicitado),15-13*$AF$10),0)","v":0},{"$f":"IF($C266=\"S\",IF(OR(Import.TipoArredondamento<>\"TransfereGOV\",ACOMPANHAMENTO=\"BM\"),VTOTAL1,SUM(OFFSET(CÁLCULO!$AA$15,ROW($X266)-ROW($X$15),1):OFFSET(CÁLCULO!$AL$15,ROW($X266)-ROW($X$15),-1))),IF($C266=0,0,ROUND(SomaAgrup,15-13*$AF$11)))","v":0},"RA","",{"$f":"IF($C266=\"S\",IF($Z266=\"CP\",$X266,IF($Z266=\"RA\",(($X266)*QCI!$AA$3),0)),SomaAgrup)","v":0},0,{"$f":"IF($N266=\"\",\" \",\nIF(AND($C266<>\"S\",OR($R266=\"\",$R266=\"(digite a descrição aqui)\")),\"DESCRIÇÃO\",\nIF(AND($C266=\"S\",OR($Q266<>\"\",$T266>0,$U266>0),$P266=\"\"),\"FONTE\",\nIF(AND($C266=\"S\",$P266<>\"\",OR($T266>0,$U266>0),$Q266=\"\"),\"CÓDIGO\",\nIF(AND($C266=\"S\",$P266<>\"\",$Q266<>\"\",$R266=\"(Código não identificado nas referências)\"),\"CÓDIGO N/ID\",\nIF(AND($C266=\"S\",OR($R266=\"\",$R266=\"(digite a descrição aqui)\"),OR($Q266<>\"\",$T266>0,$U266>0)),\"DESCRIÇÃO\",\nIF(AND($C266=\"S\",$P266<>\"\",$Q266<>\"\",$S266=\"\"),\"UNIDADE\",\nIF(AND($C266=\"S\",$P266<>\"\",$Q266<>\"\",$U266=0),\"SEM CUSTO\",\nIF(AND(_xlfn.SINGLE(TIPOORCAMENTO)=\"Licitado\",$AL266=0,$AN266>0),\"SEM PREÇO\",\nIF(AND($C266=\"S\",$P266<>\"\",$Q266<>\"\",$U266>0,AND($V266<>\"BDI 1\",$V266<>\"BDI 2\",$V266<>\"BDI 3\")),IF(ISNUMBER($V266),\"JUSTIFICAR BDI\",\"BDI\"),\nIF(OR(AND(import.recurso=\"OGU\",TIPOORCAMENTO=\"Proposto\",LEFT($O$8,5)<>\"(N/D:\",$AG266<>\"\",ORÇAMENTO.CustoUnitario>$AG266),AND(TIPOORCAMENTO=\"LICITADO\",ORÇAMENTO.PrecoUnitarioLicitado>$AN266)),\"ACIMA REF.\",\nIF(AND($C266=\"S\",$P266<>\"\",$Q266<>\"\",$T266=0,$U266>0),\"QUANT.\",\nIF(AND(Import.TipoArredondamento=\"TransfereGOV\",$L266=\"F\",$C266=\"S\",LEN($Q266)>13),\"Código >13\",\nIF(AND(Import.TipoArredondamento=\"TransfereGOV\",$L266=\"F\",$C266<>\"S\",LEN($R266)>100),\"Descrição >100\",\nIF(AND(Import.TipoArredondamento=\"TransfereGOV\",$L266=\"F\",$C266=\"S\",LEN($R266)>500),\"Descrição >500\",\nIF(AND(Import.TipoArredondamento=\"TransfereGOV\",$L266=\"F\",$C266=\"S\",LEFT(TRIM(UPPER($P266)),6)<>\"SINAPI\",ISNA(VLOOKUP(TRIM(UPPER($S266)),ListaTgov.Unidades,1,FALSE))),\"Unid. Não Disp\",\n\" \"))))))))))))))))","v":{"$error":"#NAME?"}},{"$f":"IF(C266<=CRONO.NivelExibicao,MAX($AD$15:OFFSET(AD266,-1,0))+IF($C266<>1,1,MAX(1,COUNTIF(QCI!$A$13:$A$24,OFFSET($E266,-1,0)))),\"\")","v":""},{"$f":"IF(AND($C266=\"S\",ORÇAMENTO.CodBarra<>\"\"),IF(ORÇAMENTO.Fonte=\"\",ORÇAMENTO.CodBarra,CONCATENATE(ORÇAMENTO.Fonte,\" \",ORÇAMENTO.CodBarra)))","v":false},{"$f":"IF(ISERROR(INDIRECT(ORÇAMENTO.BancoRef)),\"(abra o arquivo 'Referência \"&Excel_BuiltIn_Database&\".xlsm)\",IF(OR($C266<>\"S\",ORÇAMENTO.CodBarra=\"\"),\"(Sem Código)\",IF(ISERROR(MATCH($AE266,INDIRECT(ORÇAMENTO.BancoRef),0)),\"(Código não identificado nas referências)\",MATCH($AE266,INDIRECT(ORÇAMENTO.BancoRef),0))))","v":"(Sem Código)"},{"$f":"ROUND(IF(DESONERACAO=\"sim\",REFERENCIA.Desonerado,REFERENCIA.NaoDesonerado),2)","v":0},0.26,null,null,null,null,0,0]
["S",3,"S",0,{"$f":"IF($C267=1,OFFSET(E267,-1,0)+MAX(1,COUNTIF(QCI!$A$13:$A$24,OFFSET(ORÇAMENTO!E267,-1,0))),OFFSET(E267,-1,0))","v":1},2,2,0,10,0,{"$f":"IF(OR($C267=\"S\",$C267=0),0,MATCH(OFFSET($D267,0,$C267)+IF($C267<>1,1,COUNTIF(QCI!$A$13:$A$24,ORÇAMENTO!E267)),OFFSET($D267,1,$C267,ROW($C$270)-ROW($C267)),0))","v":0},"","Serviço","Serviço","-","SINAPI",null,{"$f":"IF($C267=\"S\",REFERENCIA.Descricao,\"(digite a descrição aqui)\")","v":"(Sem Código)"},{"$f":"REFERENCIA.Unidade","v":"-"},{"$f":"OFFSET(CÁLCULO!H$15,ROW($T267)-ROW(T$15),0)","v":0},null,"BDI 1",{"$f":"IF($C267=\"S\",ROUND(IF(TIPOORCAMENTO=\"Proposto\",ORÇAMENTO.CustoUnitario*(1+$AH267),ORÇAMENTO.PrecoUnitarioLicitado),15-13*$AF$10),0)","v":0},{"$f":"IF($C267=\"S\",IF(OR(Import.TipoArredondamento<>\"TransfereGOV\",ACOMPANHAMENTO=\"BM\"),VTOTAL1,SUM(OFFSET(CÁLCULO!$AA$15,ROW($X267)-ROW($X$15),1):OFFSET(CÁLCULO!$AL$15,ROW($X267)-ROW($X$15),-1))),IF($C267=0,0,ROUND(SomaAgrup,15-13*$AF$11)))","v":0},"RA","",{"$f":"IF($C267=\"S\",IF($Z267=\"CP\",$X267,IF($Z267=\"RA\",(($X267)*QCI!$AA$3),0)),SomaAgrup)","v":0},0,{"$f":"IF($N267=\"\",\" \",\nIF(AND($C267<>\"S\",OR($R267=\"\",$R267=\"(digite a descrição aqui)\")),\"DESCRIÇÃO\",\nIF(AND($C267=\"S\",OR($Q267<>\"\",$T267>0,$U267>0),$P267=\"\"),\"FONTE\",\nIF(AND($C267=\"S\",$P267<>\"\",OR($T267>0,$U267>0),$Q267=\"\"),\"CÓDIGO\",\nIF(AND($C267=\"S\",$P267<>\"\",$Q267<>\"\",$R267=\"(Código não identificado nas referências)\"),\"CÓDIGO N/ID\",\nIF(AND($C267=\"S\",OR($R267=\"\",$R267=\"(digite a descrição aqui)\"),OR($Q267<>\"\",$T267>0,$U267>0)),\"DESCRIÇÃO\",\nIF(AND($C267=\"S\",$P267<>\"\",$Q267<>\"\",$S267=\"\"),\"UNIDADE\",\nIF(AND($C267=\"S\",$P267<>\"\",$Q267<>\"\",$U267=0),\"SEM CUSTO\",\nIF(AND(_xlfn.SINGLE(TIPOORCAMENTO)=\"Licitado\",$AL267=0,$AN267>0),\"SEM PREÇO\",\nIF(AND($C267=\"S\",$P267<>\"\",$Q267<>\"\",$U267>0,AND($V267<>\"BDI 1\",$V267<>\"BDI 2\",$V267<>\"BDI 3\")),IF(ISNUMBER($V267),\"JUSTIFICAR BDI\",\"BDI\"),\nIF(OR(AND(import.recurso=\"OGU\",TIPOORCAMENTO=\"Proposto\",LEFT($O$8,5)<>\"(N/D:\",$AG267<>\"\",ORÇAMENTO.CustoUnitario>$AG267),AND(TIPOORCAMENTO=\"LICITADO\",ORÇAMENTO.PrecoUnitarioLicitado>$AN267)),\"ACIMA REF.\",\nIF(AND($C267=\"S\",$P267<>\"\",$Q267<>\"\",$T267=0,$U267>0),\"QUANT.\",\nIF(AND(Import.TipoArredondamento=\"TransfereGOV\",$L267=\"F\",$C267=\"S\",LEN($Q267)>13),\"Código >13\",\nIF(AND(Import.TipoArredondamento=\"TransfereGOV\",$L267=\"F\",$C267<>\"S\",LEN($R267)>100),\"Descrição >100\",\nIF(AND(Import.TipoArredondamento=\"TransfereGOV\",$L267=\"F\",$C267=\"S\",LEN($R267)>500),\"Descrição >500\",\nIF(AND(Import.TipoArredondamento=\"TransfereGOV\",$L267=\"F\",$C267=\"S\",LEFT(TRIM(UPPER($P267)),6)<>\"SINAPI\",ISNA(VLOOKUP(TRIM(UPPER($S267)),ListaTgov.Unidades,1,FALSE))),\"Unid. Não Disp\",\n\" \"))))))))))))))))","v":{"$error":"#NAME?"}},{"$f":"IF(C267<=CRONO.NivelExibicao,MAX($AD$15:OFFSET(AD267,-1,0))+IF($C267<>1,1,MAX(1,COUNTIF(QCI!$A$13:$A$24,OFFSET($E267,-1,0)))),\"\")","v":""},{"$f":"IF(AND($C267=\"S\",ORÇAMENTO.CodBarra<>\"\"),IF(ORÇAMENTO.Fonte=\"\",ORÇAMENTO.CodBarra,CONCATENATE(ORÇAMENTO.Fonte,\" \",ORÇAMENTO.CodBarra)))","v":false},{"$f":"IF(ISERROR(INDIRECT(ORÇAMENTO.BancoRef)),\"(abra o arquivo 'Referência \"&Excel_BuiltIn_Database&\".xlsm)\",IF(OR($C267<>\"S\",ORÇAMENTO.CodBarra=\"\"),\"(Sem Código)\",IF(ISERROR(MATCH($AE267,INDIRECT(ORÇAMENTO.BancoRef),0)),\"(Código não identificado nas referências)\",MATCH($AE267,INDIRECT(ORÇAMENTO.BancoRef),0))))","v":"(Sem Código)"},{"$f":"ROUND(IF(DESONERACAO=\"sim\",REFERENCIA.Desonerado,REFERENCIA.NaoDesonerado),2)","v":0},0.26,null,null,null,null,0,0]
["S",3,"S",0,{"$f":"IF($C268=1,OFFSET(E268,-1,0)+MAX(1,COUNTIF(QCI!$A$13:$A$24,OFFSET(ORÇAMENTO!E268,-1,0))),OFFSET(E268,-1,0))","v":1},2,2,0,10,0,{"$f":"IF(OR($C268=\"S\",$C268=0),0,MATCH(OFFSET($D268,0,$C268)+IF($C268<>1,1,COUNTIF(QCI!$A$13:$A$24,ORÇAMENTO!E268)),OFFSET($D268,1,$C268,ROW($C$270)-ROW($C268)),0))","v":0},"","Serviço","Serviço","-","SINAPI",null,{"$f":"IF($C268=\"S\",REFERENCIA.Descricao,\"(digite a descrição aqui)\")","v":"(Sem Código)"},{"$f":"REFERENCIA.Unidade","v":"-"},{"$f":"OFFSET(CÁLCULO!H$15,ROW($T268)-ROW(T$15),0)","v":0},null,"BDI 1",{"$f":"IF($C268=\"S\",ROUND(IF(TIPOORCAMENTO=\"Proposto\",ORÇAMENTO.CustoUnitario*(1+$AH268),ORÇAMENTO.PrecoUnitarioLicitado),15-13*$AF$10),0)","v":0},{"$f":"IF($C268=\"S\",IF(OR(Import.TipoArredondamento<>\"TransfereGOV\",ACOMPANHAMENTO=\"BM\"),VTOTAL1,SUM(OFFSET(CÁLCULO!$AA$15,ROW($X268)-ROW($X$15),1):OFFSET(CÁLCULO!$AL$15,ROW($X268)-ROW($X$15),-1))),IF($C268=0,0,ROUND(SomaAgrup,15-13*$AF$11)))","v":0},"RA","",{"$f":"IF($C268=\"S\",IF($Z268=\"CP\",$X268,IF($Z268=\"RA\",(($X268)*QCI!$AA$3),0)),SomaAgrup)","v":0},0,{"$f":"IF($N268=\"\",\" \",\nIF(AND($C268<>\"S\",OR($R268=\"\",$R268=\"(digite a descrição aqui)\")),\"DESCRIÇÃO\",\nIF(AND($C268=\"S\",OR($Q268<>\"\",$T268>0,$U268>0),$P268=\"\"),\"FONTE\",\nIF(AND($C268=\"S\",$P268<>\"\",OR($T268>0,$U268>0),$Q268=\"\"),\"CÓDIGO\",\nIF(AND($C268=\"S\",$P268<>\"\",$Q268<>\"\",$R268=\"(Código não identificado nas referências)\"),\"CÓDIGO N/ID\",\nIF(AND($C268=\"S\",OR($R268=\"\",$R268=\"(digite a descrição aqui)\"),OR($Q268<>\"\",$T268>0,$U268>0)),\"DESCRIÇÃO\",\nIF(AND($C268=\"S\",$P268<>\"\",$Q268<>\"\",$S268=\"\"),\"UNIDADE\",\nIF(AND($C268=\"S\",$P268<>\"\",$Q268<>\"\",$U268=0),\"SEM CUSTO\",\nIF(AND(_xlfn.SINGLE(TIPOORCAMENTO)=\"Licitado\",$AL268=0,$AN268>0),\"SEM PREÇO\",\nIF(AND($C268=\"S\",$P268<>\"\",$Q268<>\"\",$U268>0,AND($V268<>\"BDI 1\",$V268<>\"BDI 2\",$V268<>\"BDI 3\")),IF(ISNUMBER($V268),\"JUSTIFICAR BDI\",\"BDI\"),\nIF(OR(AND(import.recurso=\"OGU\",TIPOORCAMENTO=\"Proposto\",LEFT($O$8,5)<>\"(N/D:\",$AG268<>\"\",ORÇAMENTO.CustoUnitario>$AG268),AND(TIPOORCAMENTO=\"LICITADO\",ORÇAMENTO.PrecoUnitarioLicitado>$AN268)),\"ACIMA REF.\",\nIF(AND($C268=\"S\",$P268<>\"\",$Q268<>\"\",$T268=0,$U268>0),\"QUANT.\",\nIF(AND(Import.TipoArredondamento=\"TransfereGOV\",$L268=\"F\",$C268=\"S\",LEN($Q268)>13),\"Código >13\",\nIF(AND(Import.TipoArredondamento=\"TransfereGOV\",$L268=\"F\",$C268<>\"S\",LEN($R268)>100),\"Descrição >100\",\nIF(AND(Import.TipoArredondamento=\"TransfereGOV\",$L268=\"F\",$C268=\"S\",LEN($R268)>500),\"Descrição >500\",\nIF(AND(Import.TipoArredondamento=\"TransfereGOV\",$L268=\"F\",$C268=\"S\",LEFT(TRIM(UPPER($P268)),6)<>\"SINAPI\",ISNA(VLOOKUP(TRIM(UPPER($S268)),ListaTgov.Unidades,1,FALSE))),\"Unid. Não Disp\",\n\" \"))))))))))))))))","v":{"$error":"#NAME?"}},{"$f":"IF(C268<=CRONO.NivelExibicao,MAX($AD$15:OFFSET(AD268,-1,0))+IF($C268<>1,1,MAX(1,COUNTIF(QCI!$A$13:$A$24,OFFSET($E268,-1,0)))),\"\")","v":""},{"$f":"IF(AND($C268=\"S\",ORÇAMENTO.CodBarra<>\"\"),IF(ORÇAMENTO.Fonte=\"\",ORÇAMENTO.CodBarra,CONCATENATE(ORÇAMENTO.Fonte,\" \",ORÇAMENTO.CodBarra)))","v":false},{"$f":"IF(ISERROR(INDIRECT(ORÇAMENTO.BancoRef)),\"(abra o arquivo 'Referência \"&Excel_BuiltIn_Database&\".xlsm)\",IF(OR($C268<>\"S\",ORÇAMENTO.CodBarra=\"\"),\"(Sem Código)\",IF(ISERROR(MATCH($AE268,INDIRECT(ORÇAMENTO.BancoRef),0)),\"(Código não identificado nas referências)\",MATCH($AE268,INDIRECT(ORÇAMENTO.BancoRef),0))))","v":"(Sem Código)"},{"$f":"ROUND(IF(DESONERACAO=\"sim\",REFERENCIA.Desonerado,REFERENCIA.NaoDesonerado),2)","v":0},0.26,null,null,null,null,0,0]
["S",3,"S",0,{"$f":"IF($C269=1,OFFSET(E269,-1,0)+MAX(1,COUNTIF(QCI!$A$13:$A$24,OFFSET(ORÇAMENTO!E269,-1,0))),OFFSET(E269,-1,0))","v":1},2,2,0,10,0,{"$f":"IF(OR($C269=\"S\",$C269=0),0,MATCH(OFFSET($D269,0,$C269)+IF($C269<>1,1,COUNTIF(QCI!$A$13:$A$24,ORÇAMENTO!E269)),OFFSET($D269,1,$C269,ROW($C$270)-ROW($C269)),0))","v":0},"","Serviço","Serviço","-","SINAPI",null,{"$f":"IF($C269=\"S\",REFERENCIA.Descricao,\"(digite a descrição aqui)\")","v":"(Sem Código)"},{"$f":"REFERENCIA.Unidade","v":"-"},{"$f":"OFFSET(CÁLCULO!H$15,ROW($T269)-ROW(T$15),0)","v":0},null,"BDI 1",{"$f":"IF($C269=\"S\",ROUND(IF(TIPOORCAMENTO=\"Proposto\",ORÇAMENTO.CustoUnitario*(1+$AH269),ORÇAMENTO.PrecoUnitarioLicitado),15-13*$AF$10),0)","v":0},{"$f":"IF($C269=\"S\",IF(OR(Import.TipoArredondamento<>\"TransfereGOV\",ACOMPANHAMENTO=\"BM\"),VTOTAL1,SUM(OFFSET(CÁLCULO!$AA$15,ROW($X269)-ROW($X$15),1):OFFSET(CÁLCULO!$AL$15,ROW($X269)-ROW($X$15),-1))),IF($C269=0,0,ROUND(SomaAgrup,15-13*$AF$11)))","v":0},"RA","",{"$f":"IF($C269=\"S\",IF($Z269=\"CP\",$X269,IF($Z269=\"RA\",(($X269)*QCI!$AA$3),0)),SomaAgrup)","v":0},0,{"$f":"IF($N269=\"\",\" \",\nIF(AND($C269<>\"S\",OR($R269=\"\",$R269=\"(digite a descrição aqui)\")),\"DESCRIÇÃO\",\nIF(AND($C269=\"S\",OR($Q269<>\"\",$T269>0,$U269>0),$P269=\"\"),\"FONTE\",\nIF(AND($C269=\"S\",$P269<>\"\",OR($T269>0,$U269>0),$Q269=\"\"),\"CÓDIGO\",\nIF(AND($C269=\"S\",$P269<>\"\",$Q269<>\"\",$R269=\"(Código não identificado nas referências)\"),\"CÓDIGO N/ID\",\nIF(AND($C269=\"S\",OR($R269=\"\",$R269=\"(digite a descrição aqui)\"),OR($Q269<>\"\",$T269>0,$U269>0)),\"DESCRIÇÃO\",\nIF(AND($C269=\"S\",$P269<>\"\",$Q269<>\"\",$S269=\"\"),\"UNIDADE\",\nIF(AND($C269=\"S\",$P269<>\"\",$Q269<>\"\",$U269=0),\"SEM CUSTO\",\nIF(AND(_xlfn.SINGLE(TIPOORCAMENTO)=\"Licitado\",$AL269=0,$AN269>0),\"SEM PREÇO\",\nIF(AND($C269=\"S\",$P269<>\"\",$Q269<>\"\",$U269>0,AND($V269<>\"BDI 1\",$V269<>\"BDI 2\",$V269<>\"BDI 3\")),IF(ISNUMBER($V269),\"JUSTIFICAR BDI\",\"BDI\"),\nIF(OR(AND(import.recurso=\"OGU\",TIPOORCAMENTO=\"Proposto\",LEFT($O$8,5)<>\"(N/D:\",$AG269<>\"\",ORÇAMENTO.CustoUnitario>$AG269),AND(TIPOORCAMENTO=\"LICITADO\",ORÇAMENTO.PrecoUnitarioLicitado>$AN269)),\"ACIMA REF.\",\nIF(AND($C269=\"S\",$P269<>\"\",$Q269<>\"\",$T269=0,$U269>0),\"QUANT.\",\nIF(AND(Import.TipoArredondamento=\"TransfereGOV\",$L269=\"F\",$C269=\"S\",LEN($Q269)>13),\"Código >13\",\nIF(AND(Import.TipoArredondamento=\"TransfereGOV\",$L269=\"F\",$C269<>\"S\",LEN($R269)>100),\"Descrição >100\",\nIF(AND(Import.TipoArredondamento=\"TransfereGOV\",$L269=\"F\",$C269=\"S\",LEN($R269)>500),\"Descrição >500\",\nIF(AND(Import.TipoArredondamento=\"TransfereGOV\",$L269=\"F\",$C269=\"S\",LEFT(TRIM(UPPER($P269)),6)<>\"SINAPI\",ISNA(VLOOKUP(TRIM(UPPER($S269)),ListaTgov.Unidades,1,FALSE))),\"Unid. Não Disp\",\n\" \"))))))))))))))))","v":{"$error":"#NAME?"}},{"$f":"IF(C269<=CRONO.NivelExibicao,MAX($AD$15:OFFSET(AD269,-1,0))+IF($C269<>1,1,MAX(1,COUNTIF(QCI!$A$13:$A$24,OFFSET($E269,-1,0)))),\"\")","v":""},{"$f":"IF(AND($C269=\"S\",ORÇAMENTO.CodBarra<>\"\"),IF(ORÇAMENTO.Fonte=\"\",ORÇAMENTO.CodBarra,CONCATENATE(ORÇAMENTO.Fonte,\" \",ORÇAMENTO.CodBarra)))","v":false},{"$f":"IF(ISERROR(INDIRECT(ORÇAMENTO.BancoRef)),\"(abra o arquivo 'Referência \"&Excel_BuiltIn_Database&\".xlsm)\",IF(OR($C269<>\"S\",ORÇAMENTO.CodBarra=\"\"),\"(Sem Código)\",IF(ISERROR(MATCH($AE269,INDIRECT(ORÇAMENTO.BancoRef),0)),\"(Código não identificado nas referências)\",MATCH($AE269,INDIRECT(ORÇAMENTO.BancoRef),0))))","v":"(Sem Código)"},{"$f":"ROUND(IF(DESONERACAO=\"sim\",REFERENCIA.Desonerado,REFERENCIA.NaoDesonerado),2)","v":0},0.26,null,null,null,null,0,0]
[-1,null,-1,null,0,0,0,0,0,null,null,"F",null,null,null,null,null,null,null,null,null,null,null,null,null,null,null,null," "]
[]
[]
[null,null,null,null,null,null,null,null,null,null,null,null,null,null,"Encargos sociais:",null,"Para elaboração deste orçamento, foram utilizados os encargos sociais do SINAPI para a Unidade da Federação indicada."]
[]
[null,null,null,null,null,null,null,null,null,null,null,null,null,null,"Observações:"]
[]
[]
[]
[]
[null,null,null,null,null,null,null,null,null,null,null,null,null,null,{"$f":"IF(AND($AF$7=FALSE,$AF$8=FALSE,$AF$9=FALSE,$AF$10=FALSE,$AF$11=FALSE),\"Não foi considerado arredondamento nos valores da planilha.\",CONCATENATE(\"Foi considerado arredondamento de duas casas decimais para \",IF($AF$7=TRUE,\"Quantidade; \",\"\"),IF($AF$8=TRUE,\"Custo Unitário; \",\"\"),IF($AF$9=TRUE,\"BDI; \",\"\"),IF($AF$10=TRUE,\"Preço Unitário; \",\"\"),IF($AF$11=TRUE,\"Preço Total.\",\"\")))","v":"Foi considerado arredondamento de duas casas decimais para Quantidade; Custo Unitário; BDI; Preço Unitário; Preço Total."}]
[null,null,null,null,null,null,null,null,null,null,null,null,null,null,"Siglas da Composição do Investimento: RA - Rateio proporcional entre Repasse e Contrapartida; RP - 100% Repasse; CP - 100% Contrapartida; OU - 100% Outros."]
[]
[null,null,null,null,null,null,null,null,null,null,null,null,null,null,{"$f":"Import.Município","v":"CHOPINZINHO / PR"}]
[null,null,null,null,null,null,null,null,null,null,null,null,null,null,"Local",null,null,null,"Responsável Técnico"]
[null,null,null,null,null,null,null,null,null,null,null,null,null,null,null,null,null,null,"Nome:",{"$f":"Import.RespOrçamento","v":"Christiano Dossa Silvestri"}]
[null,null,null,null,null,null,null,null,null,null,null,null,null,null,{"$f":"DADOS!$C$25","v":"2025-09-05"},null,null,null,"CREA/CAU:","100984/D"]
[null,null,null,null,null,null,null,null,null,null,null,null,null,null,"Data",null,null,null,"ART/RRT:","1720243397686"]

{"sheet":"EVENTOS","index":5,"n_rows":25,"n_cols":26,"rows_kept":25,"cut":false,"hidden":false,"merged":[[9,23,11,23],[9,24,11,24],[7,2,7,3],[9,15,11,15],[9,16,11,16],[9,7,11,7],[9,8,11,8],[9,12,11,12],[9,13,11,13],[9,14,11,14],[9,18,11,18],[9,19,11,19],[9,20,11,20],[9,21,11,21],[9,22,11,22],[10,2,10,3],[4,5,4,12],[4,15,4,22],[9,4,11,4],[9,9,11,9],[9,10,11,10],[9,11,11,11],[9,17,11,17],[9,6,11,6]]}
[{"$f":"IF(D1=\"\",\"\",\"F\")","v":""},{"$f":"IF(OR(C1=\" \",D1=\"\"),\"\",CONCATENATE(C1,\". \",D1))","v":{"$error":"#REF!"}},{"$f":"IF(OR(ROW(C1)=ROW(EVENTOS.firstrow)+1,AND(OFFSET(C1,-1,0)<>\" \",OFFSET(C1,-1,1)<>\"\")),OFFSET(C1,-1,0)+1,\" \")","v":{"$error":"#REF!"}},null,{"$f":"IF(AUTOEVENTO=\"Manual\",ROUND(SUMPRODUCT((CÁLCULO!$M$15:$M$270=EVENTOS!$C1)*(OFFSET(CÁLCULO!$AA$15:$AA$270,0,E$13))),2),0)","v":0},{"$f":"IF(AUTOEVENTO=\"Manual\",ROUND(SUMPRODUCT((CÁLCULO!$M$15:$M$270=EVENTOS!$C1)*(OFFSET(CÁLCULO!$AA$15,0,1):OFFSET(CÁLCULO!$AL$270,0,-1))),2),0)","v":0},{"$f":"IF(AND(D1=0,F1>0),\"NOME\",\n IF(AND(D1<>0,$F$14>0,F1=0),\"VALOR\",\n IF(AND(Import.TipoArredondamento=\"TransfereGOV\",$A1=\"F\",LEN(D1)>100),\"Nome >100\",\"\")))","v":""},{"$f":"IF(AUTOEVENTO=\"Manual\",ROUND(SUMPRODUCT((CÁLCULO!$M$15:$M$270=EVENTOS!$C1)*(OFFSET(CÁLCULO!$AA$15:$AA$270,0,H$13))),2),0)","v":0},{"$f":"IF(AUTOEVENTO=\"Manual\",ROUND(SUMPRODUCT((CÁLCULO!$M$15:$M$270=EVENTOS!$C1)*(OFFSET(CÁLCULO!$AA$15:$AA$270,0,I$13))),2),0)","v":0},{"$f":"IF(AUTOEVENTO=\"Manual\",ROUND(SUMPRODUCT((CÁLCULO!$M$15:$M$270=EVENTOS!$C1)*(OFFSET(CÁLCULO!$AA$15:$AA$270,0,J$13))),2),0)","v":0},{"$f":"IF(AUTOEVENTO=\"Manual\",ROUND(SUMPRODUCT((CÁLCULO!$M$15:$M$270=EVENTOS!$C1)*(OFFSET(CÁLCULO!$AA$15:$AA$270,0,K$13))),2),0)","v":0},{"$f":"IF(AUTOEVENTO=\"Manual\",ROUND(SUMPRODUCT((CÁLCULO!$M$15:$M$270=EVENTOS!$C1)*(OFFSET(CÁLCULO!$AA$15:$AA$270,0,L$13))),2),0)","v":0},{"$f":"IF(AUTOEVENTO=\"Manual\",ROUND(SUMPRODUCT((CÁLCULO!$M$15:$M$270=EVENTOS!$C1)*(OFFSET(CÁLCULO!$AA$15:$AA$270,0,M$13))),2),0)","v":0},{"$f":"IF(AUTOEVENTO=\"Manual\",ROUND(SUMPRODUCT((CÁLCULO!$M$15:$M$270=EVENTOS!$C1)*(OFFSET(CÁLCULO!$AA$15:$AA$270,0,N$13))),2),0)","v":0},{"$f":"IF(AUTOEVENTO=\"Manual\",ROUND(SUMPRODUCT((CÁLCULO!$M$15:$M$270=EVENTOS!$C1)*(OFFSET(CÁLCULO!$AA$15:$AA$270,0,O$13))),2),0)","v":0},{"$f":"IF(AUTOEVENTO=\"Manual\",ROUND(SUMPRODUCT((CÁLCULO!$M$15:$M$270=EVENTOS!$C1)*(OFFSET(CÁLCULO!$AA$15:$AA$270,0,P$13))),2),0)","v":0},{"$f":"IF(AUTOEVENTO=\"Manual\",ROUND(SUMPRODUCT((CÁLCULO!$M$15:$M$270=EVENTOS!$C1)*(OFFSET(CÁLCULO!$AA$15:$AA$270,0,Q$13))),2),0)","v":0},{"$f":"IF(AUTOEVENTO=\"Manual\",ROUND(SUMPRODUCT((CÁLCULO!$M$15:$M$270=EVENTOS!$C1)*(OFFSET(CÁLCULO!$AA$15:$AA$270,0,R$13))),2),0)","v":0},{"$f":"IF(AUTOEVENTO=\"Manual\",ROUND(SUMPRODUCT((CÁLCULO!$M$15:$M$270=EVENTOS!$C1)*(OFFSET(CÁLCULO!$AA$15:$AA$270,0,S$13))),2),0)","v":0},{"$f":"IF(AUTOEVENTO=\"Manual\",ROUND(SUMPRODUCT((CÁLCULO!$M$15:$M$270=EVENTOS!$C1)*(OFFSET(CÁLCULO!$AA$15:$AA$270,0,T$13))),2),0)","v":0},{"$f":"IF(AUTOEVENTO=\"Manual\",ROUND(SUMPRODUCT((CÁLCULO!$M$15:$M$270=EVENTOS!$C1)*(OFFSET(CÁLCULO!$AA$15:$AA$270,0,U$13))),2),0)","v":0},{"$f":"IF(AUTOEVENTO=\"Manual\",ROUND(SUMPRODUCT((CÁLCULO!$M$15:$M$270=EVENTOS!$C1)*(OFFSET(CÁLCULO!$AA$15:$AA$270,0,V$13))),2),0)","v":0},{"$f":"IF(AUTOEVENTO=\"Manual\",ROUND(SUMPRODUCT((CÁLCULO!$M$15:$M$270=EVENTOS!$C1)*(OFFSET(CÁLCULO!$AA$15:$AA$270,0,W$13))),2),0)","v":0},{"$f":"IF(AUTOEVENTO=\"Manual\",ROUND(SUMPRODUCT((CÁLCULO!$M$15:$M$270=EVENTOS!$C1)*(OFFSET(CÁLCULO!$AA$15:$AA$270,0,X$13))),2),0)","v":0},{"$f":"IF(AUTOEVENTO=\"Manual\",ROUND(SUMPRODUCT((CÁLCULO!$M$15:$M$270=EVENTOS!$C1)*(OFFSET(CÁLCULO!$AA$15:$AA$270,0,Y$13))),2),0)","v":0}]
[null,null,null,null,null,"AGRUPADORES DE EVENTOS",null,null,null,null,null,null,null,null,"Grau de Sigilo\n#PUBLICO",null,null,null,null,null,null,null,null,null,"Grau de Sigilo\n#PUBLICO"]
[]
[null,null,"PROPONENTE / TOMADOR",null,null,"APELIDO EMPREENDIMENTO",null,null,null,null,null,null,null,"Nº OPERAÇÃO","Nº TransfereGOV","APELIDO EMPREENDIMENTO",null,null,null,null,null,null,null,"Nº OPERAÇÃO","Nº TransfereGOV"]
[null,null,{"$f":"Import.Proponente","v":"MUNICÍPIO DE CHOPINZINHO"},null,null,{"$f":"Import.Apelido","v":"REDE DE ÁGUA - LOT. NOVO HORIZONTE"},null,null,null,null,null,null,null,{"$f":"Import.CR","v":"0619977-26"},{"$f":"Import.SICONV","v":"0619977"},{"$f":"Import.Apelido","v":"REDE DE ÁGUA - LOT. NOVO HORIZONTE"},null,null,null,null,null,null,null,{"$f":"Import.CR","v":"0619977-26"},{"$f":"Import.SICONV","v":"0619977"}," "]
[null,"Automática, conforme os agrupadores Nível 2 do Orçamento","1. Selecione abaixo a forma de definição dos agrupadores de eventos:",null,null,{"$f":"IF(AUTOEVENTO=\"MANUAL\",\n  IF(COUNTIF($G$15:$G$18,\"NOME\")>0,\"Falta preencher o nome do Título do Evento nº \"&INDEX($C$15:$C$18,MATCH(\"NOME\",$G$15:$G$18,0)),\n  IF(COUNTIF($G$15:$G$18,\"VALOR\")>0,\"Falta atribuir serviços ao Evento nº \"&INDEX($C$15:$C$18,MATCH(\"VALOR\",$G$15:$G$18,0))&\". Corrigir a atribuição dos eventos na aba CÁLCULO. Ou excluir linhas dos eventos não utilizados.\",\n  IF(ROUND($F$14,2)<>ROUND(ORÇAMENTO!$X$15,2),\"O valor total dos Eventos é diferente do valor total do Orçamento. Corrigir a atribuição dos eventos na aba CÁLCULO\",\n  IF(COUNTIF($G$15:$G$18,\"Nome >100\")>0,\"O tamanho do Título do Evento no TransfereGOV é limitado a 100 caracteres. Resuma o nome do Título do Evento nº \"&INDEX($C$15:$C$18,MATCH(\"Nome >100\",$G$15:$G$18,0)),\"\")))),\"\")","v":""}]
[null,"Automática, conforme os agrupadores Nível 3 do Orçamento"]
[null,"Automática, conforme os agrupadores Nível 4 do Orçamento","Automática, conforme os agrupadores Nível 2 do Orçamento",null,null,{"$f":"IF(ACOMPANHAMENTO=\"BM\",\"\",\n IF(Import.Eventos.Nível=\"\",\"◄ Selecione a forma de definição dos agrupadores de eventos\",\n IF(Import.Eventos.Nível=\"\",\"◄ Selecione a forma de definição dos agrupadores de eventos\",\"\")))","v":""}]
[null,"Definir Manualmente"]
[null,null,{"$f":"COUNTIF($C$15:$C$18,\">0\")-1","v":1}," ",{"$f":"OFFSET(CÁLCULO!$P$12,0,EVENTOS!E$13)","v":"TRECHO EM PVC"}," ",null,{"$f":"OFFSET(CÁLCULO!$P$12,0,EVENTOS!H$13)","v":"TRECHO EM PVC"},{"$f":"OFFSET(CÁLCULO!$P$12,0,EVENTOS!I$13)","v":"TRECHO EM PEAD"},{"$f":"OFFSET(CÁLCULO!$P$12,0,EVENTOS!J$13)","v":"."},{"$f":"OFFSET(CÁLCULO!$P$12,0,EVENTOS!K$13)","v":"."},{"$f":"OFFSET(CÁLCULO!$P$12,0,EVENTOS!L$13)","v":"."},{"$f":"OFFSET(CÁLCULO!$P$12,0,EVENTOS!M$13)","v":"."},{"$f":"OFFSET(CÁLCULO!$P$12,0,EVENTOS!N$13)","v":"."},{"$f":"OFFSET(CÁLCULO!$P$12,0,EVENTOS!O$13)","v":"."},{"$f":"OFFSET(CÁLCULO!$P$12,0,EVENTOS!P$13)","v":"."},{"$f":"OFFSET(CÁLCULO!$P$12,0,EVENTOS!Q$13)","v":"."},{"$f":"OFFSET(CÁLCULO!$P$12,0,EVENTOS!R$13)","v":"."},{"$f":"OFFSET(CÁLCULO!$P$12,0,EVENTOS!S$13)","v":"."},{"$f":"OFFSET(CÁLCULO!$P$12,0,EVENTOS!T$13)","v":"."},{"$f":"OFFSET(CÁLCULO!$P$12,0,EVENTOS!U$13)","v":"."},{"$f":"OFFSET(CÁLCULO!$P$12,0,EVENTOS!V$13)","v":"."},{"$f":"OFFSET(CÁLCULO!$P$12,0,EVENTOS!W$13)","v":"."},{"$f":"OFFSET(CÁLCULO!$P$12,0,EVENTOS!X$13)","v":"."},{"$f":"OFFSET(CÁLCULO!$P$12,0,EVENTOS!Y$13)","v":"."}]
["FILTRO",null,{"$f":"IF(ACOMPANHAMENTO=\"BM\",\"Foi selecionado na aba 'MENU' o acompanhamento por BM. Não há necessidade de definição de Eventos.\",IF(AND(Import.Eventos.Nível<>\"Definir Manualmente\",Import.Eventos.Nível<>\"\"),\"Foi selecionada a forma automática de definição dos agrupadores de eventos.\",\"\"))","v":"Foi selecionada a forma automática de definição dos agrupadores de eventos."}]
["↓"]
[null,null,"Nº do Evento","Título do Evento",{"$f":"IF(NOT(ISNUMBER(OFFSET(E13,0,-1))),1,IF(OR(OFFSET(E13,0,-1)=0,OFFSET(E13,0,-1)+1>CÁLCULO.FrentesPreenchidas),0,OFFSET(E13,0,-1)+1))","v":1},"Valor Total dos Eventos (R$)",null,{"$f":"IF(NOT(ISNUMBER(OFFSET(H13,0,-1))),1,IF(OR(OFFSET(H13,0,-1)=0,OFFSET(H13,0,-1)+1>CÁLCULO.FrentesPreenchidas),0,OFFSET(H13,0,-1)+1))","v":1},2,0,0,0,0,0,0,0,0,0,0,0,0,0,0,0,0]
["F",null,null,"Total:",{"$f":"SUM(E$15:E$18)","v":0},{"$f":"SUM(F$15:F$18)","v":0},null,{"$f":"SUM(H$15:H$18)","v":0},0,0,0,0,0,0,0,0,0,0,0,0,0,0,0,0,0]
[{"$f":"IF(D15=\"\",\"\",\"F\")","v":""},{"$f":"IF(OR(C15=\" \",D15=\"\"),\"\",CONCATENATE(C15,\". \",D15))","v":""},{"$f":"IF(AdmLocal=\"Automática\",1,0)","v":0},{"$f":"IF(C15=1,\"Administração Local\",\"\")","v":""},{"$f":"IF($F$15=0,0,IF(E13=1,$F$15-SUM($I$15:$Z$15),ROUND(SUM(OFFSET(E15,1,0):OFFSET(E$18,-1,0))/SUM(OFFSET($F15,1,0):OFFSET($F$18,-1,0))*$F$15,2)))","v":0},{"$f":"IF($C$15=0,0,ROUND(SUMPRODUCT((CÁLCULO!$M$15:$M$270=EVENTOS!$C15)*(ORÇAMENTO!$X$15:'ORÇAMENTO'!$X$270)),2))","v":0},null,{"$f":"IF($F$15=0,0,IF(H13=1,$F$15-SUM($I$15:$Z$15),ROUND(SUM(OFFSET(H15,1,0):OFFSET(H$18,-1,0))/SUM(OFFSET($F15,1,0):OFFSET($F$18,-1,0))*$F$15,2)))","v":0},{"$f":"IF($F$15=0,0,IF(I13=1,$F$15-SUM($I$15:$Z$15),ROUND(SUM(OFFSET(I15,1,0):OFFSET(I$18,-1,0))/SUM(OFFSET($F15,1,0):OFFSET($F$18,-1,0))*$F$15,2)))","v":0},{"$f":"IF($F$15=0,0,IF(J13=1,$F$15-SUM($I$15:$Z$15),ROUND(SUM(OFFSET(J15,1,0):OFFSET(J$18,-1,0))/SUM(OFFSET($F15,1,0):OFFSET($F$18,-1,0))*$F$15,2)))","v":0},{"$f":"IF($F$15=0,0,IF(K13=1,$F$15-SUM($I$15:$Z$15),ROUND(SUM(OFFSET(K15,1,0):OFFSET(K$18,-1,0))/SUM(OFFSET($F15,1,0):OFFSET($F$18,-1,0))*$F$15,2)))","v":0},{"$f":"IF($F$15=0,0,IF(L13=1,$F$15-SUM($I$15:$Z$15),ROUND(SUM(OFFSET(L15,1,0):OFFSET(L$18,-1,0))/SUM(OFFSET($F15,1,0):OFFSET($F$18,-1,0))*$F$15,2)))","v":0},{"$f":"IF($F$15=0,0,IF(M13=1,$F$15-SUM($I$15:$Z$15),ROUND(SUM(OFFSET(M15,1,0):OFFSET(M$18,-1,0))/SUM(OFFSET($F15,1,0):OFFSET($F$18,-1,0))*$F$15,2)))","v":0},{"$f":"IF($F$15=0,0,IF(N13=1,$F$15-SUM($I$15:$Z$15),ROUND(SUM(OFFSET(N15,1,0):OFFSET(N$18,-1,0))/SUM(OFFSET($F15,1,0):OFFSET($F$18,-1,0))*$F$15,2)))","v":0},{"$f":"IF($F$15=0,0,IF(O13=1,$F$15-SUM($I$15:$Z$15),ROUND(SUM(OFFSET(O15,1,0):OFFSET(O$18,-1,0))/SUM(OFFSET($F15,1,0):OFFSET($F$18,-1,0))*$F$15,2)))","v":0},{"$f":"IF($F$15=0,0,IF(P13=1,$F$15-SUM($I$15:$Z$15),ROUND(SUM(OFFSET(P15,1,0):OFFSET(P$18,-1,0))/SUM(OFFSET($F15,1,0):OFFSET($F$18,-1,0))*$F$15,2)))","v":0},{"$f":"IF($F$15=0,0,IF(Q13=1,$F$15-SUM($I$15:$Z$15),ROUND(SUM(OFFSET(Q15,1,0):OFFSET(Q$18,-1,0))/SUM(OFFSET($F15,1,0):OFFSET($F$18,-1,0))*$F$15,2)))","v":0},{"$f":"IF($F$15=0,0,IF(R13=1,$F$15-SUM($I$15:$Z$15),ROUND(SUM(OFFSET(R15,1,0):OFFSET(R$18,-1,0))/SUM(OFFSET($F15,1,0):OFFSET($F$18,-1,0))*$F$15,2)))","v":0},{"$f":"IF($F$15=0,0,IF(S13=1,$F$15-SUM($I$15:$Z$15),ROUND(SUM(OFFSET(S15,1,0):OFFSET(S$18,-1,0))/SUM(OFFSET($F15,1,0):OFFSET($F$18,-1,0))*$F$15,2)))","v":0},{"$f":"IF($F$15=0,0,IF(T13=1,$F$15-SUM($I$15:$Z$15),ROUND(SUM(OFFSET(T15,1,0):OFFSET(T$18,-1,0))/SUM(OFFSET($F15,1,0):OFFSET($F$18,-1,0))*$F$15,2)))","v":0},{"$f":"IF($F$15=0,0,IF(U13=1,$F$15-SUM($I$15:$Z$15),ROUND(SUM(OFFSET(U15,1,0):OFFSET(U$18,-1,0))/SUM(OFFSET($F15,1,0):OFFSET($F$18,-1,0))*$F$15,2)))","v":0},{"$f":"IF($F$15=0,0,IF(V13=1,$F$15-SUM($I$15:$Z$15),ROUND(SUM(OFFSET(V15,1,0):OFFSET(V$18,-1,0))/SUM(OFFSET($F15,1,0):OFFSET($F$18,-1,0))*$F$15,2)))","v":0},{"$f":"IF($F$15=0,0,IF(W13=1,$F$15-SUM($I$15:$Z$15),ROUND(SUM(OFFSET(W15,1,0):OFFSET(W$18,-1,0))/SUM(OFFSET($F15,1,0):OFFSET($F$18,-1,0))*$F$15,2)))","v":0},{"$f":"IF($F$15=0,0,IF(X13=1,$F$15-SUM($I$15:$Z$15),ROUND(SUM(OFFSET(X15,1,0):OFFSET(X$18,-1,0))/SUM(OFFSET($F15,1,0):OFFSET($F$18,-1,0))*$F$15,2)))","v":0},{"$f":"IF($F$15=0,0,IF(Y13=1,$F$15-SUM($I$15:$Z$15),ROUND(SUM(OFFSET(Y15,1,0):OFFSET(Y$18,-1,0))/SUM(OFFSET($F15,1,0):OFFSET($F$18,-1,0))*$F$15,2)))","v":0}]
["F",{"$f":"IF(OR(C16=\" \",D16=\"\"),\"\",CONCATENATE(C16,\". \",D16))","v":"1. Rede de Distribuição PVC"},{"$f":"IF(OR(ROW(C16)=ROW(EVENTOS.firstrow)+1,AND(OFFSET(C16,-1,0)<>\" \",OFFSET(C16,-1,1)<>\"\")),OFFSET(C16,-1,0)+1,\" \")","v":1},"Rede de Distribuição PVC",{"$f":"IF(AUTOEVENTO=\"Manual\",ROUND(SUMPRODUCT((CÁLCULO!$M$15:$M$270=EVENTOS!$C16)*(OFFSET(CÁLCULO!$AA$15:$AA$270,0,E$13))),2),0)","v":0},{"$f":"IF(AUTOEVENTO=\"Manual\",ROUND(SUMPRODUCT((CÁLCULO!$M$15:$M$270=EVENTOS!$C16)*(OFFSET(CÁLCULO!$AA$15,0,1):OFFSET(CÁLCULO!$AL$270,0,-1))),2),0)","v":0},{"$f":"IF(AND(D16=0,F16>0),\"NOME\",\n IF(AND(D16<>0,$F$14>0,F16=0),\"VALOR\",\n IF(AND(Import.TipoArredondamento=\"TransfereGOV\",$A16=\"F\",LEN(D16)>100),\"Nome >100\",\"\")))","v":""},{"$f":"IF(AUTOEVENTO=\"Manual\",ROUND(SUMPRODUCT((CÁLCULO!$M$15:$M$270=EVENTOS!$C16)*(OFFSET(CÁLCULO!$AA$15:$AA$270,0,H$13))),2),0)","v":0},{"$f":"IF(AUTOEVENTO=\"Manual\",ROUND(SUMPRODUCT((CÁLCULO!$M$15:$M$270=EVENTOS!$C16)*(OFFSET(CÁLCULO!$AA$15:$AA$270,0,I$13))),2),0)","v":0},{"$f":"IF(AUTOEVENTO=\"Manual\",ROUND(SUMPRODUCT((CÁLCULO!$M$15:$M$270=EVENTOS!$C16)*(OFFSET(CÁLCULO!$AA$15:$AA$270,0,J$13))),2),0)","v":0},{"$f":"IF(AUTOEVENTO=\"Manual\",ROUND(SUMPRODUCT((CÁLCULO!$M$15:$M$270=EVENTOS!$C16)*(OFFSET(CÁLCULO!$AA$15:$AA$270,0,K$13))),2),0)","v":0},{"$f":"IF(AUTOEVENTO=\"Manual\",ROUND(SUMPRODUCT((CÁLCULO!$M$15:$M$270=EVENTOS!$C16)*(OFFSET(CÁLCULO!$AA$15:$AA$270,0,L$13))),2),0)","v":0},{"$f":"IF(AUTOEVENTO=\"Manual\",ROUND(SUMPRODUCT((CÁLCULO!$M$15:$M$270=EVENTOS!$C16)*(OFFSET(CÁLCULO!$AA$15:$AA$270,0,M$13))),2),0)","v":0},{"$f":"IF(AUTOEVENTO=\"Manual\",ROUND(SUMPRODUCT((CÁLCULO!$M$15:$M$270=EVENTOS!$C16)*(OFFSET(CÁLCULO!$AA$15:$AA$270,0,N$13))),2),0)","v":0},{"$f":"IF(AUTOEVENTO=\"Manual\",ROUND(SUMPRODUCT((CÁLCULO!$M$15:$M$270=EVENTOS!$C16)*(OFFSET(CÁLCULO!$AA$15:$AA$270,0,O$13))),2),0)","v":0},{"$f":"IF(AUTOEVENTO=\"Manual\",ROUND(SUMPRODUCT((CÁLCULO!$M$15:$M$270=EVENTOS!$C16)*(OFFSET(CÁLCULO!$AA$15:$AA$270,0,P$13))),2),0)","v":0},{"$f":"IF(AUTOEVENTO=\"Manual\",ROUND(SUMPRODUCT((CÁLCULO!$M$15:$M$270=EVENTOS!$C16)*(OFFSET(CÁLCULO!$AA$15:$AA$270,0,Q$13))),2),0)","v":0},{"$f":"IF(AUTOEVENTO=\"Manual\",ROUND(SUMPRODUCT((CÁLCULO!$M$15:$M$270=EVENTOS!$C16)*(OFFSET(CÁLCULO!$AA$15:$AA$270,0,R$13))),2),0)","v":0},{"$f":"IF(AUTOEVENTO=\"Manual\",ROUND(SUMPRODUCT((CÁLCULO!$M$15:$M$270=EVENTOS!$C16)*(OFFSET(CÁLCULO!$AA$15:$AA$270,0,S$13))),2),0)","v":0},{"$f":"IF(AUTOEVENTO=\"Manual\",ROUND(SUMPRODUCT((CÁLCULO!$M$15:$M$270=EVENTOS!$C16)*(OFFSET(CÁLCULO!$AA$15:$AA$270,0,T$13))),2),0)","v":0},{"$f":"IF(AUTOEVENTO=\"Manual\",ROUND(SUMPRODUCT((CÁLCULO!$M$15:$M$270=EVENTOS!$C16)*(OFFSET(CÁLCULO!$AA$15:$AA$270,0,U$13))),2),0)","v":0},{"$f":"IF(AUTOEVENTO=\"Manual\",ROUND(SUMPRODUCT((CÁLCULO!$M$15:$M$270=EVENTOS!$C16)*(OFFSET(CÁLCULO!$AA$15:$AA$270,0,V$13))),2),0)","v":0},{"$f":"IF(AUTOEVENTO=\"Manual\",ROUND(SUMPRODUCT((CÁLCULO!$M$15:$M$270=EVENTOS!$C16)*(OFFSET(CÁLCULO!$AA$15:$AA$270,0,W$13))),2),0)","v":0},{"$f":"IF(AUTOEVENTO=\"Manual\",ROUND(SUMPRODUCT((CÁLCULO!$M$15:$M$270=EVENTOS!$C16)*(OFFSET(CÁLCULO!$AA$15:$AA$270,0,X$13))),2),0)","v":0},{"$f":"IF(AUTOEVENTO=\"Manual\",ROUND(SUMPRODUCT((CÁLCULO!$M$15:$M$270=EVENTOS!$C16)*(OFFSET(CÁLCULO!$AA$15:$AA$270,0,Y$13))),2),0)","v":0}]
["F","2. Rede de Distribuição PEAD",{"$f":"IF(OR(ROW(C17)=ROW(EVENTOS.firstrow)+1,AND(OFFSET(C17,-1,0)<>\" \",OFFSET(C17,-1,1)<>\"\")),OFFSET(C17,-1,0)+1,\" \")","v":2},"Rede de Distribuição PEAD",{"$f":"IF(AUTOEVENTO=\"Manual\",ROUND(SUMPRODUCT((CÁLCULO!$M$15:$M$270=EVENTOS!$C17)*(OFFSET(CÁLCULO!$AA$15:$AA$270,0,E$13))),2),0)","v":0},{"$f":"IF(AUTOEVENTO=\"Manual\",ROUND(SUMPRODUCT((CÁLCULO!$M$15:$M$270=EVENTOS!$C17)*(OFFSET(CÁLCULO!$AA$15,0,1):OFFSET(CÁLCULO!$AL$270,0,-1))),2),0)","v":0},"",{"$f":"IF(AUTOEVENTO=\"Manual\",ROUND(SUMPRODUCT((CÁLCULO!$M$15:$M$270=EVENTOS!$C17)*(OFFSET(CÁLCULO!$AA$15:$AA$270,0,H$13))),2),0)","v":0},{"$f":"IF(AUTOEVENTO=\"Manual\",ROUND(SUMPRODUCT((CÁLCULO!$M$15:$M$270=EVENTOS!$C17)*(OFFSET(CÁLCULO!$AA$15:$AA$270,0,I$13))),2),0)","v":0},{"$f":"IF(AUTOEVENTO=\"Manual\",ROUND(SUMPRODUCT((CÁLCULO!$M$15:$M$270=EVENTOS!$C17)*(OFFSET(CÁLCULO!$AA$15:$AA$270,0,J$13))),2),0)","v":0},{"$f":"IF(AUTOEVENTO=\"Manual\",ROUND(SUMPRODUCT((CÁLCULO!$M$15:$M$270=EVENTOS!$C17)*(OFFSET(CÁLCULO!$AA$15:$AA$270,0,K$13))),2),0)","v":0},{"$f":"IF(AUTOEVENTO=\"Manual\",ROUND(SUMPRODUCT((CÁLCULO!$M$15:$M$270=EVENTOS!$C17)*(OFFSET(CÁLCULO!$AA$15:$AA$270,0,L$13))),2),0)","v":0},{"$f":"IF(AUTOEVENTO=\"Manual\",ROUND(SUMPRODUCT((CÁLCULO!$M$15:$M$270=EVENTOS!$C17)*(OFFSET(CÁLCULO!$AA$15:$AA$270,0,M$13))),2),0)","v":0},{"$f":"IF(AUTOEVENTO=\"Manual\",ROUND(SUMPRODUCT((CÁLCULO!$M$15:$M$270=EVENTOS!$C17)*(OFFSET(CÁLCULO!$AA$15:$AA$270,0,N$13))),2),0)","v":0},{"$f":"IF(AUTOEVENTO=\"Manual\",ROUND(SUMPRODUCT((CÁLCULO!$M$15:$M$270=EVENTOS!$C17)*(OFFSET(CÁLCULO!$AA$15:$AA$270,0,O$13))),2),0)","v":0},{"$f":"IF(AUTOEVENTO=\"Manual\",ROUND(SUMPRODUCT((CÁLCULO!$M$15:$M$270=EVENTOS!$C17)*(OFFSET(CÁLCULO!$AA$15:$AA$270,0,P$13))),2),0)","v":0},{"$f":"IF(AUTOEVENTO=\"Manual\",ROUND(SUMPRODUCT((CÁLCULO!$M$15:$M$270=EVENTOS!$C17)*(OFFSET(CÁLCULO!$AA$15:$AA$270,0,Q$13))),2),0)","v":0},{"$f":"IF(AUTOEVENTO=\"Manual\",ROUND(SUMPRODUCT((CÁLCULO!$M$15:$M$270=EVENTOS!$C17)*(OFFSET(CÁLCULO!$AA$15:$AA$270,0,R$13))),2),0)","v":0},{"$f":"IF(AUTOEVENTO=\"Manual\",ROUND(SUMPRODUCT((CÁLCULO!$M$15:$M$270=EVENTOS!$C17)*(OFFSET(CÁLCULO!$AA$15:$AA$270,0,S$13))),2),0)","v":0},{"$f":"IF(AUTOEVENTO=\"Manual\",ROUND(SUMPRODUCT((CÁLCULO!$M$15:$M$270=EVENTOS!$C17)*(OFFSET(CÁLCULO!$AA$15:$AA$270,0,T$13))),2),0)","v":0},{"$f":"IF(AUTOEVENTO=\"Manual\",ROUND(SUMPRODUCT((CÁLCULO!$M$15:$M$270=EVENTOS!$C17)*(OFFSET(CÁLCULO!$AA$15:$AA$270,0,U$13))),2),0)","v":0},{"$f":"IF(AUTOEVENTO=\"Manual\",ROUND(SUMPRODUCT((CÁLCULO!$M$15:$M$270=EVENTOS!$C17)*(OFFSET(CÁLCULO!$AA$15:$AA$270,0,V$13))),2),0)","v":0},{"$f":"IF(AUTOEVENTO=\"Manual\",ROUND(SUMPRODUCT((CÁLCULO!$M$15:$M$270=EVENTOS!$C17)*(OFFSET(CÁLCULO!$AA$15:$AA$270,0,W$13))),2),0)","v":0},{"$f":"IF(AUTOEVENTO=\"Manual\",ROUND(SUMPRODUCT((CÁLCULO!$M$15:$M$270=EVENTOS!$C17)*(OFFSET(CÁLCULO!$AA$15:$AA$270,0,X$13))),2),0)","v":0},{"$f":"IF(AUTOEVENTO=\"Manual\",ROUND(SUMPRODUCT((CÁLCULO!$M$15:$M$270=EVENTOS!$C17)*(OFFSET(CÁLCULO!$AA$15:$AA$270,0,Y$13))),2),0)","v":0}]
["F"]
["F"]
["F"]
["F",null,null,{"$f":"Import.Município","v":"CHOPINZINHO / PR"}]
["F",null,null,"Local",null,null,null,null,null,null,null,"Responsável Técnico",null,null,null,null,null,null,null,null,null,"Responsável Técnico"]
["F",null,null,null,null,null,null,null,null,null,null,{"$f":"OFFSET(Import.RespOrçamento,0,-1) & \" \" & Import.RespOrçamento","v":"Nome: Christiano Dossa Silvestri"},null,null,null,null,null,null,null,null,null,{"$f":"OFFSET(Import.RespOrçamento,0,-1) & \" \" & Import.RespOrçamento","v":"Nome: Christiano Dossa Silvestri"}]
["F",null,null,{"$f":"DADOS!$C$25","v":"2025-09-05"},null,null,null,null,null,null,null,"CREA/CAU: 100984/D",null,null,null,null,null,null,null,null,null,"CREA/CAU: 100984/D"]
["F",null,null,"Data",null,null,null,null,null,null,null,"ART/RRT: 1720243397686",null,null,null,null,null,null,null,null,null,"ART/RRT: 1720243397686"]

{"sheet":"CÁLCULO","index":6,"n_rows":278,"n_cols":59,"rows_kept":278,"cut":false,"hidden":false,"merged":[[5,5,5,7],[5,16,5,17],[5,24,5,25],[6,5,6,7],[6,16,6,17],[6,24,6,25],[14,4,14,7],[8,4,8,5],[8,6,8,7],[8,18,8,19],[8,20,8,25],[9,4,9,5],[9,6,9,7],[9,18,9,19],[9,20,9,25]]}
[null,null,null,null,null,null,null,null,null,null,null,null,{"$f":"SUM(OFFSET(CÁLCULO!$P$1,0,1):OFFSET(CÁLCULO!$AA$1,0,-1))","v":2},null,{"$f":"IF(OR(ACOMPANHAMENTO=\"BM\",N1=0,O12=\"\"),0,1)","v":0},".",{"$f":"IF(OR(ACOMPANHAMENTO=\"BM\",P1=0,Q12=\"\"),0,1)","v":1},{"$f":"IF(OR(ACOMPANHAMENTO=\"BM\",Q1=0,R12=\"\"),0,1)","v":1},{"$f":"IF(OR(ACOMPANHAMENTO=\"BM\",R1=0,S12=\"\"),0,1)","v":0},{"$f":"IF(OR(ACOMPANHAMENTO=\"BM\",S1=0,T12=\"\"),0,1)","v":0},{"$f":"IF(OR(ACOMPANHAMENTO=\"BM\",T1=0,U12=\"\"),0,1)","v":0},{"$f":"IF(OR(ACOMPANHAMENTO=\"BM\",U1=0,V12=\"\"),0,1)","v":0},{"$f":"IF(OR(ACOMPANHAMENTO=\"BM\",V1=0,W12=\"\"),0,1)","v":0},{"$f":"IF(OR(ACOMPANHAMENTO=\"BM\",W1=0,X12=\"\"),0,1)","v":0},{"$f":"IF(OR(ACOMPANHAMENTO=\"BM\",X1=0,Y12=\"\"),0,1)","v":0},{"$f":"IF(OR(ACOMPANHAMENTO=\"BM\",Y1=0,Z12=\"\"),0,1)","v":0},null,"Preços dos serviços por frente",null,null,null,null,null,null,null,null,null,null,"Mês do cronograma",null,null,null,null,null,null,null,null,null,null,"Número da Medição"]
[]
[]
[]
[]
[null,null,null,null,null,{"$f":"IF(ACOMPANHAMENTO=\"BM\",\"MEMÓRIA DE CÁLCULO\",\"PLQ - PLANILHA DE LEVANTAMENTO DE QUANTIDADES\")","v":"PLQ - PLANILHA DE LEVANTAMENTO DE QUANTIDADES"},null,null,null,null,null,null,null,null,null,null,"Grau de Sigilo",null,null,null,null,null,null,null,"Grau de Sigilo"]
[null,null,null,null,null,{"$f":"IF(ACOMPANHAMENTO=\"BM\",\"\",\"Memória de Cálculo\")&\" - \"&import.recurso","v":"Memória de Cálculo - (SELECIONAR)"},null,null,null,null,null,null,null,null,null,null,"#PUBLICO",null,null,null,null,null,null,null,"#PUBLICO"]
[]
[null,null,null,null,"APELIDO DO EMPREENDIMENTO",null,"Nº TransfereGOV",null,"Nº OPERAÇÃO",null,"PROPONENTE / TOMADOR",null,null,null,null,null,null,null,"Nº OPERAÇÃO",null,"PROPONENTE / TOMADOR"]
["AdmLocal",null,null,null,{"$f":"Import.Apelido","v":"REDE DE ÁGUA - LOT. NOVO HORIZONTE"},null,{"$f":"Import.TransfereGOV","v":"0619977"},null,{"$f":"Import.CR","v":"0619977-26"},null,{"$f":"Import.Proponente","v":"MUNICÍPIO DE CHOPINZINHO"},null,null,null,null,null,null,null,{"$f":"Import.CR","v":"0619977-26"},null,{"$f":"Import.Proponente","v":"MUNICÍPIO DE CHOPINZINHO"}]
[{"$f":"IF(AND(Import.TipoArredondamento=\"Tradicional\",AUTOEVENTO=\"Manual\"),\"Automática\",IF(CRONOPLE!$B$8=\"\",\"Sem Adm\",\"Manual\"))","v":"Sem Adm"},null,null,null,null,{"$f":"IF(AND(ACOMPANHAMENTO=\"PLE\",ISERROR(AUTOEVENTO)),\"Selecione a forma de definição dos agrupadores de eventos na aba EVENTOS\",\n  IF(AND(ACOMPANHAMENTO=\"PLE\",CÁLCULO.FrentesPreenchidas=0),\"Preencher os nomes das Frentes de Obra\",\n  IF(COUNTIF($J$15:$J$270,\"►E\")>0,\"Não pode haver serviços sem agrupador de eventos\",\n  IF(COUNTIF($P$11:$AA$11,\"▼\")>0,\"Não pode haver frentes de obra sem quantidades\",\n  IF(COUNTIF($P$11:$AA$11,\"Nome >100\")>0,\"Nome da frente de obra com mais de 100 caracteres\",\"\")))))","v":""},null,null,null,null,null,null,null,{"$f":"IF(OR(COUNTIF($J$15:$J$270,\"►E\")>0,COUNTIF($J$15:$J$270,\"►Q\")>0),\"\",\nIF(COUNTIF($J$15:$J$270,\"►S\")>0,\"Preencha as quantidades com no máximo duas casas decimais\",\nIF(COUNTIF($P$11:$AA$11,\"▼\")>0,\"Falta preencher a frente de obra nº \" & HLOOKUP(\"▼\",$P$11:$AA$13,3,FALSE),\nIF(COUNTIF($P$11:$AA$11,\"Nome >100\")>0,\"Resuma o nome da frente de obra nº \" & HLOOKUP(\"Nome >100\",$P$11:$AA$13,3,FALSE),\"\"))))","v":""},{"$f":"IF(AND(O1=1,O15=0),\"▼\",IF(AND(O1=1,LEN(O12)>100),\"Nome >100\",\"\"))","v":{"$error":"#VALUE!"}},null,{"$f":"IF(AND(Q1=1,Q15=0),\"▼\",IF(AND(Q1=1,LEN(Q12)>100),\"Nome >100\",\"\"))","v":""},"","","","","","","","",""]
[{"$f":"IF(Import.Eventos.Nível=\"Definir Manualmente\",\"Manual\",MATCH(Import.Eventos.Nível,EVENTOS!$B$6:$B$9,0)+1)","v":2},"Empty","FILTRO",null,null,null,null,null,{"$f":"IF(AND(ACOMPANHAMENTO=\"PLE\",CÁLCULO.FrentesPreenchidas=0),\"\",\n  IF(COUNTIF($J$15:$J$270,\"►E\")>0,\"Falta Definir o Agrupador de Evento na linha \"&MATCH(\"►E\",$J$15:$J$270,0)+ROW($J$14),\n  IF(COUNTIF($J$15:$J$270,\"►Q\")>0,\"Falta preencher a quantidade do serviço na linha \"&MATCH(\"►Q\",$J$15:$J$270,0)+ROW($J$14),\n  IF(COUNTIF($J$15:$J$270,\"►S\")>0,\"Verifique as quantidades preenchidas na linha \"&MATCH(\"►S\",$J$15:$J$270,0)+ROW($J$14),\n  IF(AND(COUNTIF($P$11:$AA$11,\"▼\")=0,COUNTIF($J$15:$J$270,\"◄\")>0),\"Falta Preencher o Memorial de Cálculo na linha \"&MATCH(\"◄\",$J$15:$J$270,0)+ROW($J$14),\"\")))))","v":""},".","Nº AGRUPADOR DE EVENTOS",".",{"$f":"IF(ACOMPANHAMENTO=\"BM\",0,MAX($M$15:$M$270))","v":2},{"$f":"IF(AND(ACOMPANHAMENTO=\"PLE\",CÁLCULO.FrentesPreenchidas=0),\"Preencher os nomes das Frentes de Obra ►\",\"FRENTES DE OBRA:\")","v":"FRENTES DE OBRA:"},null,".","TRECHO EM PVC","TRECHO EM PEAD",null,null,null,null,null,null,null,null,".",{"$f":"IF(OFFSET($P$1,0,AB$13)=0,0,OFFSET($P$12,0,AB$13))","v":"TRECHO EM PVC"},{"$f":"IF(OFFSET($P$1,0,AC$13)=0,0,OFFSET($P$12,0,AC$13))","v":"TRECHO EM PEAD"},0,0,0,0,0,0,0,0,null,{"$f":"IF(OFFSET($P$1,0,AM$13)=0,0,OFFSET($P$12,0,AM$13))","v":"TRECHO EM PVC"},"TRECHO EM PEAD",0,0,0,0,0,0,0,0,null,"TRECHO EM PVC","TRECHO EM PEAD",0,0,0,0,0,0,0,0]
["AUTOEVENTO","Empty","↓","Nível","Item","Descrição","Unidade","Quantidade","Memória de Cálculo",null,"Nº",null,"# Evento","Agrupador de Eventos",{"$f":"OFFSET(O13,0,-1)+1","v":{"$error":"#VALUE!"}},null,{"$f":"OFFSET(Q13,0,-1)+1","v":1},2,3,4,5,6,7,8,9,10,null,{"$f":"OFFSET(AB13,0,-1)+1","v":1},2,3,4,5,6,7,8,9,10,null,1,2,3,4,5,6,7,8,9,10,null,1,2,3,4,5,6,7,8,9,10]
[{"$f":"IFERROR(IF(AUTOEVENTO=\"Manual\",IF(K14<>\"\",MIN(VALUE(LEFT(K14,FIND(\".\",K14)-1)),COUNTA(EVENTOS.Lista)),0),IF(OR($B14>AUTOEVENTO,$B14=\"S\",$B14=0),SUBSTITUTE(OFFSET($A14,-1,0),IF($D14=\"Serviço\",\".\",\"\"),\"\"),ROW(A14)-ROW($A$15)&\".\")),0)","v":"AUTOEVENTO"},{"$f":"OFFSET(ORÇAMENTO!C$15,ROW(B14)-ROW(B$15),0)","v":"S"},{"$f":"OFFSET(ORÇAMENTO!L$15,ROW(C14)-ROW(C$15),0)","v":""},{"$f":"OFFSET(ORÇAMENTO!N$15,ROW(D14)-ROW(D$15),0)","v":"Serviço"},{"$f":"OFFSET(ORÇAMENTO!O$15,ROW(E14)-ROW(E$15),0)","v":"-"},{"$f":"OFFSET(ORÇAMENTO!R$15,ROW(F14)-ROW(F$15),0)","v":"(Sem Código)"},{"$f":"IF($D14<>\"Serviço\",\"\",OFFSET(ORÇAMENTO!S$15,ROW(G14)-ROW(G$15),0))","v":"-"},{"$f":"IF($D14<>\"Serviço\",0,IF(ACOMPANHAMENTO=\"BM\",ROUND(OFFSET(ORÇAMENTO!AJ$15,ROW(H14)-ROW(H$15),0),15-13*ORÇAMENTO!$AF$7),SUMPRODUCT(($Q$1:$AA$1=1)*ROUND($Q14:$AA14,15-13*ORÇAMENTO!$AF$7))))","v":0},null,{"$f":"IF(OR(B14<>\"S\",CÁLCULO.FrentesPreenchidas=0),\"\",IF(AND(ACOMPANHAMENTO=\"PLE\",AUTOEVENTO=\"Manual\",OR(H14>0,ORÇAMENTO!AC14=\"QUANT.\"),OR(K14=\"\",M14=0,N14=\"\")),\"►E\",IF(AND(ACOMPANHAMENTO=\"PLE\",ORÇAMENTO!AC14=\"QUANT.\"),\"►Q\",IF(AND(ACOMPANHAMENTO=\"PLE\",H14<>SUMPRODUCT(($Q$1:$AA$1=1)*ROUND(Q14:AA14,15))),\"►S\",IF(AND(COUNTIF($P$11:$AA$11,\"▼\")=0,H14>0,I14=\"\"),\"◄M\",\"\")))))","v":{"$error":"#NAME?"}},null,".",{"$f":"IF($D14<>\"Serviço\",\"\",\n          IF(AUTOEVENTO=\"manual\",$A14,\n                IF(ISERROR(MATCH($A14,$A$15:OFFSET($A14,-1,0),0)),MAX($M$15:OFFSET(M14,-1,0))+1,\n                      INDEX($M$15:OFFSET(M14,-1,0),MATCH($A14,$A$15:OFFSET($A14,-1,0),0)))))","v":"# Evento"},{"$f":"IF($D14<>\"Serviço\",\"\",\n         IF(AUTOEVENTO=\"Manual\",\n                IF($A14=0,\"<-- defina o número do agrupador\",\n                       OFFSET(EVENTOS!$D$15,$A14-$A$15,0)),\n                OFFSET($F$15,$A14,0)))","v":{"$error":"#VALUE!"}},null,null,null,null,null,null,null,null,null,null,null,null,null,{"$f":"IF(AND($D14=\"Serviço\",AB$12<>0,$H14>0,OR(AUTOEVENTO<>\"manual\",$M14<>$A$15)),\n        IF(Import.TipoArredondamento<>\"TransfereGOV\",\n              ROUND(OFFSET($P14,0,AB$13),15-13*ORÇAMENTO!$AF$7)/$H14*OFFSET(ORÇAMENTO!$X$15,ROW(AB14)-ROW(AB$15),0),\n              ROUND(ROUND(OFFSET($P14,0,AB$13),15-13*ORÇAMENTO!$AF$7)*OFFSET(ORÇAMENTO!$W$15,ROW(AB14)-ROW(AB$15),0),15-13*ORÇAMENTO!$AF$11)),\n         0)","v":0},{"$f":"IF(AND($D14=\"Serviço\",AC$12<>0,$H14>0,OR(AUTOEVENTO<>\"manual\",$M14<>$A$15)),\n        IF(Import.TipoArredondamento<>\"TransfereGOV\",\n              ROUND(OFFSET($P14,0,AC$13),15-13*ORÇAMENTO!$AF$7)/$H14*OFFSET(ORÇAMENTO!$X$15,ROW(AC14)-ROW(AC$15),0),\n              ROUND(ROUND(OFFSET($P14,0,AC$13),15-13*ORÇAMENTO!$AF$7)*OFFSET(ORÇAMENTO!$W$15,ROW(AC14)-ROW(AC$15),0),15-13*ORÇAMENTO!$AF$11)),\n         0)","v":0},{"$f":"IF(AND($D14=\"Serviço\",AD$12<>0,$H14>0,OR(AUTOEVENTO<>\"manual\",$M14<>$A$15)),\n        IF(Import.TipoArredondamento<>\"TransfereGOV\",\n              ROUND(OFFSET($P14,0,AD$13),15-13*ORÇAMENTO!$AF$7)/$H14*OFFSET(ORÇAMENTO!$X$15,ROW(AD14)-ROW(AD$15),0),\n              ROUND(ROUND(OFFSET($P14,0,AD$13),15-13*ORÇAMENTO!$AF$7)*OFFSET(ORÇAMENTO!$W$15,ROW(AD14)-ROW(AD$15),0),15-13*ORÇAMENTO!$AF$11)),\n         0)","v":0},{"$f":"IF(AND($D14=\"Serviço\",AE$12<>0,$H14>0,OR(AUTOEVENTO<>\"manual\",$M14<>$A$15)),\n        IF(Import.TipoArredondamento<>\"TransfereGOV\",\n              ROUND(OFFSET($P14,0,AE$13),15-13*ORÇAMENTO!$AF$7)/$H14*OFFSET(ORÇAMENTO!$X$15,ROW(AE14)-ROW(AE$15),0),\n              ROUND(ROUND(OFFSET($P14,0,AE$13),15-13*ORÇAMENTO!$AF$7)*OFFSET(ORÇAMENTO!$W$15,ROW(AE14)-ROW(AE$15),0),15-13*ORÇAMENTO!$AF$11)),\n         0)","v":0},{"$f":"IF(AND($D14=\"Serviço\",AF$12<>0,$H14>0,OR(AUTOEVENTO<>\"manual\",$M14<>$A$15)),\n        IF(Import.TipoArredondamento<>\"TransfereGOV\",\n              ROUND(OFFSET($P14,0,AF$13),15-13*ORÇAMENTO!$AF$7)/$H14*OFFSET(ORÇAMENTO!$X$15,ROW(AF14)-ROW(AF$15),0),\n              ROUND(ROUND(OFFSET($P14,0,AF$13),15-13*ORÇAMENTO!$AF$7)*OFFSET(ORÇAMENTO!$W$15,ROW(AF14)-ROW(AF$15),0),15-13*ORÇAMENTO!$AF$11)),\n         0)","v":0},{"$f":"IF(AND($D14=\"Serviço\",AG$12<>0,$H14>0,OR(AUTOEVENTO<>\"manual\",$M14<>$A$15)),\n        IF(Import.TipoArredondamento<>\"TransfereGOV\",\n              ROUND(OFFSET($P14,0,AG$13),15-13*ORÇAMENTO!$AF$7)/$H14*OFFSET(ORÇAMENTO!$X$15,ROW(AG14)-ROW(AG$15),0),\n              ROUND(ROUND(OFFSET($P14,0,AG$13),15-13*ORÇAMENTO!$AF$7)*OFFSET(ORÇAMENTO!$W$15,ROW(AG14)-ROW(AG$15),0),15-13*ORÇAMENTO!$AF$11)),\n         0)","v":0},{"$f":"IF(AND($D14=\"Serviço\",AH$12<>0,$H14>0,OR(AUTOEVENTO<>\"manual\",$M14<>$A$15)),\n        IF(Import.TipoArredondamento<>\"TransfereGOV\",\n              ROUND(OFFSET($P14,0,AH$13),15-13*ORÇAMENTO!$AF$7)/$H14*OFFSET(ORÇAMENTO!$X$15,ROW(AH14)-ROW(AH$15),0),\n              ROUND(ROUND(OFFSET($P14,0,AH$13),15-13*ORÇAMENTO!$AF$7)*OFFSET(ORÇAMENTO!$W$15,ROW(AH14)-ROW(AH$15),0),15-13*ORÇAMENTO!$AF$11)),\n         0)","v":0},{"$f":"IF(AND($D14=\"Serviço\",AI$12<>0,$H14>0,OR(AUTOEVENTO<>\"manual\",$M14<>$A$15)),\n        IF(Import.TipoArredondamento<>\"TransfereGOV\",\n              ROUND(OFFSET($P14,0,AI$13),15-13*ORÇAMENTO!$AF$7)/$H14*OFFSET(ORÇAMENTO!$X$15,ROW(AI14)-ROW(AI$15),0),\n              ROUND(ROUND(OFFSET($P14,0,AI$13),15-13*ORÇAMENTO!$AF$7)*OFFSET(ORÇAMENTO!$W$15,ROW(AI14)-ROW(AI$15),0),15-13*ORÇAMENTO!$AF$11)),\n         0)","v":0},{"$f":"IF(AND($D14=\"Serviço\",AJ$12<>0,$H14>0,OR(AUTOEVENTO<>\"manual\",$M14<>$A$15)),\n        IF(Import.TipoArredondamento<>\"TransfereGOV\",\n              ROUND(OFFSET($P14,0,AJ$13),15-13*ORÇAMENTO!$AF$7)/$H14*OFFSET(ORÇAMENTO!$X$15,ROW(AJ14)-ROW(AJ$15),0),\n              ROUND(ROUND(OFFSET($P14,0,AJ$13),15-13*ORÇAMENTO!$AF$7)*OFFSET(ORÇAMENTO!$W$15,ROW(AJ14)-ROW(AJ$15),0),15-13*ORÇAMENTO!$AF$11)),\n         0)","v":0},{"$f":"IF(AND($D14=\"Serviço\",AK$12<>0,$H14>0,OR(AUTOEVENTO<>\"manual\",$M14<>$A$15)),\n        IF(Import.TipoArredondamento<>\"TransfereGOV\",\n              ROUND(OFFSET($P14,0,AK$13),15-13*ORÇAMENTO!$AF$7)/$H14*OFFSET(ORÇAMENTO!$X$15,ROW(AK14)-ROW(AK$15),0),\n              ROUND(ROUND(OFFSET($P14,0,AK$13),15-13*ORÇAMENTO!$AF$7)*OFFSET(ORÇAMENTO!$W$15,ROW(AK14)-ROW(AK$15),0),15-13*ORÇAMENTO!$AF$11)),\n         0)","v":0},null,{"$f":"IF(OR($D14<>\"Serviço\",AND(AUTOEVENTO=\"Manual\",$M14=$A$15)),0,\n         IF(OFFSET(CRONOPLE!$F$15,$M14-$A$15,AM$13)=0,10^12,OFFSET(CRONOPLE!$F$15,$M14-$A$15,AM$13)))","v":{"$error":"#VALUE!"}},{"$f":"IF(OR($D14<>\"Serviço\",AND(AUTOEVENTO=\"Manual\",$M14=$A$15)),0,\n         IF(OFFSET(CRONOPLE!$F$15,$M14-$A$15,AN$13)=0,10^12,OFFSET(CRONOPLE!$F$15,$M14-$A$15,AN$13)))","v":{"$error":"#VALUE!"}},{"$f":"IF(OR($D14<>\"Serviço\",AND(AUTOEVENTO=\"Manual\",$M14=$A$15)),0,\n         IF(OFFSET(CRONOPLE!$F$15,$M14-$A$15,AO$13)=0,10^12,OFFSET(CRONOPLE!$F$15,$M14-$A$15,AO$13)))","v":{"$error":"#VALUE!"}},{"$f":"IF(OR($D14<>\"Serviço\",AND(AUTOEVENTO=\"Manual\",$M14=$A$15)),0,\n         IF(OFFSET(CRONOPLE!$F$15,$M14-$A$15,AP$13)=0,10^12,OFFSET(CRONOPLE!$F$15,$M14-$A$15,AP$13)))","v":{"$error":"#VALUE!"}},{"$f":"IF(OR($D14<>\"Serviço\",AND(AUTOEVENTO=\"Manual\",$M14=$A$15)),0,\n         IF(OFFSET(CRONOPLE!$F$15,$M14-$A$15,AQ$13)=0,10^12,OFFSET(CRONOPLE!$F$15,$M14-$A$15,AQ$13)))","v":{"$error":"#VALUE!"}},{"$f":"IF(OR($D14<>\"Serviço\",AND(AUTOEVENTO=\"Manual\",$M14=$A$15)),0,\n         IF(OFFSET(CRONOPLE!$F$15,$M14-$A$15,AR$13)=0,10^12,OFFSET(CRONOPLE!$F$15,$M14-$A$15,AR$13)))","v":{"$error":"#VALUE!"}},{"$f":"IF(OR($D14<>\"Serviço\",AND(AUTOEVENTO=\"Manual\",$M14=$A$15)),0,\n         IF(OFFSET(CRONOPLE!$F$15,$M14-$A$15,AS$13)=0,10^12,OFFSET(CRONOPLE!$F$15,$M14-$A$15,AS$13)))","v":{"$error":"#VALUE!"}},{"$f":"IF(OR($D14<>\"Serviço\",AND(AUTOEVENTO=\"Manual\",$M14=$A$15)),0,\n         IF(OFFSET(CRONOPLE!$F$15,$M14-$A$15,AT$13)=0,10^12,OFFSET(CRONOPLE!$F$15,$M14-$A$15,AT$13)))","v":{"$error":"#VALUE!"}},{"$f":"IF(OR($D14<>\"Serviço\",AND(AUTOEVENTO=\"Manual\",$M14=$A$15)),0,\n         IF(OFFSET(CRONOPLE!$F$15,$M14-$A$15,AU$13)=0,10^12,OFFSET(CRONOPLE!$F$15,$M14-$A$15,AU$13)))","v":{"$error":"#VALUE!"}},{"$f":"IF(OR($D14<>\"Serviço\",AND(AUTOEVENTO=\"Manual\",$M14=$A$15)),0,\n         IF(OFFSET(CRONOPLE!$F$15,$M14-$A$15,AV$13)=0,10^12,OFFSET(CRONOPLE!$F$15,$M14-$A$15,AV$13)))","v":{"$error":"#VALUE!"}},null,{"$f":"IF(OR($D14<>\"Serviço\",AND(AUTOEVENTO=\"Manual\",$M14=$A$15),$M14>(ROW(PLE.lastrow)-ROW(PLE.firstrow))),0,\n           IF(OFFSET(PLE!$G$15,$M14-$A$15,AX$13)=\"\",10^12,OFFSET(PLE!$G$15,$M14-$A$15,AX$13)))","v":0},{"$f":"IF(OR($D14<>\"Serviço\",AND(AUTOEVENTO=\"Manual\",$M14=$A$15),$M14>(ROW(PLE.lastrow)-ROW(PLE.firstrow))),0,\n           IF(OFFSET(PLE!$G$15,$M14-$A$15,AY$13)=\"\",10^12,OFFSET(PLE!$G$15,$M14-$A$15,AY$13)))","v":0},{"$f":"IF(OR($D14<>\"Serviço\",AND(AUTOEVENTO=\"Manual\",$M14=$A$15),$M14>(ROW(PLE.lastrow)-ROW(PLE.firstrow))),0,\n           IF(OFFSET(PLE!$G$15,$M14-$A$15,AZ$13)=\"\",10^12,OFFSET(PLE!$G$15,$M14-$A$15,AZ$13)))","v":0},{"$f":"IF(OR($D14<>\"Serviço\",AND(AUTOEVENTO=\"Manual\",$M14=$A$15),$M14>(ROW(PLE.lastrow)-ROW(PLE.firstrow))),0,\n           IF(OFFSET(PLE!$G$15,$M14-$A$15,BA$13)=\"\",10^12,OFFSET(PLE!$G$15,$M14-$A$15,BA$13)))","v":0},{"$f":"IF(OR($D14<>\"Serviço\",AND(AUTOEVENTO=\"Manual\",$M14=$A$15),$M14>(ROW(PLE.lastrow)-ROW(PLE.firstrow))),0,\n           IF(OFFSET(PLE!$G$15,$M14-$A$15,BB$13)=\"\",10^12,OFFSET(PLE!$G$15,$M14-$A$15,BB$13)))","v":0},{"$f":"IF(OR($D14<>\"Serviço\",AND(AUTOEVENTO=\"Manual\",$M14=$A$15),$M14>(ROW(PLE.lastrow)-ROW(PLE.firstrow))),0,\n           IF(OFFSET(PLE!$G$15,$M14-$A$15,BC$13)=\"\",10^12,OFFSET(PLE!$G$15,$M14-$A$15,BC$13)))","v":0},{"$f":"IF(OR($D14<>\"Serviço\",AND(AUTOEVENTO=\"Manual\",$M14=$A$15),$M14>(ROW(PLE.lastrow)-ROW(PLE.firstrow))),0,\n           IF(OFFSET(PLE!$G$15,$M14-$A$15,BD$13)=\"\",10^12,OFFSET(PLE!$G$15,$M14-$A$15,BD$13)))","v":0},{"$f":"IF(OR($D14<>\"Serviço\",AND(AUTOEVENTO=\"Manual\",$M14=$A$15),$M14>(ROW(PLE.lastrow)-ROW(PLE.firstrow))),0,\n           IF(OFFSET(PLE!$G$15,$M14-$A$15,BE$13)=\"\",10^12,OFFSET(PLE!$G$15,$M14-$A$15,BE$13)))","v":0},{"$f":"IF(OR($D14<>\"Serviço\",AND(AUTOEVENTO=\"Manual\",$M14=$A$15),$M14>(ROW(PLE.lastrow)-ROW(PLE.firstrow))),0,\n           IF(OFFSET(PLE!$G$15,$M14-$A$15,BF$13)=\"\",10^12,OFFSET(PLE!$G$15,$M14-$A$15,BF$13)))","v":0},{"$f":"IF(OR($D14<>\"Serviço\",AND(AUTOEVENTO=\"Manual\",$M14=$A$15),$M14>(ROW(PLE.lastrow)-ROW(PLE.firstrow))),0,\n           IF(OFFSET(PLE!$G$15,$M14-$A$15,BG$13)=\"\",10^12,OFFSET(PLE!$G$15,$M14-$A$15,BG$13)))","v":0}]
[{"$f":"IF(AdmLocal=\"Automática\",1,0)","v":0},{"$f":"OFFSET(ORÇAMENTO!C$15,ROW(B15)-ROW(B$15),0)","v":"L"},{"$f":"OFFSET(ORÇAMENTO!L$15,ROW(C15)-ROW(C$15),0)","v":"F"},{"$f":"IF(TIPOORCAMENTO=\"LICITADO\",\"CTEF\",\"LOTE\")","v":"LOTE"},{"$f":"Import.DescLote","v":"REDE DE ABASTECIMENTO DE ÁGUA - LOT. NOVO HORIZONTE"},null,null,null,null,null,null,".",0,"TOTAL FINANC. POR FRENTE (R$):",{"$f":"OFFSET($AA$15,0,O$13)","v":{"$error":"#VALUE!"}},null,{"$f":"OFFSET($AA$15,0,Q$13)","v":32824.81},44345.35,0,0,0,0,0,0,0,0,null,{"$f":"ROUND(SUM(OFFSET(AB$15,1,0):AB$270),2)","v":32824.81},{"$f":"SUM(OFFSET(AC$15,1,0):AC$270)","v":44345.35},{"$f":"SUM(OFFSET(AD$15,1,0):AD$270)","v":0},{"$f":"SUM(OFFSET(AE$15,1,0):AE$270)","v":0},{"$f":"SUM(OFFSET(AF$15,1,0):AF$270)","v":0},{"$f":"SUM(OFFSET(AG$15,1,0):AG$270)","v":0},{"$f":"SUM(OFFSET(AH$15,1,0):AH$270)","v":0},{"$f":"SUM(OFFSET(AI$15,1,0):AI$270)","v":0},{"$f":"SUM(OFFSET(AJ$15,1,0):AJ$270)","v":0},{"$f":"SUM(OFFSET(AK$15,1,0):AK$270)","v":0},null,{"$f":"10^12","v":1000000000000},{"$f":"10^12","v":1000000000000},1000000000000,1000000000000,1000000000000,1000000000000,1000000000000,1000000000000,1000000000000,1000000000000,null,{"$f":"10^12","v":1000000000000},1000000000000,1000000000000,1000000000000,1000000000000,1000000000000,1000000000000,1000000000000,1000000000000,1000000000000]
[{"$f":"IFERROR(IF(AUTOEVENTO=\"Manual\",IF(K16<>\"\",MIN(VALUE(LEFT(K16,FIND(\".\",K16)-1)),COUNTA(EVENTOS.Lista)),0),IF(OR($B16>AUTOEVENTO,$B16=\"S\",$B16=0),SUBSTITUTE(OFFSET($A16,-1,0),IF($D16=\"Serviço\",\".\",\"\"),\"\"),ROW(A16)-ROW($A$15)&\".\")),0)","v":"1."},{"$f":"OFFSET(ORÇAMENTO!C$15,ROW(B16)-ROW(B$15),0)","v":1},{"$f":"OFFSET(ORÇAMENTO!L$15,ROW(C16)-ROW(C$15),0)","v":"F"},{"$f":"OFFSET(ORÇAMENTO!N$15,ROW(D16)-ROW(D$15),0)","v":"Meta"},{"$f":"OFFSET(ORÇAMENTO!O$15,ROW(E16)-ROW(E$15),0)","v":"1."},{"$f":"OFFSET(ORÇAMENTO!R$15,ROW(F16)-ROW(F$15),0)","v":"REDE DE ABASTECIMENTO DE ÁGUA - LOT. NOVO HORIZONTE"},{"$f":"IF($D16<>\"Serviço\",\"\",OFFSET(ORÇAMENTO!S$15,ROW(G16)-ROW(G$15),0))","v":""},{"$f":"IF($D16<>\"Serviço\",0,IF(ACOMPANHAMENTO=\"BM\",ROUND(OFFSET(ORÇAMENTO!AJ$15,ROW(H16)-ROW(H$15),0),15-13*ORÇAMENTO!$AF$7),SUMPRODUCT(($Q$1:$AA$1=1)*ROUND($Q16:$AA16,15-13*ORÇAMENTO!$AF$7))))","v":0},null,{"$f":"IF(OR(B16<>\"S\",CÁLCULO.FrentesPreenchidas=0),\"\",IF(AND(ACOMPANHAMENTO=\"PLE\",AUTOEVENTO=\"Manual\",OR(H16>0,ORÇAMENTO!AC16=\"QUANT.\"),OR(K16=\"\",M16=0,N16=\"\")),\"►E\",IF(AND(ACOMPANHAMENTO=\"PLE\",ORÇAMENTO!AC16=\"QUANT.\"),\"►Q\",IF(AND(ACOMPANHAMENTO=\"PLE\",H16<>SUMPRODUCT(($Q$1:$AA$1=1)*ROUND(Q16:AA16,15))),\"►S\",IF(AND(COUNTIF($P$11:$AA$11,\"▼\")=0,H16>0,I16=\"\"),\"◄M\",\"\")))))","v":""},null,".",{"$f":"IF($D16<>\"Serviço\",\"\",\n          IF(AUTOEVENTO=\"manual\",$A16,\n                IF(ISERROR(MATCH($A16,$A$15:OFFSET($A16,-1,0),0)),MAX($M$15:OFFSET(M16,-1,0))+1,\n                      INDEX($M$15:OFFSET(M16,-1,0),MATCH($A16,$A$15:OFFSET($A16,-1,0),0)))))","v":""},{"$f":"IF($D16<>\"Serviço\",\"\",\n         IF(AUTOEVENTO=\"Manual\",\n                IF($A16=0,\"<-- defina o número do agrupador\",\n                       OFFSET(EVENTOS!$D$15,$A16-$A$15,0)),\n                OFFSET($F$15,$A16,0)))","v":""},null,null,null,null,null,null,null,null,null,null,null,null,null,{"$f":"IF(AND($D16=\"Serviço\",AB$12<>0,$H16>0,OR(AUTOEVENTO<>\"manual\",$M16<>$A$15)),\n        IF(Import.TipoArredondamento<>\"TransfereGOV\",\n              ROUND(OFFSET($P16,0,AB$13),15-13*ORÇAMENTO!$AF$7)/$H16*OFFSET(ORÇAMENTO!$X$15,ROW(AB16)-ROW(AB$15),0),\n              ROUND(ROUND(OFFSET($P16,0,AB$13),15-13*ORÇAMENTO!$AF$7)*OFFSET(ORÇAMENTO!$W$15,ROW(AB16)-ROW(AB$15),0),15-13*ORÇAMENTO!$AF$11)),\n         0)","v":0},{"$f":"IF(AND($D16=\"Serviço\",AC$12<>0,$H16>0,OR(AUTOEVENTO<>\"manual\",$M16<>$A$15)),\n        IF(Import.TipoArredondamento<>\"TransfereGOV\",\n              ROUND(OFFSET($P16,0,AC$13),15-13*ORÇAMENTO!$AF$7)/$H16*OFFSET(ORÇAMENTO!$X$15,ROW(AC16)-ROW(AC$15),0),\n              ROUND(ROUND(OFFSET($P16,0,AC$13),15-13*ORÇAMENTO!$AF$7)*OFFSET(ORÇAMENTO!$W$15,ROW(AC16)-ROW(AC$15),0),15-13*ORÇAMENTO!$AF$11)),\n         0)","v":0},{"$f":"IF(AND($D16=\"Serviço\",AD$12<>0,$H16>0,OR(AUTOEVENTO<>\"manual\",$M16<>$A$15)),\n        IF(Import.TipoArredondamento<>\"TransfereGOV\",\n              ROUND(OFFSET($P16,0,AD$13),15-13*ORÇAMENTO!$AF$7)/$H16*OFFSET(ORÇAMENTO!$X$15,ROW(AD16)-ROW(AD$15),0),\n              ROUND(ROUND(OFFSET($P16,0,AD$13),15-13*ORÇAMENTO!$AF$7)*OFFSET(ORÇAMENTO!$W$15,ROW(AD16)-ROW(AD$15),0),15-13*ORÇAMENTO!$AF$11)),\n         0)","v":0},{"$f":"IF(AND($D16=\"Serviço\",AE$12<>0,$H16>0,OR(AUTOEVENTO<>\"manual\",$M16<>$A$15)),\n        IF(Import.TipoArredondamento<>\"TransfereGOV\",\n              ROUND(OFFSET($P16,0,AE$13),15-13*ORÇAMENTO!$AF$7)/$H16*OFFSET(ORÇAMENTO!$X$15,ROW(AE16)-ROW(AE$15),0),\n              ROUND(ROUND(OFFSET($P16,0,AE$13),15-13*ORÇAMENTO!$AF$7)*OFFSET(ORÇAMENTO!$W$15,ROW(AE16)-ROW(AE$15),0),15-13*ORÇAMENTO!$AF$11)),\n         0)","v":0},{"$f":"IF(AND($D16=\"Serviço\",AF$12<>0,$H16>0,OR(AUTOEVENTO<>\"manual\",$M16<>$A$15)),\n        IF(Import.TipoArredondamento<>\"TransfereGOV\",\n              ROUND(OFFSET($P16,0,AF$13),15-13*ORÇAMENTO!$AF$7)/$H16*OFFSET(ORÇAMENTO!$X$15,ROW(AF16)-ROW(AF$15),0),\n              ROUND(ROUND(OFFSET($P16,0,AF$13),15-13*ORÇAMENTO!$AF$7)*OFFSET(ORÇAMENTO!$W$15,ROW(AF16)-ROW(AF$15),0),15-13*ORÇAMENTO!$AF$11)),\n         0)","v":0},{"$f":"IF(AND($D16=\"Serviço\",AG$12<>0,$H16>0,OR(AUTOEVENTO<>\"manual\",$M16<>$A$15)),\n        IF(Import.TipoArredondamento<>\"TransfereGOV\",\n              ROUND(OFFSET($P16,0,AG$13),15-13*ORÇAMENTO!$AF$7)/$H16*OFFSET(ORÇAMENTO!$X$15,ROW(AG16)-ROW(AG$15),0),\n              ROUND(ROUND(OFFSET($P16,0,AG$13),15-13*ORÇAMENTO!$AF$7)*OFFSET(ORÇAMENTO!$W$15,ROW(AG16)-ROW(AG$15),0),15-13*ORÇAMENTO!$AF$11)),\n         0)","v":0},{"$f":"IF(AND($D16=\"Serviço\",AH$12<>0,$H16>0,OR(AUTOEVENTO<>\"manual\",$M16<>$A$15)),\n        IF(Import.TipoArredondamento<>\"TransfereGOV\",\n              ROUND(OFFSET($P16,0,AH$13),15-13*ORÇAMENTO!$AF$7)/$H16*OFFSET(ORÇAMENTO!$X$15,ROW(AH16)-ROW(AH$15),0),\n              ROUND(ROUND(OFFSET($P16,0,AH$13),15-13*ORÇAMENTO!$AF$7)*OFFSET(ORÇAMENTO!$W$15,ROW(AH16)-ROW(AH$15),0),15-13*ORÇAMENTO!$AF$11)),\n         0)","v":0},{"$f":"IF(AND($D16=\"Serviço\",AI$12<>0,$H16>0,OR(AUTOEVENTO<>\"manual\",$M16<>$A$15)),\n        IF(Import.TipoArredondamento<>\"TransfereGOV\",\n              ROUND(OFFSET($P16,0,AI$13),15-13*ORÇAMENTO!$AF$7)/$H16*OFFSET(ORÇAMENTO!$X$15,ROW(AI16)-ROW(AI$15),0),\n              ROUND(ROUND(OFFSET($P16,0,AI$13),15-13*ORÇAMENTO!$AF$7)*OFFSET(ORÇAMENTO!$W$15,ROW(AI16)-ROW(AI$15),0),15-13*ORÇAMENTO!$AF$11)),\n         0)","v":0},{"$f":"IF(AND($D16=\"Serviço\",AJ$12<>0,$H16>0,OR(AUTOEVENTO<>\"manual\",$M16<>$A$15)),\n        IF(Import.TipoArredondamento<>\"TransfereGOV\",\n              ROUND(OFFSET($P16,0,AJ$13),15-13*ORÇAMENTO!$AF$7)/$H16*OFFSET(ORÇAMENTO!$X$15,ROW(AJ16)-ROW(AJ$15),0),\n              ROUND(ROUND(OFFSET($P16,0,AJ$13),15-13*ORÇAMENTO!$AF$7)*OFFSET(ORÇAMENTO!$W$15,ROW(AJ16)-ROW(AJ$15),0),15-13*ORÇAMENTO!$AF$11)),\n         0)","v":0},{"$f":"IF(AND($D16=\"Serviço\",AK$12<>0,$H16>0,OR(AUTOEVENTO<>\"manual\",$M16<>$A$15)),\n        IF(Import.TipoArredondamento<>\"TransfereGOV\",\n              ROUND(OFFSET($P16,0,AK$13),15-13*ORÇAMENTO!$AF$7)/$H16*OFFSET(ORÇAMENTO!$X$15,ROW(AK16)-ROW(AK$15),0),\n              ROUND(ROUND(OFFSET($P16,0,AK$13),15-13*ORÇAMENTO!$AF$7)*OFFSET(ORÇAMENTO!$W$15,ROW(AK16)-ROW(AK$15),0),15-13*ORÇAMENTO!$AF$11)),\n         0)","v":0},null,{"$f":"IF(OR($D16<>\"Serviço\",AND(AUTOEVENTO=\"Manual\",$M16=$A$15)),0,\n         IF(OFFSET(CRONOPLE!$F$15,$M16-$A$15,AM$13)=0,10^12,OFFSET(CRONOPLE!$F$15,$M16-$A$15,AM$13)))","v":0},{"$f":"IF(OR($D16<>\"Serviço\",AND(AUTOEVENTO=\"Manual\",$M16=$A$15)),0,\n         IF(OFFSET(CRONOPLE!$F$15,$M16-$A$15,AN$13)=0,10^12,OFFSET(CRONOPLE!$F$15,$M16-$A$15,AN$13)))","v":0},{"$f":"IF(OR($D16<>\"Serviço\",AND(AUTOEVENTO=\"Manual\",$M16=$A$15)),0,\n         IF(OFFSET(CRONOPLE!$F$15,$M16-$A$15,AO$13)=0,10^12,OFFSET(CRONOPLE!$F$15,$M16-$A$15,AO$13)))","v":0},{"$f":"IF(OR($D16<>\"Serviço\",AND(AUTOEVENTO=\"Manual\",$M16=$A$15)),0,\n         IF(OFFSET(CRONOPLE!$F$15,$M16-$A$15,AP$13)=0,10^12,OFFSET(CRONOPLE!$F$15,$M16-$A$15,AP$13)))","v":0},{"$f":"IF(OR($D16<>\"Serviço\",AND(AUTOEVENTO=\"Manual\",$M16=$A$15)),0,\n         IF(OFFSET(CRONOPLE!$F$15,$M16-$A$15,AQ$13)=0,10^12,OFFSET(CRONOPLE!$F$15,$M16-$A$15,AQ$13)))","v":0},{"$f":"IF(OR($D16<>\"Serviço\",AND(AUTOEVENTO=\"Manual\",$M16=$A$15)),0,\n         IF(OFFSET(CRONOPLE!$F$15,$M16-$A$15,AR$13)=0,10^12,OFFSET(CRONOPLE!$F$15,$M16-$A$15,AR$13)))","v":0},{"$f":"IF(OR($D16<>\"Serviço\",AND(AUTOEVENTO=\"Manual\",$M16=$A$15)),0,\n         IF(OFFSET(CRONOPLE!$F$15,$M16-$A$15,AS$13)=0,10^12,OFFSET(CRONOPLE!$F$15,$M16-$A$15,AS$13)))","v":0},{"$f":"IF(OR($D16<>\"Serviço\",AND(AUTOEVENTO=\"Manual\",$M16=$A$15)),0,\n         IF(OFFSET(CRONOPLE!$F$15,$M16-$A$15,AT$13)=0,10^12,OFFSET(CRONOPLE!$F$15,$M16-$A$15,AT$13)))","v":0},{"$f":"IF(OR($D16<>\"Serviço\",AND(AUTOEVENTO=\"Manual\",$M16=$A$15)),0,\n         IF(OFFSET(CRONOPLE!$F$15,$M16-$A$15,AU$13)=0,10^12,OFFSET(CRONOPLE!$F$15,$M16-$A$15,AU$13)))","v":0},{"$f":"IF(OR($D16<>\"Serviço\",AND(AUTOEVENTO=\"Manual\",$M16=$A$15)),0,\n         IF(OFFSET(CRONOPLE!$F$15,$M16-$A$15,AV$13)=0,10^12,OFFSET(CRONOPLE!$F$15,$M16-$A$15,AV$13)))","v":0},null,{"$f":"IF(OR($D16<>\"Serviço\",AND(AUTOEVENTO=\"Manual\",$M16=$A$15),$M16>(ROW(PLE.lastrow)-ROW(PLE.firstrow))),0,\n           IF(OFFSET(PLE!$G$15,$M16-$A$15,AX$13)=\"\",10^12,OFFSET(PLE!$G$15,$M16-$A$15,AX$13)))","v":0},{"$f":"IF(OR($D16<>\"Serviço\",AND(AUTOEVENTO=\"Manual\",$M16=$A$15),$M16>(ROW(PLE.lastrow)-ROW(PLE.firstrow))),0,\n           IF(OFFSET(PLE!$G$15,$M16-$A$15,AY$13)=\"\",10^12,OFFSET(PLE!$G$15,$M16-$A$15,AY$13)))","v":0},{"$f":"IF(OR($D16<>\"Serviço\",AND(AUTOEVENTO=\"Manual\",$M16=$A$15),$M16>(ROW(PLE.lastrow)-ROW(PLE.firstrow))),0,\n           IF(OFFSET(PLE!$G$15,$M16-$A$15,AZ$13)=\"\",10^12,OFFSET(PLE!$G$15,$M16-$A$15,AZ$13)))","v":0},{"$f":"IF(OR($D16<>\"Serviço\",AND(AUTOEVENTO=\"Manual\",$M16=$A$15),$M16>(ROW(PLE.lastrow)-ROW(PLE.firstrow))),0,\n           IF(OFFSET(PLE!$G$15,$M16-$A$15,BA$13)=\"\",10^12,OFFSET(PLE!$G$15,$M16-$A$15,BA$13)))","v":0},{"$f":"IF(OR($D16<>\"Serviço\",AND(AUTOEVENTO=\"Manual\",$M16=$A$15),$M16>(ROW(PLE.lastrow)-ROW(PLE.firstrow))),0,\n           IF(OFFSET(PLE!$G$15,$M16-$A$15,BB$13)=\"\",10^12,OFFSET(PLE!$G$15,$M16-$A$15,BB$13)))","v":0},{"$f":"IF(OR($D16<>\"Serviço\",AND(AUTOEVENTO=\"Manual\",$M16=$A$15),$M16>(ROW(PLE.lastrow)-ROW(PLE.firstrow))),0,\n           IF(OFFSET(PLE!$G$15,$M16-$A$15,BC$13)=\"\",10^12,OFFSET(PLE!$G$15,$M16-$A$15,BC$13)))","v":0},{"$f":"IF(OR($D16<>\"Serviço\",AND(AUTOEVENTO=\"Manual\",$M16=$A$15),$M16>(ROW(PLE.lastrow)-ROW(PLE.firstrow))),0,\n           IF(OFFSET(PLE!$G$15,$M16-$A$15,BD$13)=\"\",10^12,OFFSET(PLE!$G$15,$M16-$A$15,BD$13)))","v":0},{"$f":"IF(OR($D16<>\"Serviço\",AND(AUTOEVENTO=\"Manual\",$M16=$A$15),$M16>(ROW(PLE.lastrow)-ROW(PLE.firstrow))),0,\n           IF(OFFSET(PLE!$G$15,$M16-$A$15,BE$13)=\"\",10^12,OFFSET(PLE!$G$15,$M16-$A$15,BE$13)))","v":0},{"$f":"IF(OR($D16<>\"Serviço\",AND(AUTOEVENTO=\"Manual\",$M16=$A$15),$M16>(ROW(PLE.lastrow)-ROW(PLE.firstrow))),0,\n           IF(OFFSET(PLE!$G$15,$M16-$A$15,BF$13)=\"\",10^12,OFFSET(PLE!$G$15,$M16-$A$15,BF$13)))","v":0},{"$f":"IF(OR($D16<>\"Serviço\",AND(AUTOEVENTO=\"Manual\",$M16=$A$15),$M16>(ROW(PLE.lastrow)-ROW(PLE.firstrow))),0,\n           IF(OFFSET(PLE!$G$15,$M16-$A$15,BG$13)=\"\",10^12,OFFSET(PLE!$G$15,$M16-$A$15,BG$13)))","v":0}]
["2.",{"$f":"OFFSET(ORÇAMENTO!C$15,ROW(B17)-ROW(B$15),0)","v":2},{"$f":"OFFSET(ORÇAMENTO!L$15,ROW(C17)-ROW(C$15),0)","v":"F"},{"$f":"OFFSET(ORÇAMENTO!N$15,ROW(D17)-ROW(D$15),0)","v":"Nível 2"},{"$f":"OFFSET(ORÇAMENTO!O$15,ROW(E17)-ROW(E$15),0)","v":"1.1."},{"$f":"OFFSET(ORÇAMENTO!R$15,ROW(F17)-ROW(F$15),0)","v":"CANTEIRO DE OBRAS"},{"$f":"IF($D17<>\"Serviço\",\"\",OFFSET(ORÇAMENTO!S$15,ROW(G17)-ROW(G$15),0))","v":""},{"$f":"IF($D17<>\"Serviço\",0,IF(ACOMPANHAMENTO=\"BM\",ROUND(OFFSET(ORÇAMENTO!AJ$15,ROW(H17)-ROW(H$15),0),15-13*ORÇAMENTO!$AF$7),SUMPRODUCT(($Q$1:$AA$1=1)*ROUND($Q17:$AA17,15-13*ORÇAMENTO!$AF$7))))","v":0},null,{"$f":"IF(OR(B17<>\"S\",CÁLCULO.FrentesPreenchidas=0),\"\",IF(AND(ACOMPANHAMENTO=\"PLE\",AUTOEVENTO=\"Manual\",OR(H17>0,ORÇAMENTO!AC17=\"QUANT.\"),OR(K17=\"\",M17=0,N17=\"\")),\"►E\",IF(AND(ACOMPANHAMENTO=\"PLE\",ORÇAMENTO!AC17=\"QUANT.\"),\"►Q\",IF(AND(ACOMPANHAMENTO=\"PLE\",H17<>SUMPRODUCT(($Q$1:$AA$1=1)*ROUND(Q17:AA17,15))),\"►S\",IF(AND(COUNTIF($P$11:$AA$11,\"▼\")=0,H17>0,I17=\"\"),\"◄M\",\"\")))))","v":""},null,".",{"$f":"IF($D17<>\"Serviço\",\"\",\n          IF(AUTOEVENTO=\"manual\",$A17,\n                IF(ISERROR(MATCH($A17,$A$15:OFFSET($A17,-1,0),0)),MAX($M$15:OFFSET(M17,-1,0))+1,\n                      INDEX($M$15:OFFSET(M17,-1,0),MATCH($A17,$A$15:OFFSET($A17,-1,0),0)))))","v":""},{"$f":"IF($D17<>\"Serviço\",\"\",\n         IF(AUTOEVENTO=\"Manual\",\n                IF($A17=0,\"<-- defina o número do agrupador\",\n                       OFFSET(EVENTOS!$D$15,$A17-$A$15,0)),\n                OFFSET($F$15,$A17,0)))","v":""},null,null,null,null,null,null,null,null,null,null,null,null,null,{"$f":"IF(AND($D17=\"Serviço\",AB$12<>0,$H17>0,OR(AUTOEVENTO<>\"manual\",$M17<>$A$15)),\n        IF(Import.TipoArredondamento<>\"TransfereGOV\",\n              ROUND(OFFSET($P17,0,AB$13),15-13*ORÇAMENTO!$AF$7)/$H17*OFFSET(ORÇAMENTO!$X$15,ROW(AB17)-ROW(AB$15),0),\n              ROUND(ROUND(OFFSET($P17,0,AB$13),15-13*ORÇAMENTO!$AF$7)*OFFSET(ORÇAMENTO!$W$15,ROW(AB17)-ROW(AB$15),0),15-13*ORÇAMENTO!$AF$11)),\n         0)","v":0},{"$f":"IF(AND($D17=\"Serviço\",AC$12<>0,$H17>0,OR(AUTOEVENTO<>\"manual\",$M17<>$A$15)),\n        IF(Import.TipoArredondamento<>\"TransfereGOV\",\n              ROUND(OFFSET($P17,0,AC$13),15-13*ORÇAMENTO!$AF$7)/$H17*OFFSET(ORÇAMENTO!$X$15,ROW(AC17)-ROW(AC$15),0),\n              ROUND(ROUND(OFFSET($P17,0,AC$13),15-13*ORÇAMENTO!$AF$7)*OFFSET(ORÇAMENTO!$W$15,ROW(AC17)-ROW(AC$15),0),15-13*ORÇAMENTO!$AF$11)),\n         0)","v":0},{"$f":"IF(AND($D17=\"Serviço\",AD$12<>0,$H17>0,OR(AUTOEVENTO<>\"manual\",$M17<>$A$15)),\n        IF(Import.TipoArredondamento<>\"TransfereGOV\",\n              ROUND(OFFSET($P17,0,AD$13),15-13*ORÇAMENTO!$AF$7)/$H17*OFFSET(ORÇAMENTO!$X$15,ROW(AD17)-ROW(AD$15),0),\n              ROUND(ROUND(OFFSET($P17,0,AD$13),15-13*ORÇAMENTO!$AF$7)*OFFSET(ORÇAMENTO!$W$15,ROW(AD17)-ROW(AD$15),0),15-13*ORÇAMENTO!$AF$11)),\n         0)","v":0},{"$f":"IF(AND($D17=\"Serviço\",AE$12<>0,$H17>0,OR(AUTOEVENTO<>\"manual\",$M17<>$A$15)),\n        IF(Import.TipoArredondamento<>\"TransfereGOV\",\n              ROUND(OFFSET($P17,0,AE$13),15-13*ORÇAMENTO!$AF$7)/$H17*OFFSET(ORÇAMENTO!$X$15,ROW(AE17)-ROW(AE$15),0),\n              ROUND(ROUND(OFFSET($P17,0,AE$13),15-13*ORÇAMENTO!$AF$7)*OFFSET(ORÇAMENTO!$W$15,ROW(AE17)-ROW(AE$15),0),15-13*ORÇAMENTO!$AF$11)),\n         0)","v":0},{"$f":"IF(AND($D17=\"Serviço\",AF$12<>0,$H17>0,OR(AUTOEVENTO<>\"manual\",$M17<>$A$15)),\n        IF(Import.TipoArredondamento<>\"TransfereGOV\",\n              ROUND(OFFSET($P17,0,AF$13),15-13*ORÇAMENTO!$AF$7)/$H17*OFFSET(ORÇAMENTO!$X$15,ROW(AF17)-ROW(AF$15),0),\n              ROUND(ROUND(OFFSET($P17,0,AF$13),15-13*ORÇAMENTO!$AF$7)*OFFSET(ORÇAMENTO!$W$15,ROW(AF17)-ROW(AF$15),0),15-13*ORÇAMENTO!$AF$11)),\n         0)","v":0},{"$f":"IF(AND($D17=\"Serviço\",AG$12<>0,$H17>0,OR(AUTOEVENTO<>\"manual\",$M17<>$A$15)),\n        IF(Import.TipoArredondamento<>\"TransfereGOV\",\n              ROUND(OFFSET($P17,0,AG$13),15-13*ORÇAMENTO!$AF$7)/$H17*OFFSET(ORÇAMENTO!$X$15,ROW(AG17)-ROW(AG$15),0),\n              ROUND(ROUND(OFFSET($P17,0,AG$13),15-13*ORÇAMENTO!$AF$7)*OFFSET(ORÇAMENTO!$W$15,ROW(AG17)-ROW(AG$15),0),15-13*ORÇAMENTO!$AF$11)),\n         0)","v":0},{"$f":"IF(AND($D17=\"Serviço\",AH$12<>0,$H17>0,OR(AUTOEVENTO<>\"manual\",$M17<>$A$15)),\n        IF(Import.TipoArredondamento<>\"TransfereGOV\",\n              ROUND(OFFSET($P17,0,AH$13),15-13*ORÇAMENTO!$AF$7)/$H17*OFFSET(ORÇAMENTO!$X$15,ROW(AH17)-ROW(AH$15),0),\n              ROUND(ROUND(OFFSET($P17,0,AH$13),15-13*ORÇAMENTO!$AF$7)*OFFSET(ORÇAMENTO!$W$15,ROW(AH17)-ROW(AH$15),0),15-13*ORÇAMENTO!$AF$11)),\n         0)","v":0},{"$f":"IF(AND($D17=\"Serviço\",AI$12<>0,$H17>0,OR(AUTOEVENTO<>\"manual\",$M17<>$A$15)),\n        IF(Import.TipoArredondamento<>\"TransfereGOV\",\n              ROUND(OFFSET($P17,0,AI$13),15-13*ORÇAMENTO!$AF$7)/$H17*OFFSET(ORÇAMENTO!$X$15,ROW(AI17)-ROW(AI$15),0),\n              ROUND(ROUND(OFFSET($P17,0,AI$13),15-13*ORÇAMENTO!$AF$7)*OFFSET(ORÇAMENTO!$W$15,ROW(AI17)-ROW(AI$15),0),15-13*ORÇAMENTO!$AF$11)),\n         0)","v":0},{"$f":"IF(AND($D17=\"Serviço\",AJ$12<>0,$H17>0,OR(AUTOEVENTO<>\"manual\",$M17<>$A$15)),\n        IF(Import.TipoArredondamento<>\"TransfereGOV\",\n              ROUND(OFFSET($P17,0,AJ$13),15-13*ORÇAMENTO!$AF$7)/$H17*OFFSET(ORÇAMENTO!$X$15,ROW(AJ17)-ROW(AJ$15),0),\n              ROUND(ROUND(OFFSET($P17,0,AJ$13),15-13*ORÇAMENTO!$AF$7)*OFFSET(ORÇAMENTO!$W$15,ROW(AJ17)-ROW(AJ$15),0),15-13*ORÇAMENTO!$AF$11)),\n         0)","v":0},{"$f":"IF(AND($D17=\"Serviço\",AK$12<>0,$H17>0,OR(AUTOEVENTO<>\"manual\",$M17<>$A$15)),\n        IF(Import.TipoArredondamento<>\"TransfereGOV\",\n              ROUND(OFFSET($P17,0,AK$13),15-13*ORÇAMENTO!$AF$7)/$H17*OFFSET(ORÇAMENTO!$X$15,ROW(AK17)-ROW(AK$15),0),\n              ROUND(ROUND(OFFSET($P17,0,AK$13),15-13*ORÇAMENTO!$AF$7)*OFFSET(ORÇAMENTO!$W$15,ROW(AK17)-ROW(AK$15),0),15-13*ORÇAMENTO!$AF$11)),\n         0)","v":0},null,{"$f":"IF(OR($D17<>\"Serviço\",AND(AUTOEVENTO=\"Manual\",$M17=$A$15)),0,\n         IF(OFFSET(CRONOPLE!$F$15,$M17-$A$15,AM$13)=0,10^12,OFFSET(CRONOPLE!$F$15,$M17-$A$15,AM$13)))","v":0},{"$f":"IF(OR($D17<>\"Serviço\",AND(AUTOEVENTO=\"Manual\",$M17=$A$15)),0,\n         IF(OFFSET(CRONOPLE!$F$15,$M17-$A$15,AN$13)=0,10^12,OFFSET(CRONOPLE!$F$15,$M17-$A$15,AN$13)))","v":0},{"$f":"IF(OR($D17<>\"Serviço\",AND(AUTOEVENTO=\"Manual\",$M17=$A$15)),0,\n         IF(OFFSET(CRONOPLE!$F$15,$M17-$A$15,AO$13)=0,10^12,OFFSET(CRONOPLE!$F$15,$M17-$A$15,AO$13)))","v":0},{"$f":"IF(OR($D17<>\"Serviço\",AND(AUTOEVENTO=\"Manual\",$M17=$A$15)),0,\n         IF(OFFSET(CRONOPLE!$F$15,$M17-$A$15,AP$13)=0,10^12,OFFSET(CRONOPLE!$F$15,$M17-$A$15,AP$13)))","v":0},{"$f":"IF(OR($D17<>\"Serviço\",AND(AUTOEVENTO=\"Manual\",$M17=$A$15)),0,\n         IF(OFFSET(CRONOPLE!$F$15,$M17-$A$15,AQ$13)=0,10^12,OFFSET(CRONOPLE!$F$15,$M17-$A$15,AQ$13)))","v":0},{"$f":"IF(OR($D17<>\"Serviço\",AND(AUTOEVENTO=\"Manual\",$M17=$A$15)),0,\n         IF(OFFSET(CRONOPLE!$F$15,$M17-$A$15,AR$13)=0,10^12,OFFSET(CRONOPLE!$F$15,$M17-$A$15,AR$13)))","v":0},{"$f":"IF(OR($D17<>\"Serviço\",AND(AUTOEVENTO=\"Manual\",$M17=$A$15)),0,\n         IF(OFFSET(CRONOPLE!$F$15,$M17-$A$15,AS$13)=0,10^12,OFFSET(CRONOPLE!$F$15,$M17-$A$15,AS$13)))","v":0},{"$f":"IF(OR($D17<>\"Serviço\",AND(AUTOEVENTO=\"Manual\",$M17=$A$15)),0,\n         IF(OFFSET(CRONOPLE!$F$15,$M17-$A$15,AT$13)=0,10^12,OFFSET(CRONOPLE!$F$15,$M17-$A$15,AT$13)))","v":0},{"$f":"IF(OR($D17<>\"Serviço\",AND(AUTOEVENTO=\"Manual\",$M17=$A$15)),0,\n         IF(OFFSET(CRONOPLE!$F$15,$M17-$A$15,AU$13)=0,10^12,OFFSET(CRONOPLE!$F$15,$M17-$A$15,AU$13)))","v":0},{"$f":"IF(OR($D17<>\"Serviço\",AND(AUTOEVENTO=\"Manual\",$M17=$A$15)),0,\n         IF(OFFSET(CRONOPLE!$F$15,$M17-$A$15,AV$13)=0,10^12,OFFSET(CRONOPLE!$F$15,$M17-$A$15,AV$13)))","v":0},null,{"$f":"IF(OR($D17<>\"Serviço\",AND(AUTOEVENTO=\"Manual\",$M17=$A$15),$M17>(ROW(PLE.lastrow)-ROW(PLE.firstrow))),0,\n           IF(OFFSET(PLE!$G$15,$M17-$A$15,AX$13)=\"\",10^12,OFFSET(PLE!$G$15,$M17-$A$15,AX$13)))","v":0},{"$f":"IF(OR($D17<>\"Serviço\",AND(AUTOEVENTO=\"Manual\",$M17=$A$15),$M17>(ROW(PLE.lastrow)-ROW(PLE.firstrow))),0,\n           IF(OFFSET(PLE!$G$15,$M17-$A$15,AY$13)=\"\",10^12,OFFSET(PLE!$G$15,$M17-$A$15,AY$13)))","v":0},{"$f":"IF(OR($D17<>\"Serviço\",AND(AUTOEVENTO=\"Manual\",$M17=$A$15),$M17>(ROW(PLE.lastrow)-ROW(PLE.firstrow))),0,\n           IF(OFFSET(PLE!$G$15,$M17-$A$15,AZ$13)=\"\",10^12,OFFSET(PLE!$G$15,$M17-$A$15,AZ$13)))","v":0},{"$f":"IF(OR($D17<>\"Serviço\",AND(AUTOEVENTO=\"Manual\",$M17=$A$15),$M17>(ROW(PLE.lastrow)-ROW(PLE.firstrow))),0,\n           IF(OFFSET(PLE!$G$15,$M17-$A$15,BA$13)=\"\",10^12,OFFSET(PLE!$G$15,$M17-$A$15,BA$13)))","v":0},{"$f":"IF(OR($D17<>\"Serviço\",AND(AUTOEVENTO=\"Manual\",$M17=$A$15),$M17>(ROW(PLE.lastrow)-ROW(PLE.firstrow))),0,\n           IF(OFFSET(PLE!$G$15,$M17-$A$15,BB$13)=\"\",10^12,OFFSET(PLE!$G$15,$M17-$A$15,BB$13)))","v":0},{"$f":"IF(OR($D17<>\"Serviço\",AND(AUTOEVENTO=\"Manual\",$M17=$A$15),$M17>(ROW(PLE.lastrow)-ROW(PLE.firstrow))),0,\n           IF(OFFSET(PLE!$G$15,$M17-$A$15,BC$13)=\"\",10^12,OFFSET(PLE!$G$15,$M17-$A$15,BC$13)))","v":0},{"$f":"IF(OR($D17<>\"Serviço\",AND(AUTOEVENTO=\"Manual\",$M17=$A$15),$M17>(ROW(PLE.lastrow)-ROW(PLE.firstrow))),0,\n           IF(OFFSET(PLE!$G$15,$M17-$A$15,BD$13)=\"\",10^12,OFFSET(PLE!$G$15,$M17-$A$15,BD$13)))","v":0},{"$f":"IF(OR($D17<>\"Serviço\",AND(AUTOEVENTO=\"Manual\",$M17=$A$15),$M17>(ROW(PLE.lastrow)-ROW(PLE.firstrow))),0,\n           IF(OFFSET(PLE!$G$15,$M17-$A$15,BE$13)=\"\",10^12,OFFSET(PLE!$G$15,$M17-$A$15,BE$13)))","v":0},{"$f":"IF(OR($D17<>\"Serviço\",AND(AUTOEVENTO=\"Manual\",$M17=$A$15),$M17>(ROW(PLE.lastrow)-ROW(PLE.firstrow))),0,\n           IF(OFFSET(PLE!$G$15,$M17-$A$15,BF$13)=\"\",10^12,OFFSET(PLE!$G$15,$M17-$A$15,BF$13)))","v":0},{"$f":"IF(OR($D17<>\"Serviço\",AND(AUTOEVENTO=\"Manual\",$M17=$A$15),$M17>(ROW(PLE.lastrow)-ROW(PLE.firstrow))),0,\n           IF(OFFSET(PLE!$G$15,$M17-$A$15,BG$13)=\"\",10^12,OFFSET(PLE!$G$15,$M17-$A$15,BG$13)))","v":0}]
["2",{"$f":"OFFSET(ORÇAMENTO!C$15,ROW(B18)-ROW(B$15),0)","v":"S"},{"$f":"OFFSET(ORÇAMENTO!L$15,ROW(C18)-ROW(C$15),0)","v":"F"},{"$f":"OFFSET(ORÇAMENTO!N$15,ROW(D18)-ROW(D$15),0)","v":"Serviço"},{"$f":"OFFSET(ORÇAMENTO!O$15,ROW(E18)-ROW(E$15),0)","v":"1.1.0.1."},{"$f":"OFFSET(ORÇAMENTO!R$15,ROW(F18)-ROW(F$15),0)","v":"FORNECIMENTO E INSTALAÇÃO DE PLACA DE OBRA COM CHAPA GALVANIZADA E ESTRUTURA DE MADEIRA. AF_03/2022_PS"},{"$f":"IF($D18<>\"Serviço\",\"\",OFFSET(ORÇAMENTO!S$15,ROW(G18)-ROW(G$15),0))","v":"M2"},{"$f":"IF($D18<>\"Serviço\",0,IF(ACOMPANHAMENTO=\"BM\",ROUND(OFFSET(ORÇAMENTO!AJ$15,ROW(H18)-ROW(H$15),0),15-13*ORÇAMENTO!$AF$7),SUMPRODUCT(($Q$1:$AA$1=1)*ROUND($Q18:$AA18,15-13*ORÇAMENTO!$AF$7))))","v":4.5},"3,0 x 1,20 (5:2) - Tamanho mínimo.",{"$f":"IF(OR(B18<>\"S\",CÁLCULO.FrentesPreenchidas=0),\"\",IF(AND(ACOMPANHAMENTO=\"PLE\",AUTOEVENTO=\"Manual\",OR(H18>0,ORÇAMENTO!AC18=\"QUANT.\"),OR(K18=\"\",M18=0,N18=\"\")),\"►E\",IF(AND(ACOMPANHAMENTO=\"PLE\",ORÇAMENTO!AC18=\"QUANT.\"),\"►Q\",IF(AND(ACOMPANHAMENTO=\"PLE\",H18<>SUMPRODUCT(($Q$1:$AA$1=1)*ROUND(Q18:AA18,15))),\"►S\",IF(AND(COUNTIF($P$11:$AA$11,\"▼\")=0,H18>0,I18=\"\"),\"◄M\",\"\")))))","v":{"$error":"#NAME?"}},"1. Rede de Distribuição PVC",".",{"$f":"IF($D18<>\"Serviço\",\"\",\n          IF(AUTOEVENTO=\"manual\",$A18,\n                IF(ISERROR(MATCH($A18,$A$15:OFFSET($A18,-1,0),0)),MAX($M$15:OFFSET(M18,-1,0))+1,\n                      INDEX($M$15:OFFSET(M18,-1,0),MATCH($A18,$A$15:OFFSET($A18,-1,0),0)))))","v":1},{"$f":"IF($D18<>\"Serviço\",\"\",\n         IF(AUTOEVENTO=\"Manual\",\n                IF($A18=0,\"<-- defina o número do agrupador\",\n                       OFFSET(EVENTOS!$D$15,$A18-$A$15,0)),\n                OFFSET($F$15,$A18,0)))","v":"CANTEIRO DE OBRAS"},null,null,4.5,null,null,null,null,null,null,null,null,null,null,{"$f":"IF(AND($D18=\"Serviço\",AB$12<>0,$H18>0,OR(AUTOEVENTO<>\"manual\",$M18<>$A$15)),\n        IF(Import.TipoArredondamento<>\"TransfereGOV\",\n              ROUND(OFFSET($P18,0,AB$13),15-13*ORÇAMENTO!$AF$7)/$H18*OFFSET(ORÇAMENTO!$X$15,ROW(AB18)-ROW(AB$15),0),\n              ROUND(ROUND(OFFSET($P18,0,AB$13),15-13*ORÇAMENTO!$AF$7)*OFFSET(ORÇAMENTO!$W$15,ROW(AB18)-ROW(AB$15),0),15-13*ORÇAMENTO!$AF$11)),\n         0)","v":2268},{"$f":"IF(AND($D18=\"Serviço\",AC$12<>0,$H18>0,OR(AUTOEVENTO<>\"manual\",$M18<>$A$15)),\n        IF(Import.TipoArredondamento<>\"TransfereGOV\",\n              ROUND(OFFSET($P18,0,AC$13),15-13*ORÇAMENTO!$AF$7)/$H18*OFFSET(ORÇAMENTO!$X$15,ROW(AC18)-ROW(AC$15),0),\n              ROUND(ROUND(OFFSET($P18,0,AC$13),15-13*ORÇAMENTO!$AF$7)*OFFSET(ORÇAMENTO!$W$15,ROW(AC18)-ROW(AC$15),0),15-13*ORÇAMENTO!$AF$11)),\n         0)","v":0},{"$f":"IF(AND($D18=\"Serviço\",AD$12<>0,$H18>0,OR(AUTOEVENTO<>\"manual\",$M18<>$A$15)),\n        IF(Import.TipoArredondamento<>\"TransfereGOV\",\n              ROUND(OFFSET($P18,0,AD$13),15-13*ORÇAMENTO!$AF$7)/$H18*OFFSET(ORÇAMENTO!$X$15,ROW(AD18)-ROW(AD$15),0),\n              ROUND(ROUND(OFFSET($P18,0,AD$13),15-13*ORÇAMENTO!$AF$7)*OFFSET(ORÇAMENTO!$W$15,ROW(AD18)-ROW(AD$15),0),15-13*ORÇAMENTO!$AF$11)),\n         0)","v":0},{"$f":"IF(AND($D18=\"Serviço\",AE$12<>0,$H18>0,OR(AUTOEVENTO<>\"manual\",$M18<>$A$15)),\n        IF(Import.TipoArredondamento<>\"TransfereGOV\",\n              ROUND(OFFSET($P18,0,AE$13),15-13*ORÇAMENTO!$AF$7)/$H18*OFFSET(ORÇAMENTO!$X$15,ROW(AE18)-ROW(AE$15),0),\n              ROUND(ROUND(OFFSET($P18,0,AE$13),15-13*ORÇAMENTO!$AF$7)*OFFSET(ORÇAMENTO!$W$15,ROW(AE18)-ROW(AE$15),0),15-13*ORÇAMENTO!$AF$11)),\n         0)","v":0},{"$f":"IF(AND($D18=\"Serviço\",AF$12<>0,$H18>0,OR(AUTOEVENTO<>\"manual\",$M18<>$A$15)),\n        IF(Import.TipoArredondamento<>\"TransfereGOV\",\n              ROUND(OFFSET($P18,0,AF$13),15-13*ORÇAMENTO!$AF$7)/$H18*OFFSET(ORÇAMENTO!$X$15,ROW(AF18)-ROW(AF$15),0),\n              ROUND(ROUND(OFFSET($P18,0,AF$13),15-13*ORÇAMENTO!$AF$7)*OFFSET(ORÇAMENTO!$W$15,ROW(AF18)-ROW(AF$15),0),15-13*ORÇAMENTO!$AF$11)),\n         0)","v":0},{"$f":"IF(AND($D18=\"Serviço\",AG$12<>0,$H18>0,OR(AUTOEVENTO<>\"manual\",$M18<>$A$15)),\n        IF(Import.TipoArredondamento<>\"TransfereGOV\",\n              ROUND(OFFSET($P18,0,AG$13),15-13*ORÇAMENTO!$AF$7)/$H18*OFFSET(ORÇAMENTO!$X$15,ROW(AG18)-ROW(AG$15),0),\n              ROUND(ROUND(OFFSET($P18,0,AG$13),15-13*ORÇAMENTO!$AF$7)*OFFSET(ORÇAMENTO!$W$15,ROW(AG18)-ROW(AG$15),0),15-13*ORÇAMENTO!$AF$11)),\n         0)","v":0},{"$f":"IF(AND($D18=\"Serviço\",AH$12<>0,$H18>0,OR(AUTOEVENTO<>\"manual\",$M18<>$A$15)),\n        IF(Import.TipoArredondamento<>\"TransfereGOV\",\n              ROUND(OFFSET($P18,0,AH$13),15-13*ORÇAMENTO!$AF$7)/$H18*OFFSET(ORÇAMENTO!$X$15,ROW(AH18)-ROW(AH$15),0),\n              ROUND(ROUND(OFFSET($P18,0,AH$13),15-13*ORÇAMENTO!$AF$7)*OFFSET(ORÇAMENTO!$W$15,ROW(AH18)-ROW(AH$15),0),15-13*ORÇAMENTO!$AF$11)),\n         0)","v":0},{"$f":"IF(AND($D18=\"Serviço\",AI$12<>0,$H18>0,OR(AUTOEVENTO<>\"manual\",$M18<>$A$15)),\n        IF(Import.TipoArredondamento<>\"TransfereGOV\",\n              ROUND(OFFSET($P18,0,AI$13),15-13*ORÇAMENTO!$AF$7)/$H18*OFFSET(ORÇAMENTO!$X$15,ROW(AI18)-ROW(AI$15),0),\n              ROUND(ROUND(OFFSET($P18,0,AI$13),15-13*ORÇAMENTO!$AF$7)*OFFSET(ORÇAMENTO!$W$15,ROW(AI18)-ROW(AI$15),0),15-13*ORÇAMENTO!$AF$11)),\n         0)","v":0},{"$f":"IF(AND($D18=\"Serviço\",AJ$12<>0,$H18>0,OR(AUTOEVENTO<>\"manual\",$M18<>$A$15)),\n        IF(Import.TipoArredondamento<>\"TransfereGOV\",\n              ROUND(OFFSET($P18,0,AJ$13),15-13*ORÇAMENTO!$AF$7)/$H18*OFFSET(ORÇAMENTO!$X$15,ROW(AJ18)-ROW(AJ$15),0),\n              ROUND(ROUND(OFFSET($P18,0,AJ$13),15-13*ORÇAMENTO!$AF$7)*OFFSET(ORÇAMENTO!$W$15,ROW(AJ18)-ROW(AJ$15),0),15-13*ORÇAMENTO!$AF$11)),\n         0)","v":0},{"$f":"IF(AND($D18=\"Serviço\",AK$12<>0,$H18>0,OR(AUTOEVENTO<>\"manual\",$M18<>$A$15)),\n        IF(Import.TipoArredondamento<>\"TransfereGOV\",\n              ROUND(OFFSET($P18,0,AK$13),15-13*ORÇAMENTO!$AF$7)/$H18*OFFSET(ORÇAMENTO!$X$15,ROW(AK18)-ROW(AK$15),0),\n              ROUND(ROUND(OFFSET($P18,0,AK$13),15-13*ORÇAMENTO!$AF$7)*OFFSET(ORÇAMENTO!$W$15,ROW(AK18)-ROW(AK$15),0),15-13*ORÇAMENTO!$AF$11)),\n         0)","v":0},null,{"$f":"IF(OR($D18<>\"Serviço\",AND(AUTOEVENTO=\"Manual\",$M18=$A$15)),0,\n         IF(OFFSET(CRONOPLE!$F$15,$M18-$A$15,AM$13)=0,10^12,OFFSET(CRONOPLE!$F$15,$M18-$A$15,AM$13)))","v":1},{"$f":"IF(OR($D18<>\"Serviço\",AND(AUTOEVENTO=\"Manual\",$M18=$A$15)),0,\n         IF(OFFSET(CRONOPLE!$F$15,$M18-$A$15,AN$13)=0,10^12,OFFSET(CRONOPLE!$F$15,$M18-$A$15,AN$13)))","v":1000000000000},{"$f":"IF(OR($D18<>\"Serviço\",AND(AUTOEVENTO=\"Manual\",$M18=$A$15)),0,\n         IF(OFFSET(CRONOPLE!$F$15,$M18-$A$15,AO$13)=0,10^12,OFFSET(CRONOPLE!$F$15,$M18-$A$15,AO$13)))","v":1000000000000},{"$f":"IF(OR($D18<>\"Serviço\",AND(AUTOEVENTO=\"Manual\",$M18=$A$15)),0,\n         IF(OFFSET(CRONOPLE!$F$15,$M18-$A$15,AP$13)=0,10^12,OFFSET(CRONOPLE!$F$15,$M18-$A$15,AP$13)))","v":1000000000000},{"$f":"IF(OR($D18<>\"Serviço\",AND(AUTOEVENTO=\"Manual\",$M18=$A$15)),0,\n         IF(OFFSET(CRONOPLE!$F$15,$M18-$A$15,AQ$13)=0,10^12,OFFSET(CRONOPLE!$F$15,$M18-$A$15,AQ$13)))","v":1000000000000},{"$f":"IF(OR($D18<>\"Serviço\",AND(AUTOEVENTO=\"Manual\",$M18=$A$15)),0,\n         IF(OFFSET(CRONOPLE!$F$15,$M18-$A$15,AR$13)=0,10^12,OFFSET(CRONOPLE!$F$15,$M18-$A$15,AR$13)))","v":1000000000000},{"$f":"IF(OR($D18<>\"Serviço\",AND(AUTOEVENTO=\"Manual\",$M18=$A$15)),0,\n         IF(OFFSET(CRONOPLE!$F$15,$M18-$A$15,AS$13)=0,10^12,OFFSET(CRONOPLE!$F$15,$M18-$A$15,AS$13)))","v":1000000000000},{"$f":"IF(OR($D18<>\"Serviço\",AND(AUTOEVENTO=\"Manual\",$M18=$A$15)),0,\n         IF(OFFSET(CRONOPLE!$F$15,$M18-$A$15,AT$13)=0,10^12,OFFSET(CRONOPLE!$F$15,$M18-$A$15,AT$13)))","v":1000000000000},{"$f":"IF(OR($D18<>\"Serviço\",AND(AUTOEVENTO=\"Manual\",$M18=$A$15)),0,\n         IF(OFFSET(CRONOPLE!$F$15,$M18-$A$15,AU$13)=0,10^12,OFFSET(CRONOPLE!$F$15,$M18-$A$15,AU$13)))","v":1000000000000},{"$f":"IF(OR($D18<>\"Serviço\",AND(AUTOEVENTO=\"Manual\",$M18=$A$15)),0,\n         IF(OFFSET(CRONOPLE!$F$15,$M18-$A$15,AV$13)=0,10^12,OFFSET(CRONOPLE!$F$15,$M18-$A$15,AV$13)))","v":1000000000000},null,{"$f":"IF(OR($D18<>\"Serviço\",AND(AUTOEVENTO=\"Manual\",$M18=$A$15),$M18>(ROW(PLE.lastrow)-ROW(PLE.firstrow))),0,\n           IF(OFFSET(PLE!$G$15,$M18-$A$15,AX$13)=\"\",10^12,OFFSET(PLE!$G$15,$M18-$A$15,AX$13)))","v":1000000000000},{"$f":"IF(OR($D18<>\"Serviço\",AND(AUTOEVENTO=\"Manual\",$M18=$A$15),$M18>(ROW(PLE.lastrow)-ROW(PLE.firstrow))),0,\n           IF(OFFSET(PLE!$G$15,$M18-$A$15,AY$13)=\"\",10^12,OFFSET(PLE!$G$15,$M18-$A$15,AY$13)))","v":1000000000000},{"$f":"IF(OR($D18<>\"Serviço\",AND(AUTOEVENTO=\"Manual\",$M18=$A$15),$M18>(ROW(PLE.lastrow)-ROW(PLE.firstrow))),0,\n           IF(OFFSET(PLE!$G$15,$M18-$A$15,AZ$13)=\"\",10^12,OFFSET(PLE!$G$15,$M18-$A$15,AZ$13)))","v":1000000000000},{"$f":"IF(OR($D18<>\"Serviço\",AND(AUTOEVENTO=\"Manual\",$M18=$A$15),$M18>(ROW(PLE.lastrow)-ROW(PLE.firstrow))),0,\n           IF(OFFSET(PLE!$G$15,$M18-$A$15,BA$13)=\"\",10^12,OFFSET(PLE!$G$15,$M18-$A$15,BA$13)))","v":1000000000000},{"$f":"IF(OR($D18<>\"Serviço\",AND(AUTOEVENTO=\"Manual\",$M18=$A$15),$M18>(ROW(PLE.lastrow)-ROW(PLE.firstrow))),0,\n           IF(OFFSET(PLE!$G$15,$M18-$A$15,BB$13)=\"\",10^12,OFFSET(PLE!$G$15,$M18-$A$15,BB$13)))","v":1000000000000},{"$f":"IF(OR($D18<>\"Serviço\",AND(AUTOEVENTO=\"Manual\",$M18=$A$15),$M18>(ROW(PLE.lastrow)-ROW(PLE.firstrow))),0,\n           IF(OFFSET(PLE!$G$15,$M18-$A$15,BC$13)=\"\",10^12,OFFSET(PLE!$G$15,$M18-$A$15,BC$13)))","v":1000000000000},{"$f":"IF(OR($D18<>\"Serviço\",AND(AUTOEVENTO=\"Manual\",$M18=$A$15),$M18>(ROW(PLE.lastrow)-ROW(PLE.firstrow))),0,\n           IF(OFFSET(PLE!$G$15,$M18-$A$15,BD$13)=\"\",10^12,OFFSET(PLE!$G$15,$M18-$A$15,BD$13)))","v":1000000000000},{"$f":"IF(OR($D18<>\"Serviço\",AND(AUTOEVENTO=\"Manual\",$M18=$A$15),$M18>(ROW(PLE.lastrow)-ROW(PLE.firstrow))),0,\n           IF(OFFSET(PLE!$G$15,$M18-$A$15,BE$13)=\"\",10^12,OFFSET(PLE!$G$15,$M18-$A$15,BE$13)))","v":1000000000000},{"$f":"IF(OR($D18<>\"Serviço\",AND(AUTOEVENTO=\"Manual\",$M18=$A$15),$M18>(ROW(PLE.lastrow)-ROW(PLE.firstrow))),0,\n           IF(OFFSET(PLE!$G$15,$M18-$A$15,BF$13)=\"\",10^12,OFFSET(PLE!$G$15,$M18-$A$15,BF$13)))","v":1000000000000},{"$f":"IF(OR($D18<>\"Serviço\",AND(AUTOEVENTO=\"Manual\",$M18=$A$15),$M18>(ROW(PLE.lastrow)-ROW(PLE.firstrow))),0,\n           IF(OFFSET(PLE!$G$15,$M18-$A$15,BG$13)=\"\",10^12,OFFSET(PLE!$G$15,$M18-$A$15,BG$13)))","v":1000000000000}]
["2",{"$f":"OFFSET(ORÇAMENTO!C$15,ROW(B19)-ROW(B$15),0)","v":"S"},{"$f":"OFFSET(ORÇAMENTO!L$15,ROW(C19)-ROW(C$15),0)","v":"F"},{"$f":"OFFSET(ORÇAMENTO!N$15,ROW(D19)-ROW(D$15),0)","v":"Serviço"},{"$f":"OFFSET(ORÇAMENTO!O$15,ROW(E19)-ROW(E$15),0)","v":"1.1.0.2."},{"$f":"OFFSET(ORÇAMENTO!R$15,ROW(F19)-ROW(F$15),0)","v":"ALUGUEL DE CONTAINER - ESCRITÓRIO COM BANHEIRO - 6,20 x 2,40m, EQUIPADO COM AR CONDICIONADO"},{"$f":"IF($D19<>\"Serviço\",\"\",OFFSET(ORÇAMENTO!S$15,ROW(G19)-ROW(G$15),0))","v":"MÊS"},{"$f":"IF($D19<>\"Serviço\",0,IF(ACOMPANHAMENTO=\"BM\",ROUND(OFFSET(ORÇAMENTO!AJ$15,ROW(H19)-ROW(H$15),0),15-13*ORÇAMENTO!$AF$7),SUMPRODUCT(($Q$1:$AA$1=1)*ROUND($Q19:$AA19,15-13*ORÇAMENTO!$AF$7))))","v":2},null,{"$f":"IF(OR(B19<>\"S\",CÁLCULO.FrentesPreenchidas=0),\"\",IF(AND(ACOMPANHAMENTO=\"PLE\",AUTOEVENTO=\"Manual\",OR(H19>0,ORÇAMENTO!AC19=\"QUANT.\"),OR(K19=\"\",M19=0,N19=\"\")),\"►E\",IF(AND(ACOMPANHAMENTO=\"PLE\",ORÇAMENTO!AC19=\"QUANT.\"),\"►Q\",IF(AND(ACOMPANHAMENTO=\"PLE\",H19<>SUMPRODUCT(($Q$1:$AA$1=1)*ROUND(Q19:AA19,15))),\"►S\",IF(AND(COUNTIF($P$11:$AA$11,\"▼\")=0,H19>0,I19=\"\"),\"◄M\",\"\")))))","v":{"$error":"#NAME?"}},"1. Rede de Distribuição PVC",".",{"$f":"IF($D19<>\"Serviço\",\"\",\n          IF(AUTOEVENTO=\"manual\",$A19,\n                IF(ISERROR(MATCH($A19,$A$15:OFFSET($A19,-1,0),0)),MAX($M$15:OFFSET(M19,-1,0))+1,\n                      INDEX($M$15:OFFSET(M19,-1,0),MATCH($A19,$A$15:OFFSET($A19,-1,0),0)))))","v":1},{"$f":"IF($D19<>\"Serviço\",\"\",\n         IF(AUTOEVENTO=\"Manual\",\n                IF($A19=0,\"<-- defina o número do agrupador\",\n                       OFFSET(EVENTOS!$D$15,$A19-$A$15,0)),\n                OFFSET($F$15,$A19,0)))","v":"CANTEIRO DE OBRAS"},null,null,2,null,null,null,null,null,null,null,null,null,null,{"$f":"IF(AND($D19=\"Serviço\",AB$12<>0,$H19>0,OR(AUTOEVENTO<>\"manual\",$M19<>$A$15)),\n        IF(Import.TipoArredondamento<>\"TransfereGOV\",\n              ROUND(OFFSET($P19,0,AB$13),15-13*ORÇAMENTO!$AF$7)/$H19*OFFSET(ORÇAMENTO!$X$15,ROW(AB19)-ROW(AB$15),0),\n              ROUND(ROUND(OFFSET($P19,0,AB$13),15-13*ORÇAMENTO!$AF$7)*OFFSET(ORÇAMENTO!$W$15,ROW(AB19)-ROW(AB$15),0),15-13*ORÇAMENTO!$AF$11)),\n         0)","v":4032},{"$f":"IF(AND($D19=\"Serviço\",AC$12<>0,$H19>0,OR(AUTOEVENTO<>\"manual\",$M19<>$A$15)),\n        IF(Import.TipoArredondamento<>\"TransfereGOV\",\n              ROUND(OFFSET($P19,0,AC$13),15-13*ORÇAMENTO!$AF$7)/$H19*OFFSET(ORÇAMENTO!$X$15,ROW(AC19)-ROW(AC$15),0),\n              ROUND(ROUND(OFFSET($P19,0,AC$13),15-13*ORÇAMENTO!$AF$7)*OFFSET(ORÇAMENTO!$W$15,ROW(AC19)-ROW(AC$15),0),15-13*ORÇAMENTO!$AF$11)),\n         0)","v":0},{"$f":"IF(AND($D19=\"Serviço\",AD$12<>0,$H19>0,OR(AUTOEVENTO<>\"manual\",$M19<>$A$15)),\n        IF(Import.TipoArredondamento<>\"TransfereGOV\",\n              ROUND(OFFSET($P19,0,AD$13),15-13*ORÇAMENTO!$AF$7)/$H19*OFFSET(ORÇAMENTO!$X$15,ROW(AD19)-ROW(AD$15),0),\n              ROUND(ROUND(OFFSET($P19,0,AD$13),15-13*ORÇAMENTO!$AF$7)*OFFSET(ORÇAMENTO!$W$15,ROW(AD19)-ROW(AD$15),0),15-13*ORÇAMENTO!$AF$11)),\n         0)","v":0},{"$f":"IF(AND($D19=\"Serviço\",AE$12<>0,$H19>0,OR(AUTOEVENTO<>\"manual\",$M19<>$A$15)),\n        IF(Import.TipoArredondamento<>\"TransfereGOV\",\n              ROUND(OFFSET($P19,0,AE$13),15-13*ORÇAMENTO!$AF$7)/$H19*OFFSET(ORÇAMENTO!$X$15,ROW(AE19)-ROW(AE$15),0),\n              ROUND(ROUND(OFFSET($P19,0,AE$13),15-13*ORÇAMENTO!$AF$7)*OFFSET(ORÇAMENTO!$W$15,ROW(AE19)-ROW(AE$15),0),15-13*ORÇAMENTO!$AF$11)),\n         0)","v":0},{"$f":"IF(AND($D19=\"Serviço\",AF$12<>0,$H19>0,OR(AUTOEVENTO<>\"manual\",$M19<>$A$15)),\n        IF(Import.TipoArredondamento<>\"TransfereGOV\",\n              ROUND(OFFSET($P19,0,AF$13),15-13*ORÇAMENTO!$AF$7)/$H19*OFFSET(ORÇAMENTO!$X$15,ROW(AF19)-ROW(AF$15),0),\n              ROUND(ROUND(OFFSET($P19,0,AF$13),15-13*ORÇAMENTO!$AF$7)*OFFSET(ORÇAMENTO!$W$15,ROW(AF19)-ROW(AF$15),0),15-13*ORÇAMENTO!$AF$11)),\n         0)","v":0},{"$f":"IF(AND($D19=\"Serviço\",AG$12<>0,$H19>0,OR(AUTOEVENTO<>\"manual\",$M19<>$A$15)),\n        IF(Import.TipoArredondamento<>\"TransfereGOV\",\n              ROUND(OFFSET($P19,0,AG$13),15-13*ORÇAMENTO!$AF$7)/$H19*OFFSET(ORÇAMENTO!$X$15,ROW(AG19)-ROW(AG$15),0),\n              ROUND(ROUND(OFFSET($P19,0,AG$13),15-13*ORÇAMENTO!$AF$7)*OFFSET(ORÇAMENTO!$W$15,ROW(AG19)-ROW(AG$15),0),15-13*ORÇAMENTO!$AF$11)),\n         0)","v":0},{"$f":"IF(AND($D19=\"Serviço\",AH$12<>0,$H19>0,OR(AUTOEVENTO<>\"manual\",$M19<>$A$15)),\n        IF(Import.TipoArredondamento<>\"TransfereGOV\",\n              ROUND(OFFSET($P19,0,AH$13),15-13*ORÇAMENTO!$AF$7)/$H19*OFFSET(ORÇAMENTO!$X$15,ROW(AH19)-ROW(AH$15),0),\n              ROUND(ROUND(OFFSET($P19,0,AH$13),15-13*ORÇAMENTO!$AF$7)*OFFSET(ORÇAMENTO!$W$15,ROW(AH19)-ROW(AH$15),0),15-13*ORÇAMENTO!$AF$11)),\n         0)","v":0},{"$f":"IF(AND($D19=\"Serviço\",AI$12<>0,$H19>0,OR(AUTOEVENTO<>\"manual\",$M19<>$A$15)),\n        IF(Import.TipoArredondamento<>\"TransfereGOV\",\n              ROUND(OFFSET($P19,0,AI$13),15-13*ORÇAMENTO!$AF$7)/$H19*OFFSET(ORÇAMENTO!$X$15,ROW(AI19)-ROW(AI$15),0),\n              ROUND(ROUND(OFFSET($P19,0,AI$13),15-13*ORÇAMENTO!$AF$7)*OFFSET(ORÇAMENTO!$W$15,ROW(AI19)-ROW(AI$15),0),15-13*ORÇAMENTO!$AF$11)),\n         0)","v":0},{"$f":"IF(AND($D19=\"Serviço\",AJ$12<>0,$H19>0,OR(AUTOEVENTO<>\"manual\",$M19<>$A$15)),\n        IF(Import.TipoArredondamento<>\"TransfereGOV\",\n              ROUND(OFFSET($P19,0,AJ$13),15-13*ORÇAMENTO!$AF$7)/$H19*OFFSET(ORÇAMENTO!$X$15,ROW(AJ19)-ROW(AJ$15),0),\n              ROUND(ROUND(OFFSET($P19,0,AJ$13),15-13*ORÇAMENTO!$AF$7)*OFFSET(ORÇAMENTO!$W$15,ROW(AJ19)-ROW(AJ$15),0),15-13*ORÇAMENTO!$AF$11)),\n         0)","v":0},{"$f":"IF(AND($D19=\"Serviço\",AK$12<>0,$H19>0,OR(AUTOEVENTO<>\"manual\",$M19<>$A$15)),\n        IF(Import.TipoArredondamento<>\"TransfereGOV\",\n              ROUND(OFFSET($P19,0,AK$13),15-13*ORÇAMENTO!$AF$7)/$H19*OFFSET(ORÇAMENTO!$X$15,ROW(AK19)-ROW(AK$15),0),\n              ROUND(ROUND(OFFSET($P19,0,AK$13),15-13*ORÇAMENTO!$AF$7)*OFFSET(ORÇAMENTO!$W$15,ROW(AK19)-ROW(AK$15),0),15-13*ORÇAMENTO!$AF$11)),\n         0)","v":0},null,{"$f":"IF(OR($D19<>\"Serviço\",AND(AUTOEVENTO=\"Manual\",$M19=$A$15)),0,\n         IF(OFFSET(CRONOPLE!$F$15,$M19-$A$15,AM$13)=0,10^12,OFFSET(CRONOPLE!$F$15,$M19-$A$15,AM$13)))","v":1},{"$f":"IF(OR($D19<>\"Serviço\",AND(AUTOEVENTO=\"Manual\",$M19=$A$15)),0,\n         IF(OFFSET(CRONOPLE!$F$15,$M19-$A$15,AN$13)=0,10^12,OFFSET(CRONOPLE!$F$15,$M19-$A$15,AN$13)))","v":1000000000000},{"$f":"IF(OR($D19<>\"Serviço\",AND(AUTOEVENTO=\"Manual\",$M19=$A$15)),0,\n         IF(OFFSET(CRONOPLE!$F$15,$M19-$A$15,AO$13)=0,10^12,OFFSET(CRONOPLE!$F$15,$M19-$A$15,AO$13)))","v":1000000000000},{"$f":"IF(OR($D19<>\"Serviço\",AND(AUTOEVENTO=\"Manual\",$M19=$A$15)),0,\n         IF(OFFSET(CRONOPLE!$F$15,$M19-$A$15,AP$13)=0,10^12,OFFSET(CRONOPLE!$F$15,$M19-$A$15,AP$13)))","v":1000000000000},{"$f":"IF(OR($D19<>\"Serviço\",AND(AUTOEVENTO=\"Manual\",$M19=$A$15)),0,\n         IF(OFFSET(CRONOPLE!$F$15,$M19-$A$15,AQ$13)=0,10^12,OFFSET(CRONOPLE!$F$15,$M19-$A$15,AQ$13)))","v":1000000000000},{"$f":"IF(OR($D19<>\"Serviço\",AND(AUTOEVENTO=\"Manual\",$M19=$A$15)),0,\n         IF(OFFSET(CRONOPLE!$F$15,$M19-$A$15,AR$13)=0,10^12,OFFSET(CRONOPLE!$F$15,$M19-$A$15,AR$13)))","v":1000000000000},{"$f":"IF(OR($D19<>\"Serviço\",AND(AUTOEVENTO=\"Manual\",$M19=$A$15)),0,\n         IF(OFFSET(CRONOPLE!$F$15,$M19-$A$15,AS$13)=0,10^12,OFFSET(CRONOPLE!$F$15,$M19-$A$15,AS$13)))","v":1000000000000},{"$f":"IF(OR($D19<>\"Serviço\",AND(AUTOEVENTO=\"Manual\",$M19=$A$15)),0,\n         IF(OFFSET(CRONOPLE!$F$15,$M19-$A$15,AT$13)=0,10^12,OFFSET(CRONOPLE!$F$15,$M19-$A$15,AT$13)))","v":1000000000000},{"$f":"IF(OR($D19<>\"Serviço\",AND(AUTOEVENTO=\"Manual\",$M19=$A$15)),0,\n         IF(OFFSET(CRONOPLE!$F$15,$M19-$A$15,AU$13)=0,10^12,OFFSET(CRONOPLE!$F$15,$M19-$A$15,AU$13)))","v":1000000000000},{"$f":"IF(OR($D19<>\"Serviço\",AND(AUTOEVENTO=\"Manual\",$M19=$A$15)),0,\n         IF(OFFSET(CRONOPLE!$F$15,$M19-$A$15,AV$13)=0,10^12,OFFSET(CRONOPLE!$F$15,$M19-$A$15,AV$13)))","v":1000000000000},null,{"$f":"IF(OR($D19<>\"Serviço\",AND(AUTOEVENTO=\"Manual\",$M19=$A$15),$M19>(ROW(PLE.lastrow)-ROW(PLE.firstrow))),0,\n           IF(OFFSET(PLE!$G$15,$M19-$A$15,AX$13)=\"\",10^12,OFFSET(PLE!$G$15,$M19-$A$15,AX$13)))","v":1000000000000},{"$f":"IF(OR($D19<>\"Serviço\",AND(AUTOEVENTO=\"Manual\",$M19=$A$15),$M19>(ROW(PLE.lastrow)-ROW(PLE.firstrow))),0,\n           IF(OFFSET(PLE!$G$15,$M19-$A$15,AY$13)=\"\",10^12,OFFSET(PLE!$G$15,$M19-$A$15,AY$13)))","v":1000000000000},{"$f":"IF(OR($D19<>\"Serviço\",AND(AUTOEVENTO=\"Manual\",$M19=$A$15),$M19>(ROW(PLE.lastrow)-ROW(PLE.firstrow))),0,\n           IF(OFFSET(PLE!$G$15,$M19-$A$15,AZ$13)=\"\",10^12,OFFSET(PLE!$G$15,$M19-$A$15,AZ$13)))","v":1000000000000},{"$f":"IF(OR($D19<>\"Serviço\",AND(AUTOEVENTO=\"Manual\",$M19=$A$15),$M19>(ROW(PLE.lastrow)-ROW(PLE.firstrow))),0,\n           IF(OFFSET(PLE!$G$15,$M19-$A$15,BA$13)=\"\",10^12,OFFSET(PLE!$G$15,$M19-$A$15,BA$13)))","v":1000000000000},{"$f":"IF(OR($D19<>\"Serviço\",AND(AUTOEVENTO=\"Manual\",$M19=$A$15),$M19>(ROW(PLE.lastrow)-ROW(PLE.firstrow))),0,\n           IF(OFFSET(PLE!$G$15,$M19-$A$15,BB$13)=\"\",10^12,OFFSET(PLE!$G$15,$M19-$A$15,BB$13)))","v":1000000000000},{"$f":"IF(OR($D19<>\"Serviço\",AND(AUTOEVENTO=\"Manual\",$M19=$A$15),$M19>(ROW(PLE.lastrow)-ROW(PLE.firstrow))),0,\n           IF(OFFSET(PLE!$G$15,$M19-$A$15,BC$13)=\"\",10^12,OFFSET(PLE!$G$15,$M19-$A$15,BC$13)))","v":1000000000000},{"$f":"IF(OR($D19<>\"Serviço\",AND(AUTOEVENTO=\"Manual\",$M19=$A$15),$M19>(ROW(PLE.lastrow)-ROW(PLE.firstrow))),0,\n           IF(OFFSET(PLE!$G$15,$M19-$A$15,BD$13)=\"\",10^12,OFFSET(PLE!$G$15,$M19-$A$15,BD$13)))","v":1000000000000},{"$f":"IF(OR($D19<>\"Serviço\",AND(AUTOEVENTO=\"Manual\",$M19=$A$15),$M19>(ROW(PLE.lastrow)-ROW(PLE.firstrow))),0,\n           IF(OFFSET(PLE!$G$15,$M19-$A$15,BE$13)=\"\",10^12,OFFSET(PLE!$G$15,$M19-$A$15,BE$13)))","v":1000000000000},{"$f":"IF(OR($D19<>\"Serviço\",AND(AUTOEVENTO=\"Manual\",$M19=$A$15),$M19>(ROW(PLE.lastrow)-ROW(PLE.firstrow))),0,\n           IF(OFFSET(PLE!$G$15,$M19-$A$15,BF$13)=\"\",10^12,OFFSET(PLE!$G$15,$M19-$A$15,BF$13)))","v":1000000000000},{"$f":"IF(OR($D19<>\"Serviço\",AND(AUTOEVENTO=\"Manual\",$M19=$A$15),$M19>(ROW(PLE.lastrow)-ROW(PLE.firstrow))),0,\n           IF(OFFSET(PLE!$G$15,$M19-$A$15,BG$13)=\"\",10^12,OFFSET(PLE!$G$15,$M19-$A$15,BG$13)))","v":1000000000000}]
["2",{"$f":"OFFSET(ORÇAMENTO!C$15,ROW(B20)-ROW(B$15),0)","v":"S"},{"$f":"OFFSET(ORÇAMENTO!L$15,ROW(C20)-ROW(C$15),0)","v":"F"},{"$f":"OFFSET(ORÇAMENTO!N$15,ROW(D20)-ROW(D$15),0)","v":"Serviço"},{"$f":"OFFSET(ORÇAMENTO!O$15,ROW(E20)-ROW(E$15),0)","v":"1.1.0.3."},{"$f":"OFFSET(ORÇAMENTO!R$15,ROW(F20)-ROW(F$15),0)","v":"SANITÁRIO QUÍMICO"},{"$f":"IF($D20<>\"Serviço\",\"\",OFFSET(ORÇAMENTO!S$15,ROW(G20)-ROW(G$15),0))","v":"UDxMÊS"},{"$f":"IF($D20<>\"Serviço\",0,IF(ACOMPANHAMENTO=\"BM\",ROUND(OFFSET(ORÇAMENTO!AJ$15,ROW(H20)-ROW(H$15),0),15-13*ORÇAMENTO!$AF$7),SUMPRODUCT(($Q$1:$AA$1=1)*ROUND($Q20:$AA20,15-13*ORÇAMENTO!$AF$7))))","v":2},null,{"$f":"IF(OR(B20<>\"S\",CÁLCULO.FrentesPreenchidas=0),\"\",IF(AND(ACOMPANHAMENTO=\"PLE\",AUTOEVENTO=\"Manual\",OR(H20>0,ORÇAMENTO!AC20=\"QUANT.\"),OR(K20=\"\",M20=0,N20=\"\")),\"►E\",IF(AND(ACOMPANHAMENTO=\"PLE\",ORÇAMENTO!AC20=\"QUANT.\"),\"►Q\",IF(AND(ACOMPANHAMENTO=\"PLE\",H20<>SUMPRODUCT(($Q$1:$AA$1=1)*ROUND(Q20:AA20,15))),\"►S\",IF(AND(COUNTIF($P$11:$AA$11,\"▼\")=0,H20>0,I20=\"\"),\"◄M\",\"\")))))","v":{"$error":"#NAME?"}},"1. Rede de Distribuição PVC",".",{"$f":"IF($D20<>\"Serviço\",\"\",\n          IF(AUTOEVENTO=\"manual\",$A20,\n                IF(ISERROR(MATCH($A20,$A$15:OFFSET($A20,-1,0),0)),MAX($M$15:OFFSET(M20,-1,0))+1,\n                      INDEX($M$15:OFFSET(M20,-1,0),MATCH($A20,$A$15:OFFSET($A20,-1,0),0)))))","v":1},{"$f":"IF($D20<>\"Serviço\",\"\",\n         IF(AUTOEVENTO=\"Manual\",\n                IF($A20=0,\"<-- defina o número do agrupador\",\n                       OFFSET(EVENTOS!$D$15,$A20-$A$15,0)),\n                OFFSET($F$15,$A20,0)))","v":"CANTEIRO DE OBRAS"},null,null,2,null,null,null,null,null,null,null,null,null,null,{"$f":"IF(AND($D20=\"Serviço\",AB$12<>0,$H20>0,OR(AUTOEVENTO<>\"manual\",$M20<>$A$15)),\n        IF(Import.TipoArredondamento<>\"TransfereGOV\",\n              ROUND(OFFSET($P20,0,AB$13),15-13*ORÇAMENTO!$AF$7)/$H20*OFFSET(ORÇAMENTO!$X$15,ROW(AB20)-ROW(AB$15),0),\n              ROUND(ROUND(OFFSET($P20,0,AB$13),15-13*ORÇAMENTO!$AF$7)*OFFSET(ORÇAMENTO!$W$15,ROW(AB20)-ROW(AB$15),0),15-13*ORÇAMENTO!$AF$11)),\n         0)","v":1382.34},{"$f":"IF(AND($D20=\"Serviço\",AC$12<>0,$H20>0,OR(AUTOEVENTO<>\"manual\",$M20<>$A$15)),\n        IF(Import.TipoArredondamento<>\"TransfereGOV\",\n              ROUND(OFFSET($P20,0,AC$13),15-13*ORÇAMENTO!$AF$7)/$H20*OFFSET(ORÇAMENTO!$X$15,ROW(AC20)-ROW(AC$15),0),\n              ROUND(ROUND(OFFSET($P20,0,AC$13),15-13*ORÇAMENTO!$AF$7)*OFFSET(ORÇAMENTO!$W$15,ROW(AC20)-ROW(AC$15),0),15-13*ORÇAMENTO!$AF$11)),\n         0)","v":0},{"$f":"IF(AND($D20=\"Serviço\",AD$12<>0,$H20>0,OR(AUTOEVENTO<>\"manual\",$M20<>$A$15)),\n        IF(Import.TipoArredondamento<>\"TransfereGOV\",\n              ROUND(OFFSET($P20,0,AD$13),15-13*ORÇAMENTO!$AF$7)/$H20*OFFSET(ORÇAMENTO!$X$15,ROW(AD20)-ROW(AD$15),0),\n              ROUND(ROUND(OFFSET($P20,0,AD$13),15-13*ORÇAMENTO!$AF$7)*OFFSET(ORÇAMENTO!$W$15,ROW(AD20)-ROW(AD$15),0),15-13*ORÇAMENTO!$AF$11)),\n         0)","v":0},{"$f":"IF(AND($D20=\"Serviço\",AE$12<>0,$H20>0,OR(AUTOEVENTO<>\"manual\",$M20<>$A$15)),\n        IF(Import.TipoArredondamento<>\"TransfereGOV\",\n              ROUND(OFFSET($P20,0,AE$13),15-13*ORÇAMENTO!$AF$7)/$H20*OFFSET(ORÇAMENTO!$X$15,ROW(AE20)-ROW(AE$15),0),\n              ROUND(ROUND(OFFSET($P20,0,AE$13),15-13*ORÇAMENTO!$AF$7)*OFFSET(ORÇAMENTO!$W$15,ROW(AE20)-ROW(AE$15),0),15-13*ORÇAMENTO!$AF$11)),\n         0)","v":0},{"$f":"IF(AND($D20=\"Serviço\",AF$12<>0,$H20>0,OR(AUTOEVENTO<>\"manual\",$M20<>$A$15)),\n        IF(Import.TipoArredondamento<>\"TransfereGOV\",\n              ROUND(OFFSET($P20,0,AF$13),15-13*ORÇAMENTO!$AF$7)/$H20*OFFSET(ORÇAMENTO!$X$15,ROW(AF20)-ROW(AF$15),0),\n              ROUND(ROUND(OFFSET($P20,0,AF$13),15-13*ORÇAMENTO!$AF$7)*OFFSET(ORÇAMENTO!$W$15,ROW(AF20)-ROW(AF$15),0),15-13*ORÇAMENTO!$AF$11)),\n         0)","v":0},{"$f":"IF(AND($D20=\"Serviço\",AG$12<>0,$H20>0,OR(AUTOEVENTO<>\"manual\",$M20<>$A$15)),\n        IF(Import.TipoArredondamento<>\"TransfereGOV\",\n              ROUND(OFFSET($P20,0,AG$13),15-13*ORÇAMENTO!$AF$7)/$H20*OFFSET(ORÇAMENTO!$X$15,ROW(AG20)-ROW(AG$15),0),\n              ROUND(ROUND(OFFSET($P20,0,AG$13),15-13*ORÇAMENTO!$AF$7)*OFFSET(ORÇAMENTO!$W$15,ROW(AG20)-ROW(AG$15),0),15-13*ORÇAMENTO!$AF$11)),\n         0)","v":0},{"$f":"IF(AND($D20=\"Serviço\",AH$12<>0,$H20>0,OR(AUTOEVENTO<>\"manual\",$M20<>$A$15)),\n        IF(Import.TipoArredondamento<>\"TransfereGOV\",\n              ROUND(OFFSET($P20,0,AH$13),15-13*ORÇAMENTO!$AF$7)/$H20*OFFSET(ORÇAMENTO!$X$15,ROW(AH20)-ROW(AH$15),0),\n              ROUND(ROUND(OFFSET($P20,0,AH$13),15-13*ORÇAMENTO!$AF$7)*OFFSET(ORÇAMENTO!$W$15,ROW(AH20)-ROW(AH$15),0),15-13*ORÇAMENTO!$AF$11)),\n         0)","v":0},{"$f":"IF(AND($D20=\"Serviço\",AI$12<>0,$H20>0,OR(AUTOEVENTO<>\"manual\",$M20<>$A$15)),\n        IF(Import.TipoArredondamento<>\"TransfereGOV\",\n              ROUND(OFFSET($P20,0,AI$13),15-13*ORÇAMENTO!$AF$7)/$H20*OFFSET(ORÇAMENTO!$X$15,ROW(AI20)-ROW(AI$15),0),\n              ROUND(ROUND(OFFSET($P20,0,AI$13),15-13*ORÇAMENTO!$AF$7)*OFFSET(ORÇAMENTO!$W$15,ROW(AI20)-ROW(AI$15),0),15-13*ORÇAMENTO!$AF$11)),\n         0)","v":0},{"$f":"IF(AND($D20=\"Serviço\",AJ$12<>0,$H20>0,OR(AUTOEVENTO<>\"manual\",$M20<>$A$15)),\n        IF(Import.TipoArredondamento<>\"TransfereGOV\",\n              ROUND(OFFSET($P20,0,AJ$13),15-13*ORÇAMENTO!$AF$7)/$H20*OFFSET(ORÇAMENTO!$X$15,ROW(AJ20)-ROW(AJ$15),0),\n              ROUND(ROUND(OFFSET($P20,0,AJ$13),15-13*ORÇAMENTO!$AF$7)*OFFSET(ORÇAMENTO!$W$15,ROW(AJ20)-ROW(AJ$15),0),15-13*ORÇAMENTO!$AF$11)),\n         0)","v":0},{"$f":"IF(AND($D20=\"Serviço\",AK$12<>0,$H20>0,OR(AUTOEVENTO<>\"manual\",$M20<>$A$15)),\n        IF(Import.TipoArredondamento<>\"TransfereGOV\",\n              ROUND(OFFSET($P20,0,AK$13),15-13*ORÇAMENTO!$AF$7)/$H20*OFFSET(ORÇAMENTO!$X$15,ROW(AK20)-ROW(AK$15),0),\n              ROUND(ROUND(OFFSET($P20,0,AK$13),15-13*ORÇAMENTO!$AF$7)*OFFSET(ORÇAMENTO!$W$15,ROW(AK20)-ROW(AK$15),0),15-13*ORÇAMENTO!$AF$11)),\n         0)","v":0},null,{"$f":"IF(OR($D20<>\"Serviço\",AND(AUTOEVENTO=\"Manual\",$M20=$A$15)),0,\n         IF(OFFSET(CRONOPLE!$F$15,$M20-$A$15,AM$13)=0,10^12,OFFSET(CRONOPLE!$F$15,$M20-$A$15,AM$13)))","v":1},{"$f":"IF(OR($D20<>\"Serviço\",AND(AUTOEVENTO=\"Manual\",$M20=$A$15)),0,\n         IF(OFFSET(CRONOPLE!$F$15,$M20-$A$15,AN$13)=0,10^12,OFFSET(CRONOPLE!$F$15,$M20-$A$15,AN$13)))","v":1000000000000},{"$f":"IF(OR($D20<>\"Serviço\",AND(AUTOEVENTO=\"Manual\",$M20=$A$15)),0,\n         IF(OFFSET(CRONOPLE!$F$15,$M20-$A$15,AO$13)=0,10^12,OFFSET(CRONOPLE!$F$15,$M20-$A$15,AO$13)))","v":1000000000000},{"$f":"IF(OR($D20<>\"Serviço\",AND(AUTOEVENTO=\"Manual\",$M20=$A$15)),0,\n         IF(OFFSET(CRONOPLE!$F$15,$M20-$A$15,AP$13)=0,10^12,OFFSET(CRONOPLE!$F$15,$M20-$A$15,AP$13)))","v":1000000000000},{"$f":"IF(OR($D20<>\"Serviço\",AND(AUTOEVENTO=\"Manual\",$M20=$A$15)),0,\n         IF(OFFSET(CRONOPLE!$F$15,$M20-$A$15,AQ$13)=0,10^12,OFFSET(CRONOPLE!$F$15,$M20-$A$15,AQ$13)))","v":1000000000000},{"$f":"IF(OR($D20<>\"Serviço\",AND(AUTOEVENTO=\"Manual\",$M20=$A$15)),0,\n         IF(OFFSET(CRONOPLE!$F$15,$M20-$A$15,AR$13)=0,10^12,OFFSET(CRONOPLE!$F$15,$M20-$A$15,AR$13)))","v":1000000000000},{"$f":"IF(OR($D20<>\"Serviço\",AND(AUTOEVENTO=\"Manual\",$M20=$A$15)),0,\n         IF(OFFSET(CRONOPLE!$F$15,$M20-$A$15,AS$13)=0,10^12,OFFSET(CRONOPLE!$F$15,$M20-$A$15,AS$13)))","v":1000000000000},{"$f":"IF(OR($D20<>\"Serviço\",AND(AUTOEVENTO=\"Manual\",$M20=$A$15)),0,\n         IF(OFFSET(CRONOPLE!$F$15,$M20-$A$15,AT$13)=0,10^12,OFFSET(CRONOPLE!$F$15,$M20-$A$15,AT$13)))","v":1000000000000},{"$f":"IF(OR($D20<>\"Serviço\",AND(AUTOEVENTO=\"Manual\",$M20=$A$15)),0,\n         IF(OFFSET(CRONOPLE!$F$15,$M20-$A$15,AU$13)=0,10^12,OFFSET(CRONOPLE!$F$15,$M20-$A$15,AU$13)))","v":1000000000000},{"$f":"IF(OR($D20<>\"Serviço\",AND(AUTOEVENTO=\"Manual\",$M20=$A$15)),0,\n         IF(OFFSET(CRONOPLE!$F$15,$M20-$A$15,AV$13)=0,10^12,OFFSET(CRONOPLE!$F$15,$M20-$A$15,AV$13)))","v":1000000000000},null,{"$f":"IF(OR($D20<>\"Serviço\",AND(AUTOEVENTO=\"Manual\",$M20=$A$15),$M20>(ROW(PLE.lastrow)-ROW(PLE.firstrow))),0,\n           IF(OFFSET(PLE!$G$15,$M20-$A$15,AX$13)=\"\",10^12,OFFSET(PLE!$G$15,$M20-$A$15,AX$13)))","v":1000000000000},{"$f":"IF(OR($D20<>\"Serviço\",AND(AUTOEVENTO=\"Manual\",$M20=$A$15),$M20>(ROW(PLE.lastrow)-ROW(PLE.firstrow))),0,\n           IF(OFFSET(PLE!$G$15,$M20-$A$15,AY$13)=\"\",10^12,OFFSET(PLE!$G$15,$M20-$A$15,AY$13)))","v":1000000000000},{"$f":"IF(OR($D20<>\"Serviço\",AND(AUTOEVENTO=\"Manual\",$M20=$A$15),$M20>(ROW(PLE.lastrow)-ROW(PLE.firstrow))),0,\n           IF(OFFSET(PLE!$G$15,$M20-$A$15,AZ$13)=\"\",10^12,OFFSET(PLE!$G$15,$M20-$A$15,AZ$13)))","v":1000000000000},{"$f":"IF(OR($D20<>\"Serviço\",AND(AUTOEVENTO=\"Manual\",$M20=$A$15),$M20>(ROW(PLE.lastrow)-ROW(PLE.firstrow))),0,\n           IF(OFFSET(PLE!$G$15,$M20-$A$15,BA$13)=\"\",10^12,OFFSET(PLE!$G$15,$M20-$A$15,BA$13)))","v":1000000000000},{"$f":"IF(OR($D20<>\"Serviço\",AND(AUTOEVENTO=\"Manual\",$M20=$A$15),$M20>(ROW(PLE.lastrow)-ROW(PLE.firstrow))),0,\n           IF(OFFSET(PLE!$G$15,$M20-$A$15,BB$13)=\"\",10^12,OFFSET(PLE!$G$15,$M20-$A$15,BB$13)))","v":1000000000000},{"$f":"IF(OR($D20<>\"Serviço\",AND(AUTOEVENTO=\"Manual\",$M20=$A$15),$M20>(ROW(PLE.lastrow)-ROW(PLE.firstrow))),0,\n           IF(OFFSET(PLE!$G$15,$M20-$A$15,BC$13)=\"\",10^12,OFFSET(PLE!$G$15,$M20-$A$15,BC$13)))","v":1000000000000},{"$f":"IF(OR($D20<>\"Serviço\",AND(AUTOEVENTO=\"Manual\",$M20=$A$15),$M20>(ROW(PLE.lastrow)-ROW(PLE.firstrow))),0,\n           IF(OFFSET(PLE!$G$15,$M20-$A$15,BD$13)=\"\",10^12,OFFSET(PLE!$G$15,$M20-$A$15,BD$13)))","v":1000000000000},{"$f":"IF(OR($D20<>\"Serviço\",AND(AUTOEVENTO=\"Manual\",$M20=$A$15),$M20>(ROW(PLE.lastrow)-ROW(PLE.firstrow))),0,\n           IF(OFFSET(PLE!$G$15,$M20-$A$15,BE$13)=\"\",10^12,OFFSET(PLE!$G$15,$M20-$A$15,BE$13)))","v":1000000000000},{"$f":"IF(OR($D20<>\"Serviço\",AND(AUTOEVENTO=\"Manual\",$M20=$A$15),$M20>(ROW(PLE.lastrow)-ROW(PLE.firstrow))),0,\n           IF(OFFSET(PLE!$G$15,$M20-$A$15,BF$13)=\"\",10^12,OFFSET(PLE!$G$15,$M20-$A$15,BF$13)))","v":1000000000000},{"$f":"IF(OR($D20<>\"Serviço\",AND(AUTOEVENTO=\"Manual\",$M20=$A$15),$M20>(ROW(PLE.lastrow)-ROW(PLE.firstrow))),0,\n           IF(OFFSET(PLE!$G$15,$M20-$A$15,BG$13)=\"\",10^12,OFFSET(PLE!$G$15,$M20-$A$15,BG$13)))","v":1000000000000}]
["2",{"$f":"OFFSET(ORÇAMENTO!C$15,ROW(B21)-ROW(B$15),0)","v":"S"},{"$f":"OFFSET(ORÇAMENTO!L$15,ROW(C21)-ROW(C$15),0)","v":"F"},{"$f":"OFFSET(ORÇAMENTO!N$15,ROW(D21)-ROW(D$15),0)","v":"Serviço"},{"$f":"OFFSET(ORÇAMENTO!O$15,ROW(E21)-ROW(E$15),0)","v":"1.1.0.4."},{"$f":"OFFSET(ORÇAMENTO!R$15,ROW(F21)-ROW(F$15),0)","v":"ENTRADA PROVISÓRIA DE ENERGIA TRIFÁSICA 70A"},{"$f":"IF($D21<>\"Serviço\",\"\",OFFSET(ORÇAMENTO!S$15,ROW(G21)-ROW(G$15),0))","v":"UD"},{"$f":"IF($D21<>\"Serviço\",0,IF(ACOMPANHAMENTO=\"BM\",ROUND(OFFSET(ORÇAMENTO!AJ$15,ROW(H21)-ROW(H$15),0),15-13*ORÇAMENTO!$AF$7),SUMPRODUCT(($Q$1:$AA$1=1)*ROUND($Q21:$AA21,15-13*ORÇAMENTO!$AF$7))))","v":1},null,{"$f":"IF(OR(B21<>\"S\",CÁLCULO.FrentesPreenchidas=0),\"\",IF(AND(ACOMPANHAMENTO=\"PLE\",AUTOEVENTO=\"Manual\",OR(H21>0,ORÇAMENTO!AC21=\"QUANT.\"),OR(K21=\"\",M21=0,N21=\"\")),\"►E\",IF(AND(ACOMPANHAMENTO=\"PLE\",ORÇAMENTO!AC21=\"QUANT.\"),\"►Q\",IF(AND(ACOMPANHAMENTO=\"PLE\",H21<>SUMPRODUCT(($Q$1:$AA$1=1)*ROUND(Q21:AA21,15))),\"►S\",IF(AND(COUNTIF($P$11:$AA$11,\"▼\")=0,H21>0,I21=\"\"),\"◄M\",\"\")))))","v":{"$error":"#NAME?"}},"1. Rede de Distribuição PVC",".",{"$f":"IF($D21<>\"Serviço\",\"\",\n          IF(AUTOEVENTO=\"manual\",$A21,\n                IF(ISERROR(MATCH($A21,$A$15:OFFSET($A21,-1,0),0)),MAX($M$15:OFFSET(M21,-1,0))+1,\n                      INDEX($M$15:OFFSET(M21,-1,0),MATCH($A21,$A$15:OFFSET($A21,-1,0),0)))))","v":1},{"$f":"IF($D21<>\"Serviço\",\"\",\n         IF(AUTOEVENTO=\"Manual\",\n                IF($A21=0,\"<-- defina o número do agrupador\",\n                       OFFSET(EVENTOS!$D$15,$A21-$A$15,0)),\n                OFFSET($F$15,$A21,0)))","v":"CANTEIRO DE OBRAS"},null,null,1,null,null,null,null,null,null,null,null,null,null,{"$f":"IF(AND($D21=\"Serviço\",AB$12<>0,$H21>0,OR(AUTOEVENTO<>\"manual\",$M21<>$A$15)),\n        IF(Import.TipoArredondamento<>\"TransfereGOV\",\n              ROUND(OFFSET($P21,0,AB$13),15-13*ORÇAMENTO!$AF$7)/$H21*OFFSET(ORÇAMENTO!$X$15,ROW(AB21)-ROW(AB$15),0),\n              ROUND(ROUND(OFFSET($P21,0,AB$13),15-13*ORÇAMENTO!$AF$7)*OFFSET(ORÇAMENTO!$W$15,ROW(AB21)-ROW(AB$15),0),15-13*ORÇAMENTO!$AF$11)),\n         0)","v":3649.54},{"$f":"IF(AND($D21=\"Serviço\",AC$12<>0,$H21>0,OR(AUTOEVENTO<>\"manual\",$M21<>$A$15)),\n        IF(Import.TipoArredondamento<>\"TransfereGOV\",\n              ROUND(OFFSET($P21,0,AC$13),15-13*ORÇAMENTO!$AF$7)/$H21*OFFSET(ORÇAMENTO!$X$15,ROW(AC21)-ROW(AC$15),0),\n              ROUND(ROUND(OFFSET($P21,0,AC$13),15-13*ORÇAMENTO!$AF$7)*OFFSET(ORÇAMENTO!$W$15,ROW(AC21)-ROW(AC$15),0),15-13*ORÇAMENTO!$AF$11)),\n         0)","v":0},{"$f":"IF(AND($D21=\"Serviço\",AD$12<>0,$H21>0,OR(AUTOEVENTO<>\"manual\",$M21<>$A$15)),\n        IF(Import.TipoArredondamento<>\"TransfereGOV\",\n              ROUND(OFFSET($P21,0,AD$13),15-13*ORÇAMENTO!$AF$7)/$H21*OFFSET(ORÇAMENTO!$X$15,ROW(AD21)-ROW(AD$15),0),\n              ROUND(ROUND(OFFSET($P21,0,AD$13),15-13*ORÇAMENTO!$AF$7)*OFFSET(ORÇAMENTO!$W$15,ROW(AD21)-ROW(AD$15),0),15-13*ORÇAMENTO!$AF$11)),\n         0)","v":0},{"$f":"IF(AND($D21=\"Serviço\",AE$12<>0,$H21>0,OR(AUTOEVENTO<>\"manual\",$M21<>$A$15)),\n        IF(Import.TipoArredondamento<>\"TransfereGOV\",\n              ROUND(OFFSET($P21,0,AE$13),15-13*ORÇAMENTO!$AF$7)/$H21*OFFSET(ORÇAMENTO!$X$15,ROW(AE21)-ROW(AE$15),0),\n              ROUND(ROUND(OFFSET($P21,0,AE$13),15-13*ORÇAMENTO!$AF$7)*OFFSET(ORÇAMENTO!$W$15,ROW(AE21)-ROW(AE$15),0),15-13*ORÇAMENTO!$AF$11)),\n         0)","v":0},{"$f":"IF(AND($D21=\"Serviço\",AF$12<>0,$H21>0,OR(AUTOEVENTO<>\"manual\",$M21<>$A$15)),\n        IF(Import.TipoArredondamento<>\"TransfereGOV\",\n              ROUND(OFFSET($P21,0,AF$13),15-13*ORÇAMENTO!$AF$7)/$H21*OFFSET(ORÇAMENTO!$X$15,ROW(AF21)-ROW(AF$15),0),\n              ROUND(ROUND(OFFSET($P21,0,AF$13),15-13*ORÇAMENTO!$AF$7)*OFFSET(ORÇAMENTO!$W$15,ROW(AF21)-ROW(AF$15),0),15-13*ORÇAMENTO!$AF$11)),\n         0)","v":0},{"$f":"IF(AND($D21=\"Serviço\",AG$12<>0,$H21>0,OR(AUTOEVENTO<>\"manual\",$M21<>$A$15)),\n        IF(Import.TipoArredondamento<>\"TransfereGOV\",\n              ROUND(OFFSET($P21,0,AG$13),15-13*ORÇAMENTO!$AF$7)/$H21*OFFSET(ORÇAMENTO!$X$15,ROW(AG21)-ROW(AG$15),0),\n              ROUND(ROUND(OFFSET($P21,0,AG$13),15-13*ORÇAMENTO!$AF$7)*OFFSET(ORÇAMENTO!$W$15,ROW(AG21)-ROW(AG$15),0),15-13*ORÇAMENTO!$AF$11)),\n         0)","v":0},{"$f":"IF(AND($D21=\"Serviço\",AH$12<>0,$H21>0,OR(AUTOEVENTO<>\"manual\",$M21<>$A$15)),\n        IF(Import.TipoArredondamento<>\"TransfereGOV\",\n              ROUND(OFFSET($P21,0,AH$13),15-13*ORÇAMENTO!$AF$7)/$H21*OFFSET(ORÇAMENTO!$X$15,ROW(AH21)-ROW(AH$15),0),\n              ROUND(ROUND(OFFSET($P21,0,AH$13),15-13*ORÇAMENTO!$AF$7)*OFFSET(ORÇAMENTO!$W$15,ROW(AH21)-ROW(AH$15),0),15-13*ORÇAMENTO!$AF$11)),\n         0)","v":0},{"$f":"IF(AND($D21=\"Serviço\",AI$12<>0,$H21>0,OR(AUTOEVENTO<>\"manual\",$M21<>$A$15)),\n        IF(Import.TipoArredondamento<>\"TransfereGOV\",\n              ROUND(OFFSET($P21,0,AI$13),15-13*ORÇAMENTO!$AF$7)/$H21*OFFSET(ORÇAMENTO!$X$15,ROW(AI21)-ROW(AI$15),0),\n              ROUND(ROUND(OFFSET($P21,0,AI$13),15-13*ORÇAMENTO!$AF$7)*OFFSET(ORÇAMENTO!$W$15,ROW(AI21)-ROW(AI$15),0),15-13*ORÇAMENTO!$AF$11)),\n         0)","v":0},{"$f":"IF(AND($D21=\"Serviço\",AJ$12<>0,$H21>0,OR(AUTOEVENTO<>\"manual\",$M21<>$A$15)),\n        IF(Import.TipoArredondamento<>\"TransfereGOV\",\n              ROUND(OFFSET($P21,0,AJ$13),15-13*ORÇAMENTO!$AF$7)/$H21*OFFSET(ORÇAMENTO!$X$15,ROW(AJ21)-ROW(AJ$15),0),\n              ROUND(ROUND(OFFSET($P21,0,AJ$13),15-13*ORÇAMENTO!$AF$7)*OFFSET(ORÇAMENTO!$W$15,ROW(AJ21)-ROW(AJ$15),0),15-13*ORÇAMENTO!$AF$11)),\n         0)","v":0},{"$f":"IF(AND($D21=\"Serviço\",AK$12<>0,$H21>0,OR(AUTOEVENTO<>\"manual\",$M21<>$A$15)),\n        IF(Import.TipoArredondamento<>\"TransfereGOV\",\n              ROUND(OFFSET($P21,0,AK$13),15-13*ORÇAMENTO!$AF$7)/$H21*OFFSET(ORÇAMENTO!$X$15,ROW(AK21)-ROW(AK$15),0),\n              ROUND(ROUND(OFFSET($P21,0,AK$13),15-13*ORÇAMENTO!$AF$7)*OFFSET(ORÇAMENTO!$W$15,ROW(AK21)-ROW(AK$15),0),15-13*ORÇAMENTO!$AF$11)),\n         0)","v":0},null,{"$f":"IF(OR($D21<>\"Serviço\",AND(AUTOEVENTO=\"Manual\",$M21=$A$15)),0,\n         IF(OFFSET(CRONOPLE!$F$15,$M21-$A$15,AM$13)=0,10^12,OFFSET(CRONOPLE!$F$15,$M21-$A$15,AM$13)))","v":1},{"$f":"IF(OR($D21<>\"Serviço\",AND(AUTOEVENTO=\"Manual\",$M21=$A$15)),0,\n         IF(OFFSET(CRONOPLE!$F$15,$M21-$A$15,AN$13)=0,10^12,OFFSET(CRONOPLE!$F$15,$M21-$A$15,AN$13)))","v":1000000000000},{"$f":"IF(OR($D21<>\"Serviço\",AND(AUTOEVENTO=\"Manual\",$M21=$A$15)),0,\n         IF(OFFSET(CRONOPLE!$F$15,$M21-$A$15,AO$13)=0,10^12,OFFSET(CRONOPLE!$F$15,$M21-$A$15,AO$13)))","v":1000000000000},{"$f":"IF(OR($D21<>\"Serviço\",AND(AUTOEVENTO=\"Manual\",$M21=$A$15)),0,\n         IF(OFFSET(CRONOPLE!$F$15,$M21-$A$15,AP$13)=0,10^12,OFFSET(CRONOPLE!$F$15,$M21-$A$15,AP$13)))","v":1000000000000},{"$f":"IF(OR($D21<>\"Serviço\",AND(AUTOEVENTO=\"Manual\",$M21=$A$15)),0,\n         IF(OFFSET(CRONOPLE!$F$15,$M21-$A$15,AQ$13)=0,10^12,OFFSET(CRONOPLE!$F$15,$M21-$A$15,AQ$13)))","v":1000000000000},{"$f":"IF(OR($D21<>\"Serviço\",AND(AUTOEVENTO=\"Manual\",$M21=$A$15)),0,\n         IF(OFFSET(CRONOPLE!$F$15,$M21-$A$15,AR$13)=0,10^12,OFFSET(CRONOPLE!$F$15,$M21-$A$15,AR$13)))","v":1000000000000},{"$f":"IF(OR($D21<>\"Serviço\",AND(AUTOEVENTO=\"Manual\",$M21=$A$15)),0,\n         IF(OFFSET(CRONOPLE!$F$15,$M21-$A$15,AS$13)=0,10^12,OFFSET(CRONOPLE!$F$15,$M21-$A$15,AS$13)))","v":1000000000000},{"$f":"IF(OR($D21<>\"Serviço\",AND(AUTOEVENTO=\"Manual\",$M21=$A$15)),0,\n         IF(OFFSET(CRONOPLE!$F$15,$M21-$A$15,AT$13)=0,10^12,OFFSET(CRONOPLE!$F$15,$M21-$A$15,AT$13)))","v":1000000000000},{"$f":"IF(OR($D21<>\"Serviço\",AND(AUTOEVENTO=\"Manual\",$M21=$A$15)),0,\n         IF(OFFSET(CRONOPLE!$F$15,$M21-$A$15,AU$13)=0,10^12,OFFSET(CRONOPLE!$F$15,$M21-$A$15,AU$13)))","v":1000000000000},{"$f":"IF(OR($D21<>\"Serviço\",AND(AUTOEVENTO=\"Manual\",$M21=$A$15)),0,\n         IF(OFFSET(CRONOPLE!$F$15,$M21-$A$15,AV$13)=0,10^12,OFFSET(CRONOPLE!$F$15,$M21-$A$15,AV$13)))","v":1000000000000},null,{"$f":"IF(OR($D21<>\"Serviço\",AND(AUTOEVENTO=\"Manual\",$M21=$A$15),$M21>(ROW(PLE.lastrow)-ROW(PLE.firstrow))),0,\n           IF(OFFSET(PLE!$G$15,$M21-$A$15,AX$13)=\"\",10^12,OFFSET(PLE!$G$15,$M21-$A$15,AX$13)))","v":1000000000000},{"$f":"IF(OR($D21<>\"Serviço\",AND(AUTOEVENTO=\"Manual\",$M21=$A$15),$M21>(ROW(PLE.lastrow)-ROW(PLE.firstrow))),0,\n           IF(OFFSET(PLE!$G$15,$M21-$A$15,AY$13)=\"\",10^12,OFFSET(PLE!$G$15,$M21-$A$15,AY$13)))","v":1000000000000},{"$f":"IF(OR($D21<>\"Serviço\",AND(AUTOEVENTO=\"Manual\",$M21=$A$15),$M21>(ROW(PLE.lastrow)-ROW(PLE.firstrow))),0,\n           IF(OFFSET(PLE!$G$15,$M21-$A$15,AZ$13)=\"\",10^12,OFFSET(PLE!$G$15,$M21-$A$15,AZ$13)))","v":1000000000000},{"$f":"IF(OR($D21<>\"Serviço\",AND(AUTOEVENTO=\"Manual\",$M21=$A$15),$M21>(ROW(PLE.lastrow)-ROW(PLE.firstrow))),0,\n           IF(OFFSET(PLE!$G$15,$M21-$A$15,BA$13)=\"\",10^12,OFFSET(PLE!$G$15,$M21-$A$15,BA$13)))","v":1000000000000},{"$f":"IF(OR($D21<>\"Serviço\",AND(AUTOEVENTO=\"Manual\",$M21=$A$15),$M21>(ROW(PLE.lastrow)-ROW(PLE.firstrow))),0,\n           IF(OFFSET(PLE!$G$15,$M21-$A$15,BB$13)=\"\",10^12,OFFSET(PLE!$G$15,$M21-$A$15,BB$13)))","v":1000000000000},{"$f":"IF(OR($D21<>\"Serviço\",AND(AUTOEVENTO=\"Manual\",$M21=$A$15),$M21>(ROW(PLE.lastrow)-ROW(PLE.firstrow))),0,\n           IF(OFFSET(PLE!$G$15,$M21-$A$15,BC$13)=\"\",10^12,OFFSET(PLE!$G$15,$M21-$A$15,BC$13)))","v":1000000000000},{"$f":"IF(OR($D21<>\"Serviço\",AND(AUTOEVENTO=\"Manual\",$M21=$A$15),$M21>(ROW(PLE.lastrow)-ROW(PLE.firstrow))),0,\n           IF(OFFSET(PLE!$G$15,$M21-$A$15,BD$13)=\"\",10^12,OFFSET(PLE!$G$15,$M21-$A$15,BD$13)))","v":1000000000000},{"$f":"IF(OR($D21<>\"Serviço\",AND(AUTOEVENTO=\"Manual\",$M21=$A$15),$M21>(ROW(PLE.lastrow)-ROW(PLE.firstrow))),0,\n           IF(OFFSET(PLE!$G$15,$M21-$A$15,BE$13)=\"\",10^12,OFFSET(PLE!$G$15,$M21-$A$15,BE$13)))","v":1000000000000},{"$f":"IF(OR($D21<>\"Serviço\",AND(AUTOEVENTO=\"Manual\",$M21=$A$15),$M21>(ROW(PLE.lastrow)-ROW(PLE.firstrow))),0,\n           IF(OFFSET(PLE!$G$15,$M21-$A$15,BF$13)=\"\",10^12,OFFSET(PLE!$G$15,$M21-$A$15,BF$13)))","v":1000000000000},{"$f":"IF(OR($D21<>\"Serviço\",AND(AUTOEVENTO=\"Manual\",$M21=$A$15),$M21>(ROW(PLE.lastrow)-ROW(PLE.firstrow))),0,\n           IF(OFFSET(PLE!$G$15,$M21-$A$15,BG$13)=\"\",10^12,OFFSET(PLE!$G$15,$M21-$A$15,BG$13)))","v":1000000000000}]
["2",{"$f":"OFFSET(ORÇAMENTO!C$15,ROW(B22)-ROW(B$15),0)","v":"S"},{"$f":"OFFSET(ORÇAMENTO!L$15,ROW(C22)-ROW(C$15),0)","v":"F"},{"$f":"OFFSET(ORÇAMENTO!N$15,ROW(D22)-ROW(D$15),0)","v":"Serviço"},{"$f":"OFFSET(ORÇAMENTO!O$15,ROW(E22)-ROW(E$15),0)","v":"1.1.0.5."},{"$f":"OFFSET(ORÇAMENTO!R$15,ROW(F22)-ROW(F$15),0)","v":"ENTRADA PROVISÓRIA DE ÁGUA"},{"$f":"IF($D22<>\"Serviço\",\"\",OFFSET(ORÇAMENTO!S$15,ROW(G22)-ROW(G$15),0))","v":"UD"},{"$f":"IF($D22<>\"Serviço\",0,IF(ACOMPANHAMENTO=\"BM\",ROUND(OFFSET(ORÇAMENTO!AJ$15,ROW(H22)-ROW(H$15),0),15-13*ORÇAMENTO!$AF$7),SUMPRODUCT(($Q$1:$AA$1=1)*ROUND($Q22:$AA22,15-13*ORÇAMENTO!$AF$7))))","v":1},null,{"$f":"IF(OR(B22<>\"S\",CÁLCULO.FrentesPreenchidas=0),\"\",IF(AND(ACOMPANHAMENTO=\"PLE\",AUTOEVENTO=\"Manual\",OR(H22>0,ORÇAMENTO!AC22=\"QUANT.\"),OR(K22=\"\",M22=0,N22=\"\")),\"►E\",IF(AND(ACOMPANHAMENTO=\"PLE\",ORÇAMENTO!AC22=\"QUANT.\"),\"►Q\",IF(AND(ACOMPANHAMENTO=\"PLE\",H22<>SUMPRODUCT(($Q$1:$AA$1=1)*ROUND(Q22:AA22,15))),\"►S\",IF(AND(COUNTIF($P$11:$AA$11,\"▼\")=0,H22>0,I22=\"\"),\"◄M\",\"\")))))","v":{"$error":"#NAME?"}},"1. Rede de Distribuição PVC",".",{"$f":"IF($D22<>\"Serviço\",\"\",\n          IF(AUTOEVENTO=\"manual\",$A22,\n                IF(ISERROR(MATCH($A22,$A$15:OFFSET($A22,-1,0),0)),MAX($M$15:OFFSET(M22,-1,0))+1,\n                      INDEX($M$15:OFFSET(M22,-1,0),MATCH($A22,$A$15:OFFSET($A22,-1,0),0)))))","v":1},{"$f":"IF($D22<>\"Serviço\",\"\",\n         IF(AUTOEVENTO=\"Manual\",\n                IF($A22=0,\"<-- defina o número do agrupador\",\n                       OFFSET(EVENTOS!$D$15,$A22-$A$15,0)),\n                OFFSET($F$15,$A22,0)))","v":"CANTEIRO DE OBRAS"},null,null,1,null,null,null,null,null,null,null,null,null,null,{"$f":"IF(AND($D22=\"Serviço\",AB$12<>0,$H22>0,OR(AUTOEVENTO<>\"manual\",$M22<>$A$15)),\n        IF(Import.TipoArredondamento<>\"TransfereGOV\",\n              ROUND(OFFSET($P22,0,AB$13),15-13*ORÇAMENTO!$AF$7)/$H22*OFFSET(ORÇAMENTO!$X$15,ROW(AB22)-ROW(AB$15),0),\n              ROUND(ROUND(OFFSET($P22,0,AB$13),15-13*ORÇAMENTO!$AF$7)*OFFSET(ORÇAMENTO!$W$15,ROW(AB22)-ROW(AB$15),0),15-13*ORÇAMENTO!$AF$11)),\n         0)","v":247.82},{"$f":"IF(AND($D22=\"Serviço\",AC$12<>0,$H22>0,OR(AUTOEVENTO<>\"manual\",$M22<>$A$15)),\n        IF(Import.TipoArredondamento<>\"TransfereGOV\",\n              ROUND(OFFSET($P22,0,AC$13),15-13*ORÇAMENTO!$AF$7)/$H22*OFFSET(ORÇAMENTO!$X$15,ROW(AC22)-ROW(AC$15),0),\n              ROUND(ROUND(OFFSET($P22,0,AC$13),15-13*ORÇAMENTO!$AF$7)*OFFSET(ORÇAMENTO!$W$15,ROW(AC22)-ROW(AC$15),0),15-13*ORÇAMENTO!$AF$11)),\n         0)","v":0},{"$f":"IF(AND($D22=\"Serviço\",AD$12<>0,$H22>0,OR(AUTOEVENTO<>\"manual\",$M22<>$A$15)),\n        IF(Import.TipoArredondamento<>\"TransfereGOV\",\n              ROUND(OFFSET($P22,0,AD$13),15-13*ORÇAMENTO!$AF$7)/$H22*OFFSET(ORÇAMENTO!$X$15,ROW(AD22)-ROW(AD$15),0),\n              ROUND(ROUND(OFFSET($P22,0,AD$13),15-13*ORÇAMENTO!$AF$7)*OFFSET(ORÇAMENTO!$W$15,ROW(AD22)-ROW(AD$15),0),15-13*ORÇAMENTO!$AF$11)),\n         0)","v":0},{"$f":"IF(AND($D22=\"Serviço\",AE$12<>0,$H22>0,OR(AUTOEVENTO<>\"manual\",$M22<>$A$15)),\n        IF(Import.TipoArredondamento<>\"TransfereGOV\",\n              ROUND(OFFSET($P22,0,AE$13),15-13*ORÇAMENTO!$AF$7)/$H22*OFFSET(ORÇAMENTO!$X$15,ROW(AE22)-ROW(AE$15),0),\n              ROUND(ROUND(OFFSET($P22,0,AE$13),15-13*ORÇAMENTO!$AF$7)*OFFSET(ORÇAMENTO!$W$15,ROW(AE22)-ROW(AE$15),0),15-13*ORÇAMENTO!$AF$11)),\n         0)","v":0},{"$f":"IF(AND($D22=\"Serviço\",AF$12<>0,$H22>0,OR(AUTOEVENTO<>\"manual\",$M22<>$A$15)),\n        IF(Import.TipoArredondamento<>\"TransfereGOV\",\n              ROUND(OFFSET($P22,0,AF$13),15-13*ORÇAMENTO!$AF$7)/$H22*OFFSET(ORÇAMENTO!$X$15,ROW(AF22)-ROW(AF$15),0),\n              ROUND(ROUND(OFFSET($P22,0,AF$13),15-13*ORÇAMENTO!$AF$7)*OFFSET(ORÇAMENTO!$W$15,ROW(AF22)-ROW(AF$15),0),15-13*ORÇAMENTO!$AF$11)),\n         0)","v":0},{"$f":"IF(AND($D22=\"Serviço\",AG$12<>0,$H22>0,OR(AUTOEVENTO<>\"manual\",$M22<>$A$15)),\n        IF(Import.TipoArredondamento<>\"TransfereGOV\",\n              ROUND(OFFSET($P22,0,AG$13),15-13*ORÇAMENTO!$AF$7)/$H22*OFFSET(ORÇAMENTO!$X$15,ROW(AG22)-ROW(AG$15),0),\n              ROUND(ROUND(OFFSET($P22,0,AG$13),15-13*ORÇAMENTO!$AF$7)*OFFSET(ORÇAMENTO!$W$15,ROW(AG22)-ROW(AG$15),0),15-13*ORÇAMENTO!$AF$11)),\n         0)","v":0},{"$f":"IF(AND($D22=\"Serviço\",AH$12<>0,$H22>0,OR(AUTOEVENTO<>\"manual\",$M22<>$A$15)),\n        IF(Import.TipoArredondamento<>\"TransfereGOV\",\n              ROUND(OFFSET($P22,0,AH$13),15-13*ORÇAMENTO!$AF$7)/$H22*OFFSET(ORÇAMENTO!$X$15,ROW(AH22)-ROW(AH$15),0),\n              ROUND(ROUND(OFFSET($P22,0,AH$13),15-13*ORÇAMENTO!$AF$7)*OFFSET(ORÇAMENTO!$W$15,ROW(AH22)-ROW(AH$15),0),15-13*ORÇAMENTO!$AF$11)),\n         0)","v":0},{"$f":"IF(AND($D22=\"Serviço\",AI$12<>0,$H22>0,OR(AUTOEVENTO<>\"manual\",$M22<>$A$15)),\n        IF(Import.TipoArredondamento<>\"TransfereGOV\",\n              ROUND(OFFSET($P22,0,AI$13),15-13*ORÇAMENTO!$AF$7)/$H22*OFFSET(ORÇAMENTO!$X$15,ROW(AI22)-ROW(AI$15),0),\n              ROUND(ROUND(OFFSET($P22,0,AI$13),15-13*ORÇAMENTO!$AF$7)*OFFSET(ORÇAMENTO!$W$15,ROW(AI22)-ROW(AI$15),0),15-13*ORÇAMENTO!$AF$11)),\n         0)","v":0},{"$f":"IF(AND($D22=\"Serviço\",AJ$12<>0,$H22>0,OR(AUTOEVENTO<>\"manual\",$M22<>$A$15)),\n        IF(Import.TipoArredondamento<>\"TransfereGOV\",\n              ROUND(OFFSET($P22,0,AJ$13),15-13*ORÇAMENTO!$AF$7)/$H22*OFFSET(ORÇAMENTO!$X$15,ROW(AJ22)-ROW(AJ$15),0),\n              ROUND(ROUND(OFFSET($P22,0,AJ$13),15-13*ORÇAMENTO!$AF$7)*OFFSET(ORÇAMENTO!$W$15,ROW(AJ22)-ROW(AJ$15),0),15-13*ORÇAMENTO!$AF$11)),\n         0)","v":0},{"$f":"IF(AND($D22=\"Serviço\",AK$12<>0,$H22>0,OR(AUTOEVENTO<>\"manual\",$M22<>$A$15)),\n        IF(Import.TipoArredondamento<>\"TransfereGOV\",\n              ROUND(OFFSET($P22,0,AK$13),15-13*ORÇAMENTO!$AF$7)/$H22*OFFSET(ORÇAMENTO!$X$15,ROW(AK22)-ROW(AK$15),0),\n              ROUND(ROUND(OFFSET($P22,0,AK$13),15-13*ORÇAMENTO!$AF$7)*OFFSET(ORÇAMENTO!$W$15,ROW(AK22)-ROW(AK$15),0),15-13*ORÇAMENTO!$AF$11)),\n         0)","v":0},null,{"$f":"IF(OR($D22<>\"Serviço\",AND(AUTOEVENTO=\"Manual\",$M22=$A$15)),0,\n         IF(OFFSET(CRONOPLE!$F$15,$M22-$A$15,AM$13)=0,10^12,OFFSET(CRONOPLE!$F$15,$M22-$A$15,AM$13)))","v":1},{"$f":"IF(OR($D22<>\"Serviço\",AND(AUTOEVENTO=\"Manual\",$M22=$A$15)),0,\n         IF(OFFSET(CRONOPLE!$F$15,$M22-$A$15,AN$13)=0,10^12,OFFSET(CRONOPLE!$F$15,$M22-$A$15,AN$13)))","v":1000000000000},{"$f":"IF(OR($D22<>\"Serviço\",AND(AUTOEVENTO=\"Manual\",$M22=$A$15)),0,\n         IF(OFFSET(CRONOPLE!$F$15,$M22-$A$15,AO$13)=0,10^12,OFFSET(CRONOPLE!$F$15,$M22-$A$15,AO$13)))","v":1000000000000},{"$f":"IF(OR($D22<>\"Serviço\",AND(AUTOEVENTO=\"Manual\",$M22=$A$15)),0,\n         IF(OFFSET(CRONOPLE!$F$15,$M22-$A$15,AP$13)=0,10^12,OFFSET(CRONOPLE!$F$15,$M22-$A$15,AP$13)))","v":1000000000000},{"$f":"IF(OR($D22<>\"Serviço\",AND(AUTOEVENTO=\"Manual\",$M22=$A$15)),0,\n         IF(OFFSET(CRONOPLE!$F$15,$M22-$A$15,AQ$13)=0,10^12,OFFSET(CRONOPLE!$F$15,$M22-$A$15,AQ$13)))","v":1000000000000},{"$f":"IF(OR($D22<>\"Serviço\",AND(AUTOEVENTO=\"Manual\",$M22=$A$15)),0,\n         IF(OFFSET(CRONOPLE!$F$15,$M22-$A$15,AR$13)=0,10^12,OFFSET(CRONOPLE!$F$15,$M22-$A$15,AR$13)))","v":1000000000000},{"$f":"IF(OR($D22<>\"Serviço\",AND(AUTOEVENTO=\"Manual\",$M22=$A$15)),0,\n         IF(OFFSET(CRONOPLE!$F$15,$M22-$A$15,AS$13)=0,10^12,OFFSET(CRONOPLE!$F$15,$M22-$A$15,AS$13)))","v":1000000000000},{"$f":"IF(OR($D22<>\"Serviço\",AND(AUTOEVENTO=\"Manual\",$M22=$A$15)),0,\n         IF(OFFSET(CRONOPLE!$F$15,$M22-$A$15,AT$13)=0,10^12,OFFSET(CRONOPLE!$F$15,$M22-$A$15,AT$13)))","v":1000000000000},{"$f":"IF(OR($D22<>\"Serviço\",AND(AUTOEVENTO=\"Manual\",$M22=$A$15)),0,\n         IF(OFFSET(CRONOPLE!$F$15,$M22-$A$15,AU$13)=0,10^12,OFFSET(CRONOPLE!$F$15,$M22-$A$15,AU$13)))","v":1000000000000},{"$f":"IF(OR($D22<>\"Serviço\",AND(AUTOEVENTO=\"Manual\",$M22=$A$15)),0,\n         IF(OFFSET(CRONOPLE!$F$15,$M22-$A$15,AV$13)=0,10^12,OFFSET(CRONOPLE!$F$15,$M22-$A$15,AV$13)))","v":1000000000000},null,{"$f":"IF(OR($D22<>\"Serviço\",AND(AUTOEVENTO=\"Manual\",$M22=$A$15),$M22>(ROW(PLE.lastrow)-ROW(PLE.firstrow))),0,\n           IF(OFFSET(PLE!$G$15,$M22-$A$15,AX$13)=\"\",10^12,OFFSET(PLE!$G$15,$M22-$A$15,AX$13)))","v":1000000000000},{"$f":"IF(OR($D22<>\"Serviço\",AND(AUTOEVENTO=\"Manual\",$M22=$A$15),$M22>(ROW(PLE.lastrow)-ROW(PLE.firstrow))),0,\n           IF(OFFSET(PLE!$G$15,$M22-$A$15,AY$13)=\"\",10^12,OFFSET(PLE!$G$15,$M22-$A$15,AY$13)))","v":1000000000000},{"$f":"IF(OR($D22<>\"Serviço\",AND(AUTOEVENTO=\"Manual\",$M22=$A$15),$M22>(ROW(PLE.lastrow)-ROW(PLE.firstrow))),0,\n           IF(OFFSET(PLE!$G$15,$M22-$A$15,AZ$13)=\"\",10^12,OFFSET(PLE!$G$15,$M22-$A$15,AZ$13)))","v":1000000000000},{"$f":"IF(OR($D22<>\"Serviço\",AND(AUTOEVENTO=\"Manual\",$M22=$A$15),$M22>(ROW(PLE.lastrow)-ROW(PLE.firstrow))),0,\n           IF(OFFSET(PLE!$G$15,$M22-$A$15,BA$13)=\"\",10^12,OFFSET(PLE!$G$15,$M22-$A$15,BA$13)))","v":1000000000000},{"$f":"IF(OR($D22<>\"Serviço\",AND(AUTOEVENTO=\"Manual\",$M22=$A$15),$M22>(ROW(PLE.lastrow)-ROW(PLE.firstrow))),0,\n           IF(OFFSET(PLE!$G$15,$M22-$A$15,BB$13)=\"\",10^12,OFFSET(PLE!$G$15,$M22-$A$15,BB$13)))","v":1000000000000},{"$f":"IF(OR($D22<>\"Serviço\",AND(AUTOEVENTO=\"Manual\",$M22=$A$15),$M22>(ROW(PLE.lastrow)-ROW(PLE.firstrow))),0,\n           IF(OFFSET(PLE!$G$15,$M22-$A$15,BC$13)=\"\",10^12,OFFSET(PLE!$G$15,$M22-$A$15,BC$13)))","v":1000000000000},{"$f":"IF(OR($D22<>\"Serviço\",AND(AUTOEVENTO=\"Manual\",$M22=$A$15),$M22>(ROW(PLE.lastrow)-ROW(PLE.firstrow))),0,\n           IF(OFFSET(PLE!$G$15,$M22-$A$15,BD$13)=\"\",10^12,OFFSET(PLE!$G$15,$M22-$A$15,BD$13)))","v":1000000000000},{"$f":"IF(OR($D22<>\"Serviço\",AND(AUTOEVENTO=\"Manual\",$M22=$A$15),$M22>(ROW(PLE.lastrow)-ROW(PLE.firstrow))),0,\n           IF(OFFSET(PLE!$G$15,$M22-$A$15,BE$13)=\"\",10^12,OFFSET(PLE!$G$15,$M22-$A$15,BE$13)))","v":1000000000000},{"$f":"IF(OR($D22<>\"Serviço\",AND(AUTOEVENTO=\"Manual\",$M22=$A$15),$M22>(ROW(PLE.lastrow)-ROW(PLE.firstrow))),0,\n           IF(OFFSET(PLE!$G$15,$M22-$A$15,BF$13)=\"\",10^12,OFFSET(PLE!$G$15,$M22-$A$15,BF$13)))","v":1000000000000},{"$f":"IF(OR($D22<>\"Serviço\",AND(AUTOEVENTO=\"Manual\",$M22=$A$15),$M22>(ROW(PLE.lastrow)-ROW(PLE.firstrow))),0,\n           IF(OFFSET(PLE!$G$15,$M22-$A$15,BG$13)=\"\",10^12,OFFSET(PLE!$G$15,$M22-$A$15,BG$13)))","v":1000000000000}]
["2",{"$f":"OFFSET(ORÇAMENTO!C$15,ROW(B23)-ROW(B$15),0)","v":"S"},{"$f":"OFFSET(ORÇAMENTO!L$15,ROW(C23)-ROW(C$15),0)","v":"F"},{"$f":"OFFSET(ORÇAMENTO!N$15,ROW(D23)-ROW(D$15),0)","v":"Serviço"},{"$f":"OFFSET(ORÇAMENTO!O$15,ROW(E23)-ROW(E$15),0)","v":"1.1.0.6."},{"$f":"OFFSET(ORÇAMENTO!R$15,ROW(F23)-ROW(F$15),0)","v":"ENGENHEIRO CIVIL DE OBRA JUNIOR (HORISTA)"},{"$f":"IF($D23<>\"Serviço\",\"\",OFFSET(ORÇAMENTO!S$15,ROW(G23)-ROW(G$15),0))","v":"H"},{"$f":"IF($D23<>\"Serviço\",0,IF(ACOMPANHAMENTO=\"BM\",ROUND(OFFSET(ORÇAMENTO!AJ$15,ROW(H23)-ROW(H$15),0),15-13*ORÇAMENTO!$AF$7),SUMPRODUCT(($Q$1:$AA$1=1)*ROUND($Q23:$AA23,15-13*ORÇAMENTO!$AF$7))))","v":16},"2horas semanais x 8 semanas(2 meses)",{"$f":"IF(OR(B23<>\"S\",CÁLCULO.FrentesPreenchidas=0),\"\",IF(AND(ACOMPANHAMENTO=\"PLE\",AUTOEVENTO=\"Manual\",OR(H23>0,ORÇAMENTO!AC23=\"QUANT.\"),OR(K23=\"\",M23=0,N23=\"\")),\"►E\",IF(AND(ACOMPANHAMENTO=\"PLE\",ORÇAMENTO!AC23=\"QUANT.\"),\"►Q\",IF(AND(ACOMPANHAMENTO=\"PLE\",H23<>SUMPRODUCT(($Q$1:$AA$1=1)*ROUND(Q23:AA23,15))),\"►S\",IF(AND(COUNTIF($P$11:$AA$11,\"▼\")=0,H23>0,I23=\"\"),\"◄M\",\"\")))))","v":{"$error":"#NAME?"}},"1. Rede de Distribuição PVC",".",{"$f":"IF($D23<>\"Serviço\",\"\",\n          IF(AUTOEVENTO=\"manual\",$A23,\n                IF(ISERROR(MATCH($A23,$A$15:OFFSET($A23,-1,0),0)),MAX($M$15:OFFSET(M23,-1,0))+1,\n                      INDEX($M$15:OFFSET(M23,-1,0),MATCH($A23,$A$15:OFFSET($A23,-1,0),0)))))","v":1},{"$f":"IF($D23<>\"Serviço\",\"\",\n         IF(AUTOEVENTO=\"Manual\",\n                IF($A23=0,\"<-- defina o número do agrupador\",\n                       OFFSET(EVENTOS!$D$15,$A23-$A$15,0)),\n                OFFSET($F$15,$A23,0)))","v":"CANTEIRO DE OBRAS"},null,null,16,null,null,null,null,null,null,null,null,null,null,{"$f":"IF(AND($D23=\"Serviço\",AB$12<>0,$H23>0,OR(AUTOEVENTO<>\"manual\",$M23<>$A$15)),\n        IF(Import.TipoArredondamento<>\"TransfereGOV\",\n              ROUND(OFFSET($P23,0,AB$13),15-13*ORÇAMENTO!$AF$7)/$H23*OFFSET(ORÇAMENTO!$X$15,ROW(AB23)-ROW(AB$15),0),\n              ROUND(ROUND(OFFSET($P23,0,AB$13),15-13*ORÇAMENTO!$AF$7)*OFFSET(ORÇAMENTO!$W$15,ROW(AB23)-ROW(AB$15),0),15-13*ORÇAMENTO!$AF$11)),\n         0)","v":2287.1999999999998},{"$f":"IF(AND($D23=\"Serviço\",AC$12<>0,$H23>0,OR(AUTOEVENTO<>\"manual\",$M23<>$A$15)),\n        IF(Import.TipoArredondamento<>\"TransfereGOV\",\n              ROUND(OFFSET($P23,0,AC$13),15-13*ORÇAMENTO!$AF$7)/$H23*OFFSET(ORÇAMENTO!$X$15,ROW(AC23)-ROW(AC$15),0),\n              ROUND(ROUND(OFFSET($P23,0,AC$13),15-13*ORÇAMENTO!$AF$7)*OFFSET(ORÇAMENTO!$W$15,ROW(AC23)-ROW(AC$15),0),15-13*ORÇAMENTO!$AF$11)),\n         0)","v":0},{"$f":"IF(AND($D23=\"Serviço\",AD$12<>0,$H23>0,OR(AUTOEVENTO<>\"manual\",$M23<>$A$15)),\n        IF(Import.TipoArredondamento<>\"TransfereGOV\",\n              ROUND(OFFSET($P23,0,AD$13),15-13*ORÇAMENTO!$AF$7)/$H23*OFFSET(ORÇAMENTO!$X$15,ROW(AD23)-ROW(AD$15),0),\n              ROUND(ROUND(OFFSET($P23,0,AD$13),15-13*ORÇAMENTO!$AF$7)*OFFSET(ORÇAMENTO!$W$15,ROW(AD23)-ROW(AD$15),0),15-13*ORÇAMENTO!$AF$11)),\n         0)","v":0},{"$f":"IF(AND($D23=\"Serviço\",AE$12<>0,$H23>0,OR(AUTOEVENTO<>\"manual\",$M23<>$A$15)),\n        IF(Import.TipoArredondamento<>\"TransfereGOV\",\n              ROUND(OFFSET($P23,0,AE$13),15-13*ORÇAMENTO!$AF$7)/$H23*OFFSET(ORÇAMENTO!$X$15,ROW(AE23)-ROW(AE$15),0),\n              ROUND(ROUND(OFFSET($P23,0,AE$13),15-13*ORÇAMENTO!$AF$7)*OFFSET(ORÇAMENTO!$W$15,ROW(AE23)-ROW(AE$15),0),15-13*ORÇAMENTO!$AF$11)),\n         0)","v":0},{"$f":"IF(AND($D23=\"Serviço\",AF$12<>0,$H23>0,OR(AUTOEVENTO<>\"manual\",$M23<>$A$15)),\n        IF(Import.TipoArredondamento<>\"TransfereGOV\",\n              ROUND(OFFSET($P23,0,AF$13),15-13*ORÇAMENTO!$AF$7)/$H23*OFFSET(ORÇAMENTO!$X$15,ROW(AF23)-ROW(AF$15),0),\n              ROUND(ROUND(OFFSET($P23,0,AF$13),15-13*ORÇAMENTO!$AF$7)*OFFSET(ORÇAMENTO!$W$15,ROW(AF23)-ROW(AF$15),0),15-13*ORÇAMENTO!$AF$11)),\n         0)","v":0},{"$f":"IF(AND($D23=\"Serviço\",AG$12<>0,$H23>0,OR(AUTOEVENTO<>\"manual\",$M23<>$A$15)),\n        IF(Import.TipoArredondamento<>\"TransfereGOV\",\n              ROUND(OFFSET($P23,0,AG$13),15-13*ORÇAMENTO!$AF$7)/$H23*OFFSET(ORÇAMENTO!$X$15,ROW(AG23)-ROW(AG$15),0),\n              ROUND(ROUND(OFFSET($P23,0,AG$13),15-13*ORÇAMENTO!$AF$7)*OFFSET(ORÇAMENTO!$W$15,ROW(AG23)-ROW(AG$15),0),15-13*ORÇAMENTO!$AF$11)),\n         0)","v":0},{"$f":"IF(AND($D23=\"Serviço\",AH$12<>0,$H23>0,OR(AUTOEVENTO<>\"manual\",$M23<>$A$15)),\n        IF(Import.TipoArredondamento<>\"TransfereGOV\",\n              ROUND(OFFSET($P23,0,AH$13),15-13*ORÇAMENTO!$AF$7)/$H23*OFFSET(ORÇAMENTO!$X$15,ROW(AH23)-ROW(AH$15),0),\n              ROUND(ROUND(OFFSET($P23,0,AH$13),15-13*ORÇAMENTO!$AF$7)*OFFSET(ORÇAMENTO!$W$15,ROW(AH23)-ROW(AH$15),0),15-13*ORÇAMENTO!$AF$11)),\n         0)","v":0},{"$f":"IF(AND($D23=\"Serviço\",AI$12<>0,$H23>0,OR(AUTOEVENTO<>\"manual\",$M23<>$A$15)),\n        IF(Import.TipoArredondamento<>\"TransfereGOV\",\n              ROUND(OFFSET($P23,0,AI$13),15-13*ORÇAMENTO!$AF$7)/$H23*OFFSET(ORÇAMENTO!$X$15,ROW(AI23)-ROW(AI$15),0),\n              ROUND(ROUND(OFFSET($P23,0,AI$13),15-13*ORÇAMENTO!$AF$7)*OFFSET(ORÇAMENTO!$W$15,ROW(AI23)-ROW(AI$15),0),15-13*ORÇAMENTO!$AF$11)),\n         0)","v":0},{"$f":"IF(AND($D23=\"Serviço\",AJ$12<>0,$H23>0,OR(AUTOEVENTO<>\"manual\",$M23<>$A$15)),\n        IF(Import.TipoArredondamento<>\"TransfereGOV\",\n              ROUND(OFFSET($P23,0,AJ$13),15-13*ORÇAMENTO!$AF$7)/$H23*OFFSET(ORÇAMENTO!$X$15,ROW(AJ23)-ROW(AJ$15),0),\n              ROUND(ROUND(OFFSET($P23,0,AJ$13),15-13*ORÇAMENTO!$AF$7)*OFFSET(ORÇAMENTO!$W$15,ROW(AJ23)-ROW(AJ$15),0),15-13*ORÇAMENTO!$AF$11)),\n         0)","v":0},{"$f":"IF(AND($D23=\"Serviço\",AK$12<>0,$H23>0,OR(AUTOEVENTO<>\"manual\",$M23<>$A$15)),\n        IF(Import.TipoArredondamento<>\"TransfereGOV\",\n              ROUND(OFFSET($P23,0,AK$13),15-13*ORÇAMENTO!$AF$7)/$H23*OFFSET(ORÇAMENTO!$X$15,ROW(AK23)-ROW(AK$15),0),\n              ROUND(ROUND(OFFSET($P23,0,AK$13),15-13*ORÇAMENTO!$AF$7)*OFFSET(ORÇAMENTO!$W$15,ROW(AK23)-ROW(AK$15),0),15-13*ORÇAMENTO!$AF$11)),\n         0)","v":0},null,{"$f":"IF(OR($D23<>\"Serviço\",AND(AUTOEVENTO=\"Manual\",$M23=$A$15)),0,\n         IF(OFFSET(CRONOPLE!$F$15,$M23-$A$15,AM$13)=0,10^12,OFFSET(CRONOPLE!$F$15,$M23-$A$15,AM$13)))","v":1},{"$f":"IF(OR($D23<>\"Serviço\",AND(AUTOEVENTO=\"Manual\",$M23=$A$15)),0,\n         IF(OFFSET(CRONOPLE!$F$15,$M23-$A$15,AN$13)=0,10^12,OFFSET(CRONOPLE!$F$15,$M23-$A$15,AN$13)))","v":1000000000000},{"$f":"IF(OR($D23<>\"Serviço\",AND(AUTOEVENTO=\"Manual\",$M23=$A$15)),0,\n         IF(OFFSET(CRONOPLE!$F$15,$M23-$A$15,AO$13)=0,10^12,OFFSET(CRONOPLE!$F$15,$M23-$A$15,AO$13)))","v":1000000000000},{"$f":"IF(OR($D23<>\"Serviço\",AND(AUTOEVENTO=\"Manual\",$M23=$A$15)),0,\n         IF(OFFSET(CRONOPLE!$F$15,$M23-$A$15,AP$13)=0,10^12,OFFSET(CRONOPLE!$F$15,$M23-$A$15,AP$13)))","v":1000000000000},{"$f":"IF(OR($D23<>\"Serviço\",AND(AUTOEVENTO=\"Manual\",$M23=$A$15)),0,\n         IF(OFFSET(CRONOPLE!$F$15,$M23-$A$15,AQ$13)=0,10^12,OFFSET(CRONOPLE!$F$15,$M23-$A$15,AQ$13)))","v":1000000000000},{"$f":"IF(OR($D23<>\"Serviço\",AND(AUTOEVENTO=\"Manual\",$M23=$A$15)),0,\n         IF(OFFSET(CRONOPLE!$F$15,$M23-$A$15,AR$13)=0,10^12,OFFSET(CRONOPLE!$F$15,$M23-$A$15,AR$13)))","v":1000000000000},{"$f":"IF(OR($D23<>\"Serviço\",AND(AUTOEVENTO=\"Manual\",$M23=$A$15)),0,\n         IF(OFFSET(CRONOPLE!$F$15,$M23-$A$15,AS$13)=0,10^12,OFFSET(CRONOPLE!$F$15,$M23-$A$15,AS$13)))","v":1000000000000},{"$f":"IF(OR($D23<>\"Serviço\",AND(AUTOEVENTO=\"Manual\",$M23=$A$15)),0,\n         IF(OFFSET(CRONOPLE!$F$15,$M23-$A$15,AT$13)=0,10^12,OFFSET(CRONOPLE!$F$15,$M23-$A$15,AT$13)))","v":1000000000000},{"$f":"IF(OR($D23<>\"Serviço\",AND(AUTOEVENTO=\"Manual\",$M23=$A$15)),0,\n         IF(OFFSET(CRONOPLE!$F$15,$M23-$A$15,AU$13)=0,10^12,OFFSET(CRONOPLE!$F$15,$M23-$A$15,AU$13)))","v":1000000000000},{"$f":"IF(OR($D23<>\"Serviço\",AND(AUTOEVENTO=\"Manual\",$M23=$A$15)),0,\n         IF(OFFSET(CRONOPLE!$F$15,$M23-$A$15,AV$13)=0,10^12,OFFSET(CRONOPLE!$F$15,$M23-$A$15,AV$13)))","v":1000000000000},null,{"$f":"IF(OR($D23<>\"Serviço\",AND(AUTOEVENTO=\"Manual\",$M23=$A$15),$M23>(ROW(PLE.lastrow)-ROW(PLE.firstrow))),0,\n           IF(OFFSET(PLE!$G$15,$M23-$A$15,AX$13)=\"\",10^12,OFFSET(PLE!$G$15,$M23-$A$15,AX$13)))","v":1000000000000},{"$f":"IF(OR($D23<>\"Serviço\",AND(AUTOEVENTO=\"Manual\",$M23=$A$15),$M23>(ROW(PLE.lastrow)-ROW(PLE.firstrow))),0,\n           IF(OFFSET(PLE!$G$15,$M23-$A$15,AY$13)=\"\",10^12,OFFSET(PLE!$G$15,$M23-$A$15,AY$13)))","v":1000000000000},{"$f":"IF(OR($D23<>\"Serviço\",AND(AUTOEVENTO=\"Manual\",$M23=$A$15),$M23>(ROW(PLE.lastrow)-ROW(PLE.firstrow))),0,\n           IF(OFFSET(PLE!$G$15,$M23-$A$15,AZ$13)=\"\",10^12,OFFSET(PLE!$G$15,$M23-$A$15,AZ$13)))","v":1000000000000},{"$f":"IF(OR($D23<>\"Serviço\",AND(AUTOEVENTO=\"Manual\",$M23=$A$15),$M23>(ROW(PLE.lastrow)-ROW(PLE.firstrow))),0,\n           IF(OFFSET(PLE!$G$15,$M23-$A$15,BA$13)=\"\",10^12,OFFSET(PLE!$G$15,$M23-$A$15,BA$13)))","v":1000000000000},{"$f":"IF(OR($D23<>\"Serviço\",AND(AUTOEVENTO=\"Manual\",$M23=$A$15),$M23>(ROW(PLE.lastrow)-ROW(PLE.firstrow))),0,\n           IF(OFFSET(PLE!$G$15,$M23-$A$15,BB$13)=\"\",10^12,OFFSET(PLE!$G$15,$M23-$A$15,BB$13)))","v":1000000000000},{"$f":"IF(OR($D23<>\"Serviço\",AND(AUTOEVENTO=\"Manual\",$M23=$A$15),$M23>(ROW(PLE.lastrow)-ROW(PLE.firstrow))),0,\n           IF(OFFSET(PLE!$G$15,$M23-$A$15,BC$13)=\"\",10^12,OFFSET(PLE!$G$15,$M23-$A$15,BC$13)))","v":1000000000000},{"$f":"IF(OR($D23<>\"Serviço\",AND(AUTOEVENTO=\"Manual\",$M23=$A$15),$M23>(ROW(PLE.lastrow)-ROW(PLE.firstrow))),0,\n           IF(OFFSET(PLE!$G$15,$M23-$A$15,BD$13)=\"\",10^12,OFFSET(PLE!$G$15,$M23-$A$15,BD$13)))","v":1000000000000},{"$f":"IF(OR($D23<>\"Serviço\",AND(AUTOEVENTO=\"Manual\",$M23=$A$15),$M23>(ROW(PLE.lastrow)-ROW(PLE.firstrow))),0,\n           IF(OFFSET(PLE!$G$15,$M23-$A$15,BE$13)=\"\",10^12,OFFSET(PLE!$G$15,$M23-$A$15,BE$13)))","v":1000000000000},{"$f":"IF(OR($D23<>\"Serviço\",AND(AUTOEVENTO=\"Manual\",$M23=$A$15),$M23>(ROW(PLE.lastrow)-ROW(PLE.firstrow))),0,\n           IF(OFFSET(PLE!$G$15,$M23-$A$15,BF$13)=\"\",10^12,OFFSET(PLE!$G$15,$M23-$A$15,BF$13)))","v":1000000000000},{"$f":"IF(OR($D23<>\"Serviço\",AND(AUTOEVENTO=\"Manual\",$M23=$A$15),$M23>(ROW(PLE.lastrow)-ROW(PLE.firstrow))),0,\n           IF(OFFSET(PLE!$G$15,$M23-$A$15,BG$13)=\"\",10^12,OFFSET(PLE!$G$15,$M23-$A$15,BG$13)))","v":1000000000000}]
["2",{"$f":"OFFSET(ORÇAMENTO!C$15,ROW(B24)-ROW(B$15),0)","v":"S"},{"$f":"OFFSET(ORÇAMENTO!L$15,ROW(C24)-ROW(C$15),0)","v":"F"},{"$f":"OFFSET(ORÇAMENTO!N$15,ROW(D24)-ROW(D$15),0)","v":"Serviço"},{"$f":"OFFSET(ORÇAMENTO!O$15,ROW(E24)-ROW(E$15),0)","v":"1.1.0.7."},{"$f":"OFFSET(ORÇAMENTO!R$15,ROW(F24)-ROW(F$15),0)","v":"ENCARREGADO GERAL DE OBRAS (MENSALISTA)"},{"$f":"IF($D24<>\"Serviço\",\"\",OFFSET(ORÇAMENTO!S$15,ROW(G24)-ROW(G$15),0))","v":"MES"},{"$f":"IF($D24<>\"Serviço\",0,IF(ACOMPANHAMENTO=\"BM\",ROUND(OFFSET(ORÇAMENTO!AJ$15,ROW(H24)-ROW(H$15),0),15-13*ORÇAMENTO!$AF$7),SUMPRODUCT(($Q$1:$AA$1=1)*ROUND($Q24:$AA24,15-13*ORÇAMENTO!$AF$7))))","v":2},null,{"$f":"IF(OR(B24<>\"S\",CÁLCULO.FrentesPreenchidas=0),\"\",IF(AND(ACOMPANHAMENTO=\"PLE\",AUTOEVENTO=\"Manual\",OR(H24>0,ORÇAMENTO!AC24=\"QUANT.\"),OR(K24=\"\",M24=0,N24=\"\")),\"►E\",IF(AND(ACOMPANHAMENTO=\"PLE\",ORÇAMENTO!AC24=\"QUANT.\"),\"►Q\",IF(AND(ACOMPANHAMENTO=\"PLE\",H24<>SUMPRODUCT(($Q$1:$AA$1=1)*ROUND(Q24:AA24,15))),\"►S\",IF(AND(COUNTIF($P$11:$AA$11,\"▼\")=0,H24>0,I24=\"\"),\"◄M\",\"\")))))","v":{"$error":"#NAME?"}},"1. Rede de Distribuição PVC",".",{"$f":"IF($D24<>\"Serviço\",\"\",\n          IF(AUTOEVENTO=\"manual\",$A24,\n                IF(ISERROR(MATCH($A24,$A$15:OFFSET($A24,-1,0),0)),MAX($M$15:OFFSET(M24,-1,0))+1,\n                      INDEX($M$15:OFFSET(M24,-1,0),MATCH($A24,$A$15:OFFSET($A24,-1,0),0)))))","v":1},{"$f":"IF($D24<>\"Serviço\",\"\",\n         IF(AUTOEVENTO=\"Manual\",\n                IF($A24=0,\"<-- defina o número do agrupador\",\n                       OFFSET(EVENTOS!$D$15,$A24-$A$15,0)),\n                OFFSET($F$15,$A24,0)))","v":"CANTEIRO DE OBRAS"},null,null,2,null,null,null,null,null,null,null,null,null,null,{"$f":"IF(AND($D24=\"Serviço\",AB$12<>0,$H24>0,OR(AUTOEVENTO<>\"manual\",$M24<>$A$15)),\n        IF(Import.TipoArredondamento<>\"TransfereGOV\",\n              ROUND(OFFSET($P24,0,AB$13),15-13*ORÇAMENTO!$AF$7)/$H24*OFFSET(ORÇAMENTO!$X$15,ROW(AB24)-ROW(AB$15),0),\n              ROUND(ROUND(OFFSET($P24,0,AB$13),15-13*ORÇAMENTO!$AF$7)*OFFSET(ORÇAMENTO!$W$15,ROW(AB24)-ROW(AB$15),0),15-13*ORÇAMENTO!$AF$11)),\n         0)","v":15310.96},{"$f":"IF(AND($D24=\"Serviço\",AC$12<>0,$H24>0,OR(AUTOEVENTO<>\"manual\",$M24<>$A$15)),\n        IF(Import.TipoArredondamento<>\"TransfereGOV\",\n              ROUND(OFFSET($P24,0,AC$13),15-13*ORÇAMENTO!$AF$7)/$H24*OFFSET(ORÇAMENTO!$X$15,ROW(AC24)-ROW(AC$15),0),\n              ROUND(ROUND(OFFSET($P24,0,AC$13),15-13*ORÇAMENTO!$AF$7)*OFFSET(ORÇAMENTO!$W$15,ROW(AC24)-ROW(AC$15),0),15-13*ORÇAMENTO!$AF$11)),\n         0)","v":0},{"$f":"IF(AND($D24=\"Serviço\",AD$12<>0,$H24>0,OR(AUTOEVENTO<>\"manual\",$M24<>$A$15)),\n        IF(Import.TipoArredondamento<>\"TransfereGOV\",\n              ROUND(OFFSET($P24,0,AD$13),15-13*ORÇAMENTO!$AF$7)/$H24*OFFSET(ORÇAMENTO!$X$15,ROW(AD24)-ROW(AD$15),0),\n              ROUND(ROUND(OFFSET($P24,0,AD$13),15-13*ORÇAMENTO!$AF$7)*OFFSET(ORÇAMENTO!$W$15,ROW(AD24)-ROW(AD$15),0),15-13*ORÇAMENTO!$AF$11)),\n         0)","v":0},{"$f":"IF(AND($D24=\"Serviço\",AE$12<>0,$H24>0,OR(AUTOEVENTO<>\"manual\",$M24<>$A$15)),\n        IF(Import.TipoArredondamento<>\"TransfereGOV\",\n              ROUND(OFFSET($P24,0,AE$13),15-13*ORÇAMENTO!$AF$7)/$H24*OFFSET(ORÇAMENTO!$X$15,ROW(AE24)-ROW(AE$15),0),\n              ROUND(ROUND(OFFSET($P24,0,AE$13),15-13*ORÇAMENTO!$AF$7)*OFFSET(ORÇAMENTO!$W$15,ROW(AE24)-ROW(AE$15),0),15-13*ORÇAMENTO!$AF$11)),\n         0)","v":0},{"$f":"IF(AND($D24=\"Serviço\",AF$12<>0,$H24>0,OR(AUTOEVENTO<>\"manual\",$M24<>$A$15)),\n        IF(Import.TipoArredondamento<>\"TransfereGOV\",\n              ROUND(OFFSET($P24,0,AF$13),15-13*ORÇAMENTO!$AF$7)/$H24*OFFSET(ORÇAMENTO!$X$15,ROW(AF24)-ROW(AF$15),0),\n              ROUND(ROUND(OFFSET($P24,0,AF$13),15-13*ORÇAMENTO!$AF$7)*OFFSET(ORÇAMENTO!$W$15,ROW(AF24)-ROW(AF$15),0),15-13*ORÇAMENTO!$AF$11)),\n         0)","v":0},{"$f":"IF(AND($D24=\"Serviço\",AG$12<>0,$H24>0,OR(AUTOEVENTO<>\"manual\",$M24<>$A$15)),\n        IF(Import.TipoArredondamento<>\"TransfereGOV\",\n              ROUND(OFFSET($P24,0,AG$13),15-13*ORÇAMENTO!$AF$7)/$H24*OFFSET(ORÇAMENTO!$X$15,ROW(AG24)-ROW(AG$15),0),\n              ROUND(ROUND(OFFSET($P24,0,AG$13),15-13*ORÇAMENTO!$AF$7)*OFFSET(ORÇAMENTO!$W$15,ROW(AG24)-ROW(AG$15),0),15-13*ORÇAMENTO!$AF$11)),\n         0)","v":0},{"$f":"IF(AND($D24=\"Serviço\",AH$12<>0,$H24>0,OR(AUTOEVENTO<>\"manual\",$M24<>$A$15)),\n        IF(Import.TipoArredondamento<>\"TransfereGOV\",\n              ROUND(OFFSET($P24,0,AH$13),15-13*ORÇAMENTO!$AF$7)/$H24*OFFSET(ORÇAMENTO!$X$15,ROW(AH24)-ROW(AH$15),0),\n              ROUND(ROUND(OFFSET($P24,0,AH$13),15-13*ORÇAMENTO!$AF$7)*OFFSET(ORÇAMENTO!$W$15,ROW(AH24)-ROW(AH$15),0),15-13*ORÇAMENTO!$AF$11)),\n         0)","v":0},{"$f":"IF(AND($D24=\"Serviço\",AI$12<>0,$H24>0,OR(AUTOEVENTO<>\"manual\",$M24<>$A$15)),\n        IF(Import.TipoArredondamento<>\"TransfereGOV\",\n              ROUND(OFFSET($P24,0,AI$13),15-13*ORÇAMENTO!$AF$7)/$H24*OFFSET(ORÇAMENTO!$X$15,ROW(AI24)-ROW(AI$15),0),\n              ROUND(ROUND(OFFSET($P24,0,AI$13),15-13*ORÇAMENTO!$AF$7)*OFFSET(ORÇAMENTO!$W$15,ROW(AI24)-ROW(AI$15),0),15-13*ORÇAMENTO!$AF$11)),\n         0)","v":0},{"$f":"IF(AND($D24=\"Serviço\",AJ$12<>0,$H24>0,OR(AUTOEVENTO<>\"manual\",$M24<>$A$15)),\n        IF(Import.TipoArredondamento<>\"TransfereGOV\",\n              ROUND(OFFSET($P24,0,AJ$13),15-13*ORÇAMENTO!$AF$7)/$H24*OFFSET(ORÇAMENTO!$X$15,ROW(AJ24)-ROW(AJ$15),0),\n              ROUND(ROUND(OFFSET($P24,0,AJ$13),15-13*ORÇAMENTO!$AF$7)*OFFSET(ORÇAMENTO!$W$15,ROW(AJ24)-ROW(AJ$15),0),15-13*ORÇAMENTO!$AF$11)),\n         0)","v":0},{"$f":"IF(AND($D24=\"Serviço\",AK$12<>0,$H24>0,OR(AUTOEVENTO<>\"manual\",$M24<>$A$15)),\n        IF(Import.TipoArredondamento<>\"TransfereGOV\",\n              ROUND(OFFSET($P24,0,AK$13),15-13*ORÇAMENTO!$AF$7)/$H24*OFFSET(ORÇAMENTO!$X$15,ROW(AK24)-ROW(AK$15),0),\n              ROUND(ROUND(OFFSET($P24,0,AK$13),15-13*ORÇAMENTO!$AF$7)*OFFSET(ORÇAMENTO!$W$15,ROW(AK24)-ROW(AK$15),0),15-13*ORÇAMENTO!$AF$11)),\n         0)","v":0},null,{"$f":"IF(OR($D24<>\"Serviço\",AND(AUTOEVENTO=\"Manual\",$M24=$A$15)),0,\n         IF(OFFSET(CRONOPLE!$F$15,$M24-$A$15,AM$13)=0,10^12,OFFSET(CRONOPLE!$F$15,$M24-$A$15,AM$13)))","v":1},{"$f":"IF(OR($D24<>\"Serviço\",AND(AUTOEVENTO=\"Manual\",$M24=$A$15)),0,\n         IF(OFFSET(CRONOPLE!$F$15,$M24-$A$15,AN$13)=0,10^12,OFFSET(CRONOPLE!$F$15,$M24-$A$15,AN$13)))","v":1000000000000},{"$f":"IF(OR($D24<>\"Serviço\",AND(AUTOEVENTO=\"Manual\",$M24=$A$15)),0,\n         IF(OFFSET(CRONOPLE!$F$15,$M24-$A$15,AO$13)=0,10^12,OFFSET(CRONOPLE!$F$15,$M24-$A$15,AO$13)))","v":1000000000000},{"$f":"IF(OR($D24<>\"Serviço\",AND(AUTOEVENTO=\"Manual\",$M24=$A$15)),0,\n         IF(OFFSET(CRONOPLE!$F$15,$M24-$A$15,AP$13)=0,10^12,OFFSET(CRONOPLE!$F$15,$M24-$A$15,AP$13)))","v":1000000000000},{"$f":"IF(OR($D24<>\"Serviço\",AND(AUTOEVENTO=\"Manual\",$M24=$A$15)),0,\n         IF(OFFSET(CRONOPLE!$F$15,$M24-$A$15,AQ$13)=0,10^12,OFFSET(CRONOPLE!$F$15,$M24-$A$15,AQ$13)))","v":1000000000000},{"$f":"IF(OR($D24<>\"Serviço\",AND(AUTOEVENTO=\"Manual\",$M24=$A$15)),0,\n         IF(OFFSET(CRONOPLE!$F$15,$M24-$A$15,AR$13)=0,10^12,OFFSET(CRONOPLE!$F$15,$M24-$A$15,AR$13)))","v":1000000000000},{"$f":"IF(OR($D24<>\"Serviço\",AND(AUTOEVENTO=\"Manual\",$M24=$A$15)),0,\n         IF(OFFSET(CRONOPLE!$F$15,$M24-$A$15,AS$13)=0,10^12,OFFSET(CRONOPLE!$F$15,$M24-$A$15,AS$13)))","v":1000000000000},{"$f":"IF(OR($D24<>\"Serviço\",AND(AUTOEVENTO=\"Manual\",$M24=$A$15)),0,\n         IF(OFFSET(CRONOPLE!$F$15,$M24-$A$15,AT$13)=0,10^12,OFFSET(CRONOPLE!$F$15,$M24-$A$15,AT$13)))","v":1000000000000},{"$f":"IF(OR($D24<>\"Serviço\",AND(AUTOEVENTO=\"Manual\",$M24=$A$15)),0,\n         IF(OFFSET(CRONOPLE!$F$15,$M24-$A$15,AU$13)=0,10^12,OFFSET(CRONOPLE!$F$15,$M24-$A$15,AU$13)))","v":1000000000000},{"$f":"IF(OR($D24<>\"Serviço\",AND(AUTOEVENTO=\"Manual\",$M24=$A$15)),0,\n         IF(OFFSET(CRONOPLE!$F$15,$M24-$A$15,AV$13)=0,10^12,OFFSET(CRONOPLE!$F$15,$M24-$A$15,AV$13)))","v":1000000000000},null,{"$f":"IF(OR($D24<>\"Serviço\",AND(AUTOEVENTO=\"Manual\",$M24=$A$15),$M24>(ROW(PLE.lastrow)-ROW(PLE.firstrow))),0,\n           IF(OFFSET(PLE!$G$15,$M24-$A$15,AX$13)=\"\",10^12,OFFSET(PLE!$G$15,$M24-$A$15,AX$13)))","v":1000000000000},{"$f":"IF(OR($D24<>\"Serviço\",AND(AUTOEVENTO=\"Manual\",$M24=$A$15),$M24>(ROW(PLE.lastrow)-ROW(PLE.firstrow))),0,\n           IF(OFFSET(PLE!$G$15,$M24-$A$15,AY$13)=\"\",10^12,OFFSET(PLE!$G$15,$M24-$A$15,AY$13)))","v":1000000000000},{"$f":"IF(OR($D24<>\"Serviço\",AND(AUTOEVENTO=\"Manual\",$M24=$A$15),$M24>(ROW(PLE.lastrow)-ROW(PLE.firstrow))),0,\n           IF(OFFSET(PLE!$G$15,$M24-$A$15,AZ$13)=\"\",10^12,OFFSET(PLE!$G$15,$M24-$A$15,AZ$13)))","v":1000000000000},{"$f":"IF(OR($D24<>\"Serviço\",AND(AUTOEVENTO=\"Manual\",$M24=$A$15),$M24>(ROW(PLE.lastrow)-ROW(PLE.firstrow))),0,\n           IF(OFFSET(PLE!$G$15,$M24-$A$15,BA$13)=\"\",10^12,OFFSET(PLE!$G$15,$M24-$A$15,BA$13)))","v":1000000000000},{"$f":"IF(OR($D24<>\"Serviço\",AND(AUTOEVENTO=\"Manual\",$M24=$A$15),$M24>(ROW(PLE.lastrow)-ROW(PLE.firstrow))),0,\n           IF(OFFSET(PLE!$G$15,$M24-$A$15,BB$13)=\"\",10^12,OFFSET(PLE!$G$15,$M24-$A$15,BB$13)))","v":1000000000000},{"$f":"IF(OR($D24<>\"Serviço\",AND(AUTOEVENTO=\"Manual\",$M24=$A$15),$M24>(ROW(PLE.lastrow)-ROW(PLE.firstrow))),0,\n           IF(OFFSET(PLE!$G$15,$M24-$A$15,BC$13)=\"\",10^12,OFFSET(PLE!$G$15,$M24-$A$15,BC$13)))","v":1000000000000},{"$f":"IF(OR($D24<>\"Serviço\",AND(AUTOEVENTO=\"Manual\",$M24=$A$15),$M24>(ROW(PLE.lastrow)-ROW(PLE.firstrow))),0,\n           IF(OFFSET(PLE!$G$15,$M24-$A$15,BD$13)=\"\",10^12,OFFSET(PLE!$G$15,$M24-$A$15,BD$13)))","v":1000000000000},{"$f":"IF(OR($D24<>\"Serviço\",AND(AUTOEVENTO=\"Manual\",$M24=$A$15),$M24>(ROW(PLE.lastrow)-ROW(PLE.firstrow))),0,\n           IF(OFFSET(PLE!$G$15,$M24-$A$15,BE$13)=\"\",10^12,OFFSET(PLE!$G$15,$M24-$A$15,BE$13)))","v":1000000000000},{"$f":"IF(OR($D24<>\"Serviço\",AND(AUTOEVENTO=\"Manual\",$M24=$A$15),$M24>(ROW(PLE.lastrow)-ROW(PLE.firstrow))),0,\n           IF(OFFSET(PLE!$G$15,$M24-$A$15,BF$13)=\"\",10^12,OFFSET(PLE!$G$15,$M24-$A$15,BF$13)))","v":1000000000000},{"$f":"IF(OR($D24<>\"Serviço\",AND(AUTOEVENTO=\"Manual\",$M24=$A$15),$M24>(ROW(PLE.lastrow)-ROW(PLE.firstrow))),0,\n           IF(OFFSET(PLE!$G$15,$M24-$A$15,BG$13)=\"\",10^12,OFFSET(PLE!$G$15,$M24-$A$15,BG$13)))","v":1000000000000}]
["10.",{"$f":"OFFSET(ORÇAMENTO!C$15,ROW(B25)-ROW(B$15),0)","v":2},{"$f":"OFFSET(ORÇAMENTO!L$15,ROW(C25)-ROW(C$15),0)","v":"F"},{"$f":"OFFSET(ORÇAMENTO!N$15,ROW(D25)-ROW(D$15),0)","v":"Nível 2"},{"$f":"OFFSET(ORÇAMENTO!O$15,ROW(E25)-ROW(E$15),0)","v":"1.2."},{"$f":"OFFSET(ORÇAMENTO!R$15,ROW(F25)-ROW(F$15),0)","v":"REDE DE DISTRUIBUIÇÃO"},{"$f":"IF($D25<>\"Serviço\",\"\",OFFSET(ORÇAMENTO!S$15,ROW(G25)-ROW(G$15),0))","v":""},{"$f":"IF($D25<>\"Serviço\",0,IF(ACOMPANHAMENTO=\"BM\",ROUND(OFFSET(ORÇAMENTO!AJ$15,ROW(H25)-ROW(H$15),0),15-13*ORÇAMENTO!$AF$7),SUMPRODUCT(($Q$1:$AA$1=1)*ROUND($Q25:$AA25,15-13*ORÇAMENTO!$AF$7))))","v":0},null,{"$f":"IF(OR(B25<>\"S\",CÁLCULO.FrentesPreenchidas=0),\"\",IF(AND(ACOMPANHAMENTO=\"PLE\",AUTOEVENTO=\"Manual\",OR(H25>0,ORÇAMENTO!AC25=\"QUANT.\"),OR(K25=\"\",M25=0,N25=\"\")),\"►E\",IF(AND(ACOMPANHAMENTO=\"PLE\",ORÇAMENTO!AC25=\"QUANT.\"),\"►Q\",IF(AND(ACOMPANHAMENTO=\"PLE\",H25<>SUMPRODUCT(($Q$1:$AA$1=1)*ROUND(Q25:AA25,15))),\"►S\",IF(AND(COUNTIF($P$11:$AA$11,\"▼\")=0,H25>0,I25=\"\"),\"◄M\",\"\")))))","v":""},null,".",{"$f":"IF($D25<>\"Serviço\",\"\",\n          IF(AUTOEVENTO=\"manual\",$A25,\n                IF(ISERROR(MATCH($A25,$A$15:OFFSET($A25,-1,0),0)),MAX($M$15:OFFSET(M25,-1,0))+1,\n                      INDEX($M$15:OFFSET(M25,-1,0),MATCH($A25,$A$15:OFFSET($A25,-1,0),0)))))","v":""},{"$f":"IF($D25<>\"Serviço\",\"\",\n         IF(AUTOEVENTO=\"Manual\",\n                IF($A25=0,\"<-- defina o número do agrupador\",\n                       OFFSET(EVENTOS!$D$15,$A25-$A$15,0)),\n                OFFSET($F$15,$A25,0)))","v":""},null,null,null,null,null,null,null,null,null,null,null,null,null,{"$f":"IF(AND($D25=\"Serviço\",AB$12<>0,$H25>0,OR(AUTOEVENTO<>\"manual\",$M25<>$A$15)),\n        IF(Import.TipoArredondamento<>\"TransfereGOV\",\n              ROUND(OFFSET($P25,0,AB$13),15-13*ORÇAMENTO!$AF$7)/$H25*OFFSET(ORÇAMENTO!$X$15,ROW(AB25)-ROW(AB$15),0),\n              ROUND(ROUND(OFFSET($P25,0,AB$13),15-13*ORÇAMENTO!$AF$7)*OFFSET(ORÇAMENTO!$W$15,ROW(AB25)-ROW(AB$15),0),15-13*ORÇAMENTO!$AF$11)),\n         0)","v":0},{"$f":"IF(AND($D25=\"Serviço\",AC$12<>0,$H25>0,OR(AUTOEVENTO<>\"manual\",$M25<>$A$15)),\n        IF(Import.TipoArredondamento<>\"TransfereGOV\",\n              ROUND(OFFSET($P25,0,AC$13),15-13*ORÇAMENTO!$AF$7)/$H25*OFFSET(ORÇAMENTO!$X$15,ROW(AC25)-ROW(AC$15),0),\n              ROUND(ROUND(OFFSET($P25,0,AC$13),15-13*ORÇAMENTO!$AF$7)*OFFSET(ORÇAMENTO!$W$15,ROW(AC25)-ROW(AC$15),0),15-13*ORÇAMENTO!$AF$11)),\n         0)","v":0},{"$f":"IF(AND($D25=\"Serviço\",AD$12<>0,$H25>0,OR(AUTOEVENTO<>\"manual\",$M25<>$A$15)),\n        IF(Import.TipoArredondamento<>\"TransfereGOV\",\n              ROUND(OFFSET($P25,0,AD$13),15-13*ORÇAMENTO!$AF$7)/$H25*OFFSET(ORÇAMENTO!$X$15,ROW(AD25)-ROW(AD$15),0),\n              ROUND(ROUND(OFFSET($P25,0,AD$13),15-13*ORÇAMENTO!$AF$7)*OFFSET(ORÇAMENTO!$W$15,ROW(AD25)-ROW(AD$15),0),15-13*ORÇAMENTO!$AF$11)),\n         0)","v":0},{"$f":"IF(AND($D25=\"Serviço\",AE$12<>0,$H25>0,OR(AUTOEVENTO<>\"manual\",$M25<>$A$15)),\n        IF(Import.TipoArredondamento<>\"TransfereGOV\",\n              ROUND(OFFSET($P25,0,AE$13),15-13*ORÇAMENTO!$AF$7)/$H25*OFFSET(ORÇAMENTO!$X$15,ROW(AE25)-ROW(AE$15),0),\n              ROUND(ROUND(OFFSET($P25,0,AE$13),15-13*ORÇAMENTO!$AF$7)*OFFSET(ORÇAMENTO!$W$15,ROW(AE25)-ROW(AE$15),0),15-13*ORÇAMENTO!$AF$11)),\n         0)","v":0},{"$f":"IF(AND($D25=\"Serviço\",AF$12<>0,$H25>0,OR(AUTOEVENTO<>\"manual\",$M25<>$A$15)),\n        IF(Import.TipoArredondamento<>\"TransfereGOV\",\n              ROUND(OFFSET($P25,0,AF$13),15-13*ORÇAMENTO!$AF$7)/$H25*OFFSET(ORÇAMENTO!$X$15,ROW(AF25)-ROW(AF$15),0),\n              ROUND(ROUND(OFFSET($P25,0,AF$13),15-13*ORÇAMENTO!$AF$7)*OFFSET(ORÇAMENTO!$W$15,ROW(AF25)-ROW(AF$15),0),15-13*ORÇAMENTO!$AF$11)),\n         0)","v":0},{"$f":"IF(AND($D25=\"Serviço\",AG$12<>0,$H25>0,OR(AUTOEVENTO<>\"manual\",$M25<>$A$15)),\n        IF(Import.TipoArredondamento<>\"TransfereGOV\",\n              ROUND(OFFSET($P25,0,AG$13),15-13*ORÇAMENTO!$AF$7)/$H25*OFFSET(ORÇAMENTO!$X$15,ROW(AG25)-ROW(AG$15),0),\n              ROUND(ROUND(OFFSET($P25,0,AG$13),15-13*ORÇAMENTO!$AF$7)*OFFSET(ORÇAMENTO!$W$15,ROW(AG25)-ROW(AG$15),0),15-13*ORÇAMENTO!$AF$11)),\n         0)","v":0},{"$f":"IF(AND($D25=\"Serviço\",AH$12<>0,$H25>0,OR(AUTOEVENTO<>\"manual\",$M25<>$A$15)),\n        IF(Import.TipoArredondamento<>\"TransfereGOV\",\n              ROUND(OFFSET($P25,0,AH$13),15-13*ORÇAMENTO!$AF$7)/$H25*OFFSET(ORÇAMENTO!$X$15,ROW(AH25)-ROW(AH$15),0),\n              ROUND(ROUND(OFFSET($P25,0,AH$13),15-13*ORÇAMENTO!$AF$7)*OFFSET(ORÇAMENTO!$W$15,ROW(AH25)-ROW(AH$15),0),15-13*ORÇAMENTO!$AF$11)),\n         0)","v":0},{"$f":"IF(AND($D25=\"Serviço\",AI$12<>0,$H25>0,OR(AUTOEVENTO<>\"manual\",$M25<>$A$15)),\n        IF(Import.TipoArredondamento<>\"TransfereGOV\",\n              ROUND(OFFSET($P25,0,AI$13),15-13*ORÇAMENTO!$AF$7)/$H25*OFFSET(ORÇAMENTO!$X$15,ROW(AI25)-ROW(AI$15),0),\n              ROUND(ROUND(OFFSET($P25,0,AI$13),15-13*ORÇAMENTO!$AF$7)*OFFSET(ORÇAMENTO!$W$15,ROW(AI25)-ROW(AI$15),0),15-13*ORÇAMENTO!$AF$11)),\n         0)","v":0},{"$f":"IF(AND($D25=\"Serviço\",AJ$12<>0,$H25>0,OR(AUTOEVENTO<>\"manual\",$M25<>$A$15)),\n        IF(Import.TipoArredondamento<>\"TransfereGOV\",\n              ROUND(OFFSET($P25,0,AJ$13),15-13*ORÇAMENTO!$AF$7)/$H25*OFFSET(ORÇAMENTO!$X$15,ROW(AJ25)-ROW(AJ$15),0),\n              ROUND(ROUND(OFFSET($P25,0,AJ$13),15-13*ORÇAMENTO!$AF$7)*OFFSET(ORÇAMENTO!$W$15,ROW(AJ25)-ROW(AJ$15),0),15-13*ORÇAMENTO!$AF$11)),\n         0)","v":0},{"$f":"IF(AND($D25=\"Serviço\",AK$12<>0,$H25>0,OR(AUTOEVENTO<>\"manual\",$M25<>$A$15)),\n        IF(Import.TipoArredondamento<>\"TransfereGOV\",\n              ROUND(OFFSET($P25,0,AK$13),15-13*ORÇAMENTO!$AF$7)/$H25*OFFSET(ORÇAMENTO!$X$15,ROW(AK25)-ROW(AK$15),0),\n              ROUND(ROUND(OFFSET($P25,0,AK$13),15-13*ORÇAMENTO!$AF$7)*OFFSET(ORÇAMENTO!$W$15,ROW(AK25)-ROW(AK$15),0),15-13*ORÇAMENTO!$AF$11)),\n         0)","v":0},null,{"$f":"IF(OR($D25<>\"Serviço\",AND(AUTOEVENTO=\"Manual\",$M25=$A$15)),0,\n         IF(OFFSET(CRONOPLE!$F$15,$M25-$A$15,AM$13)=0,10^12,OFFSET(CRONOPLE!$F$15,$M25-$A$15,AM$13)))","v":0},{"$f":"IF(OR($D25<>\"Serviço\",AND(AUTOEVENTO=\"Manual\",$M25=$A$15)),0,\n         IF(OFFSET(CRONOPLE!$F$15,$M25-$A$15,AN$13)=0,10^12,OFFSET(CRONOPLE!$F$15,$M25-$A$15,AN$13)))","v":0},{"$f":"IF(OR($D25<>\"Serviço\",AND(AUTOEVENTO=\"Manual\",$M25=$A$15)),0,\n         IF(OFFSET(CRONOPLE!$F$15,$M25-$A$15,AO$13)=0,10^12,OFFSET(CRONOPLE!$F$15,$M25-$A$15,AO$13)))","v":0},{"$f":"IF(OR($D25<>\"Serviço\",AND(AUTOEVENTO=\"Manual\",$M25=$A$15)),0,\n         IF(OFFSET(CRONOPLE!$F$15,$M25-$A$15,AP$13)=0,10^12,OFFSET(CRONOPLE!$F$15,$M25-$A$15,AP$13)))","v":0},{"$f":"IF(OR($D25<>\"Serviço\",AND(AUTOEVENTO=\"Manual\",$M25=$A$15)),0,\n         IF(OFFSET(CRONOPLE!$F$15,$M25-$A$15,AQ$13)=0,10^12,OFFSET(CRONOPLE!$F$15,$M25-$A$15,AQ$13)))","v":0},{"$f":"IF(OR($D25<>\"Serviço\",AND(AUTOEVENTO=\"Manual\",$M25=$A$15)),0,\n         IF(OFFSET(CRONOPLE!$F$15,$M25-$A$15,AR$13)=0,10^12,OFFSET(CRONOPLE!$F$15,$M25-$A$15,AR$13)))","v":0},{"$f":"IF(OR($D25<>\"Serviço\",AND(AUTOEVENTO=\"Manual\",$M25=$A$15)),0,\n         IF(OFFSET(CRONOPLE!$F$15,$M25-$A$15,AS$13)=0,10^12,OFFSET(CRONOPLE!$F$15,$M25-$A$15,AS$13)))","v":0},{"$f":"IF(OR($D25<>\"Serviço\",AND(AUTOEVENTO=\"Manual\",$M25=$A$15)),0,\n         IF(OFFSET(CRONOPLE!$F$15,$M25-$A$15,AT$13)=0,10^12,OFFSET(CRONOPLE!$F$15,$M25-$A$15,AT$13)))","v":0},{"$f":"IF(OR($D25<>\"Serviço\",AND(AUTOEVENTO=\"Manual\",$M25=$A$15)),0,\n         IF(OFFSET(CRONOPLE!$F$15,$M25-$A$15,AU$13)=0,10^12,OFFSET(CRONOPLE!$F$15,$M25-$A$15,AU$13)))","v":0},{"$f":"IF(OR($D25<>\"Serviço\",AND(AUTOEVENTO=\"Manual\",$M25=$A$15)),0,\n         IF(OFFSET(CRONOPLE!$F$15,$M25-$A$15,AV$13)=0,10^12,OFFSET(CRONOPLE!$F$15,$M25-$A$15,AV$13)))","v":0},null,{"$f":"IF(OR($D25<>\"Serviço\",AND(AUTOEVENTO=\"Manual\",$M25=$A$15),$M25>(ROW(PLE.lastrow)-ROW(PLE.firstrow))),0,\n           IF(OFFSET(PLE!$G$15,$M25-$A$15,AX$13)=\"\",10^12,OFFSET(PLE!$G$15,$M25-$A$15,AX$13)))","v":0},{"$f":"IF(OR($D25<>\"Serviço\",AND(AUTOEVENTO=\"Manual\",$M25=$A$15),$M25>(ROW(PLE.lastrow)-ROW(PLE.firstrow))),0,\n           IF(OFFSET(PLE!$G$15,$M25-$A$15,AY$13)=\"\",10^12,OFFSET(PLE!$G$15,$M25-$A$15,AY$13)))","v":0},{"$f":"IF(OR($D25<>\"Serviço\",AND(AUTOEVENTO=\"Manual\",$M25=$A$15),$M25>(ROW(PLE.lastrow)-ROW(PLE.firstrow))),0,\n           IF(OFFSET(PLE!$G$15,$M25-$A$15,AZ$13)=\"\",10^12,OFFSET(PLE!$G$15,$M25-$A$15,AZ$13)))","v":0},{"$f":"IF(OR($D25<>\"Serviço\",AND(AUTOEVENTO=\"Manual\",$M25=$A$15),$M25>(ROW(PLE.lastrow)-ROW(PLE.firstrow))),0,\n           IF(OFFSET(PLE!$G$15,$M25-$A$15,BA$13)=\"\",10^12,OFFSET(PLE!$G$15,$M25-$A$15,BA$13)))","v":0},{"$f":"IF(OR($D25<>\"Serviço\",AND(AUTOEVENTO=\"Manual\",$M25=$A$15),$M25>(ROW(PLE.lastrow)-ROW(PLE.firstrow))),0,\n           IF(OFFSET(PLE!$G$15,$M25-$A$15,BB$13)=\"\",10^12,OFFSET(PLE!$G$15,$M25-$A$15,BB$13)))","v":0},{"$f":"IF(OR($D25<>\"Serviço\",AND(AUTOEVENTO=\"Manual\",$M25=$A$15),$M25>(ROW(PLE.lastrow)-ROW(PLE.firstrow))),0,\n           IF(OFFSET(PLE!$G$15,$M25-$A$15,BC$13)=\"\",10^12,OFFSET(PLE!$G$15,$M25-$A$15,BC$13)))","v":0},{"$f":"IF(OR($D25<>\"Serviço\",AND(AUTOEVENTO=\"Manual\",$M25=$A$15),$M25>(ROW(PLE.lastrow)-ROW(PLE.firstrow))),0,\n           IF(OFFSET(PLE!$G$15,$M25-$A$15,BD$13)=\"\",10^12,OFFSET(PLE!$G$15,$M25-$A$15,BD$13)))","v":0},{"$f":"IF(OR($D25<>\"Serviço\",AND(AUTOEVENTO=\"Manual\",$M25=$A$15),$M25>(ROW(PLE.lastrow)-ROW(PLE.firstrow))),0,\n           IF(OFFSET(PLE!$G$15,$M25-$A$15,BE$13)=\"\",10^12,OFFSET(PLE!$G$15,$M25-$A$15,BE$13)))","v":0},{"$f":"IF(OR($D25<>\"Serviço\",AND(AUTOEVENTO=\"Manual\",$M25=$A$15),$M25>(ROW(PLE.lastrow)-ROW(PLE.firstrow))),0,\n           IF(OFFSET(PLE!$G$15,$M25-$A$15,BF$13)=\"\",10^12,OFFSET(PLE!$G$15,$M25-$A$15,BF$13)))","v":0},{"$f":"IF(OR($D25<>\"Serviço\",AND(AUTOEVENTO=\"Manual\",$M25=$A$15),$M25>(ROW(PLE.lastrow)-ROW(PLE.firstrow))),0,\n           IF(OFFSET(PLE!$G$15,$M25-$A$15,BG$13)=\"\",10^12,OFFSET(PLE!$G$15,$M25-$A$15,BG$13)))","v":0}]
["10.",{"$f":"OFFSET(ORÇAMENTO!C$15,ROW(B26)-ROW(B$15),0)","v":3},{"$f":"OFFSET(ORÇAMENTO!L$15,ROW(C26)-ROW(C$15),0)","v":"F"},{"$f":"OFFSET(ORÇAMENTO!N$15,ROW(D26)-ROW(D$15),0)","v":"Nível 3"},{"$f":"OFFSET(ORÇAMENTO!O$15,ROW(E26)-ROW(E$15),0)","v":"1.2.1."},{"$f":"OFFSET(ORÇAMENTO!R$15,ROW(F26)-ROW(F$15),0)","v":"REDE EM PVC"},{"$f":"IF($D26<>\"Serviço\",\"\",OFFSET(ORÇAMENTO!S$15,ROW(G26)-ROW(G$15),0))","v":""},{"$f":"IF($D26<>\"Serviço\",0,IF(ACOMPANHAMENTO=\"BM\",ROUND(OFFSET(ORÇAMENTO!AJ$15,ROW(H26)-ROW(H$15),0),15-13*ORÇAMENTO!$AF$7),SUMPRODUCT(($Q$1:$AA$1=1)*ROUND($Q26:$AA26,15-13*ORÇAMENTO!$AF$7))))","v":0},null,{"$f":"IF(OR(B26<>\"S\",CÁLCULO.FrentesPreenchidas=0),\"\",IF(AND(ACOMPANHAMENTO=\"PLE\",AUTOEVENTO=\"Manual\",OR(H26>0,ORÇAMENTO!AC26=\"QUANT.\"),OR(K26=\"\",M26=0,N26=\"\")),\"►E\",IF(AND(ACOMPANHAMENTO=\"PLE\",ORÇAMENTO!AC26=\"QUANT.\"),\"►Q\",IF(AND(ACOMPANHAMENTO=\"PLE\",H26<>SUMPRODUCT(($Q$1:$AA$1=1)*ROUND(Q26:AA26,15))),\"►S\",IF(AND(COUNTIF($P$11:$AA$11,\"▼\")=0,H26>0,I26=\"\"),\"◄M\",\"\")))))","v":""},null,".",{"$f":"IF($D26<>\"Serviço\",\"\",\n          IF(AUTOEVENTO=\"manual\",$A26,\n                IF(ISERROR(MATCH($A26,$A$15:OFFSET($A26,-1,0),0)),MAX($M$15:OFFSET(M26,-1,0))+1,\n                      INDEX($M$15:OFFSET(M26,-1,0),MATCH($A26,$A$15:OFFSET($A26,-1,0),0)))))","v":""},{"$f":"IF($D26<>\"Serviço\",\"\",\n         IF(AUTOEVENTO=\"Manual\",\n                IF($A26=0,\"<-- defina o número do agrupador\",\n                       OFFSET(EVENTOS!$D$15,$A26-$A$15,0)),\n                OFFSET($F$15,$A26,0)))","v":""},null,null,null,null,null,null,null,null,null,null,null,null,null,{"$f":"IF(AND($D26=\"Serviço\",AB$12<>0,$H26>0,OR(AUTOEVENTO<>\"manual\",$M26<>$A$15)),\n        IF(Import.TipoArredondamento<>\"TransfereGOV\",\n              ROUND(OFFSET($P26,0,AB$13),15-13*ORÇAMENTO!$AF$7)/$H26*OFFSET(ORÇAMENTO!$X$15,ROW(AB26)-ROW(AB$15),0),\n              ROUND(ROUND(OFFSET($P26,0,AB$13),15-13*ORÇAMENTO!$AF$7)*OFFSET(ORÇAMENTO!$W$15,ROW(AB26)-ROW(AB$15),0),15-13*ORÇAMENTO!$AF$11)),\n         0)","v":0},{"$f":"IF(AND($D26=\"Serviço\",AC$12<>0,$H26>0,OR(AUTOEVENTO<>\"manual\",$M26<>$A$15)),\n        IF(Import.TipoArredondamento<>\"TransfereGOV\",\n              ROUND(OFFSET($P26,0,AC$13),15-13*ORÇAMENTO!$AF$7)/$H26*OFFSET(ORÇAMENTO!$X$15,ROW(AC26)-ROW(AC$15),0),\n              ROUND(ROUND(OFFSET($P26,0,AC$13),15-13*ORÇAMENTO!$AF$7)*OFFSET(ORÇAMENTO!$W$15,ROW(AC26)-ROW(AC$15),0),15-13*ORÇAMENTO!$AF$11)),\n         0)","v":0},{"$f":"IF(AND($D26=\"Serviço\",AD$12<>0,$H26>0,OR(AUTOEVENTO<>\"manual\",$M26<>$A$15)),\n        IF(Import.TipoArredondamento<>\"TransfereGOV\",\n              ROUND(OFFSET($P26,0,AD$13),15-13*ORÇAMENTO!$AF$7)/$H26*OFFSET(ORÇAMENTO!$X$15,ROW(AD26)-ROW(AD$15),0),\n              ROUND(ROUND(OFFSET($P26,0,AD$13),15-13*ORÇAMENTO!$AF$7)*OFFSET(ORÇAMENTO!$W$15,ROW(AD26)-ROW(AD$15),0),15-13*ORÇAMENTO!$AF$11)),\n         0)","v":0},{"$f":"IF(AND($D26=\"Serviço\",AE$12<>0,$H26>0,OR(AUTOEVENTO<>\"manual\",$M26<>$A$15)),\n        IF(Import.TipoArredondamento<>\"TransfereGOV\",\n              ROUND(OFFSET($P26,0,AE$13),15-13*ORÇAMENTO!$AF$7)/$H26*OFFSET(ORÇAMENTO!$X$15,ROW(AE26)-ROW(AE$15),0),\n              ROUND(ROUND(OFFSET($P26,0,AE$13),15-13*ORÇAMENTO!$AF$7)*OFFSET(ORÇAMENTO!$W$15,ROW(AE26)-ROW(AE$15),0),15-13*ORÇAMENTO!$AF$11)),\n         0)","v":0},{"$f":"IF(AND($D26=\"Serviço\",AF$12<>0,$H26>0,OR(AUTOEVENTO<>\"manual\",$M26<>$A$15)),\n        IF(Import.TipoArredondamento<>\"TransfereGOV\",\n              ROUND(OFFSET($P26,0,AF$13),15-13*ORÇAMENTO!$AF$7)/$H26*OFFSET(ORÇAMENTO!$X$15,ROW(AF26)-ROW(AF$15),0),\n              ROUND(ROUND(OFFSET($P26,0,AF$13),15-13*ORÇAMENTO!$AF$7)*OFFSET(ORÇAMENTO!$W$15,ROW(AF26)-ROW(AF$15),0),15-13*ORÇAMENTO!$AF$11)),\n         0)","v":0},{"$f":"IF(AND($D26=\"Serviço\",AG$12<>0,$H26>0,OR(AUTOEVENTO<>\"manual\",$M26<>$A$15)),\n        IF(Import.TipoArredondamento<>\"TransfereGOV\",\n              ROUND(OFFSET($P26,0,AG$13),15-13*ORÇAMENTO!$AF$7)/$H26*OFFSET(ORÇAMENTO!$X$15,ROW(AG26)-ROW(AG$15),0),\n              ROUND(ROUND(OFFSET($P26,0,AG$13),15-13*ORÇAMENTO!$AF$7)*OFFSET(ORÇAMENTO!$W$15,ROW(AG26)-ROW(AG$15),0),15-13*ORÇAMENTO!$AF$11)),\n         0)","v":0},{"$f":"IF(AND($D26=\"Serviço\",AH$12<>0,$H26>0,OR(AUTOEVENTO<>\"manual\",$M26<>$A$15)),\n        IF(Import.TipoArredondamento<>\"TransfereGOV\",\n              ROUND(OFFSET($P26,0,AH$13),15-13*ORÇAMENTO!$AF$7)/$H26*OFFSET(ORÇAMENTO!$X$15,ROW(AH26)-ROW(AH$15),0),\n              ROUND(ROUND(OFFSET($P26,0,AH$13),15-13*ORÇAMENTO!$AF$7)*OFFSET(ORÇAMENTO!$W$15,ROW(AH26)-ROW(AH$15),0),15-13*ORÇAMENTO!$AF$11)),\n         0)","v":0},{"$f":"IF(AND($D26=\"Serviço\",AI$12<>0,$H26>0,OR(AUTOEVENTO<>\"manual\",$M26<>$A$15)),\n        IF(Import.TipoArredondamento<>\"TransfereGOV\",\n              ROUND(OFFSET($P26,0,AI$13),15-13*ORÇAMENTO!$AF$7)/$H26*OFFSET(ORÇAMENTO!$X$15,ROW(AI26)-ROW(AI$15),0),\n              ROUND(ROUND(OFFSET($P26,0,AI$13),15-13*ORÇAMENTO!$AF$7)*OFFSET(ORÇAMENTO!$W$15,ROW(AI26)-ROW(AI$15),0),15-13*ORÇAMENTO!$AF$11)),\n         0)","v":0},{"$f":"IF(AND($D26=\"Serviço\",AJ$12<>0,$H26>0,OR(AUTOEVENTO<>\"manual\",$M26<>$A$15)),\n        IF(Import.TipoArredondamento<>\"TransfereGOV\",\n              ROUND(OFFSET($P26,0,AJ$13),15-13*ORÇAMENTO!$AF$7)/$H26*OFFSET(ORÇAMENTO!$X$15,ROW(AJ26)-ROW(AJ$15),0),\n              ROUND(ROUND(OFFSET($P26,0,AJ$13),15-13*ORÇAMENTO!$AF$7)*OFFSET(ORÇAMENTO!$W$15,ROW(AJ26)-ROW(AJ$15),0),15-13*ORÇAMENTO!$AF$11)),\n         0)","v":0},{"$f":"IF(AND($D26=\"Serviço\",AK$12<>0,$H26>0,OR(AUTOEVENTO<>\"manual\",$M26<>$A$15)),\n        IF(Import.TipoArredondamento<>\"TransfereGOV\",\n              ROUND(OFFSET($P26,0,AK$13),15-13*ORÇAMENTO!$AF$7)/$H26*OFFSET(ORÇAMENTO!$X$15,ROW(AK26)-ROW(AK$15),0),\n              ROUND(ROUND(OFFSET($P26,0,AK$13),15-13*ORÇAMENTO!$AF$7)*OFFSET(ORÇAMENTO!$W$15,ROW(AK26)-ROW(AK$15),0),15-13*ORÇAMENTO!$AF$11)),\n         0)","v":0},null,{"$f":"IF(OR($D26<>\"Serviço\",AND(AUTOEVENTO=\"Manual\",$M26=$A$15)),0,\n         IF(OFFSET(CRONOPLE!$F$15,$M26-$A$15,AM$13)=0,10^12,OFFSET(CRONOPLE!$F$15,$M26-$A$15,AM$13)))","v":0},{"$f":"IF(OR($D26<>\"Serviço\",AND(AUTOEVENTO=\"Manual\",$M26=$A$15)),0,\n         IF(OFFSET(CRONOPLE!$F$15,$M26-$A$15,AN$13)=0,10^12,OFFSET(CRONOPLE!$F$15,$M26-$A$15,AN$13)))","v":0},{"$f":"IF(OR($D26<>\"Serviço\",AND(AUTOEVENTO=\"Manual\",$M26=$A$15)),0,\n         IF(OFFSET(CRONOPLE!$F$15,$M26-$A$15,AO$13)=0,10^12,OFFSET(CRONOPLE!$F$15,$M26-$A$15,AO$13)))","v":0},{"$f":"IF(OR($D26<>\"Serviço\",AND(AUTOEVENTO=\"Manual\",$M26=$A$15)),0,\n         IF(OFFSET(CRONOPLE!$F$15,$M26-$A$15,AP$13)=0,10^12,OFFSET(CRONOPLE!$F$15,$M26-$A$15,AP$13)))","v":0},{"$f":"IF(OR($D26<>\"Serviço\",AND(AUTOEVENTO=\"Manual\",$M26=$A$15)),0,\n         IF(OFFSET(CRONOPLE!$F$15,$M26-$A$15,AQ$13)=0,10^12,OFFSET(CRONOPLE!$F$15,$M26-$A$15,AQ$13)))","v":0},{"$f":"IF(OR($D26<>\"Serviço\",AND(AUTOEVENTO=\"Manual\",$M26=$A$15)),0,\n         IF(OFFSET(CRONOPLE!$F$15,$M26-$A$15,AR$13)=0,10^12,OFFSET(CRONOPLE!$F$15,$M26-$A$15,AR$13)))","v":0},{"$f":"IF(OR($D26<>\"Serviço\",AND(AUTOEVENTO=\"Manual\",$M26=$A$15)),0,\n         IF(OFFSET(CRONOPLE!$F$15,$M26-$A$15,AS$13)=0,10^12,OFFSET(CRONOPLE!$F$15,$M26-$A$15,AS$13)))","v":0},{"$f":"IF(OR($D26<>\"Serviço\",AND(AUTOEVENTO=\"Manual\",$M26=$A$15)),0,\n         IF(OFFSET(CRONOPLE!$F$15,$M26-$A$15,AT$13)=0,10^12,OFFSET(CRONOPLE!$F$15,$M26-$A$15,AT$13)))","v":0},{"$f":"IF(OR($D26<>\"Serviço\",AND(AUTOEVENTO=\"Manual\",$M26=$A$15)),0,\n         IF(OFFSET(CRONOPLE!$F$15,$M26-$A$15,AU$13)=0,10^12,OFFSET(CRONOPLE!$F$15,$M26-$A$15,AU$13)))","v":0},{"$f":"IF(OR($D26<>\"Serviço\",AND(AUTOEVENTO=\"Manual\",$M26=$A$15)),0,\n         IF(OFFSET(CRONOPLE!$F$15,$M26-$A$15,AV$13)=0,10^12,OFFSET(CRONOPLE!$F$15,$M26-$A$15,AV$13)))","v":0},null,{"$f":"IF(OR($D26<>\"Serviço\",AND(AUTOEVENTO=\"Manual\",$M26=$A$15),$M26>(ROW(PLE.lastrow)-ROW(PLE.firstrow))),0,\n           IF(OFFSET(PLE!$G$15,$M26-$A$15,AX$13)=\"\",10^12,OFFSET(PLE!$G$15,$M26-$A$15,AX$13)))","v":0},{"$f":"IF(OR($D26<>\"Serviço\",AND(AUTOEVENTO=\"Manual\",$M26=$A$15),$M26>(ROW(PLE.lastrow)-ROW(PLE.firstrow))),0,\n           IF(OFFSET(PLE!$G$15,$M26-$A$15,AY$13)=\"\",10^12,OFFSET(PLE!$G$15,$M26-$A$15,AY$13)))","v":0},{"$f":"IF(OR($D26<>\"Serviço\",AND(AUTOEVENTO=\"Manual\",$M26=$A$15),$M26>(ROW(PLE.lastrow)-ROW(PLE.firstrow))),0,\n           IF(OFFSET(PLE!$G$15,$M26-$A$15,AZ$13)=\"\",10^12,OFFSET(PLE!$G$15,$M26-$A$15,AZ$13)))","v":0},{"$f":"IF(OR($D26<>\"Serviço\",AND(AUTOEVENTO=\"Manual\",$M26=$A$15),$M26>(ROW(PLE.lastrow)-ROW(PLE.firstrow))),0,\n           IF(OFFSET(PLE!$G$15,$M26-$A$15,BA$13)=\"\",10^12,OFFSET(PLE!$G$15,$M26-$A$15,BA$13)))","v":0},{"$f":"IF(OR($D26<>\"Serviço\",AND(AUTOEVENTO=\"Manual\",$M26=$A$15),$M26>(ROW(PLE.lastrow)-ROW(PLE.firstrow))),0,\n           IF(OFFSET(PLE!$G$15,$M26-$A$15,BB$13)=\"\",10^12,OFFSET(PLE!$G$15,$M26-$A$15,BB$13)))","v":0},{"$f":"IF(OR($D26<>\"Serviço\",AND(AUTOEVENTO=\"Manual\",$M26=$A$15),$M26>(ROW(PLE.lastrow)-ROW(PLE.firstrow))),0,\n           IF(OFFSET(PLE!$G$15,$M26-$A$15,BC$13)=\"\",10^12,OFFSET(PLE!$G$15,$M26-$A$15,BC$13)))","v":0},{"$f":"IF(OR($D26<>\"Serviço\",AND(AUTOEVENTO=\"Manual\",$M26=$A$15),$M26>(ROW(PLE.lastrow)-ROW(PLE.firstrow))),0,\n           IF(OFFSET(PLE!$G$15,$M26-$A$15,BD$13)=\"\",10^12,OFFSET(PLE!$G$15,$M26-$A$15,BD$13)))","v":0},{"$f":"IF(OR($D26<>\"Serviço\",AND(AUTOEVENTO=\"Manual\",$M26=$A$15),$M26>(ROW(PLE.lastrow)-ROW(PLE.firstrow))),0,\n           IF(OFFSET(PLE!$G$15,$M26-$A$15,BE$13)=\"\",10^12,OFFSET(PLE!$G$15,$M26-$A$15,BE$13)))","v":0},{"$f":"IF(OR($D26<>\"Serviço\",AND(AUTOEVENTO=\"Manual\",$M26=$A$15),$M26>(ROW(PLE.lastrow)-ROW(PLE.firstrow))),0,\n           IF(OFFSET(PLE!$G$15,$M26-$A$15,BF$13)=\"\",10^12,OFFSET(PLE!$G$15,$M26-$A$15,BF$13)))","v":0},{"$f":"IF(OR($D26<>\"Serviço\",AND(AUTOEVENTO=\"Manual\",$M26=$A$15),$M26>(ROW(PLE.lastrow)-ROW(PLE.firstrow))),0,\n           IF(OFFSET(PLE!$G$15,$M26-$A$15,BG$13)=\"\",10^12,OFFSET(PLE!$G$15,$M26-$A$15,BG$13)))","v":0}]
["10",{"$f":"OFFSET(ORÇAMENTO!C$15,ROW(B27)-ROW(B$15),0)","v":"S"},{"$f":"OFFSET(ORÇAMENTO!L$15,ROW(C27)-ROW(C$15),0)","v":"F"},{"$f":"OFFSET(ORÇAMENTO!N$15,ROW(D27)-ROW(D$15),0)","v":"Serviço"},{"$f":"OFFSET(ORÇAMENTO!O$15,ROW(E27)-ROW(E$15),0)","v":"1.2.1.1."},{"$f":"OFFSET(ORÇAMENTO!R$15,ROW(F27)-ROW(F$15),0)","v":"ESCAVAÇÃO MECANIZADA DE VALA COM PROFUNDIDADE ATÉ 1,5 M (MÉDIA MONTANTE E JUSANTE/UMA COMPOSIÇÃO POR TRECHO), RETROESCAV. (0,26 M3), LARGURA MENOR QUE 0,8 M, EM SOLO DE 1A CATEGORIA, LOCAIS COM BAIXO NÍVEL DE INTERFERÊNCIA. AF_09/2024"},{"$f":"IF($D27<>\"Serviço\",\"\",OFFSET(ORÇAMENTO!S$15,ROW(G27)-ROW(G$15),0))","v":"M3"},{"$f":"IF($D27<>\"Serviço\",0,IF(ACOMPANHAMENTO=\"BM\",ROUND(OFFSET(ORÇAMENTO!AJ$15,ROW(H27)-ROW(H$15),0),15-13*ORÇAMENTO!$AF$7),SUMPRODUCT(($Q$1:$AA$1=1)*ROUND($Q27:$AA27,15-13*ORÇAMENTO!$AF$7))))","v":55.17},"Extensão 183,90m.; Largura = 0,40m.; Prof; = 0,75m.",{"$f":"IF(OR(B27<>\"S\",CÁLCULO.FrentesPreenchidas=0),\"\",IF(AND(ACOMPANHAMENTO=\"PLE\",AUTOEVENTO=\"Manual\",OR(H27>0,ORÇAMENTO!AC27=\"QUANT.\"),OR(K27=\"\",M27=0,N27=\"\")),\"►E\",IF(AND(ACOMPANHAMENTO=\"PLE\",ORÇAMENTO!AC27=\"QUANT.\"),\"►Q\",IF(AND(ACOMPANHAMENTO=\"PLE\",H27<>SUMPRODUCT(($Q$1:$AA$1=1)*ROUND(Q27:AA27,15))),\"►S\",IF(AND(COUNTIF($P$11:$AA$11,\"▼\")=0,H27>0,I27=\"\"),\"◄M\",\"\")))))","v":{"$error":"#NAME?"}},"1. Rede de Distribuição PVC",".",{"$f":"IF($D27<>\"Serviço\",\"\",\n          IF(AUTOEVENTO=\"manual\",$A27,\n                IF(ISERROR(MATCH($A27,$A$15:OFFSET($A27,-1,0),0)),MAX($M$15:OFFSET(M27,-1,0))+1,\n                      INDEX($M$15:OFFSET(M27,-1,0),MATCH($A27,$A$15:OFFSET($A27,-1,0),0)))))","v":2},{"$f":"IF($D27<>\"Serviço\",\"\",\n         IF(AUTOEVENTO=\"Manual\",\n                IF($A27=0,\"<-- defina o número do agrupador\",\n                       OFFSET(EVENTOS!$D$15,$A27-$A$15,0)),\n                OFFSET($F$15,$A27,0)))","v":"REDE DE DISTRUIBUIÇÃO"},null,null,{"$f":"ROUND((183.9*0.4*0.75),2)","v":55.17},null,null,null,null,null,null,null,null,null,null,{"$f":"IF(AND($D27=\"Serviço\",AB$12<>0,$H27>0,OR(AUTOEVENTO<>\"manual\",$M27<>$A$15)),\n        IF(Import.TipoArredondamento<>\"TransfereGOV\",\n              ROUND(OFFSET($P27,0,AB$13),15-13*ORÇAMENTO!$AF$7)/$H27*OFFSET(ORÇAMENTO!$X$15,ROW(AB27)-ROW(AB$15),0),\n              ROUND(ROUND(OFFSET($P27,0,AB$13),15-13*ORÇAMENTO!$AF$7)*OFFSET(ORÇAMENTO!$W$15,ROW(AB27)-ROW(AB$15),0),15-13*ORÇAMENTO!$AF$11)),\n         0)","v":690.18},{"$f":"IF(AND($D27=\"Serviço\",AC$12<>0,$H27>0,OR(AUTOEVENTO<>\"manual\",$M27<>$A$15)),\n        IF(Import.TipoArredondamento<>\"TransfereGOV\",\n              ROUND(OFFSET($P27,0,AC$13),15-13*ORÇAMENTO!$AF$7)/$H27*OFFSET(ORÇAMENTO!$X$15,ROW(AC27)-ROW(AC$15),0),\n              ROUND(ROUND(OFFSET($P27,0,AC$13),15-13*ORÇAMENTO!$AF$7)*OFFSET(ORÇAMENTO!$W$15,ROW(AC27)-ROW(AC$15),0),15-13*ORÇAMENTO!$AF$11)),\n         0)","v":0},{"$f":"IF(AND($D27=\"Serviço\",AD$12<>0,$H27>0,OR(AUTOEVENTO<>\"manual\",$M27<>$A$15)),\n        IF(Import.TipoArredondamento<>\"TransfereGOV\",\n              ROUND(OFFSET($P27,0,AD$13),15-13*ORÇAMENTO!$AF$7)/$H27*OFFSET(ORÇAMENTO!$X$15,ROW(AD27)-ROW(AD$15),0),\n              ROUND(ROUND(OFFSET($P27,0,AD$13),15-13*ORÇAMENTO!$AF$7)*OFFSET(ORÇAMENTO!$W$15,ROW(AD27)-ROW(AD$15),0),15-13*ORÇAMENTO!$AF$11)),\n         0)","v":0},{"$f":"IF(AND($D27=\"Serviço\",AE$12<>0,$H27>0,OR(AUTOEVENTO<>\"manual\",$M27<>$A$15)),\n        IF(Import.TipoArredondamento<>\"TransfereGOV\",\n              ROUND(OFFSET($P27,0,AE$13),15-13*ORÇAMENTO!$AF$7)/$H27*OFFSET(ORÇAMENTO!$X$15,ROW(AE27)-ROW(AE$15),0),\n              ROUND(ROUND(OFFSET($P27,0,AE$13),15-13*ORÇAMENTO!$AF$7)*OFFSET(ORÇAMENTO!$W$15,ROW(AE27)-ROW(AE$15),0),15-13*ORÇAMENTO!$AF$11)),\n         0)","v":0},{"$f":"IF(AND($D27=\"Serviço\",AF$12<>0,$H27>0,OR(AUTOEVENTO<>\"manual\",$M27<>$A$15)),\n        IF(Import.TipoArredondamento<>\"TransfereGOV\",\n              ROUND(OFFSET($P27,0,AF$13),15-13*ORÇAMENTO!$AF$7)/$H27*OFFSET(ORÇAMENTO!$X$15,ROW(AF27)-ROW(AF$15),0),\n              ROUND(ROUND(OFFSET($P27,0,AF$13),15-13*ORÇAMENTO!$AF$7)*OFFSET(ORÇAMENTO!$W$15,ROW(AF27)-ROW(AF$15),0),15-13*ORÇAMENTO!$AF$11)),\n         0)","v":0},{"$f":"IF(AND($D27=\"Serviço\",AG$12<>0,$H27>0,OR(AUTOEVENTO<>\"manual\",$M27<>$A$15)),\n        IF(Import.TipoArredondamento<>\"TransfereGOV\",\n              ROUND(OFFSET($P27,0,AG$13),15-13*ORÇAMENTO!$AF$7)/$H27*OFFSET(ORÇAMENTO!$X$15,ROW(AG27)-ROW(AG$15),0),\n              ROUND(ROUND(OFFSET($P27,0,AG$13),15-13*ORÇAMENTO!$AF$7)*OFFSET(ORÇAMENTO!$W$15,ROW(AG27)-ROW(AG$15),0),15-13*ORÇAMENTO!$AF$11)),\n         0)","v":0},{"$f":"IF(AND($D27=\"Serviço\",AH$12<>0,$H27>0,OR(AUTOEVENTO<>\"manual\",$M27<>$A$15)),\n        IF(Import.TipoArredondamento<>\"TransfereGOV\",\n              ROUND(OFFSET($P27,0,AH$13),15-13*ORÇAMENTO!$AF$7)/$H27*OFFSET(ORÇAMENTO!$X$15,ROW(AH27)-ROW(AH$15),0),\n              ROUND(ROUND(OFFSET($P27,0,AH$13),15-13*ORÇAMENTO!$AF$7)*OFFSET(ORÇAMENTO!$W$15,ROW(AH27)-ROW(AH$15),0),15-13*ORÇAMENTO!$AF$11)),\n         0)","v":0},{"$f":"IF(AND($D27=\"Serviço\",AI$12<>0,$H27>0,OR(AUTOEVENTO<>\"manual\",$M27<>$A$15)),\n        IF(Import.TipoArredondamento<>\"TransfereGOV\",\n              ROUND(OFFSET($P27,0,AI$13),15-13*ORÇAMENTO!$AF$7)/$H27*OFFSET(ORÇAMENTO!$X$15,ROW(AI27)-ROW(AI$15),0),\n              ROUND(ROUND(OFFSET($P27,0,AI$13),15-13*ORÇAMENTO!$AF$7)*OFFSET(ORÇAMENTO!$W$15,ROW(AI27)-ROW(AI$15),0),15-13*ORÇAMENTO!$AF$11)),\n         0)","v":0},{"$f":"IF(AND($D27=\"Serviço\",AJ$12<>0,$H27>0,OR(AUTOEVENTO<>\"manual\",$M27<>$A$15)),\n        IF(Import.TipoArredondamento<>\"TransfereGOV\",\n              ROUND(OFFSET($P27,0,AJ$13),15-13*ORÇAMENTO!$AF$7)/$H27*OFFSET(ORÇAMENTO!$X$15,ROW(AJ27)-ROW(AJ$15),0),\n              ROUND(ROUND(OFFSET($P27,0,AJ$13),15-13*ORÇAMENTO!$AF$7)*OFFSET(ORÇAMENTO!$W$15,ROW(AJ27)-ROW(AJ$15),0),15-13*ORÇAMENTO!$AF$11)),\n         0)","v":0},{"$f":"IF(AND($D27=\"Serviço\",AK$12<>0,$H27>0,OR(AUTOEVENTO<>\"manual\",$M27<>$A$15)),\n        IF(Import.TipoArredondamento<>\"TransfereGOV\",\n              ROUND(OFFSET($P27,0,AK$13),15-13*ORÇAMENTO!$AF$7)/$H27*OFFSET(ORÇAMENTO!$X$15,ROW(AK27)-ROW(AK$15),0),\n              ROUND(ROUND(OFFSET($P27,0,AK$13),15-13*ORÇAMENTO!$AF$7)*OFFSET(ORÇAMENTO!$W$15,ROW(AK27)-ROW(AK$15),0),15-13*ORÇAMENTO!$AF$11)),\n         0)","v":0},null,{"$f":"IF(OR($D27<>\"Serviço\",AND(AUTOEVENTO=\"Manual\",$M27=$A$15)),0,\n         IF(OFFSET(CRONOPLE!$F$15,$M27-$A$15,AM$13)=0,10^12,OFFSET(CRONOPLE!$F$15,$M27-$A$15,AM$13)))","v":1},{"$f":"IF(OR($D27<>\"Serviço\",AND(AUTOEVENTO=\"Manual\",$M27=$A$15)),0,\n         IF(OFFSET(CRONOPLE!$F$15,$M27-$A$15,AN$13)=0,10^12,OFFSET(CRONOPLE!$F$15,$M27-$A$15,AN$13)))","v":2},{"$f":"IF(OR($D27<>\"Serviço\",AND(AUTOEVENTO=\"Manual\",$M27=$A$15)),0,\n         IF(OFFSET(CRONOPLE!$F$15,$M27-$A$15,AO$13)=0,10^12,OFFSET(CRONOPLE!$F$15,$M27-$A$15,AO$13)))","v":1000000000000},{"$f":"IF(OR($D27<>\"Serviço\",AND(AUTOEVENTO=\"Manual\",$M27=$A$15)),0,\n         IF(OFFSET(CRONOPLE!$F$15,$M27-$A$15,AP$13)=0,10^12,OFFSET(CRONOPLE!$F$15,$M27-$A$15,AP$13)))","v":1000000000000},{"$f":"IF(OR($D27<>\"Serviço\",AND(AUTOEVENTO=\"Manual\",$M27=$A$15)),0,\n         IF(OFFSET(CRONOPLE!$F$15,$M27-$A$15,AQ$13)=0,10^12,OFFSET(CRONOPLE!$F$15,$M27-$A$15,AQ$13)))","v":1000000000000},{"$f":"IF(OR($D27<>\"Serviço\",AND(AUTOEVENTO=\"Manual\",$M27=$A$15)),0,\n         IF(OFFSET(CRONOPLE!$F$15,$M27-$A$15,AR$13)=0,10^12,OFFSET(CRONOPLE!$F$15,$M27-$A$15,AR$13)))","v":1000000000000},{"$f":"IF(OR($D27<>\"Serviço\",AND(AUTOEVENTO=\"Manual\",$M27=$A$15)),0,\n         IF(OFFSET(CRONOPLE!$F$15,$M27-$A$15,AS$13)=0,10^12,OFFSET(CRONOPLE!$F$15,$M27-$A$15,AS$13)))","v":1000000000000},{"$f":"IF(OR($D27<>\"Serviço\",AND(AUTOEVENTO=\"Manual\",$M27=$A$15)),0,\n         IF(OFFSET(CRONOPLE!$F$15,$M27-$A$15,AT$13)=0,10^12,OFFSET(CRONOPLE!$F$15,$M27-$A$15,AT$13)))","v":1000000000000},{"$f":"IF(OR($D27<>\"Serviço\",AND(AUTOEVENTO=\"Manual\",$M27=$A$15)),0,\n         IF(OFFSET(CRONOPLE!$F$15,$M27-$A$15,AU$13)=0,10^12,OFFSET(CRONOPLE!$F$15,$M27-$A$15,AU$13)))","v":1000000000000},{"$f":"IF(OR($D27<>\"Serviço\",AND(AUTOEVENTO=\"Manual\",$M27=$A$15)),0,\n         IF(OFFSET(CRONOPLE!$F$15,$M27-$A$15,AV$13)=0,10^12,OFFSET(CRONOPLE!$F$15,$M27-$A$15,AV$13)))","v":1000000000000},null,{"$f":"IF(OR($D27<>\"Serviço\",AND(AUTOEVENTO=\"Manual\",$M27=$A$15),$M27>(ROW(PLE.lastrow)-ROW(PLE.firstrow))),0,\n           IF(OFFSET(PLE!$G$15,$M27-$A$15,AX$13)=\"\",10^12,OFFSET(PLE!$G$15,$M27-$A$15,AX$13)))","v":1000000000000},{"$f":"IF(OR($D27<>\"Serviço\",AND(AUTOEVENTO=\"Manual\",$M27=$A$15),$M27>(ROW(PLE.lastrow)-ROW(PLE.firstrow))),0,\n           IF(OFFSET(PLE!$G$15,$M27-$A$15,AY$13)=\"\",10^12,OFFSET(PLE!$G$15,$M27-$A$15,AY$13)))","v":1000000000000},{"$f":"IF(OR($D27<>\"Serviço\",AND(AUTOEVENTO=\"Manual\",$M27=$A$15),$M27>(ROW(PLE.lastrow)-ROW(PLE.firstrow))),0,\n           IF(OFFSET(PLE!$G$15,$M27-$A$15,AZ$13)=\"\",10^12,OFFSET(PLE!$G$15,$M27-$A$15,AZ$13)))","v":1000000000000},{"$f":"IF(OR($D27<>\"Serviço\",AND(AUTOEVENTO=\"Manual\",$M27=$A$15),$M27>(ROW(PLE.lastrow)-ROW(PLE.firstrow))),0,\n           IF(OFFSET(PLE!$G$15,$M27-$A$15,BA$13)=\"\",10^12,OFFSET(PLE!$G$15,$M27-$A$15,BA$13)))","v":1000000000000},{"$f":"IF(OR($D27<>\"Serviço\",AND(AUTOEVENTO=\"Manual\",$M27=$A$15),$M27>(ROW(PLE.lastrow)-ROW(PLE.firstrow))),0,\n           IF(OFFSET(PLE!$G$15,$M27-$A$15,BB$13)=\"\",10^12,OFFSET(PLE!$G$15,$M27-$A$15,BB$13)))","v":1000000000000},{"$f":"IF(OR($D27<>\"Serviço\",AND(AUTOEVENTO=\"Manual\",$M27=$A$15),$M27>(ROW(PLE.lastrow)-ROW(PLE.firstrow))),0,\n           IF(OFFSET(PLE!$G$15,$M27-$A$15,BC$13)=\"\",10^12,OFFSET(PLE!$G$15,$M27-$A$15,BC$13)))","v":1000000000000},{"$f":"IF(OR($D27<>\"Serviço\",AND(AUTOEVENTO=\"Manual\",$M27=$A$15),$M27>(ROW(PLE.lastrow)-ROW(PLE.firstrow))),0,\n           IF(OFFSET(PLE!$G$15,$M27-$A$15,BD$13)=\"\",10^12,OFFSET(PLE!$G$15,$M27-$A$15,BD$13)))","v":1000000000000},{"$f":"IF(OR($D27<>\"Serviço\",AND(AUTOEVENTO=\"Manual\",$M27=$A$15),$M27>(ROW(PLE.lastrow)-ROW(PLE.firstrow))),0,\n           IF(OFFSET(PLE!$G$15,$M27-$A$15,BE$13)=\"\",10^12,OFFSET(PLE!$G$15,$M27-$A$15,BE$13)))","v":1000000000000},{"$f":"IF(OR($D27<>\"Serviço\",AND(AUTOEVENTO=\"Manual\",$M27=$A$15),$M27>(ROW(PLE.lastrow)-ROW(PLE.firstrow))),0,\n           IF(OFFSET(PLE!$G$15,$M27-$A$15,BF$13)=\"\",10^12,OFFSET(PLE!$G$15,$M27-$A$15,BF$13)))","v":1000000000000},{"$f":"IF(OR($D27<>\"Serviço\",AND(AUTOEVENTO=\"Manual\",$M27=$A$15),$M27>(ROW(PLE.lastrow)-ROW(PLE.firstrow))),0,\n           IF(OFFSET(PLE!$G$15,$M27-$A$15,BG$13)=\"\",10^12,OFFSET(PLE!$G$15,$M27-$A$15,BG$13)))","v":1000000000000}]
["10",{"$f":"OFFSET(ORÇAMENTO!C$15,ROW(B28)-ROW(B$15),0)","v":"S"},{"$f":"OFFSET(ORÇAMENTO!L$15,ROW(C28)-ROW(C$15),0)","v":"F"},{"$f":"OFFSET(ORÇAMENTO!N$15,ROW(D28)-ROW(D$15),0)","v":"Serviço"},{"$f":"OFFSET(ORÇAMENTO!O$15,ROW(E28)-ROW(E$15),0)","v":"1.2.1.2."},{"$f":"OFFSET(ORÇAMENTO!R$15,ROW(F28)-ROW(F$15),0)","v":"REATERRO MECANIZADO DE VALA COM RETROESCAVADEIRA (CAPACIDADE DA CAÇAMBA DA RETRO: 0,26 M³/POTÊNCIA: 88 HP), LARGURA ATÉ 0,8 M, PROFUNDIDADE ATÉ 1,5 M, COM SOLO (SEM SUBSTITUIÇÃO) DE 1ª CATEGORIA, COM COMPACTADOR DE SOLOS DE PERCUSSÃO. AF_08/2023"},{"$f":"IF($D28<>\"Serviço\",\"\",OFFSET(ORÇAMENTO!S$15,ROW(G28)-ROW(G$15),0))","v":"M3"},{"$f":"IF($D28<>\"Serviço\",0,IF(ACOMPANHAMENTO=\"BM\",ROUND(OFFSET(ORÇAMENTO!AJ$15,ROW(H28)-ROW(H$15),0),15-13*ORÇAMENTO!$AF$7),SUMPRODUCT(($Q$1:$AA$1=1)*ROUND($Q28:$AA28,15-13*ORÇAMENTO!$AF$7))))","v":55.05},"Volume de escavação descontado do volume de tubo; 183,90 x pi x 0,025^2 = 0,12m³",{"$f":"IF(OR(B28<>\"S\",CÁLCULO.FrentesPreenchidas=0),\"\",IF(AND(ACOMPANHAMENTO=\"PLE\",AUTOEVENTO=\"Manual\",OR(H28>0,ORÇAMENTO!AC28=\"QUANT.\"),OR(K28=\"\",M28=0,N28=\"\")),\"►E\",IF(AND(ACOMPANHAMENTO=\"PLE\",ORÇAMENTO!AC28=\"QUANT.\"),\"►Q\",IF(AND(ACOMPANHAMENTO=\"PLE\",H28<>SUMPRODUCT(($Q$1:$AA$1=1)*ROUND(Q28:AA28,15))),\"►S\",IF(AND(COUNTIF($P$11:$AA$11,\"▼\")=0,H28>0,I28=\"\"),\"◄M\",\"\")))))","v":{"$error":"#NAME?"}},"1. Rede de Distribuição PVC",".",{"$f":"IF($D28<>\"Serviço\",\"\",\n          IF(AUTOEVENTO=\"manual\",$A28,\n                IF(ISERROR(MATCH($A28,$A$15:OFFSET($A28,-1,0),0)),MAX($M$15:OFFSET(M28,-1,0))+1,\n                      INDEX($M$15:OFFSET(M28,-1,0),MATCH($A28,$A$15:OFFSET($A28,-1,0),0)))))","v":2},{"$f":"IF($D28<>\"Serviço\",\"\",\n         IF(AUTOEVENTO=\"Manual\",\n                IF($A28=0,\"<-- defina o número do agrupador\",\n                       OFFSET(EVENTOS!$D$15,$A28-$A$15,0)),\n                OFFSET($F$15,$A28,0)))","v":"REDE DE DISTRUIBUIÇÃO"},null,null,{"$f":"Q27-0.12","v":55.050000000000004},null,null,null,null,null,null,null,null,null,null,{"$f":"IF(AND($D28=\"Serviço\",AB$12<>0,$H28>0,OR(AUTOEVENTO<>\"manual\",$M28<>$A$15)),\n        IF(Import.TipoArredondamento<>\"TransfereGOV\",\n              ROUND(OFFSET($P28,0,AB$13),15-13*ORÇAMENTO!$AF$7)/$H28*OFFSET(ORÇAMENTO!$X$15,ROW(AB28)-ROW(AB$15),0),\n              ROUND(ROUND(OFFSET($P28,0,AB$13),15-13*ORÇAMENTO!$AF$7)*OFFSET(ORÇAMENTO!$W$15,ROW(AB28)-ROW(AB$15),0),15-13*ORÇAMENTO!$AF$11)),\n         0)","v":1786.92},{"$f":"IF(AND($D28=\"Serviço\",AC$12<>0,$H28>0,OR(AUTOEVENTO<>\"manual\",$M28<>$A$15)),\n        IF(Import.TipoArredondamento<>\"TransfereGOV\",\n              ROUND(OFFSET($P28,0,AC$13),15-13*ORÇAMENTO!$AF$7)/$H28*OFFSET(ORÇAMENTO!$X$15,ROW(AC28)-ROW(AC$15),0),\n              ROUND(ROUND(OFFSET($P28,0,AC$13),15-13*ORÇAMENTO!$AF$7)*OFFSET(ORÇAMENTO!$W$15,ROW(AC28)-ROW(AC$15),0),15-13*ORÇAMENTO!$AF$11)),\n         0)","v":0},{"$f":"IF(AND($D28=\"Serviço\",AD$12<>0,$H28>0,OR(AUTOEVENTO<>\"manual\",$M28<>$A$15)),\n        IF(Import.TipoArredondamento<>\"TransfereGOV\",\n              ROUND(OFFSET($P28,0,AD$13),15-13*ORÇAMENTO!$AF$7)/$H28*OFFSET(ORÇAMENTO!$X$15,ROW(AD28)-ROW(AD$15),0),\n              ROUND(ROUND(OFFSET($P28,0,AD$13),15-13*ORÇAMENTO!$AF$7)*OFFSET(ORÇAMENTO!$W$15,ROW(AD28)-ROW(AD$15),0),15-13*ORÇAMENTO!$AF$11)),\n         0)","v":0},{"$f":"IF(AND($D28=\"Serviço\",AE$12<>0,$H28>0,OR(AUTOEVENTO<>\"manual\",$M28<>$A$15)),\n        IF(Import.TipoArredondamento<>\"TransfereGOV\",\n              ROUND(OFFSET($P28,0,AE$13),15-13*ORÇAMENTO!$AF$7)/$H28*OFFSET(ORÇAMENTO!$X$15,ROW(AE28)-ROW(AE$15),0),\n              ROUND(ROUND(OFFSET($P28,0,AE$13),15-13*ORÇAMENTO!$AF$7)*OFFSET(ORÇAMENTO!$W$15,ROW(AE28)-ROW(AE$15),0),15-13*ORÇAMENTO!$AF$11)),\n         0)","v":0},{"$f":"IF(AND($D28=\"Serviço\",AF$12<>0,$H28>0,OR(AUTOEVENTO<>\"manual\",$M28<>$A$15)),\n        IF(Import.TipoArredondamento<>\"TransfereGOV\",\n              ROUND(OFFSET($P28,0,AF$13),15-13*ORÇAMENTO!$AF$7)/$H28*OFFSET(ORÇAMENTO!$X$15,ROW(AF28)-ROW(AF$15),0),\n              ROUND(ROUND(OFFSET($P28,0,AF$13),15-13*ORÇAMENTO!$AF$7)*OFFSET(ORÇAMENTO!$W$15,ROW(AF28)-ROW(AF$15),0),15-13*ORÇAMENTO!$AF$11)),\n         0)","v":0},{"$f":"IF(AND($D28=\"Serviço\",AG$12<>0,$H28>0,OR(AUTOEVENTO<>\"manual\",$M28<>$A$15)),\n        IF(Import.TipoArredondamento<>\"TransfereGOV\",\n              ROUND(OFFSET($P28,0,AG$13),15-13*ORÇAMENTO!$AF$7)/$H28*OFFSET(ORÇAMENTO!$X$15,ROW(AG28)-ROW(AG$15),0),\n              ROUND(ROUND(OFFSET($P28,0,AG$13),15-13*ORÇAMENTO!$AF$7)*OFFSET(ORÇAMENTO!$W$15,ROW(AG28)-ROW(AG$15),0),15-13*ORÇAMENTO!$AF$11)),\n         0)","v":0},{"$f":"IF(AND($D28=\"Serviço\",AH$12<>0,$H28>0,OR(AUTOEVENTO<>\"manual\",$M28<>$A$15)),\n        IF(Import.TipoArredondamento<>\"TransfereGOV\",\n              ROUND(OFFSET($P28,0,AH$13),15-13*ORÇAMENTO!$AF$7)/$H28*OFFSET(ORÇAMENTO!$X$15,ROW(AH28)-ROW(AH$15),0),\n              ROUND(ROUND(OFFSET($P28,0,AH$13),15-13*ORÇAMENTO!$AF$7)*OFFSET(ORÇAMENTO!$W$15,ROW(AH28)-ROW(AH$15),0),15-13*ORÇAMENTO!$AF$11)),\n         0)","v":0},{"$f":"IF(AND($D28=\"Serviço\",AI$12<>0,$H28>0,OR(AUTOEVENTO<>\"manual\",$M28<>$A$15)),\n        IF(Import.TipoArredondamento<>\"TransfereGOV\",\n              ROUND(OFFSET($P28,0,AI$13),15-13*ORÇAMENTO!$AF$7)/$H28*OFFSET(ORÇAMENTO!$X$15,ROW(AI28)-ROW(AI$15),0),\n              ROUND(ROUND(OFFSET($P28,0,AI$13),15-13*ORÇAMENTO!$AF$7)*OFFSET(ORÇAMENTO!$W$15,ROW(AI28)-ROW(AI$15),0),15-13*ORÇAMENTO!$AF$11)),\n         0)","v":0},{"$f":"IF(AND($D28=\"Serviço\",AJ$12<>0,$H28>0,OR(AUTOEVENTO<>\"manual\",$M28<>$A$15)),\n        IF(Import.TipoArredondamento<>\"TransfereGOV\",\n              ROUND(OFFSET($P28,0,AJ$13),15-13*ORÇAMENTO!$AF$7)/$H28*OFFSET(ORÇAMENTO!$X$15,ROW(AJ28)-ROW(AJ$15),0),\n              ROUND(ROUND(OFFSET($P28,0,AJ$13),15-13*ORÇAMENTO!$AF$7)*OFFSET(ORÇAMENTO!$W$15,ROW(AJ28)-ROW(AJ$15),0),15-13*ORÇAMENTO!$AF$11)),\n         0)","v":0},{"$f":"IF(AND($D28=\"Serviço\",AK$12<>0,$H28>0,OR(AUTOEVENTO<>\"manual\",$M28<>$A$15)),\n        IF(Import.TipoArredondamento<>\"TransfereGOV\",\n              ROUND(OFFSET($P28,0,AK$13),15-13*ORÇAMENTO!$AF$7)/$H28*OFFSET(ORÇAMENTO!$X$15,ROW(AK28)-ROW(AK$15),0),\n              ROUND(ROUND(OFFSET($P28,0,AK$13),15-13*ORÇAMENTO!$AF$7)*OFFSET(ORÇAMENTO!$W$15,ROW(AK28)-ROW(AK$15),0),15-13*ORÇAMENTO!$AF$11)),\n         0)","v":0},null,{"$f":"IF(OR($D28<>\"Serviço\",AND(AUTOEVENTO=\"Manual\",$M28=$A$15)),0,\n         IF(OFFSET(CRONOPLE!$F$15,$M28-$A$15,AM$13)=0,10^12,OFFSET(CRONOPLE!$F$15,$M28-$A$15,AM$13)))","v":1},{"$f":"IF(OR($D28<>\"Serviço\",AND(AUTOEVENTO=\"Manual\",$M28=$A$15)),0,\n         IF(OFFSET(CRONOPLE!$F$15,$M28-$A$15,AN$13)=0,10^12,OFFSET(CRONOPLE!$F$15,$M28-$A$15,AN$13)))","v":2},{"$f":"IF(OR($D28<>\"Serviço\",AND(AUTOEVENTO=\"Manual\",$M28=$A$15)),0,\n         IF(OFFSET(CRONOPLE!$F$15,$M28-$A$15,AO$13)=0,10^12,OFFSET(CRONOPLE!$F$15,$M28-$A$15,AO$13)))","v":1000000000000},{"$f":"IF(OR($D28<>\"Serviço\",AND(AUTOEVENTO=\"Manual\",$M28=$A$15)),0,\n         IF(OFFSET(CRONOPLE!$F$15,$M28-$A$15,AP$13)=0,10^12,OFFSET(CRONOPLE!$F$15,$M28-$A$15,AP$13)))","v":1000000000000},{"$f":"IF(OR($D28<>\"Serviço\",AND(AUTOEVENTO=\"Manual\",$M28=$A$15)),0,\n         IF(OFFSET(CRONOPLE!$F$15,$M28-$A$15,AQ$13)=0,10^12,OFFSET(CRONOPLE!$F$15,$M28-$A$15,AQ$13)))","v":1000000000000},{"$f":"IF(OR($D28<>\"Serviço\",AND(AUTOEVENTO=\"Manual\",$M28=$A$15)),0,\n         IF(OFFSET(CRONOPLE!$F$15,$M28-$A$15,AR$13)=0,10^12,OFFSET(CRONOPLE!$F$15,$M28-$A$15,AR$13)))","v":1000000000000},{"$f":"IF(OR($D28<>\"Serviço\",AND(AUTOEVENTO=\"Manual\",$M28=$A$15)),0,\n         IF(OFFSET(CRONOPLE!$F$15,$M28-$A$15,AS$13)=0,10^12,OFFSET(CRONOPLE!$F$15,$M28-$A$15,AS$13)))","v":1000000000000},{"$f":"IF(OR($D28<>\"Serviço\",AND(AUTOEVENTO=\"Manual\",$M28=$A$15)),0,\n         IF(OFFSET(CRONOPLE!$F$15,$M28-$A$15,AT$13)=0,10^12,OFFSET(CRONOPLE!$F$15,$M28-$A$15,AT$13)))","v":1000000000000},{"$f":"IF(OR($D28<>\"Serviço\",AND(AUTOEVENTO=\"Manual\",$M28=$A$15)),0,\n         IF(OFFSET(CRONOPLE!$F$15,$M28-$A$15,AU$13)=0,10^12,OFFSET(CRONOPLE!$F$15,$M28-$A$15,AU$13)))","v":1000000000000},{"$f":"IF(OR($D28<>\"Serviço\",AND(AUTOEVENTO=\"Manual\",$M28=$A$15)),0,\n         IF(OFFSET(CRONOPLE!$F$15,$M28-$A$15,AV$13)=0,10^12,OFFSET(CRONOPLE!$F$15,$M28-$A$15,AV$13)))","v":1000000000000},null,{"$f":"IF(OR($D28<>\"Serviço\",AND(AUTOEVENTO=\"Manual\",$M28=$A$15),$M28>(ROW(PLE.lastrow)-ROW(PLE.firstrow))),0,\n           IF(OFFSET(PLE!$G$15,$M28-$A$15,AX$13)=\"\",10^12,OFFSET(PLE!$G$15,$M28-$A$15,AX$13)))","v":1000000000000},{"$f":"IF(OR($D28<>\"Serviço\",AND(AUTOEVENTO=\"Manual\",$M28=$A$15),$M28>(ROW(PLE.lastrow)-ROW(PLE.firstrow))),0,\n           IF(OFFSET(PLE!$G$15,$M28-$A$15,AY$13)=\"\",10^12,OFFSET(PLE!$G$15,$M28-$A$15,AY$13)))","v":1000000000000},{"$f":"IF(OR($D28<>\"Serviço\",AND(AUTOEVENTO=\"Manual\",$M28=$A$15),$M28>(ROW(PLE.lastrow)-ROW(PLE.firstrow))),0,\n           IF(OFFSET(PLE!$G$15,$M28-$A$15,AZ$13)=\"\",10^12,OFFSET(PLE!$G$15,$M28-$A$15,AZ$13)))","v":1000000000000},{"$f":"IF(OR($D28<>\"Serviço\",AND(AUTOEVENTO=\"Manual\",$M28=$A$15),$M28>(ROW(PLE.lastrow)-ROW(PLE.firstrow))),0,\n           IF(OFFSET(PLE!$G$15,$M28-$A$15,BA$13)=\"\",10^12,OFFSET(PLE!$G$15,$M28-$A$15,BA$13)))","v":1000000000000},{"$f":"IF(OR($D28<>\"Serviço\",AND(AUTOEVENTO=\"Manual\",$M28=$A$15),$M28>(ROW(PLE.lastrow)-ROW(PLE.firstrow))),0,\n           IF(OFFSET(PLE!$G$15,$M28-$A$15,BB$13)=\"\",10^12,OFFSET(PLE!$G$15,$M28-$A$15,BB$13)))","v":1000000000000},{"$f":"IF(OR($D28<>\"Serviço\",AND(AUTOEVENTO=\"Manual\",$M28=$A$15),$M28>(ROW(PLE.lastrow)-ROW(PLE.firstrow))),0,\n           IF(OFFSET(PLE!$G$15,$M28-$A$15,BC$13)=\"\",10^12,OFFSET(PLE!$G$15,$M28-$A$15,BC$13)))","v":1000000000000},{"$f":"IF(OR($D28<>\"Serviço\",AND(AUTOEVENTO=\"Manual\",$M28=$A$15),$M28>(ROW(PLE.lastrow)-ROW(PLE.firstrow))),0,\n           IF(OFFSET(PLE!$G$15,$M28-$A$15,BD$13)=\"\",10^12,OFFSET(PLE!$G$15,$M28-$A$15,BD$13)))","v":1000000000000},{"$f":"IF(OR($D28<>\"Serviço\",AND(AUTOEVENTO=\"Manual\",$M28=$A$15),$M28>(ROW(PLE.lastrow)-ROW(PLE.firstrow))),0,\n           IF(OFFSET(PLE!$G$15,$M28-$A$15,BE$13)=\"\",10^12,OFFSET(PLE!$G$15,$M28-$A$15,BE$13)))","v":1000000000000},{"$f":"IF(OR($D28<>\"Serviço\",AND(AUTOEVENTO=\"Manual\",$M28=$A$15),$M28>(ROW(PLE.lastrow)-ROW(PLE.firstrow))),0,\n           IF(OFFSET(PLE!$G$15,$M28-$A$15,BF$13)=\"\",10^12,OFFSET(PLE!$G$15,$M28-$A$15,BF$13)))","v":1000000000000},{"$f":"IF(OR($D28<>\"Serviço\",AND(AUTOEVENTO=\"Manual\",$M28=$A$15),$M28>(ROW(PLE.lastrow)-ROW(PLE.firstrow))),0,\n           IF(OFFSET(PLE!$G$15,$M28-$A$15,BG$13)=\"\",10^12,OFFSET(PLE!$G$15,$M28-$A$15,BG$13)))","v":1000000000000}]
["10",{"$f":"OFFSET(ORÇAMENTO!C$15,ROW(B29)-ROW(B$15),0)","v":"S"},{"$f":"OFFSET(ORÇAMENTO!L$15,ROW(C29)-ROW(C$15),0)","v":"F"},{"$f":"OFFSET(ORÇAMENTO!N$15,ROW(D29)-ROW(D$15),0)","v":"Serviço"},{"$f":"OFFSET(ORÇAMENTO!O$15,ROW(E29)-ROW(E$15),0)","v":"1.2.1.3."},{"$f":"OFFSET(ORÇAMENTO!R$15,ROW(F29)-ROW(F$15),0)","v":"ASSENTAMENTO E FORNECIMENTO DE TUBO DE PVC PBA PARA REDE DE ÁGUA, DN 50, JUNTA ELÁSTICA INTEGRADA, INSTALADO EM LOCAL COM NÍVEL BAIXO DE INTERFERÊNCIAS (INCLUI FORNECIMENTO). AF_05/2024"},{"$f":"IF($D29<>\"Serviço\",\"\",OFFSET(ORÇAMENTO!S$15,ROW(G29)-ROW(G$15),0))","v":"UN"},{"$f":"IF($D29<>\"Serviço\",0,IF(ACOMPANHAMENTO=\"BM\",ROUND(OFFSET(ORÇAMENTO!AJ$15,ROW(H29)-ROW(H$15),0),15-13*ORÇAMENTO!$AF$7),SUMPRODUCT(($Q$1:$AA$1=1)*ROUND($Q29:$AA29,15-13*ORÇAMENTO!$AF$7))))","v":31},"6 unidades de 6,0 metros (=183,90m.)",{"$f":"IF(OR(B29<>\"S\",CÁLCULO.FrentesPreenchidas=0),\"\",IF(AND(ACOMPANHAMENTO=\"PLE\",AUTOEVENTO=\"Manual\",OR(H29>0,ORÇAMENTO!AC29=\"QUANT.\"),OR(K29=\"\",M29=0,N29=\"\")),\"►E\",IF(AND(ACOMPANHAMENTO=\"PLE\",ORÇAMENTO!AC29=\"QUANT.\"),\"►Q\",IF(AND(ACOMPANHAMENTO=\"PLE\",H29<>SUMPRODUCT(($Q$1:$AA$1=1)*ROUND(Q29:AA29,15))),\"►S\",IF(AND(COUNTIF($P$11:$AA$11,\"▼\")=0,H29>0,I29=\"\"),\"◄M\",\"\")))))","v":{"$error":"#NAME?"}},"1. Rede de Distribuição PVC",".",{"$f":"IF($D29<>\"Serviço\",\"\",\n          IF(AUTOEVENTO=\"manual\",$A29,\n                IF(ISERROR(MATCH($A29,$A$15:OFFSET($A29,-1,0),0)),MAX($M$15:OFFSET(M29,-1,0))+1,\n                      INDEX($M$15:OFFSET(M29,-1,0),MATCH($A29,$A$15:OFFSET($A29,-1,0),0)))))","v":2},{"$f":"IF($D29<>\"Serviço\",\"\",\n         IF(AUTOEVENTO=\"Manual\",\n                IF($A29=0,\"<-- defina o número do agrupador\",\n                       OFFSET(EVENTOS!$D$15,$A29-$A$15,0)),\n                OFFSET($F$15,$A29,0)))","v":"REDE DE DISTRUIBUIÇÃO"},null,null,{"$f":"ROUNDUP(183.9/6,0)","v":31},null,null,null,null,null,null,null,null,null,null,{"$f":"IF(AND($D29=\"Serviço\",AB$12<>0,$H29>0,OR(AUTOEVENTO<>\"manual\",$M29<>$A$15)),\n        IF(Import.TipoArredondamento<>\"TransfereGOV\",\n              ROUND(OFFSET($P29,0,AB$13),15-13*ORÇAMENTO!$AF$7)/$H29*OFFSET(ORÇAMENTO!$X$15,ROW(AB29)-ROW(AB$15),0),\n              ROUND(ROUND(OFFSET($P29,0,AB$13),15-13*ORÇAMENTO!$AF$7)*OFFSET(ORÇAMENTO!$W$15,ROW(AB29)-ROW(AB$15),0),15-13*ORÇAMENTO!$AF$11)),\n         0)","v":989.52},{"$f":"IF(AND($D29=\"Serviço\",AC$12<>0,$H29>0,OR(AUTOEVENTO<>\"manual\",$M29<>$A$15)),\n        IF(Import.TipoArredondamento<>\"TransfereGOV\",\n              ROUND(OFFSET($P29,0,AC$13),15-13*ORÇAMENTO!$AF$7)/$H29*OFFSET(ORÇAMENTO!$X$15,ROW(AC29)-ROW(AC$15),0),\n              ROUND(ROUND(OFFSET($P29,0,AC$13),15-13*ORÇAMENTO!$AF$7)*OFFSET(ORÇAMENTO!$W$15,ROW(AC29)-ROW(AC$15),0),15-13*ORÇAMENTO!$AF$11)),\n         0)","v":0},{"$f":"IF(AND($D29=\"Serviço\",AD$12<>0,$H29>0,OR(AUTOEVENTO<>\"manual\",$M29<>$A$15)),\n        IF(Import.TipoArredondamento<>\"TransfereGOV\",\n              ROUND(OFFSET($P29,0,AD$13),15-13*ORÇAMENTO!$AF$7)/$H29*OFFSET(ORÇAMENTO!$X$15,ROW(AD29)-ROW(AD$15),0),\n              ROUND(ROUND(OFFSET($P29,0,AD$13),15-13*ORÇAMENTO!$AF$7)*OFFSET(ORÇAMENTO!$W$15,ROW(AD29)-ROW(AD$15),0),15-13*ORÇAMENTO!$AF$11)),\n         0)","v":0},{"$f":"IF(AND($D29=\"Serviço\",AE$12<>0,$H29>0,OR(AUTOEVENTO<>\"manual\",$M29<>$A$15)),\n        IF(Import.TipoArredondamento<>\"TransfereGOV\",\n              ROUND(OFFSET($P29,0,AE$13),15-13*ORÇAMENTO!$AF$7)/$H29*OFFSET(ORÇAMENTO!$X$15,ROW(AE29)-ROW(AE$15),0),\n              ROUND(ROUND(OFFSET($P29,0,AE$13),15-13*ORÇAMENTO!$AF$7)*OFFSET(ORÇAMENTO!$W$15,ROW(AE29)-ROW(AE$15),0),15-13*ORÇAMENTO!$AF$11)),\n         0)","v":0},{"$f":"IF(AND($D29=\"Serviço\",AF$12<>0,$H29>0,OR(AUTOEVENTO<>\"manual\",$M29<>$A$15)),\n        IF(Import.TipoArredondamento<>\"TransfereGOV\",\n              ROUND(OFFSET($P29,0,AF$13),15-13*ORÇAMENTO!$AF$7)/$H29*OFFSET(ORÇAMENTO!$X$15,ROW(AF29)-ROW(AF$15),0),\n              ROUND(ROUND(OFFSET($P29,0,AF$13),15-13*ORÇAMENTO!$AF$7)*OFFSET(ORÇAMENTO!$W$15,ROW(AF29)-ROW(AF$15),0),15-13*ORÇAMENTO!$AF$11)),\n         0)","v":0},{"$f":"IF(AND($D29=\"Serviço\",AG$12<>0,$H29>0,OR(AUTOEVENTO<>\"manual\",$M29<>$A$15)),\n        IF(Import.TipoArredondamento<>\"TransfereGOV\",\n              ROUND(OFFSET($P29,0,AG$13),15-13*ORÇAMENTO!$AF$7)/$H29*OFFSET(ORÇAMENTO!$X$15,ROW(AG29)-ROW(AG$15),0),\n              ROUND(ROUND(OFFSET($P29,0,AG$13),15-13*ORÇAMENTO!$AF$7)*OFFSET(ORÇAMENTO!$W$15,ROW(AG29)-ROW(AG$15),0),15-13*ORÇAMENTO!$AF$11)),\n         0)","v":0},{"$f":"IF(AND($D29=\"Serviço\",AH$12<>0,$H29>0,OR(AUTOEVENTO<>\"manual\",$M29<>$A$15)),\n        IF(Import.TipoArredondamento<>\"TransfereGOV\",\n              ROUND(OFFSET($P29,0,AH$13),15-13*ORÇAMENTO!$AF$7)/$H29*OFFSET(ORÇAMENTO!$X$15,ROW(AH29)-ROW(AH$15),0),\n              ROUND(ROUND(OFFSET($P29,0,AH$13),15-13*ORÇAMENTO!$AF$7)*OFFSET(ORÇAMENTO!$W$15,ROW(AH29)-ROW(AH$15),0),15-13*ORÇAMENTO!$AF$11)),\n         0)","v":0},{"$f":"IF(AND($D29=\"Serviço\",AI$12<>0,$H29>0,OR(AUTOEVENTO<>\"manual\",$M29<>$A$15)),\n        IF(Import.TipoArredondamento<>\"TransfereGOV\",\n              ROUND(OFFSET($P29,0,AI$13),15-13*ORÇAMENTO!$AF$7)/$H29*OFFSET(ORÇAMENTO!$X$15,ROW(AI29)-ROW(AI$15),0),\n              ROUND(ROUND(OFFSET($P29,0,AI$13),15-13*ORÇAMENTO!$AF$7)*OFFSET(ORÇAMENTO!$W$15,ROW(AI29)-ROW(AI$15),0),15-13*ORÇAMENTO!$AF$11)),\n         0)","v":0},{"$f":"IF(AND($D29=\"Serviço\",AJ$12<>0,$H29>0,OR(AUTOEVENTO<>\"manual\",$M29<>$A$15)),\n        IF(Import.TipoArredondamento<>\"TransfereGOV\",\n              ROUND(OFFSET($P29,0,AJ$13),15-13*ORÇAMENTO!$AF$7)/$H29*OFFSET(ORÇAMENTO!$X$15,ROW(AJ29)-ROW(AJ$15),0),\n              ROUND(ROUND(OFFSET($P29,0,AJ$13),15-13*ORÇAMENTO!$AF$7)*OFFSET(ORÇAMENTO!$W$15,ROW(AJ29)-ROW(AJ$15),0),15-13*ORÇAMENTO!$AF$11)),\n         0)","v":0},{"$f":"IF(AND($D29=\"Serviço\",AK$12<>0,$H29>0,OR(AUTOEVENTO<>\"manual\",$M29<>$A$15)),\n        IF(Import.TipoArredondamento<>\"TransfereGOV\",\n              ROUND(OFFSET($P29,0,AK$13),15-13*ORÇAMENTO!$AF$7)/$H29*OFFSET(ORÇAMENTO!$X$15,ROW(AK29)-ROW(AK$15),0),\n              ROUND(ROUND(OFFSET($P29,0,AK$13),15-13*ORÇAMENTO!$AF$7)*OFFSET(ORÇAMENTO!$W$15,ROW(AK29)-ROW(AK$15),0),15-13*ORÇAMENTO!$AF$11)),\n         0)","v":0},null,{"$f":"IF(OR($D29<>\"Serviço\",AND(AUTOEVENTO=\"Manual\",$M29=$A$15)),0,\n         IF(OFFSET(CRONOPLE!$F$15,$M29-$A$15,AM$13)=0,10^12,OFFSET(CRONOPLE!$F$15,$M29-$A$15,AM$13)))","v":1},{"$f":"IF(OR($D29<>\"Serviço\",AND(AUTOEVENTO=\"Manual\",$M29=$A$15)),0,\n         IF(OFFSET(CRONOPLE!$F$15,$M29-$A$15,AN$13)=0,10^12,OFFSET(CRONOPLE!$F$15,$M29-$A$15,AN$13)))","v":2},{"$f":"IF(OR($D29<>\"Serviço\",AND(AUTOEVENTO=\"Manual\",$M29=$A$15)),0,\n         IF(OFFSET(CRONOPLE!$F$15,$M29-$A$15,AO$13)=0,10^12,OFFSET(CRONOPLE!$F$15,$M29-$A$15,AO$13)))","v":1000000000000},{"$f":"IF(OR($D29<>\"Serviço\",AND(AUTOEVENTO=\"Manual\",$M29=$A$15)),0,\n         IF(OFFSET(CRONOPLE!$F$15,$M29-$A$15,AP$13)=0,10^12,OFFSET(CRONOPLE!$F$15,$M29-$A$15,AP$13)))","v":1000000000000},{"$f":"IF(OR($D29<>\"Serviço\",AND(AUTOEVENTO=\"Manual\",$M29=$A$15)),0,\n         IF(OFFSET(CRONOPLE!$F$15,$M29-$A$15,AQ$13)=0,10^12,OFFSET(CRONOPLE!$F$15,$M29-$A$15,AQ$13)))","v":1000000000000},{"$f":"IF(OR($D29<>\"Serviço\",AND(AUTOEVENTO=\"Manual\",$M29=$A$15)),0,\n         IF(OFFSET(CRONOPLE!$F$15,$M29-$A$15,AR$13)=0,10^12,OFFSET(CRONOPLE!$F$15,$M29-$A$15,AR$13)))","v":1000000000000},{"$f":"IF(OR($D29<>\"Serviço\",AND(AUTOEVENTO=\"Manual\",$M29=$A$15)),0,\n         IF(OFFSET(CRONOPLE!$F$15,$M29-$A$15,AS$13)=0,10^12,OFFSET(CRONOPLE!$F$15,$M29-$A$15,AS$13)))","v":1000000000000},{"$f":"IF(OR($D29<>\"Serviço\",AND(AUTOEVENTO=\"Manual\",$M29=$A$15)),0,\n         IF(OFFSET(CRONOPLE!$F$15,$M29-$A$15,AT$13)=0,10^12,OFFSET(CRONOPLE!$F$15,$M29-$A$15,AT$13)))","v":1000000000000},{"$f":"IF(OR($D29<>\"Serviço\",AND(AUTOEVENTO=\"Manual\",$M29=$A$15)),0,\n         IF(OFFSET(CRONOPLE!$F$15,$M29-$A$15,AU$13)=0,10^12,OFFSET(CRONOPLE!$F$15,$M29-$A$15,AU$13)))","v":1000000000000},{"$f":"IF(OR($D29<>\"Serviço\",AND(AUTOEVENTO=\"Manual\",$M29=$A$15)),0,\n         IF(OFFSET(CRONOPLE!$F$15,$M29-$A$15,AV$13)=0,10^12,OFFSET(CRONOPLE!$F$15,$M29-$A$15,AV$13)))","v":1000000000000},null,{"$f":"IF(OR($D29<>\"Serviço\",AND(AUTOEVENTO=\"Manual\",$M29=$A$15),$M29>(ROW(PLE.lastrow)-ROW(PLE.firstrow))),0,\n           IF(OFFSET(PLE!$G$15,$M29-$A$15,AX$13)=\"\",10^12,OFFSET(PLE!$G$15,$M29-$A$15,AX$13)))","v":1000000000000},{"$f":"IF(OR($D29<>\"Serviço\",AND(AUTOEVENTO=\"Manual\",$M29=$A$15),$M29>(ROW(PLE.lastrow)-ROW(PLE.firstrow))),0,\n           IF(OFFSET(PLE!$G$15,$M29-$A$15,AY$13)=\"\",10^12,OFFSET(PLE!$G$15,$M29-$A$15,AY$13)))","v":1000000000000},{"$f":"IF(OR($D29<>\"Serviço\",AND(AUTOEVENTO=\"Manual\",$M29=$A$15),$M29>(ROW(PLE.lastrow)-ROW(PLE.firstrow))),0,\n           IF(OFFSET(PLE!$G$15,$M29-$A$15,AZ$13)=\"\",10^12,OFFSET(PLE!$G$15,$M29-$A$15,AZ$13)))","v":1000000000000},{"$f":"IF(OR($D29<>\"Serviço\",AND(AUTOEVENTO=\"Manual\",$M29=$A$15),$M29>(ROW(PLE.lastrow)-ROW(PLE.firstrow))),0,\n           IF(OFFSET(PLE!$G$15,$M29-$A$15,BA$13)=\"\",10^12,OFFSET(PLE!$G$15,$M29-$A$15,BA$13)))","v":1000000000000},{"$f":"IF(OR($D29<>\"Serviço\",AND(AUTOEVENTO=\"Manual\",$M29=$A$15),$M29>(ROW(PLE.lastrow)-ROW(PLE.firstrow))),0,\n           IF(OFFSET(PLE!$G$15,$M29-$A$15,BB$13)=\"\",10^12,OFFSET(PLE!$G$15,$M29-$A$15,BB$13)))","v":1000000000000},{"$f":"IF(OR($D29<>\"Serviço\",AND(AUTOEVENTO=\"Manual\",$M29=$A$15),$M29>(ROW(PLE.lastrow)-ROW(PLE.firstrow))),0,\n           IF(OFFSET(PLE!$G$15,$M29-$A$15,BC$13)=\"\",10^12,OFFSET(PLE!$G$15,$M29-$A$15,BC$13)))","v":1000000000000},{"$f":"IF(OR($D29<>\"Serviço\",AND(AUTOEVENTO=\"Manual\",$M29=$A$15),$M29>(ROW(PLE.lastrow)-ROW(PLE.firstrow))),0,\n           IF(OFFSET(PLE!$G$15,$M29-$A$15,BD$13)=\"\",10^12,OFFSET(PLE!$G$15,$M29-$A$15,BD$13)))","v":1000000000000},{"$f":"IF(OR($D29<>\"Serviço\",AND(AUTOEVENTO=\"Manual\",$M29=$A$15),$M29>(ROW(PLE.lastrow)-ROW(PLE.firstrow))),0,\n           IF(OFFSET(PLE!$G$15,$M29-$A$15,BE$13)=\"\",10^12,OFFSET(PLE!$G$15,$M29-$A$15,BE$13)))","v":1000000000000},{"$f":"IF(OR($D29<>\"Serviço\",AND(AUTOEVENTO=\"Manual\",$M29=$A$15),$M29>(ROW(PLE.lastrow)-ROW(PLE.firstrow))),0,\n           IF(OFFSET(PLE!$G$15,$M29-$A$15,BF$13)=\"\",10^12,OFFSET(PLE!$G$15,$M29-$A$15,BF$13)))","v":1000000000000},{"$f":"IF(OR($D29<>\"Serviço\",AND(AUTOEVENTO=\"Manual\",$M29=$A$15),$M29>(ROW(PLE.lastrow)-ROW(PLE.firstrow))),0,\n           IF(OFFSET(PLE!$G$15,$M29-$A$15,BG$13)=\"\",10^12,OFFSET(PLE!$G$15,$M29-$A$15,BG$13)))","v":1000000000000}]
["10",{"$f":"OFFSET(ORÇAMENTO!C$15,ROW(B30)-ROW(B$15),0)","v":"S"},{"$f":"OFFSET(ORÇAMENTO!L$15,ROW(C30)-ROW(C$15),0)","v":"F"},{"$f":"OFFSET(ORÇAMENTO!N$15,ROW(D30)-ROW(D$15),0)","v":"Serviço"},{"$f":"OFFSET(ORÇAMENTO!O$15,ROW(E30)-ROW(E$15),0)","v":"1.2.1.4."},{"$f":"OFFSET(ORÇAMENTO!R$15,ROW(F30)-ROW(F$15),0)","v":"ASSENTAMENTO E FORNECIMENTO DE CURVA PVC PBA, JE, PB, 45 GRAUS, DN 50 / DE 60 MM, PARA REDE AGUA, JUNTA ELÁSTICA INTEGRADA, INSTALADO EM LOCAL COM NÍVEL BAIXO DE INTERFERÊNCIAS (INCLUI FORNECIMENTO). AF_05/2024"},{"$f":"IF($D30<>\"Serviço\",\"\",OFFSET(ORÇAMENTO!S$15,ROW(G30)-ROW(G$15),0))","v":"UN"},{"$f":"IF($D30<>\"Serviço\",0,IF(ACOMPANHAMENTO=\"BM\",ROUND(OFFSET(ORÇAMENTO!AJ$15,ROW(H30)-ROW(H$15),0),15-13*ORÇAMENTO!$AF$7),SUMPRODUCT(($Q$1:$AA$1=1)*ROUND($Q30:$AA30,15-13*ORÇAMENTO!$AF$7))))","v":1},"Conforme projeto (Peça 02)",{"$f":"IF(OR(B30<>\"S\",CÁLCULO.FrentesPreenchidas=0),\"\",IF(AND(ACOMPANHAMENTO=\"PLE\",AUTOEVENTO=\"Manual\",OR(H30>0,ORÇAMENTO!AC30=\"QUANT.\"),OR(K30=\"\",M30=0,N30=\"\")),\"►E\",IF(AND(ACOMPANHAMENTO=\"PLE\",ORÇAMENTO!AC30=\"QUANT.\"),\"►Q\",IF(AND(ACOMPANHAMENTO=\"PLE\",H30<>SUMPRODUCT(($Q$1:$AA$1=1)*ROUND(Q30:AA30,15))),\"►S\",IF(AND(COUNTIF($P$11:$AA$11,\"▼\")=0,H30>0,I30=\"\"),\"◄M\",\"\")))))","v":{"$error":"#NAME?"}},"1. Rede de Distribuição PVC",".",{"$f":"IF($D30<>\"Serviço\",\"\",\n          IF(AUTOEVENTO=\"manual\",$A30,\n                IF(ISERROR(MATCH($A30,$A$15:OFFSET($A30,-1,0),0)),MAX($M$15:OFFSET(M30,-1,0))+1,\n                      INDEX($M$15:OFFSET(M30,-1,0),MATCH($A30,$A$15:OFFSET($A30,-1,0),0)))))","v":2},{"$f":"IF($D30<>\"Serviço\",\"\",\n         IF(AUTOEVENTO=\"Manual\",\n                IF($A30=0,\"<-- defina o número do agrupador\",\n                       OFFSET(EVENTOS!$D$15,$A30-$A$15,0)),\n                OFFSET($F$15,$A30,0)))","v":"REDE DE DISTRUIBUIÇÃO"},null,null,1,null,null,null,null,null,null,null,null,null,null,{"$f":"IF(AND($D30=\"Serviço\",AB$12<>0,$H30>0,OR(AUTOEVENTO<>\"manual\",$M30<>$A$15)),\n        IF(Import.TipoArredondamento<>\"TransfereGOV\",\n              ROUND(OFFSET($P30,0,AB$13),15-13*ORÇAMENTO!$AF$7)/$H30*OFFSET(ORÇAMENTO!$X$15,ROW(AB30)-ROW(AB$15),0),\n              ROUND(ROUND(OFFSET($P30,0,AB$13),15-13*ORÇAMENTO!$AF$7)*OFFSET(ORÇAMENTO!$W$15,ROW(AB30)-ROW(AB$15),0),15-13*ORÇAMENTO!$AF$11)),\n         0)","v":60.11},{"$f":"IF(AND($D30=\"Serviço\",AC$12<>0,$H30>0,OR(AUTOEVENTO<>\"manual\",$M30<>$A$15)),\n        IF(Import.TipoArredondamento<>\"TransfereGOV\",\n              ROUND(OFFSET($P30,0,AC$13),15-13*ORÇAMENTO!$AF$7)/$H30*OFFSET(ORÇAMENTO!$X$15,ROW(AC30)-ROW(AC$15),0),\n              ROUND(ROUND(OFFSET($P30,0,AC$13),15-13*ORÇAMENTO!$AF$7)*OFFSET(ORÇAMENTO!$W$15,ROW(AC30)-ROW(AC$15),0),15-13*ORÇAMENTO!$AF$11)),\n         0)","v":0},{"$f":"IF(AND($D30=\"Serviço\",AD$12<>0,$H30>0,OR(AUTOEVENTO<>\"manual\",$M30<>$A$15)),\n        IF(Import.TipoArredondamento<>\"TransfereGOV\",\n              ROUND(OFFSET($P30,0,AD$13),15-13*ORÇAMENTO!$AF$7)/$H30*OFFSET(ORÇAMENTO!$X$15,ROW(AD30)-ROW(AD$15),0),\n              ROUND(ROUND(OFFSET($P30,0,AD$13),15-13*ORÇAMENTO!$AF$7)*OFFSET(ORÇAMENTO!$W$15,ROW(AD30)-ROW(AD$15),0),15-13*ORÇAMENTO!$AF$11)),\n         0)","v":0},{"$f":"IF(AND($D30=\"Serviço\",AE$12<>0,$H30>0,OR(AUTOEVENTO<>\"manual\",$M30<>$A$15)),\n        IF(Import.TipoArredondamento<>\"TransfereGOV\",\n              ROUND(OFFSET($P30,0,AE$13),15-13*ORÇAMENTO!$AF$7)/$H30*OFFSET(ORÇAMENTO!$X$15,ROW(AE30)-ROW(AE$15),0),\n              ROUND(ROUND(OFFSET($P30,0,AE$13),15-13*ORÇAMENTO!$AF$7)*OFFSET(ORÇAMENTO!$W$15,ROW(AE30)-ROW(AE$15),0),15-13*ORÇAMENTO!$AF$11)),\n         0)","v":0},{"$f":"IF(AND($D30=\"Serviço\",AF$12<>0,$H30>0,OR(AUTOEVENTO<>\"manual\",$M30<>$A$15)),\n        IF(Import.TipoArredondamento<>\"TransfereGOV\",\n              ROUND(OFFSET($P30,0,AF$13),15-13*ORÇAMENTO!$AF$7)/$H30*OFFSET(ORÇAMENTO!$X$15,ROW(AF30)-ROW(AF$15),0),\n              ROUND(ROUND(OFFSET($P30,0,AF$13),15-13*ORÇAMENTO!$AF$7)*OFFSET(ORÇAMENTO!$W$15,ROW(AF30)-ROW(AF$15),0),15-13*ORÇAMENTO!$AF$11)),\n         0)","v":0},{"$f":"IF(AND($D30=\"Serviço\",AG$12<>0,$H30>0,OR(AUTOEVENTO<>\"manual\",$M30<>$A$15)),\n        IF(Import.TipoArredondamento<>\"TransfereGOV\",\n              ROUND(OFFSET($P30,0,AG$13),15-13*ORÇAMENTO!$AF$7)/$H30*OFFSET(ORÇAMENTO!$X$15,ROW(AG30)-ROW(AG$15),0),\n              ROUND(ROUND(OFFSET($P30,0,AG$13),15-13*ORÇAMENTO!$AF$7)*OFFSET(ORÇAMENTO!$W$15,ROW(AG30)-ROW(AG$15),0),15-13*ORÇAMENTO!$AF$11)),\n         0)","v":0},{"$f":"IF(AND($D30=\"Serviço\",AH$12<>0,$H30>0,OR(AUTOEVENTO<>\"manual\",$M30<>$A$15)),\n        IF(Import.TipoArredondamento<>\"TransfereGOV\",\n              ROUND(OFFSET($P30,0,AH$13),15-13*ORÇAMENTO!$AF$7)/$H30*OFFSET(ORÇAMENTO!$X$15,ROW(AH30)-ROW(AH$15),0),\n              ROUND(ROUND(OFFSET($P30,0,AH$13),15-13*ORÇAMENTO!$AF$7)*OFFSET(ORÇAMENTO!$W$15,ROW(AH30)-ROW(AH$15),0),15-13*ORÇAMENTO!$AF$11)),\n         0)","v":0},{"$f":"IF(AND($D30=\"Serviço\",AI$12<>0,$H30>0,OR(AUTOEVENTO<>\"manual\",$M30<>$A$15)),\n        IF(Import.TipoArredondamento<>\"TransfereGOV\",\n              ROUND(OFFSET($P30,0,AI$13),15-13*ORÇAMENTO!$AF$7)/$H30*OFFSET(ORÇAMENTO!$X$15,ROW(AI30)-ROW(AI$15),0),\n              ROUND(ROUND(OFFSET($P30,0,AI$13),15-13*ORÇAMENTO!$AF$7)*OFFSET(ORÇAMENTO!$W$15,ROW(AI30)-ROW(AI$15),0),15-13*ORÇAMENTO!$AF$11)),\n         0)","v":0},{"$f":"IF(AND($D30=\"Serviço\",AJ$12<>0,$H30>0,OR(AUTOEVENTO<>\"manual\",$M30<>$A$15)),\n        IF(Import.TipoArredondamento<>\"TransfereGOV\",\n              ROUND(OFFSET($P30,0,AJ$13),15-13*ORÇAMENTO!$AF$7)/$H30*OFFSET(ORÇAMENTO!$X$15,ROW(AJ30)-ROW(AJ$15),0),\n              ROUND(ROUND(OFFSET($P30,0,AJ$13),15-13*ORÇAMENTO!$AF$7)*OFFSET(ORÇAMENTO!$W$15,ROW(AJ30)-ROW(AJ$15),0),15-13*ORÇAMENTO!$AF$11)),\n         0)","v":0},{"$f":"IF(AND($D30=\"Serviço\",AK$12<>0,$H30>0,OR(AUTOEVENTO<>\"manual\",$M30<>$A$15)),\n        IF(Import.TipoArredondamento<>\"TransfereGOV\",\n              ROUND(OFFSET($P30,0,AK$13),15-13*ORÇAMENTO!$AF$7)/$H30*OFFSET(ORÇAMENTO!$X$15,ROW(AK30)-ROW(AK$15),0),\n              ROUND(ROUND(OFFSET($P30,0,AK$13),15-13*ORÇAMENTO!$AF$7)*OFFSET(ORÇAMENTO!$W$15,ROW(AK30)-ROW(AK$15),0),15-13*ORÇAMENTO!$AF$11)),\n         0)","v":0},null,{"$f":"IF(OR($D30<>\"Serviço\",AND(AUTOEVENTO=\"Manual\",$M30=$A$15)),0,\n         IF(OFFSET(CRONOPLE!$F$15,$M30-$A$15,AM$13)=0,10^12,OFFSET(CRONOPLE!$F$15,$M30-$A$15,AM$13)))","v":1},{"$f":"IF(OR($D30<>\"Serviço\",AND(AUTOEVENTO=\"Manual\",$M30=$A$15)),0,\n         IF(OFFSET(CRONOPLE!$F$15,$M30-$A$15,AN$13)=0,10^12,OFFSET(CRONOPLE!$F$15,$M30-$A$15,AN$13)))","v":2},{"$f":"IF(OR($D30<>\"Serviço\",AND(AUTOEVENTO=\"Manual\",$M30=$A$15)),0,\n         IF(OFFSET(CRONOPLE!$F$15,$M30-$A$15,AO$13)=0,10^12,OFFSET(CRONOPLE!$F$15,$M30-$A$15,AO$13)))","v":1000000000000},{"$f":"IF(OR($D30<>\"Serviço\",AND(AUTOEVENTO=\"Manual\",$M30=$A$15)),0,\n         IF(OFFSET(CRONOPLE!$F$15,$M30-$A$15,AP$13)=0,10^12,OFFSET(CRONOPLE!$F$15,$M30-$A$15,AP$13)))","v":1000000000000},{"$f":"IF(OR($D30<>\"Serviço\",AND(AUTOEVENTO=\"Manual\",$M30=$A$15)),0,\n         IF(OFFSET(CRONOPLE!$F$15,$M30-$A$15,AQ$13)=0,10^12,OFFSET(CRONOPLE!$F$15,$M30-$A$15,AQ$13)))","v":1000000000000},{"$f":"IF(OR($D30<>\"Serviço\",AND(AUTOEVENTO=\"Manual\",$M30=$A$15)),0,\n         IF(OFFSET(CRONOPLE!$F$15,$M30-$A$15,AR$13)=0,10^12,OFFSET(CRONOPLE!$F$15,$M30-$A$15,AR$13)))","v":1000000000000},{"$f":"IF(OR($D30<>\"Serviço\",AND(AUTOEVENTO=\"Manual\",$M30=$A$15)),0,\n         IF(OFFSET(CRONOPLE!$F$15,$M30-$A$15,AS$13)=0,10^12,OFFSET(CRONOPLE!$F$15,$M30-$A$15,AS$13)))","v":1000000000000},{"$f":"IF(OR($D30<>\"Serviço\",AND(AUTOEVENTO=\"Manual\",$M30=$A$15)),0,\n         IF(OFFSET(CRONOPLE!$F$15,$M30-$A$15,AT$13)=0,10^12,OFFSET(CRONOPLE!$F$15,$M30-$A$15,AT$13)))","v":1000000000000},{"$f":"IF(OR($D30<>\"Serviço\",AND(AUTOEVENTO=\"Manual\",$M30=$A$15)),0,\n         IF(OFFSET(CRONOPLE!$F$15,$M30-$A$15,AU$13)=0,10^12,OFFSET(CRONOPLE!$F$15,$M30-$A$15,AU$13)))","v":1000000000000},{"$f":"IF(OR($D30<>\"Serviço\",AND(AUTOEVENTO=\"Manual\",$M30=$A$15)),0,\n         IF(OFFSET(CRONOPLE!$F$15,$M30-$A$15,AV$13)=0,10^12,OFFSET(CRONOPLE!$F$15,$M30-$A$15,AV$13)))","v":1000000000000},null,{"$f":"IF(OR($D30<>\"Serviço\",AND(AUTOEVENTO=\"Manual\",$M30=$A$15),$M30>(ROW(PLE.lastrow)-ROW(PLE.firstrow))),0,\n           IF(OFFSET(PLE!$G$15,$M30-$A$15,AX$13)=\"\",10^12,OFFSET(PLE!$G$15,$M30-$A$15,AX$13)))","v":1000000000000},{"$f":"IF(OR($D30<>\"Serviço\",AND(AUTOEVENTO=\"Manual\",$M30=$A$15),$M30>(ROW(PLE.lastrow)-ROW(PLE.firstrow))),0,\n           IF(OFFSET(PLE!$G$15,$M30-$A$15,AY$13)=\"\",10^12,OFFSET(PLE!$G$15,$M30-$A$15,AY$13)))","v":1000000000000},{"$f":"IF(OR($D30<>\"Serviço\",AND(AUTOEVENTO=\"Manual\",$M30=$A$15),$M30>(ROW(PLE.lastrow)-ROW(PLE.firstrow))),0,\n           IF(OFFSET(PLE!$G$15,$M30-$A$15,AZ$13)=\"\",10^12,OFFSET(PLE!$G$15,$M30-$A$15,AZ$13)))","v":1000000000000},{"$f":"IF(OR($D30<>\"Serviço\",AND(AUTOEVENTO=\"Manual\",$M30=$A$15),$M30>(ROW(PLE.lastrow)-ROW(PLE.firstrow))),0,\n           IF(OFFSET(PLE!$G$15,$M30-$A$15,BA$13)=\"\",10^12,OFFSET(PLE!$G$15,$M30-$A$15,BA$13)))","v":1000000000000},{"$f":"IF(OR($D30<>\"Serviço\",AND(AUTOEVENTO=\"Manual\",$M30=$A$15),$M30>(ROW(PLE.lastrow)-ROW(PLE.firstrow))),0,\n           IF(OFFSET(PLE!$G$15,$M30-$A$15,BB$13)=\"\",10^12,OFFSET(PLE!$G$15,$M30-$A$15,BB$13)))","v":1000000000000},{"$f":"IF(OR($D30<>\"Serviço\",AND(AUTOEVENTO=\"Manual\",$M30=$A$15),$M30>(ROW(PLE.lastrow)-ROW(PLE.firstrow))),0,\n           IF(OFFSET(PLE!$G$15,$M30-$A$15,BC$13)=\"\",10^12,OFFSET(PLE!$G$15,$M30-$A$15,BC$13)))","v":1000000000000},{"$f":"IF(OR($D30<>\"Serviço\",AND(AUTOEVENTO=\"Manual\",$M30=$A$15),$M30>(ROW(PLE.lastrow)-ROW(PLE.firstrow))),0,\n           IF(OFFSET(PLE!$G$15,$M30-$A$15,BD$13)=\"\",10^12,OFFSET(PLE!$G$15,$M30-$A$15,BD$13)))","v":1000000000000},{"$f":"IF(OR($D30<>\"Serviço\",AND(AUTOEVENTO=\"Manual\",$M30=$A$15),$M30>(ROW(PLE.lastrow)-ROW(PLE.firstrow))),0,\n           IF(OFFSET(PLE!$G$15,$M30-$A$15,BE$13)=\"\",10^12,OFFSET(PLE!$G$15,$M30-$A$15,BE$13)))","v":1000000000000},{"$f":"IF(OR($D30<>\"Serviço\",AND(AUTOEVENTO=\"Manual\",$M30=$A$15),$M30>(ROW(PLE.lastrow)-ROW(PLE.firstrow))),0,\n           IF(OFFSET(PLE!$G$15,$M30-$A$15,BF$13)=\"\",10^12,OFFSET(PLE!$G$15,$M30-$A$15,BF$13)))","v":1000000000000},{"$f":"IF(OR($D30<>\"Serviço\",AND(AUTOEVENTO=\"Manual\",$M30=$A$15),$M30>(ROW(PLE.lastrow)-ROW(PLE.firstrow))),0,\n           IF(OFFSET(PLE!$G$15,$M30-$A$15,BG$13)=\"\",10^12,OFFSET(PLE!$G$15,$M30-$A$15,BG$13)))","v":1000000000000}]
["10",{"$f":"OFFSET(ORÇAMENTO!C$15,ROW(B31)-ROW(B$15),0)","v":"S"},{"$f":"OFFSET(ORÇAMENTO!L$15,ROW(C31)-ROW(C$15),0)","v":"F"},{"$f":"OFFSET(ORÇAMENTO!N$15,ROW(D31)-ROW(D$15),0)","v":"Serviço"},{"$f":"OFFSET(ORÇAMENTO!O$15,ROW(E31)-ROW(E$15),0)","v":"1.2.1.5."},{"$f":"OFFSET(ORÇAMENTO!R$15,ROW(F31)-ROW(F$15),0)","v":"ASSENTAMENTO E FORNECIMENTO DE CURVA PVC PBA, JE, PB, 45 GRAUS, DN 50 / DE 60 MM, PARA REDE AGUA, JUNTA ELÁSTICA INTEGRADA, INSTALADO EM LOCAL COM NÍVEL BAIXO DE INTERFERÊNCIAS (INCLUI FORNECIMENTO). AF_05/2024"},{"$f":"IF($D31<>\"Serviço\",\"\",OFFSET(ORÇAMENTO!S$15,ROW(G31)-ROW(G$15),0))","v":"UN"},{"$f":"IF($D31<>\"Serviço\",0,IF(ACOMPANHAMENTO=\"BM\",ROUND(OFFSET(ORÇAMENTO!AJ$15,ROW(H31)-ROW(H$15),0),15-13*ORÇAMENTO!$AF$7),SUMPRODUCT(($Q$1:$AA$1=1)*ROUND($Q31:$AA31,15-13*ORÇAMENTO!$AF$7))))","v":2},"Conforme projeto (Peça 03)",{"$f":"IF(OR(B31<>\"S\",CÁLCULO.FrentesPreenchidas=0),\"\",IF(AND(ACOMPANHAMENTO=\"PLE\",AUTOEVENTO=\"Manual\",OR(H31>0,ORÇAMENTO!AC31=\"QUANT.\"),OR(K31=\"\",M31=0,N31=\"\")),\"►E\",IF(AND(ACOMPANHAMENTO=\"PLE\",ORÇAMENTO!AC31=\"QUANT.\"),\"►Q\",IF(AND(ACOMPANHAMENTO=\"PLE\",H31<>SUMPRODUCT(($Q$1:$AA$1=1)*ROUND(Q31:AA31,15))),\"►S\",IF(AND(COUNTIF($P$11:$AA$11,\"▼\")=0,H31>0,I31=\"\"),\"◄M\",\"\")))))","v":{"$error":"#NAME?"}},"1. Rede de Distribuição PVC",".",{"$f":"IF($D31<>\"Serviço\",\"\",\n          IF(AUTOEVENTO=\"manual\",$A31,\n                IF(ISERROR(MATCH($A31,$A$15:OFFSET($A31,-1,0),0)),MAX($M$15:OFFSET(M31,-1,0))+1,\n                      INDEX($M$15:OFFSET(M31,-1,0),MATCH($A31,$A$15:OFFSET($A31,-1,0),0)))))","v":2},{"$f":"IF($D31<>\"Serviço\",\"\",\n         IF(AUTOEVENTO=\"Manual\",\n                IF($A31=0,\"<-- defina o número do agrupador\",\n                       OFFSET(EVENTOS!$D$15,$A31-$A$15,0)),\n                OFFSET($F$15,$A31,0)))","v":"REDE DE DISTRUIBUIÇÃO"},null,null,2,null,null,null,null,null,null,null,null,null,null,{"$f":"IF(AND($D31=\"Serviço\",AB$12<>0,$H31>0,OR(AUTOEVENTO<>\"manual\",$M31<>$A$15)),\n        IF(Import.TipoArredondamento<>\"TransfereGOV\",\n              ROUND(OFFSET($P31,0,AB$13),15-13*ORÇAMENTO!$AF$7)/$H31*OFFSET(ORÇAMENTO!$X$15,ROW(AB31)-ROW(AB$15),0),\n              ROUND(ROUND(OFFSET($P31,0,AB$13),15-13*ORÇAMENTO!$AF$7)*OFFSET(ORÇAMENTO!$W$15,ROW(AB31)-ROW(AB$15),0),15-13*ORÇAMENTO!$AF$11)),\n         0)","v":120.22},{"$f":"IF(AND($D31=\"Serviço\",AC$12<>0,$H31>0,OR(AUTOEVENTO<>\"manual\",$M31<>$A$15)),\n        IF(Import.TipoArredondamento<>\"TransfereGOV\",\n              ROUND(OFFSET($P31,0,AC$13),15-13*ORÇAMENTO!$AF$7)/$H31*OFFSET(ORÇAMENTO!$X$15,ROW(AC31)-ROW(AC$15),0),\n              ROUND(ROUND(OFFSET($P31,0,AC$13),15-13*ORÇAMENTO!$AF$7)*OFFSET(ORÇAMENTO!$W$15,ROW(AC31)-ROW(AC$15),0),15-13*ORÇAMENTO!$AF$11)),\n         0)","v":0},{"$f":"IF(AND($D31=\"Serviço\",AD$12<>0,$H31>0,OR(AUTOEVENTO<>\"manual\",$M31<>$A$15)),\n        IF(Import.TipoArredondamento<>\"TransfereGOV\",\n              ROUND(OFFSET($P31,0,AD$13),15-13*ORÇAMENTO!$AF$7)/$H31*OFFSET(ORÇAMENTO!$X$15,ROW(AD31)-ROW(AD$15),0),\n              ROUND(ROUND(OFFSET($P31,0,AD$13),15-13*ORÇAMENTO!$AF$7)*OFFSET(ORÇAMENTO!$W$15,ROW(AD31)-ROW(AD$15),0),15-13*ORÇAMENTO!$AF$11)),\n         0)","v":0},{"$f":"IF(AND($D31=\"Serviço\",AE$12<>0,$H31>0,OR(AUTOEVENTO<>\"manual\",$M31<>$A$15)),\n        IF(Import.TipoArredondamento<>\"TransfereGOV\",\n              ROUND(OFFSET($P31,0,AE$13),15-13*ORÇAMENTO!$AF$7)/$H31*OFFSET(ORÇAMENTO!$X$15,ROW(AE31)-ROW(AE$15),0),\n              ROUND(ROUND(OFFSET($P31,0,AE$13),15-13*ORÇAMENTO!$AF$7)*OFFSET(ORÇAMENTO!$W$15,ROW(AE31)-ROW(AE$15),0),15-13*ORÇAMENTO!$AF$11)),\n         0)","v":0},{"$f":"IF(AND($D31=\"Serviço\",AF$12<>0,$H31>0,OR(AUTOEVENTO<>\"manual\",$M31<>$A$15)),\n        IF(Import.TipoArredondamento<>\"TransfereGOV\",\n              ROUND(OFFSET($P31,0,AF$13),15-13*ORÇAMENTO!$AF$7)/$H31*OFFSET(ORÇAMENTO!$X$15,ROW(AF31)-ROW(AF$15),0),\n              ROUND(ROUND(OFFSET($P31,0,AF$13),15-13*ORÇAMENTO!$AF$7)*OFFSET(ORÇAMENTO!$W$15,ROW(AF31)-ROW(AF$15),0),15-13*ORÇAMENTO!$AF$11)),\n         0)","v":0},{"$f":"IF(AND($D31=\"Serviço\",AG$12<>0,$H31>0,OR(AUTOEVENTO<>\"manual\",$M31<>$A$15)),\n        IF(Import.TipoArredondamento<>\"TransfereGOV\",\n              ROUND(OFFSET($P31,0,AG$13),15-13*ORÇAMENTO!$AF$7)/$H31*OFFSET(ORÇAMENTO!$X$15,ROW(AG31)-ROW(AG$15),0),\n              ROUND(ROUND(OFFSET($P31,0,AG$13),15-13*ORÇAMENTO!$AF$7)*OFFSET(ORÇAMENTO!$W$15,ROW(AG31)-ROW(AG$15),0),15-13*ORÇAMENTO!$AF$11)),\n         0)","v":0},{"$f":"IF(AND($D31=\"Serviço\",AH$12<>0,$H31>0,OR(AUTOEVENTO<>\"manual\",$M31<>$A$15)),\n        IF(Import.TipoArredondamento<>\"TransfereGOV\",\n              ROUND(OFFSET($P31,0,AH$13),15-13*ORÇAMENTO!$AF$7)/$H31*OFFSET(ORÇAMENTO!$X$15,ROW(AH31)-ROW(AH$15),0),\n              ROUND(ROUND(OFFSET($P31,0,AH$13),15-13*ORÇAMENTO!$AF$7)*OFFSET(ORÇAMENTO!$W$15,ROW(AH31)-ROW(AH$15),0),15-13*ORÇAMENTO!$AF$11)),\n         0)","v":0},{"$f":"IF(AND($D31=\"Serviço\",AI$12<>0,$H31>0,OR(AUTOEVENTO<>\"manual\",$M31<>$A$15)),\n        IF(Import.TipoArredondamento<>\"TransfereGOV\",\n              ROUND(OFFSET($P31,0,AI$13),15-13*ORÇAMENTO!$AF$7)/$H31*OFFSET(ORÇAMENTO!$X$15,ROW(AI31)-ROW(AI$15),0),\n              ROUND(ROUND(OFFSET($P31,0,AI$13),15-13*ORÇAMENTO!$AF$7)*OFFSET(ORÇAMENTO!$W$15,ROW(AI31)-ROW(AI$15),0),15-13*ORÇAMENTO!$AF$11)),\n         0)","v":0},{"$f":"IF(AND($D31=\"Serviço\",AJ$12<>0,$H31>0,OR(AUTOEVENTO<>\"manual\",$M31<>$A$15)),\n        IF(Import.TipoArredondamento<>\"TransfereGOV\",\n              ROUND(OFFSET($P31,0,AJ$13),15-13*ORÇAMENTO!$AF$7)/$H31*OFFSET(ORÇAMENTO!$X$15,ROW(AJ31)-ROW(AJ$15),0),\n              ROUND(ROUND(OFFSET($P31,0,AJ$13),15-13*ORÇAMENTO!$AF$7)*OFFSET(ORÇAMENTO!$W$15,ROW(AJ31)-ROW(AJ$15),0),15-13*ORÇAMENTO!$AF$11)),\n         0)","v":0},{"$f":"IF(AND($D31=\"Serviço\",AK$12<>0,$H31>0,OR(AUTOEVENTO<>\"manual\",$M31<>$A$15)),\n        IF(Import.TipoArredondamento<>\"TransfereGOV\",\n              ROUND(OFFSET($P31,0,AK$13),15-13*ORÇAMENTO!$AF$7)/$H31*OFFSET(ORÇAMENTO!$X$15,ROW(AK31)-ROW(AK$15),0),\n              ROUND(ROUND(OFFSET($P31,0,AK$13),15-13*ORÇAMENTO!$AF$7)*OFFSET(ORÇAMENTO!$W$15,ROW(AK31)-ROW(AK$15),0),15-13*ORÇAMENTO!$AF$11)),\n         0)","v":0},null,{"$f":"IF(OR($D31<>\"Serviço\",AND(AUTOEVENTO=\"Manual\",$M31=$A$15)),0,\n         IF(OFFSET(CRONOPLE!$F$15,$M31-$A$15,AM$13)=0,10^12,OFFSET(CRONOPLE!$F$15,$M31-$A$15,AM$13)))","v":1},{"$f":"IF(OR($D31<>\"Serviço\",AND(AUTOEVENTO=\"Manual\",$M31=$A$15)),0,\n         IF(OFFSET(CRONOPLE!$F$15,$M31-$A$15,AN$13)=0,10^12,OFFSET(CRONOPLE!$F$15,$M31-$A$15,AN$13)))","v":2},{"$f":"IF(OR($D31<>\"Serviço\",AND(AUTOEVENTO=\"Manual\",$M31=$A$15)),0,\n         IF(OFFSET(CRONOPLE!$F$15,$M31-$A$15,AO$13)=0,10^12,OFFSET(CRONOPLE!$F$15,$M31-$A$15,AO$13)))","v":1000000000000},{"$f":"IF(OR($D31<>\"Serviço\",AND(AUTOEVENTO=\"Manual\",$M31=$A$15)),0,\n         IF(OFFSET(CRONOPLE!$F$15,$M31-$A$15,AP$13)=0,10^12,OFFSET(CRONOPLE!$F$15,$M31-$A$15,AP$13)))","v":1000000000000},{"$f":"IF(OR($D31<>\"Serviço\",AND(AUTOEVENTO=\"Manual\",$M31=$A$15)),0,\n         IF(OFFSET(CRONOPLE!$F$15,$M31-$A$15,AQ$13)=0,10^12,OFFSET(CRONOPLE!$F$15,$M31-$A$15,AQ$13)))","v":1000000000000},{"$f":"IF(OR($D31<>\"Serviço\",AND(AUTOEVENTO=\"Manual\",$M31=$A$15)),0,\n         IF(OFFSET(CRONOPLE!$F$15,$M31-$A$15,AR$13)=0,10^12,OFFSET(CRONOPLE!$F$15,$M31-$A$15,AR$13)))","v":1000000000000},{"$f":"IF(OR($D31<>\"Serviço\",AND(AUTOEVENTO=\"Manual\",$M31=$A$15)),0,\n         IF(OFFSET(CRONOPLE!$F$15,$M31-$A$15,AS$13)=0,10^12,OFFSET(CRONOPLE!$F$15,$M31-$A$15,AS$13)))","v":1000000000000},{"$f":"IF(OR($D31<>\"Serviço\",AND(AUTOEVENTO=\"Manual\",$M31=$A$15)),0,\n         IF(OFFSET(CRONOPLE!$F$15,$M31-$A$15,AT$13)=0,10^12,OFFSET(CRONOPLE!$F$15,$M31-$A$15,AT$13)))","v":1000000000000},{"$f":"IF(OR($D31<>\"Serviço\",AND(AUTOEVENTO=\"Manual\",$M31=$A$15)),0,\n         IF(OFFSET(CRONOPLE!$F$15,$M31-$A$15,AU$13)=0,10^12,OFFSET(CRONOPLE!$F$15,$M31-$A$15,AU$13)))","v":1000000000000},{"$f":"IF(OR($D31<>\"Serviço\",AND(AUTOEVENTO=\"Manual\",$M31=$A$15)),0,\n         IF(OFFSET(CRONOPLE!$F$15,$M31-$A$15,AV$13)=0,10^12,OFFSET(CRONOPLE!$F$15,$M31-$A$15,AV$13)))","v":1000000000000},null,{"$f":"IF(OR($D31<>\"Serviço\",AND(AUTOEVENTO=\"Manual\",$M31=$A$15),$M31>(ROW(PLE.lastrow)-ROW(PLE.firstrow))),0,\n           IF(OFFSET(PLE!$G$15,$M31-$A$15,AX$13)=\"\",10^12,OFFSET(PLE!$G$15,$M31-$A$15,AX$13)))","v":1000000000000},{"$f":"IF(OR($D31<>\"Serviço\",AND(AUTOEVENTO=\"Manual\",$M31=$A$15),$M31>(ROW(PLE.lastrow)-ROW(PLE.firstrow))),0,\n           IF(OFFSET(PLE!$G$15,$M31-$A$15,AY$13)=\"\",10^12,OFFSET(PLE!$G$15,$M31-$A$15,AY$13)))","v":1000000000000},{"$f":"IF(OR($D31<>\"Serviço\",AND(AUTOEVENTO=\"Manual\",$M31=$A$15),$M31>(ROW(PLE.lastrow)-ROW(PLE.firstrow))),0,\n           IF(OFFSET(PLE!$G$15,$M31-$A$15,AZ$13)=\"\",10^12,OFFSET(PLE!$G$15,$M31-$A$15,AZ$13)))","v":1000000000000},{"$f":"IF(OR($D31<>\"Serviço\",AND(AUTOEVENTO=\"Manual\",$M31=$A$15),$M31>(ROW(PLE.lastrow)-ROW(PLE.firstrow))),0,\n           IF(OFFSET(PLE!$G$15,$M31-$A$15,BA$13)=\"\",10^12,OFFSET(PLE!$G$15,$M31-$A$15,BA$13)))","v":1000000000000},{"$f":"IF(OR($D31<>\"Serviço\",AND(AUTOEVENTO=\"Manual\",$M31=$A$15),$M31>(ROW(PLE.lastrow)-ROW(PLE.firstrow))),0,\n           IF(OFFSET(PLE!$G$15,$M31-$A$15,BB$13)=\"\",10^12,OFFSET(PLE!$G$15,$M31-$A$15,BB$13)))","v":1000000000000},{"$f":"IF(OR($D31<>\"Serviço\",AND(AUTOEVENTO=\"Manual\",$M31=$A$15),$M31>(ROW(PLE.lastrow)-ROW(PLE.firstrow))),0,\n           IF(OFFSET(PLE!$G$15,$M31-$A$15,BC$13)=\"\",10^12,OFFSET(PLE!$G$15,$M31-$A$15,BC$13)))","v":1000000000000},{"$f":"IF(OR($D31<>\"Serviço\",AND(AUTOEVENTO=\"Manual\",$M31=$A$15),$M31>(ROW(PLE.lastrow)-ROW(PLE.firstrow))),0,\n           IF(OFFSET(PLE!$G$15,$M31-$A$15,BD$13)=\"\",10^12,OFFSET(PLE!$G$15,$M31-$A$15,BD$13)))","v":1000000000000},{"$f":"IF(OR($D31<>\"Serviço\",AND(AUTOEVENTO=\"Manual\",$M31=$A$15),$M31>(ROW(PLE.lastrow)-ROW(PLE.firstrow))),0,\n           IF(OFFSET(PLE!$G$15,$M31-$A$15,BE$13)=\"\",10^12,OFFSET(PLE!$G$15,$M31-$A$15,BE$13)))","v":1000000000000},{"$f":"IF(OR($D31<>\"Serviço\",AND(AUTOEVENTO=\"Manual\",$M31=$A$15),$M31>(ROW(PLE.lastrow)-ROW(PLE.firstrow))),0,\n           IF(OFFSET(PLE!$G$15,$M31-$A$15,BF$13)=\"\",10^12,OFFSET(PLE!$G$15,$M31-$A$15,BF$13)))","v":1000000000000},{"$f":"IF(OR($D31<>\"Serviço\",AND(AUTOEVENTO=\"Manual\",$M31=$A$15),$M31>(ROW(PLE.lastrow)-ROW(PLE.firstrow))),0,\n           IF(OFFSET(PLE!$G$15,$M31-$A$15,BG$13)=\"\",10^12,OFFSET(PLE!$G$15,$M31-$A$15,BG$13)))","v":1000000000000}]
["10",{"$f":"OFFSET(ORÇAMENTO!C$15,ROW(B32)-ROW(B$15),0)","v":3},{"$f":"OFFSET(ORÇAMENTO!L$15,ROW(C32)-ROW(C$15),0)","v":"F"},{"$f":"OFFSET(ORÇAMENTO!N$15,ROW(D32)-ROW(D$15),0)","v":"Nível 3"},{"$f":"OFFSET(ORÇAMENTO!O$15,ROW(E32)-ROW(E$15),0)","v":"1.2.2."},{"$f":"OFFSET(ORÇAMENTO!R$15,ROW(F32)-ROW(F$15),0)","v":"REDE EM PEAD E CONEXÕES"},{"$f":"IF($D32<>\"Serviço\",\"\",OFFSET(ORÇAMENTO!S$15,ROW(G32)-ROW(G$15),0))","v":""},{"$f":"IF($D32<>\"Serviço\",0,IF(ACOMPANHAMENTO=\"BM\",ROUND(OFFSET(ORÇAMENTO!AJ$15,ROW(H32)-ROW(H$15),0),15-13*ORÇAMENTO!$AF$7),SUMPRODUCT(($Q$1:$AA$1=1)*ROUND($Q32:$AA32,15-13*ORÇAMENTO!$AF$7))))","v":0},null,{"$f":"IF(OR(B32<>\"S\",CÁLCULO.FrentesPreenchidas=0),\"\",IF(AND(ACOMPANHAMENTO=\"PLE\",AUTOEVENTO=\"Manual\",OR(H32>0,ORÇAMENTO!AC32=\"QUANT.\"),OR(K32=\"\",M32=0,N32=\"\")),\"►E\",IF(AND(ACOMPANHAMENTO=\"PLE\",ORÇAMENTO!AC32=\"QUANT.\"),\"►Q\",IF(AND(ACOMPANHAMENTO=\"PLE\",H32<>SUMPRODUCT(($Q$1:$AA$1=1)*ROUND(Q32:AA32,15))),\"►S\",IF(AND(COUNTIF($P$11:$AA$11,\"▼\")=0,H32>0,I32=\"\"),\"◄M\",\"\")))))","v":""},null,".",{"$f":"IF($D32<>\"Serviço\",\"\",\n          IF(AUTOEVENTO=\"manual\",$A32,\n                IF(ISERROR(MATCH($A32,$A$15:OFFSET($A32,-1,0),0)),MAX($M$15:OFFSET(M32,-1,0))+1,\n                      INDEX($M$15:OFFSET(M32,-1,0),MATCH($A32,$A$15:OFFSET($A32,-1,0),0)))))","v":""},{"$f":"IF($D32<>\"Serviço\",\"\",\n         IF(AUTOEVENTO=\"Manual\",\n                IF($A32=0,\"<-- defina o número do agrupador\",\n                       OFFSET(EVENTOS!$D$15,$A32-$A$15,0)),\n                OFFSET($F$15,$A32,0)))","v":""},null,null,null,null,null,null,null,null,null,null,null,null,null,{"$f":"IF(AND($D32=\"Serviço\",AB$12<>0,$H32>0,OR(AUTOEVENTO<>\"manual\",$M32<>$A$15)),\n        IF(Import.TipoArredondamento<>\"TransfereGOV\",\n              ROUND(OFFSET($P32,0,AB$13),15-13*ORÇAMENTO!$AF$7)/$H32*OFFSET(ORÇAMENTO!$X$15,ROW(AB32)-ROW(AB$15),0),\n              ROUND(ROUND(OFFSET($P32,0,AB$13),15-13*ORÇAMENTO!$AF$7)*OFFSET(ORÇAMENTO!$W$15,ROW(AB32)-ROW(AB$15),0),15-13*ORÇAMENTO!$AF$11)),\n         0)","v":0},{"$f":"IF(AND($D32=\"Serviço\",AC$12<>0,$H32>0,OR(AUTOEVENTO<>\"manual\",$M32<>$A$15)),\n        IF(Import.TipoArredondamento<>\"TransfereGOV\",\n              ROUND(OFFSET($P32,0,AC$13),15-13*ORÇAMENTO!$AF$7)/$H32*OFFSET(ORÇAMENTO!$X$15,ROW(AC32)-ROW(AC$15),0),\n              ROUND(ROUND(OFFSET($P32,0,AC$13),15-13*ORÇAMENTO!$AF$7)*OFFSET(ORÇAMENTO!$W$15,ROW(AC32)-ROW(AC$15),0),15-13*ORÇAMENTO!$AF$11)),\n         0)","v":0},{"$f":"IF(AND($D32=\"Serviço\",AD$12<>0,$H32>0,OR(AUTOEVENTO<>\"manual\",$M32<>$A$15)),\n        IF(Import.TipoArredondamento<>\"TransfereGOV\",\n              ROUND(OFFSET($P32,0,AD$13),15-13*ORÇAMENTO!$AF$7)/$H32*OFFSET(ORÇAMENTO!$X$15,ROW(AD32)-ROW(AD$15),0),\n              ROUND(ROUND(OFFSET($P32,0,AD$13),15-13*ORÇAMENTO!$AF$7)*OFFSET(ORÇAMENTO!$W$15,ROW(AD32)-ROW(AD$15),0),15-13*ORÇAMENTO!$AF$11)),\n         0)","v":0},{"$f":"IF(AND($D32=\"Serviço\",AE$12<>0,$H32>0,OR(AUTOEVENTO<>\"manual\",$M32<>$A$15)),\n        IF(Import.TipoArredondamento<>\"TransfereGOV\",\n              ROUND(OFFSET($P32,0,AE$13),15-13*ORÇAMENTO!$AF$7)/$H32*OFFSET(ORÇAMENTO!$X$15,ROW(AE32)-ROW(AE$15),0),\n              ROUND(ROUND(OFFSET($P32,0,AE$13),15-13*ORÇAMENTO!$AF$7)*OFFSET(ORÇAMENTO!$W$15,ROW(AE32)-ROW(AE$15),0),15-13*ORÇAMENTO!$AF$11)),\n         0)","v":0},{"$f":"IF(AND($D32=\"Serviço\",AF$12<>0,$H32>0,OR(AUTOEVENTO<>\"manual\",$M32<>$A$15)),\n        IF(Import.TipoArredondamento<>\"TransfereGOV\",\n              ROUND(OFFSET($P32,0,AF$13),15-13*ORÇAMENTO!$AF$7)/$H32*OFFSET(ORÇAMENTO!$X$15,ROW(AF32)-ROW(AF$15),0),\n              ROUND(ROUND(OFFSET($P32,0,AF$13),15-13*ORÇAMENTO!$AF$7)*OFFSET(ORÇAMENTO!$W$15,ROW(AF32)-ROW(AF$15),0),15-13*ORÇAMENTO!$AF$11)),\n         0)","v":0},{"$f":"IF(AND($D32=\"Serviço\",AG$12<>0,$H32>0,OR(AUTOEVENTO<>\"manual\",$M32<>$A$15)),\n        IF(Import.TipoArredondamento<>\"TransfereGOV\",\n              ROUND(OFFSET($P32,0,AG$13),15-13*ORÇAMENTO!$AF$7)/$H32*OFFSET(ORÇAMENTO!$X$15,ROW(AG32)-ROW(AG$15),0),\n              ROUND(ROUND(OFFSET($P32,0,AG$13),15-13*ORÇAMENTO!$AF$7)*OFFSET(ORÇAMENTO!$W$15,ROW(AG32)-ROW(AG$15),0),15-13*ORÇAMENTO!$AF$11)),\n         0)","v":0},{"$f":"IF(AND($D32=\"Serviço\",AH$12<>0,$H32>0,OR(AUTOEVENTO<>\"manual\",$M32<>$A$15)),\n        IF(Import.TipoArredondamento<>\"TransfereGOV\",\n              ROUND(OFFSET($P32,0,AH$13),15-13*ORÇAMENTO!$AF$7)/$H32*OFFSET(ORÇAMENTO!$X$15,ROW(AH32)-ROW(AH$15),0),\n              ROUND(ROUND(OFFSET($P32,0,AH$13),15-13*ORÇAMENTO!$AF$7)*OFFSET(ORÇAMENTO!$W$15,ROW(AH32)-ROW(AH$15),0),15-13*ORÇAMENTO!$AF$11)),\n         0)","v":0},{"$f":"IF(AND($D32=\"Serviço\",AI$12<>0,$H32>0,OR(AUTOEVENTO<>\"manual\",$M32<>$A$15)),\n        IF(Import.TipoArredondamento<>\"TransfereGOV\",\n              ROUND(OFFSET($P32,0,AI$13),15-13*ORÇAMENTO!$AF$7)/$H32*OFFSET(ORÇAMENTO!$X$15,ROW(AI32)-ROW(AI$15),0),\n              ROUND(ROUND(OFFSET($P32,0,AI$13),15-13*ORÇAMENTO!$AF$7)*OFFSET(ORÇAMENTO!$W$15,ROW(AI32)-ROW(AI$15),0),15-13*ORÇAMENTO!$AF$11)),\n         0)","v":0},{"$f":"IF(AND($D32=\"Serviço\",AJ$12<>0,$H32>0,OR(AUTOEVENTO<>\"manual\",$M32<>$A$15)),\n        IF(Import.TipoArredondamento<>\"TransfereGOV\",\n              ROUND(OFFSET($P32,0,AJ$13),15-13*ORÇAMENTO!$AF$7)/$H32*OFFSET(ORÇAMENTO!$X$15,ROW(AJ32)-ROW(AJ$15),0),\n              ROUND(ROUND(OFFSET($P32,0,AJ$13),15-13*ORÇAMENTO!$AF$7)*OFFSET(ORÇAMENTO!$W$15,ROW(AJ32)-ROW(AJ$15),0),15-13*ORÇAMENTO!$AF$11)),\n         0)","v":0},{"$f":"IF(AND($D32=\"Serviço\",AK$12<>0,$H32>0,OR(AUTOEVENTO<>\"manual\",$M32<>$A$15)),\n        IF(Import.TipoArredondamento<>\"TransfereGOV\",\n              ROUND(OFFSET($P32,0,AK$13),15-13*ORÇAMENTO!$AF$7)/$H32*OFFSET(ORÇAMENTO!$X$15,ROW(AK32)-ROW(AK$15),0),\n              ROUND(ROUND(OFFSET($P32,0,AK$13),15-13*ORÇAMENTO!$AF$7)*OFFSET(ORÇAMENTO!$W$15,ROW(AK32)-ROW(AK$15),0),15-13*ORÇAMENTO!$AF$11)),\n         0)","v":0},null,{"$f":"IF(OR($D32<>\"Serviço\",AND(AUTOEVENTO=\"Manual\",$M32=$A$15)),0,\n         IF(OFFSET(CRONOPLE!$F$15,$M32-$A$15,AM$13)=0,10^12,OFFSET(CRONOPLE!$F$15,$M32-$A$15,AM$13)))","v":0},{"$f":"IF(OR($D32<>\"Serviço\",AND(AUTOEVENTO=\"Manual\",$M32=$A$15)),0,\n         IF(OFFSET(CRONOPLE!$F$15,$M32-$A$15,AN$13)=0,10^12,OFFSET(CRONOPLE!$F$15,$M32-$A$15,AN$13)))","v":0},{"$f":"IF(OR($D32<>\"Serviço\",AND(AUTOEVENTO=\"Manual\",$M32=$A$15)),0,\n         IF(OFFSET(CRONOPLE!$F$15,$M32-$A$15,AO$13)=0,10^12,OFFSET(CRONOPLE!$F$15,$M32-$A$15,AO$13)))","v":0},{"$f":"IF(OR($D32<>\"Serviço\",AND(AUTOEVENTO=\"Manual\",$M32=$A$15)),0,\n         IF(OFFSET(CRONOPLE!$F$15,$M32-$A$15,AP$13)=0,10^12,OFFSET(CRONOPLE!$F$15,$M32-$A$15,AP$13)))","v":0},{"$f":"IF(OR($D32<>\"Serviço\",AND(AUTOEVENTO=\"Manual\",$M32=$A$15)),0,\n         IF(OFFSET(CRONOPLE!$F$15,$M32-$A$15,AQ$13)=0,10^12,OFFSET(CRONOPLE!$F$15,$M32-$A$15,AQ$13)))","v":0},{"$f":"IF(OR($D32<>\"Serviço\",AND(AUTOEVENTO=\"Manual\",$M32=$A$15)),0,\n         IF(OFFSET(CRONOPLE!$F$15,$M32-$A$15,AR$13)=0,10^12,OFFSET(CRONOPLE!$F$15,$M32-$A$15,AR$13)))","v":0},{"$f":"IF(OR($D32<>\"Serviço\",AND(AUTOEVENTO=\"Manual\",$M32=$A$15)),0,\n         IF(OFFSET(CRONOPLE!$F$15,$M32-$A$15,AS$13)=0,10^12,OFFSET(CRONOPLE!$F$15,$M32-$A$15,AS$13)))","v":0},{"$f":"IF(OR($D32<>\"Serviço\",AND(AUTOEVENTO=\"Manual\",$M32=$A$15)),0,\n         IF(OFFSET(CRONOPLE!$F$15,$M32-$A$15,AT$13)=0,10^12,OFFSET(CRONOPLE!$F$15,$M32-$A$15,AT$13)))","v":0},{"$f":"IF(OR($D32<>\"Serviço\",AND(AUTOEVENTO=\"Manual\",$M32=$A$15)),0,\n         IF(OFFSET(CRONOPLE!$F$15,$M32-$A$15,AU$13)=0,10^12,OFFSET(CRONOPLE!$F$15,$M32-$A$15,AU$13)))","v":0},{"$f":"IF(OR($D32<>\"Serviço\",AND(AUTOEVENTO=\"Manual\",$M32=$A$15)),0,\n         IF(OFFSET(CRONOPLE!$F$15,$M32-$A$15,AV$13)=0,10^12,OFFSET(CRONOPLE!$F$15,$M32-$A$15,AV$13)))","v":0},null,{"$f":"IF(OR($D32<>\"Serviço\",AND(AUTOEVENTO=\"Manual\",$M32=$A$15),$M32>(ROW(PLE.lastrow)-ROW(PLE.firstrow))),0,\n           IF(OFFSET(PLE!$G$15,$M32-$A$15,AX$13)=\"\",10^12,OFFSET(PLE!$G$15,$M32-$A$15,AX$13)))","v":0},{"$f":"IF(OR($D32<>\"Serviço\",AND(AUTOEVENTO=\"Manual\",$M32=$A$15),$M32>(ROW(PLE.lastrow)-ROW(PLE.firstrow))),0,\n           IF(OFFSET(PLE!$G$15,$M32-$A$15,AY$13)=\"\",10^12,OFFSET(PLE!$G$15,$M32-$A$15,AY$13)))","v":0},{"$f":"IF(OR($D32<>\"Serviço\",AND(AUTOEVENTO=\"Manual\",$M32=$A$15),$M32>(ROW(PLE.lastrow)-ROW(PLE.firstrow))),0,\n           IF(OFFSET(PLE!$G$15,$M32-$A$15,AZ$13)=\"\",10^12,OFFSET(PLE!$G$15,$M32-$A$15,AZ$13)))","v":0},{"$f":"IF(OR($D32<>\"Serviço\",AND(AUTOEVENTO=\"Manual\",$M32=$A$15),$M32>(ROW(PLE.lastrow)-ROW(PLE.firstrow))),0,\n           IF(OFFSET(PLE!$G$15,$M32-$A$15,BA$13)=\"\",10^12,OFFSET(PLE!$G$15,$M32-$A$15,BA$13)))","v":0},{"$f":"IF(OR($D32<>\"Serviço\",AND(AUTOEVENTO=\"Manual\",$M32=$A$15),$M32>(ROW(PLE.lastrow)-ROW(PLE.firstrow))),0,\n           IF(OFFSET(PLE!$G$15,$M32-$A$15,BB$13)=\"\",10^12,OFFSET(PLE!$G$15,$M32-$A$15,BB$13)))","v":0},{"$f":"IF(OR($D32<>\"Serviço\",AND(AUTOEVENTO=\"Manual\",$M32=$A$15),$M32>(ROW(PLE.lastrow)-ROW(PLE.firstrow))),0,\n           IF(OFFSET(PLE!$G$15,$M32-$A$15,BC$13)=\"\",10^12,OFFSET(PLE!$G$15,$M32-$A$15,BC$13)))","v":0},{"$f":"IF(OR($D32<>\"Serviço\",AND(AUTOEVENTO=\"Manual\",$M32=$A$15),$M32>(ROW(PLE.lastrow)-ROW(PLE.firstrow))),0,\n           IF(OFFSET(PLE!$G$15,$M32-$A$15,BD$13)=\"\",10^12,OFFSET(PLE!$G$15,$M32-$A$15,BD$13)))","v":0},{"$f":"IF(OR($D32<>\"Serviço\",AND(AUTOEVENTO=\"Manual\",$M32=$A$15),$M32>(ROW(PLE.lastrow)-ROW(PLE.firstrow))),0,\n           IF(OFFSET(PLE!$G$15,$M32-$A$15,BE$13)=\"\",10^12,OFFSET(PLE!$G$15,$M32-$A$15,BE$13)))","v":0},{"$f":"IF(OR($D32<>\"Serviço\",AND(AUTOEVENTO=\"Manual\",$M32=$A$15),$M32>(ROW(PLE.lastrow)-ROW(PLE.firstrow))),0,\n           IF(OFFSET(PLE!$G$15,$M32-$A$15,BF$13)=\"\",10^12,OFFSET(PLE!$G$15,$M32-$A$15,BF$13)))","v":0},{"$f":"IF(OR($D32<>\"Serviço\",AND(AUTOEVENTO=\"Manual\",$M32=$A$15),$M32>(ROW(PLE.lastrow)-ROW(PLE.firstrow))),0,\n           IF(OFFSET(PLE!$G$15,$M32-$A$15,BG$13)=\"\",10^12,OFFSET(PLE!$G$15,$M32-$A$15,BG$13)))","v":0}]
["10",{"$f":"OFFSET(ORÇAMENTO!C$15,ROW(B33)-ROW(B$15),0)","v":"S"},{"$f":"OFFSET(ORÇAMENTO!L$15,ROW(C33)-ROW(C$15),0)","v":"F"},{"$f":"OFFSET(ORÇAMENTO!N$15,ROW(D33)-ROW(D$15),0)","v":"Serviço"},{"$f":"OFFSET(ORÇAMENTO!O$15,ROW(E33)-ROW(E$15),0)","v":"1.2.2.1."},{"$f":"OFFSET(ORÇAMENTO!R$15,ROW(F33)-ROW(F$15),0)","v":"ESCAVAÇÃO MECANIZADA DE VALA COM PROFUNDIDADE ATÉ 1,5 M (MÉDIA MONTANTE E JUSANTE/UMA COMPOSIÇÃO POR TRECHO), RETROESCAV. (0,26 M3), LARGURA MENOR QUE 0,8 M, EM SOLO DE 1A CATEGORIA, LOCAIS COM BAIXO NÍVEL DE INTERFERÊNCIA. AF_09/2024"},{"$f":"IF($D33<>\"Serviço\",\"\",OFFSET(ORÇAMENTO!S$15,ROW(G33)-ROW(G$15),0))","v":"M3"},{"$f":"IF($D33<>\"Serviço\",0,IF(ACOMPANHAMENTO=\"BM\",ROUND(OFFSET(ORÇAMENTO!AJ$15,ROW(H33)-ROW(H$15),0),15-13*ORÇAMENTO!$AF$7),SUMPRODUCT(($Q$1:$AA$1=1)*ROUND($Q33:$AA33,15-13*ORÇAMENTO!$AF$7))))","v":272.94},"Extensão909,80m.; Largura = 0,40m.; Prof; = 0,75m.",{"$f":"IF(OR(B33<>\"S\",CÁLCULO.FrentesPreenchidas=0),\"\",IF(AND(ACOMPANHAMENTO=\"PLE\",AUTOEVENTO=\"Manual\",OR(H33>0,ORÇAMENTO!AC33=\"QUANT.\"),OR(K33=\"\",M33=0,N33=\"\")),\"►E\",IF(AND(ACOMPANHAMENTO=\"PLE\",ORÇAMENTO!AC33=\"QUANT.\"),\"►Q\",IF(AND(ACOMPANHAMENTO=\"PLE\",H33<>SUMPRODUCT(($Q$1:$AA$1=1)*ROUND(Q33:AA33,15))),\"►S\",IF(AND(COUNTIF($P$11:$AA$11,\"▼\")=0,H33>0,I33=\"\"),\"◄M\",\"\")))))","v":{"$error":"#NAME?"}},"2. Rede de Distribuição PEAD",".",{"$f":"IF($D33<>\"Serviço\",\"\",\n          IF(AUTOEVENTO=\"manual\",$A33,\n                IF(ISERROR(MATCH($A33,$A$15:OFFSET($A33,-1,0),0)),MAX($M$15:OFFSET(M33,-1,0))+1,\n                      INDEX($M$15:OFFSET(M33,-1,0),MATCH($A33,$A$15:OFFSET($A33,-1,0),0)))))","v":2},{"$f":"IF($D33<>\"Serviço\",\"\",\n         IF(AUTOEVENTO=\"Manual\",\n                IF($A33=0,\"<-- defina o número do agrupador\",\n                       OFFSET(EVENTOS!$D$15,$A33-$A$15,0)),\n                OFFSET($F$15,$A33,0)))","v":"REDE DE DISTRUIBUIÇÃO"},null,null,null,{"$f":"ROUND((909.8*0.4*0.75),2)","v":272.94},null,null,null,null,null,null,null,null,null,{"$f":"IF(AND($D33=\"Serviço\",AB$12<>0,$H33>0,OR(AUTOEVENTO<>\"manual\",$M33<>$A$15)),\n        IF(Import.TipoArredondamento<>\"TransfereGOV\",\n              ROUND(OFFSET($P33,0,AB$13),15-13*ORÇAMENTO!$AF$7)/$H33*OFFSET(ORÇAMENTO!$X$15,ROW(AB33)-ROW(AB$15),0),\n              ROUND(ROUND(OFFSET($P33,0,AB$13),15-13*ORÇAMENTO!$AF$7)*OFFSET(ORÇAMENTO!$W$15,ROW(AB33)-ROW(AB$15),0),15-13*ORÇAMENTO!$AF$11)),\n         0)","v":0},{"$f":"IF(AND($D33=\"Serviço\",AC$12<>0,$H33>0,OR(AUTOEVENTO<>\"manual\",$M33<>$A$15)),\n        IF(Import.TipoArredondamento<>\"TransfereGOV\",\n              ROUND(OFFSET($P33,0,AC$13),15-13*ORÇAMENTO!$AF$7)/$H33*OFFSET(ORÇAMENTO!$X$15,ROW(AC33)-ROW(AC$15),0),\n              ROUND(ROUND(OFFSET($P33,0,AC$13),15-13*ORÇAMENTO!$AF$7)*OFFSET(ORÇAMENTO!$W$15,ROW(AC33)-ROW(AC$15),0),15-13*ORÇAMENTO!$AF$11)),\n         0)","v":3414.48},{"$f":"IF(AND($D33=\"Serviço\",AD$12<>0,$H33>0,OR(AUTOEVENTO<>\"manual\",$M33<>$A$15)),\n        IF(Import.TipoArredondamento<>\"TransfereGOV\",\n              ROUND(OFFSET($P33,0,AD$13),15-13*ORÇAMENTO!$AF$7)/$H33*OFFSET(ORÇAMENTO!$X$15,ROW(AD33)-ROW(AD$15),0),\n              ROUND(ROUND(OFFSET($P33,0,AD$13),15-13*ORÇAMENTO!$AF$7)*OFFSET(ORÇAMENTO!$W$15,ROW(AD33)-ROW(AD$15),0),15-13*ORÇAMENTO!$AF$11)),\n         0)","v":0},{"$f":"IF(AND($D33=\"Serviço\",AE$12<>0,$H33>0,OR(AUTOEVENTO<>\"manual\",$M33<>$A$15)),\n        IF(Import.TipoArredondamento<>\"TransfereGOV\",\n              ROUND(OFFSET($P33,0,AE$13),15-13*ORÇAMENTO!$AF$7)/$H33*OFFSET(ORÇAMENTO!$X$15,ROW(AE33)-ROW(AE$15),0),\n              ROUND(ROUND(OFFSET($P33,0,AE$13),15-13*ORÇAMENTO!$AF$7)*OFFSET(ORÇAMENTO!$W$15,ROW(AE33)-ROW(AE$15),0),15-13*ORÇAMENTO!$AF$11)),\n         0)","v":0},{"$f":"IF(AND($D33=\"Serviço\",AF$12<>0,$H33>0,OR(AUTOEVENTO<>\"manual\",$M33<>$A$15)),\n        IF(Import.TipoArredondamento<>\"TransfereGOV\",\n              ROUND(OFFSET($P33,0,AF$13),15-13*ORÇAMENTO!$AF$7)/$H33*OFFSET(ORÇAMENTO!$X$15,ROW(AF33)-ROW(AF$15),0),\n              ROUND(ROUND(OFFSET($P33,0,AF$13),15-13*ORÇAMENTO!$AF$7)*OFFSET(ORÇAMENTO!$W$15,ROW(AF33)-ROW(AF$15),0),15-13*ORÇAMENTO!$AF$11)),\n         0)","v":0},{"$f":"IF(AND($D33=\"Serviço\",AG$12<>0,$H33>0,OR(AUTOEVENTO<>\"manual\",$M33<>$A$15)),\n        IF(Import.TipoArredondamento<>\"TransfereGOV\",\n              ROUND(OFFSET($P33,0,AG$13),15-13*ORÇAMENTO!$AF$7)/$H33*OFFSET(ORÇAMENTO!$X$15,ROW(AG33)-ROW(AG$15),0),\n              ROUND(ROUND(OFFSET($P33,0,AG$13),15-13*ORÇAMENTO!$AF$7)*OFFSET(ORÇAMENTO!$W$15,ROW(AG33)-ROW(AG$15),0),15-13*ORÇAMENTO!$AF$11)),\n         0)","v":0},{"$f":"IF(AND($D33=\"Serviço\",AH$12<>0,$H33>0,OR(AUTOEVENTO<>\"manual\",$M33<>$A$15)),\n        IF(Import.TipoArredondamento<>\"TransfereGOV\",\n              ROUND(OFFSET($P33,0,AH$13),15-13*ORÇAMENTO!$AF$7)/$H33*OFFSET(ORÇAMENTO!$X$15,ROW(AH33)-ROW(AH$15),0),\n              ROUND(ROUND(OFFSET($P33,0,AH$13),15-13*ORÇAMENTO!$AF$7)*OFFSET(ORÇAMENTO!$W$15,ROW(AH33)-ROW(AH$15),0),15-13*ORÇAMENTO!$AF$11)),\n         0)","v":0},{"$f":"IF(AND($D33=\"Serviço\",AI$12<>0,$H33>0,OR(AUTOEVENTO<>\"manual\",$M33<>$A$15)),\n        IF(Import.TipoArredondamento<>\"TransfereGOV\",\n              ROUND(OFFSET($P33,0,AI$13),15-13*ORÇAMENTO!$AF$7)/$H33*OFFSET(ORÇAMENTO!$X$15,ROW(AI33)-ROW(AI$15),0),\n              ROUND(ROUND(OFFSET($P33,0,AI$13),15-13*ORÇAMENTO!$AF$7)*OFFSET(ORÇAMENTO!$W$15,ROW(AI33)-ROW(AI$15),0),15-13*ORÇAMENTO!$AF$11)),\n         0)","v":0},{"$f":"IF(AND($D33=\"Serviço\",AJ$12<>0,$H33>0,OR(AUTOEVENTO<>\"manual\",$M33<>$A$15)),\n        IF(Import.TipoArredondamento<>\"TransfereGOV\",\n              ROUND(OFFSET($P33,0,AJ$13),15-13*ORÇAMENTO!$AF$7)/$H33*OFFSET(ORÇAMENTO!$X$15,ROW(AJ33)-ROW(AJ$15),0),\n              ROUND(ROUND(OFFSET($P33,0,AJ$13),15-13*ORÇAMENTO!$AF$7)*OFFSET(ORÇAMENTO!$W$15,ROW(AJ33)-ROW(AJ$15),0),15-13*ORÇAMENTO!$AF$11)),\n         0)","v":0},{"$f":"IF(AND($D33=\"Serviço\",AK$12<>0,$H33>0,OR(AUTOEVENTO<>\"manual\",$M33<>$A$15)),\n        IF(Import.TipoArredondamento<>\"TransfereGOV\",\n              ROUND(OFFSET($P33,0,AK$13),15-13*ORÇAMENTO!$AF$7)/$H33*OFFSET(ORÇAMENTO!$X$15,ROW(AK33)-ROW(AK$15),0),\n              ROUND(ROUND(OFFSET($P33,0,AK$13),15-13*ORÇAMENTO!$AF$7)*OFFSET(ORÇAMENTO!$W$15,ROW(AK33)-ROW(AK$15),0),15-13*ORÇAMENTO!$AF$11)),\n         0)","v":0},null,{"$f":"IF(OR($D33<>\"Serviço\",AND(AUTOEVENTO=\"Manual\",$M33=$A$15)),0,\n         IF(OFFSET(CRONOPLE!$F$15,$M33-$A$15,AM$13)=0,10^12,OFFSET(CRONOPLE!$F$15,$M33-$A$15,AM$13)))","v":1},{"$f":"IF(OR($D33<>\"Serviço\",AND(AUTOEVENTO=\"Manual\",$M33=$A$15)),0,\n         IF(OFFSET(CRONOPLE!$F$15,$M33-$A$15,AN$13)=0,10^12,OFFSET(CRONOPLE!$F$15,$M33-$A$15,AN$13)))","v":2},{"$f":"IF(OR($D33<>\"Serviço\",AND(AUTOEVENTO=\"Manual\",$M33=$A$15)),0,\n         IF(OFFSET(CRONOPLE!$F$15,$M33-$A$15,AO$13)=0,10^12,OFFSET(CRONOPLE!$F$15,$M33-$A$15,AO$13)))","v":1000000000000},{"$f":"IF(OR($D33<>\"Serviço\",AND(AUTOEVENTO=\"Manual\",$M33=$A$15)),0,\n         IF(OFFSET(CRONOPLE!$F$15,$M33-$A$15,AP$13)=0,10^12,OFFSET(CRONOPLE!$F$15,$M33-$A$15,AP$13)))","v":1000000000000},{"$f":"IF(OR($D33<>\"Serviço\",AND(AUTOEVENTO=\"Manual\",$M33=$A$15)),0,\n         IF(OFFSET(CRONOPLE!$F$15,$M33-$A$15,AQ$13)=0,10^12,OFFSET(CRONOPLE!$F$15,$M33-$A$15,AQ$13)))","v":1000000000000},{"$f":"IF(OR($D33<>\"Serviço\",AND(AUTOEVENTO=\"Manual\",$M33=$A$15)),0,\n         IF(OFFSET(CRONOPLE!$F$15,$M33-$A$15,AR$13)=0,10^12,OFFSET(CRONOPLE!$F$15,$M33-$A$15,AR$13)))","v":1000000000000},{"$f":"IF(OR($D33<>\"Serviço\",AND(AUTOEVENTO=\"Manual\",$M33=$A$15)),0,\n         IF(OFFSET(CRONOPLE!$F$15,$M33-$A$15,AS$13)=0,10^12,OFFSET(CRONOPLE!$F$15,$M33-$A$15,AS$13)))","v":1000000000000},{"$f":"IF(OR($D33<>\"Serviço\",AND(AUTOEVENTO=\"Manual\",$M33=$A$15)),0,\n         IF(OFFSET(CRONOPLE!$F$15,$M33-$A$15,AT$13)=0,10^12,OFFSET(CRONOPLE!$F$15,$M33-$A$15,AT$13)))","v":1000000000000},{"$f":"IF(OR($D33<>\"Serviço\",AND(AUTOEVENTO=\"Manual\",$M33=$A$15)),0,\n         IF(OFFSET(CRONOPLE!$F$15,$M33-$A$15,AU$13)=0,10^12,OFFSET(CRONOPLE!$F$15,$M33-$A$15,AU$13)))","v":1000000000000},{"$f":"IF(OR($D33<>\"Serviço\",AND(AUTOEVENTO=\"Manual\",$M33=$A$15)),0,\n         IF(OFFSET(CRONOPLE!$F$15,$M33-$A$15,AV$13)=0,10^12,OFFSET(CRONOPLE!$F$15,$M33-$A$15,AV$13)))","v":1000000000000},null,{"$f":"IF(OR($D33<>\"Serviço\",AND(AUTOEVENTO=\"Manual\",$M33=$A$15),$M33>(ROW(PLE.lastrow)-ROW(PLE.firstrow))),0,\n           IF(OFFSET(PLE!$G$15,$M33-$A$15,AX$13)=\"\",10^12,OFFSET(PLE!$G$15,$M33-$A$15,AX$13)))","v":1000000000000},{"$f":"IF(OR($D33<>\"Serviço\",AND(AUTOEVENTO=\"Manual\",$M33=$A$15),$M33>(ROW(PLE.lastrow)-ROW(PLE.firstrow))),0,\n           IF(OFFSET(PLE!$G$15,$M33-$A$15,AY$13)=\"\",10^12,OFFSET(PLE!$G$15,$M33-$A$15,AY$13)))","v":1000000000000},{"$f":"IF(OR($D33<>\"Serviço\",AND(AUTOEVENTO=\"Manual\",$M33=$A$15),$M33>(ROW(PLE.lastrow)-ROW(PLE.firstrow))),0,\n           IF(OFFSET(PLE!$G$15,$M33-$A$15,AZ$13)=\"\",10^12,OFFSET(PLE!$G$15,$M33-$A$15,AZ$13)))","v":1000000000000},{"$f":"IF(OR($D33<>\"Serviço\",AND(AUTOEVENTO=\"Manual\",$M33=$A$15),$M33>(ROW(PLE.lastrow)-ROW(PLE.firstrow))),0,\n           IF(OFFSET(PLE!$G$15,$M33-$A$15,BA$13)=\"\",10^12,OFFSET(PLE!$G$15,$M33-$A$15,BA$13)))","v":1000000000000},{"$f":"IF(OR($D33<>\"Serviço\",AND(AUTOEVENTO=\"Manual\",$M33=$A$15),$M33>(ROW(PLE.lastrow)-ROW(PLE.firstrow))),0,\n           IF(OFFSET(PLE!$G$15,$M33-$A$15,BB$13)=\"\",10^12,OFFSET(PLE!$G$15,$M33-$A$15,BB$13)))","v":1000000000000},{"$f":"IF(OR($D33<>\"Serviço\",AND(AUTOEVENTO=\"Manual\",$M33=$A$15),$M33>(ROW(PLE.lastrow)-ROW(PLE.firstrow))),0,\n           IF(OFFSET(PLE!$G$15,$M33-$A$15,BC$13)=\"\",10^12,OFFSET(PLE!$G$15,$M33-$A$15,BC$13)))","v":1000000000000},{"$f":"IF(OR($D33<>\"Serviço\",AND(AUTOEVENTO=\"Manual\",$M33=$A$15),$M33>(ROW(PLE.lastrow)-ROW(PLE.firstrow))),0,\n           IF(OFFSET(PLE!$G$15,$M33-$A$15,BD$13)=\"\",10^12,OFFSET(PLE!$G$15,$M33-$A$15,BD$13)))","v":1000000000000},{"$f":"IF(OR($D33<>\"Serviço\",AND(AUTOEVENTO=\"Manual\",$M33=$A$15),$M33>(ROW(PLE.lastrow)-ROW(PLE.firstrow))),0,\n           IF(OFFSET(PLE!$G$15,$M33-$A$15,BE$13)=\"\",10^12,OFFSET(PLE!$G$15,$M33-$A$15,BE$13)))","v":1000000000000},{"$f":"IF(OR($D33<>\"Serviço\",AND(AUTOEVENTO=\"Manual\",$M33=$A$15),$M33>(ROW(PLE.lastrow)-ROW(PLE.firstrow))),0,\n           IF(OFFSET(PLE!$G$15,$M33-$A$15,BF$13)=\"\",10^12,OFFSET(PLE!$G$15,$M33-$A$15,BF$13)))","v":1000000000000},{"$f":"IF(OR($D33<>\"Serviço\",AND(AUTOEVENTO=\"Manual\",$M33=$A$15),$M33>(ROW(PLE.lastrow)-ROW(PLE.firstrow))),0,\n           IF(OFFSET(PLE!$G$15,$M33-$A$15,BG$13)=\"\",10^12,OFFSET(PLE!$G$15,$M33-$A$15,BG$13)))","v":1000000000000}]
["10",{"$f":"OFFSET(ORÇAMENTO!C$15,ROW(B34)-ROW(B$15),0)","v":"S"},{"$f":"OFFSET(ORÇAMENTO!L$15,ROW(C34)-ROW(C$15),0)","v":"F"},{"$f":"OFFSET(ORÇAMENTO!N$15,ROW(D34)-ROW(D$15),0)","v":"Serviço"},{"$f":"OFFSET(ORÇAMENTO!O$15,ROW(E34)-ROW(E$15),0)","v":"1.2.2.2."},{"$f":"OFFSET(ORÇAMENTO!R$15,ROW(F34)-ROW(F$15),0)","v":"REATERRO MECANIZADO DE VALA COM RETROESCAVADEIRA (CAPACIDADE DA CAÇAMBA DA RETRO: 0,26 M³/POTÊNCIA: 88 HP), LARGURA ATÉ 0,8 M, PROFUNDIDADE ATÉ 1,5 M, COM SOLO (SEM SUBSTITUIÇÃO) DE 1ª CATEGORIA, COM COMPACTADOR DE SOLOS DE PERCUSSÃO. AF_08/2023"},{"$f":"IF($D34<>\"Serviço\",\"\",OFFSET(ORÇAMENTO!S$15,ROW(G34)-ROW(G$15),0))","v":"M3"},{"$f":"IF($D34<>\"Serviço\",0,IF(ACOMPANHAMENTO=\"BM\",ROUND(OFFSET(ORÇAMENTO!AJ$15,ROW(H34)-ROW(H$15),0),15-13*ORÇAMENTO!$AF$7),SUMPRODUCT(($Q$1:$AA$1=1)*ROUND($Q34:$AA34,15-13*ORÇAMENTO!$AF$7))))","v":270.10000000000002},"Volume de escavação descontado do volume de tubo; 909,80 x pi x 0,0315^2 = 2,84m³",{"$f":"IF(OR(B34<>\"S\",CÁLCULO.FrentesPreenchidas=0),\"\",IF(AND(ACOMPANHAMENTO=\"PLE\",AUTOEVENTO=\"Manual\",OR(H34>0,ORÇAMENTO!AC34=\"QUANT.\"),OR(K34=\"\",M34=0,N34=\"\")),\"►E\",IF(AND(ACOMPANHAMENTO=\"PLE\",ORÇAMENTO!AC34=\"QUANT.\"),\"►Q\",IF(AND(ACOMPANHAMENTO=\"PLE\",H34<>SUMPRODUCT(($Q$1:$AA$1=1)*ROUND(Q34:AA34,15))),\"►S\",IF(AND(COUNTIF($P$11:$AA$11,\"▼\")=0,H34>0,I34=\"\"),\"◄M\",\"\")))))","v":{"$error":"#NAME?"}},"2. Rede de Distribuição PEAD",".",{"$f":"IF($D34<>\"Serviço\",\"\",\n          IF(AUTOEVENTO=\"manual\",$A34,\n                IF(ISERROR(MATCH($A34,$A$15:OFFSET($A34,-1,0),0)),MAX($M$15:OFFSET(M34,-1,0))+1,\n                      INDEX($M$15:OFFSET(M34,-1,0),MATCH($A34,$A$15:OFFSET($A34,-1,0),0)))))","v":2},{"$f":"IF($D34<>\"Serviço\",\"\",\n         IF(AUTOEVENTO=\"Manual\",\n                IF($A34=0,\"<-- defina o número do agrupador\",\n                       OFFSET(EVENTOS!$D$15,$A34-$A$15,0)),\n                OFFSET($F$15,$A34,0)))","v":"REDE DE DISTRUIBUIÇÃO"},null,null,null,{"$f":"R33-2.84","v":270.10000000000002},null,null,null,null,null,null,null,null,null,{"$f":"IF(AND($D34=\"Serviço\",AB$12<>0,$H34>0,OR(AUTOEVENTO<>\"manual\",$M34<>$A$15)),\n        IF(Import.TipoArredondamento<>\"TransfereGOV\",\n              ROUND(OFFSET($P34,0,AB$13),15-13*ORÇAMENTO!$AF$7)/$H34*OFFSET(ORÇAMENTO!$X$15,ROW(AB34)-ROW(AB$15),0),\n              ROUND(ROUND(OFFSET($P34,0,AB$13),15-13*ORÇAMENTO!$AF$7)*OFFSET(ORÇAMENTO!$W$15,ROW(AB34)-ROW(AB$15),0),15-13*ORÇAMENTO!$AF$11)),\n         0)","v":0},{"$f":"IF(AND($D34=\"Serviço\",AC$12<>0,$H34>0,OR(AUTOEVENTO<>\"manual\",$M34<>$A$15)),\n        IF(Import.TipoArredondamento<>\"TransfereGOV\",\n              ROUND(OFFSET($P34,0,AC$13),15-13*ORÇAMENTO!$AF$7)/$H34*OFFSET(ORÇAMENTO!$X$15,ROW(AC34)-ROW(AC$15),0),\n              ROUND(ROUND(OFFSET($P34,0,AC$13),15-13*ORÇAMENTO!$AF$7)*OFFSET(ORÇAMENTO!$W$15,ROW(AC34)-ROW(AC$15),0),15-13*ORÇAMENTO!$AF$11)),\n         0)","v":8767.4500000000007},{"$f":"IF(AND($D34=\"Serviço\",AD$12<>0,$H34>0,OR(AUTOEVENTO<>\"manual\",$M34<>$A$15)),\n        IF(Import.TipoArredondamento<>\"TransfereGOV\",\n              ROUND(OFFSET($P34,0,AD$13),15-13*ORÇAMENTO!$AF$7)/$H34*OFFSET(ORÇAMENTO!$X$15,ROW(AD34)-ROW(AD$15),0),\n              ROUND(ROUND(OFFSET($P34,0,AD$13),15-13*ORÇAMENTO!$AF$7)*OFFSET(ORÇAMENTO!$W$15,ROW(AD34)-ROW(AD$15),0),15-13*ORÇAMENTO!$AF$11)),\n         0)","v":0},{"$f":"IF(AND($D34=\"Serviço\",AE$12<>0,$H34>0,OR(AUTOEVENTO<>\"manual\",$M34<>$A$15)),\n        IF(Import.TipoArredondamento<>\"TransfereGOV\",\n              ROUND(OFFSET($P34,0,AE$13),15-13*ORÇAMENTO!$AF$7)/$H34*OFFSET(ORÇAMENTO!$X$15,ROW(AE34)-ROW(AE$15),0),\n              ROUND(ROUND(OFFSET($P34,0,AE$13),15-13*ORÇAMENTO!$AF$7)*OFFSET(ORÇAMENTO!$W$15,ROW(AE34)-ROW(AE$15),0),15-13*ORÇAMENTO!$AF$11)),\n         0)","v":0},{"$f":"IF(AND($D34=\"Serviço\",AF$12<>0,$H34>0,OR(AUTOEVENTO<>\"manual\",$M34<>$A$15)),\n        IF(Import.TipoArredondamento<>\"TransfereGOV\",\n              ROUND(OFFSET($P34,0,AF$13),15-13*ORÇAMENTO!$AF$7)/$H34*OFFSET(ORÇAMENTO!$X$15,ROW(AF34)-ROW(AF$15),0),\n              ROUND(ROUND(OFFSET($P34,0,AF$13),15-13*ORÇAMENTO!$AF$7)*OFFSET(ORÇAMENTO!$W$15,ROW(AF34)-ROW(AF$15),0),15-13*ORÇAMENTO!$AF$11)),\n         0)","v":0},{"$f":"IF(AND($D34=\"Serviço\",AG$12<>0,$H34>0,OR(AUTOEVENTO<>\"manual\",$M34<>$A$15)),\n        IF(Import.TipoArredondamento<>\"TransfereGOV\",\n              ROUND(OFFSET($P34,0,AG$13),15-13*ORÇAMENTO!$AF$7)/$H34*OFFSET(ORÇAMENTO!$X$15,ROW(AG34)-ROW(AG$15),0),\n              ROUND(ROUND(OFFSET($P34,0,AG$13),15-13*ORÇAMENTO!$AF$7)*OFFSET(ORÇAMENTO!$W$15,ROW(AG34)-ROW(AG$15),0),15-13*ORÇAMENTO!$AF$11)),\n         0)","v":0},{"$f":"IF(AND($D34=\"Serviço\",AH$12<>0,$H34>0,OR(AUTOEVENTO<>\"manual\",$M34<>$A$15)),\n        IF(Import.TipoArredondamento<>\"TransfereGOV\",\n              ROUND(OFFSET($P34,0,AH$13),15-13*ORÇAMENTO!$AF$7)/$H34*OFFSET(ORÇAMENTO!$X$15,ROW(AH34)-ROW(AH$15),0),\n              ROUND(ROUND(OFFSET($P34,0,AH$13),15-13*ORÇAMENTO!$AF$7)*OFFSET(ORÇAMENTO!$W$15,ROW(AH34)-ROW(AH$15),0),15-13*ORÇAMENTO!$AF$11)),\n         0)","v":0},{"$f":"IF(AND($D34=\"Serviço\",AI$12<>0,$H34>0,OR(AUTOEVENTO<>\"manual\",$M34<>$A$15)),\n        IF(Import.TipoArredondamento<>\"TransfereGOV\",\n              ROUND(OFFSET($P34,0,AI$13),15-13*ORÇAMENTO!$AF$7)/$H34*OFFSET(ORÇAMENTO!$X$15,ROW(AI34)-ROW(AI$15),0),\n              ROUND(ROUND(OFFSET($P34,0,AI$13),15-13*ORÇAMENTO!$AF$7)*OFFSET(ORÇAMENTO!$W$15,ROW(AI34)-ROW(AI$15),0),15-13*ORÇAMENTO!$AF$11)),\n         0)","v":0},{"$f":"IF(AND($D34=\"Serviço\",AJ$12<>0,$H34>0,OR(AUTOEVENTO<>\"manual\",$M34<>$A$15)),\n        IF(Import.TipoArredondamento<>\"TransfereGOV\",\n              ROUND(OFFSET($P34,0,AJ$13),15-13*ORÇAMENTO!$AF$7)/$H34*OFFSET(ORÇAMENTO!$X$15,ROW(AJ34)-ROW(AJ$15),0),\n              ROUND(ROUND(OFFSET($P34,0,AJ$13),15-13*ORÇAMENTO!$AF$7)*OFFSET(ORÇAMENTO!$W$15,ROW(AJ34)-ROW(AJ$15),0),15-13*ORÇAMENTO!$AF$11)),\n         0)","v":0},{"$f":"IF(AND($D34=\"Serviço\",AK$12<>0,$H34>0,OR(AUTOEVENTO<>\"manual\",$M34<>$A$15)),\n        IF(Import.TipoArredondamento<>\"TransfereGOV\",\n              ROUND(OFFSET($P34,0,AK$13),15-13*ORÇAMENTO!$AF$7)/$H34*OFFSET(ORÇAMENTO!$X$15,ROW(AK34)-ROW(AK$15),0),\n              ROUND(ROUND(OFFSET($P34,0,AK$13),15-13*ORÇAMENTO!$AF$7)*OFFSET(ORÇAMENTO!$W$15,ROW(AK34)-ROW(AK$15),0),15-13*ORÇAMENTO!$AF$11)),\n         0)","v":0},null,{"$f":"IF(OR($D34<>\"Serviço\",AND(AUTOEVENTO=\"Manual\",$M34=$A$15)),0,\n         IF(OFFSET(CRONOPLE!$F$15,$M34-$A$15,AM$13)=0,10^12,OFFSET(CRONOPLE!$F$15,$M34-$A$15,AM$13)))","v":1},{"$f":"IF(OR($D34<>\"Serviço\",AND(AUTOEVENTO=\"Manual\",$M34=$A$15)),0,\n         IF(OFFSET(CRONOPLE!$F$15,$M34-$A$15,AN$13)=0,10^12,OFFSET(CRONOPLE!$F$15,$M34-$A$15,AN$13)))","v":2},{"$f":"IF(OR($D34<>\"Serviço\",AND(AUTOEVENTO=\"Manual\",$M34=$A$15)),0,\n         IF(OFFSET(CRONOPLE!$F$15,$M34-$A$15,AO$13)=0,10^12,OFFSET(CRONOPLE!$F$15,$M34-$A$15,AO$13)))","v":1000000000000},{"$f":"IF(OR($D34<>\"Serviço\",AND(AUTOEVENTO=\"Manual\",$M34=$A$15)),0,\n         IF(OFFSET(CRONOPLE!$F$15,$M34-$A$15,AP$13)=0,10^12,OFFSET(CRONOPLE!$F$15,$M34-$A$15,AP$13)))","v":1000000000000},{"$f":"IF(OR($D34<>\"Serviço\",AND(AUTOEVENTO=\"Manual\",$M34=$A$15)),0,\n         IF(OFFSET(CRONOPLE!$F$15,$M34-$A$15,AQ$13)=0,10^12,OFFSET(CRONOPLE!$F$15,$M34-$A$15,AQ$13)))","v":1000000000000},{"$f":"IF(OR($D34<>\"Serviço\",AND(AUTOEVENTO=\"Manual\",$M34=$A$15)),0,\n         IF(OFFSET(CRONOPLE!$F$15,$M34-$A$15,AR$13)=0,10^12,OFFSET(CRONOPLE!$F$15,$M34-$A$15,AR$13)))","v":1000000000000},{"$f":"IF(OR($D34<>\"Serviço\",AND(AUTOEVENTO=\"Manual\",$M34=$A$15)),0,\n         IF(OFFSET(CRONOPLE!$F$15,$M34-$A$15,AS$13)=0,10^12,OFFSET(CRONOPLE!$F$15,$M34-$A$15,AS$13)))","v":1000000000000},{"$f":"IF(OR($D34<>\"Serviço\",AND(AUTOEVENTO=\"Manual\",$M34=$A$15)),0,\n         IF(OFFSET(CRONOPLE!$F$15,$M34-$A$15,AT$13)=0,10^12,OFFSET(CRONOPLE!$F$15,$M34-$A$15,AT$13)))","v":1000000000000},{"$f":"IF(OR($D34<>\"Serviço\",AND(AUTOEVENTO=\"Manual\",$M34=$A$15)),0,\n         IF(OFFSET(CRONOPLE!$F$15,$M34-$A$15,AU$13)=0,10^12,OFFSET(CRONOPLE!$F$15,$M34-$A$15,AU$13)))","v":1000000000000},{"$f":"IF(OR($D34<>\"Serviço\",AND(AUTOEVENTO=\"Manual\",$M34=$A$15)),0,\n         IF(OFFSET(CRONOPLE!$F$15,$M34-$A$15,AV$13)=0,10^12,OFFSET(CRONOPLE!$F$15,$M34-$A$15,AV$13)))","v":1000000000000},null,{"$f":"IF(OR($D34<>\"Serviço\",AND(AUTOEVENTO=\"Manual\",$M34=$A$15),$M34>(ROW(PLE.lastrow)-ROW(PLE.firstrow))),0,\n           IF(OFFSET(PLE!$G$15,$M34-$A$15,AX$13)=\"\",10^12,OFFSET(PLE!$G$15,$M34-$A$15,AX$13)))","v":1000000000000},{"$f":"IF(OR($D34<>\"Serviço\",AND(AUTOEVENTO=\"Manual\",$M34=$A$15),$M34>(ROW(PLE.lastrow)-ROW(PLE.firstrow))),0,\n           IF(OFFSET(PLE!$G$15,$M34-$A$15,AY$13)=\"\",10^12,OFFSET(PLE!$G$15,$M34-$A$15,AY$13)))","v":1000000000000},{"$f":"IF(OR($D34<>\"Serviço\",AND(AUTOEVENTO=\"Manual\",$M34=$A$15),$M34>(ROW(PLE.lastrow)-ROW(PLE.firstrow))),0,\n           IF(OFFSET(PLE!$G$15,$M34-$A$15,AZ$13)=\"\",10^12,OFFSET(PLE!$G$15,$M34-$A$15,AZ$13)))","v":1000000000000},{"$f":"IF(OR($D34<>\"Serviço\",AND(AUTOEVENTO=\"Manual\",$M34=$A$15),$M34>(ROW(PLE.lastrow)-ROW(PLE.firstrow))),0,\n           IF(OFFSET(PLE!$G$15,$M34-$A$15,BA$13)=\"\",10^12,OFFSET(PLE!$G$15,$M34-$A$15,BA$13)))","v":1000000000000},{"$f":"IF(OR($D34<>\"Serviço\",AND(AUTOEVENTO=\"Manual\",$M34=$A$15),$M34>(ROW(PLE.lastrow)-ROW(PLE.firstrow))),0,\n           IF(OFFSET(PLE!$G$15,$M34-$A$15,BB$13)=\"\",10^12,OFFSET(PLE!$G$15,$M34-$A$15,BB$13)))","v":1000000000000},{"$f":"IF(OR($D34<>\"Serviço\",AND(AUTOEVENTO=\"Manual\",$M34=$A$15),$M34>(ROW(PLE.lastrow)-ROW(PLE.firstrow))),0,\n           IF(OFFSET(PLE!$G$15,$M34-$A$15,BC$13)=\"\",10^12,OFFSET(PLE!$G$15,$M34-$A$15,BC$13)))","v":1000000000000},{"$f":"IF(OR($D34<>\"Serviço\",AND(AUTOEVENTO=\"Manual\",$M34=$A$15),$M34>(ROW(PLE.lastrow)-ROW(PLE.firstrow))),0,\n           IF(OFFSET(PLE!$G$15,$M34-$A$15,BD$13)=\"\",10^12,OFFSET(PLE!$G$15,$M34-$A$15,BD$13)))","v":1000000000000},{"$f":"IF(OR($D34<>\"Serviço\",AND(AUTOEVENTO=\"Manual\",$M34=$A$15),$M34>(ROW(PLE.lastrow)-ROW(PLE.firstrow))),0,\n           IF(OFFSET(PLE!$G$15,$M34-$A$15,BE$13)=\"\",10^12,OFFSET(PLE!$G$15,$M34-$A$15,BE$13)))","v":1000000000000},{"$f":"IF(OR($D34<>\"Serviço\",AND(AUTOEVENTO=\"Manual\",$M34=$A$15),$M34>(ROW(PLE.lastrow)-ROW(PLE.firstrow))),0,\n           IF(OFFSET(PLE!$G$15,$M34-$A$15,BF$13)=\"\",10^12,OFFSET(PLE!$G$15,$M34-$A$15,BF$13)))","v":1000000000000},{"$f":"IF(OR($D34<>\"Serviço\",AND(AUTOEVENTO=\"Manual\",$M34=$A$15),$M34>(ROW(PLE.lastrow)-ROW(PLE.firstrow))),0,\n           IF(OFFSET(PLE!$G$15,$M34-$A$15,BG$13)=\"\",10^12,OFFSET(PLE!$G$15,$M34-$A$15,BG$13)))","v":1000000000000}]
["10",{"$f":"OFFSET(ORÇAMENTO!C$15,ROW(B35)-ROW(B$15),0)","v":"S"},{"$f":"OFFSET(ORÇAMENTO!L$15,ROW(C35)-ROW(C$15),0)","v":"F"},{"$f":"OFFSET(ORÇAMENTO!N$15,ROW(D35)-ROW(D$15),0)","v":"Serviço"},{"$f":"OFFSET(ORÇAMENTO!O$15,ROW(E35)-ROW(E$15),0)","v":"1.2.2.3."},{"$f":"OFFSET(ORÇAMENTO!R$15,ROW(F35)-ROW(F$15),0)","v":"TUBO PEAD LISO PARA REDE DE ÁGUA OU ESGOTO, DIÂMETRO DE 63 MM, JUNTA SOLDADA (NÃO INCLUI A EXECUÇÃO DE SOLDA) - FORNECIMENTO E ASSENTAMENTO. AF_12/2021"},{"$f":"IF($D35<>\"Serviço\",\"\",OFFSET(ORÇAMENTO!S$15,ROW(G35)-ROW(G$15),0))","v":"M"},{"$f":"IF($D35<>\"Serviço\",0,IF(ACOMPANHAMENTO=\"BM\",ROUND(OFFSET(ORÇAMENTO!AJ$15,ROW(H35)-ROW(H$15),0),15-13*ORÇAMENTO!$AF$7),SUMPRODUCT(($Q$1:$AA$1=1)*ROUND($Q35:$AA35,15-13*ORÇAMENTO!$AF$7))))","v":909.8},"152 unidades de 6,0 metros (=909,80m.)",{"$f":"IF(OR(B35<>\"S\",CÁLCULO.FrentesPreenchidas=0),\"\",IF(AND(ACOMPANHAMENTO=\"PLE\",AUTOEVENTO=\"Manual\",OR(H35>0,ORÇAMENTO!AC35=\"QUANT.\"),OR(K35=\"\",M35=0,N35=\"\")),\"►E\",IF(AND(ACOMPANHAMENTO=\"PLE\",ORÇAMENTO!AC35=\"QUANT.\"),\"►Q\",IF(AND(ACOMPANHAMENTO=\"PLE\",H35<>SUMPRODUCT(($Q$1:$AA$1=1)*ROUND(Q35:AA35,15))),\"►S\",IF(AND(COUNTIF($P$11:$AA$11,\"▼\")=0,H35>0,I35=\"\"),\"◄M\",\"\")))))","v":{"$error":"#NAME?"}},"2. Rede de Distribuição PEAD",".",{"$f":"IF($D35<>\"Serviço\",\"\",\n          IF(AUTOEVENTO=\"manual\",$A35,\n                IF(ISERROR(MATCH($A35,$A$15:OFFSET($A35,-1,0),0)),MAX($M$15:OFFSET(M35,-1,0))+1,\n                      INDEX($M$15:OFFSET(M35,-1,0),MATCH($A35,$A$15:OFFSET($A35,-1,0),0)))))","v":2},{"$f":"IF($D35<>\"Serviço\",\"\",\n         IF(AUTOEVENTO=\"Manual\",\n                IF($A35=0,\"<-- defina o número do agrupador\",\n                       OFFSET(EVENTOS!$D$15,$A35-$A$15,0)),\n                OFFSET($F$15,$A35,0)))","v":"REDE DE DISTRUIBUIÇÃO"},null,null,null,909.8,null,null,null,null,null,null,null,null,null,{"$f":"IF(AND($D35=\"Serviço\",AB$12<>0,$H35>0,OR(AUTOEVENTO<>\"manual\",$M35<>$A$15)),\n        IF(Import.TipoArredondamento<>\"TransfereGOV\",\n              ROUND(OFFSET($P35,0,AB$13),15-13*ORÇAMENTO!$AF$7)/$H35*OFFSET(ORÇAMENTO!$X$15,ROW(AB35)-ROW(AB$15),0),\n              ROUND(ROUND(OFFSET($P35,0,AB$13),15-13*ORÇAMENTO!$AF$7)*OFFSET(ORÇAMENTO!$W$15,ROW(AB35)-ROW(AB$15),0),15-13*ORÇAMENTO!$AF$11)),\n         0)","v":0},{"$f":"IF(AND($D35=\"Serviço\",AC$12<>0,$H35>0,OR(AUTOEVENTO<>\"manual\",$M35<>$A$15)),\n        IF(Import.TipoArredondamento<>\"TransfereGOV\",\n              ROUND(OFFSET($P35,0,AC$13),15-13*ORÇAMENTO!$AF$7)/$H35*OFFSET(ORÇAMENTO!$X$15,ROW(AC35)-ROW(AC$15),0),\n              ROUND(ROUND(OFFSET($P35,0,AC$13),15-13*ORÇAMENTO!$AF$7)*OFFSET(ORÇAMENTO!$W$15,ROW(AC35)-ROW(AC$15),0),15-13*ORÇAMENTO!$AF$11)),\n         0)","v":22854.18},{"$f":"IF(AND($D35=\"Serviço\",AD$12<>0,$H35>0,OR(AUTOEVENTO<>\"manual\",$M35<>$A$15)),\n        IF(Import.TipoArredondamento<>\"TransfereGOV\",\n              ROUND(OFFSET($P35,0,AD$13),15-13*ORÇAMENTO!$AF$7)/$H35*OFFSET(ORÇAMENTO!$X$15,ROW(AD35)-ROW(AD$15),0),\n              ROUND(ROUND(OFFSET($P35,0,AD$13),15-13*ORÇAMENTO!$AF$7)*OFFSET(ORÇAMENTO!$W$15,ROW(AD35)-ROW(AD$15),0),15-13*ORÇAMENTO!$AF$11)),\n         0)","v":0},{"$f":"IF(AND($D35=\"Serviço\",AE$12<>0,$H35>0,OR(AUTOEVENTO<>\"manual\",$M35<>$A$15)),\n        IF(Import.TipoArredondamento<>\"TransfereGOV\",\n              ROUND(OFFSET($P35,0,AE$13),15-13*ORÇAMENTO!$AF$7)/$H35*OFFSET(ORÇAMENTO!$X$15,ROW(AE35)-ROW(AE$15),0),\n              ROUND(ROUND(OFFSET($P35,0,AE$13),15-13*ORÇAMENTO!$AF$7)*OFFSET(ORÇAMENTO!$W$15,ROW(AE35)-ROW(AE$15),0),15-13*ORÇAMENTO!$AF$11)),\n         0)","v":0},{"$f":"IF(AND($D35=\"Serviço\",AF$12<>0,$H35>0,OR(AUTOEVENTO<>\"manual\",$M35<>$A$15)),\n        IF(Import.TipoArredondamento<>\"TransfereGOV\",\n              ROUND(OFFSET($P35,0,AF$13),15-13*ORÇAMENTO!$AF$7)/$H35*OFFSET(ORÇAMENTO!$X$15,ROW(AF35)-ROW(AF$15),0),\n              ROUND(ROUND(OFFSET($P35,0,AF$13),15-13*ORÇAMENTO!$AF$7)*OFFSET(ORÇAMENTO!$W$15,ROW(AF35)-ROW(AF$15),0),15-13*ORÇAMENTO!$AF$11)),\n         0)","v":0},{"$f":"IF(AND($D35=\"Serviço\",AG$12<>0,$H35>0,OR(AUTOEVENTO<>\"manual\",$M35<>$A$15)),\n        IF(Import.TipoArredondamento<>\"TransfereGOV\",\n              ROUND(OFFSET($P35,0,AG$13),15-13*ORÇAMENTO!$AF$7)/$H35*OFFSET(ORÇAMENTO!$X$15,ROW(AG35)-ROW(AG$15),0),\n              ROUND(ROUND(OFFSET($P35,0,AG$13),15-13*ORÇAMENTO!$AF$7)*OFFSET(ORÇAMENTO!$W$15,ROW(AG35)-ROW(AG$15),0),15-13*ORÇAMENTO!$AF$11)),\n         0)","v":0},{"$f":"IF(AND($D35=\"Serviço\",AH$12<>0,$H35>0,OR(AUTOEVENTO<>\"manual\",$M35<>$A$15)),\n        IF(Import.TipoArredondamento<>\"TransfereGOV\",\n              ROUND(OFFSET($P35,0,AH$13),15-13*ORÇAMENTO!$AF$7)/$H35*OFFSET(ORÇAMENTO!$X$15,ROW(AH35)-ROW(AH$15),0),\n              ROUND(ROUND(OFFSET($P35,0,AH$13),15-13*ORÇAMENTO!$AF$7)*OFFSET(ORÇAMENTO!$W$15,ROW(AH35)-ROW(AH$15),0),15-13*ORÇAMENTO!$AF$11)),\n         0)","v":0},{"$f":"IF(AND($D35=\"Serviço\",AI$12<>0,$H35>0,OR(AUTOEVENTO<>\"manual\",$M35<>$A$15)),\n        IF(Import.TipoArredondamento<>\"TransfereGOV\",\n              ROUND(OFFSET($P35,0,AI$13),15-13*ORÇAMENTO!$AF$7)/$H35*OFFSET(ORÇAMENTO!$X$15,ROW(AI35)-ROW(AI$15),0),\n              ROUND(ROUND(OFFSET($P35,0,AI$13),15-13*ORÇAMENTO!$AF$7)*OFFSET(ORÇAMENTO!$W$15,ROW(AI35)-ROW(AI$15),0),15-13*ORÇAMENTO!$AF$11)),\n         0)","v":0},{"$f":"IF(AND($D35=\"Serviço\",AJ$12<>0,$H35>0,OR(AUTOEVENTO<>\"manual\",$M35<>$A$15)),\n        IF(Import.TipoArredondamento<>\"TransfereGOV\",\n              ROUND(OFFSET($P35,0,AJ$13),15-13*ORÇAMENTO!$AF$7)/$H35*OFFSET(ORÇAMENTO!$X$15,ROW(AJ35)-ROW(AJ$15),0),\n              ROUND(ROUND(OFFSET($P35,0,AJ$13),15-13*ORÇAMENTO!$AF$7)*OFFSET(ORÇAMENTO!$W$15,ROW(AJ35)-ROW(AJ$15),0),15-13*ORÇAMENTO!$AF$11)),\n         0)","v":0},{"$f":"IF(AND($D35=\"Serviço\",AK$12<>0,$H35>0,OR(AUTOEVENTO<>\"manual\",$M35<>$A$15)),\n        IF(Import.TipoArredondamento<>\"TransfereGOV\",\n              ROUND(OFFSET($P35,0,AK$13),15-13*ORÇAMENTO!$AF$7)/$H35*OFFSET(ORÇAMENTO!$X$15,ROW(AK35)-ROW(AK$15),0),\n              ROUND(ROUND(OFFSET($P35,0,AK$13),15-13*ORÇAMENTO!$AF$7)*OFFSET(ORÇAMENTO!$W$15,ROW(AK35)-ROW(AK$15),0),15-13*ORÇAMENTO!$AF$11)),\n         0)","v":0},null,{"$f":"IF(OR($D35<>\"Serviço\",AND(AUTOEVENTO=\"Manual\",$M35=$A$15)),0,\n         IF(OFFSET(CRONOPLE!$F$15,$M35-$A$15,AM$13)=0,10^12,OFFSET(CRONOPLE!$F$15,$M35-$A$15,AM$13)))","v":1},{"$f":"IF(OR($D35<>\"Serviço\",AND(AUTOEVENTO=\"Manual\",$M35=$A$15)),0,\n         IF(OFFSET(CRONOPLE!$F$15,$M35-$A$15,AN$13)=0,10^12,OFFSET(CRONOPLE!$F$15,$M35-$A$15,AN$13)))","v":2},{"$f":"IF(OR($D35<>\"Serviço\",AND(AUTOEVENTO=\"Manual\",$M35=$A$15)),0,\n         IF(OFFSET(CRONOPLE!$F$15,$M35-$A$15,AO$13)=0,10^12,OFFSET(CRONOPLE!$F$15,$M35-$A$15,AO$13)))","v":1000000000000},{"$f":"IF(OR($D35<>\"Serviço\",AND(AUTOEVENTO=\"Manual\",$M35=$A$15)),0,\n         IF(OFFSET(CRONOPLE!$F$15,$M35-$A$15,AP$13)=0,10^12,OFFSET(CRONOPLE!$F$15,$M35-$A$15,AP$13)))","v":1000000000000},{"$f":"IF(OR($D35<>\"Serviço\",AND(AUTOEVENTO=\"Manual\",$M35=$A$15)),0,\n         IF(OFFSET(CRONOPLE!$F$15,$M35-$A$15,AQ$13)=0,10^12,OFFSET(CRONOPLE!$F$15,$M35-$A$15,AQ$13)))","v":1000000000000},{"$f":"IF(OR($D35<>\"Serviço\",AND(AUTOEVENTO=\"Manual\",$M35=$A$15)),0,\n         IF(OFFSET(CRONOPLE!$F$15,$M35-$A$15,AR$13)=0,10^12,OFFSET(CRONOPLE!$F$15,$M35-$A$15,AR$13)))","v":1000000000000},{"$f":"IF(OR($D35<>\"Serviço\",AND(AUTOEVENTO=\"Manual\",$M35=$A$15)),0,\n         IF(OFFSET(CRONOPLE!$F$15,$M35-$A$15,AS$13)=0,10^12,OFFSET(CRONOPLE!$F$15,$M35-$A$15,AS$13)))","v":1000000000000},{"$f":"IF(OR($D35<>\"Serviço\",AND(AUTOEVENTO=\"Manual\",$M35=$A$15)),0,\n         IF(OFFSET(CRONOPLE!$F$15,$M35-$A$15,AT$13)=0,10^12,OFFSET(CRONOPLE!$F$15,$M35-$A$15,AT$13)))","v":1000000000000},{"$f":"IF(OR($D35<>\"Serviço\",AND(AUTOEVENTO=\"Manual\",$M35=$A$15)),0,\n         IF(OFFSET(CRONOPLE!$F$15,$M35-$A$15,AU$13)=0,10^12,OFFSET(CRONOPLE!$F$15,$M35-$A$15,AU$13)))","v":1000000000000},{"$f":"IF(OR($D35<>\"Serviço\",AND(AUTOEVENTO=\"Manual\",$M35=$A$15)),0,\n         IF(OFFSET(CRONOPLE!$F$15,$M35-$A$15,AV$13)=0,10^12,OFFSET(CRONOPLE!$F$15,$M35-$A$15,AV$13)))","v":1000000000000},null,{"$f":"IF(OR($D35<>\"Serviço\",AND(AUTOEVENTO=\"Manual\",$M35=$A$15),$M35>(ROW(PLE.lastrow)-ROW(PLE.firstrow))),0,\n           IF(OFFSET(PLE!$G$15,$M35-$A$15,AX$13)=\"\",10^12,OFFSET(PLE!$G$15,$M35-$A$15,AX$13)))","v":1000000000000},{"$f":"IF(OR($D35<>\"Serviço\",AND(AUTOEVENTO=\"Manual\",$M35=$A$15),$M35>(ROW(PLE.lastrow)-ROW(PLE.firstrow))),0,\n           IF(OFFSET(PLE!$G$15,$M35-$A$15,AY$13)=\"\",10^12,OFFSET(PLE!$G$15,$M35-$A$15,AY$13)))","v":1000000000000},{"$f":"IF(OR($D35<>\"Serviço\",AND(AUTOEVENTO=\"Manual\",$M35=$A$15),$M35>(ROW(PLE.lastrow)-ROW(PLE.firstrow))),0,\n           IF(OFFSET(PLE!$G$15,$M35-$A$15,AZ$13)=\"\",10^12,OFFSET(PLE!$G$15,$M35-$A$15,AZ$13)))","v":1000000000000},{"$f":"IF(OR($D35<>\"Serviço\",AND(AUTOEVENTO=\"Manual\",$M35=$A$15),$M35>(ROW(PLE.lastrow)-ROW(PLE.firstrow))),0,\n           IF(OFFSET(PLE!$G$15,$M35-$A$15,BA$13)=\"\",10^12,OFFSET(PLE!$G$15,$M35-$A$15,BA$13)))","v":1000000000000},{"$f":"IF(OR($D35<>\"Serviço\",AND(AUTOEVENTO=\"Manual\",$M35=$A$15),$M35>(ROW(PLE.lastrow)-ROW(PLE.firstrow))),0,\n           IF(OFFSET(PLE!$G$15,$M35-$A$15,BB$13)=\"\",10^12,OFFSET(PLE!$G$15,$M35-$A$15,BB$13)))","v":1000000000000},{"$f":"IF(OR($D35<>\"Serviço\",AND(AUTOEVENTO=\"Manual\",$M35=$A$15),$M35>(ROW(PLE.lastrow)-ROW(PLE.firstrow))),0,\n           IF(OFFSET(PLE!$G$15,$M35-$A$15,BC$13)=\"\",10^12,OFFSET(PLE!$G$15,$M35-$A$15,BC$13)))","v":1000000000000},{"$f":"IF(OR($D35<>\"Serviço\",AND(AUTOEVENTO=\"Manual\",$M35=$A$15),$M35>(ROW(PLE.lastrow)-ROW(PLE.firstrow))),0,\n           IF(OFFSET(PLE!$G$15,$M35-$A$15,BD$13)=\"\",10^12,OFFSET(PLE!$G$15,$M35-$A$15,BD$13)))","v":1000000000000},{"$f":"IF(OR($D35<>\"Serviço\",AND(AUTOEVENTO=\"Manual\",$M35=$A$15),$M35>(ROW(PLE.lastrow)-ROW(PLE.firstrow))),0,\n           IF(OFFSET(PLE!$G$15,$M35-$A$15,BE$13)=\"\",10^12,OFFSET(PLE!$G$15,$M35-$A$15,BE$13)))","v":1000000000000},{"$f":"IF(OR($D35<>\"Serviço\",AND(AUTOEVENTO=\"Manual\",$M35=$A$15),$M35>(ROW(PLE.lastrow)-ROW(PLE.firstrow))),0,\n           IF(OFFSET(PLE!$G$15,$M35-$A$15,BF$13)=\"\",10^12,OFFSET(PLE!$G$15,$M35-$A$15,BF$13)))","v":1000000000000},{"$f":"IF(OR($D35<>\"Serviço\",AND(AUTOEVENTO=\"Manual\",$M35=$A$15),$M35>(ROW(PLE.lastrow)-ROW(PLE.firstrow))),0,\n           IF(OFFSET(PLE!$G$15,$M35-$A$15,BG$13)=\"\",10^12,OFFSET(PLE!$G$15,$M35-$A$15,BG$13)))","v":1000000000000}]
["10",{"$f":"OFFSET(ORÇAMENTO!C$15,ROW(B36)-ROW(B$15),0)","v":"S"},{"$f":"OFFSET(ORÇAMENTO!L$15,ROW(C36)-ROW(C$15),0)","v":"F"},{"$f":"OFFSET(ORÇAMENTO!N$15,ROW(D36)-ROW(D$15),0)","v":"Serviço"},{"$f":"OFFSET(ORÇAMENTO!O$15,ROW(E36)-ROW(E$15),0)","v":"1.2.2.4."},{"$f":"OFFSET(ORÇAMENTO!R$15,ROW(F36)-ROW(F$15),0)","v":"REGISTRO DE GAVETA DE FERRO FUNDIDO PARA REDE DE ÁGUA OU ESGOTO, DN 50 MM, JUNTA FLANGEADA. (REF 103527)"},{"$f":"IF($D36<>\"Serviço\",\"\",OFFSET(ORÇAMENTO!S$15,ROW(G36)-ROW(G$15),0))","v":"UN"},{"$f":"IF($D36<>\"Serviço\",0,IF(ACOMPANHAMENTO=\"BM\",ROUND(OFFSET(ORÇAMENTO!AJ$15,ROW(H36)-ROW(H$15),0),15-13*ORÇAMENTO!$AF$7),SUMPRODUCT(($Q$1:$AA$1=1)*ROUND($Q36:$AA36,15-13*ORÇAMENTO!$AF$7))))","v":5},"Conforme projeto",{"$f":"IF(OR(B36<>\"S\",CÁLCULO.FrentesPreenchidas=0),\"\",IF(AND(ACOMPANHAMENTO=\"PLE\",AUTOEVENTO=\"Manual\",OR(H36>0,ORÇAMENTO!AC36=\"QUANT.\"),OR(K36=\"\",M36=0,N36=\"\")),\"►E\",IF(AND(ACOMPANHAMENTO=\"PLE\",ORÇAMENTO!AC36=\"QUANT.\"),\"►Q\",IF(AND(ACOMPANHAMENTO=\"PLE\",H36<>SUMPRODUCT(($Q$1:$AA$1=1)*ROUND(Q36:AA36,15))),\"►S\",IF(AND(COUNTIF($P$11:$AA$11,\"▼\")=0,H36>0,I36=\"\"),\"◄M\",\"\")))))","v":{"$error":"#NAME?"}},"2. Rede de Distribuição PEAD",".",{"$f":"IF($D36<>\"Serviço\",\"\",\n          IF(AUTOEVENTO=\"manual\",$A36,\n                IF(ISERROR(MATCH($A36,$A$15:OFFSET($A36,-1,0),0)),MAX($M$15:OFFSET(M36,-1,0))+1,\n                      INDEX($M$15:OFFSET(M36,-1,0),MATCH($A36,$A$15:OFFSET($A36,-1,0),0)))))","v":2},{"$f":"IF($D36<>\"Serviço\",\"\",\n         IF(AUTOEVENTO=\"Manual\",\n                IF($A36=0,\"<-- defina o número do agrupador\",\n                       OFFSET(EVENTOS!$D$15,$A36-$A$15,0)),\n                OFFSET($F$15,$A36,0)))","v":"REDE DE DISTRUIBUIÇÃO"},null,null,null,5,null,null,null,null,null,null,null,null,null,{"$f":"IF(AND($D36=\"Serviço\",AB$12<>0,$H36>0,OR(AUTOEVENTO<>\"manual\",$M36<>$A$15)),\n        IF(Import.TipoArredondamento<>\"TransfereGOV\",\n              ROUND(OFFSET($P36,0,AB$13),15-13*ORÇAMENTO!$AF$7)/$H36*OFFSET(ORÇAMENTO!$X$15,ROW(AB36)-ROW(AB$15),0),\n              ROUND(ROUND(OFFSET($P36,0,AB$13),15-13*ORÇAMENTO!$AF$7)*OFFSET(ORÇAMENTO!$W$15,ROW(AB36)-ROW(AB$15),0),15-13*ORÇAMENTO!$AF$11)),\n         0)","v":0},{"$f":"IF(AND($D36=\"Serviço\",AC$12<>0,$H36>0,OR(AUTOEVENTO<>\"manual\",$M36<>$A$15)),\n        IF(Import.TipoArredondamento<>\"TransfereGOV\",\n              ROUND(OFFSET($P36,0,AC$13),15-13*ORÇAMENTO!$AF$7)/$H36*OFFSET(ORÇAMENTO!$X$15,ROW(AC36)-ROW(AC$15),0),\n              ROUND(ROUND(OFFSET($P36,0,AC$13),15-13*ORÇAMENTO!$AF$7)*OFFSET(ORÇAMENTO!$W$15,ROW(AC36)-ROW(AC$15),0),15-13*ORÇAMENTO!$AF$11)),\n         0)","v":6581.25},{"$f":"IF(AND($D36=\"Serviço\",AD$12<>0,$H36>0,OR(AUTOEVENTO<>\"manual\",$M36<>$A$15)),\n        IF(Import.TipoArredondamento<>\"TransfereGOV\",\n              ROUND(OFFSET($P36,0,AD$13),15-13*ORÇAMENTO!$AF$7)/$H36*OFFSET(ORÇAMENTO!$X$15,ROW(AD36)-ROW(AD$15),0),\n              ROUND(ROUND(OFFSET($P36,0,AD$13),15-13*ORÇAMENTO!$AF$7)*OFFSET(ORÇAMENTO!$W$15,ROW(AD36)-ROW(AD$15),0),15-13*ORÇAMENTO!$AF$11)),\n         0)","v":0},{"$f":"IF(AND($D36=\"Serviço\",AE$12<>0,$H36>0,OR(AUTOEVENTO<>\"manual\",$M36<>$A$15)),\n        IF(Import.TipoArredondamento<>\"TransfereGOV\",\n              ROUND(OFFSET($P36,0,AE$13),15-13*ORÇAMENTO!$AF$7)/$H36*OFFSET(ORÇAMENTO!$X$15,ROW(AE36)-ROW(AE$15),0),\n              ROUND(ROUND(OFFSET($P36,0,AE$13),15-13*ORÇAMENTO!$AF$7)*OFFSET(ORÇAMENTO!$W$15,ROW(AE36)-ROW(AE$15),0),15-13*ORÇAMENTO!$AF$11)),\n         0)","v":0},{"$f":"IF(AND($D36=\"Serviço\",AF$12<>0,$H36>0,OR(AUTOEVENTO<>\"manual\",$M36<>$A$15)),\n        IF(Import.TipoArredondamento<>\"TransfereGOV\",\n              ROUND(OFFSET($P36,0,AF$13),15-13*ORÇAMENTO!$AF$7)/$H36*OFFSET(ORÇAMENTO!$X$15,ROW(AF36)-ROW(AF$15),0),\n              ROUND(ROUND(OFFSET($P36,0,AF$13),15-13*ORÇAMENTO!$AF$7)*OFFSET(ORÇAMENTO!$W$15,ROW(AF36)-ROW(AF$15),0),15-13*ORÇAMENTO!$AF$11)),\n         0)","v":0},{"$f":"IF(AND($D36=\"Serviço\",AG$12<>0,$H36>0,OR(AUTOEVENTO<>\"manual\",$M36<>$A$15)),\n        IF(Import.TipoArredondamento<>\"TransfereGOV\",\n              ROUND(OFFSET($P36,0,AG$13),15-13*ORÇAMENTO!$AF$7)/$H36*OFFSET(ORÇAMENTO!$X$15,ROW(AG36)-ROW(AG$15),0),\n              ROUND(ROUND(OFFSET($P36,0,AG$13),15-13*ORÇAMENTO!$AF$7)*OFFSET(ORÇAMENTO!$W$15,ROW(AG36)-ROW(AG$15),0),15-13*ORÇAMENTO!$AF$11)),\n         0)","v":0},{"$f":"IF(AND($D36=\"Serviço\",AH$12<>0,$H36>0,OR(AUTOEVENTO<>\"manual\",$M36<>$A$15)),\n        IF(Import.TipoArredondamento<>\"TransfereGOV\",\n              ROUND(OFFSET($P36,0,AH$13),15-13*ORÇAMENTO!$AF$7)/$H36*OFFSET(ORÇAMENTO!$X$15,ROW(AH36)-ROW(AH$15),0),\n              ROUND(ROUND(OFFSET($P36,0,AH$13),15-13*ORÇAMENTO!$AF$7)*OFFSET(ORÇAMENTO!$W$15,ROW(AH36)-ROW(AH$15),0),15-13*ORÇAMENTO!$AF$11)),\n         0)","v":0},{"$f":"IF(AND($D36=\"Serviço\",AI$12<>0,$H36>0,OR(AUTOEVENTO<>\"manual\",$M36<>$A$15)),\n        IF(Import.TipoArredondamento<>\"TransfereGOV\",\n              ROUND(OFFSET($P36,0,AI$13),15-13*ORÇAMENTO!$AF$7)/$H36*OFFSET(ORÇAMENTO!$X$15,ROW(AI36)-ROW(AI$15),0),\n              ROUND(ROUND(OFFSET($P36,0,AI$13),15-13*ORÇAMENTO!$AF$7)*OFFSET(ORÇAMENTO!$W$15,ROW(AI36)-ROW(AI$15),0),15-13*ORÇAMENTO!$AF$11)),\n         0)","v":0},{"$f":"IF(AND($D36=\"Serviço\",AJ$12<>0,$H36>0,OR(AUTOEVENTO<>\"manual\",$M36<>$A$15)),\n        IF(Import.TipoArredondamento<>\"TransfereGOV\",\n              ROUND(OFFSET($P36,0,AJ$13),15-13*ORÇAMENTO!$AF$7)/$H36*OFFSET(ORÇAMENTO!$X$15,ROW(AJ36)-ROW(AJ$15),0),\n              ROUND(ROUND(OFFSET($P36,0,AJ$13),15-13*ORÇAMENTO!$AF$7)*OFFSET(ORÇAMENTO!$W$15,ROW(AJ36)-ROW(AJ$15),0),15-13*ORÇAMENTO!$AF$11)),\n         0)","v":0},{"$f":"IF(AND($D36=\"Serviço\",AK$12<>0,$H36>0,OR(AUTOEVENTO<>\"manual\",$M36<>$A$15)),\n        IF(Import.TipoArredondamento<>\"TransfereGOV\",\n              ROUND(OFFSET($P36,0,AK$13),15-13*ORÇAMENTO!$AF$7)/$H36*OFFSET(ORÇAMENTO!$X$15,ROW(AK36)-ROW(AK$15),0),\n              ROUND(ROUND(OFFSET($P36,0,AK$13),15-13*ORÇAMENTO!$AF$7)*OFFSET(ORÇAMENTO!$W$15,ROW(AK36)-ROW(AK$15),0),15-13*ORÇAMENTO!$AF$11)),\n         0)","v":0},null,{"$f":"IF(OR($D36<>\"Serviço\",AND(AUTOEVENTO=\"Manual\",$M36=$A$15)),0,\n         IF(OFFSET(CRONOPLE!$F$15,$M36-$A$15,AM$13)=0,10^12,OFFSET(CRONOPLE!$F$15,$M36-$A$15,AM$13)))","v":1},{"$f":"IF(OR($D36<>\"Serviço\",AND(AUTOEVENTO=\"Manual\",$M36=$A$15)),0,\n         IF(OFFSET(CRONOPLE!$F$15,$M36-$A$15,AN$13)=0,10^12,OFFSET(CRONOPLE!$F$15,$M36-$A$15,AN$13)))","v":2},{"$f":"IF(OR($D36<>\"Serviço\",AND(AUTOEVENTO=\"Manual\",$M36=$A$15)),0,\n         IF(OFFSET(CRONOPLE!$F$15,$M36-$A$15,AO$13)=0,10^12,OFFSET(CRONOPLE!$F$15,$M36-$A$15,AO$13)))","v":1000000000000},{"$f":"IF(OR($D36<>\"Serviço\",AND(AUTOEVENTO=\"Manual\",$M36=$A$15)),0,\n         IF(OFFSET(CRONOPLE!$F$15,$M36-$A$15,AP$13)=0,10^12,OFFSET(CRONOPLE!$F$15,$M36-$A$15,AP$13)))","v":1000000000000},{"$f":"IF(OR($D36<>\"Serviço\",AND(AUTOEVENTO=\"Manual\",$M36=$A$15)),0,\n         IF(OFFSET(CRONOPLE!$F$15,$M36-$A$15,AQ$13)=0,10^12,OFFSET(CRONOPLE!$F$15,$M36-$A$15,AQ$13)))","v":1000000000000},{"$f":"IF(OR($D36<>\"Serviço\",AND(AUTOEVENTO=\"Manual\",$M36=$A$15)),0,\n         IF(OFFSET(CRONOPLE!$F$15,$M36-$A$15,AR$13)=0,10^12,OFFSET(CRONOPLE!$F$15,$M36-$A$15,AR$13)))","v":1000000000000},{"$f":"IF(OR($D36<>\"Serviço\",AND(AUTOEVENTO=\"Manual\",$M36=$A$15)),0,\n         IF(OFFSET(CRONOPLE!$F$15,$M36-$A$15,AS$13)=0,10^12,OFFSET(CRONOPLE!$F$15,$M36-$A$15,AS$13)))","v":1000000000000},{"$f":"IF(OR($D36<>\"Serviço\",AND(AUTOEVENTO=\"Manual\",$M36=$A$15)),0,\n         IF(OFFSET(CRONOPLE!$F$15,$M36-$A$15,AT$13)=0,10^12,OFFSET(CRONOPLE!$F$15,$M36-$A$15,AT$13)))","v":1000000000000},{"$f":"IF(OR($D36<>\"Serviço\",AND(AUTOEVENTO=\"Manual\",$M36=$A$15)),0,\n         IF(OFFSET(CRONOPLE!$F$15,$M36-$A$15,AU$13)=0,10^12,OFFSET(CRONOPLE!$F$15,$M36-$A$15,AU$13)))","v":1000000000000},{"$f":"IF(OR($D36<>\"Serviço\",AND(AUTOEVENTO=\"Manual\",$M36=$A$15)),0,\n         IF(OFFSET(CRONOPLE!$F$15,$M36-$A$15,AV$13)=0,10^12,OFFSET(CRONOPLE!$F$15,$M36-$A$15,AV$13)))","v":1000000000000},null,{"$f":"IF(OR($D36<>\"Serviço\",AND(AUTOEVENTO=\"Manual\",$M36=$A$15),$M36>(ROW(PLE.lastrow)-ROW(PLE.firstrow))),0,\n           IF(OFFSET(PLE!$G$15,$M36-$A$15,AX$13)=\"\",10^12,OFFSET(PLE!$G$15,$M36-$A$15,AX$13)))","v":1000000000000},{"$f":"IF(OR($D36<>\"Serviço\",AND(AUTOEVENTO=\"Manual\",$M36=$A$15),$M36>(ROW(PLE.lastrow)-ROW(PLE.firstrow))),0,\n           IF(OFFSET(PLE!$G$15,$M36-$A$15,AY$13)=\"\",10^12,OFFSET(PLE!$G$15,$M36-$A$15,AY$13)))","v":1000000000000},{"$f":"IF(OR($D36<>\"Serviço\",AND(AUTOEVENTO=\"Manual\",$M36=$A$15),$M36>(ROW(PLE.lastrow)-ROW(PLE.firstrow))),0,\n           IF(OFFSET(PLE!$G$15,$M36-$A$15,AZ$13)=\"\",10^12,OFFSET(PLE!$G$15,$M36-$A$15,AZ$13)))","v":1000000000000},{"$f":"IF(OR($D36<>\"Serviço\",AND(AUTOEVENTO=\"Manual\",$M36=$A$15),$M36>(ROW(PLE.lastrow)-ROW(PLE.firstrow))),0,\n           IF(OFFSET(PLE!$G$15,$M36-$A$15,BA$13)=\"\",10^12,OFFSET(PLE!$G$15,$M36-$A$15,BA$13)))","v":1000000000000},{"$f":"IF(OR($D36<>\"Serviço\",AND(AUTOEVENTO=\"Manual\",$M36=$A$15),$M36>(ROW(PLE.lastrow)-ROW(PLE.firstrow))),0,\n           IF(OFFSET(PLE!$G$15,$M36-$A$15,BB$13)=\"\",10^12,OFFSET(PLE!$G$15,$M36-$A$15,BB$13)))","v":1000000000000},{"$f":"IF(OR($D36<>\"Serviço\",AND(AUTOEVENTO=\"Manual\",$M36=$A$15),$M36>(ROW(PLE.lastrow)-ROW(PLE.firstrow))),0,\n           IF(OFFSET(PLE!$G$15,$M36-$A$15,BC$13)=\"\",10^12,OFFSET(PLE!$G$15,$M36-$A$15,BC$13)))","v":1000000000000},{"$f":"IF(OR($D36<>\"Serviço\",AND(AUTOEVENTO=\"Manual\",$M36=$A$15),$M36>(ROW(PLE.lastrow)-ROW(PLE.firstrow))),0,\n           IF(OFFSET(PLE!$G$15,$M36-$A$15,BD$13)=\"\",10^12,OFFSET(PLE!$G$15,$M36-$A$15,BD$13)))","v":1000000000000},{"$f":"IF(OR($D36<>\"Serviço\",AND(AUTOEVENTO=\"Manual\",$M36=$A$15),$M36>(ROW(PLE.lastrow)-ROW(PLE.firstrow))),0,\n           IF(OFFSET(PLE!$G$15,$M36-$A$15,BE$13)=\"\",10^12,OFFSET(PLE!$G$15,$M36-$A$15,BE$13)))","v":1000000000000},{"$f":"IF(OR($D36<>\"Serviço\",AND(AUTOEVENTO=\"Manual\",$M36=$A$15),$M36>(ROW(PLE.lastrow)-ROW(PLE.firstrow))),0,\n           IF(OFFSET(PLE!$G$15,$M36-$A$15,BF$13)=\"\",10^12,OFFSET(PLE!$G$15,$M36-$A$15,BF$13)))","v":1000000000000},{"$f":"IF(OR($D36<>\"Serviço\",AND(AUTOEVENTO=\"Manual\",$M36=$A$15),$M36>(ROW(PLE.lastrow)-ROW(PLE.firstrow))),0,\n           IF(OFFSET(PLE!$G$15,$M36-$A$15,BG$13)=\"\",10^12,OFFSET(PLE!$G$15,$M36-$A$15,BG$13)))","v":1000000000000}]
["10",{"$f":"OFFSET(ORÇAMENTO!C$15,ROW(B37)-ROW(B$15),0)","v":"S"},{"$f":"OFFSET(ORÇAMENTO!L$15,ROW(C37)-ROW(C$15),0)","v":"F"},{"$f":"OFFSET(ORÇAMENTO!N$15,ROW(D37)-ROW(D$15),0)","v":"Serviço"},{"$f":"OFFSET(ORÇAMENTO!O$15,ROW(E37)-ROW(E$15),0)","v":"1.2.2.5."},{"$f":"OFFSET(ORÇAMENTO!R$15,ROW(F37)-ROW(F$15),0)","v":"COTOVELO 90 GRAUS, EM PEAD LISO PARA REDE DE ÁGUA OU ESGOTO, DIÂMETRO DE 63 MM, JUNTA SOLDADA POR ELETROFUSÃO (NÃO INCLUI A EXECUÇÃO DE SOLDA). AF_12/2021"},{"$f":"IF($D37<>\"Serviço\",\"\",OFFSET(ORÇAMENTO!S$15,ROW(G37)-ROW(G$15),0))","v":"UN"},{"$f":"IF($D37<>\"Serviço\",0,IF(ACOMPANHAMENTO=\"BM\",ROUND(OFFSET(ORÇAMENTO!AJ$15,ROW(H37)-ROW(H$15),0),15-13*ORÇAMENTO!$AF$7),SUMPRODUCT(($Q$1:$AA$1=1)*ROUND($Q37:$AA37,15-13*ORÇAMENTO!$AF$7))))","v":5},"Conforme projeto (Peça 02)",{"$f":"IF(OR(B37<>\"S\",CÁLCULO.FrentesPreenchidas=0),\"\",IF(AND(ACOMPANHAMENTO=\"PLE\",AUTOEVENTO=\"Manual\",OR(H37>0,ORÇAMENTO!AC37=\"QUANT.\"),OR(K37=\"\",M37=0,N37=\"\")),\"►E\",IF(AND(ACOMPANHAMENTO=\"PLE\",ORÇAMENTO!AC37=\"QUANT.\"),\"►Q\",IF(AND(ACOMPANHAMENTO=\"PLE\",H37<>SUMPRODUCT(($Q$1:$AA$1=1)*ROUND(Q37:AA37,15))),\"►S\",IF(AND(COUNTIF($P$11:$AA$11,\"▼\")=0,H37>0,I37=\"\"),\"◄M\",\"\")))))","v":{"$error":"#NAME?"}},"2. Rede de Distribuição PEAD",".",{"$f":"IF($D37<>\"Serviço\",\"\",\n          IF(AUTOEVENTO=\"manual\",$A37,\n                IF(ISERROR(MATCH($A37,$A$15:OFFSET($A37,-1,0),0)),MAX($M$15:OFFSET(M37,-1,0))+1,\n                      INDEX($M$15:OFFSET(M37,-1,0),MATCH($A37,$A$15:OFFSET($A37,-1,0),0)))))","v":2},{"$f":"IF($D37<>\"Serviço\",\"\",\n         IF(AUTOEVENTO=\"Manual\",\n                IF($A37=0,\"<-- defina o número do agrupador\",\n                       OFFSET(EVENTOS!$D$15,$A37-$A$15,0)),\n                OFFSET($F$15,$A37,0)))","v":"REDE DE DISTRUIBUIÇÃO"},null,null,null,5,null,null,null,null,null,null,null,null,null,{"$f":"IF(AND($D37=\"Serviço\",AB$12<>0,$H37>0,OR(AUTOEVENTO<>\"manual\",$M37<>$A$15)),\n        IF(Import.TipoArredondamento<>\"TransfereGOV\",\n              ROUND(OFFSET($P37,0,AB$13),15-13*ORÇAMENTO!$AF$7)/$H37*OFFSET(ORÇAMENTO!$X$15,ROW(AB37)-ROW(AB$15),0),\n              ROUND(ROUND(OFFSET($P37,0,AB$13),15-13*ORÇAMENTO!$AF$7)*OFFSET(ORÇAMENTO!$W$15,ROW(AB37)-ROW(AB$15),0),15-13*ORÇAMENTO!$AF$11)),\n         0)","v":0},{"$f":"IF(AND($D37=\"Serviço\",AC$12<>0,$H37>0,OR(AUTOEVENTO<>\"manual\",$M37<>$A$15)),\n        IF(Import.TipoArredondamento<>\"TransfereGOV\",\n              ROUND(OFFSET($P37,0,AC$13),15-13*ORÇAMENTO!$AF$7)/$H37*OFFSET(ORÇAMENTO!$X$15,ROW(AC37)-ROW(AC$15),0),\n              ROUND(ROUND(OFFSET($P37,0,AC$13),15-13*ORÇAMENTO!$AF$7)*OFFSET(ORÇAMENTO!$W$15,ROW(AC37)-ROW(AC$15),0),15-13*ORÇAMENTO!$AF$11)),\n         0)","v":525.70000000000005},{"$f":"IF(AND($D37=\"Serviço\",AD$12<>0,$H37>0,OR(AUTOEVENTO<>\"manual\",$M37<>$A$15)),\n        IF(Import.TipoArredondamento<>\"TransfereGOV\",\n              ROUND(OFFSET($P37,0,AD$13),15-13*ORÇAMENTO!$AF$7)/$H37*OFFSET(ORÇAMENTO!$X$15,ROW(AD37)-ROW(AD$15),0),\n              ROUND(ROUND(OFFSET($P37,0,AD$13),15-13*ORÇAMENTO!$AF$7)*OFFSET(ORÇAMENTO!$W$15,ROW(AD37)-ROW(AD$15),0),15-13*ORÇAMENTO!$AF$11)),\n         0)","v":0},{"$f":"IF(AND($D37=\"Serviço\",AE$12<>0,$H37>0,OR(AUTOEVENTO<>\"manual\",$M37<>$A$15)),\n        IF(Import.TipoArredondamento<>\"TransfereGOV\",\n              ROUND(OFFSET($P37,0,AE$13),15-13*ORÇAMENTO!$AF$7)/$H37*OFFSET(ORÇAMENTO!$X$15,ROW(AE37)-ROW(AE$15),0),\n              ROUND(ROUND(OFFSET($P37,0,AE$13),15-13*ORÇAMENTO!$AF$7)*OFFSET(ORÇAMENTO!$W$15,ROW(AE37)-ROW(AE$15),0),15-13*ORÇAMENTO!$AF$11)),\n         0)","v":0},{"$f":"IF(AND($D37=\"Serviço\",AF$12<>0,$H37>0,OR(AUTOEVENTO<>\"manual\",$M37<>$A$15)),\n        IF(Import.TipoArredondamento<>\"TransfereGOV\",\n              ROUND(OFFSET($P37,0,AF$13),15-13*ORÇAMENTO!$AF$7)/$H37*OFFSET(ORÇAMENTO!$X$15,ROW(AF37)-ROW(AF$15),0),\n              ROUND(ROUND(OFFSET($P37,0,AF$13),15-13*ORÇAMENTO!$AF$7)*OFFSET(ORÇAMENTO!$W$15,ROW(AF37)-ROW(AF$15),0),15-13*ORÇAMENTO!$AF$11)),\n         0)","v":0},{"$f":"IF(AND($D37=\"Serviço\",AG$12<>0,$H37>0,OR(AUTOEVENTO<>\"manual\",$M37<>$A$15)),\n        IF(Import.TipoArredondamento<>\"TransfereGOV\",\n              ROUND(OFFSET($P37,0,AG$13),15-13*ORÇAMENTO!$AF$7)/$H37*OFFSET(ORÇAMENTO!$X$15,ROW(AG37)-ROW(AG$15),0),\n              ROUND(ROUND(OFFSET($P37,0,AG$13),15-13*ORÇAMENTO!$AF$7)*OFFSET(ORÇAMENTO!$W$15,ROW(AG37)-ROW(AG$15),0),15-13*ORÇAMENTO!$AF$11)),\n         0)","v":0},{"$f":"IF(AND($D37=\"Serviço\",AH$12<>0,$H37>0,OR(AUTOEVENTO<>\"manual\",$M37<>$A$15)),\n        IF(Import.TipoArredondamento<>\"TransfereGOV\",\n              ROUND(OFFSET($P37,0,AH$13),15-13*ORÇAMENTO!$AF$7)/$H37*OFFSET(ORÇAMENTO!$X$15,ROW(AH37)-ROW(AH$15),0),\n              ROUND(ROUND(OFFSET($P37,0,AH$13),15-13*ORÇAMENTO!$AF$7)*OFFSET(ORÇAMENTO!$W$15,ROW(AH37)-ROW(AH$15),0),15-13*ORÇAMENTO!$AF$11)),\n         0)","v":0},{"$f":"IF(AND($D37=\"Serviço\",AI$12<>0,$H37>0,OR(AUTOEVENTO<>\"manual\",$M37<>$A$15)),\n        IF(Import.TipoArredondamento<>\"TransfereGOV\",\n              ROUND(OFFSET($P37,0,AI$13),15-13*ORÇAMENTO!$AF$7)/$H37*OFFSET(ORÇAMENTO!$X$15,ROW(AI37)-ROW(AI$15),0),\n              ROUND(ROUND(OFFSET($P37,0,AI$13),15-13*ORÇAMENTO!$AF$7)*OFFSET(ORÇAMENTO!$W$15,ROW(AI37)-ROW(AI$15),0),15-13*ORÇAMENTO!$AF$11)),\n         0)","v":0},{"$f":"IF(AND($D37=\"Serviço\",AJ$12<>0,$H37>0,OR(AUTOEVENTO<>\"manual\",$M37<>$A$15)),\n        IF(Import.TipoArredondamento<>\"TransfereGOV\",\n              ROUND(OFFSET($P37,0,AJ$13),15-13*ORÇAMENTO!$AF$7)/$H37*OFFSET(ORÇAMENTO!$X$15,ROW(AJ37)-ROW(AJ$15),0),\n              ROUND(ROUND(OFFSET($P37,0,AJ$13),15-13*ORÇAMENTO!$AF$7)*OFFSET(ORÇAMENTO!$W$15,ROW(AJ37)-ROW(AJ$15),0),15-13*ORÇAMENTO!$AF$11)),\n         0)","v":0},{"$f":"IF(AND($D37=\"Serviço\",AK$12<>0,$H37>0,OR(AUTOEVENTO<>\"manual\",$M37<>$A$15)),\n        IF(Import.TipoArredondamento<>\"TransfereGOV\",\n              ROUND(OFFSET($P37,0,AK$13),15-13*ORÇAMENTO!$AF$7)/$H37*OFFSET(ORÇAMENTO!$X$15,ROW(AK37)-ROW(AK$15),0),\n              ROUND(ROUND(OFFSET($P37,0,AK$13),15-13*ORÇAMENTO!$AF$7)*OFFSET(ORÇAMENTO!$W$15,ROW(AK37)-ROW(AK$15),0),15-13*ORÇAMENTO!$AF$11)),\n         0)","v":0},null,{"$f":"IF(OR($D37<>\"Serviço\",AND(AUTOEVENTO=\"Manual\",$M37=$A$15)),0,\n         IF(OFFSET(CRONOPLE!$F$15,$M37-$A$15,AM$13)=0,10^12,OFFSET(CRONOPLE!$F$15,$M37-$A$15,AM$13)))","v":1},{"$f":"IF(OR($D37<>\"Serviço\",AND(AUTOEVENTO=\"Manual\",$M37=$A$15)),0,\n         IF(OFFSET(CRONOPLE!$F$15,$M37-$A$15,AN$13)=0,10^12,OFFSET(CRONOPLE!$F$15,$M37-$A$15,AN$13)))","v":2},{"$f":"IF(OR($D37<>\"Serviço\",AND(AUTOEVENTO=\"Manual\",$M37=$A$15)),0,\n         IF(OFFSET(CRONOPLE!$F$15,$M37-$A$15,AO$13)=0,10^12,OFFSET(CRONOPLE!$F$15,$M37-$A$15,AO$13)))","v":1000000000000},{"$f":"IF(OR($D37<>\"Serviço\",AND(AUTOEVENTO=\"Manual\",$M37=$A$15)),0,\n         IF(OFFSET(CRONOPLE!$F$15,$M37-$A$15,AP$13)=0,10^12,OFFSET(CRONOPLE!$F$15,$M37-$A$15,AP$13)))","v":1000000000000},{"$f":"IF(OR($D37<>\"Serviço\",AND(AUTOEVENTO=\"Manual\",$M37=$A$15)),0,\n         IF(OFFSET(CRONOPLE!$F$15,$M37-$A$15,AQ$13)=0,10^12,OFFSET(CRONOPLE!$F$15,$M37-$A$15,AQ$13)))","v":1000000000000},{"$f":"IF(OR($D37<>\"Serviço\",AND(AUTOEVENTO=\"Manual\",$M37=$A$15)),0,\n         IF(OFFSET(CRONOPLE!$F$15,$M37-$A$15,AR$13)=0,10^12,OFFSET(CRONOPLE!$F$15,$M37-$A$15,AR$13)))","v":1000000000000},{"$f":"IF(OR($D37<>\"Serviço\",AND(AUTOEVENTO=\"Manual\",$M37=$A$15)),0,\n         IF(OFFSET(CRONOPLE!$F$15,$M37-$A$15,AS$13)=0,10^12,OFFSET(CRONOPLE!$F$15,$M37-$A$15,AS$13)))","v":1000000000000},{"$f":"IF(OR($D37<>\"Serviço\",AND(AUTOEVENTO=\"Manual\",$M37=$A$15)),0,\n         IF(OFFSET(CRONOPLE!$F$15,$M37-$A$15,AT$13)=0,10^12,OFFSET(CRONOPLE!$F$15,$M37-$A$15,AT$13)))","v":1000000000000},{"$f":"IF(OR($D37<>\"Serviço\",AND(AUTOEVENTO=\"Manual\",$M37=$A$15)),0,\n         IF(OFFSET(CRONOPLE!$F$15,$M37-$A$15,AU$13)=0,10^12,OFFSET(CRONOPLE!$F$15,$M37-$A$15,AU$13)))","v":1000000000000},{"$f":"IF(OR($D37<>\"Serviço\",AND(AUTOEVENTO=\"Manual\",$M37=$A$15)),0,\n         IF(OFFSET(CRONOPLE!$F$15,$M37-$A$15,AV$13)=0,10^12,OFFSET(CRONOPLE!$F$15,$M37-$A$15,AV$13)))","v":1000000000000},null,{"$f":"IF(OR($D37<>\"Serviço\",AND(AUTOEVENTO=\"Manual\",$M37=$A$15),$M37>(ROW(PLE.lastrow)-ROW(PLE.firstrow))),0,\n           IF(OFFSET(PLE!$G$15,$M37-$A$15,AX$13)=\"\",10^12,OFFSET(PLE!$G$15,$M37-$A$15,AX$13)))","v":1000000000000},{"$f":"IF(OR($D37<>\"Serviço\",AND(AUTOEVENTO=\"Manual\",$M37=$A$15),$M37>(ROW(PLE.lastrow)-ROW(PLE.firstrow))),0,\n           IF(OFFSET(PLE!$G$15,$M37-$A$15,AY$13)=\"\",10^12,OFFSET(PLE!$G$15,$M37-$A$15,AY$13)))","v":1000000000000},{"$f":"IF(OR($D37<>\"Serviço\",AND(AUTOEVENTO=\"Manual\",$M37=$A$15),$M37>(ROW(PLE.lastrow)-ROW(PLE.firstrow))),0,\n           IF(OFFSET(PLE!$G$15,$M37-$A$15,AZ$13)=\"\",10^12,OFFSET(PLE!$G$15,$M37-$A$15,AZ$13)))","v":1000000000000},{"$f":"IF(OR($D37<>\"Serviço\",AND(AUTOEVENTO=\"Manual\",$M37=$A$15),$M37>(ROW(PLE.lastrow)-ROW(PLE.firstrow))),0,\n           IF(OFFSET(PLE!$G$15,$M37-$A$15,BA$13)=\"\",10^12,OFFSET(PLE!$G$15,$M37-$A$15,BA$13)))","v":1000000000000},{"$f":"IF(OR($D37<>\"Serviço\",AND(AUTOEVENTO=\"Manual\",$M37=$A$15),$M37>(ROW(PLE.lastrow)-ROW(PLE.firstrow))),0,\n           IF(OFFSET(PLE!$G$15,$M37-$A$15,BB$13)=\"\",10^12,OFFSET(PLE!$G$15,$M37-$A$15,BB$13)))","v":1000000000000},{"$f":"IF(OR($D37<>\"Serviço\",AND(AUTOEVENTO=\"Manual\",$M37=$A$15),$M37>(ROW(PLE.lastrow)-ROW(PLE.firstrow))),0,\n           IF(OFFSET(PLE!$G$15,$M37-$A$15,BC$13)=\"\",10^12,OFFSET(PLE!$G$15,$M37-$A$15,BC$13)))","v":1000000000000},{"$f":"IF(OR($D37<>\"Serviço\",AND(AUTOEVENTO=\"Manual\",$M37=$A$15),$M37>(ROW(PLE.lastrow)-ROW(PLE.firstrow))),0,\n           IF(OFFSET(PLE!$G$15,$M37-$A$15,BD$13)=\"\",10^12,OFFSET(PLE!$G$15,$M37-$A$15,BD$13)))","v":1000000000000},{"$f":"IF(OR($D37<>\"Serviço\",AND(AUTOEVENTO=\"Manual\",$M37=$A$15),$M37>(ROW(PLE.lastrow)-ROW(PLE.firstrow))),0,\n           IF(OFFSET(PLE!$G$15,$M37-$A$15,BE$13)=\"\",10^12,OFFSET(PLE!$G$15,$M37-$A$15,BE$13)))","v":1000000000000},{"$f":"IF(OR($D37<>\"Serviço\",AND(AUTOEVENTO=\"Manual\",$M37=$A$15),$M37>(ROW(PLE.lastrow)-ROW(PLE.firstrow))),0,\n           IF(OFFSET(PLE!$G$15,$M37-$A$15,BF$13)=\"\",10^12,OFFSET(PLE!$G$15,$M37-$A$15,BF$13)))","v":1000000000000},{"$f":"IF(OR($D37<>\"Serviço\",AND(AUTOEVENTO=\"Manual\",$M37=$A$15),$M37>(ROW(PLE.lastrow)-ROW(PLE.firstrow))),0,\n           IF(OFFSET(PLE!$G$15,$M37-$A$15,BG$13)=\"\",10^12,OFFSET(PLE!$G$15,$M37-$A$15,BG$13)))","v":1000000000000}]
["10",{"$f":"OFFSET(ORÇAMENTO!C$15,ROW(B38)-ROW(B$15),0)","v":"S"},{"$f":"OFFSET(ORÇAMENTO!L$15,ROW(C38)-ROW(C$15),0)","v":"F"},{"$f":"OFFSET(ORÇAMENTO!N$15,ROW(D38)-ROW(D$15),0)","v":"Serviço"},{"$f":"OFFSET(ORÇAMENTO!O$15,ROW(E38)-ROW(E$15),0)","v":"1.2.2.6."},{"$f":"OFFSET(ORÇAMENTO!R$15,ROW(F38)-ROW(F$15),0)","v":"COTOVELO 45 GRAUS, EM PEAD LISO PARA REDE DE ÁGUA OU ESGOTO, DIÂMETRO DE 63 MM, JUNTA SOLDADA POR ELETROFUSÃO (NÃO INCLUI A EXECUÇÃO DE SOLDA). AF_12/2021"},{"$f":"IF($D38<>\"Serviço\",\"\",OFFSET(ORÇAMENTO!S$15,ROW(G38)-ROW(G$15),0))","v":"UN"},{"$f":"IF($D38<>\"Serviço\",0,IF(ACOMPANHAMENTO=\"BM\",ROUND(OFFSET(ORÇAMENTO!AJ$15,ROW(H38)-ROW(H$15),0),15-13*ORÇAMENTO!$AF$7),SUMPRODUCT(($Q$1:$AA$1=1)*ROUND($Q38:$AA38,15-13*ORÇAMENTO!$AF$7))))","v":1},"Conforme projeto  (Peça 03)",{"$f":"IF(OR(B38<>\"S\",CÁLCULO.FrentesPreenchidas=0),\"\",IF(AND(ACOMPANHAMENTO=\"PLE\",AUTOEVENTO=\"Manual\",OR(H38>0,ORÇAMENTO!AC38=\"QUANT.\"),OR(K38=\"\",M38=0,N38=\"\")),\"►E\",IF(AND(ACOMPANHAMENTO=\"PLE\",ORÇAMENTO!AC38=\"QUANT.\"),\"►Q\",IF(AND(ACOMPANHAMENTO=\"PLE\",H38<>SUMPRODUCT(($Q$1:$AA$1=1)*ROUND(Q38:AA38,15))),\"►S\",IF(AND(COUNTIF($P$11:$AA$11,\"▼\")=0,H38>0,I38=\"\"),\"◄M\",\"\")))))","v":{"$error":"#NAME?"}},"2. Rede de Distribuição PEAD",".",{"$f":"IF($D38<>\"Serviço\",\"\",\n          IF(AUTOEVENTO=\"manual\",$A38,\n                IF(ISERROR(MATCH($A38,$A$15:OFFSET($A38,-1,0),0)),MAX($M$15:OFFSET(M38,-1,0))+1,\n                      INDEX($M$15:OFFSET(M38,-1,0),MATCH($A38,$A$15:OFFSET($A38,-1,0),0)))))","v":2},{"$f":"IF($D38<>\"Serviço\",\"\",\n         IF(AUTOEVENTO=\"Manual\",\n                IF($A38=0,\"<-- defina o número do agrupador\",\n                       OFFSET(EVENTOS!$D$15,$A38-$A$15,0)),\n                OFFSET($F$15,$A38,0)))","v":"REDE DE DISTRUIBUIÇÃO"},null,null,null,1,null,null,null,null,null,null,null,null,null,{"$f":"IF(AND($D38=\"Serviço\",AB$12<>0,$H38>0,OR(AUTOEVENTO<>\"manual\",$M38<>$A$15)),\n        IF(Import.TipoArredondamento<>\"TransfereGOV\",\n              ROUND(OFFSET($P38,0,AB$13),15-13*ORÇAMENTO!$AF$7)/$H38*OFFSET(ORÇAMENTO!$X$15,ROW(AB38)-ROW(AB$15),0),\n              ROUND(ROUND(OFFSET($P38,0,AB$13),15-13*ORÇAMENTO!$AF$7)*OFFSET(ORÇAMENTO!$W$15,ROW(AB38)-ROW(AB$15),0),15-13*ORÇAMENTO!$AF$11)),\n         0)","v":0},{"$f":"IF(AND($D38=\"Serviço\",AC$12<>0,$H38>0,OR(AUTOEVENTO<>\"manual\",$M38<>$A$15)),\n        IF(Import.TipoArredondamento<>\"TransfereGOV\",\n              ROUND(OFFSET($P38,0,AC$13),15-13*ORÇAMENTO!$AF$7)/$H38*OFFSET(ORÇAMENTO!$X$15,ROW(AC38)-ROW(AC$15),0),\n              ROUND(ROUND(OFFSET($P38,0,AC$13),15-13*ORÇAMENTO!$AF$7)*OFFSET(ORÇAMENTO!$W$15,ROW(AC38)-ROW(AC$15),0),15-13*ORÇAMENTO!$AF$11)),\n         0)","v":72.89},{"$f":"IF(AND($D38=\"Serviço\",AD$12<>0,$H38>0,OR(AUTOEVENTO<>\"manual\",$M38<>$A$15)),\n        IF(Import.TipoArredondamento<>\"TransfereGOV\",\n              ROUND(OFFSET($P38,0,AD$13),15-13*ORÇAMENTO!$AF$7)/$H38*OFFSET(ORÇAMENTO!$X$15,ROW(AD38)-ROW(AD$15),0),\n              ROUND(ROUND(OFFSET($P38,0,AD$13),15-13*ORÇAMENTO!$AF$7)*OFFSET(ORÇAMENTO!$W$15,ROW(AD38)-ROW(AD$15),0),15-13*ORÇAMENTO!$AF$11)),\n         0)","v":0},{"$f":"IF(AND($D38=\"Serviço\",AE$12<>0,$H38>0,OR(AUTOEVENTO<>\"manual\",$M38<>$A$15)),\n        IF(Import.TipoArredondamento<>\"TransfereGOV\",\n              ROUND(OFFSET($P38,0,AE$13),15-13*ORÇAMENTO!$AF$7)/$H38*OFFSET(ORÇAMENTO!$X$15,ROW(AE38)-ROW(AE$15),0),\n              ROUND(ROUND(OFFSET($P38,0,AE$13),15-13*ORÇAMENTO!$AF$7)*OFFSET(ORÇAMENTO!$W$15,ROW(AE38)-ROW(AE$15),0),15-13*ORÇAMENTO!$AF$11)),\n         0)","v":0},{"$f":"IF(AND($D38=\"Serviço\",AF$12<>0,$H38>0,OR(AUTOEVENTO<>\"manual\",$M38<>$A$15)),\n        IF(Import.TipoArredondamento<>\"TransfereGOV\",\n              ROUND(OFFSET($P38,0,AF$13),15-13*ORÇAMENTO!$AF$7)/$H38*OFFSET(ORÇAMENTO!$X$15,ROW(AF38)-ROW(AF$15),0),\n              ROUND(ROUND(OFFSET($P38,0,AF$13),15-13*ORÇAMENTO!$AF$7)*OFFSET(ORÇAMENTO!$W$15,ROW(AF38)-ROW(AF$15),0),15-13*ORÇAMENTO!$AF$11)),\n         0)","v":0},{"$f":"IF(AND($D38=\"Serviço\",AG$12<>0,$H38>0,OR(AUTOEVENTO<>\"manual\",$M38<>$A$15)),\n        IF(Import.TipoArredondamento<>\"TransfereGOV\",\n              ROUND(OFFSET($P38,0,AG$13),15-13*ORÇAMENTO!$AF$7)/$H38*OFFSET(ORÇAMENTO!$X$15,ROW(AG38)-ROW(AG$15),0),\n              ROUND(ROUND(OFFSET($P38,0,AG$13),15-13*ORÇAMENTO!$AF$7)*OFFSET(ORÇAMENTO!$W$15,ROW(AG38)-ROW(AG$15),0),15-13*ORÇAMENTO!$AF$11)),\n         0)","v":0},{"$f":"IF(AND($D38=\"Serviço\",AH$12<>0,$H38>0,OR(AUTOEVENTO<>\"manual\",$M38<>$A$15)),\n        IF(Import.TipoArredondamento<>\"TransfereGOV\",\n              ROUND(OFFSET($P38,0,AH$13),15-13*ORÇAMENTO!$AF$7)/$H38*OFFSET(ORÇAMENTO!$X$15,ROW(AH38)-ROW(AH$15),0),\n              ROUND(ROUND(OFFSET($P38,0,AH$13),15-13*ORÇAMENTO!$AF$7)*OFFSET(ORÇAMENTO!$W$15,ROW(AH38)-ROW(AH$15),0),15-13*ORÇAMENTO!$AF$11)),\n         0)","v":0},{"$f":"IF(AND($D38=\"Serviço\",AI$12<>0,$H38>0,OR(AUTOEVENTO<>\"manual\",$M38<>$A$15)),\n        IF(Import.TipoArredondamento<>\"TransfereGOV\",\n              ROUND(OFFSET($P38,0,AI$13),15-13*ORÇAMENTO!$AF$7)/$H38*OFFSET(ORÇAMENTO!$X$15,ROW(AI38)-ROW(AI$15),0),\n              ROUND(ROUND(OFFSET($P38,0,AI$13),15-13*ORÇAMENTO!$AF$7)*OFFSET(ORÇAMENTO!$W$15,ROW(AI38)-ROW(AI$15),0),15-13*ORÇAMENTO!$AF$11)),\n         0)","v":0},{"$f":"IF(AND($D38=\"Serviço\",AJ$12<>0,$H38>0,OR(AUTOEVENTO<>\"manual\",$M38<>$A$15)),\n        IF(Import.TipoArredondamento<>\"TransfereGOV\",\n              ROUND(OFFSET($P38,0,AJ$13),15-13*ORÇAMENTO!$AF$7)/$H38*OFFSET(ORÇAMENTO!$X$15,ROW(AJ38)-ROW(AJ$15),0),\n              ROUND(ROUND(OFFSET($P38,0,AJ$13),15-13*ORÇAMENTO!$AF$7)*OFFSET(ORÇAMENTO!$W$15,ROW(AJ38)-ROW(AJ$15),0),15-13*ORÇAMENTO!$AF$11)),\n         0)","v":0},{"$f":"IF(AND($D38=\"Serviço\",AK$12<>0,$H38>0,OR(AUTOEVENTO<>\"manual\",$M38<>$A$15)),\n        IF(Import.TipoArredondamento<>\"TransfereGOV\",\n              ROUND(OFFSET($P38,0,AK$13),15-13*ORÇAMENTO!$AF$7)/$H38*OFFSET(ORÇAMENTO!$X$15,ROW(AK38)-ROW(AK$15),0),\n              ROUND(ROUND(OFFSET($P38,0,AK$13),15-13*ORÇAMENTO!$AF$7)*OFFSET(ORÇAMENTO!$W$15,ROW(AK38)-ROW(AK$15),0),15-13*ORÇAMENTO!$AF$11)),\n         0)","v":0},null,{"$f":"IF(OR($D38<>\"Serviço\",AND(AUTOEVENTO=\"Manual\",$M38=$A$15)),0,\n         IF(OFFSET(CRONOPLE!$F$15,$M38-$A$15,AM$13)=0,10^12,OFFSET(CRONOPLE!$F$15,$M38-$A$15,AM$13)))","v":1},{"$f":"IF(OR($D38<>\"Serviço\",AND(AUTOEVENTO=\"Manual\",$M38=$A$15)),0,\n         IF(OFFSET(CRONOPLE!$F$15,$M38-$A$15,AN$13)=0,10^12,OFFSET(CRONOPLE!$F$15,$M38-$A$15,AN$13)))","v":2},{"$f":"IF(OR($D38<>\"Serviço\",AND(AUTOEVENTO=\"Manual\",$M38=$A$15)),0,\n         IF(OFFSET(CRONOPLE!$F$15,$M38-$A$15,AO$13)=0,10^12,OFFSET(CRONOPLE!$F$15,$M38-$A$15,AO$13)))","v":1000000000000},{"$f":"IF(OR($D38<>\"Serviço\",AND(AUTOEVENTO=\"Manual\",$M38=$A$15)),0,\n         IF(OFFSET(CRONOPLE!$F$15,$M38-$A$15,AP$13)=0,10^12,OFFSET(CRONOPLE!$F$15,$M38-$A$15,AP$13)))","v":1000000000000},{"$f":"IF(OR($D38<>\"Serviço\",AND(AUTOEVENTO=\"Manual\",$M38=$A$15)),0,\n         IF(OFFSET(CRONOPLE!$F$15,$M38-$A$15,AQ$13)=0,10^12,OFFSET(CRONOPLE!$F$15,$M38-$A$15,AQ$13)))","v":1000000000000},{"$f":"IF(OR($D38<>\"Serviço\",AND(AUTOEVENTO=\"Manual\",$M38=$A$15)),0,\n         IF(OFFSET(CRONOPLE!$F$15,$M38-$A$15,AR$13)=0,10^12,OFFSET(CRONOPLE!$F$15,$M38-$A$15,AR$13)))","v":1000000000000},{"$f":"IF(OR($D38<>\"Serviço\",AND(AUTOEVENTO=\"Manual\",$M38=$A$15)),0,\n         IF(OFFSET(CRONOPLE!$F$15,$M38-$A$15,AS$13)=0,10^12,OFFSET(CRONOPLE!$F$15,$M38-$A$15,AS$13)))","v":1000000000000},{"$f":"IF(OR($D38<>\"Serviço\",AND(AUTOEVENTO=\"Manual\",$M38=$A$15)),0,\n         IF(OFFSET(CRONOPLE!$F$15,$M38-$A$15,AT$13)=0,10^12,OFFSET(CRONOPLE!$F$15,$M38-$A$15,AT$13)))","v":1000000000000},{"$f":"IF(OR($D38<>\"Serviço\",AND(AUTOEVENTO=\"Manual\",$M38=$A$15)),0,\n         IF(OFFSET(CRONOPLE!$F$15,$M38-$A$15,AU$13)=0,10^12,OFFSET(CRONOPLE!$F$15,$M38-$A$15,AU$13)))","v":1000000000000},{"$f":"IF(OR($D38<>\"Serviço\",AND(AUTOEVENTO=\"Manual\",$M38=$A$15)),0,\n         IF(OFFSET(CRONOPLE!$F$15,$M38-$A$15,AV$13)=0,10^12,OFFSET(CRONOPLE!$F$15,$M38-$A$15,AV$13)))","v":1000000000000},null,{"$f":"IF(OR($D38<>\"Serviço\",AND(AUTOEVENTO=\"Manual\",$M38=$A$15),$M38>(ROW(PLE.lastrow)-ROW(PLE.firstrow))),0,\n           IF(OFFSET(PLE!$G$15,$M38-$A$15,AX$13)=\"\",10^12,OFFSET(PLE!$G$15,$M38-$A$15,AX$13)))","v":1000000000000},{"$f":"IF(OR($D38<>\"Serviço\",AND(AUTOEVENTO=\"Manual\",$M38=$A$15),$M38>(ROW(PLE.lastrow)-ROW(PLE.firstrow))),0,\n           IF(OFFSET(PLE!$G$15,$M38-$A$15,AY$13)=\"\",10^12,OFFSET(PLE!$G$15,$M38-$A$15,AY$13)))","v":1000000000000},{"$f":"IF(OR($D38<>\"Serviço\",AND(AUTOEVENTO=\"Manual\",$M38=$A$15),$M38>(ROW(PLE.lastrow)-ROW(PLE.firstrow))),0,\n           IF(OFFSET(PLE!$G$15,$M38-$A$15,AZ$13)=\"\",10^12,OFFSET(PLE!$G$15,$M38-$A$15,AZ$13)))","v":1000000000000},{"$f":"IF(OR($D38<>\"Serviço\",AND(AUTOEVENTO=\"Manual\",$M38=$A$15),$M38>(ROW(PLE.lastrow)-ROW(PLE.firstrow))),0,\n           IF(OFFSET(PLE!$G$15,$M38-$A$15,BA$13)=\"\",10^12,OFFSET(PLE!$G$15,$M38-$A$15,BA$13)))","v":1000000000000},{"$f":"IF(OR($D38<>\"Serviço\",AND(AUTOEVENTO=\"Manual\",$M38=$A$15),$M38>(ROW(PLE.lastrow)-ROW(PLE.firstrow))),0,\n           IF(OFFSET(PLE!$G$15,$M38-$A$15,BB$13)=\"\",10^12,OFFSET(PLE!$G$15,$M38-$A$15,BB$13)))","v":1000000000000},{"$f":"IF(OR($D38<>\"Serviço\",AND(AUTOEVENTO=\"Manual\",$M38=$A$15),$M38>(ROW(PLE.lastrow)-ROW(PLE.firstrow))),0,\n           IF(OFFSET(PLE!$G$15,$M38-$A$15,BC$13)=\"\",10^12,OFFSET(PLE!$G$15,$M38-$A$15,BC$13)))","v":1000000000000},{"$f":"IF(OR($D38<>\"Serviço\",AND(AUTOEVENTO=\"Manual\",$M38=$A$15),$M38>(ROW(PLE.lastrow)-ROW(PLE.firstrow))),0,\n           IF(OFFSET(PLE!$G$15,$M38-$A$15,BD$13)=\"\",10^12,OFFSET(PLE!$G$15,$M38-$A$15,BD$13)))","v":1000000000000},{"$f":"IF(OR($D38<>\"Serviço\",AND(AUTOEVENTO=\"Manual\",$M38=$A$15),$M38>(ROW(PLE.lastrow)-ROW(PLE.firstrow))),0,\n           IF(OFFSET(PLE!$G$15,$M38-$A$15,BE$13)=\"\",10^12,OFFSET(PLE!$G$15,$M38-$A$15,BE$13)))","v":1000000000000},{"$f":"IF(OR($D38<>\"Serviço\",AND(AUTOEVENTO=\"Manual\",$M38=$A$15),$M38>(ROW(PLE.lastrow)-ROW(PLE.firstrow))),0,\n           IF(OFFSET(PLE!$G$15,$M38-$A$15,BF$13)=\"\",10^12,OFFSET(PLE!$G$15,$M38-$A$15,BF$13)))","v":1000000000000},{"$f":"IF(OR($D38<>\"Serviço\",AND(AUTOEVENTO=\"Manual\",$M38=$A$15),$M38>(ROW(PLE.lastrow)-ROW(PLE.firstrow))),0,\n           IF(OFFSET(PLE!$G$15,$M38-$A$15,BG$13)=\"\",10^12,OFFSET(PLE!$G$15,$M38-$A$15,BG$13)))","v":1000000000000}]
["10",{"$f":"OFFSET(ORÇAMENTO!C$15,ROW(B39)-ROW(B$15),0)","v":"S"},{"$f":"OFFSET(ORÇAMENTO!L$15,ROW(C39)-ROW(C$15),0)","v":"F"},{"$f":"OFFSET(ORÇAMENTO!N$15,ROW(D39)-ROW(D$15),0)","v":"Serviço"},{"$f":"OFFSET(ORÇAMENTO!O$15,ROW(E39)-ROW(E$15),0)","v":"1.2.2.7."},{"$f":"OFFSET(ORÇAMENTO!R$15,ROW(F39)-ROW(F$15),0)","v":"CRUZETA PEAD DN 63 MM PARA REDE AGUA, PN 16,  INSTALADO POR ELETROFUSÃO "},{"$f":"IF($D39<>\"Serviço\",\"\",OFFSET(ORÇAMENTO!S$15,ROW(G39)-ROW(G$15),0))","v":"UN"},{"$f":"IF($D39<>\"Serviço\",0,IF(ACOMPANHAMENTO=\"BM\",ROUND(OFFSET(ORÇAMENTO!AJ$15,ROW(H39)-ROW(H$15),0),15-13*ORÇAMENTO!$AF$7),SUMPRODUCT(($Q$1:$AA$1=1)*ROUND($Q39:$AA39,15-13*ORÇAMENTO!$AF$7))))","v":5},"Conforme projeto",{"$f":"IF(OR(B39<>\"S\",CÁLCULO.FrentesPreenchidas=0),\"\",IF(AND(ACOMPANHAMENTO=\"PLE\",AUTOEVENTO=\"Manual\",OR(H39>0,ORÇAMENTO!AC39=\"QUANT.\"),OR(K39=\"\",M39=0,N39=\"\")),\"►E\",IF(AND(ACOMPANHAMENTO=\"PLE\",ORÇAMENTO!AC39=\"QUANT.\"),\"►Q\",IF(AND(ACOMPANHAMENTO=\"PLE\",H39<>SUMPRODUCT(($Q$1:$AA$1=1)*ROUND(Q39:AA39,15))),\"►S\",IF(AND(COUNTIF($P$11:$AA$11,\"▼\")=0,H39>0,I39=\"\"),\"◄M\",\"\")))))","v":{"$error":"#NAME?"}},"2. Rede de Distribuição PEAD",".",{"$f":"IF($D39<>\"Serviço\",\"\",\n          IF(AUTOEVENTO=\"manual\",$A39,\n                IF(ISERROR(MATCH($A39,$A$15:OFFSET($A39,-1,0),0)),MAX($M$15:OFFSET(M39,-1,0))+1,\n                      INDEX($M$15:OFFSET(M39,-1,0),MATCH($A39,$A$15:OFFSET($A39,-1,0),0)))))","v":2},{"$f":"IF($D39<>\"Serviço\",\"\",\n         IF(AUTOEVENTO=\"Manual\",\n                IF($A39=0,\"<-- defina o número do agrupador\",\n                       OFFSET(EVENTOS!$D$15,$A39-$A$15,0)),\n                OFFSET($F$15,$A39,0)))","v":"REDE DE DISTRUIBUIÇÃO"},null,null,null,5,null,null,null,null,null,null,null,null,null,{"$f":"IF(AND($D39=\"Serviço\",AB$12<>0,$H39>0,OR(AUTOEVENTO<>\"manual\",$M39<>$A$15)),\n        IF(Import.TipoArredondamento<>\"TransfereGOV\",\n              ROUND(OFFSET($P39,0,AB$13),15-13*ORÇAMENTO!$AF$7)/$H39*OFFSET(ORÇAMENTO!$X$15,ROW(AB39)-ROW(AB$15),0),\n              ROUND(ROUND(OFFSET($P39,0,AB$13),15-13*ORÇAMENTO!$AF$7)*OFFSET(ORÇAMENTO!$W$15,ROW(AB39)-ROW(AB$15),0),15-13*ORÇAMENTO!$AF$11)),\n         0)","v":0},{"$f":"IF(AND($D39=\"Serviço\",AC$12<>0,$H39>0,OR(AUTOEVENTO<>\"manual\",$M39<>$A$15)),\n        IF(Import.TipoArredondamento<>\"TransfereGOV\",\n              ROUND(OFFSET($P39,0,AC$13),15-13*ORÇAMENTO!$AF$7)/$H39*OFFSET(ORÇAMENTO!$X$15,ROW(AC39)-ROW(AC$15),0),\n              ROUND(ROUND(OFFSET($P39,0,AC$13),15-13*ORÇAMENTO!$AF$7)*OFFSET(ORÇAMENTO!$W$15,ROW(AC39)-ROW(AC$15),0),15-13*ORÇAMENTO!$AF$11)),\n         0)","v":1578},{"$f":"IF(AND($D39=\"Serviço\",AD$12<>0,$H39>0,OR(AUTOEVENTO<>\"manual\",$M39<>$A$15)),\n        IF(Import.TipoArredondamento<>\"TransfereGOV\",\n              ROUND(OFFSET($P39,0,AD$13),15-13*ORÇAMENTO!$AF$7)/$H39*OFFSET(ORÇAMENTO!$X$15,ROW(AD39)-ROW(AD$15),0),\n              ROUND(ROUND(OFFSET($P39,0,AD$13),15-13*ORÇAMENTO!$AF$7)*OFFSET(ORÇAMENTO!$W$15,ROW(AD39)-ROW(AD$15),0),15-13*ORÇAMENTO!$AF$11)),\n         0)","v":0},{"$f":"IF(AND($D39=\"Serviço\",AE$12<>0,$H39>0,OR(AUTOEVENTO<>\"manual\",$M39<>$A$15)),\n        IF(Import.TipoArredondamento<>\"TransfereGOV\",\n              ROUND(OFFSET($P39,0,AE$13),15-13*ORÇAMENTO!$AF$7)/$H39*OFFSET(ORÇAMENTO!$X$15,ROW(AE39)-ROW(AE$15),0),\n              ROUND(ROUND(OFFSET($P39,0,AE$13),15-13*ORÇAMENTO!$AF$7)*OFFSET(ORÇAMENTO!$W$15,ROW(AE39)-ROW(AE$15),0),15-13*ORÇAMENTO!$AF$11)),\n         0)","v":0},{"$f":"IF(AND($D39=\"Serviço\",AF$12<>0,$H39>0,OR(AUTOEVENTO<>\"manual\",$M39<>$A$15)),\n        IF(Import.TipoArredondamento<>\"TransfereGOV\",\n              ROUND(OFFSET($P39,0,AF$13),15-13*ORÇAMENTO!$AF$7)/$H39*OFFSET(ORÇAMENTO!$X$15,ROW(AF39)-ROW(AF$15),0),\n              ROUND(ROUND(OFFSET($P39,0,AF$13),15-13*ORÇAMENTO!$AF$7)*OFFSET(ORÇAMENTO!$W$15,ROW(AF39)-ROW(AF$15),0),15-13*ORÇAMENTO!$AF$11)),\n         0)","v":0},{"$f":"IF(AND($D39=\"Serviço\",AG$12<>0,$H39>0,OR(AUTOEVENTO<>\"manual\",$M39<>$A$15)),\n        IF(Import.TipoArredondamento<>\"TransfereGOV\",\n              ROUND(OFFSET($P39,0,AG$13),15-13*ORÇAMENTO!$AF$7)/$H39*OFFSET(ORÇAMENTO!$X$15,ROW(AG39)-ROW(AG$15),0),\n              ROUND(ROUND(OFFSET($P39,0,AG$13),15-13*ORÇAMENTO!$AF$7)*OFFSET(ORÇAMENTO!$W$15,ROW(AG39)-ROW(AG$15),0),15-13*ORÇAMENTO!$AF$11)),\n         0)","v":0},{"$f":"IF(AND($D39=\"Serviço\",AH$12<>0,$H39>0,OR(AUTOEVENTO<>\"manual\",$M39<>$A$15)),\n        IF(Import.TipoArredondamento<>\"TransfereGOV\",\n              ROUND(OFFSET($P39,0,AH$13),15-13*ORÇAMENTO!$AF$7)/$H39*OFFSET(ORÇAMENTO!$X$15,ROW(AH39)-ROW(AH$15),0),\n              ROUND(ROUND(OFFSET($P39,0,AH$13),15-13*ORÇAMENTO!$AF$7)*OFFSET(ORÇAMENTO!$W$15,ROW(AH39)-ROW(AH$15),0),15-13*ORÇAMENTO!$AF$11)),\n         0)","v":0},{"$f":"IF(AND($D39=\"Serviço\",AI$12<>0,$H39>0,OR(AUTOEVENTO<>\"manual\",$M39<>$A$15)),\n        IF(Import.TipoArredondamento<>\"TransfereGOV\",\n              ROUND(OFFSET($P39,0,AI$13),15-13*ORÇAMENTO!$AF$7)/$H39*OFFSET(ORÇAMENTO!$X$15,ROW(AI39)-ROW(AI$15),0),\n              ROUND(ROUND(OFFSET($P39,0,AI$13),15-13*ORÇAMENTO!$AF$7)*OFFSET(ORÇAMENTO!$W$15,ROW(AI39)-ROW(AI$15),0),15-13*ORÇAMENTO!$AF$11)),\n         0)","v":0},{"$f":"IF(AND($D39=\"Serviço\",AJ$12<>0,$H39>0,OR(AUTOEVENTO<>\"manual\",$M39<>$A$15)),\n        IF(Import.TipoArredondamento<>\"TransfereGOV\",\n              ROUND(OFFSET($P39,0,AJ$13),15-13*ORÇAMENTO!$AF$7)/$H39*OFFSET(ORÇAMENTO!$X$15,ROW(AJ39)-ROW(AJ$15),0),\n              ROUND(ROUND(OFFSET($P39,0,AJ$13),15-13*ORÇAMENTO!$AF$7)*OFFSET(ORÇAMENTO!$W$15,ROW(AJ39)-ROW(AJ$15),0),15-13*ORÇAMENTO!$AF$11)),\n         0)","v":0},{"$f":"IF(AND($D39=\"Serviço\",AK$12<>0,$H39>0,OR(AUTOEVENTO<>\"manual\",$M39<>$A$15)),\n        IF(Import.TipoArredondamento<>\"TransfereGOV\",\n              ROUND(OFFSET($P39,0,AK$13),15-13*ORÇAMENTO!$AF$7)/$H39*OFFSET(ORÇAMENTO!$X$15,ROW(AK39)-ROW(AK$15),0),\n              ROUND(ROUND(OFFSET($P39,0,AK$13),15-13*ORÇAMENTO!$AF$7)*OFFSET(ORÇAMENTO!$W$15,ROW(AK39)-ROW(AK$15),0),15-13*ORÇAMENTO!$AF$11)),\n         0)","v":0},null,{"$f":"IF(OR($D39<>\"Serviço\",AND(AUTOEVENTO=\"Manual\",$M39=$A$15)),0,\n         IF(OFFSET(CRONOPLE!$F$15,$M39-$A$15,AM$13)=0,10^12,OFFSET(CRONOPLE!$F$15,$M39-$A$15,AM$13)))","v":1},{"$f":"IF(OR($D39<>\"Serviço\",AND(AUTOEVENTO=\"Manual\",$M39=$A$15)),0,\n         IF(OFFSET(CRONOPLE!$F$15,$M39-$A$15,AN$13)=0,10^12,OFFSET(CRONOPLE!$F$15,$M39-$A$15,AN$13)))","v":2},{"$f":"IF(OR($D39<>\"Serviço\",AND(AUTOEVENTO=\"Manual\",$M39=$A$15)),0,\n         IF(OFFSET(CRONOPLE!$F$15,$M39-$A$15,AO$13)=0,10^12,OFFSET(CRONOPLE!$F$15,$M39-$A$15,AO$13)))","v":1000000000000},{"$f":"IF(OR($D39<>\"Serviço\",AND(AUTOEVENTO=\"Manual\",$M39=$A$15)),0,\n         IF(OFFSET(CRONOPLE!$F$15,$M39-$A$15,AP$13)=0,10^12,OFFSET(CRONOPLE!$F$15,$M39-$A$15,AP$13)))","v":1000000000000},{"$f":"IF(OR($D39<>\"Serviço\",AND(AUTOEVENTO=\"Manual\",$M39=$A$15)),0,\n         IF(OFFSET(CRONOPLE!$F$15,$M39-$A$15,AQ$13)=0,10^12,OFFSET(CRONOPLE!$F$15,$M39-$A$15,AQ$13)))","v":1000000000000},{"$f":"IF(OR($D39<>\"Serviço\",AND(AUTOEVENTO=\"Manual\",$M39=$A$15)),0,\n         IF(OFFSET(CRONOPLE!$F$15,$M39-$A$15,AR$13)=0,10^12,OFFSET(CRONOPLE!$F$15,$M39-$A$15,AR$13)))","v":1000000000000},{"$f":"IF(OR($D39<>\"Serviço\",AND(AUTOEVENTO=\"Manual\",$M39=$A$15)),0,\n         IF(OFFSET(CRONOPLE!$F$15,$M39-$A$15,AS$13)=0,10^12,OFFSET(CRONOPLE!$F$15,$M39-$A$15,AS$13)))","v":1000000000000},{"$f":"IF(OR($D39<>\"Serviço\",AND(AUTOEVENTO=\"Manual\",$M39=$A$15)),0,\n         IF(OFFSET(CRONOPLE!$F$15,$M39-$A$15,AT$13)=0,10^12,OFFSET(CRONOPLE!$F$15,$M39-$A$15,AT$13)))","v":1000000000000},{"$f":"IF(OR($D39<>\"Serviço\",AND(AUTOEVENTO=\"Manual\",$M39=$A$15)),0,\n         IF(OFFSET(CRONOPLE!$F$15,$M39-$A$15,AU$13)=0,10^12,OFFSET(CRONOPLE!$F$15,$M39-$A$15,AU$13)))","v":1000000000000},{"$f":"IF(OR($D39<>\"Serviço\",AND(AUTOEVENTO=\"Manual\",$M39=$A$15)),0,\n         IF(OFFSET(CRONOPLE!$F$15,$M39-$A$15,AV$13)=0,10^12,OFFSET(CRONOPLE!$F$15,$M39-$A$15,AV$13)))","v":1000000000000},null,{"$f":"IF(OR($D39<>\"Serviço\",AND(AUTOEVENTO=\"Manual\",$M39=$A$15),$M39>(ROW(PLE.lastrow)-ROW(PLE.firstrow))),0,\n           IF(OFFSET(PLE!$G$15,$M39-$A$15,AX$13)=\"\",10^12,OFFSET(PLE!$G$15,$M39-$A$15,AX$13)))","v":1000000000000},{"$f":"IF(OR($D39<>\"Serviço\",AND(AUTOEVENTO=\"Manual\",$M39=$A$15),$M39>(ROW(PLE.lastrow)-ROW(PLE.firstrow))),0,\n           IF(OFFSET(PLE!$G$15,$M39-$A$15,AY$13)=\"\",10^12,OFFSET(PLE!$G$15,$M39-$A$15,AY$13)))","v":1000000000000},{"$f":"IF(OR($D39<>\"Serviço\",AND(AUTOEVENTO=\"Manual\",$M39=$A$15),$M39>(ROW(PLE.lastrow)-ROW(PLE.firstrow))),0,\n           IF(OFFSET(PLE!$G$15,$M39-$A$15,AZ$13)=\"\",10^12,OFFSET(PLE!$G$15,$M39-$A$15,AZ$13)))","v":1000000000000},{"$f":"IF(OR($D39<>\"Serviço\",AND(AUTOEVENTO=\"Manual\",$M39=$A$15),$M39>(ROW(PLE.lastrow)-ROW(PLE.firstrow))),0,\n           IF(OFFSET(PLE!$G$15,$M39-$A$15,BA$13)=\"\",10^12,OFFSET(PLE!$G$15,$M39-$A$15,BA$13)))","v":1000000000000},{"$f":"IF(OR($D39<>\"Serviço\",AND(AUTOEVENTO=\"Manual\",$M39=$A$15),$M39>(ROW(PLE.lastrow)-ROW(PLE.firstrow))),0,\n           IF(OFFSET(PLE!$G$15,$M39-$A$15,BB$13)=\"\",10^12,OFFSET(PLE!$G$15,$M39-$A$15,BB$13)))","v":1000000000000},{"$f":"IF(OR($D39<>\"Serviço\",AND(AUTOEVENTO=\"Manual\",$M39=$A$15),$M39>(ROW(PLE.lastrow)-ROW(PLE.firstrow))),0,\n           IF(OFFSET(PLE!$G$15,$M39-$A$15,BC$13)=\"\",10^12,OFFSET(PLE!$G$15,$M39-$A$15,BC$13)))","v":1000000000000},{"$f":"IF(OR($D39<>\"Serviço\",AND(AUTOEVENTO=\"Manual\",$M39=$A$15),$M39>(ROW(PLE.lastrow)-ROW(PLE.firstrow))),0,\n           IF(OFFSET(PLE!$G$15,$M39-$A$15,BD$13)=\"\",10^12,OFFSET(PLE!$G$15,$M39-$A$15,BD$13)))","v":1000000000000},{"$f":"IF(OR($D39<>\"Serviço\",AND(AUTOEVENTO=\"Manual\",$M39=$A$15),$M39>(ROW(PLE.lastrow)-ROW(PLE.firstrow))),0,\n           IF(OFFSET(PLE!$G$15,$M39-$A$15,BE$13)=\"\",10^12,OFFSET(PLE!$G$15,$M39-$A$15,BE$13)))","v":1000000000000},{"$f":"IF(OR($D39<>\"Serviço\",AND(AUTOEVENTO=\"Manual\",$M39=$A$15),$M39>(ROW(PLE.lastrow)-ROW(PLE.firstrow))),0,\n           IF(OFFSET(PLE!$G$15,$M39-$A$15,BF$13)=\"\",10^12,OFFSET(PLE!$G$15,$M39-$A$15,BF$13)))","v":1000000000000},{"$f":"IF(OR($D39<>\"Serviço\",AND(AUTOEVENTO=\"Manual\",$M39=$A$15),$M39>(ROW(PLE.lastrow)-ROW(PLE.firstrow))),0,\n           IF(OFFSET(PLE!$G$15,$M39-$A$15,BG$13)=\"\",10^12,OFFSET(PLE!$G$15,$M39-$A$15,BG$13)))","v":1000000000000}]
["10",{"$f":"OFFSET(ORÇAMENTO!C$15,ROW(B40)-ROW(B$15),0)","v":"S"},{"$f":"OFFSET(ORÇAMENTO!L$15,ROW(C40)-ROW(C$15),0)","v":"F"},{"$f":"OFFSET(ORÇAMENTO!N$15,ROW(D40)-ROW(D$15),0)","v":"Serviço"},{"$f":"OFFSET(ORÇAMENTO!O$15,ROW(E40)-ROW(E$15),0)","v":"1.2.2.8."},{"$f":"OFFSET(ORÇAMENTO!R$15,ROW(F40)-ROW(F$15),0)","v":"CAP EM PEAD, DN  63MM, ELETROFUSÃO, PE 100, SDR 11, conf. ABNT NBR 14462, EN 1555, ISO 4437"},{"$f":"IF($D40<>\"Serviço\",\"\",OFFSET(ORÇAMENTO!S$15,ROW(G40)-ROW(G$15),0))","v":"UN"},{"$f":"IF($D40<>\"Serviço\",0,IF(ACOMPANHAMENTO=\"BM\",ROUND(OFFSET(ORÇAMENTO!AJ$15,ROW(H40)-ROW(H$15),0),15-13*ORÇAMENTO!$AF$7),SUMPRODUCT(($Q$1:$AA$1=1)*ROUND($Q40:$AA40,15-13*ORÇAMENTO!$AF$7))))","v":2},"Conforme projeto (Peça 04)",{"$f":"IF(OR(B40<>\"S\",CÁLCULO.FrentesPreenchidas=0),\"\",IF(AND(ACOMPANHAMENTO=\"PLE\",AUTOEVENTO=\"Manual\",OR(H40>0,ORÇAMENTO!AC40=\"QUANT.\"),OR(K40=\"\",M40=0,N40=\"\")),\"►E\",IF(AND(ACOMPANHAMENTO=\"PLE\",ORÇAMENTO!AC40=\"QUANT.\"),\"►Q\",IF(AND(ACOMPANHAMENTO=\"PLE\",H40<>SUMPRODUCT(($Q$1:$AA$1=1)*ROUND(Q40:AA40,15))),\"►S\",IF(AND(COUNTIF($P$11:$AA$11,\"▼\")=0,H40>0,I40=\"\"),\"◄M\",\"\")))))","v":{"$error":"#NAME?"}},"2. Rede de Distribuição PEAD",".",{"$f":"IF($D40<>\"Serviço\",\"\",\n          IF(AUTOEVENTO=\"manual\",$A40,\n                IF(ISERROR(MATCH($A40,$A$15:OFFSET($A40,-1,0),0)),MAX($M$15:OFFSET(M40,-1,0))+1,\n                      INDEX($M$15:OFFSET(M40,-1,0),MATCH($A40,$A$15:OFFSET($A40,-1,0),0)))))","v":2},{"$f":"IF($D40<>\"Serviço\",\"\",\n         IF(AUTOEVENTO=\"Manual\",\n                IF($A40=0,\"<-- defina o número do agrupador\",\n                       OFFSET(EVENTOS!$D$15,$A40-$A$15,0)),\n                OFFSET($F$15,$A40,0)))","v":"REDE DE DISTRUIBUIÇÃO"},null,null,null,2,null,null,null,null,null,null,null,null,null,{"$f":"IF(AND($D40=\"Serviço\",AB$12<>0,$H40>0,OR(AUTOEVENTO<>\"manual\",$M40<>$A$15)),\n        IF(Import.TipoArredondamento<>\"TransfereGOV\",\n              ROUND(OFFSET($P40,0,AB$13),15-13*ORÇAMENTO!$AF$7)/$H40*OFFSET(ORÇAMENTO!$X$15,ROW(AB40)-ROW(AB$15),0),\n              ROUND(ROUND(OFFSET($P40,0,AB$13),15-13*ORÇAMENTO!$AF$7)*OFFSET(ORÇAMENTO!$W$15,ROW(AB40)-ROW(AB$15),0),15-13*ORÇAMENTO!$AF$11)),\n         0)","v":0},{"$f":"IF(AND($D40=\"Serviço\",AC$12<>0,$H40>0,OR(AUTOEVENTO<>\"manual\",$M40<>$A$15)),\n        IF(Import.TipoArredondamento<>\"TransfereGOV\",\n              ROUND(OFFSET($P40,0,AC$13),15-13*ORÇAMENTO!$AF$7)/$H40*OFFSET(ORÇAMENTO!$X$15,ROW(AC40)-ROW(AC$15),0),\n              ROUND(ROUND(OFFSET($P40,0,AC$13),15-13*ORÇAMENTO!$AF$7)*OFFSET(ORÇAMENTO!$W$15,ROW(AC40)-ROW(AC$15),0),15-13*ORÇAMENTO!$AF$11)),\n         0)","v":116.3},{"$f":"IF(AND($D40=\"Serviço\",AD$12<>0,$H40>0,OR(AUTOEVENTO<>\"manual\",$M40<>$A$15)),\n        IF(Import.TipoArredondamento<>\"TransfereGOV\",\n              ROUND(OFFSET($P40,0,AD$13),15-13*ORÇAMENTO!$AF$7)/$H40*OFFSET(ORÇAMENTO!$X$15,ROW(AD40)-ROW(AD$15),0),\n              ROUND(ROUND(OFFSET($P40,0,AD$13),15-13*ORÇAMENTO!$AF$7)*OFFSET(ORÇAMENTO!$W$15,ROW(AD40)-ROW(AD$15),0),15-13*ORÇAMENTO!$AF$11)),\n         0)","v":0},{"$f":"IF(AND($D40=\"Serviço\",AE$12<>0,$H40>0,OR(AUTOEVENTO<>\"manual\",$M40<>$A$15)),\n        IF(Import.TipoArredondamento<>\"TransfereGOV\",\n              ROUND(OFFSET($P40,0,AE$13),15-13*ORÇAMENTO!$AF$7)/$H40*OFFSET(ORÇAMENTO!$X$15,ROW(AE40)-ROW(AE$15),0),\n              ROUND(ROUND(OFFSET($P40,0,AE$13),15-13*ORÇAMENTO!$AF$7)*OFFSET(ORÇAMENTO!$W$15,ROW(AE40)-ROW(AE$15),0),15-13*ORÇAMENTO!$AF$11)),\n         0)","v":0},{"$f":"IF(AND($D40=\"Serviço\",AF$12<>0,$H40>0,OR(AUTOEVENTO<>\"manual\",$M40<>$A$15)),\n        IF(Import.TipoArredondamento<>\"TransfereGOV\",\n              ROUND(OFFSET($P40,0,AF$13),15-13*ORÇAMENTO!$AF$7)/$H40*OFFSET(ORÇAMENTO!$X$15,ROW(AF40)-ROW(AF$15),0),\n              ROUND(ROUND(OFFSET($P40,0,AF$13),15-13*ORÇAMENTO!$AF$7)*OFFSET(ORÇAMENTO!$W$15,ROW(AF40)-ROW(AF$15),0),15-13*ORÇAMENTO!$AF$11)),\n         0)","v":0},{"$f":"IF(AND($D40=\"Serviço\",AG$12<>0,$H40>0,OR(AUTOEVENTO<>\"manual\",$M40<>$A$15)),\n        IF(Import.TipoArredondamento<>\"TransfereGOV\",\n              ROUND(OFFSET($P40,0,AG$13),15-13*ORÇAMENTO!$AF$7)/$H40*OFFSET(ORÇAMENTO!$X$15,ROW(AG40)-ROW(AG$15),0),\n              ROUND(ROUND(OFFSET($P40,0,AG$13),15-13*ORÇAMENTO!$AF$7)*OFFSET(ORÇAMENTO!$W$15,ROW(AG40)-ROW(AG$15),0),15-13*ORÇAMENTO!$AF$11)),\n         0)","v":0},{"$f":"IF(AND($D40=\"Serviço\",AH$12<>0,$H40>0,OR(AUTOEVENTO<>\"manual\",$M40<>$A$15)),\n        IF(Import.TipoArredondamento<>\"TransfereGOV\",\n              ROUND(OFFSET($P40,0,AH$13),15-13*ORÇAMENTO!$AF$7)/$H40*OFFSET(ORÇAMENTO!$X$15,ROW(AH40)-ROW(AH$15),0),\n              ROUND(ROUND(OFFSET($P40,0,AH$13),15-13*ORÇAMENTO!$AF$7)*OFFSET(ORÇAMENTO!$W$15,ROW(AH40)-ROW(AH$15),0),15-13*ORÇAMENTO!$AF$11)),\n         0)","v":0},{"$f":"IF(AND($D40=\"Serviço\",AI$12<>0,$H40>0,OR(AUTOEVENTO<>\"manual\",$M40<>$A$15)),\n        IF(Import.TipoArredondamento<>\"TransfereGOV\",\n              ROUND(OFFSET($P40,0,AI$13),15-13*ORÇAMENTO!$AF$7)/$H40*OFFSET(ORÇAMENTO!$X$15,ROW(AI40)-ROW(AI$15),0),\n              ROUND(ROUND(OFFSET($P40,0,AI$13),15-13*ORÇAMENTO!$AF$7)*OFFSET(ORÇAMENTO!$W$15,ROW(AI40)-ROW(AI$15),0),15-13*ORÇAMENTO!$AF$11)),\n         0)","v":0},{"$f":"IF(AND($D40=\"Serviço\",AJ$12<>0,$H40>0,OR(AUTOEVENTO<>\"manual\",$M40<>$A$15)),\n        IF(Import.TipoArredondamento<>\"TransfereGOV\",\n              ROUND(OFFSET($P40,0,AJ$13),15-13*ORÇAMENTO!$AF$7)/$H40*OFFSET(ORÇAMENTO!$X$15,ROW(AJ40)-ROW(AJ$15),0),\n              ROUND(ROUND(OFFSET($P40,0,AJ$13),15-13*ORÇAMENTO!$AF$7)*OFFSET(ORÇAMENTO!$W$15,ROW(AJ40)-ROW(AJ$15),0),15-13*ORÇAMENTO!$AF$11)),\n         0)","v":0},{"$f":"IF(AND($D40=\"Serviço\",AK$12<>0,$H40>0,OR(AUTOEVENTO<>\"manual\",$M40<>$A$15)),\n        IF(Import.TipoArredondamento<>\"TransfereGOV\",\n              ROUND(OFFSET($P40,0,AK$13),15-13*ORÇAMENTO!$AF$7)/$H40*OFFSET(ORÇAMENTO!$X$15,ROW(AK40)-ROW(AK$15),0),\n              ROUND(ROUND(OFFSET($P40,0,AK$13),15-13*ORÇAMENTO!$AF$7)*OFFSET(ORÇAMENTO!$W$15,ROW(AK40)-ROW(AK$15),0),15-13*ORÇAMENTO!$AF$11)),\n         0)","v":0},null,{"$f":"IF(OR($D40<>\"Serviço\",AND(AUTOEVENTO=\"Manual\",$M40=$A$15)),0,\n         IF(OFFSET(CRONOPLE!$F$15,$M40-$A$15,AM$13)=0,10^12,OFFSET(CRONOPLE!$F$15,$M40-$A$15,AM$13)))","v":1},{"$f":"IF(OR($D40<>\"Serviço\",AND(AUTOEVENTO=\"Manual\",$M40=$A$15)),0,\n         IF(OFFSET(CRONOPLE!$F$15,$M40-$A$15,AN$13)=0,10^12,OFFSET(CRONOPLE!$F$15,$M40-$A$15,AN$13)))","v":2},{"$f":"IF(OR($D40<>\"Serviço\",AND(AUTOEVENTO=\"Manual\",$M40=$A$15)),0,\n         IF(OFFSET(CRONOPLE!$F$15,$M40-$A$15,AO$13)=0,10^12,OFFSET(CRONOPLE!$F$15,$M40-$A$15,AO$13)))","v":1000000000000},{"$f":"IF(OR($D40<>\"Serviço\",AND(AUTOEVENTO=\"Manual\",$M40=$A$15)),0,\n         IF(OFFSET(CRONOPLE!$F$15,$M40-$A$15,AP$13)=0,10^12,OFFSET(CRONOPLE!$F$15,$M40-$A$15,AP$13)))","v":1000000000000},{"$f":"IF(OR($D40<>\"Serviço\",AND(AUTOEVENTO=\"Manual\",$M40=$A$15)),0,\n         IF(OFFSET(CRONOPLE!$F$15,$M40-$A$15,AQ$13)=0,10^12,OFFSET(CRONOPLE!$F$15,$M40-$A$15,AQ$13)))","v":1000000000000},{"$f":"IF(OR($D40<>\"Serviço\",AND(AUTOEVENTO=\"Manual\",$M40=$A$15)),0,\n         IF(OFFSET(CRONOPLE!$F$15,$M40-$A$15,AR$13)=0,10^12,OFFSET(CRONOPLE!$F$15,$M40-$A$15,AR$13)))","v":1000000000000},{"$f":"IF(OR($D40<>\"Serviço\",AND(AUTOEVENTO=\"Manual\",$M40=$A$15)),0,\n         IF(OFFSET(CRONOPLE!$F$15,$M40-$A$15,AS$13)=0,10^12,OFFSET(CRONOPLE!$F$15,$M40-$A$15,AS$13)))","v":1000000000000},{"$f":"IF(OR($D40<>\"Serviço\",AND(AUTOEVENTO=\"Manual\",$M40=$A$15)),0,\n         IF(OFFSET(CRONOPLE!$F$15,$M40-$A$15,AT$13)=0,10^12,OFFSET(CRONOPLE!$F$15,$M40-$A$15,AT$13)))","v":1000000000000},{"$f":"IF(OR($D40<>\"Serviço\",AND(AUTOEVENTO=\"Manual\",$M40=$A$15)),0,\n         IF(OFFSET(CRONOPLE!$F$15,$M40-$A$15,AU$13)=0,10^12,OFFSET(CRONOPLE!$F$15,$M40-$A$15,AU$13)))","v":1000000000000},{"$f":"IF(OR($D40<>\"Serviço\",AND(AUTOEVENTO=\"Manual\",$M40=$A$15)),0,\n         IF(OFFSET(CRONOPLE!$F$15,$M40-$A$15,AV$13)=0,10^12,OFFSET(CRONOPLE!$F$15,$M40-$A$15,AV$13)))","v":1000000000000},null,{"$f":"IF(OR($D40<>\"Serviço\",AND(AUTOEVENTO=\"Manual\",$M40=$A$15),$M40>(ROW(PLE.lastrow)-ROW(PLE.firstrow))),0,\n           IF(OFFSET(PLE!$G$15,$M40-$A$15,AX$13)=\"\",10^12,OFFSET(PLE!$G$15,$M40-$A$15,AX$13)))","v":1000000000000},{"$f":"IF(OR($D40<>\"Serviço\",AND(AUTOEVENTO=\"Manual\",$M40=$A$15),$M40>(ROW(PLE.lastrow)-ROW(PLE.firstrow))),0,\n           IF(OFFSET(PLE!$G$15,$M40-$A$15,AY$13)=\"\",10^12,OFFSET(PLE!$G$15,$M40-$A$15,AY$13)))","v":1000000000000},{"$f":"IF(OR($D40<>\"Serviço\",AND(AUTOEVENTO=\"Manual\",$M40=$A$15),$M40>(ROW(PLE.lastrow)-ROW(PLE.firstrow))),0,\n           IF(OFFSET(PLE!$G$15,$M40-$A$15,AZ$13)=\"\",10^12,OFFSET(PLE!$G$15,$M40-$A$15,AZ$13)))","v":1000000000000},{"$f":"IF(OR($D40<>\"Serviço\",AND(AUTOEVENTO=\"Manual\",$M40=$A$15),$M40>(ROW(PLE.lastrow)-ROW(PLE.firstrow))),0,\n           IF(OFFSET(PLE!$G$15,$M40-$A$15,BA$13)=\"\",10^12,OFFSET(PLE!$G$15,$M40-$A$15,BA$13)))","v":1000000000000},{"$f":"IF(OR($D40<>\"Serviço\",AND(AUTOEVENTO=\"Manual\",$M40=$A$15),$M40>(ROW(PLE.lastrow)-ROW(PLE.firstrow))),0,\n           IF(OFFSET(PLE!$G$15,$M40-$A$15,BB$13)=\"\",10^12,OFFSET(PLE!$G$15,$M40-$A$15,BB$13)))","v":1000000000000},{"$f":"IF(OR($D40<>\"Serviço\",AND(AUTOEVENTO=\"Manual\",$M40=$A$15),$M40>(ROW(PLE.lastrow)-ROW(PLE.firstrow))),0,\n           IF(OFFSET(PLE!$G$15,$M40-$A$15,BC$13)=\"\",10^12,OFFSET(PLE!$G$15,$M40-$A$15,BC$13)))","v":1000000000000},{"$f":"IF(OR($D40<>\"Serviço\",AND(AUTOEVENTO=\"Manual\",$M40=$A$15),$M40>(ROW(PLE.lastrow)-ROW(PLE.firstrow))),0,\n           IF(OFFSET(PLE!$G$15,$M40-$A$15,BD$13)=\"\",10^12,OFFSET(PLE!$G$15,$M40-$A$15,BD$13)))","v":1000000000000},{"$f":"IF(OR($D40<>\"Serviço\",AND(AUTOEVENTO=\"Manual\",$M40=$A$15),$M40>(ROW(PLE.lastrow)-ROW(PLE.firstrow))),0,\n           IF(OFFSET(PLE!$G$15,$M40-$A$15,BE$13)=\"\",10^12,OFFSET(PLE!$G$15,$M40-$A$15,BE$13)))","v":1000000000000},{"$f":"IF(OR($D40<>\"Serviço\",AND(AUTOEVENTO=\"Manual\",$M40=$A$15),$M40>(ROW(PLE.lastrow)-ROW(PLE.firstrow))),0,\n           IF(OFFSET(PLE!$G$15,$M40-$A$15,BF$13)=\"\",10^12,OFFSET(PLE!$G$15,$M40-$A$15,BF$13)))","v":1000000000000},{"$f":"IF(OR($D40<>\"Serviço\",AND(AUTOEVENTO=\"Manual\",$M40=$A$15),$M40>(ROW(PLE.lastrow)-ROW(PLE.firstrow))),0,\n           IF(OFFSET(PLE!$G$15,$M40-$A$15,BG$13)=\"\",10^12,OFFSET(PLE!$G$15,$M40-$A$15,BG$13)))","v":1000000000000}]
["10",{"$f":"OFFSET(ORÇAMENTO!C$15,ROW(B41)-ROW(B$15),0)","v":"S"},{"$f":"OFFSET(ORÇAMENTO!L$15,ROW(C41)-ROW(C$15),0)","v":"F"},{"$f":"OFFSET(ORÇAMENTO!N$15,ROW(D41)-ROW(D$15),0)","v":"Serviço"},{"$f":"OFFSET(ORÇAMENTO!O$15,ROW(E41)-ROW(E$15),0)","v":"1.2.2.9."},{"$f":"OFFSET(ORÇAMENTO!R$15,ROW(F41)-ROW(F$15),0)","v":"TE PEAD DN 63 MM PARA REDE AGUA, PN 16,  INSTALADO POR ELETROFUSÃO, INCLUSIVE 3 LUVAS DN 63MM. EM LOCAL COM NÍVEL BAIXO DE INTERFERÊNCIAS."},{"$f":"IF($D41<>\"Serviço\",\"\",OFFSET(ORÇAMENTO!S$15,ROW(G41)-ROW(G$15),0))","v":"UN"},{"$f":"IF($D41<>\"Serviço\",0,IF(ACOMPANHAMENTO=\"BM\",ROUND(OFFSET(ORÇAMENTO!AJ$15,ROW(H41)-ROW(H$15),0),15-13*ORÇAMENTO!$AF$7),SUMPRODUCT(($Q$1:$AA$1=1)*ROUND($Q41:$AA41,15-13*ORÇAMENTO!$AF$7))))","v":1},"Conforme projeto",{"$f":"IF(OR(B41<>\"S\",CÁLCULO.FrentesPreenchidas=0),\"\",IF(AND(ACOMPANHAMENTO=\"PLE\",AUTOEVENTO=\"Manual\",OR(H41>0,ORÇAMENTO!AC41=\"QUANT.\"),OR(K41=\"\",M41=0,N41=\"\")),\"►E\",IF(AND(ACOMPANHAMENTO=\"PLE\",ORÇAMENTO!AC41=\"QUANT.\"),\"►Q\",IF(AND(ACOMPANHAMENTO=\"PLE\",H41<>SUMPRODUCT(($Q$1:$AA$1=1)*ROUND(Q41:AA41,15))),\"►S\",IF(AND(COUNTIF($P$11:$AA$11,\"▼\")=0,H41>0,I41=\"\"),\"◄M\",\"\")))))","v":{"$error":"#NAME?"}},"2. Rede de Distribuição PEAD",".",{"$f":"IF($D41<>\"Serviço\",\"\",\n          IF(AUTOEVENTO=\"manual\",$A41,\n                IF(ISERROR(MATCH($A41,$A$15:OFFSET($A41,-1,0),0)),MAX($M$15:OFFSET(M41,-1,0))+1,\n                      INDEX($M$15:OFFSET(M41,-1,0),MATCH($A41,$A$15:OFFSET($A41,-1,0),0)))))","v":2},{"$f":"IF($D41<>\"Serviço\",\"\",\n         IF(AUTOEVENTO=\"Manual\",\n                IF($A41=0,\"<-- defina o número do agrupador\",\n                       OFFSET(EVENTOS!$D$15,$A41-$A$15,0)),\n                OFFSET($F$15,$A41,0)))","v":"REDE DE DISTRUIBUIÇÃO"},null,null,null,1,null,null,null,null,null,null,null,null,null,{"$f":"IF(AND($D41=\"Serviço\",AB$12<>0,$H41>0,OR(AUTOEVENTO<>\"manual\",$M41<>$A$15)),\n        IF(Import.TipoArredondamento<>\"TransfereGOV\",\n              ROUND(OFFSET($P41,0,AB$13),15-13*ORÇAMENTO!$AF$7)/$H41*OFFSET(ORÇAMENTO!$X$15,ROW(AB41)-ROW(AB$15),0),\n              ROUND(ROUND(OFFSET($P41,0,AB$13),15-13*ORÇAMENTO!$AF$7)*OFFSET(ORÇAMENTO!$W$15,ROW(AB41)-ROW(AB$15),0),15-13*ORÇAMENTO!$AF$11)),\n         0)","v":0},{"$f":"IF(AND($D41=\"Serviço\",AC$12<>0,$H41>0,OR(AUTOEVENTO<>\"manual\",$M41<>$A$15)),\n        IF(Import.TipoArredondamento<>\"TransfereGOV\",\n              ROUND(OFFSET($P41,0,AC$13),15-13*ORÇAMENTO!$AF$7)/$H41*OFFSET(ORÇAMENTO!$X$15,ROW(AC41)-ROW(AC$15),0),\n              ROUND(ROUND(OFFSET($P41,0,AC$13),15-13*ORÇAMENTO!$AF$7)*OFFSET(ORÇAMENTO!$W$15,ROW(AC41)-ROW(AC$15),0),15-13*ORÇAMENTO!$AF$11)),\n         0)","v":266.86},{"$f":"IF(AND($D41=\"Serviço\",AD$12<>0,$H41>0,OR(AUTOEVENTO<>\"manual\",$M41<>$A$15)),\n        IF(Import.TipoArredondamento<>\"TransfereGOV\",\n              ROUND(OFFSET($P41,0,AD$13),15-13*ORÇAMENTO!$AF$7)/$H41*OFFSET(ORÇAMENTO!$X$15,ROW(AD41)-ROW(AD$15),0),\n              ROUND(ROUND(OFFSET($P41,0,AD$13),15-13*ORÇAMENTO!$AF$7)*OFFSET(ORÇAMENTO!$W$15,ROW(AD41)-ROW(AD$15),0),15-13*ORÇAMENTO!$AF$11)),\n         0)","v":0},{"$f":"IF(AND($D41=\"Serviço\",AE$12<>0,$H41>0,OR(AUTOEVENTO<>\"manual\",$M41<>$A$15)),\n        IF(Import.TipoArredondamento<>\"TransfereGOV\",\n              ROUND(OFFSET($P41,0,AE$13),15-13*ORÇAMENTO!$AF$7)/$H41*OFFSET(ORÇAMENTO!$X$15,ROW(AE41)-ROW(AE$15),0),\n              ROUND(ROUND(OFFSET($P41,0,AE$13),15-13*ORÇAMENTO!$AF$7)*OFFSET(ORÇAMENTO!$W$15,ROW(AE41)-ROW(AE$15),0),15-13*ORÇAMENTO!$AF$11)),\n         0)","v":0},{"$f":"IF(AND($D41=\"Serviço\",AF$12<>0,$H41>0,OR(AUTOEVENTO<>\"manual\",$M41<>$A$15)),\n        IF(Import.TipoArredondamento<>\"TransfereGOV\",\n              ROUND(OFFSET($P41,0,AF$13),15-13*ORÇAMENTO!$AF$7)/$H41*OFFSET(ORÇAMENTO!$X$15,ROW(AF41)-ROW(AF$15),0),\n              ROUND(ROUND(OFFSET($P41,0,AF$13),15-13*ORÇAMENTO!$AF$7)*OFFSET(ORÇAMENTO!$W$15,ROW(AF41)-ROW(AF$15),0),15-13*ORÇAMENTO!$AF$11)),\n         0)","v":0},{"$f":"IF(AND($D41=\"Serviço\",AG$12<>0,$H41>0,OR(AUTOEVENTO<>\"manual\",$M41<>$A$15)),\n        IF(Import.TipoArredondamento<>\"TransfereGOV\",\n              ROUND(OFFSET($P41,0,AG$13),15-13*ORÇAMENTO!$AF$7)/$H41*OFFSET(ORÇAMENTO!$X$15,ROW(AG41)-ROW(AG$15),0),\n              ROUND(ROUND(OFFSET($P41,0,AG$13),15-13*ORÇAMENTO!$AF$7)*OFFSET(ORÇAMENTO!$W$15,ROW(AG41)-ROW(AG$15),0),15-13*ORÇAMENTO!$AF$11)),\n         0)","v":0},{"$f":"IF(AND($D41=\"Serviço\",AH$12<>0,$H41>0,OR(AUTOEVENTO<>\"manual\",$M41<>$A$15)),\n        IF(Import.TipoArredondamento<>\"TransfereGOV\",\n              ROUND(OFFSET($P41,0,AH$13),15-13*ORÇAMENTO!$AF$7)/$H41*OFFSET(ORÇAMENTO!$X$15,ROW(AH41)-ROW(AH$15),0),\n              ROUND(ROUND(OFFSET($P41,0,AH$13),15-13*ORÇAMENTO!$AF$7)*OFFSET(ORÇAMENTO!$W$15,ROW(AH41)-ROW(AH$15),0),15-13*ORÇAMENTO!$AF$11)),\n         0)","v":0},{"$f":"IF(AND($D41=\"Serviço\",AI$12<>0,$H41>0,OR(AUTOEVENTO<>\"manual\",$M41<>$A$15)),\n        IF(Import.TipoArredondamento<>\"TransfereGOV\",\n              ROUND(OFFSET($P41,0,AI$13),15-13*ORÇAMENTO!$AF$7)/$H41*OFFSET(ORÇAMENTO!$X$15,ROW(AI41)-ROW(AI$15),0),\n              ROUND(ROUND(OFFSET($P41,0,AI$13),15-13*ORÇAMENTO!$AF$7)*OFFSET(ORÇAMENTO!$W$15,ROW(AI41)-ROW(AI$15),0),15-13*ORÇAMENTO!$AF$11)),\n         0)","v":0},{"$f":"IF(AND($D41=\"Serviço\",AJ$12<>0,$H41>0,OR(AUTOEVENTO<>\"manual\",$M41<>$A$15)),\n        IF(Import.TipoArredondamento<>\"TransfereGOV\",\n              ROUND(OFFSET($P41,0,AJ$13),15-13*ORÇAMENTO!$AF$7)/$H41*OFFSET(ORÇAMENTO!$X$15,ROW(AJ41)-ROW(AJ$15),0),\n              ROUND(ROUND(OFFSET($P41,0,AJ$13),15-13*ORÇAMENTO!$AF$7)*OFFSET(ORÇAMENTO!$W$15,ROW(AJ41)-ROW(AJ$15),0),15-13*ORÇAMENTO!$AF$11)),\n         0)","v":0},{"$f":"IF(AND($D41=\"Serviço\",AK$12<>0,$H41>0,OR(AUTOEVENTO<>\"manual\",$M41<>$A$15)),\n        IF(Import.TipoArredondamento<>\"TransfereGOV\",\n              ROUND(OFFSET($P41,0,AK$13),15-13*ORÇAMENTO!$AF$7)/$H41*OFFSET(ORÇAMENTO!$X$15,ROW(AK41)-ROW(AK$15),0),\n              ROUND(ROUND(OFFSET($P41,0,AK$13),15-13*ORÇAMENTO!$AF$7)*OFFSET(ORÇAMENTO!$W$15,ROW(AK41)-ROW(AK$15),0),15-13*ORÇAMENTO!$AF$11)),\n         0)","v":0},null,{"$f":"IF(OR($D41<>\"Serviço\",AND(AUTOEVENTO=\"Manual\",$M41=$A$15)),0,\n         IF(OFFSET(CRONOPLE!$F$15,$M41-$A$15,AM$13)=0,10^12,OFFSET(CRONOPLE!$F$15,$M41-$A$15,AM$13)))","v":1},{"$f":"IF(OR($D41<>\"Serviço\",AND(AUTOEVENTO=\"Manual\",$M41=$A$15)),0,\n         IF(OFFSET(CRONOPLE!$F$15,$M41-$A$15,AN$13)=0,10^12,OFFSET(CRONOPLE!$F$15,$M41-$A$15,AN$13)))","v":2},{"$f":"IF(OR($D41<>\"Serviço\",AND(AUTOEVENTO=\"Manual\",$M41=$A$15)),0,\n         IF(OFFSET(CRONOPLE!$F$15,$M41-$A$15,AO$13)=0,10^12,OFFSET(CRONOPLE!$F$15,$M41-$A$15,AO$13)))","v":1000000000000},{"$f":"IF(OR($D41<>\"Serviço\",AND(AUTOEVENTO=\"Manual\",$M41=$A$15)),0,\n         IF(OFFSET(CRONOPLE!$F$15,$M41-$A$15,AP$13)=0,10^12,OFFSET(CRONOPLE!$F$15,$M41-$A$15,AP$13)))","v":1000000000000},{"$f":"IF(OR($D41<>\"Serviço\",AND(AUTOEVENTO=\"Manual\",$M41=$A$15)),0,\n         IF(OFFSET(CRONOPLE!$F$15,$M41-$A$15,AQ$13)=0,10^12,OFFSET(CRONOPLE!$F$15,$M41-$A$15,AQ$13)))","v":1000000000000},{"$f":"IF(OR($D41<>\"Serviço\",AND(AUTOEVENTO=\"Manual\",$M41=$A$15)),0,\n         IF(OFFSET(CRONOPLE!$F$15,$M41-$A$15,AR$13)=0,10^12,OFFSET(CRONOPLE!$F$15,$M41-$A$15,AR$13)))","v":1000000000000},{"$f":"IF(OR($D41<>\"Serviço\",AND(AUTOEVENTO=\"Manual\",$M41=$A$15)),0,\n         IF(OFFSET(CRONOPLE!$F$15,$M41-$A$15,AS$13)=0,10^12,OFFSET(CRONOPLE!$F$15,$M41-$A$15,AS$13)))","v":1000000000000},{"$f":"IF(OR($D41<>\"Serviço\",AND(AUTOEVENTO=\"Manual\",$M41=$A$15)),0,\n         IF(OFFSET(CRONOPLE!$F$15,$M41-$A$15,AT$13)=0,10^12,OFFSET(CRONOPLE!$F$15,$M41-$A$15,AT$13)))","v":1000000000000},{"$f":"IF(OR($D41<>\"Serviço\",AND(AUTOEVENTO=\"Manual\",$M41=$A$15)),0,\n         IF(OFFSET(CRONOPLE!$F$15,$M41-$A$15,AU$13)=0,10^12,OFFSET(CRONOPLE!$F$15,$M41-$A$15,AU$13)))","v":1000000000000},{"$f":"IF(OR($D41<>\"Serviço\",AND(AUTOEVENTO=\"Manual\",$M41=$A$15)),0,\n         IF(OFFSET(CRONOPLE!$F$15,$M41-$A$15,AV$13)=0,10^12,OFFSET(CRONOPLE!$F$15,$M41-$A$15,AV$13)))","v":1000000000000},null,{"$f":"IF(OR($D41<>\"Serviço\",AND(AUTOEVENTO=\"Manual\",$M41=$A$15),$M41>(ROW(PLE.lastrow)-ROW(PLE.firstrow))),0,\n           IF(OFFSET(PLE!$G$15,$M41-$A$15,AX$13)=\"\",10^12,OFFSET(PLE!$G$15,$M41-$A$15,AX$13)))","v":1000000000000},{"$f":"IF(OR($D41<>\"Serviço\",AND(AUTOEVENTO=\"Manual\",$M41=$A$15),$M41>(ROW(PLE.lastrow)-ROW(PLE.firstrow))),0,\n           IF(OFFSET(PLE!$G$15,$M41-$A$15,AY$13)=\"\",10^12,OFFSET(PLE!$G$15,$M41-$A$15,AY$13)))","v":1000000000000},{"$f":"IF(OR($D41<>\"Serviço\",AND(AUTOEVENTO=\"Manual\",$M41=$A$15),$M41>(ROW(PLE.lastrow)-ROW(PLE.firstrow))),0,\n           IF(OFFSET(PLE!$G$15,$M41-$A$15,AZ$13)=\"\",10^12,OFFSET(PLE!$G$15,$M41-$A$15,AZ$13)))","v":1000000000000},{"$f":"IF(OR($D41<>\"Serviço\",AND(AUTOEVENTO=\"Manual\",$M41=$A$15),$M41>(ROW(PLE.lastrow)-ROW(PLE.firstrow))),0,\n           IF(OFFSET(PLE!$G$15,$M41-$A$15,BA$13)=\"\",10^12,OFFSET(PLE!$G$15,$M41-$A$15,BA$13)))","v":1000000000000},{"$f":"IF(OR($D41<>\"Serviço\",AND(AUTOEVENTO=\"Manual\",$M41=$A$15),$M41>(ROW(PLE.lastrow)-ROW(PLE.firstrow))),0,\n           IF(OFFSET(PLE!$G$15,$M41-$A$15,BB$13)=\"\",10^12,OFFSET(PLE!$G$15,$M41-$A$15,BB$13)))","v":1000000000000},{"$f":"IF(OR($D41<>\"Serviço\",AND(AUTOEVENTO=\"Manual\",$M41=$A$15),$M41>(ROW(PLE.lastrow)-ROW(PLE.firstrow))),0,\n           IF(OFFSET(PLE!$G$15,$M41-$A$15,BC$13)=\"\",10^12,OFFSET(PLE!$G$15,$M41-$A$15,BC$13)))","v":1000000000000},{"$f":"IF(OR($D41<>\"Serviço\",AND(AUTOEVENTO=\"Manual\",$M41=$A$15),$M41>(ROW(PLE.lastrow)-ROW(PLE.firstrow))),0,\n           IF(OFFSET(PLE!$G$15,$M41-$A$15,BD$13)=\"\",10^12,OFFSET(PLE!$G$15,$M41-$A$15,BD$13)))","v":1000000000000},{"$f":"IF(OR($D41<>\"Serviço\",AND(AUTOEVENTO=\"Manual\",$M41=$A$15),$M41>(ROW(PLE.lastrow)-ROW(PLE.firstrow))),0,\n           IF(OFFSET(PLE!$G$15,$M41-$A$15,BE$13)=\"\",10^12,OFFSET(PLE!$G$15,$M41-$A$15,BE$13)))","v":1000000000000},{"$f":"IF(OR($D41<>\"Serviço\",AND(AUTOEVENTO=\"Manual\",$M41=$A$15),$M41>(ROW(PLE.lastrow)-ROW(PLE.firstrow))),0,\n           IF(OFFSET(PLE!$G$15,$M41-$A$15,BF$13)=\"\",10^12,OFFSET(PLE!$G$15,$M41-$A$15,BF$13)))","v":1000000000000},{"$f":"IF(OR($D41<>\"Serviço\",AND(AUTOEVENTO=\"Manual\",$M41=$A$15),$M41>(ROW(PLE.lastrow)-ROW(PLE.firstrow))),0,\n           IF(OFFSET(PLE!$G$15,$M41-$A$15,BG$13)=\"\",10^12,OFFSET(PLE!$G$15,$M41-$A$15,BG$13)))","v":1000000000000}]
["10",{"$f":"OFFSET(ORÇAMENTO!C$15,ROW(B42)-ROW(B$15),0)","v":"S"},{"$f":"OFFSET(ORÇAMENTO!L$15,ROW(C42)-ROW(C$15),0)","v":"F"},{"$f":"OFFSET(ORÇAMENTO!N$15,ROW(D42)-ROW(D$15),0)","v":"Serviço"},{"$f":"OFFSET(ORÇAMENTO!O$15,ROW(E42)-ROW(E$15),0)","v":"1.2.2.10."},{"$f":"OFFSET(ORÇAMENTO!R$15,ROW(F42)-ROW(F$15),0)","v":"EXECUÇÃO DE JUNTA SOLDADA POR ELETROFUSÃO, DE TUBO OU CONEXÃO EM PEAD LISO PARA REDE DE ÁGUA OU ESGOTO, DIÂMETRO DE 63 MM (NÃO INCLUI O FORNECIMENTO DE TUBO E CONEXÃO)."},{"$f":"IF($D42<>\"Serviço\",\"\",OFFSET(ORÇAMENTO!S$15,ROW(G42)-ROW(G$15),0))","v":"UN"},{"$f":"IF($D42<>\"Serviço\",0,IF(ACOMPANHAMENTO=\"BM\",ROUND(OFFSET(ORÇAMENTO!AJ$15,ROW(H42)-ROW(H$15),0),15-13*ORÇAMENTO!$AF$7),SUMPRODUCT(($Q$1:$AA$1=1)*ROUND($Q42:$AA42,15-13*ORÇAMENTO!$AF$7))))","v":6},"Conforme projeto (peça 01)",{"$f":"IF(OR(B42<>\"S\",CÁLCULO.FrentesPreenchidas=0),\"\",IF(AND(ACOMPANHAMENTO=\"PLE\",AUTOEVENTO=\"Manual\",OR(H42>0,ORÇAMENTO!AC42=\"QUANT.\"),OR(K42=\"\",M42=0,N42=\"\")),\"►E\",IF(AND(ACOMPANHAMENTO=\"PLE\",ORÇAMENTO!AC42=\"QUANT.\"),\"►Q\",IF(AND(ACOMPANHAMENTO=\"PLE\",H42<>SUMPRODUCT(($Q$1:$AA$1=1)*ROUND(Q42:AA42,15))),\"►S\",IF(AND(COUNTIF($P$11:$AA$11,\"▼\")=0,H42>0,I42=\"\"),\"◄M\",\"\")))))","v":{"$error":"#NAME?"}},"2. Rede de Distribuição PEAD",".",{"$f":"IF($D42<>\"Serviço\",\"\",\n          IF(AUTOEVENTO=\"manual\",$A42,\n                IF(ISERROR(MATCH($A42,$A$15:OFFSET($A42,-1,0),0)),MAX($M$15:OFFSET(M42,-1,0))+1,\n                      INDEX($M$15:OFFSET(M42,-1,0),MATCH($A42,$A$15:OFFSET($A42,-1,0),0)))))","v":2},{"$f":"IF($D42<>\"Serviço\",\"\",\n         IF(AUTOEVENTO=\"Manual\",\n                IF($A42=0,\"<-- defina o número do agrupador\",\n                       OFFSET(EVENTOS!$D$15,$A42-$A$15,0)),\n                OFFSET($F$15,$A42,0)))","v":"REDE DE DISTRUIBUIÇÃO"},null,null,null,6,null,null,null,null,null,null,null,null,null,{"$f":"IF(AND($D42=\"Serviço\",AB$12<>0,$H42>0,OR(AUTOEVENTO<>\"manual\",$M42<>$A$15)),\n        IF(Import.TipoArredondamento<>\"TransfereGOV\",\n              ROUND(OFFSET($P42,0,AB$13),15-13*ORÇAMENTO!$AF$7)/$H42*OFFSET(ORÇAMENTO!$X$15,ROW(AB42)-ROW(AB$15),0),\n              ROUND(ROUND(OFFSET($P42,0,AB$13),15-13*ORÇAMENTO!$AF$7)*OFFSET(ORÇAMENTO!$W$15,ROW(AB42)-ROW(AB$15),0),15-13*ORÇAMENTO!$AF$11)),\n         0)","v":0},{"$f":"IF(AND($D42=\"Serviço\",AC$12<>0,$H42>0,OR(AUTOEVENTO<>\"manual\",$M42<>$A$15)),\n        IF(Import.TipoArredondamento<>\"TransfereGOV\",\n              ROUND(OFFSET($P42,0,AC$13),15-13*ORÇAMENTO!$AF$7)/$H42*OFFSET(ORÇAMENTO!$X$15,ROW(AC42)-ROW(AC$15),0),\n              ROUND(ROUND(OFFSET($P42,0,AC$13),15-13*ORÇAMENTO!$AF$7)*OFFSET(ORÇAMENTO!$W$15,ROW(AC42)-ROW(AC$15),0),15-13*ORÇAMENTO!$AF$11)),\n         0)","v":168.24},{"$f":"IF(AND($D42=\"Serviço\",AD$12<>0,$H42>0,OR(AUTOEVENTO<>\"manual\",$M42<>$A$15)),\n        IF(Import.TipoArredondamento<>\"TransfereGOV\",\n              ROUND(OFFSET($P42,0,AD$13),15-13*ORÇAMENTO!$AF$7)/$H42*OFFSET(ORÇAMENTO!$X$15,ROW(AD42)-ROW(AD$15),0),\n              ROUND(ROUND(OFFSET($P42,0,AD$13),15-13*ORÇAMENTO!$AF$7)*OFFSET(ORÇAMENTO!$W$15,ROW(AD42)-ROW(AD$15),0),15-13*ORÇAMENTO!$AF$11)),\n         0)","v":0},{"$f":"IF(AND($D42=\"Serviço\",AE$12<>0,$H42>0,OR(AUTOEVENTO<>\"manual\",$M42<>$A$15)),\n        IF(Import.TipoArredondamento<>\"TransfereGOV\",\n              ROUND(OFFSET($P42,0,AE$13),15-13*ORÇAMENTO!$AF$7)/$H42*OFFSET(ORÇAMENTO!$X$15,ROW(AE42)-ROW(AE$15),0),\n              ROUND(ROUND(OFFSET($P42,0,AE$13),15-13*ORÇAMENTO!$AF$7)*OFFSET(ORÇAMENTO!$W$15,ROW(AE42)-ROW(AE$15),0),15-13*ORÇAMENTO!$AF$11)),\n         0)","v":0},{"$f":"IF(AND($D42=\"Serviço\",AF$12<>0,$H42>0,OR(AUTOEVENTO<>\"manual\",$M42<>$A$15)),\n        IF(Import.TipoArredondamento<>\"TransfereGOV\",\n              ROUND(OFFSET($P42,0,AF$13),15-13*ORÇAMENTO!$AF$7)/$H42*OFFSET(ORÇAMENTO!$X$15,ROW(AF42)-ROW(AF$15),0),\n              ROUND(ROUND(OFFSET($P42,0,AF$13),15-13*ORÇAMENTO!$AF$7)*OFFSET(ORÇAMENTO!$W$15,ROW(AF42)-ROW(AF$15),0),15-13*ORÇAMENTO!$AF$11)),\n         0)","v":0},{"$f":"IF(AND($D42=\"Serviço\",AG$12<>0,$H42>0,OR(AUTOEVENTO<>\"manual\",$M42<>$A$15)),\n        IF(Import.TipoArredondamento<>\"TransfereGOV\",\n              ROUND(OFFSET($P42,0,AG$13),15-13*ORÇAMENTO!$AF$7)/$H42*OFFSET(ORÇAMENTO!$X$15,ROW(AG42)-ROW(AG$15),0),\n              ROUND(ROUND(OFFSET($P42,0,AG$13),15-13*ORÇAMENTO!$AF$7)*OFFSET(ORÇAMENTO!$W$15,ROW(AG42)-ROW(AG$15),0),15-13*ORÇAMENTO!$AF$11)),\n         0)","v":0},{"$f":"IF(AND($D42=\"Serviço\",AH$12<>0,$H42>0,OR(AUTOEVENTO<>\"manual\",$M42<>$A$15)),\n        IF(Import.TipoArredondamento<>\"TransfereGOV\",\n              ROUND(OFFSET($P42,0,AH$13),15-13*ORÇAMENTO!$AF$7)/$H42*OFFSET(ORÇAMENTO!$X$15,ROW(AH42)-ROW(AH$15),0),\n              ROUND(ROUND(OFFSET($P42,0,AH$13),15-13*ORÇAMENTO!$AF$7)*OFFSET(ORÇAMENTO!$W$15,ROW(AH42)-ROW(AH$15),0),15-13*ORÇAMENTO!$AF$11)),\n         0)","v":0},{"$f":"IF(AND($D42=\"Serviço\",AI$12<>0,$H42>0,OR(AUTOEVENTO<>\"manual\",$M42<>$A$15)),\n        IF(Import.TipoArredondamento<>\"TransfereGOV\",\n              ROUND(OFFSET($P42,0,AI$13),15-13*ORÇAMENTO!$AF$7)/$H42*OFFSET(ORÇAMENTO!$X$15,ROW(AI42)-ROW(AI$15),0),\n              ROUND(ROUND(OFFSET($P42,0,AI$13),15-13*ORÇAMENTO!$AF$7)*OFFSET(ORÇAMENTO!$W$15,ROW(AI42)-ROW(AI$15),0),15-13*ORÇAMENTO!$AF$11)),\n         0)","v":0},{"$f":"IF(AND($D42=\"Serviço\",AJ$12<>0,$H42>0,OR(AUTOEVENTO<>\"manual\",$M42<>$A$15)),\n        IF(Import.TipoArredondamento<>\"TransfereGOV\",\n              ROUND(OFFSET($P42,0,AJ$13),15-13*ORÇAMENTO!$AF$7)/$H42*OFFSET(ORÇAMENTO!$X$15,ROW(AJ42)-ROW(AJ$15),0),\n              ROUND(ROUND(OFFSET($P42,0,AJ$13),15-13*ORÇAMENTO!$AF$7)*OFFSET(ORÇAMENTO!$W$15,ROW(AJ42)-ROW(AJ$15),0),15-13*ORÇAMENTO!$AF$11)),\n         0)","v":0},{"$f":"IF(AND($D42=\"Serviço\",AK$12<>0,$H42>0,OR(AUTOEVENTO<>\"manual\",$M42<>$A$15)),\n        IF(Import.TipoArredondamento<>\"TransfereGOV\",\n              ROUND(OFFSET($P42,0,AK$13),15-13*ORÇAMENTO!$AF$7)/$H42*OFFSET(ORÇAMENTO!$X$15,ROW(AK42)-ROW(AK$15),0),\n              ROUND(ROUND(OFFSET($P42,0,AK$13),15-13*ORÇAMENTO!$AF$7)*OFFSET(ORÇAMENTO!$W$15,ROW(AK42)-ROW(AK$15),0),15-13*ORÇAMENTO!$AF$11)),\n         0)","v":0},null,{"$f":"IF(OR($D42<>\"Serviço\",AND(AUTOEVENTO=\"Manual\",$M42=$A$15)),0,\n         IF(OFFSET(CRONOPLE!$F$15,$M42-$A$15,AM$13)=0,10^12,OFFSET(CRONOPLE!$F$15,$M42-$A$15,AM$13)))","v":1},{"$f":"IF(OR($D42<>\"Serviço\",AND(AUTOEVENTO=\"Manual\",$M42=$A$15)),0,\n         IF(OFFSET(CRONOPLE!$F$15,$M42-$A$15,AN$13)=0,10^12,OFFSET(CRONOPLE!$F$15,$M42-$A$15,AN$13)))","v":2},{"$f":"IF(OR($D42<>\"Serviço\",AND(AUTOEVENTO=\"Manual\",$M42=$A$15)),0,\n         IF(OFFSET(CRONOPLE!$F$15,$M42-$A$15,AO$13)=0,10^12,OFFSET(CRONOPLE!$F$15,$M42-$A$15,AO$13)))","v":1000000000000},{"$f":"IF(OR($D42<>\"Serviço\",AND(AUTOEVENTO=\"Manual\",$M42=$A$15)),0,\n         IF(OFFSET(CRONOPLE!$F$15,$M42-$A$15,AP$13)=0,10^12,OFFSET(CRONOPLE!$F$15,$M42-$A$15,AP$13)))","v":1000000000000},{"$f":"IF(OR($D42<>\"Serviço\",AND(AUTOEVENTO=\"Manual\",$M42=$A$15)),0,\n         IF(OFFSET(CRONOPLE!$F$15,$M42-$A$15,AQ$13)=0,10^12,OFFSET(CRONOPLE!$F$15,$M42-$A$15,AQ$13)))","v":1000000000000},{"$f":"IF(OR($D42<>\"Serviço\",AND(AUTOEVENTO=\"Manual\",$M42=$A$15)),0,\n         IF(OFFSET(CRONOPLE!$F$15,$M42-$A$15,AR$13)=0,10^12,OFFSET(CRONOPLE!$F$15,$M42-$A$15,AR$13)))","v":1000000000000},{"$f":"IF(OR($D42<>\"Serviço\",AND(AUTOEVENTO=\"Manual\",$M42=$A$15)),0,\n         IF(OFFSET(CRONOPLE!$F$15,$M42-$A$15,AS$13)=0,10^12,OFFSET(CRONOPLE!$F$15,$M42-$A$15,AS$13)))","v":1000000000000},{"$f":"IF(OR($D42<>\"Serviço\",AND(AUTOEVENTO=\"Manual\",$M42=$A$15)),0,\n         IF(OFFSET(CRONOPLE!$F$15,$M42-$A$15,AT$13)=0,10^12,OFFSET(CRONOPLE!$F$15,$M42-$A$15,AT$13)))","v":1000000000000},{"$f":"IF(OR($D42<>\"Serviço\",AND(AUTOEVENTO=\"Manual\",$M42=$A$15)),0,\n         IF(OFFSET(CRONOPLE!$F$15,$M42-$A$15,AU$13)=0,10^12,OFFSET(CRONOPLE!$F$15,$M42-$A$15,AU$13)))","v":1000000000000},{"$f":"IF(OR($D42<>\"Serviço\",AND(AUTOEVENTO=\"Manual\",$M42=$A$15)),0,\n         IF(OFFSET(CRONOPLE!$F$15,$M42-$A$15,AV$13)=0,10^12,OFFSET(CRONOPLE!$F$15,$M42-$A$15,AV$13)))","v":1000000000000},null,{"$f":"IF(OR($D42<>\"Serviço\",AND(AUTOEVENTO=\"Manual\",$M42=$A$15),$M42>(ROW(PLE.lastrow)-ROW(PLE.firstrow))),0,\n           IF(OFFSET(PLE!$G$15,$M42-$A$15,AX$13)=\"\",10^12,OFFSET(PLE!$G$15,$M42-$A$15,AX$13)))","v":1000000000000},{"$f":"IF(OR($D42<>\"Serviço\",AND(AUTOEVENTO=\"Manual\",$M42=$A$15),$M42>(ROW(PLE.lastrow)-ROW(PLE.firstrow))),0,\n           IF(OFFSET(PLE!$G$15,$M42-$A$15,AY$13)=\"\",10^12,OFFSET(PLE!$G$15,$M42-$A$15,AY$13)))","v":1000000000000},{"$f":"IF(OR($D42<>\"Serviço\",AND(AUTOEVENTO=\"Manual\",$M42=$A$15),$M42>(ROW(PLE.lastrow)-ROW(PLE.firstrow))),0,\n           IF(OFFSET(PLE!$G$15,$M42-$A$15,AZ$13)=\"\",10^12,OFFSET(PLE!$G$15,$M42-$A$15,AZ$13)))","v":1000000000000},{"$f":"IF(OR($D42<>\"Serviço\",AND(AUTOEVENTO=\"Manual\",$M42=$A$15),$M42>(ROW(PLE.lastrow)-ROW(PLE.firstrow))),0,\n           IF(OFFSET(PLE!$G$15,$M42-$A$15,BA$13)=\"\",10^12,OFFSET(PLE!$G$15,$M42-$A$15,BA$13)))","v":1000000000000},{"$f":"IF(OR($D42<>\"Serviço\",AND(AUTOEVENTO=\"Manual\",$M42=$A$15),$M42>(ROW(PLE.lastrow)-ROW(PLE.firstrow))),0,\n           IF(OFFSET(PLE!$G$15,$M42-$A$15,BB$13)=\"\",10^12,OFFSET(PLE!$G$15,$M42-$A$15,BB$13)))","v":1000000000000},{"$f":"IF(OR($D42<>\"Serviço\",AND(AUTOEVENTO=\"Manual\",$M42=$A$15),$M42>(ROW(PLE.lastrow)-ROW(PLE.firstrow))),0,\n           IF(OFFSET(PLE!$G$15,$M42-$A$15,BC$13)=\"\",10^12,OFFSET(PLE!$G$15,$M42-$A$15,BC$13)))","v":1000000000000},{"$f":"IF(OR($D42<>\"Serviço\",AND(AUTOEVENTO=\"Manual\",$M42=$A$15),$M42>(ROW(PLE.lastrow)-ROW(PLE.firstrow))),0,\n           IF(OFFSET(PLE!$G$15,$M42-$A$15,BD$13)=\"\",10^12,OFFSET(PLE!$G$15,$M42-$A$15,BD$13)))","v":1000000000000},{"$f":"IF(OR($D42<>\"Serviço\",AND(AUTOEVENTO=\"Manual\",$M42=$A$15),$M42>(ROW(PLE.lastrow)-ROW(PLE.firstrow))),0,\n           IF(OFFSET(PLE!$G$15,$M42-$A$15,BE$13)=\"\",10^12,OFFSET(PLE!$G$15,$M42-$A$15,BE$13)))","v":1000000000000},{"$f":"IF(OR($D42<>\"Serviço\",AND(AUTOEVENTO=\"Manual\",$M42=$A$15),$M42>(ROW(PLE.lastrow)-ROW(PLE.firstrow))),0,\n           IF(OFFSET(PLE!$G$15,$M42-$A$15,BF$13)=\"\",10^12,OFFSET(PLE!$G$15,$M42-$A$15,BF$13)))","v":1000000000000},{"$f":"IF(OR($D42<>\"Serviço\",AND(AUTOEVENTO=\"Manual\",$M42=$A$15),$M42>(ROW(PLE.lastrow)-ROW(PLE.firstrow))),0,\n           IF(OFFSET(PLE!$G$15,$M42-$A$15,BG$13)=\"\",10^12,OFFSET(PLE!$G$15,$M42-$A$15,BG$13)))","v":1000000000000}]
["10",{"$f":"OFFSET(ORÇAMENTO!C$15,ROW(B43)-ROW(B$15),0)","v":"S"},{"$f":"OFFSET(ORÇAMENTO!L$15,ROW(C43)-ROW(C$15),0)","v":""},{"$f":"OFFSET(ORÇAMENTO!N$15,ROW(D43)-ROW(D$15),0)","v":"Serviço"},{"$f":"OFFSET(ORÇAMENTO!O$15,ROW(E43)-ROW(E$15),0)","v":"-"},{"$f":"OFFSET(ORÇAMENTO!R$15,ROW(F43)-ROW(F$15),0)","v":"(Sem Código)"},{"$f":"IF($D43<>\"Serviço\",\"\",OFFSET(ORÇAMENTO!S$15,ROW(G43)-ROW(G$15),0))","v":"-"},{"$f":"IF($D43<>\"Serviço\",0,IF(ACOMPANHAMENTO=\"BM\",ROUND(OFFSET(ORÇAMENTO!AJ$15,ROW(H43)-ROW(H$15),0),15-13*ORÇAMENTO!$AF$7),SUMPRODUCT(($Q$1:$AA$1=1)*ROUND($Q43:$AA43,15-13*ORÇAMENTO!$AF$7))))","v":0},null,{"$f":"IF(OR(B43<>\"S\",CÁLCULO.FrentesPreenchidas=0),\"\",IF(AND(ACOMPANHAMENTO=\"PLE\",AUTOEVENTO=\"Manual\",OR(H43>0,ORÇAMENTO!AC43=\"QUANT.\"),OR(K43=\"\",M43=0,N43=\"\")),\"►E\",IF(AND(ACOMPANHAMENTO=\"PLE\",ORÇAMENTO!AC43=\"QUANT.\"),\"►Q\",IF(AND(ACOMPANHAMENTO=\"PLE\",H43<>SUMPRODUCT(($Q$1:$AA$1=1)*ROUND(Q43:AA43,15))),\"►S\",IF(AND(COUNTIF($P$11:$AA$11,\"▼\")=0,H43>0,I43=\"\"),\"◄M\",\"\")))))","v":{"$error":"#NAME?"}},null,".",{"$f":"IF($D43<>\"Serviço\",\"\",\n          IF(AUTOEVENTO=\"manual\",$A43,\n                IF(ISERROR(MATCH($A43,$A$15:OFFSET($A43,-1,0),0)),MAX($M$15:OFFSET(M43,-1,0))+1,\n                      INDEX($M$15:OFFSET(M43,-1,0),MATCH($A43,$A$15:OFFSET($A43,-1,0),0)))))","v":2},{"$f":"IF($D43<>\"Serviço\",\"\",\n         IF(AUTOEVENTO=\"Manual\",\n                IF($A43=0,\"<-- defina o número do agrupador\",\n                       OFFSET(EVENTOS!$D$15,$A43-$A$15,0)),\n                OFFSET($F$15,$A43,0)))","v":"REDE DE DISTRUIBUIÇÃO"},null,null,null,null,null,null,null,null,null,null,null,null,null,{"$f":"IF(AND($D43=\"Serviço\",AB$12<>0,$H43>0,OR(AUTOEVENTO<>\"manual\",$M43<>$A$15)),\n        IF(Import.TipoArredondamento<>\"TransfereGOV\",\n              ROUND(OFFSET($P43,0,AB$13),15-13*ORÇAMENTO!$AF$7)/$H43*OFFSET(ORÇAMENTO!$X$15,ROW(AB43)-ROW(AB$15),0),\n              ROUND(ROUND(OFFSET($P43,0,AB$13),15-13*ORÇAMENTO!$AF$7)*OFFSET(ORÇAMENTO!$W$15,ROW(AB43)-ROW(AB$15),0),15-13*ORÇAMENTO!$AF$11)),\n         0)","v":0},{"$f":"IF(AND($D43=\"Serviço\",AC$12<>0,$H43>0,OR(AUTOEVENTO<>\"manual\",$M43<>$A$15)),\n        IF(Import.TipoArredondamento<>\"TransfereGOV\",\n              ROUND(OFFSET($P43,0,AC$13),15-13*ORÇAMENTO!$AF$7)/$H43*OFFSET(ORÇAMENTO!$X$15,ROW(AC43)-ROW(AC$15),0),\n              ROUND(ROUND(OFFSET($P43,0,AC$13),15-13*ORÇAMENTO!$AF$7)*OFFSET(ORÇAMENTO!$W$15,ROW(AC43)-ROW(AC$15),0),15-13*ORÇAMENTO!$AF$11)),\n         0)","v":0},{"$f":"IF(AND($D43=\"Serviço\",AD$12<>0,$H43>0,OR(AUTOEVENTO<>\"manual\",$M43<>$A$15)),\n        IF(Import.TipoArredondamento<>\"TransfereGOV\",\n              ROUND(OFFSET($P43,0,AD$13),15-13*ORÇAMENTO!$AF$7)/$H43*OFFSET(ORÇAMENTO!$X$15,ROW(AD43)-ROW(AD$15),0),\n              ROUND(ROUND(OFFSET($P43,0,AD$13),15-13*ORÇAMENTO!$AF$7)*OFFSET(ORÇAMENTO!$W$15,ROW(AD43)-ROW(AD$15),0),15-13*ORÇAMENTO!$AF$11)),\n         0)","v":0},{"$f":"IF(AND($D43=\"Serviço\",AE$12<>0,$H43>0,OR(AUTOEVENTO<>\"manual\",$M43<>$A$15)),\n        IF(Import.TipoArredondamento<>\"TransfereGOV\",\n              ROUND(OFFSET($P43,0,AE$13),15-13*ORÇAMENTO!$AF$7)/$H43*OFFSET(ORÇAMENTO!$X$15,ROW(AE43)-ROW(AE$15),0),\n              ROUND(ROUND(OFFSET($P43,0,AE$13),15-13*ORÇAMENTO!$AF$7)*OFFSET(ORÇAMENTO!$W$15,ROW(AE43)-ROW(AE$15),0),15-13*ORÇAMENTO!$AF$11)),\n         0)","v":0},{"$f":"IF(AND($D43=\"Serviço\",AF$12<>0,$H43>0,OR(AUTOEVENTO<>\"manual\",$M43<>$A$15)),\n        IF(Import.TipoArredondamento<>\"TransfereGOV\",\n              ROUND(OFFSET($P43,0,AF$13),15-13*ORÇAMENTO!$AF$7)/$H43*OFFSET(ORÇAMENTO!$X$15,ROW(AF43)-ROW(AF$15),0),\n              ROUND(ROUND(OFFSET($P43,0,AF$13),15-13*ORÇAMENTO!$AF$7)*OFFSET(ORÇAMENTO!$W$15,ROW(AF43)-ROW(AF$15),0),15-13*ORÇAMENTO!$AF$11)),\n         0)","v":0},{"$f":"IF(AND($D43=\"Serviço\",AG$12<>0,$H43>0,OR(AUTOEVENTO<>\"manual\",$M43<>$A$15)),\n        IF(Import.TipoArredondamento<>\"TransfereGOV\",\n              ROUND(OFFSET($P43,0,AG$13),15-13*ORÇAMENTO!$AF$7)/$H43*OFFSET(ORÇAMENTO!$X$15,ROW(AG43)-ROW(AG$15),0),\n              ROUND(ROUND(OFFSET($P43,0,AG$13),15-13*ORÇAMENTO!$AF$7)*OFFSET(ORÇAMENTO!$W$15,ROW(AG43)-ROW(AG$15),0),15-13*ORÇAMENTO!$AF$11)),\n         0)","v":0},{"$f":"IF(AND($D43=\"Serviço\",AH$12<>0,$H43>0,OR(AUTOEVENTO<>\"manual\",$M43<>$A$15)),\n        IF(Import.TipoArredondamento<>\"TransfereGOV\",\n              ROUND(OFFSET($P43,0,AH$13),15-13*ORÇAMENTO!$AF$7)/$H43*OFFSET(ORÇAMENTO!$X$15,ROW(AH43)-ROW(AH$15),0),\n              ROUND(ROUND(OFFSET($P43,0,AH$13),15-13*ORÇAMENTO!$AF$7)*OFFSET(ORÇAMENTO!$W$15,ROW(AH43)-ROW(AH$15),0),15-13*ORÇAMENTO!$AF$11)),\n         0)","v":0},{"$f":"IF(AND($D43=\"Serviço\",AI$12<>0,$H43>0,OR(AUTOEVENTO<>\"manual\",$M43<>$A$15)),\n        IF(Import.TipoArredondamento<>\"TransfereGOV\",\n              ROUND(OFFSET($P43,0,AI$13),15-13*ORÇAMENTO!$AF$7)/$H43*OFFSET(ORÇAMENTO!$X$15,ROW(AI43)-ROW(AI$15),0),\n              ROUND(ROUND(OFFSET($P43,0,AI$13),15-13*ORÇAMENTO!$AF$7)*OFFSET(ORÇAMENTO!$W$15,ROW(AI43)-ROW(AI$15),0),15-13*ORÇAMENTO!$AF$11)),\n         0)","v":0},{"$f":"IF(AND($D43=\"Serviço\",AJ$12<>0,$H43>0,OR(AUTOEVENTO<>\"manual\",$M43<>$A$15)),\n        IF(Import.TipoArredondamento<>\"TransfereGOV\",\n              ROUND(OFFSET($P43,0,AJ$13),15-13*ORÇAMENTO!$AF$7)/$H43*OFFSET(ORÇAMENTO!$X$15,ROW(AJ43)-ROW(AJ$15),0),\n              ROUND(ROUND(OFFSET($P43,0,AJ$13),15-13*ORÇAMENTO!$AF$7)*OFFSET(ORÇAMENTO!$W$15,ROW(AJ43)-ROW(AJ$15),0),15-13*ORÇAMENTO!$AF$11)),\n         0)","v":0},{"$f":"IF(AND($D43=\"Serviço\",AK$12<>0,$H43>0,OR(AUTOEVENTO<>\"manual\",$M43<>$A$15)),\n        IF(Import.TipoArredondamento<>\"TransfereGOV\",\n              ROUND(OFFSET($P43,0,AK$13),15-13*ORÇAMENTO!$AF$7)/$H43*OFFSET(ORÇAMENTO!$X$15,ROW(AK43)-ROW(AK$15),0),\n              ROUND(ROUND(OFFSET($P43,0,AK$13),15-13*ORÇAMENTO!$AF$7)*OFFSET(ORÇAMENTO!$W$15,ROW(AK43)-ROW(AK$15),0),15-13*ORÇAMENTO!$AF$11)),\n         0)","v":0},null,{"$f":"IF(OR($D43<>\"Serviço\",AND(AUTOEVENTO=\"Manual\",$M43=$A$15)),0,\n         IF(OFFSET(CRONOPLE!$F$15,$M43-$A$15,AM$13)=0,10^12,OFFSET(CRONOPLE!$F$15,$M43-$A$15,AM$13)))","v":1},{"$f":"IF(OR($D43<>\"Serviço\",AND(AUTOEVENTO=\"Manual\",$M43=$A$15)),0,\n         IF(OFFSET(CRONOPLE!$F$15,$M43-$A$15,AN$13)=0,10^12,OFFSET(CRONOPLE!$F$15,$M43-$A$15,AN$13)))","v":2},{"$f":"IF(OR($D43<>\"Serviço\",AND(AUTOEVENTO=\"Manual\",$M43=$A$15)),0,\n         IF(OFFSET(CRONOPLE!$F$15,$M43-$A$15,AO$13)=0,10^12,OFFSET(CRONOPLE!$F$15,$M43-$A$15,AO$13)))","v":1000000000000},{"$f":"IF(OR($D43<>\"Serviço\",AND(AUTOEVENTO=\"Manual\",$M43=$A$15)),0,\n         IF(OFFSET(CRONOPLE!$F$15,$M43-$A$15,AP$13)=0,10^12,OFFSET(CRONOPLE!$F$15,$M43-$A$15,AP$13)))","v":1000000000000},{"$f":"IF(OR($D43<>\"Serviço\",AND(AUTOEVENTO=\"Manual\",$M43=$A$15)),0,\n         IF(OFFSET(CRONOPLE!$F$15,$M43-$A$15,AQ$13)=0,10^12,OFFSET(CRONOPLE!$F$15,$M43-$A$15,AQ$13)))","v":1000000000000},{"$f":"IF(OR($D43<>\"Serviço\",AND(AUTOEVENTO=\"Manual\",$M43=$A$15)),0,\n         IF(OFFSET(CRONOPLE!$F$15,$M43-$A$15,AR$13)=0,10^12,OFFSET(CRONOPLE!$F$15,$M43-$A$15,AR$13)))","v":1000000000000},{"$f":"IF(OR($D43<>\"Serviço\",AND(AUTOEVENTO=\"Manual\",$M43=$A$15)),0,\n         IF(OFFSET(CRONOPLE!$F$15,$M43-$A$15,AS$13)=0,10^12,OFFSET(CRONOPLE!$F$15,$M43-$A$15,AS$13)))","v":1000000000000},{"$f":"IF(OR($D43<>\"Serviço\",AND(AUTOEVENTO=\"Manual\",$M43=$A$15)),0,\n         IF(OFFSET(CRONOPLE!$F$15,$M43-$A$15,AT$13)=0,10^12,OFFSET(CRONOPLE!$F$15,$M43-$A$15,AT$13)))","v":1000000000000},{"$f":"IF(OR($D43<>\"Serviço\",AND(AUTOEVENTO=\"Manual\",$M43=$A$15)),0,\n         IF(OFFSET(CRONOPLE!$F$15,$M43-$A$15,AU$13)=0,10^12,OFFSET(CRONOPLE!$F$15,$M43-$A$15,AU$13)))","v":1000000000000},{"$f":"IF(OR($D43<>\"Serviço\",AND(AUTOEVENTO=\"Manual\",$M43=$A$15)),0,\n         IF(OFFSET(CRONOPLE!$F$15,$M43-$A$15,AV$13)=0,10^12,OFFSET(CRONOPLE!$F$15,$M43-$A$15,AV$13)))","v":1000000000000},null,{"$f":"IF(OR($D43<>\"Serviço\",AND(AUTOEVENTO=\"Manual\",$M43=$A$15),$M43>(ROW(PLE.lastrow)-ROW(PLE.firstrow))),0,\n           IF(OFFSET(PLE!$G$15,$M43-$A$15,AX$13)=\"\",10^12,OFFSET(PLE!$G$15,$M43-$A$15,AX$13)))","v":1000000000000},{"$f":"IF(OR($D43<>\"Serviço\",AND(AUTOEVENTO=\"Manual\",$M43=$A$15),$M43>(ROW(PLE.lastrow)-ROW(PLE.firstrow))),0,\n           IF(OFFSET(PLE!$G$15,$M43-$A$15,AY$13)=\"\",10^12,OFFSET(PLE!$G$15,$M43-$A$15,AY$13)))","v":1000000000000},{"$f":"IF(OR($D43<>\"Serviço\",AND(AUTOEVENTO=\"Manual\",$M43=$A$15),$M43>(ROW(PLE.lastrow)-ROW(PLE.firstrow))),0,\n           IF(OFFSET(PLE!$G$15,$M43-$A$15,AZ$13)=\"\",10^12,OFFSET(PLE!$G$15,$M43-$A$15,AZ$13)))","v":1000000000000},{"$f":"IF(OR($D43<>\"Serviço\",AND(AUTOEVENTO=\"Manual\",$M43=$A$15),$M43>(ROW(PLE.lastrow)-ROW(PLE.firstrow))),0,\n           IF(OFFSET(PLE!$G$15,$M43-$A$15,BA$13)=\"\",10^12,OFFSET(PLE!$G$15,$M43-$A$15,BA$13)))","v":1000000000000},{"$f":"IF(OR($D43<>\"Serviço\",AND(AUTOEVENTO=\"Manual\",$M43=$A$15),$M43>(ROW(PLE.lastrow)-ROW(PLE.firstrow))),0,\n           IF(OFFSET(PLE!$G$15,$M43-$A$15,BB$13)=\"\",10^12,OFFSET(PLE!$G$15,$M43-$A$15,BB$13)))","v":1000000000000},{"$f":"IF(OR($D43<>\"Serviço\",AND(AUTOEVENTO=\"Manual\",$M43=$A$15),$M43>(ROW(PLE.lastrow)-ROW(PLE.firstrow))),0,\n           IF(OFFSET(PLE!$G$15,$M43-$A$15,BC$13)=\"\",10^12,OFFSET(PLE!$G$15,$M43-$A$15,BC$13)))","v":1000000000000},{"$f":"IF(OR($D43<>\"Serviço\",AND(AUTOEVENTO=\"Manual\",$M43=$A$15),$M43>(ROW(PLE.lastrow)-ROW(PLE.firstrow))),0,\n           IF(OFFSET(PLE!$G$15,$M43-$A$15,BD$13)=\"\",10^12,OFFSET(PLE!$G$15,$M43-$A$15,BD$13)))","v":1000000000000},{"$f":"IF(OR($D43<>\"Serviço\",AND(AUTOEVENTO=\"Manual\",$M43=$A$15),$M43>(ROW(PLE.lastrow)-ROW(PLE.firstrow))),0,\n           IF(OFFSET(PLE!$G$15,$M43-$A$15,BE$13)=\"\",10^12,OFFSET(PLE!$G$15,$M43-$A$15,BE$13)))","v":1000000000000},{"$f":"IF(OR($D43<>\"Serviço\",AND(AUTOEVENTO=\"Manual\",$M43=$A$15),$M43>(ROW(PLE.lastrow)-ROW(PLE.firstrow))),0,\n           IF(OFFSET(PLE!$G$15,$M43-$A$15,BF$13)=\"\",10^12,OFFSET(PLE!$G$15,$M43-$A$15,BF$13)))","v":1000000000000},{"$f":"IF(OR($D43<>\"Serviço\",AND(AUTOEVENTO=\"Manual\",$M43=$A$15),$M43>(ROW(PLE.lastrow)-ROW(PLE.firstrow))),0,\n           IF(OFFSET(PLE!$G$15,$M43-$A$15,BG$13)=\"\",10^12,OFFSET(PLE!$G$15,$M43-$A$15,BG$13)))","v":1000000000000}]
["10",{"$f":"OFFSET(ORÇAMENTO!C$15,ROW(B44)-ROW(B$15),0)","v":"S"},{"$f":"OFFSET(ORÇAMENTO!L$15,ROW(C44)-ROW(C$15),0)","v":""},{"$f":"OFFSET(ORÇAMENTO!N$15,ROW(D44)-ROW(D$15),0)","v":"Serviço"},{"$f":"OFFSET(ORÇAMENTO!O$15,ROW(E44)-ROW(E$15),0)","v":"-"},{"$f":"OFFSET(ORÇAMENTO!R$15,ROW(F44)-ROW(F$15),0)","v":"(Sem Código)"},{"$f":"IF($D44<>\"Serviço\",\"\",OFFSET(ORÇAMENTO!S$15,ROW(G44)-ROW(G$15),0))","v":"-"},{"$f":"IF($D44<>\"Serviço\",0,IF(ACOMPANHAMENTO=\"BM\",ROUND(OFFSET(ORÇAMENTO!AJ$15,ROW(H44)-ROW(H$15),0),15-13*ORÇAMENTO!$AF$7),SUMPRODUCT(($Q$1:$AA$1=1)*ROUND($Q44:$AA44,15-13*ORÇAMENTO!$AF$7))))","v":0},null,{"$f":"IF(OR(B44<>\"S\",CÁLCULO.FrentesPreenchidas=0),\"\",IF(AND(ACOMPANHAMENTO=\"PLE\",AUTOEVENTO=\"Manual\",OR(H44>0,ORÇAMENTO!AC44=\"QUANT.\"),OR(K44=\"\",M44=0,N44=\"\")),\"►E\",IF(AND(ACOMPANHAMENTO=\"PLE\",ORÇAMENTO!AC44=\"QUANT.\"),\"►Q\",IF(AND(ACOMPANHAMENTO=\"PLE\",H44<>SUMPRODUCT(($Q$1:$AA$1=1)*ROUND(Q44:AA44,15))),\"►S\",IF(AND(COUNTIF($P$11:$AA$11,\"▼\")=0,H44>0,I44=\"\"),\"◄M\",\"\")))))","v":{"$error":"#NAME?"}},null,".",{"$f":"IF($D44<>\"Serviço\",\"\",\n          IF(AUTOEVENTO=\"manual\",$A44,\n                IF(ISERROR(MATCH($A44,$A$15:OFFSET($A44,-1,0),0)),MAX($M$15:OFFSET(M44,-1,0))+1,\n                      INDEX($M$15:OFFSET(M44,-1,0),MATCH($A44,$A$15:OFFSET($A44,-1,0),0)))))","v":2},{"$f":"IF($D44<>\"Serviço\",\"\",\n         IF(AUTOEVENTO=\"Manual\",\n                IF($A44=0,\"<-- defina o número do agrupador\",\n                       OFFSET(EVENTOS!$D$15,$A44-$A$15,0)),\n                OFFSET($F$15,$A44,0)))","v":"REDE DE DISTRUIBUIÇÃO"},null,null,null,null,null,null,null,null,null,null,null,null,null,{"$f":"IF(AND($D44=\"Serviço\",AB$12<>0,$H44>0,OR(AUTOEVENTO<>\"manual\",$M44<>$A$15)),\n        IF(Import.TipoArredondamento<>\"TransfereGOV\",\n              ROUND(OFFSET($P44,0,AB$13),15-13*ORÇAMENTO!$AF$7)/$H44*OFFSET(ORÇAMENTO!$X$15,ROW(AB44)-ROW(AB$15),0),\n              ROUND(ROUND(OFFSET($P44,0,AB$13),15-13*ORÇAMENTO!$AF$7)*OFFSET(ORÇAMENTO!$W$15,ROW(AB44)-ROW(AB$15),0),15-13*ORÇAMENTO!$AF$11)),\n         0)","v":0},{"$f":"IF(AND($D44=\"Serviço\",AC$12<>0,$H44>0,OR(AUTOEVENTO<>\"manual\",$M44<>$A$15)),\n        IF(Import.TipoArredondamento<>\"TransfereGOV\",\n              ROUND(OFFSET($P44,0,AC$13),15-13*ORÇAMENTO!$AF$7)/$H44*OFFSET(ORÇAMENTO!$X$15,ROW(AC44)-ROW(AC$15),0),\n              ROUND(ROUND(OFFSET($P44,0,AC$13),15-13*ORÇAMENTO!$AF$7)*OFFSET(ORÇAMENTO!$W$15,ROW(AC44)-ROW(AC$15),0),15-13*ORÇAMENTO!$AF$11)),\n         0)","v":0},{"$f":"IF(AND($D44=\"Serviço\",AD$12<>0,$H44>0,OR(AUTOEVENTO<>\"manual\",$M44<>$A$15)),\n        IF(Import.TipoArredondamento<>\"TransfereGOV\",\n              ROUND(OFFSET($P44,0,AD$13),15-13*ORÇAMENTO!$AF$7)/$H44*OFFSET(ORÇAMENTO!$X$15,ROW(AD44)-ROW(AD$15),0),\n              ROUND(ROUND(OFFSET($P44,0,AD$13),15-13*ORÇAMENTO!$AF$7)*OFFSET(ORÇAMENTO!$W$15,ROW(AD44)-ROW(AD$15),0),15-13*ORÇAMENTO!$AF$11)),\n         0)","v":0},{"$f":"IF(AND($D44=\"Serviço\",AE$12<>0,$H44>0,OR(AUTOEVENTO<>\"manual\",$M44<>$A$15)),\n        IF(Import.TipoArredondamento<>\"TransfereGOV\",\n              ROUND(OFFSET($P44,0,AE$13),15-13*ORÇAMENTO!$AF$7)/$H44*OFFSET(ORÇAMENTO!$X$15,ROW(AE44)-ROW(AE$15),0),\n              ROUND(ROUND(OFFSET($P44,0,AE$13),15-13*ORÇAMENTO!$AF$7)*OFFSET(ORÇAMENTO!$W$15,ROW(AE44)-ROW(AE$15),0),15-13*ORÇAMENTO!$AF$11)),\n         0)","v":0},{"$f":"IF(AND($D44=\"Serviço\",AF$12<>0,$H44>0,OR(AUTOEVENTO<>\"manual\",$M44<>$A$15)),\n        IF(Import.TipoArredondamento<>\"TransfereGOV\",\n              ROUND(OFFSET($P44,0,AF$13),15-13*ORÇAMENTO!$AF$7)/$H44*OFFSET(ORÇAMENTO!$X$15,ROW(AF44)-ROW(AF$15),0),\n              ROUND(ROUND(OFFSET($P44,0,AF$13),15-13*ORÇAMENTO!$AF$7)*OFFSET(ORÇAMENTO!$W$15,ROW(AF44)-ROW(AF$15),0),15-13*ORÇAMENTO!$AF$11)),\n         0)","v":0},{"$f":"IF(AND($D44=\"Serviço\",AG$12<>0,$H44>0,OR(AUTOEVENTO<>\"manual\",$M44<>$A$15)),\n        IF(Import.TipoArredondamento<>\"TransfereGOV\",\n              ROUND(OFFSET($P44,0,AG$13),15-13*ORÇAMENTO!$AF$7)/$H44*OFFSET(ORÇAMENTO!$X$15,ROW(AG44)-ROW(AG$15),0),\n              ROUND(ROUND(OFFSET($P44,0,AG$13),15-13*ORÇAMENTO!$AF$7)*OFFSET(ORÇAMENTO!$W$15,ROW(AG44)-ROW(AG$15),0),15-13*ORÇAMENTO!$AF$11)),\n         0)","v":0},{"$f":"IF(AND($D44=\"Serviço\",AH$12<>0,$H44>0,OR(AUTOEVENTO<>\"manual\",$M44<>$A$15)),\n        IF(Import.TipoArredondamento<>\"TransfereGOV\",\n              ROUND(OFFSET($P44,0,AH$13),15-13*ORÇAMENTO!$AF$7)/$H44*OFFSET(ORÇAMENTO!$X$15,ROW(AH44)-ROW(AH$15),0),\n              ROUND(ROUND(OFFSET($P44,0,AH$13),15-13*ORÇAMENTO!$AF$7)*OFFSET(ORÇAMENTO!$W$15,ROW(AH44)-ROW(AH$15),0),15-13*ORÇAMENTO!$AF$11)),\n         0)","v":0},{"$f":"IF(AND($D44=\"Serviço\",AI$12<>0,$H44>0,OR(AUTOEVENTO<>\"manual\",$M44<>$A$15)),\n        IF(Import.TipoArredondamento<>\"TransfereGOV\",\n              ROUND(OFFSET($P44,0,AI$13),15-13*ORÇAMENTO!$AF$7)/$H44*OFFSET(ORÇAMENTO!$X$15,ROW(AI44)-ROW(AI$15),0),\n              ROUND(ROUND(OFFSET($P44,0,AI$13),15-13*ORÇAMENTO!$AF$7)*OFFSET(ORÇAMENTO!$W$15,ROW(AI44)-ROW(AI$15),0),15-13*ORÇAMENTO!$AF$11)),\n         0)","v":0},{"$f":"IF(AND($D44=\"Serviço\",AJ$12<>0,$H44>0,OR(AUTOEVENTO<>\"manual\",$M44<>$A$15)),\n        IF(Import.TipoArredondamento<>\"TransfereGOV\",\n              ROUND(OFFSET($P44,0,AJ$13),15-13*ORÇAMENTO!$AF$7)/$H44*OFFSET(ORÇAMENTO!$X$15,ROW(AJ44)-ROW(AJ$15),0),\n              ROUND(ROUND(OFFSET($P44,0,AJ$13),15-13*ORÇAMENTO!$AF$7)*OFFSET(ORÇAMENTO!$W$15,ROW(AJ44)-ROW(AJ$15),0),15-13*ORÇAMENTO!$AF$11)),\n         0)","v":0},{"$f":"IF(AND($D44=\"Serviço\",AK$12<>0,$H44>0,OR(AUTOEVENTO<>\"manual\",$M44<>$A$15)),\n        IF(Import.TipoArredondamento<>\"TransfereGOV\",\n              ROUND(OFFSET($P44,0,AK$13),15-13*ORÇAMENTO!$AF$7)/$H44*OFFSET(ORÇAMENTO!$X$15,ROW(AK44)-ROW(AK$15),0),\n              ROUND(ROUND(OFFSET($P44,0,AK$13),15-13*ORÇAMENTO!$AF$7)*OFFSET(ORÇAMENTO!$W$15,ROW(AK44)-ROW(AK$15),0),15-13*ORÇAMENTO!$AF$11)),\n         0)","v":0},null,{"$f":"IF(OR($D44<>\"Serviço\",AND(AUTOEVENTO=\"Manual\",$M44=$A$15)),0,\n         IF(OFFSET(CRONOPLE!$F$15,$M44-$A$15,AM$13)=0,10^12,OFFSET(CRONOPLE!$F$15,$M44-$A$15,AM$13)))","v":1},{"$f":"IF(OR($D44<>\"Serviço\",AND(AUTOEVENTO=\"Manual\",$M44=$A$15)),0,\n         IF(OFFSET(CRONOPLE!$F$15,$M44-$A$15,AN$13)=0,10^12,OFFSET(CRONOPLE!$F$15,$M44-$A$15,AN$13)))","v":2},{"$f":"IF(OR($D44<>\"Serviço\",AND(AUTOEVENTO=\"Manual\",$M44=$A$15)),0,\n         IF(OFFSET(CRONOPLE!$F$15,$M44-$A$15,AO$13)=0,10^12,OFFSET(CRONOPLE!$F$15,$M44-$A$15,AO$13)))","v":1000000000000},{"$f":"IF(OR($D44<>\"Serviço\",AND(AUTOEVENTO=\"Manual\",$M44=$A$15)),0,\n         IF(OFFSET(CRONOPLE!$F$15,$M44-$A$15,AP$13)=0,10^12,OFFSET(CRONOPLE!$F$15,$M44-$A$15,AP$13)))","v":1000000000000},{"$f":"IF(OR($D44<>\"Serviço\",AND(AUTOEVENTO=\"Manual\",$M44=$A$15)),0,\n         IF(OFFSET(CRONOPLE!$F$15,$M44-$A$15,AQ$13)=0,10^12,OFFSET(CRONOPLE!$F$15,$M44-$A$15,AQ$13)))","v":1000000000000},{"$f":"IF(OR($D44<>\"Serviço\",AND(AUTOEVENTO=\"Manual\",$M44=$A$15)),0,\n         IF(OFFSET(CRONOPLE!$F$15,$M44-$A$15,AR$13)=0,10^12,OFFSET(CRONOPLE!$F$15,$M44-$A$15,AR$13)))","v":1000000000000},{"$f":"IF(OR($D44<>\"Serviço\",AND(AUTOEVENTO=\"Manual\",$M44=$A$15)),0,\n         IF(OFFSET(CRONOPLE!$F$15,$M44-$A$15,AS$13)=0,10^12,OFFSET(CRONOPLE!$F$15,$M44-$A$15,AS$13)))","v":1000000000000},{"$f":"IF(OR($D44<>\"Serviço\",AND(AUTOEVENTO=\"Manual\",$M44=$A$15)),0,\n         IF(OFFSET(CRONOPLE!$F$15,$M44-$A$15,AT$13)=0,10^12,OFFSET(CRONOPLE!$F$15,$M44-$A$15,AT$13)))","v":1000000000000},{"$f":"IF(OR($D44<>\"Serviço\",AND(AUTOEVENTO=\"Manual\",$M44=$A$15)),0,\n         IF(OFFSET(CRONOPLE!$F$15,$M44-$A$15,AU$13)=0,10^12,OFFSET(CRONOPLE!$F$15,$M44-$A$15,AU$13)))","v":1000000000000},{"$f":"IF(OR($D44<>\"Serviço\",AND(AUTOEVENTO=\"Manual\",$M44=$A$15)),0,\n         IF(OFFSET(CRONOPLE!$F$15,$M44-$A$15,AV$13)=0,10^12,OFFSET(CRONOPLE!$F$15,$M44-$A$15,AV$13)))","v":1000000000000},null,{"$f":"IF(OR($D44<>\"Serviço\",AND(AUTOEVENTO=\"Manual\",$M44=$A$15),$M44>(ROW(PLE.lastrow)-ROW(PLE.firstrow))),0,\n           IF(OFFSET(PLE!$G$15,$M44-$A$15,AX$13)=\"\",10^12,OFFSET(PLE!$G$15,$M44-$A$15,AX$13)))","v":1000000000000},{"$f":"IF(OR($D44<>\"Serviço\",AND(AUTOEVENTO=\"Manual\",$M44=$A$15),$M44>(ROW(PLE.lastrow)-ROW(PLE.firstrow))),0,\n           IF(OFFSET(PLE!$G$15,$M44-$A$15,AY$13)=\"\",10^12,OFFSET(PLE!$G$15,$M44-$A$15,AY$13)))","v":1000000000000},{"$f":"IF(OR($D44<>\"Serviço\",AND(AUTOEVENTO=\"Manual\",$M44=$A$15),$M44>(ROW(PLE.lastrow)-ROW(PLE.firstrow))),0,\n           IF(OFFSET(PLE!$G$15,$M44-$A$15,AZ$13)=\"\",10^12,OFFSET(PLE!$G$15,$M44-$A$15,AZ$13)))","v":1000000000000},{"$f":"IF(OR($D44<>\"Serviço\",AND(AUTOEVENTO=\"Manual\",$M44=$A$15),$M44>(ROW(PLE.lastrow)-ROW(PLE.firstrow))),0,\n           IF(OFFSET(PLE!$G$15,$M44-$A$15,BA$13)=\"\",10^12,OFFSET(PLE!$G$15,$M44-$A$15,BA$13)))","v":1000000000000},{"$f":"IF(OR($D44<>\"Serviço\",AND(AUTOEVENTO=\"Manual\",$M44=$A$15),$M44>(ROW(PLE.lastrow)-ROW(PLE.firstrow))),0,\n           IF(OFFSET(PLE!$G$15,$M44-$A$15,BB$13)=\"\",10^12,OFFSET(PLE!$G$15,$M44-$A$15,BB$13)))","v":1000000000000},{"$f":"IF(OR($D44<>\"Serviço\",AND(AUTOEVENTO=\"Manual\",$M44=$A$15),$M44>(ROW(PLE.lastrow)-ROW(PLE.firstrow))),0,\n           IF(OFFSET(PLE!$G$15,$M44-$A$15,BC$13)=\"\",10^12,OFFSET(PLE!$G$15,$M44-$A$15,BC$13)))","v":1000000000000},{"$f":"IF(OR($D44<>\"Serviço\",AND(AUTOEVENTO=\"Manual\",$M44=$A$15),$M44>(ROW(PLE.lastrow)-ROW(PLE.firstrow))),0,\n           IF(OFFSET(PLE!$G$15,$M44-$A$15,BD$13)=\"\",10^12,OFFSET(PLE!$G$15,$M44-$A$15,BD$13)))","v":1000000000000},{"$f":"IF(OR($D44<>\"Serviço\",AND(AUTOEVENTO=\"Manual\",$M44=$A$15),$M44>(ROW(PLE.lastrow)-ROW(PLE.firstrow))),0,\n           IF(OFFSET(PLE!$G$15,$M44-$A$15,BE$13)=\"\",10^12,OFFSET(PLE!$G$15,$M44-$A$15,BE$13)))","v":1000000000000},{"$f":"IF(OR($D44<>\"Serviço\",AND(AUTOEVENTO=\"Manual\",$M44=$A$15),$M44>(ROW(PLE.lastrow)-ROW(PLE.firstrow))),0,\n           IF(OFFSET(PLE!$G$15,$M44-$A$15,BF$13)=\"\",10^12,OFFSET(PLE!$G$15,$M44-$A$15,BF$13)))","v":1000000000000},{"$f":"IF(OR($D44<>\"Serviço\",AND(AUTOEVENTO=\"Manual\",$M44=$A$15),$M44>(ROW(PLE.lastrow)-ROW(PLE.firstrow))),0,\n           IF(OFFSET(PLE!$G$15,$M44-$A$15,BG$13)=\"\",10^12,OFFSET(PLE!$G$15,$M44-$A$15,BG$13)))","v":1000000000000}]
["10",{"$f":"OFFSET(ORÇAMENTO!C$15,ROW(B45)-ROW(B$15),0)","v":"S"},{"$f":"OFFSET(ORÇAMENTO!L$15,ROW(C45)-ROW(C$15),0)","v":""},{"$f":"OFFSET(ORÇAMENTO!N$15,ROW(D45)-ROW(D$15),0)","v":"Serviço"},{"$f":"OFFSET(ORÇAMENTO!O$15,ROW(E45)-ROW(E$15),0)","v":"-"},{"$f":"OFFSET(ORÇAMENTO!R$15,ROW(F45)-ROW(F$15),0)","v":"(Sem Código)"},{"$f":"IF($D45<>\"Serviço\",\"\",OFFSET(ORÇAMENTO!S$15,ROW(G45)-ROW(G$15),0))","v":"-"},{"$f":"IF($D45<>\"Serviço\",0,IF(ACOMPANHAMENTO=\"BM\",ROUND(OFFSET(ORÇAMENTO!AJ$15,ROW(H45)-ROW(H$15),0),15-13*ORÇAMENTO!$AF$7),SUMPRODUCT(($Q$1:$AA$1=1)*ROUND($Q45:$AA45,15-13*ORÇAMENTO!$AF$7))))","v":0},null,{"$f":"IF(OR(B45<>\"S\",CÁLCULO.FrentesPreenchidas=0),\"\",IF(AND(ACOMPANHAMENTO=\"PLE\",AUTOEVENTO=\"Manual\",OR(H45>0,ORÇAMENTO!AC45=\"QUANT.\"),OR(K45=\"\",M45=0,N45=\"\")),\"►E\",IF(AND(ACOMPANHAMENTO=\"PLE\",ORÇAMENTO!AC45=\"QUANT.\"),\"►Q\",IF(AND(ACOMPANHAMENTO=\"PLE\",H45<>SUMPRODUCT(($Q$1:$AA$1=1)*ROUND(Q45:AA45,15))),\"►S\",IF(AND(COUNTIF($P$11:$AA$11,\"▼\")=0,H45>0,I45=\"\"),\"◄M\",\"\")))))","v":{"$error":"#NAME?"}},null,".",{"$f":"IF($D45<>\"Serviço\",\"\",\n          IF(AUTOEVENTO=\"manual\",$A45,\n                IF(ISERROR(MATCH($A45,$A$15:OFFSET($A45,-1,0),0)),MAX($M$15:OFFSET(M45,-1,0))+1,\n                      INDEX($M$15:OFFSET(M45,-1,0),MATCH($A45,$A$15:OFFSET($A45,-1,0),0)))))","v":2},{"$f":"IF($D45<>\"Serviço\",\"\",\n         IF(AUTOEVENTO=\"Manual\",\n                IF($A45=0,\"<-- defina o número do agrupador\",\n                       OFFSET(EVENTOS!$D$15,$A45-$A$15,0)),\n                OFFSET($F$15,$A45,0)))","v":"REDE DE DISTRUIBUIÇÃO"},null,null,null,null,null,null,null,null,null,null,null,null,null,{"$f":"IF(AND($D45=\"Serviço\",AB$12<>0,$H45>0,OR(AUTOEVENTO<>\"manual\",$M45<>$A$15)),\n        IF(Import.TipoArredondamento<>\"TransfereGOV\",\n              ROUND(OFFSET($P45,0,AB$13),15-13*ORÇAMENTO!$AF$7)/$H45*OFFSET(ORÇAMENTO!$X$15,ROW(AB45)-ROW(AB$15),0),\n              ROUND(ROUND(OFFSET($P45,0,AB$13),15-13*ORÇAMENTO!$AF$7)*OFFSET(ORÇAMENTO!$W$15,ROW(AB45)-ROW(AB$15),0),15-13*ORÇAMENTO!$AF$11)),\n         0)","v":0},{"$f":"IF(AND($D45=\"Serviço\",AC$12<>0,$H45>0,OR(AUTOEVENTO<>\"manual\",$M45<>$A$15)),\n        IF(Import.TipoArredondamento<>\"TransfereGOV\",\n              ROUND(OFFSET($P45,0,AC$13),15-13*ORÇAMENTO!$AF$7)/$H45*OFFSET(ORÇAMENTO!$X$15,ROW(AC45)-ROW(AC$15),0),\n              ROUND(ROUND(OFFSET($P45,0,AC$13),15-13*ORÇAMENTO!$AF$7)*OFFSET(ORÇAMENTO!$W$15,ROW(AC45)-ROW(AC$15),0),15-13*ORÇAMENTO!$AF$11)),\n         0)","v":0},{"$f":"IF(AND($D45=\"Serviço\",AD$12<>0,$H45>0,OR(AUTOEVENTO<>\"manual\",$M45<>$A$15)),\n        IF(Import.TipoArredondamento<>\"TransfereGOV\",\n              ROUND(OFFSET($P45,0,AD$13),15-13*ORÇAMENTO!$AF$7)/$H45*OFFSET(ORÇAMENTO!$X$15,ROW(AD45)-ROW(AD$15),0),\n              ROUND(ROUND(OFFSET($P45,0,AD$13),15-13*ORÇAMENTO!$AF$7)*OFFSET(ORÇAMENTO!$W$15,ROW(AD45)-ROW(AD$15),0),15-13*ORÇAMENTO!$AF$11)),\n         0)","v":0},{"$f":"IF(AND($D45=\"Serviço\",AE$12<>0,$H45>0,OR(AUTOEVENTO<>\"manual\",$M45<>$A$15)),\n        IF(Import.TipoArredondamento<>\"TransfereGOV\",\n              ROUND(OFFSET($P45,0,AE$13),15-13*ORÇAMENTO!$AF$7)/$H45*OFFSET(ORÇAMENTO!$X$15,ROW(AE45)-ROW(AE$15),0),\n              ROUND(ROUND(OFFSET($P45,0,AE$13),15-13*ORÇAMENTO!$AF$7)*OFFSET(ORÇAMENTO!$W$15,ROW(AE45)-ROW(AE$15),0),15-13*ORÇAMENTO!$AF$11)),\n         0)","v":0},{"$f":"IF(AND($D45=\"Serviço\",AF$12<>0,$H45>0,OR(AUTOEVENTO<>\"manual\",$M45<>$A$15)),\n        IF(Import.TipoArredondamento<>\"TransfereGOV\",\n              ROUND(OFFSET($P45,0,AF$13),15-13*ORÇAMENTO!$AF$7)/$H45*OFFSET(ORÇAMENTO!$X$15,ROW(AF45)-ROW(AF$15),0),\n              ROUND(ROUND(OFFSET($P45,0,AF$13),15-13*ORÇAMENTO!$AF$7)*OFFSET(ORÇAMENTO!$W$15,ROW(AF45)-ROW(AF$15),0),15-13*ORÇAMENTO!$AF$11)),\n         0)","v":0},{"$f":"IF(AND($D45=\"Serviço\",AG$12<>0,$H45>0,OR(AUTOEVENTO<>\"manual\",$M45<>$A$15)),\n        IF(Import.TipoArredondamento<>\"TransfereGOV\",\n              ROUND(OFFSET($P45,0,AG$13),15-13*ORÇAMENTO!$AF$7)/$H45*OFFSET(ORÇAMENTO!$X$15,ROW(AG45)-ROW(AG$15),0),\n              ROUND(ROUND(OFFSET($P45,0,AG$13),15-13*ORÇAMENTO!$AF$7)*OFFSET(ORÇAMENTO!$W$15,ROW(AG45)-ROW(AG$15),0),15-13*ORÇAMENTO!$AF$11)),\n         0)","v":0},{"$f":"IF(AND($D45=\"Serviço\",AH$12<>0,$H45>0,OR(AUTOEVENTO<>\"manual\",$M45<>$A$15)),\n        IF(Import.TipoArredondamento<>\"TransfereGOV\",\n              ROUND(OFFSET($P45,0,AH$13),15-13*ORÇAMENTO!$AF$7)/$H45*OFFSET(ORÇAMENTO!$X$15,ROW(AH45)-ROW(AH$15),0),\n              ROUND(ROUND(OFFSET($P45,0,AH$13),15-13*ORÇAMENTO!$AF$7)*OFFSET(ORÇAMENTO!$W$15,ROW(AH45)-ROW(AH$15),0),15-13*ORÇAMENTO!$AF$11)),\n         0)","v":0},{"$f":"IF(AND($D45=\"Serviço\",AI$12<>0,$H45>0,OR(AUTOEVENTO<>\"manual\",$M45<>$A$15)),\n        IF(Import.TipoArredondamento<>\"TransfereGOV\",\n              ROUND(OFFSET($P45,0,AI$13),15-13*ORÇAMENTO!$AF$7)/$H45*OFFSET(ORÇAMENTO!$X$15,ROW(AI45)-ROW(AI$15),0),\n              ROUND(ROUND(OFFSET($P45,0,AI$13),15-13*ORÇAMENTO!$AF$7)*OFFSET(ORÇAMENTO!$W$15,ROW(AI45)-ROW(AI$15),0),15-13*ORÇAMENTO!$AF$11)),\n         0)","v":0},{"$f":"IF(AND($D45=\"Serviço\",AJ$12<>0,$H45>0,OR(AUTOEVENTO<>\"manual\",$M45<>$A$15)),\n        IF(Import.TipoArredondamento<>\"TransfereGOV\",\n              ROUND(OFFSET($P45,0,AJ$13),15-13*ORÇAMENTO!$AF$7)/$H45*OFFSET(ORÇAMENTO!$X$15,ROW(AJ45)-ROW(AJ$15),0),\n              ROUND(ROUND(OFFSET($P45,0,AJ$13),15-13*ORÇAMENTO!$AF$7)*OFFSET(ORÇAMENTO!$W$15,ROW(AJ45)-ROW(AJ$15),0),15-13*ORÇAMENTO!$AF$11)),\n         0)","v":0},{"$f":"IF(AND($D45=\"Serviço\",AK$12<>0,$H45>0,OR(AUTOEVENTO<>\"manual\",$M45<>$A$15)),\n        IF(Import.TipoArredondamento<>\"TransfereGOV\",\n              ROUND(OFFSET($P45,0,AK$13),15-13*ORÇAMENTO!$AF$7)/$H45*OFFSET(ORÇAMENTO!$X$15,ROW(AK45)-ROW(AK$15),0),\n              ROUND(ROUND(OFFSET($P45,0,AK$13),15-13*ORÇAMENTO!$AF$7)*OFFSET(ORÇAMENTO!$W$15,ROW(AK45)-ROW(AK$15),0),15-13*ORÇAMENTO!$AF$11)),\n         0)","v":0},null,{"$f":"IF(OR($D45<>\"Serviço\",AND(AUTOEVENTO=\"Manual\",$M45=$A$15)),0,\n         IF(OFFSET(CRONOPLE!$F$15,$M45-$A$15,AM$13)=0,10^12,OFFSET(CRONOPLE!$F$15,$M45-$A$15,AM$13)))","v":1},{"$f":"IF(OR($D45<>\"Serviço\",AND(AUTOEVENTO=\"Manual\",$M45=$A$15)),0,\n         IF(OFFSET(CRONOPLE!$F$15,$M45-$A$15,AN$13)=0,10^12,OFFSET(CRONOPLE!$F$15,$M45-$A$15,AN$13)))","v":2},{"$f":"IF(OR($D45<>\"Serviço\",AND(AUTOEVENTO=\"Manual\",$M45=$A$15)),0,\n         IF(OFFSET(CRONOPLE!$F$15,$M45-$A$15,AO$13)=0,10^12,OFFSET(CRONOPLE!$F$15,$M45-$A$15,AO$13)))","v":1000000000000},{"$f":"IF(OR($D45<>\"Serviço\",AND(AUTOEVENTO=\"Manual\",$M45=$A$15)),0,\n         IF(OFFSET(CRONOPLE!$F$15,$M45-$A$15,AP$13)=0,10^12,OFFSET(CRONOPLE!$F$15,$M45-$A$15,AP$13)))","v":1000000000000},{"$f":"IF(OR($D45<>\"Serviço\",AND(AUTOEVENTO=\"Manual\",$M45=$A$15)),0,\n         IF(OFFSET(CRONOPLE!$F$15,$M45-$A$15,AQ$13)=0,10^12,OFFSET(CRONOPLE!$F$15,$M45-$A$15,AQ$13)))","v":1000000000000},{"$f":"IF(OR($D45<>\"Serviço\",AND(AUTOEVENTO=\"Manual\",$M45=$A$15)),0,\n         IF(OFFSET(CRONOPLE!$F$15,$M45-$A$15,AR$13)=0,10^12,OFFSET(CRONOPLE!$F$15,$M45-$A$15,AR$13)))","v":1000000000000},{"$f":"IF(OR($D45<>\"Serviço\",AND(AUTOEVENTO=\"Manual\",$M45=$A$15)),0,\n         IF(OFFSET(CRONOPLE!$F$15,$M45-$A$15,AS$13)=0,10^12,OFFSET(CRONOPLE!$F$15,$M45-$A$15,AS$13)))","v":1000000000000},{"$f":"IF(OR($D45<>\"Serviço\",AND(AUTOEVENTO=\"Manual\",$M45=$A$15)),0,\n         IF(OFFSET(CRONOPLE!$F$15,$M45-$A$15,AT$13)=0,10^12,OFFSET(CRONOPLE!$F$15,$M45-$A$15,AT$13)))","v":1000000000000},{"$f":"IF(OR($D45<>\"Serviço\",AND(AUTOEVENTO=\"Manual\",$M45=$A$15)),0,\n         IF(OFFSET(CRONOPLE!$F$15,$M45-$A$15,AU$13)=0,10^12,OFFSET(CRONOPLE!$F$15,$M45-$A$15,AU$13)))","v":1000000000000},{"$f":"IF(OR($D45<>\"Serviço\",AND(AUTOEVENTO=\"Manual\",$M45=$A$15)),0,\n         IF(OFFSET(CRONOPLE!$F$15,$M45-$A$15,AV$13)=0,10^12,OFFSET(CRONOPLE!$F$15,$M45-$A$15,AV$13)))","v":1000000000000},null,{"$f":"IF(OR($D45<>\"Serviço\",AND(AUTOEVENTO=\"Manual\",$M45=$A$15),$M45>(ROW(PLE.lastrow)-ROW(PLE.firstrow))),0,\n           IF(OFFSET(PLE!$G$15,$M45-$A$15,AX$13)=\"\",10^12,OFFSET(PLE!$G$15,$M45-$A$15,AX$13)))","v":1000000000000},{"$f":"IF(OR($D45<>\"Serviço\",AND(AUTOEVENTO=\"Manual\",$M45=$A$15),$M45>(ROW(PLE.lastrow)-ROW(PLE.firstrow))),0,\n           IF(OFFSET(PLE!$G$15,$M45-$A$15,AY$13)=\"\",10^12,OFFSET(PLE!$G$15,$M45-$A$15,AY$13)))","v":1000000000000},{"$f":"IF(OR($D45<>\"Serviço\",AND(AUTOEVENTO=\"Manual\",$M45=$A$15),$M45>(ROW(PLE.lastrow)-ROW(PLE.firstrow))),0,\n           IF(OFFSET(PLE!$G$15,$M45-$A$15,AZ$13)=\"\",10^12,OFFSET(PLE!$G$15,$M45-$A$15,AZ$13)))","v":1000000000000},{"$f":"IF(OR($D45<>\"Serviço\",AND(AUTOEVENTO=\"Manual\",$M45=$A$15),$M45>(ROW(PLE.lastrow)-ROW(PLE.firstrow))),0,\n           IF(OFFSET(PLE!$G$15,$M45-$A$15,BA$13)=\"\",10^12,OFFSET(PLE!$G$15,$M45-$A$15,BA$13)))","v":1000000000000},{"$f":"IF(OR($D45<>\"Serviço\",AND(AUTOEVENTO=\"Manual\",$M45=$A$15),$M45>(ROW(PLE.lastrow)-ROW(PLE.firstrow))),0,\n           IF(OFFSET(PLE!$G$15,$M45-$A$15,BB$13)=\"\",10^12,OFFSET(PLE!$G$15,$M45-$A$15,BB$13)))","v":1000000000000},{"$f":"IF(OR($D45<>\"Serviço\",AND(AUTOEVENTO=\"Manual\",$M45=$A$15),$M45>(ROW(PLE.lastrow)-ROW(PLE.firstrow))),0,\n           IF(OFFSET(PLE!$G$15,$M45-$A$15,BC$13)=\"\",10^12,OFFSET(PLE!$G$15,$M45-$A$15,BC$13)))","v":1000000000000},{"$f":"IF(OR($D45<>\"Serviço\",AND(AUTOEVENTO=\"Manual\",$M45=$A$15),$M45>(ROW(PLE.lastrow)-ROW(PLE.firstrow))),0,\n           IF(OFFSET(PLE!$G$15,$M45-$A$15,BD$13)=\"\",10^12,OFFSET(PLE!$G$15,$M45-$A$15,BD$13)))","v":1000000000000},{"$f":"IF(OR($D45<>\"Serviço\",AND(AUTOEVENTO=\"Manual\",$M45=$A$15),$M45>(ROW(PLE.lastrow)-ROW(PLE.firstrow))),0,\n           IF(OFFSET(PLE!$G$15,$M45-$A$15,BE$13)=\"\",10^12,OFFSET(PLE!$G$15,$M45-$A$15,BE$13)))","v":1000000000000},{"$f":"IF(OR($D45<>\"Serviço\",AND(AUTOEVENTO=\"Manual\",$M45=$A$15),$M45>(ROW(PLE.lastrow)-ROW(PLE.firstrow))),0,\n           IF(OFFSET(PLE!$G$15,$M45-$A$15,BF$13)=\"\",10^12,OFFSET(PLE!$G$15,$M45-$A$15,BF$13)))","v":1000000000000},{"$f":"IF(OR($D45<>\"Serviço\",AND(AUTOEVENTO=\"Manual\",$M45=$A$15),$M45>(ROW(PLE.lastrow)-ROW(PLE.firstrow))),0,\n           IF(OFFSET(PLE!$G$15,$M45-$A$15,BG$13)=\"\",10^12,OFFSET(PLE!$G$15,$M45-$A$15,BG$13)))","v":1000000000000}]
["10",{"$f":"OFFSET(ORÇAMENTO!C$15,ROW(B46)-ROW(B$15),0)","v":"S"},{"$f":"OFFSET(ORÇAMENTO!L$15,ROW(C46)-ROW(C$15),0)","v":""},{"$f":"OFFSET(ORÇAMENTO!N$15,ROW(D46)-ROW(D$15),0)","v":"Serviço"},{"$f":"OFFSET(ORÇAMENTO!O$15,ROW(E46)-ROW(E$15),0)","v":"-"},{"$f":"OFFSET(ORÇAMENTO!R$15,ROW(F46)-ROW(F$15),0)","v":"(Sem Código)"},{"$f":"IF($D46<>\"Serviço\",\"\",OFFSET(ORÇAMENTO!S$15,ROW(G46)-ROW(G$15),0))","v":"-"},{"$f":"IF($D46<>\"Serviço\",0,IF(ACOMPANHAMENTO=\"BM\",ROUND(OFFSET(ORÇAMENTO!AJ$15,ROW(H46)-ROW(H$15),0),15-13*ORÇAMENTO!$AF$7),SUMPRODUCT(($Q$1:$AA$1=1)*ROUND($Q46:$AA46,15-13*ORÇAMENTO!$AF$7))))","v":0},null,{"$f":"IF(OR(B46<>\"S\",CÁLCULO.FrentesPreenchidas=0),\"\",IF(AND(ACOMPANHAMENTO=\"PLE\",AUTOEVENTO=\"Manual\",OR(H46>0,ORÇAMENTO!AC46=\"QUANT.\"),OR(K46=\"\",M46=0,N46=\"\")),\"►E\",IF(AND(ACOMPANHAMENTO=\"PLE\",ORÇAMENTO!AC46=\"QUANT.\"),\"►Q\",IF(AND(ACOMPANHAMENTO=\"PLE\",H46<>SUMPRODUCT(($Q$1:$AA$1=1)*ROUND(Q46:AA46,15))),\"►S\",IF(AND(COUNTIF($P$11:$AA$11,\"▼\")=0,H46>0,I46=\"\"),\"◄M\",\"\")))))","v":{"$error":"#NAME?"}},null,".",{"$f":"IF($D46<>\"Serviço\",\"\",\n          IF(AUTOEVENTO=\"manual\",$A46,\n                IF(ISERROR(MATCH($A46,$A$15:OFFSET($A46,-1,0),0)),MAX($M$15:OFFSET(M46,-1,0))+1,\n                      INDEX($M$15:OFFSET(M46,-1,0),MATCH($A46,$A$15:OFFSET($A46,-1,0),0)))))","v":2},{"$f":"IF($D46<>\"Serviço\",\"\",\n         IF(AUTOEVENTO=\"Manual\",\n                IF($A46=0,\"<-- defina o número do agrupador\",\n                       OFFSET(EVENTOS!$D$15,$A46-$A$15,0)),\n                OFFSET($F$15,$A46,0)))","v":"REDE DE DISTRUIBUIÇÃO"},null,null,null,null,null,null,null,null,null,null,null,null,null,{"$f":"IF(AND($D46=\"Serviço\",AB$12<>0,$H46>0,OR(AUTOEVENTO<>\"manual\",$M46<>$A$15)),\n        IF(Import.TipoArredondamento<>\"TransfereGOV\",\n              ROUND(OFFSET($P46,0,AB$13),15-13*ORÇAMENTO!$AF$7)/$H46*OFFSET(ORÇAMENTO!$X$15,ROW(AB46)-ROW(AB$15),0),\n              ROUND(ROUND(OFFSET($P46,0,AB$13),15-13*ORÇAMENTO!$AF$7)*OFFSET(ORÇAMENTO!$W$15,ROW(AB46)-ROW(AB$15),0),15-13*ORÇAMENTO!$AF$11)),\n         0)","v":0},{"$f":"IF(AND($D46=\"Serviço\",AC$12<>0,$H46>0,OR(AUTOEVENTO<>\"manual\",$M46<>$A$15)),\n        IF(Import.TipoArredondamento<>\"TransfereGOV\",\n              ROUND(OFFSET($P46,0,AC$13),15-13*ORÇAMENTO!$AF$7)/$H46*OFFSET(ORÇAMENTO!$X$15,ROW(AC46)-ROW(AC$15),0),\n              ROUND(ROUND(OFFSET($P46,0,AC$13),15-13*ORÇAMENTO!$AF$7)*OFFSET(ORÇAMENTO!$W$15,ROW(AC46)-ROW(AC$15),0),15-13*ORÇAMENTO!$AF$11)),\n         0)","v":0},{"$f":"IF(AND($D46=\"Serviço\",AD$12<>0,$H46>0,OR(AUTOEVENTO<>\"manual\",$M46<>$A$15)),\n        IF(Import.TipoArredondamento<>\"TransfereGOV\",\n              ROUND(OFFSET($P46,0,AD$13),15-13*ORÇAMENTO!$AF$7)/$H46*OFFSET(ORÇAMENTO!$X$15,ROW(AD46)-ROW(AD$15),0),\n              ROUND(ROUND(OFFSET($P46,0,AD$13),15-13*ORÇAMENTO!$AF$7)*OFFSET(ORÇAMENTO!$W$15,ROW(AD46)-ROW(AD$15),0),15-13*ORÇAMENTO!$AF$11)),\n         0)","v":0},{"$f":"IF(AND($D46=\"Serviço\",AE$12<>0,$H46>0,OR(AUTOEVENTO<>\"manual\",$M46<>$A$15)),\n        IF(Import.TipoArredondamento<>\"TransfereGOV\",\n              ROUND(OFFSET($P46,0,AE$13),15-13*ORÇAMENTO!$AF$7)/$H46*OFFSET(ORÇAMENTO!$X$15,ROW(AE46)-ROW(AE$15),0),\n              ROUND(ROUND(OFFSET($P46,0,AE$13),15-13*ORÇAMENTO!$AF$7)*OFFSET(ORÇAMENTO!$W$15,ROW(AE46)-ROW(AE$15),0),15-13*ORÇAMENTO!$AF$11)),\n         0)","v":0},{"$f":"IF(AND($D46=\"Serviço\",AF$12<>0,$H46>0,OR(AUTOEVENTO<>\"manual\",$M46<>$A$15)),\n        IF(Import.TipoArredondamento<>\"TransfereGOV\",\n              ROUND(OFFSET($P46,0,AF$13),15-13*ORÇAMENTO!$AF$7)/$H46*OFFSET(ORÇAMENTO!$X$15,ROW(AF46)-ROW(AF$15),0),\n              ROUND(ROUND(OFFSET($P46,0,AF$13),15-13*ORÇAMENTO!$AF$7)*OFFSET(ORÇAMENTO!$W$15,ROW(AF46)-ROW(AF$15),0),15-13*ORÇAMENTO!$AF$11)),\n         0)","v":0},{"$f":"IF(AND($D46=\"Serviço\",AG$12<>0,$H46>0,OR(AUTOEVENTO<>\"manual\",$M46<>$A$15)),\n        IF(Import.TipoArredondamento<>\"TransfereGOV\",\n              ROUND(OFFSET($P46,0,AG$13),15-13*ORÇAMENTO!$AF$7)/$H46*OFFSET(ORÇAMENTO!$X$15,ROW(AG46)-ROW(AG$15),0),\n              ROUND(ROUND(OFFSET($P46,0,AG$13),15-13*ORÇAMENTO!$AF$7)*OFFSET(ORÇAMENTO!$W$15,ROW(AG46)-ROW(AG$15),0),15-13*ORÇAMENTO!$AF$11)),\n         0)","v":0},{"$f":"IF(AND($D46=\"Serviço\",AH$12<>0,$H46>0,OR(AUTOEVENTO<>\"manual\",$M46<>$A$15)),\n        IF(Import.TipoArredondamento<>\"TransfereGOV\",\n              ROUND(OFFSET($P46,0,AH$13),15-13*ORÇAMENTO!$AF$7)/$H46*OFFSET(ORÇAMENTO!$X$15,ROW(AH46)-ROW(AH$15),0),\n              ROUND(ROUND(OFFSET($P46,0,AH$13),15-13*ORÇAMENTO!$AF$7)*OFFSET(ORÇAMENTO!$W$15,ROW(AH46)-ROW(AH$15),0),15-13*ORÇAMENTO!$AF$11)),\n         0)","v":0},{"$f":"IF(AND($D46=\"Serviço\",AI$12<>0,$H46>0,OR(AUTOEVENTO<>\"manual\",$M46<>$A$15)),\n        IF(Import.TipoArredondamento<>\"TransfereGOV\",\n              ROUND(OFFSET($P46,0,AI$13),15-13*ORÇAMENTO!$AF$7)/$H46*OFFSET(ORÇAMENTO!$X$15,ROW(AI46)-ROW(AI$15),0),\n              ROUND(ROUND(OFFSET($P46,0,AI$13),15-13*ORÇAMENTO!$AF$7)*OFFSET(ORÇAMENTO!$W$15,ROW(AI46)-ROW(AI$15),0),15-13*ORÇAMENTO!$AF$11)),\n         0)","v":0},{"$f":"IF(AND($D46=\"Serviço\",AJ$12<>0,$H46>0,OR(AUTOEVENTO<>\"manual\",$M46<>$A$15)),\n        IF(Import.TipoArredondamento<>\"TransfereGOV\",\n              ROUND(OFFSET($P46,0,AJ$13),15-13*ORÇAMENTO!$AF$7)/$H46*OFFSET(ORÇAMENTO!$X$15,ROW(AJ46)-ROW(AJ$15),0),\n              ROUND(ROUND(OFFSET($P46,0,AJ$13),15-13*ORÇAMENTO!$AF$7)*OFFSET(ORÇAMENTO!$W$15,ROW(AJ46)-ROW(AJ$15),0),15-13*ORÇAMENTO!$AF$11)),\n         0)","v":0},{"$f":"IF(AND($D46=\"Serviço\",AK$12<>0,$H46>0,OR(AUTOEVENTO<>\"manual\",$M46<>$A$15)),\n        IF(Import.TipoArredondamento<>\"TransfereGOV\",\n              ROUND(OFFSET($P46,0,AK$13),15-13*ORÇAMENTO!$AF$7)/$H46*OFFSET(ORÇAMENTO!$X$15,ROW(AK46)-ROW(AK$15),0),\n              ROUND(ROUND(OFFSET($P46,0,AK$13),15-13*ORÇAMENTO!$AF$7)*OFFSET(ORÇAMENTO!$W$15,ROW(AK46)-ROW(AK$15),0),15-13*ORÇAMENTO!$AF$11)),\n         0)","v":0},null,{"$f":"IF(OR($D46<>\"Serviço\",AND(AUTOEVENTO=\"Manual\",$M46=$A$15)),0,\n         IF(OFFSET(CRONOPLE!$F$15,$M46-$A$15,AM$13)=0,10^12,OFFSET(CRONOPLE!$F$15,$M46-$A$15,AM$13)))","v":1},{"$f":"IF(OR($D46<>\"Serviço\",AND(AUTOEVENTO=\"Manual\",$M46=$A$15)),0,\n         IF(OFFSET(CRONOPLE!$F$15,$M46-$A$15,AN$13)=0,10^12,OFFSET(CRONOPLE!$F$15,$M46-$A$15,AN$13)))","v":2},{"$f":"IF(OR($D46<>\"Serviço\",AND(AUTOEVENTO=\"Manual\",$M46=$A$15)),0,\n         IF(OFFSET(CRONOPLE!$F$15,$M46-$A$15,AO$13)=0,10^12,OFFSET(CRONOPLE!$F$15,$M46-$A$15,AO$13)))","v":1000000000000},{"$f":"IF(OR($D46<>\"Serviço\",AND(AUTOEVENTO=\"Manual\",$M46=$A$15)),0,\n         IF(OFFSET(CRONOPLE!$F$15,$M46-$A$15,AP$13)=0,10^12,OFFSET(CRONOPLE!$F$15,$M46-$A$15,AP$13)))","v":1000000000000},{"$f":"IF(OR($D46<>\"Serviço\",AND(AUTOEVENTO=\"Manual\",$M46=$A$15)),0,\n         IF(OFFSET(CRONOPLE!$F$15,$M46-$A$15,AQ$13)=0,10^12,OFFSET(CRONOPLE!$F$15,$M46-$A$15,AQ$13)))","v":1000000000000},{"$f":"IF(OR($D46<>\"Serviço\",AND(AUTOEVENTO=\"Manual\",$M46=$A$15)),0,\n         IF(OFFSET(CRONOPLE!$F$15,$M46-$A$15,AR$13)=0,10^12,OFFSET(CRONOPLE!$F$15,$M46-$A$15,AR$13)))","v":1000000000000},{"$f":"IF(OR($D46<>\"Serviço\",AND(AUTOEVENTO=\"Manual\",$M46=$A$15)),0,\n         IF(OFFSET(CRONOPLE!$F$15,$M46-$A$15,AS$13)=0,10^12,OFFSET(CRONOPLE!$F$15,$M46-$A$15,AS$13)))","v":1000000000000},{"$f":"IF(OR($D46<>\"Serviço\",AND(AUTOEVENTO=\"Manual\",$M46=$A$15)),0,\n         IF(OFFSET(CRONOPLE!$F$15,$M46-$A$15,AT$13)=0,10^12,OFFSET(CRONOPLE!$F$15,$M46-$A$15,AT$13)))","v":1000000000000},{"$f":"IF(OR($D46<>\"Serviço\",AND(AUTOEVENTO=\"Manual\",$M46=$A$15)),0,\n         IF(OFFSET(CRONOPLE!$F$15,$M46-$A$15,AU$13)=0,10^12,OFFSET(CRONOPLE!$F$15,$M46-$A$15,AU$13)))","v":1000000000000},{"$f":"IF(OR($D46<>\"Serviço\",AND(AUTOEVENTO=\"Manual\",$M46=$A$15)),0,\n         IF(OFFSET(CRONOPLE!$F$15,$M46-$A$15,AV$13)=0,10^12,OFFSET(CRONOPLE!$F$15,$M46-$A$15,AV$13)))","v":1000000000000},null,{"$f":"IF(OR($D46<>\"Serviço\",AND(AUTOEVENTO=\"Manual\",$M46=$A$15),$M46>(ROW(PLE.lastrow)-ROW(PLE.firstrow))),0,\n           IF(OFFSET(PLE!$G$15,$M46-$A$15,AX$13)=\"\",10^12,OFFSET(PLE!$G$15,$M46-$A$15,AX$13)))","v":1000000000000},{"$f":"IF(OR($D46<>\"Serviço\",AND(AUTOEVENTO=\"Manual\",$M46=$A$15),$M46>(ROW(PLE.lastrow)-ROW(PLE.firstrow))),0,\n           IF(OFFSET(PLE!$G$15,$M46-$A$15,AY$13)=\"\",10^12,OFFSET(PLE!$G$15,$M46-$A$15,AY$13)))","v":1000000000000},{"$f":"IF(OR($D46<>\"Serviço\",AND(AUTOEVENTO=\"Manual\",$M46=$A$15),$M46>(ROW(PLE.lastrow)-ROW(PLE.firstrow))),0,\n           IF(OFFSET(PLE!$G$15,$M46-$A$15,AZ$13)=\"\",10^12,OFFSET(PLE!$G$15,$M46-$A$15,AZ$13)))","v":1000000000000},{"$f":"IF(OR($D46<>\"Serviço\",AND(AUTOEVENTO=\"Manual\",$M46=$A$15),$M46>(ROW(PLE.lastrow)-ROW(PLE.firstrow))),0,\n           IF(OFFSET(PLE!$G$15,$M46-$A$15,BA$13)=\"\",10^12,OFFSET(PLE!$G$15,$M46-$A$15,BA$13)))","v":1000000000000},{"$f":"IF(OR($D46<>\"Serviço\",AND(AUTOEVENTO=\"Manual\",$M46=$A$15),$M46>(ROW(PLE.lastrow)-ROW(PLE.firstrow))),0,\n           IF(OFFSET(PLE!$G$15,$M46-$A$15,BB$13)=\"\",10^12,OFFSET(PLE!$G$15,$M46-$A$15,BB$13)))","v":1000000000000},{"$f":"IF(OR($D46<>\"Serviço\",AND(AUTOEVENTO=\"Manual\",$M46=$A$15),$M46>(ROW(PLE.lastrow)-ROW(PLE.firstrow))),0,\n           IF(OFFSET(PLE!$G$15,$M46-$A$15,BC$13)=\"\",10^12,OFFSET(PLE!$G$15,$M46-$A$15,BC$13)))","v":1000000000000},{"$f":"IF(OR($D46<>\"Serviço\",AND(AUTOEVENTO=\"Manual\",$M46=$A$15),$M46>(ROW(PLE.lastrow)-ROW(PLE.firstrow))),0,\n           IF(OFFSET(PLE!$G$15,$M46-$A$15,BD$13)=\"\",10^12,OFFSET(PLE!$G$15,$M46-$A$15,BD$13)))","v":1000000000000},{"$f":"IF(OR($D46<>\"Serviço\",AND(AUTOEVENTO=\"Manual\",$M46=$A$15),$M46>(ROW(PLE.lastrow)-ROW(PLE.firstrow))),0,\n           IF(OFFSET(PLE!$G$15,$M46-$A$15,BE$13)=\"\",10^12,OFFSET(PLE!$G$15,$M46-$A$15,BE$13)))","v":1000000000000},{"$f":"IF(OR($D46<>\"Serviço\",AND(AUTOEVENTO=\"Manual\",$M46=$A$15),$M46>(ROW(PLE.lastrow)-ROW(PLE.firstrow))),0,\n           IF(OFFSET(PLE!$G$15,$M46-$A$15,BF$13)=\"\",10^12,OFFSET(PLE!$G$15,$M46-$A$15,BF$13)))","v":1000000000000},{"$f":"IF(OR($D46<>\"Serviço\",AND(AUTOEVENTO=\"Manual\",$M46=$A$15),$M46>(ROW(PLE.lastrow)-ROW(PLE.firstrow))),0,\n           IF(OFFSET(PLE!$G$15,$M46-$A$15,BG$13)=\"\",10^12,OFFSET(PLE!$G$15,$M46-$A$15,BG$13)))","v":1000000000000}]
["10",{"$f":"OFFSET(ORÇAMENTO!C$15,ROW(B47)-ROW(B$15),0)","v":"S"},{"$f":"OFFSET(ORÇAMENTO!L$15,ROW(C47)-ROW(C$15),0)","v":""},{"$f":"OFFSET(ORÇAMENTO!N$15,ROW(D47)-ROW(D$15),0)","v":"Serviço"},{"$f":"OFFSET(ORÇAMENTO!O$15,ROW(E47)-ROW(E$15),0)","v":"-"},{"$f":"OFFSET(ORÇAMENTO!R$15,ROW(F47)-ROW(F$15),0)","v":"(Sem Código)"},{"$f":"IF($D47<>\"Serviço\",\"\",OFFSET(ORÇAMENTO!S$15,ROW(G47)-ROW(G$15),0))","v":"-"},{"$f":"IF($D47<>\"Serviço\",0,IF(ACOMPANHAMENTO=\"BM\",ROUND(OFFSET(ORÇAMENTO!AJ$15,ROW(H47)-ROW(H$15),0),15-13*ORÇAMENTO!$AF$7),SUMPRODUCT(($Q$1:$AA$1=1)*ROUND($Q47:$AA47,15-13*ORÇAMENTO!$AF$7))))","v":0},null,{"$f":"IF(OR(B47<>\"S\",CÁLCULO.FrentesPreenchidas=0),\"\",IF(AND(ACOMPANHAMENTO=\"PLE\",AUTOEVENTO=\"Manual\",OR(H47>0,ORÇAMENTO!AC47=\"QUANT.\"),OR(K47=\"\",M47=0,N47=\"\")),\"►E\",IF(AND(ACOMPANHAMENTO=\"PLE\",ORÇAMENTO!AC47=\"QUANT.\"),\"►Q\",IF(AND(ACOMPANHAMENTO=\"PLE\",H47<>SUMPRODUCT(($Q$1:$AA$1=1)*ROUND(Q47:AA47,15))),\"►S\",IF(AND(COUNTIF($P$11:$AA$11,\"▼\")=0,H47>0,I47=\"\"),\"◄M\",\"\")))))","v":{"$error":"#NAME?"}},null,".",{"$f":"IF($D47<>\"Serviço\",\"\",\n          IF(AUTOEVENTO=\"manual\",$A47,\n                IF(ISERROR(MATCH($A47,$A$15:OFFSET($A47,-1,0),0)),MAX($M$15:OFFSET(M47,-1,0))+1,\n                      INDEX($M$15:OFFSET(M47,-1,0),MATCH($A47,$A$15:OFFSET($A47,-1,0),0)))))","v":2},{"$f":"IF($D47<>\"Serviço\",\"\",\n         IF(AUTOEVENTO=\"Manual\",\n                IF($A47=0,\"<-- defina o número do agrupador\",\n                       OFFSET(EVENTOS!$D$15,$A47-$A$15,0)),\n                OFFSET($F$15,$A47,0)))","v":"REDE DE DISTRUIBUIÇÃO"},null,null,null,null,null,null,null,null,null,null,null,null,null,{"$f":"IF(AND($D47=\"Serviço\",AB$12<>0,$H47>0,OR(AUTOEVENTO<>\"manual\",$M47<>$A$15)),\n        IF(Import.TipoArredondamento<>\"TransfereGOV\",\n              ROUND(OFFSET($P47,0,AB$13),15-13*ORÇAMENTO!$AF$7)/$H47*OFFSET(ORÇAMENTO!$X$15,ROW(AB47)-ROW(AB$15),0),\n              ROUND(ROUND(OFFSET($P47,0,AB$13),15-13*ORÇAMENTO!$AF$7)*OFFSET(ORÇAMENTO!$W$15,ROW(AB47)-ROW(AB$15),0),15-13*ORÇAMENTO!$AF$11)),\n         0)","v":0},{"$f":"IF(AND($D47=\"Serviço\",AC$12<>0,$H47>0,OR(AUTOEVENTO<>\"manual\",$M47<>$A$15)),\n        IF(Import.TipoArredondamento<>\"TransfereGOV\",\n              ROUND(OFFSET($P47,0,AC$13),15-13*ORÇAMENTO!$AF$7)/$H47*OFFSET(ORÇAMENTO!$X$15,ROW(AC47)-ROW(AC$15),0),\n              ROUND(ROUND(OFFSET($P47,0,AC$13),15-13*ORÇAMENTO!$AF$7)*OFFSET(ORÇAMENTO!$W$15,ROW(AC47)-ROW(AC$15),0),15-13*ORÇAMENTO!$AF$11)),\n         0)","v":0},{"$f":"IF(AND($D47=\"Serviço\",AD$12<>0,$H47>0,OR(AUTOEVENTO<>\"manual\",$M47<>$A$15)),\n        IF(Import.TipoArredondamento<>\"TransfereGOV\",\n              ROUND(OFFSET($P47,0,AD$13),15-13*ORÇAMENTO!$AF$7)/$H47*OFFSET(ORÇAMENTO!$X$15,ROW(AD47)-ROW(AD$15),0),\n              ROUND(ROUND(OFFSET($P47,0,AD$13),15-13*ORÇAMENTO!$AF$7)*OFFSET(ORÇAMENTO!$W$15,ROW(AD47)-ROW(AD$15),0),15-13*ORÇAMENTO!$AF$11)),\n         0)","v":0},{"$f":"IF(AND($D47=\"Serviço\",AE$12<>0,$H47>0,OR(AUTOEVENTO<>\"manual\",$M47<>$A$15)),\n        IF(Import.TipoArredondamento<>\"TransfereGOV\",\n              ROUND(OFFSET($P47,0,AE$13),15-13*ORÇAMENTO!$AF$7)/$H47*OFFSET(ORÇAMENTO!$X$15,ROW(AE47)-ROW(AE$15),0),\n              ROUND(ROUND(OFFSET($P47,0,AE$13),15-13*ORÇAMENTO!$AF$7)*OFFSET(ORÇAMENTO!$W$15,ROW(AE47)-ROW(AE$15),0),15-13*ORÇAMENTO!$AF$11)),\n         0)","v":0},{"$f":"IF(AND($D47=\"Serviço\",AF$12<>0,$H47>0,OR(AUTOEVENTO<>\"manual\",$M47<>$A$15)),\n        IF(Import.TipoArredondamento<>\"TransfereGOV\",\n              ROUND(OFFSET($P47,0,AF$13),15-13*ORÇAMENTO!$AF$7)/$H47*OFFSET(ORÇAMENTO!$X$15,ROW(AF47)-ROW(AF$15),0),\n              ROUND(ROUND(OFFSET($P47,0,AF$13),15-13*ORÇAMENTO!$AF$7)*OFFSET(ORÇAMENTO!$W$15,ROW(AF47)-ROW(AF$15),0),15-13*ORÇAMENTO!$AF$11)),\n         0)","v":0},{"$f":"IF(AND($D47=\"Serviço\",AG$12<>0,$H47>0,OR(AUTOEVENTO<>\"manual\",$M47<>$A$15)),\n        IF(Import.TipoArredondamento<>\"TransfereGOV\",\n              ROUND(OFFSET($P47,0,AG$13),15-13*ORÇAMENTO!$AF$7)/$H47*OFFSET(ORÇAMENTO!$X$15,ROW(AG47)-ROW(AG$15),0),\n              ROUND(ROUND(OFFSET($P47,0,AG$13),15-13*ORÇAMENTO!$AF$7)*OFFSET(ORÇAMENTO!$W$15,ROW(AG47)-ROW(AG$15),0),15-13*ORÇAMENTO!$AF$11)),\n         0)","v":0},{"$f":"IF(AND($D47=\"Serviço\",AH$12<>0,$H47>0,OR(AUTOEVENTO<>\"manual\",$M47<>$A$15)),\n        IF(Import.TipoArredondamento<>\"TransfereGOV\",\n              ROUND(OFFSET($P47,0,AH$13),15-13*ORÇAMENTO!$AF$7)/$H47*OFFSET(ORÇAMENTO!$X$15,ROW(AH47)-ROW(AH$15),0),\n              ROUND(ROUND(OFFSET($P47,0,AH$13),15-13*ORÇAMENTO!$AF$7)*OFFSET(ORÇAMENTO!$W$15,ROW(AH47)-ROW(AH$15),0),15-13*ORÇAMENTO!$AF$11)),\n         0)","v":0},{"$f":"IF(AND($D47=\"Serviço\",AI$12<>0,$H47>0,OR(AUTOEVENTO<>\"manual\",$M47<>$A$15)),\n        IF(Import.TipoArredondamento<>\"TransfereGOV\",\n              ROUND(OFFSET($P47,0,AI$13),15-13*ORÇAMENTO!$AF$7)/$H47*OFFSET(ORÇAMENTO!$X$15,ROW(AI47)-ROW(AI$15),0),\n              ROUND(ROUND(OFFSET($P47,0,AI$13),15-13*ORÇAMENTO!$AF$7)*OFFSET(ORÇAMENTO!$W$15,ROW(AI47)-ROW(AI$15),0),15-13*ORÇAMENTO!$AF$11)),\n         0)","v":0},{"$f":"IF(AND($D47=\"Serviço\",AJ$12<>0,$H47>0,OR(AUTOEVENTO<>\"manual\",$M47<>$A$15)),\n        IF(Import.TipoArredondamento<>\"TransfereGOV\",\n              ROUND(OFFSET($P47,0,AJ$13),15-13*ORÇAMENTO!$AF$7)/$H47*OFFSET(ORÇAMENTO!$X$15,ROW(AJ47)-ROW(AJ$15),0),\n              ROUND(ROUND(OFFSET($P47,0,AJ$13),15-13*ORÇAMENTO!$AF$7)*OFFSET(ORÇAMENTO!$W$15,ROW(AJ47)-ROW(AJ$15),0),15-13*ORÇAMENTO!$AF$11)),\n         0)","v":0},{"$f":"IF(AND($D47=\"Serviço\",AK$12<>0,$H47>0,OR(AUTOEVENTO<>\"manual\",$M47<>$A$15)),\n        IF(Import.TipoArredondamento<>\"TransfereGOV\",\n              ROUND(OFFSET($P47,0,AK$13),15-13*ORÇAMENTO!$AF$7)/$H47*OFFSET(ORÇAMENTO!$X$15,ROW(AK47)-ROW(AK$15),0),\n              ROUND(ROUND(OFFSET($P47,0,AK$13),15-13*ORÇAMENTO!$AF$7)*OFFSET(ORÇAMENTO!$W$15,ROW(AK47)-ROW(AK$15),0),15-13*ORÇAMENTO!$AF$11)),\n         0)","v":0},null,{"$f":"IF(OR($D47<>\"Serviço\",AND(AUTOEVENTO=\"Manual\",$M47=$A$15)),0,\n         IF(OFFSET(CRONOPLE!$F$15,$M47-$A$15,AM$13)=0,10^12,OFFSET(CRONOPLE!$F$15,$M47-$A$15,AM$13)))","v":1},{"$f":"IF(OR($D47<>\"Serviço\",AND(AUTOEVENTO=\"Manual\",$M47=$A$15)),0,\n         IF(OFFSET(CRONOPLE!$F$15,$M47-$A$15,AN$13)=0,10^12,OFFSET(CRONOPLE!$F$15,$M47-$A$15,AN$13)))","v":2},{"$f":"IF(OR($D47<>\"Serviço\",AND(AUTOEVENTO=\"Manual\",$M47=$A$15)),0,\n         IF(OFFSET(CRONOPLE!$F$15,$M47-$A$15,AO$13)=0,10^12,OFFSET(CRONOPLE!$F$15,$M47-$A$15,AO$13)))","v":1000000000000},{"$f":"IF(OR($D47<>\"Serviço\",AND(AUTOEVENTO=\"Manual\",$M47=$A$15)),0,\n         IF(OFFSET(CRONOPLE!$F$15,$M47-$A$15,AP$13)=0,10^12,OFFSET(CRONOPLE!$F$15,$M47-$A$15,AP$13)))","v":1000000000000},{"$f":"IF(OR($D47<>\"Serviço\",AND(AUTOEVENTO=\"Manual\",$M47=$A$15)),0,\n         IF(OFFSET(CRONOPLE!$F$15,$M47-$A$15,AQ$13)=0,10^12,OFFSET(CRONOPLE!$F$15,$M47-$A$15,AQ$13)))","v":1000000000000},{"$f":"IF(OR($D47<>\"Serviço\",AND(AUTOEVENTO=\"Manual\",$M47=$A$15)),0,\n         IF(OFFSET(CRONOPLE!$F$15,$M47-$A$15,AR$13)=0,10^12,OFFSET(CRONOPLE!$F$15,$M47-$A$15,AR$13)))","v":1000000000000},{"$f":"IF(OR($D47<>\"Serviço\",AND(AUTOEVENTO=\"Manual\",$M47=$A$15)),0,\n         IF(OFFSET(CRONOPLE!$F$15,$M47-$A$15,AS$13)=0,10^12,OFFSET(CRONOPLE!$F$15,$M47-$A$15,AS$13)))","v":1000000000000},{"$f":"IF(OR($D47<>\"Serviço\",AND(AUTOEVENTO=\"Manual\",$M47=$A$15)),0,\n         IF(OFFSET(CRONOPLE!$F$15,$M47-$A$15,AT$13)=0,10^12,OFFSET(CRONOPLE!$F$15,$M47-$A$15,AT$13)))","v":1000000000000},{"$f":"IF(OR($D47<>\"Serviço\",AND(AUTOEVENTO=\"Manual\",$M47=$A$15)),0,\n         IF(OFFSET(CRONOPLE!$F$15,$M47-$A$15,AU$13)=0,10^12,OFFSET(CRONOPLE!$F$15,$M47-$A$15,AU$13)))","v":1000000000000},{"$f":"IF(OR($D47<>\"Serviço\",AND(AUTOEVENTO=\"Manual\",$M47=$A$15)),0,\n         IF(OFFSET(CRONOPLE!$F$15,$M47-$A$15,AV$13)=0,10^12,OFFSET(CRONOPLE!$F$15,$M47-$A$15,AV$13)))","v":1000000000000},null,{"$f":"IF(OR($D47<>\"Serviço\",AND(AUTOEVENTO=\"Manual\",$M47=$A$15),$M47>(ROW(PLE.lastrow)-ROW(PLE.firstrow))),0,\n           IF(OFFSET(PLE!$G$15,$M47-$A$15,AX$13)=\"\",10^12,OFFSET(PLE!$G$15,$M47-$A$15,AX$13)))","v":1000000000000},{"$f":"IF(OR($D47<>\"Serviço\",AND(AUTOEVENTO=\"Manual\",$M47=$A$15),$M47>(ROW(PLE.lastrow)-ROW(PLE.firstrow))),0,\n           IF(OFFSET(PLE!$G$15,$M47-$A$15,AY$13)=\"\",10^12,OFFSET(PLE!$G$15,$M47-$A$15,AY$13)))","v":1000000000000},{"$f":"IF(OR($D47<>\"Serviço\",AND(AUTOEVENTO=\"Manual\",$M47=$A$15),$M47>(ROW(PLE.lastrow)-ROW(PLE.firstrow))),0,\n           IF(OFFSET(PLE!$G$15,$M47-$A$15,AZ$13)=\"\",10^12,OFFSET(PLE!$G$15,$M47-$A$15,AZ$13)))","v":1000000000000},{"$f":"IF(OR($D47<>\"Serviço\",AND(AUTOEVENTO=\"Manual\",$M47=$A$15),$M47>(ROW(PLE.lastrow)-ROW(PLE.firstrow))),0,\n           IF(OFFSET(PLE!$G$15,$M47-$A$15,BA$13)=\"\",10^12,OFFSET(PLE!$G$15,$M47-$A$15,BA$13)))","v":1000000000000},{"$f":"IF(OR($D47<>\"Serviço\",AND(AUTOEVENTO=\"Manual\",$M47=$A$15),$M47>(ROW(PLE.lastrow)-ROW(PLE.firstrow))),0,\n           IF(OFFSET(PLE!$G$15,$M47-$A$15,BB$13)=\"\",10^12,OFFSET(PLE!$G$15,$M47-$A$15,BB$13)))","v":1000000000000},{"$f":"IF(OR($D47<>\"Serviço\",AND(AUTOEVENTO=\"Manual\",$M47=$A$15),$M47>(ROW(PLE.lastrow)-ROW(PLE.firstrow))),0,\n           IF(OFFSET(PLE!$G$15,$M47-$A$15,BC$13)=\"\",10^12,OFFSET(PLE!$G$15,$M47-$A$15,BC$13)))","v":1000000000000},{"$f":"IF(OR($D47<>\"Serviço\",AND(AUTOEVENTO=\"Manual\",$M47=$A$15),$M47>(ROW(PLE.lastrow)-ROW(PLE.firstrow))),0,\n           IF(OFFSET(PLE!$G$15,$M47-$A$15,BD$13)=\"\",10^12,OFFSET(PLE!$G$15,$M47-$A$15,BD$13)))","v":1000000000000},{"$f":"IF(OR($D47<>\"Serviço\",AND(AUTOEVENTO=\"Manual\",$M47=$A$15),$M47>(ROW(PLE.lastrow)-ROW(PLE.firstrow))),0,\n           IF(OFFSET(PLE!$G$15,$M47-$A$15,BE$13)=\"\",10^12,OFFSET(PLE!$G$15,$M47-$A$15,BE$13)))","v":1000000000000},{"$f":"IF(OR($D47<>\"Serviço\",AND(AUTOEVENTO=\"Manual\",$M47=$A$15),$M47>(ROW(PLE.lastrow)-ROW(PLE.firstrow))),0,\n           IF(OFFSET(PLE!$G$15,$M47-$A$15,BF$13)=\"\",10^12,OFFSET(PLE!$G$15,$M47-$A$15,BF$13)))","v":1000000000000},{"$f":"IF(OR($D47<>\"Serviço\",AND(AUTOEVENTO=\"Manual\",$M47=$A$15),$M47>(ROW(PLE.lastrow)-ROW(PLE.firstrow))),0,\n           IF(OFFSET(PLE!$G$15,$M47-$A$15,BG$13)=\"\",10^12,OFFSET(PLE!$G$15,$M47-$A$15,BG$13)))","v":1000000000000}]
["10",{"$f":"OFFSET(ORÇAMENTO!C$15,ROW(B48)-ROW(B$15),0)","v":"S"},{"$f":"OFFSET(ORÇAMENTO!L$15,ROW(C48)-ROW(C$15),0)","v":""},{"$f":"OFFSET(ORÇAMENTO!N$15,ROW(D48)-ROW(D$15),0)","v":"Serviço"},{"$f":"OFFSET(ORÇAMENTO!O$15,ROW(E48)-ROW(E$15),0)","v":"-"},{"$f":"OFFSET(ORÇAMENTO!R$15,ROW(F48)-ROW(F$15),0)","v":"(Sem Código)"},{"$f":"IF($D48<>\"Serviço\",\"\",OFFSET(ORÇAMENTO!S$15,ROW(G48)-ROW(G$15),0))","v":"-"},{"$f":"IF($D48<>\"Serviço\",0,IF(ACOMPANHAMENTO=\"BM\",ROUND(OFFSET(ORÇAMENTO!AJ$15,ROW(H48)-ROW(H$15),0),15-13*ORÇAMENTO!$AF$7),SUMPRODUCT(($Q$1:$AA$1=1)*ROUND($Q48:$AA48,15-13*ORÇAMENTO!$AF$7))))","v":0},null,{"$f":"IF(OR(B48<>\"S\",CÁLCULO.FrentesPreenchidas=0),\"\",IF(AND(ACOMPANHAMENTO=\"PLE\",AUTOEVENTO=\"Manual\",OR(H48>0,ORÇAMENTO!AC48=\"QUANT.\"),OR(K48=\"\",M48=0,N48=\"\")),\"►E\",IF(AND(ACOMPANHAMENTO=\"PLE\",ORÇAMENTO!AC48=\"QUANT.\"),\"►Q\",IF(AND(ACOMPANHAMENTO=\"PLE\",H48<>SUMPRODUCT(($Q$1:$AA$1=1)*ROUND(Q48:AA48,15))),\"►S\",IF(AND(COUNTIF($P$11:$AA$11,\"▼\")=0,H48>0,I48=\"\"),\"◄M\",\"\")))))","v":{"$error":"#NAME?"}},null,".",{"$f":"IF($D48<>\"Serviço\",\"\",\n          IF(AUTOEVENTO=\"manual\",$A48,\n                IF(ISERROR(MATCH($A48,$A$15:OFFSET($A48,-1,0),0)),MAX($M$15:OFFSET(M48,-1,0))+1,\n                      INDEX($M$15:OFFSET(M48,-1,0),MATCH($A48,$A$15:OFFSET($A48,-1,0),0)))))","v":2},{"$f":"IF($D48<>\"Serviço\",\"\",\n         IF(AUTOEVENTO=\"Manual\",\n                IF($A48=0,\"<-- defina o número do agrupador\",\n                       OFFSET(EVENTOS!$D$15,$A48-$A$15,0)),\n                OFFSET($F$15,$A48,0)))","v":"REDE DE DISTRUIBUIÇÃO"},null,null,null,null,null,null,null,null,null,null,null,null,null,{"$f":"IF(AND($D48=\"Serviço\",AB$12<>0,$H48>0,OR(AUTOEVENTO<>\"manual\",$M48<>$A$15)),\n        IF(Import.TipoArredondamento<>\"TransfereGOV\",\n              ROUND(OFFSET($P48,0,AB$13),15-13*ORÇAMENTO!$AF$7)/$H48*OFFSET(ORÇAMENTO!$X$15,ROW(AB48)-ROW(AB$15),0),\n              ROUND(ROUND(OFFSET($P48,0,AB$13),15-13*ORÇAMENTO!$AF$7)*OFFSET(ORÇAMENTO!$W$15,ROW(AB48)-ROW(AB$15),0),15-13*ORÇAMENTO!$AF$11)),\n         0)","v":0},{"$f":"IF(AND($D48=\"Serviço\",AC$12<>0,$H48>0,OR(AUTOEVENTO<>\"manual\",$M48<>$A$15)),\n        IF(Import.TipoArredondamento<>\"TransfereGOV\",\n              ROUND(OFFSET($P48,0,AC$13),15-13*ORÇAMENTO!$AF$7)/$H48*OFFSET(ORÇAMENTO!$X$15,ROW(AC48)-ROW(AC$15),0),\n              ROUND(ROUND(OFFSET($P48,0,AC$13),15-13*ORÇAMENTO!$AF$7)*OFFSET(ORÇAMENTO!$W$15,ROW(AC48)-ROW(AC$15),0),15-13*ORÇAMENTO!$AF$11)),\n         0)","v":0},{"$f":"IF(AND($D48=\"Serviço\",AD$12<>0,$H48>0,OR(AUTOEVENTO<>\"manual\",$M48<>$A$15)),\n        IF(Import.TipoArredondamento<>\"TransfereGOV\",\n              ROUND(OFFSET($P48,0,AD$13),15-13*ORÇAMENTO!$AF$7)/$H48*OFFSET(ORÇAMENTO!$X$15,ROW(AD48)-ROW(AD$15),0),\n              ROUND(ROUND(OFFSET($P48,0,AD$13),15-13*ORÇAMENTO!$AF$7)*OFFSET(ORÇAMENTO!$W$15,ROW(AD48)-ROW(AD$15),0),15-13*ORÇAMENTO!$AF$11)),\n         0)","v":0},{"$f":"IF(AND($D48=\"Serviço\",AE$12<>0,$H48>0,OR(AUTOEVENTO<>\"manual\",$M48<>$A$15)),\n        IF(Import.TipoArredondamento<>\"TransfereGOV\",\n              ROUND(OFFSET($P48,0,AE$13),15-13*ORÇAMENTO!$AF$7)/$H48*OFFSET(ORÇAMENTO!$X$15,ROW(AE48)-ROW(AE$15),0),\n              ROUND(ROUND(OFFSET($P48,0,AE$13),15-13*ORÇAMENTO!$AF$7)*OFFSET(ORÇAMENTO!$W$15,ROW(AE48)-ROW(AE$15),0),15-13*ORÇAMENTO!$AF$11)),\n         0)","v":0},{"$f":"IF(AND($D48=\"Serviço\",AF$12<>0,$H48>0,OR(AUTOEVENTO<>\"manual\",$M48<>$A$15)),\n        IF(Import.TipoArredondamento<>\"TransfereGOV\",\n              ROUND(OFFSET($P48,0,AF$13),15-13*ORÇAMENTO!$AF$7)/$H48*OFFSET(ORÇAMENTO!$X$15,ROW(AF48)-ROW(AF$15),0),\n              ROUND(ROUND(OFFSET($P48,0,AF$13),15-13*ORÇAMENTO!$AF$7)*OFFSET(ORÇAMENTO!$W$15,ROW(AF48)-ROW(AF$15),0),15-13*ORÇAMENTO!$AF$11)),\n         0)","v":0},{"$f":"IF(AND($D48=\"Serviço\",AG$12<>0,$H48>0,OR(AUTOEVENTO<>\"manual\",$M48<>$A$15)),\n        IF(Import.TipoArredondamento<>\"TransfereGOV\",\n              ROUND(OFFSET($P48,0,AG$13),15-13*ORÇAMENTO!$AF$7)/$H48*OFFSET(ORÇAMENTO!$X$15,ROW(AG48)-ROW(AG$15),0),\n              ROUND(ROUND(OFFSET($P48,0,AG$13),15-13*ORÇAMENTO!$AF$7)*OFFSET(ORÇAMENTO!$W$15,ROW(AG48)-ROW(AG$15),0),15-13*ORÇAMENTO!$AF$11)),\n         0)","v":0},{"$f":"IF(AND($D48=\"Serviço\",AH$12<>0,$H48>0,OR(AUTOEVENTO<>\"manual\",$M48<>$A$15)),\n        IF(Import.TipoArredondamento<>\"TransfereGOV\",\n              ROUND(OFFSET($P48,0,AH$13),15-13*ORÇAMENTO!$AF$7)/$H48*OFFSET(ORÇAMENTO!$X$15,ROW(AH48)-ROW(AH$15),0),\n              ROUND(ROUND(OFFSET($P48,0,AH$13),15-13*ORÇAMENTO!$AF$7)*OFFSET(ORÇAMENTO!$W$15,ROW(AH48)-ROW(AH$15),0),15-13*ORÇAMENTO!$AF$11)),\n         0)","v":0},{"$f":"IF(AND($D48=\"Serviço\",AI$12<>0,$H48>0,OR(AUTOEVENTO<>\"manual\",$M48<>$A$15)),\n        IF(Import.TipoArredondamento<>\"TransfereGOV\",\n              ROUND(OFFSET($P48,0,AI$13),15-13*ORÇAMENTO!$AF$7)/$H48*OFFSET(ORÇAMENTO!$X$15,ROW(AI48)-ROW(AI$15),0),\n              ROUND(ROUND(OFFSET($P48,0,AI$13),15-13*ORÇAMENTO!$AF$7)*OFFSET(ORÇAMENTO!$W$15,ROW(AI48)-ROW(AI$15),0),15-13*ORÇAMENTO!$AF$11)),\n         0)","v":0},{"$f":"IF(AND($D48=\"Serviço\",AJ$12<>0,$H48>0,OR(AUTOEVENTO<>\"manual\",$M48<>$A$15)),\n        IF(Import.TipoArredondamento<>\"TransfereGOV\",\n              ROUND(OFFSET($P48,0,AJ$13),15-13*ORÇAMENTO!$AF$7)/$H48*OFFSET(ORÇAMENTO!$X$15,ROW(AJ48)-ROW(AJ$15),0),\n              ROUND(ROUND(OFFSET($P48,0,AJ$13),15-13*ORÇAMENTO!$AF$7)*OFFSET(ORÇAMENTO!$W$15,ROW(AJ48)-ROW(AJ$15),0),15-13*ORÇAMENTO!$AF$11)),\n         0)","v":0},{"$f":"IF(AND($D48=\"Serviço\",AK$12<>0,$H48>0,OR(AUTOEVENTO<>\"manual\",$M48<>$A$15)),\n        IF(Import.TipoArredondamento<>\"TransfereGOV\",\n              ROUND(OFFSET($P48,0,AK$13),15-13*ORÇAMENTO!$AF$7)/$H48*OFFSET(ORÇAMENTO!$X$15,ROW(AK48)-ROW(AK$15),0),\n              ROUND(ROUND(OFFSET($P48,0,AK$13),15-13*ORÇAMENTO!$AF$7)*OFFSET(ORÇAMENTO!$W$15,ROW(AK48)-ROW(AK$15),0),15-13*ORÇAMENTO!$AF$11)),\n         0)","v":0},null,{"$f":"IF(OR($D48<>\"Serviço\",AND(AUTOEVENTO=\"Manual\",$M48=$A$15)),0,\n         IF(OFFSET(CRONOPLE!$F$15,$M48-$A$15,AM$13)=0,10^12,OFFSET(CRONOPLE!$F$15,$M48-$A$15,AM$13)))","v":1},{"$f":"IF(OR($D48<>\"Serviço\",AND(AUTOEVENTO=\"Manual\",$M48=$A$15)),0,\n         IF(OFFSET(CRONOPLE!$F$15,$M48-$A$15,AN$13)=0,10^12,OFFSET(CRONOPLE!$F$15,$M48-$A$15,AN$13)))","v":2},{"$f":"IF(OR($D48<>\"Serviço\",AND(AUTOEVENTO=\"Manual\",$M48=$A$15)),0,\n         IF(OFFSET(CRONOPLE!$F$15,$M48-$A$15,AO$13)=0,10^12,OFFSET(CRONOPLE!$F$15,$M48-$A$15,AO$13)))","v":1000000000000},{"$f":"IF(OR($D48<>\"Serviço\",AND(AUTOEVENTO=\"Manual\",$M48=$A$15)),0,\n         IF(OFFSET(CRONOPLE!$F$15,$M48-$A$15,AP$13)=0,10^12,OFFSET(CRONOPLE!$F$15,$M48-$A$15,AP$13)))","v":1000000000000},{"$f":"IF(OR($D48<>\"Serviço\",AND(AUTOEVENTO=\"Manual\",$M48=$A$15)),0,\n         IF(OFFSET(CRONOPLE!$F$15,$M48-$A$15,AQ$13)=0,10^12,OFFSET(CRONOPLE!$F$15,$M48-$A$15,AQ$13)))","v":1000000000000},{"$f":"IF(OR($D48<>\"Serviço\",AND(AUTOEVENTO=\"Manual\",$M48=$A$15)),0,\n         IF(OFFSET(CRONOPLE!$F$15,$M48-$A$15,AR$13)=0,10^12,OFFSET(CRONOPLE!$F$15,$M48-$A$15,AR$13)))","v":1000000000000},{"$f":"IF(OR($D48<>\"Serviço\",AND(AUTOEVENTO=\"Manual\",$M48=$A$15)),0,\n         IF(OFFSET(CRONOPLE!$F$15,$M48-$A$15,AS$13)=0,10^12,OFFSET(CRONOPLE!$F$15,$M48-$A$15,AS$13)))","v":1000000000000},{"$f":"IF(OR($D48<>\"Serviço\",AND(AUTOEVENTO=\"Manual\",$M48=$A$15)),0,\n         IF(OFFSET(CRONOPLE!$F$15,$M48-$A$15,AT$13)=0,10^12,OFFSET(CRONOPLE!$F$15,$M48-$A$15,AT$13)))","v":1000000000000},{"$f":"IF(OR($D48<>\"Serviço\",AND(AUTOEVENTO=\"Manual\",$M48=$A$15)),0,\n         IF(OFFSET(CRONOPLE!$F$15,$M48-$A$15,AU$13)=0,10^12,OFFSET(CRONOPLE!$F$15,$M48-$A$15,AU$13)))","v":1000000000000},{"$f":"IF(OR($D48<>\"Serviço\",AND(AUTOEVENTO=\"Manual\",$M48=$A$15)),0,\n         IF(OFFSET(CRONOPLE!$F$15,$M48-$A$15,AV$13)=0,10^12,OFFSET(CRONOPLE!$F$15,$M48-$A$15,AV$13)))","v":1000000000000},null,{"$f":"IF(OR($D48<>\"Serviço\",AND(AUTOEVENTO=\"Manual\",$M48=$A$15),$M48>(ROW(PLE.lastrow)-ROW(PLE.firstrow))),0,\n           IF(OFFSET(PLE!$G$15,$M48-$A$15,AX$13)=\"\",10^12,OFFSET(PLE!$G$15,$M48-$A$15,AX$13)))","v":1000000000000},{"$f":"IF(OR($D48<>\"Serviço\",AND(AUTOEVENTO=\"Manual\",$M48=$A$15),$M48>(ROW(PLE.lastrow)-ROW(PLE.firstrow))),0,\n           IF(OFFSET(PLE!$G$15,$M48-$A$15,AY$13)=\"\",10^12,OFFSET(PLE!$G$15,$M48-$A$15,AY$13)))","v":1000000000000},{"$f":"IF(OR($D48<>\"Serviço\",AND(AUTOEVENTO=\"Manual\",$M48=$A$15),$M48>(ROW(PLE.lastrow)-ROW(PLE.firstrow))),0,\n           IF(OFFSET(PLE!$G$15,$M48-$A$15,AZ$13)=\"\",10^12,OFFSET(PLE!$G$15,$M48-$A$15,AZ$13)))","v":1000000000000},{"$f":"IF(OR($D48<>\"Serviço\",AND(AUTOEVENTO=\"Manual\",$M48=$A$15),$M48>(ROW(PLE.lastrow)-ROW(PLE.firstrow))),0,\n           IF(OFFSET(PLE!$G$15,$M48-$A$15,BA$13)=\"\",10^12,OFFSET(PLE!$G$15,$M48-$A$15,BA$13)))","v":1000000000000},{"$f":"IF(OR($D48<>\"Serviço\",AND(AUTOEVENTO=\"Manual\",$M48=$A$15),$M48>(ROW(PLE.lastrow)-ROW(PLE.firstrow))),0,\n           IF(OFFSET(PLE!$G$15,$M48-$A$15,BB$13)=\"\",10^12,OFFSET(PLE!$G$15,$M48-$A$15,BB$13)))","v":1000000000000},{"$f":"IF(OR($D48<>\"Serviço\",AND(AUTOEVENTO=\"Manual\",$M48=$A$15),$M48>(ROW(PLE.lastrow)-ROW(PLE.firstrow))),0,\n           IF(OFFSET(PLE!$G$15,$M48-$A$15,BC$13)=\"\",10^12,OFFSET(PLE!$G$15,$M48-$A$15,BC$13)))","v":1000000000000},{"$f":"IF(OR($D48<>\"Serviço\",AND(AUTOEVENTO=\"Manual\",$M48=$A$15),$M48>(ROW(PLE.lastrow)-ROW(PLE.firstrow))),0,\n           IF(OFFSET(PLE!$G$15,$M48-$A$15,BD$13)=\"\",10^12,OFFSET(PLE!$G$15,$M48-$A$15,BD$13)))","v":1000000000000},{"$f":"IF(OR($D48<>\"Serviço\",AND(AUTOEVENTO=\"Manual\",$M48=$A$15),$M48>(ROW(PLE.lastrow)-ROW(PLE.firstrow))),0,\n           IF(OFFSET(PLE!$G$15,$M48-$A$15,BE$13)=\"\",10^12,OFFSET(PLE!$G$15,$M48-$A$15,BE$13)))","v":1000000000000},{"$f":"IF(OR($D48<>\"Serviço\",AND(AUTOEVENTO=\"Manual\",$M48=$A$15),$M48>(ROW(PLE.lastrow)-ROW(PLE.firstrow))),0,\n           IF(OFFSET(PLE!$G$15,$M48-$A$15,BF$13)=\"\",10^12,OFFSET(PLE!$G$15,$M48-$A$15,BF$13)))","v":1000000000000},{"$f":"IF(OR($D48<>\"Serviço\",AND(AUTOEVENTO=\"Manual\",$M48=$A$15),$M48>(ROW(PLE.lastrow)-ROW(PLE.firstrow))),0,\n           IF(OFFSET(PLE!$G$15,$M48-$A$15,BG$13)=\"\",10^12,OFFSET(PLE!$G$15,$M48-$A$15,BG$13)))","v":1000000000000}]
["10",{"$f":"OFFSET(ORÇAMENTO!C$15,ROW(B49)-ROW(B$15),0)","v":"S"},{"$f":"OFFSET(ORÇAMENTO!L$15,ROW(C49)-ROW(C$15),0)","v":""},{"$f":"OFFSET(ORÇAMENTO!N$15,ROW(D49)-ROW(D$15),0)","v":"Serviço"},{"$f":"OFFSET(ORÇAMENTO!O$15,ROW(E49)-ROW(E$15),0)","v":"-"},{"$f":"OFFSET(ORÇAMENTO!R$15,ROW(F49)-ROW(F$15),0)","v":"(Sem Código)"},{"$f":"IF($D49<>\"Serviço\",\"\",OFFSET(ORÇAMENTO!S$15,ROW(G49)-ROW(G$15),0))","v":"-"},{"$f":"IF($D49<>\"Serviço\",0,IF(ACOMPANHAMENTO=\"BM\",ROUND(OFFSET(ORÇAMENTO!AJ$15,ROW(H49)-ROW(H$15),0),15-13*ORÇAMENTO!$AF$7),SUMPRODUCT(($Q$1:$AA$1=1)*ROUND($Q49:$AA49,15-13*ORÇAMENTO!$AF$7))))","v":0},null,{"$f":"IF(OR(B49<>\"S\",CÁLCULO.FrentesPreenchidas=0),\"\",IF(AND(ACOMPANHAMENTO=\"PLE\",AUTOEVENTO=\"Manual\",OR(H49>0,ORÇAMENTO!AC49=\"QUANT.\"),OR(K49=\"\",M49=0,N49=\"\")),\"►E\",IF(AND(ACOMPANHAMENTO=\"PLE\",ORÇAMENTO!AC49=\"QUANT.\"),\"►Q\",IF(AND(ACOMPANHAMENTO=\"PLE\",H49<>SUMPRODUCT(($Q$1:$AA$1=1)*ROUND(Q49:AA49,15))),\"►S\",IF(AND(COUNTIF($P$11:$AA$11,\"▼\")=0,H49>0,I49=\"\"),\"◄M\",\"\")))))","v":{"$error":"#NAME?"}},null,".",{"$f":"IF($D49<>\"Serviço\",\"\",\n          IF(AUTOEVENTO=\"manual\",$A49,\n                IF(ISERROR(MATCH($A49,$A$15:OFFSET($A49,-1,0),0)),MAX($M$15:OFFSET(M49,-1,0))+1,\n                      INDEX($M$15:OFFSET(M49,-1,0),MATCH($A49,$A$15:OFFSET($A49,-1,0),0)))))","v":2},{"$f":"IF($D49<>\"Serviço\",\"\",\n         IF(AUTOEVENTO=\"Manual\",\n                IF($A49=0,\"<-- defina o número do agrupador\",\n                       OFFSET(EVENTOS!$D$15,$A49-$A$15,0)),\n                OFFSET($F$15,$A49,0)))","v":"REDE DE DISTRUIBUIÇÃO"},null,null,null,null,null,null,null,null,null,null,null,null,null,{"$f":"IF(AND($D49=\"Serviço\",AB$12<>0,$H49>0,OR(AUTOEVENTO<>\"manual\",$M49<>$A$15)),\n        IF(Import.TipoArredondamento<>\"TransfereGOV\",\n              ROUND(OFFSET($P49,0,AB$13),15-13*ORÇAMENTO!$AF$7)/$H49*OFFSET(ORÇAMENTO!$X$15,ROW(AB49)-ROW(AB$15),0),\n              ROUND(ROUND(OFFSET($P49,0,AB$13),15-13*ORÇAMENTO!$AF$7)*OFFSET(ORÇAMENTO!$W$15,ROW(AB49)-ROW(AB$15),0),15-13*ORÇAMENTO!$AF$11)),\n         0)","v":0},{"$f":"IF(AND($D49=\"Serviço\",AC$12<>0,$H49>0,OR(AUTOEVENTO<>\"manual\",$M49<>$A$15)),\n        IF(Import.TipoArredondamento<>\"TransfereGOV\",\n              ROUND(OFFSET($P49,0,AC$13),15-13*ORÇAMENTO!$AF$7)/$H49*OFFSET(ORÇAMENTO!$X$15,ROW(AC49)-ROW(AC$15),0),\n              ROUND(ROUND(OFFSET($P49,0,AC$13),15-13*ORÇAMENTO!$AF$7)*OFFSET(ORÇAMENTO!$W$15,ROW(AC49)-ROW(AC$15),0),15-13*ORÇAMENTO!$AF$11)),\n         0)","v":0},{"$f":"IF(AND($D49=\"Serviço\",AD$12<>0,$H49>0,OR(AUTOEVENTO<>\"manual\",$M49<>$A$15)),\n        IF(Import.TipoArredondamento<>\"TransfereGOV\",\n              ROUND(OFFSET($P49,0,AD$13),15-13*ORÇAMENTO!$AF$7)/$H49*OFFSET(ORÇAMENTO!$X$15,ROW(AD49)-ROW(AD$15),0),\n              ROUND(ROUND(OFFSET($P49,0,AD$13),15-13*ORÇAMENTO!$AF$7)*OFFSET(ORÇAMENTO!$W$15,ROW(AD49)-ROW(AD$15),0),15-13*ORÇAMENTO!$AF$11)),\n         0)","v":0},{"$f":"IF(AND($D49=\"Serviço\",AE$12<>0,$H49>0,OR(AUTOEVENTO<>\"manual\",$M49<>$A$15)),\n        IF(Import.TipoArredondamento<>\"TransfereGOV\",\n              ROUND(OFFSET($P49,0,AE$13),15-13*ORÇAMENTO!$AF$7)/$H49*OFFSET(ORÇAMENTO!$X$15,ROW(AE49)-ROW(AE$15),0),\n              ROUND(ROUND(OFFSET($P49,0,AE$13),15-13*ORÇAMENTO!$AF$7)*OFFSET(ORÇAMENTO!$W$15,ROW(AE49)-ROW(AE$15),0),15-13*ORÇAMENTO!$AF$11)),\n         0)","v":0},{"$f":"IF(AND($D49=\"Serviço\",AF$12<>0,$H49>0,OR(AUTOEVENTO<>\"manual\",$M49<>$A$15)),\n        IF(Import.TipoArredondamento<>\"TransfereGOV\",\n              ROUND(OFFSET($P49,0,AF$13),15-13*ORÇAMENTO!$AF$7)/$H49*OFFSET(ORÇAMENTO!$X$15,ROW(AF49)-ROW(AF$15),0),\n              ROUND(ROUND(OFFSET($P49,0,AF$13),15-13*ORÇAMENTO!$AF$7)*OFFSET(ORÇAMENTO!$W$15,ROW(AF49)-ROW(AF$15),0),15-13*ORÇAMENTO!$AF$11)),\n         0)","v":0},{"$f":"IF(AND($D49=\"Serviço\",AG$12<>0,$H49>0,OR(AUTOEVENTO<>\"manual\",$M49<>$A$15)),\n        IF(Import.TipoArredondamento<>\"TransfereGOV\",\n              ROUND(OFFSET($P49,0,AG$13),15-13*ORÇAMENTO!$AF$7)/$H49*OFFSET(ORÇAMENTO!$X$15,ROW(AG49)-ROW(AG$15),0),\n              ROUND(ROUND(OFFSET($P49,0,AG$13),15-13*ORÇAMENTO!$AF$7)*OFFSET(ORÇAMENTO!$W$15,ROW(AG49)-ROW(AG$15),0),15-13*ORÇAMENTO!$AF$11)),\n         0)","v":0},{"$f":"IF(AND($D49=\"Serviço\",AH$12<>0,$H49>0,OR(AUTOEVENTO<>\"manual\",$M49<>$A$15)),\n        IF(Import.TipoArredondamento<>\"TransfereGOV\",\n              ROUND(OFFSET($P49,0,AH$13),15-13*ORÇAMENTO!$AF$7)/$H49*OFFSET(ORÇAMENTO!$X$15,ROW(AH49)-ROW(AH$15),0),\n              ROUND(ROUND(OFFSET($P49,0,AH$13),15-13*ORÇAMENTO!$AF$7)*OFFSET(ORÇAMENTO!$W$15,ROW(AH49)-ROW(AH$15),0),15-13*ORÇAMENTO!$AF$11)),\n         0)","v":0},{"$f":"IF(AND($D49=\"Serviço\",AI$12<>0,$H49>0,OR(AUTOEVENTO<>\"manual\",$M49<>$A$15)),\n        IF(Import.TipoArredondamento<>\"TransfereGOV\",\n              ROUND(OFFSET($P49,0,AI$13),15-13*ORÇAMENTO!$AF$7)/$H49*OFFSET(ORÇAMENTO!$X$15,ROW(AI49)-ROW(AI$15),0),\n              ROUND(ROUND(OFFSET($P49,0,AI$13),15-13*ORÇAMENTO!$AF$7)*OFFSET(ORÇAMENTO!$W$15,ROW(AI49)-ROW(AI$15),0),15-13*ORÇAMENTO!$AF$11)),\n         0)","v":0},{"$f":"IF(AND($D49=\"Serviço\",AJ$12<>0,$H49>0,OR(AUTOEVENTO<>\"manual\",$M49<>$A$15)),\n        IF(Import.TipoArredondamento<>\"TransfereGOV\",\n              ROUND(OFFSET($P49,0,AJ$13),15-13*ORÇAMENTO!$AF$7)/$H49*OFFSET(ORÇAMENTO!$X$15,ROW(AJ49)-ROW(AJ$15),0),\n              ROUND(ROUND(OFFSET($P49,0,AJ$13),15-13*ORÇAMENTO!$AF$7)*OFFSET(ORÇAMENTO!$W$15,ROW(AJ49)-ROW(AJ$15),0),15-13*ORÇAMENTO!$AF$11)),\n         0)","v":0},{"$f":"IF(AND($D49=\"Serviço\",AK$12<>0,$H49>0,OR(AUTOEVENTO<>\"manual\",$M49<>$A$15)),\n        IF(Import.TipoArredondamento<>\"TransfereGOV\",\n              ROUND(OFFSET($P49,0,AK$13),15-13*ORÇAMENTO!$AF$7)/$H49*OFFSET(ORÇAMENTO!$X$15,ROW(AK49)-ROW(AK$15),0),\n              ROUND(ROUND(OFFSET($P49,0,AK$13),15-13*ORÇAMENTO!$AF$7)*OFFSET(ORÇAMENTO!$W$15,ROW(AK49)-ROW(AK$15),0),15-13*ORÇAMENTO!$AF$11)),\n         0)","v":0},null,{"$f":"IF(OR($D49<>\"Serviço\",AND(AUTOEVENTO=\"Manual\",$M49=$A$15)),0,\n         IF(OFFSET(CRONOPLE!$F$15,$M49-$A$15,AM$13)=0,10^12,OFFSET(CRONOPLE!$F$15,$M49-$A$15,AM$13)))","v":1},{"$f":"IF(OR($D49<>\"Serviço\",AND(AUTOEVENTO=\"Manual\",$M49=$A$15)),0,\n         IF(OFFSET(CRONOPLE!$F$15,$M49-$A$15,AN$13)=0,10^12,OFFSET(CRONOPLE!$F$15,$M49-$A$15,AN$13)))","v":2},{"$f":"IF(OR($D49<>\"Serviço\",AND(AUTOEVENTO=\"Manual\",$M49=$A$15)),0,\n         IF(OFFSET(CRONOPLE!$F$15,$M49-$A$15,AO$13)=0,10^12,OFFSET(CRONOPLE!$F$15,$M49-$A$15,AO$13)))","v":1000000000000},{"$f":"IF(OR($D49<>\"Serviço\",AND(AUTOEVENTO=\"Manual\",$M49=$A$15)),0,\n         IF(OFFSET(CRONOPLE!$F$15,$M49-$A$15,AP$13)=0,10^12,OFFSET(CRONOPLE!$F$15,$M49-$A$15,AP$13)))","v":1000000000000},{"$f":"IF(OR($D49<>\"Serviço\",AND(AUTOEVENTO=\"Manual\",$M49=$A$15)),0,\n         IF(OFFSET(CRONOPLE!$F$15,$M49-$A$15,AQ$13)=0,10^12,OFFSET(CRONOPLE!$F$15,$M49-$A$15,AQ$13)))","v":1000000000000},{"$f":"IF(OR($D49<>\"Serviço\",AND(AUTOEVENTO=\"Manual\",$M49=$A$15)),0,\n         IF(OFFSET(CRONOPLE!$F$15,$M49-$A$15,AR$13)=0,10^12,OFFSET(CRONOPLE!$F$15,$M49-$A$15,AR$13)))","v":1000000000000},{"$f":"IF(OR($D49<>\"Serviço\",AND(AUTOEVENTO=\"Manual\",$M49=$A$15)),0,\n         IF(OFFSET(CRONOPLE!$F$15,$M49-$A$15,AS$13)=0,10^12,OFFSET(CRONOPLE!$F$15,$M49-$A$15,AS$13)))","v":1000000000000},{"$f":"IF(OR($D49<>\"Serviço\",AND(AUTOEVENTO=\"Manual\",$M49=$A$15)),0,\n         IF(OFFSET(CRONOPLE!$F$15,$M49-$A$15,AT$13)=0,10^12,OFFSET(CRONOPLE!$F$15,$M49-$A$15,AT$13)))","v":1000000000000},{"$f":"IF(OR($D49<>\"Serviço\",AND(AUTOEVENTO=\"Manual\",$M49=$A$15)),0,\n         IF(OFFSET(CRONOPLE!$F$15,$M49-$A$15,AU$13)=0,10^12,OFFSET(CRONOPLE!$F$15,$M49-$A$15,AU$13)))","v":1000000000000},{"$f":"IF(OR($D49<>\"Serviço\",AND(AUTOEVENTO=\"Manual\",$M49=$A$15)),0,\n         IF(OFFSET(CRONOPLE!$F$15,$M49-$A$15,AV$13)=0,10^12,OFFSET(CRONOPLE!$F$15,$M49-$A$15,AV$13)))","v":1000000000000},null,{"$f":"IF(OR($D49<>\"Serviço\",AND(AUTOEVENTO=\"Manual\",$M49=$A$15),$M49>(ROW(PLE.lastrow)-ROW(PLE.firstrow))),0,\n           IF(OFFSET(PLE!$G$15,$M49-$A$15,AX$13)=\"\",10^12,OFFSET(PLE!$G$15,$M49-$A$15,AX$13)))","v":1000000000000},{"$f":"IF(OR($D49<>\"Serviço\",AND(AUTOEVENTO=\"Manual\",$M49=$A$15),$M49>(ROW(PLE.lastrow)-ROW(PLE.firstrow))),0,\n           IF(OFFSET(PLE!$G$15,$M49-$A$15,AY$13)=\"\",10^12,OFFSET(PLE!$G$15,$M49-$A$15,AY$13)))","v":1000000000000},{"$f":"IF(OR($D49<>\"Serviço\",AND(AUTOEVENTO=\"Manual\",$M49=$A$15),$M49>(ROW(PLE.lastrow)-ROW(PLE.firstrow))),0,\n           IF(OFFSET(PLE!$G$15,$M49-$A$15,AZ$13)=\"\",10^12,OFFSET(PLE!$G$15,$M49-$A$15,AZ$13)))","v":1000000000000},{"$f":"IF(OR($D49<>\"Serviço\",AND(AUTOEVENTO=\"Manual\",$M49=$A$15),$M49>(ROW(PLE.lastrow)-ROW(PLE.firstrow))),0,\n           IF(OFFSET(PLE!$G$15,$M49-$A$15,BA$13)=\"\",10^12,OFFSET(PLE!$G$15,$M49-$A$15,BA$13)))","v":1000000000000},{"$f":"IF(OR($D49<>\"Serviço\",AND(AUTOEVENTO=\"Manual\",$M49=$A$15),$M49>(ROW(PLE.lastrow)-ROW(PLE.firstrow))),0,\n           IF(OFFSET(PLE!$G$15,$M49-$A$15,BB$13)=\"\",10^12,OFFSET(PLE!$G$15,$M49-$A$15,BB$13)))","v":1000000000000},{"$f":"IF(OR($D49<>\"Serviço\",AND(AUTOEVENTO=\"Manual\",$M49=$A$15),$M49>(ROW(PLE.lastrow)-ROW(PLE.firstrow))),0,\n           IF(OFFSET(PLE!$G$15,$M49-$A$15,BC$13)=\"\",10^12,OFFSET(PLE!$G$15,$M49-$A$15,BC$13)))","v":1000000000000},{"$f":"IF(OR($D49<>\"Serviço\",AND(AUTOEVENTO=\"Manual\",$M49=$A$15),$M49>(ROW(PLE.lastrow)-ROW(PLE.firstrow))),0,\n           IF(OFFSET(PLE!$G$15,$M49-$A$15,BD$13)=\"\",10^12,OFFSET(PLE!$G$15,$M49-$A$15,BD$13)))","v":1000000000000},{"$f":"IF(OR($D49<>\"Serviço\",AND(AUTOEVENTO=\"Manual\",$M49=$A$15),$M49>(ROW(PLE.lastrow)-ROW(PLE.firstrow))),0,\n           IF(OFFSET(PLE!$G$15,$M49-$A$15,BE$13)=\"\",10^12,OFFSET(PLE!$G$15,$M49-$A$15,BE$13)))","v":1000000000000},{"$f":"IF(OR($D49<>\"Serviço\",AND(AUTOEVENTO=\"Manual\",$M49=$A$15),$M49>(ROW(PLE.lastrow)-ROW(PLE.firstrow))),0,\n           IF(OFFSET(PLE!$G$15,$M49-$A$15,BF$13)=\"\",10^12,OFFSET(PLE!$G$15,$M49-$A$15,BF$13)))","v":1000000000000},{"$f":"IF(OR($D49<>\"Serviço\",AND(AUTOEVENTO=\"Manual\",$M49=$A$15),$M49>(ROW(PLE.lastrow)-ROW(PLE.firstrow))),0,\n           IF(OFFSET(PLE!$G$15,$M49-$A$15,BG$13)=\"\",10^12,OFFSET(PLE!$G$15,$M49-$A$15,BG$13)))","v":1000000000000}]
["10",{"$f":"OFFSET(ORÇAMENTO!C$15,ROW(B50)-ROW(B$15),0)","v":"S"},{"$f":"OFFSET(ORÇAMENTO!L$15,ROW(C50)-ROW(C$15),0)","v":""},{"$f":"OFFSET(ORÇAMENTO!N$15,ROW(D50)-ROW(D$15),0)","v":"Serviço"},{"$f":"OFFSET(ORÇAMENTO!O$15,ROW(E50)-ROW(E$15),0)","v":"-"},{"$f":"OFFSET(ORÇAMENTO!R$15,ROW(F50)-ROW(F$15),0)","v":"(Sem Código)"},{"$f":"IF($D50<>\"Serviço\",\"\",OFFSET(ORÇAMENTO!S$15,ROW(G50)-ROW(G$15),0))","v":"-"},{"$f":"IF($D50<>\"Serviço\",0,IF(ACOMPANHAMENTO=\"BM\",ROUND(OFFSET(ORÇAMENTO!AJ$15,ROW(H50)-ROW(H$15),0),15-13*ORÇAMENTO!$AF$7),SUMPRODUCT(($Q$1:$AA$1=1)*ROUND($Q50:$AA50,15-13*ORÇAMENTO!$AF$7))))","v":0},null,{"$f":"IF(OR(B50<>\"S\",CÁLCULO.FrentesPreenchidas=0),\"\",IF(AND(ACOMPANHAMENTO=\"PLE\",AUTOEVENTO=\"Manual\",OR(H50>0,ORÇAMENTO!AC50=\"QUANT.\"),OR(K50=\"\",M50=0,N50=\"\")),\"►E\",IF(AND(ACOMPANHAMENTO=\"PLE\",ORÇAMENTO!AC50=\"QUANT.\"),\"►Q\",IF(AND(ACOMPANHAMENTO=\"PLE\",H50<>SUMPRODUCT(($Q$1:$AA$1=1)*ROUND(Q50:AA50,15))),\"►S\",IF(AND(COUNTIF($P$11:$AA$11,\"▼\")=0,H50>0,I50=\"\"),\"◄M\",\"\")))))","v":{"$error":"#NAME?"}},null,".",{"$f":"IF($D50<>\"Serviço\",\"\",\n          IF(AUTOEVENTO=\"manual\",$A50,\n                IF(ISERROR(MATCH($A50,$A$15:OFFSET($A50,-1,0),0)),MAX($M$15:OFFSET(M50,-1,0))+1,\n                      INDEX($M$15:OFFSET(M50,-1,0),MATCH($A50,$A$15:OFFSET($A50,-1,0),0)))))","v":2},{"$f":"IF($D50<>\"Serviço\",\"\",\n         IF(AUTOEVENTO=\"Manual\",\n                IF($A50=0,\"<-- defina o número do agrupador\",\n                       OFFSET(EVENTOS!$D$15,$A50-$A$15,0)),\n                OFFSET($F$15,$A50,0)))","v":"REDE DE DISTRUIBUIÇÃO"},null,null,null,null,null,null,null,null,null,null,null,null,null,{"$f":"IF(AND($D50=\"Serviço\",AB$12<>0,$H50>0,OR(AUTOEVENTO<>\"manual\",$M50<>$A$15)),\n        IF(Import.TipoArredondamento<>\"TransfereGOV\",\n              ROUND(OFFSET($P50,0,AB$13),15-13*ORÇAMENTO!$AF$7)/$H50*OFFSET(ORÇAMENTO!$X$15,ROW(AB50)-ROW(AB$15),0),\n              ROUND(ROUND(OFFSET($P50,0,AB$13),15-13*ORÇAMENTO!$AF$7)*OFFSET(ORÇAMENTO!$W$15,ROW(AB50)-ROW(AB$15),0),15-13*ORÇAMENTO!$AF$11)),\n         0)","v":0},{"$f":"IF(AND($D50=\"Serviço\",AC$12<>0,$H50>0,OR(AUTOEVENTO<>\"manual\",$M50<>$A$15)),\n        IF(Import.TipoArredondamento<>\"TransfereGOV\",\n              ROUND(OFFSET($P50,0,AC$13),15-13*ORÇAMENTO!$AF$7)/$H50*OFFSET(ORÇAMENTO!$X$15,ROW(AC50)-ROW(AC$15),0),\n              ROUND(ROUND(OFFSET($P50,0,AC$13),15-13*ORÇAMENTO!$AF$7)*OFFSET(ORÇAMENTO!$W$15,ROW(AC50)-ROW(AC$15),0),15-13*ORÇAMENTO!$AF$11)),\n         0)","v":0},{"$f":"IF(AND($D50=\"Serviço\",AD$12<>0,$H50>0,OR(AUTOEVENTO<>\"manual\",$M50<>$A$15)),\n        IF(Import.TipoArredondamento<>\"TransfereGOV\",\n              ROUND(OFFSET($P50,0,AD$13),15-13*ORÇAMENTO!$AF$7)/$H50*OFFSET(ORÇAMENTO!$X$15,ROW(AD50)-ROW(AD$15),0),\n              ROUND(ROUND(OFFSET($P50,0,AD$13),15-13*ORÇAMENTO!$AF$7)*OFFSET(ORÇAMENTO!$W$15,ROW(AD50)-ROW(AD$15),0),15-13*ORÇAMENTO!$AF$11)),\n         0)","v":0},{"$f":"IF(AND($D50=\"Serviço\",AE$12<>0,$H50>0,OR(AUTOEVENTO<>\"manual\",$M50<>$A$15)),\n        IF(Import.TipoArredondamento<>\"TransfereGOV\",\n              ROUND(OFFSET($P50,0,AE$13),15-13*ORÇAMENTO!$AF$7)/$H50*OFFSET(ORÇAMENTO!$X$15,ROW(AE50)-ROW(AE$15),0),\n              ROUND(ROUND(OFFSET($P50,0,AE$13),15-13*ORÇAMENTO!$AF$7)*OFFSET(ORÇAMENTO!$W$15,ROW(AE50)-ROW(AE$15),0),15-13*ORÇAMENTO!$AF$11)),\n         0)","v":0},{"$f":"IF(AND($D50=\"Serviço\",AF$12<>0,$H50>0,OR(AUTOEVENTO<>\"manual\",$M50<>$A$15)),\n        IF(Import.TipoArredondamento<>\"TransfereGOV\",\n              ROUND(OFFSET($P50,0,AF$13),15-13*ORÇAMENTO!$AF$7)/$H50*OFFSET(ORÇAMENTO!$X$15,ROW(AF50)-ROW(AF$15),0),\n              ROUND(ROUND(OFFSET($P50,0,AF$13),15-13*ORÇAMENTO!$AF$7)*OFFSET(ORÇAMENTO!$W$15,ROW(AF50)-ROW(AF$15),0),15-13*ORÇAMENTO!$AF$11)),\n         0)","v":0},{"$f":"IF(AND($D50=\"Serviço\",AG$12<>0,$H50>0,OR(AUTOEVENTO<>\"manual\",$M50<>$A$15)),\n        IF(Import.TipoArredondamento<>\"TransfereGOV\",\n              ROUND(OFFSET($P50,0,AG$13),15-13*ORÇAMENTO!$AF$7)/$H50*OFFSET(ORÇAMENTO!$X$15,ROW(AG50)-ROW(AG$15),0),\n              ROUND(ROUND(OFFSET($P50,0,AG$13),15-13*ORÇAMENTO!$AF$7)*OFFSET(ORÇAMENTO!$W$15,ROW(AG50)-ROW(AG$15),0),15-13*ORÇAMENTO!$AF$11)),\n         0)","v":0},{"$f":"IF(AND($D50=\"Serviço\",AH$12<>0,$H50>0,OR(AUTOEVENTO<>\"manual\",$M50<>$A$15)),\n        IF(Import.TipoArredondamento<>\"TransfereGOV\",\n              ROUND(OFFSET($P50,0,AH$13),15-13*ORÇAMENTO!$AF$7)/$H50*OFFSET(ORÇAMENTO!$X$15,ROW(AH50)-ROW(AH$15),0),\n              ROUND(ROUND(OFFSET($P50,0,AH$13),15-13*ORÇAMENTO!$AF$7)*OFFSET(ORÇAMENTO!$W$15,ROW(AH50)-ROW(AH$15),0),15-13*ORÇAMENTO!$AF$11)),\n         0)","v":0},{"$f":"IF(AND($D50=\"Serviço\",AI$12<>0,$H50>0,OR(AUTOEVENTO<>\"manual\",$M50<>$A$15)),\n        IF(Import.TipoArredondamento<>\"TransfereGOV\",\n              ROUND(OFFSET($P50,0,AI$13),15-13*ORÇAMENTO!$AF$7)/$H50*OFFSET(ORÇAMENTO!$X$15,ROW(AI50)-ROW(AI$15),0),\n              ROUND(ROUND(OFFSET($P50,0,AI$13),15-13*ORÇAMENTO!$AF$7)*OFFSET(ORÇAMENTO!$W$15,ROW(AI50)-ROW(AI$15),0),15-13*ORÇAMENTO!$AF$11)),\n         0)","v":0},{"$f":"IF(AND($D50=\"Serviço\",AJ$12<>0,$H50>0,OR(AUTOEVENTO<>\"manual\",$M50<>$A$15)),\n        IF(Import.TipoArredondamento<>\"TransfereGOV\",\n              ROUND(OFFSET($P50,0,AJ$13),15-13*ORÇAMENTO!$AF$7)/$H50*OFFSET(ORÇAMENTO!$X$15,ROW(AJ50)-ROW(AJ$15),0),\n              ROUND(ROUND(OFFSET($P50,0,AJ$13),15-13*ORÇAMENTO!$AF$7)*OFFSET(ORÇAMENTO!$W$15,ROW(AJ50)-ROW(AJ$15),0),15-13*ORÇAMENTO!$AF$11)),\n         0)","v":0},{"$f":"IF(AND($D50=\"Serviço\",AK$12<>0,$H50>0,OR(AUTOEVENTO<>\"manual\",$M50<>$A$15)),\n        IF(Import.TipoArredondamento<>\"TransfereGOV\",\n              ROUND(OFFSET($P50,0,AK$13),15-13*ORÇAMENTO!$AF$7)/$H50*OFFSET(ORÇAMENTO!$X$15,ROW(AK50)-ROW(AK$15),0),\n              ROUND(ROUND(OFFSET($P50,0,AK$13),15-13*ORÇAMENTO!$AF$7)*OFFSET(ORÇAMENTO!$W$15,ROW(AK50)-ROW(AK$15),0),15-13*ORÇAMENTO!$AF$11)),\n         0)","v":0},null,{"$f":"IF(OR($D50<>\"Serviço\",AND(AUTOEVENTO=\"Manual\",$M50=$A$15)),0,\n         IF(OFFSET(CRONOPLE!$F$15,$M50-$A$15,AM$13)=0,10^12,OFFSET(CRONOPLE!$F$15,$M50-$A$15,AM$13)))","v":1},{"$f":"IF(OR($D50<>\"Serviço\",AND(AUTOEVENTO=\"Manual\",$M50=$A$15)),0,\n         IF(OFFSET(CRONOPLE!$F$15,$M50-$A$15,AN$13)=0,10^12,OFFSET(CRONOPLE!$F$15,$M50-$A$15,AN$13)))","v":2},{"$f":"IF(OR($D50<>\"Serviço\",AND(AUTOEVENTO=\"Manual\",$M50=$A$15)),0,\n         IF(OFFSET(CRONOPLE!$F$15,$M50-$A$15,AO$13)=0,10^12,OFFSET(CRONOPLE!$F$15,$M50-$A$15,AO$13)))","v":1000000000000},{"$f":"IF(OR($D50<>\"Serviço\",AND(AUTOEVENTO=\"Manual\",$M50=$A$15)),0,\n         IF(OFFSET(CRONOPLE!$F$15,$M50-$A$15,AP$13)=0,10^12,OFFSET(CRONOPLE!$F$15,$M50-$A$15,AP$13)))","v":1000000000000},{"$f":"IF(OR($D50<>\"Serviço\",AND(AUTOEVENTO=\"Manual\",$M50=$A$15)),0,\n         IF(OFFSET(CRONOPLE!$F$15,$M50-$A$15,AQ$13)=0,10^12,OFFSET(CRONOPLE!$F$15,$M50-$A$15,AQ$13)))","v":1000000000000},{"$f":"IF(OR($D50<>\"Serviço\",AND(AUTOEVENTO=\"Manual\",$M50=$A$15)),0,\n         IF(OFFSET(CRONOPLE!$F$15,$M50-$A$15,AR$13)=0,10^12,OFFSET(CRONOPLE!$F$15,$M50-$A$15,AR$13)))","v":1000000000000},{"$f":"IF(OR($D50<>\"Serviço\",AND(AUTOEVENTO=\"Manual\",$M50=$A$15)),0,\n         IF(OFFSET(CRONOPLE!$F$15,$M50-$A$15,AS$13)=0,10^12,OFFSET(CRONOPLE!$F$15,$M50-$A$15,AS$13)))","v":1000000000000},{"$f":"IF(OR($D50<>\"Serviço\",AND(AUTOEVENTO=\"Manual\",$M50=$A$15)),0,\n         IF(OFFSET(CRONOPLE!$F$15,$M50-$A$15,AT$13)=0,10^12,OFFSET(CRONOPLE!$F$15,$M50-$A$15,AT$13)))","v":1000000000000},{"$f":"IF(OR($D50<>\"Serviço\",AND(AUTOEVENTO=\"Manual\",$M50=$A$15)),0,\n         IF(OFFSET(CRONOPLE!$F$15,$M50-$A$15,AU$13)=0,10^12,OFFSET(CRONOPLE!$F$15,$M50-$A$15,AU$13)))","v":1000000000000},{"$f":"IF(OR($D50<>\"Serviço\",AND(AUTOEVENTO=\"Manual\",$M50=$A$15)),0,\n         IF(OFFSET(CRONOPLE!$F$15,$M50-$A$15,AV$13)=0,10^12,OFFSET(CRONOPLE!$F$15,$M50-$A$15,AV$13)))","v":1000000000000},null,{"$f":"IF(OR($D50<>\"Serviço\",AND(AUTOEVENTO=\"Manual\",$M50=$A$15),$M50>(ROW(PLE.lastrow)-ROW(PLE.firstrow))),0,\n           IF(OFFSET(PLE!$G$15,$M50-$A$15,AX$13)=\"\",10^12,OFFSET(PLE!$G$15,$M50-$A$15,AX$13)))","v":1000000000000},{"$f":"IF(OR($D50<>\"Serviço\",AND(AUTOEVENTO=\"Manual\",$M50=$A$15),$M50>(ROW(PLE.lastrow)-ROW(PLE.firstrow))),0,\n           IF(OFFSET(PLE!$G$15,$M50-$A$15,AY$13)=\"\",10^12,OFFSET(PLE!$G$15,$M50-$A$15,AY$13)))","v":1000000000000},{"$f":"IF(OR($D50<>\"Serviço\",AND(AUTOEVENTO=\"Manual\",$M50=$A$15),$M50>(ROW(PLE.lastrow)-ROW(PLE.firstrow))),0,\n           IF(OFFSET(PLE!$G$15,$M50-$A$15,AZ$13)=\"\",10^12,OFFSET(PLE!$G$15,$M50-$A$15,AZ$13)))","v":1000000000000},{"$f":"IF(OR($D50<>\"Serviço\",AND(AUTOEVENTO=\"Manual\",$M50=$A$15),$M50>(ROW(PLE.lastrow)-ROW(PLE.firstrow))),0,\n           IF(OFFSET(PLE!$G$15,$M50-$A$15,BA$13)=\"\",10^12,OFFSET(PLE!$G$15,$M50-$A$15,BA$13)))","v":1000000000000},{"$f":"IF(OR($D50<>\"Serviço\",AND(AUTOEVENTO=\"Manual\",$M50=$A$15),$M50>(ROW(PLE.lastrow)-ROW(PLE.firstrow))),0,\n           IF(OFFSET(PLE!$G$15,$M50-$A$15,BB$13)=\"\",10^12,OFFSET(PLE!$G$15,$M50-$A$15,BB$13)))","v":1000000000000},{"$f":"IF(OR($D50<>\"Serviço\",AND(AUTOEVENTO=\"Manual\",$M50=$A$15),$M50>(ROW(PLE.lastrow)-ROW(PLE.firstrow))),0,\n           IF(OFFSET(PLE!$G$15,$M50-$A$15,BC$13)=\"\",10^12,OFFSET(PLE!$G$15,$M50-$A$15,BC$13)))","v":1000000000000},{"$f":"IF(OR($D50<>\"Serviço\",AND(AUTOEVENTO=\"Manual\",$M50=$A$15),$M50>(ROW(PLE.lastrow)-ROW(PLE.firstrow))),0,\n           IF(OFFSET(PLE!$G$15,$M50-$A$15,BD$13)=\"\",10^12,OFFSET(PLE!$G$15,$M50-$A$15,BD$13)))","v":1000000000000},{"$f":"IF(OR($D50<>\"Serviço\",AND(AUTOEVENTO=\"Manual\",$M50=$A$15),$M50>(ROW(PLE.lastrow)-ROW(PLE.firstrow))),0,\n           IF(OFFSET(PLE!$G$15,$M50-$A$15,BE$13)=\"\",10^12,OFFSET(PLE!$G$15,$M50-$A$15,BE$13)))","v":1000000000000},{"$f":"IF(OR($D50<>\"Serviço\",AND(AUTOEVENTO=\"Manual\",$M50=$A$15),$M50>(ROW(PLE.lastrow)-ROW(PLE.firstrow))),0,\n           IF(OFFSET(PLE!$G$15,$M50-$A$15,BF$13)=\"\",10^12,OFFSET(PLE!$G$15,$M50-$A$15,BF$13)))","v":1000000000000},{"$f":"IF(OR($D50<>\"Serviço\",AND(AUTOEVENTO=\"Manual\",$M50=$A$15),$M50>(ROW(PLE.lastrow)-ROW(PLE.firstrow))),0,\n           IF(OFFSET(PLE!$G$15,$M50-$A$15,BG$13)=\"\",10^12,OFFSET(PLE!$G$15,$M50-$A$15,BG$13)))","v":1000000000000}]
["10",{"$f":"OFFSET(ORÇAMENTO!C$15,ROW(B51)-ROW(B$15),0)","v":"S"},{"$f":"OFFSET(ORÇAMENTO!L$15,ROW(C51)-ROW(C$15),0)","v":""},{"$f":"OFFSET(ORÇAMENTO!N$15,ROW(D51)-ROW(D$15),0)","v":"Serviço"},{"$f":"OFFSET(ORÇAMENTO!O$15,ROW(E51)-ROW(E$15),0)","v":"-"},{"$f":"OFFSET(ORÇAMENTO!R$15,ROW(F51)-ROW(F$15),0)","v":"(Sem Código)"},{"$f":"IF($D51<>\"Serviço\",\"\",OFFSET(ORÇAMENTO!S$15,ROW(G51)-ROW(G$15),0))","v":"-"},{"$f":"IF($D51<>\"Serviço\",0,IF(ACOMPANHAMENTO=\"BM\",ROUND(OFFSET(ORÇAMENTO!AJ$15,ROW(H51)-ROW(H$15),0),15-13*ORÇAMENTO!$AF$7),SUMPRODUCT(($Q$1:$AA$1=1)*ROUND($Q51:$AA51,15-13*ORÇAMENTO!$AF$7))))","v":0},null,{"$f":"IF(OR(B51<>\"S\",CÁLCULO.FrentesPreenchidas=0),\"\",IF(AND(ACOMPANHAMENTO=\"PLE\",AUTOEVENTO=\"Manual\",OR(H51>0,ORÇAMENTO!AC51=\"QUANT.\"),OR(K51=\"\",M51=0,N51=\"\")),\"►E\",IF(AND(ACOMPANHAMENTO=\"PLE\",ORÇAMENTO!AC51=\"QUANT.\"),\"►Q\",IF(AND(ACOMPANHAMENTO=\"PLE\",H51<>SUMPRODUCT(($Q$1:$AA$1=1)*ROUND(Q51:AA51,15))),\"►S\",IF(AND(COUNTIF($P$11:$AA$11,\"▼\")=0,H51>0,I51=\"\"),\"◄M\",\"\")))))","v":{"$error":"#NAME?"}},null,".",{"$f":"IF($D51<>\"Serviço\",\"\",\n          IF(AUTOEVENTO=\"manual\",$A51,\n                IF(ISERROR(MATCH($A51,$A$15:OFFSET($A51,-1,0),0)),MAX($M$15:OFFSET(M51,-1,0))+1,\n                      INDEX($M$15:OFFSET(M51,-1,0),MATCH($A51,$A$15:OFFSET($A51,-1,0),0)))))","v":2},{"$f":"IF($D51<>\"Serviço\",\"\",\n         IF(AUTOEVENTO=\"Manual\",\n                IF($A51=0,\"<-- defina o número do agrupador\",\n                       OFFSET(EVENTOS!$D$15,$A51-$A$15,0)),\n                OFFSET($F$15,$A51,0)))","v":"REDE DE DISTRUIBUIÇÃO"},null,null,null,null,null,null,null,null,null,null,null,null,null,{"$f":"IF(AND($D51=\"Serviço\",AB$12<>0,$H51>0,OR(AUTOEVENTO<>\"manual\",$M51<>$A$15)),\n        IF(Import.TipoArredondamento<>\"TransfereGOV\",\n              ROUND(OFFSET($P51,0,AB$13),15-13*ORÇAMENTO!$AF$7)/$H51*OFFSET(ORÇAMENTO!$X$15,ROW(AB51)-ROW(AB$15),0),\n              ROUND(ROUND(OFFSET($P51,0,AB$13),15-13*ORÇAMENTO!$AF$7)*OFFSET(ORÇAMENTO!$W$15,ROW(AB51)-ROW(AB$15),0),15-13*ORÇAMENTO!$AF$11)),\n         0)","v":0},{"$f":"IF(AND($D51=\"Serviço\",AC$12<>0,$H51>0,OR(AUTOEVENTO<>\"manual\",$M51<>$A$15)),\n        IF(Import.TipoArredondamento<>\"TransfereGOV\",\n              ROUND(OFFSET($P51,0,AC$13),15-13*ORÇAMENTO!$AF$7)/$H51*OFFSET(ORÇAMENTO!$X$15,ROW(AC51)-ROW(AC$15),0),\n              ROUND(ROUND(OFFSET($P51,0,AC$13),15-13*ORÇAMENTO!$AF$7)*OFFSET(ORÇAMENTO!$W$15,ROW(AC51)-ROW(AC$15),0),15-13*ORÇAMENTO!$AF$11)),\n         0)","v":0},{"$f":"IF(AND($D51=\"Serviço\",AD$12<>0,$H51>0,OR(AUTOEVENTO<>\"manual\",$M51<>$A$15)),\n        IF(Import.TipoArredondamento<>\"TransfereGOV\",\n              ROUND(OFFSET($P51,0,AD$13),15-13*ORÇAMENTO!$AF$7)/$H51*OFFSET(ORÇAMENTO!$X$15,ROW(AD51)-ROW(AD$15),0),\n              ROUND(ROUND(OFFSET($P51,0,AD$13),15-13*ORÇAMENTO!$AF$7)*OFFSET(ORÇAMENTO!$W$15,ROW(AD51)-ROW(AD$15),0),15-13*ORÇAMENTO!$AF$11)),\n         0)","v":0},{"$f":"IF(AND($D51=\"Serviço\",AE$12<>0,$H51>0,OR(AUTOEVENTO<>\"manual\",$M51<>$A$15)),\n        IF(Import.TipoArredondamento<>\"TransfereGOV\",\n              ROUND(OFFSET($P51,0,AE$13),15-13*ORÇAMENTO!$AF$7)/$H51*OFFSET(ORÇAMENTO!$X$15,ROW(AE51)-ROW(AE$15),0),\n              ROUND(ROUND(OFFSET($P51,0,AE$13),15-13*ORÇAMENTO!$AF$7)*OFFSET(ORÇAMENTO!$W$15,ROW(AE51)-ROW(AE$15),0),15-13*ORÇAMENTO!$AF$11)),\n         0)","v":0},{"$f":"IF(AND($D51=\"Serviço\",AF$12<>0,$H51>0,OR(AUTOEVENTO<>\"manual\",$M51<>$A$15)),\n        IF(Import.TipoArredondamento<>\"TransfereGOV\",\n              ROUND(OFFSET($P51,0,AF$13),15-13*ORÇAMENTO!$AF$7)/$H51*OFFSET(ORÇAMENTO!$X$15,ROW(AF51)-ROW(AF$15),0),\n              ROUND(ROUND(OFFSET($P51,0,AF$13),15-13*ORÇAMENTO!$AF$7)*OFFSET(ORÇAMENTO!$W$15,ROW(AF51)-ROW(AF$15),0),15-13*ORÇAMENTO!$AF$11)),\n         0)","v":0},{"$f":"IF(AND($D51=\"Serviço\",AG$12<>0,$H51>0,OR(AUTOEVENTO<>\"manual\",$M51<>$A$15)),\n        IF(Import.TipoArredondamento<>\"TransfereGOV\",\n              ROUND(OFFSET($P51,0,AG$13),15-13*ORÇAMENTO!$AF$7)/$H51*OFFSET(ORÇAMENTO!$X$15,ROW(AG51)-ROW(AG$15),0),\n              ROUND(ROUND(OFFSET($P51,0,AG$13),15-13*ORÇAMENTO!$AF$7)*OFFSET(ORÇAMENTO!$W$15,ROW(AG51)-ROW(AG$15),0),15-13*ORÇAMENTO!$AF$11)),\n         0)","v":0},{"$f":"IF(AND($D51=\"Serviço\",AH$12<>0,$H51>0,OR(AUTOEVENTO<>\"manual\",$M51<>$A$15)),\n        IF(Import.TipoArredondamento<>\"TransfereGOV\",\n              ROUND(OFFSET($P51,0,AH$13),15-13*ORÇAMENTO!$AF$7)/$H51*OFFSET(ORÇAMENTO!$X$15,ROW(AH51)-ROW(AH$15),0),\n              ROUND(ROUND(OFFSET($P51,0,AH$13),15-13*ORÇAMENTO!$AF$7)*OFFSET(ORÇAMENTO!$W$15,ROW(AH51)-ROW(AH$15),0),15-13*ORÇAMENTO!$AF$11)),\n         0)","v":0},{"$f":"IF(AND($D51=\"Serviço\",AI$12<>0,$H51>0,OR(AUTOEVENTO<>\"manual\",$M51<>$A$15)),\n        IF(Import.TipoArredondamento<>\"TransfereGOV\",\n              ROUND(OFFSET($P51,0,AI$13),15-13*ORÇAMENTO!$AF$7)/$H51*OFFSET(ORÇAMENTO!$X$15,ROW(AI51)-ROW(AI$15),0),\n              ROUND(ROUND(OFFSET($P51,0,AI$13),15-13*ORÇAMENTO!$AF$7)*OFFSET(ORÇAMENTO!$W$15,ROW(AI51)-ROW(AI$15),0),15-13*ORÇAMENTO!$AF$11)),\n         0)","v":0},{"$f":"IF(AND($D51=\"Serviço\",AJ$12<>0,$H51>0,OR(AUTOEVENTO<>\"manual\",$M51<>$A$15)),\n        IF(Import.TipoArredondamento<>\"TransfereGOV\",\n              ROUND(OFFSET($P51,0,AJ$13),15-13*ORÇAMENTO!$AF$7)/$H51*OFFSET(ORÇAMENTO!$X$15,ROW(AJ51)-ROW(AJ$15),0),\n              ROUND(ROUND(OFFSET($P51,0,AJ$13),15-13*ORÇAMENTO!$AF$7)*OFFSET(ORÇAMENTO!$W$15,ROW(AJ51)-ROW(AJ$15),0),15-13*ORÇAMENTO!$AF$11)),\n         0)","v":0},{"$f":"IF(AND($D51=\"Serviço\",AK$12<>0,$H51>0,OR(AUTOEVENTO<>\"manual\",$M51<>$A$15)),\n        IF(Import.TipoArredondamento<>\"TransfereGOV\",\n              ROUND(OFFSET($P51,0,AK$13),15-13*ORÇAMENTO!$AF$7)/$H51*OFFSET(ORÇAMENTO!$X$15,ROW(AK51)-ROW(AK$15),0),\n              ROUND(ROUND(OFFSET($P51,0,AK$13),15-13*ORÇAMENTO!$AF$7)*OFFSET(ORÇAMENTO!$W$15,ROW(AK51)-ROW(AK$15),0),15-13*ORÇAMENTO!$AF$11)),\n         0)","v":0},null,{"$f":"IF(OR($D51<>\"Serviço\",AND(AUTOEVENTO=\"Manual\",$M51=$A$15)),0,\n         IF(OFFSET(CRONOPLE!$F$15,$M51-$A$15,AM$13)=0,10^12,OFFSET(CRONOPLE!$F$15,$M51-$A$15,AM$13)))","v":1},{"$f":"IF(OR($D51<>\"Serviço\",AND(AUTOEVENTO=\"Manual\",$M51=$A$15)),0,\n         IF(OFFSET(CRONOPLE!$F$15,$M51-$A$15,AN$13)=0,10^12,OFFSET(CRONOPLE!$F$15,$M51-$A$15,AN$13)))","v":2},{"$f":"IF(OR($D51<>\"Serviço\",AND(AUTOEVENTO=\"Manual\",$M51=$A$15)),0,\n         IF(OFFSET(CRONOPLE!$F$15,$M51-$A$15,AO$13)=0,10^12,OFFSET(CRONOPLE!$F$15,$M51-$A$15,AO$13)))","v":1000000000000},{"$f":"IF(OR($D51<>\"Serviço\",AND(AUTOEVENTO=\"Manual\",$M51=$A$15)),0,\n         IF(OFFSET(CRONOPLE!$F$15,$M51-$A$15,AP$13)=0,10^12,OFFSET(CRONOPLE!$F$15,$M51-$A$15,AP$13)))","v":1000000000000},{"$f":"IF(OR($D51<>\"Serviço\",AND(AUTOEVENTO=\"Manual\",$M51=$A$15)),0,\n         IF(OFFSET(CRONOPLE!$F$15,$M51-$A$15,AQ$13)=0,10^12,OFFSET(CRONOPLE!$F$15,$M51-$A$15,AQ$13)))","v":1000000000000},{"$f":"IF(OR($D51<>\"Serviço\",AND(AUTOEVENTO=\"Manual\",$M51=$A$15)),0,\n         IF(OFFSET(CRONOPLE!$F$15,$M51-$A$15,AR$13)=0,10^12,OFFSET(CRONOPLE!$F$15,$M51-$A$15,AR$13)))","v":1000000000000},{"$f":"IF(OR($D51<>\"Serviço\",AND(AUTOEVENTO=\"Manual\",$M51=$A$15)),0,\n         IF(OFFSET(CRONOPLE!$F$15,$M51-$A$15,AS$13)=0,10^12,OFFSET(CRONOPLE!$F$15,$M51-$A$15,AS$13)))","v":1000000000000},{"$f":"IF(OR($D51<>\"Serviço\",AND(AUTOEVENTO=\"Manual\",$M51=$A$15)),0,\n         IF(OFFSET(CRONOPLE!$F$15,$M51-$A$15,AT$13)=0,10^12,OFFSET(CRONOPLE!$F$15,$M51-$A$15,AT$13)))","v":1000000000000},{"$f":"IF(OR($D51<>\"Serviço\",AND(AUTOEVENTO=\"Manual\",$M51=$A$15)),0,\n         IF(OFFSET(CRONOPLE!$F$15,$M51-$A$15,AU$13)=0,10^12,OFFSET(CRONOPLE!$F$15,$M51-$A$15,AU$13)))","v":1000000000000},{"$f":"IF(OR($D51<>\"Serviço\",AND(AUTOEVENTO=\"Manual\",$M51=$A$15)),0,\n         IF(OFFSET(CRONOPLE!$F$15,$M51-$A$15,AV$13)=0,10^12,OFFSET(CRONOPLE!$F$15,$M51-$A$15,AV$13)))","v":1000000000000},null,{"$f":"IF(OR($D51<>\"Serviço\",AND(AUTOEVENTO=\"Manual\",$M51=$A$15),$M51>(ROW(PLE.lastrow)-ROW(PLE.firstrow))),0,\n           IF(OFFSET(PLE!$G$15,$M51-$A$15,AX$13)=\"\",10^12,OFFSET(PLE!$G$15,$M51-$A$15,AX$13)))","v":1000000000000},{"$f":"IF(OR($D51<>\"Serviço\",AND(AUTOEVENTO=\"Manual\",$M51=$A$15),$M51>(ROW(PLE.lastrow)-ROW(PLE.firstrow))),0,\n           IF(OFFSET(PLE!$G$15,$M51-$A$15,AY$13)=\"\",10^12,OFFSET(PLE!$G$15,$M51-$A$15,AY$13)))","v":1000000000000},{"$f":"IF(OR($D51<>\"Serviço\",AND(AUTOEVENTO=\"Manual\",$M51=$A$15),$M51>(ROW(PLE.lastrow)-ROW(PLE.firstrow))),0,\n           IF(OFFSET(PLE!$G$15,$M51-$A$15,AZ$13)=\"\",10^12,OFFSET(PLE!$G$15,$M51-$A$15,AZ$13)))","v":1000000000000},{"$f":"IF(OR($D51<>\"Serviço\",AND(AUTOEVENTO=\"Manual\",$M51=$A$15),$M51>(ROW(PLE.lastrow)-ROW(PLE.firstrow))),0,\n           IF(OFFSET(PLE!$G$15,$M51-$A$15,BA$13)=\"\",10^12,OFFSET(PLE!$G$15,$M51-$A$15,BA$13)))","v":1000000000000},{"$f":"IF(OR($D51<>\"Serviço\",AND(AUTOEVENTO=\"Manual\",$M51=$A$15),$M51>(ROW(PLE.lastrow)-ROW(PLE.firstrow))),0,\n           IF(OFFSET(PLE!$G$15,$M51-$A$15,BB$13)=\"\",10^12,OFFSET(PLE!$G$15,$M51-$A$15,BB$13)))","v":1000000000000},{"$f":"IF(OR($D51<>\"Serviço\",AND(AUTOEVENTO=\"Manual\",$M51=$A$15),$M51>(ROW(PLE.lastrow)-ROW(PLE.firstrow))),0,\n           IF(OFFSET(PLE!$G$15,$M51-$A$15,BC$13)=\"\",10^12,OFFSET(PLE!$G$15,$M51-$A$15,BC$13)))","v":1000000000000},{"$f":"IF(OR($D51<>\"Serviço\",AND(AUTOEVENTO=\"Manual\",$M51=$A$15),$M51>(ROW(PLE.lastrow)-ROW(PLE.firstrow))),0,\n           IF(OFFSET(PLE!$G$15,$M51-$A$15,BD$13)=\"\",10^12,OFFSET(PLE!$G$15,$M51-$A$15,BD$13)))","v":1000000000000},{"$f":"IF(OR($D51<>\"Serviço\",AND(AUTOEVENTO=\"Manual\",$M51=$A$15),$M51>(ROW(PLE.lastrow)-ROW(PLE.firstrow))),0,\n           IF(OFFSET(PLE!$G$15,$M51-$A$15,BE$13)=\"\",10^12,OFFSET(PLE!$G$15,$M51-$A$15,BE$13)))","v":1000000000000},{"$f":"IF(OR($D51<>\"Serviço\",AND(AUTOEVENTO=\"Manual\",$M51=$A$15),$M51>(ROW(PLE.lastrow)-ROW(PLE.firstrow))),0,\n           IF(OFFSET(PLE!$G$15,$M51-$A$15,BF$13)=\"\",10^12,OFFSET(PLE!$G$15,$M51-$A$15,BF$13)))","v":1000000000000},{"$f":"IF(OR($D51<>\"Serviço\",AND(AUTOEVENTO=\"Manual\",$M51=$A$15),$M51>(ROW(PLE.lastrow)-ROW(PLE.firstrow))),0,\n           IF(OFFSET(PLE!$G$15,$M51-$A$15,BG$13)=\"\",10^12,OFFSET(PLE!$G$15,$M51-$A$15,BG$13)))","v":1000000000000}]
["10",{"$f":"OFFSET(ORÇAMENTO!C$15,ROW(B52)-ROW(B$15),0)","v":"S"},{"$f":"OFFSET(ORÇAMENTO!L$15,ROW(C52)-ROW(C$15),0)","v":""},{"$f":"OFFSET(ORÇAMENTO!N$15,ROW(D52)-ROW(D$15),0)","v":"Serviço"},{"$f":"OFFSET(ORÇAMENTO!O$15,ROW(E52)-ROW(E$15),0)","v":"-"},{"$f":"OFFSET(ORÇAMENTO!R$15,ROW(F52)-ROW(F$15),0)","v":"(Sem Código)"},{"$f":"IF($D52<>\"Serviço\",\"\",OFFSET(ORÇAMENTO!S$15,ROW(G52)-ROW(G$15),0))","v":"-"},{"$f":"IF($D52<>\"Serviço\",0,IF(ACOMPANHAMENTO=\"BM\",ROUND(OFFSET(ORÇAMENTO!AJ$15,ROW(H52)-ROW(H$15),0),15-13*ORÇAMENTO!$AF$7),SUMPRODUCT(($Q$1:$AA$1=1)*ROUND($Q52:$AA52,15-13*ORÇAMENTO!$AF$7))))","v":0},null,{"$f":"IF(OR(B52<>\"S\",CÁLCULO.FrentesPreenchidas=0),\"\",IF(AND(ACOMPANHAMENTO=\"PLE\",AUTOEVENTO=\"Manual\",OR(H52>0,ORÇAMENTO!AC52=\"QUANT.\"),OR(K52=\"\",M52=0,N52=\"\")),\"►E\",IF(AND(ACOMPANHAMENTO=\"PLE\",ORÇAMENTO!AC52=\"QUANT.\"),\"►Q\",IF(AND(ACOMPANHAMENTO=\"PLE\",H52<>SUMPRODUCT(($Q$1:$AA$1=1)*ROUND(Q52:AA52,15))),\"►S\",IF(AND(COUNTIF($P$11:$AA$11,\"▼\")=0,H52>0,I52=\"\"),\"◄M\",\"\")))))","v":{"$error":"#NAME?"}},null,".",{"$f":"IF($D52<>\"Serviço\",\"\",\n          IF(AUTOEVENTO=\"manual\",$A52,\n                IF(ISERROR(MATCH($A52,$A$15:OFFSET($A52,-1,0),0)),MAX($M$15:OFFSET(M52,-1,0))+1,\n                      INDEX($M$15:OFFSET(M52,-1,0),MATCH($A52,$A$15:OFFSET($A52,-1,0),0)))))","v":2},{"$f":"IF($D52<>\"Serviço\",\"\",\n         IF(AUTOEVENTO=\"Manual\",\n                IF($A52=0,\"<-- defina o número do agrupador\",\n                       OFFSET(EVENTOS!$D$15,$A52-$A$15,0)),\n                OFFSET($F$15,$A52,0)))","v":"REDE DE DISTRUIBUIÇÃO"},null,null,null,null,null,null,null,null,null,null,null,null,null,{"$f":"IF(AND($D52=\"Serviço\",AB$12<>0,$H52>0,OR(AUTOEVENTO<>\"manual\",$M52<>$A$15)),\n        IF(Import.TipoArredondamento<>\"TransfereGOV\",\n              ROUND(OFFSET($P52,0,AB$13),15-13*ORÇAMENTO!$AF$7)/$H52*OFFSET(ORÇAMENTO!$X$15,ROW(AB52)-ROW(AB$15),0),\n              ROUND(ROUND(OFFSET($P52,0,AB$13),15-13*ORÇAMENTO!$AF$7)*OFFSET(ORÇAMENTO!$W$15,ROW(AB52)-ROW(AB$15),0),15-13*ORÇAMENTO!$AF$11)),\n         0)","v":0},{"$f":"IF(AND($D52=\"Serviço\",AC$12<>0,$H52>0,OR(AUTOEVENTO<>\"manual\",$M52<>$A$15)),\n        IF(Import.TipoArredondamento<>\"TransfereGOV\",\n              ROUND(OFFSET($P52,0,AC$13),15-13*ORÇAMENTO!$AF$7)/$H52*OFFSET(ORÇAMENTO!$X$15,ROW(AC52)-ROW(AC$15),0),\n              ROUND(ROUND(OFFSET($P52,0,AC$13),15-13*ORÇAMENTO!$AF$7)*OFFSET(ORÇAMENTO!$W$15,ROW(AC52)-ROW(AC$15),0),15-13*ORÇAMENTO!$AF$11)),\n         0)","v":0},{"$f":"IF(AND($D52=\"Serviço\",AD$12<>0,$H52>0,OR(AUTOEVENTO<>\"manual\",$M52<>$A$15)),\n        IF(Import.TipoArredondamento<>\"TransfereGOV\",\n              ROUND(OFFSET($P52,0,AD$13),15-13*ORÇAMENTO!$AF$7)/$H52*OFFSET(ORÇAMENTO!$X$15,ROW(AD52)-ROW(AD$15),0),\n              ROUND(ROUND(OFFSET($P52,0,AD$13),15-13*ORÇAMENTO!$AF$7)*OFFSET(ORÇAMENTO!$W$15,ROW(AD52)-ROW(AD$15),0),15-13*ORÇAMENTO!$AF$11)),\n         0)","v":0},{"$f":"IF(AND($D52=\"Serviço\",AE$12<>0,$H52>0,OR(AUTOEVENTO<>\"manual\",$M52<>$A$15)),\n        IF(Import.TipoArredondamento<>\"TransfereGOV\",\n              ROUND(OFFSET($P52,0,AE$13),15-13*ORÇAMENTO!$AF$7)/$H52*OFFSET(ORÇAMENTO!$X$15,ROW(AE52)-ROW(AE$15),0),\n              ROUND(ROUND(OFFSET($P52,0,AE$13),15-13*ORÇAMENTO!$AF$7)*OFFSET(ORÇAMENTO!$W$15,ROW(AE52)-ROW(AE$15),0),15-13*ORÇAMENTO!$AF$11)),\n         0)","v":0},{"$f":"IF(AND($D52=\"Serviço\",AF$12<>0,$H52>0,OR(AUTOEVENTO<>\"manual\",$M52<>$A$15)),\n        IF(Import.TipoArredondamento<>\"TransfereGOV\",\n              ROUND(OFFSET($P52,0,AF$13),15-13*ORÇAMENTO!$AF$7)/$H52*OFFSET(ORÇAMENTO!$X$15,ROW(AF52)-ROW(AF$15),0),\n              ROUND(ROUND(OFFSET($P52,0,AF$13),15-13*ORÇAMENTO!$AF$7)*OFFSET(ORÇAMENTO!$W$15,ROW(AF52)-ROW(AF$15),0),15-13*ORÇAMENTO!$AF$11)),\n         0)","v":0},{"$f":"IF(AND($D52=\"Serviço\",AG$12<>0,$H52>0,OR(AUTOEVENTO<>\"manual\",$M52<>$A$15)),\n        IF(Import.TipoArredondamento<>\"TransfereGOV\",\n              ROUND(OFFSET($P52,0,AG$13),15-13*ORÇAMENTO!$AF$7)/$H52*OFFSET(ORÇAMENTO!$X$15,ROW(AG52)-ROW(AG$15),0),\n              ROUND(ROUND(OFFSET($P52,0,AG$13),15-13*ORÇAMENTO!$AF$7)*OFFSET(ORÇAMENTO!$W$15,ROW(AG52)-ROW(AG$15),0),15-13*ORÇAMENTO!$AF$11)),\n         0)","v":0},{"$f":"IF(AND($D52=\"Serviço\",AH$12<>0,$H52>0,OR(AUTOEVENTO<>\"manual\",$M52<>$A$15)),\n        IF(Import.TipoArredondamento<>\"TransfereGOV\",\n              ROUND(OFFSET($P52,0,AH$13),15-13*ORÇAMENTO!$AF$7)/$H52*OFFSET(ORÇAMENTO!$X$15,ROW(AH52)-ROW(AH$15),0),\n              ROUND(ROUND(OFFSET($P52,0,AH$13),15-13*ORÇAMENTO!$AF$7)*OFFSET(ORÇAMENTO!$W$15,ROW(AH52)-ROW(AH$15),0),15-13*ORÇAMENTO!$AF$11)),\n         0)","v":0},{"$f":"IF(AND($D52=\"Serviço\",AI$12<>0,$H52>0,OR(AUTOEVENTO<>\"manual\",$M52<>$A$15)),\n        IF(Import.TipoArredondamento<>\"TransfereGOV\",\n              ROUND(OFFSET($P52,0,AI$13),15-13*ORÇAMENTO!$AF$7)/$H52*OFFSET(ORÇAMENTO!$X$15,ROW(AI52)-ROW(AI$15),0),\n              ROUND(ROUND(OFFSET($P52,0,AI$13),15-13*ORÇAMENTO!$AF$7)*OFFSET(ORÇAMENTO!$W$15,ROW(AI52)-ROW(AI$15),0),15-13*ORÇAMENTO!$AF$11)),\n         0)","v":0},{"$f":"IF(AND($D52=\"Serviço\",AJ$12<>0,$H52>0,OR(AUTOEVENTO<>\"manual\",$M52<>$A$15)),\n        IF(Import.TipoArredondamento<>\"TransfereGOV\",\n              ROUND(OFFSET($P52,0,AJ$13),15-13*ORÇAMENTO!$AF$7)/$H52*OFFSET(ORÇAMENTO!$X$15,ROW(AJ52)-ROW(AJ$15),0),\n              ROUND(ROUND(OFFSET($P52,0,AJ$13),15-13*ORÇAMENTO!$AF$7)*OFFSET(ORÇAMENTO!$W$15,ROW(AJ52)-ROW(AJ$15),0),15-13*ORÇAMENTO!$AF$11)),\n         0)","v":0},{"$f":"IF(AND($D52=\"Serviço\",AK$12<>0,$H52>0,OR(AUTOEVENTO<>\"manual\",$M52<>$A$15)),\n        IF(Import.TipoArredondamento<>\"TransfereGOV\",\n              ROUND(OFFSET($P52,0,AK$13),15-13*ORÇAMENTO!$AF$7)/$H52*OFFSET(ORÇAMENTO!$X$15,ROW(AK52)-ROW(AK$15),0),\n              ROUND(ROUND(OFFSET($P52,0,AK$13),15-13*ORÇAMENTO!$AF$7)*OFFSET(ORÇAMENTO!$W$15,ROW(AK52)-ROW(AK$15),0),15-13*ORÇAMENTO!$AF$11)),\n         0)","v":0},null,{"$f":"IF(OR($D52<>\"Serviço\",AND(AUTOEVENTO=\"Manual\",$M52=$A$15)),0,\n         IF(OFFSET(CRONOPLE!$F$15,$M52-$A$15,AM$13)=0,10^12,OFFSET(CRONOPLE!$F$15,$M52-$A$15,AM$13)))","v":1},{"$f":"IF(OR($D52<>\"Serviço\",AND(AUTOEVENTO=\"Manual\",$M52=$A$15)),0,\n         IF(OFFSET(CRONOPLE!$F$15,$M52-$A$15,AN$13)=0,10^12,OFFSET(CRONOPLE!$F$15,$M52-$A$15,AN$13)))","v":2},{"$f":"IF(OR($D52<>\"Serviço\",AND(AUTOEVENTO=\"Manual\",$M52=$A$15)),0,\n         IF(OFFSET(CRONOPLE!$F$15,$M52-$A$15,AO$13)=0,10^12,OFFSET(CRONOPLE!$F$15,$M52-$A$15,AO$13)))","v":1000000000000},{"$f":"IF(OR($D52<>\"Serviço\",AND(AUTOEVENTO=\"Manual\",$M52=$A$15)),0,\n         IF(OFFSET(CRONOPLE!$F$15,$M52-$A$15,AP$13)=0,10^12,OFFSET(CRONOPLE!$F$15,$M52-$A$15,AP$13)))","v":1000000000000},{"$f":"IF(OR($D52<>\"Serviço\",AND(AUTOEVENTO=\"Manual\",$M52=$A$15)),0,\n         IF(OFFSET(CRONOPLE!$F$15,$M52-$A$15,AQ$13)=0,10^12,OFFSET(CRONOPLE!$F$15,$M52-$A$15,AQ$13)))","v":1000000000000},{"$f":"IF(OR($D52<>\"Serviço\",AND(AUTOEVENTO=\"Manual\",$M52=$A$15)),0,\n         IF(OFFSET(CRONOPLE!$F$15,$M52-$A$15,AR$13)=0,10^12,OFFSET(CRONOPLE!$F$15,$M52-$A$15,AR$13)))","v":1000000000000},{"$f":"IF(OR($D52<>\"Serviço\",AND(AUTOEVENTO=\"Manual\",$M52=$A$15)),0,\n         IF(OFFSET(CRONOPLE!$F$15,$M52-$A$15,AS$13)=0,10^12,OFFSET(CRONOPLE!$F$15,$M52-$A$15,AS$13)))","v":1000000000000},{"$f":"IF(OR($D52<>\"Serviço\",AND(AUTOEVENTO=\"Manual\",$M52=$A$15)),0,\n         IF(OFFSET(CRONOPLE!$F$15,$M52-$A$15,AT$13)=0,10^12,OFFSET(CRONOPLE!$F$15,$M52-$A$15,AT$13)))","v":1000000000000},{"$f":"IF(OR($D52<>\"Serviço\",AND(AUTOEVENTO=\"Manual\",$M52=$A$15)),0,\n         IF(OFFSET(CRONOPLE!$F$15,$M52-$A$15,AU$13)=0,10^12,OFFSET(CRONOPLE!$F$15,$M52-$A$15,AU$13)))","v":1000000000000},{"$f":"IF(OR($D52<>\"Serviço\",AND(AUTOEVENTO=\"Manual\",$M52=$A$15)),0,\n         IF(OFFSET(CRONOPLE!$F$15,$M52-$A$15,AV$13)=0,10^12,OFFSET(CRONOPLE!$F$15,$M52-$A$15,AV$13)))","v":1000000000000},null,{"$f":"IF(OR($D52<>\"Serviço\",AND(AUTOEVENTO=\"Manual\",$M52=$A$15),$M52>(ROW(PLE.lastrow)-ROW(PLE.firstrow))),0,\n           IF(OFFSET(PLE!$G$15,$M52-$A$15,AX$13)=\"\",10^12,OFFSET(PLE!$G$15,$M52-$A$15,AX$13)))","v":1000000000000},{"$f":"IF(OR($D52<>\"Serviço\",AND(AUTOEVENTO=\"Manual\",$M52=$A$15),$M52>(ROW(PLE.lastrow)-ROW(PLE.firstrow))),0,\n           IF(OFFSET(PLE!$G$15,$M52-$A$15,AY$13)=\"\",10^12,OFFSET(PLE!$G$15,$M52-$A$15,AY$13)))","v":1000000000000},{"$f":"IF(OR($D52<>\"Serviço\",AND(AUTOEVENTO=\"Manual\",$M52=$A$15),$M52>(ROW(PLE.lastrow)-ROW(PLE.firstrow))),0,\n           IF(OFFSET(PLE!$G$15,$M52-$A$15,AZ$13)=\"\",10^12,OFFSET(PLE!$G$15,$M52-$A$15,AZ$13)))","v":1000000000000},{"$f":"IF(OR($D52<>\"Serviço\",AND(AUTOEVENTO=\"Manual\",$M52=$A$15),$M52>(ROW(PLE.lastrow)-ROW(PLE.firstrow))),0,\n           IF(OFFSET(PLE!$G$15,$M52-$A$15,BA$13)=\"\",10^12,OFFSET(PLE!$G$15,$M52-$A$15,BA$13)))","v":1000000000000},{"$f":"IF(OR($D52<>\"Serviço\",AND(AUTOEVENTO=\"Manual\",$M52=$A$15),$M52>(ROW(PLE.lastrow)-ROW(PLE.firstrow))),0,\n           IF(OFFSET(PLE!$G$15,$M52-$A$15,BB$13)=\"\",10^12,OFFSET(PLE!$G$15,$M52-$A$15,BB$13)))","v":1000000000000},{"$f":"IF(OR($D52<>\"Serviço\",AND(AUTOEVENTO=\"Manual\",$M52=$A$15),$M52>(ROW(PLE.lastrow)-ROW(PLE.firstrow))),0,\n           IF(OFFSET(PLE!$G$15,$M52-$A$15,BC$13)=\"\",10^12,OFFSET(PLE!$G$15,$M52-$A$15,BC$13)))","v":1000000000000},{"$f":"IF(OR($D52<>\"Serviço\",AND(AUTOEVENTO=\"Manual\",$M52=$A$15),$M52>(ROW(PLE.lastrow)-ROW(PLE.firstrow))),0,\n           IF(OFFSET(PLE!$G$15,$M52-$A$15,BD$13)=\"\",10^12,OFFSET(PLE!$G$15,$M52-$A$15,BD$13)))","v":1000000000000},{"$f":"IF(OR($D52<>\"Serviço\",AND(AUTOEVENTO=\"Manual\",$M52=$A$15),$M52>(ROW(PLE.lastrow)-ROW(PLE.firstrow))),0,\n           IF(OFFSET(PLE!$G$15,$M52-$A$15,BE$13)=\"\",10^12,OFFSET(PLE!$G$15,$M52-$A$15,BE$13)))","v":1000000000000},{"$f":"IF(OR($D52<>\"Serviço\",AND(AUTOEVENTO=\"Manual\",$M52=$A$15),$M52>(ROW(PLE.lastrow)-ROW(PLE.firstrow))),0,\n           IF(OFFSET(PLE!$G$15,$M52-$A$15,BF$13)=\"\",10^12,OFFSET(PLE!$G$15,$M52-$A$15,BF$13)))","v":1000000000000},{"$f":"IF(OR($D52<>\"Serviço\",AND(AUTOEVENTO=\"Manual\",$M52=$A$15),$M52>(ROW(PLE.lastrow)-ROW(PLE.firstrow))),0,\n           IF(OFFSET(PLE!$G$15,$M52-$A$15,BG$13)=\"\",10^12,OFFSET(PLE!$G$15,$M52-$A$15,BG$13)))","v":1000000000000}]
["10",{"$f":"OFFSET(ORÇAMENTO!C$15,ROW(B53)-ROW(B$15),0)","v":"S"},{"$f":"OFFSET(ORÇAMENTO!L$15,ROW(C53)-ROW(C$15),0)","v":""},{"$f":"OFFSET(ORÇAMENTO!N$15,ROW(D53)-ROW(D$15),0)","v":"Serviço"},{"$f":"OFFSET(ORÇAMENTO!O$15,ROW(E53)-ROW(E$15),0)","v":"-"},{"$f":"OFFSET(ORÇAMENTO!R$15,ROW(F53)-ROW(F$15),0)","v":"(Sem Código)"},{"$f":"IF($D53<>\"Serviço\",\"\",OFFSET(ORÇAMENTO!S$15,ROW(G53)-ROW(G$15),0))","v":"-"},{"$f":"IF($D53<>\"Serviço\",0,IF(ACOMPANHAMENTO=\"BM\",ROUND(OFFSET(ORÇAMENTO!AJ$15,ROW(H53)-ROW(H$15),0),15-13*ORÇAMENTO!$AF$7),SUMPRODUCT(($Q$1:$AA$1=1)*ROUND($Q53:$AA53,15-13*ORÇAMENTO!$AF$7))))","v":0},null,{"$f":"IF(OR(B53<>\"S\",CÁLCULO.FrentesPreenchidas=0),\"\",IF(AND(ACOMPANHAMENTO=\"PLE\",AUTOEVENTO=\"Manual\",OR(H53>0,ORÇAMENTO!AC53=\"QUANT.\"),OR(K53=\"\",M53=0,N53=\"\")),\"►E\",IF(AND(ACOMPANHAMENTO=\"PLE\",ORÇAMENTO!AC53=\"QUANT.\"),\"►Q\",IF(AND(ACOMPANHAMENTO=\"PLE\",H53<>SUMPRODUCT(($Q$1:$AA$1=1)*ROUND(Q53:AA53,15))),\"►S\",IF(AND(COUNTIF($P$11:$AA$11,\"▼\")=0,H53>0,I53=\"\"),\"◄M\",\"\")))))","v":{"$error":"#NAME?"}},null,".",{"$f":"IF($D53<>\"Serviço\",\"\",\n          IF(AUTOEVENTO=\"manual\",$A53,\n                IF(ISERROR(MATCH($A53,$A$15:OFFSET($A53,-1,0),0)),MAX($M$15:OFFSET(M53,-1,0))+1,\n                      INDEX($M$15:OFFSET(M53,-1,0),MATCH($A53,$A$15:OFFSET($A53,-1,0),0)))))","v":2},{"$f":"IF($D53<>\"Serviço\",\"\",\n         IF(AUTOEVENTO=\"Manual\",\n                IF($A53=0,\"<-- defina o número do agrupador\",\n                       OFFSET(EVENTOS!$D$15,$A53-$A$15,0)),\n                OFFSET($F$15,$A53,0)))","v":"REDE DE DISTRUIBUIÇÃO"},null,null,null,null,null,null,null,null,null,null,null,null,null,{"$f":"IF(AND($D53=\"Serviço\",AB$12<>0,$H53>0,OR(AUTOEVENTO<>\"manual\",$M53<>$A$15)),\n        IF(Import.TipoArredondamento<>\"TransfereGOV\",\n              ROUND(OFFSET($P53,0,AB$13),15-13*ORÇAMENTO!$AF$7)/$H53*OFFSET(ORÇAMENTO!$X$15,ROW(AB53)-ROW(AB$15),0),\n              ROUND(ROUND(OFFSET($P53,0,AB$13),15-13*ORÇAMENTO!$AF$7)*OFFSET(ORÇAMENTO!$W$15,ROW(AB53)-ROW(AB$15),0),15-13*ORÇAMENTO!$AF$11)),\n         0)","v":0},{"$f":"IF(AND($D53=\"Serviço\",AC$12<>0,$H53>0,OR(AUTOEVENTO<>\"manual\",$M53<>$A$15)),\n        IF(Import.TipoArredondamento<>\"TransfereGOV\",\n              ROUND(OFFSET($P53,0,AC$13),15-13*ORÇAMENTO!$AF$7)/$H53*OFFSET(ORÇAMENTO!$X$15,ROW(AC53)-ROW(AC$15),0),\n              ROUND(ROUND(OFFSET($P53,0,AC$13),15-13*ORÇAMENTO!$AF$7)*OFFSET(ORÇAMENTO!$W$15,ROW(AC53)-ROW(AC$15),0),15-13*ORÇAMENTO!$AF$11)),\n         0)","v":0},{"$f":"IF(AND($D53=\"Serviço\",AD$12<>0,$H53>0,OR(AUTOEVENTO<>\"manual\",$M53<>$A$15)),\n        IF(Import.TipoArredondamento<>\"TransfereGOV\",\n              ROUND(OFFSET($P53,0,AD$13),15-13*ORÇAMENTO!$AF$7)/$H53*OFFSET(ORÇAMENTO!$X$15,ROW(AD53)-ROW(AD$15),0),\n              ROUND(ROUND(OFFSET($P53,0,AD$13),15-13*ORÇAMENTO!$AF$7)*OFFSET(ORÇAMENTO!$W$15,ROW(AD53)-ROW(AD$15),0),15-13*ORÇAMENTO!$AF$11)),\n         0)","v":0},{"$f":"IF(AND($D53=\"Serviço\",AE$12<>0,$H53>0,OR(AUTOEVENTO<>\"manual\",$M53<>$A$15)),\n        IF(Import.TipoArredondamento<>\"TransfereGOV\",\n              ROUND(OFFSET($P53,0,AE$13),15-13*ORÇAMENTO!$AF$7)/$H53*OFFSET(ORÇAMENTO!$X$15,ROW(AE53)-ROW(AE$15),0),\n              ROUND(ROUND(OFFSET($P53,0,AE$13),15-13*ORÇAMENTO!$AF$7)*OFFSET(ORÇAMENTO!$W$15,ROW(AE53)-ROW(AE$15),0),15-13*ORÇAMENTO!$AF$11)),\n         0)","v":0},{"$f":"IF(AND($D53=\"Serviço\",AF$12<>0,$H53>0,OR(AUTOEVENTO<>\"manual\",$M53<>$A$15)),\n        IF(Import.TipoArredondamento<>\"TransfereGOV\",\n              ROUND(OFFSET($P53,0,AF$13),15-13*ORÇAMENTO!$AF$7)/$H53*OFFSET(ORÇAMENTO!$X$15,ROW(AF53)-ROW(AF$15),0),\n              ROUND(ROUND(OFFSET($P53,0,AF$13),15-13*ORÇAMENTO!$AF$7)*OFFSET(ORÇAMENTO!$W$15,ROW(AF53)-ROW(AF$15),0),15-13*ORÇAMENTO!$AF$11)),\n         0)","v":0},{"$f":"IF(AND($D53=\"Serviço\",AG$12<>0,$H53>0,OR(AUTOEVENTO<>\"manual\",$M53<>$A$15)),\n        IF(Import.TipoArredondamento<>\"TransfereGOV\",\n              ROUND(OFFSET($P53,0,AG$13),15-13*ORÇAMENTO!$AF$7)/$H53*OFFSET(ORÇAMENTO!$X$15,ROW(AG53)-ROW(AG$15),0),\n              ROUND(ROUND(OFFSET($P53,0,AG$13),15-13*ORÇAMENTO!$AF$7)*OFFSET(ORÇAMENTO!$W$15,ROW(AG53)-ROW(AG$15),0),15-13*ORÇAMENTO!$AF$11)),\n         0)","v":0},{"$f":"IF(AND($D53=\"Serviço\",AH$12<>0,$H53>0,OR(AUTOEVENTO<>\"manual\",$M53<>$A$15)),\n        IF(Import.TipoArredondamento<>\"TransfereGOV\",\n              ROUND(OFFSET($P53,0,AH$13),15-13*ORÇAMENTO!$AF$7)/$H53*OFFSET(ORÇAMENTO!$X$15,ROW(AH53)-ROW(AH$15),0),\n              ROUND(ROUND(OFFSET($P53,0,AH$13),15-13*ORÇAMENTO!$AF$7)*OFFSET(ORÇAMENTO!$W$15,ROW(AH53)-ROW(AH$15),0),15-13*ORÇAMENTO!$AF$11)),\n         0)","v":0},{"$f":"IF(AND($D53=\"Serviço\",AI$12<>0,$H53>0,OR(AUTOEVENTO<>\"manual\",$M53<>$A$15)),\n        IF(Import.TipoArredondamento<>\"TransfereGOV\",\n              ROUND(OFFSET($P53,0,AI$13),15-13*ORÇAMENTO!$AF$7)/$H53*OFFSET(ORÇAMENTO!$X$15,ROW(AI53)-ROW(AI$15),0),\n              ROUND(ROUND(OFFSET($P53,0,AI$13),15-13*ORÇAMENTO!$AF$7)*OFFSET(ORÇAMENTO!$W$15,ROW(AI53)-ROW(AI$15),0),15-13*ORÇAMENTO!$AF$11)),\n         0)","v":0},{"$f":"IF(AND($D53=\"Serviço\",AJ$12<>0,$H53>0,OR(AUTOEVENTO<>\"manual\",$M53<>$A$15)),\n        IF(Import.TipoArredondamento<>\"TransfereGOV\",\n              ROUND(OFFSET($P53,0,AJ$13),15-13*ORÇAMENTO!$AF$7)/$H53*OFFSET(ORÇAMENTO!$X$15,ROW(AJ53)-ROW(AJ$15),0),\n              ROUND(ROUND(OFFSET($P53,0,AJ$13),15-13*ORÇAMENTO!$AF$7)*OFFSET(ORÇAMENTO!$W$15,ROW(AJ53)-ROW(AJ$15),0),15-13*ORÇAMENTO!$AF$11)),\n         0)","v":0},{"$f":"IF(AND($D53=\"Serviço\",AK$12<>0,$H53>0,OR(AUTOEVENTO<>\"manual\",$M53<>$A$15)),\n        IF(Import.TipoArredondamento<>\"TransfereGOV\",\n              ROUND(OFFSET($P53,0,AK$13),15-13*ORÇAMENTO!$AF$7)/$H53*OFFSET(ORÇAMENTO!$X$15,ROW(AK53)-ROW(AK$15),0),\n              ROUND(ROUND(OFFSET($P53,0,AK$13),15-13*ORÇAMENTO!$AF$7)*OFFSET(ORÇAMENTO!$W$15,ROW(AK53)-ROW(AK$15),0),15-13*ORÇAMENTO!$AF$11)),\n         0)","v":0},null,{"$f":"IF(OR($D53<>\"Serviço\",AND(AUTOEVENTO=\"Manual\",$M53=$A$15)),0,\n         IF(OFFSET(CRONOPLE!$F$15,$M53-$A$15,AM$13)=0,10^12,OFFSET(CRONOPLE!$F$15,$M53-$A$15,AM$13)))","v":1},{"$f":"IF(OR($D53<>\"Serviço\",AND(AUTOEVENTO=\"Manual\",$M53=$A$15)),0,\n         IF(OFFSET(CRONOPLE!$F$15,$M53-$A$15,AN$13)=0,10^12,OFFSET(CRONOPLE!$F$15,$M53-$A$15,AN$13)))","v":2},{"$f":"IF(OR($D53<>\"Serviço\",AND(AUTOEVENTO=\"Manual\",$M53=$A$15)),0,\n         IF(OFFSET(CRONOPLE!$F$15,$M53-$A$15,AO$13)=0,10^12,OFFSET(CRONOPLE!$F$15,$M53-$A$15,AO$13)))","v":1000000000000},{"$f":"IF(OR($D53<>\"Serviço\",AND(AUTOEVENTO=\"Manual\",$M53=$A$15)),0,\n         IF(OFFSET(CRONOPLE!$F$15,$M53-$A$15,AP$13)=0,10^12,OFFSET(CRONOPLE!$F$15,$M53-$A$15,AP$13)))","v":1000000000000},{"$f":"IF(OR($D53<>\"Serviço\",AND(AUTOEVENTO=\"Manual\",$M53=$A$15)),0,\n         IF(OFFSET(CRONOPLE!$F$15,$M53-$A$15,AQ$13)=0,10^12,OFFSET(CRONOPLE!$F$15,$M53-$A$15,AQ$13)))","v":1000000000000},{"$f":"IF(OR($D53<>\"Serviço\",AND(AUTOEVENTO=\"Manual\",$M53=$A$15)),0,\n         IF(OFFSET(CRONOPLE!$F$15,$M53-$A$15,AR$13)=0,10^12,OFFSET(CRONOPLE!$F$15,$M53-$A$15,AR$13)))","v":1000000000000},{"$f":"IF(OR($D53<>\"Serviço\",AND(AUTOEVENTO=\"Manual\",$M53=$A$15)),0,\n         IF(OFFSET(CRONOPLE!$F$15,$M53-$A$15,AS$13)=0,10^12,OFFSET(CRONOPLE!$F$15,$M53-$A$15,AS$13)))","v":1000000000000},{"$f":"IF(OR($D53<>\"Serviço\",AND(AUTOEVENTO=\"Manual\",$M53=$A$15)),0,\n         IF(OFFSET(CRONOPLE!$F$15,$M53-$A$15,AT$13)=0,10^12,OFFSET(CRONOPLE!$F$15,$M53-$A$15,AT$13)))","v":1000000000000},{"$f":"IF(OR($D53<>\"Serviço\",AND(AUTOEVENTO=\"Manual\",$M53=$A$15)),0,\n         IF(OFFSET(CRONOPLE!$F$15,$M53-$A$15,AU$13)=0,10^12,OFFSET(CRONOPLE!$F$15,$M53-$A$15,AU$13)))","v":1000000000000},{"$f":"IF(OR($D53<>\"Serviço\",AND(AUTOEVENTO=\"Manual\",$M53=$A$15)),0,\n         IF(OFFSET(CRONOPLE!$F$15,$M53-$A$15,AV$13)=0,10^12,OFFSET(CRONOPLE!$F$15,$M53-$A$15,AV$13)))","v":1000000000000},null,{"$f":"IF(OR($D53<>\"Serviço\",AND(AUTOEVENTO=\"Manual\",$M53=$A$15),$M53>(ROW(PLE.lastrow)-ROW(PLE.firstrow))),0,\n           IF(OFFSET(PLE!$G$15,$M53-$A$15,AX$13)=\"\",10^12,OFFSET(PLE!$G$15,$M53-$A$15,AX$13)))","v":1000000000000},{"$f":"IF(OR($D53<>\"Serviço\",AND(AUTOEVENTO=\"Manual\",$M53=$A$15),$M53>(ROW(PLE.lastrow)-ROW(PLE.firstrow))),0,\n           IF(OFFSET(PLE!$G$15,$M53-$A$15,AY$13)=\"\",10^12,OFFSET(PLE!$G$15,$M53-$A$15,AY$13)))","v":1000000000000},{"$f":"IF(OR($D53<>\"Serviço\",AND(AUTOEVENTO=\"Manual\",$M53=$A$15),$M53>(ROW(PLE.lastrow)-ROW(PLE.firstrow))),0,\n           IF(OFFSET(PLE!$G$15,$M53-$A$15,AZ$13)=\"\",10^12,OFFSET(PLE!$G$15,$M53-$A$15,AZ$13)))","v":1000000000000},{"$f":"IF(OR($D53<>\"Serviço\",AND(AUTOEVENTO=\"Manual\",$M53=$A$15),$M53>(ROW(PLE.lastrow)-ROW(PLE.firstrow))),0,\n           IF(OFFSET(PLE!$G$15,$M53-$A$15,BA$13)=\"\",10^12,OFFSET(PLE!$G$15,$M53-$A$15,BA$13)))","v":1000000000000},{"$f":"IF(OR($D53<>\"Serviço\",AND(AUTOEVENTO=\"Manual\",$M53=$A$15),$M53>(ROW(PLE.lastrow)-ROW(PLE.firstrow))),0,\n           IF(OFFSET(PLE!$G$15,$M53-$A$15,BB$13)=\"\",10^12,OFFSET(PLE!$G$15,$M53-$A$15,BB$13)))","v":1000000000000},{"$f":"IF(OR($D53<>\"Serviço\",AND(AUTOEVENTO=\"Manual\",$M53=$A$15),$M53>(ROW(PLE.lastrow)-ROW(PLE.firstrow))),0,\n           IF(OFFSET(PLE!$G$15,$M53-$A$15,BC$13)=\"\",10^12,OFFSET(PLE!$G$15,$M53-$A$15,BC$13)))","v":1000000000000},{"$f":"IF(OR($D53<>\"Serviço\",AND(AUTOEVENTO=\"Manual\",$M53=$A$15),$M53>(ROW(PLE.lastrow)-ROW(PLE.firstrow))),0,\n           IF(OFFSET(PLE!$G$15,$M53-$A$15,BD$13)=\"\",10^12,OFFSET(PLE!$G$15,$M53-$A$15,BD$13)))","v":1000000000000},{"$f":"IF(OR($D53<>\"Serviço\",AND(AUTOEVENTO=\"Manual\",$M53=$A$15),$M53>(ROW(PLE.lastrow)-ROW(PLE.firstrow))),0,\n           IF(OFFSET(PLE!$G$15,$M53-$A$15,BE$13)=\"\",10^12,OFFSET(PLE!$G$15,$M53-$A$15,BE$13)))","v":1000000000000},{"$f":"IF(OR($D53<>\"Serviço\",AND(AUTOEVENTO=\"Manual\",$M53=$A$15),$M53>(ROW(PLE.lastrow)-ROW(PLE.firstrow))),0,\n           IF(OFFSET(PLE!$G$15,$M53-$A$15,BF$13)=\"\",10^12,OFFSET(PLE!$G$15,$M53-$A$15,BF$13)))","v":1000000000000},{"$f":"IF(OR($D53<>\"Serviço\",AND(AUTOEVENTO=\"Manual\",$M53=$A$15),$M53>(ROW(PLE.lastrow)-ROW(PLE.firstrow))),0,\n           IF(OFFSET(PLE!$G$15,$M53-$A$15,BG$13)=\"\",10^12,OFFSET(PLE!$G$15,$M53-$A$15,BG$13)))","v":1000000000000}]
["10",{"$f":"OFFSET(ORÇAMENTO!C$15,ROW(B54)-ROW(B$15),0)","v":"S"},{"$f":"OFFSET(ORÇAMENTO!L$15,ROW(C54)-ROW(C$15),0)","v":""},{"$f":"OFFSET(ORÇAMENTO!N$15,ROW(D54)-ROW(D$15),0)","v":"Serviço"},{"$f":"OFFSET(ORÇAMENTO!O$15,ROW(E54)-ROW(E$15),0)","v":"-"},{"$f":"OFFSET(ORÇAMENTO!R$15,ROW(F54)-ROW(F$15),0)","v":"(Sem Código)"},{"$f":"IF($D54<>\"Serviço\",\"\",OFFSET(ORÇAMENTO!S$15,ROW(G54)-ROW(G$15),0))","v":"-"},{"$f":"IF($D54<>\"Serviço\",0,IF(ACOMPANHAMENTO=\"BM\",ROUND(OFFSET(ORÇAMENTO!AJ$15,ROW(H54)-ROW(H$15),0),15-13*ORÇAMENTO!$AF$7),SUMPRODUCT(($Q$1:$AA$1=1)*ROUND($Q54:$AA54,15-13*ORÇAMENTO!$AF$7))))","v":0},null,{"$f":"IF(OR(B54<>\"S\",CÁLCULO.FrentesPreenchidas=0),\"\",IF(AND(ACOMPANHAMENTO=\"PLE\",AUTOEVENTO=\"Manual\",OR(H54>0,ORÇAMENTO!AC54=\"QUANT.\"),OR(K54=\"\",M54=0,N54=\"\")),\"►E\",IF(AND(ACOMPANHAMENTO=\"PLE\",ORÇAMENTO!AC54=\"QUANT.\"),\"►Q\",IF(AND(ACOMPANHAMENTO=\"PLE\",H54<>SUMPRODUCT(($Q$1:$AA$1=1)*ROUND(Q54:AA54,15))),\"►S\",IF(AND(COUNTIF($P$11:$AA$11,\"▼\")=0,H54>0,I54=\"\"),\"◄M\",\"\")))))","v":{"$error":"#NAME?"}},null,".",{"$f":"IF($D54<>\"Serviço\",\"\",\n          IF(AUTOEVENTO=\"manual\",$A54,\n                IF(ISERROR(MATCH($A54,$A$15:OFFSET($A54,-1,0),0)),MAX($M$15:OFFSET(M54,-1,0))+1,\n                      INDEX($M$15:OFFSET(M54,-1,0),MATCH($A54,$A$15:OFFSET($A54,-1,0),0)))))","v":2},{"$f":"IF($D54<>\"Serviço\",\"\",\n         IF(AUTOEVENTO=\"Manual\",\n                IF($A54=0,\"<-- defina o número do agrupador\",\n                       OFFSET(EVENTOS!$D$15,$A54-$A$15,0)),\n                OFFSET($F$15,$A54,0)))","v":"REDE DE DISTRUIBUIÇÃO"},null,null,null,null,null,null,null,null,null,null,null,null,null,{"$f":"IF(AND($D54=\"Serviço\",AB$12<>0,$H54>0,OR(AUTOEVENTO<>\"manual\",$M54<>$A$15)),\n        IF(Import.TipoArredondamento<>\"TransfereGOV\",\n              ROUND(OFFSET($P54,0,AB$13),15-13*ORÇAMENTO!$AF$7)/$H54*OFFSET(ORÇAMENTO!$X$15,ROW(AB54)-ROW(AB$15),0),\n              ROUND(ROUND(OFFSET($P54,0,AB$13),15-13*ORÇAMENTO!$AF$7)*OFFSET(ORÇAMENTO!$W$15,ROW(AB54)-ROW(AB$15),0),15-13*ORÇAMENTO!$AF$11)),\n         0)","v":0},{"$f":"IF(AND($D54=\"Serviço\",AC$12<>0,$H54>0,OR(AUTOEVENTO<>\"manual\",$M54<>$A$15)),\n        IF(Import.TipoArredondamento<>\"TransfereGOV\",\n              ROUND(OFFSET($P54,0,AC$13),15-13*ORÇAMENTO!$AF$7)/$H54*OFFSET(ORÇAMENTO!$X$15,ROW(AC54)-ROW(AC$15),0),\n              ROUND(ROUND(OFFSET($P54,0,AC$13),15-13*ORÇAMENTO!$AF$7)*OFFSET(ORÇAMENTO!$W$15,ROW(AC54)-ROW(AC$15),0),15-13*ORÇAMENTO!$AF$11)),\n         0)","v":0},{"$f":"IF(AND($D54=\"Serviço\",AD$12<>0,$H54>0,OR(AUTOEVENTO<>\"manual\",$M54<>$A$15)),\n        IF(Import.TipoArredondamento<>\"TransfereGOV\",\n              ROUND(OFFSET($P54,0,AD$13),15-13*ORÇAMENTO!$AF$7)/$H54*OFFSET(ORÇAMENTO!$X$15,ROW(AD54)-ROW(AD$15),0),\n              ROUND(ROUND(OFFSET($P54,0,AD$13),15-13*ORÇAMENTO!$AF$7)*OFFSET(ORÇAMENTO!$W$15,ROW(AD54)-ROW(AD$15),0),15-13*ORÇAMENTO!$AF$11)),\n         0)","v":0},{"$f":"IF(AND($D54=\"Serviço\",AE$12<>0,$H54>0,OR(AUTOEVENTO<>\"manual\",$M54<>$A$15)),\n        IF(Import.TipoArredondamento<>\"TransfereGOV\",\n              ROUND(OFFSET($P54,0,AE$13),15-13*ORÇAMENTO!$AF$7)/$H54*OFFSET(ORÇAMENTO!$X$15,ROW(AE54)-ROW(AE$15),0),\n              ROUND(ROUND(OFFSET($P54,0,AE$13),15-13*ORÇAMENTO!$AF$7)*OFFSET(ORÇAMENTO!$W$15,ROW(AE54)-ROW(AE$15),0),15-13*ORÇAMENTO!$AF$11)),\n         0)","v":0},{"$f":"IF(AND($D54=\"Serviço\",AF$12<>0,$H54>0,OR(AUTOEVENTO<>\"manual\",$M54<>$A$15)),\n        IF(Import.TipoArredondamento<>\"TransfereGOV\",\n              ROUND(OFFSET($P54,0,AF$13),15-13*ORÇAMENTO!$AF$7)/$H54*OFFSET(ORÇAMENTO!$X$15,ROW(AF54)-ROW(AF$15),0),\n              ROUND(ROUND(OFFSET($P54,0,AF$13),15-13*ORÇAMENTO!$AF$7)*OFFSET(ORÇAMENTO!$W$15,ROW(AF54)-ROW(AF$15),0),15-13*ORÇAMENTO!$AF$11)),\n         0)","v":0},{"$f":"IF(AND($D54=\"Serviço\",AG$12<>0,$H54>0,OR(AUTOEVENTO<>\"manual\",$M54<>$A$15)),\n        IF(Import.TipoArredondamento<>\"TransfereGOV\",\n              ROUND(OFFSET($P54,0,AG$13),15-13*ORÇAMENTO!$AF$7)/$H54*OFFSET(ORÇAMENTO!$X$15,ROW(AG54)-ROW(AG$15),0),\n              ROUND(ROUND(OFFSET($P54,0,AG$13),15-13*ORÇAMENTO!$AF$7)*OFFSET(ORÇAMENTO!$W$15,ROW(AG54)-ROW(AG$15),0),15-13*ORÇAMENTO!$AF$11)),\n         0)","v":0},{"$f":"IF(AND($D54=\"Serviço\",AH$12<>0,$H54>0,OR(AUTOEVENTO<>\"manual\",$M54<>$A$15)),\n        IF(Import.TipoArredondamento<>\"TransfereGOV\",\n              ROUND(OFFSET($P54,0,AH$13),15-13*ORÇAMENTO!$AF$7)/$H54*OFFSET(ORÇAMENTO!$X$15,ROW(AH54)-ROW(AH$15),0),\n              ROUND(ROUND(OFFSET($P54,0,AH$13),15-13*ORÇAMENTO!$AF$7)*OFFSET(ORÇAMENTO!$W$15,ROW(AH54)-ROW(AH$15),0),15-13*ORÇAMENTO!$AF$11)),\n         0)","v":0},{"$f":"IF(AND($D54=\"Serviço\",AI$12<>0,$H54>0,OR(AUTOEVENTO<>\"manual\",$M54<>$A$15)),\n        IF(Import.TipoArredondamento<>\"TransfereGOV\",\n              ROUND(OFFSET($P54,0,AI$13),15-13*ORÇAMENTO!$AF$7)/$H54*OFFSET(ORÇAMENTO!$X$15,ROW(AI54)-ROW(AI$15),0),\n              ROUND(ROUND(OFFSET($P54,0,AI$13),15-13*ORÇAMENTO!$AF$7)*OFFSET(ORÇAMENTO!$W$15,ROW(AI54)-ROW(AI$15),0),15-13*ORÇAMENTO!$AF$11)),\n         0)","v":0},{"$f":"IF(AND($D54=\"Serviço\",AJ$12<>0,$H54>0,OR(AUTOEVENTO<>\"manual\",$M54<>$A$15)),\n        IF(Import.TipoArredondamento<>\"TransfereGOV\",\n              ROUND(OFFSET($P54,0,AJ$13),15-13*ORÇAMENTO!$AF$7)/$H54*OFFSET(ORÇAMENTO!$X$15,ROW(AJ54)-ROW(AJ$15),0),\n              ROUND(ROUND(OFFSET($P54,0,AJ$13),15-13*ORÇAMENTO!$AF$7)*OFFSET(ORÇAMENTO!$W$15,ROW(AJ54)-ROW(AJ$15),0),15-13*ORÇAMENTO!$AF$11)),\n         0)","v":0},{"$f":"IF(AND($D54=\"Serviço\",AK$12<>0,$H54>0,OR(AUTOEVENTO<>\"manual\",$M54<>$A$15)),\n        IF(Import.TipoArredondamento<>\"TransfereGOV\",\n              ROUND(OFFSET($P54,0,AK$13),15-13*ORÇAMENTO!$AF$7)/$H54*OFFSET(ORÇAMENTO!$X$15,ROW(AK54)-ROW(AK$15),0),\n              ROUND(ROUND(OFFSET($P54,0,AK$13),15-13*ORÇAMENTO!$AF$7)*OFFSET(ORÇAMENTO!$W$15,ROW(AK54)-ROW(AK$15),0),15-13*ORÇAMENTO!$AF$11)),\n         0)","v":0},null,{"$f":"IF(OR($D54<>\"Serviço\",AND(AUTOEVENTO=\"Manual\",$M54=$A$15)),0,\n         IF(OFFSET(CRONOPLE!$F$15,$M54-$A$15,AM$13)=0,10^12,OFFSET(CRONOPLE!$F$15,$M54-$A$15,AM$13)))","v":1},{"$f":"IF(OR($D54<>\"Serviço\",AND(AUTOEVENTO=\"Manual\",$M54=$A$15)),0,\n         IF(OFFSET(CRONOPLE!$F$15,$M54-$A$15,AN$13)=0,10^12,OFFSET(CRONOPLE!$F$15,$M54-$A$15,AN$13)))","v":2},{"$f":"IF(OR($D54<>\"Serviço\",AND(AUTOEVENTO=\"Manual\",$M54=$A$15)),0,\n         IF(OFFSET(CRONOPLE!$F$15,$M54-$A$15,AO$13)=0,10^12,OFFSET(CRONOPLE!$F$15,$M54-$A$15,AO$13)))","v":1000000000000},{"$f":"IF(OR($D54<>\"Serviço\",AND(AUTOEVENTO=\"Manual\",$M54=$A$15)),0,\n         IF(OFFSET(CRONOPLE!$F$15,$M54-$A$15,AP$13)=0,10^12,OFFSET(CRONOPLE!$F$15,$M54-$A$15,AP$13)))","v":1000000000000},{"$f":"IF(OR($D54<>\"Serviço\",AND(AUTOEVENTO=\"Manual\",$M54=$A$15)),0,\n         IF(OFFSET(CRONOPLE!$F$15,$M54-$A$15,AQ$13)=0,10^12,OFFSET(CRONOPLE!$F$15,$M54-$A$15,AQ$13)))","v":1000000000000},{"$f":"IF(OR($D54<>\"Serviço\",AND(AUTOEVENTO=\"Manual\",$M54=$A$15)),0,\n         IF(OFFSET(CRONOPLE!$F$15,$M54-$A$15,AR$13)=0,10^12,OFFSET(CRONOPLE!$F$15,$M54-$A$15,AR$13)))","v":1000000000000},{"$f":"IF(OR($D54<>\"Serviço\",AND(AUTOEVENTO=\"Manual\",$M54=$A$15)),0,\n         IF(OFFSET(CRONOPLE!$F$15,$M54-$A$15,AS$13)=0,10^12,OFFSET(CRONOPLE!$F$15,$M54-$A$15,AS$13)))","v":1000000000000},{"$f":"IF(OR($D54<>\"Serviço\",AND(AUTOEVENTO=\"Manual\",$M54=$A$15)),0,\n         IF(OFFSET(CRONOPLE!$F$15,$M54-$A$15,AT$13)=0,10^12,OFFSET(CRONOPLE!$F$15,$M54-$A$15,AT$13)))","v":1000000000000},{"$f":"IF(OR($D54<>\"Serviço\",AND(AUTOEVENTO=\"Manual\",$M54=$A$15)),0,\n         IF(OFFSET(CRONOPLE!$F$15,$M54-$A$15,AU$13)=0,10^12,OFFSET(CRONOPLE!$F$15,$M54-$A$15,AU$13)))","v":1000000000000},{"$f":"IF(OR($D54<>\"Serviço\",AND(AUTOEVENTO=\"Manual\",$M54=$A$15)),0,\n         IF(OFFSET(CRONOPLE!$F$15,$M54-$A$15,AV$13)=0,10^12,OFFSET(CRONOPLE!$F$15,$M54-$A$15,AV$13)))","v":1000000000000},null,{"$f":"IF(OR($D54<>\"Serviço\",AND(AUTOEVENTO=\"Manual\",$M54=$A$15),$M54>(ROW(PLE.lastrow)-ROW(PLE.firstrow))),0,\n           IF(OFFSET(PLE!$G$15,$M54-$A$15,AX$13)=\"\",10^12,OFFSET(PLE!$G$15,$M54-$A$15,AX$13)))","v":1000000000000},{"$f":"IF(OR($D54<>\"Serviço\",AND(AUTOEVENTO=\"Manual\",$M54=$A$15),$M54>(ROW(PLE.lastrow)-ROW(PLE.firstrow))),0,\n           IF(OFFSET(PLE!$G$15,$M54-$A$15,AY$13)=\"\",10^12,OFFSET(PLE!$G$15,$M54-$A$15,AY$13)))","v":1000000000000},{"$f":"IF(OR($D54<>\"Serviço\",AND(AUTOEVENTO=\"Manual\",$M54=$A$15),$M54>(ROW(PLE.lastrow)-ROW(PLE.firstrow))),0,\n           IF(OFFSET(PLE!$G$15,$M54-$A$15,AZ$13)=\"\",10^12,OFFSET(PLE!$G$15,$M54-$A$15,AZ$13)))","v":1000000000000},{"$f":"IF(OR($D54<>\"Serviço\",AND(AUTOEVENTO=\"Manual\",$M54=$A$15),$M54>(ROW(PLE.lastrow)-ROW(PLE.firstrow))),0,\n           IF(OFFSET(PLE!$G$15,$M54-$A$15,BA$13)=\"\",10^12,OFFSET(PLE!$G$15,$M54-$A$15,BA$13)))","v":1000000000000},{"$f":"IF(OR($D54<>\"Serviço\",AND(AUTOEVENTO=\"Manual\",$M54=$A$15),$M54>(ROW(PLE.lastrow)-ROW(PLE.firstrow))),0,\n           IF(OFFSET(PLE!$G$15,$M54-$A$15,BB$13)=\"\",10^12,OFFSET(PLE!$G$15,$M54-$A$15,BB$13)))","v":1000000000000},{"$f":"IF(OR($D54<>\"Serviço\",AND(AUTOEVENTO=\"Manual\",$M54=$A$15),$M54>(ROW(PLE.lastrow)-ROW(PLE.firstrow))),0,\n           IF(OFFSET(PLE!$G$15,$M54-$A$15,BC$13)=\"\",10^12,OFFSET(PLE!$G$15,$M54-$A$15,BC$13)))","v":1000000000000},{"$f":"IF(OR($D54<>\"Serviço\",AND(AUTOEVENTO=\"Manual\",$M54=$A$15),$M54>(ROW(PLE.lastrow)-ROW(PLE.firstrow))),0,\n           IF(OFFSET(PLE!$G$15,$M54-$A$15,BD$13)=\"\",10^12,OFFSET(PLE!$G$15,$M54-$A$15,BD$13)))","v":1000000000000},{"$f":"IF(OR($D54<>\"Serviço\",AND(AUTOEVENTO=\"Manual\",$M54=$A$15),$M54>(ROW(PLE.lastrow)-ROW(PLE.firstrow))),0,\n           IF(OFFSET(PLE!$G$15,$M54-$A$15,BE$13)=\"\",10^12,OFFSET(PLE!$G$15,$M54-$A$15,BE$13)))","v":1000000000000},{"$f":"IF(OR($D54<>\"Serviço\",AND(AUTOEVENTO=\"Manual\",$M54=$A$15),$M54>(ROW(PLE.lastrow)-ROW(PLE.firstrow))),0,\n           IF(OFFSET(PLE!$G$15,$M54-$A$15,BF$13)=\"\",10^12,OFFSET(PLE!$G$15,$M54-$A$15,BF$13)))","v":1000000000000},{"$f":"IF(OR($D54<>\"Serviço\",AND(AUTOEVENTO=\"Manual\",$M54=$A$15),$M54>(ROW(PLE.lastrow)-ROW(PLE.firstrow))),0,\n           IF(OFFSET(PLE!$G$15,$M54-$A$15,BG$13)=\"\",10^12,OFFSET(PLE!$G$15,$M54-$A$15,BG$13)))","v":1000000000000}]
["10",{"$f":"OFFSET(ORÇAMENTO!C$15,ROW(B55)-ROW(B$15),0)","v":"S"},{"$f":"OFFSET(ORÇAMENTO!L$15,ROW(C55)-ROW(C$15),0)","v":""},{"$f":"OFFSET(ORÇAMENTO!N$15,ROW(D55)-ROW(D$15),0)","v":"Serviço"},{"$f":"OFFSET(ORÇAMENTO!O$15,ROW(E55)-ROW(E$15),0)","v":"-"},{"$f":"OFFSET(ORÇAMENTO!R$15,ROW(F55)-ROW(F$15),0)","v":"(Sem Código)"},{"$f":"IF($D55<>\"Serviço\",\"\",OFFSET(ORÇAMENTO!S$15,ROW(G55)-ROW(G$15),0))","v":"-"},{"$f":"IF($D55<>\"Serviço\",0,IF(ACOMPANHAMENTO=\"BM\",ROUND(OFFSET(ORÇAMENTO!AJ$15,ROW(H55)-ROW(H$15),0),15-13*ORÇAMENTO!$AF$7),SUMPRODUCT(($Q$1:$AA$1=1)*ROUND($Q55:$AA55,15-13*ORÇAMENTO!$AF$7))))","v":0},null,{"$f":"IF(OR(B55<>\"S\",CÁLCULO.FrentesPreenchidas=0),\"\",IF(AND(ACOMPANHAMENTO=\"PLE\",AUTOEVENTO=\"Manual\",OR(H55>0,ORÇAMENTO!AC55=\"QUANT.\"),OR(K55=\"\",M55=0,N55=\"\")),\"►E\",IF(AND(ACOMPANHAMENTO=\"PLE\",ORÇAMENTO!AC55=\"QUANT.\"),\"►Q\",IF(AND(ACOMPANHAMENTO=\"PLE\",H55<>SUMPRODUCT(($Q$1:$AA$1=1)*ROUND(Q55:AA55,15))),\"►S\",IF(AND(COUNTIF($P$11:$AA$11,\"▼\")=0,H55>0,I55=\"\"),\"◄M\",\"\")))))","v":{"$error":"#NAME?"}},null,".",{"$f":"IF($D55<>\"Serviço\",\"\",\n          IF(AUTOEVENTO=\"manual\",$A55,\n                IF(ISERROR(MATCH($A55,$A$15:OFFSET($A55,-1,0),0)),MAX($M$15:OFFSET(M55,-1,0))+1,\n                      INDEX($M$15:OFFSET(M55,-1,0),MATCH($A55,$A$15:OFFSET($A55,-1,0),0)))))","v":2},{"$f":"IF($D55<>\"Serviço\",\"\",\n         IF(AUTOEVENTO=\"Manual\",\n                IF($A55=0,\"<-- defina o número do agrupador\",\n                       OFFSET(EVENTOS!$D$15,$A55-$A$15,0)),\n                OFFSET($F$15,$A55,0)))","v":"REDE DE DISTRUIBUIÇÃO"},null,null,null,null,null,null,null,null,null,null,null,null,null,{"$f":"IF(AND($D55=\"Serviço\",AB$12<>0,$H55>0,OR(AUTOEVENTO<>\"manual\",$M55<>$A$15)),\n        IF(Import.TipoArredondamento<>\"TransfereGOV\",\n              ROUND(OFFSET($P55,0,AB$13),15-13*ORÇAMENTO!$AF$7)/$H55*OFFSET(ORÇAMENTO!$X$15,ROW(AB55)-ROW(AB$15),0),\n              ROUND(ROUND(OFFSET($P55,0,AB$13),15-13*ORÇAMENTO!$AF$7)*OFFSET(ORÇAMENTO!$W$15,ROW(AB55)-ROW(AB$15),0),15-13*ORÇAMENTO!$AF$11)),\n         0)","v":0},{"$f":"IF(AND($D55=\"Serviço\",AC$12<>0,$H55>0,OR(AUTOEVENTO<>\"manual\",$M55<>$A$15)),\n        IF(Import.TipoArredondamento<>\"TransfereGOV\",\n              ROUND(OFFSET($P55,0,AC$13),15-13*ORÇAMENTO!$AF$7)/$H55*OFFSET(ORÇAMENTO!$X$15,ROW(AC55)-ROW(AC$15),0),\n              ROUND(ROUND(OFFSET($P55,0,AC$13),15-13*ORÇAMENTO!$AF$7)*OFFSET(ORÇAMENTO!$W$15,ROW(AC55)-ROW(AC$15),0),15-13*ORÇAMENTO!$AF$11)),\n         0)","v":0},{"$f":"IF(AND($D55=\"Serviço\",AD$12<>0,$H55>0,OR(AUTOEVENTO<>\"manual\",$M55<>$A$15)),\n        IF(Import.TipoArredondamento<>\"TransfereGOV\",\n              ROUND(OFFSET($P55,0,AD$13),15-13*ORÇAMENTO!$AF$7)/$H55*OFFSET(ORÇAMENTO!$X$15,ROW(AD55)-ROW(AD$15),0),\n              ROUND(ROUND(OFFSET($P55,0,AD$13),15-13*ORÇAMENTO!$AF$7)*OFFSET(ORÇAMENTO!$W$15,ROW(AD55)-ROW(AD$15),0),15-13*ORÇAMENTO!$AF$11)),\n         0)","v":0},{"$f":"IF(AND($D55=\"Serviço\",AE$12<>0,$H55>0,OR(AUTOEVENTO<>\"manual\",$M55<>$A$15)),\n        IF(Import.TipoArredondamento<>\"TransfereGOV\",\n              ROUND(OFFSET($P55,0,AE$13),15-13*ORÇAMENTO!$AF$7)/$H55*OFFSET(ORÇAMENTO!$X$15,ROW(AE55)-ROW(AE$15),0),\n              ROUND(ROUND(OFFSET($P55,0,AE$13),15-13*ORÇAMENTO!$AF$7)*OFFSET(ORÇAMENTO!$W$15,ROW(AE55)-ROW(AE$15),0),15-13*ORÇAMENTO!$AF$11)),\n         0)","v":0},{"$f":"IF(AND($D55=\"Serviço\",AF$12<>0,$H55>0,OR(AUTOEVENTO<>\"manual\",$M55<>$A$15)),\n        IF(Import.TipoArredondamento<>\"TransfereGOV\",\n              ROUND(OFFSET($P55,0,AF$13),15-13*ORÇAMENTO!$AF$7)/$H55*OFFSET(ORÇAMENTO!$X$15,ROW(AF55)-ROW(AF$15),0),\n              ROUND(ROUND(OFFSET($P55,0,AF$13),15-13*ORÇAMENTO!$AF$7)*OFFSET(ORÇAMENTO!$W$15,ROW(AF55)-ROW(AF$15),0),15-13*ORÇAMENTO!$AF$11)),\n         0)","v":0},{"$f":"IF(AND($D55=\"Serviço\",AG$12<>0,$H55>0,OR(AUTOEVENTO<>\"manual\",$M55<>$A$15)),\n        IF(Import.TipoArredondamento<>\"TransfereGOV\",\n              ROUND(OFFSET($P55,0,AG$13),15-13*ORÇAMENTO!$AF$7)/$H55*OFFSET(ORÇAMENTO!$X$15,ROW(AG55)-ROW(AG$15),0),\n              ROUND(ROUND(OFFSET($P55,0,AG$13),15-13*ORÇAMENTO!$AF$7)*OFFSET(ORÇAMENTO!$W$15,ROW(AG55)-ROW(AG$15),0),15-13*ORÇAMENTO!$AF$11)),\n         0)","v":0},{"$f":"IF(AND($D55=\"Serviço\",AH$12<>0,$H55>0,OR(AUTOEVENTO<>\"manual\",$M55<>$A$15)),\n        IF(Import.TipoArredondamento<>\"TransfereGOV\",\n              ROUND(OFFSET($P55,0,AH$13),15-13*ORÇAMENTO!$AF$7)/$H55*OFFSET(ORÇAMENTO!$X$15,ROW(AH55)-ROW(AH$15),0),\n              ROUND(ROUND(OFFSET($P55,0,AH$13),15-13*ORÇAMENTO!$AF$7)*OFFSET(ORÇAMENTO!$W$15,ROW(AH55)-ROW(AH$15),0),15-13*ORÇAMENTO!$AF$11)),\n         0)","v":0},{"$f":"IF(AND($D55=\"Serviço\",AI$12<>0,$H55>0,OR(AUTOEVENTO<>\"manual\",$M55<>$A$15)),\n        IF(Import.TipoArredondamento<>\"TransfereGOV\",\n              ROUND(OFFSET($P55,0,AI$13),15-13*ORÇAMENTO!$AF$7)/$H55*OFFSET(ORÇAMENTO!$X$15,ROW(AI55)-ROW(AI$15),0),\n              ROUND(ROUND(OFFSET($P55,0,AI$13),15-13*ORÇAMENTO!$AF$7)*OFFSET(ORÇAMENTO!$W$15,ROW(AI55)-ROW(AI$15),0),15-13*ORÇAMENTO!$AF$11)),\n         0)","v":0},{"$f":"IF(AND($D55=\"Serviço\",AJ$12<>0,$H55>0,OR(AUTOEVENTO<>\"manual\",$M55<>$A$15)),\n        IF(Import.TipoArredondamento<>\"TransfereGOV\",\n              ROUND(OFFSET($P55,0,AJ$13),15-13*ORÇAMENTO!$AF$7)/$H55*OFFSET(ORÇAMENTO!$X$15,ROW(AJ55)-ROW(AJ$15),0),\n              ROUND(ROUND(OFFSET($P55,0,AJ$13),15-13*ORÇAMENTO!$AF$7)*OFFSET(ORÇAMENTO!$W$15,ROW(AJ55)-ROW(AJ$15),0),15-13*ORÇAMENTO!$AF$11)),\n         0)","v":0},{"$f":"IF(AND($D55=\"Serviço\",AK$12<>0,$H55>0,OR(AUTOEVENTO<>\"manual\",$M55<>$A$15)),\n        IF(Import.TipoArredondamento<>\"TransfereGOV\",\n              ROUND(OFFSET($P55,0,AK$13),15-13*ORÇAMENTO!$AF$7)/$H55*OFFSET(ORÇAMENTO!$X$15,ROW(AK55)-ROW(AK$15),0),\n              ROUND(ROUND(OFFSET($P55,0,AK$13),15-13*ORÇAMENTO!$AF$7)*OFFSET(ORÇAMENTO!$W$15,ROW(AK55)-ROW(AK$15),0),15-13*ORÇAMENTO!$AF$11)),\n         0)","v":0},null,{"$f":"IF(OR($D55<>\"Serviço\",AND(AUTOEVENTO=\"Manual\",$M55=$A$15)),0,\n         IF(OFFSET(CRONOPLE!$F$15,$M55-$A$15,AM$13)=0,10^12,OFFSET(CRONOPLE!$F$15,$M55-$A$15,AM$13)))","v":1},{"$f":"IF(OR($D55<>\"Serviço\",AND(AUTOEVENTO=\"Manual\",$M55=$A$15)),0,\n         IF(OFFSET(CRONOPLE!$F$15,$M55-$A$15,AN$13)=0,10^12,OFFSET(CRONOPLE!$F$15,$M55-$A$15,AN$13)))","v":2},{"$f":"IF(OR($D55<>\"Serviço\",AND(AUTOEVENTO=\"Manual\",$M55=$A$15)),0,\n         IF(OFFSET(CRONOPLE!$F$15,$M55-$A$15,AO$13)=0,10^12,OFFSET(CRONOPLE!$F$15,$M55-$A$15,AO$13)))","v":1000000000000},{"$f":"IF(OR($D55<>\"Serviço\",AND(AUTOEVENTO=\"Manual\",$M55=$A$15)),0,\n         IF(OFFSET(CRONOPLE!$F$15,$M55-$A$15,AP$13)=0,10^12,OFFSET(CRONOPLE!$F$15,$M55-$A$15,AP$13)))","v":1000000000000},{"$f":"IF(OR($D55<>\"Serviço\",AND(AUTOEVENTO=\"Manual\",$M55=$A$15)),0,\n         IF(OFFSET(CRONOPLE!$F$15,$M55-$A$15,AQ$13)=0,10^12,OFFSET(CRONOPLE!$F$15,$M55-$A$15,AQ$13)))","v":1000000000000},{"$f":"IF(OR($D55<>\"Serviço\",AND(AUTOEVENTO=\"Manual\",$M55=$A$15)),0,\n         IF(OFFSET(CRONOPLE!$F$15,$M55-$A$15,AR$13)=0,10^12,OFFSET(CRONOPLE!$F$15,$M55-$A$15,AR$13)))","v":1000000000000},{"$f":"IF(OR($D55<>\"Serviço\",AND(AUTOEVENTO=\"Manual\",$M55=$A$15)),0,\n         IF(OFFSET(CRONOPLE!$F$15,$M55-$A$15,AS$13)=0,10^12,OFFSET(CRONOPLE!$F$15,$M55-$A$15,AS$13)))","v":1000000000000},{"$f":"IF(OR($D55<>\"Serviço\",AND(AUTOEVENTO=\"Manual\",$M55=$A$15)),0,\n         IF(OFFSET(CRONOPLE!$F$15,$M55-$A$15,AT$13)=0,10^12,OFFSET(CRONOPLE!$F$15,$M55-$A$15,AT$13)))","v":1000000000000},{"$f":"IF(OR($D55<>\"Serviço\",AND(AUTOEVENTO=\"Manual\",$M55=$A$15)),0,\n         IF(OFFSET(CRONOPLE!$F$15,$M55-$A$15,AU$13)=0,10^12,OFFSET(CRONOPLE!$F$15,$M55-$A$15,AU$13)))","v":1000000000000},{"$f":"IF(OR($D55<>\"Serviço\",AND(AUTOEVENTO=\"Manual\",$M55=$A$15)),0,\n         IF(OFFSET(CRONOPLE!$F$15,$M55-$A$15,AV$13)=0,10^12,OFFSET(CRONOPLE!$F$15,$M55-$A$15,AV$13)))","v":1000000000000},null,{"$f":"IF(OR($D55<>\"Serviço\",AND(AUTOEVENTO=\"Manual\",$M55=$A$15),$M55>(ROW(PLE.lastrow)-ROW(PLE.firstrow))),0,\n           IF(OFFSET(PLE!$G$15,$M55-$A$15,AX$13)=\"\",10^12,OFFSET(PLE!$G$15,$M55-$A$15,AX$13)))","v":1000000000000},{"$f":"IF(OR($D55<>\"Serviço\",AND(AUTOEVENTO=\"Manual\",$M55=$A$15),$M55>(ROW(PLE.lastrow)-ROW(PLE.firstrow))),0,\n           IF(OFFSET(PLE!$G$15,$M55-$A$15,AY$13)=\"\",10^12,OFFSET(PLE!$G$15,$M55-$A$15,AY$13)))","v":1000000000000},{"$f":"IF(OR($D55<>\"Serviço\",AND(AUTOEVENTO=\"Manual\",$M55=$A$15),$M55>(ROW(PLE.lastrow)-ROW(PLE.firstrow))),0,\n           IF(OFFSET(PLE!$G$15,$M55-$A$15,AZ$13)=\"\",10^12,OFFSET(PLE!$G$15,$M55-$A$15,AZ$13)))","v":1000000000000},{"$f":"IF(OR($D55<>\"Serviço\",AND(AUTOEVENTO=\"Manual\",$M55=$A$15),$M55>(ROW(PLE.lastrow)-ROW(PLE.firstrow))),0,\n           IF(OFFSET(PLE!$G$15,$M55-$A$15,BA$13)=\"\",10^12,OFFSET(PLE!$G$15,$M55-$A$15,BA$13)))","v":1000000000000},{"$f":"IF(OR($D55<>\"Serviço\",AND(AUTOEVENTO=\"Manual\",$M55=$A$15),$M55>(ROW(PLE.lastrow)-ROW(PLE.firstrow))),0,\n           IF(OFFSET(PLE!$G$15,$M55-$A$15,BB$13)=\"\",10^12,OFFSET(PLE!$G$15,$M55-$A$15,BB$13)))","v":1000000000000},{"$f":"IF(OR($D55<>\"Serviço\",AND(AUTOEVENTO=\"Manual\",$M55=$A$15),$M55>(ROW(PLE.lastrow)-ROW(PLE.firstrow))),0,\n           IF(OFFSET(PLE!$G$15,$M55-$A$15,BC$13)=\"\",10^12,OFFSET(PLE!$G$15,$M55-$A$15,BC$13)))","v":1000000000000},{"$f":"IF(OR($D55<>\"Serviço\",AND(AUTOEVENTO=\"Manual\",$M55=$A$15),$M55>(ROW(PLE.lastrow)-ROW(PLE.firstrow))),0,\n           IF(OFFSET(PLE!$G$15,$M55-$A$15,BD$13)=\"\",10^12,OFFSET(PLE!$G$15,$M55-$A$15,BD$13)))","v":1000000000000},{"$f":"IF(OR($D55<>\"Serviço\",AND(AUTOEVENTO=\"Manual\",$M55=$A$15),$M55>(ROW(PLE.lastrow)-ROW(PLE.firstrow))),0,\n           IF(OFFSET(PLE!$G$15,$M55-$A$15,BE$13)=\"\",10^12,OFFSET(PLE!$G$15,$M55-$A$15,BE$13)))","v":1000000000000},{"$f":"IF(OR($D55<>\"Serviço\",AND(AUTOEVENTO=\"Manual\",$M55=$A$15),$M55>(ROW(PLE.lastrow)-ROW(PLE.firstrow))),0,\n           IF(OFFSET(PLE!$G$15,$M55-$A$15,BF$13)=\"\",10^12,OFFSET(PLE!$G$15,$M55-$A$15,BF$13)))","v":1000000000000},{"$f":"IF(OR($D55<>\"Serviço\",AND(AUTOEVENTO=\"Manual\",$M55=$A$15),$M55>(ROW(PLE.lastrow)-ROW(PLE.firstrow))),0,\n           IF(OFFSET(PLE!$G$15,$M55-$A$15,BG$13)=\"\",10^12,OFFSET(PLE!$G$15,$M55-$A$15,BG$13)))","v":1000000000000}]
["10",{"$f":"OFFSET(ORÇAMENTO!C$15,ROW(B56)-ROW(B$15),0)","v":"S"},{"$f":"OFFSET(ORÇAMENTO!L$15,ROW(C56)-ROW(C$15),0)","v":""},{"$f":"OFFSET(ORÇAMENTO!N$15,ROW(D56)-ROW(D$15),0)","v":"Serviço"},{"$f":"OFFSET(ORÇAMENTO!O$15,ROW(E56)-ROW(E$15),0)","v":"-"},{"$f":"OFFSET(ORÇAMENTO!R$15,ROW(F56)-ROW(F$15),0)","v":"(Sem Código)"},{"$f":"IF($D56<>\"Serviço\",\"\",OFFSET(ORÇAMENTO!S$15,ROW(G56)-ROW(G$15),0))","v":"-"},{"$f":"IF($D56<>\"Serviço\",0,IF(ACOMPANHAMENTO=\"BM\",ROUND(OFFSET(ORÇAMENTO!AJ$15,ROW(H56)-ROW(H$15),0),15-13*ORÇAMENTO!$AF$7),SUMPRODUCT(($Q$1:$AA$1=1)*ROUND($Q56:$AA56,15-13*ORÇAMENTO!$AF$7))))","v":0},null,{"$f":"IF(OR(B56<>\"S\",CÁLCULO.FrentesPreenchidas=0),\"\",IF(AND(ACOMPANHAMENTO=\"PLE\",AUTOEVENTO=\"Manual\",OR(H56>0,ORÇAMENTO!AC56=\"QUANT.\"),OR(K56=\"\",M56=0,N56=\"\")),\"►E\",IF(AND(ACOMPANHAMENTO=\"PLE\",ORÇAMENTO!AC56=\"QUANT.\"),\"►Q\",IF(AND(ACOMPANHAMENTO=\"PLE\",H56<>SUMPRODUCT(($Q$1:$AA$1=1)*ROUND(Q56:AA56,15))),\"►S\",IF(AND(COUNTIF($P$11:$AA$11,\"▼\")=0,H56>0,I56=\"\"),\"◄M\",\"\")))))","v":{"$error":"#NAME?"}},null,".",{"$f":"IF($D56<>\"Serviço\",\"\",\n          IF(AUTOEVENTO=\"manual\",$A56,\n                IF(ISERROR(MATCH($A56,$A$15:OFFSET($A56,-1,0),0)),MAX($M$15:OFFSET(M56,-1,0))+1,\n                      INDEX($M$15:OFFSET(M56,-1,0),MATCH($A56,$A$15:OFFSET($A56,-1,0),0)))))","v":2},{"$f":"IF($D56<>\"Serviço\",\"\",\n         IF(AUTOEVENTO=\"Manual\",\n                IF($A56=0,\"<-- defina o número do agrupador\",\n                       OFFSET(EVENTOS!$D$15,$A56-$A$15,0)),\n                OFFSET($F$15,$A56,0)))","v":"REDE DE DISTRUIBUIÇÃO"},null,null,null,null,null,null,null,null,null,null,null,null,null,{"$f":"IF(AND($D56=\"Serviço\",AB$12<>0,$H56>0,OR(AUTOEVENTO<>\"manual\",$M56<>$A$15)),\n        IF(Import.TipoArredondamento<>\"TransfereGOV\",\n              ROUND(OFFSET($P56,0,AB$13),15-13*ORÇAMENTO!$AF$7)/$H56*OFFSET(ORÇAMENTO!$X$15,ROW(AB56)-ROW(AB$15),0),\n              ROUND(ROUND(OFFSET($P56,0,AB$13),15-13*ORÇAMENTO!$AF$7)*OFFSET(ORÇAMENTO!$W$15,ROW(AB56)-ROW(AB$15),0),15-13*ORÇAMENTO!$AF$11)),\n         0)","v":0},{"$f":"IF(AND($D56=\"Serviço\",AC$12<>0,$H56>0,OR(AUTOEVENTO<>\"manual\",$M56<>$A$15)),\n        IF(Import.TipoArredondamento<>\"TransfereGOV\",\n              ROUND(OFFSET($P56,0,AC$13),15-13*ORÇAMENTO!$AF$7)/$H56*OFFSET(ORÇAMENTO!$X$15,ROW(AC56)-ROW(AC$15),0),\n              ROUND(ROUND(OFFSET($P56,0,AC$13),15-13*ORÇAMENTO!$AF$7)*OFFSET(ORÇAMENTO!$W$15,ROW(AC56)-ROW(AC$15),0),15-13*ORÇAMENTO!$AF$11)),\n         0)","v":0},{"$f":"IF(AND($D56=\"Serviço\",AD$12<>0,$H56>0,OR(AUTOEVENTO<>\"manual\",$M56<>$A$15)),\n        IF(Import.TipoArredondamento<>\"TransfereGOV\",\n              ROUND(OFFSET($P56,0,AD$13),15-13*ORÇAMENTO!$AF$7)/$H56*OFFSET(ORÇAMENTO!$X$15,ROW(AD56)-ROW(AD$15),0),\n              ROUND(ROUND(OFFSET($P56,0,AD$13),15-13*ORÇAMENTO!$AF$7)*OFFSET(ORÇAMENTO!$W$15,ROW(AD56)-ROW(AD$15),0),15-13*ORÇAMENTO!$AF$11)),\n         0)","v":0},{"$f":"IF(AND($D56=\"Serviço\",AE$12<>0,$H56>0,OR(AUTOEVENTO<>\"manual\",$M56<>$A$15)),\n        IF(Import.TipoArredondamento<>\"TransfereGOV\",\n              ROUND(OFFSET($P56,0,AE$13),15-13*ORÇAMENTO!$AF$7)/$H56*OFFSET(ORÇAMENTO!$X$15,ROW(AE56)-ROW(AE$15),0),\n              ROUND(ROUND(OFFSET($P56,0,AE$13),15-13*ORÇAMENTO!$AF$7)*OFFSET(ORÇAMENTO!$W$15,ROW(AE56)-ROW(AE$15),0),15-13*ORÇAMENTO!$AF$11)),\n         0)","v":0},{"$f":"IF(AND($D56=\"Serviço\",AF$12<>0,$H56>0,OR(AUTOEVENTO<>\"manual\",$M56<>$A$15)),\n        IF(Import.TipoArredondamento<>\"TransfereGOV\",\n              ROUND(OFFSET($P56,0,AF$13),15-13*ORÇAMENTO!$AF$7)/$H56*OFFSET(ORÇAMENTO!$X$15,ROW(AF56)-ROW(AF$15),0),\n              ROUND(ROUND(OFFSET($P56,0,AF$13),15-13*ORÇAMENTO!$AF$7)*OFFSET(ORÇAMENTO!$W$15,ROW(AF56)-ROW(AF$15),0),15-13*ORÇAMENTO!$AF$11)),\n         0)","v":0},{"$f":"IF(AND($D56=\"Serviço\",AG$12<>0,$H56>0,OR(AUTOEVENTO<>\"manual\",$M56<>$A$15)),\n        IF(Import.TipoArredondamento<>\"TransfereGOV\",\n              ROUND(OFFSET($P56,0,AG$13),15-13*ORÇAMENTO!$AF$7)/$H56*OFFSET(ORÇAMENTO!$X$15,ROW(AG56)-ROW(AG$15),0),\n              ROUND(ROUND(OFFSET($P56,0,AG$13),15-13*ORÇAMENTO!$AF$7)*OFFSET(ORÇAMENTO!$W$15,ROW(AG56)-ROW(AG$15),0),15-13*ORÇAMENTO!$AF$11)),\n         0)","v":0},{"$f":"IF(AND($D56=\"Serviço\",AH$12<>0,$H56>0,OR(AUTOEVENTO<>\"manual\",$M56<>$A$15)),\n        IF(Import.TipoArredondamento<>\"TransfereGOV\",\n              ROUND(OFFSET($P56,0,AH$13),15-13*ORÇAMENTO!$AF$7)/$H56*OFFSET(ORÇAMENTO!$X$15,ROW(AH56)-ROW(AH$15),0),\n              ROUND(ROUND(OFFSET($P56,0,AH$13),15-13*ORÇAMENTO!$AF$7)*OFFSET(ORÇAMENTO!$W$15,ROW(AH56)-ROW(AH$15),0),15-13*ORÇAMENTO!$AF$11)),\n         0)","v":0},{"$f":"IF(AND($D56=\"Serviço\",AI$12<>0,$H56>0,OR(AUTOEVENTO<>\"manual\",$M56<>$A$15)),\n        IF(Import.TipoArredondamento<>\"TransfereGOV\",\n              ROUND(OFFSET($P56,0,AI$13),15-13*ORÇAMENTO!$AF$7)/$H56*OFFSET(ORÇAMENTO!$X$15,ROW(AI56)-ROW(AI$15),0),\n              ROUND(ROUND(OFFSET($P56,0,AI$13),15-13*ORÇAMENTO!$AF$7)*OFFSET(ORÇAMENTO!$W$15,ROW(AI56)-ROW(AI$15),0),15-13*ORÇAMENTO!$AF$11)),\n         0)","v":0},{"$f":"IF(AND($D56=\"Serviço\",AJ$12<>0,$H56>0,OR(AUTOEVENTO<>\"manual\",$M56<>$A$15)),\n        IF(Import.TipoArredondamento<>\"TransfereGOV\",\n              ROUND(OFFSET($P56,0,AJ$13),15-13*ORÇAMENTO!$AF$7)/$H56*OFFSET(ORÇAMENTO!$X$15,ROW(AJ56)-ROW(AJ$15),0),\n              ROUND(ROUND(OFFSET($P56,0,AJ$13),15-13*ORÇAMENTO!$AF$7)*OFFSET(ORÇAMENTO!$W$15,ROW(AJ56)-ROW(AJ$15),0),15-13*ORÇAMENTO!$AF$11)),\n         0)","v":0},{"$f":"IF(AND($D56=\"Serviço\",AK$12<>0,$H56>0,OR(AUTOEVENTO<>\"manual\",$M56<>$A$15)),\n        IF(Import.TipoArredondamento<>\"TransfereGOV\",\n              ROUND(OFFSET($P56,0,AK$13),15-13*ORÇAMENTO!$AF$7)/$H56*OFFSET(ORÇAMENTO!$X$15,ROW(AK56)-ROW(AK$15),0),\n              ROUND(ROUND(OFFSET($P56,0,AK$13),15-13*ORÇAMENTO!$AF$7)*OFFSET(ORÇAMENTO!$W$15,ROW(AK56)-ROW(AK$15),0),15-13*ORÇAMENTO!$AF$11)),\n         0)","v":0},null,{"$f":"IF(OR($D56<>\"Serviço\",AND(AUTOEVENTO=\"Manual\",$M56=$A$15)),0,\n         IF(OFFSET(CRONOPLE!$F$15,$M56-$A$15,AM$13)=0,10^12,OFFSET(CRONOPLE!$F$15,$M56-$A$15,AM$13)))","v":1},{"$f":"IF(OR($D56<>\"Serviço\",AND(AUTOEVENTO=\"Manual\",$M56=$A$15)),0,\n         IF(OFFSET(CRONOPLE!$F$15,$M56-$A$15,AN$13)=0,10^12,OFFSET(CRONOPLE!$F$15,$M56-$A$15,AN$13)))","v":2},{"$f":"IF(OR($D56<>\"Serviço\",AND(AUTOEVENTO=\"Manual\",$M56=$A$15)),0,\n         IF(OFFSET(CRONOPLE!$F$15,$M56-$A$15,AO$13)=0,10^12,OFFSET(CRONOPLE!$F$15,$M56-$A$15,AO$13)))","v":1000000000000},{"$f":"IF(OR($D56<>\"Serviço\",AND(AUTOEVENTO=\"Manual\",$M56=$A$15)),0,\n         IF(OFFSET(CRONOPLE!$F$15,$M56-$A$15,AP$13)=0,10^12,OFFSET(CRONOPLE!$F$15,$M56-$A$15,AP$13)))","v":1000000000000},{"$f":"IF(OR($D56<>\"Serviço\",AND(AUTOEVENTO=\"Manual\",$M56=$A$15)),0,\n         IF(OFFSET(CRONOPLE!$F$15,$M56-$A$15,AQ$13)=0,10^12,OFFSET(CRONOPLE!$F$15,$M56-$A$15,AQ$13)))","v":1000000000000},{"$f":"IF(OR($D56<>\"Serviço\",AND(AUTOEVENTO=\"Manual\",$M56=$A$15)),0,\n         IF(OFFSET(CRONOPLE!$F$15,$M56-$A$15,AR$13)=0,10^12,OFFSET(CRONOPLE!$F$15,$M56-$A$15,AR$13)))","v":1000000000000},{"$f":"IF(OR($D56<>\"Serviço\",AND(AUTOEVENTO=\"Manual\",$M56=$A$15)),0,\n         IF(OFFSET(CRONOPLE!$F$15,$M56-$A$15,AS$13)=0,10^12,OFFSET(CRONOPLE!$F$15,$M56-$A$15,AS$13)))","v":1000000000000},{"$f":"IF(OR($D56<>\"Serviço\",AND(AUTOEVENTO=\"Manual\",$M56=$A$15)),0,\n         IF(OFFSET(CRONOPLE!$F$15,$M56-$A$15,AT$13)=0,10^12,OFFSET(CRONOPLE!$F$15,$M56-$A$15,AT$13)))","v":1000000000000},{"$f":"IF(OR($D56<>\"Serviço\",AND(AUTOEVENTO=\"Manual\",$M56=$A$15)),0,\n         IF(OFFSET(CRONOPLE!$F$15,$M56-$A$15,AU$13)=0,10^12,OFFSET(CRONOPLE!$F$15,$M56-$A$15,AU$13)))","v":1000000000000},{"$f":"IF(OR($D56<>\"Serviço\",AND(AUTOEVENTO=\"Manual\",$M56=$A$15)),0,\n         IF(OFFSET(CRONOPLE!$F$15,$M56-$A$15,AV$13)=0,10^12,OFFSET(CRONOPLE!$F$15,$M56-$A$15,AV$13)))","v":1000000000000},null,{"$f":"IF(OR($D56<>\"Serviço\",AND(AUTOEVENTO=\"Manual\",$M56=$A$15),$M56>(ROW(PLE.lastrow)-ROW(PLE.firstrow))),0,\n           IF(OFFSET(PLE!$G$15,$M56-$A$15,AX$13)=\"\",10^12,OFFSET(PLE!$G$15,$M56-$A$15,AX$13)))","v":1000000000000},{"$f":"IF(OR($D56<>\"Serviço\",AND(AUTOEVENTO=\"Manual\",$M56=$A$15),$M56>(ROW(PLE.lastrow)-ROW(PLE.firstrow))),0,\n           IF(OFFSET(PLE!$G$15,$M56-$A$15,AY$13)=\"\",10^12,OFFSET(PLE!$G$15,$M56-$A$15,AY$13)))","v":1000000000000},{"$f":"IF(OR($D56<>\"Serviço\",AND(AUTOEVENTO=\"Manual\",$M56=$A$15),$M56>(ROW(PLE.lastrow)-ROW(PLE.firstrow))),0,\n           IF(OFFSET(PLE!$G$15,$M56-$A$15,AZ$13)=\"\",10^12,OFFSET(PLE!$G$15,$M56-$A$15,AZ$13)))","v":1000000000000},{"$f":"IF(OR($D56<>\"Serviço\",AND(AUTOEVENTO=\"Manual\",$M56=$A$15),$M56>(ROW(PLE.lastrow)-ROW(PLE.firstrow))),0,\n           IF(OFFSET(PLE!$G$15,$M56-$A$15,BA$13)=\"\",10^12,OFFSET(PLE!$G$15,$M56-$A$15,BA$13)))","v":1000000000000},{"$f":"IF(OR($D56<>\"Serviço\",AND(AUTOEVENTO=\"Manual\",$M56=$A$15),$M56>(ROW(PLE.lastrow)-ROW(PLE.firstrow))),0,\n           IF(OFFSET(PLE!$G$15,$M56-$A$15,BB$13)=\"\",10^12,OFFSET(PLE!$G$15,$M56-$A$15,BB$13)))","v":1000000000000},{"$f":"IF(OR($D56<>\"Serviço\",AND(AUTOEVENTO=\"Manual\",$M56=$A$15),$M56>(ROW(PLE.lastrow)-ROW(PLE.firstrow))),0,\n           IF(OFFSET(PLE!$G$15,$M56-$A$15,BC$13)=\"\",10^12,OFFSET(PLE!$G$15,$M56-$A$15,BC$13)))","v":1000000000000},{"$f":"IF(OR($D56<>\"Serviço\",AND(AUTOEVENTO=\"Manual\",$M56=$A$15),$M56>(ROW(PLE.lastrow)-ROW(PLE.firstrow))),0,\n           IF(OFFSET(PLE!$G$15,$M56-$A$15,BD$13)=\"\",10^12,OFFSET(PLE!$G$15,$M56-$A$15,BD$13)))","v":1000000000000},{"$f":"IF(OR($D56<>\"Serviço\",AND(AUTOEVENTO=\"Manual\",$M56=$A$15),$M56>(ROW(PLE.lastrow)-ROW(PLE.firstrow))),0,\n           IF(OFFSET(PLE!$G$15,$M56-$A$15,BE$13)=\"\",10^12,OFFSET(PLE!$G$15,$M56-$A$15,BE$13)))","v":1000000000000},{"$f":"IF(OR($D56<>\"Serviço\",AND(AUTOEVENTO=\"Manual\",$M56=$A$15),$M56>(ROW(PLE.lastrow)-ROW(PLE.firstrow))),0,\n           IF(OFFSET(PLE!$G$15,$M56-$A$15,BF$13)=\"\",10^12,OFFSET(PLE!$G$15,$M56-$A$15,BF$13)))","v":1000000000000},{"$f":"IF(OR($D56<>\"Serviço\",AND(AUTOEVENTO=\"Manual\",$M56=$A$15),$M56>(ROW(PLE.lastrow)-ROW(PLE.firstrow))),0,\n           IF(OFFSET(PLE!$G$15,$M56-$A$15,BG$13)=\"\",10^12,OFFSET(PLE!$G$15,$M56-$A$15,BG$13)))","v":1000000000000}]
["10",{"$f":"OFFSET(ORÇAMENTO!C$15,ROW(B57)-ROW(B$15),0)","v":"S"},{"$f":"OFFSET(ORÇAMENTO!L$15,ROW(C57)-ROW(C$15),0)","v":""},{"$f":"OFFSET(ORÇAMENTO!N$15,ROW(D57)-ROW(D$15),0)","v":"Serviço"},{"$f":"OFFSET(ORÇAMENTO!O$15,ROW(E57)-ROW(E$15),0)","v":"-"},{"$f":"OFFSET(ORÇAMENTO!R$15,ROW(F57)-ROW(F$15),0)","v":"(Sem Código)"},{"$f":"IF($D57<>\"Serviço\",\"\",OFFSET(ORÇAMENTO!S$15,ROW(G57)-ROW(G$15),0))","v":"-"},{"$f":"IF($D57<>\"Serviço\",0,IF(ACOMPANHAMENTO=\"BM\",ROUND(OFFSET(ORÇAMENTO!AJ$15,ROW(H57)-ROW(H$15),0),15-13*ORÇAMENTO!$AF$7),SUMPRODUCT(($Q$1:$AA$1=1)*ROUND($Q57:$AA57,15-13*ORÇAMENTO!$AF$7))))","v":0},null,{"$f":"IF(OR(B57<>\"S\",CÁLCULO.FrentesPreenchidas=0),\"\",IF(AND(ACOMPANHAMENTO=\"PLE\",AUTOEVENTO=\"Manual\",OR(H57>0,ORÇAMENTO!AC57=\"QUANT.\"),OR(K57=\"\",M57=0,N57=\"\")),\"►E\",IF(AND(ACOMPANHAMENTO=\"PLE\",ORÇAMENTO!AC57=\"QUANT.\"),\"►Q\",IF(AND(ACOMPANHAMENTO=\"PLE\",H57<>SUMPRODUCT(($Q$1:$AA$1=1)*ROUND(Q57:AA57,15))),\"►S\",IF(AND(COUNTIF($P$11:$AA$11,\"▼\")=0,H57>0,I57=\"\"),\"◄M\",\"\")))))","v":{"$error":"#NAME?"}},null,".",{"$f":"IF($D57<>\"Serviço\",\"\",\n          IF(AUTOEVENTO=\"manual\",$A57,\n                IF(ISERROR(MATCH($A57,$A$15:OFFSET($A57,-1,0),0)),MAX($M$15:OFFSET(M57,-1,0))+1,\n                      INDEX($M$15:OFFSET(M57,-1,0),MATCH($A57,$A$15:OFFSET($A57,-1,0),0)))))","v":2},{"$f":"IF($D57<>\"Serviço\",\"\",\n         IF(AUTOEVENTO=\"Manual\",\n                IF($A57=0,\"<-- defina o número do agrupador\",\n                       OFFSET(EVENTOS!$D$15,$A57-$A$15,0)),\n                OFFSET($F$15,$A57,0)))","v":"REDE DE DISTRUIBUIÇÃO"},null,null,null,null,null,null,null,null,null,null,null,null,null,{"$f":"IF(AND($D57=\"Serviço\",AB$12<>0,$H57>0,OR(AUTOEVENTO<>\"manual\",$M57<>$A$15)),\n        IF(Import.TipoArredondamento<>\"TransfereGOV\",\n              ROUND(OFFSET($P57,0,AB$13),15-13*ORÇAMENTO!$AF$7)/$H57*OFFSET(ORÇAMENTO!$X$15,ROW(AB57)-ROW(AB$15),0),\n              ROUND(ROUND(OFFSET($P57,0,AB$13),15-13*ORÇAMENTO!$AF$7)*OFFSET(ORÇAMENTO!$W$15,ROW(AB57)-ROW(AB$15),0),15-13*ORÇAMENTO!$AF$11)),\n         0)","v":0},{"$f":"IF(AND($D57=\"Serviço\",AC$12<>0,$H57>0,OR(AUTOEVENTO<>\"manual\",$M57<>$A$15)),\n        IF(Import.TipoArredondamento<>\"TransfereGOV\",\n              ROUND(OFFSET($P57,0,AC$13),15-13*ORÇAMENTO!$AF$7)/$H57*OFFSET(ORÇAMENTO!$X$15,ROW(AC57)-ROW(AC$15),0),\n              ROUND(ROUND(OFFSET($P57,0,AC$13),15-13*ORÇAMENTO!$AF$7)*OFFSET(ORÇAMENTO!$W$15,ROW(AC57)-ROW(AC$15),0),15-13*ORÇAMENTO!$AF$11)),\n         0)","v":0},{"$f":"IF(AND($D57=\"Serviço\",AD$12<>0,$H57>0,OR(AUTOEVENTO<>\"manual\",$M57<>$A$15)),\n        IF(Import.TipoArredondamento<>\"TransfereGOV\",\n              ROUND(OFFSET($P57,0,AD$13),15-13*ORÇAMENTO!$AF$7)/$H57*OFFSET(ORÇAMENTO!$X$15,ROW(AD57)-ROW(AD$15),0),\n              ROUND(ROUND(OFFSET($P57,0,AD$13),15-13*ORÇAMENTO!$AF$7)*OFFSET(ORÇAMENTO!$W$15,ROW(AD57)-ROW(AD$15),0),15-13*ORÇAMENTO!$AF$11)),\n         0)","v":0},{"$f":"IF(AND($D57=\"Serviço\",AE$12<>0,$H57>0,OR(AUTOEVENTO<>\"manual\",$M57<>$A$15)),\n        IF(Import.TipoArredondamento<>\"TransfereGOV\",\n              ROUND(OFFSET($P57,0,AE$13),15-13*ORÇAMENTO!$AF$7)/$H57*OFFSET(ORÇAMENTO!$X$15,ROW(AE57)-ROW(AE$15),0),\n              ROUND(ROUND(OFFSET($P57,0,AE$13),15-13*ORÇAMENTO!$AF$7)*OFFSET(ORÇAMENTO!$W$15,ROW(AE57)-ROW(AE$15),0),15-13*ORÇAMENTO!$AF$11)),\n         0)","v":0},{"$f":"IF(AND($D57=\"Serviço\",AF$12<>0,$H57>0,OR(AUTOEVENTO<>\"manual\",$M57<>$A$15)),\n        IF(Import.TipoArredondamento<>\"TransfereGOV\",\n              ROUND(OFFSET($P57,0,AF$13),15-13*ORÇAMENTO!$AF$7)/$H57*OFFSET(ORÇAMENTO!$X$15,ROW(AF57)-ROW(AF$15),0),\n              ROUND(ROUND(OFFSET($P57,0,AF$13),15-13*ORÇAMENTO!$AF$7)*OFFSET(ORÇAMENTO!$W$15,ROW(AF57)-ROW(AF$15),0),15-13*ORÇAMENTO!$AF$11)),\n         0)","v":0},{"$f":"IF(AND($D57=\"Serviço\",AG$12<>0,$H57>0,OR(AUTOEVENTO<>\"manual\",$M57<>$A$15)),\n        IF(Import.TipoArredondamento<>\"TransfereGOV\",\n              ROUND(OFFSET($P57,0,AG$13),15-13*ORÇAMENTO!$AF$7)/$H57*OFFSET(ORÇAMENTO!$X$15,ROW(AG57)-ROW(AG$15),0),\n              ROUND(ROUND(OFFSET($P57,0,AG$13),15-13*ORÇAMENTO!$AF$7)*OFFSET(ORÇAMENTO!$W$15,ROW(AG57)-ROW(AG$15),0),15-13*ORÇAMENTO!$AF$11)),\n         0)","v":0},{"$f":"IF(AND($D57=\"Serviço\",AH$12<>0,$H57>0,OR(AUTOEVENTO<>\"manual\",$M57<>$A$15)),\n        IF(Import.TipoArredondamento<>\"TransfereGOV\",\n              ROUND(OFFSET($P57,0,AH$13),15-13*ORÇAMENTO!$AF$7)/$H57*OFFSET(ORÇAMENTO!$X$15,ROW(AH57)-ROW(AH$15),0),\n              ROUND(ROUND(OFFSET($P57,0,AH$13),15-13*ORÇAMENTO!$AF$7)*OFFSET(ORÇAMENTO!$W$15,ROW(AH57)-ROW(AH$15),0),15-13*ORÇAMENTO!$AF$11)),\n         0)","v":0},{"$f":"IF(AND($D57=\"Serviço\",AI$12<>0,$H57>0,OR(AUTOEVENTO<>\"manual\",$M57<>$A$15)),\n        IF(Import.TipoArredondamento<>\"TransfereGOV\",\n              ROUND(OFFSET($P57,0,AI$13),15-13*ORÇAMENTO!$AF$7)/$H57*OFFSET(ORÇAMENTO!$X$15,ROW(AI57)-ROW(AI$15),0),\n              ROUND(ROUND(OFFSET($P57,0,AI$13),15-13*ORÇAMENTO!$AF$7)*OFFSET(ORÇAMENTO!$W$15,ROW(AI57)-ROW(AI$15),0),15-13*ORÇAMENTO!$AF$11)),\n         0)","v":0},{"$f":"IF(AND($D57=\"Serviço\",AJ$12<>0,$H57>0,OR(AUTOEVENTO<>\"manual\",$M57<>$A$15)),\n        IF(Import.TipoArredondamento<>\"TransfereGOV\",\n              ROUND(OFFSET($P57,0,AJ$13),15-13*ORÇAMENTO!$AF$7)/$H57*OFFSET(ORÇAMENTO!$X$15,ROW(AJ57)-ROW(AJ$15),0),\n              ROUND(ROUND(OFFSET($P57,0,AJ$13),15-13*ORÇAMENTO!$AF$7)*OFFSET(ORÇAMENTO!$W$15,ROW(AJ57)-ROW(AJ$15),0),15-13*ORÇAMENTO!$AF$11)),\n         0)","v":0},{"$f":"IF(AND($D57=\"Serviço\",AK$12<>0,$H57>0,OR(AUTOEVENTO<>\"manual\",$M57<>$A$15)),\n        IF(Import.TipoArredondamento<>\"TransfereGOV\",\n              ROUND(OFFSET($P57,0,AK$13),15-13*ORÇAMENTO!$AF$7)/$H57*OFFSET(ORÇAMENTO!$X$15,ROW(AK57)-ROW(AK$15),0),\n              ROUND(ROUND(OFFSET($P57,0,AK$13),15-13*ORÇAMENTO!$AF$7)*OFFSET(ORÇAMENTO!$W$15,ROW(AK57)-ROW(AK$15),0),15-13*ORÇAMENTO!$AF$11)),\n         0)","v":0},null,{"$f":"IF(OR($D57<>\"Serviço\",AND(AUTOEVENTO=\"Manual\",$M57=$A$15)),0,\n         IF(OFFSET(CRONOPLE!$F$15,$M57-$A$15,AM$13)=0,10^12,OFFSET(CRONOPLE!$F$15,$M57-$A$15,AM$13)))","v":1},{"$f":"IF(OR($D57<>\"Serviço\",AND(AUTOEVENTO=\"Manual\",$M57=$A$15)),0,\n         IF(OFFSET(CRONOPLE!$F$15,$M57-$A$15,AN$13)=0,10^12,OFFSET(CRONOPLE!$F$15,$M57-$A$15,AN$13)))","v":2},{"$f":"IF(OR($D57<>\"Serviço\",AND(AUTOEVENTO=\"Manual\",$M57=$A$15)),0,\n         IF(OFFSET(CRONOPLE!$F$15,$M57-$A$15,AO$13)=0,10^12,OFFSET(CRONOPLE!$F$15,$M57-$A$15,AO$13)))","v":1000000000000},{"$f":"IF(OR($D57<>\"Serviço\",AND(AUTOEVENTO=\"Manual\",$M57=$A$15)),0,\n         IF(OFFSET(CRONOPLE!$F$15,$M57-$A$15,AP$13)=0,10^12,OFFSET(CRONOPLE!$F$15,$M57-$A$15,AP$13)))","v":1000000000000},{"$f":"IF(OR($D57<>\"Serviço\",AND(AUTOEVENTO=\"Manual\",$M57=$A$15)),0,\n         IF(OFFSET(CRONOPLE!$F$15,$M57-$A$15,AQ$13)=0,10^12,OFFSET(CRONOPLE!$F$15,$M57-$A$15,AQ$13)))","v":1000000000000},{"$f":"IF(OR($D57<>\"Serviço\",AND(AUTOEVENTO=\"Manual\",$M57=$A$15)),0,\n         IF(OFFSET(CRONOPLE!$F$15,$M57-$A$15,AR$13)=0,10^12,OFFSET(CRONOPLE!$F$15,$M57-$A$15,AR$13)))","v":1000000000000},{"$f":"IF(OR($D57<>\"Serviço\",AND(AUTOEVENTO=\"Manual\",$M57=$A$15)),0,\n         IF(OFFSET(CRONOPLE!$F$15,$M57-$A$15,AS$13)=0,10^12,OFFSET(CRONOPLE!$F$15,$M57-$A$15,AS$13)))","v":1000000000000},{"$f":"IF(OR($D57<>\"Serviço\",AND(AUTOEVENTO=\"Manual\",$M57=$A$15)),0,\n         IF(OFFSET(CRONOPLE!$F$15,$M57-$A$15,AT$13)=0,10^12,OFFSET(CRONOPLE!$F$15,$M57-$A$15,AT$13)))","v":1000000000000},{"$f":"IF(OR($D57<>\"Serviço\",AND(AUTOEVENTO=\"Manual\",$M57=$A$15)),0,\n         IF(OFFSET(CRONOPLE!$F$15,$M57-$A$15,AU$13)=0,10^12,OFFSET(CRONOPLE!$F$15,$M57-$A$15,AU$13)))","v":1000000000000},{"$f":"IF(OR($D57<>\"Serviço\",AND(AUTOEVENTO=\"Manual\",$M57=$A$15)),0,\n         IF(OFFSET(CRONOPLE!$F$15,$M57-$A$15,AV$13)=0,10^12,OFFSET(CRONOPLE!$F$15,$M57-$A$15,AV$13)))","v":1000000000000},null,{"$f":"IF(OR($D57<>\"Serviço\",AND(AUTOEVENTO=\"Manual\",$M57=$A$15),$M57>(ROW(PLE.lastrow)-ROW(PLE.firstrow))),0,\n           IF(OFFSET(PLE!$G$15,$M57-$A$15,AX$13)=\"\",10^12,OFFSET(PLE!$G$15,$M57-$A$15,AX$13)))","v":1000000000000},{"$f":"IF(OR($D57<>\"Serviço\",AND(AUTOEVENTO=\"Manual\",$M57=$A$15),$M57>(ROW(PLE.lastrow)-ROW(PLE.firstrow))),0,\n           IF(OFFSET(PLE!$G$15,$M57-$A$15,AY$13)=\"\",10^12,OFFSET(PLE!$G$15,$M57-$A$15,AY$13)))","v":1000000000000},{"$f":"IF(OR($D57<>\"Serviço\",AND(AUTOEVENTO=\"Manual\",$M57=$A$15),$M57>(ROW(PLE.lastrow)-ROW(PLE.firstrow))),0,\n           IF(OFFSET(PLE!$G$15,$M57-$A$15,AZ$13)=\"\",10^12,OFFSET(PLE!$G$15,$M57-$A$15,AZ$13)))","v":1000000000000},{"$f":"IF(OR($D57<>\"Serviço\",AND(AUTOEVENTO=\"Manual\",$M57=$A$15),$M57>(ROW(PLE.lastrow)-ROW(PLE.firstrow))),0,\n           IF(OFFSET(PLE!$G$15,$M57-$A$15,BA$13)=\"\",10^12,OFFSET(PLE!$G$15,$M57-$A$15,BA$13)))","v":1000000000000},{"$f":"IF(OR($D57<>\"Serviço\",AND(AUTOEVENTO=\"Manual\",$M57=$A$15),$M57>(ROW(PLE.lastrow)-ROW(PLE.firstrow))),0,\n           IF(OFFSET(PLE!$G$15,$M57-$A$15,BB$13)=\"\",10^12,OFFSET(PLE!$G$15,$M57-$A$15,BB$13)))","v":1000000000000},{"$f":"IF(OR($D57<>\"Serviço\",AND(AUTOEVENTO=\"Manual\",$M57=$A$15),$M57>(ROW(PLE.lastrow)-ROW(PLE.firstrow))),0,\n           IF(OFFSET(PLE!$G$15,$M57-$A$15,BC$13)=\"\",10^12,OFFSET(PLE!$G$15,$M57-$A$15,BC$13)))","v":1000000000000},{"$f":"IF(OR($D57<>\"Serviço\",AND(AUTOEVENTO=\"Manual\",$M57=$A$15),$M57>(ROW(PLE.lastrow)-ROW(PLE.firstrow))),0,\n           IF(OFFSET(PLE!$G$15,$M57-$A$15,BD$13)=\"\",10^12,OFFSET(PLE!$G$15,$M57-$A$15,BD$13)))","v":1000000000000},{"$f":"IF(OR($D57<>\"Serviço\",AND(AUTOEVENTO=\"Manual\",$M57=$A$15),$M57>(ROW(PLE.lastrow)-ROW(PLE.firstrow))),0,\n           IF(OFFSET(PLE!$G$15,$M57-$A$15,BE$13)=\"\",10^12,OFFSET(PLE!$G$15,$M57-$A$15,BE$13)))","v":1000000000000},{"$f":"IF(OR($D57<>\"Serviço\",AND(AUTOEVENTO=\"Manual\",$M57=$A$15),$M57>(ROW(PLE.lastrow)-ROW(PLE.firstrow))),0,\n           IF(OFFSET(PLE!$G$15,$M57-$A$15,BF$13)=\"\",10^12,OFFSET(PLE!$G$15,$M57-$A$15,BF$13)))","v":1000000000000},{"$f":"IF(OR($D57<>\"Serviço\",AND(AUTOEVENTO=\"Manual\",$M57=$A$15),$M57>(ROW(PLE.lastrow)-ROW(PLE.firstrow))),0,\n           IF(OFFSET(PLE!$G$15,$M57-$A$15,BG$13)=\"\",10^12,OFFSET(PLE!$G$15,$M57-$A$15,BG$13)))","v":1000000000000}]
["10",{"$f":"OFFSET(ORÇAMENTO!C$15,ROW(B58)-ROW(B$15),0)","v":"S"},{"$f":"OFFSET(ORÇAMENTO!L$15,ROW(C58)-ROW(C$15),0)","v":""},{"$f":"OFFSET(ORÇAMENTO!N$15,ROW(D58)-ROW(D$15),0)","v":"Serviço"},{"$f":"OFFSET(ORÇAMENTO!O$15,ROW(E58)-ROW(E$15),0)","v":"-"},{"$f":"OFFSET(ORÇAMENTO!R$15,ROW(F58)-ROW(F$15),0)","v":"(Sem Código)"},{"$f":"IF($D58<>\"Serviço\",\"\",OFFSET(ORÇAMENTO!S$15,ROW(G58)-ROW(G$15),0))","v":"-"},{"$f":"IF($D58<>\"Serviço\",0,IF(ACOMPANHAMENTO=\"BM\",ROUND(OFFSET(ORÇAMENTO!AJ$15,ROW(H58)-ROW(H$15),0),15-13*ORÇAMENTO!$AF$7),SUMPRODUCT(($Q$1:$AA$1=1)*ROUND($Q58:$AA58,15-13*ORÇAMENTO!$AF$7))))","v":0},null,{"$f":"IF(OR(B58<>\"S\",CÁLCULO.FrentesPreenchidas=0),\"\",IF(AND(ACOMPANHAMENTO=\"PLE\",AUTOEVENTO=\"Manual\",OR(H58>0,ORÇAMENTO!AC58=\"QUANT.\"),OR(K58=\"\",M58=0,N58=\"\")),\"►E\",IF(AND(ACOMPANHAMENTO=\"PLE\",ORÇAMENTO!AC58=\"QUANT.\"),\"►Q\",IF(AND(ACOMPANHAMENTO=\"PLE\",H58<>SUMPRODUCT(($Q$1:$AA$1=1)*ROUND(Q58:AA58,15))),\"►S\",IF(AND(COUNTIF($P$11:$AA$11,\"▼\")=0,H58>0,I58=\"\"),\"◄M\",\"\")))))","v":{"$error":"#NAME?"}},null,".",{"$f":"IF($D58<>\"Serviço\",\"\",\n          IF(AUTOEVENTO=\"manual\",$A58,\n                IF(ISERROR(MATCH($A58,$A$15:OFFSET($A58,-1,0),0)),MAX($M$15:OFFSET(M58,-1,0))+1,\n                      INDEX($M$15:OFFSET(M58,-1,0),MATCH($A58,$A$15:OFFSET($A58,-1,0),0)))))","v":2},{"$f":"IF($D58<>\"Serviço\",\"\",\n         IF(AUTOEVENTO=\"Manual\",\n                IF($A58=0,\"<-- defina o número do agrupador\",\n                       OFFSET(EVENTOS!$D$15,$A58-$A$15,0)),\n                OFFSET($F$15,$A58,0)))","v":"REDE DE DISTRUIBUIÇÃO"},null,null,null,null,null,null,null,null,null,null,null,null,null,{"$f":"IF(AND($D58=\"Serviço\",AB$12<>0,$H58>0,OR(AUTOEVENTO<>\"manual\",$M58<>$A$15)),\n        IF(Import.TipoArredondamento<>\"TransfereGOV\",\n              ROUND(OFFSET($P58,0,AB$13),15-13*ORÇAMENTO!$AF$7)/$H58*OFFSET(ORÇAMENTO!$X$15,ROW(AB58)-ROW(AB$15),0),\n              ROUND(ROUND(OFFSET($P58,0,AB$13),15-13*ORÇAMENTO!$AF$7)*OFFSET(ORÇAMENTO!$W$15,ROW(AB58)-ROW(AB$15),0),15-13*ORÇAMENTO!$AF$11)),\n         0)","v":0},{"$f":"IF(AND($D58=\"Serviço\",AC$12<>0,$H58>0,OR(AUTOEVENTO<>\"manual\",$M58<>$A$15)),\n        IF(Import.TipoArredondamento<>\"TransfereGOV\",\n              ROUND(OFFSET($P58,0,AC$13),15-13*ORÇAMENTO!$AF$7)/$H58*OFFSET(ORÇAMENTO!$X$15,ROW(AC58)-ROW(AC$15),0),\n              ROUND(ROUND(OFFSET($P58,0,AC$13),15-13*ORÇAMENTO!$AF$7)*OFFSET(ORÇAMENTO!$W$15,ROW(AC58)-ROW(AC$15),0),15-13*ORÇAMENTO!$AF$11)),\n         0)","v":0},{"$f":"IF(AND($D58=\"Serviço\",AD$12<>0,$H58>0,OR(AUTOEVENTO<>\"manual\",$M58<>$A$15)),\n        IF(Import.TipoArredondamento<>\"TransfereGOV\",\n              ROUND(OFFSET($P58,0,AD$13),15-13*ORÇAMENTO!$AF$7)/$H58*OFFSET(ORÇAMENTO!$X$15,ROW(AD58)-ROW(AD$15),0),\n              ROUND(ROUND(OFFSET($P58,0,AD$13),15-13*ORÇAMENTO!$AF$7)*OFFSET(ORÇAMENTO!$W$15,ROW(AD58)-ROW(AD$15),0),15-13*ORÇAMENTO!$AF$11)),\n         0)","v":0},{"$f":"IF(AND($D58=\"Serviço\",AE$12<>0,$H58>0,OR(AUTOEVENTO<>\"manual\",$M58<>$A$15)),\n        IF(Import.TipoArredondamento<>\"TransfereGOV\",\n              ROUND(OFFSET($P58,0,AE$13),15-13*ORÇAMENTO!$AF$7)/$H58*OFFSET(ORÇAMENTO!$X$15,ROW(AE58)-ROW(AE$15),0),\n              ROUND(ROUND(OFFSET($P58,0,AE$13),15-13*ORÇAMENTO!$AF$7)*OFFSET(ORÇAMENTO!$W$15,ROW(AE58)-ROW(AE$15),0),15-13*ORÇAMENTO!$AF$11)),\n         0)","v":0},{"$f":"IF(AND($D58=\"Serviço\",AF$12<>0,$H58>0,OR(AUTOEVENTO<>\"manual\",$M58<>$A$15)),\n        IF(Import.TipoArredondamento<>\"TransfereGOV\",\n              ROUND(OFFSET($P58,0,AF$13),15-13*ORÇAMENTO!$AF$7)/$H58*OFFSET(ORÇAMENTO!$X$15,ROW(AF58)-ROW(AF$15),0),\n              ROUND(ROUND(OFFSET($P58,0,AF$13),15-13*ORÇAMENTO!$AF$7)*OFFSET(ORÇAMENTO!$W$15,ROW(AF58)-ROW(AF$15),0),15-13*ORÇAMENTO!$AF$11)),\n         0)","v":0},{"$f":"IF(AND($D58=\"Serviço\",AG$12<>0,$H58>0,OR(AUTOEVENTO<>\"manual\",$M58<>$A$15)),\n        IF(Import.TipoArredondamento<>\"TransfereGOV\",\n              ROUND(OFFSET($P58,0,AG$13),15-13*ORÇAMENTO!$AF$7)/$H58*OFFSET(ORÇAMENTO!$X$15,ROW(AG58)-ROW(AG$15),0),\n              ROUND(ROUND(OFFSET($P58,0,AG$13),15-13*ORÇAMENTO!$AF$7)*OFFSET(ORÇAMENTO!$W$15,ROW(AG58)-ROW(AG$15),0),15-13*ORÇAMENTO!$AF$11)),\n         0)","v":0},{"$f":"IF(AND($D58=\"Serviço\",AH$12<>0,$H58>0,OR(AUTOEVENTO<>\"manual\",$M58<>$A$15)),\n        IF(Import.TipoArredondamento<>\"TransfereGOV\",\n              ROUND(OFFSET($P58,0,AH$13),15-13*ORÇAMENTO!$AF$7)/$H58*OFFSET(ORÇAMENTO!$X$15,ROW(AH58)-ROW(AH$15),0),\n              ROUND(ROUND(OFFSET($P58,0,AH$13),15-13*ORÇAMENTO!$AF$7)*OFFSET(ORÇAMENTO!$W$15,ROW(AH58)-ROW(AH$15),0),15-13*ORÇAMENTO!$AF$11)),\n         0)","v":0},{"$f":"IF(AND($D58=\"Serviço\",AI$12<>0,$H58>0,OR(AUTOEVENTO<>\"manual\",$M58<>$A$15)),\n        IF(Import.TipoArredondamento<>\"TransfereGOV\",\n              ROUND(OFFSET($P58,0,AI$13),15-13*ORÇAMENTO!$AF$7)/$H58*OFFSET(ORÇAMENTO!$X$15,ROW(AI58)-ROW(AI$15),0),\n              ROUND(ROUND(OFFSET($P58,0,AI$13),15-13*ORÇAMENTO!$AF$7)*OFFSET(ORÇAMENTO!$W$15,ROW(AI58)-ROW(AI$15),0),15-13*ORÇAMENTO!$AF$11)),\n         0)","v":0},{"$f":"IF(AND($D58=\"Serviço\",AJ$12<>0,$H58>0,OR(AUTOEVENTO<>\"manual\",$M58<>$A$15)),\n        IF(Import.TipoArredondamento<>\"TransfereGOV\",\n              ROUND(OFFSET($P58,0,AJ$13),15-13*ORÇAMENTO!$AF$7)/$H58*OFFSET(ORÇAMENTO!$X$15,ROW(AJ58)-ROW(AJ$15),0),\n              ROUND(ROUND(OFFSET($P58,0,AJ$13),15-13*ORÇAMENTO!$AF$7)*OFFSET(ORÇAMENTO!$W$15,ROW(AJ58)-ROW(AJ$15),0),15-13*ORÇAMENTO!$AF$11)),\n         0)","v":0},{"$f":"IF(AND($D58=\"Serviço\",AK$12<>0,$H58>0,OR(AUTOEVENTO<>\"manual\",$M58<>$A$15)),\n        IF(Import.TipoArredondamento<>\"TransfereGOV\",\n              ROUND(OFFSET($P58,0,AK$13),15-13*ORÇAMENTO!$AF$7)/$H58*OFFSET(ORÇAMENTO!$X$15,ROW(AK58)-ROW(AK$15),0),\n              ROUND(ROUND(OFFSET($P58,0,AK$13),15-13*ORÇAMENTO!$AF$7)*OFFSET(ORÇAMENTO!$W$15,ROW(AK58)-ROW(AK$15),0),15-13*ORÇAMENTO!$AF$11)),\n         0)","v":0},null,{"$f":"IF(OR($D58<>\"Serviço\",AND(AUTOEVENTO=\"Manual\",$M58=$A$15)),0,\n         IF(OFFSET(CRONOPLE!$F$15,$M58-$A$15,AM$13)=0,10^12,OFFSET(CRONOPLE!$F$15,$M58-$A$15,AM$13)))","v":1},{"$f":"IF(OR($D58<>\"Serviço\",AND(AUTOEVENTO=\"Manual\",$M58=$A$15)),0,\n         IF(OFFSET(CRONOPLE!$F$15,$M58-$A$15,AN$13)=0,10^12,OFFSET(CRONOPLE!$F$15,$M58-$A$15,AN$13)))","v":2},{"$f":"IF(OR($D58<>\"Serviço\",AND(AUTOEVENTO=\"Manual\",$M58=$A$15)),0,\n         IF(OFFSET(CRONOPLE!$F$15,$M58-$A$15,AO$13)=0,10^12,OFFSET(CRONOPLE!$F$15,$M58-$A$15,AO$13)))","v":1000000000000},{"$f":"IF(OR($D58<>\"Serviço\",AND(AUTOEVENTO=\"Manual\",$M58=$A$15)),0,\n         IF(OFFSET(CRONOPLE!$F$15,$M58-$A$15,AP$13)=0,10^12,OFFSET(CRONOPLE!$F$15,$M58-$A$15,AP$13)))","v":1000000000000},{"$f":"IF(OR($D58<>\"Serviço\",AND(AUTOEVENTO=\"Manual\",$M58=$A$15)),0,\n         IF(OFFSET(CRONOPLE!$F$15,$M58-$A$15,AQ$13)=0,10^12,OFFSET(CRONOPLE!$F$15,$M58-$A$15,AQ$13)))","v":1000000000000},{"$f":"IF(OR($D58<>\"Serviço\",AND(AUTOEVENTO=\"Manual\",$M58=$A$15)),0,\n         IF(OFFSET(CRONOPLE!$F$15,$M58-$A$15,AR$13)=0,10^12,OFFSET(CRONOPLE!$F$15,$M58-$A$15,AR$13)))","v":1000000000000},{"$f":"IF(OR($D58<>\"Serviço\",AND(AUTOEVENTO=\"Manual\",$M58=$A$15)),0,\n         IF(OFFSET(CRONOPLE!$F$15,$M58-$A$15,AS$13)=0,10^12,OFFSET(CRONOPLE!$F$15,$M58-$A$15,AS$13)))","v":1000000000000},{"$f":"IF(OR($D58<>\"Serviço\",AND(AUTOEVENTO=\"Manual\",$M58=$A$15)),0,\n         IF(OFFSET(CRONOPLE!$F$15,$M58-$A$15,AT$13)=0,10^12,OFFSET(CRONOPLE!$F$15,$M58-$A$15,AT$13)))","v":1000000000000},{"$f":"IF(OR($D58<>\"Serviço\",AND(AUTOEVENTO=\"Manual\",$M58=$A$15)),0,\n         IF(OFFSET(CRONOPLE!$F$15,$M58-$A$15,AU$13)=0,10^12,OFFSET(CRONOPLE!$F$15,$M58-$A$15,AU$13)))","v":1000000000000},{"$f":"IF(OR($D58<>\"Serviço\",AND(AUTOEVENTO=\"Manual\",$M58=$A$15)),0,\n         IF(OFFSET(CRONOPLE!$F$15,$M58-$A$15,AV$13)=0,10^12,OFFSET(CRONOPLE!$F$15,$M58-$A$15,AV$13)))","v":1000000000000},null,{"$f":"IF(OR($D58<>\"Serviço\",AND(AUTOEVENTO=\"Manual\",$M58=$A$15),$M58>(ROW(PLE.lastrow)-ROW(PLE.firstrow))),0,\n           IF(OFFSET(PLE!$G$15,$M58-$A$15,AX$13)=\"\",10^12,OFFSET(PLE!$G$15,$M58-$A$15,AX$13)))","v":1000000000000},{"$f":"IF(OR($D58<>\"Serviço\",AND(AUTOEVENTO=\"Manual\",$M58=$A$15),$M58>(ROW(PLE.lastrow)-ROW(PLE.firstrow))),0,\n           IF(OFFSET(PLE!$G$15,$M58-$A$15,AY$13)=\"\",10^12,OFFSET(PLE!$G$15,$M58-$A$15,AY$13)))","v":1000000000000},{"$f":"IF(OR($D58<>\"Serviço\",AND(AUTOEVENTO=\"Manual\",$M58=$A$15),$M58>(ROW(PLE.lastrow)-ROW(PLE.firstrow))),0,\n           IF(OFFSET(PLE!$G$15,$M58-$A$15,AZ$13)=\"\",10^12,OFFSET(PLE!$G$15,$M58-$A$15,AZ$13)))","v":1000000000000},{"$f":"IF(OR($D58<>\"Serviço\",AND(AUTOEVENTO=\"Manual\",$M58=$A$15),$M58>(ROW(PLE.lastrow)-ROW(PLE.firstrow))),0,\n           IF(OFFSET(PLE!$G$15,$M58-$A$15,BA$13)=\"\",10^12,OFFSET(PLE!$G$15,$M58-$A$15,BA$13)))","v":1000000000000},{"$f":"IF(OR($D58<>\"Serviço\",AND(AUTOEVENTO=\"Manual\",$M58=$A$15),$M58>(ROW(PLE.lastrow)-ROW(PLE.firstrow))),0,\n           IF(OFFSET(PLE!$G$15,$M58-$A$15,BB$13)=\"\",10^12,OFFSET(PLE!$G$15,$M58-$A$15,BB$13)))","v":1000000000000},{"$f":"IF(OR($D58<>\"Serviço\",AND(AUTOEVENTO=\"Manual\",$M58=$A$15),$M58>(ROW(PLE.lastrow)-ROW(PLE.firstrow))),0,\n           IF(OFFSET(PLE!$G$15,$M58-$A$15,BC$13)=\"\",10^12,OFFSET(PLE!$G$15,$M58-$A$15,BC$13)))","v":1000000000000},{"$f":"IF(OR($D58<>\"Serviço\",AND(AUTOEVENTO=\"Manual\",$M58=$A$15),$M58>(ROW(PLE.lastrow)-ROW(PLE.firstrow))),0,\n           IF(OFFSET(PLE!$G$15,$M58-$A$15,BD$13)=\"\",10^12,OFFSET(PLE!$G$15,$M58-$A$15,BD$13)))","v":1000000000000},{"$f":"IF(OR($D58<>\"Serviço\",AND(AUTOEVENTO=\"Manual\",$M58=$A$15),$M58>(ROW(PLE.lastrow)-ROW(PLE.firstrow))),0,\n           IF(OFFSET(PLE!$G$15,$M58-$A$15,BE$13)=\"\",10^12,OFFSET(PLE!$G$15,$M58-$A$15,BE$13)))","v":1000000000000},{"$f":"IF(OR($D58<>\"Serviço\",AND(AUTOEVENTO=\"Manual\",$M58=$A$15),$M58>(ROW(PLE.lastrow)-ROW(PLE.firstrow))),0,\n           IF(OFFSET(PLE!$G$15,$M58-$A$15,BF$13)=\"\",10^12,OFFSET(PLE!$G$15,$M58-$A$15,BF$13)))","v":1000000000000},{"$f":"IF(OR($D58<>\"Serviço\",AND(AUTOEVENTO=\"Manual\",$M58=$A$15),$M58>(ROW(PLE.lastrow)-ROW(PLE.firstrow))),0,\n           IF(OFFSET(PLE!$G$15,$M58-$A$15,BG$13)=\"\",10^12,OFFSET(PLE!$G$15,$M58-$A$15,BG$13)))","v":1000000000000}]
["10",{"$f":"OFFSET(ORÇAMENTO!C$15,ROW(B59)-ROW(B$15),0)","v":"S"},{"$f":"OFFSET(ORÇAMENTO!L$15,ROW(C59)-ROW(C$15),0)","v":""},{"$f":"OFFSET(ORÇAMENTO!N$15,ROW(D59)-ROW(D$15),0)","v":"Serviço"},{"$f":"OFFSET(ORÇAMENTO!O$15,ROW(E59)-ROW(E$15),0)","v":"-"},{"$f":"OFFSET(ORÇAMENTO!R$15,ROW(F59)-ROW(F$15),0)","v":"(Sem Código)"},{"$f":"IF($D59<>\"Serviço\",\"\",OFFSET(ORÇAMENTO!S$15,ROW(G59)-ROW(G$15),0))","v":"-"},{"$f":"IF($D59<>\"Serviço\",0,IF(ACOMPANHAMENTO=\"BM\",ROUND(OFFSET(ORÇAMENTO!AJ$15,ROW(H59)-ROW(H$15),0),15-13*ORÇAMENTO!$AF$7),SUMPRODUCT(($Q$1:$AA$1=1)*ROUND($Q59:$AA59,15-13*ORÇAMENTO!$AF$7))))","v":0},null,{"$f":"IF(OR(B59<>\"S\",CÁLCULO.FrentesPreenchidas=0),\"\",IF(AND(ACOMPANHAMENTO=\"PLE\",AUTOEVENTO=\"Manual\",OR(H59>0,ORÇAMENTO!AC59=\"QUANT.\"),OR(K59=\"\",M59=0,N59=\"\")),\"►E\",IF(AND(ACOMPANHAMENTO=\"PLE\",ORÇAMENTO!AC59=\"QUANT.\"),\"►Q\",IF(AND(ACOMPANHAMENTO=\"PLE\",H59<>SUMPRODUCT(($Q$1:$AA$1=1)*ROUND(Q59:AA59,15))),\"►S\",IF(AND(COUNTIF($P$11:$AA$11,\"▼\")=0,H59>0,I59=\"\"),\"◄M\",\"\")))))","v":{"$error":"#NAME?"}},null,".",{"$f":"IF($D59<>\"Serviço\",\"\",\n          IF(AUTOEVENTO=\"manual\",$A59,\n                IF(ISERROR(MATCH($A59,$A$15:OFFSET($A59,-1,0),0)),MAX($M$15:OFFSET(M59,-1,0))+1,\n                      INDEX($M$15:OFFSET(M59,-1,0),MATCH($A59,$A$15:OFFSET($A59,-1,0),0)))))","v":2},{"$f":"IF($D59<>\"Serviço\",\"\",\n         IF(AUTOEVENTO=\"Manual\",\n                IF($A59=0,\"<-- defina o número do agrupador\",\n                       OFFSET(EVENTOS!$D$15,$A59-$A$15,0)),\n                OFFSET($F$15,$A59,0)))","v":"REDE DE DISTRUIBUIÇÃO"},null,null,null,null,null,null,null,null,null,null,null,null,null,{"$f":"IF(AND($D59=\"Serviço\",AB$12<>0,$H59>0,OR(AUTOEVENTO<>\"manual\",$M59<>$A$15)),\n        IF(Import.TipoArredondamento<>\"TransfereGOV\",\n              ROUND(OFFSET($P59,0,AB$13),15-13*ORÇAMENTO!$AF$7)/$H59*OFFSET(ORÇAMENTO!$X$15,ROW(AB59)-ROW(AB$15),0),\n              ROUND(ROUND(OFFSET($P59,0,AB$13),15-13*ORÇAMENTO!$AF$7)*OFFSET(ORÇAMENTO!$W$15,ROW(AB59)-ROW(AB$15),0),15-13*ORÇAMENTO!$AF$11)),\n         0)","v":0},{"$f":"IF(AND($D59=\"Serviço\",AC$12<>0,$H59>0,OR(AUTOEVENTO<>\"manual\",$M59<>$A$15)),\n        IF(Import.TipoArredondamento<>\"TransfereGOV\",\n              ROUND(OFFSET($P59,0,AC$13),15-13*ORÇAMENTO!$AF$7)/$H59*OFFSET(ORÇAMENTO!$X$15,ROW(AC59)-ROW(AC$15),0),\n              ROUND(ROUND(OFFSET($P59,0,AC$13),15-13*ORÇAMENTO!$AF$7)*OFFSET(ORÇAMENTO!$W$15,ROW(AC59)-ROW(AC$15),0),15-13*ORÇAMENTO!$AF$11)),\n         0)","v":0},{"$f":"IF(AND($D59=\"Serviço\",AD$12<>0,$H59>0,OR(AUTOEVENTO<>\"manual\",$M59<>$A$15)),\n        IF(Import.TipoArredondamento<>\"TransfereGOV\",\n              ROUND(OFFSET($P59,0,AD$13),15-13*ORÇAMENTO!$AF$7)/$H59*OFFSET(ORÇAMENTO!$X$15,ROW(AD59)-ROW(AD$15),0),\n              ROUND(ROUND(OFFSET($P59,0,AD$13),15-13*ORÇAMENTO!$AF$7)*OFFSET(ORÇAMENTO!$W$15,ROW(AD59)-ROW(AD$15),0),15-13*ORÇAMENTO!$AF$11)),\n         0)","v":0},{"$f":"IF(AND($D59=\"Serviço\",AE$12<>0,$H59>0,OR(AUTOEVENTO<>\"manual\",$M59<>$A$15)),\n        IF(Import.TipoArredondamento<>\"TransfereGOV\",\n              ROUND(OFFSET($P59,0,AE$13),15-13*ORÇAMENTO!$AF$7)/$H59*OFFSET(ORÇAMENTO!$X$15,ROW(AE59)-ROW(AE$15),0),\n              ROUND(ROUND(OFFSET($P59,0,AE$13),15-13*ORÇAMENTO!$AF$7)*OFFSET(ORÇAMENTO!$W$15,ROW(AE59)-ROW(AE$15),0),15-13*ORÇAMENTO!$AF$11)),\n         0)","v":0},{"$f":"IF(AND($D59=\"Serviço\",AF$12<>0,$H59>0,OR(AUTOEVENTO<>\"manual\",$M59<>$A$15)),\n        IF(Import.TipoArredondamento<>\"TransfereGOV\",\n              ROUND(OFFSET($P59,0,AF$13),15-13*ORÇAMENTO!$AF$7)/$H59*OFFSET(ORÇAMENTO!$X$15,ROW(AF59)-ROW(AF$15),0),\n              ROUND(ROUND(OFFSET($P59,0,AF$13),15-13*ORÇAMENTO!$AF$7)*OFFSET(ORÇAMENTO!$W$15,ROW(AF59)-ROW(AF$15),0),15-13*ORÇAMENTO!$AF$11)),\n         0)","v":0},{"$f":"IF(AND($D59=\"Serviço\",AG$12<>0,$H59>0,OR(AUTOEVENTO<>\"manual\",$M59<>$A$15)),\n        IF(Import.TipoArredondamento<>\"TransfereGOV\",\n              ROUND(OFFSET($P59,0,AG$13),15-13*ORÇAMENTO!$AF$7)/$H59*OFFSET(ORÇAMENTO!$X$15,ROW(AG59)-ROW(AG$15),0),\n              ROUND(ROUND(OFFSET($P59,0,AG$13),15-13*ORÇAMENTO!$AF$7)*OFFSET(ORÇAMENTO!$W$15,ROW(AG59)-ROW(AG$15),0),15-13*ORÇAMENTO!$AF$11)),\n         0)","v":0},{"$f":"IF(AND($D59=\"Serviço\",AH$12<>0,$H59>0,OR(AUTOEVENTO<>\"manual\",$M59<>$A$15)),\n        IF(Import.TipoArredondamento<>\"TransfereGOV\",\n              ROUND(OFFSET($P59,0,AH$13),15-13*ORÇAMENTO!$AF$7)/$H59*OFFSET(ORÇAMENTO!$X$15,ROW(AH59)-ROW(AH$15),0),\n              ROUND(ROUND(OFFSET($P59,0,AH$13),15-13*ORÇAMENTO!$AF$7)*OFFSET(ORÇAMENTO!$W$15,ROW(AH59)-ROW(AH$15),0),15-13*ORÇAMENTO!$AF$11)),\n         0)","v":0},{"$f":"IF(AND($D59=\"Serviço\",AI$12<>0,$H59>0,OR(AUTOEVENTO<>\"manual\",$M59<>$A$15)),\n        IF(Import.TipoArredondamento<>\"TransfereGOV\",\n              ROUND(OFFSET($P59,0,AI$13),15-13*ORÇAMENTO!$AF$7)/$H59*OFFSET(ORÇAMENTO!$X$15,ROW(AI59)-ROW(AI$15),0),\n              ROUND(ROUND(OFFSET($P59,0,AI$13),15-13*ORÇAMENTO!$AF$7)*OFFSET(ORÇAMENTO!$W$15,ROW(AI59)-ROW(AI$15),0),15-13*ORÇAMENTO!$AF$11)),\n         0)","v":0},{"$f":"IF(AND($D59=\"Serviço\",AJ$12<>0,$H59>0,OR(AUTOEVENTO<>\"manual\",$M59<>$A$15)),\n        IF(Import.TipoArredondamento<>\"TransfereGOV\",\n              ROUND(OFFSET($P59,0,AJ$13),15-13*ORÇAMENTO!$AF$7)/$H59*OFFSET(ORÇAMENTO!$X$15,ROW(AJ59)-ROW(AJ$15),0),\n              ROUND(ROUND(OFFSET($P59,0,AJ$13),15-13*ORÇAMENTO!$AF$7)*OFFSET(ORÇAMENTO!$W$15,ROW(AJ59)-ROW(AJ$15),0),15-13*ORÇAMENTO!$AF$11)),\n         0)","v":0},{"$f":"IF(AND($D59=\"Serviço\",AK$12<>0,$H59>0,OR(AUTOEVENTO<>\"manual\",$M59<>$A$15)),\n        IF(Import.TipoArredondamento<>\"TransfereGOV\",\n              ROUND(OFFSET($P59,0,AK$13),15-13*ORÇAMENTO!$AF$7)/$H59*OFFSET(ORÇAMENTO!$X$15,ROW(AK59)-ROW(AK$15),0),\n              ROUND(ROUND(OFFSET($P59,0,AK$13),15-13*ORÇAMENTO!$AF$7)*OFFSET(ORÇAMENTO!$W$15,ROW(AK59)-ROW(AK$15),0),15-13*ORÇAMENTO!$AF$11)),\n         0)","v":0},null,{"$f":"IF(OR($D59<>\"Serviço\",AND(AUTOEVENTO=\"Manual\",$M59=$A$15)),0,\n         IF(OFFSET(CRONOPLE!$F$15,$M59-$A$15,AM$13)=0,10^12,OFFSET(CRONOPLE!$F$15,$M59-$A$15,AM$13)))","v":1},{"$f":"IF(OR($D59<>\"Serviço\",AND(AUTOEVENTO=\"Manual\",$M59=$A$15)),0,\n         IF(OFFSET(CRONOPLE!$F$15,$M59-$A$15,AN$13)=0,10^12,OFFSET(CRONOPLE!$F$15,$M59-$A$15,AN$13)))","v":2},{"$f":"IF(OR($D59<>\"Serviço\",AND(AUTOEVENTO=\"Manual\",$M59=$A$15)),0,\n         IF(OFFSET(CRONOPLE!$F$15,$M59-$A$15,AO$13)=0,10^12,OFFSET(CRONOPLE!$F$15,$M59-$A$15,AO$13)))","v":1000000000000},{"$f":"IF(OR($D59<>\"Serviço\",AND(AUTOEVENTO=\"Manual\",$M59=$A$15)),0,\n         IF(OFFSET(CRONOPLE!$F$15,$M59-$A$15,AP$13)=0,10^12,OFFSET(CRONOPLE!$F$15,$M59-$A$15,AP$13)))","v":1000000000000},{"$f":"IF(OR($D59<>\"Serviço\",AND(AUTOEVENTO=\"Manual\",$M59=$A$15)),0,\n         IF(OFFSET(CRONOPLE!$F$15,$M59-$A$15,AQ$13)=0,10^12,OFFSET(CRONOPLE!$F$15,$M59-$A$15,AQ$13)))","v":1000000000000},{"$f":"IF(OR($D59<>\"Serviço\",AND(AUTOEVENTO=\"Manual\",$M59=$A$15)),0,\n         IF(OFFSET(CRONOPLE!$F$15,$M59-$A$15,AR$13)=0,10^12,OFFSET(CRONOPLE!$F$15,$M59-$A$15,AR$13)))","v":1000000000000},{"$f":"IF(OR($D59<>\"Serviço\",AND(AUTOEVENTO=\"Manual\",$M59=$A$15)),0,\n         IF(OFFSET(CRONOPLE!$F$15,$M59-$A$15,AS$13)=0,10^12,OFFSET(CRONOPLE!$F$15,$M59-$A$15,AS$13)))","v":1000000000000},{"$f":"IF(OR($D59<>\"Serviço\",AND(AUTOEVENTO=\"Manual\",$M59=$A$15)),0,\n         IF(OFFSET(CRONOPLE!$F$15,$M59-$A$15,AT$13)=0,10^12,OFFSET(CRONOPLE!$F$15,$M59-$A$15,AT$13)))","v":1000000000000},{"$f":"IF(OR($D59<>\"Serviço\",AND(AUTOEVENTO=\"Manual\",$M59=$A$15)),0,\n         IF(OFFSET(CRONOPLE!$F$15,$M59-$A$15,AU$13)=0,10^12,OFFSET(CRONOPLE!$F$15,$M59-$A$15,AU$13)))","v":1000000000000},{"$f":"IF(OR($D59<>\"Serviço\",AND(AUTOEVENTO=\"Manual\",$M59=$A$15)),0,\n         IF(OFFSET(CRONOPLE!$F$15,$M59-$A$15,AV$13)=0,10^12,OFFSET(CRONOPLE!$F$15,$M59-$A$15,AV$13)))","v":1000000000000},null,{"$f":"IF(OR($D59<>\"Serviço\",AND(AUTOEVENTO=\"Manual\",$M59=$A$15),$M59>(ROW(PLE.lastrow)-ROW(PLE.firstrow))),0,\n           IF(OFFSET(PLE!$G$15,$M59-$A$15,AX$13)=\"\",10^12,OFFSET(PLE!$G$15,$M59-$A$15,AX$13)))","v":1000000000000},{"$f":"IF(OR($D59<>\"Serviço\",AND(AUTOEVENTO=\"Manual\",$M59=$A$15),$M59>(ROW(PLE.lastrow)-ROW(PLE.firstrow))),0,\n           IF(OFFSET(PLE!$G$15,$M59-$A$15,AY$13)=\"\",10^12,OFFSET(PLE!$G$15,$M59-$A$15,AY$13)))","v":1000000000000},{"$f":"IF(OR($D59<>\"Serviço\",AND(AUTOEVENTO=\"Manual\",$M59=$A$15),$M59>(ROW(PLE.lastrow)-ROW(PLE.firstrow))),0,\n           IF(OFFSET(PLE!$G$15,$M59-$A$15,AZ$13)=\"\",10^12,OFFSET(PLE!$G$15,$M59-$A$15,AZ$13)))","v":1000000000000},{"$f":"IF(OR($D59<>\"Serviço\",AND(AUTOEVENTO=\"Manual\",$M59=$A$15),$M59>(ROW(PLE.lastrow)-ROW(PLE.firstrow))),0,\n           IF(OFFSET(PLE!$G$15,$M59-$A$15,BA$13)=\"\",10^12,OFFSET(PLE!$G$15,$M59-$A$15,BA$13)))","v":1000000000000},{"$f":"IF(OR($D59<>\"Serviço\",AND(AUTOEVENTO=\"Manual\",$M59=$A$15),$M59>(ROW(PLE.lastrow)-ROW(PLE.firstrow))),0,\n           IF(OFFSET(PLE!$G$15,$M59-$A$15,BB$13)=\"\",10^12,OFFSET(PLE!$G$15,$M59-$A$15,BB$13)))","v":1000000000000},{"$f":"IF(OR($D59<>\"Serviço\",AND(AUTOEVENTO=\"Manual\",$M59=$A$15),$M59>(ROW(PLE.lastrow)-ROW(PLE.firstrow))),0,\n           IF(OFFSET(PLE!$G$15,$M59-$A$15,BC$13)=\"\",10^12,OFFSET(PLE!$G$15,$M59-$A$15,BC$13)))","v":1000000000000},{"$f":"IF(OR($D59<>\"Serviço\",AND(AUTOEVENTO=\"Manual\",$M59=$A$15),$M59>(ROW(PLE.lastrow)-ROW(PLE.firstrow))),0,\n           IF(OFFSET(PLE!$G$15,$M59-$A$15,BD$13)=\"\",10^12,OFFSET(PLE!$G$15,$M59-$A$15,BD$13)))","v":1000000000000},{"$f":"IF(OR($D59<>\"Serviço\",AND(AUTOEVENTO=\"Manual\",$M59=$A$15),$M59>(ROW(PLE.lastrow)-ROW(PLE.firstrow))),0,\n           IF(OFFSET(PLE!$G$15,$M59-$A$15,BE$13)=\"\",10^12,OFFSET(PLE!$G$15,$M59-$A$15,BE$13)))","v":1000000000000},{"$f":"IF(OR($D59<>\"Serviço\",AND(AUTOEVENTO=\"Manual\",$M59=$A$15),$M59>(ROW(PLE.lastrow)-ROW(PLE.firstrow))),0,\n           IF(OFFSET(PLE!$G$15,$M59-$A$15,BF$13)=\"\",10^12,OFFSET(PLE!$G$15,$M59-$A$15,BF$13)))","v":1000000000000},{"$f":"IF(OR($D59<>\"Serviço\",AND(AUTOEVENTO=\"Manual\",$M59=$A$15),$M59>(ROW(PLE.lastrow)-ROW(PLE.firstrow))),0,\n           IF(OFFSET(PLE!$G$15,$M59-$A$15,BG$13)=\"\",10^12,OFFSET(PLE!$G$15,$M59-$A$15,BG$13)))","v":1000000000000}]
["10",{"$f":"OFFSET(ORÇAMENTO!C$15,ROW(B60)-ROW(B$15),0)","v":"S"},{"$f":"OFFSET(ORÇAMENTO!L$15,ROW(C60)-ROW(C$15),0)","v":""},{"$f":"OFFSET(ORÇAMENTO!N$15,ROW(D60)-ROW(D$15),0)","v":"Serviço"},{"$f":"OFFSET(ORÇAMENTO!O$15,ROW(E60)-ROW(E$15),0)","v":"-"},{"$f":"OFFSET(ORÇAMENTO!R$15,ROW(F60)-ROW(F$15),0)","v":"(Sem Código)"},{"$f":"IF($D60<>\"Serviço\",\"\",OFFSET(ORÇAMENTO!S$15,ROW(G60)-ROW(G$15),0))","v":"-"},{"$f":"IF($D60<>\"Serviço\",0,IF(ACOMPANHAMENTO=\"BM\",ROUND(OFFSET(ORÇAMENTO!AJ$15,ROW(H60)-ROW(H$15),0),15-13*ORÇAMENTO!$AF$7),SUMPRODUCT(($Q$1:$AA$1=1)*ROUND($Q60:$AA60,15-13*ORÇAMENTO!$AF$7))))","v":0},null,{"$f":"IF(OR(B60<>\"S\",CÁLCULO.FrentesPreenchidas=0),\"\",IF(AND(ACOMPANHAMENTO=\"PLE\",AUTOEVENTO=\"Manual\",OR(H60>0,ORÇAMENTO!AC60=\"QUANT.\"),OR(K60=\"\",M60=0,N60=\"\")),\"►E\",IF(AND(ACOMPANHAMENTO=\"PLE\",ORÇAMENTO!AC60=\"QUANT.\"),\"►Q\",IF(AND(ACOMPANHAMENTO=\"PLE\",H60<>SUMPRODUCT(($Q$1:$AA$1=1)*ROUND(Q60:AA60,15))),\"►S\",IF(AND(COUNTIF($P$11:$AA$11,\"▼\")=0,H60>0,I60=\"\"),\"◄M\",\"\")))))","v":{"$error":"#NAME?"}},null,".",{"$f":"IF($D60<>\"Serviço\",\"\",\n          IF(AUTOEVENTO=\"manual\",$A60,\n                IF(ISERROR(MATCH($A60,$A$15:OFFSET($A60,-1,0),0)),MAX($M$15:OFFSET(M60,-1,0))+1,\n                      INDEX($M$15:OFFSET(M60,-1,0),MATCH($A60,$A$15:OFFSET($A60,-1,0),0)))))","v":2},{"$f":"IF($D60<>\"Serviço\",\"\",\n         IF(AUTOEVENTO=\"Manual\",\n                IF($A60=0,\"<-- defina o número do agrupador\",\n                       OFFSET(EVENTOS!$D$15,$A60-$A$15,0)),\n                OFFSET($F$15,$A60,0)))","v":"REDE DE DISTRUIBUIÇÃO"},null,null,null,null,null,null,null,null,null,null,null,null,null,{"$f":"IF(AND($D60=\"Serviço\",AB$12<>0,$H60>0,OR(AUTOEVENTO<>\"manual\",$M60<>$A$15)),\n        IF(Import.TipoArredondamento<>\"TransfereGOV\",\n              ROUND(OFFSET($P60,0,AB$13),15-13*ORÇAMENTO!$AF$7)/$H60*OFFSET(ORÇAMENTO!$X$15,ROW(AB60)-ROW(AB$15),0),\n              ROUND(ROUND(OFFSET($P60,0,AB$13),15-13*ORÇAMENTO!$AF$7)*OFFSET(ORÇAMENTO!$W$15,ROW(AB60)-ROW(AB$15),0),15-13*ORÇAMENTO!$AF$11)),\n         0)","v":0},{"$f":"IF(AND($D60=\"Serviço\",AC$12<>0,$H60>0,OR(AUTOEVENTO<>\"manual\",$M60<>$A$15)),\n        IF(Import.TipoArredondamento<>\"TransfereGOV\",\n              ROUND(OFFSET($P60,0,AC$13),15-13*ORÇAMENTO!$AF$7)/$H60*OFFSET(ORÇAMENTO!$X$15,ROW(AC60)-ROW(AC$15),0),\n              ROUND(ROUND(OFFSET($P60,0,AC$13),15-13*ORÇAMENTO!$AF$7)*OFFSET(ORÇAMENTO!$W$15,ROW(AC60)-ROW(AC$15),0),15-13*ORÇAMENTO!$AF$11)),\n         0)","v":0},{"$f":"IF(AND($D60=\"Serviço\",AD$12<>0,$H60>0,OR(AUTOEVENTO<>\"manual\",$M60<>$A$15)),\n        IF(Import.TipoArredondamento<>\"TransfereGOV\",\n              ROUND(OFFSET($P60,0,AD$13),15-13*ORÇAMENTO!$AF$7)/$H60*OFFSET(ORÇAMENTO!$X$15,ROW(AD60)-ROW(AD$15),0),\n              ROUND(ROUND(OFFSET($P60,0,AD$13),15-13*ORÇAMENTO!$AF$7)*OFFSET(ORÇAMENTO!$W$15,ROW(AD60)-ROW(AD$15),0),15-13*ORÇAMENTO!$AF$11)),\n         0)","v":0},{"$f":"IF(AND($D60=\"Serviço\",AE$12<>0,$H60>0,OR(AUTOEVENTO<>\"manual\",$M60<>$A$15)),\n        IF(Import.TipoArredondamento<>\"TransfereGOV\",\n              ROUND(OFFSET($P60,0,AE$13),15-13*ORÇAMENTO!$AF$7)/$H60*OFFSET(ORÇAMENTO!$X$15,ROW(AE60)-ROW(AE$15),0),\n              ROUND(ROUND(OFFSET($P60,0,AE$13),15-13*ORÇAMENTO!$AF$7)*OFFSET(ORÇAMENTO!$W$15,ROW(AE60)-ROW(AE$15),0),15-13*ORÇAMENTO!$AF$11)),\n         0)","v":0},{"$f":"IF(AND($D60=\"Serviço\",AF$12<>0,$H60>0,OR(AUTOEVENTO<>\"manual\",$M60<>$A$15)),\n        IF(Import.TipoArredondamento<>\"TransfereGOV\",\n              ROUND(OFFSET($P60,0,AF$13),15-13*ORÇAMENTO!$AF$7)/$H60*OFFSET(ORÇAMENTO!$X$15,ROW(AF60)-ROW(AF$15),0),\n              ROUND(ROUND(OFFSET($P60,0,AF$13),15-13*ORÇAMENTO!$AF$7)*OFFSET(ORÇAMENTO!$W$15,ROW(AF60)-ROW(AF$15),0),15-13*ORÇAMENTO!$AF$11)),\n         0)","v":0},{"$f":"IF(AND($D60=\"Serviço\",AG$12<>0,$H60>0,OR(AUTOEVENTO<>\"manual\",$M60<>$A$15)),\n        IF(Import.TipoArredondamento<>\"TransfereGOV\",\n              ROUND(OFFSET($P60,0,AG$13),15-13*ORÇAMENTO!$AF$7)/$H60*OFFSET(ORÇAMENTO!$X$15,ROW(AG60)-ROW(AG$15),0),\n              ROUND(ROUND(OFFSET($P60,0,AG$13),15-13*ORÇAMENTO!$AF$7)*OFFSET(ORÇAMENTO!$W$15,ROW(AG60)-ROW(AG$15),0),15-13*ORÇAMENTO!$AF$11)),\n         0)","v":0},{"$f":"IF(AND($D60=\"Serviço\",AH$12<>0,$H60>0,OR(AUTOEVENTO<>\"manual\",$M60<>$A$15)),\n        IF(Import.TipoArredondamento<>\"TransfereGOV\",\n              ROUND(OFFSET($P60,0,AH$13),15-13*ORÇAMENTO!$AF$7)/$H60*OFFSET(ORÇAMENTO!$X$15,ROW(AH60)-ROW(AH$15),0),\n              ROUND(ROUND(OFFSET($P60,0,AH$13),15-13*ORÇAMENTO!$AF$7)*OFFSET(ORÇAMENTO!$W$15,ROW(AH60)-ROW(AH$15),0),15-13*ORÇAMENTO!$AF$11)),\n         0)","v":0},{"$f":"IF(AND($D60=\"Serviço\",AI$12<>0,$H60>0,OR(AUTOEVENTO<>\"manual\",$M60<>$A$15)),\n        IF(Import.TipoArredondamento<>\"TransfereGOV\",\n              ROUND(OFFSET($P60,0,AI$13),15-13*ORÇAMENTO!$AF$7)/$H60*OFFSET(ORÇAMENTO!$X$15,ROW(AI60)-ROW(AI$15),0),\n              ROUND(ROUND(OFFSET($P60,0,AI$13),15-13*ORÇAMENTO!$AF$7)*OFFSET(ORÇAMENTO!$W$15,ROW(AI60)-ROW(AI$15),0),15-13*ORÇAMENTO!$AF$11)),\n         0)","v":0},{"$f":"IF(AND($D60=\"Serviço\",AJ$12<>0,$H60>0,OR(AUTOEVENTO<>\"manual\",$M60<>$A$15)),\n        IF(Import.TipoArredondamento<>\"TransfereGOV\",\n              ROUND(OFFSET($P60,0,AJ$13),15-13*ORÇAMENTO!$AF$7)/$H60*OFFSET(ORÇAMENTO!$X$15,ROW(AJ60)-ROW(AJ$15),0),\n              ROUND(ROUND(OFFSET($P60,0,AJ$13),15-13*ORÇAMENTO!$AF$7)*OFFSET(ORÇAMENTO!$W$15,ROW(AJ60)-ROW(AJ$15),0),15-13*ORÇAMENTO!$AF$11)),\n         0)","v":0},{"$f":"IF(AND($D60=\"Serviço\",AK$12<>0,$H60>0,OR(AUTOEVENTO<>\"manual\",$M60<>$A$15)),\n        IF(Import.TipoArredondamento<>\"TransfereGOV\",\n              ROUND(OFFSET($P60,0,AK$13),15-13*ORÇAMENTO!$AF$7)/$H60*OFFSET(ORÇAMENTO!$X$15,ROW(AK60)-ROW(AK$15),0),\n              ROUND(ROUND(OFFSET($P60,0,AK$13),15-13*ORÇAMENTO!$AF$7)*OFFSET(ORÇAMENTO!$W$15,ROW(AK60)-ROW(AK$15),0),15-13*ORÇAMENTO!$AF$11)),\n         0)","v":0},null,{"$f":"IF(OR($D60<>\"Serviço\",AND(AUTOEVENTO=\"Manual\",$M60=$A$15)),0,\n         IF(OFFSET(CRONOPLE!$F$15,$M60-$A$15,AM$13)=0,10^12,OFFSET(CRONOPLE!$F$15,$M60-$A$15,AM$13)))","v":1},{"$f":"IF(OR($D60<>\"Serviço\",AND(AUTOEVENTO=\"Manual\",$M60=$A$15)),0,\n         IF(OFFSET(CRONOPLE!$F$15,$M60-$A$15,AN$13)=0,10^12,OFFSET(CRONOPLE!$F$15,$M60-$A$15,AN$13)))","v":2},{"$f":"IF(OR($D60<>\"Serviço\",AND(AUTOEVENTO=\"Manual\",$M60=$A$15)),0,\n         IF(OFFSET(CRONOPLE!$F$15,$M60-$A$15,AO$13)=0,10^12,OFFSET(CRONOPLE!$F$15,$M60-$A$15,AO$13)))","v":1000000000000},{"$f":"IF(OR($D60<>\"Serviço\",AND(AUTOEVENTO=\"Manual\",$M60=$A$15)),0,\n         IF(OFFSET(CRONOPLE!$F$15,$M60-$A$15,AP$13)=0,10^12,OFFSET(CRONOPLE!$F$15,$M60-$A$15,AP$13)))","v":1000000000000},{"$f":"IF(OR($D60<>\"Serviço\",AND(AUTOEVENTO=\"Manual\",$M60=$A$15)),0,\n         IF(OFFSET(CRONOPLE!$F$15,$M60-$A$15,AQ$13)=0,10^12,OFFSET(CRONOPLE!$F$15,$M60-$A$15,AQ$13)))","v":1000000000000},{"$f":"IF(OR($D60<>\"Serviço\",AND(AUTOEVENTO=\"Manual\",$M60=$A$15)),0,\n         IF(OFFSET(CRONOPLE!$F$15,$M60-$A$15,AR$13)=0,10^12,OFFSET(CRONOPLE!$F$15,$M60-$A$15,AR$13)))","v":1000000000000},{"$f":"IF(OR($D60<>\"Serviço\",AND(AUTOEVENTO=\"Manual\",$M60=$A$15)),0,\n         IF(OFFSET(CRONOPLE!$F$15,$M60-$A$15,AS$13)=0,10^12,OFFSET(CRONOPLE!$F$15,$M60-$A$15,AS$13)))","v":1000000000000},{"$f":"IF(OR($D60<>\"Serviço\",AND(AUTOEVENTO=\"Manual\",$M60=$A$15)),0,\n         IF(OFFSET(CRONOPLE!$F$15,$M60-$A$15,AT$13)=0,10^12,OFFSET(CRONOPLE!$F$15,$M60-$A$15,AT$13)))","v":1000000000000},{"$f":"IF(OR($D60<>\"Serviço\",AND(AUTOEVENTO=\"Manual\",$M60=$A$15)),0,\n         IF(OFFSET(CRONOPLE!$F$15,$M60-$A$15,AU$13)=0,10^12,OFFSET(CRONOPLE!$F$15,$M60-$A$15,AU$13)))","v":1000000000000},{"$f":"IF(OR($D60<>\"Serviço\",AND(AUTOEVENTO=\"Manual\",$M60=$A$15)),0,\n         IF(OFFSET(CRONOPLE!$F$15,$M60-$A$15,AV$13)=0,10^12,OFFSET(CRONOPLE!$F$15,$M60-$A$15,AV$13)))","v":1000000000000},null,{"$f":"IF(OR($D60<>\"Serviço\",AND(AUTOEVENTO=\"Manual\",$M60=$A$15),$M60>(ROW(PLE.lastrow)-ROW(PLE.firstrow))),0,\n           IF(OFFSET(PLE!$G$15,$M60-$A$15,AX$13)=\"\",10^12,OFFSET(PLE!$G$15,$M60-$A$15,AX$13)))","v":1000000000000},{"$f":"IF(OR($D60<>\"Serviço\",AND(AUTOEVENTO=\"Manual\",$M60=$A$15),$M60>(ROW(PLE.lastrow)-ROW(PLE.firstrow))),0,\n           IF(OFFSET(PLE!$G$15,$M60-$A$15,AY$13)=\"\",10^12,OFFSET(PLE!$G$15,$M60-$A$15,AY$13)))","v":1000000000000},{"$f":"IF(OR($D60<>\"Serviço\",AND(AUTOEVENTO=\"Manual\",$M60=$A$15),$M60>(ROW(PLE.lastrow)-ROW(PLE.firstrow))),0,\n           IF(OFFSET(PLE!$G$15,$M60-$A$15,AZ$13)=\"\",10^12,OFFSET(PLE!$G$15,$M60-$A$15,AZ$13)))","v":1000000000000},{"$f":"IF(OR($D60<>\"Serviço\",AND(AUTOEVENTO=\"Manual\",$M60=$A$15),$M60>(ROW(PLE.lastrow)-ROW(PLE.firstrow))),0,\n           IF(OFFSET(PLE!$G$15,$M60-$A$15,BA$13)=\"\",10^12,OFFSET(PLE!$G$15,$M60-$A$15,BA$13)))","v":1000000000000},{"$f":"IF(OR($D60<>\"Serviço\",AND(AUTOEVENTO=\"Manual\",$M60=$A$15),$M60>(ROW(PLE.lastrow)-ROW(PLE.firstrow))),0,\n           IF(OFFSET(PLE!$G$15,$M60-$A$15,BB$13)=\"\",10^12,OFFSET(PLE!$G$15,$M60-$A$15,BB$13)))","v":1000000000000},{"$f":"IF(OR($D60<>\"Serviço\",AND(AUTOEVENTO=\"Manual\",$M60=$A$15),$M60>(ROW(PLE.lastrow)-ROW(PLE.firstrow))),0,\n           IF(OFFSET(PLE!$G$15,$M60-$A$15,BC$13)=\"\",10^12,OFFSET(PLE!$G$15,$M60-$A$15,BC$13)))","v":1000000000000},{"$f":"IF(OR($D60<>\"Serviço\",AND(AUTOEVENTO=\"Manual\",$M60=$A$15),$M60>(ROW(PLE.lastrow)-ROW(PLE.firstrow))),0,\n           IF(OFFSET(PLE!$G$15,$M60-$A$15,BD$13)=\"\",10^12,OFFSET(PLE!$G$15,$M60-$A$15,BD$13)))","v":1000000000000},{"$f":"IF(OR($D60<>\"Serviço\",AND(AUTOEVENTO=\"Manual\",$M60=$A$15),$M60>(ROW(PLE.lastrow)-ROW(PLE.firstrow))),0,\n           IF(OFFSET(PLE!$G$15,$M60-$A$15,BE$13)=\"\",10^12,OFFSET(PLE!$G$15,$M60-$A$15,BE$13)))","v":1000000000000},{"$f":"IF(OR($D60<>\"Serviço\",AND(AUTOEVENTO=\"Manual\",$M60=$A$15),$M60>(ROW(PLE.lastrow)-ROW(PLE.firstrow))),0,\n           IF(OFFSET(PLE!$G$15,$M60-$A$15,BF$13)=\"\",10^12,OFFSET(PLE!$G$15,$M60-$A$15,BF$13)))","v":1000000000000},{"$f":"IF(OR($D60<>\"Serviço\",AND(AUTOEVENTO=\"Manual\",$M60=$A$15),$M60>(ROW(PLE.lastrow)-ROW(PLE.firstrow))),0,\n           IF(OFFSET(PLE!$G$15,$M60-$A$15,BG$13)=\"\",10^12,OFFSET(PLE!$G$15,$M60-$A$15,BG$13)))","v":1000000000000}]
["10",{"$f":"OFFSET(ORÇAMENTO!C$15,ROW(B61)-ROW(B$15),0)","v":"S"},{"$f":"OFFSET(ORÇAMENTO!L$15,ROW(C61)-ROW(C$15),0)","v":""},{"$f":"OFFSET(ORÇAMENTO!N$15,ROW(D61)-ROW(D$15),0)","v":"Serviço"},{"$f":"OFFSET(ORÇAMENTO!O$15,ROW(E61)-ROW(E$15),0)","v":"-"},{"$f":"OFFSET(ORÇAMENTO!R$15,ROW(F61)-ROW(F$15),0)","v":"(Sem Código)"},{"$f":"IF($D61<>\"Serviço\",\"\",OFFSET(ORÇAMENTO!S$15,ROW(G61)-ROW(G$15),0))","v":"-"},{"$f":"IF($D61<>\"Serviço\",0,IF(ACOMPANHAMENTO=\"BM\",ROUND(OFFSET(ORÇAMENTO!AJ$15,ROW(H61)-ROW(H$15),0),15-13*ORÇAMENTO!$AF$7),SUMPRODUCT(($Q$1:$AA$1=1)*ROUND($Q61:$AA61,15-13*ORÇAMENTO!$AF$7))))","v":0},null,{"$f":"IF(OR(B61<>\"S\",CÁLCULO.FrentesPreenchidas=0),\"\",IF(AND(ACOMPANHAMENTO=\"PLE\",AUTOEVENTO=\"Manual\",OR(H61>0,ORÇAMENTO!AC61=\"QUANT.\"),OR(K61=\"\",M61=0,N61=\"\")),\"►E\",IF(AND(ACOMPANHAMENTO=\"PLE\",ORÇAMENTO!AC61=\"QUANT.\"),\"►Q\",IF(AND(ACOMPANHAMENTO=\"PLE\",H61<>SUMPRODUCT(($Q$1:$AA$1=1)*ROUND(Q61:AA61,15))),\"►S\",IF(AND(COUNTIF($P$11:$AA$11,\"▼\")=0,H61>0,I61=\"\"),\"◄M\",\"\")))))","v":{"$error":"#NAME?"}},null,".",{"$f":"IF($D61<>\"Serviço\",\"\",\n          IF(AUTOEVENTO=\"manual\",$A61,\n                IF(ISERROR(MATCH($A61,$A$15:OFFSET($A61,-1,0),0)),MAX($M$15:OFFSET(M61,-1,0))+1,\n                      INDEX($M$15:OFFSET(M61,-1,0),MATCH($A61,$A$15:OFFSET($A61,-1,0),0)))))","v":2},{"$f":"IF($D61<>\"Serviço\",\"\",\n         IF(AUTOEVENTO=\"Manual\",\n                IF($A61=0,\"<-- defina o número do agrupador\",\n                       OFFSET(EVENTOS!$D$15,$A61-$A$15,0)),\n                OFFSET($F$15,$A61,0)))","v":"REDE DE DISTRUIBUIÇÃO"},null,null,null,null,null,null,null,null,null,null,null,null,null,{"$f":"IF(AND($D61=\"Serviço\",AB$12<>0,$H61>0,OR(AUTOEVENTO<>\"manual\",$M61<>$A$15)),\n        IF(Import.TipoArredondamento<>\"TransfereGOV\",\n              ROUND(OFFSET($P61,0,AB$13),15-13*ORÇAMENTO!$AF$7)/$H61*OFFSET(ORÇAMENTO!$X$15,ROW(AB61)-ROW(AB$15),0),\n              ROUND(ROUND(OFFSET($P61,0,AB$13),15-13*ORÇAMENTO!$AF$7)*OFFSET(ORÇAMENTO!$W$15,ROW(AB61)-ROW(AB$15),0),15-13*ORÇAMENTO!$AF$11)),\n         0)","v":0},{"$f":"IF(AND($D61=\"Serviço\",AC$12<>0,$H61>0,OR(AUTOEVENTO<>\"manual\",$M61<>$A$15)),\n        IF(Import.TipoArredondamento<>\"TransfereGOV\",\n              ROUND(OFFSET($P61,0,AC$13),15-13*ORÇAMENTO!$AF$7)/$H61*OFFSET(ORÇAMENTO!$X$15,ROW(AC61)-ROW(AC$15),0),\n              ROUND(ROUND(OFFSET($P61,0,AC$13),15-13*ORÇAMENTO!$AF$7)*OFFSET(ORÇAMENTO!$W$15,ROW(AC61)-ROW(AC$15),0),15-13*ORÇAMENTO!$AF$11)),\n         0)","v":0},{"$f":"IF(AND($D61=\"Serviço\",AD$12<>0,$H61>0,OR(AUTOEVENTO<>\"manual\",$M61<>$A$15)),\n        IF(Import.TipoArredondamento<>\"TransfereGOV\",\n              ROUND(OFFSET($P61,0,AD$13),15-13*ORÇAMENTO!$AF$7)/$H61*OFFSET(ORÇAMENTO!$X$15,ROW(AD61)-ROW(AD$15),0),\n              ROUND(ROUND(OFFSET($P61,0,AD$13),15-13*ORÇAMENTO!$AF$7)*OFFSET(ORÇAMENTO!$W$15,ROW(AD61)-ROW(AD$15),0),15-13*ORÇAMENTO!$AF$11)),\n         0)","v":0},{"$f":"IF(AND($D61=\"Serviço\",AE$12<>0,$H61>0,OR(AUTOEVENTO<>\"manual\",$M61<>$A$15)),\n        IF(Import.TipoArredondamento<>\"TransfereGOV\",\n              ROUND(OFFSET($P61,0,AE$13),15-13*ORÇAMENTO!$AF$7)/$H61*OFFSET(ORÇAMENTO!$X$15,ROW(AE61)-ROW(AE$15),0),\n              ROUND(ROUND(OFFSET($P61,0,AE$13),15-13*ORÇAMENTO!$AF$7)*OFFSET(ORÇAMENTO!$W$15,ROW(AE61)-ROW(AE$15),0),15-13*ORÇAMENTO!$AF$11)),\n         0)","v":0},{"$f":"IF(AND($D61=\"Serviço\",AF$12<>0,$H61>0,OR(AUTOEVENTO<>\"manual\",$M61<>$A$15)),\n        IF(Import.TipoArredondamento<>\"TransfereGOV\",\n              ROUND(OFFSET($P61,0,AF$13),15-13*ORÇAMENTO!$AF$7)/$H61*OFFSET(ORÇAMENTO!$X$15,ROW(AF61)-ROW(AF$15),0),\n              ROUND(ROUND(OFFSET($P61,0,AF$13),15-13*ORÇAMENTO!$AF$7)*OFFSET(ORÇAMENTO!$W$15,ROW(AF61)-ROW(AF$15),0),15-13*ORÇAMENTO!$AF$11)),\n         0)","v":0},{"$f":"IF(AND($D61=\"Serviço\",AG$12<>0,$H61>0,OR(AUTOEVENTO<>\"manual\",$M61<>$A$15)),\n        IF(Import.TipoArredondamento<>\"TransfereGOV\",\n              ROUND(OFFSET($P61,0,AG$13),15-13*ORÇAMENTO!$AF$7)/$H61*OFFSET(ORÇAMENTO!$X$15,ROW(AG61)-ROW(AG$15),0),\n              ROUND(ROUND(OFFSET($P61,0,AG$13),15-13*ORÇAMENTO!$AF$7)*OFFSET(ORÇAMENTO!$W$15,ROW(AG61)-ROW(AG$15),0),15-13*ORÇAMENTO!$AF$11)),\n         0)","v":0},{"$f":"IF(AND($D61=\"Serviço\",AH$12<>0,$H61>0,OR(AUTOEVENTO<>\"manual\",$M61<>$A$15)),\n        IF(Import.TipoArredondamento<>\"TransfereGOV\",\n              ROUND(OFFSET($P61,0,AH$13),15-13*ORÇAMENTO!$AF$7)/$H61*OFFSET(ORÇAMENTO!$X$15,ROW(AH61)-ROW(AH$15),0),\n              ROUND(ROUND(OFFSET($P61,0,AH$13),15-13*ORÇAMENTO!$AF$7)*OFFSET(ORÇAMENTO!$W$15,ROW(AH61)-ROW(AH$15),0),15-13*ORÇAMENTO!$AF$11)),\n         0)","v":0},{"$f":"IF(AND($D61=\"Serviço\",AI$12<>0,$H61>0,OR(AUTOEVENTO<>\"manual\",$M61<>$A$15)),\n        IF(Import.TipoArredondamento<>\"TransfereGOV\",\n              ROUND(OFFSET($P61,0,AI$13),15-13*ORÇAMENTO!$AF$7)/$H61*OFFSET(ORÇAMENTO!$X$15,ROW(AI61)-ROW(AI$15),0),\n              ROUND(ROUND(OFFSET($P61,0,AI$13),15-13*ORÇAMENTO!$AF$7)*OFFSET(ORÇAMENTO!$W$15,ROW(AI61)-ROW(AI$15),0),15-13*ORÇAMENTO!$AF$11)),\n         0)","v":0},{"$f":"IF(AND($D61=\"Serviço\",AJ$12<>0,$H61>0,OR(AUTOEVENTO<>\"manual\",$M61<>$A$15)),\n        IF(Import.TipoArredondamento<>\"TransfereGOV\",\n              ROUND(OFFSET($P61,0,AJ$13),15-13*ORÇAMENTO!$AF$7)/$H61*OFFSET(ORÇAMENTO!$X$15,ROW(AJ61)-ROW(AJ$15),0),\n              ROUND(ROUND(OFFSET($P61,0,AJ$13),15-13*ORÇAMENTO!$AF$7)*OFFSET(ORÇAMENTO!$W$15,ROW(AJ61)-ROW(AJ$15),0),15-13*ORÇAMENTO!$AF$11)),\n         0)","v":0},{"$f":"IF(AND($D61=\"Serviço\",AK$12<>0,$H61>0,OR(AUTOEVENTO<>\"manual\",$M61<>$A$15)),\n        IF(Import.TipoArredondamento<>\"TransfereGOV\",\n              ROUND(OFFSET($P61,0,AK$13),15-13*ORÇAMENTO!$AF$7)/$H61*OFFSET(ORÇAMENTO!$X$15,ROW(AK61)-ROW(AK$15),0),\n              ROUND(ROUND(OFFSET($P61,0,AK$13),15-13*ORÇAMENTO!$AF$7)*OFFSET(ORÇAMENTO!$W$15,ROW(AK61)-ROW(AK$15),0),15-13*ORÇAMENTO!$AF$11)),\n         0)","v":0},null,{"$f":"IF(OR($D61<>\"Serviço\",AND(AUTOEVENTO=\"Manual\",$M61=$A$15)),0,\n         IF(OFFSET(CRONOPLE!$F$15,$M61-$A$15,AM$13)=0,10^12,OFFSET(CRONOPLE!$F$15,$M61-$A$15,AM$13)))","v":1},{"$f":"IF(OR($D61<>\"Serviço\",AND(AUTOEVENTO=\"Manual\",$M61=$A$15)),0,\n         IF(OFFSET(CRONOPLE!$F$15,$M61-$A$15,AN$13)=0,10^12,OFFSET(CRONOPLE!$F$15,$M61-$A$15,AN$13)))","v":2},{"$f":"IF(OR($D61<>\"Serviço\",AND(AUTOEVENTO=\"Manual\",$M61=$A$15)),0,\n         IF(OFFSET(CRONOPLE!$F$15,$M61-$A$15,AO$13)=0,10^12,OFFSET(CRONOPLE!$F$15,$M61-$A$15,AO$13)))","v":1000000000000},{"$f":"IF(OR($D61<>\"Serviço\",AND(AUTOEVENTO=\"Manual\",$M61=$A$15)),0,\n         IF(OFFSET(CRONOPLE!$F$15,$M61-$A$15,AP$13)=0,10^12,OFFSET(CRONOPLE!$F$15,$M61-$A$15,AP$13)))","v":1000000000000},{"$f":"IF(OR($D61<>\"Serviço\",AND(AUTOEVENTO=\"Manual\",$M61=$A$15)),0,\n         IF(OFFSET(CRONOPLE!$F$15,$M61-$A$15,AQ$13)=0,10^12,OFFSET(CRONOPLE!$F$15,$M61-$A$15,AQ$13)))","v":1000000000000},{"$f":"IF(OR($D61<>\"Serviço\",AND(AUTOEVENTO=\"Manual\",$M61=$A$15)),0,\n         IF(OFFSET(CRONOPLE!$F$15,$M61-$A$15,AR$13)=0,10^12,OFFSET(CRONOPLE!$F$15,$M61-$A$15,AR$13)))","v":1000000000000},{"$f":"IF(OR($D61<>\"Serviço\",AND(AUTOEVENTO=\"Manual\",$M61=$A$15)),0,\n         IF(OFFSET(CRONOPLE!$F$15,$M61-$A$15,AS$13)=0,10^12,OFFSET(CRONOPLE!$F$15,$M61-$A$15,AS$13)))","v":1000000000000},{"$f":"IF(OR($D61<>\"Serviço\",AND(AUTOEVENTO=\"Manual\",$M61=$A$15)),0,\n         IF(OFFSET(CRONOPLE!$F$15,$M61-$A$15,AT$13)=0,10^12,OFFSET(CRONOPLE!$F$15,$M61-$A$15,AT$13)))","v":1000000000000},{"$f":"IF(OR($D61<>\"Serviço\",AND(AUTOEVENTO=\"Manual\",$M61=$A$15)),0,\n         IF(OFFSET(CRONOPLE!$F$15,$M61-$A$15,AU$13)=0,10^12,OFFSET(CRONOPLE!$F$15,$M61-$A$15,AU$13)))","v":1000000000000},{"$f":"IF(OR($D61<>\"Serviço\",AND(AUTOEVENTO=\"Manual\",$M61=$A$15)),0,\n         IF(OFFSET(CRONOPLE!$F$15,$M61-$A$15,AV$13)=0,10^12,OFFSET(CRONOPLE!$F$15,$M61-$A$15,AV$13)))","v":1000000000000},null,{"$f":"IF(OR($D61<>\"Serviço\",AND(AUTOEVENTO=\"Manual\",$M61=$A$15),$M61>(ROW(PLE.lastrow)-ROW(PLE.firstrow))),0,\n           IF(OFFSET(PLE!$G$15,$M61-$A$15,AX$13)=\"\",10^12,OFFSET(PLE!$G$15,$M61-$A$15,AX$13)))","v":1000000000000},{"$f":"IF(OR($D61<>\"Serviço\",AND(AUTOEVENTO=\"Manual\",$M61=$A$15),$M61>(ROW(PLE.lastrow)-ROW(PLE.firstrow))),0,\n           IF(OFFSET(PLE!$G$15,$M61-$A$15,AY$13)=\"\",10^12,OFFSET(PLE!$G$15,$M61-$A$15,AY$13)))","v":1000000000000},{"$f":"IF(OR($D61<>\"Serviço\",AND(AUTOEVENTO=\"Manual\",$M61=$A$15),$M61>(ROW(PLE.lastrow)-ROW(PLE.firstrow))),0,\n           IF(OFFSET(PLE!$G$15,$M61-$A$15,AZ$13)=\"\",10^12,OFFSET(PLE!$G$15,$M61-$A$15,AZ$13)))","v":1000000000000},{"$f":"IF(OR($D61<>\"Serviço\",AND(AUTOEVENTO=\"Manual\",$M61=$A$15),$M61>(ROW(PLE.lastrow)-ROW(PLE.firstrow))),0,\n           IF(OFFSET(PLE!$G$15,$M61-$A$15,BA$13)=\"\",10^12,OFFSET(PLE!$G$15,$M61-$A$15,BA$13)))","v":1000000000000},{"$f":"IF(OR($D61<>\"Serviço\",AND(AUTOEVENTO=\"Manual\",$M61=$A$15),$M61>(ROW(PLE.lastrow)-ROW(PLE.firstrow))),0,\n           IF(OFFSET(PLE!$G$15,$M61-$A$15,BB$13)=\"\",10^12,OFFSET(PLE!$G$15,$M61-$A$15,BB$13)))","v":1000000000000},{"$f":"IF(OR($D61<>\"Serviço\",AND(AUTOEVENTO=\"Manual\",$M61=$A$15),$M61>(ROW(PLE.lastrow)-ROW(PLE.firstrow))),0,\n           IF(OFFSET(PLE!$G$15,$M61-$A$15,BC$13)=\"\",10^12,OFFSET(PLE!$G$15,$M61-$A$15,BC$13)))","v":1000000000000},{"$f":"IF(OR($D61<>\"Serviço\",AND(AUTOEVENTO=\"Manual\",$M61=$A$15),$M61>(ROW(PLE.lastrow)-ROW(PLE.firstrow))),0,\n           IF(OFFSET(PLE!$G$15,$M61-$A$15,BD$13)=\"\",10^12,OFFSET(PLE!$G$15,$M61-$A$15,BD$13)))","v":1000000000000},{"$f":"IF(OR($D61<>\"Serviço\",AND(AUTOEVENTO=\"Manual\",$M61=$A$15),$M61>(ROW(PLE.lastrow)-ROW(PLE.firstrow))),0,\n           IF(OFFSET(PLE!$G$15,$M61-$A$15,BE$13)=\"\",10^12,OFFSET(PLE!$G$15,$M61-$A$15,BE$13)))","v":1000000000000},{"$f":"IF(OR($D61<>\"Serviço\",AND(AUTOEVENTO=\"Manual\",$M61=$A$15),$M61>(ROW(PLE.lastrow)-ROW(PLE.firstrow))),0,\n           IF(OFFSET(PLE!$G$15,$M61-$A$15,BF$13)=\"\",10^12,OFFSET(PLE!$G$15,$M61-$A$15,BF$13)))","v":1000000000000},{"$f":"IF(OR($D61<>\"Serviço\",AND(AUTOEVENTO=\"Manual\",$M61=$A$15),$M61>(ROW(PLE.lastrow)-ROW(PLE.firstrow))),0,\n           IF(OFFSET(PLE!$G$15,$M61-$A$15,BG$13)=\"\",10^12,OFFSET(PLE!$G$15,$M61-$A$15,BG$13)))","v":1000000000000}]
["10",{"$f":"OFFSET(ORÇAMENTO!C$15,ROW(B62)-ROW(B$15),0)","v":"S"},{"$f":"OFFSET(ORÇAMENTO!L$15,ROW(C62)-ROW(C$15),0)","v":""},{"$f":"OFFSET(ORÇAMENTO!N$15,ROW(D62)-ROW(D$15),0)","v":"Serviço"},{"$f":"OFFSET(ORÇAMENTO!O$15,ROW(E62)-ROW(E$15),0)","v":"-"},{"$f":"OFFSET(ORÇAMENTO!R$15,ROW(F62)-ROW(F$15),0)","v":"(Sem Código)"},{"$f":"IF($D62<>\"Serviço\",\"\",OFFSET(ORÇAMENTO!S$15,ROW(G62)-ROW(G$15),0))","v":"-"},{"$f":"IF($D62<>\"Serviço\",0,IF(ACOMPANHAMENTO=\"BM\",ROUND(OFFSET(ORÇAMENTO!AJ$15,ROW(H62)-ROW(H$15),0),15-13*ORÇAMENTO!$AF$7),SUMPRODUCT(($Q$1:$AA$1=1)*ROUND($Q62:$AA62,15-13*ORÇAMENTO!$AF$7))))","v":0},null,{"$f":"IF(OR(B62<>\"S\",CÁLCULO.FrentesPreenchidas=0),\"\",IF(AND(ACOMPANHAMENTO=\"PLE\",AUTOEVENTO=\"Manual\",OR(H62>0,ORÇAMENTO!AC62=\"QUANT.\"),OR(K62=\"\",M62=0,N62=\"\")),\"►E\",IF(AND(ACOMPANHAMENTO=\"PLE\",ORÇAMENTO!AC62=\"QUANT.\"),\"►Q\",IF(AND(ACOMPANHAMENTO=\"PLE\",H62<>SUMPRODUCT(($Q$1:$AA$1=1)*ROUND(Q62:AA62,15))),\"►S\",IF(AND(COUNTIF($P$11:$AA$11,\"▼\")=0,H62>0,I62=\"\"),\"◄M\",\"\")))))","v":{"$error":"#NAME?"}},null,".",{"$f":"IF($D62<>\"Serviço\",\"\",\n          IF(AUTOEVENTO=\"manual\",$A62,\n                IF(ISERROR(MATCH($A62,$A$15:OFFSET($A62,-1,0),0)),MAX($M$15:OFFSET(M62,-1,0))+1,\n                      INDEX($M$15:OFFSET(M62,-1,0),MATCH($A62,$A$15:OFFSET($A62,-1,0),0)))))","v":2},{"$f":"IF($D62<>\"Serviço\",\"\",\n         IF(AUTOEVENTO=\"Manual\",\n                IF($A62=0,\"<-- defina o número do agrupador\",\n                       OFFSET(EVENTOS!$D$15,$A62-$A$15,0)),\n                OFFSET($F$15,$A62,0)))","v":"REDE DE DISTRUIBUIÇÃO"},null,null,null,null,null,null,null,null,null,null,null,null,null,{"$f":"IF(AND($D62=\"Serviço\",AB$12<>0,$H62>0,OR(AUTOEVENTO<>\"manual\",$M62<>$A$15)),\n        IF(Import.TipoArredondamento<>\"TransfereGOV\",\n              ROUND(OFFSET($P62,0,AB$13),15-13*ORÇAMENTO!$AF$7)/$H62*OFFSET(ORÇAMENTO!$X$15,ROW(AB62)-ROW(AB$15),0),\n              ROUND(ROUND(OFFSET($P62,0,AB$13),15-13*ORÇAMENTO!$AF$7)*OFFSET(ORÇAMENTO!$W$15,ROW(AB62)-ROW(AB$15),0),15-13*ORÇAMENTO!$AF$11)),\n         0)","v":0},{"$f":"IF(AND($D62=\"Serviço\",AC$12<>0,$H62>0,OR(AUTOEVENTO<>\"manual\",$M62<>$A$15)),\n        IF(Import.TipoArredondamento<>\"TransfereGOV\",\n              ROUND(OFFSET($P62,0,AC$13),15-13*ORÇAMENTO!$AF$7)/$H62*OFFSET(ORÇAMENTO!$X$15,ROW(AC62)-ROW(AC$15),0),\n              ROUND(ROUND(OFFSET($P62,0,AC$13),15-13*ORÇAMENTO!$AF$7)*OFFSET(ORÇAMENTO!$W$15,ROW(AC62)-ROW(AC$15),0),15-13*ORÇAMENTO!$AF$11)),\n         0)","v":0},{"$f":"IF(AND($D62=\"Serviço\",AD$12<>0,$H62>0,OR(AUTOEVENTO<>\"manual\",$M62<>$A$15)),\n        IF(Import.TipoArredondamento<>\"TransfereGOV\",\n              ROUND(OFFSET($P62,0,AD$13),15-13*ORÇAMENTO!$AF$7)/$H62*OFFSET(ORÇAMENTO!$X$15,ROW(AD62)-ROW(AD$15),0),\n              ROUND(ROUND(OFFSET($P62,0,AD$13),15-13*ORÇAMENTO!$AF$7)*OFFSET(ORÇAMENTO!$W$15,ROW(AD62)-ROW(AD$15),0),15-13*ORÇAMENTO!$AF$11)),\n         0)","v":0},{"$f":"IF(AND($D62=\"Serviço\",AE$12<>0,$H62>0,OR(AUTOEVENTO<>\"manual\",$M62<>$A$15)),\n        IF(Import.TipoArredondamento<>\"TransfereGOV\",\n              ROUND(OFFSET($P62,0,AE$13),15-13*ORÇAMENTO!$AF$7)/$H62*OFFSET(ORÇAMENTO!$X$15,ROW(AE62)-ROW(AE$15),0),\n              ROUND(ROUND(OFFSET($P62,0,AE$13),15-13*ORÇAMENTO!$AF$7)*OFFSET(ORÇAMENTO!$W$15,ROW(AE62)-ROW(AE$15),0),15-13*ORÇAMENTO!$AF$11)),\n         0)","v":0},{"$f":"IF(AND($D62=\"Serviço\",AF$12<>0,$H62>0,OR(AUTOEVENTO<>\"manual\",$M62<>$A$15)),\n        IF(Import.TipoArredondamento<>\"TransfereGOV\",\n              ROUND(OFFSET($P62,0,AF$13),15-13*ORÇAMENTO!$AF$7)/$H62*OFFSET(ORÇAMENTO!$X$15,ROW(AF62)-ROW(AF$15),0),\n              ROUND(ROUND(OFFSET($P62,0,AF$13),15-13*ORÇAMENTO!$AF$7)*OFFSET(ORÇAMENTO!$W$15,ROW(AF62)-ROW(AF$15),0),15-13*ORÇAMENTO!$AF$11)),\n         0)","v":0},{"$f":"IF(AND($D62=\"Serviço\",AG$12<>0,$H62>0,OR(AUTOEVENTO<>\"manual\",$M62<>$A$15)),\n        IF(Import.TipoArredondamento<>\"TransfereGOV\",\n              ROUND(OFFSET($P62,0,AG$13),15-13*ORÇAMENTO!$AF$7)/$H62*OFFSET(ORÇAMENTO!$X$15,ROW(AG62)-ROW(AG$15),0),\n              ROUND(ROUND(OFFSET($P62,0,AG$13),15-13*ORÇAMENTO!$AF$7)*OFFSET(ORÇAMENTO!$W$15,ROW(AG62)-ROW(AG$15),0),15-13*ORÇAMENTO!$AF$11)),\n         0)","v":0},{"$f":"IF(AND($D62=\"Serviço\",AH$12<>0,$H62>0,OR(AUTOEVENTO<>\"manual\",$M62<>$A$15)),\n        IF(Import.TipoArredondamento<>\"TransfereGOV\",\n              ROUND(OFFSET($P62,0,AH$13),15-13*ORÇAMENTO!$AF$7)/$H62*OFFSET(ORÇAMENTO!$X$15,ROW(AH62)-ROW(AH$15),0),\n              ROUND(ROUND(OFFSET($P62,0,AH$13),15-13*ORÇAMENTO!$AF$7)*OFFSET(ORÇAMENTO!$W$15,ROW(AH62)-ROW(AH$15),0),15-13*ORÇAMENTO!$AF$11)),\n         0)","v":0},{"$f":"IF(AND($D62=\"Serviço\",AI$12<>0,$H62>0,OR(AUTOEVENTO<>\"manual\",$M62<>$A$15)),\n        IF(Import.TipoArredondamento<>\"TransfereGOV\",\n              ROUND(OFFSET($P62,0,AI$13),15-13*ORÇAMENTO!$AF$7)/$H62*OFFSET(ORÇAMENTO!$X$15,ROW(AI62)-ROW(AI$15),0),\n              ROUND(ROUND(OFFSET($P62,0,AI$13),15-13*ORÇAMENTO!$AF$7)*OFFSET(ORÇAMENTO!$W$15,ROW(AI62)-ROW(AI$15),0),15-13*ORÇAMENTO!$AF$11)),\n         0)","v":0},{"$f":"IF(AND($D62=\"Serviço\",AJ$12<>0,$H62>0,OR(AUTOEVENTO<>\"manual\",$M62<>$A$15)),\n        IF(Import.TipoArredondamento<>\"TransfereGOV\",\n              ROUND(OFFSET($P62,0,AJ$13),15-13*ORÇAMENTO!$AF$7)/$H62*OFFSET(ORÇAMENTO!$X$15,ROW(AJ62)-ROW(AJ$15),0),\n              ROUND(ROUND(OFFSET($P62,0,AJ$13),15-13*ORÇAMENTO!$AF$7)*OFFSET(ORÇAMENTO!$W$15,ROW(AJ62)-ROW(AJ$15),0),15-13*ORÇAMENTO!$AF$11)),\n         0)","v":0},{"$f":"IF(AND($D62=\"Serviço\",AK$12<>0,$H62>0,OR(AUTOEVENTO<>\"manual\",$M62<>$A$15)),\n        IF(Import.TipoArredondamento<>\"TransfereGOV\",\n              ROUND(OFFSET($P62,0,AK$13),15-13*ORÇAMENTO!$AF$7)/$H62*OFFSET(ORÇAMENTO!$X$15,ROW(AK62)-ROW(AK$15),0),\n              ROUND(ROUND(OFFSET($P62,0,AK$13),15-13*ORÇAMENTO!$AF$7)*OFFSET(ORÇAMENTO!$W$15,ROW(AK62)-ROW(AK$15),0),15-13*ORÇAMENTO!$AF$11)),\n         0)","v":0},null,{"$f":"IF(OR($D62<>\"Serviço\",AND(AUTOEVENTO=\"Manual\",$M62=$A$15)),0,\n         IF(OFFSET(CRONOPLE!$F$15,$M62-$A$15,AM$13)=0,10^12,OFFSET(CRONOPLE!$F$15,$M62-$A$15,AM$13)))","v":1},{"$f":"IF(OR($D62<>\"Serviço\",AND(AUTOEVENTO=\"Manual\",$M62=$A$15)),0,\n         IF(OFFSET(CRONOPLE!$F$15,$M62-$A$15,AN$13)=0,10^12,OFFSET(CRONOPLE!$F$15,$M62-$A$15,AN$13)))","v":2},{"$f":"IF(OR($D62<>\"Serviço\",AND(AUTOEVENTO=\"Manual\",$M62=$A$15)),0,\n         IF(OFFSET(CRONOPLE!$F$15,$M62-$A$15,AO$13)=0,10^12,OFFSET(CRONOPLE!$F$15,$M62-$A$15,AO$13)))","v":1000000000000},{"$f":"IF(OR($D62<>\"Serviço\",AND(AUTOEVENTO=\"Manual\",$M62=$A$15)),0,\n         IF(OFFSET(CRONOPLE!$F$15,$M62-$A$15,AP$13)=0,10^12,OFFSET(CRONOPLE!$F$15,$M62-$A$15,AP$13)))","v":1000000000000},{"$f":"IF(OR($D62<>\"Serviço\",AND(AUTOEVENTO=\"Manual\",$M62=$A$15)),0,\n         IF(OFFSET(CRONOPLE!$F$15,$M62-$A$15,AQ$13)=0,10^12,OFFSET(CRONOPLE!$F$15,$M62-$A$15,AQ$13)))","v":1000000000000},{"$f":"IF(OR($D62<>\"Serviço\",AND(AUTOEVENTO=\"Manual\",$M62=$A$15)),0,\n         IF(OFFSET(CRONOPLE!$F$15,$M62-$A$15,AR$13)=0,10^12,OFFSET(CRONOPLE!$F$15,$M62-$A$15,AR$13)))","v":1000000000000},{"$f":"IF(OR($D62<>\"Serviço\",AND(AUTOEVENTO=\"Manual\",$M62=$A$15)),0,\n         IF(OFFSET(CRONOPLE!$F$15,$M62-$A$15,AS$13)=0,10^12,OFFSET(CRONOPLE!$F$15,$M62-$A$15,AS$13)))","v":1000000000000},{"$f":"IF(OR($D62<>\"Serviço\",AND(AUTOEVENTO=\"Manual\",$M62=$A$15)),0,\n         IF(OFFSET(CRONOPLE!$F$15,$M62-$A$15,AT$13)=0,10^12,OFFSET(CRONOPLE!$F$15,$M62-$A$15,AT$13)))","v":1000000000000},{"$f":"IF(OR($D62<>\"Serviço\",AND(AUTOEVENTO=\"Manual\",$M62=$A$15)),0,\n         IF(OFFSET(CRONOPLE!$F$15,$M62-$A$15,AU$13)=0,10^12,OFFSET(CRONOPLE!$F$15,$M62-$A$15,AU$13)))","v":1000000000000},{"$f":"IF(OR($D62<>\"Serviço\",AND(AUTOEVENTO=\"Manual\",$M62=$A$15)),0,\n         IF(OFFSET(CRONOPLE!$F$15,$M62-$A$15,AV$13)=0,10^12,OFFSET(CRONOPLE!$F$15,$M62-$A$15,AV$13)))","v":1000000000000},null,{"$f":"IF(OR($D62<>\"Serviço\",AND(AUTOEVENTO=\"Manual\",$M62=$A$15),$M62>(ROW(PLE.lastrow)-ROW(PLE.firstrow))),0,\n           IF(OFFSET(PLE!$G$15,$M62-$A$15,AX$13)=\"\",10^12,OFFSET(PLE!$G$15,$M62-$A$15,AX$13)))","v":1000000000000},{"$f":"IF(OR($D62<>\"Serviço\",AND(AUTOEVENTO=\"Manual\",$M62=$A$15),$M62>(ROW(PLE.lastrow)-ROW(PLE.firstrow))),0,\n           IF(OFFSET(PLE!$G$15,$M62-$A$15,AY$13)=\"\",10^12,OFFSET(PLE!$G$15,$M62-$A$15,AY$13)))","v":1000000000000},{"$f":"IF(OR($D62<>\"Serviço\",AND(AUTOEVENTO=\"Manual\",$M62=$A$15),$M62>(ROW(PLE.lastrow)-ROW(PLE.firstrow))),0,\n           IF(OFFSET(PLE!$G$15,$M62-$A$15,AZ$13)=\"\",10^12,OFFSET(PLE!$G$15,$M62-$A$15,AZ$13)))","v":1000000000000},{"$f":"IF(OR($D62<>\"Serviço\",AND(AUTOEVENTO=\"Manual\",$M62=$A$15),$M62>(ROW(PLE.lastrow)-ROW(PLE.firstrow))),0,\n           IF(OFFSET(PLE!$G$15,$M62-$A$15,BA$13)=\"\",10^12,OFFSET(PLE!$G$15,$M62-$A$15,BA$13)))","v":1000000000000},{"$f":"IF(OR($D62<>\"Serviço\",AND(AUTOEVENTO=\"Manual\",$M62=$A$15),$M62>(ROW(PLE.lastrow)-ROW(PLE.firstrow))),0,\n           IF(OFFSET(PLE!$G$15,$M62-$A$15,BB$13)=\"\",10^12,OFFSET(PLE!$G$15,$M62-$A$15,BB$13)))","v":1000000000000},{"$f":"IF(OR($D62<>\"Serviço\",AND(AUTOEVENTO=\"Manual\",$M62=$A$15),$M62>(ROW(PLE.lastrow)-ROW(PLE.firstrow))),0,\n           IF(OFFSET(PLE!$G$15,$M62-$A$15,BC$13)=\"\",10^12,OFFSET(PLE!$G$15,$M62-$A$15,BC$13)))","v":1000000000000},{"$f":"IF(OR($D62<>\"Serviço\",AND(AUTOEVENTO=\"Manual\",$M62=$A$15),$M62>(ROW(PLE.lastrow)-ROW(PLE.firstrow))),0,\n           IF(OFFSET(PLE!$G$15,$M62-$A$15,BD$13)=\"\",10^12,OFFSET(PLE!$G$15,$M62-$A$15,BD$13)))","v":1000000000000},{"$f":"IF(OR($D62<>\"Serviço\",AND(AUTOEVENTO=\"Manual\",$M62=$A$15),$M62>(ROW(PLE.lastrow)-ROW(PLE.firstrow))),0,\n           IF(OFFSET(PLE!$G$15,$M62-$A$15,BE$13)=\"\",10^12,OFFSET(PLE!$G$15,$M62-$A$15,BE$13)))","v":1000000000000},{"$f":"IF(OR($D62<>\"Serviço\",AND(AUTOEVENTO=\"Manual\",$M62=$A$15),$M62>(ROW(PLE.lastrow)-ROW(PLE.firstrow))),0,\n           IF(OFFSET(PLE!$G$15,$M62-$A$15,BF$13)=\"\",10^12,OFFSET(PLE!$G$15,$M62-$A$15,BF$13)))","v":1000000000000},{"$f":"IF(OR($D62<>\"Serviço\",AND(AUTOEVENTO=\"Manual\",$M62=$A$15),$M62>(ROW(PLE.lastrow)-ROW(PLE.firstrow))),0,\n           IF(OFFSET(PLE!$G$15,$M62-$A$15,BG$13)=\"\",10^12,OFFSET(PLE!$G$15,$M62-$A$15,BG$13)))","v":1000000000000}]
["10",{"$f":"OFFSET(ORÇAMENTO!C$15,ROW(B63)-ROW(B$15),0)","v":"S"},{"$f":"OFFSET(ORÇAMENTO!L$15,ROW(C63)-ROW(C$15),0)","v":""},{"$f":"OFFSET(ORÇAMENTO!N$15,ROW(D63)-ROW(D$15),0)","v":"Serviço"},{"$f":"OFFSET(ORÇAMENTO!O$15,ROW(E63)-ROW(E$15),0)","v":"-"},{"$f":"OFFSET(ORÇAMENTO!R$15,ROW(F63)-ROW(F$15),0)","v":"(Sem Código)"},{"$f":"IF($D63<>\"Serviço\",\"\",OFFSET(ORÇAMENTO!S$15,ROW(G63)-ROW(G$15),0))","v":"-"},{"$f":"IF($D63<>\"Serviço\",0,IF(ACOMPANHAMENTO=\"BM\",ROUND(OFFSET(ORÇAMENTO!AJ$15,ROW(H63)-ROW(H$15),0),15-13*ORÇAMENTO!$AF$7),SUMPRODUCT(($Q$1:$AA$1=1)*ROUND($Q63:$AA63,15-13*ORÇAMENTO!$AF$7))))","v":0},null,{"$f":"IF(OR(B63<>\"S\",CÁLCULO.FrentesPreenchidas=0),\"\",IF(AND(ACOMPANHAMENTO=\"PLE\",AUTOEVENTO=\"Manual\",OR(H63>0,ORÇAMENTO!AC63=\"QUANT.\"),OR(K63=\"\",M63=0,N63=\"\")),\"►E\",IF(AND(ACOMPANHAMENTO=\"PLE\",ORÇAMENTO!AC63=\"QUANT.\"),\"►Q\",IF(AND(ACOMPANHAMENTO=\"PLE\",H63<>SUMPRODUCT(($Q$1:$AA$1=1)*ROUND(Q63:AA63,15))),\"►S\",IF(AND(COUNTIF($P$11:$AA$11,\"▼\")=0,H63>0,I63=\"\"),\"◄M\",\"\")))))","v":{"$error":"#NAME?"}},null,".",{"$f":"IF($D63<>\"Serviço\",\"\",\n          IF(AUTOEVENTO=\"manual\",$A63,\n                IF(ISERROR(MATCH($A63,$A$15:OFFSET($A63,-1,0),0)),MAX($M$15:OFFSET(M63,-1,0))+1,\n                      INDEX($M$15:OFFSET(M63,-1,0),MATCH($A63,$A$15:OFFSET($A63,-1,0),0)))))","v":2},{"$f":"IF($D63<>\"Serviço\",\"\",\n         IF(AUTOEVENTO=\"Manual\",\n                IF($A63=0,\"<-- defina o número do agrupador\",\n                       OFFSET(EVENTOS!$D$15,$A63-$A$15,0)),\n                OFFSET($F$15,$A63,0)))","v":"REDE DE DISTRUIBUIÇÃO"},null,null,null,null,null,null,null,null,null,null,null,null,null,{"$f":"IF(AND($D63=\"Serviço\",AB$12<>0,$H63>0,OR(AUTOEVENTO<>\"manual\",$M63<>$A$15)),\n        IF(Import.TipoArredondamento<>\"TransfereGOV\",\n              ROUND(OFFSET($P63,0,AB$13),15-13*ORÇAMENTO!$AF$7)/$H63*OFFSET(ORÇAMENTO!$X$15,ROW(AB63)-ROW(AB$15),0),\n              ROUND(ROUND(OFFSET($P63,0,AB$13),15-13*ORÇAMENTO!$AF$7)*OFFSET(ORÇAMENTO!$W$15,ROW(AB63)-ROW(AB$15),0),15-13*ORÇAMENTO!$AF$11)),\n         0)","v":0},{"$f":"IF(AND($D63=\"Serviço\",AC$12<>0,$H63>0,OR(AUTOEVENTO<>\"manual\",$M63<>$A$15)),\n        IF(Import.TipoArredondamento<>\"TransfereGOV\",\n              ROUND(OFFSET($P63,0,AC$13),15-13*ORÇAMENTO!$AF$7)/$H63*OFFSET(ORÇAMENTO!$X$15,ROW(AC63)-ROW(AC$15),0),\n              ROUND(ROUND(OFFSET($P63,0,AC$13),15-13*ORÇAMENTO!$AF$7)*OFFSET(ORÇAMENTO!$W$15,ROW(AC63)-ROW(AC$15),0),15-13*ORÇAMENTO!$AF$11)),\n         0)","v":0},{"$f":"IF(AND($D63=\"Serviço\",AD$12<>0,$H63>0,OR(AUTOEVENTO<>\"manual\",$M63<>$A$15)),\n        IF(Import.TipoArredondamento<>\"TransfereGOV\",\n              ROUND(OFFSET($P63,0,AD$13),15-13*ORÇAMENTO!$AF$7)/$H63*OFFSET(ORÇAMENTO!$X$15,ROW(AD63)-ROW(AD$15),0),\n              ROUND(ROUND(OFFSET($P63,0,AD$13),15-13*ORÇAMENTO!$AF$7)*OFFSET(ORÇAMENTO!$W$15,ROW(AD63)-ROW(AD$15),0),15-13*ORÇAMENTO!$AF$11)),\n         0)","v":0},{"$f":"IF(AND($D63=\"Serviço\",AE$12<>0,$H63>0,OR(AUTOEVENTO<>\"manual\",$M63<>$A$15)),\n        IF(Import.TipoArredondamento<>\"TransfereGOV\",\n              ROUND(OFFSET($P63,0,AE$13),15-13*ORÇAMENTO!$AF$7)/$H63*OFFSET(ORÇAMENTO!$X$15,ROW(AE63)-ROW(AE$15),0),\n              ROUND(ROUND(OFFSET($P63,0,AE$13),15-13*ORÇAMENTO!$AF$7)*OFFSET(ORÇAMENTO!$W$15,ROW(AE63)-ROW(AE$15),0),15-13*ORÇAMENTO!$AF$11)),\n         0)","v":0},{"$f":"IF(AND($D63=\"Serviço\",AF$12<>0,$H63>0,OR(AUTOEVENTO<>\"manual\",$M63<>$A$15)),\n        IF(Import.TipoArredondamento<>\"TransfereGOV\",\n              ROUND(OFFSET($P63,0,AF$13),15-13*ORÇAMENTO!$AF$7)/$H63*OFFSET(ORÇAMENTO!$X$15,ROW(AF63)-ROW(AF$15),0),\n              ROUND(ROUND(OFFSET($P63,0,AF$13),15-13*ORÇAMENTO!$AF$7)*OFFSET(ORÇAMENTO!$W$15,ROW(AF63)-ROW(AF$15),0),15-13*ORÇAMENTO!$AF$11)),\n         0)","v":0},{"$f":"IF(AND($D63=\"Serviço\",AG$12<>0,$H63>0,OR(AUTOEVENTO<>\"manual\",$M63<>$A$15)),\n        IF(Import.TipoArredondamento<>\"TransfereGOV\",\n              ROUND(OFFSET($P63,0,AG$13),15-13*ORÇAMENTO!$AF$7)/$H63*OFFSET(ORÇAMENTO!$X$15,ROW(AG63)-ROW(AG$15),0),\n              ROUND(ROUND(OFFSET($P63,0,AG$13),15-13*ORÇAMENTO!$AF$7)*OFFSET(ORÇAMENTO!$W$15,ROW(AG63)-ROW(AG$15),0),15-13*ORÇAMENTO!$AF$11)),\n         0)","v":0},{"$f":"IF(AND($D63=\"Serviço\",AH$12<>0,$H63>0,OR(AUTOEVENTO<>\"manual\",$M63<>$A$15)),\n        IF(Import.TipoArredondamento<>\"TransfereGOV\",\n              ROUND(OFFSET($P63,0,AH$13),15-13*ORÇAMENTO!$AF$7)/$H63*OFFSET(ORÇAMENTO!$X$15,ROW(AH63)-ROW(AH$15),0),\n              ROUND(ROUND(OFFSET($P63,0,AH$13),15-13*ORÇAMENTO!$AF$7)*OFFSET(ORÇAMENTO!$W$15,ROW(AH63)-ROW(AH$15),0),15-13*ORÇAMENTO!$AF$11)),\n         0)","v":0},{"$f":"IF(AND($D63=\"Serviço\",AI$12<>0,$H63>0,OR(AUTOEVENTO<>\"manual\",$M63<>$A$15)),\n        IF(Import.TipoArredondamento<>\"TransfereGOV\",\n              ROUND(OFFSET($P63,0,AI$13),15-13*ORÇAMENTO!$AF$7)/$H63*OFFSET(ORÇAMENTO!$X$15,ROW(AI63)-ROW(AI$15),0),\n              ROUND(ROUND(OFFSET($P63,0,AI$13),15-13*ORÇAMENTO!$AF$7)*OFFSET(ORÇAMENTO!$W$15,ROW(AI63)-ROW(AI$15),0),15-13*ORÇAMENTO!$AF$11)),\n         0)","v":0},{"$f":"IF(AND($D63=\"Serviço\",AJ$12<>0,$H63>0,OR(AUTOEVENTO<>\"manual\",$M63<>$A$15)),\n        IF(Import.TipoArredondamento<>\"TransfereGOV\",\n              ROUND(OFFSET($P63,0,AJ$13),15-13*ORÇAMENTO!$AF$7)/$H63*OFFSET(ORÇAMENTO!$X$15,ROW(AJ63)-ROW(AJ$15),0),\n              ROUND(ROUND(OFFSET($P63,0,AJ$13),15-13*ORÇAMENTO!$AF$7)*OFFSET(ORÇAMENTO!$W$15,ROW(AJ63)-ROW(AJ$15),0),15-13*ORÇAMENTO!$AF$11)),\n         0)","v":0},{"$f":"IF(AND($D63=\"Serviço\",AK$12<>0,$H63>0,OR(AUTOEVENTO<>\"manual\",$M63<>$A$15)),\n        IF(Import.TipoArredondamento<>\"TransfereGOV\",\n              ROUND(OFFSET($P63,0,AK$13),15-13*ORÇAMENTO!$AF$7)/$H63*OFFSET(ORÇAMENTO!$X$15,ROW(AK63)-ROW(AK$15),0),\n              ROUND(ROUND(OFFSET($P63,0,AK$13),15-13*ORÇAMENTO!$AF$7)*OFFSET(ORÇAMENTO!$W$15,ROW(AK63)-ROW(AK$15),0),15-13*ORÇAMENTO!$AF$11)),\n         0)","v":0},null,{"$f":"IF(OR($D63<>\"Serviço\",AND(AUTOEVENTO=\"Manual\",$M63=$A$15)),0,\n         IF(OFFSET(CRONOPLE!$F$15,$M63-$A$15,AM$13)=0,10^12,OFFSET(CRONOPLE!$F$15,$M63-$A$15,AM$13)))","v":1},{"$f":"IF(OR($D63<>\"Serviço\",AND(AUTOEVENTO=\"Manual\",$M63=$A$15)),0,\n         IF(OFFSET(CRONOPLE!$F$15,$M63-$A$15,AN$13)=0,10^12,OFFSET(CRONOPLE!$F$15,$M63-$A$15,AN$13)))","v":2},{"$f":"IF(OR($D63<>\"Serviço\",AND(AUTOEVENTO=\"Manual\",$M63=$A$15)),0,\n         IF(OFFSET(CRONOPLE!$F$15,$M63-$A$15,AO$13)=0,10^12,OFFSET(CRONOPLE!$F$15,$M63-$A$15,AO$13)))","v":1000000000000},{"$f":"IF(OR($D63<>\"Serviço\",AND(AUTOEVENTO=\"Manual\",$M63=$A$15)),0,\n         IF(OFFSET(CRONOPLE!$F$15,$M63-$A$15,AP$13)=0,10^12,OFFSET(CRONOPLE!$F$15,$M63-$A$15,AP$13)))","v":1000000000000},{"$f":"IF(OR($D63<>\"Serviço\",AND(AUTOEVENTO=\"Manual\",$M63=$A$15)),0,\n         IF(OFFSET(CRONOPLE!$F$15,$M63-$A$15,AQ$13)=0,10^12,OFFSET(CRONOPLE!$F$15,$M63-$A$15,AQ$13)))","v":1000000000000},{"$f":"IF(OR($D63<>\"Serviço\",AND(AUTOEVENTO=\"Manual\",$M63=$A$15)),0,\n         IF(OFFSET(CRONOPLE!$F$15,$M63-$A$15,AR$13)=0,10^12,OFFSET(CRONOPLE!$F$15,$M63-$A$15,AR$13)))","v":1000000000000},{"$f":"IF(OR($D63<>\"Serviço\",AND(AUTOEVENTO=\"Manual\",$M63=$A$15)),0,\n         IF(OFFSET(CRONOPLE!$F$15,$M63-$A$15,AS$13)=0,10^12,OFFSET(CRONOPLE!$F$15,$M63-$A$15,AS$13)))","v":1000000000000},{"$f":"IF(OR($D63<>\"Serviço\",AND(AUTOEVENTO=\"Manual\",$M63=$A$15)),0,\n         IF(OFFSET(CRONOPLE!$F$15,$M63-$A$15,AT$13)=0,10^12,OFFSET(CRONOPLE!$F$15,$M63-$A$15,AT$13)))","v":1000000000000},{"$f":"IF(OR($D63<>\"Serviço\",AND(AUTOEVENTO=\"Manual\",$M63=$A$15)),0,\n         IF(OFFSET(CRONOPLE!$F$15,$M63-$A$15,AU$13)=0,10^12,OFFSET(CRONOPLE!$F$15,$M63-$A$15,AU$13)))","v":1000000000000},{"$f":"IF(OR($D63<>\"Serviço\",AND(AUTOEVENTO=\"Manual\",$M63=$A$15)),0,\n         IF(OFFSET(CRONOPLE!$F$15,$M63-$A$15,AV$13)=0,10^12,OFFSET(CRONOPLE!$F$15,$M63-$A$15,AV$13)))","v":1000000000000},null,{"$f":"IF(OR($D63<>\"Serviço\",AND(AUTOEVENTO=\"Manual\",$M63=$A$15),$M63>(ROW(PLE.lastrow)-ROW(PLE.firstrow))),0,\n           IF(OFFSET(PLE!$G$15,$M63-$A$15,AX$13)=\"\",10^12,OFFSET(PLE!$G$15,$M63-$A$15,AX$13)))","v":1000000000000},{"$f":"IF(OR($D63<>\"Serviço\",AND(AUTOEVENTO=\"Manual\",$M63=$A$15),$M63>(ROW(PLE.lastrow)-ROW(PLE.firstrow))),0,\n           IF(OFFSET(PLE!$G$15,$M63-$A$15,AY$13)=\"\",10^12,OFFSET(PLE!$G$15,$M63-$A$15,AY$13)))","v":1000000000000},{"$f":"IF(OR($D63<>\"Serviço\",AND(AUTOEVENTO=\"Manual\",$M63=$A$15),$M63>(ROW(PLE.lastrow)-ROW(PLE.firstrow))),0,\n           IF(OFFSET(PLE!$G$15,$M63-$A$15,AZ$13)=\"\",10^12,OFFSET(PLE!$G$15,$M63-$A$15,AZ$13)))","v":1000000000000},{"$f":"IF(OR($D63<>\"Serviço\",AND(AUTOEVENTO=\"Manual\",$M63=$A$15),$M63>(ROW(PLE.lastrow)-ROW(PLE.firstrow))),0,\n           IF(OFFSET(PLE!$G$15,$M63-$A$15,BA$13)=\"\",10^12,OFFSET(PLE!$G$15,$M63-$A$15,BA$13)))","v":1000000000000},{"$f":"IF(OR($D63<>\"Serviço\",AND(AUTOEVENTO=\"Manual\",$M63=$A$15),$M63>(ROW(PLE.lastrow)-ROW(PLE.firstrow))),0,\n           IF(OFFSET(PLE!$G$15,$M63-$A$15,BB$13)=\"\",10^12,OFFSET(PLE!$G$15,$M63-$A$15,BB$13)))","v":1000000000000},{"$f":"IF(OR($D63<>\"Serviço\",AND(AUTOEVENTO=\"Manual\",$M63=$A$15),$M63>(ROW(PLE.lastrow)-ROW(PLE.firstrow))),0,\n           IF(OFFSET(PLE!$G$15,$M63-$A$15,BC$13)=\"\",10^12,OFFSET(PLE!$G$15,$M63-$A$15,BC$13)))","v":1000000000000},{"$f":"IF(OR($D63<>\"Serviço\",AND(AUTOEVENTO=\"Manual\",$M63=$A$15),$M63>(ROW(PLE.lastrow)-ROW(PLE.firstrow))),0,\n           IF(OFFSET(PLE!$G$15,$M63-$A$15,BD$13)=\"\",10^12,OFFSET(PLE!$G$15,$M63-$A$15,BD$13)))","v":1000000000000},{"$f":"IF(OR($D63<>\"Serviço\",AND(AUTOEVENTO=\"Manual\",$M63=$A$15),$M63>(ROW(PLE.lastrow)-ROW(PLE.firstrow))),0,\n           IF(OFFSET(PLE!$G$15,$M63-$A$15,BE$13)=\"\",10^12,OFFSET(PLE!$G$15,$M63-$A$15,BE$13)))","v":1000000000000},{"$f":"IF(OR($D63<>\"Serviço\",AND(AUTOEVENTO=\"Manual\",$M63=$A$15),$M63>(ROW(PLE.lastrow)-ROW(PLE.firstrow))),0,\n           IF(OFFSET(PLE!$G$15,$M63-$A$15,BF$13)=\"\",10^12,OFFSET(PLE!$G$15,$M63-$A$15,BF$13)))","v":1000000000000},{"$f":"IF(OR($D63<>\"Serviço\",AND(AUTOEVENTO=\"Manual\",$M63=$A$15),$M63>(ROW(PLE.lastrow)-ROW(PLE.firstrow))),0,\n           IF(OFFSET(PLE!$G$15,$M63-$A$15,BG$13)=\"\",10^12,OFFSET(PLE!$G$15,$M63-$A$15,BG$13)))","v":1000000000000}]
["10",{"$f":"OFFSET(ORÇAMENTO!C$15,ROW(B64)-ROW(B$15),0)","v":"S"},{"$f":"OFFSET(ORÇAMENTO!L$15,ROW(C64)-ROW(C$15),0)","v":""},{"$f":"OFFSET(ORÇAMENTO!N$15,ROW(D64)-ROW(D$15),0)","v":"Serviço"},{"$f":"OFFSET(ORÇAMENTO!O$15,ROW(E64)-ROW(E$15),0)","v":"-"},{"$f":"OFFSET(ORÇAMENTO!R$15,ROW(F64)-ROW(F$15),0)","v":"(Sem Código)"},{"$f":"IF($D64<>\"Serviço\",\"\",OFFSET(ORÇAMENTO!S$15,ROW(G64)-ROW(G$15),0))","v":"-"},{"$f":"IF($D64<>\"Serviço\",0,IF(ACOMPANHAMENTO=\"BM\",ROUND(OFFSET(ORÇAMENTO!AJ$15,ROW(H64)-ROW(H$15),0),15-13*ORÇAMENTO!$AF$7),SUMPRODUCT(($Q$1:$AA$1=1)*ROUND($Q64:$AA64,15-13*ORÇAMENTO!$AF$7))))","v":0},null,{"$f":"IF(OR(B64<>\"S\",CÁLCULO.FrentesPreenchidas=0),\"\",IF(AND(ACOMPANHAMENTO=\"PLE\",AUTOEVENTO=\"Manual\",OR(H64>0,ORÇAMENTO!AC64=\"QUANT.\"),OR(K64=\"\",M64=0,N64=\"\")),\"►E\",IF(AND(ACOMPANHAMENTO=\"PLE\",ORÇAMENTO!AC64=\"QUANT.\"),\"►Q\",IF(AND(ACOMPANHAMENTO=\"PLE\",H64<>SUMPRODUCT(($Q$1:$AA$1=1)*ROUND(Q64:AA64,15))),\"►S\",IF(AND(COUNTIF($P$11:$AA$11,\"▼\")=0,H64>0,I64=\"\"),\"◄M\",\"\")))))","v":{"$error":"#NAME?"}},null,".",{"$f":"IF($D64<>\"Serviço\",\"\",\n          IF(AUTOEVENTO=\"manual\",$A64,\n                IF(ISERROR(MATCH($A64,$A$15:OFFSET($A64,-1,0),0)),MAX($M$15:OFFSET(M64,-1,0))+1,\n                      INDEX($M$15:OFFSET(M64,-1,0),MATCH($A64,$A$15:OFFSET($A64,-1,0),0)))))","v":2},{"$f":"IF($D64<>\"Serviço\",\"\",\n         IF(AUTOEVENTO=\"Manual\",\n                IF($A64=0,\"<-- defina o número do agrupador\",\n                       OFFSET(EVENTOS!$D$15,$A64-$A$15,0)),\n                OFFSET($F$15,$A64,0)))","v":"REDE DE DISTRUIBUIÇÃO"},null,null,null,null,null,null,null,null,null,null,null,null,null,{"$f":"IF(AND($D64=\"Serviço\",AB$12<>0,$H64>0,OR(AUTOEVENTO<>\"manual\",$M64<>$A$15)),\n        IF(Import.TipoArredondamento<>\"TransfereGOV\",\n              ROUND(OFFSET($P64,0,AB$13),15-13*ORÇAMENTO!$AF$7)/$H64*OFFSET(ORÇAMENTO!$X$15,ROW(AB64)-ROW(AB$15),0),\n              ROUND(ROUND(OFFSET($P64,0,AB$13),15-13*ORÇAMENTO!$AF$7)*OFFSET(ORÇAMENTO!$W$15,ROW(AB64)-ROW(AB$15),0),15-13*ORÇAMENTO!$AF$11)),\n         0)","v":0},{"$f":"IF(AND($D64=\"Serviço\",AC$12<>0,$H64>0,OR(AUTOEVENTO<>\"manual\",$M64<>$A$15)),\n        IF(Import.TipoArredondamento<>\"TransfereGOV\",\n              ROUND(OFFSET($P64,0,AC$13),15-13*ORÇAMENTO!$AF$7)/$H64*OFFSET(ORÇAMENTO!$X$15,ROW(AC64)-ROW(AC$15),0),\n              ROUND(ROUND(OFFSET($P64,0,AC$13),15-13*ORÇAMENTO!$AF$7)*OFFSET(ORÇAMENTO!$W$15,ROW(AC64)-ROW(AC$15),0),15-13*ORÇAMENTO!$AF$11)),\n         0)","v":0},{"$f":"IF(AND($D64=\"Serviço\",AD$12<>0,$H64>0,OR(AUTOEVENTO<>\"manual\",$M64<>$A$15)),\n        IF(Import.TipoArredondamento<>\"TransfereGOV\",\n              ROUND(OFFSET($P64,0,AD$13),15-13*ORÇAMENTO!$AF$7)/$H64*OFFSET(ORÇAMENTO!$X$15,ROW(AD64)-ROW(AD$15),0),\n              ROUND(ROUND(OFFSET($P64,0,AD$13),15-13*ORÇAMENTO!$AF$7)*OFFSET(ORÇAMENTO!$W$15,ROW(AD64)-ROW(AD$15),0),15-13*ORÇAMENTO!$AF$11)),\n         0)","v":0},{"$f":"IF(AND($D64=\"Serviço\",AE$12<>0,$H64>0,OR(AUTOEVENTO<>\"manual\",$M64<>$A$15)),\n        IF(Import.TipoArredondamento<>\"TransfereGOV\",\n              ROUND(OFFSET($P64,0,AE$13),15-13*ORÇAMENTO!$AF$7)/$H64*OFFSET(ORÇAMENTO!$X$15,ROW(AE64)-ROW(AE$15),0),\n              ROUND(ROUND(OFFSET($P64,0,AE$13),15-13*ORÇAMENTO!$AF$7)*OFFSET(ORÇAMENTO!$W$15,ROW(AE64)-ROW(AE$15),0),15-13*ORÇAMENTO!$AF$11)),\n         0)","v":0},{"$f":"IF(AND($D64=\"Serviço\",AF$12<>0,$H64>0,OR(AUTOEVENTO<>\"manual\",$M64<>$A$15)),\n        IF(Import.TipoArredondamento<>\"TransfereGOV\",\n              ROUND(OFFSET($P64,0,AF$13),15-13*ORÇAMENTO!$AF$7)/$H64*OFFSET(ORÇAMENTO!$X$15,ROW(AF64)-ROW(AF$15),0),\n              ROUND(ROUND(OFFSET($P64,0,AF$13),15-13*ORÇAMENTO!$AF$7)*OFFSET(ORÇAMENTO!$W$15,ROW(AF64)-ROW(AF$15),0),15-13*ORÇAMENTO!$AF$11)),\n         0)","v":0},{"$f":"IF(AND($D64=\"Serviço\",AG$12<>0,$H64>0,OR(AUTOEVENTO<>\"manual\",$M64<>$A$15)),\n        IF(Import.TipoArredondamento<>\"TransfereGOV\",\n              ROUND(OFFSET($P64,0,AG$13),15-13*ORÇAMENTO!$AF$7)/$H64*OFFSET(ORÇAMENTO!$X$15,ROW(AG64)-ROW(AG$15),0),\n              ROUND(ROUND(OFFSET($P64,0,AG$13),15-13*ORÇAMENTO!$AF$7)*OFFSET(ORÇAMENTO!$W$15,ROW(AG64)-ROW(AG$15),0),15-13*ORÇAMENTO!$AF$11)),\n         0)","v":0},{"$f":"IF(AND($D64=\"Serviço\",AH$12<>0,$H64>0,OR(AUTOEVENTO<>\"manual\",$M64<>$A$15)),\n        IF(Import.TipoArredondamento<>\"TransfereGOV\",\n              ROUND(OFFSET($P64,0,AH$13),15-13*ORÇAMENTO!$AF$7)/$H64*OFFSET(ORÇAMENTO!$X$15,ROW(AH64)-ROW(AH$15),0),\n              ROUND(ROUND(OFFSET($P64,0,AH$13),15-13*ORÇAMENTO!$AF$7)*OFFSET(ORÇAMENTO!$W$15,ROW(AH64)-ROW(AH$15),0),15-13*ORÇAMENTO!$AF$11)),\n         0)","v":0},{"$f":"IF(AND($D64=\"Serviço\",AI$12<>0,$H64>0,OR(AUTOEVENTO<>\"manual\",$M64<>$A$15)),\n        IF(Import.TipoArredondamento<>\"TransfereGOV\",\n              ROUND(OFFSET($P64,0,AI$13),15-13*ORÇAMENTO!$AF$7)/$H64*OFFSET(ORÇAMENTO!$X$15,ROW(AI64)-ROW(AI$15),0),\n              ROUND(ROUND(OFFSET($P64,0,AI$13),15-13*ORÇAMENTO!$AF$7)*OFFSET(ORÇAMENTO!$W$15,ROW(AI64)-ROW(AI$15),0),15-13*ORÇAMENTO!$AF$11)),\n         0)","v":0},{"$f":"IF(AND($D64=\"Serviço\",AJ$12<>0,$H64>0,OR(AUTOEVENTO<>\"manual\",$M64<>$A$15)),\n        IF(Import.TipoArredondamento<>\"TransfereGOV\",\n              ROUND(OFFSET($P64,0,AJ$13),15-13*ORÇAMENTO!$AF$7)/$H64*OFFSET(ORÇAMENTO!$X$15,ROW(AJ64)-ROW(AJ$15),0),\n              ROUND(ROUND(OFFSET($P64,0,AJ$13),15-13*ORÇAMENTO!$AF$7)*OFFSET(ORÇAMENTO!$W$15,ROW(AJ64)-ROW(AJ$15),0),15-13*ORÇAMENTO!$AF$11)),\n         0)","v":0},{"$f":"IF(AND($D64=\"Serviço\",AK$12<>0,$H64>0,OR(AUTOEVENTO<>\"manual\",$M64<>$A$15)),\n        IF(Import.TipoArredondamento<>\"TransfereGOV\",\n              ROUND(OFFSET($P64,0,AK$13),15-13*ORÇAMENTO!$AF$7)/$H64*OFFSET(ORÇAMENTO!$X$15,ROW(AK64)-ROW(AK$15),0),\n              ROUND(ROUND(OFFSET($P64,0,AK$13),15-13*ORÇAMENTO!$AF$7)*OFFSET(ORÇAMENTO!$W$15,ROW(AK64)-ROW(AK$15),0),15-13*ORÇAMENTO!$AF$11)),\n         0)","v":0},null,{"$f":"IF(OR($D64<>\"Serviço\",AND(AUTOEVENTO=\"Manual\",$M64=$A$15)),0,\n         IF(OFFSET(CRONOPLE!$F$15,$M64-$A$15,AM$13)=0,10^12,OFFSET(CRONOPLE!$F$15,$M64-$A$15,AM$13)))","v":1},{"$f":"IF(OR($D64<>\"Serviço\",AND(AUTOEVENTO=\"Manual\",$M64=$A$15)),0,\n         IF(OFFSET(CRONOPLE!$F$15,$M64-$A$15,AN$13)=0,10^12,OFFSET(CRONOPLE!$F$15,$M64-$A$15,AN$13)))","v":2},{"$f":"IF(OR($D64<>\"Serviço\",AND(AUTOEVENTO=\"Manual\",$M64=$A$15)),0,\n         IF(OFFSET(CRONOPLE!$F$15,$M64-$A$15,AO$13)=0,10^12,OFFSET(CRONOPLE!$F$15,$M64-$A$15,AO$13)))","v":1000000000000},{"$f":"IF(OR($D64<>\"Serviço\",AND(AUTOEVENTO=\"Manual\",$M64=$A$15)),0,\n         IF(OFFSET(CRONOPLE!$F$15,$M64-$A$15,AP$13)=0,10^12,OFFSET(CRONOPLE!$F$15,$M64-$A$15,AP$13)))","v":1000000000000},{"$f":"IF(OR($D64<>\"Serviço\",AND(AUTOEVENTO=\"Manual\",$M64=$A$15)),0,\n         IF(OFFSET(CRONOPLE!$F$15,$M64-$A$15,AQ$13)=0,10^12,OFFSET(CRONOPLE!$F$15,$M64-$A$15,AQ$13)))","v":1000000000000},{"$f":"IF(OR($D64<>\"Serviço\",AND(AUTOEVENTO=\"Manual\",$M64=$A$15)),0,\n         IF(OFFSET(CRONOPLE!$F$15,$M64-$A$15,AR$13)=0,10^12,OFFSET(CRONOPLE!$F$15,$M64-$A$15,AR$13)))","v":1000000000000},{"$f":"IF(OR($D64<>\"Serviço\",AND(AUTOEVENTO=\"Manual\",$M64=$A$15)),0,\n         IF(OFFSET(CRONOPLE!$F$15,$M64-$A$15,AS$13)=0,10^12,OFFSET(CRONOPLE!$F$15,$M64-$A$15,AS$13)))","v":1000000000000},{"$f":"IF(OR($D64<>\"Serviço\",AND(AUTOEVENTO=\"Manual\",$M64=$A$15)),0,\n         IF(OFFSET(CRONOPLE!$F$15,$M64-$A$15,AT$13)=0,10^12,OFFSET(CRONOPLE!$F$15,$M64-$A$15,AT$13)))","v":1000000000000},{"$f":"IF(OR($D64<>\"Serviço\",AND(AUTOEVENTO=\"Manual\",$M64=$A$15)),0,\n         IF(OFFSET(CRONOPLE!$F$15,$M64-$A$15,AU$13)=0,10^12,OFFSET(CRONOPLE!$F$15,$M64-$A$15,AU$13)))","v":1000000000000},{"$f":"IF(OR($D64<>\"Serviço\",AND(AUTOEVENTO=\"Manual\",$M64=$A$15)),0,\n         IF(OFFSET(CRONOPLE!$F$15,$M64-$A$15,AV$13)=0,10^12,OFFSET(CRONOPLE!$F$15,$M64-$A$15,AV$13)))","v":1000000000000},null,{"$f":"IF(OR($D64<>\"Serviço\",AND(AUTOEVENTO=\"Manual\",$M64=$A$15),$M64>(ROW(PLE.lastrow)-ROW(PLE.firstrow))),0,\n           IF(OFFSET(PLE!$G$15,$M64-$A$15,AX$13)=\"\",10^12,OFFSET(PLE!$G$15,$M64-$A$15,AX$13)))","v":1000000000000},{"$f":"IF(OR($D64<>\"Serviço\",AND(AUTOEVENTO=\"Manual\",$M64=$A$15),$M64>(ROW(PLE.lastrow)-ROW(PLE.firstrow))),0,\n           IF(OFFSET(PLE!$G$15,$M64-$A$15,AY$13)=\"\",10^12,OFFSET(PLE!$G$15,$M64-$A$15,AY$13)))","v":1000000000000},{"$f":"IF(OR($D64<>\"Serviço\",AND(AUTOEVENTO=\"Manual\",$M64=$A$15),$M64>(ROW(PLE.lastrow)-ROW(PLE.firstrow))),0,\n           IF(OFFSET(PLE!$G$15,$M64-$A$15,AZ$13)=\"\",10^12,OFFSET(PLE!$G$15,$M64-$A$15,AZ$13)))","v":1000000000000},{"$f":"IF(OR($D64<>\"Serviço\",AND(AUTOEVENTO=\"Manual\",$M64=$A$15),$M64>(ROW(PLE.lastrow)-ROW(PLE.firstrow))),0,\n           IF(OFFSET(PLE!$G$15,$M64-$A$15,BA$13)=\"\",10^12,OFFSET(PLE!$G$15,$M64-$A$15,BA$13)))","v":1000000000000},{"$f":"IF(OR($D64<>\"Serviço\",AND(AUTOEVENTO=\"Manual\",$M64=$A$15),$M64>(ROW(PLE.lastrow)-ROW(PLE.firstrow))),0,\n           IF(OFFSET(PLE!$G$15,$M64-$A$15,BB$13)=\"\",10^12,OFFSET(PLE!$G$15,$M64-$A$15,BB$13)))","v":1000000000000},{"$f":"IF(OR($D64<>\"Serviço\",AND(AUTOEVENTO=\"Manual\",$M64=$A$15),$M64>(ROW(PLE.lastrow)-ROW(PLE.firstrow))),0,\n           IF(OFFSET(PLE!$G$15,$M64-$A$15,BC$13)=\"\",10^12,OFFSET(PLE!$G$15,$M64-$A$15,BC$13)))","v":1000000000000},{"$f":"IF(OR($D64<>\"Serviço\",AND(AUTOEVENTO=\"Manual\",$M64=$A$15),$M64>(ROW(PLE.lastrow)-ROW(PLE.firstrow))),0,\n           IF(OFFSET(PLE!$G$15,$M64-$A$15,BD$13)=\"\",10^12,OFFSET(PLE!$G$15,$M64-$A$15,BD$13)))","v":1000000000000},{"$f":"IF(OR($D64<>\"Serviço\",AND(AUTOEVENTO=\"Manual\",$M64=$A$15),$M64>(ROW(PLE.lastrow)-ROW(PLE.firstrow))),0,\n           IF(OFFSET(PLE!$G$15,$M64-$A$15,BE$13)=\"\",10^12,OFFSET(PLE!$G$15,$M64-$A$15,BE$13)))","v":1000000000000},{"$f":"IF(OR($D64<>\"Serviço\",AND(AUTOEVENTO=\"Manual\",$M64=$A$15),$M64>(ROW(PLE.lastrow)-ROW(PLE.firstrow))),0,\n           IF(OFFSET(PLE!$G$15,$M64-$A$15,BF$13)=\"\",10^12,OFFSET(PLE!$G$15,$M64-$A$15,BF$13)))","v":1000000000000},{"$f":"IF(OR($D64<>\"Serviço\",AND(AUTOEVENTO=\"Manual\",$M64=$A$15),$M64>(ROW(PLE.lastrow)-ROW(PLE.firstrow))),0,\n           IF(OFFSET(PLE!$G$15,$M64-$A$15,BG$13)=\"\",10^12,OFFSET(PLE!$G$15,$M64-$A$15,BG$13)))","v":1000000000000}]
["10",{"$f":"OFFSET(ORÇAMENTO!C$15,ROW(B65)-ROW(B$15),0)","v":"S"},{"$f":"OFFSET(ORÇAMENTO!L$15,ROW(C65)-ROW(C$15),0)","v":""},{"$f":"OFFSET(ORÇAMENTO!N$15,ROW(D65)-ROW(D$15),0)","v":"Serviço"},{"$f":"OFFSET(ORÇAMENTO!O$15,ROW(E65)-ROW(E$15),0)","v":"-"},{"$f":"OFFSET(ORÇAMENTO!R$15,ROW(F65)-ROW(F$15),0)","v":"(Sem Código)"},{"$f":"IF($D65<>\"Serviço\",\"\",OFFSET(ORÇAMENTO!S$15,ROW(G65)-ROW(G$15),0))","v":"-"},{"$f":"IF($D65<>\"Serviço\",0,IF(ACOMPANHAMENTO=\"BM\",ROUND(OFFSET(ORÇAMENTO!AJ$15,ROW(H65)-ROW(H$15),0),15-13*ORÇAMENTO!$AF$7),SUMPRODUCT(($Q$1:$AA$1=1)*ROUND($Q65:$AA65,15-13*ORÇAMENTO!$AF$7))))","v":0},null,{"$f":"IF(OR(B65<>\"S\",CÁLCULO.FrentesPreenchidas=0),\"\",IF(AND(ACOMPANHAMENTO=\"PLE\",AUTOEVENTO=\"Manual\",OR(H65>0,ORÇAMENTO!AC65=\"QUANT.\"),OR(K65=\"\",M65=0,N65=\"\")),\"►E\",IF(AND(ACOMPANHAMENTO=\"PLE\",ORÇAMENTO!AC65=\"QUANT.\"),\"►Q\",IF(AND(ACOMPANHAMENTO=\"PLE\",H65<>SUMPRODUCT(($Q$1:$AA$1=1)*ROUND(Q65:AA65,15))),\"►S\",IF(AND(COUNTIF($P$11:$AA$11,\"▼\")=0,H65>0,I65=\"\"),\"◄M\",\"\")))))","v":{"$error":"#NAME?"}},null,".",{"$f":"IF($D65<>\"Serviço\",\"\",\n          IF(AUTOEVENTO=\"manual\",$A65,\n                IF(ISERROR(MATCH($A65,$A$15:OFFSET($A65,-1,0),0)),MAX($M$15:OFFSET(M65,-1,0))+1,\n                      INDEX($M$15:OFFSET(M65,-1,0),MATCH($A65,$A$15:OFFSET($A65,-1,0),0)))))","v":2},{"$f":"IF($D65<>\"Serviço\",\"\",\n         IF(AUTOEVENTO=\"Manual\",\n                IF($A65=0,\"<-- defina o número do agrupador\",\n                       OFFSET(EVENTOS!$D$15,$A65-$A$15,0)),\n                OFFSET($F$15,$A65,0)))","v":"REDE DE DISTRUIBUIÇÃO"},null,null,null,null,null,null,null,null,null,null,null,null,null,{"$f":"IF(AND($D65=\"Serviço\",AB$12<>0,$H65>0,OR(AUTOEVENTO<>\"manual\",$M65<>$A$15)),\n        IF(Import.TipoArredondamento<>\"TransfereGOV\",\n              ROUND(OFFSET($P65,0,AB$13),15-13*ORÇAMENTO!$AF$7)/$H65*OFFSET(ORÇAMENTO!$X$15,ROW(AB65)-ROW(AB$15),0),\n              ROUND(ROUND(OFFSET($P65,0,AB$13),15-13*ORÇAMENTO!$AF$7)*OFFSET(ORÇAMENTO!$W$15,ROW(AB65)-ROW(AB$15),0),15-13*ORÇAMENTO!$AF$11)),\n         0)","v":0},{"$f":"IF(AND($D65=\"Serviço\",AC$12<>0,$H65>0,OR(AUTOEVENTO<>\"manual\",$M65<>$A$15)),\n        IF(Import.TipoArredondamento<>\"TransfereGOV\",\n              ROUND(OFFSET($P65,0,AC$13),15-13*ORÇAMENTO!$AF$7)/$H65*OFFSET(ORÇAMENTO!$X$15,ROW(AC65)-ROW(AC$15),0),\n              ROUND(ROUND(OFFSET($P65,0,AC$13),15-13*ORÇAMENTO!$AF$7)*OFFSET(ORÇAMENTO!$W$15,ROW(AC65)-ROW(AC$15),0),15-13*ORÇAMENTO!$AF$11)),\n         0)","v":0},{"$f":"IF(AND($D65=\"Serviço\",AD$12<>0,$H65>0,OR(AUTOEVENTO<>\"manual\",$M65<>$A$15)),\n        IF(Import.TipoArredondamento<>\"TransfereGOV\",\n              ROUND(OFFSET($P65,0,AD$13),15-13*ORÇAMENTO!$AF$7)/$H65*OFFSET(ORÇAMENTO!$X$15,ROW(AD65)-ROW(AD$15),0),\n              ROUND(ROUND(OFFSET($P65,0,AD$13),15-13*ORÇAMENTO!$AF$7)*OFFSET(ORÇAMENTO!$W$15,ROW(AD65)-ROW(AD$15),0),15-13*ORÇAMENTO!$AF$11)),\n         0)","v":0},{"$f":"IF(AND($D65=\"Serviço\",AE$12<>0,$H65>0,OR(AUTOEVENTO<>\"manual\",$M65<>$A$15)),\n        IF(Import.TipoArredondamento<>\"TransfereGOV\",\n              ROUND(OFFSET($P65,0,AE$13),15-13*ORÇAMENTO!$AF$7)/$H65*OFFSET(ORÇAMENTO!$X$15,ROW(AE65)-ROW(AE$15),0),\n              ROUND(ROUND(OFFSET($P65,0,AE$13),15-13*ORÇAMENTO!$AF$7)*OFFSET(ORÇAMENTO!$W$15,ROW(AE65)-ROW(AE$15),0),15-13*ORÇAMENTO!$AF$11)),\n         0)","v":0},{"$f":"IF(AND($D65=\"Serviço\",AF$12<>0,$H65>0,OR(AUTOEVENTO<>\"manual\",$M65<>$A$15)),\n        IF(Import.TipoArredondamento<>\"TransfereGOV\",\n              ROUND(OFFSET($P65,0,AF$13),15-13*ORÇAMENTO!$AF$7)/$H65*OFFSET(ORÇAMENTO!$X$15,ROW(AF65)-ROW(AF$15),0),\n              ROUND(ROUND(OFFSET($P65,0,AF$13),15-13*ORÇAMENTO!$AF$7)*OFFSET(ORÇAMENTO!$W$15,ROW(AF65)-ROW(AF$15),0),15-13*ORÇAMENTO!$AF$11)),\n         0)","v":0},{"$f":"IF(AND($D65=\"Serviço\",AG$12<>0,$H65>0,OR(AUTOEVENTO<>\"manual\",$M65<>$A$15)),\n        IF(Import.TipoArredondamento<>\"TransfereGOV\",\n              ROUND(OFFSET($P65,0,AG$13),15-13*ORÇAMENTO!$AF$7)/$H65*OFFSET(ORÇAMENTO!$X$15,ROW(AG65)-ROW(AG$15),0),\n              ROUND(ROUND(OFFSET($P65,0,AG$13),15-13*ORÇAMENTO!$AF$7)*OFFSET(ORÇAMENTO!$W$15,ROW(AG65)-ROW(AG$15),0),15-13*ORÇAMENTO!$AF$11)),\n         0)","v":0},{"$f":"IF(AND($D65=\"Serviço\",AH$12<>0,$H65>0,OR(AUTOEVENTO<>\"manual\",$M65<>$A$15)),\n        IF(Import.TipoArredondamento<>\"TransfereGOV\",\n              ROUND(OFFSET($P65,0,AH$13),15-13*ORÇAMENTO!$AF$7)/$H65*OFFSET(ORÇAMENTO!$X$15,ROW(AH65)-ROW(AH$15),0),\n              ROUND(ROUND(OFFSET($P65,0,AH$13),15-13*ORÇAMENTO!$AF$7)*OFFSET(ORÇAMENTO!$W$15,ROW(AH65)-ROW(AH$15),0),15-13*ORÇAMENTO!$AF$11)),\n         0)","v":0},{"$f":"IF(AND($D65=\"Serviço\",AI$12<>0,$H65>0,OR(AUTOEVENTO<>\"manual\",$M65<>$A$15)),\n        IF(Import.TipoArredondamento<>\"TransfereGOV\",\n              ROUND(OFFSET($P65,0,AI$13),15-13*ORÇAMENTO!$AF$7)/$H65*OFFSET(ORÇAMENTO!$X$15,ROW(AI65)-ROW(AI$15),0),\n              ROUND(ROUND(OFFSET($P65,0,AI$13),15-13*ORÇAMENTO!$AF$7)*OFFSET(ORÇAMENTO!$W$15,ROW(AI65)-ROW(AI$15),0),15-13*ORÇAMENTO!$AF$11)),\n         0)","v":0},{"$f":"IF(AND($D65=\"Serviço\",AJ$12<>0,$H65>0,OR(AUTOEVENTO<>\"manual\",$M65<>$A$15)),\n        IF(Import.TipoArredondamento<>\"TransfereGOV\",\n              ROUND(OFFSET($P65,0,AJ$13),15-13*ORÇAMENTO!$AF$7)/$H65*OFFSET(ORÇAMENTO!$X$15,ROW(AJ65)-ROW(AJ$15),0),\n              ROUND(ROUND(OFFSET($P65,0,AJ$13),15-13*ORÇAMENTO!$AF$7)*OFFSET(ORÇAMENTO!$W$15,ROW(AJ65)-ROW(AJ$15),0),15-13*ORÇAMENTO!$AF$11)),\n         0)","v":0},{"$f":"IF(AND($D65=\"Serviço\",AK$12<>0,$H65>0,OR(AUTOEVENTO<>\"manual\",$M65<>$A$15)),\n        IF(Import.TipoArredondamento<>\"TransfereGOV\",\n              ROUND(OFFSET($P65,0,AK$13),15-13*ORÇAMENTO!$AF$7)/$H65*OFFSET(ORÇAMENTO!$X$15,ROW(AK65)-ROW(AK$15),0),\n              ROUND(ROUND(OFFSET($P65,0,AK$13),15-13*ORÇAMENTO!$AF$7)*OFFSET(ORÇAMENTO!$W$15,ROW(AK65)-ROW(AK$15),0),15-13*ORÇAMENTO!$AF$11)),\n         0)","v":0},null,{"$f":"IF(OR($D65<>\"Serviço\",AND(AUTOEVENTO=\"Manual\",$M65=$A$15)),0,\n         IF(OFFSET(CRONOPLE!$F$15,$M65-$A$15,AM$13)=0,10^12,OFFSET(CRONOPLE!$F$15,$M65-$A$15,AM$13)))","v":1},{"$f":"IF(OR($D65<>\"Serviço\",AND(AUTOEVENTO=\"Manual\",$M65=$A$15)),0,\n         IF(OFFSET(CRONOPLE!$F$15,$M65-$A$15,AN$13)=0,10^12,OFFSET(CRONOPLE!$F$15,$M65-$A$15,AN$13)))","v":2},{"$f":"IF(OR($D65<>\"Serviço\",AND(AUTOEVENTO=\"Manual\",$M65=$A$15)),0,\n         IF(OFFSET(CRONOPLE!$F$15,$M65-$A$15,AO$13)=0,10^12,OFFSET(CRONOPLE!$F$15,$M65-$A$15,AO$13)))","v":1000000000000},{"$f":"IF(OR($D65<>\"Serviço\",AND(AUTOEVENTO=\"Manual\",$M65=$A$15)),0,\n         IF(OFFSET(CRONOPLE!$F$15,$M65-$A$15,AP$13)=0,10^12,OFFSET(CRONOPLE!$F$15,$M65-$A$15,AP$13)))","v":1000000000000},{"$f":"IF(OR($D65<>\"Serviço\",AND(AUTOEVENTO=\"Manual\",$M65=$A$15)),0,\n         IF(OFFSET(CRONOPLE!$F$15,$M65-$A$15,AQ$13)=0,10^12,OFFSET(CRONOPLE!$F$15,$M65-$A$15,AQ$13)))","v":1000000000000},{"$f":"IF(OR($D65<>\"Serviço\",AND(AUTOEVENTO=\"Manual\",$M65=$A$15)),0,\n         IF(OFFSET(CRONOPLE!$F$15,$M65-$A$15,AR$13)=0,10^12,OFFSET(CRONOPLE!$F$15,$M65-$A$15,AR$13)))","v":1000000000000},{"$f":"IF(OR($D65<>\"Serviço\",AND(AUTOEVENTO=\"Manual\",$M65=$A$15)),0,\n         IF(OFFSET(CRONOPLE!$F$15,$M65-$A$15,AS$13)=0,10^12,OFFSET(CRONOPLE!$F$15,$M65-$A$15,AS$13)))","v":1000000000000},{"$f":"IF(OR($D65<>\"Serviço\",AND(AUTOEVENTO=\"Manual\",$M65=$A$15)),0,\n         IF(OFFSET(CRONOPLE!$F$15,$M65-$A$15,AT$13)=0,10^12,OFFSET(CRONOPLE!$F$15,$M65-$A$15,AT$13)))","v":1000000000000},{"$f":"IF(OR($D65<>\"Serviço\",AND(AUTOEVENTO=\"Manual\",$M65=$A$15)),0,\n         IF(OFFSET(CRONOPLE!$F$15,$M65-$A$15,AU$13)=0,10^12,OFFSET(CRONOPLE!$F$15,$M65-$A$15,AU$13)))","v":1000000000000},{"$f":"IF(OR($D65<>\"Serviço\",AND(AUTOEVENTO=\"Manual\",$M65=$A$15)),0,\n         IF(OFFSET(CRONOPLE!$F$15,$M65-$A$15,AV$13)=0,10^12,OFFSET(CRONOPLE!$F$15,$M65-$A$15,AV$13)))","v":1000000000000},null,{"$f":"IF(OR($D65<>\"Serviço\",AND(AUTOEVENTO=\"Manual\",$M65=$A$15),$M65>(ROW(PLE.lastrow)-ROW(PLE.firstrow))),0,\n           IF(OFFSET(PLE!$G$15,$M65-$A$15,AX$13)=\"\",10^12,OFFSET(PLE!$G$15,$M65-$A$15,AX$13)))","v":1000000000000},{"$f":"IF(OR($D65<>\"Serviço\",AND(AUTOEVENTO=\"Manual\",$M65=$A$15),$M65>(ROW(PLE.lastrow)-ROW(PLE.firstrow))),0,\n           IF(OFFSET(PLE!$G$15,$M65-$A$15,AY$13)=\"\",10^12,OFFSET(PLE!$G$15,$M65-$A$15,AY$13)))","v":1000000000000},{"$f":"IF(OR($D65<>\"Serviço\",AND(AUTOEVENTO=\"Manual\",$M65=$A$15),$M65>(ROW(PLE.lastrow)-ROW(PLE.firstrow))),0,\n           IF(OFFSET(PLE!$G$15,$M65-$A$15,AZ$13)=\"\",10^12,OFFSET(PLE!$G$15,$M65-$A$15,AZ$13)))","v":1000000000000},{"$f":"IF(OR($D65<>\"Serviço\",AND(AUTOEVENTO=\"Manual\",$M65=$A$15),$M65>(ROW(PLE.lastrow)-ROW(PLE.firstrow))),0,\n           IF(OFFSET(PLE!$G$15,$M65-$A$15,BA$13)=\"\",10^12,OFFSET(PLE!$G$15,$M65-$A$15,BA$13)))","v":1000000000000},{"$f":"IF(OR($D65<>\"Serviço\",AND(AUTOEVENTO=\"Manual\",$M65=$A$15),$M65>(ROW(PLE.lastrow)-ROW(PLE.firstrow))),0,\n           IF(OFFSET(PLE!$G$15,$M65-$A$15,BB$13)=\"\",10^12,OFFSET(PLE!$G$15,$M65-$A$15,BB$13)))","v":1000000000000},{"$f":"IF(OR($D65<>\"Serviço\",AND(AUTOEVENTO=\"Manual\",$M65=$A$15),$M65>(ROW(PLE.lastrow)-ROW(PLE.firstrow))),0,\n           IF(OFFSET(PLE!$G$15,$M65-$A$15,BC$13)=\"\",10^12,OFFSET(PLE!$G$15,$M65-$A$15,BC$13)))","v":1000000000000},{"$f":"IF(OR($D65<>\"Serviço\",AND(AUTOEVENTO=\"Manual\",$M65=$A$15),$M65>(ROW(PLE.lastrow)-ROW(PLE.firstrow))),0,\n           IF(OFFSET(PLE!$G$15,$M65-$A$15,BD$13)=\"\",10^12,OFFSET(PLE!$G$15,$M65-$A$15,BD$13)))","v":1000000000000},{"$f":"IF(OR($D65<>\"Serviço\",AND(AUTOEVENTO=\"Manual\",$M65=$A$15),$M65>(ROW(PLE.lastrow)-ROW(PLE.firstrow))),0,\n           IF(OFFSET(PLE!$G$15,$M65-$A$15,BE$13)=\"\",10^12,OFFSET(PLE!$G$15,$M65-$A$15,BE$13)))","v":1000000000000},{"$f":"IF(OR($D65<>\"Serviço\",AND(AUTOEVENTO=\"Manual\",$M65=$A$15),$M65>(ROW(PLE.lastrow)-ROW(PLE.firstrow))),0,\n           IF(OFFSET(PLE!$G$15,$M65-$A$15,BF$13)=\"\",10^12,OFFSET(PLE!$G$15,$M65-$A$15,BF$13)))","v":1000000000000},{"$f":"IF(OR($D65<>\"Serviço\",AND(AUTOEVENTO=\"Manual\",$M65=$A$15),$M65>(ROW(PLE.lastrow)-ROW(PLE.firstrow))),0,\n           IF(OFFSET(PLE!$G$15,$M65-$A$15,BG$13)=\"\",10^12,OFFSET(PLE!$G$15,$M65-$A$15,BG$13)))","v":1000000000000}]
["10",{"$f":"OFFSET(ORÇAMENTO!C$15,ROW(B66)-ROW(B$15),0)","v":"S"},{"$f":"OFFSET(ORÇAMENTO!L$15,ROW(C66)-ROW(C$15),0)","v":""},{"$f":"OFFSET(ORÇAMENTO!N$15,ROW(D66)-ROW(D$15),0)","v":"Serviço"},{"$f":"OFFSET(ORÇAMENTO!O$15,ROW(E66)-ROW(E$15),0)","v":"-"},{"$f":"OFFSET(ORÇAMENTO!R$15,ROW(F66)-ROW(F$15),0)","v":"(Sem Código)"},{"$f":"IF($D66<>\"Serviço\",\"\",OFFSET(ORÇAMENTO!S$15,ROW(G66)-ROW(G$15),0))","v":"-"},{"$f":"IF($D66<>\"Serviço\",0,IF(ACOMPANHAMENTO=\"BM\",ROUND(OFFSET(ORÇAMENTO!AJ$15,ROW(H66)-ROW(H$15),0),15-13*ORÇAMENTO!$AF$7),SUMPRODUCT(($Q$1:$AA$1=1)*ROUND($Q66:$AA66,15-13*ORÇAMENTO!$AF$7))))","v":0},null,{"$f":"IF(OR(B66<>\"S\",CÁLCULO.FrentesPreenchidas=0),\"\",IF(AND(ACOMPANHAMENTO=\"PLE\",AUTOEVENTO=\"Manual\",OR(H66>0,ORÇAMENTO!AC66=\"QUANT.\"),OR(K66=\"\",M66=0,N66=\"\")),\"►E\",IF(AND(ACOMPANHAMENTO=\"PLE\",ORÇAMENTO!AC66=\"QUANT.\"),\"►Q\",IF(AND(ACOMPANHAMENTO=\"PLE\",H66<>SUMPRODUCT(($Q$1:$AA$1=1)*ROUND(Q66:AA66,15))),\"►S\",IF(AND(COUNTIF($P$11:$AA$11,\"▼\")=0,H66>0,I66=\"\"),\"◄M\",\"\")))))","v":{"$error":"#NAME?"}},null,".",{"$f":"IF($D66<>\"Serviço\",\"\",\n          IF(AUTOEVENTO=\"manual\",$A66,\n                IF(ISERROR(MATCH($A66,$A$15:OFFSET($A66,-1,0),0)),MAX($M$15:OFFSET(M66,-1,0))+1,\n                      INDEX($M$15:OFFSET(M66,-1,0),MATCH($A66,$A$15:OFFSET($A66,-1,0),0)))))","v":2},{"$f":"IF($D66<>\"Serviço\",\"\",\n         IF(AUTOEVENTO=\"Manual\",\n                IF($A66=0,\"<-- defina o número do agrupador\",\n                       OFFSET(EVENTOS!$D$15,$A66-$A$15,0)),\n                OFFSET($F$15,$A66,0)))","v":"REDE DE DISTRUIBUIÇÃO"},null,null,null,null,null,null,null,null,null,null,null,null,null,{"$f":"IF(AND($D66=\"Serviço\",AB$12<>0,$H66>0,OR(AUTOEVENTO<>\"manual\",$M66<>$A$15)),\n        IF(Import.TipoArredondamento<>\"TransfereGOV\",\n              ROUND(OFFSET($P66,0,AB$13),15-13*ORÇAMENTO!$AF$7)/$H66*OFFSET(ORÇAMENTO!$X$15,ROW(AB66)-ROW(AB$15),0),\n              ROUND(ROUND(OFFSET($P66,0,AB$13),15-13*ORÇAMENTO!$AF$7)*OFFSET(ORÇAMENTO!$W$15,ROW(AB66)-ROW(AB$15),0),15-13*ORÇAMENTO!$AF$11)),\n         0)","v":0},{"$f":"IF(AND($D66=\"Serviço\",AC$12<>0,$H66>0,OR(AUTOEVENTO<>\"manual\",$M66<>$A$15)),\n        IF(Import.TipoArredondamento<>\"TransfereGOV\",\n              ROUND(OFFSET($P66,0,AC$13),15-13*ORÇAMENTO!$AF$7)/$H66*OFFSET(ORÇAMENTO!$X$15,ROW(AC66)-ROW(AC$15),0),\n              ROUND(ROUND(OFFSET($P66,0,AC$13),15-13*ORÇAMENTO!$AF$7)*OFFSET(ORÇAMENTO!$W$15,ROW(AC66)-ROW(AC$15),0),15-13*ORÇAMENTO!$AF$11)),\n         0)","v":0},{"$f":"IF(AND($D66=\"Serviço\",AD$12<>0,$H66>0,OR(AUTOEVENTO<>\"manual\",$M66<>$A$15)),\n        IF(Import.TipoArredondamento<>\"TransfereGOV\",\n              ROUND(OFFSET($P66,0,AD$13),15-13*ORÇAMENTO!$AF$7)/$H66*OFFSET(ORÇAMENTO!$X$15,ROW(AD66)-ROW(AD$15),0),\n              ROUND(ROUND(OFFSET($P66,0,AD$13),15-13*ORÇAMENTO!$AF$7)*OFFSET(ORÇAMENTO!$W$15,ROW(AD66)-ROW(AD$15),0),15-13*ORÇAMENTO!$AF$11)),\n         0)","v":0},{"$f":"IF(AND($D66=\"Serviço\",AE$12<>0,$H66>0,OR(AUTOEVENTO<>\"manual\",$M66<>$A$15)),\n        IF(Import.TipoArredondamento<>\"TransfereGOV\",\n              ROUND(OFFSET($P66,0,AE$13),15-13*ORÇAMENTO!$AF$7)/$H66*OFFSET(ORÇAMENTO!$X$15,ROW(AE66)-ROW(AE$15),0),\n              ROUND(ROUND(OFFSET($P66,0,AE$13),15-13*ORÇAMENTO!$AF$7)*OFFSET(ORÇAMENTO!$W$15,ROW(AE66)-ROW(AE$15),0),15-13*ORÇAMENTO!$AF$11)),\n         0)","v":0},{"$f":"IF(AND($D66=\"Serviço\",AF$12<>0,$H66>0,OR(AUTOEVENTO<>\"manual\",$M66<>$A$15)),\n        IF(Import.TipoArredondamento<>\"TransfereGOV\",\n              ROUND(OFFSET($P66,0,AF$13),15-13*ORÇAMENTO!$AF$7)/$H66*OFFSET(ORÇAMENTO!$X$15,ROW(AF66)-ROW(AF$15),0),\n              ROUND(ROUND(OFFSET($P66,0,AF$13),15-13*ORÇAMENTO!$AF$7)*OFFSET(ORÇAMENTO!$W$15,ROW(AF66)-ROW(AF$15),0),15-13*ORÇAMENTO!$AF$11)),\n         0)","v":0},{"$f":"IF(AND($D66=\"Serviço\",AG$12<>0,$H66>0,OR(AUTOEVENTO<>\"manual\",$M66<>$A$15)),\n        IF(Import.TipoArredondamento<>\"TransfereGOV\",\n              ROUND(OFFSET($P66,0,AG$13),15-13*ORÇAMENTO!$AF$7)/$H66*OFFSET(ORÇAMENTO!$X$15,ROW(AG66)-ROW(AG$15),0),\n              ROUND(ROUND(OFFSET($P66,0,AG$13),15-13*ORÇAMENTO!$AF$7)*OFFSET(ORÇAMENTO!$W$15,ROW(AG66)-ROW(AG$15),0),15-13*ORÇAMENTO!$AF$11)),\n         0)","v":0},{"$f":"IF(AND($D66=\"Serviço\",AH$12<>0,$H66>0,OR(AUTOEVENTO<>\"manual\",$M66<>$A$15)),\n        IF(Import.TipoArredondamento<>\"TransfereGOV\",\n              ROUND(OFFSET($P66,0,AH$13),15-13*ORÇAMENTO!$AF$7)/$H66*OFFSET(ORÇAMENTO!$X$15,ROW(AH66)-ROW(AH$15),0),\n              ROUND(ROUND(OFFSET($P66,0,AH$13),15-13*ORÇAMENTO!$AF$7)*OFFSET(ORÇAMENTO!$W$15,ROW(AH66)-ROW(AH$15),0),15-13*ORÇAMENTO!$AF$11)),\n         0)","v":0},{"$f":"IF(AND($D66=\"Serviço\",AI$12<>0,$H66>0,OR(AUTOEVENTO<>\"manual\",$M66<>$A$15)),\n        IF(Import.TipoArredondamento<>\"TransfereGOV\",\n              ROUND(OFFSET($P66,0,AI$13),15-13*ORÇAMENTO!$AF$7)/$H66*OFFSET(ORÇAMENTO!$X$15,ROW(AI66)-ROW(AI$15),0),\n              ROUND(ROUND(OFFSET($P66,0,AI$13),15-13*ORÇAMENTO!$AF$7)*OFFSET(ORÇAMENTO!$W$15,ROW(AI66)-ROW(AI$15),0),15-13*ORÇAMENTO!$AF$11)),\n         0)","v":0},{"$f":"IF(AND($D66=\"Serviço\",AJ$12<>0,$H66>0,OR(AUTOEVENTO<>\"manual\",$M66<>$A$15)),\n        IF(Import.TipoArredondamento<>\"TransfereGOV\",\n              ROUND(OFFSET($P66,0,AJ$13),15-13*ORÇAMENTO!$AF$7)/$H66*OFFSET(ORÇAMENTO!$X$15,ROW(AJ66)-ROW(AJ$15),0),\n              ROUND(ROUND(OFFSET($P66,0,AJ$13),15-13*ORÇAMENTO!$AF$7)*OFFSET(ORÇAMENTO!$W$15,ROW(AJ66)-ROW(AJ$15),0),15-13*ORÇAMENTO!$AF$11)),\n         0)","v":0},{"$f":"IF(AND($D66=\"Serviço\",AK$12<>0,$H66>0,OR(AUTOEVENTO<>\"manual\",$M66<>$A$15)),\n        IF(Import.TipoArredondamento<>\"TransfereGOV\",\n              ROUND(OFFSET($P66,0,AK$13),15-13*ORÇAMENTO!$AF$7)/$H66*OFFSET(ORÇAMENTO!$X$15,ROW(AK66)-ROW(AK$15),0),\n              ROUND(ROUND(OFFSET($P66,0,AK$13),15-13*ORÇAMENTO!$AF$7)*OFFSET(ORÇAMENTO!$W$15,ROW(AK66)-ROW(AK$15),0),15-13*ORÇAMENTO!$AF$11)),\n         0)","v":0},null,{"$f":"IF(OR($D66<>\"Serviço\",AND(AUTOEVENTO=\"Manual\",$M66=$A$15)),0,\n         IF(OFFSET(CRONOPLE!$F$15,$M66-$A$15,AM$13)=0,10^12,OFFSET(CRONOPLE!$F$15,$M66-$A$15,AM$13)))","v":1},{"$f":"IF(OR($D66<>\"Serviço\",AND(AUTOEVENTO=\"Manual\",$M66=$A$15)),0,\n         IF(OFFSET(CRONOPLE!$F$15,$M66-$A$15,AN$13)=0,10^12,OFFSET(CRONOPLE!$F$15,$M66-$A$15,AN$13)))","v":2},{"$f":"IF(OR($D66<>\"Serviço\",AND(AUTOEVENTO=\"Manual\",$M66=$A$15)),0,\n         IF(OFFSET(CRONOPLE!$F$15,$M66-$A$15,AO$13)=0,10^12,OFFSET(CRONOPLE!$F$15,$M66-$A$15,AO$13)))","v":1000000000000},{"$f":"IF(OR($D66<>\"Serviço\",AND(AUTOEVENTO=\"Manual\",$M66=$A$15)),0,\n         IF(OFFSET(CRONOPLE!$F$15,$M66-$A$15,AP$13)=0,10^12,OFFSET(CRONOPLE!$F$15,$M66-$A$15,AP$13)))","v":1000000000000},{"$f":"IF(OR($D66<>\"Serviço\",AND(AUTOEVENTO=\"Manual\",$M66=$A$15)),0,\n         IF(OFFSET(CRONOPLE!$F$15,$M66-$A$15,AQ$13)=0,10^12,OFFSET(CRONOPLE!$F$15,$M66-$A$15,AQ$13)))","v":1000000000000},{"$f":"IF(OR($D66<>\"Serviço\",AND(AUTOEVENTO=\"Manual\",$M66=$A$15)),0,\n         IF(OFFSET(CRONOPLE!$F$15,$M66-$A$15,AR$13)=0,10^12,OFFSET(CRONOPLE!$F$15,$M66-$A$15,AR$13)))","v":1000000000000},{"$f":"IF(OR($D66<>\"Serviço\",AND(AUTOEVENTO=\"Manual\",$M66=$A$15)),0,\n         IF(OFFSET(CRONOPLE!$F$15,$M66-$A$15,AS$13)=0,10^12,OFFSET(CRONOPLE!$F$15,$M66-$A$15,AS$13)))","v":1000000000000},{"$f":"IF(OR($D66<>\"Serviço\",AND(AUTOEVENTO=\"Manual\",$M66=$A$15)),0,\n         IF(OFFSET(CRONOPLE!$F$15,$M66-$A$15,AT$13)=0,10^12,OFFSET(CRONOPLE!$F$15,$M66-$A$15,AT$13)))","v":1000000000000},{"$f":"IF(OR($D66<>\"Serviço\",AND(AUTOEVENTO=\"Manual\",$M66=$A$15)),0,\n         IF(OFFSET(CRONOPLE!$F$15,$M66-$A$15,AU$13)=0,10^12,OFFSET(CRONOPLE!$F$15,$M66-$A$15,AU$13)))","v":1000000000000},{"$f":"IF(OR($D66<>\"Serviço\",AND(AUTOEVENTO=\"Manual\",$M66=$A$15)),0,\n         IF(OFFSET(CRONOPLE!$F$15,$M66-$A$15,AV$13)=0,10^12,OFFSET(CRONOPLE!$F$15,$M66-$A$15,AV$13)))","v":1000000000000},null,{"$f":"IF(OR($D66<>\"Serviço\",AND(AUTOEVENTO=\"Manual\",$M66=$A$15),$M66>(ROW(PLE.lastrow)-ROW(PLE.firstrow))),0,\n           IF(OFFSET(PLE!$G$15,$M66-$A$15,AX$13)=\"\",10^12,OFFSET(PLE!$G$15,$M66-$A$15,AX$13)))","v":1000000000000},{"$f":"IF(OR($D66<>\"Serviço\",AND(AUTOEVENTO=\"Manual\",$M66=$A$15),$M66>(ROW(PLE.lastrow)-ROW(PLE.firstrow))),0,\n           IF(OFFSET(PLE!$G$15,$M66-$A$15,AY$13)=\"\",10^12,OFFSET(PLE!$G$15,$M66-$A$15,AY$13)))","v":1000000000000},{"$f":"IF(OR($D66<>\"Serviço\",AND(AUTOEVENTO=\"Manual\",$M66=$A$15),$M66>(ROW(PLE.lastrow)-ROW(PLE.firstrow))),0,\n           IF(OFFSET(PLE!$G$15,$M66-$A$15,AZ$13)=\"\",10^12,OFFSET(PLE!$G$15,$M66-$A$15,AZ$13)))","v":1000000000000},{"$f":"IF(OR($D66<>\"Serviço\",AND(AUTOEVENTO=\"Manual\",$M66=$A$15),$M66>(ROW(PLE.lastrow)-ROW(PLE.firstrow))),0,\n           IF(OFFSET(PLE!$G$15,$M66-$A$15,BA$13)=\"\",10^12,OFFSET(PLE!$G$15,$M66-$A$15,BA$13)))","v":1000000000000},{"$f":"IF(OR($D66<>\"Serviço\",AND(AUTOEVENTO=\"Manual\",$M66=$A$15),$M66>(ROW(PLE.lastrow)-ROW(PLE.firstrow))),0,\n           IF(OFFSET(PLE!$G$15,$M66-$A$15,BB$13)=\"\",10^12,OFFSET(PLE!$G$15,$M66-$A$15,BB$13)))","v":1000000000000},{"$f":"IF(OR($D66<>\"Serviço\",AND(AUTOEVENTO=\"Manual\",$M66=$A$15),$M66>(ROW(PLE.lastrow)-ROW(PLE.firstrow))),0,\n           IF(OFFSET(PLE!$G$15,$M66-$A$15,BC$13)=\"\",10^12,OFFSET(PLE!$G$15,$M66-$A$15,BC$13)))","v":1000000000000},{"$f":"IF(OR($D66<>\"Serviço\",AND(AUTOEVENTO=\"Manual\",$M66=$A$15),$M66>(ROW(PLE.lastrow)-ROW(PLE.firstrow))),0,\n           IF(OFFSET(PLE!$G$15,$M66-$A$15,BD$13)=\"\",10^12,OFFSET(PLE!$G$15,$M66-$A$15,BD$13)))","v":1000000000000},{"$f":"IF(OR($D66<>\"Serviço\",AND(AUTOEVENTO=\"Manual\",$M66=$A$15),$M66>(ROW(PLE.lastrow)-ROW(PLE.firstrow))),0,\n           IF(OFFSET(PLE!$G$15,$M66-$A$15,BE$13)=\"\",10^12,OFFSET(PLE!$G$15,$M66-$A$15,BE$13)))","v":1000000000000},{"$f":"IF(OR($D66<>\"Serviço\",AND(AUTOEVENTO=\"Manual\",$M66=$A$15),$M66>(ROW(PLE.lastrow)-ROW(PLE.firstrow))),0,\n           IF(OFFSET(PLE!$G$15,$M66-$A$15,BF$13)=\"\",10^12,OFFSET(PLE!$G$15,$M66-$A$15,BF$13)))","v":1000000000000},{"$f":"IF(OR($D66<>\"Serviço\",AND(AUTOEVENTO=\"Manual\",$M66=$A$15),$M66>(ROW(PLE.lastrow)-ROW(PLE.firstrow))),0,\n           IF(OFFSET(PLE!$G$15,$M66-$A$15,BG$13)=\"\",10^12,OFFSET(PLE!$G$15,$M66-$A$15,BG$13)))","v":1000000000000}]
["10",{"$f":"OFFSET(ORÇAMENTO!C$15,ROW(B67)-ROW(B$15),0)","v":"S"},{"$f":"OFFSET(ORÇAMENTO!L$15,ROW(C67)-ROW(C$15),0)","v":""},{"$f":"OFFSET(ORÇAMENTO!N$15,ROW(D67)-ROW(D$15),0)","v":"Serviço"},{"$f":"OFFSET(ORÇAMENTO!O$15,ROW(E67)-ROW(E$15),0)","v":"-"},{"$f":"OFFSET(ORÇAMENTO!R$15,ROW(F67)-ROW(F$15),0)","v":"(Sem Código)"},{"$f":"IF($D67<>\"Serviço\",\"\",OFFSET(ORÇAMENTO!S$15,ROW(G67)-ROW(G$15),0))","v":"-"},{"$f":"IF($D67<>\"Serviço\",0,IF(ACOMPANHAMENTO=\"BM\",ROUND(OFFSET(ORÇAMENTO!AJ$15,ROW(H67)-ROW(H$15),0),15-13*ORÇAMENTO!$AF$7),SUMPRODUCT(($Q$1:$AA$1=1)*ROUND($Q67:$AA67,15-13*ORÇAMENTO!$AF$7))))","v":0},null,{"$f":"IF(OR(B67<>\"S\",CÁLCULO.FrentesPreenchidas=0),\"\",IF(AND(ACOMPANHAMENTO=\"PLE\",AUTOEVENTO=\"Manual\",OR(H67>0,ORÇAMENTO!AC67=\"QUANT.\"),OR(K67=\"\",M67=0,N67=\"\")),\"►E\",IF(AND(ACOMPANHAMENTO=\"PLE\",ORÇAMENTO!AC67=\"QUANT.\"),\"►Q\",IF(AND(ACOMPANHAMENTO=\"PLE\",H67<>SUMPRODUCT(($Q$1:$AA$1=1)*ROUND(Q67:AA67,15))),\"►S\",IF(AND(COUNTIF($P$11:$AA$11,\"▼\")=0,H67>0,I67=\"\"),\"◄M\",\"\")))))","v":{"$error":"#NAME?"}},null,".",{"$f":"IF($D67<>\"Serviço\",\"\",\n          IF(AUTOEVENTO=\"manual\",$A67,\n                IF(ISERROR(MATCH($A67,$A$15:OFFSET($A67,-1,0),0)),MAX($M$15:OFFSET(M67,-1,0))+1,\n                      INDEX($M$15:OFFSET(M67,-1,0),MATCH($A67,$A$15:OFFSET($A67,-1,0),0)))))","v":2},{"$f":"IF($D67<>\"Serviço\",\"\",\n         IF(AUTOEVENTO=\"Manual\",\n                IF($A67=0,\"<-- defina o número do agrupador\",\n                       OFFSET(EVENTOS!$D$15,$A67-$A$15,0)),\n                OFFSET($F$15,$A67,0)))","v":"REDE DE DISTRUIBUIÇÃO"},null,null,null,null,null,null,null,null,null,null,null,null,null,{"$f":"IF(AND($D67=\"Serviço\",AB$12<>0,$H67>0,OR(AUTOEVENTO<>\"manual\",$M67<>$A$15)),\n        IF(Import.TipoArredondamento<>\"TransfereGOV\",\n              ROUND(OFFSET($P67,0,AB$13),15-13*ORÇAMENTO!$AF$7)/$H67*OFFSET(ORÇAMENTO!$X$15,ROW(AB67)-ROW(AB$15),0),\n              ROUND(ROUND(OFFSET($P67,0,AB$13),15-13*ORÇAMENTO!$AF$7)*OFFSET(ORÇAMENTO!$W$15,ROW(AB67)-ROW(AB$15),0),15-13*ORÇAMENTO!$AF$11)),\n         0)","v":0},{"$f":"IF(AND($D67=\"Serviço\",AC$12<>0,$H67>0,OR(AUTOEVENTO<>\"manual\",$M67<>$A$15)),\n        IF(Import.TipoArredondamento<>\"TransfereGOV\",\n              ROUND(OFFSET($P67,0,AC$13),15-13*ORÇAMENTO!$AF$7)/$H67*OFFSET(ORÇAMENTO!$X$15,ROW(AC67)-ROW(AC$15),0),\n              ROUND(ROUND(OFFSET($P67,0,AC$13),15-13*ORÇAMENTO!$AF$7)*OFFSET(ORÇAMENTO!$W$15,ROW(AC67)-ROW(AC$15),0),15-13*ORÇAMENTO!$AF$11)),\n         0)","v":0},{"$f":"IF(AND($D67=\"Serviço\",AD$12<>0,$H67>0,OR(AUTOEVENTO<>\"manual\",$M67<>$A$15)),\n        IF(Import.TipoArredondamento<>\"TransfereGOV\",\n              ROUND(OFFSET($P67,0,AD$13),15-13*ORÇAMENTO!$AF$7)/$H67*OFFSET(ORÇAMENTO!$X$15,ROW(AD67)-ROW(AD$15),0),\n              ROUND(ROUND(OFFSET($P67,0,AD$13),15-13*ORÇAMENTO!$AF$7)*OFFSET(ORÇAMENTO!$W$15,ROW(AD67)-ROW(AD$15),0),15-13*ORÇAMENTO!$AF$11)),\n         0)","v":0},{"$f":"IF(AND($D67=\"Serviço\",AE$12<>0,$H67>0,OR(AUTOEVENTO<>\"manual\",$M67<>$A$15)),\n        IF(Import.TipoArredondamento<>\"TransfereGOV\",\n              ROUND(OFFSET($P67,0,AE$13),15-13*ORÇAMENTO!$AF$7)/$H67*OFFSET(ORÇAMENTO!$X$15,ROW(AE67)-ROW(AE$15),0),\n              ROUND(ROUND(OFFSET($P67,0,AE$13),15-13*ORÇAMENTO!$AF$7)*OFFSET(ORÇAMENTO!$W$15,ROW(AE67)-ROW(AE$15),0),15-13*ORÇAMENTO!$AF$11)),\n         0)","v":0},{"$f":"IF(AND($D67=\"Serviço\",AF$12<>0,$H67>0,OR(AUTOEVENTO<>\"manual\",$M67<>$A$15)),\n        IF(Import.TipoArredondamento<>\"TransfereGOV\",\n              ROUND(OFFSET($P67,0,AF$13),15-13*ORÇAMENTO!$AF$7)/$H67*OFFSET(ORÇAMENTO!$X$15,ROW(AF67)-ROW(AF$15),0),\n              ROUND(ROUND(OFFSET($P67,0,AF$13),15-13*ORÇAMENTO!$AF$7)*OFFSET(ORÇAMENTO!$W$15,ROW(AF67)-ROW(AF$15),0),15-13*ORÇAMENTO!$AF$11)),\n         0)","v":0},{"$f":"IF(AND($D67=\"Serviço\",AG$12<>0,$H67>0,OR(AUTOEVENTO<>\"manual\",$M67<>$A$15)),\n        IF(Import.TipoArredondamento<>\"TransfereGOV\",\n              ROUND(OFFSET($P67,0,AG$13),15-13*ORÇAMENTO!$AF$7)/$H67*OFFSET(ORÇAMENTO!$X$15,ROW(AG67)-ROW(AG$15),0),\n              ROUND(ROUND(OFFSET($P67,0,AG$13),15-13*ORÇAMENTO!$AF$7)*OFFSET(ORÇAMENTO!$W$15,ROW(AG67)-ROW(AG$15),0),15-13*ORÇAMENTO!$AF$11)),\n         0)","v":0},{"$f":"IF(AND($D67=\"Serviço\",AH$12<>0,$H67>0,OR(AUTOEVENTO<>\"manual\",$M67<>$A$15)),\n        IF(Import.TipoArredondamento<>\"TransfereGOV\",\n              ROUND(OFFSET($P67,0,AH$13),15-13*ORÇAMENTO!$AF$7)/$H67*OFFSET(ORÇAMENTO!$X$15,ROW(AH67)-ROW(AH$15),0),\n              ROUND(ROUND(OFFSET($P67,0,AH$13),15-13*ORÇAMENTO!$AF$7)*OFFSET(ORÇAMENTO!$W$15,ROW(AH67)-ROW(AH$15),0),15-13*ORÇAMENTO!$AF$11)),\n         0)","v":0},{"$f":"IF(AND($D67=\"Serviço\",AI$12<>0,$H67>0,OR(AUTOEVENTO<>\"manual\",$M67<>$A$15)),\n        IF(Import.TipoArredondamento<>\"TransfereGOV\",\n              ROUND(OFFSET($P67,0,AI$13),15-13*ORÇAMENTO!$AF$7)/$H67*OFFSET(ORÇAMENTO!$X$15,ROW(AI67)-ROW(AI$15),0),\n              ROUND(ROUND(OFFSET($P67,0,AI$13),15-13*ORÇAMENTO!$AF$7)*OFFSET(ORÇAMENTO!$W$15,ROW(AI67)-ROW(AI$15),0),15-13*ORÇAMENTO!$AF$11)),\n         0)","v":0},{"$f":"IF(AND($D67=\"Serviço\",AJ$12<>0,$H67>0,OR(AUTOEVENTO<>\"manual\",$M67<>$A$15)),\n        IF(Import.TipoArredondamento<>\"TransfereGOV\",\n              ROUND(OFFSET($P67,0,AJ$13),15-13*ORÇAMENTO!$AF$7)/$H67*OFFSET(ORÇAMENTO!$X$15,ROW(AJ67)-ROW(AJ$15),0),\n              ROUND(ROUND(OFFSET($P67,0,AJ$13),15-13*ORÇAMENTO!$AF$7)*OFFSET(ORÇAMENTO!$W$15,ROW(AJ67)-ROW(AJ$15),0),15-13*ORÇAMENTO!$AF$11)),\n         0)","v":0},{"$f":"IF(AND($D67=\"Serviço\",AK$12<>0,$H67>0,OR(AUTOEVENTO<>\"manual\",$M67<>$A$15)),\n        IF(Import.TipoArredondamento<>\"TransfereGOV\",\n              ROUND(OFFSET($P67,0,AK$13),15-13*ORÇAMENTO!$AF$7)/$H67*OFFSET(ORÇAMENTO!$X$15,ROW(AK67)-ROW(AK$15),0),\n              ROUND(ROUND(OFFSET($P67,0,AK$13),15-13*ORÇAMENTO!$AF$7)*OFFSET(ORÇAMENTO!$W$15,ROW(AK67)-ROW(AK$15),0),15-13*ORÇAMENTO!$AF$11)),\n         0)","v":0},null,{"$f":"IF(OR($D67<>\"Serviço\",AND(AUTOEVENTO=\"Manual\",$M67=$A$15)),0,\n         IF(OFFSET(CRONOPLE!$F$15,$M67-$A$15,AM$13)=0,10^12,OFFSET(CRONOPLE!$F$15,$M67-$A$15,AM$13)))","v":1},{"$f":"IF(OR($D67<>\"Serviço\",AND(AUTOEVENTO=\"Manual\",$M67=$A$15)),0,\n         IF(OFFSET(CRONOPLE!$F$15,$M67-$A$15,AN$13)=0,10^12,OFFSET(CRONOPLE!$F$15,$M67-$A$15,AN$13)))","v":2},{"$f":"IF(OR($D67<>\"Serviço\",AND(AUTOEVENTO=\"Manual\",$M67=$A$15)),0,\n         IF(OFFSET(CRONOPLE!$F$15,$M67-$A$15,AO$13)=0,10^12,OFFSET(CRONOPLE!$F$15,$M67-$A$15,AO$13)))","v":1000000000000},{"$f":"IF(OR($D67<>\"Serviço\",AND(AUTOEVENTO=\"Manual\",$M67=$A$15)),0,\n         IF(OFFSET(CRONOPLE!$F$15,$M67-$A$15,AP$13)=0,10^12,OFFSET(CRONOPLE!$F$15,$M67-$A$15,AP$13)))","v":1000000000000},{"$f":"IF(OR($D67<>\"Serviço\",AND(AUTOEVENTO=\"Manual\",$M67=$A$15)),0,\n         IF(OFFSET(CRONOPLE!$F$15,$M67-$A$15,AQ$13)=0,10^12,OFFSET(CRONOPLE!$F$15,$M67-$A$15,AQ$13)))","v":1000000000000},{"$f":"IF(OR($D67<>\"Serviço\",AND(AUTOEVENTO=\"Manual\",$M67=$A$15)),0,\n         IF(OFFSET(CRONOPLE!$F$15,$M67-$A$15,AR$13)=0,10^12,OFFSET(CRONOPLE!$F$15,$M67-$A$15,AR$13)))","v":1000000000000},{"$f":"IF(OR($D67<>\"Serviço\",AND(AUTOEVENTO=\"Manual\",$M67=$A$15)),0,\n         IF(OFFSET(CRONOPLE!$F$15,$M67-$A$15,AS$13)=0,10^12,OFFSET(CRONOPLE!$F$15,$M67-$A$15,AS$13)))","v":1000000000000},{"$f":"IF(OR($D67<>\"Serviço\",AND(AUTOEVENTO=\"Manual\",$M67=$A$15)),0,\n         IF(OFFSET(CRONOPLE!$F$15,$M67-$A$15,AT$13)=0,10^12,OFFSET(CRONOPLE!$F$15,$M67-$A$15,AT$13)))","v":1000000000000},{"$f":"IF(OR($D67<>\"Serviço\",AND(AUTOEVENTO=\"Manual\",$M67=$A$15)),0,\n         IF(OFFSET(CRONOPLE!$F$15,$M67-$A$15,AU$13)=0,10^12,OFFSET(CRONOPLE!$F$15,$M67-$A$15,AU$13)))","v":1000000000000},{"$f":"IF(OR($D67<>\"Serviço\",AND(AUTOEVENTO=\"Manual\",$M67=$A$15)),0,\n         IF(OFFSET(CRONOPLE!$F$15,$M67-$A$15,AV$13)=0,10^12,OFFSET(CRONOPLE!$F$15,$M67-$A$15,AV$13)))","v":1000000000000},null,{"$f":"IF(OR($D67<>\"Serviço\",AND(AUTOEVENTO=\"Manual\",$M67=$A$15),$M67>(ROW(PLE.lastrow)-ROW(PLE.firstrow))),0,\n           IF(OFFSET(PLE!$G$15,$M67-$A$15,AX$13)=\"\",10^12,OFFSET(PLE!$G$15,$M67-$A$15,AX$13)))","v":1000000000000},{"$f":"IF(OR($D67<>\"Serviço\",AND(AUTOEVENTO=\"Manual\",$M67=$A$15),$M67>(ROW(PLE.lastrow)-ROW(PLE.firstrow))),0,\n           IF(OFFSET(PLE!$G$15,$M67-$A$15,AY$13)=\"\",10^12,OFFSET(PLE!$G$15,$M67-$A$15,AY$13)))","v":1000000000000},{"$f":"IF(OR($D67<>\"Serviço\",AND(AUTOEVENTO=\"Manual\",$M67=$A$15),$M67>(ROW(PLE.lastrow)-ROW(PLE.firstrow))),0,\n           IF(OFFSET(PLE!$G$15,$M67-$A$15,AZ$13)=\"\",10^12,OFFSET(PLE!$G$15,$M67-$A$15,AZ$13)))","v":1000000000000},{"$f":"IF(OR($D67<>\"Serviço\",AND(AUTOEVENTO=\"Manual\",$M67=$A$15),$M67>(ROW(PLE.lastrow)-ROW(PLE.firstrow))),0,\n           IF(OFFSET(PLE!$G$15,$M67-$A$15,BA$13)=\"\",10^12,OFFSET(PLE!$G$15,$M67-$A$15,BA$13)))","v":1000000000000},{"$f":"IF(OR($D67<>\"Serviço\",AND(AUTOEVENTO=\"Manual\",$M67=$A$15),$M67>(ROW(PLE.lastrow)-ROW(PLE.firstrow))),0,\n           IF(OFFSET(PLE!$G$15,$M67-$A$15,BB$13)=\"\",10^12,OFFSET(PLE!$G$15,$M67-$A$15,BB$13)))","v":1000000000000},{"$f":"IF(OR($D67<>\"Serviço\",AND(AUTOEVENTO=\"Manual\",$M67=$A$15),$M67>(ROW(PLE.lastrow)-ROW(PLE.firstrow))),0,\n           IF(OFFSET(PLE!$G$15,$M67-$A$15,BC$13)=\"\",10^12,OFFSET(PLE!$G$15,$M67-$A$15,BC$13)))","v":1000000000000},{"$f":"IF(OR($D67<>\"Serviço\",AND(AUTOEVENTO=\"Manual\",$M67=$A$15),$M67>(ROW(PLE.lastrow)-ROW(PLE.firstrow))),0,\n           IF(OFFSET(PLE!$G$15,$M67-$A$15,BD$13)=\"\",10^12,OFFSET(PLE!$G$15,$M67-$A$15,BD$13)))","v":1000000000000},{"$f":"IF(OR($D67<>\"Serviço\",AND(AUTOEVENTO=\"Manual\",$M67=$A$15),$M67>(ROW(PLE.lastrow)-ROW(PLE.firstrow))),0,\n           IF(OFFSET(PLE!$G$15,$M67-$A$15,BE$13)=\"\",10^12,OFFSET(PLE!$G$15,$M67-$A$15,BE$13)))","v":1000000000000},{"$f":"IF(OR($D67<>\"Serviço\",AND(AUTOEVENTO=\"Manual\",$M67=$A$15),$M67>(ROW(PLE.lastrow)-ROW(PLE.firstrow))),0,\n           IF(OFFSET(PLE!$G$15,$M67-$A$15,BF$13)=\"\",10^12,OFFSET(PLE!$G$15,$M67-$A$15,BF$13)))","v":1000000000000},{"$f":"IF(OR($D67<>\"Serviço\",AND(AUTOEVENTO=\"Manual\",$M67=$A$15),$M67>(ROW(PLE.lastrow)-ROW(PLE.firstrow))),0,\n           IF(OFFSET(PLE!$G$15,$M67-$A$15,BG$13)=\"\",10^12,OFFSET(PLE!$G$15,$M67-$A$15,BG$13)))","v":1000000000000}]
["10",{"$f":"OFFSET(ORÇAMENTO!C$15,ROW(B68)-ROW(B$15),0)","v":"S"},{"$f":"OFFSET(ORÇAMENTO!L$15,ROW(C68)-ROW(C$15),0)","v":""},{"$f":"OFFSET(ORÇAMENTO!N$15,ROW(D68)-ROW(D$15),0)","v":"Serviço"},{"$f":"OFFSET(ORÇAMENTO!O$15,ROW(E68)-ROW(E$15),0)","v":"-"},{"$f":"OFFSET(ORÇAMENTO!R$15,ROW(F68)-ROW(F$15),0)","v":"(Sem Código)"},{"$f":"IF($D68<>\"Serviço\",\"\",OFFSET(ORÇAMENTO!S$15,ROW(G68)-ROW(G$15),0))","v":"-"},{"$f":"IF($D68<>\"Serviço\",0,IF(ACOMPANHAMENTO=\"BM\",ROUND(OFFSET(ORÇAMENTO!AJ$15,ROW(H68)-ROW(H$15),0),15-13*ORÇAMENTO!$AF$7),SUMPRODUCT(($Q$1:$AA$1=1)*ROUND($Q68:$AA68,15-13*ORÇAMENTO!$AF$7))))","v":0},null,{"$f":"IF(OR(B68<>\"S\",CÁLCULO.FrentesPreenchidas=0),\"\",IF(AND(ACOMPANHAMENTO=\"PLE\",AUTOEVENTO=\"Manual\",OR(H68>0,ORÇAMENTO!AC68=\"QUANT.\"),OR(K68=\"\",M68=0,N68=\"\")),\"►E\",IF(AND(ACOMPANHAMENTO=\"PLE\",ORÇAMENTO!AC68=\"QUANT.\"),\"►Q\",IF(AND(ACOMPANHAMENTO=\"PLE\",H68<>SUMPRODUCT(($Q$1:$AA$1=1)*ROUND(Q68:AA68,15))),\"►S\",IF(AND(COUNTIF($P$11:$AA$11,\"▼\")=0,H68>0,I68=\"\"),\"◄M\",\"\")))))","v":{"$error":"#NAME?"}},null,".",{"$f":"IF($D68<>\"Serviço\",\"\",\n          IF(AUTOEVENTO=\"manual\",$A68,\n                IF(ISERROR(MATCH($A68,$A$15:OFFSET($A68,-1,0),0)),MAX($M$15:OFFSET(M68,-1,0))+1,\n                      INDEX($M$15:OFFSET(M68,-1,0),MATCH($A68,$A$15:OFFSET($A68,-1,0),0)))))","v":2},{"$f":"IF($D68<>\"Serviço\",\"\",\n         IF(AUTOEVENTO=\"Manual\",\n                IF($A68=0,\"<-- defina o número do agrupador\",\n                       OFFSET(EVENTOS!$D$15,$A68-$A$15,0)),\n                OFFSET($F$15,$A68,0)))","v":"REDE DE DISTRUIBUIÇÃO"},null,null,null,null,null,null,null,null,null,null,null,null,null,{"$f":"IF(AND($D68=\"Serviço\",AB$12<>0,$H68>0,OR(AUTOEVENTO<>\"manual\",$M68<>$A$15)),\n        IF(Import.TipoArredondamento<>\"TransfereGOV\",\n              ROUND(OFFSET($P68,0,AB$13),15-13*ORÇAMENTO!$AF$7)/$H68*OFFSET(ORÇAMENTO!$X$15,ROW(AB68)-ROW(AB$15),0),\n              ROUND(ROUND(OFFSET($P68,0,AB$13),15-13*ORÇAMENTO!$AF$7)*OFFSET(ORÇAMENTO!$W$15,ROW(AB68)-ROW(AB$15),0),15-13*ORÇAMENTO!$AF$11)),\n         0)","v":0},{"$f":"IF(AND($D68=\"Serviço\",AC$12<>0,$H68>0,OR(AUTOEVENTO<>\"manual\",$M68<>$A$15)),\n        IF(Import.TipoArredondamento<>\"TransfereGOV\",\n              ROUND(OFFSET($P68,0,AC$13),15-13*ORÇAMENTO!$AF$7)/$H68*OFFSET(ORÇAMENTO!$X$15,ROW(AC68)-ROW(AC$15),0),\n              ROUND(ROUND(OFFSET($P68,0,AC$13),15-13*ORÇAMENTO!$AF$7)*OFFSET(ORÇAMENTO!$W$15,ROW(AC68)-ROW(AC$15),0),15-13*ORÇAMENTO!$AF$11)),\n         0)","v":0},{"$f":"IF(AND($D68=\"Serviço\",AD$12<>0,$H68>0,OR(AUTOEVENTO<>\"manual\",$M68<>$A$15)),\n        IF(Import.TipoArredondamento<>\"TransfereGOV\",\n              ROUND(OFFSET($P68,0,AD$13),15-13*ORÇAMENTO!$AF$7)/$H68*OFFSET(ORÇAMENTO!$X$15,ROW(AD68)-ROW(AD$15),0),\n              ROUND(ROUND(OFFSET($P68,0,AD$13),15-13*ORÇAMENTO!$AF$7)*OFFSET(ORÇAMENTO!$W$15,ROW(AD68)-ROW(AD$15),0),15-13*ORÇAMENTO!$AF$11)),\n         0)","v":0},{"$f":"IF(AND($D68=\"Serviço\",AE$12<>0,$H68>0,OR(AUTOEVENTO<>\"manual\",$M68<>$A$15)),\n        IF(Import.TipoArredondamento<>\"TransfereGOV\",\n              ROUND(OFFSET($P68,0,AE$13),15-13*ORÇAMENTO!$AF$7)/$H68*OFFSET(ORÇAMENTO!$X$15,ROW(AE68)-ROW(AE$15),0),\n              ROUND(ROUND(OFFSET($P68,0,AE$13),15-13*ORÇAMENTO!$AF$7)*OFFSET(ORÇAMENTO!$W$15,ROW(AE68)-ROW(AE$15),0),15-13*ORÇAMENTO!$AF$11)),\n         0)","v":0},{"$f":"IF(AND($D68=\"Serviço\",AF$12<>0,$H68>0,OR(AUTOEVENTO<>\"manual\",$M68<>$A$15)),\n        IF(Import.TipoArredondamento<>\"TransfereGOV\",\n              ROUND(OFFSET($P68,0,AF$13),15-13*ORÇAMENTO!$AF$7)/$H68*OFFSET(ORÇAMENTO!$X$15,ROW(AF68)-ROW(AF$15),0),\n              ROUND(ROUND(OFFSET($P68,0,AF$13),15-13*ORÇAMENTO!$AF$7)*OFFSET(ORÇAMENTO!$W$15,ROW(AF68)-ROW(AF$15),0),15-13*ORÇAMENTO!$AF$11)),\n         0)","v":0},{"$f":"IF(AND($D68=\"Serviço\",AG$12<>0,$H68>0,OR(AUTOEVENTO<>\"manual\",$M68<>$A$15)),\n        IF(Import.TipoArredondamento<>\"TransfereGOV\",\n              ROUND(OFFSET($P68,0,AG$13),15-13*ORÇAMENTO!$AF$7)/$H68*OFFSET(ORÇAMENTO!$X$15,ROW(AG68)-ROW(AG$15),0),\n              ROUND(ROUND(OFFSET($P68,0,AG$13),15-13*ORÇAMENTO!$AF$7)*OFFSET(ORÇAMENTO!$W$15,ROW(AG68)-ROW(AG$15),0),15-13*ORÇAMENTO!$AF$11)),\n         0)","v":0},{"$f":"IF(AND($D68=\"Serviço\",AH$12<>0,$H68>0,OR(AUTOEVENTO<>\"manual\",$M68<>$A$15)),\n        IF(Import.TipoArredondamento<>\"TransfereGOV\",\n              ROUND(OFFSET($P68,0,AH$13),15-13*ORÇAMENTO!$AF$7)/$H68*OFFSET(ORÇAMENTO!$X$15,ROW(AH68)-ROW(AH$15),0),\n              ROUND(ROUND(OFFSET($P68,0,AH$13),15-13*ORÇAMENTO!$AF$7)*OFFSET(ORÇAMENTO!$W$15,ROW(AH68)-ROW(AH$15),0),15-13*ORÇAMENTO!$AF$11)),\n         0)","v":0},{"$f":"IF(AND($D68=\"Serviço\",AI$12<>0,$H68>0,OR(AUTOEVENTO<>\"manual\",$M68<>$A$15)),\n        IF(Import.TipoArredondamento<>\"TransfereGOV\",\n              ROUND(OFFSET($P68,0,AI$13),15-13*ORÇAMENTO!$AF$7)/$H68*OFFSET(ORÇAMENTO!$X$15,ROW(AI68)-ROW(AI$15),0),\n              ROUND(ROUND(OFFSET($P68,0,AI$13),15-13*ORÇAMENTO!$AF$7)*OFFSET(ORÇAMENTO!$W$15,ROW(AI68)-ROW(AI$15),0),15-13*ORÇAMENTO!$AF$11)),\n         0)","v":0},{"$f":"IF(AND($D68=\"Serviço\",AJ$12<>0,$H68>0,OR(AUTOEVENTO<>\"manual\",$M68<>$A$15)),\n        IF(Import.TipoArredondamento<>\"TransfereGOV\",\n              ROUND(OFFSET($P68,0,AJ$13),15-13*ORÇAMENTO!$AF$7)/$H68*OFFSET(ORÇAMENTO!$X$15,ROW(AJ68)-ROW(AJ$15),0),\n              ROUND(ROUND(OFFSET($P68,0,AJ$13),15-13*ORÇAMENTO!$AF$7)*OFFSET(ORÇAMENTO!$W$15,ROW(AJ68)-ROW(AJ$15),0),15-13*ORÇAMENTO!$AF$11)),\n         0)","v":0},{"$f":"IF(AND($D68=\"Serviço\",AK$12<>0,$H68>0,OR(AUTOEVENTO<>\"manual\",$M68<>$A$15)),\n        IF(Import.TipoArredondamento<>\"TransfereGOV\",\n              ROUND(OFFSET($P68,0,AK$13),15-13*ORÇAMENTO!$AF$7)/$H68*OFFSET(ORÇAMENTO!$X$15,ROW(AK68)-ROW(AK$15),0),\n              ROUND(ROUND(OFFSET($P68,0,AK$13),15-13*ORÇAMENTO!$AF$7)*OFFSET(ORÇAMENTO!$W$15,ROW(AK68)-ROW(AK$15),0),15-13*ORÇAMENTO!$AF$11)),\n         0)","v":0},null,{"$f":"IF(OR($D68<>\"Serviço\",AND(AUTOEVENTO=\"Manual\",$M68=$A$15)),0,\n         IF(OFFSET(CRONOPLE!$F$15,$M68-$A$15,AM$13)=0,10^12,OFFSET(CRONOPLE!$F$15,$M68-$A$15,AM$13)))","v":1},{"$f":"IF(OR($D68<>\"Serviço\",AND(AUTOEVENTO=\"Manual\",$M68=$A$15)),0,\n         IF(OFFSET(CRONOPLE!$F$15,$M68-$A$15,AN$13)=0,10^12,OFFSET(CRONOPLE!$F$15,$M68-$A$15,AN$13)))","v":2},{"$f":"IF(OR($D68<>\"Serviço\",AND(AUTOEVENTO=\"Manual\",$M68=$A$15)),0,\n         IF(OFFSET(CRONOPLE!$F$15,$M68-$A$15,AO$13)=0,10^12,OFFSET(CRONOPLE!$F$15,$M68-$A$15,AO$13)))","v":1000000000000},{"$f":"IF(OR($D68<>\"Serviço\",AND(AUTOEVENTO=\"Manual\",$M68=$A$15)),0,\n         IF(OFFSET(CRONOPLE!$F$15,$M68-$A$15,AP$13)=0,10^12,OFFSET(CRONOPLE!$F$15,$M68-$A$15,AP$13)))","v":1000000000000},{"$f":"IF(OR($D68<>\"Serviço\",AND(AUTOEVENTO=\"Manual\",$M68=$A$15)),0,\n         IF(OFFSET(CRONOPLE!$F$15,$M68-$A$15,AQ$13)=0,10^12,OFFSET(CRONOPLE!$F$15,$M68-$A$15,AQ$13)))","v":1000000000000},{"$f":"IF(OR($D68<>\"Serviço\",AND(AUTOEVENTO=\"Manual\",$M68=$A$15)),0,\n         IF(OFFSET(CRONOPLE!$F$15,$M68-$A$15,AR$13)=0,10^12,OFFSET(CRONOPLE!$F$15,$M68-$A$15,AR$13)))","v":1000000000000},{"$f":"IF(OR($D68<>\"Serviço\",AND(AUTOEVENTO=\"Manual\",$M68=$A$15)),0,\n         IF(OFFSET(CRONOPLE!$F$15,$M68-$A$15,AS$13)=0,10^12,OFFSET(CRONOPLE!$F$15,$M68-$A$15,AS$13)))","v":1000000000000},{"$f":"IF(OR($D68<>\"Serviço\",AND(AUTOEVENTO=\"Manual\",$M68=$A$15)),0,\n         IF(OFFSET(CRONOPLE!$F$15,$M68-$A$15,AT$13)=0,10^12,OFFSET(CRONOPLE!$F$15,$M68-$A$15,AT$13)))","v":1000000000000},{"$f":"IF(OR($D68<>\"Serviço\",AND(AUTOEVENTO=\"Manual\",$M68=$A$15)),0,\n         IF(OFFSET(CRONOPLE!$F$15,$M68-$A$15,AU$13)=0,10^12,OFFSET(CRONOPLE!$F$15,$M68-$A$15,AU$13)))","v":1000000000000},{"$f":"IF(OR($D68<>\"Serviço\",AND(AUTOEVENTO=\"Manual\",$M68=$A$15)),0,\n         IF(OFFSET(CRONOPLE!$F$15,$M68-$A$15,AV$13)=0,10^12,OFFSET(CRONOPLE!$F$15,$M68-$A$15,AV$13)))","v":1000000000000},null,{"$f":"IF(OR($D68<>\"Serviço\",AND(AUTOEVENTO=\"Manual\",$M68=$A$15),$M68>(ROW(PLE.lastrow)-ROW(PLE.firstrow))),0,\n           IF(OFFSET(PLE!$G$15,$M68-$A$15,AX$13)=\"\",10^12,OFFSET(PLE!$G$15,$M68-$A$15,AX$13)))","v":1000000000000},{"$f":"IF(OR($D68<>\"Serviço\",AND(AUTOEVENTO=\"Manual\",$M68=$A$15),$M68>(ROW(PLE.lastrow)-ROW(PLE.firstrow))),0,\n           IF(OFFSET(PLE!$G$15,$M68-$A$15,AY$13)=\"\",10^12,OFFSET(PLE!$G$15,$M68-$A$15,AY$13)))","v":1000000000000},{"$f":"IF(OR($D68<>\"Serviço\",AND(AUTOEVENTO=\"Manual\",$M68=$A$15),$M68>(ROW(PLE.lastrow)-ROW(PLE.firstrow))),0,\n           IF(OFFSET(PLE!$G$15,$M68-$A$15,AZ$13)=\"\",10^12,OFFSET(PLE!$G$15,$M68-$A$15,AZ$13)))","v":1000000000000},{"$f":"IF(OR($D68<>\"Serviço\",AND(AUTOEVENTO=\"Manual\",$M68=$A$15),$M68>(ROW(PLE.lastrow)-ROW(PLE.firstrow))),0,\n           IF(OFFSET(PLE!$G$15,$M68-$A$15,BA$13)=\"\",10^12,OFFSET(PLE!$G$15,$M68-$A$15,BA$13)))","v":1000000000000},{"$f":"IF(OR($D68<>\"Serviço\",AND(AUTOEVENTO=\"Manual\",$M68=$A$15),$M68>(ROW(PLE.lastrow)-ROW(PLE.firstrow))),0,\n           IF(OFFSET(PLE!$G$15,$M68-$A$15,BB$13)=\"\",10^12,OFFSET(PLE!$G$15,$M68-$A$15,BB$13)))","v":1000000000000},{"$f":"IF(OR($D68<>\"Serviço\",AND(AUTOEVENTO=\"Manual\",$M68=$A$15),$M68>(ROW(PLE.lastrow)-ROW(PLE.firstrow))),0,\n           IF(OFFSET(PLE!$G$15,$M68-$A$15,BC$13)=\"\",10^12,OFFSET(PLE!$G$15,$M68-$A$15,BC$13)))","v":1000000000000},{"$f":"IF(OR($D68<>\"Serviço\",AND(AUTOEVENTO=\"Manual\",$M68=$A$15),$M68>(ROW(PLE.lastrow)-ROW(PLE.firstrow))),0,\n           IF(OFFSET(PLE!$G$15,$M68-$A$15,BD$13)=\"\",10^12,OFFSET(PLE!$G$15,$M68-$A$15,BD$13)))","v":1000000000000},{"$f":"IF(OR($D68<>\"Serviço\",AND(AUTOEVENTO=\"Manual\",$M68=$A$15),$M68>(ROW(PLE.lastrow)-ROW(PLE.firstrow))),0,\n           IF(OFFSET(PLE!$G$15,$M68-$A$15,BE$13)=\"\",10^12,OFFSET(PLE!$G$15,$M68-$A$15,BE$13)))","v":1000000000000},{"$f":"IF(OR($D68<>\"Serviço\",AND(AUTOEVENTO=\"Manual\",$M68=$A$15),$M68>(ROW(PLE.lastrow)-ROW(PLE.firstrow))),0,\n           IF(OFFSET(PLE!$G$15,$M68-$A$15,BF$13)=\"\",10^12,OFFSET(PLE!$G$15,$M68-$A$15,BF$13)))","v":1000000000000},{"$f":"IF(OR($D68<>\"Serviço\",AND(AUTOEVENTO=\"Manual\",$M68=$A$15),$M68>(ROW(PLE.lastrow)-ROW(PLE.firstrow))),0,\n           IF(OFFSET(PLE!$G$15,$M68-$A$15,BG$13)=\"\",10^12,OFFSET(PLE!$G$15,$M68-$A$15,BG$13)))","v":1000000000000}]
["10",{"$f":"OFFSET(ORÇAMENTO!C$15,ROW(B69)-ROW(B$15),0)","v":"S"},{"$f":"OFFSET(ORÇAMENTO!L$15,ROW(C69)-ROW(C$15),0)","v":""},{"$f":"OFFSET(ORÇAMENTO!N$15,ROW(D69)-ROW(D$15),0)","v":"Serviço"},{"$f":"OFFSET(ORÇAMENTO!O$15,ROW(E69)-ROW(E$15),0)","v":"-"},{"$f":"OFFSET(ORÇAMENTO!R$15,ROW(F69)-ROW(F$15),0)","v":"(Sem Código)"},{"$f":"IF($D69<>\"Serviço\",\"\",OFFSET(ORÇAMENTO!S$15,ROW(G69)-ROW(G$15),0))","v":"-"},{"$f":"IF($D69<>\"Serviço\",0,IF(ACOMPANHAMENTO=\"BM\",ROUND(OFFSET(ORÇAMENTO!AJ$15,ROW(H69)-ROW(H$15),0),15-13*ORÇAMENTO!$AF$7),SUMPRODUCT(($Q$1:$AA$1=1)*ROUND($Q69:$AA69,15-13*ORÇAMENTO!$AF$7))))","v":0},null,{"$f":"IF(OR(B69<>\"S\",CÁLCULO.FrentesPreenchidas=0),\"\",IF(AND(ACOMPANHAMENTO=\"PLE\",AUTOEVENTO=\"Manual\",OR(H69>0,ORÇAMENTO!AC69=\"QUANT.\"),OR(K69=\"\",M69=0,N69=\"\")),\"►E\",IF(AND(ACOMPANHAMENTO=\"PLE\",ORÇAMENTO!AC69=\"QUANT.\"),\"►Q\",IF(AND(ACOMPANHAMENTO=\"PLE\",H69<>SUMPRODUCT(($Q$1:$AA$1=1)*ROUND(Q69:AA69,15))),\"►S\",IF(AND(COUNTIF($P$11:$AA$11,\"▼\")=0,H69>0,I69=\"\"),\"◄M\",\"\")))))","v":{"$error":"#NAME?"}},null,".",{"$f":"IF($D69<>\"Serviço\",\"\",\n          IF(AUTOEVENTO=\"manual\",$A69,\n                IF(ISERROR(MATCH($A69,$A$15:OFFSET($A69,-1,0),0)),MAX($M$15:OFFSET(M69,-1,0))+1,\n                      INDEX($M$15:OFFSET(M69,-1,0),MATCH($A69,$A$15:OFFSET($A69,-1,0),0)))))","v":2},{"$f":"IF($D69<>\"Serviço\",\"\",\n         IF(AUTOEVENTO=\"Manual\",\n                IF($A69=0,\"<-- defina o número do agrupador\",\n                       OFFSET(EVENTOS!$D$15,$A69-$A$15,0)),\n                OFFSET($F$15,$A69,0)))","v":"REDE DE DISTRUIBUIÇÃO"},null,null,null,null,null,null,null,null,null,null,null,null,null,{"$f":"IF(AND($D69=\"Serviço\",AB$12<>0,$H69>0,OR(AUTOEVENTO<>\"manual\",$M69<>$A$15)),\n        IF(Import.TipoArredondamento<>\"TransfereGOV\",\n              ROUND(OFFSET($P69,0,AB$13),15-13*ORÇAMENTO!$AF$7)/$H69*OFFSET(ORÇAMENTO!$X$15,ROW(AB69)-ROW(AB$15),0),\n              ROUND(ROUND(OFFSET($P69,0,AB$13),15-13*ORÇAMENTO!$AF$7)*OFFSET(ORÇAMENTO!$W$15,ROW(AB69)-ROW(AB$15),0),15-13*ORÇAMENTO!$AF$11)),\n         0)","v":0},{"$f":"IF(AND($D69=\"Serviço\",AC$12<>0,$H69>0,OR(AUTOEVENTO<>\"manual\",$M69<>$A$15)),\n        IF(Import.TipoArredondamento<>\"TransfereGOV\",\n              ROUND(OFFSET($P69,0,AC$13),15-13*ORÇAMENTO!$AF$7)/$H69*OFFSET(ORÇAMENTO!$X$15,ROW(AC69)-ROW(AC$15),0),\n              ROUND(ROUND(OFFSET($P69,0,AC$13),15-13*ORÇAMENTO!$AF$7)*OFFSET(ORÇAMENTO!$W$15,ROW(AC69)-ROW(AC$15),0),15-13*ORÇAMENTO!$AF$11)),\n         0)","v":0},{"$f":"IF(AND($D69=\"Serviço\",AD$12<>0,$H69>0,OR(AUTOEVENTO<>\"manual\",$M69<>$A$15)),\n        IF(Import.TipoArredondamento<>\"TransfereGOV\",\n              ROUND(OFFSET($P69,0,AD$13),15-13*ORÇAMENTO!$AF$7)/$H69*OFFSET(ORÇAMENTO!$X$15,ROW(AD69)-ROW(AD$15),0),\n              ROUND(ROUND(OFFSET($P69,0,AD$13),15-13*ORÇAMENTO!$AF$7)*OFFSET(ORÇAMENTO!$W$15,ROW(AD69)-ROW(AD$15),0),15-13*ORÇAMENTO!$AF$11)),\n         0)","v":0},{"$f":"IF(AND($D69=\"Serviço\",AE$12<>0,$H69>0,OR(AUTOEVENTO<>\"manual\",$M69<>$A$15)),\n        IF(Import.TipoArredondamento<>\"TransfereGOV\",\n              ROUND(OFFSET($P69,0,AE$13),15-13*ORÇAMENTO!$AF$7)/$H69*OFFSET(ORÇAMENTO!$X$15,ROW(AE69)-ROW(AE$15),0),\n              ROUND(ROUND(OFFSET($P69,0,AE$13),15-13*ORÇAMENTO!$AF$7)*OFFSET(ORÇAMENTO!$W$15,ROW(AE69)-ROW(AE$15),0),15-13*ORÇAMENTO!$AF$11)),\n         0)","v":0},{"$f":"IF(AND($D69=\"Serviço\",AF$12<>0,$H69>0,OR(AUTOEVENTO<>\"manual\",$M69<>$A$15)),\n        IF(Import.TipoArredondamento<>\"TransfereGOV\",\n              ROUND(OFFSET($P69,0,AF$13),15-13*ORÇAMENTO!$AF$7)/$H69*OFFSET(ORÇAMENTO!$X$15,ROW(AF69)-ROW(AF$15),0),\n              ROUND(ROUND(OFFSET($P69,0,AF$13),15-13*ORÇAMENTO!$AF$7)*OFFSET(ORÇAMENTO!$W$15,ROW(AF69)-ROW(AF$15),0),15-13*ORÇAMENTO!$AF$11)),\n         0)","v":0},{"$f":"IF(AND($D69=\"Serviço\",AG$12<>0,$H69>0,OR(AUTOEVENTO<>\"manual\",$M69<>$A$15)),\n        IF(Import.TipoArredondamento<>\"TransfereGOV\",\n              ROUND(OFFSET($P69,0,AG$13),15-13*ORÇAMENTO!$AF$7)/$H69*OFFSET(ORÇAMENTO!$X$15,ROW(AG69)-ROW(AG$15),0),\n              ROUND(ROUND(OFFSET($P69,0,AG$13),15-13*ORÇAMENTO!$AF$7)*OFFSET(ORÇAMENTO!$W$15,ROW(AG69)-ROW(AG$15),0),15-13*ORÇAMENTO!$AF$11)),\n         0)","v":0},{"$f":"IF(AND($D69=\"Serviço\",AH$12<>0,$H69>0,OR(AUTOEVENTO<>\"manual\",$M69<>$A$15)),\n        IF(Import.TipoArredondamento<>\"TransfereGOV\",\n              ROUND(OFFSET($P69,0,AH$13),15-13*ORÇAMENTO!$AF$7)/$H69*OFFSET(ORÇAMENTO!$X$15,ROW(AH69)-ROW(AH$15),0),\n              ROUND(ROUND(OFFSET($P69,0,AH$13),15-13*ORÇAMENTO!$AF$7)*OFFSET(ORÇAMENTO!$W$15,ROW(AH69)-ROW(AH$15),0),15-13*ORÇAMENTO!$AF$11)),\n         0)","v":0},{"$f":"IF(AND($D69=\"Serviço\",AI$12<>0,$H69>0,OR(AUTOEVENTO<>\"manual\",$M69<>$A$15)),\n        IF(Import.TipoArredondamento<>\"TransfereGOV\",\n              ROUND(OFFSET($P69,0,AI$13),15-13*ORÇAMENTO!$AF$7)/$H69*OFFSET(ORÇAMENTO!$X$15,ROW(AI69)-ROW(AI$15),0),\n              ROUND(ROUND(OFFSET($P69,0,AI$13),15-13*ORÇAMENTO!$AF$7)*OFFSET(ORÇAMENTO!$W$15,ROW(AI69)-ROW(AI$15),0),15-13*ORÇAMENTO!$AF$11)),\n         0)","v":0},{"$f":"IF(AND($D69=\"Serviço\",AJ$12<>0,$H69>0,OR(AUTOEVENTO<>\"manual\",$M69<>$A$15)),\n        IF(Import.TipoArredondamento<>\"TransfereGOV\",\n              ROUND(OFFSET($P69,0,AJ$13),15-13*ORÇAMENTO!$AF$7)/$H69*OFFSET(ORÇAMENTO!$X$15,ROW(AJ69)-ROW(AJ$15),0),\n              ROUND(ROUND(OFFSET($P69,0,AJ$13),15-13*ORÇAMENTO!$AF$7)*OFFSET(ORÇAMENTO!$W$15,ROW(AJ69)-ROW(AJ$15),0),15-13*ORÇAMENTO!$AF$11)),\n         0)","v":0},{"$f":"IF(AND($D69=\"Serviço\",AK$12<>0,$H69>0,OR(AUTOEVENTO<>\"manual\",$M69<>$A$15)),\n        IF(Import.TipoArredondamento<>\"TransfereGOV\",\n              ROUND(OFFSET($P69,0,AK$13),15-13*ORÇAMENTO!$AF$7)/$H69*OFFSET(ORÇAMENTO!$X$15,ROW(AK69)-ROW(AK$15),0),\n              ROUND(ROUND(OFFSET($P69,0,AK$13),15-13*ORÇAMENTO!$AF$7)*OFFSET(ORÇAMENTO!$W$15,ROW(AK69)-ROW(AK$15),0),15-13*ORÇAMENTO!$AF$11)),\n         0)","v":0},null,{"$f":"IF(OR($D69<>\"Serviço\",AND(AUTOEVENTO=\"Manual\",$M69=$A$15)),0,\n         IF(OFFSET(CRONOPLE!$F$15,$M69-$A$15,AM$13)=0,10^12,OFFSET(CRONOPLE!$F$15,$M69-$A$15,AM$13)))","v":1},{"$f":"IF(OR($D69<>\"Serviço\",AND(AUTOEVENTO=\"Manual\",$M69=$A$15)),0,\n         IF(OFFSET(CRONOPLE!$F$15,$M69-$A$15,AN$13)=0,10^12,OFFSET(CRONOPLE!$F$15,$M69-$A$15,AN$13)))","v":2},{"$f":"IF(OR($D69<>\"Serviço\",AND(AUTOEVENTO=\"Manual\",$M69=$A$15)),0,\n         IF(OFFSET(CRONOPLE!$F$15,$M69-$A$15,AO$13)=0,10^12,OFFSET(CRONOPLE!$F$15,$M69-$A$15,AO$13)))","v":1000000000000},{"$f":"IF(OR($D69<>\"Serviço\",AND(AUTOEVENTO=\"Manual\",$M69=$A$15)),0,\n         IF(OFFSET(CRONOPLE!$F$15,$M69-$A$15,AP$13)=0,10^12,OFFSET(CRONOPLE!$F$15,$M69-$A$15,AP$13)))","v":1000000000000},{"$f":"IF(OR($D69<>\"Serviço\",AND(AUTOEVENTO=\"Manual\",$M69=$A$15)),0,\n         IF(OFFSET(CRONOPLE!$F$15,$M69-$A$15,AQ$13)=0,10^12,OFFSET(CRONOPLE!$F$15,$M69-$A$15,AQ$13)))","v":1000000000000},{"$f":"IF(OR($D69<>\"Serviço\",AND(AUTOEVENTO=\"Manual\",$M69=$A$15)),0,\n         IF(OFFSET(CRONOPLE!$F$15,$M69-$A$15,AR$13)=0,10^12,OFFSET(CRONOPLE!$F$15,$M69-$A$15,AR$13)))","v":1000000000000},{"$f":"IF(OR($D69<>\"Serviço\",AND(AUTOEVENTO=\"Manual\",$M69=$A$15)),0,\n         IF(OFFSET(CRONOPLE!$F$15,$M69-$A$15,AS$13)=0,10^12,OFFSET(CRONOPLE!$F$15,$M69-$A$15,AS$13)))","v":1000000000000},{"$f":"IF(OR($D69<>\"Serviço\",AND(AUTOEVENTO=\"Manual\",$M69=$A$15)),0,\n         IF(OFFSET(CRONOPLE!$F$15,$M69-$A$15,AT$13)=0,10^12,OFFSET(CRONOPLE!$F$15,$M69-$A$15,AT$13)))","v":1000000000000},{"$f":"IF(OR($D69<>\"Serviço\",AND(AUTOEVENTO=\"Manual\",$M69=$A$15)),0,\n         IF(OFFSET(CRONOPLE!$F$15,$M69-$A$15,AU$13)=0,10^12,OFFSET(CRONOPLE!$F$15,$M69-$A$15,AU$13)))","v":1000000000000},{"$f":"IF(OR($D69<>\"Serviço\",AND(AUTOEVENTO=\"Manual\",$M69=$A$15)),0,\n         IF(OFFSET(CRONOPLE!$F$15,$M69-$A$15,AV$13)=0,10^12,OFFSET(CRONOPLE!$F$15,$M69-$A$15,AV$13)))","v":1000000000000},null,{"$f":"IF(OR($D69<>\"Serviço\",AND(AUTOEVENTO=\"Manual\",$M69=$A$15),$M69>(ROW(PLE.lastrow)-ROW(PLE.firstrow))),0,\n           IF(OFFSET(PLE!$G$15,$M69-$A$15,AX$13)=\"\",10^12,OFFSET(PLE!$G$15,$M69-$A$15,AX$13)))","v":1000000000000},{"$f":"IF(OR($D69<>\"Serviço\",AND(AUTOEVENTO=\"Manual\",$M69=$A$15),$M69>(ROW(PLE.lastrow)-ROW(PLE.firstrow))),0,\n           IF(OFFSET(PLE!$G$15,$M69-$A$15,AY$13)=\"\",10^12,OFFSET(PLE!$G$15,$M69-$A$15,AY$13)))","v":1000000000000},{"$f":"IF(OR($D69<>\"Serviço\",AND(AUTOEVENTO=\"Manual\",$M69=$A$15),$M69>(ROW(PLE.lastrow)-ROW(PLE.firstrow))),0,\n           IF(OFFSET(PLE!$G$15,$M69-$A$15,AZ$13)=\"\",10^12,OFFSET(PLE!$G$15,$M69-$A$15,AZ$13)))","v":1000000000000},{"$f":"IF(OR($D69<>\"Serviço\",AND(AUTOEVENTO=\"Manual\",$M69=$A$15),$M69>(ROW(PLE.lastrow)-ROW(PLE.firstrow))),0,\n           IF(OFFSET(PLE!$G$15,$M69-$A$15,BA$13)=\"\",10^12,OFFSET(PLE!$G$15,$M69-$A$15,BA$13)))","v":1000000000000},{"$f":"IF(OR($D69<>\"Serviço\",AND(AUTOEVENTO=\"Manual\",$M69=$A$15),$M69>(ROW(PLE.lastrow)-ROW(PLE.firstrow))),0,\n           IF(OFFSET(PLE!$G$15,$M69-$A$15,BB$13)=\"\",10^12,OFFSET(PLE!$G$15,$M69-$A$15,BB$13)))","v":1000000000000},{"$f":"IF(OR($D69<>\"Serviço\",AND(AUTOEVENTO=\"Manual\",$M69=$A$15),$M69>(ROW(PLE.lastrow)-ROW(PLE.firstrow))),0,\n           IF(OFFSET(PLE!$G$15,$M69-$A$15,BC$13)=\"\",10^12,OFFSET(PLE!$G$15,$M69-$A$15,BC$13)))","v":1000000000000},{"$f":"IF(OR($D69<>\"Serviço\",AND(AUTOEVENTO=\"Manual\",$M69=$A$15),$M69>(ROW(PLE.lastrow)-ROW(PLE.firstrow))),0,\n           IF(OFFSET(PLE!$G$15,$M69-$A$15,BD$13)=\"\",10^12,OFFSET(PLE!$G$15,$M69-$A$15,BD$13)))","v":1000000000000},{"$f":"IF(OR($D69<>\"Serviço\",AND(AUTOEVENTO=\"Manual\",$M69=$A$15),$M69>(ROW(PLE.lastrow)-ROW(PLE.firstrow))),0,\n           IF(OFFSET(PLE!$G$15,$M69-$A$15,BE$13)=\"\",10^12,OFFSET(PLE!$G$15,$M69-$A$15,BE$13)))","v":1000000000000},{"$f":"IF(OR($D69<>\"Serviço\",AND(AUTOEVENTO=\"Manual\",$M69=$A$15),$M69>(ROW(PLE.lastrow)-ROW(PLE.firstrow))),0,\n           IF(OFFSET(PLE!$G$15,$M69-$A$15,BF$13)=\"\",10^12,OFFSET(PLE!$G$15,$M69-$A$15,BF$13)))","v":1000000000000},{"$f":"IF(OR($D69<>\"Serviço\",AND(AUTOEVENTO=\"Manual\",$M69=$A$15),$M69>(ROW(PLE.lastrow)-ROW(PLE.firstrow))),0,\n           IF(OFFSET(PLE!$G$15,$M69-$A$15,BG$13)=\"\",10^12,OFFSET(PLE!$G$15,$M69-$A$15,BG$13)))","v":1000000000000}]
["10",{"$f":"OFFSET(ORÇAMENTO!C$15,ROW(B70)-ROW(B$15),0)","v":"S"},{"$f":"OFFSET(ORÇAMENTO!L$15,ROW(C70)-ROW(C$15),0)","v":""},{"$f":"OFFSET(ORÇAMENTO!N$15,ROW(D70)-ROW(D$15),0)","v":"Serviço"},{"$f":"OFFSET(ORÇAMENTO!O$15,ROW(E70)-ROW(E$15),0)","v":"-"},{"$f":"OFFSET(ORÇAMENTO!R$15,ROW(F70)-ROW(F$15),0)","v":"(Sem Código)"},{"$f":"IF($D70<>\"Serviço\",\"\",OFFSET(ORÇAMENTO!S$15,ROW(G70)-ROW(G$15),0))","v":"-"},{"$f":"IF($D70<>\"Serviço\",0,IF(ACOMPANHAMENTO=\"BM\",ROUND(OFFSET(ORÇAMENTO!AJ$15,ROW(H70)-ROW(H$15),0),15-13*ORÇAMENTO!$AF$7),SUMPRODUCT(($Q$1:$AA$1=1)*ROUND($Q70:$AA70,15-13*ORÇAMENTO!$AF$7))))","v":0},null,{"$f":"IF(OR(B70<>\"S\",CÁLCULO.FrentesPreenchidas=0),\"\",IF(AND(ACOMPANHAMENTO=\"PLE\",AUTOEVENTO=\"Manual\",OR(H70>0,ORÇAMENTO!AC70=\"QUANT.\"),OR(K70=\"\",M70=0,N70=\"\")),\"►E\",IF(AND(ACOMPANHAMENTO=\"PLE\",ORÇAMENTO!AC70=\"QUANT.\"),\"►Q\",IF(AND(ACOMPANHAMENTO=\"PLE\",H70<>SUMPRODUCT(($Q$1:$AA$1=1)*ROUND(Q70:AA70,15))),\"►S\",IF(AND(COUNTIF($P$11:$AA$11,\"▼\")=0,H70>0,I70=\"\"),\"◄M\",\"\")))))","v":{"$error":"#NAME?"}},null,".",{"$f":"IF($D70<>\"Serviço\",\"\",\n          IF(AUTOEVENTO=\"manual\",$A70,\n                IF(ISERROR(MATCH($A70,$A$15:OFFSET($A70,-1,0),0)),MAX($M$15:OFFSET(M70,-1,0))+1,\n                      INDEX($M$15:OFFSET(M70,-1,0),MATCH($A70,$A$15:OFFSET($A70,-1,0),0)))))","v":2},{"$f":"IF($D70<>\"Serviço\",\"\",\n         IF(AUTOEVENTO=\"Manual\",\n                IF($A70=0,\"<-- defina o número do agrupador\",\n                       OFFSET(EVENTOS!$D$15,$A70-$A$15,0)),\n                OFFSET($F$15,$A70,0)))","v":"REDE DE DISTRUIBUIÇÃO"},null,null,null,null,null,null,null,null,null,null,null,null,null,{"$f":"IF(AND($D70=\"Serviço\",AB$12<>0,$H70>0,OR(AUTOEVENTO<>\"manual\",$M70<>$A$15)),\n        IF(Import.TipoArredondamento<>\"TransfereGOV\",\n              ROUND(OFFSET($P70,0,AB$13),15-13*ORÇAMENTO!$AF$7)/$H70*OFFSET(ORÇAMENTO!$X$15,ROW(AB70)-ROW(AB$15),0),\n              ROUND(ROUND(OFFSET($P70,0,AB$13),15-13*ORÇAMENTO!$AF$7)*OFFSET(ORÇAMENTO!$W$15,ROW(AB70)-ROW(AB$15),0),15-13*ORÇAMENTO!$AF$11)),\n         0)","v":0},{"$f":"IF(AND($D70=\"Serviço\",AC$12<>0,$H70>0,OR(AUTOEVENTO<>\"manual\",$M70<>$A$15)),\n        IF(Import.TipoArredondamento<>\"TransfereGOV\",\n              ROUND(OFFSET($P70,0,AC$13),15-13*ORÇAMENTO!$AF$7)/$H70*OFFSET(ORÇAMENTO!$X$15,ROW(AC70)-ROW(AC$15),0),\n              ROUND(ROUND(OFFSET($P70,0,AC$13),15-13*ORÇAMENTO!$AF$7)*OFFSET(ORÇAMENTO!$W$15,ROW(AC70)-ROW(AC$15),0),15-13*ORÇAMENTO!$AF$11)),\n         0)","v":0},{"$f":"IF(AND($D70=\"Serviço\",AD$12<>0,$H70>0,OR(AUTOEVENTO<>\"manual\",$M70<>$A$15)),\n        IF(Import.TipoArredondamento<>\"TransfereGOV\",\n              ROUND(OFFSET($P70,0,AD$13),15-13*ORÇAMENTO!$AF$7)/$H70*OFFSET(ORÇAMENTO!$X$15,ROW(AD70)-ROW(AD$15),0),\n              ROUND(ROUND(OFFSET($P70,0,AD$13),15-13*ORÇAMENTO!$AF$7)*OFFSET(ORÇAMENTO!$W$15,ROW(AD70)-ROW(AD$15),0),15-13*ORÇAMENTO!$AF$11)),\n         0)","v":0},{"$f":"IF(AND($D70=\"Serviço\",AE$12<>0,$H70>0,OR(AUTOEVENTO<>\"manual\",$M70<>$A$15)),\n        IF(Import.TipoArredondamento<>\"TransfereGOV\",\n              ROUND(OFFSET($P70,0,AE$13),15-13*ORÇAMENTO!$AF$7)/$H70*OFFSET(ORÇAMENTO!$X$15,ROW(AE70)-ROW(AE$15),0),\n              ROUND(ROUND(OFFSET($P70,0,AE$13),15-13*ORÇAMENTO!$AF$7)*OFFSET(ORÇAMENTO!$W$15,ROW(AE70)-ROW(AE$15),0),15-13*ORÇAMENTO!$AF$11)),\n         0)","v":0},{"$f":"IF(AND($D70=\"Serviço\",AF$12<>0,$H70>0,OR(AUTOEVENTO<>\"manual\",$M70<>$A$15)),\n        IF(Import.TipoArredondamento<>\"TransfereGOV\",\n              ROUND(OFFSET($P70,0,AF$13),15-13*ORÇAMENTO!$AF$7)/$H70*OFFSET(ORÇAMENTO!$X$15,ROW(AF70)-ROW(AF$15),0),\n              ROUND(ROUND(OFFSET($P70,0,AF$13),15-13*ORÇAMENTO!$AF$7)*OFFSET(ORÇAMENTO!$W$15,ROW(AF70)-ROW(AF$15),0),15-13*ORÇAMENTO!$AF$11)),\n         0)","v":0},{"$f":"IF(AND($D70=\"Serviço\",AG$12<>0,$H70>0,OR(AUTOEVENTO<>\"manual\",$M70<>$A$15)),\n        IF(Import.TipoArredondamento<>\"TransfereGOV\",\n              ROUND(OFFSET($P70,0,AG$13),15-13*ORÇAMENTO!$AF$7)/$H70*OFFSET(ORÇAMENTO!$X$15,ROW(AG70)-ROW(AG$15),0),\n              ROUND(ROUND(OFFSET($P70,0,AG$13),15-13*ORÇAMENTO!$AF$7)*OFFSET(ORÇAMENTO!$W$15,ROW(AG70)-ROW(AG$15),0),15-13*ORÇAMENTO!$AF$11)),\n         0)","v":0},{"$f":"IF(AND($D70=\"Serviço\",AH$12<>0,$H70>0,OR(AUTOEVENTO<>\"manual\",$M70<>$A$15)),\n        IF(Import.TipoArredondamento<>\"TransfereGOV\",\n              ROUND(OFFSET($P70,0,AH$13),15-13*ORÇAMENTO!$AF$7)/$H70*OFFSET(ORÇAMENTO!$X$15,ROW(AH70)-ROW(AH$15),0),\n              ROUND(ROUND(OFFSET($P70,0,AH$13),15-13*ORÇAMENTO!$AF$7)*OFFSET(ORÇAMENTO!$W$15,ROW(AH70)-ROW(AH$15),0),15-13*ORÇAMENTO!$AF$11)),\n         0)","v":0},{"$f":"IF(AND($D70=\"Serviço\",AI$12<>0,$H70>0,OR(AUTOEVENTO<>\"manual\",$M70<>$A$15)),\n        IF(Import.TipoArredondamento<>\"TransfereGOV\",\n              ROUND(OFFSET($P70,0,AI$13),15-13*ORÇAMENTO!$AF$7)/$H70*OFFSET(ORÇAMENTO!$X$15,ROW(AI70)-ROW(AI$15),0),\n              ROUND(ROUND(OFFSET($P70,0,AI$13),15-13*ORÇAMENTO!$AF$7)*OFFSET(ORÇAMENTO!$W$15,ROW(AI70)-ROW(AI$15),0),15-13*ORÇAMENTO!$AF$11)),\n         0)","v":0},{"$f":"IF(AND($D70=\"Serviço\",AJ$12<>0,$H70>0,OR(AUTOEVENTO<>\"manual\",$M70<>$A$15)),\n        IF(Import.TipoArredondamento<>\"TransfereGOV\",\n              ROUND(OFFSET($P70,0,AJ$13),15-13*ORÇAMENTO!$AF$7)/$H70*OFFSET(ORÇAMENTO!$X$15,ROW(AJ70)-ROW(AJ$15),0),\n              ROUND(ROUND(OFFSET($P70,0,AJ$13),15-13*ORÇAMENTO!$AF$7)*OFFSET(ORÇAMENTO!$W$15,ROW(AJ70)-ROW(AJ$15),0),15-13*ORÇAMENTO!$AF$11)),\n         0)","v":0},{"$f":"IF(AND($D70=\"Serviço\",AK$12<>0,$H70>0,OR(AUTOEVENTO<>\"manual\",$M70<>$A$15)),\n        IF(Import.TipoArredondamento<>\"TransfereGOV\",\n              ROUND(OFFSET($P70,0,AK$13),15-13*ORÇAMENTO!$AF$7)/$H70*OFFSET(ORÇAMENTO!$X$15,ROW(AK70)-ROW(AK$15),0),\n              ROUND(ROUND(OFFSET($P70,0,AK$13),15-13*ORÇAMENTO!$AF$7)*OFFSET(ORÇAMENTO!$W$15,ROW(AK70)-ROW(AK$15),0),15-13*ORÇAMENTO!$AF$11)),\n         0)","v":0},null,{"$f":"IF(OR($D70<>\"Serviço\",AND(AUTOEVENTO=\"Manual\",$M70=$A$15)),0,\n         IF(OFFSET(CRONOPLE!$F$15,$M70-$A$15,AM$13)=0,10^12,OFFSET(CRONOPLE!$F$15,$M70-$A$15,AM$13)))","v":1},{"$f":"IF(OR($D70<>\"Serviço\",AND(AUTOEVENTO=\"Manual\",$M70=$A$15)),0,\n         IF(OFFSET(CRONOPLE!$F$15,$M70-$A$15,AN$13)=0,10^12,OFFSET(CRONOPLE!$F$15,$M70-$A$15,AN$13)))","v":2},{"$f":"IF(OR($D70<>\"Serviço\",AND(AUTOEVENTO=\"Manual\",$M70=$A$15)),0,\n         IF(OFFSET(CRONOPLE!$F$15,$M70-$A$15,AO$13)=0,10^12,OFFSET(CRONOPLE!$F$15,$M70-$A$15,AO$13)))","v":1000000000000},{"$f":"IF(OR($D70<>\"Serviço\",AND(AUTOEVENTO=\"Manual\",$M70=$A$15)),0,\n         IF(OFFSET(CRONOPLE!$F$15,$M70-$A$15,AP$13)=0,10^12,OFFSET(CRONOPLE!$F$15,$M70-$A$15,AP$13)))","v":1000000000000},{"$f":"IF(OR($D70<>\"Serviço\",AND(AUTOEVENTO=\"Manual\",$M70=$A$15)),0,\n         IF(OFFSET(CRONOPLE!$F$15,$M70-$A$15,AQ$13)=0,10^12,OFFSET(CRONOPLE!$F$15,$M70-$A$15,AQ$13)))","v":1000000000000},{"$f":"IF(OR($D70<>\"Serviço\",AND(AUTOEVENTO=\"Manual\",$M70=$A$15)),0,\n         IF(OFFSET(CRONOPLE!$F$15,$M70-$A$15,AR$13)=0,10^12,OFFSET(CRONOPLE!$F$15,$M70-$A$15,AR$13)))","v":1000000000000},{"$f":"IF(OR($D70<>\"Serviço\",AND(AUTOEVENTO=\"Manual\",$M70=$A$15)),0,\n         IF(OFFSET(CRONOPLE!$F$15,$M70-$A$15,AS$13)=0,10^12,OFFSET(CRONOPLE!$F$15,$M70-$A$15,AS$13)))","v":1000000000000},{"$f":"IF(OR($D70<>\"Serviço\",AND(AUTOEVENTO=\"Manual\",$M70=$A$15)),0,\n         IF(OFFSET(CRONOPLE!$F$15,$M70-$A$15,AT$13)=0,10^12,OFFSET(CRONOPLE!$F$15,$M70-$A$15,AT$13)))","v":1000000000000},{"$f":"IF(OR($D70<>\"Serviço\",AND(AUTOEVENTO=\"Manual\",$M70=$A$15)),0,\n         IF(OFFSET(CRONOPLE!$F$15,$M70-$A$15,AU$13)=0,10^12,OFFSET(CRONOPLE!$F$15,$M70-$A$15,AU$13)))","v":1000000000000},{"$f":"IF(OR($D70<>\"Serviço\",AND(AUTOEVENTO=\"Manual\",$M70=$A$15)),0,\n         IF(OFFSET(CRONOPLE!$F$15,$M70-$A$15,AV$13)=0,10^12,OFFSET(CRONOPLE!$F$15,$M70-$A$15,AV$13)))","v":1000000000000},null,{"$f":"IF(OR($D70<>\"Serviço\",AND(AUTOEVENTO=\"Manual\",$M70=$A$15),$M70>(ROW(PLE.lastrow)-ROW(PLE.firstrow))),0,\n           IF(OFFSET(PLE!$G$15,$M70-$A$15,AX$13)=\"\",10^12,OFFSET(PLE!$G$15,$M70-$A$15,AX$13)))","v":1000000000000},{"$f":"IF(OR($D70<>\"Serviço\",AND(AUTOEVENTO=\"Manual\",$M70=$A$15),$M70>(ROW(PLE.lastrow)-ROW(PLE.firstrow))),0,\n           IF(OFFSET(PLE!$G$15,$M70-$A$15,AY$13)=\"\",10^12,OFFSET(PLE!$G$15,$M70-$A$15,AY$13)))","v":1000000000000},{"$f":"IF(OR($D70<>\"Serviço\",AND(AUTOEVENTO=\"Manual\",$M70=$A$15),$M70>(ROW(PLE.lastrow)-ROW(PLE.firstrow))),0,\n           IF(OFFSET(PLE!$G$15,$M70-$A$15,AZ$13)=\"\",10^12,OFFSET(PLE!$G$15,$M70-$A$15,AZ$13)))","v":1000000000000},{"$f":"IF(OR($D70<>\"Serviço\",AND(AUTOEVENTO=\"Manual\",$M70=$A$15),$M70>(ROW(PLE.lastrow)-ROW(PLE.firstrow))),0,\n           IF(OFFSET(PLE!$G$15,$M70-$A$15,BA$13)=\"\",10^12,OFFSET(PLE!$G$15,$M70-$A$15,BA$13)))","v":1000000000000},{"$f":"IF(OR($D70<>\"Serviço\",AND(AUTOEVENTO=\"Manual\",$M70=$A$15),$M70>(ROW(PLE.lastrow)-ROW(PLE.firstrow))),0,\n           IF(OFFSET(PLE!$G$15,$M70-$A$15,BB$13)=\"\",10^12,OFFSET(PLE!$G$15,$M70-$A$15,BB$13)))","v":1000000000000},{"$f":"IF(OR($D70<>\"Serviço\",AND(AUTOEVENTO=\"Manual\",$M70=$A$15),$M70>(ROW(PLE.lastrow)-ROW(PLE.firstrow))),0,\n           IF(OFFSET(PLE!$G$15,$M70-$A$15,BC$13)=\"\",10^12,OFFSET(PLE!$G$15,$M70-$A$15,BC$13)))","v":1000000000000},{"$f":"IF(OR($D70<>\"Serviço\",AND(AUTOEVENTO=\"Manual\",$M70=$A$15),$M70>(ROW(PLE.lastrow)-ROW(PLE.firstrow))),0,\n           IF(OFFSET(PLE!$G$15,$M70-$A$15,BD$13)=\"\",10^12,OFFSET(PLE!$G$15,$M70-$A$15,BD$13)))","v":1000000000000},{"$f":"IF(OR($D70<>\"Serviço\",AND(AUTOEVENTO=\"Manual\",$M70=$A$15),$M70>(ROW(PLE.lastrow)-ROW(PLE.firstrow))),0,\n           IF(OFFSET(PLE!$G$15,$M70-$A$15,BE$13)=\"\",10^12,OFFSET(PLE!$G$15,$M70-$A$15,BE$13)))","v":1000000000000},{"$f":"IF(OR($D70<>\"Serviço\",AND(AUTOEVENTO=\"Manual\",$M70=$A$15),$M70>(ROW(PLE.lastrow)-ROW(PLE.firstrow))),0,\n           IF(OFFSET(PLE!$G$15,$M70-$A$15,BF$13)=\"\",10^12,OFFSET(PLE!$G$15,$M70-$A$15,BF$13)))","v":1000000000000},{"$f":"IF(OR($D70<>\"Serviço\",AND(AUTOEVENTO=\"Manual\",$M70=$A$15),$M70>(ROW(PLE.lastrow)-ROW(PLE.firstrow))),0,\n           IF(OFFSET(PLE!$G$15,$M70-$A$15,BG$13)=\"\",10^12,OFFSET(PLE!$G$15,$M70-$A$15,BG$13)))","v":1000000000000}]
["10",{"$f":"OFFSET(ORÇAMENTO!C$15,ROW(B71)-ROW(B$15),0)","v":"S"},{"$f":"OFFSET(ORÇAMENTO!L$15,ROW(C71)-ROW(C$15),0)","v":""},{"$f":"OFFSET(ORÇAMENTO!N$15,ROW(D71)-ROW(D$15),0)","v":"Serviço"},{"$f":"OFFSET(ORÇAMENTO!O$15,ROW(E71)-ROW(E$15),0)","v":"-"},{"$f":"OFFSET(ORÇAMENTO!R$15,ROW(F71)-ROW(F$15),0)","v":"(Sem Código)"},{"$f":"IF($D71<>\"Serviço\",\"\",OFFSET(ORÇAMENTO!S$15,ROW(G71)-ROW(G$15),0))","v":"-"},{"$f":"IF($D71<>\"Serviço\",0,IF(ACOMPANHAMENTO=\"BM\",ROUND(OFFSET(ORÇAMENTO!AJ$15,ROW(H71)-ROW(H$15),0),15-13*ORÇAMENTO!$AF$7),SUMPRODUCT(($Q$1:$AA$1=1)*ROUND($Q71:$AA71,15-13*ORÇAMENTO!$AF$7))))","v":0},null,{"$f":"IF(OR(B71<>\"S\",CÁLCULO.FrentesPreenchidas=0),\"\",IF(AND(ACOMPANHAMENTO=\"PLE\",AUTOEVENTO=\"Manual\",OR(H71>0,ORÇAMENTO!AC71=\"QUANT.\"),OR(K71=\"\",M71=0,N71=\"\")),\"►E\",IF(AND(ACOMPANHAMENTO=\"PLE\",ORÇAMENTO!AC71=\"QUANT.\"),\"►Q\",IF(AND(ACOMPANHAMENTO=\"PLE\",H71<>SUMPRODUCT(($Q$1:$AA$1=1)*ROUND(Q71:AA71,15))),\"►S\",IF(AND(COUNTIF($P$11:$AA$11,\"▼\")=0,H71>0,I71=\"\"),\"◄M\",\"\")))))","v":{"$error":"#NAME?"}},null,".",{"$f":"IF($D71<>\"Serviço\",\"\",\n          IF(AUTOEVENTO=\"manual\",$A71,\n                IF(ISERROR(MATCH($A71,$A$15:OFFSET($A71,-1,0),0)),MAX($M$15:OFFSET(M71,-1,0))+1,\n                      INDEX($M$15:OFFSET(M71,-1,0),MATCH($A71,$A$15:OFFSET($A71,-1,0),0)))))","v":2},{"$f":"IF($D71<>\"Serviço\",\"\",\n         IF(AUTOEVENTO=\"Manual\",\n                IF($A71=0,\"<-- defina o número do agrupador\",\n                       OFFSET(EVENTOS!$D$15,$A71-$A$15,0)),\n                OFFSET($F$15,$A71,0)))","v":"REDE DE DISTRUIBUIÇÃO"},null,null,null,null,null,null,null,null,null,null,null,null,null,{"$f":"IF(AND($D71=\"Serviço\",AB$12<>0,$H71>0,OR(AUTOEVENTO<>\"manual\",$M71<>$A$15)),\n        IF(Import.TipoArredondamento<>\"TransfereGOV\",\n              ROUND(OFFSET($P71,0,AB$13),15-13*ORÇAMENTO!$AF$7)/$H71*OFFSET(ORÇAMENTO!$X$15,ROW(AB71)-ROW(AB$15),0),\n              ROUND(ROUND(OFFSET($P71,0,AB$13),15-13*ORÇAMENTO!$AF$7)*OFFSET(ORÇAMENTO!$W$15,ROW(AB71)-ROW(AB$15),0),15-13*ORÇAMENTO!$AF$11)),\n         0)","v":0},{"$f":"IF(AND($D71=\"Serviço\",AC$12<>0,$H71>0,OR(AUTOEVENTO<>\"manual\",$M71<>$A$15)),\n        IF(Import.TipoArredondamento<>\"TransfereGOV\",\n              ROUND(OFFSET($P71,0,AC$13),15-13*ORÇAMENTO!$AF$7)/$H71*OFFSET(ORÇAMENTO!$X$15,ROW(AC71)-ROW(AC$15),0),\n              ROUND(ROUND(OFFSET($P71,0,AC$13),15-13*ORÇAMENTO!$AF$7)*OFFSET(ORÇAMENTO!$W$15,ROW(AC71)-ROW(AC$15),0),15-13*ORÇAMENTO!$AF$11)),\n         0)","v":0},{"$f":"IF(AND($D71=\"Serviço\",AD$12<>0,$H71>0,OR(AUTOEVENTO<>\"manual\",$M71<>$A$15)),\n        IF(Import.TipoArredondamento<>\"TransfereGOV\",\n              ROUND(OFFSET($P71,0,AD$13),15-13*ORÇAMENTO!$AF$7)/$H71*OFFSET(ORÇAMENTO!$X$15,ROW(AD71)-ROW(AD$15),0),\n              ROUND(ROUND(OFFSET($P71,0,AD$13),15-13*ORÇAMENTO!$AF$7)*OFFSET(ORÇAMENTO!$W$15,ROW(AD71)-ROW(AD$15),0),15-13*ORÇAMENTO!$AF$11)),\n         0)","v":0},{"$f":"IF(AND($D71=\"Serviço\",AE$12<>0,$H71>0,OR(AUTOEVENTO<>\"manual\",$M71<>$A$15)),\n        IF(Import.TipoArredondamento<>\"TransfereGOV\",\n              ROUND(OFFSET($P71,0,AE$13),15-13*ORÇAMENTO!$AF$7)/$H71*OFFSET(ORÇAMENTO!$X$15,ROW(AE71)-ROW(AE$15),0),\n              ROUND(ROUND(OFFSET($P71,0,AE$13),15-13*ORÇAMENTO!$AF$7)*OFFSET(ORÇAMENTO!$W$15,ROW(AE71)-ROW(AE$15),0),15-13*ORÇAMENTO!$AF$11)),\n         0)","v":0},{"$f":"IF(AND($D71=\"Serviço\",AF$12<>0,$H71>0,OR(AUTOEVENTO<>\"manual\",$M71<>$A$15)),\n        IF(Import.TipoArredondamento<>\"TransfereGOV\",\n              ROUND(OFFSET($P71,0,AF$13),15-13*ORÇAMENTO!$AF$7)/$H71*OFFSET(ORÇAMENTO!$X$15,ROW(AF71)-ROW(AF$15),0),\n              ROUND(ROUND(OFFSET($P71,0,AF$13),15-13*ORÇAMENTO!$AF$7)*OFFSET(ORÇAMENTO!$W$15,ROW(AF71)-ROW(AF$15),0),15-13*ORÇAMENTO!$AF$11)),\n         0)","v":0},{"$f":"IF(AND($D71=\"Serviço\",AG$12<>0,$H71>0,OR(AUTOEVENTO<>\"manual\",$M71<>$A$15)),\n        IF(Import.TipoArredondamento<>\"TransfereGOV\",\n              ROUND(OFFSET($P71,0,AG$13),15-13*ORÇAMENTO!$AF$7)/$H71*OFFSET(ORÇAMENTO!$X$15,ROW(AG71)-ROW(AG$15),0),\n              ROUND(ROUND(OFFSET($P71,0,AG$13),15-13*ORÇAMENTO!$AF$7)*OFFSET(ORÇAMENTO!$W$15,ROW(AG71)-ROW(AG$15),0),15-13*ORÇAMENTO!$AF$11)),\n         0)","v":0},{"$f":"IF(AND($D71=\"Serviço\",AH$12<>0,$H71>0,OR(AUTOEVENTO<>\"manual\",$M71<>$A$15)),\n        IF(Import.TipoArredondamento<>\"TransfereGOV\",\n              ROUND(OFFSET($P71,0,AH$13),15-13*ORÇAMENTO!$AF$7)/$H71*OFFSET(ORÇAMENTO!$X$15,ROW(AH71)-ROW(AH$15),0),\n              ROUND(ROUND(OFFSET($P71,0,AH$13),15-13*ORÇAMENTO!$AF$7)*OFFSET(ORÇAMENTO!$W$15,ROW(AH71)-ROW(AH$15),0),15-13*ORÇAMENTO!$AF$11)),\n         0)","v":0},{"$f":"IF(AND($D71=\"Serviço\",AI$12<>0,$H71>0,OR(AUTOEVENTO<>\"manual\",$M71<>$A$15)),\n        IF(Import.TipoArredondamento<>\"TransfereGOV\",\n              ROUND(OFFSET($P71,0,AI$13),15-13*ORÇAMENTO!$AF$7)/$H71*OFFSET(ORÇAMENTO!$X$15,ROW(AI71)-ROW(AI$15),0),\n              ROUND(ROUND(OFFSET($P71,0,AI$13),15-13*ORÇAMENTO!$AF$7)*OFFSET(ORÇAMENTO!$W$15,ROW(AI71)-ROW(AI$15),0),15-13*ORÇAMENTO!$AF$11)),\n         0)","v":0},{"$f":"IF(AND($D71=\"Serviço\",AJ$12<>0,$H71>0,OR(AUTOEVENTO<>\"manual\",$M71<>$A$15)),\n        IF(Import.TipoArredondamento<>\"TransfereGOV\",\n              ROUND(OFFSET($P71,0,AJ$13),15-13*ORÇAMENTO!$AF$7)/$H71*OFFSET(ORÇAMENTO!$X$15,ROW(AJ71)-ROW(AJ$15),0),\n              ROUND(ROUND(OFFSET($P71,0,AJ$13),15-13*ORÇAMENTO!$AF$7)*OFFSET(ORÇAMENTO!$W$15,ROW(AJ71)-ROW(AJ$15),0),15-13*ORÇAMENTO!$AF$11)),\n         0)","v":0},{"$f":"IF(AND($D71=\"Serviço\",AK$12<>0,$H71>0,OR(AUTOEVENTO<>\"manual\",$M71<>$A$15)),\n        IF(Import.TipoArredondamento<>\"TransfereGOV\",\n              ROUND(OFFSET($P71,0,AK$13),15-13*ORÇAMENTO!$AF$7)/$H71*OFFSET(ORÇAMENTO!$X$15,ROW(AK71)-ROW(AK$15),0),\n              ROUND(ROUND(OFFSET($P71,0,AK$13),15-13*ORÇAMENTO!$AF$7)*OFFSET(ORÇAMENTO!$W$15,ROW(AK71)-ROW(AK$15),0),15-13*ORÇAMENTO!$AF$11)),\n         0)","v":0},null,{"$f":"IF(OR($D71<>\"Serviço\",AND(AUTOEVENTO=\"Manual\",$M71=$A$15)),0,\n         IF(OFFSET(CRONOPLE!$F$15,$M71-$A$15,AM$13)=0,10^12,OFFSET(CRONOPLE!$F$15,$M71-$A$15,AM$13)))","v":1},{"$f":"IF(OR($D71<>\"Serviço\",AND(AUTOEVENTO=\"Manual\",$M71=$A$15)),0,\n         IF(OFFSET(CRONOPLE!$F$15,$M71-$A$15,AN$13)=0,10^12,OFFSET(CRONOPLE!$F$15,$M71-$A$15,AN$13)))","v":2},{"$f":"IF(OR($D71<>\"Serviço\",AND(AUTOEVENTO=\"Manual\",$M71=$A$15)),0,\n         IF(OFFSET(CRONOPLE!$F$15,$M71-$A$15,AO$13)=0,10^12,OFFSET(CRONOPLE!$F$15,$M71-$A$15,AO$13)))","v":1000000000000},{"$f":"IF(OR($D71<>\"Serviço\",AND(AUTOEVENTO=\"Manual\",$M71=$A$15)),0,\n         IF(OFFSET(CRONOPLE!$F$15,$M71-$A$15,AP$13)=0,10^12,OFFSET(CRONOPLE!$F$15,$M71-$A$15,AP$13)))","v":1000000000000},{"$f":"IF(OR($D71<>\"Serviço\",AND(AUTOEVENTO=\"Manual\",$M71=$A$15)),0,\n         IF(OFFSET(CRONOPLE!$F$15,$M71-$A$15,AQ$13)=0,10^12,OFFSET(CRONOPLE!$F$15,$M71-$A$15,AQ$13)))","v":1000000000000},{"$f":"IF(OR($D71<>\"Serviço\",AND(AUTOEVENTO=\"Manual\",$M71=$A$15)),0,\n         IF(OFFSET(CRONOPLE!$F$15,$M71-$A$15,AR$13)=0,10^12,OFFSET(CRONOPLE!$F$15,$M71-$A$15,AR$13)))","v":1000000000000},{"$f":"IF(OR($D71<>\"Serviço\",AND(AUTOEVENTO=\"Manual\",$M71=$A$15)),0,\n         IF(OFFSET(CRONOPLE!$F$15,$M71-$A$15,AS$13)=0,10^12,OFFSET(CRONOPLE!$F$15,$M71-$A$15,AS$13)))","v":1000000000000},{"$f":"IF(OR($D71<>\"Serviço\",AND(AUTOEVENTO=\"Manual\",$M71=$A$15)),0,\n         IF(OFFSET(CRONOPLE!$F$15,$M71-$A$15,AT$13)=0,10^12,OFFSET(CRONOPLE!$F$15,$M71-$A$15,AT$13)))","v":1000000000000},{"$f":"IF(OR($D71<>\"Serviço\",AND(AUTOEVENTO=\"Manual\",$M71=$A$15)),0,\n         IF(OFFSET(CRONOPLE!$F$15,$M71-$A$15,AU$13)=0,10^12,OFFSET(CRONOPLE!$F$15,$M71-$A$15,AU$13)))","v":1000000000000},{"$f":"IF(OR($D71<>\"Serviço\",AND(AUTOEVENTO=\"Manual\",$M71=$A$15)),0,\n         IF(OFFSET(CRONOPLE!$F$15,$M71-$A$15,AV$13)=0,10^12,OFFSET(CRONOPLE!$F$15,$M71-$A$15,AV$13)))","v":1000000000000},null,{"$f":"IF(OR($D71<>\"Serviço\",AND(AUTOEVENTO=\"Manual\",$M71=$A$15),$M71>(ROW(PLE.lastrow)-ROW(PLE.firstrow))),0,\n           IF(OFFSET(PLE!$G$15,$M71-$A$15,AX$13)=\"\",10^12,OFFSET(PLE!$G$15,$M71-$A$15,AX$13)))","v":1000000000000},{"$f":"IF(OR($D71<>\"Serviço\",AND(AUTOEVENTO=\"Manual\",$M71=$A$15),$M71>(ROW(PLE.lastrow)-ROW(PLE.firstrow))),0,\n           IF(OFFSET(PLE!$G$15,$M71-$A$15,AY$13)=\"\",10^12,OFFSET(PLE!$G$15,$M71-$A$15,AY$13)))","v":1000000000000},{"$f":"IF(OR($D71<>\"Serviço\",AND(AUTOEVENTO=\"Manual\",$M71=$A$15),$M71>(ROW(PLE.lastrow)-ROW(PLE.firstrow))),0,\n           IF(OFFSET(PLE!$G$15,$M71-$A$15,AZ$13)=\"\",10^12,OFFSET(PLE!$G$15,$M71-$A$15,AZ$13)))","v":1000000000000},{"$f":"IF(OR($D71<>\"Serviço\",AND(AUTOEVENTO=\"Manual\",$M71=$A$15),$M71>(ROW(PLE.lastrow)-ROW(PLE.firstrow))),0,\n           IF(OFFSET(PLE!$G$15,$M71-$A$15,BA$13)=\"\",10^12,OFFSET(PLE!$G$15,$M71-$A$15,BA$13)))","v":1000000000000},{"$f":"IF(OR($D71<>\"Serviço\",AND(AUTOEVENTO=\"Manual\",$M71=$A$15),$M71>(ROW(PLE.lastrow)-ROW(PLE.firstrow))),0,\n           IF(OFFSET(PLE!$G$15,$M71-$A$15,BB$13)=\"\",10^12,OFFSET(PLE!$G$15,$M71-$A$15,BB$13)))","v":1000000000000},{"$f":"IF(OR($D71<>\"Serviço\",AND(AUTOEVENTO=\"Manual\",$M71=$A$15),$M71>(ROW(PLE.lastrow)-ROW(PLE.firstrow))),0,\n           IF(OFFSET(PLE!$G$15,$M71-$A$15,BC$13)=\"\",10^12,OFFSET(PLE!$G$15,$M71-$A$15,BC$13)))","v":1000000000000},{"$f":"IF(OR($D71<>\"Serviço\",AND(AUTOEVENTO=\"Manual\",$M71=$A$15),$M71>(ROW(PLE.lastrow)-ROW(PLE.firstrow))),0,\n           IF(OFFSET(PLE!$G$15,$M71-$A$15,BD$13)=\"\",10^12,OFFSET(PLE!$G$15,$M71-$A$15,BD$13)))","v":1000000000000},{"$f":"IF(OR($D71<>\"Serviço\",AND(AUTOEVENTO=\"Manual\",$M71=$A$15),$M71>(ROW(PLE.lastrow)-ROW(PLE.firstrow))),0,\n           IF(OFFSET(PLE!$G$15,$M71-$A$15,BE$13)=\"\",10^12,OFFSET(PLE!$G$15,$M71-$A$15,BE$13)))","v":1000000000000},{"$f":"IF(OR($D71<>\"Serviço\",AND(AUTOEVENTO=\"Manual\",$M71=$A$15),$M71>(ROW(PLE.lastrow)-ROW(PLE.firstrow))),0,\n           IF(OFFSET(PLE!$G$15,$M71-$A$15,BF$13)=\"\",10^12,OFFSET(PLE!$G$15,$M71-$A$15,BF$13)))","v":1000000000000},{"$f":"IF(OR($D71<>\"Serviço\",AND(AUTOEVENTO=\"Manual\",$M71=$A$15),$M71>(ROW(PLE.lastrow)-ROW(PLE.firstrow))),0,\n           IF(OFFSET(PLE!$G$15,$M71-$A$15,BG$13)=\"\",10^12,OFFSET(PLE!$G$15,$M71-$A$15,BG$13)))","v":1000000000000}]
["10",{"$f":"OFFSET(ORÇAMENTO!C$15,ROW(B72)-ROW(B$15),0)","v":"S"},{"$f":"OFFSET(ORÇAMENTO!L$15,ROW(C72)-ROW(C$15),0)","v":""},{"$f":"OFFSET(ORÇAMENTO!N$15,ROW(D72)-ROW(D$15),0)","v":"Serviço"},{"$f":"OFFSET(ORÇAMENTO!O$15,ROW(E72)-ROW(E$15),0)","v":"-"},{"$f":"OFFSET(ORÇAMENTO!R$15,ROW(F72)-ROW(F$15),0)","v":"(Sem Código)"},{"$f":"IF($D72<>\"Serviço\",\"\",OFFSET(ORÇAMENTO!S$15,ROW(G72)-ROW(G$15),0))","v":"-"},{"$f":"IF($D72<>\"Serviço\",0,IF(ACOMPANHAMENTO=\"BM\",ROUND(OFFSET(ORÇAMENTO!AJ$15,ROW(H72)-ROW(H$15),0),15-13*ORÇAMENTO!$AF$7),SUMPRODUCT(($Q$1:$AA$1=1)*ROUND($Q72:$AA72,15-13*ORÇAMENTO!$AF$7))))","v":0},null,{"$f":"IF(OR(B72<>\"S\",CÁLCULO.FrentesPreenchidas=0),\"\",IF(AND(ACOMPANHAMENTO=\"PLE\",AUTOEVENTO=\"Manual\",OR(H72>0,ORÇAMENTO!AC72=\"QUANT.\"),OR(K72=\"\",M72=0,N72=\"\")),\"►E\",IF(AND(ACOMPANHAMENTO=\"PLE\",ORÇAMENTO!AC72=\"QUANT.\"),\"►Q\",IF(AND(ACOMPANHAMENTO=\"PLE\",H72<>SUMPRODUCT(($Q$1:$AA$1=1)*ROUND(Q72:AA72,15))),\"►S\",IF(AND(COUNTIF($P$11:$AA$11,\"▼\")=0,H72>0,I72=\"\"),\"◄M\",\"\")))))","v":{"$error":"#NAME?"}},null,".",{"$f":"IF($D72<>\"Serviço\",\"\",\n          IF(AUTOEVENTO=\"manual\",$A72,\n                IF(ISERROR(MATCH($A72,$A$15:OFFSET($A72,-1,0),0)),MAX($M$15:OFFSET(M72,-1,0))+1,\n                      INDEX($M$15:OFFSET(M72,-1,0),MATCH($A72,$A$15:OFFSET($A72,-1,0),0)))))","v":2},{"$f":"IF($D72<>\"Serviço\",\"\",\n         IF(AUTOEVENTO=\"Manual\",\n                IF($A72=0,\"<-- defina o número do agrupador\",\n                       OFFSET(EVENTOS!$D$15,$A72-$A$15,0)),\n                OFFSET($F$15,$A72,0)))","v":"REDE DE DISTRUIBUIÇÃO"},null,null,null,null,null,null,null,null,null,null,null,null,null,{"$f":"IF(AND($D72=\"Serviço\",AB$12<>0,$H72>0,OR(AUTOEVENTO<>\"manual\",$M72<>$A$15)),\n        IF(Import.TipoArredondamento<>\"TransfereGOV\",\n              ROUND(OFFSET($P72,0,AB$13),15-13*ORÇAMENTO!$AF$7)/$H72*OFFSET(ORÇAMENTO!$X$15,ROW(AB72)-ROW(AB$15),0),\n              ROUND(ROUND(OFFSET($P72,0,AB$13),15-13*ORÇAMENTO!$AF$7)*OFFSET(ORÇAMENTO!$W$15,ROW(AB72)-ROW(AB$15),0),15-13*ORÇAMENTO!$AF$11)),\n         0)","v":0},{"$f":"IF(AND($D72=\"Serviço\",AC$12<>0,$H72>0,OR(AUTOEVENTO<>\"manual\",$M72<>$A$15)),\n        IF(Import.TipoArredondamento<>\"TransfereGOV\",\n              ROUND(OFFSET($P72,0,AC$13),15-13*ORÇAMENTO!$AF$7)/$H72*OFFSET(ORÇAMENTO!$X$15,ROW(AC72)-ROW(AC$15),0),\n              ROUND(ROUND(OFFSET($P72,0,AC$13),15-13*ORÇAMENTO!$AF$7)*OFFSET(ORÇAMENTO!$W$15,ROW(AC72)-ROW(AC$15),0),15-13*ORÇAMENTO!$AF$11)),\n         0)","v":0},{"$f":"IF(AND($D72=\"Serviço\",AD$12<>0,$H72>0,OR(AUTOEVENTO<>\"manual\",$M72<>$A$15)),\n        IF(Import.TipoArredondamento<>\"TransfereGOV\",\n              ROUND(OFFSET($P72,0,AD$13),15-13*ORÇAMENTO!$AF$7)/$H72*OFFSET(ORÇAMENTO!$X$15,ROW(AD72)-ROW(AD$15),0),\n              ROUND(ROUND(OFFSET($P72,0,AD$13),15-13*ORÇAMENTO!$AF$7)*OFFSET(ORÇAMENTO!$W$15,ROW(AD72)-ROW(AD$15),0),15-13*ORÇAMENTO!$AF$11)),\n         0)","v":0},{"$f":"IF(AND($D72=\"Serviço\",AE$12<>0,$H72>0,OR(AUTOEVENTO<>\"manual\",$M72<>$A$15)),\n        IF(Import.TipoArredondamento<>\"TransfereGOV\",\n              ROUND(OFFSET($P72,0,AE$13),15-13*ORÇAMENTO!$AF$7)/$H72*OFFSET(ORÇAMENTO!$X$15,ROW(AE72)-ROW(AE$15),0),\n              ROUND(ROUND(OFFSET($P72,0,AE$13),15-13*ORÇAMENTO!$AF$7)*OFFSET(ORÇAMENTO!$W$15,ROW(AE72)-ROW(AE$15),0),15-13*ORÇAMENTO!$AF$11)),\n         0)","v":0},{"$f":"IF(AND($D72=\"Serviço\",AF$12<>0,$H72>0,OR(AUTOEVENTO<>\"manual\",$M72<>$A$15)),\n        IF(Import.TipoArredondamento<>\"TransfereGOV\",\n              ROUND(OFFSET($P72,0,AF$13),15-13*ORÇAMENTO!$AF$7)/$H72*OFFSET(ORÇAMENTO!$X$15,ROW(AF72)-ROW(AF$15),0),\n              ROUND(ROUND(OFFSET($P72,0,AF$13),15-13*ORÇAMENTO!$AF$7)*OFFSET(ORÇAMENTO!$W$15,ROW(AF72)-ROW(AF$15),0),15-13*ORÇAMENTO!$AF$11)),\n         0)","v":0},{"$f":"IF(AND($D72=\"Serviço\",AG$12<>0,$H72>0,OR(AUTOEVENTO<>\"manual\",$M72<>$A$15)),\n        IF(Import.TipoArredondamento<>\"TransfereGOV\",\n              ROUND(OFFSET($P72,0,AG$13),15-13*ORÇAMENTO!$AF$7)/$H72*OFFSET(ORÇAMENTO!$X$15,ROW(AG72)-ROW(AG$15),0),\n              ROUND(ROUND(OFFSET($P72,0,AG$13),15-13*ORÇAMENTO!$AF$7)*OFFSET(ORÇAMENTO!$W$15,ROW(AG72)-ROW(AG$15),0),15-13*ORÇAMENTO!$AF$11)),\n         0)","v":0},{"$f":"IF(AND($D72=\"Serviço\",AH$12<>0,$H72>0,OR(AUTOEVENTO<>\"manual\",$M72<>$A$15)),\n        IF(Import.TipoArredondamento<>\"TransfereGOV\",\n              ROUND(OFFSET($P72,0,AH$13),15-13*ORÇAMENTO!$AF$7)/$H72*OFFSET(ORÇAMENTO!$X$15,ROW(AH72)-ROW(AH$15),0),\n              ROUND(ROUND(OFFSET($P72,0,AH$13),15-13*ORÇAMENTO!$AF$7)*OFFSET(ORÇAMENTO!$W$15,ROW(AH72)-ROW(AH$15),0),15-13*ORÇAMENTO!$AF$11)),\n         0)","v":0},{"$f":"IF(AND($D72=\"Serviço\",AI$12<>0,$H72>0,OR(AUTOEVENTO<>\"manual\",$M72<>$A$15)),\n        IF(Import.TipoArredondamento<>\"TransfereGOV\",\n              ROUND(OFFSET($P72,0,AI$13),15-13*ORÇAMENTO!$AF$7)/$H72*OFFSET(ORÇAMENTO!$X$15,ROW(AI72)-ROW(AI$15),0),\n              ROUND(ROUND(OFFSET($P72,0,AI$13),15-13*ORÇAMENTO!$AF$7)*OFFSET(ORÇAMENTO!$W$15,ROW(AI72)-ROW(AI$15),0),15-13*ORÇAMENTO!$AF$11)),\n         0)","v":0},{"$f":"IF(AND($D72=\"Serviço\",AJ$12<>0,$H72>0,OR(AUTOEVENTO<>\"manual\",$M72<>$A$15)),\n        IF(Import.TipoArredondamento<>\"TransfereGOV\",\n              ROUND(OFFSET($P72,0,AJ$13),15-13*ORÇAMENTO!$AF$7)/$H72*OFFSET(ORÇAMENTO!$X$15,ROW(AJ72)-ROW(AJ$15),0),\n              ROUND(ROUND(OFFSET($P72,0,AJ$13),15-13*ORÇAMENTO!$AF$7)*OFFSET(ORÇAMENTO!$W$15,ROW(AJ72)-ROW(AJ$15),0),15-13*ORÇAMENTO!$AF$11)),\n         0)","v":0},{"$f":"IF(AND($D72=\"Serviço\",AK$12<>0,$H72>0,OR(AUTOEVENTO<>\"manual\",$M72<>$A$15)),\n        IF(Import.TipoArredondamento<>\"TransfereGOV\",\n              ROUND(OFFSET($P72,0,AK$13),15-13*ORÇAMENTO!$AF$7)/$H72*OFFSET(ORÇAMENTO!$X$15,ROW(AK72)-ROW(AK$15),0),\n              ROUND(ROUND(OFFSET($P72,0,AK$13),15-13*ORÇAMENTO!$AF$7)*OFFSET(ORÇAMENTO!$W$15,ROW(AK72)-ROW(AK$15),0),15-13*ORÇAMENTO!$AF$11)),\n         0)","v":0},null,{"$f":"IF(OR($D72<>\"Serviço\",AND(AUTOEVENTO=\"Manual\",$M72=$A$15)),0,\n         IF(OFFSET(CRONOPLE!$F$15,$M72-$A$15,AM$13)=0,10^12,OFFSET(CRONOPLE!$F$15,$M72-$A$15,AM$13)))","v":1},{"$f":"IF(OR($D72<>\"Serviço\",AND(AUTOEVENTO=\"Manual\",$M72=$A$15)),0,\n         IF(OFFSET(CRONOPLE!$F$15,$M72-$A$15,AN$13)=0,10^12,OFFSET(CRONOPLE!$F$15,$M72-$A$15,AN$13)))","v":2},{"$f":"IF(OR($D72<>\"Serviço\",AND(AUTOEVENTO=\"Manual\",$M72=$A$15)),0,\n         IF(OFFSET(CRONOPLE!$F$15,$M72-$A$15,AO$13)=0,10^12,OFFSET(CRONOPLE!$F$15,$M72-$A$15,AO$13)))","v":1000000000000},{"$f":"IF(OR($D72<>\"Serviço\",AND(AUTOEVENTO=\"Manual\",$M72=$A$15)),0,\n         IF(OFFSET(CRONOPLE!$F$15,$M72-$A$15,AP$13)=0,10^12,OFFSET(CRONOPLE!$F$15,$M72-$A$15,AP$13)))","v":1000000000000},{"$f":"IF(OR($D72<>\"Serviço\",AND(AUTOEVENTO=\"Manual\",$M72=$A$15)),0,\n         IF(OFFSET(CRONOPLE!$F$15,$M72-$A$15,AQ$13)=0,10^12,OFFSET(CRONOPLE!$F$15,$M72-$A$15,AQ$13)))","v":1000000000000},{"$f":"IF(OR($D72<>\"Serviço\",AND(AUTOEVENTO=\"Manual\",$M72=$A$15)),0,\n         IF(OFFSET(CRONOPLE!$F$15,$M72-$A$15,AR$13)=0,10^12,OFFSET(CRONOPLE!$F$15,$M72-$A$15,AR$13)))","v":1000000000000},{"$f":"IF(OR($D72<>\"Serviço\",AND(AUTOEVENTO=\"Manual\",$M72=$A$15)),0,\n         IF(OFFSET(CRONOPLE!$F$15,$M72-$A$15,AS$13)=0,10^12,OFFSET(CRONOPLE!$F$15,$M72-$A$15,AS$13)))","v":1000000000000},{"$f":"IF(OR($D72<>\"Serviço\",AND(AUTOEVENTO=\"Manual\",$M72=$A$15)),0,\n         IF(OFFSET(CRONOPLE!$F$15,$M72-$A$15,AT$13)=0,10^12,OFFSET(CRONOPLE!$F$15,$M72-$A$15,AT$13)))","v":1000000000000},{"$f":"IF(OR($D72<>\"Serviço\",AND(AUTOEVENTO=\"Manual\",$M72=$A$15)),0,\n         IF(OFFSET(CRONOPLE!$F$15,$M72-$A$15,AU$13)=0,10^12,OFFSET(CRONOPLE!$F$15,$M72-$A$15,AU$13)))","v":1000000000000},{"$f":"IF(OR($D72<>\"Serviço\",AND(AUTOEVENTO=\"Manual\",$M72=$A$15)),0,\n         IF(OFFSET(CRONOPLE!$F$15,$M72-$A$15,AV$13)=0,10^12,OFFSET(CRONOPLE!$F$15,$M72-$A$15,AV$13)))","v":1000000000000},null,{"$f":"IF(OR($D72<>\"Serviço\",AND(AUTOEVENTO=\"Manual\",$M72=$A$15),$M72>(ROW(PLE.lastrow)-ROW(PLE.firstrow))),0,\n           IF(OFFSET(PLE!$G$15,$M72-$A$15,AX$13)=\"\",10^12,OFFSET(PLE!$G$15,$M72-$A$15,AX$13)))","v":1000000000000},{"$f":"IF(OR($D72<>\"Serviço\",AND(AUTOEVENTO=\"Manual\",$M72=$A$15),$M72>(ROW(PLE.lastrow)-ROW(PLE.firstrow))),0,\n           IF(OFFSET(PLE!$G$15,$M72-$A$15,AY$13)=\"\",10^12,OFFSET(PLE!$G$15,$M72-$A$15,AY$13)))","v":1000000000000},{"$f":"IF(OR($D72<>\"Serviço\",AND(AUTOEVENTO=\"Manual\",$M72=$A$15),$M72>(ROW(PLE.lastrow)-ROW(PLE.firstrow))),0,\n           IF(OFFSET(PLE!$G$15,$M72-$A$15,AZ$13)=\"\",10^12,OFFSET(PLE!$G$15,$M72-$A$15,AZ$13)))","v":1000000000000},{"$f":"IF(OR($D72<>\"Serviço\",AND(AUTOEVENTO=\"Manual\",$M72=$A$15),$M72>(ROW(PLE.lastrow)-ROW(PLE.firstrow))),0,\n           IF(OFFSET(PLE!$G$15,$M72-$A$15,BA$13)=\"\",10^12,OFFSET(PLE!$G$15,$M72-$A$15,BA$13)))","v":1000000000000},{"$f":"IF(OR($D72<>\"Serviço\",AND(AUTOEVENTO=\"Manual\",$M72=$A$15),$M72>(ROW(PLE.lastrow)-ROW(PLE.firstrow))),0,\n           IF(OFFSET(PLE!$G$15,$M72-$A$15,BB$13)=\"\",10^12,OFFSET(PLE!$G$15,$M72-$A$15,BB$13)))","v":1000000000000},{"$f":"IF(OR($D72<>\"Serviço\",AND(AUTOEVENTO=\"Manual\",$M72=$A$15),$M72>(ROW(PLE.lastrow)-ROW(PLE.firstrow))),0,\n           IF(OFFSET(PLE!$G$15,$M72-$A$15,BC$13)=\"\",10^12,OFFSET(PLE!$G$15,$M72-$A$15,BC$13)))","v":1000000000000},{"$f":"IF(OR($D72<>\"Serviço\",AND(AUTOEVENTO=\"Manual\",$M72=$A$15),$M72>(ROW(PLE.lastrow)-ROW(PLE.firstrow))),0,\n           IF(OFFSET(PLE!$G$15,$M72-$A$15,BD$13)=\"\",10^12,OFFSET(PLE!$G$15,$M72-$A$15,BD$13)))","v":1000000000000},{"$f":"IF(OR($D72<>\"Serviço\",AND(AUTOEVENTO=\"Manual\",$M72=$A$15),$M72>(ROW(PLE.lastrow)-ROW(PLE.firstrow))),0,\n           IF(OFFSET(PLE!$G$15,$M72-$A$15,BE$13)=\"\",10^12,OFFSET(PLE!$G$15,$M72-$A$15,BE$13)))","v":1000000000000},{"$f":"IF(OR($D72<>\"Serviço\",AND(AUTOEVENTO=\"Manual\",$M72=$A$15),$M72>(ROW(PLE.lastrow)-ROW(PLE.firstrow))),0,\n           IF(OFFSET(PLE!$G$15,$M72-$A$15,BF$13)=\"\",10^12,OFFSET(PLE!$G$15,$M72-$A$15,BF$13)))","v":1000000000000},{"$f":"IF(OR($D72<>\"Serviço\",AND(AUTOEVENTO=\"Manual\",$M72=$A$15),$M72>(ROW(PLE.lastrow)-ROW(PLE.firstrow))),0,\n           IF(OFFSET(PLE!$G$15,$M72-$A$15,BG$13)=\"\",10^12,OFFSET(PLE!$G$15,$M72-$A$15,BG$13)))","v":1000000000000}]
["10",{"$f":"OFFSET(ORÇAMENTO!C$15,ROW(B73)-ROW(B$15),0)","v":"S"},{"$f":"OFFSET(ORÇAMENTO!L$15,ROW(C73)-ROW(C$15),0)","v":""},{"$f":"OFFSET(ORÇAMENTO!N$15,ROW(D73)-ROW(D$15),0)","v":"Serviço"},{"$f":"OFFSET(ORÇAMENTO!O$15,ROW(E73)-ROW(E$15),0)","v":"-"},{"$f":"OFFSET(ORÇAMENTO!R$15,ROW(F73)-ROW(F$15),0)","v":"(Sem Código)"},{"$f":"IF($D73<>\"Serviço\",\"\",OFFSET(ORÇAMENTO!S$15,ROW(G73)-ROW(G$15),0))","v":"-"},{"$f":"IF($D73<>\"Serviço\",0,IF(ACOMPANHAMENTO=\"BM\",ROUND(OFFSET(ORÇAMENTO!AJ$15,ROW(H73)-ROW(H$15),0),15-13*ORÇAMENTO!$AF$7),SUMPRODUCT(($Q$1:$AA$1=1)*ROUND($Q73:$AA73,15-13*ORÇAMENTO!$AF$7))))","v":0},null,{"$f":"IF(OR(B73<>\"S\",CÁLCULO.FrentesPreenchidas=0),\"\",IF(AND(ACOMPANHAMENTO=\"PLE\",AUTOEVENTO=\"Manual\",OR(H73>0,ORÇAMENTO!AC73=\"QUANT.\"),OR(K73=\"\",M73=0,N73=\"\")),\"►E\",IF(AND(ACOMPANHAMENTO=\"PLE\",ORÇAMENTO!AC73=\"QUANT.\"),\"►Q\",IF(AND(ACOMPANHAMENTO=\"PLE\",H73<>SUMPRODUCT(($Q$1:$AA$1=1)*ROUND(Q73:AA73,15))),\"►S\",IF(AND(COUNTIF($P$11:$AA$11,\"▼\")=0,H73>0,I73=\"\"),\"◄M\",\"\")))))","v":{"$error":"#NAME?"}},null,".",{"$f":"IF($D73<>\"Serviço\",\"\",\n          IF(AUTOEVENTO=\"manual\",$A73,\n                IF(ISERROR(MATCH($A73,$A$15:OFFSET($A73,-1,0),0)),MAX($M$15:OFFSET(M73,-1,0))+1,\n                      INDEX($M$15:OFFSET(M73,-1,0),MATCH($A73,$A$15:OFFSET($A73,-1,0),0)))))","v":2},{"$f":"IF($D73<>\"Serviço\",\"\",\n         IF(AUTOEVENTO=\"Manual\",\n                IF($A73=0,\"<-- defina o número do agrupador\",\n                       OFFSET(EVENTOS!$D$15,$A73-$A$15,0)),\n                OFFSET($F$15,$A73,0)))","v":"REDE DE DISTRUIBUIÇÃO"},null,null,null,null,null,null,null,null,null,null,null,null,null,{"$f":"IF(AND($D73=\"Serviço\",AB$12<>0,$H73>0,OR(AUTOEVENTO<>\"manual\",$M73<>$A$15)),\n        IF(Import.TipoArredondamento<>\"TransfereGOV\",\n              ROUND(OFFSET($P73,0,AB$13),15-13*ORÇAMENTO!$AF$7)/$H73*OFFSET(ORÇAMENTO!$X$15,ROW(AB73)-ROW(AB$15),0),\n              ROUND(ROUND(OFFSET($P73,0,AB$13),15-13*ORÇAMENTO!$AF$7)*OFFSET(ORÇAMENTO!$W$15,ROW(AB73)-ROW(AB$15),0),15-13*ORÇAMENTO!$AF$11)),\n         0)","v":0},{"$f":"IF(AND($D73=\"Serviço\",AC$12<>0,$H73>0,OR(AUTOEVENTO<>\"manual\",$M73<>$A$15)),\n        IF(Import.TipoArredondamento<>\"TransfereGOV\",\n              ROUND(OFFSET($P73,0,AC$13),15-13*ORÇAMENTO!$AF$7)/$H73*OFFSET(ORÇAMENTO!$X$15,ROW(AC73)-ROW(AC$15),0),\n              ROUND(ROUND(OFFSET($P73,0,AC$13),15-13*ORÇAMENTO!$AF$7)*OFFSET(ORÇAMENTO!$W$15,ROW(AC73)-ROW(AC$15),0),15-13*ORÇAMENTO!$AF$11)),\n         0)","v":0},{"$f":"IF(AND($D73=\"Serviço\",AD$12<>0,$H73>0,OR(AUTOEVENTO<>\"manual\",$M73<>$A$15)),\n        IF(Import.TipoArredondamento<>\"TransfereGOV\",\n              ROUND(OFFSET($P73,0,AD$13),15-13*ORÇAMENTO!$AF$7)/$H73*OFFSET(ORÇAMENTO!$X$15,ROW(AD73)-ROW(AD$15),0),\n              ROUND(ROUND(OFFSET($P73,0,AD$13),15-13*ORÇAMENTO!$AF$7)*OFFSET(ORÇAMENTO!$W$15,ROW(AD73)-ROW(AD$15),0),15-13*ORÇAMENTO!$AF$11)),\n         0)","v":0},{"$f":"IF(AND($D73=\"Serviço\",AE$12<>0,$H73>0,OR(AUTOEVENTO<>\"manual\",$M73<>$A$15)),\n        IF(Import.TipoArredondamento<>\"TransfereGOV\",\n              ROUND(OFFSET($P73,0,AE$13),15-13*ORÇAMENTO!$AF$7)/$H73*OFFSET(ORÇAMENTO!$X$15,ROW(AE73)-ROW(AE$15),0),\n              ROUND(ROUND(OFFSET($P73,0,AE$13),15-13*ORÇAMENTO!$AF$7)*OFFSET(ORÇAMENTO!$W$15,ROW(AE73)-ROW(AE$15),0),15-13*ORÇAMENTO!$AF$11)),\n         0)","v":0},{"$f":"IF(AND($D73=\"Serviço\",AF$12<>0,$H73>0,OR(AUTOEVENTO<>\"manual\",$M73<>$A$15)),\n        IF(Import.TipoArredondamento<>\"TransfereGOV\",\n              ROUND(OFFSET($P73,0,AF$13),15-13*ORÇAMENTO!$AF$7)/$H73*OFFSET(ORÇAMENTO!$X$15,ROW(AF73)-ROW(AF$15),0),\n              ROUND(ROUND(OFFSET($P73,0,AF$13),15-13*ORÇAMENTO!$AF$7)*OFFSET(ORÇAMENTO!$W$15,ROW(AF73)-ROW(AF$15),0),15-13*ORÇAMENTO!$AF$11)),\n         0)","v":0},{"$f":"IF(AND($D73=\"Serviço\",AG$12<>0,$H73>0,OR(AUTOEVENTO<>\"manual\",$M73<>$A$15)),\n        IF(Import.TipoArredondamento<>\"TransfereGOV\",\n              ROUND(OFFSET($P73,0,AG$13),15-13*ORÇAMENTO!$AF$7)/$H73*OFFSET(ORÇAMENTO!$X$15,ROW(AG73)-ROW(AG$15),0),\n              ROUND(ROUND(OFFSET($P73,0,AG$13),15-13*ORÇAMENTO!$AF$7)*OFFSET(ORÇAMENTO!$W$15,ROW(AG73)-ROW(AG$15),0),15-13*ORÇAMENTO!$AF$11)),\n         0)","v":0},{"$f":"IF(AND($D73=\"Serviço\",AH$12<>0,$H73>0,OR(AUTOEVENTO<>\"manual\",$M73<>$A$15)),\n        IF(Import.TipoArredondamento<>\"TransfereGOV\",\n              ROUND(OFFSET($P73,0,AH$13),15-13*ORÇAMENTO!$AF$7)/$H73*OFFSET(ORÇAMENTO!$X$15,ROW(AH73)-ROW(AH$15),0),\n              ROUND(ROUND(OFFSET($P73,0,AH$13),15-13*ORÇAMENTO!$AF$7)*OFFSET(ORÇAMENTO!$W$15,ROW(AH73)-ROW(AH$15),0),15-13*ORÇAMENTO!$AF$11)),\n         0)","v":0},{"$f":"IF(AND($D73=\"Serviço\",AI$12<>0,$H73>0,OR(AUTOEVENTO<>\"manual\",$M73<>$A$15)),\n        IF(Import.TipoArredondamento<>\"TransfereGOV\",\n              ROUND(OFFSET($P73,0,AI$13),15-13*ORÇAMENTO!$AF$7)/$H73*OFFSET(ORÇAMENTO!$X$15,ROW(AI73)-ROW(AI$15),0),\n              ROUND(ROUND(OFFSET($P73,0,AI$13),15-13*ORÇAMENTO!$AF$7)*OFFSET(ORÇAMENTO!$W$15,ROW(AI73)-ROW(AI$15),0),15-13*ORÇAMENTO!$AF$11)),\n         0)","v":0},{"$f":"IF(AND($D73=\"Serviço\",AJ$12<>0,$H73>0,OR(AUTOEVENTO<>\"manual\",$M73<>$A$15)),\n        IF(Import.TipoArredondamento<>\"TransfereGOV\",\n              ROUND(OFFSET($P73,0,AJ$13),15-13*ORÇAMENTO!$AF$7)/$H73*OFFSET(ORÇAMENTO!$X$15,ROW(AJ73)-ROW(AJ$15),0),\n              ROUND(ROUND(OFFSET($P73,0,AJ$13),15-13*ORÇAMENTO!$AF$7)*OFFSET(ORÇAMENTO!$W$15,ROW(AJ73)-ROW(AJ$15),0),15-13*ORÇAMENTO!$AF$11)),\n         0)","v":0},{"$f":"IF(AND($D73=\"Serviço\",AK$12<>0,$H73>0,OR(AUTOEVENTO<>\"manual\",$M73<>$A$15)),\n        IF(Import.TipoArredondamento<>\"TransfereGOV\",\n              ROUND(OFFSET($P73,0,AK$13),15-13*ORÇAMENTO!$AF$7)/$H73*OFFSET(ORÇAMENTO!$X$15,ROW(AK73)-ROW(AK$15),0),\n              ROUND(ROUND(OFFSET($P73,0,AK$13),15-13*ORÇAMENTO!$AF$7)*OFFSET(ORÇAMENTO!$W$15,ROW(AK73)-ROW(AK$15),0),15-13*ORÇAMENTO!$AF$11)),\n         0)","v":0},null,{"$f":"IF(OR($D73<>\"Serviço\",AND(AUTOEVENTO=\"Manual\",$M73=$A$15)),0,\n         IF(OFFSET(CRONOPLE!$F$15,$M73-$A$15,AM$13)=0,10^12,OFFSET(CRONOPLE!$F$15,$M73-$A$15,AM$13)))","v":1},{"$f":"IF(OR($D73<>\"Serviço\",AND(AUTOEVENTO=\"Manual\",$M73=$A$15)),0,\n         IF(OFFSET(CRONOPLE!$F$15,$M73-$A$15,AN$13)=0,10^12,OFFSET(CRONOPLE!$F$15,$M73-$A$15,AN$13)))","v":2},{"$f":"IF(OR($D73<>\"Serviço\",AND(AUTOEVENTO=\"Manual\",$M73=$A$15)),0,\n         IF(OFFSET(CRONOPLE!$F$15,$M73-$A$15,AO$13)=0,10^12,OFFSET(CRONOPLE!$F$15,$M73-$A$15,AO$13)))","v":1000000000000},{"$f":"IF(OR($D73<>\"Serviço\",AND(AUTOEVENTO=\"Manual\",$M73=$A$15)),0,\n         IF(OFFSET(CRONOPLE!$F$15,$M73-$A$15,AP$13)=0,10^12,OFFSET(CRONOPLE!$F$15,$M73-$A$15,AP$13)))","v":1000000000000},{"$f":"IF(OR($D73<>\"Serviço\",AND(AUTOEVENTO=\"Manual\",$M73=$A$15)),0,\n         IF(OFFSET(CRONOPLE!$F$15,$M73-$A$15,AQ$13)=0,10^12,OFFSET(CRONOPLE!$F$15,$M73-$A$15,AQ$13)))","v":1000000000000},{"$f":"IF(OR($D73<>\"Serviço\",AND(AUTOEVENTO=\"Manual\",$M73=$A$15)),0,\n         IF(OFFSET(CRONOPLE!$F$15,$M73-$A$15,AR$13)=0,10^12,OFFSET(CRONOPLE!$F$15,$M73-$A$15,AR$13)))","v":1000000000000},{"$f":"IF(OR($D73<>\"Serviço\",AND(AUTOEVENTO=\"Manual\",$M73=$A$15)),0,\n         IF(OFFSET(CRONOPLE!$F$15,$M73-$A$15,AS$13)=0,10^12,OFFSET(CRONOPLE!$F$15,$M73-$A$15,AS$13)))","v":1000000000000},{"$f":"IF(OR($D73<>\"Serviço\",AND(AUTOEVENTO=\"Manual\",$M73=$A$15)),0,\n         IF(OFFSET(CRONOPLE!$F$15,$M73-$A$15,AT$13)=0,10^12,OFFSET(CRONOPLE!$F$15,$M73-$A$15,AT$13)))","v":1000000000000},{"$f":"IF(OR($D73<>\"Serviço\",AND(AUTOEVENTO=\"Manual\",$M73=$A$15)),0,\n         IF(OFFSET(CRONOPLE!$F$15,$M73-$A$15,AU$13)=0,10^12,OFFSET(CRONOPLE!$F$15,$M73-$A$15,AU$13)))","v":1000000000000},{"$f":"IF(OR($D73<>\"Serviço\",AND(AUTOEVENTO=\"Manual\",$M73=$A$15)),0,\n         IF(OFFSET(CRONOPLE!$F$15,$M73-$A$15,AV$13)=0,10^12,OFFSET(CRONOPLE!$F$15,$M73-$A$15,AV$13)))","v":1000000000000},null,{"$f":"IF(OR($D73<>\"Serviço\",AND(AUTOEVENTO=\"Manual\",$M73=$A$15),$M73>(ROW(PLE.lastrow)-ROW(PLE.firstrow))),0,\n           IF(OFFSET(PLE!$G$15,$M73-$A$15,AX$13)=\"\",10^12,OFFSET(PLE!$G$15,$M73-$A$15,AX$13)))","v":1000000000000},{"$f":"IF(OR($D73<>\"Serviço\",AND(AUTOEVENTO=\"Manual\",$M73=$A$15),$M73>(ROW(PLE.lastrow)-ROW(PLE.firstrow))),0,\n           IF(OFFSET(PLE!$G$15,$M73-$A$15,AY$13)=\"\",10^12,OFFSET(PLE!$G$15,$M73-$A$15,AY$13)))","v":1000000000000},{"$f":"IF(OR($D73<>\"Serviço\",AND(AUTOEVENTO=\"Manual\",$M73=$A$15),$M73>(ROW(PLE.lastrow)-ROW(PLE.firstrow))),0,\n           IF(OFFSET(PLE!$G$15,$M73-$A$15,AZ$13)=\"\",10^12,OFFSET(PLE!$G$15,$M73-$A$15,AZ$13)))","v":1000000000000},{"$f":"IF(OR($D73<>\"Serviço\",AND(AUTOEVENTO=\"Manual\",$M73=$A$15),$M73>(ROW(PLE.lastrow)-ROW(PLE.firstrow))),0,\n           IF(OFFSET(PLE!$G$15,$M73-$A$15,BA$13)=\"\",10^12,OFFSET(PLE!$G$15,$M73-$A$15,BA$13)))","v":1000000000000},{"$f":"IF(OR($D73<>\"Serviço\",AND(AUTOEVENTO=\"Manual\",$M73=$A$15),$M73>(ROW(PLE.lastrow)-ROW(PLE.firstrow))),0,\n           IF(OFFSET(PLE!$G$15,$M73-$A$15,BB$13)=\"\",10^12,OFFSET(PLE!$G$15,$M73-$A$15,BB$13)))","v":1000000000000},{"$f":"IF(OR($D73<>\"Serviço\",AND(AUTOEVENTO=\"Manual\",$M73=$A$15),$M73>(ROW(PLE.lastrow)-ROW(PLE.firstrow))),0,\n           IF(OFFSET(PLE!$G$15,$M73-$A$15,BC$13)=\"\",10^12,OFFSET(PLE!$G$15,$M73-$A$15,BC$13)))","v":1000000000000},{"$f":"IF(OR($D73<>\"Serviço\",AND(AUTOEVENTO=\"Manual\",$M73=$A$15),$M73>(ROW(PLE.lastrow)-ROW(PLE.firstrow))),0,\n           IF(OFFSET(PLE!$G$15,$M73-$A$15,BD$13)=\"\",10^12,OFFSET(PLE!$G$15,$M73-$A$15,BD$13)))","v":1000000000000},{"$f":"IF(OR($D73<>\"Serviço\",AND(AUTOEVENTO=\"Manual\",$M73=$A$15),$M73>(ROW(PLE.lastrow)-ROW(PLE.firstrow))),0,\n           IF(OFFSET(PLE!$G$15,$M73-$A$15,BE$13)=\"\",10^12,OFFSET(PLE!$G$15,$M73-$A$15,BE$13)))","v":1000000000000},{"$f":"IF(OR($D73<>\"Serviço\",AND(AUTOEVENTO=\"Manual\",$M73=$A$15),$M73>(ROW(PLE.lastrow)-ROW(PLE.firstrow))),0,\n           IF(OFFSET(PLE!$G$15,$M73-$A$15,BF$13)=\"\",10^12,OFFSET(PLE!$G$15,$M73-$A$15,BF$13)))","v":1000000000000},{"$f":"IF(OR($D73<>\"Serviço\",AND(AUTOEVENTO=\"Manual\",$M73=$A$15),$M73>(ROW(PLE.lastrow)-ROW(PLE.firstrow))),0,\n           IF(OFFSET(PLE!$G$15,$M73-$A$15,BG$13)=\"\",10^12,OFFSET(PLE!$G$15,$M73-$A$15,BG$13)))","v":1000000000000}]
["10",{"$f":"OFFSET(ORÇAMENTO!C$15,ROW(B74)-ROW(B$15),0)","v":"S"},{"$f":"OFFSET(ORÇAMENTO!L$15,ROW(C74)-ROW(C$15),0)","v":""},{"$f":"OFFSET(ORÇAMENTO!N$15,ROW(D74)-ROW(D$15),0)","v":"Serviço"},{"$f":"OFFSET(ORÇAMENTO!O$15,ROW(E74)-ROW(E$15),0)","v":"-"},{"$f":"OFFSET(ORÇAMENTO!R$15,ROW(F74)-ROW(F$15),0)","v":"(Sem Código)"},{"$f":"IF($D74<>\"Serviço\",\"\",OFFSET(ORÇAMENTO!S$15,ROW(G74)-ROW(G$15),0))","v":"-"},{"$f":"IF($D74<>\"Serviço\",0,IF(ACOMPANHAMENTO=\"BM\",ROUND(OFFSET(ORÇAMENTO!AJ$15,ROW(H74)-ROW(H$15),0),15-13*ORÇAMENTO!$AF$7),SUMPRODUCT(($Q$1:$AA$1=1)*ROUND($Q74:$AA74,15-13*ORÇAMENTO!$AF$7))))","v":0},null,{"$f":"IF(OR(B74<>\"S\",CÁLCULO.FrentesPreenchidas=0),\"\",IF(AND(ACOMPANHAMENTO=\"PLE\",AUTOEVENTO=\"Manual\",OR(H74>0,ORÇAMENTO!AC74=\"QUANT.\"),OR(K74=\"\",M74=0,N74=\"\")),\"►E\",IF(AND(ACOMPANHAMENTO=\"PLE\",ORÇAMENTO!AC74=\"QUANT.\"),\"►Q\",IF(AND(ACOMPANHAMENTO=\"PLE\",H74<>SUMPRODUCT(($Q$1:$AA$1=1)*ROUND(Q74:AA74,15))),\"►S\",IF(AND(COUNTIF($P$11:$AA$11,\"▼\")=0,H74>0,I74=\"\"),\"◄M\",\"\")))))","v":{"$error":"#NAME?"}},null,".",{"$f":"IF($D74<>\"Serviço\",\"\",\n          IF(AUTOEVENTO=\"manual\",$A74,\n                IF(ISERROR(MATCH($A74,$A$15:OFFSET($A74,-1,0),0)),MAX($M$15:OFFSET(M74,-1,0))+1,\n                      INDEX($M$15:OFFSET(M74,-1,0),MATCH($A74,$A$15:OFFSET($A74,-1,0),0)))))","v":2},{"$f":"IF($D74<>\"Serviço\",\"\",\n         IF(AUTOEVENTO=\"Manual\",\n                IF($A74=0,\"<-- defina o número do agrupador\",\n                       OFFSET(EVENTOS!$D$15,$A74-$A$15,0)),\n                OFFSET($F$15,$A74,0)))","v":"REDE DE DISTRUIBUIÇÃO"},null,null,null,null,null,null,null,null,null,null,null,null,null,{"$f":"IF(AND($D74=\"Serviço\",AB$12<>0,$H74>0,OR(AUTOEVENTO<>\"manual\",$M74<>$A$15)),\n        IF(Import.TipoArredondamento<>\"TransfereGOV\",\n              ROUND(OFFSET($P74,0,AB$13),15-13*ORÇAMENTO!$AF$7)/$H74*OFFSET(ORÇAMENTO!$X$15,ROW(AB74)-ROW(AB$15),0),\n              ROUND(ROUND(OFFSET($P74,0,AB$13),15-13*ORÇAMENTO!$AF$7)*OFFSET(ORÇAMENTO!$W$15,ROW(AB74)-ROW(AB$15),0),15-13*ORÇAMENTO!$AF$11)),\n         0)","v":0},{"$f":"IF(AND($D74=\"Serviço\",AC$12<>0,$H74>0,OR(AUTOEVENTO<>\"manual\",$M74<>$A$15)),\n        IF(Import.TipoArredondamento<>\"TransfereGOV\",\n              ROUND(OFFSET($P74,0,AC$13),15-13*ORÇAMENTO!$AF$7)/$H74*OFFSET(ORÇAMENTO!$X$15,ROW(AC74)-ROW(AC$15),0),\n              ROUND(ROUND(OFFSET($P74,0,AC$13),15-13*ORÇAMENTO!$AF$7)*OFFSET(ORÇAMENTO!$W$15,ROW(AC74)-ROW(AC$15),0),15-13*ORÇAMENTO!$AF$11)),\n         0)","v":0},{"$f":"IF(AND($D74=\"Serviço\",AD$12<>0,$H74>0,OR(AUTOEVENTO<>\"manual\",$M74<>$A$15)),\n        IF(Import.TipoArredondamento<>\"TransfereGOV\",\n              ROUND(OFFSET($P74,0,AD$13),15-13*ORÇAMENTO!$AF$7)/$H74*OFFSET(ORÇAMENTO!$X$15,ROW(AD74)-ROW(AD$15),0),\n              ROUND(ROUND(OFFSET($P74,0,AD$13),15-13*ORÇAMENTO!$AF$7)*OFFSET(ORÇAMENTO!$W$15,ROW(AD74)-ROW(AD$15),0),15-13*ORÇAMENTO!$AF$11)),\n         0)","v":0},{"$f":"IF(AND($D74=\"Serviço\",AE$12<>0,$H74>0,OR(AUTOEVENTO<>\"manual\",$M74<>$A$15)),\n        IF(Import.TipoArredondamento<>\"TransfereGOV\",\n              ROUND(OFFSET($P74,0,AE$13),15-13*ORÇAMENTO!$AF$7)/$H74*OFFSET(ORÇAMENTO!$X$15,ROW(AE74)-ROW(AE$15),0),\n              ROUND(ROUND(OFFSET($P74,0,AE$13),15-13*ORÇAMENTO!$AF$7)*OFFSET(ORÇAMENTO!$W$15,ROW(AE74)-ROW(AE$15),0),15-13*ORÇAMENTO!$AF$11)),\n         0)","v":0},{"$f":"IF(AND($D74=\"Serviço\",AF$12<>0,$H74>0,OR(AUTOEVENTO<>\"manual\",$M74<>$A$15)),\n        IF(Import.TipoArredondamento<>\"TransfereGOV\",\n              ROUND(OFFSET($P74,0,AF$13),15-13*ORÇAMENTO!$AF$7)/$H74*OFFSET(ORÇAMENTO!$X$15,ROW(AF74)-ROW(AF$15),0),\n              ROUND(ROUND(OFFSET($P74,0,AF$13),15-13*ORÇAMENTO!$AF$7)*OFFSET(ORÇAMENTO!$W$15,ROW(AF74)-ROW(AF$15),0),15-13*ORÇAMENTO!$AF$11)),\n         0)","v":0},{"$f":"IF(AND($D74=\"Serviço\",AG$12<>0,$H74>0,OR(AUTOEVENTO<>\"manual\",$M74<>$A$15)),\n        IF(Import.TipoArredondamento<>\"TransfereGOV\",\n              ROUND(OFFSET($P74,0,AG$13),15-13*ORÇAMENTO!$AF$7)/$H74*OFFSET(ORÇAMENTO!$X$15,ROW(AG74)-ROW(AG$15),0),\n              ROUND(ROUND(OFFSET($P74,0,AG$13),15-13*ORÇAMENTO!$AF$7)*OFFSET(ORÇAMENTO!$W$15,ROW(AG74)-ROW(AG$15),0),15-13*ORÇAMENTO!$AF$11)),\n         0)","v":0},{"$f":"IF(AND($D74=\"Serviço\",AH$12<>0,$H74>0,OR(AUTOEVENTO<>\"manual\",$M74<>$A$15)),\n        IF(Import.TipoArredondamento<>\"TransfereGOV\",\n              ROUND(OFFSET($P74,0,AH$13),15-13*ORÇAMENTO!$AF$7)/$H74*OFFSET(ORÇAMENTO!$X$15,ROW(AH74)-ROW(AH$15),0),\n              ROUND(ROUND(OFFSET($P74,0,AH$13),15-13*ORÇAMENTO!$AF$7)*OFFSET(ORÇAMENTO!$W$15,ROW(AH74)-ROW(AH$15),0),15-13*ORÇAMENTO!$AF$11)),\n         0)","v":0},{"$f":"IF(AND($D74=\"Serviço\",AI$12<>0,$H74>0,OR(AUTOEVENTO<>\"manual\",$M74<>$A$15)),\n        IF(Import.TipoArredondamento<>\"TransfereGOV\",\n              ROUND(OFFSET($P74,0,AI$13),15-13*ORÇAMENTO!$AF$7)/$H74*OFFSET(ORÇAMENTO!$X$15,ROW(AI74)-ROW(AI$15),0),\n              ROUND(ROUND(OFFSET($P74,0,AI$13),15-13*ORÇAMENTO!$AF$7)*OFFSET(ORÇAMENTO!$W$15,ROW(AI74)-ROW(AI$15),0),15-13*ORÇAMENTO!$AF$11)),\n         0)","v":0},{"$f":"IF(AND($D74=\"Serviço\",AJ$12<>0,$H74>0,OR(AUTOEVENTO<>\"manual\",$M74<>$A$15)),\n        IF(Import.TipoArredondamento<>\"TransfereGOV\",\n              ROUND(OFFSET($P74,0,AJ$13),15-13*ORÇAMENTO!$AF$7)/$H74*OFFSET(ORÇAMENTO!$X$15,ROW(AJ74)-ROW(AJ$15),0),\n              ROUND(ROUND(OFFSET($P74,0,AJ$13),15-13*ORÇAMENTO!$AF$7)*OFFSET(ORÇAMENTO!$W$15,ROW(AJ74)-ROW(AJ$15),0),15-13*ORÇAMENTO!$AF$11)),\n         0)","v":0},{"$f":"IF(AND($D74=\"Serviço\",AK$12<>0,$H74>0,OR(AUTOEVENTO<>\"manual\",$M74<>$A$15)),\n        IF(Import.TipoArredondamento<>\"TransfereGOV\",\n              ROUND(OFFSET($P74,0,AK$13),15-13*ORÇAMENTO!$AF$7)/$H74*OFFSET(ORÇAMENTO!$X$15,ROW(AK74)-ROW(AK$15),0),\n              ROUND(ROUND(OFFSET($P74,0,AK$13),15-13*ORÇAMENTO!$AF$7)*OFFSET(ORÇAMENTO!$W$15,ROW(AK74)-ROW(AK$15),0),15-13*ORÇAMENTO!$AF$11)),\n         0)","v":0},null,{"$f":"IF(OR($D74<>\"Serviço\",AND(AUTOEVENTO=\"Manual\",$M74=$A$15)),0,\n         IF(OFFSET(CRONOPLE!$F$15,$M74-$A$15,AM$13)=0,10^12,OFFSET(CRONOPLE!$F$15,$M74-$A$15,AM$13)))","v":1},{"$f":"IF(OR($D74<>\"Serviço\",AND(AUTOEVENTO=\"Manual\",$M74=$A$15)),0,\n         IF(OFFSET(CRONOPLE!$F$15,$M74-$A$15,AN$13)=0,10^12,OFFSET(CRONOPLE!$F$15,$M74-$A$15,AN$13)))","v":2},{"$f":"IF(OR($D74<>\"Serviço\",AND(AUTOEVENTO=\"Manual\",$M74=$A$15)),0,\n         IF(OFFSET(CRONOPLE!$F$15,$M74-$A$15,AO$13)=0,10^12,OFFSET(CRONOPLE!$F$15,$M74-$A$15,AO$13)))","v":1000000000000},{"$f":"IF(OR($D74<>\"Serviço\",AND(AUTOEVENTO=\"Manual\",$M74=$A$15)),0,\n         IF(OFFSET(CRONOPLE!$F$15,$M74-$A$15,AP$13)=0,10^12,OFFSET(CRONOPLE!$F$15,$M74-$A$15,AP$13)))","v":1000000000000},{"$f":"IF(OR($D74<>\"Serviço\",AND(AUTOEVENTO=\"Manual\",$M74=$A$15)),0,\n         IF(OFFSET(CRONOPLE!$F$15,$M74-$A$15,AQ$13)=0,10^12,OFFSET(CRONOPLE!$F$15,$M74-$A$15,AQ$13)))","v":1000000000000},{"$f":"IF(OR($D74<>\"Serviço\",AND(AUTOEVENTO=\"Manual\",$M74=$A$15)),0,\n         IF(OFFSET(CRONOPLE!$F$15,$M74-$A$15,AR$13)=0,10^12,OFFSET(CRONOPLE!$F$15,$M74-$A$15,AR$13)))","v":1000000000000},{"$f":"IF(OR($D74<>\"Serviço\",AND(AUTOEVENTO=\"Manual\",$M74=$A$15)),0,\n         IF(OFFSET(CRONOPLE!$F$15,$M74-$A$15,AS$13)=0,10^12,OFFSET(CRONOPLE!$F$15,$M74-$A$15,AS$13)))","v":1000000000000},{"$f":"IF(OR($D74<>\"Serviço\",AND(AUTOEVENTO=\"Manual\",$M74=$A$15)),0,\n         IF(OFFSET(CRONOPLE!$F$15,$M74-$A$15,AT$13)=0,10^12,OFFSET(CRONOPLE!$F$15,$M74-$A$15,AT$13)))","v":1000000000000},{"$f":"IF(OR($D74<>\"Serviço\",AND(AUTOEVENTO=\"Manual\",$M74=$A$15)),0,\n         IF(OFFSET(CRONOPLE!$F$15,$M74-$A$15,AU$13)=0,10^12,OFFSET(CRONOPLE!$F$15,$M74-$A$15,AU$13)))","v":1000000000000},{"$f":"IF(OR($D74<>\"Serviço\",AND(AUTOEVENTO=\"Manual\",$M74=$A$15)),0,\n         IF(OFFSET(CRONOPLE!$F$15,$M74-$A$15,AV$13)=0,10^12,OFFSET(CRONOPLE!$F$15,$M74-$A$15,AV$13)))","v":1000000000000},null,{"$f":"IF(OR($D74<>\"Serviço\",AND(AUTOEVENTO=\"Manual\",$M74=$A$15),$M74>(ROW(PLE.lastrow)-ROW(PLE.firstrow))),0,\n           IF(OFFSET(PLE!$G$15,$M74-$A$15,AX$13)=\"\",10^12,OFFSET(PLE!$G$15,$M74-$A$15,AX$13)))","v":1000000000000},{"$f":"IF(OR($D74<>\"Serviço\",AND(AUTOEVENTO=\"Manual\",$M74=$A$15),$M74>(ROW(PLE.lastrow)-ROW(PLE.firstrow))),0,\n           IF(OFFSET(PLE!$G$15,$M74-$A$15,AY$13)=\"\",10^12,OFFSET(PLE!$G$15,$M74-$A$15,AY$13)))","v":1000000000000},{"$f":"IF(OR($D74<>\"Serviço\",AND(AUTOEVENTO=\"Manual\",$M74=$A$15),$M74>(ROW(PLE.lastrow)-ROW(PLE.firstrow))),0,\n           IF(OFFSET(PLE!$G$15,$M74-$A$15,AZ$13)=\"\",10^12,OFFSET(PLE!$G$15,$M74-$A$15,AZ$13)))","v":1000000000000},{"$f":"IF(OR($D74<>\"Serviço\",AND(AUTOEVENTO=\"Manual\",$M74=$A$15),$M74>(ROW(PLE.lastrow)-ROW(PLE.firstrow))),0,\n           IF(OFFSET(PLE!$G$15,$M74-$A$15,BA$13)=\"\",10^12,OFFSET(PLE!$G$15,$M74-$A$15,BA$13)))","v":1000000000000},{"$f":"IF(OR($D74<>\"Serviço\",AND(AUTOEVENTO=\"Manual\",$M74=$A$15),$M74>(ROW(PLE.lastrow)-ROW(PLE.firstrow))),0,\n           IF(OFFSET(PLE!$G$15,$M74-$A$15,BB$13)=\"\",10^12,OFFSET(PLE!$G$15,$M74-$A$15,BB$13)))","v":1000000000000},{"$f":"IF(OR($D74<>\"Serviço\",AND(AUTOEVENTO=\"Manual\",$M74=$A$15),$M74>(ROW(PLE.lastrow)-ROW(PLE.firstrow))),0,\n           IF(OFFSET(PLE!$G$15,$M74-$A$15,BC$13)=\"\",10^12,OFFSET(PLE!$G$15,$M74-$A$15,BC$13)))","v":1000000000000},{"$f":"IF(OR($D74<>\"Serviço\",AND(AUTOEVENTO=\"Manual\",$M74=$A$15),$M74>(ROW(PLE.lastrow)-ROW(PLE.firstrow))),0,\n           IF(OFFSET(PLE!$G$15,$M74-$A$15,BD$13)=\"\",10^12,OFFSET(PLE!$G$15,$M74-$A$15,BD$13)))","v":1000000000000},{"$f":"IF(OR($D74<>\"Serviço\",AND(AUTOEVENTO=\"Manual\",$M74=$A$15),$M74>(ROW(PLE.lastrow)-ROW(PLE.firstrow))),0,\n           IF(OFFSET(PLE!$G$15,$M74-$A$15,BE$13)=\"\",10^12,OFFSET(PLE!$G$15,$M74-$A$15,BE$13)))","v":1000000000000},{"$f":"IF(OR($D74<>\"Serviço\",AND(AUTOEVENTO=\"Manual\",$M74=$A$15),$M74>(ROW(PLE.lastrow)-ROW(PLE.firstrow))),0,\n           IF(OFFSET(PLE!$G$15,$M74-$A$15,BF$13)=\"\",10^12,OFFSET(PLE!$G$15,$M74-$A$15,BF$13)))","v":1000000000000},{"$f":"IF(OR($D74<>\"Serviço\",AND(AUTOEVENTO=\"Manual\",$M74=$A$15),$M74>(ROW(PLE.lastrow)-ROW(PLE.firstrow))),0,\n           IF(OFFSET(PLE!$G$15,$M74-$A$15,BG$13)=\"\",10^12,OFFSET(PLE!$G$15,$M74-$A$15,BG$13)))","v":1000000000000}]
["10",{"$f":"OFFSET(ORÇAMENTO!C$15,ROW(B75)-ROW(B$15),0)","v":"S"},{"$f":"OFFSET(ORÇAMENTO!L$15,ROW(C75)-ROW(C$15),0)","v":""},{"$f":"OFFSET(ORÇAMENTO!N$15,ROW(D75)-ROW(D$15),0)","v":"Serviço"},{"$f":"OFFSET(ORÇAMENTO!O$15,ROW(E75)-ROW(E$15),0)","v":"-"},{"$f":"OFFSET(ORÇAMENTO!R$15,ROW(F75)-ROW(F$15),0)","v":"(Sem Código)"},{"$f":"IF($D75<>\"Serviço\",\"\",OFFSET(ORÇAMENTO!S$15,ROW(G75)-ROW(G$15),0))","v":"-"},{"$f":"IF($D75<>\"Serviço\",0,IF(ACOMPANHAMENTO=\"BM\",ROUND(OFFSET(ORÇAMENTO!AJ$15,ROW(H75)-ROW(H$15),0),15-13*ORÇAMENTO!$AF$7),SUMPRODUCT(($Q$1:$AA$1=1)*ROUND($Q75:$AA75,15-13*ORÇAMENTO!$AF$7))))","v":0},null,{"$f":"IF(OR(B75<>\"S\",CÁLCULO.FrentesPreenchidas=0),\"\",IF(AND(ACOMPANHAMENTO=\"PLE\",AUTOEVENTO=\"Manual\",OR(H75>0,ORÇAMENTO!AC75=\"QUANT.\"),OR(K75=\"\",M75=0,N75=\"\")),\"►E\",IF(AND(ACOMPANHAMENTO=\"PLE\",ORÇAMENTO!AC75=\"QUANT.\"),\"►Q\",IF(AND(ACOMPANHAMENTO=\"PLE\",H75<>SUMPRODUCT(($Q$1:$AA$1=1)*ROUND(Q75:AA75,15))),\"►S\",IF(AND(COUNTIF($P$11:$AA$11,\"▼\")=0,H75>0,I75=\"\"),\"◄M\",\"\")))))","v":{"$error":"#NAME?"}},null,".",{"$f":"IF($D75<>\"Serviço\",\"\",\n          IF(AUTOEVENTO=\"manual\",$A75,\n                IF(ISERROR(MATCH($A75,$A$15:OFFSET($A75,-1,0),0)),MAX($M$15:OFFSET(M75,-1,0))+1,\n                      INDEX($M$15:OFFSET(M75,-1,0),MATCH($A75,$A$15:OFFSET($A75,-1,0),0)))))","v":2},{"$f":"IF($D75<>\"Serviço\",\"\",\n         IF(AUTOEVENTO=\"Manual\",\n                IF($A75=0,\"<-- defina o número do agrupador\",\n                       OFFSET(EVENTOS!$D$15,$A75-$A$15,0)),\n                OFFSET($F$15,$A75,0)))","v":"REDE DE DISTRUIBUIÇÃO"},null,null,null,null,null,null,null,null,null,null,null,null,null,{"$f":"IF(AND($D75=\"Serviço\",AB$12<>0,$H75>0,OR(AUTOEVENTO<>\"manual\",$M75<>$A$15)),\n        IF(Import.TipoArredondamento<>\"TransfereGOV\",\n              ROUND(OFFSET($P75,0,AB$13),15-13*ORÇAMENTO!$AF$7)/$H75*OFFSET(ORÇAMENTO!$X$15,ROW(AB75)-ROW(AB$15),0),\n              ROUND(ROUND(OFFSET($P75,0,AB$13),15-13*ORÇAMENTO!$AF$7)*OFFSET(ORÇAMENTO!$W$15,ROW(AB75)-ROW(AB$15),0),15-13*ORÇAMENTO!$AF$11)),\n         0)","v":0},{"$f":"IF(AND($D75=\"Serviço\",AC$12<>0,$H75>0,OR(AUTOEVENTO<>\"manual\",$M75<>$A$15)),\n        IF(Import.TipoArredondamento<>\"TransfereGOV\",\n              ROUND(OFFSET($P75,0,AC$13),15-13*ORÇAMENTO!$AF$7)/$H75*OFFSET(ORÇAMENTO!$X$15,ROW(AC75)-ROW(AC$15),0),\n              ROUND(ROUND(OFFSET($P75,0,AC$13),15-13*ORÇAMENTO!$AF$7)*OFFSET(ORÇAMENTO!$W$15,ROW(AC75)-ROW(AC$15),0),15-13*ORÇAMENTO!$AF$11)),\n         0)","v":0},{"$f":"IF(AND($D75=\"Serviço\",AD$12<>0,$H75>0,OR(AUTOEVENTO<>\"manual\",$M75<>$A$15)),\n        IF(Import.TipoArredondamento<>\"TransfereGOV\",\n              ROUND(OFFSET($P75,0,AD$13),15-13*ORÇAMENTO!$AF$7)/$H75*OFFSET(ORÇAMENTO!$X$15,ROW(AD75)-ROW(AD$15),0),\n              ROUND(ROUND(OFFSET($P75,0,AD$13),15-13*ORÇAMENTO!$AF$7)*OFFSET(ORÇAMENTO!$W$15,ROW(AD75)-ROW(AD$15),0),15-13*ORÇAMENTO!$AF$11)),\n         0)","v":0},{"$f":"IF(AND($D75=\"Serviço\",AE$12<>0,$H75>0,OR(AUTOEVENTO<>\"manual\",$M75<>$A$15)),\n        IF(Import.TipoArredondamento<>\"TransfereGOV\",\n              ROUND(OFFSET($P75,0,AE$13),15-13*ORÇAMENTO!$AF$7)/$H75*OFFSET(ORÇAMENTO!$X$15,ROW(AE75)-ROW(AE$15),0),\n              ROUND(ROUND(OFFSET($P75,0,AE$13),15-13*ORÇAMENTO!$AF$7)*OFFSET(ORÇAMENTO!$W$15,ROW(AE75)-ROW(AE$15),0),15-13*ORÇAMENTO!$AF$11)),\n         0)","v":0},{"$f":"IF(AND($D75=\"Serviço\",AF$12<>0,$H75>0,OR(AUTOEVENTO<>\"manual\",$M75<>$A$15)),\n        IF(Import.TipoArredondamento<>\"TransfereGOV\",\n              ROUND(OFFSET($P75,0,AF$13),15-13*ORÇAMENTO!$AF$7)/$H75*OFFSET(ORÇAMENTO!$X$15,ROW(AF75)-ROW(AF$15),0),\n              ROUND(ROUND(OFFSET($P75,0,AF$13),15-13*ORÇAMENTO!$AF$7)*OFFSET(ORÇAMENTO!$W$15,ROW(AF75)-ROW(AF$15),0),15-13*ORÇAMENTO!$AF$11)),\n         0)","v":0},{"$f":"IF(AND($D75=\"Serviço\",AG$12<>0,$H75>0,OR(AUTOEVENTO<>\"manual\",$M75<>$A$15)),\n        IF(Import.TipoArredondamento<>\"TransfereGOV\",\n              ROUND(OFFSET($P75,0,AG$13),15-13*ORÇAMENTO!$AF$7)/$H75*OFFSET(ORÇAMENTO!$X$15,ROW(AG75)-ROW(AG$15),0),\n              ROUND(ROUND(OFFSET($P75,0,AG$13),15-13*ORÇAMENTO!$AF$7)*OFFSET(ORÇAMENTO!$W$15,ROW(AG75)-ROW(AG$15),0),15-13*ORÇAMENTO!$AF$11)),\n         0)","v":0},{"$f":"IF(AND($D75=\"Serviço\",AH$12<>0,$H75>0,OR(AUTOEVENTO<>\"manual\",$M75<>$A$15)),\n        IF(Import.TipoArredondamento<>\"TransfereGOV\",\n              ROUND(OFFSET($P75,0,AH$13),15-13*ORÇAMENTO!$AF$7)/$H75*OFFSET(ORÇAMENTO!$X$15,ROW(AH75)-ROW(AH$15),0),\n              ROUND(ROUND(OFFSET($P75,0,AH$13),15-13*ORÇAMENTO!$AF$7)*OFFSET(ORÇAMENTO!$W$15,ROW(AH75)-ROW(AH$15),0),15-13*ORÇAMENTO!$AF$11)),\n         0)","v":0},{"$f":"IF(AND($D75=\"Serviço\",AI$12<>0,$H75>0,OR(AUTOEVENTO<>\"manual\",$M75<>$A$15)),\n        IF(Import.TipoArredondamento<>\"TransfereGOV\",\n              ROUND(OFFSET($P75,0,AI$13),15-13*ORÇAMENTO!$AF$7)/$H75*OFFSET(ORÇAMENTO!$X$15,ROW(AI75)-ROW(AI$15),0),\n              ROUND(ROUND(OFFSET($P75,0,AI$13),15-13*ORÇAMENTO!$AF$7)*OFFSET(ORÇAMENTO!$W$15,ROW(AI75)-ROW(AI$15),0),15-13*ORÇAMENTO!$AF$11)),\n         0)","v":0},{"$f":"IF(AND($D75=\"Serviço\",AJ$12<>0,$H75>0,OR(AUTOEVENTO<>\"manual\",$M75<>$A$15)),\n        IF(Import.TipoArredondamento<>\"TransfereGOV\",\n              ROUND(OFFSET($P75,0,AJ$13),15-13*ORÇAMENTO!$AF$7)/$H75*OFFSET(ORÇAMENTO!$X$15,ROW(AJ75)-ROW(AJ$15),0),\n              ROUND(ROUND(OFFSET($P75,0,AJ$13),15-13*ORÇAMENTO!$AF$7)*OFFSET(ORÇAMENTO!$W$15,ROW(AJ75)-ROW(AJ$15),0),15-13*ORÇAMENTO!$AF$11)),\n         0)","v":0},{"$f":"IF(AND($D75=\"Serviço\",AK$12<>0,$H75>0,OR(AUTOEVENTO<>\"manual\",$M75<>$A$15)),\n        IF(Import.TipoArredondamento<>\"TransfereGOV\",\n              ROUND(OFFSET($P75,0,AK$13),15-13*ORÇAMENTO!$AF$7)/$H75*OFFSET(ORÇAMENTO!$X$15,ROW(AK75)-ROW(AK$15),0),\n              ROUND(ROUND(OFFSET($P75,0,AK$13),15-13*ORÇAMENTO!$AF$7)*OFFSET(ORÇAMENTO!$W$15,ROW(AK75)-ROW(AK$15),0),15-13*ORÇAMENTO!$AF$11)),\n         0)","v":0},null,{"$f":"IF(OR($D75<>\"Serviço\",AND(AUTOEVENTO=\"Manual\",$M75=$A$15)),0,\n         IF(OFFSET(CRONOPLE!$F$15,$M75-$A$15,AM$13)=0,10^12,OFFSET(CRONOPLE!$F$15,$M75-$A$15,AM$13)))","v":1},{"$f":"IF(OR($D75<>\"Serviço\",AND(AUTOEVENTO=\"Manual\",$M75=$A$15)),0,\n         IF(OFFSET(CRONOPLE!$F$15,$M75-$A$15,AN$13)=0,10^12,OFFSET(CRONOPLE!$F$15,$M75-$A$15,AN$13)))","v":2},{"$f":"IF(OR($D75<>\"Serviço\",AND(AUTOEVENTO=\"Manual\",$M75=$A$15)),0,\n         IF(OFFSET(CRONOPLE!$F$15,$M75-$A$15,AO$13)=0,10^12,OFFSET(CRONOPLE!$F$15,$M75-$A$15,AO$13)))","v":1000000000000},{"$f":"IF(OR($D75<>\"Serviço\",AND(AUTOEVENTO=\"Manual\",$M75=$A$15)),0,\n         IF(OFFSET(CRONOPLE!$F$15,$M75-$A$15,AP$13)=0,10^12,OFFSET(CRONOPLE!$F$15,$M75-$A$15,AP$13)))","v":1000000000000},{"$f":"IF(OR($D75<>\"Serviço\",AND(AUTOEVENTO=\"Manual\",$M75=$A$15)),0,\n         IF(OFFSET(CRONOPLE!$F$15,$M75-$A$15,AQ$13)=0,10^12,OFFSET(CRONOPLE!$F$15,$M75-$A$15,AQ$13)))","v":1000000000000},{"$f":"IF(OR($D75<>\"Serviço\",AND(AUTOEVENTO=\"Manual\",$M75=$A$15)),0,\n         IF(OFFSET(CRONOPLE!$F$15,$M75-$A$15,AR$13)=0,10^12,OFFSET(CRONOPLE!$F$15,$M75-$A$15,AR$13)))","v":1000000000000},{"$f":"IF(OR($D75<>\"Serviço\",AND(AUTOEVENTO=\"Manual\",$M75=$A$15)),0,\n         IF(OFFSET(CRONOPLE!$F$15,$M75-$A$15,AS$13)=0,10^12,OFFSET(CRONOPLE!$F$15,$M75-$A$15,AS$13)))","v":1000000000000},{"$f":"IF(OR($D75<>\"Serviço\",AND(AUTOEVENTO=\"Manual\",$M75=$A$15)),0,\n         IF(OFFSET(CRONOPLE!$F$15,$M75-$A$15,AT$13)=0,10^12,OFFSET(CRONOPLE!$F$15,$M75-$A$15,AT$13)))","v":1000000000000},{"$f":"IF(OR($D75<>\"Serviço\",AND(AUTOEVENTO=\"Manual\",$M75=$A$15)),0,\n         IF(OFFSET(CRONOPLE!$F$15,$M75-$A$15,AU$13)=0,10^12,OFFSET(CRONOPLE!$F$15,$M75-$A$15,AU$13)))","v":1000000000000},{"$f":"IF(OR($D75<>\"Serviço\",AND(AUTOEVENTO=\"Manual\",$M75=$A$15)),0,\n         IF(OFFSET(CRONOPLE!$F$15,$M75-$A$15,AV$13)=0,10^12,OFFSET(CRONOPLE!$F$15,$M75-$A$15,AV$13)))","v":1000000000000},null,{"$f":"IF(OR($D75<>\"Serviço\",AND(AUTOEVENTO=\"Manual\",$M75=$A$15),$M75>(ROW(PLE.lastrow)-ROW(PLE.firstrow))),0,\n           IF(OFFSET(PLE!$G$15,$M75-$A$15,AX$13)=\"\",10^12,OFFSET(PLE!$G$15,$M75-$A$15,AX$13)))","v":1000000000000},{"$f":"IF(OR($D75<>\"Serviço\",AND(AUTOEVENTO=\"Manual\",$M75=$A$15),$M75>(ROW(PLE.lastrow)-ROW(PLE.firstrow))),0,\n           IF(OFFSET(PLE!$G$15,$M75-$A$15,AY$13)=\"\",10^12,OFFSET(PLE!$G$15,$M75-$A$15,AY$13)))","v":1000000000000},{"$f":"IF(OR($D75<>\"Serviço\",AND(AUTOEVENTO=\"Manual\",$M75=$A$15),$M75>(ROW(PLE.lastrow)-ROW(PLE.firstrow))),0,\n           IF(OFFSET(PLE!$G$15,$M75-$A$15,AZ$13)=\"\",10^12,OFFSET(PLE!$G$15,$M75-$A$15,AZ$13)))","v":1000000000000},{"$f":"IF(OR($D75<>\"Serviço\",AND(AUTOEVENTO=\"Manual\",$M75=$A$15),$M75>(ROW(PLE.lastrow)-ROW(PLE.firstrow))),0,\n           IF(OFFSET(PLE!$G$15,$M75-$A$15,BA$13)=\"\",10^12,OFFSET(PLE!$G$15,$M75-$A$15,BA$13)))","v":1000000000000},{"$f":"IF(OR($D75<>\"Serviço\",AND(AUTOEVENTO=\"Manual\",$M75=$A$15),$M75>(ROW(PLE.lastrow)-ROW(PLE.firstrow))),0,\n           IF(OFFSET(PLE!$G$15,$M75-$A$15,BB$13)=\"\",10^12,OFFSET(PLE!$G$15,$M75-$A$15,BB$13)))","v":1000000000000},{"$f":"IF(OR($D75<>\"Serviço\",AND(AUTOEVENTO=\"Manual\",$M75=$A$15),$M75>(ROW(PLE.lastrow)-ROW(PLE.firstrow))),0,\n           IF(OFFSET(PLE!$G$15,$M75-$A$15,BC$13)=\"\",10^12,OFFSET(PLE!$G$15,$M75-$A$15,BC$13)))","v":1000000000000},{"$f":"IF(OR($D75<>\"Serviço\",AND(AUTOEVENTO=\"Manual\",$M75=$A$15),$M75>(ROW(PLE.lastrow)-ROW(PLE.firstrow))),0,\n           IF(OFFSET(PLE!$G$15,$M75-$A$15,BD$13)=\"\",10^12,OFFSET(PLE!$G$15,$M75-$A$15,BD$13)))","v":1000000000000},{"$f":"IF(OR($D75<>\"Serviço\",AND(AUTOEVENTO=\"Manual\",$M75=$A$15),$M75>(ROW(PLE.lastrow)-ROW(PLE.firstrow))),0,\n           IF(OFFSET(PLE!$G$15,$M75-$A$15,BE$13)=\"\",10^12,OFFSET(PLE!$G$15,$M75-$A$15,BE$13)))","v":1000000000000},{"$f":"IF(OR($D75<>\"Serviço\",AND(AUTOEVENTO=\"Manual\",$M75=$A$15),$M75>(ROW(PLE.lastrow)-ROW(PLE.firstrow))),0,\n           IF(OFFSET(PLE!$G$15,$M75-$A$15,BF$13)=\"\",10^12,OFFSET(PLE!$G$15,$M75-$A$15,BF$13)))","v":1000000000000},{"$f":"IF(OR($D75<>\"Serviço\",AND(AUTOEVENTO=\"Manual\",$M75=$A$15),$M75>(ROW(PLE.lastrow)-ROW(PLE.firstrow))),0,\n           IF(OFFSET(PLE!$G$15,$M75-$A$15,BG$13)=\"\",10^12,OFFSET(PLE!$G$15,$M75-$A$15,BG$13)))","v":1000000000000}]
["10",{"$f":"OFFSET(ORÇAMENTO!C$15,ROW(B76)-ROW(B$15),0)","v":"S"},{"$f":"OFFSET(ORÇAMENTO!L$15,ROW(C76)-ROW(C$15),0)","v":""},{"$f":"OFFSET(ORÇAMENTO!N$15,ROW(D76)-ROW(D$15),0)","v":"Serviço"},{"$f":"OFFSET(ORÇAMENTO!O$15,ROW(E76)-ROW(E$15),0)","v":"-"},{"$f":"OFFSET(ORÇAMENTO!R$15,ROW(F76)-ROW(F$15),0)","v":"(Sem Código)"},{"$f":"IF($D76<>\"Serviço\",\"\",OFFSET(ORÇAMENTO!S$15,ROW(G76)-ROW(G$15),0))","v":"-"},{"$f":"IF($D76<>\"Serviço\",0,IF(ACOMPANHAMENTO=\"BM\",ROUND(OFFSET(ORÇAMENTO!AJ$15,ROW(H76)-ROW(H$15),0),15-13*ORÇAMENTO!$AF$7),SUMPRODUCT(($Q$1:$AA$1=1)*ROUND($Q76:$AA76,15-13*ORÇAMENTO!$AF$7))))","v":0},null,{"$f":"IF(OR(B76<>\"S\",CÁLCULO.FrentesPreenchidas=0),\"\",IF(AND(ACOMPANHAMENTO=\"PLE\",AUTOEVENTO=\"Manual\",OR(H76>0,ORÇAMENTO!AC76=\"QUANT.\"),OR(K76=\"\",M76=0,N76=\"\")),\"►E\",IF(AND(ACOMPANHAMENTO=\"PLE\",ORÇAMENTO!AC76=\"QUANT.\"),\"►Q\",IF(AND(ACOMPANHAMENTO=\"PLE\",H76<>SUMPRODUCT(($Q$1:$AA$1=1)*ROUND(Q76:AA76,15))),\"►S\",IF(AND(COUNTIF($P$11:$AA$11,\"▼\")=0,H76>0,I76=\"\"),\"◄M\",\"\")))))","v":{"$error":"#NAME?"}},null,".",{"$f":"IF($D76<>\"Serviço\",\"\",\n          IF(AUTOEVENTO=\"manual\",$A76,\n                IF(ISERROR(MATCH($A76,$A$15:OFFSET($A76,-1,0),0)),MAX($M$15:OFFSET(M76,-1,0))+1,\n                      INDEX($M$15:OFFSET(M76,-1,0),MATCH($A76,$A$15:OFFSET($A76,-1,0),0)))))","v":2},{"$f":"IF($D76<>\"Serviço\",\"\",\n         IF(AUTOEVENTO=\"Manual\",\n                IF($A76=0,\"<-- defina o número do agrupador\",\n                       OFFSET(EVENTOS!$D$15,$A76-$A$15,0)),\n                OFFSET($F$15,$A76,0)))","v":"REDE DE DISTRUIBUIÇÃO"},null,null,null,null,null,null,null,null,null,null,null,null,null,{"$f":"IF(AND($D76=\"Serviço\",AB$12<>0,$H76>0,OR(AUTOEVENTO<>\"manual\",$M76<>$A$15)),\n        IF(Import.TipoArredondamento<>\"TransfereGOV\",\n              ROUND(OFFSET($P76,0,AB$13),15-13*ORÇAMENTO!$AF$7)/$H76*OFFSET(ORÇAMENTO!$X$15,ROW(AB76)-ROW(AB$15),0),\n              ROUND(ROUND(OFFSET($P76,0,AB$13),15-13*ORÇAMENTO!$AF$7)*OFFSET(ORÇAMENTO!$W$15,ROW(AB76)-ROW(AB$15),0),15-13*ORÇAMENTO!$AF$11)),\n         0)","v":0},{"$f":"IF(AND($D76=\"Serviço\",AC$12<>0,$H76>0,OR(AUTOEVENTO<>\"manual\",$M76<>$A$15)),\n        IF(Import.TipoArredondamento<>\"TransfereGOV\",\n              ROUND(OFFSET($P76,0,AC$13),15-13*ORÇAMENTO!$AF$7)/$H76*OFFSET(ORÇAMENTO!$X$15,ROW(AC76)-ROW(AC$15),0),\n              ROUND(ROUND(OFFSET($P76,0,AC$13),15-13*ORÇAMENTO!$AF$7)*OFFSET(ORÇAMENTO!$W$15,ROW(AC76)-ROW(AC$15),0),15-13*ORÇAMENTO!$AF$11)),\n         0)","v":0},{"$f":"IF(AND($D76=\"Serviço\",AD$12<>0,$H76>0,OR(AUTOEVENTO<>\"manual\",$M76<>$A$15)),\n        IF(Import.TipoArredondamento<>\"TransfereGOV\",\n              ROUND(OFFSET($P76,0,AD$13),15-13*ORÇAMENTO!$AF$7)/$H76*OFFSET(ORÇAMENTO!$X$15,ROW(AD76)-ROW(AD$15),0),\n              ROUND(ROUND(OFFSET($P76,0,AD$13),15-13*ORÇAMENTO!$AF$7)*OFFSET(ORÇAMENTO!$W$15,ROW(AD76)-ROW(AD$15),0),15-13*ORÇAMENTO!$AF$11)),\n         0)","v":0},{"$f":"IF(AND($D76=\"Serviço\",AE$12<>0,$H76>0,OR(AUTOEVENTO<>\"manual\",$M76<>$A$15)),\n        IF(Import.TipoArredondamento<>\"TransfereGOV\",\n              ROUND(OFFSET($P76,0,AE$13),15-13*ORÇAMENTO!$AF$7)/$H76*OFFSET(ORÇAMENTO!$X$15,ROW(AE76)-ROW(AE$15),0),\n              ROUND(ROUND(OFFSET($P76,0,AE$13),15-13*ORÇAMENTO!$AF$7)*OFFSET(ORÇAMENTO!$W$15,ROW(AE76)-ROW(AE$15),0),15-13*ORÇAMENTO!$AF$11)),\n         0)","v":0},{"$f":"IF(AND($D76=\"Serviço\",AF$12<>0,$H76>0,OR(AUTOEVENTO<>\"manual\",$M76<>$A$15)),\n        IF(Import.TipoArredondamento<>\"TransfereGOV\",\n              ROUND(OFFSET($P76,0,AF$13),15-13*ORÇAMENTO!$AF$7)/$H76*OFFSET(ORÇAMENTO!$X$15,ROW(AF76)-ROW(AF$15),0),\n              ROUND(ROUND(OFFSET($P76,0,AF$13),15-13*ORÇAMENTO!$AF$7)*OFFSET(ORÇAMENTO!$W$15,ROW(AF76)-ROW(AF$15),0),15-13*ORÇAMENTO!$AF$11)),\n         0)","v":0},{"$f":"IF(AND($D76=\"Serviço\",AG$12<>0,$H76>0,OR(AUTOEVENTO<>\"manual\",$M76<>$A$15)),\n        IF(Import.TipoArredondamento<>\"TransfereGOV\",\n              ROUND(OFFSET($P76,0,AG$13),15-13*ORÇAMENTO!$AF$7)/$H76*OFFSET(ORÇAMENTO!$X$15,ROW(AG76)-ROW(AG$15),0),\n              ROUND(ROUND(OFFSET($P76,0,AG$13),15-13*ORÇAMENTO!$AF$7)*OFFSET(ORÇAMENTO!$W$15,ROW(AG76)-ROW(AG$15),0),15-13*ORÇAMENTO!$AF$11)),\n         0)","v":0},{"$f":"IF(AND($D76=\"Serviço\",AH$12<>0,$H76>0,OR(AUTOEVENTO<>\"manual\",$M76<>$A$15)),\n        IF(Import.TipoArredondamento<>\"TransfereGOV\",\n              ROUND(OFFSET($P76,0,AH$13),15-13*ORÇAMENTO!$AF$7)/$H76*OFFSET(ORÇAMENTO!$X$15,ROW(AH76)-ROW(AH$15),0),\n              ROUND(ROUND(OFFSET($P76,0,AH$13),15-13*ORÇAMENTO!$AF$7)*OFFSET(ORÇAMENTO!$W$15,ROW(AH76)-ROW(AH$15),0),15-13*ORÇAMENTO!$AF$11)),\n         0)","v":0},{"$f":"IF(AND($D76=\"Serviço\",AI$12<>0,$H76>0,OR(AUTOEVENTO<>\"manual\",$M76<>$A$15)),\n        IF(Import.TipoArredondamento<>\"TransfereGOV\",\n              ROUND(OFFSET($P76,0,AI$13),15-13*ORÇAMENTO!$AF$7)/$H76*OFFSET(ORÇAMENTO!$X$15,ROW(AI76)-ROW(AI$15),0),\n              ROUND(ROUND(OFFSET($P76,0,AI$13),15-13*ORÇAMENTO!$AF$7)*OFFSET(ORÇAMENTO!$W$15,ROW(AI76)-ROW(AI$15),0),15-13*ORÇAMENTO!$AF$11)),\n         0)","v":0},{"$f":"IF(AND($D76=\"Serviço\",AJ$12<>0,$H76>0,OR(AUTOEVENTO<>\"manual\",$M76<>$A$15)),\n        IF(Import.TipoArredondamento<>\"TransfereGOV\",\n              ROUND(OFFSET($P76,0,AJ$13),15-13*ORÇAMENTO!$AF$7)/$H76*OFFSET(ORÇAMENTO!$X$15,ROW(AJ76)-ROW(AJ$15),0),\n              ROUND(ROUND(OFFSET($P76,0,AJ$13),15-13*ORÇAMENTO!$AF$7)*OFFSET(ORÇAMENTO!$W$15,ROW(AJ76)-ROW(AJ$15),0),15-13*ORÇAMENTO!$AF$11)),\n         0)","v":0},{"$f":"IF(AND($D76=\"Serviço\",AK$12<>0,$H76>0,OR(AUTOEVENTO<>\"manual\",$M76<>$A$15)),\n        IF(Import.TipoArredondamento<>\"TransfereGOV\",\n              ROUND(OFFSET($P76,0,AK$13),15-13*ORÇAMENTO!$AF$7)/$H76*OFFSET(ORÇAMENTO!$X$15,ROW(AK76)-ROW(AK$15),0),\n              ROUND(ROUND(OFFSET($P76,0,AK$13),15-13*ORÇAMENTO!$AF$7)*OFFSET(ORÇAMENTO!$W$15,ROW(AK76)-ROW(AK$15),0),15-13*ORÇAMENTO!$AF$11)),\n         0)","v":0},null,{"$f":"IF(OR($D76<>\"Serviço\",AND(AUTOEVENTO=\"Manual\",$M76=$A$15)),0,\n         IF(OFFSET(CRONOPLE!$F$15,$M76-$A$15,AM$13)=0,10^12,OFFSET(CRONOPLE!$F$15,$M76-$A$15,AM$13)))","v":1},{"$f":"IF(OR($D76<>\"Serviço\",AND(AUTOEVENTO=\"Manual\",$M76=$A$15)),0,\n         IF(OFFSET(CRONOPLE!$F$15,$M76-$A$15,AN$13)=0,10^12,OFFSET(CRONOPLE!$F$15,$M76-$A$15,AN$13)))","v":2},{"$f":"IF(OR($D76<>\"Serviço\",AND(AUTOEVENTO=\"Manual\",$M76=$A$15)),0,\n         IF(OFFSET(CRONOPLE!$F$15,$M76-$A$15,AO$13)=0,10^12,OFFSET(CRONOPLE!$F$15,$M76-$A$15,AO$13)))","v":1000000000000},{"$f":"IF(OR($D76<>\"Serviço\",AND(AUTOEVENTO=\"Manual\",$M76=$A$15)),0,\n         IF(OFFSET(CRONOPLE!$F$15,$M76-$A$15,AP$13)=0,10^12,OFFSET(CRONOPLE!$F$15,$M76-$A$15,AP$13)))","v":1000000000000},{"$f":"IF(OR($D76<>\"Serviço\",AND(AUTOEVENTO=\"Manual\",$M76=$A$15)),0,\n         IF(OFFSET(CRONOPLE!$F$15,$M76-$A$15,AQ$13)=0,10^12,OFFSET(CRONOPLE!$F$15,$M76-$A$15,AQ$13)))","v":1000000000000},{"$f":"IF(OR($D76<>\"Serviço\",AND(AUTOEVENTO=\"Manual\",$M76=$A$15)),0,\n         IF(OFFSET(CRONOPLE!$F$15,$M76-$A$15,AR$13)=0,10^12,OFFSET(CRONOPLE!$F$15,$M76-$A$15,AR$13)))","v":1000000000000},{"$f":"IF(OR($D76<>\"Serviço\",AND(AUTOEVENTO=\"Manual\",$M76=$A$15)),0,\n         IF(OFFSET(CRONOPLE!$F$15,$M76-$A$15,AS$13)=0,10^12,OFFSET(CRONOPLE!$F$15,$M76-$A$15,AS$13)))","v":1000000000000},{"$f":"IF(OR($D76<>\"Serviço\",AND(AUTOEVENTO=\"Manual\",$M76=$A$15)),0,\n         IF(OFFSET(CRONOPLE!$F$15,$M76-$A$15,AT$13)=0,10^12,OFFSET(CRONOPLE!$F$15,$M76-$A$15,AT$13)))","v":1000000000000},{"$f":"IF(OR($D76<>\"Serviço\",AND(AUTOEVENTO=\"Manual\",$M76=$A$15)),0,\n         IF(OFFSET(CRONOPLE!$F$15,$M76-$A$15,AU$13)=0,10^12,OFFSET(CRONOPLE!$F$15,$M76-$A$15,AU$13)))","v":1000000000000},{"$f":"IF(OR($D76<>\"Serviço\",AND(AUTOEVENTO=\"Manual\",$M76=$A$15)),0,\n         IF(OFFSET(CRONOPLE!$F$15,$M76-$A$15,AV$13)=0,10^12,OFFSET(CRONOPLE!$F$15,$M76-$A$15,AV$13)))","v":1000000000000},null,{"$f":"IF(OR($D76<>\"Serviço\",AND(AUTOEVENTO=\"Manual\",$M76=$A$15),$M76>(ROW(PLE.lastrow)-ROW(PLE.firstrow))),0,\n           IF(OFFSET(PLE!$G$15,$M76-$A$15,AX$13)=\"\",10^12,OFFSET(PLE!$G$15,$M76-$A$15,AX$13)))","v":1000000000000},{"$f":"IF(OR($D76<>\"Serviço\",AND(AUTOEVENTO=\"Manual\",$M76=$A$15),$M76>(ROW(PLE.lastrow)-ROW(PLE.firstrow))),0,\n           IF(OFFSET(PLE!$G$15,$M76-$A$15,AY$13)=\"\",10^12,OFFSET(PLE!$G$15,$M76-$A$15,AY$13)))","v":1000000000000},{"$f":"IF(OR($D76<>\"Serviço\",AND(AUTOEVENTO=\"Manual\",$M76=$A$15),$M76>(ROW(PLE.lastrow)-ROW(PLE.firstrow))),0,\n           IF(OFFSET(PLE!$G$15,$M76-$A$15,AZ$13)=\"\",10^12,OFFSET(PLE!$G$15,$M76-$A$15,AZ$13)))","v":1000000000000},{"$f":"IF(OR($D76<>\"Serviço\",AND(AUTOEVENTO=\"Manual\",$M76=$A$15),$M76>(ROW(PLE.lastrow)-ROW(PLE.firstrow))),0,\n           IF(OFFSET(PLE!$G$15,$M76-$A$15,BA$13)=\"\",10^12,OFFSET(PLE!$G$15,$M76-$A$15,BA$13)))","v":1000000000000},{"$f":"IF(OR($D76<>\"Serviço\",AND(AUTOEVENTO=\"Manual\",$M76=$A$15),$M76>(ROW(PLE.lastrow)-ROW(PLE.firstrow))),0,\n           IF(OFFSET(PLE!$G$15,$M76-$A$15,BB$13)=\"\",10^12,OFFSET(PLE!$G$15,$M76-$A$15,BB$13)))","v":1000000000000},{"$f":"IF(OR($D76<>\"Serviço\",AND(AUTOEVENTO=\"Manual\",$M76=$A$15),$M76>(ROW(PLE.lastrow)-ROW(PLE.firstrow))),0,\n           IF(OFFSET(PLE!$G$15,$M76-$A$15,BC$13)=\"\",10^12,OFFSET(PLE!$G$15,$M76-$A$15,BC$13)))","v":1000000000000},{"$f":"IF(OR($D76<>\"Serviço\",AND(AUTOEVENTO=\"Manual\",$M76=$A$15),$M76>(ROW(PLE.lastrow)-ROW(PLE.firstrow))),0,\n           IF(OFFSET(PLE!$G$15,$M76-$A$15,BD$13)=\"\",10^12,OFFSET(PLE!$G$15,$M76-$A$15,BD$13)))","v":1000000000000},{"$f":"IF(OR($D76<>\"Serviço\",AND(AUTOEVENTO=\"Manual\",$M76=$A$15),$M76>(ROW(PLE.lastrow)-ROW(PLE.firstrow))),0,\n           IF(OFFSET(PLE!$G$15,$M76-$A$15,BE$13)=\"\",10^12,OFFSET(PLE!$G$15,$M76-$A$15,BE$13)))","v":1000000000000},{"$f":"IF(OR($D76<>\"Serviço\",AND(AUTOEVENTO=\"Manual\",$M76=$A$15),$M76>(ROW(PLE.lastrow)-ROW(PLE.firstrow))),0,\n           IF(OFFSET(PLE!$G$15,$M76-$A$15,BF$13)=\"\",10^12,OFFSET(PLE!$G$15,$M76-$A$15,BF$13)))","v":1000000000000},{"$f":"IF(OR($D76<>\"Serviço\",AND(AUTOEVENTO=\"Manual\",$M76=$A$15),$M76>(ROW(PLE.lastrow)-ROW(PLE.firstrow))),0,\n           IF(OFFSET(PLE!$G$15,$M76-$A$15,BG$13)=\"\",10^12,OFFSET(PLE!$G$15,$M76-$A$15,BG$13)))","v":1000000000000}]
["10",{"$f":"OFFSET(ORÇAMENTO!C$15,ROW(B77)-ROW(B$15),0)","v":"S"},{"$f":"OFFSET(ORÇAMENTO!L$15,ROW(C77)-ROW(C$15),0)","v":""},{"$f":"OFFSET(ORÇAMENTO!N$15,ROW(D77)-ROW(D$15),0)","v":"Serviço"},{"$f":"OFFSET(ORÇAMENTO!O$15,ROW(E77)-ROW(E$15),0)","v":"-"},{"$f":"OFFSET(ORÇAMENTO!R$15,ROW(F77)-ROW(F$15),0)","v":"(Sem Código)"},{"$f":"IF($D77<>\"Serviço\",\"\",OFFSET(ORÇAMENTO!S$15,ROW(G77)-ROW(G$15),0))","v":"-"},{"$f":"IF($D77<>\"Serviço\",0,IF(ACOMPANHAMENTO=\"BM\",ROUND(OFFSET(ORÇAMENTO!AJ$15,ROW(H77)-ROW(H$15),0),15-13*ORÇAMENTO!$AF$7),SUMPRODUCT(($Q$1:$AA$1=1)*ROUND($Q77:$AA77,15-13*ORÇAMENTO!$AF$7))))","v":0},null,{"$f":"IF(OR(B77<>\"S\",CÁLCULO.FrentesPreenchidas=0),\"\",IF(AND(ACOMPANHAMENTO=\"PLE\",AUTOEVENTO=\"Manual\",OR(H77>0,ORÇAMENTO!AC77=\"QUANT.\"),OR(K77=\"\",M77=0,N77=\"\")),\"►E\",IF(AND(ACOMPANHAMENTO=\"PLE\",ORÇAMENTO!AC77=\"QUANT.\"),\"►Q\",IF(AND(ACOMPANHAMENTO=\"PLE\",H77<>SUMPRODUCT(($Q$1:$AA$1=1)*ROUND(Q77:AA77,15))),\"►S\",IF(AND(COUNTIF($P$11:$AA$11,\"▼\")=0,H77>0,I77=\"\"),\"◄M\",\"\")))))","v":{"$error":"#NAME?"}},null,".",{"$f":"IF($D77<>\"Serviço\",\"\",\n          IF(AUTOEVENTO=\"manual\",$A77,\n                IF(ISERROR(MATCH($A77,$A$15:OFFSET($A77,-1,0),0)),MAX($M$15:OFFSET(M77,-1,0))+1,\n                      INDEX($M$15:OFFSET(M77,-1,0),MATCH($A77,$A$15:OFFSET($A77,-1,0),0)))))","v":2},{"$f":"IF($D77<>\"Serviço\",\"\",\n         IF(AUTOEVENTO=\"Manual\",\n                IF($A77=0,\"<-- defina o número do agrupador\",\n                       OFFSET(EVENTOS!$D$15,$A77-$A$15,0)),\n                OFFSET($F$15,$A77,0)))","v":"REDE DE DISTRUIBUIÇÃO"},null,null,null,null,null,null,null,null,null,null,null,null,null,{"$f":"IF(AND($D77=\"Serviço\",AB$12<>0,$H77>0,OR(AUTOEVENTO<>\"manual\",$M77<>$A$15)),\n        IF(Import.TipoArredondamento<>\"TransfereGOV\",\n              ROUND(OFFSET($P77,0,AB$13),15-13*ORÇAMENTO!$AF$7)/$H77*OFFSET(ORÇAMENTO!$X$15,ROW(AB77)-ROW(AB$15),0),\n              ROUND(ROUND(OFFSET($P77,0,AB$13),15-13*ORÇAMENTO!$AF$7)*OFFSET(ORÇAMENTO!$W$15,ROW(AB77)-ROW(AB$15),0),15-13*ORÇAMENTO!$AF$11)),\n         0)","v":0},{"$f":"IF(AND($D77=\"Serviço\",AC$12<>0,$H77>0,OR(AUTOEVENTO<>\"manual\",$M77<>$A$15)),\n        IF(Import.TipoArredondamento<>\"TransfereGOV\",\n              ROUND(OFFSET($P77,0,AC$13),15-13*ORÇAMENTO!$AF$7)/$H77*OFFSET(ORÇAMENTO!$X$15,ROW(AC77)-ROW(AC$15),0),\n              ROUND(ROUND(OFFSET($P77,0,AC$13),15-13*ORÇAMENTO!$AF$7)*OFFSET(ORÇAMENTO!$W$15,ROW(AC77)-ROW(AC$15),0),15-13*ORÇAMENTO!$AF$11)),\n         0)","v":0},{"$f":"IF(AND($D77=\"Serviço\",AD$12<>0,$H77>0,OR(AUTOEVENTO<>\"manual\",$M77<>$A$15)),\n        IF(Import.TipoArredondamento<>\"TransfereGOV\",\n              ROUND(OFFSET($P77,0,AD$13),15-13*ORÇAMENTO!$AF$7)/$H77*OFFSET(ORÇAMENTO!$X$15,ROW(AD77)-ROW(AD$15),0),\n              ROUND(ROUND(OFFSET($P77,0,AD$13),15-13*ORÇAMENTO!$AF$7)*OFFSET(ORÇAMENTO!$W$15,ROW(AD77)-ROW(AD$15),0),15-13*ORÇAMENTO!$AF$11)),\n         0)","v":0},{"$f":"IF(AND($D77=\"Serviço\",AE$12<>0,$H77>0,OR(AUTOEVENTO<>\"manual\",$M77<>$A$15)),\n        IF(Import.TipoArredondamento<>\"TransfereGOV\",\n              ROUND(OFFSET($P77,0,AE$13),15-13*ORÇAMENTO!$AF$7)/$H77*OFFSET(ORÇAMENTO!$X$15,ROW(AE77)-ROW(AE$15),0),\n              ROUND(ROUND(OFFSET($P77,0,AE$13),15-13*ORÇAMENTO!$AF$7)*OFFSET(ORÇAMENTO!$W$15,ROW(AE77)-ROW(AE$15),0),15-13*ORÇAMENTO!$AF$11)),\n         0)","v":0},{"$f":"IF(AND($D77=\"Serviço\",AF$12<>0,$H77>0,OR(AUTOEVENTO<>\"manual\",$M77<>$A$15)),\n        IF(Import.TipoArredondamento<>\"TransfereGOV\",\n              ROUND(OFFSET($P77,0,AF$13),15-13*ORÇAMENTO!$AF$7)/$H77*OFFSET(ORÇAMENTO!$X$15,ROW(AF77)-ROW(AF$15),0),\n              ROUND(ROUND(OFFSET($P77,0,AF$13),15-13*ORÇAMENTO!$AF$7)*OFFSET(ORÇAMENTO!$W$15,ROW(AF77)-ROW(AF$15),0),15-13*ORÇAMENTO!$AF$11)),\n         0)","v":0},{"$f":"IF(AND($D77=\"Serviço\",AG$12<>0,$H77>0,OR(AUTOEVENTO<>\"manual\",$M77<>$A$15)),\n        IF(Import.TipoArredondamento<>\"TransfereGOV\",\n              ROUND(OFFSET($P77,0,AG$13),15-13*ORÇAMENTO!$AF$7)/$H77*OFFSET(ORÇAMENTO!$X$15,ROW(AG77)-ROW(AG$15),0),\n              ROUND(ROUND(OFFSET($P77,0,AG$13),15-13*ORÇAMENTO!$AF$7)*OFFSET(ORÇAMENTO!$W$15,ROW(AG77)-ROW(AG$15),0),15-13*ORÇAMENTO!$AF$11)),\n         0)","v":0},{"$f":"IF(AND($D77=\"Serviço\",AH$12<>0,$H77>0,OR(AUTOEVENTO<>\"manual\",$M77<>$A$15)),\n        IF(Import.TipoArredondamento<>\"TransfereGOV\",\n              ROUND(OFFSET($P77,0,AH$13),15-13*ORÇAMENTO!$AF$7)/$H77*OFFSET(ORÇAMENTO!$X$15,ROW(AH77)-ROW(AH$15),0),\n              ROUND(ROUND(OFFSET($P77,0,AH$13),15-13*ORÇAMENTO!$AF$7)*OFFSET(ORÇAMENTO!$W$15,ROW(AH77)-ROW(AH$15),0),15-13*ORÇAMENTO!$AF$11)),\n         0)","v":0},{"$f":"IF(AND($D77=\"Serviço\",AI$12<>0,$H77>0,OR(AUTOEVENTO<>\"manual\",$M77<>$A$15)),\n        IF(Import.TipoArredondamento<>\"TransfereGOV\",\n              ROUND(OFFSET($P77,0,AI$13),15-13*ORÇAMENTO!$AF$7)/$H77*OFFSET(ORÇAMENTO!$X$15,ROW(AI77)-ROW(AI$15),0),\n              ROUND(ROUND(OFFSET($P77,0,AI$13),15-13*ORÇAMENTO!$AF$7)*OFFSET(ORÇAMENTO!$W$15,ROW(AI77)-ROW(AI$15),0),15-13*ORÇAMENTO!$AF$11)),\n         0)","v":0},{"$f":"IF(AND($D77=\"Serviço\",AJ$12<>0,$H77>0,OR(AUTOEVENTO<>\"manual\",$M77<>$A$15)),\n        IF(Import.TipoArredondamento<>\"TransfereGOV\",\n              ROUND(OFFSET($P77,0,AJ$13),15-13*ORÇAMENTO!$AF$7)/$H77*OFFSET(ORÇAMENTO!$X$15,ROW(AJ77)-ROW(AJ$15),0),\n              ROUND(ROUND(OFFSET($P77,0,AJ$13),15-13*ORÇAMENTO!$AF$7)*OFFSET(ORÇAMENTO!$W$15,ROW(AJ77)-ROW(AJ$15),0),15-13*ORÇAMENTO!$AF$11)),\n         0)","v":0},{"$f":"IF(AND($D77=\"Serviço\",AK$12<>0,$H77>0,OR(AUTOEVENTO<>\"manual\",$M77<>$A$15)),\n        IF(Import.TipoArredondamento<>\"TransfereGOV\",\n              ROUND(OFFSET($P77,0,AK$13),15-13*ORÇAMENTO!$AF$7)/$H77*OFFSET(ORÇAMENTO!$X$15,ROW(AK77)-ROW(AK$15),0),\n              ROUND(ROUND(OFFSET($P77,0,AK$13),15-13*ORÇAMENTO!$AF$7)*OFFSET(ORÇAMENTO!$W$15,ROW(AK77)-ROW(AK$15),0),15-13*ORÇAMENTO!$AF$11)),\n         0)","v":0},null,{"$f":"IF(OR($D77<>\"Serviço\",AND(AUTOEVENTO=\"Manual\",$M77=$A$15)),0,\n         IF(OFFSET(CRONOPLE!$F$15,$M77-$A$15,AM$13)=0,10^12,OFFSET(CRONOPLE!$F$15,$M77-$A$15,AM$13)))","v":1},{"$f":"IF(OR($D77<>\"Serviço\",AND(AUTOEVENTO=\"Manual\",$M77=$A$15)),0,\n         IF(OFFSET(CRONOPLE!$F$15,$M77-$A$15,AN$13)=0,10^12,OFFSET(CRONOPLE!$F$15,$M77-$A$15,AN$13)))","v":2},{"$f":"IF(OR($D77<>\"Serviço\",AND(AUTOEVENTO=\"Manual\",$M77=$A$15)),0,\n         IF(OFFSET(CRONOPLE!$F$15,$M77-$A$15,AO$13)=0,10^12,OFFSET(CRONOPLE!$F$15,$M77-$A$15,AO$13)))","v":1000000000000},{"$f":"IF(OR($D77<>\"Serviço\",AND(AUTOEVENTO=\"Manual\",$M77=$A$15)),0,\n         IF(OFFSET(CRONOPLE!$F$15,$M77-$A$15,AP$13)=0,10^12,OFFSET(CRONOPLE!$F$15,$M77-$A$15,AP$13)))","v":1000000000000},{"$f":"IF(OR($D77<>\"Serviço\",AND(AUTOEVENTO=\"Manual\",$M77=$A$15)),0,\n         IF(OFFSET(CRONOPLE!$F$15,$M77-$A$15,AQ$13)=0,10^12,OFFSET(CRONOPLE!$F$15,$M77-$A$15,AQ$13)))","v":1000000000000},{"$f":"IF(OR($D77<>\"Serviço\",AND(AUTOEVENTO=\"Manual\",$M77=$A$15)),0,\n         IF(OFFSET(CRONOPLE!$F$15,$M77-$A$15,AR$13)=0,10^12,OFFSET(CRONOPLE!$F$15,$M77-$A$15,AR$13)))","v":1000000000000},{"$f":"IF(OR($D77<>\"Serviço\",AND(AUTOEVENTO=\"Manual\",$M77=$A$15)),0,\n         IF(OFFSET(CRONOPLE!$F$15,$M77-$A$15,AS$13)=0,10^12,OFFSET(CRONOPLE!$F$15,$M77-$A$15,AS$13)))","v":1000000000000},{"$f":"IF(OR($D77<>\"Serviço\",AND(AUTOEVENTO=\"Manual\",$M77=$A$15)),0,\n         IF(OFFSET(CRONOPLE!$F$15,$M77-$A$15,AT$13)=0,10^12,OFFSET(CRONOPLE!$F$15,$M77-$A$15,AT$13)))","v":1000000000000},{"$f":"IF(OR($D77<>\"Serviço\",AND(AUTOEVENTO=\"Manual\",$M77=$A$15)),0,\n         IF(OFFSET(CRONOPLE!$F$15,$M77-$A$15,AU$13)=0,10^12,OFFSET(CRONOPLE!$F$15,$M77-$A$15,AU$13)))","v":1000000000000},{"$f":"IF(OR($D77<>\"Serviço\",AND(AUTOEVENTO=\"Manual\",$M77=$A$15)),0,\n         IF(OFFSET(CRONOPLE!$F$15,$M77-$A$15,AV$13)=0,10^12,OFFSET(CRONOPLE!$F$15,$M77-$A$15,AV$13)))","v":1000000000000},null,{"$f":"IF(OR($D77<>\"Serviço\",AND(AUTOEVENTO=\"Manual\",$M77=$A$15),$M77>(ROW(PLE.lastrow)-ROW(PLE.firstrow))),0,\n           IF(OFFSET(PLE!$G$15,$M77-$A$15,AX$13)=\"\",10^12,OFFSET(PLE!$G$15,$M77-$A$15,AX$13)))","v":1000000000000},{"$f":"IF(OR($D77<>\"Serviço\",AND(AUTOEVENTO=\"Manual\",$M77=$A$15),$M77>(ROW(PLE.lastrow)-ROW(PLE.firstrow))),0,\n           IF(OFFSET(PLE!$G$15,$M77-$A$15,AY$13)=\"\",10^12,OFFSET(PLE!$G$15,$M77-$A$15,AY$13)))","v":1000000000000},{"$f":"IF(OR($D77<>\"Serviço\",AND(AUTOEVENTO=\"Manual\",$M77=$A$15),$M77>(ROW(PLE.lastrow)-ROW(PLE.firstrow))),0,\n           IF(OFFSET(PLE!$G$15,$M77-$A$15,AZ$13)=\"\",10^12,OFFSET(PLE!$G$15,$M77-$A$15,AZ$13)))","v":1000000000000},{"$f":"IF(OR($D77<>\"Serviço\",AND(AUTOEVENTO=\"Manual\",$M77=$A$15),$M77>(ROW(PLE.lastrow)-ROW(PLE.firstrow))),0,\n           IF(OFFSET(PLE!$G$15,$M77-$A$15,BA$13)=\"\",10^12,OFFSET(PLE!$G$15,$M77-$A$15,BA$13)))","v":1000000000000},{"$f":"IF(OR($D77<>\"Serviço\",AND(AUTOEVENTO=\"Manual\",$M77=$A$15),$M77>(ROW(PLE.lastrow)-ROW(PLE.firstrow))),0,\n           IF(OFFSET(PLE!$G$15,$M77-$A$15,BB$13)=\"\",10^12,OFFSET(PLE!$G$15,$M77-$A$15,BB$13)))","v":1000000000000},{"$f":"IF(OR($D77<>\"Serviço\",AND(AUTOEVENTO=\"Manual\",$M77=$A$15),$M77>(ROW(PLE.lastrow)-ROW(PLE.firstrow))),0,\n           IF(OFFSET(PLE!$G$15,$M77-$A$15,BC$13)=\"\",10^12,OFFSET(PLE!$G$15,$M77-$A$15,BC$13)))","v":1000000000000},{"$f":"IF(OR($D77<>\"Serviço\",AND(AUTOEVENTO=\"Manual\",$M77=$A$15),$M77>(ROW(PLE.lastrow)-ROW(PLE.firstrow))),0,\n           IF(OFFSET(PLE!$G$15,$M77-$A$15,BD$13)=\"\",10^12,OFFSET(PLE!$G$15,$M77-$A$15,BD$13)))","v":1000000000000},{"$f":"IF(OR($D77<>\"Serviço\",AND(AUTOEVENTO=\"Manual\",$M77=$A$15),$M77>(ROW(PLE.lastrow)-ROW(PLE.firstrow))),0,\n           IF(OFFSET(PLE!$G$15,$M77-$A$15,BE$13)=\"\",10^12,OFFSET(PLE!$G$15,$M77-$A$15,BE$13)))","v":1000000000000},{"$f":"IF(OR($D77<>\"Serviço\",AND(AUTOEVENTO=\"Manual\",$M77=$A$15),$M77>(ROW(PLE.lastrow)-ROW(PLE.firstrow))),0,\n           IF(OFFSET(PLE!$G$15,$M77-$A$15,BF$13)=\"\",10^12,OFFSET(PLE!$G$15,$M77-$A$15,BF$13)))","v":1000000000000},{"$f":"IF(OR($D77<>\"Serviço\",AND(AUTOEVENTO=\"Manual\",$M77=$A$15),$M77>(ROW(PLE.lastrow)-ROW(PLE.firstrow))),0,\n           IF(OFFSET(PLE!$G$15,$M77-$A$15,BG$13)=\"\",10^12,OFFSET(PLE!$G$15,$M77-$A$15,BG$13)))","v":1000000000000}]
["10",{"$f":"OFFSET(ORÇAMENTO!C$15,ROW(B78)-ROW(B$15),0)","v":"S"},{"$f":"OFFSET(ORÇAMENTO!L$15,ROW(C78)-ROW(C$15),0)","v":""},{"$f":"OFFSET(ORÇAMENTO!N$15,ROW(D78)-ROW(D$15),0)","v":"Serviço"},{"$f":"OFFSET(ORÇAMENTO!O$15,ROW(E78)-ROW(E$15),0)","v":"-"},{"$f":"OFFSET(ORÇAMENTO!R$15,ROW(F78)-ROW(F$15),0)","v":"(Sem Código)"},{"$f":"IF($D78<>\"Serviço\",\"\",OFFSET(ORÇAMENTO!S$15,ROW(G78)-ROW(G$15),0))","v":"-"},{"$f":"IF($D78<>\"Serviço\",0,IF(ACOMPANHAMENTO=\"BM\",ROUND(OFFSET(ORÇAMENTO!AJ$15,ROW(H78)-ROW(H$15),0),15-13*ORÇAMENTO!$AF$7),SUMPRODUCT(($Q$1:$AA$1=1)*ROUND($Q78:$AA78,15-13*ORÇAMENTO!$AF$7))))","v":0},null,{"$f":"IF(OR(B78<>\"S\",CÁLCULO.FrentesPreenchidas=0),\"\",IF(AND(ACOMPANHAMENTO=\"PLE\",AUTOEVENTO=\"Manual\",OR(H78>0,ORÇAMENTO!AC78=\"QUANT.\"),OR(K78=\"\",M78=0,N78=\"\")),\"►E\",IF(AND(ACOMPANHAMENTO=\"PLE\",ORÇAMENTO!AC78=\"QUANT.\"),\"►Q\",IF(AND(ACOMPANHAMENTO=\"PLE\",H78<>SUMPRODUCT(($Q$1:$AA$1=1)*ROUND(Q78:AA78,15))),\"►S\",IF(AND(COUNTIF($P$11:$AA$11,\"▼\")=0,H78>0,I78=\"\"),\"◄M\",\"\")))))","v":{"$error":"#NAME?"}},null,".",{"$f":"IF($D78<>\"Serviço\",\"\",\n          IF(AUTOEVENTO=\"manual\",$A78,\n                IF(ISERROR(MATCH($A78,$A$15:OFFSET($A78,-1,0),0)),MAX($M$15:OFFSET(M78,-1,0))+1,\n                      INDEX($M$15:OFFSET(M78,-1,0),MATCH($A78,$A$15:OFFSET($A78,-1,0),0)))))","v":2},{"$f":"IF($D78<>\"Serviço\",\"\",\n         IF(AUTOEVENTO=\"Manual\",\n                IF($A78=0,\"<-- defina o número do agrupador\",\n                       OFFSET(EVENTOS!$D$15,$A78-$A$15,0)),\n                OFFSET($F$15,$A78,0)))","v":"REDE DE DISTRUIBUIÇÃO"},null,null,null,null,null,null,null,null,null,null,null,null,null,{"$f":"IF(AND($D78=\"Serviço\",AB$12<>0,$H78>0,OR(AUTOEVENTO<>\"manual\",$M78<>$A$15)),\n        IF(Import.TipoArredondamento<>\"TransfereGOV\",\n              ROUND(OFFSET($P78,0,AB$13),15-13*ORÇAMENTO!$AF$7)/$H78*OFFSET(ORÇAMENTO!$X$15,ROW(AB78)-ROW(AB$15),0),\n              ROUND(ROUND(OFFSET($P78,0,AB$13),15-13*ORÇAMENTO!$AF$7)*OFFSET(ORÇAMENTO!$W$15,ROW(AB78)-ROW(AB$15),0),15-13*ORÇAMENTO!$AF$11)),\n         0)","v":0},{"$f":"IF(AND($D78=\"Serviço\",AC$12<>0,$H78>0,OR(AUTOEVENTO<>\"manual\",$M78<>$A$15)),\n        IF(Import.TipoArredondamento<>\"TransfereGOV\",\n              ROUND(OFFSET($P78,0,AC$13),15-13*ORÇAMENTO!$AF$7)/$H78*OFFSET(ORÇAMENTO!$X$15,ROW(AC78)-ROW(AC$15),0),\n              ROUND(ROUND(OFFSET($P78,0,AC$13),15-13*ORÇAMENTO!$AF$7)*OFFSET(ORÇAMENTO!$W$15,ROW(AC78)-ROW(AC$15),0),15-13*ORÇAMENTO!$AF$11)),\n         0)","v":0},{"$f":"IF(AND($D78=\"Serviço\",AD$12<>0,$H78>0,OR(AUTOEVENTO<>\"manual\",$M78<>$A$15)),\n        IF(Import.TipoArredondamento<>\"TransfereGOV\",\n              ROUND(OFFSET($P78,0,AD$13),15-13*ORÇAMENTO!$AF$7)/$H78*OFFSET(ORÇAMENTO!$X$15,ROW(AD78)-ROW(AD$15),0),\n              ROUND(ROUND(OFFSET($P78,0,AD$13),15-13*ORÇAMENTO!$AF$7)*OFFSET(ORÇAMENTO!$W$15,ROW(AD78)-ROW(AD$15),0),15-13*ORÇAMENTO!$AF$11)),\n         0)","v":0},{"$f":"IF(AND($D78=\"Serviço\",AE$12<>0,$H78>0,OR(AUTOEVENTO<>\"manual\",$M78<>$A$15)),\n        IF(Import.TipoArredondamento<>\"TransfereGOV\",\n              ROUND(OFFSET($P78,0,AE$13),15-13*ORÇAMENTO!$AF$7)/$H78*OFFSET(ORÇAMENTO!$X$15,ROW(AE78)-ROW(AE$15),0),\n              ROUND(ROUND(OFFSET($P78,0,AE$13),15-13*ORÇAMENTO!$AF$7)*OFFSET(ORÇAMENTO!$W$15,ROW(AE78)-ROW(AE$15),0),15-13*ORÇAMENTO!$AF$11)),\n         0)","v":0},{"$f":"IF(AND($D78=\"Serviço\",AF$12<>0,$H78>0,OR(AUTOEVENTO<>\"manual\",$M78<>$A$15)),\n        IF(Import.TipoArredondamento<>\"TransfereGOV\",\n              ROUND(OFFSET($P78,0,AF$13),15-13*ORÇAMENTO!$AF$7)/$H78*OFFSET(ORÇAMENTO!$X$15,ROW(AF78)-ROW(AF$15),0),\n              ROUND(ROUND(OFFSET($P78,0,AF$13),15-13*ORÇAMENTO!$AF$7)*OFFSET(ORÇAMENTO!$W$15,ROW(AF78)-ROW(AF$15),0),15-13*ORÇAMENTO!$AF$11)),\n         0)","v":0},{"$f":"IF(AND($D78=\"Serviço\",AG$12<>0,$H78>0,OR(AUTOEVENTO<>\"manual\",$M78<>$A$15)),\n        IF(Import.TipoArredondamento<>\"TransfereGOV\",\n              ROUND(OFFSET($P78,0,AG$13),15-13*ORÇAMENTO!$AF$7)/$H78*OFFSET(ORÇAMENTO!$X$15,ROW(AG78)-ROW(AG$15),0),\n              ROUND(ROUND(OFFSET($P78,0,AG$13),15-13*ORÇAMENTO!$AF$7)*OFFSET(ORÇAMENTO!$W$15,ROW(AG78)-ROW(AG$15),0),15-13*ORÇAMENTO!$AF$11)),\n         0)","v":0},{"$f":"IF(AND($D78=\"Serviço\",AH$12<>0,$H78>0,OR(AUTOEVENTO<>\"manual\",$M78<>$A$15)),\n        IF(Import.TipoArredondamento<>\"TransfereGOV\",\n              ROUND(OFFSET($P78,0,AH$13),15-13*ORÇAMENTO!$AF$7)/$H78*OFFSET(ORÇAMENTO!$X$15,ROW(AH78)-ROW(AH$15),0),\n              ROUND(ROUND(OFFSET($P78,0,AH$13),15-13*ORÇAMENTO!$AF$7)*OFFSET(ORÇAMENTO!$W$15,ROW(AH78)-ROW(AH$15),0),15-13*ORÇAMENTO!$AF$11)),\n         0)","v":0},{"$f":"IF(AND($D78=\"Serviço\",AI$12<>0,$H78>0,OR(AUTOEVENTO<>\"manual\",$M78<>$A$15)),\n        IF(Import.TipoArredondamento<>\"TransfereGOV\",\n              ROUND(OFFSET($P78,0,AI$13),15-13*ORÇAMENTO!$AF$7)/$H78*OFFSET(ORÇAMENTO!$X$15,ROW(AI78)-ROW(AI$15),0),\n              ROUND(ROUND(OFFSET($P78,0,AI$13),15-13*ORÇAMENTO!$AF$7)*OFFSET(ORÇAMENTO!$W$15,ROW(AI78)-ROW(AI$15),0),15-13*ORÇAMENTO!$AF$11)),\n         0)","v":0},{"$f":"IF(AND($D78=\"Serviço\",AJ$12<>0,$H78>0,OR(AUTOEVENTO<>\"manual\",$M78<>$A$15)),\n        IF(Import.TipoArredondamento<>\"TransfereGOV\",\n              ROUND(OFFSET($P78,0,AJ$13),15-13*ORÇAMENTO!$AF$7)/$H78*OFFSET(ORÇAMENTO!$X$15,ROW(AJ78)-ROW(AJ$15),0),\n              ROUND(ROUND(OFFSET($P78,0,AJ$13),15-13*ORÇAMENTO!$AF$7)*OFFSET(ORÇAMENTO!$W$15,ROW(AJ78)-ROW(AJ$15),0),15-13*ORÇAMENTO!$AF$11)),\n         0)","v":0},{"$f":"IF(AND($D78=\"Serviço\",AK$12<>0,$H78>0,OR(AUTOEVENTO<>\"manual\",$M78<>$A$15)),\n        IF(Import.TipoArredondamento<>\"TransfereGOV\",\n              ROUND(OFFSET($P78,0,AK$13),15-13*ORÇAMENTO!$AF$7)/$H78*OFFSET(ORÇAMENTO!$X$15,ROW(AK78)-ROW(AK$15),0),\n              ROUND(ROUND(OFFSET($P78,0,AK$13),15-13*ORÇAMENTO!$AF$7)*OFFSET(ORÇAMENTO!$W$15,ROW(AK78)-ROW(AK$15),0),15-13*ORÇAMENTO!$AF$11)),\n         0)","v":0},null,{"$f":"IF(OR($D78<>\"Serviço\",AND(AUTOEVENTO=\"Manual\",$M78=$A$15)),0,\n         IF(OFFSET(CRONOPLE!$F$15,$M78-$A$15,AM$13)=0,10^12,OFFSET(CRONOPLE!$F$15,$M78-$A$15,AM$13)))","v":1},{"$f":"IF(OR($D78<>\"Serviço\",AND(AUTOEVENTO=\"Manual\",$M78=$A$15)),0,\n         IF(OFFSET(CRONOPLE!$F$15,$M78-$A$15,AN$13)=0,10^12,OFFSET(CRONOPLE!$F$15,$M78-$A$15,AN$13)))","v":2},{"$f":"IF(OR($D78<>\"Serviço\",AND(AUTOEVENTO=\"Manual\",$M78=$A$15)),0,\n         IF(OFFSET(CRONOPLE!$F$15,$M78-$A$15,AO$13)=0,10^12,OFFSET(CRONOPLE!$F$15,$M78-$A$15,AO$13)))","v":1000000000000},{"$f":"IF(OR($D78<>\"Serviço\",AND(AUTOEVENTO=\"Manual\",$M78=$A$15)),0,\n         IF(OFFSET(CRONOPLE!$F$15,$M78-$A$15,AP$13)=0,10^12,OFFSET(CRONOPLE!$F$15,$M78-$A$15,AP$13)))","v":1000000000000},{"$f":"IF(OR($D78<>\"Serviço\",AND(AUTOEVENTO=\"Manual\",$M78=$A$15)),0,\n         IF(OFFSET(CRONOPLE!$F$15,$M78-$A$15,AQ$13)=0,10^12,OFFSET(CRONOPLE!$F$15,$M78-$A$15,AQ$13)))","v":1000000000000},{"$f":"IF(OR($D78<>\"Serviço\",AND(AUTOEVENTO=\"Manual\",$M78=$A$15)),0,\n         IF(OFFSET(CRONOPLE!$F$15,$M78-$A$15,AR$13)=0,10^12,OFFSET(CRONOPLE!$F$15,$M78-$A$15,AR$13)))","v":1000000000000},{"$f":"IF(OR($D78<>\"Serviço\",AND(AUTOEVENTO=\"Manual\",$M78=$A$15)),0,\n         IF(OFFSET(CRONOPLE!$F$15,$M78-$A$15,AS$13)=0,10^12,OFFSET(CRONOPLE!$F$15,$M78-$A$15,AS$13)))","v":1000000000000},{"$f":"IF(OR($D78<>\"Serviço\",AND(AUTOEVENTO=\"Manual\",$M78=$A$15)),0,\n         IF(OFFSET(CRONOPLE!$F$15,$M78-$A$15,AT$13)=0,10^12,OFFSET(CRONOPLE!$F$15,$M78-$A$15,AT$13)))","v":1000000000000},{"$f":"IF(OR($D78<>\"Serviço\",AND(AUTOEVENTO=\"Manual\",$M78=$A$15)),0,\n         IF(OFFSET(CRONOPLE!$F$15,$M78-$A$15,AU$13)=0,10^12,OFFSET(CRONOPLE!$F$15,$M78-$A$15,AU$13)))","v":1000000000000},{"$f":"IF(OR($D78<>\"Serviço\",AND(AUTOEVENTO=\"Manual\",$M78=$A$15)),0,\n         IF(OFFSET(CRONOPLE!$F$15,$M78-$A$15,AV$13)=0,10^12,OFFSET(CRONOPLE!$F$15,$M78-$A$15,AV$13)))","v":1000000000000},null,{"$f":"IF(OR($D78<>\"Serviço\",AND(AUTOEVENTO=\"Manual\",$M78=$A$15),$M78>(ROW(PLE.lastrow)-ROW(PLE.firstrow))),0,\n           IF(OFFSET(PLE!$G$15,$M78-$A$15,AX$13)=\"\",10^12,OFFSET(PLE!$G$15,$M78-$A$15,AX$13)))","v":1000000000000},{"$f":"IF(OR($D78<>\"Serviço\",AND(AUTOEVENTO=\"Manual\",$M78=$A$15),$M78>(ROW(PLE.lastrow)-ROW(PLE.firstrow))),0,\n           IF(OFFSET(PLE!$G$15,$M78-$A$15,AY$13)=\"\",10^12,OFFSET(PLE!$G$15,$M78-$A$15,AY$13)))","v":1000000000000},{"$f":"IF(OR($D78<>\"Serviço\",AND(AUTOEVENTO=\"Manual\",$M78=$A$15),$M78>(ROW(PLE.lastrow)-ROW(PLE.firstrow))),0,\n           IF(OFFSET(PLE!$G$15,$M78-$A$15,AZ$13)=\"\",10^12,OFFSET(PLE!$G$15,$M78-$A$15,AZ$13)))","v":1000000000000},{"$f":"IF(OR($D78<>\"Serviço\",AND(AUTOEVENTO=\"Manual\",$M78=$A$15),$M78>(ROW(PLE.lastrow)-ROW(PLE.firstrow))),0,\n           IF(OFFSET(PLE!$G$15,$M78-$A$15,BA$13)=\"\",10^12,OFFSET(PLE!$G$15,$M78-$A$15,BA$13)))","v":1000000000000},{"$f":"IF(OR($D78<>\"Serviço\",AND(AUTOEVENTO=\"Manual\",$M78=$A$15),$M78>(ROW(PLE.lastrow)-ROW(PLE.firstrow))),0,\n           IF(OFFSET(PLE!$G$15,$M78-$A$15,BB$13)=\"\",10^12,OFFSET(PLE!$G$15,$M78-$A$15,BB$13)))","v":1000000000000},{"$f":"IF(OR($D78<>\"Serviço\",AND(AUTOEVENTO=\"Manual\",$M78=$A$15),$M78>(ROW(PLE.lastrow)-ROW(PLE.firstrow))),0,\n           IF(OFFSET(PLE!$G$15,$M78-$A$15,BC$13)=\"\",10^12,OFFSET(PLE!$G$15,$M78-$A$15,BC$13)))","v":1000000000000},{"$f":"IF(OR($D78<>\"Serviço\",AND(AUTOEVENTO=\"Manual\",$M78=$A$15),$M78>(ROW(PLE.lastrow)-ROW(PLE.firstrow))),0,\n           IF(OFFSET(PLE!$G$15,$M78-$A$15,BD$13)=\"\",10^12,OFFSET(PLE!$G$15,$M78-$A$15,BD$13)))","v":1000000000000},{"$f":"IF(OR($D78<>\"Serviço\",AND(AUTOEVENTO=\"Manual\",$M78=$A$15),$M78>(ROW(PLE.lastrow)-ROW(PLE.firstrow))),0,\n           IF(OFFSET(PLE!$G$15,$M78-$A$15,BE$13)=\"\",10^12,OFFSET(PLE!$G$15,$M78-$A$15,BE$13)))","v":1000000000000},{"$f":"IF(OR($D78<>\"Serviço\",AND(AUTOEVENTO=\"Manual\",$M78=$A$15),$M78>(ROW(PLE.lastrow)-ROW(PLE.firstrow))),0,\n           IF(OFFSET(PLE!$G$15,$M78-$A$15,BF$13)=\"\",10^12,OFFSET(PLE!$G$15,$M78-$A$15,BF$13)))","v":1000000000000},{"$f":"IF(OR($D78<>\"Serviço\",AND(AUTOEVENTO=\"Manual\",$M78=$A$15),$M78>(ROW(PLE.lastrow)-ROW(PLE.firstrow))),0,\n           IF(OFFSET(PLE!$G$15,$M78-$A$15,BG$13)=\"\",10^12,OFFSET(PLE!$G$15,$M78-$A$15,BG$13)))","v":1000000000000}]
["10",{"$f":"OFFSET(ORÇAMENTO!C$15,ROW(B79)-ROW(B$15),0)","v":"S"},{"$f":"OFFSET(ORÇAMENTO!L$15,ROW(C79)-ROW(C$15),0)","v":""},{"$f":"OFFSET(ORÇAMENTO!N$15,ROW(D79)-ROW(D$15),0)","v":"Serviço"},{"$f":"OFFSET(ORÇAMENTO!O$15,ROW(E79)-ROW(E$15),0)","v":"-"},{"$f":"OFFSET(ORÇAMENTO!R$15,ROW(F79)-ROW(F$15),0)","v":"(Sem Código)"},{"$f":"IF($D79<>\"Serviço\",\"\",OFFSET(ORÇAMENTO!S$15,ROW(G79)-ROW(G$15),0))","v":"-"},{"$f":"IF($D79<>\"Serviço\",0,IF(ACOMPANHAMENTO=\"BM\",ROUND(OFFSET(ORÇAMENTO!AJ$15,ROW(H79)-ROW(H$15),0),15-13*ORÇAMENTO!$AF$7),SUMPRODUCT(($Q$1:$AA$1=1)*ROUND($Q79:$AA79,15-13*ORÇAMENTO!$AF$7))))","v":0},null,{"$f":"IF(OR(B79<>\"S\",CÁLCULO.FrentesPreenchidas=0),\"\",IF(AND(ACOMPANHAMENTO=\"PLE\",AUTOEVENTO=\"Manual\",OR(H79>0,ORÇAMENTO!AC79=\"QUANT.\"),OR(K79=\"\",M79=0,N79=\"\")),\"►E\",IF(AND(ACOMPANHAMENTO=\"PLE\",ORÇAMENTO!AC79=\"QUANT.\"),\"►Q\",IF(AND(ACOMPANHAMENTO=\"PLE\",H79<>SUMPRODUCT(($Q$1:$AA$1=1)*ROUND(Q79:AA79,15))),\"►S\",IF(AND(COUNTIF($P$11:$AA$11,\"▼\")=0,H79>0,I79=\"\"),\"◄M\",\"\")))))","v":{"$error":"#NAME?"}},null,".",{"$f":"IF($D79<>\"Serviço\",\"\",\n          IF(AUTOEVENTO=\"manual\",$A79,\n                IF(ISERROR(MATCH($A79,$A$15:OFFSET($A79,-1,0),0)),MAX($M$15:OFFSET(M79,-1,0))+1,\n                      INDEX($M$15:OFFSET(M79,-1,0),MATCH($A79,$A$15:OFFSET($A79,-1,0),0)))))","v":2},{"$f":"IF($D79<>\"Serviço\",\"\",\n         IF(AUTOEVENTO=\"Manual\",\n                IF($A79=0,\"<-- defina o número do agrupador\",\n                       OFFSET(EVENTOS!$D$15,$A79-$A$15,0)),\n                OFFSET($F$15,$A79,0)))","v":"REDE DE DISTRUIBUIÇÃO"},null,null,null,null,null,null,null,null,null,null,null,null,null,{"$f":"IF(AND($D79=\"Serviço\",AB$12<>0,$H79>0,OR(AUTOEVENTO<>\"manual\",$M79<>$A$15)),\n        IF(Import.TipoArredondamento<>\"TransfereGOV\",\n              ROUND(OFFSET($P79,0,AB$13),15-13*ORÇAMENTO!$AF$7)/$H79*OFFSET(ORÇAMENTO!$X$15,ROW(AB79)-ROW(AB$15),0),\n              ROUND(ROUND(OFFSET($P79,0,AB$13),15-13*ORÇAMENTO!$AF$7)*OFFSET(ORÇAMENTO!$W$15,ROW(AB79)-ROW(AB$15),0),15-13*ORÇAMENTO!$AF$11)),\n         0)","v":0},{"$f":"IF(AND($D79=\"Serviço\",AC$12<>0,$H79>0,OR(AUTOEVENTO<>\"manual\",$M79<>$A$15)),\n        IF(Import.TipoArredondamento<>\"TransfereGOV\",\n              ROUND(OFFSET($P79,0,AC$13),15-13*ORÇAMENTO!$AF$7)/$H79*OFFSET(ORÇAMENTO!$X$15,ROW(AC79)-ROW(AC$15),0),\n              ROUND(ROUND(OFFSET($P79,0,AC$13),15-13*ORÇAMENTO!$AF$7)*OFFSET(ORÇAMENTO!$W$15,ROW(AC79)-ROW(AC$15),0),15-13*ORÇAMENTO!$AF$11)),\n         0)","v":0},{"$f":"IF(AND($D79=\"Serviço\",AD$12<>0,$H79>0,OR(AUTOEVENTO<>\"manual\",$M79<>$A$15)),\n        IF(Import.TipoArredondamento<>\"TransfereGOV\",\n              ROUND(OFFSET($P79,0,AD$13),15-13*ORÇAMENTO!$AF$7)/$H79*OFFSET(ORÇAMENTO!$X$15,ROW(AD79)-ROW(AD$15),0),\n              ROUND(ROUND(OFFSET($P79,0,AD$13),15-13*ORÇAMENTO!$AF$7)*OFFSET(ORÇAMENTO!$W$15,ROW(AD79)-ROW(AD$15),0),15-13*ORÇAMENTO!$AF$11)),\n         0)","v":0},{"$f":"IF(AND($D79=\"Serviço\",AE$12<>0,$H79>0,OR(AUTOEVENTO<>\"manual\",$M79<>$A$15)),\n        IF(Import.TipoArredondamento<>\"TransfereGOV\",\n              ROUND(OFFSET($P79,0,AE$13),15-13*ORÇAMENTO!$AF$7)/$H79*OFFSET(ORÇAMENTO!$X$15,ROW(AE79)-ROW(AE$15),0),\n              ROUND(ROUND(OFFSET($P79,0,AE$13),15-13*ORÇAMENTO!$AF$7)*OFFSET(ORÇAMENTO!$W$15,ROW(AE79)-ROW(AE$15),0),15-13*ORÇAMENTO!$AF$11)),\n         0)","v":0},{"$f":"IF(AND($D79=\"Serviço\",AF$12<>0,$H79>0,OR(AUTOEVENTO<>\"manual\",$M79<>$A$15)),\n        IF(Import.TipoArredondamento<>\"TransfereGOV\",\n              ROUND(OFFSET($P79,0,AF$13),15-13*ORÇAMENTO!$AF$7)/$H79*OFFSET(ORÇAMENTO!$X$15,ROW(AF79)-ROW(AF$15),0),\n              ROUND(ROUND(OFFSET($P79,0,AF$13),15-13*ORÇAMENTO!$AF$7)*OFFSET(ORÇAMENTO!$W$15,ROW(AF79)-ROW(AF$15),0),15-13*ORÇAMENTO!$AF$11)),\n         0)","v":0},{"$f":"IF(AND($D79=\"Serviço\",AG$12<>0,$H79>0,OR(AUTOEVENTO<>\"manual\",$M79<>$A$15)),\n        IF(Import.TipoArredondamento<>\"TransfereGOV\",\n              ROUND(OFFSET($P79,0,AG$13),15-13*ORÇAMENTO!$AF$7)/$H79*OFFSET(ORÇAMENTO!$X$15,ROW(AG79)-ROW(AG$15),0),\n              ROUND(ROUND(OFFSET($P79,0,AG$13),15-13*ORÇAMENTO!$AF$7)*OFFSET(ORÇAMENTO!$W$15,ROW(AG79)-ROW(AG$15),0),15-13*ORÇAMENTO!$AF$11)),\n         0)","v":0},{"$f":"IF(AND($D79=\"Serviço\",AH$12<>0,$H79>0,OR(AUTOEVENTO<>\"manual\",$M79<>$A$15)),\n        IF(Import.TipoArredondamento<>\"TransfereGOV\",\n              ROUND(OFFSET($P79,0,AH$13),15-13*ORÇAMENTO!$AF$7)/$H79*OFFSET(ORÇAMENTO!$X$15,ROW(AH79)-ROW(AH$15),0),\n              ROUND(ROUND(OFFSET($P79,0,AH$13),15-13*ORÇAMENTO!$AF$7)*OFFSET(ORÇAMENTO!$W$15,ROW(AH79)-ROW(AH$15),0),15-13*ORÇAMENTO!$AF$11)),\n         0)","v":0},{"$f":"IF(AND($D79=\"Serviço\",AI$12<>0,$H79>0,OR(AUTOEVENTO<>\"manual\",$M79<>$A$15)),\n        IF(Import.TipoArredondamento<>\"TransfereGOV\",\n              ROUND(OFFSET($P79,0,AI$13),15-13*ORÇAMENTO!$AF$7)/$H79*OFFSET(ORÇAMENTO!$X$15,ROW(AI79)-ROW(AI$15),0),\n              ROUND(ROUND(OFFSET($P79,0,AI$13),15-13*ORÇAMENTO!$AF$7)*OFFSET(ORÇAMENTO!$W$15,ROW(AI79)-ROW(AI$15),0),15-13*ORÇAMENTO!$AF$11)),\n         0)","v":0},{"$f":"IF(AND($D79=\"Serviço\",AJ$12<>0,$H79>0,OR(AUTOEVENTO<>\"manual\",$M79<>$A$15)),\n        IF(Import.TipoArredondamento<>\"TransfereGOV\",\n              ROUND(OFFSET($P79,0,AJ$13),15-13*ORÇAMENTO!$AF$7)/$H79*OFFSET(ORÇAMENTO!$X$15,ROW(AJ79)-ROW(AJ$15),0),\n              ROUND(ROUND(OFFSET($P79,0,AJ$13),15-13*ORÇAMENTO!$AF$7)*OFFSET(ORÇAMENTO!$W$15,ROW(AJ79)-ROW(AJ$15),0),15-13*ORÇAMENTO!$AF$11)),\n         0)","v":0},{"$f":"IF(AND($D79=\"Serviço\",AK$12<>0,$H79>0,OR(AUTOEVENTO<>\"manual\",$M79<>$A$15)),\n        IF(Import.TipoArredondamento<>\"TransfereGOV\",\n              ROUND(OFFSET($P79,0,AK$13),15-13*ORÇAMENTO!$AF$7)/$H79*OFFSET(ORÇAMENTO!$X$15,ROW(AK79)-ROW(AK$15),0),\n              ROUND(ROUND(OFFSET($P79,0,AK$13),15-13*ORÇAMENTO!$AF$7)*OFFSET(ORÇAMENTO!$W$15,ROW(AK79)-ROW(AK$15),0),15-13*ORÇAMENTO!$AF$11)),\n         0)","v":0},null,{"$f":"IF(OR($D79<>\"Serviço\",AND(AUTOEVENTO=\"Manual\",$M79=$A$15)),0,\n         IF(OFFSET(CRONOPLE!$F$15,$M79-$A$15,AM$13)=0,10^12,OFFSET(CRONOPLE!$F$15,$M79-$A$15,AM$13)))","v":1},{"$f":"IF(OR($D79<>\"Serviço\",AND(AUTOEVENTO=\"Manual\",$M79=$A$15)),0,\n         IF(OFFSET(CRONOPLE!$F$15,$M79-$A$15,AN$13)=0,10^12,OFFSET(CRONOPLE!$F$15,$M79-$A$15,AN$13)))","v":2},{"$f":"IF(OR($D79<>\"Serviço\",AND(AUTOEVENTO=\"Manual\",$M79=$A$15)),0,\n         IF(OFFSET(CRONOPLE!$F$15,$M79-$A$15,AO$13)=0,10^12,OFFSET(CRONOPLE!$F$15,$M79-$A$15,AO$13)))","v":1000000000000},{"$f":"IF(OR($D79<>\"Serviço\",AND(AUTOEVENTO=\"Manual\",$M79=$A$15)),0,\n         IF(OFFSET(CRONOPLE!$F$15,$M79-$A$15,AP$13)=0,10^12,OFFSET(CRONOPLE!$F$15,$M79-$A$15,AP$13)))","v":1000000000000},{"$f":"IF(OR($D79<>\"Serviço\",AND(AUTOEVENTO=\"Manual\",$M79=$A$15)),0,\n         IF(OFFSET(CRONOPLE!$F$15,$M79-$A$15,AQ$13)=0,10^12,OFFSET(CRONOPLE!$F$15,$M79-$A$15,AQ$13)))","v":1000000000000},{"$f":"IF(OR($D79<>\"Serviço\",AND(AUTOEVENTO=\"Manual\",$M79=$A$15)),0,\n         IF(OFFSET(CRONOPLE!$F$15,$M79-$A$15,AR$13)=0,10^12,OFFSET(CRONOPLE!$F$15,$M79-$A$15,AR$13)))","v":1000000000000},{"$f":"IF(OR($D79<>\"Serviço\",AND(AUTOEVENTO=\"Manual\",$M79=$A$15)),0,\n         IF(OFFSET(CRONOPLE!$F$15,$M79-$A$15,AS$13)=0,10^12,OFFSET(CRONOPLE!$F$15,$M79-$A$15,AS$13)))","v":1000000000000},{"$f":"IF(OR($D79<>\"Serviço\",AND(AUTOEVENTO=\"Manual\",$M79=$A$15)),0,\n         IF(OFFSET(CRONOPLE!$F$15,$M79-$A$15,AT$13)=0,10^12,OFFSET(CRONOPLE!$F$15,$M79-$A$15,AT$13)))","v":1000000000000},{"$f":"IF(OR($D79<>\"Serviço\",AND(AUTOEVENTO=\"Manual\",$M79=$A$15)),0,\n         IF(OFFSET(CRONOPLE!$F$15,$M79-$A$15,AU$13)=0,10^12,OFFSET(CRONOPLE!$F$15,$M79-$A$15,AU$13)))","v":1000000000000},{"$f":"IF(OR($D79<>\"Serviço\",AND(AUTOEVENTO=\"Manual\",$M79=$A$15)),0,\n         IF(OFFSET(CRONOPLE!$F$15,$M79-$A$15,AV$13)=0,10^12,OFFSET(CRONOPLE!$F$15,$M79-$A$15,AV$13)))","v":1000000000000},null,{"$f":"IF(OR($D79<>\"Serviço\",AND(AUTOEVENTO=\"Manual\",$M79=$A$15),$M79>(ROW(PLE.lastrow)-ROW(PLE.firstrow))),0,\n           IF(OFFSET(PLE!$G$15,$M79-$A$15,AX$13)=\"\",10^12,OFFSET(PLE!$G$15,$M79-$A$15,AX$13)))","v":1000000000000},{"$f":"IF(OR($D79<>\"Serviço\",AND(AUTOEVENTO=\"Manual\",$M79=$A$15),$M79>(ROW(PLE.lastrow)-ROW(PLE.firstrow))),0,\n           IF(OFFSET(PLE!$G$15,$M79-$A$15,AY$13)=\"\",10^12,OFFSET(PLE!$G$15,$M79-$A$15,AY$13)))","v":1000000000000},{"$f":"IF(OR($D79<>\"Serviço\",AND(AUTOEVENTO=\"Manual\",$M79=$A$15),$M79>(ROW(PLE.lastrow)-ROW(PLE.firstrow))),0,\n           IF(OFFSET(PLE!$G$15,$M79-$A$15,AZ$13)=\"\",10^12,OFFSET(PLE!$G$15,$M79-$A$15,AZ$13)))","v":1000000000000},{"$f":"IF(OR($D79<>\"Serviço\",AND(AUTOEVENTO=\"Manual\",$M79=$A$15),$M79>(ROW(PLE.lastrow)-ROW(PLE.firstrow))),0,\n           IF(OFFSET(PLE!$G$15,$M79-$A$15,BA$13)=\"\",10^12,OFFSET(PLE!$G$15,$M79-$A$15,BA$13)))","v":1000000000000},{"$f":"IF(OR($D79<>\"Serviço\",AND(AUTOEVENTO=\"Manual\",$M79=$A$15),$M79>(ROW(PLE.lastrow)-ROW(PLE.firstrow))),0,\n           IF(OFFSET(PLE!$G$15,$M79-$A$15,BB$13)=\"\",10^12,OFFSET(PLE!$G$15,$M79-$A$15,BB$13)))","v":1000000000000},{"$f":"IF(OR($D79<>\"Serviço\",AND(AUTOEVENTO=\"Manual\",$M79=$A$15),$M79>(ROW(PLE.lastrow)-ROW(PLE.firstrow))),0,\n           IF(OFFSET(PLE!$G$15,$M79-$A$15,BC$13)=\"\",10^12,OFFSET(PLE!$G$15,$M79-$A$15,BC$13)))","v":1000000000000},{"$f":"IF(OR($D79<>\"Serviço\",AND(AUTOEVENTO=\"Manual\",$M79=$A$15),$M79>(ROW(PLE.lastrow)-ROW(PLE.firstrow))),0,\n           IF(OFFSET(PLE!$G$15,$M79-$A$15,BD$13)=\"\",10^12,OFFSET(PLE!$G$15,$M79-$A$15,BD$13)))","v":1000000000000},{"$f":"IF(OR($D79<>\"Serviço\",AND(AUTOEVENTO=\"Manual\",$M79=$A$15),$M79>(ROW(PLE.lastrow)-ROW(PLE.firstrow))),0,\n           IF(OFFSET(PLE!$G$15,$M79-$A$15,BE$13)=\"\",10^12,OFFSET(PLE!$G$15,$M79-$A$15,BE$13)))","v":1000000000000},{"$f":"IF(OR($D79<>\"Serviço\",AND(AUTOEVENTO=\"Manual\",$M79=$A$15),$M79>(ROW(PLE.lastrow)-ROW(PLE.firstrow))),0,\n           IF(OFFSET(PLE!$G$15,$M79-$A$15,BF$13)=\"\",10^12,OFFSET(PLE!$G$15,$M79-$A$15,BF$13)))","v":1000000000000},{"$f":"IF(OR($D79<>\"Serviço\",AND(AUTOEVENTO=\"Manual\",$M79=$A$15),$M79>(ROW(PLE.lastrow)-ROW(PLE.firstrow))),0,\n           IF(OFFSET(PLE!$G$15,$M79-$A$15,BG$13)=\"\",10^12,OFFSET(PLE!$G$15,$M79-$A$15,BG$13)))","v":1000000000000}]
["10",{"$f":"OFFSET(ORÇAMENTO!C$15,ROW(B80)-ROW(B$15),0)","v":"S"},{"$f":"OFFSET(ORÇAMENTO!L$15,ROW(C80)-ROW(C$15),0)","v":""},{"$f":"OFFSET(ORÇAMENTO!N$15,ROW(D80)-ROW(D$15),0)","v":"Serviço"},{"$f":"OFFSET(ORÇAMENTO!O$15,ROW(E80)-ROW(E$15),0)","v":"-"},{"$f":"OFFSET(ORÇAMENTO!R$15,ROW(F80)-ROW(F$15),0)","v":"(Sem Código)"},{"$f":"IF($D80<>\"Serviço\",\"\",OFFSET(ORÇAMENTO!S$15,ROW(G80)-ROW(G$15),0))","v":"-"},{"$f":"IF($D80<>\"Serviço\",0,IF(ACOMPANHAMENTO=\"BM\",ROUND(OFFSET(ORÇAMENTO!AJ$15,ROW(H80)-ROW(H$15),0),15-13*ORÇAMENTO!$AF$7),SUMPRODUCT(($Q$1:$AA$1=1)*ROUND($Q80:$AA80,15-13*ORÇAMENTO!$AF$7))))","v":0},null,{"$f":"IF(OR(B80<>\"S\",CÁLCULO.FrentesPreenchidas=0),\"\",IF(AND(ACOMPANHAMENTO=\"PLE\",AUTOEVENTO=\"Manual\",OR(H80>0,ORÇAMENTO!AC80=\"QUANT.\"),OR(K80=\"\",M80=0,N80=\"\")),\"►E\",IF(AND(ACOMPANHAMENTO=\"PLE\",ORÇAMENTO!AC80=\"QUANT.\"),\"►Q\",IF(AND(ACOMPANHAMENTO=\"PLE\",H80<>SUMPRODUCT(($Q$1:$AA$1=1)*ROUND(Q80:AA80,15))),\"►S\",IF(AND(COUNTIF($P$11:$AA$11,\"▼\")=0,H80>0,I80=\"\"),\"◄M\",\"\")))))","v":{"$error":"#NAME?"}},null,".",{"$f":"IF($D80<>\"Serviço\",\"\",\n          IF(AUTOEVENTO=\"manual\",$A80,\n                IF(ISERROR(MATCH($A80,$A$15:OFFSET($A80,-1,0),0)),MAX($M$15:OFFSET(M80,-1,0))+1,\n                      INDEX($M$15:OFFSET(M80,-1,0),MATCH($A80,$A$15:OFFSET($A80,-1,0),0)))))","v":2},{"$f":"IF($D80<>\"Serviço\",\"\",\n         IF(AUTOEVENTO=\"Manual\",\n                IF($A80=0,\"<-- defina o número do agrupador\",\n                       OFFSET(EVENTOS!$D$15,$A80-$A$15,0)),\n                OFFSET($F$15,$A80,0)))","v":"REDE DE DISTRUIBUIÇÃO"},null,null,null,null,null,null,null,null,null,null,null,null,null,{"$f":"IF(AND($D80=\"Serviço\",AB$12<>0,$H80>0,OR(AUTOEVENTO<>\"manual\",$M80<>$A$15)),\n        IF(Import.TipoArredondamento<>\"TransfereGOV\",\n              ROUND(OFFSET($P80,0,AB$13),15-13*ORÇAMENTO!$AF$7)/$H80*OFFSET(ORÇAMENTO!$X$15,ROW(AB80)-ROW(AB$15),0),\n              ROUND(ROUND(OFFSET($P80,0,AB$13),15-13*ORÇAMENTO!$AF$7)*OFFSET(ORÇAMENTO!$W$15,ROW(AB80)-ROW(AB$15),0),15-13*ORÇAMENTO!$AF$11)),\n         0)","v":0},{"$f":"IF(AND($D80=\"Serviço\",AC$12<>0,$H80>0,OR(AUTOEVENTO<>\"manual\",$M80<>$A$15)),\n        IF(Import.TipoArredondamento<>\"TransfereGOV\",\n              ROUND(OFFSET($P80,0,AC$13),15-13*ORÇAMENTO!$AF$7)/$H80*OFFSET(ORÇAMENTO!$X$15,ROW(AC80)-ROW(AC$15),0),\n              ROUND(ROUND(OFFSET($P80,0,AC$13),15-13*ORÇAMENTO!$AF$7)*OFFSET(ORÇAMENTO!$W$15,ROW(AC80)-ROW(AC$15),0),15-13*ORÇAMENTO!$AF$11)),\n         0)","v":0},{"$f":"IF(AND($D80=\"Serviço\",AD$12<>0,$H80>0,OR(AUTOEVENTO<>\"manual\",$M80<>$A$15)),\n        IF(Import.TipoArredondamento<>\"TransfereGOV\",\n              ROUND(OFFSET($P80,0,AD$13),15-13*ORÇAMENTO!$AF$7)/$H80*OFFSET(ORÇAMENTO!$X$15,ROW(AD80)-ROW(AD$15),0),\n              ROUND(ROUND(OFFSET($P80,0,AD$13),15-13*ORÇAMENTO!$AF$7)*OFFSET(ORÇAMENTO!$W$15,ROW(AD80)-ROW(AD$15),0),15-13*ORÇAMENTO!$AF$11)),\n         0)","v":0},{"$f":"IF(AND($D80=\"Serviço\",AE$12<>0,$H80>0,OR(AUTOEVENTO<>\"manual\",$M80<>$A$15)),\n        IF(Import.TipoArredondamento<>\"TransfereGOV\",\n              ROUND(OFFSET($P80,0,AE$13),15-13*ORÇAMENTO!$AF$7)/$H80*OFFSET(ORÇAMENTO!$X$15,ROW(AE80)-ROW(AE$15),0),\n              ROUND(ROUND(OFFSET($P80,0,AE$13),15-13*ORÇAMENTO!$AF$7)*OFFSET(ORÇAMENTO!$W$15,ROW(AE80)-ROW(AE$15),0),15-13*ORÇAMENTO!$AF$11)),\n         0)","v":0},{"$f":"IF(AND($D80=\"Serviço\",AF$12<>0,$H80>0,OR(AUTOEVENTO<>\"manual\",$M80<>$A$15)),\n        IF(Import.TipoArredondamento<>\"TransfereGOV\",\n              ROUND(OFFSET($P80,0,AF$13),15-13*ORÇAMENTO!$AF$7)/$H80*OFFSET(ORÇAMENTO!$X$15,ROW(AF80)-ROW(AF$15),0),\n              ROUND(ROUND(OFFSET($P80,0,AF$13),15-13*ORÇAMENTO!$AF$7)*OFFSET(ORÇAMENTO!$W$15,ROW(AF80)-ROW(AF$15),0),15-13*ORÇAMENTO!$AF$11)),\n         0)","v":0},{"$f":"IF(AND($D80=\"Serviço\",AG$12<>0,$H80>0,OR(AUTOEVENTO<>\"manual\",$M80<>$A$15)),\n        IF(Import.TipoArredondamento<>\"TransfereGOV\",\n              ROUND(OFFSET($P80,0,AG$13),15-13*ORÇAMENTO!$AF$7)/$H80*OFFSET(ORÇAMENTO!$X$15,ROW(AG80)-ROW(AG$15),0),\n              ROUND(ROUND(OFFSET($P80,0,AG$13),15-13*ORÇAMENTO!$AF$7)*OFFSET(ORÇAMENTO!$W$15,ROW(AG80)-ROW(AG$15),0),15-13*ORÇAMENTO!$AF$11)),\n         0)","v":0},{"$f":"IF(AND($D80=\"Serviço\",AH$12<>0,$H80>0,OR(AUTOEVENTO<>\"manual\",$M80<>$A$15)),\n        IF(Import.TipoArredondamento<>\"TransfereGOV\",\n              ROUND(OFFSET($P80,0,AH$13),15-13*ORÇAMENTO!$AF$7)/$H80*OFFSET(ORÇAMENTO!$X$15,ROW(AH80)-ROW(AH$15),0),\n              ROUND(ROUND(OFFSET($P80,0,AH$13),15-13*ORÇAMENTO!$AF$7)*OFFSET(ORÇAMENTO!$W$15,ROW(AH80)-ROW(AH$15),0),15-13*ORÇAMENTO!$AF$11)),\n         0)","v":0},{"$f":"IF(AND($D80=\"Serviço\",AI$12<>0,$H80>0,OR(AUTOEVENTO<>\"manual\",$M80<>$A$15)),\n        IF(Import.TipoArredondamento<>\"TransfereGOV\",\n              ROUND(OFFSET($P80,0,AI$13),15-13*ORÇAMENTO!$AF$7)/$H80*OFFSET(ORÇAMENTO!$X$15,ROW(AI80)-ROW(AI$15),0),\n              ROUND(ROUND(OFFSET($P80,0,AI$13),15-13*ORÇAMENTO!$AF$7)*OFFSET(ORÇAMENTO!$W$15,ROW(AI80)-ROW(AI$15),0),15-13*ORÇAMENTO!$AF$11)),\n         0)","v":0},{"$f":"IF(AND($D80=\"Serviço\",AJ$12<>0,$H80>0,OR(AUTOEVENTO<>\"manual\",$M80<>$A$15)),\n        IF(Import.TipoArredondamento<>\"TransfereGOV\",\n              ROUND(OFFSET($P80,0,AJ$13),15-13*ORÇAMENTO!$AF$7)/$H80*OFFSET(ORÇAMENTO!$X$15,ROW(AJ80)-ROW(AJ$15),0),\n              ROUND(ROUND(OFFSET($P80,0,AJ$13),15-13*ORÇAMENTO!$AF$7)*OFFSET(ORÇAMENTO!$W$15,ROW(AJ80)-ROW(AJ$15),0),15-13*ORÇAMENTO!$AF$11)),\n         0)","v":0},{"$f":"IF(AND($D80=\"Serviço\",AK$12<>0,$H80>0,OR(AUTOEVENTO<>\"manual\",$M80<>$A$15)),\n        IF(Import.TipoArredondamento<>\"TransfereGOV\",\n              ROUND(OFFSET($P80,0,AK$13),15-13*ORÇAMENTO!$AF$7)/$H80*OFFSET(ORÇAMENTO!$X$15,ROW(AK80)-ROW(AK$15),0),\n              ROUND(ROUND(OFFSET($P80,0,AK$13),15-13*ORÇAMENTO!$AF$7)*OFFSET(ORÇAMENTO!$W$15,ROW(AK80)-ROW(AK$15),0),15-13*ORÇAMENTO!$AF$11)),\n         0)","v":0},null,{"$f":"IF(OR($D80<>\"Serviço\",AND(AUTOEVENTO=\"Manual\",$M80=$A$15)),0,\n         IF(OFFSET(CRONOPLE!$F$15,$M80-$A$15,AM$13)=0,10^12,OFFSET(CRONOPLE!$F$15,$M80-$A$15,AM$13)))","v":1},{"$f":"IF(OR($D80<>\"Serviço\",AND(AUTOEVENTO=\"Manual\",$M80=$A$15)),0,\n         IF(OFFSET(CRONOPLE!$F$15,$M80-$A$15,AN$13)=0,10^12,OFFSET(CRONOPLE!$F$15,$M80-$A$15,AN$13)))","v":2},{"$f":"IF(OR($D80<>\"Serviço\",AND(AUTOEVENTO=\"Manual\",$M80=$A$15)),0,\n         IF(OFFSET(CRONOPLE!$F$15,$M80-$A$15,AO$13)=0,10^12,OFFSET(CRONOPLE!$F$15,$M80-$A$15,AO$13)))","v":1000000000000},{"$f":"IF(OR($D80<>\"Serviço\",AND(AUTOEVENTO=\"Manual\",$M80=$A$15)),0,\n         IF(OFFSET(CRONOPLE!$F$15,$M80-$A$15,AP$13)=0,10^12,OFFSET(CRONOPLE!$F$15,$M80-$A$15,AP$13)))","v":1000000000000},{"$f":"IF(OR($D80<>\"Serviço\",AND(AUTOEVENTO=\"Manual\",$M80=$A$15)),0,\n         IF(OFFSET(CRONOPLE!$F$15,$M80-$A$15,AQ$13)=0,10^12,OFFSET(CRONOPLE!$F$15,$M80-$A$15,AQ$13)))","v":1000000000000},{"$f":"IF(OR($D80<>\"Serviço\",AND(AUTOEVENTO=\"Manual\",$M80=$A$15)),0,\n         IF(OFFSET(CRONOPLE!$F$15,$M80-$A$15,AR$13)=0,10^12,OFFSET(CRONOPLE!$F$15,$M80-$A$15,AR$13)))","v":1000000000000},{"$f":"IF(OR($D80<>\"Serviço\",AND(AUTOEVENTO=\"Manual\",$M80=$A$15)),0,\n         IF(OFFSET(CRONOPLE!$F$15,$M80-$A$15,AS$13)=0,10^12,OFFSET(CRONOPLE!$F$15,$M80-$A$15,AS$13)))","v":1000000000000},{"$f":"IF(OR($D80<>\"Serviço\",AND(AUTOEVENTO=\"Manual\",$M80=$A$15)),0,\n         IF(OFFSET(CRONOPLE!$F$15,$M80-$A$15,AT$13)=0,10^12,OFFSET(CRONOPLE!$F$15,$M80-$A$15,AT$13)))","v":1000000000000},{"$f":"IF(OR($D80<>\"Serviço\",AND(AUTOEVENTO=\"Manual\",$M80=$A$15)),0,\n         IF(OFFSET(CRONOPLE!$F$15,$M80-$A$15,AU$13)=0,10^12,OFFSET(CRONOPLE!$F$15,$M80-$A$15,AU$13)))","v":1000000000000},{"$f":"IF(OR($D80<>\"Serviço\",AND(AUTOEVENTO=\"Manual\",$M80=$A$15)),0,\n         IF(OFFSET(CRONOPLE!$F$15,$M80-$A$15,AV$13)=0,10^12,OFFSET(CRONOPLE!$F$15,$M80-$A$15,AV$13)))","v":1000000000000},null,{"$f":"IF(OR($D80<>\"Serviço\",AND(AUTOEVENTO=\"Manual\",$M80=$A$15),$M80>(ROW(PLE.lastrow)-ROW(PLE.firstrow))),0,\n           IF(OFFSET(PLE!$G$15,$M80-$A$15,AX$13)=\"\",10^12,OFFSET(PLE!$G$15,$M80-$A$15,AX$13)))","v":1000000000000},{"$f":"IF(OR($D80<>\"Serviço\",AND(AUTOEVENTO=\"Manual\",$M80=$A$15),$M80>(ROW(PLE.lastrow)-ROW(PLE.firstrow))),0,\n           IF(OFFSET(PLE!$G$15,$M80-$A$15,AY$13)=\"\",10^12,OFFSET(PLE!$G$15,$M80-$A$15,AY$13)))","v":1000000000000},{"$f":"IF(OR($D80<>\"Serviço\",AND(AUTOEVENTO=\"Manual\",$M80=$A$15),$M80>(ROW(PLE.lastrow)-ROW(PLE.firstrow))),0,\n           IF(OFFSET(PLE!$G$15,$M80-$A$15,AZ$13)=\"\",10^12,OFFSET(PLE!$G$15,$M80-$A$15,AZ$13)))","v":1000000000000},{"$f":"IF(OR($D80<>\"Serviço\",AND(AUTOEVENTO=\"Manual\",$M80=$A$15),$M80>(ROW(PLE.lastrow)-ROW(PLE.firstrow))),0,\n           IF(OFFSET(PLE!$G$15,$M80-$A$15,BA$13)=\"\",10^12,OFFSET(PLE!$G$15,$M80-$A$15,BA$13)))","v":1000000000000},{"$f":"IF(OR($D80<>\"Serviço\",AND(AUTOEVENTO=\"Manual\",$M80=$A$15),$M80>(ROW(PLE.lastrow)-ROW(PLE.firstrow))),0,\n           IF(OFFSET(PLE!$G$15,$M80-$A$15,BB$13)=\"\",10^12,OFFSET(PLE!$G$15,$M80-$A$15,BB$13)))","v":1000000000000},{"$f":"IF(OR($D80<>\"Serviço\",AND(AUTOEVENTO=\"Manual\",$M80=$A$15),$M80>(ROW(PLE.lastrow)-ROW(PLE.firstrow))),0,\n           IF(OFFSET(PLE!$G$15,$M80-$A$15,BC$13)=\"\",10^12,OFFSET(PLE!$G$15,$M80-$A$15,BC$13)))","v":1000000000000},{"$f":"IF(OR($D80<>\"Serviço\",AND(AUTOEVENTO=\"Manual\",$M80=$A$15),$M80>(ROW(PLE.lastrow)-ROW(PLE.firstrow))),0,\n           IF(OFFSET(PLE!$G$15,$M80-$A$15,BD$13)=\"\",10^12,OFFSET(PLE!$G$15,$M80-$A$15,BD$13)))","v":1000000000000},{"$f":"IF(OR($D80<>\"Serviço\",AND(AUTOEVENTO=\"Manual\",$M80=$A$15),$M80>(ROW(PLE.lastrow)-ROW(PLE.firstrow))),0,\n           IF(OFFSET(PLE!$G$15,$M80-$A$15,BE$13)=\"\",10^12,OFFSET(PLE!$G$15,$M80-$A$15,BE$13)))","v":1000000000000},{"$f":"IF(OR($D80<>\"Serviço\",AND(AUTOEVENTO=\"Manual\",$M80=$A$15),$M80>(ROW(PLE.lastrow)-ROW(PLE.firstrow))),0,\n           IF(OFFSET(PLE!$G$15,$M80-$A$15,BF$13)=\"\",10^12,OFFSET(PLE!$G$15,$M80-$A$15,BF$13)))","v":1000000000000},{"$f":"IF(OR($D80<>\"Serviço\",AND(AUTOEVENTO=\"Manual\",$M80=$A$15),$M80>(ROW(PLE.lastrow)-ROW(PLE.firstrow))),0,\n           IF(OFFSET(PLE!$G$15,$M80-$A$15,BG$13)=\"\",10^12,OFFSET(PLE!$G$15,$M80-$A$15,BG$13)))","v":1000000000000}]
["10",{"$f":"OFFSET(ORÇAMENTO!C$15,ROW(B81)-ROW(B$15),0)","v":"S"},{"$f":"OFFSET(ORÇAMENTO!L$15,ROW(C81)-ROW(C$15),0)","v":""},{"$f":"OFFSET(ORÇAMENTO!N$15,ROW(D81)-ROW(D$15),0)","v":"Serviço"},{"$f":"OFFSET(ORÇAMENTO!O$15,ROW(E81)-ROW(E$15),0)","v":"-"},{"$f":"OFFSET(ORÇAMENTO!R$15,ROW(F81)-ROW(F$15),0)","v":"(Sem Código)"},{"$f":"IF($D81<>\"Serviço\",\"\",OFFSET(ORÇAMENTO!S$15,ROW(G81)-ROW(G$15),0))","v":"-"},{"$f":"IF($D81<>\"Serviço\",0,IF(ACOMPANHAMENTO=\"BM\",ROUND(OFFSET(ORÇAMENTO!AJ$15,ROW(H81)-ROW(H$15),0),15-13*ORÇAMENTO!$AF$7),SUMPRODUCT(($Q$1:$AA$1=1)*ROUND($Q81:$AA81,15-13*ORÇAMENTO!$AF$7))))","v":0},null,{"$f":"IF(OR(B81<>\"S\",CÁLCULO.FrentesPreenchidas=0),\"\",IF(AND(ACOMPANHAMENTO=\"PLE\",AUTOEVENTO=\"Manual\",OR(H81>0,ORÇAMENTO!AC81=\"QUANT.\"),OR(K81=\"\",M81=0,N81=\"\")),\"►E\",IF(AND(ACOMPANHAMENTO=\"PLE\",ORÇAMENTO!AC81=\"QUANT.\"),\"►Q\",IF(AND(ACOMPANHAMENTO=\"PLE\",H81<>SUMPRODUCT(($Q$1:$AA$1=1)*ROUND(Q81:AA81,15))),\"►S\",IF(AND(COUNTIF($P$11:$AA$11,\"▼\")=0,H81>0,I81=\"\"),\"◄M\",\"\")))))","v":{"$error":"#NAME?"}},null,".",{"$f":"IF($D81<>\"Serviço\",\"\",\n          IF(AUTOEVENTO=\"manual\",$A81,\n                IF(ISERROR(MATCH($A81,$A$15:OFFSET($A81,-1,0),0)),MAX($M$15:OFFSET(M81,-1,0))+1,\n                      INDEX($M$15:OFFSET(M81,-1,0),MATCH($A81,$A$15:OFFSET($A81,-1,0),0)))))","v":2},{"$f":"IF($D81<>\"Serviço\",\"\",\n         IF(AUTOEVENTO=\"Manual\",\n                IF($A81=0,\"<-- defina o número do agrupador\",\n                       OFFSET(EVENTOS!$D$15,$A81-$A$15,0)),\n                OFFSET($F$15,$A81,0)))","v":"REDE DE DISTRUIBUIÇÃO"},null,null,null,null,null,null,null,null,null,null,null,null,null,{"$f":"IF(AND($D81=\"Serviço\",AB$12<>0,$H81>0,OR(AUTOEVENTO<>\"manual\",$M81<>$A$15)),\n        IF(Import.TipoArredondamento<>\"TransfereGOV\",\n              ROUND(OFFSET($P81,0,AB$13),15-13*ORÇAMENTO!$AF$7)/$H81*OFFSET(ORÇAMENTO!$X$15,ROW(AB81)-ROW(AB$15),0),\n              ROUND(ROUND(OFFSET($P81,0,AB$13),15-13*ORÇAMENTO!$AF$7)*OFFSET(ORÇAMENTO!$W$15,ROW(AB81)-ROW(AB$15),0),15-13*ORÇAMENTO!$AF$11)),\n         0)","v":0},{"$f":"IF(AND($D81=\"Serviço\",AC$12<>0,$H81>0,OR(AUTOEVENTO<>\"manual\",$M81<>$A$15)),\n        IF(Import.TipoArredondamento<>\"TransfereGOV\",\n              ROUND(OFFSET($P81,0,AC$13),15-13*ORÇAMENTO!$AF$7)/$H81*OFFSET(ORÇAMENTO!$X$15,ROW(AC81)-ROW(AC$15),0),\n              ROUND(ROUND(OFFSET($P81,0,AC$13),15-13*ORÇAMENTO!$AF$7)*OFFSET(ORÇAMENTO!$W$15,ROW(AC81)-ROW(AC$15),0),15-13*ORÇAMENTO!$AF$11)),\n         0)","v":0},{"$f":"IF(AND($D81=\"Serviço\",AD$12<>0,$H81>0,OR(AUTOEVENTO<>\"manual\",$M81<>$A$15)),\n        IF(Import.TipoArredondamento<>\"TransfereGOV\",\n              ROUND(OFFSET($P81,0,AD$13),15-13*ORÇAMENTO!$AF$7)/$H81*OFFSET(ORÇAMENTO!$X$15,ROW(AD81)-ROW(AD$15),0),\n              ROUND(ROUND(OFFSET($P81,0,AD$13),15-13*ORÇAMENTO!$AF$7)*OFFSET(ORÇAMENTO!$W$15,ROW(AD81)-ROW(AD$15),0),15-13*ORÇAMENTO!$AF$11)),\n         0)","v":0},{"$f":"IF(AND($D81=\"Serviço\",AE$12<>0,$H81>0,OR(AUTOEVENTO<>\"manual\",$M81<>$A$15)),\n        IF(Import.TipoArredondamento<>\"TransfereGOV\",\n              ROUND(OFFSET($P81,0,AE$13),15-13*ORÇAMENTO!$AF$7)/$H81*OFFSET(ORÇAMENTO!$X$15,ROW(AE81)-ROW(AE$15),0),\n              ROUND(ROUND(OFFSET($P81,0,AE$13),15-13*ORÇAMENTO!$AF$7)*OFFSET(ORÇAMENTO!$W$15,ROW(AE81)-ROW(AE$15),0),15-13*ORÇAMENTO!$AF$11)),\n         0)","v":0},{"$f":"IF(AND($D81=\"Serviço\",AF$12<>0,$H81>0,OR(AUTOEVENTO<>\"manual\",$M81<>$A$15)),\n        IF(Import.TipoArredondamento<>\"TransfereGOV\",\n              ROUND(OFFSET($P81,0,AF$13),15-13*ORÇAMENTO!$AF$7)/$H81*OFFSET(ORÇAMENTO!$X$15,ROW(AF81)-ROW(AF$15),0),\n              ROUND(ROUND(OFFSET($P81,0,AF$13),15-13*ORÇAMENTO!$AF$7)*OFFSET(ORÇAMENTO!$W$15,ROW(AF81)-ROW(AF$15),0),15-13*ORÇAMENTO!$AF$11)),\n         0)","v":0},{"$f":"IF(AND($D81=\"Serviço\",AG$12<>0,$H81>0,OR(AUTOEVENTO<>\"manual\",$M81<>$A$15)),\n        IF(Import.TipoArredondamento<>\"TransfereGOV\",\n              ROUND(OFFSET($P81,0,AG$13),15-13*ORÇAMENTO!$AF$7)/$H81*OFFSET(ORÇAMENTO!$X$15,ROW(AG81)-ROW(AG$15),0),\n              ROUND(ROUND(OFFSET($P81,0,AG$13),15-13*ORÇAMENTO!$AF$7)*OFFSET(ORÇAMENTO!$W$15,ROW(AG81)-ROW(AG$15),0),15-13*ORÇAMENTO!$AF$11)),\n         0)","v":0},{"$f":"IF(AND($D81=\"Serviço\",AH$12<>0,$H81>0,OR(AUTOEVENTO<>\"manual\",$M81<>$A$15)),\n        IF(Import.TipoArredondamento<>\"TransfereGOV\",\n              ROUND(OFFSET($P81,0,AH$13),15-13*ORÇAMENTO!$AF$7)/$H81*OFFSET(ORÇAMENTO!$X$15,ROW(AH81)-ROW(AH$15),0),\n              ROUND(ROUND(OFFSET($P81,0,AH$13),15-13*ORÇAMENTO!$AF$7)*OFFSET(ORÇAMENTO!$W$15,ROW(AH81)-ROW(AH$15),0),15-13*ORÇAMENTO!$AF$11)),\n         0)","v":0},{"$f":"IF(AND($D81=\"Serviço\",AI$12<>0,$H81>0,OR(AUTOEVENTO<>\"manual\",$M81<>$A$15)),\n        IF(Import.TipoArredondamento<>\"TransfereGOV\",\n              ROUND(OFFSET($P81,0,AI$13),15-13*ORÇAMENTO!$AF$7)/$H81*OFFSET(ORÇAMENTO!$X$15,ROW(AI81)-ROW(AI$15),0),\n              ROUND(ROUND(OFFSET($P81,0,AI$13),15-13*ORÇAMENTO!$AF$7)*OFFSET(ORÇAMENTO!$W$15,ROW(AI81)-ROW(AI$15),0),15-13*ORÇAMENTO!$AF$11)),\n         0)","v":0},{"$f":"IF(AND($D81=\"Serviço\",AJ$12<>0,$H81>0,OR(AUTOEVENTO<>\"manual\",$M81<>$A$15)),\n        IF(Import.TipoArredondamento<>\"TransfereGOV\",\n              ROUND(OFFSET($P81,0,AJ$13),15-13*ORÇAMENTO!$AF$7)/$H81*OFFSET(ORÇAMENTO!$X$15,ROW(AJ81)-ROW(AJ$15),0),\n              ROUND(ROUND(OFFSET($P81,0,AJ$13),15-13*ORÇAMENTO!$AF$7)*OFFSET(ORÇAMENTO!$W$15,ROW(AJ81)-ROW(AJ$15),0),15-13*ORÇAMENTO!$AF$11)),\n         0)","v":0},{"$f":"IF(AND($D81=\"Serviço\",AK$12<>0,$H81>0,OR(AUTOEVENTO<>\"manual\",$M81<>$A$15)),\n        IF(Import.TipoArredondamento<>\"TransfereGOV\",\n              ROUND(OFFSET($P81,0,AK$13),15-13*ORÇAMENTO!$AF$7)/$H81*OFFSET(ORÇAMENTO!$X$15,ROW(AK81)-ROW(AK$15),0),\n              ROUND(ROUND(OFFSET($P81,0,AK$13),15-13*ORÇAMENTO!$AF$7)*OFFSET(ORÇAMENTO!$W$15,ROW(AK81)-ROW(AK$15),0),15-13*ORÇAMENTO!$AF$11)),\n         0)","v":0},null,{"$f":"IF(OR($D81<>\"Serviço\",AND(AUTOEVENTO=\"Manual\",$M81=$A$15)),0,\n         IF(OFFSET(CRONOPLE!$F$15,$M81-$A$15,AM$13)=0,10^12,OFFSET(CRONOPLE!$F$15,$M81-$A$15,AM$13)))","v":1},{"$f":"IF(OR($D81<>\"Serviço\",AND(AUTOEVENTO=\"Manual\",$M81=$A$15)),0,\n         IF(OFFSET(CRONOPLE!$F$15,$M81-$A$15,AN$13)=0,10^12,OFFSET(CRONOPLE!$F$15,$M81-$A$15,AN$13)))","v":2},{"$f":"IF(OR($D81<>\"Serviço\",AND(AUTOEVENTO=\"Manual\",$M81=$A$15)),0,\n         IF(OFFSET(CRONOPLE!$F$15,$M81-$A$15,AO$13)=0,10^12,OFFSET(CRONOPLE!$F$15,$M81-$A$15,AO$13)))","v":1000000000000},{"$f":"IF(OR($D81<>\"Serviço\",AND(AUTOEVENTO=\"Manual\",$M81=$A$15)),0,\n         IF(OFFSET(CRONOPLE!$F$15,$M81-$A$15,AP$13)=0,10^12,OFFSET(CRONOPLE!$F$15,$M81-$A$15,AP$13)))","v":1000000000000},{"$f":"IF(OR($D81<>\"Serviço\",AND(AUTOEVENTO=\"Manual\",$M81=$A$15)),0,\n         IF(OFFSET(CRONOPLE!$F$15,$M81-$A$15,AQ$13)=0,10^12,OFFSET(CRONOPLE!$F$15,$M81-$A$15,AQ$13)))","v":1000000000000},{"$f":"IF(OR($D81<>\"Serviço\",AND(AUTOEVENTO=\"Manual\",$M81=$A$15)),0,\n         IF(OFFSET(CRONOPLE!$F$15,$M81-$A$15,AR$13)=0,10^12,OFFSET(CRONOPLE!$F$15,$M81-$A$15,AR$13)))","v":1000000000000},{"$f":"IF(OR($D81<>\"Serviço\",AND(AUTOEVENTO=\"Manual\",$M81=$A$15)),0,\n         IF(OFFSET(CRONOPLE!$F$15,$M81-$A$15,AS$13)=0,10^12,OFFSET(CRONOPLE!$F$15,$M81-$A$15,AS$13)))","v":1000000000000},{"$f":"IF(OR($D81<>\"Serviço\",AND(AUTOEVENTO=\"Manual\",$M81=$A$15)),0,\n         IF(OFFSET(CRONOPLE!$F$15,$M81-$A$15,AT$13)=0,10^12,OFFSET(CRONOPLE!$F$15,$M81-$A$15,AT$13)))","v":1000000000000},{"$f":"IF(OR($D81<>\"Serviço\",AND(AUTOEVENTO=\"Manual\",$M81=$A$15)),0,\n         IF(OFFSET(CRONOPLE!$F$15,$M81-$A$15,AU$13)=0,10^12,OFFSET(CRONOPLE!$F$15,$M81-$A$15,AU$13)))","v":1000000000000},{"$f":"IF(OR($D81<>\"Serviço\",AND(AUTOEVENTO=\"Manual\",$M81=$A$15)),0,\n         IF(OFFSET(CRONOPLE!$F$15,$M81-$A$15,AV$13)=0,10^12,OFFSET(CRONOPLE!$F$15,$M81-$A$15,AV$13)))","v":1000000000000},null,{"$f":"IF(OR($D81<>\"Serviço\",AND(AUTOEVENTO=\"Manual\",$M81=$A$15),$M81>(ROW(PLE.lastrow)-ROW(PLE.firstrow))),0,\n           IF(OFFSET(PLE!$G$15,$M81-$A$15,AX$13)=\"\",10^12,OFFSET(PLE!$G$15,$M81-$A$15,AX$13)))","v":1000000000000},{"$f":"IF(OR($D81<>\"Serviço\",AND(AUTOEVENTO=\"Manual\",$M81=$A$15),$M81>(ROW(PLE.lastrow)-ROW(PLE.firstrow))),0,\n           IF(OFFSET(PLE!$G$15,$M81-$A$15,AY$13)=\"\",10^12,OFFSET(PLE!$G$15,$M81-$A$15,AY$13)))","v":1000000000000},{"$f":"IF(OR($D81<>\"Serviço\",AND(AUTOEVENTO=\"Manual\",$M81=$A$15),$M81>(ROW(PLE.lastrow)-ROW(PLE.firstrow))),0,\n           IF(OFFSET(PLE!$G$15,$M81-$A$15,AZ$13)=\"\",10^12,OFFSET(PLE!$G$15,$M81-$A$15,AZ$13)))","v":1000000000000},{"$f":"IF(OR($D81<>\"Serviço\",AND(AUTOEVENTO=\"Manual\",$M81=$A$15),$M81>(ROW(PLE.lastrow)-ROW(PLE.firstrow))),0,\n           IF(OFFSET(PLE!$G$15,$M81-$A$15,BA$13)=\"\",10^12,OFFSET(PLE!$G$15,$M81-$A$15,BA$13)))","v":1000000000000},{"$f":"IF(OR($D81<>\"Serviço\",AND(AUTOEVENTO=\"Manual\",$M81=$A$15),$M81>(ROW(PLE.lastrow)-ROW(PLE.firstrow))),0,\n           IF(OFFSET(PLE!$G$15,$M81-$A$15,BB$13)=\"\",10^12,OFFSET(PLE!$G$15,$M81-$A$15,BB$13)))","v":1000000000000},{"$f":"IF(OR($D81<>\"Serviço\",AND(AUTOEVENTO=\"Manual\",$M81=$A$15),$M81>(ROW(PLE.lastrow)-ROW(PLE.firstrow))),0,\n           IF(OFFSET(PLE!$G$15,$M81-$A$15,BC$13)=\"\",10^12,OFFSET(PLE!$G$15,$M81-$A$15,BC$13)))","v":1000000000000},{"$f":"IF(OR($D81<>\"Serviço\",AND(AUTOEVENTO=\"Manual\",$M81=$A$15),$M81>(ROW(PLE.lastrow)-ROW(PLE.firstrow))),0,\n           IF(OFFSET(PLE!$G$15,$M81-$A$15,BD$13)=\"\",10^12,OFFSET(PLE!$G$15,$M81-$A$15,BD$13)))","v":1000000000000},{"$f":"IF(OR($D81<>\"Serviço\",AND(AUTOEVENTO=\"Manual\",$M81=$A$15),$M81>(ROW(PLE.lastrow)-ROW(PLE.firstrow))),0,\n           IF(OFFSET(PLE!$G$15,$M81-$A$15,BE$13)=\"\",10^12,OFFSET(PLE!$G$15,$M81-$A$15,BE$13)))","v":1000000000000},{"$f":"IF(OR($D81<>\"Serviço\",AND(AUTOEVENTO=\"Manual\",$M81=$A$15),$M81>(ROW(PLE.lastrow)-ROW(PLE.firstrow))),0,\n           IF(OFFSET(PLE!$G$15,$M81-$A$15,BF$13)=\"\",10^12,OFFSET(PLE!$G$15,$M81-$A$15,BF$13)))","v":1000000000000},{"$f":"IF(OR($D81<>\"Serviço\",AND(AUTOEVENTO=\"Manual\",$M81=$A$15),$M81>(ROW(PLE.lastrow)-ROW(PLE.firstrow))),0,\n           IF(OFFSET(PLE!$G$15,$M81-$A$15,BG$13)=\"\",10^12,OFFSET(PLE!$G$15,$M81-$A$15,BG$13)))","v":1000000000000}]
["10",{"$f":"OFFSET(ORÇAMENTO!C$15,ROW(B82)-ROW(B$15),0)","v":"S"},{"$f":"OFFSET(ORÇAMENTO!L$15,ROW(C82)-ROW(C$15),0)","v":""},{"$f":"OFFSET(ORÇAMENTO!N$15,ROW(D82)-ROW(D$15),0)","v":"Serviço"},{"$f":"OFFSET(ORÇAMENTO!O$15,ROW(E82)-ROW(E$15),0)","v":"-"},{"$f":"OFFSET(ORÇAMENTO!R$15,ROW(F82)-ROW(F$15),0)","v":"(Sem Código)"},{"$f":"IF($D82<>\"Serviço\",\"\",OFFSET(ORÇAMENTO!S$15,ROW(G82)-ROW(G$15),0))","v":"-"},{"$f":"IF($D82<>\"Serviço\",0,IF(ACOMPANHAMENTO=\"BM\",ROUND(OFFSET(ORÇAMENTO!AJ$15,ROW(H82)-ROW(H$15),0),15-13*ORÇAMENTO!$AF$7),SUMPRODUCT(($Q$1:$AA$1=1)*ROUND($Q82:$AA82,15-13*ORÇAMENTO!$AF$7))))","v":0},null,{"$f":"IF(OR(B82<>\"S\",CÁLCULO.FrentesPreenchidas=0),\"\",IF(AND(ACOMPANHAMENTO=\"PLE\",AUTOEVENTO=\"Manual\",OR(H82>0,ORÇAMENTO!AC82=\"QUANT.\"),OR(K82=\"\",M82=0,N82=\"\")),\"►E\",IF(AND(ACOMPANHAMENTO=\"PLE\",ORÇAMENTO!AC82=\"QUANT.\"),\"►Q\",IF(AND(ACOMPANHAMENTO=\"PLE\",H82<>SUMPRODUCT(($Q$1:$AA$1=1)*ROUND(Q82:AA82,15))),\"►S\",IF(AND(COUNTIF($P$11:$AA$11,\"▼\")=0,H82>0,I82=\"\"),\"◄M\",\"\")))))","v":{"$error":"#NAME?"}},null,".",{"$f":"IF($D82<>\"Serviço\",\"\",\n          IF(AUTOEVENTO=\"manual\",$A82,\n                IF(ISERROR(MATCH($A82,$A$15:OFFSET($A82,-1,0),0)),MAX($M$15:OFFSET(M82,-1,0))+1,\n                      INDEX($M$15:OFFSET(M82,-1,0),MATCH($A82,$A$15:OFFSET($A82,-1,0),0)))))","v":2},{"$f":"IF($D82<>\"Serviço\",\"\",\n         IF(AUTOEVENTO=\"Manual\",\n                IF($A82=0,\"<-- defina o número do agrupador\",\n                       OFFSET(EVENTOS!$D$15,$A82-$A$15,0)),\n                OFFSET($F$15,$A82,0)))","v":"REDE DE DISTRUIBUIÇÃO"},null,null,null,null,null,null,null,null,null,null,null,null,null,{"$f":"IF(AND($D82=\"Serviço\",AB$12<>0,$H82>0,OR(AUTOEVENTO<>\"manual\",$M82<>$A$15)),\n        IF(Import.TipoArredondamento<>\"TransfereGOV\",\n              ROUND(OFFSET($P82,0,AB$13),15-13*ORÇAMENTO!$AF$7)/$H82*OFFSET(ORÇAMENTO!$X$15,ROW(AB82)-ROW(AB$15),0),\n              ROUND(ROUND(OFFSET($P82,0,AB$13),15-13*ORÇAMENTO!$AF$7)*OFFSET(ORÇAMENTO!$W$15,ROW(AB82)-ROW(AB$15),0),15-13*ORÇAMENTO!$AF$11)),\n         0)","v":0},{"$f":"IF(AND($D82=\"Serviço\",AC$12<>0,$H82>0,OR(AUTOEVENTO<>\"manual\",$M82<>$A$15)),\n        IF(Import.TipoArredondamento<>\"TransfereGOV\",\n              ROUND(OFFSET($P82,0,AC$13),15-13*ORÇAMENTO!$AF$7)/$H82*OFFSET(ORÇAMENTO!$X$15,ROW(AC82)-ROW(AC$15),0),\n              ROUND(ROUND(OFFSET($P82,0,AC$13),15-13*ORÇAMENTO!$AF$7)*OFFSET(ORÇAMENTO!$W$15,ROW(AC82)-ROW(AC$15),0),15-13*ORÇAMENTO!$AF$11)),\n         0)","v":0},{"$f":"IF(AND($D82=\"Serviço\",AD$12<>0,$H82>0,OR(AUTOEVENTO<>\"manual\",$M82<>$A$15)),\n        IF(Import.TipoArredondamento<>\"TransfereGOV\",\n              ROUND(OFFSET($P82,0,AD$13),15-13*ORÇAMENTO!$AF$7)/$H82*OFFSET(ORÇAMENTO!$X$15,ROW(AD82)-ROW(AD$15),0),\n              ROUND(ROUND(OFFSET($P82,0,AD$13),15-13*ORÇAMENTO!$AF$7)*OFFSET(ORÇAMENTO!$W$15,ROW(AD82)-ROW(AD$15),0),15-13*ORÇAMENTO!$AF$11)),\n         0)","v":0},{"$f":"IF(AND($D82=\"Serviço\",AE$12<>0,$H82>0,OR(AUTOEVENTO<>\"manual\",$M82<>$A$15)),\n        IF(Import.TipoArredondamento<>\"TransfereGOV\",\n              ROUND(OFFSET($P82,0,AE$13),15-13*ORÇAMENTO!$AF$7)/$H82*OFFSET(ORÇAMENTO!$X$15,ROW(AE82)-ROW(AE$15),0),\n              ROUND(ROUND(OFFSET($P82,0,AE$13),15-13*ORÇAMENTO!$AF$7)*OFFSET(ORÇAMENTO!$W$15,ROW(AE82)-ROW(AE$15),0),15-13*ORÇAMENTO!$AF$11)),\n         0)","v":0},{"$f":"IF(AND($D82=\"Serviço\",AF$12<>0,$H82>0,OR(AUTOEVENTO<>\"manual\",$M82<>$A$15)),\n        IF(Import.TipoArredondamento<>\"TransfereGOV\",\n              ROUND(OFFSET($P82,0,AF$13),15-13*ORÇAMENTO!$AF$7)/$H82*OFFSET(ORÇAMENTO!$X$15,ROW(AF82)-ROW(AF$15),0),\n              ROUND(ROUND(OFFSET($P82,0,AF$13),15-13*ORÇAMENTO!$AF$7)*OFFSET(ORÇAMENTO!$W$15,ROW(AF82)-ROW(AF$15),0),15-13*ORÇAMENTO!$AF$11)),\n         0)","v":0},{"$f":"IF(AND($D82=\"Serviço\",AG$12<>0,$H82>0,OR(AUTOEVENTO<>\"manual\",$M82<>$A$15)),\n        IF(Import.TipoArredondamento<>\"TransfereGOV\",\n              ROUND(OFFSET($P82,0,AG$13),15-13*ORÇAMENTO!$AF$7)/$H82*OFFSET(ORÇAMENTO!$X$15,ROW(AG82)-ROW(AG$15),0),\n              ROUND(ROUND(OFFSET($P82,0,AG$13),15-13*ORÇAMENTO!$AF$7)*OFFSET(ORÇAMENTO!$W$15,ROW(AG82)-ROW(AG$15),0),15-13*ORÇAMENTO!$AF$11)),\n         0)","v":0},{"$f":"IF(AND($D82=\"Serviço\",AH$12<>0,$H82>0,OR(AUTOEVENTO<>\"manual\",$M82<>$A$15)),\n        IF(Import.TipoArredondamento<>\"TransfereGOV\",\n              ROUND(OFFSET($P82,0,AH$13),15-13*ORÇAMENTO!$AF$7)/$H82*OFFSET(ORÇAMENTO!$X$15,ROW(AH82)-ROW(AH$15),0),\n              ROUND(ROUND(OFFSET($P82,0,AH$13),15-13*ORÇAMENTO!$AF$7)*OFFSET(ORÇAMENTO!$W$15,ROW(AH82)-ROW(AH$15),0),15-13*ORÇAMENTO!$AF$11)),\n         0)","v":0},{"$f":"IF(AND($D82=\"Serviço\",AI$12<>0,$H82>0,OR(AUTOEVENTO<>\"manual\",$M82<>$A$15)),\n        IF(Import.TipoArredondamento<>\"TransfereGOV\",\n              ROUND(OFFSET($P82,0,AI$13),15-13*ORÇAMENTO!$AF$7)/$H82*OFFSET(ORÇAMENTO!$X$15,ROW(AI82)-ROW(AI$15),0),\n              ROUND(ROUND(OFFSET($P82,0,AI$13),15-13*ORÇAMENTO!$AF$7)*OFFSET(ORÇAMENTO!$W$15,ROW(AI82)-ROW(AI$15),0),15-13*ORÇAMENTO!$AF$11)),\n         0)","v":0},{"$f":"IF(AND($D82=\"Serviço\",AJ$12<>0,$H82>0,OR(AUTOEVENTO<>\"manual\",$M82<>$A$15)),\n        IF(Import.TipoArredondamento<>\"TransfereGOV\",\n              ROUND(OFFSET($P82,0,AJ$13),15-13*ORÇAMENTO!$AF$7)/$H82*OFFSET(ORÇAMENTO!$X$15,ROW(AJ82)-ROW(AJ$15),0),\n              ROUND(ROUND(OFFSET($P82,0,AJ$13),15-13*ORÇAMENTO!$AF$7)*OFFSET(ORÇAMENTO!$W$15,ROW(AJ82)-ROW(AJ$15),0),15-13*ORÇAMENTO!$AF$11)),\n         0)","v":0},{"$f":"IF(AND($D82=\"Serviço\",AK$12<>0,$H82>0,OR(AUTOEVENTO<>\"manual\",$M82<>$A$15)),\n        IF(Import.TipoArredondamento<>\"TransfereGOV\",\n              ROUND(OFFSET($P82,0,AK$13),15-13*ORÇAMENTO!$AF$7)/$H82*OFFSET(ORÇAMENTO!$X$15,ROW(AK82)-ROW(AK$15),0),\n              ROUND(ROUND(OFFSET($P82,0,AK$13),15-13*ORÇAMENTO!$AF$7)*OFFSET(ORÇAMENTO!$W$15,ROW(AK82)-ROW(AK$15),0),15-13*ORÇAMENTO!$AF$11)),\n         0)","v":0},null,{"$f":"IF(OR($D82<>\"Serviço\",AND(AUTOEVENTO=\"Manual\",$M82=$A$15)),0,\n         IF(OFFSET(CRONOPLE!$F$15,$M82-$A$15,AM$13)=0,10^12,OFFSET(CRONOPLE!$F$15,$M82-$A$15,AM$13)))","v":1},{"$f":"IF(OR($D82<>\"Serviço\",AND(AUTOEVENTO=\"Manual\",$M82=$A$15)),0,\n         IF(OFFSET(CRONOPLE!$F$15,$M82-$A$15,AN$13)=0,10^12,OFFSET(CRONOPLE!$F$15,$M82-$A$15,AN$13)))","v":2},{"$f":"IF(OR($D82<>\"Serviço\",AND(AUTOEVENTO=\"Manual\",$M82=$A$15)),0,\n         IF(OFFSET(CRONOPLE!$F$15,$M82-$A$15,AO$13)=0,10^12,OFFSET(CRONOPLE!$F$15,$M82-$A$15,AO$13)))","v":1000000000000},{"$f":"IF(OR($D82<>\"Serviço\",AND(AUTOEVENTO=\"Manual\",$M82=$A$15)),0,\n         IF(OFFSET(CRONOPLE!$F$15,$M82-$A$15,AP$13)=0,10^12,OFFSET(CRONOPLE!$F$15,$M82-$A$15,AP$13)))","v":1000000000000},{"$f":"IF(OR($D82<>\"Serviço\",AND(AUTOEVENTO=\"Manual\",$M82=$A$15)),0,\n         IF(OFFSET(CRONOPLE!$F$15,$M82-$A$15,AQ$13)=0,10^12,OFFSET(CRONOPLE!$F$15,$M82-$A$15,AQ$13)))","v":1000000000000},{"$f":"IF(OR($D82<>\"Serviço\",AND(AUTOEVENTO=\"Manual\",$M82=$A$15)),0,\n         IF(OFFSET(CRONOPLE!$F$15,$M82-$A$15,AR$13)=0,10^12,OFFSET(CRONOPLE!$F$15,$M82-$A$15,AR$13)))","v":1000000000000},{"$f":"IF(OR($D82<>\"Serviço\",AND(AUTOEVENTO=\"Manual\",$M82=$A$15)),0,\n         IF(OFFSET(CRONOPLE!$F$15,$M82-$A$15,AS$13)=0,10^12,OFFSET(CRONOPLE!$F$15,$M82-$A$15,AS$13)))","v":1000000000000},{"$f":"IF(OR($D82<>\"Serviço\",AND(AUTOEVENTO=\"Manual\",$M82=$A$15)),0,\n         IF(OFFSET(CRONOPLE!$F$15,$M82-$A$15,AT$13)=0,10^12,OFFSET(CRONOPLE!$F$15,$M82-$A$15,AT$13)))","v":1000000000000},{"$f":"IF(OR($D82<>\"Serviço\",AND(AUTOEVENTO=\"Manual\",$M82=$A$15)),0,\n         IF(OFFSET(CRONOPLE!$F$15,$M82-$A$15,AU$13)=0,10^12,OFFSET(CRONOPLE!$F$15,$M82-$A$15,AU$13)))","v":1000000000000},{"$f":"IF(OR($D82<>\"Serviço\",AND(AUTOEVENTO=\"Manual\",$M82=$A$15)),0,\n         IF(OFFSET(CRONOPLE!$F$15,$M82-$A$15,AV$13)=0,10^12,OFFSET(CRONOPLE!$F$15,$M82-$A$15,AV$13)))","v":1000000000000},null,{"$f":"IF(OR($D82<>\"Serviço\",AND(AUTOEVENTO=\"Manual\",$M82=$A$15),$M82>(ROW(PLE.lastrow)-ROW(PLE.firstrow))),0,\n           IF(OFFSET(PLE!$G$15,$M82-$A$15,AX$13)=\"\",10^12,OFFSET(PLE!$G$15,$M82-$A$15,AX$13)))","v":1000000000000},{"$f":"IF(OR($D82<>\"Serviço\",AND(AUTOEVENTO=\"Manual\",$M82=$A$15),$M82>(ROW(PLE.lastrow)-ROW(PLE.firstrow))),0,\n           IF(OFFSET(PLE!$G$15,$M82-$A$15,AY$13)=\"\",10^12,OFFSET(PLE!$G$15,$M82-$A$15,AY$13)))","v":1000000000000},{"$f":"IF(OR($D82<>\"Serviço\",AND(AUTOEVENTO=\"Manual\",$M82=$A$15),$M82>(ROW(PLE.lastrow)-ROW(PLE.firstrow))),0,\n           IF(OFFSET(PLE!$G$15,$M82-$A$15,AZ$13)=\"\",10^12,OFFSET(PLE!$G$15,$M82-$A$15,AZ$13)))","v":1000000000000},{"$f":"IF(OR($D82<>\"Serviço\",AND(AUTOEVENTO=\"Manual\",$M82=$A$15),$M82>(ROW(PLE.lastrow)-ROW(PLE.firstrow))),0,\n           IF(OFFSET(PLE!$G$15,$M82-$A$15,BA$13)=\"\",10^12,OFFSET(PLE!$G$15,$M82-$A$15,BA$13)))","v":1000000000000},{"$f":"IF(OR($D82<>\"Serviço\",AND(AUTOEVENTO=\"Manual\",$M82=$A$15),$M82>(ROW(PLE.lastrow)-ROW(PLE.firstrow))),0,\n           IF(OFFSET(PLE!$G$15,$M82-$A$15,BB$13)=\"\",10^12,OFFSET(PLE!$G$15,$M82-$A$15,BB$13)))","v":1000000000000},{"$f":"IF(OR($D82<>\"Serviço\",AND(AUTOEVENTO=\"Manual\",$M82=$A$15),$M82>(ROW(PLE.lastrow)-ROW(PLE.firstrow))),0,\n           IF(OFFSET(PLE!$G$15,$M82-$A$15,BC$13)=\"\",10^12,OFFSET(PLE!$G$15,$M82-$A$15,BC$13)))","v":1000000000000},{"$f":"IF(OR($D82<>\"Serviço\",AND(AUTOEVENTO=\"Manual\",$M82=$A$15),$M82>(ROW(PLE.lastrow)-ROW(PLE.firstrow))),0,\n           IF(OFFSET(PLE!$G$15,$M82-$A$15,BD$13)=\"\",10^12,OFFSET(PLE!$G$15,$M82-$A$15,BD$13)))","v":1000000000000},{"$f":"IF(OR($D82<>\"Serviço\",AND(AUTOEVENTO=\"Manual\",$M82=$A$15),$M82>(ROW(PLE.lastrow)-ROW(PLE.firstrow))),0,\n           IF(OFFSET(PLE!$G$15,$M82-$A$15,BE$13)=\"\",10^12,OFFSET(PLE!$G$15,$M82-$A$15,BE$13)))","v":1000000000000},{"$f":"IF(OR($D82<>\"Serviço\",AND(AUTOEVENTO=\"Manual\",$M82=$A$15),$M82>(ROW(PLE.lastrow)-ROW(PLE.firstrow))),0,\n           IF(OFFSET(PLE!$G$15,$M82-$A$15,BF$13)=\"\",10^12,OFFSET(PLE!$G$15,$M82-$A$15,BF$13)))","v":1000000000000},{"$f":"IF(OR($D82<>\"Serviço\",AND(AUTOEVENTO=\"Manual\",$M82=$A$15),$M82>(ROW(PLE.lastrow)-ROW(PLE.firstrow))),0,\n           IF(OFFSET(PLE!$G$15,$M82-$A$15,BG$13)=\"\",10^12,OFFSET(PLE!$G$15,$M82-$A$15,BG$13)))","v":1000000000000}]
["10",{"$f":"OFFSET(ORÇAMENTO!C$15,ROW(B83)-ROW(B$15),0)","v":"S"},{"$f":"OFFSET(ORÇAMENTO!L$15,ROW(C83)-ROW(C$15),0)","v":""},{"$f":"OFFSET(ORÇAMENTO!N$15,ROW(D83)-ROW(D$15),0)","v":"Serviço"},{"$f":"OFFSET(ORÇAMENTO!O$15,ROW(E83)-ROW(E$15),0)","v":"-"},{"$f":"OFFSET(ORÇAMENTO!R$15,ROW(F83)-ROW(F$15),0)","v":"(Sem Código)"},{"$f":"IF($D83<>\"Serviço\",\"\",OFFSET(ORÇAMENTO!S$15,ROW(G83)-ROW(G$15),0))","v":"-"},{"$f":"IF($D83<>\"Serviço\",0,IF(ACOMPANHAMENTO=\"BM\",ROUND(OFFSET(ORÇAMENTO!AJ$15,ROW(H83)-ROW(H$15),0),15-13*ORÇAMENTO!$AF$7),SUMPRODUCT(($Q$1:$AA$1=1)*ROUND($Q83:$AA83,15-13*ORÇAMENTO!$AF$7))))","v":0},null,{"$f":"IF(OR(B83<>\"S\",CÁLCULO.FrentesPreenchidas=0),\"\",IF(AND(ACOMPANHAMENTO=\"PLE\",AUTOEVENTO=\"Manual\",OR(H83>0,ORÇAMENTO!AC83=\"QUANT.\"),OR(K83=\"\",M83=0,N83=\"\")),\"►E\",IF(AND(ACOMPANHAMENTO=\"PLE\",ORÇAMENTO!AC83=\"QUANT.\"),\"►Q\",IF(AND(ACOMPANHAMENTO=\"PLE\",H83<>SUMPRODUCT(($Q$1:$AA$1=1)*ROUND(Q83:AA83,15))),\"►S\",IF(AND(COUNTIF($P$11:$AA$11,\"▼\")=0,H83>0,I83=\"\"),\"◄M\",\"\")))))","v":{"$error":"#NAME?"}},null,".",{"$f":"IF($D83<>\"Serviço\",\"\",\n          IF(AUTOEVENTO=\"manual\",$A83,\n                IF(ISERROR(MATCH($A83,$A$15:OFFSET($A83,-1,0),0)),MAX($M$15:OFFSET(M83,-1,0))+1,\n                      INDEX($M$15:OFFSET(M83,-1,0),MATCH($A83,$A$15:OFFSET($A83,-1,0),0)))))","v":2},{"$f":"IF($D83<>\"Serviço\",\"\",\n         IF(AUTOEVENTO=\"Manual\",\n                IF($A83=0,\"<-- defina o número do agrupador\",\n                       OFFSET(EVENTOS!$D$15,$A83-$A$15,0)),\n                OFFSET($F$15,$A83,0)))","v":"REDE DE DISTRUIBUIÇÃO"},null,null,null,null,null,null,null,null,null,null,null,null,null,{"$f":"IF(AND($D83=\"Serviço\",AB$12<>0,$H83>0,OR(AUTOEVENTO<>\"manual\",$M83<>$A$15)),\n        IF(Import.TipoArredondamento<>\"TransfereGOV\",\n              ROUND(OFFSET($P83,0,AB$13),15-13*ORÇAMENTO!$AF$7)/$H83*OFFSET(ORÇAMENTO!$X$15,ROW(AB83)-ROW(AB$15),0),\n              ROUND(ROUND(OFFSET($P83,0,AB$13),15-13*ORÇAMENTO!$AF$7)*OFFSET(ORÇAMENTO!$W$15,ROW(AB83)-ROW(AB$15),0),15-13*ORÇAMENTO!$AF$11)),\n         0)","v":0},{"$f":"IF(AND($D83=\"Serviço\",AC$12<>0,$H83>0,OR(AUTOEVENTO<>\"manual\",$M83<>$A$15)),\n        IF(Import.TipoArredondamento<>\"TransfereGOV\",\n              ROUND(OFFSET($P83,0,AC$13),15-13*ORÇAMENTO!$AF$7)/$H83*OFFSET(ORÇAMENTO!$X$15,ROW(AC83)-ROW(AC$15),0),\n              ROUND(ROUND(OFFSET($P83,0,AC$13),15-13*ORÇAMENTO!$AF$7)*OFFSET(ORÇAMENTO!$W$15,ROW(AC83)-ROW(AC$15),0),15-13*ORÇAMENTO!$AF$11)),\n         0)","v":0},{"$f":"IF(AND($D83=\"Serviço\",AD$12<>0,$H83>0,OR(AUTOEVENTO<>\"manual\",$M83<>$A$15)),\n        IF(Import.TipoArredondamento<>\"TransfereGOV\",\n              ROUND(OFFSET($P83,0,AD$13),15-13*ORÇAMENTO!$AF$7)/$H83*OFFSET(ORÇAMENTO!$X$15,ROW(AD83)-ROW(AD$15),0),\n              ROUND(ROUND(OFFSET($P83,0,AD$13),15-13*ORÇAMENTO!$AF$7)*OFFSET(ORÇAMENTO!$W$15,ROW(AD83)-ROW(AD$15),0),15-13*ORÇAMENTO!$AF$11)),\n         0)","v":0},{"$f":"IF(AND($D83=\"Serviço\",AE$12<>0,$H83>0,OR(AUTOEVENTO<>\"manual\",$M83<>$A$15)),\n        IF(Import.TipoArredondamento<>\"TransfereGOV\",\n              ROUND(OFFSET($P83,0,AE$13),15-13*ORÇAMENTO!$AF$7)/$H83*OFFSET(ORÇAMENTO!$X$15,ROW(AE83)-ROW(AE$15),0),\n              ROUND(ROUND(OFFSET($P83,0,AE$13),15-13*ORÇAMENTO!$AF$7)*OFFSET(ORÇAMENTO!$W$15,ROW(AE83)-ROW(AE$15),0),15-13*ORÇAMENTO!$AF$11)),\n         0)","v":0},{"$f":"IF(AND($D83=\"Serviço\",AF$12<>0,$H83>0,OR(AUTOEVENTO<>\"manual\",$M83<>$A$15)),\n        IF(Import.TipoArredondamento<>\"TransfereGOV\",\n              ROUND(OFFSET($P83,0,AF$13),15-13*ORÇAMENTO!$AF$7)/$H83*OFFSET(ORÇAMENTO!$X$15,ROW(AF83)-ROW(AF$15),0),\n              ROUND(ROUND(OFFSET($P83,0,AF$13),15-13*ORÇAMENTO!$AF$7)*OFFSET(ORÇAMENTO!$W$15,ROW(AF83)-ROW(AF$15),0),15-13*ORÇAMENTO!$AF$11)),\n         0)","v":0},{"$f":"IF(AND($D83=\"Serviço\",AG$12<>0,$H83>0,OR(AUTOEVENTO<>\"manual\",$M83<>$A$15)),\n        IF(Import.TipoArredondamento<>\"TransfereGOV\",\n              ROUND(OFFSET($P83,0,AG$13),15-13*ORÇAMENTO!$AF$7)/$H83*OFFSET(ORÇAMENTO!$X$15,ROW(AG83)-ROW(AG$15),0),\n              ROUND(ROUND(OFFSET($P83,0,AG$13),15-13*ORÇAMENTO!$AF$7)*OFFSET(ORÇAMENTO!$W$15,ROW(AG83)-ROW(AG$15),0),15-13*ORÇAMENTO!$AF$11)),\n         0)","v":0},{"$f":"IF(AND($D83=\"Serviço\",AH$12<>0,$H83>0,OR(AUTOEVENTO<>\"manual\",$M83<>$A$15)),\n        IF(Import.TipoArredondamento<>\"TransfereGOV\",\n              ROUND(OFFSET($P83,0,AH$13),15-13*ORÇAMENTO!$AF$7)/$H83*OFFSET(ORÇAMENTO!$X$15,ROW(AH83)-ROW(AH$15),0),\n              ROUND(ROUND(OFFSET($P83,0,AH$13),15-13*ORÇAMENTO!$AF$7)*OFFSET(ORÇAMENTO!$W$15,ROW(AH83)-ROW(AH$15),0),15-13*ORÇAMENTO!$AF$11)),\n         0)","v":0},{"$f":"IF(AND($D83=\"Serviço\",AI$12<>0,$H83>0,OR(AUTOEVENTO<>\"manual\",$M83<>$A$15)),\n        IF(Import.TipoArredondamento<>\"TransfereGOV\",\n              ROUND(OFFSET($P83,0,AI$13),15-13*ORÇAMENTO!$AF$7)/$H83*OFFSET(ORÇAMENTO!$X$15,ROW(AI83)-ROW(AI$15),0),\n              ROUND(ROUND(OFFSET($P83,0,AI$13),15-13*ORÇAMENTO!$AF$7)*OFFSET(ORÇAMENTO!$W$15,ROW(AI83)-ROW(AI$15),0),15-13*ORÇAMENTO!$AF$11)),\n         0)","v":0},{"$f":"IF(AND($D83=\"Serviço\",AJ$12<>0,$H83>0,OR(AUTOEVENTO<>\"manual\",$M83<>$A$15)),\n        IF(Import.TipoArredondamento<>\"TransfereGOV\",\n              ROUND(OFFSET($P83,0,AJ$13),15-13*ORÇAMENTO!$AF$7)/$H83*OFFSET(ORÇAMENTO!$X$15,ROW(AJ83)-ROW(AJ$15),0),\n              ROUND(ROUND(OFFSET($P83,0,AJ$13),15-13*ORÇAMENTO!$AF$7)*OFFSET(ORÇAMENTO!$W$15,ROW(AJ83)-ROW(AJ$15),0),15-13*ORÇAMENTO!$AF$11)),\n         0)","v":0},{"$f":"IF(AND($D83=\"Serviço\",AK$12<>0,$H83>0,OR(AUTOEVENTO<>\"manual\",$M83<>$A$15)),\n        IF(Import.TipoArredondamento<>\"TransfereGOV\",\n              ROUND(OFFSET($P83,0,AK$13),15-13*ORÇAMENTO!$AF$7)/$H83*OFFSET(ORÇAMENTO!$X$15,ROW(AK83)-ROW(AK$15),0),\n              ROUND(ROUND(OFFSET($P83,0,AK$13),15-13*ORÇAMENTO!$AF$7)*OFFSET(ORÇAMENTO!$W$15,ROW(AK83)-ROW(AK$15),0),15-13*ORÇAMENTO!$AF$11)),\n         0)","v":0},null,{"$f":"IF(OR($D83<>\"Serviço\",AND(AUTOEVENTO=\"Manual\",$M83=$A$15)),0,\n         IF(OFFSET(CRONOPLE!$F$15,$M83-$A$15,AM$13)=0,10^12,OFFSET(CRONOPLE!$F$15,$M83-$A$15,AM$13)))","v":1},{"$f":"IF(OR($D83<>\"Serviço\",AND(AUTOEVENTO=\"Manual\",$M83=$A$15)),0,\n         IF(OFFSET(CRONOPLE!$F$15,$M83-$A$15,AN$13)=0,10^12,OFFSET(CRONOPLE!$F$15,$M83-$A$15,AN$13)))","v":2},{"$f":"IF(OR($D83<>\"Serviço\",AND(AUTOEVENTO=\"Manual\",$M83=$A$15)),0,\n         IF(OFFSET(CRONOPLE!$F$15,$M83-$A$15,AO$13)=0,10^12,OFFSET(CRONOPLE!$F$15,$M83-$A$15,AO$13)))","v":1000000000000},{"$f":"IF(OR($D83<>\"Serviço\",AND(AUTOEVENTO=\"Manual\",$M83=$A$15)),0,\n         IF(OFFSET(CRONOPLE!$F$15,$M83-$A$15,AP$13)=0,10^12,OFFSET(CRONOPLE!$F$15,$M83-$A$15,AP$13)))","v":1000000000000},{"$f":"IF(OR($D83<>\"Serviço\",AND(AUTOEVENTO=\"Manual\",$M83=$A$15)),0,\n         IF(OFFSET(CRONOPLE!$F$15,$M83-$A$15,AQ$13)=0,10^12,OFFSET(CRONOPLE!$F$15,$M83-$A$15,AQ$13)))","v":1000000000000},{"$f":"IF(OR($D83<>\"Serviço\",AND(AUTOEVENTO=\"Manual\",$M83=$A$15)),0,\n         IF(OFFSET(CRONOPLE!$F$15,$M83-$A$15,AR$13)=0,10^12,OFFSET(CRONOPLE!$F$15,$M83-$A$15,AR$13)))","v":1000000000000},{"$f":"IF(OR($D83<>\"Serviço\",AND(AUTOEVENTO=\"Manual\",$M83=$A$15)),0,\n         IF(OFFSET(CRONOPLE!$F$15,$M83-$A$15,AS$13)=0,10^12,OFFSET(CRONOPLE!$F$15,$M83-$A$15,AS$13)))","v":1000000000000},{"$f":"IF(OR($D83<>\"Serviço\",AND(AUTOEVENTO=\"Manual\",$M83=$A$15)),0,\n         IF(OFFSET(CRONOPLE!$F$15,$M83-$A$15,AT$13)=0,10^12,OFFSET(CRONOPLE!$F$15,$M83-$A$15,AT$13)))","v":1000000000000},{"$f":"IF(OR($D83<>\"Serviço\",AND(AUTOEVENTO=\"Manual\",$M83=$A$15)),0,\n         IF(OFFSET(CRONOPLE!$F$15,$M83-$A$15,AU$13)=0,10^12,OFFSET(CRONOPLE!$F$15,$M83-$A$15,AU$13)))","v":1000000000000},{"$f":"IF(OR($D83<>\"Serviço\",AND(AUTOEVENTO=\"Manual\",$M83=$A$15)),0,\n         IF(OFFSET(CRONOPLE!$F$15,$M83-$A$15,AV$13)=0,10^12,OFFSET(CRONOPLE!$F$15,$M83-$A$15,AV$13)))","v":1000000000000},null,{"$f":"IF(OR($D83<>\"Serviço\",AND(AUTOEVENTO=\"Manual\",$M83=$A$15),$M83>(ROW(PLE.lastrow)-ROW(PLE.firstrow))),0,\n           IF(OFFSET(PLE!$G$15,$M83-$A$15,AX$13)=\"\",10^12,OFFSET(PLE!$G$15,$M83-$A$15,AX$13)))","v":1000000000000},{"$f":"IF(OR($D83<>\"Serviço\",AND(AUTOEVENTO=\"Manual\",$M83=$A$15),$M83>(ROW(PLE.lastrow)-ROW(PLE.firstrow))),0,\n           IF(OFFSET(PLE!$G$15,$M83-$A$15,AY$13)=\"\",10^12,OFFSET(PLE!$G$15,$M83-$A$15,AY$13)))","v":1000000000000},{"$f":"IF(OR($D83<>\"Serviço\",AND(AUTOEVENTO=\"Manual\",$M83=$A$15),$M83>(ROW(PLE.lastrow)-ROW(PLE.firstrow))),0,\n           IF(OFFSET(PLE!$G$15,$M83-$A$15,AZ$13)=\"\",10^12,OFFSET(PLE!$G$15,$M83-$A$15,AZ$13)))","v":1000000000000},{"$f":"IF(OR($D83<>\"Serviço\",AND(AUTOEVENTO=\"Manual\",$M83=$A$15),$M83>(ROW(PLE.lastrow)-ROW(PLE.firstrow))),0,\n           IF(OFFSET(PLE!$G$15,$M83-$A$15,BA$13)=\"\",10^12,OFFSET(PLE!$G$15,$M83-$A$15,BA$13)))","v":1000000000000},{"$f":"IF(OR($D83<>\"Serviço\",AND(AUTOEVENTO=\"Manual\",$M83=$A$15),$M83>(ROW(PLE.lastrow)-ROW(PLE.firstrow))),0,\n           IF(OFFSET(PLE!$G$15,$M83-$A$15,BB$13)=\"\",10^12,OFFSET(PLE!$G$15,$M83-$A$15,BB$13)))","v":1000000000000},{"$f":"IF(OR($D83<>\"Serviço\",AND(AUTOEVENTO=\"Manual\",$M83=$A$15),$M83>(ROW(PLE.lastrow)-ROW(PLE.firstrow))),0,\n           IF(OFFSET(PLE!$G$15,$M83-$A$15,BC$13)=\"\",10^12,OFFSET(PLE!$G$15,$M83-$A$15,BC$13)))","v":1000000000000},{"$f":"IF(OR($D83<>\"Serviço\",AND(AUTOEVENTO=\"Manual\",$M83=$A$15),$M83>(ROW(PLE.lastrow)-ROW(PLE.firstrow))),0,\n           IF(OFFSET(PLE!$G$15,$M83-$A$15,BD$13)=\"\",10^12,OFFSET(PLE!$G$15,$M83-$A$15,BD$13)))","v":1000000000000},{"$f":"IF(OR($D83<>\"Serviço\",AND(AUTOEVENTO=\"Manual\",$M83=$A$15),$M83>(ROW(PLE.lastrow)-ROW(PLE.firstrow))),0,\n           IF(OFFSET(PLE!$G$15,$M83-$A$15,BE$13)=\"\",10^12,OFFSET(PLE!$G$15,$M83-$A$15,BE$13)))","v":1000000000000},{"$f":"IF(OR($D83<>\"Serviço\",AND(AUTOEVENTO=\"Manual\",$M83=$A$15),$M83>(ROW(PLE.lastrow)-ROW(PLE.firstrow))),0,\n           IF(OFFSET(PLE!$G$15,$M83-$A$15,BF$13)=\"\",10^12,OFFSET(PLE!$G$15,$M83-$A$15,BF$13)))","v":1000000000000},{"$f":"IF(OR($D83<>\"Serviço\",AND(AUTOEVENTO=\"Manual\",$M83=$A$15),$M83>(ROW(PLE.lastrow)-ROW(PLE.firstrow))),0,\n           IF(OFFSET(PLE!$G$15,$M83-$A$15,BG$13)=\"\",10^12,OFFSET(PLE!$G$15,$M83-$A$15,BG$13)))","v":1000000000000}]
[{"$f":"IFERROR(IF(AUTOEVENTO=\"Manual\",IF(K84<>\"\",MIN(VALUE(LEFT(K84,FIND(\".\",K84)-1)),COUNTA(EVENTOS.Lista)),0),IF(OR($B84>AUTOEVENTO,$B84=\"S\",$B84=0),SUBSTITUTE(OFFSET($A84,-1,0),IF($D84=\"Serviço\",\".\",\"\"),\"\"),ROW(A84)-ROW($A$15)&\".\")),0)","v":"10"},{"$f":"OFFSET(ORÇAMENTO!C$15,ROW(B84)-ROW(B$15),0)","v":"S"},{"$f":"OFFSET(ORÇAMENTO!L$15,ROW(C84)-ROW(C$15),0)","v":""},{"$f":"OFFSET(ORÇAMENTO!N$15,ROW(D84)-ROW(D$15),0)","v":"Serviço"},{"$f":"OFFSET(ORÇAMENTO!O$15,ROW(E84)-ROW(E$15),0)","v":"-"},{"$f":"OFFSET(ORÇAMENTO!R$15,ROW(F84)-ROW(F$15),0)","v":"(Sem Código)"},{"$f":"IF($D84<>\"Serviço\",\"\",OFFSET(ORÇAMENTO!S$15,ROW(G84)-ROW(G$15),0))","v":"-"},{"$f":"IF($D84<>\"Serviço\",0,IF(ACOMPANHAMENTO=\"BM\",ROUND(OFFSET(ORÇAMENTO!AJ$15,ROW(H84)-ROW(H$15),0),15-13*ORÇAMENTO!$AF$7),SUMPRODUCT(($Q$1:$AA$1=1)*ROUND($Q84:$AA84,15-13*ORÇAMENTO!$AF$7))))","v":0},null,{"$f":"IF(OR(B84<>\"S\",CÁLCULO.FrentesPreenchidas=0),\"\",IF(AND(ACOMPANHAMENTO=\"PLE\",AUTOEVENTO=\"Manual\",OR(H84>0,ORÇAMENTO!AC84=\"QUANT.\"),OR(K84=\"\",M84=0,N84=\"\")),\"►E\",IF(AND(ACOMPANHAMENTO=\"PLE\",ORÇAMENTO!AC84=\"QUANT.\"),\"►Q\",IF(AND(ACOMPANHAMENTO=\"PLE\",H84<>SUMPRODUCT(($Q$1:$AA$1=1)*ROUND(Q84:AA84,15))),\"►S\",IF(AND(COUNTIF($P$11:$AA$11,\"▼\")=0,H84>0,I84=\"\"),\"◄M\",\"\")))))","v":{"$error":"#NAME?"}},null,".",{"$f":"IF($D84<>\"Serviço\",\"\",\n          IF(AUTOEVENTO=\"manual\",$A84,\n                IF(ISERROR(MATCH($A84,$A$15:OFFSET($A84,-1,0),0)),MAX($M$15:OFFSET(M84,-1,0))+1,\n                      INDEX($M$15:OFFSET(M84,-1,0),MATCH($A84,$A$15:OFFSET($A84,-1,0),0)))))","v":2},{"$f":"IF($D84<>\"Serviço\",\"\",\n         IF(AUTOEVENTO=\"Manual\",\n                IF($A84=0,\"<-- defina o número do agrupador\",\n                       OFFSET(EVENTOS!$D$15,$A84-$A$15,0)),\n                OFFSET($F$15,$A84,0)))","v":"REDE DE DISTRUIBUIÇÃO"},null,null,null,null,null,null,null,null,null,null,null,null,null,{"$f":"IF(AND($D84=\"Serviço\",AB$12<>0,$H84>0,OR(AUTOEVENTO<>\"manual\",$M84<>$A$15)),\n        IF(Import.TipoArredondamento<>\"TransfereGOV\",\n              ROUND(OFFSET($P84,0,AB$13),15-13*ORÇAMENTO!$AF$7)/$H84*OFFSET(ORÇAMENTO!$X$15,ROW(AB84)-ROW(AB$15),0),\n              ROUND(ROUND(OFFSET($P84,0,AB$13),15-13*ORÇAMENTO!$AF$7)*OFFSET(ORÇAMENTO!$W$15,ROW(AB84)-ROW(AB$15),0),15-13*ORÇAMENTO!$AF$11)),\n         0)","v":0},{"$f":"IF(AND($D84=\"Serviço\",AC$12<>0,$H84>0,OR(AUTOEVENTO<>\"manual\",$M84<>$A$15)),\n        IF(Import.TipoArredondamento<>\"TransfereGOV\",\n              ROUND(OFFSET($P84,0,AC$13),15-13*ORÇAMENTO!$AF$7)/$H84*OFFSET(ORÇAMENTO!$X$15,ROW(AC84)-ROW(AC$15),0),\n              ROUND(ROUND(OFFSET($P84,0,AC$13),15-13*ORÇAMENTO!$AF$7)*OFFSET(ORÇAMENTO!$W$15,ROW(AC84)-ROW(AC$15),0),15-13*ORÇAMENTO!$AF$11)),\n         0)","v":0},{"$f":"IF(AND($D84=\"Serviço\",AD$12<>0,$H84>0,OR(AUTOEVENTO<>\"manual\",$M84<>$A$15)),\n        IF(Import.TipoArredondamento<>\"TransfereGOV\",\n              ROUND(OFFSET($P84,0,AD$13),15-13*ORÇAMENTO!$AF$7)/$H84*OFFSET(ORÇAMENTO!$X$15,ROW(AD84)-ROW(AD$15),0),\n              ROUND(ROUND(OFFSET($P84,0,AD$13),15-13*ORÇAMENTO!$AF$7)*OFFSET(ORÇAMENTO!$W$15,ROW(AD84)-ROW(AD$15),0),15-13*ORÇAMENTO!$AF$11)),\n         0)","v":0},{"$f":"IF(AND($D84=\"Serviço\",AE$12<>0,$H84>0,OR(AUTOEVENTO<>\"manual\",$M84<>$A$15)),\n        IF(Import.TipoArredondamento<>\"TransfereGOV\",\n              ROUND(OFFSET($P84,0,AE$13),15-13*ORÇAMENTO!$AF$7)/$H84*OFFSET(ORÇAMENTO!$X$15,ROW(AE84)-ROW(AE$15),0),\n              ROUND(ROUND(OFFSET($P84,0,AE$13),15-13*ORÇAMENTO!$AF$7)*OFFSET(ORÇAMENTO!$W$15,ROW(AE84)-ROW(AE$15),0),15-13*ORÇAMENTO!$AF$11)),\n         0)","v":0},{"$f":"IF(AND($D84=\"Serviço\",AF$12<>0,$H84>0,OR(AUTOEVENTO<>\"manual\",$M84<>$A$15)),\n        IF(Import.TipoArredondamento<>\"TransfereGOV\",\n              ROUND(OFFSET($P84,0,AF$13),15-13*ORÇAMENTO!$AF$7)/$H84*OFFSET(ORÇAMENTO!$X$15,ROW(AF84)-ROW(AF$15),0),\n              ROUND(ROUND(OFFSET($P84,0,AF$13),15-13*ORÇAMENTO!$AF$7)*OFFSET(ORÇAMENTO!$W$15,ROW(AF84)-ROW(AF$15),0),15-13*ORÇAMENTO!$AF$11)),\n         0)","v":0},{"$f":"IF(AND($D84=\"Serviço\",AG$12<>0,$H84>0,OR(AUTOEVENTO<>\"manual\",$M84<>$A$15)),\n        IF(Import.TipoArredondamento<>\"TransfereGOV\",\n              ROUND(OFFSET($P84,0,AG$13),15-13*ORÇAMENTO!$AF$7)/$H84*OFFSET(ORÇAMENTO!$X$15,ROW(AG84)-ROW(AG$15),0),\n              ROUND(ROUND(OFFSET($P84,0,AG$13),15-13*ORÇAMENTO!$AF$7)*OFFSET(ORÇAMENTO!$W$15,ROW(AG84)-ROW(AG$15),0),15-13*ORÇAMENTO!$AF$11)),\n         0)","v":0},{"$f":"IF(AND($D84=\"Serviço\",AH$12<>0,$H84>0,OR(AUTOEVENTO<>\"manual\",$M84<>$A$15)),\n        IF(Import.TipoArredondamento<>\"TransfereGOV\",\n              ROUND(OFFSET($P84,0,AH$13),15-13*ORÇAMENTO!$AF$7)/$H84*OFFSET(ORÇAMENTO!$X$15,ROW(AH84)-ROW(AH$15),0),\n              ROUND(ROUND(OFFSET($P84,0,AH$13),15-13*ORÇAMENTO!$AF$7)*OFFSET(ORÇAMENTO!$W$15,ROW(AH84)-ROW(AH$15),0),15-13*ORÇAMENTO!$AF$11)),\n         0)","v":0},{"$f":"IF(AND($D84=\"Serviço\",AI$12<>0,$H84>0,OR(AUTOEVENTO<>\"manual\",$M84<>$A$15)),\n        IF(Import.TipoArredondamento<>\"TransfereGOV\",\n              ROUND(OFFSET($P84,0,AI$13),15-13*ORÇAMENTO!$AF$7)/$H84*OFFSET(ORÇAMENTO!$X$15,ROW(AI84)-ROW(AI$15),0),\n              ROUND(ROUND(OFFSET($P84,0,AI$13),15-13*ORÇAMENTO!$AF$7)*OFFSET(ORÇAMENTO!$W$15,ROW(AI84)-ROW(AI$15),0),15-13*ORÇAMENTO!$AF$11)),\n         0)","v":0},{"$f":"IF(AND($D84=\"Serviço\",AJ$12<>0,$H84>0,OR(AUTOEVENTO<>\"manual\",$M84<>$A$15)),\n        IF(Import.TipoArredondamento<>\"TransfereGOV\",\n              ROUND(OFFSET($P84,0,AJ$13),15-13*ORÇAMENTO!$AF$7)/$H84*OFFSET(ORÇAMENTO!$X$15,ROW(AJ84)-ROW(AJ$15),0),\n              ROUND(ROUND(OFFSET($P84,0,AJ$13),15-13*ORÇAMENTO!$AF$7)*OFFSET(ORÇAMENTO!$W$15,ROW(AJ84)-ROW(AJ$15),0),15-13*ORÇAMENTO!$AF$11)),\n         0)","v":0},{"$f":"IF(AND($D84=\"Serviço\",AK$12<>0,$H84>0,OR(AUTOEVENTO<>\"manual\",$M84<>$A$15)),\n        IF(Import.TipoArredondamento<>\"TransfereGOV\",\n              ROUND(OFFSET($P84,0,AK$13),15-13*ORÇAMENTO!$AF$7)/$H84*OFFSET(ORÇAMENTO!$X$15,ROW(AK84)-ROW(AK$15),0),\n              ROUND(ROUND(OFFSET($P84,0,AK$13),15-13*ORÇAMENTO!$AF$7)*OFFSET(ORÇAMENTO!$W$15,ROW(AK84)-ROW(AK$15),0),15-13*ORÇAMENTO!$AF$11)),\n         0)","v":0},null,{"$f":"IF(OR($D84<>\"Serviço\",AND(AUTOEVENTO=\"Manual\",$M84=$A$15)),0,\n         IF(OFFSET(CRONOPLE!$F$15,$M84-$A$15,AM$13)=0,10^12,OFFSET(CRONOPLE!$F$15,$M84-$A$15,AM$13)))","v":1},{"$f":"IF(OR($D84<>\"Serviço\",AND(AUTOEVENTO=\"Manual\",$M84=$A$15)),0,\n         IF(OFFSET(CRONOPLE!$F$15,$M84-$A$15,AN$13)=0,10^12,OFFSET(CRONOPLE!$F$15,$M84-$A$15,AN$13)))","v":2},{"$f":"IF(OR($D84<>\"Serviço\",AND(AUTOEVENTO=\"Manual\",$M84=$A$15)),0,\n         IF(OFFSET(CRONOPLE!$F$15,$M84-$A$15,AO$13)=0,10^12,OFFSET(CRONOPLE!$F$15,$M84-$A$15,AO$13)))","v":1000000000000},{"$f":"IF(OR($D84<>\"Serviço\",AND(AUTOEVENTO=\"Manual\",$M84=$A$15)),0,\n         IF(OFFSET(CRONOPLE!$F$15,$M84-$A$15,AP$13)=0,10^12,OFFSET(CRONOPLE!$F$15,$M84-$A$15,AP$13)))","v":1000000000000},{"$f":"IF(OR($D84<>\"Serviço\",AND(AUTOEVENTO=\"Manual\",$M84=$A$15)),0,\n         IF(OFFSET(CRONOPLE!$F$15,$M84-$A$15,AQ$13)=0,10^12,OFFSET(CRONOPLE!$F$15,$M84-$A$15,AQ$13)))","v":1000000000000},{"$f":"IF(OR($D84<>\"Serviço\",AND(AUTOEVENTO=\"Manual\",$M84=$A$15)),0,\n         IF(OFFSET(CRONOPLE!$F$15,$M84-$A$15,AR$13)=0,10^12,OFFSET(CRONOPLE!$F$15,$M84-$A$15,AR$13)))","v":1000000000000},{"$f":"IF(OR($D84<>\"Serviço\",AND(AUTOEVENTO=\"Manual\",$M84=$A$15)),0,\n         IF(OFFSET(CRONOPLE!$F$15,$M84-$A$15,AS$13)=0,10^12,OFFSET(CRONOPLE!$F$15,$M84-$A$15,AS$13)))","v":1000000000000},{"$f":"IF(OR($D84<>\"Serviço\",AND(AUTOEVENTO=\"Manual\",$M84=$A$15)),0,\n         IF(OFFSET(CRONOPLE!$F$15,$M84-$A$15,AT$13)=0,10^12,OFFSET(CRONOPLE!$F$15,$M84-$A$15,AT$13)))","v":1000000000000},{"$f":"IF(OR($D84<>\"Serviço\",AND(AUTOEVENTO=\"Manual\",$M84=$A$15)),0,\n         IF(OFFSET(CRONOPLE!$F$15,$M84-$A$15,AU$13)=0,10^12,OFFSET(CRONOPLE!$F$15,$M84-$A$15,AU$13)))","v":1000000000000},{"$f":"IF(OR($D84<>\"Serviço\",AND(AUTOEVENTO=\"Manual\",$M84=$A$15)),0,\n         IF(OFFSET(CRONOPLE!$F$15,$M84-$A$15,AV$13)=0,10^12,OFFSET(CRONOPLE!$F$15,$M84-$A$15,AV$13)))","v":1000000000000},null,{"$f":"IF(OR($D84<>\"Serviço\",AND(AUTOEVENTO=\"Manual\",$M84=$A$15),$M84>(ROW(PLE.lastrow)-ROW(PLE.firstrow))),0,\n           IF(OFFSET(PLE!$G$15,$M84-$A$15,AX$13)=\"\",10^12,OFFSET(PLE!$G$15,$M84-$A$15,AX$13)))","v":1000000000000},{"$f":"IF(OR($D84<>\"Serviço\",AND(AUTOEVENTO=\"Manual\",$M84=$A$15),$M84>(ROW(PLE.lastrow)-ROW(PLE.firstrow))),0,\n           IF(OFFSET(PLE!$G$15,$M84-$A$15,AY$13)=\"\",10^12,OFFSET(PLE!$G$15,$M84-$A$15,AY$13)))","v":1000000000000},{"$f":"IF(OR($D84<>\"Serviço\",AND(AUTOEVENTO=\"Manual\",$M84=$A$15),$M84>(ROW(PLE.lastrow)-ROW(PLE.firstrow))),0,\n           IF(OFFSET(PLE!$G$15,$M84-$A$15,AZ$13)=\"\",10^12,OFFSET(PLE!$G$15,$M84-$A$15,AZ$13)))","v":1000000000000},{"$f":"IF(OR($D84<>\"Serviço\",AND(AUTOEVENTO=\"Manual\",$M84=$A$15),$M84>(ROW(PLE.lastrow)-ROW(PLE.firstrow))),0,\n           IF(OFFSET(PLE!$G$15,$M84-$A$15,BA$13)=\"\",10^12,OFFSET(PLE!$G$15,$M84-$A$15,BA$13)))","v":1000000000000},{"$f":"IF(OR($D84<>\"Serviço\",AND(AUTOEVENTO=\"Manual\",$M84=$A$15),$M84>(ROW(PLE.lastrow)-ROW(PLE.firstrow))),0,\n           IF(OFFSET(PLE!$G$15,$M84-$A$15,BB$13)=\"\",10^12,OFFSET(PLE!$G$15,$M84-$A$15,BB$13)))","v":1000000000000},{"$f":"IF(OR($D84<>\"Serviço\",AND(AUTOEVENTO=\"Manual\",$M84=$A$15),$M84>(ROW(PLE.lastrow)-ROW(PLE.firstrow))),0,\n           IF(OFFSET(PLE!$G$15,$M84-$A$15,BC$13)=\"\",10^12,OFFSET(PLE!$G$15,$M84-$A$15,BC$13)))","v":1000000000000},{"$f":"IF(OR($D84<>\"Serviço\",AND(AUTOEVENTO=\"Manual\",$M84=$A$15),$M84>(ROW(PLE.lastrow)-ROW(PLE.firstrow))),0,\n           IF(OFFSET(PLE!$G$15,$M84-$A$15,BD$13)=\"\",10^12,OFFSET(PLE!$G$15,$M84-$A$15,BD$13)))","v":1000000000000},{"$f":"IF(OR($D84<>\"Serviço\",AND(AUTOEVENTO=\"Manual\",$M84=$A$15),$M84>(ROW(PLE.lastrow)-ROW(PLE.firstrow))),0,\n           IF(OFFSET(PLE!$G$15,$M84-$A$15,BE$13)=\"\",10^12,OFFSET(PLE!$G$15,$M84-$A$15,BE$13)))","v":1000000000000},{"$f":"IF(OR($D84<>\"Serviço\",AND(AUTOEVENTO=\"Manual\",$M84=$A$15),$M84>(ROW(PLE.lastrow)-ROW(PLE.firstrow))),0,\n           IF(OFFSET(PLE!$G$15,$M84-$A$15,BF$13)=\"\",10^12,OFFSET(PLE!$G$15,$M84-$A$15,BF$13)))","v":1000000000000},{"$f":"IF(OR($D84<>\"Serviço\",AND(AUTOEVENTO=\"Manual\",$M84=$A$15),$M84>(ROW(PLE.lastrow)-ROW(PLE.firstrow))),0,\n           IF(OFFSET(PLE!$G$15,$M84-$A$15,BG$13)=\"\",10^12,OFFSET(PLE!$G$15,$M84-$A$15,BG$13)))","v":1000000000000}]
["10",{"$f":"OFFSET(ORÇAMENTO!C$15,ROW(B85)-ROW(B$15),0)","v":"S"},{"$f":"OFFSET(ORÇAMENTO!L$15,ROW(C85)-ROW(C$15),0)","v":""},{"$f":"OFFSET(ORÇAMENTO!N$15,ROW(D85)-ROW(D$15),0)","v":"Serviço"},{"$f":"OFFSET(ORÇAMENTO!O$15,ROW(E85)-ROW(E$15),0)","v":"-"},{"$f":"OFFSET(ORÇAMENTO!R$15,ROW(F85)-ROW(F$15),0)","v":"(Sem Código)"},{"$f":"IF($D85<>\"Serviço\",\"\",OFFSET(ORÇAMENTO!S$15,ROW(G85)-ROW(G$15),0))","v":"-"},{"$f":"IF($D85<>\"Serviço\",0,IF(ACOMPANHAMENTO=\"BM\",ROUND(OFFSET(ORÇAMENTO!AJ$15,ROW(H85)-ROW(H$15),0),15-13*ORÇAMENTO!$AF$7),SUMPRODUCT(($Q$1:$AA$1=1)*ROUND($Q85:$AA85,15-13*ORÇAMENTO!$AF$7))))","v":0},null,{"$f":"IF(OR(B85<>\"S\",CÁLCULO.FrentesPreenchidas=0),\"\",IF(AND(ACOMPANHAMENTO=\"PLE\",AUTOEVENTO=\"Manual\",OR(H85>0,ORÇAMENTO!AC85=\"QUANT.\"),OR(K85=\"\",M85=0,N85=\"\")),\"►E\",IF(AND(ACOMPANHAMENTO=\"PLE\",ORÇAMENTO!AC85=\"QUANT.\"),\"►Q\",IF(AND(ACOMPANHAMENTO=\"PLE\",H85<>SUMPRODUCT(($Q$1:$AA$1=1)*ROUND(Q85:AA85,15))),\"►S\",IF(AND(COUNTIF($P$11:$AA$11,\"▼\")=0,H85>0,I85=\"\"),\"◄M\",\"\")))))","v":{"$error":"#NAME?"}},null,".",{"$f":"IF($D85<>\"Serviço\",\"\",\n          IF(AUTOEVENTO=\"manual\",$A85,\n                IF(ISERROR(MATCH($A85,$A$15:OFFSET($A85,-1,0),0)),MAX($M$15:OFFSET(M85,-1,0))+1,\n                      INDEX($M$15:OFFSET(M85,-1,0),MATCH($A85,$A$15:OFFSET($A85,-1,0),0)))))","v":2},{"$f":"IF($D85<>\"Serviço\",\"\",\n         IF(AUTOEVENTO=\"Manual\",\n                IF($A85=0,\"<-- defina o número do agrupador\",\n                       OFFSET(EVENTOS!$D$15,$A85-$A$15,0)),\n                OFFSET($F$15,$A85,0)))","v":"REDE DE DISTRUIBUIÇÃO"},null,null,null,null,null,null,null,null,null,null,null,null,null,{"$f":"IF(AND($D85=\"Serviço\",AB$12<>0,$H85>0,OR(AUTOEVENTO<>\"manual\",$M85<>$A$15)),\n        IF(Import.TipoArredondamento<>\"TransfereGOV\",\n              ROUND(OFFSET($P85,0,AB$13),15-13*ORÇAMENTO!$AF$7)/$H85*OFFSET(ORÇAMENTO!$X$15,ROW(AB85)-ROW(AB$15),0),\n              ROUND(ROUND(OFFSET($P85,0,AB$13),15-13*ORÇAMENTO!$AF$7)*OFFSET(ORÇAMENTO!$W$15,ROW(AB85)-ROW(AB$15),0),15-13*ORÇAMENTO!$AF$11)),\n         0)","v":0},{"$f":"IF(AND($D85=\"Serviço\",AC$12<>0,$H85>0,OR(AUTOEVENTO<>\"manual\",$M85<>$A$15)),\n        IF(Import.TipoArredondamento<>\"TransfereGOV\",\n              ROUND(OFFSET($P85,0,AC$13),15-13*ORÇAMENTO!$AF$7)/$H85*OFFSET(ORÇAMENTO!$X$15,ROW(AC85)-ROW(AC$15),0),\n              ROUND(ROUND(OFFSET($P85,0,AC$13),15-13*ORÇAMENTO!$AF$7)*OFFSET(ORÇAMENTO!$W$15,ROW(AC85)-ROW(AC$15),0),15-13*ORÇAMENTO!$AF$11)),\n         0)","v":0},{"$f":"IF(AND($D85=\"Serviço\",AD$12<>0,$H85>0,OR(AUTOEVENTO<>\"manual\",$M85<>$A$15)),\n        IF(Import.TipoArredondamento<>\"TransfereGOV\",\n              ROUND(OFFSET($P85,0,AD$13),15-13*ORÇAMENTO!$AF$7)/$H85*OFFSET(ORÇAMENTO!$X$15,ROW(AD85)-ROW(AD$15),0),\n              ROUND(ROUND(OFFSET($P85,0,AD$13),15-13*ORÇAMENTO!$AF$7)*OFFSET(ORÇAMENTO!$W$15,ROW(AD85)-ROW(AD$15),0),15-13*ORÇAMENTO!$AF$11)),\n         0)","v":0},{"$f":"IF(AND($D85=\"Serviço\",AE$12<>0,$H85>0,OR(AUTOEVENTO<>\"manual\",$M85<>$A$15)),\n        IF(Import.TipoArredondamento<>\"TransfereGOV\",\n              ROUND(OFFSET($P85,0,AE$13),15-13*ORÇAMENTO!$AF$7)/$H85*OFFSET(ORÇAMENTO!$X$15,ROW(AE85)-ROW(AE$15),0),\n              ROUND(ROUND(OFFSET($P85,0,AE$13),15-13*ORÇAMENTO!$AF$7)*OFFSET(ORÇAMENTO!$W$15,ROW(AE85)-ROW(AE$15),0),15-13*ORÇAMENTO!$AF$11)),\n         0)","v":0},{"$f":"IF(AND($D85=\"Serviço\",AF$12<>0,$H85>0,OR(AUTOEVENTO<>\"manual\",$M85<>$A$15)),\n        IF(Import.TipoArredondamento<>\"TransfereGOV\",\n              ROUND(OFFSET($P85,0,AF$13),15-13*ORÇAMENTO!$AF$7)/$H85*OFFSET(ORÇAMENTO!$X$15,ROW(AF85)-ROW(AF$15),0),\n              ROUND(ROUND(OFFSET($P85,0,AF$13),15-13*ORÇAMENTO!$AF$7)*OFFSET(ORÇAMENTO!$W$15,ROW(AF85)-ROW(AF$15),0),15-13*ORÇAMENTO!$AF$11)),\n         0)","v":0},{"$f":"IF(AND($D85=\"Serviço\",AG$12<>0,$H85>0,OR(AUTOEVENTO<>\"manual\",$M85<>$A$15)),\n        IF(Import.TipoArredondamento<>\"TransfereGOV\",\n              ROUND(OFFSET($P85,0,AG$13),15-13*ORÇAMENTO!$AF$7)/$H85*OFFSET(ORÇAMENTO!$X$15,ROW(AG85)-ROW(AG$15),0),\n              ROUND(ROUND(OFFSET($P85,0,AG$13),15-13*ORÇAMENTO!$AF$7)*OFFSET(ORÇAMENTO!$W$15,ROW(AG85)-ROW(AG$15),0),15-13*ORÇAMENTO!$AF$11)),\n         0)","v":0},{"$f":"IF(AND($D85=\"Serviço\",AH$12<>0,$H85>0,OR(AUTOEVENTO<>\"manual\",$M85<>$A$15)),\n        IF(Import.TipoArredondamento<>\"TransfereGOV\",\n              ROUND(OFFSET($P85,0,AH$13),15-13*ORÇAMENTO!$AF$7)/$H85*OFFSET(ORÇAMENTO!$X$15,ROW(AH85)-ROW(AH$15),0),\n              ROUND(ROUND(OFFSET($P85,0,AH$13),15-13*ORÇAMENTO!$AF$7)*OFFSET(ORÇAMENTO!$W$15,ROW(AH85)-ROW(AH$15),0),15-13*ORÇAMENTO!$AF$11)),\n         0)","v":0},{"$f":"IF(AND($D85=\"Serviço\",AI$12<>0,$H85>0,OR(AUTOEVENTO<>\"manual\",$M85<>$A$15)),\n        IF(Import.TipoArredondamento<>\"TransfereGOV\",\n              ROUND(OFFSET($P85,0,AI$13),15-13*ORÇAMENTO!$AF$7)/$H85*OFFSET(ORÇAMENTO!$X$15,ROW(AI85)-ROW(AI$15),0),\n              ROUND(ROUND(OFFSET($P85,0,AI$13),15-13*ORÇAMENTO!$AF$7)*OFFSET(ORÇAMENTO!$W$15,ROW(AI85)-ROW(AI$15),0),15-13*ORÇAMENTO!$AF$11)),\n         0)","v":0},{"$f":"IF(AND($D85=\"Serviço\",AJ$12<>0,$H85>0,OR(AUTOEVENTO<>\"manual\",$M85<>$A$15)),\n        IF(Import.TipoArredondamento<>\"TransfereGOV\",\n              ROUND(OFFSET($P85,0,AJ$13),15-13*ORÇAMENTO!$AF$7)/$H85*OFFSET(ORÇAMENTO!$X$15,ROW(AJ85)-ROW(AJ$15),0),\n              ROUND(ROUND(OFFSET($P85,0,AJ$13),15-13*ORÇAMENTO!$AF$7)*OFFSET(ORÇAMENTO!$W$15,ROW(AJ85)-ROW(AJ$15),0),15-13*ORÇAMENTO!$AF$11)),\n         0)","v":0},{"$f":"IF(AND($D85=\"Serviço\",AK$12<>0,$H85>0,OR(AUTOEVENTO<>\"manual\",$M85<>$A$15)),\n        IF(Import.TipoArredondamento<>\"TransfereGOV\",\n              ROUND(OFFSET($P85,0,AK$13),15-13*ORÇAMENTO!$AF$7)/$H85*OFFSET(ORÇAMENTO!$X$15,ROW(AK85)-ROW(AK$15),0),\n              ROUND(ROUND(OFFSET($P85,0,AK$13),15-13*ORÇAMENTO!$AF$7)*OFFSET(ORÇAMENTO!$W$15,ROW(AK85)-ROW(AK$15),0),15-13*ORÇAMENTO!$AF$11)),\n         0)","v":0},null,{"$f":"IF(OR($D85<>\"Serviço\",AND(AUTOEVENTO=\"Manual\",$M85=$A$15)),0,\n         IF(OFFSET(CRONOPLE!$F$15,$M85-$A$15,AM$13)=0,10^12,OFFSET(CRONOPLE!$F$15,$M85-$A$15,AM$13)))","v":1},{"$f":"IF(OR($D85<>\"Serviço\",AND(AUTOEVENTO=\"Manual\",$M85=$A$15)),0,\n         IF(OFFSET(CRONOPLE!$F$15,$M85-$A$15,AN$13)=0,10^12,OFFSET(CRONOPLE!$F$15,$M85-$A$15,AN$13)))","v":2},{"$f":"IF(OR($D85<>\"Serviço\",AND(AUTOEVENTO=\"Manual\",$M85=$A$15)),0,\n         IF(OFFSET(CRONOPLE!$F$15,$M85-$A$15,AO$13)=0,10^12,OFFSET(CRONOPLE!$F$15,$M85-$A$15,AO$13)))","v":1000000000000},{"$f":"IF(OR($D85<>\"Serviço\",AND(AUTOEVENTO=\"Manual\",$M85=$A$15)),0,\n         IF(OFFSET(CRONOPLE!$F$15,$M85-$A$15,AP$13)=0,10^12,OFFSET(CRONOPLE!$F$15,$M85-$A$15,AP$13)))","v":1000000000000},{"$f":"IF(OR($D85<>\"Serviço\",AND(AUTOEVENTO=\"Manual\",$M85=$A$15)),0,\n         IF(OFFSET(CRONOPLE!$F$15,$M85-$A$15,AQ$13)=0,10^12,OFFSET(CRONOPLE!$F$15,$M85-$A$15,AQ$13)))","v":1000000000000},{"$f":"IF(OR($D85<>\"Serviço\",AND(AUTOEVENTO=\"Manual\",$M85=$A$15)),0,\n         IF(OFFSET(CRONOPLE!$F$15,$M85-$A$15,AR$13)=0,10^12,OFFSET(CRONOPLE!$F$15,$M85-$A$15,AR$13)))","v":1000000000000},{"$f":"IF(OR($D85<>\"Serviço\",AND(AUTOEVENTO=\"Manual\",$M85=$A$15)),0,\n         IF(OFFSET(CRONOPLE!$F$15,$M85-$A$15,AS$13)=0,10^12,OFFSET(CRONOPLE!$F$15,$M85-$A$15,AS$13)))","v":1000000000000},{"$f":"IF(OR($D85<>\"Serviço\",AND(AUTOEVENTO=\"Manual\",$M85=$A$15)),0,\n         IF(OFFSET(CRONOPLE!$F$15,$M85-$A$15,AT$13)=0,10^12,OFFSET(CRONOPLE!$F$15,$M85-$A$15,AT$13)))","v":1000000000000},{"$f":"IF(OR($D85<>\"Serviço\",AND(AUTOEVENTO=\"Manual\",$M85=$A$15)),0,\n         IF(OFFSET(CRONOPLE!$F$15,$M85-$A$15,AU$13)=0,10^12,OFFSET(CRONOPLE!$F$15,$M85-$A$15,AU$13)))","v":1000000000000},{"$f":"IF(OR($D85<>\"Serviço\",AND(AUTOEVENTO=\"Manual\",$M85=$A$15)),0,\n         IF(OFFSET(CRONOPLE!$F$15,$M85-$A$15,AV$13)=0,10^12,OFFSET(CRONOPLE!$F$15,$M85-$A$15,AV$13)))","v":1000000000000},null,{"$f":"IF(OR($D85<>\"Serviço\",AND(AUTOEVENTO=\"Manual\",$M85=$A$15),$M85>(ROW(PLE.lastrow)-ROW(PLE.firstrow))),0,\n           IF(OFFSET(PLE!$G$15,$M85-$A$15,AX$13)=\"\",10^12,OFFSET(PLE!$G$15,$M85-$A$15,AX$13)))","v":1000000000000},{"$f":"IF(OR($D85<>\"Serviço\",AND(AUTOEVENTO=\"Manual\",$M85=$A$15),$M85>(ROW(PLE.lastrow)-ROW(PLE.firstrow))),0,\n           IF(OFFSET(PLE!$G$15,$M85-$A$15,AY$13)=\"\",10^12,OFFSET(PLE!$G$15,$M85-$A$15,AY$13)))","v":1000000000000},{"$f":"IF(OR($D85<>\"Serviço\",AND(AUTOEVENTO=\"Manual\",$M85=$A$15),$M85>(ROW(PLE.lastrow)-ROW(PLE.firstrow))),0,\n           IF(OFFSET(PLE!$G$15,$M85-$A$15,AZ$13)=\"\",10^12,OFFSET(PLE!$G$15,$M85-$A$15,AZ$13)))","v":1000000000000},{"$f":"IF(OR($D85<>\"Serviço\",AND(AUTOEVENTO=\"Manual\",$M85=$A$15),$M85>(ROW(PLE.lastrow)-ROW(PLE.firstrow))),0,\n           IF(OFFSET(PLE!$G$15,$M85-$A$15,BA$13)=\"\",10^12,OFFSET(PLE!$G$15,$M85-$A$15,BA$13)))","v":1000000000000},{"$f":"IF(OR($D85<>\"Serviço\",AND(AUTOEVENTO=\"Manual\",$M85=$A$15),$M85>(ROW(PLE.lastrow)-ROW(PLE.firstrow))),0,\n           IF(OFFSET(PLE!$G$15,$M85-$A$15,BB$13)=\"\",10^12,OFFSET(PLE!$G$15,$M85-$A$15,BB$13)))","v":1000000000000},{"$f":"IF(OR($D85<>\"Serviço\",AND(AUTOEVENTO=\"Manual\",$M85=$A$15),$M85>(ROW(PLE.lastrow)-ROW(PLE.firstrow))),0,\n           IF(OFFSET(PLE!$G$15,$M85-$A$15,BC$13)=\"\",10^12,OFFSET(PLE!$G$15,$M85-$A$15,BC$13)))","v":1000000000000},{"$f":"IF(OR($D85<>\"Serviço\",AND(AUTOEVENTO=\"Manual\",$M85=$A$15),$M85>(ROW(PLE.lastrow)-ROW(PLE.firstrow))),0,\n           IF(OFFSET(PLE!$G$15,$M85-$A$15,BD$13)=\"\",10^12,OFFSET(PLE!$G$15,$M85-$A$15,BD$13)))","v":1000000000000},{"$f":"IF(OR($D85<>\"Serviço\",AND(AUTOEVENTO=\"Manual\",$M85=$A$15),$M85>(ROW(PLE.lastrow)-ROW(PLE.firstrow))),0,\n           IF(OFFSET(PLE!$G$15,$M85-$A$15,BE$13)=\"\",10^12,OFFSET(PLE!$G$15,$M85-$A$15,BE$13)))","v":1000000000000},{"$f":"IF(OR($D85<>\"Serviço\",AND(AUTOEVENTO=\"Manual\",$M85=$A$15),$M85>(ROW(PLE.lastrow)-ROW(PLE.firstrow))),0,\n           IF(OFFSET(PLE!$G$15,$M85-$A$15,BF$13)=\"\",10^12,OFFSET(PLE!$G$15,$M85-$A$15,BF$13)))","v":1000000000000},{"$f":"IF(OR($D85<>\"Serviço\",AND(AUTOEVENTO=\"Manual\",$M85=$A$15),$M85>(ROW(PLE.lastrow)-ROW(PLE.firstrow))),0,\n           IF(OFFSET(PLE!$G$15,$M85-$A$15,BG$13)=\"\",10^12,OFFSET(PLE!$G$15,$M85-$A$15,BG$13)))","v":1000000000000}]
["10",{"$f":"OFFSET(ORÇAMENTO!C$15,ROW(B86)-ROW(B$15),0)","v":"S"},{"$f":"OFFSET(ORÇAMENTO!L$15,ROW(C86)-ROW(C$15),0)","v":""},{"$f":"OFFSET(ORÇAMENTO!N$15,ROW(D86)-ROW(D$15),0)","v":"Serviço"},{"$f":"OFFSET(ORÇAMENTO!O$15,ROW(E86)-ROW(E$15),0)","v":"-"},{"$f":"OFFSET(ORÇAMENTO!R$15,ROW(F86)-ROW(F$15),0)","v":"(Sem Código)"},{"$f":"IF($D86<>\"Serviço\",\"\",OFFSET(ORÇAMENTO!S$15,ROW(G86)-ROW(G$15),0))","v":"-"},{"$f":"IF($D86<>\"Serviço\",0,IF(ACOMPANHAMENTO=\"BM\",ROUND(OFFSET(ORÇAMENTO!AJ$15,ROW(H86)-ROW(H$15),0),15-13*ORÇAMENTO!$AF$7),SUMPRODUCT(($Q$1:$AA$1=1)*ROUND($Q86:$AA86,15-13*ORÇAMENTO!$AF$7))))","v":0},null,{"$f":"IF(OR(B86<>\"S\",CÁLCULO.FrentesPreenchidas=0),\"\",IF(AND(ACOMPANHAMENTO=\"PLE\",AUTOEVENTO=\"Manual\",OR(H86>0,ORÇAMENTO!AC86=\"QUANT.\"),OR(K86=\"\",M86=0,N86=\"\")),\"►E\",IF(AND(ACOMPANHAMENTO=\"PLE\",ORÇAMENTO!AC86=\"QUANT.\"),\"►Q\",IF(AND(ACOMPANHAMENTO=\"PLE\",H86<>SUMPRODUCT(($Q$1:$AA$1=1)*ROUND(Q86:AA86,15))),\"►S\",IF(AND(COUNTIF($P$11:$AA$11,\"▼\")=0,H86>0,I86=\"\"),\"◄M\",\"\")))))","v":{"$error":"#NAME?"}},null,".",{"$f":"IF($D86<>\"Serviço\",\"\",\n          IF(AUTOEVENTO=\"manual\",$A86,\n                IF(ISERROR(MATCH($A86,$A$15:OFFSET($A86,-1,0),0)),MAX($M$15:OFFSET(M86,-1,0))+1,\n                      INDEX($M$15:OFFSET(M86,-1,0),MATCH($A86,$A$15:OFFSET($A86,-1,0),0)))))","v":2},{"$f":"IF($D86<>\"Serviço\",\"\",\n         IF(AUTOEVENTO=\"Manual\",\n                IF($A86=0,\"<-- defina o número do agrupador\",\n                       OFFSET(EVENTOS!$D$15,$A86-$A$15,0)),\n                OFFSET($F$15,$A86,0)))","v":"REDE DE DISTRUIBUIÇÃO"},null,null,null,null,null,null,null,null,null,null,null,null,null,{"$f":"IF(AND($D86=\"Serviço\",AB$12<>0,$H86>0,OR(AUTOEVENTO<>\"manual\",$M86<>$A$15)),\n        IF(Import.TipoArredondamento<>\"TransfereGOV\",\n              ROUND(OFFSET($P86,0,AB$13),15-13*ORÇAMENTO!$AF$7)/$H86*OFFSET(ORÇAMENTO!$X$15,ROW(AB86)-ROW(AB$15),0),\n              ROUND(ROUND(OFFSET($P86,0,AB$13),15-13*ORÇAMENTO!$AF$7)*OFFSET(ORÇAMENTO!$W$15,ROW(AB86)-ROW(AB$15),0),15-13*ORÇAMENTO!$AF$11)),\n         0)","v":0},{"$f":"IF(AND($D86=\"Serviço\",AC$12<>0,$H86>0,OR(AUTOEVENTO<>\"manual\",$M86<>$A$15)),\n        IF(Import.TipoArredondamento<>\"TransfereGOV\",\n              ROUND(OFFSET($P86,0,AC$13),15-13*ORÇAMENTO!$AF$7)/$H86*OFFSET(ORÇAMENTO!$X$15,ROW(AC86)-ROW(AC$15),0),\n              ROUND(ROUND(OFFSET($P86,0,AC$13),15-13*ORÇAMENTO!$AF$7)*OFFSET(ORÇAMENTO!$W$15,ROW(AC86)-ROW(AC$15),0),15-13*ORÇAMENTO!$AF$11)),\n         0)","v":0},{"$f":"IF(AND($D86=\"Serviço\",AD$12<>0,$H86>0,OR(AUTOEVENTO<>\"manual\",$M86<>$A$15)),\n        IF(Import.TipoArredondamento<>\"TransfereGOV\",\n              ROUND(OFFSET($P86,0,AD$13),15-13*ORÇAMENTO!$AF$7)/$H86*OFFSET(ORÇAMENTO!$X$15,ROW(AD86)-ROW(AD$15),0),\n              ROUND(ROUND(OFFSET($P86,0,AD$13),15-13*ORÇAMENTO!$AF$7)*OFFSET(ORÇAMENTO!$W$15,ROW(AD86)-ROW(AD$15),0),15-13*ORÇAMENTO!$AF$11)),\n         0)","v":0},{"$f":"IF(AND($D86=\"Serviço\",AE$12<>0,$H86>0,OR(AUTOEVENTO<>\"manual\",$M86<>$A$15)),\n        IF(Import.TipoArredondamento<>\"TransfereGOV\",\n              ROUND(OFFSET($P86,0,AE$13),15-13*ORÇAMENTO!$AF$7)/$H86*OFFSET(ORÇAMENTO!$X$15,ROW(AE86)-ROW(AE$15),0),\n              ROUND(ROUND(OFFSET($P86,0,AE$13),15-13*ORÇAMENTO!$AF$7)*OFFSET(ORÇAMENTO!$W$15,ROW(AE86)-ROW(AE$15),0),15-13*ORÇAMENTO!$AF$11)),\n         0)","v":0},{"$f":"IF(AND($D86=\"Serviço\",AF$12<>0,$H86>0,OR(AUTOEVENTO<>\"manual\",$M86<>$A$15)),\n        IF(Import.TipoArredondamento<>\"TransfereGOV\",\n              ROUND(OFFSET($P86,0,AF$13),15-13*ORÇAMENTO!$AF$7)/$H86*OFFSET(ORÇAMENTO!$X$15,ROW(AF86)-ROW(AF$15),0),\n              ROUND(ROUND(OFFSET($P86,0,AF$13),15-13*ORÇAMENTO!$AF$7)*OFFSET(ORÇAMENTO!$W$15,ROW(AF86)-ROW(AF$15),0),15-13*ORÇAMENTO!$AF$11)),\n         0)","v":0},{"$f":"IF(AND($D86=\"Serviço\",AG$12<>0,$H86>0,OR(AUTOEVENTO<>\"manual\",$M86<>$A$15)),\n        IF(Import.TipoArredondamento<>\"TransfereGOV\",\n              ROUND(OFFSET($P86,0,AG$13),15-13*ORÇAMENTO!$AF$7)/$H86*OFFSET(ORÇAMENTO!$X$15,ROW(AG86)-ROW(AG$15),0),\n              ROUND(ROUND(OFFSET($P86,0,AG$13),15-13*ORÇAMENTO!$AF$7)*OFFSET(ORÇAMENTO!$W$15,ROW(AG86)-ROW(AG$15),0),15-13*ORÇAMENTO!$AF$11)),\n         0)","v":0},{"$f":"IF(AND($D86=\"Serviço\",AH$12<>0,$H86>0,OR(AUTOEVENTO<>\"manual\",$M86<>$A$15)),\n        IF(Import.TipoArredondamento<>\"TransfereGOV\",\n              ROUND(OFFSET($P86,0,AH$13),15-13*ORÇAMENTO!$AF$7)/$H86*OFFSET(ORÇAMENTO!$X$15,ROW(AH86)-ROW(AH$15),0),\n              ROUND(ROUND(OFFSET($P86,0,AH$13),15-13*ORÇAMENTO!$AF$7)*OFFSET(ORÇAMENTO!$W$15,ROW(AH86)-ROW(AH$15),0),15-13*ORÇAMENTO!$AF$11)),\n         0)","v":0},{"$f":"IF(AND($D86=\"Serviço\",AI$12<>0,$H86>0,OR(AUTOEVENTO<>\"manual\",$M86<>$A$15)),\n        IF(Import.TipoArredondamento<>\"TransfereGOV\",\n              ROUND(OFFSET($P86,0,AI$13),15-13*ORÇAMENTO!$AF$7)/$H86*OFFSET(ORÇAMENTO!$X$15,ROW(AI86)-ROW(AI$15),0),\n              ROUND(ROUND(OFFSET($P86,0,AI$13),15-13*ORÇAMENTO!$AF$7)*OFFSET(ORÇAMENTO!$W$15,ROW(AI86)-ROW(AI$15),0),15-13*ORÇAMENTO!$AF$11)),\n         0)","v":0},{"$f":"IF(AND($D86=\"Serviço\",AJ$12<>0,$H86>0,OR(AUTOEVENTO<>\"manual\",$M86<>$A$15)),\n        IF(Import.TipoArredondamento<>\"TransfereGOV\",\n              ROUND(OFFSET($P86,0,AJ$13),15-13*ORÇAMENTO!$AF$7)/$H86*OFFSET(ORÇAMENTO!$X$15,ROW(AJ86)-ROW(AJ$15),0),\n              ROUND(ROUND(OFFSET($P86,0,AJ$13),15-13*ORÇAMENTO!$AF$7)*OFFSET(ORÇAMENTO!$W$15,ROW(AJ86)-ROW(AJ$15),0),15-13*ORÇAMENTO!$AF$11)),\n         0)","v":0},{"$f":"IF(AND($D86=\"Serviço\",AK$12<>0,$H86>0,OR(AUTOEVENTO<>\"manual\",$M86<>$A$15)),\n        IF(Import.TipoArredondamento<>\"TransfereGOV\",\n              ROUND(OFFSET($P86,0,AK$13),15-13*ORÇAMENTO!$AF$7)/$H86*OFFSET(ORÇAMENTO!$X$15,ROW(AK86)-ROW(AK$15),0),\n              ROUND(ROUND(OFFSET($P86,0,AK$13),15-13*ORÇAMENTO!$AF$7)*OFFSET(ORÇAMENTO!$W$15,ROW(AK86)-ROW(AK$15),0),15-13*ORÇAMENTO!$AF$11)),\n         0)","v":0},null,{"$f":"IF(OR($D86<>\"Serviço\",AND(AUTOEVENTO=\"Manual\",$M86=$A$15)),0,\n         IF(OFFSET(CRONOPLE!$F$15,$M86-$A$15,AM$13)=0,10^12,OFFSET(CRONOPLE!$F$15,$M86-$A$15,AM$13)))","v":1},{"$f":"IF(OR($D86<>\"Serviço\",AND(AUTOEVENTO=\"Manual\",$M86=$A$15)),0,\n         IF(OFFSET(CRONOPLE!$F$15,$M86-$A$15,AN$13)=0,10^12,OFFSET(CRONOPLE!$F$15,$M86-$A$15,AN$13)))","v":2},{"$f":"IF(OR($D86<>\"Serviço\",AND(AUTOEVENTO=\"Manual\",$M86=$A$15)),0,\n         IF(OFFSET(CRONOPLE!$F$15,$M86-$A$15,AO$13)=0,10^12,OFFSET(CRONOPLE!$F$15,$M86-$A$15,AO$13)))","v":1000000000000},{"$f":"IF(OR($D86<>\"Serviço\",AND(AUTOEVENTO=\"Manual\",$M86=$A$15)),0,\n         IF(OFFSET(CRONOPLE!$F$15,$M86-$A$15,AP$13)=0,10^12,OFFSET(CRONOPLE!$F$15,$M86-$A$15,AP$13)))","v":1000000000000},{"$f":"IF(OR($D86<>\"Serviço\",AND(AUTOEVENTO=\"Manual\",$M86=$A$15)),0,\n         IF(OFFSET(CRONOPLE!$F$15,$M86-$A$15,AQ$13)=0,10^12,OFFSET(CRONOPLE!$F$15,$M86-$A$15,AQ$13)))","v":1000000000000},{"$f":"IF(OR($D86<>\"Serviço\",AND(AUTOEVENTO=\"Manual\",$M86=$A$15)),0,\n         IF(OFFSET(CRONOPLE!$F$15,$M86-$A$15,AR$13)=0,10^12,OFFSET(CRONOPLE!$F$15,$M86-$A$15,AR$13)))","v":1000000000000},{"$f":"IF(OR($D86<>\"Serviço\",AND(AUTOEVENTO=\"Manual\",$M86=$A$15)),0,\n         IF(OFFSET(CRONOPLE!$F$15,$M86-$A$15,AS$13)=0,10^12,OFFSET(CRONOPLE!$F$15,$M86-$A$15,AS$13)))","v":1000000000000},{"$f":"IF(OR($D86<>\"Serviço\",AND(AUTOEVENTO=\"Manual\",$M86=$A$15)),0,\n         IF(OFFSET(CRONOPLE!$F$15,$M86-$A$15,AT$13)=0,10^12,OFFSET(CRONOPLE!$F$15,$M86-$A$15,AT$13)))","v":1000000000000},{"$f":"IF(OR($D86<>\"Serviço\",AND(AUTOEVENTO=\"Manual\",$M86=$A$15)),0,\n         IF(OFFSET(CRONOPLE!$F$15,$M86-$A$15,AU$13)=0,10^12,OFFSET(CRONOPLE!$F$15,$M86-$A$15,AU$13)))","v":1000000000000},{"$f":"IF(OR($D86<>\"Serviço\",AND(AUTOEVENTO=\"Manual\",$M86=$A$15)),0,\n         IF(OFFSET(CRONOPLE!$F$15,$M86-$A$15,AV$13)=0,10^12,OFFSET(CRONOPLE!$F$15,$M86-$A$15,AV$13)))","v":1000000000000},null,{"$f":"IF(OR($D86<>\"Serviço\",AND(AUTOEVENTO=\"Manual\",$M86=$A$15),$M86>(ROW(PLE.lastrow)-ROW(PLE.firstrow))),0,\n           IF(OFFSET(PLE!$G$15,$M86-$A$15,AX$13)=\"\",10^12,OFFSET(PLE!$G$15,$M86-$A$15,AX$13)))","v":1000000000000},{"$f":"IF(OR($D86<>\"Serviço\",AND(AUTOEVENTO=\"Manual\",$M86=$A$15),$M86>(ROW(PLE.lastrow)-ROW(PLE.firstrow))),0,\n           IF(OFFSET(PLE!$G$15,$M86-$A$15,AY$13)=\"\",10^12,OFFSET(PLE!$G$15,$M86-$A$15,AY$13)))","v":1000000000000},{"$f":"IF(OR($D86<>\"Serviço\",AND(AUTOEVENTO=\"Manual\",$M86=$A$15),$M86>(ROW(PLE.lastrow)-ROW(PLE.firstrow))),0,\n           IF(OFFSET(PLE!$G$15,$M86-$A$15,AZ$13)=\"\",10^12,OFFSET(PLE!$G$15,$M86-$A$15,AZ$13)))","v":1000000000000},{"$f":"IF(OR($D86<>\"Serviço\",AND(AUTOEVENTO=\"Manual\",$M86=$A$15),$M86>(ROW(PLE.lastrow)-ROW(PLE.firstrow))),0,\n           IF(OFFSET(PLE!$G$15,$M86-$A$15,BA$13)=\"\",10^12,OFFSET(PLE!$G$15,$M86-$A$15,BA$13)))","v":1000000000000},{"$f":"IF(OR($D86<>\"Serviço\",AND(AUTOEVENTO=\"Manual\",$M86=$A$15),$M86>(ROW(PLE.lastrow)-ROW(PLE.firstrow))),0,\n           IF(OFFSET(PLE!$G$15,$M86-$A$15,BB$13)=\"\",10^12,OFFSET(PLE!$G$15,$M86-$A$15,BB$13)))","v":1000000000000},{"$f":"IF(OR($D86<>\"Serviço\",AND(AUTOEVENTO=\"Manual\",$M86=$A$15),$M86>(ROW(PLE.lastrow)-ROW(PLE.firstrow))),0,\n           IF(OFFSET(PLE!$G$15,$M86-$A$15,BC$13)=\"\",10^12,OFFSET(PLE!$G$15,$M86-$A$15,BC$13)))","v":1000000000000},{"$f":"IF(OR($D86<>\"Serviço\",AND(AUTOEVENTO=\"Manual\",$M86=$A$15),$M86>(ROW(PLE.lastrow)-ROW(PLE.firstrow))),0,\n           IF(OFFSET(PLE!$G$15,$M86-$A$15,BD$13)=\"\",10^12,OFFSET(PLE!$G$15,$M86-$A$15,BD$13)))","v":1000000000000},{"$f":"IF(OR($D86<>\"Serviço\",AND(AUTOEVENTO=\"Manual\",$M86=$A$15),$M86>(ROW(PLE.lastrow)-ROW(PLE.firstrow))),0,\n           IF(OFFSET(PLE!$G$15,$M86-$A$15,BE$13)=\"\",10^12,OFFSET(PLE!$G$15,$M86-$A$15,BE$13)))","v":1000000000000},{"$f":"IF(OR($D86<>\"Serviço\",AND(AUTOEVENTO=\"Manual\",$M86=$A$15),$M86>(ROW(PLE.lastrow)-ROW(PLE.firstrow))),0,\n           IF(OFFSET(PLE!$G$15,$M86-$A$15,BF$13)=\"\",10^12,OFFSET(PLE!$G$15,$M86-$A$15,BF$13)))","v":1000000000000},{"$f":"IF(OR($D86<>\"Serviço\",AND(AUTOEVENTO=\"Manual\",$M86=$A$15),$M86>(ROW(PLE.lastrow)-ROW(PLE.firstrow))),0,\n           IF(OFFSET(PLE!$G$15,$M86-$A$15,BG$13)=\"\",10^12,OFFSET(PLE!$G$15,$M86-$A$15,BG$13)))","v":1000000000000}]
["10",{"$f":"OFFSET(ORÇAMENTO!C$15,ROW(B87)-ROW(B$15),0)","v":"S"},{"$f":"OFFSET(ORÇAMENTO!L$15,ROW(C87)-ROW(C$15),0)","v":""},{"$f":"OFFSET(ORÇAMENTO!N$15,ROW(D87)-ROW(D$15),0)","v":"Serviço"},{"$f":"OFFSET(ORÇAMENTO!O$15,ROW(E87)-ROW(E$15),0)","v":"-"},{"$f":"OFFSET(ORÇAMENTO!R$15,ROW(F87)-ROW(F$15),0)","v":"(Sem Código)"},{"$f":"IF($D87<>\"Serviço\",\"\",OFFSET(ORÇAMENTO!S$15,ROW(G87)-ROW(G$15),0))","v":"-"},{"$f":"IF($D87<>\"Serviço\",0,IF(ACOMPANHAMENTO=\"BM\",ROUND(OFFSET(ORÇAMENTO!AJ$15,ROW(H87)-ROW(H$15),0),15-13*ORÇAMENTO!$AF$7),SUMPRODUCT(($Q$1:$AA$1=1)*ROUND($Q87:$AA87,15-13*ORÇAMENTO!$AF$7))))","v":0},null,{"$f":"IF(OR(B87<>\"S\",CÁLCULO.FrentesPreenchidas=0),\"\",IF(AND(ACOMPANHAMENTO=\"PLE\",AUTOEVENTO=\"Manual\",OR(H87>0,ORÇAMENTO!AC87=\"QUANT.\"),OR(K87=\"\",M87=0,N87=\"\")),\"►E\",IF(AND(ACOMPANHAMENTO=\"PLE\",ORÇAMENTO!AC87=\"QUANT.\"),\"►Q\",IF(AND(ACOMPANHAMENTO=\"PLE\",H87<>SUMPRODUCT(($Q$1:$AA$1=1)*ROUND(Q87:AA87,15))),\"►S\",IF(AND(COUNTIF($P$11:$AA$11,\"▼\")=0,H87>0,I87=\"\"),\"◄M\",\"\")))))","v":{"$error":"#NAME?"}},null,".",{"$f":"IF($D87<>\"Serviço\",\"\",\n          IF(AUTOEVENTO=\"manual\",$A87,\n                IF(ISERROR(MATCH($A87,$A$15:OFFSET($A87,-1,0),0)),MAX($M$15:OFFSET(M87,-1,0))+1,\n                      INDEX($M$15:OFFSET(M87,-1,0),MATCH($A87,$A$15:OFFSET($A87,-1,0),0)))))","v":2},{"$f":"IF($D87<>\"Serviço\",\"\",\n         IF(AUTOEVENTO=\"Manual\",\n                IF($A87=0,\"<-- defina o número do agrupador\",\n                       OFFSET(EVENTOS!$D$15,$A87-$A$15,0)),\n                OFFSET($F$15,$A87,0)))","v":"REDE DE DISTRUIBUIÇÃO"},null,null,null,null,null,null,null,null,null,null,null,null,null,{"$f":"IF(AND($D87=\"Serviço\",AB$12<>0,$H87>0,OR(AUTOEVENTO<>\"manual\",$M87<>$A$15)),\n        IF(Import.TipoArredondamento<>\"TransfereGOV\",\n              ROUND(OFFSET($P87,0,AB$13),15-13*ORÇAMENTO!$AF$7)/$H87*OFFSET(ORÇAMENTO!$X$15,ROW(AB87)-ROW(AB$15),0),\n              ROUND(ROUND(OFFSET($P87,0,AB$13),15-13*ORÇAMENTO!$AF$7)*OFFSET(ORÇAMENTO!$W$15,ROW(AB87)-ROW(AB$15),0),15-13*ORÇAMENTO!$AF$11)),\n         0)","v":0},{"$f":"IF(AND($D87=\"Serviço\",AC$12<>0,$H87>0,OR(AUTOEVENTO<>\"manual\",$M87<>$A$15)),\n        IF(Import.TipoArredondamento<>\"TransfereGOV\",\n              ROUND(OFFSET($P87,0,AC$13),15-13*ORÇAMENTO!$AF$7)/$H87*OFFSET(ORÇAMENTO!$X$15,ROW(AC87)-ROW(AC$15),0),\n              ROUND(ROUND(OFFSET($P87,0,AC$13),15-13*ORÇAMENTO!$AF$7)*OFFSET(ORÇAMENTO!$W$15,ROW(AC87)-ROW(AC$15),0),15-13*ORÇAMENTO!$AF$11)),\n         0)","v":0},{"$f":"IF(AND($D87=\"Serviço\",AD$12<>0,$H87>0,OR(AUTOEVENTO<>\"manual\",$M87<>$A$15)),\n        IF(Import.TipoArredondamento<>\"TransfereGOV\",\n              ROUND(OFFSET($P87,0,AD$13),15-13*ORÇAMENTO!$AF$7)/$H87*OFFSET(ORÇAMENTO!$X$15,ROW(AD87)-ROW(AD$15),0),\n              ROUND(ROUND(OFFSET($P87,0,AD$13),15-13*ORÇAMENTO!$AF$7)*OFFSET(ORÇAMENTO!$W$15,ROW(AD87)-ROW(AD$15),0),15-13*ORÇAMENTO!$AF$11)),\n         0)","v":0},{"$f":"IF(AND($D87=\"Serviço\",AE$12<>0,$H87>0,OR(AUTOEVENTO<>\"manual\",$M87<>$A$15)),\n        IF(Import.TipoArredondamento<>\"TransfereGOV\",\n              ROUND(OFFSET($P87,0,AE$13),15-13*ORÇAMENTO!$AF$7)/$H87*OFFSET(ORÇAMENTO!$X$15,ROW(AE87)-ROW(AE$15),0),\n              ROUND(ROUND(OFFSET($P87,0,AE$13),15-13*ORÇAMENTO!$AF$7)*OFFSET(ORÇAMENTO!$W$15,ROW(AE87)-ROW(AE$15),0),15-13*ORÇAMENTO!$AF$11)),\n         0)","v":0},{"$f":"IF(AND($D87=\"Serviço\",AF$12<>0,$H87>0,OR(AUTOEVENTO<>\"manual\",$M87<>$A$15)),\n        IF(Import.TipoArredondamento<>\"TransfereGOV\",\n              ROUND(OFFSET($P87,0,AF$13),15-13*ORÇAMENTO!$AF$7)/$H87*OFFSET(ORÇAMENTO!$X$15,ROW(AF87)-ROW(AF$15),0),\n              ROUND(ROUND(OFFSET($P87,0,AF$13),15-13*ORÇAMENTO!$AF$7)*OFFSET(ORÇAMENTO!$W$15,ROW(AF87)-ROW(AF$15),0),15-13*ORÇAMENTO!$AF$11)),\n         0)","v":0},{"$f":"IF(AND($D87=\"Serviço\",AG$12<>0,$H87>0,OR(AUTOEVENTO<>\"manual\",$M87<>$A$15)),\n        IF(Import.TipoArredondamento<>\"TransfereGOV\",\n              ROUND(OFFSET($P87,0,AG$13),15-13*ORÇAMENTO!$AF$7)/$H87*OFFSET(ORÇAMENTO!$X$15,ROW(AG87)-ROW(AG$15),0),\n              ROUND(ROUND(OFFSET($P87,0,AG$13),15-13*ORÇAMENTO!$AF$7)*OFFSET(ORÇAMENTO!$W$15,ROW(AG87)-ROW(AG$15),0),15-13*ORÇAMENTO!$AF$11)),\n         0)","v":0},{"$f":"IF(AND($D87=\"Serviço\",AH$12<>0,$H87>0,OR(AUTOEVENTO<>\"manual\",$M87<>$A$15)),\n        IF(Import.TipoArredondamento<>\"TransfereGOV\",\n              ROUND(OFFSET($P87,0,AH$13),15-13*ORÇAMENTO!$AF$7)/$H87*OFFSET(ORÇAMENTO!$X$15,ROW(AH87)-ROW(AH$15),0),\n              ROUND(ROUND(OFFSET($P87,0,AH$13),15-13*ORÇAMENTO!$AF$7)*OFFSET(ORÇAMENTO!$W$15,ROW(AH87)-ROW(AH$15),0),15-13*ORÇAMENTO!$AF$11)),\n         0)","v":0},{"$f":"IF(AND($D87=\"Serviço\",AI$12<>0,$H87>0,OR(AUTOEVENTO<>\"manual\",$M87<>$A$15)),\n        IF(Import.TipoArredondamento<>\"TransfereGOV\",\n              ROUND(OFFSET($P87,0,AI$13),15-13*ORÇAMENTO!$AF$7)/$H87*OFFSET(ORÇAMENTO!$X$15,ROW(AI87)-ROW(AI$15),0),\n              ROUND(ROUND(OFFSET($P87,0,AI$13),15-13*ORÇAMENTO!$AF$7)*OFFSET(ORÇAMENTO!$W$15,ROW(AI87)-ROW(AI$15),0),15-13*ORÇAMENTO!$AF$11)),\n         0)","v":0},{"$f":"IF(AND($D87=\"Serviço\",AJ$12<>0,$H87>0,OR(AUTOEVENTO<>\"manual\",$M87<>$A$15)),\n        IF(Import.TipoArredondamento<>\"TransfereGOV\",\n              ROUND(OFFSET($P87,0,AJ$13),15-13*ORÇAMENTO!$AF$7)/$H87*OFFSET(ORÇAMENTO!$X$15,ROW(AJ87)-ROW(AJ$15),0),\n              ROUND(ROUND(OFFSET($P87,0,AJ$13),15-13*ORÇAMENTO!$AF$7)*OFFSET(ORÇAMENTO!$W$15,ROW(AJ87)-ROW(AJ$15),0),15-13*ORÇAMENTO!$AF$11)),\n         0)","v":0},{"$f":"IF(AND($D87=\"Serviço\",AK$12<>0,$H87>0,OR(AUTOEVENTO<>\"manual\",$M87<>$A$15)),\n        IF(Import.TipoArredondamento<>\"TransfereGOV\",\n              ROUND(OFFSET($P87,0,AK$13),15-13*ORÇAMENTO!$AF$7)/$H87*OFFSET(ORÇAMENTO!$X$15,ROW(AK87)-ROW(AK$15),0),\n              ROUND(ROUND(OFFSET($P87,0,AK$13),15-13*ORÇAMENTO!$AF$7)*OFFSET(ORÇAMENTO!$W$15,ROW(AK87)-ROW(AK$15),0),15-13*ORÇAMENTO!$AF$11)),\n         0)","v":0},null,{"$f":"IF(OR($D87<>\"Serviço\",AND(AUTOEVENTO=\"Manual\",$M87=$A$15)),0,\n         IF(OFFSET(CRONOPLE!$F$15,$M87-$A$15,AM$13)=0,10^12,OFFSET(CRONOPLE!$F$15,$M87-$A$15,AM$13)))","v":1},{"$f":"IF(OR($D87<>\"Serviço\",AND(AUTOEVENTO=\"Manual\",$M87=$A$15)),0,\n         IF(OFFSET(CRONOPLE!$F$15,$M87-$A$15,AN$13)=0,10^12,OFFSET(CRONOPLE!$F$15,$M87-$A$15,AN$13)))","v":2},{"$f":"IF(OR($D87<>\"Serviço\",AND(AUTOEVENTO=\"Manual\",$M87=$A$15)),0,\n         IF(OFFSET(CRONOPLE!$F$15,$M87-$A$15,AO$13)=0,10^12,OFFSET(CRONOPLE!$F$15,$M87-$A$15,AO$13)))","v":1000000000000},{"$f":"IF(OR($D87<>\"Serviço\",AND(AUTOEVENTO=\"Manual\",$M87=$A$15)),0,\n         IF(OFFSET(CRONOPLE!$F$15,$M87-$A$15,AP$13)=0,10^12,OFFSET(CRONOPLE!$F$15,$M87-$A$15,AP$13)))","v":1000000000000},{"$f":"IF(OR($D87<>\"Serviço\",AND(AUTOEVENTO=\"Manual\",$M87=$A$15)),0,\n         IF(OFFSET(CRONOPLE!$F$15,$M87-$A$15,AQ$13)=0,10^12,OFFSET(CRONOPLE!$F$15,$M87-$A$15,AQ$13)))","v":1000000000000},{"$f":"IF(OR($D87<>\"Serviço\",AND(AUTOEVENTO=\"Manual\",$M87=$A$15)),0,\n         IF(OFFSET(CRONOPLE!$F$15,$M87-$A$15,AR$13)=0,10^12,OFFSET(CRONOPLE!$F$15,$M87-$A$15,AR$13)))","v":1000000000000},{"$f":"IF(OR($D87<>\"Serviço\",AND(AUTOEVENTO=\"Manual\",$M87=$A$15)),0,\n         IF(OFFSET(CRONOPLE!$F$15,$M87-$A$15,AS$13)=0,10^12,OFFSET(CRONOPLE!$F$15,$M87-$A$15,AS$13)))","v":1000000000000},{"$f":"IF(OR($D87<>\"Serviço\",AND(AUTOEVENTO=\"Manual\",$M87=$A$15)),0,\n         IF(OFFSET(CRONOPLE!$F$15,$M87-$A$15,AT$13)=0,10^12,OFFSET(CRONOPLE!$F$15,$M87-$A$15,AT$13)))","v":1000000000000},{"$f":"IF(OR($D87<>\"Serviço\",AND(AUTOEVENTO=\"Manual\",$M87=$A$15)),0,\n         IF(OFFSET(CRONOPLE!$F$15,$M87-$A$15,AU$13)=0,10^12,OFFSET(CRONOPLE!$F$15,$M87-$A$15,AU$13)))","v":1000000000000},{"$f":"IF(OR($D87<>\"Serviço\",AND(AUTOEVENTO=\"Manual\",$M87=$A$15)),0,\n         IF(OFFSET(CRONOPLE!$F$15,$M87-$A$15,AV$13)=0,10^12,OFFSET(CRONOPLE!$F$15,$M87-$A$15,AV$13)))","v":1000000000000},null,{"$f":"IF(OR($D87<>\"Serviço\",AND(AUTOEVENTO=\"Manual\",$M87=$A$15),$M87>(ROW(PLE.lastrow)-ROW(PLE.firstrow))),0,\n           IF(OFFSET(PLE!$G$15,$M87-$A$15,AX$13)=\"\",10^12,OFFSET(PLE!$G$15,$M87-$A$15,AX$13)))","v":1000000000000},{"$f":"IF(OR($D87<>\"Serviço\",AND(AUTOEVENTO=\"Manual\",$M87=$A$15),$M87>(ROW(PLE.lastrow)-ROW(PLE.firstrow))),0,\n           IF(OFFSET(PLE!$G$15,$M87-$A$15,AY$13)=\"\",10^12,OFFSET(PLE!$G$15,$M87-$A$15,AY$13)))","v":1000000000000},{"$f":"IF(OR($D87<>\"Serviço\",AND(AUTOEVENTO=\"Manual\",$M87=$A$15),$M87>(ROW(PLE.lastrow)-ROW(PLE.firstrow))),0,\n           IF(OFFSET(PLE!$G$15,$M87-$A$15,AZ$13)=\"\",10^12,OFFSET(PLE!$G$15,$M87-$A$15,AZ$13)))","v":1000000000000},{"$f":"IF(OR($D87<>\"Serviço\",AND(AUTOEVENTO=\"Manual\",$M87=$A$15),$M87>(ROW(PLE.lastrow)-ROW(PLE.firstrow))),0,\n           IF(OFFSET(PLE!$G$15,$M87-$A$15,BA$13)=\"\",10^12,OFFSET(PLE!$G$15,$M87-$A$15,BA$13)))","v":1000000000000},{"$f":"IF(OR($D87<>\"Serviço\",AND(AUTOEVENTO=\"Manual\",$M87=$A$15),$M87>(ROW(PLE.lastrow)-ROW(PLE.firstrow))),0,\n           IF(OFFSET(PLE!$G$15,$M87-$A$15,BB$13)=\"\",10^12,OFFSET(PLE!$G$15,$M87-$A$15,BB$13)))","v":1000000000000},{"$f":"IF(OR($D87<>\"Serviço\",AND(AUTOEVENTO=\"Manual\",$M87=$A$15),$M87>(ROW(PLE.lastrow)-ROW(PLE.firstrow))),0,\n           IF(OFFSET(PLE!$G$15,$M87-$A$15,BC$13)=\"\",10^12,OFFSET(PLE!$G$15,$M87-$A$15,BC$13)))","v":1000000000000},{"$f":"IF(OR($D87<>\"Serviço\",AND(AUTOEVENTO=\"Manual\",$M87=$A$15),$M87>(ROW(PLE.lastrow)-ROW(PLE.firstrow))),0,\n           IF(OFFSET(PLE!$G$15,$M87-$A$15,BD$13)=\"\",10^12,OFFSET(PLE!$G$15,$M87-$A$15,BD$13)))","v":1000000000000},{"$f":"IF(OR($D87<>\"Serviço\",AND(AUTOEVENTO=\"Manual\",$M87=$A$15),$M87>(ROW(PLE.lastrow)-ROW(PLE.firstrow))),0,\n           IF(OFFSET(PLE!$G$15,$M87-$A$15,BE$13)=\"\",10^12,OFFSET(PLE!$G$15,$M87-$A$15,BE$13)))","v":1000000000000},{"$f":"IF(OR($D87<>\"Serviço\",AND(AUTOEVENTO=\"Manual\",$M87=$A$15),$M87>(ROW(PLE.lastrow)-ROW(PLE.firstrow))),0,\n           IF(OFFSET(PLE!$G$15,$M87-$A$15,BF$13)=\"\",10^12,OFFSET(PLE!$G$15,$M87-$A$15,BF$13)))","v":1000000000000},{"$f":"IF(OR($D87<>\"Serviço\",AND(AUTOEVENTO=\"Manual\",$M87=$A$15),$M87>(ROW(PLE.lastrow)-ROW(PLE.firstrow))),0,\n           IF(OFFSET(PLE!$G$15,$M87-$A$15,BG$13)=\"\",10^12,OFFSET(PLE!$G$15,$M87-$A$15,BG$13)))","v":1000000000000}]
["10",{"$f":"OFFSET(ORÇAMENTO!C$15,ROW(B88)-ROW(B$15),0)","v":"S"},{"$f":"OFFSET(ORÇAMENTO!L$15,ROW(C88)-ROW(C$15),0)","v":""},{"$f":"OFFSET(ORÇAMENTO!N$15,ROW(D88)-ROW(D$15),0)","v":"Serviço"},{"$f":"OFFSET(ORÇAMENTO!O$15,ROW(E88)-ROW(E$15),0)","v":"-"},{"$f":"OFFSET(ORÇAMENTO!R$15,ROW(F88)-ROW(F$15),0)","v":"(Sem Código)"},{"$f":"IF($D88<>\"Serviço\",\"\",OFFSET(ORÇAMENTO!S$15,ROW(G88)-ROW(G$15),0))","v":"-"},{"$f":"IF($D88<>\"Serviço\",0,IF(ACOMPANHAMENTO=\"BM\",ROUND(OFFSET(ORÇAMENTO!AJ$15,ROW(H88)-ROW(H$15),0),15-13*ORÇAMENTO!$AF$7),SUMPRODUCT(($Q$1:$AA$1=1)*ROUND($Q88:$AA88,15-13*ORÇAMENTO!$AF$7))))","v":0},null,{"$f":"IF(OR(B88<>\"S\",CÁLCULO.FrentesPreenchidas=0),\"\",IF(AND(ACOMPANHAMENTO=\"PLE\",AUTOEVENTO=\"Manual\",OR(H88>0,ORÇAMENTO!AC88=\"QUANT.\"),OR(K88=\"\",M88=0,N88=\"\")),\"►E\",IF(AND(ACOMPANHAMENTO=\"PLE\",ORÇAMENTO!AC88=\"QUANT.\"),\"►Q\",IF(AND(ACOMPANHAMENTO=\"PLE\",H88<>SUMPRODUCT(($Q$1:$AA$1=1)*ROUND(Q88:AA88,15))),\"►S\",IF(AND(COUNTIF($P$11:$AA$11,\"▼\")=0,H88>0,I88=\"\"),\"◄M\",\"\")))))","v":{"$error":"#NAME?"}},null,".",{"$f":"IF($D88<>\"Serviço\",\"\",\n          IF(AUTOEVENTO=\"manual\",$A88,\n                IF(ISERROR(MATCH($A88,$A$15:OFFSET($A88,-1,0),0)),MAX($M$15:OFFSET(M88,-1,0))+1,\n                      INDEX($M$15:OFFSET(M88,-1,0),MATCH($A88,$A$15:OFFSET($A88,-1,0),0)))))","v":2},{"$f":"IF($D88<>\"Serviço\",\"\",\n         IF(AUTOEVENTO=\"Manual\",\n                IF($A88=0,\"<-- defina o número do agrupador\",\n                       OFFSET(EVENTOS!$D$15,$A88-$A$15,0)),\n                OFFSET($F$15,$A88,0)))","v":"REDE DE DISTRUIBUIÇÃO"},null,null,null,null,null,null,null,null,null,null,null,null,null,{"$f":"IF(AND($D88=\"Serviço\",AB$12<>0,$H88>0,OR(AUTOEVENTO<>\"manual\",$M88<>$A$15)),\n        IF(Import.TipoArredondamento<>\"TransfereGOV\",\n              ROUND(OFFSET($P88,0,AB$13),15-13*ORÇAMENTO!$AF$7)/$H88*OFFSET(ORÇAMENTO!$X$15,ROW(AB88)-ROW(AB$15),0),\n              ROUND(ROUND(OFFSET($P88,0,AB$13),15-13*ORÇAMENTO!$AF$7)*OFFSET(ORÇAMENTO!$W$15,ROW(AB88)-ROW(AB$15),0),15-13*ORÇAMENTO!$AF$11)),\n         0)","v":0},{"$f":"IF(AND($D88=\"Serviço\",AC$12<>0,$H88>0,OR(AUTOEVENTO<>\"manual\",$M88<>$A$15)),\n        IF(Import.TipoArredondamento<>\"TransfereGOV\",\n              ROUND(OFFSET($P88,0,AC$13),15-13*ORÇAMENTO!$AF$7)/$H88*OFFSET(ORÇAMENTO!$X$15,ROW(AC88)-ROW(AC$15),0),\n              ROUND(ROUND(OFFSET($P88,0,AC$13),15-13*ORÇAMENTO!$AF$7)*OFFSET(ORÇAMENTO!$W$15,ROW(AC88)-ROW(AC$15),0),15-13*ORÇAMENTO!$AF$11)),\n         0)","v":0},{"$f":"IF(AND($D88=\"Serviço\",AD$12<>0,$H88>0,OR(AUTOEVENTO<>\"manual\",$M88<>$A$15)),\n        IF(Import.TipoArredondamento<>\"TransfereGOV\",\n              ROUND(OFFSET($P88,0,AD$13),15-13*ORÇAMENTO!$AF$7)/$H88*OFFSET(ORÇAMENTO!$X$15,ROW(AD88)-ROW(AD$15),0),\n              ROUND(ROUND(OFFSET($P88,0,AD$13),15-13*ORÇAMENTO!$AF$7)*OFFSET(ORÇAMENTO!$W$15,ROW(AD88)-ROW(AD$15),0),15-13*ORÇAMENTO!$AF$11)),\n         0)","v":0},{"$f":"IF(AND($D88=\"Serviço\",AE$12<>0,$H88>0,OR(AUTOEVENTO<>\"manual\",$M88<>$A$15)),\n        IF(Import.TipoArredondamento<>\"TransfereGOV\",\n              ROUND(OFFSET($P88,0,AE$13),15-13*ORÇAMENTO!$AF$7)/$H88*OFFSET(ORÇAMENTO!$X$15,ROW(AE88)-ROW(AE$15),0),\n              ROUND(ROUND(OFFSET($P88,0,AE$13),15-13*ORÇAMENTO!$AF$7)*OFFSET(ORÇAMENTO!$W$15,ROW(AE88)-ROW(AE$15),0),15-13*ORÇAMENTO!$AF$11)),\n         0)","v":0},{"$f":"IF(AND($D88=\"Serviço\",AF$12<>0,$H88>0,OR(AUTOEVENTO<>\"manual\",$M88<>$A$15)),\n        IF(Import.TipoArredondamento<>\"TransfereGOV\",\n              ROUND(OFFSET($P88,0,AF$13),15-13*ORÇAMENTO!$AF$7)/$H88*OFFSET(ORÇAMENTO!$X$15,ROW(AF88)-ROW(AF$15),0),\n              ROUND(ROUND(OFFSET($P88,0,AF$13),15-13*ORÇAMENTO!$AF$7)*OFFSET(ORÇAMENTO!$W$15,ROW(AF88)-ROW(AF$15),0),15-13*ORÇAMENTO!$AF$11)),\n         0)","v":0},{"$f":"IF(AND($D88=\"Serviço\",AG$12<>0,$H88>0,OR(AUTOEVENTO<>\"manual\",$M88<>$A$15)),\n        IF(Import.TipoArredondamento<>\"TransfereGOV\",\n              ROUND(OFFSET($P88,0,AG$13),15-13*ORÇAMENTO!$AF$7)/$H88*OFFSET(ORÇAMENTO!$X$15,ROW(AG88)-ROW(AG$15),0),\n              ROUND(ROUND(OFFSET($P88,0,AG$13),15-13*ORÇAMENTO!$AF$7)*OFFSET(ORÇAMENTO!$W$15,ROW(AG88)-ROW(AG$15),0),15-13*ORÇAMENTO!$AF$11)),\n         0)","v":0},{"$f":"IF(AND($D88=\"Serviço\",AH$12<>0,$H88>0,OR(AUTOEVENTO<>\"manual\",$M88<>$A$15)),\n        IF(Import.TipoArredondamento<>\"TransfereGOV\",\n              ROUND(OFFSET($P88,0,AH$13),15-13*ORÇAMENTO!$AF$7)/$H88*OFFSET(ORÇAMENTO!$X$15,ROW(AH88)-ROW(AH$15),0),\n              ROUND(ROUND(OFFSET($P88,0,AH$13),15-13*ORÇAMENTO!$AF$7)*OFFSET(ORÇAMENTO!$W$15,ROW(AH88)-ROW(AH$15),0),15-13*ORÇAMENTO!$AF$11)),\n         0)","v":0},{"$f":"IF(AND($D88=\"Serviço\",AI$12<>0,$H88>0,OR(AUTOEVENTO<>\"manual\",$M88<>$A$15)),\n        IF(Import.TipoArredondamento<>\"TransfereGOV\",\n              ROUND(OFFSET($P88,0,AI$13),15-13*ORÇAMENTO!$AF$7)/$H88*OFFSET(ORÇAMENTO!$X$15,ROW(AI88)-ROW(AI$15),0),\n              ROUND(ROUND(OFFSET($P88,0,AI$13),15-13*ORÇAMENTO!$AF$7)*OFFSET(ORÇAMENTO!$W$15,ROW(AI88)-ROW(AI$15),0),15-13*ORÇAMENTO!$AF$11)),\n         0)","v":0},{"$f":"IF(AND($D88=\"Serviço\",AJ$12<>0,$H88>0,OR(AUTOEVENTO<>\"manual\",$M88<>$A$15)),\n        IF(Import.TipoArredondamento<>\"TransfereGOV\",\n              ROUND(OFFSET($P88,0,AJ$13),15-13*ORÇAMENTO!$AF$7)/$H88*OFFSET(ORÇAMENTO!$X$15,ROW(AJ88)-ROW(AJ$15),0),\n              ROUND(ROUND(OFFSET($P88,0,AJ$13),15-13*ORÇAMENTO!$AF$7)*OFFSET(ORÇAMENTO!$W$15,ROW(AJ88)-ROW(AJ$15),0),15-13*ORÇAMENTO!$AF$11)),\n         0)","v":0},{"$f":"IF(AND($D88=\"Serviço\",AK$12<>0,$H88>0,OR(AUTOEVENTO<>\"manual\",$M88<>$A$15)),\n        IF(Import.TipoArredondamento<>\"TransfereGOV\",\n              ROUND(OFFSET($P88,0,AK$13),15-13*ORÇAMENTO!$AF$7)/$H88*OFFSET(ORÇAMENTO!$X$15,ROW(AK88)-ROW(AK$15),0),\n              ROUND(ROUND(OFFSET($P88,0,AK$13),15-13*ORÇAMENTO!$AF$7)*OFFSET(ORÇAMENTO!$W$15,ROW(AK88)-ROW(AK$15),0),15-13*ORÇAMENTO!$AF$11)),\n         0)","v":0},null,{"$f":"IF(OR($D88<>\"Serviço\",AND(AUTOEVENTO=\"Manual\",$M88=$A$15)),0,\n         IF(OFFSET(CRONOPLE!$F$15,$M88-$A$15,AM$13)=0,10^12,OFFSET(CRONOPLE!$F$15,$M88-$A$15,AM$13)))","v":1},{"$f":"IF(OR($D88<>\"Serviço\",AND(AUTOEVENTO=\"Manual\",$M88=$A$15)),0,\n         IF(OFFSET(CRONOPLE!$F$15,$M88-$A$15,AN$13)=0,10^12,OFFSET(CRONOPLE!$F$15,$M88-$A$15,AN$13)))","v":2},{"$f":"IF(OR($D88<>\"Serviço\",AND(AUTOEVENTO=\"Manual\",$M88=$A$15)),0,\n         IF(OFFSET(CRONOPLE!$F$15,$M88-$A$15,AO$13)=0,10^12,OFFSET(CRONOPLE!$F$15,$M88-$A$15,AO$13)))","v":1000000000000},{"$f":"IF(OR($D88<>\"Serviço\",AND(AUTOEVENTO=\"Manual\",$M88=$A$15)),0,\n         IF(OFFSET(CRONOPLE!$F$15,$M88-$A$15,AP$13)=0,10^12,OFFSET(CRONOPLE!$F$15,$M88-$A$15,AP$13)))","v":1000000000000},{"$f":"IF(OR($D88<>\"Serviço\",AND(AUTOEVENTO=\"Manual\",$M88=$A$15)),0,\n         IF(OFFSET(CRONOPLE!$F$15,$M88-$A$15,AQ$13)=0,10^12,OFFSET(CRONOPLE!$F$15,$M88-$A$15,AQ$13)))","v":1000000000000},{"$f":"IF(OR($D88<>\"Serviço\",AND(AUTOEVENTO=\"Manual\",$M88=$A$15)),0,\n         IF(OFFSET(CRONOPLE!$F$15,$M88-$A$15,AR$13)=0,10^12,OFFSET(CRONOPLE!$F$15,$M88-$A$15,AR$13)))","v":1000000000000},{"$f":"IF(OR($D88<>\"Serviço\",AND(AUTOEVENTO=\"Manual\",$M88=$A$15)),0,\n         IF(OFFSET(CRONOPLE!$F$15,$M88-$A$15,AS$13)=0,10^12,OFFSET(CRONOPLE!$F$15,$M88-$A$15,AS$13)))","v":1000000000000},{"$f":"IF(OR($D88<>\"Serviço\",AND(AUTOEVENTO=\"Manual\",$M88=$A$15)),0,\n         IF(OFFSET(CRONOPLE!$F$15,$M88-$A$15,AT$13)=0,10^12,OFFSET(CRONOPLE!$F$15,$M88-$A$15,AT$13)))","v":1000000000000},{"$f":"IF(OR($D88<>\"Serviço\",AND(AUTOEVENTO=\"Manual\",$M88=$A$15)),0,\n         IF(OFFSET(CRONOPLE!$F$15,$M88-$A$15,AU$13)=0,10^12,OFFSET(CRONOPLE!$F$15,$M88-$A$15,AU$13)))","v":1000000000000},{"$f":"IF(OR($D88<>\"Serviço\",AND(AUTOEVENTO=\"Manual\",$M88=$A$15)),0,\n         IF(OFFSET(CRONOPLE!$F$15,$M88-$A$15,AV$13)=0,10^12,OFFSET(CRONOPLE!$F$15,$M88-$A$15,AV$13)))","v":1000000000000},null,{"$f":"IF(OR($D88<>\"Serviço\",AND(AUTOEVENTO=\"Manual\",$M88=$A$15),$M88>(ROW(PLE.lastrow)-ROW(PLE.firstrow))),0,\n           IF(OFFSET(PLE!$G$15,$M88-$A$15,AX$13)=\"\",10^12,OFFSET(PLE!$G$15,$M88-$A$15,AX$13)))","v":1000000000000},{"$f":"IF(OR($D88<>\"Serviço\",AND(AUTOEVENTO=\"Manual\",$M88=$A$15),$M88>(ROW(PLE.lastrow)-ROW(PLE.firstrow))),0,\n           IF(OFFSET(PLE!$G$15,$M88-$A$15,AY$13)=\"\",10^12,OFFSET(PLE!$G$15,$M88-$A$15,AY$13)))","v":1000000000000},{"$f":"IF(OR($D88<>\"Serviço\",AND(AUTOEVENTO=\"Manual\",$M88=$A$15),$M88>(ROW(PLE.lastrow)-ROW(PLE.firstrow))),0,\n           IF(OFFSET(PLE!$G$15,$M88-$A$15,AZ$13)=\"\",10^12,OFFSET(PLE!$G$15,$M88-$A$15,AZ$13)))","v":1000000000000},{"$f":"IF(OR($D88<>\"Serviço\",AND(AUTOEVENTO=\"Manual\",$M88=$A$15),$M88>(ROW(PLE.lastrow)-ROW(PLE.firstrow))),0,\n           IF(OFFSET(PLE!$G$15,$M88-$A$15,BA$13)=\"\",10^12,OFFSET(PLE!$G$15,$M88-$A$15,BA$13)))","v":1000000000000},{"$f":"IF(OR($D88<>\"Serviço\",AND(AUTOEVENTO=\"Manual\",$M88=$A$15),$M88>(ROW(PLE.lastrow)-ROW(PLE.firstrow))),0,\n           IF(OFFSET(PLE!$G$15,$M88-$A$15,BB$13)=\"\",10^12,OFFSET(PLE!$G$15,$M88-$A$15,BB$13)))","v":1000000000000},{"$f":"IF(OR($D88<>\"Serviço\",AND(AUTOEVENTO=\"Manual\",$M88=$A$15),$M88>(ROW(PLE.lastrow)-ROW(PLE.firstrow))),0,\n           IF(OFFSET(PLE!$G$15,$M88-$A$15,BC$13)=\"\",10^12,OFFSET(PLE!$G$15,$M88-$A$15,BC$13)))","v":1000000000000},{"$f":"IF(OR($D88<>\"Serviço\",AND(AUTOEVENTO=\"Manual\",$M88=$A$15),$M88>(ROW(PLE.lastrow)-ROW(PLE.firstrow))),0,\n           IF(OFFSET(PLE!$G$15,$M88-$A$15,BD$13)=\"\",10^12,OFFSET(PLE!$G$15,$M88-$A$15,BD$13)))","v":1000000000000},{"$f":"IF(OR($D88<>\"Serviço\",AND(AUTOEVENTO=\"Manual\",$M88=$A$15),$M88>(ROW(PLE.lastrow)-ROW(PLE.firstrow))),0,\n           IF(OFFSET(PLE!$G$15,$M88-$A$15,BE$13)=\"\",10^12,OFFSET(PLE!$G$15,$M88-$A$15,BE$13)))","v":1000000000000},{"$f":"IF(OR($D88<>\"Serviço\",AND(AUTOEVENTO=\"Manual\",$M88=$A$15),$M88>(ROW(PLE.lastrow)-ROW(PLE.firstrow))),0,\n           IF(OFFSET(PLE!$G$15,$M88-$A$15,BF$13)=\"\",10^12,OFFSET(PLE!$G$15,$M88-$A$15,BF$13)))","v":1000000000000},{"$f":"IF(OR($D88<>\"Serviço\",AND(AUTOEVENTO=\"Manual\",$M88=$A$15),$M88>(ROW(PLE.lastrow)-ROW(PLE.firstrow))),0,\n           IF(OFFSET(PLE!$G$15,$M88-$A$15,BG$13)=\"\",10^12,OFFSET(PLE!$G$15,$M88-$A$15,BG$13)))","v":1000000000000}]
["10",{"$f":"OFFSET(ORÇAMENTO!C$15,ROW(B89)-ROW(B$15),0)","v":"S"},{"$f":"OFFSET(ORÇAMENTO!L$15,ROW(C89)-ROW(C$15),0)","v":""},{"$f":"OFFSET(ORÇAMENTO!N$15,ROW(D89)-ROW(D$15),0)","v":"Serviço"},{"$f":"OFFSET(ORÇAMENTO!O$15,ROW(E89)-ROW(E$15),0)","v":"-"},{"$f":"OFFSET(ORÇAMENTO!R$15,ROW(F89)-ROW(F$15),0)","v":"(Sem Código)"},{"$f":"IF($D89<>\"Serviço\",\"\",OFFSET(ORÇAMENTO!S$15,ROW(G89)-ROW(G$15),0))","v":"-"},{"$f":"IF($D89<>\"Serviço\",0,IF(ACOMPANHAMENTO=\"BM\",ROUND(OFFSET(ORÇAMENTO!AJ$15,ROW(H89)-ROW(H$15),0),15-13*ORÇAMENTO!$AF$7),SUMPRODUCT(($Q$1:$AA$1=1)*ROUND($Q89:$AA89,15-13*ORÇAMENTO!$AF$7))))","v":0},null,{"$f":"IF(OR(B89<>\"S\",CÁLCULO.FrentesPreenchidas=0),\"\",IF(AND(ACOMPANHAMENTO=\"PLE\",AUTOEVENTO=\"Manual\",OR(H89>0,ORÇAMENTO!AC89=\"QUANT.\"),OR(K89=\"\",M89=0,N89=\"\")),\"►E\",IF(AND(ACOMPANHAMENTO=\"PLE\",ORÇAMENTO!AC89=\"QUANT.\"),\"►Q\",IF(AND(ACOMPANHAMENTO=\"PLE\",H89<>SUMPRODUCT(($Q$1:$AA$1=1)*ROUND(Q89:AA89,15))),\"►S\",IF(AND(COUNTIF($P$11:$AA$11,\"▼\")=0,H89>0,I89=\"\"),\"◄M\",\"\")))))","v":{"$error":"#NAME?"}},null,".",{"$f":"IF($D89<>\"Serviço\",\"\",\n          IF(AUTOEVENTO=\"manual\",$A89,\n                IF(ISERROR(MATCH($A89,$A$15:OFFSET($A89,-1,0),0)),MAX($M$15:OFFSET(M89,-1,0))+1,\n                      INDEX($M$15:OFFSET(M89,-1,0),MATCH($A89,$A$15:OFFSET($A89,-1,0),0)))))","v":2},{"$f":"IF($D89<>\"Serviço\",\"\",\n         IF(AUTOEVENTO=\"Manual\",\n                IF($A89=0,\"<-- defina o número do agrupador\",\n                       OFFSET(EVENTOS!$D$15,$A89-$A$15,0)),\n                OFFSET($F$15,$A89,0)))","v":"REDE DE DISTRUIBUIÇÃO"},null,null,null,null,null,null,null,null,null,null,null,null,null,{"$f":"IF(AND($D89=\"Serviço\",AB$12<>0,$H89>0,OR(AUTOEVENTO<>\"manual\",$M89<>$A$15)),\n        IF(Import.TipoArredondamento<>\"TransfereGOV\",\n              ROUND(OFFSET($P89,0,AB$13),15-13*ORÇAMENTO!$AF$7)/$H89*OFFSET(ORÇAMENTO!$X$15,ROW(AB89)-ROW(AB$15),0),\n              ROUND(ROUND(OFFSET($P89,0,AB$13),15-13*ORÇAMENTO!$AF$7)*OFFSET(ORÇAMENTO!$W$15,ROW(AB89)-ROW(AB$15),0),15-13*ORÇAMENTO!$AF$11)),\n         0)","v":0},{"$f":"IF(AND($D89=\"Serviço\",AC$12<>0,$H89>0,OR(AUTOEVENTO<>\"manual\",$M89<>$A$15)),\n        IF(Import.TipoArredondamento<>\"TransfereGOV\",\n              ROUND(OFFSET($P89,0,AC$13),15-13*ORÇAMENTO!$AF$7)/$H89*OFFSET(ORÇAMENTO!$X$15,ROW(AC89)-ROW(AC$15),0),\n              ROUND(ROUND(OFFSET($P89,0,AC$13),15-13*ORÇAMENTO!$AF$7)*OFFSET(ORÇAMENTO!$W$15,ROW(AC89)-ROW(AC$15),0),15-13*ORÇAMENTO!$AF$11)),\n         0)","v":0},{"$f":"IF(AND($D89=\"Serviço\",AD$12<>0,$H89>0,OR(AUTOEVENTO<>\"manual\",$M89<>$A$15)),\n        IF(Import.TipoArredondamento<>\"TransfereGOV\",\n              ROUND(OFFSET($P89,0,AD$13),15-13*ORÇAMENTO!$AF$7)/$H89*OFFSET(ORÇAMENTO!$X$15,ROW(AD89)-ROW(AD$15),0),\n              ROUND(ROUND(OFFSET($P89,0,AD$13),15-13*ORÇAMENTO!$AF$7)*OFFSET(ORÇAMENTO!$W$15,ROW(AD89)-ROW(AD$15),0),15-13*ORÇAMENTO!$AF$11)),\n         0)","v":0},{"$f":"IF(AND($D89=\"Serviço\",AE$12<>0,$H89>0,OR(AUTOEVENTO<>\"manual\",$M89<>$A$15)),\n        IF(Import.TipoArredondamento<>\"TransfereGOV\",\n              ROUND(OFFSET($P89,0,AE$13),15-13*ORÇAMENTO!$AF$7)/$H89*OFFSET(ORÇAMENTO!$X$15,ROW(AE89)-ROW(AE$15),0),\n              ROUND(ROUND(OFFSET($P89,0,AE$13),15-13*ORÇAMENTO!$AF$7)*OFFSET(ORÇAMENTO!$W$15,ROW(AE89)-ROW(AE$15),0),15-13*ORÇAMENTO!$AF$11)),\n         0)","v":0},{"$f":"IF(AND($D89=\"Serviço\",AF$12<>0,$H89>0,OR(AUTOEVENTO<>\"manual\",$M89<>$A$15)),\n        IF(Import.TipoArredondamento<>\"TransfereGOV\",\n              ROUND(OFFSET($P89,0,AF$13),15-13*ORÇAMENTO!$AF$7)/$H89*OFFSET(ORÇAMENTO!$X$15,ROW(AF89)-ROW(AF$15),0),\n              ROUND(ROUND(OFFSET($P89,0,AF$13),15-13*ORÇAMENTO!$AF$7)*OFFSET(ORÇAMENTO!$W$15,ROW(AF89)-ROW(AF$15),0),15-13*ORÇAMENTO!$AF$11)),\n         0)","v":0},{"$f":"IF(AND($D89=\"Serviço\",AG$12<>0,$H89>0,OR(AUTOEVENTO<>\"manual\",$M89<>$A$15)),\n        IF(Import.TipoArredondamento<>\"TransfereGOV\",\n              ROUND(OFFSET($P89,0,AG$13),15-13*ORÇAMENTO!$AF$7)/$H89*OFFSET(ORÇAMENTO!$X$15,ROW(AG89)-ROW(AG$15),0),\n              ROUND(ROUND(OFFSET($P89,0,AG$13),15-13*ORÇAMENTO!$AF$7)*OFFSET(ORÇAMENTO!$W$15,ROW(AG89)-ROW(AG$15),0),15-13*ORÇAMENTO!$AF$11)),\n         0)","v":0},{"$f":"IF(AND($D89=\"Serviço\",AH$12<>0,$H89>0,OR(AUTOEVENTO<>\"manual\",$M89<>$A$15)),\n        IF(Import.TipoArredondamento<>\"TransfereGOV\",\n              ROUND(OFFSET($P89,0,AH$13),15-13*ORÇAMENTO!$AF$7)/$H89*OFFSET(ORÇAMENTO!$X$15,ROW(AH89)-ROW(AH$15),0),\n              ROUND(ROUND(OFFSET($P89,0,AH$13),15-13*ORÇAMENTO!$AF$7)*OFFSET(ORÇAMENTO!$W$15,ROW(AH89)-ROW(AH$15),0),15-13*ORÇAMENTO!$AF$11)),\n         0)","v":0},{"$f":"IF(AND($D89=\"Serviço\",AI$12<>0,$H89>0,OR(AUTOEVENTO<>\"manual\",$M89<>$A$15)),\n        IF(Import.TipoArredondamento<>\"TransfereGOV\",\n              ROUND(OFFSET($P89,0,AI$13),15-13*ORÇAMENTO!$AF$7)/$H89*OFFSET(ORÇAMENTO!$X$15,ROW(AI89)-ROW(AI$15),0),\n              ROUND(ROUND(OFFSET($P89,0,AI$13),15-13*ORÇAMENTO!$AF$7)*OFFSET(ORÇAMENTO!$W$15,ROW(AI89)-ROW(AI$15),0),15-13*ORÇAMENTO!$AF$11)),\n         0)","v":0},{"$f":"IF(AND($D89=\"Serviço\",AJ$12<>0,$H89>0,OR(AUTOEVENTO<>\"manual\",$M89<>$A$15)),\n        IF(Import.TipoArredondamento<>\"TransfereGOV\",\n              ROUND(OFFSET($P89,0,AJ$13),15-13*ORÇAMENTO!$AF$7)/$H89*OFFSET(ORÇAMENTO!$X$15,ROW(AJ89)-ROW(AJ$15),0),\n              ROUND(ROUND(OFFSET($P89,0,AJ$13),15-13*ORÇAMENTO!$AF$7)*OFFSET(ORÇAMENTO!$W$15,ROW(AJ89)-ROW(AJ$15),0),15-13*ORÇAMENTO!$AF$11)),\n         0)","v":0},{"$f":"IF(AND($D89=\"Serviço\",AK$12<>0,$H89>0,OR(AUTOEVENTO<>\"manual\",$M89<>$A$15)),\n        IF(Import.TipoArredondamento<>\"TransfereGOV\",\n              ROUND(OFFSET($P89,0,AK$13),15-13*ORÇAMENTO!$AF$7)/$H89*OFFSET(ORÇAMENTO!$X$15,ROW(AK89)-ROW(AK$15),0),\n              ROUND(ROUND(OFFSET($P89,0,AK$13),15-13*ORÇAMENTO!$AF$7)*OFFSET(ORÇAMENTO!$W$15,ROW(AK89)-ROW(AK$15),0),15-13*ORÇAMENTO!$AF$11)),\n         0)","v":0},null,{"$f":"IF(OR($D89<>\"Serviço\",AND(AUTOEVENTO=\"Manual\",$M89=$A$15)),0,\n         IF(OFFSET(CRONOPLE!$F$15,$M89-$A$15,AM$13)=0,10^12,OFFSET(CRONOPLE!$F$15,$M89-$A$15,AM$13)))","v":1},{"$f":"IF(OR($D89<>\"Serviço\",AND(AUTOEVENTO=\"Manual\",$M89=$A$15)),0,\n         IF(OFFSET(CRONOPLE!$F$15,$M89-$A$15,AN$13)=0,10^12,OFFSET(CRONOPLE!$F$15,$M89-$A$15,AN$13)))","v":2},{"$f":"IF(OR($D89<>\"Serviço\",AND(AUTOEVENTO=\"Manual\",$M89=$A$15)),0,\n         IF(OFFSET(CRONOPLE!$F$15,$M89-$A$15,AO$13)=0,10^12,OFFSET(CRONOPLE!$F$15,$M89-$A$15,AO$13)))","v":1000000000000},{"$f":"IF(OR($D89<>\"Serviço\",AND(AUTOEVENTO=\"Manual\",$M89=$A$15)),0,\n         IF(OFFSET(CRONOPLE!$F$15,$M89-$A$15,AP$13)=0,10^12,OFFSET(CRONOPLE!$F$15,$M89-$A$15,AP$13)))","v":1000000000000},{"$f":"IF(OR($D89<>\"Serviço\",AND(AUTOEVENTO=\"Manual\",$M89=$A$15)),0,\n         IF(OFFSET(CRONOPLE!$F$15,$M89-$A$15,AQ$13)=0,10^12,OFFSET(CRONOPLE!$F$15,$M89-$A$15,AQ$13)))","v":1000000000000},{"$f":"IF(OR($D89<>\"Serviço\",AND(AUTOEVENTO=\"Manual\",$M89=$A$15)),0,\n         IF(OFFSET(CRONOPLE!$F$15,$M89-$A$15,AR$13)=0,10^12,OFFSET(CRONOPLE!$F$15,$M89-$A$15,AR$13)))","v":1000000000000},{"$f":"IF(OR($D89<>\"Serviço\",AND(AUTOEVENTO=\"Manual\",$M89=$A$15)),0,\n         IF(OFFSET(CRONOPLE!$F$15,$M89-$A$15,AS$13)=0,10^12,OFFSET(CRONOPLE!$F$15,$M89-$A$15,AS$13)))","v":1000000000000},{"$f":"IF(OR($D89<>\"Serviço\",AND(AUTOEVENTO=\"Manual\",$M89=$A$15)),0,\n         IF(OFFSET(CRONOPLE!$F$15,$M89-$A$15,AT$13)=0,10^12,OFFSET(CRONOPLE!$F$15,$M89-$A$15,AT$13)))","v":1000000000000},{"$f":"IF(OR($D89<>\"Serviço\",AND(AUTOEVENTO=\"Manual\",$M89=$A$15)),0,\n         IF(OFFSET(CRONOPLE!$F$15,$M89-$A$15,AU$13)=0,10^12,OFFSET(CRONOPLE!$F$15,$M89-$A$15,AU$13)))","v":1000000000000},{"$f":"IF(OR($D89<>\"Serviço\",AND(AUTOEVENTO=\"Manual\",$M89=$A$15)),0,\n         IF(OFFSET(CRONOPLE!$F$15,$M89-$A$15,AV$13)=0,10^12,OFFSET(CRONOPLE!$F$15,$M89-$A$15,AV$13)))","v":1000000000000},null,{"$f":"IF(OR($D89<>\"Serviço\",AND(AUTOEVENTO=\"Manual\",$M89=$A$15),$M89>(ROW(PLE.lastrow)-ROW(PLE.firstrow))),0,\n           IF(OFFSET(PLE!$G$15,$M89-$A$15,AX$13)=\"\",10^12,OFFSET(PLE!$G$15,$M89-$A$15,AX$13)))","v":1000000000000},{"$f":"IF(OR($D89<>\"Serviço\",AND(AUTOEVENTO=\"Manual\",$M89=$A$15),$M89>(ROW(PLE.lastrow)-ROW(PLE.firstrow))),0,\n           IF(OFFSET(PLE!$G$15,$M89-$A$15,AY$13)=\"\",10^12,OFFSET(PLE!$G$15,$M89-$A$15,AY$13)))","v":1000000000000},{"$f":"IF(OR($D89<>\"Serviço\",AND(AUTOEVENTO=\"Manual\",$M89=$A$15),$M89>(ROW(PLE.lastrow)-ROW(PLE.firstrow))),0,\n           IF(OFFSET(PLE!$G$15,$M89-$A$15,AZ$13)=\"\",10^12,OFFSET(PLE!$G$15,$M89-$A$15,AZ$13)))","v":1000000000000},{"$f":"IF(OR($D89<>\"Serviço\",AND(AUTOEVENTO=\"Manual\",$M89=$A$15),$M89>(ROW(PLE.lastrow)-ROW(PLE.firstrow))),0,\n           IF(OFFSET(PLE!$G$15,$M89-$A$15,BA$13)=\"\",10^12,OFFSET(PLE!$G$15,$M89-$A$15,BA$13)))","v":1000000000000},{"$f":"IF(OR($D89<>\"Serviço\",AND(AUTOEVENTO=\"Manual\",$M89=$A$15),$M89>(ROW(PLE.lastrow)-ROW(PLE.firstrow))),0,\n           IF(OFFSET(PLE!$G$15,$M89-$A$15,BB$13)=\"\",10^12,OFFSET(PLE!$G$15,$M89-$A$15,BB$13)))","v":1000000000000},{"$f":"IF(OR($D89<>\"Serviço\",AND(AUTOEVENTO=\"Manual\",$M89=$A$15),$M89>(ROW(PLE.lastrow)-ROW(PLE.firstrow))),0,\n           IF(OFFSET(PLE!$G$15,$M89-$A$15,BC$13)=\"\",10^12,OFFSET(PLE!$G$15,$M89-$A$15,BC$13)))","v":1000000000000},{"$f":"IF(OR($D89<>\"Serviço\",AND(AUTOEVENTO=\"Manual\",$M89=$A$15),$M89>(ROW(PLE.lastrow)-ROW(PLE.firstrow))),0,\n           IF(OFFSET(PLE!$G$15,$M89-$A$15,BD$13)=\"\",10^12,OFFSET(PLE!$G$15,$M89-$A$15,BD$13)))","v":1000000000000},{"$f":"IF(OR($D89<>\"Serviço\",AND(AUTOEVENTO=\"Manual\",$M89=$A$15),$M89>(ROW(PLE.lastrow)-ROW(PLE.firstrow))),0,\n           IF(OFFSET(PLE!$G$15,$M89-$A$15,BE$13)=\"\",10^12,OFFSET(PLE!$G$15,$M89-$A$15,BE$13)))","v":1000000000000},{"$f":"IF(OR($D89<>\"Serviço\",AND(AUTOEVENTO=\"Manual\",$M89=$A$15),$M89>(ROW(PLE.lastrow)-ROW(PLE.firstrow))),0,\n           IF(OFFSET(PLE!$G$15,$M89-$A$15,BF$13)=\"\",10^12,OFFSET(PLE!$G$15,$M89-$A$15,BF$13)))","v":1000000000000},{"$f":"IF(OR($D89<>\"Serviço\",AND(AUTOEVENTO=\"Manual\",$M89=$A$15),$M89>(ROW(PLE.lastrow)-ROW(PLE.firstrow))),0,\n           IF(OFFSET(PLE!$G$15,$M89-$A$15,BG$13)=\"\",10^12,OFFSET(PLE!$G$15,$M89-$A$15,BG$13)))","v":1000000000000}]
["10",{"$f":"OFFSET(ORÇAMENTO!C$15,ROW(B90)-ROW(B$15),0)","v":"S"},{"$f":"OFFSET(ORÇAMENTO!L$15,ROW(C90)-ROW(C$15),0)","v":""},{"$f":"OFFSET(ORÇAMENTO!N$15,ROW(D90)-ROW(D$15),0)","v":"Serviço"},{"$f":"OFFSET(ORÇAMENTO!O$15,ROW(E90)-ROW(E$15),0)","v":"-"},{"$f":"OFFSET(ORÇAMENTO!R$15,ROW(F90)-ROW(F$15),0)","v":"(Sem Código)"},{"$f":"IF($D90<>\"Serviço\",\"\",OFFSET(ORÇAMENTO!S$15,ROW(G90)-ROW(G$15),0))","v":"-"},{"$f":"IF($D90<>\"Serviço\",0,IF(ACOMPANHAMENTO=\"BM\",ROUND(OFFSET(ORÇAMENTO!AJ$15,ROW(H90)-ROW(H$15),0),15-13*ORÇAMENTO!$AF$7),SUMPRODUCT(($Q$1:$AA$1=1)*ROUND($Q90:$AA90,15-13*ORÇAMENTO!$AF$7))))","v":0},null,{"$f":"IF(OR(B90<>\"S\",CÁLCULO.FrentesPreenchidas=0),\"\",IF(AND(ACOMPANHAMENTO=\"PLE\",AUTOEVENTO=\"Manual\",OR(H90>0,ORÇAMENTO!AC90=\"QUANT.\"),OR(K90=\"\",M90=0,N90=\"\")),\"►E\",IF(AND(ACOMPANHAMENTO=\"PLE\",ORÇAMENTO!AC90=\"QUANT.\"),\"►Q\",IF(AND(ACOMPANHAMENTO=\"PLE\",H90<>SUMPRODUCT(($Q$1:$AA$1=1)*ROUND(Q90:AA90,15))),\"►S\",IF(AND(COUNTIF($P$11:$AA$11,\"▼\")=0,H90>0,I90=\"\"),\"◄M\",\"\")))))","v":{"$error":"#NAME?"}},null,".",{"$f":"IF($D90<>\"Serviço\",\"\",\n          IF(AUTOEVENTO=\"manual\",$A90,\n                IF(ISERROR(MATCH($A90,$A$15:OFFSET($A90,-1,0),0)),MAX($M$15:OFFSET(M90,-1,0))+1,\n                      INDEX($M$15:OFFSET(M90,-1,0),MATCH($A90,$A$15:OFFSET($A90,-1,0),0)))))","v":2},{"$f":"IF($D90<>\"Serviço\",\"\",\n         IF(AUTOEVENTO=\"Manual\",\n                IF($A90=0,\"<-- defina o número do agrupador\",\n                       OFFSET(EVENTOS!$D$15,$A90-$A$15,0)),\n                OFFSET($F$15,$A90,0)))","v":"REDE DE DISTRUIBUIÇÃO"},null,null,null,null,null,null,null,null,null,null,null,null,null,{"$f":"IF(AND($D90=\"Serviço\",AB$12<>0,$H90>0,OR(AUTOEVENTO<>\"manual\",$M90<>$A$15)),\n        IF(Import.TipoArredondamento<>\"TransfereGOV\",\n              ROUND(OFFSET($P90,0,AB$13),15-13*ORÇAMENTO!$AF$7)/$H90*OFFSET(ORÇAMENTO!$X$15,ROW(AB90)-ROW(AB$15),0),\n              ROUND(ROUND(OFFSET($P90,0,AB$13),15-13*ORÇAMENTO!$AF$7)*OFFSET(ORÇAMENTO!$W$15,ROW(AB90)-ROW(AB$15),0),15-13*ORÇAMENTO!$AF$11)),\n         0)","v":0},{"$f":"IF(AND($D90=\"Serviço\",AC$12<>0,$H90>0,OR(AUTOEVENTO<>\"manual\",$M90<>$A$15)),\n        IF(Import.TipoArredondamento<>\"TransfereGOV\",\n              ROUND(OFFSET($P90,0,AC$13),15-13*ORÇAMENTO!$AF$7)/$H90*OFFSET(ORÇAMENTO!$X$15,ROW(AC90)-ROW(AC$15),0),\n              ROUND(ROUND(OFFSET($P90,0,AC$13),15-13*ORÇAMENTO!$AF$7)*OFFSET(ORÇAMENTO!$W$15,ROW(AC90)-ROW(AC$15),0),15-13*ORÇAMENTO!$AF$11)),\n         0)","v":0},{"$f":"IF(AND($D90=\"Serviço\",AD$12<>0,$H90>0,OR(AUTOEVENTO<>\"manual\",$M90<>$A$15)),\n        IF(Import.TipoArredondamento<>\"TransfereGOV\",\n              ROUND(OFFSET($P90,0,AD$13),15-13*ORÇAMENTO!$AF$7)/$H90*OFFSET(ORÇAMENTO!$X$15,ROW(AD90)-ROW(AD$15),0),\n              ROUND(ROUND(OFFSET($P90,0,AD$13),15-13*ORÇAMENTO!$AF$7)*OFFSET(ORÇAMENTO!$W$15,ROW(AD90)-ROW(AD$15),0),15-13*ORÇAMENTO!$AF$11)),\n         0)","v":0},{"$f":"IF(AND($D90=\"Serviço\",AE$12<>0,$H90>0,OR(AUTOEVENTO<>\"manual\",$M90<>$A$15)),\n        IF(Import.TipoArredondamento<>\"TransfereGOV\",\n              ROUND(OFFSET($P90,0,AE$13),15-13*ORÇAMENTO!$AF$7)/$H90*OFFSET(ORÇAMENTO!$X$15,ROW(AE90)-ROW(AE$15),0),\n              ROUND(ROUND(OFFSET($P90,0,AE$13),15-13*ORÇAMENTO!$AF$7)*OFFSET(ORÇAMENTO!$W$15,ROW(AE90)-ROW(AE$15),0),15-13*ORÇAMENTO!$AF$11)),\n         0)","v":0},{"$f":"IF(AND($D90=\"Serviço\",AF$12<>0,$H90>0,OR(AUTOEVENTO<>\"manual\",$M90<>$A$15)),\n        IF(Import.TipoArredondamento<>\"TransfereGOV\",\n              ROUND(OFFSET($P90,0,AF$13),15-13*ORÇAMENTO!$AF$7)/$H90*OFFSET(ORÇAMENTO!$X$15,ROW(AF90)-ROW(AF$15),0),\n              ROUND(ROUND(OFFSET($P90,0,AF$13),15-13*ORÇAMENTO!$AF$7)*OFFSET(ORÇAMENTO!$W$15,ROW(AF90)-ROW(AF$15),0),15-13*ORÇAMENTO!$AF$11)),\n         0)","v":0},{"$f":"IF(AND($D90=\"Serviço\",AG$12<>0,$H90>0,OR(AUTOEVENTO<>\"manual\",$M90<>$A$15)),\n        IF(Import.TipoArredondamento<>\"TransfereGOV\",\n              ROUND(OFFSET($P90,0,AG$13),15-13*ORÇAMENTO!$AF$7)/$H90*OFFSET(ORÇAMENTO!$X$15,ROW(AG90)-ROW(AG$15),0),\n              ROUND(ROUND(OFFSET($P90,0,AG$13),15-13*ORÇAMENTO!$AF$7)*OFFSET(ORÇAMENTO!$W$15,ROW(AG90)-ROW(AG$15),0),15-13*ORÇAMENTO!$AF$11)),\n         0)","v":0},{"$f":"IF(AND($D90=\"Serviço\",AH$12<>0,$H90>0,OR(AUTOEVENTO<>\"manual\",$M90<>$A$15)),\n        IF(Import.TipoArredondamento<>\"TransfereGOV\",\n              ROUND(OFFSET($P90,0,AH$13),15-13*ORÇAMENTO!$AF$7)/$H90*OFFSET(ORÇAMENTO!$X$15,ROW(AH90)-ROW(AH$15),0),\n              ROUND(ROUND(OFFSET($P90,0,AH$13),15-13*ORÇAMENTO!$AF$7)*OFFSET(ORÇAMENTO!$W$15,ROW(AH90)-ROW(AH$15),0),15-13*ORÇAMENTO!$AF$11)),\n         0)","v":0},{"$f":"IF(AND($D90=\"Serviço\",AI$12<>0,$H90>0,OR(AUTOEVENTO<>\"manual\",$M90<>$A$15)),\n        IF(Import.TipoArredondamento<>\"TransfereGOV\",\n              ROUND(OFFSET($P90,0,AI$13),15-13*ORÇAMENTO!$AF$7)/$H90*OFFSET(ORÇAMENTO!$X$15,ROW(AI90)-ROW(AI$15),0),\n              ROUND(ROUND(OFFSET($P90,0,AI$13),15-13*ORÇAMENTO!$AF$7)*OFFSET(ORÇAMENTO!$W$15,ROW(AI90)-ROW(AI$15),0),15-13*ORÇAMENTO!$AF$11)),\n         0)","v":0},{"$f":"IF(AND($D90=\"Serviço\",AJ$12<>0,$H90>0,OR(AUTOEVENTO<>\"manual\",$M90<>$A$15)),\n        IF(Import.TipoArredondamento<>\"TransfereGOV\",\n              ROUND(OFFSET($P90,0,AJ$13),15-13*ORÇAMENTO!$AF$7)/$H90*OFFSET(ORÇAMENTO!$X$15,ROW(AJ90)-ROW(AJ$15),0),\n              ROUND(ROUND(OFFSET($P90,0,AJ$13),15-13*ORÇAMENTO!$AF$7)*OFFSET(ORÇAMENTO!$W$15,ROW(AJ90)-ROW(AJ$15),0),15-13*ORÇAMENTO!$AF$11)),\n         0)","v":0},{"$f":"IF(AND($D90=\"Serviço\",AK$12<>0,$H90>0,OR(AUTOEVENTO<>\"manual\",$M90<>$A$15)),\n        IF(Import.TipoArredondamento<>\"TransfereGOV\",\n              ROUND(OFFSET($P90,0,AK$13),15-13*ORÇAMENTO!$AF$7)/$H90*OFFSET(ORÇAMENTO!$X$15,ROW(AK90)-ROW(AK$15),0),\n              ROUND(ROUND(OFFSET($P90,0,AK$13),15-13*ORÇAMENTO!$AF$7)*OFFSET(ORÇAMENTO!$W$15,ROW(AK90)-ROW(AK$15),0),15-13*ORÇAMENTO!$AF$11)),\n         0)","v":0},null,{"$f":"IF(OR($D90<>\"Serviço\",AND(AUTOEVENTO=\"Manual\",$M90=$A$15)),0,\n         IF(OFFSET(CRONOPLE!$F$15,$M90-$A$15,AM$13)=0,10^12,OFFSET(CRONOPLE!$F$15,$M90-$A$15,AM$13)))","v":1},{"$f":"IF(OR($D90<>\"Serviço\",AND(AUTOEVENTO=\"Manual\",$M90=$A$15)),0,\n         IF(OFFSET(CRONOPLE!$F$15,$M90-$A$15,AN$13)=0,10^12,OFFSET(CRONOPLE!$F$15,$M90-$A$15,AN$13)))","v":2},{"$f":"IF(OR($D90<>\"Serviço\",AND(AUTOEVENTO=\"Manual\",$M90=$A$15)),0,\n         IF(OFFSET(CRONOPLE!$F$15,$M90-$A$15,AO$13)=0,10^12,OFFSET(CRONOPLE!$F$15,$M90-$A$15,AO$13)))","v":1000000000000},{"$f":"IF(OR($D90<>\"Serviço\",AND(AUTOEVENTO=\"Manual\",$M90=$A$15)),0,\n         IF(OFFSET(CRONOPLE!$F$15,$M90-$A$15,AP$13)=0,10^12,OFFSET(CRONOPLE!$F$15,$M90-$A$15,AP$13)))","v":1000000000000},{"$f":"IF(OR($D90<>\"Serviço\",AND(AUTOEVENTO=\"Manual\",$M90=$A$15)),0,\n         IF(OFFSET(CRONOPLE!$F$15,$M90-$A$15,AQ$13)=0,10^12,OFFSET(CRONOPLE!$F$15,$M90-$A$15,AQ$13)))","v":1000000000000},{"$f":"IF(OR($D90<>\"Serviço\",AND(AUTOEVENTO=\"Manual\",$M90=$A$15)),0,\n         IF(OFFSET(CRONOPLE!$F$15,$M90-$A$15,AR$13)=0,10^12,OFFSET(CRONOPLE!$F$15,$M90-$A$15,AR$13)))","v":1000000000000},{"$f":"IF(OR($D90<>\"Serviço\",AND(AUTOEVENTO=\"Manual\",$M90=$A$15)),0,\n         IF(OFFSET(CRONOPLE!$F$15,$M90-$A$15,AS$13)=0,10^12,OFFSET(CRONOPLE!$F$15,$M90-$A$15,AS$13)))","v":1000000000000},{"$f":"IF(OR($D90<>\"Serviço\",AND(AUTOEVENTO=\"Manual\",$M90=$A$15)),0,\n         IF(OFFSET(CRONOPLE!$F$15,$M90-$A$15,AT$13)=0,10^12,OFFSET(CRONOPLE!$F$15,$M90-$A$15,AT$13)))","v":1000000000000},{"$f":"IF(OR($D90<>\"Serviço\",AND(AUTOEVENTO=\"Manual\",$M90=$A$15)),0,\n         IF(OFFSET(CRONOPLE!$F$15,$M90-$A$15,AU$13)=0,10^12,OFFSET(CRONOPLE!$F$15,$M90-$A$15,AU$13)))","v":1000000000000},{"$f":"IF(OR($D90<>\"Serviço\",AND(AUTOEVENTO=\"Manual\",$M90=$A$15)),0,\n         IF(OFFSET(CRONOPLE!$F$15,$M90-$A$15,AV$13)=0,10^12,OFFSET(CRONOPLE!$F$15,$M90-$A$15,AV$13)))","v":1000000000000},null,{"$f":"IF(OR($D90<>\"Serviço\",AND(AUTOEVENTO=\"Manual\",$M90=$A$15),$M90>(ROW(PLE.lastrow)-ROW(PLE.firstrow))),0,\n           IF(OFFSET(PLE!$G$15,$M90-$A$15,AX$13)=\"\",10^12,OFFSET(PLE!$G$15,$M90-$A$15,AX$13)))","v":1000000000000},{"$f":"IF(OR($D90<>\"Serviço\",AND(AUTOEVENTO=\"Manual\",$M90=$A$15),$M90>(ROW(PLE.lastrow)-ROW(PLE.firstrow))),0,\n           IF(OFFSET(PLE!$G$15,$M90-$A$15,AY$13)=\"\",10^12,OFFSET(PLE!$G$15,$M90-$A$15,AY$13)))","v":1000000000000},{"$f":"IF(OR($D90<>\"Serviço\",AND(AUTOEVENTO=\"Manual\",$M90=$A$15),$M90>(ROW(PLE.lastrow)-ROW(PLE.firstrow))),0,\n           IF(OFFSET(PLE!$G$15,$M90-$A$15,AZ$13)=\"\",10^12,OFFSET(PLE!$G$15,$M90-$A$15,AZ$13)))","v":1000000000000},{"$f":"IF(OR($D90<>\"Serviço\",AND(AUTOEVENTO=\"Manual\",$M90=$A$15),$M90>(ROW(PLE.lastrow)-ROW(PLE.firstrow))),0,\n           IF(OFFSET(PLE!$G$15,$M90-$A$15,BA$13)=\"\",10^12,OFFSET(PLE!$G$15,$M90-$A$15,BA$13)))","v":1000000000000},{"$f":"IF(OR($D90<>\"Serviço\",AND(AUTOEVENTO=\"Manual\",$M90=$A$15),$M90>(ROW(PLE.lastrow)-ROW(PLE.firstrow))),0,\n           IF(OFFSET(PLE!$G$15,$M90-$A$15,BB$13)=\"\",10^12,OFFSET(PLE!$G$15,$M90-$A$15,BB$13)))","v":1000000000000},{"$f":"IF(OR($D90<>\"Serviço\",AND(AUTOEVENTO=\"Manual\",$M90=$A$15),$M90>(ROW(PLE.lastrow)-ROW(PLE.firstrow))),0,\n           IF(OFFSET(PLE!$G$15,$M90-$A$15,BC$13)=\"\",10^12,OFFSET(PLE!$G$15,$M90-$A$15,BC$13)))","v":1000000000000},{"$f":"IF(OR($D90<>\"Serviço\",AND(AUTOEVENTO=\"Manual\",$M90=$A$15),$M90>(ROW(PLE.lastrow)-ROW(PLE.firstrow))),0,\n           IF(OFFSET(PLE!$G$15,$M90-$A$15,BD$13)=\"\",10^12,OFFSET(PLE!$G$15,$M90-$A$15,BD$13)))","v":1000000000000},{"$f":"IF(OR($D90<>\"Serviço\",AND(AUTOEVENTO=\"Manual\",$M90=$A$15),$M90>(ROW(PLE.lastrow)-ROW(PLE.firstrow))),0,\n           IF(OFFSET(PLE!$G$15,$M90-$A$15,BE$13)=\"\",10^12,OFFSET(PLE!$G$15,$M90-$A$15,BE$13)))","v":1000000000000},{"$f":"IF(OR($D90<>\"Serviço\",AND(AUTOEVENTO=\"Manual\",$M90=$A$15),$M90>(ROW(PLE.lastrow)-ROW(PLE.firstrow))),0,\n           IF(OFFSET(PLE!$G$15,$M90-$A$15,BF$13)=\"\",10^12,OFFSET(PLE!$G$15,$M90-$A$15,BF$13)))","v":1000000000000},{"$f":"IF(OR($D90<>\"Serviço\",AND(AUTOEVENTO=\"Manual\",$M90=$A$15),$M90>(ROW(PLE.lastrow)-ROW(PLE.firstrow))),0,\n           IF(OFFSET(PLE!$G$15,$M90-$A$15,BG$13)=\"\",10^12,OFFSET(PLE!$G$15,$M90-$A$15,BG$13)))","v":1000000000000}]
["10",{"$f":"OFFSET(ORÇAMENTO!C$15,ROW(B91)-ROW(B$15),0)","v":"S"},{"$f":"OFFSET(ORÇAMENTO!L$15,ROW(C91)-ROW(C$15),0)","v":""},{"$f":"OFFSET(ORÇAMENTO!N$15,ROW(D91)-ROW(D$15),0)","v":"Serviço"},{"$f":"OFFSET(ORÇAMENTO!O$15,ROW(E91)-ROW(E$15),0)","v":"-"},{"$f":"OFFSET(ORÇAMENTO!R$15,ROW(F91)-ROW(F$15),0)","v":"(Sem Código)"},{"$f":"IF($D91<>\"Serviço\",\"\",OFFSET(ORÇAMENTO!S$15,ROW(G91)-ROW(G$15),0))","v":"-"},{"$f":"IF($D91<>\"Serviço\",0,IF(ACOMPANHAMENTO=\"BM\",ROUND(OFFSET(ORÇAMENTO!AJ$15,ROW(H91)-ROW(H$15),0),15-13*ORÇAMENTO!$AF$7),SUMPRODUCT(($Q$1:$AA$1=1)*ROUND($Q91:$AA91,15-13*ORÇAMENTO!$AF$7))))","v":0},null,{"$f":"IF(OR(B91<>\"S\",CÁLCULO.FrentesPreenchidas=0),\"\",IF(AND(ACOMPANHAMENTO=\"PLE\",AUTOEVENTO=\"Manual\",OR(H91>0,ORÇAMENTO!AC91=\"QUANT.\"),OR(K91=\"\",M91=0,N91=\"\")),\"►E\",IF(AND(ACOMPANHAMENTO=\"PLE\",ORÇAMENTO!AC91=\"QUANT.\"),\"►Q\",IF(AND(ACOMPANHAMENTO=\"PLE\",H91<>SUMPRODUCT(($Q$1:$AA$1=1)*ROUND(Q91:AA91,15))),\"►S\",IF(AND(COUNTIF($P$11:$AA$11,\"▼\")=0,H91>0,I91=\"\"),\"◄M\",\"\")))))","v":{"$error":"#NAME?"}},null,".",{"$f":"IF($D91<>\"Serviço\",\"\",\n          IF(AUTOEVENTO=\"manual\",$A91,\n                IF(ISERROR(MATCH($A91,$A$15:OFFSET($A91,-1,0),0)),MAX($M$15:OFFSET(M91,-1,0))+1,\n                      INDEX($M$15:OFFSET(M91,-1,0),MATCH($A91,$A$15:OFFSET($A91,-1,0),0)))))","v":2},{"$f":"IF($D91<>\"Serviço\",\"\",\n         IF(AUTOEVENTO=\"Manual\",\n                IF($A91=0,\"<-- defina o número do agrupador\",\n                       OFFSET(EVENTOS!$D$15,$A91-$A$15,0)),\n                OFFSET($F$15,$A91,0)))","v":"REDE DE DISTRUIBUIÇÃO"},null,null,null,null,null,null,null,null,null,null,null,null,null,{"$f":"IF(AND($D91=\"Serviço\",AB$12<>0,$H91>0,OR(AUTOEVENTO<>\"manual\",$M91<>$A$15)),\n        IF(Import.TipoArredondamento<>\"TransfereGOV\",\n              ROUND(OFFSET($P91,0,AB$13),15-13*ORÇAMENTO!$AF$7)/$H91*OFFSET(ORÇAMENTO!$X$15,ROW(AB91)-ROW(AB$15),0),\n              ROUND(ROUND(OFFSET($P91,0,AB$13),15-13*ORÇAMENTO!$AF$7)*OFFSET(ORÇAMENTO!$W$15,ROW(AB91)-ROW(AB$15),0),15-13*ORÇAMENTO!$AF$11)),\n         0)","v":0},{"$f":"IF(AND($D91=\"Serviço\",AC$12<>0,$H91>0,OR(AUTOEVENTO<>\"manual\",$M91<>$A$15)),\n        IF(Import.TipoArredondamento<>\"TransfereGOV\",\n              ROUND(OFFSET($P91,0,AC$13),15-13*ORÇAMENTO!$AF$7)/$H91*OFFSET(ORÇAMENTO!$X$15,ROW(AC91)-ROW(AC$15),0),\n              ROUND(ROUND(OFFSET($P91,0,AC$13),15-13*ORÇAMENTO!$AF$7)*OFFSET(ORÇAMENTO!$W$15,ROW(AC91)-ROW(AC$15),0),15-13*ORÇAMENTO!$AF$11)),\n         0)","v":0},{"$f":"IF(AND($D91=\"Serviço\",AD$12<>0,$H91>0,OR(AUTOEVENTO<>\"manual\",$M91<>$A$15)),\n        IF(Import.TipoArredondamento<>\"TransfereGOV\",\n              ROUND(OFFSET($P91,0,AD$13),15-13*ORÇAMENTO!$AF$7)/$H91*OFFSET(ORÇAMENTO!$X$15,ROW(AD91)-ROW(AD$15),0),\n              ROUND(ROUND(OFFSET($P91,0,AD$13),15-13*ORÇAMENTO!$AF$7)*OFFSET(ORÇAMENTO!$W$15,ROW(AD91)-ROW(AD$15),0),15-13*ORÇAMENTO!$AF$11)),\n         0)","v":0},{"$f":"IF(AND($D91=\"Serviço\",AE$12<>0,$H91>0,OR(AUTOEVENTO<>\"manual\",$M91<>$A$15)),\n        IF(Import.TipoArredondamento<>\"TransfereGOV\",\n              ROUND(OFFSET($P91,0,AE$13),15-13*ORÇAMENTO!$AF$7)/$H91*OFFSET(ORÇAMENTO!$X$15,ROW(AE91)-ROW(AE$15),0),\n              ROUND(ROUND(OFFSET($P91,0,AE$13),15-13*ORÇAMENTO!$AF$7)*OFFSET(ORÇAMENTO!$W$15,ROW(AE91)-ROW(AE$15),0),15-13*ORÇAMENTO!$AF$11)),\n         0)","v":0},{"$f":"IF(AND($D91=\"Serviço\",AF$12<>0,$H91>0,OR(AUTOEVENTO<>\"manual\",$M91<>$A$15)),\n        IF(Import.TipoArredondamento<>\"TransfereGOV\",\n              ROUND(OFFSET($P91,0,AF$13),15-13*ORÇAMENTO!$AF$7)/$H91*OFFSET(ORÇAMENTO!$X$15,ROW(AF91)-ROW(AF$15),0),\n              ROUND(ROUND(OFFSET($P91,0,AF$13),15-13*ORÇAMENTO!$AF$7)*OFFSET(ORÇAMENTO!$W$15,ROW(AF91)-ROW(AF$15),0),15-13*ORÇAMENTO!$AF$11)),\n         0)","v":0},{"$f":"IF(AND($D91=\"Serviço\",AG$12<>0,$H91>0,OR(AUTOEVENTO<>\"manual\",$M91<>$A$15)),\n        IF(Import.TipoArredondamento<>\"TransfereGOV\",\n              ROUND(OFFSET($P91,0,AG$13),15-13*ORÇAMENTO!$AF$7)/$H91*OFFSET(ORÇAMENTO!$X$15,ROW(AG91)-ROW(AG$15),0),\n              ROUND(ROUND(OFFSET($P91,0,AG$13),15-13*ORÇAMENTO!$AF$7)*OFFSET(ORÇAMENTO!$W$15,ROW(AG91)-ROW(AG$15),0),15-13*ORÇAMENTO!$AF$11)),\n         0)","v":0},{"$f":"IF(AND($D91=\"Serviço\",AH$12<>0,$H91>0,OR(AUTOEVENTO<>\"manual\",$M91<>$A$15)),\n        IF(Import.TipoArredondamento<>\"TransfereGOV\",\n              ROUND(OFFSET($P91,0,AH$13),15-13*ORÇAMENTO!$AF$7)/$H91*OFFSET(ORÇAMENTO!$X$15,ROW(AH91)-ROW(AH$15),0),\n              ROUND(ROUND(OFFSET($P91,0,AH$13),15-13*ORÇAMENTO!$AF$7)*OFFSET(ORÇAMENTO!$W$15,ROW(AH91)-ROW(AH$15),0),15-13*ORÇAMENTO!$AF$11)),\n         0)","v":0},{"$f":"IF(AND($D91=\"Serviço\",AI$12<>0,$H91>0,OR(AUTOEVENTO<>\"manual\",$M91<>$A$15)),\n        IF(Import.TipoArredondamento<>\"TransfereGOV\",\n              ROUND(OFFSET($P91,0,AI$13),15-13*ORÇAMENTO!$AF$7)/$H91*OFFSET(ORÇAMENTO!$X$15,ROW(AI91)-ROW(AI$15),0),\n              ROUND(ROUND(OFFSET($P91,0,AI$13),15-13*ORÇAMENTO!$AF$7)*OFFSET(ORÇAMENTO!$W$15,ROW(AI91)-ROW(AI$15),0),15-13*ORÇAMENTO!$AF$11)),\n         0)","v":0},{"$f":"IF(AND($D91=\"Serviço\",AJ$12<>0,$H91>0,OR(AUTOEVENTO<>\"manual\",$M91<>$A$15)),\n        IF(Import.TipoArredondamento<>\"TransfereGOV\",\n              ROUND(OFFSET($P91,0,AJ$13),15-13*ORÇAMENTO!$AF$7)/$H91*OFFSET(ORÇAMENTO!$X$15,ROW(AJ91)-ROW(AJ$15),0),\n              ROUND(ROUND(OFFSET($P91,0,AJ$13),15-13*ORÇAMENTO!$AF$7)*OFFSET(ORÇAMENTO!$W$15,ROW(AJ91)-ROW(AJ$15),0),15-13*ORÇAMENTO!$AF$11)),\n         0)","v":0},{"$f":"IF(AND($D91=\"Serviço\",AK$12<>0,$H91>0,OR(AUTOEVENTO<>\"manual\",$M91<>$A$15)),\n        IF(Import.TipoArredondamento<>\"TransfereGOV\",\n              ROUND(OFFSET($P91,0,AK$13),15-13*ORÇAMENTO!$AF$7)/$H91*OFFSET(ORÇAMENTO!$X$15,ROW(AK91)-ROW(AK$15),0),\n              ROUND(ROUND(OFFSET($P91,0,AK$13),15-13*ORÇAMENTO!$AF$7)*OFFSET(ORÇAMENTO!$W$15,ROW(AK91)-ROW(AK$15),0),15-13*ORÇAMENTO!$AF$11)),\n         0)","v":0},null,{"$f":"IF(OR($D91<>\"Serviço\",AND(AUTOEVENTO=\"Manual\",$M91=$A$15)),0,\n         IF(OFFSET(CRONOPLE!$F$15,$M91-$A$15,AM$13)=0,10^12,OFFSET(CRONOPLE!$F$15,$M91-$A$15,AM$13)))","v":1},{"$f":"IF(OR($D91<>\"Serviço\",AND(AUTOEVENTO=\"Manual\",$M91=$A$15)),0,\n         IF(OFFSET(CRONOPLE!$F$15,$M91-$A$15,AN$13)=0,10^12,OFFSET(CRONOPLE!$F$15,$M91-$A$15,AN$13)))","v":2},{"$f":"IF(OR($D91<>\"Serviço\",AND(AUTOEVENTO=\"Manual\",$M91=$A$15)),0,\n         IF(OFFSET(CRONOPLE!$F$15,$M91-$A$15,AO$13)=0,10^12,OFFSET(CRONOPLE!$F$15,$M91-$A$15,AO$13)))","v":1000000000000},{"$f":"IF(OR($D91<>\"Serviço\",AND(AUTOEVENTO=\"Manual\",$M91=$A$15)),0,\n         IF(OFFSET(CRONOPLE!$F$15,$M91-$A$15,AP$13)=0,10^12,OFFSET(CRONOPLE!$F$15,$M91-$A$15,AP$13)))","v":1000000000000},{"$f":"IF(OR($D91<>\"Serviço\",AND(AUTOEVENTO=\"Manual\",$M91=$A$15)),0,\n         IF(OFFSET(CRONOPLE!$F$15,$M91-$A$15,AQ$13)=0,10^12,OFFSET(CRONOPLE!$F$15,$M91-$A$15,AQ$13)))","v":1000000000000},{"$f":"IF(OR($D91<>\"Serviço\",AND(AUTOEVENTO=\"Manual\",$M91=$A$15)),0,\n         IF(OFFSET(CRONOPLE!$F$15,$M91-$A$15,AR$13)=0,10^12,OFFSET(CRONOPLE!$F$15,$M91-$A$15,AR$13)))","v":1000000000000},{"$f":"IF(OR($D91<>\"Serviço\",AND(AUTOEVENTO=\"Manual\",$M91=$A$15)),0,\n         IF(OFFSET(CRONOPLE!$F$15,$M91-$A$15,AS$13)=0,10^12,OFFSET(CRONOPLE!$F$15,$M91-$A$15,AS$13)))","v":1000000000000},{"$f":"IF(OR($D91<>\"Serviço\",AND(AUTOEVENTO=\"Manual\",$M91=$A$15)),0,\n         IF(OFFSET(CRONOPLE!$F$15,$M91-$A$15,AT$13)=0,10^12,OFFSET(CRONOPLE!$F$15,$M91-$A$15,AT$13)))","v":1000000000000},{"$f":"IF(OR($D91<>\"Serviço\",AND(AUTOEVENTO=\"Manual\",$M91=$A$15)),0,\n         IF(OFFSET(CRONOPLE!$F$15,$M91-$A$15,AU$13)=0,10^12,OFFSET(CRONOPLE!$F$15,$M91-$A$15,AU$13)))","v":1000000000000},{"$f":"IF(OR($D91<>\"Serviço\",AND(AUTOEVENTO=\"Manual\",$M91=$A$15)),0,\n         IF(OFFSET(CRONOPLE!$F$15,$M91-$A$15,AV$13)=0,10^12,OFFSET(CRONOPLE!$F$15,$M91-$A$15,AV$13)))","v":1000000000000},null,{"$f":"IF(OR($D91<>\"Serviço\",AND(AUTOEVENTO=\"Manual\",$M91=$A$15),$M91>(ROW(PLE.lastrow)-ROW(PLE.firstrow))),0,\n           IF(OFFSET(PLE!$G$15,$M91-$A$15,AX$13)=\"\",10^12,OFFSET(PLE!$G$15,$M91-$A$15,AX$13)))","v":1000000000000},{"$f":"IF(OR($D91<>\"Serviço\",AND(AUTOEVENTO=\"Manual\",$M91=$A$15),$M91>(ROW(PLE.lastrow)-ROW(PLE.firstrow))),0,\n           IF(OFFSET(PLE!$G$15,$M91-$A$15,AY$13)=\"\",10^12,OFFSET(PLE!$G$15,$M91-$A$15,AY$13)))","v":1000000000000},{"$f":"IF(OR($D91<>\"Serviço\",AND(AUTOEVENTO=\"Manual\",$M91=$A$15),$M91>(ROW(PLE.lastrow)-ROW(PLE.firstrow))),0,\n           IF(OFFSET(PLE!$G$15,$M91-$A$15,AZ$13)=\"\",10^12,OFFSET(PLE!$G$15,$M91-$A$15,AZ$13)))","v":1000000000000},{"$f":"IF(OR($D91<>\"Serviço\",AND(AUTOEVENTO=\"Manual\",$M91=$A$15),$M91>(ROW(PLE.lastrow)-ROW(PLE.firstrow))),0,\n           IF(OFFSET(PLE!$G$15,$M91-$A$15,BA$13)=\"\",10^12,OFFSET(PLE!$G$15,$M91-$A$15,BA$13)))","v":1000000000000},{"$f":"IF(OR($D91<>\"Serviço\",AND(AUTOEVENTO=\"Manual\",$M91=$A$15),$M91>(ROW(PLE.lastrow)-ROW(PLE.firstrow))),0,\n           IF(OFFSET(PLE!$G$15,$M91-$A$15,BB$13)=\"\",10^12,OFFSET(PLE!$G$15,$M91-$A$15,BB$13)))","v":1000000000000},{"$f":"IF(OR($D91<>\"Serviço\",AND(AUTOEVENTO=\"Manual\",$M91=$A$15),$M91>(ROW(PLE.lastrow)-ROW(PLE.firstrow))),0,\n           IF(OFFSET(PLE!$G$15,$M91-$A$15,BC$13)=\"\",10^12,OFFSET(PLE!$G$15,$M91-$A$15,BC$13)))","v":1000000000000},{"$f":"IF(OR($D91<>\"Serviço\",AND(AUTOEVENTO=\"Manual\",$M91=$A$15),$M91>(ROW(PLE.lastrow)-ROW(PLE.firstrow))),0,\n           IF(OFFSET(PLE!$G$15,$M91-$A$15,BD$13)=\"\",10^12,OFFSET(PLE!$G$15,$M91-$A$15,BD$13)))","v":1000000000000},{"$f":"IF(OR($D91<>\"Serviço\",AND(AUTOEVENTO=\"Manual\",$M91=$A$15),$M91>(ROW(PLE.lastrow)-ROW(PLE.firstrow))),0,\n           IF(OFFSET(PLE!$G$15,$M91-$A$15,BE$13)=\"\",10^12,OFFSET(PLE!$G$15,$M91-$A$15,BE$13)))","v":1000000000000},{"$f":"IF(OR($D91<>\"Serviço\",AND(AUTOEVENTO=\"Manual\",$M91=$A$15),$M91>(ROW(PLE.lastrow)-ROW(PLE.firstrow))),0,\n           IF(OFFSET(PLE!$G$15,$M91-$A$15,BF$13)=\"\",10^12,OFFSET(PLE!$G$15,$M91-$A$15,BF$13)))","v":1000000000000},{"$f":"IF(OR($D91<>\"Serviço\",AND(AUTOEVENTO=\"Manual\",$M91=$A$15),$M91>(ROW(PLE.lastrow)-ROW(PLE.firstrow))),0,\n           IF(OFFSET(PLE!$G$15,$M91-$A$15,BG$13)=\"\",10^12,OFFSET(PLE!$G$15,$M91-$A$15,BG$13)))","v":1000000000000}]
["10",{"$f":"OFFSET(ORÇAMENTO!C$15,ROW(B92)-ROW(B$15),0)","v":"S"},{"$f":"OFFSET(ORÇAMENTO!L$15,ROW(C92)-ROW(C$15),0)","v":""},{"$f":"OFFSET(ORÇAMENTO!N$15,ROW(D92)-ROW(D$15),0)","v":"Serviço"},{"$f":"OFFSET(ORÇAMENTO!O$15,ROW(E92)-ROW(E$15),0)","v":"-"},{"$f":"OFFSET(ORÇAMENTO!R$15,ROW(F92)-ROW(F$15),0)","v":"(Sem Código)"},{"$f":"IF($D92<>\"Serviço\",\"\",OFFSET(ORÇAMENTO!S$15,ROW(G92)-ROW(G$15),0))","v":"-"},{"$f":"IF($D92<>\"Serviço\",0,IF(ACOMPANHAMENTO=\"BM\",ROUND(OFFSET(ORÇAMENTO!AJ$15,ROW(H92)-ROW(H$15),0),15-13*ORÇAMENTO!$AF$7),SUMPRODUCT(($Q$1:$AA$1=1)*ROUND($Q92:$AA92,15-13*ORÇAMENTO!$AF$7))))","v":0},null,{"$f":"IF(OR(B92<>\"S\",CÁLCULO.FrentesPreenchidas=0),\"\",IF(AND(ACOMPANHAMENTO=\"PLE\",AUTOEVENTO=\"Manual\",OR(H92>0,ORÇAMENTO!AC92=\"QUANT.\"),OR(K92=\"\",M92=0,N92=\"\")),\"►E\",IF(AND(ACOMPANHAMENTO=\"PLE\",ORÇAMENTO!AC92=\"QUANT.\"),\"►Q\",IF(AND(ACOMPANHAMENTO=\"PLE\",H92<>SUMPRODUCT(($Q$1:$AA$1=1)*ROUND(Q92:AA92,15))),\"►S\",IF(AND(COUNTIF($P$11:$AA$11,\"▼\")=0,H92>0,I92=\"\"),\"◄M\",\"\")))))","v":{"$error":"#NAME?"}},null,".",{"$f":"IF($D92<>\"Serviço\",\"\",\n          IF(AUTOEVENTO=\"manual\",$A92,\n                IF(ISERROR(MATCH($A92,$A$15:OFFSET($A92,-1,0),0)),MAX($M$15:OFFSET(M92,-1,0))+1,\n                      INDEX($M$15:OFFSET(M92,-1,0),MATCH($A92,$A$15:OFFSET($A92,-1,0),0)))))","v":2},{"$f":"IF($D92<>\"Serviço\",\"\",\n         IF(AUTOEVENTO=\"Manual\",\n                IF($A92=0,\"<-- defina o número do agrupador\",\n                       OFFSET(EVENTOS!$D$15,$A92-$A$15,0)),\n                OFFSET($F$15,$A92,0)))","v":"REDE DE DISTRUIBUIÇÃO"},null,null,null,null,null,null,null,null,null,null,null,null,null,{"$f":"IF(AND($D92=\"Serviço\",AB$12<>0,$H92>0,OR(AUTOEVENTO<>\"manual\",$M92<>$A$15)),\n        IF(Import.TipoArredondamento<>\"TransfereGOV\",\n              ROUND(OFFSET($P92,0,AB$13),15-13*ORÇAMENTO!$AF$7)/$H92*OFFSET(ORÇAMENTO!$X$15,ROW(AB92)-ROW(AB$15),0),\n              ROUND(ROUND(OFFSET($P92,0,AB$13),15-13*ORÇAMENTO!$AF$7)*OFFSET(ORÇAMENTO!$W$15,ROW(AB92)-ROW(AB$15),0),15-13*ORÇAMENTO!$AF$11)),\n         0)","v":0},{"$f":"IF(AND($D92=\"Serviço\",AC$12<>0,$H92>0,OR(AUTOEVENTO<>\"manual\",$M92<>$A$15)),\n        IF(Import.TipoArredondamento<>\"TransfereGOV\",\n              ROUND(OFFSET($P92,0,AC$13),15-13*ORÇAMENTO!$AF$7)/$H92*OFFSET(ORÇAMENTO!$X$15,ROW(AC92)-ROW(AC$15),0),\n              ROUND(ROUND(OFFSET($P92,0,AC$13),15-13*ORÇAMENTO!$AF$7)*OFFSET(ORÇAMENTO!$W$15,ROW(AC92)-ROW(AC$15),0),15-13*ORÇAMENTO!$AF$11)),\n         0)","v":0},{"$f":"IF(AND($D92=\"Serviço\",AD$12<>0,$H92>0,OR(AUTOEVENTO<>\"manual\",$M92<>$A$15)),\n        IF(Import.TipoArredondamento<>\"TransfereGOV\",\n              ROUND(OFFSET($P92,0,AD$13),15-13*ORÇAMENTO!$AF$7)/$H92*OFFSET(ORÇAMENTO!$X$15,ROW(AD92)-ROW(AD$15),0),\n              ROUND(ROUND(OFFSET($P92,0,AD$13),15-13*ORÇAMENTO!$AF$7)*OFFSET(ORÇAMENTO!$W$15,ROW(AD92)-ROW(AD$15),0),15-13*ORÇAMENTO!$AF$11)),\n         0)","v":0},{"$f":"IF(AND($D92=\"Serviço\",AE$12<>0,$H92>0,OR(AUTOEVENTO<>\"manual\",$M92<>$A$15)),\n        IF(Import.TipoArredondamento<>\"TransfereGOV\",\n              ROUND(OFFSET($P92,0,AE$13),15-13*ORÇAMENTO!$AF$7)/$H92*OFFSET(ORÇAMENTO!$X$15,ROW(AE92)-ROW(AE$15),0),\n              ROUND(ROUND(OFFSET($P92,0,AE$13),15-13*ORÇAMENTO!$AF$7)*OFFSET(ORÇAMENTO!$W$15,ROW(AE92)-ROW(AE$15),0),15-13*ORÇAMENTO!$AF$11)),\n         0)","v":0},{"$f":"IF(AND($D92=\"Serviço\",AF$12<>0,$H92>0,OR(AUTOEVENTO<>\"manual\",$M92<>$A$15)),\n        IF(Import.TipoArredondamento<>\"TransfereGOV\",\n              ROUND(OFFSET($P92,0,AF$13),15-13*ORÇAMENTO!$AF$7)/$H92*OFFSET(ORÇAMENTO!$X$15,ROW(AF92)-ROW(AF$15),0),\n              ROUND(ROUND(OFFSET($P92,0,AF$13),15-13*ORÇAMENTO!$AF$7)*OFFSET(ORÇAMENTO!$W$15,ROW(AF92)-ROW(AF$15),0),15-13*ORÇAMENTO!$AF$11)),\n         0)","v":0},{"$f":"IF(AND($D92=\"Serviço\",AG$12<>0,$H92>0,OR(AUTOEVENTO<>\"manual\",$M92<>$A$15)),\n        IF(Import.TipoArredondamento<>\"TransfereGOV\",\n              ROUND(OFFSET($P92,0,AG$13),15-13*ORÇAMENTO!$AF$7)/$H92*OFFSET(ORÇAMENTO!$X$15,ROW(AG92)-ROW(AG$15),0),\n              ROUND(ROUND(OFFSET($P92,0,AG$13),15-13*ORÇAMENTO!$AF$7)*OFFSET(ORÇAMENTO!$W$15,ROW(AG92)-ROW(AG$15),0),15-13*ORÇAMENTO!$AF$11)),\n         0)","v":0},{"$f":"IF(AND($D92=\"Serviço\",AH$12<>0,$H92>0,OR(AUTOEVENTO<>\"manual\",$M92<>$A$15)),\n        IF(Import.TipoArredondamento<>\"TransfereGOV\",\n              ROUND(OFFSET($P92,0,AH$13),15-13*ORÇAMENTO!$AF$7)/$H92*OFFSET(ORÇAMENTO!$X$15,ROW(AH92)-ROW(AH$15),0),\n              ROUND(ROUND(OFFSET($P92,0,AH$13),15-13*ORÇAMENTO!$AF$7)*OFFSET(ORÇAMENTO!$W$15,ROW(AH92)-ROW(AH$15),0),15-13*ORÇAMENTO!$AF$11)),\n         0)","v":0},{"$f":"IF(AND($D92=\"Serviço\",AI$12<>0,$H92>0,OR(AUTOEVENTO<>\"manual\",$M92<>$A$15)),\n        IF(Import.TipoArredondamento<>\"TransfereGOV\",\n              ROUND(OFFSET($P92,0,AI$13),15-13*ORÇAMENTO!$AF$7)/$H92*OFFSET(ORÇAMENTO!$X$15,ROW(AI92)-ROW(AI$15),0),\n              ROUND(ROUND(OFFSET($P92,0,AI$13),15-13*ORÇAMENTO!$AF$7)*OFFSET(ORÇAMENTO!$W$15,ROW(AI92)-ROW(AI$15),0),15-13*ORÇAMENTO!$AF$11)),\n         0)","v":0},{"$f":"IF(AND($D92=\"Serviço\",AJ$12<>0,$H92>0,OR(AUTOEVENTO<>\"manual\",$M92<>$A$15)),\n        IF(Import.TipoArredondamento<>\"TransfereGOV\",\n              ROUND(OFFSET($P92,0,AJ$13),15-13*ORÇAMENTO!$AF$7)/$H92*OFFSET(ORÇAMENTO!$X$15,ROW(AJ92)-ROW(AJ$15),0),\n              ROUND(ROUND(OFFSET($P92,0,AJ$13),15-13*ORÇAMENTO!$AF$7)*OFFSET(ORÇAMENTO!$W$15,ROW(AJ92)-ROW(AJ$15),0),15-13*ORÇAMENTO!$AF$11)),\n         0)","v":0},{"$f":"IF(AND($D92=\"Serviço\",AK$12<>0,$H92>0,OR(AUTOEVENTO<>\"manual\",$M92<>$A$15)),\n        IF(Import.TipoArredondamento<>\"TransfereGOV\",\n              ROUND(OFFSET($P92,0,AK$13),15-13*ORÇAMENTO!$AF$7)/$H92*OFFSET(ORÇAMENTO!$X$15,ROW(AK92)-ROW(AK$15),0),\n              ROUND(ROUND(OFFSET($P92,0,AK$13),15-13*ORÇAMENTO!$AF$7)*OFFSET(ORÇAMENTO!$W$15,ROW(AK92)-ROW(AK$15),0),15-13*ORÇAMENTO!$AF$11)),\n         0)","v":0},null,{"$f":"IF(OR($D92<>\"Serviço\",AND(AUTOEVENTO=\"Manual\",$M92=$A$15)),0,\n         IF(OFFSET(CRONOPLE!$F$15,$M92-$A$15,AM$13)=0,10^12,OFFSET(CRONOPLE!$F$15,$M92-$A$15,AM$13)))","v":1},{"$f":"IF(OR($D92<>\"Serviço\",AND(AUTOEVENTO=\"Manual\",$M92=$A$15)),0,\n         IF(OFFSET(CRONOPLE!$F$15,$M92-$A$15,AN$13)=0,10^12,OFFSET(CRONOPLE!$F$15,$M92-$A$15,AN$13)))","v":2},{"$f":"IF(OR($D92<>\"Serviço\",AND(AUTOEVENTO=\"Manual\",$M92=$A$15)),0,\n         IF(OFFSET(CRONOPLE!$F$15,$M92-$A$15,AO$13)=0,10^12,OFFSET(CRONOPLE!$F$15,$M92-$A$15,AO$13)))","v":1000000000000},{"$f":"IF(OR($D92<>\"Serviço\",AND(AUTOEVENTO=\"Manual\",$M92=$A$15)),0,\n         IF(OFFSET(CRONOPLE!$F$15,$M92-$A$15,AP$13)=0,10^12,OFFSET(CRONOPLE!$F$15,$M92-$A$15,AP$13)))","v":1000000000000},{"$f":"IF(OR($D92<>\"Serviço\",AND(AUTOEVENTO=\"Manual\",$M92=$A$15)),0,\n         IF(OFFSET(CRONOPLE!$F$15,$M92-$A$15,AQ$13)=0,10^12,OFFSET(CRONOPLE!$F$15,$M92-$A$15,AQ$13)))","v":1000000000000},{"$f":"IF(OR($D92<>\"Serviço\",AND(AUTOEVENTO=\"Manual\",$M92=$A$15)),0,\n         IF(OFFSET(CRONOPLE!$F$15,$M92-$A$15,AR$13)=0,10^12,OFFSET(CRONOPLE!$F$15,$M92-$A$15,AR$13)))","v":1000000000000},{"$f":"IF(OR($D92<>\"Serviço\",AND(AUTOEVENTO=\"Manual\",$M92=$A$15)),0,\n         IF(OFFSET(CRONOPLE!$F$15,$M92-$A$15,AS$13)=0,10^12,OFFSET(CRONOPLE!$F$15,$M92-$A$15,AS$13)))","v":1000000000000},{"$f":"IF(OR($D92<>\"Serviço\",AND(AUTOEVENTO=\"Manual\",$M92=$A$15)),0,\n         IF(OFFSET(CRONOPLE!$F$15,$M92-$A$15,AT$13)=0,10^12,OFFSET(CRONOPLE!$F$15,$M92-$A$15,AT$13)))","v":1000000000000},{"$f":"IF(OR($D92<>\"Serviço\",AND(AUTOEVENTO=\"Manual\",$M92=$A$15)),0,\n         IF(OFFSET(CRONOPLE!$F$15,$M92-$A$15,AU$13)=0,10^12,OFFSET(CRONOPLE!$F$15,$M92-$A$15,AU$13)))","v":1000000000000},{"$f":"IF(OR($D92<>\"Serviço\",AND(AUTOEVENTO=\"Manual\",$M92=$A$15)),0,\n         IF(OFFSET(CRONOPLE!$F$15,$M92-$A$15,AV$13)=0,10^12,OFFSET(CRONOPLE!$F$15,$M92-$A$15,AV$13)))","v":1000000000000},null,{"$f":"IF(OR($D92<>\"Serviço\",AND(AUTOEVENTO=\"Manual\",$M92=$A$15),$M92>(ROW(PLE.lastrow)-ROW(PLE.firstrow))),0,\n           IF(OFFSET(PLE!$G$15,$M92-$A$15,AX$13)=\"\",10^12,OFFSET(PLE!$G$15,$M92-$A$15,AX$13)))","v":1000000000000},{"$f":"IF(OR($D92<>\"Serviço\",AND(AUTOEVENTO=\"Manual\",$M92=$A$15),$M92>(ROW(PLE.lastrow)-ROW(PLE.firstrow))),0,\n           IF(OFFSET(PLE!$G$15,$M92-$A$15,AY$13)=\"\",10^12,OFFSET(PLE!$G$15,$M92-$A$15,AY$13)))","v":1000000000000},{"$f":"IF(OR($D92<>\"Serviço\",AND(AUTOEVENTO=\"Manual\",$M92=$A$15),$M92>(ROW(PLE.lastrow)-ROW(PLE.firstrow))),0,\n           IF(OFFSET(PLE!$G$15,$M92-$A$15,AZ$13)=\"\",10^12,OFFSET(PLE!$G$15,$M92-$A$15,AZ$13)))","v":1000000000000},{"$f":"IF(OR($D92<>\"Serviço\",AND(AUTOEVENTO=\"Manual\",$M92=$A$15),$M92>(ROW(PLE.lastrow)-ROW(PLE.firstrow))),0,\n           IF(OFFSET(PLE!$G$15,$M92-$A$15,BA$13)=\"\",10^12,OFFSET(PLE!$G$15,$M92-$A$15,BA$13)))","v":1000000000000},{"$f":"IF(OR($D92<>\"Serviço\",AND(AUTOEVENTO=\"Manual\",$M92=$A$15),$M92>(ROW(PLE.lastrow)-ROW(PLE.firstrow))),0,\n           IF(OFFSET(PLE!$G$15,$M92-$A$15,BB$13)=\"\",10^12,OFFSET(PLE!$G$15,$M92-$A$15,BB$13)))","v":1000000000000},{"$f":"IF(OR($D92<>\"Serviço\",AND(AUTOEVENTO=\"Manual\",$M92=$A$15),$M92>(ROW(PLE.lastrow)-ROW(PLE.firstrow))),0,\n           IF(OFFSET(PLE!$G$15,$M92-$A$15,BC$13)=\"\",10^12,OFFSET(PLE!$G$15,$M92-$A$15,BC$13)))","v":1000000000000},{"$f":"IF(OR($D92<>\"Serviço\",AND(AUTOEVENTO=\"Manual\",$M92=$A$15),$M92>(ROW(PLE.lastrow)-ROW(PLE.firstrow))),0,\n           IF(OFFSET(PLE!$G$15,$M92-$A$15,BD$13)=\"\",10^12,OFFSET(PLE!$G$15,$M92-$A$15,BD$13)))","v":1000000000000},{"$f":"IF(OR($D92<>\"Serviço\",AND(AUTOEVENTO=\"Manual\",$M92=$A$15),$M92>(ROW(PLE.lastrow)-ROW(PLE.firstrow))),0,\n           IF(OFFSET(PLE!$G$15,$M92-$A$15,BE$13)=\"\",10^12,OFFSET(PLE!$G$15,$M92-$A$15,BE$13)))","v":1000000000000},{"$f":"IF(OR($D92<>\"Serviço\",AND(AUTOEVENTO=\"Manual\",$M92=$A$15),$M92>(ROW(PLE.lastrow)-ROW(PLE.firstrow))),0,\n           IF(OFFSET(PLE!$G$15,$M92-$A$15,BF$13)=\"\",10^12,OFFSET(PLE!$G$15,$M92-$A$15,BF$13)))","v":1000000000000},{"$f":"IF(OR($D92<>\"Serviço\",AND(AUTOEVENTO=\"Manual\",$M92=$A$15),$M92>(ROW(PLE.lastrow)-ROW(PLE.firstrow))),0,\n           IF(OFFSET(PLE!$G$15,$M92-$A$15,BG$13)=\"\",10^12,OFFSET(PLE!$G$15,$M92-$A$15,BG$13)))","v":1000000000000}]
["10",{"$f":"OFFSET(ORÇAMENTO!C$15,ROW(B93)-ROW(B$15),0)","v":"S"},{"$f":"OFFSET(ORÇAMENTO!L$15,ROW(C93)-ROW(C$15),0)","v":""},{"$f":"OFFSET(ORÇAMENTO!N$15,ROW(D93)-ROW(D$15),0)","v":"Serviço"},{"$f":"OFFSET(ORÇAMENTO!O$15,ROW(E93)-ROW(E$15),0)","v":"-"},{"$f":"OFFSET(ORÇAMENTO!R$15,ROW(F93)-ROW(F$15),0)","v":"(Sem Código)"},{"$f":"IF($D93<>\"Serviço\",\"\",OFFSET(ORÇAMENTO!S$15,ROW(G93)-ROW(G$15),0))","v":"-"},{"$f":"IF($D93<>\"Serviço\",0,IF(ACOMPANHAMENTO=\"BM\",ROUND(OFFSET(ORÇAMENTO!AJ$15,ROW(H93)-ROW(H$15),0),15-13*ORÇAMENTO!$AF$7),SUMPRODUCT(($Q$1:$AA$1=1)*ROUND($Q93:$AA93,15-13*ORÇAMENTO!$AF$7))))","v":0},null,{"$f":"IF(OR(B93<>\"S\",CÁLCULO.FrentesPreenchidas=0),\"\",IF(AND(ACOMPANHAMENTO=\"PLE\",AUTOEVENTO=\"Manual\",OR(H93>0,ORÇAMENTO!AC93=\"QUANT.\"),OR(K93=\"\",M93=0,N93=\"\")),\"►E\",IF(AND(ACOMPANHAMENTO=\"PLE\",ORÇAMENTO!AC93=\"QUANT.\"),\"►Q\",IF(AND(ACOMPANHAMENTO=\"PLE\",H93<>SUMPRODUCT(($Q$1:$AA$1=1)*ROUND(Q93:AA93,15))),\"►S\",IF(AND(COUNTIF($P$11:$AA$11,\"▼\")=0,H93>0,I93=\"\"),\"◄M\",\"\")))))","v":{"$error":"#NAME?"}},null,".",{"$f":"IF($D93<>\"Serviço\",\"\",\n          IF(AUTOEVENTO=\"manual\",$A93,\n                IF(ISERROR(MATCH($A93,$A$15:OFFSET($A93,-1,0),0)),MAX($M$15:OFFSET(M93,-1,0))+1,\n                      INDEX($M$15:OFFSET(M93,-1,0),MATCH($A93,$A$15:OFFSET($A93,-1,0),0)))))","v":2},{"$f":"IF($D93<>\"Serviço\",\"\",\n         IF(AUTOEVENTO=\"Manual\",\n                IF($A93=0,\"<-- defina o número do agrupador\",\n                       OFFSET(EVENTOS!$D$15,$A93-$A$15,0)),\n                OFFSET($F$15,$A93,0)))","v":"REDE DE DISTRUIBUIÇÃO"},null,null,null,null,null,null,null,null,null,null,null,null,null,{"$f":"IF(AND($D93=\"Serviço\",AB$12<>0,$H93>0,OR(AUTOEVENTO<>\"manual\",$M93<>$A$15)),\n        IF(Import.TipoArredondamento<>\"TransfereGOV\",\n              ROUND(OFFSET($P93,0,AB$13),15-13*ORÇAMENTO!$AF$7)/$H93*OFFSET(ORÇAMENTO!$X$15,ROW(AB93)-ROW(AB$15),0),\n              ROUND(ROUND(OFFSET($P93,0,AB$13),15-13*ORÇAMENTO!$AF$7)*OFFSET(ORÇAMENTO!$W$15,ROW(AB93)-ROW(AB$15),0),15-13*ORÇAMENTO!$AF$11)),\n         0)","v":0},{"$f":"IF(AND($D93=\"Serviço\",AC$12<>0,$H93>0,OR(AUTOEVENTO<>\"manual\",$M93<>$A$15)),\n        IF(Import.TipoArredondamento<>\"TransfereGOV\",\n              ROUND(OFFSET($P93,0,AC$13),15-13*ORÇAMENTO!$AF$7)/$H93*OFFSET(ORÇAMENTO!$X$15,ROW(AC93)-ROW(AC$15),0),\n              ROUND(ROUND(OFFSET($P93,0,AC$13),15-13*ORÇAMENTO!$AF$7)*OFFSET(ORÇAMENTO!$W$15,ROW(AC93)-ROW(AC$15),0),15-13*ORÇAMENTO!$AF$11)),\n         0)","v":0},{"$f":"IF(AND($D93=\"Serviço\",AD$12<>0,$H93>0,OR(AUTOEVENTO<>\"manual\",$M93<>$A$15)),\n        IF(Import.TipoArredondamento<>\"TransfereGOV\",\n              ROUND(OFFSET($P93,0,AD$13),15-13*ORÇAMENTO!$AF$7)/$H93*OFFSET(ORÇAMENTO!$X$15,ROW(AD93)-ROW(AD$15),0),\n              ROUND(ROUND(OFFSET($P93,0,AD$13),15-13*ORÇAMENTO!$AF$7)*OFFSET(ORÇAMENTO!$W$15,ROW(AD93)-ROW(AD$15),0),15-13*ORÇAMENTO!$AF$11)),\n         0)","v":0},{"$f":"IF(AND($D93=\"Serviço\",AE$12<>0,$H93>0,OR(AUTOEVENTO<>\"manual\",$M93<>$A$15)),\n        IF(Import.TipoArredondamento<>\"TransfereGOV\",\n              ROUND(OFFSET($P93,0,AE$13),15-13*ORÇAMENTO!$AF$7)/$H93*OFFSET(ORÇAMENTO!$X$15,ROW(AE93)-ROW(AE$15),0),\n              ROUND(ROUND(OFFSET($P93,0,AE$13),15-13*ORÇAMENTO!$AF$7)*OFFSET(ORÇAMENTO!$W$15,ROW(AE93)-ROW(AE$15),0),15-13*ORÇAMENTO!$AF$11)),\n         0)","v":0},{"$f":"IF(AND($D93=\"Serviço\",AF$12<>0,$H93>0,OR(AUTOEVENTO<>\"manual\",$M93<>$A$15)),\n        IF(Import.TipoArredondamento<>\"TransfereGOV\",\n              ROUND(OFFSET($P93,0,AF$13),15-13*ORÇAMENTO!$AF$7)/$H93*OFFSET(ORÇAMENTO!$X$15,ROW(AF93)-ROW(AF$15),0),\n              ROUND(ROUND(OFFSET($P93,0,AF$13),15-13*ORÇAMENTO!$AF$7)*OFFSET(ORÇAMENTO!$W$15,ROW(AF93)-ROW(AF$15),0),15-13*ORÇAMENTO!$AF$11)),\n         0)","v":0},{"$f":"IF(AND($D93=\"Serviço\",AG$12<>0,$H93>0,OR(AUTOEVENTO<>\"manual\",$M93<>$A$15)),\n        IF(Import.TipoArredondamento<>\"TransfereGOV\",\n              ROUND(OFFSET($P93,0,AG$13),15-13*ORÇAMENTO!$AF$7)/$H93*OFFSET(ORÇAMENTO!$X$15,ROW(AG93)-ROW(AG$15),0),\n              ROUND(ROUND(OFFSET($P93,0,AG$13),15-13*ORÇAMENTO!$AF$7)*OFFSET(ORÇAMENTO!$W$15,ROW(AG93)-ROW(AG$15),0),15-13*ORÇAMENTO!$AF$11)),\n         0)","v":0},{"$f":"IF(AND($D93=\"Serviço\",AH$12<>0,$H93>0,OR(AUTOEVENTO<>\"manual\",$M93<>$A$15)),\n        IF(Import.TipoArredondamento<>\"TransfereGOV\",\n              ROUND(OFFSET($P93,0,AH$13),15-13*ORÇAMENTO!$AF$7)/$H93*OFFSET(ORÇAMENTO!$X$15,ROW(AH93)-ROW(AH$15),0),\n              ROUND(ROUND(OFFSET($P93,0,AH$13),15-13*ORÇAMENTO!$AF$7)*OFFSET(ORÇAMENTO!$W$15,ROW(AH93)-ROW(AH$15),0),15-13*ORÇAMENTO!$AF$11)),\n         0)","v":0},{"$f":"IF(AND($D93=\"Serviço\",AI$12<>0,$H93>0,OR(AUTOEVENTO<>\"manual\",$M93<>$A$15)),\n        IF(Import.TipoArredondamento<>\"TransfereGOV\",\n              ROUND(OFFSET($P93,0,AI$13),15-13*ORÇAMENTO!$AF$7)/$H93*OFFSET(ORÇAMENTO!$X$15,ROW(AI93)-ROW(AI$15),0),\n              ROUND(ROUND(OFFSET($P93,0,AI$13),15-13*ORÇAMENTO!$AF$7)*OFFSET(ORÇAMENTO!$W$15,ROW(AI93)-ROW(AI$15),0),15-13*ORÇAMENTO!$AF$11)),\n         0)","v":0},{"$f":"IF(AND($D93=\"Serviço\",AJ$12<>0,$H93>0,OR(AUTOEVENTO<>\"manual\",$M93<>$A$15)),\n        IF(Import.TipoArredondamento<>\"TransfereGOV\",\n              ROUND(OFFSET($P93,0,AJ$13),15-13*ORÇAMENTO!$AF$7)/$H93*OFFSET(ORÇAMENTO!$X$15,ROW(AJ93)-ROW(AJ$15),0),\n              ROUND(ROUND(OFFSET($P93,0,AJ$13),15-13*ORÇAMENTO!$AF$7)*OFFSET(ORÇAMENTO!$W$15,ROW(AJ93)-ROW(AJ$15),0),15-13*ORÇAMENTO!$AF$11)),\n         0)","v":0},{"$f":"IF(AND($D93=\"Serviço\",AK$12<>0,$H93>0,OR(AUTOEVENTO<>\"manual\",$M93<>$A$15)),\n        IF(Import.TipoArredondamento<>\"TransfereGOV\",\n              ROUND(OFFSET($P93,0,AK$13),15-13*ORÇAMENTO!$AF$7)/$H93*OFFSET(ORÇAMENTO!$X$15,ROW(AK93)-ROW(AK$15),0),\n              ROUND(ROUND(OFFSET($P93,0,AK$13),15-13*ORÇAMENTO!$AF$7)*OFFSET(ORÇAMENTO!$W$15,ROW(AK93)-ROW(AK$15),0),15-13*ORÇAMENTO!$AF$11)),\n         0)","v":0},null,{"$f":"IF(OR($D93<>\"Serviço\",AND(AUTOEVENTO=\"Manual\",$M93=$A$15)),0,\n         IF(OFFSET(CRONOPLE!$F$15,$M93-$A$15,AM$13)=0,10^12,OFFSET(CRONOPLE!$F$15,$M93-$A$15,AM$13)))","v":1},{"$f":"IF(OR($D93<>\"Serviço\",AND(AUTOEVENTO=\"Manual\",$M93=$A$15)),0,\n         IF(OFFSET(CRONOPLE!$F$15,$M93-$A$15,AN$13)=0,10^12,OFFSET(CRONOPLE!$F$15,$M93-$A$15,AN$13)))","v":2},{"$f":"IF(OR($D93<>\"Serviço\",AND(AUTOEVENTO=\"Manual\",$M93=$A$15)),0,\n         IF(OFFSET(CRONOPLE!$F$15,$M93-$A$15,AO$13)=0,10^12,OFFSET(CRONOPLE!$F$15,$M93-$A$15,AO$13)))","v":1000000000000},{"$f":"IF(OR($D93<>\"Serviço\",AND(AUTOEVENTO=\"Manual\",$M93=$A$15)),0,\n         IF(OFFSET(CRONOPLE!$F$15,$M93-$A$15,AP$13)=0,10^12,OFFSET(CRONOPLE!$F$15,$M93-$A$15,AP$13)))","v":1000000000000},{"$f":"IF(OR($D93<>\"Serviço\",AND(AUTOEVENTO=\"Manual\",$M93=$A$15)),0,\n         IF(OFFSET(CRONOPLE!$F$15,$M93-$A$15,AQ$13)=0,10^12,OFFSET(CRONOPLE!$F$15,$M93-$A$15,AQ$13)))","v":1000000000000},{"$f":"IF(OR($D93<>\"Serviço\",AND(AUTOEVENTO=\"Manual\",$M93=$A$15)),0,\n         IF(OFFSET(CRONOPLE!$F$15,$M93-$A$15,AR$13)=0,10^12,OFFSET(CRONOPLE!$F$15,$M93-$A$15,AR$13)))","v":1000000000000},{"$f":"IF(OR($D93<>\"Serviço\",AND(AUTOEVENTO=\"Manual\",$M93=$A$15)),0,\n         IF(OFFSET(CRONOPLE!$F$15,$M93-$A$15,AS$13)=0,10^12,OFFSET(CRONOPLE!$F$15,$M93-$A$15,AS$13)))","v":1000000000000},{"$f":"IF(OR($D93<>\"Serviço\",AND(AUTOEVENTO=\"Manual\",$M93=$A$15)),0,\n         IF(OFFSET(CRONOPLE!$F$15,$M93-$A$15,AT$13)=0,10^12,OFFSET(CRONOPLE!$F$15,$M93-$A$15,AT$13)))","v":1000000000000},{"$f":"IF(OR($D93<>\"Serviço\",AND(AUTOEVENTO=\"Manual\",$M93=$A$15)),0,\n         IF(OFFSET(CRONOPLE!$F$15,$M93-$A$15,AU$13)=0,10^12,OFFSET(CRONOPLE!$F$15,$M93-$A$15,AU$13)))","v":1000000000000},{"$f":"IF(OR($D93<>\"Serviço\",AND(AUTOEVENTO=\"Manual\",$M93=$A$15)),0,\n         IF(OFFSET(CRONOPLE!$F$15,$M93-$A$15,AV$13)=0,10^12,OFFSET(CRONOPLE!$F$15,$M93-$A$15,AV$13)))","v":1000000000000},null,{"$f":"IF(OR($D93<>\"Serviço\",AND(AUTOEVENTO=\"Manual\",$M93=$A$15),$M93>(ROW(PLE.lastrow)-ROW(PLE.firstrow))),0,\n           IF(OFFSET(PLE!$G$15,$M93-$A$15,AX$13)=\"\",10^12,OFFSET(PLE!$G$15,$M93-$A$15,AX$13)))","v":1000000000000},{"$f":"IF(OR($D93<>\"Serviço\",AND(AUTOEVENTO=\"Manual\",$M93=$A$15),$M93>(ROW(PLE.lastrow)-ROW(PLE.firstrow))),0,\n           IF(OFFSET(PLE!$G$15,$M93-$A$15,AY$13)=\"\",10^12,OFFSET(PLE!$G$15,$M93-$A$15,AY$13)))","v":1000000000000},{"$f":"IF(OR($D93<>\"Serviço\",AND(AUTOEVENTO=\"Manual\",$M93=$A$15),$M93>(ROW(PLE.lastrow)-ROW(PLE.firstrow))),0,\n           IF(OFFSET(PLE!$G$15,$M93-$A$15,AZ$13)=\"\",10^12,OFFSET(PLE!$G$15,$M93-$A$15,AZ$13)))","v":1000000000000},{"$f":"IF(OR($D93<>\"Serviço\",AND(AUTOEVENTO=\"Manual\",$M93=$A$15),$M93>(ROW(PLE.lastrow)-ROW(PLE.firstrow))),0,\n           IF(OFFSET(PLE!$G$15,$M93-$A$15,BA$13)=\"\",10^12,OFFSET(PLE!$G$15,$M93-$A$15,BA$13)))","v":1000000000000},{"$f":"IF(OR($D93<>\"Serviço\",AND(AUTOEVENTO=\"Manual\",$M93=$A$15),$M93>(ROW(PLE.lastrow)-ROW(PLE.firstrow))),0,\n           IF(OFFSET(PLE!$G$15,$M93-$A$15,BB$13)=\"\",10^12,OFFSET(PLE!$G$15,$M93-$A$15,BB$13)))","v":1000000000000},{"$f":"IF(OR($D93<>\"Serviço\",AND(AUTOEVENTO=\"Manual\",$M93=$A$15),$M93>(ROW(PLE.lastrow)-ROW(PLE.firstrow))),0,\n           IF(OFFSET(PLE!$G$15,$M93-$A$15,BC$13)=\"\",10^12,OFFSET(PLE!$G$15,$M93-$A$15,BC$13)))","v":1000000000000},{"$f":"IF(OR($D93<>\"Serviço\",AND(AUTOEVENTO=\"Manual\",$M93=$A$15),$M93>(ROW(PLE.lastrow)-ROW(PLE.firstrow))),0,\n           IF(OFFSET(PLE!$G$15,$M93-$A$15,BD$13)=\"\",10^12,OFFSET(PLE!$G$15,$M93-$A$15,BD$13)))","v":1000000000000},{"$f":"IF(OR($D93<>\"Serviço\",AND(AUTOEVENTO=\"Manual\",$M93=$A$15),$M93>(ROW(PLE.lastrow)-ROW(PLE.firstrow))),0,\n           IF(OFFSET(PLE!$G$15,$M93-$A$15,BE$13)=\"\",10^12,OFFSET(PLE!$G$15,$M93-$A$15,BE$13)))","v":1000000000000},{"$f":"IF(OR($D93<>\"Serviço\",AND(AUTOEVENTO=\"Manual\",$M93=$A$15),$M93>(ROW(PLE.lastrow)-ROW(PLE.firstrow))),0,\n           IF(OFFSET(PLE!$G$15,$M93-$A$15,BF$13)=\"\",10^12,OFFSET(PLE!$G$15,$M93-$A$15,BF$13)))","v":1000000000000},{"$f":"IF(OR($D93<>\"Serviço\",AND(AUTOEVENTO=\"Manual\",$M93=$A$15),$M93>(ROW(PLE.lastrow)-ROW(PLE.firstrow))),0,\n           IF(OFFSET(PLE!$G$15,$M93-$A$15,BG$13)=\"\",10^12,OFFSET(PLE!$G$15,$M93-$A$15,BG$13)))","v":1000000000000}]
["10",{"$f":"OFFSET(ORÇAMENTO!C$15,ROW(B94)-ROW(B$15),0)","v":"S"},{"$f":"OFFSET(ORÇAMENTO!L$15,ROW(C94)-ROW(C$15),0)","v":""},{"$f":"OFFSET(ORÇAMENTO!N$15,ROW(D94)-ROW(D$15),0)","v":"Serviço"},{"$f":"OFFSET(ORÇAMENTO!O$15,ROW(E94)-ROW(E$15),0)","v":"-"},{"$f":"OFFSET(ORÇAMENTO!R$15,ROW(F94)-ROW(F$15),0)","v":"(Sem Código)"},{"$f":"IF($D94<>\"Serviço\",\"\",OFFSET(ORÇAMENTO!S$15,ROW(G94)-ROW(G$15),0))","v":"-"},{"$f":"IF($D94<>\"Serviço\",0,IF(ACOMPANHAMENTO=\"BM\",ROUND(OFFSET(ORÇAMENTO!AJ$15,ROW(H94)-ROW(H$15),0),15-13*ORÇAMENTO!$AF$7),SUMPRODUCT(($Q$1:$AA$1=1)*ROUND($Q94:$AA94,15-13*ORÇAMENTO!$AF$7))))","v":0},null,{"$f":"IF(OR(B94<>\"S\",CÁLCULO.FrentesPreenchidas=0),\"\",IF(AND(ACOMPANHAMENTO=\"PLE\",AUTOEVENTO=\"Manual\",OR(H94>0,ORÇAMENTO!AC94=\"QUANT.\"),OR(K94=\"\",M94=0,N94=\"\")),\"►E\",IF(AND(ACOMPANHAMENTO=\"PLE\",ORÇAMENTO!AC94=\"QUANT.\"),\"►Q\",IF(AND(ACOMPANHAMENTO=\"PLE\",H94<>SUMPRODUCT(($Q$1:$AA$1=1)*ROUND(Q94:AA94,15))),\"►S\",IF(AND(COUNTIF($P$11:$AA$11,\"▼\")=0,H94>0,I94=\"\"),\"◄M\",\"\")))))","v":{"$error":"#NAME?"}},null,".",{"$f":"IF($D94<>\"Serviço\",\"\",\n          IF(AUTOEVENTO=\"manual\",$A94,\n                IF(ISERROR(MATCH($A94,$A$15:OFFSET($A94,-1,0),0)),MAX($M$15:OFFSET(M94,-1,0))+1,\n                      INDEX($M$15:OFFSET(M94,-1,0),MATCH($A94,$A$15:OFFSET($A94,-1,0),0)))))","v":2},{"$f":"IF($D94<>\"Serviço\",\"\",\n         IF(AUTOEVENTO=\"Manual\",\n                IF($A94=0,\"<-- defina o número do agrupador\",\n                       OFFSET(EVENTOS!$D$15,$A94-$A$15,0)),\n                OFFSET($F$15,$A94,0)))","v":"REDE DE DISTRUIBUIÇÃO"},null,null,null,null,null,null,null,null,null,null,null,null,null,{"$f":"IF(AND($D94=\"Serviço\",AB$12<>0,$H94>0,OR(AUTOEVENTO<>\"manual\",$M94<>$A$15)),\n        IF(Import.TipoArredondamento<>\"TransfereGOV\",\n              ROUND(OFFSET($P94,0,AB$13),15-13*ORÇAMENTO!$AF$7)/$H94*OFFSET(ORÇAMENTO!$X$15,ROW(AB94)-ROW(AB$15),0),\n              ROUND(ROUND(OFFSET($P94,0,AB$13),15-13*ORÇAMENTO!$AF$7)*OFFSET(ORÇAMENTO!$W$15,ROW(AB94)-ROW(AB$15),0),15-13*ORÇAMENTO!$AF$11)),\n         0)","v":0},{"$f":"IF(AND($D94=\"Serviço\",AC$12<>0,$H94>0,OR(AUTOEVENTO<>\"manual\",$M94<>$A$15)),\n        IF(Import.TipoArredondamento<>\"TransfereGOV\",\n              ROUND(OFFSET($P94,0,AC$13),15-13*ORÇAMENTO!$AF$7)/$H94*OFFSET(ORÇAMENTO!$X$15,ROW(AC94)-ROW(AC$15),0),\n              ROUND(ROUND(OFFSET($P94,0,AC$13),15-13*ORÇAMENTO!$AF$7)*OFFSET(ORÇAMENTO!$W$15,ROW(AC94)-ROW(AC$15),0),15-13*ORÇAMENTO!$AF$11)),\n         0)","v":0},{"$f":"IF(AND($D94=\"Serviço\",AD$12<>0,$H94>0,OR(AUTOEVENTO<>\"manual\",$M94<>$A$15)),\n        IF(Import.TipoArredondamento<>\"TransfereGOV\",\n              ROUND(OFFSET($P94,0,AD$13),15-13*ORÇAMENTO!$AF$7)/$H94*OFFSET(ORÇAMENTO!$X$15,ROW(AD94)-ROW(AD$15),0),\n              ROUND(ROUND(OFFSET($P94,0,AD$13),15-13*ORÇAMENTO!$AF$7)*OFFSET(ORÇAMENTO!$W$15,ROW(AD94)-ROW(AD$15),0),15-13*ORÇAMENTO!$AF$11)),\n         0)","v":0},{"$f":"IF(AND($D94=\"Serviço\",AE$12<>0,$H94>0,OR(AUTOEVENTO<>\"manual\",$M94<>$A$15)),\n        IF(Import.TipoArredondamento<>\"TransfereGOV\",\n              ROUND(OFFSET($P94,0,AE$13),15-13*ORÇAMENTO!$AF$7)/$H94*OFFSET(ORÇAMENTO!$X$15,ROW(AE94)-ROW(AE$15),0),\n              ROUND(ROUND(OFFSET($P94,0,AE$13),15-13*ORÇAMENTO!$AF$7)*OFFSET(ORÇAMENTO!$W$15,ROW(AE94)-ROW(AE$15),0),15-13*ORÇAMENTO!$AF$11)),\n         0)","v":0},{"$f":"IF(AND($D94=\"Serviço\",AF$12<>0,$H94>0,OR(AUTOEVENTO<>\"manual\",$M94<>$A$15)),\n        IF(Import.TipoArredondamento<>\"TransfereGOV\",\n              ROUND(OFFSET($P94,0,AF$13),15-13*ORÇAMENTO!$AF$7)/$H94*OFFSET(ORÇAMENTO!$X$15,ROW(AF94)-ROW(AF$15),0),\n              ROUND(ROUND(OFFSET($P94,0,AF$13),15-13*ORÇAMENTO!$AF$7)*OFFSET(ORÇAMENTO!$W$15,ROW(AF94)-ROW(AF$15),0),15-13*ORÇAMENTO!$AF$11)),\n         0)","v":0},{"$f":"IF(AND($D94=\"Serviço\",AG$12<>0,$H94>0,OR(AUTOEVENTO<>\"manual\",$M94<>$A$15)),\n        IF(Import.TipoArredondamento<>\"TransfereGOV\",\n              ROUND(OFFSET($P94,0,AG$13),15-13*ORÇAMENTO!$AF$7)/$H94*OFFSET(ORÇAMENTO!$X$15,ROW(AG94)-ROW(AG$15),0),\n              ROUND(ROUND(OFFSET($P94,0,AG$13),15-13*ORÇAMENTO!$AF$7)*OFFSET(ORÇAMENTO!$W$15,ROW(AG94)-ROW(AG$15),0),15-13*ORÇAMENTO!$AF$11)),\n         0)","v":0},{"$f":"IF(AND($D94=\"Serviço\",AH$12<>0,$H94>0,OR(AUTOEVENTO<>\"manual\",$M94<>$A$15)),\n        IF(Import.TipoArredondamento<>\"TransfereGOV\",\n              ROUND(OFFSET($P94,0,AH$13),15-13*ORÇAMENTO!$AF$7)/$H94*OFFSET(ORÇAMENTO!$X$15,ROW(AH94)-ROW(AH$15),0),\n              ROUND(ROUND(OFFSET($P94,0,AH$13),15-13*ORÇAMENTO!$AF$7)*OFFSET(ORÇAMENTO!$W$15,ROW(AH94)-ROW(AH$15),0),15-13*ORÇAMENTO!$AF$11)),\n         0)","v":0},{"$f":"IF(AND($D94=\"Serviço\",AI$12<>0,$H94>0,OR(AUTOEVENTO<>\"manual\",$M94<>$A$15)),\n        IF(Import.TipoArredondamento<>\"TransfereGOV\",\n              ROUND(OFFSET($P94,0,AI$13),15-13*ORÇAMENTO!$AF$7)/$H94*OFFSET(ORÇAMENTO!$X$15,ROW(AI94)-ROW(AI$15),0),\n              ROUND(ROUND(OFFSET($P94,0,AI$13),15-13*ORÇAMENTO!$AF$7)*OFFSET(ORÇAMENTO!$W$15,ROW(AI94)-ROW(AI$15),0),15-13*ORÇAMENTO!$AF$11)),\n         0)","v":0},{"$f":"IF(AND($D94=\"Serviço\",AJ$12<>0,$H94>0,OR(AUTOEVENTO<>\"manual\",$M94<>$A$15)),\n        IF(Import.TipoArredondamento<>\"TransfereGOV\",\n              ROUND(OFFSET($P94,0,AJ$13),15-13*ORÇAMENTO!$AF$7)/$H94*OFFSET(ORÇAMENTO!$X$15,ROW(AJ94)-ROW(AJ$15),0),\n              ROUND(ROUND(OFFSET($P94,0,AJ$13),15-13*ORÇAMENTO!$AF$7)*OFFSET(ORÇAMENTO!$W$15,ROW(AJ94)-ROW(AJ$15),0),15-13*ORÇAMENTO!$AF$11)),\n         0)","v":0},{"$f":"IF(AND($D94=\"Serviço\",AK$12<>0,$H94>0,OR(AUTOEVENTO<>\"manual\",$M94<>$A$15)),\n        IF(Import.TipoArredondamento<>\"TransfereGOV\",\n              ROUND(OFFSET($P94,0,AK$13),15-13*ORÇAMENTO!$AF$7)/$H94*OFFSET(ORÇAMENTO!$X$15,ROW(AK94)-ROW(AK$15),0),\n              ROUND(ROUND(OFFSET($P94,0,AK$13),15-13*ORÇAMENTO!$AF$7)*OFFSET(ORÇAMENTO!$W$15,ROW(AK94)-ROW(AK$15),0),15-13*ORÇAMENTO!$AF$11)),\n         0)","v":0},null,{"$f":"IF(OR($D94<>\"Serviço\",AND(AUTOEVENTO=\"Manual\",$M94=$A$15)),0,\n         IF(OFFSET(CRONOPLE!$F$15,$M94-$A$15,AM$13)=0,10^12,OFFSET(CRONOPLE!$F$15,$M94-$A$15,AM$13)))","v":1},{"$f":"IF(OR($D94<>\"Serviço\",AND(AUTOEVENTO=\"Manual\",$M94=$A$15)),0,\n         IF(OFFSET(CRONOPLE!$F$15,$M94-$A$15,AN$13)=0,10^12,OFFSET(CRONOPLE!$F$15,$M94-$A$15,AN$13)))","v":2},{"$f":"IF(OR($D94<>\"Serviço\",AND(AUTOEVENTO=\"Manual\",$M94=$A$15)),0,\n         IF(OFFSET(CRONOPLE!$F$15,$M94-$A$15,AO$13)=0,10^12,OFFSET(CRONOPLE!$F$15,$M94-$A$15,AO$13)))","v":1000000000000},{"$f":"IF(OR($D94<>\"Serviço\",AND(AUTOEVENTO=\"Manual\",$M94=$A$15)),0,\n         IF(OFFSET(CRONOPLE!$F$15,$M94-$A$15,AP$13)=0,10^12,OFFSET(CRONOPLE!$F$15,$M94-$A$15,AP$13)))","v":1000000000000},{"$f":"IF(OR($D94<>\"Serviço\",AND(AUTOEVENTO=\"Manual\",$M94=$A$15)),0,\n         IF(OFFSET(CRONOPLE!$F$15,$M94-$A$15,AQ$13)=0,10^12,OFFSET(CRONOPLE!$F$15,$M94-$A$15,AQ$13)))","v":1000000000000},{"$f":"IF(OR($D94<>\"Serviço\",AND(AUTOEVENTO=\"Manual\",$M94=$A$15)),0,\n         IF(OFFSET(CRONOPLE!$F$15,$M94-$A$15,AR$13)=0,10^12,OFFSET(CRONOPLE!$F$15,$M94-$A$15,AR$13)))","v":1000000000000},{"$f":"IF(OR($D94<>\"Serviço\",AND(AUTOEVENTO=\"Manual\",$M94=$A$15)),0,\n         IF(OFFSET(CRONOPLE!$F$15,$M94-$A$15,AS$13)=0,10^12,OFFSET(CRONOPLE!$F$15,$M94-$A$15,AS$13)))","v":1000000000000},{"$f":"IF(OR($D94<>\"Serviço\",AND(AUTOEVENTO=\"Manual\",$M94=$A$15)),0,\n         IF(OFFSET(CRONOPLE!$F$15,$M94-$A$15,AT$13)=0,10^12,OFFSET(CRONOPLE!$F$15,$M94-$A$15,AT$13)))","v":1000000000000},{"$f":"IF(OR($D94<>\"Serviço\",AND(AUTOEVENTO=\"Manual\",$M94=$A$15)),0,\n         IF(OFFSET(CRONOPLE!$F$15,$M94-$A$15,AU$13)=0,10^12,OFFSET(CRONOPLE!$F$15,$M94-$A$15,AU$13)))","v":1000000000000},{"$f":"IF(OR($D94<>\"Serviço\",AND(AUTOEVENTO=\"Manual\",$M94=$A$15)),0,\n         IF(OFFSET(CRONOPLE!$F$15,$M94-$A$15,AV$13)=0,10^12,OFFSET(CRONOPLE!$F$15,$M94-$A$15,AV$13)))","v":1000000000000},null,{"$f":"IF(OR($D94<>\"Serviço\",AND(AUTOEVENTO=\"Manual\",$M94=$A$15),$M94>(ROW(PLE.lastrow)-ROW(PLE.firstrow))),0,\n           IF(OFFSET(PLE!$G$15,$M94-$A$15,AX$13)=\"\",10^12,OFFSET(PLE!$G$15,$M94-$A$15,AX$13)))","v":1000000000000},{"$f":"IF(OR($D94<>\"Serviço\",AND(AUTOEVENTO=\"Manual\",$M94=$A$15),$M94>(ROW(PLE.lastrow)-ROW(PLE.firstrow))),0,\n           IF(OFFSET(PLE!$G$15,$M94-$A$15,AY$13)=\"\",10^12,OFFSET(PLE!$G$15,$M94-$A$15,AY$13)))","v":1000000000000},{"$f":"IF(OR($D94<>\"Serviço\",AND(AUTOEVENTO=\"Manual\",$M94=$A$15),$M94>(ROW(PLE.lastrow)-ROW(PLE.firstrow))),0,\n           IF(OFFSET(PLE!$G$15,$M94-$A$15,AZ$13)=\"\",10^12,OFFSET(PLE!$G$15,$M94-$A$15,AZ$13)))","v":1000000000000},{"$f":"IF(OR($D94<>\"Serviço\",AND(AUTOEVENTO=\"Manual\",$M94=$A$15),$M94>(ROW(PLE.lastrow)-ROW(PLE.firstrow))),0,\n           IF(OFFSET(PLE!$G$15,$M94-$A$15,BA$13)=\"\",10^12,OFFSET(PLE!$G$15,$M94-$A$15,BA$13)))","v":1000000000000},{"$f":"IF(OR($D94<>\"Serviço\",AND(AUTOEVENTO=\"Manual\",$M94=$A$15),$M94>(ROW(PLE.lastrow)-ROW(PLE.firstrow))),0,\n           IF(OFFSET(PLE!$G$15,$M94-$A$15,BB$13)=\"\",10^12,OFFSET(PLE!$G$15,$M94-$A$15,BB$13)))","v":1000000000000},{"$f":"IF(OR($D94<>\"Serviço\",AND(AUTOEVENTO=\"Manual\",$M94=$A$15),$M94>(ROW(PLE.lastrow)-ROW(PLE.firstrow))),0,\n           IF(OFFSET(PLE!$G$15,$M94-$A$15,BC$13)=\"\",10^12,OFFSET(PLE!$G$15,$M94-$A$15,BC$13)))","v":1000000000000},{"$f":"IF(OR($D94<>\"Serviço\",AND(AUTOEVENTO=\"Manual\",$M94=$A$15),$M94>(ROW(PLE.lastrow)-ROW(PLE.firstrow))),0,\n           IF(OFFSET(PLE!$G$15,$M94-$A$15,BD$13)=\"\",10^12,OFFSET(PLE!$G$15,$M94-$A$15,BD$13)))","v":1000000000000},{"$f":"IF(OR($D94<>\"Serviço\",AND(AUTOEVENTO=\"Manual\",$M94=$A$15),$M94>(ROW(PLE.lastrow)-ROW(PLE.firstrow))),0,\n           IF(OFFSET(PLE!$G$15,$M94-$A$15,BE$13)=\"\",10^12,OFFSET(PLE!$G$15,$M94-$A$15,BE$13)))","v":1000000000000},{"$f":"IF(OR($D94<>\"Serviço\",AND(AUTOEVENTO=\"Manual\",$M94=$A$15),$M94>(ROW(PLE.lastrow)-ROW(PLE.firstrow))),0,\n           IF(OFFSET(PLE!$G$15,$M94-$A$15,BF$13)=\"\",10^12,OFFSET(PLE!$G$15,$M94-$A$15,BF$13)))","v":1000000000000},{"$f":"IF(OR($D94<>\"Serviço\",AND(AUTOEVENTO=\"Manual\",$M94=$A$15),$M94>(ROW(PLE.lastrow)-ROW(PLE.firstrow))),0,\n           IF(OFFSET(PLE!$G$15,$M94-$A$15,BG$13)=\"\",10^12,OFFSET(PLE!$G$15,$M94-$A$15,BG$13)))","v":1000000000000}]
["10",{"$f":"OFFSET(ORÇAMENTO!C$15,ROW(B95)-ROW(B$15),0)","v":"S"},{"$f":"OFFSET(ORÇAMENTO!L$15,ROW(C95)-ROW(C$15),0)","v":""},{"$f":"OFFSET(ORÇAMENTO!N$15,ROW(D95)-ROW(D$15),0)","v":"Serviço"},{"$f":"OFFSET(ORÇAMENTO!O$15,ROW(E95)-ROW(E$15),0)","v":"-"},{"$f":"OFFSET(ORÇAMENTO!R$15,ROW(F95)-ROW(F$15),0)","v":"(Sem Código)"},{"$f":"IF($D95<>\"Serviço\",\"\",OFFSET(ORÇAMENTO!S$15,ROW(G95)-ROW(G$15),0))","v":"-"},{"$f":"IF($D95<>\"Serviço\",0,IF(ACOMPANHAMENTO=\"BM\",ROUND(OFFSET(ORÇAMENTO!AJ$15,ROW(H95)-ROW(H$15),0),15-13*ORÇAMENTO!$AF$7),SUMPRODUCT(($Q$1:$AA$1=1)*ROUND($Q95:$AA95,15-13*ORÇAMENTO!$AF$7))))","v":0},null,{"$f":"IF(OR(B95<>\"S\",CÁLCULO.FrentesPreenchidas=0),\"\",IF(AND(ACOMPANHAMENTO=\"PLE\",AUTOEVENTO=\"Manual\",OR(H95>0,ORÇAMENTO!AC95=\"QUANT.\"),OR(K95=\"\",M95=0,N95=\"\")),\"►E\",IF(AND(ACOMPANHAMENTO=\"PLE\",ORÇAMENTO!AC95=\"QUANT.\"),\"►Q\",IF(AND(ACOMPANHAMENTO=\"PLE\",H95<>SUMPRODUCT(($Q$1:$AA$1=1)*ROUND(Q95:AA95,15))),\"►S\",IF(AND(COUNTIF($P$11:$AA$11,\"▼\")=0,H95>0,I95=\"\"),\"◄M\",\"\")))))","v":{"$error":"#NAME?"}},null,".",{"$f":"IF($D95<>\"Serviço\",\"\",\n          IF(AUTOEVENTO=\"manual\",$A95,\n                IF(ISERROR(MATCH($A95,$A$15:OFFSET($A95,-1,0),0)),MAX($M$15:OFFSET(M95,-1,0))+1,\n                      INDEX($M$15:OFFSET(M95,-1,0),MATCH($A95,$A$15:OFFSET($A95,-1,0),0)))))","v":2},{"$f":"IF($D95<>\"Serviço\",\"\",\n         IF(AUTOEVENTO=\"Manual\",\n                IF($A95=0,\"<-- defina o número do agrupador\",\n                       OFFSET(EVENTOS!$D$15,$A95-$A$15,0)),\n                OFFSET($F$15,$A95,0)))","v":"REDE DE DISTRUIBUIÇÃO"},null,null,null,null,null,null,null,null,null,null,null,null,null,{"$f":"IF(AND($D95=\"Serviço\",AB$12<>0,$H95>0,OR(AUTOEVENTO<>\"manual\",$M95<>$A$15)),\n        IF(Import.TipoArredondamento<>\"TransfereGOV\",\n              ROUND(OFFSET($P95,0,AB$13),15-13*ORÇAMENTO!$AF$7)/$H95*OFFSET(ORÇAMENTO!$X$15,ROW(AB95)-ROW(AB$15),0),\n              ROUND(ROUND(OFFSET($P95,0,AB$13),15-13*ORÇAMENTO!$AF$7)*OFFSET(ORÇAMENTO!$W$15,ROW(AB95)-ROW(AB$15),0),15-13*ORÇAMENTO!$AF$11)),\n         0)","v":0},{"$f":"IF(AND($D95=\"Serviço\",AC$12<>0,$H95>0,OR(AUTOEVENTO<>\"manual\",$M95<>$A$15)),\n        IF(Import.TipoArredondamento<>\"TransfereGOV\",\n              ROUND(OFFSET($P95,0,AC$13),15-13*ORÇAMENTO!$AF$7)/$H95*OFFSET(ORÇAMENTO!$X$15,ROW(AC95)-ROW(AC$15),0),\n              ROUND(ROUND(OFFSET($P95,0,AC$13),15-13*ORÇAMENTO!$AF$7)*OFFSET(ORÇAMENTO!$W$15,ROW(AC95)-ROW(AC$15),0),15-13*ORÇAMENTO!$AF$11)),\n         0)","v":0},{"$f":"IF(AND($D95=\"Serviço\",AD$12<>0,$H95>0,OR(AUTOEVENTO<>\"manual\",$M95<>$A$15)),\n        IF(Import.TipoArredondamento<>\"TransfereGOV\",\n              ROUND(OFFSET($P95,0,AD$13),15-13*ORÇAMENTO!$AF$7)/$H95*OFFSET(ORÇAMENTO!$X$15,ROW(AD95)-ROW(AD$15),0),\n              ROUND(ROUND(OFFSET($P95,0,AD$13),15-13*ORÇAMENTO!$AF$7)*OFFSET(ORÇAMENTO!$W$15,ROW(AD95)-ROW(AD$15),0),15-13*ORÇAMENTO!$AF$11)),\n         0)","v":0},{"$f":"IF(AND($D95=\"Serviço\",AE$12<>0,$H95>0,OR(AUTOEVENTO<>\"manual\",$M95<>$A$15)),\n        IF(Import.TipoArredondamento<>\"TransfereGOV\",\n              ROUND(OFFSET($P95,0,AE$13),15-13*ORÇAMENTO!$AF$7)/$H95*OFFSET(ORÇAMENTO!$X$15,ROW(AE95)-ROW(AE$15),0),\n              ROUND(ROUND(OFFSET($P95,0,AE$13),15-13*ORÇAMENTO!$AF$7)*OFFSET(ORÇAMENTO!$W$15,ROW(AE95)-ROW(AE$15),0),15-13*ORÇAMENTO!$AF$11)),\n         0)","v":0},{"$f":"IF(AND($D95=\"Serviço\",AF$12<>0,$H95>0,OR(AUTOEVENTO<>\"manual\",$M95<>$A$15)),\n        IF(Import.TipoArredondamento<>\"TransfereGOV\",\n              ROUND(OFFSET($P95,0,AF$13),15-13*ORÇAMENTO!$AF$7)/$H95*OFFSET(ORÇAMENTO!$X$15,ROW(AF95)-ROW(AF$15),0),\n              ROUND(ROUND(OFFSET($P95,0,AF$13),15-13*ORÇAMENTO!$AF$7)*OFFSET(ORÇAMENTO!$W$15,ROW(AF95)-ROW(AF$15),0),15-13*ORÇAMENTO!$AF$11)),\n         0)","v":0},{"$f":"IF(AND($D95=\"Serviço\",AG$12<>0,$H95>0,OR(AUTOEVENTO<>\"manual\",$M95<>$A$15)),\n        IF(Import.TipoArredondamento<>\"TransfereGOV\",\n              ROUND(OFFSET($P95,0,AG$13),15-13*ORÇAMENTO!$AF$7)/$H95*OFFSET(ORÇAMENTO!$X$15,ROW(AG95)-ROW(AG$15),0),\n              ROUND(ROUND(OFFSET($P95,0,AG$13),15-13*ORÇAMENTO!$AF$7)*OFFSET(ORÇAMENTO!$W$15,ROW(AG95)-ROW(AG$15),0),15-13*ORÇAMENTO!$AF$11)),\n         0)","v":0},{"$f":"IF(AND($D95=\"Serviço\",AH$12<>0,$H95>0,OR(AUTOEVENTO<>\"manual\",$M95<>$A$15)),\n        IF(Import.TipoArredondamento<>\"TransfereGOV\",\n              ROUND(OFFSET($P95,0,AH$13),15-13*ORÇAMENTO!$AF$7)/$H95*OFFSET(ORÇAMENTO!$X$15,ROW(AH95)-ROW(AH$15),0),\n              ROUND(ROUND(OFFSET($P95,0,AH$13),15-13*ORÇAMENTO!$AF$7)*OFFSET(ORÇAMENTO!$W$15,ROW(AH95)-ROW(AH$15),0),15-13*ORÇAMENTO!$AF$11)),\n         0)","v":0},{"$f":"IF(AND($D95=\"Serviço\",AI$12<>0,$H95>0,OR(AUTOEVENTO<>\"manual\",$M95<>$A$15)),\n        IF(Import.TipoArredondamento<>\"TransfereGOV\",\n              ROUND(OFFSET($P95,0,AI$13),15-13*ORÇAMENTO!$AF$7)/$H95*OFFSET(ORÇAMENTO!$X$15,ROW(AI95)-ROW(AI$15),0),\n              ROUND(ROUND(OFFSET($P95,0,AI$13),15-13*ORÇAMENTO!$AF$7)*OFFSET(ORÇAMENTO!$W$15,ROW(AI95)-ROW(AI$15),0),15-13*ORÇAMENTO!$AF$11)),\n         0)","v":0},{"$f":"IF(AND($D95=\"Serviço\",AJ$12<>0,$H95>0,OR(AUTOEVENTO<>\"manual\",$M95<>$A$15)),\n        IF(Import.TipoArredondamento<>\"TransfereGOV\",\n              ROUND(OFFSET($P95,0,AJ$13),15-13*ORÇAMENTO!$AF$7)/$H95*OFFSET(ORÇAMENTO!$X$15,ROW(AJ95)-ROW(AJ$15),0),\n              ROUND(ROUND(OFFSET($P95,0,AJ$13),15-13*ORÇAMENTO!$AF$7)*OFFSET(ORÇAMENTO!$W$15,ROW(AJ95)-ROW(AJ$15),0),15-13*ORÇAMENTO!$AF$11)),\n         0)","v":0},{"$f":"IF(AND($D95=\"Serviço\",AK$12<>0,$H95>0,OR(AUTOEVENTO<>\"manual\",$M95<>$A$15)),\n        IF(Import.TipoArredondamento<>\"TransfereGOV\",\n              ROUND(OFFSET($P95,0,AK$13),15-13*ORÇAMENTO!$AF$7)/$H95*OFFSET(ORÇAMENTO!$X$15,ROW(AK95)-ROW(AK$15),0),\n              ROUND(ROUND(OFFSET($P95,0,AK$13),15-13*ORÇAMENTO!$AF$7)*OFFSET(ORÇAMENTO!$W$15,ROW(AK95)-ROW(AK$15),0),15-13*ORÇAMENTO!$AF$11)),\n         0)","v":0},null,{"$f":"IF(OR($D95<>\"Serviço\",AND(AUTOEVENTO=\"Manual\",$M95=$A$15)),0,\n         IF(OFFSET(CRONOPLE!$F$15,$M95-$A$15,AM$13)=0,10^12,OFFSET(CRONOPLE!$F$15,$M95-$A$15,AM$13)))","v":1},{"$f":"IF(OR($D95<>\"Serviço\",AND(AUTOEVENTO=\"Manual\",$M95=$A$15)),0,\n         IF(OFFSET(CRONOPLE!$F$15,$M95-$A$15,AN$13)=0,10^12,OFFSET(CRONOPLE!$F$15,$M95-$A$15,AN$13)))","v":2},{"$f":"IF(OR($D95<>\"Serviço\",AND(AUTOEVENTO=\"Manual\",$M95=$A$15)),0,\n         IF(OFFSET(CRONOPLE!$F$15,$M95-$A$15,AO$13)=0,10^12,OFFSET(CRONOPLE!$F$15,$M95-$A$15,AO$13)))","v":1000000000000},{"$f":"IF(OR($D95<>\"Serviço\",AND(AUTOEVENTO=\"Manual\",$M95=$A$15)),0,\n         IF(OFFSET(CRONOPLE!$F$15,$M95-$A$15,AP$13)=0,10^12,OFFSET(CRONOPLE!$F$15,$M95-$A$15,AP$13)))","v":1000000000000},{"$f":"IF(OR($D95<>\"Serviço\",AND(AUTOEVENTO=\"Manual\",$M95=$A$15)),0,\n         IF(OFFSET(CRONOPLE!$F$15,$M95-$A$15,AQ$13)=0,10^12,OFFSET(CRONOPLE!$F$15,$M95-$A$15,AQ$13)))","v":1000000000000},{"$f":"IF(OR($D95<>\"Serviço\",AND(AUTOEVENTO=\"Manual\",$M95=$A$15)),0,\n         IF(OFFSET(CRONOPLE!$F$15,$M95-$A$15,AR$13)=0,10^12,OFFSET(CRONOPLE!$F$15,$M95-$A$15,AR$13)))","v":1000000000000},{"$f":"IF(OR($D95<>\"Serviço\",AND(AUTOEVENTO=\"Manual\",$M95=$A$15)),0,\n         IF(OFFSET(CRONOPLE!$F$15,$M95-$A$15,AS$13)=0,10^12,OFFSET(CRONOPLE!$F$15,$M95-$A$15,AS$13)))","v":1000000000000},{"$f":"IF(OR($D95<>\"Serviço\",AND(AUTOEVENTO=\"Manual\",$M95=$A$15)),0,\n         IF(OFFSET(CRONOPLE!$F$15,$M95-$A$15,AT$13)=0,10^12,OFFSET(CRONOPLE!$F$15,$M95-$A$15,AT$13)))","v":1000000000000},{"$f":"IF(OR($D95<>\"Serviço\",AND(AUTOEVENTO=\"Manual\",$M95=$A$15)),0,\n         IF(OFFSET(CRONOPLE!$F$15,$M95-$A$15,AU$13)=0,10^12,OFFSET(CRONOPLE!$F$15,$M95-$A$15,AU$13)))","v":1000000000000},{"$f":"IF(OR($D95<>\"Serviço\",AND(AUTOEVENTO=\"Manual\",$M95=$A$15)),0,\n         IF(OFFSET(CRONOPLE!$F$15,$M95-$A$15,AV$13)=0,10^12,OFFSET(CRONOPLE!$F$15,$M95-$A$15,AV$13)))","v":1000000000000},null,{"$f":"IF(OR($D95<>\"Serviço\",AND(AUTOEVENTO=\"Manual\",$M95=$A$15),$M95>(ROW(PLE.lastrow)-ROW(PLE.firstrow))),0,\n           IF(OFFSET(PLE!$G$15,$M95-$A$15,AX$13)=\"\",10^12,OFFSET(PLE!$G$15,$M95-$A$15,AX$13)))","v":1000000000000},{"$f":"IF(OR($D95<>\"Serviço\",AND(AUTOEVENTO=\"Manual\",$M95=$A$15),$M95>(ROW(PLE.lastrow)-ROW(PLE.firstrow))),0,\n           IF(OFFSET(PLE!$G$15,$M95-$A$15,AY$13)=\"\",10^12,OFFSET(PLE!$G$15,$M95-$A$15,AY$13)))","v":1000000000000},{"$f":"IF(OR($D95<>\"Serviço\",AND(AUTOEVENTO=\"Manual\",$M95=$A$15),$M95>(ROW(PLE.lastrow)-ROW(PLE.firstrow))),0,\n           IF(OFFSET(PLE!$G$15,$M95-$A$15,AZ$13)=\"\",10^12,OFFSET(PLE!$G$15,$M95-$A$15,AZ$13)))","v":1000000000000},{"$f":"IF(OR($D95<>\"Serviço\",AND(AUTOEVENTO=\"Manual\",$M95=$A$15),$M95>(ROW(PLE.lastrow)-ROW(PLE.firstrow))),0,\n           IF(OFFSET(PLE!$G$15,$M95-$A$15,BA$13)=\"\",10^12,OFFSET(PLE!$G$15,$M95-$A$15,BA$13)))","v":1000000000000},{"$f":"IF(OR($D95<>\"Serviço\",AND(AUTOEVENTO=\"Manual\",$M95=$A$15),$M95>(ROW(PLE.lastrow)-ROW(PLE.firstrow))),0,\n           IF(OFFSET(PLE!$G$15,$M95-$A$15,BB$13)=\"\",10^12,OFFSET(PLE!$G$15,$M95-$A$15,BB$13)))","v":1000000000000},{"$f":"IF(OR($D95<>\"Serviço\",AND(AUTOEVENTO=\"Manual\",$M95=$A$15),$M95>(ROW(PLE.lastrow)-ROW(PLE.firstrow))),0,\n           IF(OFFSET(PLE!$G$15,$M95-$A$15,BC$13)=\"\",10^12,OFFSET(PLE!$G$15,$M95-$A$15,BC$13)))","v":1000000000000},{"$f":"IF(OR($D95<>\"Serviço\",AND(AUTOEVENTO=\"Manual\",$M95=$A$15),$M95>(ROW(PLE.lastrow)-ROW(PLE.firstrow))),0,\n           IF(OFFSET(PLE!$G$15,$M95-$A$15,BD$13)=\"\",10^12,OFFSET(PLE!$G$15,$M95-$A$15,BD$13)))","v":1000000000000},{"$f":"IF(OR($D95<>\"Serviço\",AND(AUTOEVENTO=\"Manual\",$M95=$A$15),$M95>(ROW(PLE.lastrow)-ROW(PLE.firstrow))),0,\n           IF(OFFSET(PLE!$G$15,$M95-$A$15,BE$13)=\"\",10^12,OFFSET(PLE!$G$15,$M95-$A$15,BE$13)))","v":1000000000000},{"$f":"IF(OR($D95<>\"Serviço\",AND(AUTOEVENTO=\"Manual\",$M95=$A$15),$M95>(ROW(PLE.lastrow)-ROW(PLE.firstrow))),0,\n           IF(OFFSET(PLE!$G$15,$M95-$A$15,BF$13)=\"\",10^12,OFFSET(PLE!$G$15,$M95-$A$15,BF$13)))","v":1000000000000},{"$f":"IF(OR($D95<>\"Serviço\",AND(AUTOEVENTO=\"Manual\",$M95=$A$15),$M95>(ROW(PLE.lastrow)-ROW(PLE.firstrow))),0,\n           IF(OFFSET(PLE!$G$15,$M95-$A$15,BG$13)=\"\",10^12,OFFSET(PLE!$G$15,$M95-$A$15,BG$13)))","v":1000000000000}]
["10",{"$f":"OFFSET(ORÇAMENTO!C$15,ROW(B96)-ROW(B$15),0)","v":"S"},{"$f":"OFFSET(ORÇAMENTO!L$15,ROW(C96)-ROW(C$15),0)","v":""},{"$f":"OFFSET(ORÇAMENTO!N$15,ROW(D96)-ROW(D$15),0)","v":"Serviço"},{"$f":"OFFSET(ORÇAMENTO!O$15,ROW(E96)-ROW(E$15),0)","v":"-"},{"$f":"OFFSET(ORÇAMENTO!R$15,ROW(F96)-ROW(F$15),0)","v":"(Sem Código)"},{"$f":"IF($D96<>\"Serviço\",\"\",OFFSET(ORÇAMENTO!S$15,ROW(G96)-ROW(G$15),0))","v":"-"},{"$f":"IF($D96<>\"Serviço\",0,IF(ACOMPANHAMENTO=\"BM\",ROUND(OFFSET(ORÇAMENTO!AJ$15,ROW(H96)-ROW(H$15),0),15-13*ORÇAMENTO!$AF$7),SUMPRODUCT(($Q$1:$AA$1=1)*ROUND($Q96:$AA96,15-13*ORÇAMENTO!$AF$7))))","v":0},null,{"$f":"IF(OR(B96<>\"S\",CÁLCULO.FrentesPreenchidas=0),\"\",IF(AND(ACOMPANHAMENTO=\"PLE\",AUTOEVENTO=\"Manual\",OR(H96>0,ORÇAMENTO!AC96=\"QUANT.\"),OR(K96=\"\",M96=0,N96=\"\")),\"►E\",IF(AND(ACOMPANHAMENTO=\"PLE\",ORÇAMENTO!AC96=\"QUANT.\"),\"►Q\",IF(AND(ACOMPANHAMENTO=\"PLE\",H96<>SUMPRODUCT(($Q$1:$AA$1=1)*ROUND(Q96:AA96,15))),\"►S\",IF(AND(COUNTIF($P$11:$AA$11,\"▼\")=0,H96>0,I96=\"\"),\"◄M\",\"\")))))","v":{"$error":"#NAME?"}},null,".",{"$f":"IF($D96<>\"Serviço\",\"\",\n          IF(AUTOEVENTO=\"manual\",$A96,\n                IF(ISERROR(MATCH($A96,$A$15:OFFSET($A96,-1,0),0)),MAX($M$15:OFFSET(M96,-1,0))+1,\n                      INDEX($M$15:OFFSET(M96,-1,0),MATCH($A96,$A$15:OFFSET($A96,-1,0),0)))))","v":2},{"$f":"IF($D96<>\"Serviço\",\"\",\n         IF(AUTOEVENTO=\"Manual\",\n                IF($A96=0,\"<-- defina o número do agrupador\",\n                       OFFSET(EVENTOS!$D$15,$A96-$A$15,0)),\n                OFFSET($F$15,$A96,0)))","v":"REDE DE DISTRUIBUIÇÃO"},null,null,null,null,null,null,null,null,null,null,null,null,null,{"$f":"IF(AND($D96=\"Serviço\",AB$12<>0,$H96>0,OR(AUTOEVENTO<>\"manual\",$M96<>$A$15)),\n        IF(Import.TipoArredondamento<>\"TransfereGOV\",\n              ROUND(OFFSET($P96,0,AB$13),15-13*ORÇAMENTO!$AF$7)/$H96*OFFSET(ORÇAMENTO!$X$15,ROW(AB96)-ROW(AB$15),0),\n              ROUND(ROUND(OFFSET($P96,0,AB$13),15-13*ORÇAMENTO!$AF$7)*OFFSET(ORÇAMENTO!$W$15,ROW(AB96)-ROW(AB$15),0),15-13*ORÇAMENTO!$AF$11)),\n         0)","v":0},{"$f":"IF(AND($D96=\"Serviço\",AC$12<>0,$H96>0,OR(AUTOEVENTO<>\"manual\",$M96<>$A$15)),\n        IF(Import.TipoArredondamento<>\"TransfereGOV\",\n              ROUND(OFFSET($P96,0,AC$13),15-13*ORÇAMENTO!$AF$7)/$H96*OFFSET(ORÇAMENTO!$X$15,ROW(AC96)-ROW(AC$15),0),\n              ROUND(ROUND(OFFSET($P96,0,AC$13),15-13*ORÇAMENTO!$AF$7)*OFFSET(ORÇAMENTO!$W$15,ROW(AC96)-ROW(AC$15),0),15-13*ORÇAMENTO!$AF$11)),\n         0)","v":0},{"$f":"IF(AND($D96=\"Serviço\",AD$12<>0,$H96>0,OR(AUTOEVENTO<>\"manual\",$M96<>$A$15)),\n        IF(Import.TipoArredondamento<>\"TransfereGOV\",\n              ROUND(OFFSET($P96,0,AD$13),15-13*ORÇAMENTO!$AF$7)/$H96*OFFSET(ORÇAMENTO!$X$15,ROW(AD96)-ROW(AD$15),0),\n              ROUND(ROUND(OFFSET($P96,0,AD$13),15-13*ORÇAMENTO!$AF$7)*OFFSET(ORÇAMENTO!$W$15,ROW(AD96)-ROW(AD$15),0),15-13*ORÇAMENTO!$AF$11)),\n         0)","v":0},{"$f":"IF(AND($D96=\"Serviço\",AE$12<>0,$H96>0,OR(AUTOEVENTO<>\"manual\",$M96<>$A$15)),\n        IF(Import.TipoArredondamento<>\"TransfereGOV\",\n              ROUND(OFFSET($P96,0,AE$13),15-13*ORÇAMENTO!$AF$7)/$H96*OFFSET(ORÇAMENTO!$X$15,ROW(AE96)-ROW(AE$15),0),\n              ROUND(ROUND(OFFSET($P96,0,AE$13),15-13*ORÇAMENTO!$AF$7)*OFFSET(ORÇAMENTO!$W$15,ROW(AE96)-ROW(AE$15),0),15-13*ORÇAMENTO!$AF$11)),\n         0)","v":0},{"$f":"IF(AND($D96=\"Serviço\",AF$12<>0,$H96>0,OR(AUTOEVENTO<>\"manual\",$M96<>$A$15)),\n        IF(Import.TipoArredondamento<>\"TransfereGOV\",\n              ROUND(OFFSET($P96,0,AF$13),15-13*ORÇAMENTO!$AF$7)/$H96*OFFSET(ORÇAMENTO!$X$15,ROW(AF96)-ROW(AF$15),0),\n              ROUND(ROUND(OFFSET($P96,0,AF$13),15-13*ORÇAMENTO!$AF$7)*OFFSET(ORÇAMENTO!$W$15,ROW(AF96)-ROW(AF$15),0),15-13*ORÇAMENTO!$AF$11)),\n         0)","v":0},{"$f":"IF(AND($D96=\"Serviço\",AG$12<>0,$H96>0,OR(AUTOEVENTO<>\"manual\",$M96<>$A$15)),\n        IF(Import.TipoArredondamento<>\"TransfereGOV\",\n              ROUND(OFFSET($P96,0,AG$13),15-13*ORÇAMENTO!$AF$7)/$H96*OFFSET(ORÇAMENTO!$X$15,ROW(AG96)-ROW(AG$15),0),\n              ROUND(ROUND(OFFSET($P96,0,AG$13),15-13*ORÇAMENTO!$AF$7)*OFFSET(ORÇAMENTO!$W$15,ROW(AG96)-ROW(AG$15),0),15-13*ORÇAMENTO!$AF$11)),\n         0)","v":0},{"$f":"IF(AND($D96=\"Serviço\",AH$12<>0,$H96>0,OR(AUTOEVENTO<>\"manual\",$M96<>$A$15)),\n        IF(Import.TipoArredondamento<>\"TransfereGOV\",\n              ROUND(OFFSET($P96,0,AH$13),15-13*ORÇAMENTO!$AF$7)/$H96*OFFSET(ORÇAMENTO!$X$15,ROW(AH96)-ROW(AH$15),0),\n              ROUND(ROUND(OFFSET($P96,0,AH$13),15-13*ORÇAMENTO!$AF$7)*OFFSET(ORÇAMENTO!$W$15,ROW(AH96)-ROW(AH$15),0),15-13*ORÇAMENTO!$AF$11)),\n         0)","v":0},{"$f":"IF(AND($D96=\"Serviço\",AI$12<>0,$H96>0,OR(AUTOEVENTO<>\"manual\",$M96<>$A$15)),\n        IF(Import.TipoArredondamento<>\"TransfereGOV\",\n              ROUND(OFFSET($P96,0,AI$13),15-13*ORÇAMENTO!$AF$7)/$H96*OFFSET(ORÇAMENTO!$X$15,ROW(AI96)-ROW(AI$15),0),\n              ROUND(ROUND(OFFSET($P96,0,AI$13),15-13*ORÇAMENTO!$AF$7)*OFFSET(ORÇAMENTO!$W$15,ROW(AI96)-ROW(AI$15),0),15-13*ORÇAMENTO!$AF$11)),\n         0)","v":0},{"$f":"IF(AND($D96=\"Serviço\",AJ$12<>0,$H96>0,OR(AUTOEVENTO<>\"manual\",$M96<>$A$15)),\n        IF(Import.TipoArredondamento<>\"TransfereGOV\",\n              ROUND(OFFSET($P96,0,AJ$13),15-13*ORÇAMENTO!$AF$7)/$H96*OFFSET(ORÇAMENTO!$X$15,ROW(AJ96)-ROW(AJ$15),0),\n              ROUND(ROUND(OFFSET($P96,0,AJ$13),15-13*ORÇAMENTO!$AF$7)*OFFSET(ORÇAMENTO!$W$15,ROW(AJ96)-ROW(AJ$15),0),15-13*ORÇAMENTO!$AF$11)),\n         0)","v":0},{"$f":"IF(AND($D96=\"Serviço\",AK$12<>0,$H96>0,OR(AUTOEVENTO<>\"manual\",$M96<>$A$15)),\n        IF(Import.TipoArredondamento<>\"TransfereGOV\",\n              ROUND(OFFSET($P96,0,AK$13),15-13*ORÇAMENTO!$AF$7)/$H96*OFFSET(ORÇAMENTO!$X$15,ROW(AK96)-ROW(AK$15),0),\n              ROUND(ROUND(OFFSET($P96,0,AK$13),15-13*ORÇAMENTO!$AF$7)*OFFSET(ORÇAMENTO!$W$15,ROW(AK96)-ROW(AK$15),0),15-13*ORÇAMENTO!$AF$11)),\n         0)","v":0},null,{"$f":"IF(OR($D96<>\"Serviço\",AND(AUTOEVENTO=\"Manual\",$M96=$A$15)),0,\n         IF(OFFSET(CRONOPLE!$F$15,$M96-$A$15,AM$13)=0,10^12,OFFSET(CRONOPLE!$F$15,$M96-$A$15,AM$13)))","v":1},{"$f":"IF(OR($D96<>\"Serviço\",AND(AUTOEVENTO=\"Manual\",$M96=$A$15)),0,\n         IF(OFFSET(CRONOPLE!$F$15,$M96-$A$15,AN$13)=0,10^12,OFFSET(CRONOPLE!$F$15,$M96-$A$15,AN$13)))","v":2},{"$f":"IF(OR($D96<>\"Serviço\",AND(AUTOEVENTO=\"Manual\",$M96=$A$15)),0,\n         IF(OFFSET(CRONOPLE!$F$15,$M96-$A$15,AO$13)=0,10^12,OFFSET(CRONOPLE!$F$15,$M96-$A$15,AO$13)))","v":1000000000000},{"$f":"IF(OR($D96<>\"Serviço\",AND(AUTOEVENTO=\"Manual\",$M96=$A$15)),0,\n         IF(OFFSET(CRONOPLE!$F$15,$M96-$A$15,AP$13)=0,10^12,OFFSET(CRONOPLE!$F$15,$M96-$A$15,AP$13)))","v":1000000000000},{"$f":"IF(OR($D96<>\"Serviço\",AND(AUTOEVENTO=\"Manual\",$M96=$A$15)),0,\n         IF(OFFSET(CRONOPLE!$F$15,$M96-$A$15,AQ$13)=0,10^12,OFFSET(CRONOPLE!$F$15,$M96-$A$15,AQ$13)))","v":1000000000000},{"$f":"IF(OR($D96<>\"Serviço\",AND(AUTOEVENTO=\"Manual\",$M96=$A$15)),0,\n         IF(OFFSET(CRONOPLE!$F$15,$M96-$A$15,AR$13)=0,10^12,OFFSET(CRONOPLE!$F$15,$M96-$A$15,AR$13)))","v":1000000000000},{"$f":"IF(OR($D96<>\"Serviço\",AND(AUTOEVENTO=\"Manual\",$M96=$A$15)),0,\n         IF(OFFSET(CRONOPLE!$F$15,$M96-$A$15,AS$13)=0,10^12,OFFSET(CRONOPLE!$F$15,$M96-$A$15,AS$13)))","v":1000000000000},{"$f":"IF(OR($D96<>\"Serviço\",AND(AUTOEVENTO=\"Manual\",$M96=$A$15)),0,\n         IF(OFFSET(CRONOPLE!$F$15,$M96-$A$15,AT$13)=0,10^12,OFFSET(CRONOPLE!$F$15,$M96-$A$15,AT$13)))","v":1000000000000},{"$f":"IF(OR($D96<>\"Serviço\",AND(AUTOEVENTO=\"Manual\",$M96=$A$15)),0,\n         IF(OFFSET(CRONOPLE!$F$15,$M96-$A$15,AU$13)=0,10^12,OFFSET(CRONOPLE!$F$15,$M96-$A$15,AU$13)))","v":1000000000000},{"$f":"IF(OR($D96<>\"Serviço\",AND(AUTOEVENTO=\"Manual\",$M96=$A$15)),0,\n         IF(OFFSET(CRONOPLE!$F$15,$M96-$A$15,AV$13)=0,10^12,OFFSET(CRONOPLE!$F$15,$M96-$A$15,AV$13)))","v":1000000000000},null,{"$f":"IF(OR($D96<>\"Serviço\",AND(AUTOEVENTO=\"Manual\",$M96=$A$15),$M96>(ROW(PLE.lastrow)-ROW(PLE.firstrow))),0,\n           IF(OFFSET(PLE!$G$15,$M96-$A$15,AX$13)=\"\",10^12,OFFSET(PLE!$G$15,$M96-$A$15,AX$13)))","v":1000000000000},{"$f":"IF(OR($D96<>\"Serviço\",AND(AUTOEVENTO=\"Manual\",$M96=$A$15),$M96>(ROW(PLE.lastrow)-ROW(PLE.firstrow))),0,\n           IF(OFFSET(PLE!$G$15,$M96-$A$15,AY$13)=\"\",10^12,OFFSET(PLE!$G$15,$M96-$A$15,AY$13)))","v":1000000000000},{"$f":"IF(OR($D96<>\"Serviço\",AND(AUTOEVENTO=\"Manual\",$M96=$A$15),$M96>(ROW(PLE.lastrow)-ROW(PLE.firstrow))),0,\n           IF(OFFSET(PLE!$G$15,$M96-$A$15,AZ$13)=\"\",10^12,OFFSET(PLE!$G$15,$M96-$A$15,AZ$13)))","v":1000000000000},{"$f":"IF(OR($D96<>\"Serviço\",AND(AUTOEVENTO=\"Manual\",$M96=$A$15),$M96>(ROW(PLE.lastrow)-ROW(PLE.firstrow))),0,\n           IF(OFFSET(PLE!$G$15,$M96-$A$15,BA$13)=\"\",10^12,OFFSET(PLE!$G$15,$M96-$A$15,BA$13)))","v":1000000000000},{"$f":"IF(OR($D96<>\"Serviço\",AND(AUTOEVENTO=\"Manual\",$M96=$A$15),$M96>(ROW(PLE.lastrow)-ROW(PLE.firstrow))),0,\n           IF(OFFSET(PLE!$G$15,$M96-$A$15,BB$13)=\"\",10^12,OFFSET(PLE!$G$15,$M96-$A$15,BB$13)))","v":1000000000000},{"$f":"IF(OR($D96<>\"Serviço\",AND(AUTOEVENTO=\"Manual\",$M96=$A$15),$M96>(ROW(PLE.lastrow)-ROW(PLE.firstrow))),0,\n           IF(OFFSET(PLE!$G$15,$M96-$A$15,BC$13)=\"\",10^12,OFFSET(PLE!$G$15,$M96-$A$15,BC$13)))","v":1000000000000},{"$f":"IF(OR($D96<>\"Serviço\",AND(AUTOEVENTO=\"Manual\",$M96=$A$15),$M96>(ROW(PLE.lastrow)-ROW(PLE.firstrow))),0,\n           IF(OFFSET(PLE!$G$15,$M96-$A$15,BD$13)=\"\",10^12,OFFSET(PLE!$G$15,$M96-$A$15,BD$13)))","v":1000000000000},{"$f":"IF(OR($D96<>\"Serviço\",AND(AUTOEVENTO=\"Manual\",$M96=$A$15),$M96>(ROW(PLE.lastrow)-ROW(PLE.firstrow))),0,\n           IF(OFFSET(PLE!$G$15,$M96-$A$15,BE$13)=\"\",10^12,OFFSET(PLE!$G$15,$M96-$A$15,BE$13)))","v":1000000000000},{"$f":"IF(OR($D96<>\"Serviço\",AND(AUTOEVENTO=\"Manual\",$M96=$A$15),$M96>(ROW(PLE.lastrow)-ROW(PLE.firstrow))),0,\n           IF(OFFSET(PLE!$G$15,$M96-$A$15,BF$13)=\"\",10^12,OFFSET(PLE!$G$15,$M96-$A$15,BF$13)))","v":1000000000000},{"$f":"IF(OR($D96<>\"Serviço\",AND(AUTOEVENTO=\"Manual\",$M96=$A$15),$M96>(ROW(PLE.lastrow)-ROW(PLE.firstrow))),0,\n           IF(OFFSET(PLE!$G$15,$M96-$A$15,BG$13)=\"\",10^12,OFFSET(PLE!$G$15,$M96-$A$15,BG$13)))","v":1000000000000}]
["10",{"$f":"OFFSET(ORÇAMENTO!C$15,ROW(B97)-ROW(B$15),0)","v":"S"},{"$f":"OFFSET(ORÇAMENTO!L$15,ROW(C97)-ROW(C$15),0)","v":""},{"$f":"OFFSET(ORÇAMENTO!N$15,ROW(D97)-ROW(D$15),0)","v":"Serviço"},{"$f":"OFFSET(ORÇAMENTO!O$15,ROW(E97)-ROW(E$15),0)","v":"-"},{"$f":"OFFSET(ORÇAMENTO!R$15,ROW(F97)-ROW(F$15),0)","v":"(Sem Código)"},{"$f":"IF($D97<>\"Serviço\",\"\",OFFSET(ORÇAMENTO!S$15,ROW(G97)-ROW(G$15),0))","v":"-"},{"$f":"IF($D97<>\"Serviço\",0,IF(ACOMPANHAMENTO=\"BM\",ROUND(OFFSET(ORÇAMENTO!AJ$15,ROW(H97)-ROW(H$15),0),15-13*ORÇAMENTO!$AF$7),SUMPRODUCT(($Q$1:$AA$1=1)*ROUND($Q97:$AA97,15-13*ORÇAMENTO!$AF$7))))","v":0},null,{"$f":"IF(OR(B97<>\"S\",CÁLCULO.FrentesPreenchidas=0),\"\",IF(AND(ACOMPANHAMENTO=\"PLE\",AUTOEVENTO=\"Manual\",OR(H97>0,ORÇAMENTO!AC97=\"QUANT.\"),OR(K97=\"\",M97=0,N97=\"\")),\"►E\",IF(AND(ACOMPANHAMENTO=\"PLE\",ORÇAMENTO!AC97=\"QUANT.\"),\"►Q\",IF(AND(ACOMPANHAMENTO=\"PLE\",H97<>SUMPRODUCT(($Q$1:$AA$1=1)*ROUND(Q97:AA97,15))),\"►S\",IF(AND(COUNTIF($P$11:$AA$11,\"▼\")=0,H97>0,I97=\"\"),\"◄M\",\"\")))))","v":{"$error":"#NAME?"}},null,".",{"$f":"IF($D97<>\"Serviço\",\"\",\n          IF(AUTOEVENTO=\"manual\",$A97,\n                IF(ISERROR(MATCH($A97,$A$15:OFFSET($A97,-1,0),0)),MAX($M$15:OFFSET(M97,-1,0))+1,\n                      INDEX($M$15:OFFSET(M97,-1,0),MATCH($A97,$A$15:OFFSET($A97,-1,0),0)))))","v":2},{"$f":"IF($D97<>\"Serviço\",\"\",\n         IF(AUTOEVENTO=\"Manual\",\n                IF($A97=0,\"<-- defina o número do agrupador\",\n                       OFFSET(EVENTOS!$D$15,$A97-$A$15,0)),\n                OFFSET($F$15,$A97,0)))","v":"REDE DE DISTRUIBUIÇÃO"},null,null,null,null,null,null,null,null,null,null,null,null,null,{"$f":"IF(AND($D97=\"Serviço\",AB$12<>0,$H97>0,OR(AUTOEVENTO<>\"manual\",$M97<>$A$15)),\n        IF(Import.TipoArredondamento<>\"TransfereGOV\",\n              ROUND(OFFSET($P97,0,AB$13),15-13*ORÇAMENTO!$AF$7)/$H97*OFFSET(ORÇAMENTO!$X$15,ROW(AB97)-ROW(AB$15),0),\n              ROUND(ROUND(OFFSET($P97,0,AB$13),15-13*ORÇAMENTO!$AF$7)*OFFSET(ORÇAMENTO!$W$15,ROW(AB97)-ROW(AB$15),0),15-13*ORÇAMENTO!$AF$11)),\n         0)","v":0},{"$f":"IF(AND($D97=\"Serviço\",AC$12<>0,$H97>0,OR(AUTOEVENTO<>\"manual\",$M97<>$A$15)),\n        IF(Import.TipoArredondamento<>\"TransfereGOV\",\n              ROUND(OFFSET($P97,0,AC$13),15-13*ORÇAMENTO!$AF$7)/$H97*OFFSET(ORÇAMENTO!$X$15,ROW(AC97)-ROW(AC$15),0),\n              ROUND(ROUND(OFFSET($P97,0,AC$13),15-13*ORÇAMENTO!$AF$7)*OFFSET(ORÇAMENTO!$W$15,ROW(AC97)-ROW(AC$15),0),15-13*ORÇAMENTO!$AF$11)),\n         0)","v":0},{"$f":"IF(AND($D97=\"Serviço\",AD$12<>0,$H97>0,OR(AUTOEVENTO<>\"manual\",$M97<>$A$15)),\n        IF(Import.TipoArredondamento<>\"TransfereGOV\",\n              ROUND(OFFSET($P97,0,AD$13),15-13*ORÇAMENTO!$AF$7)/$H97*OFFSET(ORÇAMENTO!$X$15,ROW(AD97)-ROW(AD$15),0),\n              ROUND(ROUND(OFFSET($P97,0,AD$13),15-13*ORÇAMENTO!$AF$7)*OFFSET(ORÇAMENTO!$W$15,ROW(AD97)-ROW(AD$15),0),15-13*ORÇAMENTO!$AF$11)),\n         0)","v":0},{"$f":"IF(AND($D97=\"Serviço\",AE$12<>0,$H97>0,OR(AUTOEVENTO<>\"manual\",$M97<>$A$15)),\n        IF(Import.TipoArredondamento<>\"TransfereGOV\",\n              ROUND(OFFSET($P97,0,AE$13),15-13*ORÇAMENTO!$AF$7)/$H97*OFFSET(ORÇAMENTO!$X$15,ROW(AE97)-ROW(AE$15),0),\n              ROUND(ROUND(OFFSET($P97,0,AE$13),15-13*ORÇAMENTO!$AF$7)*OFFSET(ORÇAMENTO!$W$15,ROW(AE97)-ROW(AE$15),0),15-13*ORÇAMENTO!$AF$11)),\n         0)","v":0},{"$f":"IF(AND($D97=\"Serviço\",AF$12<>0,$H97>0,OR(AUTOEVENTO<>\"manual\",$M97<>$A$15)),\n        IF(Import.TipoArredondamento<>\"TransfereGOV\",\n              ROUND(OFFSET($P97,0,AF$13),15-13*ORÇAMENTO!$AF$7)/$H97*OFFSET(ORÇAMENTO!$X$15,ROW(AF97)-ROW(AF$15),0),\n              ROUND(ROUND(OFFSET($P97,0,AF$13),15-13*ORÇAMENTO!$AF$7)*OFFSET(ORÇAMENTO!$W$15,ROW(AF97)-ROW(AF$15),0),15-13*ORÇAMENTO!$AF$11)),\n         0)","v":0},{"$f":"IF(AND($D97=\"Serviço\",AG$12<>0,$H97>0,OR(AUTOEVENTO<>\"manual\",$M97<>$A$15)),\n        IF(Import.TipoArredondamento<>\"TransfereGOV\",\n              ROUND(OFFSET($P97,0,AG$13),15-13*ORÇAMENTO!$AF$7)/$H97*OFFSET(ORÇAMENTO!$X$15,ROW(AG97)-ROW(AG$15),0),\n              ROUND(ROUND(OFFSET($P97,0,AG$13),15-13*ORÇAMENTO!$AF$7)*OFFSET(ORÇAMENTO!$W$15,ROW(AG97)-ROW(AG$15),0),15-13*ORÇAMENTO!$AF$11)),\n         0)","v":0},{"$f":"IF(AND($D97=\"Serviço\",AH$12<>0,$H97>0,OR(AUTOEVENTO<>\"manual\",$M97<>$A$15)),\n        IF(Import.TipoArredondamento<>\"TransfereGOV\",\n              ROUND(OFFSET($P97,0,AH$13),15-13*ORÇAMENTO!$AF$7)/$H97*OFFSET(ORÇAMENTO!$X$15,ROW(AH97)-ROW(AH$15),0),\n              ROUND(ROUND(OFFSET($P97,0,AH$13),15-13*ORÇAMENTO!$AF$7)*OFFSET(ORÇAMENTO!$W$15,ROW(AH97)-ROW(AH$15),0),15-13*ORÇAMENTO!$AF$11)),\n         0)","v":0},{"$f":"IF(AND($D97=\"Serviço\",AI$12<>0,$H97>0,OR(AUTOEVENTO<>\"manual\",$M97<>$A$15)),\n        IF(Import.TipoArredondamento<>\"TransfereGOV\",\n              ROUND(OFFSET($P97,0,AI$13),15-13*ORÇAMENTO!$AF$7)/$H97*OFFSET(ORÇAMENTO!$X$15,ROW(AI97)-ROW(AI$15),0),\n              ROUND(ROUND(OFFSET($P97,0,AI$13),15-13*ORÇAMENTO!$AF$7)*OFFSET(ORÇAMENTO!$W$15,ROW(AI97)-ROW(AI$15),0),15-13*ORÇAMENTO!$AF$11)),\n         0)","v":0},{"$f":"IF(AND($D97=\"Serviço\",AJ$12<>0,$H97>0,OR(AUTOEVENTO<>\"manual\",$M97<>$A$15)),\n        IF(Import.TipoArredondamento<>\"TransfereGOV\",\n              ROUND(OFFSET($P97,0,AJ$13),15-13*ORÇAMENTO!$AF$7)/$H97*OFFSET(ORÇAMENTO!$X$15,ROW(AJ97)-ROW(AJ$15),0),\n              ROUND(ROUND(OFFSET($P97,0,AJ$13),15-13*ORÇAMENTO!$AF$7)*OFFSET(ORÇAMENTO!$W$15,ROW(AJ97)-ROW(AJ$15),0),15-13*ORÇAMENTO!$AF$11)),\n         0)","v":0},{"$f":"IF(AND($D97=\"Serviço\",AK$12<>0,$H97>0,OR(AUTOEVENTO<>\"manual\",$M97<>$A$15)),\n        IF(Import.TipoArredondamento<>\"TransfereGOV\",\n              ROUND(OFFSET($P97,0,AK$13),15-13*ORÇAMENTO!$AF$7)/$H97*OFFSET(ORÇAMENTO!$X$15,ROW(AK97)-ROW(AK$15),0),\n              ROUND(ROUND(OFFSET($P97,0,AK$13),15-13*ORÇAMENTO!$AF$7)*OFFSET(ORÇAMENTO!$W$15,ROW(AK97)-ROW(AK$15),0),15-13*ORÇAMENTO!$AF$11)),\n         0)","v":0},null,{"$f":"IF(OR($D97<>\"Serviço\",AND(AUTOEVENTO=\"Manual\",$M97=$A$15)),0,\n         IF(OFFSET(CRONOPLE!$F$15,$M97-$A$15,AM$13)=0,10^12,OFFSET(CRONOPLE!$F$15,$M97-$A$15,AM$13)))","v":1},{"$f":"IF(OR($D97<>\"Serviço\",AND(AUTOEVENTO=\"Manual\",$M97=$A$15)),0,\n         IF(OFFSET(CRONOPLE!$F$15,$M97-$A$15,AN$13)=0,10^12,OFFSET(CRONOPLE!$F$15,$M97-$A$15,AN$13)))","v":2},{"$f":"IF(OR($D97<>\"Serviço\",AND(AUTOEVENTO=\"Manual\",$M97=$A$15)),0,\n         IF(OFFSET(CRONOPLE!$F$15,$M97-$A$15,AO$13)=0,10^12,OFFSET(CRONOPLE!$F$15,$M97-$A$15,AO$13)))","v":1000000000000},{"$f":"IF(OR($D97<>\"Serviço\",AND(AUTOEVENTO=\"Manual\",$M97=$A$15)),0,\n         IF(OFFSET(CRONOPLE!$F$15,$M97-$A$15,AP$13)=0,10^12,OFFSET(CRONOPLE!$F$15,$M97-$A$15,AP$13)))","v":1000000000000},{"$f":"IF(OR($D97<>\"Serviço\",AND(AUTOEVENTO=\"Manual\",$M97=$A$15)),0,\n         IF(OFFSET(CRONOPLE!$F$15,$M97-$A$15,AQ$13)=0,10^12,OFFSET(CRONOPLE!$F$15,$M97-$A$15,AQ$13)))","v":1000000000000},{"$f":"IF(OR($D97<>\"Serviço\",AND(AUTOEVENTO=\"Manual\",$M97=$A$15)),0,\n         IF(OFFSET(CRONOPLE!$F$15,$M97-$A$15,AR$13)=0,10^12,OFFSET(CRONOPLE!$F$15,$M97-$A$15,AR$13)))","v":1000000000000},{"$f":"IF(OR($D97<>\"Serviço\",AND(AUTOEVENTO=\"Manual\",$M97=$A$15)),0,\n         IF(OFFSET(CRONOPLE!$F$15,$M97-$A$15,AS$13)=0,10^12,OFFSET(CRONOPLE!$F$15,$M97-$A$15,AS$13)))","v":1000000000000},{"$f":"IF(OR($D97<>\"Serviço\",AND(AUTOEVENTO=\"Manual\",$M97=$A$15)),0,\n         IF(OFFSET(CRONOPLE!$F$15,$M97-$A$15,AT$13)=0,10^12,OFFSET(CRONOPLE!$F$15,$M97-$A$15,AT$13)))","v":1000000000000},{"$f":"IF(OR($D97<>\"Serviço\",AND(AUTOEVENTO=\"Manual\",$M97=$A$15)),0,\n         IF(OFFSET(CRONOPLE!$F$15,$M97-$A$15,AU$13)=0,10^12,OFFSET(CRONOPLE!$F$15,$M97-$A$15,AU$13)))","v":1000000000000},{"$f":"IF(OR($D97<>\"Serviço\",AND(AUTOEVENTO=\"Manual\",$M97=$A$15)),0,\n         IF(OFFSET(CRONOPLE!$F$15,$M97-$A$15,AV$13)=0,10^12,OFFSET(CRONOPLE!$F$15,$M97-$A$15,AV$13)))","v":1000000000000},null,{"$f":"IF(OR($D97<>\"Serviço\",AND(AUTOEVENTO=\"Manual\",$M97=$A$15),$M97>(ROW(PLE.lastrow)-ROW(PLE.firstrow))),0,\n           IF(OFFSET(PLE!$G$15,$M97-$A$15,AX$13)=\"\",10^12,OFFSET(PLE!$G$15,$M97-$A$15,AX$13)))","v":1000000000000},{"$f":"IF(OR($D97<>\"Serviço\",AND(AUTOEVENTO=\"Manual\",$M97=$A$15),$M97>(ROW(PLE.lastrow)-ROW(PLE.firstrow))),0,\n           IF(OFFSET(PLE!$G$15,$M97-$A$15,AY$13)=\"\",10^12,OFFSET(PLE!$G$15,$M97-$A$15,AY$13)))","v":1000000000000},{"$f":"IF(OR($D97<>\"Serviço\",AND(AUTOEVENTO=\"Manual\",$M97=$A$15),$M97>(ROW(PLE.lastrow)-ROW(PLE.firstrow))),0,\n           IF(OFFSET(PLE!$G$15,$M97-$A$15,AZ$13)=\"\",10^12,OFFSET(PLE!$G$15,$M97-$A$15,AZ$13)))","v":1000000000000},{"$f":"IF(OR($D97<>\"Serviço\",AND(AUTOEVENTO=\"Manual\",$M97=$A$15),$M97>(ROW(PLE.lastrow)-ROW(PLE.firstrow))),0,\n           IF(OFFSET(PLE!$G$15,$M97-$A$15,BA$13)=\"\",10^12,OFFSET(PLE!$G$15,$M97-$A$15,BA$13)))","v":1000000000000},{"$f":"IF(OR($D97<>\"Serviço\",AND(AUTOEVENTO=\"Manual\",$M97=$A$15),$M97>(ROW(PLE.lastrow)-ROW(PLE.firstrow))),0,\n           IF(OFFSET(PLE!$G$15,$M97-$A$15,BB$13)=\"\",10^12,OFFSET(PLE!$G$15,$M97-$A$15,BB$13)))","v":1000000000000},{"$f":"IF(OR($D97<>\"Serviço\",AND(AUTOEVENTO=\"Manual\",$M97=$A$15),$M97>(ROW(PLE.lastrow)-ROW(PLE.firstrow))),0,\n           IF(OFFSET(PLE!$G$15,$M97-$A$15,BC$13)=\"\",10^12,OFFSET(PLE!$G$15,$M97-$A$15,BC$13)))","v":1000000000000},{"$f":"IF(OR($D97<>\"Serviço\",AND(AUTOEVENTO=\"Manual\",$M97=$A$15),$M97>(ROW(PLE.lastrow)-ROW(PLE.firstrow))),0,\n           IF(OFFSET(PLE!$G$15,$M97-$A$15,BD$13)=\"\",10^12,OFFSET(PLE!$G$15,$M97-$A$15,BD$13)))","v":1000000000000},{"$f":"IF(OR($D97<>\"Serviço\",AND(AUTOEVENTO=\"Manual\",$M97=$A$15),$M97>(ROW(PLE.lastrow)-ROW(PLE.firstrow))),0,\n           IF(OFFSET(PLE!$G$15,$M97-$A$15,BE$13)=\"\",10^12,OFFSET(PLE!$G$15,$M97-$A$15,BE$13)))","v":1000000000000},{"$f":"IF(OR($D97<>\"Serviço\",AND(AUTOEVENTO=\"Manual\",$M97=$A$15),$M97>(ROW(PLE.lastrow)-ROW(PLE.firstrow))),0,\n           IF(OFFSET(PLE!$G$15,$M97-$A$15,BF$13)=\"\",10^12,OFFSET(PLE!$G$15,$M97-$A$15,BF$13)))","v":1000000000000},{"$f":"IF(OR($D97<>\"Serviço\",AND(AUTOEVENTO=\"Manual\",$M97=$A$15),$M97>(ROW(PLE.lastrow)-ROW(PLE.firstrow))),0,\n           IF(OFFSET(PLE!$G$15,$M97-$A$15,BG$13)=\"\",10^12,OFFSET(PLE!$G$15,$M97-$A$15,BG$13)))","v":1000000000000}]
["10",{"$f":"OFFSET(ORÇAMENTO!C$15,ROW(B98)-ROW(B$15),0)","v":"S"},{"$f":"OFFSET(ORÇAMENTO!L$15,ROW(C98)-ROW(C$15),0)","v":""},{"$f":"OFFSET(ORÇAMENTO!N$15,ROW(D98)-ROW(D$15),0)","v":"Serviço"},{"$f":"OFFSET(ORÇAMENTO!O$15,ROW(E98)-ROW(E$15),0)","v":"-"},{"$f":"OFFSET(ORÇAMENTO!R$15,ROW(F98)-ROW(F$15),0)","v":"(Sem Código)"},{"$f":"IF($D98<>\"Serviço\",\"\",OFFSET(ORÇAMENTO!S$15,ROW(G98)-ROW(G$15),0))","v":"-"},{"$f":"IF($D98<>\"Serviço\",0,IF(ACOMPANHAMENTO=\"BM\",ROUND(OFFSET(ORÇAMENTO!AJ$15,ROW(H98)-ROW(H$15),0),15-13*ORÇAMENTO!$AF$7),SUMPRODUCT(($Q$1:$AA$1=1)*ROUND($Q98:$AA98,15-13*ORÇAMENTO!$AF$7))))","v":0},null,{"$f":"IF(OR(B98<>\"S\",CÁLCULO.FrentesPreenchidas=0),\"\",IF(AND(ACOMPANHAMENTO=\"PLE\",AUTOEVENTO=\"Manual\",OR(H98>0,ORÇAMENTO!AC98=\"QUANT.\"),OR(K98=\"\",M98=0,N98=\"\")),\"►E\",IF(AND(ACOMPANHAMENTO=\"PLE\",ORÇAMENTO!AC98=\"QUANT.\"),\"►Q\",IF(AND(ACOMPANHAMENTO=\"PLE\",H98<>SUMPRODUCT(($Q$1:$AA$1=1)*ROUND(Q98:AA98,15))),\"►S\",IF(AND(COUNTIF($P$11:$AA$11,\"▼\")=0,H98>0,I98=\"\"),\"◄M\",\"\")))))","v":{"$error":"#NAME?"}},null,".",{"$f":"IF($D98<>\"Serviço\",\"\",\n          IF(AUTOEVENTO=\"manual\",$A98,\n                IF(ISERROR(MATCH($A98,$A$15:OFFSET($A98,-1,0),0)),MAX($M$15:OFFSET(M98,-1,0))+1,\n                      INDEX($M$15:OFFSET(M98,-1,0),MATCH($A98,$A$15:OFFSET($A98,-1,0),0)))))","v":2},{"$f":"IF($D98<>\"Serviço\",\"\",\n         IF(AUTOEVENTO=\"Manual\",\n                IF($A98=0,\"<-- defina o número do agrupador\",\n                       OFFSET(EVENTOS!$D$15,$A98-$A$15,0)),\n                OFFSET($F$15,$A98,0)))","v":"REDE DE DISTRUIBUIÇÃO"},null,null,null,null,null,null,null,null,null,null,null,null,null,{"$f":"IF(AND($D98=\"Serviço\",AB$12<>0,$H98>0,OR(AUTOEVENTO<>\"manual\",$M98<>$A$15)),\n        IF(Import.TipoArredondamento<>\"TransfereGOV\",\n              ROUND(OFFSET($P98,0,AB$13),15-13*ORÇAMENTO!$AF$7)/$H98*OFFSET(ORÇAMENTO!$X$15,ROW(AB98)-ROW(AB$15),0),\n              ROUND(ROUND(OFFSET($P98,0,AB$13),15-13*ORÇAMENTO!$AF$7)*OFFSET(ORÇAMENTO!$W$15,ROW(AB98)-ROW(AB$15),0),15-13*ORÇAMENTO!$AF$11)),\n         0)","v":0},{"$f":"IF(AND($D98=\"Serviço\",AC$12<>0,$H98>0,OR(AUTOEVENTO<>\"manual\",$M98<>$A$15)),\n        IF(Import.TipoArredondamento<>\"TransfereGOV\",\n              ROUND(OFFSET($P98,0,AC$13),15-13*ORÇAMENTO!$AF$7)/$H98*OFFSET(ORÇAMENTO!$X$15,ROW(AC98)-ROW(AC$15),0),\n              ROUND(ROUND(OFFSET($P98,0,AC$13),15-13*ORÇAMENTO!$AF$7)*OFFSET(ORÇAMENTO!$W$15,ROW(AC98)-ROW(AC$15),0),15-13*ORÇAMENTO!$AF$11)),\n         0)","v":0},{"$f":"IF(AND($D98=\"Serviço\",AD$12<>0,$H98>0,OR(AUTOEVENTO<>\"manual\",$M98<>$A$15)),\n        IF(Import.TipoArredondamento<>\"TransfereGOV\",\n              ROUND(OFFSET($P98,0,AD$13),15-13*ORÇAMENTO!$AF$7)/$H98*OFFSET(ORÇAMENTO!$X$15,ROW(AD98)-ROW(AD$15),0),\n              ROUND(ROUND(OFFSET($P98,0,AD$13),15-13*ORÇAMENTO!$AF$7)*OFFSET(ORÇAMENTO!$W$15,ROW(AD98)-ROW(AD$15),0),15-13*ORÇAMENTO!$AF$11)),\n         0)","v":0},{"$f":"IF(AND($D98=\"Serviço\",AE$12<>0,$H98>0,OR(AUTOEVENTO<>\"manual\",$M98<>$A$15)),\n        IF(Import.TipoArredondamento<>\"TransfereGOV\",\n              ROUND(OFFSET($P98,0,AE$13),15-13*ORÇAMENTO!$AF$7)/$H98*OFFSET(ORÇAMENTO!$X$15,ROW(AE98)-ROW(AE$15),0),\n              ROUND(ROUND(OFFSET($P98,0,AE$13),15-13*ORÇAMENTO!$AF$7)*OFFSET(ORÇAMENTO!$W$15,ROW(AE98)-ROW(AE$15),0),15-13*ORÇAMENTO!$AF$11)),\n         0)","v":0},{"$f":"IF(AND($D98=\"Serviço\",AF$12<>0,$H98>0,OR(AUTOEVENTO<>\"manual\",$M98<>$A$15)),\n        IF(Import.TipoArredondamento<>\"TransfereGOV\",\n              ROUND(OFFSET($P98,0,AF$13),15-13*ORÇAMENTO!$AF$7)/$H98*OFFSET(ORÇAMENTO!$X$15,ROW(AF98)-ROW(AF$15),0),\n              ROUND(ROUND(OFFSET($P98,0,AF$13),15-13*ORÇAMENTO!$AF$7)*OFFSET(ORÇAMENTO!$W$15,ROW(AF98)-ROW(AF$15),0),15-13*ORÇAMENTO!$AF$11)),\n         0)","v":0},{"$f":"IF(AND($D98=\"Serviço\",AG$12<>0,$H98>0,OR(AUTOEVENTO<>\"manual\",$M98<>$A$15)),\n        IF(Import.TipoArredondamento<>\"TransfereGOV\",\n              ROUND(OFFSET($P98,0,AG$13),15-13*ORÇAMENTO!$AF$7)/$H98*OFFSET(ORÇAMENTO!$X$15,ROW(AG98)-ROW(AG$15),0),\n              ROUND(ROUND(OFFSET($P98,0,AG$13),15-13*ORÇAMENTO!$AF$7)*OFFSET(ORÇAMENTO!$W$15,ROW(AG98)-ROW(AG$15),0),15-13*ORÇAMENTO!$AF$11)),\n         0)","v":0},{"$f":"IF(AND($D98=\"Serviço\",AH$12<>0,$H98>0,OR(AUTOEVENTO<>\"manual\",$M98<>$A$15)),\n        IF(Import.TipoArredondamento<>\"TransfereGOV\",\n              ROUND(OFFSET($P98,0,AH$13),15-13*ORÇAMENTO!$AF$7)/$H98*OFFSET(ORÇAMENTO!$X$15,ROW(AH98)-ROW(AH$15),0),\n              ROUND(ROUND(OFFSET($P98,0,AH$13),15-13*ORÇAMENTO!$AF$7)*OFFSET(ORÇAMENTO!$W$15,ROW(AH98)-ROW(AH$15),0),15-13*ORÇAMENTO!$AF$11)),\n         0)","v":0},{"$f":"IF(AND($D98=\"Serviço\",AI$12<>0,$H98>0,OR(AUTOEVENTO<>\"manual\",$M98<>$A$15)),\n        IF(Import.TipoArredondamento<>\"TransfereGOV\",\n              ROUND(OFFSET($P98,0,AI$13),15-13*ORÇAMENTO!$AF$7)/$H98*OFFSET(ORÇAMENTO!$X$15,ROW(AI98)-ROW(AI$15),0),\n              ROUND(ROUND(OFFSET($P98,0,AI$13),15-13*ORÇAMENTO!$AF$7)*OFFSET(ORÇAMENTO!$W$15,ROW(AI98)-ROW(AI$15),0),15-13*ORÇAMENTO!$AF$11)),\n         0)","v":0},{"$f":"IF(AND($D98=\"Serviço\",AJ$12<>0,$H98>0,OR(AUTOEVENTO<>\"manual\",$M98<>$A$15)),\n        IF(Import.TipoArredondamento<>\"TransfereGOV\",\n              ROUND(OFFSET($P98,0,AJ$13),15-13*ORÇAMENTO!$AF$7)/$H98*OFFSET(ORÇAMENTO!$X$15,ROW(AJ98)-ROW(AJ$15),0),\n              ROUND(ROUND(OFFSET($P98,0,AJ$13),15-13*ORÇAMENTO!$AF$7)*OFFSET(ORÇAMENTO!$W$15,ROW(AJ98)-ROW(AJ$15),0),15-13*ORÇAMENTO!$AF$11)),\n         0)","v":0},{"$f":"IF(AND($D98=\"Serviço\",AK$12<>0,$H98>0,OR(AUTOEVENTO<>\"manual\",$M98<>$A$15)),\n        IF(Import.TipoArredondamento<>\"TransfereGOV\",\n              ROUND(OFFSET($P98,0,AK$13),15-13*ORÇAMENTO!$AF$7)/$H98*OFFSET(ORÇAMENTO!$X$15,ROW(AK98)-ROW(AK$15),0),\n              ROUND(ROUND(OFFSET($P98,0,AK$13),15-13*ORÇAMENTO!$AF$7)*OFFSET(ORÇAMENTO!$W$15,ROW(AK98)-ROW(AK$15),0),15-13*ORÇAMENTO!$AF$11)),\n         0)","v":0},null,{"$f":"IF(OR($D98<>\"Serviço\",AND(AUTOEVENTO=\"Manual\",$M98=$A$15)),0,\n         IF(OFFSET(CRONOPLE!$F$15,$M98-$A$15,AM$13)=0,10^12,OFFSET(CRONOPLE!$F$15,$M98-$A$15,AM$13)))","v":1},{"$f":"IF(OR($D98<>\"Serviço\",AND(AUTOEVENTO=\"Manual\",$M98=$A$15)),0,\n         IF(OFFSET(CRONOPLE!$F$15,$M98-$A$15,AN$13)=0,10^12,OFFSET(CRONOPLE!$F$15,$M98-$A$15,AN$13)))","v":2},{"$f":"IF(OR($D98<>\"Serviço\",AND(AUTOEVENTO=\"Manual\",$M98=$A$15)),0,\n         IF(OFFSET(CRONOPLE!$F$15,$M98-$A$15,AO$13)=0,10^12,OFFSET(CRONOPLE!$F$15,$M98-$A$15,AO$13)))","v":1000000000000},{"$f":"IF(OR($D98<>\"Serviço\",AND(AUTOEVENTO=\"Manual\",$M98=$A$15)),0,\n         IF(OFFSET(CRONOPLE!$F$15,$M98-$A$15,AP$13)=0,10^12,OFFSET(CRONOPLE!$F$15,$M98-$A$15,AP$13)))","v":1000000000000},{"$f":"IF(OR($D98<>\"Serviço\",AND(AUTOEVENTO=\"Manual\",$M98=$A$15)),0,\n         IF(OFFSET(CRONOPLE!$F$15,$M98-$A$15,AQ$13)=0,10^12,OFFSET(CRONOPLE!$F$15,$M98-$A$15,AQ$13)))","v":1000000000000},{"$f":"IF(OR($D98<>\"Serviço\",AND(AUTOEVENTO=\"Manual\",$M98=$A$15)),0,\n         IF(OFFSET(CRONOPLE!$F$15,$M98-$A$15,AR$13)=0,10^12,OFFSET(CRONOPLE!$F$15,$M98-$A$15,AR$13)))","v":1000000000000},{"$f":"IF(OR($D98<>\"Serviço\",AND(AUTOEVENTO=\"Manual\",$M98=$A$15)),0,\n         IF(OFFSET(CRONOPLE!$F$15,$M98-$A$15,AS$13)=0,10^12,OFFSET(CRONOPLE!$F$15,$M98-$A$15,AS$13)))","v":1000000000000},{"$f":"IF(OR($D98<>\"Serviço\",AND(AUTOEVENTO=\"Manual\",$M98=$A$15)),0,\n         IF(OFFSET(CRONOPLE!$F$15,$M98-$A$15,AT$13)=0,10^12,OFFSET(CRONOPLE!$F$15,$M98-$A$15,AT$13)))","v":1000000000000},{"$f":"IF(OR($D98<>\"Serviço\",AND(AUTOEVENTO=\"Manual\",$M98=$A$15)),0,\n         IF(OFFSET(CRONOPLE!$F$15,$M98-$A$15,AU$13)=0,10^12,OFFSET(CRONOPLE!$F$15,$M98-$A$15,AU$13)))","v":1000000000000},{"$f":"IF(OR($D98<>\"Serviço\",AND(AUTOEVENTO=\"Manual\",$M98=$A$15)),0,\n         IF(OFFSET(CRONOPLE!$F$15,$M98-$A$15,AV$13)=0,10^12,OFFSET(CRONOPLE!$F$15,$M98-$A$15,AV$13)))","v":1000000000000},null,{"$f":"IF(OR($D98<>\"Serviço\",AND(AUTOEVENTO=\"Manual\",$M98=$A$15),$M98>(ROW(PLE.lastrow)-ROW(PLE.firstrow))),0,\n           IF(OFFSET(PLE!$G$15,$M98-$A$15,AX$13)=\"\",10^12,OFFSET(PLE!$G$15,$M98-$A$15,AX$13)))","v":1000000000000},{"$f":"IF(OR($D98<>\"Serviço\",AND(AUTOEVENTO=\"Manual\",$M98=$A$15),$M98>(ROW(PLE.lastrow)-ROW(PLE.firstrow))),0,\n           IF(OFFSET(PLE!$G$15,$M98-$A$15,AY$13)=\"\",10^12,OFFSET(PLE!$G$15,$M98-$A$15,AY$13)))","v":1000000000000},{"$f":"IF(OR($D98<>\"Serviço\",AND(AUTOEVENTO=\"Manual\",$M98=$A$15),$M98>(ROW(PLE.lastrow)-ROW(PLE.firstrow))),0,\n           IF(OFFSET(PLE!$G$15,$M98-$A$15,AZ$13)=\"\",10^12,OFFSET(PLE!$G$15,$M98-$A$15,AZ$13)))","v":1000000000000},{"$f":"IF(OR($D98<>\"Serviço\",AND(AUTOEVENTO=\"Manual\",$M98=$A$15),$M98>(ROW(PLE.lastrow)-ROW(PLE.firstrow))),0,\n           IF(OFFSET(PLE!$G$15,$M98-$A$15,BA$13)=\"\",10^12,OFFSET(PLE!$G$15,$M98-$A$15,BA$13)))","v":1000000000000},{"$f":"IF(OR($D98<>\"Serviço\",AND(AUTOEVENTO=\"Manual\",$M98=$A$15),$M98>(ROW(PLE.lastrow)-ROW(PLE.firstrow))),0,\n           IF(OFFSET(PLE!$G$15,$M98-$A$15,BB$13)=\"\",10^12,OFFSET(PLE!$G$15,$M98-$A$15,BB$13)))","v":1000000000000},{"$f":"IF(OR($D98<>\"Serviço\",AND(AUTOEVENTO=\"Manual\",$M98=$A$15),$M98>(ROW(PLE.lastrow)-ROW(PLE.firstrow))),0,\n           IF(OFFSET(PLE!$G$15,$M98-$A$15,BC$13)=\"\",10^12,OFFSET(PLE!$G$15,$M98-$A$15,BC$13)))","v":1000000000000},{"$f":"IF(OR($D98<>\"Serviço\",AND(AUTOEVENTO=\"Manual\",$M98=$A$15),$M98>(ROW(PLE.lastrow)-ROW(PLE.firstrow))),0,\n           IF(OFFSET(PLE!$G$15,$M98-$A$15,BD$13)=\"\",10^12,OFFSET(PLE!$G$15,$M98-$A$15,BD$13)))","v":1000000000000},{"$f":"IF(OR($D98<>\"Serviço\",AND(AUTOEVENTO=\"Manual\",$M98=$A$15),$M98>(ROW(PLE.lastrow)-ROW(PLE.firstrow))),0,\n           IF(OFFSET(PLE!$G$15,$M98-$A$15,BE$13)=\"\",10^12,OFFSET(PLE!$G$15,$M98-$A$15,BE$13)))","v":1000000000000},{"$f":"IF(OR($D98<>\"Serviço\",AND(AUTOEVENTO=\"Manual\",$M98=$A$15),$M98>(ROW(PLE.lastrow)-ROW(PLE.firstrow))),0,\n           IF(OFFSET(PLE!$G$15,$M98-$A$15,BF$13)=\"\",10^12,OFFSET(PLE!$G$15,$M98-$A$15,BF$13)))","v":1000000000000},{"$f":"IF(OR($D98<>\"Serviço\",AND(AUTOEVENTO=\"Manual\",$M98=$A$15),$M98>(ROW(PLE.lastrow)-ROW(PLE.firstrow))),0,\n           IF(OFFSET(PLE!$G$15,$M98-$A$15,BG$13)=\"\",10^12,OFFSET(PLE!$G$15,$M98-$A$15,BG$13)))","v":1000000000000}]
["10",{"$f":"OFFSET(ORÇAMENTO!C$15,ROW(B99)-ROW(B$15),0)","v":"S"},{"$f":"OFFSET(ORÇAMENTO!L$15,ROW(C99)-ROW(C$15),0)","v":""},{"$f":"OFFSET(ORÇAMENTO!N$15,ROW(D99)-ROW(D$15),0)","v":"Serviço"},{"$f":"OFFSET(ORÇAMENTO!O$15,ROW(E99)-ROW(E$15),0)","v":"-"},{"$f":"OFFSET(ORÇAMENTO!R$15,ROW(F99)-ROW(F$15),0)","v":"(Sem Código)"},{"$f":"IF($D99<>\"Serviço\",\"\",OFFSET(ORÇAMENTO!S$15,ROW(G99)-ROW(G$15),0))","v":"-"},{"$f":"IF($D99<>\"Serviço\",0,IF(ACOMPANHAMENTO=\"BM\",ROUND(OFFSET(ORÇAMENTO!AJ$15,ROW(H99)-ROW(H$15),0),15-13*ORÇAMENTO!$AF$7),SUMPRODUCT(($Q$1:$AA$1=1)*ROUND($Q99:$AA99,15-13*ORÇAMENTO!$AF$7))))","v":0},null,{"$f":"IF(OR(B99<>\"S\",CÁLCULO.FrentesPreenchidas=0),\"\",IF(AND(ACOMPANHAMENTO=\"PLE\",AUTOEVENTO=\"Manual\",OR(H99>0,ORÇAMENTO!AC99=\"QUANT.\"),OR(K99=\"\",M99=0,N99=\"\")),\"►E\",IF(AND(ACOMPANHAMENTO=\"PLE\",ORÇAMENTO!AC99=\"QUANT.\"),\"►Q\",IF(AND(ACOMPANHAMENTO=\"PLE\",H99<>SUMPRODUCT(($Q$1:$AA$1=1)*ROUND(Q99:AA99,15))),\"►S\",IF(AND(COUNTIF($P$11:$AA$11,\"▼\")=0,H99>0,I99=\"\"),\"◄M\",\"\")))))","v":{"$error":"#NAME?"}},null,".",{"$f":"IF($D99<>\"Serviço\",\"\",\n          IF(AUTOEVENTO=\"manual\",$A99,\n                IF(ISERROR(MATCH($A99,$A$15:OFFSET($A99,-1,0),0)),MAX($M$15:OFFSET(M99,-1,0))+1,\n                      INDEX($M$15:OFFSET(M99,-1,0),MATCH($A99,$A$15:OFFSET($A99,-1,0),0)))))","v":2},{"$f":"IF($D99<>\"Serviço\",\"\",\n         IF(AUTOEVENTO=\"Manual\",\n                IF($A99=0,\"<-- defina o número do agrupador\",\n                       OFFSET(EVENTOS!$D$15,$A99-$A$15,0)),\n                OFFSET($F$15,$A99,0)))","v":"REDE DE DISTRUIBUIÇÃO"},null,null,null,null,null,null,null,null,null,null,null,null,null,{"$f":"IF(AND($D99=\"Serviço\",AB$12<>0,$H99>0,OR(AUTOEVENTO<>\"manual\",$M99<>$A$15)),\n        IF(Import.TipoArredondamento<>\"TransfereGOV\",\n              ROUND(OFFSET($P99,0,AB$13),15-13*ORÇAMENTO!$AF$7)/$H99*OFFSET(ORÇAMENTO!$X$15,ROW(AB99)-ROW(AB$15),0),\n              ROUND(ROUND(OFFSET($P99,0,AB$13),15-13*ORÇAMENTO!$AF$7)*OFFSET(ORÇAMENTO!$W$15,ROW(AB99)-ROW(AB$15),0),15-13*ORÇAMENTO!$AF$11)),\n         0)","v":0},{"$f":"IF(AND($D99=\"Serviço\",AC$12<>0,$H99>0,OR(AUTOEVENTO<>\"manual\",$M99<>$A$15)),\n        IF(Import.TipoArredondamento<>\"TransfereGOV\",\n              ROUND(OFFSET($P99,0,AC$13),15-13*ORÇAMENTO!$AF$7)/$H99*OFFSET(ORÇAMENTO!$X$15,ROW(AC99)-ROW(AC$15),0),\n              ROUND(ROUND(OFFSET($P99,0,AC$13),15-13*ORÇAMENTO!$AF$7)*OFFSET(ORÇAMENTO!$W$15,ROW(AC99)-ROW(AC$15),0),15-13*ORÇAMENTO!$AF$11)),\n         0)","v":0},{"$f":"IF(AND($D99=\"Serviço\",AD$12<>0,$H99>0,OR(AUTOEVENTO<>\"manual\",$M99<>$A$15)),\n        IF(Import.TipoArredondamento<>\"TransfereGOV\",\n              ROUND(OFFSET($P99,0,AD$13),15-13*ORÇAMENTO!$AF$7)/$H99*OFFSET(ORÇAMENTO!$X$15,ROW(AD99)-ROW(AD$15),0),\n              ROUND(ROUND(OFFSET($P99,0,AD$13),15-13*ORÇAMENTO!$AF$7)*OFFSET(ORÇAMENTO!$W$15,ROW(AD99)-ROW(AD$15),0),15-13*ORÇAMENTO!$AF$11)),\n         0)","v":0},{"$f":"IF(AND($D99=\"Serviço\",AE$12<>0,$H99>0,OR(AUTOEVENTO<>\"manual\",$M99<>$A$15)),\n        IF(Import.TipoArredondamento<>\"TransfereGOV\",\n              ROUND(OFFSET($P99,0,AE$13),15-13*ORÇAMENTO!$AF$7)/$H99*OFFSET(ORÇAMENTO!$X$15,ROW(AE99)-ROW(AE$15),0),\n              ROUND(ROUND(OFFSET($P99,0,AE$13),15-13*ORÇAMENTO!$AF$7)*OFFSET(ORÇAMENTO!$W$15,ROW(AE99)-ROW(AE$15),0),15-13*ORÇAMENTO!$AF$11)),\n         0)","v":0},{"$f":"IF(AND($D99=\"Serviço\",AF$12<>0,$H99>0,OR(AUTOEVENTO<>\"manual\",$M99<>$A$15)),\n        IF(Import.TipoArredondamento<>\"TransfereGOV\",\n              ROUND(OFFSET($P99,0,AF$13),15-13*ORÇAMENTO!$AF$7)/$H99*OFFSET(ORÇAMENTO!$X$15,ROW(AF99)-ROW(AF$15),0),\n              ROUND(ROUND(OFFSET($P99,0,AF$13),15-13*ORÇAMENTO!$AF$7)*OFFSET(ORÇAMENTO!$W$15,ROW(AF99)-ROW(AF$15),0),15-13*ORÇAMENTO!$AF$11)),\n         0)","v":0},{"$f":"IF(AND($D99=\"Serviço\",AG$12<>0,$H99>0,OR(AUTOEVENTO<>\"manual\",$M99<>$A$15)),\n        IF(Import.TipoArredondamento<>\"TransfereGOV\",\n              ROUND(OFFSET($P99,0,AG$13),15-13*ORÇAMENTO!$AF$7)/$H99*OFFSET(ORÇAMENTO!$X$15,ROW(AG99)-ROW(AG$15),0),\n              ROUND(ROUND(OFFSET($P99,0,AG$13),15-13*ORÇAMENTO!$AF$7)*OFFSET(ORÇAMENTO!$W$15,ROW(AG99)-ROW(AG$15),0),15-13*ORÇAMENTO!$AF$11)),\n         0)","v":0},{"$f":"IF(AND($D99=\"Serviço\",AH$12<>0,$H99>0,OR(AUTOEVENTO<>\"manual\",$M99<>$A$15)),\n        IF(Import.TipoArredondamento<>\"TransfereGOV\",\n              ROUND(OFFSET($P99,0,AH$13),15-13*ORÇAMENTO!$AF$7)/$H99*OFFSET(ORÇAMENTO!$X$15,ROW(AH99)-ROW(AH$15),0),\n              ROUND(ROUND(OFFSET($P99,0,AH$13),15-13*ORÇAMENTO!$AF$7)*OFFSET(ORÇAMENTO!$W$15,ROW(AH99)-ROW(AH$15),0),15-13*ORÇAMENTO!$AF$11)),\n         0)","v":0},{"$f":"IF(AND($D99=\"Serviço\",AI$12<>0,$H99>0,OR(AUTOEVENTO<>\"manual\",$M99<>$A$15)),\n        IF(Import.TipoArredondamento<>\"TransfereGOV\",\n              ROUND(OFFSET($P99,0,AI$13),15-13*ORÇAMENTO!$AF$7)/$H99*OFFSET(ORÇAMENTO!$X$15,ROW(AI99)-ROW(AI$15),0),\n              ROUND(ROUND(OFFSET($P99,0,AI$13),15-13*ORÇAMENTO!$AF$7)*OFFSET(ORÇAMENTO!$W$15,ROW(AI99)-ROW(AI$15),0),15-13*ORÇAMENTO!$AF$11)),\n         0)","v":0},{"$f":"IF(AND($D99=\"Serviço\",AJ$12<>0,$H99>0,OR(AUTOEVENTO<>\"manual\",$M99<>$A$15)),\n        IF(Import.TipoArredondamento<>\"TransfereGOV\",\n              ROUND(OFFSET($P99,0,AJ$13),15-13*ORÇAMENTO!$AF$7)/$H99*OFFSET(ORÇAMENTO!$X$15,ROW(AJ99)-ROW(AJ$15),0),\n              ROUND(ROUND(OFFSET($P99,0,AJ$13),15-13*ORÇAMENTO!$AF$7)*OFFSET(ORÇAMENTO!$W$15,ROW(AJ99)-ROW(AJ$15),0),15-13*ORÇAMENTO!$AF$11)),\n         0)","v":0},{"$f":"IF(AND($D99=\"Serviço\",AK$12<>0,$H99>0,OR(AUTOEVENTO<>\"manual\",$M99<>$A$15)),\n        IF(Import.TipoArredondamento<>\"TransfereGOV\",\n              ROUND(OFFSET($P99,0,AK$13),15-13*ORÇAMENTO!$AF$7)/$H99*OFFSET(ORÇAMENTO!$X$15,ROW(AK99)-ROW(AK$15),0),\n              ROUND(ROUND(OFFSET($P99,0,AK$13),15-13*ORÇAMENTO!$AF$7)*OFFSET(ORÇAMENTO!$W$15,ROW(AK99)-ROW(AK$15),0),15-13*ORÇAMENTO!$AF$11)),\n         0)","v":0},null,{"$f":"IF(OR($D99<>\"Serviço\",AND(AUTOEVENTO=\"Manual\",$M99=$A$15)),0,\n         IF(OFFSET(CRONOPLE!$F$15,$M99-$A$15,AM$13)=0,10^12,OFFSET(CRONOPLE!$F$15,$M99-$A$15,AM$13)))","v":1},{"$f":"IF(OR($D99<>\"Serviço\",AND(AUTOEVENTO=\"Manual\",$M99=$A$15)),0,\n         IF(OFFSET(CRONOPLE!$F$15,$M99-$A$15,AN$13)=0,10^12,OFFSET(CRONOPLE!$F$15,$M99-$A$15,AN$13)))","v":2},{"$f":"IF(OR($D99<>\"Serviço\",AND(AUTOEVENTO=\"Manual\",$M99=$A$15)),0,\n         IF(OFFSET(CRONOPLE!$F$15,$M99-$A$15,AO$13)=0,10^12,OFFSET(CRONOPLE!$F$15,$M99-$A$15,AO$13)))","v":1000000000000},{"$f":"IF(OR($D99<>\"Serviço\",AND(AUTOEVENTO=\"Manual\",$M99=$A$15)),0,\n         IF(OFFSET(CRONOPLE!$F$15,$M99-$A$15,AP$13)=0,10^12,OFFSET(CRONOPLE!$F$15,$M99-$A$15,AP$13)))","v":1000000000000},{"$f":"IF(OR($D99<>\"Serviço\",AND(AUTOEVENTO=\"Manual\",$M99=$A$15)),0,\n         IF(OFFSET(CRONOPLE!$F$15,$M99-$A$15,AQ$13)=0,10^12,OFFSET(CRONOPLE!$F$15,$M99-$A$15,AQ$13)))","v":1000000000000},{"$f":"IF(OR($D99<>\"Serviço\",AND(AUTOEVENTO=\"Manual\",$M99=$A$15)),0,\n         IF(OFFSET(CRONOPLE!$F$15,$M99-$A$15,AR$13)=0,10^12,OFFSET(CRONOPLE!$F$15,$M99-$A$15,AR$13)))","v":1000000000000},{"$f":"IF(OR($D99<>\"Serviço\",AND(AUTOEVENTO=\"Manual\",$M99=$A$15)),0,\n         IF(OFFSET(CRONOPLE!$F$15,$M99-$A$15,AS$13)=0,10^12,OFFSET(CRONOPLE!$F$15,$M99-$A$15,AS$13)))","v":1000000000000},{"$f":"IF(OR($D99<>\"Serviço\",AND(AUTOEVENTO=\"Manual\",$M99=$A$15)),0,\n         IF(OFFSET(CRONOPLE!$F$15,$M99-$A$15,AT$13)=0,10^12,OFFSET(CRONOPLE!$F$15,$M99-$A$15,AT$13)))","v":1000000000000},{"$f":"IF(OR($D99<>\"Serviço\",AND(AUTOEVENTO=\"Manual\",$M99=$A$15)),0,\n         IF(OFFSET(CRONOPLE!$F$15,$M99-$A$15,AU$13)=0,10^12,OFFSET(CRONOPLE!$F$15,$M99-$A$15,AU$13)))","v":1000000000000},{"$f":"IF(OR($D99<>\"Serviço\",AND(AUTOEVENTO=\"Manual\",$M99=$A$15)),0,\n         IF(OFFSET(CRONOPLE!$F$15,$M99-$A$15,AV$13)=0,10^12,OFFSET(CRONOPLE!$F$15,$M99-$A$15,AV$13)))","v":1000000000000},null,{"$f":"IF(OR($D99<>\"Serviço\",AND(AUTOEVENTO=\"Manual\",$M99=$A$15),$M99>(ROW(PLE.lastrow)-ROW(PLE.firstrow))),0,\n           IF(OFFSET(PLE!$G$15,$M99-$A$15,AX$13)=\"\",10^12,OFFSET(PLE!$G$15,$M99-$A$15,AX$13)))","v":1000000000000},{"$f":"IF(OR($D99<>\"Serviço\",AND(AUTOEVENTO=\"Manual\",$M99=$A$15),$M99>(ROW(PLE.lastrow)-ROW(PLE.firstrow))),0,\n           IF(OFFSET(PLE!$G$15,$M99-$A$15,AY$13)=\"\",10^12,OFFSET(PLE!$G$15,$M99-$A$15,AY$13)))","v":1000000000000},{"$f":"IF(OR($D99<>\"Serviço\",AND(AUTOEVENTO=\"Manual\",$M99=$A$15),$M99>(ROW(PLE.lastrow)-ROW(PLE.firstrow))),0,\n           IF(OFFSET(PLE!$G$15,$M99-$A$15,AZ$13)=\"\",10^12,OFFSET(PLE!$G$15,$M99-$A$15,AZ$13)))","v":1000000000000},{"$f":"IF(OR($D99<>\"Serviço\",AND(AUTOEVENTO=\"Manual\",$M99=$A$15),$M99>(ROW(PLE.lastrow)-ROW(PLE.firstrow))),0,\n           IF(OFFSET(PLE!$G$15,$M99-$A$15,BA$13)=\"\",10^12,OFFSET(PLE!$G$15,$M99-$A$15,BA$13)))","v":1000000000000},{"$f":"IF(OR($D99<>\"Serviço\",AND(AUTOEVENTO=\"Manual\",$M99=$A$15),$M99>(ROW(PLE.lastrow)-ROW(PLE.firstrow))),0,\n           IF(OFFSET(PLE!$G$15,$M99-$A$15,BB$13)=\"\",10^12,OFFSET(PLE!$G$15,$M99-$A$15,BB$13)))","v":1000000000000},{"$f":"IF(OR($D99<>\"Serviço\",AND(AUTOEVENTO=\"Manual\",$M99=$A$15),$M99>(ROW(PLE.lastrow)-ROW(PLE.firstrow))),0,\n           IF(OFFSET(PLE!$G$15,$M99-$A$15,BC$13)=\"\",10^12,OFFSET(PLE!$G$15,$M99-$A$15,BC$13)))","v":1000000000000},{"$f":"IF(OR($D99<>\"Serviço\",AND(AUTOEVENTO=\"Manual\",$M99=$A$15),$M99>(ROW(PLE.lastrow)-ROW(PLE.firstrow))),0,\n           IF(OFFSET(PLE!$G$15,$M99-$A$15,BD$13)=\"\",10^12,OFFSET(PLE!$G$15,$M99-$A$15,BD$13)))","v":1000000000000},{"$f":"IF(OR($D99<>\"Serviço\",AND(AUTOEVENTO=\"Manual\",$M99=$A$15),$M99>(ROW(PLE.lastrow)-ROW(PLE.firstrow))),0,\n           IF(OFFSET(PLE!$G$15,$M99-$A$15,BE$13)=\"\",10^12,OFFSET(PLE!$G$15,$M99-$A$15,BE$13)))","v":1000000000000},{"$f":"IF(OR($D99<>\"Serviço\",AND(AUTOEVENTO=\"Manual\",$M99=$A$15),$M99>(ROW(PLE.lastrow)-ROW(PLE.firstrow))),0,\n           IF(OFFSET(PLE!$G$15,$M99-$A$15,BF$13)=\"\",10^12,OFFSET(PLE!$G$15,$M99-$A$15,BF$13)))","v":1000000000000},{"$f":"IF(OR($D99<>\"Serviço\",AND(AUTOEVENTO=\"Manual\",$M99=$A$15),$M99>(ROW(PLE.lastrow)-ROW(PLE.firstrow))),0,\n           IF(OFFSET(PLE!$G$15,$M99-$A$15,BG$13)=\"\",10^12,OFFSET(PLE!$G$15,$M99-$A$15,BG$13)))","v":1000000000000}]
["10",{"$f":"OFFSET(ORÇAMENTO!C$15,ROW(B100)-ROW(B$15),0)","v":"S"},{"$f":"OFFSET(ORÇAMENTO!L$15,ROW(C100)-ROW(C$15),0)","v":""},{"$f":"OFFSET(ORÇAMENTO!N$15,ROW(D100)-ROW(D$15),0)","v":"Serviço"},{"$f":"OFFSET(ORÇAMENTO!O$15,ROW(E100)-ROW(E$15),0)","v":"-"},{"$f":"OFFSET(ORÇAMENTO!R$15,ROW(F100)-ROW(F$15),0)","v":"(Sem Código)"},{"$f":"IF($D100<>\"Serviço\",\"\",OFFSET(ORÇAMENTO!S$15,ROW(G100)-ROW(G$15),0))","v":"-"},{"$f":"IF($D100<>\"Serviço\",0,IF(ACOMPANHAMENTO=\"BM\",ROUND(OFFSET(ORÇAMENTO!AJ$15,ROW(H100)-ROW(H$15),0),15-13*ORÇAMENTO!$AF$7),SUMPRODUCT(($Q$1:$AA$1=1)*ROUND($Q100:$AA100,15-13*ORÇAMENTO!$AF$7))))","v":0},null,{"$f":"IF(OR(B100<>\"S\",CÁLCULO.FrentesPreenchidas=0),\"\",IF(AND(ACOMPANHAMENTO=\"PLE\",AUTOEVENTO=\"Manual\",OR(H100>0,ORÇAMENTO!AC100=\"QUANT.\"),OR(K100=\"\",M100=0,N100=\"\")),\"►E\",IF(AND(ACOMPANHAMENTO=\"PLE\",ORÇAMENTO!AC100=\"QUANT.\"),\"►Q\",IF(AND(ACOMPANHAMENTO=\"PLE\",H100<>SUMPRODUCT(($Q$1:$AA$1=1)*ROUND(Q100:AA100,15))),\"►S\",IF(AND(COUNTIF($P$11:$AA$11,\"▼\")=0,H100>0,I100=\"\"),\"◄M\",\"\")))))","v":{"$error":"#NAME?"}},null,".",{"$f":"IF($D100<>\"Serviço\",\"\",\n          IF(AUTOEVENTO=\"manual\",$A100,\n                IF(ISERROR(MATCH($A100,$A$15:OFFSET($A100,-1,0),0)),MAX($M$15:OFFSET(M100,-1,0))+1,\n                      INDEX($M$15:OFFSET(M100,-1,0),MATCH($A100,$A$15:OFFSET($A100,-1,0),0)))))","v":2},{"$f":"IF($D100<>\"Serviço\",\"\",\n         IF(AUTOEVENTO=\"Manual\",\n                IF($A100=0,\"<-- defina o número do agrupador\",\n                       OFFSET(EVENTOS!$D$15,$A100-$A$15,0)),\n                OFFSET($F$15,$A100,0)))","v":"REDE DE DISTRUIBUIÇÃO"},null,null,null,null,null,null,null,null,null,null,null,null,null,{"$f":"IF(AND($D100=\"Serviço\",AB$12<>0,$H100>0,OR(AUTOEVENTO<>\"manual\",$M100<>$A$15)),\n        IF(Import.TipoArredondamento<>\"TransfereGOV\",\n              ROUND(OFFSET($P100,0,AB$13),15-13*ORÇAMENTO!$AF$7)/$H100*OFFSET(ORÇAMENTO!$X$15,ROW(AB100)-ROW(AB$15),0),\n              ROUND(ROUND(OFFSET($P100,0,AB$13),15-13*ORÇAMENTO!$AF$7)*OFFSET(ORÇAMENTO!$W$15,ROW(AB100)-ROW(AB$15),0),15-13*ORÇAMENTO!$AF$11)),\n         0)","v":0},{"$f":"IF(AND($D100=\"Serviço\",AC$12<>0,$H100>0,OR(AUTOEVENTO<>\"manual\",$M100<>$A$15)),\n        IF(Import.TipoArredondamento<>\"TransfereGOV\",\n              ROUND(OFFSET($P100,0,AC$13),15-13*ORÇAMENTO!$AF$7)/$H100*OFFSET(ORÇAMENTO!$X$15,ROW(AC100)-ROW(AC$15),0),\n              ROUND(ROUND(OFFSET($P100,0,AC$13),15-13*ORÇAMENTO!$AF$7)*OFFSET(ORÇAMENTO!$W$15,ROW(AC100)-ROW(AC$15),0),15-13*ORÇAMENTO!$AF$11)),\n         0)","v":0},{"$f":"IF(AND($D100=\"Serviço\",AD$12<>0,$H100>0,OR(AUTOEVENTO<>\"manual\",$M100<>$A$15)),\n        IF(Import.TipoArredondamento<>\"TransfereGOV\",\n              ROUND(OFFSET($P100,0,AD$13),15-13*ORÇAMENTO!$AF$7)/$H100*OFFSET(ORÇAMENTO!$X$15,ROW(AD100)-ROW(AD$15),0),\n              ROUND(ROUND(OFFSET($P100,0,AD$13),15-13*ORÇAMENTO!$AF$7)*OFFSET(ORÇAMENTO!$W$15,ROW(AD100)-ROW(AD$15),0),15-13*ORÇAMENTO!$AF$11)),\n         0)","v":0},{"$f":"IF(AND($D100=\"Serviço\",AE$12<>0,$H100>0,OR(AUTOEVENTO<>\"manual\",$M100<>$A$15)),\n        IF(Import.TipoArredondamento<>\"TransfereGOV\",\n              ROUND(OFFSET($P100,0,AE$13),15-13*ORÇAMENTO!$AF$7)/$H100*OFFSET(ORÇAMENTO!$X$15,ROW(AE100)-ROW(AE$15),0),\n              ROUND(ROUND(OFFSET($P100,0,AE$13),15-13*ORÇAMENTO!$AF$7)*OFFSET(ORÇAMENTO!$W$15,ROW(AE100)-ROW(AE$15),0),15-13*ORÇAMENTO!$AF$11)),\n         0)","v":0},{"$f":"IF(AND($D100=\"Serviço\",AF$12<>0,$H100>0,OR(AUTOEVENTO<>\"manual\",$M100<>$A$15)),\n        IF(Import.TipoArredondamento<>\"TransfereGOV\",\n              ROUND(OFFSET($P100,0,AF$13),15-13*ORÇAMENTO!$AF$7)/$H100*OFFSET(ORÇAMENTO!$X$15,ROW(AF100)-ROW(AF$15),0),\n              ROUND(ROUND(OFFSET($P100,0,AF$13),15-13*ORÇAMENTO!$AF$7)*OFFSET(ORÇAMENTO!$W$15,ROW(AF100)-ROW(AF$15),0),15-13*ORÇAMENTO!$AF$11)),\n         0)","v":0},{"$f":"IF(AND($D100=\"Serviço\",AG$12<>0,$H100>0,OR(AUTOEVENTO<>\"manual\",$M100<>$A$15)),\n        IF(Import.TipoArredondamento<>\"TransfereGOV\",\n              ROUND(OFFSET($P100,0,AG$13),15-13*ORÇAMENTO!$AF$7)/$H100*OFFSET(ORÇAMENTO!$X$15,ROW(AG100)-ROW(AG$15),0),\n              ROUND(ROUND(OFFSET($P100,0,AG$13),15-13*ORÇAMENTO!$AF$7)*OFFSET(ORÇAMENTO!$W$15,ROW(AG100)-ROW(AG$15),0),15-13*ORÇAMENTO!$AF$11)),\n         0)","v":0},{"$f":"IF(AND($D100=\"Serviço\",AH$12<>0,$H100>0,OR(AUTOEVENTO<>\"manual\",$M100<>$A$15)),\n        IF(Import.TipoArredondamento<>\"TransfereGOV\",\n              ROUND(OFFSET($P100,0,AH$13),15-13*ORÇAMENTO!$AF$7)/$H100*OFFSET(ORÇAMENTO!$X$15,ROW(AH100)-ROW(AH$15),0),\n              ROUND(ROUND(OFFSET($P100,0,AH$13),15-13*ORÇAMENTO!$AF$7)*OFFSET(ORÇAMENTO!$W$15,ROW(AH100)-ROW(AH$15),0),15-13*ORÇAMENTO!$AF$11)),\n         0)","v":0},{"$f":"IF(AND($D100=\"Serviço\",AI$12<>0,$H100>0,OR(AUTOEVENTO<>\"manual\",$M100<>$A$15)),\n        IF(Import.TipoArredondamento<>\"TransfereGOV\",\n              ROUND(OFFSET($P100,0,AI$13),15-13*ORÇAMENTO!$AF$7)/$H100*OFFSET(ORÇAMENTO!$X$15,ROW(AI100)-ROW(AI$15),0),\n              ROUND(ROUND(OFFSET($P100,0,AI$13),15-13*ORÇAMENTO!$AF$7)*OFFSET(ORÇAMENTO!$W$15,ROW(AI100)-ROW(AI$15),0),15-13*ORÇAMENTO!$AF$11)),\n         0)","v":0},{"$f":"IF(AND($D100=\"Serviço\",AJ$12<>0,$H100>0,OR(AUTOEVENTO<>\"manual\",$M100<>$A$15)),\n        IF(Import.TipoArredondamento<>\"TransfereGOV\",\n              ROUND(OFFSET($P100,0,AJ$13),15-13*ORÇAMENTO!$AF$7)/$H100*OFFSET(ORÇAMENTO!$X$15,ROW(AJ100)-ROW(AJ$15),0),\n              ROUND(ROUND(OFFSET($P100,0,AJ$13),15-13*ORÇAMENTO!$AF$7)*OFFSET(ORÇAMENTO!$W$15,ROW(AJ100)-ROW(AJ$15),0),15-13*ORÇAMENTO!$AF$11)),\n         0)","v":0},{"$f":"IF(AND($D100=\"Serviço\",AK$12<>0,$H100>0,OR(AUTOEVENTO<>\"manual\",$M100<>$A$15)),\n        IF(Import.TipoArredondamento<>\"TransfereGOV\",\n              ROUND(OFFSET($P100,0,AK$13),15-13*ORÇAMENTO!$AF$7)/$H100*OFFSET(ORÇAMENTO!$X$15,ROW(AK100)-ROW(AK$15),0),\n              ROUND(ROUND(OFFSET($P100,0,AK$13),15-13*ORÇAMENTO!$AF$7)*OFFSET(ORÇAMENTO!$W$15,ROW(AK100)-ROW(AK$15),0),15-13*ORÇAMENTO!$AF$11)),\n         0)","v":0},null,{"$f":"IF(OR($D100<>\"Serviço\",AND(AUTOEVENTO=\"Manual\",$M100=$A$15)),0,\n         IF(OFFSET(CRONOPLE!$F$15,$M100-$A$15,AM$13)=0,10^12,OFFSET(CRONOPLE!$F$15,$M100-$A$15,AM$13)))","v":1},{"$f":"IF(OR($D100<>\"Serviço\",AND(AUTOEVENTO=\"Manual\",$M100=$A$15)),0,\n         IF(OFFSET(CRONOPLE!$F$15,$M100-$A$15,AN$13)=0,10^12,OFFSET(CRONOPLE!$F$15,$M100-$A$15,AN$13)))","v":2},{"$f":"IF(OR($D100<>\"Serviço\",AND(AUTOEVENTO=\"Manual\",$M100=$A$15)),0,\n         IF(OFFSET(CRONOPLE!$F$15,$M100-$A$15,AO$13)=0,10^12,OFFSET(CRONOPLE!$F$15,$M100-$A$15,AO$13)))","v":1000000000000},{"$f":"IF(OR($D100<>\"Serviço\",AND(AUTOEVENTO=\"Manual\",$M100=$A$15)),0,\n         IF(OFFSET(CRONOPLE!$F$15,$M100-$A$15,AP$13)=0,10^12,OFFSET(CRONOPLE!$F$15,$M100-$A$15,AP$13)))","v":1000000000000},{"$f":"IF(OR($D100<>\"Serviço\",AND(AUTOEVENTO=\"Manual\",$M100=$A$15)),0,\n         IF(OFFSET(CRONOPLE!$F$15,$M100-$A$15,AQ$13)=0,10^12,OFFSET(CRONOPLE!$F$15,$M100-$A$15,AQ$13)))","v":1000000000000},{"$f":"IF(OR($D100<>\"Serviço\",AND(AUTOEVENTO=\"Manual\",$M100=$A$15)),0,\n         IF(OFFSET(CRONOPLE!$F$15,$M100-$A$15,AR$13)=0,10^12,OFFSET(CRONOPLE!$F$15,$M100-$A$15,AR$13)))","v":1000000000000},{"$f":"IF(OR($D100<>\"Serviço\",AND(AUTOEVENTO=\"Manual\",$M100=$A$15)),0,\n         IF(OFFSET(CRONOPLE!$F$15,$M100-$A$15,AS$13)=0,10^12,OFFSET(CRONOPLE!$F$15,$M100-$A$15,AS$13)))","v":1000000000000},{"$f":"IF(OR($D100<>\"Serviço\",AND(AUTOEVENTO=\"Manual\",$M100=$A$15)),0,\n         IF(OFFSET(CRONOPLE!$F$15,$M100-$A$15,AT$13)=0,10^12,OFFSET(CRONOPLE!$F$15,$M100-$A$15,AT$13)))","v":1000000000000},{"$f":"IF(OR($D100<>\"Serviço\",AND(AUTOEVENTO=\"Manual\",$M100=$A$15)),0,\n         IF(OFFSET(CRONOPLE!$F$15,$M100-$A$15,AU$13)=0,10^12,OFFSET(CRONOPLE!$F$15,$M100-$A$15,AU$13)))","v":1000000000000},{"$f":"IF(OR($D100<>\"Serviço\",AND(AUTOEVENTO=\"Manual\",$M100=$A$15)),0,\n         IF(OFFSET(CRONOPLE!$F$15,$M100-$A$15,AV$13)=0,10^12,OFFSET(CRONOPLE!$F$15,$M100-$A$15,AV$13)))","v":1000000000000},null,{"$f":"IF(OR($D100<>\"Serviço\",AND(AUTOEVENTO=\"Manual\",$M100=$A$15),$M100>(ROW(PLE.lastrow)-ROW(PLE.firstrow))),0,\n           IF(OFFSET(PLE!$G$15,$M100-$A$15,AX$13)=\"\",10^12,OFFSET(PLE!$G$15,$M100-$A$15,AX$13)))","v":1000000000000},{"$f":"IF(OR($D100<>\"Serviço\",AND(AUTOEVENTO=\"Manual\",$M100=$A$15),$M100>(ROW(PLE.lastrow)-ROW(PLE.firstrow))),0,\n           IF(OFFSET(PLE!$G$15,$M100-$A$15,AY$13)=\"\",10^12,OFFSET(PLE!$G$15,$M100-$A$15,AY$13)))","v":1000000000000},{"$f":"IF(OR($D100<>\"Serviço\",AND(AUTOEVENTO=\"Manual\",$M100=$A$15),$M100>(ROW(PLE.lastrow)-ROW(PLE.firstrow))),0,\n           IF(OFFSET(PLE!$G$15,$M100-$A$15,AZ$13)=\"\",10^12,OFFSET(PLE!$G$15,$M100-$A$15,AZ$13)))","v":1000000000000},{"$f":"IF(OR($D100<>\"Serviço\",AND(AUTOEVENTO=\"Manual\",$M100=$A$15),$M100>(ROW(PLE.lastrow)-ROW(PLE.firstrow))),0,\n           IF(OFFSET(PLE!$G$15,$M100-$A$15,BA$13)=\"\",10^12,OFFSET(PLE!$G$15,$M100-$A$15,BA$13)))","v":1000000000000},{"$f":"IF(OR($D100<>\"Serviço\",AND(AUTOEVENTO=\"Manual\",$M100=$A$15),$M100>(ROW(PLE.lastrow)-ROW(PLE.firstrow))),0,\n           IF(OFFSET(PLE!$G$15,$M100-$A$15,BB$13)=\"\",10^12,OFFSET(PLE!$G$15,$M100-$A$15,BB$13)))","v":1000000000000},{"$f":"IF(OR($D100<>\"Serviço\",AND(AUTOEVENTO=\"Manual\",$M100=$A$15),$M100>(ROW(PLE.lastrow)-ROW(PLE.firstrow))),0,\n           IF(OFFSET(PLE!$G$15,$M100-$A$15,BC$13)=\"\",10^12,OFFSET(PLE!$G$15,$M100-$A$15,BC$13)))","v":1000000000000},{"$f":"IF(OR($D100<>\"Serviço\",AND(AUTOEVENTO=\"Manual\",$M100=$A$15),$M100>(ROW(PLE.lastrow)-ROW(PLE.firstrow))),0,\n           IF(OFFSET(PLE!$G$15,$M100-$A$15,BD$13)=\"\",10^12,OFFSET(PLE!$G$15,$M100-$A$15,BD$13)))","v":1000000000000},{"$f":"IF(OR($D100<>\"Serviço\",AND(AUTOEVENTO=\"Manual\",$M100=$A$15),$M100>(ROW(PLE.lastrow)-ROW(PLE.firstrow))),0,\n           IF(OFFSET(PLE!$G$15,$M100-$A$15,BE$13)=\"\",10^12,OFFSET(PLE!$G$15,$M100-$A$15,BE$13)))","v":1000000000000},{"$f":"IF(OR($D100<>\"Serviço\",AND(AUTOEVENTO=\"Manual\",$M100=$A$15),$M100>(ROW(PLE.lastrow)-ROW(PLE.firstrow))),0,\n           IF(OFFSET(PLE!$G$15,$M100-$A$15,BF$13)=\"\",10^12,OFFSET(PLE!$G$15,$M100-$A$15,BF$13)))","v":1000000000000},{"$f":"IF(OR($D100<>\"Serviço\",AND(AUTOEVENTO=\"Manual\",$M100=$A$15),$M100>(ROW(PLE.lastrow)-ROW(PLE.firstrow))),0,\n           IF(OFFSET(PLE!$G$15,$M100-$A$15,BG$13)=\"\",10^12,OFFSET(PLE!$G$15,$M100-$A$15,BG$13)))","v":1000000000000}]
["10",{"$f":"OFFSET(ORÇAMENTO!C$15,ROW(B101)-ROW(B$15),0)","v":"S"},{"$f":"OFFSET(ORÇAMENTO!L$15,ROW(C101)-ROW(C$15),0)","v":""},{"$f":"OFFSET(ORÇAMENTO!N$15,ROW(D101)-ROW(D$15),0)","v":"Serviço"},{"$f":"OFFSET(ORÇAMENTO!O$15,ROW(E101)-ROW(E$15),0)","v":"-"},{"$f":"OFFSET(ORÇAMENTO!R$15,ROW(F101)-ROW(F$15),0)","v":"(Sem Código)"},{"$f":"IF($D101<>\"Serviço\",\"\",OFFSET(ORÇAMENTO!S$15,ROW(G101)-ROW(G$15),0))","v":"-"},{"$f":"IF($D101<>\"Serviço\",0,IF(ACOMPANHAMENTO=\"BM\",ROUND(OFFSET(ORÇAMENTO!AJ$15,ROW(H101)-ROW(H$15),0),15-13*ORÇAMENTO!$AF$7),SUMPRODUCT(($Q$1:$AA$1=1)*ROUND($Q101:$AA101,15-13*ORÇAMENTO!$AF$7))))","v":0},null,{"$f":"IF(OR(B101<>\"S\",CÁLCULO.FrentesPreenchidas=0),\"\",IF(AND(ACOMPANHAMENTO=\"PLE\",AUTOEVENTO=\"Manual\",OR(H101>0,ORÇAMENTO!AC101=\"QUANT.\"),OR(K101=\"\",M101=0,N101=\"\")),\"►E\",IF(AND(ACOMPANHAMENTO=\"PLE\",ORÇAMENTO!AC101=\"QUANT.\"),\"►Q\",IF(AND(ACOMPANHAMENTO=\"PLE\",H101<>SUMPRODUCT(($Q$1:$AA$1=1)*ROUND(Q101:AA101,15))),\"►S\",IF(AND(COUNTIF($P$11:$AA$11,\"▼\")=0,H101>0,I101=\"\"),\"◄M\",\"\")))))","v":{"$error":"#NAME?"}},null,".",{"$f":"IF($D101<>\"Serviço\",\"\",\n          IF(AUTOEVENTO=\"manual\",$A101,\n                IF(ISERROR(MATCH($A101,$A$15:OFFSET($A101,-1,0),0)),MAX($M$15:OFFSET(M101,-1,0))+1,\n                      INDEX($M$15:OFFSET(M101,-1,0),MATCH($A101,$A$15:OFFSET($A101,-1,0),0)))))","v":2},{"$f":"IF($D101<>\"Serviço\",\"\",\n         IF(AUTOEVENTO=\"Manual\",\n                IF($A101=0,\"<-- defina o número do agrupador\",\n                       OFFSET(EVENTOS!$D$15,$A101-$A$15,0)),\n                OFFSET($F$15,$A101,0)))","v":"REDE DE DISTRUIBUIÇÃO"},null,null,null,null,null,null,null,null,null,null,null,null,null,{"$f":"IF(AND($D101=\"Serviço\",AB$12<>0,$H101>0,OR(AUTOEVENTO<>\"manual\",$M101<>$A$15)),\n        IF(Import.TipoArredondamento<>\"TransfereGOV\",\n              ROUND(OFFSET($P101,0,AB$13),15-13*ORÇAMENTO!$AF$7)/$H101*OFFSET(ORÇAMENTO!$X$15,ROW(AB101)-ROW(AB$15),0),\n              ROUND(ROUND(OFFSET($P101,0,AB$13),15-13*ORÇAMENTO!$AF$7)*OFFSET(ORÇAMENTO!$W$15,ROW(AB101)-ROW(AB$15),0),15-13*ORÇAMENTO!$AF$11)),\n         0)","v":0},{"$f":"IF(AND($D101=\"Serviço\",AC$12<>0,$H101>0,OR(AUTOEVENTO<>\"manual\",$M101<>$A$15)),\n        IF(Import.TipoArredondamento<>\"TransfereGOV\",\n              ROUND(OFFSET($P101,0,AC$13),15-13*ORÇAMENTO!$AF$7)/$H101*OFFSET(ORÇAMENTO!$X$15,ROW(AC101)-ROW(AC$15),0),\n              ROUND(ROUND(OFFSET($P101,0,AC$13),15-13*ORÇAMENTO!$AF$7)*OFFSET(ORÇAMENTO!$W$15,ROW(AC101)-ROW(AC$15),0),15-13*ORÇAMENTO!$AF$11)),\n         0)","v":0},{"$f":"IF(AND($D101=\"Serviço\",AD$12<>0,$H101>0,OR(AUTOEVENTO<>\"manual\",$M101<>$A$15)),\n        IF(Import.TipoArredondamento<>\"TransfereGOV\",\n              ROUND(OFFSET($P101,0,AD$13),15-13*ORÇAMENTO!$AF$7)/$H101*OFFSET(ORÇAMENTO!$X$15,ROW(AD101)-ROW(AD$15),0),\n              ROUND(ROUND(OFFSET($P101,0,AD$13),15-13*ORÇAMENTO!$AF$7)*OFFSET(ORÇAMENTO!$W$15,ROW(AD101)-ROW(AD$15),0),15-13*ORÇAMENTO!$AF$11)),\n         0)","v":0},{"$f":"IF(AND($D101=\"Serviço\",AE$12<>0,$H101>0,OR(AUTOEVENTO<>\"manual\",$M101<>$A$15)),\n        IF(Import.TipoArredondamento<>\"TransfereGOV\",\n              ROUND(OFFSET($P101,0,AE$13),15-13*ORÇAMENTO!$AF$7)/$H101*OFFSET(ORÇAMENTO!$X$15,ROW(AE101)-ROW(AE$15),0),\n              ROUND(ROUND(OFFSET($P101,0,AE$13),15-13*ORÇAMENTO!$AF$7)*OFFSET(ORÇAMENTO!$W$15,ROW(AE101)-ROW(AE$15),0),15-13*ORÇAMENTO!$AF$11)),\n         0)","v":0},{"$f":"IF(AND($D101=\"Serviço\",AF$12<>0,$H101>0,OR(AUTOEVENTO<>\"manual\",$M101<>$A$15)),\n        IF(Import.TipoArredondamento<>\"TransfereGOV\",\n              ROUND(OFFSET($P101,0,AF$13),15-13*ORÇAMENTO!$AF$7)/$H101*OFFSET(ORÇAMENTO!$X$15,ROW(AF101)-ROW(AF$15),0),\n              ROUND(ROUND(OFFSET($P101,0,AF$13),15-13*ORÇAMENTO!$AF$7)*OFFSET(ORÇAMENTO!$W$15,ROW(AF101)-ROW(AF$15),0),15-13*ORÇAMENTO!$AF$11)),\n         0)","v":0},{"$f":"IF(AND($D101=\"Serviço\",AG$12<>0,$H101>0,OR(AUTOEVENTO<>\"manual\",$M101<>$A$15)),\n        IF(Import.TipoArredondamento<>\"TransfereGOV\",\n              ROUND(OFFSET($P101,0,AG$13),15-13*ORÇAMENTO!$AF$7)/$H101*OFFSET(ORÇAMENTO!$X$15,ROW(AG101)-ROW(AG$15),0),\n              ROUND(ROUND(OFFSET($P101,0,AG$13),15-13*ORÇAMENTO!$AF$7)*OFFSET(ORÇAMENTO!$W$15,ROW(AG101)-ROW(AG$15),0),15-13*ORÇAMENTO!$AF$11)),\n         0)","v":0},{"$f":"IF(AND($D101=\"Serviço\",AH$12<>0,$H101>0,OR(AUTOEVENTO<>\"manual\",$M101<>$A$15)),\n        IF(Import.TipoArredondamento<>\"TransfereGOV\",\n              ROUND(OFFSET($P101,0,AH$13),15-13*ORÇAMENTO!$AF$7)/$H101*OFFSET(ORÇAMENTO!$X$15,ROW(AH101)-ROW(AH$15),0),\n              ROUND(ROUND(OFFSET($P101,0,AH$13),15-13*ORÇAMENTO!$AF$7)*OFFSET(ORÇAMENTO!$W$15,ROW(AH101)-ROW(AH$15),0),15-13*ORÇAMENTO!$AF$11)),\n         0)","v":0},{"$f":"IF(AND($D101=\"Serviço\",AI$12<>0,$H101>0,OR(AUTOEVENTO<>\"manual\",$M101<>$A$15)),\n        IF(Import.TipoArredondamento<>\"TransfereGOV\",\n              ROUND(OFFSET($P101,0,AI$13),15-13*ORÇAMENTO!$AF$7)/$H101*OFFSET(ORÇAMENTO!$X$15,ROW(AI101)-ROW(AI$15),0),\n              ROUND(ROUND(OFFSET($P101,0,AI$13),15-13*ORÇAMENTO!$AF$7)*OFFSET(ORÇAMENTO!$W$15,ROW(AI101)-ROW(AI$15),0),15-13*ORÇAMENTO!$AF$11)),\n         0)","v":0},{"$f":"IF(AND($D101=\"Serviço\",AJ$12<>0,$H101>0,OR(AUTOEVENTO<>\"manual\",$M101<>$A$15)),\n        IF(Import.TipoArredondamento<>\"TransfereGOV\",\n              ROUND(OFFSET($P101,0,AJ$13),15-13*ORÇAMENTO!$AF$7)/$H101*OFFSET(ORÇAMENTO!$X$15,ROW(AJ101)-ROW(AJ$15),0),\n              ROUND(ROUND(OFFSET($P101,0,AJ$13),15-13*ORÇAMENTO!$AF$7)*OFFSET(ORÇAMENTO!$W$15,ROW(AJ101)-ROW(AJ$15),0),15-13*ORÇAMENTO!$AF$11)),\n         0)","v":0},{"$f":"IF(AND($D101=\"Serviço\",AK$12<>0,$H101>0,OR(AUTOEVENTO<>\"manual\",$M101<>$A$15)),\n        IF(Import.TipoArredondamento<>\"TransfereGOV\",\n              ROUND(OFFSET($P101,0,AK$13),15-13*ORÇAMENTO!$AF$7)/$H101*OFFSET(ORÇAMENTO!$X$15,ROW(AK101)-ROW(AK$15),0),\n              ROUND(ROUND(OFFSET($P101,0,AK$13),15-13*ORÇAMENTO!$AF$7)*OFFSET(ORÇAMENTO!$W$15,ROW(AK101)-ROW(AK$15),0),15-13*ORÇAMENTO!$AF$11)),\n         0)","v":0},null,{"$f":"IF(OR($D101<>\"Serviço\",AND(AUTOEVENTO=\"Manual\",$M101=$A$15)),0,\n         IF(OFFSET(CRONOPLE!$F$15,$M101-$A$15,AM$13)=0,10^12,OFFSET(CRONOPLE!$F$15,$M101-$A$15,AM$13)))","v":1},{"$f":"IF(OR($D101<>\"Serviço\",AND(AUTOEVENTO=\"Manual\",$M101=$A$15)),0,\n         IF(OFFSET(CRONOPLE!$F$15,$M101-$A$15,AN$13)=0,10^12,OFFSET(CRONOPLE!$F$15,$M101-$A$15,AN$13)))","v":2},{"$f":"IF(OR($D101<>\"Serviço\",AND(AUTOEVENTO=\"Manual\",$M101=$A$15)),0,\n         IF(OFFSET(CRONOPLE!$F$15,$M101-$A$15,AO$13)=0,10^12,OFFSET(CRONOPLE!$F$15,$M101-$A$15,AO$13)))","v":1000000000000},{"$f":"IF(OR($D101<>\"Serviço\",AND(AUTOEVENTO=\"Manual\",$M101=$A$15)),0,\n         IF(OFFSET(CRONOPLE!$F$15,$M101-$A$15,AP$13)=0,10^12,OFFSET(CRONOPLE!$F$15,$M101-$A$15,AP$13)))","v":1000000000000},{"$f":"IF(OR($D101<>\"Serviço\",AND(AUTOEVENTO=\"Manual\",$M101=$A$15)),0,\n         IF(OFFSET(CRONOPLE!$F$15,$M101-$A$15,AQ$13)=0,10^12,OFFSET(CRONOPLE!$F$15,$M101-$A$15,AQ$13)))","v":1000000000000},{"$f":"IF(OR($D101<>\"Serviço\",AND(AUTOEVENTO=\"Manual\",$M101=$A$15)),0,\n         IF(OFFSET(CRONOPLE!$F$15,$M101-$A$15,AR$13)=0,10^12,OFFSET(CRONOPLE!$F$15,$M101-$A$15,AR$13)))","v":1000000000000},{"$f":"IF(OR($D101<>\"Serviço\",AND(AUTOEVENTO=\"Manual\",$M101=$A$15)),0,\n         IF(OFFSET(CRONOPLE!$F$15,$M101-$A$15,AS$13)=0,10^12,OFFSET(CRONOPLE!$F$15,$M101-$A$15,AS$13)))","v":1000000000000},{"$f":"IF(OR($D101<>\"Serviço\",AND(AUTOEVENTO=\"Manual\",$M101=$A$15)),0,\n         IF(OFFSET(CRONOPLE!$F$15,$M101-$A$15,AT$13)=0,10^12,OFFSET(CRONOPLE!$F$15,$M101-$A$15,AT$13)))","v":1000000000000},{"$f":"IF(OR($D101<>\"Serviço\",AND(AUTOEVENTO=\"Manual\",$M101=$A$15)),0,\n         IF(OFFSET(CRONOPLE!$F$15,$M101-$A$15,AU$13)=0,10^12,OFFSET(CRONOPLE!$F$15,$M101-$A$15,AU$13)))","v":1000000000000},{"$f":"IF(OR($D101<>\"Serviço\",AND(AUTOEVENTO=\"Manual\",$M101=$A$15)),0,\n         IF(OFFSET(CRONOPLE!$F$15,$M101-$A$15,AV$13)=0,10^12,OFFSET(CRONOPLE!$F$15,$M101-$A$15,AV$13)))","v":1000000000000},null,{"$f":"IF(OR($D101<>\"Serviço\",AND(AUTOEVENTO=\"Manual\",$M101=$A$15),$M101>(ROW(PLE.lastrow)-ROW(PLE.firstrow))),0,\n           IF(OFFSET(PLE!$G$15,$M101-$A$15,AX$13)=\"\",10^12,OFFSET(PLE!$G$15,$M101-$A$15,AX$13)))","v":1000000000000},{"$f":"IF(OR($D101<>\"Serviço\",AND(AUTOEVENTO=\"Manual\",$M101=$A$15),$M101>(ROW(PLE.lastrow)-ROW(PLE.firstrow))),0,\n           IF(OFFSET(PLE!$G$15,$M101-$A$15,AY$13)=\"\",10^12,OFFSET(PLE!$G$15,$M101-$A$15,AY$13)))","v":1000000000000},{"$f":"IF(OR($D101<>\"Serviço\",AND(AUTOEVENTO=\"Manual\",$M101=$A$15),$M101>(ROW(PLE.lastrow)-ROW(PLE.firstrow))),0,\n           IF(OFFSET(PLE!$G$15,$M101-$A$15,AZ$13)=\"\",10^12,OFFSET(PLE!$G$15,$M101-$A$15,AZ$13)))","v":1000000000000},{"$f":"IF(OR($D101<>\"Serviço\",AND(AUTOEVENTO=\"Manual\",$M101=$A$15),$M101>(ROW(PLE.lastrow)-ROW(PLE.firstrow))),0,\n           IF(OFFSET(PLE!$G$15,$M101-$A$15,BA$13)=\"\",10^12,OFFSET(PLE!$G$15,$M101-$A$15,BA$13)))","v":1000000000000},{"$f":"IF(OR($D101<>\"Serviço\",AND(AUTOEVENTO=\"Manual\",$M101=$A$15),$M101>(ROW(PLE.lastrow)-ROW(PLE.firstrow))),0,\n           IF(OFFSET(PLE!$G$15,$M101-$A$15,BB$13)=\"\",10^12,OFFSET(PLE!$G$15,$M101-$A$15,BB$13)))","v":1000000000000},{"$f":"IF(OR($D101<>\"Serviço\",AND(AUTOEVENTO=\"Manual\",$M101=$A$15),$M101>(ROW(PLE.lastrow)-ROW(PLE.firstrow))),0,\n           IF(OFFSET(PLE!$G$15,$M101-$A$15,BC$13)=\"\",10^12,OFFSET(PLE!$G$15,$M101-$A$15,BC$13)))","v":1000000000000},{"$f":"IF(OR($D101<>\"Serviço\",AND(AUTOEVENTO=\"Manual\",$M101=$A$15),$M101>(ROW(PLE.lastrow)-ROW(PLE.firstrow))),0,\n           IF(OFFSET(PLE!$G$15,$M101-$A$15,BD$13)=\"\",10^12,OFFSET(PLE!$G$15,$M101-$A$15,BD$13)))","v":1000000000000},{"$f":"IF(OR($D101<>\"Serviço\",AND(AUTOEVENTO=\"Manual\",$M101=$A$15),$M101>(ROW(PLE.lastrow)-ROW(PLE.firstrow))),0,\n           IF(OFFSET(PLE!$G$15,$M101-$A$15,BE$13)=\"\",10^12,OFFSET(PLE!$G$15,$M101-$A$15,BE$13)))","v":1000000000000},{"$f":"IF(OR($D101<>\"Serviço\",AND(AUTOEVENTO=\"Manual\",$M101=$A$15),$M101>(ROW(PLE.lastrow)-ROW(PLE.firstrow))),0,\n           IF(OFFSET(PLE!$G$15,$M101-$A$15,BF$13)=\"\",10^12,OFFSET(PLE!$G$15,$M101-$A$15,BF$13)))","v":1000000000000},{"$f":"IF(OR($D101<>\"Serviço\",AND(AUTOEVENTO=\"Manual\",$M101=$A$15),$M101>(ROW(PLE.lastrow)-ROW(PLE.firstrow))),0,\n           IF(OFFSET(PLE!$G$15,$M101-$A$15,BG$13)=\"\",10^12,OFFSET(PLE!$G$15,$M101-$A$15,BG$13)))","v":1000000000000}]
["10",{"$f":"OFFSET(ORÇAMENTO!C$15,ROW(B102)-ROW(B$15),0)","v":"S"},{"$f":"OFFSET(ORÇAMENTO!L$15,ROW(C102)-ROW(C$15),0)","v":""},{"$f":"OFFSET(ORÇAMENTO!N$15,ROW(D102)-ROW(D$15),0)","v":"Serviço"},{"$f":"OFFSET(ORÇAMENTO!O$15,ROW(E102)-ROW(E$15),0)","v":"-"},{"$f":"OFFSET(ORÇAMENTO!R$15,ROW(F102)-ROW(F$15),0)","v":"(Sem Código)"},{"$f":"IF($D102<>\"Serviço\",\"\",OFFSET(ORÇAMENTO!S$15,ROW(G102)-ROW(G$15),0))","v":"-"},{"$f":"IF($D102<>\"Serviço\",0,IF(ACOMPANHAMENTO=\"BM\",ROUND(OFFSET(ORÇAMENTO!AJ$15,ROW(H102)-ROW(H$15),0),15-13*ORÇAMENTO!$AF$7),SUMPRODUCT(($Q$1:$AA$1=1)*ROUND($Q102:$AA102,15-13*ORÇAMENTO!$AF$7))))","v":0},null,{"$f":"IF(OR(B102<>\"S\",CÁLCULO.FrentesPreenchidas=0),\"\",IF(AND(ACOMPANHAMENTO=\"PLE\",AUTOEVENTO=\"Manual\",OR(H102>0,ORÇAMENTO!AC102=\"QUANT.\"),OR(K102=\"\",M102=0,N102=\"\")),\"►E\",IF(AND(ACOMPANHAMENTO=\"PLE\",ORÇAMENTO!AC102=\"QUANT.\"),\"►Q\",IF(AND(ACOMPANHAMENTO=\"PLE\",H102<>SUMPRODUCT(($Q$1:$AA$1=1)*ROUND(Q102:AA102,15))),\"►S\",IF(AND(COUNTIF($P$11:$AA$11,\"▼\")=0,H102>0,I102=\"\"),\"◄M\",\"\")))))","v":{"$error":"#NAME?"}},null,".",{"$f":"IF($D102<>\"Serviço\",\"\",\n          IF(AUTOEVENTO=\"manual\",$A102,\n                IF(ISERROR(MATCH($A102,$A$15:OFFSET($A102,-1,0),0)),MAX($M$15:OFFSET(M102,-1,0))+1,\n                      INDEX($M$15:OFFSET(M102,-1,0),MATCH($A102,$A$15:OFFSET($A102,-1,0),0)))))","v":2},{"$f":"IF($D102<>\"Serviço\",\"\",\n         IF(AUTOEVENTO=\"Manual\",\n                IF($A102=0,\"<-- defina o número do agrupador\",\n                       OFFSET(EVENTOS!$D$15,$A102-$A$15,0)),\n                OFFSET($F$15,$A102,0)))","v":"REDE DE DISTRUIBUIÇÃO"},null,null,null,null,null,null,null,null,null,null,null,null,null,{"$f":"IF(AND($D102=\"Serviço\",AB$12<>0,$H102>0,OR(AUTOEVENTO<>\"manual\",$M102<>$A$15)),\n        IF(Import.TipoArredondamento<>\"TransfereGOV\",\n              ROUND(OFFSET($P102,0,AB$13),15-13*ORÇAMENTO!$AF$7)/$H102*OFFSET(ORÇAMENTO!$X$15,ROW(AB102)-ROW(AB$15),0),\n              ROUND(ROUND(OFFSET($P102,0,AB$13),15-13*ORÇAMENTO!$AF$7)*OFFSET(ORÇAMENTO!$W$15,ROW(AB102)-ROW(AB$15),0),15-13*ORÇAMENTO!$AF$11)),\n         0)","v":0},{"$f":"IF(AND($D102=\"Serviço\",AC$12<>0,$H102>0,OR(AUTOEVENTO<>\"manual\",$M102<>$A$15)),\n        IF(Import.TipoArredondamento<>\"TransfereGOV\",\n              ROUND(OFFSET($P102,0,AC$13),15-13*ORÇAMENTO!$AF$7)/$H102*OFFSET(ORÇAMENTO!$X$15,ROW(AC102)-ROW(AC$15),0),\n              ROUND(ROUND(OFFSET($P102,0,AC$13),15-13*ORÇAMENTO!$AF$7)*OFFSET(ORÇAMENTO!$W$15,ROW(AC102)-ROW(AC$15),0),15-13*ORÇAMENTO!$AF$11)),\n         0)","v":0},{"$f":"IF(AND($D102=\"Serviço\",AD$12<>0,$H102>0,OR(AUTOEVENTO<>\"manual\",$M102<>$A$15)),\n        IF(Import.TipoArredondamento<>\"TransfereGOV\",\n              ROUND(OFFSET($P102,0,AD$13),15-13*ORÇAMENTO!$AF$7)/$H102*OFFSET(ORÇAMENTO!$X$15,ROW(AD102)-ROW(AD$15),0),\n              ROUND(ROUND(OFFSET($P102,0,AD$13),15-13*ORÇAMENTO!$AF$7)*OFFSET(ORÇAMENTO!$W$15,ROW(AD102)-ROW(AD$15),0),15-13*ORÇAMENTO!$AF$11)),\n         0)","v":0},{"$f":"IF(AND($D102=\"Serviço\",AE$12<>0,$H102>0,OR(AUTOEVENTO<>\"manual\",$M102<>$A$15)),\n        IF(Import.TipoArredondamento<>\"TransfereGOV\",\n              ROUND(OFFSET($P102,0,AE$13),15-13*ORÇAMENTO!$AF$7)/$H102*OFFSET(ORÇAMENTO!$X$15,ROW(AE102)-ROW(AE$15),0),\n              ROUND(ROUND(OFFSET($P102,0,AE$13),15-13*ORÇAMENTO!$AF$7)*OFFSET(ORÇAMENTO!$W$15,ROW(AE102)-ROW(AE$15),0),15-13*ORÇAMENTO!$AF$11)),\n         0)","v":0},{"$f":"IF(AND($D102=\"Serviço\",AF$12<>0,$H102>0,OR(AUTOEVENTO<>\"manual\",$M102<>$A$15)),\n        IF(Import.TipoArredondamento<>\"TransfereGOV\",\n              ROUND(OFFSET($P102,0,AF$13),15-13*ORÇAMENTO!$AF$7)/$H102*OFFSET(ORÇAMENTO!$X$15,ROW(AF102)-ROW(AF$15),0),\n              ROUND(ROUND(OFFSET($P102,0,AF$13),15-13*ORÇAMENTO!$AF$7)*OFFSET(ORÇAMENTO!$W$15,ROW(AF102)-ROW(AF$15),0),15-13*ORÇAMENTO!$AF$11)),\n         0)","v":0},{"$f":"IF(AND($D102=\"Serviço\",AG$12<>0,$H102>0,OR(AUTOEVENTO<>\"manual\",$M102<>$A$15)),\n        IF(Import.TipoArredondamento<>\"TransfereGOV\",\n              ROUND(OFFSET($P102,0,AG$13),15-13*ORÇAMENTO!$AF$7)/$H102*OFFSET(ORÇAMENTO!$X$15,ROW(AG102)-ROW(AG$15),0),\n              ROUND(ROUND(OFFSET($P102,0,AG$13),15-13*ORÇAMENTO!$AF$7)*OFFSET(ORÇAMENTO!$W$15,ROW(AG102)-ROW(AG$15),0),15-13*ORÇAMENTO!$AF$11)),\n         0)","v":0},{"$f":"IF(AND($D102=\"Serviço\",AH$12<>0,$H102>0,OR(AUTOEVENTO<>\"manual\",$M102<>$A$15)),\n        IF(Import.TipoArredondamento<>\"TransfereGOV\",\n              ROUND(OFFSET($P102,0,AH$13),15-13*ORÇAMENTO!$AF$7)/$H102*OFFSET(ORÇAMENTO!$X$15,ROW(AH102)-ROW(AH$15),0),\n              ROUND(ROUND(OFFSET($P102,0,AH$13),15-13*ORÇAMENTO!$AF$7)*OFFSET(ORÇAMENTO!$W$15,ROW(AH102)-ROW(AH$15),0),15-13*ORÇAMENTO!$AF$11)),\n         0)","v":0},{"$f":"IF(AND($D102=\"Serviço\",AI$12<>0,$H102>0,OR(AUTOEVENTO<>\"manual\",$M102<>$A$15)),\n        IF(Import.TipoArredondamento<>\"TransfereGOV\",\n              ROUND(OFFSET($P102,0,AI$13),15-13*ORÇAMENTO!$AF$7)/$H102*OFFSET(ORÇAMENTO!$X$15,ROW(AI102)-ROW(AI$15),0),\n              ROUND(ROUND(OFFSET($P102,0,AI$13),15-13*ORÇAMENTO!$AF$7)*OFFSET(ORÇAMENTO!$W$15,ROW(AI102)-ROW(AI$15),0),15-13*ORÇAMENTO!$AF$11)),\n         0)","v":0},{"$f":"IF(AND($D102=\"Serviço\",AJ$12<>0,$H102>0,OR(AUTOEVENTO<>\"manual\",$M102<>$A$15)),\n        IF(Import.TipoArredondamento<>\"TransfereGOV\",\n              ROUND(OFFSET($P102,0,AJ$13),15-13*ORÇAMENTO!$AF$7)/$H102*OFFSET(ORÇAMENTO!$X$15,ROW(AJ102)-ROW(AJ$15),0),\n              ROUND(ROUND(OFFSET($P102,0,AJ$13),15-13*ORÇAMENTO!$AF$7)*OFFSET(ORÇAMENTO!$W$15,ROW(AJ102)-ROW(AJ$15),0),15-13*ORÇAMENTO!$AF$11)),\n         0)","v":0},{"$f":"IF(AND($D102=\"Serviço\",AK$12<>0,$H102>0,OR(AUTOEVENTO<>\"manual\",$M102<>$A$15)),\n        IF(Import.TipoArredondamento<>\"TransfereGOV\",\n              ROUND(OFFSET($P102,0,AK$13),15-13*ORÇAMENTO!$AF$7)/$H102*OFFSET(ORÇAMENTO!$X$15,ROW(AK102)-ROW(AK$15),0),\n              ROUND(ROUND(OFFSET($P102,0,AK$13),15-13*ORÇAMENTO!$AF$7)*OFFSET(ORÇAMENTO!$W$15,ROW(AK102)-ROW(AK$15),0),15-13*ORÇAMENTO!$AF$11)),\n         0)","v":0},null,{"$f":"IF(OR($D102<>\"Serviço\",AND(AUTOEVENTO=\"Manual\",$M102=$A$15)),0,\n         IF(OFFSET(CRONOPLE!$F$15,$M102-$A$15,AM$13)=0,10^12,OFFSET(CRONOPLE!$F$15,$M102-$A$15,AM$13)))","v":1},{"$f":"IF(OR($D102<>\"Serviço\",AND(AUTOEVENTO=\"Manual\",$M102=$A$15)),0,\n         IF(OFFSET(CRONOPLE!$F$15,$M102-$A$15,AN$13)=0,10^12,OFFSET(CRONOPLE!$F$15,$M102-$A$15,AN$13)))","v":2},{"$f":"IF(OR($D102<>\"Serviço\",AND(AUTOEVENTO=\"Manual\",$M102=$A$15)),0,\n         IF(OFFSET(CRONOPLE!$F$15,$M102-$A$15,AO$13)=0,10^12,OFFSET(CRONOPLE!$F$15,$M102-$A$15,AO$13)))","v":1000000000000},{"$f":"IF(OR($D102<>\"Serviço\",AND(AUTOEVENTO=\"Manual\",$M102=$A$15)),0,\n         IF(OFFSET(CRONOPLE!$F$15,$M102-$A$15,AP$13)=0,10^12,OFFSET(CRONOPLE!$F$15,$M102-$A$15,AP$13)))","v":1000000000000},{"$f":"IF(OR($D102<>\"Serviço\",AND(AUTOEVENTO=\"Manual\",$M102=$A$15)),0,\n         IF(OFFSET(CRONOPLE!$F$15,$M102-$A$15,AQ$13)=0,10^12,OFFSET(CRONOPLE!$F$15,$M102-$A$15,AQ$13)))","v":1000000000000},{"$f":"IF(OR($D102<>\"Serviço\",AND(AUTOEVENTO=\"Manual\",$M102=$A$15)),0,\n         IF(OFFSET(CRONOPLE!$F$15,$M102-$A$15,AR$13)=0,10^12,OFFSET(CRONOPLE!$F$15,$M102-$A$15,AR$13)))","v":1000000000000},{"$f":"IF(OR($D102<>\"Serviço\",AND(AUTOEVENTO=\"Manual\",$M102=$A$15)),0,\n         IF(OFFSET(CRONOPLE!$F$15,$M102-$A$15,AS$13)=0,10^12,OFFSET(CRONOPLE!$F$15,$M102-$A$15,AS$13)))","v":1000000000000},{"$f":"IF(OR($D102<>\"Serviço\",AND(AUTOEVENTO=\"Manual\",$M102=$A$15)),0,\n         IF(OFFSET(CRONOPLE!$F$15,$M102-$A$15,AT$13)=0,10^12,OFFSET(CRONOPLE!$F$15,$M102-$A$15,AT$13)))","v":1000000000000},{"$f":"IF(OR($D102<>\"Serviço\",AND(AUTOEVENTO=\"Manual\",$M102=$A$15)),0,\n         IF(OFFSET(CRONOPLE!$F$15,$M102-$A$15,AU$13)=0,10^12,OFFSET(CRONOPLE!$F$15,$M102-$A$15,AU$13)))","v":1000000000000},{"$f":"IF(OR($D102<>\"Serviço\",AND(AUTOEVENTO=\"Manual\",$M102=$A$15)),0,\n         IF(OFFSET(CRONOPLE!$F$15,$M102-$A$15,AV$13)=0,10^12,OFFSET(CRONOPLE!$F$15,$M102-$A$15,AV$13)))","v":1000000000000},null,{"$f":"IF(OR($D102<>\"Serviço\",AND(AUTOEVENTO=\"Manual\",$M102=$A$15),$M102>(ROW(PLE.lastrow)-ROW(PLE.firstrow))),0,\n           IF(OFFSET(PLE!$G$15,$M102-$A$15,AX$13)=\"\",10^12,OFFSET(PLE!$G$15,$M102-$A$15,AX$13)))","v":1000000000000},{"$f":"IF(OR($D102<>\"Serviço\",AND(AUTOEVENTO=\"Manual\",$M102=$A$15),$M102>(ROW(PLE.lastrow)-ROW(PLE.firstrow))),0,\n           IF(OFFSET(PLE!$G$15,$M102-$A$15,AY$13)=\"\",10^12,OFFSET(PLE!$G$15,$M102-$A$15,AY$13)))","v":1000000000000},{"$f":"IF(OR($D102<>\"Serviço\",AND(AUTOEVENTO=\"Manual\",$M102=$A$15),$M102>(ROW(PLE.lastrow)-ROW(PLE.firstrow))),0,\n           IF(OFFSET(PLE!$G$15,$M102-$A$15,AZ$13)=\"\",10^12,OFFSET(PLE!$G$15,$M102-$A$15,AZ$13)))","v":1000000000000},{"$f":"IF(OR($D102<>\"Serviço\",AND(AUTOEVENTO=\"Manual\",$M102=$A$15),$M102>(ROW(PLE.lastrow)-ROW(PLE.firstrow))),0,\n           IF(OFFSET(PLE!$G$15,$M102-$A$15,BA$13)=\"\",10^12,OFFSET(PLE!$G$15,$M102-$A$15,BA$13)))","v":1000000000000},{"$f":"IF(OR($D102<>\"Serviço\",AND(AUTOEVENTO=\"Manual\",$M102=$A$15),$M102>(ROW(PLE.lastrow)-ROW(PLE.firstrow))),0,\n           IF(OFFSET(PLE!$G$15,$M102-$A$15,BB$13)=\"\",10^12,OFFSET(PLE!$G$15,$M102-$A$15,BB$13)))","v":1000000000000},{"$f":"IF(OR($D102<>\"Serviço\",AND(AUTOEVENTO=\"Manual\",$M102=$A$15),$M102>(ROW(PLE.lastrow)-ROW(PLE.firstrow))),0,\n           IF(OFFSET(PLE!$G$15,$M102-$A$15,BC$13)=\"\",10^12,OFFSET(PLE!$G$15,$M102-$A$15,BC$13)))","v":1000000000000},{"$f":"IF(OR($D102<>\"Serviço\",AND(AUTOEVENTO=\"Manual\",$M102=$A$15),$M102>(ROW(PLE.lastrow)-ROW(PLE.firstrow))),0,\n           IF(OFFSET(PLE!$G$15,$M102-$A$15,BD$13)=\"\",10^12,OFFSET(PLE!$G$15,$M102-$A$15,BD$13)))","v":1000000000000},{"$f":"IF(OR($D102<>\"Serviço\",AND(AUTOEVENTO=\"Manual\",$M102=$A$15),$M102>(ROW(PLE.lastrow)-ROW(PLE.firstrow))),0,\n           IF(OFFSET(PLE!$G$15,$M102-$A$15,BE$13)=\"\",10^12,OFFSET(PLE!$G$15,$M102-$A$15,BE$13)))","v":1000000000000},{"$f":"IF(OR($D102<>\"Serviço\",AND(AUTOEVENTO=\"Manual\",$M102=$A$15),$M102>(ROW(PLE.lastrow)-ROW(PLE.firstrow))),0,\n           IF(OFFSET(PLE!$G$15,$M102-$A$15,BF$13)=\"\",10^12,OFFSET(PLE!$G$15,$M102-$A$15,BF$13)))","v":1000000000000},{"$f":"IF(OR($D102<>\"Serviço\",AND(AUTOEVENTO=\"Manual\",$M102=$A$15),$M102>(ROW(PLE.lastrow)-ROW(PLE.firstrow))),0,\n           IF(OFFSET(PLE!$G$15,$M102-$A$15,BG$13)=\"\",10^12,OFFSET(PLE!$G$15,$M102-$A$15,BG$13)))","v":1000000000000}]
["10",{"$f":"OFFSET(ORÇAMENTO!C$15,ROW(B103)-ROW(B$15),0)","v":"S"},{"$f":"OFFSET(ORÇAMENTO!L$15,ROW(C103)-ROW(C$15),0)","v":""},{"$f":"OFFSET(ORÇAMENTO!N$15,ROW(D103)-ROW(D$15),0)","v":"Serviço"},{"$f":"OFFSET(ORÇAMENTO!O$15,ROW(E103)-ROW(E$15),0)","v":"-"},{"$f":"OFFSET(ORÇAMENTO!R$15,ROW(F103)-ROW(F$15),0)","v":"(Sem Código)"},{"$f":"IF($D103<>\"Serviço\",\"\",OFFSET(ORÇAMENTO!S$15,ROW(G103)-ROW(G$15),0))","v":"-"},{"$f":"IF($D103<>\"Serviço\",0,IF(ACOMPANHAMENTO=\"BM\",ROUND(OFFSET(ORÇAMENTO!AJ$15,ROW(H103)-ROW(H$15),0),15-13*ORÇAMENTO!$AF$7),SUMPRODUCT(($Q$1:$AA$1=1)*ROUND($Q103:$AA103,15-13*ORÇAMENTO!$AF$7))))","v":0},null,{"$f":"IF(OR(B103<>\"S\",CÁLCULO.FrentesPreenchidas=0),\"\",IF(AND(ACOMPANHAMENTO=\"PLE\",AUTOEVENTO=\"Manual\",OR(H103>0,ORÇAMENTO!AC103=\"QUANT.\"),OR(K103=\"\",M103=0,N103=\"\")),\"►E\",IF(AND(ACOMPANHAMENTO=\"PLE\",ORÇAMENTO!AC103=\"QUANT.\"),\"►Q\",IF(AND(ACOMPANHAMENTO=\"PLE\",H103<>SUMPRODUCT(($Q$1:$AA$1=1)*ROUND(Q103:AA103,15))),\"►S\",IF(AND(COUNTIF($P$11:$AA$11,\"▼\")=0,H103>0,I103=\"\"),\"◄M\",\"\")))))","v":{"$error":"#NAME?"}},null,".",{"$f":"IF($D103<>\"Serviço\",\"\",\n          IF(AUTOEVENTO=\"manual\",$A103,\n                IF(ISERROR(MATCH($A103,$A$15:OFFSET($A103,-1,0),0)),MAX($M$15:OFFSET(M103,-1,0))+1,\n                      INDEX($M$15:OFFSET(M103,-1,0),MATCH($A103,$A$15:OFFSET($A103,-1,0),0)))))","v":2},{"$f":"IF($D103<>\"Serviço\",\"\",\n         IF(AUTOEVENTO=\"Manual\",\n                IF($A103=0,\"<-- defina o número do agrupador\",\n                       OFFSET(EVENTOS!$D$15,$A103-$A$15,0)),\n                OFFSET($F$15,$A103,0)))","v":"REDE DE DISTRUIBUIÇÃO"},null,null,null,null,null,null,null,null,null,null,null,null,null,{"$f":"IF(AND($D103=\"Serviço\",AB$12<>0,$H103>0,OR(AUTOEVENTO<>\"manual\",$M103<>$A$15)),\n        IF(Import.TipoArredondamento<>\"TransfereGOV\",\n              ROUND(OFFSET($P103,0,AB$13),15-13*ORÇAMENTO!$AF$7)/$H103*OFFSET(ORÇAMENTO!$X$15,ROW(AB103)-ROW(AB$15),0),\n              ROUND(ROUND(OFFSET($P103,0,AB$13),15-13*ORÇAMENTO!$AF$7)*OFFSET(ORÇAMENTO!$W$15,ROW(AB103)-ROW(AB$15),0),15-13*ORÇAMENTO!$AF$11)),\n         0)","v":0},{"$f":"IF(AND($D103=\"Serviço\",AC$12<>0,$H103>0,OR(AUTOEVENTO<>\"manual\",$M103<>$A$15)),\n        IF(Import.TipoArredondamento<>\"TransfereGOV\",\n              ROUND(OFFSET($P103,0,AC$13),15-13*ORÇAMENTO!$AF$7)/$H103*OFFSET(ORÇAMENTO!$X$15,ROW(AC103)-ROW(AC$15),0),\n              ROUND(ROUND(OFFSET($P103,0,AC$13),15-13*ORÇAMENTO!$AF$7)*OFFSET(ORÇAMENTO!$W$15,ROW(AC103)-ROW(AC$15),0),15-13*ORÇAMENTO!$AF$11)),\n         0)","v":0},{"$f":"IF(AND($D103=\"Serviço\",AD$12<>0,$H103>0,OR(AUTOEVENTO<>\"manual\",$M103<>$A$15)),\n        IF(Import.TipoArredondamento<>\"TransfereGOV\",\n              ROUND(OFFSET($P103,0,AD$13),15-13*ORÇAMENTO!$AF$7)/$H103*OFFSET(ORÇAMENTO!$X$15,ROW(AD103)-ROW(AD$15),0),\n              ROUND(ROUND(OFFSET($P103,0,AD$13),15-13*ORÇAMENTO!$AF$7)*OFFSET(ORÇAMENTO!$W$15,ROW(AD103)-ROW(AD$15),0),15-13*ORÇAMENTO!$AF$11)),\n         0)","v":0},{"$f":"IF(AND($D103=\"Serviço\",AE$12<>0,$H103>0,OR(AUTOEVENTO<>\"manual\",$M103<>$A$15)),\n        IF(Import.TipoArredondamento<>\"TransfereGOV\",\n              ROUND(OFFSET($P103,0,AE$13),15-13*ORÇAMENTO!$AF$7)/$H103*OFFSET(ORÇAMENTO!$X$15,ROW(AE103)-ROW(AE$15),0),\n              ROUND(ROUND(OFFSET($P103,0,AE$13),15-13*ORÇAMENTO!$AF$7)*OFFSET(ORÇAMENTO!$W$15,ROW(AE103)-ROW(AE$15),0),15-13*ORÇAMENTO!$AF$11)),\n         0)","v":0},{"$f":"IF(AND($D103=\"Serviço\",AF$12<>0,$H103>0,OR(AUTOEVENTO<>\"manual\",$M103<>$A$15)),\n        IF(Import.TipoArredondamento<>\"TransfereGOV\",\n              ROUND(OFFSET($P103,0,AF$13),15-13*ORÇAMENTO!$AF$7)/$H103*OFFSET(ORÇAMENTO!$X$15,ROW(AF103)-ROW(AF$15),0),\n              ROUND(ROUND(OFFSET($P103,0,AF$13),15-13*ORÇAMENTO!$AF$7)*OFFSET(ORÇAMENTO!$W$15,ROW(AF103)-ROW(AF$15),0),15-13*ORÇAMENTO!$AF$11)),\n         0)","v":0},{"$f":"IF(AND($D103=\"Serviço\",AG$12<>0,$H103>0,OR(AUTOEVENTO<>\"manual\",$M103<>$A$15)),\n        IF(Import.TipoArredondamento<>\"TransfereGOV\",\n              ROUND(OFFSET($P103,0,AG$13),15-13*ORÇAMENTO!$AF$7)/$H103*OFFSET(ORÇAMENTO!$X$15,ROW(AG103)-ROW(AG$15),0),\n              ROUND(ROUND(OFFSET($P103,0,AG$13),15-13*ORÇAMENTO!$AF$7)*OFFSET(ORÇAMENTO!$W$15,ROW(AG103)-ROW(AG$15),0),15-13*ORÇAMENTO!$AF$11)),\n         0)","v":0},{"$f":"IF(AND($D103=\"Serviço\",AH$12<>0,$H103>0,OR(AUTOEVENT